{"text_format":"1","workbook":"xlsx","n_sheets":14,"sheets":["MENU","DADOS","NOVO","BDI","ORÇAMENTO","CÁLCULO","EVENTOS","CRONO","CRONOPLE","PLE","QCI","BM","RRE","OFÍCIO"],"not_rendered":{"charts":0,"images":2,"macros":1,"external_links":0,"defined_names":290,"comments":7,"pivot_tables":0},"unopened":[],"bounds":{"document_bytes":16777216,"sheet_cells":100000,"rows_first":2000,"rows_last":500,"rows_between":2000,"halvings":0,"cell_chars":16384,"cell_head_chars":4096},"cells_cut":0,"cells_raw":0,"read":"whole","date_system":"1900"}

{"sheet":"MENU","index":0,"n_rows":24,"n_cols":15,"rows_kept":24,"cut":false,"hidden":false,"merged":[[19,1,19,7],[7,1,7,7],[1,4,2,6],[15,1,15,7]]}
[null,null,null,null,null,null,null,null,null,"PM"]
[null,null,null,null,{"$f":"CHOOSE(MATCH(Objeto,{\"PM\",\"PO\"}),\"PLANILHA MÚLTIPLA \",\"PLANILHA ORÇAMENTÁRIA \")& Versao","v":"PLANILHA MÚLTIPLA v3.0.6"},null,null,null,null,"v3.0.6"]
[null,null,null,null,null,null,null,null,null,null,null,null,null,null,1]
[null,null,null,null,null,null,null,null,null,null,null,null,null,null,2]
[null,null,null,null,null,null,null,null,null,"Proposto"]
[null,null,null,null,"DADOS DO CONTRATO",null,"NOVIDADES DA VERSÃO",null,null,"Licitado"]
[null,null,null,null,null,null,null,null,null,"PLE"]
[null,{"$f":"IF($O$3<>2,\"DOCUMENTAÇÃO DA PROPOSTA\",\"PROPOSTA: Para visualizar/preencher esta seção, altere o TIPO DE ORÇAMENTO para 'Proposto'\")","v":"DOCUMENTAÇÃO DA PROPOSTA"},null,null,null,null,null,null,null,"BM",null,"LEGENDA:"]
[null,null,null,null,null,null,null,null,null,null,null,"Cores das células:"]
[null,null,{"$f":"IF(TIPOORCAMENTO<>\"Proposto\",\"\",\"                    BDI                    \")","v":"                    BDI                    "},null,{"$f":"IF(TIPOORCAMENTO<>\"Proposto\",\"\",\"             ORÇAMENTO             \")","v":"             ORÇAMENTO             "},null,{"$f":"IF(TIPOORCAMENTO<>\"Proposto\",\"\",\"MEMÓRIA DE CÁLCULO / PLQ\")","v":"MEMÓRIA DE CÁLCULO / PLQ"},null,null,null,null,null,null,"Fundo amarelo: células para preencher"]
[]
[null,null,{"$f":"IF(TIPOORCAMENTO<>\"Proposto\",\"\",\"                    QCI                    \")","v":"                    QCI                    "},null,{"$f":"IF(TIPOORCAMENTO<>\"Proposto\",\"\",\"CRONOGRAMA FÍSICO-FINANCEIRO\")","v":"CRONOGRAMA FÍSICO-FINANCEIRO"},null,null,null,null,null,null,null,null,"Fundo azul: células para seleção de opções"]
[]
[null,null,{"$f":"IF(TIPOORCAMENTO<>\"Proposto\",\"\",\"Obs: Composições e Cotações devem ser preenchidas diretamente no arquivo Referência \"&IF(ISBLANK(Import.DataBase),\"mm-aaaa\",TEXT(Import.DataBase,\"mm-aaaa\"))&\".xlsm.\")","v":"Obs: Composições e Cotações devem ser preenchidas diretamente no arquivo Referência 06-2024.xlsm."}]
[null,null,null,null,null,null,null,null,null,null,null,"Cores dos botões:"]
[null,{"$f":"IF($O$3<>2,\"PÓS-LICITADO: Para visualizar/preencher esta seção, altere o TIPO DE ORÇAMENTO para 'Licitado'\",\"RESULTADO DO PROCESSO LICITATÓRIO\")","v":"PÓS-LICITADO: Para visualizar/preencher esta seção, altere o TIPO DE ORÇAMENTO para 'Licitado'"},null,null,null,null,null,null,null,null,null,null,null,"Fundo azul: navegação entre abas"]
[]
[null,null,{"$f":"IF(TIPOORCAMENTO<>\"Licitado\",\"\",\"             ORÇAMENTO             \")","v":""},null,{"$f":"IF(TIPOORCAMENTO<>\"Licitado\",\"\",\"                    QCI                    \")","v":""},null,{"$f":"IF(TIPOORCAMENTO<>\"Licitado\",\"\",\"CRONOGRAMA FÍSICO-FINANCEIRO\")","v":""},null,null,null,null,null,null,"Fundo laranja: execução de macro"]
[]
[null,{"$f":"IF($O$3<>2,\"ACOMPANHAMENTO: Para visualizar/preencher esta seção, altere o TIPO DE ORÇAMENTO para 'Licitado'\",\"ACOMPANHAMENTO DO EMPREENDIMENTO\")","v":"ACOMPANHAMENTO: Para visualizar/preencher esta seção, altere o TIPO DE ORÇAMENTO para 'Licitado'"}]
[]
[null,null,{"$f":"IF(OR(TIPOORCAMENTO<>\"Licitado\",ACOMPANHAMENTO<>\"PLE\"),\"\",\"PLAN. DE LEVANT. DE EVENTOS - PLE\")","v":""},null,{"$f":"IF(TIPOORCAMENTO<>\"Licitado\",\"\",\"                    RRE                    \")","v":""},null,{"$f":"IF(OR(TIPOORCAMENTO<>\"Licitado\",ACOMPANHAMENTO<>\"BM\"),\"\",\"  BOLETIM DE MEDIÇÃO - BM  \")","v":""}]
[]
[null,null,null,null,{"$f":"IF(TIPOORCAMENTO<>\"Licitado\",\"\",\"OF. DE SOLICITAÇÃO DE DESBLOQUEIO\")","v":""}]

{"sheet":"DADOS","index":1,"n_rows":61,"n_cols":44,"rows_kept":61,"cut":false,"hidden":false,"merged":[[49,4,49,5],[58,4,58,5],[0,11,0,43],[2,4,2,5],[14,4,14,5],[20,4,20,5],[26,4,26,5],[34,4,34,5],[45,4,45,5]]}
[null,null,null,null,"A. DOCUMENTAÇÃO DA PROPOSTA",null,null,null,null,null,null,"Sub-Itens de Investimento"]
[null,null,null,null,null,null,null,null,null,"Itens de Investimento","Unidades habitacionais",{"$f":"COUNTA(K:K)-1","v":3},"Equipamentos comunitários",{"$f":"COUNTA(M:M)-1","v":6},"Pavimentação",{"$f":"COUNTA(O:O)-1","v":6},"Drenagem ",{"$f":"COUNTA(Q:Q)-1","v":6},"Abastecimento de água",{"$f":"COUNTA(S:S)-1","v":11},"Esgotamento sanitário",{"$f":"COUNTA(U:U)-1","v":8},"Energia elétrica e iluminação pública",{"$f":"COUNTA(W:W)-1","v":4},"Coleta e tratamento de resíduos sólidos",{"$f":"COUNTA(Y:Y)-1","v":6},"Contenção e estabilização de encostas ",{"$f":"COUNTA(AA:AA)-1","v":2},"Regularização fundiária",{"$f":"COUNTA(AC:AC)-1","v":2},"Aquisição de terreno",{"$f":"COUNTA(AE:AE)-1","v":2},"Aquisição de equipamentos e insumos",{"$f":"COUNTA(AG:AG)-1","v":1},"Elaboração de estudos e projetos",{"$f":"COUNTA(AI:AI)-1","v":1},"Instrumentos e ações em planejamento e gestão pública",{"$f":"COUNTA(AK:AK)-1","v":1},"Ações complementares às obras",{"$f":"COUNTA(AM:AM)-1","v":3},"Gerenciamento",{"$f":"COUNTA(AO:AO)-1","v":1},"Trabalho social",{"$f":"COUNTA(AQ:AQ)-1","v":4}]
[null,null,null,null,"Dados do Contrato (Inicial)",null,null,null,null,"Unidades habitacionais","Aquisição","un","Convivência comunitária, assistência social e/ou comunitária","m²","Capeamento de vias","m²","Obras de microdrenagem ","m","Captação subterrânea","m³/s","Ligações domiciliares e/ou intradomiciliares","un","Iluminação pública - luminárias","un","Acondicionamento ","un","Estabilização de taludes","m²","Desapropriacões/Indenizações","m²","Aquisição de terreno","m²","Aquisição de equipamentos e insumos","un","Elaboração de estudos e projetos","un","Instrumentos e ações em planejamento e gestão pública","un","Avaliação pós intervenção","un","Gerenciamento","%CT","Projeto de Trabalho Social Preliminar","nº fam"]
[null,null,null,null,"Fonte de recursos:","(SELECIONAR)",null,null,null,"Equipamentos comunitários","Construção","un","Educação e cultura","m²","Recapeamento de vias","m²","Desassoreamento de cursos de água","m","Captação superficial","m³/s","Rede coletora e/ou condominial","m","Ligações domiciliares","un","Aterro sanitário e/ou disposição final","m³","Obras complementares a ações de redução de risco e/ou contenções","m²","Projeto de Regularização Fundiária","m²","Benfeitorias","m²",null,null,null,null,null,null,"Demolições","un",null,null,"Projeto de Trabalho Social","nº fam"]
[null,null,null,null,"Proponente/Tomador:","PREFEITURA MUNICIPAL DE ITAPEJARA D'OESTE",null,null,null,"Pavimentação","Reforma e/ou melhoria","un","Esportes","m²","Obras de artes especiais","m","Canalização de cursos de água","m","Estação de bombeamento de água bruta","m³/s","Coletor tronco e/ou interceptores","m","Linhas de distribuição - baixa tensão ","m","Erradicação de lixões","m³",null,null,null,null,null,null,null,null,null,null,null,null,"Plano de Reassentamento e medidas compensatórias","un",null,null,"Plano de Desenvolvimento Socioterritorial","nº fam"]
[null,null,null,null,"Município/UF:","ITAPEJARA D'OESTE",null,null,null,"Drenagem ",null,null,"Lazer e turismo","m²","Pavimentação de calçadas","m²","Recomposição de vegetação ciliar, renaturalização de cursos de água ou restauração de margens","m²","Adução","m","Emissário","m","Linhas de transmissão - alta tensão ","m","Sistema de coleta seletiva tradicional, transporte e/ou equipamentos","un",null,null,null,null,null,null,null,null,null,null,null,null,null,null,null,null,"Plano de Gestão Condominial","nº fam"]
[null,null,null,null,"Nº da Operação (0000000-00):",null,null,null,null,"Abastecimento de água",null,null,"Saúde","m²","Pavimentação de vias","m²","Reservatório de amortecimento de cheias","m³","Estação de Tratamento de Água (ETA)","m³/s","Estação Elevatória","m³/s",null,null,"Tratamento local ","un"]
[null,null,null,null,"Nº do TransfereGOV (000000):",null,null,null,null,"Esgotamento sanitário",null,null,"Segurança pública","m²","Sinalização","m²","Estação de Bombeamento","m³/s","Estação de bombeamento de água tratada","m³/s","Estação de Tratamento de Esgoto (ETE)","m³/s",null,null,"Usinas de reciclagem ","m²"]
[null,null,null,null,{"$f":"IF(F4=\"FGTS\",\"Valor de Financiamento Contratado (R$):\",\"Valor do Repasse Contratado (R$):\")","v":"Valor do Repasse Contratado (R$):"},1447093.02,null,null,null,"Energia elétrica e iluminação pública",null,null,null,null,null,null,null,null,"Linha de recalque","m","Sistema simplificado de tratamento","m³/s"]
[null,null,null,null,"Valor de Contrapartida Contratada (R$):",530550.74,null,null,null,"Coleta e tratamento de resíduos sólidos",null,null,null,null,null,null,null,null,"Reservação","m³","Unidades sanitárias","un"]
[null,null,null,null,"% mínimo de Contrapartida:",null,null,null,null,"Contenção e estabilização de encostas ",null,null,null,null,null,null,null,null,"Rede de distribuição","m"]
[null,null,null,null,"R$ mínimo de Contrapartida (se houver):",null,null,null,null,"Regularização fundiária",null,null,null,null,null,null,null,null,"Ligações domiciliares e/ou intradomiciliares","un"]
[null,null,null,null,"% máximo de Contrapartida:",null,null,null,null,"Aquisição de terreno",null,null,null,null,null,null,null,null,"Sistema simplificado de abastecimento","m"]
[null,null,null,null,null,null,null,null,null,"Aquisição de equipamentos e insumos"]
[null,null,null,null,"Dados do Empreendimento e Orçamento",null,null,null,null,"Elaboração de estudos e projetos"]
[null,null,null,null,"Nome/apelido:","REFORMA E AMPLIAÇÃO DA ESCOLA JOSAFAT KMITA",null,null,null,"Instrumentos e ações em planejamento e gestão pública"]
[null,null,null,null,"Descrição do Objeto do Lote / CTEF:","REFORMA E AMPLIAÇÃO DA ESCOLA JOSAFAT KMITA",null,null,null,"Ações complementares às obras"]
[null,null,null,null,"Regime previdenciário previsto para a obra:","(SELECIONAR)",null,null,null,"Gerenciamento"]
[null,null,null,null,"Data base do Orçamento:","2024-06-01",null,null,null,"Trabalho social"]
[]
[null,null,null,null,"Responsável pelo Orçamento"]
[null,null,null,null,"Nome:","LEANDRO HENRIQUE MAAS SANTOS"]
[null,null,null,null,"CREA/CAU:","170817/D"]
[null,null,null,null,"ART/RRT:","1720242442718"]
[null,null,null,null,"Data do preenchimento:",{"$f":"TODAY()","v":"2024-10-29"}]
[]
[null,null,null,null,"Responsável pelo Tomador (Prefeito, no caso de Municípios)"]
[null,null,null,null,"Nome:","VILMAR SCHMOLLER"]
[null,null,null,null,"Cargo:","PREFEITO MUNICIPAL"]
[]
[null,null,null,null,"Arredondamento das frentes:","Tradicional"]
[]
[null,null,null,null,"B. RESULTADO DO PROCESSO LICITATÓRIO"]
[]
[null,null,null,null,"Licitação"]
[null,null,null,null,"Data de emissão dos documentos de licitação:"]
[null,null,null,null,"Nº do CTEF (contrato com empresa):"]
[null,null,null,null,"Nome da empresa:"]
[null,null,null,null,"CNPJ da empresa:"]
[null,null,null,null,"Regime de execução do CTEF:","(SELECIONAR)"]
[null,null,null,null,"Data base do CTEF:"]
[]
[]
[null,null,null,null,"C. ACOMPANHAMENTO DO EMPREENDIMENTO"]
[]
[null,null,null,null,"Dados da obra"]
[null,null,null,null,"Data do Início da Obra:"]
[null,null,null,null,"Data de fechamento do RRE:",{"$f":"TODAY()","v":"2024-10-29"}]
[]
[null,null,null,null,"Responsável pela Fiscalização"]
[null,null,null,null,"Nome:","LEANDRO HENRIQUE MAAS SANTOS"]
[null,null,null,null,"Profissão:","ENGENHEIRO CIVIL"]
[null,null,null,null,"CREA/CAU (para obras/projetos):","170817/D"]
[null,null,null,null,"ART/RRT (para obras/projetos):","1720242442718"]
[]
[]
[null,null,null,null,"D. ACOMPANHAMENTO CAIXA"]
[]
[null,null,null,null,"Responsável Gerencial"]
[null,null,null,null,"Nome:"]
[null,null,null,null,"Função:"]

{"sheet":"NOVO","index":2,"n_rows":52,"n_cols":4,"rows_kept":52,"cut":false,"hidden":false,"merged":[]}
[]
[]
[null,"Novidades da Versão"]
[]
[]
["V3.0.0"]
[null,"GERAL"]
[null,null,{"$f":"IF(D8<>\"\",\"▪\",\"\")","v":"▪"},"Lançamento: Adequação à Portaria 424/2016. Acompanhamento por Eventos."]
[null,null,{"$f":"IF(D9<>\"\",\"▪\",\"\")","v":""}]
["V3.0.1"]
[null,"GERAL"]
[null,null,{"$f":"IF(D12<>\"\",\"▪\",\"\")","v":"▪"},"Ajustes de formatações."]
[null,"PO"]
[null,null,{"$f":"IF(D14<>\"\",\"▪\",\"\")","v":"▪"},"Correção da aplicação do BDI não desonerado."]
[null,null,{"$f":"IF(D15<>\"\",\"▪\",\"\")","v":"▪"},"Inclusão de coluna exclusiva \"Preço Unitário Edital\", para o Modo 'Orçamento Licitado'."]
[]
["V3.0.2"]
[null,"GERAL"]
[null,null,{"$f":"IF(D19<>\"\",\"▪\",\"\")","v":"▪"},"Ajustes de formatações."]
[null,null,{"$f":"IF(D20<>\"\",\"▪\",\"\")","v":"▪"},"Correção do Problema de Guias ocultas no BROFFICE."]
[null,"ORÇAMENTO"]
[null,null,{"$f":"IF(D22<>\"\",\"▪\",\"\")","v":"▪"},"Ampliada obtenção de dados da Planilha Referência de 20.000 para 65.536 linhas."]
[null,"CRONOGRAMA"]
[null,null,{"$f":"IF(D24<>\"\",\"▪\",\"\")","v":"▪"},"Correção na formulação do total acumulado por Repasse, CP e Outros"]
[null,"QCI"]
[null,null,{"$f":"IF(D26<>\"\",\"▪\",\"\")","v":"▪"},"Correção na formulação do arredondamento no rateio dos valores do QCI."]
[null,"RRE"]
[null,null,{"$f":"IF(D28<>\"\",\"▪\",\"\")","v":"▪"},"Correção na formulação do total por Repasse, CP e Outros."]
[]
["V3.0.3"]
[null,"GERAL"]
[null,null,{"$f":"IF(D32<>\"\",\"▪\",\"\")","v":"▪"},"Correção do Problema de Guias ocultas no BROFFICE."]
[null,"CÁLCULO"]
[null,null,{"$f":"IF(D34<>\"\",\"▪\",\"\")","v":"▪"},"Corrigida lentidão e travamento ao incluir e excluir frentes."]
[]
[]
["V3.0.4"]
[null,"BDI"]
[null,null,{"$f":"IF(D39<>\"\",\"▪\",\"\")","v":"▪"},"Correção da CPRB que exibia 4,5% mesmo quando não desonerado."]
[null,"CRONOGRAMA"]
[null,null,{"$f":"IF(D41<>\"\",\"▪\",\"\")","v":"▪"},"Correção da distribuição de Repasse, CP e Outros para as metas manuais."]
[null,"QCI"]
[null,null,{"$f":"IF(D43<>\"\",\"▪\",\"\")","v":"▪"},"Adicionado botão para adotar a CP do QCI como CP do contrato (zera saldo a reprogramar de CP)."]
[]
["V3.0.5"]
[null,"GERAL"]
[null,null,{"$f":"IF(D47<>\"\",\"▪\",\"\")","v":"▪"},"Corrigido modo de Cálculo da Planilha para Automático."]
[]
["V3.0.6"]
[null,"GERAL"]
[null,null,{"$f":"IF(D51<>\"\",\"▪\",\"\")","v":"▪"},"Adicionado modo de arredondamento para compatibilidade com o TransfereGOV, altera na aba DADOS"]
[null,null,{"$f":"IF(D52<>\"\",\"▪\",\"\")","v":"▪"},"A planilha passará a ser disponibilizada com o formato .xlsm. Deve ser usado arquivo referência 1.9 ou superior, também no formato .xlsm"]

{"sheet":"BDI","index":3,"n_rows":146,"n_cols":26,"rows_kept":146,"cut":false,"hidden":false,"merged":[[4,9,4,10],[4,11,4,12],[4,13,4,18],[0,17,0,18],[1,17,1,18],[3,9,3,10],[3,11,3,12],[3,13,3,18],[10,9,10,16],[10,17,10,18],[6,9,6,18],[7,9,7,18],[9,9,9,16],[9,17,9,18],[18,23,19,23],[18,24,19,24],[16,9,16,18],[18,25,19,25],[18,20,19,22],[18,9,19,16],[18,17,19,17],[18,18,19,18],[13,9,13,18],[15,9,15,18],[22,9,22,16],[22,20,22,22],[20,9,20,16],[20,20,20,22],[21,9,21,16],[21,20,21,22],[24,9,24,16],[24,20,24,22],[25,9,25,16],[25,20,25,22],[26,9,26,16],[26,20,26,22],[27,9,27,16],[27,20,27,22],[23,9,23,16],[23,20,23,22],[35,13,35,15],[37,9,37,18],[29,9,29,16],[31,10,31,18],[28,9,28,16],[28,20,28,22],[33,9,33,18],[34,12,35,12],[48,9,48,12],[53,9,53,18],[44,9,44,12],[44,15,44,18],[45,9,45,12],[47,9,47,12],[34,13,34,15],[34,16,35,16],[39,9,39,18],[42,9,42,18],[58,24,59,24],[58,25,59,25],[58,9,59,16],[58,17,59,17],[58,18,59,18],[58,20,59,22],[58,23,59,23],[60,9,60,16],[60,20,60,22],[55,9,55,18],[56,9,56,18],[63,9,63,16],[63,20,63,22],[61,9,61,16],[61,20,61,22],[62,9,62,16],[62,20,62,22],[64,9,64,16],[64,20,64,22],[65,9,65,16],[65,20,65,22],[66,20,66,22],[67,9,67,16],[67,20,67,22],[93,9,93,18],[84,9,84,12],[84,15,84,18],[66,9,66,16],[77,9,77,18],[69,9,69,16],[71,10,71,18],[88,9,88,12],[68,20,68,22],[85,9,85,12],[87,9,87,12],[73,9,73,18],[74,12,75,12],[79,9,79,18],[82,9,82,18],[75,13,75,15],[74,13,74,15],[74,16,75,16],[98,24,99,24],[98,25,99,25],[98,9,99,16],[98,17,99,17],[98,18,99,18],[98,23,99,23],[100,9,100,16],[100,20,100,22],[95,9,95,18],[96,9,96,18],[98,20,99,22],[107,20,107,22],[108,9,108,16],[108,20,108,22],[109,9,109,16],[111,10,111,18],[117,9,117,18],[5,8,9,8],[113,9,113,18],[106,9,106,16],[114,12,115,12],[104,9,104,16],[102,9,102,16],[68,9,68,16],[114,13,114,15],[114,16,115,16],[101,9,101,16],[101,20,101,22],[104,20,104,22],[105,9,105,16],[105,20,105,22],[103,9,103,16],[103,20,103,22],[102,20,102,22],[106,20,106,22],[128,9,128,12],[119,9,119,18],[122,9,122,18],[124,9,124,12],[124,15,124,18],[125,9,125,12],[127,9,127,12],[115,13,115,15],[107,9,107,16]]}
[null,null,null,null,"MIN","MED","MAX",null,null,null,null,null,null,null,{"$f":"\"Quadro de Composição do BDI\"","v":"Quadro de Composição do BDI"},null,null,"Grau de Sigilo"]
["Construção e Reforma de Edifícios","AC",{"$f":"CONCATENATE(A2,\"-\",B2)","v":"Construção e Reforma de Edifícios-AC"},null,0.03,0.04,5.5E-2,null,null,null,null,null,null,null,null,null,null,"#PUBLICO"]
[{"$f":"A2","v":"Construção e Reforma de Edifícios"},"SG","Construção e Reforma de Edifícios-SG",null,8.0000000000000002E-3,8.0000000000000002E-3,0.01]
[{"$f":"A3","v":"Construção e Reforma de Edifícios"},"R","Construção e Reforma de Edifícios-R",null,9.7000000000000003E-3,1.2699999999999999E-2,1.2699999999999999E-2,null,null,"Nº OPERAÇÃO",null,"Nº TRANSFEREGOV",null,"PROPONENTE / TOMADOR"]
[{"$f":"A4","v":"Construção e Reforma de Edifícios"},"DF","Construção e Reforma de Edifícios-DF",null,5.8999999999999999E-3,1.23E-2,1.3899999999999999E-2,null,null,{"$f":"Import.CR","v":0},null,{"$f":"Import.TransfereGOV","v":0},null,{"$f":"Import.Proponente","v":"PREFEITURA MUNICIPAL DE ITAPEJARA D'OESTE"}]
[{"$f":"A5","v":"Construção e Reforma de Edifícios"},"L","Construção e Reforma de Edifícios-L",null,6.1600000000000002E-2,7.400000000000001E-2,8.9600000000000013E-2,null,"FILTRO"]
[{"$f":"A6","v":"Construção e Reforma de Edifícios"},"BDI PAD","Construção e Reforma de Edifícios-BDI PAD",null,0.2034,0.22120000000000001,0.25,null,null,"APELIDO DO EMPREENDIMENTO / DESCRIÇÃO DO LOTE"]
["Construção de Praças Urbanas, Rodovias, Ferrovias e recapeamento e pavimentação de vias urbanas","AC","Construção de Praças Urbanas, Rodovias, Ferrovias e recapeamento e pavimentação de vias urbanas-AC",null,3.7999999999999999E-2,4.0099999999999997E-2,4.6699999999999998E-2,null,null,{"$f":"Import.Apelido&\" / \"&Import.DescLote","v":"REFORMA E AMPLIAÇÃO DA ESCOLA JOSAFAT KMITA / REFORMA E AMPLIAÇÃO DA ESCOLA JOSAFAT KMITA"}]
["Construção de Praças Urbanas, Rodovias, Ferrovias e recapeamento e pavimentação de vias urbanas","SG","Construção de Praças Urbanas, Rodovias, Ferrovias e recapeamento e pavimentação de vias urbanas-SG",null,3.2000000000000002E-3,4.0000000000000001E-3,7.4000000000000003E-3]
["Construção de Praças Urbanas, Rodovias, Ferrovias e recapeamento e pavimentação de vias urbanas","R","Construção de Praças Urbanas, Rodovias, Ferrovias e recapeamento e pavimentação de vias urbanas-R",null,5.0000000000000001E-3,5.6000000000000008E-3,9.7000000000000003E-3,null,null,"Conforme legislação tributária municipal, definir estimativa de percentual da base de cálculo para o ISS:",null,null,null,null,null,null,null,0.3]
["Construção de Praças Urbanas, Rodovias, Ferrovias e recapeamento e pavimentação de vias urbanas","DF","Construção de Praças Urbanas, Rodovias, Ferrovias e recapeamento e pavimentação de vias urbanas-DF",null,1.0200000000000001E-2,1.11E-2,1.21E-2,null,"↓","Sobre a base de cálculo, definir a respectiva alíquota do ISS (entre 2% e 5%):",null,null,null,null,null,null,null,0.03]
["Construção de Praças Urbanas, Rodovias, Ferrovias e recapeamento e pavimentação de vias urbanas","L","Construção de Praças Urbanas, Rodovias, Ferrovias e recapeamento e pavimentação de vias urbanas-L",null,6.6400000000000001E-2,7.2999999999999995E-2,8.6899999999999991E-2,null,"F"]
["Construção de Praças Urbanas, Rodovias, Ferrovias e recapeamento e pavimentação de vias urbanas","BDI PAD","Construção de Praças Urbanas, Rodovias, Ferrovias e recapeamento e pavimentação de vias urbanas-BDI PAD",null,0.19600000000000001,0.2097,0.24230000000000002,null,"F"]
["Construção de Redes de Abastecimento de Água, Coleta de Esgoto","AC","Construção de Redes de Abastecimento de Água, Coleta de Esgoto-AC",null,3.4300000000000004E-2,4.9299999999999997E-2,6.7099999999999993E-2,null,"F","BDI 1"]
[{"$f":"A14","v":"Construção de Redes de Abastecimento de Água, Coleta de Esgoto"},"SG","Construção de Redes de Abastecimento de Água, Coleta de Esgoto-SG",null,2.8000000000000004E-3,4.8999999999999998E-3,7.4999999999999997E-3,null,"F"]
[{"$f":"A15","v":"Construção de Redes de Abastecimento de Água, Coleta de Esgoto"},"R","Construção de Redes de Abastecimento de Água, Coleta de Esgoto-R",null,0.01,1.3899999999999999E-2,1.7399999999999999E-2,null,"F","TIPO DE OBRA"]
[{"$f":"A16","v":"Construção de Redes de Abastecimento de Água, Coleta de Esgoto"},"DF","Construção de Redes de Abastecimento de Água, Coleta de Esgoto-DF",null,9.3999999999999986E-3,9.8999999999999991E-3,1.1699999999999999E-2,null,"F","Construção e Reforma de Edifícios"]
[{"$f":"A17","v":"Construção de Redes de Abastecimento de Água, Coleta de Esgoto"},"L","Construção de Redes de Abastecimento de Água, Coleta de Esgoto-L",null,6.7400000000000002E-2,8.0399999999999985E-2,9.4E-2,null,"F"]
[{"$f":"A18","v":"Construção de Redes de Abastecimento de Água, Coleta de Esgoto"},"BDI PAD","Construção de Redes de Abastecimento de Água, Coleta de Esgoto-BDI PAD",null,0.20760000000000001,0.24179999999999999,0.26440000000000002,null,"F","Itens",null,null,null,null,null,null,null,"Siglas","% Adotado",null,"Situação",null,null,"1º Quartil","Médio","3º Quartil"]
["Construção e Manutenção de Estações e Redes de Distribuição de Energia Elétrica","AC","Construção e Manutenção de Estações e Redes de Distribuição de Energia Elétrica-AC",null,5.2900000000000003E-2,5.9200000000000003E-2,7.9299999999999995E-2,null,"F"]
[{"$f":"A20","v":"Construção e Manutenção de Estações e Redes de Distribuição de Energia Elétrica"},"SG","Construção e Manutenção de Estações e Redes de Distribuição de Energia Elétrica-SG",null,2.5000000000000001E-3,5.1000000000000004E-3,5.6000000000000008E-3,null,"F",{"$f":"IF($J$17=$A$146,\"Encargos Sociais incidentes sobre a mão de obra\",\"Administração Central\")","v":"Administração Central"},null,null,null,null,null,null,null,{"$f":"IF($J17=$A$146,\"K1\",\"AC\")","v":"AC"},0.04,null,"-",null,null,{"$f":"VLOOKUP(CONCATENATE(J17,\"-\",R21),$C$2:$G$136,3,FALSE)","v":0.03},{"$f":"VLOOKUP(CONCATENATE(J17,\"-\",R21),$C$2:$G$136,4,FALSE)","v":0.04},{"$f":"VLOOKUP(CONCATENATE(J17,\"-\",R21),$C$2:$G$136,5,FALSE)","v":5.5E-2}]
[{"$f":"A21","v":"Construção e Manutenção de Estações e Redes de Distribuição de Energia Elétrica"},"R","Construção e Manutenção de Estações e Redes de Distribuição de Energia Elétrica-R",null,0.01,1.4800000000000001E-2,1.9699999999999999E-2,null,"F",{"$f":"IF($J$17=$A$146,\"Administração Central da empresa ou consultoria - overhead\",\"Seguro e Garantia\")","v":"Seguro e Garantia"},null,null,null,null,null,null,null,{"$f":"IF($J17=$A$146,\"K2\",\"SG\")","v":"SG"},8.0000000000000002E-3,null,"-",null,null,{"$f":"VLOOKUP(CONCATENATE(J17,\"-\",R22),$C$2:$G$136,3,FALSE)","v":8.0000000000000002E-3},{"$f":"VLOOKUP(CONCATENATE(J17,\"-\",R22),$C$2:$G$136,4,FALSE)","v":8.0000000000000002E-3},{"$f":"VLOOKUP(CONCATENATE(J17,\"-\",R22),$C$2:$G$136,5,FALSE)","v":0.01}]
[{"$f":"A22","v":"Construção e Manutenção de Estações e Redes de Distribuição de Energia Elétrica"},"DF","Construção e Manutenção de Estações e Redes de Distribuição de Energia Elétrica-DF",null,1.01E-2,1.0700000000000001E-2,1.11E-2,null,"F",{"$f":"IF($J$17=$A$146,\"\",\"Risco\")","v":"Risco"},null,null,null,null,null,null,null,{"$f":"IF($J17=$A$146,\"\",\"R\")","v":"R"},1.2699999999999999E-2,null,"-",null,null,{"$f":"VLOOKUP(CONCATENATE(J17,\"-\",R23),$C$2:$G$136,3,FALSE)","v":9.7000000000000003E-3},{"$f":"VLOOKUP(CONCATENATE(J17,\"-\",R23),$C$2:$G$136,4,FALSE)","v":1.2699999999999999E-2},{"$f":"VLOOKUP(CONCATENATE(J17,\"-\",R23),$C$2:$G$136,5,FALSE)","v":1.2699999999999999E-2}]
[{"$f":"A23","v":"Construção e Manutenção de Estações e Redes de Distribuição de Energia Elétrica"},"L","Construção e Manutenção de Estações e Redes de Distribuição de Energia Elétrica-L",null,0.08,8.3100000000000007E-2,9.5100000000000004E-2,null,"F",{"$f":"IF($J$17=$A$146,\"\",\"Despesas Financeiras\")","v":"Despesas Financeiras"},null,null,null,null,null,null,null,{"$f":"IF($J17=$A$146,\"\",\"DF\")","v":"DF"},1.23E-2,null,"-",null,null,{"$f":"VLOOKUP(CONCATENATE(J17,\"-\",R24),$C$2:$G$136,3,FALSE)","v":5.8999999999999999E-3},{"$f":"VLOOKUP(CONCATENATE(J17,\"-\",R24),$C$2:$G$136,4,FALSE)","v":1.23E-2},{"$f":"VLOOKUP(CONCATENATE(J17,\"-\",R24),$C$2:$G$136,5,FALSE)","v":1.3899999999999999E-2}]
[{"$f":"A24","v":"Construção e Manutenção de Estações e Redes de Distribuição de Energia Elétrica"},"BDI PAD","Construção e Manutenção de Estações e Redes de Distribuição de Energia Elétrica-BDI PAD",null,0.24,0.25840000000000002,0.27860000000000001,null,"F",{"$f":"IF($J$17=$A$146,\"Margem bruta da empresa de consultoria\",\"Lucro\")","v":"Lucro"},null,null,null,null,null,null,null,{"$f":"IF($J17=$A$146,\"K3\",\"L\")","v":"L"},7.3999999999999996E-2,null,"-",null,null,{"$f":"VLOOKUP(CONCATENATE(J17,\"-\",R25),$C$2:$G$136,3,FALSE)","v":6.1600000000000002E-2},{"$f":"VLOOKUP(CONCATENATE(J17,\"-\",R25),$C$2:$G$136,4,FALSE)","v":7.400000000000001E-2},{"$f":"VLOOKUP(CONCATENATE(J17,\"-\",R25),$C$2:$G$136,5,FALSE)","v":8.9600000000000013E-2}]
["Obras Portuárias, Marítimas e Fluviais","AC","Obras Portuárias, Marítimas e Fluviais-AC",null,0.04,5.5199999999999999E-2,7.85E-2,null,"F","Tributos (impostos COFINS 3%, e  PIS 0,65%)",null,null,null,null,null,null,null,"CP",3.6499999999999998E-2,null,"-",null,null,3.6499999999999998E-2,3.6499999999999998E-2,3.6499999999999998E-2]
[{"$f":"A26","v":"Obras Portuárias, Marítimas e Fluviais"},"SG","Obras Portuárias, Marítimas e Fluviais-SG",null,8.1000000000000013E-3,1.2199999999999999E-2,1.9900000000000001E-2,null,"F","Tributos (ISS, variável de acordo com o município)",null,null,null,null,null,null,null,"ISS",{"$f":"IF(AND($J17<>$A$145,COUNTA(OFFSET(S20,1,0,6))>0),$R$11*$R$10,0)","v":8.9999999999999993E-3},null,"-",null,null,0,2.5000000000000001E-2,0.05]
[{"$f":"A27","v":"Obras Portuárias, Marítimas e Fluviais"},"R","Obras Portuárias, Marítimas e Fluviais-R",null,1.46E-2,2.3199999999999998E-2,3.1600000000000003E-2,null,"F","Tributos (Contribuição Previdenciária sobre a Receita Bruta - 0% ou 4,5% - Desoneração)",null,null,null,null,null,null,null,"CPRB",{"$f":"IF(BDI.Opcao<>\"Desonerado\",0,IF(AND($J17<>$A$145,COUNTA(OFFSET(S20,1,0,6))>0),4.5%,0%))","v":0},null,"-",null,null,0,4.4999999999999998E-2,4.4999999999999998E-2]
[{"$f":"A28","v":"Obras Portuárias, Marítimas e Fluviais"},"DF","Obras Portuárias, Marítimas e Fluviais-DF",null,9.3999999999999986E-3,1.0200000000000001E-2,1.3300000000000001E-2,null,"F","BDI SEM desoneração (Fórmula Acórdão TCU)",null,null,null,null,null,null,null,"BDI PAD",{"$f":"IF($J17=$A$145,0,ROUND((((1+S21+S22+S23)*(1+S24)*(1+S25)/(1-(S26+S27)))-1),4))","v":0.2082},null,{"$f":"IF(OR($J$17=$A$146,$J$17=$A$145,AND(S29>=X29,S29<=Z29)),\"OK\",\"FORA DO INTERVALO\")","v":"OK"},null,null,{"$f":"IF($J17=$A$145,0,VLOOKUP(CONCATENATE($J17,\"-\",$R29),$C$2:$G$136,3,FALSE))","v":0.2034},{"$f":"IF($J17=$A$145,0,VLOOKUP(CONCATENATE($J17,\"-\",$R29),$C$2:$G$136,4,FALSE))","v":0.22120000000000001},{"$f":"IF($J17=$A$145,0,VLOOKUP(CONCATENATE($J17,\"-\",$R29),$C$2:$G$136,5,FALSE))","v":0.25}]
[{"$f":"A29","v":"Obras Portuárias, Marítimas e Fluviais"},"L","Obras Portuárias, Marítimas e Fluviais-L",null,7.1399999999999991E-2,8.4000000000000005E-2,0.1043,null,"F","BDI COM desoneração",null,null,null,null,null,null,null,"BDI DES",{"$f":"IF($J17=$A$145,0,ROUND((((1+S21+S22+S23)*(1+S24)*(1+S25)/(1-(S26+S27+S28)))-1),4))","v":0.2082}]
[{"$f":"A30","v":"Obras Portuárias, Marítimas e Fluviais"},"BDI PAD","Obras Portuárias, Marítimas e Fluviais-BDI PAD",null,0.22800000000000001,0.27479999999999999,0.3095,null,"F"]
["Fornecimento de Materiais e Equipamentos (aquisição indireta - em conjunto com licitação de obras)","AC","Fornecimento de Materiais e Equipamentos (aquisição indireta - em conjunto com licitação de obras)-AC",null,1.4999999999999999E-2,3.4500000000000003E-2,4.4900000000000002E-2,null,"F",{"$f":"IF(U29<>\"ok\",\"X\",\"\")","v":""},{"$f":"IF(U29<>\"ok\",\"Anexo: Relatório Técnico Circunstanciado justificando a adoção do percentual de cada parcela do BDI.\",\"\")","v":""}]
[{"$f":"A32","v":"Fornecimento de Materiais e Equipamentos (aquisição indireta - em conjunto com licitação de obras)"},"SG","Fornecimento de Materiais e Equipamentos (aquisição indireta - em conjunto com licitação de obras)-SG",null,3.0000000000000001E-3,4.7999999999999996E-3,8.199999999999999E-3,null,"F"]
[{"$f":"A33","v":"Fornecimento de Materiais e Equipamentos (aquisição indireta - em conjunto com licitação de obras)"},"R","Fornecimento de Materiais e Equipamentos (aquisição indireta - em conjunto com licitação de obras)-R",null,5.6000000000000008E-3,8.5000000000000006E-3,8.8999999999999999E-3,null,"F","Os valores de BDI foram calculados com o emprego da fórmula:"]
[{"$f":"A34","v":"Fornecimento de Materiais e Equipamentos (aquisição indireta - em conjunto com licitação de obras)"},"DF","Fornecimento de Materiais e Equipamentos (aquisição indireta - em conjunto com licitação de obras)-DF",null,8.5000000000000006E-3,8.5000000000000006E-3,1.11E-2,null,"F",null,null,null,"BDI =",{"$f":"IF($J17=$A$146,\"(1+K1+K2)*(1+K3)\",\"(1+AC + S + R + G)*(1 + DF)*(1+L)\")","v":"(1+AC + S + R + G)*(1 + DF)*(1+L)"},null,null," - 1"]
[{"$f":"A35","v":"Fornecimento de Materiais e Equipamentos (aquisição indireta - em conjunto com licitação de obras)"},"L","Fornecimento de Materiais e Equipamentos (aquisição indireta - em conjunto com licitação de obras)-L",null,3.5000000000000003E-2,5.1100000000000007E-2,6.2199999999999998E-2,null,"F",null,null,null,null,"(1-CP-ISS-CRPB)"]
[{"$f":"A36","v":"Fornecimento de Materiais e Equipamentos (aquisição indireta - em conjunto com licitação de obras)"},"BDI PAD","Fornecimento de Materiais e Equipamentos (aquisição indireta - em conjunto com licitação de obras)-BDI PAD",null,0.111,0.14019999999999999,0.16800000000000001,null,"F"]
["Fornecimento de Materiais e Equipamentos (aquisição direta)","AC","Fornecimento de Materiais e Equipamentos (aquisição direta)-AC",null,"-","-","-",null,"F",{"$f":"CONCATENATE(\"Declaro para os devidos fins que, conforme legislação tributária municipal, a base de cálculo deste tipo de obra corresponde à \",$R$10*100,\"%, com a respectiva alíquota de \",$R$11*100,\"%.\")","v":"Declaro para os devidos fins que, conforme legislação tributária municipal, a base de cálculo deste tipo de obra corresponde à 30%, com a respectiva alíquota de 3%."}]
["Fornecimento de Materiais e Equipamentos (aquisição direta)","SG","Fornecimento de Materiais e Equipamentos (aquisição direta)-SG",null,"-","-","-",null,"F"]
["Fornecimento de Materiais e Equipamentos (aquisição direta)","R","Fornecimento de Materiais e Equipamentos (aquisição direta)-R",null,"-","-","-",null,"F",{"$f":"CONCATENATE(\"Declaro para os devidos fins que o regime de Contribuição Previdenciária sobre a Receita Bruta adotado para elaboração do orçamento foi \",IF(DESONERACAO=\"Sim\",\"COM\",\"SEM\"),\" Desoneração, e que esta é a alternativa mais adequada para a Administração Pública.\")","v":"Declaro para os devidos fins que o regime de Contribuição Previdenciária sobre a Receita Bruta adotado para elaboração do orçamento foi SEM Desoneração, e que esta é a alternativa mais adequada para a Administração Pública."}]
["Fornecimento de Materiais e Equipamentos (aquisição direta)","DF","Fornecimento de Materiais e Equipamentos (aquisição direta)-DF",null,"-","-","-",null,"F"]
["Fornecimento de Materiais e Equipamentos (aquisição direta)","L","Fornecimento de Materiais e Equipamentos (aquisição direta)-L",null,"-","-","-",null,"F","Observações:"]
["Fornecimento de Materiais e Equipamentos (aquisição direta)","BDI PAD","Fornecimento de Materiais e Equipamentos (aquisição direta)-BDI PAD",null,"-","-","-",null,"F"]
["Estudos e Projetos, Planos e Gerenciamento e outros correlatos","K1","Estudos e Projetos, Planos e Gerenciamento e outros correlatos-K1",null,"-","-","-",null,"F"]
[{"$f":"A44","v":"Estudos e Projetos, Planos e Gerenciamento e outros correlatos"},"K2","Estudos e Projetos, Planos e Gerenciamento e outros correlatos-K2",null,"-",0.2,"-",null,"F",{"$f":"Import.Município","v":"ITAPEJARA D'OESTE"},null,null,null,null,null,{"$f":"DADOS!$F$25","v":"2024-10-29"}]
[{"$f":"A45","v":"Estudos e Projetos, Planos e Gerenciamento e outros correlatos"},null,"Estudos e Projetos, Planos e Gerenciamento e outros correlatos-",null,"-","-","-",null,"F","Local",null,null,null,null,null,"Data"]
[{"$f":"A46","v":"Estudos e Projetos, Planos e Gerenciamento e outros correlatos"},null,"Estudos e Projetos, Planos e Gerenciamento e outros correlatos-",null,"-","-","-",null,"F"]
[{"$f":"A47","v":"Estudos e Projetos, Planos e Gerenciamento e outros correlatos"},"K3","Estudos e Projetos, Planos e Gerenciamento e outros correlatos-K3",null,"-",0.12,"-",null,"F"]
[{"$f":"A48","v":"Estudos e Projetos, Planos e Gerenciamento e outros correlatos"},"BDI PAD","Estudos e Projetos, Planos e Gerenciamento e outros correlatos-BDI PAD",null,"-","-","-",null,"F","Responsável Técnico"]
[null,null,null,null,null,null,null,null,"F","Nome:",{"$f":"Import.RespOrçamento","v":"LEANDRO HENRIQUE MAAS SANTOS"}]
[null,null,null,null,null,null,null,null,"F","CREA/CAU:","170817/D"]
[null,null,null,null,null,null,null,null,"F","ART/RRT:","1720242442718"]
[null,null,null,null,null,null,null,null,"F"]
[null,null,null,null,null,null,null,null,{"$f":"IF($S$69=0,\"\",\"F\")","v":""},"BDI 2"]
[null,null,null,null,null,null,null,null,{"$f":"IF($S$69=0,\"\",\"F\")","v":""}]
[null,null,null,null,null,null,null,null,"","TIPO DE OBRA"]
[null,null,null,null,null,null,null,null,"","(SELECIONAR)"]
[null,null,null,null,null,null,null,null,""]
[null,null,null,null,null,null,null,null,"","Itens",null,null,null,null,null,null,null,"Siglas","% Adotado",null,"Situação",null,null,"1º Quartil","Médio","3º Quartil"]
[null,null,null,null,null,null,null,null,""]
[null,null,null,null,null,null,null,null,"",{"$f":"IF($J$17=$A$146,\"Encargos Sociais incidentes sobre a mão de obra\",\"Administração Central\")","v":"Administração Central"},null,null,null,null,null,null,null,{"$f":"IF($J57=$A$146,\"K1\",\"AC\")","v":"AC"},null,null,"-",null,null,{"$f":"VLOOKUP(CONCATENATE(J57,\"-\",R61),$C$2:$G$136,3,FALSE)","v":{"$error":"#N/A"}},{"$f":"VLOOKUP(CONCATENATE(J57,\"-\",R61),$C$2:$G$136,4,FALSE)","v":{"$error":"#N/A"}},{"$f":"VLOOKUP(CONCATENATE(J57,\"-\",R61),$C$2:$G$136,5,FALSE)","v":{"$error":"#N/A"}}]
[null,null,null,null,null,null,null,null,"",{"$f":"IF($J$17=$A$146,\"Administração Central da empresa ou consultoria - overhead\",\"Seguro e Garantia\")","v":"Seguro e Garantia"},null,null,null,null,null,null,null,{"$f":"IF($J57=$A$146,\"K2\",\"SG\")","v":"SG"},null,null,"-",null,null,{"$f":"VLOOKUP(CONCATENATE(J57,\"-\",R62),$C$2:$G$136,3,FALSE)","v":{"$error":"#N/A"}},{"$f":"VLOOKUP(CONCATENATE(J57,\"-\",R62),$C$2:$G$136,4,FALSE)","v":{"$error":"#N/A"}},{"$f":"VLOOKUP(CONCATENATE(J57,\"-\",R62),$C$2:$G$136,5,FALSE)","v":{"$error":"#N/A"}}]
[null,null,null,null,null,null,null,null,"",{"$f":"IF($J$17=$A$146,\"\",\"Risco\")","v":"Risco"},null,null,null,null,null,null,null,{"$f":"IF($J57=$A$146,\"\",\"R\")","v":"R"},null,null,"-",null,null,{"$f":"VLOOKUP(CONCATENATE(J57,\"-\",R63),$C$2:$G$136,3,FALSE)","v":{"$error":"#N/A"}},{"$f":"VLOOKUP(CONCATENATE(J57,\"-\",R63),$C$2:$G$136,4,FALSE)","v":{"$error":"#N/A"}},{"$f":"VLOOKUP(CONCATENATE(J57,\"-\",R63),$C$2:$G$136,5,FALSE)","v":{"$error":"#N/A"}}]
[null,null,null,null,null,null,null,null,"",{"$f":"IF($J$17=$A$146,\"\",\"Despesas Financeiras\")","v":"Despesas Financeiras"},null,null,null,null,null,null,null,{"$f":"IF($J57=$A$146,\"\",\"DF\")","v":"DF"},null,null,"-",null,null,{"$f":"VLOOKUP(CONCATENATE(J57,\"-\",R64),$C$2:$G$136,3,FALSE)","v":{"$error":"#N/A"}},{"$f":"VLOOKUP(CONCATENATE(J57,\"-\",R64),$C$2:$G$136,4,FALSE)","v":{"$error":"#N/A"}},{"$f":"VLOOKUP(CONCATENATE(J57,\"-\",R64),$C$2:$G$136,5,FALSE)","v":{"$error":"#N/A"}}]
[null,null,null,null,null,null,null,null,"",{"$f":"IF($J$17=$A$146,\"Margem bruta da empresa de consultoria\",\"Lucro\")","v":"Lucro"},null,null,null,null,null,null,null,{"$f":"IF($J57=$A$146,\"K3\",\"L\")","v":"L"},null,null,"-",null,null,{"$f":"VLOOKUP(CONCATENATE(J57,\"-\",R65),$C$2:$G$136,3,FALSE)","v":{"$error":"#N/A"}},{"$f":"VLOOKUP(CONCATENATE(J57,\"-\",R65),$C$2:$G$136,4,FALSE)","v":{"$error":"#N/A"}},{"$f":"VLOOKUP(CONCATENATE(J57,\"-\",R65),$C$2:$G$136,5,FALSE)","v":{"$error":"#N/A"}}]
[null,null,null,null,null,null,null,null,"","Tributos (impostos COFINS 3%, e  PIS 0,65%)",null,null,null,null,null,null,null,"CP",null,null,"-",null,null,3.6499999999999998E-2,3.6499999999999998E-2,3.6499999999999998E-2]
[null,null,null,null,null,null,null,null,"","Tributos (ISS, variável de acordo com o município)",null,null,null,null,null,null,null,"ISS",{"$f":"IF(AND($J57<>$A$145,COUNTA(OFFSET(S60,1,0,6))>0),$R$11*$R$10,0)","v":0},null,"-",null,null,0,2.5000000000000001E-2,0.05]
[null,null,null,null,null,null,null,null,"","Tributos (Contribuição Previdenciária sobre a Receita Bruta - 0% ou 4,5% - Desoneração)",null,null,null,null,null,null,null,"CPRB",{"$f":"IF(BDI.Opcao<>\"Desonerado\",0,IF(AND($J57<>$A$145,COUNTA(OFFSET(S60,1,0,6))>0),4.5%,0%))","v":0},null,"-",null,null,0,4.4999999999999998E-2,4.4999999999999998E-2]
[null,null,null,null,null,null,null,null,"","BDI SEM desoneração (Fórmula Acórdão TCU)",null,null,null,null,null,null,null,"BDI PAD",{"$f":"IF($J57=$A$145,0,ROUND((((1+S61+S62+S63)*(1+S64)*(1+S65)/(1-(S66+S67)))-1),4))","v":0},null,{"$f":"IF(OR($J$17=$A$146,$J$17=$A$145,AND(S69>=X69,S69<=Z69)),\"OK\",\"FORA DO INTERVALO\")","v":{"$error":"#N/A"}},null,null,{"$f":"IF($J57=$A$145,0,VLOOKUP(CONCATENATE($J57,\"-\",$R69),$C$2:$G$136,3,FALSE))","v":{"$error":"#N/A"}},{"$f":"IF($J57=$A$145,0,VLOOKUP(CONCATENATE($J57,\"-\",$R69),$C$2:$G$136,4,FALSE))","v":{"$error":"#N/A"}},{"$f":"IF($J57=$A$145,0,VLOOKUP(CONCATENATE($J57,\"-\",$R69),$C$2:$G$136,5,FALSE))","v":{"$error":"#N/A"}}]
[null,null,null,null,null,null,null,null,"","BDI COM desoneração",null,null,null,null,null,null,null,"BDI DES",{"$f":"IF($J57=$A$145,0,ROUND((((1+S61+S62+S63)*(1+S64)*(1+S65)/(1-(S66+S67+S68)))-1),4))","v":0}]
[null,null,null,null,null,null,null,null,""]
[null,null,null,null,null,null,null,null,"",{"$f":"IF(U69<>\"ok\",\"X\",\"\")","v":{"$error":"#N/A"}},{"$f":"IF(U69<>\"ok\",\"Anexo: Relatório Técnico Circunstanciado justificando a adoção do percentual de cada parcela do BDI.\",\"\")","v":{"$error":"#N/A"}}]
[null,null,null,null,null,null,null,null,""]
[null,null,null,null,null,null,null,null,"","Os valores de BDI foram calculados com o emprego da fórmula:"]
[null,null,null,null,null,null,null,null,"",null,null,null,"BDI =",{"$f":"IF($J57=$A$146,\"(1+K1+K2)*(1+K3)\",\"(1+AC + S + R + G)*(1 + DF)*(1+L)\")","v":"(1+AC + S + R + G)*(1 + DF)*(1+L)"},null,null," - 1"]
[null,null,null,null,null,null,null,null,"",null,null,null,null,"(1-CP-ISS-CRPB)"]
[null,null,null,null,null,null,null,null,""]
[null,null,null,null,null,null,null,null,"",{"$f":"CONCATENATE(\"Declaro para os devidos fins que, conforme legislação tributária municipal, a base de cálculo deste tipo de obra corresponde à \",$R$10*100,\"%, com a respectiva alíquota de \",$R$11*100,\"%.\")","v":"Declaro para os devidos fins que, conforme legislação tributária municipal, a base de cálculo deste tipo de obra corresponde à 30%, com a respectiva alíquota de 3%."}]
[null,null,null,null,null,null,null,null,""]
[null,null,null,null,null,null,null,null,"",{"$f":"CONCATENATE(\"Declaro para os devidos fins que o regime de Contribuição Previdenciária sobre a Receita Bruta adotado para elaboração do orçamento foi \",IF(DESONERACAO=\"Sim\",\"COM\",\"SEM\"),\" Desoneração, e que esta é a alternativa mais adequada para a Administração Pública.\")","v":"Declaro para os devidos fins que o regime de Contribuição Previdenciária sobre a Receita Bruta adotado para elaboração do orçamento foi SEM Desoneração, e que esta é a alternativa mais adequada para a Administração Pública."}]
[null,null,null,null,null,null,null,null,""]
[null,null,null,null,null,null,null,null,"","Observações:"]
[null,null,null,null,null,null,null,null,""]
[null,null,null,null,null,null,null,null,""]
[null,null,null,null,null,null,null,null,"",{"$f":"Import.Município","v":"ITAPEJARA D'OESTE"},null,null,null,null,null,{"$f":"DADOS!$F$25","v":"2024-10-29"}]
[null,null,null,null,null,null,null,null,"","Local",null,null,null,null,null,"Data"]
[null,null,null,null,null,null,null,null,""]
[null,null,null,null,null,null,null,null,""]
[null,null,null,null,null,null,null,null,"","Responsável Técnico"]
[null,null,null,null,null,null,null,null,"","Nome:",{"$f":"Import.RespOrçamento","v":"LEANDRO HENRIQUE MAAS SANTOS"}]
[null,null,null,null,null,null,null,null,"","CREA/CAU:","170817/D"]
[null,null,null,null,null,null,null,null,"","ART/RRT:","1720242442718"]
[null,null,null,null,null,null,null,null,""]
[null,null,null,null,null,null,null,null,{"$f":"IF($S$109=0,\"\",\"F\")","v":""},"BDI 3"]
[null,null,null,null,null,null,null,null,{"$f":"IF($S$109=0,\"\",\"F\")","v":""}]
[null,null,null,null,null,null,null,null,"","TIPO DE OBRA"]
[null,null,null,null,null,null,null,null,"","(SELECIONAR)"]
[null,null,null,null,null,null,null,null,""]
[null,null,null,null,null,null,null,null,"","Itens",null,null,null,null,null,null,null,"Siglas","% Adotado",null,"Situação",null,null,"1º Quartil","Médio","3º Quartil"]
[null,null,null,null,null,null,null,null,""]
[null,null,null,null,null,null,null,null,"",{"$f":"IF($J$17=$A$146,\"Encargos Sociais incidentes sobre a mão de obra\",\"Administração Central\")","v":"Administração Central"},null,null,null,null,null,null,null,{"$f":"IF($J97=$A$146,\"K1\",\"AC\")","v":"AC"},null,null,"-",null,null,{"$f":"VLOOKUP(CONCATENATE(J97,\"-\",R101),$C$2:$G$136,3,FALSE)","v":{"$error":"#N/A"}},{"$f":"VLOOKUP(CONCATENATE(J97,\"-\",R101),$C$2:$G$136,4,FALSE)","v":{"$error":"#N/A"}},{"$f":"VLOOKUP(CONCATENATE(J97,\"-\",R101),$C$2:$G$136,5,FALSE)","v":{"$error":"#N/A"}}]
[null,null,null,null,null,null,null,null,"",{"$f":"IF($J$17=$A$146,\"Administração Central da empresa ou consultoria - overhead\",\"Seguro e Garantia\")","v":"Seguro e Garantia"},null,null,null,null,null,null,null,{"$f":"IF($J97=$A$146,\"K2\",\"SG\")","v":"SG"},null,null,"-",null,null,{"$f":"VLOOKUP(CONCATENATE(J97,\"-\",R102),$C$2:$G$136,3,FALSE)","v":{"$error":"#N/A"}},{"$f":"VLOOKUP(CONCATENATE(J97,\"-\",R102),$C$2:$G$136,4,FALSE)","v":{"$error":"#N/A"}},{"$f":"VLOOKUP(CONCATENATE(J97,\"-\",R102),$C$2:$G$136,5,FALSE)","v":{"$error":"#N/A"}}]
[null,null,null,null,null,null,null,null,"",{"$f":"IF($J$17=$A$146,\"\",\"Risco\")","v":"Risco"},null,null,null,null,null,null,null,{"$f":"IF($J97=$A$146,\"\",\"R\")","v":"R"},null,null,"-",null,null,{"$f":"VLOOKUP(CONCATENATE(J97,\"-\",R103),$C$2:$G$136,3,FALSE)","v":{"$error":"#N/A"}},{"$f":"VLOOKUP(CONCATENATE(J97,\"-\",R103),$C$2:$G$136,4,FALSE)","v":{"$error":"#N/A"}},{"$f":"VLOOKUP(CONCATENATE(J97,\"-\",R103),$C$2:$G$136,5,FALSE)","v":{"$error":"#N/A"}}]
[null,null,null,null,null,null,null,null,"",{"$f":"IF($J$17=$A$146,\"\",\"Despesas Financeiras\")","v":"Despesas Financeiras"},null,null,null,null,null,null,null,{"$f":"IF($J97=$A$146,\"\",\"DF\")","v":"DF"},null,null,"-",null,null,{"$f":"VLOOKUP(CONCATENATE(J97,\"-\",R104),$C$2:$G$136,3,FALSE)","v":{"$error":"#N/A"}},{"$f":"VLOOKUP(CONCATENATE(J97,\"-\",R104),$C$2:$G$136,4,FALSE)","v":{"$error":"#N/A"}},{"$f":"VLOOKUP(CONCATENATE(J97,\"-\",R104),$C$2:$G$136,5,FALSE)","v":{"$error":"#N/A"}}]
[null,null,null,null,null,null,null,null,"",{"$f":"IF($J$17=$A$146,\"Margem bruta da empresa de consultoria\",\"Lucro\")","v":"Lucro"},null,null,null,null,null,null,null,{"$f":"IF($J97=$A$146,\"K3\",\"L\")","v":"L"},null,null,"-",null,null,{"$f":"VLOOKUP(CONCATENATE(J97,\"-\",R105),$C$2:$G$136,3,FALSE)","v":{"$error":"#N/A"}},{"$f":"VLOOKUP(CONCATENATE(J97,\"-\",R105),$C$2:$G$136,4,FALSE)","v":{"$error":"#N/A"}},{"$f":"VLOOKUP(CONCATENATE(J97,\"-\",R105),$C$2:$G$136,5,FALSE)","v":{"$error":"#N/A"}}]
[null,null,null,null,null,null,null,null,"","Tributos (impostos COFINS 3%, e  PIS 0,65%)",null,null,null,null,null,null,null,"CP",null,null,"-",null,null,3.6499999999999998E-2,3.6499999999999998E-2,3.6499999999999998E-2]
[null,null,null,null,null,null,null,null,"","Tributos (ISS, variável de acordo com o município)",null,null,null,null,null,null,null,"ISS",{"$f":"IF(AND($J97<>$A$145,COUNTA(OFFSET(S100,1,0,6))>0),$R$11*$R$10,0)","v":0},null,"-",null,null,0,2.5000000000000001E-2,0.05]
[null,null,null,null,null,null,null,null,"","Tributos (Contribuição Previdenciária sobre a Receita Bruta - 0% ou 4,5% - Desoneração)",null,null,null,null,null,null,null,"CPRB",{"$f":"IF(BDI.Opcao<>\"Desonerado\",0,IF(AND($J97<>$A$145,COUNTA(OFFSET(S100,1,0,6))>0),4.5%,0%))","v":0},null,"-",null,null,0,4.4999999999999998E-2,4.4999999999999998E-2]
[null,null,null,null,null,null,null,null,"","BDI SEM desoneração (Fórmula Acórdão TCU)",null,null,null,null,null,null,null,"BDI PAD",{"$f":"IF($J97=$A$145,0,ROUND((((1+S101+S102+S103)*(1+S104)*(1+S105)/(1-(S106+S107)))-1),4))","v":0},null,{"$f":"IF(OR($J$17=$A$146,$J$17=$A$145,AND(S109>=X109,S109<=Z109)),\"OK\",\"FORA DO INTERVALO\")","v":{"$error":"#N/A"}},null,null,{"$f":"IF($J97=$A$145,0,VLOOKUP(CONCATENATE($J97,\"-\",$R109),$C$2:$G$136,3,FALSE))","v":{"$error":"#N/A"}},{"$f":"IF($J97=$A$145,0,VLOOKUP(CONCATENATE($J97,\"-\",$R109),$C$2:$G$136,4,FALSE))","v":{"$error":"#N/A"}},{"$f":"IF($J97=$A$145,0,VLOOKUP(CONCATENATE($J97,\"-\",$R109),$C$2:$G$136,5,FALSE))","v":{"$error":"#N/A"}}]
[null,null,null,null,null,null,null,null,"","BDI COM desoneração",null,null,null,null,null,null,null,"BDI DES",{"$f":"IF($J97=$A$145,0,ROUND((((1+S101+S102+S103)*(1+S104)*(1+S105)/(1-(S106+S107+S108)))-1),4))","v":0}]
[null,null,null,null,null,null,null,null,""]
[null,null,null,null,null,null,null,null,"",{"$f":"IF(U109<>\"ok\",\"X\",\"\")","v":{"$error":"#N/A"}},{"$f":"IF(U109<>\"ok\",\"Anexo: Relatório Técnico Circunstanciado justificando a adoção do percentual de cada parcela do BDI.\",\"\")","v":{"$error":"#N/A"}}]
[null,null,null,null,null,null,null,null,""]
[null,null,null,null,null,null,null,null,"","Os valores de BDI foram calculados com o emprego da fórmula:"]
[null,null,null,null,null,null,null,null,"",null,null,null,"BDI =",{"$f":"IF($J97=$A$146,\"(1+K1+K2)*(1+K3)\",\"(1+AC + S + R + G)*(1 + DF)*(1+L)\")","v":"(1+AC + S + R + G)*(1 + DF)*(1+L)"},null,null," - 1"]
[null,null,null,null,null,null,null,null,"",null,null,null,null,"(1-CP-ISS-CRPB)"]
[null,null,null,null,null,null,null,null,""]
[null,null,null,null,null,null,null,null,"",{"$f":"CONCATENATE(\"Declaro para os devidos fins que, conforme legislação tributária municipal, a base de cálculo deste tipo de obra corresponde à \",$R$10*100,\"%, com a respectiva alíquota de \",$R$11*100,\"%.\")","v":"Declaro para os devidos fins que, conforme legislação tributária municipal, a base de cálculo deste tipo de obra corresponde à 30%, com a respectiva alíquota de 3%."}]
[null,null,null,null,null,null,null,null,""]
[null,null,null,null,null,null,null,null,"",{"$f":"CONCATENATE(\"Declaro para os devidos fins que o regime de Contribuição Previdenciária sobre a Receita Bruta adotado para elaboração do orçamento foi \",IF(DESONERACAO=\"Sim\",\"COM\",\"SEM\"),\" Desoneração, e que esta é a alternativa mais adequada para a Administração Pública.\")","v":"Declaro para os devidos fins que o regime de Contribuição Previdenciária sobre a Receita Bruta adotado para elaboração do orçamento foi SEM Desoneração, e que esta é a alternativa mais adequada para a Administração Pública."}]
[null,null,null,null,null,null,null,null,""]
[null,null,null,null,null,null,null,null,"","Observações:"]
[null,null,null,null,null,null,null,null,""]
[null,null,null,null,null,null,null,null,""]
[null,null,null,null,null,null,null,null,"",{"$f":"Import.Município","v":"ITAPEJARA D'OESTE"},null,null,null,null,null,{"$f":"DADOS!$F$25","v":"2024-10-29"}]
[null,null,null,null,null,null,null,null,"","Local",null,null,null,null,null,"Data"]
[null,null,null,null,null,null,null,null,""]
[null,null,null,null,null,null,null,null,""]
[null,null,null,null,null,null,null,null,"","Responsável Técnico"]
[null,null,null,null,null,null,null,null,"","Nome:",{"$f":"Import.RespOrçamento","v":"LEANDRO HENRIQUE MAAS SANTOS"}]
[null,null,null,null,null,null,null,null,"","CREA/CAU:","170817/D"]
[null,null,null,null,null,null,null,null,"","ART/RRT:","1720242442718"]
[]
[]
[]
[]
[]
["(SELECIONAR)"]
["Construção e Reforma de Edifícios"]
["Construção de Praças Urbanas, Rodovias, Ferrovias e recapeamento e pavimentação de vias urbanas"]
["Construção de Redes de Abastecimento de Água, Coleta de Esgoto"]
["Construção e Manutenção de Estações e Redes de Distribuição de Energia Elétrica"]
["Obras Portuárias, Marítimas e Fluviais"]
["Fornecimento de Materiais e Equipamentos (aquisição indireta - em conjunto com licitação de obras)"]
["Fornecimento de Materiais e Equipamentos (aquisição direta)"]
["Estudos e Projetos, Planos e Gerenciamento e outros correlatos"]

{"sheet":"ORÇAMENTO","index":4,"n_rows":421,"n_cols":40,"rows_kept":421,"cut":false,"hidden":false,"merged":[[419,14,419,16],[14,14,14,17],[406,16,406,23],[409,14,411,23],[413,14,413,23],[416,14,416,16],[414,14,414,23],[3,14,3,15],[3,18,3,23],[4,14,4,15],[4,18,4,23],[7,5,7,10],[7,11,11,11],[7,14,7,15],[7,18,7,20],[8,5,8,10],[4,30,4,31],[6,14,6,15],[6,18,6,20],[6,37,10,37],[7,24,11,24],[7,25,11,25],[11,26,11,27],[6,35,10,35]]}
[null,null,null,null,null,null,null,null,null,null,null,null,null,null,null,null,null,"PO - PLANILHA ORÇAMENTÁRIA",null,null,null,null,null,"Grau de Sigilo"]
[null,null,null,"LOTE","Meta","Nível 2","Nível 3","Nível 4","Serviço",null,null,null,null,null,null,null,null,{"$f":"IF(TIPOORCAMENTO=\"licitado\",\"Orçamento Licitado\",\"Orçamento Base para Licitação\")&\" - \"&import.recurso","v":"Orçamento Base para Licitação - (SELECIONAR)"},null,null,null,null,null,"#PUBLICO"]
[]
["Nmax",null,null,null,null,"BDI 1","BDI 2","BDI 3",0,null,null,null,null,null,"Nº OPERAÇÃO",null,"Nº TransfereGOV","PROPONENTE / TOMADOR","APELIDO DO EMPREENDIMENTO"]
[{"$f":"MAX($C$15:$C$404)","v":4},null,null,null,null,{"$f":"IF(BDI.Opcao=\"DESONERADO\",BDI!$S$30,BDI!$S$29)","v":0.2082},{"$f":"IF(BDI.Opcao=\"DESONERADO\",BDI!$S$70,BDI!$S$69)","v":0},{"$f":"IF(BDI.Opcao=\"DESONERADO\",BDI!$S$110,BDI!$S$109)","v":0},null,null,null,null,null,null,{"$f":"Import.CR","v":0},null,{"$f":"Import.TransfereGOV","v":0},{"$f":"Import.Proponente","v":"PREFEITURA MUNICIPAL DE ITAPEJARA D'OESTE"},{"$f":"Import.Apelido","v":"REFORMA E AMPLIAÇÃO DA ESCOLA JOSAFAT KMITA"},null,null,null,null,null,null,null,null,null,null,null,"Arredondamento"]
[]
[null,null,null,null,null,null,null,null,null,null,null,null,null,null,"LOCALIDADE SINAPI",null,"DATA BASE",{"$f":"IF(TIPOORCAMENTO=\"Licitado\",\"NOME DA EMPRESA\",\"DESCRIÇÃO DO LOTE\")","v":"DESCRIÇÃO DO LOTE"},{"$f":"IF(TIPOORCAMENTO=\"Licitado\",\"REGIME DE EXECUÇÃO\",\"MUNICÍPIO / UF\")","v":"MUNICÍPIO / UF"},null,null,{"$f":"IF(TIPOORCAMENTO=\"Licitado\",\"\",\"BDI 1\")","v":"BDI 1"},{"$f":"IF(TIPOORCAMENTO=\"Licitado\",\"\",\"BDI 2\")","v":"BDI 2"},{"$f":"IF(TIPOORCAMENTO=\"Licitado\",\"Nº CTEF\",\"BDI 3\")","v":"BDI 3"},null,null,null,null,null,null,"Quantidade",true,null,null,null,"QUANTIDADES: ACOMP. POR BM",null,"PREÇO UNITÁRIO LICITADO"]
[null,null,null,null,null,{"$f":"IF(LEN(INFO(\"release\"))>5,\"'Referência \"&Excel_BuiltIn_Database&\".xlsm'#Banco.$a5:$a$65536\",\"'[Referência \"&Excel_BuiltIn_Database&\".xlsm]Banco'!$a5:$a$65536\")","v":"'[Referência 06-2024.xlsm]Banco'!$a5:$a$65536"},null,null,null,null,null,"FILTRO",null,null,{"$f":"IF(ISERROR(INDIRECT($F$9)),\"(N/D: 'Referência \"&Excel_BuiltIn_Database&\".xlsm)\",INDIRECT($F$9))","v":"CURITIBA"},null,{"$f":"TEXT(Import.DataBase,\"mm-aa\")&IF(DESONERACAO=\"Sim\",\" (DES.)\",\" (N DES.)\")","v":"06-24 (N DES.)"},{"$f":"IF(TIPOORCAMENTO=\"Licitado\",Import.empresa,Import.DescLote)","v":"REFORMA E AMPLIAÇÃO DA ESCOLA JOSAFAT KMITA"},{"$f":"IF(TIPOORCAMENTO=\"Licitado\",Import.RegimeExecução,Import.Município)","v":"ITAPEJARA D'OESTE"},null,null,{"$f":"IF(TIPOORCAMENTO=\"Licitado\",\"\",TEXT(F5,\"0,00%\"))","v":"20,82%"},{"$f":"IF(TIPOORCAMENTO=\"Licitado\",\"\",TEXT(G5,\"0,00%\"))","v":"0,00%"},{"$f":"IF(TIPOORCAMENTO=\"Licitado\",Import.CTEF,TEXT(H5,\"0,00%\"))","v":"0,00%"},"RECURSO","SGL RECURSO",null,null,null,null,"Custo Unitáro",true]
[null,null,null,null,null,{"$f":"IF(LEN(INFO(\"release\"))>5,\"'Referência \"&Excel_BuiltIn_Database&\".xlsm'#Banco.$d$3\",\"'[Referência \"&Excel_BuiltIn_Database&\".xlsm]Banco'!$d$3\")","v":"'[Referência 06-2024.xlsm]Banco'!$d$3"},null,null,null,null,null,null,null,null,null,null,null,null,null,null,null,null,null,null,null,null,null,null,null,null,"BDI",true]
[null,null,null,null,null,null,null,null,null,null,null,null,null,null,null,null,null,null,null,null,null,null,null,null,null,null,null,null,"ERRO GERAL",null,"Preço Unitário",true]
[null,null,null,null,null,null,null,null,null,null,null,null,null,null,null,null,null,null,null,null,null,null,null,null,null,null,null,null,{"$f":"IF(COUNTIF($AC$15:OFFSET($AC$404,-1,0),\"DESCRIÇÃO\")+COUNTIF($AC$15:OFFSET($AC$404,-1,0),\"UNIDADE\")+COUNTIF($AC$15:OFFSET($AC$404,-1,0),\"SEM VALOR\")>0,\"NÃO OK\",\"OK\")","v":"OK"},null,"Preço Total",true]
[null,null,null,null,null,null,null,null,null,null,null,null,null,null,null,null,null,null,null,null,null,null,null,null,null,null,"Valores não Arredondados",null,null,null,null,null,null,null,null,"↓",null,"↓"]
["Nível E","Save Nivel","Nível C","Altura","n1","n2","n3","n4","n5","Czero","Cnível","↓","Nível","Nível Corrigido","Item","Fonte","Código","Descrição","Unidade","Quantidade",{"$f":"IF(TIPOORCAMENTO=\"Licitado\",\"\",\"Custo Unitário (sem BDI) (R$)\")","v":"Custo Unitário (sem BDI) (R$)"},{"$f":"IF(TIPOORCAMENTO=\"Licitado\",\"\",\"BDI\n(%)\")","v":"BDI\n(%)"},"Preço Unitário (com BDI) (R$)","Preço Total\n(R$)","↓","↓","Contrapartida (R$)","Outros (R$)","Erro de Dados","Lista Crono","Concatenação Fonte-Código","BancoDesloc","Custo Unitário Referência (R$)",{"$f":"IF(TIPOORCAMENTO=\"LICITADO\",\"Valor BDI Edital\",\"Valor BDI\")","v":"Valor BDI"},null,"Quantidade",null,"Preço Unitário (com BDI) (R$)","Preço Total\nLicit. (R$)","Preço Unitário Edital (R$)"]
[{"$f":"CHOOSE(1+LOG(1+2*(ORÇAMENTO.Nivel=\"Meta\")+4*(ORÇAMENTO.Nivel=\"Nível 2\")+8*(ORÇAMENTO.Nivel=\"Nível 3\")+16*(ORÇAMENTO.Nivel=\"Nível 4\")+32*(ORÇAMENTO.Nivel=\"Serviço\"),2),0,1,2,3,4,\"S\")","v":"S"},{"$f":"IF(OR(C14=\"s\",C14=0),OFFSET(B14,-1,0),C14)","v":"Save Nivel"},{"$f":"IF(OFFSET(C14,-1,0)=\"L\",1,IF(OFFSET(C14,-1,0)=1,2,IF(OR(A14=\"s\",A14=0),\"S\",IF(AND(OFFSET(C14,-1,0)=2,A14=4),3,IF(AND(OR(OFFSET(C14,-1,0)=\"s\",OFFSET(C14,-1,0)=0),A14<>\"s\",A14>OFFSET(B14,-1,0)),OFFSET(B14,-1,0),A14)))))","v":"S"},{"$f":"IF(OR(C14=\"S\",C14=0),0,IF(ISERROR(K14),J14,SMALL(J14:K14,1)))","v":0},{"$f":"IF($C14=1,OFFSET(E14,-1,0)+MAX(1,COUNTIF(QCI!$A$13:$A$24,OFFSET(ORÇAMENTO!E14,-1,0))),OFFSET(E14,-1,0))","v":"n1"},{"$f":"IF($C14=1,0,IF($C14=2,OFFSET(F14,-1,0)+1,OFFSET(F14,-1,0)))","v":"n2"},{"$f":"IF(AND($C14<=2,$C14<>0),0,IF($C14=3,OFFSET(G14,-1,0)+1,OFFSET(G14,-1,0)))","v":"n3"},{"$f":"IF(AND($C14<=3,$C14<>0),0,IF($C14=4,OFFSET(H14,-1,0)+1,OFFSET(H14,-1,0)))","v":"n4"},{"$f":"IF(AND($C14<=4,$C14<>0),0,IF(AND($C14=\"S\",$X14>0),OFFSET(I14,-1,0)+1,OFFSET(I14,-1,0)))","v":"n5"},{"$f":"IF(OR($C14=\"S\",$C14=0),0,MATCH(0,OFFSET($D14,1,$C14,ROW($C$404)-ROW($C14)),0))","v":0},{"$f":"IF(OR($C14=\"S\",$C14=0),0,MATCH(OFFSET($D14,0,$C14)+IF($C14<>1,1,COUNTIF(QCI!$A$13:$A$24,ORÇAMENTO!E14)),OFFSET($D14,1,$C14,ROW($C$404)-ROW($C14)),0))","v":0},{"$f":"IF(OR($X14>0,$C14=1,$C14=2,$C14=3,$C14=4),\"F\",\"\")","v":""},"Serviço",{"$f":"CHOOSE(1+LOG(1+2*(C14=1)+4*(C14=2)+8*(C14=3)+16*(C14=4)+32*(C14=\"S\"),2),\"\",\"Meta\",\"Nível 2\",\"Nível 3\",\"Nível 4\",\"Serviço\")","v":"Serviço"},{"$f":"IF(OR($C14=0,$L14=\"\"),\"-\",CONCATENATE(E14&\".\",IF(AND($A$5>=2,$C14>=2),F14&\".\",\"\"),IF(AND($A$5>=3,$C14>=3),G14&\".\",\"\"),IF(AND($A$5>=4,$C14>=4),H14&\".\",\"\"),IF($C14=\"S\",I14&\".\",\"\")))","v":"-"},"SINAPI",null,{"$f":"IF($C14=\"S\",REFERENCIA.Descricao,\"(digite a descrição aqui)\")","v":"(Sem Código)"},{"$f":"REFERENCIA.Unidade","v":"-"},{"$f":"OFFSET(CÁLCULO!H$15,ROW($T14)-ROW(T$15),0)","v":0},null,"BDI 1",{"$f":"IF($C14=\"S\",ROUND(IF(TIPOORCAMENTO=\"Proposto\",ORÇAMENTO.CustoUnitario*(1+$AH14),ORÇAMENTO.PrecoUnitarioLicitado),15-13*$AF$10),0)","v":0},{"$f":"IF($C14=\"S\",IF(Import.TipoArredondamento<>\"TransfereGOV\",VTOTAL1,SUM(OFFSET(CÁLCULO!$AA$15,ROW($X14)-ROW($X$15),1):OFFSET(CÁLCULO!$AL$15,ROW($X14)-ROW($X$15),-1))),IF($C14=0,0,ROUND(SomaAgrup,15-13*$AF$11)))","v":0},"RA",{"$f":"IF(AND($C14=\"S\",$X14>0),IF(ISBLANK($Y14),\"RA\",LEFT($Y14,2)),\"\")","v":""},{"$f":"IF($C14=\"S\",IF($Z14=\"CP\",$X14,IF($Z14=\"RA\",(($X14)*QCI!$AA$3),0)),SomaAgrup)","v":0},{"$f":"IF($C14=\"S\",IF($Z14=\"OU\",ROUND($X14,2),0),SomaAgrup)","v":0},{"$f":"IF($N14=\"\",\"\",IF(ORÇAMENTO.Descricao=\"\",\"DESCRIÇÃO\",IF(AND($C14=\"S\",ORÇAMENTO.Unidade=\"\"),\"UNIDADE\",IF($X14<0,\"VALOR NEGATIVO\",IF(OR(AND(TIPOORCAMENTO=\"Proposto\",$AG14<>\"\",$AG14>0,ORÇAMENTO.CustoUnitario>$AG14),AND(TIPOORCAMENTO=\"LICITADO\",ORÇAMENTO.PrecoUnitarioLicitado>$AN14)),\"ACIMA REF.\",\"\")))))","v":""},{"$f":"IF(C14<=CRONO.NivelExibicao,MAX($AD$15:OFFSET(AD14,-1,0))+IF($C14<>1,1,MAX(1,COUNTIF(QCI!$A$13:$A$24,OFFSET($E14,-1,0)))),\"\")","v":""},{"$f":"IF(AND($C14=\"S\",ORÇAMENTO.CodBarra<>\"\"),IF(ORÇAMENTO.Fonte=\"\",ORÇAMENTO.CodBarra,CONCATENATE(ORÇAMENTO.Fonte,\" \",ORÇAMENTO.CodBarra)))","v":false},{"$f":"IF(ISERROR(INDIRECT(ORÇAMENTO.BancoRef)),\"(abra o arquivo 'Referência \"&Excel_BuiltIn_Database&\".xlsm)\",IF(OR($C14<>\"S\",ORÇAMENTO.CodBarra=\"\"),\"(Sem Código)\",IF(ISERROR(MATCH($AE14,INDIRECT(ORÇAMENTO.BancoRef),0)),\"(Código não identificado nas referências)\",MATCH($AE14,INDIRECT(ORÇAMENTO.BancoRef),0))))","v":"(Sem Código)"},{"$f":"ROUND(IF(DESONERACAO=\"sim\",REFERENCIA.Desonerado,REFERENCIA.NaoDesonerado),2)","v":0},{"$f":"ROUND(IF(ISNUMBER(ORÇAMENTO.OpcaoBDI),ORÇAMENTO.OpcaoBDI,IF(LEFT(ORÇAMENTO.OpcaoBDI,3)=\"BDI\",HLOOKUP(ORÇAMENTO.OpcaoBDI,$F$4:$H$5,2,FALSE),0)),15-11*$AF$9)","v":0.2082},null,null,null,null,{"$f":"$X14","v":0},{"$f":"ROUND(ORÇAMENTO.CustoUnitario*(1+$AH14),2)","v":0}]
[0,null,"L",{"$f":"COUNTA(OFFSET(D15,1,0):D$404)","v":388},0,null,null,null,null,null,null,"F",{"$f":"IF(TIPOORCAMENTO=\"LICITADO\",\"CTEF\",\"LOTE\")","v":"LOTE"},{"$f":"IF(TIPOORCAMENTO=\"LICITADO\",\"CTEF\",\"LOTE\")","v":"LOTE"},{"$f":"Import.DescLote","v":"REFORMA E AMPLIAÇÃO DA ESCOLA JOSAFAT KMITA"},null,null,null,null,null,null,null,null,{"$f":"SUMIF(OFFSET($C15,1,0,ROW(X404)-ROW(X15)-1),\"S\",OFFSET(X15,1,0,ROW(X404)-ROW(X15)-1))","v":1977643.7599999977},null,{"$f":"IF(AND($C15=\"S\",$X15>0),LEFT($Y15,2),\"\")","v":""},{"$f":"SUMIF(OFFSET($C15,1,0,ROW(AA404)-ROW(AA15)-1),\"S\",OFFSET(AA15,1,0,ROW(AA404)-ROW(AA15)-1))","v":530550.73999999964},{"$f":"SUMIF(OFFSET($C15,1,0,ROW(AB404)-ROW(AB15)-1),\"S\",OFFSET(AB15,1,0,ROW(AB404)-ROW(AB15)-1))","v":0},null,null,null,null,null,null,null,null,null,null,1977643.7599999977]
[{"$f":"CHOOSE(1+LOG(1+2*(ORÇAMENTO.Nivel=\"Meta\")+4*(ORÇAMENTO.Nivel=\"Nível 2\")+8*(ORÇAMENTO.Nivel=\"Nível 3\")+16*(ORÇAMENTO.Nivel=\"Nível 4\")+32*(ORÇAMENTO.Nivel=\"Serviço\"),2),0,1,2,3,4,\"S\")","v":1},{"$f":"IF(OR(C16=\"s\",C16=0),OFFSET(B16,-1,0),C16)","v":1},{"$f":"IF(OFFSET(C16,-1,0)=\"L\",1,IF(OFFSET(C16,-1,0)=1,2,IF(OR(A16=\"s\",A16=0),\"S\",IF(AND(OFFSET(C16,-1,0)=2,A16=4),3,IF(AND(OR(OFFSET(C16,-1,0)=\"s\",OFFSET(C16,-1,0)=0),A16<>\"s\",A16>OFFSET(B16,-1,0)),OFFSET(B16,-1,0),A16)))))","v":1},{"$f":"IF(OR(C16=\"S\",C16=0),0,IF(ISERROR(K16),J16,SMALL(J16:K16,1)))","v":231},{"$f":"IF($C16=1,OFFSET(E16,-1,0)+MAX(1,COUNTIF(QCI!$A$13:$A$24,OFFSET(ORÇAMENTO!E16,-1,0))),OFFSET(E16,-1,0))","v":1},{"$f":"IF($C16=1,0,IF($C16=2,OFFSET(F16,-1,0)+1,OFFSET(F16,-1,0)))","v":0},{"$f":"IF(AND($C16<=2,$C16<>0),0,IF($C16=3,OFFSET(G16,-1,0)+1,OFFSET(G16,-1,0)))","v":0},{"$f":"IF(AND($C16<=3,$C16<>0),0,IF($C16=4,OFFSET(H16,-1,0)+1,OFFSET(H16,-1,0)))","v":0},{"$f":"IF(AND($C16<=4,$C16<>0),0,IF(AND($C16=\"S\",$X16>0),OFFSET(I16,-1,0)+1,OFFSET(I16,-1,0)))","v":0},{"$f":"IF(OR($C16=\"S\",$C16=0),0,MATCH(0,OFFSET($D16,1,$C16,ROW($C$404)-ROW($C16)),0))","v":388},{"$f":"IF(OR($C16=\"S\",$C16=0),0,MATCH(OFFSET($D16,0,$C16)+IF($C16<>1,1,COUNTIF(QCI!$A$13:$A$24,ORÇAMENTO!E16)),OFFSET($D16,1,$C16,ROW($C$404)-ROW($C16)),0))","v":231},{"$f":"IF(OR($X16>0,$C16=1,$C16=2,$C16=3,$C16=4),\"F\",\"\")","v":"F"},"Meta",{"$f":"CHOOSE(1+LOG(1+2*(C16=1)+4*(C16=2)+8*(C16=3)+16*(C16=4)+32*(C16=\"S\"),2),\"\",\"Meta\",\"Nível 2\",\"Nível 3\",\"Nível 4\",\"Serviço\")","v":"Meta"},{"$f":"IF(OR($C16=0,$L16=\"\"),\"-\",CONCATENATE(E16&\".\",IF(AND($A$5>=2,$C16>=2),F16&\".\",\"\"),IF(AND($A$5>=3,$C16>=3),G16&\".\",\"\"),IF(AND($A$5>=4,$C16>=4),H16&\".\",\"\"),IF($C16=\"S\",I16&\".\",\"\")))","v":"1."},"SINAPI",null,"ESCOLA JOSAFAT KMITA",{"$f":"REFERENCIA.Unidade","v":"-"},{"$f":"OFFSET(CÁLCULO!H$15,ROW($T16)-ROW(T$15),0)","v":0},null,"BDI 1",{"$f":"IF($C16=\"S\",ROUND(IF(TIPOORCAMENTO=\"Proposto\",ORÇAMENTO.CustoUnitario*(1+$AH16),ORÇAMENTO.PrecoUnitarioLicitado),15-13*$AF$10),0)","v":0},{"$f":"IF($C16=\"S\",IF(Import.TipoArredondamento<>\"TransfereGOV\",VTOTAL1,SUM(OFFSET(CÁLCULO!$AA$15,ROW($X16)-ROW($X$15),1):OFFSET(CÁLCULO!$AL$15,ROW($X16)-ROW($X$15),-1))),IF($C16=0,0,ROUND(SomaAgrup,15-13*$AF$11)))","v":1325918.3899999999},"RA",{"$f":"IF(AND($C16=\"S\",$X16>0),IF(ISBLANK($Y16),\"RA\",LEFT($Y16,2)),\"\")","v":""},{"$f":"IF($C16=\"S\",IF($Z16=\"CP\",$X16,IF($Z16=\"RA\",(($X16)*QCI!$AA$3),0)),SomaAgrup)","v":355709.65672508592},{"$f":"IF($C16=\"S\",IF($Z16=\"OU\",ROUND($X16,2),0),SomaAgrup)","v":0},{"$f":"IF($N16=\"\",\"\",IF(ORÇAMENTO.Descricao=\"\",\"DESCRIÇÃO\",IF(AND($C16=\"S\",ORÇAMENTO.Unidade=\"\"),\"UNIDADE\",IF($X16<0,\"VALOR NEGATIVO\",IF(OR(AND(TIPOORCAMENTO=\"Proposto\",$AG16<>\"\",$AG16>0,ORÇAMENTO.CustoUnitario>$AG16),AND(TIPOORCAMENTO=\"LICITADO\",ORÇAMENTO.PrecoUnitarioLicitado>$AN16)),\"ACIMA REF.\",\"\")))))","v":""},{"$f":"IF(C16<=CRONO.NivelExibicao,MAX($AD$15:OFFSET(AD16,-1,0))+IF($C16<>1,1,MAX(1,COUNTIF(QCI!$A$13:$A$24,OFFSET($E16,-1,0)))),\"\")","v":1},{"$f":"IF(AND($C16=\"S\",ORÇAMENTO.CodBarra<>\"\"),IF(ORÇAMENTO.Fonte=\"\",ORÇAMENTO.CodBarra,CONCATENATE(ORÇAMENTO.Fonte,\" \",ORÇAMENTO.CodBarra)))","v":false},{"$f":"IF(ISERROR(INDIRECT(ORÇAMENTO.BancoRef)),\"(abra o arquivo 'Referência \"&Excel_BuiltIn_Database&\".xlsm)\",IF(OR($C16<>\"S\",ORÇAMENTO.CodBarra=\"\"),\"(Sem Código)\",IF(ISERROR(MATCH($AE16,INDIRECT(ORÇAMENTO.BancoRef),0)),\"(Código não identificado nas referências)\",MATCH($AE16,INDIRECT(ORÇAMENTO.BancoRef),0))))","v":"(Sem Código)"},{"$f":"ROUND(IF(DESONERACAO=\"sim\",REFERENCIA.Desonerado,REFERENCIA.NaoDesonerado),2)","v":0},{"$f":"ROUND(IF(ISNUMBER(ORÇAMENTO.OpcaoBDI),ORÇAMENTO.OpcaoBDI,IF(LEFT(ORÇAMENTO.OpcaoBDI,3)=\"BDI\",HLOOKUP(ORÇAMENTO.OpcaoBDI,$F$4:$H$5,2,FALSE),0)),15-11*$AF$9)","v":0.2082},null,null,null,null,1325918.3899999999,{"$f":"ROUND(ORÇAMENTO.CustoUnitario*(1+$AH16),2)","v":0}]
[2,2,2,18,{"$f":"IF($C17=1,OFFSET(E17,-1,0)+MAX(1,COUNTIF(QCI!$A$13:$A$24,OFFSET(ORÇAMENTO!E17,-1,0))),OFFSET(E17,-1,0))","v":1},1,0,0,0,230,{"$f":"IF(OR($C17=\"S\",$C17=0),0,MATCH(OFFSET($D17,0,$C17)+IF($C17<>1,1,COUNTIF(QCI!$A$13:$A$24,ORÇAMENTO!E17)),OFFSET($D17,1,$C17,ROW($C$404)-ROW($C17)),0))","v":18},"F","Nível 2","Nível 2","1.1.","SINAPI",null,"SERVIÇOS PRELIMINARES",{"$f":"REFERENCIA.Unidade","v":"-"},{"$f":"OFFSET(CÁLCULO!H$15,ROW($T17)-ROW(T$15),0)","v":0},null,"BDI 1",{"$f":"IF($C17=\"S\",ROUND(IF(TIPOORCAMENTO=\"Proposto\",ORÇAMENTO.CustoUnitario*(1+$AH17),ORÇAMENTO.PrecoUnitarioLicitado),15-13*$AF$10),0)","v":0},{"$f":"IF($C17=\"S\",IF(Import.TipoArredondamento<>\"TransfereGOV\",VTOTAL1,SUM(OFFSET(CÁLCULO!$AA$15,ROW($X17)-ROW($X$15),1):OFFSET(CÁLCULO!$AL$15,ROW($X17)-ROW($X$15),-1))),IF($C17=0,0,ROUND(SomaAgrup,15-13*$AF$11)))","v":67138.789999999994},"RA","",{"$f":"IF($C17=\"S\",IF($Z17=\"CP\",$X17,IF($Z17=\"RA\",(($X17)*QCI!$AA$3),0)),SomaAgrup)","v":18011.60322079674},0,{"$f":"IF($N17=\"\",\"\",IF(ORÇAMENTO.Descricao=\"\",\"DESCRIÇÃO\",IF(AND($C17=\"S\",ORÇAMENTO.Unidade=\"\"),\"UNIDADE\",IF($X17<0,\"VALOR NEGATIVO\",IF(OR(AND(TIPOORCAMENTO=\"Proposto\",$AG17<>\"\",$AG17>0,ORÇAMENTO.CustoUnitario>$AG17),AND(TIPOORCAMENTO=\"LICITADO\",ORÇAMENTO.PrecoUnitarioLicitado>$AN17)),\"ACIMA REF.\",\"\")))))","v":""},{"$f":"IF(C17<=CRONO.NivelExibicao,MAX($AD$15:OFFSET(AD17,-1,0))+IF($C17<>1,1,MAX(1,COUNTIF(QCI!$A$13:$A$24,OFFSET($E17,-1,0)))),\"\")","v":2},{"$f":"IF(AND($C17=\"S\",ORÇAMENTO.CodBarra<>\"\"),IF(ORÇAMENTO.Fonte=\"\",ORÇAMENTO.CodBarra,CONCATENATE(ORÇAMENTO.Fonte,\" \",ORÇAMENTO.CodBarra)))","v":false},{"$f":"IF(ISERROR(INDIRECT(ORÇAMENTO.BancoRef)),\"(abra o arquivo 'Referência \"&Excel_BuiltIn_Database&\".xlsm)\",IF(OR($C17<>\"S\",ORÇAMENTO.CodBarra=\"\"),\"(Sem Código)\",IF(ISERROR(MATCH($AE17,INDIRECT(ORÇAMENTO.BancoRef),0)),\"(Código não identificado nas referências)\",MATCH($AE17,INDIRECT(ORÇAMENTO.BancoRef),0))))","v":"(Sem Código)"},{"$f":"ROUND(IF(DESONERACAO=\"sim\",REFERENCIA.Desonerado,REFERENCIA.NaoDesonerado),2)","v":0},0.2082,null,null,null,null,67138.789999999994,0]
["S",2,"S",0,{"$f":"IF($C18=1,OFFSET(E18,-1,0)+MAX(1,COUNTIF(QCI!$A$13:$A$24,OFFSET(ORÇAMENTO!E18,-1,0))),OFFSET(E18,-1,0))","v":1},1,0,0,1,0,{"$f":"IF(OR($C18=\"S\",$C18=0),0,MATCH(OFFSET($D18,0,$C18)+IF($C18<>1,1,COUNTIF(QCI!$A$13:$A$24,ORÇAMENTO!E18)),OFFSET($D18,1,$C18,ROW($C$404)-ROW($C18)),0))","v":0},"F","Serviço","Serviço","1.1.0.0.1.","SINAPI","99059",{"$f":"IF($C18=\"S\",REFERENCIA.Descricao,\"(digite a descrição aqui)\")","v":"LOCAÇÃO CONVENCIONAL DE OBRA, UTILIZANDO GABARITO DE TÁBUAS CORRIDAS PONTALETADAS A CADA 2,00M -  2 UTILIZAÇÕES. AF_03/2024"},{"$f":"REFERENCIA.Unidade","v":"M"},{"$f":"OFFSET(CÁLCULO!H$15,ROW($T18)-ROW(T$15),0)","v":143.06},{"$f":"AG18","v":72.53},"BDI 1",{"$f":"IF($C18=\"S\",ROUND(IF(TIPOORCAMENTO=\"Proposto\",ORÇAMENTO.CustoUnitario*(1+$AH18),ORÇAMENTO.PrecoUnitarioLicitado),15-13*$AF$10),0)","v":87.63},{"$f":"IF($C18=\"S\",IF(Import.TipoArredondamento<>\"TransfereGOV\",VTOTAL1,SUM(OFFSET(CÁLCULO!$AA$15,ROW($X18)-ROW($X$15),1):OFFSET(CÁLCULO!$AL$15,ROW($X18)-ROW($X$15),-1))),IF($C18=0,0,ROUND(SomaAgrup,15-13*$AF$11)))","v":12536.35},"RA","RA",{"$f":"IF($C18=\"S\",IF($Z18=\"CP\",$X18,IF($Z18=\"RA\",(($X18)*QCI!$AA$3),0)),SomaAgrup)","v":3363.1789020480601},0,{"$f":"IF($N18=\"\",\"\",IF(ORÇAMENTO.Descricao=\"\",\"DESCRIÇÃO\",IF(AND($C18=\"S\",ORÇAMENTO.Unidade=\"\"),\"UNIDADE\",IF($X18<0,\"VALOR NEGATIVO\",IF(OR(AND(TIPOORCAMENTO=\"Proposto\",$AG18<>\"\",$AG18>0,ORÇAMENTO.CustoUnitario>$AG18),AND(TIPOORCAMENTO=\"LICITADO\",ORÇAMENTO.PrecoUnitarioLicitado>$AN18)),\"ACIMA REF.\",\"\")))))","v":""},{"$f":"IF(C18<=CRONO.NivelExibicao,MAX($AD$15:OFFSET(AD18,-1,0))+IF($C18<>1,1,MAX(1,COUNTIF(QCI!$A$13:$A$24,OFFSET($E18,-1,0)))),\"\")","v":""},{"$f":"IF(AND($C18=\"S\",ORÇAMENTO.CodBarra<>\"\"),IF(ORÇAMENTO.Fonte=\"\",ORÇAMENTO.CodBarra,CONCATENATE(ORÇAMENTO.Fonte,\" \",ORÇAMENTO.CodBarra)))","v":"SINAPI 99059"},{"$f":"IF(ISERROR(INDIRECT(ORÇAMENTO.BancoRef)),\"(abra o arquivo 'Referência \"&Excel_BuiltIn_Database&\".xlsm)\",IF(OR($C18<>\"S\",ORÇAMENTO.CodBarra=\"\"),\"(Sem Código)\",IF(ISERROR(MATCH($AE18,INDIRECT(ORÇAMENTO.BancoRef),0)),\"(Código não identificado nas referências)\",MATCH($AE18,INDIRECT(ORÇAMENTO.BancoRef),0))))","v":7117},{"$f":"ROUND(IF(DESONERACAO=\"sim\",REFERENCIA.Desonerado,REFERENCIA.NaoDesonerado),2)","v":72.53},0.2082,null,143.06,null,null,12536.35,87.63]
["S",2,"S",0,{"$f":"IF($C19=1,OFFSET(E19,-1,0)+MAX(1,COUNTIF(QCI!$A$13:$A$24,OFFSET(ORÇAMENTO!E19,-1,0))),OFFSET(E19,-1,0))","v":1},1,0,0,2,0,{"$f":"IF(OR($C19=\"S\",$C19=0),0,MATCH(OFFSET($D19,0,$C19)+IF($C19<>1,1,COUNTIF(QCI!$A$13:$A$24,ORÇAMENTO!E19)),OFFSET($D19,1,$C19,ROW($C$404)-ROW($C19)),0))","v":0},"F","Serviço","Serviço","1.1.0.0.2.","SINAPI","103689",{"$f":"IF($C19=\"S\",REFERENCIA.Descricao,\"(digite a descrição aqui)\")","v":"FORNECIMENTO E INSTALAÇÃO DE PLACA DE OBRA COM CHAPA GALVANIZADA E ESTRUTURA DE MADEIRA. AF_03/2022_PS"},{"$f":"REFERENCIA.Unidade","v":"M2"},{"$f":"OFFSET(CÁLCULO!H$15,ROW($T19)-ROW(T$15),0)","v":3.75},{"$f":"AG19","v":317.38},"BDI 1",{"$f":"IF($C19=\"S\",ROUND(IF(TIPOORCAMENTO=\"Proposto\",ORÇAMENTO.CustoUnitario*(1+$AH19),ORÇAMENTO.PrecoUnitarioLicitado),15-13*$AF$10),0)","v":383.46},{"$f":"IF($C19=\"S\",IF(Import.TipoArredondamento<>\"TransfereGOV\",VTOTAL1,SUM(OFFSET(CÁLCULO!$AA$15,ROW($X19)-ROW($X$15),1):OFFSET(CÁLCULO!$AL$15,ROW($X19)-ROW($X$15),-1))),IF($C19=0,0,ROUND(SomaAgrup,15-13*$AF$11)))","v":1437.98},"RA","RA",{"$f":"IF($C19=\"S\",IF($Z19=\"CP\",$X19,IF($Z19=\"RA\",(($X19)*QCI!$AA$3),0)),SomaAgrup)","v":385.77289223474691},0,{"$f":"IF($N19=\"\",\"\",IF(ORÇAMENTO.Descricao=\"\",\"DESCRIÇÃO\",IF(AND($C19=\"S\",ORÇAMENTO.Unidade=\"\"),\"UNIDADE\",IF($X19<0,\"VALOR NEGATIVO\",IF(OR(AND(TIPOORCAMENTO=\"Proposto\",$AG19<>\"\",$AG19>0,ORÇAMENTO.CustoUnitario>$AG19),AND(TIPOORCAMENTO=\"LICITADO\",ORÇAMENTO.PrecoUnitarioLicitado>$AN19)),\"ACIMA REF.\",\"\")))))","v":""},{"$f":"IF(C19<=CRONO.NivelExibicao,MAX($AD$15:OFFSET(AD19,-1,0))+IF($C19<>1,1,MAX(1,COUNTIF(QCI!$A$13:$A$24,OFFSET($E19,-1,0)))),\"\")","v":""},{"$f":"IF(AND($C19=\"S\",ORÇAMENTO.CodBarra<>\"\"),IF(ORÇAMENTO.Fonte=\"\",ORÇAMENTO.CodBarra,CONCATENATE(ORÇAMENTO.Fonte,\" \",ORÇAMENTO.CodBarra)))","v":"SINAPI 103689"},{"$f":"IF(ISERROR(INDIRECT(ORÇAMENTO.BancoRef)),\"(abra o arquivo 'Referência \"&Excel_BuiltIn_Database&\".xlsm)\",IF(OR($C19<>\"S\",ORÇAMENTO.CodBarra=\"\"),\"(Sem Código)\",IF(ISERROR(MATCH($AE19,INDIRECT(ORÇAMENTO.BancoRef),0)),\"(Código não identificado nas referências)\",MATCH($AE19,INDIRECT(ORÇAMENTO.BancoRef),0))))","v":6190},{"$f":"ROUND(IF(DESONERACAO=\"sim\",REFERENCIA.Desonerado,REFERENCIA.NaoDesonerado),2)","v":317.38},0.2082,null,{"$f":"2.5*1.5","v":3.75},null,null,1437.98,383.46]
["S",2,"S",0,{"$f":"IF($C20=1,OFFSET(E20,-1,0)+MAX(1,COUNTIF(QCI!$A$13:$A$24,OFFSET(ORÇAMENTO!E20,-1,0))),OFFSET(E20,-1,0))","v":1},1,0,0,3,0,{"$f":"IF(OR($C20=\"S\",$C20=0),0,MATCH(OFFSET($D20,0,$C20)+IF($C20<>1,1,COUNTIF(QCI!$A$13:$A$24,ORÇAMENTO!E20)),OFFSET($D20,1,$C20,ROW($C$404)-ROW($C20)),0))","v":0},"F","Serviço","Serviço","1.1.0.0.3.","SINAPI","97622",{"$f":"IF($C20=\"S\",REFERENCIA.Descricao,\"(digite a descrição aqui)\")","v":"DEMOLIÇÃO DE ALVENARIA DE BLOCO FURADO, DE FORMA MANUAL, SEM REAPROVEITAMENTO. AF_09/2023"},{"$f":"REFERENCIA.Unidade","v":"M3"},{"$f":"OFFSET(CÁLCULO!H$15,ROW($T20)-ROW(T$15),0)","v":8.4700000000000006},71.349999999999994,"BDI 1",{"$f":"IF($C20=\"S\",ROUND(IF(TIPOORCAMENTO=\"Proposto\",ORÇAMENTO.CustoUnitario*(1+$AH20),ORÇAMENTO.PrecoUnitarioLicitado),15-13*$AF$10),0)","v":86.21},{"$f":"IF($C20=\"S\",IF(Import.TipoArredondamento<>\"TransfereGOV\",VTOTAL1,SUM(OFFSET(CÁLCULO!$AA$15,ROW($X20)-ROW($X$15),1):OFFSET(CÁLCULO!$AL$15,ROW($X20)-ROW($X$15),-1))),IF($C20=0,0,ROUND(SomaAgrup,15-13*$AF$11)))","v":730.2},"RA","RA",{"$f":"IF($C20=\"S\",IF($Z20=\"CP\",$X20,IF($Z20=\"RA\",(($X20)*QCI!$AA$3),0)),SomaAgrup)","v":195.89379957288156},0,{"$f":"IF($N20=\"\",\"\",IF(ORÇAMENTO.Descricao=\"\",\"DESCRIÇÃO\",IF(AND($C20=\"S\",ORÇAMENTO.Unidade=\"\"),\"UNIDADE\",IF($X20<0,\"VALOR NEGATIVO\",IF(OR(AND(TIPOORCAMENTO=\"Proposto\",$AG20<>\"\",$AG20>0,ORÇAMENTO.CustoUnitario>$AG20),AND(TIPOORCAMENTO=\"LICITADO\",ORÇAMENTO.PrecoUnitarioLicitado>$AN20)),\"ACIMA REF.\",\"\")))))","v":""},{"$f":"IF(C20<=CRONO.NivelExibicao,MAX($AD$15:OFFSET(AD20,-1,0))+IF($C20<>1,1,MAX(1,COUNTIF(QCI!$A$13:$A$24,OFFSET($E20,-1,0)))),\"\")","v":""},{"$f":"IF(AND($C20=\"S\",ORÇAMENTO.CodBarra<>\"\"),IF(ORÇAMENTO.Fonte=\"\",ORÇAMENTO.CodBarra,CONCATENATE(ORÇAMENTO.Fonte,\" \",ORÇAMENTO.CodBarra)))","v":"SINAPI 97622"},{"$f":"IF(ISERROR(INDIRECT(ORÇAMENTO.BancoRef)),\"(abra o arquivo 'Referência \"&Excel_BuiltIn_Database&\".xlsm)\",IF(OR($C20<>\"S\",ORÇAMENTO.CodBarra=\"\"),\"(Sem Código)\",IF(ISERROR(MATCH($AE20,INDIRECT(ORÇAMENTO.BancoRef),0)),\"(Código não identificado nas referências)\",MATCH($AE20,INDIRECT(ORÇAMENTO.BancoRef),0))))","v":7058},{"$f":"ROUND(IF(DESONERACAO=\"sim\",REFERENCIA.Desonerado,REFERENCIA.NaoDesonerado),2)","v":71.349999999999994},0.2082,null,8.4700000000000006,null,null,730.2,86.21]
["S",2,"S",0,{"$f":"IF($C21=1,OFFSET(E21,-1,0)+MAX(1,COUNTIF(QCI!$A$13:$A$24,OFFSET(ORÇAMENTO!E21,-1,0))),OFFSET(E21,-1,0))","v":1},1,0,0,4,0,{"$f":"IF(OR($C21=\"S\",$C21=0),0,MATCH(OFFSET($D21,0,$C21)+IF($C21<>1,1,COUNTIF(QCI!$A$13:$A$24,ORÇAMENTO!E21)),OFFSET($D21,1,$C21,ROW($C$404)-ROW($C21)),0))","v":0},"F","Serviço","Serviço","1.1.0.0.4.","SINAPI","97645",{"$f":"IF($C21=\"S\",REFERENCIA.Descricao,\"(digite a descrição aqui)\")","v":"REMOÇÃO DE JANELAS, DE FORMA MANUAL, SEM REAPROVEITAMENTO. AF_09/2023"},{"$f":"REFERENCIA.Unidade","v":"M2"},{"$f":"OFFSET(CÁLCULO!H$15,ROW($T21)-ROW(T$15),0)","v":7.14},31.08,"BDI 1",{"$f":"IF($C21=\"S\",ROUND(IF(TIPOORCAMENTO=\"Proposto\",ORÇAMENTO.CustoUnitario*(1+$AH21),ORÇAMENTO.PrecoUnitarioLicitado),15-13*$AF$10),0)","v":37.549999999999997},{"$f":"IF($C21=\"S\",IF(Import.TipoArredondamento<>\"TransfereGOV\",VTOTAL1,SUM(OFFSET(CÁLCULO!$AA$15,ROW($X21)-ROW($X$15),1):OFFSET(CÁLCULO!$AL$15,ROW($X21)-ROW($X$15),-1))),IF($C21=0,0,ROUND(SomaAgrup,15-13*$AF$11)))","v":268.11},"RA","RA",{"$f":"IF($C21=\"S\",IF($Z21=\"CP\",$X21,IF($Z21=\"RA\",(($X21)*QCI!$AA$3),0)),SomaAgrup)","v":71.926987953280303},0,{"$f":"IF($N21=\"\",\"\",IF(ORÇAMENTO.Descricao=\"\",\"DESCRIÇÃO\",IF(AND($C21=\"S\",ORÇAMENTO.Unidade=\"\"),\"UNIDADE\",IF($X21<0,\"VALOR NEGATIVO\",IF(OR(AND(TIPOORCAMENTO=\"Proposto\",$AG21<>\"\",$AG21>0,ORÇAMENTO.CustoUnitario>$AG21),AND(TIPOORCAMENTO=\"LICITADO\",ORÇAMENTO.PrecoUnitarioLicitado>$AN21)),\"ACIMA REF.\",\"\")))))","v":""},{"$f":"IF(C21<=CRONO.NivelExibicao,MAX($AD$15:OFFSET(AD21,-1,0))+IF($C21<>1,1,MAX(1,COUNTIF(QCI!$A$13:$A$24,OFFSET($E21,-1,0)))),\"\")","v":""},{"$f":"IF(AND($C21=\"S\",ORÇAMENTO.CodBarra<>\"\"),IF(ORÇAMENTO.Fonte=\"\",ORÇAMENTO.CodBarra,CONCATENATE(ORÇAMENTO.Fonte,\" \",ORÇAMENTO.CodBarra)))","v":"SINAPI 97645"},{"$f":"IF(ISERROR(INDIRECT(ORÇAMENTO.BancoRef)),\"(abra o arquivo 'Referência \"&Excel_BuiltIn_Database&\".xlsm)\",IF(OR($C21<>\"S\",ORÇAMENTO.CodBarra=\"\"),\"(Sem Código)\",IF(ISERROR(MATCH($AE21,INDIRECT(ORÇAMENTO.BancoRef),0)),\"(Código não identificado nas referências)\",MATCH($AE21,INDIRECT(ORÇAMENTO.BancoRef),0))))","v":7080},{"$f":"ROUND(IF(DESONERACAO=\"sim\",REFERENCIA.Desonerado,REFERENCIA.NaoDesonerado),2)","v":31.08},0.2082,null,7.14,null,null,268.11,37.549999999999997]
["S",2,"S",0,{"$f":"IF($C22=1,OFFSET(E22,-1,0)+MAX(1,COUNTIF(QCI!$A$13:$A$24,OFFSET(ORÇAMENTO!E22,-1,0))),OFFSET(E22,-1,0))","v":1},1,0,0,5,0,{"$f":"IF(OR($C22=\"S\",$C22=0),0,MATCH(OFFSET($D22,0,$C22)+IF($C22<>1,1,COUNTIF(QCI!$A$13:$A$24,ORÇAMENTO!E22)),OFFSET($D22,1,$C22,ROW($C$404)-ROW($C22)),0))","v":0},"F","Serviço","Serviço","1.1.0.0.5.","SINAPI","97644",{"$f":"IF($C22=\"S\",REFERENCIA.Descricao,\"(digite a descrição aqui)\")","v":"REMOÇÃO DE PORTAS, DE FORMA MANUAL, SEM REAPROVEITAMENTO. AF_09/2023"},{"$f":"REFERENCIA.Unidade","v":"M2"},{"$f":"OFFSET(CÁLCULO!H$15,ROW($T22)-ROW(T$15),0)","v":11.34},12.04,"BDI 1",{"$f":"IF($C22=\"S\",ROUND(IF(TIPOORCAMENTO=\"Proposto\",ORÇAMENTO.CustoUnitario*(1+$AH22),ORÇAMENTO.PrecoUnitarioLicitado),15-13*$AF$10),0)","v":14.55},{"$f":"IF($C22=\"S\",IF(Import.TipoArredondamento<>\"TransfereGOV\",VTOTAL1,SUM(OFFSET(CÁLCULO!$AA$15,ROW($X22)-ROW($X$15),1):OFFSET(CÁLCULO!$AL$15,ROW($X22)-ROW($X$15),-1))),IF($C22=0,0,ROUND(SomaAgrup,15-13*$AF$11)))","v":165},"RA","RA",{"$f":"IF($C22=\"S\",IF($Z22=\"CP\",$X22,IF($Z22=\"RA\",(($X22)*QCI!$AA$3),0)),SomaAgrup)","v":44.265238194365182},0,{"$f":"IF($N22=\"\",\"\",IF(ORÇAMENTO.Descricao=\"\",\"DESCRIÇÃO\",IF(AND($C22=\"S\",ORÇAMENTO.Unidade=\"\"),\"UNIDADE\",IF($X22<0,\"VALOR NEGATIVO\",IF(OR(AND(TIPOORCAMENTO=\"Proposto\",$AG22<>\"\",$AG22>0,ORÇAMENTO.CustoUnitario>$AG22),AND(TIPOORCAMENTO=\"LICITADO\",ORÇAMENTO.PrecoUnitarioLicitado>$AN22)),\"ACIMA REF.\",\"\")))))","v":""},{"$f":"IF(C22<=CRONO.NivelExibicao,MAX($AD$15:OFFSET(AD22,-1,0))+IF($C22<>1,1,MAX(1,COUNTIF(QCI!$A$13:$A$24,OFFSET($E22,-1,0)))),\"\")","v":""},{"$f":"IF(AND($C22=\"S\",ORÇAMENTO.CodBarra<>\"\"),IF(ORÇAMENTO.Fonte=\"\",ORÇAMENTO.CodBarra,CONCATENATE(ORÇAMENTO.Fonte,\" \",ORÇAMENTO.CodBarra)))","v":"SINAPI 97644"},{"$f":"IF(ISERROR(INDIRECT(ORÇAMENTO.BancoRef)),\"(abra o arquivo 'Referência \"&Excel_BuiltIn_Database&\".xlsm)\",IF(OR($C22<>\"S\",ORÇAMENTO.CodBarra=\"\"),\"(Sem Código)\",IF(ISERROR(MATCH($AE22,INDIRECT(ORÇAMENTO.BancoRef),0)),\"(Código não identificado nas referências)\",MATCH($AE22,INDIRECT(ORÇAMENTO.BancoRef),0))))","v":7079},{"$f":"ROUND(IF(DESONERACAO=\"sim\",REFERENCIA.Desonerado,REFERENCIA.NaoDesonerado),2)","v":12.04},0.2082,null,11.34,null,null,165,14.55]
["S",2,"S",0,{"$f":"IF($C23=1,OFFSET(E23,-1,0)+MAX(1,COUNTIF(QCI!$A$13:$A$24,OFFSET(ORÇAMENTO!E23,-1,0))),OFFSET(E23,-1,0))","v":1},1,0,0,6,0,{"$f":"IF(OR($C23=\"S\",$C23=0),0,MATCH(OFFSET($D23,0,$C23)+IF($C23<>1,1,COUNTIF(QCI!$A$13:$A$24,ORÇAMENTO!E23)),OFFSET($D23,1,$C23,ROW($C$404)-ROW($C23)),0))","v":0},"F","Serviço","Serviço","1.1.0.0.6.","SINAPI","97663",{"$f":"IF($C23=\"S\",REFERENCIA.Descricao,\"(digite a descrição aqui)\")","v":"REMOÇÃO DE LOUÇAS, DE FORMA MANUAL, SEM REAPROVEITAMENTO. AF_09/2023"},{"$f":"REFERENCIA.Unidade","v":"UN"},{"$f":"OFFSET(CÁLCULO!H$15,ROW($T23)-ROW(T$15),0)","v":14},15.92,"BDI 1",{"$f":"IF($C23=\"S\",ROUND(IF(TIPOORCAMENTO=\"Proposto\",ORÇAMENTO.CustoUnitario*(1+$AH23),ORÇAMENTO.PrecoUnitarioLicitado),15-13*$AF$10),0)","v":19.23},{"$f":"IF($C23=\"S\",IF(Import.TipoArredondamento<>\"TransfereGOV\",VTOTAL1,SUM(OFFSET(CÁLCULO!$AA$15,ROW($X23)-ROW($X$15),1):OFFSET(CÁLCULO!$AL$15,ROW($X23)-ROW($X$15),-1))),IF($C23=0,0,ROUND(SomaAgrup,15-13*$AF$11)))","v":269.22000000000003},"RA","RA",{"$f":"IF($C23=\"S\",IF($Z23=\"CP\",$X23,IF($Z23=\"RA\",(($X23)*QCI!$AA$3),0)),SomaAgrup)","v":72.224772282951491},0,{"$f":"IF($N23=\"\",\"\",IF(ORÇAMENTO.Descricao=\"\",\"DESCRIÇÃO\",IF(AND($C23=\"S\",ORÇAMENTO.Unidade=\"\"),\"UNIDADE\",IF($X23<0,\"VALOR NEGATIVO\",IF(OR(AND(TIPOORCAMENTO=\"Proposto\",$AG23<>\"\",$AG23>0,ORÇAMENTO.CustoUnitario>$AG23),AND(TIPOORCAMENTO=\"LICITADO\",ORÇAMENTO.PrecoUnitarioLicitado>$AN23)),\"ACIMA REF.\",\"\")))))","v":""},{"$f":"IF(C23<=CRONO.NivelExibicao,MAX($AD$15:OFFSET(AD23,-1,0))+IF($C23<>1,1,MAX(1,COUNTIF(QCI!$A$13:$A$24,OFFSET($E23,-1,0)))),\"\")","v":""},{"$f":"IF(AND($C23=\"S\",ORÇAMENTO.CodBarra<>\"\"),IF(ORÇAMENTO.Fonte=\"\",ORÇAMENTO.CodBarra,CONCATENATE(ORÇAMENTO.Fonte,\" \",ORÇAMENTO.CodBarra)))","v":"SINAPI 97663"},{"$f":"IF(ISERROR(INDIRECT(ORÇAMENTO.BancoRef)),\"(abra o arquivo 'Referência \"&Excel_BuiltIn_Database&\".xlsm)\",IF(OR($C23<>\"S\",ORÇAMENTO.CodBarra=\"\"),\"(Sem Código)\",IF(ISERROR(MATCH($AE23,INDIRECT(ORÇAMENTO.BancoRef),0)),\"(Código não identificado nas referências)\",MATCH($AE23,INDIRECT(ORÇAMENTO.BancoRef),0))))","v":7097},{"$f":"ROUND(IF(DESONERACAO=\"sim\",REFERENCIA.Desonerado,REFERENCIA.NaoDesonerado),2)","v":15.92},0.2082,null,14,null,null,269.22000000000003,19.23]
["S",2,"S",0,{"$f":"IF($C24=1,OFFSET(E24,-1,0)+MAX(1,COUNTIF(QCI!$A$13:$A$24,OFFSET(ORÇAMENTO!E24,-1,0))),OFFSET(E24,-1,0))","v":1},1,0,0,7,0,{"$f":"IF(OR($C24=\"S\",$C24=0),0,MATCH(OFFSET($D24,0,$C24)+IF($C24<>1,1,COUNTIF(QCI!$A$13:$A$24,ORÇAMENTO!E24)),OFFSET($D24,1,$C24,ROW($C$404)-ROW($C24)),0))","v":0},"F","Serviço","Serviço","1.1.0.0.7.","SINAPI","97662",{"$f":"IF($C24=\"S\",REFERENCIA.Descricao,\"(digite a descrição aqui)\")","v":"REMOÇÃO DE TUBULAÇÕES (TUBOS E CONEXÕES) DE ÁGUA FRIA, DE FORMA MANUAL, SEM REAPROVEITAMENTO. AF_09/2023"},{"$f":"REFERENCIA.Unidade","v":"M"},{"$f":"OFFSET(CÁLCULO!H$15,ROW($T24)-ROW(T$15),0)","v":130},0.64,"BDI 1",{"$f":"IF($C24=\"S\",ROUND(IF(TIPOORCAMENTO=\"Proposto\",ORÇAMENTO.CustoUnitario*(1+$AH24),ORÇAMENTO.PrecoUnitarioLicitado),15-13*$AF$10),0)","v":0.77},{"$f":"IF($C24=\"S\",IF(Import.TipoArredondamento<>\"TransfereGOV\",VTOTAL1,SUM(OFFSET(CÁLCULO!$AA$15,ROW($X24)-ROW($X$15),1):OFFSET(CÁLCULO!$AL$15,ROW($X24)-ROW($X$15),-1))),IF($C24=0,0,ROUND(SomaAgrup,15-13*$AF$11)))","v":100.1},"RA","RA",{"$f":"IF($C24=\"S\",IF($Z24=\"CP\",$X24,IF($Z24=\"RA\",(($X24)*QCI!$AA$3),0)),SomaAgrup)","v":26.854244504581541},0,{"$f":"IF($N24=\"\",\"\",IF(ORÇAMENTO.Descricao=\"\",\"DESCRIÇÃO\",IF(AND($C24=\"S\",ORÇAMENTO.Unidade=\"\"),\"UNIDADE\",IF($X24<0,\"VALOR NEGATIVO\",IF(OR(AND(TIPOORCAMENTO=\"Proposto\",$AG24<>\"\",$AG24>0,ORÇAMENTO.CustoUnitario>$AG24),AND(TIPOORCAMENTO=\"LICITADO\",ORÇAMENTO.PrecoUnitarioLicitado>$AN24)),\"ACIMA REF.\",\"\")))))","v":""},{"$f":"IF(C24<=CRONO.NivelExibicao,MAX($AD$15:OFFSET(AD24,-1,0))+IF($C24<>1,1,MAX(1,COUNTIF(QCI!$A$13:$A$24,OFFSET($E24,-1,0)))),\"\")","v":""},{"$f":"IF(AND($C24=\"S\",ORÇAMENTO.CodBarra<>\"\"),IF(ORÇAMENTO.Fonte=\"\",ORÇAMENTO.CodBarra,CONCATENATE(ORÇAMENTO.Fonte,\" \",ORÇAMENTO.CodBarra)))","v":"SINAPI 97662"},{"$f":"IF(ISERROR(INDIRECT(ORÇAMENTO.BancoRef)),\"(abra o arquivo 'Referência \"&Excel_BuiltIn_Database&\".xlsm)\",IF(OR($C24<>\"S\",ORÇAMENTO.CodBarra=\"\"),\"(Sem Código)\",IF(ISERROR(MATCH($AE24,INDIRECT(ORÇAMENTO.BancoRef),0)),\"(Código não identificado nas referências)\",MATCH($AE24,INDIRECT(ORÇAMENTO.BancoRef),0))))","v":7096},{"$f":"ROUND(IF(DESONERACAO=\"sim\",REFERENCIA.Desonerado,REFERENCIA.NaoDesonerado),2)","v":0.64},0.2082,null,130,null,null,100.1,0.77]
["S",2,"S",0,{"$f":"IF($C25=1,OFFSET(E25,-1,0)+MAX(1,COUNTIF(QCI!$A$13:$A$24,OFFSET(ORÇAMENTO!E25,-1,0))),OFFSET(E25,-1,0))","v":1},1,0,0,8,0,{"$f":"IF(OR($C25=\"S\",$C25=0),0,MATCH(OFFSET($D25,0,$C25)+IF($C25<>1,1,COUNTIF(QCI!$A$13:$A$24,ORÇAMENTO!E25)),OFFSET($D25,1,$C25,ROW($C$404)-ROW($C25)),0))","v":0},"F","Serviço","Serviço","1.1.0.0.8.","SINAPI","97633",{"$f":"IF($C25=\"S\",REFERENCIA.Descricao,\"(digite a descrição aqui)\")","v":"DEMOLIÇÃO DE REVESTIMENTO CERÂMICO, DE FORMA MANUAL, SEM REAPROVEITAMENTO. AF_09/2023"},{"$f":"REFERENCIA.Unidade","v":"M2"},{"$f":"OFFSET(CÁLCULO!H$15,ROW($T25)-ROW(T$15),0)","v":1060.83},28.76,"BDI 1",{"$f":"IF($C25=\"S\",ROUND(IF(TIPOORCAMENTO=\"Proposto\",ORÇAMENTO.CustoUnitario*(1+$AH25),ORÇAMENTO.PrecoUnitarioLicitado),15-13*$AF$10),0)","v":34.75},{"$f":"IF($C25=\"S\",IF(Import.TipoArredondamento<>\"TransfereGOV\",VTOTAL1,SUM(OFFSET(CÁLCULO!$AA$15,ROW($X25)-ROW($X$15),1):OFFSET(CÁLCULO!$AL$15,ROW($X25)-ROW($X$15),-1))),IF($C25=0,0,ROUND(SomaAgrup,15-13*$AF$11)))","v":36863.839999999997},"RA","RA",{"$f":"IF($C25=\"S\",IF($Z25=\"CP\",$X25,IF($Z25=\"RA\",(($X25)*QCI!$AA$3),0)),SomaAgrup)","v":9889.6161112664649},0,{"$f":"IF($N25=\"\",\"\",IF(ORÇAMENTO.Descricao=\"\",\"DESCRIÇÃO\",IF(AND($C25=\"S\",ORÇAMENTO.Unidade=\"\"),\"UNIDADE\",IF($X25<0,\"VALOR NEGATIVO\",IF(OR(AND(TIPOORCAMENTO=\"Proposto\",$AG25<>\"\",$AG25>0,ORÇAMENTO.CustoUnitario>$AG25),AND(TIPOORCAMENTO=\"LICITADO\",ORÇAMENTO.PrecoUnitarioLicitado>$AN25)),\"ACIMA REF.\",\"\")))))","v":""},{"$f":"IF(C25<=CRONO.NivelExibicao,MAX($AD$15:OFFSET(AD25,-1,0))+IF($C25<>1,1,MAX(1,COUNTIF(QCI!$A$13:$A$24,OFFSET($E25,-1,0)))),\"\")","v":""},{"$f":"IF(AND($C25=\"S\",ORÇAMENTO.CodBarra<>\"\"),IF(ORÇAMENTO.Fonte=\"\",ORÇAMENTO.CodBarra,CONCATENATE(ORÇAMENTO.Fonte,\" \",ORÇAMENTO.CodBarra)))","v":"SINAPI 97633"},{"$f":"IF(ISERROR(INDIRECT(ORÇAMENTO.BancoRef)),\"(abra o arquivo 'Referência \"&Excel_BuiltIn_Database&\".xlsm)\",IF(OR($C25<>\"S\",ORÇAMENTO.CodBarra=\"\"),\"(Sem Código)\",IF(ISERROR(MATCH($AE25,INDIRECT(ORÇAMENTO.BancoRef),0)),\"(Código não identificado nas referências)\",MATCH($AE25,INDIRECT(ORÇAMENTO.BancoRef),0))))","v":7068},{"$f":"ROUND(IF(DESONERACAO=\"sim\",REFERENCIA.Desonerado,REFERENCIA.NaoDesonerado),2)","v":28.76},0.2082,null,1060.83,null,null,36863.839999999997,34.75]
["S",2,"S",0,{"$f":"IF($C26=1,OFFSET(E26,-1,0)+MAX(1,COUNTIF(QCI!$A$13:$A$24,OFFSET(ORÇAMENTO!E26,-1,0))),OFFSET(E26,-1,0))","v":1},1,0,0,9,0,{"$f":"IF(OR($C26=\"S\",$C26=0),0,MATCH(OFFSET($D26,0,$C26)+IF($C26<>1,1,COUNTIF(QCI!$A$13:$A$24,ORÇAMENTO!E26)),OFFSET($D26,1,$C26,ROW($C$404)-ROW($C26)),0))","v":0},"F","Serviço","Serviço","1.1.0.0.9.","SINAPI","97632",{"$f":"IF($C26=\"S\",REFERENCIA.Descricao,\"(digite a descrição aqui)\")","v":"DEMOLIÇÃO DE RODAPÉ CERÂMICO, DE FORMA MANUAL, SEM REAPROVEITAMENTO. AF_09/2023"},{"$f":"REFERENCIA.Unidade","v":"M"},{"$f":"OFFSET(CÁLCULO!H$15,ROW($T26)-ROW(T$15),0)","v":660.2},3.29,"BDI 1",{"$f":"IF($C26=\"S\",ROUND(IF(TIPOORCAMENTO=\"Proposto\",ORÇAMENTO.CustoUnitario*(1+$AH26),ORÇAMENTO.PrecoUnitarioLicitado),15-13*$AF$10),0)","v":3.97},{"$f":"IF($C26=\"S\",IF(Import.TipoArredondamento<>\"TransfereGOV\",VTOTAL1,SUM(OFFSET(CÁLCULO!$AA$15,ROW($X26)-ROW($X$15),1):OFFSET(CÁLCULO!$AL$15,ROW($X26)-ROW($X$15),-1))),IF($C26=0,0,ROUND(SomaAgrup,15-13*$AF$11)))","v":2620.9899999999998},"RA","RA",{"$f":"IF($C26=\"S\",IF($Z26=\"CP\",$X26,IF($Z26=\"RA\",(($X26)*QCI!$AA$3),0)),SomaAgrup)","v":703.14391912151018},0,{"$f":"IF($N26=\"\",\"\",IF(ORÇAMENTO.Descricao=\"\",\"DESCRIÇÃO\",IF(AND($C26=\"S\",ORÇAMENTO.Unidade=\"\"),\"UNIDADE\",IF($X26<0,\"VALOR NEGATIVO\",IF(OR(AND(TIPOORCAMENTO=\"Proposto\",$AG26<>\"\",$AG26>0,ORÇAMENTO.CustoUnitario>$AG26),AND(TIPOORCAMENTO=\"LICITADO\",ORÇAMENTO.PrecoUnitarioLicitado>$AN26)),\"ACIMA REF.\",\"\")))))","v":""},{"$f":"IF(C26<=CRONO.NivelExibicao,MAX($AD$15:OFFSET(AD26,-1,0))+IF($C26<>1,1,MAX(1,COUNTIF(QCI!$A$13:$A$24,OFFSET($E26,-1,0)))),\"\")","v":""},{"$f":"IF(AND($C26=\"S\",ORÇAMENTO.CodBarra<>\"\"),IF(ORÇAMENTO.Fonte=\"\",ORÇAMENTO.CodBarra,CONCATENATE(ORÇAMENTO.Fonte,\" \",ORÇAMENTO.CodBarra)))","v":"SINAPI 97632"},{"$f":"IF(ISERROR(INDIRECT(ORÇAMENTO.BancoRef)),\"(abra o arquivo 'Referência \"&Excel_BuiltIn_Database&\".xlsm)\",IF(OR($C26<>\"S\",ORÇAMENTO.CodBarra=\"\"),\"(Sem Código)\",IF(ISERROR(MATCH($AE26,INDIRECT(ORÇAMENTO.BancoRef),0)),\"(Código não identificado nas referências)\",MATCH($AE26,INDIRECT(ORÇAMENTO.BancoRef),0))))","v":7067},{"$f":"ROUND(IF(DESONERACAO=\"sim\",REFERENCIA.Desonerado,REFERENCIA.NaoDesonerado),2)","v":3.29},0.2082,null,660.2,null,null,2620.9899999999998,3.97]
["S",2,"S",0,{"$f":"IF($C27=1,OFFSET(E27,-1,0)+MAX(1,COUNTIF(QCI!$A$13:$A$24,OFFSET(ORÇAMENTO!E27,-1,0))),OFFSET(E27,-1,0))","v":1},1,0,0,10,0,{"$f":"IF(OR($C27=\"S\",$C27=0),0,MATCH(OFFSET($D27,0,$C27)+IF($C27<>1,1,COUNTIF(QCI!$A$13:$A$24,ORÇAMENTO!E27)),OFFSET($D27,1,$C27,ROW($C$404)-ROW($C27)),0))","v":0},"F","Serviço","Serviço","1.1.0.0.10.","SINAPI","97647",{"$f":"IF($C27=\"S\",REFERENCIA.Descricao,\"(digite a descrição aqui)\")","v":"REMOÇÃO DE TELHAS DE FIBROCIMENTO METÁLICA E CERÂMICA, DE FORMA MANUAL, SEM REAPROVEITAMENTO. AF_09/2023"},{"$f":"REFERENCIA.Unidade","v":"M2"},{"$f":"OFFSET(CÁLCULO!H$15,ROW($T27)-ROW(T$15),0)","v":87.39},4.4800000000000004,"BDI 1",{"$f":"IF($C27=\"S\",ROUND(IF(TIPOORCAMENTO=\"Proposto\",ORÇAMENTO.CustoUnitario*(1+$AH27),ORÇAMENTO.PrecoUnitarioLicitado),15-13*$AF$10),0)","v":5.41},{"$f":"IF($C27=\"S\",IF(Import.TipoArredondamento<>\"TransfereGOV\",VTOTAL1,SUM(OFFSET(CÁLCULO!$AA$15,ROW($X27)-ROW($X$15),1):OFFSET(CÁLCULO!$AL$15,ROW($X27)-ROW($X$15),-1))),IF($C27=0,0,ROUND(SomaAgrup,15-13*$AF$11)))","v":472.78},"RA","RA",{"$f":"IF($C27=\"S\",IF($Z27=\"CP\",$X27,IF($Z27=\"RA\",(($X27)*QCI!$AA$3),0)),SomaAgrup)","v":126.83466250625436},0,{"$f":"IF($N27=\"\",\"\",IF(ORÇAMENTO.Descricao=\"\",\"DESCRIÇÃO\",IF(AND($C27=\"S\",ORÇAMENTO.Unidade=\"\"),\"UNIDADE\",IF($X27<0,\"VALOR NEGATIVO\",IF(OR(AND(TIPOORCAMENTO=\"Proposto\",$AG27<>\"\",$AG27>0,ORÇAMENTO.CustoUnitario>$AG27),AND(TIPOORCAMENTO=\"LICITADO\",ORÇAMENTO.PrecoUnitarioLicitado>$AN27)),\"ACIMA REF.\",\"\")))))","v":""},{"$f":"IF(C27<=CRONO.NivelExibicao,MAX($AD$15:OFFSET(AD27,-1,0))+IF($C27<>1,1,MAX(1,COUNTIF(QCI!$A$13:$A$24,OFFSET($E27,-1,0)))),\"\")","v":""},{"$f":"IF(AND($C27=\"S\",ORÇAMENTO.CodBarra<>\"\"),IF(ORÇAMENTO.Fonte=\"\",ORÇAMENTO.CodBarra,CONCATENATE(ORÇAMENTO.Fonte,\" \",ORÇAMENTO.CodBarra)))","v":"SINAPI 97647"},{"$f":"IF(ISERROR(INDIRECT(ORÇAMENTO.BancoRef)),\"(abra o arquivo 'Referência \"&Excel_BuiltIn_Database&\".xlsm)\",IF(OR($C27<>\"S\",ORÇAMENTO.CodBarra=\"\"),\"(Sem Código)\",IF(ISERROR(MATCH($AE27,INDIRECT(ORÇAMENTO.BancoRef),0)),\"(Código não identificado nas referências)\",MATCH($AE27,INDIRECT(ORÇAMENTO.BancoRef),0))))","v":7081},{"$f":"ROUND(IF(DESONERACAO=\"sim\",REFERENCIA.Desonerado,REFERENCIA.NaoDesonerado),2)","v":4.4800000000000004},0.2082,null,87.39,null,null,472.78,5.41]
["S",2,"S",0,{"$f":"IF($C28=1,OFFSET(E28,-1,0)+MAX(1,COUNTIF(QCI!$A$13:$A$24,OFFSET(ORÇAMENTO!E28,-1,0))),OFFSET(E28,-1,0))","v":1},1,0,0,11,0,{"$f":"IF(OR($C28=\"S\",$C28=0),0,MATCH(OFFSET($D28,0,$C28)+IF($C28<>1,1,COUNTIF(QCI!$A$13:$A$24,ORÇAMENTO!E28)),OFFSET($D28,1,$C28,ROW($C$404)-ROW($C28)),0))","v":0},"F","Serviço","Serviço","1.1.0.0.11.","SINAPI","97650",{"$f":"IF($C28=\"S\",REFERENCIA.Descricao,\"(digite a descrição aqui)\")","v":"REMOÇÃO DE TRAMA DE MADEIRA PARA COBERTURA, DE FORMA MANUAL, SEM REAPROVEITAMENTO. AF_09/2023"},{"$f":"REFERENCIA.Unidade","v":"M2"},{"$f":"OFFSET(CÁLCULO!H$15,ROW($T28)-ROW(T$15),0)","v":87.39},9.67,"BDI 1",{"$f":"IF($C28=\"S\",ROUND(IF(TIPOORCAMENTO=\"Proposto\",ORÇAMENTO.CustoUnitario*(1+$AH28),ORÇAMENTO.PrecoUnitarioLicitado),15-13*$AF$10),0)","v":11.68},{"$f":"IF($C28=\"S\",IF(Import.TipoArredondamento<>\"TransfereGOV\",VTOTAL1,SUM(OFFSET(CÁLCULO!$AA$15,ROW($X28)-ROW($X$15),1):OFFSET(CÁLCULO!$AL$15,ROW($X28)-ROW($X$15),-1))),IF($C28=0,0,ROUND(SomaAgrup,15-13*$AF$11)))","v":1020.72},"RA","RA",{"$f":"IF($C28=\"S\",IF($Z28=\"CP\",$X28,IF($Z28=\"RA\",(($X28)*QCI!$AA$3),0)),SomaAgrup)","v":273.83281169546927},0,{"$f":"IF($N28=\"\",\"\",IF(ORÇAMENTO.Descricao=\"\",\"DESCRIÇÃO\",IF(AND($C28=\"S\",ORÇAMENTO.Unidade=\"\"),\"UNIDADE\",IF($X28<0,\"VALOR NEGATIVO\",IF(OR(AND(TIPOORCAMENTO=\"Proposto\",$AG28<>\"\",$AG28>0,ORÇAMENTO.CustoUnitario>$AG28),AND(TIPOORCAMENTO=\"LICITADO\",ORÇAMENTO.PrecoUnitarioLicitado>$AN28)),\"ACIMA REF.\",\"\")))))","v":""},{"$f":"IF(C28<=CRONO.NivelExibicao,MAX($AD$15:OFFSET(AD28,-1,0))+IF($C28<>1,1,MAX(1,COUNTIF(QCI!$A$13:$A$24,OFFSET($E28,-1,0)))),\"\")","v":""},{"$f":"IF(AND($C28=\"S\",ORÇAMENTO.CodBarra<>\"\"),IF(ORÇAMENTO.Fonte=\"\",ORÇAMENTO.CodBarra,CONCATENATE(ORÇAMENTO.Fonte,\" \",ORÇAMENTO.CodBarra)))","v":"SINAPI 97650"},{"$f":"IF(ISERROR(INDIRECT(ORÇAMENTO.BancoRef)),\"(abra o arquivo 'Referência \"&Excel_BuiltIn_Database&\".xlsm)\",IF(OR($C28<>\"S\",ORÇAMENTO.CodBarra=\"\"),\"(Sem Código)\",IF(ISERROR(MATCH($AE28,INDIRECT(ORÇAMENTO.BancoRef),0)),\"(Código não identificado nas referências)\",MATCH($AE28,INDIRECT(ORÇAMENTO.BancoRef),0))))","v":7084},{"$f":"ROUND(IF(DESONERACAO=\"sim\",REFERENCIA.Desonerado,REFERENCIA.NaoDesonerado),2)","v":9.67},0.2082,null,87.39,null,null,1020.72,11.68]
["S",2,"S",0,{"$f":"IF($C29=1,OFFSET(E29,-1,0)+MAX(1,COUNTIF(QCI!$A$13:$A$24,OFFSET(ORÇAMENTO!E29,-1,0))),OFFSET(E29,-1,0))","v":1},1,0,0,12,0,{"$f":"IF(OR($C29=\"S\",$C29=0),0,MATCH(OFFSET($D29,0,$C29)+IF($C29<>1,1,COUNTIF(QCI!$A$13:$A$24,ORÇAMENTO!E29)),OFFSET($D29,1,$C29,ROW($C$404)-ROW($C29)),0))","v":0},"F","Serviço","Serviço","1.1.0.0.12.","SINAPI","97635",{"$f":"IF($C29=\"S\",REFERENCIA.Descricao,\"(digite a descrição aqui)\")","v":"REMOÇÃO DE PISO DE BLOCO INTERTRAVADO OU DE PEDRA PORTUGUESA, DE FORMA MANUAL, COM REAPROVEITAMENTO. AF_09/2023"},{"$f":"REFERENCIA.Unidade","v":"M2"},{"$f":"OFFSET(CÁLCULO!H$15,ROW($T29)-ROW(T$15),0)","v":69.52},20.37,"BDI 1",{"$f":"IF($C29=\"S\",ROUND(IF(TIPOORCAMENTO=\"Proposto\",ORÇAMENTO.CustoUnitario*(1+$AH29),ORÇAMENTO.PrecoUnitarioLicitado),15-13*$AF$10),0)","v":24.61},{"$f":"IF($C29=\"S\",IF(Import.TipoArredondamento<>\"TransfereGOV\",VTOTAL1,SUM(OFFSET(CÁLCULO!$AA$15,ROW($X29)-ROW($X$15),1):OFFSET(CÁLCULO!$AL$15,ROW($X29)-ROW($X$15),-1))),IF($C29=0,0,ROUND(SomaAgrup,15-13*$AF$11)))","v":1710.89},"RA","RA",{"$f":"IF($C29=\"S\",IF($Z29=\"CP\",$X29,IF($Z29=\"RA\",(($X29)*QCI!$AA$3),0)),SomaAgrup)","v":458.98759620822693},0,{"$f":"IF($N29=\"\",\"\",IF(ORÇAMENTO.Descricao=\"\",\"DESCRIÇÃO\",IF(AND($C29=\"S\",ORÇAMENTO.Unidade=\"\"),\"UNIDADE\",IF($X29<0,\"VALOR NEGATIVO\",IF(OR(AND(TIPOORCAMENTO=\"Proposto\",$AG29<>\"\",$AG29>0,ORÇAMENTO.CustoUnitario>$AG29),AND(TIPOORCAMENTO=\"LICITADO\",ORÇAMENTO.PrecoUnitarioLicitado>$AN29)),\"ACIMA REF.\",\"\")))))","v":""},{"$f":"IF(C29<=CRONO.NivelExibicao,MAX($AD$15:OFFSET(AD29,-1,0))+IF($C29<>1,1,MAX(1,COUNTIF(QCI!$A$13:$A$24,OFFSET($E29,-1,0)))),\"\")","v":""},{"$f":"IF(AND($C29=\"S\",ORÇAMENTO.CodBarra<>\"\"),IF(ORÇAMENTO.Fonte=\"\",ORÇAMENTO.CodBarra,CONCATENATE(ORÇAMENTO.Fonte,\" \",ORÇAMENTO.CodBarra)))","v":"SINAPI 97635"},{"$f":"IF(ISERROR(INDIRECT(ORÇAMENTO.BancoRef)),\"(abra o arquivo 'Referência \"&Excel_BuiltIn_Database&\".xlsm)\",IF(OR($C29<>\"S\",ORÇAMENTO.CodBarra=\"\"),\"(Sem Código)\",IF(ISERROR(MATCH($AE29,INDIRECT(ORÇAMENTO.BancoRef),0)),\"(Código não identificado nas referências)\",MATCH($AE29,INDIRECT(ORÇAMENTO.BancoRef),0))))","v":7070},{"$f":"ROUND(IF(DESONERACAO=\"sim\",REFERENCIA.Desonerado,REFERENCIA.NaoDesonerado),2)","v":20.37},0.2082,null,69.52,null,null,1710.89,24.61]
["S",2,"S",0,{"$f":"IF($C30=1,OFFSET(E30,-1,0)+MAX(1,COUNTIF(QCI!$A$13:$A$24,OFFSET(ORÇAMENTO!E30,-1,0))),OFFSET(E30,-1,0))","v":1},1,0,0,13,0,{"$f":"IF(OR($C30=\"S\",$C30=0),0,MATCH(OFFSET($D30,0,$C30)+IF($C30<>1,1,COUNTIF(QCI!$A$13:$A$24,ORÇAMENTO!E30)),OFFSET($D30,1,$C30,ROW($C$404)-ROW($C30)),0))","v":0},"F","Serviço","Serviço","1.1.0.0.13.","SINAPI","104790",{"$f":"IF($C30=\"S\",REFERENCIA.Descricao,\"(digite a descrição aqui)\")","v":"DEMOLIÇÃO DE PISO DE CONCRETO SIMPLES, DE FORMA MECANIZADA COM MARTELETE, SEM REAPROVEITAMENTO. AF_09/2023"},{"$f":"REFERENCIA.Unidade","v":"M3"},{"$f":"OFFSET(CÁLCULO!H$15,ROW($T30)-ROW(T$15),0)","v":53.04},125.2,"BDI 1",{"$f":"IF($C30=\"S\",ROUND(IF(TIPOORCAMENTO=\"Proposto\",ORÇAMENTO.CustoUnitario*(1+$AH30),ORÇAMENTO.PrecoUnitarioLicitado),15-13*$AF$10),0)","v":151.27000000000001},{"$f":"IF($C30=\"S\",IF(Import.TipoArredondamento<>\"TransfereGOV\",VTOTAL1,SUM(OFFSET(CÁLCULO!$AA$15,ROW($X30)-ROW($X$15),1):OFFSET(CÁLCULO!$AL$15,ROW($X30)-ROW($X$15),-1))),IF($C30=0,0,ROUND(SomaAgrup,15-13*$AF$11)))","v":8023.36},"RA","RA",{"$f":"IF($C30=\"S\",IF($Z30=\"CP\",$X30,IF($Z30=\"RA\",(($X30)*QCI!$AA$3),0)),SomaAgrup)","v":2152.4602516311625},0,{"$f":"IF($N30=\"\",\"\",IF(ORÇAMENTO.Descricao=\"\",\"DESCRIÇÃO\",IF(AND($C30=\"S\",ORÇAMENTO.Unidade=\"\"),\"UNIDADE\",IF($X30<0,\"VALOR NEGATIVO\",IF(OR(AND(TIPOORCAMENTO=\"Proposto\",$AG30<>\"\",$AG30>0,ORÇAMENTO.CustoUnitario>$AG30),AND(TIPOORCAMENTO=\"LICITADO\",ORÇAMENTO.PrecoUnitarioLicitado>$AN30)),\"ACIMA REF.\",\"\")))))","v":""},{"$f":"IF(C30<=CRONO.NivelExibicao,MAX($AD$15:OFFSET(AD30,-1,0))+IF($C30<>1,1,MAX(1,COUNTIF(QCI!$A$13:$A$24,OFFSET($E30,-1,0)))),\"\")","v":""},{"$f":"IF(AND($C30=\"S\",ORÇAMENTO.CodBarra<>\"\"),IF(ORÇAMENTO.Fonte=\"\",ORÇAMENTO.CodBarra,CONCATENATE(ORÇAMENTO.Fonte,\" \",ORÇAMENTO.CodBarra)))","v":"SINAPI 104790"},{"$f":"IF(ISERROR(INDIRECT(ORÇAMENTO.BancoRef)),\"(abra o arquivo 'Referência \"&Excel_BuiltIn_Database&\".xlsm)\",IF(OR($C30<>\"S\",ORÇAMENTO.CodBarra=\"\"),\"(Sem Código)\",IF(ISERROR(MATCH($AE30,INDIRECT(ORÇAMENTO.BancoRef),0)),\"(Código não identificado nas referências)\",MATCH($AE30,INDIRECT(ORÇAMENTO.BancoRef),0))))","v":7102},{"$f":"ROUND(IF(DESONERACAO=\"sim\",REFERENCIA.Desonerado,REFERENCIA.NaoDesonerado),2)","v":125.2},0.2082,null,53.04,null,null,8023.36,151.27000000000001]
["S",2,"S",0,{"$f":"IF($C31=1,OFFSET(E31,-1,0)+MAX(1,COUNTIF(QCI!$A$13:$A$24,OFFSET(ORÇAMENTO!E31,-1,0))),OFFSET(E31,-1,0))","v":1},1,0,0,14,0,{"$f":"IF(OR($C31=\"S\",$C31=0),0,MATCH(OFFSET($D31,0,$C31)+IF($C31<>1,1,COUNTIF(QCI!$A$13:$A$24,ORÇAMENTO!E31)),OFFSET($D31,1,$C31,ROW($C$404)-ROW($C31)),0))","v":0},"F","Serviço","Serviço","1.1.0.0.14.","SINAPI","104793",{"$f":"IF($C31=\"S\",REFERENCIA.Descricao,\"(digite a descrição aqui)\")","v":"REMOÇÃO DE CABOS ELÉTRICOS, COM SEÇÃO MAIOR QUE 2,5 MM² E MENOR QUE 10 MM², DE FORMA MANUAL, SEM REAPROVEITAMENTO. AF_09/2023"},{"$f":"REFERENCIA.Unidade","v":"M"},{"$f":"OFFSET(CÁLCULO!H$15,ROW($T31)-ROW(T$15),0)","v":250},0.68,"BDI 1",{"$f":"IF($C31=\"S\",ROUND(IF(TIPOORCAMENTO=\"Proposto\",ORÇAMENTO.CustoUnitario*(1+$AH31),ORÇAMENTO.PrecoUnitarioLicitado),15-13*$AF$10),0)","v":0.82},{"$f":"IF($C31=\"S\",IF(Import.TipoArredondamento<>\"TransfereGOV\",VTOTAL1,SUM(OFFSET(CÁLCULO!$AA$15,ROW($X31)-ROW($X$15),1):OFFSET(CÁLCULO!$AL$15,ROW($X31)-ROW($X$15),-1))),IF($C31=0,0,ROUND(SomaAgrup,15-13*$AF$11)))","v":205},"RA","RA",{"$f":"IF($C31=\"S\",IF($Z31=\"CP\",$X31,IF($Z31=\"RA\",(($X31)*QCI!$AA$3),0)),SomaAgrup)","v":54.996205029362798},0,{"$f":"IF($N31=\"\",\"\",IF(ORÇAMENTO.Descricao=\"\",\"DESCRIÇÃO\",IF(AND($C31=\"S\",ORÇAMENTO.Unidade=\"\"),\"UNIDADE\",IF($X31<0,\"VALOR NEGATIVO\",IF(OR(AND(TIPOORCAMENTO=\"Proposto\",$AG31<>\"\",$AG31>0,ORÇAMENTO.CustoUnitario>$AG31),AND(TIPOORCAMENTO=\"LICITADO\",ORÇAMENTO.PrecoUnitarioLicitado>$AN31)),\"ACIMA REF.\",\"\")))))","v":""},{"$f":"IF(C31<=CRONO.NivelExibicao,MAX($AD$15:OFFSET(AD31,-1,0))+IF($C31<>1,1,MAX(1,COUNTIF(QCI!$A$13:$A$24,OFFSET($E31,-1,0)))),\"\")","v":""},{"$f":"IF(AND($C31=\"S\",ORÇAMENTO.CodBarra<>\"\"),IF(ORÇAMENTO.Fonte=\"\",ORÇAMENTO.CodBarra,CONCATENATE(ORÇAMENTO.Fonte,\" \",ORÇAMENTO.CodBarra)))","v":"SINAPI 104793"},{"$f":"IF(ISERROR(INDIRECT(ORÇAMENTO.BancoRef)),\"(abra o arquivo 'Referência \"&Excel_BuiltIn_Database&\".xlsm)\",IF(OR($C31<>\"S\",ORÇAMENTO.CodBarra=\"\"),\"(Sem Código)\",IF(ISERROR(MATCH($AE31,INDIRECT(ORÇAMENTO.BancoRef),0)),\"(Código não identificado nas referências)\",MATCH($AE31,INDIRECT(ORÇAMENTO.BancoRef),0))))","v":7105},{"$f":"ROUND(IF(DESONERACAO=\"sim\",REFERENCIA.Desonerado,REFERENCIA.NaoDesonerado),2)","v":0.68},0.2082,null,250,null,null,205,0.82]
["S",2,"S",0,{"$f":"IF($C32=1,OFFSET(E32,-1,0)+MAX(1,COUNTIF(QCI!$A$13:$A$24,OFFSET(ORÇAMENTO!E32,-1,0))),OFFSET(E32,-1,0))","v":1},1,0,0,15,0,{"$f":"IF(OR($C32=\"S\",$C32=0),0,MATCH(OFFSET($D32,0,$C32)+IF($C32<>1,1,COUNTIF(QCI!$A$13:$A$24,ORÇAMENTO!E32)),OFFSET($D32,1,$C32,ROW($C$404)-ROW($C32)),0))","v":0},"F","Serviço","Serviço","1.1.0.0.15.","SINAPI","97660",{"$f":"IF($C32=\"S\",REFERENCIA.Descricao,\"(digite a descrição aqui)\")","v":"REMOÇÃO DE INTERRUPTORES/TOMADAS ELÉTRICAS, DE FORMA MANUAL, SEM REAPROVEITAMENTO. AF_09/2023"},{"$f":"REFERENCIA.Unidade","v":"UN"},{"$f":"OFFSET(CÁLCULO!H$15,ROW($T32)-ROW(T$15),0)","v":85},0.83,"BDI 1",{"$f":"IF($C32=\"S\",ROUND(IF(TIPOORCAMENTO=\"Proposto\",ORÇAMENTO.CustoUnitario*(1+$AH32),ORÇAMENTO.PrecoUnitarioLicitado),15-13*$AF$10),0)","v":1},{"$f":"IF($C32=\"S\",IF(Import.TipoArredondamento<>\"TransfereGOV\",VTOTAL1,SUM(OFFSET(CÁLCULO!$AA$15,ROW($X32)-ROW($X$15),1):OFFSET(CÁLCULO!$AL$15,ROW($X32)-ROW($X$15),-1))),IF($C32=0,0,ROUND(SomaAgrup,15-13*$AF$11)))","v":85},"RA","RA",{"$f":"IF($C32=\"S\",IF($Z32=\"CP\",$X32,IF($Z32=\"RA\",(($X32)*QCI!$AA$3),0)),SomaAgrup)","v":22.803304524369942},0,{"$f":"IF($N32=\"\",\"\",IF(ORÇAMENTO.Descricao=\"\",\"DESCRIÇÃO\",IF(AND($C32=\"S\",ORÇAMENTO.Unidade=\"\"),\"UNIDADE\",IF($X32<0,\"VALOR NEGATIVO\",IF(OR(AND(TIPOORCAMENTO=\"Proposto\",$AG32<>\"\",$AG32>0,ORÇAMENTO.CustoUnitario>$AG32),AND(TIPOORCAMENTO=\"LICITADO\",ORÇAMENTO.PrecoUnitarioLicitado>$AN32)),\"ACIMA REF.\",\"\")))))","v":""},{"$f":"IF(C32<=CRONO.NivelExibicao,MAX($AD$15:OFFSET(AD32,-1,0))+IF($C32<>1,1,MAX(1,COUNTIF(QCI!$A$13:$A$24,OFFSET($E32,-1,0)))),\"\")","v":""},{"$f":"IF(AND($C32=\"S\",ORÇAMENTO.CodBarra<>\"\"),IF(ORÇAMENTO.Fonte=\"\",ORÇAMENTO.CodBarra,CONCATENATE(ORÇAMENTO.Fonte,\" \",ORÇAMENTO.CodBarra)))","v":"SINAPI 97660"},{"$f":"IF(ISERROR(INDIRECT(ORÇAMENTO.BancoRef)),\"(abra o arquivo 'Referência \"&Excel_BuiltIn_Database&\".xlsm)\",IF(OR($C32<>\"S\",ORÇAMENTO.CodBarra=\"\"),\"(Sem Código)\",IF(ISERROR(MATCH($AE32,INDIRECT(ORÇAMENTO.BancoRef),0)),\"(Código não identificado nas referências)\",MATCH($AE32,INDIRECT(ORÇAMENTO.BancoRef),0))))","v":7094},{"$f":"ROUND(IF(DESONERACAO=\"sim\",REFERENCIA.Desonerado,REFERENCIA.NaoDesonerado),2)","v":0.83},0.2082,null,85,null,null,85,1]
["S",2,"S",0,{"$f":"IF($C33=1,OFFSET(E33,-1,0)+MAX(1,COUNTIF(QCI!$A$13:$A$24,OFFSET(ORÇAMENTO!E33,-1,0))),OFFSET(E33,-1,0))","v":1},1,0,0,16,0,{"$f":"IF(OR($C33=\"S\",$C33=0),0,MATCH(OFFSET($D33,0,$C33)+IF($C33<>1,1,COUNTIF(QCI!$A$13:$A$24,ORÇAMENTO!E33)),OFFSET($D33,1,$C33,ROW($C$404)-ROW($C33)),0))","v":0},"F","Serviço","Serviço","1.1.0.0.16.","SINAPI","97665",{"$f":"IF($C33=\"S\",REFERENCIA.Descricao,\"(digite a descrição aqui)\")","v":"REMOÇÃO DE LUMINÁRIAS, DE FORMA MANUAL, SEM REAPROVEITAMENTO. AF_09/2023"},{"$f":"REFERENCIA.Unidade","v":"UN"},{"$f":"OFFSET(CÁLCULO!H$15,ROW($T33)-ROW(T$15),0)","v":54},2.2799999999999998,"BDI 1",{"$f":"IF($C33=\"S\",ROUND(IF(TIPOORCAMENTO=\"Proposto\",ORÇAMENTO.CustoUnitario*(1+$AH33),ORÇAMENTO.PrecoUnitarioLicitado),15-13*$AF$10),0)","v":2.75},{"$f":"IF($C33=\"S\",IF(Import.TipoArredondamento<>\"TransfereGOV\",VTOTAL1,SUM(OFFSET(CÁLCULO!$AA$15,ROW($X33)-ROW($X$15),1):OFFSET(CÁLCULO!$AL$15,ROW($X33)-ROW($X$15),-1))),IF($C33=0,0,ROUND(SomaAgrup,15-13*$AF$11)))","v":148.5},"RA","RA",{"$f":"IF($C33=\"S\",IF($Z33=\"CP\",$X33,IF($Z33=\"RA\",(($X33)*QCI!$AA$3),0)),SomaAgrup)","v":39.838714374928664},0,{"$f":"IF($N33=\"\",\"\",IF(ORÇAMENTO.Descricao=\"\",\"DESCRIÇÃO\",IF(AND($C33=\"S\",ORÇAMENTO.Unidade=\"\"),\"UNIDADE\",IF($X33<0,\"VALOR NEGATIVO\",IF(OR(AND(TIPOORCAMENTO=\"Proposto\",$AG33<>\"\",$AG33>0,ORÇAMENTO.CustoUnitario>$AG33),AND(TIPOORCAMENTO=\"LICITADO\",ORÇAMENTO.PrecoUnitarioLicitado>$AN33)),\"ACIMA REF.\",\"\")))))","v":""},{"$f":"IF(C33<=CRONO.NivelExibicao,MAX($AD$15:OFFSET(AD33,-1,0))+IF($C33<>1,1,MAX(1,COUNTIF(QCI!$A$13:$A$24,OFFSET($E33,-1,0)))),\"\")","v":""},{"$f":"IF(AND($C33=\"S\",ORÇAMENTO.CodBarra<>\"\"),IF(ORÇAMENTO.Fonte=\"\",ORÇAMENTO.CodBarra,CONCATENATE(ORÇAMENTO.Fonte,\" \",ORÇAMENTO.CodBarra)))","v":"SINAPI 97665"},{"$f":"IF(ISERROR(INDIRECT(ORÇAMENTO.BancoRef)),\"(abra o arquivo 'Referência \"&Excel_BuiltIn_Database&\".xlsm)\",IF(OR($C33<>\"S\",ORÇAMENTO.CodBarra=\"\"),\"(Sem Código)\",IF(ISERROR(MATCH($AE33,INDIRECT(ORÇAMENTO.BancoRef),0)),\"(Código não identificado nas referências)\",MATCH($AE33,INDIRECT(ORÇAMENTO.BancoRef),0))))","v":7099},{"$f":"ROUND(IF(DESONERACAO=\"sim\",REFERENCIA.Desonerado,REFERENCIA.NaoDesonerado),2)","v":2.2799999999999998},0.2082,null,54,null,null,148.5,2.75]
[{"$f":"CHOOSE(1+LOG(1+2*(ORÇAMENTO.Nivel=\"Meta\")+4*(ORÇAMENTO.Nivel=\"Nível 2\")+8*(ORÇAMENTO.Nivel=\"Nível 3\")+16*(ORÇAMENTO.Nivel=\"Nível 4\")+32*(ORÇAMENTO.Nivel=\"Serviço\"),2),0,1,2,3,4,\"S\")","v":"S"},{"$f":"IF(OR(C34=\"s\",C34=0),OFFSET(B34,-1,0),C34)","v":2},{"$f":"IF(OFFSET(C34,-1,0)=\"L\",1,IF(OFFSET(C34,-1,0)=1,2,IF(OR(A34=\"s\",A34=0),\"S\",IF(AND(OFFSET(C34,-1,0)=2,A34=4),3,IF(AND(OR(OFFSET(C34,-1,0)=\"s\",OFFSET(C34,-1,0)=0),A34<>\"s\",A34>OFFSET(B34,-1,0)),OFFSET(B34,-1,0),A34)))))","v":"S"},{"$f":"IF(OR(C34=\"S\",C34=0),0,IF(ISERROR(K34),J34,SMALL(J34:K34,1)))","v":0},{"$f":"IF($C34=1,OFFSET(E34,-1,0)+MAX(1,COUNTIF(QCI!$A$13:$A$24,OFFSET(ORÇAMENTO!E34,-1,0))),OFFSET(E34,-1,0))","v":1},{"$f":"IF($C34=1,0,IF($C34=2,OFFSET(F34,-1,0)+1,OFFSET(F34,-1,0)))","v":1},{"$f":"IF(AND($C34<=2,$C34<>0),0,IF($C34=3,OFFSET(G34,-1,0)+1,OFFSET(G34,-1,0)))","v":0},{"$f":"IF(AND($C34<=3,$C34<>0),0,IF($C34=4,OFFSET(H34,-1,0)+1,OFFSET(H34,-1,0)))","v":0},{"$f":"IF(AND($C34<=4,$C34<>0),0,IF(AND($C34=\"S\",$X34>0),OFFSET(I34,-1,0)+1,OFFSET(I34,-1,0)))","v":17},0,{"$f":"IF(OR($C34=\"S\",$C34=0),0,MATCH(OFFSET($D34,0,$C34)+IF($C34<>1,1,COUNTIF(QCI!$A$13:$A$24,ORÇAMENTO!E34)),OFFSET($D34,1,$C34,ROW($C$404)-ROW($C34)),0))","v":0},{"$f":"IF(OR($X34>0,$C34=1,$C34=2,$C34=3,$C34=4),\"F\",\"\")","v":"F"},"Serviço",{"$f":"CHOOSE(1+LOG(1+2*(C34=1)+4*(C34=2)+8*(C34=3)+16*(C34=4)+32*(C34=\"S\"),2),\"\",\"Meta\",\"Nível 2\",\"Nível 3\",\"Nível 4\",\"Serviço\")","v":"Serviço"},{"$f":"IF(OR($C34=0,$L34=\"\"),\"-\",CONCATENATE(E34&\".\",IF(AND($A$5>=2,$C34>=2),F34&\".\",\"\"),IF(AND($A$5>=3,$C34>=3),G34&\".\",\"\"),IF(AND($A$5>=4,$C34>=4),H34&\".\",\"\"),IF($C34=\"S\",I34&\".\",\"\")))","v":"1.1.0.0.17."},"SINAPI","97663",{"$f":"IF($C34=\"S\",REFERENCIA.Descricao,\"(digite a descrição aqui)\")","v":"REMOÇÃO DE LOUÇAS, DE FORMA MANUAL, SEM REAPROVEITAMENTO. AF_09/2023"},{"$f":"REFERENCIA.Unidade","v":"UN"},{"$f":"OFFSET(CÁLCULO!H$15,ROW($T34)-ROW(T$15),0)","v":25},15.92,"BDI 1",{"$f":"IF($C34=\"S\",ROUND(IF(TIPOORCAMENTO=\"Proposto\",ORÇAMENTO.CustoUnitario*(1+$AH34),ORÇAMENTO.PrecoUnitarioLicitado),15-13*$AF$10),0)","v":19.23},{"$f":"IF($C34=\"S\",IF(Import.TipoArredondamento<>\"TransfereGOV\",VTOTAL1,SUM(OFFSET(CÁLCULO!$AA$15,ROW($X34)-ROW($X$15),1):OFFSET(CÁLCULO!$AL$15,ROW($X34)-ROW($X$15),-1))),IF($C34=0,0,ROUND(SomaAgrup,15-13*$AF$11)))","v":480.75},"RA",{"$f":"IF(AND($C34=\"S\",$X34>0),IF(ISBLANK($Y34),\"RA\",LEFT($Y34,2)),\"\")","v":"RA"},{"$f":"IF($C34=\"S\",IF($Z34=\"CP\",$X34,IF($Z34=\"RA\",(($X34)*QCI!$AA$3),0)),SomaAgrup)","v":128.97280764812763},{"$f":"IF($C34=\"S\",IF($Z34=\"OU\",ROUND($X34,2),0),SomaAgrup)","v":0},{"$f":"IF($N34=\"\",\"\",IF(ORÇAMENTO.Descricao=\"\",\"DESCRIÇÃO\",IF(AND($C34=\"S\",ORÇAMENTO.Unidade=\"\"),\"UNIDADE\",IF($X34<0,\"VALOR NEGATIVO\",IF(OR(AND(TIPOORCAMENTO=\"Proposto\",$AG34<>\"\",$AG34>0,ORÇAMENTO.CustoUnitario>$AG34),AND(TIPOORCAMENTO=\"LICITADO\",ORÇAMENTO.PrecoUnitarioLicitado>$AN34)),\"ACIMA REF.\",\"\")))))","v":""},{"$f":"IF(C34<=CRONO.NivelExibicao,MAX($AD$15:OFFSET(AD34,-1,0))+IF($C34<>1,1,MAX(1,COUNTIF(QCI!$A$13:$A$24,OFFSET($E34,-1,0)))),\"\")","v":""},{"$f":"IF(AND($C34=\"S\",ORÇAMENTO.CodBarra<>\"\"),IF(ORÇAMENTO.Fonte=\"\",ORÇAMENTO.CodBarra,CONCATENATE(ORÇAMENTO.Fonte,\" \",ORÇAMENTO.CodBarra)))","v":"SINAPI 97663"},{"$f":"IF(ISERROR(INDIRECT(ORÇAMENTO.BancoRef)),\"(abra o arquivo 'Referência \"&Excel_BuiltIn_Database&\".xlsm)\",IF(OR($C34<>\"S\",ORÇAMENTO.CodBarra=\"\"),\"(Sem Código)\",IF(ISERROR(MATCH($AE34,INDIRECT(ORÇAMENTO.BancoRef),0)),\"(Código não identificado nas referências)\",MATCH($AE34,INDIRECT(ORÇAMENTO.BancoRef),0))))","v":7097},{"$f":"ROUND(IF(DESONERACAO=\"sim\",REFERENCIA.Desonerado,REFERENCIA.NaoDesonerado),2)","v":15.92},{"$f":"ROUND(IF(ISNUMBER(ORÇAMENTO.OpcaoBDI),ORÇAMENTO.OpcaoBDI,IF(LEFT(ORÇAMENTO.OpcaoBDI,3)=\"BDI\",HLOOKUP(ORÇAMENTO.OpcaoBDI,$F$4:$H$5,2,FALSE),0)),15-11*$AF$9)","v":0.2082},null,25,null,null,480.75,{"$f":"ROUND(ORÇAMENTO.CustoUnitario*(1+$AH34),2)","v":19.23}]
[2,2,2,4,{"$f":"IF($C35=1,OFFSET(E35,-1,0)+MAX(1,COUNTIF(QCI!$A$13:$A$24,OFFSET(ORÇAMENTO!E35,-1,0))),OFFSET(E35,-1,0))","v":1},2,0,0,0,212,{"$f":"IF(OR($C35=\"S\",$C35=0),0,MATCH(OFFSET($D35,0,$C35)+IF($C35<>1,1,COUNTIF(QCI!$A$13:$A$24,ORÇAMENTO!E35)),OFFSET($D35,1,$C35,ROW($C$404)-ROW($C35)),0))","v":4},"F","Nível 2","Nível 2","1.2.","SINAPI",null,"MOVIMENTO DE TERRA",{"$f":"REFERENCIA.Unidade","v":"-"},{"$f":"OFFSET(CÁLCULO!H$15,ROW($T35)-ROW(T$15),0)","v":0},0,"BDI 1",{"$f":"IF($C35=\"S\",ROUND(IF(TIPOORCAMENTO=\"Proposto\",ORÇAMENTO.CustoUnitario*(1+$AH35),ORÇAMENTO.PrecoUnitarioLicitado),15-13*$AF$10),0)","v":0},{"$f":"IF($C35=\"S\",IF(Import.TipoArredondamento<>\"TransfereGOV\",VTOTAL1,SUM(OFFSET(CÁLCULO!$AA$15,ROW($X35)-ROW($X$15),1):OFFSET(CÁLCULO!$AL$15,ROW($X35)-ROW($X$15),-1))),IF($C35=0,0,ROUND(SomaAgrup,15-13*$AF$11)))","v":2184.9499999999998},"RA","",{"$f":"IF($C35=\"S\",IF($Z35=\"CP\",$X35,IF($Z35=\"RA\",(($X35)*QCI!$AA$3),0)),SomaAgrup)","v":586.16564965320129},0,{"$f":"IF($N35=\"\",\"\",IF(ORÇAMENTO.Descricao=\"\",\"DESCRIÇÃO\",IF(AND($C35=\"S\",ORÇAMENTO.Unidade=\"\"),\"UNIDADE\",IF($X35<0,\"VALOR NEGATIVO\",IF(OR(AND(TIPOORCAMENTO=\"Proposto\",$AG35<>\"\",$AG35>0,ORÇAMENTO.CustoUnitario>$AG35),AND(TIPOORCAMENTO=\"LICITADO\",ORÇAMENTO.PrecoUnitarioLicitado>$AN35)),\"ACIMA REF.\",\"\")))))","v":""},{"$f":"IF(C35<=CRONO.NivelExibicao,MAX($AD$15:OFFSET(AD35,-1,0))+IF($C35<>1,1,MAX(1,COUNTIF(QCI!$A$13:$A$24,OFFSET($E35,-1,0)))),\"\")","v":3},{"$f":"IF(AND($C35=\"S\",ORÇAMENTO.CodBarra<>\"\"),IF(ORÇAMENTO.Fonte=\"\",ORÇAMENTO.CodBarra,CONCATENATE(ORÇAMENTO.Fonte,\" \",ORÇAMENTO.CodBarra)))","v":false},{"$f":"IF(ISERROR(INDIRECT(ORÇAMENTO.BancoRef)),\"(abra o arquivo 'Referência \"&Excel_BuiltIn_Database&\".xlsm)\",IF(OR($C35<>\"S\",ORÇAMENTO.CodBarra=\"\"),\"(Sem Código)\",IF(ISERROR(MATCH($AE35,INDIRECT(ORÇAMENTO.BancoRef),0)),\"(Código não identificado nas referências)\",MATCH($AE35,INDIRECT(ORÇAMENTO.BancoRef),0))))","v":"(Sem Código)"},{"$f":"ROUND(IF(DESONERACAO=\"sim\",REFERENCIA.Desonerado,REFERENCIA.NaoDesonerado),2)","v":0},0.2082,null,null,null,null,2184.9499999999998,0]
["S",2,"S",0,{"$f":"IF($C36=1,OFFSET(E36,-1,0)+MAX(1,COUNTIF(QCI!$A$13:$A$24,OFFSET(ORÇAMENTO!E36,-1,0))),OFFSET(E36,-1,0))","v":1},2,0,0,1,0,{"$f":"IF(OR($C36=\"S\",$C36=0),0,MATCH(OFFSET($D36,0,$C36)+IF($C36<>1,1,COUNTIF(QCI!$A$13:$A$24,ORÇAMENTO!E36)),OFFSET($D36,1,$C36,ROW($C$404)-ROW($C36)),0))","v":0},"F","Serviço","Serviço","1.2.0.0.1.","SINAPI","96520",{"$f":"IF($C36=\"S\",REFERENCIA.Descricao,\"(digite a descrição aqui)\")","v":"ESCAVAÇÃO MECANIZADA PARA BLOCO DE COROAMENTO OU SAPATA COM RETROESCAVADEIRA (SEM ESCAVAÇÃO PARA COLOCAÇÃO DE FÔRMAS). AF_01/2024"},{"$f":"REFERENCIA.Unidade","v":"M3"},{"$f":"OFFSET(CÁLCULO!H$15,ROW($T36)-ROW(T$15),0)","v":11.31},105.82,"BDI 1",{"$f":"IF($C36=\"S\",ROUND(IF(TIPOORCAMENTO=\"Proposto\",ORÇAMENTO.CustoUnitario*(1+$AH36),ORÇAMENTO.PrecoUnitarioLicitado),15-13*$AF$10),0)","v":127.85},{"$f":"IF($C36=\"S\",IF(Import.TipoArredondamento<>\"TransfereGOV\",VTOTAL1,SUM(OFFSET(CÁLCULO!$AA$15,ROW($X36)-ROW($X$15),1):OFFSET(CÁLCULO!$AL$15,ROW($X36)-ROW($X$15),-1))),IF($C36=0,0,ROUND(SomaAgrup,15-13*$AF$11)))","v":1445.98},"RA","RA",{"$f":"IF($C36=\"S\",IF($Z36=\"CP\",$X36,IF($Z36=\"RA\",(($X36)*QCI!$AA$3),0)),SomaAgrup)","v":387.91908560174647},0,{"$f":"IF($N36=\"\",\"\",IF(ORÇAMENTO.Descricao=\"\",\"DESCRIÇÃO\",IF(AND($C36=\"S\",ORÇAMENTO.Unidade=\"\"),\"UNIDADE\",IF($X36<0,\"VALOR NEGATIVO\",IF(OR(AND(TIPOORCAMENTO=\"Proposto\",$AG36<>\"\",$AG36>0,ORÇAMENTO.CustoUnitario>$AG36),AND(TIPOORCAMENTO=\"LICITADO\",ORÇAMENTO.PrecoUnitarioLicitado>$AN36)),\"ACIMA REF.\",\"\")))))","v":""},{"$f":"IF(C36<=CRONO.NivelExibicao,MAX($AD$15:OFFSET(AD36,-1,0))+IF($C36<>1,1,MAX(1,COUNTIF(QCI!$A$13:$A$24,OFFSET($E36,-1,0)))),\"\")","v":""},{"$f":"IF(AND($C36=\"S\",ORÇAMENTO.CodBarra<>\"\"),IF(ORÇAMENTO.Fonte=\"\",ORÇAMENTO.CodBarra,CONCATENATE(ORÇAMENTO.Fonte,\" \",ORÇAMENTO.CodBarra)))","v":"SINAPI 96520"},{"$f":"IF(ISERROR(INDIRECT(ORÇAMENTO.BancoRef)),\"(abra o arquivo 'Referência \"&Excel_BuiltIn_Database&\".xlsm)\",IF(OR($C36<>\"S\",ORÇAMENTO.CodBarra=\"\"),\"(Sem Código)\",IF(ISERROR(MATCH($AE36,INDIRECT(ORÇAMENTO.BancoRef),0)),\"(Código não identificado nas referências)\",MATCH($AE36,INDIRECT(ORÇAMENTO.BancoRef),0))))","v":5719},{"$f":"ROUND(IF(DESONERACAO=\"sim\",REFERENCIA.Desonerado,REFERENCIA.NaoDesonerado),2)","v":105.82},0.2082,null,11.31,null,null,1445.98,127.85]
["S",2,"S",0,{"$f":"IF($C37=1,OFFSET(E37,-1,0)+MAX(1,COUNTIF(QCI!$A$13:$A$24,OFFSET(ORÇAMENTO!E37,-1,0))),OFFSET(E37,-1,0))","v":1},2,0,0,2,0,{"$f":"IF(OR($C37=\"S\",$C37=0),0,MATCH(OFFSET($D37,0,$C37)+IF($C37<>1,1,COUNTIF(QCI!$A$13:$A$24,ORÇAMENTO!E37)),OFFSET($D37,1,$C37,ROW($C$404)-ROW($C37)),0))","v":0},"F","Serviço","Serviço","1.2.0.0.2.","SINAPI","96525",{"$f":"IF($C37=\"S\",REFERENCIA.Descricao,\"(digite a descrição aqui)\")","v":"ESCAVAÇÃO MECANIZADA PARA VIGA BALDRAME OU SAPATA CORRIDA COM MINI-ESCAVADEIRA (INCLUINDO ESCAVAÇÃO PARA COLOCAÇÃO DE FÔRMAS). AF_01/2024"},{"$f":"REFERENCIA.Unidade","v":"M3"},{"$f":"OFFSET(CÁLCULO!H$15,ROW($T37)-ROW(T$15),0)","v":4.55},55.6,"BDI 1",{"$f":"IF($C37=\"S\",ROUND(IF(TIPOORCAMENTO=\"Proposto\",ORÇAMENTO.CustoUnitario*(1+$AH37),ORÇAMENTO.PrecoUnitarioLicitado),15-13*$AF$10),0)","v":67.180000000000007},{"$f":"IF($C37=\"S\",IF(Import.TipoArredondamento<>\"TransfereGOV\",VTOTAL1,SUM(OFFSET(CÁLCULO!$AA$15,ROW($X37)-ROW($X$15),1):OFFSET(CÁLCULO!$AL$15,ROW($X37)-ROW($X$15),-1))),IF($C37=0,0,ROUND(SomaAgrup,15-13*$AF$11)))","v":305.67},"RA","RA",{"$f":"IF($C37=\"S\",IF($Z37=\"CP\",$X37,IF($Z37=\"RA\",(($X37)*QCI!$AA$3),0)),SomaAgrup)","v":82.003365811343059},0,{"$f":"IF($N37=\"\",\"\",IF(ORÇAMENTO.Descricao=\"\",\"DESCRIÇÃO\",IF(AND($C37=\"S\",ORÇAMENTO.Unidade=\"\"),\"UNIDADE\",IF($X37<0,\"VALOR NEGATIVO\",IF(OR(AND(TIPOORCAMENTO=\"Proposto\",$AG37<>\"\",$AG37>0,ORÇAMENTO.CustoUnitario>$AG37),AND(TIPOORCAMENTO=\"LICITADO\",ORÇAMENTO.PrecoUnitarioLicitado>$AN37)),\"ACIMA REF.\",\"\")))))","v":""},{"$f":"IF(C37<=CRONO.NivelExibicao,MAX($AD$15:OFFSET(AD37,-1,0))+IF($C37<>1,1,MAX(1,COUNTIF(QCI!$A$13:$A$24,OFFSET($E37,-1,0)))),\"\")","v":""},{"$f":"IF(AND($C37=\"S\",ORÇAMENTO.CodBarra<>\"\"),IF(ORÇAMENTO.Fonte=\"\",ORÇAMENTO.CodBarra,CONCATENATE(ORÇAMENTO.Fonte,\" \",ORÇAMENTO.CodBarra)))","v":"SINAPI 96525"},{"$f":"IF(ISERROR(INDIRECT(ORÇAMENTO.BancoRef)),\"(abra o arquivo 'Referência \"&Excel_BuiltIn_Database&\".xlsm)\",IF(OR($C37<>\"S\",ORÇAMENTO.CodBarra=\"\"),\"(Sem Código)\",IF(ISERROR(MATCH($AE37,INDIRECT(ORÇAMENTO.BancoRef),0)),\"(Código não identificado nas referências)\",MATCH($AE37,INDIRECT(ORÇAMENTO.BancoRef),0))))","v":5724},{"$f":"ROUND(IF(DESONERACAO=\"sim\",REFERENCIA.Desonerado,REFERENCIA.NaoDesonerado),2)","v":55.6},0.2082,null,4.55,null,null,305.67,67.180000000000007]
["S",2,"S",0,{"$f":"IF($C38=1,OFFSET(E38,-1,0)+MAX(1,COUNTIF(QCI!$A$13:$A$24,OFFSET(ORÇAMENTO!E38,-1,0))),OFFSET(E38,-1,0))","v":1},2,0,0,3,0,{"$f":"IF(OR($C38=\"S\",$C38=0),0,MATCH(OFFSET($D38,0,$C38)+IF($C38<>1,1,COUNTIF(QCI!$A$13:$A$24,ORÇAMENTO!E38)),OFFSET($D38,1,$C38,ROW($C$404)-ROW($C38)),0))","v":0},"F","Serviço","Serviço","1.2.0.0.3.","SINAPI","104737",{"$f":"IF($C38=\"S\",REFERENCIA.Descricao,\"(digite a descrição aqui)\")","v":"REATERRO MANUAL DE VALAS, COM PLACA VIBRATÓRIA. AF_08/2023"},{"$f":"REFERENCIA.Unidade","v":"M3"},{"$f":"OFFSET(CÁLCULO!H$15,ROW($T38)-ROW(T$15),0)","v":13.6},26.37,"BDI 1",{"$f":"IF($C38=\"S\",ROUND(IF(TIPOORCAMENTO=\"Proposto\",ORÇAMENTO.CustoUnitario*(1+$AH38),ORÇAMENTO.PrecoUnitarioLicitado),15-13*$AF$10),0)","v":31.86},{"$f":"IF($C38=\"S\",IF(Import.TipoArredondamento<>\"TransfereGOV\",VTOTAL1,SUM(OFFSET(CÁLCULO!$AA$15,ROW($X38)-ROW($X$15),1):OFFSET(CÁLCULO!$AL$15,ROW($X38)-ROW($X$15),-1))),IF($C38=0,0,ROUND(SomaAgrup,15-13*$AF$11)))","v":433.3},"RA","RA",{"$f":"IF($C38=\"S\",IF($Z38=\"CP\",$X38,IF($Z38=\"RA\",(($X38)*QCI!$AA$3),0)),SomaAgrup)","v":116.24319824011171},0,{"$f":"IF($N38=\"\",\"\",IF(ORÇAMENTO.Descricao=\"\",\"DESCRIÇÃO\",IF(AND($C38=\"S\",ORÇAMENTO.Unidade=\"\"),\"UNIDADE\",IF($X38<0,\"VALOR NEGATIVO\",IF(OR(AND(TIPOORCAMENTO=\"Proposto\",$AG38<>\"\",$AG38>0,ORÇAMENTO.CustoUnitario>$AG38),AND(TIPOORCAMENTO=\"LICITADO\",ORÇAMENTO.PrecoUnitarioLicitado>$AN38)),\"ACIMA REF.\",\"\")))))","v":""},{"$f":"IF(C38<=CRONO.NivelExibicao,MAX($AD$15:OFFSET(AD38,-1,0))+IF($C38<>1,1,MAX(1,COUNTIF(QCI!$A$13:$A$24,OFFSET($E38,-1,0)))),\"\")","v":""},{"$f":"IF(AND($C38=\"S\",ORÇAMENTO.CodBarra<>\"\"),IF(ORÇAMENTO.Fonte=\"\",ORÇAMENTO.CodBarra,CONCATENATE(ORÇAMENTO.Fonte,\" \",ORÇAMENTO.CodBarra)))","v":"SINAPI 104737"},{"$f":"IF(ISERROR(INDIRECT(ORÇAMENTO.BancoRef)),\"(abra o arquivo 'Referência \"&Excel_BuiltIn_Database&\".xlsm)\",IF(OR($C38<>\"S\",ORÇAMENTO.CodBarra=\"\"),\"(Sem Código)\",IF(ISERROR(MATCH($AE38,INDIRECT(ORÇAMENTO.BancoRef),0)),\"(Código não identificado nas referências)\",MATCH($AE38,INDIRECT(ORÇAMENTO.BancoRef),0))))","v":5950},{"$f":"ROUND(IF(DESONERACAO=\"sim\",REFERENCIA.Desonerado,REFERENCIA.NaoDesonerado),2)","v":26.37},0.2082,null,13.600000000000001,null,null,433.3,31.86]
[2,2,2,27,{"$f":"IF($C39=1,OFFSET(E39,-1,0)+MAX(1,COUNTIF(QCI!$A$13:$A$24,OFFSET(ORÇAMENTO!E39,-1,0))),OFFSET(E39,-1,0))","v":1},3,0,0,0,208,{"$f":"IF(OR($C39=\"S\",$C39=0),0,MATCH(OFFSET($D39,0,$C39)+IF($C39<>1,1,COUNTIF(QCI!$A$13:$A$24,ORÇAMENTO!E39)),OFFSET($D39,1,$C39,ROW($C$404)-ROW($C39)),0))","v":27},"F","Nível 2","Nível 2","1.3.","SINAPI",null,"ESTRUTURAS",{"$f":"REFERENCIA.Unidade","v":"-"},{"$f":"OFFSET(CÁLCULO!H$15,ROW($T39)-ROW(T$15),0)","v":0},0,"BDI 1",{"$f":"IF($C39=\"S\",ROUND(IF(TIPOORCAMENTO=\"Proposto\",ORÇAMENTO.CustoUnitario*(1+$AH39),ORÇAMENTO.PrecoUnitarioLicitado),15-13*$AF$10),0)","v":0},{"$f":"IF($C39=\"S\",IF(Import.TipoArredondamento<>\"TransfereGOV\",VTOTAL1,SUM(OFFSET(CÁLCULO!$AA$15,ROW($X39)-ROW($X$15),1):OFFSET(CÁLCULO!$AL$15,ROW($X39)-ROW($X$15),-1))),IF($C39=0,0,ROUND(SomaAgrup,15-13*$AF$11)))","v":111267.59},"RA","",{"$f":"IF($C39=\"S\",IF($Z39=\"CP\",$X39,IF($Z39=\"RA\",(($X39)*QCI!$AA$3),0)),SomaAgrup)","v":29850.220452502821},0,{"$f":"IF($N39=\"\",\"\",IF(ORÇAMENTO.Descricao=\"\",\"DESCRIÇÃO\",IF(AND($C39=\"S\",ORÇAMENTO.Unidade=\"\"),\"UNIDADE\",IF($X39<0,\"VALOR NEGATIVO\",IF(OR(AND(TIPOORCAMENTO=\"Proposto\",$AG39<>\"\",$AG39>0,ORÇAMENTO.CustoUnitario>$AG39),AND(TIPOORCAMENTO=\"LICITADO\",ORÇAMENTO.PrecoUnitarioLicitado>$AN39)),\"ACIMA REF.\",\"\")))))","v":""},{"$f":"IF(C39<=CRONO.NivelExibicao,MAX($AD$15:OFFSET(AD39,-1,0))+IF($C39<>1,1,MAX(1,COUNTIF(QCI!$A$13:$A$24,OFFSET($E39,-1,0)))),\"\")","v":4},{"$f":"IF(AND($C39=\"S\",ORÇAMENTO.CodBarra<>\"\"),IF(ORÇAMENTO.Fonte=\"\",ORÇAMENTO.CodBarra,CONCATENATE(ORÇAMENTO.Fonte,\" \",ORÇAMENTO.CodBarra)))","v":false},{"$f":"IF(ISERROR(INDIRECT(ORÇAMENTO.BancoRef)),\"(abra o arquivo 'Referência \"&Excel_BuiltIn_Database&\".xlsm)\",IF(OR($C39<>\"S\",ORÇAMENTO.CodBarra=\"\"),\"(Sem Código)\",IF(ISERROR(MATCH($AE39,INDIRECT(ORÇAMENTO.BancoRef),0)),\"(Código não identificado nas referências)\",MATCH($AE39,INDIRECT(ORÇAMENTO.BancoRef),0))))","v":"(Sem Código)"},{"$f":"ROUND(IF(DESONERACAO=\"sim\",REFERENCIA.Desonerado,REFERENCIA.NaoDesonerado),2)","v":0},0.2082,null,null,null,null,111267.59,0]
[3,3,3,4,{"$f":"IF($C40=1,OFFSET(E40,-1,0)+MAX(1,COUNTIF(QCI!$A$13:$A$24,OFFSET(ORÇAMENTO!E40,-1,0))),OFFSET(E40,-1,0))","v":1},3,1,0,0,26,{"$f":"IF(OR($C40=\"S\",$C40=0),0,MATCH(OFFSET($D40,0,$C40)+IF($C40<>1,1,COUNTIF(QCI!$A$13:$A$24,ORÇAMENTO!E40)),OFFSET($D40,1,$C40,ROW($C$404)-ROW($C40)),0))","v":4},"F","Nível 3","Nível 3","1.3.1.","SINAPI",null,"SAPATAS",{"$f":"REFERENCIA.Unidade","v":"-"},{"$f":"OFFSET(CÁLCULO!H$15,ROW($T40)-ROW(T$15),0)","v":0},0,"BDI 1",{"$f":"IF($C40=\"S\",ROUND(IF(TIPOORCAMENTO=\"Proposto\",ORÇAMENTO.CustoUnitario*(1+$AH40),ORÇAMENTO.PrecoUnitarioLicitado),15-13*$AF$10),0)","v":0},{"$f":"IF($C40=\"S\",IF(Import.TipoArredondamento<>\"TransfereGOV\",VTOTAL1,SUM(OFFSET(CÁLCULO!$AA$15,ROW($X40)-ROW($X$15),1):OFFSET(CÁLCULO!$AL$15,ROW($X40)-ROW($X$15),-1))),IF($C40=0,0,ROUND(SomaAgrup,15-13*$AF$11)))","v":15138.9},"RA","",{"$f":"IF($C40=\"S\",IF($Z40=\"CP\",$X40,IF($Z40=\"RA\",(($X40)*QCI!$AA$3),0)),SomaAgrup)","v":4061.3758454586368},0,{"$f":"IF($N40=\"\",\"\",IF(ORÇAMENTO.Descricao=\"\",\"DESCRIÇÃO\",IF(AND($C40=\"S\",ORÇAMENTO.Unidade=\"\"),\"UNIDADE\",IF($X40<0,\"VALOR NEGATIVO\",IF(OR(AND(TIPOORCAMENTO=\"Proposto\",$AG40<>\"\",$AG40>0,ORÇAMENTO.CustoUnitario>$AG40),AND(TIPOORCAMENTO=\"LICITADO\",ORÇAMENTO.PrecoUnitarioLicitado>$AN40)),\"ACIMA REF.\",\"\")))))","v":""},{"$f":"IF(C40<=CRONO.NivelExibicao,MAX($AD$15:OFFSET(AD40,-1,0))+IF($C40<>1,1,MAX(1,COUNTIF(QCI!$A$13:$A$24,OFFSET($E40,-1,0)))),\"\")","v":""},{"$f":"IF(AND($C40=\"S\",ORÇAMENTO.CodBarra<>\"\"),IF(ORÇAMENTO.Fonte=\"\",ORÇAMENTO.CodBarra,CONCATENATE(ORÇAMENTO.Fonte,\" \",ORÇAMENTO.CodBarra)))","v":false},{"$f":"IF(ISERROR(INDIRECT(ORÇAMENTO.BancoRef)),\"(abra o arquivo 'Referência \"&Excel_BuiltIn_Database&\".xlsm)\",IF(OR($C40<>\"S\",ORÇAMENTO.CodBarra=\"\"),\"(Sem Código)\",IF(ISERROR(MATCH($AE40,INDIRECT(ORÇAMENTO.BancoRef),0)),\"(Código não identificado nas referências)\",MATCH($AE40,INDIRECT(ORÇAMENTO.BancoRef),0))))","v":"(Sem Código)"},{"$f":"ROUND(IF(DESONERACAO=\"sim\",REFERENCIA.Desonerado,REFERENCIA.NaoDesonerado),2)","v":0},0.2082,null,null,null,null,15138.9,0]
["S",3,"S",0,{"$f":"IF($C41=1,OFFSET(E41,-1,0)+MAX(1,COUNTIF(QCI!$A$13:$A$24,OFFSET(ORÇAMENTO!E41,-1,0))),OFFSET(E41,-1,0))","v":1},3,1,0,1,0,{"$f":"IF(OR($C41=\"S\",$C41=0),0,MATCH(OFFSET($D41,0,$C41)+IF($C41<>1,1,COUNTIF(QCI!$A$13:$A$24,ORÇAMENTO!E41)),OFFSET($D41,1,$C41,ROW($C$404)-ROW($C41)),0))","v":0},"F","Serviço","Serviço","1.3.1.0.1.","SINAPI","96545",{"$f":"IF($C41=\"S\",REFERENCIA.Descricao,\"(digite a descrição aqui)\")","v":"ARMAÇÃO DE BLOCO UTILIZANDO AÇO CA-50 DE 8 MM - MONTAGEM. AF_01/2024"},{"$f":"REFERENCIA.Unidade","v":"KG"},{"$f":"OFFSET(CÁLCULO!H$15,ROW($T41)-ROW(T$15),0)","v":258.18},16.98,"BDI 1",{"$f":"IF($C41=\"S\",ROUND(IF(TIPOORCAMENTO=\"Proposto\",ORÇAMENTO.CustoUnitario*(1+$AH41),ORÇAMENTO.PrecoUnitarioLicitado),15-13*$AF$10),0)","v":20.52},{"$f":"IF($C41=\"S\",IF(Import.TipoArredondamento<>\"TransfereGOV\",VTOTAL1,SUM(OFFSET(CÁLCULO!$AA$15,ROW($X41)-ROW($X$15),1):OFFSET(CÁLCULO!$AL$15,ROW($X41)-ROW($X$15),-1))),IF($C41=0,0,ROUND(SomaAgrup,15-13*$AF$11)))","v":5297.85},"RA","RA",{"$f":"IF($C41=\"S\",IF($Z41=\"CP\",$X41,IF($Z41=\"RA\",(($X41)*QCI!$AA$3),0)),SomaAgrup)","v":1421.2763161698035},0,{"$f":"IF($N41=\"\",\"\",IF(ORÇAMENTO.Descricao=\"\",\"DESCRIÇÃO\",IF(AND($C41=\"S\",ORÇAMENTO.Unidade=\"\"),\"UNIDADE\",IF($X41<0,\"VALOR NEGATIVO\",IF(OR(AND(TIPOORCAMENTO=\"Proposto\",$AG41<>\"\",$AG41>0,ORÇAMENTO.CustoUnitario>$AG41),AND(TIPOORCAMENTO=\"LICITADO\",ORÇAMENTO.PrecoUnitarioLicitado>$AN41)),\"ACIMA REF.\",\"\")))))","v":""},{"$f":"IF(C41<=CRONO.NivelExibicao,MAX($AD$15:OFFSET(AD41,-1,0))+IF($C41<>1,1,MAX(1,COUNTIF(QCI!$A$13:$A$24,OFFSET($E41,-1,0)))),\"\")","v":""},{"$f":"IF(AND($C41=\"S\",ORÇAMENTO.CodBarra<>\"\"),IF(ORÇAMENTO.Fonte=\"\",ORÇAMENTO.CodBarra,CONCATENATE(ORÇAMENTO.Fonte,\" \",ORÇAMENTO.CodBarra)))","v":"SINAPI 96545"},{"$f":"IF(ISERROR(INDIRECT(ORÇAMENTO.BancoRef)),\"(abra o arquivo 'Referência \"&Excel_BuiltIn_Database&\".xlsm)\",IF(OR($C41<>\"S\",ORÇAMENTO.CodBarra=\"\"),\"(Sem Código)\",IF(ISERROR(MATCH($AE41,INDIRECT(ORÇAMENTO.BancoRef),0)),\"(Código não identificado nas referências)\",MATCH($AE41,INDIRECT(ORÇAMENTO.BancoRef),0))))","v":2696},{"$f":"ROUND(IF(DESONERACAO=\"sim\",REFERENCIA.Desonerado,REFERENCIA.NaoDesonerado),2)","v":16.98},0.2082,null,258.18,null,null,5297.85,20.52]
["S",3,"S",0,{"$f":"IF($C42=1,OFFSET(E42,-1,0)+MAX(1,COUNTIF(QCI!$A$13:$A$24,OFFSET(ORÇAMENTO!E42,-1,0))),OFFSET(E42,-1,0))","v":1},3,1,0,2,0,{"$f":"IF(OR($C42=\"S\",$C42=0),0,MATCH(OFFSET($D42,0,$C42)+IF($C42<>1,1,COUNTIF(QCI!$A$13:$A$24,ORÇAMENTO!E42)),OFFSET($D42,1,$C42,ROW($C$404)-ROW($C42)),0))","v":0},"F","Serviço","Serviço","1.3.1.0.2.","SINAPI","96619",{"$f":"IF($C42=\"S\",REFERENCIA.Descricao,\"(digite a descrição aqui)\")","v":"LASTRO DE CONCRETO MAGRO, APLICADO EM BLOCOS DE COROAMENTO OU SAPATAS, ESPESSURA DE 5 CM. AF_01/2024"},{"$f":"REFERENCIA.Unidade","v":"M2"},{"$f":"OFFSET(CÁLCULO!H$15,ROW($T42)-ROW(T$15),0)","v":15.32},41.32,"BDI 1",{"$f":"IF($C42=\"S\",ROUND(IF(TIPOORCAMENTO=\"Proposto\",ORÇAMENTO.CustoUnitario*(1+$AH42),ORÇAMENTO.PrecoUnitarioLicitado),15-13*$AF$10),0)","v":49.92},{"$f":"IF($C42=\"S\",IF(Import.TipoArredondamento<>\"TransfereGOV\",VTOTAL1,SUM(OFFSET(CÁLCULO!$AA$15,ROW($X42)-ROW($X$15),1):OFFSET(CÁLCULO!$AL$15,ROW($X42)-ROW($X$15),-1))),IF($C42=0,0,ROUND(SomaAgrup,15-13*$AF$11)))","v":764.77},"RA","RA",{"$f":"IF($C42=\"S\",IF($Z42=\"CP\",$X42,IF($Z42=\"RA\",(($X42)*QCI!$AA$3),0)),SomaAgrup)","v":205.16803766002823},0,{"$f":"IF($N42=\"\",\"\",IF(ORÇAMENTO.Descricao=\"\",\"DESCRIÇÃO\",IF(AND($C42=\"S\",ORÇAMENTO.Unidade=\"\"),\"UNIDADE\",IF($X42<0,\"VALOR NEGATIVO\",IF(OR(AND(TIPOORCAMENTO=\"Proposto\",$AG42<>\"\",$AG42>0,ORÇAMENTO.CustoUnitario>$AG42),AND(TIPOORCAMENTO=\"LICITADO\",ORÇAMENTO.PrecoUnitarioLicitado>$AN42)),\"ACIMA REF.\",\"\")))))","v":""},{"$f":"IF(C42<=CRONO.NivelExibicao,MAX($AD$15:OFFSET(AD42,-1,0))+IF($C42<>1,1,MAX(1,COUNTIF(QCI!$A$13:$A$24,OFFSET($E42,-1,0)))),\"\")","v":""},{"$f":"IF(AND($C42=\"S\",ORÇAMENTO.CodBarra<>\"\"),IF(ORÇAMENTO.Fonte=\"\",ORÇAMENTO.CodBarra,CONCATENATE(ORÇAMENTO.Fonte,\" \",ORÇAMENTO.CodBarra)))","v":"SINAPI 96619"},{"$f":"IF(ISERROR(INDIRECT(ORÇAMENTO.BancoRef)),\"(abra o arquivo 'Referência \"&Excel_BuiltIn_Database&\".xlsm)\",IF(OR($C42<>\"S\",ORÇAMENTO.CodBarra=\"\"),\"(Sem Código)\",IF(ISERROR(MATCH($AE42,INDIRECT(ORÇAMENTO.BancoRef),0)),\"(Código não identificado nas referências)\",MATCH($AE42,INDIRECT(ORÇAMENTO.BancoRef),0))))","v":2367},{"$f":"ROUND(IF(DESONERACAO=\"sim\",REFERENCIA.Desonerado,REFERENCIA.NaoDesonerado),2)","v":41.32},0.2082,null,15.32,null,null,764.77,49.92]
["S",3,"S",0,{"$f":"IF($C43=1,OFFSET(E43,-1,0)+MAX(1,COUNTIF(QCI!$A$13:$A$24,OFFSET(ORÇAMENTO!E43,-1,0))),OFFSET(E43,-1,0))","v":1},3,1,0,3,0,{"$f":"IF(OR($C43=\"S\",$C43=0),0,MATCH(OFFSET($D43,0,$C43)+IF($C43<>1,1,COUNTIF(QCI!$A$13:$A$24,ORÇAMENTO!E43)),OFFSET($D43,1,$C43,ROW($C$404)-ROW($C43)),0))","v":0},"F","Serviço","Serviço","1.3.1.0.3.","SINAPI","96558",{"$f":"IF($C43=\"S\",REFERENCIA.Descricao,\"(digite a descrição aqui)\")","v":"CONCRETAGEM DE SAPATA, FCK 30 MPA, COM USO DE BOMBA - LANÇAMENTO, ADENSAMENTO E ACABAMENTO. AF_01/2024"},{"$f":"REFERENCIA.Unidade","v":"M3"},{"$f":"OFFSET(CÁLCULO!H$15,ROW($T43)-ROW(T$15),0)","v":11.31},664.21,"BDI 1",{"$f":"IF($C43=\"S\",ROUND(IF(TIPOORCAMENTO=\"Proposto\",ORÇAMENTO.CustoUnitario*(1+$AH43),ORÇAMENTO.PrecoUnitarioLicitado),15-13*$AF$10),0)","v":802.5},{"$f":"IF($C43=\"S\",IF(Import.TipoArredondamento<>\"TransfereGOV\",VTOTAL1,SUM(OFFSET(CÁLCULO!$AA$15,ROW($X43)-ROW($X$15),1):OFFSET(CÁLCULO!$AL$15,ROW($X43)-ROW($X$15),-1))),IF($C43=0,0,ROUND(SomaAgrup,15-13*$AF$11)))","v":9076.2800000000007},"RA","RA",{"$f":"IF($C43=\"S\",IF($Z43=\"CP\",$X43,IF($Z43=\"RA\",(($X43)*QCI!$AA$3),0)),SomaAgrup)","v":2434.9314916288049},0,{"$f":"IF($N43=\"\",\"\",IF(ORÇAMENTO.Descricao=\"\",\"DESCRIÇÃO\",IF(AND($C43=\"S\",ORÇAMENTO.Unidade=\"\"),\"UNIDADE\",IF($X43<0,\"VALOR NEGATIVO\",IF(OR(AND(TIPOORCAMENTO=\"Proposto\",$AG43<>\"\",$AG43>0,ORÇAMENTO.CustoUnitario>$AG43),AND(TIPOORCAMENTO=\"LICITADO\",ORÇAMENTO.PrecoUnitarioLicitado>$AN43)),\"ACIMA REF.\",\"\")))))","v":""},{"$f":"IF(C43<=CRONO.NivelExibicao,MAX($AD$15:OFFSET(AD43,-1,0))+IF($C43<>1,1,MAX(1,COUNTIF(QCI!$A$13:$A$24,OFFSET($E43,-1,0)))),\"\")","v":""},{"$f":"IF(AND($C43=\"S\",ORÇAMENTO.CodBarra<>\"\"),IF(ORÇAMENTO.Fonte=\"\",ORÇAMENTO.CodBarra,CONCATENATE(ORÇAMENTO.Fonte,\" \",ORÇAMENTO.CodBarra)))","v":"SINAPI 96558"},{"$f":"IF(ISERROR(INDIRECT(ORÇAMENTO.BancoRef)),\"(abra o arquivo 'Referência \"&Excel_BuiltIn_Database&\".xlsm)\",IF(OR($C43<>\"S\",ORÇAMENTO.CodBarra=\"\"),\"(Sem Código)\",IF(ISERROR(MATCH($AE43,INDIRECT(ORÇAMENTO.BancoRef),0)),\"(Código não identificado nas referências)\",MATCH($AE43,INDIRECT(ORÇAMENTO.BancoRef),0))))","v":2750},{"$f":"ROUND(IF(DESONERACAO=\"sim\",REFERENCIA.Desonerado,REFERENCIA.NaoDesonerado),2)","v":664.21},0.2082,null,11.31,null,null,9076.2800000000007,802.5]
[3,3,3,6,{"$f":"IF($C44=1,OFFSET(E44,-1,0)+MAX(1,COUNTIF(QCI!$A$13:$A$24,OFFSET(ORÇAMENTO!E44,-1,0))),OFFSET(E44,-1,0))","v":1},3,2,0,0,22,{"$f":"IF(OR($C44=\"S\",$C44=0),0,MATCH(OFFSET($D44,0,$C44)+IF($C44<>1,1,COUNTIF(QCI!$A$13:$A$24,ORÇAMENTO!E44)),OFFSET($D44,1,$C44,ROW($C$404)-ROW($C44)),0))","v":6},"F","Nível 3","Nível 3","1.3.2.","SINAPI",null,"BALDRAMES",{"$f":"REFERENCIA.Unidade","v":"-"},{"$f":"OFFSET(CÁLCULO!H$15,ROW($T44)-ROW(T$15),0)","v":0},0,"BDI 1",{"$f":"IF($C44=\"S\",ROUND(IF(TIPOORCAMENTO=\"Proposto\",ORÇAMENTO.CustoUnitario*(1+$AH44),ORÇAMENTO.PrecoUnitarioLicitado),15-13*$AF$10),0)","v":0},{"$f":"IF($C44=\"S\",IF(Import.TipoArredondamento<>\"TransfereGOV\",VTOTAL1,SUM(OFFSET(CÁLCULO!$AA$15,ROW($X44)-ROW($X$15),1):OFFSET(CÁLCULO!$AL$15,ROW($X44)-ROW($X$15),-1))),IF($C44=0,0,ROUND(SomaAgrup,15-13*$AF$11)))","v":14028.8},"RA","",{"$f":"IF($C44=\"S\",IF($Z44=\"CP\",$X44,IF($Z44=\"RA\",(($X44)*QCI!$AA$3),0)),SomaAgrup)","v":3763.5646883703648},0,{"$f":"IF($N44=\"\",\"\",IF(ORÇAMENTO.Descricao=\"\",\"DESCRIÇÃO\",IF(AND($C44=\"S\",ORÇAMENTO.Unidade=\"\"),\"UNIDADE\",IF($X44<0,\"VALOR NEGATIVO\",IF(OR(AND(TIPOORCAMENTO=\"Proposto\",$AG44<>\"\",$AG44>0,ORÇAMENTO.CustoUnitario>$AG44),AND(TIPOORCAMENTO=\"LICITADO\",ORÇAMENTO.PrecoUnitarioLicitado>$AN44)),\"ACIMA REF.\",\"\")))))","v":""},{"$f":"IF(C44<=CRONO.NivelExibicao,MAX($AD$15:OFFSET(AD44,-1,0))+IF($C44<>1,1,MAX(1,COUNTIF(QCI!$A$13:$A$24,OFFSET($E44,-1,0)))),\"\")","v":""},{"$f":"IF(AND($C44=\"S\",ORÇAMENTO.CodBarra<>\"\"),IF(ORÇAMENTO.Fonte=\"\",ORÇAMENTO.CodBarra,CONCATENATE(ORÇAMENTO.Fonte,\" \",ORÇAMENTO.CodBarra)))","v":false},{"$f":"IF(ISERROR(INDIRECT(ORÇAMENTO.BancoRef)),\"(abra o arquivo 'Referência \"&Excel_BuiltIn_Database&\".xlsm)\",IF(OR($C44<>\"S\",ORÇAMENTO.CodBarra=\"\"),\"(Sem Código)\",IF(ISERROR(MATCH($AE44,INDIRECT(ORÇAMENTO.BancoRef),0)),\"(Código não identificado nas referências)\",MATCH($AE44,INDIRECT(ORÇAMENTO.BancoRef),0))))","v":"(Sem Código)"},{"$f":"ROUND(IF(DESONERACAO=\"sim\",REFERENCIA.Desonerado,REFERENCIA.NaoDesonerado),2)","v":0},0.2082,null,null,null,null,14028.8,0]
["S",3,"S",0,{"$f":"IF($C45=1,OFFSET(E45,-1,0)+MAX(1,COUNTIF(QCI!$A$13:$A$24,OFFSET(ORÇAMENTO!E45,-1,0))),OFFSET(E45,-1,0))","v":1},3,2,0,1,0,{"$f":"IF(OR($C45=\"S\",$C45=0),0,MATCH(OFFSET($D45,0,$C45)+IF($C45<>1,1,COUNTIF(QCI!$A$13:$A$24,ORÇAMENTO!E45)),OFFSET($D45,1,$C45,ROW($C$404)-ROW($C45)),0))","v":0},"F","Serviço","Serviço","1.3.2.0.1.","SINAPI","96536",{"$f":"IF($C45=\"S\",REFERENCIA.Descricao,\"(digite a descrição aqui)\")","v":"FABRICAÇÃO, MONTAGEM E DESMONTAGEM DE FÔRMA PARA VIGA BALDRAME, EM MADEIRA SERRADA, E=25 MM, 4 UTILIZAÇÕES. AF_01/2024"},{"$f":"REFERENCIA.Unidade","v":"M2"},{"$f":"OFFSET(CÁLCULO!H$15,ROW($T45)-ROW(T$15),0)","v":39.43},73.48,"BDI 1",{"$f":"IF($C45=\"S\",ROUND(IF(TIPOORCAMENTO=\"Proposto\",ORÇAMENTO.CustoUnitario*(1+$AH45),ORÇAMENTO.PrecoUnitarioLicitado),15-13*$AF$10),0)","v":88.78},{"$f":"IF($C45=\"S\",IF(Import.TipoArredondamento<>\"TransfereGOV\",VTOTAL1,SUM(OFFSET(CÁLCULO!$AA$15,ROW($X45)-ROW($X$15),1):OFFSET(CÁLCULO!$AL$15,ROW($X45)-ROW($X$15),-1))),IF($C45=0,0,ROUND(SomaAgrup,15-13*$AF$11)))","v":3500.6},"RA","RA",{"$f":"IF($C45=\"S\",IF($Z45=\"CP\",$X45,IF($Z45=\"RA\",(($X45)*QCI!$AA$3),0)),SomaAgrup)","v":939.12056256481662},0,{"$f":"IF($N45=\"\",\"\",IF(ORÇAMENTO.Descricao=\"\",\"DESCRIÇÃO\",IF(AND($C45=\"S\",ORÇAMENTO.Unidade=\"\"),\"UNIDADE\",IF($X45<0,\"VALOR NEGATIVO\",IF(OR(AND(TIPOORCAMENTO=\"Proposto\",$AG45<>\"\",$AG45>0,ORÇAMENTO.CustoUnitario>$AG45),AND(TIPOORCAMENTO=\"LICITADO\",ORÇAMENTO.PrecoUnitarioLicitado>$AN45)),\"ACIMA REF.\",\"\")))))","v":""},{"$f":"IF(C45<=CRONO.NivelExibicao,MAX($AD$15:OFFSET(AD45,-1,0))+IF($C45<>1,1,MAX(1,COUNTIF(QCI!$A$13:$A$24,OFFSET($E45,-1,0)))),\"\")","v":""},{"$f":"IF(AND($C45=\"S\",ORÇAMENTO.CodBarra<>\"\"),IF(ORÇAMENTO.Fonte=\"\",ORÇAMENTO.CodBarra,CONCATENATE(ORÇAMENTO.Fonte,\" \",ORÇAMENTO.CodBarra)))","v":"SINAPI 96536"},{"$f":"IF(ISERROR(INDIRECT(ORÇAMENTO.BancoRef)),\"(abra o arquivo 'Referência \"&Excel_BuiltIn_Database&\".xlsm)\",IF(OR($C45<>\"S\",ORÇAMENTO.CodBarra=\"\"),\"(Sem Código)\",IF(ISERROR(MATCH($AE45,INDIRECT(ORÇAMENTO.BancoRef),0)),\"(Código não identificado nas referências)\",MATCH($AE45,INDIRECT(ORÇAMENTO.BancoRef),0))))","v":2504},{"$f":"ROUND(IF(DESONERACAO=\"sim\",REFERENCIA.Desonerado,REFERENCIA.NaoDesonerado),2)","v":73.48},0.2082,null,39.43,null,null,3500.6,88.78]
["S",3,"S",0,{"$f":"IF($C46=1,OFFSET(E46,-1,0)+MAX(1,COUNTIF(QCI!$A$13:$A$24,OFFSET(ORÇAMENTO!E46,-1,0))),OFFSET(E46,-1,0))","v":1},3,2,0,2,0,{"$f":"IF(OR($C46=\"S\",$C46=0),0,MATCH(OFFSET($D46,0,$C46)+IF($C46<>1,1,COUNTIF(QCI!$A$13:$A$24,ORÇAMENTO!E46)),OFFSET($D46,1,$C46,ROW($C$404)-ROW($C46)),0))","v":0},"F","Serviço","Serviço","1.3.2.0.2.","SINAPI","96546",{"$f":"IF($C46=\"S\",REFERENCIA.Descricao,\"(digite a descrição aqui)\")","v":"ARMAÇÃO DE BLOCO UTILIZANDO AÇO CA-50 DE 10 MM - MONTAGEM. AF_01/2024"},{"$f":"REFERENCIA.Unidade","v":"KG"},{"$f":"OFFSET(CÁLCULO!H$15,ROW($T46)-ROW(T$15),0)","v":301.45},14.61,"BDI 1",{"$f":"IF($C46=\"S\",ROUND(IF(TIPOORCAMENTO=\"Proposto\",ORÇAMENTO.CustoUnitario*(1+$AH46),ORÇAMENTO.PrecoUnitarioLicitado),15-13*$AF$10),0)","v":17.649999999999999},{"$f":"IF($C46=\"S\",IF(Import.TipoArredondamento<>\"TransfereGOV\",VTOTAL1,SUM(OFFSET(CÁLCULO!$AA$15,ROW($X46)-ROW($X$15),1):OFFSET(CÁLCULO!$AL$15,ROW($X46)-ROW($X$15),-1))),IF($C46=0,0,ROUND(SomaAgrup,15-13*$AF$11)))","v":5320.59},"RA","RA",{"$f":"IF($C46=\"S\",IF($Z46=\"CP\",$X46,IF($Z46=\"RA\",(($X46)*QCI!$AA$3),0)),SomaAgrup)","v":1427.3768708154996},0,{"$f":"IF($N46=\"\",\"\",IF(ORÇAMENTO.Descricao=\"\",\"DESCRIÇÃO\",IF(AND($C46=\"S\",ORÇAMENTO.Unidade=\"\"),\"UNIDADE\",IF($X46<0,\"VALOR NEGATIVO\",IF(OR(AND(TIPOORCAMENTO=\"Proposto\",$AG46<>\"\",$AG46>0,ORÇAMENTO.CustoUnitario>$AG46),AND(TIPOORCAMENTO=\"LICITADO\",ORÇAMENTO.PrecoUnitarioLicitado>$AN46)),\"ACIMA REF.\",\"\")))))","v":""},{"$f":"IF(C46<=CRONO.NivelExibicao,MAX($AD$15:OFFSET(AD46,-1,0))+IF($C46<>1,1,MAX(1,COUNTIF(QCI!$A$13:$A$24,OFFSET($E46,-1,0)))),\"\")","v":""},{"$f":"IF(AND($C46=\"S\",ORÇAMENTO.CodBarra<>\"\"),IF(ORÇAMENTO.Fonte=\"\",ORÇAMENTO.CodBarra,CONCATENATE(ORÇAMENTO.Fonte,\" \",ORÇAMENTO.CodBarra)))","v":"SINAPI 96546"},{"$f":"IF(ISERROR(INDIRECT(ORÇAMENTO.BancoRef)),\"(abra o arquivo 'Referência \"&Excel_BuiltIn_Database&\".xlsm)\",IF(OR($C46<>\"S\",ORÇAMENTO.CodBarra=\"\"),\"(Sem Código)\",IF(ISERROR(MATCH($AE46,INDIRECT(ORÇAMENTO.BancoRef),0)),\"(Código não identificado nas referências)\",MATCH($AE46,INDIRECT(ORÇAMENTO.BancoRef),0))))","v":2697},{"$f":"ROUND(IF(DESONERACAO=\"sim\",REFERENCIA.Desonerado,REFERENCIA.NaoDesonerado),2)","v":14.61},0.2082,null,301.45,null,null,5320.59,17.649999999999999]
["S",3,"S",0,{"$f":"IF($C47=1,OFFSET(E47,-1,0)+MAX(1,COUNTIF(QCI!$A$13:$A$24,OFFSET(ORÇAMENTO!E47,-1,0))),OFFSET(E47,-1,0))","v":1},3,2,0,3,0,{"$f":"IF(OR($C47=\"S\",$C47=0),0,MATCH(OFFSET($D47,0,$C47)+IF($C47<>1,1,COUNTIF(QCI!$A$13:$A$24,ORÇAMENTO!E47)),OFFSET($D47,1,$C47,ROW($C$404)-ROW($C47)),0))","v":0},"F","Serviço","Serviço","1.3.2.0.3.","SINAPI","96543",{"$f":"IF($C47=\"S\",REFERENCIA.Descricao,\"(digite a descrição aqui)\")","v":"ARMAÇÃO DE BLOCO UTILIZANDO AÇO CA-60 DE 5 MM - MONTAGEM. AF_01/2024"},{"$f":"REFERENCIA.Unidade","v":"KG"},{"$f":"OFFSET(CÁLCULO!H$15,ROW($T47)-ROW(T$15),0)","v":79.239999999999995},22.16,"BDI 1",{"$f":"IF($C47=\"S\",ROUND(IF(TIPOORCAMENTO=\"Proposto\",ORÇAMENTO.CustoUnitario*(1+$AH47),ORÇAMENTO.PrecoUnitarioLicitado),15-13*$AF$10),0)","v":26.77},{"$f":"IF($C47=\"S\",IF(Import.TipoArredondamento<>\"TransfereGOV\",VTOTAL1,SUM(OFFSET(CÁLCULO!$AA$15,ROW($X47)-ROW($X$15),1):OFFSET(CÁLCULO!$AL$15,ROW($X47)-ROW($X$15),-1))),IF($C47=0,0,ROUND(SomaAgrup,15-13*$AF$11)))","v":2121.25},"RA","RA",{"$f":"IF($C47=\"S\",IF($Z47=\"CP\",$X47,IF($Z47=\"RA\",(($X47)*QCI!$AA$3),0)),SomaAgrup)","v":569.0765849684675},0,{"$f":"IF($N47=\"\",\"\",IF(ORÇAMENTO.Descricao=\"\",\"DESCRIÇÃO\",IF(AND($C47=\"S\",ORÇAMENTO.Unidade=\"\"),\"UNIDADE\",IF($X47<0,\"VALOR NEGATIVO\",IF(OR(AND(TIPOORCAMENTO=\"Proposto\",$AG47<>\"\",$AG47>0,ORÇAMENTO.CustoUnitario>$AG47),AND(TIPOORCAMENTO=\"LICITADO\",ORÇAMENTO.PrecoUnitarioLicitado>$AN47)),\"ACIMA REF.\",\"\")))))","v":""},{"$f":"IF(C47<=CRONO.NivelExibicao,MAX($AD$15:OFFSET(AD47,-1,0))+IF($C47<>1,1,MAX(1,COUNTIF(QCI!$A$13:$A$24,OFFSET($E47,-1,0)))),\"\")","v":""},{"$f":"IF(AND($C47=\"S\",ORÇAMENTO.CodBarra<>\"\"),IF(ORÇAMENTO.Fonte=\"\",ORÇAMENTO.CodBarra,CONCATENATE(ORÇAMENTO.Fonte,\" \",ORÇAMENTO.CodBarra)))","v":"SINAPI 96543"},{"$f":"IF(ISERROR(INDIRECT(ORÇAMENTO.BancoRef)),\"(abra o arquivo 'Referência \"&Excel_BuiltIn_Database&\".xlsm)\",IF(OR($C47<>\"S\",ORÇAMENTO.CodBarra=\"\"),\"(Sem Código)\",IF(ISERROR(MATCH($AE47,INDIRECT(ORÇAMENTO.BancoRef),0)),\"(Código não identificado nas referências)\",MATCH($AE47,INDIRECT(ORÇAMENTO.BancoRef),0))))","v":2511},{"$f":"ROUND(IF(DESONERACAO=\"sim\",REFERENCIA.Desonerado,REFERENCIA.NaoDesonerado),2)","v":22.16},0.2082,null,79.239999999999995,null,null,2121.25,26.77]
["S",3,"S",0,{"$f":"IF($C48=1,OFFSET(E48,-1,0)+MAX(1,COUNTIF(QCI!$A$13:$A$24,OFFSET(ORÇAMENTO!E48,-1,0))),OFFSET(E48,-1,0))","v":1},3,2,0,4,0,{"$f":"IF(OR($C48=\"S\",$C48=0),0,MATCH(OFFSET($D48,0,$C48)+IF($C48<>1,1,COUNTIF(QCI!$A$13:$A$24,ORÇAMENTO!E48)),OFFSET($D48,1,$C48,ROW($C$404)-ROW($C48)),0))","v":0},"F","Serviço","Serviço","1.3.2.0.4.","DER-PR","743900",{"$f":"IF($C48=\"S\",REFERENCIA.Descricao,\"(digite a descrição aqui)\")","v":"LASTRO DE BRITA"},{"$f":"REFERENCIA.Unidade","v":"M3"},{"$f":"OFFSET(CÁLCULO!H$15,ROW($T48)-ROW(T$15),0)","v":0.5},116.89,"BDI 1",{"$f":"IF($C48=\"S\",ROUND(IF(TIPOORCAMENTO=\"Proposto\",ORÇAMENTO.CustoUnitario*(1+$AH48),ORÇAMENTO.PrecoUnitarioLicitado),15-13*$AF$10),0)","v":141.22999999999999},{"$f":"IF($C48=\"S\",IF(Import.TipoArredondamento<>\"TransfereGOV\",VTOTAL1,SUM(OFFSET(CÁLCULO!$AA$15,ROW($X48)-ROW($X$15),1):OFFSET(CÁLCULO!$AL$15,ROW($X48)-ROW($X$15),-1))),IF($C48=0,0,ROUND(SomaAgrup,15-13*$AF$11)))","v":70.62},"RA","RA",{"$f":"IF($C48=\"S\",IF($Z48=\"CP\",$X48,IF($Z48=\"RA\",(($X48)*QCI!$AA$3),0)),SomaAgrup)","v":18.945521947188297},0,{"$f":"IF($N48=\"\",\"\",IF(ORÇAMENTO.Descricao=\"\",\"DESCRIÇÃO\",IF(AND($C48=\"S\",ORÇAMENTO.Unidade=\"\"),\"UNIDADE\",IF($X48<0,\"VALOR NEGATIVO\",IF(OR(AND(TIPOORCAMENTO=\"Proposto\",$AG48<>\"\",$AG48>0,ORÇAMENTO.CustoUnitario>$AG48),AND(TIPOORCAMENTO=\"LICITADO\",ORÇAMENTO.PrecoUnitarioLicitado>$AN48)),\"ACIMA REF.\",\"\")))))","v":""},{"$f":"IF(C48<=CRONO.NivelExibicao,MAX($AD$15:OFFSET(AD48,-1,0))+IF($C48<>1,1,MAX(1,COUNTIF(QCI!$A$13:$A$24,OFFSET($E48,-1,0)))),\"\")","v":""},{"$f":"IF(AND($C48=\"S\",ORÇAMENTO.CodBarra<>\"\"),IF(ORÇAMENTO.Fonte=\"\",ORÇAMENTO.CodBarra,CONCATENATE(ORÇAMENTO.Fonte,\" \",ORÇAMENTO.CodBarra)))","v":"DER-PR 743900"},{"$f":"IF(ISERROR(INDIRECT(ORÇAMENTO.BancoRef)),\"(abra o arquivo 'Referência \"&Excel_BuiltIn_Database&\".xlsm)\",IF(OR($C48<>\"S\",ORÇAMENTO.CodBarra=\"\"),\"(Sem Código)\",IF(ISERROR(MATCH($AE48,INDIRECT(ORÇAMENTO.BancoRef),0)),\"(Código não identificado nas referências)\",MATCH($AE48,INDIRECT(ORÇAMENTO.BancoRef),0))))","v":13003},{"$f":"ROUND(IF(DESONERACAO=\"sim\",REFERENCIA.Desonerado,REFERENCIA.NaoDesonerado),2)","v":116.89},0.2082,null,0.5,null,null,70.62,141.22999999999999]
["S",3,"S",0,{"$f":"IF($C49=1,OFFSET(E49,-1,0)+MAX(1,COUNTIF(QCI!$A$13:$A$24,OFFSET(ORÇAMENTO!E49,-1,0))),OFFSET(E49,-1,0))","v":1},3,2,0,5,0,{"$f":"IF(OR($C49=\"S\",$C49=0),0,MATCH(OFFSET($D49,0,$C49)+IF($C49<>1,1,COUNTIF(QCI!$A$13:$A$24,ORÇAMENTO!E49)),OFFSET($D49,1,$C49,ROW($C$404)-ROW($C49)),0))","v":0},"F","Serviço","Serviço","1.3.2.0.5.","SINAPI","96557",{"$f":"IF($C49=\"S\",REFERENCIA.Descricao,\"(digite a descrição aqui)\")","v":"CONCRETAGEM DE BLOCO DE COROAMENTO OU VIGA BALDRAME, FCK 30 MPA, COM USO DE BOMBA - LANÇAMENTO, ADENSAMENTO E ACABAMENTO. AF_01/2024"},{"$f":"REFERENCIA.Unidade","v":"M3"},{"$f":"OFFSET(CÁLCULO!H$15,ROW($T49)-ROW(T$15),0)","v":3.96},630.32000000000005,"BDI 1",{"$f":"IF($C49=\"S\",ROUND(IF(TIPOORCAMENTO=\"Proposto\",ORÇAMENTO.CustoUnitario*(1+$AH49),ORÇAMENTO.PrecoUnitarioLicitado),15-13*$AF$10),0)","v":761.55},{"$f":"IF($C49=\"S\",IF(Import.TipoArredondamento<>\"TransfereGOV\",VTOTAL1,SUM(OFFSET(CÁLCULO!$AA$15,ROW($X49)-ROW($X$15),1):OFFSET(CÁLCULO!$AL$15,ROW($X49)-ROW($X$15),-1))),IF($C49=0,0,ROUND(SomaAgrup,15-13*$AF$11)))","v":3015.74},"RA","RA",{"$f":"IF($C49=\"S\",IF($Z49=\"CP\",$X49,IF($Z49=\"RA\",(($X49)*QCI!$AA$3),0)),SomaAgrup)","v":809.04514807439296},0,{"$f":"IF($N49=\"\",\"\",IF(ORÇAMENTO.Descricao=\"\",\"DESCRIÇÃO\",IF(AND($C49=\"S\",ORÇAMENTO.Unidade=\"\"),\"UNIDADE\",IF($X49<0,\"VALOR NEGATIVO\",IF(OR(AND(TIPOORCAMENTO=\"Proposto\",$AG49<>\"\",$AG49>0,ORÇAMENTO.CustoUnitario>$AG49),AND(TIPOORCAMENTO=\"LICITADO\",ORÇAMENTO.PrecoUnitarioLicitado>$AN49)),\"ACIMA REF.\",\"\")))))","v":""},{"$f":"IF(C49<=CRONO.NivelExibicao,MAX($AD$15:OFFSET(AD49,-1,0))+IF($C49<>1,1,MAX(1,COUNTIF(QCI!$A$13:$A$24,OFFSET($E49,-1,0)))),\"\")","v":""},{"$f":"IF(AND($C49=\"S\",ORÇAMENTO.CodBarra<>\"\"),IF(ORÇAMENTO.Fonte=\"\",ORÇAMENTO.CodBarra,CONCATENATE(ORÇAMENTO.Fonte,\" \",ORÇAMENTO.CodBarra)))","v":"SINAPI 96557"},{"$f":"IF(ISERROR(INDIRECT(ORÇAMENTO.BancoRef)),\"(abra o arquivo 'Referência \"&Excel_BuiltIn_Database&\".xlsm)\",IF(OR($C49<>\"S\",ORÇAMENTO.CodBarra=\"\"),\"(Sem Código)\",IF(ISERROR(MATCH($AE49,INDIRECT(ORÇAMENTO.BancoRef),0)),\"(Código não identificado nas referências)\",MATCH($AE49,INDIRECT(ORÇAMENTO.BancoRef),0))))","v":2749},{"$f":"ROUND(IF(DESONERACAO=\"sim\",REFERENCIA.Desonerado,REFERENCIA.NaoDesonerado),2)","v":630.32000000000005},0.2082,null,3.96,null,null,3015.74,761.55]
[3,3,3,4,{"$f":"IF($C50=1,OFFSET(E50,-1,0)+MAX(1,COUNTIF(QCI!$A$13:$A$24,OFFSET(ORÇAMENTO!E50,-1,0))),OFFSET(E50,-1,0))","v":1},3,3,0,0,16,{"$f":"IF(OR($C50=\"S\",$C50=0),0,MATCH(OFFSET($D50,0,$C50)+IF($C50<>1,1,COUNTIF(QCI!$A$13:$A$24,ORÇAMENTO!E50)),OFFSET($D50,1,$C50,ROW($C$404)-ROW($C50)),0))","v":4},"F","Nível 3","Nível 3","1.3.3.","SINAPI",null,"PISO",{"$f":"REFERENCIA.Unidade","v":"-"},{"$f":"OFFSET(CÁLCULO!H$15,ROW($T50)-ROW(T$15),0)","v":0},0,"BDI 1",{"$f":"IF($C50=\"S\",ROUND(IF(TIPOORCAMENTO=\"Proposto\",ORÇAMENTO.CustoUnitario*(1+$AH50),ORÇAMENTO.PrecoUnitarioLicitado),15-13*$AF$10),0)","v":0},{"$f":"IF($C50=\"S\",IF(Import.TipoArredondamento<>\"TransfereGOV\",VTOTAL1,SUM(OFFSET(CÁLCULO!$AA$15,ROW($X50)-ROW($X$15),1):OFFSET(CÁLCULO!$AL$15,ROW($X50)-ROW($X$15),-1))),IF($C50=0,0,ROUND(SomaAgrup,15-13*$AF$11)))","v":9729.49},"RA","",{"$f":"IF($C50=\"S\",IF($Z50=\"CP\",$X50,IF($Z50=\"RA\",(($X50)*QCI!$AA$3),0)),SomaAgrup)","v":2610.1708627860244},0,{"$f":"IF($N50=\"\",\"\",IF(ORÇAMENTO.Descricao=\"\",\"DESCRIÇÃO\",IF(AND($C50=\"S\",ORÇAMENTO.Unidade=\"\"),\"UNIDADE\",IF($X50<0,\"VALOR NEGATIVO\",IF(OR(AND(TIPOORCAMENTO=\"Proposto\",$AG50<>\"\",$AG50>0,ORÇAMENTO.CustoUnitario>$AG50),AND(TIPOORCAMENTO=\"LICITADO\",ORÇAMENTO.PrecoUnitarioLicitado>$AN50)),\"ACIMA REF.\",\"\")))))","v":""},{"$f":"IF(C50<=CRONO.NivelExibicao,MAX($AD$15:OFFSET(AD50,-1,0))+IF($C50<>1,1,MAX(1,COUNTIF(QCI!$A$13:$A$24,OFFSET($E50,-1,0)))),\"\")","v":""},{"$f":"IF(AND($C50=\"S\",ORÇAMENTO.CodBarra<>\"\"),IF(ORÇAMENTO.Fonte=\"\",ORÇAMENTO.CodBarra,CONCATENATE(ORÇAMENTO.Fonte,\" \",ORÇAMENTO.CodBarra)))","v":false},{"$f":"IF(ISERROR(INDIRECT(ORÇAMENTO.BancoRef)),\"(abra o arquivo 'Referência \"&Excel_BuiltIn_Database&\".xlsm)\",IF(OR($C50<>\"S\",ORÇAMENTO.CodBarra=\"\"),\"(Sem Código)\",IF(ISERROR(MATCH($AE50,INDIRECT(ORÇAMENTO.BancoRef),0)),\"(Código não identificado nas referências)\",MATCH($AE50,INDIRECT(ORÇAMENTO.BancoRef),0))))","v":"(Sem Código)"},{"$f":"ROUND(IF(DESONERACAO=\"sim\",REFERENCIA.Desonerado,REFERENCIA.NaoDesonerado),2)","v":0},0.2082,null,null,null,null,9729.49,0]
["S",3,"S",0,{"$f":"IF($C51=1,OFFSET(E51,-1,0)+MAX(1,COUNTIF(QCI!$A$13:$A$24,OFFSET(ORÇAMENTO!E51,-1,0))),OFFSET(E51,-1,0))","v":1},3,3,0,1,0,{"$f":"IF(OR($C51=\"S\",$C51=0),0,MATCH(OFFSET($D51,0,$C51)+IF($C51<>1,1,COUNTIF(QCI!$A$13:$A$24,ORÇAMENTO!E51)),OFFSET($D51,1,$C51,ROW($C$404)-ROW($C51)),0))","v":0},"F","Serviço","Serviço","1.3.3.0.1.","SINAPI","96622",{"$f":"IF($C51=\"S\",REFERENCIA.Descricao,\"(digite a descrição aqui)\")","v":"LASTRO COM MATERIAL GRANULAR, APLICADO EM PISOS OU LAJES SOBRE SOLO, ESPESSURA DE *5 CM*. AF_01/2024"},{"$f":"REFERENCIA.Unidade","v":"M3"},{"$f":"OFFSET(CÁLCULO!H$15,ROW($T51)-ROW(T$15),0)","v":6.48},179.43,"BDI 1",{"$f":"IF($C51=\"S\",ROUND(IF(TIPOORCAMENTO=\"Proposto\",ORÇAMENTO.CustoUnitario*(1+$AH51),ORÇAMENTO.PrecoUnitarioLicitado),15-13*$AF$10),0)","v":216.79},{"$f":"IF($C51=\"S\",IF(Import.TipoArredondamento<>\"TransfereGOV\",VTOTAL1,SUM(OFFSET(CÁLCULO!$AA$15,ROW($X51)-ROW($X$15),1):OFFSET(CÁLCULO!$AL$15,ROW($X51)-ROW($X$15),-1))),IF($C51=0,0,ROUND(SomaAgrup,15-13*$AF$11)))","v":1404.8},"RA","RA",{"$f":"IF($C51=\"S\",IF($Z51=\"CP\",$X51,IF($Z51=\"RA\",(($X51)*QCI!$AA$3),0)),SomaAgrup)","v":376.87155524511638},0,{"$f":"IF($N51=\"\",\"\",IF(ORÇAMENTO.Descricao=\"\",\"DESCRIÇÃO\",IF(AND($C51=\"S\",ORÇAMENTO.Unidade=\"\"),\"UNIDADE\",IF($X51<0,\"VALOR NEGATIVO\",IF(OR(AND(TIPOORCAMENTO=\"Proposto\",$AG51<>\"\",$AG51>0,ORÇAMENTO.CustoUnitario>$AG51),AND(TIPOORCAMENTO=\"LICITADO\",ORÇAMENTO.PrecoUnitarioLicitado>$AN51)),\"ACIMA REF.\",\"\")))))","v":""},{"$f":"IF(C51<=CRONO.NivelExibicao,MAX($AD$15:OFFSET(AD51,-1,0))+IF($C51<>1,1,MAX(1,COUNTIF(QCI!$A$13:$A$24,OFFSET($E51,-1,0)))),\"\")","v":""},{"$f":"IF(AND($C51=\"S\",ORÇAMENTO.CodBarra<>\"\"),IF(ORÇAMENTO.Fonte=\"\",ORÇAMENTO.CodBarra,CONCATENATE(ORÇAMENTO.Fonte,\" \",ORÇAMENTO.CodBarra)))","v":"SINAPI 96622"},{"$f":"IF(ISERROR(INDIRECT(ORÇAMENTO.BancoRef)),\"(abra o arquivo 'Referência \"&Excel_BuiltIn_Database&\".xlsm)\",IF(OR($C51<>\"S\",ORÇAMENTO.CodBarra=\"\"),\"(Sem Código)\",IF(ISERROR(MATCH($AE51,INDIRECT(ORÇAMENTO.BancoRef),0)),\"(Código não identificado nas referências)\",MATCH($AE51,INDIRECT(ORÇAMENTO.BancoRef),0))))","v":2370},{"$f":"ROUND(IF(DESONERACAO=\"sim\",REFERENCIA.Desonerado,REFERENCIA.NaoDesonerado),2)","v":179.43},0.2082,null,6.48,null,null,1404.8,216.79]
["S",3,"S",0,{"$f":"IF($C52=1,OFFSET(E52,-1,0)+MAX(1,COUNTIF(QCI!$A$13:$A$24,OFFSET(ORÇAMENTO!E52,-1,0))),OFFSET(E52,-1,0))","v":1},3,3,0,2,0,{"$f":"IF(OR($C52=\"S\",$C52=0),0,MATCH(OFFSET($D52,0,$C52)+IF($C52<>1,1,COUNTIF(QCI!$A$13:$A$24,ORÇAMENTO!E52)),OFFSET($D52,1,$C52,ROW($C$404)-ROW($C52)),0))","v":0},"F","Serviço","Serviço","1.3.3.0.2.","SINAPI-I","39507",{"$f":"IF($C52=\"S\",REFERENCIA.Descricao,\"(digite a descrição aqui)\")","v":"TELA DE ACO SOLDADA NERVURADA, CA-60, Q-113, (1,8 KG/M2), DIAMETRO DO FIO = 3,8 MM, LARGURA = 2,45 M, ESPACAMENTO DA MALHA = 10 X 10 CM                                                                                                                                                                                                                                                                                                                                                                   "},{"$f":"REFERENCIA.Unidade","v":"M2    "},{"$f":"OFFSET(CÁLCULO!H$15,ROW($T52)-ROW(T$15),0)","v":233.3},14.34,"BDI 1",{"$f":"IF($C52=\"S\",ROUND(IF(TIPOORCAMENTO=\"Proposto\",ORÇAMENTO.CustoUnitario*(1+$AH52),ORÇAMENTO.PrecoUnitarioLicitado),15-13*$AF$10),0)","v":17.329999999999998},{"$f":"IF($C52=\"S\",IF(Import.TipoArredondamento<>\"TransfereGOV\",VTOTAL1,SUM(OFFSET(CÁLCULO!$AA$15,ROW($X52)-ROW($X$15),1):OFFSET(CÁLCULO!$AL$15,ROW($X52)-ROW($X$15),-1))),IF($C52=0,0,ROUND(SomaAgrup,15-13*$AF$11)))","v":4043.09},"RA","RA",{"$f":"IF($C52=\"S\",IF($Z52=\"CP\",$X52,IF($Z52=\"RA\",(($X52)*QCI!$AA$3),0)),SomaAgrup)","v":1084.6566175227631},0,{"$f":"IF($N52=\"\",\"\",IF(ORÇAMENTO.Descricao=\"\",\"DESCRIÇÃO\",IF(AND($C52=\"S\",ORÇAMENTO.Unidade=\"\"),\"UNIDADE\",IF($X52<0,\"VALOR NEGATIVO\",IF(OR(AND(TIPOORCAMENTO=\"Proposto\",$AG52<>\"\",$AG52>0,ORÇAMENTO.CustoUnitario>$AG52),AND(TIPOORCAMENTO=\"LICITADO\",ORÇAMENTO.PrecoUnitarioLicitado>$AN52)),\"ACIMA REF.\",\"\")))))","v":""},{"$f":"IF(C52<=CRONO.NivelExibicao,MAX($AD$15:OFFSET(AD52,-1,0))+IF($C52<>1,1,MAX(1,COUNTIF(QCI!$A$13:$A$24,OFFSET($E52,-1,0)))),\"\")","v":""},{"$f":"IF(AND($C52=\"S\",ORÇAMENTO.CodBarra<>\"\"),IF(ORÇAMENTO.Fonte=\"\",ORÇAMENTO.CodBarra,CONCATENATE(ORÇAMENTO.Fonte,\" \",ORÇAMENTO.CodBarra)))","v":"SINAPI-I 39507"},{"$f":"IF(ISERROR(INDIRECT(ORÇAMENTO.BancoRef)),\"(abra o arquivo 'Referência \"&Excel_BuiltIn_Database&\".xlsm)\",IF(OR($C52<>\"S\",ORÇAMENTO.CodBarra=\"\"),\"(Sem Código)\",IF(ISERROR(MATCH($AE52,INDIRECT(ORÇAMENTO.BancoRef),0)),\"(Código não identificado nas referências)\",MATCH($AE52,INDIRECT(ORÇAMENTO.BancoRef),0))))","v":11808},{"$f":"ROUND(IF(DESONERACAO=\"sim\",REFERENCIA.Desonerado,REFERENCIA.NaoDesonerado),2)","v":14.34},0.2082,null,233.3,null,null,4043.09,17.329999999999998]
["S",3,"S",0,{"$f":"IF($C53=1,OFFSET(E53,-1,0)+MAX(1,COUNTIF(QCI!$A$13:$A$24,OFFSET(ORÇAMENTO!E53,-1,0))),OFFSET(E53,-1,0))","v":1},3,3,0,3,0,{"$f":"IF(OR($C53=\"S\",$C53=0),0,MATCH(OFFSET($D53,0,$C53)+IF($C53<>1,1,COUNTIF(QCI!$A$13:$A$24,ORÇAMENTO!E53)),OFFSET($D53,1,$C53,ROW($C$404)-ROW($C53)),0))","v":0},"F","Serviço","Serviço","1.3.3.0.3.","SINAPI","97096",{"$f":"IF($C53=\"S\",REFERENCIA.Descricao,\"(digite a descrição aqui)\")","v":"CONCRETAGEM DE RADIER, PISO DE CONCRETO OU LAJE SOBRE SOLO, FCK 30 MPA - LANÇAMENTO, ADENSAMENTO E ACABAMENTO. AF_09/2021"},{"$f":"REFERENCIA.Unidade","v":"M3"},{"$f":"OFFSET(CÁLCULO!H$15,ROW($T53)-ROW(T$15),0)","v":6.48},546.88,"BDI 1",{"$f":"IF($C53=\"S\",ROUND(IF(TIPOORCAMENTO=\"Proposto\",ORÇAMENTO.CustoUnitario*(1+$AH53),ORÇAMENTO.PrecoUnitarioLicitado),15-13*$AF$10),0)","v":660.74},{"$f":"IF($C53=\"S\",IF(Import.TipoArredondamento<>\"TransfereGOV\",VTOTAL1,SUM(OFFSET(CÁLCULO!$AA$15,ROW($X53)-ROW($X$15),1):OFFSET(CÁLCULO!$AL$15,ROW($X53)-ROW($X$15),-1))),IF($C53=0,0,ROUND(SomaAgrup,15-13*$AF$11)))","v":4281.6000000000004},"RA","RA",{"$f":"IF($C53=\"S\",IF($Z53=\"CP\",$X53,IF($Z53=\"RA\",(($X53)*QCI!$AA$3),0)),SomaAgrup)","v":1148.6426900181452},0,{"$f":"IF($N53=\"\",\"\",IF(ORÇAMENTO.Descricao=\"\",\"DESCRIÇÃO\",IF(AND($C53=\"S\",ORÇAMENTO.Unidade=\"\"),\"UNIDADE\",IF($X53<0,\"VALOR NEGATIVO\",IF(OR(AND(TIPOORCAMENTO=\"Proposto\",$AG53<>\"\",$AG53>0,ORÇAMENTO.CustoUnitario>$AG53),AND(TIPOORCAMENTO=\"LICITADO\",ORÇAMENTO.PrecoUnitarioLicitado>$AN53)),\"ACIMA REF.\",\"\")))))","v":""},{"$f":"IF(C53<=CRONO.NivelExibicao,MAX($AD$15:OFFSET(AD53,-1,0))+IF($C53<>1,1,MAX(1,COUNTIF(QCI!$A$13:$A$24,OFFSET($E53,-1,0)))),\"\")","v":""},{"$f":"IF(AND($C53=\"S\",ORÇAMENTO.CodBarra<>\"\"),IF(ORÇAMENTO.Fonte=\"\",ORÇAMENTO.CodBarra,CONCATENATE(ORÇAMENTO.Fonte,\" \",ORÇAMENTO.CodBarra)))","v":"SINAPI 97096"},{"$f":"IF(ISERROR(INDIRECT(ORÇAMENTO.BancoRef)),\"(abra o arquivo 'Referência \"&Excel_BuiltIn_Database&\".xlsm)\",IF(OR($C53<>\"S\",ORÇAMENTO.CodBarra=\"\"),\"(Sem Código)\",IF(ISERROR(MATCH($AE53,INDIRECT(ORÇAMENTO.BancoRef),0)),\"(Código não identificado nas referências)\",MATCH($AE53,INDIRECT(ORÇAMENTO.BancoRef),0))))","v":2384},{"$f":"ROUND(IF(DESONERACAO=\"sim\",REFERENCIA.Desonerado,REFERENCIA.NaoDesonerado),2)","v":546.88},0.2082,null,6.48,null,null,4281.6000000000004,660.74]
[3,3,3,5,{"$f":"IF($C54=1,OFFSET(E54,-1,0)+MAX(1,COUNTIF(QCI!$A$13:$A$24,OFFSET(ORÇAMENTO!E54,-1,0))),OFFSET(E54,-1,0))","v":1},3,4,0,0,12,{"$f":"IF(OR($C54=\"S\",$C54=0),0,MATCH(OFFSET($D54,0,$C54)+IF($C54<>1,1,COUNTIF(QCI!$A$13:$A$24,ORÇAMENTO!E54)),OFFSET($D54,1,$C54,ROW($C$404)-ROW($C54)),0))","v":5},"F","Nível 3","Nível 3","1.3.4.","SINAPI",null,"PILARES",{"$f":"REFERENCIA.Unidade","v":"-"},{"$f":"OFFSET(CÁLCULO!H$15,ROW($T54)-ROW(T$15),0)","v":0},0,"BDI 1",{"$f":"IF($C54=\"S\",ROUND(IF(TIPOORCAMENTO=\"Proposto\",ORÇAMENTO.CustoUnitario*(1+$AH54),ORÇAMENTO.PrecoUnitarioLicitado),15-13*$AF$10),0)","v":0},{"$f":"IF($C54=\"S\",IF(Import.TipoArredondamento<>\"TransfereGOV\",VTOTAL1,SUM(OFFSET(CÁLCULO!$AA$15,ROW($X54)-ROW($X$15),1):OFFSET(CÁLCULO!$AL$15,ROW($X54)-ROW($X$15),-1))),IF($C54=0,0,ROUND(SomaAgrup,15-13*$AF$11)))","v":19215.439999999999},"RA","",{"$f":"IF($C54=\"S\",IF($Z54=\"CP\",$X54,IF($Z54=\"RA\",(($X54)*QCI!$AA$3),0)),SomaAgrup)","v":5155.0062339971664},0,{"$f":"IF($N54=\"\",\"\",IF(ORÇAMENTO.Descricao=\"\",\"DESCRIÇÃO\",IF(AND($C54=\"S\",ORÇAMENTO.Unidade=\"\"),\"UNIDADE\",IF($X54<0,\"VALOR NEGATIVO\",IF(OR(AND(TIPOORCAMENTO=\"Proposto\",$AG54<>\"\",$AG54>0,ORÇAMENTO.CustoUnitario>$AG54),AND(TIPOORCAMENTO=\"LICITADO\",ORÇAMENTO.PrecoUnitarioLicitado>$AN54)),\"ACIMA REF.\",\"\")))))","v":""},{"$f":"IF(C54<=CRONO.NivelExibicao,MAX($AD$15:OFFSET(AD54,-1,0))+IF($C54<>1,1,MAX(1,COUNTIF(QCI!$A$13:$A$24,OFFSET($E54,-1,0)))),\"\")","v":""},{"$f":"IF(AND($C54=\"S\",ORÇAMENTO.CodBarra<>\"\"),IF(ORÇAMENTO.Fonte=\"\",ORÇAMENTO.CodBarra,CONCATENATE(ORÇAMENTO.Fonte,\" \",ORÇAMENTO.CodBarra)))","v":false},{"$f":"IF(ISERROR(INDIRECT(ORÇAMENTO.BancoRef)),\"(abra o arquivo 'Referência \"&Excel_BuiltIn_Database&\".xlsm)\",IF(OR($C54<>\"S\",ORÇAMENTO.CodBarra=\"\"),\"(Sem Código)\",IF(ISERROR(MATCH($AE54,INDIRECT(ORÇAMENTO.BancoRef),0)),\"(Código não identificado nas referências)\",MATCH($AE54,INDIRECT(ORÇAMENTO.BancoRef),0))))","v":"(Sem Código)"},{"$f":"ROUND(IF(DESONERACAO=\"sim\",REFERENCIA.Desonerado,REFERENCIA.NaoDesonerado),2)","v":0},0.2082,null,null,null,null,19215.439999999999,0]
["S",3,"S",0,{"$f":"IF($C55=1,OFFSET(E55,-1,0)+MAX(1,COUNTIF(QCI!$A$13:$A$24,OFFSET(ORÇAMENTO!E55,-1,0))),OFFSET(E55,-1,0))","v":1},3,4,0,1,0,{"$f":"IF(OR($C55=\"S\",$C55=0),0,MATCH(OFFSET($D55,0,$C55)+IF($C55<>1,1,COUNTIF(QCI!$A$13:$A$24,ORÇAMENTO!E55)),OFFSET($D55,1,$C55,ROW($C$404)-ROW($C55)),0))","v":0},"F","Serviço","Serviço","1.3.4.0.1.","SINAPI","92413",{"$f":"IF($C55=\"S\",REFERENCIA.Descricao,\"(digite a descrição aqui)\")","v":"MONTAGEM E DESMONTAGEM DE FÔRMA DE PILARES RETANGULARES E ESTRUTURAS SIMILARES, PÉ-DIREITO SIMPLES, EM MADEIRA SERRADA, 4 UTILIZAÇÕES. AF_09/2020"},{"$f":"REFERENCIA.Unidade","v":"M2"},{"$f":"OFFSET(CÁLCULO!H$15,ROW($T55)-ROW(T$15),0)","v":73.98},115.11,"BDI 1",{"$f":"IF($C55=\"S\",ROUND(IF(TIPOORCAMENTO=\"Proposto\",ORÇAMENTO.CustoUnitario*(1+$AH55),ORÇAMENTO.PrecoUnitarioLicitado),15-13*$AF$10),0)","v":139.08000000000001},{"$f":"IF($C55=\"S\",IF(Import.TipoArredondamento<>\"TransfereGOV\",VTOTAL1,SUM(OFFSET(CÁLCULO!$AA$15,ROW($X55)-ROW($X$15),1):OFFSET(CÁLCULO!$AL$15,ROW($X55)-ROW($X$15),-1))),IF($C55=0,0,ROUND(SomaAgrup,15-13*$AF$11)))","v":10289.14},"RA","RA",{"$f":"IF($C55=\"S\",IF($Z55=\"CP\",$X55,IF($Z55=\"RA\",(($X55)*QCI!$AA$3),0)),SomaAgrup)","v":2760.3105025161849},0,{"$f":"IF($N55=\"\",\"\",IF(ORÇAMENTO.Descricao=\"\",\"DESCRIÇÃO\",IF(AND($C55=\"S\",ORÇAMENTO.Unidade=\"\"),\"UNIDADE\",IF($X55<0,\"VALOR NEGATIVO\",IF(OR(AND(TIPOORCAMENTO=\"Proposto\",$AG55<>\"\",$AG55>0,ORÇAMENTO.CustoUnitario>$AG55),AND(TIPOORCAMENTO=\"LICITADO\",ORÇAMENTO.PrecoUnitarioLicitado>$AN55)),\"ACIMA REF.\",\"\")))))","v":""},{"$f":"IF(C55<=CRONO.NivelExibicao,MAX($AD$15:OFFSET(AD55,-1,0))+IF($C55<>1,1,MAX(1,COUNTIF(QCI!$A$13:$A$24,OFFSET($E55,-1,0)))),\"\")","v":""},{"$f":"IF(AND($C55=\"S\",ORÇAMENTO.CodBarra<>\"\"),IF(ORÇAMENTO.Fonte=\"\",ORÇAMENTO.CodBarra,CONCATENATE(ORÇAMENTO.Fonte,\" \",ORÇAMENTO.CodBarra)))","v":"SINAPI 92413"},{"$f":"IF(ISERROR(INDIRECT(ORÇAMENTO.BancoRef)),\"(abra o arquivo 'Referência \"&Excel_BuiltIn_Database&\".xlsm)\",IF(OR($C55<>\"S\",ORÇAMENTO.CodBarra=\"\"),\"(Sem Código)\",IF(ISERROR(MATCH($AE55,INDIRECT(ORÇAMENTO.BancoRef),0)),\"(Código não identificado nas referências)\",MATCH($AE55,INDIRECT(ORÇAMENTO.BancoRef),0))))","v":2414},{"$f":"ROUND(IF(DESONERACAO=\"sim\",REFERENCIA.Desonerado,REFERENCIA.NaoDesonerado),2)","v":115.11},0.2082,null,73.98,null,null,10289.14,139.08000000000001]
["S",3,"S",0,{"$f":"IF($C56=1,OFFSET(E56,-1,0)+MAX(1,COUNTIF(QCI!$A$13:$A$24,OFFSET(ORÇAMENTO!E56,-1,0))),OFFSET(E56,-1,0))","v":1},3,4,0,2,0,{"$f":"IF(OR($C56=\"S\",$C56=0),0,MATCH(OFFSET($D56,0,$C56)+IF($C56<>1,1,COUNTIF(QCI!$A$13:$A$24,ORÇAMENTO!E56)),OFFSET($D56,1,$C56,ROW($C$404)-ROW($C56)),0))","v":0},"F","Serviço","Serviço","1.3.4.0.2.","SINAPI","92762",{"$f":"IF($C56=\"S\",REFERENCIA.Descricao,\"(digite a descrição aqui)\")","v":"ARMAÇÃO DE PILAR OU VIGA DE ESTRUTURA CONVENCIONAL DE CONCRETO ARMADO UTILIZANDO AÇO CA-50 DE 10,0 MM - MONTAGEM. AF_06/2022"},{"$f":"REFERENCIA.Unidade","v":"KG"},{"$f":"OFFSET(CÁLCULO!H$15,ROW($T56)-ROW(T$15),0)","v":324.91000000000003},10.92,"BDI 1",{"$f":"IF($C56=\"S\",ROUND(IF(TIPOORCAMENTO=\"Proposto\",ORÇAMENTO.CustoUnitario*(1+$AH56),ORÇAMENTO.PrecoUnitarioLicitado),15-13*$AF$10),0)","v":13.19},{"$f":"IF($C56=\"S\",IF(Import.TipoArredondamento<>\"TransfereGOV\",VTOTAL1,SUM(OFFSET(CÁLCULO!$AA$15,ROW($X56)-ROW($X$15),1):OFFSET(CÁLCULO!$AL$15,ROW($X56)-ROW($X$15),-1))),IF($C56=0,0,ROUND(SomaAgrup,15-13*$AF$11)))","v":4285.5600000000004},"RA","RA",{"$f":"IF($C56=\"S\",IF($Z56=\"CP\",$X56,IF($Z56=\"RA\",(($X56)*QCI!$AA$3),0)),SomaAgrup)","v":1149.70505573481},0,{"$f":"IF($N56=\"\",\"\",IF(ORÇAMENTO.Descricao=\"\",\"DESCRIÇÃO\",IF(AND($C56=\"S\",ORÇAMENTO.Unidade=\"\"),\"UNIDADE\",IF($X56<0,\"VALOR NEGATIVO\",IF(OR(AND(TIPOORCAMENTO=\"Proposto\",$AG56<>\"\",$AG56>0,ORÇAMENTO.CustoUnitario>$AG56),AND(TIPOORCAMENTO=\"LICITADO\",ORÇAMENTO.PrecoUnitarioLicitado>$AN56)),\"ACIMA REF.\",\"\")))))","v":""},{"$f":"IF(C56<=CRONO.NivelExibicao,MAX($AD$15:OFFSET(AD56,-1,0))+IF($C56<>1,1,MAX(1,COUNTIF(QCI!$A$13:$A$24,OFFSET($E56,-1,0)))),\"\")","v":""},{"$f":"IF(AND($C56=\"S\",ORÇAMENTO.CodBarra<>\"\"),IF(ORÇAMENTO.Fonte=\"\",ORÇAMENTO.CodBarra,CONCATENATE(ORÇAMENTO.Fonte,\" \",ORÇAMENTO.CodBarra)))","v":"SINAPI 92762"},{"$f":"IF(ISERROR(INDIRECT(ORÇAMENTO.BancoRef)),\"(abra o arquivo 'Referência \"&Excel_BuiltIn_Database&\".xlsm)\",IF(OR($C56<>\"S\",ORÇAMENTO.CodBarra=\"\"),\"(Sem Código)\",IF(ISERROR(MATCH($AE56,INDIRECT(ORÇAMENTO.BancoRef),0)),\"(Código não identificado nas referências)\",MATCH($AE56,INDIRECT(ORÇAMENTO.BancoRef),0))))","v":2633},{"$f":"ROUND(IF(DESONERACAO=\"sim\",REFERENCIA.Desonerado,REFERENCIA.NaoDesonerado),2)","v":10.92},0.2082,null,324.91000000000003,null,null,4285.5600000000004,13.19]
["S",3,"S",0,{"$f":"IF($C57=1,OFFSET(E57,-1,0)+MAX(1,COUNTIF(QCI!$A$13:$A$24,OFFSET(ORÇAMENTO!E57,-1,0))),OFFSET(E57,-1,0))","v":1},3,4,0,3,0,{"$f":"IF(OR($C57=\"S\",$C57=0),0,MATCH(OFFSET($D57,0,$C57)+IF($C57<>1,1,COUNTIF(QCI!$A$13:$A$24,ORÇAMENTO!E57)),OFFSET($D57,1,$C57,ROW($C$404)-ROW($C57)),0))","v":0},"F","Serviço","Serviço","1.3.4.0.3.","SINAPI","92759",{"$f":"IF($C57=\"S\",REFERENCIA.Descricao,\"(digite a descrição aqui)\")","v":"ARMAÇÃO DE PILAR OU VIGA DE ESTRUTURA CONVENCIONAL DE CONCRETO ARMADO UTILIZANDO AÇO CA-60 DE 5,0 MM - MONTAGEM. AF_06/2022"},{"$f":"REFERENCIA.Unidade","v":"KG"},{"$f":"OFFSET(CÁLCULO!H$15,ROW($T57)-ROW(T$15),0)","v":87.38},14.91,"BDI 1",{"$f":"IF($C57=\"S\",ROUND(IF(TIPOORCAMENTO=\"Proposto\",ORÇAMENTO.CustoUnitario*(1+$AH57),ORÇAMENTO.PrecoUnitarioLicitado),15-13*$AF$10),0)","v":18.010000000000002},{"$f":"IF($C57=\"S\",IF(Import.TipoArredondamento<>\"TransfereGOV\",VTOTAL1,SUM(OFFSET(CÁLCULO!$AA$15,ROW($X57)-ROW($X$15),1):OFFSET(CÁLCULO!$AL$15,ROW($X57)-ROW($X$15),-1))),IF($C57=0,0,ROUND(SomaAgrup,15-13*$AF$11)))","v":1573.71},"RA","RA",{"$f":"IF($C57=\"S\",IF($Z57=\"CP\",$X57,IF($Z57=\"RA\",(($X57)*QCI!$AA$3),0)),SomaAgrup)","v":422.18574544760259},0,{"$f":"IF($N57=\"\",\"\",IF(ORÇAMENTO.Descricao=\"\",\"DESCRIÇÃO\",IF(AND($C57=\"S\",ORÇAMENTO.Unidade=\"\"),\"UNIDADE\",IF($X57<0,\"VALOR NEGATIVO\",IF(OR(AND(TIPOORCAMENTO=\"Proposto\",$AG57<>\"\",$AG57>0,ORÇAMENTO.CustoUnitario>$AG57),AND(TIPOORCAMENTO=\"LICITADO\",ORÇAMENTO.PrecoUnitarioLicitado>$AN57)),\"ACIMA REF.\",\"\")))))","v":""},{"$f":"IF(C57<=CRONO.NivelExibicao,MAX($AD$15:OFFSET(AD57,-1,0))+IF($C57<>1,1,MAX(1,COUNTIF(QCI!$A$13:$A$24,OFFSET($E57,-1,0)))),\"\")","v":""},{"$f":"IF(AND($C57=\"S\",ORÇAMENTO.CodBarra<>\"\"),IF(ORÇAMENTO.Fonte=\"\",ORÇAMENTO.CodBarra,CONCATENATE(ORÇAMENTO.Fonte,\" \",ORÇAMENTO.CodBarra)))","v":"SINAPI 92759"},{"$f":"IF(ISERROR(INDIRECT(ORÇAMENTO.BancoRef)),\"(abra o arquivo 'Referência \"&Excel_BuiltIn_Database&\".xlsm)\",IF(OR($C57<>\"S\",ORÇAMENTO.CodBarra=\"\"),\"(Sem Código)\",IF(ISERROR(MATCH($AE57,INDIRECT(ORÇAMENTO.BancoRef),0)),\"(Código não identificado nas referências)\",MATCH($AE57,INDIRECT(ORÇAMENTO.BancoRef),0))))","v":2630},{"$f":"ROUND(IF(DESONERACAO=\"sim\",REFERENCIA.Desonerado,REFERENCIA.NaoDesonerado),2)","v":14.91},0.2082,null,87.377399999999994,null,null,1573.71,18.010000000000002]
["S",3,"S",0,{"$f":"IF($C58=1,OFFSET(E58,-1,0)+MAX(1,COUNTIF(QCI!$A$13:$A$24,OFFSET(ORÇAMENTO!E58,-1,0))),OFFSET(E58,-1,0))","v":1},3,4,0,4,0,{"$f":"IF(OR($C58=\"S\",$C58=0),0,MATCH(OFFSET($D58,0,$C58)+IF($C58<>1,1,COUNTIF(QCI!$A$13:$A$24,ORÇAMENTO!E58)),OFFSET($D58,1,$C58,ROW($C$404)-ROW($C58)),0))","v":0},"F","Serviço","Serviço","1.3.4.0.4.","SINAPI","103672",{"$f":"IF($C58=\"S\",REFERENCIA.Descricao,\"(digite a descrição aqui)\")","v":"CONCRETAGEM DE PILARES, FCK = 25 MPA, COM USO DE BOMBA - LANÇAMENTO, ADENSAMENTO E ACABAMENTO. AF_02/2022_PS"},{"$f":"REFERENCIA.Unidade","v":"M3"},{"$f":"OFFSET(CÁLCULO!H$15,ROW($T58)-ROW(T$15),0)","v":4.3899999999999997},578.25,"BDI 1",{"$f":"IF($C58=\"S\",ROUND(IF(TIPOORCAMENTO=\"Proposto\",ORÇAMENTO.CustoUnitario*(1+$AH58),ORÇAMENTO.PrecoUnitarioLicitado),15-13*$AF$10),0)","v":698.64},{"$f":"IF($C58=\"S\",IF(Import.TipoArredondamento<>\"TransfereGOV\",VTOTAL1,SUM(OFFSET(CÁLCULO!$AA$15,ROW($X58)-ROW($X$15),1):OFFSET(CÁLCULO!$AL$15,ROW($X58)-ROW($X$15),-1))),IF($C58=0,0,ROUND(SomaAgrup,15-13*$AF$11)))","v":3067.03},"RA","RA",{"$f":"IF($C58=\"S\",IF($Z58=\"CP\",$X58,IF($Z58=\"RA\",(($X58)*QCI!$AA$3),0)),SomaAgrup)","v":822.80493029856882},0,{"$f":"IF($N58=\"\",\"\",IF(ORÇAMENTO.Descricao=\"\",\"DESCRIÇÃO\",IF(AND($C58=\"S\",ORÇAMENTO.Unidade=\"\"),\"UNIDADE\",IF($X58<0,\"VALOR NEGATIVO\",IF(OR(AND(TIPOORCAMENTO=\"Proposto\",$AG58<>\"\",$AG58>0,ORÇAMENTO.CustoUnitario>$AG58),AND(TIPOORCAMENTO=\"LICITADO\",ORÇAMENTO.PrecoUnitarioLicitado>$AN58)),\"ACIMA REF.\",\"\")))))","v":""},{"$f":"IF(C58<=CRONO.NivelExibicao,MAX($AD$15:OFFSET(AD58,-1,0))+IF($C58<>1,1,MAX(1,COUNTIF(QCI!$A$13:$A$24,OFFSET($E58,-1,0)))),\"\")","v":""},{"$f":"IF(AND($C58=\"S\",ORÇAMENTO.CodBarra<>\"\"),IF(ORÇAMENTO.Fonte=\"\",ORÇAMENTO.CodBarra,CONCATENATE(ORÇAMENTO.Fonte,\" \",ORÇAMENTO.CodBarra)))","v":"SINAPI 103672"},{"$f":"IF(ISERROR(INDIRECT(ORÇAMENTO.BancoRef)),\"(abra o arquivo 'Referência \"&Excel_BuiltIn_Database&\".xlsm)\",IF(OR($C58<>\"S\",ORÇAMENTO.CodBarra=\"\"),\"(Sem Código)\",IF(ISERROR(MATCH($AE58,INDIRECT(ORÇAMENTO.BancoRef),0)),\"(Código não identificado nas referências)\",MATCH($AE58,INDIRECT(ORÇAMENTO.BancoRef),0))))","v":2781},{"$f":"ROUND(IF(DESONERACAO=\"sim\",REFERENCIA.Desonerado,REFERENCIA.NaoDesonerado),2)","v":578.25},0.2082,null,4.3899999999999997,null,null,3067.03,698.64]
[3,3,3,5,{"$f":"IF($C59=1,OFFSET(E59,-1,0)+MAX(1,COUNTIF(QCI!$A$13:$A$24,OFFSET(ORÇAMENTO!E59,-1,0))),OFFSET(E59,-1,0))","v":1},3,5,0,0,7,{"$f":"IF(OR($C59=\"S\",$C59=0),0,MATCH(OFFSET($D59,0,$C59)+IF($C59<>1,1,COUNTIF(QCI!$A$13:$A$24,ORÇAMENTO!E59)),OFFSET($D59,1,$C59,ROW($C$404)-ROW($C59)),0))","v":5},"F","Nível 3","Nível 3","1.3.5.","SINAPI",null,"VIGAS DE FECHAMENTO",{"$f":"REFERENCIA.Unidade","v":"-"},{"$f":"OFFSET(CÁLCULO!H$15,ROW($T59)-ROW(T$15),0)","v":0},0,"BDI 1",{"$f":"IF($C59=\"S\",ROUND(IF(TIPOORCAMENTO=\"Proposto\",ORÇAMENTO.CustoUnitario*(1+$AH59),ORÇAMENTO.PrecoUnitarioLicitado),15-13*$AF$10),0)","v":0},{"$f":"IF($C59=\"S\",IF(Import.TipoArredondamento<>\"TransfereGOV\",VTOTAL1,SUM(OFFSET(CÁLCULO!$AA$15,ROW($X59)-ROW($X$15),1):OFFSET(CÁLCULO!$AL$15,ROW($X59)-ROW($X$15),-1))),IF($C59=0,0,ROUND(SomaAgrup,15-13*$AF$11)))","v":26054.81},"RA","",{"$f":"IF($C59=\"S\",IF($Z59=\"CP\",$X59,IF($Z59=\"RA\",(($X59)*QCI!$AA$3),0)),SomaAgrup)","v":6989.8325500541077},0,{"$f":"IF($N59=\"\",\"\",IF(ORÇAMENTO.Descricao=\"\",\"DESCRIÇÃO\",IF(AND($C59=\"S\",ORÇAMENTO.Unidade=\"\"),\"UNIDADE\",IF($X59<0,\"VALOR NEGATIVO\",IF(OR(AND(TIPOORCAMENTO=\"Proposto\",$AG59<>\"\",$AG59>0,ORÇAMENTO.CustoUnitario>$AG59),AND(TIPOORCAMENTO=\"LICITADO\",ORÇAMENTO.PrecoUnitarioLicitado>$AN59)),\"ACIMA REF.\",\"\")))))","v":""},{"$f":"IF(C59<=CRONO.NivelExibicao,MAX($AD$15:OFFSET(AD59,-1,0))+IF($C59<>1,1,MAX(1,COUNTIF(QCI!$A$13:$A$24,OFFSET($E59,-1,0)))),\"\")","v":""},{"$f":"IF(AND($C59=\"S\",ORÇAMENTO.CodBarra<>\"\"),IF(ORÇAMENTO.Fonte=\"\",ORÇAMENTO.CodBarra,CONCATENATE(ORÇAMENTO.Fonte,\" \",ORÇAMENTO.CodBarra)))","v":false},{"$f":"IF(ISERROR(INDIRECT(ORÇAMENTO.BancoRef)),\"(abra o arquivo 'Referência \"&Excel_BuiltIn_Database&\".xlsm)\",IF(OR($C59<>\"S\",ORÇAMENTO.CodBarra=\"\"),\"(Sem Código)\",IF(ISERROR(MATCH($AE59,INDIRECT(ORÇAMENTO.BancoRef),0)),\"(Código não identificado nas referências)\",MATCH($AE59,INDIRECT(ORÇAMENTO.BancoRef),0))))","v":"(Sem Código)"},{"$f":"ROUND(IF(DESONERACAO=\"sim\",REFERENCIA.Desonerado,REFERENCIA.NaoDesonerado),2)","v":0},0.2082,null,null,null,null,26054.81,0]
["S",3,"S",0,{"$f":"IF($C60=1,OFFSET(E60,-1,0)+MAX(1,COUNTIF(QCI!$A$13:$A$24,OFFSET(ORÇAMENTO!E60,-1,0))),OFFSET(E60,-1,0))","v":1},3,5,0,1,0,{"$f":"IF(OR($C60=\"S\",$C60=0),0,MATCH(OFFSET($D60,0,$C60)+IF($C60<>1,1,COUNTIF(QCI!$A$13:$A$24,ORÇAMENTO!E60)),OFFSET($D60,1,$C60,ROW($C$404)-ROW($C60)),0))","v":0},"F","Serviço","Serviço","1.3.5.0.1.","SINAPI","92448",{"$f":"IF($C60=\"S\",REFERENCIA.Descricao,\"(digite a descrição aqui)\")","v":"MONTAGEM E DESMONTAGEM DE FÔRMA DE VIGA, ESCORAMENTO COM PONTALETE DE MADEIRA, PÉ-DIREITO SIMPLES, EM MADEIRA SERRADA, 4 UTILIZAÇÕES. AF_09/2020"},{"$f":"REFERENCIA.Unidade","v":"M2"},{"$f":"OFFSET(CÁLCULO!H$15,ROW($T60)-ROW(T$15),0)","v":47.65},179.07,"BDI 1",{"$f":"IF($C60=\"S\",ROUND(IF(TIPOORCAMENTO=\"Proposto\",ORÇAMENTO.CustoUnitario*(1+$AH60),ORÇAMENTO.PrecoUnitarioLicitado),15-13*$AF$10),0)","v":216.35},{"$f":"IF($C60=\"S\",IF(Import.TipoArredondamento<>\"TransfereGOV\",VTOTAL1,SUM(OFFSET(CÁLCULO!$AA$15,ROW($X60)-ROW($X$15),1):OFFSET(CÁLCULO!$AL$15,ROW($X60)-ROW($X$15),-1))),IF($C60=0,0,ROUND(SomaAgrup,15-13*$AF$11)))","v":10309.08},"RA","RA",{"$f":"IF($C60=\"S\",IF($Z60=\"CP\",$X60,IF($Z60=\"RA\",(($X60)*QCI!$AA$3),0)),SomaAgrup)","v":2765.6598894834315},0,{"$f":"IF($N60=\"\",\"\",IF(ORÇAMENTO.Descricao=\"\",\"DESCRIÇÃO\",IF(AND($C60=\"S\",ORÇAMENTO.Unidade=\"\"),\"UNIDADE\",IF($X60<0,\"VALOR NEGATIVO\",IF(OR(AND(TIPOORCAMENTO=\"Proposto\",$AG60<>\"\",$AG60>0,ORÇAMENTO.CustoUnitario>$AG60),AND(TIPOORCAMENTO=\"LICITADO\",ORÇAMENTO.PrecoUnitarioLicitado>$AN60)),\"ACIMA REF.\",\"\")))))","v":""},{"$f":"IF(C60<=CRONO.NivelExibicao,MAX($AD$15:OFFSET(AD60,-1,0))+IF($C60<>1,1,MAX(1,COUNTIF(QCI!$A$13:$A$24,OFFSET($E60,-1,0)))),\"\")","v":""},{"$f":"IF(AND($C60=\"S\",ORÇAMENTO.CodBarra<>\"\"),IF(ORÇAMENTO.Fonte=\"\",ORÇAMENTO.CodBarra,CONCATENATE(ORÇAMENTO.Fonte,\" \",ORÇAMENTO.CodBarra)))","v":"SINAPI 92448"},{"$f":"IF(ISERROR(INDIRECT(ORÇAMENTO.BancoRef)),\"(abra o arquivo 'Referência \"&Excel_BuiltIn_Database&\".xlsm)\",IF(OR($C60<>\"S\",ORÇAMENTO.CodBarra=\"\"),\"(Sem Código)\",IF(ISERROR(MATCH($AE60,INDIRECT(ORÇAMENTO.BancoRef),0)),\"(Código não identificado nas referências)\",MATCH($AE60,INDIRECT(ORÇAMENTO.BancoRef),0))))","v":2433},{"$f":"ROUND(IF(DESONERACAO=\"sim\",REFERENCIA.Desonerado,REFERENCIA.NaoDesonerado),2)","v":179.07},0.2082,null,47.65,null,null,10309.08,216.35]
["S",3,"S",0,{"$f":"IF($C61=1,OFFSET(E61,-1,0)+MAX(1,COUNTIF(QCI!$A$13:$A$24,OFFSET(ORÇAMENTO!E61,-1,0))),OFFSET(E61,-1,0))","v":1},3,5,0,2,0,{"$f":"IF(OR($C61=\"S\",$C61=0),0,MATCH(OFFSET($D61,0,$C61)+IF($C61<>1,1,COUNTIF(QCI!$A$13:$A$24,ORÇAMENTO!E61)),OFFSET($D61,1,$C61,ROW($C$404)-ROW($C61)),0))","v":0},"F","Serviço","Serviço","1.3.5.0.2.","SINAPI","92762",{"$f":"IF($C61=\"S\",REFERENCIA.Descricao,\"(digite a descrição aqui)\")","v":"ARMAÇÃO DE PILAR OU VIGA DE ESTRUTURA CONVENCIONAL DE CONCRETO ARMADO UTILIZANDO AÇO CA-50 DE 10,0 MM - MONTAGEM. AF_06/2022"},{"$f":"REFERENCIA.Unidade","v":"KG"},{"$f":"OFFSET(CÁLCULO!H$15,ROW($T61)-ROW(T$15),0)","v":543.79999999999995},10.92,"BDI 1",{"$f":"IF($C61=\"S\",ROUND(IF(TIPOORCAMENTO=\"Proposto\",ORÇAMENTO.CustoUnitario*(1+$AH61),ORÇAMENTO.PrecoUnitarioLicitado),15-13*$AF$10),0)","v":13.19},{"$f":"IF($C61=\"S\",IF(Import.TipoArredondamento<>\"TransfereGOV\",VTOTAL1,SUM(OFFSET(CÁLCULO!$AA$15,ROW($X61)-ROW($X$15),1):OFFSET(CÁLCULO!$AL$15,ROW($X61)-ROW($X$15),-1))),IF($C61=0,0,ROUND(SomaAgrup,15-13*$AF$11)))","v":7172.72},"RA","RA",{"$f":"IF($C61=\"S\",IF($Z61=\"CP\",$X61,IF($Z61=\"RA\",(($X61)*QCI!$AA$3),0)),SomaAgrup)","v":1924.2555109181033},0,{"$f":"IF($N61=\"\",\"\",IF(ORÇAMENTO.Descricao=\"\",\"DESCRIÇÃO\",IF(AND($C61=\"S\",ORÇAMENTO.Unidade=\"\"),\"UNIDADE\",IF($X61<0,\"VALOR NEGATIVO\",IF(OR(AND(TIPOORCAMENTO=\"Proposto\",$AG61<>\"\",$AG61>0,ORÇAMENTO.CustoUnitario>$AG61),AND(TIPOORCAMENTO=\"LICITADO\",ORÇAMENTO.PrecoUnitarioLicitado>$AN61)),\"ACIMA REF.\",\"\")))))","v":""},{"$f":"IF(C61<=CRONO.NivelExibicao,MAX($AD$15:OFFSET(AD61,-1,0))+IF($C61<>1,1,MAX(1,COUNTIF(QCI!$A$13:$A$24,OFFSET($E61,-1,0)))),\"\")","v":""},{"$f":"IF(AND($C61=\"S\",ORÇAMENTO.CodBarra<>\"\"),IF(ORÇAMENTO.Fonte=\"\",ORÇAMENTO.CodBarra,CONCATENATE(ORÇAMENTO.Fonte,\" \",ORÇAMENTO.CodBarra)))","v":"SINAPI 92762"},{"$f":"IF(ISERROR(INDIRECT(ORÇAMENTO.BancoRef)),\"(abra o arquivo 'Referência \"&Excel_BuiltIn_Database&\".xlsm)\",IF(OR($C61<>\"S\",ORÇAMENTO.CodBarra=\"\"),\"(Sem Código)\",IF(ISERROR(MATCH($AE61,INDIRECT(ORÇAMENTO.BancoRef),0)),\"(Código não identificado nas referências)\",MATCH($AE61,INDIRECT(ORÇAMENTO.BancoRef),0))))","v":2633},{"$f":"ROUND(IF(DESONERACAO=\"sim\",REFERENCIA.Desonerado,REFERENCIA.NaoDesonerado),2)","v":10.92},0.2082,null,543.79999999999995,null,null,7172.72,13.19]
["S",3,"S",0,{"$f":"IF($C62=1,OFFSET(E62,-1,0)+MAX(1,COUNTIF(QCI!$A$13:$A$24,OFFSET(ORÇAMENTO!E62,-1,0))),OFFSET(E62,-1,0))","v":1},3,5,0,3,0,{"$f":"IF(OR($C62=\"S\",$C62=0),0,MATCH(OFFSET($D62,0,$C62)+IF($C62<>1,1,COUNTIF(QCI!$A$13:$A$24,ORÇAMENTO!E62)),OFFSET($D62,1,$C62,ROW($C$404)-ROW($C62)),0))","v":0},"F","Serviço","Serviço","1.3.5.0.3.","SINAPI","92759",{"$f":"IF($C62=\"S\",REFERENCIA.Descricao,\"(digite a descrição aqui)\")","v":"ARMAÇÃO DE PILAR OU VIGA DE ESTRUTURA CONVENCIONAL DE CONCRETO ARMADO UTILIZANDO AÇO CA-60 DE 5,0 MM - MONTAGEM. AF_06/2022"},{"$f":"REFERENCIA.Unidade","v":"KG"},{"$f":"OFFSET(CÁLCULO!H$15,ROW($T62)-ROW(T$15),0)","v":151.01},14.91,"BDI 1",{"$f":"IF($C62=\"S\",ROUND(IF(TIPOORCAMENTO=\"Proposto\",ORÇAMENTO.CustoUnitario*(1+$AH62),ORÇAMENTO.PrecoUnitarioLicitado),15-13*$AF$10),0)","v":18.010000000000002},{"$f":"IF($C62=\"S\",IF(Import.TipoArredondamento<>\"TransfereGOV\",VTOTAL1,SUM(OFFSET(CÁLCULO!$AA$15,ROW($X62)-ROW($X$15),1):OFFSET(CÁLCULO!$AL$15,ROW($X62)-ROW($X$15),-1))),IF($C62=0,0,ROUND(SomaAgrup,15-13*$AF$11)))","v":2719.69},"RA","RA",{"$f":"IF($C62=\"S\",IF($Z62=\"CP\",$X62,IF($Z62=\"RA\",(($X62)*QCI!$AA$3),0)),SomaAgrup)","v":729.62257978686694},0,{"$f":"IF($N62=\"\",\"\",IF(ORÇAMENTO.Descricao=\"\",\"DESCRIÇÃO\",IF(AND($C62=\"S\",ORÇAMENTO.Unidade=\"\"),\"UNIDADE\",IF($X62<0,\"VALOR NEGATIVO\",IF(OR(AND(TIPOORCAMENTO=\"Proposto\",$AG62<>\"\",$AG62>0,ORÇAMENTO.CustoUnitario>$AG62),AND(TIPOORCAMENTO=\"LICITADO\",ORÇAMENTO.PrecoUnitarioLicitado>$AN62)),\"ACIMA REF.\",\"\")))))","v":""},{"$f":"IF(C62<=CRONO.NivelExibicao,MAX($AD$15:OFFSET(AD62,-1,0))+IF($C62<>1,1,MAX(1,COUNTIF(QCI!$A$13:$A$24,OFFSET($E62,-1,0)))),\"\")","v":""},{"$f":"IF(AND($C62=\"S\",ORÇAMENTO.CodBarra<>\"\"),IF(ORÇAMENTO.Fonte=\"\",ORÇAMENTO.CodBarra,CONCATENATE(ORÇAMENTO.Fonte,\" \",ORÇAMENTO.CodBarra)))","v":"SINAPI 92759"},{"$f":"IF(ISERROR(INDIRECT(ORÇAMENTO.BancoRef)),\"(abra o arquivo 'Referência \"&Excel_BuiltIn_Database&\".xlsm)\",IF(OR($C62<>\"S\",ORÇAMENTO.CodBarra=\"\"),\"(Sem Código)\",IF(ISERROR(MATCH($AE62,INDIRECT(ORÇAMENTO.BancoRef),0)),\"(Código não identificado nas referências)\",MATCH($AE62,INDIRECT(ORÇAMENTO.BancoRef),0))))","v":2630},{"$f":"ROUND(IF(DESONERACAO=\"sim\",REFERENCIA.Desonerado,REFERENCIA.NaoDesonerado),2)","v":14.91},0.2082,null,151.01,null,null,2719.69,18.010000000000002]
["S",3,"S",0,{"$f":"IF($C63=1,OFFSET(E63,-1,0)+MAX(1,COUNTIF(QCI!$A$13:$A$24,OFFSET(ORÇAMENTO!E63,-1,0))),OFFSET(E63,-1,0))","v":1},3,5,0,4,0,{"$f":"IF(OR($C63=\"S\",$C63=0),0,MATCH(OFFSET($D63,0,$C63)+IF($C63<>1,1,COUNTIF(QCI!$A$13:$A$24,ORÇAMENTO!E63)),OFFSET($D63,1,$C63,ROW($C$404)-ROW($C63)),0))","v":0},"F","Serviço","Serviço","1.3.5.0.4.","SINAPI","103674",{"$f":"IF($C63=\"S\",REFERENCIA.Descricao,\"(digite a descrição aqui)\")","v":"CONCRETAGEM DE VIGAS E LAJES, FCK=25 MPA, PARA LAJES PREMOLDADAS COM USO DE BOMBA - LANÇAMENTO, ADENSAMENTO E ACABAMENTO. AF_02/2022_PS"},{"$f":"REFERENCIA.Unidade","v":"M3"},{"$f":"OFFSET(CÁLCULO!H$15,ROW($T63)-ROW(T$15),0)","v":8.02},604.07000000000005,"BDI 1",{"$f":"IF($C63=\"S\",ROUND(IF(TIPOORCAMENTO=\"Proposto\",ORÇAMENTO.CustoUnitario*(1+$AH63),ORÇAMENTO.PrecoUnitarioLicitado),15-13*$AF$10),0)","v":729.84},{"$f":"IF($C63=\"S\",IF(Import.TipoArredondamento<>\"TransfereGOV\",VTOTAL1,SUM(OFFSET(CÁLCULO!$AA$15,ROW($X63)-ROW($X$15),1):OFFSET(CÁLCULO!$AL$15,ROW($X63)-ROW($X$15),-1))),IF($C63=0,0,ROUND(SomaAgrup,15-13*$AF$11)))","v":5853.32},"RA","RA",{"$f":"IF($C63=\"S\",IF($Z63=\"CP\",$X63,IF($Z63=\"RA\",(($X63)*QCI!$AA$3),0)),SomaAgrup)","v":1570.2945698657065},0,{"$f":"IF($N63=\"\",\"\",IF(ORÇAMENTO.Descricao=\"\",\"DESCRIÇÃO\",IF(AND($C63=\"S\",ORÇAMENTO.Unidade=\"\"),\"UNIDADE\",IF($X63<0,\"VALOR NEGATIVO\",IF(OR(AND(TIPOORCAMENTO=\"Proposto\",$AG63<>\"\",$AG63>0,ORÇAMENTO.CustoUnitario>$AG63),AND(TIPOORCAMENTO=\"LICITADO\",ORÇAMENTO.PrecoUnitarioLicitado>$AN63)),\"ACIMA REF.\",\"\")))))","v":""},{"$f":"IF(C63<=CRONO.NivelExibicao,MAX($AD$15:OFFSET(AD63,-1,0))+IF($C63<>1,1,MAX(1,COUNTIF(QCI!$A$13:$A$24,OFFSET($E63,-1,0)))),\"\")","v":""},{"$f":"IF(AND($C63=\"S\",ORÇAMENTO.CodBarra<>\"\"),IF(ORÇAMENTO.Fonte=\"\",ORÇAMENTO.CodBarra,CONCATENATE(ORÇAMENTO.Fonte,\" \",ORÇAMENTO.CodBarra)))","v":"SINAPI 103674"},{"$f":"IF(ISERROR(INDIRECT(ORÇAMENTO.BancoRef)),\"(abra o arquivo 'Referência \"&Excel_BuiltIn_Database&\".xlsm)\",IF(OR($C63<>\"S\",ORÇAMENTO.CodBarra=\"\"),\"(Sem Código)\",IF(ISERROR(MATCH($AE63,INDIRECT(ORÇAMENTO.BancoRef),0)),\"(Código não identificado nas referências)\",MATCH($AE63,INDIRECT(ORÇAMENTO.BancoRef),0))))","v":2783},{"$f":"ROUND(IF(DESONERACAO=\"sim\",REFERENCIA.Desonerado,REFERENCIA.NaoDesonerado),2)","v":604.07000000000005},0.2082,null,8.02,null,null,5853.32,729.84]
[3,3,3,2,{"$f":"IF($C64=1,OFFSET(E64,-1,0)+MAX(1,COUNTIF(QCI!$A$13:$A$24,OFFSET(ORÇAMENTO!E64,-1,0))),OFFSET(E64,-1,0))","v":1},3,6,0,0,2,{"$f":"IF(OR($C64=\"S\",$C64=0),0,MATCH(OFFSET($D64,0,$C64)+IF($C64<>1,1,COUNTIF(QCI!$A$13:$A$24,ORÇAMENTO!E64)),OFFSET($D64,1,$C64,ROW($C$404)-ROW($C64)),0))","v":220},"F","Nível 3","Nível 3","1.3.6.","SINAPI",null,"LAJE",{"$f":"REFERENCIA.Unidade","v":"-"},{"$f":"OFFSET(CÁLCULO!H$15,ROW($T64)-ROW(T$15),0)","v":0},0,"BDI 1",{"$f":"IF($C64=\"S\",ROUND(IF(TIPOORCAMENTO=\"Proposto\",ORÇAMENTO.CustoUnitario*(1+$AH64),ORÇAMENTO.PrecoUnitarioLicitado),15-13*$AF$10),0)","v":0},{"$f":"IF($C64=\"S\",IF(Import.TipoArredondamento<>\"TransfereGOV\",VTOTAL1,SUM(OFFSET(CÁLCULO!$AA$15,ROW($X64)-ROW($X$15),1):OFFSET(CÁLCULO!$AL$15,ROW($X64)-ROW($X$15),-1))),IF($C64=0,0,ROUND(SomaAgrup,15-13*$AF$11)))","v":27100.15},"RA","",{"$f":"IF($C64=\"S\",IF($Z64=\"CP\",$X64,IF($Z64=\"RA\",(($X64)*QCI!$AA$3),0)),SomaAgrup)","v":7270.270271836519},0,{"$f":"IF($N64=\"\",\"\",IF(ORÇAMENTO.Descricao=\"\",\"DESCRIÇÃO\",IF(AND($C64=\"S\",ORÇAMENTO.Unidade=\"\"),\"UNIDADE\",IF($X64<0,\"VALOR NEGATIVO\",IF(OR(AND(TIPOORCAMENTO=\"Proposto\",$AG64<>\"\",$AG64>0,ORÇAMENTO.CustoUnitario>$AG64),AND(TIPOORCAMENTO=\"LICITADO\",ORÇAMENTO.PrecoUnitarioLicitado>$AN64)),\"ACIMA REF.\",\"\")))))","v":""},{"$f":"IF(C64<=CRONO.NivelExibicao,MAX($AD$15:OFFSET(AD64,-1,0))+IF($C64<>1,1,MAX(1,COUNTIF(QCI!$A$13:$A$24,OFFSET($E64,-1,0)))),\"\")","v":""},{"$f":"IF(AND($C64=\"S\",ORÇAMENTO.CodBarra<>\"\"),IF(ORÇAMENTO.Fonte=\"\",ORÇAMENTO.CodBarra,CONCATENATE(ORÇAMENTO.Fonte,\" \",ORÇAMENTO.CodBarra)))","v":false},{"$f":"IF(ISERROR(INDIRECT(ORÇAMENTO.BancoRef)),\"(abra o arquivo 'Referência \"&Excel_BuiltIn_Database&\".xlsm)\",IF(OR($C64<>\"S\",ORÇAMENTO.CodBarra=\"\"),\"(Sem Código)\",IF(ISERROR(MATCH($AE64,INDIRECT(ORÇAMENTO.BancoRef),0)),\"(Código não identificado nas referências)\",MATCH($AE64,INDIRECT(ORÇAMENTO.BancoRef),0))))","v":"(Sem Código)"},{"$f":"ROUND(IF(DESONERACAO=\"sim\",REFERENCIA.Desonerado,REFERENCIA.NaoDesonerado),2)","v":0},0.2082,null,null,null,null,27100.15,0]
["S",3,"S",0,{"$f":"IF($C65=1,OFFSET(E65,-1,0)+MAX(1,COUNTIF(QCI!$A$13:$A$24,OFFSET(ORÇAMENTO!E65,-1,0))),OFFSET(E65,-1,0))","v":1},3,6,0,1,0,{"$f":"IF(OR($C65=\"S\",$C65=0),0,MATCH(OFFSET($D65,0,$C65)+IF($C65<>1,1,COUNTIF(QCI!$A$13:$A$24,ORÇAMENTO!E65)),OFFSET($D65,1,$C65,ROW($C$404)-ROW($C65)),0))","v":0},"F","Serviço","Serviço","1.3.6.0.1.","SINAPI","101964",{"$f":"IF($C65=\"S\",REFERENCIA.Descricao,\"(digite a descrição aqui)\")","v":"LAJE PRÉ-MOLDADA UNIDIRECIONAL, BIAPOIADA, PARA FORRO, ENCHIMENTO EM CERÂMICA, VIGOTA CONVENCIONAL, ALTURA TOTAL DA LAJE (ENCHIMENTO+CAPA) = (8+3). AF_11/2020_PA"},{"$f":"REFERENCIA.Unidade","v":"M2"},{"$f":"OFFSET(CÁLCULO!H$15,ROW($T65)-ROW(T$15),0)","v":129.61000000000001},173.06,"BDI 1",{"$f":"IF($C65=\"S\",ROUND(IF(TIPOORCAMENTO=\"Proposto\",ORÇAMENTO.CustoUnitario*(1+$AH65),ORÇAMENTO.PrecoUnitarioLicitado),15-13*$AF$10),0)","v":209.09},{"$f":"IF($C65=\"S\",IF(Import.TipoArredondamento<>\"TransfereGOV\",VTOTAL1,SUM(OFFSET(CÁLCULO!$AA$15,ROW($X65)-ROW($X$15),1):OFFSET(CÁLCULO!$AL$15,ROW($X65)-ROW($X$15),-1))),IF($C65=0,0,ROUND(SomaAgrup,15-13*$AF$11)))","v":27100.15},"RA","RA",{"$f":"IF($C65=\"S\",IF($Z65=\"CP\",$X65,IF($Z65=\"RA\",(($X65)*QCI!$AA$3),0)),SomaAgrup)","v":7270.270271836519},0,{"$f":"IF($N65=\"\",\"\",IF(ORÇAMENTO.Descricao=\"\",\"DESCRIÇÃO\",IF(AND($C65=\"S\",ORÇAMENTO.Unidade=\"\"),\"UNIDADE\",IF($X65<0,\"VALOR NEGATIVO\",IF(OR(AND(TIPOORCAMENTO=\"Proposto\",$AG65<>\"\",$AG65>0,ORÇAMENTO.CustoUnitario>$AG65),AND(TIPOORCAMENTO=\"LICITADO\",ORÇAMENTO.PrecoUnitarioLicitado>$AN65)),\"ACIMA REF.\",\"\")))))","v":""},{"$f":"IF(C65<=CRONO.NivelExibicao,MAX($AD$15:OFFSET(AD65,-1,0))+IF($C65<>1,1,MAX(1,COUNTIF(QCI!$A$13:$A$24,OFFSET($E65,-1,0)))),\"\")","v":""},{"$f":"IF(AND($C65=\"S\",ORÇAMENTO.CodBarra<>\"\"),IF(ORÇAMENTO.Fonte=\"\",ORÇAMENTO.CodBarra,CONCATENATE(ORÇAMENTO.Fonte,\" \",ORÇAMENTO.CodBarra)))","v":"SINAPI 101964"},{"$f":"IF(ISERROR(INDIRECT(ORÇAMENTO.BancoRef)),\"(abra o arquivo 'Referência \"&Excel_BuiltIn_Database&\".xlsm)\",IF(OR($C65<>\"S\",ORÇAMENTO.CodBarra=\"\"),\"(Sem Código)\",IF(ISERROR(MATCH($AE65,INDIRECT(ORÇAMENTO.BancoRef),0)),\"(Código não identificado nas referências)\",MATCH($AE65,INDIRECT(ORÇAMENTO.BancoRef),0))))","v":2802},{"$f":"ROUND(IF(DESONERACAO=\"sim\",REFERENCIA.Desonerado,REFERENCIA.NaoDesonerado),2)","v":173.06},0.2082,null,129.61000000000001,null,null,27100.15,209.09]
[2,2,2,7,{"$f":"IF($C66=1,OFFSET(E66,-1,0)+MAX(1,COUNTIF(QCI!$A$13:$A$24,OFFSET(ORÇAMENTO!E66,-1,0))),OFFSET(E66,-1,0))","v":1},4,0,0,0,181,{"$f":"IF(OR($C66=\"S\",$C66=0),0,MATCH(OFFSET($D66,0,$C66)+IF($C66<>1,1,COUNTIF(QCI!$A$13:$A$24,ORÇAMENTO!E66)),OFFSET($D66,1,$C66,ROW($C$404)-ROW($C66)),0))","v":7},"F","Nível 2","Nível 2","1.4.","SINAPI",null,"ALVENARIA",{"$f":"REFERENCIA.Unidade","v":"-"},{"$f":"OFFSET(CÁLCULO!H$15,ROW($T66)-ROW(T$15),0)","v":0},0,"BDI 1",{"$f":"IF($C66=\"S\",ROUND(IF(TIPOORCAMENTO=\"Proposto\",ORÇAMENTO.CustoUnitario*(1+$AH66),ORÇAMENTO.PrecoUnitarioLicitado),15-13*$AF$10),0)","v":0},{"$f":"IF($C66=\"S\",IF(Import.TipoArredondamento<>\"TransfereGOV\",VTOTAL1,SUM(OFFSET(CÁLCULO!$AA$15,ROW($X66)-ROW($X$15),1):OFFSET(CÁLCULO!$AL$15,ROW($X66)-ROW($X$15),-1))),IF($C66=0,0,ROUND(SomaAgrup,15-13*$AF$11)))","v":42485.53},"RA","",{"$f":"IF($C66=\"S\",IF($Z66=\"CP\",$X66,IF($Z66=\"RA\",(($X66)*QCI!$AA$3),0)),SomaAgrup)","v":11397.770334932411},0,{"$f":"IF($N66=\"\",\"\",IF(ORÇAMENTO.Descricao=\"\",\"DESCRIÇÃO\",IF(AND($C66=\"S\",ORÇAMENTO.Unidade=\"\"),\"UNIDADE\",IF($X66<0,\"VALOR NEGATIVO\",IF(OR(AND(TIPOORCAMENTO=\"Proposto\",$AG66<>\"\",$AG66>0,ORÇAMENTO.CustoUnitario>$AG66),AND(TIPOORCAMENTO=\"LICITADO\",ORÇAMENTO.PrecoUnitarioLicitado>$AN66)),\"ACIMA REF.\",\"\")))))","v":""},{"$f":"IF(C66<=CRONO.NivelExibicao,MAX($AD$15:OFFSET(AD66,-1,0))+IF($C66<>1,1,MAX(1,COUNTIF(QCI!$A$13:$A$24,OFFSET($E66,-1,0)))),\"\")","v":5},{"$f":"IF(AND($C66=\"S\",ORÇAMENTO.CodBarra<>\"\"),IF(ORÇAMENTO.Fonte=\"\",ORÇAMENTO.CodBarra,CONCATENATE(ORÇAMENTO.Fonte,\" \",ORÇAMENTO.CodBarra)))","v":false},{"$f":"IF(ISERROR(INDIRECT(ORÇAMENTO.BancoRef)),\"(abra o arquivo 'Referência \"&Excel_BuiltIn_Database&\".xlsm)\",IF(OR($C66<>\"S\",ORÇAMENTO.CodBarra=\"\"),\"(Sem Código)\",IF(ISERROR(MATCH($AE66,INDIRECT(ORÇAMENTO.BancoRef),0)),\"(Código não identificado nas referências)\",MATCH($AE66,INDIRECT(ORÇAMENTO.BancoRef),0))))","v":"(Sem Código)"},{"$f":"ROUND(IF(DESONERACAO=\"sim\",REFERENCIA.Desonerado,REFERENCIA.NaoDesonerado),2)","v":0},0.2082,null,null,null,null,42485.53,0]
["S",2,"S",0,{"$f":"IF($C67=1,OFFSET(E67,-1,0)+MAX(1,COUNTIF(QCI!$A$13:$A$24,OFFSET(ORÇAMENTO!E67,-1,0))),OFFSET(E67,-1,0))","v":1},4,0,0,1,0,{"$f":"IF(OR($C67=\"S\",$C67=0),0,MATCH(OFFSET($D67,0,$C67)+IF($C67<>1,1,COUNTIF(QCI!$A$13:$A$24,ORÇAMENTO!E67)),OFFSET($D67,1,$C67,ROW($C$404)-ROW($C67)),0))","v":0},"F","Serviço","Serviço","1.4.0.0.1.","SINAPI","103331",{"$f":"IF($C67=\"S\",REFERENCIA.Descricao,\"(digite a descrição aqui)\")","v":"ALVENARIA DE VEDAÇÃO DE BLOCOS CERÂMICOS FURADOS NA HORIZONTAL DE 11,5X19X19 CM (ESPESSURA 11,5 CM) E ARGAMASSA DE ASSENTAMENTO COM PREPARO MANUAL. AF_12/2021"},{"$f":"REFERENCIA.Unidade","v":"M2"},{"$f":"OFFSET(CÁLCULO!H$15,ROW($T67)-ROW(T$15),0)","v":230.12},96.71,"BDI 1",{"$f":"IF($C67=\"S\",ROUND(IF(TIPOORCAMENTO=\"Proposto\",ORÇAMENTO.CustoUnitario*(1+$AH67),ORÇAMENTO.PrecoUnitarioLicitado),15-13*$AF$10),0)","v":116.85},{"$f":"IF($C67=\"S\",IF(Import.TipoArredondamento<>\"TransfereGOV\",VTOTAL1,SUM(OFFSET(CÁLCULO!$AA$15,ROW($X67)-ROW($X$15),1):OFFSET(CÁLCULO!$AL$15,ROW($X67)-ROW($X$15),-1))),IF($C67=0,0,ROUND(SomaAgrup,15-13*$AF$11)))","v":26889.52},"RA","RA",{"$f":"IF($C67=\"S\",IF($Z67=\"CP\",$X67,IF($Z67=\"RA\",(($X67)*QCI!$AA$3),0)),SomaAgrup)","v":7213.7636832251301},0,{"$f":"IF($N67=\"\",\"\",IF(ORÇAMENTO.Descricao=\"\",\"DESCRIÇÃO\",IF(AND($C67=\"S\",ORÇAMENTO.Unidade=\"\"),\"UNIDADE\",IF($X67<0,\"VALOR NEGATIVO\",IF(OR(AND(TIPOORCAMENTO=\"Proposto\",$AG67<>\"\",$AG67>0,ORÇAMENTO.CustoUnitario>$AG67),AND(TIPOORCAMENTO=\"LICITADO\",ORÇAMENTO.PrecoUnitarioLicitado>$AN67)),\"ACIMA REF.\",\"\")))))","v":""},{"$f":"IF(C67<=CRONO.NivelExibicao,MAX($AD$15:OFFSET(AD67,-1,0))+IF($C67<>1,1,MAX(1,COUNTIF(QCI!$A$13:$A$24,OFFSET($E67,-1,0)))),\"\")","v":""},{"$f":"IF(AND($C67=\"S\",ORÇAMENTO.CodBarra<>\"\"),IF(ORÇAMENTO.Fonte=\"\",ORÇAMENTO.CodBarra,CONCATENATE(ORÇAMENTO.Fonte,\" \",ORÇAMENTO.CodBarra)))","v":"SINAPI 103331"},{"$f":"IF(ISERROR(INDIRECT(ORÇAMENTO.BancoRef)),\"(abra o arquivo 'Referência \"&Excel_BuiltIn_Database&\".xlsm)\",IF(OR($C67<>\"S\",ORÇAMENTO.CodBarra=\"\"),\"(Sem Código)\",IF(ISERROR(MATCH($AE67,INDIRECT(ORÇAMENTO.BancoRef),0)),\"(Código não identificado nas referências)\",MATCH($AE67,INDIRECT(ORÇAMENTO.BancoRef),0))))","v":5980},{"$f":"ROUND(IF(DESONERACAO=\"sim\",REFERENCIA.Desonerado,REFERENCIA.NaoDesonerado),2)","v":96.71},0.2082,null,230.12,null,null,26889.52,116.85]
["S",2,"S",0,{"$f":"IF($C68=1,OFFSET(E68,-1,0)+MAX(1,COUNTIF(QCI!$A$13:$A$24,OFFSET(ORÇAMENTO!E68,-1,0))),OFFSET(E68,-1,0))","v":1},4,0,0,2,0,{"$f":"IF(OR($C68=\"S\",$C68=0),0,MATCH(OFFSET($D68,0,$C68)+IF($C68<>1,1,COUNTIF(QCI!$A$13:$A$24,ORÇAMENTO!E68)),OFFSET($D68,1,$C68,ROW($C$404)-ROW($C68)),0))","v":0},"F","Serviço","Serviço","1.4.0.0.2.","SINAPI","93184",{"$f":"IF($C68=\"S\",REFERENCIA.Descricao,\"(digite a descrição aqui)\")","v":"VERGA PRÉ-MOLDADA COM ATÉ 1,5 M DE VÃO, ESPESSURA DE *20* CM. AF_03/2024"},{"$f":"REFERENCIA.Unidade","v":"M"},{"$f":"OFFSET(CÁLCULO!H$15,ROW($T68)-ROW(T$15),0)","v":23.8},28.83,"BDI 1",{"$f":"IF($C68=\"S\",ROUND(IF(TIPOORCAMENTO=\"Proposto\",ORÇAMENTO.CustoUnitario*(1+$AH68),ORÇAMENTO.PrecoUnitarioLicitado),15-13*$AF$10),0)","v":34.83},{"$f":"IF($C68=\"S\",IF(Import.TipoArredondamento<>\"TransfereGOV\",VTOTAL1,SUM(OFFSET(CÁLCULO!$AA$15,ROW($X68)-ROW($X$15),1):OFFSET(CÁLCULO!$AL$15,ROW($X68)-ROW($X$15),-1))),IF($C68=0,0,ROUND(SomaAgrup,15-13*$AF$11)))","v":828.95},"RA","RA",{"$f":"IF($C68=\"S\",IF($Z68=\"CP\",$X68,IF($Z68=\"RA\",(($X68)*QCI!$AA$3),0)),SomaAgrup)","v":222.38587394678194},0,{"$f":"IF($N68=\"\",\"\",IF(ORÇAMENTO.Descricao=\"\",\"DESCRIÇÃO\",IF(AND($C68=\"S\",ORÇAMENTO.Unidade=\"\"),\"UNIDADE\",IF($X68<0,\"VALOR NEGATIVO\",IF(OR(AND(TIPOORCAMENTO=\"Proposto\",$AG68<>\"\",$AG68>0,ORÇAMENTO.CustoUnitario>$AG68),AND(TIPOORCAMENTO=\"LICITADO\",ORÇAMENTO.PrecoUnitarioLicitado>$AN68)),\"ACIMA REF.\",\"\")))))","v":""},{"$f":"IF(C68<=CRONO.NivelExibicao,MAX($AD$15:OFFSET(AD68,-1,0))+IF($C68<>1,1,MAX(1,COUNTIF(QCI!$A$13:$A$24,OFFSET($E68,-1,0)))),\"\")","v":""},{"$f":"IF(AND($C68=\"S\",ORÇAMENTO.CodBarra<>\"\"),IF(ORÇAMENTO.Fonte=\"\",ORÇAMENTO.CodBarra,CONCATENATE(ORÇAMENTO.Fonte,\" \",ORÇAMENTO.CodBarra)))","v":"SINAPI 93184"},{"$f":"IF(ISERROR(INDIRECT(ORÇAMENTO.BancoRef)),\"(abra o arquivo 'Referência \"&Excel_BuiltIn_Database&\".xlsm)\",IF(OR($C68<>\"S\",ORÇAMENTO.CodBarra=\"\"),\"(Sem Código)\",IF(ISERROR(MATCH($AE68,INDIRECT(ORÇAMENTO.BancoRef),0)),\"(Código não identificado nas referências)\",MATCH($AE68,INDIRECT(ORÇAMENTO.BancoRef),0))))","v":2808},{"$f":"ROUND(IF(DESONERACAO=\"sim\",REFERENCIA.Desonerado,REFERENCIA.NaoDesonerado),2)","v":28.83},0.2082,null,{"$f":"7+16.8","v":23.8},null,null,828.95,34.83]
["S",2,"S",0,{"$f":"IF($C69=1,OFFSET(E69,-1,0)+MAX(1,COUNTIF(QCI!$A$13:$A$24,OFFSET(ORÇAMENTO!E69,-1,0))),OFFSET(E69,-1,0))","v":1},4,0,0,3,0,{"$f":"IF(OR($C69=\"S\",$C69=0),0,MATCH(OFFSET($D69,0,$C69)+IF($C69<>1,1,COUNTIF(QCI!$A$13:$A$24,ORÇAMENTO!E69)),OFFSET($D69,1,$C69,ROW($C$404)-ROW($C69)),0))","v":0},"F","Serviço","Serviço","1.4.0.0.3.","SINAPI","93187",{"$f":"IF($C69=\"S\",REFERENCIA.Descricao,\"(digite a descrição aqui)\")","v":"VERGA MOLDADA IN LOCO EM CONCRETO, ESPESSURA DE *20* CM. AF_03/2024"},{"$f":"REFERENCIA.Unidade","v":"M"},{"$f":"OFFSET(CÁLCULO!H$15,ROW($T69)-ROW(T$15),0)","v":24},80.55,"BDI 1",{"$f":"IF($C69=\"S\",ROUND(IF(TIPOORCAMENTO=\"Proposto\",ORÇAMENTO.CustoUnitario*(1+$AH69),ORÇAMENTO.PrecoUnitarioLicitado),15-13*$AF$10),0)","v":97.32},{"$f":"IF($C69=\"S\",IF(Import.TipoArredondamento<>\"TransfereGOV\",VTOTAL1,SUM(OFFSET(CÁLCULO!$AA$15,ROW($X69)-ROW($X$15),1):OFFSET(CÁLCULO!$AL$15,ROW($X69)-ROW($X$15),-1))),IF($C69=0,0,ROUND(SomaAgrup,15-13*$AF$11)))","v":2335.6799999999998},"RA","RA",{"$f":"IF($C69=\"S\",IF($Z69=\"CP\",$X69,IF($Z69=\"RA\",(($X69)*QCI!$AA$3),0)),SomaAgrup)","v":626.6026154291809},0,{"$f":"IF($N69=\"\",\"\",IF(ORÇAMENTO.Descricao=\"\",\"DESCRIÇÃO\",IF(AND($C69=\"S\",ORÇAMENTO.Unidade=\"\"),\"UNIDADE\",IF($X69<0,\"VALOR NEGATIVO\",IF(OR(AND(TIPOORCAMENTO=\"Proposto\",$AG69<>\"\",$AG69>0,ORÇAMENTO.CustoUnitario>$AG69),AND(TIPOORCAMENTO=\"LICITADO\",ORÇAMENTO.PrecoUnitarioLicitado>$AN69)),\"ACIMA REF.\",\"\")))))","v":""},{"$f":"IF(C69<=CRONO.NivelExibicao,MAX($AD$15:OFFSET(AD69,-1,0))+IF($C69<>1,1,MAX(1,COUNTIF(QCI!$A$13:$A$24,OFFSET($E69,-1,0)))),\"\")","v":""},{"$f":"IF(AND($C69=\"S\",ORÇAMENTO.CodBarra<>\"\"),IF(ORÇAMENTO.Fonte=\"\",ORÇAMENTO.CodBarra,CONCATENATE(ORÇAMENTO.Fonte,\" \",ORÇAMENTO.CodBarra)))","v":"SINAPI 93187"},{"$f":"IF(ISERROR(INDIRECT(ORÇAMENTO.BancoRef)),\"(abra o arquivo 'Referência \"&Excel_BuiltIn_Database&\".xlsm)\",IF(OR($C69<>\"S\",ORÇAMENTO.CodBarra=\"\"),\"(Sem Código)\",IF(ISERROR(MATCH($AE69,INDIRECT(ORÇAMENTO.BancoRef),0)),\"(Código não identificado nas referências)\",MATCH($AE69,INDIRECT(ORÇAMENTO.BancoRef),0))))","v":2809},{"$f":"ROUND(IF(DESONERACAO=\"sim\",REFERENCIA.Desonerado,REFERENCIA.NaoDesonerado),2)","v":80.55},0.2082,null,24,null,null,2335.6799999999998,97.32]
["S",2,"S",0,{"$f":"IF($C70=1,OFFSET(E70,-1,0)+MAX(1,COUNTIF(QCI!$A$13:$A$24,OFFSET(ORÇAMENTO!E70,-1,0))),OFFSET(E70,-1,0))","v":1},4,0,0,4,0,{"$f":"IF(OR($C70=\"S\",$C70=0),0,MATCH(OFFSET($D70,0,$C70)+IF($C70<>1,1,COUNTIF(QCI!$A$13:$A$24,ORÇAMENTO!E70)),OFFSET($D70,1,$C70,ROW($C$404)-ROW($C70)),0))","v":0},"F","Serviço","Serviço","1.4.0.0.4.","SINAPI","93197",{"$f":"IF($C70=\"S\",REFERENCIA.Descricao,\"(digite a descrição aqui)\")","v":"CONTRAVERGA MOLDADA IN LOCO EM CONCRETO, ESPESSURA DE *20* CM. AF_03/2024"},{"$f":"REFERENCIA.Unidade","v":"M"},{"$f":"OFFSET(CÁLCULO!H$15,ROW($T70)-ROW(T$15),0)","v":24},58.81,"BDI 1",{"$f":"IF($C70=\"S\",ROUND(IF(TIPOORCAMENTO=\"Proposto\",ORÇAMENTO.CustoUnitario*(1+$AH70),ORÇAMENTO.PrecoUnitarioLicitado),15-13*$AF$10),0)","v":71.05},{"$f":"IF($C70=\"S\",IF(Import.TipoArredondamento<>\"TransfereGOV\",VTOTAL1,SUM(OFFSET(CÁLCULO!$AA$15,ROW($X70)-ROW($X$15),1):OFFSET(CÁLCULO!$AL$15,ROW($X70)-ROW($X$15),-1))),IF($C70=0,0,ROUND(SomaAgrup,15-13*$AF$11)))","v":1705.2},"RA","RA",{"$f":"IF($C70=\"S\",IF($Z70=\"CP\",$X70,IF($Z70=\"RA\",(($X70)*QCI!$AA$3),0)),SomaAgrup)","v":457.46111617594852},0,{"$f":"IF($N70=\"\",\"\",IF(ORÇAMENTO.Descricao=\"\",\"DESCRIÇÃO\",IF(AND($C70=\"S\",ORÇAMENTO.Unidade=\"\"),\"UNIDADE\",IF($X70<0,\"VALOR NEGATIVO\",IF(OR(AND(TIPOORCAMENTO=\"Proposto\",$AG70<>\"\",$AG70>0,ORÇAMENTO.CustoUnitario>$AG70),AND(TIPOORCAMENTO=\"LICITADO\",ORÇAMENTO.PrecoUnitarioLicitado>$AN70)),\"ACIMA REF.\",\"\")))))","v":""},{"$f":"IF(C70<=CRONO.NivelExibicao,MAX($AD$15:OFFSET(AD70,-1,0))+IF($C70<>1,1,MAX(1,COUNTIF(QCI!$A$13:$A$24,OFFSET($E70,-1,0)))),\"\")","v":""},{"$f":"IF(AND($C70=\"S\",ORÇAMENTO.CodBarra<>\"\"),IF(ORÇAMENTO.Fonte=\"\",ORÇAMENTO.CodBarra,CONCATENATE(ORÇAMENTO.Fonte,\" \",ORÇAMENTO.CodBarra)))","v":"SINAPI 93197"},{"$f":"IF(ISERROR(INDIRECT(ORÇAMENTO.BancoRef)),\"(abra o arquivo 'Referência \"&Excel_BuiltIn_Database&\".xlsm)\",IF(OR($C70<>\"S\",ORÇAMENTO.CodBarra=\"\"),\"(Sem Código)\",IF(ISERROR(MATCH($AE70,INDIRECT(ORÇAMENTO.BancoRef),0)),\"(Código não identificado nas referências)\",MATCH($AE70,INDIRECT(ORÇAMENTO.BancoRef),0))))","v":2812},{"$f":"ROUND(IF(DESONERACAO=\"sim\",REFERENCIA.Desonerado,REFERENCIA.NaoDesonerado),2)","v":58.81},0.2082,null,24,null,null,1705.2,71.05]
["S",2,"S",0,{"$f":"IF($C71=1,OFFSET(E71,-1,0)+MAX(1,COUNTIF(QCI!$A$13:$A$24,OFFSET(ORÇAMENTO!E71,-1,0))),OFFSET(E71,-1,0))","v":1},4,0,0,5,0,{"$f":"IF(OR($C71=\"S\",$C71=0),0,MATCH(OFFSET($D71,0,$C71)+IF($C71<>1,1,COUNTIF(QCI!$A$13:$A$24,ORÇAMENTO!E71)),OFFSET($D71,1,$C71,ROW($C$404)-ROW($C71)),0))","v":0},"F","Serviço","Serviço","1.4.0.0.5.","SINAPI","93197",{"$f":"IF($C71=\"S\",REFERENCIA.Descricao,\"(digite a descrição aqui)\")","v":"CONTRAVERGA MOLDADA IN LOCO EM CONCRETO, ESPESSURA DE *20* CM. AF_03/2024"},{"$f":"REFERENCIA.Unidade","v":"M"},{"$f":"OFFSET(CÁLCULO!H$15,ROW($T71)-ROW(T$15),0)","v":23.8},58.81,"BDI 1",{"$f":"IF($C71=\"S\",ROUND(IF(TIPOORCAMENTO=\"Proposto\",ORÇAMENTO.CustoUnitario*(1+$AH71),ORÇAMENTO.PrecoUnitarioLicitado),15-13*$AF$10),0)","v":71.05},{"$f":"IF($C71=\"S\",IF(Import.TipoArredondamento<>\"TransfereGOV\",VTOTAL1,SUM(OFFSET(CÁLCULO!$AA$15,ROW($X71)-ROW($X$15),1):OFFSET(CÁLCULO!$AL$15,ROW($X71)-ROW($X$15),-1))),IF($C71=0,0,ROUND(SomaAgrup,15-13*$AF$11)))","v":1690.99},"RA","RA",{"$f":"IF($C71=\"S\",IF($Z71=\"CP\",$X71,IF($Z71=\"RA\",(($X71)*QCI!$AA$3),0)),SomaAgrup)","v":453.6489402078156},0,{"$f":"IF($N71=\"\",\"\",IF(ORÇAMENTO.Descricao=\"\",\"DESCRIÇÃO\",IF(AND($C71=\"S\",ORÇAMENTO.Unidade=\"\"),\"UNIDADE\",IF($X71<0,\"VALOR NEGATIVO\",IF(OR(AND(TIPOORCAMENTO=\"Proposto\",$AG71<>\"\",$AG71>0,ORÇAMENTO.CustoUnitario>$AG71),AND(TIPOORCAMENTO=\"LICITADO\",ORÇAMENTO.PrecoUnitarioLicitado>$AN71)),\"ACIMA REF.\",\"\")))))","v":""},{"$f":"IF(C71<=CRONO.NivelExibicao,MAX($AD$15:OFFSET(AD71,-1,0))+IF($C71<>1,1,MAX(1,COUNTIF(QCI!$A$13:$A$24,OFFSET($E71,-1,0)))),\"\")","v":""},{"$f":"IF(AND($C71=\"S\",ORÇAMENTO.CodBarra<>\"\"),IF(ORÇAMENTO.Fonte=\"\",ORÇAMENTO.CodBarra,CONCATENATE(ORÇAMENTO.Fonte,\" \",ORÇAMENTO.CodBarra)))","v":"SINAPI 93197"},{"$f":"IF(ISERROR(INDIRECT(ORÇAMENTO.BancoRef)),\"(abra o arquivo 'Referência \"&Excel_BuiltIn_Database&\".xlsm)\",IF(OR($C71<>\"S\",ORÇAMENTO.CodBarra=\"\"),\"(Sem Código)\",IF(ISERROR(MATCH($AE71,INDIRECT(ORÇAMENTO.BancoRef),0)),\"(Código não identificado nas referências)\",MATCH($AE71,INDIRECT(ORÇAMENTO.BancoRef),0))))","v":2812},{"$f":"ROUND(IF(DESONERACAO=\"sim\",REFERENCIA.Desonerado,REFERENCIA.NaoDesonerado),2)","v":58.81},0.2082,null,23.8,null,null,1690.99,71.05]
["S",2,"S",0,{"$f":"IF($C72=1,OFFSET(E72,-1,0)+MAX(1,COUNTIF(QCI!$A$13:$A$24,OFFSET(ORÇAMENTO!E72,-1,0))),OFFSET(E72,-1,0))","v":1},4,0,0,6,0,{"$f":"IF(OR($C72=\"S\",$C72=0),0,MATCH(OFFSET($D72,0,$C72)+IF($C72<>1,1,COUNTIF(QCI!$A$13:$A$24,ORÇAMENTO!E72)),OFFSET($D72,1,$C72,ROW($C$404)-ROW($C72)),0))","v":0},"F","Serviço","Serviço","1.4.0.0.6.","SINAPI","101161",{"$f":"IF($C72=\"S\",REFERENCIA.Descricao,\"(digite a descrição aqui)\")","v":"ALVENARIA DE VEDAÇÃO COM ELEMENTO VAZADO DE CONCRETO (COBOGÓ) DE 7X50X50CM E ARGAMASSA DE ASSENTAMENTO COM PREPARO EM BETONEIRA. AF_05/2020"},{"$f":"REFERENCIA.Unidade","v":"M2"},{"$f":"OFFSET(CÁLCULO!H$15,ROW($T72)-ROW(T$15),0)","v":34.369999999999997},217.58,"BDI 1",{"$f":"IF($C72=\"S\",ROUND(IF(TIPOORCAMENTO=\"Proposto\",ORÇAMENTO.CustoUnitario*(1+$AH72),ORÇAMENTO.PrecoUnitarioLicitado),15-13*$AF$10),0)","v":262.88},{"$f":"IF($C72=\"S\",IF(Import.TipoArredondamento<>\"TransfereGOV\",VTOTAL1,SUM(OFFSET(CÁLCULO!$AA$15,ROW($X72)-ROW($X$15),1):OFFSET(CÁLCULO!$AL$15,ROW($X72)-ROW($X$15),-1))),IF($C72=0,0,ROUND(SomaAgrup,15-13*$AF$11)))","v":9035.19},"RA","RA",{"$f":"IF($C72=\"S\",IF($Z72=\"CP\",$X72,IF($Z72=\"RA\",(($X72)*QCI!$AA$3),0)),SomaAgrup)","v":2423.9081059475538},0,{"$f":"IF($N72=\"\",\"\",IF(ORÇAMENTO.Descricao=\"\",\"DESCRIÇÃO\",IF(AND($C72=\"S\",ORÇAMENTO.Unidade=\"\"),\"UNIDADE\",IF($X72<0,\"VALOR NEGATIVO\",IF(OR(AND(TIPOORCAMENTO=\"Proposto\",$AG72<>\"\",$AG72>0,ORÇAMENTO.CustoUnitario>$AG72),AND(TIPOORCAMENTO=\"LICITADO\",ORÇAMENTO.PrecoUnitarioLicitado>$AN72)),\"ACIMA REF.\",\"\")))))","v":""},{"$f":"IF(C72<=CRONO.NivelExibicao,MAX($AD$15:OFFSET(AD72,-1,0))+IF($C72<>1,1,MAX(1,COUNTIF(QCI!$A$13:$A$24,OFFSET($E72,-1,0)))),\"\")","v":""},{"$f":"IF(AND($C72=\"S\",ORÇAMENTO.CodBarra<>\"\"),IF(ORÇAMENTO.Fonte=\"\",ORÇAMENTO.CodBarra,CONCATENATE(ORÇAMENTO.Fonte,\" \",ORÇAMENTO.CodBarra)))","v":"SINAPI 101161"},{"$f":"IF(ISERROR(INDIRECT(ORÇAMENTO.BancoRef)),\"(abra o arquivo 'Referência \"&Excel_BuiltIn_Database&\".xlsm)\",IF(OR($C72<>\"S\",ORÇAMENTO.CodBarra=\"\"),\"(Sem Código)\",IF(ISERROR(MATCH($AE72,INDIRECT(ORÇAMENTO.BancoRef),0)),\"(Código não identificado nas referências)\",MATCH($AE72,INDIRECT(ORÇAMENTO.BancoRef),0))))","v":6022},{"$f":"ROUND(IF(DESONERACAO=\"sim\",REFERENCIA.Desonerado,REFERENCIA.NaoDesonerado),2)","v":217.58},0.2082,null,34.369999999999997,null,null,9035.19,262.88]
[2,2,2,8,{"$f":"IF($C73=1,OFFSET(E73,-1,0)+MAX(1,COUNTIF(QCI!$A$13:$A$24,OFFSET(ORÇAMENTO!E73,-1,0))),OFFSET(E73,-1,0))","v":1},5,0,0,0,174,{"$f":"IF(OR($C73=\"S\",$C73=0),0,MATCH(OFFSET($D73,0,$C73)+IF($C73<>1,1,COUNTIF(QCI!$A$13:$A$24,ORÇAMENTO!E73)),OFFSET($D73,1,$C73,ROW($C$404)-ROW($C73)),0))","v":8},"F","Nível 2","Nível 2","1.5.","SINAPI",null,"COBERTURA",{"$f":"REFERENCIA.Unidade","v":"-"},{"$f":"OFFSET(CÁLCULO!H$15,ROW($T73)-ROW(T$15),0)","v":0},0,"BDI 1",{"$f":"IF($C73=\"S\",ROUND(IF(TIPOORCAMENTO=\"Proposto\",ORÇAMENTO.CustoUnitario*(1+$AH73),ORÇAMENTO.PrecoUnitarioLicitado),15-13*$AF$10),0)","v":0},{"$f":"IF($C73=\"S\",IF(Import.TipoArredondamento<>\"TransfereGOV\",VTOTAL1,SUM(OFFSET(CÁLCULO!$AA$15,ROW($X73)-ROW($X$15),1):OFFSET(CÁLCULO!$AL$15,ROW($X73)-ROW($X$15),-1))),IF($C73=0,0,ROUND(SomaAgrup,15-13*$AF$11)))","v":87328.26},"RA","",{"$f":"IF($C73=\"S\",IF($Z73=\"CP\",$X73,IF($Z73=\"RA\",(($X73)*QCI!$AA$3),0)),SomaAgrup)","v":23427.916545451233},0,{"$f":"IF($N73=\"\",\"\",IF(ORÇAMENTO.Descricao=\"\",\"DESCRIÇÃO\",IF(AND($C73=\"S\",ORÇAMENTO.Unidade=\"\"),\"UNIDADE\",IF($X73<0,\"VALOR NEGATIVO\",IF(OR(AND(TIPOORCAMENTO=\"Proposto\",$AG73<>\"\",$AG73>0,ORÇAMENTO.CustoUnitario>$AG73),AND(TIPOORCAMENTO=\"LICITADO\",ORÇAMENTO.PrecoUnitarioLicitado>$AN73)),\"ACIMA REF.\",\"\")))))","v":""},{"$f":"IF(C73<=CRONO.NivelExibicao,MAX($AD$15:OFFSET(AD73,-1,0))+IF($C73<>1,1,MAX(1,COUNTIF(QCI!$A$13:$A$24,OFFSET($E73,-1,0)))),\"\")","v":6},{"$f":"IF(AND($C73=\"S\",ORÇAMENTO.CodBarra<>\"\"),IF(ORÇAMENTO.Fonte=\"\",ORÇAMENTO.CodBarra,CONCATENATE(ORÇAMENTO.Fonte,\" \",ORÇAMENTO.CodBarra)))","v":false},{"$f":"IF(ISERROR(INDIRECT(ORÇAMENTO.BancoRef)),\"(abra o arquivo 'Referência \"&Excel_BuiltIn_Database&\".xlsm)\",IF(OR($C73<>\"S\",ORÇAMENTO.CodBarra=\"\"),\"(Sem Código)\",IF(ISERROR(MATCH($AE73,INDIRECT(ORÇAMENTO.BancoRef),0)),\"(Código não identificado nas referências)\",MATCH($AE73,INDIRECT(ORÇAMENTO.BancoRef),0))))","v":"(Sem Código)"},{"$f":"ROUND(IF(DESONERACAO=\"sim\",REFERENCIA.Desonerado,REFERENCIA.NaoDesonerado),2)","v":0},0.2082,null,null,null,null,87328.26,0]
["S",2,"S",0,{"$f":"IF($C74=1,OFFSET(E74,-1,0)+MAX(1,COUNTIF(QCI!$A$13:$A$24,OFFSET(ORÇAMENTO!E74,-1,0))),OFFSET(E74,-1,0))","v":1},5,0,0,1,0,{"$f":"IF(OR($C74=\"S\",$C74=0),0,MATCH(OFFSET($D74,0,$C74)+IF($C74<>1,1,COUNTIF(QCI!$A$13:$A$24,ORÇAMENTO!E74)),OFFSET($D74,1,$C74,ROW($C$404)-ROW($C74)),0))","v":0},"F","Serviço","Serviço","1.5.0.0.1.","SINAPI","92542",{"$f":"IF($C74=\"S\",REFERENCIA.Descricao,\"(digite a descrição aqui)\")","v":"TRAMA DE MADEIRA COMPOSTA POR RIPAS, CAIBROS E TERÇAS PARA TELHADOS DE MAIS QUE 2 ÁGUAS PARA TELHA CERÂMICA CAPA-CANAL, INCLUSO TRANSPORTE VERTICAL. AF_07/2019"},{"$f":"REFERENCIA.Unidade","v":"M2"},{"$f":"OFFSET(CÁLCULO!H$15,ROW($T74)-ROW(T$15),0)","v":286.02},114.26,"BDI 1",{"$f":"IF($C74=\"S\",ROUND(IF(TIPOORCAMENTO=\"Proposto\",ORÇAMENTO.CustoUnitario*(1+$AH74),ORÇAMENTO.PrecoUnitarioLicitado),15-13*$AF$10),0)","v":138.05000000000001},{"$f":"IF($C74=\"S\",IF(Import.TipoArredondamento<>\"TransfereGOV\",VTOTAL1,SUM(OFFSET(CÁLCULO!$AA$15,ROW($X74)-ROW($X$15),1):OFFSET(CÁLCULO!$AL$15,ROW($X74)-ROW($X$15),-1))),IF($C74=0,0,ROUND(SomaAgrup,15-13*$AF$11)))","v":39485.06},"RA","RA",{"$f":"IF($C74=\"S\",IF($Z74=\"CP\",$X74,IF($Z74=\"RA\",(($X74)*QCI!$AA$3),0)),SomaAgrup)","v":10592.821733447277},0,{"$f":"IF($N74=\"\",\"\",IF(ORÇAMENTO.Descricao=\"\",\"DESCRIÇÃO\",IF(AND($C74=\"S\",ORÇAMENTO.Unidade=\"\"),\"UNIDADE\",IF($X74<0,\"VALOR NEGATIVO\",IF(OR(AND(TIPOORCAMENTO=\"Proposto\",$AG74<>\"\",$AG74>0,ORÇAMENTO.CustoUnitario>$AG74),AND(TIPOORCAMENTO=\"LICITADO\",ORÇAMENTO.PrecoUnitarioLicitado>$AN74)),\"ACIMA REF.\",\"\")))))","v":""},{"$f":"IF(C74<=CRONO.NivelExibicao,MAX($AD$15:OFFSET(AD74,-1,0))+IF($C74<>1,1,MAX(1,COUNTIF(QCI!$A$13:$A$24,OFFSET($E74,-1,0)))),\"\")","v":""},{"$f":"IF(AND($C74=\"S\",ORÇAMENTO.CodBarra<>\"\"),IF(ORÇAMENTO.Fonte=\"\",ORÇAMENTO.CodBarra,CONCATENATE(ORÇAMENTO.Fonte,\" \",ORÇAMENTO.CodBarra)))","v":"SINAPI 92542"},{"$f":"IF(ISERROR(INDIRECT(ORÇAMENTO.BancoRef)),\"(abra o arquivo 'Referência \"&Excel_BuiltIn_Database&\".xlsm)\",IF(OR($C74<>\"S\",ORÇAMENTO.CodBarra=\"\"),\"(Sem Código)\",IF(ISERROR(MATCH($AE74,INDIRECT(ORÇAMENTO.BancoRef),0)),\"(Código não identificado nas referências)\",MATCH($AE74,INDIRECT(ORÇAMENTO.BancoRef),0))))","v":1481},{"$f":"ROUND(IF(DESONERACAO=\"sim\",REFERENCIA.Desonerado,REFERENCIA.NaoDesonerado),2)","v":114.26},0.2082,null,286.02,null,null,39485.06,138.05000000000001]
["S",2,"S",0,{"$f":"IF($C75=1,OFFSET(E75,-1,0)+MAX(1,COUNTIF(QCI!$A$13:$A$24,OFFSET(ORÇAMENTO!E75,-1,0))),OFFSET(E75,-1,0))","v":1},5,0,0,2,0,{"$f":"IF(OR($C75=\"S\",$C75=0),0,MATCH(OFFSET($D75,0,$C75)+IF($C75<>1,1,COUNTIF(QCI!$A$13:$A$24,ORÇAMENTO!E75)),OFFSET($D75,1,$C75,ROW($C$404)-ROW($C75)),0))","v":0},"F","Serviço","Serviço","1.5.0.0.2.","SINAPI","100380",{"$f":"IF($C75=\"S\",REFERENCIA.Descricao,\"(digite a descrição aqui)\")","v":"FABRICAÇÃO E INSTALAÇÃO DE PONTALETES DE MADEIRA NÃO APARELHADA PARA TELHADOS COM ATÉ 2 ÁGUAS E COM TELHA CERÂMICA OU DE CONCRETO EM EDIFÍCIO RESIDENCIAL DE MÚLTIPLOS PAVIMENTOS, INCLUSO TRANSPORTE VERTICAL. AF_07/2019"},{"$f":"REFERENCIA.Unidade","v":"M2"},{"$f":"OFFSET(CÁLCULO!H$15,ROW($T75)-ROW(T$15),0)","v":286.02},57.78,"BDI 1",{"$f":"IF($C75=\"S\",ROUND(IF(TIPOORCAMENTO=\"Proposto\",ORÇAMENTO.CustoUnitario*(1+$AH75),ORÇAMENTO.PrecoUnitarioLicitado),15-13*$AF$10),0)","v":69.81},{"$f":"IF($C75=\"S\",IF(Import.TipoArredondamento<>\"TransfereGOV\",VTOTAL1,SUM(OFFSET(CÁLCULO!$AA$15,ROW($X75)-ROW($X$15),1):OFFSET(CÁLCULO!$AL$15,ROW($X75)-ROW($X$15),-1))),IF($C75=0,0,ROUND(SomaAgrup,15-13*$AF$11)))","v":19967.060000000001},"RA","RA",{"$f":"IF($C75=\"S\",IF($Z75=\"CP\",$X75,IF($Z75=\"RA\",(($X75)*QCI!$AA$3),0)),SomaAgrup)","v":5356.6464663101897},0,{"$f":"IF($N75=\"\",\"\",IF(ORÇAMENTO.Descricao=\"\",\"DESCRIÇÃO\",IF(AND($C75=\"S\",ORÇAMENTO.Unidade=\"\"),\"UNIDADE\",IF($X75<0,\"VALOR NEGATIVO\",IF(OR(AND(TIPOORCAMENTO=\"Proposto\",$AG75<>\"\",$AG75>0,ORÇAMENTO.CustoUnitario>$AG75),AND(TIPOORCAMENTO=\"LICITADO\",ORÇAMENTO.PrecoUnitarioLicitado>$AN75)),\"ACIMA REF.\",\"\")))))","v":""},{"$f":"IF(C75<=CRONO.NivelExibicao,MAX($AD$15:OFFSET(AD75,-1,0))+IF($C75<>1,1,MAX(1,COUNTIF(QCI!$A$13:$A$24,OFFSET($E75,-1,0)))),\"\")","v":""},{"$f":"IF(AND($C75=\"S\",ORÇAMENTO.CodBarra<>\"\"),IF(ORÇAMENTO.Fonte=\"\",ORÇAMENTO.CodBarra,CONCATENATE(ORÇAMENTO.Fonte,\" \",ORÇAMENTO.CodBarra)))","v":"SINAPI 100380"},{"$f":"IF(ISERROR(INDIRECT(ORÇAMENTO.BancoRef)),\"(abra o arquivo 'Referência \"&Excel_BuiltIn_Database&\".xlsm)\",IF(OR($C75<>\"S\",ORÇAMENTO.CodBarra=\"\"),\"(Sem Código)\",IF(ISERROR(MATCH($AE75,INDIRECT(ORÇAMENTO.BancoRef),0)),\"(Código não identificado nas referências)\",MATCH($AE75,INDIRECT(ORÇAMENTO.BancoRef),0))))","v":1505},{"$f":"ROUND(IF(DESONERACAO=\"sim\",REFERENCIA.Desonerado,REFERENCIA.NaoDesonerado),2)","v":57.78},0.2082,null,286.02,null,null,19967.060000000001,69.81]
["S",2,"S",0,{"$f":"IF($C76=1,OFFSET(E76,-1,0)+MAX(1,COUNTIF(QCI!$A$13:$A$24,OFFSET(ORÇAMENTO!E76,-1,0))),OFFSET(E76,-1,0))","v":1},5,0,0,3,0,{"$f":"IF(OR($C76=\"S\",$C76=0),0,MATCH(OFFSET($D76,0,$C76)+IF($C76<>1,1,COUNTIF(QCI!$A$13:$A$24,ORÇAMENTO!E76)),OFFSET($D76,1,$C76,ROW($C$404)-ROW($C76)),0))","v":0},"F","Serviço","Serviço","1.5.0.0.3.","SINAPI","94441",{"$f":"IF($C76=\"S\",REFERENCIA.Descricao,\"(digite a descrição aqui)\")","v":"TELHAMENTO COM TELHA CERÂMICA DE ENCAIXE, TIPO FRANCESA, COM MAIS DE 2 ÁGUAS, INCLUSO TRANSPORTE VERTICAL. AF_07/2019"},{"$f":"REFERENCIA.Unidade","v":"M2"},{"$f":"OFFSET(CÁLCULO!H$15,ROW($T76)-ROW(T$15),0)","v":286.02},45.09,"BDI 1",{"$f":"IF($C76=\"S\",ROUND(IF(TIPOORCAMENTO=\"Proposto\",ORÇAMENTO.CustoUnitario*(1+$AH76),ORÇAMENTO.PrecoUnitarioLicitado),15-13*$AF$10),0)","v":54.48},{"$f":"IF($C76=\"S\",IF(Import.TipoArredondamento<>\"TransfereGOV\",VTOTAL1,SUM(OFFSET(CÁLCULO!$AA$15,ROW($X76)-ROW($X$15),1):OFFSET(CÁLCULO!$AL$15,ROW($X76)-ROW($X$15),-1))),IF($C76=0,0,ROUND(SomaAgrup,15-13*$AF$11)))","v":15582.37},"RA","RA",{"$f":"IF($C76=\"S\",IF($Z76=\"CP\",$X76,IF($Z76=\"RA\",(($X76)*QCI!$AA$3),0)),SomaAgrup)","v":4180.347392016547},0,{"$f":"IF($N76=\"\",\"\",IF(ORÇAMENTO.Descricao=\"\",\"DESCRIÇÃO\",IF(AND($C76=\"S\",ORÇAMENTO.Unidade=\"\"),\"UNIDADE\",IF($X76<0,\"VALOR NEGATIVO\",IF(OR(AND(TIPOORCAMENTO=\"Proposto\",$AG76<>\"\",$AG76>0,ORÇAMENTO.CustoUnitario>$AG76),AND(TIPOORCAMENTO=\"LICITADO\",ORÇAMENTO.PrecoUnitarioLicitado>$AN76)),\"ACIMA REF.\",\"\")))))","v":""},{"$f":"IF(C76<=CRONO.NivelExibicao,MAX($AD$15:OFFSET(AD76,-1,0))+IF($C76<>1,1,MAX(1,COUNTIF(QCI!$A$13:$A$24,OFFSET($E76,-1,0)))),\"\")","v":""},{"$f":"IF(AND($C76=\"S\",ORÇAMENTO.CodBarra<>\"\"),IF(ORÇAMENTO.Fonte=\"\",ORÇAMENTO.CodBarra,CONCATENATE(ORÇAMENTO.Fonte,\" \",ORÇAMENTO.CodBarra)))","v":"SINAPI 94441"},{"$f":"IF(ISERROR(INDIRECT(ORÇAMENTO.BancoRef)),\"(abra o arquivo 'Referência \"&Excel_BuiltIn_Database&\".xlsm)\",IF(OR($C76<>\"S\",ORÇAMENTO.CodBarra=\"\"),\"(Sem Código)\",IF(ISERROR(MATCH($AE76,INDIRECT(ORÇAMENTO.BancoRef),0)),\"(Código não identificado nas referências)\",MATCH($AE76,INDIRECT(ORÇAMENTO.BancoRef),0))))","v":1530},{"$f":"ROUND(IF(DESONERACAO=\"sim\",REFERENCIA.Desonerado,REFERENCIA.NaoDesonerado),2)","v":45.09},0.2082,null,286.02,null,null,15582.37,54.48]
["S",2,"S",0,{"$f":"IF($C77=1,OFFSET(E77,-1,0)+MAX(1,COUNTIF(QCI!$A$13:$A$24,OFFSET(ORÇAMENTO!E77,-1,0))),OFFSET(E77,-1,0))","v":1},5,0,0,4,0,{"$f":"IF(OR($C77=\"S\",$C77=0),0,MATCH(OFFSET($D77,0,$C77)+IF($C77<>1,1,COUNTIF(QCI!$A$13:$A$24,ORÇAMENTO!E77)),OFFSET($D77,1,$C77,ROW($C$404)-ROW($C77)),0))","v":0},"F","Serviço","Serviço","1.5.0.0.4.","SINAPI","94219",{"$f":"IF($C77=\"S\",REFERENCIA.Descricao,\"(digite a descrição aqui)\")","v":"CUMEEIRA E ESPIGÃO PARA TELHA CERÂMICA EMBOÇADA COM ARGAMASSA TRAÇO 1:2:9 (CIMENTO, CAL E AREIA), PARA TELHADOS COM MAIS DE 2 ÁGUAS, INCLUSO TRANSPORTE VERTICAL. AF_07/2019"},{"$f":"REFERENCIA.Unidade","v":"M"},{"$f":"OFFSET(CÁLCULO!H$15,ROW($T77)-ROW(T$15),0)","v":56.81},37.94,"BDI 1",{"$f":"IF($C77=\"S\",ROUND(IF(TIPOORCAMENTO=\"Proposto\",ORÇAMENTO.CustoUnitario*(1+$AH77),ORÇAMENTO.PrecoUnitarioLicitado),15-13*$AF$10),0)","v":45.84},{"$f":"IF($C77=\"S\",IF(Import.TipoArredondamento<>\"TransfereGOV\",VTOTAL1,SUM(OFFSET(CÁLCULO!$AA$15,ROW($X77)-ROW($X$15),1):OFFSET(CÁLCULO!$AL$15,ROW($X77)-ROW($X$15),-1))),IF($C77=0,0,ROUND(SomaAgrup,15-13*$AF$11)))","v":2604.17},"RA","RA",{"$f":"IF($C77=\"S\",IF($Z77=\"CP\",$X77,IF($Z77=\"RA\",(($X77)*QCI!$AA$3),0)),SomaAgrup)","v":698.6315475673938},0,{"$f":"IF($N77=\"\",\"\",IF(ORÇAMENTO.Descricao=\"\",\"DESCRIÇÃO\",IF(AND($C77=\"S\",ORÇAMENTO.Unidade=\"\"),\"UNIDADE\",IF($X77<0,\"VALOR NEGATIVO\",IF(OR(AND(TIPOORCAMENTO=\"Proposto\",$AG77<>\"\",$AG77>0,ORÇAMENTO.CustoUnitario>$AG77),AND(TIPOORCAMENTO=\"LICITADO\",ORÇAMENTO.PrecoUnitarioLicitado>$AN77)),\"ACIMA REF.\",\"\")))))","v":""},{"$f":"IF(C77<=CRONO.NivelExibicao,MAX($AD$15:OFFSET(AD77,-1,0))+IF($C77<>1,1,MAX(1,COUNTIF(QCI!$A$13:$A$24,OFFSET($E77,-1,0)))),\"\")","v":""},{"$f":"IF(AND($C77=\"S\",ORÇAMENTO.CodBarra<>\"\"),IF(ORÇAMENTO.Fonte=\"\",ORÇAMENTO.CodBarra,CONCATENATE(ORÇAMENTO.Fonte,\" \",ORÇAMENTO.CodBarra)))","v":"SINAPI 94219"},{"$f":"IF(ISERROR(INDIRECT(ORÇAMENTO.BancoRef)),\"(abra o arquivo 'Referência \"&Excel_BuiltIn_Database&\".xlsm)\",IF(OR($C77<>\"S\",ORÇAMENTO.CodBarra=\"\"),\"(Sem Código)\",IF(ISERROR(MATCH($AE77,INDIRECT(ORÇAMENTO.BancoRef),0)),\"(Código não identificado nas referências)\",MATCH($AE77,INDIRECT(ORÇAMENTO.BancoRef),0))))","v":1542},{"$f":"ROUND(IF(DESONERACAO=\"sim\",REFERENCIA.Desonerado,REFERENCIA.NaoDesonerado),2)","v":37.94},0.2082,null,56.81,null,null,{"$f":"$X77","v":2604.17},45.84]
["S",2,"S",0,{"$f":"IF($C78=1,OFFSET(E78,-1,0)+MAX(1,COUNTIF(QCI!$A$13:$A$24,OFFSET(ORÇAMENTO!E78,-1,0))),OFFSET(E78,-1,0))","v":1},5,0,0,5,0,{"$f":"IF(OR($C78=\"S\",$C78=0),0,MATCH(OFFSET($D78,0,$C78)+IF($C78<>1,1,COUNTIF(QCI!$A$13:$A$24,ORÇAMENTO!E78)),OFFSET($D78,1,$C78,ROW($C$404)-ROW($C78)),0))","v":0},"F","Serviço","Serviço","1.5.0.0.5.","SINAPI","94227",{"$f":"IF($C78=\"S\",REFERENCIA.Descricao,\"(digite a descrição aqui)\")","v":"CALHA EM CHAPA DE AÇO GALVANIZADO NÚMERO 24, DESENVOLVIMENTO DE 33 CM, INCLUSO TRANSPORTE VERTICAL. AF_07/2019"},{"$f":"REFERENCIA.Unidade","v":"M"},{"$f":"OFFSET(CÁLCULO!H$15,ROW($T78)-ROW(T$15),0)","v":61.43},64.22,"BDI 1",{"$f":"IF($C78=\"S\",ROUND(IF(TIPOORCAMENTO=\"Proposto\",ORÇAMENTO.CustoUnitario*(1+$AH78),ORÇAMENTO.PrecoUnitarioLicitado),15-13*$AF$10),0)","v":77.59},{"$f":"IF($C78=\"S\",IF(Import.TipoArredondamento<>\"TransfereGOV\",VTOTAL1,SUM(OFFSET(CÁLCULO!$AA$15,ROW($X78)-ROW($X$15),1):OFFSET(CÁLCULO!$AL$15,ROW($X78)-ROW($X$15),-1))),IF($C78=0,0,ROUND(SomaAgrup,15-13*$AF$11)))","v":4766.3500000000004},"RA","RA",{"$f":"IF($C78=\"S\",IF($Z78=\"CP\",$X78,IF($Z78=\"RA\",(($X78)*QCI!$AA$3),0)),SomaAgrup)","v":1278.6885943497728},0,{"$f":"IF($N78=\"\",\"\",IF(ORÇAMENTO.Descricao=\"\",\"DESCRIÇÃO\",IF(AND($C78=\"S\",ORÇAMENTO.Unidade=\"\"),\"UNIDADE\",IF($X78<0,\"VALOR NEGATIVO\",IF(OR(AND(TIPOORCAMENTO=\"Proposto\",$AG78<>\"\",$AG78>0,ORÇAMENTO.CustoUnitario>$AG78),AND(TIPOORCAMENTO=\"LICITADO\",ORÇAMENTO.PrecoUnitarioLicitado>$AN78)),\"ACIMA REF.\",\"\")))))","v":""},{"$f":"IF(C78<=CRONO.NivelExibicao,MAX($AD$15:OFFSET(AD78,-1,0))+IF($C78<>1,1,MAX(1,COUNTIF(QCI!$A$13:$A$24,OFFSET($E78,-1,0)))),\"\")","v":""},{"$f":"IF(AND($C78=\"S\",ORÇAMENTO.CodBarra<>\"\"),IF(ORÇAMENTO.Fonte=\"\",ORÇAMENTO.CodBarra,CONCATENATE(ORÇAMENTO.Fonte,\" \",ORÇAMENTO.CodBarra)))","v":"SINAPI 94227"},{"$f":"IF(ISERROR(INDIRECT(ORÇAMENTO.BancoRef)),\"(abra o arquivo 'Referência \"&Excel_BuiltIn_Database&\".xlsm)\",IF(OR($C78<>\"S\",ORÇAMENTO.CodBarra=\"\"),\"(Sem Código)\",IF(ISERROR(MATCH($AE78,INDIRECT(ORÇAMENTO.BancoRef),0)),\"(Código não identificado nas referências)\",MATCH($AE78,INDIRECT(ORÇAMENTO.BancoRef),0))))","v":1556},{"$f":"ROUND(IF(DESONERACAO=\"sim\",REFERENCIA.Desonerado,REFERENCIA.NaoDesonerado),2)","v":64.22},0.2082,null,61.43,null,null,4766.3500000000004,77.59]
[{"$f":"CHOOSE(1+LOG(1+2*(ORÇAMENTO.Nivel=\"Meta\")+4*(ORÇAMENTO.Nivel=\"Nível 2\")+8*(ORÇAMENTO.Nivel=\"Nível 3\")+16*(ORÇAMENTO.Nivel=\"Nível 4\")+32*(ORÇAMENTO.Nivel=\"Serviço\"),2),0,1,2,3,4,\"S\")","v":"S"},{"$f":"IF(OR(C79=\"s\",C79=0),OFFSET(B79,-1,0),C79)","v":2},{"$f":"IF(OFFSET(C79,-1,0)=\"L\",1,IF(OFFSET(C79,-1,0)=1,2,IF(OR(A79=\"s\",A79=0),\"S\",IF(AND(OFFSET(C79,-1,0)=2,A79=4),3,IF(AND(OR(OFFSET(C79,-1,0)=\"s\",OFFSET(C79,-1,0)=0),A79<>\"s\",A79>OFFSET(B79,-1,0)),OFFSET(B79,-1,0),A79)))))","v":"S"},{"$f":"IF(OR(C79=\"S\",C79=0),0,IF(ISERROR(K79),J79,SMALL(J79:K79,1)))","v":0},{"$f":"IF($C79=1,OFFSET(E79,-1,0)+MAX(1,COUNTIF(QCI!$A$13:$A$24,OFFSET(ORÇAMENTO!E79,-1,0))),OFFSET(E79,-1,0))","v":1},{"$f":"IF($C79=1,0,IF($C79=2,OFFSET(F79,-1,0)+1,OFFSET(F79,-1,0)))","v":5},{"$f":"IF(AND($C79<=2,$C79<>0),0,IF($C79=3,OFFSET(G79,-1,0)+1,OFFSET(G79,-1,0)))","v":0},{"$f":"IF(AND($C79<=3,$C79<>0),0,IF($C79=4,OFFSET(H79,-1,0)+1,OFFSET(H79,-1,0)))","v":0},{"$f":"IF(AND($C79<=4,$C79<>0),0,IF(AND($C79=\"S\",$X79>0),OFFSET(I79,-1,0)+1,OFFSET(I79,-1,0)))","v":6},0,{"$f":"IF(OR($C79=\"S\",$C79=0),0,MATCH(OFFSET($D79,0,$C79)+IF($C79<>1,1,COUNTIF(QCI!$A$13:$A$24,ORÇAMENTO!E79)),OFFSET($D79,1,$C79,ROW($C$404)-ROW($C79)),0))","v":0},{"$f":"IF(OR($X79>0,$C79=1,$C79=2,$C79=3,$C79=4),\"F\",\"\")","v":"F"},"Serviço",{"$f":"CHOOSE(1+LOG(1+2*(C79=1)+4*(C79=2)+8*(C79=3)+16*(C79=4)+32*(C79=\"S\"),2),\"\",\"Meta\",\"Nível 2\",\"Nível 3\",\"Nível 4\",\"Serviço\")","v":"Serviço"},{"$f":"IF(OR($C79=0,$L79=\"\"),\"-\",CONCATENATE(E79&\".\",IF(AND($A$5>=2,$C79>=2),F79&\".\",\"\"),IF(AND($A$5>=3,$C79>=3),G79&\".\",\"\"),IF(AND($A$5>=4,$C79>=4),H79&\".\",\"\"),IF($C79=\"S\",I79&\".\",\"\")))","v":"1.5.0.0.6."},"Composição","014",{"$f":"IF($C79=\"S\",REFERENCIA.Descricao,\"(digite a descrição aqui)\")","v":"CALHA PARA AGUA FURTADA DE CHAPA DE ACO GALVANIZADA NUM 26, CORTE 50 CM - FORNECIMENTO E INSTALAÇÃO                                                                                                                                                                                                                                                                                                                                                                                                                                 "},{"$f":"REFERENCIA.Unidade","v":"M"},{"$f":"OFFSET(CÁLCULO!H$15,ROW($T79)-ROW(T$15),0)","v":14.26},38.840000000000003,"BDI 1",{"$f":"IF($C79=\"S\",ROUND(IF(TIPOORCAMENTO=\"Proposto\",ORÇAMENTO.CustoUnitario*(1+$AH79),ORÇAMENTO.PrecoUnitarioLicitado),15-13*$AF$10),0)","v":46.93},{"$f":"IF($C79=\"S\",IF(Import.TipoArredondamento<>\"TransfereGOV\",VTOTAL1,SUM(OFFSET(CÁLCULO!$AA$15,ROW($X79)-ROW($X$15),1):OFFSET(CÁLCULO!$AL$15,ROW($X79)-ROW($X$15),-1))),IF($C79=0,0,ROUND(SomaAgrup,15-13*$AF$11)))","v":669.22},"RA",{"$f":"IF(AND($C79=\"S\",$X79>0),IF(ISBLANK($Y79),\"RA\",LEFT($Y79,2)),\"\")","v":"RA"},{"$f":"IF($C79=\"S\",IF($Z79=\"CP\",$X79,IF($Z79=\"RA\",(($X79)*QCI!$AA$3),0)),SomaAgrup)","v":179.53444063292767},{"$f":"IF($C79=\"S\",IF($Z79=\"OU\",ROUND($X79,2),0),SomaAgrup)","v":0},{"$f":"IF($N79=\"\",\"\",IF(ORÇAMENTO.Descricao=\"\",\"DESCRIÇÃO\",IF(AND($C79=\"S\",ORÇAMENTO.Unidade=\"\"),\"UNIDADE\",IF($X79<0,\"VALOR NEGATIVO\",IF(OR(AND(TIPOORCAMENTO=\"Proposto\",$AG79<>\"\",$AG79>0,ORÇAMENTO.CustoUnitario>$AG79),AND(TIPOORCAMENTO=\"LICITADO\",ORÇAMENTO.PrecoUnitarioLicitado>$AN79)),\"ACIMA REF.\",\"\")))))","v":""},{"$f":"IF(C79<=CRONO.NivelExibicao,MAX($AD$15:OFFSET(AD79,-1,0))+IF($C79<>1,1,MAX(1,COUNTIF(QCI!$A$13:$A$24,OFFSET($E79,-1,0)))),\"\")","v":""},{"$f":"IF(AND($C79=\"S\",ORÇAMENTO.CodBarra<>\"\"),IF(ORÇAMENTO.Fonte=\"\",ORÇAMENTO.CodBarra,CONCATENATE(ORÇAMENTO.Fonte,\" \",ORÇAMENTO.CodBarra)))","v":"Composição 014"},{"$f":"IF(ISERROR(INDIRECT(ORÇAMENTO.BancoRef)),\"(abra o arquivo 'Referência \"&Excel_BuiltIn_Database&\".xlsm)\",IF(OR($C79<>\"S\",ORÇAMENTO.CodBarra=\"\"),\"(Sem Código)\",IF(ISERROR(MATCH($AE79,INDIRECT(ORÇAMENTO.BancoRef),0)),\"(Código não identificado nas referências)\",MATCH($AE79,INDIRECT(ORÇAMENTO.BancoRef),0))))","v":16},{"$f":"ROUND(IF(DESONERACAO=\"sim\",REFERENCIA.Desonerado,REFERENCIA.NaoDesonerado),2)","v":38.840000000000003},{"$f":"ROUND(IF(ISNUMBER(ORÇAMENTO.OpcaoBDI),ORÇAMENTO.OpcaoBDI,IF(LEFT(ORÇAMENTO.OpcaoBDI,3)=\"BDI\",HLOOKUP(ORÇAMENTO.OpcaoBDI,$F$4:$H$5,2,FALSE),0)),15-11*$AF$9)","v":0.2082},null,14.26,null,null,{"$f":"$X79","v":669.22},{"$f":"ROUND(ORÇAMENTO.CustoUnitario*(1+$AH79),2)","v":46.93}]
["S",2,"S",0,{"$f":"IF($C80=1,OFFSET(E80,-1,0)+MAX(1,COUNTIF(QCI!$A$13:$A$24,OFFSET(ORÇAMENTO!E80,-1,0))),OFFSET(E80,-1,0))","v":1},5,0,0,7,{"$f":"IF(OR($C80=\"S\",$C80=0),0,MATCH(0,OFFSET($D80,1,$C80,ROW($C$404)-ROW($C80)),0))","v":0},{"$f":"IF(OR($C80=\"S\",$C80=0),0,MATCH(OFFSET($D80,0,$C80)+IF($C80<>1,1,COUNTIF(QCI!$A$13:$A$24,ORÇAMENTO!E80)),OFFSET($D80,1,$C80,ROW($C$404)-ROW($C80)),0))","v":0},"F","Serviço","Serviço","1.5.0.0.7.","Composição","013",{"$f":"IF($C80=\"S\",REFERENCIA.Descricao,\"(digite a descrição aqui)\")","v":"INSTALAÇÃO DE ESPELHO DE MADEIRA EM TELHADO COM MADEIRA TRATADA - 20CM  - FORNECIMENTO E INSTALAÇÃO"},{"$f":"REFERENCIA.Unidade","v":"M"},{"$f":"OFFSET(CÁLCULO!H$15,ROW($T80)-ROW(T$15),0)","v":61.43},57.32,"BDI 1",{"$f":"IF($C80=\"S\",ROUND(IF(TIPOORCAMENTO=\"Proposto\",ORÇAMENTO.CustoUnitario*(1+$AH80),ORÇAMENTO.PrecoUnitarioLicitado),15-13*$AF$10),0)","v":69.25},{"$f":"IF($C80=\"S\",IF(Import.TipoArredondamento<>\"TransfereGOV\",VTOTAL1,SUM(OFFSET(CÁLCULO!$AA$15,ROW($X80)-ROW($X$15),1):OFFSET(CÁLCULO!$AL$15,ROW($X80)-ROW($X$15),-1))),IF($C80=0,0,ROUND(SomaAgrup,15-13*$AF$11)))","v":4254.03},"RA","RA",{"$f":"IF($C80=\"S\",IF($Z80=\"CP\",$X80,IF($Z80=\"RA\",(($X80)*QCI!$AA$3),0)),SomaAgrup)","v":1141.246371127123},0,{"$f":"IF($N80=\"\",\"\",IF(ORÇAMENTO.Descricao=\"\",\"DESCRIÇÃO\",IF(AND($C80=\"S\",ORÇAMENTO.Unidade=\"\"),\"UNIDADE\",IF($X80<0,\"VALOR NEGATIVO\",IF(OR(AND(TIPOORCAMENTO=\"Proposto\",$AG80<>\"\",$AG80>0,ORÇAMENTO.CustoUnitario>$AG80),AND(TIPOORCAMENTO=\"LICITADO\",ORÇAMENTO.PrecoUnitarioLicitado>$AN80)),\"ACIMA REF.\",\"\")))))","v":""},{"$f":"IF(C80<=CRONO.NivelExibicao,MAX($AD$15:OFFSET(AD80,-1,0))+IF($C80<>1,1,MAX(1,COUNTIF(QCI!$A$13:$A$24,OFFSET($E80,-1,0)))),\"\")","v":""},{"$f":"IF(AND($C80=\"S\",ORÇAMENTO.CodBarra<>\"\"),IF(ORÇAMENTO.Fonte=\"\",ORÇAMENTO.CodBarra,CONCATENATE(ORÇAMENTO.Fonte,\" \",ORÇAMENTO.CodBarra)))","v":"Composição 013"},{"$f":"IF(ISERROR(INDIRECT(ORÇAMENTO.BancoRef)),\"(abra o arquivo 'Referência \"&Excel_BuiltIn_Database&\".xlsm)\",IF(OR($C80<>\"S\",ORÇAMENTO.CodBarra=\"\"),\"(Sem Código)\",IF(ISERROR(MATCH($AE80,INDIRECT(ORÇAMENTO.BancoRef),0)),\"(Código não identificado nas referências)\",MATCH($AE80,INDIRECT(ORÇAMENTO.BancoRef),0))))","v":15},{"$f":"ROUND(IF(DESONERACAO=\"sim\",REFERENCIA.Desonerado,REFERENCIA.NaoDesonerado),2)","v":57.32},0.2082,null,61.43,null,null,4254.03,69.25]
[2,2,2,15,{"$f":"IF($C81=1,OFFSET(E81,-1,0)+MAX(1,COUNTIF(QCI!$A$13:$A$24,OFFSET(ORÇAMENTO!E81,-1,0))),OFFSET(E81,-1,0))","v":1},6,0,0,0,166,{"$f":"IF(OR($C81=\"S\",$C81=0),0,MATCH(OFFSET($D81,0,$C81)+IF($C81<>1,1,COUNTIF(QCI!$A$13:$A$24,ORÇAMENTO!E81)),OFFSET($D81,1,$C81,ROW($C$404)-ROW($C81)),0))","v":15},"F","Nível 2","Nível 2","1.6.","SINAPI",null,"REVESTIMENTOS",{"$f":"REFERENCIA.Unidade","v":"-"},{"$f":"OFFSET(CÁLCULO!H$15,ROW($T81)-ROW(T$15),0)","v":0},0,"BDI 1",{"$f":"IF($C81=\"S\",ROUND(IF(TIPOORCAMENTO=\"Proposto\",ORÇAMENTO.CustoUnitario*(1+$AH81),ORÇAMENTO.PrecoUnitarioLicitado),15-13*$AF$10),0)","v":0},{"$f":"IF($C81=\"S\",IF(Import.TipoArredondamento<>\"TransfereGOV\",VTOTAL1,SUM(OFFSET(CÁLCULO!$AA$15,ROW($X81)-ROW($X$15),1):OFFSET(CÁLCULO!$AL$15,ROW($X81)-ROW($X$15),-1))),IF($C81=0,0,ROUND(SomaAgrup,15-13*$AF$11)))","v":304389.36},"RA","",{"$f":"IF($C81=\"S\",IF($Z81=\"CP\",$X81,IF($Z81=\"RA\",(($X81)*QCI!$AA$3),0)),SomaAgrup)","v":81659.803177153779},0,{"$f":"IF($N81=\"\",\"\",IF(ORÇAMENTO.Descricao=\"\",\"DESCRIÇÃO\",IF(AND($C81=\"S\",ORÇAMENTO.Unidade=\"\"),\"UNIDADE\",IF($X81<0,\"VALOR NEGATIVO\",IF(OR(AND(TIPOORCAMENTO=\"Proposto\",$AG81<>\"\",$AG81>0,ORÇAMENTO.CustoUnitario>$AG81),AND(TIPOORCAMENTO=\"LICITADO\",ORÇAMENTO.PrecoUnitarioLicitado>$AN81)),\"ACIMA REF.\",\"\")))))","v":""},{"$f":"IF(C81<=CRONO.NivelExibicao,MAX($AD$15:OFFSET(AD81,-1,0))+IF($C81<>1,1,MAX(1,COUNTIF(QCI!$A$13:$A$24,OFFSET($E81,-1,0)))),\"\")","v":7},{"$f":"IF(AND($C81=\"S\",ORÇAMENTO.CodBarra<>\"\"),IF(ORÇAMENTO.Fonte=\"\",ORÇAMENTO.CodBarra,CONCATENATE(ORÇAMENTO.Fonte,\" \",ORÇAMENTO.CodBarra)))","v":false},{"$f":"IF(ISERROR(INDIRECT(ORÇAMENTO.BancoRef)),\"(abra o arquivo 'Referência \"&Excel_BuiltIn_Database&\".xlsm)\",IF(OR($C81<>\"S\",ORÇAMENTO.CodBarra=\"\"),\"(Sem Código)\",IF(ISERROR(MATCH($AE81,INDIRECT(ORÇAMENTO.BancoRef),0)),\"(Código não identificado nas referências)\",MATCH($AE81,INDIRECT(ORÇAMENTO.BancoRef),0))))","v":"(Sem Código)"},{"$f":"ROUND(IF(DESONERACAO=\"sim\",REFERENCIA.Desonerado,REFERENCIA.NaoDesonerado),2)","v":0},0.2082,null,null,null,null,304389.36,0]
[3,3,3,3,{"$f":"IF($C82=1,OFFSET(E82,-1,0)+MAX(1,COUNTIF(QCI!$A$13:$A$24,OFFSET(ORÇAMENTO!E82,-1,0))),OFFSET(E82,-1,0))","v":1},6,1,0,0,14,{"$f":"IF(OR($C82=\"S\",$C82=0),0,MATCH(OFFSET($D82,0,$C82)+IF($C82<>1,1,COUNTIF(QCI!$A$13:$A$24,ORÇAMENTO!E82)),OFFSET($D82,1,$C82,ROW($C$404)-ROW($C82)),0))","v":3},"F","Nível 3","Nível 3","1.6.1.","SINAPI",null,"PISOS",{"$f":"REFERENCIA.Unidade","v":"-"},{"$f":"OFFSET(CÁLCULO!H$15,ROW($T82)-ROW(T$15),0)","v":0},{"$f":"AG82","v":0},"BDI 1",{"$f":"IF($C82=\"S\",ROUND(IF(TIPOORCAMENTO=\"Proposto\",ORÇAMENTO.CustoUnitario*(1+$AH82),ORÇAMENTO.PrecoUnitarioLicitado),15-13*$AF$10),0)","v":0},{"$f":"IF($C82=\"S\",IF(Import.TipoArredondamento<>\"TransfereGOV\",VTOTAL1,SUM(OFFSET(CÁLCULO!$AA$15,ROW($X82)-ROW($X$15),1):OFFSET(CÁLCULO!$AL$15,ROW($X82)-ROW($X$15),-1))),IF($C82=0,0,ROUND(SomaAgrup,15-13*$AF$11)))","v":175771.51},"RA","",{"$f":"IF($C82=\"S\",IF($Z82=\"CP\",$X82,IF($Z82=\"RA\",(($X82)*QCI!$AA$3),0)),SomaAgrup)","v":47154.95610868631},0,{"$f":"IF($N82=\"\",\"\",IF(ORÇAMENTO.Descricao=\"\",\"DESCRIÇÃO\",IF(AND($C82=\"S\",ORÇAMENTO.Unidade=\"\"),\"UNIDADE\",IF($X82<0,\"VALOR NEGATIVO\",IF(OR(AND(TIPOORCAMENTO=\"Proposto\",$AG82<>\"\",$AG82>0,ORÇAMENTO.CustoUnitario>$AG82),AND(TIPOORCAMENTO=\"LICITADO\",ORÇAMENTO.PrecoUnitarioLicitado>$AN82)),\"ACIMA REF.\",\"\")))))","v":""},{"$f":"IF(C82<=CRONO.NivelExibicao,MAX($AD$15:OFFSET(AD82,-1,0))+IF($C82<>1,1,MAX(1,COUNTIF(QCI!$A$13:$A$24,OFFSET($E82,-1,0)))),\"\")","v":""},{"$f":"IF(AND($C82=\"S\",ORÇAMENTO.CodBarra<>\"\"),IF(ORÇAMENTO.Fonte=\"\",ORÇAMENTO.CodBarra,CONCATENATE(ORÇAMENTO.Fonte,\" \",ORÇAMENTO.CodBarra)))","v":false},{"$f":"IF(ISERROR(INDIRECT(ORÇAMENTO.BancoRef)),\"(abra o arquivo 'Referência \"&Excel_BuiltIn_Database&\".xlsm)\",IF(OR($C82<>\"S\",ORÇAMENTO.CodBarra=\"\"),\"(Sem Código)\",IF(ISERROR(MATCH($AE82,INDIRECT(ORÇAMENTO.BancoRef),0)),\"(Código não identificado nas referências)\",MATCH($AE82,INDIRECT(ORÇAMENTO.BancoRef),0))))","v":"(Sem Código)"},{"$f":"ROUND(IF(DESONERACAO=\"sim\",REFERENCIA.Desonerado,REFERENCIA.NaoDesonerado),2)","v":0},0.2082,null,null,null,null,175771.51,0]
["S",3,"S",0,{"$f":"IF($C83=1,OFFSET(E83,-1,0)+MAX(1,COUNTIF(QCI!$A$13:$A$24,OFFSET(ORÇAMENTO!E83,-1,0))),OFFSET(E83,-1,0))","v":1},6,1,0,1,0,{"$f":"IF(OR($C83=\"S\",$C83=0),0,MATCH(OFFSET($D83,0,$C83)+IF($C83<>1,1,COUNTIF(QCI!$A$13:$A$24,ORÇAMENTO!E83)),OFFSET($D83,1,$C83,ROW($C$404)-ROW($C83)),0))","v":0},"F","Serviço","Serviço","1.6.1.0.1.","SINAPI","104162",{"$f":"IF($C83=\"S\",REFERENCIA.Descricao,\"(digite a descrição aqui)\")","v":"PISO EM GRANILITE, MARMORITE OU GRANITINA EM AMBIENTES INTERNOS, COM ESPESSURA DE 8 MM, INCLUSO MISTURA EM BETONEIRA, COLOCAÇÃO DAS JUNTAS, APLICAÇÃO DO PISO, 4 POLIMENTOS COM POLITRIZ, ESTUCAMENTO, SELADOR E CERA. AF_06/2022"},{"$f":"REFERENCIA.Unidade","v":"M2"},{"$f":"OFFSET(CÁLCULO!H$15,ROW($T83)-ROW(T$15),0)","v":1097.54},105.68,"BDI 1",{"$f":"IF($C83=\"S\",ROUND(IF(TIPOORCAMENTO=\"Proposto\",ORÇAMENTO.CustoUnitario*(1+$AH83),ORÇAMENTO.PrecoUnitarioLicitado),15-13*$AF$10),0)","v":127.68},{"$f":"IF($C83=\"S\",IF(Import.TipoArredondamento<>\"TransfereGOV\",VTOTAL1,SUM(OFFSET(CÁLCULO!$AA$15,ROW($X83)-ROW($X$15),1):OFFSET(CÁLCULO!$AL$15,ROW($X83)-ROW($X$15),-1))),IF($C83=0,0,ROUND(SomaAgrup,15-13*$AF$11)))","v":140133.91},"RA","RA",{"$f":"IF($C83=\"S\",IF($Z83=\"CP\",$X83,IF($Z83=\"RA\",(($X83)*QCI!$AA$3),0)),SomaAgrup)","v":37594.308516713536},0,{"$f":"IF($N83=\"\",\"\",IF(ORÇAMENTO.Descricao=\"\",\"DESCRIÇÃO\",IF(AND($C83=\"S\",ORÇAMENTO.Unidade=\"\"),\"UNIDADE\",IF($X83<0,\"VALOR NEGATIVO\",IF(OR(AND(TIPOORCAMENTO=\"Proposto\",$AG83<>\"\",$AG83>0,ORÇAMENTO.CustoUnitario>$AG83),AND(TIPOORCAMENTO=\"LICITADO\",ORÇAMENTO.PrecoUnitarioLicitado>$AN83)),\"ACIMA REF.\",\"\")))))","v":""},{"$f":"IF(C83<=CRONO.NivelExibicao,MAX($AD$15:OFFSET(AD83,-1,0))+IF($C83<>1,1,MAX(1,COUNTIF(QCI!$A$13:$A$24,OFFSET($E83,-1,0)))),\"\")","v":""},{"$f":"IF(AND($C83=\"S\",ORÇAMENTO.CodBarra<>\"\"),IF(ORÇAMENTO.Fonte=\"\",ORÇAMENTO.CodBarra,CONCATENATE(ORÇAMENTO.Fonte,\" \",ORÇAMENTO.CodBarra)))","v":"SINAPI 104162"},{"$f":"IF(ISERROR(INDIRECT(ORÇAMENTO.BancoRef)),\"(abra o arquivo 'Referência \"&Excel_BuiltIn_Database&\".xlsm)\",IF(OR($C83<>\"S\",ORÇAMENTO.CodBarra=\"\"),\"(Sem Código)\",IF(ISERROR(MATCH($AE83,INDIRECT(ORÇAMENTO.BancoRef),0)),\"(Código não identificado nas referências)\",MATCH($AE83,INDIRECT(ORÇAMENTO.BancoRef),0))))","v":6402},{"$f":"ROUND(IF(DESONERACAO=\"sim\",REFERENCIA.Desonerado,REFERENCIA.NaoDesonerado),2)","v":105.68},0.2082,null,1097.54,null,null,140133.91,127.68]
[{"$f":"CHOOSE(1+LOG(1+2*(ORÇAMENTO.Nivel=\"Meta\")+4*(ORÇAMENTO.Nivel=\"Nível 2\")+8*(ORÇAMENTO.Nivel=\"Nível 3\")+16*(ORÇAMENTO.Nivel=\"Nível 4\")+32*(ORÇAMENTO.Nivel=\"Serviço\"),2),0,1,2,3,4,\"S\")","v":"S"},{"$f":"IF(OR(C84=\"s\",C84=0),OFFSET(B84,-1,0),C84)","v":3},{"$f":"IF(OFFSET(C84,-1,0)=\"L\",1,IF(OFFSET(C84,-1,0)=1,2,IF(OR(A84=\"s\",A84=0),\"S\",IF(AND(OFFSET(C84,-1,0)=2,A84=4),3,IF(AND(OR(OFFSET(C84,-1,0)=\"s\",OFFSET(C84,-1,0)=0),A84<>\"s\",A84>OFFSET(B84,-1,0)),OFFSET(B84,-1,0),A84)))))","v":"S"},{"$f":"IF(OR(C84=\"S\",C84=0),0,IF(ISERROR(K84),J84,SMALL(J84:K84,1)))","v":0},{"$f":"IF($C84=1,OFFSET(E84,-1,0)+MAX(1,COUNTIF(QCI!$A$13:$A$24,OFFSET(ORÇAMENTO!E84,-1,0))),OFFSET(E84,-1,0))","v":1},{"$f":"IF($C84=1,0,IF($C84=2,OFFSET(F84,-1,0)+1,OFFSET(F84,-1,0)))","v":6},{"$f":"IF(AND($C84<=2,$C84<>0),0,IF($C84=3,OFFSET(G84,-1,0)+1,OFFSET(G84,-1,0)))","v":1},{"$f":"IF(AND($C84<=3,$C84<>0),0,IF($C84=4,OFFSET(H84,-1,0)+1,OFFSET(H84,-1,0)))","v":0},{"$f":"IF(AND($C84<=4,$C84<>0),0,IF(AND($C84=\"S\",$X84>0),OFFSET(I84,-1,0)+1,OFFSET(I84,-1,0)))","v":2},0,{"$f":"IF(OR($C84=\"S\",$C84=0),0,MATCH(OFFSET($D84,0,$C84)+IF($C84<>1,1,COUNTIF(QCI!$A$13:$A$24,ORÇAMENTO!E84)),OFFSET($D84,1,$C84,ROW($C$404)-ROW($C84)),0))","v":0},{"$f":"IF(OR($X84>0,$C84=1,$C84=2,$C84=3,$C84=4),\"F\",\"\")","v":"F"},"Serviço",{"$f":"CHOOSE(1+LOG(1+2*(C84=1)+4*(C84=2)+8*(C84=3)+16*(C84=4)+32*(C84=\"S\"),2),\"\",\"Meta\",\"Nível 2\",\"Nível 3\",\"Nível 4\",\"Serviço\")","v":"Serviço"},{"$f":"IF(OR($C84=0,$L84=\"\"),\"-\",CONCATENATE(E84&\".\",IF(AND($A$5>=2,$C84>=2),F84&\".\",\"\"),IF(AND($A$5>=3,$C84>=3),G84&\".\",\"\"),IF(AND($A$5>=4,$C84>=4),H84&\".\",\"\"),IF($C84=\"S\",I84&\".\",\"\")))","v":"1.6.1.0.2."},"Composição","011",{"$f":"IF($C84=\"S\",REFERENCIA.Descricao,\"(digite a descrição aqui)\")","v":"RODAPÉ EXECUTADO IN LOCO DE GRANILITE, MARMORITE OU GRANITINA L = 10CM - INCLUSO MATERIAL E MÃO DE OBRA"},{"$f":"REFERENCIA.Unidade","v":"M     "},{"$f":"OFFSET(CÁLCULO!H$15,ROW($T84)-ROW(T$15),0)","v":660.2},44.68,"BDI 1",{"$f":"IF($C84=\"S\",ROUND(IF(TIPOORCAMENTO=\"Proposto\",ORÇAMENTO.CustoUnitario*(1+$AH84),ORÇAMENTO.PrecoUnitarioLicitado),15-13*$AF$10),0)","v":53.98},{"$f":"IF($C84=\"S\",IF(Import.TipoArredondamento<>\"TransfereGOV\",VTOTAL1,SUM(OFFSET(CÁLCULO!$AA$15,ROW($X84)-ROW($X$15),1):OFFSET(CÁLCULO!$AL$15,ROW($X84)-ROW($X$15),-1))),IF($C84=0,0,ROUND(SomaAgrup,15-13*$AF$11)))","v":35637.599999999999},"RA",{"$f":"IF(AND($C84=\"S\",$X84>0),IF(ISBLANK($Y84),\"RA\",LEFT($Y84,2)),\"\")","v":"RA"},{"$f":"IF($C84=\"S\",IF($Z84=\"CP\",$X84,IF($Z84=\"RA\",(($X84)*QCI!$AA$3),0)),SomaAgrup)","v":9560.6475919727782},{"$f":"IF($C84=\"S\",IF($Z84=\"OU\",ROUND($X84,2),0),SomaAgrup)","v":0},{"$f":"IF($N84=\"\",\"\",IF(ORÇAMENTO.Descricao=\"\",\"DESCRIÇÃO\",IF(AND($C84=\"S\",ORÇAMENTO.Unidade=\"\"),\"UNIDADE\",IF($X84<0,\"VALOR NEGATIVO\",IF(OR(AND(TIPOORCAMENTO=\"Proposto\",$AG84<>\"\",$AG84>0,ORÇAMENTO.CustoUnitario>$AG84),AND(TIPOORCAMENTO=\"LICITADO\",ORÇAMENTO.PrecoUnitarioLicitado>$AN84)),\"ACIMA REF.\",\"\")))))","v":""},{"$f":"IF(C84<=CRONO.NivelExibicao,MAX($AD$15:OFFSET(AD84,-1,0))+IF($C84<>1,1,MAX(1,COUNTIF(QCI!$A$13:$A$24,OFFSET($E84,-1,0)))),\"\")","v":""},{"$f":"IF(AND($C84=\"S\",ORÇAMENTO.CodBarra<>\"\"),IF(ORÇAMENTO.Fonte=\"\",ORÇAMENTO.CodBarra,CONCATENATE(ORÇAMENTO.Fonte,\" \",ORÇAMENTO.CodBarra)))","v":"Composição 011"},{"$f":"IF(ISERROR(INDIRECT(ORÇAMENTO.BancoRef)),\"(abra o arquivo 'Referência \"&Excel_BuiltIn_Database&\".xlsm)\",IF(OR($C84<>\"S\",ORÇAMENTO.CodBarra=\"\"),\"(Sem Código)\",IF(ISERROR(MATCH($AE84,INDIRECT(ORÇAMENTO.BancoRef),0)),\"(Código não identificado nas referências)\",MATCH($AE84,INDIRECT(ORÇAMENTO.BancoRef),0))))","v":13},{"$f":"ROUND(IF(DESONERACAO=\"sim\",REFERENCIA.Desonerado,REFERENCIA.NaoDesonerado),2)","v":44.68},{"$f":"ROUND(IF(ISNUMBER(ORÇAMENTO.OpcaoBDI),ORÇAMENTO.OpcaoBDI,IF(LEFT(ORÇAMENTO.OpcaoBDI,3)=\"BDI\",HLOOKUP(ORÇAMENTO.OpcaoBDI,$F$4:$H$5,2,FALSE),0)),15-11*$AF$9)","v":0.2082},null,660.2,null,null,35637.599999999999,{"$f":"ROUND(ORÇAMENTO.CustoUnitario*(1+$AH84),2)","v":53.98}]
[3,3,3,6,{"$f":"IF($C85=1,OFFSET(E85,-1,0)+MAX(1,COUNTIF(QCI!$A$13:$A$24,OFFSET(ORÇAMENTO!E85,-1,0))),OFFSET(E85,-1,0))","v":1},6,2,0,0,11,{"$f":"IF(OR($C85=\"S\",$C85=0),0,MATCH(OFFSET($D85,0,$C85)+IF($C85<>1,1,COUNTIF(QCI!$A$13:$A$24,ORÇAMENTO!E85)),OFFSET($D85,1,$C85,ROW($C$404)-ROW($C85)),0))","v":6},"F","Nível 3","Nível 3","1.6.2.","SINAPI",null,"PAREDES",{"$f":"REFERENCIA.Unidade","v":"-"},{"$f":"OFFSET(CÁLCULO!H$15,ROW($T85)-ROW(T$15),0)","v":0},0,"BDI 1",{"$f":"IF($C85=\"S\",ROUND(IF(TIPOORCAMENTO=\"Proposto\",ORÇAMENTO.CustoUnitario*(1+$AH85),ORÇAMENTO.PrecoUnitarioLicitado),15-13*$AF$10),0)","v":0},{"$f":"IF($C85=\"S\",IF(Import.TipoArredondamento<>\"TransfereGOV\",VTOTAL1,SUM(OFFSET(CÁLCULO!$AA$15,ROW($X85)-ROW($X$15),1):OFFSET(CÁLCULO!$AL$15,ROW($X85)-ROW($X$15),-1))),IF($C85=0,0,ROUND(SomaAgrup,15-13*$AF$11)))","v":118539.96},"RA","",{"$f":"IF($C85=\"S\",IF($Z85=\"CP\",$X85,IF($Z85=\"RA\",(($X85)*QCI!$AA$3),0)),SomaAgrup)","v":31801.20948454861},0,{"$f":"IF($N85=\"\",\"\",IF(ORÇAMENTO.Descricao=\"\",\"DESCRIÇÃO\",IF(AND($C85=\"S\",ORÇAMENTO.Unidade=\"\"),\"UNIDADE\",IF($X85<0,\"VALOR NEGATIVO\",IF(OR(AND(TIPOORCAMENTO=\"Proposto\",$AG85<>\"\",$AG85>0,ORÇAMENTO.CustoUnitario>$AG85),AND(TIPOORCAMENTO=\"LICITADO\",ORÇAMENTO.PrecoUnitarioLicitado>$AN85)),\"ACIMA REF.\",\"\")))))","v":""},{"$f":"IF(C85<=CRONO.NivelExibicao,MAX($AD$15:OFFSET(AD85,-1,0))+IF($C85<>1,1,MAX(1,COUNTIF(QCI!$A$13:$A$24,OFFSET($E85,-1,0)))),\"\")","v":""},{"$f":"IF(AND($C85=\"S\",ORÇAMENTO.CodBarra<>\"\"),IF(ORÇAMENTO.Fonte=\"\",ORÇAMENTO.CodBarra,CONCATENATE(ORÇAMENTO.Fonte,\" \",ORÇAMENTO.CodBarra)))","v":false},{"$f":"IF(ISERROR(INDIRECT(ORÇAMENTO.BancoRef)),\"(abra o arquivo 'Referência \"&Excel_BuiltIn_Database&\".xlsm)\",IF(OR($C85<>\"S\",ORÇAMENTO.CodBarra=\"\"),\"(Sem Código)\",IF(ISERROR(MATCH($AE85,INDIRECT(ORÇAMENTO.BancoRef),0)),\"(Código não identificado nas referências)\",MATCH($AE85,INDIRECT(ORÇAMENTO.BancoRef),0))))","v":"(Sem Código)"},{"$f":"ROUND(IF(DESONERACAO=\"sim\",REFERENCIA.Desonerado,REFERENCIA.NaoDesonerado),2)","v":0},0.2082,null,null,null,null,118539.96,0]
["S",3,"S",0,{"$f":"IF($C86=1,OFFSET(E86,-1,0)+MAX(1,COUNTIF(QCI!$A$13:$A$24,OFFSET(ORÇAMENTO!E86,-1,0))),OFFSET(E86,-1,0))","v":1},6,2,0,1,0,{"$f":"IF(OR($C86=\"S\",$C86=0),0,MATCH(OFFSET($D86,0,$C86)+IF($C86<>1,1,COUNTIF(QCI!$A$13:$A$24,ORÇAMENTO!E86)),OFFSET($D86,1,$C86,ROW($C$404)-ROW($C86)),0))","v":0},"F","Serviço","Serviço","1.6.2.0.1.","SINAPI","87894",{"$f":"IF($C86=\"S\",REFERENCIA.Descricao,\"(digite a descrição aqui)\")","v":"CHAPISCO APLICADO EM ALVENARIA (SEM PRESENÇA DE VÃOS) E ESTRUTURAS DE CONCRETO DE FACHADA, COM COLHER DE PEDREIRO.  ARGAMASSA TRAÇO 1:3 COM PREPARO EM BETONEIRA 400L. AF_10/2022"},{"$f":"REFERENCIA.Unidade","v":"M2"},{"$f":"OFFSET(CÁLCULO!H$15,ROW($T86)-ROW(T$15),0)","v":460.24},8.06,"BDI 1",{"$f":"IF($C86=\"S\",ROUND(IF(TIPOORCAMENTO=\"Proposto\",ORÇAMENTO.CustoUnitario*(1+$AH86),ORÇAMENTO.PrecoUnitarioLicitado),15-13*$AF$10),0)","v":9.74},{"$f":"IF($C86=\"S\",IF(Import.TipoArredondamento<>\"TransfereGOV\",VTOTAL1,SUM(OFFSET(CÁLCULO!$AA$15,ROW($X86)-ROW($X$15),1):OFFSET(CÁLCULO!$AL$15,ROW($X86)-ROW($X$15),-1))),IF($C86=0,0,ROUND(SomaAgrup,15-13*$AF$11)))","v":4482.74},"RA","RA",{"$f":"IF($C86=\"S\",IF($Z86=\"CP\",$X86,IF($Z86=\"RA\",(($X86)*QCI!$AA$3),0)),SomaAgrup)","v":1202.6033567479308},0,{"$f":"IF($N86=\"\",\"\",IF(ORÇAMENTO.Descricao=\"\",\"DESCRIÇÃO\",IF(AND($C86=\"S\",ORÇAMENTO.Unidade=\"\"),\"UNIDADE\",IF($X86<0,\"VALOR NEGATIVO\",IF(OR(AND(TIPOORCAMENTO=\"Proposto\",$AG86<>\"\",$AG86>0,ORÇAMENTO.CustoUnitario>$AG86),AND(TIPOORCAMENTO=\"LICITADO\",ORÇAMENTO.PrecoUnitarioLicitado>$AN86)),\"ACIMA REF.\",\"\")))))","v":""},{"$f":"IF(C86<=CRONO.NivelExibicao,MAX($AD$15:OFFSET(AD86,-1,0))+IF($C86<>1,1,MAX(1,COUNTIF(QCI!$A$13:$A$24,OFFSET($E86,-1,0)))),\"\")","v":""},{"$f":"IF(AND($C86=\"S\",ORÇAMENTO.CodBarra<>\"\"),IF(ORÇAMENTO.Fonte=\"\",ORÇAMENTO.CodBarra,CONCATENATE(ORÇAMENTO.Fonte,\" \",ORÇAMENTO.CodBarra)))","v":"SINAPI 87894"},{"$f":"IF(ISERROR(INDIRECT(ORÇAMENTO.BancoRef)),\"(abra o arquivo 'Referência \"&Excel_BuiltIn_Database&\".xlsm)\",IF(OR($C86<>\"S\",ORÇAMENTO.CodBarra=\"\"),\"(Sem Código)\",IF(ISERROR(MATCH($AE86,INDIRECT(ORÇAMENTO.BancoRef),0)),\"(Código não identificado nas referências)\",MATCH($AE86,INDIRECT(ORÇAMENTO.BancoRef),0))))","v":6497},{"$f":"ROUND(IF(DESONERACAO=\"sim\",REFERENCIA.Desonerado,REFERENCIA.NaoDesonerado),2)","v":8.06},0.2082,null,460.24,null,null,4482.74,9.74]
["S",3,"S",0,{"$f":"IF($C87=1,OFFSET(E87,-1,0)+MAX(1,COUNTIF(QCI!$A$13:$A$24,OFFSET(ORÇAMENTO!E87,-1,0))),OFFSET(E87,-1,0))","v":1},6,2,0,2,0,{"$f":"IF(OR($C87=\"S\",$C87=0),0,MATCH(OFFSET($D87,0,$C87)+IF($C87<>1,1,COUNTIF(QCI!$A$13:$A$24,ORÇAMENTO!E87)),OFFSET($D87,1,$C87,ROW($C$404)-ROW($C87)),0))","v":0},"F","Serviço","Serviço","1.6.2.0.2.","SINAPI","87775",{"$f":"IF($C87=\"S\",REFERENCIA.Descricao,\"(digite a descrição aqui)\")","v":"EMBOÇO OU MASSA ÚNICA EM ARGAMASSA TRAÇO 1:2:8, PREPARO MECÂNICO COM BETONEIRA 400 L, APLICADA MANUALMENTE EM PANOS DE FACHADA COM PRESENÇA DE VÃOS, ESPESSURA DE 25 MM. AF_08/2022"},{"$f":"REFERENCIA.Unidade","v":"M2"},{"$f":"OFFSET(CÁLCULO!H$15,ROW($T87)-ROW(T$15),0)","v":460.24},61.69,"BDI 1",{"$f":"IF($C87=\"S\",ROUND(IF(TIPOORCAMENTO=\"Proposto\",ORÇAMENTO.CustoUnitario*(1+$AH87),ORÇAMENTO.PrecoUnitarioLicitado),15-13*$AF$10),0)","v":74.53},{"$f":"IF($C87=\"S\",IF(Import.TipoArredondamento<>\"TransfereGOV\",VTOTAL1,SUM(OFFSET(CÁLCULO!$AA$15,ROW($X87)-ROW($X$15),1):OFFSET(CÁLCULO!$AL$15,ROW($X87)-ROW($X$15),-1))),IF($C87=0,0,ROUND(SomaAgrup,15-13*$AF$11)))","v":34301.69},"RA","RA",{"$f":"IF($C87=\"S\",IF($Z87=\"CP\",$X87,IF($Z87=\"RA\",(($X87)*QCI!$AA$3),0)),SomaAgrup)","v":9202.2574443592384},0,{"$f":"IF($N87=\"\",\"\",IF(ORÇAMENTO.Descricao=\"\",\"DESCRIÇÃO\",IF(AND($C87=\"S\",ORÇAMENTO.Unidade=\"\"),\"UNIDADE\",IF($X87<0,\"VALOR NEGATIVO\",IF(OR(AND(TIPOORCAMENTO=\"Proposto\",$AG87<>\"\",$AG87>0,ORÇAMENTO.CustoUnitario>$AG87),AND(TIPOORCAMENTO=\"LICITADO\",ORÇAMENTO.PrecoUnitarioLicitado>$AN87)),\"ACIMA REF.\",\"\")))))","v":""},{"$f":"IF(C87<=CRONO.NivelExibicao,MAX($AD$15:OFFSET(AD87,-1,0))+IF($C87<>1,1,MAX(1,COUNTIF(QCI!$A$13:$A$24,OFFSET($E87,-1,0)))),\"\")","v":""},{"$f":"IF(AND($C87=\"S\",ORÇAMENTO.CodBarra<>\"\"),IF(ORÇAMENTO.Fonte=\"\",ORÇAMENTO.CodBarra,CONCATENATE(ORÇAMENTO.Fonte,\" \",ORÇAMENTO.CodBarra)))","v":"SINAPI 87775"},{"$f":"IF(ISERROR(INDIRECT(ORÇAMENTO.BancoRef)),\"(abra o arquivo 'Referência \"&Excel_BuiltIn_Database&\".xlsm)\",IF(OR($C87<>\"S\",ORÇAMENTO.CodBarra=\"\"),\"(Sem Código)\",IF(ISERROR(MATCH($AE87,INDIRECT(ORÇAMENTO.BancoRef),0)),\"(Código não identificado nas referências)\",MATCH($AE87,INDIRECT(ORÇAMENTO.BancoRef),0))))","v":6546},{"$f":"ROUND(IF(DESONERACAO=\"sim\",REFERENCIA.Desonerado,REFERENCIA.NaoDesonerado),2)","v":61.69},0.2082,null,460.24,null,null,34301.69,74.53]
["S",3,"S",0,{"$f":"IF($C88=1,OFFSET(E88,-1,0)+MAX(1,COUNTIF(QCI!$A$13:$A$24,OFFSET(ORÇAMENTO!E88,-1,0))),OFFSET(E88,-1,0))","v":1},6,2,0,3,0,{"$f":"IF(OR($C88=\"S\",$C88=0),0,MATCH(OFFSET($D88,0,$C88)+IF($C88<>1,1,COUNTIF(QCI!$A$13:$A$24,ORÇAMENTO!E88)),OFFSET($D88,1,$C88,ROW($C$404)-ROW($C88)),0))","v":0},"F","Serviço","Serviço","1.6.2.0.3.","SINAPI","87273",{"$f":"IF($C88=\"S\",REFERENCIA.Descricao,\"(digite a descrição aqui)\")","v":"REVESTIMENTO CERÂMICO PARA PAREDES INTERNAS COM PLACAS TIPO ESMALTADA EXTRA  DE DIMENSÕES 33X45 CM APLICADAS NA ALTURA INTEIRA DAS PAREDES. AF_02/2023_PE"},{"$f":"REFERENCIA.Unidade","v":"M2"},{"$f":"OFFSET(CÁLCULO!H$15,ROW($T88)-ROW(T$15),0)","v":429.69},89.98,"BDI 1",{"$f":"IF($C88=\"S\",ROUND(IF(TIPOORCAMENTO=\"Proposto\",ORÇAMENTO.CustoUnitario*(1+$AH88),ORÇAMENTO.PrecoUnitarioLicitado),15-13*$AF$10),0)","v":108.71},{"$f":"IF($C88=\"S\",IF(Import.TipoArredondamento<>\"TransfereGOV\",VTOTAL1,SUM(OFFSET(CÁLCULO!$AA$15,ROW($X88)-ROW($X$15),1):OFFSET(CÁLCULO!$AL$15,ROW($X88)-ROW($X$15),-1))),IF($C88=0,0,ROUND(SomaAgrup,15-13*$AF$11)))","v":46711.6},"RA","RA",{"$f":"IF($C88=\"S\",IF($Z88=\"CP\",$X88,IF($Z88=\"RA\",(($X88)*QCI!$AA$3),0)),SomaAgrup)","v":12531.515760241869},0,{"$f":"IF($N88=\"\",\"\",IF(ORÇAMENTO.Descricao=\"\",\"DESCRIÇÃO\",IF(AND($C88=\"S\",ORÇAMENTO.Unidade=\"\"),\"UNIDADE\",IF($X88<0,\"VALOR NEGATIVO\",IF(OR(AND(TIPOORCAMENTO=\"Proposto\",$AG88<>\"\",$AG88>0,ORÇAMENTO.CustoUnitario>$AG88),AND(TIPOORCAMENTO=\"LICITADO\",ORÇAMENTO.PrecoUnitarioLicitado>$AN88)),\"ACIMA REF.\",\"\")))))","v":""},{"$f":"IF(C88<=CRONO.NivelExibicao,MAX($AD$15:OFFSET(AD88,-1,0))+IF($C88<>1,1,MAX(1,COUNTIF(QCI!$A$13:$A$24,OFFSET($E88,-1,0)))),\"\")","v":""},{"$f":"IF(AND($C88=\"S\",ORÇAMENTO.CodBarra<>\"\"),IF(ORÇAMENTO.Fonte=\"\",ORÇAMENTO.CodBarra,CONCATENATE(ORÇAMENTO.Fonte,\" \",ORÇAMENTO.CodBarra)))","v":"SINAPI 87273"},{"$f":"IF(ISERROR(INDIRECT(ORÇAMENTO.BancoRef)),\"(abra o arquivo 'Referência \"&Excel_BuiltIn_Database&\".xlsm)\",IF(OR($C88<>\"S\",ORÇAMENTO.CodBarra=\"\"),\"(Sem Código)\",IF(ISERROR(MATCH($AE88,INDIRECT(ORÇAMENTO.BancoRef),0)),\"(Código não identificado nas referências)\",MATCH($AE88,INDIRECT(ORÇAMENTO.BancoRef),0))))","v":6707},{"$f":"ROUND(IF(DESONERACAO=\"sim\",REFERENCIA.Desonerado,REFERENCIA.NaoDesonerado),2)","v":89.98},0.2082,null,429.69,null,null,46711.6,108.71]
["S",3,"S",0,{"$f":"IF($C89=1,OFFSET(E89,-1,0)+MAX(1,COUNTIF(QCI!$A$13:$A$24,OFFSET(ORÇAMENTO!E89,-1,0))),OFFSET(E89,-1,0))","v":1},6,2,0,4,0,{"$f":"IF(OR($C89=\"S\",$C89=0),0,MATCH(OFFSET($D89,0,$C89)+IF($C89<>1,1,COUNTIF(QCI!$A$13:$A$24,ORÇAMENTO!E89)),OFFSET($D89,1,$C89,ROW($C$404)-ROW($C89)),0))","v":0},"F","Serviço","Serviço","1.6.2.0.4.","SINAPI","87245",{"$f":"IF($C89=\"S\",REFERENCIA.Descricao,\"(digite a descrição aqui)\")","v":"REVESTIMENTO CERÂMICO PARA PAREDES EXTERNAS EM PASTILHAS DE PORCELANA 5 X 5 CM (PLACAS DE 30 X 30 CM), ALINHADAS A PRUMO, APLICADO EM SUPERFÍCIES INTERNAS DE SACADA. AF_02/2023"},{"$f":"REFERENCIA.Unidade","v":"M2"},{"$f":"OFFSET(CÁLCULO!H$15,ROW($T89)-ROW(T$15),0)","v":72.48},327.73,"BDI 1",{"$f":"IF($C89=\"S\",ROUND(IF(TIPOORCAMENTO=\"Proposto\",ORÇAMENTO.CustoUnitario*(1+$AH89),ORÇAMENTO.PrecoUnitarioLicitado),15-13*$AF$10),0)","v":395.96},{"$f":"IF($C89=\"S\",IF(Import.TipoArredondamento<>\"TransfereGOV\",VTOTAL1,SUM(OFFSET(CÁLCULO!$AA$15,ROW($X89)-ROW($X$15),1):OFFSET(CÁLCULO!$AL$15,ROW($X89)-ROW($X$15),-1))),IF($C89=0,0,ROUND(SomaAgrup,15-13*$AF$11)))","v":28699.18},"RA","RA",{"$f":"IF($C89=\"S\",IF($Z89=\"CP\",$X89,IF($Z89=\"RA\",(($X89)*QCI!$AA$3),0)),SomaAgrup)","v":7699.2487192906747},0,{"$f":"IF($N89=\"\",\"\",IF(ORÇAMENTO.Descricao=\"\",\"DESCRIÇÃO\",IF(AND($C89=\"S\",ORÇAMENTO.Unidade=\"\"),\"UNIDADE\",IF($X89<0,\"VALOR NEGATIVO\",IF(OR(AND(TIPOORCAMENTO=\"Proposto\",$AG89<>\"\",$AG89>0,ORÇAMENTO.CustoUnitario>$AG89),AND(TIPOORCAMENTO=\"LICITADO\",ORÇAMENTO.PrecoUnitarioLicitado>$AN89)),\"ACIMA REF.\",\"\")))))","v":""},{"$f":"IF(C89<=CRONO.NivelExibicao,MAX($AD$15:OFFSET(AD89,-1,0))+IF($C89<>1,1,MAX(1,COUNTIF(QCI!$A$13:$A$24,OFFSET($E89,-1,0)))),\"\")","v":""},{"$f":"IF(AND($C89=\"S\",ORÇAMENTO.CodBarra<>\"\"),IF(ORÇAMENTO.Fonte=\"\",ORÇAMENTO.CodBarra,CONCATENATE(ORÇAMENTO.Fonte,\" \",ORÇAMENTO.CodBarra)))","v":"SINAPI 87245"},{"$f":"IF(ISERROR(INDIRECT(ORÇAMENTO.BancoRef)),\"(abra o arquivo 'Referência \"&Excel_BuiltIn_Database&\".xlsm)\",IF(OR($C89<>\"S\",ORÇAMENTO.CodBarra=\"\"),\"(Sem Código)\",IF(ISERROR(MATCH($AE89,INDIRECT(ORÇAMENTO.BancoRef),0)),\"(Código não identificado nas referências)\",MATCH($AE89,INDIRECT(ORÇAMENTO.BancoRef),0))))","v":6702},{"$f":"ROUND(IF(DESONERACAO=\"sim\",REFERENCIA.Desonerado,REFERENCIA.NaoDesonerado),2)","v":327.73},0.2082,null,72.48,null,null,28699.18,395.96]
["S",3,"S",0,{"$f":"IF($C90=1,OFFSET(E90,-1,0)+MAX(1,COUNTIF(QCI!$A$13:$A$24,OFFSET(ORÇAMENTO!E90,-1,0))),OFFSET(E90,-1,0))","v":1},6,2,0,5,0,{"$f":"IF(OR($C90=\"S\",$C90=0),0,MATCH(OFFSET($D90,0,$C90)+IF($C90<>1,1,COUNTIF(QCI!$A$13:$A$24,ORÇAMENTO!E90)),OFFSET($D90,1,$C90,ROW($C$404)-ROW($C90)),0))","v":0},"F","Serviço","Serviço","1.6.2.0.5.","SINAPI","101965",{"$f":"IF($C90=\"S\",REFERENCIA.Descricao,\"(digite a descrição aqui)\")","v":"PEITORIL LINEAR EM GRANITO OU MÁRMORE, L = 15CM, COMPRIMENTO DE ATÉ 2M, ASSENTADO COM ARGAMASSA 1:6 COM ADITIVO. AF_11/2020"},{"$f":"REFERENCIA.Unidade","v":"M"},{"$f":"OFFSET(CÁLCULO!H$15,ROW($T90)-ROW(T$15),0)","v":25},143.84,"BDI 1",{"$f":"IF($C90=\"S\",ROUND(IF(TIPOORCAMENTO=\"Proposto\",ORÇAMENTO.CustoUnitario*(1+$AH90),ORÇAMENTO.PrecoUnitarioLicitado),15-13*$AF$10),0)","v":173.79},{"$f":"IF($C90=\"S\",IF(Import.TipoArredondamento<>\"TransfereGOV\",VTOTAL1,SUM(OFFSET(CÁLCULO!$AA$15,ROW($X90)-ROW($X$15),1):OFFSET(CÁLCULO!$AL$15,ROW($X90)-ROW($X$15),-1))),IF($C90=0,0,ROUND(SomaAgrup,15-13*$AF$11)))","v":4344.75},"RA","RA",{"$f":"IF($C90=\"S\",IF($Z90=\"CP\",$X90,IF($Z90=\"RA\",(($X90)*QCI!$AA$3),0)),SomaAgrup)","v":1165.5842039088977},0,{"$f":"IF($N90=\"\",\"\",IF(ORÇAMENTO.Descricao=\"\",\"DESCRIÇÃO\",IF(AND($C90=\"S\",ORÇAMENTO.Unidade=\"\"),\"UNIDADE\",IF($X90<0,\"VALOR NEGATIVO\",IF(OR(AND(TIPOORCAMENTO=\"Proposto\",$AG90<>\"\",$AG90>0,ORÇAMENTO.CustoUnitario>$AG90),AND(TIPOORCAMENTO=\"LICITADO\",ORÇAMENTO.PrecoUnitarioLicitado>$AN90)),\"ACIMA REF.\",\"\")))))","v":""},{"$f":"IF(C90<=CRONO.NivelExibicao,MAX($AD$15:OFFSET(AD90,-1,0))+IF($C90<>1,1,MAX(1,COUNTIF(QCI!$A$13:$A$24,OFFSET($E90,-1,0)))),\"\")","v":""},{"$f":"IF(AND($C90=\"S\",ORÇAMENTO.CodBarra<>\"\"),IF(ORÇAMENTO.Fonte=\"\",ORÇAMENTO.CodBarra,CONCATENATE(ORÇAMENTO.Fonte,\" \",ORÇAMENTO.CodBarra)))","v":"SINAPI 101965"},{"$f":"IF(ISERROR(INDIRECT(ORÇAMENTO.BancoRef)),\"(abra o arquivo 'Referência \"&Excel_BuiltIn_Database&\".xlsm)\",IF(OR($C90<>\"S\",ORÇAMENTO.CodBarra=\"\"),\"(Sem Código)\",IF(ISERROR(MATCH($AE90,INDIRECT(ORÇAMENTO.BancoRef),0)),\"(Código não identificado nas referências)\",MATCH($AE90,INDIRECT(ORÇAMENTO.BancoRef),0))))","v":6724},{"$f":"ROUND(IF(DESONERACAO=\"sim\",REFERENCIA.Desonerado,REFERENCIA.NaoDesonerado),2)","v":143.84},0.2082,null,25,null,null,4344.75,173.79]
[3,3,3,3,{"$f":"IF($C91=1,OFFSET(E91,-1,0)+MAX(1,COUNTIF(QCI!$A$13:$A$24,OFFSET(ORÇAMENTO!E91,-1,0))),OFFSET(E91,-1,0))","v":1},6,3,0,0,5,{"$f":"IF(OR($C91=\"S\",$C91=0),0,MATCH(OFFSET($D91,0,$C91)+IF($C91<>1,1,COUNTIF(QCI!$A$13:$A$24,ORÇAMENTO!E91)),OFFSET($D91,1,$C91,ROW($C$404)-ROW($C91)),0))","v":3},"F","Nível 3","Nível 3","1.6.3.","SINAPI",null,"TETO",{"$f":"REFERENCIA.Unidade","v":"-"},{"$f":"OFFSET(CÁLCULO!H$15,ROW($T91)-ROW(T$15),0)","v":0},0,"BDI 1",{"$f":"IF($C91=\"S\",ROUND(IF(TIPOORCAMENTO=\"Proposto\",ORÇAMENTO.CustoUnitario*(1+$AH91),ORÇAMENTO.PrecoUnitarioLicitado),15-13*$AF$10),0)","v":0},{"$f":"IF($C91=\"S\",IF(Import.TipoArredondamento<>\"TransfereGOV\",VTOTAL1,SUM(OFFSET(CÁLCULO!$AA$15,ROW($X91)-ROW($X$15),1):OFFSET(CÁLCULO!$AL$15,ROW($X91)-ROW($X$15),-1))),IF($C91=0,0,ROUND(SomaAgrup,15-13*$AF$11)))","v":9133.61},"RA","",{"$f":"IF($C91=\"S\",IF($Z91=\"CP\",$X91,IF($Z91=\"RA\",(($X91)*QCI!$AA$3),0)),SomaAgrup)","v":2450.3116498450649},0,{"$f":"IF($N91=\"\",\"\",IF(ORÇAMENTO.Descricao=\"\",\"DESCRIÇÃO\",IF(AND($C91=\"S\",ORÇAMENTO.Unidade=\"\"),\"UNIDADE\",IF($X91<0,\"VALOR NEGATIVO\",IF(OR(AND(TIPOORCAMENTO=\"Proposto\",$AG91<>\"\",$AG91>0,ORÇAMENTO.CustoUnitario>$AG91),AND(TIPOORCAMENTO=\"LICITADO\",ORÇAMENTO.PrecoUnitarioLicitado>$AN91)),\"ACIMA REF.\",\"\")))))","v":""},{"$f":"IF(C91<=CRONO.NivelExibicao,MAX($AD$15:OFFSET(AD91,-1,0))+IF($C91<>1,1,MAX(1,COUNTIF(QCI!$A$13:$A$24,OFFSET($E91,-1,0)))),\"\")","v":""},{"$f":"IF(AND($C91=\"S\",ORÇAMENTO.CodBarra<>\"\"),IF(ORÇAMENTO.Fonte=\"\",ORÇAMENTO.CodBarra,CONCATENATE(ORÇAMENTO.Fonte,\" \",ORÇAMENTO.CodBarra)))","v":false},{"$f":"IF(ISERROR(INDIRECT(ORÇAMENTO.BancoRef)),\"(abra o arquivo 'Referência \"&Excel_BuiltIn_Database&\".xlsm)\",IF(OR($C91<>\"S\",ORÇAMENTO.CodBarra=\"\"),\"(Sem Código)\",IF(ISERROR(MATCH($AE91,INDIRECT(ORÇAMENTO.BancoRef),0)),\"(Código não identificado nas referências)\",MATCH($AE91,INDIRECT(ORÇAMENTO.BancoRef),0))))","v":"(Sem Código)"},{"$f":"ROUND(IF(DESONERACAO=\"sim\",REFERENCIA.Desonerado,REFERENCIA.NaoDesonerado),2)","v":0},0.2082,null,null,null,null,9133.61,0]
["S",3,"S",0,{"$f":"IF($C92=1,OFFSET(E92,-1,0)+MAX(1,COUNTIF(QCI!$A$13:$A$24,OFFSET(ORÇAMENTO!E92,-1,0))),OFFSET(E92,-1,0))","v":1},6,3,0,1,0,{"$f":"IF(OR($C92=\"S\",$C92=0),0,MATCH(OFFSET($D92,0,$C92)+IF($C92<>1,1,COUNTIF(QCI!$A$13:$A$24,ORÇAMENTO!E92)),OFFSET($D92,1,$C92,ROW($C$404)-ROW($C92)),0))","v":0},"F","Serviço","Serviço","1.6.3.0.1.","SINAPI","87884",{"$f":"IF($C92=\"S\",REFERENCIA.Descricao,\"(digite a descrição aqui)\")","v":"CHAPISCO APLICADO NO TETO OU EM ALVENARIA E ESTRUTURA, COM ROLO PARA TEXTURA ACRÍLICA. ARGAMASSA INDUSTRIALIZADA COM PREPARO MANUAL. AF_10/2022"},{"$f":"REFERENCIA.Unidade","v":"M2"},{"$f":"OFFSET(CÁLCULO!H$15,ROW($T92)-ROW(T$15),0)","v":129.61000000000001},9.73,"BDI 1",{"$f":"IF($C92=\"S\",ROUND(IF(TIPOORCAMENTO=\"Proposto\",ORÇAMENTO.CustoUnitario*(1+$AH92),ORÇAMENTO.PrecoUnitarioLicitado),15-13*$AF$10),0)","v":11.76},{"$f":"IF($C92=\"S\",IF(Import.TipoArredondamento<>\"TransfereGOV\",VTOTAL1,SUM(OFFSET(CÁLCULO!$AA$15,ROW($X92)-ROW($X$15),1):OFFSET(CÁLCULO!$AL$15,ROW($X92)-ROW($X$15),-1))),IF($C92=0,0,ROUND(SomaAgrup,15-13*$AF$11)))","v":1524.21},"RA","RA",{"$f":"IF($C92=\"S\",IF($Z92=\"CP\",$X92,IF($Z92=\"RA\",(($X92)*QCI!$AA$3),0)),SomaAgrup)","v":408.90617398929305},0,{"$f":"IF($N92=\"\",\"\",IF(ORÇAMENTO.Descricao=\"\",\"DESCRIÇÃO\",IF(AND($C92=\"S\",ORÇAMENTO.Unidade=\"\"),\"UNIDADE\",IF($X92<0,\"VALOR NEGATIVO\",IF(OR(AND(TIPOORCAMENTO=\"Proposto\",$AG92<>\"\",$AG92>0,ORÇAMENTO.CustoUnitario>$AG92),AND(TIPOORCAMENTO=\"LICITADO\",ORÇAMENTO.PrecoUnitarioLicitado>$AN92)),\"ACIMA REF.\",\"\")))))","v":""},{"$f":"IF(C92<=CRONO.NivelExibicao,MAX($AD$15:OFFSET(AD92,-1,0))+IF($C92<>1,1,MAX(1,COUNTIF(QCI!$A$13:$A$24,OFFSET($E92,-1,0)))),\"\")","v":""},{"$f":"IF(AND($C92=\"S\",ORÇAMENTO.CodBarra<>\"\"),IF(ORÇAMENTO.Fonte=\"\",ORÇAMENTO.CodBarra,CONCATENATE(ORÇAMENTO.Fonte,\" \",ORÇAMENTO.CodBarra)))","v":"SINAPI 87884"},{"$f":"IF(ISERROR(INDIRECT(ORÇAMENTO.BancoRef)),\"(abra o arquivo 'Referência \"&Excel_BuiltIn_Database&\".xlsm)\",IF(OR($C92<>\"S\",ORÇAMENTO.CodBarra=\"\"),\"(Sem Código)\",IF(ISERROR(MATCH($AE92,INDIRECT(ORÇAMENTO.BancoRef),0)),\"(Código não identificado nas referências)\",MATCH($AE92,INDIRECT(ORÇAMENTO.BancoRef),0))))","v":6488},{"$f":"ROUND(IF(DESONERACAO=\"sim\",REFERENCIA.Desonerado,REFERENCIA.NaoDesonerado),2)","v":9.73},0.2082,null,129.61000000000001,null,null,1524.21,11.76]
["S",3,"S",0,{"$f":"IF($C93=1,OFFSET(E93,-1,0)+MAX(1,COUNTIF(QCI!$A$13:$A$24,OFFSET(ORÇAMENTO!E93,-1,0))),OFFSET(E93,-1,0))","v":1},6,3,0,2,0,{"$f":"IF(OR($C93=\"S\",$C93=0),0,MATCH(OFFSET($D93,0,$C93)+IF($C93<>1,1,COUNTIF(QCI!$A$13:$A$24,ORÇAMENTO!E93)),OFFSET($D93,1,$C93,ROW($C$404)-ROW($C93)),0))","v":0},"F","Serviço","Serviço","1.6.3.0.2.","SINAPI","87794",{"$f":"IF($C93=\"S\",REFERENCIA.Descricao,\"(digite a descrição aqui)\")","v":"EMBOÇO OU MASSA ÚNICA EM ARGAMASSA TRAÇO 1:2:8, PREPARO MANUAL, APLICADA MANUALMENTE EM PANOS CEGOS DE FACHADA (SEM PRESENÇA DE VÃOS), ESPESSURA DE 25 MM. AF_09/2022"},{"$f":"REFERENCIA.Unidade","v":"M2"},{"$f":"OFFSET(CÁLCULO!H$15,ROW($T93)-ROW(T$15),0)","v":129.61000000000001},48.59,"BDI 1",{"$f":"IF($C93=\"S\",ROUND(IF(TIPOORCAMENTO=\"Proposto\",ORÇAMENTO.CustoUnitario*(1+$AH93),ORÇAMENTO.PrecoUnitarioLicitado),15-13*$AF$10),0)","v":58.71},{"$f":"IF($C93=\"S\",IF(Import.TipoArredondamento<>\"TransfereGOV\",VTOTAL1,SUM(OFFSET(CÁLCULO!$AA$15,ROW($X93)-ROW($X$15),1):OFFSET(CÁLCULO!$AL$15,ROW($X93)-ROW($X$15),-1))),IF($C93=0,0,ROUND(SomaAgrup,15-13*$AF$11)))","v":7609.4},"RA","RA",{"$f":"IF($C93=\"S\",IF($Z93=\"CP\",$X93,IF($Z93=\"RA\",(($X93)*QCI!$AA$3),0)),SomaAgrup)","v":2041.405475855772},0,{"$f":"IF($N93=\"\",\"\",IF(ORÇAMENTO.Descricao=\"\",\"DESCRIÇÃO\",IF(AND($C93=\"S\",ORÇAMENTO.Unidade=\"\"),\"UNIDADE\",IF($X93<0,\"VALOR NEGATIVO\",IF(OR(AND(TIPOORCAMENTO=\"Proposto\",$AG93<>\"\",$AG93>0,ORÇAMENTO.CustoUnitario>$AG93),AND(TIPOORCAMENTO=\"LICITADO\",ORÇAMENTO.PrecoUnitarioLicitado>$AN93)),\"ACIMA REF.\",\"\")))))","v":""},{"$f":"IF(C93<=CRONO.NivelExibicao,MAX($AD$15:OFFSET(AD93,-1,0))+IF($C93<>1,1,MAX(1,COUNTIF(QCI!$A$13:$A$24,OFFSET($E93,-1,0)))),\"\")","v":""},{"$f":"IF(AND($C93=\"S\",ORÇAMENTO.CodBarra<>\"\"),IF(ORÇAMENTO.Fonte=\"\",ORÇAMENTO.CodBarra,CONCATENATE(ORÇAMENTO.Fonte,\" \",ORÇAMENTO.CodBarra)))","v":"SINAPI 87794"},{"$f":"IF(ISERROR(INDIRECT(ORÇAMENTO.BancoRef)),\"(abra o arquivo 'Referência \"&Excel_BuiltIn_Database&\".xlsm)\",IF(OR($C93<>\"S\",ORÇAMENTO.CodBarra=\"\"),\"(Sem Código)\",IF(ISERROR(MATCH($AE93,INDIRECT(ORÇAMENTO.BancoRef),0)),\"(Código não identificado nas referências)\",MATCH($AE93,INDIRECT(ORÇAMENTO.BancoRef),0))))","v":6558},{"$f":"ROUND(IF(DESONERACAO=\"sim\",REFERENCIA.Desonerado,REFERENCIA.NaoDesonerado),2)","v":48.59},0.2082,null,129.61000000000001,null,null,7609.4,58.71]
[3,3,3,2,{"$f":"IF($C94=1,OFFSET(E94,-1,0)+MAX(1,COUNTIF(QCI!$A$13:$A$24,OFFSET(ORÇAMENTO!E94,-1,0))),OFFSET(E94,-1,0))","v":1},6,4,0,0,2,{"$f":"IF(OR($C94=\"S\",$C94=0),0,MATCH(OFFSET($D94,0,$C94)+IF($C94<>1,1,COUNTIF(QCI!$A$13:$A$24,ORÇAMENTO!E94)),OFFSET($D94,1,$C94,ROW($C$404)-ROW($C94)),0))","v":180},"F","Nível 3","Nível 3","1.6.4.","SINAPI",null,"ÁREA EXTERNA",{"$f":"REFERENCIA.Unidade","v":"-"},{"$f":"OFFSET(CÁLCULO!H$15,ROW($T94)-ROW(T$15),0)","v":0},0,"BDI 1",{"$f":"IF($C94=\"S\",ROUND(IF(TIPOORCAMENTO=\"Proposto\",ORÇAMENTO.CustoUnitario*(1+$AH94),ORÇAMENTO.PrecoUnitarioLicitado),15-13*$AF$10),0)","v":0},{"$f":"IF($C94=\"S\",IF(Import.TipoArredondamento<>\"TransfereGOV\",VTOTAL1,SUM(OFFSET(CÁLCULO!$AA$15,ROW($X94)-ROW($X$15),1):OFFSET(CÁLCULO!$AL$15,ROW($X94)-ROW($X$15),-1))),IF($C94=0,0,ROUND(SomaAgrup,15-13*$AF$11)))","v":944.28},"RA","",{"$f":"IF($C94=\"S\",IF($Z94=\"CP\",$X94,IF($Z94=\"RA\",(($X94)*QCI!$AA$3),0)),SomaAgrup)","v":253.3259340737888},0,{"$f":"IF($N94=\"\",\"\",IF(ORÇAMENTO.Descricao=\"\",\"DESCRIÇÃO\",IF(AND($C94=\"S\",ORÇAMENTO.Unidade=\"\"),\"UNIDADE\",IF($X94<0,\"VALOR NEGATIVO\",IF(OR(AND(TIPOORCAMENTO=\"Proposto\",$AG94<>\"\",$AG94>0,ORÇAMENTO.CustoUnitario>$AG94),AND(TIPOORCAMENTO=\"LICITADO\",ORÇAMENTO.PrecoUnitarioLicitado>$AN94)),\"ACIMA REF.\",\"\")))))","v":""},{"$f":"IF(C94<=CRONO.NivelExibicao,MAX($AD$15:OFFSET(AD94,-1,0))+IF($C94<>1,1,MAX(1,COUNTIF(QCI!$A$13:$A$24,OFFSET($E94,-1,0)))),\"\")","v":""},{"$f":"IF(AND($C94=\"S\",ORÇAMENTO.CodBarra<>\"\"),IF(ORÇAMENTO.Fonte=\"\",ORÇAMENTO.CodBarra,CONCATENATE(ORÇAMENTO.Fonte,\" \",ORÇAMENTO.CodBarra)))","v":false},{"$f":"IF(ISERROR(INDIRECT(ORÇAMENTO.BancoRef)),\"(abra o arquivo 'Referência \"&Excel_BuiltIn_Database&\".xlsm)\",IF(OR($C94<>\"S\",ORÇAMENTO.CodBarra=\"\"),\"(Sem Código)\",IF(ISERROR(MATCH($AE94,INDIRECT(ORÇAMENTO.BancoRef),0)),\"(Código não identificado nas referências)\",MATCH($AE94,INDIRECT(ORÇAMENTO.BancoRef),0))))","v":"(Sem Código)"},{"$f":"ROUND(IF(DESONERACAO=\"sim\",REFERENCIA.Desonerado,REFERENCIA.NaoDesonerado),2)","v":0},0.2082,null,null,null,null,944.28,0]
["S",3,"S",0,{"$f":"IF($C95=1,OFFSET(E95,-1,0)+MAX(1,COUNTIF(QCI!$A$13:$A$24,OFFSET(ORÇAMENTO!E95,-1,0))),OFFSET(E95,-1,0))","v":1},6,4,0,1,0,{"$f":"IF(OR($C95=\"S\",$C95=0),0,MATCH(OFFSET($D95,0,$C95)+IF($C95<>1,1,COUNTIF(QCI!$A$13:$A$24,ORÇAMENTO!E95)),OFFSET($D95,1,$C95,ROW($C$404)-ROW($C95)),0))","v":0},"F","Serviço","Serviço","1.6.4.0.1.","SINAPI","101862",{"$f":"IF($C95=\"S\",REFERENCIA.Descricao,\"(digite a descrição aqui)\")","v":"REASSENTAMENTO DE BLOCOS RETANGULAR PARA PISO INTERTRAVADO, ESPESSURA DE 6 CM, EM CALÇADA, COM REAPROVEITAMENTO DOS BLOCOS RETANGULAR - INCLUSO RETIRADA E COLOCAÇÃO DO MATERIAL. AF_12/2020"},{"$f":"REFERENCIA.Unidade","v":"M2"},{"$f":"OFFSET(CÁLCULO!H$15,ROW($T95)-ROW(T$15),0)","v":18.100000000000001},43.18,"BDI 1",{"$f":"IF($C95=\"S\",ROUND(IF(TIPOORCAMENTO=\"Proposto\",ORÇAMENTO.CustoUnitario*(1+$AH95),ORÇAMENTO.PrecoUnitarioLicitado),15-13*$AF$10),0)","v":52.17},{"$f":"IF($C95=\"S\",IF(Import.TipoArredondamento<>\"TransfereGOV\",VTOTAL1,SUM(OFFSET(CÁLCULO!$AA$15,ROW($X95)-ROW($X$15),1):OFFSET(CÁLCULO!$AL$15,ROW($X95)-ROW($X$15),-1))),IF($C95=0,0,ROUND(SomaAgrup,15-13*$AF$11)))","v":944.28},"RA","RA",{"$f":"IF($C95=\"S\",IF($Z95=\"CP\",$X95,IF($Z95=\"RA\",(($X95)*QCI!$AA$3),0)),SomaAgrup)","v":253.3259340737888},0,{"$f":"IF($N95=\"\",\"\",IF(ORÇAMENTO.Descricao=\"\",\"DESCRIÇÃO\",IF(AND($C95=\"S\",ORÇAMENTO.Unidade=\"\"),\"UNIDADE\",IF($X95<0,\"VALOR NEGATIVO\",IF(OR(AND(TIPOORCAMENTO=\"Proposto\",$AG95<>\"\",$AG95>0,ORÇAMENTO.CustoUnitario>$AG95),AND(TIPOORCAMENTO=\"LICITADO\",ORÇAMENTO.PrecoUnitarioLicitado>$AN95)),\"ACIMA REF.\",\"\")))))","v":""},{"$f":"IF(C95<=CRONO.NivelExibicao,MAX($AD$15:OFFSET(AD95,-1,0))+IF($C95<>1,1,MAX(1,COUNTIF(QCI!$A$13:$A$24,OFFSET($E95,-1,0)))),\"\")","v":""},{"$f":"IF(AND($C95=\"S\",ORÇAMENTO.CodBarra<>\"\"),IF(ORÇAMENTO.Fonte=\"\",ORÇAMENTO.CodBarra,CONCATENATE(ORÇAMENTO.Fonte,\" \",ORÇAMENTO.CodBarra)))","v":"SINAPI 101862"},{"$f":"IF(ISERROR(INDIRECT(ORÇAMENTO.BancoRef)),\"(abra o arquivo 'Referência \"&Excel_BuiltIn_Database&\".xlsm)\",IF(OR($C95<>\"S\",ORÇAMENTO.CodBarra=\"\"),\"(Sem Código)\",IF(ISERROR(MATCH($AE95,INDIRECT(ORÇAMENTO.BancoRef),0)),\"(Código não identificado nas referências)\",MATCH($AE95,INDIRECT(ORÇAMENTO.BancoRef),0))))","v":6101},{"$f":"ROUND(IF(DESONERACAO=\"sim\",REFERENCIA.Desonerado,REFERENCIA.NaoDesonerado),2)","v":43.18},0.2082,null,18.100000000000001,null,null,944.28,52.17]
[2,2,2,24,{"$f":"IF($C96=1,OFFSET(E96,-1,0)+MAX(1,COUNTIF(QCI!$A$13:$A$24,OFFSET(ORÇAMENTO!E96,-1,0))),OFFSET(E96,-1,0))","v":1},7,0,0,0,151,{"$f":"IF(OR($C96=\"S\",$C96=0),0,MATCH(OFFSET($D96,0,$C96)+IF($C96<>1,1,COUNTIF(QCI!$A$13:$A$24,ORÇAMENTO!E96)),OFFSET($D96,1,$C96,ROW($C$404)-ROW($C96)),0))","v":24},"F","Nível 2","Nível 2","1.7.","SINAPI",null,"INSTALAÇÕES ELÉTRICAS",{"$f":"REFERENCIA.Unidade","v":"-"},{"$f":"OFFSET(CÁLCULO!H$15,ROW($T96)-ROW(T$15),0)","v":0},0,"BDI 1",{"$f":"IF($C96=\"S\",ROUND(IF(TIPOORCAMENTO=\"Proposto\",ORÇAMENTO.CustoUnitario*(1+$AH96),ORÇAMENTO.PrecoUnitarioLicitado),15-13*$AF$10),0)","v":0},{"$f":"IF($C96=\"S\",IF(Import.TipoArredondamento<>\"TransfereGOV\",VTOTAL1,SUM(OFFSET(CÁLCULO!$AA$15,ROW($X96)-ROW($X$15),1):OFFSET(CÁLCULO!$AL$15,ROW($X96)-ROW($X$15),-1))),IF($C96=0,0,ROUND(SomaAgrup,15-13*$AF$11)))","v":178971.15},"RA","",{"$f":"IF($C96=\"S\",IF($Z96=\"CP\",$X96,IF($Z96=\"RA\",(($X96)*QCI!$AA$3),0)),SomaAgrup)","v":48013.336876784597},0,{"$f":"IF($N96=\"\",\"\",IF(ORÇAMENTO.Descricao=\"\",\"DESCRIÇÃO\",IF(AND($C96=\"S\",ORÇAMENTO.Unidade=\"\"),\"UNIDADE\",IF($X96<0,\"VALOR NEGATIVO\",IF(OR(AND(TIPOORCAMENTO=\"Proposto\",$AG96<>\"\",$AG96>0,ORÇAMENTO.CustoUnitario>$AG96),AND(TIPOORCAMENTO=\"LICITADO\",ORÇAMENTO.PrecoUnitarioLicitado>$AN96)),\"ACIMA REF.\",\"\")))))","v":""},{"$f":"IF(C96<=CRONO.NivelExibicao,MAX($AD$15:OFFSET(AD96,-1,0))+IF($C96<>1,1,MAX(1,COUNTIF(QCI!$A$13:$A$24,OFFSET($E96,-1,0)))),\"\")","v":8},{"$f":"IF(AND($C96=\"S\",ORÇAMENTO.CodBarra<>\"\"),IF(ORÇAMENTO.Fonte=\"\",ORÇAMENTO.CodBarra,CONCATENATE(ORÇAMENTO.Fonte,\" \",ORÇAMENTO.CodBarra)))","v":false},{"$f":"IF(ISERROR(INDIRECT(ORÇAMENTO.BancoRef)),\"(abra o arquivo 'Referência \"&Excel_BuiltIn_Database&\".xlsm)\",IF(OR($C96<>\"S\",ORÇAMENTO.CodBarra=\"\"),\"(Sem Código)\",IF(ISERROR(MATCH($AE96,INDIRECT(ORÇAMENTO.BancoRef),0)),\"(Código não identificado nas referências)\",MATCH($AE96,INDIRECT(ORÇAMENTO.BancoRef),0))))","v":"(Sem Código)"},{"$f":"ROUND(IF(DESONERACAO=\"sim\",REFERENCIA.Desonerado,REFERENCIA.NaoDesonerado),2)","v":0},0.2082,null,null,null,null,178971.15,0]
["S",2,"S",0,{"$f":"IF($C97=1,OFFSET(E97,-1,0)+MAX(1,COUNTIF(QCI!$A$13:$A$24,OFFSET(ORÇAMENTO!E97,-1,0))),OFFSET(E97,-1,0))","v":1},7,0,0,1,0,{"$f":"IF(OR($C97=\"S\",$C97=0),0,MATCH(OFFSET($D97,0,$C97)+IF($C97<>1,1,COUNTIF(QCI!$A$13:$A$24,ORÇAMENTO!E97)),OFFSET($D97,1,$C97,ROW($C$404)-ROW($C97)),0))","v":0},"F","Serviço","Serviço","1.7.0.0.1.","SINAPI","91940",{"$f":"IF($C97=\"S\",REFERENCIA.Descricao,\"(digite a descrição aqui)\")","v":"CAIXA RETANGULAR 4\" X 2\" MÉDIA (1,30 M DO PISO), PVC, INSTALADA EM PAREDE - FORNECIMENTO E INSTALAÇÃO. AF_03/2023"},{"$f":"REFERENCIA.Unidade","v":"UN"},{"$f":"OFFSET(CÁLCULO!H$15,ROW($T97)-ROW(T$15),0)","v":33},22.39,"BDI 1",{"$f":"IF($C97=\"S\",ROUND(IF(TIPOORCAMENTO=\"Proposto\",ORÇAMENTO.CustoUnitario*(1+$AH97),ORÇAMENTO.PrecoUnitarioLicitado),15-13*$AF$10),0)","v":27.05},{"$f":"IF($C97=\"S\",IF(Import.TipoArredondamento<>\"TransfereGOV\",VTOTAL1,SUM(OFFSET(CÁLCULO!$AA$15,ROW($X97)-ROW($X$15),1):OFFSET(CÁLCULO!$AL$15,ROW($X97)-ROW($X$15),-1))),IF($C97=0,0,ROUND(SomaAgrup,15-13*$AF$11)))","v":892.65},"RA","RA",{"$f":"IF($C97=\"S\",IF($Z97=\"CP\",$X97,IF($Z97=\"RA\",(($X97)*QCI!$AA$3),0)),SomaAgrup)","v":239.47493863151561},0,{"$f":"IF($N97=\"\",\"\",IF(ORÇAMENTO.Descricao=\"\",\"DESCRIÇÃO\",IF(AND($C97=\"S\",ORÇAMENTO.Unidade=\"\"),\"UNIDADE\",IF($X97<0,\"VALOR NEGATIVO\",IF(OR(AND(TIPOORCAMENTO=\"Proposto\",$AG97<>\"\",$AG97>0,ORÇAMENTO.CustoUnitario>$AG97),AND(TIPOORCAMENTO=\"LICITADO\",ORÇAMENTO.PrecoUnitarioLicitado>$AN97)),\"ACIMA REF.\",\"\")))))","v":""},{"$f":"IF(C97<=CRONO.NivelExibicao,MAX($AD$15:OFFSET(AD97,-1,0))+IF($C97<>1,1,MAX(1,COUNTIF(QCI!$A$13:$A$24,OFFSET($E97,-1,0)))),\"\")","v":""},{"$f":"IF(AND($C97=\"S\",ORÇAMENTO.CodBarra<>\"\"),IF(ORÇAMENTO.Fonte=\"\",ORÇAMENTO.CodBarra,CONCATENATE(ORÇAMENTO.Fonte,\" \",ORÇAMENTO.CodBarra)))","v":"SINAPI 91940"},{"$f":"IF(ISERROR(INDIRECT(ORÇAMENTO.BancoRef)),\"(abra o arquivo 'Referência \"&Excel_BuiltIn_Database&\".xlsm)\",IF(OR($C97<>\"S\",ORÇAMENTO.CodBarra=\"\"),\"(Sem Código)\",IF(ISERROR(MATCH($AE97,INDIRECT(ORÇAMENTO.BancoRef),0)),\"(Código não identificado nas referências)\",MATCH($AE97,INDIRECT(ORÇAMENTO.BancoRef),0))))","v":3088},{"$f":"ROUND(IF(DESONERACAO=\"sim\",REFERENCIA.Desonerado,REFERENCIA.NaoDesonerado),2)","v":22.39},0.2082,null,33,null,null,892.65,27.05]
["S",2,"S",0,{"$f":"IF($C98=1,OFFSET(E98,-1,0)+MAX(1,COUNTIF(QCI!$A$13:$A$24,OFFSET(ORÇAMENTO!E98,-1,0))),OFFSET(E98,-1,0))","v":1},7,0,0,2,0,{"$f":"IF(OR($C98=\"S\",$C98=0),0,MATCH(OFFSET($D98,0,$C98)+IF($C98<>1,1,COUNTIF(QCI!$A$13:$A$24,ORÇAMENTO!E98)),OFFSET($D98,1,$C98,ROW($C$404)-ROW($C98)),0))","v":0},"F","Serviço","Serviço","1.7.0.0.2.","SINAPI","91939",{"$f":"IF($C98=\"S\",REFERENCIA.Descricao,\"(digite a descrição aqui)\")","v":"CAIXA RETANGULAR 4\" X 2\" ALTA (2,00 M DO PISO), PVC, INSTALADA EM PAREDE - FORNECIMENTO E INSTALAÇÃO. AF_03/2023"},{"$f":"REFERENCIA.Unidade","v":"UN"},{"$f":"OFFSET(CÁLCULO!H$15,ROW($T98)-ROW(T$15),0)","v":7},39.01,"BDI 1",{"$f":"IF($C98=\"S\",ROUND(IF(TIPOORCAMENTO=\"Proposto\",ORÇAMENTO.CustoUnitario*(1+$AH98),ORÇAMENTO.PrecoUnitarioLicitado),15-13*$AF$10),0)","v":47.13},{"$f":"IF($C98=\"S\",IF(Import.TipoArredondamento<>\"TransfereGOV\",VTOTAL1,SUM(OFFSET(CÁLCULO!$AA$15,ROW($X98)-ROW($X$15),1):OFFSET(CÁLCULO!$AL$15,ROW($X98)-ROW($X$15),-1))),IF($C98=0,0,ROUND(SomaAgrup,15-13*$AF$11)))","v":329.91},"RA","RA",{"$f":"IF($C98=\"S\",IF($Z98=\"CP\",$X98,IF($Z98=\"RA\",(($X98)*QCI!$AA$3),0)),SomaAgrup)","v":88.506331713351628},0,{"$f":"IF($N98=\"\",\"\",IF(ORÇAMENTO.Descricao=\"\",\"DESCRIÇÃO\",IF(AND($C98=\"S\",ORÇAMENTO.Unidade=\"\"),\"UNIDADE\",IF($X98<0,\"VALOR NEGATIVO\",IF(OR(AND(TIPOORCAMENTO=\"Proposto\",$AG98<>\"\",$AG98>0,ORÇAMENTO.CustoUnitario>$AG98),AND(TIPOORCAMENTO=\"LICITADO\",ORÇAMENTO.PrecoUnitarioLicitado>$AN98)),\"ACIMA REF.\",\"\")))))","v":""},{"$f":"IF(C98<=CRONO.NivelExibicao,MAX($AD$15:OFFSET(AD98,-1,0))+IF($C98<>1,1,MAX(1,COUNTIF(QCI!$A$13:$A$24,OFFSET($E98,-1,0)))),\"\")","v":""},{"$f":"IF(AND($C98=\"S\",ORÇAMENTO.CodBarra<>\"\"),IF(ORÇAMENTO.Fonte=\"\",ORÇAMENTO.CodBarra,CONCATENATE(ORÇAMENTO.Fonte,\" \",ORÇAMENTO.CodBarra)))","v":"SINAPI 91939"},{"$f":"IF(ISERROR(INDIRECT(ORÇAMENTO.BancoRef)),\"(abra o arquivo 'Referência \"&Excel_BuiltIn_Database&\".xlsm)\",IF(OR($C98<>\"S\",ORÇAMENTO.CodBarra=\"\"),\"(Sem Código)\",IF(ISERROR(MATCH($AE98,INDIRECT(ORÇAMENTO.BancoRef),0)),\"(Código não identificado nas referências)\",MATCH($AE98,INDIRECT(ORÇAMENTO.BancoRef),0))))","v":3087},{"$f":"ROUND(IF(DESONERACAO=\"sim\",REFERENCIA.Desonerado,REFERENCIA.NaoDesonerado),2)","v":39.01},0.2082,null,7,null,null,329.91,47.13]
[{"$f":"CHOOSE(1+LOG(1+2*(ORÇAMENTO.Nivel=\"Meta\")+4*(ORÇAMENTO.Nivel=\"Nível 2\")+8*(ORÇAMENTO.Nivel=\"Nível 3\")+16*(ORÇAMENTO.Nivel=\"Nível 4\")+32*(ORÇAMENTO.Nivel=\"Serviço\"),2),0,1,2,3,4,\"S\")","v":"S"},{"$f":"IF(OR(C99=\"s\",C99=0),OFFSET(B99,-1,0),C99)","v":2},{"$f":"IF(OFFSET(C99,-1,0)=\"L\",1,IF(OFFSET(C99,-1,0)=1,2,IF(OR(A99=\"s\",A99=0),\"S\",IF(AND(OFFSET(C99,-1,0)=2,A99=4),3,IF(AND(OR(OFFSET(C99,-1,0)=\"s\",OFFSET(C99,-1,0)=0),A99<>\"s\",A99>OFFSET(B99,-1,0)),OFFSET(B99,-1,0),A99)))))","v":"S"},{"$f":"IF(OR(C99=\"S\",C99=0),0,IF(ISERROR(K99),J99,SMALL(J99:K99,1)))","v":0},{"$f":"IF($C99=1,OFFSET(E99,-1,0)+MAX(1,COUNTIF(QCI!$A$13:$A$24,OFFSET(ORÇAMENTO!E99,-1,0))),OFFSET(E99,-1,0))","v":1},{"$f":"IF($C99=1,0,IF($C99=2,OFFSET(F99,-1,0)+1,OFFSET(F99,-1,0)))","v":7},{"$f":"IF(AND($C99<=2,$C99<>0),0,IF($C99=3,OFFSET(G99,-1,0)+1,OFFSET(G99,-1,0)))","v":0},{"$f":"IF(AND($C99<=3,$C99<>0),0,IF($C99=4,OFFSET(H99,-1,0)+1,OFFSET(H99,-1,0)))","v":0},{"$f":"IF(AND($C99<=4,$C99<>0),0,IF(AND($C99=\"S\",$X99>0),OFFSET(I99,-1,0)+1,OFFSET(I99,-1,0)))","v":3},0,{"$f":"IF(OR($C99=\"S\",$C99=0),0,MATCH(OFFSET($D99,0,$C99)+IF($C99<>1,1,COUNTIF(QCI!$A$13:$A$24,ORÇAMENTO!E99)),OFFSET($D99,1,$C99,ROW($C$404)-ROW($C99)),0))","v":0},{"$f":"IF(OR($X99>0,$C99=1,$C99=2,$C99=3,$C99=4),\"F\",\"\")","v":"F"},"Serviço",{"$f":"CHOOSE(1+LOG(1+2*(C99=1)+4*(C99=2)+8*(C99=3)+16*(C99=4)+32*(C99=\"S\"),2),\"\",\"Meta\",\"Nível 2\",\"Nível 3\",\"Nível 4\",\"Serviço\")","v":"Serviço"},{"$f":"IF(OR($C99=0,$L99=\"\"),\"-\",CONCATENATE(E99&\".\",IF(AND($A$5>=2,$C99>=2),F99&\".\",\"\"),IF(AND($A$5>=3,$C99>=3),G99&\".\",\"\"),IF(AND($A$5>=4,$C99>=4),H99&\".\",\"\"),IF($C99=\"S\",I99&\".\",\"\")))","v":"1.7.0.0.3."},"SINAPI","91936",{"$f":"IF($C99=\"S\",REFERENCIA.Descricao,\"(digite a descrição aqui)\")","v":"CAIXA OCTOGONAL 4\" X 4\", PVC, INSTALADA EM LAJE - FORNECIMENTO E INSTALAÇÃO. AF_03/2023"},{"$f":"REFERENCIA.Unidade","v":"UN"},{"$f":"OFFSET(CÁLCULO!H$15,ROW($T99)-ROW(T$15),0)","v":24},22.34,"BDI 1",{"$f":"IF($C99=\"S\",ROUND(IF(TIPOORCAMENTO=\"Proposto\",ORÇAMENTO.CustoUnitario*(1+$AH99),ORÇAMENTO.PrecoUnitarioLicitado),15-13*$AF$10),0)","v":26.99},{"$f":"IF($C99=\"S\",IF(Import.TipoArredondamento<>\"TransfereGOV\",VTOTAL1,SUM(OFFSET(CÁLCULO!$AA$15,ROW($X99)-ROW($X$15),1):OFFSET(CÁLCULO!$AL$15,ROW($X99)-ROW($X$15),-1))),IF($C99=0,0,ROUND(SomaAgrup,15-13*$AF$11)))","v":647.76},"RA",{"$f":"IF(AND($C99=\"S\",$X99>0),IF(ISBLANK($Y99),\"RA\",LEFT($Y99,2)),\"\")","v":"RA"},{"$f":"IF($C99=\"S\",IF($Z99=\"CP\",$X99,IF($Z99=\"RA\",(($X99)*QCI!$AA$3),0)),SomaAgrup)","v":173.77727692595144},{"$f":"IF($C99=\"S\",IF($Z99=\"OU\",ROUND($X99,2),0),SomaAgrup)","v":0},{"$f":"IF($N99=\"\",\"\",IF(ORÇAMENTO.Descricao=\"\",\"DESCRIÇÃO\",IF(AND($C99=\"S\",ORÇAMENTO.Unidade=\"\"),\"UNIDADE\",IF($X99<0,\"VALOR NEGATIVO\",IF(OR(AND(TIPOORCAMENTO=\"Proposto\",$AG99<>\"\",$AG99>0,ORÇAMENTO.CustoUnitario>$AG99),AND(TIPOORCAMENTO=\"LICITADO\",ORÇAMENTO.PrecoUnitarioLicitado>$AN99)),\"ACIMA REF.\",\"\")))))","v":""},{"$f":"IF(C99<=CRONO.NivelExibicao,MAX($AD$15:OFFSET(AD99,-1,0))+IF($C99<>1,1,MAX(1,COUNTIF(QCI!$A$13:$A$24,OFFSET($E99,-1,0)))),\"\")","v":""},{"$f":"IF(AND($C99=\"S\",ORÇAMENTO.CodBarra<>\"\"),IF(ORÇAMENTO.Fonte=\"\",ORÇAMENTO.CodBarra,CONCATENATE(ORÇAMENTO.Fonte,\" \",ORÇAMENTO.CodBarra)))","v":"SINAPI 91936"},{"$f":"IF(ISERROR(INDIRECT(ORÇAMENTO.BancoRef)),\"(abra o arquivo 'Referência \"&Excel_BuiltIn_Database&\".xlsm)\",IF(OR($C99<>\"S\",ORÇAMENTO.CodBarra=\"\"),\"(Sem Código)\",IF(ISERROR(MATCH($AE99,INDIRECT(ORÇAMENTO.BancoRef),0)),\"(Código não identificado nas referências)\",MATCH($AE99,INDIRECT(ORÇAMENTO.BancoRef),0))))","v":3085},{"$f":"ROUND(IF(DESONERACAO=\"sim\",REFERENCIA.Desonerado,REFERENCIA.NaoDesonerado),2)","v":22.34},{"$f":"ROUND(IF(ISNUMBER(ORÇAMENTO.OpcaoBDI),ORÇAMENTO.OpcaoBDI,IF(LEFT(ORÇAMENTO.OpcaoBDI,3)=\"BDI\",HLOOKUP(ORÇAMENTO.OpcaoBDI,$F$4:$H$5,2,FALSE),0)),15-11*$AF$9)","v":0.2082},null,24,null,null,647.76,{"$f":"ROUND(ORÇAMENTO.CustoUnitario*(1+$AH99),2)","v":26.99}]
[{"$f":"CHOOSE(1+LOG(1+2*(ORÇAMENTO.Nivel=\"Meta\")+4*(ORÇAMENTO.Nivel=\"Nível 2\")+8*(ORÇAMENTO.Nivel=\"Nível 3\")+16*(ORÇAMENTO.Nivel=\"Nível 4\")+32*(ORÇAMENTO.Nivel=\"Serviço\"),2),0,1,2,3,4,\"S\")","v":"S"},{"$f":"IF(OR(C100=\"s\",C100=0),OFFSET(B100,-1,0),C100)","v":2},{"$f":"IF(OFFSET(C100,-1,0)=\"L\",1,IF(OFFSET(C100,-1,0)=1,2,IF(OR(A100=\"s\",A100=0),\"S\",IF(AND(OFFSET(C100,-1,0)=2,A100=4),3,IF(AND(OR(OFFSET(C100,-1,0)=\"s\",OFFSET(C100,-1,0)=0),A100<>\"s\",A100>OFFSET(B100,-1,0)),OFFSET(B100,-1,0),A100)))))","v":"S"},{"$f":"IF(OR(C100=\"S\",C100=0),0,IF(ISERROR(K100),J100,SMALL(J100:K100,1)))","v":0},{"$f":"IF($C100=1,OFFSET(E100,-1,0)+MAX(1,COUNTIF(QCI!$A$13:$A$24,OFFSET(ORÇAMENTO!E100,-1,0))),OFFSET(E100,-1,0))","v":1},{"$f":"IF($C100=1,0,IF($C100=2,OFFSET(F100,-1,0)+1,OFFSET(F100,-1,0)))","v":7},{"$f":"IF(AND($C100<=2,$C100<>0),0,IF($C100=3,OFFSET(G100,-1,0)+1,OFFSET(G100,-1,0)))","v":0},{"$f":"IF(AND($C100<=3,$C100<>0),0,IF($C100=4,OFFSET(H100,-1,0)+1,OFFSET(H100,-1,0)))","v":0},{"$f":"IF(AND($C100<=4,$C100<>0),0,IF(AND($C100=\"S\",$X100>0),OFFSET(I100,-1,0)+1,OFFSET(I100,-1,0)))","v":4},0,{"$f":"IF(OR($C100=\"S\",$C100=0),0,MATCH(OFFSET($D100,0,$C100)+IF($C100<>1,1,COUNTIF(QCI!$A$13:$A$24,ORÇAMENTO!E100)),OFFSET($D100,1,$C100,ROW($C$404)-ROW($C100)),0))","v":0},{"$f":"IF(OR($X100>0,$C100=1,$C100=2,$C100=3,$C100=4),\"F\",\"\")","v":"F"},"Serviço",{"$f":"CHOOSE(1+LOG(1+2*(C100=1)+4*(C100=2)+8*(C100=3)+16*(C100=4)+32*(C100=\"S\"),2),\"\",\"Meta\",\"Nível 2\",\"Nível 3\",\"Nível 4\",\"Serviço\")","v":"Serviço"},{"$f":"IF(OR($C100=0,$L100=\"\"),\"-\",CONCATENATE(E100&\".\",IF(AND($A$5>=2,$C100>=2),F100&\".\",\"\"),IF(AND($A$5>=3,$C100>=3),G100&\".\",\"\"),IF(AND($A$5>=4,$C100>=4),H100&\".\",\"\"),IF($C100=\"S\",I100&\".\",\"\")))","v":"1.7.0.0.4."},"SINAPI","90456",{"$f":"IF($C100=\"S\",REFERENCIA.Descricao,\"(digite a descrição aqui)\")","v":"QUEBRA EM ALVENARIA PARA INSTALAÇÃO DE CAIXA DE TOMADA (4X4 OU 4X2). AF_09/2023"},{"$f":"REFERENCIA.Unidade","v":"UN"},{"$f":"OFFSET(CÁLCULO!H$15,ROW($T100)-ROW(T$15),0)","v":65},6.73,"BDI 1",{"$f":"IF($C100=\"S\",ROUND(IF(TIPOORCAMENTO=\"Proposto\",ORÇAMENTO.CustoUnitario*(1+$AH100),ORÇAMENTO.PrecoUnitarioLicitado),15-13*$AF$10),0)","v":8.1300000000000008},{"$f":"IF($C100=\"S\",IF(Import.TipoArredondamento<>\"TransfereGOV\",VTOTAL1,SUM(OFFSET(CÁLCULO!$AA$15,ROW($X100)-ROW($X$15),1):OFFSET(CÁLCULO!$AL$15,ROW($X100)-ROW($X$15),-1))),IF($C100=0,0,ROUND(SomaAgrup,15-13*$AF$11)))","v":528.45000000000005},"RA",{"$f":"IF(AND($C100=\"S\",$X100>0),IF(ISBLANK($Y100),\"RA\",LEFT($Y100,2)),\"\")","v":"RA"},{"$f":"IF($C100=\"S\",IF($Z100=\"CP\",$X100,IF($Z100=\"RA\",(($X100)*QCI!$AA$3),0)),SomaAgrup)","v":141.7694855988623},{"$f":"IF($C100=\"S\",IF($Z100=\"OU\",ROUND($X100,2),0),SomaAgrup)","v":0},{"$f":"IF($N100=\"\",\"\",IF(ORÇAMENTO.Descricao=\"\",\"DESCRIÇÃO\",IF(AND($C100=\"S\",ORÇAMENTO.Unidade=\"\"),\"UNIDADE\",IF($X100<0,\"VALOR NEGATIVO\",IF(OR(AND(TIPOORCAMENTO=\"Proposto\",$AG100<>\"\",$AG100>0,ORÇAMENTO.CustoUnitario>$AG100),AND(TIPOORCAMENTO=\"LICITADO\",ORÇAMENTO.PrecoUnitarioLicitado>$AN100)),\"ACIMA REF.\",\"\")))))","v":""},{"$f":"IF(C100<=CRONO.NivelExibicao,MAX($AD$15:OFFSET(AD100,-1,0))+IF($C100<>1,1,MAX(1,COUNTIF(QCI!$A$13:$A$24,OFFSET($E100,-1,0)))),\"\")","v":""},{"$f":"IF(AND($C100=\"S\",ORÇAMENTO.CodBarra<>\"\"),IF(ORÇAMENTO.Fonte=\"\",ORÇAMENTO.CodBarra,CONCATENATE(ORÇAMENTO.Fonte,\" \",ORÇAMENTO.CodBarra)))","v":"SINAPI 90456"},{"$f":"IF(ISERROR(INDIRECT(ORÇAMENTO.BancoRef)),\"(abra o arquivo 'Referência \"&Excel_BuiltIn_Database&\".xlsm)\",IF(OR($C100<>\"S\",ORÇAMENTO.CodBarra=\"\"),\"(Sem Código)\",IF(ISERROR(MATCH($AE100,INDIRECT(ORÇAMENTO.BancoRef),0)),\"(Código não identificado nas referências)\",MATCH($AE100,INDIRECT(ORÇAMENTO.BancoRef),0))))","v":5597},{"$f":"ROUND(IF(DESONERACAO=\"sim\",REFERENCIA.Desonerado,REFERENCIA.NaoDesonerado),2)","v":6.73},{"$f":"ROUND(IF(ISNUMBER(ORÇAMENTO.OpcaoBDI),ORÇAMENTO.OpcaoBDI,IF(LEFT(ORÇAMENTO.OpcaoBDI,3)=\"BDI\",HLOOKUP(ORÇAMENTO.OpcaoBDI,$F$4:$H$5,2,FALSE),0)),15-11*$AF$9)","v":0.2082},null,65,null,null,528.45000000000005,{"$f":"ROUND(ORÇAMENTO.CustoUnitario*(1+$AH100),2)","v":8.1300000000000008}]
["S",2,"S",0,{"$f":"IF($C101=1,OFFSET(E101,-1,0)+MAX(1,COUNTIF(QCI!$A$13:$A$24,OFFSET(ORÇAMENTO!E101,-1,0))),OFFSET(E101,-1,0))","v":1},7,0,0,5,0,{"$f":"IF(OR($C101=\"S\",$C101=0),0,MATCH(OFFSET($D101,0,$C101)+IF($C101<>1,1,COUNTIF(QCI!$A$13:$A$24,ORÇAMENTO!E101)),OFFSET($D101,1,$C101,ROW($C$404)-ROW($C101)),0))","v":0},"F","Serviço","Serviço","1.7.0.0.5.","SINAPI","90447",{"$f":"IF($C101=\"S\",REFERENCIA.Descricao,\"(digite a descrição aqui)\")","v":"RASGO LINEAR MANUAL EM ALVENARIA, PARA ELETRODUTOS, DIÂMETROS MENORES OU IGUAIS A 40 MM. AF_09/2023"},{"$f":"REFERENCIA.Unidade","v":"M"},{"$f":"OFFSET(CÁLCULO!H$15,ROW($T101)-ROW(T$15),0)","v":110},10.16,"BDI 1",{"$f":"IF($C101=\"S\",ROUND(IF(TIPOORCAMENTO=\"Proposto\",ORÇAMENTO.CustoUnitario*(1+$AH101),ORÇAMENTO.PrecoUnitarioLicitado),15-13*$AF$10),0)","v":12.28},{"$f":"IF($C101=\"S\",IF(Import.TipoArredondamento<>\"TransfereGOV\",VTOTAL1,SUM(OFFSET(CÁLCULO!$AA$15,ROW($X101)-ROW($X$15),1):OFFSET(CÁLCULO!$AL$15,ROW($X101)-ROW($X$15),-1))),IF($C101=0,0,ROUND(SomaAgrup,15-13*$AF$11)))","v":1350.8},"RA","RA",{"$f":"IF($C101=\"S\",IF($Z101=\"CP\",$X101,IF($Z101=\"RA\",(($X101)*QCI!$AA$3),0)),SomaAgrup)","v":362.38475001786958},0,{"$f":"IF($N101=\"\",\"\",IF(ORÇAMENTO.Descricao=\"\",\"DESCRIÇÃO\",IF(AND($C101=\"S\",ORÇAMENTO.Unidade=\"\"),\"UNIDADE\",IF($X101<0,\"VALOR NEGATIVO\",IF(OR(AND(TIPOORCAMENTO=\"Proposto\",$AG101<>\"\",$AG101>0,ORÇAMENTO.CustoUnitario>$AG101),AND(TIPOORCAMENTO=\"LICITADO\",ORÇAMENTO.PrecoUnitarioLicitado>$AN101)),\"ACIMA REF.\",\"\")))))","v":""},{"$f":"IF(C101<=CRONO.NivelExibicao,MAX($AD$15:OFFSET(AD101,-1,0))+IF($C101<>1,1,MAX(1,COUNTIF(QCI!$A$13:$A$24,OFFSET($E101,-1,0)))),\"\")","v":""},{"$f":"IF(AND($C101=\"S\",ORÇAMENTO.CodBarra<>\"\"),IF(ORÇAMENTO.Fonte=\"\",ORÇAMENTO.CodBarra,CONCATENATE(ORÇAMENTO.Fonte,\" \",ORÇAMENTO.CodBarra)))","v":"SINAPI 90447"},{"$f":"IF(ISERROR(INDIRECT(ORÇAMENTO.BancoRef)),\"(abra o arquivo 'Referência \"&Excel_BuiltIn_Database&\".xlsm)\",IF(OR($C101<>\"S\",ORÇAMENTO.CodBarra=\"\"),\"(Sem Código)\",IF(ISERROR(MATCH($AE101,INDIRECT(ORÇAMENTO.BancoRef),0)),\"(Código não identificado nas referências)\",MATCH($AE101,INDIRECT(ORÇAMENTO.BancoRef),0))))","v":5591},{"$f":"ROUND(IF(DESONERACAO=\"sim\",REFERENCIA.Desonerado,REFERENCIA.NaoDesonerado),2)","v":10.16},0.2082,null,110,null,null,1350.8,12.28]
["S",2,"S",0,{"$f":"IF($C102=1,OFFSET(E102,-1,0)+MAX(1,COUNTIF(QCI!$A$13:$A$24,OFFSET(ORÇAMENTO!E102,-1,0))),OFFSET(E102,-1,0))","v":1},7,0,0,6,0,{"$f":"IF(OR($C102=\"S\",$C102=0),0,MATCH(OFFSET($D102,0,$C102)+IF($C102<>1,1,COUNTIF(QCI!$A$13:$A$24,ORÇAMENTO!E102)),OFFSET($D102,1,$C102,ROW($C$404)-ROW($C102)),0))","v":0},"F","Serviço","Serviço","1.7.0.0.6.","SINAPI","104766",{"$f":"IF($C102=\"S\",REFERENCIA.Descricao,\"(digite a descrição aqui)\")","v":"CHUMBAMENTO LINEAR EM ALVENARIA PARA ELETRODUTOS COM DIÂMETROS MENORES OU IGUAIS A 40 MM. AF_09/2023"},{"$f":"REFERENCIA.Unidade","v":"M"},{"$f":"OFFSET(CÁLCULO!H$15,ROW($T102)-ROW(T$15),0)","v":110},18.690000000000001,"BDI 1",{"$f":"IF($C102=\"S\",ROUND(IF(TIPOORCAMENTO=\"Proposto\",ORÇAMENTO.CustoUnitario*(1+$AH102),ORÇAMENTO.PrecoUnitarioLicitado),15-13*$AF$10),0)","v":22.58},{"$f":"IF($C102=\"S\",IF(Import.TipoArredondamento<>\"TransfereGOV\",VTOTAL1,SUM(OFFSET(CÁLCULO!$AA$15,ROW($X102)-ROW($X$15),1):OFFSET(CÁLCULO!$AL$15,ROW($X102)-ROW($X$15),-1))),IF($C102=0,0,ROUND(SomaAgrup,15-13*$AF$11)))","v":2483.8000000000002},"RA","RA",{"$f":"IF($C102=\"S\",IF($Z102=\"CP\",$X102,IF($Z102=\"RA\",(($X102)*QCI!$AA$3),0)),SomaAgrup)","v":666.33938561917728},0,{"$f":"IF($N102=\"\",\"\",IF(ORÇAMENTO.Descricao=\"\",\"DESCRIÇÃO\",IF(AND($C102=\"S\",ORÇAMENTO.Unidade=\"\"),\"UNIDADE\",IF($X102<0,\"VALOR NEGATIVO\",IF(OR(AND(TIPOORCAMENTO=\"Proposto\",$AG102<>\"\",$AG102>0,ORÇAMENTO.CustoUnitario>$AG102),AND(TIPOORCAMENTO=\"LICITADO\",ORÇAMENTO.PrecoUnitarioLicitado>$AN102)),\"ACIMA REF.\",\"\")))))","v":""},{"$f":"IF(C102<=CRONO.NivelExibicao,MAX($AD$15:OFFSET(AD102,-1,0))+IF($C102<>1,1,MAX(1,COUNTIF(QCI!$A$13:$A$24,OFFSET($E102,-1,0)))),\"\")","v":""},{"$f":"IF(AND($C102=\"S\",ORÇAMENTO.CodBarra<>\"\"),IF(ORÇAMENTO.Fonte=\"\",ORÇAMENTO.CodBarra,CONCATENATE(ORÇAMENTO.Fonte,\" \",ORÇAMENTO.CodBarra)))","v":"SINAPI 104766"},{"$f":"IF(ISERROR(INDIRECT(ORÇAMENTO.BancoRef)),\"(abra o arquivo 'Referência \"&Excel_BuiltIn_Database&\".xlsm)\",IF(OR($C102<>\"S\",ORÇAMENTO.CodBarra=\"\"),\"(Sem Código)\",IF(ISERROR(MATCH($AE102,INDIRECT(ORÇAMENTO.BancoRef),0)),\"(Código não identificado nas referências)\",MATCH($AE102,INDIRECT(ORÇAMENTO.BancoRef),0))))","v":3491},{"$f":"ROUND(IF(DESONERACAO=\"sim\",REFERENCIA.Desonerado,REFERENCIA.NaoDesonerado),2)","v":18.690000000000001},0.2082,null,110,null,null,2483.8000000000002,22.58]
["S",2,"S",0,{"$f":"IF($C103=1,OFFSET(E103,-1,0)+MAX(1,COUNTIF(QCI!$A$13:$A$24,OFFSET(ORÇAMENTO!E103,-1,0))),OFFSET(E103,-1,0))","v":1},7,0,0,7,0,{"$f":"IF(OR($C103=\"S\",$C103=0),0,MATCH(OFFSET($D103,0,$C103)+IF($C103<>1,1,COUNTIF(QCI!$A$13:$A$24,ORÇAMENTO!E103)),OFFSET($D103,1,$C103,ROW($C$404)-ROW($C103)),0))","v":0},"F","Serviço","Serviço","1.7.0.0.7.","SINAPI","91856",{"$f":"IF($C103=\"S\",REFERENCIA.Descricao,\"(digite a descrição aqui)\")","v":"ELETRODUTO FLEXÍVEL CORRUGADO, PVC, DN 32 MM (1\"), PARA CIRCUITOS TERMINAIS, INSTALADO EM PAREDE - FORNECIMENTO E INSTALAÇÃO. AF_03/2023"},{"$f":"REFERENCIA.Unidade","v":"M"},{"$f":"OFFSET(CÁLCULO!H$15,ROW($T103)-ROW(T$15),0)","v":110},15.12,"BDI 1",{"$f":"IF($C103=\"S\",ROUND(IF(TIPOORCAMENTO=\"Proposto\",ORÇAMENTO.CustoUnitario*(1+$AH103),ORÇAMENTO.PrecoUnitarioLicitado),15-13*$AF$10),0)","v":18.27},{"$f":"IF($C103=\"S\",IF(Import.TipoArredondamento<>\"TransfereGOV\",VTOTAL1,SUM(OFFSET(CÁLCULO!$AA$15,ROW($X103)-ROW($X$15),1):OFFSET(CÁLCULO!$AL$15,ROW($X103)-ROW($X$15),-1))),IF($C103=0,0,ROUND(SomaAgrup,15-13*$AF$11)))","v":2009.7},"RA","RA",{"$f":"IF($C103=\"S\",IF($Z103=\"CP\",$X103,IF($Z103=\"RA\",(($X103)*QCI!$AA$3),0)),SomaAgrup)","v":539.15060120736791},0,{"$f":"IF($N103=\"\",\"\",IF(ORÇAMENTO.Descricao=\"\",\"DESCRIÇÃO\",IF(AND($C103=\"S\",ORÇAMENTO.Unidade=\"\"),\"UNIDADE\",IF($X103<0,\"VALOR NEGATIVO\",IF(OR(AND(TIPOORCAMENTO=\"Proposto\",$AG103<>\"\",$AG103>0,ORÇAMENTO.CustoUnitario>$AG103),AND(TIPOORCAMENTO=\"LICITADO\",ORÇAMENTO.PrecoUnitarioLicitado>$AN103)),\"ACIMA REF.\",\"\")))))","v":""},{"$f":"IF(C103<=CRONO.NivelExibicao,MAX($AD$15:OFFSET(AD103,-1,0))+IF($C103<>1,1,MAX(1,COUNTIF(QCI!$A$13:$A$24,OFFSET($E103,-1,0)))),\"\")","v":""},{"$f":"IF(AND($C103=\"S\",ORÇAMENTO.CodBarra<>\"\"),IF(ORÇAMENTO.Fonte=\"\",ORÇAMENTO.CodBarra,CONCATENATE(ORÇAMENTO.Fonte,\" \",ORÇAMENTO.CodBarra)))","v":"SINAPI 91856"},{"$f":"IF(ISERROR(INDIRECT(ORÇAMENTO.BancoRef)),\"(abra o arquivo 'Referência \"&Excel_BuiltIn_Database&\".xlsm)\",IF(OR($C103<>\"S\",ORÇAMENTO.CodBarra=\"\"),\"(Sem Código)\",IF(ISERROR(MATCH($AE103,INDIRECT(ORÇAMENTO.BancoRef),0)),\"(Código não identificado nas referências)\",MATCH($AE103,INDIRECT(ORÇAMENTO.BancoRef),0))))","v":2974},{"$f":"ROUND(IF(DESONERACAO=\"sim\",REFERENCIA.Desonerado,REFERENCIA.NaoDesonerado),2)","v":15.12},0.2082,null,110,null,null,2009.7,18.27]
["S",2,"S",0,{"$f":"IF($C104=1,OFFSET(E104,-1,0)+MAX(1,COUNTIF(QCI!$A$13:$A$24,OFFSET(ORÇAMENTO!E104,-1,0))),OFFSET(E104,-1,0))","v":1},7,0,0,8,0,{"$f":"IF(OR($C104=\"S\",$C104=0),0,MATCH(OFFSET($D104,0,$C104)+IF($C104<>1,1,COUNTIF(QCI!$A$13:$A$24,ORÇAMENTO!E104)),OFFSET($D104,1,$C104,ROW($C$404)-ROW($C104)),0))","v":0},"F","Serviço","Serviço","1.7.0.0.8.","SINAPI","91847",{"$f":"IF($C104=\"S\",REFERENCIA.Descricao,\"(digite a descrição aqui)\")","v":"ELETRODUTO FLEXÍVEL CORRUGADO REFORÇADO, PVC, DN 32 MM (1\"), PARA CIRCUITOS TERMINAIS, INSTALADO EM LAJE - FORNECIMENTO E INSTALAÇÃO. AF_03/2023"},{"$f":"REFERENCIA.Unidade","v":"M"},{"$f":"OFFSET(CÁLCULO!H$15,ROW($T104)-ROW(T$15),0)","v":250},15.87,"BDI 1",{"$f":"IF($C104=\"S\",ROUND(IF(TIPOORCAMENTO=\"Proposto\",ORÇAMENTO.CustoUnitario*(1+$AH104),ORÇAMENTO.PrecoUnitarioLicitado),15-13*$AF$10),0)","v":19.170000000000002},{"$f":"IF($C104=\"S\",IF(Import.TipoArredondamento<>\"TransfereGOV\",VTOTAL1,SUM(OFFSET(CÁLCULO!$AA$15,ROW($X104)-ROW($X$15),1):OFFSET(CÁLCULO!$AL$15,ROW($X104)-ROW($X$15),-1))),IF($C104=0,0,ROUND(SomaAgrup,15-13*$AF$11)))","v":4792.5},"RA","RA",{"$f":"IF($C104=\"S\",IF($Z104=\"CP\",$X104,IF($Z104=\"RA\",(($X104)*QCI!$AA$3),0)),SomaAgrup)","v":1285.7039639181523},0,{"$f":"IF($N104=\"\",\"\",IF(ORÇAMENTO.Descricao=\"\",\"DESCRIÇÃO\",IF(AND($C104=\"S\",ORÇAMENTO.Unidade=\"\"),\"UNIDADE\",IF($X104<0,\"VALOR NEGATIVO\",IF(OR(AND(TIPOORCAMENTO=\"Proposto\",$AG104<>\"\",$AG104>0,ORÇAMENTO.CustoUnitario>$AG104),AND(TIPOORCAMENTO=\"LICITADO\",ORÇAMENTO.PrecoUnitarioLicitado>$AN104)),\"ACIMA REF.\",\"\")))))","v":""},{"$f":"IF(C104<=CRONO.NivelExibicao,MAX($AD$15:OFFSET(AD104,-1,0))+IF($C104<>1,1,MAX(1,COUNTIF(QCI!$A$13:$A$24,OFFSET($E104,-1,0)))),\"\")","v":""},{"$f":"IF(AND($C104=\"S\",ORÇAMENTO.CodBarra<>\"\"),IF(ORÇAMENTO.Fonte=\"\",ORÇAMENTO.CodBarra,CONCATENATE(ORÇAMENTO.Fonte,\" \",ORÇAMENTO.CodBarra)))","v":"SINAPI 91847"},{"$f":"IF(ISERROR(INDIRECT(ORÇAMENTO.BancoRef)),\"(abra o arquivo 'Referência \"&Excel_BuiltIn_Database&\".xlsm)\",IF(OR($C104<>\"S\",ORÇAMENTO.CodBarra=\"\"),\"(Sem Código)\",IF(ISERROR(MATCH($AE104,INDIRECT(ORÇAMENTO.BancoRef),0)),\"(Código não identificado nas referências)\",MATCH($AE104,INDIRECT(ORÇAMENTO.BancoRef),0))))","v":2966},{"$f":"ROUND(IF(DESONERACAO=\"sim\",REFERENCIA.Desonerado,REFERENCIA.NaoDesonerado),2)","v":15.87},0.2082,null,250,null,null,4792.5,19.170000000000002]
["S",2,"S",0,{"$f":"IF($C105=1,OFFSET(E105,-1,0)+MAX(1,COUNTIF(QCI!$A$13:$A$24,OFFSET(ORÇAMENTO!E105,-1,0))),OFFSET(E105,-1,0))","v":1},7,0,0,9,0,{"$f":"IF(OR($C105=\"S\",$C105=0),0,MATCH(OFFSET($D105,0,$C105)+IF($C105<>1,1,COUNTIF(QCI!$A$13:$A$24,ORÇAMENTO!E105)),OFFSET($D105,1,$C105,ROW($C$404)-ROW($C105)),0))","v":0},"F","Serviço","Serviço","1.7.0.0.9.","SINAPI","91926",{"$f":"IF($C105=\"S\",REFERENCIA.Descricao,\"(digite a descrição aqui)\")","v":"CABO DE COBRE FLEXÍVEL ISOLADO, 2,5 MM², ANTI-CHAMA 450/750 V, PARA CIRCUITOS TERMINAIS - FORNECIMENTO E INSTALAÇÃO. AF_03/2023"},{"$f":"REFERENCIA.Unidade","v":"M"},{"$f":"OFFSET(CÁLCULO!H$15,ROW($T105)-ROW(T$15),0)","v":625.44000000000005},4.6100000000000003,"BDI 1",{"$f":"IF($C105=\"S\",ROUND(IF(TIPOORCAMENTO=\"Proposto\",ORÇAMENTO.CustoUnitario*(1+$AH105),ORÇAMENTO.PrecoUnitarioLicitado),15-13*$AF$10),0)","v":5.57},{"$f":"IF($C105=\"S\",IF(Import.TipoArredondamento<>\"TransfereGOV\",VTOTAL1,SUM(OFFSET(CÁLCULO!$AA$15,ROW($X105)-ROW($X$15),1):OFFSET(CÁLCULO!$AL$15,ROW($X105)-ROW($X$15),-1))),IF($C105=0,0,ROUND(SomaAgrup,15-13*$AF$11)))","v":3483.7},"RA","RA",{"$f":"IF($C105=\"S\",IF($Z105=\"CP\",$X105,IF($Z105=\"RA\",(($X105)*QCI!$AA$3),0)),SomaAgrup)","v":934.5867290770301},0,{"$f":"IF($N105=\"\",\"\",IF(ORÇAMENTO.Descricao=\"\",\"DESCRIÇÃO\",IF(AND($C105=\"S\",ORÇAMENTO.Unidade=\"\"),\"UNIDADE\",IF($X105<0,\"VALOR NEGATIVO\",IF(OR(AND(TIPOORCAMENTO=\"Proposto\",$AG105<>\"\",$AG105>0,ORÇAMENTO.CustoUnitario>$AG105),AND(TIPOORCAMENTO=\"LICITADO\",ORÇAMENTO.PrecoUnitarioLicitado>$AN105)),\"ACIMA REF.\",\"\")))))","v":""},{"$f":"IF(C105<=CRONO.NivelExibicao,MAX($AD$15:OFFSET(AD105,-1,0))+IF($C105<>1,1,MAX(1,COUNTIF(QCI!$A$13:$A$24,OFFSET($E105,-1,0)))),\"\")","v":""},{"$f":"IF(AND($C105=\"S\",ORÇAMENTO.CodBarra<>\"\"),IF(ORÇAMENTO.Fonte=\"\",ORÇAMENTO.CodBarra,CONCATENATE(ORÇAMENTO.Fonte,\" \",ORÇAMENTO.CodBarra)))","v":"SINAPI 91926"},{"$f":"IF(ISERROR(INDIRECT(ORÇAMENTO.BancoRef)),\"(abra o arquivo 'Referência \"&Excel_BuiltIn_Database&\".xlsm)\",IF(OR($C105<>\"S\",ORÇAMENTO.CodBarra=\"\"),\"(Sem Código)\",IF(ISERROR(MATCH($AE105,INDIRECT(ORÇAMENTO.BancoRef),0)),\"(Código não identificado nas referências)\",MATCH($AE105,INDIRECT(ORÇAMENTO.BancoRef),0))))","v":3055},{"$f":"ROUND(IF(DESONERACAO=\"sim\",REFERENCIA.Desonerado,REFERENCIA.NaoDesonerado),2)","v":4.6100000000000003},0.2082,null,625.44000000000005,null,null,3483.7,5.57]
["S",2,"S",0,{"$f":"IF($C106=1,OFFSET(E106,-1,0)+MAX(1,COUNTIF(QCI!$A$13:$A$24,OFFSET(ORÇAMENTO!E106,-1,0))),OFFSET(E106,-1,0))","v":1},7,0,0,10,0,{"$f":"IF(OR($C106=\"S\",$C106=0),0,MATCH(OFFSET($D106,0,$C106)+IF($C106<>1,1,COUNTIF(QCI!$A$13:$A$24,ORÇAMENTO!E106)),OFFSET($D106,1,$C106,ROW($C$404)-ROW($C106)),0))","v":0},"F","Serviço","Serviço","1.7.0.0.10.","SINAPI","91928",{"$f":"IF($C106=\"S\",REFERENCIA.Descricao,\"(digite a descrição aqui)\")","v":"CABO DE COBRE FLEXÍVEL ISOLADO, 4 MM², ANTI-CHAMA 450/750 V, PARA CIRCUITOS TERMINAIS - FORNECIMENTO E INSTALAÇÃO. AF_03/2023"},{"$f":"REFERENCIA.Unidade","v":"M"},{"$f":"OFFSET(CÁLCULO!H$15,ROW($T106)-ROW(T$15),0)","v":702.03},7.04,"BDI 1",{"$f":"IF($C106=\"S\",ROUND(IF(TIPOORCAMENTO=\"Proposto\",ORÇAMENTO.CustoUnitario*(1+$AH106),ORÇAMENTO.PrecoUnitarioLicitado),15-13*$AF$10),0)","v":8.51},{"$f":"IF($C106=\"S\",IF(Import.TipoArredondamento<>\"TransfereGOV\",VTOTAL1,SUM(OFFSET(CÁLCULO!$AA$15,ROW($X106)-ROW($X$15),1):OFFSET(CÁLCULO!$AL$15,ROW($X106)-ROW($X$15),-1))),IF($C106=0,0,ROUND(SomaAgrup,15-13*$AF$11)))","v":5974.28},"RA","RA",{"$f":"IF($C106=\"S\",IF($Z106=\"CP\",$X106,IF($Z106=\"RA\",(($X106)*QCI!$AA$3),0)),SomaAgrup)","v":1602.7450135747395},0,{"$f":"IF($N106=\"\",\"\",IF(ORÇAMENTO.Descricao=\"\",\"DESCRIÇÃO\",IF(AND($C106=\"S\",ORÇAMENTO.Unidade=\"\"),\"UNIDADE\",IF($X106<0,\"VALOR NEGATIVO\",IF(OR(AND(TIPOORCAMENTO=\"Proposto\",$AG106<>\"\",$AG106>0,ORÇAMENTO.CustoUnitario>$AG106),AND(TIPOORCAMENTO=\"LICITADO\",ORÇAMENTO.PrecoUnitarioLicitado>$AN106)),\"ACIMA REF.\",\"\")))))","v":""},{"$f":"IF(C106<=CRONO.NivelExibicao,MAX($AD$15:OFFSET(AD106,-1,0))+IF($C106<>1,1,MAX(1,COUNTIF(QCI!$A$13:$A$24,OFFSET($E106,-1,0)))),\"\")","v":""},{"$f":"IF(AND($C106=\"S\",ORÇAMENTO.CodBarra<>\"\"),IF(ORÇAMENTO.Fonte=\"\",ORÇAMENTO.CodBarra,CONCATENATE(ORÇAMENTO.Fonte,\" \",ORÇAMENTO.CodBarra)))","v":"SINAPI 91928"},{"$f":"IF(ISERROR(INDIRECT(ORÇAMENTO.BancoRef)),\"(abra o arquivo 'Referência \"&Excel_BuiltIn_Database&\".xlsm)\",IF(OR($C106<>\"S\",ORÇAMENTO.CodBarra=\"\"),\"(Sem Código)\",IF(ISERROR(MATCH($AE106,INDIRECT(ORÇAMENTO.BancoRef),0)),\"(Código não identificado nas referências)\",MATCH($AE106,INDIRECT(ORÇAMENTO.BancoRef),0))))","v":3057},{"$f":"ROUND(IF(DESONERACAO=\"sim\",REFERENCIA.Desonerado,REFERENCIA.NaoDesonerado),2)","v":7.04},0.2082,null,702.03,null,null,5974.28,8.51]
["S",2,"S",0,{"$f":"IF($C107=1,OFFSET(E107,-1,0)+MAX(1,COUNTIF(QCI!$A$13:$A$24,OFFSET(ORÇAMENTO!E107,-1,0))),OFFSET(E107,-1,0))","v":1},7,0,0,11,0,{"$f":"IF(OR($C107=\"S\",$C107=0),0,MATCH(OFFSET($D107,0,$C107)+IF($C107<>1,1,COUNTIF(QCI!$A$13:$A$24,ORÇAMENTO!E107)),OFFSET($D107,1,$C107,ROW($C$404)-ROW($C107)),0))","v":0},"F","Serviço","Serviço","1.7.0.0.11.","SINAPI","91930",{"$f":"IF($C107=\"S\",REFERENCIA.Descricao,\"(digite a descrição aqui)\")","v":"CABO DE COBRE FLEXÍVEL ISOLADO, 6 MM², ANTI-CHAMA 450/750 V, PARA CIRCUITOS TERMINAIS - FORNECIMENTO E INSTALAÇÃO. AF_03/2023"},{"$f":"REFERENCIA.Unidade","v":"M"},{"$f":"OFFSET(CÁLCULO!H$15,ROW($T107)-ROW(T$15),0)","v":380.07},9.7899999999999991,"BDI 1",{"$f":"IF($C107=\"S\",ROUND(IF(TIPOORCAMENTO=\"Proposto\",ORÇAMENTO.CustoUnitario*(1+$AH107),ORÇAMENTO.PrecoUnitarioLicitado),15-13*$AF$10),0)","v":11.83},{"$f":"IF($C107=\"S\",IF(Import.TipoArredondamento<>\"TransfereGOV\",VTOTAL1,SUM(OFFSET(CÁLCULO!$AA$15,ROW($X107)-ROW($X$15),1):OFFSET(CÁLCULO!$AL$15,ROW($X107)-ROW($X$15),-1))),IF($C107=0,0,ROUND(SomaAgrup,15-13*$AF$11)))","v":4496.2299999999996},"RA","RA",{"$f":"IF($C107=\"S\",IF($Z107=\"CP\",$X107,IF($Z107=\"RA\",(($X107)*QCI!$AA$3),0)),SomaAgrup)","v":1206.2223753130336},0,{"$f":"IF($N107=\"\",\"\",IF(ORÇAMENTO.Descricao=\"\",\"DESCRIÇÃO\",IF(AND($C107=\"S\",ORÇAMENTO.Unidade=\"\"),\"UNIDADE\",IF($X107<0,\"VALOR NEGATIVO\",IF(OR(AND(TIPOORCAMENTO=\"Proposto\",$AG107<>\"\",$AG107>0,ORÇAMENTO.CustoUnitario>$AG107),AND(TIPOORCAMENTO=\"LICITADO\",ORÇAMENTO.PrecoUnitarioLicitado>$AN107)),\"ACIMA REF.\",\"\")))))","v":""},{"$f":"IF(C107<=CRONO.NivelExibicao,MAX($AD$15:OFFSET(AD107,-1,0))+IF($C107<>1,1,MAX(1,COUNTIF(QCI!$A$13:$A$24,OFFSET($E107,-1,0)))),\"\")","v":""},{"$f":"IF(AND($C107=\"S\",ORÇAMENTO.CodBarra<>\"\"),IF(ORÇAMENTO.Fonte=\"\",ORÇAMENTO.CodBarra,CONCATENATE(ORÇAMENTO.Fonte,\" \",ORÇAMENTO.CodBarra)))","v":"SINAPI 91930"},{"$f":"IF(ISERROR(INDIRECT(ORÇAMENTO.BancoRef)),\"(abra o arquivo 'Referência \"&Excel_BuiltIn_Database&\".xlsm)\",IF(OR($C107<>\"S\",ORÇAMENTO.CodBarra=\"\"),\"(Sem Código)\",IF(ISERROR(MATCH($AE107,INDIRECT(ORÇAMENTO.BancoRef),0)),\"(Código não identificado nas referências)\",MATCH($AE107,INDIRECT(ORÇAMENTO.BancoRef),0))))","v":3059},{"$f":"ROUND(IF(DESONERACAO=\"sim\",REFERENCIA.Desonerado,REFERENCIA.NaoDesonerado),2)","v":9.7899999999999991},0.2082,null,380.07,null,null,4496.2299999999996,11.83]
["S",2,"S",0,{"$f":"IF($C108=1,OFFSET(E108,-1,0)+MAX(1,COUNTIF(QCI!$A$13:$A$24,OFFSET(ORÇAMENTO!E108,-1,0))),OFFSET(E108,-1,0))","v":1},7,0,0,12,0,{"$f":"IF(OR($C108=\"S\",$C108=0),0,MATCH(OFFSET($D108,0,$C108)+IF($C108<>1,1,COUNTIF(QCI!$A$13:$A$24,ORÇAMENTO!E108)),OFFSET($D108,1,$C108,ROW($C$404)-ROW($C108)),0))","v":0},"F","Serviço","Serviço","1.7.0.0.12.","SINAPI","91992",{"$f":"IF($C108=\"S\",REFERENCIA.Descricao,\"(digite a descrição aqui)\")","v":"TOMADA ALTA DE EMBUTIR (1 MÓDULO), 2P+T 10 A, INCLUINDO SUPORTE E PLACA - FORNECIMENTO E INSTALAÇÃO. AF_03/2023"},{"$f":"REFERENCIA.Unidade","v":"UN"},{"$f":"OFFSET(CÁLCULO!H$15,ROW($T108)-ROW(T$15),0)","v":7},53.76,"BDI 1",{"$f":"IF($C108=\"S\",ROUND(IF(TIPOORCAMENTO=\"Proposto\",ORÇAMENTO.CustoUnitario*(1+$AH108),ORÇAMENTO.PrecoUnitarioLicitado),15-13*$AF$10),0)","v":64.95},{"$f":"IF($C108=\"S\",IF(Import.TipoArredondamento<>\"TransfereGOV\",VTOTAL1,SUM(OFFSET(CÁLCULO!$AA$15,ROW($X108)-ROW($X$15),1):OFFSET(CÁLCULO!$AL$15,ROW($X108)-ROW($X$15),-1))),IF($C108=0,0,ROUND(SomaAgrup,15-13*$AF$11)))","v":454.65},"RA","RA",{"$f":"IF($C108=\"S\",IF($Z108=\"CP\",$X108,IF($Z108=\"RA\",(($X108)*QCI!$AA$3),0)),SomaAgrup)","v":121.97085178829168},0,{"$f":"IF($N108=\"\",\"\",IF(ORÇAMENTO.Descricao=\"\",\"DESCRIÇÃO\",IF(AND($C108=\"S\",ORÇAMENTO.Unidade=\"\"),\"UNIDADE\",IF($X108<0,\"VALOR NEGATIVO\",IF(OR(AND(TIPOORCAMENTO=\"Proposto\",$AG108<>\"\",$AG108>0,ORÇAMENTO.CustoUnitario>$AG108),AND(TIPOORCAMENTO=\"LICITADO\",ORÇAMENTO.PrecoUnitarioLicitado>$AN108)),\"ACIMA REF.\",\"\")))))","v":""},{"$f":"IF(C108<=CRONO.NivelExibicao,MAX($AD$15:OFFSET(AD108,-1,0))+IF($C108<>1,1,MAX(1,COUNTIF(QCI!$A$13:$A$24,OFFSET($E108,-1,0)))),\"\")","v":""},{"$f":"IF(AND($C108=\"S\",ORÇAMENTO.CodBarra<>\"\"),IF(ORÇAMENTO.Fonte=\"\",ORÇAMENTO.CodBarra,CONCATENATE(ORÇAMENTO.Fonte,\" \",ORÇAMENTO.CodBarra)))","v":"SINAPI 91992"},{"$f":"IF(ISERROR(INDIRECT(ORÇAMENTO.BancoRef)),\"(abra o arquivo 'Referência \"&Excel_BuiltIn_Database&\".xlsm)\",IF(OR($C108<>\"S\",ORÇAMENTO.CodBarra=\"\"),\"(Sem Código)\",IF(ISERROR(MATCH($AE108,INDIRECT(ORÇAMENTO.BancoRef),0)),\"(Código não identificado nas referências)\",MATCH($AE108,INDIRECT(ORÇAMENTO.BancoRef),0))))","v":3253},{"$f":"ROUND(IF(DESONERACAO=\"sim\",REFERENCIA.Desonerado,REFERENCIA.NaoDesonerado),2)","v":53.76},0.2082,null,7,null,null,454.65,64.95]
[{"$f":"CHOOSE(1+LOG(1+2*(ORÇAMENTO.Nivel=\"Meta\")+4*(ORÇAMENTO.Nivel=\"Nível 2\")+8*(ORÇAMENTO.Nivel=\"Nível 3\")+16*(ORÇAMENTO.Nivel=\"Nível 4\")+32*(ORÇAMENTO.Nivel=\"Serviço\"),2),0,1,2,3,4,\"S\")","v":"S"},{"$f":"IF(OR(C109=\"s\",C109=0),OFFSET(B109,-1,0),C109)","v":2},{"$f":"IF(OFFSET(C109,-1,0)=\"L\",1,IF(OFFSET(C109,-1,0)=1,2,IF(OR(A109=\"s\",A109=0),\"S\",IF(AND(OFFSET(C109,-1,0)=2,A109=4),3,IF(AND(OR(OFFSET(C109,-1,0)=\"s\",OFFSET(C109,-1,0)=0),A109<>\"s\",A109>OFFSET(B109,-1,0)),OFFSET(B109,-1,0),A109)))))","v":"S"},{"$f":"IF(OR(C109=\"S\",C109=0),0,IF(ISERROR(K109),J109,SMALL(J109:K109,1)))","v":0},{"$f":"IF($C109=1,OFFSET(E109,-1,0)+MAX(1,COUNTIF(QCI!$A$13:$A$24,OFFSET(ORÇAMENTO!E109,-1,0))),OFFSET(E109,-1,0))","v":1},{"$f":"IF($C109=1,0,IF($C109=2,OFFSET(F109,-1,0)+1,OFFSET(F109,-1,0)))","v":7},{"$f":"IF(AND($C109<=2,$C109<>0),0,IF($C109=3,OFFSET(G109,-1,0)+1,OFFSET(G109,-1,0)))","v":0},{"$f":"IF(AND($C109<=3,$C109<>0),0,IF($C109=4,OFFSET(H109,-1,0)+1,OFFSET(H109,-1,0)))","v":0},{"$f":"IF(AND($C109<=4,$C109<>0),0,IF(AND($C109=\"S\",$X109>0),OFFSET(I109,-1,0)+1,OFFSET(I109,-1,0)))","v":13},0,{"$f":"IF(OR($C109=\"S\",$C109=0),0,MATCH(OFFSET($D109,0,$C109)+IF($C109<>1,1,COUNTIF(QCI!$A$13:$A$24,ORÇAMENTO!E109)),OFFSET($D109,1,$C109,ROW($C$404)-ROW($C109)),0))","v":0},{"$f":"IF(OR($X109>0,$C109=1,$C109=2,$C109=3,$C109=4),\"F\",\"\")","v":"F"},"Serviço",{"$f":"CHOOSE(1+LOG(1+2*(C109=1)+4*(C109=2)+8*(C109=3)+16*(C109=4)+32*(C109=\"S\"),2),\"\",\"Meta\",\"Nível 2\",\"Nível 3\",\"Nível 4\",\"Serviço\")","v":"Serviço"},{"$f":"IF(OR($C109=0,$L109=\"\"),\"-\",CONCATENATE(E109&\".\",IF(AND($A$5>=2,$C109>=2),F109&\".\",\"\"),IF(AND($A$5>=3,$C109>=3),G109&\".\",\"\"),IF(AND($A$5>=4,$C109>=4),H109&\".\",\"\"),IF($C109=\"S\",I109&\".\",\"\")))","v":"1.7.0.0.13."},"SINAPI","91996",{"$f":"IF($C109=\"S\",REFERENCIA.Descricao,\"(digite a descrição aqui)\")","v":"TOMADA MÉDIA DE EMBUTIR (1 MÓDULO), 2P+T 10 A, INCLUINDO SUPORTE E PLACA - FORNECIMENTO E INSTALAÇÃO. AF_03/2023"},{"$f":"REFERENCIA.Unidade","v":"UN"},{"$f":"OFFSET(CÁLCULO!H$15,ROW($T109)-ROW(T$15),0)","v":24},41.32,"BDI 1",{"$f":"IF($C109=\"S\",ROUND(IF(TIPOORCAMENTO=\"Proposto\",ORÇAMENTO.CustoUnitario*(1+$AH109),ORÇAMENTO.PrecoUnitarioLicitado),15-13*$AF$10),0)","v":49.92},{"$f":"IF($C109=\"S\",IF(Import.TipoArredondamento<>\"TransfereGOV\",VTOTAL1,SUM(OFFSET(CÁLCULO!$AA$15,ROW($X109)-ROW($X$15),1):OFFSET(CÁLCULO!$AL$15,ROW($X109)-ROW($X$15),-1))),IF($C109=0,0,ROUND(SomaAgrup,15-13*$AF$11)))","v":1198.08},"RA",{"$f":"IF(AND($C109=\"S\",$X109>0),IF(ISBLANK($Y109),\"RA\",LEFT($Y109,2)),\"\")","v":"RA"},{"$f":"IF($C109=\"S\",IF($Z109=\"CP\",$X109,IF($Z109=\"RA\",(($X109)*QCI!$AA$3),0)),SomaAgrup)","v":321.41391864184868},{"$f":"IF($C109=\"S\",IF($Z109=\"OU\",ROUND($X109,2),0),SomaAgrup)","v":0},{"$f":"IF($N109=\"\",\"\",IF(ORÇAMENTO.Descricao=\"\",\"DESCRIÇÃO\",IF(AND($C109=\"S\",ORÇAMENTO.Unidade=\"\"),\"UNIDADE\",IF($X109<0,\"VALOR NEGATIVO\",IF(OR(AND(TIPOORCAMENTO=\"Proposto\",$AG109<>\"\",$AG109>0,ORÇAMENTO.CustoUnitario>$AG109),AND(TIPOORCAMENTO=\"LICITADO\",ORÇAMENTO.PrecoUnitarioLicitado>$AN109)),\"ACIMA REF.\",\"\")))))","v":""},{"$f":"IF(C109<=CRONO.NivelExibicao,MAX($AD$15:OFFSET(AD109,-1,0))+IF($C109<>1,1,MAX(1,COUNTIF(QCI!$A$13:$A$24,OFFSET($E109,-1,0)))),\"\")","v":""},{"$f":"IF(AND($C109=\"S\",ORÇAMENTO.CodBarra<>\"\"),IF(ORÇAMENTO.Fonte=\"\",ORÇAMENTO.CodBarra,CONCATENATE(ORÇAMENTO.Fonte,\" \",ORÇAMENTO.CodBarra)))","v":"SINAPI 91996"},{"$f":"IF(ISERROR(INDIRECT(ORÇAMENTO.BancoRef)),\"(abra o arquivo 'Referência \"&Excel_BuiltIn_Database&\".xlsm)\",IF(OR($C109<>\"S\",ORÇAMENTO.CodBarra=\"\"),\"(Sem Código)\",IF(ISERROR(MATCH($AE109,INDIRECT(ORÇAMENTO.BancoRef),0)),\"(Código não identificado nas referências)\",MATCH($AE109,INDIRECT(ORÇAMENTO.BancoRef),0))))","v":3257},{"$f":"ROUND(IF(DESONERACAO=\"sim\",REFERENCIA.Desonerado,REFERENCIA.NaoDesonerado),2)","v":41.32},{"$f":"ROUND(IF(ISNUMBER(ORÇAMENTO.OpcaoBDI),ORÇAMENTO.OpcaoBDI,IF(LEFT(ORÇAMENTO.OpcaoBDI,3)=\"BDI\",HLOOKUP(ORÇAMENTO.OpcaoBDI,$F$4:$H$5,2,FALSE),0)),15-11*$AF$9)","v":0.2082},null,24,null,null,1198.08,{"$f":"ROUND(ORÇAMENTO.CustoUnitario*(1+$AH109),2)","v":49.92}]
["S",2,"S",0,{"$f":"IF($C110=1,OFFSET(E110,-1,0)+MAX(1,COUNTIF(QCI!$A$13:$A$24,OFFSET(ORÇAMENTO!E110,-1,0))),OFFSET(E110,-1,0))","v":1},7,0,0,14,0,{"$f":"IF(OR($C110=\"S\",$C110=0),0,MATCH(OFFSET($D110,0,$C110)+IF($C110<>1,1,COUNTIF(QCI!$A$13:$A$24,ORÇAMENTO!E110)),OFFSET($D110,1,$C110,ROW($C$404)-ROW($C110)),0))","v":0},"F","Serviço","Serviço","1.7.0.0.14.","SINAPI","92027",{"$f":"IF($C110=\"S\",REFERENCIA.Descricao,\"(digite a descrição aqui)\")","v":"INTERRUPTOR SIMPLES (2 MÓDULOS) COM 1 TOMADA DE EMBUTIR 2P+T 10 A, INCLUINDO SUPORTE E PLACA - FORNECIMENTO E INSTALAÇÃO. AF_03/2023"},{"$f":"REFERENCIA.Unidade","v":"UN"},{"$f":"OFFSET(CÁLCULO!H$15,ROW($T110)-ROW(T$15),0)","v":2},77.42,"BDI 1",{"$f":"IF($C110=\"S\",ROUND(IF(TIPOORCAMENTO=\"Proposto\",ORÇAMENTO.CustoUnitario*(1+$AH110),ORÇAMENTO.PrecoUnitarioLicitado),15-13*$AF$10),0)","v":93.54},{"$f":"IF($C110=\"S\",IF(Import.TipoArredondamento<>\"TransfereGOV\",VTOTAL1,SUM(OFFSET(CÁLCULO!$AA$15,ROW($X110)-ROW($X$15),1):OFFSET(CÁLCULO!$AL$15,ROW($X110)-ROW($X$15),-1))),IF($C110=0,0,ROUND(SomaAgrup,15-13*$AF$11)))","v":187.08},"RA","RA",{"$f":"IF($C110=\"S\",IF($Z110=\"CP\",$X110,IF($Z110=\"RA\",(($X110)*QCI!$AA$3),0)),SomaAgrup)","v":50.188731887283872},0,{"$f":"IF($N110=\"\",\"\",IF(ORÇAMENTO.Descricao=\"\",\"DESCRIÇÃO\",IF(AND($C110=\"S\",ORÇAMENTO.Unidade=\"\"),\"UNIDADE\",IF($X110<0,\"VALOR NEGATIVO\",IF(OR(AND(TIPOORCAMENTO=\"Proposto\",$AG110<>\"\",$AG110>0,ORÇAMENTO.CustoUnitario>$AG110),AND(TIPOORCAMENTO=\"LICITADO\",ORÇAMENTO.PrecoUnitarioLicitado>$AN110)),\"ACIMA REF.\",\"\")))))","v":""},{"$f":"IF(C110<=CRONO.NivelExibicao,MAX($AD$15:OFFSET(AD110,-1,0))+IF($C110<>1,1,MAX(1,COUNTIF(QCI!$A$13:$A$24,OFFSET($E110,-1,0)))),\"\")","v":""},{"$f":"IF(AND($C110=\"S\",ORÇAMENTO.CodBarra<>\"\"),IF(ORÇAMENTO.Fonte=\"\",ORÇAMENTO.CodBarra,CONCATENATE(ORÇAMENTO.Fonte,\" \",ORÇAMENTO.CodBarra)))","v":"SINAPI 92027"},{"$f":"IF(ISERROR(INDIRECT(ORÇAMENTO.BancoRef)),\"(abra o arquivo 'Referência \"&Excel_BuiltIn_Database&\".xlsm)\",IF(OR($C110<>\"S\",ORÇAMENTO.CodBarra=\"\"),\"(Sem Código)\",IF(ISERROR(MATCH($AE110,INDIRECT(ORÇAMENTO.BancoRef),0)),\"(Código não identificado nas referências)\",MATCH($AE110,INDIRECT(ORÇAMENTO.BancoRef),0))))","v":3288},{"$f":"ROUND(IF(DESONERACAO=\"sim\",REFERENCIA.Desonerado,REFERENCIA.NaoDesonerado),2)","v":77.42},0.2082,null,2,null,null,187.08,93.54]
["S",2,"S",0,{"$f":"IF($C111=1,OFFSET(E111,-1,0)+MAX(1,COUNTIF(QCI!$A$13:$A$24,OFFSET(ORÇAMENTO!E111,-1,0))),OFFSET(E111,-1,0))","v":1},7,0,0,15,0,{"$f":"IF(OR($C111=\"S\",$C111=0),0,MATCH(OFFSET($D111,0,$C111)+IF($C111<>1,1,COUNTIF(QCI!$A$13:$A$24,ORÇAMENTO!E111)),OFFSET($D111,1,$C111,ROW($C$404)-ROW($C111)),0))","v":0},"F","Serviço","Serviço","1.7.0.0.15.","SINAPI","92023",{"$f":"IF($C111=\"S\",REFERENCIA.Descricao,\"(digite a descrição aqui)\")","v":"INTERRUPTOR SIMPLES (1 MÓDULO) COM 1 TOMADA DE EMBUTIR 2P+T 10 A, INCLUINDO SUPORTE E PLACA - FORNECIMENTO E INSTALAÇÃO. AF_03/2023"},{"$f":"REFERENCIA.Unidade","v":"UN"},{"$f":"OFFSET(CÁLCULO!H$15,ROW($T111)-ROW(T$15),0)","v":5},59.33,"BDI 1",{"$f":"IF($C111=\"S\",ROUND(IF(TIPOORCAMENTO=\"Proposto\",ORÇAMENTO.CustoUnitario*(1+$AH111),ORÇAMENTO.PrecoUnitarioLicitado),15-13*$AF$10),0)","v":71.680000000000007},{"$f":"IF($C111=\"S\",IF(Import.TipoArredondamento<>\"TransfereGOV\",VTOTAL1,SUM(OFFSET(CÁLCULO!$AA$15,ROW($X111)-ROW($X$15),1):OFFSET(CÁLCULO!$AL$15,ROW($X111)-ROW($X$15),-1))),IF($C111=0,0,ROUND(SomaAgrup,15-13*$AF$11)))","v":358.4},"RA","RA",{"$f":"IF($C111=\"S\",IF($Z111=\"CP\",$X111,IF($Z111=\"RA\",(($X111)*QCI!$AA$3),0)),SomaAgrup)","v":96.149462841578668},0,{"$f":"IF($N111=\"\",\"\",IF(ORÇAMENTO.Descricao=\"\",\"DESCRIÇÃO\",IF(AND($C111=\"S\",ORÇAMENTO.Unidade=\"\"),\"UNIDADE\",IF($X111<0,\"VALOR NEGATIVO\",IF(OR(AND(TIPOORCAMENTO=\"Proposto\",$AG111<>\"\",$AG111>0,ORÇAMENTO.CustoUnitario>$AG111),AND(TIPOORCAMENTO=\"LICITADO\",ORÇAMENTO.PrecoUnitarioLicitado>$AN111)),\"ACIMA REF.\",\"\")))))","v":""},{"$f":"IF(C111<=CRONO.NivelExibicao,MAX($AD$15:OFFSET(AD111,-1,0))+IF($C111<>1,1,MAX(1,COUNTIF(QCI!$A$13:$A$24,OFFSET($E111,-1,0)))),\"\")","v":""},{"$f":"IF(AND($C111=\"S\",ORÇAMENTO.CodBarra<>\"\"),IF(ORÇAMENTO.Fonte=\"\",ORÇAMENTO.CodBarra,CONCATENATE(ORÇAMENTO.Fonte,\" \",ORÇAMENTO.CodBarra)))","v":"SINAPI 92023"},{"$f":"IF(ISERROR(INDIRECT(ORÇAMENTO.BancoRef)),\"(abra o arquivo 'Referência \"&Excel_BuiltIn_Database&\".xlsm)\",IF(OR($C111<>\"S\",ORÇAMENTO.CodBarra=\"\"),\"(Sem Código)\",IF(ISERROR(MATCH($AE111,INDIRECT(ORÇAMENTO.BancoRef),0)),\"(Código não identificado nas referências)\",MATCH($AE111,INDIRECT(ORÇAMENTO.BancoRef),0))))","v":3284},{"$f":"ROUND(IF(DESONERACAO=\"sim\",REFERENCIA.Desonerado,REFERENCIA.NaoDesonerado),2)","v":59.33},0.2082,null,5,null,null,358.4,71.680000000000007]
["S",2,"S",0,{"$f":"IF($C112=1,OFFSET(E112,-1,0)+MAX(1,COUNTIF(QCI!$A$13:$A$24,OFFSET(ORÇAMENTO!E112,-1,0))),OFFSET(E112,-1,0))","v":1},7,0,0,16,0,{"$f":"IF(OR($C112=\"S\",$C112=0),0,MATCH(OFFSET($D112,0,$C112)+IF($C112<>1,1,COUNTIF(QCI!$A$13:$A$24,ORÇAMENTO!E112)),OFFSET($D112,1,$C112,ROW($C$404)-ROW($C112)),0))","v":0},"F","Serviço","Serviço","1.7.0.0.16.","SINAPI","92029",{"$f":"IF($C112=\"S\",REFERENCIA.Descricao,\"(digite a descrição aqui)\")","v":"INTERRUPTOR PARALELO (1 MÓDULO) COM 1 TOMADA DE EMBUTIR 2P+T 10 A, INCLUINDO SUPORTE E PLACA - FORNECIMENTO E INSTALAÇÃO. AF_03/2023"},{"$f":"REFERENCIA.Unidade","v":"UN"},{"$f":"OFFSET(CÁLCULO!H$15,ROW($T112)-ROW(T$15),0)","v":2},67.03,"BDI 1",{"$f":"IF($C112=\"S\",ROUND(IF(TIPOORCAMENTO=\"Proposto\",ORÇAMENTO.CustoUnitario*(1+$AH112),ORÇAMENTO.PrecoUnitarioLicitado),15-13*$AF$10),0)","v":80.989999999999995},{"$f":"IF($C112=\"S\",IF(Import.TipoArredondamento<>\"TransfereGOV\",VTOTAL1,SUM(OFFSET(CÁLCULO!$AA$15,ROW($X112)-ROW($X$15),1):OFFSET(CÁLCULO!$AL$15,ROW($X112)-ROW($X$15),-1))),IF($C112=0,0,ROUND(SomaAgrup,15-13*$AF$11)))","v":161.97999999999999},"RA","RA",{"$f":"IF($C112=\"S\",IF($Z112=\"CP\",$X112,IF($Z112=\"RA\",(($X112)*QCI!$AA$3),0)),SomaAgrup)","v":43.455050198322859},0,{"$f":"IF($N112=\"\",\"\",IF(ORÇAMENTO.Descricao=\"\",\"DESCRIÇÃO\",IF(AND($C112=\"S\",ORÇAMENTO.Unidade=\"\"),\"UNIDADE\",IF($X112<0,\"VALOR NEGATIVO\",IF(OR(AND(TIPOORCAMENTO=\"Proposto\",$AG112<>\"\",$AG112>0,ORÇAMENTO.CustoUnitario>$AG112),AND(TIPOORCAMENTO=\"LICITADO\",ORÇAMENTO.PrecoUnitarioLicitado>$AN112)),\"ACIMA REF.\",\"\")))))","v":""},{"$f":"IF(C112<=CRONO.NivelExibicao,MAX($AD$15:OFFSET(AD112,-1,0))+IF($C112<>1,1,MAX(1,COUNTIF(QCI!$A$13:$A$24,OFFSET($E112,-1,0)))),\"\")","v":""},{"$f":"IF(AND($C112=\"S\",ORÇAMENTO.CodBarra<>\"\"),IF(ORÇAMENTO.Fonte=\"\",ORÇAMENTO.CodBarra,CONCATENATE(ORÇAMENTO.Fonte,\" \",ORÇAMENTO.CodBarra)))","v":"SINAPI 92029"},{"$f":"IF(ISERROR(INDIRECT(ORÇAMENTO.BancoRef)),\"(abra o arquivo 'Referência \"&Excel_BuiltIn_Database&\".xlsm)\",IF(OR($C112<>\"S\",ORÇAMENTO.CodBarra=\"\"),\"(Sem Código)\",IF(ISERROR(MATCH($AE112,INDIRECT(ORÇAMENTO.BancoRef),0)),\"(Código não identificado nas referências)\",MATCH($AE112,INDIRECT(ORÇAMENTO.BancoRef),0))))","v":3290},{"$f":"ROUND(IF(DESONERACAO=\"sim\",REFERENCIA.Desonerado,REFERENCIA.NaoDesonerado),2)","v":67.03},0.2082,null,2,null,null,161.97999999999999,80.989999999999995]
["S",2,"S",0,{"$f":"IF($C113=1,OFFSET(E113,-1,0)+MAX(1,COUNTIF(QCI!$A$13:$A$24,OFFSET(ORÇAMENTO!E113,-1,0))),OFFSET(E113,-1,0))","v":1},7,0,0,17,0,{"$f":"IF(OR($C113=\"S\",$C113=0),0,MATCH(OFFSET($D113,0,$C113)+IF($C113<>1,1,COUNTIF(QCI!$A$13:$A$24,ORÇAMENTO!E113)),OFFSET($D113,1,$C113,ROW($C$404)-ROW($C113)),0))","v":0},"F","Serviço","Serviço","1.7.0.0.17.","SINAPI","101875",{"$f":"IF($C113=\"S\",REFERENCIA.Descricao,\"(digite a descrição aqui)\")","v":"QUADRO DE DISTRIBUIÇÃO DE ENERGIA EM CHAPA DE AÇO GALVANIZADO, DE EMBUTIR, COM BARRAMENTO TRIFÁSICO, PARA 12 DISJUNTORES DIN 100A - FORNECIMENTO E INSTALAÇÃO. AF_10/2020"},{"$f":"REFERENCIA.Unidade","v":"UN"},{"$f":"OFFSET(CÁLCULO!H$15,ROW($T113)-ROW(T$15),0)","v":1},372.39,"BDI 1",{"$f":"IF($C113=\"S\",ROUND(IF(TIPOORCAMENTO=\"Proposto\",ORÇAMENTO.CustoUnitario*(1+$AH113),ORÇAMENTO.PrecoUnitarioLicitado),15-13*$AF$10),0)","v":449.92},{"$f":"IF($C113=\"S\",IF(Import.TipoArredondamento<>\"TransfereGOV\",VTOTAL1,SUM(OFFSET(CÁLCULO!$AA$15,ROW($X113)-ROW($X$15),1):OFFSET(CÁLCULO!$AL$15,ROW($X113)-ROW($X$15),-1))),IF($C113=0,0,ROUND(SomaAgrup,15-13*$AF$11)))","v":449.92},"RA","RA",{"$f":"IF($C113=\"S\",IF($Z113=\"CP\",$X113,IF($Z113=\"RA\",(($X113)*QCI!$AA$3),0)),SomaAgrup)","v":120.70191496005323},0,{"$f":"IF($N113=\"\",\"\",IF(ORÇAMENTO.Descricao=\"\",\"DESCRIÇÃO\",IF(AND($C113=\"S\",ORÇAMENTO.Unidade=\"\"),\"UNIDADE\",IF($X113<0,\"VALOR NEGATIVO\",IF(OR(AND(TIPOORCAMENTO=\"Proposto\",$AG113<>\"\",$AG113>0,ORÇAMENTO.CustoUnitario>$AG113),AND(TIPOORCAMENTO=\"LICITADO\",ORÇAMENTO.PrecoUnitarioLicitado>$AN113)),\"ACIMA REF.\",\"\")))))","v":""},{"$f":"IF(C113<=CRONO.NivelExibicao,MAX($AD$15:OFFSET(AD113,-1,0))+IF($C113<>1,1,MAX(1,COUNTIF(QCI!$A$13:$A$24,OFFSET($E113,-1,0)))),\"\")","v":""},{"$f":"IF(AND($C113=\"S\",ORÇAMENTO.CodBarra<>\"\"),IF(ORÇAMENTO.Fonte=\"\",ORÇAMENTO.CodBarra,CONCATENATE(ORÇAMENTO.Fonte,\" \",ORÇAMENTO.CodBarra)))","v":"SINAPI 101875"},{"$f":"IF(ISERROR(INDIRECT(ORÇAMENTO.BancoRef)),\"(abra o arquivo 'Referência \"&Excel_BuiltIn_Database&\".xlsm)\",IF(OR($C113<>\"S\",ORÇAMENTO.CodBarra=\"\"),\"(Sem Código)\",IF(ISERROR(MATCH($AE113,INDIRECT(ORÇAMENTO.BancoRef),0)),\"(Código não identificado nas referências)\",MATCH($AE113,INDIRECT(ORÇAMENTO.BancoRef),0))))","v":3181},{"$f":"ROUND(IF(DESONERACAO=\"sim\",REFERENCIA.Desonerado,REFERENCIA.NaoDesonerado),2)","v":372.39},0.2082,null,1,null,null,449.92,449.92]
["S",2,"S",0,{"$f":"IF($C114=1,OFFSET(E114,-1,0)+MAX(1,COUNTIF(QCI!$A$13:$A$24,OFFSET(ORÇAMENTO!E114,-1,0))),OFFSET(E114,-1,0))","v":1},7,0,0,18,0,{"$f":"IF(OR($C114=\"S\",$C114=0),0,MATCH(OFFSET($D114,0,$C114)+IF($C114<>1,1,COUNTIF(QCI!$A$13:$A$24,ORÇAMENTO!E114)),OFFSET($D114,1,$C114,ROW($C$404)-ROW($C114)),0))","v":0},"F","Serviço","Serviço","1.7.0.0.18.","SINAPI","93661",{"$f":"IF($C114=\"S\",REFERENCIA.Descricao,\"(digite a descrição aqui)\")","v":"DISJUNTOR BIPOLAR TIPO DIN, CORRENTE NOMINAL DE 16A - FORNECIMENTO E INSTALAÇÃO. AF_10/2020"},{"$f":"REFERENCIA.Unidade","v":"UN"},{"$f":"OFFSET(CÁLCULO!H$15,ROW($T114)-ROW(T$15),0)","v":6},60.83,"BDI 1",{"$f":"IF($C114=\"S\",ROUND(IF(TIPOORCAMENTO=\"Proposto\",ORÇAMENTO.CustoUnitario*(1+$AH114),ORÇAMENTO.PrecoUnitarioLicitado),15-13*$AF$10),0)","v":73.489999999999995},{"$f":"IF($C114=\"S\",IF(Import.TipoArredondamento<>\"TransfereGOV\",VTOTAL1,SUM(OFFSET(CÁLCULO!$AA$15,ROW($X114)-ROW($X$15),1):OFFSET(CÁLCULO!$AL$15,ROW($X114)-ROW($X$15),-1))),IF($C114=0,0,ROUND(SomaAgrup,15-13*$AF$11)))","v":440.94},"RA","RA",{"$f":"IF($C114=\"S\",IF($Z114=\"CP\",$X114,IF($Z114=\"RA\",(($X114)*QCI!$AA$3),0)),SomaAgrup)","v":118.29281290559626},0,{"$f":"IF($N114=\"\",\"\",IF(ORÇAMENTO.Descricao=\"\",\"DESCRIÇÃO\",IF(AND($C114=\"S\",ORÇAMENTO.Unidade=\"\"),\"UNIDADE\",IF($X114<0,\"VALOR NEGATIVO\",IF(OR(AND(TIPOORCAMENTO=\"Proposto\",$AG114<>\"\",$AG114>0,ORÇAMENTO.CustoUnitario>$AG114),AND(TIPOORCAMENTO=\"LICITADO\",ORÇAMENTO.PrecoUnitarioLicitado>$AN114)),\"ACIMA REF.\",\"\")))))","v":""},{"$f":"IF(C114<=CRONO.NivelExibicao,MAX($AD$15:OFFSET(AD114,-1,0))+IF($C114<>1,1,MAX(1,COUNTIF(QCI!$A$13:$A$24,OFFSET($E114,-1,0)))),\"\")","v":""},{"$f":"IF(AND($C114=\"S\",ORÇAMENTO.CodBarra<>\"\"),IF(ORÇAMENTO.Fonte=\"\",ORÇAMENTO.CodBarra,CONCATENATE(ORÇAMENTO.Fonte,\" \",ORÇAMENTO.CodBarra)))","v":"SINAPI 93661"},{"$f":"IF(ISERROR(INDIRECT(ORÇAMENTO.BancoRef)),\"(abra o arquivo 'Referência \"&Excel_BuiltIn_Database&\".xlsm)\",IF(OR($C114<>\"S\",ORÇAMENTO.CodBarra=\"\"),\"(Sem Código)\",IF(ISERROR(MATCH($AE114,INDIRECT(ORÇAMENTO.BancoRef),0)),\"(Código não identificado nas referências)\",MATCH($AE114,INDIRECT(ORÇAMENTO.BancoRef),0))))","v":3164},{"$f":"ROUND(IF(DESONERACAO=\"sim\",REFERENCIA.Desonerado,REFERENCIA.NaoDesonerado),2)","v":60.83},0.2082,null,6,null,null,440.94,73.489999999999995]
["S",2,"S",0,{"$f":"IF($C115=1,OFFSET(E115,-1,0)+MAX(1,COUNTIF(QCI!$A$13:$A$24,OFFSET(ORÇAMENTO!E115,-1,0))),OFFSET(E115,-1,0))","v":1},7,0,0,19,0,{"$f":"IF(OR($C115=\"S\",$C115=0),0,MATCH(OFFSET($D115,0,$C115)+IF($C115<>1,1,COUNTIF(QCI!$A$13:$A$24,ORÇAMENTO!E115)),OFFSET($D115,1,$C115,ROW($C$404)-ROW($C115)),0))","v":0},"F","Serviço","Serviço","1.7.0.0.19.","SINAPI","93660",{"$f":"IF($C115=\"S\",REFERENCIA.Descricao,\"(digite a descrição aqui)\")","v":"DISJUNTOR BIPOLAR TIPO DIN, CORRENTE NOMINAL DE 10A - FORNECIMENTO E INSTALAÇÃO. AF_10/2020"},{"$f":"REFERENCIA.Unidade","v":"UN"},{"$f":"OFFSET(CÁLCULO!H$15,ROW($T115)-ROW(T$15),0)","v":4},59.23,"BDI 1",{"$f":"IF($C115=\"S\",ROUND(IF(TIPOORCAMENTO=\"Proposto\",ORÇAMENTO.CustoUnitario*(1+$AH115),ORÇAMENTO.PrecoUnitarioLicitado),15-13*$AF$10),0)","v":71.56},{"$f":"IF($C115=\"S\",IF(Import.TipoArredondamento<>\"TransfereGOV\",VTOTAL1,SUM(OFFSET(CÁLCULO!$AA$15,ROW($X115)-ROW($X$15),1):OFFSET(CÁLCULO!$AL$15,ROW($X115)-ROW($X$15),-1))),IF($C115=0,0,ROUND(SomaAgrup,15-13*$AF$11)))","v":286.24},"RA","RA",{"$f":"IF($C115=\"S\",IF($Z115=\"CP\",$X115,IF($Z115=\"RA\",(($X115)*QCI!$AA$3),0)),SomaAgrup)","v":76.790798671242968},0,{"$f":"IF($N115=\"\",\"\",IF(ORÇAMENTO.Descricao=\"\",\"DESCRIÇÃO\",IF(AND($C115=\"S\",ORÇAMENTO.Unidade=\"\"),\"UNIDADE\",IF($X115<0,\"VALOR NEGATIVO\",IF(OR(AND(TIPOORCAMENTO=\"Proposto\",$AG115<>\"\",$AG115>0,ORÇAMENTO.CustoUnitario>$AG115),AND(TIPOORCAMENTO=\"LICITADO\",ORÇAMENTO.PrecoUnitarioLicitado>$AN115)),\"ACIMA REF.\",\"\")))))","v":""},{"$f":"IF(C115<=CRONO.NivelExibicao,MAX($AD$15:OFFSET(AD115,-1,0))+IF($C115<>1,1,MAX(1,COUNTIF(QCI!$A$13:$A$24,OFFSET($E115,-1,0)))),\"\")","v":""},{"$f":"IF(AND($C115=\"S\",ORÇAMENTO.CodBarra<>\"\"),IF(ORÇAMENTO.Fonte=\"\",ORÇAMENTO.CodBarra,CONCATENATE(ORÇAMENTO.Fonte,\" \",ORÇAMENTO.CodBarra)))","v":"SINAPI 93660"},{"$f":"IF(ISERROR(INDIRECT(ORÇAMENTO.BancoRef)),\"(abra o arquivo 'Referência \"&Excel_BuiltIn_Database&\".xlsm)\",IF(OR($C115<>\"S\",ORÇAMENTO.CodBarra=\"\"),\"(Sem Código)\",IF(ISERROR(MATCH($AE115,INDIRECT(ORÇAMENTO.BancoRef),0)),\"(Código não identificado nas referências)\",MATCH($AE115,INDIRECT(ORÇAMENTO.BancoRef),0))))","v":3163},{"$f":"ROUND(IF(DESONERACAO=\"sim\",REFERENCIA.Desonerado,REFERENCIA.NaoDesonerado),2)","v":59.23},0.2082,null,4,null,null,286.24,71.56]
["S",2,"S",0,{"$f":"IF($C116=1,OFFSET(E116,-1,0)+MAX(1,COUNTIF(QCI!$A$13:$A$24,OFFSET(ORÇAMENTO!E116,-1,0))),OFFSET(E116,-1,0))","v":1},7,0,0,20,0,{"$f":"IF(OR($C116=\"S\",$C116=0),0,MATCH(OFFSET($D116,0,$C116)+IF($C116<>1,1,COUNTIF(QCI!$A$13:$A$24,ORÇAMENTO!E116)),OFFSET($D116,1,$C116,ROW($C$404)-ROW($C116)),0))","v":0},"F","Serviço","Serviço","1.7.0.0.20.","SINAPI","93663",{"$f":"IF($C116=\"S\",REFERENCIA.Descricao,\"(digite a descrição aqui)\")","v":"DISJUNTOR BIPOLAR TIPO DIN, CORRENTE NOMINAL DE 25A - FORNECIMENTO E INSTALAÇÃO. AF_10/2020"},{"$f":"REFERENCIA.Unidade","v":"UN"},{"$f":"OFFSET(CÁLCULO!H$15,ROW($T116)-ROW(T$15),0)","v":3},63.86,"BDI 1",{"$f":"IF($C116=\"S\",ROUND(IF(TIPOORCAMENTO=\"Proposto\",ORÇAMENTO.CustoUnitario*(1+$AH116),ORÇAMENTO.PrecoUnitarioLicitado),15-13*$AF$10),0)","v":77.16},{"$f":"IF($C116=\"S\",IF(Import.TipoArredondamento<>\"TransfereGOV\",VTOTAL1,SUM(OFFSET(CÁLCULO!$AA$15,ROW($X116)-ROW($X$15),1):OFFSET(CÁLCULO!$AL$15,ROW($X116)-ROW($X$15),-1))),IF($C116=0,0,ROUND(SomaAgrup,15-13*$AF$11)))","v":231.48},"RA","RA",{"$f":"IF($C116=\"S\",IF($Z116=\"CP\",$X116,IF($Z116=\"RA\",(($X116)*QCI!$AA$3),0)),SomaAgrup)","v":62.100105074131221},0,{"$f":"IF($N116=\"\",\"\",IF(ORÇAMENTO.Descricao=\"\",\"DESCRIÇÃO\",IF(AND($C116=\"S\",ORÇAMENTO.Unidade=\"\"),\"UNIDADE\",IF($X116<0,\"VALOR NEGATIVO\",IF(OR(AND(TIPOORCAMENTO=\"Proposto\",$AG116<>\"\",$AG116>0,ORÇAMENTO.CustoUnitario>$AG116),AND(TIPOORCAMENTO=\"LICITADO\",ORÇAMENTO.PrecoUnitarioLicitado>$AN116)),\"ACIMA REF.\",\"\")))))","v":""},{"$f":"IF(C116<=CRONO.NivelExibicao,MAX($AD$15:OFFSET(AD116,-1,0))+IF($C116<>1,1,MAX(1,COUNTIF(QCI!$A$13:$A$24,OFFSET($E116,-1,0)))),\"\")","v":""},{"$f":"IF(AND($C116=\"S\",ORÇAMENTO.CodBarra<>\"\"),IF(ORÇAMENTO.Fonte=\"\",ORÇAMENTO.CodBarra,CONCATENATE(ORÇAMENTO.Fonte,\" \",ORÇAMENTO.CodBarra)))","v":"SINAPI 93663"},{"$f":"IF(ISERROR(INDIRECT(ORÇAMENTO.BancoRef)),\"(abra o arquivo 'Referência \"&Excel_BuiltIn_Database&\".xlsm)\",IF(OR($C116<>\"S\",ORÇAMENTO.CodBarra=\"\"),\"(Sem Código)\",IF(ISERROR(MATCH($AE116,INDIRECT(ORÇAMENTO.BancoRef),0)),\"(Código não identificado nas referências)\",MATCH($AE116,INDIRECT(ORÇAMENTO.BancoRef),0))))","v":3166},{"$f":"ROUND(IF(DESONERACAO=\"sim\",REFERENCIA.Desonerado,REFERENCIA.NaoDesonerado),2)","v":63.86},0.2082,null,3,null,null,231.48,77.16]
["S",2,"S",0,{"$f":"IF($C117=1,OFFSET(E117,-1,0)+MAX(1,COUNTIF(QCI!$A$13:$A$24,OFFSET(ORÇAMENTO!E117,-1,0))),OFFSET(E117,-1,0))","v":1},7,0,0,21,0,{"$f":"IF(OR($C117=\"S\",$C117=0),0,MATCH(OFFSET($D117,0,$C117)+IF($C117<>1,1,COUNTIF(QCI!$A$13:$A$24,ORÇAMENTO!E117)),OFFSET($D117,1,$C117,ROW($C$404)-ROW($C117)),0))","v":0},"F","Serviço","Serviço","1.7.0.0.21.","SINAPI","93662",{"$f":"IF($C117=\"S\",REFERENCIA.Descricao,\"(digite a descrição aqui)\")","v":"DISJUNTOR BIPOLAR TIPO DIN, CORRENTE NOMINAL DE 20A - FORNECIMENTO E INSTALAÇÃO. AF_10/2020"},{"$f":"REFERENCIA.Unidade","v":"UN"},{"$f":"OFFSET(CÁLCULO!H$15,ROW($T117)-ROW(T$15),0)","v":1},63.86,"BDI 1",{"$f":"IF($C117=\"S\",ROUND(IF(TIPOORCAMENTO=\"Proposto\",ORÇAMENTO.CustoUnitario*(1+$AH117),ORÇAMENTO.PrecoUnitarioLicitado),15-13*$AF$10),0)","v":77.16},{"$f":"IF($C117=\"S\",IF(Import.TipoArredondamento<>\"TransfereGOV\",VTOTAL1,SUM(OFFSET(CÁLCULO!$AA$15,ROW($X117)-ROW($X$15),1):OFFSET(CÁLCULO!$AL$15,ROW($X117)-ROW($X$15),-1))),IF($C117=0,0,ROUND(SomaAgrup,15-13*$AF$11)))","v":77.16},"RA","RA",{"$f":"IF($C117=\"S\",IF($Z117=\"CP\",$X117,IF($Z117=\"RA\",(($X117)*QCI!$AA$3),0)),SomaAgrup)","v":20.700035024710406},0,{"$f":"IF($N117=\"\",\"\",IF(ORÇAMENTO.Descricao=\"\",\"DESCRIÇÃO\",IF(AND($C117=\"S\",ORÇAMENTO.Unidade=\"\"),\"UNIDADE\",IF($X117<0,\"VALOR NEGATIVO\",IF(OR(AND(TIPOORCAMENTO=\"Proposto\",$AG117<>\"\",$AG117>0,ORÇAMENTO.CustoUnitario>$AG117),AND(TIPOORCAMENTO=\"LICITADO\",ORÇAMENTO.PrecoUnitarioLicitado>$AN117)),\"ACIMA REF.\",\"\")))))","v":""},{"$f":"IF(C117<=CRONO.NivelExibicao,MAX($AD$15:OFFSET(AD117,-1,0))+IF($C117<>1,1,MAX(1,COUNTIF(QCI!$A$13:$A$24,OFFSET($E117,-1,0)))),\"\")","v":""},{"$f":"IF(AND($C117=\"S\",ORÇAMENTO.CodBarra<>\"\"),IF(ORÇAMENTO.Fonte=\"\",ORÇAMENTO.CodBarra,CONCATENATE(ORÇAMENTO.Fonte,\" \",ORÇAMENTO.CodBarra)))","v":"SINAPI 93662"},{"$f":"IF(ISERROR(INDIRECT(ORÇAMENTO.BancoRef)),\"(abra o arquivo 'Referência \"&Excel_BuiltIn_Database&\".xlsm)\",IF(OR($C117<>\"S\",ORÇAMENTO.CodBarra=\"\"),\"(Sem Código)\",IF(ISERROR(MATCH($AE117,INDIRECT(ORÇAMENTO.BancoRef),0)),\"(Código não identificado nas referências)\",MATCH($AE117,INDIRECT(ORÇAMENTO.BancoRef),0))))","v":3165},{"$f":"ROUND(IF(DESONERACAO=\"sim\",REFERENCIA.Desonerado,REFERENCIA.NaoDesonerado),2)","v":63.86},0.2082,null,1,null,null,77.16,77.16]
["S",2,"S",0,{"$f":"IF($C118=1,OFFSET(E118,-1,0)+MAX(1,COUNTIF(QCI!$A$13:$A$24,OFFSET(ORÇAMENTO!E118,-1,0))),OFFSET(E118,-1,0))","v":1},7,0,0,22,0,{"$f":"IF(OR($C118=\"S\",$C118=0),0,MATCH(OFFSET($D118,0,$C118)+IF($C118<>1,1,COUNTIF(QCI!$A$13:$A$24,ORÇAMENTO!E118)),OFFSET($D118,1,$C118,ROW($C$404)-ROW($C118)),0))","v":0},"F","Serviço","Serviço","1.7.0.0.22.","Composição","001",{"$f":"IF($C118=\"S\",REFERENCIA.Descricao,\"(digite a descrição aqui)\")","v":"LUMINÁRIA PLAFON  BOCAL CONVENCIONAL, DE SOBREPOR, INCLUSO LAMPADA BULBO LED 30W 6500K - FORNECIMENTO E INSTALAÇÃO"},{"$f":"REFERENCIA.Unidade","v":"UNIDADE"},{"$f":"OFFSET(CÁLCULO!H$15,ROW($T118)-ROW(T$15),0)","v":24},30.51,"BDI 1",{"$f":"IF($C118=\"S\",ROUND(IF(TIPOORCAMENTO=\"Proposto\",ORÇAMENTO.CustoUnitario*(1+$AH118),ORÇAMENTO.PrecoUnitarioLicitado),15-13*$AF$10),0)","v":36.86},{"$f":"IF($C118=\"S\",IF(Import.TipoArredondamento<>\"TransfereGOV\",VTOTAL1,SUM(OFFSET(CÁLCULO!$AA$15,ROW($X118)-ROW($X$15),1):OFFSET(CÁLCULO!$AL$15,ROW($X118)-ROW($X$15),-1))),IF($C118=0,0,ROUND(SomaAgrup,15-13*$AF$11)))","v":884.64},"RA","RA",{"$f":"IF($C118=\"S\",IF($Z118=\"CP\",$X118,IF($Z118=\"RA\",(($X118)*QCI!$AA$3),0)),SomaAgrup)","v":237.32606252280735},0,{"$f":"IF($N118=\"\",\"\",IF(ORÇAMENTO.Descricao=\"\",\"DESCRIÇÃO\",IF(AND($C118=\"S\",ORÇAMENTO.Unidade=\"\"),\"UNIDADE\",IF($X118<0,\"VALOR NEGATIVO\",IF(OR(AND(TIPOORCAMENTO=\"Proposto\",$AG118<>\"\",$AG118>0,ORÇAMENTO.CustoUnitario>$AG118),AND(TIPOORCAMENTO=\"LICITADO\",ORÇAMENTO.PrecoUnitarioLicitado>$AN118)),\"ACIMA REF.\",\"\")))))","v":""},{"$f":"IF(C118<=CRONO.NivelExibicao,MAX($AD$15:OFFSET(AD118,-1,0))+IF($C118<>1,1,MAX(1,COUNTIF(QCI!$A$13:$A$24,OFFSET($E118,-1,0)))),\"\")","v":""},{"$f":"IF(AND($C118=\"S\",ORÇAMENTO.CodBarra<>\"\"),IF(ORÇAMENTO.Fonte=\"\",ORÇAMENTO.CodBarra,CONCATENATE(ORÇAMENTO.Fonte,\" \",ORÇAMENTO.CodBarra)))","v":"Composição 001"},{"$f":"IF(ISERROR(INDIRECT(ORÇAMENTO.BancoRef)),\"(abra o arquivo 'Referência \"&Excel_BuiltIn_Database&\".xlsm)\",IF(OR($C118<>\"S\",ORÇAMENTO.CodBarra=\"\"),\"(Sem Código)\",IF(ISERROR(MATCH($AE118,INDIRECT(ORÇAMENTO.BancoRef),0)),\"(Código não identificado nas referências)\",MATCH($AE118,INDIRECT(ORÇAMENTO.BancoRef),0))))","v":3},{"$f":"ROUND(IF(DESONERACAO=\"sim\",REFERENCIA.Desonerado,REFERENCIA.NaoDesonerado),2)","v":30.51},0.2082,null,24,null,null,884.64,36.86]
[{"$f":"CHOOSE(1+LOG(1+2*(ORÇAMENTO.Nivel=\"Meta\")+4*(ORÇAMENTO.Nivel=\"Nível 2\")+8*(ORÇAMENTO.Nivel=\"Nível 3\")+16*(ORÇAMENTO.Nivel=\"Nível 4\")+32*(ORÇAMENTO.Nivel=\"Serviço\"),2),0,1,2,3,4,\"S\")","v":"S"},{"$f":"IF(OR(C119=\"s\",C119=0),OFFSET(B119,-1,0),C119)","v":2},{"$f":"IF(OFFSET(C119,-1,0)=\"L\",1,IF(OFFSET(C119,-1,0)=1,2,IF(OR(A119=\"s\",A119=0),\"S\",IF(AND(OFFSET(C119,-1,0)=2,A119=4),3,IF(AND(OR(OFFSET(C119,-1,0)=\"s\",OFFSET(C119,-1,0)=0),A119<>\"s\",A119>OFFSET(B119,-1,0)),OFFSET(B119,-1,0),A119)))))","v":"S"},{"$f":"IF(OR(C119=\"S\",C119=0),0,IF(ISERROR(K119),J119,SMALL(J119:K119,1)))","v":0},{"$f":"IF($C119=1,OFFSET(E119,-1,0)+MAX(1,COUNTIF(QCI!$A$13:$A$24,OFFSET(ORÇAMENTO!E119,-1,0))),OFFSET(E119,-1,0))","v":1},{"$f":"IF($C119=1,0,IF($C119=2,OFFSET(F119,-1,0)+1,OFFSET(F119,-1,0)))","v":7},{"$f":"IF(AND($C119<=2,$C119<>0),0,IF($C119=3,OFFSET(G119,-1,0)+1,OFFSET(G119,-1,0)))","v":0},{"$f":"IF(AND($C119<=3,$C119<>0),0,IF($C119=4,OFFSET(H119,-1,0)+1,OFFSET(H119,-1,0)))","v":0},{"$f":"IF(AND($C119<=4,$C119<>0),0,IF(AND($C119=\"S\",$X119>0),OFFSET(I119,-1,0)+1,OFFSET(I119,-1,0)))","v":23},0,{"$f":"IF(OR($C119=\"S\",$C119=0),0,MATCH(OFFSET($D119,0,$C119)+IF($C119<>1,1,COUNTIF(QCI!$A$13:$A$24,ORÇAMENTO!E119)),OFFSET($D119,1,$C119,ROW($C$404)-ROW($C119)),0))","v":0},{"$f":"IF(OR($X119>0,$C119=1,$C119=2,$C119=3,$C119=4),\"F\",\"\")","v":"F"},"Serviço",{"$f":"CHOOSE(1+LOG(1+2*(C119=1)+4*(C119=2)+8*(C119=3)+16*(C119=4)+32*(C119=\"S\"),2),\"\",\"Meta\",\"Nível 2\",\"Nível 3\",\"Nível 4\",\"Serviço\")","v":"Serviço"},{"$f":"IF(OR($C119=0,$L119=\"\"),\"-\",CONCATENATE(E119&\".\",IF(AND($A$5>=2,$C119>=2),F119&\".\",\"\"),IF(AND($A$5>=3,$C119>=3),G119&\".\",\"\"),IF(AND($A$5>=4,$C119>=4),H119&\".\",\"\"),IF($C119=\"S\",I119&\".\",\"\")))","v":"1.7.0.0.23."},"Cotação","008",{"$f":"IF($C119=\"S\",REFERENCIA.Descricao,\"(digite a descrição aqui)\")","v":"FORNECIMENTO E INSTALAÇÃO DE SISTEMA DE GERAÇÃO DE ENERGIA ELÉTRICA SOLAR FOTOVOLTAICA, INCLUINDO PROJETO APROVADO NA COPEL, COM CONJUNTO DE PLACAS DIMENSIONADAS PELO EXECUTOR COM POTÊNCIA SOMADA DE NO MÍNIMO 49,95 kWp E POTÊNCIA MÍNIMA DO INVERSOR DE 40Kw, INCLUINDO FORNECIMENTO E EXECUÇÃO DE ESTRUTURA DE FIXAÇÃO NA COBERTURA PARA IMPLANTAÇÃO DAS PLACAS, CONFORME ESPECIFICAÇÕES"},{"$f":"REFERENCIA.Unidade","v":"UNIDADE"},{"$f":"OFFSET(CÁLCULO!H$15,ROW($T119)-ROW(T$15),0)","v":1},147250.79999999999,0,{"$f":"IF($C119=\"S\",ROUND(IF(TIPOORCAMENTO=\"Proposto\",ORÇAMENTO.CustoUnitario*(1+$AH119),ORÇAMENTO.PrecoUnitarioLicitado),15-13*$AF$10),0)","v":147250.79999999999},{"$f":"IF($C119=\"S\",IF(Import.TipoArredondamento<>\"TransfereGOV\",VTOTAL1,SUM(OFFSET(CÁLCULO!$AA$15,ROW($X119)-ROW($X$15),1):OFFSET(CÁLCULO!$AL$15,ROW($X119)-ROW($X$15),-1))),IF($C119=0,0,ROUND(SomaAgrup,15-13*$AF$11)))","v":147250.79999999999},"RA",{"$f":"IF(AND($C119=\"S\",$X119>0),IF(ISBLANK($Y119),\"RA\",LEFT($Y119,2)),\"\")","v":"RA"},{"$f":"IF($C119=\"S\",IF($Z119=\"CP\",$X119,IF($Z119=\"RA\",(($X119)*QCI!$AA$3),0)),SomaAgrup)","v":39503.586280671683},{"$f":"IF($C119=\"S\",IF($Z119=\"OU\",ROUND($X119,2),0),SomaAgrup)","v":0},{"$f":"IF($N119=\"\",\"\",IF(ORÇAMENTO.Descricao=\"\",\"DESCRIÇÃO\",IF(AND($C119=\"S\",ORÇAMENTO.Unidade=\"\"),\"UNIDADE\",IF($X119<0,\"VALOR NEGATIVO\",IF(OR(AND(TIPOORCAMENTO=\"Proposto\",$AG119<>\"\",$AG119>0,ORÇAMENTO.CustoUnitario>$AG119),AND(TIPOORCAMENTO=\"LICITADO\",ORÇAMENTO.PrecoUnitarioLicitado>$AN119)),\"ACIMA REF.\",\"\")))))","v":""},{"$f":"IF(C119<=CRONO.NivelExibicao,MAX($AD$15:OFFSET(AD119,-1,0))+IF($C119<>1,1,MAX(1,COUNTIF(QCI!$A$13:$A$24,OFFSET($E119,-1,0)))),\"\")","v":""},{"$f":"IF(AND($C119=\"S\",ORÇAMENTO.CodBarra<>\"\"),IF(ORÇAMENTO.Fonte=\"\",ORÇAMENTO.CodBarra,CONCATENATE(ORÇAMENTO.Fonte,\" \",ORÇAMENTO.CodBarra)))","v":"Cotação 008"},{"$f":"IF(ISERROR(INDIRECT(ORÇAMENTO.BancoRef)),\"(abra o arquivo 'Referência \"&Excel_BuiltIn_Database&\".xlsm)\",IF(OR($C119<>\"S\",ORÇAMENTO.CodBarra=\"\"),\"(Sem Código)\",IF(ISERROR(MATCH($AE119,INDIRECT(ORÇAMENTO.BancoRef),0)),\"(Código não identificado nas referências)\",MATCH($AE119,INDIRECT(ORÇAMENTO.BancoRef),0))))","v":25},{"$f":"ROUND(IF(DESONERACAO=\"sim\",REFERENCIA.Desonerado,REFERENCIA.NaoDesonerado),2)","v":147250.79999999999},{"$f":"ROUND(IF(ISNUMBER(ORÇAMENTO.OpcaoBDI),ORÇAMENTO.OpcaoBDI,IF(LEFT(ORÇAMENTO.OpcaoBDI,3)=\"BDI\",HLOOKUP(ORÇAMENTO.OpcaoBDI,$F$4:$H$5,2,FALSE),0)),15-11*$AF$9)","v":0},null,1,null,null,147250.79999999999,{"$f":"ROUND(ORÇAMENTO.CustoUnitario*(1+$AH119),2)","v":147250.79999999999}]
[2,2,2,28,{"$f":"IF($C120=1,OFFSET(E120,-1,0)+MAX(1,COUNTIF(QCI!$A$13:$A$24,OFFSET(ORÇAMENTO!E120,-1,0))),OFFSET(E120,-1,0))","v":1},8,0,0,0,127,{"$f":"IF(OR($C120=\"S\",$C120=0),0,MATCH(OFFSET($D120,0,$C120)+IF($C120<>1,1,COUNTIF(QCI!$A$13:$A$24,ORÇAMENTO!E120)),OFFSET($D120,1,$C120,ROW($C$404)-ROW($C120)),0))","v":28},"F","Nível 2","Nível 2","1.8.","SINAPI",null,"INSTALAÇÕES HIDRÁULICAS",{"$f":"REFERENCIA.Unidade","v":"-"},{"$f":"OFFSET(CÁLCULO!H$15,ROW($T120)-ROW(T$15),0)","v":0},0,"BDI 1",{"$f":"IF($C120=\"S\",ROUND(IF(TIPOORCAMENTO=\"Proposto\",ORÇAMENTO.CustoUnitario*(1+$AH120),ORÇAMENTO.PrecoUnitarioLicitado),15-13*$AF$10),0)","v":0},{"$f":"IF($C120=\"S\",IF(Import.TipoArredondamento<>\"TransfereGOV\",VTOTAL1,SUM(OFFSET(CÁLCULO!$AA$15,ROW($X120)-ROW($X$15),1):OFFSET(CÁLCULO!$AL$15,ROW($X120)-ROW($X$15),-1))),IF($C120=0,0,ROUND(SomaAgrup,15-13*$AF$11)))","v":37986.17},"RA","",{"$f":"IF($C120=\"S\",IF($Z120=\"CP\",$X120,IF($Z120=\"RA\",(($X120)*QCI!$AA$3),0)),SomaAgrup)","v":10190.708261464537},0,{"$f":"IF($N120=\"\",\"\",IF(ORÇAMENTO.Descricao=\"\",\"DESCRIÇÃO\",IF(AND($C120=\"S\",ORÇAMENTO.Unidade=\"\"),\"UNIDADE\",IF($X120<0,\"VALOR NEGATIVO\",IF(OR(AND(TIPOORCAMENTO=\"Proposto\",$AG120<>\"\",$AG120>0,ORÇAMENTO.CustoUnitario>$AG120),AND(TIPOORCAMENTO=\"LICITADO\",ORÇAMENTO.PrecoUnitarioLicitado>$AN120)),\"ACIMA REF.\",\"\")))))","v":""},{"$f":"IF(C120<=CRONO.NivelExibicao,MAX($AD$15:OFFSET(AD120,-1,0))+IF($C120<>1,1,MAX(1,COUNTIF(QCI!$A$13:$A$24,OFFSET($E120,-1,0)))),\"\")","v":9},{"$f":"IF(AND($C120=\"S\",ORÇAMENTO.CodBarra<>\"\"),IF(ORÇAMENTO.Fonte=\"\",ORÇAMENTO.CodBarra,CONCATENATE(ORÇAMENTO.Fonte,\" \",ORÇAMENTO.CodBarra)))","v":false},{"$f":"IF(ISERROR(INDIRECT(ORÇAMENTO.BancoRef)),\"(abra o arquivo 'Referência \"&Excel_BuiltIn_Database&\".xlsm)\",IF(OR($C120<>\"S\",ORÇAMENTO.CodBarra=\"\"),\"(Sem Código)\",IF(ISERROR(MATCH($AE120,INDIRECT(ORÇAMENTO.BancoRef),0)),\"(Código não identificado nas referências)\",MATCH($AE120,INDIRECT(ORÇAMENTO.BancoRef),0))))","v":"(Sem Código)"},{"$f":"ROUND(IF(DESONERACAO=\"sim\",REFERENCIA.Desonerado,REFERENCIA.NaoDesonerado),2)","v":0},0.2082,null,null,null,null,37986.17,0]
[3,3,3,15,{"$f":"IF($C121=1,OFFSET(E121,-1,0)+MAX(1,COUNTIF(QCI!$A$13:$A$24,OFFSET(ORÇAMENTO!E121,-1,0))),OFFSET(E121,-1,0))","v":1},8,1,0,0,27,{"$f":"IF(OR($C121=\"S\",$C121=0),0,MATCH(OFFSET($D121,0,$C121)+IF($C121<>1,1,COUNTIF(QCI!$A$13:$A$24,ORÇAMENTO!E121)),OFFSET($D121,1,$C121,ROW($C$404)-ROW($C121)),0))","v":15},"F","Nível 3","Nível 3","1.8.1.","SINAPI",null,"ESGOTO SANITÁRIO",{"$f":"REFERENCIA.Unidade","v":"-"},{"$f":"OFFSET(CÁLCULO!H$15,ROW($T121)-ROW(T$15),0)","v":0},0,"BDI 1",{"$f":"IF($C121=\"S\",ROUND(IF(TIPOORCAMENTO=\"Proposto\",ORÇAMENTO.CustoUnitario*(1+$AH121),ORÇAMENTO.PrecoUnitarioLicitado),15-13*$AF$10),0)","v":0},{"$f":"IF($C121=\"S\",IF(Import.TipoArredondamento<>\"TransfereGOV\",VTOTAL1,SUM(OFFSET(CÁLCULO!$AA$15,ROW($X121)-ROW($X$15),1):OFFSET(CÁLCULO!$AL$15,ROW($X121)-ROW($X$15),-1))),IF($C121=0,0,ROUND(SomaAgrup,15-13*$AF$11)))","v":25366.76},"RA","",{"$f":"IF($C121=\"S\",IF($Z121=\"CP\",$X121,IF($Z121=\"RA\",(($X121)*QCI!$AA$3),0)),SomaAgrup)","v":6805.2465067836056},0,{"$f":"IF($N121=\"\",\"\",IF(ORÇAMENTO.Descricao=\"\",\"DESCRIÇÃO\",IF(AND($C121=\"S\",ORÇAMENTO.Unidade=\"\"),\"UNIDADE\",IF($X121<0,\"VALOR NEGATIVO\",IF(OR(AND(TIPOORCAMENTO=\"Proposto\",$AG121<>\"\",$AG121>0,ORÇAMENTO.CustoUnitario>$AG121),AND(TIPOORCAMENTO=\"LICITADO\",ORÇAMENTO.PrecoUnitarioLicitado>$AN121)),\"ACIMA REF.\",\"\")))))","v":""},{"$f":"IF(C121<=CRONO.NivelExibicao,MAX($AD$15:OFFSET(AD121,-1,0))+IF($C121<>1,1,MAX(1,COUNTIF(QCI!$A$13:$A$24,OFFSET($E121,-1,0)))),\"\")","v":""},{"$f":"IF(AND($C121=\"S\",ORÇAMENTO.CodBarra<>\"\"),IF(ORÇAMENTO.Fonte=\"\",ORÇAMENTO.CodBarra,CONCATENATE(ORÇAMENTO.Fonte,\" \",ORÇAMENTO.CodBarra)))","v":false},{"$f":"IF(ISERROR(INDIRECT(ORÇAMENTO.BancoRef)),\"(abra o arquivo 'Referência \"&Excel_BuiltIn_Database&\".xlsm)\",IF(OR($C121<>\"S\",ORÇAMENTO.CodBarra=\"\"),\"(Sem Código)\",IF(ISERROR(MATCH($AE121,INDIRECT(ORÇAMENTO.BancoRef),0)),\"(Código não identificado nas referências)\",MATCH($AE121,INDIRECT(ORÇAMENTO.BancoRef),0))))","v":"(Sem Código)"},{"$f":"ROUND(IF(DESONERACAO=\"sim\",REFERENCIA.Desonerado,REFERENCIA.NaoDesonerado),2)","v":0},0.2082,null,null,null,null,25366.76,0]
["S",3,"S",0,{"$f":"IF($C122=1,OFFSET(E122,-1,0)+MAX(1,COUNTIF(QCI!$A$13:$A$24,OFFSET(ORÇAMENTO!E122,-1,0))),OFFSET(E122,-1,0))","v":1},8,1,0,1,0,{"$f":"IF(OR($C122=\"S\",$C122=0),0,MATCH(OFFSET($D122,0,$C122)+IF($C122<>1,1,COUNTIF(QCI!$A$13:$A$24,ORÇAMENTO!E122)),OFFSET($D122,1,$C122,ROW($C$404)-ROW($C122)),0))","v":0},"F","Serviço","Serviço","1.8.1.0.1.","SINAPI","89711",{"$f":"IF($C122=\"S\",REFERENCIA.Descricao,\"(digite a descrição aqui)\")","v":"TUBO PVC, SERIE NORMAL, ESGOTO PREDIAL, DN 40 MM, FORNECIDO E INSTALADO EM RAMAL DE DESCARGA OU RAMAL DE ESGOTO SANITÁRIO. AF_08/2022"},{"$f":"REFERENCIA.Unidade","v":"M"},{"$f":"OFFSET(CÁLCULO!H$15,ROW($T122)-ROW(T$15),0)","v":59.82},25.56,"BDI 1",{"$f":"IF($C122=\"S\",ROUND(IF(TIPOORCAMENTO=\"Proposto\",ORÇAMENTO.CustoUnitario*(1+$AH122),ORÇAMENTO.PrecoUnitarioLicitado),15-13*$AF$10),0)","v":30.88},{"$f":"IF($C122=\"S\",IF(Import.TipoArredondamento<>\"TransfereGOV\",VTOTAL1,SUM(OFFSET(CÁLCULO!$AA$15,ROW($X122)-ROW($X$15),1):OFFSET(CÁLCULO!$AL$15,ROW($X122)-ROW($X$15),-1))),IF($C122=0,0,ROUND(SomaAgrup,15-13*$AF$11)))","v":1847.24},"RA","RA",{"$f":"IF($C122=\"S\",IF($Z122=\"CP\",$X122,IF($Z122=\"RA\",(($X122)*QCI!$AA$3),0)),SomaAgrup)","v":495.56677940702508},0,{"$f":"IF($N122=\"\",\"\",IF(ORÇAMENTO.Descricao=\"\",\"DESCRIÇÃO\",IF(AND($C122=\"S\",ORÇAMENTO.Unidade=\"\"),\"UNIDADE\",IF($X122<0,\"VALOR NEGATIVO\",IF(OR(AND(TIPOORCAMENTO=\"Proposto\",$AG122<>\"\",$AG122>0,ORÇAMENTO.CustoUnitario>$AG122),AND(TIPOORCAMENTO=\"LICITADO\",ORÇAMENTO.PrecoUnitarioLicitado>$AN122)),\"ACIMA REF.\",\"\")))))","v":""},{"$f":"IF(C122<=CRONO.NivelExibicao,MAX($AD$15:OFFSET(AD122,-1,0))+IF($C122<>1,1,MAX(1,COUNTIF(QCI!$A$13:$A$24,OFFSET($E122,-1,0)))),\"\")","v":""},{"$f":"IF(AND($C122=\"S\",ORÇAMENTO.CodBarra<>\"\"),IF(ORÇAMENTO.Fonte=\"\",ORÇAMENTO.CodBarra,CONCATENATE(ORÇAMENTO.Fonte,\" \",ORÇAMENTO.CodBarra)))","v":"SINAPI 89711"},{"$f":"IF(ISERROR(INDIRECT(ORÇAMENTO.BancoRef)),\"(abra o arquivo 'Referência \"&Excel_BuiltIn_Database&\".xlsm)\",IF(OR($C122<>\"S\",ORÇAMENTO.CodBarra=\"\"),\"(Sem Código)\",IF(ISERROR(MATCH($AE122,INDIRECT(ORÇAMENTO.BancoRef),0)),\"(Código não identificado nas referências)\",MATCH($AE122,INDIRECT(ORÇAMENTO.BancoRef),0))))","v":3644},{"$f":"ROUND(IF(DESONERACAO=\"sim\",REFERENCIA.Desonerado,REFERENCIA.NaoDesonerado),2)","v":25.56},0.2082,null,59.82,null,null,1847.24,30.88]
["S",3,"S",0,{"$f":"IF($C123=1,OFFSET(E123,-1,0)+MAX(1,COUNTIF(QCI!$A$13:$A$24,OFFSET(ORÇAMENTO!E123,-1,0))),OFFSET(E123,-1,0))","v":1},8,1,0,2,0,{"$f":"IF(OR($C123=\"S\",$C123=0),0,MATCH(OFFSET($D123,0,$C123)+IF($C123<>1,1,COUNTIF(QCI!$A$13:$A$24,ORÇAMENTO!E123)),OFFSET($D123,1,$C123,ROW($C$404)-ROW($C123)),0))","v":0},"F","Serviço","Serviço","1.8.1.0.2.","SINAPI","89714",{"$f":"IF($C123=\"S\",REFERENCIA.Descricao,\"(digite a descrição aqui)\")","v":"TUBO PVC, SERIE NORMAL, ESGOTO PREDIAL, DN 100 MM, FORNECIDO E INSTALADO EM RAMAL DE DESCARGA OU RAMAL DE ESGOTO SANITÁRIO. AF_08/2022"},{"$f":"REFERENCIA.Unidade","v":"M"},{"$f":"OFFSET(CÁLCULO!H$15,ROW($T123)-ROW(T$15),0)","v":31.29},44.54,"BDI 1",{"$f":"IF($C123=\"S\",ROUND(IF(TIPOORCAMENTO=\"Proposto\",ORÇAMENTO.CustoUnitario*(1+$AH123),ORÇAMENTO.PrecoUnitarioLicitado),15-13*$AF$10),0)","v":53.81},{"$f":"IF($C123=\"S\",IF(Import.TipoArredondamento<>\"TransfereGOV\",VTOTAL1,SUM(OFFSET(CÁLCULO!$AA$15,ROW($X123)-ROW($X$15),1):OFFSET(CÁLCULO!$AL$15,ROW($X123)-ROW($X$15),-1))),IF($C123=0,0,ROUND(SomaAgrup,15-13*$AF$11)))","v":1683.71},"RA","RA",{"$f":"IF($C123=\"S\",IF($Z123=\"CP\",$X123,IF($Z123=\"RA\",(($X123)*QCI!$AA$3),0)),SomaAgrup)","v":451.69590424384603},0,{"$f":"IF($N123=\"\",\"\",IF(ORÇAMENTO.Descricao=\"\",\"DESCRIÇÃO\",IF(AND($C123=\"S\",ORÇAMENTO.Unidade=\"\"),\"UNIDADE\",IF($X123<0,\"VALOR NEGATIVO\",IF(OR(AND(TIPOORCAMENTO=\"Proposto\",$AG123<>\"\",$AG123>0,ORÇAMENTO.CustoUnitario>$AG123),AND(TIPOORCAMENTO=\"LICITADO\",ORÇAMENTO.PrecoUnitarioLicitado>$AN123)),\"ACIMA REF.\",\"\")))))","v":""},{"$f":"IF(C123<=CRONO.NivelExibicao,MAX($AD$15:OFFSET(AD123,-1,0))+IF($C123<>1,1,MAX(1,COUNTIF(QCI!$A$13:$A$24,OFFSET($E123,-1,0)))),\"\")","v":""},{"$f":"IF(AND($C123=\"S\",ORÇAMENTO.CodBarra<>\"\"),IF(ORÇAMENTO.Fonte=\"\",ORÇAMENTO.CodBarra,CONCATENATE(ORÇAMENTO.Fonte,\" \",ORÇAMENTO.CodBarra)))","v":"SINAPI 89714"},{"$f":"IF(ISERROR(INDIRECT(ORÇAMENTO.BancoRef)),\"(abra o arquivo 'Referência \"&Excel_BuiltIn_Database&\".xlsm)\",IF(OR($C123<>\"S\",ORÇAMENTO.CodBarra=\"\"),\"(Sem Código)\",IF(ISERROR(MATCH($AE123,INDIRECT(ORÇAMENTO.BancoRef),0)),\"(Código não identificado nas referências)\",MATCH($AE123,INDIRECT(ORÇAMENTO.BancoRef),0))))","v":3647},{"$f":"ROUND(IF(DESONERACAO=\"sim\",REFERENCIA.Desonerado,REFERENCIA.NaoDesonerado),2)","v":44.54},0.2082,null,31.29,null,null,1683.71,53.81]
["S",3,"S",0,{"$f":"IF($C124=1,OFFSET(E124,-1,0)+MAX(1,COUNTIF(QCI!$A$13:$A$24,OFFSET(ORÇAMENTO!E124,-1,0))),OFFSET(E124,-1,0))","v":1},8,1,0,3,0,{"$f":"IF(OR($C124=\"S\",$C124=0),0,MATCH(OFFSET($D124,0,$C124)+IF($C124<>1,1,COUNTIF(QCI!$A$13:$A$24,ORÇAMENTO!E124)),OFFSET($D124,1,$C124,ROW($C$404)-ROW($C124)),0))","v":0},"F","Serviço","Serviço","1.8.1.0.3.","SINAPI","89726",{"$f":"IF($C124=\"S\",REFERENCIA.Descricao,\"(digite a descrição aqui)\")","v":"JOELHO 45 GRAUS, PVC, SERIE NORMAL, ESGOTO PREDIAL, DN 40 MM, JUNTA SOLDÁVEL, FORNECIDO E INSTALADO EM RAMAL DE DESCARGA OU RAMAL DE ESGOTO SANITÁRIO. AF_08/2022"},{"$f":"REFERENCIA.Unidade","v":"UN"},{"$f":"OFFSET(CÁLCULO!H$15,ROW($T124)-ROW(T$15),0)","v":8},12.43,"BDI 1",{"$f":"IF($C124=\"S\",ROUND(IF(TIPOORCAMENTO=\"Proposto\",ORÇAMENTO.CustoUnitario*(1+$AH124),ORÇAMENTO.PrecoUnitarioLicitado),15-13*$AF$10),0)","v":15.02},{"$f":"IF($C124=\"S\",IF(Import.TipoArredondamento<>\"TransfereGOV\",VTOTAL1,SUM(OFFSET(CÁLCULO!$AA$15,ROW($X124)-ROW($X$15),1):OFFSET(CÁLCULO!$AL$15,ROW($X124)-ROW($X$15),-1))),IF($C124=0,0,ROUND(SomaAgrup,15-13*$AF$11)))","v":120.16},"RA","RA",{"$f":"IF($C124=\"S\",IF($Z124=\"CP\",$X124,IF($Z124=\"RA\",(($X124)*QCI!$AA$3),0)),SomaAgrup)","v":32.23582437233285},0,{"$f":"IF($N124=\"\",\"\",IF(ORÇAMENTO.Descricao=\"\",\"DESCRIÇÃO\",IF(AND($C124=\"S\",ORÇAMENTO.Unidade=\"\"),\"UNIDADE\",IF($X124<0,\"VALOR NEGATIVO\",IF(OR(AND(TIPOORCAMENTO=\"Proposto\",$AG124<>\"\",$AG124>0,ORÇAMENTO.CustoUnitario>$AG124),AND(TIPOORCAMENTO=\"LICITADO\",ORÇAMENTO.PrecoUnitarioLicitado>$AN124)),\"ACIMA REF.\",\"\")))))","v":""},{"$f":"IF(C124<=CRONO.NivelExibicao,MAX($AD$15:OFFSET(AD124,-1,0))+IF($C124<>1,1,MAX(1,COUNTIF(QCI!$A$13:$A$24,OFFSET($E124,-1,0)))),\"\")","v":""},{"$f":"IF(AND($C124=\"S\",ORÇAMENTO.CodBarra<>\"\"),IF(ORÇAMENTO.Fonte=\"\",ORÇAMENTO.CodBarra,CONCATENATE(ORÇAMENTO.Fonte,\" \",ORÇAMENTO.CodBarra)))","v":"SINAPI 89726"},{"$f":"IF(ISERROR(INDIRECT(ORÇAMENTO.BancoRef)),\"(abra o arquivo 'Referência \"&Excel_BuiltIn_Database&\".xlsm)\",IF(OR($C124<>\"S\",ORÇAMENTO.CodBarra=\"\"),\"(Sem Código)\",IF(ISERROR(MATCH($AE124,INDIRECT(ORÇAMENTO.BancoRef),0)),\"(Código não identificado nas referências)\",MATCH($AE124,INDIRECT(ORÇAMENTO.BancoRef),0))))","v":4153},{"$f":"ROUND(IF(DESONERACAO=\"sim\",REFERENCIA.Desonerado,REFERENCIA.NaoDesonerado),2)","v":12.43},0.2082,null,8,null,null,120.16,15.02]
["S",3,"S",0,{"$f":"IF($C125=1,OFFSET(E125,-1,0)+MAX(1,COUNTIF(QCI!$A$13:$A$24,OFFSET(ORÇAMENTO!E125,-1,0))),OFFSET(E125,-1,0))","v":1},8,1,0,4,0,{"$f":"IF(OR($C125=\"S\",$C125=0),0,MATCH(OFFSET($D125,0,$C125)+IF($C125<>1,1,COUNTIF(QCI!$A$13:$A$24,ORÇAMENTO!E125)),OFFSET($D125,1,$C125,ROW($C$404)-ROW($C125)),0))","v":0},"F","Serviço","Serviço","1.8.1.0.4.","SINAPI","89724",{"$f":"IF($C125=\"S\",REFERENCIA.Descricao,\"(digite a descrição aqui)\")","v":"JOELHO 90 GRAUS, PVC, SERIE NORMAL, ESGOTO PREDIAL, DN 40 MM, JUNTA SOLDÁVEL, FORNECIDO E INSTALADO EM RAMAL DE DESCARGA OU RAMAL DE ESGOTO SANITÁRIO. AF_08/2022"},{"$f":"REFERENCIA.Unidade","v":"UN"},{"$f":"OFFSET(CÁLCULO!H$15,ROW($T125)-ROW(T$15),0)","v":24},12.18,"BDI 1",{"$f":"IF($C125=\"S\",ROUND(IF(TIPOORCAMENTO=\"Proposto\",ORÇAMENTO.CustoUnitario*(1+$AH125),ORÇAMENTO.PrecoUnitarioLicitado),15-13*$AF$10),0)","v":14.72},{"$f":"IF($C125=\"S\",IF(Import.TipoArredondamento<>\"TransfereGOV\",VTOTAL1,SUM(OFFSET(CÁLCULO!$AA$15,ROW($X125)-ROW($X$15),1):OFFSET(CÁLCULO!$AL$15,ROW($X125)-ROW($X$15),-1))),IF($C125=0,0,ROUND(SomaAgrup,15-13*$AF$11)))","v":353.28},"RA","RA",{"$f":"IF($C125=\"S\",IF($Z125=\"CP\",$X125,IF($Z125=\"RA\",(($X125)*QCI!$AA$3),0)),SomaAgrup)","v":94.775899086698971},0,{"$f":"IF($N125=\"\",\"\",IF(ORÇAMENTO.Descricao=\"\",\"DESCRIÇÃO\",IF(AND($C125=\"S\",ORÇAMENTO.Unidade=\"\"),\"UNIDADE\",IF($X125<0,\"VALOR NEGATIVO\",IF(OR(AND(TIPOORCAMENTO=\"Proposto\",$AG125<>\"\",$AG125>0,ORÇAMENTO.CustoUnitario>$AG125),AND(TIPOORCAMENTO=\"LICITADO\",ORÇAMENTO.PrecoUnitarioLicitado>$AN125)),\"ACIMA REF.\",\"\")))))","v":""},{"$f":"IF(C125<=CRONO.NivelExibicao,MAX($AD$15:OFFSET(AD125,-1,0))+IF($C125<>1,1,MAX(1,COUNTIF(QCI!$A$13:$A$24,OFFSET($E125,-1,0)))),\"\")","v":""},{"$f":"IF(AND($C125=\"S\",ORÇAMENTO.CodBarra<>\"\"),IF(ORÇAMENTO.Fonte=\"\",ORÇAMENTO.CodBarra,CONCATENATE(ORÇAMENTO.Fonte,\" \",ORÇAMENTO.CodBarra)))","v":"SINAPI 89724"},{"$f":"IF(ISERROR(INDIRECT(ORÇAMENTO.BancoRef)),\"(abra o arquivo 'Referência \"&Excel_BuiltIn_Database&\".xlsm)\",IF(OR($C125<>\"S\",ORÇAMENTO.CodBarra=\"\"),\"(Sem Código)\",IF(ISERROR(MATCH($AE125,INDIRECT(ORÇAMENTO.BancoRef),0)),\"(Código não identificado nas referências)\",MATCH($AE125,INDIRECT(ORÇAMENTO.BancoRef),0))))","v":4151},{"$f":"ROUND(IF(DESONERACAO=\"sim\",REFERENCIA.Desonerado,REFERENCIA.NaoDesonerado),2)","v":12.18},0.2082,null,24,null,null,353.28,14.72]
["S",3,"S",0,{"$f":"IF($C126=1,OFFSET(E126,-1,0)+MAX(1,COUNTIF(QCI!$A$13:$A$24,OFFSET(ORÇAMENTO!E126,-1,0))),OFFSET(E126,-1,0))","v":1},8,1,0,5,0,{"$f":"IF(OR($C126=\"S\",$C126=0),0,MATCH(OFFSET($D126,0,$C126)+IF($C126<>1,1,COUNTIF(QCI!$A$13:$A$24,ORÇAMENTO!E126)),OFFSET($D126,1,$C126,ROW($C$404)-ROW($C126)),0))","v":0},"F","Serviço","Serviço","1.8.1.0.5.","SINAPI","89783",{"$f":"IF($C126=\"S\",REFERENCIA.Descricao,\"(digite a descrição aqui)\")","v":"JUNÇÃO SIMPLES, PVC, SERIE NORMAL, ESGOTO PREDIAL, DN 40 MM, JUNTA SOLDÁVEL, FORNECIDO E INSTALADO EM RAMAL DE DESCARGA OU RAMAL DE ESGOTO SANITÁRIO. AF_08/2022"},{"$f":"REFERENCIA.Unidade","v":"UN"},{"$f":"OFFSET(CÁLCULO!H$15,ROW($T126)-ROW(T$15),0)","v":4},17.63,"BDI 1",{"$f":"IF($C126=\"S\",ROUND(IF(TIPOORCAMENTO=\"Proposto\",ORÇAMENTO.CustoUnitario*(1+$AH126),ORÇAMENTO.PrecoUnitarioLicitado),15-13*$AF$10),0)","v":21.3},{"$f":"IF($C126=\"S\",IF(Import.TipoArredondamento<>\"TransfereGOV\",VTOTAL1,SUM(OFFSET(CÁLCULO!$AA$15,ROW($X126)-ROW($X$15),1):OFFSET(CÁLCULO!$AL$15,ROW($X126)-ROW($X$15),-1))),IF($C126=0,0,ROUND(SomaAgrup,15-13*$AF$11)))","v":85.2},"RA","RA",{"$f":"IF($C126=\"S\",IF($Z126=\"CP\",$X126,IF($Z126=\"RA\",(($X126)*QCI!$AA$3),0)),SomaAgrup)","v":22.85695935854493},0,{"$f":"IF($N126=\"\",\"\",IF(ORÇAMENTO.Descricao=\"\",\"DESCRIÇÃO\",IF(AND($C126=\"S\",ORÇAMENTO.Unidade=\"\"),\"UNIDADE\",IF($X126<0,\"VALOR NEGATIVO\",IF(OR(AND(TIPOORCAMENTO=\"Proposto\",$AG126<>\"\",$AG126>0,ORÇAMENTO.CustoUnitario>$AG126),AND(TIPOORCAMENTO=\"LICITADO\",ORÇAMENTO.PrecoUnitarioLicitado>$AN126)),\"ACIMA REF.\",\"\")))))","v":""},{"$f":"IF(C126<=CRONO.NivelExibicao,MAX($AD$15:OFFSET(AD126,-1,0))+IF($C126<>1,1,MAX(1,COUNTIF(QCI!$A$13:$A$24,OFFSET($E126,-1,0)))),\"\")","v":""},{"$f":"IF(AND($C126=\"S\",ORÇAMENTO.CodBarra<>\"\"),IF(ORÇAMENTO.Fonte=\"\",ORÇAMENTO.CodBarra,CONCATENATE(ORÇAMENTO.Fonte,\" \",ORÇAMENTO.CodBarra)))","v":"SINAPI 89783"},{"$f":"IF(ISERROR(INDIRECT(ORÇAMENTO.BancoRef)),\"(abra o arquivo 'Referência \"&Excel_BuiltIn_Database&\".xlsm)\",IF(OR($C126<>\"S\",ORÇAMENTO.CodBarra=\"\"),\"(Sem Código)\",IF(ISERROR(MATCH($AE126,INDIRECT(ORÇAMENTO.BancoRef),0)),\"(Código não identificado nas referências)\",MATCH($AE126,INDIRECT(ORÇAMENTO.BancoRef),0))))","v":4203},{"$f":"ROUND(IF(DESONERACAO=\"sim\",REFERENCIA.Desonerado,REFERENCIA.NaoDesonerado),2)","v":17.63},0.2082,null,4,null,null,85.2,21.3]
["S",3,"S",0,{"$f":"IF($C127=1,OFFSET(E127,-1,0)+MAX(1,COUNTIF(QCI!$A$13:$A$24,OFFSET(ORÇAMENTO!E127,-1,0))),OFFSET(E127,-1,0))","v":1},8,1,0,6,0,{"$f":"IF(OR($C127=\"S\",$C127=0),0,MATCH(OFFSET($D127,0,$C127)+IF($C127<>1,1,COUNTIF(QCI!$A$13:$A$24,ORÇAMENTO!E127)),OFFSET($D127,1,$C127,ROW($C$404)-ROW($C127)),0))","v":0},"F","Serviço","Serviço","1.8.1.0.6.","SINAPI","89782",{"$f":"IF($C127=\"S\",REFERENCIA.Descricao,\"(digite a descrição aqui)\")","v":"TE, PVC, SERIE NORMAL, ESGOTO PREDIAL, DN 40 X 40 MM, JUNTA SOLDÁVEL, FORNECIDO E INSTALADO EM RAMAL DE DESCARGA OU RAMAL DE ESGOTO SANITÁRIO. AF_08/2022"},{"$f":"REFERENCIA.Unidade","v":"UN"},{"$f":"OFFSET(CÁLCULO!H$15,ROW($T127)-ROW(T$15),0)","v":9},17.52,"BDI 1",{"$f":"IF($C127=\"S\",ROUND(IF(TIPOORCAMENTO=\"Proposto\",ORÇAMENTO.CustoUnitario*(1+$AH127),ORÇAMENTO.PrecoUnitarioLicitado),15-13*$AF$10),0)","v":21.17},{"$f":"IF($C127=\"S\",IF(Import.TipoArredondamento<>\"TransfereGOV\",VTOTAL1,SUM(OFFSET(CÁLCULO!$AA$15,ROW($X127)-ROW($X$15),1):OFFSET(CÁLCULO!$AL$15,ROW($X127)-ROW($X$15),-1))),IF($C127=0,0,ROUND(SomaAgrup,15-13*$AF$11)))","v":190.53},"RA","RA",{"$f":"IF($C127=\"S\",IF($Z127=\"CP\",$X127,IF($Z127=\"RA\",(($X127)*QCI!$AA$3),0)),SomaAgrup)","v":51.11427777680241},0,{"$f":"IF($N127=\"\",\"\",IF(ORÇAMENTO.Descricao=\"\",\"DESCRIÇÃO\",IF(AND($C127=\"S\",ORÇAMENTO.Unidade=\"\"),\"UNIDADE\",IF($X127<0,\"VALOR NEGATIVO\",IF(OR(AND(TIPOORCAMENTO=\"Proposto\",$AG127<>\"\",$AG127>0,ORÇAMENTO.CustoUnitario>$AG127),AND(TIPOORCAMENTO=\"LICITADO\",ORÇAMENTO.PrecoUnitarioLicitado>$AN127)),\"ACIMA REF.\",\"\")))))","v":""},{"$f":"IF(C127<=CRONO.NivelExibicao,MAX($AD$15:OFFSET(AD127,-1,0))+IF($C127<>1,1,MAX(1,COUNTIF(QCI!$A$13:$A$24,OFFSET($E127,-1,0)))),\"\")","v":""},{"$f":"IF(AND($C127=\"S\",ORÇAMENTO.CodBarra<>\"\"),IF(ORÇAMENTO.Fonte=\"\",ORÇAMENTO.CodBarra,CONCATENATE(ORÇAMENTO.Fonte,\" \",ORÇAMENTO.CodBarra)))","v":"SINAPI 89782"},{"$f":"IF(ISERROR(INDIRECT(ORÇAMENTO.BancoRef)),\"(abra o arquivo 'Referência \"&Excel_BuiltIn_Database&\".xlsm)\",IF(OR($C127<>\"S\",ORÇAMENTO.CodBarra=\"\"),\"(Sem Código)\",IF(ISERROR(MATCH($AE127,INDIRECT(ORÇAMENTO.BancoRef),0)),\"(Código não identificado nas referências)\",MATCH($AE127,INDIRECT(ORÇAMENTO.BancoRef),0))))","v":4202},{"$f":"ROUND(IF(DESONERACAO=\"sim\",REFERENCIA.Desonerado,REFERENCIA.NaoDesonerado),2)","v":17.52},0.2082,null,9,null,null,190.53,21.17]
["S",3,"S",0,{"$f":"IF($C128=1,OFFSET(E128,-1,0)+MAX(1,COUNTIF(QCI!$A$13:$A$24,OFFSET(ORÇAMENTO!E128,-1,0))),OFFSET(E128,-1,0))","v":1},8,1,0,7,0,{"$f":"IF(OR($C128=\"S\",$C128=0),0,MATCH(OFFSET($D128,0,$C128)+IF($C128<>1,1,COUNTIF(QCI!$A$13:$A$24,ORÇAMENTO!E128)),OFFSET($D128,1,$C128,ROW($C$404)-ROW($C128)),0))","v":0},"F","Serviço","Serviço","1.8.1.0.7.","SINAPI","89746",{"$f":"IF($C128=\"S\",REFERENCIA.Descricao,\"(digite a descrição aqui)\")","v":"JOELHO 45 GRAUS, PVC, SERIE NORMAL, ESGOTO PREDIAL, DN 100 MM, JUNTA ELÁSTICA, FORNECIDO E INSTALADO EM RAMAL DE DESCARGA OU RAMAL DE ESGOTO SANITÁRIO. AF_08/2022"},{"$f":"REFERENCIA.Unidade","v":"UN"},{"$f":"OFFSET(CÁLCULO!H$15,ROW($T128)-ROW(T$15),0)","v":4},30.42,"BDI 1",{"$f":"IF($C128=\"S\",ROUND(IF(TIPOORCAMENTO=\"Proposto\",ORÇAMENTO.CustoUnitario*(1+$AH128),ORÇAMENTO.PrecoUnitarioLicitado),15-13*$AF$10),0)","v":36.75},{"$f":"IF($C128=\"S\",IF(Import.TipoArredondamento<>\"TransfereGOV\",VTOTAL1,SUM(OFFSET(CÁLCULO!$AA$15,ROW($X128)-ROW($X$15),1):OFFSET(CÁLCULO!$AL$15,ROW($X128)-ROW($X$15),-1))),IF($C128=0,0,ROUND(SomaAgrup,15-13*$AF$11)))","v":147},"RA","RA",{"$f":"IF($C128=\"S\",IF($Z128=\"CP\",$X128,IF($Z128=\"RA\",(($X128)*QCI!$AA$3),0)),SomaAgrup)","v":39.436303118616252},0,{"$f":"IF($N128=\"\",\"\",IF(ORÇAMENTO.Descricao=\"\",\"DESCRIÇÃO\",IF(AND($C128=\"S\",ORÇAMENTO.Unidade=\"\"),\"UNIDADE\",IF($X128<0,\"VALOR NEGATIVO\",IF(OR(AND(TIPOORCAMENTO=\"Proposto\",$AG128<>\"\",$AG128>0,ORÇAMENTO.CustoUnitario>$AG128),AND(TIPOORCAMENTO=\"LICITADO\",ORÇAMENTO.PrecoUnitarioLicitado>$AN128)),\"ACIMA REF.\",\"\")))))","v":""},{"$f":"IF(C128<=CRONO.NivelExibicao,MAX($AD$15:OFFSET(AD128,-1,0))+IF($C128<>1,1,MAX(1,COUNTIF(QCI!$A$13:$A$24,OFFSET($E128,-1,0)))),\"\")","v":""},{"$f":"IF(AND($C128=\"S\",ORÇAMENTO.CodBarra<>\"\"),IF(ORÇAMENTO.Fonte=\"\",ORÇAMENTO.CodBarra,CONCATENATE(ORÇAMENTO.Fonte,\" \",ORÇAMENTO.CodBarra)))","v":"SINAPI 89746"},{"$f":"IF(ISERROR(INDIRECT(ORÇAMENTO.BancoRef)),\"(abra o arquivo 'Referência \"&Excel_BuiltIn_Database&\".xlsm)\",IF(OR($C128<>\"S\",ORÇAMENTO.CodBarra=\"\"),\"(Sem Código)\",IF(ISERROR(MATCH($AE128,INDIRECT(ORÇAMENTO.BancoRef),0)),\"(Código não identificado nas referências)\",MATCH($AE128,INDIRECT(ORÇAMENTO.BancoRef),0))))","v":4172},{"$f":"ROUND(IF(DESONERACAO=\"sim\",REFERENCIA.Desonerado,REFERENCIA.NaoDesonerado),2)","v":30.42},0.2082,null,4,null,null,147,36.75]
["S",3,"S",0,{"$f":"IF($C129=1,OFFSET(E129,-1,0)+MAX(1,COUNTIF(QCI!$A$13:$A$24,OFFSET(ORÇAMENTO!E129,-1,0))),OFFSET(E129,-1,0))","v":1},8,1,0,8,0,{"$f":"IF(OR($C129=\"S\",$C129=0),0,MATCH(OFFSET($D129,0,$C129)+IF($C129<>1,1,COUNTIF(QCI!$A$13:$A$24,ORÇAMENTO!E129)),OFFSET($D129,1,$C129,ROW($C$404)-ROW($C129)),0))","v":0},"F","Serviço","Serviço","1.8.1.0.8.","SINAPI","89744",{"$f":"IF($C129=\"S\",REFERENCIA.Descricao,\"(digite a descrição aqui)\")","v":"JOELHO 90 GRAUS, PVC, SERIE NORMAL, ESGOTO PREDIAL, DN 100 MM, JUNTA ELÁSTICA, FORNECIDO E INSTALADO EM RAMAL DE DESCARGA OU RAMAL DE ESGOTO SANITÁRIO. AF_08/2022"},{"$f":"REFERENCIA.Unidade","v":"UN"},{"$f":"OFFSET(CÁLCULO!H$15,ROW($T129)-ROW(T$15),0)","v":10},29.52,"BDI 1",{"$f":"IF($C129=\"S\",ROUND(IF(TIPOORCAMENTO=\"Proposto\",ORÇAMENTO.CustoUnitario*(1+$AH129),ORÇAMENTO.PrecoUnitarioLicitado),15-13*$AF$10),0)","v":35.67},{"$f":"IF($C129=\"S\",IF(Import.TipoArredondamento<>\"TransfereGOV\",VTOTAL1,SUM(OFFSET(CÁLCULO!$AA$15,ROW($X129)-ROW($X$15),1):OFFSET(CÁLCULO!$AL$15,ROW($X129)-ROW($X$15),-1))),IF($C129=0,0,ROUND(SomaAgrup,15-13*$AF$11)))","v":356.7},"RA","RA",{"$f":"IF($C129=\"S\",IF($Z129=\"CP\",$X129,IF($Z129=\"RA\",(($X129)*QCI!$AA$3),0)),SomaAgrup)","v":95.693396751091271},0,{"$f":"IF($N129=\"\",\"\",IF(ORÇAMENTO.Descricao=\"\",\"DESCRIÇÃO\",IF(AND($C129=\"S\",ORÇAMENTO.Unidade=\"\"),\"UNIDADE\",IF($X129<0,\"VALOR NEGATIVO\",IF(OR(AND(TIPOORCAMENTO=\"Proposto\",$AG129<>\"\",$AG129>0,ORÇAMENTO.CustoUnitario>$AG129),AND(TIPOORCAMENTO=\"LICITADO\",ORÇAMENTO.PrecoUnitarioLicitado>$AN129)),\"ACIMA REF.\",\"\")))))","v":""},{"$f":"IF(C129<=CRONO.NivelExibicao,MAX($AD$15:OFFSET(AD129,-1,0))+IF($C129<>1,1,MAX(1,COUNTIF(QCI!$A$13:$A$24,OFFSET($E129,-1,0)))),\"\")","v":""},{"$f":"IF(AND($C129=\"S\",ORÇAMENTO.CodBarra<>\"\"),IF(ORÇAMENTO.Fonte=\"\",ORÇAMENTO.CodBarra,CONCATENATE(ORÇAMENTO.Fonte,\" \",ORÇAMENTO.CodBarra)))","v":"SINAPI 89744"},{"$f":"IF(ISERROR(INDIRECT(ORÇAMENTO.BancoRef)),\"(abra o arquivo 'Referência \"&Excel_BuiltIn_Database&\".xlsm)\",IF(OR($C129<>\"S\",ORÇAMENTO.CodBarra=\"\"),\"(Sem Código)\",IF(ISERROR(MATCH($AE129,INDIRECT(ORÇAMENTO.BancoRef),0)),\"(Código não identificado nas referências)\",MATCH($AE129,INDIRECT(ORÇAMENTO.BancoRef),0))))","v":4171},{"$f":"ROUND(IF(DESONERACAO=\"sim\",REFERENCIA.Desonerado,REFERENCIA.NaoDesonerado),2)","v":29.52},0.2082,null,10,null,null,356.7,35.67]
["S",3,"S",0,{"$f":"IF($C130=1,OFFSET(E130,-1,0)+MAX(1,COUNTIF(QCI!$A$13:$A$24,OFFSET(ORÇAMENTO!E130,-1,0))),OFFSET(E130,-1,0))","v":1},8,1,0,9,0,{"$f":"IF(OR($C130=\"S\",$C130=0),0,MATCH(OFFSET($D130,0,$C130)+IF($C130<>1,1,COUNTIF(QCI!$A$13:$A$24,ORÇAMENTO!E130)),OFFSET($D130,1,$C130,ROW($C$404)-ROW($C130)),0))","v":0},"F","Serviço","Serviço","1.8.1.0.9.","SINAPI","89797",{"$f":"IF($C130=\"S\",REFERENCIA.Descricao,\"(digite a descrição aqui)\")","v":"JUNÇÃO SIMPLES, PVC, SERIE NORMAL, ESGOTO PREDIAL, DN 100 X 100 MM, JUNTA ELÁSTICA, FORNECIDO E INSTALADO EM RAMAL DE DESCARGA OU RAMAL DE ESGOTO SANITÁRIO. AF_08/2022"},{"$f":"REFERENCIA.Unidade","v":"UN"},{"$f":"OFFSET(CÁLCULO!H$15,ROW($T130)-ROW(T$15),0)","v":8},54.86,"BDI 1",{"$f":"IF($C130=\"S\",ROUND(IF(TIPOORCAMENTO=\"Proposto\",ORÇAMENTO.CustoUnitario*(1+$AH130),ORÇAMENTO.PrecoUnitarioLicitado),15-13*$AF$10),0)","v":66.28},{"$f":"IF($C130=\"S\",IF(Import.TipoArredondamento<>\"TransfereGOV\",VTOTAL1,SUM(OFFSET(CÁLCULO!$AA$15,ROW($X130)-ROW($X$15),1):OFFSET(CÁLCULO!$AL$15,ROW($X130)-ROW($X$15),-1))),IF($C130=0,0,ROUND(SomaAgrup,15-13*$AF$11)))","v":530.24},"RA","RA",{"$f":"IF($C130=\"S\",IF($Z130=\"CP\",$X130,IF($Z130=\"RA\",(($X130)*QCI!$AA$3),0)),SomaAgrup)","v":142.24969636472844},0,{"$f":"IF($N130=\"\",\"\",IF(ORÇAMENTO.Descricao=\"\",\"DESCRIÇÃO\",IF(AND($C130=\"S\",ORÇAMENTO.Unidade=\"\"),\"UNIDADE\",IF($X130<0,\"VALOR NEGATIVO\",IF(OR(AND(TIPOORCAMENTO=\"Proposto\",$AG130<>\"\",$AG130>0,ORÇAMENTO.CustoUnitario>$AG130),AND(TIPOORCAMENTO=\"LICITADO\",ORÇAMENTO.PrecoUnitarioLicitado>$AN130)),\"ACIMA REF.\",\"\")))))","v":""},{"$f":"IF(C130<=CRONO.NivelExibicao,MAX($AD$15:OFFSET(AD130,-1,0))+IF($C130<>1,1,MAX(1,COUNTIF(QCI!$A$13:$A$24,OFFSET($E130,-1,0)))),\"\")","v":""},{"$f":"IF(AND($C130=\"S\",ORÇAMENTO.CodBarra<>\"\"),IF(ORÇAMENTO.Fonte=\"\",ORÇAMENTO.CodBarra,CONCATENATE(ORÇAMENTO.Fonte,\" \",ORÇAMENTO.CodBarra)))","v":"SINAPI 89797"},{"$f":"IF(ISERROR(INDIRECT(ORÇAMENTO.BancoRef)),\"(abra o arquivo 'Referência \"&Excel_BuiltIn_Database&\".xlsm)\",IF(OR($C130<>\"S\",ORÇAMENTO.CodBarra=\"\"),\"(Sem Código)\",IF(ISERROR(MATCH($AE130,INDIRECT(ORÇAMENTO.BancoRef),0)),\"(Código não identificado nas referências)\",MATCH($AE130,INDIRECT(ORÇAMENTO.BancoRef),0))))","v":4217},{"$f":"ROUND(IF(DESONERACAO=\"sim\",REFERENCIA.Desonerado,REFERENCIA.NaoDesonerado),2)","v":54.86},0.2082,null,8,null,null,530.24,66.28]
["S",3,"S",0,{"$f":"IF($C131=1,OFFSET(E131,-1,0)+MAX(1,COUNTIF(QCI!$A$13:$A$24,OFFSET(ORÇAMENTO!E131,-1,0))),OFFSET(E131,-1,0))","v":1},8,1,0,10,0,{"$f":"IF(OR($C131=\"S\",$C131=0),0,MATCH(OFFSET($D131,0,$C131)+IF($C131<>1,1,COUNTIF(QCI!$A$13:$A$24,ORÇAMENTO!E131)),OFFSET($D131,1,$C131,ROW($C$404)-ROW($C131)),0))","v":0},"F","Serviço","Serviço","1.8.1.0.10.","SINAPI","104327",{"$f":"IF($C131=\"S\",REFERENCIA.Descricao,\"(digite a descrição aqui)\")","v":"RALO SIFONADO REDONDO, PVC, DN 100 X 40 MM, JUNTA SOLDÁVEL, FORNECIDO E INSTALADO EM RAMAL DE DESCARGA OU EM RAMAL DE ESGOTO SANITÁRIO. AF_08/2022"},{"$f":"REFERENCIA.Unidade","v":"UN"},{"$f":"OFFSET(CÁLCULO!H$15,ROW($T131)-ROW(T$15),0)","v":6},21.09,"BDI 1",{"$f":"IF($C131=\"S\",ROUND(IF(TIPOORCAMENTO=\"Proposto\",ORÇAMENTO.CustoUnitario*(1+$AH131),ORÇAMENTO.PrecoUnitarioLicitado),15-13*$AF$10),0)","v":25.48},{"$f":"IF($C131=\"S\",IF(Import.TipoArredondamento<>\"TransfereGOV\",VTOTAL1,SUM(OFFSET(CÁLCULO!$AA$15,ROW($X131)-ROW($X$15),1):OFFSET(CÁLCULO!$AL$15,ROW($X131)-ROW($X$15),-1))),IF($C131=0,0,ROUND(SomaAgrup,15-13*$AF$11)))","v":152.88},"RA","RA",{"$f":"IF($C131=\"S\",IF($Z131=\"CP\",$X131,IF($Z131=\"RA\",(($X131)*QCI!$AA$3),0)),SomaAgrup)","v":41.013755243360897},0,{"$f":"IF($N131=\"\",\"\",IF(ORÇAMENTO.Descricao=\"\",\"DESCRIÇÃO\",IF(AND($C131=\"S\",ORÇAMENTO.Unidade=\"\"),\"UNIDADE\",IF($X131<0,\"VALOR NEGATIVO\",IF(OR(AND(TIPOORCAMENTO=\"Proposto\",$AG131<>\"\",$AG131>0,ORÇAMENTO.CustoUnitario>$AG131),AND(TIPOORCAMENTO=\"LICITADO\",ORÇAMENTO.PrecoUnitarioLicitado>$AN131)),\"ACIMA REF.\",\"\")))))","v":""},{"$f":"IF(C131<=CRONO.NivelExibicao,MAX($AD$15:OFFSET(AD131,-1,0))+IF($C131<>1,1,MAX(1,COUNTIF(QCI!$A$13:$A$24,OFFSET($E131,-1,0)))),\"\")","v":""},{"$f":"IF(AND($C131=\"S\",ORÇAMENTO.CodBarra<>\"\"),IF(ORÇAMENTO.Fonte=\"\",ORÇAMENTO.CodBarra,CONCATENATE(ORÇAMENTO.Fonte,\" \",ORÇAMENTO.CodBarra)))","v":"SINAPI 104327"},{"$f":"IF(ISERROR(INDIRECT(ORÇAMENTO.BancoRef)),\"(abra o arquivo 'Referência \"&Excel_BuiltIn_Database&\".xlsm)\",IF(OR($C131<>\"S\",ORÇAMENTO.CodBarra=\"\"),\"(Sem Código)\",IF(ISERROR(MATCH($AE131,INDIRECT(ORÇAMENTO.BancoRef),0)),\"(Código não identificado nas referências)\",MATCH($AE131,INDIRECT(ORÇAMENTO.BancoRef),0))))","v":5294},{"$f":"ROUND(IF(DESONERACAO=\"sim\",REFERENCIA.Desonerado,REFERENCIA.NaoDesonerado),2)","v":21.09},0.2082,null,6,null,null,152.88,25.48]
["S",3,"S",0,{"$f":"IF($C132=1,OFFSET(E132,-1,0)+MAX(1,COUNTIF(QCI!$A$13:$A$24,OFFSET(ORÇAMENTO!E132,-1,0))),OFFSET(E132,-1,0))","v":1},8,1,0,11,0,{"$f":"IF(OR($C132=\"S\",$C132=0),0,MATCH(OFFSET($D132,0,$C132)+IF($C132<>1,1,COUNTIF(QCI!$A$13:$A$24,ORÇAMENTO!E132)),OFFSET($D132,1,$C132,ROW($C$404)-ROW($C132)),0))","v":0},"F","Serviço","Serviço","1.8.1.0.11.","SINAPI","98102",{"$f":"IF($C132=\"S\",REFERENCIA.Descricao,\"(digite a descrição aqui)\")","v":"CAIXA DE GORDURA SIMPLES, CIRCULAR, EM CONCRETO PRÉ-MOLDADO, DIÂMETRO INTERNO = 0,4 M, ALTURA INTERNA = 0,4 M. AF_12/2020"},{"$f":"REFERENCIA.Unidade","v":"UN"},{"$f":"OFFSET(CÁLCULO!H$15,ROW($T132)-ROW(T$15),0)","v":1},187.28,"BDI 1",{"$f":"IF($C132=\"S\",ROUND(IF(TIPOORCAMENTO=\"Proposto\",ORÇAMENTO.CustoUnitario*(1+$AH132),ORÇAMENTO.PrecoUnitarioLicitado),15-13*$AF$10),0)","v":226.27},{"$f":"IF($C132=\"S\",IF(Import.TipoArredondamento<>\"TransfereGOV\",VTOTAL1,SUM(OFFSET(CÁLCULO!$AA$15,ROW($X132)-ROW($X$15),1):OFFSET(CÁLCULO!$AL$15,ROW($X132)-ROW($X$15),-1))),IF($C132=0,0,ROUND(SomaAgrup,15-13*$AF$11)))","v":226.27},"RA","RA",{"$f":"IF($C132=\"S\",IF($Z132=\"CP\",$X132,IF($Z132=\"RA\",(($X132)*QCI!$AA$3),0)),SomaAgrup)","v":60.702396643872788},0,{"$f":"IF($N132=\"\",\"\",IF(ORÇAMENTO.Descricao=\"\",\"DESCRIÇÃO\",IF(AND($C132=\"S\",ORÇAMENTO.Unidade=\"\"),\"UNIDADE\",IF($X132<0,\"VALOR NEGATIVO\",IF(OR(AND(TIPOORCAMENTO=\"Proposto\",$AG132<>\"\",$AG132>0,ORÇAMENTO.CustoUnitario>$AG132),AND(TIPOORCAMENTO=\"LICITADO\",ORÇAMENTO.PrecoUnitarioLicitado>$AN132)),\"ACIMA REF.\",\"\")))))","v":""},{"$f":"IF(C132<=CRONO.NivelExibicao,MAX($AD$15:OFFSET(AD132,-1,0))+IF($C132<>1,1,MAX(1,COUNTIF(QCI!$A$13:$A$24,OFFSET($E132,-1,0)))),\"\")","v":""},{"$f":"IF(AND($C132=\"S\",ORÇAMENTO.CodBarra<>\"\"),IF(ORÇAMENTO.Fonte=\"\",ORÇAMENTO.CodBarra,CONCATENATE(ORÇAMENTO.Fonte,\" \",ORÇAMENTO.CodBarra)))","v":"SINAPI 98102"},{"$f":"IF(ISERROR(INDIRECT(ORÇAMENTO.BancoRef)),\"(abra o arquivo 'Referência \"&Excel_BuiltIn_Database&\".xlsm)\",IF(OR($C132<>\"S\",ORÇAMENTO.CodBarra=\"\"),\"(Sem Código)\",IF(ISERROR(MATCH($AE132,INDIRECT(ORÇAMENTO.BancoRef),0)),\"(Código não identificado nas referências)\",MATCH($AE132,INDIRECT(ORÇAMENTO.BancoRef),0))))","v":5234},{"$f":"ROUND(IF(DESONERACAO=\"sim\",REFERENCIA.Desonerado,REFERENCIA.NaoDesonerado),2)","v":187.28},0.2082,null,1,null,null,226.27,226.27]
["S",3,"S",0,{"$f":"IF($C133=1,OFFSET(E133,-1,0)+MAX(1,COUNTIF(QCI!$A$13:$A$24,OFFSET(ORÇAMENTO!E133,-1,0))),OFFSET(E133,-1,0))","v":1},8,1,0,12,0,{"$f":"IF(OR($C133=\"S\",$C133=0),0,MATCH(OFFSET($D133,0,$C133)+IF($C133<>1,1,COUNTIF(QCI!$A$13:$A$24,ORÇAMENTO!E133)),OFFSET($D133,1,$C133,ROW($C$404)-ROW($C133)),0))","v":0},"F","Serviço","Serviço","1.8.1.0.12.","SINAPI","97901",{"$f":"IF($C133=\"S\",REFERENCIA.Descricao,\"(digite a descrição aqui)\")","v":"CAIXA ENTERRADA HIDRÁULICA RETANGULAR EM ALVENARIA COM TIJOLOS CERÂMICOS MACIÇOS, DIMENSÕES INTERNAS: 0,4X0,4X0,4 M PARA REDE DE ESGOTO. AF_12/2020"},{"$f":"REFERENCIA.Unidade","v":"UN"},{"$f":"OFFSET(CÁLCULO!H$15,ROW($T133)-ROW(T$15),0)","v":1},328.48,"BDI 1",{"$f":"IF($C133=\"S\",ROUND(IF(TIPOORCAMENTO=\"Proposto\",ORÇAMENTO.CustoUnitario*(1+$AH133),ORÇAMENTO.PrecoUnitarioLicitado),15-13*$AF$10),0)","v":396.87},{"$f":"IF($C133=\"S\",IF(Import.TipoArredondamento<>\"TransfereGOV\",VTOTAL1,SUM(OFFSET(CÁLCULO!$AA$15,ROW($X133)-ROW($X$15),1):OFFSET(CÁLCULO!$AL$15,ROW($X133)-ROW($X$15),-1))),IF($C133=0,0,ROUND(SomaAgrup,15-13*$AF$11)))","v":396.87},"RA","RA",{"$f":"IF($C133=\"S\",IF($Z133=\"CP\",$X133,IF($Z133=\"RA\",(($X133)*QCI!$AA$3),0)),SomaAgrup)","v":106.46997019513763},0,{"$f":"IF($N133=\"\",\"\",IF(ORÇAMENTO.Descricao=\"\",\"DESCRIÇÃO\",IF(AND($C133=\"S\",ORÇAMENTO.Unidade=\"\"),\"UNIDADE\",IF($X133<0,\"VALOR NEGATIVO\",IF(OR(AND(TIPOORCAMENTO=\"Proposto\",$AG133<>\"\",$AG133>0,ORÇAMENTO.CustoUnitario>$AG133),AND(TIPOORCAMENTO=\"LICITADO\",ORÇAMENTO.PrecoUnitarioLicitado>$AN133)),\"ACIMA REF.\",\"\")))))","v":""},{"$f":"IF(C133<=CRONO.NivelExibicao,MAX($AD$15:OFFSET(AD133,-1,0))+IF($C133<>1,1,MAX(1,COUNTIF(QCI!$A$13:$A$24,OFFSET($E133,-1,0)))),\"\")","v":""},{"$f":"IF(AND($C133=\"S\",ORÇAMENTO.CodBarra<>\"\"),IF(ORÇAMENTO.Fonte=\"\",ORÇAMENTO.CodBarra,CONCATENATE(ORÇAMENTO.Fonte,\" \",ORÇAMENTO.CodBarra)))","v":"SINAPI 97901"},{"$f":"IF(ISERROR(INDIRECT(ORÇAMENTO.BancoRef)),\"(abra o arquivo 'Referência \"&Excel_BuiltIn_Database&\".xlsm)\",IF(OR($C133<>\"S\",ORÇAMENTO.CodBarra=\"\"),\"(Sem Código)\",IF(ISERROR(MATCH($AE133,INDIRECT(ORÇAMENTO.BancoRef),0)),\"(Código não identificado nas referências)\",MATCH($AE133,INDIRECT(ORÇAMENTO.BancoRef),0))))","v":5226},{"$f":"ROUND(IF(DESONERACAO=\"sim\",REFERENCIA.Desonerado,REFERENCIA.NaoDesonerado),2)","v":328.48},0.2082,null,1,null,null,396.87,396.87]
["S",3,"S",0,{"$f":"IF($C134=1,OFFSET(E134,-1,0)+MAX(1,COUNTIF(QCI!$A$13:$A$24,OFFSET(ORÇAMENTO!E134,-1,0))),OFFSET(E134,-1,0))","v":1},8,1,0,13,0,{"$f":"IF(OR($C134=\"S\",$C134=0),0,MATCH(OFFSET($D134,0,$C134)+IF($C134<>1,1,COUNTIF(QCI!$A$13:$A$24,ORÇAMENTO!E134)),OFFSET($D134,1,$C134,ROW($C$404)-ROW($C134)),0))","v":0},"F","Serviço","Serviço","1.8.1.0.13.","SINAPI","98062",{"$f":"IF($C134=\"S\",REFERENCIA.Descricao,\"(digite a descrição aqui)\")","v":"SUMIDOURO CIRCULAR, EM CONCRETO PRÉ-MOLDADO, DIÂMETRO INTERNO = 1,88 M, ALTURA INTERNA = 2,00 M, ÁREA DE INFILTRAÇÃO: 13,1 M² (PARA 5 CONTRIBUINTES). AF_12/2020_PA"},{"$f":"REFERENCIA.Unidade","v":"UN"},{"$f":"OFFSET(CÁLCULO!H$15,ROW($T134)-ROW(T$15),0)","v":3},3158.35,"BDI 1",{"$f":"IF($C134=\"S\",ROUND(IF(TIPOORCAMENTO=\"Proposto\",ORÇAMENTO.CustoUnitario*(1+$AH134),ORÇAMENTO.PrecoUnitarioLicitado),15-13*$AF$10),0)","v":3815.92},{"$f":"IF($C134=\"S\",IF(Import.TipoArredondamento<>\"TransfereGOV\",VTOTAL1,SUM(OFFSET(CÁLCULO!$AA$15,ROW($X134)-ROW($X$15),1):OFFSET(CÁLCULO!$AL$15,ROW($X134)-ROW($X$15),-1))),IF($C134=0,0,ROUND(SomaAgrup,15-13*$AF$11)))","v":11447.76},"RA","RA",{"$f":"IF($C134=\"S\",IF($Z134=\"CP\",$X134,IF($Z134=\"RA\",(($X134)*QCI!$AA$3),0)),SomaAgrup)","v":3071.1383223753087},0,{"$f":"IF($N134=\"\",\"\",IF(ORÇAMENTO.Descricao=\"\",\"DESCRIÇÃO\",IF(AND($C134=\"S\",ORÇAMENTO.Unidade=\"\"),\"UNIDADE\",IF($X134<0,\"VALOR NEGATIVO\",IF(OR(AND(TIPOORCAMENTO=\"Proposto\",$AG134<>\"\",$AG134>0,ORÇAMENTO.CustoUnitario>$AG134),AND(TIPOORCAMENTO=\"LICITADO\",ORÇAMENTO.PrecoUnitarioLicitado>$AN134)),\"ACIMA REF.\",\"\")))))","v":""},{"$f":"IF(C134<=CRONO.NivelExibicao,MAX($AD$15:OFFSET(AD134,-1,0))+IF($C134<>1,1,MAX(1,COUNTIF(QCI!$A$13:$A$24,OFFSET($E134,-1,0)))),\"\")","v":""},{"$f":"IF(AND($C134=\"S\",ORÇAMENTO.CodBarra<>\"\"),IF(ORÇAMENTO.Fonte=\"\",ORÇAMENTO.CodBarra,CONCATENATE(ORÇAMENTO.Fonte,\" \",ORÇAMENTO.CodBarra)))","v":"SINAPI 98062"},{"$f":"IF(ISERROR(INDIRECT(ORÇAMENTO.BancoRef)),\"(abra o arquivo 'Referência \"&Excel_BuiltIn_Database&\".xlsm)\",IF(OR($C134<>\"S\",ORÇAMENTO.CodBarra=\"\"),\"(Sem Código)\",IF(ISERROR(MATCH($AE134,INDIRECT(ORÇAMENTO.BancoRef),0)),\"(Código não identificado nas referências)\",MATCH($AE134,INDIRECT(ORÇAMENTO.BancoRef),0))))","v":5409},{"$f":"ROUND(IF(DESONERACAO=\"sim\",REFERENCIA.Desonerado,REFERENCIA.NaoDesonerado),2)","v":3158.35},0.2082,null,3,null,null,11447.76,3815.92]
["S",3,"S",0,{"$f":"IF($C135=1,OFFSET(E135,-1,0)+MAX(1,COUNTIF(QCI!$A$13:$A$24,OFFSET(ORÇAMENTO!E135,-1,0))),OFFSET(E135,-1,0))","v":1},8,1,0,14,0,{"$f":"IF(OR($C135=\"S\",$C135=0),0,MATCH(OFFSET($D135,0,$C135)+IF($C135<>1,1,COUNTIF(QCI!$A$13:$A$24,ORÇAMENTO!E135)),OFFSET($D135,1,$C135,ROW($C$404)-ROW($C135)),0))","v":0},"F","Serviço","Serviço","1.8.1.0.14.","SINAPI","98052",{"$f":"IF($C135=\"S\",REFERENCIA.Descricao,\"(digite a descrição aqui)\")","v":"TANQUE SÉPTICO CIRCULAR, EM CONCRETO PRÉ-MOLDADO, DIÂMETRO INTERNO = 1,10 M, ALTURA INTERNA = 2,50 M, VOLUME ÚTIL: 2138,2 L (PARA 5 CONTRIBUINTES). AF_12/2020_PA"},{"$f":"REFERENCIA.Unidade","v":"UN"},{"$f":"OFFSET(CÁLCULO!H$15,ROW($T135)-ROW(T$15),0)","v":3},2159.94,"BDI 1",{"$f":"IF($C135=\"S\",ROUND(IF(TIPOORCAMENTO=\"Proposto\",ORÇAMENTO.CustoUnitario*(1+$AH135),ORÇAMENTO.PrecoUnitarioLicitado),15-13*$AF$10),0)","v":2609.64},{"$f":"IF($C135=\"S\",IF(Import.TipoArredondamento<>\"TransfereGOV\",VTOTAL1,SUM(OFFSET(CÁLCULO!$AA$15,ROW($X135)-ROW($X$15),1):OFFSET(CÁLCULO!$AL$15,ROW($X135)-ROW($X$15),-1))),IF($C135=0,0,ROUND(SomaAgrup,15-13*$AF$11)))","v":7828.92},"RA","RA",{"$f":"IF($C135=\"S\",IF($Z135=\"CP\",$X135,IF($Z135=\"RA\",(($X135)*QCI!$AA$3),0)),SomaAgrup)","v":2100.2970218462392},0,{"$f":"IF($N135=\"\",\"\",IF(ORÇAMENTO.Descricao=\"\",\"DESCRIÇÃO\",IF(AND($C135=\"S\",ORÇAMENTO.Unidade=\"\"),\"UNIDADE\",IF($X135<0,\"VALOR NEGATIVO\",IF(OR(AND(TIPOORCAMENTO=\"Proposto\",$AG135<>\"\",$AG135>0,ORÇAMENTO.CustoUnitario>$AG135),AND(TIPOORCAMENTO=\"LICITADO\",ORÇAMENTO.PrecoUnitarioLicitado>$AN135)),\"ACIMA REF.\",\"\")))))","v":""},{"$f":"IF(C135<=CRONO.NivelExibicao,MAX($AD$15:OFFSET(AD135,-1,0))+IF($C135<>1,1,MAX(1,COUNTIF(QCI!$A$13:$A$24,OFFSET($E135,-1,0)))),\"\")","v":""},{"$f":"IF(AND($C135=\"S\",ORÇAMENTO.CodBarra<>\"\"),IF(ORÇAMENTO.Fonte=\"\",ORÇAMENTO.CodBarra,CONCATENATE(ORÇAMENTO.Fonte,\" \",ORÇAMENTO.CodBarra)))","v":"SINAPI 98052"},{"$f":"IF(ISERROR(INDIRECT(ORÇAMENTO.BancoRef)),\"(abra o arquivo 'Referência \"&Excel_BuiltIn_Database&\".xlsm)\",IF(OR($C135<>\"S\",ORÇAMENTO.CodBarra=\"\"),\"(Sem Código)\",IF(ISERROR(MATCH($AE135,INDIRECT(ORÇAMENTO.BancoRef),0)),\"(Código não identificado nas referências)\",MATCH($AE135,INDIRECT(ORÇAMENTO.BancoRef),0))))","v":5399},{"$f":"ROUND(IF(DESONERACAO=\"sim\",REFERENCIA.Desonerado,REFERENCIA.NaoDesonerado),2)","v":2159.94},0.2082,null,3,null,null,7828.92,2609.64]
[3,3,3,7,{"$f":"IF($C136=1,OFFSET(E136,-1,0)+MAX(1,COUNTIF(QCI!$A$13:$A$24,OFFSET(ORÇAMENTO!E136,-1,0))),OFFSET(E136,-1,0))","v":1},8,2,0,0,12,{"$f":"IF(OR($C136=\"S\",$C136=0),0,MATCH(OFFSET($D136,0,$C136)+IF($C136<>1,1,COUNTIF(QCI!$A$13:$A$24,ORÇAMENTO!E136)),OFFSET($D136,1,$C136,ROW($C$404)-ROW($C136)),0))","v":7},"F","Nível 3","Nível 3","1.8.2.","SINAPI",null,"ÁGUA FRIA",{"$f":"REFERENCIA.Unidade","v":"-"},{"$f":"OFFSET(CÁLCULO!H$15,ROW($T136)-ROW(T$15),0)","v":0},0,"BDI 1",{"$f":"IF($C136=\"S\",ROUND(IF(TIPOORCAMENTO=\"Proposto\",ORÇAMENTO.CustoUnitario*(1+$AH136),ORÇAMENTO.PrecoUnitarioLicitado),15-13*$AF$10),0)","v":0},{"$f":"IF($C136=\"S\",IF(Import.TipoArredondamento<>\"TransfereGOV\",VTOTAL1,SUM(OFFSET(CÁLCULO!$AA$15,ROW($X136)-ROW($X$15),1):OFFSET(CÁLCULO!$AL$15,ROW($X136)-ROW($X$15),-1))),IF($C136=0,0,ROUND(SomaAgrup,15-13*$AF$11)))","v":7183.75},"RA","",{"$f":"IF($C136=\"S\",IF($Z136=\"CP\",$X136,IF($Z136=\"RA\",(($X136)*QCI!$AA$3),0)),SomaAgrup)","v":1927.2145750228535},0,{"$f":"IF($N136=\"\",\"\",IF(ORÇAMENTO.Descricao=\"\",\"DESCRIÇÃO\",IF(AND($C136=\"S\",ORÇAMENTO.Unidade=\"\"),\"UNIDADE\",IF($X136<0,\"VALOR NEGATIVO\",IF(OR(AND(TIPOORCAMENTO=\"Proposto\",$AG136<>\"\",$AG136>0,ORÇAMENTO.CustoUnitario>$AG136),AND(TIPOORCAMENTO=\"LICITADO\",ORÇAMENTO.PrecoUnitarioLicitado>$AN136)),\"ACIMA REF.\",\"\")))))","v":""},{"$f":"IF(C136<=CRONO.NivelExibicao,MAX($AD$15:OFFSET(AD136,-1,0))+IF($C136<>1,1,MAX(1,COUNTIF(QCI!$A$13:$A$24,OFFSET($E136,-1,0)))),\"\")","v":""},{"$f":"IF(AND($C136=\"S\",ORÇAMENTO.CodBarra<>\"\"),IF(ORÇAMENTO.Fonte=\"\",ORÇAMENTO.CodBarra,CONCATENATE(ORÇAMENTO.Fonte,\" \",ORÇAMENTO.CodBarra)))","v":false},{"$f":"IF(ISERROR(INDIRECT(ORÇAMENTO.BancoRef)),\"(abra o arquivo 'Referência \"&Excel_BuiltIn_Database&\".xlsm)\",IF(OR($C136<>\"S\",ORÇAMENTO.CodBarra=\"\"),\"(Sem Código)\",IF(ISERROR(MATCH($AE136,INDIRECT(ORÇAMENTO.BancoRef),0)),\"(Código não identificado nas referências)\",MATCH($AE136,INDIRECT(ORÇAMENTO.BancoRef),0))))","v":"(Sem Código)"},{"$f":"ROUND(IF(DESONERACAO=\"sim\",REFERENCIA.Desonerado,REFERENCIA.NaoDesonerado),2)","v":0},0.2082,null,null,null,null,7183.75,0]
["S",3,"S",0,{"$f":"IF($C137=1,OFFSET(E137,-1,0)+MAX(1,COUNTIF(QCI!$A$13:$A$24,OFFSET(ORÇAMENTO!E137,-1,0))),OFFSET(E137,-1,0))","v":1},8,2,0,1,0,{"$f":"IF(OR($C137=\"S\",$C137=0),0,MATCH(OFFSET($D137,0,$C137)+IF($C137<>1,1,COUNTIF(QCI!$A$13:$A$24,ORÇAMENTO!E137)),OFFSET($D137,1,$C137,ROW($C$404)-ROW($C137)),0))","v":0},"F","Serviço","Serviço","1.8.2.0.1.","SINAPI","89356",{"$f":"IF($C137=\"S\",REFERENCIA.Descricao,\"(digite a descrição aqui)\")","v":"TUBO, PVC, SOLDÁVEL, DN 25MM, INSTALADO EM RAMAL OU SUB-RAMAL DE ÁGUA - FORNECIMENTO E INSTALAÇÃO. AF_06/2022"},{"$f":"REFERENCIA.Unidade","v":"M"},{"$f":"OFFSET(CÁLCULO!H$15,ROW($T137)-ROW(T$15),0)","v":107.56},27.6,"BDI 1",{"$f":"IF($C137=\"S\",ROUND(IF(TIPOORCAMENTO=\"Proposto\",ORÇAMENTO.CustoUnitario*(1+$AH137),ORÇAMENTO.PrecoUnitarioLicitado),15-13*$AF$10),0)","v":33.35},{"$f":"IF($C137=\"S\",IF(Import.TipoArredondamento<>\"TransfereGOV\",VTOTAL1,SUM(OFFSET(CÁLCULO!$AA$15,ROW($X137)-ROW($X$15),1):OFFSET(CÁLCULO!$AL$15,ROW($X137)-ROW($X$15),-1))),IF($C137=0,0,ROUND(SomaAgrup,15-13*$AF$11)))","v":3587.13},"RA","RA",{"$f":"IF($C137=\"S\",IF($Z137=\"CP\",$X137,IF($Z137=\"RA\",(($X137)*QCI!$AA$3),0)),SomaAgrup)","v":962.33432657062531},0,{"$f":"IF($N137=\"\",\"\",IF(ORÇAMENTO.Descricao=\"\",\"DESCRIÇÃO\",IF(AND($C137=\"S\",ORÇAMENTO.Unidade=\"\"),\"UNIDADE\",IF($X137<0,\"VALOR NEGATIVO\",IF(OR(AND(TIPOORCAMENTO=\"Proposto\",$AG137<>\"\",$AG137>0,ORÇAMENTO.CustoUnitario>$AG137),AND(TIPOORCAMENTO=\"LICITADO\",ORÇAMENTO.PrecoUnitarioLicitado>$AN137)),\"ACIMA REF.\",\"\")))))","v":""},{"$f":"IF(C137<=CRONO.NivelExibicao,MAX($AD$15:OFFSET(AD137,-1,0))+IF($C137<>1,1,MAX(1,COUNTIF(QCI!$A$13:$A$24,OFFSET($E137,-1,0)))),\"\")","v":""},{"$f":"IF(AND($C137=\"S\",ORÇAMENTO.CodBarra<>\"\"),IF(ORÇAMENTO.Fonte=\"\",ORÇAMENTO.CodBarra,CONCATENATE(ORÇAMENTO.Fonte,\" \",ORÇAMENTO.CodBarra)))","v":"SINAPI 89356"},{"$f":"IF(ISERROR(INDIRECT(ORÇAMENTO.BancoRef)),\"(abra o arquivo 'Referência \"&Excel_BuiltIn_Database&\".xlsm)\",IF(OR($C137<>\"S\",ORÇAMENTO.CodBarra=\"\"),\"(Sem Código)\",IF(ISERROR(MATCH($AE137,INDIRECT(ORÇAMENTO.BancoRef),0)),\"(Código não identificado nas referências)\",MATCH($AE137,INDIRECT(ORÇAMENTO.BancoRef),0))))","v":3621},{"$f":"ROUND(IF(DESONERACAO=\"sim\",REFERENCIA.Desonerado,REFERENCIA.NaoDesonerado),2)","v":27.6},0.2082,null,107.56,null,null,3587.13,33.35]
["S",3,"S",0,{"$f":"IF($C138=1,OFFSET(E138,-1,0)+MAX(1,COUNTIF(QCI!$A$13:$A$24,OFFSET(ORÇAMENTO!E138,-1,0))),OFFSET(E138,-1,0))","v":1},8,2,0,2,0,{"$f":"IF(OR($C138=\"S\",$C138=0),0,MATCH(OFFSET($D138,0,$C138)+IF($C138<>1,1,COUNTIF(QCI!$A$13:$A$24,ORÇAMENTO!E138)),OFFSET($D138,1,$C138,ROW($C$404)-ROW($C138)),0))","v":0},"F","Serviço","Serviço","1.8.2.0.2.","SINAPI","89362",{"$f":"IF($C138=\"S\",REFERENCIA.Descricao,\"(digite a descrição aqui)\")","v":"JOELHO 90 GRAUS, PVC, SOLDÁVEL, DN 25MM, INSTALADO EM RAMAL OU SUB-RAMAL DE ÁGUA - FORNECIMENTO E INSTALAÇÃO. AF_06/2022"},{"$f":"REFERENCIA.Unidade","v":"UN"},{"$f":"OFFSET(CÁLCULO!H$15,ROW($T138)-ROW(T$15),0)","v":32},11.33,"BDI 1",{"$f":"IF($C138=\"S\",ROUND(IF(TIPOORCAMENTO=\"Proposto\",ORÇAMENTO.CustoUnitario*(1+$AH138),ORÇAMENTO.PrecoUnitarioLicitado),15-13*$AF$10),0)","v":13.69},{"$f":"IF($C138=\"S\",IF(Import.TipoArredondamento<>\"TransfereGOV\",VTOTAL1,SUM(OFFSET(CÁLCULO!$AA$15,ROW($X138)-ROW($X$15),1):OFFSET(CÁLCULO!$AL$15,ROW($X138)-ROW($X$15),-1))),IF($C138=0,0,ROUND(SomaAgrup,15-13*$AF$11)))","v":438.08},"RA","RA",{"$f":"IF($C138=\"S\",IF($Z138=\"CP\",$X138,IF($Z138=\"RA\",(($X138)*QCI!$AA$3),0)),SomaAgrup)","v":117.52554877689393},0,{"$f":"IF($N138=\"\",\"\",IF(ORÇAMENTO.Descricao=\"\",\"DESCRIÇÃO\",IF(AND($C138=\"S\",ORÇAMENTO.Unidade=\"\"),\"UNIDADE\",IF($X138<0,\"VALOR NEGATIVO\",IF(OR(AND(TIPOORCAMENTO=\"Proposto\",$AG138<>\"\",$AG138>0,ORÇAMENTO.CustoUnitario>$AG138),AND(TIPOORCAMENTO=\"LICITADO\",ORÇAMENTO.PrecoUnitarioLicitado>$AN138)),\"ACIMA REF.\",\"\")))))","v":""},{"$f":"IF(C138<=CRONO.NivelExibicao,MAX($AD$15:OFFSET(AD138,-1,0))+IF($C138<>1,1,MAX(1,COUNTIF(QCI!$A$13:$A$24,OFFSET($E138,-1,0)))),\"\")","v":""},{"$f":"IF(AND($C138=\"S\",ORÇAMENTO.CodBarra<>\"\"),IF(ORÇAMENTO.Fonte=\"\",ORÇAMENTO.CodBarra,CONCATENATE(ORÇAMENTO.Fonte,\" \",ORÇAMENTO.CodBarra)))","v":"SINAPI 89362"},{"$f":"IF(ISERROR(INDIRECT(ORÇAMENTO.BancoRef)),\"(abra o arquivo 'Referência \"&Excel_BuiltIn_Database&\".xlsm)\",IF(OR($C138<>\"S\",ORÇAMENTO.CodBarra=\"\"),\"(Sem Código)\",IF(ISERROR(MATCH($AE138,INDIRECT(ORÇAMENTO.BancoRef),0)),\"(Código não identificado nas referências)\",MATCH($AE138,INDIRECT(ORÇAMENTO.BancoRef),0))))","v":3883},{"$f":"ROUND(IF(DESONERACAO=\"sim\",REFERENCIA.Desonerado,REFERENCIA.NaoDesonerado),2)","v":11.33},0.2082,null,32,null,null,438.08,13.69]
["S",3,"S",0,{"$f":"IF($C139=1,OFFSET(E139,-1,0)+MAX(1,COUNTIF(QCI!$A$13:$A$24,OFFSET(ORÇAMENTO!E139,-1,0))),OFFSET(E139,-1,0))","v":1},8,2,0,3,0,{"$f":"IF(OR($C139=\"S\",$C139=0),0,MATCH(OFFSET($D139,0,$C139)+IF($C139<>1,1,COUNTIF(QCI!$A$13:$A$24,ORÇAMENTO!E139)),OFFSET($D139,1,$C139,ROW($C$404)-ROW($C139)),0))","v":0},"F","Serviço","Serviço","1.8.2.0.3.","SINAPI","89363",{"$f":"IF($C139=\"S\",REFERENCIA.Descricao,\"(digite a descrição aqui)\")","v":"JOELHO 45 GRAUS, PVC, SOLDÁVEL, DN 25MM, INSTALADO EM RAMAL OU SUB-RAMAL DE ÁGUA - FORNECIMENTO E INSTALAÇÃO. AF_06/2022"},{"$f":"REFERENCIA.Unidade","v":"UN"},{"$f":"OFFSET(CÁLCULO!H$15,ROW($T139)-ROW(T$15),0)","v":4},12.04,"BDI 1",{"$f":"IF($C139=\"S\",ROUND(IF(TIPOORCAMENTO=\"Proposto\",ORÇAMENTO.CustoUnitario*(1+$AH139),ORÇAMENTO.PrecoUnitarioLicitado),15-13*$AF$10),0)","v":14.55},{"$f":"IF($C139=\"S\",IF(Import.TipoArredondamento<>\"TransfereGOV\",VTOTAL1,SUM(OFFSET(CÁLCULO!$AA$15,ROW($X139)-ROW($X$15),1):OFFSET(CÁLCULO!$AL$15,ROW($X139)-ROW($X$15),-1))),IF($C139=0,0,ROUND(SomaAgrup,15-13*$AF$11)))","v":58.2},"RA","RA",{"$f":"IF($C139=\"S\",IF($Z139=\"CP\",$X139,IF($Z139=\"RA\",(($X139)*QCI!$AA$3),0)),SomaAgrup)","v":15.613556744921537},0,{"$f":"IF($N139=\"\",\"\",IF(ORÇAMENTO.Descricao=\"\",\"DESCRIÇÃO\",IF(AND($C139=\"S\",ORÇAMENTO.Unidade=\"\"),\"UNIDADE\",IF($X139<0,\"VALOR NEGATIVO\",IF(OR(AND(TIPOORCAMENTO=\"Proposto\",$AG139<>\"\",$AG139>0,ORÇAMENTO.CustoUnitario>$AG139),AND(TIPOORCAMENTO=\"LICITADO\",ORÇAMENTO.PrecoUnitarioLicitado>$AN139)),\"ACIMA REF.\",\"\")))))","v":""},{"$f":"IF(C139<=CRONO.NivelExibicao,MAX($AD$15:OFFSET(AD139,-1,0))+IF($C139<>1,1,MAX(1,COUNTIF(QCI!$A$13:$A$24,OFFSET($E139,-1,0)))),\"\")","v":""},{"$f":"IF(AND($C139=\"S\",ORÇAMENTO.CodBarra<>\"\"),IF(ORÇAMENTO.Fonte=\"\",ORÇAMENTO.CodBarra,CONCATENATE(ORÇAMENTO.Fonte,\" \",ORÇAMENTO.CodBarra)))","v":"SINAPI 89363"},{"$f":"IF(ISERROR(INDIRECT(ORÇAMENTO.BancoRef)),\"(abra o arquivo 'Referência \"&Excel_BuiltIn_Database&\".xlsm)\",IF(OR($C139<>\"S\",ORÇAMENTO.CodBarra=\"\"),\"(Sem Código)\",IF(ISERROR(MATCH($AE139,INDIRECT(ORÇAMENTO.BancoRef),0)),\"(Código não identificado nas referências)\",MATCH($AE139,INDIRECT(ORÇAMENTO.BancoRef),0))))","v":3884},{"$f":"ROUND(IF(DESONERACAO=\"sim\",REFERENCIA.Desonerado,REFERENCIA.NaoDesonerado),2)","v":12.04},0.2082,null,4,null,null,58.2,14.55]
["S",3,"S",0,{"$f":"IF($C140=1,OFFSET(E140,-1,0)+MAX(1,COUNTIF(QCI!$A$13:$A$24,OFFSET(ORÇAMENTO!E140,-1,0))),OFFSET(E140,-1,0))","v":1},8,2,0,4,0,{"$f":"IF(OR($C140=\"S\",$C140=0),0,MATCH(OFFSET($D140,0,$C140)+IF($C140<>1,1,COUNTIF(QCI!$A$13:$A$24,ORÇAMENTO!E140)),OFFSET($D140,1,$C140,ROW($C$404)-ROW($C140)),0))","v":0},"F","Serviço","Serviço","1.8.2.0.4.","SINAPI","89395",{"$f":"IF($C140=\"S\",REFERENCIA.Descricao,\"(digite a descrição aqui)\")","v":"TE, PVC, SOLDÁVEL, DN 25MM, INSTALADO EM RAMAL OU SUB-RAMAL DE ÁGUA - FORNECIMENTO E INSTALAÇÃO. AF_06/2022"},{"$f":"REFERENCIA.Unidade","v":"UN"},{"$f":"OFFSET(CÁLCULO!H$15,ROW($T140)-ROW(T$15),0)","v":15},15.53,"BDI 1",{"$f":"IF($C140=\"S\",ROUND(IF(TIPOORCAMENTO=\"Proposto\",ORÇAMENTO.CustoUnitario*(1+$AH140),ORÇAMENTO.PrecoUnitarioLicitado),15-13*$AF$10),0)","v":18.760000000000002},{"$f":"IF($C140=\"S\",IF(Import.TipoArredondamento<>\"TransfereGOV\",VTOTAL1,SUM(OFFSET(CÁLCULO!$AA$15,ROW($X140)-ROW($X$15),1):OFFSET(CÁLCULO!$AL$15,ROW($X140)-ROW($X$15),-1))),IF($C140=0,0,ROUND(SomaAgrup,15-13*$AF$11)))","v":281.39999999999998},"RA","RA",{"$f":"IF($C140=\"S\",IF($Z140=\"CP\",$X140,IF($Z140=\"RA\",(($X140)*QCI!$AA$3),0)),SomaAgrup)","v":75.492351684208245},0,{"$f":"IF($N140=\"\",\"\",IF(ORÇAMENTO.Descricao=\"\",\"DESCRIÇÃO\",IF(AND($C140=\"S\",ORÇAMENTO.Unidade=\"\"),\"UNIDADE\",IF($X140<0,\"VALOR NEGATIVO\",IF(OR(AND(TIPOORCAMENTO=\"Proposto\",$AG140<>\"\",$AG140>0,ORÇAMENTO.CustoUnitario>$AG140),AND(TIPOORCAMENTO=\"LICITADO\",ORÇAMENTO.PrecoUnitarioLicitado>$AN140)),\"ACIMA REF.\",\"\")))))","v":""},{"$f":"IF(C140<=CRONO.NivelExibicao,MAX($AD$15:OFFSET(AD140,-1,0))+IF($C140<>1,1,MAX(1,COUNTIF(QCI!$A$13:$A$24,OFFSET($E140,-1,0)))),\"\")","v":""},{"$f":"IF(AND($C140=\"S\",ORÇAMENTO.CodBarra<>\"\"),IF(ORÇAMENTO.Fonte=\"\",ORÇAMENTO.CodBarra,CONCATENATE(ORÇAMENTO.Fonte,\" \",ORÇAMENTO.CodBarra)))","v":"SINAPI 89395"},{"$f":"IF(ISERROR(INDIRECT(ORÇAMENTO.BancoRef)),\"(abra o arquivo 'Referência \"&Excel_BuiltIn_Database&\".xlsm)\",IF(OR($C140<>\"S\",ORÇAMENTO.CodBarra=\"\"),\"(Sem Código)\",IF(ISERROR(MATCH($AE140,INDIRECT(ORÇAMENTO.BancoRef),0)),\"(Código não identificado nas referências)\",MATCH($AE140,INDIRECT(ORÇAMENTO.BancoRef),0))))","v":3915},{"$f":"ROUND(IF(DESONERACAO=\"sim\",REFERENCIA.Desonerado,REFERENCIA.NaoDesonerado),2)","v":15.53},0.2082,null,15,null,null,281.39999999999998,18.760000000000002]
["S",3,"S",0,{"$f":"IF($C141=1,OFFSET(E141,-1,0)+MAX(1,COUNTIF(QCI!$A$13:$A$24,OFFSET(ORÇAMENTO!E141,-1,0))),OFFSET(E141,-1,0))","v":1},8,2,0,5,0,{"$f":"IF(OR($C141=\"S\",$C141=0),0,MATCH(OFFSET($D141,0,$C141)+IF($C141<>1,1,COUNTIF(QCI!$A$13:$A$24,ORÇAMENTO!E141)),OFFSET($D141,1,$C141,ROW($C$404)-ROW($C141)),0))","v":0},"F","Serviço","Serviço","1.8.2.0.5.","SINAPI","94495",{"$f":"IF($C141=\"S\",REFERENCIA.Descricao,\"(digite a descrição aqui)\")","v":"REGISTRO DE GAVETA BRUTO, LATÃO, ROSCÁVEL, 1\" - FORNECIMENTO E INSTALAÇÃO. AF_08/2021"},{"$f":"REFERENCIA.Unidade","v":"UN"},{"$f":"OFFSET(CÁLCULO!H$15,ROW($T141)-ROW(T$15),0)","v":9},63.68,"BDI 1",{"$f":"IF($C141=\"S\",ROUND(IF(TIPOORCAMENTO=\"Proposto\",ORÇAMENTO.CustoUnitario*(1+$AH141),ORÇAMENTO.PrecoUnitarioLicitado),15-13*$AF$10),0)","v":76.94},{"$f":"IF($C141=\"S\",IF(Import.TipoArredondamento<>\"TransfereGOV\",VTOTAL1,SUM(OFFSET(CÁLCULO!$AA$15,ROW($X141)-ROW($X$15),1):OFFSET(CÁLCULO!$AL$15,ROW($X141)-ROW($X$15),-1))),IF($C141=0,0,ROUND(SomaAgrup,15-13*$AF$11)))","v":692.46},"RA","RA",{"$f":"IF($C141=\"S\",IF($Z141=\"CP\",$X141,IF($Z141=\"RA\",(($X141)*QCI!$AA$3),0)),SomaAgrup)","v":185.76913236406131},0,{"$f":"IF($N141=\"\",\"\",IF(ORÇAMENTO.Descricao=\"\",\"DESCRIÇÃO\",IF(AND($C141=\"S\",ORÇAMENTO.Unidade=\"\"),\"UNIDADE\",IF($X141<0,\"VALOR NEGATIVO\",IF(OR(AND(TIPOORCAMENTO=\"Proposto\",$AG141<>\"\",$AG141>0,ORÇAMENTO.CustoUnitario>$AG141),AND(TIPOORCAMENTO=\"LICITADO\",ORÇAMENTO.PrecoUnitarioLicitado>$AN141)),\"ACIMA REF.\",\"\")))))","v":""},{"$f":"IF(C141<=CRONO.NivelExibicao,MAX($AD$15:OFFSET(AD141,-1,0))+IF($C141<>1,1,MAX(1,COUNTIF(QCI!$A$13:$A$24,OFFSET($E141,-1,0)))),\"\")","v":""},{"$f":"IF(AND($C141=\"S\",ORÇAMENTO.CodBarra<>\"\"),IF(ORÇAMENTO.Fonte=\"\",ORÇAMENTO.CodBarra,CONCATENATE(ORÇAMENTO.Fonte,\" \",ORÇAMENTO.CodBarra)))","v":"SINAPI 94495"},{"$f":"IF(ISERROR(INDIRECT(ORÇAMENTO.BancoRef)),\"(abra o arquivo 'Referência \"&Excel_BuiltIn_Database&\".xlsm)\",IF(OR($C141<>\"S\",ORÇAMENTO.CodBarra=\"\"),\"(Sem Código)\",IF(ISERROR(MATCH($AE141,INDIRECT(ORÇAMENTO.BancoRef),0)),\"(Código não identificado nas referências)\",MATCH($AE141,INDIRECT(ORÇAMENTO.BancoRef),0))))","v":5466},{"$f":"ROUND(IF(DESONERACAO=\"sim\",REFERENCIA.Desonerado,REFERENCIA.NaoDesonerado),2)","v":63.68},0.2082,null,9,null,null,692.46,76.94]
["S",3,"S",0,{"$f":"IF($C142=1,OFFSET(E142,-1,0)+MAX(1,COUNTIF(QCI!$A$13:$A$24,OFFSET(ORÇAMENTO!E142,-1,0))),OFFSET(E142,-1,0))","v":1},8,2,0,6,0,{"$f":"IF(OR($C142=\"S\",$C142=0),0,MATCH(OFFSET($D142,0,$C142)+IF($C142<>1,1,COUNTIF(QCI!$A$13:$A$24,ORÇAMENTO!E142)),OFFSET($D142,1,$C142,ROW($C$404)-ROW($C142)),0))","v":0},"F","Serviço","Serviço","1.8.2.0.6.","SINAPI","102623",{"$f":"IF($C142=\"S\",REFERENCIA.Descricao,\"(digite a descrição aqui)\")","v":"CAIXA D´ÁGUA EM POLIETILENO, 1000 LITROS (INCLUSOS TUBOS, CONEXÕES E TORNEIRA DE BÓIA) - FORNECIMENTO E INSTALAÇÃO. AF_06/2021"},{"$f":"REFERENCIA.Unidade","v":"UN"},{"$f":"OFFSET(CÁLCULO!H$15,ROW($T142)-ROW(T$15),0)","v":2},880.02,"BDI 1",{"$f":"IF($C142=\"S\",ROUND(IF(TIPOORCAMENTO=\"Proposto\",ORÇAMENTO.CustoUnitario*(1+$AH142),ORÇAMENTO.PrecoUnitarioLicitado),15-13*$AF$10),0)","v":1063.24},{"$f":"IF($C142=\"S\",IF(Import.TipoArredondamento<>\"TransfereGOV\",VTOTAL1,SUM(OFFSET(CÁLCULO!$AA$15,ROW($X142)-ROW($X$15),1):OFFSET(CÁLCULO!$AL$15,ROW($X142)-ROW($X$15),-1))),IF($C142=0,0,ROUND(SomaAgrup,15-13*$AF$11)))","v":2126.48},"RA","RA",{"$f":"IF($C142=\"S\",IF($Z142=\"CP\",$X142,IF($Z142=\"RA\",(($X142)*QCI!$AA$3),0)),SomaAgrup)","v":570.47965888214344},0,{"$f":"IF($N142=\"\",\"\",IF(ORÇAMENTO.Descricao=\"\",\"DESCRIÇÃO\",IF(AND($C142=\"S\",ORÇAMENTO.Unidade=\"\"),\"UNIDADE\",IF($X142<0,\"VALOR NEGATIVO\",IF(OR(AND(TIPOORCAMENTO=\"Proposto\",$AG142<>\"\",$AG142>0,ORÇAMENTO.CustoUnitario>$AG142),AND(TIPOORCAMENTO=\"LICITADO\",ORÇAMENTO.PrecoUnitarioLicitado>$AN142)),\"ACIMA REF.\",\"\")))))","v":""},{"$f":"IF(C142<=CRONO.NivelExibicao,MAX($AD$15:OFFSET(AD142,-1,0))+IF($C142<>1,1,MAX(1,COUNTIF(QCI!$A$13:$A$24,OFFSET($E142,-1,0)))),\"\")","v":""},{"$f":"IF(AND($C142=\"S\",ORÇAMENTO.CodBarra<>\"\"),IF(ORÇAMENTO.Fonte=\"\",ORÇAMENTO.CodBarra,CONCATENATE(ORÇAMENTO.Fonte,\" \",ORÇAMENTO.CodBarra)))","v":"SINAPI 102623"},{"$f":"IF(ISERROR(INDIRECT(ORÇAMENTO.BancoRef)),\"(abra o arquivo 'Referência \"&Excel_BuiltIn_Database&\".xlsm)\",IF(OR($C142<>\"S\",ORÇAMENTO.CodBarra=\"\"),\"(Sem Código)\",IF(ISERROR(MATCH($AE142,INDIRECT(ORÇAMENTO.BancoRef),0)),\"(Código não identificado nas referências)\",MATCH($AE142,INDIRECT(ORÇAMENTO.BancoRef),0))))","v":5285},{"$f":"ROUND(IF(DESONERACAO=\"sim\",REFERENCIA.Desonerado,REFERENCIA.NaoDesonerado),2)","v":880.02},0.2082,null,2,null,null,2126.48,1063.24]
[3,3,3,5,{"$f":"IF($C143=1,OFFSET(E143,-1,0)+MAX(1,COUNTIF(QCI!$A$13:$A$24,OFFSET(ORÇAMENTO!E143,-1,0))),OFFSET(E143,-1,0))","v":1},8,3,0,0,5,{"$f":"IF(OR($C143=\"S\",$C143=0),0,MATCH(OFFSET($D143,0,$C143)+IF($C143<>1,1,COUNTIF(QCI!$A$13:$A$24,ORÇAMENTO!E143)),OFFSET($D143,1,$C143,ROW($C$404)-ROW($C143)),0))","v":126},"F","Nível 3","Nível 3","1.8.3.","SINAPI",null,"PLUVIAL",{"$f":"REFERENCIA.Unidade","v":"-"},{"$f":"OFFSET(CÁLCULO!H$15,ROW($T143)-ROW(T$15),0)","v":0},0,"BDI 1",{"$f":"IF($C143=\"S\",ROUND(IF(TIPOORCAMENTO=\"Proposto\",ORÇAMENTO.CustoUnitario*(1+$AH143),ORÇAMENTO.PrecoUnitarioLicitado),15-13*$AF$10),0)","v":0},{"$f":"IF($C143=\"S\",IF(Import.TipoArredondamento<>\"TransfereGOV\",VTOTAL1,SUM(OFFSET(CÁLCULO!$AA$15,ROW($X143)-ROW($X$15),1):OFFSET(CÁLCULO!$AL$15,ROW($X143)-ROW($X$15),-1))),IF($C143=0,0,ROUND(SomaAgrup,15-13*$AF$11)))","v":5435.66},"RA","",{"$f":"IF($C143=\"S\",IF($Z143=\"CP\",$X143,IF($Z143=\"RA\",(($X143)*QCI!$AA$3),0)),SomaAgrup)","v":1458.2471796580792},0,{"$f":"IF($N143=\"\",\"\",IF(ORÇAMENTO.Descricao=\"\",\"DESCRIÇÃO\",IF(AND($C143=\"S\",ORÇAMENTO.Unidade=\"\"),\"UNIDADE\",IF($X143<0,\"VALOR NEGATIVO\",IF(OR(AND(TIPOORCAMENTO=\"Proposto\",$AG143<>\"\",$AG143>0,ORÇAMENTO.CustoUnitario>$AG143),AND(TIPOORCAMENTO=\"LICITADO\",ORÇAMENTO.PrecoUnitarioLicitado>$AN143)),\"ACIMA REF.\",\"\")))))","v":""},{"$f":"IF(C143<=CRONO.NivelExibicao,MAX($AD$15:OFFSET(AD143,-1,0))+IF($C143<>1,1,MAX(1,COUNTIF(QCI!$A$13:$A$24,OFFSET($E143,-1,0)))),\"\")","v":""},{"$f":"IF(AND($C143=\"S\",ORÇAMENTO.CodBarra<>\"\"),IF(ORÇAMENTO.Fonte=\"\",ORÇAMENTO.CodBarra,CONCATENATE(ORÇAMENTO.Fonte,\" \",ORÇAMENTO.CodBarra)))","v":false},{"$f":"IF(ISERROR(INDIRECT(ORÇAMENTO.BancoRef)),\"(abra o arquivo 'Referência \"&Excel_BuiltIn_Database&\".xlsm)\",IF(OR($C143<>\"S\",ORÇAMENTO.CodBarra=\"\"),\"(Sem Código)\",IF(ISERROR(MATCH($AE143,INDIRECT(ORÇAMENTO.BancoRef),0)),\"(Código não identificado nas referências)\",MATCH($AE143,INDIRECT(ORÇAMENTO.BancoRef),0))))","v":"(Sem Código)"},{"$f":"ROUND(IF(DESONERACAO=\"sim\",REFERENCIA.Desonerado,REFERENCIA.NaoDesonerado),2)","v":0},0.2082,null,null,null,null,5435.66,0]
[{"$f":"CHOOSE(1+LOG(1+2*(ORÇAMENTO.Nivel=\"Meta\")+4*(ORÇAMENTO.Nivel=\"Nível 2\")+8*(ORÇAMENTO.Nivel=\"Nível 3\")+16*(ORÇAMENTO.Nivel=\"Nível 4\")+32*(ORÇAMENTO.Nivel=\"Serviço\"),2),0,1,2,3,4,\"S\")","v":"S"},{"$f":"IF(OR(C144=\"s\",C144=0),OFFSET(B144,-1,0),C144)","v":3},{"$f":"IF(OFFSET(C144,-1,0)=\"L\",1,IF(OFFSET(C144,-1,0)=1,2,IF(OR(A144=\"s\",A144=0),\"S\",IF(AND(OFFSET(C144,-1,0)=2,A144=4),3,IF(AND(OR(OFFSET(C144,-1,0)=\"s\",OFFSET(C144,-1,0)=0),A144<>\"s\",A144>OFFSET(B144,-1,0)),OFFSET(B144,-1,0),A144)))))","v":"S"},{"$f":"IF(OR(C144=\"S\",C144=0),0,IF(ISERROR(K144),J144,SMALL(J144:K144,1)))","v":0},{"$f":"IF($C144=1,OFFSET(E144,-1,0)+MAX(1,COUNTIF(QCI!$A$13:$A$24,OFFSET(ORÇAMENTO!E144,-1,0))),OFFSET(E144,-1,0))","v":1},{"$f":"IF($C144=1,0,IF($C144=2,OFFSET(F144,-1,0)+1,OFFSET(F144,-1,0)))","v":8},{"$f":"IF(AND($C144<=2,$C144<>0),0,IF($C144=3,OFFSET(G144,-1,0)+1,OFFSET(G144,-1,0)))","v":3},{"$f":"IF(AND($C144<=3,$C144<>0),0,IF($C144=4,OFFSET(H144,-1,0)+1,OFFSET(H144,-1,0)))","v":0},{"$f":"IF(AND($C144<=4,$C144<>0),0,IF(AND($C144=\"S\",$X144>0),OFFSET(I144,-1,0)+1,OFFSET(I144,-1,0)))","v":1},{"$f":"IF(OR($C144=\"S\",$C144=0),0,MATCH(0,OFFSET($D144,1,$C144,ROW($C$404)-ROW($C144)),0))","v":0},{"$f":"IF(OR($C144=\"S\",$C144=0),0,MATCH(OFFSET($D144,0,$C144)+IF($C144<>1,1,COUNTIF(QCI!$A$13:$A$24,ORÇAMENTO!E144)),OFFSET($D144,1,$C144,ROW($C$404)-ROW($C144)),0))","v":0},{"$f":"IF(OR($X144>0,$C144=1,$C144=2,$C144=3,$C144=4),\"F\",\"\")","v":"F"},"Serviço",{"$f":"CHOOSE(1+LOG(1+2*(C144=1)+4*(C144=2)+8*(C144=3)+16*(C144=4)+32*(C144=\"S\"),2),\"\",\"Meta\",\"Nível 2\",\"Nível 3\",\"Nível 4\",\"Serviço\")","v":"Serviço"},{"$f":"IF(OR($C144=0,$L144=\"\"),\"-\",CONCATENATE(E144&\".\",IF(AND($A$5>=2,$C144>=2),F144&\".\",\"\"),IF(AND($A$5>=3,$C144>=3),G144&\".\",\"\"),IF(AND($A$5>=4,$C144>=4),H144&\".\",\"\"),IF($C144=\"S\",I144&\".\",\"\")))","v":"1.8.3.0.1."},"SINAPI","99258",{"$f":"IF($C144=\"S\",REFERENCIA.Descricao,\"(digite a descrição aqui)\")","v":"CAIXA ENTERRADA HIDRÁULICA RETANGULAR, EM ALVENARIA COM BLOCOS DE CONCRETO, DIMENSÕES INTERNAS: 0,4X0,4X0,4 M PARA REDE DE DRENAGEM. AF_12/2020"},{"$f":"REFERENCIA.Unidade","v":"UN"},{"$f":"OFFSET(CÁLCULO!H$15,ROW($T144)-ROW(T$15),0)","v":7},255.87,"BDI 1",{"$f":"IF($C144=\"S\",ROUND(IF(TIPOORCAMENTO=\"Proposto\",ORÇAMENTO.CustoUnitario*(1+$AH144),ORÇAMENTO.PrecoUnitarioLicitado),15-13*$AF$10),0)","v":309.14},{"$f":"IF($C144=\"S\",IF(Import.TipoArredondamento<>\"TransfereGOV\",VTOTAL1,SUM(OFFSET(CÁLCULO!$AA$15,ROW($X144)-ROW($X$15),1):OFFSET(CÁLCULO!$AL$15,ROW($X144)-ROW($X$15),-1))),IF($C144=0,0,ROUND(SomaAgrup,15-13*$AF$11)))","v":2163.98},"RA",{"$f":"IF(AND($C144=\"S\",$X144>0),IF(ISBLANK($Y144),\"RA\",LEFT($Y144,2)),\"\")","v":"RA"},{"$f":"IF($C144=\"S\",IF($Z144=\"CP\",$X144,IF($Z144=\"RA\",(($X144)*QCI!$AA$3),0)),SomaAgrup)","v":580.53994028995373},{"$f":"IF($C144=\"S\",IF($Z144=\"OU\",ROUND($X144,2),0),SomaAgrup)","v":0},{"$f":"IF($N144=\"\",\"\",IF(ORÇAMENTO.Descricao=\"\",\"DESCRIÇÃO\",IF(AND($C144=\"S\",ORÇAMENTO.Unidade=\"\"),\"UNIDADE\",IF($X144<0,\"VALOR NEGATIVO\",IF(OR(AND(TIPOORCAMENTO=\"Proposto\",$AG144<>\"\",$AG144>0,ORÇAMENTO.CustoUnitario>$AG144),AND(TIPOORCAMENTO=\"LICITADO\",ORÇAMENTO.PrecoUnitarioLicitado>$AN144)),\"ACIMA REF.\",\"\")))))","v":""},{"$f":"IF(C144<=CRONO.NivelExibicao,MAX($AD$15:OFFSET(AD144,-1,0))+IF($C144<>1,1,MAX(1,COUNTIF(QCI!$A$13:$A$24,OFFSET($E144,-1,0)))),\"\")","v":""},{"$f":"IF(AND($C144=\"S\",ORÇAMENTO.CodBarra<>\"\"),IF(ORÇAMENTO.Fonte=\"\",ORÇAMENTO.CodBarra,CONCATENATE(ORÇAMENTO.Fonte,\" \",ORÇAMENTO.CodBarra)))","v":"SINAPI 99258"},{"$f":"IF(ISERROR(INDIRECT(ORÇAMENTO.BancoRef)),\"(abra o arquivo 'Referência \"&Excel_BuiltIn_Database&\".xlsm)\",IF(OR($C144<>\"S\",ORÇAMENTO.CodBarra=\"\"),\"(Sem Código)\",IF(ISERROR(MATCH($AE144,INDIRECT(ORÇAMENTO.BancoRef),0)),\"(Código não identificado nas referências)\",MATCH($AE144,INDIRECT(ORÇAMENTO.BancoRef),0))))","v":5245},{"$f":"ROUND(IF(DESONERACAO=\"sim\",REFERENCIA.Desonerado,REFERENCIA.NaoDesonerado),2)","v":255.87},{"$f":"ROUND(IF(ISNUMBER(ORÇAMENTO.OpcaoBDI),ORÇAMENTO.OpcaoBDI,IF(LEFT(ORÇAMENTO.OpcaoBDI,3)=\"BDI\",HLOOKUP(ORÇAMENTO.OpcaoBDI,$F$4:$H$5,2,FALSE),0)),15-11*$AF$9)","v":0.2082},null,7,null,null,{"$f":"$X144","v":2163.98},{"$f":"ROUND(ORÇAMENTO.CustoUnitario*(1+$AH144),2)","v":309.14}]
["S",3,"S",0,{"$f":"IF($C145=1,OFFSET(E145,-1,0)+MAX(1,COUNTIF(QCI!$A$13:$A$24,OFFSET(ORÇAMENTO!E145,-1,0))),OFFSET(E145,-1,0))","v":1},8,3,0,2,0,{"$f":"IF(OR($C145=\"S\",$C145=0),0,MATCH(OFFSET($D145,0,$C145)+IF($C145<>1,1,COUNTIF(QCI!$A$13:$A$24,ORÇAMENTO!E145)),OFFSET($D145,1,$C145,ROW($C$404)-ROW($C145)),0))","v":0},"F","Serviço","Serviço","1.8.3.0.2.","SINAPI","89512",{"$f":"IF($C145=\"S\",REFERENCIA.Descricao,\"(digite a descrição aqui)\")","v":"TUBO PVC, SÉRIE R, ÁGUA PLUVIAL, DN 100 MM, FORNECIDO E INSTALADO EM RAMAL DE ENCAMINHAMENTO. AF_06/2022"},{"$f":"REFERENCIA.Unidade","v":"M"},{"$f":"OFFSET(CÁLCULO!H$15,ROW($T145)-ROW(T$15),0)","v":31.29},56.45,"BDI 1",{"$f":"IF($C145=\"S\",ROUND(IF(TIPOORCAMENTO=\"Proposto\",ORÇAMENTO.CustoUnitario*(1+$AH145),ORÇAMENTO.PrecoUnitarioLicitado),15-13*$AF$10),0)","v":68.2},{"$f":"IF($C145=\"S\",IF(Import.TipoArredondamento<>\"TransfereGOV\",VTOTAL1,SUM(OFFSET(CÁLCULO!$AA$15,ROW($X145)-ROW($X$15),1):OFFSET(CÁLCULO!$AL$15,ROW($X145)-ROW($X$15),-1))),IF($C145=0,0,ROUND(SomaAgrup,15-13*$AF$11)))","v":2133.98},"RA","RA",{"$f":"IF($C145=\"S\",IF($Z145=\"CP\",$X145,IF($Z145=\"RA\",(($X145)*QCI!$AA$3),0)),SomaAgrup)","v":572.49171516370552},0,{"$f":"IF($N145=\"\",\"\",IF(ORÇAMENTO.Descricao=\"\",\"DESCRIÇÃO\",IF(AND($C145=\"S\",ORÇAMENTO.Unidade=\"\"),\"UNIDADE\",IF($X145<0,\"VALOR NEGATIVO\",IF(OR(AND(TIPOORCAMENTO=\"Proposto\",$AG145<>\"\",$AG145>0,ORÇAMENTO.CustoUnitario>$AG145),AND(TIPOORCAMENTO=\"LICITADO\",ORÇAMENTO.PrecoUnitarioLicitado>$AN145)),\"ACIMA REF.\",\"\")))))","v":""},{"$f":"IF(C145<=CRONO.NivelExibicao,MAX($AD$15:OFFSET(AD145,-1,0))+IF($C145<>1,1,MAX(1,COUNTIF(QCI!$A$13:$A$24,OFFSET($E145,-1,0)))),\"\")","v":""},{"$f":"IF(AND($C145=\"S\",ORÇAMENTO.CodBarra<>\"\"),IF(ORÇAMENTO.Fonte=\"\",ORÇAMENTO.CodBarra,CONCATENATE(ORÇAMENTO.Fonte,\" \",ORÇAMENTO.CodBarra)))","v":"SINAPI 89512"},{"$f":"IF(ISERROR(INDIRECT(ORÇAMENTO.BancoRef)),\"(abra o arquivo 'Referência \"&Excel_BuiltIn_Database&\".xlsm)\",IF(OR($C145<>\"S\",ORÇAMENTO.CodBarra=\"\"),\"(Sem Código)\",IF(ISERROR(MATCH($AE145,INDIRECT(ORÇAMENTO.BancoRef),0)),\"(Código não identificado nas referências)\",MATCH($AE145,INDIRECT(ORÇAMENTO.BancoRef),0))))","v":3636},{"$f":"ROUND(IF(DESONERACAO=\"sim\",REFERENCIA.Desonerado,REFERENCIA.NaoDesonerado),2)","v":56.45},0.2082,null,31.29,null,null,2133.98,68.2]
["S",3,"S",0,{"$f":"IF($C146=1,OFFSET(E146,-1,0)+MAX(1,COUNTIF(QCI!$A$13:$A$24,OFFSET(ORÇAMENTO!E146,-1,0))),OFFSET(E146,-1,0))","v":1},8,3,0,3,0,{"$f":"IF(OR($C146=\"S\",$C146=0),0,MATCH(OFFSET($D146,0,$C146)+IF($C146<>1,1,COUNTIF(QCI!$A$13:$A$24,ORÇAMENTO!E146)),OFFSET($D146,1,$C146,ROW($C$404)-ROW($C146)),0))","v":0},"F","Serviço","Serviço","1.8.3.0.3.","SINAPI","95694",{"$f":"IF($C146=\"S\",REFERENCIA.Descricao,\"(digite a descrição aqui)\")","v":"CURVA 90 GRAUS, PVC, SERIE R, ÁGUA PLUVIAL, DN 100 MM, JUNTA ELÁSTICA, FORNECIDO E INSTALADO EM RAMAL DE ENCAMINHAMENTO. AF_06/2022"},{"$f":"REFERENCIA.Unidade","v":"UN"},{"$f":"OFFSET(CÁLCULO!H$15,ROW($T146)-ROW(T$15),0)","v":14},{"$f":"AG146","v":55.94},"BDI 1",{"$f":"IF($C146=\"S\",ROUND(IF(TIPOORCAMENTO=\"Proposto\",ORÇAMENTO.CustoUnitario*(1+$AH146),ORÇAMENTO.PrecoUnitarioLicitado),15-13*$AF$10),0)","v":67.59},{"$f":"IF($C146=\"S\",IF(Import.TipoArredondamento<>\"TransfereGOV\",VTOTAL1,SUM(OFFSET(CÁLCULO!$AA$15,ROW($X146)-ROW($X$15),1):OFFSET(CÁLCULO!$AL$15,ROW($X146)-ROW($X$15),-1))),IF($C146=0,0,ROUND(SomaAgrup,15-13*$AF$11)))","v":946.26},"RA","RA",{"$f":"IF($C146=\"S\",IF($Z146=\"CP\",$X146,IF($Z146=\"RA\",(($X146)*QCI!$AA$3),0)),SomaAgrup)","v":253.85711693212119},0,{"$f":"IF($N146=\"\",\"\",IF(ORÇAMENTO.Descricao=\"\",\"DESCRIÇÃO\",IF(AND($C146=\"S\",ORÇAMENTO.Unidade=\"\"),\"UNIDADE\",IF($X146<0,\"VALOR NEGATIVO\",IF(OR(AND(TIPOORCAMENTO=\"Proposto\",$AG146<>\"\",$AG146>0,ORÇAMENTO.CustoUnitario>$AG146),AND(TIPOORCAMENTO=\"LICITADO\",ORÇAMENTO.PrecoUnitarioLicitado>$AN146)),\"ACIMA REF.\",\"\")))))","v":""},{"$f":"IF(C146<=CRONO.NivelExibicao,MAX($AD$15:OFFSET(AD146,-1,0))+IF($C146<>1,1,MAX(1,COUNTIF(QCI!$A$13:$A$24,OFFSET($E146,-1,0)))),\"\")","v":""},{"$f":"IF(AND($C146=\"S\",ORÇAMENTO.CodBarra<>\"\"),IF(ORÇAMENTO.Fonte=\"\",ORÇAMENTO.CodBarra,CONCATENATE(ORÇAMENTO.Fonte,\" \",ORÇAMENTO.CodBarra)))","v":"SINAPI 95694"},{"$f":"IF(ISERROR(INDIRECT(ORÇAMENTO.BancoRef)),\"(abra o arquivo 'Referência \"&Excel_BuiltIn_Database&\".xlsm)\",IF(OR($C146<>\"S\",ORÇAMENTO.CodBarra=\"\"),\"(Sem Código)\",IF(ISERROR(MATCH($AE146,INDIRECT(ORÇAMENTO.BancoRef),0)),\"(Código não identificado nas referências)\",MATCH($AE146,INDIRECT(ORÇAMENTO.BancoRef),0))))","v":4664},{"$f":"ROUND(IF(DESONERACAO=\"sim\",REFERENCIA.Desonerado,REFERENCIA.NaoDesonerado),2)","v":55.94},0.2082,null,14,null,null,946.26,67.59]
[{"$f":"CHOOSE(1+LOG(1+2*(ORÇAMENTO.Nivel=\"Meta\")+4*(ORÇAMENTO.Nivel=\"Nível 2\")+8*(ORÇAMENTO.Nivel=\"Nível 3\")+16*(ORÇAMENTO.Nivel=\"Nível 4\")+32*(ORÇAMENTO.Nivel=\"Serviço\"),2),0,1,2,3,4,\"S\")","v":"S"},{"$f":"IF(OR(C147=\"s\",C147=0),OFFSET(B147,-1,0),C147)","v":3},{"$f":"IF(OFFSET(C147,-1,0)=\"L\",1,IF(OFFSET(C147,-1,0)=1,2,IF(OR(A147=\"s\",A147=0),\"S\",IF(AND(OFFSET(C147,-1,0)=2,A147=4),3,IF(AND(OR(OFFSET(C147,-1,0)=\"s\",OFFSET(C147,-1,0)=0),A147<>\"s\",A147>OFFSET(B147,-1,0)),OFFSET(B147,-1,0),A147)))))","v":"S"},{"$f":"IF(OR(C147=\"S\",C147=0),0,IF(ISERROR(K147),J147,SMALL(J147:K147,1)))","v":0},{"$f":"IF($C147=1,OFFSET(E147,-1,0)+MAX(1,COUNTIF(QCI!$A$13:$A$24,OFFSET(ORÇAMENTO!E147,-1,0))),OFFSET(E147,-1,0))","v":1},{"$f":"IF($C147=1,0,IF($C147=2,OFFSET(F147,-1,0)+1,OFFSET(F147,-1,0)))","v":8},{"$f":"IF(AND($C147<=2,$C147<>0),0,IF($C147=3,OFFSET(G147,-1,0)+1,OFFSET(G147,-1,0)))","v":3},{"$f":"IF(AND($C147<=3,$C147<>0),0,IF($C147=4,OFFSET(H147,-1,0)+1,OFFSET(H147,-1,0)))","v":0},{"$f":"IF(AND($C147<=4,$C147<>0),0,IF(AND($C147=\"S\",$X147>0),OFFSET(I147,-1,0)+1,OFFSET(I147,-1,0)))","v":4},0,{"$f":"IF(OR($C147=\"S\",$C147=0),0,MATCH(OFFSET($D147,0,$C147)+IF($C147<>1,1,COUNTIF(QCI!$A$13:$A$24,ORÇAMENTO!E147)),OFFSET($D147,1,$C147,ROW($C$404)-ROW($C147)),0))","v":0},{"$f":"IF(OR($X147>0,$C147=1,$C147=2,$C147=3,$C147=4),\"F\",\"\")","v":"F"},"Serviço",{"$f":"CHOOSE(1+LOG(1+2*(C147=1)+4*(C147=2)+8*(C147=3)+16*(C147=4)+32*(C147=\"S\"),2),\"\",\"Meta\",\"Nível 2\",\"Nível 3\",\"Nível 4\",\"Serviço\")","v":"Serviço"},{"$f":"IF(OR($C147=0,$L147=\"\"),\"-\",CONCATENATE(E147&\".\",IF(AND($A$5>=2,$C147>=2),F147&\".\",\"\"),IF(AND($A$5>=3,$C147>=3),G147&\".\",\"\"),IF(AND($A$5>=4,$C147>=4),H147&\".\",\"\"),IF($C147=\"S\",I147&\".\",\"\")))","v":"1.8.3.0.4."},"SINAPI","89531",{"$f":"IF($C147=\"S\",REFERENCIA.Descricao,\"(digite a descrição aqui)\")","v":"JOELHO 45 GRAUS, PVC, SERIE R, ÁGUA PLUVIAL, DN 100 MM, JUNTA ELÁSTICA, FORNECIDO E INSTALADO EM RAMAL DE ENCAMINHAMENTO. AF_06/2022"},{"$f":"REFERENCIA.Unidade","v":"UN"},{"$f":"OFFSET(CÁLCULO!H$15,ROW($T147)-ROW(T$15),0)","v":4},39.61,"BDI 1",{"$f":"IF($C147=\"S\",ROUND(IF(TIPOORCAMENTO=\"Proposto\",ORÇAMENTO.CustoUnitario*(1+$AH147),ORÇAMENTO.PrecoUnitarioLicitado),15-13*$AF$10),0)","v":47.86},{"$f":"IF($C147=\"S\",IF(Import.TipoArredondamento<>\"TransfereGOV\",VTOTAL1,SUM(OFFSET(CÁLCULO!$AA$15,ROW($X147)-ROW($X$15),1):OFFSET(CÁLCULO!$AL$15,ROW($X147)-ROW($X$15),-1))),IF($C147=0,0,ROUND(SomaAgrup,15-13*$AF$11)))","v":191.44},"RA",{"$f":"IF(AND($C147=\"S\",$X147>0),IF(ISBLANK($Y147),\"RA\",LEFT($Y147,2)),\"\")","v":"RA"},{"$f":"IF($C147=\"S\",IF($Z147=\"CP\",$X147,IF($Z147=\"RA\",(($X147)*QCI!$AA$3),0)),SomaAgrup)","v":51.358407272298606},{"$f":"IF($C147=\"S\",IF($Z147=\"OU\",ROUND($X147,2),0),SomaAgrup)","v":0},{"$f":"IF($N147=\"\",\"\",IF(ORÇAMENTO.Descricao=\"\",\"DESCRIÇÃO\",IF(AND($C147=\"S\",ORÇAMENTO.Unidade=\"\"),\"UNIDADE\",IF($X147<0,\"VALOR NEGATIVO\",IF(OR(AND(TIPOORCAMENTO=\"Proposto\",$AG147<>\"\",$AG147>0,ORÇAMENTO.CustoUnitario>$AG147),AND(TIPOORCAMENTO=\"LICITADO\",ORÇAMENTO.PrecoUnitarioLicitado>$AN147)),\"ACIMA REF.\",\"\")))))","v":""},{"$f":"IF(C147<=CRONO.NivelExibicao,MAX($AD$15:OFFSET(AD147,-1,0))+IF($C147<>1,1,MAX(1,COUNTIF(QCI!$A$13:$A$24,OFFSET($E147,-1,0)))),\"\")","v":""},{"$f":"IF(AND($C147=\"S\",ORÇAMENTO.CodBarra<>\"\"),IF(ORÇAMENTO.Fonte=\"\",ORÇAMENTO.CodBarra,CONCATENATE(ORÇAMENTO.Fonte,\" \",ORÇAMENTO.CodBarra)))","v":"SINAPI 89531"},{"$f":"IF(ISERROR(INDIRECT(ORÇAMENTO.BancoRef)),\"(abra o arquivo 'Referência \"&Excel_BuiltIn_Database&\".xlsm)\",IF(OR($C147<>\"S\",ORÇAMENTO.CodBarra=\"\"),\"(Sem Código)\",IF(ISERROR(MATCH($AE147,INDIRECT(ORÇAMENTO.BancoRef),0)),\"(Código não identificado nas referências)\",MATCH($AE147,INDIRECT(ORÇAMENTO.BancoRef),0))))","v":3998},{"$f":"ROUND(IF(DESONERACAO=\"sim\",REFERENCIA.Desonerado,REFERENCIA.NaoDesonerado),2)","v":39.61},{"$f":"ROUND(IF(ISNUMBER(ORÇAMENTO.OpcaoBDI),ORÇAMENTO.OpcaoBDI,IF(LEFT(ORÇAMENTO.OpcaoBDI,3)=\"BDI\",HLOOKUP(ORÇAMENTO.OpcaoBDI,$F$4:$H$5,2,FALSE),0)),15-11*$AF$9)","v":0.2082},null,4,null,null,191.44,{"$f":"ROUND(ORÇAMENTO.CustoUnitario*(1+$AH147),2)","v":47.86}]
[2,2,2,28,{"$f":"IF($C148=1,OFFSET(E148,-1,0)+MAX(1,COUNTIF(QCI!$A$13:$A$24,OFFSET(ORÇAMENTO!E148,-1,0))),OFFSET(E148,-1,0))","v":1},9,0,0,0,99,{"$f":"IF(OR($C148=\"S\",$C148=0),0,MATCH(OFFSET($D148,0,$C148)+IF($C148<>1,1,COUNTIF(QCI!$A$13:$A$24,ORÇAMENTO!E148)),OFFSET($D148,1,$C148,ROW($C$404)-ROW($C148)),0))","v":28},"F","Nível 2","Nível 2","1.9.","SINAPI",null,"LOUÇAS, ACESSÓRIOS E METAIS",{"$f":"REFERENCIA.Unidade","v":"-"},{"$f":"OFFSET(CÁLCULO!H$15,ROW($T148)-ROW(T$15),0)","v":0},0,"BDI 1",{"$f":"IF($C148=\"S\",ROUND(IF(TIPOORCAMENTO=\"Proposto\",ORÇAMENTO.CustoUnitario*(1+$AH148),ORÇAMENTO.PrecoUnitarioLicitado),15-13*$AF$10),0)","v":0},{"$f":"IF($C148=\"S\",IF(Import.TipoArredondamento<>\"TransfereGOV\",VTOTAL1,SUM(OFFSET(CÁLCULO!$AA$15,ROW($X148)-ROW($X$15),1):OFFSET(CÁLCULO!$AL$15,ROW($X148)-ROW($X$15),-1))),IF($C148=0,0,ROUND(SomaAgrup,15-13*$AF$11)))","v":158827.76},"RA","",{"$f":"IF($C148=\"S\",IF($Z148=\"CP\",$X148,IF($Z148=\"RA\",(($X148)*QCI!$AA$3),0)),SomaAgrup)","v":42609.385625924042},0,{"$f":"IF($N148=\"\",\"\",IF(ORÇAMENTO.Descricao=\"\",\"DESCRIÇÃO\",IF(AND($C148=\"S\",ORÇAMENTO.Unidade=\"\"),\"UNIDADE\",IF($X148<0,\"VALOR NEGATIVO\",IF(OR(AND(TIPOORCAMENTO=\"Proposto\",$AG148<>\"\",$AG148>0,ORÇAMENTO.CustoUnitario>$AG148),AND(TIPOORCAMENTO=\"LICITADO\",ORÇAMENTO.PrecoUnitarioLicitado>$AN148)),\"ACIMA REF.\",\"\")))))","v":""},{"$f":"IF(C148<=CRONO.NivelExibicao,MAX($AD$15:OFFSET(AD148,-1,0))+IF($C148<>1,1,MAX(1,COUNTIF(QCI!$A$13:$A$24,OFFSET($E148,-1,0)))),\"\")","v":10},{"$f":"IF(AND($C148=\"S\",ORÇAMENTO.CodBarra<>\"\"),IF(ORÇAMENTO.Fonte=\"\",ORÇAMENTO.CodBarra,CONCATENATE(ORÇAMENTO.Fonte,\" \",ORÇAMENTO.CodBarra)))","v":false},{"$f":"IF(ISERROR(INDIRECT(ORÇAMENTO.BancoRef)),\"(abra o arquivo 'Referência \"&Excel_BuiltIn_Database&\".xlsm)\",IF(OR($C148<>\"S\",ORÇAMENTO.CodBarra=\"\"),\"(Sem Código)\",IF(ISERROR(MATCH($AE148,INDIRECT(ORÇAMENTO.BancoRef),0)),\"(Código não identificado nas referências)\",MATCH($AE148,INDIRECT(ORÇAMENTO.BancoRef),0))))","v":"(Sem Código)"},{"$f":"ROUND(IF(DESONERACAO=\"sim\",REFERENCIA.Desonerado,REFERENCIA.NaoDesonerado),2)","v":0},0.2082,null,null,null,null,158827.76,0]
[3,3,3,16,{"$f":"IF($C149=1,OFFSET(E149,-1,0)+MAX(1,COUNTIF(QCI!$A$13:$A$24,OFFSET(ORÇAMENTO!E149,-1,0))),OFFSET(E149,-1,0))","v":1},9,1,0,0,27,{"$f":"IF(OR($C149=\"S\",$C149=0),0,MATCH(OFFSET($D149,0,$C149)+IF($C149<>1,1,COUNTIF(QCI!$A$13:$A$24,ORÇAMENTO!E149)),OFFSET($D149,1,$C149,ROW($C$404)-ROW($C149)),0))","v":16},"F","Nível 3","Nível 3","1.9.1.","SINAPI",null,"BANHEIROS",{"$f":"REFERENCIA.Unidade","v":"-"},{"$f":"OFFSET(CÁLCULO!H$15,ROW($T149)-ROW(T$15),0)","v":0},0,"BDI 1",{"$f":"IF($C149=\"S\",ROUND(IF(TIPOORCAMENTO=\"Proposto\",ORÇAMENTO.CustoUnitario*(1+$AH149),ORÇAMENTO.PrecoUnitarioLicitado),15-13*$AF$10),0)","v":0},{"$f":"IF($C149=\"S\",IF(Import.TipoArredondamento<>\"TransfereGOV\",VTOTAL1,SUM(OFFSET(CÁLCULO!$AA$15,ROW($X149)-ROW($X$15),1):OFFSET(CÁLCULO!$AL$15,ROW($X149)-ROW($X$15),-1))),IF($C149=0,0,ROUND(SomaAgrup,15-13*$AF$11)))","v":69583.58},"RA","",{"$f":"IF($C149=\"S\",IF($Z149=\"CP\",$X149,IF($Z149=\"RA\",(($X149)*QCI!$AA$3),0)),SomaAgrup)","v":18667.477231010093},0,{"$f":"IF($N149=\"\",\"\",IF(ORÇAMENTO.Descricao=\"\",\"DESCRIÇÃO\",IF(AND($C149=\"S\",ORÇAMENTO.Unidade=\"\"),\"UNIDADE\",IF($X149<0,\"VALOR NEGATIVO\",IF(OR(AND(TIPOORCAMENTO=\"Proposto\",$AG149<>\"\",$AG149>0,ORÇAMENTO.CustoUnitario>$AG149),AND(TIPOORCAMENTO=\"LICITADO\",ORÇAMENTO.PrecoUnitarioLicitado>$AN149)),\"ACIMA REF.\",\"\")))))","v":""},{"$f":"IF(C149<=CRONO.NivelExibicao,MAX($AD$15:OFFSET(AD149,-1,0))+IF($C149<>1,1,MAX(1,COUNTIF(QCI!$A$13:$A$24,OFFSET($E149,-1,0)))),\"\")","v":""},{"$f":"IF(AND($C149=\"S\",ORÇAMENTO.CodBarra<>\"\"),IF(ORÇAMENTO.Fonte=\"\",ORÇAMENTO.CodBarra,CONCATENATE(ORÇAMENTO.Fonte,\" \",ORÇAMENTO.CodBarra)))","v":false},{"$f":"IF(ISERROR(INDIRECT(ORÇAMENTO.BancoRef)),\"(abra o arquivo 'Referência \"&Excel_BuiltIn_Database&\".xlsm)\",IF(OR($C149<>\"S\",ORÇAMENTO.CodBarra=\"\"),\"(Sem Código)\",IF(ISERROR(MATCH($AE149,INDIRECT(ORÇAMENTO.BancoRef),0)),\"(Código não identificado nas referências)\",MATCH($AE149,INDIRECT(ORÇAMENTO.BancoRef),0))))","v":"(Sem Código)"},{"$f":"ROUND(IF(DESONERACAO=\"sim\",REFERENCIA.Desonerado,REFERENCIA.NaoDesonerado),2)","v":0},0.2082,null,null,null,null,69583.58,0]
["S",3,"S",0,{"$f":"IF($C150=1,OFFSET(E150,-1,0)+MAX(1,COUNTIF(QCI!$A$13:$A$24,OFFSET(ORÇAMENTO!E150,-1,0))),OFFSET(E150,-1,0))","v":1},9,1,0,1,0,{"$f":"IF(OR($C150=\"S\",$C150=0),0,MATCH(OFFSET($D150,0,$C150)+IF($C150<>1,1,COUNTIF(QCI!$A$13:$A$24,ORÇAMENTO!E150)),OFFSET($D150,1,$C150,ROW($C$404)-ROW($C150)),0))","v":0},"F","Serviço","Serviço","1.9.1.0.1.","SINAPI","86888",{"$f":"IF($C150=\"S\",REFERENCIA.Descricao,\"(digite a descrição aqui)\")","v":"VASO SANITÁRIO SIFONADO COM CAIXA ACOPLADA LOUÇA BRANCA - FORNECIMENTO E INSTALAÇÃO. AF_01/2020"},{"$f":"REFERENCIA.Unidade","v":"UN"},{"$f":"OFFSET(CÁLCULO!H$15,ROW($T150)-ROW(T$15),0)","v":2},563.39,"BDI 1",{"$f":"IF($C150=\"S\",ROUND(IF(TIPOORCAMENTO=\"Proposto\",ORÇAMENTO.CustoUnitario*(1+$AH150),ORÇAMENTO.PrecoUnitarioLicitado),15-13*$AF$10),0)","v":680.69},{"$f":"IF($C150=\"S\",IF(Import.TipoArredondamento<>\"TransfereGOV\",VTOTAL1,SUM(OFFSET(CÁLCULO!$AA$15,ROW($X150)-ROW($X$15),1):OFFSET(CÁLCULO!$AL$15,ROW($X150)-ROW($X$15),-1))),IF($C150=0,0,ROUND(SomaAgrup,15-13*$AF$11)))","v":1361.38},"RA","RA",{"$f":"IF($C150=\"S\",IF($Z150=\"CP\",$X150,IF($Z150=\"RA\",(($X150)*QCI!$AA$3),0)),SomaAgrup)","v":365.22309074572649},0,{"$f":"IF($N150=\"\",\"\",IF(ORÇAMENTO.Descricao=\"\",\"DESCRIÇÃO\",IF(AND($C150=\"S\",ORÇAMENTO.Unidade=\"\"),\"UNIDADE\",IF($X150<0,\"VALOR NEGATIVO\",IF(OR(AND(TIPOORCAMENTO=\"Proposto\",$AG150<>\"\",$AG150>0,ORÇAMENTO.CustoUnitario>$AG150),AND(TIPOORCAMENTO=\"LICITADO\",ORÇAMENTO.PrecoUnitarioLicitado>$AN150)),\"ACIMA REF.\",\"\")))))","v":""},{"$f":"IF(C150<=CRONO.NivelExibicao,MAX($AD$15:OFFSET(AD150,-1,0))+IF($C150<>1,1,MAX(1,COUNTIF(QCI!$A$13:$A$24,OFFSET($E150,-1,0)))),\"\")","v":""},{"$f":"IF(AND($C150=\"S\",ORÇAMENTO.CodBarra<>\"\"),IF(ORÇAMENTO.Fonte=\"\",ORÇAMENTO.CodBarra,CONCATENATE(ORÇAMENTO.Fonte,\" \",ORÇAMENTO.CodBarra)))","v":"SINAPI 86888"},{"$f":"IF(ISERROR(INDIRECT(ORÇAMENTO.BancoRef)),\"(abra o arquivo 'Referência \"&Excel_BuiltIn_Database&\".xlsm)\",IF(OR($C150<>\"S\",ORÇAMENTO.CodBarra=\"\"),\"(Sem Código)\",IF(ISERROR(MATCH($AE150,INDIRECT(ORÇAMENTO.BancoRef),0)),\"(Código não identificado nas referências)\",MATCH($AE150,INDIRECT(ORÇAMENTO.BancoRef),0))))","v":5312},{"$f":"ROUND(IF(DESONERACAO=\"sim\",REFERENCIA.Desonerado,REFERENCIA.NaoDesonerado),2)","v":563.39},0.2082,null,2,null,null,1361.38,680.69]
["S",3,"S",0,{"$f":"IF($C151=1,OFFSET(E151,-1,0)+MAX(1,COUNTIF(QCI!$A$13:$A$24,OFFSET(ORÇAMENTO!E151,-1,0))),OFFSET(E151,-1,0))","v":1},9,1,0,2,0,{"$f":"IF(OR($C151=\"S\",$C151=0),0,MATCH(OFFSET($D151,0,$C151)+IF($C151<>1,1,COUNTIF(QCI!$A$13:$A$24,ORÇAMENTO!E151)),OFFSET($D151,1,$C151,ROW($C$404)-ROW($C151)),0))","v":0},"F","Serviço","Serviço","1.9.1.0.2.","SINAPI","95472",{"$f":"IF($C151=\"S\",REFERENCIA.Descricao,\"(digite a descrição aqui)\")","v":"VASO SANITARIO SIFONADO CONVENCIONAL PARA PCD SEM FURO FRONTAL COM LOUÇA BRANCA SEM ASSENTO, INCLUSO CONJUNTO DE LIGAÇÃO PARA BACIA SANITÁRIA AJUSTÁVEL - FORNECIMENTO E INSTALAÇÃO. AF_01/2020"},{"$f":"REFERENCIA.Unidade","v":"UN"},{"$f":"OFFSET(CÁLCULO!H$15,ROW($T151)-ROW(T$15),0)","v":2},907.38,"BDI 1",{"$f":"IF($C151=\"S\",ROUND(IF(TIPOORCAMENTO=\"Proposto\",ORÇAMENTO.CustoUnitario*(1+$AH151),ORÇAMENTO.PrecoUnitarioLicitado),15-13*$AF$10),0)","v":1096.3},{"$f":"IF($C151=\"S\",IF(Import.TipoArredondamento<>\"TransfereGOV\",VTOTAL1,SUM(OFFSET(CÁLCULO!$AA$15,ROW($X151)-ROW($X$15),1):OFFSET(CÁLCULO!$AL$15,ROW($X151)-ROW($X$15),-1))),IF($C151=0,0,ROUND(SomaAgrup,15-13*$AF$11)))","v":2192.6},"RA","RA",{"$f":"IF($C151=\"S\",IF($Z151=\"CP\",$X151,IF($Z151=\"RA\",(($X151)*QCI!$AA$3),0)),SomaAgrup)","v":588.21794706039452},0,{"$f":"IF($N151=\"\",\"\",IF(ORÇAMENTO.Descricao=\"\",\"DESCRIÇÃO\",IF(AND($C151=\"S\",ORÇAMENTO.Unidade=\"\"),\"UNIDADE\",IF($X151<0,\"VALOR NEGATIVO\",IF(OR(AND(TIPOORCAMENTO=\"Proposto\",$AG151<>\"\",$AG151>0,ORÇAMENTO.CustoUnitario>$AG151),AND(TIPOORCAMENTO=\"LICITADO\",ORÇAMENTO.PrecoUnitarioLicitado>$AN151)),\"ACIMA REF.\",\"\")))))","v":""},{"$f":"IF(C151<=CRONO.NivelExibicao,MAX($AD$15:OFFSET(AD151,-1,0))+IF($C151<>1,1,MAX(1,COUNTIF(QCI!$A$13:$A$24,OFFSET($E151,-1,0)))),\"\")","v":""},{"$f":"IF(AND($C151=\"S\",ORÇAMENTO.CodBarra<>\"\"),IF(ORÇAMENTO.Fonte=\"\",ORÇAMENTO.CodBarra,CONCATENATE(ORÇAMENTO.Fonte,\" \",ORÇAMENTO.CodBarra)))","v":"SINAPI 95472"},{"$f":"IF(ISERROR(INDIRECT(ORÇAMENTO.BancoRef)),\"(abra o arquivo 'Referência \"&Excel_BuiltIn_Database&\".xlsm)\",IF(OR($C151<>\"S\",ORÇAMENTO.CodBarra=\"\"),\"(Sem Código)\",IF(ISERROR(MATCH($AE151,INDIRECT(ORÇAMENTO.BancoRef),0)),\"(Código não identificado nas referências)\",MATCH($AE151,INDIRECT(ORÇAMENTO.BancoRef),0))))","v":5365},{"$f":"ROUND(IF(DESONERACAO=\"sim\",REFERENCIA.Desonerado,REFERENCIA.NaoDesonerado),2)","v":907.38},0.2082,null,2,null,null,2192.6,1096.3]
["S",3,"S",0,{"$f":"IF($C152=1,OFFSET(E152,-1,0)+MAX(1,COUNTIF(QCI!$A$13:$A$24,OFFSET(ORÇAMENTO!E152,-1,0))),OFFSET(E152,-1,0))","v":1},9,1,0,3,0,{"$f":"IF(OR($C152=\"S\",$C152=0),0,MATCH(OFFSET($D152,0,$C152)+IF($C152<>1,1,COUNTIF(QCI!$A$13:$A$24,ORÇAMENTO!E152)),OFFSET($D152,1,$C152,ROW($C$404)-ROW($C152)),0))","v":0},"F","Serviço","Serviço","1.9.1.0.3.","SINAPI","100848",{"$f":"IF($C152=\"S\",REFERENCIA.Descricao,\"(digite a descrição aqui)\")","v":"VASO SANITÁRIO INFANTIL LOUÇA BRANCA - FORNECIMENTO E INSTALACAO. AF_01/2020"},{"$f":"REFERENCIA.Unidade","v":"UN"},{"$f":"OFFSET(CÁLCULO!H$15,ROW($T152)-ROW(T$15),0)","v":6},638.02,"BDI 1",{"$f":"IF($C152=\"S\",ROUND(IF(TIPOORCAMENTO=\"Proposto\",ORÇAMENTO.CustoUnitario*(1+$AH152),ORÇAMENTO.PrecoUnitarioLicitado),15-13*$AF$10),0)","v":770.86},{"$f":"IF($C152=\"S\",IF(Import.TipoArredondamento<>\"TransfereGOV\",VTOTAL1,SUM(OFFSET(CÁLCULO!$AA$15,ROW($X152)-ROW($X$15),1):OFFSET(CÁLCULO!$AL$15,ROW($X152)-ROW($X$15),-1))),IF($C152=0,0,ROUND(SomaAgrup,15-13*$AF$11)))","v":4625.16},"RA","RA",{"$f":"IF($C152=\"S\",IF($Z152=\"CP\",$X152,IF($Z152=\"RA\",(($X152)*QCI!$AA$3),0)),SomaAgrup)","v":1240.8109641639396},0,{"$f":"IF($N152=\"\",\"\",IF(ORÇAMENTO.Descricao=\"\",\"DESCRIÇÃO\",IF(AND($C152=\"S\",ORÇAMENTO.Unidade=\"\"),\"UNIDADE\",IF($X152<0,\"VALOR NEGATIVO\",IF(OR(AND(TIPOORCAMENTO=\"Proposto\",$AG152<>\"\",$AG152>0,ORÇAMENTO.CustoUnitario>$AG152),AND(TIPOORCAMENTO=\"LICITADO\",ORÇAMENTO.PrecoUnitarioLicitado>$AN152)),\"ACIMA REF.\",\"\")))))","v":""},{"$f":"IF(C152<=CRONO.NivelExibicao,MAX($AD$15:OFFSET(AD152,-1,0))+IF($C152<>1,1,MAX(1,COUNTIF(QCI!$A$13:$A$24,OFFSET($E152,-1,0)))),\"\")","v":""},{"$f":"IF(AND($C152=\"S\",ORÇAMENTO.CodBarra<>\"\"),IF(ORÇAMENTO.Fonte=\"\",ORÇAMENTO.CodBarra,CONCATENATE(ORÇAMENTO.Fonte,\" \",ORÇAMENTO.CodBarra)))","v":"SINAPI 100848"},{"$f":"IF(ISERROR(INDIRECT(ORÇAMENTO.BancoRef)),\"(abra o arquivo 'Referência \"&Excel_BuiltIn_Database&\".xlsm)\",IF(OR($C152<>\"S\",ORÇAMENTO.CodBarra=\"\"),\"(Sem Código)\",IF(ISERROR(MATCH($AE152,INDIRECT(ORÇAMENTO.BancoRef),0)),\"(Código não identificado nas referências)\",MATCH($AE152,INDIRECT(ORÇAMENTO.BancoRef),0))))","v":5372},{"$f":"ROUND(IF(DESONERACAO=\"sim\",REFERENCIA.Desonerado,REFERENCIA.NaoDesonerado),2)","v":638.02},0.2082,null,6,null,null,4625.16,770.86]
["S",3,"S",0,{"$f":"IF($C153=1,OFFSET(E153,-1,0)+MAX(1,COUNTIF(QCI!$A$13:$A$24,OFFSET(ORÇAMENTO!E153,-1,0))),OFFSET(E153,-1,0))","v":1},9,1,0,4,0,{"$f":"IF(OR($C153=\"S\",$C153=0),0,MATCH(OFFSET($D153,0,$C153)+IF($C153<>1,1,COUNTIF(QCI!$A$13:$A$24,ORÇAMENTO!E153)),OFFSET($D153,1,$C153,ROW($C$404)-ROW($C153)),0))","v":0},"F","Serviço","Serviço","1.9.1.0.4.","SINAPI","100849",{"$f":"IF($C153=\"S\",REFERENCIA.Descricao,\"(digite a descrição aqui)\")","v":"ASSENTO SANITÁRIO CONVENCIONAL - FORNECIMENTO E INSTALACAO. AF_01/2020"},{"$f":"REFERENCIA.Unidade","v":"UN"},{"$f":"OFFSET(CÁLCULO!H$15,ROW($T153)-ROW(T$15),0)","v":4},45.41,"BDI 1",{"$f":"IF($C153=\"S\",ROUND(IF(TIPOORCAMENTO=\"Proposto\",ORÇAMENTO.CustoUnitario*(1+$AH153),ORÇAMENTO.PrecoUnitarioLicitado),15-13*$AF$10),0)","v":54.86},{"$f":"IF($C153=\"S\",IF(Import.TipoArredondamento<>\"TransfereGOV\",VTOTAL1,SUM(OFFSET(CÁLCULO!$AA$15,ROW($X153)-ROW($X$15),1):OFFSET(CÁLCULO!$AL$15,ROW($X153)-ROW($X$15),-1))),IF($C153=0,0,ROUND(SomaAgrup,15-13*$AF$11)))","v":219.44},"RA","RA",{"$f":"IF($C153=\"S\",IF($Z153=\"CP\",$X153,IF($Z153=\"RA\",(($X153)*QCI!$AA$3),0)),SomaAgrup)","v":58.870084056796941},0,{"$f":"IF($N153=\"\",\"\",IF(ORÇAMENTO.Descricao=\"\",\"DESCRIÇÃO\",IF(AND($C153=\"S\",ORÇAMENTO.Unidade=\"\"),\"UNIDADE\",IF($X153<0,\"VALOR NEGATIVO\",IF(OR(AND(TIPOORCAMENTO=\"Proposto\",$AG153<>\"\",$AG153>0,ORÇAMENTO.CustoUnitario>$AG153),AND(TIPOORCAMENTO=\"LICITADO\",ORÇAMENTO.PrecoUnitarioLicitado>$AN153)),\"ACIMA REF.\",\"\")))))","v":""},{"$f":"IF(C153<=CRONO.NivelExibicao,MAX($AD$15:OFFSET(AD153,-1,0))+IF($C153<>1,1,MAX(1,COUNTIF(QCI!$A$13:$A$24,OFFSET($E153,-1,0)))),\"\")","v":""},{"$f":"IF(AND($C153=\"S\",ORÇAMENTO.CodBarra<>\"\"),IF(ORÇAMENTO.Fonte=\"\",ORÇAMENTO.CodBarra,CONCATENATE(ORÇAMENTO.Fonte,\" \",ORÇAMENTO.CodBarra)))","v":"SINAPI 100849"},{"$f":"IF(ISERROR(INDIRECT(ORÇAMENTO.BancoRef)),\"(abra o arquivo 'Referência \"&Excel_BuiltIn_Database&\".xlsm)\",IF(OR($C153<>\"S\",ORÇAMENTO.CodBarra=\"\"),\"(Sem Código)\",IF(ISERROR(MATCH($AE153,INDIRECT(ORÇAMENTO.BancoRef),0)),\"(Código não identificado nas referências)\",MATCH($AE153,INDIRECT(ORÇAMENTO.BancoRef),0))))","v":5373},{"$f":"ROUND(IF(DESONERACAO=\"sim\",REFERENCIA.Desonerado,REFERENCIA.NaoDesonerado),2)","v":45.41},0.2082,null,4,null,null,219.44,54.86]
["S",3,"S",0,{"$f":"IF($C154=1,OFFSET(E154,-1,0)+MAX(1,COUNTIF(QCI!$A$13:$A$24,OFFSET(ORÇAMENTO!E154,-1,0))),OFFSET(E154,-1,0))","v":1},9,1,0,5,0,{"$f":"IF(OR($C154=\"S\",$C154=0),0,MATCH(OFFSET($D154,0,$C154)+IF($C154<>1,1,COUNTIF(QCI!$A$13:$A$24,ORÇAMENTO!E154)),OFFSET($D154,1,$C154,ROW($C$404)-ROW($C154)),0))","v":0},"F","Serviço","Serviço","1.9.1.0.5.","SINAPI","100851",{"$f":"IF($C154=\"S\",REFERENCIA.Descricao,\"(digite a descrição aqui)\")","v":"ASSENTO SANITÁRIO INFANTIL - FORNECIMENTO E INSTALACAO. AF_01/2020"},{"$f":"REFERENCIA.Unidade","v":"UN"},{"$f":"OFFSET(CÁLCULO!H$15,ROW($T154)-ROW(T$15),0)","v":6},89.29,"BDI 1",{"$f":"IF($C154=\"S\",ROUND(IF(TIPOORCAMENTO=\"Proposto\",ORÇAMENTO.CustoUnitario*(1+$AH154),ORÇAMENTO.PrecoUnitarioLicitado),15-13*$AF$10),0)","v":107.88},{"$f":"IF($C154=\"S\",IF(Import.TipoArredondamento<>\"TransfereGOV\",VTOTAL1,SUM(OFFSET(CÁLCULO!$AA$15,ROW($X154)-ROW($X$15),1):OFFSET(CÁLCULO!$AL$15,ROW($X154)-ROW($X$15),-1))),IF($C154=0,0,ROUND(SomaAgrup,15-13*$AF$11)))","v":647.28},"RA","RA",{"$f":"IF($C154=\"S\",IF($Z154=\"CP\",$X154,IF($Z154=\"RA\",(($X154)*QCI!$AA$3),0)),SomaAgrup)","v":173.64850532393146},0,{"$f":"IF($N154=\"\",\"\",IF(ORÇAMENTO.Descricao=\"\",\"DESCRIÇÃO\",IF(AND($C154=\"S\",ORÇAMENTO.Unidade=\"\"),\"UNIDADE\",IF($X154<0,\"VALOR NEGATIVO\",IF(OR(AND(TIPOORCAMENTO=\"Proposto\",$AG154<>\"\",$AG154>0,ORÇAMENTO.CustoUnitario>$AG154),AND(TIPOORCAMENTO=\"LICITADO\",ORÇAMENTO.PrecoUnitarioLicitado>$AN154)),\"ACIMA REF.\",\"\")))))","v":""},{"$f":"IF(C154<=CRONO.NivelExibicao,MAX($AD$15:OFFSET(AD154,-1,0))+IF($C154<>1,1,MAX(1,COUNTIF(QCI!$A$13:$A$24,OFFSET($E154,-1,0)))),\"\")","v":""},{"$f":"IF(AND($C154=\"S\",ORÇAMENTO.CodBarra<>\"\"),IF(ORÇAMENTO.Fonte=\"\",ORÇAMENTO.CodBarra,CONCATENATE(ORÇAMENTO.Fonte,\" \",ORÇAMENTO.CodBarra)))","v":"SINAPI 100851"},{"$f":"IF(ISERROR(INDIRECT(ORÇAMENTO.BancoRef)),\"(abra o arquivo 'Referência \"&Excel_BuiltIn_Database&\".xlsm)\",IF(OR($C154<>\"S\",ORÇAMENTO.CodBarra=\"\"),\"(Sem Código)\",IF(ISERROR(MATCH($AE154,INDIRECT(ORÇAMENTO.BancoRef),0)),\"(Código não identificado nas referências)\",MATCH($AE154,INDIRECT(ORÇAMENTO.BancoRef),0))))","v":5374},{"$f":"ROUND(IF(DESONERACAO=\"sim\",REFERENCIA.Desonerado,REFERENCIA.NaoDesonerado),2)","v":89.29},0.2082,null,6,null,null,647.28,107.88]
["S",3,"S",0,{"$f":"IF($C155=1,OFFSET(E155,-1,0)+MAX(1,COUNTIF(QCI!$A$13:$A$24,OFFSET(ORÇAMENTO!E155,-1,0))),OFFSET(E155,-1,0))","v":1},9,1,0,6,0,{"$f":"IF(OR($C155=\"S\",$C155=0),0,MATCH(OFFSET($D155,0,$C155)+IF($C155<>1,1,COUNTIF(QCI!$A$13:$A$24,ORÇAMENTO!E155)),OFFSET($D155,1,$C155,ROW($C$404)-ROW($C155)),0))","v":0},"F","Serviço","Serviço","1.9.1.0.6.","SINAPI","100860",{"$f":"IF($C155=\"S\",REFERENCIA.Descricao,\"(digite a descrição aqui)\")","v":"CHUVEIRO ELÉTRICO COMUM CORPO PLÁSTICO, TIPO DUCHA - FORNECIMENTO E INSTALAÇÃO. AF_01/2020"},{"$f":"REFERENCIA.Unidade","v":"UN"},{"$f":"OFFSET(CÁLCULO!H$15,ROW($T155)-ROW(T$15),0)","v":2},107.82,"BDI 1",{"$f":"IF($C155=\"S\",ROUND(IF(TIPOORCAMENTO=\"Proposto\",ORÇAMENTO.CustoUnitario*(1+$AH155),ORÇAMENTO.PrecoUnitarioLicitado),15-13*$AF$10),0)","v":130.27000000000001},{"$f":"IF($C155=\"S\",IF(Import.TipoArredondamento<>\"TransfereGOV\",VTOTAL1,SUM(OFFSET(CÁLCULO!$AA$15,ROW($X155)-ROW($X$15),1):OFFSET(CÁLCULO!$AL$15,ROW($X155)-ROW($X$15),-1))),IF($C155=0,0,ROUND(SomaAgrup,15-13*$AF$11)))","v":260.54000000000002},"RA","RA",{"$f":"IF($C155=\"S\",IF($Z155=\"CP\",$X155,IF($Z155=\"RA\",(($X155)*QCI!$AA$3),0)),SomaAgrup)","v":69.896152479757006},0,{"$f":"IF($N155=\"\",\"\",IF(ORÇAMENTO.Descricao=\"\",\"DESCRIÇÃO\",IF(AND($C155=\"S\",ORÇAMENTO.Unidade=\"\"),\"UNIDADE\",IF($X155<0,\"VALOR NEGATIVO\",IF(OR(AND(TIPOORCAMENTO=\"Proposto\",$AG155<>\"\",$AG155>0,ORÇAMENTO.CustoUnitario>$AG155),AND(TIPOORCAMENTO=\"LICITADO\",ORÇAMENTO.PrecoUnitarioLicitado>$AN155)),\"ACIMA REF.\",\"\")))))","v":""},{"$f":"IF(C155<=CRONO.NivelExibicao,MAX($AD$15:OFFSET(AD155,-1,0))+IF($C155<>1,1,MAX(1,COUNTIF(QCI!$A$13:$A$24,OFFSET($E155,-1,0)))),\"\")","v":""},{"$f":"IF(AND($C155=\"S\",ORÇAMENTO.CodBarra<>\"\"),IF(ORÇAMENTO.Fonte=\"\",ORÇAMENTO.CodBarra,CONCATENATE(ORÇAMENTO.Fonte,\" \",ORÇAMENTO.CodBarra)))","v":"SINAPI 100860"},{"$f":"IF(ISERROR(INDIRECT(ORÇAMENTO.BancoRef)),\"(abra o arquivo 'Referência \"&Excel_BuiltIn_Database&\".xlsm)\",IF(OR($C155<>\"S\",ORÇAMENTO.CodBarra=\"\"),\"(Sem Código)\",IF(ISERROR(MATCH($AE155,INDIRECT(ORÇAMENTO.BancoRef),0)),\"(Código não identificado nas referências)\",MATCH($AE155,INDIRECT(ORÇAMENTO.BancoRef),0))))","v":5382},{"$f":"ROUND(IF(DESONERACAO=\"sim\",REFERENCIA.Desonerado,REFERENCIA.NaoDesonerado),2)","v":107.82},0.2082,null,2,null,null,260.54000000000002,130.27000000000001]
["S",3,"S",0,{"$f":"IF($C156=1,OFFSET(E156,-1,0)+MAX(1,COUNTIF(QCI!$A$13:$A$24,OFFSET(ORÇAMENTO!E156,-1,0))),OFFSET(E156,-1,0))","v":1},9,1,0,7,0,{"$f":"IF(OR($C156=\"S\",$C156=0),0,MATCH(OFFSET($D156,0,$C156)+IF($C156<>1,1,COUNTIF(QCI!$A$13:$A$24,ORÇAMENTO!E156)),OFFSET($D156,1,$C156,ROW($C$404)-ROW($C156)),0))","v":0},"F","Serviço","Serviço","1.9.1.0.7.","SINAPI","100858",{"$f":"IF($C156=\"S\",REFERENCIA.Descricao,\"(digite a descrição aqui)\")","v":"MICTÓRIO SIFONADO LOUÇA BRANCA - PADRÃO MÉDIO - FORNECIMENTO E INSTALAÇÃO. AF_01/2020"},{"$f":"REFERENCIA.Unidade","v":"UN"},{"$f":"OFFSET(CÁLCULO!H$15,ROW($T156)-ROW(T$15),0)","v":1},765.38,"BDI 1",{"$f":"IF($C156=\"S\",ROUND(IF(TIPOORCAMENTO=\"Proposto\",ORÇAMENTO.CustoUnitario*(1+$AH156),ORÇAMENTO.PrecoUnitarioLicitado),15-13*$AF$10),0)","v":924.73},{"$f":"IF($C156=\"S\",IF(Import.TipoArredondamento<>\"TransfereGOV\",VTOTAL1,SUM(OFFSET(CÁLCULO!$AA$15,ROW($X156)-ROW($X$15),1):OFFSET(CÁLCULO!$AL$15,ROW($X156)-ROW($X$15),-1))),IF($C156=0,0,ROUND(SomaAgrup,15-13*$AF$11)))","v":924.73},"RA","RA",{"$f":"IF($C156=\"S\",IF($Z156=\"CP\",$X156,IF($Z156=\"RA\",(($X156)*QCI!$AA$3),0)),SomaAgrup)","v":248.08117403318371},0,{"$f":"IF($N156=\"\",\"\",IF(ORÇAMENTO.Descricao=\"\",\"DESCRIÇÃO\",IF(AND($C156=\"S\",ORÇAMENTO.Unidade=\"\"),\"UNIDADE\",IF($X156<0,\"VALOR NEGATIVO\",IF(OR(AND(TIPOORCAMENTO=\"Proposto\",$AG156<>\"\",$AG156>0,ORÇAMENTO.CustoUnitario>$AG156),AND(TIPOORCAMENTO=\"LICITADO\",ORÇAMENTO.PrecoUnitarioLicitado>$AN156)),\"ACIMA REF.\",\"\")))))","v":""},{"$f":"IF(C156<=CRONO.NivelExibicao,MAX($AD$15:OFFSET(AD156,-1,0))+IF($C156<>1,1,MAX(1,COUNTIF(QCI!$A$13:$A$24,OFFSET($E156,-1,0)))),\"\")","v":""},{"$f":"IF(AND($C156=\"S\",ORÇAMENTO.CodBarra<>\"\"),IF(ORÇAMENTO.Fonte=\"\",ORÇAMENTO.CodBarra,CONCATENATE(ORÇAMENTO.Fonte,\" \",ORÇAMENTO.CodBarra)))","v":"SINAPI 100858"},{"$f":"IF(ISERROR(INDIRECT(ORÇAMENTO.BancoRef)),\"(abra o arquivo 'Referência \"&Excel_BuiltIn_Database&\".xlsm)\",IF(OR($C156<>\"S\",ORÇAMENTO.CodBarra=\"\"),\"(Sem Código)\",IF(ISERROR(MATCH($AE156,INDIRECT(ORÇAMENTO.BancoRef),0)),\"(Código não identificado nas referências)\",MATCH($AE156,INDIRECT(ORÇAMENTO.BancoRef),0))))","v":5380},{"$f":"ROUND(IF(DESONERACAO=\"sim\",REFERENCIA.Desonerado,REFERENCIA.NaoDesonerado),2)","v":765.38},0.2082,null,1,null,null,924.73,924.73]
["S",3,"S",0,{"$f":"IF($C157=1,OFFSET(E157,-1,0)+MAX(1,COUNTIF(QCI!$A$13:$A$24,OFFSET(ORÇAMENTO!E157,-1,0))),OFFSET(E157,-1,0))","v":1},9,1,0,8,0,{"$f":"IF(OR($C157=\"S\",$C157=0),0,MATCH(OFFSET($D157,0,$C157)+IF($C157<>1,1,COUNTIF(QCI!$A$13:$A$24,ORÇAMENTO!E157)),OFFSET($D157,1,$C157,ROW($C$404)-ROW($C157)),0))","v":0},"F","Serviço","Serviço","1.9.1.0.8.","Composição","002",{"$f":"IF($C157=\"S\",REFERENCIA.Descricao,\"(digite a descrição aqui)\")","v":"GRANITO PARA BANCADA, POLIDO, TIPO ANDORINHA/ QUARTZ/ CASTELO/ CORUMBA OU OUTROS EQUIVALENTES DA REGIAO, E=  *2,5* CM, INCLUSO FIXAÇÃO                                                                                                                                                                                                                                                                                                                                                                                     "},{"$f":"REFERENCIA.Unidade","v":"M2"},{"$f":"OFFSET(CÁLCULO!H$15,ROW($T157)-ROW(T$15),0)","v":5.19},901.55,"BDI 1",{"$f":"IF($C157=\"S\",ROUND(IF(TIPOORCAMENTO=\"Proposto\",ORÇAMENTO.CustoUnitario*(1+$AH157),ORÇAMENTO.PrecoUnitarioLicitado),15-13*$AF$10),0)","v":1089.25},{"$f":"IF($C157=\"S\",IF(Import.TipoArredondamento<>\"TransfereGOV\",VTOTAL1,SUM(OFFSET(CÁLCULO!$AA$15,ROW($X157)-ROW($X$15),1):OFFSET(CÁLCULO!$AL$15,ROW($X157)-ROW($X$15),-1))),IF($C157=0,0,ROUND(SomaAgrup,15-13*$AF$11)))","v":5653.21},"RA","RA",{"$f":"IF($C157=\"S\",IF($Z157=\"CP\",$X157,IF($Z157=\"RA\",(($X157)*QCI!$AA$3),0)),SomaAgrup)","v":1516.6102255319224},0,{"$f":"IF($N157=\"\",\"\",IF(ORÇAMENTO.Descricao=\"\",\"DESCRIÇÃO\",IF(AND($C157=\"S\",ORÇAMENTO.Unidade=\"\"),\"UNIDADE\",IF($X157<0,\"VALOR NEGATIVO\",IF(OR(AND(TIPOORCAMENTO=\"Proposto\",$AG157<>\"\",$AG157>0,ORÇAMENTO.CustoUnitario>$AG157),AND(TIPOORCAMENTO=\"LICITADO\",ORÇAMENTO.PrecoUnitarioLicitado>$AN157)),\"ACIMA REF.\",\"\")))))","v":""},{"$f":"IF(C157<=CRONO.NivelExibicao,MAX($AD$15:OFFSET(AD157,-1,0))+IF($C157<>1,1,MAX(1,COUNTIF(QCI!$A$13:$A$24,OFFSET($E157,-1,0)))),\"\")","v":""},{"$f":"IF(AND($C157=\"S\",ORÇAMENTO.CodBarra<>\"\"),IF(ORÇAMENTO.Fonte=\"\",ORÇAMENTO.CodBarra,CONCATENATE(ORÇAMENTO.Fonte,\" \",ORÇAMENTO.CodBarra)))","v":"Composição 002"},{"$f":"IF(ISERROR(INDIRECT(ORÇAMENTO.BancoRef)),\"(abra o arquivo 'Referência \"&Excel_BuiltIn_Database&\".xlsm)\",IF(OR($C157<>\"S\",ORÇAMENTO.CodBarra=\"\"),\"(Sem Código)\",IF(ISERROR(MATCH($AE157,INDIRECT(ORÇAMENTO.BancoRef),0)),\"(Código não identificado nas referências)\",MATCH($AE157,INDIRECT(ORÇAMENTO.BancoRef),0))))","v":4},{"$f":"ROUND(IF(DESONERACAO=\"sim\",REFERENCIA.Desonerado,REFERENCIA.NaoDesonerado),2)","v":901.55},0.2082,null,5.19,null,null,5653.21,1089.25]
["S",3,"S",0,{"$f":"IF($C158=1,OFFSET(E158,-1,0)+MAX(1,COUNTIF(QCI!$A$13:$A$24,OFFSET(ORÇAMENTO!E158,-1,0))),OFFSET(E158,-1,0))","v":1},9,1,0,9,0,{"$f":"IF(OR($C158=\"S\",$C158=0),0,MATCH(OFFSET($D158,0,$C158)+IF($C158<>1,1,COUNTIF(QCI!$A$13:$A$24,ORÇAMENTO!E158)),OFFSET($D158,1,$C158,ROW($C$404)-ROW($C158)),0))","v":0},"F","Serviço","Serviço","1.9.1.0.9.","Composição","004",{"$f":"IF($C158=\"S\",REFERENCIA.Descricao,\"(digite a descrição aqui)\")","v":"CORTE DO GRANITO, INSTALAÇÃO DA CUBA, JUNTAMENTE COM ACESSÓRIOS (CUBA DE EMBUTIR OVAL LOUÇA BRANCA 35X50CM, VÁLVULA DE METAL CROMADO, SIFÃO FLEXÍVEL PVC, ENGATE 30 CM FLEXÍVEL PLÁSTICO E TORNEIRA CROMADA DE MESA, PADRÃO POPULAR) - FORNECIMENTO E INSTALAÇÃO                                                                                                                                                                                                                                                                                                                                                                    "},{"$f":"REFERENCIA.Unidade","v":"UNIDADE"},{"$f":"OFFSET(CÁLCULO!H$15,ROW($T158)-ROW(T$15),0)","v":11},503.76,"BDI 1",{"$f":"IF($C158=\"S\",ROUND(IF(TIPOORCAMENTO=\"Proposto\",ORÇAMENTO.CustoUnitario*(1+$AH158),ORÇAMENTO.PrecoUnitarioLicitado),15-13*$AF$10),0)","v":608.64},{"$f":"IF($C158=\"S\",IF(Import.TipoArredondamento<>\"TransfereGOV\",VTOTAL1,SUM(OFFSET(CÁLCULO!$AA$15,ROW($X158)-ROW($X$15),1):OFFSET(CÁLCULO!$AL$15,ROW($X158)-ROW($X$15),-1))),IF($C158=0,0,ROUND(SomaAgrup,15-13*$AF$11)))","v":6695.04},"RA","RA",{"$f":"IF($C158=\"S\",IF($Z158=\"CP\",$X158,IF($Z158=\"RA\",(($X158)*QCI!$AA$3),0)),SomaAgrup)","v":1796.1063049745615},0,{"$f":"IF($N158=\"\",\"\",IF(ORÇAMENTO.Descricao=\"\",\"DESCRIÇÃO\",IF(AND($C158=\"S\",ORÇAMENTO.Unidade=\"\"),\"UNIDADE\",IF($X158<0,\"VALOR NEGATIVO\",IF(OR(AND(TIPOORCAMENTO=\"Proposto\",$AG158<>\"\",$AG158>0,ORÇAMENTO.CustoUnitario>$AG158),AND(TIPOORCAMENTO=\"LICITADO\",ORÇAMENTO.PrecoUnitarioLicitado>$AN158)),\"ACIMA REF.\",\"\")))))","v":""},{"$f":"IF(C158<=CRONO.NivelExibicao,MAX($AD$15:OFFSET(AD158,-1,0))+IF($C158<>1,1,MAX(1,COUNTIF(QCI!$A$13:$A$24,OFFSET($E158,-1,0)))),\"\")","v":""},{"$f":"IF(AND($C158=\"S\",ORÇAMENTO.CodBarra<>\"\"),IF(ORÇAMENTO.Fonte=\"\",ORÇAMENTO.CodBarra,CONCATENATE(ORÇAMENTO.Fonte,\" \",ORÇAMENTO.CodBarra)))","v":"Composição 004"},{"$f":"IF(ISERROR(INDIRECT(ORÇAMENTO.BancoRef)),\"(abra o arquivo 'Referência \"&Excel_BuiltIn_Database&\".xlsm)\",IF(OR($C158<>\"S\",ORÇAMENTO.CodBarra=\"\"),\"(Sem Código)\",IF(ISERROR(MATCH($AE158,INDIRECT(ORÇAMENTO.BancoRef),0)),\"(Código não identificado nas referências)\",MATCH($AE158,INDIRECT(ORÇAMENTO.BancoRef),0))))","v":6},{"$f":"ROUND(IF(DESONERACAO=\"sim\",REFERENCIA.Desonerado,REFERENCIA.NaoDesonerado),2)","v":503.76},0.2082,null,11,null,null,6695.04,608.64]
["S",3,"S",0,{"$f":"IF($C159=1,OFFSET(E159,-1,0)+MAX(1,COUNTIF(QCI!$A$13:$A$24,OFFSET(ORÇAMENTO!E159,-1,0))),OFFSET(E159,-1,0))","v":1},9,1,0,10,0,{"$f":"IF(OR($C159=\"S\",$C159=0),0,MATCH(OFFSET($D159,0,$C159)+IF($C159<>1,1,COUNTIF(QCI!$A$13:$A$24,ORÇAMENTO!E159)),OFFSET($D159,1,$C159,ROW($C$404)-ROW($C159)),0))","v":0},"F","Serviço","Serviço","1.9.1.0.10.","SINAPI","95547",{"$f":"IF($C159=\"S\",REFERENCIA.Descricao,\"(digite a descrição aqui)\")","v":"SABONETEIRA PLASTICA TIPO DISPENSER PARA SABONETE LIQUIDO COM RESERVATORIO 800 A 1500 ML, INCLUSO FIXAÇÃO. AF_01/2020"},{"$f":"REFERENCIA.Unidade","v":"UN"},{"$f":"OFFSET(CÁLCULO!H$15,ROW($T159)-ROW(T$15),0)","v":6},48.9,"BDI 1",{"$f":"IF($C159=\"S\",ROUND(IF(TIPOORCAMENTO=\"Proposto\",ORÇAMENTO.CustoUnitario*(1+$AH159),ORÇAMENTO.PrecoUnitarioLicitado),15-13*$AF$10),0)","v":59.08},{"$f":"IF($C159=\"S\",IF(Import.TipoArredondamento<>\"TransfereGOV\",VTOTAL1,SUM(OFFSET(CÁLCULO!$AA$15,ROW($X159)-ROW($X$15),1):OFFSET(CÁLCULO!$AL$15,ROW($X159)-ROW($X$15),-1))),IF($C159=0,0,ROUND(SomaAgrup,15-13*$AF$11)))","v":354.48},"RA","RA",{"$f":"IF($C159=\"S\",IF($Z159=\"CP\",$X159,IF($Z159=\"RA\",(($X159)*QCI!$AA$3),0)),SomaAgrup)","v":95.097828091748909},0,{"$f":"IF($N159=\"\",\"\",IF(ORÇAMENTO.Descricao=\"\",\"DESCRIÇÃO\",IF(AND($C159=\"S\",ORÇAMENTO.Unidade=\"\"),\"UNIDADE\",IF($X159<0,\"VALOR NEGATIVO\",IF(OR(AND(TIPOORCAMENTO=\"Proposto\",$AG159<>\"\",$AG159>0,ORÇAMENTO.CustoUnitario>$AG159),AND(TIPOORCAMENTO=\"LICITADO\",ORÇAMENTO.PrecoUnitarioLicitado>$AN159)),\"ACIMA REF.\",\"\")))))","v":""},{"$f":"IF(C159<=CRONO.NivelExibicao,MAX($AD$15:OFFSET(AD159,-1,0))+IF($C159<>1,1,MAX(1,COUNTIF(QCI!$A$13:$A$24,OFFSET($E159,-1,0)))),\"\")","v":""},{"$f":"IF(AND($C159=\"S\",ORÇAMENTO.CodBarra<>\"\"),IF(ORÇAMENTO.Fonte=\"\",ORÇAMENTO.CodBarra,CONCATENATE(ORÇAMENTO.Fonte,\" \",ORÇAMENTO.CodBarra)))","v":"SINAPI 95547"},{"$f":"IF(ISERROR(INDIRECT(ORÇAMENTO.BancoRef)),\"(abra o arquivo 'Referência \"&Excel_BuiltIn_Database&\".xlsm)\",IF(OR($C159<>\"S\",ORÇAMENTO.CodBarra=\"\"),\"(Sem Código)\",IF(ISERROR(MATCH($AE159,INDIRECT(ORÇAMENTO.BancoRef),0)),\"(Código não identificado nas referências)\",MATCH($AE159,INDIRECT(ORÇAMENTO.BancoRef),0))))","v":5371},{"$f":"ROUND(IF(DESONERACAO=\"sim\",REFERENCIA.Desonerado,REFERENCIA.NaoDesonerado),2)","v":48.9},0.2082,null,6,null,null,354.48,59.08]
["S",3,"S",0,{"$f":"IF($C160=1,OFFSET(E160,-1,0)+MAX(1,COUNTIF(QCI!$A$13:$A$24,OFFSET(ORÇAMENTO!E160,-1,0))),OFFSET(E160,-1,0))","v":1},9,1,0,11,0,{"$f":"IF(OR($C160=\"S\",$C160=0),0,MATCH(OFFSET($D160,0,$C160)+IF($C160<>1,1,COUNTIF(QCI!$A$13:$A$24,ORÇAMENTO!E160)),OFFSET($D160,1,$C160,ROW($C$404)-ROW($C160)),0))","v":0},"F","Serviço","Serviço","1.9.1.0.11.","Composição","005",{"$f":"IF($C160=\"S\",REFERENCIA.Descricao,\"(digite a descrição aqui)\")","v":"TOALHEIRO PLASTICO TIPO DISPENSER PARA PAPEL TOALHA INTERFOLHADO - FORNECIMENTO E INSTALAÇÃO                                                                                                                                                                                               "},{"$f":"REFERENCIA.Unidade","v":"UNIDADE"},{"$f":"OFFSET(CÁLCULO!H$15,ROW($T160)-ROW(T$15),0)","v":6},43.9,"BDI 1",{"$f":"IF($C160=\"S\",ROUND(IF(TIPOORCAMENTO=\"Proposto\",ORÇAMENTO.CustoUnitario*(1+$AH160),ORÇAMENTO.PrecoUnitarioLicitado),15-13*$AF$10),0)","v":53.04},{"$f":"IF($C160=\"S\",IF(Import.TipoArredondamento<>\"TransfereGOV\",VTOTAL1,SUM(OFFSET(CÁLCULO!$AA$15,ROW($X160)-ROW($X$15),1):OFFSET(CÁLCULO!$AL$15,ROW($X160)-ROW($X$15),-1))),IF($C160=0,0,ROUND(SomaAgrup,15-13*$AF$11)))","v":318.24},"RA","RA",{"$f":"IF($C160=\"S\",IF($Z160=\"CP\",$X160,IF($Z160=\"RA\",(($X160)*QCI!$AA$3),0)),SomaAgrup)","v":85.375572139241058},0,{"$f":"IF($N160=\"\",\"\",IF(ORÇAMENTO.Descricao=\"\",\"DESCRIÇÃO\",IF(AND($C160=\"S\",ORÇAMENTO.Unidade=\"\"),\"UNIDADE\",IF($X160<0,\"VALOR NEGATIVO\",IF(OR(AND(TIPOORCAMENTO=\"Proposto\",$AG160<>\"\",$AG160>0,ORÇAMENTO.CustoUnitario>$AG160),AND(TIPOORCAMENTO=\"LICITADO\",ORÇAMENTO.PrecoUnitarioLicitado>$AN160)),\"ACIMA REF.\",\"\")))))","v":""},{"$f":"IF(C160<=CRONO.NivelExibicao,MAX($AD$15:OFFSET(AD160,-1,0))+IF($C160<>1,1,MAX(1,COUNTIF(QCI!$A$13:$A$24,OFFSET($E160,-1,0)))),\"\")","v":""},{"$f":"IF(AND($C160=\"S\",ORÇAMENTO.CodBarra<>\"\"),IF(ORÇAMENTO.Fonte=\"\",ORÇAMENTO.CodBarra,CONCATENATE(ORÇAMENTO.Fonte,\" \",ORÇAMENTO.CodBarra)))","v":"Composição 005"},{"$f":"IF(ISERROR(INDIRECT(ORÇAMENTO.BancoRef)),\"(abra o arquivo 'Referência \"&Excel_BuiltIn_Database&\".xlsm)\",IF(OR($C160<>\"S\",ORÇAMENTO.CodBarra=\"\"),\"(Sem Código)\",IF(ISERROR(MATCH($AE160,INDIRECT(ORÇAMENTO.BancoRef),0)),\"(Código não identificado nas referências)\",MATCH($AE160,INDIRECT(ORÇAMENTO.BancoRef),0))))","v":7},{"$f":"ROUND(IF(DESONERACAO=\"sim\",REFERENCIA.Desonerado,REFERENCIA.NaoDesonerado),2)","v":43.9},0.2082,null,6,null,null,318.24,53.04]
["S",3,"S",0,{"$f":"IF($C161=1,OFFSET(E161,-1,0)+MAX(1,COUNTIF(QCI!$A$13:$A$24,OFFSET(ORÇAMENTO!E161,-1,0))),OFFSET(E161,-1,0))","v":1},9,1,0,12,0,{"$f":"IF(OR($C161=\"S\",$C161=0),0,MATCH(OFFSET($D161,0,$C161)+IF($C161<>1,1,COUNTIF(QCI!$A$13:$A$24,ORÇAMENTO!E161)),OFFSET($D161,1,$C161,ROW($C$404)-ROW($C161)),0))","v":0},"F","Serviço","Serviço","1.9.1.0.12.","SINAPI","95543",{"$f":"IF($C161=\"S\",REFERENCIA.Descricao,\"(digite a descrição aqui)\")","v":"PORTA TOALHA BANHO EM METAL CROMADO, TIPO BARRA, INCLUSO FIXAÇÃO. AF_01/2020"},{"$f":"REFERENCIA.Unidade","v":"UN"},{"$f":"OFFSET(CÁLCULO!H$15,ROW($T161)-ROW(T$15),0)","v":2},127.31,"BDI 1",{"$f":"IF($C161=\"S\",ROUND(IF(TIPOORCAMENTO=\"Proposto\",ORÇAMENTO.CustoUnitario*(1+$AH161),ORÇAMENTO.PrecoUnitarioLicitado),15-13*$AF$10),0)","v":153.82},{"$f":"IF($C161=\"S\",IF(Import.TipoArredondamento<>\"TransfereGOV\",VTOTAL1,SUM(OFFSET(CÁLCULO!$AA$15,ROW($X161)-ROW($X$15),1):OFFSET(CÁLCULO!$AL$15,ROW($X161)-ROW($X$15),-1))),IF($C161=0,0,ROUND(SomaAgrup,15-13*$AF$11)))","v":307.64},"RA","RA",{"$f":"IF($C161=\"S\",IF($Z161=\"CP\",$X161,IF($Z161=\"RA\",(($X161)*QCI!$AA$3),0)),SomaAgrup)","v":82.531865927966692},0,{"$f":"IF($N161=\"\",\"\",IF(ORÇAMENTO.Descricao=\"\",\"DESCRIÇÃO\",IF(AND($C161=\"S\",ORÇAMENTO.Unidade=\"\"),\"UNIDADE\",IF($X161<0,\"VALOR NEGATIVO\",IF(OR(AND(TIPOORCAMENTO=\"Proposto\",$AG161<>\"\",$AG161>0,ORÇAMENTO.CustoUnitario>$AG161),AND(TIPOORCAMENTO=\"LICITADO\",ORÇAMENTO.PrecoUnitarioLicitado>$AN161)),\"ACIMA REF.\",\"\")))))","v":""},{"$f":"IF(C161<=CRONO.NivelExibicao,MAX($AD$15:OFFSET(AD161,-1,0))+IF($C161<>1,1,MAX(1,COUNTIF(QCI!$A$13:$A$24,OFFSET($E161,-1,0)))),\"\")","v":""},{"$f":"IF(AND($C161=\"S\",ORÇAMENTO.CodBarra<>\"\"),IF(ORÇAMENTO.Fonte=\"\",ORÇAMENTO.CodBarra,CONCATENATE(ORÇAMENTO.Fonte,\" \",ORÇAMENTO.CodBarra)))","v":"SINAPI 95543"},{"$f":"IF(ISERROR(INDIRECT(ORÇAMENTO.BancoRef)),\"(abra o arquivo 'Referência \"&Excel_BuiltIn_Database&\".xlsm)\",IF(OR($C161<>\"S\",ORÇAMENTO.CodBarra=\"\"),\"(Sem Código)\",IF(ISERROR(MATCH($AE161,INDIRECT(ORÇAMENTO.BancoRef),0)),\"(Código não identificado nas referências)\",MATCH($AE161,INDIRECT(ORÇAMENTO.BancoRef),0))))","v":5367},{"$f":"ROUND(IF(DESONERACAO=\"sim\",REFERENCIA.Desonerado,REFERENCIA.NaoDesonerado),2)","v":127.31},0.2082,null,2,null,null,307.64,153.82]
["S",3,"S",0,{"$f":"IF($C162=1,OFFSET(E162,-1,0)+MAX(1,COUNTIF(QCI!$A$13:$A$24,OFFSET(ORÇAMENTO!E162,-1,0))),OFFSET(E162,-1,0))","v":1},9,1,0,13,0,{"$f":"IF(OR($C162=\"S\",$C162=0),0,MATCH(OFFSET($D162,0,$C162)+IF($C162<>1,1,COUNTIF(QCI!$A$13:$A$24,ORÇAMENTO!E162)),OFFSET($D162,1,$C162,ROW($C$404)-ROW($C162)),0))","v":0},"F","Serviço","Serviço","1.9.1.0.13.","SINAPI","95545",{"$f":"IF($C162=\"S\",REFERENCIA.Descricao,\"(digite a descrição aqui)\")","v":"SABONETEIRA DE PAREDE EM METAL CROMADO, INCLUSO FIXAÇÃO. AF_01/2020"},{"$f":"REFERENCIA.Unidade","v":"UN"},{"$f":"OFFSET(CÁLCULO!H$15,ROW($T162)-ROW(T$15),0)","v":2},95.75,"BDI 1",{"$f":"IF($C162=\"S\",ROUND(IF(TIPOORCAMENTO=\"Proposto\",ORÇAMENTO.CustoUnitario*(1+$AH162),ORÇAMENTO.PrecoUnitarioLicitado),15-13*$AF$10),0)","v":115.69},{"$f":"IF($C162=\"S\",IF(Import.TipoArredondamento<>\"TransfereGOV\",VTOTAL1,SUM(OFFSET(CÁLCULO!$AA$15,ROW($X162)-ROW($X$15),1):OFFSET(CÁLCULO!$AL$15,ROW($X162)-ROW($X$15),-1))),IF($C162=0,0,ROUND(SomaAgrup,15-13*$AF$11)))","v":231.38},"RA","RA",{"$f":"IF($C162=\"S\",IF($Z162=\"CP\",$X162,IF($Z162=\"RA\",(($X162)*QCI!$AA$3),0)),SomaAgrup)","v":62.073277657043725},0,{"$f":"IF($N162=\"\",\"\",IF(ORÇAMENTO.Descricao=\"\",\"DESCRIÇÃO\",IF(AND($C162=\"S\",ORÇAMENTO.Unidade=\"\"),\"UNIDADE\",IF($X162<0,\"VALOR NEGATIVO\",IF(OR(AND(TIPOORCAMENTO=\"Proposto\",$AG162<>\"\",$AG162>0,ORÇAMENTO.CustoUnitario>$AG162),AND(TIPOORCAMENTO=\"LICITADO\",ORÇAMENTO.PrecoUnitarioLicitado>$AN162)),\"ACIMA REF.\",\"\")))))","v":""},{"$f":"IF(C162<=CRONO.NivelExibicao,MAX($AD$15:OFFSET(AD162,-1,0))+IF($C162<>1,1,MAX(1,COUNTIF(QCI!$A$13:$A$24,OFFSET($E162,-1,0)))),\"\")","v":""},{"$f":"IF(AND($C162=\"S\",ORÇAMENTO.CodBarra<>\"\"),IF(ORÇAMENTO.Fonte=\"\",ORÇAMENTO.CodBarra,CONCATENATE(ORÇAMENTO.Fonte,\" \",ORÇAMENTO.CodBarra)))","v":"SINAPI 95545"},{"$f":"IF(ISERROR(INDIRECT(ORÇAMENTO.BancoRef)),\"(abra o arquivo 'Referência \"&Excel_BuiltIn_Database&\".xlsm)\",IF(OR($C162<>\"S\",ORÇAMENTO.CodBarra=\"\"),\"(Sem Código)\",IF(ISERROR(MATCH($AE162,INDIRECT(ORÇAMENTO.BancoRef),0)),\"(Código não identificado nas referências)\",MATCH($AE162,INDIRECT(ORÇAMENTO.BancoRef),0))))","v":5369},{"$f":"ROUND(IF(DESONERACAO=\"sim\",REFERENCIA.Desonerado,REFERENCIA.NaoDesonerado),2)","v":95.75},0.2082,null,2,null,null,231.38,115.69]
[{"$f":"CHOOSE(1+LOG(1+2*(ORÇAMENTO.Nivel=\"Meta\")+4*(ORÇAMENTO.Nivel=\"Nível 2\")+8*(ORÇAMENTO.Nivel=\"Nível 3\")+16*(ORÇAMENTO.Nivel=\"Nível 4\")+32*(ORÇAMENTO.Nivel=\"Serviço\"),2),0,1,2,3,4,\"S\")","v":"S"},{"$f":"IF(OR(C163=\"s\",C163=0),OFFSET(B163,-1,0),C163)","v":3},{"$f":"IF(OFFSET(C163,-1,0)=\"L\",1,IF(OFFSET(C163,-1,0)=1,2,IF(OR(A163=\"s\",A163=0),\"S\",IF(AND(OFFSET(C163,-1,0)=2,A163=4),3,IF(AND(OR(OFFSET(C163,-1,0)=\"s\",OFFSET(C163,-1,0)=0),A163<>\"s\",A163>OFFSET(B163,-1,0)),OFFSET(B163,-1,0),A163)))))","v":"S"},{"$f":"IF(OR(C163=\"S\",C163=0),0,IF(ISERROR(K163),J163,SMALL(J163:K163,1)))","v":0},{"$f":"IF($C163=1,OFFSET(E163,-1,0)+MAX(1,COUNTIF(QCI!$A$13:$A$24,OFFSET(ORÇAMENTO!E163,-1,0))),OFFSET(E163,-1,0))","v":1},{"$f":"IF($C163=1,0,IF($C163=2,OFFSET(F163,-1,0)+1,OFFSET(F163,-1,0)))","v":9},{"$f":"IF(AND($C163<=2,$C163<>0),0,IF($C163=3,OFFSET(G163,-1,0)+1,OFFSET(G163,-1,0)))","v":1},{"$f":"IF(AND($C163<=3,$C163<>0),0,IF($C163=4,OFFSET(H163,-1,0)+1,OFFSET(H163,-1,0)))","v":0},{"$f":"IF(AND($C163<=4,$C163<>0),0,IF(AND($C163=\"S\",$X163>0),OFFSET(I163,-1,0)+1,OFFSET(I163,-1,0)))","v":14},0,{"$f":"IF(OR($C163=\"S\",$C163=0),0,MATCH(OFFSET($D163,0,$C163)+IF($C163<>1,1,COUNTIF(QCI!$A$13:$A$24,ORÇAMENTO!E163)),OFFSET($D163,1,$C163,ROW($C$404)-ROW($C163)),0))","v":0},{"$f":"IF(OR($X163>0,$C163=1,$C163=2,$C163=3,$C163=4),\"F\",\"\")","v":"F"},"Serviço",{"$f":"CHOOSE(1+LOG(1+2*(C163=1)+4*(C163=2)+8*(C163=3)+16*(C163=4)+32*(C163=\"S\"),2),\"\",\"Meta\",\"Nível 2\",\"Nível 3\",\"Nível 4\",\"Serviço\")","v":"Serviço"},{"$f":"IF(OR($C163=0,$L163=\"\"),\"-\",CONCATENATE(E163&\".\",IF(AND($A$5>=2,$C163>=2),F163&\".\",\"\"),IF(AND($A$5>=3,$C163>=3),G163&\".\",\"\"),IF(AND($A$5>=4,$C163>=4),H163&\".\",\"\"),IF($C163=\"S\",I163&\".\",\"\")))","v":"1.9.1.0.14."},"SINAPI","95544","PAPELEIRA DE PAREDE EM METAL CROMADO SEM TAMPA, INCLUSO FIXAÇÃO. AF_01/2020",{"$f":"REFERENCIA.Unidade","v":"UN"},{"$f":"OFFSET(CÁLCULO!H$15,ROW($T163)-ROW(T$15),0)","v":10},97.88,"BDI 1",{"$f":"IF($C163=\"S\",ROUND(IF(TIPOORCAMENTO=\"Proposto\",ORÇAMENTO.CustoUnitario*(1+$AH163),ORÇAMENTO.PrecoUnitarioLicitado),15-13*$AF$10),0)","v":118.26},{"$f":"IF($C163=\"S\",IF(Import.TipoArredondamento<>\"TransfereGOV\",VTOTAL1,SUM(OFFSET(CÁLCULO!$AA$15,ROW($X163)-ROW($X$15),1):OFFSET(CÁLCULO!$AL$15,ROW($X163)-ROW($X$15),-1))),IF($C163=0,0,ROUND(SomaAgrup,15-13*$AF$11)))","v":1182.5999999999999},"RA",{"$f":"IF(AND($C163=\"S\",$X163>0),IF(ISBLANK($Y163),\"RA\",LEFT($Y163,2)),\"\")","v":"RA"},{"$f":"IF($C163=\"S\",IF($Z163=\"CP\",$X163,IF($Z163=\"RA\",(($X163)*QCI!$AA$3),0)),SomaAgrup)","v":317.26103447670459},{"$f":"IF($C163=\"S\",IF($Z163=\"OU\",ROUND($X163,2),0),SomaAgrup)","v":0},{"$f":"IF($N163=\"\",\"\",IF(ORÇAMENTO.Descricao=\"\",\"DESCRIÇÃO\",IF(AND($C163=\"S\",ORÇAMENTO.Unidade=\"\"),\"UNIDADE\",IF($X163<0,\"VALOR NEGATIVO\",IF(OR(AND(TIPOORCAMENTO=\"Proposto\",$AG163<>\"\",$AG163>0,ORÇAMENTO.CustoUnitario>$AG163),AND(TIPOORCAMENTO=\"LICITADO\",ORÇAMENTO.PrecoUnitarioLicitado>$AN163)),\"ACIMA REF.\",\"\")))))","v":""},{"$f":"IF(C163<=CRONO.NivelExibicao,MAX($AD$15:OFFSET(AD163,-1,0))+IF($C163<>1,1,MAX(1,COUNTIF(QCI!$A$13:$A$24,OFFSET($E163,-1,0)))),\"\")","v":""},{"$f":"IF(AND($C163=\"S\",ORÇAMENTO.CodBarra<>\"\"),IF(ORÇAMENTO.Fonte=\"\",ORÇAMENTO.CodBarra,CONCATENATE(ORÇAMENTO.Fonte,\" \",ORÇAMENTO.CodBarra)))","v":"SINAPI 95544"},{"$f":"IF(ISERROR(INDIRECT(ORÇAMENTO.BancoRef)),\"(abra o arquivo 'Referência \"&Excel_BuiltIn_Database&\".xlsm)\",IF(OR($C163<>\"S\",ORÇAMENTO.CodBarra=\"\"),\"(Sem Código)\",IF(ISERROR(MATCH($AE163,INDIRECT(ORÇAMENTO.BancoRef),0)),\"(Código não identificado nas referências)\",MATCH($AE163,INDIRECT(ORÇAMENTO.BancoRef),0))))","v":5368},{"$f":"ROUND(IF(DESONERACAO=\"sim\",REFERENCIA.Desonerado,REFERENCIA.NaoDesonerado),2)","v":97.88},{"$f":"ROUND(IF(ISNUMBER(ORÇAMENTO.OpcaoBDI),ORÇAMENTO.OpcaoBDI,IF(LEFT(ORÇAMENTO.OpcaoBDI,3)=\"BDI\",HLOOKUP(ORÇAMENTO.OpcaoBDI,$F$4:$H$5,2,FALSE),0)),15-11*$AF$9)","v":0.2082},null,10,null,null,1182.5999999999999,{"$f":"ROUND(ORÇAMENTO.CustoUnitario*(1+$AH163),2)","v":118.26}]
[{"$f":"CHOOSE(1+LOG(1+2*(ORÇAMENTO.Nivel=\"Meta\")+4*(ORÇAMENTO.Nivel=\"Nível 2\")+8*(ORÇAMENTO.Nivel=\"Nível 3\")+16*(ORÇAMENTO.Nivel=\"Nível 4\")+32*(ORÇAMENTO.Nivel=\"Serviço\"),2),0,1,2,3,4,\"S\")","v":"S"},{"$f":"IF(OR(C164=\"s\",C164=0),OFFSET(B164,-1,0),C164)","v":3},{"$f":"IF(OFFSET(C164,-1,0)=\"L\",1,IF(OFFSET(C164,-1,0)=1,2,IF(OR(A164=\"s\",A164=0),\"S\",IF(AND(OFFSET(C164,-1,0)=2,A164=4),3,IF(AND(OR(OFFSET(C164,-1,0)=\"s\",OFFSET(C164,-1,0)=0),A164<>\"s\",A164>OFFSET(B164,-1,0)),OFFSET(B164,-1,0),A164)))))","v":"S"},{"$f":"IF(OR(C164=\"S\",C164=0),0,IF(ISERROR(K164),J164,SMALL(J164:K164,1)))","v":0},{"$f":"IF($C164=1,OFFSET(E164,-1,0)+MAX(1,COUNTIF(QCI!$A$13:$A$24,OFFSET(ORÇAMENTO!E164,-1,0))),OFFSET(E164,-1,0))","v":1},{"$f":"IF($C164=1,0,IF($C164=2,OFFSET(F164,-1,0)+1,OFFSET(F164,-1,0)))","v":9},{"$f":"IF(AND($C164<=2,$C164<>0),0,IF($C164=3,OFFSET(G164,-1,0)+1,OFFSET(G164,-1,0)))","v":1},{"$f":"IF(AND($C164<=3,$C164<>0),0,IF($C164=4,OFFSET(H164,-1,0)+1,OFFSET(H164,-1,0)))","v":0},{"$f":"IF(AND($C164<=4,$C164<>0),0,IF(AND($C164=\"S\",$X164>0),OFFSET(I164,-1,0)+1,OFFSET(I164,-1,0)))","v":15},0,{"$f":"IF(OR($C164=\"S\",$C164=0),0,MATCH(OFFSET($D164,0,$C164)+IF($C164<>1,1,COUNTIF(QCI!$A$13:$A$24,ORÇAMENTO!E164)),OFFSET($D164,1,$C164,ROW($C$404)-ROW($C164)),0))","v":0},{"$f":"IF(OR($X164>0,$C164=1,$C164=2,$C164=3,$C164=4),\"F\",\"\")","v":"F"},"Serviço",{"$f":"CHOOSE(1+LOG(1+2*(C164=1)+4*(C164=2)+8*(C164=3)+16*(C164=4)+32*(C164=\"S\"),2),\"\",\"Meta\",\"Nível 2\",\"Nível 3\",\"Nível 4\",\"Serviço\")","v":"Serviço"},{"$f":"IF(OR($C164=0,$L164=\"\"),\"-\",CONCATENATE(E164&\".\",IF(AND($A$5>=2,$C164>=2),F164&\".\",\"\"),IF(AND($A$5>=3,$C164>=3),G164&\".\",\"\"),IF(AND($A$5>=4,$C164>=4),H164&\".\",\"\"),IF($C164=\"S\",I164&\".\",\"\")))","v":"1.9.1.0.15."},"SINAPI","102253",{"$f":"IF($C164=\"S\",REFERENCIA.Descricao,\"(digite a descrição aqui)\")","v":"DIVISORIA SANITÁRIA, TIPO CABINE, EM GRANITO CINZA POLIDO, ESP = 3CM, ASSENTADO COM ARGAMASSA COLANTE AC III-E, EXCLUSIVE FERRAGENS. AF_01/2021"},{"$f":"REFERENCIA.Unidade","v":"M2"},{"$f":"OFFSET(CÁLCULO!H$15,ROW($T164)-ROW(T$15),0)","v":39.4},937.12,"BDI 1",{"$f":"IF($C164=\"S\",ROUND(IF(TIPOORCAMENTO=\"Proposto\",ORÇAMENTO.CustoUnitario*(1+$AH164),ORÇAMENTO.PrecoUnitarioLicitado),15-13*$AF$10),0)","v":1132.23},{"$f":"IF($C164=\"S\",IF(Import.TipoArredondamento<>\"TransfereGOV\",VTOTAL1,SUM(OFFSET(CÁLCULO!$AA$15,ROW($X164)-ROW($X$15),1):OFFSET(CÁLCULO!$AL$15,ROW($X164)-ROW($X$15),-1))),IF($C164=0,0,ROUND(SomaAgrup,15-13*$AF$11)))","v":44609.86},"RA",{"$f":"IF(AND($C164=\"S\",$X164>0),IF(ISBLANK($Y164),\"RA\",LEFT($Y164,2)),\"\")","v":"RA"},{"$f":"IF($C164=\"S\",IF($Z164=\"CP\",$X164,IF($Z164=\"RA\",(($X164)*QCI!$AA$3),0)),SomaAgrup)","v":11967.673204347173},{"$f":"IF($C164=\"S\",IF($Z164=\"OU\",ROUND($X164,2),0),SomaAgrup)","v":0},{"$f":"IF($N164=\"\",\"\",IF(ORÇAMENTO.Descricao=\"\",\"DESCRIÇÃO\",IF(AND($C164=\"S\",ORÇAMENTO.Unidade=\"\"),\"UNIDADE\",IF($X164<0,\"VALOR NEGATIVO\",IF(OR(AND(TIPOORCAMENTO=\"Proposto\",$AG164<>\"\",$AG164>0,ORÇAMENTO.CustoUnitario>$AG164),AND(TIPOORCAMENTO=\"LICITADO\",ORÇAMENTO.PrecoUnitarioLicitado>$AN164)),\"ACIMA REF.\",\"\")))))","v":""},{"$f":"IF(C164<=CRONO.NivelExibicao,MAX($AD$15:OFFSET(AD164,-1,0))+IF($C164<>1,1,MAX(1,COUNTIF(QCI!$A$13:$A$24,OFFSET($E164,-1,0)))),\"\")","v":""},{"$f":"IF(AND($C164=\"S\",ORÇAMENTO.CodBarra<>\"\"),IF(ORÇAMENTO.Fonte=\"\",ORÇAMENTO.CodBarra,CONCATENATE(ORÇAMENTO.Fonte,\" \",ORÇAMENTO.CodBarra)))","v":"SINAPI 102253"},{"$f":"IF(ISERROR(INDIRECT(ORÇAMENTO.BancoRef)),\"(abra o arquivo 'Referência \"&Excel_BuiltIn_Database&\".xlsm)\",IF(OR($C164<>\"S\",ORÇAMENTO.CodBarra=\"\"),\"(Sem Código)\",IF(ISERROR(MATCH($AE164,INDIRECT(ORÇAMENTO.BancoRef),0)),\"(Código não identificado nas referências)\",MATCH($AE164,INDIRECT(ORÇAMENTO.BancoRef),0))))","v":6042},{"$f":"ROUND(IF(DESONERACAO=\"sim\",REFERENCIA.Desonerado,REFERENCIA.NaoDesonerado),2)","v":937.12},{"$f":"ROUND(IF(ISNUMBER(ORÇAMENTO.OpcaoBDI),ORÇAMENTO.OpcaoBDI,IF(LEFT(ORÇAMENTO.OpcaoBDI,3)=\"BDI\",HLOOKUP(ORÇAMENTO.OpcaoBDI,$F$4:$H$5,2,FALSE),0)),15-11*$AF$9)","v":0.2082},null,39.4,null,null,44609.86,{"$f":"ROUND(ORÇAMENTO.CustoUnitario*(1+$AH164),2)","v":1132.23}]
[3,3,3,7,{"$f":"IF($C165=1,OFFSET(E165,-1,0)+MAX(1,COUNTIF(QCI!$A$13:$A$24,OFFSET(ORÇAMENTO!E165,-1,0))),OFFSET(E165,-1,0))","v":1},9,2,0,0,11,{"$f":"IF(OR($C165=\"S\",$C165=0),0,MATCH(OFFSET($D165,0,$C165)+IF($C165<>1,1,COUNTIF(QCI!$A$13:$A$24,ORÇAMENTO!E165)),OFFSET($D165,1,$C165,ROW($C$404)-ROW($C165)),0))","v":7},"F","Nível 3","Nível 3","1.9.2.","SINAPI",null,"COZINHA",{"$f":"REFERENCIA.Unidade","v":"-"},{"$f":"OFFSET(CÁLCULO!H$15,ROW($T165)-ROW(T$15),0)","v":0},0,"BDI 1",{"$f":"IF($C165=\"S\",ROUND(IF(TIPOORCAMENTO=\"Proposto\",ORÇAMENTO.CustoUnitario*(1+$AH165),ORÇAMENTO.PrecoUnitarioLicitado),15-13*$AF$10),0)","v":0},{"$f":"IF($C165=\"S\",IF(Import.TipoArredondamento<>\"TransfereGOV\",VTOTAL1,SUM(OFFSET(CÁLCULO!$AA$15,ROW($X165)-ROW($X$15),1):OFFSET(CÁLCULO!$AL$15,ROW($X165)-ROW($X$15),-1))),IF($C165=0,0,ROUND(SomaAgrup,15-13*$AF$11)))","v":23045.06},"RA","",{"$f":"IF($C165=\"S\",IF($Z165=\"CP\",$X165,IF($Z165=\"RA\",(($X165)*QCI!$AA$3),0)),SomaAgrup)","v":6182.3943642632566},0,{"$f":"IF($N165=\"\",\"\",IF(ORÇAMENTO.Descricao=\"\",\"DESCRIÇÃO\",IF(AND($C165=\"S\",ORÇAMENTO.Unidade=\"\"),\"UNIDADE\",IF($X165<0,\"VALOR NEGATIVO\",IF(OR(AND(TIPOORCAMENTO=\"Proposto\",$AG165<>\"\",$AG165>0,ORÇAMENTO.CustoUnitario>$AG165),AND(TIPOORCAMENTO=\"LICITADO\",ORÇAMENTO.PrecoUnitarioLicitado>$AN165)),\"ACIMA REF.\",\"\")))))","v":""},{"$f":"IF(C165<=CRONO.NivelExibicao,MAX($AD$15:OFFSET(AD165,-1,0))+IF($C165<>1,1,MAX(1,COUNTIF(QCI!$A$13:$A$24,OFFSET($E165,-1,0)))),\"\")","v":""},{"$f":"IF(AND($C165=\"S\",ORÇAMENTO.CodBarra<>\"\"),IF(ORÇAMENTO.Fonte=\"\",ORÇAMENTO.CodBarra,CONCATENATE(ORÇAMENTO.Fonte,\" \",ORÇAMENTO.CodBarra)))","v":false},{"$f":"IF(ISERROR(INDIRECT(ORÇAMENTO.BancoRef)),\"(abra o arquivo 'Referência \"&Excel_BuiltIn_Database&\".xlsm)\",IF(OR($C165<>\"S\",ORÇAMENTO.CodBarra=\"\"),\"(Sem Código)\",IF(ISERROR(MATCH($AE165,INDIRECT(ORÇAMENTO.BancoRef),0)),\"(Código não identificado nas referências)\",MATCH($AE165,INDIRECT(ORÇAMENTO.BancoRef),0))))","v":"(Sem Código)"},{"$f":"ROUND(IF(DESONERACAO=\"sim\",REFERENCIA.Desonerado,REFERENCIA.NaoDesonerado),2)","v":0},0.2082,null,null,null,null,23045.06,0]
["S",3,"S",0,{"$f":"IF($C166=1,OFFSET(E166,-1,0)+MAX(1,COUNTIF(QCI!$A$13:$A$24,OFFSET(ORÇAMENTO!E166,-1,0))),OFFSET(E166,-1,0))","v":1},9,2,0,1,0,{"$f":"IF(OR($C166=\"S\",$C166=0),0,MATCH(OFFSET($D166,0,$C166)+IF($C166<>1,1,COUNTIF(QCI!$A$13:$A$24,ORÇAMENTO!E166)),OFFSET($D166,1,$C166,ROW($C$404)-ROW($C166)),0))","v":0},"F","Serviço","Serviço","1.9.2.0.1.","Composição","002",{"$f":"IF($C166=\"S\",REFERENCIA.Descricao,\"(digite a descrição aqui)\")","v":"GRANITO PARA BANCADA, POLIDO, TIPO ANDORINHA/ QUARTZ/ CASTELO/ CORUMBA OU OUTROS EQUIVALENTES DA REGIAO, E=  *2,5* CM, INCLUSO FIXAÇÃO                                                                                                                                                                                                                                                                                                                                                                                     "},{"$f":"REFERENCIA.Unidade","v":"M2"},{"$f":"OFFSET(CÁLCULO!H$15,ROW($T166)-ROW(T$15),0)","v":8},901.55,"BDI 1",{"$f":"IF($C166=\"S\",ROUND(IF(TIPOORCAMENTO=\"Proposto\",ORÇAMENTO.CustoUnitario*(1+$AH166),ORÇAMENTO.PrecoUnitarioLicitado),15-13*$AF$10),0)","v":1089.25},{"$f":"IF($C166=\"S\",IF(Import.TipoArredondamento<>\"TransfereGOV\",VTOTAL1,SUM(OFFSET(CÁLCULO!$AA$15,ROW($X166)-ROW($X$15),1):OFFSET(CÁLCULO!$AL$15,ROW($X166)-ROW($X$15),-1))),IF($C166=0,0,ROUND(SomaAgrup,15-13*$AF$11)))","v":8714},"RA","RA",{"$f":"IF($C166=\"S\",IF($Z166=\"CP\",$X166,IF($Z166=\"RA\",(($X166)*QCI!$AA$3),0)),SomaAgrup)","v":2337.7411250042314},0,{"$f":"IF($N166=\"\",\"\",IF(ORÇAMENTO.Descricao=\"\",\"DESCRIÇÃO\",IF(AND($C166=\"S\",ORÇAMENTO.Unidade=\"\"),\"UNIDADE\",IF($X166<0,\"VALOR NEGATIVO\",IF(OR(AND(TIPOORCAMENTO=\"Proposto\",$AG166<>\"\",$AG166>0,ORÇAMENTO.CustoUnitario>$AG166),AND(TIPOORCAMENTO=\"LICITADO\",ORÇAMENTO.PrecoUnitarioLicitado>$AN166)),\"ACIMA REF.\",\"\")))))","v":""},{"$f":"IF(C166<=CRONO.NivelExibicao,MAX($AD$15:OFFSET(AD166,-1,0))+IF($C166<>1,1,MAX(1,COUNTIF(QCI!$A$13:$A$24,OFFSET($E166,-1,0)))),\"\")","v":""},{"$f":"IF(AND($C166=\"S\",ORÇAMENTO.CodBarra<>\"\"),IF(ORÇAMENTO.Fonte=\"\",ORÇAMENTO.CodBarra,CONCATENATE(ORÇAMENTO.Fonte,\" \",ORÇAMENTO.CodBarra)))","v":"Composição 002"},{"$f":"IF(ISERROR(INDIRECT(ORÇAMENTO.BancoRef)),\"(abra o arquivo 'Referência \"&Excel_BuiltIn_Database&\".xlsm)\",IF(OR($C166<>\"S\",ORÇAMENTO.CodBarra=\"\"),\"(Sem Código)\",IF(ISERROR(MATCH($AE166,INDIRECT(ORÇAMENTO.BancoRef),0)),\"(Código não identificado nas referências)\",MATCH($AE166,INDIRECT(ORÇAMENTO.BancoRef),0))))","v":4},{"$f":"ROUND(IF(DESONERACAO=\"sim\",REFERENCIA.Desonerado,REFERENCIA.NaoDesonerado),2)","v":901.55},0.2082,null,8,null,null,8714,1089.25]
["S",3,"S",0,{"$f":"IF($C167=1,OFFSET(E167,-1,0)+MAX(1,COUNTIF(QCI!$A$13:$A$24,OFFSET(ORÇAMENTO!E167,-1,0))),OFFSET(E167,-1,0))","v":1},9,2,0,2,0,{"$f":"IF(OR($C167=\"S\",$C167=0),0,MATCH(OFFSET($D167,0,$C167)+IF($C167<>1,1,COUNTIF(QCI!$A$13:$A$24,ORÇAMENTO!E167)),OFFSET($D167,1,$C167,ROW($C$404)-ROW($C167)),0))","v":0},"F","Serviço","Serviço","1.9.2.0.2.","Composição","006",{"$f":"IF($C167=\"S\",REFERENCIA.Descricao,\"(digite a descrição aqui)\")","v":"ABERTURA PARA ENCAIXE DE CUBA OU LAVATORIO EM BANCADA DE MARMORE/ GRANITO OU OUTRO TIPO DE PEDRA NATURAL                                                                                                                                                       "},{"$f":"REFERENCIA.Unidade","v":"UNIDADE"},{"$f":"OFFSET(CÁLCULO!H$15,ROW($T167)-ROW(T$15),0)","v":3},159.76,"BDI 1",{"$f":"IF($C167=\"S\",ROUND(IF(TIPOORCAMENTO=\"Proposto\",ORÇAMENTO.CustoUnitario*(1+$AH167),ORÇAMENTO.PrecoUnitarioLicitado),15-13*$AF$10),0)","v":193.02},{"$f":"IF($C167=\"S\",IF(Import.TipoArredondamento<>\"TransfereGOV\",VTOTAL1,SUM(OFFSET(CÁLCULO!$AA$15,ROW($X167)-ROW($X$15),1):OFFSET(CÁLCULO!$AL$15,ROW($X167)-ROW($X$15),-1))),IF($C167=0,0,ROUND(SomaAgrup,15-13*$AF$11)))","v":579.05999999999995},"RA","RA",{"$f":"IF($C167=\"S\",IF($Z167=\"CP\",$X167,IF($Z167=\"RA\",(($X167)*QCI!$AA$3),0)),SomaAgrup)","v":155.34684138684301},0,{"$f":"IF($N167=\"\",\"\",IF(ORÇAMENTO.Descricao=\"\",\"DESCRIÇÃO\",IF(AND($C167=\"S\",ORÇAMENTO.Unidade=\"\"),\"UNIDADE\",IF($X167<0,\"VALOR NEGATIVO\",IF(OR(AND(TIPOORCAMENTO=\"Proposto\",$AG167<>\"\",$AG167>0,ORÇAMENTO.CustoUnitario>$AG167),AND(TIPOORCAMENTO=\"LICITADO\",ORÇAMENTO.PrecoUnitarioLicitado>$AN167)),\"ACIMA REF.\",\"\")))))","v":""},{"$f":"IF(C167<=CRONO.NivelExibicao,MAX($AD$15:OFFSET(AD167,-1,0))+IF($C167<>1,1,MAX(1,COUNTIF(QCI!$A$13:$A$24,OFFSET($E167,-1,0)))),\"\")","v":""},{"$f":"IF(AND($C167=\"S\",ORÇAMENTO.CodBarra<>\"\"),IF(ORÇAMENTO.Fonte=\"\",ORÇAMENTO.CodBarra,CONCATENATE(ORÇAMENTO.Fonte,\" \",ORÇAMENTO.CodBarra)))","v":"Composição 006"},{"$f":"IF(ISERROR(INDIRECT(ORÇAMENTO.BancoRef)),\"(abra o arquivo 'Referência \"&Excel_BuiltIn_Database&\".xlsm)\",IF(OR($C167<>\"S\",ORÇAMENTO.CodBarra=\"\"),\"(Sem Código)\",IF(ISERROR(MATCH($AE167,INDIRECT(ORÇAMENTO.BancoRef),0)),\"(Código não identificado nas referências)\",MATCH($AE167,INDIRECT(ORÇAMENTO.BancoRef),0))))","v":8},{"$f":"ROUND(IF(DESONERACAO=\"sim\",REFERENCIA.Desonerado,REFERENCIA.NaoDesonerado),2)","v":159.76},0.2082,null,3,null,null,579.05999999999995,193.02]
["S",3,"S",0,{"$f":"IF($C168=1,OFFSET(E168,-1,0)+MAX(1,COUNTIF(QCI!$A$13:$A$24,OFFSET(ORÇAMENTO!E168,-1,0))),OFFSET(E168,-1,0))","v":1},9,2,0,3,0,{"$f":"IF(OR($C168=\"S\",$C168=0),0,MATCH(OFFSET($D168,0,$C168)+IF($C168<>1,1,COUNTIF(QCI!$A$13:$A$24,ORÇAMENTO!E168)),OFFSET($D168,1,$C168,ROW($C$404)-ROW($C168)),0))","v":0},"F","Serviço","Serviço","1.9.2.0.3.","Composição","003",{"$f":"IF($C168=\"S\",REFERENCIA.Descricao,\"(digite a descrição aqui)\")","v":"CUBA INDUSTRIAL EM AÇO INOXIDAVEL, 60 X 50 X 40 CM, INCLUSO VÁLVULA EM METAL CROMADO, SIFÃO FLEXÍVEL E ENGATE FLEXÍVEL E TORNEIRA CROMADA - FORNECIMENTO E INSTALAÇÃO."},{"$f":"REFERENCIA.Unidade","v":"UNIDADE"},{"$f":"OFFSET(CÁLCULO!H$15,ROW($T168)-ROW(T$15),0)","v":1},1343.4,"BDI 1",{"$f":"IF($C168=\"S\",ROUND(IF(TIPOORCAMENTO=\"Proposto\",ORÇAMENTO.CustoUnitario*(1+$AH168),ORÇAMENTO.PrecoUnitarioLicitado),15-13*$AF$10),0)","v":1623.1},{"$f":"IF($C168=\"S\",IF(Import.TipoArredondamento<>\"TransfereGOV\",VTOTAL1,SUM(OFFSET(CÁLCULO!$AA$15,ROW($X168)-ROW($X$15),1):OFFSET(CÁLCULO!$AL$15,ROW($X168)-ROW($X$15),-1))),IF($C168=0,0,ROUND(SomaAgrup,15-13*$AF$11)))","v":1623.1},"RA","RA",{"$f":"IF($C168=\"S\",IF($Z168=\"CP\",$X168,IF($Z168=\"RA\",(($X168)*QCI!$AA$3),0)),SomaAgrup)","v":435.43580674711586},0,{"$f":"IF($N168=\"\",\"\",IF(ORÇAMENTO.Descricao=\"\",\"DESCRIÇÃO\",IF(AND($C168=\"S\",ORÇAMENTO.Unidade=\"\"),\"UNIDADE\",IF($X168<0,\"VALOR NEGATIVO\",IF(OR(AND(TIPOORCAMENTO=\"Proposto\",$AG168<>\"\",$AG168>0,ORÇAMENTO.CustoUnitario>$AG168),AND(TIPOORCAMENTO=\"LICITADO\",ORÇAMENTO.PrecoUnitarioLicitado>$AN168)),\"ACIMA REF.\",\"\")))))","v":""},{"$f":"IF(C168<=CRONO.NivelExibicao,MAX($AD$15:OFFSET(AD168,-1,0))+IF($C168<>1,1,MAX(1,COUNTIF(QCI!$A$13:$A$24,OFFSET($E168,-1,0)))),\"\")","v":""},{"$f":"IF(AND($C168=\"S\",ORÇAMENTO.CodBarra<>\"\"),IF(ORÇAMENTO.Fonte=\"\",ORÇAMENTO.CodBarra,CONCATENATE(ORÇAMENTO.Fonte,\" \",ORÇAMENTO.CodBarra)))","v":"Composição 003"},{"$f":"IF(ISERROR(INDIRECT(ORÇAMENTO.BancoRef)),\"(abra o arquivo 'Referência \"&Excel_BuiltIn_Database&\".xlsm)\",IF(OR($C168<>\"S\",ORÇAMENTO.CodBarra=\"\"),\"(Sem Código)\",IF(ISERROR(MATCH($AE168,INDIRECT(ORÇAMENTO.BancoRef),0)),\"(Código não identificado nas referências)\",MATCH($AE168,INDIRECT(ORÇAMENTO.BancoRef),0))))","v":5},{"$f":"ROUND(IF(DESONERACAO=\"sim\",REFERENCIA.Desonerado,REFERENCIA.NaoDesonerado),2)","v":1343.4},0.2082,null,1,null,null,1623.1,1623.1]
["S",3,"S",0,{"$f":"IF($C169=1,OFFSET(E169,-1,0)+MAX(1,COUNTIF(QCI!$A$13:$A$24,OFFSET(ORÇAMENTO!E169,-1,0))),OFFSET(E169,-1,0))","v":1},9,2,0,4,0,{"$f":"IF(OR($C169=\"S\",$C169=0),0,MATCH(OFFSET($D169,0,$C169)+IF($C169<>1,1,COUNTIF(QCI!$A$13:$A$24,ORÇAMENTO!E169)),OFFSET($D169,1,$C169,ROW($C$404)-ROW($C169)),0))","v":0},"F","Serviço","Serviço","1.9.2.0.4.","SINAPI","86935",{"$f":"IF($C169=\"S\",REFERENCIA.Descricao,\"(digite a descrição aqui)\")","v":"CUBA DE EMBUTIR DE AÇO INOXIDÁVEL MÉDIA, INCLUSO VÁLVULA TIPO AMERICANA EM METAL CROMADO E SIFÃO FLEXÍVEL EM PVC - FORNECIMENTO E INSTALAÇÃO. AF_01/2020"},{"$f":"REFERENCIA.Unidade","v":"UN"},{"$f":"OFFSET(CÁLCULO!H$15,ROW($T169)-ROW(T$15),0)","v":2},322.66000000000003,"BDI 1",{"$f":"IF($C169=\"S\",ROUND(IF(TIPOORCAMENTO=\"Proposto\",ORÇAMENTO.CustoUnitario*(1+$AH169),ORÇAMENTO.PrecoUnitarioLicitado),15-13*$AF$10),0)","v":389.84},{"$f":"IF($C169=\"S\",IF(Import.TipoArredondamento<>\"TransfereGOV\",VTOTAL1,SUM(OFFSET(CÁLCULO!$AA$15,ROW($X169)-ROW($X$15),1):OFFSET(CÁLCULO!$AL$15,ROW($X169)-ROW($X$15),-1))),IF($C169=0,0,ROUND(SomaAgrup,15-13*$AF$11)))","v":779.68},"RA","RA",{"$f":"IF($C169=\"S\",IF($Z169=\"CP\",$X169,IF($Z169=\"RA\",(($X169)*QCI!$AA$3),0)),SomaAgrup)","v":209.16800554777359},0,{"$f":"IF($N169=\"\",\"\",IF(ORÇAMENTO.Descricao=\"\",\"DESCRIÇÃO\",IF(AND($C169=\"S\",ORÇAMENTO.Unidade=\"\"),\"UNIDADE\",IF($X169<0,\"VALOR NEGATIVO\",IF(OR(AND(TIPOORCAMENTO=\"Proposto\",$AG169<>\"\",$AG169>0,ORÇAMENTO.CustoUnitario>$AG169),AND(TIPOORCAMENTO=\"LICITADO\",ORÇAMENTO.PrecoUnitarioLicitado>$AN169)),\"ACIMA REF.\",\"\")))))","v":""},{"$f":"IF(C169<=CRONO.NivelExibicao,MAX($AD$15:OFFSET(AD169,-1,0))+IF($C169<>1,1,MAX(1,COUNTIF(QCI!$A$13:$A$24,OFFSET($E169,-1,0)))),\"\")","v":""},{"$f":"IF(AND($C169=\"S\",ORÇAMENTO.CodBarra<>\"\"),IF(ORÇAMENTO.Fonte=\"\",ORÇAMENTO.CodBarra,CONCATENATE(ORÇAMENTO.Fonte,\" \",ORÇAMENTO.CodBarra)))","v":"SINAPI 86935"},{"$f":"IF(ISERROR(INDIRECT(ORÇAMENTO.BancoRef)),\"(abra o arquivo 'Referência \"&Excel_BuiltIn_Database&\".xlsm)\",IF(OR($C169<>\"S\",ORÇAMENTO.CodBarra=\"\"),\"(Sem Código)\",IF(ISERROR(MATCH($AE169,INDIRECT(ORÇAMENTO.BancoRef),0)),\"(Código não identificado nas referências)\",MATCH($AE169,INDIRECT(ORÇAMENTO.BancoRef),0))))","v":5349},{"$f":"ROUND(IF(DESONERACAO=\"sim\",REFERENCIA.Desonerado,REFERENCIA.NaoDesonerado),2)","v":322.66000000000003},0.2082,null,2,null,null,779.68,389.84]
["S",3,"S",0,{"$f":"IF($C170=1,OFFSET(E170,-1,0)+MAX(1,COUNTIF(QCI!$A$13:$A$24,OFFSET(ORÇAMENTO!E170,-1,0))),OFFSET(E170,-1,0))","v":1},9,2,0,5,0,{"$f":"IF(OR($C170=\"S\",$C170=0),0,MATCH(OFFSET($D170,0,$C170)+IF($C170<>1,1,COUNTIF(QCI!$A$13:$A$24,ORÇAMENTO!E170)),OFFSET($D170,1,$C170,ROW($C$404)-ROW($C170)),0))","v":0},"F","Serviço","Serviço","1.9.2.0.5.","Composição","015",{"$f":"IF($C170=\"S\",REFERENCIA.Descricao,\"(digite a descrição aqui)\")","v":"COIFA EM AÇO INOX 1200 X 900 X 600MM, COM DUTO EM AÇO INOX  DE 3,50 M, CHAMINÉ EM AÇO GALVANIZADO NA COR PRETA, COM EXAUSTOR INTER 40CM COMPLETO COM MOTOR E VAZÃO DE 5000M³/H - FORNECIMENTO E INSTALAÇÃO"},{"$f":"REFERENCIA.Unidade","v":"UN"},{"$f":"OFFSET(CÁLCULO!H$15,ROW($T170)-ROW(T$15),0)","v":2},2184.98,"BDI 1",{"$f":"IF($C170=\"S\",ROUND(IF(TIPOORCAMENTO=\"Proposto\",ORÇAMENTO.CustoUnitario*(1+$AH170),ORÇAMENTO.PrecoUnitarioLicitado),15-13*$AF$10),0)","v":2639.89},{"$f":"IF($C170=\"S\",IF(Import.TipoArredondamento<>\"TransfereGOV\",VTOTAL1,SUM(OFFSET(CÁLCULO!$AA$15,ROW($X170)-ROW($X$15),1):OFFSET(CÁLCULO!$AL$15,ROW($X170)-ROW($X$15),-1))),IF($C170=0,0,ROUND(SomaAgrup,15-13*$AF$11)))","v":5279.78},"RA","RA",{"$f":"IF($C170=\"S\",IF($Z170=\"CP\",$X170,IF($Z170=\"RA\",(($X170)*QCI!$AA$3),0)),SomaAgrup)","v":1416.4286019020933},0,{"$f":"IF($N170=\"\",\"\",IF(ORÇAMENTO.Descricao=\"\",\"DESCRIÇÃO\",IF(AND($C170=\"S\",ORÇAMENTO.Unidade=\"\"),\"UNIDADE\",IF($X170<0,\"VALOR NEGATIVO\",IF(OR(AND(TIPOORCAMENTO=\"Proposto\",$AG170<>\"\",$AG170>0,ORÇAMENTO.CustoUnitario>$AG170),AND(TIPOORCAMENTO=\"LICITADO\",ORÇAMENTO.PrecoUnitarioLicitado>$AN170)),\"ACIMA REF.\",\"\")))))","v":""},{"$f":"IF(C170<=CRONO.NivelExibicao,MAX($AD$15:OFFSET(AD170,-1,0))+IF($C170<>1,1,MAX(1,COUNTIF(QCI!$A$13:$A$24,OFFSET($E170,-1,0)))),\"\")","v":""},{"$f":"IF(AND($C170=\"S\",ORÇAMENTO.CodBarra<>\"\"),IF(ORÇAMENTO.Fonte=\"\",ORÇAMENTO.CodBarra,CONCATENATE(ORÇAMENTO.Fonte,\" \",ORÇAMENTO.CodBarra)))","v":"Composição 015"},{"$f":"IF(ISERROR(INDIRECT(ORÇAMENTO.BancoRef)),\"(abra o arquivo 'Referência \"&Excel_BuiltIn_Database&\".xlsm)\",IF(OR($C170<>\"S\",ORÇAMENTO.CodBarra=\"\"),\"(Sem Código)\",IF(ISERROR(MATCH($AE170,INDIRECT(ORÇAMENTO.BancoRef),0)),\"(Código não identificado nas referências)\",MATCH($AE170,INDIRECT(ORÇAMENTO.BancoRef),0))))","v":17},{"$f":"ROUND(IF(DESONERACAO=\"sim\",REFERENCIA.Desonerado,REFERENCIA.NaoDesonerado),2)","v":2184.98},0.2082,null,2,null,null,5279.78,2639.89]
["S",3,"S",0,{"$f":"IF($C171=1,OFFSET(E171,-1,0)+MAX(1,COUNTIF(QCI!$A$13:$A$24,OFFSET(ORÇAMENTO!E171,-1,0))),OFFSET(E171,-1,0))","v":1},9,2,0,6,0,{"$f":"IF(OR($C171=\"S\",$C171=0),0,MATCH(OFFSET($D171,0,$C171)+IF($C171<>1,1,COUNTIF(QCI!$A$13:$A$24,ORÇAMENTO!E171)),OFFSET($D171,1,$C171,ROW($C$404)-ROW($C171)),0))","v":0},"F","Serviço","Serviço","1.9.2.0.6.","Cotação","006",{"$f":"IF($C171=\"S\",REFERENCIA.Descricao,\"(digite a descrição aqui)\")","v":"MESA EM AÇO INOX INDUSTRIAL 2,20 X 0,70 X 0,90M COM DOIS PANELEIROS"},{"$f":"REFERENCIA.Unidade","v":"UNIDADE"},{"$f":"OFFSET(CÁLCULO!H$15,ROW($T171)-ROW(T$15),0)","v":2.4300000000000002},2067.3000000000002,"BDI 1",{"$f":"IF($C171=\"S\",ROUND(IF(TIPOORCAMENTO=\"Proposto\",ORÇAMENTO.CustoUnitario*(1+$AH171),ORÇAMENTO.PrecoUnitarioLicitado),15-13*$AF$10),0)","v":2497.71},{"$f":"IF($C171=\"S\",IF(Import.TipoArredondamento<>\"TransfereGOV\",VTOTAL1,SUM(OFFSET(CÁLCULO!$AA$15,ROW($X171)-ROW($X$15),1):OFFSET(CÁLCULO!$AL$15,ROW($X171)-ROW($X$15),-1))),IF($C171=0,0,ROUND(SomaAgrup,15-13*$AF$11)))","v":6069.44},"RA","RA",{"$f":"IF($C171=\"S\",IF($Z171=\"CP\",$X171,IF($Z171=\"RA\",(($X171)*QCI!$AA$3),0)),SomaAgrup)","v":1628.2739836751987},0,{"$f":"IF($N171=\"\",\"\",IF(ORÇAMENTO.Descricao=\"\",\"DESCRIÇÃO\",IF(AND($C171=\"S\",ORÇAMENTO.Unidade=\"\"),\"UNIDADE\",IF($X171<0,\"VALOR NEGATIVO\",IF(OR(AND(TIPOORCAMENTO=\"Proposto\",$AG171<>\"\",$AG171>0,ORÇAMENTO.CustoUnitario>$AG171),AND(TIPOORCAMENTO=\"LICITADO\",ORÇAMENTO.PrecoUnitarioLicitado>$AN171)),\"ACIMA REF.\",\"\")))))","v":""},{"$f":"IF(C171<=CRONO.NivelExibicao,MAX($AD$15:OFFSET(AD171,-1,0))+IF($C171<>1,1,MAX(1,COUNTIF(QCI!$A$13:$A$24,OFFSET($E171,-1,0)))),\"\")","v":""},{"$f":"IF(AND($C171=\"S\",ORÇAMENTO.CodBarra<>\"\"),IF(ORÇAMENTO.Fonte=\"\",ORÇAMENTO.CodBarra,CONCATENATE(ORÇAMENTO.Fonte,\" \",ORÇAMENTO.CodBarra)))","v":"Cotação 006"},{"$f":"IF(ISERROR(INDIRECT(ORÇAMENTO.BancoRef)),\"(abra o arquivo 'Referência \"&Excel_BuiltIn_Database&\".xlsm)\",IF(OR($C171<>\"S\",ORÇAMENTO.CodBarra=\"\"),\"(Sem Código)\",IF(ISERROR(MATCH($AE171,INDIRECT(ORÇAMENTO.BancoRef),0)),\"(Código não identificado nas referências)\",MATCH($AE171,INDIRECT(ORÇAMENTO.BancoRef),0))))","v":23},{"$f":"ROUND(IF(DESONERACAO=\"sim\",REFERENCIA.Desonerado,REFERENCIA.NaoDesonerado),2)","v":2067.3000000000002},0.2082,null,2.4300000000000002,null,null,6069.44,2497.71]
[3,3,3,4,{"$f":"IF($C172=1,OFFSET(E172,-1,0)+MAX(1,COUNTIF(QCI!$A$13:$A$24,OFFSET(ORÇAMENTO!E172,-1,0))),OFFSET(E172,-1,0))","v":1},9,3,0,0,4,{"$f":"IF(OR($C172=\"S\",$C172=0),0,MATCH(OFFSET($D172,0,$C172)+IF($C172<>1,1,COUNTIF(QCI!$A$13:$A$24,ORÇAMENTO!E172)),OFFSET($D172,1,$C172,ROW($C$404)-ROW($C172)),0))","v":97},"F","Nível 3","Nível 3","1.9.3.","SINAPI",null,"ALMOXARIFADO, DESPENSA, ÁREA DE SERVIÇO",{"$f":"REFERENCIA.Unidade","v":"-"},{"$f":"OFFSET(CÁLCULO!H$15,ROW($T172)-ROW(T$15),0)","v":0},0,"BDI 1",{"$f":"IF($C172=\"S\",ROUND(IF(TIPOORCAMENTO=\"Proposto\",ORÇAMENTO.CustoUnitario*(1+$AH172),ORÇAMENTO.PrecoUnitarioLicitado),15-13*$AF$10),0)","v":0},{"$f":"IF($C172=\"S\",IF(Import.TipoArredondamento<>\"TransfereGOV\",VTOTAL1,SUM(OFFSET(CÁLCULO!$AA$15,ROW($X172)-ROW($X$15),1):OFFSET(CÁLCULO!$AL$15,ROW($X172)-ROW($X$15),-1))),IF($C172=0,0,ROUND(SomaAgrup,15-13*$AF$11)))","v":66199.12},"RA","",{"$f":"IF($C172=\"S\",IF($Z172=\"CP\",$X172,IF($Z172=\"RA\",(($X172)*QCI!$AA$3),0)),SomaAgrup)","v":17759.514030650691},0,{"$f":"IF($N172=\"\",\"\",IF(ORÇAMENTO.Descricao=\"\",\"DESCRIÇÃO\",IF(AND($C172=\"S\",ORÇAMENTO.Unidade=\"\"),\"UNIDADE\",IF($X172<0,\"VALOR NEGATIVO\",IF(OR(AND(TIPOORCAMENTO=\"Proposto\",$AG172<>\"\",$AG172>0,ORÇAMENTO.CustoUnitario>$AG172),AND(TIPOORCAMENTO=\"LICITADO\",ORÇAMENTO.PrecoUnitarioLicitado>$AN172)),\"ACIMA REF.\",\"\")))))","v":""},{"$f":"IF(C172<=CRONO.NivelExibicao,MAX($AD$15:OFFSET(AD172,-1,0))+IF($C172<>1,1,MAX(1,COUNTIF(QCI!$A$13:$A$24,OFFSET($E172,-1,0)))),\"\")","v":""},{"$f":"IF(AND($C172=\"S\",ORÇAMENTO.CodBarra<>\"\"),IF(ORÇAMENTO.Fonte=\"\",ORÇAMENTO.CodBarra,CONCATENATE(ORÇAMENTO.Fonte,\" \",ORÇAMENTO.CodBarra)))","v":false},{"$f":"IF(ISERROR(INDIRECT(ORÇAMENTO.BancoRef)),\"(abra o arquivo 'Referência \"&Excel_BuiltIn_Database&\".xlsm)\",IF(OR($C172<>\"S\",ORÇAMENTO.CodBarra=\"\"),\"(Sem Código)\",IF(ISERROR(MATCH($AE172,INDIRECT(ORÇAMENTO.BancoRef),0)),\"(Código não identificado nas referências)\",MATCH($AE172,INDIRECT(ORÇAMENTO.BancoRef),0))))","v":"(Sem Código)"},{"$f":"ROUND(IF(DESONERACAO=\"sim\",REFERENCIA.Desonerado,REFERENCIA.NaoDesonerado),2)","v":0},0.2082,null,null,null,null,66199.12,0]
["S",3,"S",0,{"$f":"IF($C173=1,OFFSET(E173,-1,0)+MAX(1,COUNTIF(QCI!$A$13:$A$24,OFFSET(ORÇAMENTO!E173,-1,0))),OFFSET(E173,-1,0))","v":1},9,3,0,1,0,{"$f":"IF(OR($C173=\"S\",$C173=0),0,MATCH(OFFSET($D173,0,$C173)+IF($C173<>1,1,COUNTIF(QCI!$A$13:$A$24,ORÇAMENTO!E173)),OFFSET($D173,1,$C173,ROW($C$404)-ROW($C173)),0))","v":0},"F","Serviço","Serviço","1.9.3.0.1.","Composição","002",{"$f":"IF($C173=\"S\",REFERENCIA.Descricao,\"(digite a descrição aqui)\")","v":"GRANITO PARA BANCADA, POLIDO, TIPO ANDORINHA/ QUARTZ/ CASTELO/ CORUMBA OU OUTROS EQUIVALENTES DA REGIAO, E=  *2,5* CM, INCLUSO FIXAÇÃO                                                                                                                                                                                                                                                                                                                                                                                     "},{"$f":"REFERENCIA.Unidade","v":"M2"},{"$f":"OFFSET(CÁLCULO!H$15,ROW($T173)-ROW(T$15),0)","v":59.57},901.55,"BDI 1",{"$f":"IF($C173=\"S\",ROUND(IF(TIPOORCAMENTO=\"Proposto\",ORÇAMENTO.CustoUnitario*(1+$AH173),ORÇAMENTO.PrecoUnitarioLicitado),15-13*$AF$10),0)","v":1089.25},{"$f":"IF($C173=\"S\",IF(Import.TipoArredondamento<>\"TransfereGOV\",VTOTAL1,SUM(OFFSET(CÁLCULO!$AA$15,ROW($X173)-ROW($X$15),1):OFFSET(CÁLCULO!$AL$15,ROW($X173)-ROW($X$15),-1))),IF($C173=0,0,ROUND(SomaAgrup,15-13*$AF$11)))","v":64886.62},"RA","RA",{"$f":"IF($C173=\"S\",IF($Z173=\"CP\",$X173,IF($Z173=\"RA\",(($X173)*QCI!$AA$3),0)),SomaAgrup)","v":17407.404181377333},0,{"$f":"IF($N173=\"\",\"\",IF(ORÇAMENTO.Descricao=\"\",\"DESCRIÇÃO\",IF(AND($C173=\"S\",ORÇAMENTO.Unidade=\"\"),\"UNIDADE\",IF($X173<0,\"VALOR NEGATIVO\",IF(OR(AND(TIPOORCAMENTO=\"Proposto\",$AG173<>\"\",$AG173>0,ORÇAMENTO.CustoUnitario>$AG173),AND(TIPOORCAMENTO=\"LICITADO\",ORÇAMENTO.PrecoUnitarioLicitado>$AN173)),\"ACIMA REF.\",\"\")))))","v":""},{"$f":"IF(C173<=CRONO.NivelExibicao,MAX($AD$15:OFFSET(AD173,-1,0))+IF($C173<>1,1,MAX(1,COUNTIF(QCI!$A$13:$A$24,OFFSET($E173,-1,0)))),\"\")","v":""},{"$f":"IF(AND($C173=\"S\",ORÇAMENTO.CodBarra<>\"\"),IF(ORÇAMENTO.Fonte=\"\",ORÇAMENTO.CodBarra,CONCATENATE(ORÇAMENTO.Fonte,\" \",ORÇAMENTO.CodBarra)))","v":"Composição 002"},{"$f":"IF(ISERROR(INDIRECT(ORÇAMENTO.BancoRef)),\"(abra o arquivo 'Referência \"&Excel_BuiltIn_Database&\".xlsm)\",IF(OR($C173<>\"S\",ORÇAMENTO.CodBarra=\"\"),\"(Sem Código)\",IF(ISERROR(MATCH($AE173,INDIRECT(ORÇAMENTO.BancoRef),0)),\"(Código não identificado nas referências)\",MATCH($AE173,INDIRECT(ORÇAMENTO.BancoRef),0))))","v":4},{"$f":"ROUND(IF(DESONERACAO=\"sim\",REFERENCIA.Desonerado,REFERENCIA.NaoDesonerado),2)","v":901.55},0.2082,null,59.57,null,null,64886.62,1089.25]
["S",3,"S",0,{"$f":"IF($C174=1,OFFSET(E174,-1,0)+MAX(1,COUNTIF(QCI!$A$13:$A$24,OFFSET(ORÇAMENTO!E174,-1,0))),OFFSET(E174,-1,0))","v":1},9,3,0,2,0,{"$f":"IF(OR($C174=\"S\",$C174=0),0,MATCH(OFFSET($D174,0,$C174)+IF($C174<>1,1,COUNTIF(QCI!$A$13:$A$24,ORÇAMENTO!E174)),OFFSET($D174,1,$C174,ROW($C$404)-ROW($C174)),0))","v":0},"F","Serviço","Serviço","1.9.3.0.2.","SINAPI","86925",{"$f":"IF($C174=\"S\",REFERENCIA.Descricao,\"(digite a descrição aqui)\")","v":"TANQUE DE MÁRMORE SINTÉTICO COM COLUNA, 22L OU EQUIVALENTE, INCLUSO SIFÃO FLEXÍVEL EM PVC, VÁLVULA PLÁSTICA E TORNEIRA DE METAL CROMADO PADRÃO POPULAR - FORNECIMENTO E INSTALAÇÃO. AF_01/2020"},{"$f":"REFERENCIA.Unidade","v":"UN"},{"$f":"OFFSET(CÁLCULO!H$15,ROW($T174)-ROW(T$15),0)","v":1},643.53,"BDI 1",{"$f":"IF($C174=\"S\",ROUND(IF(TIPOORCAMENTO=\"Proposto\",ORÇAMENTO.CustoUnitario*(1+$AH174),ORÇAMENTO.PrecoUnitarioLicitado),15-13*$AF$10),0)","v":777.51},{"$f":"IF($C174=\"S\",IF(Import.TipoArredondamento<>\"TransfereGOV\",VTOTAL1,SUM(OFFSET(CÁLCULO!$AA$15,ROW($X174)-ROW($X$15),1):OFFSET(CÁLCULO!$AL$15,ROW($X174)-ROW($X$15),-1))),IF($C174=0,0,ROUND(SomaAgrup,15-13*$AF$11)))","v":777.51},"RA","RA",{"$f":"IF($C174=\"S\",IF($Z174=\"CP\",$X174,IF($Z174=\"RA\",(($X174)*QCI!$AA$3),0)),SomaAgrup)","v":208.58585059697498},0,{"$f":"IF($N174=\"\",\"\",IF(ORÇAMENTO.Descricao=\"\",\"DESCRIÇÃO\",IF(AND($C174=\"S\",ORÇAMENTO.Unidade=\"\"),\"UNIDADE\",IF($X174<0,\"VALOR NEGATIVO\",IF(OR(AND(TIPOORCAMENTO=\"Proposto\",$AG174<>\"\",$AG174>0,ORÇAMENTO.CustoUnitario>$AG174),AND(TIPOORCAMENTO=\"LICITADO\",ORÇAMENTO.PrecoUnitarioLicitado>$AN174)),\"ACIMA REF.\",\"\")))))","v":""},{"$f":"IF(C174<=CRONO.NivelExibicao,MAX($AD$15:OFFSET(AD174,-1,0))+IF($C174<>1,1,MAX(1,COUNTIF(QCI!$A$13:$A$24,OFFSET($E174,-1,0)))),\"\")","v":""},{"$f":"IF(AND($C174=\"S\",ORÇAMENTO.CodBarra<>\"\"),IF(ORÇAMENTO.Fonte=\"\",ORÇAMENTO.CodBarra,CONCATENATE(ORÇAMENTO.Fonte,\" \",ORÇAMENTO.CodBarra)))","v":"SINAPI 86925"},{"$f":"IF(ISERROR(INDIRECT(ORÇAMENTO.BancoRef)),\"(abra o arquivo 'Referência \"&Excel_BuiltIn_Database&\".xlsm)\",IF(OR($C174<>\"S\",ORÇAMENTO.CodBarra=\"\"),\"(Sem Código)\",IF(ISERROR(MATCH($AE174,INDIRECT(ORÇAMENTO.BancoRef),0)),\"(Código não identificado nas referências)\",MATCH($AE174,INDIRECT(ORÇAMENTO.BancoRef),0))))","v":5339},{"$f":"ROUND(IF(DESONERACAO=\"sim\",REFERENCIA.Desonerado,REFERENCIA.NaoDesonerado),2)","v":643.53},0.2082,null,1,null,null,777.51,777.51]
["S",3,"S",0,{"$f":"IF($C175=1,OFFSET(E175,-1,0)+MAX(1,COUNTIF(QCI!$A$13:$A$24,OFFSET(ORÇAMENTO!E175,-1,0))),OFFSET(E175,-1,0))","v":1},9,3,0,3,0,{"$f":"IF(OR($C175=\"S\",$C175=0),0,MATCH(OFFSET($D175,0,$C175)+IF($C175<>1,1,COUNTIF(QCI!$A$13:$A$24,ORÇAMENTO!E175)),OFFSET($D175,1,$C175,ROW($C$404)-ROW($C175)),0))","v":0},"F","Serviço","Serviço","1.9.3.0.3.","SINAPI","86939",{"$f":"IF($C175=\"S\",REFERENCIA.Descricao,\"(digite a descrição aqui)\")","v":"LAVATÓRIO LOUÇA BRANCA COM COLUNA, *44 X 35,5* CM, PADRÃO POPULAR, INCLUSO SIFÃO FLEXÍVEL EM PVC, VÁLVULA E ENGATE FLEXÍVEL 30CM EM PLÁSTICO E COM TORNEIRA CROMADA PADRÃO POPULAR - FORNECIMENTO E INSTALAÇÃO. AF_01/2020"},{"$f":"REFERENCIA.Unidade","v":"UN"},{"$f":"OFFSET(CÁLCULO!H$15,ROW($T175)-ROW(T$15),0)","v":1},442.8,"BDI 1",{"$f":"IF($C175=\"S\",ROUND(IF(TIPOORCAMENTO=\"Proposto\",ORÇAMENTO.CustoUnitario*(1+$AH175),ORÇAMENTO.PrecoUnitarioLicitado),15-13*$AF$10),0)","v":534.99},{"$f":"IF($C175=\"S\",IF(Import.TipoArredondamento<>\"TransfereGOV\",VTOTAL1,SUM(OFFSET(CÁLCULO!$AA$15,ROW($X175)-ROW($X$15),1):OFFSET(CÁLCULO!$AL$15,ROW($X175)-ROW($X$15),-1))),IF($C175=0,0,ROUND(SomaAgrup,15-13*$AF$11)))","v":534.99},"RA","RA",{"$f":"IF($C175=\"S\",IF($Z175=\"CP\",$X175,IF($Z175=\"RA\",(($X175)*QCI!$AA$3),0)),SomaAgrup)","v":143.52399867638442},0,{"$f":"IF($N175=\"\",\"\",IF(ORÇAMENTO.Descricao=\"\",\"DESCRIÇÃO\",IF(AND($C175=\"S\",ORÇAMENTO.Unidade=\"\"),\"UNIDADE\",IF($X175<0,\"VALOR NEGATIVO\",IF(OR(AND(TIPOORCAMENTO=\"Proposto\",$AG175<>\"\",$AG175>0,ORÇAMENTO.CustoUnitario>$AG175),AND(TIPOORCAMENTO=\"LICITADO\",ORÇAMENTO.PrecoUnitarioLicitado>$AN175)),\"ACIMA REF.\",\"\")))))","v":""},{"$f":"IF(C175<=CRONO.NivelExibicao,MAX($AD$15:OFFSET(AD175,-1,0))+IF($C175<>1,1,MAX(1,COUNTIF(QCI!$A$13:$A$24,OFFSET($E175,-1,0)))),\"\")","v":""},{"$f":"IF(AND($C175=\"S\",ORÇAMENTO.CodBarra<>\"\"),IF(ORÇAMENTO.Fonte=\"\",ORÇAMENTO.CodBarra,CONCATENATE(ORÇAMENTO.Fonte,\" \",ORÇAMENTO.CodBarra)))","v":"SINAPI 86939"},{"$f":"IF(ISERROR(INDIRECT(ORÇAMENTO.BancoRef)),\"(abra o arquivo 'Referência \"&Excel_BuiltIn_Database&\".xlsm)\",IF(OR($C175<>\"S\",ORÇAMENTO.CodBarra=\"\"),\"(Sem Código)\",IF(ISERROR(MATCH($AE175,INDIRECT(ORÇAMENTO.BancoRef),0)),\"(Código não identificado nas referências)\",MATCH($AE175,INDIRECT(ORÇAMENTO.BancoRef),0))))","v":5353},{"$f":"ROUND(IF(DESONERACAO=\"sim\",REFERENCIA.Desonerado,REFERENCIA.NaoDesonerado),2)","v":442.8},0.2082,null,1,null,null,534.99,534.99]
[2,2,2,10,{"$f":"IF($C176=1,OFFSET(E176,-1,0)+MAX(1,COUNTIF(QCI!$A$13:$A$24,OFFSET(ORÇAMENTO!E176,-1,0))),OFFSET(E176,-1,0))","v":1},10,0,0,0,71,{"$f":"IF(OR($C176=\"S\",$C176=0),0,MATCH(OFFSET($D176,0,$C176)+IF($C176<>1,1,COUNTIF(QCI!$A$13:$A$24,ORÇAMENTO!E176)),OFFSET($D176,1,$C176,ROW($C$404)-ROW($C176)),0))","v":10},"F","Nível 2","Nível 2","1.10.","SINAPI",null,"ESQUADRIAS",{"$f":"REFERENCIA.Unidade","v":"-"},{"$f":"OFFSET(CÁLCULO!H$15,ROW($T176)-ROW(T$15),0)","v":0},0,"BDI 1",{"$f":"IF($C176=\"S\",ROUND(IF(TIPOORCAMENTO=\"Proposto\",ORÇAMENTO.CustoUnitario*(1+$AH176),ORÇAMENTO.PrecoUnitarioLicitado),15-13*$AF$10),0)","v":0},{"$f":"IF($C176=\"S\",IF(Import.TipoArredondamento<>\"TransfereGOV\",VTOTAL1,SUM(OFFSET(CÁLCULO!$AA$15,ROW($X176)-ROW($X$15),1):OFFSET(CÁLCULO!$AL$15,ROW($X176)-ROW($X$15),-1))),IF($C176=0,0,ROUND(SomaAgrup,15-13*$AF$11)))","v":65478.62},"RA","",{"$f":"IF($C176=\"S\",IF($Z176=\"CP\",$X176,IF($Z176=\"RA\",(($X176)*QCI!$AA$3),0)),SomaAgrup)","v":17566.222490535296},0,{"$f":"IF($N176=\"\",\"\",IF(ORÇAMENTO.Descricao=\"\",\"DESCRIÇÃO\",IF(AND($C176=\"S\",ORÇAMENTO.Unidade=\"\"),\"UNIDADE\",IF($X176<0,\"VALOR NEGATIVO\",IF(OR(AND(TIPOORCAMENTO=\"Proposto\",$AG176<>\"\",$AG176>0,ORÇAMENTO.CustoUnitario>$AG176),AND(TIPOORCAMENTO=\"LICITADO\",ORÇAMENTO.PrecoUnitarioLicitado>$AN176)),\"ACIMA REF.\",\"\")))))","v":""},{"$f":"IF(C176<=CRONO.NivelExibicao,MAX($AD$15:OFFSET(AD176,-1,0))+IF($C176<>1,1,MAX(1,COUNTIF(QCI!$A$13:$A$24,OFFSET($E176,-1,0)))),\"\")","v":11},{"$f":"IF(AND($C176=\"S\",ORÇAMENTO.CodBarra<>\"\"),IF(ORÇAMENTO.Fonte=\"\",ORÇAMENTO.CodBarra,CONCATENATE(ORÇAMENTO.Fonte,\" \",ORÇAMENTO.CodBarra)))","v":false},{"$f":"IF(ISERROR(INDIRECT(ORÇAMENTO.BancoRef)),\"(abra o arquivo 'Referência \"&Excel_BuiltIn_Database&\".xlsm)\",IF(OR($C176<>\"S\",ORÇAMENTO.CodBarra=\"\"),\"(Sem Código)\",IF(ISERROR(MATCH($AE176,INDIRECT(ORÇAMENTO.BancoRef),0)),\"(Código não identificado nas referências)\",MATCH($AE176,INDIRECT(ORÇAMENTO.BancoRef),0))))","v":"(Sem Código)"},{"$f":"ROUND(IF(DESONERACAO=\"sim\",REFERENCIA.Desonerado,REFERENCIA.NaoDesonerado),2)","v":0},0.2082,null,null,null,null,65478.62,0]
["S",2,"S",0,{"$f":"IF($C177=1,OFFSET(E177,-1,0)+MAX(1,COUNTIF(QCI!$A$13:$A$24,OFFSET(ORÇAMENTO!E177,-1,0))),OFFSET(E177,-1,0))","v":1},10,0,0,1,0,{"$f":"IF(OR($C177=\"S\",$C177=0),0,MATCH(OFFSET($D177,0,$C177)+IF($C177<>1,1,COUNTIF(QCI!$A$13:$A$24,ORÇAMENTO!E177)),OFFSET($D177,1,$C177,ROW($C$404)-ROW($C177)),0))","v":0},"F","Serviço","Serviço","1.10.0.0.1.","SINAPI","94559",{"$f":"IF($C177=\"S\",REFERENCIA.Descricao,\"(digite a descrição aqui)\")","v":"JANELA DE AÇO TIPO BASCULANTE PARA VIDROS, COM BATENTE, FERRAGENS E PINTURA ANTICORROSIVA. EXCLUSIVE VIDROS, ACABAMENTO, ALIZAR E CONTRAMARCO. FORNECIMENTO E INSTALAÇÃO. AF_12/2019"},{"$f":"REFERENCIA.Unidade","v":"M2"},{"$f":"OFFSET(CÁLCULO!H$15,ROW($T177)-ROW(T$15),0)","v":18.239999999999998},748.73,"BDI 1",{"$f":"IF($C177=\"S\",ROUND(IF(TIPOORCAMENTO=\"Proposto\",ORÇAMENTO.CustoUnitario*(1+$AH177),ORÇAMENTO.PrecoUnitarioLicitado),15-13*$AF$10),0)","v":904.62},{"$f":"IF($C177=\"S\",IF(Import.TipoArredondamento<>\"TransfereGOV\",VTOTAL1,SUM(OFFSET(CÁLCULO!$AA$15,ROW($X177)-ROW($X$15),1):OFFSET(CÁLCULO!$AL$15,ROW($X177)-ROW($X$15),-1))),IF($C177=0,0,ROUND(SomaAgrup,15-13*$AF$11)))","v":16500.27},"RA","RA",{"$f":"IF($C177=\"S\",IF($Z177=\"CP\",$X177,IF($Z177=\"RA\",(($X177)*QCI!$AA$3),0)),SomaAgrup)","v":4426.5962534626542},0,{"$f":"IF($N177=\"\",\"\",IF(ORÇAMENTO.Descricao=\"\",\"DESCRIÇÃO\",IF(AND($C177=\"S\",ORÇAMENTO.Unidade=\"\"),\"UNIDADE\",IF($X177<0,\"VALOR NEGATIVO\",IF(OR(AND(TIPOORCAMENTO=\"Proposto\",$AG177<>\"\",$AG177>0,ORÇAMENTO.CustoUnitario>$AG177),AND(TIPOORCAMENTO=\"LICITADO\",ORÇAMENTO.PrecoUnitarioLicitado>$AN177)),\"ACIMA REF.\",\"\")))))","v":""},{"$f":"IF(C177<=CRONO.NivelExibicao,MAX($AD$15:OFFSET(AD177,-1,0))+IF($C177<>1,1,MAX(1,COUNTIF(QCI!$A$13:$A$24,OFFSET($E177,-1,0)))),\"\")","v":""},{"$f":"IF(AND($C177=\"S\",ORÇAMENTO.CodBarra<>\"\"),IF(ORÇAMENTO.Fonte=\"\",ORÇAMENTO.CodBarra,CONCATENATE(ORÇAMENTO.Fonte,\" \",ORÇAMENTO.CodBarra)))","v":"SINAPI 94559"},{"$f":"IF(ISERROR(INDIRECT(ORÇAMENTO.BancoRef)),\"(abra o arquivo 'Referência \"&Excel_BuiltIn_Database&\".xlsm)\",IF(OR($C177<>\"S\",ORÇAMENTO.CodBarra=\"\"),\"(Sem Código)\",IF(ISERROR(MATCH($AE177,INDIRECT(ORÇAMENTO.BancoRef),0)),\"(Código não identificado nas referências)\",MATCH($AE177,INDIRECT(ORÇAMENTO.BancoRef),0))))","v":2241},{"$f":"ROUND(IF(DESONERACAO=\"sim\",REFERENCIA.Desonerado,REFERENCIA.NaoDesonerado),2)","v":748.73},0.2082,null,18.239999999999998,null,null,16500.27,904.62]
["S",2,"S",0,{"$f":"IF($C178=1,OFFSET(E178,-1,0)+MAX(1,COUNTIF(QCI!$A$13:$A$24,OFFSET(ORÇAMENTO!E178,-1,0))),OFFSET(E178,-1,0))","v":1},10,0,0,2,0,{"$f":"IF(OR($C178=\"S\",$C178=0),0,MATCH(OFFSET($D178,0,$C178)+IF($C178<>1,1,COUNTIF(QCI!$A$13:$A$24,ORÇAMENTO!E178)),OFFSET($D178,1,$C178,ROW($C$404)-ROW($C178)),0))","v":0},"F","Serviço","Serviço","1.10.0.0.2.","SINAPI","94570",{"$f":"IF($C178=\"S\",REFERENCIA.Descricao,\"(digite a descrição aqui)\")","v":"JANELA DE ALUMÍNIO DE CORRER COM 2 FOLHAS PARA VIDROS, COM VIDROS, BATENTE, ACABAMENTO COM ACETATO OU BRILHANTE E FERRAGENS. EXCLUSIVE ALIZAR E CONTRAMARCO. FORNECIMENTO E INSTALAÇÃO. AF_12/2019"},{"$f":"REFERENCIA.Unidade","v":"M2"},{"$f":"OFFSET(CÁLCULO!H$15,ROW($T178)-ROW(T$15),0)","v":0.98},663.71,"BDI 1",{"$f":"IF($C178=\"S\",ROUND(IF(TIPOORCAMENTO=\"Proposto\",ORÇAMENTO.CustoUnitario*(1+$AH178),ORÇAMENTO.PrecoUnitarioLicitado),15-13*$AF$10),0)","v":801.89},{"$f":"IF($C178=\"S\",IF(Import.TipoArredondamento<>\"TransfereGOV\",VTOTAL1,SUM(OFFSET(CÁLCULO!$AA$15,ROW($X178)-ROW($X$15),1):OFFSET(CÁLCULO!$AL$15,ROW($X178)-ROW($X$15),-1))),IF($C178=0,0,ROUND(SomaAgrup,15-13*$AF$11)))","v":785.85},"RA","RA",{"$f":"IF($C178=\"S\",IF($Z178=\"CP\",$X178,IF($Z178=\"RA\",(($X178)*QCI!$AA$3),0)),SomaAgrup)","v":210.82325718207198},0,{"$f":"IF($N178=\"\",\"\",IF(ORÇAMENTO.Descricao=\"\",\"DESCRIÇÃO\",IF(AND($C178=\"S\",ORÇAMENTO.Unidade=\"\"),\"UNIDADE\",IF($X178<0,\"VALOR NEGATIVO\",IF(OR(AND(TIPOORCAMENTO=\"Proposto\",$AG178<>\"\",$AG178>0,ORÇAMENTO.CustoUnitario>$AG178),AND(TIPOORCAMENTO=\"LICITADO\",ORÇAMENTO.PrecoUnitarioLicitado>$AN178)),\"ACIMA REF.\",\"\")))))","v":""},{"$f":"IF(C178<=CRONO.NivelExibicao,MAX($AD$15:OFFSET(AD178,-1,0))+IF($C178<>1,1,MAX(1,COUNTIF(QCI!$A$13:$A$24,OFFSET($E178,-1,0)))),\"\")","v":""},{"$f":"IF(AND($C178=\"S\",ORÇAMENTO.CodBarra<>\"\"),IF(ORÇAMENTO.Fonte=\"\",ORÇAMENTO.CodBarra,CONCATENATE(ORÇAMENTO.Fonte,\" \",ORÇAMENTO.CodBarra)))","v":"SINAPI 94570"},{"$f":"IF(ISERROR(INDIRECT(ORÇAMENTO.BancoRef)),\"(abra o arquivo 'Referência \"&Excel_BuiltIn_Database&\".xlsm)\",IF(OR($C178<>\"S\",ORÇAMENTO.CodBarra=\"\"),\"(Sem Código)\",IF(ISERROR(MATCH($AE178,INDIRECT(ORÇAMENTO.BancoRef),0)),\"(Código não identificado nas referências)\",MATCH($AE178,INDIRECT(ORÇAMENTO.BancoRef),0))))","v":2305},{"$f":"ROUND(IF(DESONERACAO=\"sim\",REFERENCIA.Desonerado,REFERENCIA.NaoDesonerado),2)","v":663.71},0.2082,null,0.98,null,null,785.85,801.89]
["S",2,"S",0,{"$f":"IF($C179=1,OFFSET(E179,-1,0)+MAX(1,COUNTIF(QCI!$A$13:$A$24,OFFSET(ORÇAMENTO!E179,-1,0))),OFFSET(E179,-1,0))","v":1},10,0,0,3,0,{"$f":"IF(OR($C179=\"S\",$C179=0),0,MATCH(OFFSET($D179,0,$C179)+IF($C179<>1,1,COUNTIF(QCI!$A$13:$A$24,ORÇAMENTO!E179)),OFFSET($D179,1,$C179,ROW($C$404)-ROW($C179)),0))","v":0},"F","Serviço","Serviço","1.10.0.0.3.","SINAPI","90844",{"$f":"IF($C179=\"S\",REFERENCIA.Descricao,\"(digite a descrição aqui)\")","v":"KIT DE PORTA DE MADEIRA PARA PINTURA, SEMI-OCA (LEVE OU MÉDIA), PADRÃO MÉDIO, 90X210CM, ESPESSURA DE 3,5CM, ITENS INCLUSOS: DOBRADIÇAS, MONTAGEM E INSTALAÇÃO DO BATENTE, FECHADURA COM EXECUÇÃO DO FURO - FORNECIMENTO E INSTALAÇÃO. AF_12/2019"},{"$f":"REFERENCIA.Unidade","v":"UN"},{"$f":"OFFSET(CÁLCULO!H$15,ROW($T179)-ROW(T$15),0)","v":11},1265.4000000000001,"BDI 1",{"$f":"IF($C179=\"S\",ROUND(IF(TIPOORCAMENTO=\"Proposto\",ORÇAMENTO.CustoUnitario*(1+$AH179),ORÇAMENTO.PrecoUnitarioLicitado),15-13*$AF$10),0)","v":1528.86},{"$f":"IF($C179=\"S\",IF(Import.TipoArredondamento<>\"TransfereGOV\",VTOTAL1,SUM(OFFSET(CÁLCULO!$AA$15,ROW($X179)-ROW($X$15),1):OFFSET(CÁLCULO!$AL$15,ROW($X179)-ROW($X$15),-1))),IF($C179=0,0,ROUND(SomaAgrup,15-13*$AF$11)))","v":16817.46},"RA","RA",{"$f":"IF($C179=\"S\",IF($Z179=\"CP\",$X179,IF($Z179=\"RA\",(($X179)*QCI!$AA$3),0)),SomaAgrup)","v":4511.6901377224767},0,{"$f":"IF($N179=\"\",\"\",IF(ORÇAMENTO.Descricao=\"\",\"DESCRIÇÃO\",IF(AND($C179=\"S\",ORÇAMENTO.Unidade=\"\"),\"UNIDADE\",IF($X179<0,\"VALOR NEGATIVO\",IF(OR(AND(TIPOORCAMENTO=\"Proposto\",$AG179<>\"\",$AG179>0,ORÇAMENTO.CustoUnitario>$AG179),AND(TIPOORCAMENTO=\"LICITADO\",ORÇAMENTO.PrecoUnitarioLicitado>$AN179)),\"ACIMA REF.\",\"\")))))","v":""},{"$f":"IF(C179<=CRONO.NivelExibicao,MAX($AD$15:OFFSET(AD179,-1,0))+IF($C179<>1,1,MAX(1,COUNTIF(QCI!$A$13:$A$24,OFFSET($E179,-1,0)))),\"\")","v":""},{"$f":"IF(AND($C179=\"S\",ORÇAMENTO.CodBarra<>\"\"),IF(ORÇAMENTO.Fonte=\"\",ORÇAMENTO.CodBarra,CONCATENATE(ORÇAMENTO.Fonte,\" \",ORÇAMENTO.CodBarra)))","v":"SINAPI 90844"},{"$f":"IF(ISERROR(INDIRECT(ORÇAMENTO.BancoRef)),\"(abra o arquivo 'Referência \"&Excel_BuiltIn_Database&\".xlsm)\",IF(OR($C179<>\"S\",ORÇAMENTO.CodBarra=\"\"),\"(Sem Código)\",IF(ISERROR(MATCH($AE179,INDIRECT(ORÇAMENTO.BancoRef),0)),\"(Código não identificado nas referências)\",MATCH($AE179,INDIRECT(ORÇAMENTO.BancoRef),0))))","v":2150},{"$f":"ROUND(IF(DESONERACAO=\"sim\",REFERENCIA.Desonerado,REFERENCIA.NaoDesonerado),2)","v":1265.4000000000001},0.2082,null,11,null,null,16817.46,1528.86]
[{"$f":"CHOOSE(1+LOG(1+2*(ORÇAMENTO.Nivel=\"Meta\")+4*(ORÇAMENTO.Nivel=\"Nível 2\")+8*(ORÇAMENTO.Nivel=\"Nível 3\")+16*(ORÇAMENTO.Nivel=\"Nível 4\")+32*(ORÇAMENTO.Nivel=\"Serviço\"),2),0,1,2,3,4,\"S\")","v":"S"},{"$f":"IF(OR(C180=\"s\",C180=0),OFFSET(B180,-1,0),C180)","v":2},{"$f":"IF(OFFSET(C180,-1,0)=\"L\",1,IF(OFFSET(C180,-1,0)=1,2,IF(OR(A180=\"s\",A180=0),\"S\",IF(AND(OFFSET(C180,-1,0)=2,A180=4),3,IF(AND(OR(OFFSET(C180,-1,0)=\"s\",OFFSET(C180,-1,0)=0),A180<>\"s\",A180>OFFSET(B180,-1,0)),OFFSET(B180,-1,0),A180)))))","v":"S"},{"$f":"IF(OR(C180=\"S\",C180=0),0,IF(ISERROR(K180),J180,SMALL(J180:K180,1)))","v":0},{"$f":"IF($C180=1,OFFSET(E180,-1,0)+MAX(1,COUNTIF(QCI!$A$13:$A$24,OFFSET(ORÇAMENTO!E180,-1,0))),OFFSET(E180,-1,0))","v":1},{"$f":"IF($C180=1,0,IF($C180=2,OFFSET(F180,-1,0)+1,OFFSET(F180,-1,0)))","v":10},{"$f":"IF(AND($C180<=2,$C180<>0),0,IF($C180=3,OFFSET(G180,-1,0)+1,OFFSET(G180,-1,0)))","v":0},{"$f":"IF(AND($C180<=3,$C180<>0),0,IF($C180=4,OFFSET(H180,-1,0)+1,OFFSET(H180,-1,0)))","v":0},{"$f":"IF(AND($C180<=4,$C180<>0),0,IF(AND($C180=\"S\",$X180>0),OFFSET(I180,-1,0)+1,OFFSET(I180,-1,0)))","v":4},0,{"$f":"IF(OR($C180=\"S\",$C180=0),0,MATCH(OFFSET($D180,0,$C180)+IF($C180<>1,1,COUNTIF(QCI!$A$13:$A$24,ORÇAMENTO!E180)),OFFSET($D180,1,$C180,ROW($C$404)-ROW($C180)),0))","v":0},{"$f":"IF(OR($X180>0,$C180=1,$C180=2,$C180=3,$C180=4),\"F\",\"\")","v":"F"},"Serviço",{"$f":"CHOOSE(1+LOG(1+2*(C180=1)+4*(C180=2)+8*(C180=3)+16*(C180=4)+32*(C180=\"S\"),2),\"\",\"Meta\",\"Nível 2\",\"Nível 3\",\"Nível 4\",\"Serviço\")","v":"Serviço"},{"$f":"IF(OR($C180=0,$L180=\"\"),\"-\",CONCATENATE(E180&\".\",IF(AND($A$5>=2,$C180>=2),F180&\".\",\"\"),IF(AND($A$5>=3,$C180>=3),G180&\".\",\"\"),IF(AND($A$5>=4,$C180>=4),H180&\".\",\"\"),IF($C180=\"S\",I180&\".\",\"\")))","v":"1.10.0.0.4."},"Composição","012",{"$f":"IF($C180=\"S\",REFERENCIA.Descricao,\"(digite a descrição aqui)\")","v":"KIT DE PORTA DE MADEIRA COM VIDRO PARA PINTURA, SEMI-OCA (LEVE OU MÉDIA), PADRÃO MÉDIO, 90X210CM, ESPESSURA DE 3,5CM, ITENS INCLUSOS: VIDRO DOBRADIÇAS, MONTAGEM E INSTALAÇÃO DO BATENTE, FECHADURA COM EXECUÇÃO DO FURO - FORNECIMENTO E INSTALAÇÃO. AF_12/2019"},{"$f":"REFERENCIA.Unidade","v":"UN"},{"$f":"OFFSET(CÁLCULO!H$15,ROW($T180)-ROW(T$15),0)","v":1},1408.28,"BDI 1",{"$f":"IF($C180=\"S\",ROUND(IF(TIPOORCAMENTO=\"Proposto\",ORÇAMENTO.CustoUnitario*(1+$AH180),ORÇAMENTO.PrecoUnitarioLicitado),15-13*$AF$10),0)","v":1701.48},{"$f":"IF($C180=\"S\",IF(Import.TipoArredondamento<>\"TransfereGOV\",VTOTAL1,SUM(OFFSET(CÁLCULO!$AA$15,ROW($X180)-ROW($X$15),1):OFFSET(CÁLCULO!$AL$15,ROW($X180)-ROW($X$15),-1))),IF($C180=0,0,ROUND(SomaAgrup,15-13*$AF$11)))","v":1701.48},"RA",{"$f":"IF(AND($C180=\"S\",$X180>0),IF(ISBLANK($Y180),\"RA\",LEFT($Y180,2)),\"\")","v":"RA"},{"$f":"IF($C180=\"S\",IF($Z180=\"CP\",$X180,IF($Z180=\"RA\",(($X180)*QCI!$AA$3),0)),SomaAgrup)","v":456.46313626029377},{"$f":"IF($C180=\"S\",IF($Z180=\"OU\",ROUND($X180,2),0),SomaAgrup)","v":0},{"$f":"IF($N180=\"\",\"\",IF(ORÇAMENTO.Descricao=\"\",\"DESCRIÇÃO\",IF(AND($C180=\"S\",ORÇAMENTO.Unidade=\"\"),\"UNIDADE\",IF($X180<0,\"VALOR NEGATIVO\",IF(OR(AND(TIPOORCAMENTO=\"Proposto\",$AG180<>\"\",$AG180>0,ORÇAMENTO.CustoUnitario>$AG180),AND(TIPOORCAMENTO=\"LICITADO\",ORÇAMENTO.PrecoUnitarioLicitado>$AN180)),\"ACIMA REF.\",\"\")))))","v":""},{"$f":"IF(C180<=CRONO.NivelExibicao,MAX($AD$15:OFFSET(AD180,-1,0))+IF($C180<>1,1,MAX(1,COUNTIF(QCI!$A$13:$A$24,OFFSET($E180,-1,0)))),\"\")","v":""},{"$f":"IF(AND($C180=\"S\",ORÇAMENTO.CodBarra<>\"\"),IF(ORÇAMENTO.Fonte=\"\",ORÇAMENTO.CodBarra,CONCATENATE(ORÇAMENTO.Fonte,\" \",ORÇAMENTO.CodBarra)))","v":"Composição 012"},{"$f":"IF(ISERROR(INDIRECT(ORÇAMENTO.BancoRef)),\"(abra o arquivo 'Referência \"&Excel_BuiltIn_Database&\".xlsm)\",IF(OR($C180<>\"S\",ORÇAMENTO.CodBarra=\"\"),\"(Sem Código)\",IF(ISERROR(MATCH($AE180,INDIRECT(ORÇAMENTO.BancoRef),0)),\"(Código não identificado nas referências)\",MATCH($AE180,INDIRECT(ORÇAMENTO.BancoRef),0))))","v":14},{"$f":"ROUND(IF(DESONERACAO=\"sim\",REFERENCIA.Desonerado,REFERENCIA.NaoDesonerado),2)","v":1408.28},{"$f":"ROUND(IF(ISNUMBER(ORÇAMENTO.OpcaoBDI),ORÇAMENTO.OpcaoBDI,IF(LEFT(ORÇAMENTO.OpcaoBDI,3)=\"BDI\",HLOOKUP(ORÇAMENTO.OpcaoBDI,$F$4:$H$5,2,FALSE),0)),15-11*$AF$9)","v":0.2082},null,1,null,null,1701.48,{"$f":"ROUND(ORÇAMENTO.CustoUnitario*(1+$AH180),2)","v":1701.48}]
[{"$f":"CHOOSE(1+LOG(1+2*(ORÇAMENTO.Nivel=\"Meta\")+4*(ORÇAMENTO.Nivel=\"Nível 2\")+8*(ORÇAMENTO.Nivel=\"Nível 3\")+16*(ORÇAMENTO.Nivel=\"Nível 4\")+32*(ORÇAMENTO.Nivel=\"Serviço\"),2),0,1,2,3,4,\"S\")","v":"S"},{"$f":"IF(OR(C181=\"s\",C181=0),OFFSET(B181,-1,0),C181)","v":2},{"$f":"IF(OFFSET(C181,-1,0)=\"L\",1,IF(OFFSET(C181,-1,0)=1,2,IF(OR(A181=\"s\",A181=0),\"S\",IF(AND(OFFSET(C181,-1,0)=2,A181=4),3,IF(AND(OR(OFFSET(C181,-1,0)=\"s\",OFFSET(C181,-1,0)=0),A181<>\"s\",A181>OFFSET(B181,-1,0)),OFFSET(B181,-1,0),A181)))))","v":"S"},{"$f":"IF(OR(C181=\"S\",C181=0),0,IF(ISERROR(K181),J181,SMALL(J181:K181,1)))","v":0},{"$f":"IF($C181=1,OFFSET(E181,-1,0)+MAX(1,COUNTIF(QCI!$A$13:$A$24,OFFSET(ORÇAMENTO!E181,-1,0))),OFFSET(E181,-1,0))","v":1},{"$f":"IF($C181=1,0,IF($C181=2,OFFSET(F181,-1,0)+1,OFFSET(F181,-1,0)))","v":10},{"$f":"IF(AND($C181<=2,$C181<>0),0,IF($C181=3,OFFSET(G181,-1,0)+1,OFFSET(G181,-1,0)))","v":0},{"$f":"IF(AND($C181<=3,$C181<>0),0,IF($C181=4,OFFSET(H181,-1,0)+1,OFFSET(H181,-1,0)))","v":0},{"$f":"IF(AND($C181<=4,$C181<>0),0,IF(AND($C181=\"S\",$X181>0),OFFSET(I181,-1,0)+1,OFFSET(I181,-1,0)))","v":5},0,{"$f":"IF(OR($C181=\"S\",$C181=0),0,MATCH(OFFSET($D181,0,$C181)+IF($C181<>1,1,COUNTIF(QCI!$A$13:$A$24,ORÇAMENTO!E181)),OFFSET($D181,1,$C181,ROW($C$404)-ROW($C181)),0))","v":0},{"$f":"IF(OR($X181>0,$C181=1,$C181=2,$C181=3,$C181=4),\"F\",\"\")","v":"F"},"Serviço",{"$f":"CHOOSE(1+LOG(1+2*(C181=1)+4*(C181=2)+8*(C181=3)+16*(C181=4)+32*(C181=\"S\"),2),\"\",\"Meta\",\"Nível 2\",\"Nível 3\",\"Nível 4\",\"Serviço\")","v":"Serviço"},{"$f":"IF(OR($C181=0,$L181=\"\"),\"-\",CONCATENATE(E181&\".\",IF(AND($A$5>=2,$C181>=2),F181&\".\",\"\"),IF(AND($A$5>=3,$C181>=3),G181&\".\",\"\"),IF(AND($A$5>=4,$C181>=4),H181&\".\",\"\"),IF($C181=\"S\",I181&\".\",\"\")))","v":"1.10.0.0.5."},"SINAPI","90849",{"$f":"IF($C181=\"S\",REFERENCIA.Descricao,\"(digite a descrição aqui)\")","v":"KIT DE PORTA DE MADEIRA PARA PINTURA, SEMI-OCA (LEVE OU MÉDIA), PADRÃO MÉDIO, 80X210CM, ESPESSURA DE 3,5CM, ITENS INCLUSOS: DOBRADIÇAS, MONTAGEM E INSTALAÇÃO DO BATENTE, SEM FECHADURA - FORNECIMENTO E INSTALAÇÃO. AF_12/2019"},{"$f":"REFERENCIA.Unidade","v":"UN"},{"$f":"OFFSET(CÁLCULO!H$15,ROW($T181)-ROW(T$15),0)","v":1},1008.6,"BDI 1",{"$f":"IF($C181=\"S\",ROUND(IF(TIPOORCAMENTO=\"Proposto\",ORÇAMENTO.CustoUnitario*(1+$AH181),ORÇAMENTO.PrecoUnitarioLicitado),15-13*$AF$10),0)","v":1218.5899999999999},{"$f":"IF($C181=\"S\",IF(Import.TipoArredondamento<>\"TransfereGOV\",VTOTAL1,SUM(OFFSET(CÁLCULO!$AA$15,ROW($X181)-ROW($X$15),1):OFFSET(CÁLCULO!$AL$15,ROW($X181)-ROW($X$15),-1))),IF($C181=0,0,ROUND(SomaAgrup,15-13*$AF$11)))","v":1218.5899999999999},"RA",{"$f":"IF(AND($C181=\"S\",$X181>0),IF(ISBLANK($Y181),\"RA\",LEFT($Y181,2)),\"\")","v":"RA"},{"$f":"IF($C181=\"S\",IF($Z181=\"CP\",$X181,IF($Z181=\"RA\",(($X181)*QCI!$AA$3),0)),SomaAgrup)","v":326.9162218864937},{"$f":"IF($C181=\"S\",IF($Z181=\"OU\",ROUND($X181,2),0),SomaAgrup)","v":0},{"$f":"IF($N181=\"\",\"\",IF(ORÇAMENTO.Descricao=\"\",\"DESCRIÇÃO\",IF(AND($C181=\"S\",ORÇAMENTO.Unidade=\"\"),\"UNIDADE\",IF($X181<0,\"VALOR NEGATIVO\",IF(OR(AND(TIPOORCAMENTO=\"Proposto\",$AG181<>\"\",$AG181>0,ORÇAMENTO.CustoUnitario>$AG181),AND(TIPOORCAMENTO=\"LICITADO\",ORÇAMENTO.PrecoUnitarioLicitado>$AN181)),\"ACIMA REF.\",\"\")))))","v":""},{"$f":"IF(C181<=CRONO.NivelExibicao,MAX($AD$15:OFFSET(AD181,-1,0))+IF($C181<>1,1,MAX(1,COUNTIF(QCI!$A$13:$A$24,OFFSET($E181,-1,0)))),\"\")","v":""},{"$f":"IF(AND($C181=\"S\",ORÇAMENTO.CodBarra<>\"\"),IF(ORÇAMENTO.Fonte=\"\",ORÇAMENTO.CodBarra,CONCATENATE(ORÇAMENTO.Fonte,\" \",ORÇAMENTO.CodBarra)))","v":"SINAPI 90849"},{"$f":"IF(ISERROR(INDIRECT(ORÇAMENTO.BancoRef)),\"(abra o arquivo 'Referência \"&Excel_BuiltIn_Database&\".xlsm)\",IF(OR($C181<>\"S\",ORÇAMENTO.CodBarra=\"\"),\"(Sem Código)\",IF(ISERROR(MATCH($AE181,INDIRECT(ORÇAMENTO.BancoRef),0)),\"(Código não identificado nas referências)\",MATCH($AE181,INDIRECT(ORÇAMENTO.BancoRef),0))))","v":2155},{"$f":"ROUND(IF(DESONERACAO=\"sim\",REFERENCIA.Desonerado,REFERENCIA.NaoDesonerado),2)","v":1008.6},{"$f":"ROUND(IF(ISNUMBER(ORÇAMENTO.OpcaoBDI),ORÇAMENTO.OpcaoBDI,IF(LEFT(ORÇAMENTO.OpcaoBDI,3)=\"BDI\",HLOOKUP(ORÇAMENTO.OpcaoBDI,$F$4:$H$5,2,FALSE),0)),15-11*$AF$9)","v":0.2082},null,1,null,null,1218.5899999999999,{"$f":"ROUND(ORÇAMENTO.CustoUnitario*(1+$AH181),2)","v":1218.5899999999999}]
[{"$f":"CHOOSE(1+LOG(1+2*(ORÇAMENTO.Nivel=\"Meta\")+4*(ORÇAMENTO.Nivel=\"Nível 2\")+8*(ORÇAMENTO.Nivel=\"Nível 3\")+16*(ORÇAMENTO.Nivel=\"Nível 4\")+32*(ORÇAMENTO.Nivel=\"Serviço\"),2),0,1,2,3,4,\"S\")","v":"S"},{"$f":"IF(OR(C182=\"s\",C182=0),OFFSET(B182,-1,0),C182)","v":2},{"$f":"IF(OFFSET(C182,-1,0)=\"L\",1,IF(OFFSET(C182,-1,0)=1,2,IF(OR(A182=\"s\",A182=0),\"S\",IF(AND(OFFSET(C182,-1,0)=2,A182=4),3,IF(AND(OR(OFFSET(C182,-1,0)=\"s\",OFFSET(C182,-1,0)=0),A182<>\"s\",A182>OFFSET(B182,-1,0)),OFFSET(B182,-1,0),A182)))))","v":"S"},{"$f":"IF(OR(C182=\"S\",C182=0),0,IF(ISERROR(K182),J182,SMALL(J182:K182,1)))","v":0},{"$f":"IF($C182=1,OFFSET(E182,-1,0)+MAX(1,COUNTIF(QCI!$A$13:$A$24,OFFSET(ORÇAMENTO!E182,-1,0))),OFFSET(E182,-1,0))","v":1},{"$f":"IF($C182=1,0,IF($C182=2,OFFSET(F182,-1,0)+1,OFFSET(F182,-1,0)))","v":10},{"$f":"IF(AND($C182<=2,$C182<>0),0,IF($C182=3,OFFSET(G182,-1,0)+1,OFFSET(G182,-1,0)))","v":0},{"$f":"IF(AND($C182<=3,$C182<>0),0,IF($C182=4,OFFSET(H182,-1,0)+1,OFFSET(H182,-1,0)))","v":0},{"$f":"IF(AND($C182<=4,$C182<>0),0,IF(AND($C182=\"S\",$X182>0),OFFSET(I182,-1,0)+1,OFFSET(I182,-1,0)))","v":6},0,{"$f":"IF(OR($C182=\"S\",$C182=0),0,MATCH(OFFSET($D182,0,$C182)+IF($C182<>1,1,COUNTIF(QCI!$A$13:$A$24,ORÇAMENTO!E182)),OFFSET($D182,1,$C182,ROW($C$404)-ROW($C182)),0))","v":0},{"$f":"IF(OR($X182>0,$C182=1,$C182=2,$C182=3,$C182=4),\"F\",\"\")","v":"F"},"Serviço",{"$f":"CHOOSE(1+LOG(1+2*(C182=1)+4*(C182=2)+8*(C182=3)+16*(C182=4)+32*(C182=\"S\"),2),\"\",\"Meta\",\"Nível 2\",\"Nível 3\",\"Nível 4\",\"Serviço\")","v":"Serviço"},{"$f":"IF(OR($C182=0,$L182=\"\"),\"-\",CONCATENATE(E182&\".\",IF(AND($A$5>=2,$C182>=2),F182&\".\",\"\"),IF(AND($A$5>=3,$C182>=3),G182&\".\",\"\"),IF(AND($A$5>=4,$C182>=4),H182&\".\",\"\"),IF($C182=\"S\",I182&\".\",\"\")))","v":"1.10.0.0.6."},"SINAPI","91341",{"$f":"IF($C182=\"S\",REFERENCIA.Descricao,\"(digite a descrição aqui)\")","v":"PORTA EM ALUMÍNIO DE ABRIR TIPO VENEZIANA COM GUARNIÇÃO, FIXAÇÃO COM PARAFUSOS - FORNECIMENTO E INSTALAÇÃO. AF_12/2019"},{"$f":"REFERENCIA.Unidade","v":"M2"},{"$f":"OFFSET(CÁLCULO!H$15,ROW($T182)-ROW(T$15),0)","v":16.8},1232.71,"BDI 1",{"$f":"IF($C182=\"S\",ROUND(IF(TIPOORCAMENTO=\"Proposto\",ORÇAMENTO.CustoUnitario*(1+$AH182),ORÇAMENTO.PrecoUnitarioLicitado),15-13*$AF$10),0)","v":1489.36},{"$f":"IF($C182=\"S\",IF(Import.TipoArredondamento<>\"TransfereGOV\",VTOTAL1,SUM(OFFSET(CÁLCULO!$AA$15,ROW($X182)-ROW($X$15),1):OFFSET(CÁLCULO!$AL$15,ROW($X182)-ROW($X$15),-1))),IF($C182=0,0,ROUND(SomaAgrup,15-13*$AF$11)))","v":25021.25},"RA",{"$f":"IF(AND($C182=\"S\",$X182>0),IF(ISBLANK($Y182),\"RA\",LEFT($Y182,2)),\"\")","v":"RA"},{"$f":"IF($C182=\"S\",IF($Z182=\"CP\",$X182,IF($Z182=\"RA\",(($X182)*QCI!$AA$3),0)),SomaAgrup)","v":6712.5550980046046},{"$f":"IF($C182=\"S\",IF($Z182=\"OU\",ROUND($X182,2),0),SomaAgrup)","v":0},{"$f":"IF($N182=\"\",\"\",IF(ORÇAMENTO.Descricao=\"\",\"DESCRIÇÃO\",IF(AND($C182=\"S\",ORÇAMENTO.Unidade=\"\"),\"UNIDADE\",IF($X182<0,\"VALOR NEGATIVO\",IF(OR(AND(TIPOORCAMENTO=\"Proposto\",$AG182<>\"\",$AG182>0,ORÇAMENTO.CustoUnitario>$AG182),AND(TIPOORCAMENTO=\"LICITADO\",ORÇAMENTO.PrecoUnitarioLicitado>$AN182)),\"ACIMA REF.\",\"\")))))","v":""},{"$f":"IF(C182<=CRONO.NivelExibicao,MAX($AD$15:OFFSET(AD182,-1,0))+IF($C182<>1,1,MAX(1,COUNTIF(QCI!$A$13:$A$24,OFFSET($E182,-1,0)))),\"\")","v":""},{"$f":"IF(AND($C182=\"S\",ORÇAMENTO.CodBarra<>\"\"),IF(ORÇAMENTO.Fonte=\"\",ORÇAMENTO.CodBarra,CONCATENATE(ORÇAMENTO.Fonte,\" \",ORÇAMENTO.CodBarra)))","v":"SINAPI 91341"},{"$f":"IF(ISERROR(INDIRECT(ORÇAMENTO.BancoRef)),\"(abra o arquivo 'Referência \"&Excel_BuiltIn_Database&\".xlsm)\",IF(OR($C182<>\"S\",ORÇAMENTO.CodBarra=\"\"),\"(Sem Código)\",IF(ISERROR(MATCH($AE182,INDIRECT(ORÇAMENTO.BancoRef),0)),\"(Código não identificado nas referências)\",MATCH($AE182,INDIRECT(ORÇAMENTO.BancoRef),0))))","v":2254},{"$f":"ROUND(IF(DESONERACAO=\"sim\",REFERENCIA.Desonerado,REFERENCIA.NaoDesonerado),2)","v":1232.71},{"$f":"ROUND(IF(ISNUMBER(ORÇAMENTO.OpcaoBDI),ORÇAMENTO.OpcaoBDI,IF(LEFT(ORÇAMENTO.OpcaoBDI,3)=\"BDI\",HLOOKUP(ORÇAMENTO.OpcaoBDI,$F$4:$H$5,2,FALSE),0)),15-11*$AF$9)","v":0.2082},null,16.8,null,null,25021.25,{"$f":"ROUND(ORÇAMENTO.CustoUnitario*(1+$AH182),2)","v":1489.36}]
["S",2,"S",0,{"$f":"IF($C183=1,OFFSET(E183,-1,0)+MAX(1,COUNTIF(QCI!$A$13:$A$24,OFFSET(ORÇAMENTO!E183,-1,0))),OFFSET(E183,-1,0))","v":1},10,0,0,7,0,{"$f":"IF(OR($C183=\"S\",$C183=0),0,MATCH(OFFSET($D183,0,$C183)+IF($C183<>1,1,COUNTIF(QCI!$A$13:$A$24,ORÇAMENTO!E183)),OFFSET($D183,1,$C183,ROW($C$404)-ROW($C183)),0))","v":0},"F","Serviço","Serviço","1.10.0.0.7.","SINAPI","100874",{"$f":"IF($C183=\"S\",REFERENCIA.Descricao,\"(digite a descrição aqui)\")","v":"PUXADOR PARA PCD, FIXADO NA PORTA - FORNECIMENTO E INSTALAÇÃO. AF_01/2020"},{"$f":"REFERENCIA.Unidade","v":"UN"},{"$f":"OFFSET(CÁLCULO!H$15,ROW($T183)-ROW(T$15),0)","v":4},228.62,"BDI 1",{"$f":"IF($C183=\"S\",ROUND(IF(TIPOORCAMENTO=\"Proposto\",ORÇAMENTO.CustoUnitario*(1+$AH183),ORÇAMENTO.PrecoUnitarioLicitado),15-13*$AF$10),0)","v":276.22000000000003},{"$f":"IF($C183=\"S\",IF(Import.TipoArredondamento<>\"TransfereGOV\",VTOTAL1,SUM(OFFSET(CÁLCULO!$AA$15,ROW($X183)-ROW($X$15),1):OFFSET(CÁLCULO!$AL$15,ROW($X183)-ROW($X$15),-1))),IF($C183=0,0,ROUND(SomaAgrup,15-13*$AF$11)))","v":1104.8800000000001},"RA","RA",{"$f":"IF($C183=\"S\",IF($Z183=\"CP\",$X183,IF($Z183=\"RA\",(($X183)*QCI!$AA$3),0)),SomaAgrup)","v":296.41076591630429},0,{"$f":"IF($N183=\"\",\"\",IF(ORÇAMENTO.Descricao=\"\",\"DESCRIÇÃO\",IF(AND($C183=\"S\",ORÇAMENTO.Unidade=\"\"),\"UNIDADE\",IF($X183<0,\"VALOR NEGATIVO\",IF(OR(AND(TIPOORCAMENTO=\"Proposto\",$AG183<>\"\",$AG183>0,ORÇAMENTO.CustoUnitario>$AG183),AND(TIPOORCAMENTO=\"LICITADO\",ORÇAMENTO.PrecoUnitarioLicitado>$AN183)),\"ACIMA REF.\",\"\")))))","v":""},{"$f":"IF(C183<=CRONO.NivelExibicao,MAX($AD$15:OFFSET(AD183,-1,0))+IF($C183<>1,1,MAX(1,COUNTIF(QCI!$A$13:$A$24,OFFSET($E183,-1,0)))),\"\")","v":""},{"$f":"IF(AND($C183=\"S\",ORÇAMENTO.CodBarra<>\"\"),IF(ORÇAMENTO.Fonte=\"\",ORÇAMENTO.CodBarra,CONCATENATE(ORÇAMENTO.Fonte,\" \",ORÇAMENTO.CodBarra)))","v":"SINAPI 100874"},{"$f":"IF(ISERROR(INDIRECT(ORÇAMENTO.BancoRef)),\"(abra o arquivo 'Referência \"&Excel_BuiltIn_Database&\".xlsm)\",IF(OR($C183<>\"S\",ORÇAMENTO.CodBarra=\"\"),\"(Sem Código)\",IF(ISERROR(MATCH($AE183,INDIRECT(ORÇAMENTO.BancoRef),0)),\"(Código não identificado nas referências)\",MATCH($AE183,INDIRECT(ORÇAMENTO.BancoRef),0))))","v":5396},{"$f":"ROUND(IF(DESONERACAO=\"sim\",REFERENCIA.Desonerado,REFERENCIA.NaoDesonerado),2)","v":228.62},0.2082,null,4,null,null,1104.8800000000001,276.22000000000003]
["S",2,"S",0,{"$f":"IF($C184=1,OFFSET(E184,-1,0)+MAX(1,COUNTIF(QCI!$A$13:$A$24,OFFSET(ORÇAMENTO!E184,-1,0))),OFFSET(E184,-1,0))","v":1},10,0,0,8,0,{"$f":"IF(OR($C184=\"S\",$C184=0),0,MATCH(OFFSET($D184,0,$C184)+IF($C184<>1,1,COUNTIF(QCI!$A$13:$A$24,ORÇAMENTO!E184)),OFFSET($D184,1,$C184,ROW($C$404)-ROW($C184)),0))","v":0},"F","Serviço","Serviço","1.10.0.0.8.","SINAPI","100869",{"$f":"IF($C184=\"S\",REFERENCIA.Descricao,\"(digite a descrição aqui)\")","v":"BARRA DE APOIO RETA, EM ACO INOX POLIDO, COMPRIMENTO 90 CM,  FIXADA NA PAREDE - FORNECIMENTO E INSTALAÇÃO. AF_01/2020"},{"$f":"REFERENCIA.Unidade","v":"UN"},{"$f":"OFFSET(CÁLCULO!H$15,ROW($T184)-ROW(T$15),0)","v":4},253.26,"BDI 1",{"$f":"IF($C184=\"S\",ROUND(IF(TIPOORCAMENTO=\"Proposto\",ORÇAMENTO.CustoUnitario*(1+$AH184),ORÇAMENTO.PrecoUnitarioLicitado),15-13*$AF$10),0)","v":305.99},{"$f":"IF($C184=\"S\",IF(Import.TipoArredondamento<>\"TransfereGOV\",VTOTAL1,SUM(OFFSET(CÁLCULO!$AA$15,ROW($X184)-ROW($X$15),1):OFFSET(CÁLCULO!$AL$15,ROW($X184)-ROW($X$15),-1))),IF($C184=0,0,ROUND(SomaAgrup,15-13*$AF$11)))","v":1223.96},"RA","RA",{"$f":"IF($C184=\"S\",IF($Z184=\"CP\",$X184,IF($Z184=\"RA\",(($X184)*QCI!$AA$3),0)),SomaAgrup)","v":328.35685418409219},0,{"$f":"IF($N184=\"\",\"\",IF(ORÇAMENTO.Descricao=\"\",\"DESCRIÇÃO\",IF(AND($C184=\"S\",ORÇAMENTO.Unidade=\"\"),\"UNIDADE\",IF($X184<0,\"VALOR NEGATIVO\",IF(OR(AND(TIPOORCAMENTO=\"Proposto\",$AG184<>\"\",$AG184>0,ORÇAMENTO.CustoUnitario>$AG184),AND(TIPOORCAMENTO=\"LICITADO\",ORÇAMENTO.PrecoUnitarioLicitado>$AN184)),\"ACIMA REF.\",\"\")))))","v":""},{"$f":"IF(C184<=CRONO.NivelExibicao,MAX($AD$15:OFFSET(AD184,-1,0))+IF($C184<>1,1,MAX(1,COUNTIF(QCI!$A$13:$A$24,OFFSET($E184,-1,0)))),\"\")","v":""},{"$f":"IF(AND($C184=\"S\",ORÇAMENTO.CodBarra<>\"\"),IF(ORÇAMENTO.Fonte=\"\",ORÇAMENTO.CodBarra,CONCATENATE(ORÇAMENTO.Fonte,\" \",ORÇAMENTO.CodBarra)))","v":"SINAPI 100869"},{"$f":"IF(ISERROR(INDIRECT(ORÇAMENTO.BancoRef)),\"(abra o arquivo 'Referência \"&Excel_BuiltIn_Database&\".xlsm)\",IF(OR($C184<>\"S\",ORÇAMENTO.CodBarra=\"\"),\"(Sem Código)\",IF(ISERROR(MATCH($AE184,INDIRECT(ORÇAMENTO.BancoRef),0)),\"(Código não identificado nas referências)\",MATCH($AE184,INDIRECT(ORÇAMENTO.BancoRef),0))))","v":5391},{"$f":"ROUND(IF(DESONERACAO=\"sim\",REFERENCIA.Desonerado,REFERENCIA.NaoDesonerado),2)","v":253.26},0.2082,null,4,null,null,1223.96,305.99]
[{"$f":"CHOOSE(1+LOG(1+2*(ORÇAMENTO.Nivel=\"Meta\")+4*(ORÇAMENTO.Nivel=\"Nível 2\")+8*(ORÇAMENTO.Nivel=\"Nível 3\")+16*(ORÇAMENTO.Nivel=\"Nível 4\")+32*(ORÇAMENTO.Nivel=\"Serviço\"),2),0,1,2,3,4,\"S\")","v":"S"},{"$f":"IF(OR(C185=\"s\",C185=0),OFFSET(B185,-1,0),C185)","v":2},{"$f":"IF(OFFSET(C185,-1,0)=\"L\",1,IF(OFFSET(C185,-1,0)=1,2,IF(OR(A185=\"s\",A185=0),\"S\",IF(AND(OFFSET(C185,-1,0)=2,A185=4),3,IF(AND(OR(OFFSET(C185,-1,0)=\"s\",OFFSET(C185,-1,0)=0),A185<>\"s\",A185>OFFSET(B185,-1,0)),OFFSET(B185,-1,0),A185)))))","v":"S"},{"$f":"IF(OR(C185=\"S\",C185=0),0,IF(ISERROR(K185),J185,SMALL(J185:K185,1)))","v":0},{"$f":"IF($C185=1,OFFSET(E185,-1,0)+MAX(1,COUNTIF(QCI!$A$13:$A$24,OFFSET(ORÇAMENTO!E185,-1,0))),OFFSET(E185,-1,0))","v":1},{"$f":"IF($C185=1,0,IF($C185=2,OFFSET(F185,-1,0)+1,OFFSET(F185,-1,0)))","v":10},{"$f":"IF(AND($C185<=2,$C185<>0),0,IF($C185=3,OFFSET(G185,-1,0)+1,OFFSET(G185,-1,0)))","v":0},{"$f":"IF(AND($C185<=3,$C185<>0),0,IF($C185=4,OFFSET(H185,-1,0)+1,OFFSET(H185,-1,0)))","v":0},{"$f":"IF(AND($C185<=4,$C185<>0),0,IF(AND($C185=\"S\",$X185>0),OFFSET(I185,-1,0)+1,OFFSET(I185,-1,0)))","v":9},0,{"$f":"IF(OR($C185=\"S\",$C185=0),0,MATCH(OFFSET($D185,0,$C185)+IF($C185<>1,1,COUNTIF(QCI!$A$13:$A$24,ORÇAMENTO!E185)),OFFSET($D185,1,$C185,ROW($C$404)-ROW($C185)),0))","v":0},{"$f":"IF(OR($X185>0,$C185=1,$C185=2,$C185=3,$C185=4),\"F\",\"\")","v":"F"},"Serviço",{"$f":"CHOOSE(1+LOG(1+2*(C185=1)+4*(C185=2)+8*(C185=3)+16*(C185=4)+32*(C185=\"S\"),2),\"\",\"Meta\",\"Nível 2\",\"Nível 3\",\"Nível 4\",\"Serviço\")","v":"Serviço"},{"$f":"IF(OR($C185=0,$L185=\"\"),\"-\",CONCATENATE(E185&\".\",IF(AND($A$5>=2,$C185>=2),F185&\".\",\"\"),IF(AND($A$5>=3,$C185>=3),G185&\".\",\"\"),IF(AND($A$5>=4,$C185>=4),H185&\".\",\"\"),IF($C185=\"S\",I185&\".\",\"\")))","v":"1.10.0.0.9."},"SINAPI","100866",{"$f":"IF($C185=\"S\",REFERENCIA.Descricao,\"(digite a descrição aqui)\")","v":"BARRA DE APOIO RETA, EM ACO INOX POLIDO, COMPRIMENTO 60CM, FIXADA NA PAREDE - FORNECIMENTO E INSTALAÇÃO. AF_01/2020"},{"$f":"REFERENCIA.Unidade","v":"UN"},{"$f":"OFFSET(CÁLCULO!H$15,ROW($T185)-ROW(T$15),0)","v":4},228.62,"BDI 1",{"$f":"IF($C185=\"S\",ROUND(IF(TIPOORCAMENTO=\"Proposto\",ORÇAMENTO.CustoUnitario*(1+$AH185),ORÇAMENTO.PrecoUnitarioLicitado),15-13*$AF$10),0)","v":276.22000000000003},{"$f":"IF($C185=\"S\",IF(Import.TipoArredondamento<>\"TransfereGOV\",VTOTAL1,SUM(OFFSET(CÁLCULO!$AA$15,ROW($X185)-ROW($X$15),1):OFFSET(CÁLCULO!$AL$15,ROW($X185)-ROW($X$15),-1))),IF($C185=0,0,ROUND(SomaAgrup,15-13*$AF$11)))","v":1104.8800000000001},"RA",{"$f":"IF(AND($C185=\"S\",$X185>0),IF(ISBLANK($Y185),\"RA\",LEFT($Y185,2)),\"\")","v":"RA"},{"$f":"IF($C185=\"S\",IF($Z185=\"CP\",$X185,IF($Z185=\"RA\",(($X185)*QCI!$AA$3),0)),SomaAgrup)","v":296.41076591630429},{"$f":"IF($C185=\"S\",IF($Z185=\"OU\",ROUND($X185,2),0),SomaAgrup)","v":0},{"$f":"IF($N185=\"\",\"\",IF(ORÇAMENTO.Descricao=\"\",\"DESCRIÇÃO\",IF(AND($C185=\"S\",ORÇAMENTO.Unidade=\"\"),\"UNIDADE\",IF($X185<0,\"VALOR NEGATIVO\",IF(OR(AND(TIPOORCAMENTO=\"Proposto\",$AG185<>\"\",$AG185>0,ORÇAMENTO.CustoUnitario>$AG185),AND(TIPOORCAMENTO=\"LICITADO\",ORÇAMENTO.PrecoUnitarioLicitado>$AN185)),\"ACIMA REF.\",\"\")))))","v":""},{"$f":"IF(C185<=CRONO.NivelExibicao,MAX($AD$15:OFFSET(AD185,-1,0))+IF($C185<>1,1,MAX(1,COUNTIF(QCI!$A$13:$A$24,OFFSET($E185,-1,0)))),\"\")","v":""},{"$f":"IF(AND($C185=\"S\",ORÇAMENTO.CodBarra<>\"\"),IF(ORÇAMENTO.Fonte=\"\",ORÇAMENTO.CodBarra,CONCATENATE(ORÇAMENTO.Fonte,\" \",ORÇAMENTO.CodBarra)))","v":"SINAPI 100866"},{"$f":"IF(ISERROR(INDIRECT(ORÇAMENTO.BancoRef)),\"(abra o arquivo 'Referência \"&Excel_BuiltIn_Database&\".xlsm)\",IF(OR($C185<>\"S\",ORÇAMENTO.CodBarra=\"\"),\"(Sem Código)\",IF(ISERROR(MATCH($AE185,INDIRECT(ORÇAMENTO.BancoRef),0)),\"(Código não identificado nas referências)\",MATCH($AE185,INDIRECT(ORÇAMENTO.BancoRef),0))))","v":5388},{"$f":"ROUND(IF(DESONERACAO=\"sim\",REFERENCIA.Desonerado,REFERENCIA.NaoDesonerado),2)","v":228.62},{"$f":"ROUND(IF(ISNUMBER(ORÇAMENTO.OpcaoBDI),ORÇAMENTO.OpcaoBDI,IF(LEFT(ORÇAMENTO.OpcaoBDI,3)=\"BDI\",HLOOKUP(ORÇAMENTO.OpcaoBDI,$F$4:$H$5,2,FALSE),0)),15-11*$AF$9)","v":0.2082},null,4,null,null,1104.8800000000001,{"$f":"ROUND(ORÇAMENTO.CustoUnitario*(1+$AH185),2)","v":276.22000000000003}]
[2,2,2,41,{"$f":"IF($C186=1,OFFSET(E186,-1,0)+MAX(1,COUNTIF(QCI!$A$13:$A$24,OFFSET(ORÇAMENTO!E186,-1,0))),OFFSET(E186,-1,0))","v":1},11,0,0,0,61,{"$f":"IF(OR($C186=\"S\",$C186=0),0,MATCH(OFFSET($D186,0,$C186)+IF($C186<>1,1,COUNTIF(QCI!$A$13:$A$24,ORÇAMENTO!E186)),OFFSET($D186,1,$C186,ROW($C$404)-ROW($C186)),0))","v":41},"F","Nível 2","Nível 2","1.11.","SINAPI",null,"ESTRUTURA PASSARELA",{"$f":"REFERENCIA.Unidade","v":"-"},{"$f":"OFFSET(CÁLCULO!H$15,ROW($T186)-ROW(T$15),0)","v":0},0,"BDI 1",{"$f":"IF($C186=\"S\",ROUND(IF(TIPOORCAMENTO=\"Proposto\",ORÇAMENTO.CustoUnitario*(1+$AH186),ORÇAMENTO.PrecoUnitarioLicitado),15-13*$AF$10),0)","v":0},{"$f":"IF($C186=\"S\",IF(Import.TipoArredondamento<>\"TransfereGOV\",VTOTAL1,SUM(OFFSET(CÁLCULO!$AA$15,ROW($X186)-ROW($X$15),1):OFFSET(CÁLCULO!$AL$15,ROW($X186)-ROW($X$15),-1))),IF($C186=0,0,ROUND(SomaAgrup,15-13*$AF$11)))","v":232092.36},"RA","",{"$f":"IF($C186=\"S\",IF($Z186=\"CP\",$X186,IF($Z186=\"RA\",(($X186)*QCI!$AA$3),0)),SomaAgrup)","v":62264.385445408203},0,{"$f":"IF($N186=\"\",\"\",IF(ORÇAMENTO.Descricao=\"\",\"DESCRIÇÃO\",IF(AND($C186=\"S\",ORÇAMENTO.Unidade=\"\"),\"UNIDADE\",IF($X186<0,\"VALOR NEGATIVO\",IF(OR(AND(TIPOORCAMENTO=\"Proposto\",$AG186<>\"\",$AG186>0,ORÇAMENTO.CustoUnitario>$AG186),AND(TIPOORCAMENTO=\"LICITADO\",ORÇAMENTO.PrecoUnitarioLicitado>$AN186)),\"ACIMA REF.\",\"\")))))","v":""},{"$f":"IF(C186<=CRONO.NivelExibicao,MAX($AD$15:OFFSET(AD186,-1,0))+IF($C186<>1,1,MAX(1,COUNTIF(QCI!$A$13:$A$24,OFFSET($E186,-1,0)))),\"\")","v":12},{"$f":"IF(AND($C186=\"S\",ORÇAMENTO.CodBarra<>\"\"),IF(ORÇAMENTO.Fonte=\"\",ORÇAMENTO.CodBarra,CONCATENATE(ORÇAMENTO.Fonte,\" \",ORÇAMENTO.CodBarra)))","v":false},{"$f":"IF(ISERROR(INDIRECT(ORÇAMENTO.BancoRef)),\"(abra o arquivo 'Referência \"&Excel_BuiltIn_Database&\".xlsm)\",IF(OR($C186<>\"S\",ORÇAMENTO.CodBarra=\"\"),\"(Sem Código)\",IF(ISERROR(MATCH($AE186,INDIRECT(ORÇAMENTO.BancoRef),0)),\"(Código não identificado nas referências)\",MATCH($AE186,INDIRECT(ORÇAMENTO.BancoRef),0))))","v":"(Sem Código)"},{"$f":"ROUND(IF(DESONERACAO=\"sim\",REFERENCIA.Desonerado,REFERENCIA.NaoDesonerado),2)","v":0},0.2082,null,null,null,null,232092.36,0]
[3,3,3,40,{"$f":"IF($C187=1,OFFSET(E187,-1,0)+MAX(1,COUNTIF(QCI!$A$13:$A$24,OFFSET(ORÇAMENTO!E187,-1,0))),OFFSET(E187,-1,0))","v":1},11,1,0,0,40,{"$f":"IF(OR($C187=\"S\",$C187=0),0,MATCH(OFFSET($D187,0,$C187)+IF($C187<>1,1,COUNTIF(QCI!$A$13:$A$24,ORÇAMENTO!E187)),OFFSET($D187,1,$C187,ROW($C$404)-ROW($C187)),0))","v":46},"F","Nível 3","Nível 3","1.11.1.","SINAPI",null,"INFRAESTRUTURA",{"$f":"REFERENCIA.Unidade","v":"-"},{"$f":"OFFSET(CÁLCULO!H$15,ROW($T187)-ROW(T$15),0)","v":0},0,"BDI 1",{"$f":"IF($C187=\"S\",ROUND(IF(TIPOORCAMENTO=\"Proposto\",ORÇAMENTO.CustoUnitario*(1+$AH187),ORÇAMENTO.PrecoUnitarioLicitado),15-13*$AF$10),0)","v":0},{"$f":"IF($C187=\"S\",IF(Import.TipoArredondamento<>\"TransfereGOV\",VTOTAL1,SUM(OFFSET(CÁLCULO!$AA$15,ROW($X187)-ROW($X$15),1):OFFSET(CÁLCULO!$AL$15,ROW($X187)-ROW($X$15),-1))),IF($C187=0,0,ROUND(SomaAgrup,15-13*$AF$11)))","v":232092.36},"RA","",{"$f":"IF($C187=\"S\",IF($Z187=\"CP\",$X187,IF($Z187=\"RA\",(($X187)*QCI!$AA$3),0)),SomaAgrup)","v":62264.385445408203},0,{"$f":"IF($N187=\"\",\"\",IF(ORÇAMENTO.Descricao=\"\",\"DESCRIÇÃO\",IF(AND($C187=\"S\",ORÇAMENTO.Unidade=\"\"),\"UNIDADE\",IF($X187<0,\"VALOR NEGATIVO\",IF(OR(AND(TIPOORCAMENTO=\"Proposto\",$AG187<>\"\",$AG187>0,ORÇAMENTO.CustoUnitario>$AG187),AND(TIPOORCAMENTO=\"LICITADO\",ORÇAMENTO.PrecoUnitarioLicitado>$AN187)),\"ACIMA REF.\",\"\")))))","v":""},{"$f":"IF(C187<=CRONO.NivelExibicao,MAX($AD$15:OFFSET(AD187,-1,0))+IF($C187<>1,1,MAX(1,COUNTIF(QCI!$A$13:$A$24,OFFSET($E187,-1,0)))),\"\")","v":""},{"$f":"IF(AND($C187=\"S\",ORÇAMENTO.CodBarra<>\"\"),IF(ORÇAMENTO.Fonte=\"\",ORÇAMENTO.CodBarra,CONCATENATE(ORÇAMENTO.Fonte,\" \",ORÇAMENTO.CodBarra)))","v":false},{"$f":"IF(ISERROR(INDIRECT(ORÇAMENTO.BancoRef)),\"(abra o arquivo 'Referência \"&Excel_BuiltIn_Database&\".xlsm)\",IF(OR($C187<>\"S\",ORÇAMENTO.CodBarra=\"\"),\"(Sem Código)\",IF(ISERROR(MATCH($AE187,INDIRECT(ORÇAMENTO.BancoRef),0)),\"(Código não identificado nas referências)\",MATCH($AE187,INDIRECT(ORÇAMENTO.BancoRef),0))))","v":"(Sem Código)"},{"$f":"ROUND(IF(DESONERACAO=\"sim\",REFERENCIA.Desonerado,REFERENCIA.NaoDesonerado),2)","v":0},0.2082,null,null,null,null,232092.36,0]
[4,4,4,4,{"$f":"IF($C188=1,OFFSET(E188,-1,0)+MAX(1,COUNTIF(QCI!$A$13:$A$24,OFFSET(ORÇAMENTO!E188,-1,0))),OFFSET(E188,-1,0))","v":1},11,1,1,0,39,{"$f":"IF(OR($C188=\"S\",$C188=0),0,MATCH(OFFSET($D188,0,$C188)+IF($C188<>1,1,COUNTIF(QCI!$A$13:$A$24,ORÇAMENTO!E188)),OFFSET($D188,1,$C188,ROW($C$404)-ROW($C188)),0))","v":4},"F","Nível 4","Nível 4","1.11.1.1.","SINAPI",null,{"$f":"IF($C188=\"S\",REFERENCIA.Descricao,\"(FUNDAÇÃO)\")","v":"(FUNDAÇÃO)"},{"$f":"REFERENCIA.Unidade","v":"-"},{"$f":"OFFSET(CÁLCULO!H$15,ROW($T188)-ROW(T$15),0)","v":0},null,"BDI 1",{"$f":"IF($C188=\"S\",ROUND(IF(TIPOORCAMENTO=\"Proposto\",ORÇAMENTO.CustoUnitario*(1+$AH188),ORÇAMENTO.PrecoUnitarioLicitado),15-13*$AF$10),0)","v":0},{"$f":"IF($C188=\"S\",IF(Import.TipoArredondamento<>\"TransfereGOV\",VTOTAL1,SUM(OFFSET(CÁLCULO!$AA$15,ROW($X188)-ROW($X$15),1):OFFSET(CÁLCULO!$AL$15,ROW($X188)-ROW($X$15),-1))),IF($C188=0,0,ROUND(SomaAgrup,15-13*$AF$11)))","v":17447.810000000001},"RA","",{"$f":"IF($C188=\"S\",IF($Z188=\"CP\",$X188,IF($Z188=\"RA\",(($X188)*QCI!$AA$3),0)),SomaAgrup)","v":4680.7967613334949},0,{"$f":"IF($N188=\"\",\"\",IF(ORÇAMENTO.Descricao=\"\",\"DESCRIÇÃO\",IF(AND($C188=\"S\",ORÇAMENTO.Unidade=\"\"),\"UNIDADE\",IF($X188<0,\"VALOR NEGATIVO\",IF(OR(AND(TIPOORCAMENTO=\"Proposto\",$AG188<>\"\",$AG188>0,ORÇAMENTO.CustoUnitario>$AG188),AND(TIPOORCAMENTO=\"LICITADO\",ORÇAMENTO.PrecoUnitarioLicitado>$AN188)),\"ACIMA REF.\",\"\")))))","v":""},{"$f":"IF(C188<=CRONO.NivelExibicao,MAX($AD$15:OFFSET(AD188,-1,0))+IF($C188<>1,1,MAX(1,COUNTIF(QCI!$A$13:$A$24,OFFSET($E188,-1,0)))),\"\")","v":""},{"$f":"IF(AND($C188=\"S\",ORÇAMENTO.CodBarra<>\"\"),IF(ORÇAMENTO.Fonte=\"\",ORÇAMENTO.CodBarra,CONCATENATE(ORÇAMENTO.Fonte,\" \",ORÇAMENTO.CodBarra)))","v":false},{"$f":"IF(ISERROR(INDIRECT(ORÇAMENTO.BancoRef)),\"(abra o arquivo 'Referência \"&Excel_BuiltIn_Database&\".xlsm)\",IF(OR($C188<>\"S\",ORÇAMENTO.CodBarra=\"\"),\"(Sem Código)\",IF(ISERROR(MATCH($AE188,INDIRECT(ORÇAMENTO.BancoRef),0)),\"(Código não identificado nas referências)\",MATCH($AE188,INDIRECT(ORÇAMENTO.BancoRef),0))))","v":"(Sem Código)"},{"$f":"ROUND(IF(DESONERACAO=\"sim\",REFERENCIA.Desonerado,REFERENCIA.NaoDesonerado),2)","v":0},0.2082,null,null,null,null,17447.810000000001,0]
["S",4,"S",0,{"$f":"IF($C189=1,OFFSET(E189,-1,0)+MAX(1,COUNTIF(QCI!$A$13:$A$24,OFFSET(ORÇAMENTO!E189,-1,0))),OFFSET(E189,-1,0))","v":1},11,1,1,1,0,{"$f":"IF(OR($C189=\"S\",$C189=0),0,MATCH(OFFSET($D189,0,$C189)+IF($C189<>1,1,COUNTIF(QCI!$A$13:$A$24,ORÇAMENTO!E189)),OFFSET($D189,1,$C189,ROW($C$404)-ROW($C189)),0))","v":0},"F","Serviço","Serviço","1.11.1.1.1.","SINAPI","101173",{"$f":"IF($C189=\"S\",REFERENCIA.Descricao,\"(digite a descrição aqui)\")","v":"ESTACA BROCA DE CONCRETO, DIÂMETRO DE 20CM, ESCAVAÇÃO MANUAL COM TRADO CONCHA, COM ARMADURA DE ARRANQUE. AF_05/2020"},{"$f":"REFERENCIA.Unidade","v":"M"},{"$f":"OFFSET(CÁLCULO!H$15,ROW($T189)-ROW(T$15),0)","v":135},65.52,"BDI 1",{"$f":"IF($C189=\"S\",ROUND(IF(TIPOORCAMENTO=\"Proposto\",ORÇAMENTO.CustoUnitario*(1+$AH189),ORÇAMENTO.PrecoUnitarioLicitado),15-13*$AF$10),0)","v":79.16},{"$f":"IF($C189=\"S\",IF(Import.TipoArredondamento<>\"TransfereGOV\",VTOTAL1,SUM(OFFSET(CÁLCULO!$AA$15,ROW($X189)-ROW($X$15),1):OFFSET(CÁLCULO!$AL$15,ROW($X189)-ROW($X$15),-1))),IF($C189=0,0,ROUND(SomaAgrup,15-13*$AF$11)))","v":10686.6},"RA","RA",{"$f":"IF($C189=\"S\",IF($Z189=\"CP\",$X189,IF($Z189=\"RA\",(($X189)*QCI!$AA$3),0)),SomaAgrup)","v":2866.938754472139},0,{"$f":"IF($N189=\"\",\"\",IF(ORÇAMENTO.Descricao=\"\",\"DESCRIÇÃO\",IF(AND($C189=\"S\",ORÇAMENTO.Unidade=\"\"),\"UNIDADE\",IF($X189<0,\"VALOR NEGATIVO\",IF(OR(AND(TIPOORCAMENTO=\"Proposto\",$AG189<>\"\",$AG189>0,ORÇAMENTO.CustoUnitario>$AG189),AND(TIPOORCAMENTO=\"LICITADO\",ORÇAMENTO.PrecoUnitarioLicitado>$AN189)),\"ACIMA REF.\",\"\")))))","v":""},{"$f":"IF(C189<=CRONO.NivelExibicao,MAX($AD$15:OFFSET(AD189,-1,0))+IF($C189<>1,1,MAX(1,COUNTIF(QCI!$A$13:$A$24,OFFSET($E189,-1,0)))),\"\")","v":""},{"$f":"IF(AND($C189=\"S\",ORÇAMENTO.CodBarra<>\"\"),IF(ORÇAMENTO.Fonte=\"\",ORÇAMENTO.CodBarra,CONCATENATE(ORÇAMENTO.Fonte,\" \",ORÇAMENTO.CodBarra)))","v":"SINAPI 101173"},{"$f":"IF(ISERROR(INDIRECT(ORÇAMENTO.BancoRef)),\"(abra o arquivo 'Referência \"&Excel_BuiltIn_Database&\".xlsm)\",IF(OR($C189<>\"S\",ORÇAMENTO.CodBarra=\"\"),\"(Sem Código)\",IF(ISERROR(MATCH($AE189,INDIRECT(ORÇAMENTO.BancoRef),0)),\"(Código não identificado nas referências)\",MATCH($AE189,INDIRECT(ORÇAMENTO.BancoRef),0))))","v":2356},{"$f":"ROUND(IF(DESONERACAO=\"sim\",REFERENCIA.Desonerado,REFERENCIA.NaoDesonerado),2)","v":65.52},0.2082,null,135,null,null,10686.6,79.16]
["S",4,"S",0,{"$f":"IF($C190=1,OFFSET(E190,-1,0)+MAX(1,COUNTIF(QCI!$A$13:$A$24,OFFSET(ORÇAMENTO!E190,-1,0))),OFFSET(E190,-1,0))","v":1},11,1,1,2,0,{"$f":"IF(OR($C190=\"S\",$C190=0),0,MATCH(OFFSET($D190,0,$C190)+IF($C190<>1,1,COUNTIF(QCI!$A$13:$A$24,ORÇAMENTO!E190)),OFFSET($D190,1,$C190,ROW($C$404)-ROW($C190)),0))","v":0},"F","Serviço","Serviço","1.11.1.1.2.","SINAPI","95577",{"$f":"IF($C190=\"S\",REFERENCIA.Descricao,\"(digite a descrição aqui)\")","v":"MONTAGEM DE ARMADURA DE ESTACAS, DIÂMETRO = 10,0 MM. AF_09/2021_PS"},{"$f":"REFERENCIA.Unidade","v":"KG"},{"$f":"OFFSET(CÁLCULO!H$15,ROW($T190)-ROW(T$15),0)","v":353.16},10.48,"BDI 1",{"$f":"IF($C190=\"S\",ROUND(IF(TIPOORCAMENTO=\"Proposto\",ORÇAMENTO.CustoUnitario*(1+$AH190),ORÇAMENTO.PrecoUnitarioLicitado),15-13*$AF$10),0)","v":12.66},{"$f":"IF($C190=\"S\",IF(Import.TipoArredondamento<>\"TransfereGOV\",VTOTAL1,SUM(OFFSET(CÁLCULO!$AA$15,ROW($X190)-ROW($X$15),1):OFFSET(CÁLCULO!$AL$15,ROW($X190)-ROW($X$15),-1))),IF($C190=0,0,ROUND(SomaAgrup,15-13*$AF$11)))","v":4471.01},"RA","RA",{"$f":"IF($C190=\"S\",IF($Z190=\"CP\",$X190,IF($Z190=\"RA\",(($X190)*QCI!$AA$3),0)),SomaAgrup)","v":1199.4565007235676},0,{"$f":"IF($N190=\"\",\"\",IF(ORÇAMENTO.Descricao=\"\",\"DESCRIÇÃO\",IF(AND($C190=\"S\",ORÇAMENTO.Unidade=\"\"),\"UNIDADE\",IF($X190<0,\"VALOR NEGATIVO\",IF(OR(AND(TIPOORCAMENTO=\"Proposto\",$AG190<>\"\",$AG190>0,ORÇAMENTO.CustoUnitario>$AG190),AND(TIPOORCAMENTO=\"LICITADO\",ORÇAMENTO.PrecoUnitarioLicitado>$AN190)),\"ACIMA REF.\",\"\")))))","v":""},{"$f":"IF(C190<=CRONO.NivelExibicao,MAX($AD$15:OFFSET(AD190,-1,0))+IF($C190<>1,1,MAX(1,COUNTIF(QCI!$A$13:$A$24,OFFSET($E190,-1,0)))),\"\")","v":""},{"$f":"IF(AND($C190=\"S\",ORÇAMENTO.CodBarra<>\"\"),IF(ORÇAMENTO.Fonte=\"\",ORÇAMENTO.CodBarra,CONCATENATE(ORÇAMENTO.Fonte,\" \",ORÇAMENTO.CodBarra)))","v":"SINAPI 95577"},{"$f":"IF(ISERROR(INDIRECT(ORÇAMENTO.BancoRef)),\"(abra o arquivo 'Referência \"&Excel_BuiltIn_Database&\".xlsm)\",IF(OR($C190<>\"S\",ORÇAMENTO.CodBarra=\"\"),\"(Sem Código)\",IF(ISERROR(MATCH($AE190,INDIRECT(ORÇAMENTO.BancoRef),0)),\"(Código não identificado nas referências)\",MATCH($AE190,INDIRECT(ORÇAMENTO.BancoRef),0))))","v":2679},{"$f":"ROUND(IF(DESONERACAO=\"sim\",REFERENCIA.Desonerado,REFERENCIA.NaoDesonerado),2)","v":10.48},0.2082,null,353.16,null,null,4471.01,12.66]
["S",4,"S",0,{"$f":"IF($C191=1,OFFSET(E191,-1,0)+MAX(1,COUNTIF(QCI!$A$13:$A$24,OFFSET(ORÇAMENTO!E191,-1,0))),OFFSET(E191,-1,0))","v":1},11,1,1,3,0,{"$f":"IF(OR($C191=\"S\",$C191=0),0,MATCH(OFFSET($D191,0,$C191)+IF($C191<>1,1,COUNTIF(QCI!$A$13:$A$24,ORÇAMENTO!E191)),OFFSET($D191,1,$C191,ROW($C$404)-ROW($C191)),0))","v":0},"F","Serviço","Serviço","1.11.1.1.3.","SINAPI","95592",{"$f":"IF($C191=\"S\",REFERENCIA.Descricao,\"(digite a descrição aqui)\")","v":"MONTAGEM DE ARMADURA TRANVERSAL DE ESTACAS DE SEÇÃO RETANGULAR, DIÂMETRO = 5,0 MM. AF_09/2021_PS"},{"$f":"REFERENCIA.Unidade","v":"KG"},{"$f":"OFFSET(CÁLCULO!H$15,ROW($T191)-ROW(T$15),0)","v":110},17.23,"BDI 1",{"$f":"IF($C191=\"S\",ROUND(IF(TIPOORCAMENTO=\"Proposto\",ORÇAMENTO.CustoUnitario*(1+$AH191),ORÇAMENTO.PrecoUnitarioLicitado),15-13*$AF$10),0)","v":20.82},{"$f":"IF($C191=\"S\",IF(Import.TipoArredondamento<>\"TransfereGOV\",VTOTAL1,SUM(OFFSET(CÁLCULO!$AA$15,ROW($X191)-ROW($X$15),1):OFFSET(CÁLCULO!$AL$15,ROW($X191)-ROW($X$15),-1))),IF($C191=0,0,ROUND(SomaAgrup,15-13*$AF$11)))","v":2290.1999999999998},"RA","RA",{"$f":"IF($C191=\"S\",IF($Z191=\"CP\",$X191,IF($Z191=\"RA\",(($X191)*QCI!$AA$3),0)),SomaAgrup)","v":614.4015061377886},0,{"$f":"IF($N191=\"\",\"\",IF(ORÇAMENTO.Descricao=\"\",\"DESCRIÇÃO\",IF(AND($C191=\"S\",ORÇAMENTO.Unidade=\"\"),\"UNIDADE\",IF($X191<0,\"VALOR NEGATIVO\",IF(OR(AND(TIPOORCAMENTO=\"Proposto\",$AG191<>\"\",$AG191>0,ORÇAMENTO.CustoUnitario>$AG191),AND(TIPOORCAMENTO=\"LICITADO\",ORÇAMENTO.PrecoUnitarioLicitado>$AN191)),\"ACIMA REF.\",\"\")))))","v":""},{"$f":"IF(C191<=CRONO.NivelExibicao,MAX($AD$15:OFFSET(AD191,-1,0))+IF($C191<>1,1,MAX(1,COUNTIF(QCI!$A$13:$A$24,OFFSET($E191,-1,0)))),\"\")","v":""},{"$f":"IF(AND($C191=\"S\",ORÇAMENTO.CodBarra<>\"\"),IF(ORÇAMENTO.Fonte=\"\",ORÇAMENTO.CodBarra,CONCATENATE(ORÇAMENTO.Fonte,\" \",ORÇAMENTO.CodBarra)))","v":"SINAPI 95592"},{"$f":"IF(ISERROR(INDIRECT(ORÇAMENTO.BancoRef)),\"(abra o arquivo 'Referência \"&Excel_BuiltIn_Database&\".xlsm)\",IF(OR($C191<>\"S\",ORÇAMENTO.CodBarra=\"\"),\"(Sem Código)\",IF(ISERROR(MATCH($AE191,INDIRECT(ORÇAMENTO.BancoRef),0)),\"(Código não identificado nas referências)\",MATCH($AE191,INDIRECT(ORÇAMENTO.BancoRef),0))))","v":2687},{"$f":"ROUND(IF(DESONERACAO=\"sim\",REFERENCIA.Desonerado,REFERENCIA.NaoDesonerado),2)","v":17.23},0.2082,null,110,null,null,2290.1999999999998,20.82]
[4,4,4,6,{"$f":"IF($C192=1,OFFSET(E192,-1,0)+MAX(1,COUNTIF(QCI!$A$13:$A$24,OFFSET(ORÇAMENTO!E192,-1,0))),OFFSET(E192,-1,0))","v":1},11,1,2,0,35,{"$f":"IF(OR($C192=\"S\",$C192=0),0,MATCH(OFFSET($D192,0,$C192)+IF($C192<>1,1,COUNTIF(QCI!$A$13:$A$24,ORÇAMENTO!E192)),OFFSET($D192,1,$C192,ROW($C$404)-ROW($C192)),0))","v":6},"F","Nível 4","Nível 4","1.11.1.2.","SINAPI",null,"BALDRAMES",{"$f":"REFERENCIA.Unidade","v":"-"},{"$f":"OFFSET(CÁLCULO!H$15,ROW($T192)-ROW(T$15),0)","v":0},0,"BDI 1",{"$f":"IF($C192=\"S\",ROUND(IF(TIPOORCAMENTO=\"Proposto\",ORÇAMENTO.CustoUnitario*(1+$AH192),ORÇAMENTO.PrecoUnitarioLicitado),15-13*$AF$10),0)","v":0},{"$f":"IF($C192=\"S\",IF(Import.TipoArredondamento<>\"TransfereGOV\",VTOTAL1,SUM(OFFSET(CÁLCULO!$AA$15,ROW($X192)-ROW($X$15),1):OFFSET(CÁLCULO!$AL$15,ROW($X192)-ROW($X$15),-1))),IF($C192=0,0,ROUND(SomaAgrup,15-13*$AF$11)))","v":29306.05},"RA","",{"$f":"IF($C192=\"S\",IF($Z192=\"CP\",$X192,IF($Z192=\"RA\",(($X192)*QCI!$AA$3),0)),SomaAgrup)","v":7862.0562653695506},0,{"$f":"IF($N192=\"\",\"\",IF(ORÇAMENTO.Descricao=\"\",\"DESCRIÇÃO\",IF(AND($C192=\"S\",ORÇAMENTO.Unidade=\"\"),\"UNIDADE\",IF($X192<0,\"VALOR NEGATIVO\",IF(OR(AND(TIPOORCAMENTO=\"Proposto\",$AG192<>\"\",$AG192>0,ORÇAMENTO.CustoUnitario>$AG192),AND(TIPOORCAMENTO=\"LICITADO\",ORÇAMENTO.PrecoUnitarioLicitado>$AN192)),\"ACIMA REF.\",\"\")))))","v":""},{"$f":"IF(C192<=CRONO.NivelExibicao,MAX($AD$15:OFFSET(AD192,-1,0))+IF($C192<>1,1,MAX(1,COUNTIF(QCI!$A$13:$A$24,OFFSET($E192,-1,0)))),\"\")","v":""},{"$f":"IF(AND($C192=\"S\",ORÇAMENTO.CodBarra<>\"\"),IF(ORÇAMENTO.Fonte=\"\",ORÇAMENTO.CodBarra,CONCATENATE(ORÇAMENTO.Fonte,\" \",ORÇAMENTO.CodBarra)))","v":false},{"$f":"IF(ISERROR(INDIRECT(ORÇAMENTO.BancoRef)),\"(abra o arquivo 'Referência \"&Excel_BuiltIn_Database&\".xlsm)\",IF(OR($C192<>\"S\",ORÇAMENTO.CodBarra=\"\"),\"(Sem Código)\",IF(ISERROR(MATCH($AE192,INDIRECT(ORÇAMENTO.BancoRef),0)),\"(Código não identificado nas referências)\",MATCH($AE192,INDIRECT(ORÇAMENTO.BancoRef),0))))","v":"(Sem Código)"},{"$f":"ROUND(IF(DESONERACAO=\"sim\",REFERENCIA.Desonerado,REFERENCIA.NaoDesonerado),2)","v":0},0.2082,null,null,null,null,29306.05,0]
["S",4,"S",0,{"$f":"IF($C193=1,OFFSET(E193,-1,0)+MAX(1,COUNTIF(QCI!$A$13:$A$24,OFFSET(ORÇAMENTO!E193,-1,0))),OFFSET(E193,-1,0))","v":1},11,1,2,1,0,{"$f":"IF(OR($C193=\"S\",$C193=0),0,MATCH(OFFSET($D193,0,$C193)+IF($C193<>1,1,COUNTIF(QCI!$A$13:$A$24,ORÇAMENTO!E193)),OFFSET($D193,1,$C193,ROW($C$404)-ROW($C193)),0))","v":0},"F","Serviço","Serviço","1.11.1.2.1.","SINAPI","96527",{"$f":"IF($C193=\"S\",REFERENCIA.Descricao,\"(digite a descrição aqui)\")","v":"ESCAVAÇÃO MANUAL PARA VIGA BALDRAME OU SAPATA CORRIDA (INCLUINDO ESCAVAÇÃO PARA COLOCAÇÃO DE FÔRMAS). AF_01/2024"},{"$f":"REFERENCIA.Unidade","v":"M3"},{"$f":"OFFSET(CÁLCULO!H$15,ROW($T193)-ROW(T$15),0)","v":18.37},129.41,"BDI 1",{"$f":"IF($C193=\"S\",ROUND(IF(TIPOORCAMENTO=\"Proposto\",ORÇAMENTO.CustoUnitario*(1+$AH193),ORÇAMENTO.PrecoUnitarioLicitado),15-13*$AF$10),0)","v":156.35},{"$f":"IF($C193=\"S\",IF(Import.TipoArredondamento<>\"TransfereGOV\",VTOTAL1,SUM(OFFSET(CÁLCULO!$AA$15,ROW($X193)-ROW($X$15),1):OFFSET(CÁLCULO!$AL$15,ROW($X193)-ROW($X$15),-1))),IF($C193=0,0,ROUND(SomaAgrup,15-13*$AF$11)))","v":2872.15},"RA","RA",{"$f":"IF($C193=\"S\",IF($Z193=\"CP\",$X193,IF($Z193=\"RA\",(($X193)*QCI!$AA$3),0)),SomaAgrup)","v":770.52365987846031},0,{"$f":"IF($N193=\"\",\"\",IF(ORÇAMENTO.Descricao=\"\",\"DESCRIÇÃO\",IF(AND($C193=\"S\",ORÇAMENTO.Unidade=\"\"),\"UNIDADE\",IF($X193<0,\"VALOR NEGATIVO\",IF(OR(AND(TIPOORCAMENTO=\"Proposto\",$AG193<>\"\",$AG193>0,ORÇAMENTO.CustoUnitario>$AG193),AND(TIPOORCAMENTO=\"LICITADO\",ORÇAMENTO.PrecoUnitarioLicitado>$AN193)),\"ACIMA REF.\",\"\")))))","v":""},{"$f":"IF(C193<=CRONO.NivelExibicao,MAX($AD$15:OFFSET(AD193,-1,0))+IF($C193<>1,1,MAX(1,COUNTIF(QCI!$A$13:$A$24,OFFSET($E193,-1,0)))),\"\")","v":""},{"$f":"IF(AND($C193=\"S\",ORÇAMENTO.CodBarra<>\"\"),IF(ORÇAMENTO.Fonte=\"\",ORÇAMENTO.CodBarra,CONCATENATE(ORÇAMENTO.Fonte,\" \",ORÇAMENTO.CodBarra)))","v":"SINAPI 96527"},{"$f":"IF(ISERROR(INDIRECT(ORÇAMENTO.BancoRef)),\"(abra o arquivo 'Referência \"&Excel_BuiltIn_Database&\".xlsm)\",IF(OR($C193<>\"S\",ORÇAMENTO.CodBarra=\"\"),\"(Sem Código)\",IF(ISERROR(MATCH($AE193,INDIRECT(ORÇAMENTO.BancoRef),0)),\"(Código não identificado nas referências)\",MATCH($AE193,INDIRECT(ORÇAMENTO.BancoRef),0))))","v":5726},{"$f":"ROUND(IF(DESONERACAO=\"sim\",REFERENCIA.Desonerado,REFERENCIA.NaoDesonerado),2)","v":129.41},0.2082,null,18.37,null,null,2872.15,156.35]
["S",4,"S",0,{"$f":"IF($C194=1,OFFSET(E194,-1,0)+MAX(1,COUNTIF(QCI!$A$13:$A$24,OFFSET(ORÇAMENTO!E194,-1,0))),OFFSET(E194,-1,0))","v":1},11,1,2,2,0,{"$f":"IF(OR($C194=\"S\",$C194=0),0,MATCH(OFFSET($D194,0,$C194)+IF($C194<>1,1,COUNTIF(QCI!$A$13:$A$24,ORÇAMENTO!E194)),OFFSET($D194,1,$C194,ROW($C$404)-ROW($C194)),0))","v":0},"F","Serviço","Serviço","1.11.1.2.2.","SINAPI","96536",{"$f":"IF($C194=\"S\",REFERENCIA.Descricao,\"(digite a descrição aqui)\")","v":"FABRICAÇÃO, MONTAGEM E DESMONTAGEM DE FÔRMA PARA VIGA BALDRAME, EM MADEIRA SERRADA, E=25 MM, 4 UTILIZAÇÕES. AF_01/2024"},{"$f":"REFERENCIA.Unidade","v":"M2"},{"$f":"OFFSET(CÁLCULO!H$15,ROW($T194)-ROW(T$15),0)","v":131.19999999999999},73.48,"BDI 1",{"$f":"IF($C194=\"S\",ROUND(IF(TIPOORCAMENTO=\"Proposto\",ORÇAMENTO.CustoUnitario*(1+$AH194),ORÇAMENTO.PrecoUnitarioLicitado),15-13*$AF$10),0)","v":88.78},{"$f":"IF($C194=\"S\",IF(Import.TipoArredondamento<>\"TransfereGOV\",VTOTAL1,SUM(OFFSET(CÁLCULO!$AA$15,ROW($X194)-ROW($X$15),1):OFFSET(CÁLCULO!$AL$15,ROW($X194)-ROW($X$15),-1))),IF($C194=0,0,ROUND(SomaAgrup,15-13*$AF$11)))","v":11647.94},"RA","RA",{"$f":"IF($C194=\"S\",IF($Z194=\"CP\",$X194,IF($Z194=\"RA\",(($X194)*QCI!$AA$3),0)),SomaAgrup)","v":3124.8414459010546},0,{"$f":"IF($N194=\"\",\"\",IF(ORÇAMENTO.Descricao=\"\",\"DESCRIÇÃO\",IF(AND($C194=\"S\",ORÇAMENTO.Unidade=\"\"),\"UNIDADE\",IF($X194<0,\"VALOR NEGATIVO\",IF(OR(AND(TIPOORCAMENTO=\"Proposto\",$AG194<>\"\",$AG194>0,ORÇAMENTO.CustoUnitario>$AG194),AND(TIPOORCAMENTO=\"LICITADO\",ORÇAMENTO.PrecoUnitarioLicitado>$AN194)),\"ACIMA REF.\",\"\")))))","v":""},{"$f":"IF(C194<=CRONO.NivelExibicao,MAX($AD$15:OFFSET(AD194,-1,0))+IF($C194<>1,1,MAX(1,COUNTIF(QCI!$A$13:$A$24,OFFSET($E194,-1,0)))),\"\")","v":""},{"$f":"IF(AND($C194=\"S\",ORÇAMENTO.CodBarra<>\"\"),IF(ORÇAMENTO.Fonte=\"\",ORÇAMENTO.CodBarra,CONCATENATE(ORÇAMENTO.Fonte,\" \",ORÇAMENTO.CodBarra)))","v":"SINAPI 96536"},{"$f":"IF(ISERROR(INDIRECT(ORÇAMENTO.BancoRef)),\"(abra o arquivo 'Referência \"&Excel_BuiltIn_Database&\".xlsm)\",IF(OR($C194<>\"S\",ORÇAMENTO.CodBarra=\"\"),\"(Sem Código)\",IF(ISERROR(MATCH($AE194,INDIRECT(ORÇAMENTO.BancoRef),0)),\"(Código não identificado nas referências)\",MATCH($AE194,INDIRECT(ORÇAMENTO.BancoRef),0))))","v":2504},{"$f":"ROUND(IF(DESONERACAO=\"sim\",REFERENCIA.Desonerado,REFERENCIA.NaoDesonerado),2)","v":73.48},0.2082,null,131.19999999999999,null,null,11647.94,88.78]
["S",4,"S",0,{"$f":"IF($C195=1,OFFSET(E195,-1,0)+MAX(1,COUNTIF(QCI!$A$13:$A$24,OFFSET(ORÇAMENTO!E195,-1,0))),OFFSET(E195,-1,0))","v":1},11,1,2,3,0,{"$f":"IF(OR($C195=\"S\",$C195=0),0,MATCH(OFFSET($D195,0,$C195)+IF($C195<>1,1,COUNTIF(QCI!$A$13:$A$24,ORÇAMENTO!E195)),OFFSET($D195,1,$C195,ROW($C$404)-ROW($C195)),0))","v":0},"F","Serviço","Serviço","1.11.1.2.3.","SINAPI","96545",{"$f":"IF($C195=\"S\",REFERENCIA.Descricao,\"(digite a descrição aqui)\")","v":"ARMAÇÃO DE BLOCO UTILIZANDO AÇO CA-50 DE 8 MM - MONTAGEM. AF_01/2024"},{"$f":"REFERENCIA.Unidade","v":"KG"},{"$f":"OFFSET(CÁLCULO!H$15,ROW($T195)-ROW(T$15),0)","v":239.44},16.98,"BDI 1",{"$f":"IF($C195=\"S\",ROUND(IF(TIPOORCAMENTO=\"Proposto\",ORÇAMENTO.CustoUnitario*(1+$AH195),ORÇAMENTO.PrecoUnitarioLicitado),15-13*$AF$10),0)","v":20.52},{"$f":"IF($C195=\"S\",IF(Import.TipoArredondamento<>\"TransfereGOV\",VTOTAL1,SUM(OFFSET(CÁLCULO!$AA$15,ROW($X195)-ROW($X$15),1):OFFSET(CÁLCULO!$AL$15,ROW($X195)-ROW($X$15),-1))),IF($C195=0,0,ROUND(SomaAgrup,15-13*$AF$11)))","v":4913.3100000000004},"RA","RA",{"$f":"IF($C195=\"S\",IF($Z195=\"CP\",$X195,IF($Z195=\"RA\",(($X195)*QCI!$AA$3),0)),SomaAgrup)","v":1318.1141665015539},0,{"$f":"IF($N195=\"\",\"\",IF(ORÇAMENTO.Descricao=\"\",\"DESCRIÇÃO\",IF(AND($C195=\"S\",ORÇAMENTO.Unidade=\"\"),\"UNIDADE\",IF($X195<0,\"VALOR NEGATIVO\",IF(OR(AND(TIPOORCAMENTO=\"Proposto\",$AG195<>\"\",$AG195>0,ORÇAMENTO.CustoUnitario>$AG195),AND(TIPOORCAMENTO=\"LICITADO\",ORÇAMENTO.PrecoUnitarioLicitado>$AN195)),\"ACIMA REF.\",\"\")))))","v":""},{"$f":"IF(C195<=CRONO.NivelExibicao,MAX($AD$15:OFFSET(AD195,-1,0))+IF($C195<>1,1,MAX(1,COUNTIF(QCI!$A$13:$A$24,OFFSET($E195,-1,0)))),\"\")","v":""},{"$f":"IF(AND($C195=\"S\",ORÇAMENTO.CodBarra<>\"\"),IF(ORÇAMENTO.Fonte=\"\",ORÇAMENTO.CodBarra,CONCATENATE(ORÇAMENTO.Fonte,\" \",ORÇAMENTO.CodBarra)))","v":"SINAPI 96545"},{"$f":"IF(ISERROR(INDIRECT(ORÇAMENTO.BancoRef)),\"(abra o arquivo 'Referência \"&Excel_BuiltIn_Database&\".xlsm)\",IF(OR($C195<>\"S\",ORÇAMENTO.CodBarra=\"\"),\"(Sem Código)\",IF(ISERROR(MATCH($AE195,INDIRECT(ORÇAMENTO.BancoRef),0)),\"(Código não identificado nas referências)\",MATCH($AE195,INDIRECT(ORÇAMENTO.BancoRef),0))))","v":2696},{"$f":"ROUND(IF(DESONERACAO=\"sim\",REFERENCIA.Desonerado,REFERENCIA.NaoDesonerado),2)","v":16.98},0.2082,null,239.44,null,null,4913.3100000000004,20.52]
["S",4,"S",0,{"$f":"IF($C196=1,OFFSET(E196,-1,0)+MAX(1,COUNTIF(QCI!$A$13:$A$24,OFFSET(ORÇAMENTO!E196,-1,0))),OFFSET(E196,-1,0))","v":1},11,1,2,4,0,{"$f":"IF(OR($C196=\"S\",$C196=0),0,MATCH(OFFSET($D196,0,$C196)+IF($C196<>1,1,COUNTIF(QCI!$A$13:$A$24,ORÇAMENTO!E196)),OFFSET($D196,1,$C196,ROW($C$404)-ROW($C196)),0))","v":0},"F","Serviço","Serviço","1.11.1.2.4.","SINAPI","96543",{"$f":"IF($C196=\"S\",REFERENCIA.Descricao,\"(digite a descrição aqui)\")","v":"ARMAÇÃO DE BLOCO UTILIZANDO AÇO CA-60 DE 5 MM - MONTAGEM. AF_01/2024"},{"$f":"REFERENCIA.Unidade","v":"KG"},{"$f":"OFFSET(CÁLCULO!H$15,ROW($T196)-ROW(T$15),0)","v":158.85},22.16,"BDI 1",{"$f":"IF($C196=\"S\",ROUND(IF(TIPOORCAMENTO=\"Proposto\",ORÇAMENTO.CustoUnitario*(1+$AH196),ORÇAMENTO.PrecoUnitarioLicitado),15-13*$AF$10),0)","v":26.77},{"$f":"IF($C196=\"S\",IF(Import.TipoArredondamento<>\"TransfereGOV\",VTOTAL1,SUM(OFFSET(CÁLCULO!$AA$15,ROW($X196)-ROW($X$15),1):OFFSET(CÁLCULO!$AL$15,ROW($X196)-ROW($X$15),-1))),IF($C196=0,0,ROUND(SomaAgrup,15-13*$AF$11)))","v":4252.41},"RA","RA",{"$f":"IF($C196=\"S\",IF($Z196=\"CP\",$X196,IF($Z196=\"RA\",(($X196)*QCI!$AA$3),0)),SomaAgrup)","v":1140.8117669703056},0,{"$f":"IF($N196=\"\",\"\",IF(ORÇAMENTO.Descricao=\"\",\"DESCRIÇÃO\",IF(AND($C196=\"S\",ORÇAMENTO.Unidade=\"\"),\"UNIDADE\",IF($X196<0,\"VALOR NEGATIVO\",IF(OR(AND(TIPOORCAMENTO=\"Proposto\",$AG196<>\"\",$AG196>0,ORÇAMENTO.CustoUnitario>$AG196),AND(TIPOORCAMENTO=\"LICITADO\",ORÇAMENTO.PrecoUnitarioLicitado>$AN196)),\"ACIMA REF.\",\"\")))))","v":""},{"$f":"IF(C196<=CRONO.NivelExibicao,MAX($AD$15:OFFSET(AD196,-1,0))+IF($C196<>1,1,MAX(1,COUNTIF(QCI!$A$13:$A$24,OFFSET($E196,-1,0)))),\"\")","v":""},{"$f":"IF(AND($C196=\"S\",ORÇAMENTO.CodBarra<>\"\"),IF(ORÇAMENTO.Fonte=\"\",ORÇAMENTO.CodBarra,CONCATENATE(ORÇAMENTO.Fonte,\" \",ORÇAMENTO.CodBarra)))","v":"SINAPI 96543"},{"$f":"IF(ISERROR(INDIRECT(ORÇAMENTO.BancoRef)),\"(abra o arquivo 'Referência \"&Excel_BuiltIn_Database&\".xlsm)\",IF(OR($C196<>\"S\",ORÇAMENTO.CodBarra=\"\"),\"(Sem Código)\",IF(ISERROR(MATCH($AE196,INDIRECT(ORÇAMENTO.BancoRef),0)),\"(Código não identificado nas referências)\",MATCH($AE196,INDIRECT(ORÇAMENTO.BancoRef),0))))","v":2511},{"$f":"ROUND(IF(DESONERACAO=\"sim\",REFERENCIA.Desonerado,REFERENCIA.NaoDesonerado),2)","v":22.16},0.2082,null,158.85,null,null,4252.41,26.77]
["S",4,"S",0,{"$f":"IF($C197=1,OFFSET(E197,-1,0)+MAX(1,COUNTIF(QCI!$A$13:$A$24,OFFSET(ORÇAMENTO!E197,-1,0))),OFFSET(E197,-1,0))","v":1},11,1,2,5,0,{"$f":"IF(OR($C197=\"S\",$C197=0),0,MATCH(OFFSET($D197,0,$C197)+IF($C197<>1,1,COUNTIF(QCI!$A$13:$A$24,ORÇAMENTO!E197)),OFFSET($D197,1,$C197,ROW($C$404)-ROW($C197)),0))","v":0},"F","Serviço","Serviço","1.11.1.2.5.","SINAPI","96557",{"$f":"IF($C197=\"S\",REFERENCIA.Descricao,\"(digite a descrição aqui)\")","v":"CONCRETAGEM DE BLOCO DE COROAMENTO OU VIGA BALDRAME, FCK 30 MPA, COM USO DE BOMBA - LANÇAMENTO, ADENSAMENTO E ACABAMENTO. AF_01/2024"},{"$f":"REFERENCIA.Unidade","v":"M3"},{"$f":"OFFSET(CÁLCULO!H$15,ROW($T197)-ROW(T$15),0)","v":7.38},630.32000000000005,"BDI 1",{"$f":"IF($C197=\"S\",ROUND(IF(TIPOORCAMENTO=\"Proposto\",ORÇAMENTO.CustoUnitario*(1+$AH197),ORÇAMENTO.PrecoUnitarioLicitado),15-13*$AF$10),0)","v":761.55},{"$f":"IF($C197=\"S\",IF(Import.TipoArredondamento<>\"TransfereGOV\",VTOTAL1,SUM(OFFSET(CÁLCULO!$AA$15,ROW($X197)-ROW($X$15),1):OFFSET(CÁLCULO!$AL$15,ROW($X197)-ROW($X$15),-1))),IF($C197=0,0,ROUND(SomaAgrup,15-13*$AF$11)))","v":5620.24},"RA","RA",{"$f":"IF($C197=\"S\",IF($Z197=\"CP\",$X197,IF($Z197=\"RA\",(($X197)*QCI!$AA$3),0)),SomaAgrup)","v":1507.7652261181754},0,{"$f":"IF($N197=\"\",\"\",IF(ORÇAMENTO.Descricao=\"\",\"DESCRIÇÃO\",IF(AND($C197=\"S\",ORÇAMENTO.Unidade=\"\"),\"UNIDADE\",IF($X197<0,\"VALOR NEGATIVO\",IF(OR(AND(TIPOORCAMENTO=\"Proposto\",$AG197<>\"\",$AG197>0,ORÇAMENTO.CustoUnitario>$AG197),AND(TIPOORCAMENTO=\"LICITADO\",ORÇAMENTO.PrecoUnitarioLicitado>$AN197)),\"ACIMA REF.\",\"\")))))","v":""},{"$f":"IF(C197<=CRONO.NivelExibicao,MAX($AD$15:OFFSET(AD197,-1,0))+IF($C197<>1,1,MAX(1,COUNTIF(QCI!$A$13:$A$24,OFFSET($E197,-1,0)))),\"\")","v":""},{"$f":"IF(AND($C197=\"S\",ORÇAMENTO.CodBarra<>\"\"),IF(ORÇAMENTO.Fonte=\"\",ORÇAMENTO.CodBarra,CONCATENATE(ORÇAMENTO.Fonte,\" \",ORÇAMENTO.CodBarra)))","v":"SINAPI 96557"},{"$f":"IF(ISERROR(INDIRECT(ORÇAMENTO.BancoRef)),\"(abra o arquivo 'Referência \"&Excel_BuiltIn_Database&\".xlsm)\",IF(OR($C197<>\"S\",ORÇAMENTO.CodBarra=\"\"),\"(Sem Código)\",IF(ISERROR(MATCH($AE197,INDIRECT(ORÇAMENTO.BancoRef),0)),\"(Código não identificado nas referências)\",MATCH($AE197,INDIRECT(ORÇAMENTO.BancoRef),0))))","v":2749},{"$f":"ROUND(IF(DESONERACAO=\"sim\",REFERENCIA.Desonerado,REFERENCIA.NaoDesonerado),2)","v":630.32000000000005},0.2082,null,7.38,null,null,5620.24,761.55]
[4,4,4,5,{"$f":"IF($C198=1,OFFSET(E198,-1,0)+MAX(1,COUNTIF(QCI!$A$13:$A$24,OFFSET(ORÇAMENTO!E198,-1,0))),OFFSET(E198,-1,0))","v":1},11,1,3,0,29,{"$f":"IF(OR($C198=\"S\",$C198=0),0,MATCH(OFFSET($D198,0,$C198)+IF($C198<>1,1,COUNTIF(QCI!$A$13:$A$24,ORÇAMENTO!E198)),OFFSET($D198,1,$C198,ROW($C$404)-ROW($C198)),0))","v":5},"F","Nível 4","Nível 4","1.11.1.3.","SINAPI",null,"PILARES",{"$f":"REFERENCIA.Unidade","v":"-"},{"$f":"OFFSET(CÁLCULO!H$15,ROW($T198)-ROW(T$15),0)","v":0},0,"BDI 1",{"$f":"IF($C198=\"S\",ROUND(IF(TIPOORCAMENTO=\"Proposto\",ORÇAMENTO.CustoUnitario*(1+$AH198),ORÇAMENTO.PrecoUnitarioLicitado),15-13*$AF$10),0)","v":0},{"$f":"IF($C198=\"S\",IF(Import.TipoArredondamento<>\"TransfereGOV\",VTOTAL1,SUM(OFFSET(CÁLCULO!$AA$15,ROW($X198)-ROW($X$15),1):OFFSET(CÁLCULO!$AL$15,ROW($X198)-ROW($X$15),-1))),IF($C198=0,0,ROUND(SomaAgrup,15-13*$AF$11)))","v":12003.28},"RA","",{"$f":"IF($C198=\"S\",IF($Z198=\"CP\",$X198,IF($Z198=\"RA\",(($X198)*QCI!$AA$3),0)),SomaAgrup)","v":3220.1699897797557},0,{"$f":"IF($N198=\"\",\"\",IF(ORÇAMENTO.Descricao=\"\",\"DESCRIÇÃO\",IF(AND($C198=\"S\",ORÇAMENTO.Unidade=\"\"),\"UNIDADE\",IF($X198<0,\"VALOR NEGATIVO\",IF(OR(AND(TIPOORCAMENTO=\"Proposto\",$AG198<>\"\",$AG198>0,ORÇAMENTO.CustoUnitario>$AG198),AND(TIPOORCAMENTO=\"LICITADO\",ORÇAMENTO.PrecoUnitarioLicitado>$AN198)),\"ACIMA REF.\",\"\")))))","v":""},{"$f":"IF(C198<=CRONO.NivelExibicao,MAX($AD$15:OFFSET(AD198,-1,0))+IF($C198<>1,1,MAX(1,COUNTIF(QCI!$A$13:$A$24,OFFSET($E198,-1,0)))),\"\")","v":""},{"$f":"IF(AND($C198=\"S\",ORÇAMENTO.CodBarra<>\"\"),IF(ORÇAMENTO.Fonte=\"\",ORÇAMENTO.CodBarra,CONCATENATE(ORÇAMENTO.Fonte,\" \",ORÇAMENTO.CodBarra)))","v":false},{"$f":"IF(ISERROR(INDIRECT(ORÇAMENTO.BancoRef)),\"(abra o arquivo 'Referência \"&Excel_BuiltIn_Database&\".xlsm)\",IF(OR($C198<>\"S\",ORÇAMENTO.CodBarra=\"\"),\"(Sem Código)\",IF(ISERROR(MATCH($AE198,INDIRECT(ORÇAMENTO.BancoRef),0)),\"(Código não identificado nas referências)\",MATCH($AE198,INDIRECT(ORÇAMENTO.BancoRef),0))))","v":"(Sem Código)"},{"$f":"ROUND(IF(DESONERACAO=\"sim\",REFERENCIA.Desonerado,REFERENCIA.NaoDesonerado),2)","v":0},0.2082,null,null,null,null,12003.28,0]
["S",4,"S",0,{"$f":"IF($C199=1,OFFSET(E199,-1,0)+MAX(1,COUNTIF(QCI!$A$13:$A$24,OFFSET(ORÇAMENTO!E199,-1,0))),OFFSET(E199,-1,0))","v":1},11,1,3,1,0,{"$f":"IF(OR($C199=\"S\",$C199=0),0,MATCH(OFFSET($D199,0,$C199)+IF($C199<>1,1,COUNTIF(QCI!$A$13:$A$24,ORÇAMENTO!E199)),OFFSET($D199,1,$C199,ROW($C$404)-ROW($C199)),0))","v":0},"F","Serviço","Serviço","1.11.1.3.1.","SINAPI","92413",{"$f":"IF($C199=\"S\",REFERENCIA.Descricao,\"(digite a descrição aqui)\")","v":"MONTAGEM E DESMONTAGEM DE FÔRMA DE PILARES RETANGULARES E ESTRUTURAS SIMILARES, PÉ-DIREITO SIMPLES, EM MADEIRA SERRADA, 4 UTILIZAÇÕES. AF_09/2020"},{"$f":"REFERENCIA.Unidade","v":"M2"},{"$f":"OFFSET(CÁLCULO!H$15,ROW($T199)-ROW(T$15),0)","v":51.3},115.11,"BDI 1",{"$f":"IF($C199=\"S\",ROUND(IF(TIPOORCAMENTO=\"Proposto\",ORÇAMENTO.CustoUnitario*(1+$AH199),ORÇAMENTO.PrecoUnitarioLicitado),15-13*$AF$10),0)","v":139.08000000000001},{"$f":"IF($C199=\"S\",IF(Import.TipoArredondamento<>\"TransfereGOV\",VTOTAL1,SUM(OFFSET(CÁLCULO!$AA$15,ROW($X199)-ROW($X$15),1):OFFSET(CÁLCULO!$AL$15,ROW($X199)-ROW($X$15),-1))),IF($C199=0,0,ROUND(SomaAgrup,15-13*$AF$11)))","v":7134.8},"RA","RA",{"$f":"IF($C199=\"S\",IF($Z199=\"CP\",$X199,IF($Z199=\"RA\",(($X199)*QCI!$AA$3),0)),SomaAgrup)","v":1914.0825543585254},0,{"$f":"IF($N199=\"\",\"\",IF(ORÇAMENTO.Descricao=\"\",\"DESCRIÇÃO\",IF(AND($C199=\"S\",ORÇAMENTO.Unidade=\"\"),\"UNIDADE\",IF($X199<0,\"VALOR NEGATIVO\",IF(OR(AND(TIPOORCAMENTO=\"Proposto\",$AG199<>\"\",$AG199>0,ORÇAMENTO.CustoUnitario>$AG199),AND(TIPOORCAMENTO=\"LICITADO\",ORÇAMENTO.PrecoUnitarioLicitado>$AN199)),\"ACIMA REF.\",\"\")))))","v":""},{"$f":"IF(C199<=CRONO.NivelExibicao,MAX($AD$15:OFFSET(AD199,-1,0))+IF($C199<>1,1,MAX(1,COUNTIF(QCI!$A$13:$A$24,OFFSET($E199,-1,0)))),\"\")","v":""},{"$f":"IF(AND($C199=\"S\",ORÇAMENTO.CodBarra<>\"\"),IF(ORÇAMENTO.Fonte=\"\",ORÇAMENTO.CodBarra,CONCATENATE(ORÇAMENTO.Fonte,\" \",ORÇAMENTO.CodBarra)))","v":"SINAPI 92413"},{"$f":"IF(ISERROR(INDIRECT(ORÇAMENTO.BancoRef)),\"(abra o arquivo 'Referência \"&Excel_BuiltIn_Database&\".xlsm)\",IF(OR($C199<>\"S\",ORÇAMENTO.CodBarra=\"\"),\"(Sem Código)\",IF(ISERROR(MATCH($AE199,INDIRECT(ORÇAMENTO.BancoRef),0)),\"(Código não identificado nas referências)\",MATCH($AE199,INDIRECT(ORÇAMENTO.BancoRef),0))))","v":2414},{"$f":"ROUND(IF(DESONERACAO=\"sim\",REFERENCIA.Desonerado,REFERENCIA.NaoDesonerado),2)","v":115.11},0.2082,null,51.3,null,null,7134.8,139.08000000000001]
["S",4,"S",0,{"$f":"IF($C200=1,OFFSET(E200,-1,0)+MAX(1,COUNTIF(QCI!$A$13:$A$24,OFFSET(ORÇAMENTO!E200,-1,0))),OFFSET(E200,-1,0))","v":1},11,1,3,2,0,{"$f":"IF(OR($C200=\"S\",$C200=0),0,MATCH(OFFSET($D200,0,$C200)+IF($C200<>1,1,COUNTIF(QCI!$A$13:$A$24,ORÇAMENTO!E200)),OFFSET($D200,1,$C200,ROW($C$404)-ROW($C200)),0))","v":0},"F","Serviço","Serviço","1.11.1.3.2.","SINAPI","92761",{"$f":"IF($C200=\"S\",REFERENCIA.Descricao,\"(digite a descrição aqui)\")","v":"ARMAÇÃO DE PILAR OU VIGA DE ESTRUTURA CONVENCIONAL DE CONCRETO ARMADO UTILIZANDO AÇO CA-50 DE 8,0 MM - MONTAGEM. AF_06/2022"},{"$f":"REFERENCIA.Unidade","v":"KG"},{"$f":"OFFSET(CÁLCULO!H$15,ROW($T200)-ROW(T$15),0)","v":124.83},12.43,"BDI 1",{"$f":"IF($C200=\"S\",ROUND(IF(TIPOORCAMENTO=\"Proposto\",ORÇAMENTO.CustoUnitario*(1+$AH200),ORÇAMENTO.PrecoUnitarioLicitado),15-13*$AF$10),0)","v":15.02},{"$f":"IF($C200=\"S\",IF(Import.TipoArredondamento<>\"TransfereGOV\",VTOTAL1,SUM(OFFSET(CÁLCULO!$AA$15,ROW($X200)-ROW($X$15),1):OFFSET(CÁLCULO!$AL$15,ROW($X200)-ROW($X$15),-1))),IF($C200=0,0,ROUND(SomaAgrup,15-13*$AF$11)))","v":1874.95},"RA","RA",{"$f":"IF($C200=\"S\",IF($Z200=\"CP\",$X200,IF($Z200=\"RA\",(($X200)*QCI!$AA$3),0)),SomaAgrup)","v":503.0006566819697},0,{"$f":"IF($N200=\"\",\"\",IF(ORÇAMENTO.Descricao=\"\",\"DESCRIÇÃO\",IF(AND($C200=\"S\",ORÇAMENTO.Unidade=\"\"),\"UNIDADE\",IF($X200<0,\"VALOR NEGATIVO\",IF(OR(AND(TIPOORCAMENTO=\"Proposto\",$AG200<>\"\",$AG200>0,ORÇAMENTO.CustoUnitario>$AG200),AND(TIPOORCAMENTO=\"LICITADO\",ORÇAMENTO.PrecoUnitarioLicitado>$AN200)),\"ACIMA REF.\",\"\")))))","v":""},{"$f":"IF(C200<=CRONO.NivelExibicao,MAX($AD$15:OFFSET(AD200,-1,0))+IF($C200<>1,1,MAX(1,COUNTIF(QCI!$A$13:$A$24,OFFSET($E200,-1,0)))),\"\")","v":""},{"$f":"IF(AND($C200=\"S\",ORÇAMENTO.CodBarra<>\"\"),IF(ORÇAMENTO.Fonte=\"\",ORÇAMENTO.CodBarra,CONCATENATE(ORÇAMENTO.Fonte,\" \",ORÇAMENTO.CodBarra)))","v":"SINAPI 92761"},{"$f":"IF(ISERROR(INDIRECT(ORÇAMENTO.BancoRef)),\"(abra o arquivo 'Referência \"&Excel_BuiltIn_Database&\".xlsm)\",IF(OR($C200<>\"S\",ORÇAMENTO.CodBarra=\"\"),\"(Sem Código)\",IF(ISERROR(MATCH($AE200,INDIRECT(ORÇAMENTO.BancoRef),0)),\"(Código não identificado nas referências)\",MATCH($AE200,INDIRECT(ORÇAMENTO.BancoRef),0))))","v":2632},{"$f":"ROUND(IF(DESONERACAO=\"sim\",REFERENCIA.Desonerado,REFERENCIA.NaoDesonerado),2)","v":12.43},0.2082,null,124.83,null,null,1874.95,15.02]
["S",4,"S",0,{"$f":"IF($C201=1,OFFSET(E201,-1,0)+MAX(1,COUNTIF(QCI!$A$13:$A$24,OFFSET(ORÇAMENTO!E201,-1,0))),OFFSET(E201,-1,0))","v":1},11,1,3,3,0,{"$f":"IF(OR($C201=\"S\",$C201=0),0,MATCH(OFFSET($D201,0,$C201)+IF($C201<>1,1,COUNTIF(QCI!$A$13:$A$24,ORÇAMENTO!E201)),OFFSET($D201,1,$C201,ROW($C$404)-ROW($C201)),0))","v":0},"F","Serviço","Serviço","1.11.1.3.3.","SINAPI","92759",{"$f":"IF($C201=\"S\",REFERENCIA.Descricao,\"(digite a descrição aqui)\")","v":"ARMAÇÃO DE PILAR OU VIGA DE ESTRUTURA CONVENCIONAL DE CONCRETO ARMADO UTILIZANDO AÇO CA-60 DE 5,0 MM - MONTAGEM. AF_06/2022"},{"$f":"REFERENCIA.Unidade","v":"KG"},{"$f":"OFFSET(CÁLCULO!H$15,ROW($T201)-ROW(T$15),0)","v":66.52},14.91,"BDI 1",{"$f":"IF($C201=\"S\",ROUND(IF(TIPOORCAMENTO=\"Proposto\",ORÇAMENTO.CustoUnitario*(1+$AH201),ORÇAMENTO.PrecoUnitarioLicitado),15-13*$AF$10),0)","v":18.010000000000002},{"$f":"IF($C201=\"S\",IF(Import.TipoArredondamento<>\"TransfereGOV\",VTOTAL1,SUM(OFFSET(CÁLCULO!$AA$15,ROW($X201)-ROW($X$15),1):OFFSET(CÁLCULO!$AL$15,ROW($X201)-ROW($X$15),-1))),IF($C201=0,0,ROUND(SomaAgrup,15-13*$AF$11)))","v":1198.03},"RA","RA",{"$f":"IF($C201=\"S\",IF($Z201=\"CP\",$X201,IF($Z201=\"RA\",(($X201)*QCI!$AA$3),0)),SomaAgrup)","v":321.40050493330494},0,{"$f":"IF($N201=\"\",\"\",IF(ORÇAMENTO.Descricao=\"\",\"DESCRIÇÃO\",IF(AND($C201=\"S\",ORÇAMENTO.Unidade=\"\"),\"UNIDADE\",IF($X201<0,\"VALOR NEGATIVO\",IF(OR(AND(TIPOORCAMENTO=\"Proposto\",$AG201<>\"\",$AG201>0,ORÇAMENTO.CustoUnitario>$AG201),AND(TIPOORCAMENTO=\"LICITADO\",ORÇAMENTO.PrecoUnitarioLicitado>$AN201)),\"ACIMA REF.\",\"\")))))","v":""},{"$f":"IF(C201<=CRONO.NivelExibicao,MAX($AD$15:OFFSET(AD201,-1,0))+IF($C201<>1,1,MAX(1,COUNTIF(QCI!$A$13:$A$24,OFFSET($E201,-1,0)))),\"\")","v":""},{"$f":"IF(AND($C201=\"S\",ORÇAMENTO.CodBarra<>\"\"),IF(ORÇAMENTO.Fonte=\"\",ORÇAMENTO.CodBarra,CONCATENATE(ORÇAMENTO.Fonte,\" \",ORÇAMENTO.CodBarra)))","v":"SINAPI 92759"},{"$f":"IF(ISERROR(INDIRECT(ORÇAMENTO.BancoRef)),\"(abra o arquivo 'Referência \"&Excel_BuiltIn_Database&\".xlsm)\",IF(OR($C201<>\"S\",ORÇAMENTO.CodBarra=\"\"),\"(Sem Código)\",IF(ISERROR(MATCH($AE201,INDIRECT(ORÇAMENTO.BancoRef),0)),\"(Código não identificado nas referências)\",MATCH($AE201,INDIRECT(ORÇAMENTO.BancoRef),0))))","v":2630},{"$f":"ROUND(IF(DESONERACAO=\"sim\",REFERENCIA.Desonerado,REFERENCIA.NaoDesonerado),2)","v":14.91},0.2082,null,66.52,null,null,1198.03,18.010000000000002]
[{"$f":"CHOOSE(1+LOG(1+2*(ORÇAMENTO.Nivel=\"Meta\")+4*(ORÇAMENTO.Nivel=\"Nível 2\")+8*(ORÇAMENTO.Nivel=\"Nível 3\")+16*(ORÇAMENTO.Nivel=\"Nível 4\")+32*(ORÇAMENTO.Nivel=\"Serviço\"),2),0,1,2,3,4,\"S\")","v":"S"},{"$f":"IF(OR(C202=\"s\",C202=0),OFFSET(B202,-1,0),C202)","v":4},{"$f":"IF(OFFSET(C202,-1,0)=\"L\",1,IF(OFFSET(C202,-1,0)=1,2,IF(OR(A202=\"s\",A202=0),\"S\",IF(AND(OFFSET(C202,-1,0)=2,A202=4),3,IF(AND(OR(OFFSET(C202,-1,0)=\"s\",OFFSET(C202,-1,0)=0),A202<>\"s\",A202>OFFSET(B202,-1,0)),OFFSET(B202,-1,0),A202)))))","v":"S"},{"$f":"IF(OR(C202=\"S\",C202=0),0,IF(ISERROR(K202),J202,SMALL(J202:K202,1)))","v":0},{"$f":"IF($C202=1,OFFSET(E202,-1,0)+MAX(1,COUNTIF(QCI!$A$13:$A$24,OFFSET(ORÇAMENTO!E202,-1,0))),OFFSET(E202,-1,0))","v":1},{"$f":"IF($C202=1,0,IF($C202=2,OFFSET(F202,-1,0)+1,OFFSET(F202,-1,0)))","v":11},{"$f":"IF(AND($C202<=2,$C202<>0),0,IF($C202=3,OFFSET(G202,-1,0)+1,OFFSET(G202,-1,0)))","v":1},{"$f":"IF(AND($C202<=3,$C202<>0),0,IF($C202=4,OFFSET(H202,-1,0)+1,OFFSET(H202,-1,0)))","v":3},{"$f":"IF(AND($C202<=4,$C202<>0),0,IF(AND($C202=\"S\",$X202>0),OFFSET(I202,-1,0)+1,OFFSET(I202,-1,0)))","v":4},0,{"$f":"IF(OR($C202=\"S\",$C202=0),0,MATCH(OFFSET($D202,0,$C202)+IF($C202<>1,1,COUNTIF(QCI!$A$13:$A$24,ORÇAMENTO!E202)),OFFSET($D202,1,$C202,ROW($C$404)-ROW($C202)),0))","v":0},{"$f":"IF(OR($X202>0,$C202=1,$C202=2,$C202=3,$C202=4),\"F\",\"\")","v":"F"},"Serviço",{"$f":"CHOOSE(1+LOG(1+2*(C202=1)+4*(C202=2)+8*(C202=3)+16*(C202=4)+32*(C202=\"S\"),2),\"\",\"Meta\",\"Nível 2\",\"Nível 3\",\"Nível 4\",\"Serviço\")","v":"Serviço"},{"$f":"IF(OR($C202=0,$L202=\"\"),\"-\",CONCATENATE(E202&\".\",IF(AND($A$5>=2,$C202>=2),F202&\".\",\"\"),IF(AND($A$5>=3,$C202>=3),G202&\".\",\"\"),IF(AND($A$5>=4,$C202>=4),H202&\".\",\"\"),IF($C202=\"S\",I202&\".\",\"\")))","v":"1.11.1.3.4."},"SINAPI","103672",{"$f":"IF($C202=\"S\",REFERENCIA.Descricao,\"(digite a descrição aqui)\")","v":"CONCRETAGEM DE PILARES, FCK = 25 MPA, COM USO DE BOMBA - LANÇAMENTO, ADENSAMENTO E ACABAMENTO. AF_02/2022_PS"},{"$f":"REFERENCIA.Unidade","v":"M3"},{"$f":"OFFSET(CÁLCULO!H$15,ROW($T202)-ROW(T$15),0)","v":2.57},578.25,"BDI 1",{"$f":"IF($C202=\"S\",ROUND(IF(TIPOORCAMENTO=\"Proposto\",ORÇAMENTO.CustoUnitario*(1+$AH202),ORÇAMENTO.PrecoUnitarioLicitado),15-13*$AF$10),0)","v":698.64},{"$f":"IF($C202=\"S\",IF(Import.TipoArredondamento<>\"TransfereGOV\",VTOTAL1,SUM(OFFSET(CÁLCULO!$AA$15,ROW($X202)-ROW($X$15),1):OFFSET(CÁLCULO!$AL$15,ROW($X202)-ROW($X$15),-1))),IF($C202=0,0,ROUND(SomaAgrup,15-13*$AF$11)))","v":1795.5},"RA",{"$f":"IF(AND($C202=\"S\",$X202>0),IF(ISBLANK($Y202),\"RA\",LEFT($Y202,2)),\"\")","v":"RA"},{"$f":"IF($C202=\"S\",IF($Z202=\"CP\",$X202,IF($Z202=\"RA\",(($X202)*QCI!$AA$3),0)),SomaAgrup)","v":481.68627380595564},{"$f":"IF($C202=\"S\",IF($Z202=\"OU\",ROUND($X202,2),0),SomaAgrup)","v":0},{"$f":"IF($N202=\"\",\"\",IF(ORÇAMENTO.Descricao=\"\",\"DESCRIÇÃO\",IF(AND($C202=\"S\",ORÇAMENTO.Unidade=\"\"),\"UNIDADE\",IF($X202<0,\"VALOR NEGATIVO\",IF(OR(AND(TIPOORCAMENTO=\"Proposto\",$AG202<>\"\",$AG202>0,ORÇAMENTO.CustoUnitario>$AG202),AND(TIPOORCAMENTO=\"LICITADO\",ORÇAMENTO.PrecoUnitarioLicitado>$AN202)),\"ACIMA REF.\",\"\")))))","v":""},{"$f":"IF(C202<=CRONO.NivelExibicao,MAX($AD$15:OFFSET(AD202,-1,0))+IF($C202<>1,1,MAX(1,COUNTIF(QCI!$A$13:$A$24,OFFSET($E202,-1,0)))),\"\")","v":""},{"$f":"IF(AND($C202=\"S\",ORÇAMENTO.CodBarra<>\"\"),IF(ORÇAMENTO.Fonte=\"\",ORÇAMENTO.CodBarra,CONCATENATE(ORÇAMENTO.Fonte,\" \",ORÇAMENTO.CodBarra)))","v":"SINAPI 103672"},{"$f":"IF(ISERROR(INDIRECT(ORÇAMENTO.BancoRef)),\"(abra o arquivo 'Referência \"&Excel_BuiltIn_Database&\".xlsm)\",IF(OR($C202<>\"S\",ORÇAMENTO.CodBarra=\"\"),\"(Sem Código)\",IF(ISERROR(MATCH($AE202,INDIRECT(ORÇAMENTO.BancoRef),0)),\"(Código não identificado nas referências)\",MATCH($AE202,INDIRECT(ORÇAMENTO.BancoRef),0))))","v":2781},{"$f":"ROUND(IF(DESONERACAO=\"sim\",REFERENCIA.Desonerado,REFERENCIA.NaoDesonerado),2)","v":578.25},{"$f":"ROUND(IF(ISNUMBER(ORÇAMENTO.OpcaoBDI),ORÇAMENTO.OpcaoBDI,IF(LEFT(ORÇAMENTO.OpcaoBDI,3)=\"BDI\",HLOOKUP(ORÇAMENTO.OpcaoBDI,$F$4:$H$5,2,FALSE),0)),15-11*$AF$9)","v":0.2082},null,2.57,null,null,1795.5,{"$f":"ROUND(ORÇAMENTO.CustoUnitario*(1+$AH202),2)","v":698.64}]
[4,4,4,5,{"$f":"IF($C203=1,OFFSET(E203,-1,0)+MAX(1,COUNTIF(QCI!$A$13:$A$24,OFFSET(ORÇAMENTO!E203,-1,0))),OFFSET(E203,-1,0))","v":1},11,1,4,0,24,{"$f":"IF(OR($C203=\"S\",$C203=0),0,MATCH(OFFSET($D203,0,$C203)+IF($C203<>1,1,COUNTIF(QCI!$A$13:$A$24,ORÇAMENTO!E203)),OFFSET($D203,1,$C203,ROW($C$404)-ROW($C203)),0))","v":5},"F","Nível 4","Nível 4","1.11.1.4.","SINAPI",null,"VIGAS DE FECHAMENTO",{"$f":"REFERENCIA.Unidade","v":"-"},{"$f":"OFFSET(CÁLCULO!H$15,ROW($T203)-ROW(T$15),0)","v":0},0,"BDI 1",{"$f":"IF($C203=\"S\",ROUND(IF(TIPOORCAMENTO=\"Proposto\",ORÇAMENTO.CustoUnitario*(1+$AH203),ORÇAMENTO.PrecoUnitarioLicitado),15-13*$AF$10),0)","v":0},{"$f":"IF($C203=\"S\",IF(Import.TipoArredondamento<>\"TransfereGOV\",VTOTAL1,SUM(OFFSET(CÁLCULO!$AA$15,ROW($X203)-ROW($X$15),1):OFFSET(CÁLCULO!$AL$15,ROW($X203)-ROW($X$15),-1))),IF($C203=0,0,ROUND(SomaAgrup,15-13*$AF$11)))","v":6305.03},"RA","",{"$f":"IF($C203=\"S\",IF($Z203=\"CP\",$X203,IF($Z203=\"RA\",(($X203)*QCI!$AA$3),0)),SomaAgrup)","v":1691.4766955916259},0,{"$f":"IF($N203=\"\",\"\",IF(ORÇAMENTO.Descricao=\"\",\"DESCRIÇÃO\",IF(AND($C203=\"S\",ORÇAMENTO.Unidade=\"\"),\"UNIDADE\",IF($X203<0,\"VALOR NEGATIVO\",IF(OR(AND(TIPOORCAMENTO=\"Proposto\",$AG203<>\"\",$AG203>0,ORÇAMENTO.CustoUnitario>$AG203),AND(TIPOORCAMENTO=\"LICITADO\",ORÇAMENTO.PrecoUnitarioLicitado>$AN203)),\"ACIMA REF.\",\"\")))))","v":""},{"$f":"IF(C203<=CRONO.NivelExibicao,MAX($AD$15:OFFSET(AD203,-1,0))+IF($C203<>1,1,MAX(1,COUNTIF(QCI!$A$13:$A$24,OFFSET($E203,-1,0)))),\"\")","v":""},{"$f":"IF(AND($C203=\"S\",ORÇAMENTO.CodBarra<>\"\"),IF(ORÇAMENTO.Fonte=\"\",ORÇAMENTO.CodBarra,CONCATENATE(ORÇAMENTO.Fonte,\" \",ORÇAMENTO.CodBarra)))","v":false},{"$f":"IF(ISERROR(INDIRECT(ORÇAMENTO.BancoRef)),\"(abra o arquivo 'Referência \"&Excel_BuiltIn_Database&\".xlsm)\",IF(OR($C203<>\"S\",ORÇAMENTO.CodBarra=\"\"),\"(Sem Código)\",IF(ISERROR(MATCH($AE203,INDIRECT(ORÇAMENTO.BancoRef),0)),\"(Código não identificado nas referências)\",MATCH($AE203,INDIRECT(ORÇAMENTO.BancoRef),0))))","v":"(Sem Código)"},{"$f":"ROUND(IF(DESONERACAO=\"sim\",REFERENCIA.Desonerado,REFERENCIA.NaoDesonerado),2)","v":0},0.2082,null,null,null,null,6305.03,0]
["S",4,"S",0,{"$f":"IF($C204=1,OFFSET(E204,-1,0)+MAX(1,COUNTIF(QCI!$A$13:$A$24,OFFSET(ORÇAMENTO!E204,-1,0))),OFFSET(E204,-1,0))","v":1},11,1,4,1,0,{"$f":"IF(OR($C204=\"S\",$C204=0),0,MATCH(OFFSET($D204,0,$C204)+IF($C204<>1,1,COUNTIF(QCI!$A$13:$A$24,ORÇAMENTO!E204)),OFFSET($D204,1,$C204,ROW($C$404)-ROW($C204)),0))","v":0},"F","Serviço","Serviço","1.11.1.4.1.","SINAPI","92448",{"$f":"IF($C204=\"S\",REFERENCIA.Descricao,\"(digite a descrição aqui)\")","v":"MONTAGEM E DESMONTAGEM DE FÔRMA DE VIGA, ESCORAMENTO COM PONTALETE DE MADEIRA, PÉ-DIREITO SIMPLES, EM MADEIRA SERRADA, 4 UTILIZAÇÕES. AF_09/2020"},{"$f":"REFERENCIA.Unidade","v":"M2"},{"$f":"OFFSET(CÁLCULO!H$15,ROW($T204)-ROW(T$15),0)","v":13.35},179.07,"BDI 1",{"$f":"IF($C204=\"S\",ROUND(IF(TIPOORCAMENTO=\"Proposto\",ORÇAMENTO.CustoUnitario*(1+$AH204),ORÇAMENTO.PrecoUnitarioLicitado),15-13*$AF$10),0)","v":216.35},{"$f":"IF($C204=\"S\",IF(Import.TipoArredondamento<>\"TransfereGOV\",VTOTAL1,SUM(OFFSET(CÁLCULO!$AA$15,ROW($X204)-ROW($X$15),1):OFFSET(CÁLCULO!$AL$15,ROW($X204)-ROW($X$15),-1))),IF($C204=0,0,ROUND(SomaAgrup,15-13*$AF$11)))","v":2888.27},"RA","RA",{"$f":"IF($C204=\"S\",IF($Z204=\"CP\",$X204,IF($Z204=\"RA\",(($X204)*QCI!$AA$3),0)),SomaAgrup)","v":774.84823951296437},0,{"$f":"IF($N204=\"\",\"\",IF(ORÇAMENTO.Descricao=\"\",\"DESCRIÇÃO\",IF(AND($C204=\"S\",ORÇAMENTO.Unidade=\"\"),\"UNIDADE\",IF($X204<0,\"VALOR NEGATIVO\",IF(OR(AND(TIPOORCAMENTO=\"Proposto\",$AG204<>\"\",$AG204>0,ORÇAMENTO.CustoUnitario>$AG204),AND(TIPOORCAMENTO=\"LICITADO\",ORÇAMENTO.PrecoUnitarioLicitado>$AN204)),\"ACIMA REF.\",\"\")))))","v":""},{"$f":"IF(C204<=CRONO.NivelExibicao,MAX($AD$15:OFFSET(AD204,-1,0))+IF($C204<>1,1,MAX(1,COUNTIF(QCI!$A$13:$A$24,OFFSET($E204,-1,0)))),\"\")","v":""},{"$f":"IF(AND($C204=\"S\",ORÇAMENTO.CodBarra<>\"\"),IF(ORÇAMENTO.Fonte=\"\",ORÇAMENTO.CodBarra,CONCATENATE(ORÇAMENTO.Fonte,\" \",ORÇAMENTO.CodBarra)))","v":"SINAPI 92448"},{"$f":"IF(ISERROR(INDIRECT(ORÇAMENTO.BancoRef)),\"(abra o arquivo 'Referência \"&Excel_BuiltIn_Database&\".xlsm)\",IF(OR($C204<>\"S\",ORÇAMENTO.CodBarra=\"\"),\"(Sem Código)\",IF(ISERROR(MATCH($AE204,INDIRECT(ORÇAMENTO.BancoRef),0)),\"(Código não identificado nas referências)\",MATCH($AE204,INDIRECT(ORÇAMENTO.BancoRef),0))))","v":2433},{"$f":"ROUND(IF(DESONERACAO=\"sim\",REFERENCIA.Desonerado,REFERENCIA.NaoDesonerado),2)","v":179.07},0.2082,null,13.35,null,null,2888.27,216.35]
["S",4,"S",0,{"$f":"IF($C205=1,OFFSET(E205,-1,0)+MAX(1,COUNTIF(QCI!$A$13:$A$24,OFFSET(ORÇAMENTO!E205,-1,0))),OFFSET(E205,-1,0))","v":1},11,1,4,2,0,{"$f":"IF(OR($C205=\"S\",$C205=0),0,MATCH(OFFSET($D205,0,$C205)+IF($C205<>1,1,COUNTIF(QCI!$A$13:$A$24,ORÇAMENTO!E205)),OFFSET($D205,1,$C205,ROW($C$404)-ROW($C205)),0))","v":0},"F","Serviço","Serviço","1.11.1.4.2.","SINAPI","92761",{"$f":"IF($C205=\"S\",REFERENCIA.Descricao,\"(digite a descrição aqui)\")","v":"ARMAÇÃO DE PILAR OU VIGA DE ESTRUTURA CONVENCIONAL DE CONCRETO ARMADO UTILIZANDO AÇO CA-50 DE 8,0 MM - MONTAGEM. AF_06/2022"},{"$f":"REFERENCIA.Unidade","v":"KG"},{"$f":"OFFSET(CÁLCULO!H$15,ROW($T205)-ROW(T$15),0)","v":97.5},12.43,"BDI 1",{"$f":"IF($C205=\"S\",ROUND(IF(TIPOORCAMENTO=\"Proposto\",ORÇAMENTO.CustoUnitario*(1+$AH205),ORÇAMENTO.PrecoUnitarioLicitado),15-13*$AF$10),0)","v":15.02},{"$f":"IF($C205=\"S\",IF(Import.TipoArredondamento<>\"TransfereGOV\",VTOTAL1,SUM(OFFSET(CÁLCULO!$AA$15,ROW($X205)-ROW($X$15),1):OFFSET(CÁLCULO!$AL$15,ROW($X205)-ROW($X$15),-1))),IF($C205=0,0,ROUND(SomaAgrup,15-13*$AF$11)))","v":1464.45},"RA","RA",{"$f":"IF($C205=\"S\",IF($Z205=\"CP\",$X205,IF($Z205=\"RA\",(($X205)*QCI!$AA$3),0)),SomaAgrup)","v":392.87410953780659},0,{"$f":"IF($N205=\"\",\"\",IF(ORÇAMENTO.Descricao=\"\",\"DESCRIÇÃO\",IF(AND($C205=\"S\",ORÇAMENTO.Unidade=\"\"),\"UNIDADE\",IF($X205<0,\"VALOR NEGATIVO\",IF(OR(AND(TIPOORCAMENTO=\"Proposto\",$AG205<>\"\",$AG205>0,ORÇAMENTO.CustoUnitario>$AG205),AND(TIPOORCAMENTO=\"LICITADO\",ORÇAMENTO.PrecoUnitarioLicitado>$AN205)),\"ACIMA REF.\",\"\")))))","v":""},{"$f":"IF(C205<=CRONO.NivelExibicao,MAX($AD$15:OFFSET(AD205,-1,0))+IF($C205<>1,1,MAX(1,COUNTIF(QCI!$A$13:$A$24,OFFSET($E205,-1,0)))),\"\")","v":""},{"$f":"IF(AND($C205=\"S\",ORÇAMENTO.CodBarra<>\"\"),IF(ORÇAMENTO.Fonte=\"\",ORÇAMENTO.CodBarra,CONCATENATE(ORÇAMENTO.Fonte,\" \",ORÇAMENTO.CodBarra)))","v":"SINAPI 92761"},{"$f":"IF(ISERROR(INDIRECT(ORÇAMENTO.BancoRef)),\"(abra o arquivo 'Referência \"&Excel_BuiltIn_Database&\".xlsm)\",IF(OR($C205<>\"S\",ORÇAMENTO.CodBarra=\"\"),\"(Sem Código)\",IF(ISERROR(MATCH($AE205,INDIRECT(ORÇAMENTO.BancoRef),0)),\"(Código não identificado nas referências)\",MATCH($AE205,INDIRECT(ORÇAMENTO.BancoRef),0))))","v":2632},{"$f":"ROUND(IF(DESONERACAO=\"sim\",REFERENCIA.Desonerado,REFERENCIA.NaoDesonerado),2)","v":12.43},0.2082,null,97.5,null,null,1464.45,15.02]
[{"$f":"CHOOSE(1+LOG(1+2*(ORÇAMENTO.Nivel=\"Meta\")+4*(ORÇAMENTO.Nivel=\"Nível 2\")+8*(ORÇAMENTO.Nivel=\"Nível 3\")+16*(ORÇAMENTO.Nivel=\"Nível 4\")+32*(ORÇAMENTO.Nivel=\"Serviço\"),2),0,1,2,3,4,\"S\")","v":"S"},{"$f":"IF(OR(C206=\"s\",C206=0),OFFSET(B206,-1,0),C206)","v":4},{"$f":"IF(OFFSET(C206,-1,0)=\"L\",1,IF(OFFSET(C206,-1,0)=1,2,IF(OR(A206=\"s\",A206=0),\"S\",IF(AND(OFFSET(C206,-1,0)=2,A206=4),3,IF(AND(OR(OFFSET(C206,-1,0)=\"s\",OFFSET(C206,-1,0)=0),A206<>\"s\",A206>OFFSET(B206,-1,0)),OFFSET(B206,-1,0),A206)))))","v":"S"},{"$f":"IF(OR(C206=\"S\",C206=0),0,IF(ISERROR(K206),J206,SMALL(J206:K206,1)))","v":0},{"$f":"IF($C206=1,OFFSET(E206,-1,0)+MAX(1,COUNTIF(QCI!$A$13:$A$24,OFFSET(ORÇAMENTO!E206,-1,0))),OFFSET(E206,-1,0))","v":1},{"$f":"IF($C206=1,0,IF($C206=2,OFFSET(F206,-1,0)+1,OFFSET(F206,-1,0)))","v":11},{"$f":"IF(AND($C206<=2,$C206<>0),0,IF($C206=3,OFFSET(G206,-1,0)+1,OFFSET(G206,-1,0)))","v":1},{"$f":"IF(AND($C206<=3,$C206<>0),0,IF($C206=4,OFFSET(H206,-1,0)+1,OFFSET(H206,-1,0)))","v":4},{"$f":"IF(AND($C206<=4,$C206<>0),0,IF(AND($C206=\"S\",$X206>0),OFFSET(I206,-1,0)+1,OFFSET(I206,-1,0)))","v":3},0,{"$f":"IF(OR($C206=\"S\",$C206=0),0,MATCH(OFFSET($D206,0,$C206)+IF($C206<>1,1,COUNTIF(QCI!$A$13:$A$24,ORÇAMENTO!E206)),OFFSET($D206,1,$C206,ROW($C$404)-ROW($C206)),0))","v":0},{"$f":"IF(OR($X206>0,$C206=1,$C206=2,$C206=3,$C206=4),\"F\",\"\")","v":"F"},"Serviço",{"$f":"CHOOSE(1+LOG(1+2*(C206=1)+4*(C206=2)+8*(C206=3)+16*(C206=4)+32*(C206=\"S\"),2),\"\",\"Meta\",\"Nível 2\",\"Nível 3\",\"Nível 4\",\"Serviço\")","v":"Serviço"},{"$f":"IF(OR($C206=0,$L206=\"\"),\"-\",CONCATENATE(E206&\".\",IF(AND($A$5>=2,$C206>=2),F206&\".\",\"\"),IF(AND($A$5>=3,$C206>=3),G206&\".\",\"\"),IF(AND($A$5>=4,$C206>=4),H206&\".\",\"\"),IF($C206=\"S\",I206&\".\",\"\")))","v":"1.11.1.4.3."},"SINAPI","92759",{"$f":"IF($C206=\"S\",REFERENCIA.Descricao,\"(digite a descrição aqui)\")","v":"ARMAÇÃO DE PILAR OU VIGA DE ESTRUTURA CONVENCIONAL DE CONCRETO ARMADO UTILIZANDO AÇO CA-60 DE 5,0 MM - MONTAGEM. AF_06/2022"},{"$f":"REFERENCIA.Unidade","v":"KG"},{"$f":"OFFSET(CÁLCULO!H$15,ROW($T206)-ROW(T$15),0)","v":47},14.91,"BDI 1",{"$f":"IF($C206=\"S\",ROUND(IF(TIPOORCAMENTO=\"Proposto\",ORÇAMENTO.CustoUnitario*(1+$AH206),ORÇAMENTO.PrecoUnitarioLicitado),15-13*$AF$10),0)","v":18.010000000000002},{"$f":"IF($C206=\"S\",IF(Import.TipoArredondamento<>\"TransfereGOV\",VTOTAL1,SUM(OFFSET(CÁLCULO!$AA$15,ROW($X206)-ROW($X$15),1):OFFSET(CÁLCULO!$AL$15,ROW($X206)-ROW($X$15),-1))),IF($C206=0,0,ROUND(SomaAgrup,15-13*$AF$11)))","v":846.47},"RA",{"$f":"IF(AND($C206=\"S\",$X206>0),IF(ISBLANK($Y206),\"RA\",LEFT($Y206,2)),\"\")","v":"RA"},{"$f":"IF($C206=\"S\",IF($Z206=\"CP\",$X206,IF($Z206=\"RA\",(($X206)*QCI!$AA$3),0)),SomaAgrup)","v":227.08603742051088},{"$f":"IF($C206=\"S\",IF($Z206=\"OU\",ROUND($X206,2),0),SomaAgrup)","v":0},{"$f":"IF($N206=\"\",\"\",IF(ORÇAMENTO.Descricao=\"\",\"DESCRIÇÃO\",IF(AND($C206=\"S\",ORÇAMENTO.Unidade=\"\"),\"UNIDADE\",IF($X206<0,\"VALOR NEGATIVO\",IF(OR(AND(TIPOORCAMENTO=\"Proposto\",$AG206<>\"\",$AG206>0,ORÇAMENTO.CustoUnitario>$AG206),AND(TIPOORCAMENTO=\"LICITADO\",ORÇAMENTO.PrecoUnitarioLicitado>$AN206)),\"ACIMA REF.\",\"\")))))","v":""},{"$f":"IF(C206<=CRONO.NivelExibicao,MAX($AD$15:OFFSET(AD206,-1,0))+IF($C206<>1,1,MAX(1,COUNTIF(QCI!$A$13:$A$24,OFFSET($E206,-1,0)))),\"\")","v":""},{"$f":"IF(AND($C206=\"S\",ORÇAMENTO.CodBarra<>\"\"),IF(ORÇAMENTO.Fonte=\"\",ORÇAMENTO.CodBarra,CONCATENATE(ORÇAMENTO.Fonte,\" \",ORÇAMENTO.CodBarra)))","v":"SINAPI 92759"},{"$f":"IF(ISERROR(INDIRECT(ORÇAMENTO.BancoRef)),\"(abra o arquivo 'Referência \"&Excel_BuiltIn_Database&\".xlsm)\",IF(OR($C206<>\"S\",ORÇAMENTO.CodBarra=\"\"),\"(Sem Código)\",IF(ISERROR(MATCH($AE206,INDIRECT(ORÇAMENTO.BancoRef),0)),\"(Código não identificado nas referências)\",MATCH($AE206,INDIRECT(ORÇAMENTO.BancoRef),0))))","v":2630},{"$f":"ROUND(IF(DESONERACAO=\"sim\",REFERENCIA.Desonerado,REFERENCIA.NaoDesonerado),2)","v":14.91},{"$f":"ROUND(IF(ISNUMBER(ORÇAMENTO.OpcaoBDI),ORÇAMENTO.OpcaoBDI,IF(LEFT(ORÇAMENTO.OpcaoBDI,3)=\"BDI\",HLOOKUP(ORÇAMENTO.OpcaoBDI,$F$4:$H$5,2,FALSE),0)),15-11*$AF$9)","v":0.2082},null,47,null,null,{"$f":"$X206","v":846.47},{"$f":"ROUND(ORÇAMENTO.CustoUnitario*(1+$AH206),2)","v":18.010000000000002}]
[{"$f":"CHOOSE(1+LOG(1+2*(ORÇAMENTO.Nivel=\"Meta\")+4*(ORÇAMENTO.Nivel=\"Nível 2\")+8*(ORÇAMENTO.Nivel=\"Nível 3\")+16*(ORÇAMENTO.Nivel=\"Nível 4\")+32*(ORÇAMENTO.Nivel=\"Serviço\"),2),0,1,2,3,4,\"S\")","v":"S"},{"$f":"IF(OR(C207=\"s\",C207=0),OFFSET(B207,-1,0),C207)","v":4},{"$f":"IF(OFFSET(C207,-1,0)=\"L\",1,IF(OFFSET(C207,-1,0)=1,2,IF(OR(A207=\"s\",A207=0),\"S\",IF(AND(OFFSET(C207,-1,0)=2,A207=4),3,IF(AND(OR(OFFSET(C207,-1,0)=\"s\",OFFSET(C207,-1,0)=0),A207<>\"s\",A207>OFFSET(B207,-1,0)),OFFSET(B207,-1,0),A207)))))","v":"S"},{"$f":"IF(OR(C207=\"S\",C207=0),0,IF(ISERROR(K207),J207,SMALL(J207:K207,1)))","v":0},{"$f":"IF($C207=1,OFFSET(E207,-1,0)+MAX(1,COUNTIF(QCI!$A$13:$A$24,OFFSET(ORÇAMENTO!E207,-1,0))),OFFSET(E207,-1,0))","v":1},{"$f":"IF($C207=1,0,IF($C207=2,OFFSET(F207,-1,0)+1,OFFSET(F207,-1,0)))","v":11},{"$f":"IF(AND($C207<=2,$C207<>0),0,IF($C207=3,OFFSET(G207,-1,0)+1,OFFSET(G207,-1,0)))","v":1},{"$f":"IF(AND($C207<=3,$C207<>0),0,IF($C207=4,OFFSET(H207,-1,0)+1,OFFSET(H207,-1,0)))","v":4},{"$f":"IF(AND($C207<=4,$C207<>0),0,IF(AND($C207=\"S\",$X207>0),OFFSET(I207,-1,0)+1,OFFSET(I207,-1,0)))","v":4},0,{"$f":"IF(OR($C207=\"S\",$C207=0),0,MATCH(OFFSET($D207,0,$C207)+IF($C207<>1,1,COUNTIF(QCI!$A$13:$A$24,ORÇAMENTO!E207)),OFFSET($D207,1,$C207,ROW($C$404)-ROW($C207)),0))","v":0},{"$f":"IF(OR($X207>0,$C207=1,$C207=2,$C207=3,$C207=4),\"F\",\"\")","v":"F"},"Serviço",{"$f":"CHOOSE(1+LOG(1+2*(C207=1)+4*(C207=2)+8*(C207=3)+16*(C207=4)+32*(C207=\"S\"),2),\"\",\"Meta\",\"Nível 2\",\"Nível 3\",\"Nível 4\",\"Serviço\")","v":"Serviço"},{"$f":"IF(OR($C207=0,$L207=\"\"),\"-\",CONCATENATE(E207&\".\",IF(AND($A$5>=2,$C207>=2),F207&\".\",\"\"),IF(AND($A$5>=3,$C207>=3),G207&\".\",\"\"),IF(AND($A$5>=4,$C207>=4),H207&\".\",\"\"),IF($C207=\"S\",I207&\".\",\"\")))","v":"1.11.1.4.4."},"SINAPI","103675",{"$f":"IF($C207=\"S\",REFERENCIA.Descricao,\"(digite a descrição aqui)\")","v":"CONCRETAGEM DE VIGAS E LAJES, FCK=25 MPA, PARA LAJES MACIÇAS OU NERVURADAS COM USO DE BOMBA - LANÇAMENTO, ADENSAMENTO E ACABAMENTO. AF_02/2022_PS"},{"$f":"REFERENCIA.Unidade","v":"M3"},{"$f":"OFFSET(CÁLCULO!H$15,ROW($T207)-ROW(T$15),0)","v":1.58},579.29,"BDI 1",{"$f":"IF($C207=\"S\",ROUND(IF(TIPOORCAMENTO=\"Proposto\",ORÇAMENTO.CustoUnitario*(1+$AH207),ORÇAMENTO.PrecoUnitarioLicitado),15-13*$AF$10),0)","v":699.9},{"$f":"IF($C207=\"S\",IF(Import.TipoArredondamento<>\"TransfereGOV\",VTOTAL1,SUM(OFFSET(CÁLCULO!$AA$15,ROW($X207)-ROW($X$15),1):OFFSET(CÁLCULO!$AL$15,ROW($X207)-ROW($X$15),-1))),IF($C207=0,0,ROUND(SomaAgrup,15-13*$AF$11)))","v":1105.8399999999999},"RA",{"$f":"IF(AND($C207=\"S\",$X207>0),IF(ISBLANK($Y207),\"RA\",LEFT($Y207,2)),\"\")","v":"RA"},{"$f":"IF($C207=\"S\",IF($Z207=\"CP\",$X207,IF($Z207=\"RA\",(($X207)*QCI!$AA$3),0)),SomaAgrup)","v":296.66830912034419},{"$f":"IF($C207=\"S\",IF($Z207=\"OU\",ROUND($X207,2),0),SomaAgrup)","v":0},{"$f":"IF($N207=\"\",\"\",IF(ORÇAMENTO.Descricao=\"\",\"DESCRIÇÃO\",IF(AND($C207=\"S\",ORÇAMENTO.Unidade=\"\"),\"UNIDADE\",IF($X207<0,\"VALOR NEGATIVO\",IF(OR(AND(TIPOORCAMENTO=\"Proposto\",$AG207<>\"\",$AG207>0,ORÇAMENTO.CustoUnitario>$AG207),AND(TIPOORCAMENTO=\"LICITADO\",ORÇAMENTO.PrecoUnitarioLicitado>$AN207)),\"ACIMA REF.\",\"\")))))","v":""},{"$f":"IF(C207<=CRONO.NivelExibicao,MAX($AD$15:OFFSET(AD207,-1,0))+IF($C207<>1,1,MAX(1,COUNTIF(QCI!$A$13:$A$24,OFFSET($E207,-1,0)))),\"\")","v":""},{"$f":"IF(AND($C207=\"S\",ORÇAMENTO.CodBarra<>\"\"),IF(ORÇAMENTO.Fonte=\"\",ORÇAMENTO.CodBarra,CONCATENATE(ORÇAMENTO.Fonte,\" \",ORÇAMENTO.CodBarra)))","v":"SINAPI 103675"},{"$f":"IF(ISERROR(INDIRECT(ORÇAMENTO.BancoRef)),\"(abra o arquivo 'Referência \"&Excel_BuiltIn_Database&\".xlsm)\",IF(OR($C207<>\"S\",ORÇAMENTO.CodBarra=\"\"),\"(Sem Código)\",IF(ISERROR(MATCH($AE207,INDIRECT(ORÇAMENTO.BancoRef),0)),\"(Código não identificado nas referências)\",MATCH($AE207,INDIRECT(ORÇAMENTO.BancoRef),0))))","v":2784},{"$f":"ROUND(IF(DESONERACAO=\"sim\",REFERENCIA.Desonerado,REFERENCIA.NaoDesonerado),2)","v":579.29},{"$f":"ROUND(IF(ISNUMBER(ORÇAMENTO.OpcaoBDI),ORÇAMENTO.OpcaoBDI,IF(LEFT(ORÇAMENTO.OpcaoBDI,3)=\"BDI\",HLOOKUP(ORÇAMENTO.OpcaoBDI,$F$4:$H$5,2,FALSE),0)),15-11*$AF$9)","v":0.2082},null,1.58,null,null,1105.8399999999999,{"$f":"ROUND(ORÇAMENTO.CustoUnitario*(1+$AH207),2)","v":699.9}]
[4,4,4,3,{"$f":"IF($C208=1,OFFSET(E208,-1,0)+MAX(1,COUNTIF(QCI!$A$13:$A$24,OFFSET(ORÇAMENTO!E208,-1,0))),OFFSET(E208,-1,0))","v":1},11,1,5,0,{"$f":"IF(OR($C208=\"S\",$C208=0),0,MATCH(0,OFFSET($D208,1,$C208,ROW($C$404)-ROW($C208)),0))","v":19},{"$f":"IF(OR($C208=\"S\",$C208=0),0,MATCH(OFFSET($D208,0,$C208)+IF($C208<>1,1,COUNTIF(QCI!$A$13:$A$24,ORÇAMENTO!E208)),OFFSET($D208,1,$C208,ROW($C$404)-ROW($C208)),0))","v":3},"F","Nível 4","Nível 4","1.11.1.5.","SINAPI",null,"PISO",{"$f":"REFERENCIA.Unidade","v":"-"},{"$f":"OFFSET(CÁLCULO!H$15,ROW($T208)-ROW(T$15),0)","v":0},0,"BDI 1",{"$f":"IF($C208=\"S\",ROUND(IF(TIPOORCAMENTO=\"Proposto\",ORÇAMENTO.CustoUnitario*(1+$AH208),ORÇAMENTO.PrecoUnitarioLicitado),15-13*$AF$10),0)","v":0},{"$f":"IF($C208=\"S\",IF(Import.TipoArredondamento<>\"TransfereGOV\",VTOTAL1,SUM(OFFSET(CÁLCULO!$AA$15,ROW($X208)-ROW($X$15),1):OFFSET(CÁLCULO!$AL$15,ROW($X208)-ROW($X$15),-1))),IF($C208=0,0,ROUND(SomaAgrup,15-13*$AF$11)))","v":14404.19},"RA","",{"$f":"IF($C208=\"S\",IF($Z208=\"CP\",$X208,IF($Z208=\"RA\",(($X208)*QCI!$AA$3),0)),SomaAgrup)","v":3864.2721293751092},0,{"$f":"IF($N208=\"\",\"\",IF(ORÇAMENTO.Descricao=\"\",\"DESCRIÇÃO\",IF(AND($C208=\"S\",ORÇAMENTO.Unidade=\"\"),\"UNIDADE\",IF($X208<0,\"VALOR NEGATIVO\",IF(OR(AND(TIPOORCAMENTO=\"Proposto\",$AG208<>\"\",$AG208>0,ORÇAMENTO.CustoUnitario>$AG208),AND(TIPOORCAMENTO=\"LICITADO\",ORÇAMENTO.PrecoUnitarioLicitado>$AN208)),\"ACIMA REF.\",\"\")))))","v":""},{"$f":"IF(C208<=CRONO.NivelExibicao,MAX($AD$15:OFFSET(AD208,-1,0))+IF($C208<>1,1,MAX(1,COUNTIF(QCI!$A$13:$A$24,OFFSET($E208,-1,0)))),\"\")","v":""},{"$f":"IF(AND($C208=\"S\",ORÇAMENTO.CodBarra<>\"\"),IF(ORÇAMENTO.Fonte=\"\",ORÇAMENTO.CodBarra,CONCATENATE(ORÇAMENTO.Fonte,\" \",ORÇAMENTO.CodBarra)))","v":false},{"$f":"IF(ISERROR(INDIRECT(ORÇAMENTO.BancoRef)),\"(abra o arquivo 'Referência \"&Excel_BuiltIn_Database&\".xlsm)\",IF(OR($C208<>\"S\",ORÇAMENTO.CodBarra=\"\"),\"(Sem Código)\",IF(ISERROR(MATCH($AE208,INDIRECT(ORÇAMENTO.BancoRef),0)),\"(Código não identificado nas referências)\",MATCH($AE208,INDIRECT(ORÇAMENTO.BancoRef),0))))","v":"(Sem Código)"},{"$f":"ROUND(IF(DESONERACAO=\"sim\",REFERENCIA.Desonerado,REFERENCIA.NaoDesonerado),2)","v":0},0.2082,null,null,null,null,14404.19,0]
["S",4,"S",0,{"$f":"IF($C209=1,OFFSET(E209,-1,0)+MAX(1,COUNTIF(QCI!$A$13:$A$24,OFFSET(ORÇAMENTO!E209,-1,0))),OFFSET(E209,-1,0))","v":1},11,1,5,1,0,{"$f":"IF(OR($C209=\"S\",$C209=0),0,MATCH(OFFSET($D209,0,$C209)+IF($C209<>1,1,COUNTIF(QCI!$A$13:$A$24,ORÇAMENTO!E209)),OFFSET($D209,1,$C209,ROW($C$404)-ROW($C209)),0))","v":0},"F","Serviço","Serviço","1.11.1.5.1.","SINAPI","96622",{"$f":"IF($C209=\"S\",REFERENCIA.Descricao,\"(digite a descrição aqui)\")","v":"LASTRO COM MATERIAL GRANULAR, APLICADO EM PISOS OU LAJES SOBRE SOLO, ESPESSURA DE *5 CM*. AF_01/2024"},{"$f":"REFERENCIA.Unidade","v":"M3"},{"$f":"OFFSET(CÁLCULO!H$15,ROW($T209)-ROW(T$15),0)","v":7.4},179.43,"BDI 1",{"$f":"IF($C209=\"S\",ROUND(IF(TIPOORCAMENTO=\"Proposto\",ORÇAMENTO.CustoUnitario*(1+$AH209),ORÇAMENTO.PrecoUnitarioLicitado),15-13*$AF$10),0)","v":216.79},{"$f":"IF($C209=\"S\",IF(Import.TipoArredondamento<>\"TransfereGOV\",VTOTAL1,SUM(OFFSET(CÁLCULO!$AA$15,ROW($X209)-ROW($X$15),1):OFFSET(CÁLCULO!$AL$15,ROW($X209)-ROW($X$15),-1))),IF($C209=0,0,ROUND(SomaAgrup,15-13*$AF$11)))","v":1604.25},"RA","RA",{"$f":"IF($C209=\"S\",IF($Z209=\"CP\",$X209,IF($Z209=\"RA\",(($X209)*QCI!$AA$3),0)),SomaAgrup)","v":430.3788386261233},0,{"$f":"IF($N209=\"\",\"\",IF(ORÇAMENTO.Descricao=\"\",\"DESCRIÇÃO\",IF(AND($C209=\"S\",ORÇAMENTO.Unidade=\"\"),\"UNIDADE\",IF($X209<0,\"VALOR NEGATIVO\",IF(OR(AND(TIPOORCAMENTO=\"Proposto\",$AG209<>\"\",$AG209>0,ORÇAMENTO.CustoUnitario>$AG209),AND(TIPOORCAMENTO=\"LICITADO\",ORÇAMENTO.PrecoUnitarioLicitado>$AN209)),\"ACIMA REF.\",\"\")))))","v":""},{"$f":"IF(C209<=CRONO.NivelExibicao,MAX($AD$15:OFFSET(AD209,-1,0))+IF($C209<>1,1,MAX(1,COUNTIF(QCI!$A$13:$A$24,OFFSET($E209,-1,0)))),\"\")","v":""},{"$f":"IF(AND($C209=\"S\",ORÇAMENTO.CodBarra<>\"\"),IF(ORÇAMENTO.Fonte=\"\",ORÇAMENTO.CodBarra,CONCATENATE(ORÇAMENTO.Fonte,\" \",ORÇAMENTO.CodBarra)))","v":"SINAPI 96622"},{"$f":"IF(ISERROR(INDIRECT(ORÇAMENTO.BancoRef)),\"(abra o arquivo 'Referência \"&Excel_BuiltIn_Database&\".xlsm)\",IF(OR($C209<>\"S\",ORÇAMENTO.CodBarra=\"\"),\"(Sem Código)\",IF(ISERROR(MATCH($AE209,INDIRECT(ORÇAMENTO.BancoRef),0)),\"(Código não identificado nas referências)\",MATCH($AE209,INDIRECT(ORÇAMENTO.BancoRef),0))))","v":2370},{"$f":"ROUND(IF(DESONERACAO=\"sim\",REFERENCIA.Desonerado,REFERENCIA.NaoDesonerado),2)","v":179.43},0.2082,null,7.4,null,null,1604.25,216.79]
["S",4,"S",0,{"$f":"IF($C210=1,OFFSET(E210,-1,0)+MAX(1,COUNTIF(QCI!$A$13:$A$24,OFFSET(ORÇAMENTO!E210,-1,0))),OFFSET(E210,-1,0))","v":1},11,1,5,2,0,{"$f":"IF(OR($C210=\"S\",$C210=0),0,MATCH(OFFSET($D210,0,$C210)+IF($C210<>1,1,COUNTIF(QCI!$A$13:$A$24,ORÇAMENTO!E210)),OFFSET($D210,1,$C210,ROW($C$404)-ROW($C210)),0))","v":0},"F","Serviço","Serviço","1.11.1.5.2.","SINAPI","92396",{"$f":"IF($C210=\"S\",REFERENCIA.Descricao,\"(digite a descrição aqui)\")","v":"EXECUÇÃO DE PASSEIO EM PISO INTERTRAVADO, COM BLOCO RETANGULAR COR NATURAL DE 20 X 10 CM, ESPESSURA 6 CM. AF_10/2022"},{"$f":"REFERENCIA.Unidade","v":"M2"},{"$f":"OFFSET(CÁLCULO!H$15,ROW($T210)-ROW(T$15),0)","v":147.72},{"$f":"AG210","v":71.72},"BDI 1",{"$f":"IF($C210=\"S\",ROUND(IF(TIPOORCAMENTO=\"Proposto\",ORÇAMENTO.CustoUnitario*(1+$AH210),ORÇAMENTO.PrecoUnitarioLicitado),15-13*$AF$10),0)","v":86.65},{"$f":"IF($C210=\"S\",IF(Import.TipoArredondamento<>\"TransfereGOV\",VTOTAL1,SUM(OFFSET(CÁLCULO!$AA$15,ROW($X210)-ROW($X$15),1):OFFSET(CÁLCULO!$AL$15,ROW($X210)-ROW($X$15),-1))),IF($C210=0,0,ROUND(SomaAgrup,15-13*$AF$11)))","v":12799.94},"RA","RA",{"$f":"IF($C210=\"S\",IF($Z210=\"CP\",$X210,IF($Z210=\"RA\",(($X210)*QCI!$AA$3),0)),SomaAgrup)","v":3433.8932907489857},0,{"$f":"IF($N210=\"\",\"\",IF(ORÇAMENTO.Descricao=\"\",\"DESCRIÇÃO\",IF(AND($C210=\"S\",ORÇAMENTO.Unidade=\"\"),\"UNIDADE\",IF($X210<0,\"VALOR NEGATIVO\",IF(OR(AND(TIPOORCAMENTO=\"Proposto\",$AG210<>\"\",$AG210>0,ORÇAMENTO.CustoUnitario>$AG210),AND(TIPOORCAMENTO=\"LICITADO\",ORÇAMENTO.PrecoUnitarioLicitado>$AN210)),\"ACIMA REF.\",\"\")))))","v":""},{"$f":"IF(C210<=CRONO.NivelExibicao,MAX($AD$15:OFFSET(AD210,-1,0))+IF($C210<>1,1,MAX(1,COUNTIF(QCI!$A$13:$A$24,OFFSET($E210,-1,0)))),\"\")","v":""},{"$f":"IF(AND($C210=\"S\",ORÇAMENTO.CodBarra<>\"\"),IF(ORÇAMENTO.Fonte=\"\",ORÇAMENTO.CodBarra,CONCATENATE(ORÇAMENTO.Fonte,\" \",ORÇAMENTO.CodBarra)))","v":"SINAPI 92396"},{"$f":"IF(ISERROR(INDIRECT(ORÇAMENTO.BancoRef)),\"(abra o arquivo 'Referência \"&Excel_BuiltIn_Database&\".xlsm)\",IF(OR($C210<>\"S\",ORÇAMENTO.CodBarra=\"\"),\"(Sem Código)\",IF(ISERROR(MATCH($AE210,INDIRECT(ORÇAMENTO.BancoRef),0)),\"(Código não identificado nas referências)\",MATCH($AE210,INDIRECT(ORÇAMENTO.BancoRef),0))))","v":6143},{"$f":"ROUND(IF(DESONERACAO=\"sim\",REFERENCIA.Desonerado,REFERENCIA.NaoDesonerado),2)","v":71.72},0.2082,null,147.72,null,null,12799.94,86.65]
[4,4,4,7,{"$f":"IF($C211=1,OFFSET(E211,-1,0)+MAX(1,COUNTIF(QCI!$A$13:$A$24,OFFSET(ORÇAMENTO!E211,-1,0))),OFFSET(E211,-1,0))","v":1},11,1,6,0,16,{"$f":"IF(OR($C211=\"S\",$C211=0),0,MATCH(OFFSET($D211,0,$C211)+IF($C211<>1,1,COUNTIF(QCI!$A$13:$A$24,ORÇAMENTO!E211)),OFFSET($D211,1,$C211,ROW($C$404)-ROW($C211)),0))","v":7},"F","Nível 4","Nível 4","1.11.1.6.","SINAPI",null,"FECHAMENTO",{"$f":"REFERENCIA.Unidade","v":"-"},{"$f":"OFFSET(CÁLCULO!H$15,ROW($T211)-ROW(T$15),0)","v":0},0,"BDI 1",{"$f":"IF($C211=\"S\",ROUND(IF(TIPOORCAMENTO=\"Proposto\",ORÇAMENTO.CustoUnitario*(1+$AH211),ORÇAMENTO.PrecoUnitarioLicitado),15-13*$AF$10),0)","v":0},{"$f":"IF($C211=\"S\",IF(Import.TipoArredondamento<>\"TransfereGOV\",VTOTAL1,SUM(OFFSET(CÁLCULO!$AA$15,ROW($X211)-ROW($X$15),1):OFFSET(CÁLCULO!$AL$15,ROW($X211)-ROW($X$15),-1))),IF($C211=0,0,ROUND(SomaAgrup,15-13*$AF$11)))","v":56585.78},"RA","",{"$f":"IF($C211=\"S\",IF($Z211=\"CP\",$X211,IF($Z211=\"RA\",(($X211)*QCI!$AA$3),0)),SomaAgrup)","v":15180.503212811789},0,{"$f":"IF($N211=\"\",\"\",IF(ORÇAMENTO.Descricao=\"\",\"DESCRIÇÃO\",IF(AND($C211=\"S\",ORÇAMENTO.Unidade=\"\"),\"UNIDADE\",IF($X211<0,\"VALOR NEGATIVO\",IF(OR(AND(TIPOORCAMENTO=\"Proposto\",$AG211<>\"\",$AG211>0,ORÇAMENTO.CustoUnitario>$AG211),AND(TIPOORCAMENTO=\"LICITADO\",ORÇAMENTO.PrecoUnitarioLicitado>$AN211)),\"ACIMA REF.\",\"\")))))","v":""},{"$f":"IF(C211<=CRONO.NivelExibicao,MAX($AD$15:OFFSET(AD211,-1,0))+IF($C211<>1,1,MAX(1,COUNTIF(QCI!$A$13:$A$24,OFFSET($E211,-1,0)))),\"\")","v":""},{"$f":"IF(AND($C211=\"S\",ORÇAMENTO.CodBarra<>\"\"),IF(ORÇAMENTO.Fonte=\"\",ORÇAMENTO.CodBarra,CONCATENATE(ORÇAMENTO.Fonte,\" \",ORÇAMENTO.CodBarra)))","v":false},{"$f":"IF(ISERROR(INDIRECT(ORÇAMENTO.BancoRef)),\"(abra o arquivo 'Referência \"&Excel_BuiltIn_Database&\".xlsm)\",IF(OR($C211<>\"S\",ORÇAMENTO.CodBarra=\"\"),\"(Sem Código)\",IF(ISERROR(MATCH($AE211,INDIRECT(ORÇAMENTO.BancoRef),0)),\"(Código não identificado nas referências)\",MATCH($AE211,INDIRECT(ORÇAMENTO.BancoRef),0))))","v":"(Sem Código)"},{"$f":"ROUND(IF(DESONERACAO=\"sim\",REFERENCIA.Desonerado,REFERENCIA.NaoDesonerado),2)","v":0},0.2082,null,null,null,null,56585.78,0]
["S",4,"S",0,{"$f":"IF($C212=1,OFFSET(E212,-1,0)+MAX(1,COUNTIF(QCI!$A$13:$A$24,OFFSET(ORÇAMENTO!E212,-1,0))),OFFSET(E212,-1,0))","v":1},11,1,6,1,0,{"$f":"IF(OR($C212=\"S\",$C212=0),0,MATCH(OFFSET($D212,0,$C212)+IF($C212<>1,1,COUNTIF(QCI!$A$13:$A$24,ORÇAMENTO!E212)),OFFSET($D212,1,$C212,ROW($C$404)-ROW($C212)),0))","v":0},"F","Serviço","Serviço","1.11.1.6.1.","SINAPI","103331",{"$f":"IF($C212=\"S\",REFERENCIA.Descricao,\"(digite a descrição aqui)\")","v":"ALVENARIA DE VEDAÇÃO DE BLOCOS CERÂMICOS FURADOS NA HORIZONTAL DE 11,5X19X19 CM (ESPESSURA 11,5 CM) E ARGAMASSA DE ASSENTAMENTO COM PREPARO MANUAL. AF_12/2021"},{"$f":"REFERENCIA.Unidade","v":"M2"},{"$f":"OFFSET(CÁLCULO!H$15,ROW($T212)-ROW(T$15),0)","v":172.2},96.71,"BDI 1",{"$f":"IF($C212=\"S\",ROUND(IF(TIPOORCAMENTO=\"Proposto\",ORÇAMENTO.CustoUnitario*(1+$AH212),ORÇAMENTO.PrecoUnitarioLicitado),15-13*$AF$10),0)","v":116.85},{"$f":"IF($C212=\"S\",IF(Import.TipoArredondamento<>\"TransfereGOV\",VTOTAL1,SUM(OFFSET(CÁLCULO!$AA$15,ROW($X212)-ROW($X$15),1):OFFSET(CÁLCULO!$AL$15,ROW($X212)-ROW($X$15),-1))),IF($C212=0,0,ROUND(SomaAgrup,15-13*$AF$11)))","v":20121.57},"RA","RA",{"$f":"IF($C212=\"S\",IF($Z212=\"CP\",$X212,IF($Z212=\"RA\",(($X212)*QCI!$AA$3),0)),SomaAgrup)","v":5398.097508452076},0,{"$f":"IF($N212=\"\",\"\",IF(ORÇAMENTO.Descricao=\"\",\"DESCRIÇÃO\",IF(AND($C212=\"S\",ORÇAMENTO.Unidade=\"\"),\"UNIDADE\",IF($X212<0,\"VALOR NEGATIVO\",IF(OR(AND(TIPOORCAMENTO=\"Proposto\",$AG212<>\"\",$AG212>0,ORÇAMENTO.CustoUnitario>$AG212),AND(TIPOORCAMENTO=\"LICITADO\",ORÇAMENTO.PrecoUnitarioLicitado>$AN212)),\"ACIMA REF.\",\"\")))))","v":""},{"$f":"IF(C212<=CRONO.NivelExibicao,MAX($AD$15:OFFSET(AD212,-1,0))+IF($C212<>1,1,MAX(1,COUNTIF(QCI!$A$13:$A$24,OFFSET($E212,-1,0)))),\"\")","v":""},{"$f":"IF(AND($C212=\"S\",ORÇAMENTO.CodBarra<>\"\"),IF(ORÇAMENTO.Fonte=\"\",ORÇAMENTO.CodBarra,CONCATENATE(ORÇAMENTO.Fonte,\" \",ORÇAMENTO.CodBarra)))","v":"SINAPI 103331"},{"$f":"IF(ISERROR(INDIRECT(ORÇAMENTO.BancoRef)),\"(abra o arquivo 'Referência \"&Excel_BuiltIn_Database&\".xlsm)\",IF(OR($C212<>\"S\",ORÇAMENTO.CodBarra=\"\"),\"(Sem Código)\",IF(ISERROR(MATCH($AE212,INDIRECT(ORÇAMENTO.BancoRef),0)),\"(Código não identificado nas referências)\",MATCH($AE212,INDIRECT(ORÇAMENTO.BancoRef),0))))","v":5980},{"$f":"ROUND(IF(DESONERACAO=\"sim\",REFERENCIA.Desonerado,REFERENCIA.NaoDesonerado),2)","v":96.71},0.2082,null,172.2,null,null,20121.57,116.85]
["S",4,"S",0,{"$f":"IF($C213=1,OFFSET(E213,-1,0)+MAX(1,COUNTIF(QCI!$A$13:$A$24,OFFSET(ORÇAMENTO!E213,-1,0))),OFFSET(E213,-1,0))","v":1},11,1,6,2,0,{"$f":"IF(OR($C213=\"S\",$C213=0),0,MATCH(OFFSET($D213,0,$C213)+IF($C213<>1,1,COUNTIF(QCI!$A$13:$A$24,ORÇAMENTO!E213)),OFFSET($D213,1,$C213,ROW($C$404)-ROW($C213)),0))","v":0},"F","Serviço","Serviço","1.11.1.6.2.","SINAPI","87904",{"$f":"IF($C213=\"S\",REFERENCIA.Descricao,\"(digite a descrição aqui)\")","v":"CHAPISCO APLICADO EM ALVENARIA (COM PRESENÇA DE VÃOS) E ESTRUTURAS DE CONCRETO DE FACHADA, COM COLHER DE PEDREIRO.  ARGAMASSA TRAÇO 1:3 COM PREPARO MANUAL. AF_10/2022"},{"$f":"REFERENCIA.Unidade","v":"M2"},{"$f":"OFFSET(CÁLCULO!H$15,ROW($T213)-ROW(T$15),0)","v":258.3},10.07,"BDI 1",{"$f":"IF($C213=\"S\",ROUND(IF(TIPOORCAMENTO=\"Proposto\",ORÇAMENTO.CustoUnitario*(1+$AH213),ORÇAMENTO.PrecoUnitarioLicitado),15-13*$AF$10),0)","v":12.17},{"$f":"IF($C213=\"S\",IF(Import.TipoArredondamento<>\"TransfereGOV\",VTOTAL1,SUM(OFFSET(CÁLCULO!$AA$15,ROW($X213)-ROW($X$15),1):OFFSET(CÁLCULO!$AL$15,ROW($X213)-ROW($X$15),-1))),IF($C213=0,0,ROUND(SomaAgrup,15-13*$AF$11)))","v":3143.51},"RA","RA",{"$f":"IF($C213=\"S\",IF($Z213=\"CP\",$X213,IF($Z213=\"RA\",(($X213)*QCI!$AA$3),0)),SomaAgrup)","v":843.32253888708419},0,{"$f":"IF($N213=\"\",\"\",IF(ORÇAMENTO.Descricao=\"\",\"DESCRIÇÃO\",IF(AND($C213=\"S\",ORÇAMENTO.Unidade=\"\"),\"UNIDADE\",IF($X213<0,\"VALOR NEGATIVO\",IF(OR(AND(TIPOORCAMENTO=\"Proposto\",$AG213<>\"\",$AG213>0,ORÇAMENTO.CustoUnitario>$AG213),AND(TIPOORCAMENTO=\"LICITADO\",ORÇAMENTO.PrecoUnitarioLicitado>$AN213)),\"ACIMA REF.\",\"\")))))","v":""},{"$f":"IF(C213<=CRONO.NivelExibicao,MAX($AD$15:OFFSET(AD213,-1,0))+IF($C213<>1,1,MAX(1,COUNTIF(QCI!$A$13:$A$24,OFFSET($E213,-1,0)))),\"\")","v":""},{"$f":"IF(AND($C213=\"S\",ORÇAMENTO.CodBarra<>\"\"),IF(ORÇAMENTO.Fonte=\"\",ORÇAMENTO.CodBarra,CONCATENATE(ORÇAMENTO.Fonte,\" \",ORÇAMENTO.CodBarra)))","v":"SINAPI 87904"},{"$f":"IF(ISERROR(INDIRECT(ORÇAMENTO.BancoRef)),\"(abra o arquivo 'Referência \"&Excel_BuiltIn_Database&\".xlsm)\",IF(OR($C213<>\"S\",ORÇAMENTO.CodBarra=\"\"),\"(Sem Código)\",IF(ISERROR(MATCH($AE213,INDIRECT(ORÇAMENTO.BancoRef),0)),\"(Código não identificado nas referências)\",MATCH($AE213,INDIRECT(ORÇAMENTO.BancoRef),0))))","v":6504},{"$f":"ROUND(IF(DESONERACAO=\"sim\",REFERENCIA.Desonerado,REFERENCIA.NaoDesonerado),2)","v":10.07},0.2082,null,258.3,null,null,3143.51,12.17]
["S",4,"S",0,{"$f":"IF($C214=1,OFFSET(E214,-1,0)+MAX(1,COUNTIF(QCI!$A$13:$A$24,OFFSET(ORÇAMENTO!E214,-1,0))),OFFSET(E214,-1,0))","v":1},11,1,6,3,0,{"$f":"IF(OR($C214=\"S\",$C214=0),0,MATCH(OFFSET($D214,0,$C214)+IF($C214<>1,1,COUNTIF(QCI!$A$13:$A$24,ORÇAMENTO!E214)),OFFSET($D214,1,$C214,ROW($C$404)-ROW($C214)),0))","v":0},"F","Serviço","Serviço","1.11.1.6.3.","SINAPI","87777",{"$f":"IF($C214=\"S\",REFERENCIA.Descricao,\"(digite a descrição aqui)\")","v":"EMBOÇO OU MASSA ÚNICA EM ARGAMASSA TRAÇO 1:2:8, PREPARO MANUAL, APLICADA MANUALMENTE EM PANOS DE FACHADA COM PRESENÇA DE VÃOS, ESPESSURA DE 25 MM. AF_08/2022"},{"$f":"REFERENCIA.Unidade","v":"M2"},{"$f":"OFFSET(CÁLCULO!H$15,ROW($T214)-ROW(T$15),0)","v":258.3},66.38,"BDI 1",{"$f":"IF($C214=\"S\",ROUND(IF(TIPOORCAMENTO=\"Proposto\",ORÇAMENTO.CustoUnitario*(1+$AH214),ORÇAMENTO.PrecoUnitarioLicitado),15-13*$AF$10),0)","v":80.2},{"$f":"IF($C214=\"S\",IF(Import.TipoArredondamento<>\"TransfereGOV\",VTOTAL1,SUM(OFFSET(CÁLCULO!$AA$15,ROW($X214)-ROW($X$15),1):OFFSET(CÁLCULO!$AL$15,ROW($X214)-ROW($X$15),-1))),IF($C214=0,0,ROUND(SomaAgrup,15-13*$AF$11)))","v":20715.66},"RA","RA",{"$f":"IF($C214=\"S\",IF($Z214=\"CP\",$X214,IF($Z214=\"RA\",(($X214)*QCI!$AA$3),0)),SomaAgrup)","v":5557.4765106271698},0,{"$f":"IF($N214=\"\",\"\",IF(ORÇAMENTO.Descricao=\"\",\"DESCRIÇÃO\",IF(AND($C214=\"S\",ORÇAMENTO.Unidade=\"\"),\"UNIDADE\",IF($X214<0,\"VALOR NEGATIVO\",IF(OR(AND(TIPOORCAMENTO=\"Proposto\",$AG214<>\"\",$AG214>0,ORÇAMENTO.CustoUnitario>$AG214),AND(TIPOORCAMENTO=\"LICITADO\",ORÇAMENTO.PrecoUnitarioLicitado>$AN214)),\"ACIMA REF.\",\"\")))))","v":""},{"$f":"IF(C214<=CRONO.NivelExibicao,MAX($AD$15:OFFSET(AD214,-1,0))+IF($C214<>1,1,MAX(1,COUNTIF(QCI!$A$13:$A$24,OFFSET($E214,-1,0)))),\"\")","v":""},{"$f":"IF(AND($C214=\"S\",ORÇAMENTO.CodBarra<>\"\"),IF(ORÇAMENTO.Fonte=\"\",ORÇAMENTO.CodBarra,CONCATENATE(ORÇAMENTO.Fonte,\" \",ORÇAMENTO.CodBarra)))","v":"SINAPI 87777"},{"$f":"IF(ISERROR(INDIRECT(ORÇAMENTO.BancoRef)),\"(abra o arquivo 'Referência \"&Excel_BuiltIn_Database&\".xlsm)\",IF(OR($C214<>\"S\",ORÇAMENTO.CodBarra=\"\"),\"(Sem Código)\",IF(ISERROR(MATCH($AE214,INDIRECT(ORÇAMENTO.BancoRef),0)),\"(Código não identificado nas referências)\",MATCH($AE214,INDIRECT(ORÇAMENTO.BancoRef),0))))","v":6547},{"$f":"ROUND(IF(DESONERACAO=\"sim\",REFERENCIA.Desonerado,REFERENCIA.NaoDesonerado),2)","v":66.38},0.2082,null,258.3,null,null,20715.66,80.2]
["S",4,"S",0,{"$f":"IF($C215=1,OFFSET(E215,-1,0)+MAX(1,COUNTIF(QCI!$A$13:$A$24,OFFSET(ORÇAMENTO!E215,-1,0))),OFFSET(E215,-1,0))","v":1},11,1,6,4,0,{"$f":"IF(OR($C215=\"S\",$C215=0),0,MATCH(OFFSET($D215,0,$C215)+IF($C215<>1,1,COUNTIF(QCI!$A$13:$A$24,ORÇAMENTO!E215)),OFFSET($D215,1,$C215,ROW($C$404)-ROW($C215)),0))","v":0},"F","Serviço","Serviço","1.11.1.6.4.","SINAPI","88485",{"$f":"IF($C215=\"S\",REFERENCIA.Descricao,\"(digite a descrição aqui)\")","v":"FUNDO SELADOR ACRÍLICO, APLICAÇÃO MANUAL EM PAREDE, UMA DEMÃO. AF_04/2023"},{"$f":"REFERENCIA.Unidade","v":"M2"},{"$f":"OFFSET(CÁLCULO!H$15,ROW($T215)-ROW(T$15),0)","v":258.3},4.42,"BDI 1",{"$f":"IF($C215=\"S\",ROUND(IF(TIPOORCAMENTO=\"Proposto\",ORÇAMENTO.CustoUnitario*(1+$AH215),ORÇAMENTO.PrecoUnitarioLicitado),15-13*$AF$10),0)","v":5.34},{"$f":"IF($C215=\"S\",IF(Import.TipoArredondamento<>\"TransfereGOV\",VTOTAL1,SUM(OFFSET(CÁLCULO!$AA$15,ROW($X215)-ROW($X$15),1):OFFSET(CÁLCULO!$AL$15,ROW($X215)-ROW($X$15),-1))),IF($C215=0,0,ROUND(SomaAgrup,15-13*$AF$11)))","v":1379.32},"RA","RA",{"$f":"IF($C215=\"S\",IF($Z215=\"CP\",$X215,IF($Z215=\"RA\",(($X215)*QCI!$AA$3),0)),SomaAgrup)","v":370.03592937122289},0,{"$f":"IF($N215=\"\",\"\",IF(ORÇAMENTO.Descricao=\"\",\"DESCRIÇÃO\",IF(AND($C215=\"S\",ORÇAMENTO.Unidade=\"\"),\"UNIDADE\",IF($X215<0,\"VALOR NEGATIVO\",IF(OR(AND(TIPOORCAMENTO=\"Proposto\",$AG215<>\"\",$AG215>0,ORÇAMENTO.CustoUnitario>$AG215),AND(TIPOORCAMENTO=\"LICITADO\",ORÇAMENTO.PrecoUnitarioLicitado>$AN215)),\"ACIMA REF.\",\"\")))))","v":""},{"$f":"IF(C215<=CRONO.NivelExibicao,MAX($AD$15:OFFSET(AD215,-1,0))+IF($C215<>1,1,MAX(1,COUNTIF(QCI!$A$13:$A$24,OFFSET($E215,-1,0)))),\"\")","v":""},{"$f":"IF(AND($C215=\"S\",ORÇAMENTO.CodBarra<>\"\"),IF(ORÇAMENTO.Fonte=\"\",ORÇAMENTO.CodBarra,CONCATENATE(ORÇAMENTO.Fonte,\" \",ORÇAMENTO.CodBarra)))","v":"SINAPI 88485"},{"$f":"IF(ISERROR(INDIRECT(ORÇAMENTO.BancoRef)),\"(abra o arquivo 'Referência \"&Excel_BuiltIn_Database&\".xlsm)\",IF(OR($C215<>\"S\",ORÇAMENTO.CodBarra=\"\"),\"(Sem Código)\",IF(ISERROR(MATCH($AE215,INDIRECT(ORÇAMENTO.BancoRef),0)),\"(Código não identificado nas referências)\",MATCH($AE215,INDIRECT(ORÇAMENTO.BancoRef),0))))","v":6218},{"$f":"ROUND(IF(DESONERACAO=\"sim\",REFERENCIA.Desonerado,REFERENCIA.NaoDesonerado),2)","v":4.42},0.2082,null,258.3,null,null,1379.32,5.34]
["S",4,"S",0,{"$f":"IF($C216=1,OFFSET(E216,-1,0)+MAX(1,COUNTIF(QCI!$A$13:$A$24,OFFSET(ORÇAMENTO!E216,-1,0))),OFFSET(E216,-1,0))","v":1},11,1,6,5,0,{"$f":"IF(OR($C216=\"S\",$C216=0),0,MATCH(OFFSET($D216,0,$C216)+IF($C216<>1,1,COUNTIF(QCI!$A$13:$A$24,ORÇAMENTO!E216)),OFFSET($D216,1,$C216,ROW($C$404)-ROW($C216)),0))","v":0},"F","Serviço","Serviço","1.11.1.6.5.","SINAPI","96132",{"$f":"IF($C216=\"S\",REFERENCIA.Descricao,\"(digite a descrição aqui)\")","v":"APLICAÇÃO MANUAL DE MASSA ACRÍLICA EM PANOS DE FACHADA SEM PRESENÇA DE VÃOS, DE EDIFÍCIOS DE MÚLTIPLOS PAVIMENTOS, DUAS DEMÃOS. AF_03/2024"},{"$f":"REFERENCIA.Unidade","v":"M2"},{"$f":"OFFSET(CÁLCULO!H$15,ROW($T216)-ROW(T$15),0)","v":258.3},22.49,"BDI 1",{"$f":"IF($C216=\"S\",ROUND(IF(TIPOORCAMENTO=\"Proposto\",ORÇAMENTO.CustoUnitario*(1+$AH216),ORÇAMENTO.PrecoUnitarioLicitado),15-13*$AF$10),0)","v":27.17},{"$f":"IF($C216=\"S\",IF(Import.TipoArredondamento<>\"TransfereGOV\",VTOTAL1,SUM(OFFSET(CÁLCULO!$AA$15,ROW($X216)-ROW($X$15),1):OFFSET(CÁLCULO!$AL$15,ROW($X216)-ROW($X$15),-1))),IF($C216=0,0,ROUND(SomaAgrup,15-13*$AF$11)))","v":7018.01},"RA","RA",{"$f":"IF($C216=\"S\",IF($Z216=\"CP\",$X216,IF($Z216=\"RA\",(($X216)*QCI!$AA$3),0)),SomaAgrup)","v":1882.7508139420411},0,{"$f":"IF($N216=\"\",\"\",IF(ORÇAMENTO.Descricao=\"\",\"DESCRIÇÃO\",IF(AND($C216=\"S\",ORÇAMENTO.Unidade=\"\"),\"UNIDADE\",IF($X216<0,\"VALOR NEGATIVO\",IF(OR(AND(TIPOORCAMENTO=\"Proposto\",$AG216<>\"\",$AG216>0,ORÇAMENTO.CustoUnitario>$AG216),AND(TIPOORCAMENTO=\"LICITADO\",ORÇAMENTO.PrecoUnitarioLicitado>$AN216)),\"ACIMA REF.\",\"\")))))","v":""},{"$f":"IF(C216<=CRONO.NivelExibicao,MAX($AD$15:OFFSET(AD216,-1,0))+IF($C216<>1,1,MAX(1,COUNTIF(QCI!$A$13:$A$24,OFFSET($E216,-1,0)))),\"\")","v":""},{"$f":"IF(AND($C216=\"S\",ORÇAMENTO.CodBarra<>\"\"),IF(ORÇAMENTO.Fonte=\"\",ORÇAMENTO.CodBarra,CONCATENATE(ORÇAMENTO.Fonte,\" \",ORÇAMENTO.CodBarra)))","v":"SINAPI 96132"},{"$f":"IF(ISERROR(INDIRECT(ORÇAMENTO.BancoRef)),\"(abra o arquivo 'Referência \"&Excel_BuiltIn_Database&\".xlsm)\",IF(OR($C216<>\"S\",ORÇAMENTO.CodBarra=\"\"),\"(Sem Código)\",IF(ISERROR(MATCH($AE216,INDIRECT(ORÇAMENTO.BancoRef),0)),\"(Código não identificado nas referências)\",MATCH($AE216,INDIRECT(ORÇAMENTO.BancoRef),0))))","v":6238},{"$f":"ROUND(IF(DESONERACAO=\"sim\",REFERENCIA.Desonerado,REFERENCIA.NaoDesonerado),2)","v":22.49},0.2082,null,258.3,null,null,7018.01,27.17]
["S",4,"S",0,{"$f":"IF($C217=1,OFFSET(E217,-1,0)+MAX(1,COUNTIF(QCI!$A$13:$A$24,OFFSET(ORÇAMENTO!E217,-1,0))),OFFSET(E217,-1,0))","v":1},11,1,6,6,0,{"$f":"IF(OR($C217=\"S\",$C217=0),0,MATCH(OFFSET($D217,0,$C217)+IF($C217<>1,1,COUNTIF(QCI!$A$13:$A$24,ORÇAMENTO!E217)),OFFSET($D217,1,$C217,ROW($C$404)-ROW($C217)),0))","v":0},"F","Serviço","Serviço","1.11.1.6.6.","SINAPI","88489",{"$f":"IF($C217=\"S\",REFERENCIA.Descricao,\"(digite a descrição aqui)\")","v":"PINTURA LÁTEX ACRÍLICA PREMIUM, APLICAÇÃO MANUAL EM PAREDES, DUAS DEMÃOS. AF_04/2023"},{"$f":"REFERENCIA.Unidade","v":"M2"},{"$f":"OFFSET(CÁLCULO!H$15,ROW($T217)-ROW(T$15),0)","v":258.3},13.48,"BDI 1",{"$f":"IF($C217=\"S\",ROUND(IF(TIPOORCAMENTO=\"Proposto\",ORÇAMENTO.CustoUnitario*(1+$AH217),ORÇAMENTO.PrecoUnitarioLicitado),15-13*$AF$10),0)","v":16.29},{"$f":"IF($C217=\"S\",IF(Import.TipoArredondamento<>\"TransfereGOV\",VTOTAL1,SUM(OFFSET(CÁLCULO!$AA$15,ROW($X217)-ROW($X$15),1):OFFSET(CÁLCULO!$AL$15,ROW($X217)-ROW($X$15),-1))),IF($C217=0,0,ROUND(SomaAgrup,15-13*$AF$11)))","v":4207.71},"RA","RA",{"$f":"IF($C217=\"S\",IF($Z217=\"CP\",$X217,IF($Z217=\"RA\",(($X217)*QCI!$AA$3),0)),SomaAgrup)","v":1128.8199115321959},0,{"$f":"IF($N217=\"\",\"\",IF(ORÇAMENTO.Descricao=\"\",\"DESCRIÇÃO\",IF(AND($C217=\"S\",ORÇAMENTO.Unidade=\"\"),\"UNIDADE\",IF($X217<0,\"VALOR NEGATIVO\",IF(OR(AND(TIPOORCAMENTO=\"Proposto\",$AG217<>\"\",$AG217>0,ORÇAMENTO.CustoUnitario>$AG217),AND(TIPOORCAMENTO=\"LICITADO\",ORÇAMENTO.PrecoUnitarioLicitado>$AN217)),\"ACIMA REF.\",\"\")))))","v":""},{"$f":"IF(C217<=CRONO.NivelExibicao,MAX($AD$15:OFFSET(AD217,-1,0))+IF($C217<>1,1,MAX(1,COUNTIF(QCI!$A$13:$A$24,OFFSET($E217,-1,0)))),\"\")","v":""},{"$f":"IF(AND($C217=\"S\",ORÇAMENTO.CodBarra<>\"\"),IF(ORÇAMENTO.Fonte=\"\",ORÇAMENTO.CodBarra,CONCATENATE(ORÇAMENTO.Fonte,\" \",ORÇAMENTO.CodBarra)))","v":"SINAPI 88489"},{"$f":"IF(ISERROR(INDIRECT(ORÇAMENTO.BancoRef)),\"(abra o arquivo 'Referência \"&Excel_BuiltIn_Database&\".xlsm)\",IF(OR($C217<>\"S\",ORÇAMENTO.CodBarra=\"\"),\"(Sem Código)\",IF(ISERROR(MATCH($AE217,INDIRECT(ORÇAMENTO.BancoRef),0)),\"(Código não identificado nas referências)\",MATCH($AE217,INDIRECT(ORÇAMENTO.BancoRef),0))))","v":6220},{"$f":"ROUND(IF(DESONERACAO=\"sim\",REFERENCIA.Desonerado,REFERENCIA.NaoDesonerado),2)","v":13.48},0.2082,null,258.3,null,null,4207.71,16.29]
[4,4,4,9,{"$f":"IF($C218=1,OFFSET(E218,-1,0)+MAX(1,COUNTIF(QCI!$A$13:$A$24,OFFSET(ORÇAMENTO!E218,-1,0))),OFFSET(E218,-1,0))","v":1},11,1,7,0,9,{"$f":"IF(OR($C218=\"S\",$C218=0),0,MATCH(OFFSET($D218,0,$C218)+IF($C218<>1,1,COUNTIF(QCI!$A$13:$A$24,ORÇAMENTO!E218)),OFFSET($D218,1,$C218,ROW($C$404)-ROW($C218)),0))","v":{"$error":"#N/A"}},"F","Nível 4","Nível 4","1.11.1.7.","SINAPI",null,"COBERTURA",{"$f":"REFERENCIA.Unidade","v":"-"},{"$f":"OFFSET(CÁLCULO!H$15,ROW($T218)-ROW(T$15),0)","v":0},0,"BDI 1",{"$f":"IF($C218=\"S\",ROUND(IF(TIPOORCAMENTO=\"Proposto\",ORÇAMENTO.CustoUnitario*(1+$AH218),ORÇAMENTO.PrecoUnitarioLicitado),15-13*$AF$10),0)","v":0},{"$f":"IF($C218=\"S\",IF(Import.TipoArredondamento<>\"TransfereGOV\",VTOTAL1,SUM(OFFSET(CÁLCULO!$AA$15,ROW($X218)-ROW($X$15),1):OFFSET(CÁLCULO!$AL$15,ROW($X218)-ROW($X$15),-1))),IF($C218=0,0,ROUND(SomaAgrup,15-13*$AF$11)))","v":96040.22},"RA","",{"$f":"IF($C218=\"S\",IF($Z218=\"CP\",$X218,IF($Z218=\"RA\",(($X218)*QCI!$AA$3),0)),SomaAgrup)","v":25765.110391146878},0,{"$f":"IF($N218=\"\",\"\",IF(ORÇAMENTO.Descricao=\"\",\"DESCRIÇÃO\",IF(AND($C218=\"S\",ORÇAMENTO.Unidade=\"\"),\"UNIDADE\",IF($X218<0,\"VALOR NEGATIVO\",IF(OR(AND(TIPOORCAMENTO=\"Proposto\",$AG218<>\"\",$AG218>0,ORÇAMENTO.CustoUnitario>$AG218),AND(TIPOORCAMENTO=\"LICITADO\",ORÇAMENTO.PrecoUnitarioLicitado>$AN218)),\"ACIMA REF.\",\"\")))))","v":""},{"$f":"IF(C218<=CRONO.NivelExibicao,MAX($AD$15:OFFSET(AD218,-1,0))+IF($C218<>1,1,MAX(1,COUNTIF(QCI!$A$13:$A$24,OFFSET($E218,-1,0)))),\"\")","v":""},{"$f":"IF(AND($C218=\"S\",ORÇAMENTO.CodBarra<>\"\"),IF(ORÇAMENTO.Fonte=\"\",ORÇAMENTO.CodBarra,CONCATENATE(ORÇAMENTO.Fonte,\" \",ORÇAMENTO.CodBarra)))","v":false},{"$f":"IF(ISERROR(INDIRECT(ORÇAMENTO.BancoRef)),\"(abra o arquivo 'Referência \"&Excel_BuiltIn_Database&\".xlsm)\",IF(OR($C218<>\"S\",ORÇAMENTO.CodBarra=\"\"),\"(Sem Código)\",IF(ISERROR(MATCH($AE218,INDIRECT(ORÇAMENTO.BancoRef),0)),\"(Código não identificado nas referências)\",MATCH($AE218,INDIRECT(ORÇAMENTO.BancoRef),0))))","v":"(Sem Código)"},{"$f":"ROUND(IF(DESONERACAO=\"sim\",REFERENCIA.Desonerado,REFERENCIA.NaoDesonerado),2)","v":0},0.2082,null,null,null,null,96040.22,0]
["S",4,"S",0,{"$f":"IF($C219=1,OFFSET(E219,-1,0)+MAX(1,COUNTIF(QCI!$A$13:$A$24,OFFSET(ORÇAMENTO!E219,-1,0))),OFFSET(E219,-1,0))","v":1},11,1,7,1,0,{"$f":"IF(OR($C219=\"S\",$C219=0),0,MATCH(OFFSET($D219,0,$C219)+IF($C219<>1,1,COUNTIF(QCI!$A$13:$A$24,ORÇAMENTO!E219)),OFFSET($D219,1,$C219,ROW($C$404)-ROW($C219)),0))","v":0},"F","Serviço","Serviço","1.11.1.7.1.","SINAPI","100764",{"$f":"IF($C219=\"S\",REFERENCIA.Descricao,\"(digite a descrição aqui)\")","v":"VIGA METÁLICA EM PERFIL LAMINADO OU SOLDADO EM AÇO ESTRUTURAL, COM CONEXÕES SOLDADAS, INCLUSOS MÃO DE OBRA, TRANSPORTE E IÇAMENTO UTILIZANDO GUINDASTE - FORNECIMENTO E INSTALAÇÃO. AF_01/2020_PA"},{"$f":"REFERENCIA.Unidade","v":"KG"},{"$f":"OFFSET(CÁLCULO!H$15,ROW($T219)-ROW(T$15),0)","v":979},15.86,"BDI 1",{"$f":"IF($C219=\"S\",ROUND(IF(TIPOORCAMENTO=\"Proposto\",ORÇAMENTO.CustoUnitario*(1+$AH219),ORÇAMENTO.PrecoUnitarioLicitado),15-13*$AF$10),0)","v":19.16},{"$f":"IF($C219=\"S\",IF(Import.TipoArredondamento<>\"TransfereGOV\",VTOTAL1,SUM(OFFSET(CÁLCULO!$AA$15,ROW($X219)-ROW($X$15),1):OFFSET(CÁLCULO!$AL$15,ROW($X219)-ROW($X$15),-1))),IF($C219=0,0,ROUND(SomaAgrup,15-13*$AF$11)))","v":18757.64},"RA","RA",{"$f":"IF($C219=\"S\",IF($Z219=\"CP\",$X219,IF($Z219=\"RA\",(($X219)*QCI!$AA$3),0)),SomaAgrup)","v":5032.1903185706187},0,{"$f":"IF($N219=\"\",\"\",IF(ORÇAMENTO.Descricao=\"\",\"DESCRIÇÃO\",IF(AND($C219=\"S\",ORÇAMENTO.Unidade=\"\"),\"UNIDADE\",IF($X219<0,\"VALOR NEGATIVO\",IF(OR(AND(TIPOORCAMENTO=\"Proposto\",$AG219<>\"\",$AG219>0,ORÇAMENTO.CustoUnitario>$AG219),AND(TIPOORCAMENTO=\"LICITADO\",ORÇAMENTO.PrecoUnitarioLicitado>$AN219)),\"ACIMA REF.\",\"\")))))","v":""},{"$f":"IF(C219<=CRONO.NivelExibicao,MAX($AD$15:OFFSET(AD219,-1,0))+IF($C219<>1,1,MAX(1,COUNTIF(QCI!$A$13:$A$24,OFFSET($E219,-1,0)))),\"\")","v":""},{"$f":"IF(AND($C219=\"S\",ORÇAMENTO.CodBarra<>\"\"),IF(ORÇAMENTO.Fonte=\"\",ORÇAMENTO.CodBarra,CONCATENATE(ORÇAMENTO.Fonte,\" \",ORÇAMENTO.CodBarra)))","v":"SINAPI 100764"},{"$f":"IF(ISERROR(INDIRECT(ORÇAMENTO.BancoRef)),\"(abra o arquivo 'Referência \"&Excel_BuiltIn_Database&\".xlsm)\",IF(OR($C219<>\"S\",ORÇAMENTO.CodBarra=\"\"),\"(Sem Código)\",IF(ISERROR(MATCH($AE219,INDIRECT(ORÇAMENTO.BancoRef),0)),\"(Código não identificado nas referências)\",MATCH($AE219,INDIRECT(ORÇAMENTO.BancoRef),0))))","v":2870},{"$f":"ROUND(IF(DESONERACAO=\"sim\",REFERENCIA.Desonerado,REFERENCIA.NaoDesonerado),2)","v":15.86},0.2082,null,979,null,null,18757.64,19.16]
[{"$f":"CHOOSE(1+LOG(1+2*(ORÇAMENTO.Nivel=\"Meta\")+4*(ORÇAMENTO.Nivel=\"Nível 2\")+8*(ORÇAMENTO.Nivel=\"Nível 3\")+16*(ORÇAMENTO.Nivel=\"Nível 4\")+32*(ORÇAMENTO.Nivel=\"Serviço\"),2),0,1,2,3,4,\"S\")","v":"S"},{"$f":"IF(OR(C220=\"s\",C220=0),OFFSET(B220,-1,0),C220)","v":4},{"$f":"IF(OFFSET(C220,-1,0)=\"L\",1,IF(OFFSET(C220,-1,0)=1,2,IF(OR(A220=\"s\",A220=0),\"S\",IF(AND(OFFSET(C220,-1,0)=2,A220=4),3,IF(AND(OR(OFFSET(C220,-1,0)=\"s\",OFFSET(C220,-1,0)=0),A220<>\"s\",A220>OFFSET(B220,-1,0)),OFFSET(B220,-1,0),A220)))))","v":"S"},{"$f":"IF(OR(C220=\"S\",C220=0),0,IF(ISERROR(K220),J220,SMALL(J220:K220,1)))","v":0},{"$f":"IF($C220=1,OFFSET(E220,-1,0)+MAX(1,COUNTIF(QCI!$A$13:$A$24,OFFSET(ORÇAMENTO!E220,-1,0))),OFFSET(E220,-1,0))","v":1},{"$f":"IF($C220=1,0,IF($C220=2,OFFSET(F220,-1,0)+1,OFFSET(F220,-1,0)))","v":11},{"$f":"IF(AND($C220<=2,$C220<>0),0,IF($C220=3,OFFSET(G220,-1,0)+1,OFFSET(G220,-1,0)))","v":1},{"$f":"IF(AND($C220<=3,$C220<>0),0,IF($C220=4,OFFSET(H220,-1,0)+1,OFFSET(H220,-1,0)))","v":7},{"$f":"IF(AND($C220<=4,$C220<>0),0,IF(AND($C220=\"S\",$X220>0),OFFSET(I220,-1,0)+1,OFFSET(I220,-1,0)))","v":2},0,{"$f":"IF(OR($C220=\"S\",$C220=0),0,MATCH(OFFSET($D220,0,$C220)+IF($C220<>1,1,COUNTIF(QCI!$A$13:$A$24,ORÇAMENTO!E220)),OFFSET($D220,1,$C220,ROW($C$404)-ROW($C220)),0))","v":0},{"$f":"IF(OR($X220>0,$C220=1,$C220=2,$C220=3,$C220=4),\"F\",\"\")","v":"F"},"Serviço",{"$f":"CHOOSE(1+LOG(1+2*(C220=1)+4*(C220=2)+8*(C220=3)+16*(C220=4)+32*(C220=\"S\"),2),\"\",\"Meta\",\"Nível 2\",\"Nível 3\",\"Nível 4\",\"Serviço\")","v":"Serviço"},{"$f":"IF(OR($C220=0,$L220=\"\"),\"-\",CONCATENATE(E220&\".\",IF(AND($A$5>=2,$C220>=2),F220&\".\",\"\"),IF(AND($A$5>=3,$C220>=3),G220&\".\",\"\"),IF(AND($A$5>=4,$C220>=4),H220&\".\",\"\"),IF($C220=\"S\",I220&\".\",\"\")))","v":"1.11.1.7.2."},"SINAPI","92580",{"$f":"IF($C220=\"S\",REFERENCIA.Descricao,\"(digite a descrição aqui)\")","v":"TRAMA DE AÇO COMPOSTA POR TERÇAS PARA TELHADOS DE ATÉ 2 ÁGUAS PARA TELHA ONDULADA DE FIBROCIMENTO, METÁLICA, PLÁSTICA OU TERMOACÚSTICA, INCLUSO TRANSPORTE VERTICAL. AF_07/2019"},{"$f":"REFERENCIA.Unidade","v":"M2"},{"$f":"OFFSET(CÁLCULO!H$15,ROW($T220)-ROW(T$15),0)","v":246.82},48.43,"BDI 1",{"$f":"IF($C220=\"S\",ROUND(IF(TIPOORCAMENTO=\"Proposto\",ORÇAMENTO.CustoUnitario*(1+$AH220),ORÇAMENTO.PrecoUnitarioLicitado),15-13*$AF$10),0)","v":58.51},{"$f":"IF($C220=\"S\",IF(Import.TipoArredondamento<>\"TransfereGOV\",VTOTAL1,SUM(OFFSET(CÁLCULO!$AA$15,ROW($X220)-ROW($X$15),1):OFFSET(CÁLCULO!$AL$15,ROW($X220)-ROW($X$15),-1))),IF($C220=0,0,ROUND(SomaAgrup,15-13*$AF$11)))","v":14441.44},"RA",{"$f":"IF(AND($C220=\"S\",$X220>0),IF(ISBLANK($Y220),\"RA\",LEFT($Y220,2)),\"\")","v":"RA"},{"$f":"IF($C220=\"S\",IF($Z220=\"CP\",$X220,IF($Z220=\"RA\",(($X220)*QCI!$AA$3),0)),SomaAgrup)","v":3874.2653422402009},{"$f":"IF($C220=\"S\",IF($Z220=\"OU\",ROUND($X220,2),0),SomaAgrup)","v":0},{"$f":"IF($N220=\"\",\"\",IF(ORÇAMENTO.Descricao=\"\",\"DESCRIÇÃO\",IF(AND($C220=\"S\",ORÇAMENTO.Unidade=\"\"),\"UNIDADE\",IF($X220<0,\"VALOR NEGATIVO\",IF(OR(AND(TIPOORCAMENTO=\"Proposto\",$AG220<>\"\",$AG220>0,ORÇAMENTO.CustoUnitario>$AG220),AND(TIPOORCAMENTO=\"LICITADO\",ORÇAMENTO.PrecoUnitarioLicitado>$AN220)),\"ACIMA REF.\",\"\")))))","v":""},{"$f":"IF(C220<=CRONO.NivelExibicao,MAX($AD$15:OFFSET(AD220,-1,0))+IF($C220<>1,1,MAX(1,COUNTIF(QCI!$A$13:$A$24,OFFSET($E220,-1,0)))),\"\")","v":""},{"$f":"IF(AND($C220=\"S\",ORÇAMENTO.CodBarra<>\"\"),IF(ORÇAMENTO.Fonte=\"\",ORÇAMENTO.CodBarra,CONCATENATE(ORÇAMENTO.Fonte,\" \",ORÇAMENTO.CodBarra)))","v":"SINAPI 92580"},{"$f":"IF(ISERROR(INDIRECT(ORÇAMENTO.BancoRef)),\"(abra o arquivo 'Referência \"&Excel_BuiltIn_Database&\".xlsm)\",IF(OR($C220<>\"S\",ORÇAMENTO.CodBarra=\"\"),\"(Sem Código)\",IF(ISERROR(MATCH($AE220,INDIRECT(ORÇAMENTO.BancoRef),0)),\"(Código não identificado nas referências)\",MATCH($AE220,INDIRECT(ORÇAMENTO.BancoRef),0))))","v":1577},{"$f":"ROUND(IF(DESONERACAO=\"sim\",REFERENCIA.Desonerado,REFERENCIA.NaoDesonerado),2)","v":48.43},{"$f":"ROUND(IF(ISNUMBER(ORÇAMENTO.OpcaoBDI),ORÇAMENTO.OpcaoBDI,IF(LEFT(ORÇAMENTO.OpcaoBDI,3)=\"BDI\",HLOOKUP(ORÇAMENTO.OpcaoBDI,$F$4:$H$5,2,FALSE),0)),15-11*$AF$9)","v":0.2082},null,246.82,null,null,14441.44,{"$f":"ROUND(ORÇAMENTO.CustoUnitario*(1+$AH220),2)","v":58.51}]
["S",4,"S",0,{"$f":"IF($C221=1,OFFSET(E221,-1,0)+MAX(1,COUNTIF(QCI!$A$13:$A$24,OFFSET(ORÇAMENTO!E221,-1,0))),OFFSET(E221,-1,0))","v":1},11,1,7,3,0,{"$f":"IF(OR($C221=\"S\",$C221=0),0,MATCH(OFFSET($D221,0,$C221)+IF($C221<>1,1,COUNTIF(QCI!$A$13:$A$24,ORÇAMENTO!E221)),OFFSET($D221,1,$C221,ROW($C$404)-ROW($C221)),0))","v":0},"F","Serviço","Serviço","1.11.1.7.3.","SINAPI","94213",{"$f":"IF($C221=\"S\",REFERENCIA.Descricao,\"(digite a descrição aqui)\")","v":"TELHAMENTO COM TELHA DE AÇO/ALUMÍNIO E = 0,5 MM, COM ATÉ 2 ÁGUAS, INCLUSO IÇAMENTO. AF_07/2019"},{"$f":"REFERENCIA.Unidade","v":"M2"},{"$f":"OFFSET(CÁLCULO!H$15,ROW($T221)-ROW(T$15),0)","v":246.82},63.22,"BDI 1",{"$f":"IF($C221=\"S\",ROUND(IF(TIPOORCAMENTO=\"Proposto\",ORÇAMENTO.CustoUnitario*(1+$AH221),ORÇAMENTO.PrecoUnitarioLicitado),15-13*$AF$10),0)","v":76.38},{"$f":"IF($C221=\"S\",IF(Import.TipoArredondamento<>\"TransfereGOV\",VTOTAL1,SUM(OFFSET(CÁLCULO!$AA$15,ROW($X221)-ROW($X$15),1):OFFSET(CÁLCULO!$AL$15,ROW($X221)-ROW($X$15),-1))),IF($C221=0,0,ROUND(SomaAgrup,15-13*$AF$11)))","v":18852.11},"RA","RA",{"$f":"IF($C221=\"S\",IF($Z221=\"CP\",$X221,IF($Z221=\"RA\",(($X221)*QCI!$AA$3),0)),SomaAgrup)","v":5057.5341794931746},0,{"$f":"IF($N221=\"\",\"\",IF(ORÇAMENTO.Descricao=\"\",\"DESCRIÇÃO\",IF(AND($C221=\"S\",ORÇAMENTO.Unidade=\"\"),\"UNIDADE\",IF($X221<0,\"VALOR NEGATIVO\",IF(OR(AND(TIPOORCAMENTO=\"Proposto\",$AG221<>\"\",$AG221>0,ORÇAMENTO.CustoUnitario>$AG221),AND(TIPOORCAMENTO=\"LICITADO\",ORÇAMENTO.PrecoUnitarioLicitado>$AN221)),\"ACIMA REF.\",\"\")))))","v":""},{"$f":"IF(C221<=CRONO.NivelExibicao,MAX($AD$15:OFFSET(AD221,-1,0))+IF($C221<>1,1,MAX(1,COUNTIF(QCI!$A$13:$A$24,OFFSET($E221,-1,0)))),\"\")","v":""},{"$f":"IF(AND($C221=\"S\",ORÇAMENTO.CodBarra<>\"\"),IF(ORÇAMENTO.Fonte=\"\",ORÇAMENTO.CodBarra,CONCATENATE(ORÇAMENTO.Fonte,\" \",ORÇAMENTO.CodBarra)))","v":"SINAPI 94213"},{"$f":"IF(ISERROR(INDIRECT(ORÇAMENTO.BancoRef)),\"(abra o arquivo 'Referência \"&Excel_BuiltIn_Database&\".xlsm)\",IF(OR($C221<>\"S\",ORÇAMENTO.CodBarra=\"\"),\"(Sem Código)\",IF(ISERROR(MATCH($AE221,INDIRECT(ORÇAMENTO.BancoRef),0)),\"(Código não identificado nas referências)\",MATCH($AE221,INDIRECT(ORÇAMENTO.BancoRef),0))))","v":1540},{"$f":"ROUND(IF(DESONERACAO=\"sim\",REFERENCIA.Desonerado,REFERENCIA.NaoDesonerado),2)","v":63.22},0.2082,null,246.82,null,null,18852.11,76.38]
["S",4,"S",0,{"$f":"IF($C222=1,OFFSET(E222,-1,0)+MAX(1,COUNTIF(QCI!$A$13:$A$24,OFFSET(ORÇAMENTO!E222,-1,0))),OFFSET(E222,-1,0))","v":1},11,1,7,4,0,{"$f":"IF(OR($C222=\"S\",$C222=0),0,MATCH(OFFSET($D222,0,$C222)+IF($C222<>1,1,COUNTIF(QCI!$A$13:$A$24,ORÇAMENTO!E222)),OFFSET($D222,1,$C222,ROW($C$404)-ROW($C222)),0))","v":0},"F","Serviço","Serviço","1.11.1.7.4.","Composição","007",{"$f":"IF($C222=\"S\",REFERENCIA.Descricao,\"(digite a descrição aqui)\")","v":"TELA DE ARAME GALVANIZADA REVESTIDA EM PVC, QUADRANGULAR, FIO 2,77 MM (12 BWG), BITOLA FINAL = *3,8* MM, MALHA 7,5 X 7,5 CM, H = 2 M                                                                                                                                                                                                                                                                                                                                                        "},{"$f":"REFERENCIA.Unidade","v":"M2"},{"$f":"OFFSET(CÁLCULO!H$15,ROW($T222)-ROW(T$15),0)","v":89.38},86.48,"BDI 1",{"$f":"IF($C222=\"S\",ROUND(IF(TIPOORCAMENTO=\"Proposto\",ORÇAMENTO.CustoUnitario*(1+$AH222),ORÇAMENTO.PrecoUnitarioLicitado),15-13*$AF$10),0)","v":104.49},{"$f":"IF($C222=\"S\",IF(Import.TipoArredondamento<>\"TransfereGOV\",VTOTAL1,SUM(OFFSET(CÁLCULO!$AA$15,ROW($X222)-ROW($X$15),1):OFFSET(CÁLCULO!$AL$15,ROW($X222)-ROW($X$15),-1))),IF($C222=0,0,ROUND(SomaAgrup,15-13*$AF$11)))","v":9339.32},"RA","RA",{"$f":"IF($C222=\"S\",IF($Z222=\"CP\",$X222,IF($Z222=\"RA\",(($X222)*QCI!$AA$3),0)),SomaAgrup)","v":2505.4983295357492},0,{"$f":"IF($N222=\"\",\"\",IF(ORÇAMENTO.Descricao=\"\",\"DESCRIÇÃO\",IF(AND($C222=\"S\",ORÇAMENTO.Unidade=\"\"),\"UNIDADE\",IF($X222<0,\"VALOR NEGATIVO\",IF(OR(AND(TIPOORCAMENTO=\"Proposto\",$AG222<>\"\",$AG222>0,ORÇAMENTO.CustoUnitario>$AG222),AND(TIPOORCAMENTO=\"LICITADO\",ORÇAMENTO.PrecoUnitarioLicitado>$AN222)),\"ACIMA REF.\",\"\")))))","v":""},{"$f":"IF(C222<=CRONO.NivelExibicao,MAX($AD$15:OFFSET(AD222,-1,0))+IF($C222<>1,1,MAX(1,COUNTIF(QCI!$A$13:$A$24,OFFSET($E222,-1,0)))),\"\")","v":""},{"$f":"IF(AND($C222=\"S\",ORÇAMENTO.CodBarra<>\"\"),IF(ORÇAMENTO.Fonte=\"\",ORÇAMENTO.CodBarra,CONCATENATE(ORÇAMENTO.Fonte,\" \",ORÇAMENTO.CodBarra)))","v":"Composição 007"},{"$f":"IF(ISERROR(INDIRECT(ORÇAMENTO.BancoRef)),\"(abra o arquivo 'Referência \"&Excel_BuiltIn_Database&\".xlsm)\",IF(OR($C222<>\"S\",ORÇAMENTO.CodBarra=\"\"),\"(Sem Código)\",IF(ISERROR(MATCH($AE222,INDIRECT(ORÇAMENTO.BancoRef),0)),\"(Código não identificado nas referências)\",MATCH($AE222,INDIRECT(ORÇAMENTO.BancoRef),0))))","v":9},{"$f":"ROUND(IF(DESONERACAO=\"sim\",REFERENCIA.Desonerado,REFERENCIA.NaoDesonerado),2)","v":86.48},0.2082,null,89.38,null,null,9339.32,104.49]
["S",4,"S",0,{"$f":"IF($C223=1,OFFSET(E223,-1,0)+MAX(1,COUNTIF(QCI!$A$13:$A$24,OFFSET(ORÇAMENTO!E223,-1,0))),OFFSET(E223,-1,0))","v":1},11,1,7,5,0,{"$f":"IF(OR($C223=\"S\",$C223=0),0,MATCH(OFFSET($D223,0,$C223)+IF($C223<>1,1,COUNTIF(QCI!$A$13:$A$24,ORÇAMENTO!E223)),OFFSET($D223,1,$C223,ROW($C$404)-ROW($C223)),0))","v":0},"F","Serviço","Serviço","1.11.1.7.5.","SINAPI","100720",{"$f":"IF($C223=\"S\",REFERENCIA.Descricao,\"(digite a descrição aqui)\")","v":"PINTURA COM TINTA ALQUÍDICA DE FUNDO (TIPO ZARCÃO) APLICADA A ROLO OU PINCEL SOBRE PERFIL METÁLICO EXECUTADO EM FÁBRICA (POR DEMÃO). AF_01/2020"},{"$f":"REFERENCIA.Unidade","v":"M2"},{"$f":"OFFSET(CÁLCULO!H$15,ROW($T223)-ROW(T$15),0)","v":326.36},12.1,"BDI 1",{"$f":"IF($C223=\"S\",ROUND(IF(TIPOORCAMENTO=\"Proposto\",ORÇAMENTO.CustoUnitario*(1+$AH223),ORÇAMENTO.PrecoUnitarioLicitado),15-13*$AF$10),0)","v":14.62},{"$f":"IF($C223=\"S\",IF(Import.TipoArredondamento<>\"TransfereGOV\",VTOTAL1,SUM(OFFSET(CÁLCULO!$AA$15,ROW($X223)-ROW($X$15),1):OFFSET(CÁLCULO!$AL$15,ROW($X223)-ROW($X$15),-1))),IF($C223=0,0,ROUND(SomaAgrup,15-13*$AF$11)))","v":4771.38},"RA","RA",{"$f":"IF($C223=\"S\",IF($Z223=\"CP\",$X223,IF($Z223=\"RA\",(($X223)*QCI!$AA$3),0)),SomaAgrup)","v":1280.0380134292736},0,{"$f":"IF($N223=\"\",\"\",IF(ORÇAMENTO.Descricao=\"\",\"DESCRIÇÃO\",IF(AND($C223=\"S\",ORÇAMENTO.Unidade=\"\"),\"UNIDADE\",IF($X223<0,\"VALOR NEGATIVO\",IF(OR(AND(TIPOORCAMENTO=\"Proposto\",$AG223<>\"\",$AG223>0,ORÇAMENTO.CustoUnitario>$AG223),AND(TIPOORCAMENTO=\"LICITADO\",ORÇAMENTO.PrecoUnitarioLicitado>$AN223)),\"ACIMA REF.\",\"\")))))","v":""},{"$f":"IF(C223<=CRONO.NivelExibicao,MAX($AD$15:OFFSET(AD223,-1,0))+IF($C223<>1,1,MAX(1,COUNTIF(QCI!$A$13:$A$24,OFFSET($E223,-1,0)))),\"\")","v":""},{"$f":"IF(AND($C223=\"S\",ORÇAMENTO.CodBarra<>\"\"),IF(ORÇAMENTO.Fonte=\"\",ORÇAMENTO.CodBarra,CONCATENATE(ORÇAMENTO.Fonte,\" \",ORÇAMENTO.CodBarra)))","v":"SINAPI 100720"},{"$f":"IF(ISERROR(INDIRECT(ORÇAMENTO.BancoRef)),\"(abra o arquivo 'Referência \"&Excel_BuiltIn_Database&\".xlsm)\",IF(OR($C223<>\"S\",ORÇAMENTO.CodBarra=\"\"),\"(Sem Código)\",IF(ISERROR(MATCH($AE223,INDIRECT(ORÇAMENTO.BancoRef),0)),\"(Código não identificado nas referências)\",MATCH($AE223,INDIRECT(ORÇAMENTO.BancoRef),0))))","v":6279},{"$f":"ROUND(IF(DESONERACAO=\"sim\",REFERENCIA.Desonerado,REFERENCIA.NaoDesonerado),2)","v":12.1},0.2082,null,326.36,null,null,4771.38,14.62]
["S",4,"S",0,{"$f":"IF($C224=1,OFFSET(E224,-1,0)+MAX(1,COUNTIF(QCI!$A$13:$A$24,OFFSET(ORÇAMENTO!E224,-1,0))),OFFSET(E224,-1,0))","v":1},11,1,7,6,0,{"$f":"IF(OR($C224=\"S\",$C224=0),0,MATCH(OFFSET($D224,0,$C224)+IF($C224<>1,1,COUNTIF(QCI!$A$13:$A$24,ORÇAMENTO!E224)),OFFSET($D224,1,$C224,ROW($C$404)-ROW($C224)),0))","v":0},"F","Serviço","Serviço","1.11.1.7.6.","SINAPI","100740",{"$f":"IF($C224=\"S\",REFERENCIA.Descricao,\"(digite a descrição aqui)\")","v":"PINTURA COM TINTA ALQUÍDICA DE ACABAMENTO (ESMALTE SINTÉTICO ACETINADO) APLICADA A ROLO OU PINCEL SOBRE PERFIL METÁLICO EXECUTADO EM FÁBRICA (POR DEMÃO). AF_01/2020"},{"$f":"REFERENCIA.Unidade","v":"M2"},{"$f":"OFFSET(CÁLCULO!H$15,ROW($T224)-ROW(T$15),0)","v":326.26},12.64,"BDI 1",{"$f":"IF($C224=\"S\",ROUND(IF(TIPOORCAMENTO=\"Proposto\",ORÇAMENTO.CustoUnitario*(1+$AH224),ORÇAMENTO.PrecoUnitarioLicitado),15-13*$AF$10),0)","v":15.27},{"$f":"IF($C224=\"S\",IF(Import.TipoArredondamento<>\"TransfereGOV\",VTOTAL1,SUM(OFFSET(CÁLCULO!$AA$15,ROW($X224)-ROW($X$15),1):OFFSET(CÁLCULO!$AL$15,ROW($X224)-ROW($X$15),-1))),IF($C224=0,0,ROUND(SomaAgrup,15-13*$AF$11)))","v":4981.99},"RA","RA",{"$f":"IF($C224=\"S\",IF($Z224=\"CP\",$X224,IF($Z224=\"RA\",(($X224)*QCI!$AA$3),0)),SomaAgrup)","v":1336.5392365572447},0,{"$f":"IF($N224=\"\",\"\",IF(ORÇAMENTO.Descricao=\"\",\"DESCRIÇÃO\",IF(AND($C224=\"S\",ORÇAMENTO.Unidade=\"\"),\"UNIDADE\",IF($X224<0,\"VALOR NEGATIVO\",IF(OR(AND(TIPOORCAMENTO=\"Proposto\",$AG224<>\"\",$AG224>0,ORÇAMENTO.CustoUnitario>$AG224),AND(TIPOORCAMENTO=\"LICITADO\",ORÇAMENTO.PrecoUnitarioLicitado>$AN224)),\"ACIMA REF.\",\"\")))))","v":""},{"$f":"IF(C224<=CRONO.NivelExibicao,MAX($AD$15:OFFSET(AD224,-1,0))+IF($C224<>1,1,MAX(1,COUNTIF(QCI!$A$13:$A$24,OFFSET($E224,-1,0)))),\"\")","v":""},{"$f":"IF(AND($C224=\"S\",ORÇAMENTO.CodBarra<>\"\"),IF(ORÇAMENTO.Fonte=\"\",ORÇAMENTO.CodBarra,CONCATENATE(ORÇAMENTO.Fonte,\" \",ORÇAMENTO.CodBarra)))","v":"SINAPI 100740"},{"$f":"IF(ISERROR(INDIRECT(ORÇAMENTO.BancoRef)),\"(abra o arquivo 'Referência \"&Excel_BuiltIn_Database&\".xlsm)\",IF(OR($C224<>\"S\",ORÇAMENTO.CodBarra=\"\"),\"(Sem Código)\",IF(ISERROR(MATCH($AE224,INDIRECT(ORÇAMENTO.BancoRef),0)),\"(Código não identificado nas referências)\",MATCH($AE224,INDIRECT(ORÇAMENTO.BancoRef),0))))","v":6295},{"$f":"ROUND(IF(DESONERACAO=\"sim\",REFERENCIA.Desonerado,REFERENCIA.NaoDesonerado),2)","v":12.64},0.2082,null,326.26,null,null,4981.99,15.27]
["S",4,"S",0,{"$f":"IF($C225=1,OFFSET(E225,-1,0)+MAX(1,COUNTIF(QCI!$A$13:$A$24,OFFSET(ORÇAMENTO!E225,-1,0))),OFFSET(E225,-1,0))","v":1},11,1,7,7,0,{"$f":"IF(OR($C225=\"S\",$C225=0),0,MATCH(OFFSET($D225,0,$C225)+IF($C225<>1,1,COUNTIF(QCI!$A$13:$A$24,ORÇAMENTO!E225)),OFFSET($D225,1,$C225,ROW($C$404)-ROW($C225)),0))","v":0},"F","Serviço","Serviço","1.11.1.7.7.","SINAPI","100733",{"$f":"IF($C225=\"S\",REFERENCIA.Descricao,\"(digite a descrição aqui)\")","v":"PINTURA COM TINTA ACRÍLICA DE FUNDO PULVERIZADA SOBRE SUPERFÍCIES METÁLICAS (EXCETO PERFIL) EXECUTADO EM OBRA (POR DEMÃO). AF_01/2020_PE"},{"$f":"REFERENCIA.Unidade","v":"M2"},{"$f":"OFFSET(CÁLCULO!H$15,ROW($T225)-ROW(T$15),0)","v":508.4},14.16,"BDI 1",{"$f":"IF($C225=\"S\",ROUND(IF(TIPOORCAMENTO=\"Proposto\",ORÇAMENTO.CustoUnitario*(1+$AH225),ORÇAMENTO.PrecoUnitarioLicitado),15-13*$AF$10),0)","v":17.11},{"$f":"IF($C225=\"S\",IF(Import.TipoArredondamento<>\"TransfereGOV\",VTOTAL1,SUM(OFFSET(CÁLCULO!$AA$15,ROW($X225)-ROW($X$15),1):OFFSET(CÁLCULO!$AL$15,ROW($X225)-ROW($X$15),-1))),IF($C225=0,0,ROUND(SomaAgrup,15-13*$AF$11)))","v":8698.7199999999993},"RA","RA",{"$f":"IF($C225=\"S\",IF($Z225=\"CP\",$X225,IF($Z225=\"RA\",(($X225)*QCI!$AA$3),0)),SomaAgrup)","v":2333.6418956732623},0,{"$f":"IF($N225=\"\",\"\",IF(ORÇAMENTO.Descricao=\"\",\"DESCRIÇÃO\",IF(AND($C225=\"S\",ORÇAMENTO.Unidade=\"\"),\"UNIDADE\",IF($X225<0,\"VALOR NEGATIVO\",IF(OR(AND(TIPOORCAMENTO=\"Proposto\",$AG225<>\"\",$AG225>0,ORÇAMENTO.CustoUnitario>$AG225),AND(TIPOORCAMENTO=\"LICITADO\",ORÇAMENTO.PrecoUnitarioLicitado>$AN225)),\"ACIMA REF.\",\"\")))))","v":""},{"$f":"IF(C225<=CRONO.NivelExibicao,MAX($AD$15:OFFSET(AD225,-1,0))+IF($C225<>1,1,MAX(1,COUNTIF(QCI!$A$13:$A$24,OFFSET($E225,-1,0)))),\"\")","v":""},{"$f":"IF(AND($C225=\"S\",ORÇAMENTO.CodBarra<>\"\"),IF(ORÇAMENTO.Fonte=\"\",ORÇAMENTO.CodBarra,CONCATENATE(ORÇAMENTO.Fonte,\" \",ORÇAMENTO.CodBarra)))","v":"SINAPI 100733"},{"$f":"IF(ISERROR(INDIRECT(ORÇAMENTO.BancoRef)),\"(abra o arquivo 'Referência \"&Excel_BuiltIn_Database&\".xlsm)\",IF(OR($C225<>\"S\",ORÇAMENTO.CodBarra=\"\"),\"(Sem Código)\",IF(ISERROR(MATCH($AE225,INDIRECT(ORÇAMENTO.BancoRef),0)),\"(Código não identificado nas referências)\",MATCH($AE225,INDIRECT(ORÇAMENTO.BancoRef),0))))","v":6290},{"$f":"ROUND(IF(DESONERACAO=\"sim\",REFERENCIA.Desonerado,REFERENCIA.NaoDesonerado),2)","v":14.16},0.2082,null,508.4,null,null,8698.7199999999993,17.11]
["S",4,"S",0,{"$f":"IF($C226=1,OFFSET(E226,-1,0)+MAX(1,COUNTIF(QCI!$A$13:$A$24,OFFSET(ORÇAMENTO!E226,-1,0))),OFFSET(E226,-1,0))","v":1},11,1,7,8,0,{"$f":"IF(OR($C226=\"S\",$C226=0),0,MATCH(OFFSET($D226,0,$C226)+IF($C226<>1,1,COUNTIF(QCI!$A$13:$A$24,ORÇAMENTO!E226)),OFFSET($D226,1,$C226,ROW($C$404)-ROW($C226)),0))","v":0},"F","Serviço","Serviço","1.11.1.7.8.","SINAPI","100753",{"$f":"IF($C226=\"S\",REFERENCIA.Descricao,\"(digite a descrição aqui)\")","v":"PINTURA COM TINTA ACRÍLICA DE ACABAMENTO PULVERIZADA SOBRE SUPERFÍCIES METÁLICAS (EXCETO PERFIL) EXECUTADO EM OBRA (02 DEMÃOS). AF_01/2020_PE"},{"$f":"REFERENCIA.Unidade","v":"M2"},{"$f":"OFFSET(CÁLCULO!H$15,ROW($T226)-ROW(T$15),0)","v":508.4},26.37,"BDI 1",{"$f":"IF($C226=\"S\",ROUND(IF(TIPOORCAMENTO=\"Proposto\",ORÇAMENTO.CustoUnitario*(1+$AH226),ORÇAMENTO.PrecoUnitarioLicitado),15-13*$AF$10),0)","v":31.86},{"$f":"IF($C226=\"S\",IF(Import.TipoArredondamento<>\"TransfereGOV\",VTOTAL1,SUM(OFFSET(CÁLCULO!$AA$15,ROW($X226)-ROW($X$15),1):OFFSET(CÁLCULO!$AL$15,ROW($X226)-ROW($X$15),-1))),IF($C226=0,0,ROUND(SomaAgrup,15-13*$AF$11)))","v":16197.62},"RA","RA",{"$f":"IF($C226=\"S\",IF($Z226=\"CP\",$X226,IF($Z226=\"RA\",(($X226)*QCI!$AA$3),0)),SomaAgrup)","v":4345.4030756473539},0,{"$f":"IF($N226=\"\",\"\",IF(ORÇAMENTO.Descricao=\"\",\"DESCRIÇÃO\",IF(AND($C226=\"S\",ORÇAMENTO.Unidade=\"\"),\"UNIDADE\",IF($X226<0,\"VALOR NEGATIVO\",IF(OR(AND(TIPOORCAMENTO=\"Proposto\",$AG226<>\"\",$AG226>0,ORÇAMENTO.CustoUnitario>$AG226),AND(TIPOORCAMENTO=\"LICITADO\",ORÇAMENTO.PrecoUnitarioLicitado>$AN226)),\"ACIMA REF.\",\"\")))))","v":""},{"$f":"IF(C226<=CRONO.NivelExibicao,MAX($AD$15:OFFSET(AD226,-1,0))+IF($C226<>1,1,MAX(1,COUNTIF(QCI!$A$13:$A$24,OFFSET($E226,-1,0)))),\"\")","v":""},{"$f":"IF(AND($C226=\"S\",ORÇAMENTO.CodBarra<>\"\"),IF(ORÇAMENTO.Fonte=\"\",ORÇAMENTO.CodBarra,CONCATENATE(ORÇAMENTO.Fonte,\" \",ORÇAMENTO.CodBarra)))","v":"SINAPI 100753"},{"$f":"IF(ISERROR(INDIRECT(ORÇAMENTO.BancoRef)),\"(abra o arquivo 'Referência \"&Excel_BuiltIn_Database&\".xlsm)\",IF(OR($C226<>\"S\",ORÇAMENTO.CodBarra=\"\"),\"(Sem Código)\",IF(ISERROR(MATCH($AE226,INDIRECT(ORÇAMENTO.BancoRef),0)),\"(Código não identificado nas referências)\",MATCH($AE226,INDIRECT(ORÇAMENTO.BancoRef),0))))","v":6308},{"$f":"ROUND(IF(DESONERACAO=\"sim\",REFERENCIA.Desonerado,REFERENCIA.NaoDesonerado),2)","v":26.37},0.2082,null,508.4,null,null,16197.62,31.86]
[2,2,2,15,{"$f":"IF($C227=1,OFFSET(E227,-1,0)+MAX(1,COUNTIF(QCI!$A$13:$A$24,OFFSET(ORÇAMENTO!E227,-1,0))),OFFSET(E227,-1,0))","v":1},12,0,0,0,20,{"$f":"IF(OR($C227=\"S\",$C227=0),0,MATCH(OFFSET($D227,0,$C227)+IF($C227<>1,1,COUNTIF(QCI!$A$13:$A$24,ORÇAMENTO!E227)),OFFSET($D227,1,$C227,ROW($C$404)-ROW($C227)),0))","v":15},"F","Nível 2","Nível 2","1.12.","SINAPI",null,"PINTURA DA EDIFICAÇÃO",{"$f":"REFERENCIA.Unidade","v":"-"},{"$f":"OFFSET(CÁLCULO!H$15,ROW($T227)-ROW(T$15),0)","v":0},0,"BDI 1",{"$f":"IF($C227=\"S\",ROUND(IF(TIPOORCAMENTO=\"Proposto\",ORÇAMENTO.CustoUnitario*(1+$AH227),ORÇAMENTO.PrecoUnitarioLicitado),15-13*$AF$10),0)","v":0},{"$f":"IF($C227=\"S\",IF(Import.TipoArredondamento<>\"TransfereGOV\",VTOTAL1,SUM(OFFSET(CÁLCULO!$AA$15,ROW($X227)-ROW($X$15),1):OFFSET(CÁLCULO!$AL$15,ROW($X227)-ROW($X$15),-1))),IF($C227=0,0,ROUND(SomaAgrup,15-13*$AF$11)))","v":26445.59},"RA","",{"$f":"IF($C227=\"S\",IF($Z227=\"CP\",$X227,IF($Z227=\"RA\",(($X227)*QCI!$AA$3),0)),SomaAgrup)","v":7094.6687305486184},0,{"$f":"IF($N227=\"\",\"\",IF(ORÇAMENTO.Descricao=\"\",\"DESCRIÇÃO\",IF(AND($C227=\"S\",ORÇAMENTO.Unidade=\"\"),\"UNIDADE\",IF($X227<0,\"VALOR NEGATIVO\",IF(OR(AND(TIPOORCAMENTO=\"Proposto\",$AG227<>\"\",$AG227>0,ORÇAMENTO.CustoUnitario>$AG227),AND(TIPOORCAMENTO=\"LICITADO\",ORÇAMENTO.PrecoUnitarioLicitado>$AN227)),\"ACIMA REF.\",\"\")))))","v":""},{"$f":"IF(C227<=CRONO.NivelExibicao,MAX($AD$15:OFFSET(AD227,-1,0))+IF($C227<>1,1,MAX(1,COUNTIF(QCI!$A$13:$A$24,OFFSET($E227,-1,0)))),\"\")","v":13},{"$f":"IF(AND($C227=\"S\",ORÇAMENTO.CodBarra<>\"\"),IF(ORÇAMENTO.Fonte=\"\",ORÇAMENTO.CodBarra,CONCATENATE(ORÇAMENTO.Fonte,\" \",ORÇAMENTO.CodBarra)))","v":false},{"$f":"IF(ISERROR(INDIRECT(ORÇAMENTO.BancoRef)),\"(abra o arquivo 'Referência \"&Excel_BuiltIn_Database&\".xlsm)\",IF(OR($C227<>\"S\",ORÇAMENTO.CodBarra=\"\"),\"(Sem Código)\",IF(ISERROR(MATCH($AE227,INDIRECT(ORÇAMENTO.BancoRef),0)),\"(Código não identificado nas referências)\",MATCH($AE227,INDIRECT(ORÇAMENTO.BancoRef),0))))","v":"(Sem Código)"},{"$f":"ROUND(IF(DESONERACAO=\"sim\",REFERENCIA.Desonerado,REFERENCIA.NaoDesonerado),2)","v":0},0.2082,null,null,null,null,26445.59,0]
[3,3,3,5,{"$f":"IF($C228=1,OFFSET(E228,-1,0)+MAX(1,COUNTIF(QCI!$A$13:$A$24,OFFSET(ORÇAMENTO!E228,-1,0))),OFFSET(E228,-1,0))","v":1},12,1,0,0,14,{"$f":"IF(OR($C228=\"S\",$C228=0),0,MATCH(OFFSET($D228,0,$C228)+IF($C228<>1,1,COUNTIF(QCI!$A$13:$A$24,ORÇAMENTO!E228)),OFFSET($D228,1,$C228,ROW($C$404)-ROW($C228)),0))","v":5},"F","Nível 3","Nível 3","1.12.1.","SINAPI",null,"PAREDES",{"$f":"REFERENCIA.Unidade","v":"-"},{"$f":"OFFSET(CÁLCULO!H$15,ROW($T228)-ROW(T$15),0)","v":0},0,"BDI 1",{"$f":"IF($C228=\"S\",ROUND(IF(TIPOORCAMENTO=\"Proposto\",ORÇAMENTO.CustoUnitario*(1+$AH228),ORÇAMENTO.PrecoUnitarioLicitado),15-13*$AF$10),0)","v":0},{"$f":"IF($C228=\"S\",IF(Import.TipoArredondamento<>\"TransfereGOV\",VTOTAL1,SUM(OFFSET(CÁLCULO!$AA$15,ROW($X228)-ROW($X$15),1):OFFSET(CÁLCULO!$AL$15,ROW($X228)-ROW($X$15),-1))),IF($C228=0,0,ROUND(SomaAgrup,15-13*$AF$11)))","v":8758.23},"RA","",{"$f":"IF($C228=\"S\",IF($Z228=\"CP\",$X228,IF($Z228=\"RA\",(($X228)*QCI!$AA$3),0)),SomaAgrup)","v":2349.6068915820301},0,{"$f":"IF($N228=\"\",\"\",IF(ORÇAMENTO.Descricao=\"\",\"DESCRIÇÃO\",IF(AND($C228=\"S\",ORÇAMENTO.Unidade=\"\"),\"UNIDADE\",IF($X228<0,\"VALOR NEGATIVO\",IF(OR(AND(TIPOORCAMENTO=\"Proposto\",$AG228<>\"\",$AG228>0,ORÇAMENTO.CustoUnitario>$AG228),AND(TIPOORCAMENTO=\"LICITADO\",ORÇAMENTO.PrecoUnitarioLicitado>$AN228)),\"ACIMA REF.\",\"\")))))","v":""},{"$f":"IF(C228<=CRONO.NivelExibicao,MAX($AD$15:OFFSET(AD228,-1,0))+IF($C228<>1,1,MAX(1,COUNTIF(QCI!$A$13:$A$24,OFFSET($E228,-1,0)))),\"\")","v":""},{"$f":"IF(AND($C228=\"S\",ORÇAMENTO.CodBarra<>\"\"),IF(ORÇAMENTO.Fonte=\"\",ORÇAMENTO.CodBarra,CONCATENATE(ORÇAMENTO.Fonte,\" \",ORÇAMENTO.CodBarra)))","v":false},{"$f":"IF(ISERROR(INDIRECT(ORÇAMENTO.BancoRef)),\"(abra o arquivo 'Referência \"&Excel_BuiltIn_Database&\".xlsm)\",IF(OR($C228<>\"S\",ORÇAMENTO.CodBarra=\"\"),\"(Sem Código)\",IF(ISERROR(MATCH($AE228,INDIRECT(ORÇAMENTO.BancoRef),0)),\"(Código não identificado nas referências)\",MATCH($AE228,INDIRECT(ORÇAMENTO.BancoRef),0))))","v":"(Sem Código)"},{"$f":"ROUND(IF(DESONERACAO=\"sim\",REFERENCIA.Desonerado,REFERENCIA.NaoDesonerado),2)","v":0},0.2082,null,null,null,null,8758.23,0]
["S",3,"S",0,{"$f":"IF($C229=1,OFFSET(E229,-1,0)+MAX(1,COUNTIF(QCI!$A$13:$A$24,OFFSET(ORÇAMENTO!E229,-1,0))),OFFSET(E229,-1,0))","v":1},12,1,0,1,0,{"$f":"IF(OR($C229=\"S\",$C229=0),0,MATCH(OFFSET($D229,0,$C229)+IF($C229<>1,1,COUNTIF(QCI!$A$13:$A$24,ORÇAMENTO!E229)),OFFSET($D229,1,$C229,ROW($C$404)-ROW($C229)),0))","v":0},"F","Serviço","Serviço","1.12.1.0.1.","SINAPI","88489",{"$f":"IF($C229=\"S\",REFERENCIA.Descricao,\"(digite a descrição aqui)\")","v":"PINTURA LÁTEX ACRÍLICA PREMIUM, APLICAÇÃO MANUAL EM PAREDES, DUAS DEMÃOS. AF_04/2023"},{"$f":"REFERENCIA.Unidade","v":"M2"},{"$f":"OFFSET(CÁLCULO!H$15,ROW($T229)-ROW(T$15),0)","v":188.71},13.48,"BDI 1",{"$f":"IF($C229=\"S\",ROUND(IF(TIPOORCAMENTO=\"Proposto\",ORÇAMENTO.CustoUnitario*(1+$AH229),ORÇAMENTO.PrecoUnitarioLicitado),15-13*$AF$10),0)","v":16.29},{"$f":"IF($C229=\"S\",IF(Import.TipoArredondamento<>\"TransfereGOV\",VTOTAL1,SUM(OFFSET(CÁLCULO!$AA$15,ROW($X229)-ROW($X$15),1):OFFSET(CÁLCULO!$AL$15,ROW($X229)-ROW($X$15),-1))),IF($C229=0,0,ROUND(SomaAgrup,15-13*$AF$11)))","v":3074.09},"RA","RA",{"$f":"IF($C229=\"S\",IF($Z229=\"CP\",$X229,IF($Z229=\"RA\",(($X229)*QCI!$AA$3),0)),SomaAgrup)","v":824.69894594494588},0,{"$f":"IF($N229=\"\",\"\",IF(ORÇAMENTO.Descricao=\"\",\"DESCRIÇÃO\",IF(AND($C229=\"S\",ORÇAMENTO.Unidade=\"\"),\"UNIDADE\",IF($X229<0,\"VALOR NEGATIVO\",IF(OR(AND(TIPOORCAMENTO=\"Proposto\",$AG229<>\"\",$AG229>0,ORÇAMENTO.CustoUnitario>$AG229),AND(TIPOORCAMENTO=\"LICITADO\",ORÇAMENTO.PrecoUnitarioLicitado>$AN229)),\"ACIMA REF.\",\"\")))))","v":""},{"$f":"IF(C229<=CRONO.NivelExibicao,MAX($AD$15:OFFSET(AD229,-1,0))+IF($C229<>1,1,MAX(1,COUNTIF(QCI!$A$13:$A$24,OFFSET($E229,-1,0)))),\"\")","v":""},{"$f":"IF(AND($C229=\"S\",ORÇAMENTO.CodBarra<>\"\"),IF(ORÇAMENTO.Fonte=\"\",ORÇAMENTO.CodBarra,CONCATENATE(ORÇAMENTO.Fonte,\" \",ORÇAMENTO.CodBarra)))","v":"SINAPI 88489"},{"$f":"IF(ISERROR(INDIRECT(ORÇAMENTO.BancoRef)),\"(abra o arquivo 'Referência \"&Excel_BuiltIn_Database&\".xlsm)\",IF(OR($C229<>\"S\",ORÇAMENTO.CodBarra=\"\"),\"(Sem Código)\",IF(ISERROR(MATCH($AE229,INDIRECT(ORÇAMENTO.BancoRef),0)),\"(Código não identificado nas referências)\",MATCH($AE229,INDIRECT(ORÇAMENTO.BancoRef),0))))","v":6220},{"$f":"ROUND(IF(DESONERACAO=\"sim\",REFERENCIA.Desonerado,REFERENCIA.NaoDesonerado),2)","v":13.48},0.2082,null,188.71,null,null,3074.09,16.29]
["S",3,"S",0,{"$f":"IF($C230=1,OFFSET(E230,-1,0)+MAX(1,COUNTIF(QCI!$A$13:$A$24,OFFSET(ORÇAMENTO!E230,-1,0))),OFFSET(E230,-1,0))","v":1},12,1,0,2,0,{"$f":"IF(OR($C230=\"S\",$C230=0),0,MATCH(OFFSET($D230,0,$C230)+IF($C230<>1,1,COUNTIF(QCI!$A$13:$A$24,ORÇAMENTO!E230)),OFFSET($D230,1,$C230,ROW($C$404)-ROW($C230)),0))","v":0},"F","Serviço","Serviço","1.12.1.0.2.","SINAPI","88495",{"$f":"IF($C230=\"S\",REFERENCIA.Descricao,\"(digite a descrição aqui)\")","v":"EMASSAMENTO COM MASSA LÁTEX, APLICAÇÃO EM PAREDE, UMA DEMÃO, LIXAMENTO MANUAL. AF_04/2023"},{"$f":"REFERENCIA.Unidade","v":"M2"},{"$f":"OFFSET(CÁLCULO!H$15,ROW($T230)-ROW(T$15),0)","v":28.03},14.25,"BDI 1",{"$f":"IF($C230=\"S\",ROUND(IF(TIPOORCAMENTO=\"Proposto\",ORÇAMENTO.CustoUnitario*(1+$AH230),ORÇAMENTO.PrecoUnitarioLicitado),15-13*$AF$10),0)","v":17.22},{"$f":"IF($C230=\"S\",IF(Import.TipoArredondamento<>\"TransfereGOV\",VTOTAL1,SUM(OFFSET(CÁLCULO!$AA$15,ROW($X230)-ROW($X$15),1):OFFSET(CÁLCULO!$AL$15,ROW($X230)-ROW($X$15),-1))),IF($C230=0,0,ROUND(SomaAgrup,15-13*$AF$11)))","v":482.68},"RA","RA",{"$f":"IF($C230=\"S\",IF($Z230=\"CP\",$X230,IF($Z230=\"RA\",(($X230)*QCI!$AA$3),0)),SomaAgrup)","v":129.49057679791628},0,{"$f":"IF($N230=\"\",\"\",IF(ORÇAMENTO.Descricao=\"\",\"DESCRIÇÃO\",IF(AND($C230=\"S\",ORÇAMENTO.Unidade=\"\"),\"UNIDADE\",IF($X230<0,\"VALOR NEGATIVO\",IF(OR(AND(TIPOORCAMENTO=\"Proposto\",$AG230<>\"\",$AG230>0,ORÇAMENTO.CustoUnitario>$AG230),AND(TIPOORCAMENTO=\"LICITADO\",ORÇAMENTO.PrecoUnitarioLicitado>$AN230)),\"ACIMA REF.\",\"\")))))","v":""},{"$f":"IF(C230<=CRONO.NivelExibicao,MAX($AD$15:OFFSET(AD230,-1,0))+IF($C230<>1,1,MAX(1,COUNTIF(QCI!$A$13:$A$24,OFFSET($E230,-1,0)))),\"\")","v":""},{"$f":"IF(AND($C230=\"S\",ORÇAMENTO.CodBarra<>\"\"),IF(ORÇAMENTO.Fonte=\"\",ORÇAMENTO.CodBarra,CONCATENATE(ORÇAMENTO.Fonte,\" \",ORÇAMENTO.CodBarra)))","v":"SINAPI 88495"},{"$f":"IF(ISERROR(INDIRECT(ORÇAMENTO.BancoRef)),\"(abra o arquivo 'Referência \"&Excel_BuiltIn_Database&\".xlsm)\",IF(OR($C230<>\"S\",ORÇAMENTO.CodBarra=\"\"),\"(Sem Código)\",IF(ISERROR(MATCH($AE230,INDIRECT(ORÇAMENTO.BancoRef),0)),\"(Código não identificado nas referências)\",MATCH($AE230,INDIRECT(ORÇAMENTO.BancoRef),0))))","v":6222},{"$f":"ROUND(IF(DESONERACAO=\"sim\",REFERENCIA.Desonerado,REFERENCIA.NaoDesonerado),2)","v":14.25},0.2082,null,28.03,null,null,482.68,17.22]
["S",3,"S",0,{"$f":"IF($C231=1,OFFSET(E231,-1,0)+MAX(1,COUNTIF(QCI!$A$13:$A$24,OFFSET(ORÇAMENTO!E231,-1,0))),OFFSET(E231,-1,0))","v":1},12,1,0,3,0,{"$f":"IF(OR($C231=\"S\",$C231=0),0,MATCH(OFFSET($D231,0,$C231)+IF($C231<>1,1,COUNTIF(QCI!$A$13:$A$24,ORÇAMENTO!E231)),OFFSET($D231,1,$C231,ROW($C$404)-ROW($C231)),0))","v":0},"F","Serviço","Serviço","1.12.1.0.3.","SINAPI","88485",{"$f":"IF($C231=\"S\",REFERENCIA.Descricao,\"(digite a descrição aqui)\")","v":"FUNDO SELADOR ACRÍLICO, APLICAÇÃO MANUAL EM PAREDE, UMA DEMÃO. AF_04/2023"},{"$f":"REFERENCIA.Unidade","v":"M2"},{"$f":"OFFSET(CÁLCULO!H$15,ROW($T231)-ROW(T$15),0)","v":188.71},4.42,"BDI 1",{"$f":"IF($C231=\"S\",ROUND(IF(TIPOORCAMENTO=\"Proposto\",ORÇAMENTO.CustoUnitario*(1+$AH231),ORÇAMENTO.PrecoUnitarioLicitado),15-13*$AF$10),0)","v":5.34},{"$f":"IF($C231=\"S\",IF(Import.TipoArredondamento<>\"TransfereGOV\",VTOTAL1,SUM(OFFSET(CÁLCULO!$AA$15,ROW($X231)-ROW($X$15),1):OFFSET(CÁLCULO!$AL$15,ROW($X231)-ROW($X$15),-1))),IF($C231=0,0,ROUND(SomaAgrup,15-13*$AF$11)))","v":1007.71},"RA","RA",{"$f":"IF($C231=\"S\",IF($Z231=\"CP\",$X231,IF($Z231=\"RA\",(($X231)*QCI!$AA$3),0)),SomaAgrup)","v":270.34256473238628},0,{"$f":"IF($N231=\"\",\"\",IF(ORÇAMENTO.Descricao=\"\",\"DESCRIÇÃO\",IF(AND($C231=\"S\",ORÇAMENTO.Unidade=\"\"),\"UNIDADE\",IF($X231<0,\"VALOR NEGATIVO\",IF(OR(AND(TIPOORCAMENTO=\"Proposto\",$AG231<>\"\",$AG231>0,ORÇAMENTO.CustoUnitario>$AG231),AND(TIPOORCAMENTO=\"LICITADO\",ORÇAMENTO.PrecoUnitarioLicitado>$AN231)),\"ACIMA REF.\",\"\")))))","v":""},{"$f":"IF(C231<=CRONO.NivelExibicao,MAX($AD$15:OFFSET(AD231,-1,0))+IF($C231<>1,1,MAX(1,COUNTIF(QCI!$A$13:$A$24,OFFSET($E231,-1,0)))),\"\")","v":""},{"$f":"IF(AND($C231=\"S\",ORÇAMENTO.CodBarra<>\"\"),IF(ORÇAMENTO.Fonte=\"\",ORÇAMENTO.CodBarra,CONCATENATE(ORÇAMENTO.Fonte,\" \",ORÇAMENTO.CodBarra)))","v":"SINAPI 88485"},{"$f":"IF(ISERROR(INDIRECT(ORÇAMENTO.BancoRef)),\"(abra o arquivo 'Referência \"&Excel_BuiltIn_Database&\".xlsm)\",IF(OR($C231<>\"S\",ORÇAMENTO.CodBarra=\"\"),\"(Sem Código)\",IF(ISERROR(MATCH($AE231,INDIRECT(ORÇAMENTO.BancoRef),0)),\"(Código não identificado nas referências)\",MATCH($AE231,INDIRECT(ORÇAMENTO.BancoRef),0))))","v":6218},{"$f":"ROUND(IF(DESONERACAO=\"sim\",REFERENCIA.Desonerado,REFERENCIA.NaoDesonerado),2)","v":4.42},0.2082,null,188.71,null,null,1007.71,5.34]
["S",3,"S",0,{"$f":"IF($C232=1,OFFSET(E232,-1,0)+MAX(1,COUNTIF(QCI!$A$13:$A$24,OFFSET(ORÇAMENTO!E232,-1,0))),OFFSET(E232,-1,0))","v":1},12,1,0,4,0,{"$f":"IF(OR($C232=\"S\",$C232=0),0,MATCH(OFFSET($D232,0,$C232)+IF($C232<>1,1,COUNTIF(QCI!$A$13:$A$24,ORÇAMENTO!E232)),OFFSET($D232,1,$C232,ROW($C$404)-ROW($C232)),0))","v":0},"F","Serviço","Serviço","1.12.1.0.4.","SINAPI","96126",{"$f":"IF($C232=\"S\",REFERENCIA.Descricao,\"(digite a descrição aqui)\")","v":"APLICAÇÃO MANUAL DE MASSA ACRÍLICA EM PANOS DE FACHADA COM PRESENÇA DE VÃOS, DE EDIFÍCIOS DE MÚLTIPLOS PAVIMENTOS, UMA DEMÃO. AF_03/2024"},{"$f":"REFERENCIA.Unidade","v":"M2"},{"$f":"OFFSET(CÁLCULO!H$15,ROW($T232)-ROW(T$15),0)","v":160.68},21.6,"BDI 1",{"$f":"IF($C232=\"S\",ROUND(IF(TIPOORCAMENTO=\"Proposto\",ORÇAMENTO.CustoUnitario*(1+$AH232),ORÇAMENTO.PrecoUnitarioLicitado),15-13*$AF$10),0)","v":26.1},{"$f":"IF($C232=\"S\",IF(Import.TipoArredondamento<>\"TransfereGOV\",VTOTAL1,SUM(OFFSET(CÁLCULO!$AA$15,ROW($X232)-ROW($X$15),1):OFFSET(CÁLCULO!$AL$15,ROW($X232)-ROW($X$15),-1))),IF($C232=0,0,ROUND(SomaAgrup,15-13*$AF$11)))","v":4193.75},"RA","RA",{"$f":"IF($C232=\"S\",IF($Z232=\"CP\",$X232,IF($Z232=\"RA\",(($X232)*QCI!$AA$3),0)),SomaAgrup)","v":1125.0748041067816},0,{"$f":"IF($N232=\"\",\"\",IF(ORÇAMENTO.Descricao=\"\",\"DESCRIÇÃO\",IF(AND($C232=\"S\",ORÇAMENTO.Unidade=\"\"),\"UNIDADE\",IF($X232<0,\"VALOR NEGATIVO\",IF(OR(AND(TIPOORCAMENTO=\"Proposto\",$AG232<>\"\",$AG232>0,ORÇAMENTO.CustoUnitario>$AG232),AND(TIPOORCAMENTO=\"LICITADO\",ORÇAMENTO.PrecoUnitarioLicitado>$AN232)),\"ACIMA REF.\",\"\")))))","v":""},{"$f":"IF(C232<=CRONO.NivelExibicao,MAX($AD$15:OFFSET(AD232,-1,0))+IF($C232<>1,1,MAX(1,COUNTIF(QCI!$A$13:$A$24,OFFSET($E232,-1,0)))),\"\")","v":""},{"$f":"IF(AND($C232=\"S\",ORÇAMENTO.CodBarra<>\"\"),IF(ORÇAMENTO.Fonte=\"\",ORÇAMENTO.CodBarra,CONCATENATE(ORÇAMENTO.Fonte,\" \",ORÇAMENTO.CodBarra)))","v":"SINAPI 96126"},{"$f":"IF(ISERROR(INDIRECT(ORÇAMENTO.BancoRef)),\"(abra o arquivo 'Referência \"&Excel_BuiltIn_Database&\".xlsm)\",IF(OR($C232<>\"S\",ORÇAMENTO.CodBarra=\"\"),\"(Sem Código)\",IF(ISERROR(MATCH($AE232,INDIRECT(ORÇAMENTO.BancoRef),0)),\"(Código não identificado nas referências)\",MATCH($AE232,INDIRECT(ORÇAMENTO.BancoRef),0))))","v":6232},{"$f":"ROUND(IF(DESONERACAO=\"sim\",REFERENCIA.Desonerado,REFERENCIA.NaoDesonerado),2)","v":21.6},0.2082,null,160.68,null,null,4193.75,26.1]
[3,3,3,4,{"$f":"IF($C233=1,OFFSET(E233,-1,0)+MAX(1,COUNTIF(QCI!$A$13:$A$24,OFFSET(ORÇAMENTO!E233,-1,0))),OFFSET(E233,-1,0))","v":1},12,2,0,0,9,{"$f":"IF(OR($C233=\"S\",$C233=0),0,MATCH(OFFSET($D233,0,$C233)+IF($C233<>1,1,COUNTIF(QCI!$A$13:$A$24,ORÇAMENTO!E233)),OFFSET($D233,1,$C233,ROW($C$404)-ROW($C233)),0))","v":4},"F","Nível 3","Nível 3","1.12.2.","SINAPI",null,"TETO",{"$f":"REFERENCIA.Unidade","v":"-"},{"$f":"OFFSET(CÁLCULO!H$15,ROW($T233)-ROW(T$15),0)","v":0},0,"BDI 1",{"$f":"IF($C233=\"S\",ROUND(IF(TIPOORCAMENTO=\"Proposto\",ORÇAMENTO.CustoUnitario*(1+$AH233),ORÇAMENTO.PrecoUnitarioLicitado),15-13*$AF$10),0)","v":0},{"$f":"IF($C233=\"S\",IF(Import.TipoArredondamento<>\"TransfereGOV\",VTOTAL1,SUM(OFFSET(CÁLCULO!$AA$15,ROW($X233)-ROW($X$15),1):OFFSET(CÁLCULO!$AL$15,ROW($X233)-ROW($X$15),-1))),IF($C233=0,0,ROUND(SomaAgrup,15-13*$AF$11)))","v":7508.31},"RA","",{"$f":"IF($C233=\"S\",IF($Z233=\"CP\",$X233,IF($Z233=\"RA\",(($X233)*QCI!$AA$3),0)),SomaAgrup)","v":2014.2856399220245},0,{"$f":"IF($N233=\"\",\"\",IF(ORÇAMENTO.Descricao=\"\",\"DESCRIÇÃO\",IF(AND($C233=\"S\",ORÇAMENTO.Unidade=\"\"),\"UNIDADE\",IF($X233<0,\"VALOR NEGATIVO\",IF(OR(AND(TIPOORCAMENTO=\"Proposto\",$AG233<>\"\",$AG233>0,ORÇAMENTO.CustoUnitario>$AG233),AND(TIPOORCAMENTO=\"LICITADO\",ORÇAMENTO.PrecoUnitarioLicitado>$AN233)),\"ACIMA REF.\",\"\")))))","v":""},{"$f":"IF(C233<=CRONO.NivelExibicao,MAX($AD$15:OFFSET(AD233,-1,0))+IF($C233<>1,1,MAX(1,COUNTIF(QCI!$A$13:$A$24,OFFSET($E233,-1,0)))),\"\")","v":""},{"$f":"IF(AND($C233=\"S\",ORÇAMENTO.CodBarra<>\"\"),IF(ORÇAMENTO.Fonte=\"\",ORÇAMENTO.CodBarra,CONCATENATE(ORÇAMENTO.Fonte,\" \",ORÇAMENTO.CodBarra)))","v":false},{"$f":"IF(ISERROR(INDIRECT(ORÇAMENTO.BancoRef)),\"(abra o arquivo 'Referência \"&Excel_BuiltIn_Database&\".xlsm)\",IF(OR($C233<>\"S\",ORÇAMENTO.CodBarra=\"\"),\"(Sem Código)\",IF(ISERROR(MATCH($AE233,INDIRECT(ORÇAMENTO.BancoRef),0)),\"(Código não identificado nas referências)\",MATCH($AE233,INDIRECT(ORÇAMENTO.BancoRef),0))))","v":"(Sem Código)"},{"$f":"ROUND(IF(DESONERACAO=\"sim\",REFERENCIA.Desonerado,REFERENCIA.NaoDesonerado),2)","v":0},0.2082,null,null,null,null,7508.31,0]
["S",3,"S",0,{"$f":"IF($C234=1,OFFSET(E234,-1,0)+MAX(1,COUNTIF(QCI!$A$13:$A$24,OFFSET(ORÇAMENTO!E234,-1,0))),OFFSET(E234,-1,0))","v":1},12,2,0,1,0,{"$f":"IF(OR($C234=\"S\",$C234=0),0,MATCH(OFFSET($D234,0,$C234)+IF($C234<>1,1,COUNTIF(QCI!$A$13:$A$24,ORÇAMENTO!E234)),OFFSET($D234,1,$C234,ROW($C$404)-ROW($C234)),0))","v":0},"F","Serviço","Serviço","1.12.2.0.1.","SINAPI","88494",{"$f":"IF($C234=\"S\",REFERENCIA.Descricao,\"(digite a descrição aqui)\")","v":"EMASSAMENTO COM MASSA LÁTEX, APLICAÇÃO EM TETO, UMA DEMÃO, LIXAMENTO MANUAL. AF_04/2023"},{"$f":"REFERENCIA.Unidade","v":"M2"},{"$f":"OFFSET(CÁLCULO!H$15,ROW($T234)-ROW(T$15),0)","v":129.61000000000001},25.97,"BDI 1",{"$f":"IF($C234=\"S\",ROUND(IF(TIPOORCAMENTO=\"Proposto\",ORÇAMENTO.CustoUnitario*(1+$AH234),ORÇAMENTO.PrecoUnitarioLicitado),15-13*$AF$10),0)","v":31.38},{"$f":"IF($C234=\"S\",IF(Import.TipoArredondamento<>\"TransfereGOV\",VTOTAL1,SUM(OFFSET(CÁLCULO!$AA$15,ROW($X234)-ROW($X$15),1):OFFSET(CÁLCULO!$AL$15,ROW($X234)-ROW($X$15),-1))),IF($C234=0,0,ROUND(SomaAgrup,15-13*$AF$11)))","v":4067.16},"RA","RA",{"$f":"IF($C234=\"S\",IF($Z234=\"CP\",$X234,IF($Z234=\"RA\",(($X234)*QCI!$AA$3),0)),SomaAgrup)","v":1091.1139768157229},0,{"$f":"IF($N234=\"\",\"\",IF(ORÇAMENTO.Descricao=\"\",\"DESCRIÇÃO\",IF(AND($C234=\"S\",ORÇAMENTO.Unidade=\"\"),\"UNIDADE\",IF($X234<0,\"VALOR NEGATIVO\",IF(OR(AND(TIPOORCAMENTO=\"Proposto\",$AG234<>\"\",$AG234>0,ORÇAMENTO.CustoUnitario>$AG234),AND(TIPOORCAMENTO=\"LICITADO\",ORÇAMENTO.PrecoUnitarioLicitado>$AN234)),\"ACIMA REF.\",\"\")))))","v":""},{"$f":"IF(C234<=CRONO.NivelExibicao,MAX($AD$15:OFFSET(AD234,-1,0))+IF($C234<>1,1,MAX(1,COUNTIF(QCI!$A$13:$A$24,OFFSET($E234,-1,0)))),\"\")","v":""},{"$f":"IF(AND($C234=\"S\",ORÇAMENTO.CodBarra<>\"\"),IF(ORÇAMENTO.Fonte=\"\",ORÇAMENTO.CodBarra,CONCATENATE(ORÇAMENTO.Fonte,\" \",ORÇAMENTO.CodBarra)))","v":"SINAPI 88494"},{"$f":"IF(ISERROR(INDIRECT(ORÇAMENTO.BancoRef)),\"(abra o arquivo 'Referência \"&Excel_BuiltIn_Database&\".xlsm)\",IF(OR($C234<>\"S\",ORÇAMENTO.CodBarra=\"\"),\"(Sem Código)\",IF(ISERROR(MATCH($AE234,INDIRECT(ORÇAMENTO.BancoRef),0)),\"(Código não identificado nas referências)\",MATCH($AE234,INDIRECT(ORÇAMENTO.BancoRef),0))))","v":6221},{"$f":"ROUND(IF(DESONERACAO=\"sim\",REFERENCIA.Desonerado,REFERENCIA.NaoDesonerado),2)","v":25.97},0.2082,null,129.61000000000001,null,null,4067.16,31.38]
["S",3,"S",0,{"$f":"IF($C235=1,OFFSET(E235,-1,0)+MAX(1,COUNTIF(QCI!$A$13:$A$24,OFFSET(ORÇAMENTO!E235,-1,0))),OFFSET(E235,-1,0))","v":1},12,2,0,2,0,{"$f":"IF(OR($C235=\"S\",$C235=0),0,MATCH(OFFSET($D235,0,$C235)+IF($C235<>1,1,COUNTIF(QCI!$A$13:$A$24,ORÇAMENTO!E235)),OFFSET($D235,1,$C235,ROW($C$404)-ROW($C235)),0))","v":0},"F","Serviço","Serviço","1.12.2.0.2.","SINAPI","88484",{"$f":"IF($C235=\"S\",REFERENCIA.Descricao,\"(digite a descrição aqui)\")","v":"FUNDO SELADOR ACRÍLICO, APLICAÇÃO MANUAL EM TETO, UMA DEMÃO. AF_04/2023"},{"$f":"REFERENCIA.Unidade","v":"M2"},{"$f":"OFFSET(CÁLCULO!H$15,ROW($T235)-ROW(T$15),0)","v":129.61000000000001},5.61,"BDI 1",{"$f":"IF($C235=\"S\",ROUND(IF(TIPOORCAMENTO=\"Proposto\",ORÇAMENTO.CustoUnitario*(1+$AH235),ORÇAMENTO.PrecoUnitarioLicitado),15-13*$AF$10),0)","v":6.78},{"$f":"IF($C235=\"S\",IF(Import.TipoArredondamento<>\"TransfereGOV\",VTOTAL1,SUM(OFFSET(CÁLCULO!$AA$15,ROW($X235)-ROW($X$15),1):OFFSET(CÁLCULO!$AL$15,ROW($X235)-ROW($X$15),-1))),IF($C235=0,0,ROUND(SomaAgrup,15-13*$AF$11)))","v":878.76},"RA","RA",{"$f":"IF($C235=\"S\",IF($Z235=\"CP\",$X235,IF($Z235=\"RA\",(($X235)*QCI!$AA$3),0)),SomaAgrup)","v":235.74861039806271},0,{"$f":"IF($N235=\"\",\"\",IF(ORÇAMENTO.Descricao=\"\",\"DESCRIÇÃO\",IF(AND($C235=\"S\",ORÇAMENTO.Unidade=\"\"),\"UNIDADE\",IF($X235<0,\"VALOR NEGATIVO\",IF(OR(AND(TIPOORCAMENTO=\"Proposto\",$AG235<>\"\",$AG235>0,ORÇAMENTO.CustoUnitario>$AG235),AND(TIPOORCAMENTO=\"LICITADO\",ORÇAMENTO.PrecoUnitarioLicitado>$AN235)),\"ACIMA REF.\",\"\")))))","v":""},{"$f":"IF(C235<=CRONO.NivelExibicao,MAX($AD$15:OFFSET(AD235,-1,0))+IF($C235<>1,1,MAX(1,COUNTIF(QCI!$A$13:$A$24,OFFSET($E235,-1,0)))),\"\")","v":""},{"$f":"IF(AND($C235=\"S\",ORÇAMENTO.CodBarra<>\"\"),IF(ORÇAMENTO.Fonte=\"\",ORÇAMENTO.CodBarra,CONCATENATE(ORÇAMENTO.Fonte,\" \",ORÇAMENTO.CodBarra)))","v":"SINAPI 88484"},{"$f":"IF(ISERROR(INDIRECT(ORÇAMENTO.BancoRef)),\"(abra o arquivo 'Referência \"&Excel_BuiltIn_Database&\".xlsm)\",IF(OR($C235<>\"S\",ORÇAMENTO.CodBarra=\"\"),\"(Sem Código)\",IF(ISERROR(MATCH($AE235,INDIRECT(ORÇAMENTO.BancoRef),0)),\"(Código não identificado nas referências)\",MATCH($AE235,INDIRECT(ORÇAMENTO.BancoRef),0))))","v":6217},{"$f":"ROUND(IF(DESONERACAO=\"sim\",REFERENCIA.Desonerado,REFERENCIA.NaoDesonerado),2)","v":5.61},0.2082,null,129.61000000000001,null,null,878.76,6.78]
["S",3,"S",0,{"$f":"IF($C236=1,OFFSET(E236,-1,0)+MAX(1,COUNTIF(QCI!$A$13:$A$24,OFFSET(ORÇAMENTO!E236,-1,0))),OFFSET(E236,-1,0))","v":1},12,2,0,3,0,{"$f":"IF(OR($C236=\"S\",$C236=0),0,MATCH(OFFSET($D236,0,$C236)+IF($C236<>1,1,COUNTIF(QCI!$A$13:$A$24,ORÇAMENTO!E236)),OFFSET($D236,1,$C236,ROW($C$404)-ROW($C236)),0))","v":0},"F","Serviço","Serviço","1.12.2.0.3.","SINAPI","88488",{"$f":"IF($C236=\"S\",REFERENCIA.Descricao,\"(digite a descrição aqui)\")","v":"PINTURA LÁTEX ACRÍLICA PREMIUM, APLICAÇÃO MANUAL EM TETO, DUAS DEMÃOS. AF_04/2023"},{"$f":"REFERENCIA.Unidade","v":"M2"},{"$f":"OFFSET(CÁLCULO!H$15,ROW($T236)-ROW(T$15),0)","v":129.61000000000001},16.36,"BDI 1",{"$f":"IF($C236=\"S\",ROUND(IF(TIPOORCAMENTO=\"Proposto\",ORÇAMENTO.CustoUnitario*(1+$AH236),ORÇAMENTO.PrecoUnitarioLicitado),15-13*$AF$10),0)","v":19.77},{"$f":"IF($C236=\"S\",IF(Import.TipoArredondamento<>\"TransfereGOV\",VTOTAL1,SUM(OFFSET(CÁLCULO!$AA$15,ROW($X236)-ROW($X$15),1):OFFSET(CÁLCULO!$AL$15,ROW($X236)-ROW($X$15),-1))),IF($C236=0,0,ROUND(SomaAgrup,15-13*$AF$11)))","v":2562.39},"RA","RA",{"$f":"IF($C236=\"S\",IF($Z236=\"CP\",$X236,IF($Z236=\"RA\",(($X236)*QCI!$AA$3),0)),SomaAgrup)","v":687.42305270823874},0,{"$f":"IF($N236=\"\",\"\",IF(ORÇAMENTO.Descricao=\"\",\"DESCRIÇÃO\",IF(AND($C236=\"S\",ORÇAMENTO.Unidade=\"\"),\"UNIDADE\",IF($X236<0,\"VALOR NEGATIVO\",IF(OR(AND(TIPOORCAMENTO=\"Proposto\",$AG236<>\"\",$AG236>0,ORÇAMENTO.CustoUnitario>$AG236),AND(TIPOORCAMENTO=\"LICITADO\",ORÇAMENTO.PrecoUnitarioLicitado>$AN236)),\"ACIMA REF.\",\"\")))))","v":""},{"$f":"IF(C236<=CRONO.NivelExibicao,MAX($AD$15:OFFSET(AD236,-1,0))+IF($C236<>1,1,MAX(1,COUNTIF(QCI!$A$13:$A$24,OFFSET($E236,-1,0)))),\"\")","v":""},{"$f":"IF(AND($C236=\"S\",ORÇAMENTO.CodBarra<>\"\"),IF(ORÇAMENTO.Fonte=\"\",ORÇAMENTO.CodBarra,CONCATENATE(ORÇAMENTO.Fonte,\" \",ORÇAMENTO.CodBarra)))","v":"SINAPI 88488"},{"$f":"IF(ISERROR(INDIRECT(ORÇAMENTO.BancoRef)),\"(abra o arquivo 'Referência \"&Excel_BuiltIn_Database&\".xlsm)\",IF(OR($C236<>\"S\",ORÇAMENTO.CodBarra=\"\"),\"(Sem Código)\",IF(ISERROR(MATCH($AE236,INDIRECT(ORÇAMENTO.BancoRef),0)),\"(Código não identificado nas referências)\",MATCH($AE236,INDIRECT(ORÇAMENTO.BancoRef),0))))","v":6219},{"$f":"ROUND(IF(DESONERACAO=\"sim\",REFERENCIA.Desonerado,REFERENCIA.NaoDesonerado),2)","v":16.36},0.2082,null,129.61000000000001,null,null,2562.39,19.77]
[3,3,3,5,{"$f":"IF($C237=1,OFFSET(E237,-1,0)+MAX(1,COUNTIF(QCI!$A$13:$A$24,OFFSET(ORÇAMENTO!E237,-1,0))),OFFSET(E237,-1,0))","v":1},12,3,0,0,5,{"$f":"IF(OR($C237=\"S\",$C237=0),0,MATCH(OFFSET($D237,0,$C237)+IF($C237<>1,1,COUNTIF(QCI!$A$13:$A$24,ORÇAMENTO!E237)),OFFSET($D237,1,$C237,ROW($C$404)-ROW($C237)),0))","v":32},"F","Nível 3","Nível 3","1.12.3.","SINAPI",null,"ESQUADRIAS",{"$f":"REFERENCIA.Unidade","v":"-"},{"$f":"OFFSET(CÁLCULO!H$15,ROW($T237)-ROW(T$15),0)","v":0},0,"BDI 1",{"$f":"IF($C237=\"S\",ROUND(IF(TIPOORCAMENTO=\"Proposto\",ORÇAMENTO.CustoUnitario*(1+$AH237),ORÇAMENTO.PrecoUnitarioLicitado),15-13*$AF$10),0)","v":0},{"$f":"IF($C237=\"S\",IF(Import.TipoArredondamento<>\"TransfereGOV\",VTOTAL1,SUM(OFFSET(CÁLCULO!$AA$15,ROW($X237)-ROW($X$15),1):OFFSET(CÁLCULO!$AL$15,ROW($X237)-ROW($X$15),-1))),IF($C237=0,0,ROUND(SomaAgrup,15-13*$AF$11)))","v":10179.049999999999},"RA","",{"$f":"IF($C237=\"S\",IF($Z237=\"CP\",$X237,IF($Z237=\"RA\",(($X237)*QCI!$AA$3),0)),SomaAgrup)","v":2730.7761990445633},0,{"$f":"IF($N237=\"\",\"\",IF(ORÇAMENTO.Descricao=\"\",\"DESCRIÇÃO\",IF(AND($C237=\"S\",ORÇAMENTO.Unidade=\"\"),\"UNIDADE\",IF($X237<0,\"VALOR NEGATIVO\",IF(OR(AND(TIPOORCAMENTO=\"Proposto\",$AG237<>\"\",$AG237>0,ORÇAMENTO.CustoUnitario>$AG237),AND(TIPOORCAMENTO=\"LICITADO\",ORÇAMENTO.PrecoUnitarioLicitado>$AN237)),\"ACIMA REF.\",\"\")))))","v":""},{"$f":"IF(C237<=CRONO.NivelExibicao,MAX($AD$15:OFFSET(AD237,-1,0))+IF($C237<>1,1,MAX(1,COUNTIF(QCI!$A$13:$A$24,OFFSET($E237,-1,0)))),\"\")","v":""},{"$f":"IF(AND($C237=\"S\",ORÇAMENTO.CodBarra<>\"\"),IF(ORÇAMENTO.Fonte=\"\",ORÇAMENTO.CodBarra,CONCATENATE(ORÇAMENTO.Fonte,\" \",ORÇAMENTO.CodBarra)))","v":false},{"$f":"IF(ISERROR(INDIRECT(ORÇAMENTO.BancoRef)),\"(abra o arquivo 'Referência \"&Excel_BuiltIn_Database&\".xlsm)\",IF(OR($C237<>\"S\",ORÇAMENTO.CodBarra=\"\"),\"(Sem Código)\",IF(ISERROR(MATCH($AE237,INDIRECT(ORÇAMENTO.BancoRef),0)),\"(Código não identificado nas referências)\",MATCH($AE237,INDIRECT(ORÇAMENTO.BancoRef),0))))","v":"(Sem Código)"},{"$f":"ROUND(IF(DESONERACAO=\"sim\",REFERENCIA.Desonerado,REFERENCIA.NaoDesonerado),2)","v":0},0.2082,null,null,null,null,10179.049999999999,0]
["S",3,"S",0,{"$f":"IF($C238=1,OFFSET(E238,-1,0)+MAX(1,COUNTIF(QCI!$A$13:$A$24,OFFSET(ORÇAMENTO!E238,-1,0))),OFFSET(E238,-1,0))","v":1},12,3,0,1,0,{"$f":"IF(OR($C238=\"S\",$C238=0),0,MATCH(OFFSET($D238,0,$C238)+IF($C238<>1,1,COUNTIF(QCI!$A$13:$A$24,ORÇAMENTO!E238)),OFFSET($D238,1,$C238,ROW($C$404)-ROW($C238)),0))","v":0},"F","Serviço","Serviço","1.12.3.0.1.","SINAPI","102197",{"$f":"IF($C238=\"S\",REFERENCIA.Descricao,\"(digite a descrição aqui)\")","v":"PINTURA FUNDO NIVELADOR ALQUÍDICO BRANCO EM MADEIRA. AF_01/2021"},{"$f":"REFERENCIA.Unidade","v":"M2"},{"$f":"OFFSET(CÁLCULO!H$15,ROW($T238)-ROW(T$15),0)","v":45.36},32.08,"BDI 1",{"$f":"IF($C238=\"S\",ROUND(IF(TIPOORCAMENTO=\"Proposto\",ORÇAMENTO.CustoUnitario*(1+$AH238),ORÇAMENTO.PrecoUnitarioLicitado),15-13*$AF$10),0)","v":38.76},{"$f":"IF($C238=\"S\",IF(Import.TipoArredondamento<>\"TransfereGOV\",VTOTAL1,SUM(OFFSET(CÁLCULO!$AA$15,ROW($X238)-ROW($X$15),1):OFFSET(CÁLCULO!$AL$15,ROW($X238)-ROW($X$15),-1))),IF($C238=0,0,ROUND(SomaAgrup,15-13*$AF$11)))","v":1758.15},"RA","RA",{"$f":"IF($C238=\"S\",IF($Z238=\"CP\",$X238,IF($Z238=\"RA\",(($X238)*QCI!$AA$3),0)),SomaAgrup)","v":471.66623352377667},0,{"$f":"IF($N238=\"\",\"\",IF(ORÇAMENTO.Descricao=\"\",\"DESCRIÇÃO\",IF(AND($C238=\"S\",ORÇAMENTO.Unidade=\"\"),\"UNIDADE\",IF($X238<0,\"VALOR NEGATIVO\",IF(OR(AND(TIPOORCAMENTO=\"Proposto\",$AG238<>\"\",$AG238>0,ORÇAMENTO.CustoUnitario>$AG238),AND(TIPOORCAMENTO=\"LICITADO\",ORÇAMENTO.PrecoUnitarioLicitado>$AN238)),\"ACIMA REF.\",\"\")))))","v":""},{"$f":"IF(C238<=CRONO.NivelExibicao,MAX($AD$15:OFFSET(AD238,-1,0))+IF($C238<>1,1,MAX(1,COUNTIF(QCI!$A$13:$A$24,OFFSET($E238,-1,0)))),\"\")","v":""},{"$f":"IF(AND($C238=\"S\",ORÇAMENTO.CodBarra<>\"\"),IF(ORÇAMENTO.Fonte=\"\",ORÇAMENTO.CodBarra,CONCATENATE(ORÇAMENTO.Fonte,\" \",ORÇAMENTO.CodBarra)))","v":"SINAPI 102197"},{"$f":"IF(ISERROR(INDIRECT(ORÇAMENTO.BancoRef)),\"(abra o arquivo 'Referência \"&Excel_BuiltIn_Database&\".xlsm)\",IF(OR($C238<>\"S\",ORÇAMENTO.CodBarra=\"\"),\"(Sem Código)\",IF(ISERROR(MATCH($AE238,INDIRECT(ORÇAMENTO.BancoRef),0)),\"(Código não identificado nas referências)\",MATCH($AE238,INDIRECT(ORÇAMENTO.BancoRef),0))))","v":6248},{"$f":"ROUND(IF(DESONERACAO=\"sim\",REFERENCIA.Desonerado,REFERENCIA.NaoDesonerado),2)","v":32.08},0.2082,null,45.36,null,null,1758.15,38.76]
["S",3,"S",0,{"$f":"IF($C239=1,OFFSET(E239,-1,0)+MAX(1,COUNTIF(QCI!$A$13:$A$24,OFFSET(ORÇAMENTO!E239,-1,0))),OFFSET(E239,-1,0))","v":1},12,3,0,2,0,{"$f":"IF(OR($C239=\"S\",$C239=0),0,MATCH(OFFSET($D239,0,$C239)+IF($C239<>1,1,COUNTIF(QCI!$A$13:$A$24,ORÇAMENTO!E239)),OFFSET($D239,1,$C239,ROW($C$404)-ROW($C239)),0))","v":0},"F","Serviço","Serviço","1.12.3.0.2.","SINAPI","102219",{"$f":"IF($C239=\"S\",REFERENCIA.Descricao,\"(digite a descrição aqui)\")","v":"PINTURA TINTA DE ACABAMENTO (PIGMENTADA) ESMALTE SINTÉTICO ACETINADO EM MADEIRA, 2 DEMÃOS. AF_01/2021"},{"$f":"REFERENCIA.Unidade","v":"M2"},{"$f":"OFFSET(CÁLCULO!H$15,ROW($T239)-ROW(T$15),0)","v":45.36},19.260000000000002,"BDI 1",{"$f":"IF($C239=\"S\",ROUND(IF(TIPOORCAMENTO=\"Proposto\",ORÇAMENTO.CustoUnitario*(1+$AH239),ORÇAMENTO.PrecoUnitarioLicitado),15-13*$AF$10),0)","v":23.27},{"$f":"IF($C239=\"S\",IF(Import.TipoArredondamento<>\"TransfereGOV\",VTOTAL1,SUM(OFFSET(CÁLCULO!$AA$15,ROW($X239)-ROW($X$15),1):OFFSET(CÁLCULO!$AL$15,ROW($X239)-ROW($X$15),-1))),IF($C239=0,0,ROUND(SomaAgrup,15-13*$AF$11)))","v":1055.53},"RA","RA",{"$f":"IF($C239=\"S\",IF($Z239=\"CP\",$X239,IF($Z239=\"RA\",(($X239)*QCI!$AA$3),0)),SomaAgrup)","v":283.17143558362591},0,{"$f":"IF($N239=\"\",\"\",IF(ORÇAMENTO.Descricao=\"\",\"DESCRIÇÃO\",IF(AND($C239=\"S\",ORÇAMENTO.Unidade=\"\"),\"UNIDADE\",IF($X239<0,\"VALOR NEGATIVO\",IF(OR(AND(TIPOORCAMENTO=\"Proposto\",$AG239<>\"\",$AG239>0,ORÇAMENTO.CustoUnitario>$AG239),AND(TIPOORCAMENTO=\"LICITADO\",ORÇAMENTO.PrecoUnitarioLicitado>$AN239)),\"ACIMA REF.\",\"\")))))","v":""},{"$f":"IF(C239<=CRONO.NivelExibicao,MAX($AD$15:OFFSET(AD239,-1,0))+IF($C239<>1,1,MAX(1,COUNTIF(QCI!$A$13:$A$24,OFFSET($E239,-1,0)))),\"\")","v":""},{"$f":"IF(AND($C239=\"S\",ORÇAMENTO.CodBarra<>\"\"),IF(ORÇAMENTO.Fonte=\"\",ORÇAMENTO.CodBarra,CONCATENATE(ORÇAMENTO.Fonte,\" \",ORÇAMENTO.CodBarra)))","v":"SINAPI 102219"},{"$f":"IF(ISERROR(INDIRECT(ORÇAMENTO.BancoRef)),\"(abra o arquivo 'Referência \"&Excel_BuiltIn_Database&\".xlsm)\",IF(OR($C239<>\"S\",ORÇAMENTO.CodBarra=\"\"),\"(Sem Código)\",IF(ISERROR(MATCH($AE239,INDIRECT(ORÇAMENTO.BancoRef),0)),\"(Código não identificado nas referências)\",MATCH($AE239,INDIRECT(ORÇAMENTO.BancoRef),0))))","v":6264},{"$f":"ROUND(IF(DESONERACAO=\"sim\",REFERENCIA.Desonerado,REFERENCIA.NaoDesonerado),2)","v":19.260000000000002},0.2082,null,45.36,null,null,1055.53,23.27]
["S",3,"S",0,{"$f":"IF($C240=1,OFFSET(E240,-1,0)+MAX(1,COUNTIF(QCI!$A$13:$A$24,OFFSET(ORÇAMENTO!E240,-1,0))),OFFSET(E240,-1,0))","v":1},12,3,0,3,0,{"$f":"IF(OR($C240=\"S\",$C240=0),0,MATCH(OFFSET($D240,0,$C240)+IF($C240<>1,1,COUNTIF(QCI!$A$13:$A$24,ORÇAMENTO!E240)),OFFSET($D240,1,$C240,ROW($C$404)-ROW($C240)),0))","v":0},"F","Serviço","Serviço","1.12.3.0.3.","SINAPI","100722",{"$f":"IF($C240=\"S\",REFERENCIA.Descricao,\"(digite a descrição aqui)\")","v":"PINTURA COM TINTA ALQUÍDICA DE FUNDO (TIPO ZARCÃO) APLICADA A ROLO OU PINCEL SOBRE SUPERFÍCIES METÁLICAS (EXCETO PERFIL) EXECUTADO EM OBRA (POR DEMÃO). AF_01/2020"},{"$f":"REFERENCIA.Unidade","v":"M2"},{"$f":"OFFSET(CÁLCULO!H$15,ROW($T240)-ROW(T$15),0)","v":72.040000000000006},29,"BDI 1",{"$f":"IF($C240=\"S\",ROUND(IF(TIPOORCAMENTO=\"Proposto\",ORÇAMENTO.CustoUnitario*(1+$AH240),ORÇAMENTO.PrecoUnitarioLicitado),15-13*$AF$10),0)","v":35.04},{"$f":"IF($C240=\"S\",IF(Import.TipoArredondamento<>\"TransfereGOV\",VTOTAL1,SUM(OFFSET(CÁLCULO!$AA$15,ROW($X240)-ROW($X$15),1):OFFSET(CÁLCULO!$AL$15,ROW($X240)-ROW($X$15),-1))),IF($C240=0,0,ROUND(SomaAgrup,15-13*$AF$11)))","v":2524.2800000000002},"RA","RA",{"$f":"IF($C240=\"S\",IF($Z240=\"CP\",$X240,IF($Z240=\"RA\",(($X240)*QCI!$AA$3),0)),SomaAgrup)","v":677.19912405619482},0,{"$f":"IF($N240=\"\",\"\",IF(ORÇAMENTO.Descricao=\"\",\"DESCRIÇÃO\",IF(AND($C240=\"S\",ORÇAMENTO.Unidade=\"\"),\"UNIDADE\",IF($X240<0,\"VALOR NEGATIVO\",IF(OR(AND(TIPOORCAMENTO=\"Proposto\",$AG240<>\"\",$AG240>0,ORÇAMENTO.CustoUnitario>$AG240),AND(TIPOORCAMENTO=\"LICITADO\",ORÇAMENTO.PrecoUnitarioLicitado>$AN240)),\"ACIMA REF.\",\"\")))))","v":""},{"$f":"IF(C240<=CRONO.NivelExibicao,MAX($AD$15:OFFSET(AD240,-1,0))+IF($C240<>1,1,MAX(1,COUNTIF(QCI!$A$13:$A$24,OFFSET($E240,-1,0)))),\"\")","v":""},{"$f":"IF(AND($C240=\"S\",ORÇAMENTO.CodBarra<>\"\"),IF(ORÇAMENTO.Fonte=\"\",ORÇAMENTO.CodBarra,CONCATENATE(ORÇAMENTO.Fonte,\" \",ORÇAMENTO.CodBarra)))","v":"SINAPI 100722"},{"$f":"IF(ISERROR(INDIRECT(ORÇAMENTO.BancoRef)),\"(abra o arquivo 'Referência \"&Excel_BuiltIn_Database&\".xlsm)\",IF(OR($C240<>\"S\",ORÇAMENTO.CodBarra=\"\"),\"(Sem Código)\",IF(ISERROR(MATCH($AE240,INDIRECT(ORÇAMENTO.BancoRef),0)),\"(Código não identificado nas referências)\",MATCH($AE240,INDIRECT(ORÇAMENTO.BancoRef),0))))","v":6281},{"$f":"ROUND(IF(DESONERACAO=\"sim\",REFERENCIA.Desonerado,REFERENCIA.NaoDesonerado),2)","v":29},0.2082,null,72.040000000000006,null,null,2524.2800000000002,35.04]
["S",3,"S",0,{"$f":"IF($C241=1,OFFSET(E241,-1,0)+MAX(1,COUNTIF(QCI!$A$13:$A$24,OFFSET(ORÇAMENTO!E241,-1,0))),OFFSET(E241,-1,0))","v":1},12,3,0,4,0,{"$f":"IF(OR($C241=\"S\",$C241=0),0,MATCH(OFFSET($D241,0,$C241)+IF($C241<>1,1,COUNTIF(QCI!$A$13:$A$24,ORÇAMENTO!E241)),OFFSET($D241,1,$C241,ROW($C$404)-ROW($C241)),0))","v":0},"F","Serviço","Serviço","1.12.3.0.4.","SINAPI","100761",{"$f":"IF($C241=\"S\",REFERENCIA.Descricao,\"(digite a descrição aqui)\")","v":"PINTURA COM TINTA ALQUÍDICA DE ACABAMENTO (ESMALTE SINTÉTICO FOSCO) PULVERIZADA SOBRE SUPERFÍCIES METÁLICAS (EXCETO PERFIL) EXECUTADO EM OBRA (02 DEMÃOS). AF_01/2020_PE"},{"$f":"REFERENCIA.Unidade","v":"M2"},{"$f":"OFFSET(CÁLCULO!H$15,ROW($T241)-ROW(T$15),0)","v":72.040000000000006},55.62,"BDI 1",{"$f":"IF($C241=\"S\",ROUND(IF(TIPOORCAMENTO=\"Proposto\",ORÇAMENTO.CustoUnitario*(1+$AH241),ORÇAMENTO.PrecoUnitarioLicitado),15-13*$AF$10),0)","v":67.2},{"$f":"IF($C241=\"S\",IF(Import.TipoArredondamento<>\"TransfereGOV\",VTOTAL1,SUM(OFFSET(CÁLCULO!$AA$15,ROW($X241)-ROW($X$15),1):OFFSET(CÁLCULO!$AL$15,ROW($X241)-ROW($X$15),-1))),IF($C241=0,0,ROUND(SomaAgrup,15-13*$AF$11)))","v":4841.09},"RA","RA",{"$f":"IF($C241=\"S\",IF($Z241=\"CP\",$X241,IF($Z241=\"RA\",(($X241)*QCI!$AA$3),0)),SomaAgrup)","v":1298.7394058809657},0,{"$f":"IF($N241=\"\",\"\",IF(ORÇAMENTO.Descricao=\"\",\"DESCRIÇÃO\",IF(AND($C241=\"S\",ORÇAMENTO.Unidade=\"\"),\"UNIDADE\",IF($X241<0,\"VALOR NEGATIVO\",IF(OR(AND(TIPOORCAMENTO=\"Proposto\",$AG241<>\"\",$AG241>0,ORÇAMENTO.CustoUnitario>$AG241),AND(TIPOORCAMENTO=\"LICITADO\",ORÇAMENTO.PrecoUnitarioLicitado>$AN241)),\"ACIMA REF.\",\"\")))))","v":""},{"$f":"IF(C241<=CRONO.NivelExibicao,MAX($AD$15:OFFSET(AD241,-1,0))+IF($C241<>1,1,MAX(1,COUNTIF(QCI!$A$13:$A$24,OFFSET($E241,-1,0)))),\"\")","v":""},{"$f":"IF(AND($C241=\"S\",ORÇAMENTO.CodBarra<>\"\"),IF(ORÇAMENTO.Fonte=\"\",ORÇAMENTO.CodBarra,CONCATENATE(ORÇAMENTO.Fonte,\" \",ORÇAMENTO.CodBarra)))","v":"SINAPI 100761"},{"$f":"IF(ISERROR(INDIRECT(ORÇAMENTO.BancoRef)),\"(abra o arquivo 'Referência \"&Excel_BuiltIn_Database&\".xlsm)\",IF(OR($C241<>\"S\",ORÇAMENTO.CodBarra=\"\"),\"(Sem Código)\",IF(ISERROR(MATCH($AE241,INDIRECT(ORÇAMENTO.BancoRef),0)),\"(Código não identificado nas referências)\",MATCH($AE241,INDIRECT(ORÇAMENTO.BancoRef),0))))","v":6314},{"$f":"ROUND(IF(DESONERACAO=\"sim\",REFERENCIA.Desonerado,REFERENCIA.NaoDesonerado),2)","v":55.62},0.2082,null,72.040000000000006,null,null,4841.09,67.2]
[2,2,2,5,{"$f":"IF($C242=1,OFFSET(E242,-1,0)+MAX(1,COUNTIF(QCI!$A$13:$A$24,OFFSET(ORÇAMENTO!E242,-1,0))),OFFSET(E242,-1,0))","v":1},13,0,0,0,5,{"$f":"IF(OR($C242=\"S\",$C242=0),0,MATCH(OFFSET($D242,0,$C242)+IF($C242<>1,1,COUNTIF(QCI!$A$13:$A$24,ORÇAMENTO!E242)),OFFSET($D242,1,$C242,ROW($C$404)-ROW($C242)),0))","v":{"$error":"#N/A"}},"F","Nível 2","Nível 2","1.13.","SINAPI",null,"SERVIÇOS FINAIS",{"$f":"REFERENCIA.Unidade","v":"-"},{"$f":"OFFSET(CÁLCULO!H$15,ROW($T242)-ROW(T$15),0)","v":0},0,"BDI 1",{"$f":"IF($C242=\"S\",ROUND(IF(TIPOORCAMENTO=\"Proposto\",ORÇAMENTO.CustoUnitario*(1+$AH242),ORÇAMENTO.PrecoUnitarioLicitado),15-13*$AF$10),0)","v":0},{"$f":"IF($C242=\"S\",IF(Import.TipoArredondamento<>\"TransfereGOV\",VTOTAL1,SUM(OFFSET(CÁLCULO!$AA$15,ROW($X242)-ROW($X$15),1):OFFSET(CÁLCULO!$AL$15,ROW($X242)-ROW($X$15),-1))),IF($C242=0,0,ROUND(SomaAgrup,15-13*$AF$11)))","v":11322.26},"RA","",{"$f":"IF($C242=\"S\",IF($Z242=\"CP\",$X242,IF($Z242=\"RA\",(($X242)*QCI!$AA$3),0)),SomaAgrup)","v":3037.4699139305039},0,{"$f":"IF($N242=\"\",\"\",IF(ORÇAMENTO.Descricao=\"\",\"DESCRIÇÃO\",IF(AND($C242=\"S\",ORÇAMENTO.Unidade=\"\"),\"UNIDADE\",IF($X242<0,\"VALOR NEGATIVO\",IF(OR(AND(TIPOORCAMENTO=\"Proposto\",$AG242<>\"\",$AG242>0,ORÇAMENTO.CustoUnitario>$AG242),AND(TIPOORCAMENTO=\"LICITADO\",ORÇAMENTO.PrecoUnitarioLicitado>$AN242)),\"ACIMA REF.\",\"\")))))","v":""},{"$f":"IF(C242<=CRONO.NivelExibicao,MAX($AD$15:OFFSET(AD242,-1,0))+IF($C242<>1,1,MAX(1,COUNTIF(QCI!$A$13:$A$24,OFFSET($E242,-1,0)))),\"\")","v":14},{"$f":"IF(AND($C242=\"S\",ORÇAMENTO.CodBarra<>\"\"),IF(ORÇAMENTO.Fonte=\"\",ORÇAMENTO.CodBarra,CONCATENATE(ORÇAMENTO.Fonte,\" \",ORÇAMENTO.CodBarra)))","v":false},{"$f":"IF(ISERROR(INDIRECT(ORÇAMENTO.BancoRef)),\"(abra o arquivo 'Referência \"&Excel_BuiltIn_Database&\".xlsm)\",IF(OR($C242<>\"S\",ORÇAMENTO.CodBarra=\"\"),\"(Sem Código)\",IF(ISERROR(MATCH($AE242,INDIRECT(ORÇAMENTO.BancoRef),0)),\"(Código não identificado nas referências)\",MATCH($AE242,INDIRECT(ORÇAMENTO.BancoRef),0))))","v":"(Sem Código)"},{"$f":"ROUND(IF(DESONERACAO=\"sim\",REFERENCIA.Desonerado,REFERENCIA.NaoDesonerado),2)","v":0},0.2082,null,null,null,null,11322.26,0]
["S",2,"S",0,{"$f":"IF($C243=1,OFFSET(E243,-1,0)+MAX(1,COUNTIF(QCI!$A$13:$A$24,OFFSET(ORÇAMENTO!E243,-1,0))),OFFSET(E243,-1,0))","v":1},13,0,0,1,0,{"$f":"IF(OR($C243=\"S\",$C243=0),0,MATCH(OFFSET($D243,0,$C243)+IF($C243<>1,1,COUNTIF(QCI!$A$13:$A$24,ORÇAMENTO!E243)),OFFSET($D243,1,$C243,ROW($C$404)-ROW($C243)),0))","v":0},"F","Serviço","Serviço","1.13.0.0.1.","SINAPI","103946",{"$f":"IF($C243=\"S\",REFERENCIA.Descricao,\"(digite a descrição aqui)\")","v":"PLANTIO DE GRAMA ESMERALDA OU SÃO CARLOS OU CURITIBANA, EM PLACAS. AF_05/2022"},{"$f":"REFERENCIA.Unidade","v":"M2"},{"$f":"OFFSET(CÁLCULO!H$15,ROW($T243)-ROW(T$15),0)","v":262.56},14.24,"BDI 1",{"$f":"IF($C243=\"S\",ROUND(IF(TIPOORCAMENTO=\"Proposto\",ORÇAMENTO.CustoUnitario*(1+$AH243),ORÇAMENTO.PrecoUnitarioLicitado),15-13*$AF$10),0)","v":17.2},{"$f":"IF($C243=\"S\",IF(Import.TipoArredondamento<>\"TransfereGOV\",VTOTAL1,SUM(OFFSET(CÁLCULO!$AA$15,ROW($X243)-ROW($X$15),1):OFFSET(CÁLCULO!$AL$15,ROW($X243)-ROW($X$15),-1))),IF($C243=0,0,ROUND(SomaAgrup,15-13*$AF$11)))","v":4516.03},"RA","RA",{"$f":"IF($C243=\"S\",IF($Z243=\"CP\",$X243,IF($Z243=\"RA\",(($X243)*QCI!$AA$3),0)),SomaAgrup)","v":1211.5342038963574},0,{"$f":"IF($N243=\"\",\"\",IF(ORÇAMENTO.Descricao=\"\",\"DESCRIÇÃO\",IF(AND($C243=\"S\",ORÇAMENTO.Unidade=\"\"),\"UNIDADE\",IF($X243<0,\"VALOR NEGATIVO\",IF(OR(AND(TIPOORCAMENTO=\"Proposto\",$AG243<>\"\",$AG243>0,ORÇAMENTO.CustoUnitario>$AG243),AND(TIPOORCAMENTO=\"LICITADO\",ORÇAMENTO.PrecoUnitarioLicitado>$AN243)),\"ACIMA REF.\",\"\")))))","v":""},{"$f":"IF(C243<=CRONO.NivelExibicao,MAX($AD$15:OFFSET(AD243,-1,0))+IF($C243<>1,1,MAX(1,COUNTIF(QCI!$A$13:$A$24,OFFSET($E243,-1,0)))),\"\")","v":""},{"$f":"IF(AND($C243=\"S\",ORÇAMENTO.CodBarra<>\"\"),IF(ORÇAMENTO.Fonte=\"\",ORÇAMENTO.CodBarra,CONCATENATE(ORÇAMENTO.Fonte,\" \",ORÇAMENTO.CodBarra)))","v":"SINAPI 103946"},{"$f":"IF(ISERROR(INDIRECT(ORÇAMENTO.BancoRef)),\"(abra o arquivo 'Referência \"&Excel_BuiltIn_Database&\".xlsm)\",IF(OR($C243<>\"S\",ORÇAMENTO.CodBarra=\"\"),\"(Sem Código)\",IF(ISERROR(MATCH($AE243,INDIRECT(ORÇAMENTO.BancoRef),0)),\"(Código não identificado nas referências)\",MATCH($AE243,INDIRECT(ORÇAMENTO.BancoRef),0))))","v":7292},{"$f":"ROUND(IF(DESONERACAO=\"sim\",REFERENCIA.Desonerado,REFERENCIA.NaoDesonerado),2)","v":14.24},0.2082,null,262.56,null,null,4516.03,17.2]
[{"$f":"CHOOSE(1+LOG(1+2*(ORÇAMENTO.Nivel=\"Meta\")+4*(ORÇAMENTO.Nivel=\"Nível 2\")+8*(ORÇAMENTO.Nivel=\"Nível 3\")+16*(ORÇAMENTO.Nivel=\"Nível 4\")+32*(ORÇAMENTO.Nivel=\"Serviço\"),2),0,1,2,3,4,\"S\")","v":"S"},{"$f":"IF(OR(C244=\"s\",C244=0),OFFSET(B244,-1,0),C244)","v":2},{"$f":"IF(OFFSET(C244,-1,0)=\"L\",1,IF(OFFSET(C244,-1,0)=1,2,IF(OR(A244=\"s\",A244=0),\"S\",IF(AND(OFFSET(C244,-1,0)=2,A244=4),3,IF(AND(OR(OFFSET(C244,-1,0)=\"s\",OFFSET(C244,-1,0)=0),A244<>\"s\",A244>OFFSET(B244,-1,0)),OFFSET(B244,-1,0),A244)))))","v":"S"},{"$f":"IF(OR(C244=\"S\",C244=0),0,IF(ISERROR(K244),J244,SMALL(J244:K244,1)))","v":0},{"$f":"IF($C244=1,OFFSET(E244,-1,0)+MAX(1,COUNTIF(QCI!$A$13:$A$24,OFFSET(ORÇAMENTO!E244,-1,0))),OFFSET(E244,-1,0))","v":1},{"$f":"IF($C244=1,0,IF($C244=2,OFFSET(F244,-1,0)+1,OFFSET(F244,-1,0)))","v":13},{"$f":"IF(AND($C244<=2,$C244<>0),0,IF($C244=3,OFFSET(G244,-1,0)+1,OFFSET(G244,-1,0)))","v":0},{"$f":"IF(AND($C244<=3,$C244<>0),0,IF($C244=4,OFFSET(H244,-1,0)+1,OFFSET(H244,-1,0)))","v":0},{"$f":"IF(AND($C244<=4,$C244<>0),0,IF(AND($C244=\"S\",$X244>0),OFFSET(I244,-1,0)+1,OFFSET(I244,-1,0)))","v":2},0,{"$f":"IF(OR($C244=\"S\",$C244=0),0,MATCH(OFFSET($D244,0,$C244)+IF($C244<>1,1,COUNTIF(QCI!$A$13:$A$24,ORÇAMENTO!E244)),OFFSET($D244,1,$C244,ROW($C$404)-ROW($C244)),0))","v":0},{"$f":"IF(OR($X244>0,$C244=1,$C244=2,$C244=3,$C244=4),\"F\",\"\")","v":"F"},"Serviço",{"$f":"CHOOSE(1+LOG(1+2*(C244=1)+4*(C244=2)+8*(C244=3)+16*(C244=4)+32*(C244=\"S\"),2),\"\",\"Meta\",\"Nível 2\",\"Nível 3\",\"Nível 4\",\"Serviço\")","v":"Serviço"},{"$f":"IF(OR($C244=0,$L244=\"\"),\"-\",CONCATENATE(E244&\".\",IF(AND($A$5>=2,$C244>=2),F244&\".\",\"\"),IF(AND($A$5>=3,$C244>=3),G244&\".\",\"\"),IF(AND($A$5>=4,$C244>=4),H244&\".\",\"\"),IF($C244=\"S\",I244&\".\",\"\")))","v":"1.13.0.0.2."},"SINAPI","94275",{"$f":"IF($C244=\"S\",REFERENCIA.Descricao,\"(digite a descrição aqui)\")","v":"ASSENTAMENTO DE GUIA (MEIO-FIO) EM TRECHO RETO, CONFECCIONADA EM CONCRETO PRÉ-FABRICADO, DIMENSÕES 100X15X13X20 CM (COMPRIMENTO X BASE INFERIOR X BASE SUPERIOR X ALTURA). AF_01/2024"},{"$f":"REFERENCIA.Unidade","v":"M"},{"$f":"OFFSET(CÁLCULO!H$15,ROW($T244)-ROW(T$15),0)","v":31},43.9,"BDI 1",{"$f":"IF($C244=\"S\",ROUND(IF(TIPOORCAMENTO=\"Proposto\",ORÇAMENTO.CustoUnitario*(1+$AH244),ORÇAMENTO.PrecoUnitarioLicitado),15-13*$AF$10),0)","v":53.04},{"$f":"IF($C244=\"S\",IF(Import.TipoArredondamento<>\"TransfereGOV\",VTOTAL1,SUM(OFFSET(CÁLCULO!$AA$15,ROW($X244)-ROW($X$15),1):OFFSET(CÁLCULO!$AL$15,ROW($X244)-ROW($X$15),-1))),IF($C244=0,0,ROUND(SomaAgrup,15-13*$AF$11)))","v":1644.24},"RA",{"$f":"IF(AND($C244=\"S\",$X244>0),IF(ISBLANK($Y244),\"RA\",LEFT($Y244,2)),\"\")","v":"RA"},{"$f":"IF($C244=\"S\",IF($Z244=\"CP\",$X244,IF($Z244=\"RA\",(($X244)*QCI!$AA$3),0)),SomaAgrup)","v":441.10712271941213},{"$f":"IF($C244=\"S\",IF($Z244=\"OU\",ROUND($X244,2),0),SomaAgrup)","v":0},{"$f":"IF($N244=\"\",\"\",IF(ORÇAMENTO.Descricao=\"\",\"DESCRIÇÃO\",IF(AND($C244=\"S\",ORÇAMENTO.Unidade=\"\"),\"UNIDADE\",IF($X244<0,\"VALOR NEGATIVO\",IF(OR(AND(TIPOORCAMENTO=\"Proposto\",$AG244<>\"\",$AG244>0,ORÇAMENTO.CustoUnitario>$AG244),AND(TIPOORCAMENTO=\"LICITADO\",ORÇAMENTO.PrecoUnitarioLicitado>$AN244)),\"ACIMA REF.\",\"\")))))","v":""},{"$f":"IF(C244<=CRONO.NivelExibicao,MAX($AD$15:OFFSET(AD244,-1,0))+IF($C244<>1,1,MAX(1,COUNTIF(QCI!$A$13:$A$24,OFFSET($E244,-1,0)))),\"\")","v":""},{"$f":"IF(AND($C244=\"S\",ORÇAMENTO.CodBarra<>\"\"),IF(ORÇAMENTO.Fonte=\"\",ORÇAMENTO.CodBarra,CONCATENATE(ORÇAMENTO.Fonte,\" \",ORÇAMENTO.CodBarra)))","v":"SINAPI 94275"},{"$f":"IF(ISERROR(INDIRECT(ORÇAMENTO.BancoRef)),\"(abra o arquivo 'Referência \"&Excel_BuiltIn_Database&\".xlsm)\",IF(OR($C244<>\"S\",ORÇAMENTO.CodBarra=\"\"),\"(Sem Código)\",IF(ISERROR(MATCH($AE244,INDIRECT(ORÇAMENTO.BancoRef),0)),\"(Código não identificado nas referências)\",MATCH($AE244,INDIRECT(ORÇAMENTO.BancoRef),0))))","v":1995},{"$f":"ROUND(IF(DESONERACAO=\"sim\",REFERENCIA.Desonerado,REFERENCIA.NaoDesonerado),2)","v":43.9},{"$f":"ROUND(IF(ISNUMBER(ORÇAMENTO.OpcaoBDI),ORÇAMENTO.OpcaoBDI,IF(LEFT(ORÇAMENTO.OpcaoBDI,3)=\"BDI\",HLOOKUP(ORÇAMENTO.OpcaoBDI,$F$4:$H$5,2,FALSE),0)),15-11*$AF$9)","v":0.2082},null,31,null,null,1644.24,{"$f":"ROUND(ORÇAMENTO.CustoUnitario*(1+$AH244),2)","v":53.04}]
["S",2,"S",0,{"$f":"IF($C245=1,OFFSET(E245,-1,0)+MAX(1,COUNTIF(QCI!$A$13:$A$24,OFFSET(ORÇAMENTO!E245,-1,0))),OFFSET(E245,-1,0))","v":1},13,0,0,3,0,{"$f":"IF(OR($C245=\"S\",$C245=0),0,MATCH(OFFSET($D245,0,$C245)+IF($C245<>1,1,COUNTIF(QCI!$A$13:$A$24,ORÇAMENTO!E245)),OFFSET($D245,1,$C245,ROW($C$404)-ROW($C245)),0))","v":0},"F","Serviço","Serviço","1.13.0.0.3.","SINAPI","99811",{"$f":"IF($C245=\"S\",REFERENCIA.Descricao,\"(digite a descrição aqui)\")","v":"LIMPEZA DE CONTRAPISO COM VASSOURA A SECO. AF_04/2019"},{"$f":"REFERENCIA.Unidade","v":"M2"},{"$f":"OFFSET(CÁLCULO!H$15,ROW($T245)-ROW(T$15),0)","v":621},4.43,"BDI 1",{"$f":"IF($C245=\"S\",ROUND(IF(TIPOORCAMENTO=\"Proposto\",ORÇAMENTO.CustoUnitario*(1+$AH245),ORÇAMENTO.PrecoUnitarioLicitado),15-13*$AF$10),0)","v":5.35},{"$f":"IF($C245=\"S\",IF(Import.TipoArredondamento<>\"TransfereGOV\",VTOTAL1,SUM(OFFSET(CÁLCULO!$AA$15,ROW($X245)-ROW($X$15),1):OFFSET(CÁLCULO!$AL$15,ROW($X245)-ROW($X$15),-1))),IF($C245=0,0,ROUND(SomaAgrup,15-13*$AF$11)))","v":3322.35},"RA","RA",{"$f":"IF($C245=\"S\",IF($Z245=\"CP\",$X245,IF($Z245=\"RA\",(($X245)*QCI!$AA$3),0)),SomaAgrup)","v":891.30069160635855},0,{"$f":"IF($N245=\"\",\"\",IF(ORÇAMENTO.Descricao=\"\",\"DESCRIÇÃO\",IF(AND($C245=\"S\",ORÇAMENTO.Unidade=\"\"),\"UNIDADE\",IF($X245<0,\"VALOR NEGATIVO\",IF(OR(AND(TIPOORCAMENTO=\"Proposto\",$AG245<>\"\",$AG245>0,ORÇAMENTO.CustoUnitario>$AG245),AND(TIPOORCAMENTO=\"LICITADO\",ORÇAMENTO.PrecoUnitarioLicitado>$AN245)),\"ACIMA REF.\",\"\")))))","v":""},{"$f":"IF(C245<=CRONO.NivelExibicao,MAX($AD$15:OFFSET(AD245,-1,0))+IF($C245<>1,1,MAX(1,COUNTIF(QCI!$A$13:$A$24,OFFSET($E245,-1,0)))),\"\")","v":""},{"$f":"IF(AND($C245=\"S\",ORÇAMENTO.CodBarra<>\"\"),IF(ORÇAMENTO.Fonte=\"\",ORÇAMENTO.CodBarra,CONCATENATE(ORÇAMENTO.Fonte,\" \",ORÇAMENTO.CodBarra)))","v":"SINAPI 99811"},{"$f":"IF(ISERROR(INDIRECT(ORÇAMENTO.BancoRef)),\"(abra o arquivo 'Referência \"&Excel_BuiltIn_Database&\".xlsm)\",IF(OR($C245<>\"S\",ORÇAMENTO.CodBarra=\"\"),\"(Sem Código)\",IF(ISERROR(MATCH($AE245,INDIRECT(ORÇAMENTO.BancoRef),0)),\"(Código não identificado nas referências)\",MATCH($AE245,INDIRECT(ORÇAMENTO.BancoRef),0))))","v":7010},{"$f":"ROUND(IF(DESONERACAO=\"sim\",REFERENCIA.Desonerado,REFERENCIA.NaoDesonerado),2)","v":4.43},0.2082,null,621,null,null,3322.35,5.35]
["S",2,"S",0,{"$f":"IF($C246=1,OFFSET(E246,-1,0)+MAX(1,COUNTIF(QCI!$A$13:$A$24,OFFSET(ORÇAMENTO!E246,-1,0))),OFFSET(E246,-1,0))","v":1},13,0,0,4,0,{"$f":"IF(OR($C246=\"S\",$C246=0),0,MATCH(OFFSET($D246,0,$C246)+IF($C246<>1,1,COUNTIF(QCI!$A$13:$A$24,ORÇAMENTO!E246)),OFFSET($D246,1,$C246,ROW($C$404)-ROW($C246)),0))","v":0},"F","Serviço","Serviço","1.13.0.0.4.","SINAPI","99804",{"$f":"IF($C246=\"S\",REFERENCIA.Descricao,\"(digite a descrição aqui)\")","v":"LIMPEZA DE PISO CERÂMICO OU PORCELANATO UTILIZANDO DETERGENTE NEUTRO E ESCOVAÇÃO MANUAL. AF_04/2019"},{"$f":"REFERENCIA.Unidade","v":"M2"},{"$f":"OFFSET(CÁLCULO!H$15,ROW($T246)-ROW(T$15),0)","v":226},6.74,"BDI 1",{"$f":"IF($C246=\"S\",ROUND(IF(TIPOORCAMENTO=\"Proposto\",ORÇAMENTO.CustoUnitario*(1+$AH246),ORÇAMENTO.PrecoUnitarioLicitado),15-13*$AF$10),0)","v":8.14},{"$f":"IF($C246=\"S\",IF(Import.TipoArredondamento<>\"TransfereGOV\",VTOTAL1,SUM(OFFSET(CÁLCULO!$AA$15,ROW($X246)-ROW($X$15),1):OFFSET(CÁLCULO!$AL$15,ROW($X246)-ROW($X$15),-1))),IF($C246=0,0,ROUND(SomaAgrup,15-13*$AF$11)))","v":1839.64},"RA","RA",{"$f":"IF($C246=\"S\",IF($Z246=\"CP\",$X246,IF($Z246=\"RA\",(($X246)*QCI!$AA$3),0)),SomaAgrup)","v":493.52789570837552},0,{"$f":"IF($N246=\"\",\"\",IF(ORÇAMENTO.Descricao=\"\",\"DESCRIÇÃO\",IF(AND($C246=\"S\",ORÇAMENTO.Unidade=\"\"),\"UNIDADE\",IF($X246<0,\"VALOR NEGATIVO\",IF(OR(AND(TIPOORCAMENTO=\"Proposto\",$AG246<>\"\",$AG246>0,ORÇAMENTO.CustoUnitario>$AG246),AND(TIPOORCAMENTO=\"LICITADO\",ORÇAMENTO.PrecoUnitarioLicitado>$AN246)),\"ACIMA REF.\",\"\")))))","v":""},{"$f":"IF(C246<=CRONO.NivelExibicao,MAX($AD$15:OFFSET(AD246,-1,0))+IF($C246<>1,1,MAX(1,COUNTIF(QCI!$A$13:$A$24,OFFSET($E246,-1,0)))),\"\")","v":""},{"$f":"IF(AND($C246=\"S\",ORÇAMENTO.CodBarra<>\"\"),IF(ORÇAMENTO.Fonte=\"\",ORÇAMENTO.CodBarra,CONCATENATE(ORÇAMENTO.Fonte,\" \",ORÇAMENTO.CodBarra)))","v":"SINAPI 99804"},{"$f":"IF(ISERROR(INDIRECT(ORÇAMENTO.BancoRef)),\"(abra o arquivo 'Referência \"&Excel_BuiltIn_Database&\".xlsm)\",IF(OR($C246<>\"S\",ORÇAMENTO.CodBarra=\"\"),\"(Sem Código)\",IF(ISERROR(MATCH($AE246,INDIRECT(ORÇAMENTO.BancoRef),0)),\"(Código não identificado nas referências)\",MATCH($AE246,INDIRECT(ORÇAMENTO.BancoRef),0))))","v":7003},{"$f":"ROUND(IF(DESONERACAO=\"sim\",REFERENCIA.Desonerado,REFERENCIA.NaoDesonerado),2)","v":6.74},0.2082,null,226,null,null,1839.64,8.14]
[1,1,1,157,{"$f":"IF($C247=1,OFFSET(E247,-1,0)+MAX(1,COUNTIF(QCI!$A$13:$A$24,OFFSET(ORÇAMENTO!E247,-1,0))),OFFSET(E247,-1,0))","v":2},0,0,0,0,157,{"$f":"IF(OR($C247=\"S\",$C247=0),0,MATCH(OFFSET($D247,0,$C247)+IF($C247<>1,1,COUNTIF(QCI!$A$13:$A$24,ORÇAMENTO!E247)),OFFSET($D247,1,$C247,ROW($C$404)-ROW($C247)),0))","v":{"$error":"#N/A"}},"F","Meta","Meta","2.","SINAPI",null,"MELHORIAS NA QUADRA DE ESPORTES",{"$f":"REFERENCIA.Unidade","v":"-"},{"$f":"OFFSET(CÁLCULO!H$15,ROW($T247)-ROW(T$15),0)","v":0},0,"BDI 1",{"$f":"IF($C247=\"S\",ROUND(IF(TIPOORCAMENTO=\"Proposto\",ORÇAMENTO.CustoUnitario*(1+$AH247),ORÇAMENTO.PrecoUnitarioLicitado),15-13*$AF$10),0)","v":0},{"$f":"IF($C247=\"S\",IF(Import.TipoArredondamento<>\"TransfereGOV\",VTOTAL1,SUM(OFFSET(CÁLCULO!$AA$15,ROW($X247)-ROW($X$15),1):OFFSET(CÁLCULO!$AL$15,ROW($X247)-ROW($X$15),-1))),IF($C247=0,0,ROUND(SomaAgrup,15-13*$AF$11)))","v":651725.37},"RA","",{"$f":"IF($C247=\"S\",IF($Z247=\"CP\",$X247,IF($Z247=\"RA\",(($X247)*QCI!$AA$3),0)),SomaAgrup)","v":174841.08327491378},0,{"$f":"IF($N247=\"\",\"\",IF(ORÇAMENTO.Descricao=\"\",\"DESCRIÇÃO\",IF(AND($C247=\"S\",ORÇAMENTO.Unidade=\"\"),\"UNIDADE\",IF($X247<0,\"VALOR NEGATIVO\",IF(OR(AND(TIPOORCAMENTO=\"Proposto\",$AG247<>\"\",$AG247>0,ORÇAMENTO.CustoUnitario>$AG247),AND(TIPOORCAMENTO=\"LICITADO\",ORÇAMENTO.PrecoUnitarioLicitado>$AN247)),\"ACIMA REF.\",\"\")))))","v":""},{"$f":"IF(C247<=CRONO.NivelExibicao,MAX($AD$15:OFFSET(AD247,-1,0))+IF($C247<>1,1,MAX(1,COUNTIF(QCI!$A$13:$A$24,OFFSET($E247,-1,0)))),\"\")","v":15},{"$f":"IF(AND($C247=\"S\",ORÇAMENTO.CodBarra<>\"\"),IF(ORÇAMENTO.Fonte=\"\",ORÇAMENTO.CodBarra,CONCATENATE(ORÇAMENTO.Fonte,\" \",ORÇAMENTO.CodBarra)))","v":false},{"$f":"IF(ISERROR(INDIRECT(ORÇAMENTO.BancoRef)),\"(abra o arquivo 'Referência \"&Excel_BuiltIn_Database&\".xlsm)\",IF(OR($C247<>\"S\",ORÇAMENTO.CodBarra=\"\"),\"(Sem Código)\",IF(ISERROR(MATCH($AE247,INDIRECT(ORÇAMENTO.BancoRef),0)),\"(Código não identificado nas referências)\",MATCH($AE247,INDIRECT(ORÇAMENTO.BancoRef),0))))","v":"(Sem Código)"},{"$f":"ROUND(IF(DESONERACAO=\"sim\",REFERENCIA.Desonerado,REFERENCIA.NaoDesonerado),2)","v":0},0.2082,null,null,null,null,651725.37,0]
[2,2,2,3,{"$f":"IF($C248=1,OFFSET(E248,-1,0)+MAX(1,COUNTIF(QCI!$A$13:$A$24,OFFSET(ORÇAMENTO!E248,-1,0))),OFFSET(E248,-1,0))","v":2},1,0,0,0,156,{"$f":"IF(OR($C248=\"S\",$C248=0),0,MATCH(OFFSET($D248,0,$C248)+IF($C248<>1,1,COUNTIF(QCI!$A$13:$A$24,ORÇAMENTO!E248)),OFFSET($D248,1,$C248,ROW($C$404)-ROW($C248)),0))","v":3},"F","Nível 2","Nível 2","2.1.","SINAPI",null,"SERVIÇOS PRELIMINARES",{"$f":"REFERENCIA.Unidade","v":"-"},{"$f":"OFFSET(CÁLCULO!H$15,ROW($T248)-ROW(T$15),0)","v":0},0,"BDI 1",{"$f":"IF($C248=\"S\",ROUND(IF(TIPOORCAMENTO=\"Proposto\",ORÇAMENTO.CustoUnitario*(1+$AH248),ORÇAMENTO.PrecoUnitarioLicitado),15-13*$AF$10),0)","v":0},{"$f":"IF($C248=\"S\",IF(Import.TipoArredondamento<>\"TransfereGOV\",VTOTAL1,SUM(OFFSET(CÁLCULO!$AA$15,ROW($X248)-ROW($X$15),1):OFFSET(CÁLCULO!$AL$15,ROW($X248)-ROW($X$15),-1))),IF($C248=0,0,ROUND(SomaAgrup,15-13*$AF$11)))","v":11843.67},"RA","",{"$f":"IF($C248=\"S\",IF($Z248=\"CP\",$X248,IF($Z248=\"RA\",(($X248)*QCI!$AA$3),0)),SomaAgrup)","v":3177.350749366406},0,{"$f":"IF($N248=\"\",\"\",IF(ORÇAMENTO.Descricao=\"\",\"DESCRIÇÃO\",IF(AND($C248=\"S\",ORÇAMENTO.Unidade=\"\"),\"UNIDADE\",IF($X248<0,\"VALOR NEGATIVO\",IF(OR(AND(TIPOORCAMENTO=\"Proposto\",$AG248<>\"\",$AG248>0,ORÇAMENTO.CustoUnitario>$AG248),AND(TIPOORCAMENTO=\"LICITADO\",ORÇAMENTO.PrecoUnitarioLicitado>$AN248)),\"ACIMA REF.\",\"\")))))","v":""},{"$f":"IF(C248<=CRONO.NivelExibicao,MAX($AD$15:OFFSET(AD248,-1,0))+IF($C248<>1,1,MAX(1,COUNTIF(QCI!$A$13:$A$24,OFFSET($E248,-1,0)))),\"\")","v":16},{"$f":"IF(AND($C248=\"S\",ORÇAMENTO.CodBarra<>\"\"),IF(ORÇAMENTO.Fonte=\"\",ORÇAMENTO.CodBarra,CONCATENATE(ORÇAMENTO.Fonte,\" \",ORÇAMENTO.CodBarra)))","v":false},{"$f":"IF(ISERROR(INDIRECT(ORÇAMENTO.BancoRef)),\"(abra o arquivo 'Referência \"&Excel_BuiltIn_Database&\".xlsm)\",IF(OR($C248<>\"S\",ORÇAMENTO.CodBarra=\"\"),\"(Sem Código)\",IF(ISERROR(MATCH($AE248,INDIRECT(ORÇAMENTO.BancoRef),0)),\"(Código não identificado nas referências)\",MATCH($AE248,INDIRECT(ORÇAMENTO.BancoRef),0))))","v":"(Sem Código)"},{"$f":"ROUND(IF(DESONERACAO=\"sim\",REFERENCIA.Desonerado,REFERENCIA.NaoDesonerado),2)","v":0},0.2082,null,null,null,null,11843.67,0]
["S",2,"S",0,{"$f":"IF($C249=1,OFFSET(E249,-1,0)+MAX(1,COUNTIF(QCI!$A$13:$A$24,OFFSET(ORÇAMENTO!E249,-1,0))),OFFSET(E249,-1,0))","v":2},1,0,0,1,0,{"$f":"IF(OR($C249=\"S\",$C249=0),0,MATCH(OFFSET($D249,0,$C249)+IF($C249<>1,1,COUNTIF(QCI!$A$13:$A$24,ORÇAMENTO!E249)),OFFSET($D249,1,$C249,ROW($C$404)-ROW($C249)),0))","v":0},"F","Serviço","Serviço","2.1.0.0.1.","SINAPI","99059",{"$f":"IF($C249=\"S\",REFERENCIA.Descricao,\"(digite a descrição aqui)\")","v":"LOCAÇÃO CONVENCIONAL DE OBRA, UTILIZANDO GABARITO DE TÁBUAS CORRIDAS PONTALETADAS A CADA 2,00M -  2 UTILIZAÇÕES. AF_03/2024"},{"$f":"REFERENCIA.Unidade","v":"M"},{"$f":"OFFSET(CÁLCULO!H$15,ROW($T249)-ROW(T$15),0)","v":133.19999999999999},72.53,"BDI 1",{"$f":"IF($C249=\"S\",ROUND(IF(TIPOORCAMENTO=\"Proposto\",ORÇAMENTO.CustoUnitario*(1+$AH249),ORÇAMENTO.PrecoUnitarioLicitado),15-13*$AF$10),0)","v":87.63},{"$f":"IF($C249=\"S\",IF(Import.TipoArredondamento<>\"TransfereGOV\",VTOTAL1,SUM(OFFSET(CÁLCULO!$AA$15,ROW($X249)-ROW($X$15),1):OFFSET(CÁLCULO!$AL$15,ROW($X249)-ROW($X$15),-1))),IF($C249=0,0,ROUND(SomaAgrup,15-13*$AF$11)))","v":11672.32},"RA","RA",{"$f":"IF($C249=\"S\",IF($Z249=\"CP\",$X249,IF($Z249=\"RA\",(($X249)*QCI!$AA$3),0)),SomaAgrup)","v":3131.3819701869852},0,{"$f":"IF($N249=\"\",\"\",IF(ORÇAMENTO.Descricao=\"\",\"DESCRIÇÃO\",IF(AND($C249=\"S\",ORÇAMENTO.Unidade=\"\"),\"UNIDADE\",IF($X249<0,\"VALOR NEGATIVO\",IF(OR(AND(TIPOORCAMENTO=\"Proposto\",$AG249<>\"\",$AG249>0,ORÇAMENTO.CustoUnitario>$AG249),AND(TIPOORCAMENTO=\"LICITADO\",ORÇAMENTO.PrecoUnitarioLicitado>$AN249)),\"ACIMA REF.\",\"\")))))","v":""},{"$f":"IF(C249<=CRONO.NivelExibicao,MAX($AD$15:OFFSET(AD249,-1,0))+IF($C249<>1,1,MAX(1,COUNTIF(QCI!$A$13:$A$24,OFFSET($E249,-1,0)))),\"\")","v":""},{"$f":"IF(AND($C249=\"S\",ORÇAMENTO.CodBarra<>\"\"),IF(ORÇAMENTO.Fonte=\"\",ORÇAMENTO.CodBarra,CONCATENATE(ORÇAMENTO.Fonte,\" \",ORÇAMENTO.CodBarra)))","v":"SINAPI 99059"},{"$f":"IF(ISERROR(INDIRECT(ORÇAMENTO.BancoRef)),\"(abra o arquivo 'Referência \"&Excel_BuiltIn_Database&\".xlsm)\",IF(OR($C249<>\"S\",ORÇAMENTO.CodBarra=\"\"),\"(Sem Código)\",IF(ISERROR(MATCH($AE249,INDIRECT(ORÇAMENTO.BancoRef),0)),\"(Código não identificado nas referências)\",MATCH($AE249,INDIRECT(ORÇAMENTO.BancoRef),0))))","v":7117},{"$f":"ROUND(IF(DESONERACAO=\"sim\",REFERENCIA.Desonerado,REFERENCIA.NaoDesonerado),2)","v":72.53},0.2082,null,133.19999999999999,null,null,11672.32,87.63]
["S",2,"S",0,{"$f":"IF($C250=1,OFFSET(E250,-1,0)+MAX(1,COUNTIF(QCI!$A$13:$A$24,OFFSET(ORÇAMENTO!E250,-1,0))),OFFSET(E250,-1,0))","v":2},1,0,0,2,0,{"$f":"IF(OR($C250=\"S\",$C250=0),0,MATCH(OFFSET($D250,0,$C250)+IF($C250<>1,1,COUNTIF(QCI!$A$13:$A$24,ORÇAMENTO!E250)),OFFSET($D250,1,$C250,ROW($C$404)-ROW($C250)),0))","v":0},"F","Serviço","Serviço","2.1.0.0.2.","SINAPI","98525",{"$f":"IF($C250=\"S\",REFERENCIA.Descricao,\"(digite a descrição aqui)\")","v":"LIMPEZA MECANIZADA DE CAMADA VEGETAL, VEGETAÇÃO E PEQUENAS ÁRVORES (DIÂMETRO DE TRONCO MENOR QUE 0,20 M), COM TRATOR DE ESTEIRAS. AF_03/2024"},{"$f":"REFERENCIA.Unidade","v":"M2"},{"$f":"OFFSET(CÁLCULO!H$15,ROW($T250)-ROW(T$15),0)","v":206.45},0.69,"BDI 1",{"$f":"IF($C250=\"S\",ROUND(IF(TIPOORCAMENTO=\"Proposto\",ORÇAMENTO.CustoUnitario*(1+$AH250),ORÇAMENTO.PrecoUnitarioLicitado),15-13*$AF$10),0)","v":0.83},{"$f":"IF($C250=\"S\",IF(Import.TipoArredondamento<>\"TransfereGOV\",VTOTAL1,SUM(OFFSET(CÁLCULO!$AA$15,ROW($X250)-ROW($X$15),1):OFFSET(CÁLCULO!$AL$15,ROW($X250)-ROW($X$15),-1))),IF($C250=0,0,ROUND(SomaAgrup,15-13*$AF$11)))","v":171.35},"RA","RA",{"$f":"IF($C250=\"S\",IF($Z250=\"CP\",$X250,IF($Z250=\"RA\",(($X250)*QCI!$AA$3),0)),SomaAgrup)","v":45.968779179421048},0,{"$f":"IF($N250=\"\",\"\",IF(ORÇAMENTO.Descricao=\"\",\"DESCRIÇÃO\",IF(AND($C250=\"S\",ORÇAMENTO.Unidade=\"\"),\"UNIDADE\",IF($X250<0,\"VALOR NEGATIVO\",IF(OR(AND(TIPOORCAMENTO=\"Proposto\",$AG250<>\"\",$AG250>0,ORÇAMENTO.CustoUnitario>$AG250),AND(TIPOORCAMENTO=\"LICITADO\",ORÇAMENTO.PrecoUnitarioLicitado>$AN250)),\"ACIMA REF.\",\"\")))))","v":""},{"$f":"IF(C250<=CRONO.NivelExibicao,MAX($AD$15:OFFSET(AD250,-1,0))+IF($C250<>1,1,MAX(1,COUNTIF(QCI!$A$13:$A$24,OFFSET($E250,-1,0)))),\"\")","v":""},{"$f":"IF(AND($C250=\"S\",ORÇAMENTO.CodBarra<>\"\"),IF(ORÇAMENTO.Fonte=\"\",ORÇAMENTO.CodBarra,CONCATENATE(ORÇAMENTO.Fonte,\" \",ORÇAMENTO.CodBarra)))","v":"SINAPI 98525"},{"$f":"IF(ISERROR(INDIRECT(ORÇAMENTO.BancoRef)),\"(abra o arquivo 'Referência \"&Excel_BuiltIn_Database&\".xlsm)\",IF(OR($C250<>\"S\",ORÇAMENTO.CodBarra=\"\"),\"(Sem Código)\",IF(ISERROR(MATCH($AE250,INDIRECT(ORÇAMENTO.BancoRef),0)),\"(Código não identificado nas referências)\",MATCH($AE250,INDIRECT(ORÇAMENTO.BancoRef),0))))","v":7322},{"$f":"ROUND(IF(DESONERACAO=\"sim\",REFERENCIA.Desonerado,REFERENCIA.NaoDesonerado),2)","v":0.69},0.2082,null,206.45,null,null,171.35,0.83]
[2,2,2,3,{"$f":"IF($C251=1,OFFSET(E251,-1,0)+MAX(1,COUNTIF(QCI!$A$13:$A$24,OFFSET(ORÇAMENTO!E251,-1,0))),OFFSET(E251,-1,0))","v":2},2,0,0,0,153,{"$f":"IF(OR($C251=\"S\",$C251=0),0,MATCH(OFFSET($D251,0,$C251)+IF($C251<>1,1,COUNTIF(QCI!$A$13:$A$24,ORÇAMENTO!E251)),OFFSET($D251,1,$C251,ROW($C$404)-ROW($C251)),0))","v":3},"F","Nível 2","Nível 2","2.2.","SINAPI",null,"MOVIMENTO DE TERRA",{"$f":"REFERENCIA.Unidade","v":"-"},{"$f":"OFFSET(CÁLCULO!H$15,ROW($T251)-ROW(T$15),0)","v":0},0,"BDI 1",{"$f":"IF($C251=\"S\",ROUND(IF(TIPOORCAMENTO=\"Proposto\",ORÇAMENTO.CustoUnitario*(1+$AH251),ORÇAMENTO.PrecoUnitarioLicitado),15-13*$AF$10),0)","v":0},{"$f":"IF($C251=\"S\",IF(Import.TipoArredondamento<>\"TransfereGOV\",VTOTAL1,SUM(OFFSET(CÁLCULO!$AA$15,ROW($X251)-ROW($X$15),1):OFFSET(CÁLCULO!$AL$15,ROW($X251)-ROW($X$15),-1))),IF($C251=0,0,ROUND(SomaAgrup,15-13*$AF$11)))","v":2375.25},"RA","",{"$f":"IF($C251=\"S\",IF($Z251=\"CP\",$X251,IF($Z251=\"RA\",(($X251)*QCI!$AA$3),0)),SomaAgrup)","v":637.21822437070239},0,{"$f":"IF($N251=\"\",\"\",IF(ORÇAMENTO.Descricao=\"\",\"DESCRIÇÃO\",IF(AND($C251=\"S\",ORÇAMENTO.Unidade=\"\"),\"UNIDADE\",IF($X251<0,\"VALOR NEGATIVO\",IF(OR(AND(TIPOORCAMENTO=\"Proposto\",$AG251<>\"\",$AG251>0,ORÇAMENTO.CustoUnitario>$AG251),AND(TIPOORCAMENTO=\"LICITADO\",ORÇAMENTO.PrecoUnitarioLicitado>$AN251)),\"ACIMA REF.\",\"\")))))","v":""},{"$f":"IF(C251<=CRONO.NivelExibicao,MAX($AD$15:OFFSET(AD251,-1,0))+IF($C251<>1,1,MAX(1,COUNTIF(QCI!$A$13:$A$24,OFFSET($E251,-1,0)))),\"\")","v":17},{"$f":"IF(AND($C251=\"S\",ORÇAMENTO.CodBarra<>\"\"),IF(ORÇAMENTO.Fonte=\"\",ORÇAMENTO.CodBarra,CONCATENATE(ORÇAMENTO.Fonte,\" \",ORÇAMENTO.CodBarra)))","v":false},{"$f":"IF(ISERROR(INDIRECT(ORÇAMENTO.BancoRef)),\"(abra o arquivo 'Referência \"&Excel_BuiltIn_Database&\".xlsm)\",IF(OR($C251<>\"S\",ORÇAMENTO.CodBarra=\"\"),\"(Sem Código)\",IF(ISERROR(MATCH($AE251,INDIRECT(ORÇAMENTO.BancoRef),0)),\"(Código não identificado nas referências)\",MATCH($AE251,INDIRECT(ORÇAMENTO.BancoRef),0))))","v":"(Sem Código)"},{"$f":"ROUND(IF(DESONERACAO=\"sim\",REFERENCIA.Desonerado,REFERENCIA.NaoDesonerado),2)","v":0},0.2082,null,null,null,null,2375.25,0]
["S",2,"S",0,{"$f":"IF($C252=1,OFFSET(E252,-1,0)+MAX(1,COUNTIF(QCI!$A$13:$A$24,OFFSET(ORÇAMENTO!E252,-1,0))),OFFSET(E252,-1,0))","v":2},2,0,0,1,0,{"$f":"IF(OR($C252=\"S\",$C252=0),0,MATCH(OFFSET($D252,0,$C252)+IF($C252<>1,1,COUNTIF(QCI!$A$13:$A$24,ORÇAMENTO!E252)),OFFSET($D252,1,$C252,ROW($C$404)-ROW($C252)),0))","v":0},"F","Serviço","Serviço","2.2.0.0.1.","SINAPI","96520",{"$f":"IF($C252=\"S\",REFERENCIA.Descricao,\"(digite a descrição aqui)\")","v":"ESCAVAÇÃO MECANIZADA PARA BLOCO DE COROAMENTO OU SAPATA COM RETROESCAVADEIRA (SEM ESCAVAÇÃO PARA COLOCAÇÃO DE FÔRMAS). AF_01/2024"},{"$f":"REFERENCIA.Unidade","v":"M3"},{"$f":"OFFSET(CÁLCULO!H$15,ROW($T252)-ROW(T$15),0)","v":11.18},105.82,"BDI 1",{"$f":"IF($C252=\"S\",ROUND(IF(TIPOORCAMENTO=\"Proposto\",ORÇAMENTO.CustoUnitario*(1+$AH252),ORÇAMENTO.PrecoUnitarioLicitado),15-13*$AF$10),0)","v":127.85},{"$f":"IF($C252=\"S\",IF(Import.TipoArredondamento<>\"TransfereGOV\",VTOTAL1,SUM(OFFSET(CÁLCULO!$AA$15,ROW($X252)-ROW($X$15),1):OFFSET(CÁLCULO!$AL$15,ROW($X252)-ROW($X$15),-1))),IF($C252=0,0,ROUND(SomaAgrup,15-13*$AF$11)))","v":1429.36},"RA","RA",{"$f":"IF($C252=\"S\",IF($Z252=\"CP\",$X252,IF($Z252=\"RA\",(($X252)*QCI!$AA$3),0)),SomaAgrup)","v":383.46036888180492},0,{"$f":"IF($N252=\"\",\"\",IF(ORÇAMENTO.Descricao=\"\",\"DESCRIÇÃO\",IF(AND($C252=\"S\",ORÇAMENTO.Unidade=\"\"),\"UNIDADE\",IF($X252<0,\"VALOR NEGATIVO\",IF(OR(AND(TIPOORCAMENTO=\"Proposto\",$AG252<>\"\",$AG252>0,ORÇAMENTO.CustoUnitario>$AG252),AND(TIPOORCAMENTO=\"LICITADO\",ORÇAMENTO.PrecoUnitarioLicitado>$AN252)),\"ACIMA REF.\",\"\")))))","v":""},{"$f":"IF(C252<=CRONO.NivelExibicao,MAX($AD$15:OFFSET(AD252,-1,0))+IF($C252<>1,1,MAX(1,COUNTIF(QCI!$A$13:$A$24,OFFSET($E252,-1,0)))),\"\")","v":""},{"$f":"IF(AND($C252=\"S\",ORÇAMENTO.CodBarra<>\"\"),IF(ORÇAMENTO.Fonte=\"\",ORÇAMENTO.CodBarra,CONCATENATE(ORÇAMENTO.Fonte,\" \",ORÇAMENTO.CodBarra)))","v":"SINAPI 96520"},{"$f":"IF(ISERROR(INDIRECT(ORÇAMENTO.BancoRef)),\"(abra o arquivo 'Referência \"&Excel_BuiltIn_Database&\".xlsm)\",IF(OR($C252<>\"S\",ORÇAMENTO.CodBarra=\"\"),\"(Sem Código)\",IF(ISERROR(MATCH($AE252,INDIRECT(ORÇAMENTO.BancoRef),0)),\"(Código não identificado nas referências)\",MATCH($AE252,INDIRECT(ORÇAMENTO.BancoRef),0))))","v":5719},{"$f":"ROUND(IF(DESONERACAO=\"sim\",REFERENCIA.Desonerado,REFERENCIA.NaoDesonerado),2)","v":105.82},0.2082,null,11.18,null,null,1429.36,127.85]
["S",2,"S",0,{"$f":"IF($C253=1,OFFSET(E253,-1,0)+MAX(1,COUNTIF(QCI!$A$13:$A$24,OFFSET(ORÇAMENTO!E253,-1,0))),OFFSET(E253,-1,0))","v":2},2,0,0,2,0,{"$f":"IF(OR($C253=\"S\",$C253=0),0,MATCH(OFFSET($D253,0,$C253)+IF($C253<>1,1,COUNTIF(QCI!$A$13:$A$24,ORÇAMENTO!E253)),OFFSET($D253,1,$C253,ROW($C$404)-ROW($C253)),0))","v":0},"F","Serviço","Serviço","2.2.0.0.2.","SINAPI","96525",{"$f":"IF($C253=\"S\",REFERENCIA.Descricao,\"(digite a descrição aqui)\")","v":"ESCAVAÇÃO MECANIZADA PARA VIGA BALDRAME OU SAPATA CORRIDA COM MINI-ESCAVADEIRA (INCLUINDO ESCAVAÇÃO PARA COLOCAÇÃO DE FÔRMAS). AF_01/2024"},{"$f":"REFERENCIA.Unidade","v":"M3"},{"$f":"OFFSET(CÁLCULO!H$15,ROW($T253)-ROW(T$15),0)","v":14.08},55.6,"BDI 1",{"$f":"IF($C253=\"S\",ROUND(IF(TIPOORCAMENTO=\"Proposto\",ORÇAMENTO.CustoUnitario*(1+$AH253),ORÇAMENTO.PrecoUnitarioLicitado),15-13*$AF$10),0)","v":67.180000000000007},{"$f":"IF($C253=\"S\",IF(Import.TipoArredondamento<>\"TransfereGOV\",VTOTAL1,SUM(OFFSET(CÁLCULO!$AA$15,ROW($X253)-ROW($X$15),1):OFFSET(CÁLCULO!$AL$15,ROW($X253)-ROW($X$15),-1))),IF($C253=0,0,ROUND(SomaAgrup,15-13*$AF$11)))","v":945.89},"RA","RA",{"$f":"IF($C253=\"S\",IF($Z253=\"CP\",$X253,IF($Z253=\"RA\",(($X253)*QCI!$AA$3),0)),SomaAgrup)","v":253.75785548889746},0,{"$f":"IF($N253=\"\",\"\",IF(ORÇAMENTO.Descricao=\"\",\"DESCRIÇÃO\",IF(AND($C253=\"S\",ORÇAMENTO.Unidade=\"\"),\"UNIDADE\",IF($X253<0,\"VALOR NEGATIVO\",IF(OR(AND(TIPOORCAMENTO=\"Proposto\",$AG253<>\"\",$AG253>0,ORÇAMENTO.CustoUnitario>$AG253),AND(TIPOORCAMENTO=\"LICITADO\",ORÇAMENTO.PrecoUnitarioLicitado>$AN253)),\"ACIMA REF.\",\"\")))))","v":""},{"$f":"IF(C253<=CRONO.NivelExibicao,MAX($AD$15:OFFSET(AD253,-1,0))+IF($C253<>1,1,MAX(1,COUNTIF(QCI!$A$13:$A$24,OFFSET($E253,-1,0)))),\"\")","v":""},{"$f":"IF(AND($C253=\"S\",ORÇAMENTO.CodBarra<>\"\"),IF(ORÇAMENTO.Fonte=\"\",ORÇAMENTO.CodBarra,CONCATENATE(ORÇAMENTO.Fonte,\" \",ORÇAMENTO.CodBarra)))","v":"SINAPI 96525"},{"$f":"IF(ISERROR(INDIRECT(ORÇAMENTO.BancoRef)),\"(abra o arquivo 'Referência \"&Excel_BuiltIn_Database&\".xlsm)\",IF(OR($C253<>\"S\",ORÇAMENTO.CodBarra=\"\"),\"(Sem Código)\",IF(ISERROR(MATCH($AE253,INDIRECT(ORÇAMENTO.BancoRef),0)),\"(Código não identificado nas referências)\",MATCH($AE253,INDIRECT(ORÇAMENTO.BancoRef),0))))","v":5724},{"$f":"ROUND(IF(DESONERACAO=\"sim\",REFERENCIA.Desonerado,REFERENCIA.NaoDesonerado),2)","v":55.6},0.2082,null,14.08,null,null,945.89,67.180000000000007]
[2,2,2,35,{"$f":"IF($C254=1,OFFSET(E254,-1,0)+MAX(1,COUNTIF(QCI!$A$13:$A$24,OFFSET(ORÇAMENTO!E254,-1,0))),OFFSET(E254,-1,0))","v":2},3,0,0,0,150,{"$f":"IF(OR($C254=\"S\",$C254=0),0,MATCH(OFFSET($D254,0,$C254)+IF($C254<>1,1,COUNTIF(QCI!$A$13:$A$24,ORÇAMENTO!E254)),OFFSET($D254,1,$C254,ROW($C$404)-ROW($C254)),0))","v":35},"F","Nível 2","Nível 2","2.3.","SINAPI",null,"ESTRUTURAS",{"$f":"REFERENCIA.Unidade","v":"-"},{"$f":"OFFSET(CÁLCULO!H$15,ROW($T254)-ROW(T$15),0)","v":0},0,"BDI 1",{"$f":"IF($C254=\"S\",ROUND(IF(TIPOORCAMENTO=\"Proposto\",ORÇAMENTO.CustoUnitario*(1+$AH254),ORÇAMENTO.PrecoUnitarioLicitado),15-13*$AF$10),0)","v":0},{"$f":"IF($C254=\"S\",IF(Import.TipoArredondamento<>\"TransfereGOV\",VTOTAL1,SUM(OFFSET(CÁLCULO!$AA$15,ROW($X254)-ROW($X$15),1):OFFSET(CÁLCULO!$AL$15,ROW($X254)-ROW($X$15),-1))),IF($C254=0,0,ROUND(SomaAgrup,15-13*$AF$11)))","v":138252.15},"RA","",{"$f":"IF($C254=\"S\",IF($Z254=\"CP\",$X254,IF($Z254=\"RA\",(($X254)*QCI!$AA$3),0)),SomaAgrup)","v":37089.480912927917},0,{"$f":"IF($N254=\"\",\"\",IF(ORÇAMENTO.Descricao=\"\",\"DESCRIÇÃO\",IF(AND($C254=\"S\",ORÇAMENTO.Unidade=\"\"),\"UNIDADE\",IF($X254<0,\"VALOR NEGATIVO\",IF(OR(AND(TIPOORCAMENTO=\"Proposto\",$AG254<>\"\",$AG254>0,ORÇAMENTO.CustoUnitario>$AG254),AND(TIPOORCAMENTO=\"LICITADO\",ORÇAMENTO.PrecoUnitarioLicitado>$AN254)),\"ACIMA REF.\",\"\")))))","v":""},{"$f":"IF(C254<=CRONO.NivelExibicao,MAX($AD$15:OFFSET(AD254,-1,0))+IF($C254<>1,1,MAX(1,COUNTIF(QCI!$A$13:$A$24,OFFSET($E254,-1,0)))),\"\")","v":18},{"$f":"IF(AND($C254=\"S\",ORÇAMENTO.CodBarra<>\"\"),IF(ORÇAMENTO.Fonte=\"\",ORÇAMENTO.CodBarra,CONCATENATE(ORÇAMENTO.Fonte,\" \",ORÇAMENTO.CodBarra)))","v":false},{"$f":"IF(ISERROR(INDIRECT(ORÇAMENTO.BancoRef)),\"(abra o arquivo 'Referência \"&Excel_BuiltIn_Database&\".xlsm)\",IF(OR($C254<>\"S\",ORÇAMENTO.CodBarra=\"\"),\"(Sem Código)\",IF(ISERROR(MATCH($AE254,INDIRECT(ORÇAMENTO.BancoRef),0)),\"(Código não identificado nas referências)\",MATCH($AE254,INDIRECT(ORÇAMENTO.BancoRef),0))))","v":"(Sem Código)"},{"$f":"ROUND(IF(DESONERACAO=\"sim\",REFERENCIA.Desonerado,REFERENCIA.NaoDesonerado),2)","v":0},0.2082,null,null,null,null,138252.15,0]
[3,3,3,4,{"$f":"IF($C255=1,OFFSET(E255,-1,0)+MAX(1,COUNTIF(QCI!$A$13:$A$24,OFFSET(ORÇAMENTO!E255,-1,0))),OFFSET(E255,-1,0))","v":2},3,1,0,0,34,{"$f":"IF(OR($C255=\"S\",$C255=0),0,MATCH(OFFSET($D255,0,$C255)+IF($C255<>1,1,COUNTIF(QCI!$A$13:$A$24,ORÇAMENTO!E255)),OFFSET($D255,1,$C255,ROW($C$404)-ROW($C255)),0))","v":4},"F","Nível 3","Nível 3","2.3.1.","SINAPI",null,"SAPATAS",{"$f":"REFERENCIA.Unidade","v":"-"},{"$f":"OFFSET(CÁLCULO!H$15,ROW($T255)-ROW(T$15),0)","v":0},0,"BDI 1",{"$f":"IF($C255=\"S\",ROUND(IF(TIPOORCAMENTO=\"Proposto\",ORÇAMENTO.CustoUnitario*(1+$AH255),ORÇAMENTO.PrecoUnitarioLicitado),15-13*$AF$10),0)","v":0},{"$f":"IF($C255=\"S\",IF(Import.TipoArredondamento<>\"TransfereGOV\",VTOTAL1,SUM(OFFSET(CÁLCULO!$AA$15,ROW($X255)-ROW($X$15),1):OFFSET(CÁLCULO!$AL$15,ROW($X255)-ROW($X$15),-1))),IF($C255=0,0,ROUND(SomaAgrup,15-13*$AF$11)))","v":14240.78},"RA","",{"$f":"IF($C255=\"S\",IF($Z255=\"CP\",$X255,IF($Z255=\"RA\",(($X255)*QCI!$AA$3),0)),SomaAgrup)","v":3820.4334471124348},0,{"$f":"IF($N255=\"\",\"\",IF(ORÇAMENTO.Descricao=\"\",\"DESCRIÇÃO\",IF(AND($C255=\"S\",ORÇAMENTO.Unidade=\"\"),\"UNIDADE\",IF($X255<0,\"VALOR NEGATIVO\",IF(OR(AND(TIPOORCAMENTO=\"Proposto\",$AG255<>\"\",$AG255>0,ORÇAMENTO.CustoUnitario>$AG255),AND(TIPOORCAMENTO=\"LICITADO\",ORÇAMENTO.PrecoUnitarioLicitado>$AN255)),\"ACIMA REF.\",\"\")))))","v":""},{"$f":"IF(C255<=CRONO.NivelExibicao,MAX($AD$15:OFFSET(AD255,-1,0))+IF($C255<>1,1,MAX(1,COUNTIF(QCI!$A$13:$A$24,OFFSET($E255,-1,0)))),\"\")","v":""},{"$f":"IF(AND($C255=\"S\",ORÇAMENTO.CodBarra<>\"\"),IF(ORÇAMENTO.Fonte=\"\",ORÇAMENTO.CodBarra,CONCATENATE(ORÇAMENTO.Fonte,\" \",ORÇAMENTO.CodBarra)))","v":false},{"$f":"IF(ISERROR(INDIRECT(ORÇAMENTO.BancoRef)),\"(abra o arquivo 'Referência \"&Excel_BuiltIn_Database&\".xlsm)\",IF(OR($C255<>\"S\",ORÇAMENTO.CodBarra=\"\"),\"(Sem Código)\",IF(ISERROR(MATCH($AE255,INDIRECT(ORÇAMENTO.BancoRef),0)),\"(Código não identificado nas referências)\",MATCH($AE255,INDIRECT(ORÇAMENTO.BancoRef),0))))","v":"(Sem Código)"},{"$f":"ROUND(IF(DESONERACAO=\"sim\",REFERENCIA.Desonerado,REFERENCIA.NaoDesonerado),2)","v":0},0.2082,null,null,null,null,14240.78,0]
["S",3,"S",0,{"$f":"IF($C256=1,OFFSET(E256,-1,0)+MAX(1,COUNTIF(QCI!$A$13:$A$24,OFFSET(ORÇAMENTO!E256,-1,0))),OFFSET(E256,-1,0))","v":2},3,1,0,1,0,{"$f":"IF(OR($C256=\"S\",$C256=0),0,MATCH(OFFSET($D256,0,$C256)+IF($C256<>1,1,COUNTIF(QCI!$A$13:$A$24,ORÇAMENTO!E256)),OFFSET($D256,1,$C256,ROW($C$404)-ROW($C256)),0))","v":0},"F","Serviço","Serviço","2.3.1.0.1.","SINAPI","96545",{"$f":"IF($C256=\"S\",REFERENCIA.Descricao,\"(digite a descrição aqui)\")","v":"ARMAÇÃO DE BLOCO UTILIZANDO AÇO CA-50 DE 8 MM - MONTAGEM. AF_01/2024"},{"$f":"REFERENCIA.Unidade","v":"KG"},{"$f":"OFFSET(CÁLCULO!H$15,ROW($T256)-ROW(T$15),0)","v":190.79},16.98,"BDI 1",{"$f":"IF($C256=\"S\",ROUND(IF(TIPOORCAMENTO=\"Proposto\",ORÇAMENTO.CustoUnitario*(1+$AH256),ORÇAMENTO.PrecoUnitarioLicitado),15-13*$AF$10),0)","v":20.52},{"$f":"IF($C256=\"S\",IF(Import.TipoArredondamento<>\"TransfereGOV\",VTOTAL1,SUM(OFFSET(CÁLCULO!$AA$15,ROW($X256)-ROW($X$15),1):OFFSET(CÁLCULO!$AL$15,ROW($X256)-ROW($X$15),-1))),IF($C256=0,0,ROUND(SomaAgrup,15-13*$AF$11)))","v":3915.01},"RA","RA",{"$f":"IF($C256=\"S\",IF($Z256=\"CP\",$X256,IF($Z256=\"RA\",(($X256)*QCI!$AA$3),0)),SomaAgrup)","v":1050.2960617171009},0,{"$f":"IF($N256=\"\",\"\",IF(ORÇAMENTO.Descricao=\"\",\"DESCRIÇÃO\",IF(AND($C256=\"S\",ORÇAMENTO.Unidade=\"\"),\"UNIDADE\",IF($X256<0,\"VALOR NEGATIVO\",IF(OR(AND(TIPOORCAMENTO=\"Proposto\",$AG256<>\"\",$AG256>0,ORÇAMENTO.CustoUnitario>$AG256),AND(TIPOORCAMENTO=\"LICITADO\",ORÇAMENTO.PrecoUnitarioLicitado>$AN256)),\"ACIMA REF.\",\"\")))))","v":""},{"$f":"IF(C256<=CRONO.NivelExibicao,MAX($AD$15:OFFSET(AD256,-1,0))+IF($C256<>1,1,MAX(1,COUNTIF(QCI!$A$13:$A$24,OFFSET($E256,-1,0)))),\"\")","v":""},{"$f":"IF(AND($C256=\"S\",ORÇAMENTO.CodBarra<>\"\"),IF(ORÇAMENTO.Fonte=\"\",ORÇAMENTO.CodBarra,CONCATENATE(ORÇAMENTO.Fonte,\" \",ORÇAMENTO.CodBarra)))","v":"SINAPI 96545"},{"$f":"IF(ISERROR(INDIRECT(ORÇAMENTO.BancoRef)),\"(abra o arquivo 'Referência \"&Excel_BuiltIn_Database&\".xlsm)\",IF(OR($C256<>\"S\",ORÇAMENTO.CodBarra=\"\"),\"(Sem Código)\",IF(ISERROR(MATCH($AE256,INDIRECT(ORÇAMENTO.BancoRef),0)),\"(Código não identificado nas referências)\",MATCH($AE256,INDIRECT(ORÇAMENTO.BancoRef),0))))","v":2696},{"$f":"ROUND(IF(DESONERACAO=\"sim\",REFERENCIA.Desonerado,REFERENCIA.NaoDesonerado),2)","v":16.98},0.2082,null,190.79,null,null,3915.01,20.52]
["S",3,"S",0,{"$f":"IF($C257=1,OFFSET(E257,-1,0)+MAX(1,COUNTIF(QCI!$A$13:$A$24,OFFSET(ORÇAMENTO!E257,-1,0))),OFFSET(E257,-1,0))","v":2},3,1,0,2,0,{"$f":"IF(OR($C257=\"S\",$C257=0),0,MATCH(OFFSET($D257,0,$C257)+IF($C257<>1,1,COUNTIF(QCI!$A$13:$A$24,ORÇAMENTO!E257)),OFFSET($D257,1,$C257,ROW($C$404)-ROW($C257)),0))","v":0},"F","Serviço","Serviço","2.3.1.0.2.","SINAPI","96621",{"$f":"IF($C257=\"S\",REFERENCIA.Descricao,\"(digite a descrição aqui)\")","v":"LASTRO COM MATERIAL GRANULAR, APLICAÇÃO EM BLOCOS DE COROAMENTO, ESPESSURA DE *5 CM*. AF_01/2024"},{"$f":"REFERENCIA.Unidade","v":"M3"},{"$f":"OFFSET(CÁLCULO!H$15,ROW($T257)-ROW(T$15),0)","v":1.1000000000000001},197.45,"BDI 1",{"$f":"IF($C257=\"S\",ROUND(IF(TIPOORCAMENTO=\"Proposto\",ORÇAMENTO.CustoUnitario*(1+$AH257),ORÇAMENTO.PrecoUnitarioLicitado),15-13*$AF$10),0)","v":238.56},{"$f":"IF($C257=\"S\",IF(Import.TipoArredondamento<>\"TransfereGOV\",VTOTAL1,SUM(OFFSET(CÁLCULO!$AA$15,ROW($X257)-ROW($X$15),1):OFFSET(CÁLCULO!$AL$15,ROW($X257)-ROW($X$15),-1))),IF($C257=0,0,ROUND(SomaAgrup,15-13*$AF$11)))","v":262.42},"RA","RA",{"$f":"IF($C257=\"S\",IF($Z257=\"CP\",$X257,IF($Z257=\"RA\",(($X257)*QCI!$AA$3),0)),SomaAgrup)","v":70.400507921001889},0,{"$f":"IF($N257=\"\",\"\",IF(ORÇAMENTO.Descricao=\"\",\"DESCRIÇÃO\",IF(AND($C257=\"S\",ORÇAMENTO.Unidade=\"\"),\"UNIDADE\",IF($X257<0,\"VALOR NEGATIVO\",IF(OR(AND(TIPOORCAMENTO=\"Proposto\",$AG257<>\"\",$AG257>0,ORÇAMENTO.CustoUnitario>$AG257),AND(TIPOORCAMENTO=\"LICITADO\",ORÇAMENTO.PrecoUnitarioLicitado>$AN257)),\"ACIMA REF.\",\"\")))))","v":""},{"$f":"IF(C257<=CRONO.NivelExibicao,MAX($AD$15:OFFSET(AD257,-1,0))+IF($C257<>1,1,MAX(1,COUNTIF(QCI!$A$13:$A$24,OFFSET($E257,-1,0)))),\"\")","v":""},{"$f":"IF(AND($C257=\"S\",ORÇAMENTO.CodBarra<>\"\"),IF(ORÇAMENTO.Fonte=\"\",ORÇAMENTO.CodBarra,CONCATENATE(ORÇAMENTO.Fonte,\" \",ORÇAMENTO.CodBarra)))","v":"SINAPI 96621"},{"$f":"IF(ISERROR(INDIRECT(ORÇAMENTO.BancoRef)),\"(abra o arquivo 'Referência \"&Excel_BuiltIn_Database&\".xlsm)\",IF(OR($C257<>\"S\",ORÇAMENTO.CodBarra=\"\"),\"(Sem Código)\",IF(ISERROR(MATCH($AE257,INDIRECT(ORÇAMENTO.BancoRef),0)),\"(Código não identificado nas referências)\",MATCH($AE257,INDIRECT(ORÇAMENTO.BancoRef),0))))","v":2369},{"$f":"ROUND(IF(DESONERACAO=\"sim\",REFERENCIA.Desonerado,REFERENCIA.NaoDesonerado),2)","v":197.45},0.2082,null,1.1000000000000001,null,null,262.42,238.56]
["S",3,"S",0,{"$f":"IF($C258=1,OFFSET(E258,-1,0)+MAX(1,COUNTIF(QCI!$A$13:$A$24,OFFSET(ORÇAMENTO!E258,-1,0))),OFFSET(E258,-1,0))","v":2},3,1,0,3,0,{"$f":"IF(OR($C258=\"S\",$C258=0),0,MATCH(OFFSET($D258,0,$C258)+IF($C258<>1,1,COUNTIF(QCI!$A$13:$A$24,ORÇAMENTO!E258)),OFFSET($D258,1,$C258,ROW($C$404)-ROW($C258)),0))","v":0},"F","Serviço","Serviço","2.3.1.0.3.","SINAPI","96558",{"$f":"IF($C258=\"S\",REFERENCIA.Descricao,\"(digite a descrição aqui)\")","v":"CONCRETAGEM DE SAPATA, FCK 30 MPA, COM USO DE BOMBA - LANÇAMENTO, ADENSAMENTO E ACABAMENTO. AF_01/2024"},{"$f":"REFERENCIA.Unidade","v":"M3"},{"$f":"OFFSET(CÁLCULO!H$15,ROW($T258)-ROW(T$15),0)","v":12.54},664.21,"BDI 1",{"$f":"IF($C258=\"S\",ROUND(IF(TIPOORCAMENTO=\"Proposto\",ORÇAMENTO.CustoUnitario*(1+$AH258),ORÇAMENTO.PrecoUnitarioLicitado),15-13*$AF$10),0)","v":802.5},{"$f":"IF($C258=\"S\",IF(Import.TipoArredondamento<>\"TransfereGOV\",VTOTAL1,SUM(OFFSET(CÁLCULO!$AA$15,ROW($X258)-ROW($X$15),1):OFFSET(CÁLCULO!$AL$15,ROW($X258)-ROW($X$15),-1))),IF($C258=0,0,ROUND(SomaAgrup,15-13*$AF$11)))","v":10063.35},"RA","RA",{"$f":"IF($C258=\"S\",IF($Z258=\"CP\",$X258,IF($Z258=\"RA\",(($X258)*QCI!$AA$3),0)),SomaAgrup)","v":2699.7368774743322},0,{"$f":"IF($N258=\"\",\"\",IF(ORÇAMENTO.Descricao=\"\",\"DESCRIÇÃO\",IF(AND($C258=\"S\",ORÇAMENTO.Unidade=\"\"),\"UNIDADE\",IF($X258<0,\"VALOR NEGATIVO\",IF(OR(AND(TIPOORCAMENTO=\"Proposto\",$AG258<>\"\",$AG258>0,ORÇAMENTO.CustoUnitario>$AG258),AND(TIPOORCAMENTO=\"LICITADO\",ORÇAMENTO.PrecoUnitarioLicitado>$AN258)),\"ACIMA REF.\",\"\")))))","v":""},{"$f":"IF(C258<=CRONO.NivelExibicao,MAX($AD$15:OFFSET(AD258,-1,0))+IF($C258<>1,1,MAX(1,COUNTIF(QCI!$A$13:$A$24,OFFSET($E258,-1,0)))),\"\")","v":""},{"$f":"IF(AND($C258=\"S\",ORÇAMENTO.CodBarra<>\"\"),IF(ORÇAMENTO.Fonte=\"\",ORÇAMENTO.CodBarra,CONCATENATE(ORÇAMENTO.Fonte,\" \",ORÇAMENTO.CodBarra)))","v":"SINAPI 96558"},{"$f":"IF(ISERROR(INDIRECT(ORÇAMENTO.BancoRef)),\"(abra o arquivo 'Referência \"&Excel_BuiltIn_Database&\".xlsm)\",IF(OR($C258<>\"S\",ORÇAMENTO.CodBarra=\"\"),\"(Sem Código)\",IF(ISERROR(MATCH($AE258,INDIRECT(ORÇAMENTO.BancoRef),0)),\"(Código não identificado nas referências)\",MATCH($AE258,INDIRECT(ORÇAMENTO.BancoRef),0))))","v":2750},{"$f":"ROUND(IF(DESONERACAO=\"sim\",REFERENCIA.Desonerado,REFERENCIA.NaoDesonerado),2)","v":664.21},0.2082,null,12.54,null,null,10063.35,802.5]
[3,3,3,6,{"$f":"IF($C259=1,OFFSET(E259,-1,0)+MAX(1,COUNTIF(QCI!$A$13:$A$24,OFFSET(ORÇAMENTO!E259,-1,0))),OFFSET(E259,-1,0))","v":2},3,2,0,0,30,{"$f":"IF(OR($C259=\"S\",$C259=0),0,MATCH(OFFSET($D259,0,$C259)+IF($C259<>1,1,COUNTIF(QCI!$A$13:$A$24,ORÇAMENTO!E259)),OFFSET($D259,1,$C259,ROW($C$404)-ROW($C259)),0))","v":6},"F","Nível 3","Nível 3","2.3.2.","SINAPI",null,"BALDRAMES",{"$f":"REFERENCIA.Unidade","v":"-"},{"$f":"OFFSET(CÁLCULO!H$15,ROW($T259)-ROW(T$15),0)","v":0},0,"BDI 1",{"$f":"IF($C259=\"S\",ROUND(IF(TIPOORCAMENTO=\"Proposto\",ORÇAMENTO.CustoUnitario*(1+$AH259),ORÇAMENTO.PrecoUnitarioLicitado),15-13*$AF$10),0)","v":0},{"$f":"IF($C259=\"S\",IF(Import.TipoArredondamento<>\"TransfereGOV\",VTOTAL1,SUM(OFFSET(CÁLCULO!$AA$15,ROW($X259)-ROW($X$15),1):OFFSET(CÁLCULO!$AL$15,ROW($X259)-ROW($X$15),-1))),IF($C259=0,0,ROUND(SomaAgrup,15-13*$AF$11)))","v":18868.71},"RA","",{"$f":"IF($C259=\"S\",IF($Z259=\"CP\",$X259,IF($Z259=\"RA\",(($X259)*QCI!$AA$3),0)),SomaAgrup)","v":5061.9875307296988},0,{"$f":"IF($N259=\"\",\"\",IF(ORÇAMENTO.Descricao=\"\",\"DESCRIÇÃO\",IF(AND($C259=\"S\",ORÇAMENTO.Unidade=\"\"),\"UNIDADE\",IF($X259<0,\"VALOR NEGATIVO\",IF(OR(AND(TIPOORCAMENTO=\"Proposto\",$AG259<>\"\",$AG259>0,ORÇAMENTO.CustoUnitario>$AG259),AND(TIPOORCAMENTO=\"LICITADO\",ORÇAMENTO.PrecoUnitarioLicitado>$AN259)),\"ACIMA REF.\",\"\")))))","v":""},{"$f":"IF(C259<=CRONO.NivelExibicao,MAX($AD$15:OFFSET(AD259,-1,0))+IF($C259<>1,1,MAX(1,COUNTIF(QCI!$A$13:$A$24,OFFSET($E259,-1,0)))),\"\")","v":""},{"$f":"IF(AND($C259=\"S\",ORÇAMENTO.CodBarra<>\"\"),IF(ORÇAMENTO.Fonte=\"\",ORÇAMENTO.CodBarra,CONCATENATE(ORÇAMENTO.Fonte,\" \",ORÇAMENTO.CodBarra)))","v":false},{"$f":"IF(ISERROR(INDIRECT(ORÇAMENTO.BancoRef)),\"(abra o arquivo 'Referência \"&Excel_BuiltIn_Database&\".xlsm)\",IF(OR($C259<>\"S\",ORÇAMENTO.CodBarra=\"\"),\"(Sem Código)\",IF(ISERROR(MATCH($AE259,INDIRECT(ORÇAMENTO.BancoRef),0)),\"(Código não identificado nas referências)\",MATCH($AE259,INDIRECT(ORÇAMENTO.BancoRef),0))))","v":"(Sem Código)"},{"$f":"ROUND(IF(DESONERACAO=\"sim\",REFERENCIA.Desonerado,REFERENCIA.NaoDesonerado),2)","v":0},0.2082,null,null,null,null,18868.71,0]
["S",3,"S",0,{"$f":"IF($C260=1,OFFSET(E260,-1,0)+MAX(1,COUNTIF(QCI!$A$13:$A$24,OFFSET(ORÇAMENTO!E260,-1,0))),OFFSET(E260,-1,0))","v":2},3,2,0,1,0,{"$f":"IF(OR($C260=\"S\",$C260=0),0,MATCH(OFFSET($D260,0,$C260)+IF($C260<>1,1,COUNTIF(QCI!$A$13:$A$24,ORÇAMENTO!E260)),OFFSET($D260,1,$C260,ROW($C$404)-ROW($C260)),0))","v":0},"F","Serviço","Serviço","2.3.2.0.1.","SINAPI","96536",{"$f":"IF($C260=\"S\",REFERENCIA.Descricao,\"(digite a descrição aqui)\")","v":"FABRICAÇÃO, MONTAGEM E DESMONTAGEM DE FÔRMA PARA VIGA BALDRAME, EM MADEIRA SERRADA, E=25 MM, 4 UTILIZAÇÕES. AF_01/2024"},{"$f":"REFERENCIA.Unidade","v":"M2"},{"$f":"OFFSET(CÁLCULO!H$15,ROW($T260)-ROW(T$15),0)","v":94.76},73.48,"BDI 1",{"$f":"IF($C260=\"S\",ROUND(IF(TIPOORCAMENTO=\"Proposto\",ORÇAMENTO.CustoUnitario*(1+$AH260),ORÇAMENTO.PrecoUnitarioLicitado),15-13*$AF$10),0)","v":88.78},{"$f":"IF($C260=\"S\",IF(Import.TipoArredondamento<>\"TransfereGOV\",VTOTAL1,SUM(OFFSET(CÁLCULO!$AA$15,ROW($X260)-ROW($X$15),1):OFFSET(CÁLCULO!$AL$15,ROW($X260)-ROW($X$15),-1))),IF($C260=0,0,ROUND(SomaAgrup,15-13*$AF$11)))","v":8412.7900000000009},"RA","RA",{"$f":"IF($C260=\"S\",IF($Z260=\"CP\",$X260,IF($Z260=\"RA\",(($X260)*QCI!$AA$3),0)),SomaAgrup)","v":2256.9342619949907},0,{"$f":"IF($N260=\"\",\"\",IF(ORÇAMENTO.Descricao=\"\",\"DESCRIÇÃO\",IF(AND($C260=\"S\",ORÇAMENTO.Unidade=\"\"),\"UNIDADE\",IF($X260<0,\"VALOR NEGATIVO\",IF(OR(AND(TIPOORCAMENTO=\"Proposto\",$AG260<>\"\",$AG260>0,ORÇAMENTO.CustoUnitario>$AG260),AND(TIPOORCAMENTO=\"LICITADO\",ORÇAMENTO.PrecoUnitarioLicitado>$AN260)),\"ACIMA REF.\",\"\")))))","v":""},{"$f":"IF(C260<=CRONO.NivelExibicao,MAX($AD$15:OFFSET(AD260,-1,0))+IF($C260<>1,1,MAX(1,COUNTIF(QCI!$A$13:$A$24,OFFSET($E260,-1,0)))),\"\")","v":""},{"$f":"IF(AND($C260=\"S\",ORÇAMENTO.CodBarra<>\"\"),IF(ORÇAMENTO.Fonte=\"\",ORÇAMENTO.CodBarra,CONCATENATE(ORÇAMENTO.Fonte,\" \",ORÇAMENTO.CodBarra)))","v":"SINAPI 96536"},{"$f":"IF(ISERROR(INDIRECT(ORÇAMENTO.BancoRef)),\"(abra o arquivo 'Referência \"&Excel_BuiltIn_Database&\".xlsm)\",IF(OR($C260<>\"S\",ORÇAMENTO.CodBarra=\"\"),\"(Sem Código)\",IF(ISERROR(MATCH($AE260,INDIRECT(ORÇAMENTO.BancoRef),0)),\"(Código não identificado nas referências)\",MATCH($AE260,INDIRECT(ORÇAMENTO.BancoRef),0))))","v":2504},{"$f":"ROUND(IF(DESONERACAO=\"sim\",REFERENCIA.Desonerado,REFERENCIA.NaoDesonerado),2)","v":73.48},0.2082,null,94.76,null,null,8412.7900000000009,88.78]
["S",3,"S",0,{"$f":"IF($C261=1,OFFSET(E261,-1,0)+MAX(1,COUNTIF(QCI!$A$13:$A$24,OFFSET(ORÇAMENTO!E261,-1,0))),OFFSET(E261,-1,0))","v":2},3,2,0,2,0,{"$f":"IF(OR($C261=\"S\",$C261=0),0,MATCH(OFFSET($D261,0,$C261)+IF($C261<>1,1,COUNTIF(QCI!$A$13:$A$24,ORÇAMENTO!E261)),OFFSET($D261,1,$C261,ROW($C$404)-ROW($C261)),0))","v":0},"F","Serviço","Serviço","2.3.2.0.2.","SINAPI","96546",{"$f":"IF($C261=\"S\",REFERENCIA.Descricao,\"(digite a descrição aqui)\")","v":"ARMAÇÃO DE BLOCO UTILIZANDO AÇO CA-50 DE 10 MM - MONTAGEM. AF_01/2024"},{"$f":"REFERENCIA.Unidade","v":"KG"},{"$f":"OFFSET(CÁLCULO!H$15,ROW($T261)-ROW(T$15),0)","v":255.24},14.61,"BDI 1",{"$f":"IF($C261=\"S\",ROUND(IF(TIPOORCAMENTO=\"Proposto\",ORÇAMENTO.CustoUnitario*(1+$AH261),ORÇAMENTO.PrecoUnitarioLicitado),15-13*$AF$10),0)","v":17.649999999999999},{"$f":"IF($C261=\"S\",IF(Import.TipoArredondamento<>\"TransfereGOV\",VTOTAL1,SUM(OFFSET(CÁLCULO!$AA$15,ROW($X261)-ROW($X$15),1):OFFSET(CÁLCULO!$AL$15,ROW($X261)-ROW($X$15),-1))),IF($C261=0,0,ROUND(SomaAgrup,15-13*$AF$11)))","v":4504.99},"RA","RA",{"$f":"IF($C261=\"S\",IF($Z261=\"CP\",$X261,IF($Z261=\"RA\",(($X261)*QCI!$AA$3),0)),SomaAgrup)","v":1208.572457049898},0,{"$f":"IF($N261=\"\",\"\",IF(ORÇAMENTO.Descricao=\"\",\"DESCRIÇÃO\",IF(AND($C261=\"S\",ORÇAMENTO.Unidade=\"\"),\"UNIDADE\",IF($X261<0,\"VALOR NEGATIVO\",IF(OR(AND(TIPOORCAMENTO=\"Proposto\",$AG261<>\"\",$AG261>0,ORÇAMENTO.CustoUnitario>$AG261),AND(TIPOORCAMENTO=\"LICITADO\",ORÇAMENTO.PrecoUnitarioLicitado>$AN261)),\"ACIMA REF.\",\"\")))))","v":""},{"$f":"IF(C261<=CRONO.NivelExibicao,MAX($AD$15:OFFSET(AD261,-1,0))+IF($C261<>1,1,MAX(1,COUNTIF(QCI!$A$13:$A$24,OFFSET($E261,-1,0)))),\"\")","v":""},{"$f":"IF(AND($C261=\"S\",ORÇAMENTO.CodBarra<>\"\"),IF(ORÇAMENTO.Fonte=\"\",ORÇAMENTO.CodBarra,CONCATENATE(ORÇAMENTO.Fonte,\" \",ORÇAMENTO.CodBarra)))","v":"SINAPI 96546"},{"$f":"IF(ISERROR(INDIRECT(ORÇAMENTO.BancoRef)),\"(abra o arquivo 'Referência \"&Excel_BuiltIn_Database&\".xlsm)\",IF(OR($C261<>\"S\",ORÇAMENTO.CodBarra=\"\"),\"(Sem Código)\",IF(ISERROR(MATCH($AE261,INDIRECT(ORÇAMENTO.BancoRef),0)),\"(Código não identificado nas referências)\",MATCH($AE261,INDIRECT(ORÇAMENTO.BancoRef),0))))","v":2697},{"$f":"ROUND(IF(DESONERACAO=\"sim\",REFERENCIA.Desonerado,REFERENCIA.NaoDesonerado),2)","v":14.61},0.2082,null,255.24,null,null,4504.99,17.649999999999999]
["S",3,"S",0,{"$f":"IF($C262=1,OFFSET(E262,-1,0)+MAX(1,COUNTIF(QCI!$A$13:$A$24,OFFSET(ORÇAMENTO!E262,-1,0))),OFFSET(E262,-1,0))","v":2},3,2,0,3,0,{"$f":"IF(OR($C262=\"S\",$C262=0),0,MATCH(OFFSET($D262,0,$C262)+IF($C262<>1,1,COUNTIF(QCI!$A$13:$A$24,ORÇAMENTO!E262)),OFFSET($D262,1,$C262,ROW($C$404)-ROW($C262)),0))","v":0},"F","Serviço","Serviço","2.3.2.0.3.","SINAPI","96543",{"$f":"IF($C262=\"S\",REFERENCIA.Descricao,\"(digite a descrição aqui)\")","v":"ARMAÇÃO DE BLOCO UTILIZANDO AÇO CA-60 DE 5 MM - MONTAGEM. AF_01/2024"},{"$f":"REFERENCIA.Unidade","v":"KG"},{"$f":"OFFSET(CÁLCULO!H$15,ROW($T262)-ROW(T$15),0)","v":84.15},22.16,"BDI 1",{"$f":"IF($C262=\"S\",ROUND(IF(TIPOORCAMENTO=\"Proposto\",ORÇAMENTO.CustoUnitario*(1+$AH262),ORÇAMENTO.PrecoUnitarioLicitado),15-13*$AF$10),0)","v":26.77},{"$f":"IF($C262=\"S\",IF(Import.TipoArredondamento<>\"TransfereGOV\",VTOTAL1,SUM(OFFSET(CÁLCULO!$AA$15,ROW($X262)-ROW($X$15),1):OFFSET(CÁLCULO!$AL$15,ROW($X262)-ROW($X$15),-1))),IF($C262=0,0,ROUND(SomaAgrup,15-13*$AF$11)))","v":2252.6999999999998},"RA","RA",{"$f":"IF($C262=\"S\",IF($Z262=\"CP\",$X262,IF($Z262=\"RA\",(($X262)*QCI!$AA$3),0)),SomaAgrup)","v":604.34122472997842},0,{"$f":"IF($N262=\"\",\"\",IF(ORÇAMENTO.Descricao=\"\",\"DESCRIÇÃO\",IF(AND($C262=\"S\",ORÇAMENTO.Unidade=\"\"),\"UNIDADE\",IF($X262<0,\"VALOR NEGATIVO\",IF(OR(AND(TIPOORCAMENTO=\"Proposto\",$AG262<>\"\",$AG262>0,ORÇAMENTO.CustoUnitario>$AG262),AND(TIPOORCAMENTO=\"LICITADO\",ORÇAMENTO.PrecoUnitarioLicitado>$AN262)),\"ACIMA REF.\",\"\")))))","v":""},{"$f":"IF(C262<=CRONO.NivelExibicao,MAX($AD$15:OFFSET(AD262,-1,0))+IF($C262<>1,1,MAX(1,COUNTIF(QCI!$A$13:$A$24,OFFSET($E262,-1,0)))),\"\")","v":""},{"$f":"IF(AND($C262=\"S\",ORÇAMENTO.CodBarra<>\"\"),IF(ORÇAMENTO.Fonte=\"\",ORÇAMENTO.CodBarra,CONCATENATE(ORÇAMENTO.Fonte,\" \",ORÇAMENTO.CodBarra)))","v":"SINAPI 96543"},{"$f":"IF(ISERROR(INDIRECT(ORÇAMENTO.BancoRef)),\"(abra o arquivo 'Referência \"&Excel_BuiltIn_Database&\".xlsm)\",IF(OR($C262<>\"S\",ORÇAMENTO.CodBarra=\"\"),\"(Sem Código)\",IF(ISERROR(MATCH($AE262,INDIRECT(ORÇAMENTO.BancoRef),0)),\"(Código não identificado nas referências)\",MATCH($AE262,INDIRECT(ORÇAMENTO.BancoRef),0))))","v":2511},{"$f":"ROUND(IF(DESONERACAO=\"sim\",REFERENCIA.Desonerado,REFERENCIA.NaoDesonerado),2)","v":22.16},0.2082,null,84.15,null,null,2252.6999999999998,26.77]
["S",3,"S",0,{"$f":"IF($C263=1,OFFSET(E263,-1,0)+MAX(1,COUNTIF(QCI!$A$13:$A$24,OFFSET(ORÇAMENTO!E263,-1,0))),OFFSET(E263,-1,0))","v":2},3,2,0,4,0,{"$f":"IF(OR($C263=\"S\",$C263=0),0,MATCH(OFFSET($D263,0,$C263)+IF($C263<>1,1,COUNTIF(QCI!$A$13:$A$24,ORÇAMENTO!E263)),OFFSET($D263,1,$C263,ROW($C$404)-ROW($C263)),0))","v":0},"F","Serviço","Serviço","2.3.2.0.4.","SINAPI","100324",{"$f":"IF($C263=\"S\",REFERENCIA.Descricao,\"(digite a descrição aqui)\")","v":"LASTRO COM MATERIAL GRANULAR (PEDRA BRITADA N.1 E PEDRA BRITADA N.2), APLICADO EM PISOS OU LAJES SOBRE SOLO, ESPESSURA DE *10 CM*. AF_01/2024"},{"$f":"REFERENCIA.Unidade","v":"M3"},{"$f":"OFFSET(CÁLCULO!H$15,ROW($T263)-ROW(T$15),0)","v":1.91},150.55000000000001,"BDI 1",{"$f":"IF($C263=\"S\",ROUND(IF(TIPOORCAMENTO=\"Proposto\",ORÇAMENTO.CustoUnitario*(1+$AH263),ORÇAMENTO.PrecoUnitarioLicitado),15-13*$AF$10),0)","v":181.89},{"$f":"IF($C263=\"S\",IF(Import.TipoArredondamento<>\"TransfereGOV\",VTOTAL1,SUM(OFFSET(CÁLCULO!$AA$15,ROW($X263)-ROW($X$15),1):OFFSET(CÁLCULO!$AL$15,ROW($X263)-ROW($X$15),-1))),IF($C263=0,0,ROUND(SomaAgrup,15-13*$AF$11)))","v":347.41},"RA","RA",{"$f":"IF($C263=\"S\",IF($Z263=\"CP\",$X263,IF($Z263=\"RA\",(($X263)*QCI!$AA$3),0)),SomaAgrup)","v":93.201129703663085},0,{"$f":"IF($N263=\"\",\"\",IF(ORÇAMENTO.Descricao=\"\",\"DESCRIÇÃO\",IF(AND($C263=\"S\",ORÇAMENTO.Unidade=\"\"),\"UNIDADE\",IF($X263<0,\"VALOR NEGATIVO\",IF(OR(AND(TIPOORCAMENTO=\"Proposto\",$AG263<>\"\",$AG263>0,ORÇAMENTO.CustoUnitario>$AG263),AND(TIPOORCAMENTO=\"LICITADO\",ORÇAMENTO.PrecoUnitarioLicitado>$AN263)),\"ACIMA REF.\",\"\")))))","v":""},{"$f":"IF(C263<=CRONO.NivelExibicao,MAX($AD$15:OFFSET(AD263,-1,0))+IF($C263<>1,1,MAX(1,COUNTIF(QCI!$A$13:$A$24,OFFSET($E263,-1,0)))),\"\")","v":""},{"$f":"IF(AND($C263=\"S\",ORÇAMENTO.CodBarra<>\"\"),IF(ORÇAMENTO.Fonte=\"\",ORÇAMENTO.CodBarra,CONCATENATE(ORÇAMENTO.Fonte,\" \",ORÇAMENTO.CodBarra)))","v":"SINAPI 100324"},{"$f":"IF(ISERROR(INDIRECT(ORÇAMENTO.BancoRef)),\"(abra o arquivo 'Referência \"&Excel_BuiltIn_Database&\".xlsm)\",IF(OR($C263<>\"S\",ORÇAMENTO.CodBarra=\"\"),\"(Sem Código)\",IF(ISERROR(MATCH($AE263,INDIRECT(ORÇAMENTO.BancoRef),0)),\"(Código não identificado nas referências)\",MATCH($AE263,INDIRECT(ORÇAMENTO.BancoRef),0))))","v":2391},{"$f":"ROUND(IF(DESONERACAO=\"sim\",REFERENCIA.Desonerado,REFERENCIA.NaoDesonerado),2)","v":150.55000000000001},0.2082,null,1.91,null,null,347.41,181.89]
["S",3,"S",0,{"$f":"IF($C264=1,OFFSET(E264,-1,0)+MAX(1,COUNTIF(QCI!$A$13:$A$24,OFFSET(ORÇAMENTO!E264,-1,0))),OFFSET(E264,-1,0))","v":2},3,2,0,5,0,{"$f":"IF(OR($C264=\"S\",$C264=0),0,MATCH(OFFSET($D264,0,$C264)+IF($C264<>1,1,COUNTIF(QCI!$A$13:$A$24,ORÇAMENTO!E264)),OFFSET($D264,1,$C264,ROW($C$404)-ROW($C264)),0))","v":0},"F","Serviço","Serviço","2.3.2.0.5.","SINAPI","96557",{"$f":"IF($C264=\"S\",REFERENCIA.Descricao,\"(digite a descrição aqui)\")","v":"CONCRETAGEM DE BLOCO DE COROAMENTO OU VIGA BALDRAME, FCK 30 MPA, COM USO DE BOMBA - LANÇAMENTO, ADENSAMENTO E ACABAMENTO. AF_01/2024"},{"$f":"REFERENCIA.Unidade","v":"M3"},{"$f":"OFFSET(CÁLCULO!H$15,ROW($T264)-ROW(T$15),0)","v":4.4000000000000004},630.32000000000005,"BDI 1",{"$f":"IF($C264=\"S\",ROUND(IF(TIPOORCAMENTO=\"Proposto\",ORÇAMENTO.CustoUnitario*(1+$AH264),ORÇAMENTO.PrecoUnitarioLicitado),15-13*$AF$10),0)","v":761.55},{"$f":"IF($C264=\"S\",IF(Import.TipoArredondamento<>\"TransfereGOV\",VTOTAL1,SUM(OFFSET(CÁLCULO!$AA$15,ROW($X264)-ROW($X$15),1):OFFSET(CÁLCULO!$AL$15,ROW($X264)-ROW($X$15),-1))),IF($C264=0,0,ROUND(SomaAgrup,15-13*$AF$11)))","v":3350.82},"RA","RA",{"$f":"IF($C264=\"S\",IF($Z264=\"CP\",$X264,IF($Z264=\"RA\",(($X264)*QCI!$AA$3),0)),SomaAgrup)","v":898.93845725116807},0,{"$f":"IF($N264=\"\",\"\",IF(ORÇAMENTO.Descricao=\"\",\"DESCRIÇÃO\",IF(AND($C264=\"S\",ORÇAMENTO.Unidade=\"\"),\"UNIDADE\",IF($X264<0,\"VALOR NEGATIVO\",IF(OR(AND(TIPOORCAMENTO=\"Proposto\",$AG264<>\"\",$AG264>0,ORÇAMENTO.CustoUnitario>$AG264),AND(TIPOORCAMENTO=\"LICITADO\",ORÇAMENTO.PrecoUnitarioLicitado>$AN264)),\"ACIMA REF.\",\"\")))))","v":""},{"$f":"IF(C264<=CRONO.NivelExibicao,MAX($AD$15:OFFSET(AD264,-1,0))+IF($C264<>1,1,MAX(1,COUNTIF(QCI!$A$13:$A$24,OFFSET($E264,-1,0)))),\"\")","v":""},{"$f":"IF(AND($C264=\"S\",ORÇAMENTO.CodBarra<>\"\"),IF(ORÇAMENTO.Fonte=\"\",ORÇAMENTO.CodBarra,CONCATENATE(ORÇAMENTO.Fonte,\" \",ORÇAMENTO.CodBarra)))","v":"SINAPI 96557"},{"$f":"IF(ISERROR(INDIRECT(ORÇAMENTO.BancoRef)),\"(abra o arquivo 'Referência \"&Excel_BuiltIn_Database&\".xlsm)\",IF(OR($C264<>\"S\",ORÇAMENTO.CodBarra=\"\"),\"(Sem Código)\",IF(ISERROR(MATCH($AE264,INDIRECT(ORÇAMENTO.BancoRef),0)),\"(Código não identificado nas referências)\",MATCH($AE264,INDIRECT(ORÇAMENTO.BancoRef),0))))","v":2749},{"$f":"ROUND(IF(DESONERACAO=\"sim\",REFERENCIA.Desonerado,REFERENCIA.NaoDesonerado),2)","v":630.32000000000005},0.2082,null,4.4000000000000004,null,null,3350.82,761.55]
[3,3,3,4,{"$f":"IF($C265=1,OFFSET(E265,-1,0)+MAX(1,COUNTIF(QCI!$A$13:$A$24,OFFSET(ORÇAMENTO!E265,-1,0))),OFFSET(E265,-1,0))","v":2},3,3,0,0,24,{"$f":"IF(OR($C265=\"S\",$C265=0),0,MATCH(OFFSET($D265,0,$C265)+IF($C265<>1,1,COUNTIF(QCI!$A$13:$A$24,ORÇAMENTO!E265)),OFFSET($D265,1,$C265,ROW($C$404)-ROW($C265)),0))","v":4},"F","Nível 3","Nível 3","2.3.3.","SINAPI",null,"PISO",{"$f":"REFERENCIA.Unidade","v":"-"},{"$f":"OFFSET(CÁLCULO!H$15,ROW($T265)-ROW(T$15),0)","v":0},null,"BDI 1",{"$f":"IF($C265=\"S\",ROUND(IF(TIPOORCAMENTO=\"Proposto\",ORÇAMENTO.CustoUnitario*(1+$AH265),ORÇAMENTO.PrecoUnitarioLicitado),15-13*$AF$10),0)","v":0},{"$f":"IF($C265=\"S\",IF(Import.TipoArredondamento<>\"TransfereGOV\",VTOTAL1,SUM(OFFSET(CÁLCULO!$AA$15,ROW($X265)-ROW($X$15),1):OFFSET(CÁLCULO!$AL$15,ROW($X265)-ROW($X$15),-1))),IF($C265=0,0,ROUND(SomaAgrup,15-13*$AF$11)))","v":11500.83},"RA","",{"$f":"IF($C265=\"S\",IF($Z265=\"CP\",$X265,IF($Z265=\"RA\",(($X265)*QCI!$AA$3),0)),SomaAgrup)","v":3085.3756326236416},0,{"$f":"IF($N265=\"\",\"\",IF(ORÇAMENTO.Descricao=\"\",\"DESCRIÇÃO\",IF(AND($C265=\"S\",ORÇAMENTO.Unidade=\"\"),\"UNIDADE\",IF($X265<0,\"VALOR NEGATIVO\",IF(OR(AND(TIPOORCAMENTO=\"Proposto\",$AG265<>\"\",$AG265>0,ORÇAMENTO.CustoUnitario>$AG265),AND(TIPOORCAMENTO=\"LICITADO\",ORÇAMENTO.PrecoUnitarioLicitado>$AN265)),\"ACIMA REF.\",\"\")))))","v":""},{"$f":"IF(C265<=CRONO.NivelExibicao,MAX($AD$15:OFFSET(AD265,-1,0))+IF($C265<>1,1,MAX(1,COUNTIF(QCI!$A$13:$A$24,OFFSET($E265,-1,0)))),\"\")","v":""},{"$f":"IF(AND($C265=\"S\",ORÇAMENTO.CodBarra<>\"\"),IF(ORÇAMENTO.Fonte=\"\",ORÇAMENTO.CodBarra,CONCATENATE(ORÇAMENTO.Fonte,\" \",ORÇAMENTO.CodBarra)))","v":false},{"$f":"IF(ISERROR(INDIRECT(ORÇAMENTO.BancoRef)),\"(abra o arquivo 'Referência \"&Excel_BuiltIn_Database&\".xlsm)\",IF(OR($C265<>\"S\",ORÇAMENTO.CodBarra=\"\"),\"(Sem Código)\",IF(ISERROR(MATCH($AE265,INDIRECT(ORÇAMENTO.BancoRef),0)),\"(Código não identificado nas referências)\",MATCH($AE265,INDIRECT(ORÇAMENTO.BancoRef),0))))","v":"(Sem Código)"},{"$f":"ROUND(IF(DESONERACAO=\"sim\",REFERENCIA.Desonerado,REFERENCIA.NaoDesonerado),2)","v":0},0.2082,null,null,null,null,11500.83,0]
["S",3,"S",0,{"$f":"IF($C266=1,OFFSET(E266,-1,0)+MAX(1,COUNTIF(QCI!$A$13:$A$24,OFFSET(ORÇAMENTO!E266,-1,0))),OFFSET(E266,-1,0))","v":2},3,3,0,1,0,{"$f":"IF(OR($C266=\"S\",$C266=0),0,MATCH(OFFSET($D266,0,$C266)+IF($C266<>1,1,COUNTIF(QCI!$A$13:$A$24,ORÇAMENTO!E266)),OFFSET($D266,1,$C266,ROW($C$404)-ROW($C266)),0))","v":0},"F","Serviço","Serviço","2.3.3.0.1.","SINAPI","96622",{"$f":"IF($C266=\"S\",REFERENCIA.Descricao,\"(digite a descrição aqui)\")","v":"LASTRO COM MATERIAL GRANULAR, APLICADO EM PISOS OU LAJES SOBRE SOLO, ESPESSURA DE *5 CM*. AF_01/2024"},{"$f":"REFERENCIA.Unidade","v":"M3"},{"$f":"OFFSET(CÁLCULO!H$15,ROW($T266)-ROW(T$15),0)","v":7.32},179.43,"BDI 1",{"$f":"IF($C266=\"S\",ROUND(IF(TIPOORCAMENTO=\"Proposto\",ORÇAMENTO.CustoUnitario*(1+$AH266),ORÇAMENTO.PrecoUnitarioLicitado),15-13*$AF$10),0)","v":216.79},{"$f":"IF($C266=\"S\",IF(Import.TipoArredondamento<>\"TransfereGOV\",VTOTAL1,SUM(OFFSET(CÁLCULO!$AA$15,ROW($X266)-ROW($X$15),1):OFFSET(CÁLCULO!$AL$15,ROW($X266)-ROW($X$15),-1))),IF($C266=0,0,ROUND(SomaAgrup,15-13*$AF$11)))","v":1586.9},"RA","RA",{"$f":"IF($C266=\"S\",IF($Z266=\"CP\",$X266,IF($Z266=\"RA\",(($X266)*QCI!$AA$3),0)),SomaAgrup)","v":425.72428176144308},0,{"$f":"IF($N266=\"\",\"\",IF(ORÇAMENTO.Descricao=\"\",\"DESCRIÇÃO\",IF(AND($C266=\"S\",ORÇAMENTO.Unidade=\"\"),\"UNIDADE\",IF($X266<0,\"VALOR NEGATIVO\",IF(OR(AND(TIPOORCAMENTO=\"Proposto\",$AG266<>\"\",$AG266>0,ORÇAMENTO.CustoUnitario>$AG266),AND(TIPOORCAMENTO=\"LICITADO\",ORÇAMENTO.PrecoUnitarioLicitado>$AN266)),\"ACIMA REF.\",\"\")))))","v":""},{"$f":"IF(C266<=CRONO.NivelExibicao,MAX($AD$15:OFFSET(AD266,-1,0))+IF($C266<>1,1,MAX(1,COUNTIF(QCI!$A$13:$A$24,OFFSET($E266,-1,0)))),\"\")","v":""},{"$f":"IF(AND($C266=\"S\",ORÇAMENTO.CodBarra<>\"\"),IF(ORÇAMENTO.Fonte=\"\",ORÇAMENTO.CodBarra,CONCATENATE(ORÇAMENTO.Fonte,\" \",ORÇAMENTO.CodBarra)))","v":"SINAPI 96622"},{"$f":"IF(ISERROR(INDIRECT(ORÇAMENTO.BancoRef)),\"(abra o arquivo 'Referência \"&Excel_BuiltIn_Database&\".xlsm)\",IF(OR($C266<>\"S\",ORÇAMENTO.CodBarra=\"\"),\"(Sem Código)\",IF(ISERROR(MATCH($AE266,INDIRECT(ORÇAMENTO.BancoRef),0)),\"(Código não identificado nas referências)\",MATCH($AE266,INDIRECT(ORÇAMENTO.BancoRef),0))))","v":2370},{"$f":"ROUND(IF(DESONERACAO=\"sim\",REFERENCIA.Desonerado,REFERENCIA.NaoDesonerado),2)","v":179.43},0.2082,null,7.32,null,null,1586.9,216.79]
["S",3,"S",0,{"$f":"IF($C267=1,OFFSET(E267,-1,0)+MAX(1,COUNTIF(QCI!$A$13:$A$24,OFFSET(ORÇAMENTO!E267,-1,0))),OFFSET(E267,-1,0))","v":2},3,3,0,2,0,{"$f":"IF(OR($C267=\"S\",$C267=0),0,MATCH(OFFSET($D267,0,$C267)+IF($C267<>1,1,COUNTIF(QCI!$A$13:$A$24,ORÇAMENTO!E267)),OFFSET($D267,1,$C267,ROW($C$404)-ROW($C267)),0))","v":0},"F","Serviço","Serviço","2.3.3.0.2.","Composição","008",{"$f":"IF($C267=\"S\",REFERENCIA.Descricao,\"(digite a descrição aqui)\")","v":"TELA DE ACO SOLDADA NERVURADA, CA-60, Q-113, (1,8 KG/M2), DIAMETRO DO FIO = 3,8 MM, LARGURA = 2,45 M, ESPACAMENTO DA MALHA = 10 X 10 CM - FORNECIMENTO E INSTALAÇÃO                                                                                                                                                                                                                                                                                                                                                            "},{"$f":"REFERENCIA.Unidade","v":"M2"},{"$f":"OFFSET(CÁLCULO!H$15,ROW($T267)-ROW(T$15),0)","v":146.28},17.809999999999999,"BDI 1",{"$f":"IF($C267=\"S\",ROUND(IF(TIPOORCAMENTO=\"Proposto\",ORÇAMENTO.CustoUnitario*(1+$AH267),ORÇAMENTO.PrecoUnitarioLicitado),15-13*$AF$10),0)","v":21.52},{"$f":"IF($C267=\"S\",IF(Import.TipoArredondamento<>\"TransfereGOV\",VTOTAL1,SUM(OFFSET(CÁLCULO!$AA$15,ROW($X267)-ROW($X$15),1):OFFSET(CÁLCULO!$AL$15,ROW($X267)-ROW($X$15),-1))),IF($C267=0,0,ROUND(SomaAgrup,15-13*$AF$11)))","v":3147.95},"RA","RA",{"$f":"IF($C267=\"S\",IF($Z267=\"CP\",$X267,IF($Z267=\"RA\",(($X267)*QCI!$AA$3),0)),SomaAgrup)","v":844.51367620576889},0,{"$f":"IF($N267=\"\",\"\",IF(ORÇAMENTO.Descricao=\"\",\"DESCRIÇÃO\",IF(AND($C267=\"S\",ORÇAMENTO.Unidade=\"\"),\"UNIDADE\",IF($X267<0,\"VALOR NEGATIVO\",IF(OR(AND(TIPOORCAMENTO=\"Proposto\",$AG267<>\"\",$AG267>0,ORÇAMENTO.CustoUnitario>$AG267),AND(TIPOORCAMENTO=\"LICITADO\",ORÇAMENTO.PrecoUnitarioLicitado>$AN267)),\"ACIMA REF.\",\"\")))))","v":""},{"$f":"IF(C267<=CRONO.NivelExibicao,MAX($AD$15:OFFSET(AD267,-1,0))+IF($C267<>1,1,MAX(1,COUNTIF(QCI!$A$13:$A$24,OFFSET($E267,-1,0)))),\"\")","v":""},{"$f":"IF(AND($C267=\"S\",ORÇAMENTO.CodBarra<>\"\"),IF(ORÇAMENTO.Fonte=\"\",ORÇAMENTO.CodBarra,CONCATENATE(ORÇAMENTO.Fonte,\" \",ORÇAMENTO.CodBarra)))","v":"Composição 008"},{"$f":"IF(ISERROR(INDIRECT(ORÇAMENTO.BancoRef)),\"(abra o arquivo 'Referência \"&Excel_BuiltIn_Database&\".xlsm)\",IF(OR($C267<>\"S\",ORÇAMENTO.CodBarra=\"\"),\"(Sem Código)\",IF(ISERROR(MATCH($AE267,INDIRECT(ORÇAMENTO.BancoRef),0)),\"(Código não identificado nas referências)\",MATCH($AE267,INDIRECT(ORÇAMENTO.BancoRef),0))))","v":10},{"$f":"ROUND(IF(DESONERACAO=\"sim\",REFERENCIA.Desonerado,REFERENCIA.NaoDesonerado),2)","v":17.809999999999999},0.2082,null,146.28,null,null,3147.95,21.52]
[{"$f":"CHOOSE(1+LOG(1+2*(ORÇAMENTO.Nivel=\"Meta\")+4*(ORÇAMENTO.Nivel=\"Nível 2\")+8*(ORÇAMENTO.Nivel=\"Nível 3\")+16*(ORÇAMENTO.Nivel=\"Nível 4\")+32*(ORÇAMENTO.Nivel=\"Serviço\"),2),0,1,2,3,4,\"S\")","v":"S"},{"$f":"IF(OR(C268=\"s\",C268=0),OFFSET(B268,-1,0),C268)","v":3},{"$f":"IF(OFFSET(C268,-1,0)=\"L\",1,IF(OFFSET(C268,-1,0)=1,2,IF(OR(A268=\"s\",A268=0),\"S\",IF(AND(OFFSET(C268,-1,0)=2,A268=4),3,IF(AND(OR(OFFSET(C268,-1,0)=\"s\",OFFSET(C268,-1,0)=0),A268<>\"s\",A268>OFFSET(B268,-1,0)),OFFSET(B268,-1,0),A268)))))","v":"S"},{"$f":"IF(OR(C268=\"S\",C268=0),0,IF(ISERROR(K268),J268,SMALL(J268:K268,1)))","v":0},{"$f":"IF($C268=1,OFFSET(E268,-1,0)+MAX(1,COUNTIF(QCI!$A$13:$A$24,OFFSET(ORÇAMENTO!E268,-1,0))),OFFSET(E268,-1,0))","v":2},{"$f":"IF($C268=1,0,IF($C268=2,OFFSET(F268,-1,0)+1,OFFSET(F268,-1,0)))","v":3},{"$f":"IF(AND($C268<=2,$C268<>0),0,IF($C268=3,OFFSET(G268,-1,0)+1,OFFSET(G268,-1,0)))","v":3},{"$f":"IF(AND($C268<=3,$C268<>0),0,IF($C268=4,OFFSET(H268,-1,0)+1,OFFSET(H268,-1,0)))","v":0},{"$f":"IF(AND($C268<=4,$C268<>0),0,IF(AND($C268=\"S\",$X268>0),OFFSET(I268,-1,0)+1,OFFSET(I268,-1,0)))","v":3},0,{"$f":"IF(OR($C268=\"S\",$C268=0),0,MATCH(OFFSET($D268,0,$C268)+IF($C268<>1,1,COUNTIF(QCI!$A$13:$A$24,ORÇAMENTO!E268)),OFFSET($D268,1,$C268,ROW($C$404)-ROW($C268)),0))","v":0},{"$f":"IF(OR($X268>0,$C268=1,$C268=2,$C268=3,$C268=4),\"F\",\"\")","v":"F"},"Serviço",{"$f":"CHOOSE(1+LOG(1+2*(C268=1)+4*(C268=2)+8*(C268=3)+16*(C268=4)+32*(C268=\"S\"),2),\"\",\"Meta\",\"Nível 2\",\"Nível 3\",\"Nível 4\",\"Serviço\")","v":"Serviço"},{"$f":"IF(OR($C268=0,$L268=\"\"),\"-\",CONCATENATE(E268&\".\",IF(AND($A$5>=2,$C268>=2),F268&\".\",\"\"),IF(AND($A$5>=3,$C268>=3),G268&\".\",\"\"),IF(AND($A$5>=4,$C268>=4),H268&\".\",\"\"),IF($C268=\"S\",I268&\".\",\"\")))","v":"2.3.3.0.3."},"SINAPI","97096",{"$f":"IF($C268=\"S\",REFERENCIA.Descricao,\"(digite a descrição aqui)\")","v":"CONCRETAGEM DE RADIER, PISO DE CONCRETO OU LAJE SOBRE SOLO, FCK 30 MPA - LANÇAMENTO, ADENSAMENTO E ACABAMENTO. AF_09/2021"},{"$f":"REFERENCIA.Unidade","v":"M3"},{"$f":"OFFSET(CÁLCULO!H$15,ROW($T268)-ROW(T$15),0)","v":10.24},546.88,"BDI 1",{"$f":"IF($C268=\"S\",ROUND(IF(TIPOORCAMENTO=\"Proposto\",ORÇAMENTO.CustoUnitario*(1+$AH268),ORÇAMENTO.PrecoUnitarioLicitado),15-13*$AF$10),0)","v":660.74},{"$f":"IF($C268=\"S\",IF(Import.TipoArredondamento<>\"TransfereGOV\",VTOTAL1,SUM(OFFSET(CÁLCULO!$AA$15,ROW($X268)-ROW($X$15),1):OFFSET(CÁLCULO!$AL$15,ROW($X268)-ROW($X$15),-1))),IF($C268=0,0,ROUND(SomaAgrup,15-13*$AF$11)))","v":6765.98},"RA",{"$f":"IF(AND($C268=\"S\",$X268>0),IF(ISBLANK($Y268),\"RA\",LEFT($Y268,2)),\"\")","v":"RA"},{"$f":"IF($C268=\"S\",IF($Z268=\"CP\",$X268,IF($Z268=\"RA\",(($X268)*QCI!$AA$3),0)),SomaAgrup)","v":1815.1376746564297},{"$f":"IF($C268=\"S\",IF($Z268=\"OU\",ROUND($X268,2),0),SomaAgrup)","v":0},{"$f":"IF($N268=\"\",\"\",IF(ORÇAMENTO.Descricao=\"\",\"DESCRIÇÃO\",IF(AND($C268=\"S\",ORÇAMENTO.Unidade=\"\"),\"UNIDADE\",IF($X268<0,\"VALOR NEGATIVO\",IF(OR(AND(TIPOORCAMENTO=\"Proposto\",$AG268<>\"\",$AG268>0,ORÇAMENTO.CustoUnitario>$AG268),AND(TIPOORCAMENTO=\"LICITADO\",ORÇAMENTO.PrecoUnitarioLicitado>$AN268)),\"ACIMA REF.\",\"\")))))","v":""},{"$f":"IF(C268<=CRONO.NivelExibicao,MAX($AD$15:OFFSET(AD268,-1,0))+IF($C268<>1,1,MAX(1,COUNTIF(QCI!$A$13:$A$24,OFFSET($E268,-1,0)))),\"\")","v":""},{"$f":"IF(AND($C268=\"S\",ORÇAMENTO.CodBarra<>\"\"),IF(ORÇAMENTO.Fonte=\"\",ORÇAMENTO.CodBarra,CONCATENATE(ORÇAMENTO.Fonte,\" \",ORÇAMENTO.CodBarra)))","v":"SINAPI 97096"},{"$f":"IF(ISERROR(INDIRECT(ORÇAMENTO.BancoRef)),\"(abra o arquivo 'Referência \"&Excel_BuiltIn_Database&\".xlsm)\",IF(OR($C268<>\"S\",ORÇAMENTO.CodBarra=\"\"),\"(Sem Código)\",IF(ISERROR(MATCH($AE268,INDIRECT(ORÇAMENTO.BancoRef),0)),\"(Código não identificado nas referências)\",MATCH($AE268,INDIRECT(ORÇAMENTO.BancoRef),0))))","v":2384},{"$f":"ROUND(IF(DESONERACAO=\"sim\",REFERENCIA.Desonerado,REFERENCIA.NaoDesonerado),2)","v":546.88},{"$f":"ROUND(IF(ISNUMBER(ORÇAMENTO.OpcaoBDI),ORÇAMENTO.OpcaoBDI,IF(LEFT(ORÇAMENTO.OpcaoBDI,3)=\"BDI\",HLOOKUP(ORÇAMENTO.OpcaoBDI,$F$4:$H$5,2,FALSE),0)),15-11*$AF$9)","v":0.2082},null,10.24,null,null,{"$f":"$X268","v":6765.98},{"$f":"ROUND(ORÇAMENTO.CustoUnitario*(1+$AH268),2)","v":660.74}]
[3,3,3,5,{"$f":"IF($C269=1,OFFSET(E269,-1,0)+MAX(1,COUNTIF(QCI!$A$13:$A$24,OFFSET(ORÇAMENTO!E269,-1,0))),OFFSET(E269,-1,0))","v":2},3,4,0,0,20,{"$f":"IF(OR($C269=\"S\",$C269=0),0,MATCH(OFFSET($D269,0,$C269)+IF($C269<>1,1,COUNTIF(QCI!$A$13:$A$24,ORÇAMENTO!E269)),OFFSET($D269,1,$C269,ROW($C$404)-ROW($C269)),0))","v":5},"F","Nível 3","Nível 3","2.3.4.","SINAPI",null,"PILARES",{"$f":"REFERENCIA.Unidade","v":"-"},{"$f":"OFFSET(CÁLCULO!H$15,ROW($T269)-ROW(T$15),0)","v":0},null,"BDI 1",{"$f":"IF($C269=\"S\",ROUND(IF(TIPOORCAMENTO=\"Proposto\",ORÇAMENTO.CustoUnitario*(1+$AH269),ORÇAMENTO.PrecoUnitarioLicitado),15-13*$AF$10),0)","v":0},{"$f":"IF($C269=\"S\",IF(Import.TipoArredondamento<>\"TransfereGOV\",VTOTAL1,SUM(OFFSET(CÁLCULO!$AA$15,ROW($X269)-ROW($X$15),1):OFFSET(CÁLCULO!$AL$15,ROW($X269)-ROW($X$15),-1))),IF($C269=0,0,ROUND(SomaAgrup,15-13*$AF$11)))","v":10819.29},"RA","",{"$f":"IF($C269=\"S\",IF($Z269=\"CP\",$X269,IF($Z269=\"RA\",(($X269)*QCI!$AA$3),0)),SomaAgrup)","v":2902.536054205535},0,{"$f":"IF($N269=\"\",\"\",IF(ORÇAMENTO.Descricao=\"\",\"DESCRIÇÃO\",IF(AND($C269=\"S\",ORÇAMENTO.Unidade=\"\"),\"UNIDADE\",IF($X269<0,\"VALOR NEGATIVO\",IF(OR(AND(TIPOORCAMENTO=\"Proposto\",$AG269<>\"\",$AG269>0,ORÇAMENTO.CustoUnitario>$AG269),AND(TIPOORCAMENTO=\"LICITADO\",ORÇAMENTO.PrecoUnitarioLicitado>$AN269)),\"ACIMA REF.\",\"\")))))","v":""},{"$f":"IF(C269<=CRONO.NivelExibicao,MAX($AD$15:OFFSET(AD269,-1,0))+IF($C269<>1,1,MAX(1,COUNTIF(QCI!$A$13:$A$24,OFFSET($E269,-1,0)))),\"\")","v":""},{"$f":"IF(AND($C269=\"S\",ORÇAMENTO.CodBarra<>\"\"),IF(ORÇAMENTO.Fonte=\"\",ORÇAMENTO.CodBarra,CONCATENATE(ORÇAMENTO.Fonte,\" \",ORÇAMENTO.CodBarra)))","v":false},{"$f":"IF(ISERROR(INDIRECT(ORÇAMENTO.BancoRef)),\"(abra o arquivo 'Referência \"&Excel_BuiltIn_Database&\".xlsm)\",IF(OR($C269<>\"S\",ORÇAMENTO.CodBarra=\"\"),\"(Sem Código)\",IF(ISERROR(MATCH($AE269,INDIRECT(ORÇAMENTO.BancoRef),0)),\"(Código não identificado nas referências)\",MATCH($AE269,INDIRECT(ORÇAMENTO.BancoRef),0))))","v":"(Sem Código)"},{"$f":"ROUND(IF(DESONERACAO=\"sim\",REFERENCIA.Desonerado,REFERENCIA.NaoDesonerado),2)","v":0},0.2082,null,null,null,null,10819.29,0]
["S",3,"S",0,{"$f":"IF($C270=1,OFFSET(E270,-1,0)+MAX(1,COUNTIF(QCI!$A$13:$A$24,OFFSET(ORÇAMENTO!E270,-1,0))),OFFSET(E270,-1,0))","v":2},3,4,0,1,0,{"$f":"IF(OR($C270=\"S\",$C270=0),0,MATCH(OFFSET($D270,0,$C270)+IF($C270<>1,1,COUNTIF(QCI!$A$13:$A$24,ORÇAMENTO!E270)),OFFSET($D270,1,$C270,ROW($C$404)-ROW($C270)),0))","v":0},"F","Serviço","Serviço","2.3.4.0.1.","SINAPI","92413",{"$f":"IF($C270=\"S\",REFERENCIA.Descricao,\"(digite a descrição aqui)\")","v":"MONTAGEM E DESMONTAGEM DE FÔRMA DE PILARES RETANGULARES E ESTRUTURAS SIMILARES, PÉ-DIREITO SIMPLES, EM MADEIRA SERRADA, 4 UTILIZAÇÕES. AF_09/2020"},{"$f":"REFERENCIA.Unidade","v":"M2"},{"$f":"OFFSET(CÁLCULO!H$15,ROW($T270)-ROW(T$15),0)","v":35.64},{"$f":"AG270","v":115.11},"BDI 1",{"$f":"IF($C270=\"S\",ROUND(IF(TIPOORCAMENTO=\"Proposto\",ORÇAMENTO.CustoUnitario*(1+$AH270),ORÇAMENTO.PrecoUnitarioLicitado),15-13*$AF$10),0)","v":139.08000000000001},{"$f":"IF($C270=\"S\",IF(Import.TipoArredondamento<>\"TransfereGOV\",VTOTAL1,SUM(OFFSET(CÁLCULO!$AA$15,ROW($X270)-ROW($X$15),1):OFFSET(CÁLCULO!$AL$15,ROW($X270)-ROW($X$15),-1))),IF($C270=0,0,ROUND(SomaAgrup,15-13*$AF$11)))","v":4956.8100000000004},"RA","RA",{"$f":"IF($C270=\"S\",IF($Z270=\"CP\",$X270,IF($Z270=\"RA\",(($X270)*QCI!$AA$3),0)),SomaAgrup)","v":1329.7840929346139},0,{"$f":"IF($N270=\"\",\"\",IF(ORÇAMENTO.Descricao=\"\",\"DESCRIÇÃO\",IF(AND($C270=\"S\",ORÇAMENTO.Unidade=\"\"),\"UNIDADE\",IF($X270<0,\"VALOR NEGATIVO\",IF(OR(AND(TIPOORCAMENTO=\"Proposto\",$AG270<>\"\",$AG270>0,ORÇAMENTO.CustoUnitario>$AG270),AND(TIPOORCAMENTO=\"LICITADO\",ORÇAMENTO.PrecoUnitarioLicitado>$AN270)),\"ACIMA REF.\",\"\")))))","v":""},{"$f":"IF(C270<=CRONO.NivelExibicao,MAX($AD$15:OFFSET(AD270,-1,0))+IF($C270<>1,1,MAX(1,COUNTIF(QCI!$A$13:$A$24,OFFSET($E270,-1,0)))),\"\")","v":""},{"$f":"IF(AND($C270=\"S\",ORÇAMENTO.CodBarra<>\"\"),IF(ORÇAMENTO.Fonte=\"\",ORÇAMENTO.CodBarra,CONCATENATE(ORÇAMENTO.Fonte,\" \",ORÇAMENTO.CodBarra)))","v":"SINAPI 92413"},{"$f":"IF(ISERROR(INDIRECT(ORÇAMENTO.BancoRef)),\"(abra o arquivo 'Referência \"&Excel_BuiltIn_Database&\".xlsm)\",IF(OR($C270<>\"S\",ORÇAMENTO.CodBarra=\"\"),\"(Sem Código)\",IF(ISERROR(MATCH($AE270,INDIRECT(ORÇAMENTO.BancoRef),0)),\"(Código não identificado nas referências)\",MATCH($AE270,INDIRECT(ORÇAMENTO.BancoRef),0))))","v":2414},{"$f":"ROUND(IF(DESONERACAO=\"sim\",REFERENCIA.Desonerado,REFERENCIA.NaoDesonerado),2)","v":115.11},0.2082,null,35.64,null,null,4956.8100000000004,139.08000000000001]
["S",3,"S",0,{"$f":"IF($C271=1,OFFSET(E271,-1,0)+MAX(1,COUNTIF(QCI!$A$13:$A$24,OFFSET(ORÇAMENTO!E271,-1,0))),OFFSET(E271,-1,0))","v":2},3,4,0,2,0,{"$f":"IF(OR($C271=\"S\",$C271=0),0,MATCH(OFFSET($D271,0,$C271)+IF($C271<>1,1,COUNTIF(QCI!$A$13:$A$24,ORÇAMENTO!E271)),OFFSET($D271,1,$C271,ROW($C$404)-ROW($C271)),0))","v":0},"F","Serviço","Serviço","2.3.4.0.2.","SINAPI","92762",{"$f":"IF($C271=\"S\",REFERENCIA.Descricao,\"(digite a descrição aqui)\")","v":"ARMAÇÃO DE PILAR OU VIGA DE ESTRUTURA CONVENCIONAL DE CONCRETO ARMADO UTILIZANDO AÇO CA-50 DE 10,0 MM - MONTAGEM. AF_06/2022"},{"$f":"REFERENCIA.Unidade","v":"KG"},{"$f":"OFFSET(CÁLCULO!H$15,ROW($T271)-ROW(T$15),0)","v":233.09},10.92,"BDI 1",{"$f":"IF($C271=\"S\",ROUND(IF(TIPOORCAMENTO=\"Proposto\",ORÇAMENTO.CustoUnitario*(1+$AH271),ORÇAMENTO.PrecoUnitarioLicitado),15-13*$AF$10),0)","v":13.19},{"$f":"IF($C271=\"S\",IF(Import.TipoArredondamento<>\"TransfereGOV\",VTOTAL1,SUM(OFFSET(CÁLCULO!$AA$15,ROW($X271)-ROW($X$15),1):OFFSET(CÁLCULO!$AL$15,ROW($X271)-ROW($X$15),-1))),IF($C271=0,0,ROUND(SomaAgrup,15-13*$AF$11)))","v":3074.46},"RA","RA",{"$f":"IF($C271=\"S\",IF($Z271=\"CP\",$X271,IF($Z271=\"RA\",(($X271)*QCI!$AA$3),0)),SomaAgrup)","v":824.79820738816954},0,{"$f":"IF($N271=\"\",\"\",IF(ORÇAMENTO.Descricao=\"\",\"DESCRIÇÃO\",IF(AND($C271=\"S\",ORÇAMENTO.Unidade=\"\"),\"UNIDADE\",IF($X271<0,\"VALOR NEGATIVO\",IF(OR(AND(TIPOORCAMENTO=\"Proposto\",$AG271<>\"\",$AG271>0,ORÇAMENTO.CustoUnitario>$AG271),AND(TIPOORCAMENTO=\"LICITADO\",ORÇAMENTO.PrecoUnitarioLicitado>$AN271)),\"ACIMA REF.\",\"\")))))","v":""},{"$f":"IF(C271<=CRONO.NivelExibicao,MAX($AD$15:OFFSET(AD271,-1,0))+IF($C271<>1,1,MAX(1,COUNTIF(QCI!$A$13:$A$24,OFFSET($E271,-1,0)))),\"\")","v":""},{"$f":"IF(AND($C271=\"S\",ORÇAMENTO.CodBarra<>\"\"),IF(ORÇAMENTO.Fonte=\"\",ORÇAMENTO.CodBarra,CONCATENATE(ORÇAMENTO.Fonte,\" \",ORÇAMENTO.CodBarra)))","v":"SINAPI 92762"},{"$f":"IF(ISERROR(INDIRECT(ORÇAMENTO.BancoRef)),\"(abra o arquivo 'Referência \"&Excel_BuiltIn_Database&\".xlsm)\",IF(OR($C271<>\"S\",ORÇAMENTO.CodBarra=\"\"),\"(Sem Código)\",IF(ISERROR(MATCH($AE271,INDIRECT(ORÇAMENTO.BancoRef),0)),\"(Código não identificado nas referências)\",MATCH($AE271,INDIRECT(ORÇAMENTO.BancoRef),0))))","v":2633},{"$f":"ROUND(IF(DESONERACAO=\"sim\",REFERENCIA.Desonerado,REFERENCIA.NaoDesonerado),2)","v":10.92},0.2082,null,233.0856,null,null,3074.46,13.19]
["S",3,"S",0,{"$f":"IF($C272=1,OFFSET(E272,-1,0)+MAX(1,COUNTIF(QCI!$A$13:$A$24,OFFSET(ORÇAMENTO!E272,-1,0))),OFFSET(E272,-1,0))","v":2},3,4,0,3,{"$f":"IF(OR($C272=\"S\",$C272=0),0,MATCH(0,OFFSET($D272,1,$C272,ROW($C$404)-ROW($C272)),0))","v":0},{"$f":"IF(OR($C272=\"S\",$C272=0),0,MATCH(OFFSET($D272,0,$C272)+IF($C272<>1,1,COUNTIF(QCI!$A$13:$A$24,ORÇAMENTO!E272)),OFFSET($D272,1,$C272,ROW($C$404)-ROW($C272)),0))","v":0},"F","Serviço","Serviço","2.3.4.0.3.","SINAPI","92759",{"$f":"IF($C272=\"S\",REFERENCIA.Descricao,\"(digite a descrição aqui)\")","v":"ARMAÇÃO DE PILAR OU VIGA DE ESTRUTURA CONVENCIONAL DE CONCRETO ARMADO UTILIZANDO AÇO CA-60 DE 5,0 MM - MONTAGEM. AF_06/2022"},{"$f":"REFERENCIA.Unidade","v":"KG"},{"$f":"OFFSET(CÁLCULO!H$15,ROW($T272)-ROW(T$15),0)","v":51.23},{"$f":"AG272","v":14.91},"BDI 1",{"$f":"IF($C272=\"S\",ROUND(IF(TIPOORCAMENTO=\"Proposto\",ORÇAMENTO.CustoUnitario*(1+$AH272),ORÇAMENTO.PrecoUnitarioLicitado),15-13*$AF$10),0)","v":18.010000000000002},{"$f":"IF($C272=\"S\",IF(Import.TipoArredondamento<>\"TransfereGOV\",VTOTAL1,SUM(OFFSET(CÁLCULO!$AA$15,ROW($X272)-ROW($X$15),1):OFFSET(CÁLCULO!$AL$15,ROW($X272)-ROW($X$15),-1))),IF($C272=0,0,ROUND(SomaAgrup,15-13*$AF$11)))","v":922.65},"RA","RA",{"$f":"IF($C272=\"S\",IF($Z272=\"CP\",$X272,IF($Z272=\"RA\",(($X272)*QCI!$AA$3),0)),SomaAgrup)","v":247.52316375776383},0,{"$f":"IF($N272=\"\",\"\",IF(ORÇAMENTO.Descricao=\"\",\"DESCRIÇÃO\",IF(AND($C272=\"S\",ORÇAMENTO.Unidade=\"\"),\"UNIDADE\",IF($X272<0,\"VALOR NEGATIVO\",IF(OR(AND(TIPOORCAMENTO=\"Proposto\",$AG272<>\"\",$AG272>0,ORÇAMENTO.CustoUnitario>$AG272),AND(TIPOORCAMENTO=\"LICITADO\",ORÇAMENTO.PrecoUnitarioLicitado>$AN272)),\"ACIMA REF.\",\"\")))))","v":""},{"$f":"IF(C272<=CRONO.NivelExibicao,MAX($AD$15:OFFSET(AD272,-1,0))+IF($C272<>1,1,MAX(1,COUNTIF(QCI!$A$13:$A$24,OFFSET($E272,-1,0)))),\"\")","v":""},{"$f":"IF(AND($C272=\"S\",ORÇAMENTO.CodBarra<>\"\"),IF(ORÇAMENTO.Fonte=\"\",ORÇAMENTO.CodBarra,CONCATENATE(ORÇAMENTO.Fonte,\" \",ORÇAMENTO.CodBarra)))","v":"SINAPI 92759"},{"$f":"IF(ISERROR(INDIRECT(ORÇAMENTO.BancoRef)),\"(abra o arquivo 'Referência \"&Excel_BuiltIn_Database&\".xlsm)\",IF(OR($C272<>\"S\",ORÇAMENTO.CodBarra=\"\"),\"(Sem Código)\",IF(ISERROR(MATCH($AE272,INDIRECT(ORÇAMENTO.BancoRef),0)),\"(Código não identificado nas referências)\",MATCH($AE272,INDIRECT(ORÇAMENTO.BancoRef),0))))","v":2630},{"$f":"ROUND(IF(DESONERACAO=\"sim\",REFERENCIA.Desonerado,REFERENCIA.NaoDesonerado),2)","v":14.91},0.2082,null,51.23,null,null,922.65,18.010000000000002]
["S",3,"S",0,{"$f":"IF($C273=1,OFFSET(E273,-1,0)+MAX(1,COUNTIF(QCI!$A$13:$A$24,OFFSET(ORÇAMENTO!E273,-1,0))),OFFSET(E273,-1,0))","v":2},3,4,0,4,0,{"$f":"IF(OR($C273=\"S\",$C273=0),0,MATCH(OFFSET($D273,0,$C273)+IF($C273<>1,1,COUNTIF(QCI!$A$13:$A$24,ORÇAMENTO!E273)),OFFSET($D273,1,$C273,ROW($C$404)-ROW($C273)),0))","v":0},"F","Serviço","Serviço","2.3.4.0.4.","SINAPI","103672",{"$f":"IF($C273=\"S\",REFERENCIA.Descricao,\"(digite a descrição aqui)\")","v":"CONCRETAGEM DE PILARES, FCK = 25 MPA, COM USO DE BOMBA - LANÇAMENTO, ADENSAMENTO E ACABAMENTO. AF_02/2022_PS"},{"$f":"REFERENCIA.Unidade","v":"M3"},{"$f":"OFFSET(CÁLCULO!H$15,ROW($T273)-ROW(T$15),0)","v":2.67},578.25,"BDI 1",{"$f":"IF($C273=\"S\",ROUND(IF(TIPOORCAMENTO=\"Proposto\",ORÇAMENTO.CustoUnitario*(1+$AH273),ORÇAMENTO.PrecoUnitarioLicitado),15-13*$AF$10),0)","v":698.64},{"$f":"IF($C273=\"S\",IF(Import.TipoArredondamento<>\"TransfereGOV\",VTOTAL1,SUM(OFFSET(CÁLCULO!$AA$15,ROW($X273)-ROW($X$15),1):OFFSET(CÁLCULO!$AL$15,ROW($X273)-ROW($X$15),-1))),IF($C273=0,0,ROUND(SomaAgrup,15-13*$AF$11)))","v":1865.37},"RA","RA",{"$f":"IF($C273=\"S\",IF($Z273=\"CP\",$X273,IF($Z273=\"RA\",(($X273)*QCI!$AA$3),0)),SomaAgrup)","v":500.4305901249877},0,{"$f":"IF($N273=\"\",\"\",IF(ORÇAMENTO.Descricao=\"\",\"DESCRIÇÃO\",IF(AND($C273=\"S\",ORÇAMENTO.Unidade=\"\"),\"UNIDADE\",IF($X273<0,\"VALOR NEGATIVO\",IF(OR(AND(TIPOORCAMENTO=\"Proposto\",$AG273<>\"\",$AG273>0,ORÇAMENTO.CustoUnitario>$AG273),AND(TIPOORCAMENTO=\"LICITADO\",ORÇAMENTO.PrecoUnitarioLicitado>$AN273)),\"ACIMA REF.\",\"\")))))","v":""},{"$f":"IF(C273<=CRONO.NivelExibicao,MAX($AD$15:OFFSET(AD273,-1,0))+IF($C273<>1,1,MAX(1,COUNTIF(QCI!$A$13:$A$24,OFFSET($E273,-1,0)))),\"\")","v":""},{"$f":"IF(AND($C273=\"S\",ORÇAMENTO.CodBarra<>\"\"),IF(ORÇAMENTO.Fonte=\"\",ORÇAMENTO.CodBarra,CONCATENATE(ORÇAMENTO.Fonte,\" \",ORÇAMENTO.CodBarra)))","v":"SINAPI 103672"},{"$f":"IF(ISERROR(INDIRECT(ORÇAMENTO.BancoRef)),\"(abra o arquivo 'Referência \"&Excel_BuiltIn_Database&\".xlsm)\",IF(OR($C273<>\"S\",ORÇAMENTO.CodBarra=\"\"),\"(Sem Código)\",IF(ISERROR(MATCH($AE273,INDIRECT(ORÇAMENTO.BancoRef),0)),\"(Código não identificado nas referências)\",MATCH($AE273,INDIRECT(ORÇAMENTO.BancoRef),0))))","v":2781},{"$f":"ROUND(IF(DESONERACAO=\"sim\",REFERENCIA.Desonerado,REFERENCIA.NaoDesonerado),2)","v":578.25},0.2082,null,2.67,null,null,1865.37,698.64]
[3,3,3,6,{"$f":"IF($C274=1,OFFSET(E274,-1,0)+MAX(1,COUNTIF(QCI!$A$13:$A$24,OFFSET(ORÇAMENTO!E274,-1,0))),OFFSET(E274,-1,0))","v":2},3,5,0,0,15,{"$f":"IF(OR($C274=\"S\",$C274=0),0,MATCH(OFFSET($D274,0,$C274)+IF($C274<>1,1,COUNTIF(QCI!$A$13:$A$24,ORÇAMENTO!E274)),OFFSET($D274,1,$C274,ROW($C$404)-ROW($C274)),0))","v":6},"F","Nível 3","Nível 3","2.3.5.","SINAPI",null,"VIGA CINTA E ARQUIBANCADA",{"$f":"REFERENCIA.Unidade","v":"-"},{"$f":"OFFSET(CÁLCULO!H$15,ROW($T274)-ROW(T$15),0)","v":0},null,"BDI 1",{"$f":"IF($C274=\"S\",ROUND(IF(TIPOORCAMENTO=\"Proposto\",ORÇAMENTO.CustoUnitario*(1+$AH274),ORÇAMENTO.PrecoUnitarioLicitado),15-13*$AF$10),0)","v":0},{"$f":"IF($C274=\"S\",IF(Import.TipoArredondamento<>\"TransfereGOV\",VTOTAL1,SUM(OFFSET(CÁLCULO!$AA$15,ROW($X274)-ROW($X$15),1):OFFSET(CÁLCULO!$AL$15,ROW($X274)-ROW($X$15),-1))),IF($C274=0,0,ROUND(SomaAgrup,15-13*$AF$11)))","v":59264.17},"RA","",{"$f":"IF($C274=\"S\",IF($Z274=\"CP\",$X274,IF($Z274=\"RA\",(($X274)*QCI!$AA$3),0)),SomaAgrup)","v":15899.046069341521},0,{"$f":"IF($N274=\"\",\"\",IF(ORÇAMENTO.Descricao=\"\",\"DESCRIÇÃO\",IF(AND($C274=\"S\",ORÇAMENTO.Unidade=\"\"),\"UNIDADE\",IF($X274<0,\"VALOR NEGATIVO\",IF(OR(AND(TIPOORCAMENTO=\"Proposto\",$AG274<>\"\",$AG274>0,ORÇAMENTO.CustoUnitario>$AG274),AND(TIPOORCAMENTO=\"LICITADO\",ORÇAMENTO.PrecoUnitarioLicitado>$AN274)),\"ACIMA REF.\",\"\")))))","v":""},{"$f":"IF(C274<=CRONO.NivelExibicao,MAX($AD$15:OFFSET(AD274,-1,0))+IF($C274<>1,1,MAX(1,COUNTIF(QCI!$A$13:$A$24,OFFSET($E274,-1,0)))),\"\")","v":""},{"$f":"IF(AND($C274=\"S\",ORÇAMENTO.CodBarra<>\"\"),IF(ORÇAMENTO.Fonte=\"\",ORÇAMENTO.CodBarra,CONCATENATE(ORÇAMENTO.Fonte,\" \",ORÇAMENTO.CodBarra)))","v":false},{"$f":"IF(ISERROR(INDIRECT(ORÇAMENTO.BancoRef)),\"(abra o arquivo 'Referência \"&Excel_BuiltIn_Database&\".xlsm)\",IF(OR($C274<>\"S\",ORÇAMENTO.CodBarra=\"\"),\"(Sem Código)\",IF(ISERROR(MATCH($AE274,INDIRECT(ORÇAMENTO.BancoRef),0)),\"(Código não identificado nas referências)\",MATCH($AE274,INDIRECT(ORÇAMENTO.BancoRef),0))))","v":"(Sem Código)"},{"$f":"ROUND(IF(DESONERACAO=\"sim\",REFERENCIA.Desonerado,REFERENCIA.NaoDesonerado),2)","v":0},0.2082,null,null,null,null,59264.17,0]
["S",3,"S",0,{"$f":"IF($C275=1,OFFSET(E275,-1,0)+MAX(1,COUNTIF(QCI!$A$13:$A$24,OFFSET(ORÇAMENTO!E275,-1,0))),OFFSET(E275,-1,0))","v":2},3,5,0,1,0,{"$f":"IF(OR($C275=\"S\",$C275=0),0,MATCH(OFFSET($D275,0,$C275)+IF($C275<>1,1,COUNTIF(QCI!$A$13:$A$24,ORÇAMENTO!E275)),OFFSET($D275,1,$C275,ROW($C$404)-ROW($C275)),0))","v":0},"F","Serviço","Serviço","2.3.5.0.1.","SINAPI","92448",{"$f":"IF($C275=\"S\",REFERENCIA.Descricao,\"(digite a descrição aqui)\")","v":"MONTAGEM E DESMONTAGEM DE FÔRMA DE VIGA, ESCORAMENTO COM PONTALETE DE MADEIRA, PÉ-DIREITO SIMPLES, EM MADEIRA SERRADA, 4 UTILIZAÇÕES. AF_09/2020"},{"$f":"REFERENCIA.Unidade","v":"M2"},{"$f":"OFFSET(CÁLCULO!H$15,ROW($T275)-ROW(T$15),0)","v":157.19999999999999},179.07,"BDI 1",{"$f":"IF($C275=\"S\",ROUND(IF(TIPOORCAMENTO=\"Proposto\",ORÇAMENTO.CustoUnitario*(1+$AH275),ORÇAMENTO.PrecoUnitarioLicitado),15-13*$AF$10),0)","v":216.35},{"$f":"IF($C275=\"S\",IF(Import.TipoArredondamento<>\"TransfereGOV\",VTOTAL1,SUM(OFFSET(CÁLCULO!$AA$15,ROW($X275)-ROW($X$15),1):OFFSET(CÁLCULO!$AL$15,ROW($X275)-ROW($X$15),-1))),IF($C275=0,0,ROUND(SomaAgrup,15-13*$AF$11)))","v":34010.22},"RA","RA",{"$f":"IF($C275=\"S\",IF($Z275=\"CP\",$X275,IF($Z275=\"RA\",(($X275)*QCI!$AA$3),0)),SomaAgrup)","v":9124.0635717743189},0,{"$f":"IF($N275=\"\",\"\",IF(ORÇAMENTO.Descricao=\"\",\"DESCRIÇÃO\",IF(AND($C275=\"S\",ORÇAMENTO.Unidade=\"\"),\"UNIDADE\",IF($X275<0,\"VALOR NEGATIVO\",IF(OR(AND(TIPOORCAMENTO=\"Proposto\",$AG275<>\"\",$AG275>0,ORÇAMENTO.CustoUnitario>$AG275),AND(TIPOORCAMENTO=\"LICITADO\",ORÇAMENTO.PrecoUnitarioLicitado>$AN275)),\"ACIMA REF.\",\"\")))))","v":""},{"$f":"IF(C275<=CRONO.NivelExibicao,MAX($AD$15:OFFSET(AD275,-1,0))+IF($C275<>1,1,MAX(1,COUNTIF(QCI!$A$13:$A$24,OFFSET($E275,-1,0)))),\"\")","v":""},{"$f":"IF(AND($C275=\"S\",ORÇAMENTO.CodBarra<>\"\"),IF(ORÇAMENTO.Fonte=\"\",ORÇAMENTO.CodBarra,CONCATENATE(ORÇAMENTO.Fonte,\" \",ORÇAMENTO.CodBarra)))","v":"SINAPI 92448"},{"$f":"IF(ISERROR(INDIRECT(ORÇAMENTO.BancoRef)),\"(abra o arquivo 'Referência \"&Excel_BuiltIn_Database&\".xlsm)\",IF(OR($C275<>\"S\",ORÇAMENTO.CodBarra=\"\"),\"(Sem Código)\",IF(ISERROR(MATCH($AE275,INDIRECT(ORÇAMENTO.BancoRef),0)),\"(Código não identificado nas referências)\",MATCH($AE275,INDIRECT(ORÇAMENTO.BancoRef),0))))","v":2433},{"$f":"ROUND(IF(DESONERACAO=\"sim\",REFERENCIA.Desonerado,REFERENCIA.NaoDesonerado),2)","v":179.07},0.2082,null,157.19999999999999,null,null,34010.22,216.35]
["S",3,"S",0,{"$f":"IF($C276=1,OFFSET(E276,-1,0)+MAX(1,COUNTIF(QCI!$A$13:$A$24,OFFSET(ORÇAMENTO!E276,-1,0))),OFFSET(E276,-1,0))","v":2},3,5,0,2,0,{"$f":"IF(OR($C276=\"S\",$C276=0),0,MATCH(OFFSET($D276,0,$C276)+IF($C276<>1,1,COUNTIF(QCI!$A$13:$A$24,ORÇAMENTO!E276)),OFFSET($D276,1,$C276,ROW($C$404)-ROW($C276)),0))","v":0},"F","Serviço","Serviço","2.3.5.0.2.","SINAPI","92765",{"$f":"IF($C276=\"S\",REFERENCIA.Descricao,\"(digite a descrição aqui)\")","v":"ARMAÇÃO DE PILAR OU VIGA DE ESTRUTURA CONVENCIONAL DE CONCRETO ARMADO UTILIZANDO AÇO CA-50 DE 20,0 MM - MONTAGEM. AF_06/2022"},{"$f":"REFERENCIA.Unidade","v":"KG"},{"$f":"OFFSET(CÁLCULO!H$15,ROW($T276)-ROW(T$15),0)","v":252.71},9.81,"BDI 1",{"$f":"IF($C276=\"S\",ROUND(IF(TIPOORCAMENTO=\"Proposto\",ORÇAMENTO.CustoUnitario*(1+$AH276),ORÇAMENTO.PrecoUnitarioLicitado),15-13*$AF$10),0)","v":11.85},{"$f":"IF($C276=\"S\",IF(Import.TipoArredondamento<>\"TransfereGOV\",VTOTAL1,SUM(OFFSET(CÁLCULO!$AA$15,ROW($X276)-ROW($X$15),1):OFFSET(CÁLCULO!$AL$15,ROW($X276)-ROW($X$15),-1))),IF($C276=0,0,ROUND(SomaAgrup,15-13*$AF$11)))","v":2994.61},"RA","RA",{"$f":"IF($C276=\"S\",IF($Z276=\"CP\",$X276,IF($Z276=\"RA\",(($X276)*QCI!$AA$3),0)),SomaAgrup)","v":803.37651484380558},0,{"$f":"IF($N276=\"\",\"\",IF(ORÇAMENTO.Descricao=\"\",\"DESCRIÇÃO\",IF(AND($C276=\"S\",ORÇAMENTO.Unidade=\"\"),\"UNIDADE\",IF($X276<0,\"VALOR NEGATIVO\",IF(OR(AND(TIPOORCAMENTO=\"Proposto\",$AG276<>\"\",$AG276>0,ORÇAMENTO.CustoUnitario>$AG276),AND(TIPOORCAMENTO=\"LICITADO\",ORÇAMENTO.PrecoUnitarioLicitado>$AN276)),\"ACIMA REF.\",\"\")))))","v":""},{"$f":"IF(C276<=CRONO.NivelExibicao,MAX($AD$15:OFFSET(AD276,-1,0))+IF($C276<>1,1,MAX(1,COUNTIF(QCI!$A$13:$A$24,OFFSET($E276,-1,0)))),\"\")","v":""},{"$f":"IF(AND($C276=\"S\",ORÇAMENTO.CodBarra<>\"\"),IF(ORÇAMENTO.Fonte=\"\",ORÇAMENTO.CodBarra,CONCATENATE(ORÇAMENTO.Fonte,\" \",ORÇAMENTO.CodBarra)))","v":"SINAPI 92765"},{"$f":"IF(ISERROR(INDIRECT(ORÇAMENTO.BancoRef)),\"(abra o arquivo 'Referência \"&Excel_BuiltIn_Database&\".xlsm)\",IF(OR($C276<>\"S\",ORÇAMENTO.CodBarra=\"\"),\"(Sem Código)\",IF(ISERROR(MATCH($AE276,INDIRECT(ORÇAMENTO.BancoRef),0)),\"(Código não identificado nas referências)\",MATCH($AE276,INDIRECT(ORÇAMENTO.BancoRef),0))))","v":2636},{"$f":"ROUND(IF(DESONERACAO=\"sim\",REFERENCIA.Desonerado,REFERENCIA.NaoDesonerado),2)","v":9.81},0.2082,null,252.71,null,null,2994.61,11.85]
["S",3,"S",0,{"$f":"IF($C277=1,OFFSET(E277,-1,0)+MAX(1,COUNTIF(QCI!$A$13:$A$24,OFFSET(ORÇAMENTO!E277,-1,0))),OFFSET(E277,-1,0))","v":2},3,5,0,3,0,{"$f":"IF(OR($C277=\"S\",$C277=0),0,MATCH(OFFSET($D277,0,$C277)+IF($C277<>1,1,COUNTIF(QCI!$A$13:$A$24,ORÇAMENTO!E277)),OFFSET($D277,1,$C277,ROW($C$404)-ROW($C277)),0))","v":0},"F","Serviço","Serviço","2.3.5.0.3.","SINAPI","92762",{"$f":"IF($C277=\"S\",REFERENCIA.Descricao,\"(digite a descrição aqui)\")","v":"ARMAÇÃO DE PILAR OU VIGA DE ESTRUTURA CONVENCIONAL DE CONCRETO ARMADO UTILIZANDO AÇO CA-50 DE 10,0 MM - MONTAGEM. AF_06/2022"},{"$f":"REFERENCIA.Unidade","v":"KG"},{"$f":"OFFSET(CÁLCULO!H$15,ROW($T277)-ROW(T$15),0)","v":771.06},10.92,"BDI 1",{"$f":"IF($C277=\"S\",ROUND(IF(TIPOORCAMENTO=\"Proposto\",ORÇAMENTO.CustoUnitario*(1+$AH277),ORÇAMENTO.PrecoUnitarioLicitado),15-13*$AF$10),0)","v":13.19},{"$f":"IF($C277=\"S\",IF(Import.TipoArredondamento<>\"TransfereGOV\",VTOTAL1,SUM(OFFSET(CÁLCULO!$AA$15,ROW($X277)-ROW($X$15),1):OFFSET(CÁLCULO!$AL$15,ROW($X277)-ROW($X$15),-1))),IF($C277=0,0,ROUND(SomaAgrup,15-13*$AF$11)))","v":10170.280000000001},"RA","RA",{"$f":"IF($C277=\"S\",IF($Z277=\"CP\",$X277,IF($Z277=\"RA\",(($X277)*QCI!$AA$3),0)),SomaAgrup)","v":2728.4234345659897},0,{"$f":"IF($N277=\"\",\"\",IF(ORÇAMENTO.Descricao=\"\",\"DESCRIÇÃO\",IF(AND($C277=\"S\",ORÇAMENTO.Unidade=\"\"),\"UNIDADE\",IF($X277<0,\"VALOR NEGATIVO\",IF(OR(AND(TIPOORCAMENTO=\"Proposto\",$AG277<>\"\",$AG277>0,ORÇAMENTO.CustoUnitario>$AG277),AND(TIPOORCAMENTO=\"LICITADO\",ORÇAMENTO.PrecoUnitarioLicitado>$AN277)),\"ACIMA REF.\",\"\")))))","v":""},{"$f":"IF(C277<=CRONO.NivelExibicao,MAX($AD$15:OFFSET(AD277,-1,0))+IF($C277<>1,1,MAX(1,COUNTIF(QCI!$A$13:$A$24,OFFSET($E277,-1,0)))),\"\")","v":""},{"$f":"IF(AND($C277=\"S\",ORÇAMENTO.CodBarra<>\"\"),IF(ORÇAMENTO.Fonte=\"\",ORÇAMENTO.CodBarra,CONCATENATE(ORÇAMENTO.Fonte,\" \",ORÇAMENTO.CodBarra)))","v":"SINAPI 92762"},{"$f":"IF(ISERROR(INDIRECT(ORÇAMENTO.BancoRef)),\"(abra o arquivo 'Referência \"&Excel_BuiltIn_Database&\".xlsm)\",IF(OR($C277<>\"S\",ORÇAMENTO.CodBarra=\"\"),\"(Sem Código)\",IF(ISERROR(MATCH($AE277,INDIRECT(ORÇAMENTO.BancoRef),0)),\"(Código não identificado nas referências)\",MATCH($AE277,INDIRECT(ORÇAMENTO.BancoRef),0))))","v":2633},{"$f":"ROUND(IF(DESONERACAO=\"sim\",REFERENCIA.Desonerado,REFERENCIA.NaoDesonerado),2)","v":10.92},0.2082,null,771.06,null,null,10170.280000000001,13.19]
["S",3,"S",0,{"$f":"IF($C278=1,OFFSET(E278,-1,0)+MAX(1,COUNTIF(QCI!$A$13:$A$24,OFFSET(ORÇAMENTO!E278,-1,0))),OFFSET(E278,-1,0))","v":2},3,5,0,4,0,{"$f":"IF(OR($C278=\"S\",$C278=0),0,MATCH(OFFSET($D278,0,$C278)+IF($C278<>1,1,COUNTIF(QCI!$A$13:$A$24,ORÇAMENTO!E278)),OFFSET($D278,1,$C278,ROW($C$404)-ROW($C278)),0))","v":0},"F","Serviço","Serviço","2.3.5.0.4.","SINAPI","92759",{"$f":"IF($C278=\"S\",REFERENCIA.Descricao,\"(digite a descrição aqui)\")","v":"ARMAÇÃO DE PILAR OU VIGA DE ESTRUTURA CONVENCIONAL DE CONCRETO ARMADO UTILIZANDO AÇO CA-60 DE 5,0 MM - MONTAGEM. AF_06/2022"},{"$f":"REFERENCIA.Unidade","v":"KG"},{"$f":"OFFSET(CÁLCULO!H$15,ROW($T278)-ROW(T$15),0)","v":233.27},14.91,"BDI 1",{"$f":"IF($C278=\"S\",ROUND(IF(TIPOORCAMENTO=\"Proposto\",ORÇAMENTO.CustoUnitario*(1+$AH278),ORÇAMENTO.PrecoUnitarioLicitado),15-13*$AF$10),0)","v":18.010000000000002},{"$f":"IF($C278=\"S\",IF(Import.TipoArredondamento<>\"TransfereGOV\",VTOTAL1,SUM(OFFSET(CÁLCULO!$AA$15,ROW($X278)-ROW($X$15),1):OFFSET(CÁLCULO!$AL$15,ROW($X278)-ROW($X$15),-1))),IF($C278=0,0,ROUND(SomaAgrup,15-13*$AF$11)))","v":4201.1899999999996},"RA","RA",{"$f":"IF($C278=\"S\",IF($Z278=\"CP\",$X278,IF($Z278=\"RA\",(($X278)*QCI!$AA$3),0)),SomaAgrup)","v":1127.0707639380912},0,{"$f":"IF($N278=\"\",\"\",IF(ORÇAMENTO.Descricao=\"\",\"DESCRIÇÃO\",IF(AND($C278=\"S\",ORÇAMENTO.Unidade=\"\"),\"UNIDADE\",IF($X278<0,\"VALOR NEGATIVO\",IF(OR(AND(TIPOORCAMENTO=\"Proposto\",$AG278<>\"\",$AG278>0,ORÇAMENTO.CustoUnitario>$AG278),AND(TIPOORCAMENTO=\"LICITADO\",ORÇAMENTO.PrecoUnitarioLicitado>$AN278)),\"ACIMA REF.\",\"\")))))","v":""},{"$f":"IF(C278<=CRONO.NivelExibicao,MAX($AD$15:OFFSET(AD278,-1,0))+IF($C278<>1,1,MAX(1,COUNTIF(QCI!$A$13:$A$24,OFFSET($E278,-1,0)))),\"\")","v":""},{"$f":"IF(AND($C278=\"S\",ORÇAMENTO.CodBarra<>\"\"),IF(ORÇAMENTO.Fonte=\"\",ORÇAMENTO.CodBarra,CONCATENATE(ORÇAMENTO.Fonte,\" \",ORÇAMENTO.CodBarra)))","v":"SINAPI 92759"},{"$f":"IF(ISERROR(INDIRECT(ORÇAMENTO.BancoRef)),\"(abra o arquivo 'Referência \"&Excel_BuiltIn_Database&\".xlsm)\",IF(OR($C278<>\"S\",ORÇAMENTO.CodBarra=\"\"),\"(Sem Código)\",IF(ISERROR(MATCH($AE278,INDIRECT(ORÇAMENTO.BancoRef),0)),\"(Código não identificado nas referências)\",MATCH($AE278,INDIRECT(ORÇAMENTO.BancoRef),0))))","v":2630},{"$f":"ROUND(IF(DESONERACAO=\"sim\",REFERENCIA.Desonerado,REFERENCIA.NaoDesonerado),2)","v":14.91},0.2082,null,233.27,null,null,4201.1899999999996,18.010000000000002]
["S",3,"S",0,{"$f":"IF($C279=1,OFFSET(E279,-1,0)+MAX(1,COUNTIF(QCI!$A$13:$A$24,OFFSET(ORÇAMENTO!E279,-1,0))),OFFSET(E279,-1,0))","v":2},3,5,0,5,0,{"$f":"IF(OR($C279=\"S\",$C279=0),0,MATCH(OFFSET($D279,0,$C279)+IF($C279<>1,1,COUNTIF(QCI!$A$13:$A$24,ORÇAMENTO!E279)),OFFSET($D279,1,$C279,ROW($C$404)-ROW($C279)),0))","v":0},"F","Serviço","Serviço","2.3.5.0.5.","SINAPI","103675",{"$f":"IF($C279=\"S\",REFERENCIA.Descricao,\"(digite a descrição aqui)\")","v":"CONCRETAGEM DE VIGAS E LAJES, FCK=25 MPA, PARA LAJES MACIÇAS OU NERVURADAS COM USO DE BOMBA - LANÇAMENTO, ADENSAMENTO E ACABAMENTO. AF_02/2022_PS"},{"$f":"REFERENCIA.Unidade","v":"M3"},{"$f":"OFFSET(CÁLCULO!H$15,ROW($T279)-ROW(T$15),0)","v":11.27},579.29,"BDI 1",{"$f":"IF($C279=\"S\",ROUND(IF(TIPOORCAMENTO=\"Proposto\",ORÇAMENTO.CustoUnitario*(1+$AH279),ORÇAMENTO.PrecoUnitarioLicitado),15-13*$AF$10),0)","v":699.9},{"$f":"IF($C279=\"S\",IF(Import.TipoArredondamento<>\"TransfereGOV\",VTOTAL1,SUM(OFFSET(CÁLCULO!$AA$15,ROW($X279)-ROW($X$15),1):OFFSET(CÁLCULO!$AL$15,ROW($X279)-ROW($X$15),-1))),IF($C279=0,0,ROUND(SomaAgrup,15-13*$AF$11)))","v":7887.87},"RA","RA",{"$f":"IF($C279=\"S\",IF($Z279=\"CP\",$X279,IF($Z279=\"RA\",(($X279)*QCI!$AA$3),0)),SomaAgrup)","v":2116.1117842193166},0,{"$f":"IF($N279=\"\",\"\",IF(ORÇAMENTO.Descricao=\"\",\"DESCRIÇÃO\",IF(AND($C279=\"S\",ORÇAMENTO.Unidade=\"\"),\"UNIDADE\",IF($X279<0,\"VALOR NEGATIVO\",IF(OR(AND(TIPOORCAMENTO=\"Proposto\",$AG279<>\"\",$AG279>0,ORÇAMENTO.CustoUnitario>$AG279),AND(TIPOORCAMENTO=\"LICITADO\",ORÇAMENTO.PrecoUnitarioLicitado>$AN279)),\"ACIMA REF.\",\"\")))))","v":""},{"$f":"IF(C279<=CRONO.NivelExibicao,MAX($AD$15:OFFSET(AD279,-1,0))+IF($C279<>1,1,MAX(1,COUNTIF(QCI!$A$13:$A$24,OFFSET($E279,-1,0)))),\"\")","v":""},{"$f":"IF(AND($C279=\"S\",ORÇAMENTO.CodBarra<>\"\"),IF(ORÇAMENTO.Fonte=\"\",ORÇAMENTO.CodBarra,CONCATENATE(ORÇAMENTO.Fonte,\" \",ORÇAMENTO.CodBarra)))","v":"SINAPI 103675"},{"$f":"IF(ISERROR(INDIRECT(ORÇAMENTO.BancoRef)),\"(abra o arquivo 'Referência \"&Excel_BuiltIn_Database&\".xlsm)\",IF(OR($C279<>\"S\",ORÇAMENTO.CodBarra=\"\"),\"(Sem Código)\",IF(ISERROR(MATCH($AE279,INDIRECT(ORÇAMENTO.BancoRef),0)),\"(Código não identificado nas referências)\",MATCH($AE279,INDIRECT(ORÇAMENTO.BancoRef),0))))","v":2784},{"$f":"ROUND(IF(DESONERACAO=\"sim\",REFERENCIA.Desonerado,REFERENCIA.NaoDesonerado),2)","v":579.29},0.2082,null,11.27,null,null,7887.87,699.9]
[3,3,3,4,{"$f":"IF($C280=1,OFFSET(E280,-1,0)+MAX(1,COUNTIF(QCI!$A$13:$A$24,OFFSET(ORÇAMENTO!E280,-1,0))),OFFSET(E280,-1,0))","v":2},3,6,0,0,9,{"$f":"IF(OR($C280=\"S\",$C280=0),0,MATCH(OFFSET($D280,0,$C280)+IF($C280<>1,1,COUNTIF(QCI!$A$13:$A$24,ORÇAMENTO!E280)),OFFSET($D280,1,$C280,ROW($C$404)-ROW($C280)),0))","v":4},"F","Nível 3","Nível 3","2.3.6.","SINAPI",null,"ESCADA ARQUIBANCADA",{"$f":"REFERENCIA.Unidade","v":"-"},{"$f":"OFFSET(CÁLCULO!H$15,ROW($T280)-ROW(T$15),0)","v":0},null,"BDI 1",{"$f":"IF($C280=\"S\",ROUND(IF(TIPOORCAMENTO=\"Proposto\",ORÇAMENTO.CustoUnitario*(1+$AH280),ORÇAMENTO.PrecoUnitarioLicitado),15-13*$AF$10),0)","v":0},{"$f":"IF($C280=\"S\",IF(Import.TipoArredondamento<>\"TransfereGOV\",VTOTAL1,SUM(OFFSET(CÁLCULO!$AA$15,ROW($X280)-ROW($X$15),1):OFFSET(CÁLCULO!$AL$15,ROW($X280)-ROW($X$15),-1))),IF($C280=0,0,ROUND(SomaAgrup,15-13*$AF$11)))","v":8820.42},"RA","",{"$f":"IF($C280=\"S\",IF($Z280=\"CP\",$X280,IF($Z280=\"RA\",(($X280)*QCI!$AA$3),0)),SomaAgrup)","v":2366.2908622687428},0,{"$f":"IF($N280=\"\",\"\",IF(ORÇAMENTO.Descricao=\"\",\"DESCRIÇÃO\",IF(AND($C280=\"S\",ORÇAMENTO.Unidade=\"\"),\"UNIDADE\",IF($X280<0,\"VALOR NEGATIVO\",IF(OR(AND(TIPOORCAMENTO=\"Proposto\",$AG280<>\"\",$AG280>0,ORÇAMENTO.CustoUnitario>$AG280),AND(TIPOORCAMENTO=\"LICITADO\",ORÇAMENTO.PrecoUnitarioLicitado>$AN280)),\"ACIMA REF.\",\"\")))))","v":""},{"$f":"IF(C280<=CRONO.NivelExibicao,MAX($AD$15:OFFSET(AD280,-1,0))+IF($C280<>1,1,MAX(1,COUNTIF(QCI!$A$13:$A$24,OFFSET($E280,-1,0)))),\"\")","v":""},{"$f":"IF(AND($C280=\"S\",ORÇAMENTO.CodBarra<>\"\"),IF(ORÇAMENTO.Fonte=\"\",ORÇAMENTO.CodBarra,CONCATENATE(ORÇAMENTO.Fonte,\" \",ORÇAMENTO.CodBarra)))","v":false},{"$f":"IF(ISERROR(INDIRECT(ORÇAMENTO.BancoRef)),\"(abra o arquivo 'Referência \"&Excel_BuiltIn_Database&\".xlsm)\",IF(OR($C280<>\"S\",ORÇAMENTO.CodBarra=\"\"),\"(Sem Código)\",IF(ISERROR(MATCH($AE280,INDIRECT(ORÇAMENTO.BancoRef),0)),\"(Código não identificado nas referências)\",MATCH($AE280,INDIRECT(ORÇAMENTO.BancoRef),0))))","v":"(Sem Código)"},{"$f":"ROUND(IF(DESONERACAO=\"sim\",REFERENCIA.Desonerado,REFERENCIA.NaoDesonerado),2)","v":0},0.2082,null,null,null,null,8820.42,0]
["S",3,"S",0,{"$f":"IF($C281=1,OFFSET(E281,-1,0)+MAX(1,COUNTIF(QCI!$A$13:$A$24,OFFSET(ORÇAMENTO!E281,-1,0))),OFFSET(E281,-1,0))","v":2},3,6,0,1,0,{"$f":"IF(OR($C281=\"S\",$C281=0),0,MATCH(OFFSET($D281,0,$C281)+IF($C281<>1,1,COUNTIF(QCI!$A$13:$A$24,ORÇAMENTO!E281)),OFFSET($D281,1,$C281,ROW($C$404)-ROW($C281)),0))","v":0},"F","Serviço","Serviço","2.3.6.0.1.","SINAPI","101995",{"$f":"IF($C281=\"S\",REFERENCIA.Descricao,\"(digite a descrição aqui)\")","v":"FABRICAÇÃO DE FÔRMA PARA ESCADAS, COM 1 LANCE E LAJE PLANA, EM CHAPA DE MADEIRA COMPENSADA RESINADA, E= 17 MM. AF_11/2020"},{"$f":"REFERENCIA.Unidade","v":"M2"},{"$f":"OFFSET(CÁLCULO!H$15,ROW($T281)-ROW(T$15),0)","v":24.92},149.97,"BDI 1",{"$f":"IF($C281=\"S\",ROUND(IF(TIPOORCAMENTO=\"Proposto\",ORÇAMENTO.CustoUnitario*(1+$AH281),ORÇAMENTO.PrecoUnitarioLicitado),15-13*$AF$10),0)","v":181.19},{"$f":"IF($C281=\"S\",IF(Import.TipoArredondamento<>\"TransfereGOV\",VTOTAL1,SUM(OFFSET(CÁLCULO!$AA$15,ROW($X281)-ROW($X$15),1):OFFSET(CÁLCULO!$AL$15,ROW($X281)-ROW($X$15),-1))),IF($C281=0,0,ROUND(SomaAgrup,15-13*$AF$11)))","v":4515.25},"RA","RA",{"$f":"IF($C281=\"S\",IF($Z281=\"CP\",$X281,IF($Z281=\"RA\",(($X281)*QCI!$AA$3),0)),SomaAgrup)","v":1211.324950043075},0,{"$f":"IF($N281=\"\",\"\",IF(ORÇAMENTO.Descricao=\"\",\"DESCRIÇÃO\",IF(AND($C281=\"S\",ORÇAMENTO.Unidade=\"\"),\"UNIDADE\",IF($X281<0,\"VALOR NEGATIVO\",IF(OR(AND(TIPOORCAMENTO=\"Proposto\",$AG281<>\"\",$AG281>0,ORÇAMENTO.CustoUnitario>$AG281),AND(TIPOORCAMENTO=\"LICITADO\",ORÇAMENTO.PrecoUnitarioLicitado>$AN281)),\"ACIMA REF.\",\"\")))))","v":""},{"$f":"IF(C281<=CRONO.NivelExibicao,MAX($AD$15:OFFSET(AD281,-1,0))+IF($C281<>1,1,MAX(1,COUNTIF(QCI!$A$13:$A$24,OFFSET($E281,-1,0)))),\"\")","v":""},{"$f":"IF(AND($C281=\"S\",ORÇAMENTO.CodBarra<>\"\"),IF(ORÇAMENTO.Fonte=\"\",ORÇAMENTO.CodBarra,CONCATENATE(ORÇAMENTO.Fonte,\" \",ORÇAMENTO.CodBarra)))","v":"SINAPI 101995"},{"$f":"IF(ISERROR(INDIRECT(ORÇAMENTO.BancoRef)),\"(abra o arquivo 'Referência \"&Excel_BuiltIn_Database&\".xlsm)\",IF(OR($C281<>\"S\",ORÇAMENTO.CodBarra=\"\"),\"(Sem Código)\",IF(ISERROR(MATCH($AE281,INDIRECT(ORÇAMENTO.BancoRef),0)),\"(Código não identificado nas referências)\",MATCH($AE281,INDIRECT(ORÇAMENTO.BancoRef),0))))","v":2535},{"$f":"ROUND(IF(DESONERACAO=\"sim\",REFERENCIA.Desonerado,REFERENCIA.NaoDesonerado),2)","v":149.97},0.2082,null,24.92,null,null,4515.25,181.19]
["S",3,"S",0,{"$f":"IF($C282=1,OFFSET(E282,-1,0)+MAX(1,COUNTIF(QCI!$A$13:$A$24,OFFSET(ORÇAMENTO!E282,-1,0))),OFFSET(E282,-1,0))","v":2},3,6,0,2,0,{"$f":"IF(OR($C282=\"S\",$C282=0),0,MATCH(OFFSET($D282,0,$C282)+IF($C282<>1,1,COUNTIF(QCI!$A$13:$A$24,ORÇAMENTO!E282)),OFFSET($D282,1,$C282,ROW($C$404)-ROW($C282)),0))","v":0},"F","Serviço","Serviço","2.3.6.0.2.","SINAPI","92765",{"$f":"IF($C282=\"S\",REFERENCIA.Descricao,\"(digite a descrição aqui)\")","v":"ARMAÇÃO DE PILAR OU VIGA DE ESTRUTURA CONVENCIONAL DE CONCRETO ARMADO UTILIZANDO AÇO CA-50 DE 20,0 MM - MONTAGEM. AF_06/2022"},{"$f":"REFERENCIA.Unidade","v":"KG"},{"$f":"OFFSET(CÁLCULO!H$15,ROW($T282)-ROW(T$15),0)","v":307.36},9.81,"BDI 1",{"$f":"IF($C282=\"S\",ROUND(IF(TIPOORCAMENTO=\"Proposto\",ORÇAMENTO.CustoUnitario*(1+$AH282),ORÇAMENTO.PrecoUnitarioLicitado),15-13*$AF$10),0)","v":11.85},{"$f":"IF($C282=\"S\",IF(Import.TipoArredondamento<>\"TransfereGOV\",VTOTAL1,SUM(OFFSET(CÁLCULO!$AA$15,ROW($X282)-ROW($X$15),1):OFFSET(CÁLCULO!$AL$15,ROW($X282)-ROW($X$15),-1))),IF($C282=0,0,ROUND(SomaAgrup,15-13*$AF$11)))","v":3642.22},"RA","RA",{"$f":"IF($C282=\"S\",IF($Z282=\"CP\",$X282,IF($Z282=\"RA\",(($X282)*QCI!$AA$3),0)),SomaAgrup)","v":977.11355064412567},0,{"$f":"IF($N282=\"\",\"\",IF(ORÇAMENTO.Descricao=\"\",\"DESCRIÇÃO\",IF(AND($C282=\"S\",ORÇAMENTO.Unidade=\"\"),\"UNIDADE\",IF($X282<0,\"VALOR NEGATIVO\",IF(OR(AND(TIPOORCAMENTO=\"Proposto\",$AG282<>\"\",$AG282>0,ORÇAMENTO.CustoUnitario>$AG282),AND(TIPOORCAMENTO=\"LICITADO\",ORÇAMENTO.PrecoUnitarioLicitado>$AN282)),\"ACIMA REF.\",\"\")))))","v":""},{"$f":"IF(C282<=CRONO.NivelExibicao,MAX($AD$15:OFFSET(AD282,-1,0))+IF($C282<>1,1,MAX(1,COUNTIF(QCI!$A$13:$A$24,OFFSET($E282,-1,0)))),\"\")","v":""},{"$f":"IF(AND($C282=\"S\",ORÇAMENTO.CodBarra<>\"\"),IF(ORÇAMENTO.Fonte=\"\",ORÇAMENTO.CodBarra,CONCATENATE(ORÇAMENTO.Fonte,\" \",ORÇAMENTO.CodBarra)))","v":"SINAPI 92765"},{"$f":"IF(ISERROR(INDIRECT(ORÇAMENTO.BancoRef)),\"(abra o arquivo 'Referência \"&Excel_BuiltIn_Database&\".xlsm)\",IF(OR($C282<>\"S\",ORÇAMENTO.CodBarra=\"\"),\"(Sem Código)\",IF(ISERROR(MATCH($AE282,INDIRECT(ORÇAMENTO.BancoRef),0)),\"(Código não identificado nas referências)\",MATCH($AE282,INDIRECT(ORÇAMENTO.BancoRef),0))))","v":2636},{"$f":"ROUND(IF(DESONERACAO=\"sim\",REFERENCIA.Desonerado,REFERENCIA.NaoDesonerado),2)","v":9.81},0.2082,null,307.36,null,null,3642.22,11.85]
["S",3,"S",0,{"$f":"IF($C283=1,OFFSET(E283,-1,0)+MAX(1,COUNTIF(QCI!$A$13:$A$24,OFFSET(ORÇAMENTO!E283,-1,0))),OFFSET(E283,-1,0))","v":2},3,6,0,3,0,{"$f":"IF(OR($C283=\"S\",$C283=0),0,MATCH(OFFSET($D283,0,$C283)+IF($C283<>1,1,COUNTIF(QCI!$A$13:$A$24,ORÇAMENTO!E283)),OFFSET($D283,1,$C283,ROW($C$404)-ROW($C283)),0))","v":0},"F","Serviço","Serviço","2.3.6.0.3.","SINAPI","103686",{"$f":"IF($C283=\"S\",REFERENCIA.Descricao,\"(digite a descrição aqui)\")","v":"CONCRETAGEM DE ESCADAS, FCK=25 MPA, COM USO DE BOMBA - LANÇAMENTO, ADENSAMENTO E ACABAMENTO. AF_02/2022_PS"},{"$f":"REFERENCIA.Unidade","v":"M3"},{"$f":"OFFSET(CÁLCULO!H$15,ROW($T283)-ROW(T$15),0)","v":0.83},661.09,"BDI 1",{"$f":"IF($C283=\"S\",ROUND(IF(TIPOORCAMENTO=\"Proposto\",ORÇAMENTO.CustoUnitario*(1+$AH283),ORÇAMENTO.PrecoUnitarioLicitado),15-13*$AF$10),0)","v":798.73},{"$f":"IF($C283=\"S\",IF(Import.TipoArredondamento<>\"TransfereGOV\",VTOTAL1,SUM(OFFSET(CÁLCULO!$AA$15,ROW($X283)-ROW($X$15),1):OFFSET(CÁLCULO!$AL$15,ROW($X283)-ROW($X$15),-1))),IF($C283=0,0,ROUND(SomaAgrup,15-13*$AF$11)))","v":662.95},"RA","RA",{"$f":"IF($C283=\"S\",IF($Z283=\"CP\",$X283,IF($Z283=\"RA\",(($X283)*QCI!$AA$3),0)),SomaAgrup)","v":177.8523615815418},0,{"$f":"IF($N283=\"\",\"\",IF(ORÇAMENTO.Descricao=\"\",\"DESCRIÇÃO\",IF(AND($C283=\"S\",ORÇAMENTO.Unidade=\"\"),\"UNIDADE\",IF($X283<0,\"VALOR NEGATIVO\",IF(OR(AND(TIPOORCAMENTO=\"Proposto\",$AG283<>\"\",$AG283>0,ORÇAMENTO.CustoUnitario>$AG283),AND(TIPOORCAMENTO=\"LICITADO\",ORÇAMENTO.PrecoUnitarioLicitado>$AN283)),\"ACIMA REF.\",\"\")))))","v":""},{"$f":"IF(C283<=CRONO.NivelExibicao,MAX($AD$15:OFFSET(AD283,-1,0))+IF($C283<>1,1,MAX(1,COUNTIF(QCI!$A$13:$A$24,OFFSET($E283,-1,0)))),\"\")","v":""},{"$f":"IF(AND($C283=\"S\",ORÇAMENTO.CodBarra<>\"\"),IF(ORÇAMENTO.Fonte=\"\",ORÇAMENTO.CodBarra,CONCATENATE(ORÇAMENTO.Fonte,\" \",ORÇAMENTO.CodBarra)))","v":"SINAPI 103686"},{"$f":"IF(ISERROR(INDIRECT(ORÇAMENTO.BancoRef)),\"(abra o arquivo 'Referência \"&Excel_BuiltIn_Database&\".xlsm)\",IF(OR($C283<>\"S\",ORÇAMENTO.CodBarra=\"\"),\"(Sem Código)\",IF(ISERROR(MATCH($AE283,INDIRECT(ORÇAMENTO.BancoRef),0)),\"(Código não identificado nas referências)\",MATCH($AE283,INDIRECT(ORÇAMENTO.BancoRef),0))))","v":2795},{"$f":"ROUND(IF(DESONERACAO=\"sim\",REFERENCIA.Desonerado,REFERENCIA.NaoDesonerado),2)","v":661.09},0.2082,null,0.82599999999999996,null,null,662.95,798.73]
[3,3,3,5,{"$f":"IF($C284=1,OFFSET(E284,-1,0)+MAX(1,COUNTIF(QCI!$A$13:$A$24,OFFSET(ORÇAMENTO!E284,-1,0))),OFFSET(E284,-1,0))","v":2},3,7,0,0,5,{"$f":"IF(OR($C284=\"S\",$C284=0),0,MATCH(OFFSET($D284,0,$C284)+IF($C284<>1,1,COUNTIF(QCI!$A$13:$A$24,ORÇAMENTO!E284)),OFFSET($D284,1,$C284,ROW($C$404)-ROW($C284)),0))","v":{"$error":"#N/A"}},"F","Nível 3","Nível 3","2.3.7.","SINAPI",null,"LAJE ARQUIBANCADA",{"$f":"REFERENCIA.Unidade","v":"-"},{"$f":"OFFSET(CÁLCULO!H$15,ROW($T284)-ROW(T$15),0)","v":0},null,"BDI 1",{"$f":"IF($C284=\"S\",ROUND(IF(TIPOORCAMENTO=\"Proposto\",ORÇAMENTO.CustoUnitario*(1+$AH284),ORÇAMENTO.PrecoUnitarioLicitado),15-13*$AF$10),0)","v":0},{"$f":"IF($C284=\"S\",IF(Import.TipoArredondamento<>\"TransfereGOV\",VTOTAL1,SUM(OFFSET(CÁLCULO!$AA$15,ROW($X284)-ROW($X$15),1):OFFSET(CÁLCULO!$AL$15,ROW($X284)-ROW($X$15),-1))),IF($C284=0,0,ROUND(SomaAgrup,15-13*$AF$11)))","v":14737.95},"RA","",{"$f":"IF($C284=\"S\",IF($Z284=\"CP\",$X284,IF($Z284=\"RA\",(($X284)*QCI!$AA$3),0)),SomaAgrup)","v":3953.811316646329},0,{"$f":"IF($N284=\"\",\"\",IF(ORÇAMENTO.Descricao=\"\",\"DESCRIÇÃO\",IF(AND($C284=\"S\",ORÇAMENTO.Unidade=\"\"),\"UNIDADE\",IF($X284<0,\"VALOR NEGATIVO\",IF(OR(AND(TIPOORCAMENTO=\"Proposto\",$AG284<>\"\",$AG284>0,ORÇAMENTO.CustoUnitario>$AG284),AND(TIPOORCAMENTO=\"LICITADO\",ORÇAMENTO.PrecoUnitarioLicitado>$AN284)),\"ACIMA REF.\",\"\")))))","v":""},{"$f":"IF(C284<=CRONO.NivelExibicao,MAX($AD$15:OFFSET(AD284,-1,0))+IF($C284<>1,1,MAX(1,COUNTIF(QCI!$A$13:$A$24,OFFSET($E284,-1,0)))),\"\")","v":""},{"$f":"IF(AND($C284=\"S\",ORÇAMENTO.CodBarra<>\"\"),IF(ORÇAMENTO.Fonte=\"\",ORÇAMENTO.CodBarra,CONCATENATE(ORÇAMENTO.Fonte,\" \",ORÇAMENTO.CodBarra)))","v":false},{"$f":"IF(ISERROR(INDIRECT(ORÇAMENTO.BancoRef)),\"(abra o arquivo 'Referência \"&Excel_BuiltIn_Database&\".xlsm)\",IF(OR($C284<>\"S\",ORÇAMENTO.CodBarra=\"\"),\"(Sem Código)\",IF(ISERROR(MATCH($AE284,INDIRECT(ORÇAMENTO.BancoRef),0)),\"(Código não identificado nas referências)\",MATCH($AE284,INDIRECT(ORÇAMENTO.BancoRef),0))))","v":"(Sem Código)"},{"$f":"ROUND(IF(DESONERACAO=\"sim\",REFERENCIA.Desonerado,REFERENCIA.NaoDesonerado),2)","v":0},0.2082,null,null,null,null,14737.95,0]
["S",3,"S",0,{"$f":"IF($C285=1,OFFSET(E285,-1,0)+MAX(1,COUNTIF(QCI!$A$13:$A$24,OFFSET(ORÇAMENTO!E285,-1,0))),OFFSET(E285,-1,0))","v":2},3,7,0,1,0,{"$f":"IF(OR($C285=\"S\",$C285=0),0,MATCH(OFFSET($D285,0,$C285)+IF($C285<>1,1,COUNTIF(QCI!$A$13:$A$24,ORÇAMENTO!E285)),OFFSET($D285,1,$C285,ROW($C$404)-ROW($C285)),0))","v":0},"F","Serviço","Serviço","2.3.7.0.1.","SINAPI","92267",{"$f":"IF($C285=\"S\",REFERENCIA.Descricao,\"(digite a descrição aqui)\")","v":"FABRICAÇÃO DE FÔRMA PARA LAJES, EM CHAPA DE MADEIRA COMPENSADA RESINADA, E = 17 MM. AF_09/2020"},{"$f":"REFERENCIA.Unidade","v":"M2"},{"$f":"OFFSET(CÁLCULO!H$15,ROW($T285)-ROW(T$15),0)","v":50.79},43.88,"BDI 1",{"$f":"IF($C285=\"S\",ROUND(IF(TIPOORCAMENTO=\"Proposto\",ORÇAMENTO.CustoUnitario*(1+$AH285),ORÇAMENTO.PrecoUnitarioLicitado),15-13*$AF$10),0)","v":53.02},{"$f":"IF($C285=\"S\",IF(Import.TipoArredondamento<>\"TransfereGOV\",VTOTAL1,SUM(OFFSET(CÁLCULO!$AA$15,ROW($X285)-ROW($X$15),1):OFFSET(CÁLCULO!$AL$15,ROW($X285)-ROW($X$15),-1))),IF($C285=0,0,ROUND(SomaAgrup,15-13*$AF$11)))","v":2692.89},"RA","RA",{"$f":"IF($C285=\"S\",IF($Z285=\"CP\",$X285,IF($Z285=\"RA\",(($X285)*QCI!$AA$3),0)),SomaAgrup)","v":722.43283200741848},0,{"$f":"IF($N285=\"\",\"\",IF(ORÇAMENTO.Descricao=\"\",\"DESCRIÇÃO\",IF(AND($C285=\"S\",ORÇAMENTO.Unidade=\"\"),\"UNIDADE\",IF($X285<0,\"VALOR NEGATIVO\",IF(OR(AND(TIPOORCAMENTO=\"Proposto\",$AG285<>\"\",$AG285>0,ORÇAMENTO.CustoUnitario>$AG285),AND(TIPOORCAMENTO=\"LICITADO\",ORÇAMENTO.PrecoUnitarioLicitado>$AN285)),\"ACIMA REF.\",\"\")))))","v":""},{"$f":"IF(C285<=CRONO.NivelExibicao,MAX($AD$15:OFFSET(AD285,-1,0))+IF($C285<>1,1,MAX(1,COUNTIF(QCI!$A$13:$A$24,OFFSET($E285,-1,0)))),\"\")","v":""},{"$f":"IF(AND($C285=\"S\",ORÇAMENTO.CodBarra<>\"\"),IF(ORÇAMENTO.Fonte=\"\",ORÇAMENTO.CodBarra,CONCATENATE(ORÇAMENTO.Fonte,\" \",ORÇAMENTO.CodBarra)))","v":"SINAPI 92267"},{"$f":"IF(ISERROR(INDIRECT(ORÇAMENTO.BancoRef)),\"(abra o arquivo 'Referência \"&Excel_BuiltIn_Database&\".xlsm)\",IF(OR($C285<>\"S\",ORÇAMENTO.CodBarra=\"\"),\"(Sem Código)\",IF(ISERROR(MATCH($AE285,INDIRECT(ORÇAMENTO.BancoRef),0)),\"(Código não identificado nas referências)\",MATCH($AE285,INDIRECT(ORÇAMENTO.BancoRef),0))))","v":2405},{"$f":"ROUND(IF(DESONERACAO=\"sim\",REFERENCIA.Desonerado,REFERENCIA.NaoDesonerado),2)","v":43.88},0.2082,null,50.79,null,null,2692.89,53.02]
["S",3,"S",0,{"$f":"IF($C286=1,OFFSET(E286,-1,0)+MAX(1,COUNTIF(QCI!$A$13:$A$24,OFFSET(ORÇAMENTO!E286,-1,0))),OFFSET(E286,-1,0))","v":2},3,7,0,2,0,{"$f":"IF(OR($C286=\"S\",$C286=0),0,MATCH(OFFSET($D286,0,$C286)+IF($C286<>1,1,COUNTIF(QCI!$A$13:$A$24,ORÇAMENTO!E286)),OFFSET($D286,1,$C286,ROW($C$404)-ROW($C286)),0))","v":0},"F","Serviço","Serviço","2.3.7.0.2.","SINAPI","92770",{"$f":"IF($C286=\"S\",REFERENCIA.Descricao,\"(digite a descrição aqui)\")","v":"ARMAÇÃO DE LAJE DE ESTRUTURA CONVENCIONAL DE CONCRETO ARMADO UTILIZANDO AÇO CA-50 DE 8,0 MM - MONTAGEM. AF_06/2022"},{"$f":"REFERENCIA.Unidade","v":"KG"},{"$f":"OFFSET(CÁLCULO!H$15,ROW($T286)-ROW(T$15),0)","v":468.29},11.8,"BDI 1",{"$f":"IF($C286=\"S\",ROUND(IF(TIPOORCAMENTO=\"Proposto\",ORÇAMENTO.CustoUnitario*(1+$AH286),ORÇAMENTO.PrecoUnitarioLicitado),15-13*$AF$10),0)","v":14.26},{"$f":"IF($C286=\"S\",IF(Import.TipoArredondamento<>\"TransfereGOV\",VTOTAL1,SUM(OFFSET(CÁLCULO!$AA$15,ROW($X286)-ROW($X$15),1):OFFSET(CÁLCULO!$AL$15,ROW($X286)-ROW($X$15),-1))),IF($C286=0,0,ROUND(SomaAgrup,15-13*$AF$11)))","v":6677.82},"RA","RA",{"$f":"IF($C286=\"S\",IF($Z286=\"CP\",$X286,IF($Z286=\"RA\",(($X286)*QCI!$AA$3),0)),SomaAgrup)","v":1791.4866237520951},0,{"$f":"IF($N286=\"\",\"\",IF(ORÇAMENTO.Descricao=\"\",\"DESCRIÇÃO\",IF(AND($C286=\"S\",ORÇAMENTO.Unidade=\"\"),\"UNIDADE\",IF($X286<0,\"VALOR NEGATIVO\",IF(OR(AND(TIPOORCAMENTO=\"Proposto\",$AG286<>\"\",$AG286>0,ORÇAMENTO.CustoUnitario>$AG286),AND(TIPOORCAMENTO=\"LICITADO\",ORÇAMENTO.PrecoUnitarioLicitado>$AN286)),\"ACIMA REF.\",\"\")))))","v":""},{"$f":"IF(C286<=CRONO.NivelExibicao,MAX($AD$15:OFFSET(AD286,-1,0))+IF($C286<>1,1,MAX(1,COUNTIF(QCI!$A$13:$A$24,OFFSET($E286,-1,0)))),\"\")","v":""},{"$f":"IF(AND($C286=\"S\",ORÇAMENTO.CodBarra<>\"\"),IF(ORÇAMENTO.Fonte=\"\",ORÇAMENTO.CodBarra,CONCATENATE(ORÇAMENTO.Fonte,\" \",ORÇAMENTO.CodBarra)))","v":"SINAPI 92770"},{"$f":"IF(ISERROR(INDIRECT(ORÇAMENTO.BancoRef)),\"(abra o arquivo 'Referência \"&Excel_BuiltIn_Database&\".xlsm)\",IF(OR($C286<>\"S\",ORÇAMENTO.CodBarra=\"\"),\"(Sem Código)\",IF(ISERROR(MATCH($AE286,INDIRECT(ORÇAMENTO.BancoRef),0)),\"(Código não identificado nas referências)\",MATCH($AE286,INDIRECT(ORÇAMENTO.BancoRef),0))))","v":2641},{"$f":"ROUND(IF(DESONERACAO=\"sim\",REFERENCIA.Desonerado,REFERENCIA.NaoDesonerado),2)","v":11.8},0.2082,null,468.29,null,null,6677.82,14.26]
["S",3,"S",0,{"$f":"IF($C287=1,OFFSET(E287,-1,0)+MAX(1,COUNTIF(QCI!$A$13:$A$24,OFFSET(ORÇAMENTO!E287,-1,0))),OFFSET(E287,-1,0))","v":2},3,7,0,3,0,{"$f":"IF(OR($C287=\"S\",$C287=0),0,MATCH(OFFSET($D287,0,$C287)+IF($C287<>1,1,COUNTIF(QCI!$A$13:$A$24,ORÇAMENTO!E287)),OFFSET($D287,1,$C287,ROW($C$404)-ROW($C287)),0))","v":0},"F","Serviço","Serviço","2.3.7.0.3.","SINAPI","92768",{"$f":"IF($C287=\"S\",REFERENCIA.Descricao,\"(digite a descrição aqui)\")","v":"ARMAÇÃO DE LAJE DE ESTRUTURA CONVENCIONAL DE CONCRETO ARMADO UTILIZANDO AÇO CA-60 DE 5,0 MM - MONTAGEM. AF_06/2022"},{"$f":"REFERENCIA.Unidade","v":"KG"},{"$f":"OFFSET(CÁLCULO!H$15,ROW($T287)-ROW(T$15),0)","v":88.91},14.2,"BDI 1",{"$f":"IF($C287=\"S\",ROUND(IF(TIPOORCAMENTO=\"Proposto\",ORÇAMENTO.CustoUnitario*(1+$AH287),ORÇAMENTO.PrecoUnitarioLicitado),15-13*$AF$10),0)","v":17.16},{"$f":"IF($C287=\"S\",IF(Import.TipoArredondamento<>\"TransfereGOV\",VTOTAL1,SUM(OFFSET(CÁLCULO!$AA$15,ROW($X287)-ROW($X$15),1):OFFSET(CÁLCULO!$AL$15,ROW($X287)-ROW($X$15),-1))),IF($C287=0,0,ROUND(SomaAgrup,15-13*$AF$11)))","v":1525.7},"RA","RA",{"$f":"IF($C287=\"S\",IF($Z287=\"CP\",$X287,IF($Z287=\"RA\",(($X287)*QCI!$AA$3),0)),SomaAgrup)","v":409.30590250389673},0,{"$f":"IF($N287=\"\",\"\",IF(ORÇAMENTO.Descricao=\"\",\"DESCRIÇÃO\",IF(AND($C287=\"S\",ORÇAMENTO.Unidade=\"\"),\"UNIDADE\",IF($X287<0,\"VALOR NEGATIVO\",IF(OR(AND(TIPOORCAMENTO=\"Proposto\",$AG287<>\"\",$AG287>0,ORÇAMENTO.CustoUnitario>$AG287),AND(TIPOORCAMENTO=\"LICITADO\",ORÇAMENTO.PrecoUnitarioLicitado>$AN287)),\"ACIMA REF.\",\"\")))))","v":""},{"$f":"IF(C287<=CRONO.NivelExibicao,MAX($AD$15:OFFSET(AD287,-1,0))+IF($C287<>1,1,MAX(1,COUNTIF(QCI!$A$13:$A$24,OFFSET($E287,-1,0)))),\"\")","v":""},{"$f":"IF(AND($C287=\"S\",ORÇAMENTO.CodBarra<>\"\"),IF(ORÇAMENTO.Fonte=\"\",ORÇAMENTO.CodBarra,CONCATENATE(ORÇAMENTO.Fonte,\" \",ORÇAMENTO.CodBarra)))","v":"SINAPI 92768"},{"$f":"IF(ISERROR(INDIRECT(ORÇAMENTO.BancoRef)),\"(abra o arquivo 'Referência \"&Excel_BuiltIn_Database&\".xlsm)\",IF(OR($C287<>\"S\",ORÇAMENTO.CodBarra=\"\"),\"(Sem Código)\",IF(ISERROR(MATCH($AE287,INDIRECT(ORÇAMENTO.BancoRef),0)),\"(Código não identificado nas referências)\",MATCH($AE287,INDIRECT(ORÇAMENTO.BancoRef),0))))","v":2639},{"$f":"ROUND(IF(DESONERACAO=\"sim\",REFERENCIA.Desonerado,REFERENCIA.NaoDesonerado),2)","v":14.2},0.2082,null,88.91,null,null,1525.7,17.16]
["S",3,"S",0,{"$f":"IF($C288=1,OFFSET(E288,-1,0)+MAX(1,COUNTIF(QCI!$A$13:$A$24,OFFSET(ORÇAMENTO!E288,-1,0))),OFFSET(E288,-1,0))","v":2},3,7,0,4,0,{"$f":"IF(OR($C288=\"S\",$C288=0),0,MATCH(OFFSET($D288,0,$C288)+IF($C288<>1,1,COUNTIF(QCI!$A$13:$A$24,ORÇAMENTO!E288)),OFFSET($D288,1,$C288,ROW($C$404)-ROW($C288)),0))","v":0},"F","Serviço","Serviço","2.3.7.0.4.","SINAPI","103681",{"$f":"IF($C288=\"S\",REFERENCIA.Descricao,\"(digite a descrição aqui)\")","v":"CONCRETAGEM DE VIGAS E LAJES, FCK=25 MPA, PARA LAJES MACIÇAS OU NERVURADAS COM GRUA DE CAÇAMBA DE 500 L EM EDIFICAÇÃO DE MULTIPAVIMENTOS ATÉ 16 ANDARES - LANÇAMENTO, ADENSAMENTO E ACABAMENTO. AF_02/2022"},{"$f":"REFERENCIA.Unidade","v":"M3"},{"$f":"OFFSET(CÁLCULO!H$15,ROW($T288)-ROW(T$15),0)","v":4.88},651.54999999999995,"BDI 1",{"$f":"IF($C288=\"S\",ROUND(IF(TIPOORCAMENTO=\"Proposto\",ORÇAMENTO.CustoUnitario*(1+$AH288),ORÇAMENTO.PrecoUnitarioLicitado),15-13*$AF$10),0)","v":787.2},{"$f":"IF($C288=\"S\",IF(Import.TipoArredondamento<>\"TransfereGOV\",VTOTAL1,SUM(OFFSET(CÁLCULO!$AA$15,ROW($X288)-ROW($X$15),1):OFFSET(CÁLCULO!$AL$15,ROW($X288)-ROW($X$15),-1))),IF($C288=0,0,ROUND(SomaAgrup,15-13*$AF$11)))","v":3841.54},"RA","RA",{"$f":"IF($C288=\"S\",IF($Z288=\"CP\",$X288,IF($Z288=\"RA\",(($X288)*QCI!$AA$3),0)),SomaAgrup)","v":1030.5859583829188},0,{"$f":"IF($N288=\"\",\"\",IF(ORÇAMENTO.Descricao=\"\",\"DESCRIÇÃO\",IF(AND($C288=\"S\",ORÇAMENTO.Unidade=\"\"),\"UNIDADE\",IF($X288<0,\"VALOR NEGATIVO\",IF(OR(AND(TIPOORCAMENTO=\"Proposto\",$AG288<>\"\",$AG288>0,ORÇAMENTO.CustoUnitario>$AG288),AND(TIPOORCAMENTO=\"LICITADO\",ORÇAMENTO.PrecoUnitarioLicitado>$AN288)),\"ACIMA REF.\",\"\")))))","v":""},{"$f":"IF(C288<=CRONO.NivelExibicao,MAX($AD$15:OFFSET(AD288,-1,0))+IF($C288<>1,1,MAX(1,COUNTIF(QCI!$A$13:$A$24,OFFSET($E288,-1,0)))),\"\")","v":""},{"$f":"IF(AND($C288=\"S\",ORÇAMENTO.CodBarra<>\"\"),IF(ORÇAMENTO.Fonte=\"\",ORÇAMENTO.CodBarra,CONCATENATE(ORÇAMENTO.Fonte,\" \",ORÇAMENTO.CodBarra)))","v":"SINAPI 103681"},{"$f":"IF(ISERROR(INDIRECT(ORÇAMENTO.BancoRef)),\"(abra o arquivo 'Referência \"&Excel_BuiltIn_Database&\".xlsm)\",IF(OR($C288<>\"S\",ORÇAMENTO.CodBarra=\"\"),\"(Sem Código)\",IF(ISERROR(MATCH($AE288,INDIRECT(ORÇAMENTO.BancoRef),0)),\"(Código não identificado nas referências)\",MATCH($AE288,INDIRECT(ORÇAMENTO.BancoRef),0))))","v":2790},{"$f":"ROUND(IF(DESONERACAO=\"sim\",REFERENCIA.Desonerado,REFERENCIA.NaoDesonerado),2)","v":651.54999999999995},0.2082,null,4.875,null,null,3841.54,787.2]
[2,2,2,6,{"$f":"IF($C289=1,OFFSET(E289,-1,0)+MAX(1,COUNTIF(QCI!$A$13:$A$24,OFFSET(ORÇAMENTO!E289,-1,0))),OFFSET(E289,-1,0))","v":2},4,0,0,0,115,{"$f":"IF(OR($C289=\"S\",$C289=0),0,MATCH(OFFSET($D289,0,$C289)+IF($C289<>1,1,COUNTIF(QCI!$A$13:$A$24,ORÇAMENTO!E289)),OFFSET($D289,1,$C289,ROW($C$404)-ROW($C289)),0))","v":6},"F","Nível 2","Nível 2","2.4.","SINAPI",null,"ALVENARIA E FECHAMENTOS",{"$f":"REFERENCIA.Unidade","v":"-"},{"$f":"OFFSET(CÁLCULO!H$15,ROW($T289)-ROW(T$15),0)","v":0},null,"BDI 1",{"$f":"IF($C289=\"S\",ROUND(IF(TIPOORCAMENTO=\"Proposto\",ORÇAMENTO.CustoUnitario*(1+$AH289),ORÇAMENTO.PrecoUnitarioLicitado),15-13*$AF$10),0)","v":0},{"$f":"IF($C289=\"S\",IF(Import.TipoArredondamento<>\"TransfereGOV\",VTOTAL1,SUM(OFFSET(CÁLCULO!$AA$15,ROW($X289)-ROW($X$15),1):OFFSET(CÁLCULO!$AL$15,ROW($X289)-ROW($X$15),-1))),IF($C289=0,0,ROUND(SomaAgrup,15-13*$AF$11)))","v":70784.210000000006},"RA","",{"$f":"IF($C289=\"S\",IF($Z289=\"CP\",$X289,IF($Z289=\"RA\",(($X289)*QCI!$AA$3),0)),SomaAgrup)","v":18989.575248787671},0,{"$f":"IF($N289=\"\",\"\",IF(ORÇAMENTO.Descricao=\"\",\"DESCRIÇÃO\",IF(AND($C289=\"S\",ORÇAMENTO.Unidade=\"\"),\"UNIDADE\",IF($X289<0,\"VALOR NEGATIVO\",IF(OR(AND(TIPOORCAMENTO=\"Proposto\",$AG289<>\"\",$AG289>0,ORÇAMENTO.CustoUnitario>$AG289),AND(TIPOORCAMENTO=\"LICITADO\",ORÇAMENTO.PrecoUnitarioLicitado>$AN289)),\"ACIMA REF.\",\"\")))))","v":""},{"$f":"IF(C289<=CRONO.NivelExibicao,MAX($AD$15:OFFSET(AD289,-1,0))+IF($C289<>1,1,MAX(1,COUNTIF(QCI!$A$13:$A$24,OFFSET($E289,-1,0)))),\"\")","v":19},{"$f":"IF(AND($C289=\"S\",ORÇAMENTO.CodBarra<>\"\"),IF(ORÇAMENTO.Fonte=\"\",ORÇAMENTO.CodBarra,CONCATENATE(ORÇAMENTO.Fonte,\" \",ORÇAMENTO.CodBarra)))","v":false},{"$f":"IF(ISERROR(INDIRECT(ORÇAMENTO.BancoRef)),\"(abra o arquivo 'Referência \"&Excel_BuiltIn_Database&\".xlsm)\",IF(OR($C289<>\"S\",ORÇAMENTO.CodBarra=\"\"),\"(Sem Código)\",IF(ISERROR(MATCH($AE289,INDIRECT(ORÇAMENTO.BancoRef),0)),\"(Código não identificado nas referências)\",MATCH($AE289,INDIRECT(ORÇAMENTO.BancoRef),0))))","v":"(Sem Código)"},{"$f":"ROUND(IF(DESONERACAO=\"sim\",REFERENCIA.Desonerado,REFERENCIA.NaoDesonerado),2)","v":0},0.2082,null,null,null,null,70784.210000000006,0]
["S",2,"S",0,{"$f":"IF($C290=1,OFFSET(E290,-1,0)+MAX(1,COUNTIF(QCI!$A$13:$A$24,OFFSET(ORÇAMENTO!E290,-1,0))),OFFSET(E290,-1,0))","v":2},4,0,0,1,0,{"$f":"IF(OR($C290=\"S\",$C290=0),0,MATCH(OFFSET($D290,0,$C290)+IF($C290<>1,1,COUNTIF(QCI!$A$13:$A$24,ORÇAMENTO!E290)),OFFSET($D290,1,$C290,ROW($C$404)-ROW($C290)),0))","v":0},"F","Serviço","Serviço","2.4.0.0.1.","SINAPI","103331",{"$f":"IF($C290=\"S\",REFERENCIA.Descricao,\"(digite a descrição aqui)\")","v":"ALVENARIA DE VEDAÇÃO DE BLOCOS CERÂMICOS FURADOS NA HORIZONTAL DE 11,5X19X19 CM (ESPESSURA 11,5 CM) E ARGAMASSA DE ASSENTAMENTO COM PREPARO MANUAL. AF_12/2021"},{"$f":"REFERENCIA.Unidade","v":"M2"},{"$f":"OFFSET(CÁLCULO!H$15,ROW($T290)-ROW(T$15),0)","v":407.61},96.71,"BDI 1",{"$f":"IF($C290=\"S\",ROUND(IF(TIPOORCAMENTO=\"Proposto\",ORÇAMENTO.CustoUnitario*(1+$AH290),ORÇAMENTO.PrecoUnitarioLicitado),15-13*$AF$10),0)","v":116.85},{"$f":"IF($C290=\"S\",IF(Import.TipoArredondamento<>\"TransfereGOV\",VTOTAL1,SUM(OFFSET(CÁLCULO!$AA$15,ROW($X290)-ROW($X$15),1):OFFSET(CÁLCULO!$AL$15,ROW($X290)-ROW($X$15),-1))),IF($C290=0,0,ROUND(SomaAgrup,15-13*$AF$11)))","v":47629.23},"RA","RA",{"$f":"IF($C290=\"S\",IF($Z290=\"CP\",$X290,IF($Z290=\"RA\",(($X290)*QCI!$AA$3),0)),SomaAgrup)","v":12777.692187661842},0,{"$f":"IF($N290=\"\",\"\",IF(ORÇAMENTO.Descricao=\"\",\"DESCRIÇÃO\",IF(AND($C290=\"S\",ORÇAMENTO.Unidade=\"\"),\"UNIDADE\",IF($X290<0,\"VALOR NEGATIVO\",IF(OR(AND(TIPOORCAMENTO=\"Proposto\",$AG290<>\"\",$AG290>0,ORÇAMENTO.CustoUnitario>$AG290),AND(TIPOORCAMENTO=\"LICITADO\",ORÇAMENTO.PrecoUnitarioLicitado>$AN290)),\"ACIMA REF.\",\"\")))))","v":""},{"$f":"IF(C290<=CRONO.NivelExibicao,MAX($AD$15:OFFSET(AD290,-1,0))+IF($C290<>1,1,MAX(1,COUNTIF(QCI!$A$13:$A$24,OFFSET($E290,-1,0)))),\"\")","v":""},{"$f":"IF(AND($C290=\"S\",ORÇAMENTO.CodBarra<>\"\"),IF(ORÇAMENTO.Fonte=\"\",ORÇAMENTO.CodBarra,CONCATENATE(ORÇAMENTO.Fonte,\" \",ORÇAMENTO.CodBarra)))","v":"SINAPI 103331"},{"$f":"IF(ISERROR(INDIRECT(ORÇAMENTO.BancoRef)),\"(abra o arquivo 'Referência \"&Excel_BuiltIn_Database&\".xlsm)\",IF(OR($C290<>\"S\",ORÇAMENTO.CodBarra=\"\"),\"(Sem Código)\",IF(ISERROR(MATCH($AE290,INDIRECT(ORÇAMENTO.BancoRef),0)),\"(Código não identificado nas referências)\",MATCH($AE290,INDIRECT(ORÇAMENTO.BancoRef),0))))","v":5980},{"$f":"ROUND(IF(DESONERACAO=\"sim\",REFERENCIA.Desonerado,REFERENCIA.NaoDesonerado),2)","v":96.71},0.2082,null,407.61,null,null,47629.23,116.85]
["S",2,"S",0,{"$f":"IF($C291=1,OFFSET(E291,-1,0)+MAX(1,COUNTIF(QCI!$A$13:$A$24,OFFSET(ORÇAMENTO!E291,-1,0))),OFFSET(E291,-1,0))","v":2},4,0,0,2,0,{"$f":"IF(OR($C291=\"S\",$C291=0),0,MATCH(OFFSET($D291,0,$C291)+IF($C291<>1,1,COUNTIF(QCI!$A$13:$A$24,ORÇAMENTO!E291)),OFFSET($D291,1,$C291,ROW($C$404)-ROW($C291)),0))","v":0},"F","Serviço","Serviço","2.4.0.0.2.","SINAPI","93187",{"$f":"IF($C291=\"S\",REFERENCIA.Descricao,\"(digite a descrição aqui)\")","v":"VERGA MOLDADA IN LOCO EM CONCRETO, ESPESSURA DE *20* CM. AF_03/2024"},{"$f":"REFERENCIA.Unidade","v":"M"},{"$f":"OFFSET(CÁLCULO!H$15,ROW($T291)-ROW(T$15),0)","v":47.8},80.55,"BDI 1",{"$f":"IF($C291=\"S\",ROUND(IF(TIPOORCAMENTO=\"Proposto\",ORÇAMENTO.CustoUnitario*(1+$AH291),ORÇAMENTO.PrecoUnitarioLicitado),15-13*$AF$10),0)","v":97.32},{"$f":"IF($C291=\"S\",IF(Import.TipoArredondamento<>\"TransfereGOV\",VTOTAL1,SUM(OFFSET(CÁLCULO!$AA$15,ROW($X291)-ROW($X$15),1):OFFSET(CÁLCULO!$AL$15,ROW($X291)-ROW($X$15),-1))),IF($C291=0,0,ROUND(SomaAgrup,15-13*$AF$11)))","v":4651.8999999999996},"RA","RA",{"$f":"IF($C291=\"S\",IF($Z291=\"CP\",$X291,IF($Z291=\"RA\",(($X291)*QCI!$AA$3),0)),SomaAgrup)","v":1247.9846154931356},0,{"$f":"IF($N291=\"\",\"\",IF(ORÇAMENTO.Descricao=\"\",\"DESCRIÇÃO\",IF(AND($C291=\"S\",ORÇAMENTO.Unidade=\"\"),\"UNIDADE\",IF($X291<0,\"VALOR NEGATIVO\",IF(OR(AND(TIPOORCAMENTO=\"Proposto\",$AG291<>\"\",$AG291>0,ORÇAMENTO.CustoUnitario>$AG291),AND(TIPOORCAMENTO=\"LICITADO\",ORÇAMENTO.PrecoUnitarioLicitado>$AN291)),\"ACIMA REF.\",\"\")))))","v":""},{"$f":"IF(C291<=CRONO.NivelExibicao,MAX($AD$15:OFFSET(AD291,-1,0))+IF($C291<>1,1,MAX(1,COUNTIF(QCI!$A$13:$A$24,OFFSET($E291,-1,0)))),\"\")","v":""},{"$f":"IF(AND($C291=\"S\",ORÇAMENTO.CodBarra<>\"\"),IF(ORÇAMENTO.Fonte=\"\",ORÇAMENTO.CodBarra,CONCATENATE(ORÇAMENTO.Fonte,\" \",ORÇAMENTO.CodBarra)))","v":"SINAPI 93187"},{"$f":"IF(ISERROR(INDIRECT(ORÇAMENTO.BancoRef)),\"(abra o arquivo 'Referência \"&Excel_BuiltIn_Database&\".xlsm)\",IF(OR($C291<>\"S\",ORÇAMENTO.CodBarra=\"\"),\"(Sem Código)\",IF(ISERROR(MATCH($AE291,INDIRECT(ORÇAMENTO.BancoRef),0)),\"(Código não identificado nas referências)\",MATCH($AE291,INDIRECT(ORÇAMENTO.BancoRef),0))))","v":2809},{"$f":"ROUND(IF(DESONERACAO=\"sim\",REFERENCIA.Desonerado,REFERENCIA.NaoDesonerado),2)","v":80.55},0.2082,null,{"$f":"7+24+16.8","v":47.8},null,null,4651.8999999999996,97.32]
["S",2,"S",0,{"$f":"IF($C292=1,OFFSET(E292,-1,0)+MAX(1,COUNTIF(QCI!$A$13:$A$24,OFFSET(ORÇAMENTO!E292,-1,0))),OFFSET(E292,-1,0))","v":2},4,0,0,3,0,{"$f":"IF(OR($C292=\"S\",$C292=0),0,MATCH(OFFSET($D292,0,$C292)+IF($C292<>1,1,COUNTIF(QCI!$A$13:$A$24,ORÇAMENTO!E292)),OFFSET($D292,1,$C292,ROW($C$404)-ROW($C292)),0))","v":0},"F","Serviço","Serviço","2.4.0.0.3.","SINAPI","93197",{"$f":"IF($C292=\"S\",REFERENCIA.Descricao,\"(digite a descrição aqui)\")","v":"CONTRAVERGA MOLDADA IN LOCO EM CONCRETO, ESPESSURA DE *20* CM. AF_03/2024"},{"$f":"REFERENCIA.Unidade","v":"M"},{"$f":"OFFSET(CÁLCULO!H$15,ROW($T292)-ROW(T$15),0)","v":47.8},58.81,"BDI 1",{"$f":"IF($C292=\"S\",ROUND(IF(TIPOORCAMENTO=\"Proposto\",ORÇAMENTO.CustoUnitario*(1+$AH292),ORÇAMENTO.PrecoUnitarioLicitado),15-13*$AF$10),0)","v":71.05},{"$f":"IF($C292=\"S\",IF(Import.TipoArredondamento<>\"TransfereGOV\",VTOTAL1,SUM(OFFSET(CÁLCULO!$AA$15,ROW($X292)-ROW($X$15),1):OFFSET(CÁLCULO!$AL$15,ROW($X292)-ROW($X$15),-1))),IF($C292=0,0,ROUND(SomaAgrup,15-13*$AF$11)))","v":3396.19},"RA","RA",{"$f":"IF($C292=\"S\",IF($Z292=\"CP\",$X292,IF($Z292=\"RA\",(($X292)*QCI!$AA$3),0)),SomaAgrup)","v":911.11005638376412},0,{"$f":"IF($N292=\"\",\"\",IF(ORÇAMENTO.Descricao=\"\",\"DESCRIÇÃO\",IF(AND($C292=\"S\",ORÇAMENTO.Unidade=\"\"),\"UNIDADE\",IF($X292<0,\"VALOR NEGATIVO\",IF(OR(AND(TIPOORCAMENTO=\"Proposto\",$AG292<>\"\",$AG292>0,ORÇAMENTO.CustoUnitario>$AG292),AND(TIPOORCAMENTO=\"LICITADO\",ORÇAMENTO.PrecoUnitarioLicitado>$AN292)),\"ACIMA REF.\",\"\")))))","v":""},{"$f":"IF(C292<=CRONO.NivelExibicao,MAX($AD$15:OFFSET(AD292,-1,0))+IF($C292<>1,1,MAX(1,COUNTIF(QCI!$A$13:$A$24,OFFSET($E292,-1,0)))),\"\")","v":""},{"$f":"IF(AND($C292=\"S\",ORÇAMENTO.CodBarra<>\"\"),IF(ORÇAMENTO.Fonte=\"\",ORÇAMENTO.CodBarra,CONCATENATE(ORÇAMENTO.Fonte,\" \",ORÇAMENTO.CodBarra)))","v":"SINAPI 93197"},{"$f":"IF(ISERROR(INDIRECT(ORÇAMENTO.BancoRef)),\"(abra o arquivo 'Referência \"&Excel_BuiltIn_Database&\".xlsm)\",IF(OR($C292<>\"S\",ORÇAMENTO.CodBarra=\"\"),\"(Sem Código)\",IF(ISERROR(MATCH($AE292,INDIRECT(ORÇAMENTO.BancoRef),0)),\"(Código não identificado nas referências)\",MATCH($AE292,INDIRECT(ORÇAMENTO.BancoRef),0))))","v":2812},{"$f":"ROUND(IF(DESONERACAO=\"sim\",REFERENCIA.Desonerado,REFERENCIA.NaoDesonerado),2)","v":58.81},0.2082,null,47.8,null,null,3396.19,71.05]
["S",2,"S",0,{"$f":"IF($C293=1,OFFSET(E293,-1,0)+MAX(1,COUNTIF(QCI!$A$13:$A$24,OFFSET(ORÇAMENTO!E293,-1,0))),OFFSET(E293,-1,0))","v":2},4,0,0,4,0,{"$f":"IF(OR($C293=\"S\",$C293=0),0,MATCH(OFFSET($D293,0,$C293)+IF($C293<>1,1,COUNTIF(QCI!$A$13:$A$24,ORÇAMENTO!E293)),OFFSET($D293,1,$C293,ROW($C$404)-ROW($C293)),0))","v":0},"F","Serviço","Serviço","2.4.0.0.4.","SINAPI","101162",{"$f":"IF($C293=\"S\",REFERENCIA.Descricao,\"(digite a descrição aqui)\")","v":"ALVENARIA DE VEDAÇÃO COM ELEMENTO VAZADO DE CERÂMICA (COBOGÓ) DE 7X20X20CM E ARGAMASSA DE ASSENTAMENTO COM PREPARO EM BETONEIRA. AF_05/2020"},{"$f":"REFERENCIA.Unidade","v":"M2"},{"$f":"OFFSET(CÁLCULO!H$15,ROW($T293)-ROW(T$15),0)","v":56.59},178.25,"BDI 1",{"$f":"IF($C293=\"S\",ROUND(IF(TIPOORCAMENTO=\"Proposto\",ORÇAMENTO.CustoUnitario*(1+$AH293),ORÇAMENTO.PrecoUnitarioLicitado),15-13*$AF$10),0)","v":215.36},{"$f":"IF($C293=\"S\",IF(Import.TipoArredondamento<>\"TransfereGOV\",VTOTAL1,SUM(OFFSET(CÁLCULO!$AA$15,ROW($X293)-ROW($X$15),1):OFFSET(CÁLCULO!$AL$15,ROW($X293)-ROW($X$15),-1))),IF($C293=0,0,ROUND(SomaAgrup,15-13*$AF$11)))","v":12187.22},"RA","RA",{"$f":"IF($C293=\"S\",IF($Z293=\"CP\",$X293,IF($Z293=\"RA\",(($X293)*QCI!$AA$3),0)),SomaAgrup)","v":3269.5163407704922},0,{"$f":"IF($N293=\"\",\"\",IF(ORÇAMENTO.Descricao=\"\",\"DESCRIÇÃO\",IF(AND($C293=\"S\",ORÇAMENTO.Unidade=\"\"),\"UNIDADE\",IF($X293<0,\"VALOR NEGATIVO\",IF(OR(AND(TIPOORCAMENTO=\"Proposto\",$AG293<>\"\",$AG293>0,ORÇAMENTO.CustoUnitario>$AG293),AND(TIPOORCAMENTO=\"LICITADO\",ORÇAMENTO.PrecoUnitarioLicitado>$AN293)),\"ACIMA REF.\",\"\")))))","v":""},{"$f":"IF(C293<=CRONO.NivelExibicao,MAX($AD$15:OFFSET(AD293,-1,0))+IF($C293<>1,1,MAX(1,COUNTIF(QCI!$A$13:$A$24,OFFSET($E293,-1,0)))),\"\")","v":""},{"$f":"IF(AND($C293=\"S\",ORÇAMENTO.CodBarra<>\"\"),IF(ORÇAMENTO.Fonte=\"\",ORÇAMENTO.CodBarra,CONCATENATE(ORÇAMENTO.Fonte,\" \",ORÇAMENTO.CodBarra)))","v":"SINAPI 101162"},{"$f":"IF(ISERROR(INDIRECT(ORÇAMENTO.BancoRef)),\"(abra o arquivo 'Referência \"&Excel_BuiltIn_Database&\".xlsm)\",IF(OR($C293<>\"S\",ORÇAMENTO.CodBarra=\"\"),\"(Sem Código)\",IF(ISERROR(MATCH($AE293,INDIRECT(ORÇAMENTO.BancoRef),0)),\"(Código não identificado nas referências)\",MATCH($AE293,INDIRECT(ORÇAMENTO.BancoRef),0))))","v":5999},{"$f":"ROUND(IF(DESONERACAO=\"sim\",REFERENCIA.Desonerado,REFERENCIA.NaoDesonerado),2)","v":178.25},0.2082,null,56.59,null,null,12187.22,215.36]
[{"$f":"CHOOSE(1+LOG(1+2*(ORÇAMENTO.Nivel=\"Meta\")+4*(ORÇAMENTO.Nivel=\"Nível 2\")+8*(ORÇAMENTO.Nivel=\"Nível 3\")+16*(ORÇAMENTO.Nivel=\"Nível 4\")+32*(ORÇAMENTO.Nivel=\"Serviço\"),2),0,1,2,3,4,\"S\")","v":"S"},{"$f":"IF(OR(C294=\"s\",C294=0),OFFSET(B294,-1,0),C294)","v":2},{"$f":"IF(OFFSET(C294,-1,0)=\"L\",1,IF(OFFSET(C294,-1,0)=1,2,IF(OR(A294=\"s\",A294=0),\"S\",IF(AND(OFFSET(C294,-1,0)=2,A294=4),3,IF(AND(OR(OFFSET(C294,-1,0)=\"s\",OFFSET(C294,-1,0)=0),A294<>\"s\",A294>OFFSET(B294,-1,0)),OFFSET(B294,-1,0),A294)))))","v":"S"},{"$f":"IF(OR(C294=\"S\",C294=0),0,IF(ISERROR(K294),J294,SMALL(J294:K294,1)))","v":0},{"$f":"IF($C294=1,OFFSET(E294,-1,0)+MAX(1,COUNTIF(QCI!$A$13:$A$24,OFFSET(ORÇAMENTO!E294,-1,0))),OFFSET(E294,-1,0))","v":2},{"$f":"IF($C294=1,0,IF($C294=2,OFFSET(F294,-1,0)+1,OFFSET(F294,-1,0)))","v":4},{"$f":"IF(AND($C294<=2,$C294<>0),0,IF($C294=3,OFFSET(G294,-1,0)+1,OFFSET(G294,-1,0)))","v":0},{"$f":"IF(AND($C294<=3,$C294<>0),0,IF($C294=4,OFFSET(H294,-1,0)+1,OFFSET(H294,-1,0)))","v":0},{"$f":"IF(AND($C294<=4,$C294<>0),0,IF(AND($C294=\"S\",$X294>0),OFFSET(I294,-1,0)+1,OFFSET(I294,-1,0)))","v":5},0,{"$f":"IF(OR($C294=\"S\",$C294=0),0,MATCH(OFFSET($D294,0,$C294)+IF($C294<>1,1,COUNTIF(QCI!$A$13:$A$24,ORÇAMENTO!E294)),OFFSET($D294,1,$C294,ROW($C$404)-ROW($C294)),0))","v":0},{"$f":"IF(OR($X294>0,$C294=1,$C294=2,$C294=3,$C294=4),\"F\",\"\")","v":"F"},"Serviço",{"$f":"CHOOSE(1+LOG(1+2*(C294=1)+4*(C294=2)+8*(C294=3)+16*(C294=4)+32*(C294=\"S\"),2),\"\",\"Meta\",\"Nível 2\",\"Nível 3\",\"Nível 4\",\"Serviço\")","v":"Serviço"},{"$f":"IF(OR($C294=0,$L294=\"\"),\"-\",CONCATENATE(E294&\".\",IF(AND($A$5>=2,$C294>=2),F294&\".\",\"\"),IF(AND($A$5>=3,$C294>=3),G294&\".\",\"\"),IF(AND($A$5>=4,$C294>=4),H294&\".\",\"\"),IF($C294=\"S\",I294&\".\",\"\")))","v":"2.4.0.0.5."},"SINAPI","101965",{"$f":"IF($C294=\"S\",REFERENCIA.Descricao,\"(digite a descrição aqui)\")","v":"PEITORIL LINEAR EM GRANITO OU MÁRMORE, L = 15CM, COMPRIMENTO DE ATÉ 2M, ASSENTADO COM ARGAMASSA 1:6 COM ADITIVO. AF_11/2020"},{"$f":"REFERENCIA.Unidade","v":"M"},{"$f":"OFFSET(CÁLCULO!H$15,ROW($T294)-ROW(T$15),0)","v":16.8},143.84,"BDI 1",{"$f":"IF($C294=\"S\",ROUND(IF(TIPOORCAMENTO=\"Proposto\",ORÇAMENTO.CustoUnitario*(1+$AH294),ORÇAMENTO.PrecoUnitarioLicitado),15-13*$AF$10),0)","v":173.79},{"$f":"IF($C294=\"S\",IF(Import.TipoArredondamento<>\"TransfereGOV\",VTOTAL1,SUM(OFFSET(CÁLCULO!$AA$15,ROW($X294)-ROW($X$15),1):OFFSET(CÁLCULO!$AL$15,ROW($X294)-ROW($X$15),-1))),IF($C294=0,0,ROUND(SomaAgrup,15-13*$AF$11)))","v":2919.67},"RA",{"$f":"IF(AND($C294=\"S\",$X294>0),IF(ISBLANK($Y294),\"RA\",LEFT($Y294,2)),\"\")","v":"RA"},{"$f":"IF($C294=\"S\",IF($Z294=\"CP\",$X294,IF($Z294=\"RA\",(($X294)*QCI!$AA$3),0)),SomaAgrup)","v":783.27204847843757},{"$f":"IF($C294=\"S\",IF($Z294=\"OU\",ROUND($X294,2),0),SomaAgrup)","v":0},{"$f":"IF($N294=\"\",\"\",IF(ORÇAMENTO.Descricao=\"\",\"DESCRIÇÃO\",IF(AND($C294=\"S\",ORÇAMENTO.Unidade=\"\"),\"UNIDADE\",IF($X294<0,\"VALOR NEGATIVO\",IF(OR(AND(TIPOORCAMENTO=\"Proposto\",$AG294<>\"\",$AG294>0,ORÇAMENTO.CustoUnitario>$AG294),AND(TIPOORCAMENTO=\"LICITADO\",ORÇAMENTO.PrecoUnitarioLicitado>$AN294)),\"ACIMA REF.\",\"\")))))","v":""},{"$f":"IF(C294<=CRONO.NivelExibicao,MAX($AD$15:OFFSET(AD294,-1,0))+IF($C294<>1,1,MAX(1,COUNTIF(QCI!$A$13:$A$24,OFFSET($E294,-1,0)))),\"\")","v":""},{"$f":"IF(AND($C294=\"S\",ORÇAMENTO.CodBarra<>\"\"),IF(ORÇAMENTO.Fonte=\"\",ORÇAMENTO.CodBarra,CONCATENATE(ORÇAMENTO.Fonte,\" \",ORÇAMENTO.CodBarra)))","v":"SINAPI 101965"},{"$f":"IF(ISERROR(INDIRECT(ORÇAMENTO.BancoRef)),\"(abra o arquivo 'Referência \"&Excel_BuiltIn_Database&\".xlsm)\",IF(OR($C294<>\"S\",ORÇAMENTO.CodBarra=\"\"),\"(Sem Código)\",IF(ISERROR(MATCH($AE294,INDIRECT(ORÇAMENTO.BancoRef),0)),\"(Código não identificado nas referências)\",MATCH($AE294,INDIRECT(ORÇAMENTO.BancoRef),0))))","v":6724},{"$f":"ROUND(IF(DESONERACAO=\"sim\",REFERENCIA.Desonerado,REFERENCIA.NaoDesonerado),2)","v":143.84},{"$f":"ROUND(IF(ISNUMBER(ORÇAMENTO.OpcaoBDI),ORÇAMENTO.OpcaoBDI,IF(LEFT(ORÇAMENTO.OpcaoBDI,3)=\"BDI\",HLOOKUP(ORÇAMENTO.OpcaoBDI,$F$4:$H$5,2,FALSE),0)),15-11*$AF$9)","v":0.2082},null,16.8,null,null,2919.67,{"$f":"ROUND(ORÇAMENTO.CustoUnitario*(1+$AH294),2)","v":173.79}]
[2,2,2,6,{"$f":"IF($C295=1,OFFSET(E295,-1,0)+MAX(1,COUNTIF(QCI!$A$13:$A$24,OFFSET(ORÇAMENTO!E295,-1,0))),OFFSET(E295,-1,0))","v":2},5,0,0,0,109,{"$f":"IF(OR($C295=\"S\",$C295=0),0,MATCH(OFFSET($D295,0,$C295)+IF($C295<>1,1,COUNTIF(QCI!$A$13:$A$24,ORÇAMENTO!E295)),OFFSET($D295,1,$C295,ROW($C$404)-ROW($C295)),0))","v":6},"F","Nível 2","Nível 2","2.5.","SINAPI",null,"COBERTURA",{"$f":"REFERENCIA.Unidade","v":"-"},{"$f":"OFFSET(CÁLCULO!H$15,ROW($T295)-ROW(T$15),0)","v":0},null,"BDI 1",{"$f":"IF($C295=\"S\",ROUND(IF(TIPOORCAMENTO=\"Proposto\",ORÇAMENTO.CustoUnitario*(1+$AH295),ORÇAMENTO.PrecoUnitarioLicitado),15-13*$AF$10),0)","v":0},{"$f":"IF($C295=\"S\",IF(Import.TipoArredondamento<>\"TransfereGOV\",VTOTAL1,SUM(OFFSET(CÁLCULO!$AA$15,ROW($X295)-ROW($X$15),1):OFFSET(CÁLCULO!$AL$15,ROW($X295)-ROW($X$15),-1))),IF($C295=0,0,ROUND(SomaAgrup,15-13*$AF$11)))","v":62944.6},"RA","",{"$f":"IF($C295=\"S\",IF($Z295=\"CP\",$X295,IF($Z295=\"RA\",(($X295)*QCI!$AA$3),0)),SomaAgrup)","v":16886.41037605478},0,{"$f":"IF($N295=\"\",\"\",IF(ORÇAMENTO.Descricao=\"\",\"DESCRIÇÃO\",IF(AND($C295=\"S\",ORÇAMENTO.Unidade=\"\"),\"UNIDADE\",IF($X295<0,\"VALOR NEGATIVO\",IF(OR(AND(TIPOORCAMENTO=\"Proposto\",$AG295<>\"\",$AG295>0,ORÇAMENTO.CustoUnitario>$AG295),AND(TIPOORCAMENTO=\"LICITADO\",ORÇAMENTO.PrecoUnitarioLicitado>$AN295)),\"ACIMA REF.\",\"\")))))","v":""},{"$f":"IF(C295<=CRONO.NivelExibicao,MAX($AD$15:OFFSET(AD295,-1,0))+IF($C295<>1,1,MAX(1,COUNTIF(QCI!$A$13:$A$24,OFFSET($E295,-1,0)))),\"\")","v":20},{"$f":"IF(AND($C295=\"S\",ORÇAMENTO.CodBarra<>\"\"),IF(ORÇAMENTO.Fonte=\"\",ORÇAMENTO.CodBarra,CONCATENATE(ORÇAMENTO.Fonte,\" \",ORÇAMENTO.CodBarra)))","v":false},{"$f":"IF(ISERROR(INDIRECT(ORÇAMENTO.BancoRef)),\"(abra o arquivo 'Referência \"&Excel_BuiltIn_Database&\".xlsm)\",IF(OR($C295<>\"S\",ORÇAMENTO.CodBarra=\"\"),\"(Sem Código)\",IF(ISERROR(MATCH($AE295,INDIRECT(ORÇAMENTO.BancoRef),0)),\"(Código não identificado nas referências)\",MATCH($AE295,INDIRECT(ORÇAMENTO.BancoRef),0))))","v":"(Sem Código)"},{"$f":"ROUND(IF(DESONERACAO=\"sim\",REFERENCIA.Desonerado,REFERENCIA.NaoDesonerado),2)","v":0},0.2082,null,null,null,null,62944.6,0]
["S",2,"S",0,{"$f":"IF($C296=1,OFFSET(E296,-1,0)+MAX(1,COUNTIF(QCI!$A$13:$A$24,OFFSET(ORÇAMENTO!E296,-1,0))),OFFSET(E296,-1,0))","v":2},5,0,0,1,0,{"$f":"IF(OR($C296=\"S\",$C296=0),0,MATCH(OFFSET($D296,0,$C296)+IF($C296<>1,1,COUNTIF(QCI!$A$13:$A$24,ORÇAMENTO!E296)),OFFSET($D296,1,$C296,ROW($C$404)-ROW($C296)),0))","v":0},"F","Serviço","Serviço","2.5.0.0.1.","SINAPI","92580",{"$f":"IF($C296=\"S\",REFERENCIA.Descricao,\"(digite a descrição aqui)\")","v":"TRAMA DE AÇO COMPOSTA POR TERÇAS PARA TELHADOS DE ATÉ 2 ÁGUAS PARA TELHA ONDULADA DE FIBROCIMENTO, METÁLICA, PLÁSTICA OU TERMOACÚSTICA, INCLUSO TRANSPORTE VERTICAL. AF_07/2019"},{"$f":"REFERENCIA.Unidade","v":"M2"},{"$f":"OFFSET(CÁLCULO!H$15,ROW($T296)-ROW(T$15),0)","v":196.75},48.43,"BDI 1",{"$f":"IF($C296=\"S\",ROUND(IF(TIPOORCAMENTO=\"Proposto\",ORÇAMENTO.CustoUnitario*(1+$AH296),ORÇAMENTO.PrecoUnitarioLicitado),15-13*$AF$10),0)","v":58.51},{"$f":"IF($C296=\"S\",IF(Import.TipoArredondamento<>\"TransfereGOV\",VTOTAL1,SUM(OFFSET(CÁLCULO!$AA$15,ROW($X296)-ROW($X$15),1):OFFSET(CÁLCULO!$AL$15,ROW($X296)-ROW($X$15),-1))),IF($C296=0,0,ROUND(SomaAgrup,15-13*$AF$11)))","v":11511.84},"RA","RA",{"$f":"IF($C296=\"S\",IF($Z296=\"CP\",$X296,IF($Z296=\"RA\",(($X296)*QCI!$AA$3),0)),SomaAgrup)","v":3088.329331244975},0,{"$f":"IF($N296=\"\",\"\",IF(ORÇAMENTO.Descricao=\"\",\"DESCRIÇÃO\",IF(AND($C296=\"S\",ORÇAMENTO.Unidade=\"\"),\"UNIDADE\",IF($X296<0,\"VALOR NEGATIVO\",IF(OR(AND(TIPOORCAMENTO=\"Proposto\",$AG296<>\"\",$AG296>0,ORÇAMENTO.CustoUnitario>$AG296),AND(TIPOORCAMENTO=\"LICITADO\",ORÇAMENTO.PrecoUnitarioLicitado>$AN296)),\"ACIMA REF.\",\"\")))))","v":""},{"$f":"IF(C296<=CRONO.NivelExibicao,MAX($AD$15:OFFSET(AD296,-1,0))+IF($C296<>1,1,MAX(1,COUNTIF(QCI!$A$13:$A$24,OFFSET($E296,-1,0)))),\"\")","v":""},{"$f":"IF(AND($C296=\"S\",ORÇAMENTO.CodBarra<>\"\"),IF(ORÇAMENTO.Fonte=\"\",ORÇAMENTO.CodBarra,CONCATENATE(ORÇAMENTO.Fonte,\" \",ORÇAMENTO.CodBarra)))","v":"SINAPI 92580"},{"$f":"IF(ISERROR(INDIRECT(ORÇAMENTO.BancoRef)),\"(abra o arquivo 'Referência \"&Excel_BuiltIn_Database&\".xlsm)\",IF(OR($C296<>\"S\",ORÇAMENTO.CodBarra=\"\"),\"(Sem Código)\",IF(ISERROR(MATCH($AE296,INDIRECT(ORÇAMENTO.BancoRef),0)),\"(Código não identificado nas referências)\",MATCH($AE296,INDIRECT(ORÇAMENTO.BancoRef),0))))","v":1577},{"$f":"ROUND(IF(DESONERACAO=\"sim\",REFERENCIA.Desonerado,REFERENCIA.NaoDesonerado),2)","v":48.43},0.2082,null,196.75,null,null,11511.84,58.51]
["S",2,"S",0,{"$f":"IF($C297=1,OFFSET(E297,-1,0)+MAX(1,COUNTIF(QCI!$A$13:$A$24,OFFSET(ORÇAMENTO!E297,-1,0))),OFFSET(E297,-1,0))","v":2},5,0,0,2,0,{"$f":"IF(OR($C297=\"S\",$C297=0),0,MATCH(OFFSET($D297,0,$C297)+IF($C297<>1,1,COUNTIF(QCI!$A$13:$A$24,ORÇAMENTO!E297)),OFFSET($D297,1,$C297,ROW($C$404)-ROW($C297)),0))","v":0},"F","Serviço","Serviço","2.5.0.0.2.","SINAPI","100764",{"$f":"IF($C297=\"S\",REFERENCIA.Descricao,\"(digite a descrição aqui)\")","v":"VIGA METÁLICA EM PERFIL LAMINADO OU SOLDADO EM AÇO ESTRUTURAL, COM CONEXÕES SOLDADAS, INCLUSOS MÃO DE OBRA, TRANSPORTE E IÇAMENTO UTILIZANDO GUINDASTE - FORNECIMENTO E INSTALAÇÃO. AF_01/2020_PA"},{"$f":"REFERENCIA.Unidade","v":"KG"},{"$f":"OFFSET(CÁLCULO!H$15,ROW($T297)-ROW(T$15),0)","v":1128.21},15.86,"BDI 1",{"$f":"IF($C297=\"S\",ROUND(IF(TIPOORCAMENTO=\"Proposto\",ORÇAMENTO.CustoUnitario*(1+$AH297),ORÇAMENTO.PrecoUnitarioLicitado),15-13*$AF$10),0)","v":19.16},{"$f":"IF($C297=\"S\",IF(Import.TipoArredondamento<>\"TransfereGOV\",VTOTAL1,SUM(OFFSET(CÁLCULO!$AA$15,ROW($X297)-ROW($X$15),1):OFFSET(CÁLCULO!$AL$15,ROW($X297)-ROW($X$15),-1))),IF($C297=0,0,ROUND(SomaAgrup,15-13*$AF$11)))","v":21616.5},"RA","RA",{"$f":"IF($C297=\"S\",IF($Z297=\"CP\",$X297,IF($Z297=\"RA\",(($X297)*QCI!$AA$3),0)),SomaAgrup)","v":5799.1486147181513},0,{"$f":"IF($N297=\"\",\"\",IF(ORÇAMENTO.Descricao=\"\",\"DESCRIÇÃO\",IF(AND($C297=\"S\",ORÇAMENTO.Unidade=\"\"),\"UNIDADE\",IF($X297<0,\"VALOR NEGATIVO\",IF(OR(AND(TIPOORCAMENTO=\"Proposto\",$AG297<>\"\",$AG297>0,ORÇAMENTO.CustoUnitario>$AG297),AND(TIPOORCAMENTO=\"LICITADO\",ORÇAMENTO.PrecoUnitarioLicitado>$AN297)),\"ACIMA REF.\",\"\")))))","v":""},{"$f":"IF(C297<=CRONO.NivelExibicao,MAX($AD$15:OFFSET(AD297,-1,0))+IF($C297<>1,1,MAX(1,COUNTIF(QCI!$A$13:$A$24,OFFSET($E297,-1,0)))),\"\")","v":""},{"$f":"IF(AND($C297=\"S\",ORÇAMENTO.CodBarra<>\"\"),IF(ORÇAMENTO.Fonte=\"\",ORÇAMENTO.CodBarra,CONCATENATE(ORÇAMENTO.Fonte,\" \",ORÇAMENTO.CodBarra)))","v":"SINAPI 100764"},{"$f":"IF(ISERROR(INDIRECT(ORÇAMENTO.BancoRef)),\"(abra o arquivo 'Referência \"&Excel_BuiltIn_Database&\".xlsm)\",IF(OR($C297<>\"S\",ORÇAMENTO.CodBarra=\"\"),\"(Sem Código)\",IF(ISERROR(MATCH($AE297,INDIRECT(ORÇAMENTO.BancoRef),0)),\"(Código não identificado nas referências)\",MATCH($AE297,INDIRECT(ORÇAMENTO.BancoRef),0))))","v":2870},{"$f":"ROUND(IF(DESONERACAO=\"sim\",REFERENCIA.Desonerado,REFERENCIA.NaoDesonerado),2)","v":15.86},0.2082,null,1128.21,null,null,21616.5,19.16]
[{"$f":"CHOOSE(1+LOG(1+2*(ORÇAMENTO.Nivel=\"Meta\")+4*(ORÇAMENTO.Nivel=\"Nível 2\")+8*(ORÇAMENTO.Nivel=\"Nível 3\")+16*(ORÇAMENTO.Nivel=\"Nível 4\")+32*(ORÇAMENTO.Nivel=\"Serviço\"),2),0,1,2,3,4,\"S\")","v":"S"},2,"S",0,{"$f":"IF($C298=1,OFFSET(E298,-1,0)+MAX(1,COUNTIF(QCI!$A$13:$A$24,OFFSET(ORÇAMENTO!E298,-1,0))),OFFSET(E298,-1,0))","v":2},5,0,0,3,0,{"$f":"IF(OR($C298=\"S\",$C298=0),0,MATCH(OFFSET($D298,0,$C298)+IF($C298<>1,1,COUNTIF(QCI!$A$13:$A$24,ORÇAMENTO!E298)),OFFSET($D298,1,$C298,ROW($C$404)-ROW($C298)),0))","v":0},"F","Serviço","Serviço","2.5.0.0.3.","SINAPI","94213",{"$f":"IF($C298=\"S\",REFERENCIA.Descricao,\"(digite a descrição aqui)\")","v":"TELHAMENTO COM TELHA DE AÇO/ALUMÍNIO E = 0,5 MM, COM ATÉ 2 ÁGUAS, INCLUSO IÇAMENTO. AF_07/2019"},{"$f":"REFERENCIA.Unidade","v":"M2"},{"$f":"OFFSET(CÁLCULO!H$15,ROW($T298)-ROW(T$15),0)","v":196.75},63.22,"BDI 1",{"$f":"IF($C298=\"S\",ROUND(IF(TIPOORCAMENTO=\"Proposto\",ORÇAMENTO.CustoUnitario*(1+$AH298),ORÇAMENTO.PrecoUnitarioLicitado),15-13*$AF$10),0)","v":76.38},{"$f":"IF($C298=\"S\",IF(Import.TipoArredondamento<>\"TransfereGOV\",VTOTAL1,SUM(OFFSET(CÁLCULO!$AA$15,ROW($X298)-ROW($X$15),1):OFFSET(CÁLCULO!$AL$15,ROW($X298)-ROW($X$15),-1))),IF($C298=0,0,ROUND(SomaAgrup,15-13*$AF$11)))","v":15027.77},"RA","RA",{"$f":"IF($C298=\"S\",IF($Z298=\"CP\",$X298,IF($Z298=\"RA\",(($X298)*QCI!$AA$3),0)),SomaAgrup)","v":4031.5625368493047},{"$f":"IF($C298=\"S\",IF($Z298=\"OU\",ROUND($X298,2),0),SomaAgrup)","v":0},{"$f":"IF($N298=\"\",\"\",IF(ORÇAMENTO.Descricao=\"\",\"DESCRIÇÃO\",IF(AND($C298=\"S\",ORÇAMENTO.Unidade=\"\"),\"UNIDADE\",IF($X298<0,\"VALOR NEGATIVO\",IF(OR(AND(TIPOORCAMENTO=\"Proposto\",$AG298<>\"\",$AG298>0,ORÇAMENTO.CustoUnitario>$AG298),AND(TIPOORCAMENTO=\"LICITADO\",ORÇAMENTO.PrecoUnitarioLicitado>$AN298)),\"ACIMA REF.\",\"\")))))","v":""},{"$f":"IF(C298<=CRONO.NivelExibicao,MAX($AD$15:OFFSET(AD298,-1,0))+IF($C298<>1,1,MAX(1,COUNTIF(QCI!$A$13:$A$24,OFFSET($E298,-1,0)))),\"\")","v":""},{"$f":"IF(AND($C298=\"S\",ORÇAMENTO.CodBarra<>\"\"),IF(ORÇAMENTO.Fonte=\"\",ORÇAMENTO.CodBarra,CONCATENATE(ORÇAMENTO.Fonte,\" \",ORÇAMENTO.CodBarra)))","v":"SINAPI 94213"},{"$f":"IF(ISERROR(INDIRECT(ORÇAMENTO.BancoRef)),\"(abra o arquivo 'Referência \"&Excel_BuiltIn_Database&\".xlsm)\",IF(OR($C298<>\"S\",ORÇAMENTO.CodBarra=\"\"),\"(Sem Código)\",IF(ISERROR(MATCH($AE298,INDIRECT(ORÇAMENTO.BancoRef),0)),\"(Código não identificado nas referências)\",MATCH($AE298,INDIRECT(ORÇAMENTO.BancoRef),0))))","v":1540},{"$f":"ROUND(IF(DESONERACAO=\"sim\",REFERENCIA.Desonerado,REFERENCIA.NaoDesonerado),2)","v":63.22},{"$f":"ROUND(IF(ISNUMBER(ORÇAMENTO.OpcaoBDI),ORÇAMENTO.OpcaoBDI,IF(LEFT(ORÇAMENTO.OpcaoBDI,3)=\"BDI\",HLOOKUP(ORÇAMENTO.OpcaoBDI,$F$4:$H$5,2,FALSE),0)),15-11*$AF$9)","v":0.2082},null,196.75,null,null,15027.77,{"$f":"ROUND(ORÇAMENTO.CustoUnitario*(1+$AH298),2)","v":76.38}]
["S",2,"S",0,{"$f":"IF($C299=1,OFFSET(E299,-1,0)+MAX(1,COUNTIF(QCI!$A$13:$A$24,OFFSET(ORÇAMENTO!E299,-1,0))),OFFSET(E299,-1,0))","v":2},5,0,0,4,0,{"$f":"IF(OR($C299=\"S\",$C299=0),0,MATCH(OFFSET($D299,0,$C299)+IF($C299<>1,1,COUNTIF(QCI!$A$13:$A$24,ORÇAMENTO!E299)),OFFSET($D299,1,$C299,ROW($C$404)-ROW($C299)),0))","v":0},"F","Serviço","Serviço","2.5.0.0.4.","SINAPI","94229",{"$f":"IF($C299=\"S\",REFERENCIA.Descricao,\"(digite a descrição aqui)\")","v":"CALHA EM CHAPA DE AÇO GALVANIZADO NÚMERO 24, DESENVOLVIMENTO DE 100 CM, INCLUSO TRANSPORTE VERTICAL. AF_07/2019"},{"$f":"REFERENCIA.Unidade","v":"M"},{"$f":"OFFSET(CÁLCULO!H$15,ROW($T299)-ROW(T$15),0)","v":58.36},168.35,"BDI 1",{"$f":"IF($C299=\"S\",ROUND(IF(TIPOORCAMENTO=\"Proposto\",ORÇAMENTO.CustoUnitario*(1+$AH299),ORÇAMENTO.PrecoUnitarioLicitado),15-13*$AF$10),0)","v":203.4},{"$f":"IF($C299=\"S\",IF(Import.TipoArredondamento<>\"TransfereGOV\",VTOTAL1,SUM(OFFSET(CÁLCULO!$AA$15,ROW($X299)-ROW($X$15),1):OFFSET(CÁLCULO!$AL$15,ROW($X299)-ROW($X$15),-1))),IF($C299=0,0,ROUND(SomaAgrup,15-13*$AF$11)))","v":11870.42},"RA","RA",{"$f":"IF($C299=\"S\",IF($Z299=\"CP\",$X299,IF($Z299=\"RA\",(($X299)*QCI!$AA$3),0)),SomaAgrup)","v":3184.5270834373109},0,{"$f":"IF($N299=\"\",\"\",IF(ORÇAMENTO.Descricao=\"\",\"DESCRIÇÃO\",IF(AND($C299=\"S\",ORÇAMENTO.Unidade=\"\"),\"UNIDADE\",IF($X299<0,\"VALOR NEGATIVO\",IF(OR(AND(TIPOORCAMENTO=\"Proposto\",$AG299<>\"\",$AG299>0,ORÇAMENTO.CustoUnitario>$AG299),AND(TIPOORCAMENTO=\"LICITADO\",ORÇAMENTO.PrecoUnitarioLicitado>$AN299)),\"ACIMA REF.\",\"\")))))","v":""},{"$f":"IF(C299<=CRONO.NivelExibicao,MAX($AD$15:OFFSET(AD299,-1,0))+IF($C299<>1,1,MAX(1,COUNTIF(QCI!$A$13:$A$24,OFFSET($E299,-1,0)))),\"\")","v":""},{"$f":"IF(AND($C299=\"S\",ORÇAMENTO.CodBarra<>\"\"),IF(ORÇAMENTO.Fonte=\"\",ORÇAMENTO.CodBarra,CONCATENATE(ORÇAMENTO.Fonte,\" \",ORÇAMENTO.CodBarra)))","v":"SINAPI 94229"},{"$f":"IF(ISERROR(INDIRECT(ORÇAMENTO.BancoRef)),\"(abra o arquivo 'Referência \"&Excel_BuiltIn_Database&\".xlsm)\",IF(OR($C299<>\"S\",ORÇAMENTO.CodBarra=\"\"),\"(Sem Código)\",IF(ISERROR(MATCH($AE299,INDIRECT(ORÇAMENTO.BancoRef),0)),\"(Código não identificado nas referências)\",MATCH($AE299,INDIRECT(ORÇAMENTO.BancoRef),0))))","v":1558},{"$f":"ROUND(IF(DESONERACAO=\"sim\",REFERENCIA.Desonerado,REFERENCIA.NaoDesonerado),2)","v":168.35},0.2082,null,58.36,null,null,11870.42,203.4]
["S",2,"S",0,{"$f":"IF($C300=1,OFFSET(E300,-1,0)+MAX(1,COUNTIF(QCI!$A$13:$A$24,OFFSET(ORÇAMENTO!E300,-1,0))),OFFSET(E300,-1,0))","v":2},5,0,0,5,0,{"$f":"IF(OR($C300=\"S\",$C300=0),0,MATCH(OFFSET($D300,0,$C300)+IF($C300<>1,1,COUNTIF(QCI!$A$13:$A$24,ORÇAMENTO!E300)),OFFSET($D300,1,$C300,ROW($C$404)-ROW($C300)),0))","v":0},"F","Serviço","Serviço","2.5.0.0.5.","SINAPI","101979",{"$f":"IF($C300=\"S\",REFERENCIA.Descricao,\"(digite a descrição aqui)\")","v":"CHAPIM (RUFO CAPA) EM AÇO GALVANIZADO, CORTE 33. AF_11/2020"},{"$f":"REFERENCIA.Unidade","v":"M"},{"$f":"OFFSET(CÁLCULO!H$15,ROW($T300)-ROW(T$15),0)","v":56.16},43.01,"BDI 1",{"$f":"IF($C300=\"S\",ROUND(IF(TIPOORCAMENTO=\"Proposto\",ORÇAMENTO.CustoUnitario*(1+$AH300),ORÇAMENTO.PrecoUnitarioLicitado),15-13*$AF$10),0)","v":51.96},{"$f":"IF($C300=\"S\",IF(Import.TipoArredondamento<>\"TransfereGOV\",VTOTAL1,SUM(OFFSET(CÁLCULO!$AA$15,ROW($X300)-ROW($X$15),1):OFFSET(CÁLCULO!$AL$15,ROW($X300)-ROW($X$15),-1))),IF($C300=0,0,ROUND(SomaAgrup,15-13*$AF$11)))","v":2918.07},"RA","RA",{"$f":"IF($C300=\"S\",IF($Z300=\"CP\",$X300,IF($Z300=\"RA\",(($X300)*QCI!$AA$3),0)),SomaAgrup)","v":782.84280980503763},0,{"$f":"IF($N300=\"\",\"\",IF(ORÇAMENTO.Descricao=\"\",\"DESCRIÇÃO\",IF(AND($C300=\"S\",ORÇAMENTO.Unidade=\"\"),\"UNIDADE\",IF($X300<0,\"VALOR NEGATIVO\",IF(OR(AND(TIPOORCAMENTO=\"Proposto\",$AG300<>\"\",$AG300>0,ORÇAMENTO.CustoUnitario>$AG300),AND(TIPOORCAMENTO=\"LICITADO\",ORÇAMENTO.PrecoUnitarioLicitado>$AN300)),\"ACIMA REF.\",\"\")))))","v":""},{"$f":"IF(C300<=CRONO.NivelExibicao,MAX($AD$15:OFFSET(AD300,-1,0))+IF($C300<>1,1,MAX(1,COUNTIF(QCI!$A$13:$A$24,OFFSET($E300,-1,0)))),\"\")","v":""},{"$f":"IF(AND($C300=\"S\",ORÇAMENTO.CodBarra<>\"\"),IF(ORÇAMENTO.Fonte=\"\",ORÇAMENTO.CodBarra,CONCATENATE(ORÇAMENTO.Fonte,\" \",ORÇAMENTO.CodBarra)))","v":"SINAPI 101979"},{"$f":"IF(ISERROR(INDIRECT(ORÇAMENTO.BancoRef)),\"(abra o arquivo 'Referência \"&Excel_BuiltIn_Database&\".xlsm)\",IF(OR($C300<>\"S\",ORÇAMENTO.CodBarra=\"\"),\"(Sem Código)\",IF(ISERROR(MATCH($AE300,INDIRECT(ORÇAMENTO.BancoRef),0)),\"(Código não identificado nas referências)\",MATCH($AE300,INDIRECT(ORÇAMENTO.BancoRef),0))))","v":6726},{"$f":"ROUND(IF(DESONERACAO=\"sim\",REFERENCIA.Desonerado,REFERENCIA.NaoDesonerado),2)","v":43.01},0.2082,null,56.16,null,null,2918.07,51.96]
[2,2,2,11,{"$f":"IF($C301=1,OFFSET(E301,-1,0)+MAX(1,COUNTIF(QCI!$A$13:$A$24,OFFSET(ORÇAMENTO!E301,-1,0))),OFFSET(E301,-1,0))","v":2},6,0,0,0,103,{"$f":"IF(OR($C301=\"S\",$C301=0),0,MATCH(OFFSET($D301,0,$C301)+IF($C301<>1,1,COUNTIF(QCI!$A$13:$A$24,ORÇAMENTO!E301)),OFFSET($D301,1,$C301,ROW($C$404)-ROW($C301)),0))","v":11},"F","Nível 2","Nível 2","2.6.","SINAPI",null,"REVESTIMENTOS",{"$f":"REFERENCIA.Unidade","v":"-"},{"$f":"OFFSET(CÁLCULO!H$15,ROW($T301)-ROW(T$15),0)","v":0},null,"BDI 1",{"$f":"IF($C301=\"S\",ROUND(IF(TIPOORCAMENTO=\"Proposto\",ORÇAMENTO.CustoUnitario*(1+$AH301),ORÇAMENTO.PrecoUnitarioLicitado),15-13*$AF$10),0)","v":0},{"$f":"IF($C301=\"S\",IF(Import.TipoArredondamento<>\"TransfereGOV\",VTOTAL1,SUM(OFFSET(CÁLCULO!$AA$15,ROW($X301)-ROW($X$15),1):OFFSET(CÁLCULO!$AL$15,ROW($X301)-ROW($X$15),-1))),IF($C301=0,0,ROUND(SomaAgrup,15-13*$AF$11)))","v":130540.07},"RA","",{"$f":"IF($C301=\"S\",IF($Z301=\"CP\",$X301,IF($Z301=\"RA\",(($X301)*QCI!$AA$3),0)),SomaAgrup)","v":35020.529045206691},0,{"$f":"IF($N301=\"\",\"\",IF(ORÇAMENTO.Descricao=\"\",\"DESCRIÇÃO\",IF(AND($C301=\"S\",ORÇAMENTO.Unidade=\"\"),\"UNIDADE\",IF($X301<0,\"VALOR NEGATIVO\",IF(OR(AND(TIPOORCAMENTO=\"Proposto\",$AG301<>\"\",$AG301>0,ORÇAMENTO.CustoUnitario>$AG301),AND(TIPOORCAMENTO=\"LICITADO\",ORÇAMENTO.PrecoUnitarioLicitado>$AN301)),\"ACIMA REF.\",\"\")))))","v":""},{"$f":"IF(C301<=CRONO.NivelExibicao,MAX($AD$15:OFFSET(AD301,-1,0))+IF($C301<>1,1,MAX(1,COUNTIF(QCI!$A$13:$A$24,OFFSET($E301,-1,0)))),\"\")","v":21},{"$f":"IF(AND($C301=\"S\",ORÇAMENTO.CodBarra<>\"\"),IF(ORÇAMENTO.Fonte=\"\",ORÇAMENTO.CodBarra,CONCATENATE(ORÇAMENTO.Fonte,\" \",ORÇAMENTO.CodBarra)))","v":false},{"$f":"IF(ISERROR(INDIRECT(ORÇAMENTO.BancoRef)),\"(abra o arquivo 'Referência \"&Excel_BuiltIn_Database&\".xlsm)\",IF(OR($C301<>\"S\",ORÇAMENTO.CodBarra=\"\"),\"(Sem Código)\",IF(ISERROR(MATCH($AE301,INDIRECT(ORÇAMENTO.BancoRef),0)),\"(Código não identificado nas referências)\",MATCH($AE301,INDIRECT(ORÇAMENTO.BancoRef),0))))","v":"(Sem Código)"},{"$f":"ROUND(IF(DESONERACAO=\"sim\",REFERENCIA.Desonerado,REFERENCIA.NaoDesonerado),2)","v":0},0.2082,null,null,null,null,130540.07,0]
[3,3,3,4,{"$f":"IF($C302=1,OFFSET(E302,-1,0)+MAX(1,COUNTIF(QCI!$A$13:$A$24,OFFSET(ORÇAMENTO!E302,-1,0))),OFFSET(E302,-1,0))","v":2},6,1,0,0,10,{"$f":"IF(OR($C302=\"S\",$C302=0),0,MATCH(OFFSET($D302,0,$C302)+IF($C302<>1,1,COUNTIF(QCI!$A$13:$A$24,ORÇAMENTO!E302)),OFFSET($D302,1,$C302,ROW($C$404)-ROW($C302)),0))","v":4},"F","Nível 3","Nível 3","2.6.1.","SINAPI",null,"PISO",{"$f":"REFERENCIA.Unidade","v":"-"},{"$f":"OFFSET(CÁLCULO!H$15,ROW($T302)-ROW(T$15),0)","v":0},null,"BDI 1",{"$f":"IF($C302=\"S\",ROUND(IF(TIPOORCAMENTO=\"Proposto\",ORÇAMENTO.CustoUnitario*(1+$AH302),ORÇAMENTO.PrecoUnitarioLicitado),15-13*$AF$10),0)","v":0},{"$f":"IF($C302=\"S\",IF(Import.TipoArredondamento<>\"TransfereGOV\",VTOTAL1,SUM(OFFSET(CÁLCULO!$AA$15,ROW($X302)-ROW($X$15),1):OFFSET(CÁLCULO!$AL$15,ROW($X302)-ROW($X$15),-1))),IF($C302=0,0,ROUND(SomaAgrup,15-13*$AF$11)))","v":33355.550000000003},"RA","",{"$f":"IF($C302=\"S\",IF($Z302=\"CP\",$X302,IF($Z302=\"RA\",(($X302)*QCI!$AA$3),0)),SomaAgrup)","v":8948.4325203276221},0,{"$f":"IF($N302=\"\",\"\",IF(ORÇAMENTO.Descricao=\"\",\"DESCRIÇÃO\",IF(AND($C302=\"S\",ORÇAMENTO.Unidade=\"\"),\"UNIDADE\",IF($X302<0,\"VALOR NEGATIVO\",IF(OR(AND(TIPOORCAMENTO=\"Proposto\",$AG302<>\"\",$AG302>0,ORÇAMENTO.CustoUnitario>$AG302),AND(TIPOORCAMENTO=\"LICITADO\",ORÇAMENTO.PrecoUnitarioLicitado>$AN302)),\"ACIMA REF.\",\"\")))))","v":""},{"$f":"IF(C302<=CRONO.NivelExibicao,MAX($AD$15:OFFSET(AD302,-1,0))+IF($C302<>1,1,MAX(1,COUNTIF(QCI!$A$13:$A$24,OFFSET($E302,-1,0)))),\"\")","v":""},{"$f":"IF(AND($C302=\"S\",ORÇAMENTO.CodBarra<>\"\"),IF(ORÇAMENTO.Fonte=\"\",ORÇAMENTO.CodBarra,CONCATENATE(ORÇAMENTO.Fonte,\" \",ORÇAMENTO.CodBarra)))","v":false},{"$f":"IF(ISERROR(INDIRECT(ORÇAMENTO.BancoRef)),\"(abra o arquivo 'Referência \"&Excel_BuiltIn_Database&\".xlsm)\",IF(OR($C302<>\"S\",ORÇAMENTO.CodBarra=\"\"),\"(Sem Código)\",IF(ISERROR(MATCH($AE302,INDIRECT(ORÇAMENTO.BancoRef),0)),\"(Código não identificado nas referências)\",MATCH($AE302,INDIRECT(ORÇAMENTO.BancoRef),0))))","v":"(Sem Código)"},{"$f":"ROUND(IF(DESONERACAO=\"sim\",REFERENCIA.Desonerado,REFERENCIA.NaoDesonerado),2)","v":0},0.2082,null,null,null,null,33355.550000000003,0]
["S",3,"S",0,{"$f":"IF($C303=1,OFFSET(E303,-1,0)+MAX(1,COUNTIF(QCI!$A$13:$A$24,OFFSET(ORÇAMENTO!E303,-1,0))),OFFSET(E303,-1,0))","v":2},6,1,0,1,0,{"$f":"IF(OR($C303=\"S\",$C303=0),0,MATCH(OFFSET($D303,0,$C303)+IF($C303<>1,1,COUNTIF(QCI!$A$13:$A$24,ORÇAMENTO!E303)),OFFSET($D303,1,$C303,ROW($C$404)-ROW($C303)),0))","v":0},"F","Serviço","Serviço","2.6.1.0.1.","SINAPI","87757",{"$f":"IF($C303=\"S\",REFERENCIA.Descricao,\"(digite a descrição aqui)\")","v":"CONTRAPISO EM ARGAMASSA TRAÇO 1:4 (CIMENTO E AREIA), PREPARO MANUAL, APLICADO EM ÁREAS MOLHADAS SOBRE IMPERMEABILIZAÇÃO, ACABAMENTO NÃO REFORÇADO, ESPESSURA 3CM. AF_07/2021"},{"$f":"REFERENCIA.Unidade","v":"M2"},{"$f":"OFFSET(CÁLCULO!H$15,ROW($T303)-ROW(T$15),0)","v":144.16},{"$f":"AG303","v":61.36},"BDI 1",{"$f":"IF($C303=\"S\",ROUND(IF(TIPOORCAMENTO=\"Proposto\",ORÇAMENTO.CustoUnitario*(1+$AH303),ORÇAMENTO.PrecoUnitarioLicitado),15-13*$AF$10),0)","v":74.14},{"$f":"IF($C303=\"S\",IF(Import.TipoArredondamento<>\"TransfereGOV\",VTOTAL1,SUM(OFFSET(CÁLCULO!$AA$15,ROW($X303)-ROW($X$15),1):OFFSET(CÁLCULO!$AL$15,ROW($X303)-ROW($X$15),-1))),IF($C303=0,0,ROUND(SomaAgrup,15-13*$AF$11)))","v":10688.02},"RA","RA",{"$f":"IF($C303=\"S\",IF($Z303=\"CP\",$X303,IF($Z303=\"RA\",(($X303)*QCI!$AA$3),0)),SomaAgrup)","v":2867.3197037947816},0,{"$f":"IF($N303=\"\",\"\",IF(ORÇAMENTO.Descricao=\"\",\"DESCRIÇÃO\",IF(AND($C303=\"S\",ORÇAMENTO.Unidade=\"\"),\"UNIDADE\",IF($X303<0,\"VALOR NEGATIVO\",IF(OR(AND(TIPOORCAMENTO=\"Proposto\",$AG303<>\"\",$AG303>0,ORÇAMENTO.CustoUnitario>$AG303),AND(TIPOORCAMENTO=\"LICITADO\",ORÇAMENTO.PrecoUnitarioLicitado>$AN303)),\"ACIMA REF.\",\"\")))))","v":""},{"$f":"IF(C303<=CRONO.NivelExibicao,MAX($AD$15:OFFSET(AD303,-1,0))+IF($C303<>1,1,MAX(1,COUNTIF(QCI!$A$13:$A$24,OFFSET($E303,-1,0)))),\"\")","v":""},{"$f":"IF(AND($C303=\"S\",ORÇAMENTO.CodBarra<>\"\"),IF(ORÇAMENTO.Fonte=\"\",ORÇAMENTO.CodBarra,CONCATENATE(ORÇAMENTO.Fonte,\" \",ORÇAMENTO.CodBarra)))","v":"SINAPI 87757"},{"$f":"IF(ISERROR(INDIRECT(ORÇAMENTO.BancoRef)),\"(abra o arquivo 'Referência \"&Excel_BuiltIn_Database&\".xlsm)\",IF(OR($C303<>\"S\",ORÇAMENTO.CodBarra=\"\"),\"(Sem Código)\",IF(ISERROR(MATCH($AE303,INDIRECT(ORÇAMENTO.BancoRef),0)),\"(Código não identificado nas referências)\",MATCH($AE303,INDIRECT(ORÇAMENTO.BancoRef),0))))","v":6457},{"$f":"ROUND(IF(DESONERACAO=\"sim\",REFERENCIA.Desonerado,REFERENCIA.NaoDesonerado),2)","v":61.36},0.2082,null,144.16,null,null,10688.02,74.14]
["S",3,"S",0,{"$f":"IF($C304=1,OFFSET(E304,-1,0)+MAX(1,COUNTIF(QCI!$A$13:$A$24,OFFSET(ORÇAMENTO!E304,-1,0))),OFFSET(E304,-1,0))","v":2},6,1,0,2,0,{"$f":"IF(OR($C304=\"S\",$C304=0),0,MATCH(OFFSET($D304,0,$C304)+IF($C304<>1,1,COUNTIF(QCI!$A$13:$A$24,ORÇAMENTO!E304)),OFFSET($D304,1,$C304,ROW($C$404)-ROW($C304)),0))","v":0},"F","Serviço","Serviço","2.6.1.0.2.","SINAPI","104162","PISO EM GRANILITE, MARMORITE OU GRANITINA EM AMBIENTES INTERNOS, COM ESPESSURA DE 8 MM, INCLUSO MISTURA EM BETONEIRA, COLOCAÇÃO DAS JUNTAS, APLICAÇÃO DO PISO, 4 POLIMENTOS COM POLITRIZ, ESTUCAMENTO, SELADOR E CERA. AF_06/2022",{"$f":"REFERENCIA.Unidade","v":"M2"},{"$f":"OFFSET(CÁLCULO!H$15,ROW($T304)-ROW(T$15),0)","v":144.16},105.68,"BDI 1",{"$f":"IF($C304=\"S\",ROUND(IF(TIPOORCAMENTO=\"Proposto\",ORÇAMENTO.CustoUnitario*(1+$AH304),ORÇAMENTO.PrecoUnitarioLicitado),15-13*$AF$10),0)","v":127.68},{"$f":"IF($C304=\"S\",IF(Import.TipoArredondamento<>\"TransfereGOV\",VTOTAL1,SUM(OFFSET(CÁLCULO!$AA$15,ROW($X304)-ROW($X$15),1):OFFSET(CÁLCULO!$AL$15,ROW($X304)-ROW($X$15),-1))),IF($C304=0,0,ROUND(SomaAgrup,15-13*$AF$11)))","v":18406.349999999999},"RA","RA",{"$f":"IF($C304=\"S\",IF($Z304=\"CP\",$X304,IF($Z304=\"RA\",(($X304)*QCI!$AA$3),0)),SomaAgrup)","v":4937.9482850839604},0,{"$f":"IF($N304=\"\",\"\",IF(ORÇAMENTO.Descricao=\"\",\"DESCRIÇÃO\",IF(AND($C304=\"S\",ORÇAMENTO.Unidade=\"\"),\"UNIDADE\",IF($X304<0,\"VALOR NEGATIVO\",IF(OR(AND(TIPOORCAMENTO=\"Proposto\",$AG304<>\"\",$AG304>0,ORÇAMENTO.CustoUnitario>$AG304),AND(TIPOORCAMENTO=\"LICITADO\",ORÇAMENTO.PrecoUnitarioLicitado>$AN304)),\"ACIMA REF.\",\"\")))))","v":""},{"$f":"IF(C304<=CRONO.NivelExibicao,MAX($AD$15:OFFSET(AD304,-1,0))+IF($C304<>1,1,MAX(1,COUNTIF(QCI!$A$13:$A$24,OFFSET($E304,-1,0)))),\"\")","v":""},{"$f":"IF(AND($C304=\"S\",ORÇAMENTO.CodBarra<>\"\"),IF(ORÇAMENTO.Fonte=\"\",ORÇAMENTO.CodBarra,CONCATENATE(ORÇAMENTO.Fonte,\" \",ORÇAMENTO.CodBarra)))","v":"SINAPI 104162"},{"$f":"IF(ISERROR(INDIRECT(ORÇAMENTO.BancoRef)),\"(abra o arquivo 'Referência \"&Excel_BuiltIn_Database&\".xlsm)\",IF(OR($C304<>\"S\",ORÇAMENTO.CodBarra=\"\"),\"(Sem Código)\",IF(ISERROR(MATCH($AE304,INDIRECT(ORÇAMENTO.BancoRef),0)),\"(Código não identificado nas referências)\",MATCH($AE304,INDIRECT(ORÇAMENTO.BancoRef),0))))","v":6402},{"$f":"ROUND(IF(DESONERACAO=\"sim\",REFERENCIA.Desonerado,REFERENCIA.NaoDesonerado),2)","v":105.68},0.2082,null,144.16,null,null,18406.349999999999,127.68]
[{"$f":"CHOOSE(1+LOG(1+2*(ORÇAMENTO.Nivel=\"Meta\")+4*(ORÇAMENTO.Nivel=\"Nível 2\")+8*(ORÇAMENTO.Nivel=\"Nível 3\")+16*(ORÇAMENTO.Nivel=\"Nível 4\")+32*(ORÇAMENTO.Nivel=\"Serviço\"),2),0,1,2,3,4,\"S\")","v":"S"},{"$f":"IF(OR(C305=\"s\",C305=0),OFFSET(B305,-1,0),C305)","v":3},{"$f":"IF(OFFSET(C305,-1,0)=\"L\",1,IF(OFFSET(C305,-1,0)=1,2,IF(OR(A305=\"s\",A305=0),\"S\",IF(AND(OFFSET(C305,-1,0)=2,A305=4),3,IF(AND(OR(OFFSET(C305,-1,0)=\"s\",OFFSET(C305,-1,0)=0),A305<>\"s\",A305>OFFSET(B305,-1,0)),OFFSET(B305,-1,0),A305)))))","v":"S"},{"$f":"IF(OR(C305=\"S\",C305=0),0,IF(ISERROR(K305),J305,SMALL(J305:K305,1)))","v":0},{"$f":"IF($C305=1,OFFSET(E305,-1,0)+MAX(1,COUNTIF(QCI!$A$13:$A$24,OFFSET(ORÇAMENTO!E305,-1,0))),OFFSET(E305,-1,0))","v":2},{"$f":"IF($C305=1,0,IF($C305=2,OFFSET(F305,-1,0)+1,OFFSET(F305,-1,0)))","v":6},{"$f":"IF(AND($C305<=2,$C305<>0),0,IF($C305=3,OFFSET(G305,-1,0)+1,OFFSET(G305,-1,0)))","v":1},{"$f":"IF(AND($C305<=3,$C305<>0),0,IF($C305=4,OFFSET(H305,-1,0)+1,OFFSET(H305,-1,0)))","v":0},{"$f":"IF(AND($C305<=4,$C305<>0),0,IF(AND($C305=\"S\",$X305>0),OFFSET(I305,-1,0)+1,OFFSET(I305,-1,0)))","v":3},0,{"$f":"IF(OR($C305=\"S\",$C305=0),0,MATCH(OFFSET($D305,0,$C305)+IF($C305<>1,1,COUNTIF(QCI!$A$13:$A$24,ORÇAMENTO!E305)),OFFSET($D305,1,$C305,ROW($C$404)-ROW($C305)),0))","v":0},{"$f":"IF(OR($X305>0,$C305=1,$C305=2,$C305=3,$C305=4),\"F\",\"\")","v":"F"},"Serviço",{"$f":"CHOOSE(1+LOG(1+2*(C305=1)+4*(C305=2)+8*(C305=3)+16*(C305=4)+32*(C305=\"S\"),2),\"\",\"Meta\",\"Nível 2\",\"Nível 3\",\"Nível 4\",\"Serviço\")","v":"Serviço"},{"$f":"IF(OR($C305=0,$L305=\"\"),\"-\",CONCATENATE(E305&\".\",IF(AND($A$5>=2,$C305>=2),F305&\".\",\"\"),IF(AND($A$5>=3,$C305>=3),G305&\".\",\"\"),IF(AND($A$5>=4,$C305>=4),H305&\".\",\"\"),IF($C305=\"S\",I305&\".\",\"\")))","v":"2.6.1.0.3."},"Composição","011",{"$f":"IF($C305=\"S\",REFERENCIA.Descricao,\"(digite a descrição aqui)\")","v":"RODAPÉ EXECUTADO IN LOCO DE GRANILITE, MARMORITE OU GRANITINA L = 10CM - INCLUSO MATERIAL E MÃO DE OBRA"},{"$f":"REFERENCIA.Unidade","v":"M     "},{"$f":"OFFSET(CÁLCULO!H$15,ROW($T305)-ROW(T$15),0)","v":78.94},44.68,"BDI 1",{"$f":"IF($C305=\"S\",ROUND(IF(TIPOORCAMENTO=\"Proposto\",ORÇAMENTO.CustoUnitario*(1+$AH305),ORÇAMENTO.PrecoUnitarioLicitado),15-13*$AF$10),0)","v":53.98},{"$f":"IF($C305=\"S\",IF(Import.TipoArredondamento<>\"TransfereGOV\",VTOTAL1,SUM(OFFSET(CÁLCULO!$AA$15,ROW($X305)-ROW($X$15),1):OFFSET(CÁLCULO!$AL$15,ROW($X305)-ROW($X$15),-1))),IF($C305=0,0,ROUND(SomaAgrup,15-13*$AF$11)))","v":4261.18},"RA",{"$f":"IF(AND($C305=\"S\",$X305>0),IF(ISBLANK($Y305),\"RA\",LEFT($Y305,2)),\"\")","v":"RA"},{"$f":"IF($C305=\"S\",IF($Z305=\"CP\",$X305,IF($Z305=\"RA\",(($X305)*QCI!$AA$3),0)),SomaAgrup)","v":1143.164531448879},{"$f":"IF($C305=\"S\",IF($Z305=\"OU\",ROUND($X305,2),0),SomaAgrup)","v":0},{"$f":"IF($N305=\"\",\"\",IF(ORÇAMENTO.Descricao=\"\",\"DESCRIÇÃO\",IF(AND($C305=\"S\",ORÇAMENTO.Unidade=\"\"),\"UNIDADE\",IF($X305<0,\"VALOR NEGATIVO\",IF(OR(AND(TIPOORCAMENTO=\"Proposto\",$AG305<>\"\",$AG305>0,ORÇAMENTO.CustoUnitario>$AG305),AND(TIPOORCAMENTO=\"LICITADO\",ORÇAMENTO.PrecoUnitarioLicitado>$AN305)),\"ACIMA REF.\",\"\")))))","v":""},{"$f":"IF(C305<=CRONO.NivelExibicao,MAX($AD$15:OFFSET(AD305,-1,0))+IF($C305<>1,1,MAX(1,COUNTIF(QCI!$A$13:$A$24,OFFSET($E305,-1,0)))),\"\")","v":""},{"$f":"IF(AND($C305=\"S\",ORÇAMENTO.CodBarra<>\"\"),IF(ORÇAMENTO.Fonte=\"\",ORÇAMENTO.CodBarra,CONCATENATE(ORÇAMENTO.Fonte,\" \",ORÇAMENTO.CodBarra)))","v":"Composição 011"},{"$f":"IF(ISERROR(INDIRECT(ORÇAMENTO.BancoRef)),\"(abra o arquivo 'Referência \"&Excel_BuiltIn_Database&\".xlsm)\",IF(OR($C305<>\"S\",ORÇAMENTO.CodBarra=\"\"),\"(Sem Código)\",IF(ISERROR(MATCH($AE305,INDIRECT(ORÇAMENTO.BancoRef),0)),\"(Código não identificado nas referências)\",MATCH($AE305,INDIRECT(ORÇAMENTO.BancoRef),0))))","v":13},{"$f":"ROUND(IF(DESONERACAO=\"sim\",REFERENCIA.Desonerado,REFERENCIA.NaoDesonerado),2)","v":44.68},{"$f":"ROUND(IF(ISNUMBER(ORÇAMENTO.OpcaoBDI),ORÇAMENTO.OpcaoBDI,IF(LEFT(ORÇAMENTO.OpcaoBDI,3)=\"BDI\",HLOOKUP(ORÇAMENTO.OpcaoBDI,$F$4:$H$5,2,FALSE),0)),15-11*$AF$9)","v":0.2082},null,78.94,null,null,4261.18,{"$f":"ROUND(ORÇAMENTO.CustoUnitario*(1+$AH305),2)","v":53.98}]
[3,3,3,4,{"$f":"IF($C306=1,OFFSET(E306,-1,0)+MAX(1,COUNTIF(QCI!$A$13:$A$24,OFFSET(ORÇAMENTO!E306,-1,0))),OFFSET(E306,-1,0))","v":2},6,2,0,0,6,{"$f":"IF(OR($C306=\"S\",$C306=0),0,MATCH(OFFSET($D306,0,$C306)+IF($C306<>1,1,COUNTIF(QCI!$A$13:$A$24,ORÇAMENTO!E306)),OFFSET($D306,1,$C306,ROW($C$404)-ROW($C306)),0))","v":4},"F","Nível 3","Nível 3","2.6.2.","SINAPI",null,"PAREDES",{"$f":"REFERENCIA.Unidade","v":"-"},{"$f":"OFFSET(CÁLCULO!H$15,ROW($T306)-ROW(T$15),0)","v":0},null,"BDI 1",{"$f":"IF($C306=\"S\",ROUND(IF(TIPOORCAMENTO=\"Proposto\",ORÇAMENTO.CustoUnitario*(1+$AH306),ORÇAMENTO.PrecoUnitarioLicitado),15-13*$AF$10),0)","v":0},{"$f":"IF($C306=\"S\",IF(Import.TipoArredondamento<>\"TransfereGOV\",VTOTAL1,SUM(OFFSET(CÁLCULO!$AA$15,ROW($X306)-ROW($X$15),1):OFFSET(CÁLCULO!$AL$15,ROW($X306)-ROW($X$15),-1))),IF($C306=0,0,ROUND(SomaAgrup,15-13*$AF$11)))","v":83114.5},"RA","",{"$f":"IF($C306=\"S\",IF($Z306=\"CP\",$X306,IF($Z306=\"RA\",(($X306)*QCI!$AA$3),0)),SomaAgrup)","v":22297.473575185239},0,{"$f":"IF($N306=\"\",\"\",IF(ORÇAMENTO.Descricao=\"\",\"DESCRIÇÃO\",IF(AND($C306=\"S\",ORÇAMENTO.Unidade=\"\"),\"UNIDADE\",IF($X306<0,\"VALOR NEGATIVO\",IF(OR(AND(TIPOORCAMENTO=\"Proposto\",$AG306<>\"\",$AG306>0,ORÇAMENTO.CustoUnitario>$AG306),AND(TIPOORCAMENTO=\"LICITADO\",ORÇAMENTO.PrecoUnitarioLicitado>$AN306)),\"ACIMA REF.\",\"\")))))","v":""},{"$f":"IF(C306<=CRONO.NivelExibicao,MAX($AD$15:OFFSET(AD306,-1,0))+IF($C306<>1,1,MAX(1,COUNTIF(QCI!$A$13:$A$24,OFFSET($E306,-1,0)))),\"\")","v":""},{"$f":"IF(AND($C306=\"S\",ORÇAMENTO.CodBarra<>\"\"),IF(ORÇAMENTO.Fonte=\"\",ORÇAMENTO.CodBarra,CONCATENATE(ORÇAMENTO.Fonte,\" \",ORÇAMENTO.CodBarra)))","v":false},{"$f":"IF(ISERROR(INDIRECT(ORÇAMENTO.BancoRef)),\"(abra o arquivo 'Referência \"&Excel_BuiltIn_Database&\".xlsm)\",IF(OR($C306<>\"S\",ORÇAMENTO.CodBarra=\"\"),\"(Sem Código)\",IF(ISERROR(MATCH($AE306,INDIRECT(ORÇAMENTO.BancoRef),0)),\"(Código não identificado nas referências)\",MATCH($AE306,INDIRECT(ORÇAMENTO.BancoRef),0))))","v":"(Sem Código)"},{"$f":"ROUND(IF(DESONERACAO=\"sim\",REFERENCIA.Desonerado,REFERENCIA.NaoDesonerado),2)","v":0},0.2082,null,null,null,null,83114.5,0]
["S",3,"S",0,{"$f":"IF($C307=1,OFFSET(E307,-1,0)+MAX(1,COUNTIF(QCI!$A$13:$A$24,OFFSET(ORÇAMENTO!E307,-1,0))),OFFSET(E307,-1,0))","v":2},6,2,0,1,0,{"$f":"IF(OR($C307=\"S\",$C307=0),0,MATCH(OFFSET($D307,0,$C307)+IF($C307<>1,1,COUNTIF(QCI!$A$13:$A$24,ORÇAMENTO!E307)),OFFSET($D307,1,$C307,ROW($C$404)-ROW($C307)),0))","v":0},"F","Serviço","Serviço","2.6.2.0.1.","SINAPI","87893",{"$f":"IF($C307=\"S\",REFERENCIA.Descricao,\"(digite a descrição aqui)\")","v":"CHAPISCO APLICADO EM ALVENARIA (SEM PRESENÇA DE VÃOS) E ESTRUTURAS DE CONCRETO DE FACHADA, COM COLHER DE PEDREIRO.  ARGAMASSA TRAÇO 1:3 COM PREPARO MANUAL. AF_10/2022"},{"$f":"REFERENCIA.Unidade","v":"M2"},{"$f":"OFFSET(CÁLCULO!H$15,ROW($T307)-ROW(T$15),0)","v":815.22},8.64,"BDI 1",{"$f":"IF($C307=\"S\",ROUND(IF(TIPOORCAMENTO=\"Proposto\",ORÇAMENTO.CustoUnitario*(1+$AH307),ORÇAMENTO.PrecoUnitarioLicitado),15-13*$AF$10),0)","v":10.44},{"$f":"IF($C307=\"S\",IF(Import.TipoArredondamento<>\"TransfereGOV\",VTOTAL1,SUM(OFFSET(CÁLCULO!$AA$15,ROW($X307)-ROW($X$15),1):OFFSET(CÁLCULO!$AL$15,ROW($X307)-ROW($X$15),-1))),IF($C307=0,0,ROUND(SomaAgrup,15-13*$AF$11)))","v":8510.9},"RA","RA",{"$f":"IF($C307=\"S\",IF($Z307=\"CP\",$X307,IF($Z307=\"RA\",(($X307)*QCI!$AA$3),0)),SomaAgrup)","v":2283.2546408995308},0,{"$f":"IF($N307=\"\",\"\",IF(ORÇAMENTO.Descricao=\"\",\"DESCRIÇÃO\",IF(AND($C307=\"S\",ORÇAMENTO.Unidade=\"\"),\"UNIDADE\",IF($X307<0,\"VALOR NEGATIVO\",IF(OR(AND(TIPOORCAMENTO=\"Proposto\",$AG307<>\"\",$AG307>0,ORÇAMENTO.CustoUnitario>$AG307),AND(TIPOORCAMENTO=\"LICITADO\",ORÇAMENTO.PrecoUnitarioLicitado>$AN307)),\"ACIMA REF.\",\"\")))))","v":""},{"$f":"IF(C307<=CRONO.NivelExibicao,MAX($AD$15:OFFSET(AD307,-1,0))+IF($C307<>1,1,MAX(1,COUNTIF(QCI!$A$13:$A$24,OFFSET($E307,-1,0)))),\"\")","v":""},{"$f":"IF(AND($C307=\"S\",ORÇAMENTO.CodBarra<>\"\"),IF(ORÇAMENTO.Fonte=\"\",ORÇAMENTO.CodBarra,CONCATENATE(ORÇAMENTO.Fonte,\" \",ORÇAMENTO.CodBarra)))","v":"SINAPI 87893"},{"$f":"IF(ISERROR(INDIRECT(ORÇAMENTO.BancoRef)),\"(abra o arquivo 'Referência \"&Excel_BuiltIn_Database&\".xlsm)\",IF(OR($C307<>\"S\",ORÇAMENTO.CodBarra=\"\"),\"(Sem Código)\",IF(ISERROR(MATCH($AE307,INDIRECT(ORÇAMENTO.BancoRef),0)),\"(Código não identificado nas referências)\",MATCH($AE307,INDIRECT(ORÇAMENTO.BancoRef),0))))","v":6496},{"$f":"ROUND(IF(DESONERACAO=\"sim\",REFERENCIA.Desonerado,REFERENCIA.NaoDesonerado),2)","v":8.64},0.2082,null,815.22,null,null,8510.9,10.44]
["S",3,"S",0,{"$f":"IF($C308=1,OFFSET(E308,-1,0)+MAX(1,COUNTIF(QCI!$A$13:$A$24,OFFSET(ORÇAMENTO!E308,-1,0))),OFFSET(E308,-1,0))","v":2},6,2,0,2,0,{"$f":"IF(OR($C308=\"S\",$C308=0),0,MATCH(OFFSET($D308,0,$C308)+IF($C308<>1,1,COUNTIF(QCI!$A$13:$A$24,ORÇAMENTO!E308)),OFFSET($D308,1,$C308,ROW($C$404)-ROW($C308)),0))","v":0},"F","Serviço","Serviço","2.6.2.0.2.","SINAPI","87777",{"$f":"IF($C308=\"S\",REFERENCIA.Descricao,\"(digite a descrição aqui)\")","v":"EMBOÇO OU MASSA ÚNICA EM ARGAMASSA TRAÇO 1:2:8, PREPARO MANUAL, APLICADA MANUALMENTE EM PANOS DE FACHADA COM PRESENÇA DE VÃOS, ESPESSURA DE 25 MM. AF_08/2022"},{"$f":"REFERENCIA.Unidade","v":"M2"},{"$f":"OFFSET(CÁLCULO!H$15,ROW($T308)-ROW(T$15),0)","v":815.22},66.38,"BDI 1",{"$f":"IF($C308=\"S\",ROUND(IF(TIPOORCAMENTO=\"Proposto\",ORÇAMENTO.CustoUnitario*(1+$AH308),ORÇAMENTO.PrecoUnitarioLicitado),15-13*$AF$10),0)","v":80.2},{"$f":"IF($C308=\"S\",IF(Import.TipoArredondamento<>\"TransfereGOV\",VTOTAL1,SUM(OFFSET(CÁLCULO!$AA$15,ROW($X308)-ROW($X$15),1):OFFSET(CÁLCULO!$AL$15,ROW($X308)-ROW($X$15),-1))),IF($C308=0,0,ROUND(SomaAgrup,15-13*$AF$11)))","v":65380.639999999999},"RA","RA",{"$f":"IF($C308=\"S\",IF($Z308=\"CP\",$X308,IF($Z308=\"RA\",(($X308)*QCI!$AA$3),0)),SomaAgrup)","v":17539.936987272969},0,{"$f":"IF($N308=\"\",\"\",IF(ORÇAMENTO.Descricao=\"\",\"DESCRIÇÃO\",IF(AND($C308=\"S\",ORÇAMENTO.Unidade=\"\"),\"UNIDADE\",IF($X308<0,\"VALOR NEGATIVO\",IF(OR(AND(TIPOORCAMENTO=\"Proposto\",$AG308<>\"\",$AG308>0,ORÇAMENTO.CustoUnitario>$AG308),AND(TIPOORCAMENTO=\"LICITADO\",ORÇAMENTO.PrecoUnitarioLicitado>$AN308)),\"ACIMA REF.\",\"\")))))","v":""},{"$f":"IF(C308<=CRONO.NivelExibicao,MAX($AD$15:OFFSET(AD308,-1,0))+IF($C308<>1,1,MAX(1,COUNTIF(QCI!$A$13:$A$24,OFFSET($E308,-1,0)))),\"\")","v":""},{"$f":"IF(AND($C308=\"S\",ORÇAMENTO.CodBarra<>\"\"),IF(ORÇAMENTO.Fonte=\"\",ORÇAMENTO.CodBarra,CONCATENATE(ORÇAMENTO.Fonte,\" \",ORÇAMENTO.CodBarra)))","v":"SINAPI 87777"},{"$f":"IF(ISERROR(INDIRECT(ORÇAMENTO.BancoRef)),\"(abra o arquivo 'Referência \"&Excel_BuiltIn_Database&\".xlsm)\",IF(OR($C308<>\"S\",ORÇAMENTO.CodBarra=\"\"),\"(Sem Código)\",IF(ISERROR(MATCH($AE308,INDIRECT(ORÇAMENTO.BancoRef),0)),\"(Código não identificado nas referências)\",MATCH($AE308,INDIRECT(ORÇAMENTO.BancoRef),0))))","v":6547},{"$f":"ROUND(IF(DESONERACAO=\"sim\",REFERENCIA.Desonerado,REFERENCIA.NaoDesonerado),2)","v":66.38},0.2082,null,815.22,null,null,65380.639999999999,80.2]
["S",3,"S",0,{"$f":"IF($C309=1,OFFSET(E309,-1,0)+MAX(1,COUNTIF(QCI!$A$13:$A$24,OFFSET(ORÇAMENTO!E309,-1,0))),OFFSET(E309,-1,0))","v":2},6,2,0,3,0,{"$f":"IF(OR($C309=\"S\",$C309=0),0,MATCH(OFFSET($D309,0,$C309)+IF($C309<>1,1,COUNTIF(QCI!$A$13:$A$24,ORÇAMENTO!E309)),OFFSET($D309,1,$C309,ROW($C$404)-ROW($C309)),0))","v":0},"F","Serviço","Serviço","2.6.2.0.3.","SINAPI","87273",{"$f":"IF($C309=\"S\",REFERENCIA.Descricao,\"(digite a descrição aqui)\")","v":"REVESTIMENTO CERÂMICO PARA PAREDES INTERNAS COM PLACAS TIPO ESMALTADA EXTRA  DE DIMENSÕES 33X45 CM APLICADAS NA ALTURA INTEIRA DAS PAREDES. AF_02/2023_PE"},{"$f":"REFERENCIA.Unidade","v":"M2"},{"$f":"OFFSET(CÁLCULO!H$15,ROW($T309)-ROW(T$15),0)","v":84.84},89.98,"BDI 1",{"$f":"IF($C309=\"S\",ROUND(IF(TIPOORCAMENTO=\"Proposto\",ORÇAMENTO.CustoUnitario*(1+$AH309),ORÇAMENTO.PrecoUnitarioLicitado),15-13*$AF$10),0)","v":108.71},{"$f":"IF($C309=\"S\",IF(Import.TipoArredondamento<>\"TransfereGOV\",VTOTAL1,SUM(OFFSET(CÁLCULO!$AA$15,ROW($X309)-ROW($X$15),1):OFFSET(CÁLCULO!$AL$15,ROW($X309)-ROW($X$15),-1))),IF($C309=0,0,ROUND(SomaAgrup,15-13*$AF$11)))","v":9222.9599999999991},"RA","RA",{"$f":"IF($C309=\"S\",IF($Z309=\"CP\",$X309,IF($Z309=\"RA\",(($X309)*QCI!$AA$3),0)),SomaAgrup)","v":2474.2819470127411},0,{"$f":"IF($N309=\"\",\"\",IF(ORÇAMENTO.Descricao=\"\",\"DESCRIÇÃO\",IF(AND($C309=\"S\",ORÇAMENTO.Unidade=\"\"),\"UNIDADE\",IF($X309<0,\"VALOR NEGATIVO\",IF(OR(AND(TIPOORCAMENTO=\"Proposto\",$AG309<>\"\",$AG309>0,ORÇAMENTO.CustoUnitario>$AG309),AND(TIPOORCAMENTO=\"LICITADO\",ORÇAMENTO.PrecoUnitarioLicitado>$AN309)),\"ACIMA REF.\",\"\")))))","v":""},{"$f":"IF(C309<=CRONO.NivelExibicao,MAX($AD$15:OFFSET(AD309,-1,0))+IF($C309<>1,1,MAX(1,COUNTIF(QCI!$A$13:$A$24,OFFSET($E309,-1,0)))),\"\")","v":""},{"$f":"IF(AND($C309=\"S\",ORÇAMENTO.CodBarra<>\"\"),IF(ORÇAMENTO.Fonte=\"\",ORÇAMENTO.CodBarra,CONCATENATE(ORÇAMENTO.Fonte,\" \",ORÇAMENTO.CodBarra)))","v":"SINAPI 87273"},{"$f":"IF(ISERROR(INDIRECT(ORÇAMENTO.BancoRef)),\"(abra o arquivo 'Referência \"&Excel_BuiltIn_Database&\".xlsm)\",IF(OR($C309<>\"S\",ORÇAMENTO.CodBarra=\"\"),\"(Sem Código)\",IF(ISERROR(MATCH($AE309,INDIRECT(ORÇAMENTO.BancoRef),0)),\"(Código não identificado nas referências)\",MATCH($AE309,INDIRECT(ORÇAMENTO.BancoRef),0))))","v":6707},{"$f":"ROUND(IF(DESONERACAO=\"sim\",REFERENCIA.Desonerado,REFERENCIA.NaoDesonerado),2)","v":89.98},0.2082,null,84.84,null,null,9222.9599999999991,108.71]
[3,3,3,2,{"$f":"IF($C310=1,OFFSET(E310,-1,0)+MAX(1,COUNTIF(QCI!$A$13:$A$24,OFFSET(ORÇAMENTO!E310,-1,0))),OFFSET(E310,-1,0))","v":2},6,3,0,0,2,{"$f":"IF(OR($C310=\"S\",$C310=0),0,MATCH(OFFSET($D310,0,$C310)+IF($C310<>1,1,COUNTIF(QCI!$A$13:$A$24,ORÇAMENTO!E310)),OFFSET($D310,1,$C310,ROW($C$404)-ROW($C310)),0))","v":81},"F","Nível 3","Nível 3","2.6.3.","SINAPI",null,"TETO",{"$f":"REFERENCIA.Unidade","v":"-"},{"$f":"OFFSET(CÁLCULO!H$15,ROW($T310)-ROW(T$15),0)","v":0},null,"BDI 1",{"$f":"IF($C310=\"S\",ROUND(IF(TIPOORCAMENTO=\"Proposto\",ORÇAMENTO.CustoUnitario*(1+$AH310),ORÇAMENTO.PrecoUnitarioLicitado),15-13*$AF$10),0)","v":0},{"$f":"IF($C310=\"S\",IF(Import.TipoArredondamento<>\"TransfereGOV\",VTOTAL1,SUM(OFFSET(CÁLCULO!$AA$15,ROW($X310)-ROW($X$15),1):OFFSET(CÁLCULO!$AL$15,ROW($X310)-ROW($X$15),-1))),IF($C310=0,0,ROUND(SomaAgrup,15-13*$AF$11)))","v":14070.02},"RA","",{"$f":"IF($C310=\"S\",IF($Z310=\"CP\",$X310,IF($Z310=\"RA\",(($X310)*QCI!$AA$3),0)),SomaAgrup)","v":3774.6229496938304},0,{"$f":"IF($N310=\"\",\"\",IF(ORÇAMENTO.Descricao=\"\",\"DESCRIÇÃO\",IF(AND($C310=\"S\",ORÇAMENTO.Unidade=\"\"),\"UNIDADE\",IF($X310<0,\"VALOR NEGATIVO\",IF(OR(AND(TIPOORCAMENTO=\"Proposto\",$AG310<>\"\",$AG310>0,ORÇAMENTO.CustoUnitario>$AG310),AND(TIPOORCAMENTO=\"LICITADO\",ORÇAMENTO.PrecoUnitarioLicitado>$AN310)),\"ACIMA REF.\",\"\")))))","v":""},{"$f":"IF(C310<=CRONO.NivelExibicao,MAX($AD$15:OFFSET(AD310,-1,0))+IF($C310<>1,1,MAX(1,COUNTIF(QCI!$A$13:$A$24,OFFSET($E310,-1,0)))),\"\")","v":""},{"$f":"IF(AND($C310=\"S\",ORÇAMENTO.CodBarra<>\"\"),IF(ORÇAMENTO.Fonte=\"\",ORÇAMENTO.CodBarra,CONCATENATE(ORÇAMENTO.Fonte,\" \",ORÇAMENTO.CodBarra)))","v":false},{"$f":"IF(ISERROR(INDIRECT(ORÇAMENTO.BancoRef)),\"(abra o arquivo 'Referência \"&Excel_BuiltIn_Database&\".xlsm)\",IF(OR($C310<>\"S\",ORÇAMENTO.CodBarra=\"\"),\"(Sem Código)\",IF(ISERROR(MATCH($AE310,INDIRECT(ORÇAMENTO.BancoRef),0)),\"(Código não identificado nas referências)\",MATCH($AE310,INDIRECT(ORÇAMENTO.BancoRef),0))))","v":"(Sem Código)"},{"$f":"ROUND(IF(DESONERACAO=\"sim\",REFERENCIA.Desonerado,REFERENCIA.NaoDesonerado),2)","v":0},0.2082,null,null,null,null,14070.02,0]
["S",3,"S",0,{"$f":"IF($C311=1,OFFSET(E311,-1,0)+MAX(1,COUNTIF(QCI!$A$13:$A$24,OFFSET(ORÇAMENTO!E311,-1,0))),OFFSET(E311,-1,0))","v":2},6,3,0,1,0,{"$f":"IF(OR($C311=\"S\",$C311=0),0,MATCH(OFFSET($D311,0,$C311)+IF($C311<>1,1,COUNTIF(QCI!$A$13:$A$24,ORÇAMENTO!E311)),OFFSET($D311,1,$C311,ROW($C$404)-ROW($C311)),0))","v":0},"F","Serviço","Serviço","2.6.3.0.1.","SINAPI","96114",{"$f":"IF($C311=\"S\",REFERENCIA.Descricao,\"(digite a descrição aqui)\")","v":"FORRO EM DRYWALL, PARA AMBIENTES COMERCIAIS, INCLUSIVE ESTRUTURA BIRECIONAL DE FIXAÇÃO. AF_08/2023_PS"},{"$f":"REFERENCIA.Unidade","v":"M2"},{"$f":"OFFSET(CÁLCULO!H$15,ROW($T311)-ROW(T$15),0)","v":144.16},80.78,"BDI 1",{"$f":"IF($C311=\"S\",ROUND(IF(TIPOORCAMENTO=\"Proposto\",ORÇAMENTO.CustoUnitario*(1+$AH311),ORÇAMENTO.PrecoUnitarioLicitado),15-13*$AF$10),0)","v":97.6},{"$f":"IF($C311=\"S\",IF(Import.TipoArredondamento<>\"TransfereGOV\",VTOTAL1,SUM(OFFSET(CÁLCULO!$AA$15,ROW($X311)-ROW($X$15),1):OFFSET(CÁLCULO!$AL$15,ROW($X311)-ROW($X$15),-1))),IF($C311=0,0,ROUND(SomaAgrup,15-13*$AF$11)))","v":14070.02},"RA","RA",{"$f":"IF($C311=\"S\",IF($Z311=\"CP\",$X311,IF($Z311=\"RA\",(($X311)*QCI!$AA$3),0)),SomaAgrup)","v":3774.6229496938304},0,{"$f":"IF($N311=\"\",\"\",IF(ORÇAMENTO.Descricao=\"\",\"DESCRIÇÃO\",IF(AND($C311=\"S\",ORÇAMENTO.Unidade=\"\"),\"UNIDADE\",IF($X311<0,\"VALOR NEGATIVO\",IF(OR(AND(TIPOORCAMENTO=\"Proposto\",$AG311<>\"\",$AG311>0,ORÇAMENTO.CustoUnitario>$AG311),AND(TIPOORCAMENTO=\"LICITADO\",ORÇAMENTO.PrecoUnitarioLicitado>$AN311)),\"ACIMA REF.\",\"\")))))","v":""},{"$f":"IF(C311<=CRONO.NivelExibicao,MAX($AD$15:OFFSET(AD311,-1,0))+IF($C311<>1,1,MAX(1,COUNTIF(QCI!$A$13:$A$24,OFFSET($E311,-1,0)))),\"\")","v":""},{"$f":"IF(AND($C311=\"S\",ORÇAMENTO.CodBarra<>\"\"),IF(ORÇAMENTO.Fonte=\"\",ORÇAMENTO.CodBarra,CONCATENATE(ORÇAMENTO.Fonte,\" \",ORÇAMENTO.CodBarra)))","v":"SINAPI 96114"},{"$f":"IF(ISERROR(INDIRECT(ORÇAMENTO.BancoRef)),\"(abra o arquivo 'Referência \"&Excel_BuiltIn_Database&\".xlsm)\",IF(OR($C311<>\"S\",ORÇAMENTO.CodBarra=\"\"),\"(Sem Código)\",IF(ISERROR(MATCH($AE311,INDIRECT(ORÇAMENTO.BancoRef),0)),\"(Código não identificado nas referências)\",MATCH($AE311,INDIRECT(ORÇAMENTO.BancoRef),0))))","v":6733},{"$f":"ROUND(IF(DESONERACAO=\"sim\",REFERENCIA.Desonerado,REFERENCIA.NaoDesonerado),2)","v":80.78},0.2082,null,144.16,null,null,14070.02,97.6]
[2,2,2,27,{"$f":"IF($C312=1,OFFSET(E312,-1,0)+MAX(1,COUNTIF(QCI!$A$13:$A$24,OFFSET(ORÇAMENTO!E312,-1,0))),OFFSET(E312,-1,0))","v":2},7,0,0,0,92,{"$f":"IF(OR($C312=\"S\",$C312=0),0,MATCH(OFFSET($D312,0,$C312)+IF($C312<>1,1,COUNTIF(QCI!$A$13:$A$24,ORÇAMENTO!E312)),OFFSET($D312,1,$C312,ROW($C$404)-ROW($C312)),0))","v":27},"F","Nível 2","Nível 2","2.7.","SINAPI",null,"INSTALAÇÕES ELÉTRICAS",{"$f":"REFERENCIA.Unidade","v":"-"},{"$f":"OFFSET(CÁLCULO!H$15,ROW($T312)-ROW(T$15),0)","v":0},null,"BDI 1",{"$f":"IF($C312=\"S\",ROUND(IF(TIPOORCAMENTO=\"Proposto\",ORÇAMENTO.CustoUnitario*(1+$AH312),ORÇAMENTO.PrecoUnitarioLicitado),15-13*$AF$10),0)","v":0},{"$f":"IF($C312=\"S\",IF(Import.TipoArredondamento<>\"TransfereGOV\",VTOTAL1,SUM(OFFSET(CÁLCULO!$AA$15,ROW($X312)-ROW($X$15),1):OFFSET(CÁLCULO!$AL$15,ROW($X312)-ROW($X$15),-1))),IF($C312=0,0,ROUND(SomaAgrup,15-13*$AF$11)))","v":21570.42},"RA","",{"$f":"IF($C312=\"S\",IF($Z312=\"CP\",$X312,IF($Z312=\"RA\",(($X312)*QCI!$AA$3),0)),SomaAgrup)","v":5786.7865409242331},0,{"$f":"IF($N312=\"\",\"\",IF(ORÇAMENTO.Descricao=\"\",\"DESCRIÇÃO\",IF(AND($C312=\"S\",ORÇAMENTO.Unidade=\"\"),\"UNIDADE\",IF($X312<0,\"VALOR NEGATIVO\",IF(OR(AND(TIPOORCAMENTO=\"Proposto\",$AG312<>\"\",$AG312>0,ORÇAMENTO.CustoUnitario>$AG312),AND(TIPOORCAMENTO=\"LICITADO\",ORÇAMENTO.PrecoUnitarioLicitado>$AN312)),\"ACIMA REF.\",\"\")))))","v":""},{"$f":"IF(C312<=CRONO.NivelExibicao,MAX($AD$15:OFFSET(AD312,-1,0))+IF($C312<>1,1,MAX(1,COUNTIF(QCI!$A$13:$A$24,OFFSET($E312,-1,0)))),\"\")","v":22},{"$f":"IF(AND($C312=\"S\",ORÇAMENTO.CodBarra<>\"\"),IF(ORÇAMENTO.Fonte=\"\",ORÇAMENTO.CodBarra,CONCATENATE(ORÇAMENTO.Fonte,\" \",ORÇAMENTO.CodBarra)))","v":false},{"$f":"IF(ISERROR(INDIRECT(ORÇAMENTO.BancoRef)),\"(abra o arquivo 'Referência \"&Excel_BuiltIn_Database&\".xlsm)\",IF(OR($C312<>\"S\",ORÇAMENTO.CodBarra=\"\"),\"(Sem Código)\",IF(ISERROR(MATCH($AE312,INDIRECT(ORÇAMENTO.BancoRef),0)),\"(Código não identificado nas referências)\",MATCH($AE312,INDIRECT(ORÇAMENTO.BancoRef),0))))","v":"(Sem Código)"},{"$f":"ROUND(IF(DESONERACAO=\"sim\",REFERENCIA.Desonerado,REFERENCIA.NaoDesonerado),2)","v":0},0.2082,null,null,null,null,21570.42,0]
["S",2,"S",0,{"$f":"IF($C313=1,OFFSET(E313,-1,0)+MAX(1,COUNTIF(QCI!$A$13:$A$24,OFFSET(ORÇAMENTO!E313,-1,0))),OFFSET(E313,-1,0))","v":2},7,0,0,1,0,{"$f":"IF(OR($C313=\"S\",$C313=0),0,MATCH(OFFSET($D313,0,$C313)+IF($C313<>1,1,COUNTIF(QCI!$A$13:$A$24,ORÇAMENTO!E313)),OFFSET($D313,1,$C313,ROW($C$404)-ROW($C313)),0))","v":0},"F","Serviço","Serviço","2.7.0.0.1.","SINAPI","90447",{"$f":"IF($C313=\"S\",REFERENCIA.Descricao,\"(digite a descrição aqui)\")","v":"RASGO LINEAR MANUAL EM ALVENARIA, PARA ELETRODUTOS, DIÂMETROS MENORES OU IGUAIS A 40 MM. AF_09/2023"},{"$f":"REFERENCIA.Unidade","v":"M"},{"$f":"OFFSET(CÁLCULO!H$15,ROW($T313)-ROW(T$15),0)","v":64.2},10.16,"BDI 1",{"$f":"IF($C313=\"S\",ROUND(IF(TIPOORCAMENTO=\"Proposto\",ORÇAMENTO.CustoUnitario*(1+$AH313),ORÇAMENTO.PrecoUnitarioLicitado),15-13*$AF$10),0)","v":12.28},{"$f":"IF($C313=\"S\",IF(Import.TipoArredondamento<>\"TransfereGOV\",VTOTAL1,SUM(OFFSET(CÁLCULO!$AA$15,ROW($X313)-ROW($X$15),1):OFFSET(CÁLCULO!$AL$15,ROW($X313)-ROW($X$15),-1))),IF($C313=0,0,ROUND(SomaAgrup,15-13*$AF$11)))","v":788.38},"RA","RA",{"$f":"IF($C313=\"S\",IF($Z313=\"CP\",$X313,IF($Z313=\"RA\",(($X313)*QCI!$AA$3),0)),SomaAgrup)","v":211.50199083438557},0,{"$f":"IF($N313=\"\",\"\",IF(ORÇAMENTO.Descricao=\"\",\"DESCRIÇÃO\",IF(AND($C313=\"S\",ORÇAMENTO.Unidade=\"\"),\"UNIDADE\",IF($X313<0,\"VALOR NEGATIVO\",IF(OR(AND(TIPOORCAMENTO=\"Proposto\",$AG313<>\"\",$AG313>0,ORÇAMENTO.CustoUnitario>$AG313),AND(TIPOORCAMENTO=\"LICITADO\",ORÇAMENTO.PrecoUnitarioLicitado>$AN313)),\"ACIMA REF.\",\"\")))))","v":""},{"$f":"IF(C313<=CRONO.NivelExibicao,MAX($AD$15:OFFSET(AD313,-1,0))+IF($C313<>1,1,MAX(1,COUNTIF(QCI!$A$13:$A$24,OFFSET($E313,-1,0)))),\"\")","v":""},{"$f":"IF(AND($C313=\"S\",ORÇAMENTO.CodBarra<>\"\"),IF(ORÇAMENTO.Fonte=\"\",ORÇAMENTO.CodBarra,CONCATENATE(ORÇAMENTO.Fonte,\" \",ORÇAMENTO.CodBarra)))","v":"SINAPI 90447"},{"$f":"IF(ISERROR(INDIRECT(ORÇAMENTO.BancoRef)),\"(abra o arquivo 'Referência \"&Excel_BuiltIn_Database&\".xlsm)\",IF(OR($C313<>\"S\",ORÇAMENTO.CodBarra=\"\"),\"(Sem Código)\",IF(ISERROR(MATCH($AE313,INDIRECT(ORÇAMENTO.BancoRef),0)),\"(Código não identificado nas referências)\",MATCH($AE313,INDIRECT(ORÇAMENTO.BancoRef),0))))","v":5591},{"$f":"ROUND(IF(DESONERACAO=\"sim\",REFERENCIA.Desonerado,REFERENCIA.NaoDesonerado),2)","v":10.16},0.2082,null,64.2,null,null,788.38,12.28]
[{"$f":"CHOOSE(1+LOG(1+2*(ORÇAMENTO.Nivel=\"Meta\")+4*(ORÇAMENTO.Nivel=\"Nível 2\")+8*(ORÇAMENTO.Nivel=\"Nível 3\")+16*(ORÇAMENTO.Nivel=\"Nível 4\")+32*(ORÇAMENTO.Nivel=\"Serviço\"),2),0,1,2,3,4,\"S\")","v":"S"},{"$f":"IF(OR(C314=\"s\",C314=0),OFFSET(B314,-1,0),C314)","v":2},{"$f":"IF(OFFSET(C314,-1,0)=\"L\",1,IF(OFFSET(C314,-1,0)=1,2,IF(OR(A314=\"s\",A314=0),\"S\",IF(AND(OFFSET(C314,-1,0)=2,A314=4),3,IF(AND(OR(OFFSET(C314,-1,0)=\"s\",OFFSET(C314,-1,0)=0),A314<>\"s\",A314>OFFSET(B314,-1,0)),OFFSET(B314,-1,0),A314)))))","v":"S"},{"$f":"IF(OR(C314=\"S\",C314=0),0,IF(ISERROR(K314),J314,SMALL(J314:K314,1)))","v":0},{"$f":"IF($C314=1,OFFSET(E314,-1,0)+MAX(1,COUNTIF(QCI!$A$13:$A$24,OFFSET(ORÇAMENTO!E314,-1,0))),OFFSET(E314,-1,0))","v":2},{"$f":"IF($C314=1,0,IF($C314=2,OFFSET(F314,-1,0)+1,OFFSET(F314,-1,0)))","v":7},{"$f":"IF(AND($C314<=2,$C314<>0),0,IF($C314=3,OFFSET(G314,-1,0)+1,OFFSET(G314,-1,0)))","v":0},{"$f":"IF(AND($C314<=3,$C314<>0),0,IF($C314=4,OFFSET(H314,-1,0)+1,OFFSET(H314,-1,0)))","v":0},{"$f":"IF(AND($C314<=4,$C314<>0),0,IF(AND($C314=\"S\",$X314>0),OFFSET(I314,-1,0)+1,OFFSET(I314,-1,0)))","v":2},0,{"$f":"IF(OR($C314=\"S\",$C314=0),0,MATCH(OFFSET($D314,0,$C314)+IF($C314<>1,1,COUNTIF(QCI!$A$13:$A$24,ORÇAMENTO!E314)),OFFSET($D314,1,$C314,ROW($C$404)-ROW($C314)),0))","v":0},{"$f":"IF(OR($X314>0,$C314=1,$C314=2,$C314=3,$C314=4),\"F\",\"\")","v":"F"},"Serviço",{"$f":"CHOOSE(1+LOG(1+2*(C314=1)+4*(C314=2)+8*(C314=3)+16*(C314=4)+32*(C314=\"S\"),2),\"\",\"Meta\",\"Nível 2\",\"Nível 3\",\"Nível 4\",\"Serviço\")","v":"Serviço"},{"$f":"IF(OR($C314=0,$L314=\"\"),\"-\",CONCATENATE(E314&\".\",IF(AND($A$5>=2,$C314>=2),F314&\".\",\"\"),IF(AND($A$5>=3,$C314>=3),G314&\".\",\"\"),IF(AND($A$5>=4,$C314>=4),H314&\".\",\"\"),IF($C314=\"S\",I314&\".\",\"\")))","v":"2.7.0.0.2."},"SINAPI","91856",{"$f":"IF($C314=\"S\",REFERENCIA.Descricao,\"(digite a descrição aqui)\")","v":"ELETRODUTO FLEXÍVEL CORRUGADO, PVC, DN 32 MM (1\"), PARA CIRCUITOS TERMINAIS, INSTALADO EM PAREDE - FORNECIMENTO E INSTALAÇÃO. AF_03/2023"},{"$f":"REFERENCIA.Unidade","v":"M"},{"$f":"OFFSET(CÁLCULO!H$15,ROW($T314)-ROW(T$15),0)","v":64.2},15.12,"BDI 1",{"$f":"IF($C314=\"S\",ROUND(IF(TIPOORCAMENTO=\"Proposto\",ORÇAMENTO.CustoUnitario*(1+$AH314),ORÇAMENTO.PrecoUnitarioLicitado),15-13*$AF$10),0)","v":18.27},{"$f":"IF($C314=\"S\",IF(Import.TipoArredondamento<>\"TransfereGOV\",VTOTAL1,SUM(OFFSET(CÁLCULO!$AA$15,ROW($X314)-ROW($X$15),1):OFFSET(CÁLCULO!$AL$15,ROW($X314)-ROW($X$15),-1))),IF($C314=0,0,ROUND(SomaAgrup,15-13*$AF$11)))","v":1172.93},"RA",{"$f":"IF(AND($C314=\"S\",$X314>0),IF(ISBLANK($Y314),\"RA\",LEFT($Y314,2)),\"\")","v":"RA"},{"$f":"IF($C314=\"S\",IF($Z314=\"CP\",$X314,IF($Z314=\"RA\",(($X314)*QCI!$AA$3),0)),SomaAgrup)","v":314.66682324434396},{"$f":"IF($C314=\"S\",IF($Z314=\"OU\",ROUND($X314,2),0),SomaAgrup)","v":0},{"$f":"IF($N314=\"\",\"\",IF(ORÇAMENTO.Descricao=\"\",\"DESCRIÇÃO\",IF(AND($C314=\"S\",ORÇAMENTO.Unidade=\"\"),\"UNIDADE\",IF($X314<0,\"VALOR NEGATIVO\",IF(OR(AND(TIPOORCAMENTO=\"Proposto\",$AG314<>\"\",$AG314>0,ORÇAMENTO.CustoUnitario>$AG314),AND(TIPOORCAMENTO=\"LICITADO\",ORÇAMENTO.PrecoUnitarioLicitado>$AN314)),\"ACIMA REF.\",\"\")))))","v":""},{"$f":"IF(C314<=CRONO.NivelExibicao,MAX($AD$15:OFFSET(AD314,-1,0))+IF($C314<>1,1,MAX(1,COUNTIF(QCI!$A$13:$A$24,OFFSET($E314,-1,0)))),\"\")","v":""},{"$f":"IF(AND($C314=\"S\",ORÇAMENTO.CodBarra<>\"\"),IF(ORÇAMENTO.Fonte=\"\",ORÇAMENTO.CodBarra,CONCATENATE(ORÇAMENTO.Fonte,\" \",ORÇAMENTO.CodBarra)))","v":"SINAPI 91856"},{"$f":"IF(ISERROR(INDIRECT(ORÇAMENTO.BancoRef)),\"(abra o arquivo 'Referência \"&Excel_BuiltIn_Database&\".xlsm)\",IF(OR($C314<>\"S\",ORÇAMENTO.CodBarra=\"\"),\"(Sem Código)\",IF(ISERROR(MATCH($AE314,INDIRECT(ORÇAMENTO.BancoRef),0)),\"(Código não identificado nas referências)\",MATCH($AE314,INDIRECT(ORÇAMENTO.BancoRef),0))))","v":2974},{"$f":"ROUND(IF(DESONERACAO=\"sim\",REFERENCIA.Desonerado,REFERENCIA.NaoDesonerado),2)","v":15.12},{"$f":"ROUND(IF(ISNUMBER(ORÇAMENTO.OpcaoBDI),ORÇAMENTO.OpcaoBDI,IF(LEFT(ORÇAMENTO.OpcaoBDI,3)=\"BDI\",HLOOKUP(ORÇAMENTO.OpcaoBDI,$F$4:$H$5,2,FALSE),0)),15-11*$AF$9)","v":0.2082},null,64.2,null,null,1172.93,{"$f":"ROUND(ORÇAMENTO.CustoUnitario*(1+$AH314),2)","v":18.27}]
[{"$f":"CHOOSE(1+LOG(1+2*(ORÇAMENTO.Nivel=\"Meta\")+4*(ORÇAMENTO.Nivel=\"Nível 2\")+8*(ORÇAMENTO.Nivel=\"Nível 3\")+16*(ORÇAMENTO.Nivel=\"Nível 4\")+32*(ORÇAMENTO.Nivel=\"Serviço\"),2),0,1,2,3,4,\"S\")","v":"S"},{"$f":"IF(OR(C315=\"s\",C315=0),OFFSET(B315,-1,0),C315)","v":2},{"$f":"IF(OFFSET(C315,-1,0)=\"L\",1,IF(OFFSET(C315,-1,0)=1,2,IF(OR(A315=\"s\",A315=0),\"S\",IF(AND(OFFSET(C315,-1,0)=2,A315=4),3,IF(AND(OR(OFFSET(C315,-1,0)=\"s\",OFFSET(C315,-1,0)=0),A315<>\"s\",A315>OFFSET(B315,-1,0)),OFFSET(B315,-1,0),A315)))))","v":"S"},{"$f":"IF(OR(C315=\"S\",C315=0),0,IF(ISERROR(K315),J315,SMALL(J315:K315,1)))","v":0},{"$f":"IF($C315=1,OFFSET(E315,-1,0)+MAX(1,COUNTIF(QCI!$A$13:$A$24,OFFSET(ORÇAMENTO!E315,-1,0))),OFFSET(E315,-1,0))","v":2},{"$f":"IF($C315=1,0,IF($C315=2,OFFSET(F315,-1,0)+1,OFFSET(F315,-1,0)))","v":7},{"$f":"IF(AND($C315<=2,$C315<>0),0,IF($C315=3,OFFSET(G315,-1,0)+1,OFFSET(G315,-1,0)))","v":0},{"$f":"IF(AND($C315<=3,$C315<>0),0,IF($C315=4,OFFSET(H315,-1,0)+1,OFFSET(H315,-1,0)))","v":0},{"$f":"IF(AND($C315<=4,$C315<>0),0,IF(AND($C315=\"S\",$X315>0),OFFSET(I315,-1,0)+1,OFFSET(I315,-1,0)))","v":3},0,{"$f":"IF(OR($C315=\"S\",$C315=0),0,MATCH(OFFSET($D315,0,$C315)+IF($C315<>1,1,COUNTIF(QCI!$A$13:$A$24,ORÇAMENTO!E315)),OFFSET($D315,1,$C315,ROW($C$404)-ROW($C315)),0))","v":0},{"$f":"IF(OR($X315>0,$C315=1,$C315=2,$C315=3,$C315=4),\"F\",\"\")","v":"F"},"Serviço",{"$f":"CHOOSE(1+LOG(1+2*(C315=1)+4*(C315=2)+8*(C315=3)+16*(C315=4)+32*(C315=\"S\"),2),\"\",\"Meta\",\"Nível 2\",\"Nível 3\",\"Nível 4\",\"Serviço\")","v":"Serviço"},{"$f":"IF(OR($C315=0,$L315=\"\"),\"-\",CONCATENATE(E315&\".\",IF(AND($A$5>=2,$C315>=2),F315&\".\",\"\"),IF(AND($A$5>=3,$C315>=3),G315&\".\",\"\"),IF(AND($A$5>=4,$C315>=4),H315&\".\",\"\"),IF($C315=\"S\",I315&\".\",\"\")))","v":"2.7.0.0.3."},"SINAPI","91836",{"$f":"IF($C315=\"S\",REFERENCIA.Descricao,\"(digite a descrição aqui)\")","v":"ELETRODUTO FLEXÍVEL CORRUGADO, PVC, DN 32 MM (1\"), PARA CIRCUITOS TERMINAIS, INSTALADO EM FORRO - FORNECIMENTO E INSTALAÇÃO. AF_03/2023_PA"},{"$f":"REFERENCIA.Unidade","v":"M"},{"$f":"OFFSET(CÁLCULO!H$15,ROW($T315)-ROW(T$15),0)","v":68.19},26.02,"BDI 1",{"$f":"IF($C315=\"S\",ROUND(IF(TIPOORCAMENTO=\"Proposto\",ORÇAMENTO.CustoUnitario*(1+$AH315),ORÇAMENTO.PrecoUnitarioLicitado),15-13*$AF$10),0)","v":31.44},{"$f":"IF($C315=\"S\",IF(Import.TipoArredondamento<>\"TransfereGOV\",VTOTAL1,SUM(OFFSET(CÁLCULO!$AA$15,ROW($X315)-ROW($X$15),1):OFFSET(CÁLCULO!$AL$15,ROW($X315)-ROW($X$15),-1))),IF($C315=0,0,ROUND(SomaAgrup,15-13*$AF$11)))","v":2143.89},"RA",{"$f":"IF(AND($C315=\"S\",$X315>0),IF(ISBLANK($Y315),\"RA\",LEFT($Y315,2)),\"\")","v":"RA"},{"$f":"IF($C315=\"S\",IF($Z315=\"CP\",$X315,IF($Z315=\"RA\",(($X315)*QCI!$AA$3),0)),SomaAgrup)","v":575.15031219707612},{"$f":"IF($C315=\"S\",IF($Z315=\"OU\",ROUND($X315,2),0),SomaAgrup)","v":0},{"$f":"IF($N315=\"\",\"\",IF(ORÇAMENTO.Descricao=\"\",\"DESCRIÇÃO\",IF(AND($C315=\"S\",ORÇAMENTO.Unidade=\"\"),\"UNIDADE\",IF($X315<0,\"VALOR NEGATIVO\",IF(OR(AND(TIPOORCAMENTO=\"Proposto\",$AG315<>\"\",$AG315>0,ORÇAMENTO.CustoUnitario>$AG315),AND(TIPOORCAMENTO=\"LICITADO\",ORÇAMENTO.PrecoUnitarioLicitado>$AN315)),\"ACIMA REF.\",\"\")))))","v":""},{"$f":"IF(C315<=CRONO.NivelExibicao,MAX($AD$15:OFFSET(AD315,-1,0))+IF($C315<>1,1,MAX(1,COUNTIF(QCI!$A$13:$A$24,OFFSET($E315,-1,0)))),\"\")","v":""},{"$f":"IF(AND($C315=\"S\",ORÇAMENTO.CodBarra<>\"\"),IF(ORÇAMENTO.Fonte=\"\",ORÇAMENTO.CodBarra,CONCATENATE(ORÇAMENTO.Fonte,\" \",ORÇAMENTO.CodBarra)))","v":"SINAPI 91836"},{"$f":"IF(ISERROR(INDIRECT(ORÇAMENTO.BancoRef)),\"(abra o arquivo 'Referência \"&Excel_BuiltIn_Database&\".xlsm)\",IF(OR($C315<>\"S\",ORÇAMENTO.CodBarra=\"\"),\"(Sem Código)\",IF(ISERROR(MATCH($AE315,INDIRECT(ORÇAMENTO.BancoRef),0)),\"(Código não identificado nas referências)\",MATCH($AE315,INDIRECT(ORÇAMENTO.BancoRef),0))))","v":2959},{"$f":"ROUND(IF(DESONERACAO=\"sim\",REFERENCIA.Desonerado,REFERENCIA.NaoDesonerado),2)","v":26.02},{"$f":"ROUND(IF(ISNUMBER(ORÇAMENTO.OpcaoBDI),ORÇAMENTO.OpcaoBDI,IF(LEFT(ORÇAMENTO.OpcaoBDI,3)=\"BDI\",HLOOKUP(ORÇAMENTO.OpcaoBDI,$F$4:$H$5,2,FALSE),0)),15-11*$AF$9)","v":0.2082},null,68.19,null,null,2143.89,{"$f":"ROUND(ORÇAMENTO.CustoUnitario*(1+$AH315),2)","v":31.44}]
[{"$f":"CHOOSE(1+LOG(1+2*(ORÇAMENTO.Nivel=\"Meta\")+4*(ORÇAMENTO.Nivel=\"Nível 2\")+8*(ORÇAMENTO.Nivel=\"Nível 3\")+16*(ORÇAMENTO.Nivel=\"Nível 4\")+32*(ORÇAMENTO.Nivel=\"Serviço\"),2),0,1,2,3,4,\"S\")","v":"S"},{"$f":"IF(OR(C316=\"s\",C316=0),OFFSET(B316,-1,0),C316)","v":2},{"$f":"IF(OFFSET(C316,-1,0)=\"L\",1,IF(OFFSET(C316,-1,0)=1,2,IF(OR(A316=\"s\",A316=0),\"S\",IF(AND(OFFSET(C316,-1,0)=2,A316=4),3,IF(AND(OR(OFFSET(C316,-1,0)=\"s\",OFFSET(C316,-1,0)=0),A316<>\"s\",A316>OFFSET(B316,-1,0)),OFFSET(B316,-1,0),A316)))))","v":"S"},{"$f":"IF(OR(C316=\"S\",C316=0),0,IF(ISERROR(K316),J316,SMALL(J316:K316,1)))","v":0},{"$f":"IF($C316=1,OFFSET(E316,-1,0)+MAX(1,COUNTIF(QCI!$A$13:$A$24,OFFSET(ORÇAMENTO!E316,-1,0))),OFFSET(E316,-1,0))","v":2},{"$f":"IF($C316=1,0,IF($C316=2,OFFSET(F316,-1,0)+1,OFFSET(F316,-1,0)))","v":7},{"$f":"IF(AND($C316<=2,$C316<>0),0,IF($C316=3,OFFSET(G316,-1,0)+1,OFFSET(G316,-1,0)))","v":0},{"$f":"IF(AND($C316<=3,$C316<>0),0,IF($C316=4,OFFSET(H316,-1,0)+1,OFFSET(H316,-1,0)))","v":0},{"$f":"IF(AND($C316<=4,$C316<>0),0,IF(AND($C316=\"S\",$X316>0),OFFSET(I316,-1,0)+1,OFFSET(I316,-1,0)))","v":4},0,{"$f":"IF(OR($C316=\"S\",$C316=0),0,MATCH(OFFSET($D316,0,$C316)+IF($C316<>1,1,COUNTIF(QCI!$A$13:$A$24,ORÇAMENTO!E316)),OFFSET($D316,1,$C316,ROW($C$404)-ROW($C316)),0))","v":0},{"$f":"IF(OR($X316>0,$C316=1,$C316=2,$C316=3,$C316=4),\"F\",\"\")","v":"F"},"Serviço",{"$f":"CHOOSE(1+LOG(1+2*(C316=1)+4*(C316=2)+8*(C316=3)+16*(C316=4)+32*(C316=\"S\"),2),\"\",\"Meta\",\"Nível 2\",\"Nível 3\",\"Nível 4\",\"Serviço\")","v":"Serviço"},{"$f":"IF(OR($C316=0,$L316=\"\"),\"-\",CONCATENATE(E316&\".\",IF(AND($A$5>=2,$C316>=2),F316&\".\",\"\"),IF(AND($A$5>=3,$C316>=3),G316&\".\",\"\"),IF(AND($A$5>=4,$C316>=4),H316&\".\",\"\"),IF($C316=\"S\",I316&\".\",\"\")))","v":"2.7.0.0.4."},"SINAPI","91872",{"$f":"IF($C316=\"S\",REFERENCIA.Descricao,\"(digite a descrição aqui)\")","v":"ELETRODUTO RÍGIDO ROSCÁVEL, PVC, DN 32 MM (1\"), PARA CIRCUITOS TERMINAIS, INSTALADO EM PAREDE - FORNECIMENTO E INSTALAÇÃO. AF_03/2023"},{"$f":"REFERENCIA.Unidade","v":"M"},{"$f":"OFFSET(CÁLCULO!H$15,ROW($T316)-ROW(T$15),0)","v":73.33},22.29,"BDI 1",{"$f":"IF($C316=\"S\",ROUND(IF(TIPOORCAMENTO=\"Proposto\",ORÇAMENTO.CustoUnitario*(1+$AH316),ORÇAMENTO.PrecoUnitarioLicitado),15-13*$AF$10),0)","v":26.93},{"$f":"IF($C316=\"S\",IF(Import.TipoArredondamento<>\"TransfereGOV\",VTOTAL1,SUM(OFFSET(CÁLCULO!$AA$15,ROW($X316)-ROW($X$15),1):OFFSET(CÁLCULO!$AL$15,ROW($X316)-ROW($X$15),-1))),IF($C316=0,0,ROUND(SomaAgrup,15-13*$AF$11)))","v":1974.78},"RA",{"$f":"IF(AND($C316=\"S\",$X316>0),IF(ISBLANK($Y316),\"RA\",LEFT($Y316,2)),\"\")","v":"RA"},{"$f":"IF($C316=\"S\",IF($Z316=\"CP\",$X316,IF($Z316=\"RA\",(($X316)*QCI!$AA$3),0)),SomaAgrup)","v":529.78246716041497},{"$f":"IF($C316=\"S\",IF($Z316=\"OU\",ROUND($X316,2),0),SomaAgrup)","v":0},{"$f":"IF($N316=\"\",\"\",IF(ORÇAMENTO.Descricao=\"\",\"DESCRIÇÃO\",IF(AND($C316=\"S\",ORÇAMENTO.Unidade=\"\"),\"UNIDADE\",IF($X316<0,\"VALOR NEGATIVO\",IF(OR(AND(TIPOORCAMENTO=\"Proposto\",$AG316<>\"\",$AG316>0,ORÇAMENTO.CustoUnitario>$AG316),AND(TIPOORCAMENTO=\"LICITADO\",ORÇAMENTO.PrecoUnitarioLicitado>$AN316)),\"ACIMA REF.\",\"\")))))","v":""},{"$f":"IF(C316<=CRONO.NivelExibicao,MAX($AD$15:OFFSET(AD316,-1,0))+IF($C316<>1,1,MAX(1,COUNTIF(QCI!$A$13:$A$24,OFFSET($E316,-1,0)))),\"\")","v":""},{"$f":"IF(AND($C316=\"S\",ORÇAMENTO.CodBarra<>\"\"),IF(ORÇAMENTO.Fonte=\"\",ORÇAMENTO.CodBarra,CONCATENATE(ORÇAMENTO.Fonte,\" \",ORÇAMENTO.CodBarra)))","v":"SINAPI 91872"},{"$f":"IF(ISERROR(INDIRECT(ORÇAMENTO.BancoRef)),\"(abra o arquivo 'Referência \"&Excel_BuiltIn_Database&\".xlsm)\",IF(OR($C316<>\"S\",ORÇAMENTO.CodBarra=\"\"),\"(Sem Código)\",IF(ISERROR(MATCH($AE316,INDIRECT(ORÇAMENTO.BancoRef),0)),\"(Código não identificado nas referências)\",MATCH($AE316,INDIRECT(ORÇAMENTO.BancoRef),0))))","v":2989},{"$f":"ROUND(IF(DESONERACAO=\"sim\",REFERENCIA.Desonerado,REFERENCIA.NaoDesonerado),2)","v":22.29},{"$f":"ROUND(IF(ISNUMBER(ORÇAMENTO.OpcaoBDI),ORÇAMENTO.OpcaoBDI,IF(LEFT(ORÇAMENTO.OpcaoBDI,3)=\"BDI\",HLOOKUP(ORÇAMENTO.OpcaoBDI,$F$4:$H$5,2,FALSE),0)),15-11*$AF$9)","v":0.2082},null,73.33,null,null,1974.78,{"$f":"ROUND(ORÇAMENTO.CustoUnitario*(1+$AH316),2)","v":26.93}]
[{"$f":"CHOOSE(1+LOG(1+2*(ORÇAMENTO.Nivel=\"Meta\")+4*(ORÇAMENTO.Nivel=\"Nível 2\")+8*(ORÇAMENTO.Nivel=\"Nível 3\")+16*(ORÇAMENTO.Nivel=\"Nível 4\")+32*(ORÇAMENTO.Nivel=\"Serviço\"),2),0,1,2,3,4,\"S\")","v":"S"},2,"S",0,{"$f":"IF($C317=1,OFFSET(E317,-1,0)+MAX(1,COUNTIF(QCI!$A$13:$A$24,OFFSET(ORÇAMENTO!E317,-1,0))),OFFSET(E317,-1,0))","v":2},7,0,0,5,0,{"$f":"IF(OR($C317=\"S\",$C317=0),0,MATCH(OFFSET($D317,0,$C317)+IF($C317<>1,1,COUNTIF(QCI!$A$13:$A$24,ORÇAMENTO!E317)),OFFSET($D317,1,$C317,ROW($C$404)-ROW($C317)),0))","v":0},"F","Serviço","Serviço","2.7.0.0.5.","SINAPI","91917",{"$f":"IF($C317=\"S\",REFERENCIA.Descricao,\"(digite a descrição aqui)\")","v":"CURVA 90 GRAUS PARA ELETRODUTO, PVC, ROSCÁVEL, DN 32 MM (1\"), PARA CIRCUITOS TERMINAIS, INSTALADA EM PAREDE - FORNECIMENTO E INSTALAÇÃO. AF_03/2023"},{"$f":"REFERENCIA.Unidade","v":"UN"},{"$f":"OFFSET(CÁLCULO!H$15,ROW($T317)-ROW(T$15),0)","v":4},26.53,"BDI 1",{"$f":"IF($C317=\"S\",ROUND(IF(TIPOORCAMENTO=\"Proposto\",ORÇAMENTO.CustoUnitario*(1+$AH317),ORÇAMENTO.PrecoUnitarioLicitado),15-13*$AF$10),0)","v":32.049999999999997},{"$f":"IF($C317=\"S\",IF(Import.TipoArredondamento<>\"TransfereGOV\",VTOTAL1,SUM(OFFSET(CÁLCULO!$AA$15,ROW($X317)-ROW($X$15),1):OFFSET(CÁLCULO!$AL$15,ROW($X317)-ROW($X$15),-1))),IF($C317=0,0,ROUND(SomaAgrup,15-13*$AF$11)))","v":128.19999999999999},"RA","RA",{"$f":"IF($C317=\"S\",IF($Z317=\"CP\",$X317,IF($Z317=\"RA\",(($X317)*QCI!$AA$3),0)),SomaAgrup)","v":34.392748706167367},{"$f":"IF($C317=\"S\",IF($Z317=\"OU\",ROUND($X317,2),0),SomaAgrup)","v":0},{"$f":"IF($N317=\"\",\"\",IF(ORÇAMENTO.Descricao=\"\",\"DESCRIÇÃO\",IF(AND($C317=\"S\",ORÇAMENTO.Unidade=\"\"),\"UNIDADE\",IF($X317<0,\"VALOR NEGATIVO\",IF(OR(AND(TIPOORCAMENTO=\"Proposto\",$AG317<>\"\",$AG317>0,ORÇAMENTO.CustoUnitario>$AG317),AND(TIPOORCAMENTO=\"LICITADO\",ORÇAMENTO.PrecoUnitarioLicitado>$AN317)),\"ACIMA REF.\",\"\")))))","v":""},{"$f":"IF(C317<=CRONO.NivelExibicao,MAX($AD$15:OFFSET(AD317,-1,0))+IF($C317<>1,1,MAX(1,COUNTIF(QCI!$A$13:$A$24,OFFSET($E317,-1,0)))),\"\")","v":""},{"$f":"IF(AND($C317=\"S\",ORÇAMENTO.CodBarra<>\"\"),IF(ORÇAMENTO.Fonte=\"\",ORÇAMENTO.CodBarra,CONCATENATE(ORÇAMENTO.Fonte,\" \",ORÇAMENTO.CodBarra)))","v":"SINAPI 91917"},{"$f":"IF(ISERROR(INDIRECT(ORÇAMENTO.BancoRef)),\"(abra o arquivo 'Referência \"&Excel_BuiltIn_Database&\".xlsm)\",IF(OR($C317<>\"S\",ORÇAMENTO.CodBarra=\"\"),\"(Sem Código)\",IF(ISERROR(MATCH($AE317,INDIRECT(ORÇAMENTO.BancoRef),0)),\"(Código não identificado nas referências)\",MATCH($AE317,INDIRECT(ORÇAMENTO.BancoRef),0))))","v":3035},{"$f":"ROUND(IF(DESONERACAO=\"sim\",REFERENCIA.Desonerado,REFERENCIA.NaoDesonerado),2)","v":26.53},{"$f":"ROUND(IF(ISNUMBER(ORÇAMENTO.OpcaoBDI),ORÇAMENTO.OpcaoBDI,IF(LEFT(ORÇAMENTO.OpcaoBDI,3)=\"BDI\",HLOOKUP(ORÇAMENTO.OpcaoBDI,$F$4:$H$5,2,FALSE),0)),15-11*$AF$9)","v":0.2082},null,4,null,null,128.19999999999999,{"$f":"ROUND(ORÇAMENTO.CustoUnitario*(1+$AH317),2)","v":32.049999999999997}]
[{"$f":"CHOOSE(1+LOG(1+2*(ORÇAMENTO.Nivel=\"Meta\")+4*(ORÇAMENTO.Nivel=\"Nível 2\")+8*(ORÇAMENTO.Nivel=\"Nível 3\")+16*(ORÇAMENTO.Nivel=\"Nível 4\")+32*(ORÇAMENTO.Nivel=\"Serviço\"),2),0,1,2,3,4,\"S\")","v":"S"},2,"S",0,{"$f":"IF($C318=1,OFFSET(E318,-1,0)+MAX(1,COUNTIF(QCI!$A$13:$A$24,OFFSET(ORÇAMENTO!E318,-1,0))),OFFSET(E318,-1,0))","v":2},7,0,0,6,0,{"$f":"IF(OR($C318=\"S\",$C318=0),0,MATCH(OFFSET($D318,0,$C318)+IF($C318<>1,1,COUNTIF(QCI!$A$13:$A$24,ORÇAMENTO!E318)),OFFSET($D318,1,$C318,ROW($C$404)-ROW($C318)),0))","v":0},"F","Serviço","Serviço","2.7.0.0.6.","SINAPI","91885",{"$f":"IF($C318=\"S\",REFERENCIA.Descricao,\"(digite a descrição aqui)\")","v":"LUVA PARA ELETRODUTO, PVC, ROSCÁVEL, DN 32 MM (1\"), PARA CIRCUITOS TERMINAIS, INSTALADA EM PAREDE - FORNECIMENTO E INSTALAÇÃO. AF_03/2023"},{"$f":"REFERENCIA.Unidade","v":"UN"},{"$f":"OFFSET(CÁLCULO!H$15,ROW($T318)-ROW(T$15),0)","v":22},16.23,"BDI 1",{"$f":"IF($C318=\"S\",ROUND(IF(TIPOORCAMENTO=\"Proposto\",ORÇAMENTO.CustoUnitario*(1+$AH318),ORÇAMENTO.PrecoUnitarioLicitado),15-13*$AF$10),0)","v":19.61},{"$f":"IF($C318=\"S\",IF(Import.TipoArredondamento<>\"TransfereGOV\",VTOTAL1,SUM(OFFSET(CÁLCULO!$AA$15,ROW($X318)-ROW($X$15),1):OFFSET(CÁLCULO!$AL$15,ROW($X318)-ROW($X$15),-1))),IF($C318=0,0,ROUND(SomaAgrup,15-13*$AF$11)))","v":431.42},"RA","RA",{"$f":"IF($C318=\"S\",IF($Z318=\"CP\",$X318,IF($Z318=\"RA\",(($X318)*QCI!$AA$3),0)),SomaAgrup)","v":115.73884279886683},{"$f":"IF($C318=\"S\",IF($Z318=\"OU\",ROUND($X318,2),0),SomaAgrup)","v":0},{"$f":"IF($N318=\"\",\"\",IF(ORÇAMENTO.Descricao=\"\",\"DESCRIÇÃO\",IF(AND($C318=\"S\",ORÇAMENTO.Unidade=\"\"),\"UNIDADE\",IF($X318<0,\"VALOR NEGATIVO\",IF(OR(AND(TIPOORCAMENTO=\"Proposto\",$AG318<>\"\",$AG318>0,ORÇAMENTO.CustoUnitario>$AG318),AND(TIPOORCAMENTO=\"LICITADO\",ORÇAMENTO.PrecoUnitarioLicitado>$AN318)),\"ACIMA REF.\",\"\")))))","v":""},{"$f":"IF(C318<=CRONO.NivelExibicao,MAX($AD$15:OFFSET(AD318,-1,0))+IF($C318<>1,1,MAX(1,COUNTIF(QCI!$A$13:$A$24,OFFSET($E318,-1,0)))),\"\")","v":""},{"$f":"IF(AND($C318=\"S\",ORÇAMENTO.CodBarra<>\"\"),IF(ORÇAMENTO.Fonte=\"\",ORÇAMENTO.CodBarra,CONCATENATE(ORÇAMENTO.Fonte,\" \",ORÇAMENTO.CodBarra)))","v":"SINAPI 91885"},{"$f":"IF(ISERROR(INDIRECT(ORÇAMENTO.BancoRef)),\"(abra o arquivo 'Referência \"&Excel_BuiltIn_Database&\".xlsm)\",IF(OR($C318<>\"S\",ORÇAMENTO.CodBarra=\"\"),\"(Sem Código)\",IF(ISERROR(MATCH($AE318,INDIRECT(ORÇAMENTO.BancoRef),0)),\"(Código não identificado nas referências)\",MATCH($AE318,INDIRECT(ORÇAMENTO.BancoRef),0))))","v":3013},{"$f":"ROUND(IF(DESONERACAO=\"sim\",REFERENCIA.Desonerado,REFERENCIA.NaoDesonerado),2)","v":16.23},{"$f":"ROUND(IF(ISNUMBER(ORÇAMENTO.OpcaoBDI),ORÇAMENTO.OpcaoBDI,IF(LEFT(ORÇAMENTO.OpcaoBDI,3)=\"BDI\",HLOOKUP(ORÇAMENTO.OpcaoBDI,$F$4:$H$5,2,FALSE),0)),15-11*$AF$9)","v":0.2082},null,22,null,null,431.42,{"$f":"ROUND(ORÇAMENTO.CustoUnitario*(1+$AH318),2)","v":19.61}]
["S",2,"S",0,{"$f":"IF($C319=1,OFFSET(E319,-1,0)+MAX(1,COUNTIF(QCI!$A$13:$A$24,OFFSET(ORÇAMENTO!E319,-1,0))),OFFSET(E319,-1,0))","v":2},7,0,0,7,0,{"$f":"IF(OR($C319=\"S\",$C319=0),0,MATCH(OFFSET($D319,0,$C319)+IF($C319<>1,1,COUNTIF(QCI!$A$13:$A$24,ORÇAMENTO!E319)),OFFSET($D319,1,$C319,ROW($C$404)-ROW($C319)),0))","v":0},"F","Serviço","Serviço","2.7.0.0.7.","SINAPI","104766",{"$f":"IF($C319=\"S\",REFERENCIA.Descricao,\"(digite a descrição aqui)\")","v":"CHUMBAMENTO LINEAR EM ALVENARIA PARA ELETRODUTOS COM DIÂMETROS MENORES OU IGUAIS A 40 MM. AF_09/2023"},{"$f":"REFERENCIA.Unidade","v":"M"},{"$f":"OFFSET(CÁLCULO!H$15,ROW($T319)-ROW(T$15),0)","v":64.2},18.690000000000001,"BDI 1",{"$f":"IF($C319=\"S\",ROUND(IF(TIPOORCAMENTO=\"Proposto\",ORÇAMENTO.CustoUnitario*(1+$AH319),ORÇAMENTO.PrecoUnitarioLicitado),15-13*$AF$10),0)","v":22.58},{"$f":"IF($C319=\"S\",IF(Import.TipoArredondamento<>\"TransfereGOV\",VTOTAL1,SUM(OFFSET(CÁLCULO!$AA$15,ROW($X319)-ROW($X$15),1):OFFSET(CÁLCULO!$AL$15,ROW($X319)-ROW($X$15),-1))),IF($C319=0,0,ROUND(SomaAgrup,15-13*$AF$11)))","v":1449.64},"RA","RA",{"$f":"IF($C319=\"S\",IF($Z319=\"CP\",$X319,IF($Z319=\"RA\",(($X319)*QCI!$AA$3),0)),SomaAgrup)","v":388.90096906714876},0,{"$f":"IF($N319=\"\",\"\",IF(ORÇAMENTO.Descricao=\"\",\"DESCRIÇÃO\",IF(AND($C319=\"S\",ORÇAMENTO.Unidade=\"\"),\"UNIDADE\",IF($X319<0,\"VALOR NEGATIVO\",IF(OR(AND(TIPOORCAMENTO=\"Proposto\",$AG319<>\"\",$AG319>0,ORÇAMENTO.CustoUnitario>$AG319),AND(TIPOORCAMENTO=\"LICITADO\",ORÇAMENTO.PrecoUnitarioLicitado>$AN319)),\"ACIMA REF.\",\"\")))))","v":""},{"$f":"IF(C319<=CRONO.NivelExibicao,MAX($AD$15:OFFSET(AD319,-1,0))+IF($C319<>1,1,MAX(1,COUNTIF(QCI!$A$13:$A$24,OFFSET($E319,-1,0)))),\"\")","v":""},{"$f":"IF(AND($C319=\"S\",ORÇAMENTO.CodBarra<>\"\"),IF(ORÇAMENTO.Fonte=\"\",ORÇAMENTO.CodBarra,CONCATENATE(ORÇAMENTO.Fonte,\" \",ORÇAMENTO.CodBarra)))","v":"SINAPI 104766"},{"$f":"IF(ISERROR(INDIRECT(ORÇAMENTO.BancoRef)),\"(abra o arquivo 'Referência \"&Excel_BuiltIn_Database&\".xlsm)\",IF(OR($C319<>\"S\",ORÇAMENTO.CodBarra=\"\"),\"(Sem Código)\",IF(ISERROR(MATCH($AE319,INDIRECT(ORÇAMENTO.BancoRef),0)),\"(Código não identificado nas referências)\",MATCH($AE319,INDIRECT(ORÇAMENTO.BancoRef),0))))","v":3491},{"$f":"ROUND(IF(DESONERACAO=\"sim\",REFERENCIA.Desonerado,REFERENCIA.NaoDesonerado),2)","v":18.690000000000001},0.2082,null,64.2,null,null,1449.64,22.58]
["S",2,"S",0,{"$f":"IF($C320=1,OFFSET(E320,-1,0)+MAX(1,COUNTIF(QCI!$A$13:$A$24,OFFSET(ORÇAMENTO!E320,-1,0))),OFFSET(E320,-1,0))","v":2},7,0,0,8,0,{"$f":"IF(OR($C320=\"S\",$C320=0),0,MATCH(OFFSET($D320,0,$C320)+IF($C320<>1,1,COUNTIF(QCI!$A$13:$A$24,ORÇAMENTO!E320)),OFFSET($D320,1,$C320,ROW($C$404)-ROW($C320)),0))","v":0},"F","Serviço","Serviço","2.7.0.0.8.","SINAPI","90456",{"$f":"IF($C320=\"S\",REFERENCIA.Descricao,\"(digite a descrição aqui)\")","v":"QUEBRA EM ALVENARIA PARA INSTALAÇÃO DE CAIXA DE TOMADA (4X4 OU 4X2). AF_09/2023"},{"$f":"REFERENCIA.Unidade","v":"UN"},{"$f":"OFFSET(CÁLCULO!H$15,ROW($T320)-ROW(T$15),0)","v":40},6.73,"BDI 1",{"$f":"IF($C320=\"S\",ROUND(IF(TIPOORCAMENTO=\"Proposto\",ORÇAMENTO.CustoUnitario*(1+$AH320),ORÇAMENTO.PrecoUnitarioLicitado),15-13*$AF$10),0)","v":8.1300000000000008},{"$f":"IF($C320=\"S\",IF(Import.TipoArredondamento<>\"TransfereGOV\",VTOTAL1,SUM(OFFSET(CÁLCULO!$AA$15,ROW($X320)-ROW($X$15),1):OFFSET(CÁLCULO!$AL$15,ROW($X320)-ROW($X$15),-1))),IF($C320=0,0,ROUND(SomaAgrup,15-13*$AF$11)))","v":325.2},"RA","RA",{"$f":"IF($C320=\"S\",IF($Z320=\"CP\",$X320,IF($Z320=\"RA\",(($X320)*QCI!$AA$3),0)),SomaAgrup)","v":87.242760368530639},0,{"$f":"IF($N320=\"\",\"\",IF(ORÇAMENTO.Descricao=\"\",\"DESCRIÇÃO\",IF(AND($C320=\"S\",ORÇAMENTO.Unidade=\"\"),\"UNIDADE\",IF($X320<0,\"VALOR NEGATIVO\",IF(OR(AND(TIPOORCAMENTO=\"Proposto\",$AG320<>\"\",$AG320>0,ORÇAMENTO.CustoUnitario>$AG320),AND(TIPOORCAMENTO=\"LICITADO\",ORÇAMENTO.PrecoUnitarioLicitado>$AN320)),\"ACIMA REF.\",\"\")))))","v":""},{"$f":"IF(C320<=CRONO.NivelExibicao,MAX($AD$15:OFFSET(AD320,-1,0))+IF($C320<>1,1,MAX(1,COUNTIF(QCI!$A$13:$A$24,OFFSET($E320,-1,0)))),\"\")","v":""},{"$f":"IF(AND($C320=\"S\",ORÇAMENTO.CodBarra<>\"\"),IF(ORÇAMENTO.Fonte=\"\",ORÇAMENTO.CodBarra,CONCATENATE(ORÇAMENTO.Fonte,\" \",ORÇAMENTO.CodBarra)))","v":"SINAPI 90456"},{"$f":"IF(ISERROR(INDIRECT(ORÇAMENTO.BancoRef)),\"(abra o arquivo 'Referência \"&Excel_BuiltIn_Database&\".xlsm)\",IF(OR($C320<>\"S\",ORÇAMENTO.CodBarra=\"\"),\"(Sem Código)\",IF(ISERROR(MATCH($AE320,INDIRECT(ORÇAMENTO.BancoRef),0)),\"(Código não identificado nas referências)\",MATCH($AE320,INDIRECT(ORÇAMENTO.BancoRef),0))))","v":5597},{"$f":"ROUND(IF(DESONERACAO=\"sim\",REFERENCIA.Desonerado,REFERENCIA.NaoDesonerado),2)","v":6.73},0.2082,null,40,null,null,325.2,8.1300000000000008]
["S",2,"S",0,{"$f":"IF($C321=1,OFFSET(E321,-1,0)+MAX(1,COUNTIF(QCI!$A$13:$A$24,OFFSET(ORÇAMENTO!E321,-1,0))),OFFSET(E321,-1,0))","v":2},7,0,0,9,0,{"$f":"IF(OR($C321=\"S\",$C321=0),0,MATCH(OFFSET($D321,0,$C321)+IF($C321<>1,1,COUNTIF(QCI!$A$13:$A$24,ORÇAMENTO!E321)),OFFSET($D321,1,$C321,ROW($C$404)-ROW($C321)),0))","v":0},"F","Serviço","Serviço","2.7.0.0.9.","SINAPI","91939",{"$f":"IF($C321=\"S\",REFERENCIA.Descricao,\"(digite a descrição aqui)\")","v":"CAIXA RETANGULAR 4\" X 2\" ALTA (2,00 M DO PISO), PVC, INSTALADA EM PAREDE - FORNECIMENTO E INSTALAÇÃO. AF_03/2023"},{"$f":"REFERENCIA.Unidade","v":"UN"},{"$f":"OFFSET(CÁLCULO!H$15,ROW($T321)-ROW(T$15),0)","v":6},39.01,"BDI 1",{"$f":"IF($C321=\"S\",ROUND(IF(TIPOORCAMENTO=\"Proposto\",ORÇAMENTO.CustoUnitario*(1+$AH321),ORÇAMENTO.PrecoUnitarioLicitado),15-13*$AF$10),0)","v":47.13},{"$f":"IF($C321=\"S\",IF(Import.TipoArredondamento<>\"TransfereGOV\",VTOTAL1,SUM(OFFSET(CÁLCULO!$AA$15,ROW($X321)-ROW($X$15),1):OFFSET(CÁLCULO!$AL$15,ROW($X321)-ROW($X$15),-1))),IF($C321=0,0,ROUND(SomaAgrup,15-13*$AF$11)))","v":282.77999999999997},"RA","RA",{"$f":"IF($C321=\"S\",IF($Z321=\"CP\",$X321,IF($Z321=\"RA\",(($X321)*QCI!$AA$3),0)),SomaAgrup)","v":75.862570040015669},0,{"$f":"IF($N321=\"\",\"\",IF(ORÇAMENTO.Descricao=\"\",\"DESCRIÇÃO\",IF(AND($C321=\"S\",ORÇAMENTO.Unidade=\"\"),\"UNIDADE\",IF($X321<0,\"VALOR NEGATIVO\",IF(OR(AND(TIPOORCAMENTO=\"Proposto\",$AG321<>\"\",$AG321>0,ORÇAMENTO.CustoUnitario>$AG321),AND(TIPOORCAMENTO=\"LICITADO\",ORÇAMENTO.PrecoUnitarioLicitado>$AN321)),\"ACIMA REF.\",\"\")))))","v":""},{"$f":"IF(C321<=CRONO.NivelExibicao,MAX($AD$15:OFFSET(AD321,-1,0))+IF($C321<>1,1,MAX(1,COUNTIF(QCI!$A$13:$A$24,OFFSET($E321,-1,0)))),\"\")","v":""},{"$f":"IF(AND($C321=\"S\",ORÇAMENTO.CodBarra<>\"\"),IF(ORÇAMENTO.Fonte=\"\",ORÇAMENTO.CodBarra,CONCATENATE(ORÇAMENTO.Fonte,\" \",ORÇAMENTO.CodBarra)))","v":"SINAPI 91939"},{"$f":"IF(ISERROR(INDIRECT(ORÇAMENTO.BancoRef)),\"(abra o arquivo 'Referência \"&Excel_BuiltIn_Database&\".xlsm)\",IF(OR($C321<>\"S\",ORÇAMENTO.CodBarra=\"\"),\"(Sem Código)\",IF(ISERROR(MATCH($AE321,INDIRECT(ORÇAMENTO.BancoRef),0)),\"(Código não identificado nas referências)\",MATCH($AE321,INDIRECT(ORÇAMENTO.BancoRef),0))))","v":3087},{"$f":"ROUND(IF(DESONERACAO=\"sim\",REFERENCIA.Desonerado,REFERENCIA.NaoDesonerado),2)","v":39.01},0.2082,null,6,null,null,282.77999999999997,47.13]
["S",2,"S",0,{"$f":"IF($C322=1,OFFSET(E322,-1,0)+MAX(1,COUNTIF(QCI!$A$13:$A$24,OFFSET(ORÇAMENTO!E322,-1,0))),OFFSET(E322,-1,0))","v":2},7,0,0,10,0,{"$f":"IF(OR($C322=\"S\",$C322=0),0,MATCH(OFFSET($D322,0,$C322)+IF($C322<>1,1,COUNTIF(QCI!$A$13:$A$24,ORÇAMENTO!E322)),OFFSET($D322,1,$C322,ROW($C$404)-ROW($C322)),0))","v":0},"F","Serviço","Serviço","2.7.0.0.10.","SINAPI","91940",{"$f":"IF($C322=\"S\",REFERENCIA.Descricao,\"(digite a descrição aqui)\")","v":"CAIXA RETANGULAR 4\" X 2\" MÉDIA (1,30 M DO PISO), PVC, INSTALADA EM PAREDE - FORNECIMENTO E INSTALAÇÃO. AF_03/2023"},{"$f":"REFERENCIA.Unidade","v":"UN"},{"$f":"OFFSET(CÁLCULO!H$15,ROW($T322)-ROW(T$15),0)","v":29},22.39,"BDI 1",{"$f":"IF($C322=\"S\",ROUND(IF(TIPOORCAMENTO=\"Proposto\",ORÇAMENTO.CustoUnitario*(1+$AH322),ORÇAMENTO.PrecoUnitarioLicitado),15-13*$AF$10),0)","v":27.05},{"$f":"IF($C322=\"S\",IF(Import.TipoArredondamento<>\"TransfereGOV\",VTOTAL1,SUM(OFFSET(CÁLCULO!$AA$15,ROW($X322)-ROW($X$15),1):OFFSET(CÁLCULO!$AL$15,ROW($X322)-ROW($X$15),-1))),IF($C322=0,0,ROUND(SomaAgrup,15-13*$AF$11)))","v":784.45},"RA","RA",{"$f":"IF($C322=\"S\",IF($Z322=\"CP\",$X322,IF($Z322=\"RA\",(($X322)*QCI!$AA$3),0)),SomaAgrup)","v":210.44767334284708},0,{"$f":"IF($N322=\"\",\"\",IF(ORÇAMENTO.Descricao=\"\",\"DESCRIÇÃO\",IF(AND($C322=\"S\",ORÇAMENTO.Unidade=\"\"),\"UNIDADE\",IF($X322<0,\"VALOR NEGATIVO\",IF(OR(AND(TIPOORCAMENTO=\"Proposto\",$AG322<>\"\",$AG322>0,ORÇAMENTO.CustoUnitario>$AG322),AND(TIPOORCAMENTO=\"LICITADO\",ORÇAMENTO.PrecoUnitarioLicitado>$AN322)),\"ACIMA REF.\",\"\")))))","v":""},{"$f":"IF(C322<=CRONO.NivelExibicao,MAX($AD$15:OFFSET(AD322,-1,0))+IF($C322<>1,1,MAX(1,COUNTIF(QCI!$A$13:$A$24,OFFSET($E322,-1,0)))),\"\")","v":""},{"$f":"IF(AND($C322=\"S\",ORÇAMENTO.CodBarra<>\"\"),IF(ORÇAMENTO.Fonte=\"\",ORÇAMENTO.CodBarra,CONCATENATE(ORÇAMENTO.Fonte,\" \",ORÇAMENTO.CodBarra)))","v":"SINAPI 91940"},{"$f":"IF(ISERROR(INDIRECT(ORÇAMENTO.BancoRef)),\"(abra o arquivo 'Referência \"&Excel_BuiltIn_Database&\".xlsm)\",IF(OR($C322<>\"S\",ORÇAMENTO.CodBarra=\"\"),\"(Sem Código)\",IF(ISERROR(MATCH($AE322,INDIRECT(ORÇAMENTO.BancoRef),0)),\"(Código não identificado nas referências)\",MATCH($AE322,INDIRECT(ORÇAMENTO.BancoRef),0))))","v":3088},{"$f":"ROUND(IF(DESONERACAO=\"sim\",REFERENCIA.Desonerado,REFERENCIA.NaoDesonerado),2)","v":22.39},0.2082,null,29,null,null,784.45,27.05]
[{"$f":"CHOOSE(1+LOG(1+2*(ORÇAMENTO.Nivel=\"Meta\")+4*(ORÇAMENTO.Nivel=\"Nível 2\")+8*(ORÇAMENTO.Nivel=\"Nível 3\")+16*(ORÇAMENTO.Nivel=\"Nível 4\")+32*(ORÇAMENTO.Nivel=\"Serviço\"),2),0,1,2,3,4,\"S\")","v":"S"},{"$f":"IF(OR(C323=\"s\",C323=0),OFFSET(B323,-1,0),C323)","v":2},{"$f":"IF(OFFSET(C323,-1,0)=\"L\",1,IF(OFFSET(C323,-1,0)=1,2,IF(OR(A323=\"s\",A323=0),\"S\",IF(AND(OFFSET(C323,-1,0)=2,A323=4),3,IF(AND(OR(OFFSET(C323,-1,0)=\"s\",OFFSET(C323,-1,0)=0),A323<>\"s\",A323>OFFSET(B323,-1,0)),OFFSET(B323,-1,0),A323)))))","v":"S"},{"$f":"IF(OR(C323=\"S\",C323=0),0,IF(ISERROR(K323),J323,SMALL(J323:K323,1)))","v":0},{"$f":"IF($C323=1,OFFSET(E323,-1,0)+MAX(1,COUNTIF(QCI!$A$13:$A$24,OFFSET(ORÇAMENTO!E323,-1,0))),OFFSET(E323,-1,0))","v":2},{"$f":"IF($C323=1,0,IF($C323=2,OFFSET(F323,-1,0)+1,OFFSET(F323,-1,0)))","v":7},{"$f":"IF(AND($C323<=2,$C323<>0),0,IF($C323=3,OFFSET(G323,-1,0)+1,OFFSET(G323,-1,0)))","v":0},{"$f":"IF(AND($C323<=3,$C323<>0),0,IF($C323=4,OFFSET(H323,-1,0)+1,OFFSET(H323,-1,0)))","v":0},{"$f":"IF(AND($C323<=4,$C323<>0),0,IF(AND($C323=\"S\",$X323>0),OFFSET(I323,-1,0)+1,OFFSET(I323,-1,0)))","v":11},0,{"$f":"IF(OR($C323=\"S\",$C323=0),0,MATCH(OFFSET($D323,0,$C323)+IF($C323<>1,1,COUNTIF(QCI!$A$13:$A$24,ORÇAMENTO!E323)),OFFSET($D323,1,$C323,ROW($C$404)-ROW($C323)),0))","v":0},{"$f":"IF(OR($X323>0,$C323=1,$C323=2,$C323=3,$C323=4),\"F\",\"\")","v":"F"},"Serviço",{"$f":"CHOOSE(1+LOG(1+2*(C323=1)+4*(C323=2)+8*(C323=3)+16*(C323=4)+32*(C323=\"S\"),2),\"\",\"Meta\",\"Nível 2\",\"Nível 3\",\"Nível 4\",\"Serviço\")","v":"Serviço"},{"$f":"IF(OR($C323=0,$L323=\"\"),\"-\",CONCATENATE(E323&\".\",IF(AND($A$5>=2,$C323>=2),F323&\".\",\"\"),IF(AND($A$5>=3,$C323>=3),G323&\".\",\"\"),IF(AND($A$5>=4,$C323>=4),H323&\".\",\"\"),IF($C323=\"S\",I323&\".\",\"\")))","v":"2.7.0.0.11."},"SINAPI","91941",{"$f":"IF($C323=\"S\",REFERENCIA.Descricao,\"(digite a descrição aqui)\")","v":"CAIXA RETANGULAR 4\" X 2\" BAIXA (0,30 M DO PISO), PVC, INSTALADA EM PAREDE - FORNECIMENTO E INSTALAÇÃO. AF_03/2023"},{"$f":"REFERENCIA.Unidade","v":"UN"},{"$f":"OFFSET(CÁLCULO!H$15,ROW($T323)-ROW(T$15),0)","v":4},14.25,"BDI 1",{"$f":"IF($C323=\"S\",ROUND(IF(TIPOORCAMENTO=\"Proposto\",ORÇAMENTO.CustoUnitario*(1+$AH323),ORÇAMENTO.PrecoUnitarioLicitado),15-13*$AF$10),0)","v":17.22},{"$f":"IF($C323=\"S\",IF(Import.TipoArredondamento<>\"TransfereGOV\",VTOTAL1,SUM(OFFSET(CÁLCULO!$AA$15,ROW($X323)-ROW($X$15),1):OFFSET(CÁLCULO!$AL$15,ROW($X323)-ROW($X$15),-1))),IF($C323=0,0,ROUND(SomaAgrup,15-13*$AF$11)))","v":68.88},"RA",{"$f":"IF(AND($C323=\"S\",$X323>0),IF(ISBLANK($Y323),\"RA\",LEFT($Y323,2)),\"\")","v":"RA"},{"$f":"IF($C323=\"S\",IF($Z323=\"CP\",$X323,IF($Z323=\"RA\",(($X323)*QCI!$AA$3),0)),SomaAgrup)","v":18.478724889865898},{"$f":"IF($C323=\"S\",IF($Z323=\"OU\",ROUND($X323,2),0),SomaAgrup)","v":0},{"$f":"IF($N323=\"\",\"\",IF(ORÇAMENTO.Descricao=\"\",\"DESCRIÇÃO\",IF(AND($C323=\"S\",ORÇAMENTO.Unidade=\"\"),\"UNIDADE\",IF($X323<0,\"VALOR NEGATIVO\",IF(OR(AND(TIPOORCAMENTO=\"Proposto\",$AG323<>\"\",$AG323>0,ORÇAMENTO.CustoUnitario>$AG323),AND(TIPOORCAMENTO=\"LICITADO\",ORÇAMENTO.PrecoUnitarioLicitado>$AN323)),\"ACIMA REF.\",\"\")))))","v":""},{"$f":"IF(C323<=CRONO.NivelExibicao,MAX($AD$15:OFFSET(AD323,-1,0))+IF($C323<>1,1,MAX(1,COUNTIF(QCI!$A$13:$A$24,OFFSET($E323,-1,0)))),\"\")","v":""},{"$f":"IF(AND($C323=\"S\",ORÇAMENTO.CodBarra<>\"\"),IF(ORÇAMENTO.Fonte=\"\",ORÇAMENTO.CodBarra,CONCATENATE(ORÇAMENTO.Fonte,\" \",ORÇAMENTO.CodBarra)))","v":"SINAPI 91941"},{"$f":"IF(ISERROR(INDIRECT(ORÇAMENTO.BancoRef)),\"(abra o arquivo 'Referência \"&Excel_BuiltIn_Database&\".xlsm)\",IF(OR($C323<>\"S\",ORÇAMENTO.CodBarra=\"\"),\"(Sem Código)\",IF(ISERROR(MATCH($AE323,INDIRECT(ORÇAMENTO.BancoRef),0)),\"(Código não identificado nas referências)\",MATCH($AE323,INDIRECT(ORÇAMENTO.BancoRef),0))))","v":3089},{"$f":"ROUND(IF(DESONERACAO=\"sim\",REFERENCIA.Desonerado,REFERENCIA.NaoDesonerado),2)","v":14.25},{"$f":"ROUND(IF(ISNUMBER(ORÇAMENTO.OpcaoBDI),ORÇAMENTO.OpcaoBDI,IF(LEFT(ORÇAMENTO.OpcaoBDI,3)=\"BDI\",HLOOKUP(ORÇAMENTO.OpcaoBDI,$F$4:$H$5,2,FALSE),0)),15-11*$AF$9)","v":0.2082},null,4,null,null,68.88,{"$f":"ROUND(ORÇAMENTO.CustoUnitario*(1+$AH323),2)","v":17.22}]
["S",2,"S",0,{"$f":"IF($C324=1,OFFSET(E324,-1,0)+MAX(1,COUNTIF(QCI!$A$13:$A$24,OFFSET(ORÇAMENTO!E324,-1,0))),OFFSET(E324,-1,0))","v":2},7,0,0,12,0,{"$f":"IF(OR($C324=\"S\",$C324=0),0,MATCH(OFFSET($D324,0,$C324)+IF($C324<>1,1,COUNTIF(QCI!$A$13:$A$24,ORÇAMENTO!E324)),OFFSET($D324,1,$C324,ROW($C$404)-ROW($C324)),0))","v":0},"F","Serviço","Serviço","2.7.0.0.12.","SINAPI","91992",{"$f":"IF($C324=\"S\",REFERENCIA.Descricao,\"(digite a descrição aqui)\")","v":"TOMADA ALTA DE EMBUTIR (1 MÓDULO), 2P+T 10 A, INCLUINDO SUPORTE E PLACA - FORNECIMENTO E INSTALAÇÃO. AF_03/2023"},{"$f":"REFERENCIA.Unidade","v":"UN"},{"$f":"OFFSET(CÁLCULO!H$15,ROW($T324)-ROW(T$15),0)","v":6},53.76,"BDI 1",{"$f":"IF($C324=\"S\",ROUND(IF(TIPOORCAMENTO=\"Proposto\",ORÇAMENTO.CustoUnitario*(1+$AH324),ORÇAMENTO.PrecoUnitarioLicitado),15-13*$AF$10),0)","v":64.95},{"$f":"IF($C324=\"S\",IF(Import.TipoArredondamento<>\"TransfereGOV\",VTOTAL1,SUM(OFFSET(CÁLCULO!$AA$15,ROW($X324)-ROW($X$15),1):OFFSET(CÁLCULO!$AL$15,ROW($X324)-ROW($X$15),-1))),IF($C324=0,0,ROUND(SomaAgrup,15-13*$AF$11)))","v":389.7},"RA","RA",{"$f":"IF($C324=\"S\",IF($Z324=\"CP\",$X324,IF($Z324=\"RA\",(($X324)*QCI!$AA$3),0)),SomaAgrup)","v":104.54644438996431},0,{"$f":"IF($N324=\"\",\"\",IF(ORÇAMENTO.Descricao=\"\",\"DESCRIÇÃO\",IF(AND($C324=\"S\",ORÇAMENTO.Unidade=\"\"),\"UNIDADE\",IF($X324<0,\"VALOR NEGATIVO\",IF(OR(AND(TIPOORCAMENTO=\"Proposto\",$AG324<>\"\",$AG324>0,ORÇAMENTO.CustoUnitario>$AG324),AND(TIPOORCAMENTO=\"LICITADO\",ORÇAMENTO.PrecoUnitarioLicitado>$AN324)),\"ACIMA REF.\",\"\")))))","v":""},{"$f":"IF(C324<=CRONO.NivelExibicao,MAX($AD$15:OFFSET(AD324,-1,0))+IF($C324<>1,1,MAX(1,COUNTIF(QCI!$A$13:$A$24,OFFSET($E324,-1,0)))),\"\")","v":""},{"$f":"IF(AND($C324=\"S\",ORÇAMENTO.CodBarra<>\"\"),IF(ORÇAMENTO.Fonte=\"\",ORÇAMENTO.CodBarra,CONCATENATE(ORÇAMENTO.Fonte,\" \",ORÇAMENTO.CodBarra)))","v":"SINAPI 91992"},{"$f":"IF(ISERROR(INDIRECT(ORÇAMENTO.BancoRef)),\"(abra o arquivo 'Referência \"&Excel_BuiltIn_Database&\".xlsm)\",IF(OR($C324<>\"S\",ORÇAMENTO.CodBarra=\"\"),\"(Sem Código)\",IF(ISERROR(MATCH($AE324,INDIRECT(ORÇAMENTO.BancoRef),0)),\"(Código não identificado nas referências)\",MATCH($AE324,INDIRECT(ORÇAMENTO.BancoRef),0))))","v":3253},{"$f":"ROUND(IF(DESONERACAO=\"sim\",REFERENCIA.Desonerado,REFERENCIA.NaoDesonerado),2)","v":53.76},0.2082,null,6,null,null,389.7,64.95]
["S",2,"S",0,{"$f":"IF($C325=1,OFFSET(E325,-1,0)+MAX(1,COUNTIF(QCI!$A$13:$A$24,OFFSET(ORÇAMENTO!E325,-1,0))),OFFSET(E325,-1,0))","v":2},7,0,0,13,0,{"$f":"IF(OR($C325=\"S\",$C325=0),0,MATCH(OFFSET($D325,0,$C325)+IF($C325<>1,1,COUNTIF(QCI!$A$13:$A$24,ORÇAMENTO!E325)),OFFSET($D325,1,$C325,ROW($C$404)-ROW($C325)),0))","v":0},"F","Serviço","Serviço","2.7.0.0.13.","SINAPI","91997",{"$f":"IF($C325=\"S\",REFERENCIA.Descricao,\"(digite a descrição aqui)\")","v":"TOMADA MÉDIA DE EMBUTIR (1 MÓDULO), 2P+T 20 A, INCLUINDO SUPORTE E PLACA - FORNECIMENTO E INSTALAÇÃO. AF_03/2023"},{"$f":"REFERENCIA.Unidade","v":"UN"},{"$f":"OFFSET(CÁLCULO!H$15,ROW($T325)-ROW(T$15),0)","v":18},43.6,"BDI 1",{"$f":"IF($C325=\"S\",ROUND(IF(TIPOORCAMENTO=\"Proposto\",ORÇAMENTO.CustoUnitario*(1+$AH325),ORÇAMENTO.PrecoUnitarioLicitado),15-13*$AF$10),0)","v":52.68},{"$f":"IF($C325=\"S\",IF(Import.TipoArredondamento<>\"TransfereGOV\",VTOTAL1,SUM(OFFSET(CÁLCULO!$AA$15,ROW($X325)-ROW($X$15),1):OFFSET(CÁLCULO!$AL$15,ROW($X325)-ROW($X$15),-1))),IF($C325=0,0,ROUND(SomaAgrup,15-13*$AF$11)))","v":948.24},"RA","RA",{"$f":"IF($C325=\"S\",IF($Z325=\"CP\",$X325,IF($Z325=\"RA\",(($X325)*QCI!$AA$3),0)),SomaAgrup)","v":254.38829979045357},0,{"$f":"IF($N325=\"\",\"\",IF(ORÇAMENTO.Descricao=\"\",\"DESCRIÇÃO\",IF(AND($C325=\"S\",ORÇAMENTO.Unidade=\"\"),\"UNIDADE\",IF($X325<0,\"VALOR NEGATIVO\",IF(OR(AND(TIPOORCAMENTO=\"Proposto\",$AG325<>\"\",$AG325>0,ORÇAMENTO.CustoUnitario>$AG325),AND(TIPOORCAMENTO=\"LICITADO\",ORÇAMENTO.PrecoUnitarioLicitado>$AN325)),\"ACIMA REF.\",\"\")))))","v":""},{"$f":"IF(C325<=CRONO.NivelExibicao,MAX($AD$15:OFFSET(AD325,-1,0))+IF($C325<>1,1,MAX(1,COUNTIF(QCI!$A$13:$A$24,OFFSET($E325,-1,0)))),\"\")","v":""},{"$f":"IF(AND($C325=\"S\",ORÇAMENTO.CodBarra<>\"\"),IF(ORÇAMENTO.Fonte=\"\",ORÇAMENTO.CodBarra,CONCATENATE(ORÇAMENTO.Fonte,\" \",ORÇAMENTO.CodBarra)))","v":"SINAPI 91997"},{"$f":"IF(ISERROR(INDIRECT(ORÇAMENTO.BancoRef)),\"(abra o arquivo 'Referência \"&Excel_BuiltIn_Database&\".xlsm)\",IF(OR($C325<>\"S\",ORÇAMENTO.CodBarra=\"\"),\"(Sem Código)\",IF(ISERROR(MATCH($AE325,INDIRECT(ORÇAMENTO.BancoRef),0)),\"(Código não identificado nas referências)\",MATCH($AE325,INDIRECT(ORÇAMENTO.BancoRef),0))))","v":3258},{"$f":"ROUND(IF(DESONERACAO=\"sim\",REFERENCIA.Desonerado,REFERENCIA.NaoDesonerado),2)","v":43.6},0.2082,null,18,null,null,948.24,52.68]
["S",2,"S",0,{"$f":"IF($C326=1,OFFSET(E326,-1,0)+MAX(1,COUNTIF(QCI!$A$13:$A$24,OFFSET(ORÇAMENTO!E326,-1,0))),OFFSET(E326,-1,0))","v":2},7,0,0,14,0,{"$f":"IF(OR($C326=\"S\",$C326=0),0,MATCH(OFFSET($D326,0,$C326)+IF($C326<>1,1,COUNTIF(QCI!$A$13:$A$24,ORÇAMENTO!E326)),OFFSET($D326,1,$C326,ROW($C$404)-ROW($C326)),0))","v":0},"F","Serviço","Serviço","2.7.0.0.14.","SINAPI","92023",{"$f":"IF($C326=\"S\",REFERENCIA.Descricao,\"(digite a descrição aqui)\")","v":"INTERRUPTOR SIMPLES (1 MÓDULO) COM 1 TOMADA DE EMBUTIR 2P+T 10 A, INCLUINDO SUPORTE E PLACA - FORNECIMENTO E INSTALAÇÃO. AF_03/2023"},{"$f":"REFERENCIA.Unidade","v":"UN"},{"$f":"OFFSET(CÁLCULO!H$15,ROW($T326)-ROW(T$15),0)","v":5},59.33,"BDI 1",{"$f":"IF($C326=\"S\",ROUND(IF(TIPOORCAMENTO=\"Proposto\",ORÇAMENTO.CustoUnitario*(1+$AH326),ORÇAMENTO.PrecoUnitarioLicitado),15-13*$AF$10),0)","v":71.680000000000007},{"$f":"IF($C326=\"S\",IF(Import.TipoArredondamento<>\"TransfereGOV\",VTOTAL1,SUM(OFFSET(CÁLCULO!$AA$15,ROW($X326)-ROW($X$15),1):OFFSET(CÁLCULO!$AL$15,ROW($X326)-ROW($X$15),-1))),IF($C326=0,0,ROUND(SomaAgrup,15-13*$AF$11)))","v":358.4},"RA","RA",{"$f":"IF($C326=\"S\",IF($Z326=\"CP\",$X326,IF($Z326=\"RA\",(($X326)*QCI!$AA$3),0)),SomaAgrup)","v":96.149462841578668},0,{"$f":"IF($N326=\"\",\"\",IF(ORÇAMENTO.Descricao=\"\",\"DESCRIÇÃO\",IF(AND($C326=\"S\",ORÇAMENTO.Unidade=\"\"),\"UNIDADE\",IF($X326<0,\"VALOR NEGATIVO\",IF(OR(AND(TIPOORCAMENTO=\"Proposto\",$AG326<>\"\",$AG326>0,ORÇAMENTO.CustoUnitario>$AG326),AND(TIPOORCAMENTO=\"LICITADO\",ORÇAMENTO.PrecoUnitarioLicitado>$AN326)),\"ACIMA REF.\",\"\")))))","v":""},{"$f":"IF(C326<=CRONO.NivelExibicao,MAX($AD$15:OFFSET(AD326,-1,0))+IF($C326<>1,1,MAX(1,COUNTIF(QCI!$A$13:$A$24,OFFSET($E326,-1,0)))),\"\")","v":""},{"$f":"IF(AND($C326=\"S\",ORÇAMENTO.CodBarra<>\"\"),IF(ORÇAMENTO.Fonte=\"\",ORÇAMENTO.CodBarra,CONCATENATE(ORÇAMENTO.Fonte,\" \",ORÇAMENTO.CodBarra)))","v":"SINAPI 92023"},{"$f":"IF(ISERROR(INDIRECT(ORÇAMENTO.BancoRef)),\"(abra o arquivo 'Referência \"&Excel_BuiltIn_Database&\".xlsm)\",IF(OR($C326<>\"S\",ORÇAMENTO.CodBarra=\"\"),\"(Sem Código)\",IF(ISERROR(MATCH($AE326,INDIRECT(ORÇAMENTO.BancoRef),0)),\"(Código não identificado nas referências)\",MATCH($AE326,INDIRECT(ORÇAMENTO.BancoRef),0))))","v":3284},{"$f":"ROUND(IF(DESONERACAO=\"sim\",REFERENCIA.Desonerado,REFERENCIA.NaoDesonerado),2)","v":59.33},0.2082,null,5,null,null,358.4,71.680000000000007]
[{"$f":"CHOOSE(1+LOG(1+2*(ORÇAMENTO.Nivel=\"Meta\")+4*(ORÇAMENTO.Nivel=\"Nível 2\")+8*(ORÇAMENTO.Nivel=\"Nível 3\")+16*(ORÇAMENTO.Nivel=\"Nível 4\")+32*(ORÇAMENTO.Nivel=\"Serviço\"),2),0,1,2,3,4,\"S\")","v":"S"},{"$f":"IF(OR(C327=\"s\",C327=0),OFFSET(B327,-1,0),C327)","v":2},{"$f":"IF(OFFSET(C327,-1,0)=\"L\",1,IF(OFFSET(C327,-1,0)=1,2,IF(OR(A327=\"s\",A327=0),\"S\",IF(AND(OFFSET(C327,-1,0)=2,A327=4),3,IF(AND(OR(OFFSET(C327,-1,0)=\"s\",OFFSET(C327,-1,0)=0),A327<>\"s\",A327>OFFSET(B327,-1,0)),OFFSET(B327,-1,0),A327)))))","v":"S"},{"$f":"IF(OR(C327=\"S\",C327=0),0,IF(ISERROR(K327),J327,SMALL(J327:K327,1)))","v":0},{"$f":"IF($C327=1,OFFSET(E327,-1,0)+MAX(1,COUNTIF(QCI!$A$13:$A$24,OFFSET(ORÇAMENTO!E327,-1,0))),OFFSET(E327,-1,0))","v":2},{"$f":"IF($C327=1,0,IF($C327=2,OFFSET(F327,-1,0)+1,OFFSET(F327,-1,0)))","v":7},{"$f":"IF(AND($C327<=2,$C327<>0),0,IF($C327=3,OFFSET(G327,-1,0)+1,OFFSET(G327,-1,0)))","v":0},{"$f":"IF(AND($C327<=3,$C327<>0),0,IF($C327=4,OFFSET(H327,-1,0)+1,OFFSET(H327,-1,0)))","v":0},{"$f":"IF(AND($C327<=4,$C327<>0),0,IF(AND($C327=\"S\",$X327>0),OFFSET(I327,-1,0)+1,OFFSET(I327,-1,0)))","v":15},0,{"$f":"IF(OR($C327=\"S\",$C327=0),0,MATCH(OFFSET($D327,0,$C327)+IF($C327<>1,1,COUNTIF(QCI!$A$13:$A$24,ORÇAMENTO!E327)),OFFSET($D327,1,$C327,ROW($C$404)-ROW($C327)),0))","v":0},{"$f":"IF(OR($X327>0,$C327=1,$C327=2,$C327=3,$C327=4),\"F\",\"\")","v":"F"},"Serviço",{"$f":"CHOOSE(1+LOG(1+2*(C327=1)+4*(C327=2)+8*(C327=3)+16*(C327=4)+32*(C327=\"S\"),2),\"\",\"Meta\",\"Nível 2\",\"Nível 3\",\"Nível 4\",\"Serviço\")","v":"Serviço"},{"$f":"IF(OR($C327=0,$L327=\"\"),\"-\",CONCATENATE(E327&\".\",IF(AND($A$5>=2,$C327>=2),F327&\".\",\"\"),IF(AND($A$5>=3,$C327>=3),G327&\".\",\"\"),IF(AND($A$5>=4,$C327>=4),H327&\".\",\"\"),IF($C327=\"S\",I327&\".\",\"\")))","v":"2.7.0.0.15."},"SINAPI","91953",{"$f":"IF($C327=\"S\",REFERENCIA.Descricao,\"(digite a descrição aqui)\")","v":"INTERRUPTOR SIMPLES (1 MÓDULO), 10A/250V, INCLUINDO SUPORTE E PLACA - FORNECIMENTO E INSTALAÇÃO. AF_03/2023"},{"$f":"REFERENCIA.Unidade","v":"UN"},{"$f":"OFFSET(CÁLCULO!H$15,ROW($T327)-ROW(T$15),0)","v":4},34.869999999999997,"BDI 1",{"$f":"IF($C327=\"S\",ROUND(IF(TIPOORCAMENTO=\"Proposto\",ORÇAMENTO.CustoUnitario*(1+$AH327),ORÇAMENTO.PrecoUnitarioLicitado),15-13*$AF$10),0)","v":42.13},{"$f":"IF($C327=\"S\",IF(Import.TipoArredondamento<>\"TransfereGOV\",VTOTAL1,SUM(OFFSET(CÁLCULO!$AA$15,ROW($X327)-ROW($X$15),1):OFFSET(CÁLCULO!$AL$15,ROW($X327)-ROW($X$15),-1))),IF($C327=0,0,ROUND(SomaAgrup,15-13*$AF$11)))","v":168.52},"RA",{"$f":"IF(AND($C327=\"S\",$X327>0),IF(ISBLANK($Y327),\"RA\",LEFT($Y327,2)),\"\")","v":"RA"},{"$f":"IF($C327=\"S\",IF($Z327=\"CP\",$X327,IF($Z327=\"RA\",(($X327)*QCI!$AA$3),0)),SomaAgrup)","v":45.209563275844971},{"$f":"IF($C327=\"S\",IF($Z327=\"OU\",ROUND($X327,2),0),SomaAgrup)","v":0},{"$f":"IF($N327=\"\",\"\",IF(ORÇAMENTO.Descricao=\"\",\"DESCRIÇÃO\",IF(AND($C327=\"S\",ORÇAMENTO.Unidade=\"\"),\"UNIDADE\",IF($X327<0,\"VALOR NEGATIVO\",IF(OR(AND(TIPOORCAMENTO=\"Proposto\",$AG327<>\"\",$AG327>0,ORÇAMENTO.CustoUnitario>$AG327),AND(TIPOORCAMENTO=\"LICITADO\",ORÇAMENTO.PrecoUnitarioLicitado>$AN327)),\"ACIMA REF.\",\"\")))))","v":""},{"$f":"IF(C327<=CRONO.NivelExibicao,MAX($AD$15:OFFSET(AD327,-1,0))+IF($C327<>1,1,MAX(1,COUNTIF(QCI!$A$13:$A$24,OFFSET($E327,-1,0)))),\"\")","v":""},{"$f":"IF(AND($C327=\"S\",ORÇAMENTO.CodBarra<>\"\"),IF(ORÇAMENTO.Fonte=\"\",ORÇAMENTO.CodBarra,CONCATENATE(ORÇAMENTO.Fonte,\" \",ORÇAMENTO.CodBarra)))","v":"SINAPI 91953"},{"$f":"IF(ISERROR(INDIRECT(ORÇAMENTO.BancoRef)),\"(abra o arquivo 'Referência \"&Excel_BuiltIn_Database&\".xlsm)\",IF(OR($C327<>\"S\",ORÇAMENTO.CodBarra=\"\"),\"(Sem Código)\",IF(ISERROR(MATCH($AE327,INDIRECT(ORÇAMENTO.BancoRef),0)),\"(Código não identificado nas referências)\",MATCH($AE327,INDIRECT(ORÇAMENTO.BancoRef),0))))","v":3214},{"$f":"ROUND(IF(DESONERACAO=\"sim\",REFERENCIA.Desonerado,REFERENCIA.NaoDesonerado),2)","v":34.869999999999997},{"$f":"ROUND(IF(ISNUMBER(ORÇAMENTO.OpcaoBDI),ORÇAMENTO.OpcaoBDI,IF(LEFT(ORÇAMENTO.OpcaoBDI,3)=\"BDI\",HLOOKUP(ORÇAMENTO.OpcaoBDI,$F$4:$H$5,2,FALSE),0)),15-11*$AF$9)","v":0.2082},null,4,null,null,168.52,{"$f":"ROUND(ORÇAMENTO.CustoUnitario*(1+$AH327),2)","v":42.13}]
[{"$f":"CHOOSE(1+LOG(1+2*(ORÇAMENTO.Nivel=\"Meta\")+4*(ORÇAMENTO.Nivel=\"Nível 2\")+8*(ORÇAMENTO.Nivel=\"Nível 3\")+16*(ORÇAMENTO.Nivel=\"Nível 4\")+32*(ORÇAMENTO.Nivel=\"Serviço\"),2),0,1,2,3,4,\"S\")","v":"S"},{"$f":"IF(OR(C328=\"s\",C328=0),OFFSET(B328,-1,0),C328)","v":2},{"$f":"IF(OFFSET(C328,-1,0)=\"L\",1,IF(OFFSET(C328,-1,0)=1,2,IF(OR(A328=\"s\",A328=0),\"S\",IF(AND(OFFSET(C328,-1,0)=2,A328=4),3,IF(AND(OR(OFFSET(C328,-1,0)=\"s\",OFFSET(C328,-1,0)=0),A328<>\"s\",A328>OFFSET(B328,-1,0)),OFFSET(B328,-1,0),A328)))))","v":"S"},{"$f":"IF(OR(C328=\"S\",C328=0),0,IF(ISERROR(K328),J328,SMALL(J328:K328,1)))","v":0},{"$f":"IF($C328=1,OFFSET(E328,-1,0)+MAX(1,COUNTIF(QCI!$A$13:$A$24,OFFSET(ORÇAMENTO!E328,-1,0))),OFFSET(E328,-1,0))","v":2},{"$f":"IF($C328=1,0,IF($C328=2,OFFSET(F328,-1,0)+1,OFFSET(F328,-1,0)))","v":7},{"$f":"IF(AND($C328<=2,$C328<>0),0,IF($C328=3,OFFSET(G328,-1,0)+1,OFFSET(G328,-1,0)))","v":0},{"$f":"IF(AND($C328<=3,$C328<>0),0,IF($C328=4,OFFSET(H328,-1,0)+1,OFFSET(H328,-1,0)))","v":0},{"$f":"IF(AND($C328<=4,$C328<>0),0,IF(AND($C328=\"S\",$X328>0),OFFSET(I328,-1,0)+1,OFFSET(I328,-1,0)))","v":16},0,{"$f":"IF(OR($C328=\"S\",$C328=0),0,MATCH(OFFSET($D328,0,$C328)+IF($C328<>1,1,COUNTIF(QCI!$A$13:$A$24,ORÇAMENTO!E328)),OFFSET($D328,1,$C328,ROW($C$404)-ROW($C328)),0))","v":0},{"$f":"IF(OR($X328>0,$C328=1,$C328=2,$C328=3,$C328=4),\"F\",\"\")","v":"F"},"Serviço",{"$f":"CHOOSE(1+LOG(1+2*(C328=1)+4*(C328=2)+8*(C328=3)+16*(C328=4)+32*(C328=\"S\"),2),\"\",\"Meta\",\"Nível 2\",\"Nível 3\",\"Nível 4\",\"Serviço\")","v":"Serviço"},{"$f":"IF(OR($C328=0,$L328=\"\"),\"-\",CONCATENATE(E328&\".\",IF(AND($A$5>=2,$C328>=2),F328&\".\",\"\"),IF(AND($A$5>=3,$C328>=3),G328&\".\",\"\"),IF(AND($A$5>=4,$C328>=4),H328&\".\",\"\"),IF($C328=\"S\",I328&\".\",\"\")))","v":"2.7.0.0.16."},"Composição","009",{"$f":"IF($C328=\"S\",REFERENCIA.Descricao,\"(digite a descrição aqui)\")","v":"CONDULETE PVC PARA ELETRODUTO RÍGIDO, INCLUINDO CONDULETE, TOMADA, INTERRUPTOR E TAMPA 10A, ALTURA CONFORME PROJETO - FORNECIMENTO E INSTALAÇÃO"},{"$f":"REFERENCIA.Unidade","v":"UN"},{"$f":"OFFSET(CÁLCULO!H$15,ROW($T328)-ROW(T$15),0)","v":2},51.5,"BDI 1",{"$f":"IF($C328=\"S\",ROUND(IF(TIPOORCAMENTO=\"Proposto\",ORÇAMENTO.CustoUnitario*(1+$AH328),ORÇAMENTO.PrecoUnitarioLicitado),15-13*$AF$10),0)","v":62.22},{"$f":"IF($C328=\"S\",IF(Import.TipoArredondamento<>\"TransfereGOV\",VTOTAL1,SUM(OFFSET(CÁLCULO!$AA$15,ROW($X328)-ROW($X$15),1):OFFSET(CÁLCULO!$AL$15,ROW($X328)-ROW($X$15),-1))),IF($C328=0,0,ROUND(SomaAgrup,15-13*$AF$11)))","v":124.44},"RA",{"$f":"IF(AND($C328=\"S\",$X328>0),IF(ISBLANK($Y328),\"RA\",LEFT($Y328,2)),\"\")","v":"RA"},{"$f":"IF($C328=\"S\",IF($Z328=\"CP\",$X328,IF($Z328=\"RA\",(($X328)*QCI!$AA$3),0)),SomaAgrup)","v":33.384037823677595},{"$f":"IF($C328=\"S\",IF($Z328=\"OU\",ROUND($X328,2),0),SomaAgrup)","v":0},{"$f":"IF($N328=\"\",\"\",IF(ORÇAMENTO.Descricao=\"\",\"DESCRIÇÃO\",IF(AND($C328=\"S\",ORÇAMENTO.Unidade=\"\"),\"UNIDADE\",IF($X328<0,\"VALOR NEGATIVO\",IF(OR(AND(TIPOORCAMENTO=\"Proposto\",$AG328<>\"\",$AG328>0,ORÇAMENTO.CustoUnitario>$AG328),AND(TIPOORCAMENTO=\"LICITADO\",ORÇAMENTO.PrecoUnitarioLicitado>$AN328)),\"ACIMA REF.\",\"\")))))","v":""},{"$f":"IF(C328<=CRONO.NivelExibicao,MAX($AD$15:OFFSET(AD328,-1,0))+IF($C328<>1,1,MAX(1,COUNTIF(QCI!$A$13:$A$24,OFFSET($E328,-1,0)))),\"\")","v":""},{"$f":"IF(AND($C328=\"S\",ORÇAMENTO.CodBarra<>\"\"),IF(ORÇAMENTO.Fonte=\"\",ORÇAMENTO.CodBarra,CONCATENATE(ORÇAMENTO.Fonte,\" \",ORÇAMENTO.CodBarra)))","v":"Composição 009"},{"$f":"IF(ISERROR(INDIRECT(ORÇAMENTO.BancoRef)),\"(abra o arquivo 'Referência \"&Excel_BuiltIn_Database&\".xlsm)\",IF(OR($C328<>\"S\",ORÇAMENTO.CodBarra=\"\"),\"(Sem Código)\",IF(ISERROR(MATCH($AE328,INDIRECT(ORÇAMENTO.BancoRef),0)),\"(Código não identificado nas referências)\",MATCH($AE328,INDIRECT(ORÇAMENTO.BancoRef),0))))","v":11},{"$f":"ROUND(IF(DESONERACAO=\"sim\",REFERENCIA.Desonerado,REFERENCIA.NaoDesonerado),2)","v":51.5},{"$f":"ROUND(IF(ISNUMBER(ORÇAMENTO.OpcaoBDI),ORÇAMENTO.OpcaoBDI,IF(LEFT(ORÇAMENTO.OpcaoBDI,3)=\"BDI\",HLOOKUP(ORÇAMENTO.OpcaoBDI,$F$4:$H$5,2,FALSE),0)),15-11*$AF$9)","v":0.2082},null,2,null,null,124.44,{"$f":"ROUND(ORÇAMENTO.CustoUnitario*(1+$AH328),2)","v":62.22}]
["S",2,"S",0,{"$f":"IF($C329=1,OFFSET(E329,-1,0)+MAX(1,COUNTIF(QCI!$A$13:$A$24,OFFSET(ORÇAMENTO!E329,-1,0))),OFFSET(E329,-1,0))","v":2},7,0,0,17,0,{"$f":"IF(OR($C329=\"S\",$C329=0),0,MATCH(OFFSET($D329,0,$C329)+IF($C329<>1,1,COUNTIF(QCI!$A$13:$A$24,ORÇAMENTO!E329)),OFFSET($D329,1,$C329,ROW($C$404)-ROW($C329)),0))","v":0},"F","Serviço","Serviço","2.7.0.0.17.","SINAPI","98307",{"$f":"IF($C329=\"S\",REFERENCIA.Descricao,\"(digite a descrição aqui)\")","v":"TOMADA DE REDE RJ45 - FORNECIMENTO E INSTALAÇÃO. AF_11/2019"},{"$f":"REFERENCIA.Unidade","v":"UN"},{"$f":"OFFSET(CÁLCULO!H$15,ROW($T329)-ROW(T$15),0)","v":4},50.59,"BDI 1",{"$f":"IF($C329=\"S\",ROUND(IF(TIPOORCAMENTO=\"Proposto\",ORÇAMENTO.CustoUnitario*(1+$AH329),ORÇAMENTO.PrecoUnitarioLicitado),15-13*$AF$10),0)","v":61.12},{"$f":"IF($C329=\"S\",IF(Import.TipoArredondamento<>\"TransfereGOV\",VTOTAL1,SUM(OFFSET(CÁLCULO!$AA$15,ROW($X329)-ROW($X$15),1):OFFSET(CÁLCULO!$AL$15,ROW($X329)-ROW($X$15),-1))),IF($C329=0,0,ROUND(SomaAgrup,15-13*$AF$11)))","v":244.48},"RA","RA",{"$f":"IF($C329=\"S\",IF($Z329=\"CP\",$X329,IF($Z329=\"RA\",(($X329)*QCI!$AA$3),0)),SomaAgrup)","v":65.587669295505449},0,{"$f":"IF($N329=\"\",\"\",IF(ORÇAMENTO.Descricao=\"\",\"DESCRIÇÃO\",IF(AND($C329=\"S\",ORÇAMENTO.Unidade=\"\"),\"UNIDADE\",IF($X329<0,\"VALOR NEGATIVO\",IF(OR(AND(TIPOORCAMENTO=\"Proposto\",$AG329<>\"\",$AG329>0,ORÇAMENTO.CustoUnitario>$AG329),AND(TIPOORCAMENTO=\"LICITADO\",ORÇAMENTO.PrecoUnitarioLicitado>$AN329)),\"ACIMA REF.\",\"\")))))","v":""},{"$f":"IF(C329<=CRONO.NivelExibicao,MAX($AD$15:OFFSET(AD329,-1,0))+IF($C329<>1,1,MAX(1,COUNTIF(QCI!$A$13:$A$24,OFFSET($E329,-1,0)))),\"\")","v":""},{"$f":"IF(AND($C329=\"S\",ORÇAMENTO.CodBarra<>\"\"),IF(ORÇAMENTO.Fonte=\"\",ORÇAMENTO.CodBarra,CONCATENATE(ORÇAMENTO.Fonte,\" \",ORÇAMENTO.CodBarra)))","v":"SINAPI 98307"},{"$f":"IF(ISERROR(INDIRECT(ORÇAMENTO.BancoRef)),\"(abra o arquivo 'Referência \"&Excel_BuiltIn_Database&\".xlsm)\",IF(OR($C329<>\"S\",ORÇAMENTO.CodBarra=\"\"),\"(Sem Código)\",IF(ISERROR(MATCH($AE329,INDIRECT(ORÇAMENTO.BancoRef),0)),\"(Código não identificado nas referências)\",MATCH($AE329,INDIRECT(ORÇAMENTO.BancoRef),0))))","v":3614},{"$f":"ROUND(IF(DESONERACAO=\"sim\",REFERENCIA.Desonerado,REFERENCIA.NaoDesonerado),2)","v":50.59},0.2082,null,4,null,null,244.48,61.12]
["S",2,"S",0,{"$f":"IF($C330=1,OFFSET(E330,-1,0)+MAX(1,COUNTIF(QCI!$A$13:$A$24,OFFSET(ORÇAMENTO!E330,-1,0))),OFFSET(E330,-1,0))","v":2},7,0,0,18,0,{"$f":"IF(OR($C330=\"S\",$C330=0),0,MATCH(OFFSET($D330,0,$C330)+IF($C330<>1,1,COUNTIF(QCI!$A$13:$A$24,ORÇAMENTO!E330)),OFFSET($D330,1,$C330,ROW($C$404)-ROW($C330)),0))","v":0},"F","Serviço","Serviço","2.7.0.0.18.","Composição","001",{"$f":"IF($C330=\"S\",REFERENCIA.Descricao,\"(digite a descrição aqui)\")","v":"LUMINÁRIA PLAFON  BOCAL CONVENCIONAL, DE SOBREPOR, INCLUSO LAMPADA BULBO LED 30W 6500K - FORNECIMENTO E INSTALAÇÃO"},{"$f":"REFERENCIA.Unidade","v":"UNIDADE"},{"$f":"OFFSET(CÁLCULO!H$15,ROW($T330)-ROW(T$15),0)","v":30},30.51,"BDI 1",{"$f":"IF($C330=\"S\",ROUND(IF(TIPOORCAMENTO=\"Proposto\",ORÇAMENTO.CustoUnitario*(1+$AH330),ORÇAMENTO.PrecoUnitarioLicitado),15-13*$AF$10),0)","v":36.86},{"$f":"IF($C330=\"S\",IF(Import.TipoArredondamento<>\"TransfereGOV\",VTOTAL1,SUM(OFFSET(CÁLCULO!$AA$15,ROW($X330)-ROW($X$15),1):OFFSET(CÁLCULO!$AL$15,ROW($X330)-ROW($X$15),-1))),IF($C330=0,0,ROUND(SomaAgrup,15-13*$AF$11)))","v":1105.8},"RA","RA",{"$f":"IF($C330=\"S\",IF($Z330=\"CP\",$X330,IF($Z330=\"RA\",(($X330)*QCI!$AA$3),0)),SomaAgrup)","v":296.65757815350918},0,{"$f":"IF($N330=\"\",\"\",IF(ORÇAMENTO.Descricao=\"\",\"DESCRIÇÃO\",IF(AND($C330=\"S\",ORÇAMENTO.Unidade=\"\"),\"UNIDADE\",IF($X330<0,\"VALOR NEGATIVO\",IF(OR(AND(TIPOORCAMENTO=\"Proposto\",$AG330<>\"\",$AG330>0,ORÇAMENTO.CustoUnitario>$AG330),AND(TIPOORCAMENTO=\"LICITADO\",ORÇAMENTO.PrecoUnitarioLicitado>$AN330)),\"ACIMA REF.\",\"\")))))","v":""},{"$f":"IF(C330<=CRONO.NivelExibicao,MAX($AD$15:OFFSET(AD330,-1,0))+IF($C330<>1,1,MAX(1,COUNTIF(QCI!$A$13:$A$24,OFFSET($E330,-1,0)))),\"\")","v":""},{"$f":"IF(AND($C330=\"S\",ORÇAMENTO.CodBarra<>\"\"),IF(ORÇAMENTO.Fonte=\"\",ORÇAMENTO.CodBarra,CONCATENATE(ORÇAMENTO.Fonte,\" \",ORÇAMENTO.CodBarra)))","v":"Composição 001"},{"$f":"IF(ISERROR(INDIRECT(ORÇAMENTO.BancoRef)),\"(abra o arquivo 'Referência \"&Excel_BuiltIn_Database&\".xlsm)\",IF(OR($C330<>\"S\",ORÇAMENTO.CodBarra=\"\"),\"(Sem Código)\",IF(ISERROR(MATCH($AE330,INDIRECT(ORÇAMENTO.BancoRef),0)),\"(Código não identificado nas referências)\",MATCH($AE330,INDIRECT(ORÇAMENTO.BancoRef),0))))","v":3},{"$f":"ROUND(IF(DESONERACAO=\"sim\",REFERENCIA.Desonerado,REFERENCIA.NaoDesonerado),2)","v":30.51},0.2082,null,30,null,null,1105.8,36.86]
["S",2,"S",0,{"$f":"IF($C331=1,OFFSET(E331,-1,0)+MAX(1,COUNTIF(QCI!$A$13:$A$24,OFFSET(ORÇAMENTO!E331,-1,0))),OFFSET(E331,-1,0))","v":2},7,0,0,19,0,{"$f":"IF(OR($C331=\"S\",$C331=0),0,MATCH(OFFSET($D331,0,$C331)+IF($C331<>1,1,COUNTIF(QCI!$A$13:$A$24,ORÇAMENTO!E331)),OFFSET($D331,1,$C331,ROW($C$404)-ROW($C331)),0))","v":0},"F","Serviço","Serviço","2.7.0.0.19.","SINAPI","91927",{"$f":"IF($C331=\"S\",REFERENCIA.Descricao,\"(digite a descrição aqui)\")","v":"CABO DE COBRE FLEXÍVEL ISOLADO, 2,5 MM², ANTI-CHAMA 0,6/1,0 KV, PARA CIRCUITOS TERMINAIS - FORNECIMENTO E INSTALAÇÃO. AF_03/2023"},{"$f":"REFERENCIA.Unidade","v":"M"},{"$f":"OFFSET(CÁLCULO!H$15,ROW($T331)-ROW(T$15),0)","v":414.09},5.12,"BDI 1",{"$f":"IF($C331=\"S\",ROUND(IF(TIPOORCAMENTO=\"Proposto\",ORÇAMENTO.CustoUnitario*(1+$AH331),ORÇAMENTO.PrecoUnitarioLicitado),15-13*$AF$10),0)","v":6.19},{"$f":"IF($C331=\"S\",IF(Import.TipoArredondamento<>\"TransfereGOV\",VTOTAL1,SUM(OFFSET(CÁLCULO!$AA$15,ROW($X331)-ROW($X$15),1):OFFSET(CÁLCULO!$AL$15,ROW($X331)-ROW($X$15),-1))),IF($C331=0,0,ROUND(SomaAgrup,15-13*$AF$11)))","v":2563.2199999999998},"RA","RA",{"$f":"IF($C331=\"S\",IF($Z331=\"CP\",$X331,IF($Z331=\"RA\",(($X331)*QCI!$AA$3),0)),SomaAgrup)","v":687.64572027006488},0,{"$f":"IF($N331=\"\",\"\",IF(ORÇAMENTO.Descricao=\"\",\"DESCRIÇÃO\",IF(AND($C331=\"S\",ORÇAMENTO.Unidade=\"\"),\"UNIDADE\",IF($X331<0,\"VALOR NEGATIVO\",IF(OR(AND(TIPOORCAMENTO=\"Proposto\",$AG331<>\"\",$AG331>0,ORÇAMENTO.CustoUnitario>$AG331),AND(TIPOORCAMENTO=\"LICITADO\",ORÇAMENTO.PrecoUnitarioLicitado>$AN331)),\"ACIMA REF.\",\"\")))))","v":""},{"$f":"IF(C331<=CRONO.NivelExibicao,MAX($AD$15:OFFSET(AD331,-1,0))+IF($C331<>1,1,MAX(1,COUNTIF(QCI!$A$13:$A$24,OFFSET($E331,-1,0)))),\"\")","v":""},{"$f":"IF(AND($C331=\"S\",ORÇAMENTO.CodBarra<>\"\"),IF(ORÇAMENTO.Fonte=\"\",ORÇAMENTO.CodBarra,CONCATENATE(ORÇAMENTO.Fonte,\" \",ORÇAMENTO.CodBarra)))","v":"SINAPI 91927"},{"$f":"IF(ISERROR(INDIRECT(ORÇAMENTO.BancoRef)),\"(abra o arquivo 'Referência \"&Excel_BuiltIn_Database&\".xlsm)\",IF(OR($C331<>\"S\",ORÇAMENTO.CodBarra=\"\"),\"(Sem Código)\",IF(ISERROR(MATCH($AE331,INDIRECT(ORÇAMENTO.BancoRef),0)),\"(Código não identificado nas referências)\",MATCH($AE331,INDIRECT(ORÇAMENTO.BancoRef),0))))","v":3056},{"$f":"ROUND(IF(DESONERACAO=\"sim\",REFERENCIA.Desonerado,REFERENCIA.NaoDesonerado),2)","v":5.12},0.2082,null,414.09,null,null,2563.2199999999998,6.19]
["S",2,"S",0,{"$f":"IF($C332=1,OFFSET(E332,-1,0)+MAX(1,COUNTIF(QCI!$A$13:$A$24,OFFSET(ORÇAMENTO!E332,-1,0))),OFFSET(E332,-1,0))","v":2},7,0,0,20,0,{"$f":"IF(OR($C332=\"S\",$C332=0),0,MATCH(OFFSET($D332,0,$C332)+IF($C332<>1,1,COUNTIF(QCI!$A$13:$A$24,ORÇAMENTO!E332)),OFFSET($D332,1,$C332,ROW($C$404)-ROW($C332)),0))","v":0},"F","Serviço","Serviço","2.7.0.0.20.","SINAPI","91929",{"$f":"IF($C332=\"S\",REFERENCIA.Descricao,\"(digite a descrição aqui)\")","v":"CABO DE COBRE FLEXÍVEL ISOLADO, 4 MM², ANTI-CHAMA 0,6/1,0 KV, PARA CIRCUITOS TERMINAIS - FORNECIMENTO E INSTALAÇÃO. AF_03/2023"},{"$f":"REFERENCIA.Unidade","v":"M"},{"$f":"OFFSET(CÁLCULO!H$15,ROW($T332)-ROW(T$15),0)","v":353.73},7.49,"BDI 1",{"$f":"IF($C332=\"S\",ROUND(IF(TIPOORCAMENTO=\"Proposto\",ORÇAMENTO.CustoUnitario*(1+$AH332),ORÇAMENTO.PrecoUnitarioLicitado),15-13*$AF$10),0)","v":9.0500000000000007},{"$f":"IF($C332=\"S\",IF(Import.TipoArredondamento<>\"TransfereGOV\",VTOTAL1,SUM(OFFSET(CÁLCULO!$AA$15,ROW($X332)-ROW($X$15),1):OFFSET(CÁLCULO!$AL$15,ROW($X332)-ROW($X$15),-1))),IF($C332=0,0,ROUND(SomaAgrup,15-13*$AF$11)))","v":3201.26},"RA","RA",{"$f":"IF($C332=\"S\",IF($Z332=\"CP\",$X332,IF($Z332=\"RA\",(($X332)*QCI!$AA$3),0)),SomaAgrup)","v":858.81537225511204},0,{"$f":"IF($N332=\"\",\"\",IF(ORÇAMENTO.Descricao=\"\",\"DESCRIÇÃO\",IF(AND($C332=\"S\",ORÇAMENTO.Unidade=\"\"),\"UNIDADE\",IF($X332<0,\"VALOR NEGATIVO\",IF(OR(AND(TIPOORCAMENTO=\"Proposto\",$AG332<>\"\",$AG332>0,ORÇAMENTO.CustoUnitario>$AG332),AND(TIPOORCAMENTO=\"LICITADO\",ORÇAMENTO.PrecoUnitarioLicitado>$AN332)),\"ACIMA REF.\",\"\")))))","v":""},{"$f":"IF(C332<=CRONO.NivelExibicao,MAX($AD$15:OFFSET(AD332,-1,0))+IF($C332<>1,1,MAX(1,COUNTIF(QCI!$A$13:$A$24,OFFSET($E332,-1,0)))),\"\")","v":""},{"$f":"IF(AND($C332=\"S\",ORÇAMENTO.CodBarra<>\"\"),IF(ORÇAMENTO.Fonte=\"\",ORÇAMENTO.CodBarra,CONCATENATE(ORÇAMENTO.Fonte,\" \",ORÇAMENTO.CodBarra)))","v":"SINAPI 91929"},{"$f":"IF(ISERROR(INDIRECT(ORÇAMENTO.BancoRef)),\"(abra o arquivo 'Referência \"&Excel_BuiltIn_Database&\".xlsm)\",IF(OR($C332<>\"S\",ORÇAMENTO.CodBarra=\"\"),\"(Sem Código)\",IF(ISERROR(MATCH($AE332,INDIRECT(ORÇAMENTO.BancoRef),0)),\"(Código não identificado nas referências)\",MATCH($AE332,INDIRECT(ORÇAMENTO.BancoRef),0))))","v":3058},{"$f":"ROUND(IF(DESONERACAO=\"sim\",REFERENCIA.Desonerado,REFERENCIA.NaoDesonerado),2)","v":7.49},0.2082,null,353.73,null,null,3201.26,9.0500000000000007]
["S",2,"S",0,{"$f":"IF($C333=1,OFFSET(E333,-1,0)+MAX(1,COUNTIF(QCI!$A$13:$A$24,OFFSET(ORÇAMENTO!E333,-1,0))),OFFSET(E333,-1,0))","v":2},7,0,0,21,0,{"$f":"IF(OR($C333=\"S\",$C333=0),0,MATCH(OFFSET($D333,0,$C333)+IF($C333<>1,1,COUNTIF(QCI!$A$13:$A$24,ORÇAMENTO!E333)),OFFSET($D333,1,$C333,ROW($C$404)-ROW($C333)),0))","v":0},"F","Serviço","Serviço","2.7.0.0.21.","SINAPI","91931",{"$f":"IF($C333=\"S\",REFERENCIA.Descricao,\"(digite a descrição aqui)\")","v":"CABO DE COBRE FLEXÍVEL ISOLADO, 6 MM², ANTI-CHAMA 0,6/1,0 KV, PARA CIRCUITOS TERMINAIS - FORNECIMENTO E INSTALAÇÃO. AF_03/2023"},{"$f":"REFERENCIA.Unidade","v":"M"},{"$f":"OFFSET(CÁLCULO!H$15,ROW($T333)-ROW(T$15),0)","v":102.22},10.51,"BDI 1",{"$f":"IF($C333=\"S\",ROUND(IF(TIPOORCAMENTO=\"Proposto\",ORÇAMENTO.CustoUnitario*(1+$AH333),ORÇAMENTO.PrecoUnitarioLicitado),15-13*$AF$10),0)","v":12.7},{"$f":"IF($C333=\"S\",IF(Import.TipoArredondamento<>\"TransfereGOV\",VTOTAL1,SUM(OFFSET(CÁLCULO!$AA$15,ROW($X333)-ROW($X$15),1):OFFSET(CÁLCULO!$AL$15,ROW($X333)-ROW($X$15),-1))),IF($C333=0,0,ROUND(SomaAgrup,15-13*$AF$11)))","v":1298.19},"RA","RA",{"$f":"IF($C333=\"S\",IF($Z333=\"CP\",$X333,IF($Z333=\"RA\",(($X333)*QCI!$AA$3),0)),SomaAgrup)","v":348.27084588813898},0,{"$f":"IF($N333=\"\",\"\",IF(ORÇAMENTO.Descricao=\"\",\"DESCRIÇÃO\",IF(AND($C333=\"S\",ORÇAMENTO.Unidade=\"\"),\"UNIDADE\",IF($X333<0,\"VALOR NEGATIVO\",IF(OR(AND(TIPOORCAMENTO=\"Proposto\",$AG333<>\"\",$AG333>0,ORÇAMENTO.CustoUnitario>$AG333),AND(TIPOORCAMENTO=\"LICITADO\",ORÇAMENTO.PrecoUnitarioLicitado>$AN333)),\"ACIMA REF.\",\"\")))))","v":""},{"$f":"IF(C333<=CRONO.NivelExibicao,MAX($AD$15:OFFSET(AD333,-1,0))+IF($C333<>1,1,MAX(1,COUNTIF(QCI!$A$13:$A$24,OFFSET($E333,-1,0)))),\"\")","v":""},{"$f":"IF(AND($C333=\"S\",ORÇAMENTO.CodBarra<>\"\"),IF(ORÇAMENTO.Fonte=\"\",ORÇAMENTO.CodBarra,CONCATENATE(ORÇAMENTO.Fonte,\" \",ORÇAMENTO.CodBarra)))","v":"SINAPI 91931"},{"$f":"IF(ISERROR(INDIRECT(ORÇAMENTO.BancoRef)),\"(abra o arquivo 'Referência \"&Excel_BuiltIn_Database&\".xlsm)\",IF(OR($C333<>\"S\",ORÇAMENTO.CodBarra=\"\"),\"(Sem Código)\",IF(ISERROR(MATCH($AE333,INDIRECT(ORÇAMENTO.BancoRef),0)),\"(Código não identificado nas referências)\",MATCH($AE333,INDIRECT(ORÇAMENTO.BancoRef),0))))","v":3060},{"$f":"ROUND(IF(DESONERACAO=\"sim\",REFERENCIA.Desonerado,REFERENCIA.NaoDesonerado),2)","v":10.51},0.2082,null,102.22,null,null,1298.19,12.7]
["S",2,"S",0,{"$f":"IF($C334=1,OFFSET(E334,-1,0)+MAX(1,COUNTIF(QCI!$A$13:$A$24,OFFSET(ORÇAMENTO!E334,-1,0))),OFFSET(E334,-1,0))","v":2},7,0,0,22,0,{"$f":"IF(OR($C334=\"S\",$C334=0),0,MATCH(OFFSET($D334,0,$C334)+IF($C334<>1,1,COUNTIF(QCI!$A$13:$A$24,ORÇAMENTO!E334)),OFFSET($D334,1,$C334,ROW($C$404)-ROW($C334)),0))","v":0},"F","Serviço","Serviço","2.7.0.0.22.","SINAPI","93660",{"$f":"IF($C334=\"S\",REFERENCIA.Descricao,\"(digite a descrição aqui)\")","v":"DISJUNTOR BIPOLAR TIPO DIN, CORRENTE NOMINAL DE 10A - FORNECIMENTO E INSTALAÇÃO. AF_10/2020"},{"$f":"REFERENCIA.Unidade","v":"UN"},{"$f":"OFFSET(CÁLCULO!H$15,ROW($T334)-ROW(T$15),0)","v":4},59.23,"BDI 1",{"$f":"IF($C334=\"S\",ROUND(IF(TIPOORCAMENTO=\"Proposto\",ORÇAMENTO.CustoUnitario*(1+$AH334),ORÇAMENTO.PrecoUnitarioLicitado),15-13*$AF$10),0)","v":71.56},{"$f":"IF($C334=\"S\",IF(Import.TipoArredondamento<>\"TransfereGOV\",VTOTAL1,SUM(OFFSET(CÁLCULO!$AA$15,ROW($X334)-ROW($X$15),1):OFFSET(CÁLCULO!$AL$15,ROW($X334)-ROW($X$15),-1))),IF($C334=0,0,ROUND(SomaAgrup,15-13*$AF$11)))","v":286.24},"RA","RA",{"$f":"IF($C334=\"S\",IF($Z334=\"CP\",$X334,IF($Z334=\"RA\",(($X334)*QCI!$AA$3),0)),SomaAgrup)","v":76.790798671242968},0,{"$f":"IF($N334=\"\",\"\",IF(ORÇAMENTO.Descricao=\"\",\"DESCRIÇÃO\",IF(AND($C334=\"S\",ORÇAMENTO.Unidade=\"\"),\"UNIDADE\",IF($X334<0,\"VALOR NEGATIVO\",IF(OR(AND(TIPOORCAMENTO=\"Proposto\",$AG334<>\"\",$AG334>0,ORÇAMENTO.CustoUnitario>$AG334),AND(TIPOORCAMENTO=\"LICITADO\",ORÇAMENTO.PrecoUnitarioLicitado>$AN334)),\"ACIMA REF.\",\"\")))))","v":""},{"$f":"IF(C334<=CRONO.NivelExibicao,MAX($AD$15:OFFSET(AD334,-1,0))+IF($C334<>1,1,MAX(1,COUNTIF(QCI!$A$13:$A$24,OFFSET($E334,-1,0)))),\"\")","v":""},{"$f":"IF(AND($C334=\"S\",ORÇAMENTO.CodBarra<>\"\"),IF(ORÇAMENTO.Fonte=\"\",ORÇAMENTO.CodBarra,CONCATENATE(ORÇAMENTO.Fonte,\" \",ORÇAMENTO.CodBarra)))","v":"SINAPI 93660"},{"$f":"IF(ISERROR(INDIRECT(ORÇAMENTO.BancoRef)),\"(abra o arquivo 'Referência \"&Excel_BuiltIn_Database&\".xlsm)\",IF(OR($C334<>\"S\",ORÇAMENTO.CodBarra=\"\"),\"(Sem Código)\",IF(ISERROR(MATCH($AE334,INDIRECT(ORÇAMENTO.BancoRef),0)),\"(Código não identificado nas referências)\",MATCH($AE334,INDIRECT(ORÇAMENTO.BancoRef),0))))","v":3163},{"$f":"ROUND(IF(DESONERACAO=\"sim\",REFERENCIA.Desonerado,REFERENCIA.NaoDesonerado),2)","v":59.23},0.2082,null,4,null,null,286.24,71.56]
["S",2,"S",0,{"$f":"IF($C335=1,OFFSET(E335,-1,0)+MAX(1,COUNTIF(QCI!$A$13:$A$24,OFFSET(ORÇAMENTO!E335,-1,0))),OFFSET(E335,-1,0))","v":2},7,0,0,23,0,{"$f":"IF(OR($C335=\"S\",$C335=0),0,MATCH(OFFSET($D335,0,$C335)+IF($C335<>1,1,COUNTIF(QCI!$A$13:$A$24,ORÇAMENTO!E335)),OFFSET($D335,1,$C335,ROW($C$404)-ROW($C335)),0))","v":0},"F","Serviço","Serviço","2.7.0.0.23.","SINAPI","93661",{"$f":"IF($C335=\"S\",REFERENCIA.Descricao,\"(digite a descrição aqui)\")","v":"DISJUNTOR BIPOLAR TIPO DIN, CORRENTE NOMINAL DE 16A - FORNECIMENTO E INSTALAÇÃO. AF_10/2020"},{"$f":"REFERENCIA.Unidade","v":"UN"},{"$f":"OFFSET(CÁLCULO!H$15,ROW($T335)-ROW(T$15),0)","v":3},60.83,"BDI 1",{"$f":"IF($C335=\"S\",ROUND(IF(TIPOORCAMENTO=\"Proposto\",ORÇAMENTO.CustoUnitario*(1+$AH335),ORÇAMENTO.PrecoUnitarioLicitado),15-13*$AF$10),0)","v":73.489999999999995},{"$f":"IF($C335=\"S\",IF(Import.TipoArredondamento<>\"TransfereGOV\",VTOTAL1,SUM(OFFSET(CÁLCULO!$AA$15,ROW($X335)-ROW($X$15),1):OFFSET(CÁLCULO!$AL$15,ROW($X335)-ROW($X$15),-1))),IF($C335=0,0,ROUND(SomaAgrup,15-13*$AF$11)))","v":220.47},"RA","RA",{"$f":"IF($C335=\"S\",IF($Z335=\"CP\",$X335,IF($Z335=\"RA\",(($X335)*QCI!$AA$3),0)),SomaAgrup)","v":59.146406452798132},0,{"$f":"IF($N335=\"\",\"\",IF(ORÇAMENTO.Descricao=\"\",\"DESCRIÇÃO\",IF(AND($C335=\"S\",ORÇAMENTO.Unidade=\"\"),\"UNIDADE\",IF($X335<0,\"VALOR NEGATIVO\",IF(OR(AND(TIPOORCAMENTO=\"Proposto\",$AG335<>\"\",$AG335>0,ORÇAMENTO.CustoUnitario>$AG335),AND(TIPOORCAMENTO=\"LICITADO\",ORÇAMENTO.PrecoUnitarioLicitado>$AN335)),\"ACIMA REF.\",\"\")))))","v":""},{"$f":"IF(C335<=CRONO.NivelExibicao,MAX($AD$15:OFFSET(AD335,-1,0))+IF($C335<>1,1,MAX(1,COUNTIF(QCI!$A$13:$A$24,OFFSET($E335,-1,0)))),\"\")","v":""},{"$f":"IF(AND($C335=\"S\",ORÇAMENTO.CodBarra<>\"\"),IF(ORÇAMENTO.Fonte=\"\",ORÇAMENTO.CodBarra,CONCATENATE(ORÇAMENTO.Fonte,\" \",ORÇAMENTO.CodBarra)))","v":"SINAPI 93661"},{"$f":"IF(ISERROR(INDIRECT(ORÇAMENTO.BancoRef)),\"(abra o arquivo 'Referência \"&Excel_BuiltIn_Database&\".xlsm)\",IF(OR($C335<>\"S\",ORÇAMENTO.CodBarra=\"\"),\"(Sem Código)\",IF(ISERROR(MATCH($AE335,INDIRECT(ORÇAMENTO.BancoRef),0)),\"(Código não identificado nas referências)\",MATCH($AE335,INDIRECT(ORÇAMENTO.BancoRef),0))))","v":3164},{"$f":"ROUND(IF(DESONERACAO=\"sim\",REFERENCIA.Desonerado,REFERENCIA.NaoDesonerado),2)","v":60.83},0.2082,null,3,null,null,220.47,73.489999999999995]
["S",2,"S",0,{"$f":"IF($C336=1,OFFSET(E336,-1,0)+MAX(1,COUNTIF(QCI!$A$13:$A$24,OFFSET(ORÇAMENTO!E336,-1,0))),OFFSET(E336,-1,0))","v":2},7,0,0,24,{"$f":"IF(OR($C336=\"S\",$C336=0),0,MATCH(0,OFFSET($D336,1,$C336,ROW($C$404)-ROW($C336)),0))","v":0},{"$f":"IF(OR($C336=\"S\",$C336=0),0,MATCH(OFFSET($D336,0,$C336)+IF($C336<>1,1,COUNTIF(QCI!$A$13:$A$24,ORÇAMENTO!E336)),OFFSET($D336,1,$C336,ROW($C$404)-ROW($C336)),0))","v":0},"F","Serviço","Serviço","2.7.0.0.24.","SINAPI","93662",{"$f":"IF($C336=\"S\",REFERENCIA.Descricao,\"(digite a descrição aqui)\")","v":"DISJUNTOR BIPOLAR TIPO DIN, CORRENTE NOMINAL DE 20A - FORNECIMENTO E INSTALAÇÃO. AF_10/2020"},{"$f":"REFERENCIA.Unidade","v":"UN"},{"$f":"OFFSET(CÁLCULO!H$15,ROW($T336)-ROW(T$15),0)","v":3},63.86,"BDI 1",{"$f":"IF($C336=\"S\",ROUND(IF(TIPOORCAMENTO=\"Proposto\",ORÇAMENTO.CustoUnitario*(1+$AH336),ORÇAMENTO.PrecoUnitarioLicitado),15-13*$AF$10),0)","v":77.16},{"$f":"IF($C336=\"S\",IF(Import.TipoArredondamento<>\"TransfereGOV\",VTOTAL1,SUM(OFFSET(CÁLCULO!$AA$15,ROW($X336)-ROW($X$15),1):OFFSET(CÁLCULO!$AL$15,ROW($X336)-ROW($X$15),-1))),IF($C336=0,0,ROUND(SomaAgrup,15-13*$AF$11)))","v":231.48},"RA","RA",{"$f":"IF($C336=\"S\",IF($Z336=\"CP\",$X336,IF($Z336=\"RA\",(($X336)*QCI!$AA$3),0)),SomaAgrup)","v":62.100105074131221},0,{"$f":"IF($N336=\"\",\"\",IF(ORÇAMENTO.Descricao=\"\",\"DESCRIÇÃO\",IF(AND($C336=\"S\",ORÇAMENTO.Unidade=\"\"),\"UNIDADE\",IF($X336<0,\"VALOR NEGATIVO\",IF(OR(AND(TIPOORCAMENTO=\"Proposto\",$AG336<>\"\",$AG336>0,ORÇAMENTO.CustoUnitario>$AG336),AND(TIPOORCAMENTO=\"LICITADO\",ORÇAMENTO.PrecoUnitarioLicitado>$AN336)),\"ACIMA REF.\",\"\")))))","v":""},{"$f":"IF(C336<=CRONO.NivelExibicao,MAX($AD$15:OFFSET(AD336,-1,0))+IF($C336<>1,1,MAX(1,COUNTIF(QCI!$A$13:$A$24,OFFSET($E336,-1,0)))),\"\")","v":""},{"$f":"IF(AND($C336=\"S\",ORÇAMENTO.CodBarra<>\"\"),IF(ORÇAMENTO.Fonte=\"\",ORÇAMENTO.CodBarra,CONCATENATE(ORÇAMENTO.Fonte,\" \",ORÇAMENTO.CodBarra)))","v":"SINAPI 93662"},{"$f":"IF(ISERROR(INDIRECT(ORÇAMENTO.BancoRef)),\"(abra o arquivo 'Referência \"&Excel_BuiltIn_Database&\".xlsm)\",IF(OR($C336<>\"S\",ORÇAMENTO.CodBarra=\"\"),\"(Sem Código)\",IF(ISERROR(MATCH($AE336,INDIRECT(ORÇAMENTO.BancoRef),0)),\"(Código não identificado nas referências)\",MATCH($AE336,INDIRECT(ORÇAMENTO.BancoRef),0))))","v":3165},{"$f":"ROUND(IF(DESONERACAO=\"sim\",REFERENCIA.Desonerado,REFERENCIA.NaoDesonerado),2)","v":63.86},0.2082,null,3,null,null,231.48,77.16]
["S",2,"S",0,{"$f":"IF($C337=1,OFFSET(E337,-1,0)+MAX(1,COUNTIF(QCI!$A$13:$A$24,OFFSET(ORÇAMENTO!E337,-1,0))),OFFSET(E337,-1,0))","v":2},7,0,0,25,0,{"$f":"IF(OR($C337=\"S\",$C337=0),0,MATCH(OFFSET($D337,0,$C337)+IF($C337<>1,1,COUNTIF(QCI!$A$13:$A$24,ORÇAMENTO!E337)),OFFSET($D337,1,$C337,ROW($C$404)-ROW($C337)),0))","v":0},"F","Serviço","Serviço","2.7.0.0.25.","SINAPI","101878",{"$f":"IF($C337=\"S\",REFERENCIA.Descricao,\"(digite a descrição aqui)\")","v":"QUADRO DE DISTRIBUIÇÃO DE ENERGIA EM CHAPA DE AÇO GALVANIZADO, DE SOBREPOR, COM BARRAMENTO TRIFÁSICO, PARA 18 DISJUNTORES DIN 100A - FORNECIMENTO E INSTALAÇÃO. AF_10/2020"},{"$f":"REFERENCIA.Unidade","v":"UN"},{"$f":"OFFSET(CÁLCULO!H$15,ROW($T337)-ROW(T$15),0)","v":1},529.89,"BDI 1",{"$f":"IF($C337=\"S\",ROUND(IF(TIPOORCAMENTO=\"Proposto\",ORÇAMENTO.CustoUnitario*(1+$AH337),ORÇAMENTO.PrecoUnitarioLicitado),15-13*$AF$10),0)","v":640.21},{"$f":"IF($C337=\"S\",IF(Import.TipoArredondamento<>\"TransfereGOV\",VTOTAL1,SUM(OFFSET(CÁLCULO!$AA$15,ROW($X337)-ROW($X$15),1):OFFSET(CÁLCULO!$AL$15,ROW($X337)-ROW($X$15),-1))),IF($C337=0,0,ROUND(SomaAgrup,15-13*$AF$11)))","v":640.21},"RA","RA",{"$f":"IF($C337=\"S\",IF($Z337=\"CP\",$X337,IF($Z337=\"RA\",(($X337)*QCI!$AA$3),0)),SomaAgrup)","v":171.75180693584565},0,{"$f":"IF($N337=\"\",\"\",IF(ORÇAMENTO.Descricao=\"\",\"DESCRIÇÃO\",IF(AND($C337=\"S\",ORÇAMENTO.Unidade=\"\"),\"UNIDADE\",IF($X337<0,\"VALOR NEGATIVO\",IF(OR(AND(TIPOORCAMENTO=\"Proposto\",$AG337<>\"\",$AG337>0,ORÇAMENTO.CustoUnitario>$AG337),AND(TIPOORCAMENTO=\"LICITADO\",ORÇAMENTO.PrecoUnitarioLicitado>$AN337)),\"ACIMA REF.\",\"\")))))","v":""},{"$f":"IF(C337<=CRONO.NivelExibicao,MAX($AD$15:OFFSET(AD337,-1,0))+IF($C337<>1,1,MAX(1,COUNTIF(QCI!$A$13:$A$24,OFFSET($E337,-1,0)))),\"\")","v":""},{"$f":"IF(AND($C337=\"S\",ORÇAMENTO.CodBarra<>\"\"),IF(ORÇAMENTO.Fonte=\"\",ORÇAMENTO.CodBarra,CONCATENATE(ORÇAMENTO.Fonte,\" \",ORÇAMENTO.CodBarra)))","v":"SINAPI 101878"},{"$f":"IF(ISERROR(INDIRECT(ORÇAMENTO.BancoRef)),\"(abra o arquivo 'Referência \"&Excel_BuiltIn_Database&\".xlsm)\",IF(OR($C337<>\"S\",ORÇAMENTO.CodBarra=\"\"),\"(Sem Código)\",IF(ISERROR(MATCH($AE337,INDIRECT(ORÇAMENTO.BancoRef),0)),\"(Código não identificado nas referências)\",MATCH($AE337,INDIRECT(ORÇAMENTO.BancoRef),0))))","v":3184},{"$f":"ROUND(IF(DESONERACAO=\"sim\",REFERENCIA.Desonerado,REFERENCIA.NaoDesonerado),2)","v":529.89},0.2082,null,1,null,null,640.21,640.21]
["S",2,"S",0,{"$f":"IF($C338=1,OFFSET(E338,-1,0)+MAX(1,COUNTIF(QCI!$A$13:$A$24,OFFSET(ORÇAMENTO!E338,-1,0))),OFFSET(E338,-1,0))","v":2},7,0,0,26,0,{"$f":"IF(OR($C338=\"S\",$C338=0),0,MATCH(OFFSET($D338,0,$C338)+IF($C338<>1,1,COUNTIF(QCI!$A$13:$A$24,ORÇAMENTO!E338)),OFFSET($D338,1,$C338,ROW($C$404)-ROW($C338)),0))","v":0},"F","Serviço","Serviço","2.7.0.0.26.","SINAPI","100561",{"$f":"IF($C338=\"S\",REFERENCIA.Descricao,\"(digite a descrição aqui)\")","v":"QUADRO DE DISTRIBUICAO PARA TELEFONE N.3, 40X40X12CM EM CHAPA METALICA, DE EMBUTIR, SEM ACESSORIOS, PADRAO TELEBRAS, FORNECIMENTO E INSTALAÇÃO. AF_11/2019"},{"$f":"REFERENCIA.Unidade","v":"UN"},{"$f":"OFFSET(CÁLCULO!H$15,ROW($T338)-ROW(T$15),0)","v":1},198,"BDI 1",{"$f":"IF($C338=\"S\",ROUND(IF(TIPOORCAMENTO=\"Proposto\",ORÇAMENTO.CustoUnitario*(1+$AH338),ORÇAMENTO.PrecoUnitarioLicitado),15-13*$AF$10),0)","v":239.22},{"$f":"IF($C338=\"S\",IF(Import.TipoArredondamento<>\"TransfereGOV\",VTOTAL1,SUM(OFFSET(CÁLCULO!$AA$15,ROW($X338)-ROW($X$15),1):OFFSET(CÁLCULO!$AL$15,ROW($X338)-ROW($X$15),-1))),IF($C338=0,0,ROUND(SomaAgrup,15-13*$AF$11)))","v":239.22},"RA","RA",{"$f":"IF($C338=\"S\",IF($Z338=\"CP\",$X338,IF($Z338=\"RA\",(($X338)*QCI!$AA$3),0)),SomaAgrup)","v":64.176547156703265},0,{"$f":"IF($N338=\"\",\"\",IF(ORÇAMENTO.Descricao=\"\",\"DESCRIÇÃO\",IF(AND($C338=\"S\",ORÇAMENTO.Unidade=\"\"),\"UNIDADE\",IF($X338<0,\"VALOR NEGATIVO\",IF(OR(AND(TIPOORCAMENTO=\"Proposto\",$AG338<>\"\",$AG338>0,ORÇAMENTO.CustoUnitario>$AG338),AND(TIPOORCAMENTO=\"LICITADO\",ORÇAMENTO.PrecoUnitarioLicitado>$AN338)),\"ACIMA REF.\",\"\")))))","v":""},{"$f":"IF(C338<=CRONO.NivelExibicao,MAX($AD$15:OFFSET(AD338,-1,0))+IF($C338<>1,1,MAX(1,COUNTIF(QCI!$A$13:$A$24,OFFSET($E338,-1,0)))),\"\")","v":""},{"$f":"IF(AND($C338=\"S\",ORÇAMENTO.CodBarra<>\"\"),IF(ORÇAMENTO.Fonte=\"\",ORÇAMENTO.CodBarra,CONCATENATE(ORÇAMENTO.Fonte,\" \",ORÇAMENTO.CodBarra)))","v":"SINAPI 100561"},{"$f":"IF(ISERROR(INDIRECT(ORÇAMENTO.BancoRef)),\"(abra o arquivo 'Referência \"&Excel_BuiltIn_Database&\".xlsm)\",IF(OR($C338<>\"S\",ORÇAMENTO.CodBarra=\"\"),\"(Sem Código)\",IF(ISERROR(MATCH($AE338,INDIRECT(ORÇAMENTO.BancoRef),0)),\"(Código não identificado nas referências)\",MATCH($AE338,INDIRECT(ORÇAMENTO.BancoRef),0))))","v":3553},{"$f":"ROUND(IF(DESONERACAO=\"sim\",REFERENCIA.Desonerado,REFERENCIA.NaoDesonerado),2)","v":198},0.2082,null,1,null,null,239.22,239.22]
[2,2,2,23,{"$f":"IF($C339=1,OFFSET(E339,-1,0)+MAX(1,COUNTIF(QCI!$A$13:$A$24,OFFSET(ORÇAMENTO!E339,-1,0))),OFFSET(E339,-1,0))","v":2},8,0,0,0,65,{"$f":"IF(OR($C339=\"S\",$C339=0),0,MATCH(OFFSET($D339,0,$C339)+IF($C339<>1,1,COUNTIF(QCI!$A$13:$A$24,ORÇAMENTO!E339)),OFFSET($D339,1,$C339,ROW($C$404)-ROW($C339)),0))","v":23},"F","Nível 2","Nível 2","2.8.","SINAPI",null,"INSTALAÇÕES HIDRÁULICAS",{"$f":"REFERENCIA.Unidade","v":"-"},{"$f":"OFFSET(CÁLCULO!H$15,ROW($T339)-ROW(T$15),0)","v":0},null,"BDI 1",{"$f":"IF($C339=\"S\",ROUND(IF(TIPOORCAMENTO=\"Proposto\",ORÇAMENTO.CustoUnitario*(1+$AH339),ORÇAMENTO.PrecoUnitarioLicitado),15-13*$AF$10),0)","v":0},{"$f":"IF($C339=\"S\",IF(Import.TipoArredondamento<>\"TransfereGOV\",VTOTAL1,SUM(OFFSET(CÁLCULO!$AA$15,ROW($X339)-ROW($X$15),1):OFFSET(CÁLCULO!$AL$15,ROW($X339)-ROW($X$15),-1))),IF($C339=0,0,ROUND(SomaAgrup,15-13*$AF$11)))","v":16560.349999999999},"RA","",{"$f":"IF($C339=\"S\",IF($Z339=\"CP\",$X339,IF($Z339=\"RA\",(($X339)*QCI!$AA$3),0)),SomaAgrup)","v":4442.7141656488211},0,{"$f":"IF($N339=\"\",\"\",IF(ORÇAMENTO.Descricao=\"\",\"DESCRIÇÃO\",IF(AND($C339=\"S\",ORÇAMENTO.Unidade=\"\"),\"UNIDADE\",IF($X339<0,\"VALOR NEGATIVO\",IF(OR(AND(TIPOORCAMENTO=\"Proposto\",$AG339<>\"\",$AG339>0,ORÇAMENTO.CustoUnitario>$AG339),AND(TIPOORCAMENTO=\"LICITADO\",ORÇAMENTO.PrecoUnitarioLicitado>$AN339)),\"ACIMA REF.\",\"\")))))","v":""},{"$f":"IF(C339<=CRONO.NivelExibicao,MAX($AD$15:OFFSET(AD339,-1,0))+IF($C339<>1,1,MAX(1,COUNTIF(QCI!$A$13:$A$24,OFFSET($E339,-1,0)))),\"\")","v":23},{"$f":"IF(AND($C339=\"S\",ORÇAMENTO.CodBarra<>\"\"),IF(ORÇAMENTO.Fonte=\"\",ORÇAMENTO.CodBarra,CONCATENATE(ORÇAMENTO.Fonte,\" \",ORÇAMENTO.CodBarra)))","v":false},{"$f":"IF(ISERROR(INDIRECT(ORÇAMENTO.BancoRef)),\"(abra o arquivo 'Referência \"&Excel_BuiltIn_Database&\".xlsm)\",IF(OR($C339<>\"S\",ORÇAMENTO.CodBarra=\"\"),\"(Sem Código)\",IF(ISERROR(MATCH($AE339,INDIRECT(ORÇAMENTO.BancoRef),0)),\"(Código não identificado nas referências)\",MATCH($AE339,INDIRECT(ORÇAMENTO.BancoRef),0))))","v":"(Sem Código)"},{"$f":"ROUND(IF(DESONERACAO=\"sim\",REFERENCIA.Desonerado,REFERENCIA.NaoDesonerado),2)","v":0},0.2082,null,null,null,null,16560.349999999999,0]
[3,3,3,6,{"$f":"IF($C340=1,OFFSET(E340,-1,0)+MAX(1,COUNTIF(QCI!$A$13:$A$24,OFFSET(ORÇAMENTO!E340,-1,0))),OFFSET(E340,-1,0))","v":2},8,1,0,0,22,{"$f":"IF(OR($C340=\"S\",$C340=0),0,MATCH(OFFSET($D340,0,$C340)+IF($C340<>1,1,COUNTIF(QCI!$A$13:$A$24,ORÇAMENTO!E340)),OFFSET($D340,1,$C340,ROW($C$404)-ROW($C340)),0))","v":6},"F","Nível 3","Nível 3","2.8.1.","SINAPI",null,"ÁGUA FRIA",{"$f":"REFERENCIA.Unidade","v":"-"},{"$f":"OFFSET(CÁLCULO!H$15,ROW($T340)-ROW(T$15),0)","v":0},null,"BDI 1",{"$f":"IF($C340=\"S\",ROUND(IF(TIPOORCAMENTO=\"Proposto\",ORÇAMENTO.CustoUnitario*(1+$AH340),ORÇAMENTO.PrecoUnitarioLicitado),15-13*$AF$10),0)","v":0},{"$f":"IF($C340=\"S\",IF(Import.TipoArredondamento<>\"TransfereGOV\",VTOTAL1,SUM(OFFSET(CÁLCULO!$AA$15,ROW($X340)-ROW($X$15),1):OFFSET(CÁLCULO!$AL$15,ROW($X340)-ROW($X$15),-1))),IF($C340=0,0,ROUND(SomaAgrup,15-13*$AF$11)))","v":1889.76},"RA","",{"$f":"IF($C340=\"S\",IF($Z340=\"CP\",$X340,IF($Z340=\"RA\",(($X340)*QCI!$AA$3),0)),SomaAgrup)","v":506.97379715262753},0,{"$f":"IF($N340=\"\",\"\",IF(ORÇAMENTO.Descricao=\"\",\"DESCRIÇÃO\",IF(AND($C340=\"S\",ORÇAMENTO.Unidade=\"\"),\"UNIDADE\",IF($X340<0,\"VALOR NEGATIVO\",IF(OR(AND(TIPOORCAMENTO=\"Proposto\",$AG340<>\"\",$AG340>0,ORÇAMENTO.CustoUnitario>$AG340),AND(TIPOORCAMENTO=\"LICITADO\",ORÇAMENTO.PrecoUnitarioLicitado>$AN340)),\"ACIMA REF.\",\"\")))))","v":""},{"$f":"IF(C340<=CRONO.NivelExibicao,MAX($AD$15:OFFSET(AD340,-1,0))+IF($C340<>1,1,MAX(1,COUNTIF(QCI!$A$13:$A$24,OFFSET($E340,-1,0)))),\"\")","v":""},{"$f":"IF(AND($C340=\"S\",ORÇAMENTO.CodBarra<>\"\"),IF(ORÇAMENTO.Fonte=\"\",ORÇAMENTO.CodBarra,CONCATENATE(ORÇAMENTO.Fonte,\" \",ORÇAMENTO.CodBarra)))","v":false},{"$f":"IF(ISERROR(INDIRECT(ORÇAMENTO.BancoRef)),\"(abra o arquivo 'Referência \"&Excel_BuiltIn_Database&\".xlsm)\",IF(OR($C340<>\"S\",ORÇAMENTO.CodBarra=\"\"),\"(Sem Código)\",IF(ISERROR(MATCH($AE340,INDIRECT(ORÇAMENTO.BancoRef),0)),\"(Código não identificado nas referências)\",MATCH($AE340,INDIRECT(ORÇAMENTO.BancoRef),0))))","v":"(Sem Código)"},{"$f":"ROUND(IF(DESONERACAO=\"sim\",REFERENCIA.Desonerado,REFERENCIA.NaoDesonerado),2)","v":0},0.2082,null,null,null,null,1889.76,0]
["S",3,"S",0,{"$f":"IF($C341=1,OFFSET(E341,-1,0)+MAX(1,COUNTIF(QCI!$A$13:$A$24,OFFSET(ORÇAMENTO!E341,-1,0))),OFFSET(E341,-1,0))","v":2},8,1,0,1,0,{"$f":"IF(OR($C341=\"S\",$C341=0),0,MATCH(OFFSET($D341,0,$C341)+IF($C341<>1,1,COUNTIF(QCI!$A$13:$A$24,ORÇAMENTO!E341)),OFFSET($D341,1,$C341,ROW($C$404)-ROW($C341)),0))","v":0},"F","Serviço","Serviço","2.8.1.0.1.","SINAPI","89356",{"$f":"IF($C341=\"S\",REFERENCIA.Descricao,\"(digite a descrição aqui)\")","v":"TUBO, PVC, SOLDÁVEL, DN 25MM, INSTALADO EM RAMAL OU SUB-RAMAL DE ÁGUA - FORNECIMENTO E INSTALAÇÃO. AF_06/2022"},{"$f":"REFERENCIA.Unidade","v":"M"},{"$f":"OFFSET(CÁLCULO!H$15,ROW($T341)-ROW(T$15),0)","v":35.44},{"$f":"AG341","v":27.6},"BDI 1",{"$f":"IF($C341=\"S\",ROUND(IF(TIPOORCAMENTO=\"Proposto\",ORÇAMENTO.CustoUnitario*(1+$AH341),ORÇAMENTO.PrecoUnitarioLicitado),15-13*$AF$10),0)","v":33.35},{"$f":"IF($C341=\"S\",IF(Import.TipoArredondamento<>\"TransfereGOV\",VTOTAL1,SUM(OFFSET(CÁLCULO!$AA$15,ROW($X341)-ROW($X$15),1):OFFSET(CÁLCULO!$AL$15,ROW($X341)-ROW($X$15),-1))),IF($C341=0,0,ROUND(SomaAgrup,15-13*$AF$11)))","v":1181.92},"RA","RA",{"$f":"IF($C341=\"S\",IF($Z341=\"CP\",$X341,IF($Z341=\"RA\",(($X341)*QCI!$AA$3),0)),SomaAgrup)","v":317.07860804050966},0,{"$f":"IF($N341=\"\",\"\",IF(ORÇAMENTO.Descricao=\"\",\"DESCRIÇÃO\",IF(AND($C341=\"S\",ORÇAMENTO.Unidade=\"\"),\"UNIDADE\",IF($X341<0,\"VALOR NEGATIVO\",IF(OR(AND(TIPOORCAMENTO=\"Proposto\",$AG341<>\"\",$AG341>0,ORÇAMENTO.CustoUnitario>$AG341),AND(TIPOORCAMENTO=\"LICITADO\",ORÇAMENTO.PrecoUnitarioLicitado>$AN341)),\"ACIMA REF.\",\"\")))))","v":""},{"$f":"IF(C341<=CRONO.NivelExibicao,MAX($AD$15:OFFSET(AD341,-1,0))+IF($C341<>1,1,MAX(1,COUNTIF(QCI!$A$13:$A$24,OFFSET($E341,-1,0)))),\"\")","v":""},{"$f":"IF(AND($C341=\"S\",ORÇAMENTO.CodBarra<>\"\"),IF(ORÇAMENTO.Fonte=\"\",ORÇAMENTO.CodBarra,CONCATENATE(ORÇAMENTO.Fonte,\" \",ORÇAMENTO.CodBarra)))","v":"SINAPI 89356"},{"$f":"IF(ISERROR(INDIRECT(ORÇAMENTO.BancoRef)),\"(abra o arquivo 'Referência \"&Excel_BuiltIn_Database&\".xlsm)\",IF(OR($C341<>\"S\",ORÇAMENTO.CodBarra=\"\"),\"(Sem Código)\",IF(ISERROR(MATCH($AE341,INDIRECT(ORÇAMENTO.BancoRef),0)),\"(Código não identificado nas referências)\",MATCH($AE341,INDIRECT(ORÇAMENTO.BancoRef),0))))","v":3621},{"$f":"ROUND(IF(DESONERACAO=\"sim\",REFERENCIA.Desonerado,REFERENCIA.NaoDesonerado),2)","v":27.6},0.2082,null,35.44,null,null,1181.92,33.35]
[{"$f":"CHOOSE(1+LOG(1+2*(ORÇAMENTO.Nivel=\"Meta\")+4*(ORÇAMENTO.Nivel=\"Nível 2\")+8*(ORÇAMENTO.Nivel=\"Nível 3\")+16*(ORÇAMENTO.Nivel=\"Nível 4\")+32*(ORÇAMENTO.Nivel=\"Serviço\"),2),0,1,2,3,4,\"S\")","v":"S"},{"$f":"IF(OR(C342=\"s\",C342=0),OFFSET(B342,-1,0),C342)","v":3},{"$f":"IF(OFFSET(C342,-1,0)=\"L\",1,IF(OFFSET(C342,-1,0)=1,2,IF(OR(A342=\"s\",A342=0),\"S\",IF(AND(OFFSET(C342,-1,0)=2,A342=4),3,IF(AND(OR(OFFSET(C342,-1,0)=\"s\",OFFSET(C342,-1,0)=0),A342<>\"s\",A342>OFFSET(B342,-1,0)),OFFSET(B342,-1,0),A342)))))","v":"S"},{"$f":"IF(OR(C342=\"S\",C342=0),0,IF(ISERROR(K342),J342,SMALL(J342:K342,1)))","v":0},{"$f":"IF($C342=1,OFFSET(E342,-1,0)+MAX(1,COUNTIF(QCI!$A$13:$A$24,OFFSET(ORÇAMENTO!E342,-1,0))),OFFSET(E342,-1,0))","v":2},{"$f":"IF($C342=1,0,IF($C342=2,OFFSET(F342,-1,0)+1,OFFSET(F342,-1,0)))","v":8},{"$f":"IF(AND($C342<=2,$C342<>0),0,IF($C342=3,OFFSET(G342,-1,0)+1,OFFSET(G342,-1,0)))","v":1},{"$f":"IF(AND($C342<=3,$C342<>0),0,IF($C342=4,OFFSET(H342,-1,0)+1,OFFSET(H342,-1,0)))","v":0},{"$f":"IF(AND($C342<=4,$C342<>0),0,IF(AND($C342=\"S\",$X342>0),OFFSET(I342,-1,0)+1,OFFSET(I342,-1,0)))","v":2},0,{"$f":"IF(OR($C342=\"S\",$C342=0),0,MATCH(OFFSET($D342,0,$C342)+IF($C342<>1,1,COUNTIF(QCI!$A$13:$A$24,ORÇAMENTO!E342)),OFFSET($D342,1,$C342,ROW($C$404)-ROW($C342)),0))","v":0},{"$f":"IF(OR($X342>0,$C342=1,$C342=2,$C342=3,$C342=4),\"F\",\"\")","v":"F"},"Serviço",{"$f":"CHOOSE(1+LOG(1+2*(C342=1)+4*(C342=2)+8*(C342=3)+16*(C342=4)+32*(C342=\"S\"),2),\"\",\"Meta\",\"Nível 2\",\"Nível 3\",\"Nível 4\",\"Serviço\")","v":"Serviço"},{"$f":"IF(OR($C342=0,$L342=\"\"),\"-\",CONCATENATE(E342&\".\",IF(AND($A$5>=2,$C342>=2),F342&\".\",\"\"),IF(AND($A$5>=3,$C342>=3),G342&\".\",\"\"),IF(AND($A$5>=4,$C342>=4),H342&\".\",\"\"),IF($C342=\"S\",I342&\".\",\"\")))","v":"2.8.1.0.2."},"SINAPI","89362",{"$f":"IF($C342=\"S\",REFERENCIA.Descricao,\"(digite a descrição aqui)\")","v":"JOELHO 90 GRAUS, PVC, SOLDÁVEL, DN 25MM, INSTALADO EM RAMAL OU SUB-RAMAL DE ÁGUA - FORNECIMENTO E INSTALAÇÃO. AF_06/2022"},{"$f":"REFERENCIA.Unidade","v":"UN"},{"$f":"OFFSET(CÁLCULO!H$15,ROW($T342)-ROW(T$15),0)","v":7},11.33,"BDI 1",{"$f":"IF($C342=\"S\",ROUND(IF(TIPOORCAMENTO=\"Proposto\",ORÇAMENTO.CustoUnitario*(1+$AH342),ORÇAMENTO.PrecoUnitarioLicitado),15-13*$AF$10),0)","v":13.69},{"$f":"IF($C342=\"S\",IF(Import.TipoArredondamento<>\"TransfereGOV\",VTOTAL1,SUM(OFFSET(CÁLCULO!$AA$15,ROW($X342)-ROW($X$15),1):OFFSET(CÁLCULO!$AL$15,ROW($X342)-ROW($X$15),-1))),IF($C342=0,0,ROUND(SomaAgrup,15-13*$AF$11)))","v":95.83},"RA",{"$f":"IF(AND($C342=\"S\",$X342>0),IF(ISBLANK($Y342),\"RA\",LEFT($Y342,2)),\"\")","v":"RA"},{"$f":"IF($C342=\"S\",IF($Z342=\"CP\",$X342,IF($Z342=\"RA\",(($X342)*QCI!$AA$3),0)),SomaAgrup)","v":25.708713794945545},{"$f":"IF($C342=\"S\",IF($Z342=\"OU\",ROUND($X342,2),0),SomaAgrup)","v":0},{"$f":"IF($N342=\"\",\"\",IF(ORÇAMENTO.Descricao=\"\",\"DESCRIÇÃO\",IF(AND($C342=\"S\",ORÇAMENTO.Unidade=\"\"),\"UNIDADE\",IF($X342<0,\"VALOR NEGATIVO\",IF(OR(AND(TIPOORCAMENTO=\"Proposto\",$AG342<>\"\",$AG342>0,ORÇAMENTO.CustoUnitario>$AG342),AND(TIPOORCAMENTO=\"LICITADO\",ORÇAMENTO.PrecoUnitarioLicitado>$AN342)),\"ACIMA REF.\",\"\")))))","v":""},{"$f":"IF(C342<=CRONO.NivelExibicao,MAX($AD$15:OFFSET(AD342,-1,0))+IF($C342<>1,1,MAX(1,COUNTIF(QCI!$A$13:$A$24,OFFSET($E342,-1,0)))),\"\")","v":""},{"$f":"IF(AND($C342=\"S\",ORÇAMENTO.CodBarra<>\"\"),IF(ORÇAMENTO.Fonte=\"\",ORÇAMENTO.CodBarra,CONCATENATE(ORÇAMENTO.Fonte,\" \",ORÇAMENTO.CodBarra)))","v":"SINAPI 89362"},{"$f":"IF(ISERROR(INDIRECT(ORÇAMENTO.BancoRef)),\"(abra o arquivo 'Referência \"&Excel_BuiltIn_Database&\".xlsm)\",IF(OR($C342<>\"S\",ORÇAMENTO.CodBarra=\"\"),\"(Sem Código)\",IF(ISERROR(MATCH($AE342,INDIRECT(ORÇAMENTO.BancoRef),0)),\"(Código não identificado nas referências)\",MATCH($AE342,INDIRECT(ORÇAMENTO.BancoRef),0))))","v":3883},{"$f":"ROUND(IF(DESONERACAO=\"sim\",REFERENCIA.Desonerado,REFERENCIA.NaoDesonerado),2)","v":11.33},{"$f":"ROUND(IF(ISNUMBER(ORÇAMENTO.OpcaoBDI),ORÇAMENTO.OpcaoBDI,IF(LEFT(ORÇAMENTO.OpcaoBDI,3)=\"BDI\",HLOOKUP(ORÇAMENTO.OpcaoBDI,$F$4:$H$5,2,FALSE),0)),15-11*$AF$9)","v":0.2082},null,7,null,null,{"$f":"$X342","v":95.83},{"$f":"ROUND(ORÇAMENTO.CustoUnitario*(1+$AH342),2)","v":13.69}]
["S",3,"S",0,{"$f":"IF($C343=1,OFFSET(E343,-1,0)+MAX(1,COUNTIF(QCI!$A$13:$A$24,OFFSET(ORÇAMENTO!E343,-1,0))),OFFSET(E343,-1,0))","v":2},8,1,0,3,0,{"$f":"IF(OR($C343=\"S\",$C343=0),0,MATCH(OFFSET($D343,0,$C343)+IF($C343<>1,1,COUNTIF(QCI!$A$13:$A$24,ORÇAMENTO!E343)),OFFSET($D343,1,$C343,ROW($C$404)-ROW($C343)),0))","v":0},"F","Serviço","Serviço","2.8.1.0.3.","SINAPI","89395",{"$f":"IF($C343=\"S\",REFERENCIA.Descricao,\"(digite a descrição aqui)\")","v":"TE, PVC, SOLDÁVEL, DN 25MM, INSTALADO EM RAMAL OU SUB-RAMAL DE ÁGUA - FORNECIMENTO E INSTALAÇÃO. AF_06/2022"},{"$f":"REFERENCIA.Unidade","v":"UN"},{"$f":"OFFSET(CÁLCULO!H$15,ROW($T343)-ROW(T$15),0)","v":5},15.53,"BDI 1",{"$f":"IF($C343=\"S\",ROUND(IF(TIPOORCAMENTO=\"Proposto\",ORÇAMENTO.CustoUnitario*(1+$AH343),ORÇAMENTO.PrecoUnitarioLicitado),15-13*$AF$10),0)","v":18.760000000000002},{"$f":"IF($C343=\"S\",IF(Import.TipoArredondamento<>\"TransfereGOV\",VTOTAL1,SUM(OFFSET(CÁLCULO!$AA$15,ROW($X343)-ROW($X$15),1):OFFSET(CÁLCULO!$AL$15,ROW($X343)-ROW($X$15),-1))),IF($C343=0,0,ROUND(SomaAgrup,15-13*$AF$11)))","v":93.8},"RA","RA",{"$f":"IF($C343=\"S\",IF($Z343=\"CP\",$X343,IF($Z343=\"RA\",(($X343)*QCI!$AA$3),0)),SomaAgrup)","v":25.164117228069419},0,{"$f":"IF($N343=\"\",\"\",IF(ORÇAMENTO.Descricao=\"\",\"DESCRIÇÃO\",IF(AND($C343=\"S\",ORÇAMENTO.Unidade=\"\"),\"UNIDADE\",IF($X343<0,\"VALOR NEGATIVO\",IF(OR(AND(TIPOORCAMENTO=\"Proposto\",$AG343<>\"\",$AG343>0,ORÇAMENTO.CustoUnitario>$AG343),AND(TIPOORCAMENTO=\"LICITADO\",ORÇAMENTO.PrecoUnitarioLicitado>$AN343)),\"ACIMA REF.\",\"\")))))","v":""},{"$f":"IF(C343<=CRONO.NivelExibicao,MAX($AD$15:OFFSET(AD343,-1,0))+IF($C343<>1,1,MAX(1,COUNTIF(QCI!$A$13:$A$24,OFFSET($E343,-1,0)))),\"\")","v":""},{"$f":"IF(AND($C343=\"S\",ORÇAMENTO.CodBarra<>\"\"),IF(ORÇAMENTO.Fonte=\"\",ORÇAMENTO.CodBarra,CONCATENATE(ORÇAMENTO.Fonte,\" \",ORÇAMENTO.CodBarra)))","v":"SINAPI 89395"},{"$f":"IF(ISERROR(INDIRECT(ORÇAMENTO.BancoRef)),\"(abra o arquivo 'Referência \"&Excel_BuiltIn_Database&\".xlsm)\",IF(OR($C343<>\"S\",ORÇAMENTO.CodBarra=\"\"),\"(Sem Código)\",IF(ISERROR(MATCH($AE343,INDIRECT(ORÇAMENTO.BancoRef),0)),\"(Código não identificado nas referências)\",MATCH($AE343,INDIRECT(ORÇAMENTO.BancoRef),0))))","v":3915},{"$f":"ROUND(IF(DESONERACAO=\"sim\",REFERENCIA.Desonerado,REFERENCIA.NaoDesonerado),2)","v":15.53},0.2082,null,5,null,null,93.8,18.760000000000002]
["S",3,"S",0,{"$f":"IF($C344=1,OFFSET(E344,-1,0)+MAX(1,COUNTIF(QCI!$A$13:$A$24,OFFSET(ORÇAMENTO!E344,-1,0))),OFFSET(E344,-1,0))","v":2},8,1,0,4,0,{"$f":"IF(OR($C344=\"S\",$C344=0),0,MATCH(OFFSET($D344,0,$C344)+IF($C344<>1,1,COUNTIF(QCI!$A$13:$A$24,ORÇAMENTO!E344)),OFFSET($D344,1,$C344,ROW($C$404)-ROW($C344)),0))","v":0},"F","Serviço","Serviço","2.8.1.0.4.","SINAPI","94495",{"$f":"IF($C344=\"S\",REFERENCIA.Descricao,\"(digite a descrição aqui)\")","v":"REGISTRO DE GAVETA BRUTO, LATÃO, ROSCÁVEL, 1\" - FORNECIMENTO E INSTALAÇÃO. AF_08/2021"},{"$f":"REFERENCIA.Unidade","v":"UN"},{"$f":"OFFSET(CÁLCULO!H$15,ROW($T344)-ROW(T$15),0)","v":2},63.68,"BDI 1",{"$f":"IF($C344=\"S\",ROUND(IF(TIPOORCAMENTO=\"Proposto\",ORÇAMENTO.CustoUnitario*(1+$AH344),ORÇAMENTO.PrecoUnitarioLicitado),15-13*$AF$10),0)","v":76.94},{"$f":"IF($C344=\"S\",IF(Import.TipoArredondamento<>\"TransfereGOV\",VTOTAL1,SUM(OFFSET(CÁLCULO!$AA$15,ROW($X344)-ROW($X$15),1):OFFSET(CÁLCULO!$AL$15,ROW($X344)-ROW($X$15),-1))),IF($C344=0,0,ROUND(SomaAgrup,15-13*$AF$11)))","v":153.88},"RA","RA",{"$f":"IF($C344=\"S\",IF($Z344=\"CP\",$X344,IF($Z344=\"RA\",(($X344)*QCI!$AA$3),0)),SomaAgrup)","v":41.282029414235843},0,{"$f":"IF($N344=\"\",\"\",IF(ORÇAMENTO.Descricao=\"\",\"DESCRIÇÃO\",IF(AND($C344=\"S\",ORÇAMENTO.Unidade=\"\"),\"UNIDADE\",IF($X344<0,\"VALOR NEGATIVO\",IF(OR(AND(TIPOORCAMENTO=\"Proposto\",$AG344<>\"\",$AG344>0,ORÇAMENTO.CustoUnitario>$AG344),AND(TIPOORCAMENTO=\"LICITADO\",ORÇAMENTO.PrecoUnitarioLicitado>$AN344)),\"ACIMA REF.\",\"\")))))","v":""},{"$f":"IF(C344<=CRONO.NivelExibicao,MAX($AD$15:OFFSET(AD344,-1,0))+IF($C344<>1,1,MAX(1,COUNTIF(QCI!$A$13:$A$24,OFFSET($E344,-1,0)))),\"\")","v":""},{"$f":"IF(AND($C344=\"S\",ORÇAMENTO.CodBarra<>\"\"),IF(ORÇAMENTO.Fonte=\"\",ORÇAMENTO.CodBarra,CONCATENATE(ORÇAMENTO.Fonte,\" \",ORÇAMENTO.CodBarra)))","v":"SINAPI 94495"},{"$f":"IF(ISERROR(INDIRECT(ORÇAMENTO.BancoRef)),\"(abra o arquivo 'Referência \"&Excel_BuiltIn_Database&\".xlsm)\",IF(OR($C344<>\"S\",ORÇAMENTO.CodBarra=\"\"),\"(Sem Código)\",IF(ISERROR(MATCH($AE344,INDIRECT(ORÇAMENTO.BancoRef),0)),\"(Código não identificado nas referências)\",MATCH($AE344,INDIRECT(ORÇAMENTO.BancoRef),0))))","v":5466},{"$f":"ROUND(IF(DESONERACAO=\"sim\",REFERENCIA.Desonerado,REFERENCIA.NaoDesonerado),2)","v":63.68},0.2082,null,2,null,null,153.88,76.94]
["S",3,"S",0,{"$f":"IF($C345=1,OFFSET(E345,-1,0)+MAX(1,COUNTIF(QCI!$A$13:$A$24,OFFSET(ORÇAMENTO!E345,-1,0))),OFFSET(E345,-1,0))","v":2},8,1,0,5,0,{"$f":"IF(OR($C345=\"S\",$C345=0),0,MATCH(OFFSET($D345,0,$C345)+IF($C345<>1,1,COUNTIF(QCI!$A$13:$A$24,ORÇAMENTO!E345)),OFFSET($D345,1,$C345,ROW($C$404)-ROW($C345)),0))","v":0},"F","Serviço","Serviço","2.8.1.0.5.","SINAPI","102605",{"$f":"IF($C345=\"S\",REFERENCIA.Descricao,\"(digite a descrição aqui)\")","v":"CAIXA D´ÁGUA EM POLIETILENO, 500 LITROS - FORNECIMENTO E INSTALAÇÃO. AF_06/2021"},{"$f":"REFERENCIA.Unidade","v":"UN"},{"$f":"OFFSET(CÁLCULO!H$15,ROW($T345)-ROW(T$15),0)","v":1},301.55,"BDI 1",{"$f":"IF($C345=\"S\",ROUND(IF(TIPOORCAMENTO=\"Proposto\",ORÇAMENTO.CustoUnitario*(1+$AH345),ORÇAMENTO.PrecoUnitarioLicitado),15-13*$AF$10),0)","v":364.33},{"$f":"IF($C345=\"S\",IF(Import.TipoArredondamento<>\"TransfereGOV\",VTOTAL1,SUM(OFFSET(CÁLCULO!$AA$15,ROW($X345)-ROW($X$15),1):OFFSET(CÁLCULO!$AL$15,ROW($X345)-ROW($X$15),-1))),IF($C345=0,0,ROUND(SomaAgrup,15-13*$AF$11)))","v":364.33},"RA","RA",{"$f":"IF($C345=\"S\",IF($Z345=\"CP\",$X345,IF($Z345=\"RA\",(($X345)*QCI!$AA$3),0)),SomaAgrup)","v":97.740328674867058},0,{"$f":"IF($N345=\"\",\"\",IF(ORÇAMENTO.Descricao=\"\",\"DESCRIÇÃO\",IF(AND($C345=\"S\",ORÇAMENTO.Unidade=\"\"),\"UNIDADE\",IF($X345<0,\"VALOR NEGATIVO\",IF(OR(AND(TIPOORCAMENTO=\"Proposto\",$AG345<>\"\",$AG345>0,ORÇAMENTO.CustoUnitario>$AG345),AND(TIPOORCAMENTO=\"LICITADO\",ORÇAMENTO.PrecoUnitarioLicitado>$AN345)),\"ACIMA REF.\",\"\")))))","v":""},{"$f":"IF(C345<=CRONO.NivelExibicao,MAX($AD$15:OFFSET(AD345,-1,0))+IF($C345<>1,1,MAX(1,COUNTIF(QCI!$A$13:$A$24,OFFSET($E345,-1,0)))),\"\")","v":""},{"$f":"IF(AND($C345=\"S\",ORÇAMENTO.CodBarra<>\"\"),IF(ORÇAMENTO.Fonte=\"\",ORÇAMENTO.CodBarra,CONCATENATE(ORÇAMENTO.Fonte,\" \",ORÇAMENTO.CodBarra)))","v":"SINAPI 102605"},{"$f":"IF(ISERROR(INDIRECT(ORÇAMENTO.BancoRef)),\"(abra o arquivo 'Referência \"&Excel_BuiltIn_Database&\".xlsm)\",IF(OR($C345<>\"S\",ORÇAMENTO.CodBarra=\"\"),\"(Sem Código)\",IF(ISERROR(MATCH($AE345,INDIRECT(ORÇAMENTO.BancoRef),0)),\"(Código não identificado nas referências)\",MATCH($AE345,INDIRECT(ORÇAMENTO.BancoRef),0))))","v":5267},{"$f":"ROUND(IF(DESONERACAO=\"sim\",REFERENCIA.Desonerado,REFERENCIA.NaoDesonerado),2)","v":301.55},0.2082,null,1,null,null,364.33,364.33]
[3,3,3,10,{"$f":"IF($C346=1,OFFSET(E346,-1,0)+MAX(1,COUNTIF(QCI!$A$13:$A$24,OFFSET(ORÇAMENTO!E346,-1,0))),OFFSET(E346,-1,0))","v":2},8,2,0,0,16,{"$f":"IF(OR($C346=\"S\",$C346=0),0,MATCH(OFFSET($D346,0,$C346)+IF($C346<>1,1,COUNTIF(QCI!$A$13:$A$24,ORÇAMENTO!E346)),OFFSET($D346,1,$C346,ROW($C$404)-ROW($C346)),0))","v":10},"F","Nível 3","Nível 3","2.8.2.","SINAPI",null,"ESGOTO SANITÁRIO",{"$f":"REFERENCIA.Unidade","v":"-"},{"$f":"OFFSET(CÁLCULO!H$15,ROW($T346)-ROW(T$15),0)","v":0},null,"BDI 1",{"$f":"IF($C346=\"S\",ROUND(IF(TIPOORCAMENTO=\"Proposto\",ORÇAMENTO.CustoUnitario*(1+$AH346),ORÇAMENTO.PrecoUnitarioLicitado),15-13*$AF$10),0)","v":0},{"$f":"IF($C346=\"S\",IF(Import.TipoArredondamento<>\"TransfereGOV\",VTOTAL1,SUM(OFFSET(CÁLCULO!$AA$15,ROW($X346)-ROW($X$15),1):OFFSET(CÁLCULO!$AL$15,ROW($X346)-ROW($X$15),-1))),IF($C346=0,0,ROUND(SomaAgrup,15-13*$AF$11)))","v":8057.28},"RA","",{"$f":"IF($C346=\"S\",IF($Z346=\"CP\",$X346,IF($Z346=\"RA\",(($X346)*QCI!$AA$3),0)),SomaAgrup)","v":2161.5601115072404},0,{"$f":"IF($N346=\"\",\"\",IF(ORÇAMENTO.Descricao=\"\",\"DESCRIÇÃO\",IF(AND($C346=\"S\",ORÇAMENTO.Unidade=\"\"),\"UNIDADE\",IF($X346<0,\"VALOR NEGATIVO\",IF(OR(AND(TIPOORCAMENTO=\"Proposto\",$AG346<>\"\",$AG346>0,ORÇAMENTO.CustoUnitario>$AG346),AND(TIPOORCAMENTO=\"LICITADO\",ORÇAMENTO.PrecoUnitarioLicitado>$AN346)),\"ACIMA REF.\",\"\")))))","v":""},{"$f":"IF(C346<=CRONO.NivelExibicao,MAX($AD$15:OFFSET(AD346,-1,0))+IF($C346<>1,1,MAX(1,COUNTIF(QCI!$A$13:$A$24,OFFSET($E346,-1,0)))),\"\")","v":""},{"$f":"IF(AND($C346=\"S\",ORÇAMENTO.CodBarra<>\"\"),IF(ORÇAMENTO.Fonte=\"\",ORÇAMENTO.CodBarra,CONCATENATE(ORÇAMENTO.Fonte,\" \",ORÇAMENTO.CodBarra)))","v":false},{"$f":"IF(ISERROR(INDIRECT(ORÇAMENTO.BancoRef)),\"(abra o arquivo 'Referência \"&Excel_BuiltIn_Database&\".xlsm)\",IF(OR($C346<>\"S\",ORÇAMENTO.CodBarra=\"\"),\"(Sem Código)\",IF(ISERROR(MATCH($AE346,INDIRECT(ORÇAMENTO.BancoRef),0)),\"(Código não identificado nas referências)\",MATCH($AE346,INDIRECT(ORÇAMENTO.BancoRef),0))))","v":"(Sem Código)"},{"$f":"ROUND(IF(DESONERACAO=\"sim\",REFERENCIA.Desonerado,REFERENCIA.NaoDesonerado),2)","v":0},0.2082,null,null,null,null,8057.28,0]
["S",3,"S",0,{"$f":"IF($C347=1,OFFSET(E347,-1,0)+MAX(1,COUNTIF(QCI!$A$13:$A$24,OFFSET(ORÇAMENTO!E347,-1,0))),OFFSET(E347,-1,0))","v":2},8,2,0,1,0,{"$f":"IF(OR($C347=\"S\",$C347=0),0,MATCH(OFFSET($D347,0,$C347)+IF($C347<>1,1,COUNTIF(QCI!$A$13:$A$24,ORÇAMENTO!E347)),OFFSET($D347,1,$C347,ROW($C$404)-ROW($C347)),0))","v":0},"F","Serviço","Serviço","2.8.2.0.1.","SINAPI","103978",{"$f":"IF($C347=\"S\",REFERENCIA.Descricao,\"(digite a descrição aqui)\")","v":"TUBO, PVC, SOLDÁVEL, DN 40MM, INSTALADO EM RAMAL DE DISTRIBUIÇÃO DE ÁGUA - FORNECIMENTO E INSTALAÇÃO. AF_06/2022"},{"$f":"REFERENCIA.Unidade","v":"M"},{"$f":"OFFSET(CÁLCULO!H$15,ROW($T347)-ROW(T$15),0)","v":12},27.34,"BDI 1",{"$f":"IF($C347=\"S\",ROUND(IF(TIPOORCAMENTO=\"Proposto\",ORÇAMENTO.CustoUnitario*(1+$AH347),ORÇAMENTO.PrecoUnitarioLicitado),15-13*$AF$10),0)","v":33.03},{"$f":"IF($C347=\"S\",IF(Import.TipoArredondamento<>\"TransfereGOV\",VTOTAL1,SUM(OFFSET(CÁLCULO!$AA$15,ROW($X347)-ROW($X$15),1):OFFSET(CÁLCULO!$AL$15,ROW($X347)-ROW($X$15),-1))),IF($C347=0,0,ROUND(SomaAgrup,15-13*$AF$11)))","v":396.36},"RA","RA",{"$f":"IF($C347=\"S\",IF($Z347=\"CP\",$X347,IF($Z347=\"RA\",(($X347)*QCI!$AA$3),0)),SomaAgrup)","v":106.33315036799142},0,{"$f":"IF($N347=\"\",\"\",IF(ORÇAMENTO.Descricao=\"\",\"DESCRIÇÃO\",IF(AND($C347=\"S\",ORÇAMENTO.Unidade=\"\"),\"UNIDADE\",IF($X347<0,\"VALOR NEGATIVO\",IF(OR(AND(TIPOORCAMENTO=\"Proposto\",$AG347<>\"\",$AG347>0,ORÇAMENTO.CustoUnitario>$AG347),AND(TIPOORCAMENTO=\"LICITADO\",ORÇAMENTO.PrecoUnitarioLicitado>$AN347)),\"ACIMA REF.\",\"\")))))","v":""},{"$f":"IF(C347<=CRONO.NivelExibicao,MAX($AD$15:OFFSET(AD347,-1,0))+IF($C347<>1,1,MAX(1,COUNTIF(QCI!$A$13:$A$24,OFFSET($E347,-1,0)))),\"\")","v":""},{"$f":"IF(AND($C347=\"S\",ORÇAMENTO.CodBarra<>\"\"),IF(ORÇAMENTO.Fonte=\"\",ORÇAMENTO.CodBarra,CONCATENATE(ORÇAMENTO.Fonte,\" \",ORÇAMENTO.CodBarra)))","v":"SINAPI 103978"},{"$f":"IF(ISERROR(INDIRECT(ORÇAMENTO.BancoRef)),\"(abra o arquivo 'Referência \"&Excel_BuiltIn_Database&\".xlsm)\",IF(OR($C347<>\"S\",ORÇAMENTO.CodBarra=\"\"),\"(Sem Código)\",IF(ISERROR(MATCH($AE347,INDIRECT(ORÇAMENTO.BancoRef),0)),\"(Código não identificado nas referências)\",MATCH($AE347,INDIRECT(ORÇAMENTO.BancoRef),0))))","v":3862},{"$f":"ROUND(IF(DESONERACAO=\"sim\",REFERENCIA.Desonerado,REFERENCIA.NaoDesonerado),2)","v":27.34},0.2082,null,12,null,null,396.36,33.03]
["S",3,"S",0,{"$f":"IF($C348=1,OFFSET(E348,-1,0)+MAX(1,COUNTIF(QCI!$A$13:$A$24,OFFSET(ORÇAMENTO!E348,-1,0))),OFFSET(E348,-1,0))","v":2},8,2,0,2,0,{"$f":"IF(OR($C348=\"S\",$C348=0),0,MATCH(OFFSET($D348,0,$C348)+IF($C348<>1,1,COUNTIF(QCI!$A$13:$A$24,ORÇAMENTO!E348)),OFFSET($D348,1,$C348,ROW($C$404)-ROW($C348)),0))","v":0},"F","Serviço","Serviço","2.8.2.0.2.","SINAPI","89714",{"$f":"IF($C348=\"S\",REFERENCIA.Descricao,\"(digite a descrição aqui)\")","v":"TUBO PVC, SERIE NORMAL, ESGOTO PREDIAL, DN 100 MM, FORNECIDO E INSTALADO EM RAMAL DE DESCARGA OU RAMAL DE ESGOTO SANITÁRIO. AF_08/2022"},{"$f":"REFERENCIA.Unidade","v":"M"},{"$f":"OFFSET(CÁLCULO!H$15,ROW($T348)-ROW(T$15),0)","v":11},44.54,"BDI 1",{"$f":"IF($C348=\"S\",ROUND(IF(TIPOORCAMENTO=\"Proposto\",ORÇAMENTO.CustoUnitario*(1+$AH348),ORÇAMENTO.PrecoUnitarioLicitado),15-13*$AF$10),0)","v":53.81},{"$f":"IF($C348=\"S\",IF(Import.TipoArredondamento<>\"TransfereGOV\",VTOTAL1,SUM(OFFSET(CÁLCULO!$AA$15,ROW($X348)-ROW($X$15),1):OFFSET(CÁLCULO!$AL$15,ROW($X348)-ROW($X$15),-1))),IF($C348=0,0,ROUND(SomaAgrup,15-13*$AF$11)))","v":591.91},"RA","RA",{"$f":"IF($C348=\"S\",IF($Z348=\"CP\",$X348,IF($Z348=\"RA\",(($X348)*QCI!$AA$3),0)),SomaAgrup)","v":158.79416448258601},0,{"$f":"IF($N348=\"\",\"\",IF(ORÇAMENTO.Descricao=\"\",\"DESCRIÇÃO\",IF(AND($C348=\"S\",ORÇAMENTO.Unidade=\"\"),\"UNIDADE\",IF($X348<0,\"VALOR NEGATIVO\",IF(OR(AND(TIPOORCAMENTO=\"Proposto\",$AG348<>\"\",$AG348>0,ORÇAMENTO.CustoUnitario>$AG348),AND(TIPOORCAMENTO=\"LICITADO\",ORÇAMENTO.PrecoUnitarioLicitado>$AN348)),\"ACIMA REF.\",\"\")))))","v":""},{"$f":"IF(C348<=CRONO.NivelExibicao,MAX($AD$15:OFFSET(AD348,-1,0))+IF($C348<>1,1,MAX(1,COUNTIF(QCI!$A$13:$A$24,OFFSET($E348,-1,0)))),\"\")","v":""},{"$f":"IF(AND($C348=\"S\",ORÇAMENTO.CodBarra<>\"\"),IF(ORÇAMENTO.Fonte=\"\",ORÇAMENTO.CodBarra,CONCATENATE(ORÇAMENTO.Fonte,\" \",ORÇAMENTO.CodBarra)))","v":"SINAPI 89714"},{"$f":"IF(ISERROR(INDIRECT(ORÇAMENTO.BancoRef)),\"(abra o arquivo 'Referência \"&Excel_BuiltIn_Database&\".xlsm)\",IF(OR($C348<>\"S\",ORÇAMENTO.CodBarra=\"\"),\"(Sem Código)\",IF(ISERROR(MATCH($AE348,INDIRECT(ORÇAMENTO.BancoRef),0)),\"(Código não identificado nas referências)\",MATCH($AE348,INDIRECT(ORÇAMENTO.BancoRef),0))))","v":3647},{"$f":"ROUND(IF(DESONERACAO=\"sim\",REFERENCIA.Desonerado,REFERENCIA.NaoDesonerado),2)","v":44.54},0.2082,null,11,null,null,591.91,53.81]
["S",3,"S",0,{"$f":"IF($C349=1,OFFSET(E349,-1,0)+MAX(1,COUNTIF(QCI!$A$13:$A$24,OFFSET(ORÇAMENTO!E349,-1,0))),OFFSET(E349,-1,0))","v":2},8,2,0,3,0,{"$f":"IF(OR($C349=\"S\",$C349=0),0,MATCH(OFFSET($D349,0,$C349)+IF($C349<>1,1,COUNTIF(QCI!$A$13:$A$24,ORÇAMENTO!E349)),OFFSET($D349,1,$C349,ROW($C$404)-ROW($C349)),0))","v":0},"F","Serviço","Serviço","2.8.2.0.3.","SINAPI","103981",{"$f":"IF($C349=\"S\",REFERENCIA.Descricao,\"(digite a descrição aqui)\")","v":"JOELHO 45 GRAUS, PVC, SOLDÁVEL, DN 40MM, INSTALADO EM RAMAL DE DISTRIBUIÇÃO DE ÁGUA - FORNECIMENTO E INSTALAÇÃO. AF_06/2022"},{"$f":"REFERENCIA.Unidade","v":"UN"},{"$f":"OFFSET(CÁLCULO!H$15,ROW($T349)-ROW(T$15),0)","v":5},19.45,"BDI 1",{"$f":"IF($C349=\"S\",ROUND(IF(TIPOORCAMENTO=\"Proposto\",ORÇAMENTO.CustoUnitario*(1+$AH349),ORÇAMENTO.PrecoUnitarioLicitado),15-13*$AF$10),0)","v":23.5},{"$f":"IF($C349=\"S\",IF(Import.TipoArredondamento<>\"TransfereGOV\",VTOTAL1,SUM(OFFSET(CÁLCULO!$AA$15,ROW($X349)-ROW($X$15),1):OFFSET(CÁLCULO!$AL$15,ROW($X349)-ROW($X$15),-1))),IF($C349=0,0,ROUND(SomaAgrup,15-13*$AF$11)))","v":117.5},"RA","RA",{"$f":"IF($C349=\"S\",IF($Z349=\"CP\",$X349,IF($Z349=\"RA\",(($X349)*QCI!$AA$3),0)),SomaAgrup)","v":31.522215077805509},0,{"$f":"IF($N349=\"\",\"\",IF(ORÇAMENTO.Descricao=\"\",\"DESCRIÇÃO\",IF(AND($C349=\"S\",ORÇAMENTO.Unidade=\"\"),\"UNIDADE\",IF($X349<0,\"VALOR NEGATIVO\",IF(OR(AND(TIPOORCAMENTO=\"Proposto\",$AG349<>\"\",$AG349>0,ORÇAMENTO.CustoUnitario>$AG349),AND(TIPOORCAMENTO=\"LICITADO\",ORÇAMENTO.PrecoUnitarioLicitado>$AN349)),\"ACIMA REF.\",\"\")))))","v":""},{"$f":"IF(C349<=CRONO.NivelExibicao,MAX($AD$15:OFFSET(AD349,-1,0))+IF($C349<>1,1,MAX(1,COUNTIF(QCI!$A$13:$A$24,OFFSET($E349,-1,0)))),\"\")","v":""},{"$f":"IF(AND($C349=\"S\",ORÇAMENTO.CodBarra<>\"\"),IF(ORÇAMENTO.Fonte=\"\",ORÇAMENTO.CodBarra,CONCATENATE(ORÇAMENTO.Fonte,\" \",ORÇAMENTO.CodBarra)))","v":"SINAPI 103981"},{"$f":"IF(ISERROR(INDIRECT(ORÇAMENTO.BancoRef)),\"(abra o arquivo 'Referência \"&Excel_BuiltIn_Database&\".xlsm)\",IF(OR($C349<>\"S\",ORÇAMENTO.CodBarra=\"\"),\"(Sem Código)\",IF(ISERROR(MATCH($AE349,INDIRECT(ORÇAMENTO.BancoRef),0)),\"(Código não identificado nas referências)\",MATCH($AE349,INDIRECT(ORÇAMENTO.BancoRef),0))))","v":5040},{"$f":"ROUND(IF(DESONERACAO=\"sim\",REFERENCIA.Desonerado,REFERENCIA.NaoDesonerado),2)","v":19.45},0.2082,null,5,null,null,117.5,23.5]
["S",3,"S",0,{"$f":"IF($C350=1,OFFSET(E350,-1,0)+MAX(1,COUNTIF(QCI!$A$13:$A$24,OFFSET(ORÇAMENTO!E350,-1,0))),OFFSET(E350,-1,0))","v":2},8,2,0,4,0,{"$f":"IF(OR($C350=\"S\",$C350=0),0,MATCH(OFFSET($D350,0,$C350)+IF($C350<>1,1,COUNTIF(QCI!$A$13:$A$24,ORÇAMENTO!E350)),OFFSET($D350,1,$C350,ROW($C$404)-ROW($C350)),0))","v":0},"F","Serviço","Serviço","2.8.2.0.4.","SINAPI","103980",{"$f":"IF($C350=\"S\",REFERENCIA.Descricao,\"(digite a descrição aqui)\")","v":"JOELHO 90 GRAUS, PVC, SOLDÁVEL, DN 40MM, INSTALADO EM RAMAL DE DISTRIBUIÇÃO DE ÁGUA - FORNECIMENTO E INSTALAÇÃO. AF_06/2022"},{"$f":"REFERENCIA.Unidade","v":"UN"},{"$f":"OFFSET(CÁLCULO!H$15,ROW($T350)-ROW(T$15),0)","v":7},19.399999999999999,"BDI 1",{"$f":"IF($C350=\"S\",ROUND(IF(TIPOORCAMENTO=\"Proposto\",ORÇAMENTO.CustoUnitario*(1+$AH350),ORÇAMENTO.PrecoUnitarioLicitado),15-13*$AF$10),0)","v":23.44},{"$f":"IF($C350=\"S\",IF(Import.TipoArredondamento<>\"TransfereGOV\",VTOTAL1,SUM(OFFSET(CÁLCULO!$AA$15,ROW($X350)-ROW($X$15),1):OFFSET(CÁLCULO!$AL$15,ROW($X350)-ROW($X$15),-1))),IF($C350=0,0,ROUND(SomaAgrup,15-13*$AF$11)))","v":164.08},"RA","RA",{"$f":"IF($C350=\"S\",IF($Z350=\"CP\",$X350,IF($Z350=\"RA\",(($X350)*QCI!$AA$3),0)),SomaAgrup)","v":44.01842595716024},0,{"$f":"IF($N350=\"\",\"\",IF(ORÇAMENTO.Descricao=\"\",\"DESCRIÇÃO\",IF(AND($C350=\"S\",ORÇAMENTO.Unidade=\"\"),\"UNIDADE\",IF($X350<0,\"VALOR NEGATIVO\",IF(OR(AND(TIPOORCAMENTO=\"Proposto\",$AG350<>\"\",$AG350>0,ORÇAMENTO.CustoUnitario>$AG350),AND(TIPOORCAMENTO=\"LICITADO\",ORÇAMENTO.PrecoUnitarioLicitado>$AN350)),\"ACIMA REF.\",\"\")))))","v":""},{"$f":"IF(C350<=CRONO.NivelExibicao,MAX($AD$15:OFFSET(AD350,-1,0))+IF($C350<>1,1,MAX(1,COUNTIF(QCI!$A$13:$A$24,OFFSET($E350,-1,0)))),\"\")","v":""},{"$f":"IF(AND($C350=\"S\",ORÇAMENTO.CodBarra<>\"\"),IF(ORÇAMENTO.Fonte=\"\",ORÇAMENTO.CodBarra,CONCATENATE(ORÇAMENTO.Fonte,\" \",ORÇAMENTO.CodBarra)))","v":"SINAPI 103980"},{"$f":"IF(ISERROR(INDIRECT(ORÇAMENTO.BancoRef)),\"(abra o arquivo 'Referência \"&Excel_BuiltIn_Database&\".xlsm)\",IF(OR($C350<>\"S\",ORÇAMENTO.CodBarra=\"\"),\"(Sem Código)\",IF(ISERROR(MATCH($AE350,INDIRECT(ORÇAMENTO.BancoRef),0)),\"(Código não identificado nas referências)\",MATCH($AE350,INDIRECT(ORÇAMENTO.BancoRef),0))))","v":5039},{"$f":"ROUND(IF(DESONERACAO=\"sim\",REFERENCIA.Desonerado,REFERENCIA.NaoDesonerado),2)","v":19.399999999999999},0.2082,null,7,null,null,164.08,23.44]
["S",3,"S",0,{"$f":"IF($C351=1,OFFSET(E351,-1,0)+MAX(1,COUNTIF(QCI!$A$13:$A$24,OFFSET(ORÇAMENTO!E351,-1,0))),OFFSET(E351,-1,0))","v":2},8,2,0,5,0,{"$f":"IF(OR($C351=\"S\",$C351=0),0,MATCH(OFFSET($D351,0,$C351)+IF($C351<>1,1,COUNTIF(QCI!$A$13:$A$24,ORÇAMENTO!E351)),OFFSET($D351,1,$C351,ROW($C$404)-ROW($C351)),0))","v":0},"F","Serviço","Serviço","2.8.2.0.5.","SINAPI","89744",{"$f":"IF($C351=\"S\",REFERENCIA.Descricao,\"(digite a descrição aqui)\")","v":"JOELHO 90 GRAUS, PVC, SERIE NORMAL, ESGOTO PREDIAL, DN 100 MM, JUNTA ELÁSTICA, FORNECIDO E INSTALADO EM RAMAL DE DESCARGA OU RAMAL DE ESGOTO SANITÁRIO. AF_08/2022"},{"$f":"REFERENCIA.Unidade","v":"UN"},{"$f":"OFFSET(CÁLCULO!H$15,ROW($T351)-ROW(T$15),0)","v":5},29.52,"BDI 1",{"$f":"IF($C351=\"S\",ROUND(IF(TIPOORCAMENTO=\"Proposto\",ORÇAMENTO.CustoUnitario*(1+$AH351),ORÇAMENTO.PrecoUnitarioLicitado),15-13*$AF$10),0)","v":35.67},{"$f":"IF($C351=\"S\",IF(Import.TipoArredondamento<>\"TransfereGOV\",VTOTAL1,SUM(OFFSET(CÁLCULO!$AA$15,ROW($X351)-ROW($X$15),1):OFFSET(CÁLCULO!$AL$15,ROW($X351)-ROW($X$15),-1))),IF($C351=0,0,ROUND(SomaAgrup,15-13*$AF$11)))","v":178.35},"RA","RA",{"$f":"IF($C351=\"S\",IF($Z351=\"CP\",$X351,IF($Z351=\"RA\",(($X351)*QCI!$AA$3),0)),SomaAgrup)","v":47.846698375545635},0,{"$f":"IF($N351=\"\",\"\",IF(ORÇAMENTO.Descricao=\"\",\"DESCRIÇÃO\",IF(AND($C351=\"S\",ORÇAMENTO.Unidade=\"\"),\"UNIDADE\",IF($X351<0,\"VALOR NEGATIVO\",IF(OR(AND(TIPOORCAMENTO=\"Proposto\",$AG351<>\"\",$AG351>0,ORÇAMENTO.CustoUnitario>$AG351),AND(TIPOORCAMENTO=\"LICITADO\",ORÇAMENTO.PrecoUnitarioLicitado>$AN351)),\"ACIMA REF.\",\"\")))))","v":""},{"$f":"IF(C351<=CRONO.NivelExibicao,MAX($AD$15:OFFSET(AD351,-1,0))+IF($C351<>1,1,MAX(1,COUNTIF(QCI!$A$13:$A$24,OFFSET($E351,-1,0)))),\"\")","v":""},{"$f":"IF(AND($C351=\"S\",ORÇAMENTO.CodBarra<>\"\"),IF(ORÇAMENTO.Fonte=\"\",ORÇAMENTO.CodBarra,CONCATENATE(ORÇAMENTO.Fonte,\" \",ORÇAMENTO.CodBarra)))","v":"SINAPI 89744"},{"$f":"IF(ISERROR(INDIRECT(ORÇAMENTO.BancoRef)),\"(abra o arquivo 'Referência \"&Excel_BuiltIn_Database&\".xlsm)\",IF(OR($C351<>\"S\",ORÇAMENTO.CodBarra=\"\"),\"(Sem Código)\",IF(ISERROR(MATCH($AE351,INDIRECT(ORÇAMENTO.BancoRef),0)),\"(Código não identificado nas referências)\",MATCH($AE351,INDIRECT(ORÇAMENTO.BancoRef),0))))","v":4171},{"$f":"ROUND(IF(DESONERACAO=\"sim\",REFERENCIA.Desonerado,REFERENCIA.NaoDesonerado),2)","v":29.52},0.2082,null,5,null,null,178.35,35.67]
["S",3,"S",0,{"$f":"IF($C352=1,OFFSET(E352,-1,0)+MAX(1,COUNTIF(QCI!$A$13:$A$24,OFFSET(ORÇAMENTO!E352,-1,0))),OFFSET(E352,-1,0))","v":2},8,2,0,6,0,{"$f":"IF(OR($C352=\"S\",$C352=0),0,MATCH(OFFSET($D352,0,$C352)+IF($C352<>1,1,COUNTIF(QCI!$A$13:$A$24,ORÇAMENTO!E352)),OFFSET($D352,1,$C352,ROW($C$404)-ROW($C352)),0))","v":0},"F","Serviço","Serviço","2.8.2.0.6.","SINAPI","89797",{"$f":"IF($C352=\"S\",REFERENCIA.Descricao,\"(digite a descrição aqui)\")","v":"JUNÇÃO SIMPLES, PVC, SERIE NORMAL, ESGOTO PREDIAL, DN 100 X 100 MM, JUNTA ELÁSTICA, FORNECIDO E INSTALADO EM RAMAL DE DESCARGA OU RAMAL DE ESGOTO SANITÁRIO. AF_08/2022"},{"$f":"REFERENCIA.Unidade","v":"UN"},{"$f":"OFFSET(CÁLCULO!H$15,ROW($T352)-ROW(T$15),0)","v":2},54.86,"BDI 1",{"$f":"IF($C352=\"S\",ROUND(IF(TIPOORCAMENTO=\"Proposto\",ORÇAMENTO.CustoUnitario*(1+$AH352),ORÇAMENTO.PrecoUnitarioLicitado),15-13*$AF$10),0)","v":66.28},{"$f":"IF($C352=\"S\",IF(Import.TipoArredondamento<>\"TransfereGOV\",VTOTAL1,SUM(OFFSET(CÁLCULO!$AA$15,ROW($X352)-ROW($X$15),1):OFFSET(CÁLCULO!$AL$15,ROW($X352)-ROW($X$15),-1))),IF($C352=0,0,ROUND(SomaAgrup,15-13*$AF$11)))","v":132.56},"RA","RA",{"$f":"IF($C352=\"S\",IF($Z352=\"CP\",$X352,IF($Z352=\"RA\",(($X352)*QCI!$AA$3),0)),SomaAgrup)","v":35.562424091182109},0,{"$f":"IF($N352=\"\",\"\",IF(ORÇAMENTO.Descricao=\"\",\"DESCRIÇÃO\",IF(AND($C352=\"S\",ORÇAMENTO.Unidade=\"\"),\"UNIDADE\",IF($X352<0,\"VALOR NEGATIVO\",IF(OR(AND(TIPOORCAMENTO=\"Proposto\",$AG352<>\"\",$AG352>0,ORÇAMENTO.CustoUnitario>$AG352),AND(TIPOORCAMENTO=\"LICITADO\",ORÇAMENTO.PrecoUnitarioLicitado>$AN352)),\"ACIMA REF.\",\"\")))))","v":""},{"$f":"IF(C352<=CRONO.NivelExibicao,MAX($AD$15:OFFSET(AD352,-1,0))+IF($C352<>1,1,MAX(1,COUNTIF(QCI!$A$13:$A$24,OFFSET($E352,-1,0)))),\"\")","v":""},{"$f":"IF(AND($C352=\"S\",ORÇAMENTO.CodBarra<>\"\"),IF(ORÇAMENTO.Fonte=\"\",ORÇAMENTO.CodBarra,CONCATENATE(ORÇAMENTO.Fonte,\" \",ORÇAMENTO.CodBarra)))","v":"SINAPI 89797"},{"$f":"IF(ISERROR(INDIRECT(ORÇAMENTO.BancoRef)),\"(abra o arquivo 'Referência \"&Excel_BuiltIn_Database&\".xlsm)\",IF(OR($C352<>\"S\",ORÇAMENTO.CodBarra=\"\"),\"(Sem Código)\",IF(ISERROR(MATCH($AE352,INDIRECT(ORÇAMENTO.BancoRef),0)),\"(Código não identificado nas referências)\",MATCH($AE352,INDIRECT(ORÇAMENTO.BancoRef),0))))","v":4217},{"$f":"ROUND(IF(DESONERACAO=\"sim\",REFERENCIA.Desonerado,REFERENCIA.NaoDesonerado),2)","v":54.86},0.2082,null,2,null,null,132.56,66.28]
["S",3,"S",0,{"$f":"IF($C353=1,OFFSET(E353,-1,0)+MAX(1,COUNTIF(QCI!$A$13:$A$24,OFFSET(ORÇAMENTO!E353,-1,0))),OFFSET(E353,-1,0))","v":2},8,2,0,7,0,{"$f":"IF(OR($C353=\"S\",$C353=0),0,MATCH(OFFSET($D353,0,$C353)+IF($C353<>1,1,COUNTIF(QCI!$A$13:$A$24,ORÇAMENTO!E353)),OFFSET($D353,1,$C353,ROW($C$404)-ROW($C353)),0))","v":0},"F","Serviço","Serviço","2.8.2.0.7.","SINAPI","104327",{"$f":"IF($C353=\"S\",REFERENCIA.Descricao,\"(digite a descrição aqui)\")","v":"RALO SIFONADO REDONDO, PVC, DN 100 X 40 MM, JUNTA SOLDÁVEL, FORNECIDO E INSTALADO EM RAMAL DE DESCARGA OU EM RAMAL DE ESGOTO SANITÁRIO. AF_08/2022"},{"$f":"REFERENCIA.Unidade","v":"UN"},{"$f":"OFFSET(CÁLCULO!H$15,ROW($T353)-ROW(T$15),0)","v":2},21.09,"BDI 1",{"$f":"IF($C353=\"S\",ROUND(IF(TIPOORCAMENTO=\"Proposto\",ORÇAMENTO.CustoUnitario*(1+$AH353),ORÇAMENTO.PrecoUnitarioLicitado),15-13*$AF$10),0)","v":25.48},{"$f":"IF($C353=\"S\",IF(Import.TipoArredondamento<>\"TransfereGOV\",VTOTAL1,SUM(OFFSET(CÁLCULO!$AA$15,ROW($X353)-ROW($X$15),1):OFFSET(CÁLCULO!$AL$15,ROW($X353)-ROW($X$15),-1))),IF($C353=0,0,ROUND(SomaAgrup,15-13*$AF$11)))","v":50.96},"RA","RA",{"$f":"IF($C353=\"S\",IF($Z353=\"CP\",$X353,IF($Z353=\"RA\",(($X353)*QCI!$AA$3),0)),SomaAgrup)","v":13.671251747786968},0,{"$f":"IF($N353=\"\",\"\",IF(ORÇAMENTO.Descricao=\"\",\"DESCRIÇÃO\",IF(AND($C353=\"S\",ORÇAMENTO.Unidade=\"\"),\"UNIDADE\",IF($X353<0,\"VALOR NEGATIVO\",IF(OR(AND(TIPOORCAMENTO=\"Proposto\",$AG353<>\"\",$AG353>0,ORÇAMENTO.CustoUnitario>$AG353),AND(TIPOORCAMENTO=\"LICITADO\",ORÇAMENTO.PrecoUnitarioLicitado>$AN353)),\"ACIMA REF.\",\"\")))))","v":""},{"$f":"IF(C353<=CRONO.NivelExibicao,MAX($AD$15:OFFSET(AD353,-1,0))+IF($C353<>1,1,MAX(1,COUNTIF(QCI!$A$13:$A$24,OFFSET($E353,-1,0)))),\"\")","v":""},{"$f":"IF(AND($C353=\"S\",ORÇAMENTO.CodBarra<>\"\"),IF(ORÇAMENTO.Fonte=\"\",ORÇAMENTO.CodBarra,CONCATENATE(ORÇAMENTO.Fonte,\" \",ORÇAMENTO.CodBarra)))","v":"SINAPI 104327"},{"$f":"IF(ISERROR(INDIRECT(ORÇAMENTO.BancoRef)),\"(abra o arquivo 'Referência \"&Excel_BuiltIn_Database&\".xlsm)\",IF(OR($C353<>\"S\",ORÇAMENTO.CodBarra=\"\"),\"(Sem Código)\",IF(ISERROR(MATCH($AE353,INDIRECT(ORÇAMENTO.BancoRef),0)),\"(Código não identificado nas referências)\",MATCH($AE353,INDIRECT(ORÇAMENTO.BancoRef),0))))","v":5294},{"$f":"ROUND(IF(DESONERACAO=\"sim\",REFERENCIA.Desonerado,REFERENCIA.NaoDesonerado),2)","v":21.09},0.2082,null,2,null,null,50.96,25.48]
["S",3,"S",0,{"$f":"IF($C354=1,OFFSET(E354,-1,0)+MAX(1,COUNTIF(QCI!$A$13:$A$24,OFFSET(ORÇAMENTO!E354,-1,0))),OFFSET(E354,-1,0))","v":2},8,2,0,8,0,{"$f":"IF(OR($C354=\"S\",$C354=0),0,MATCH(OFFSET($D354,0,$C354)+IF($C354<>1,1,COUNTIF(QCI!$A$13:$A$24,ORÇAMENTO!E354)),OFFSET($D354,1,$C354,ROW($C$404)-ROW($C354)),0))","v":0},"F","Serviço","Serviço","2.8.2.0.8.","SINAPI","98062",{"$f":"IF($C354=\"S\",REFERENCIA.Descricao,\"(digite a descrição aqui)\")","v":"SUMIDOURO CIRCULAR, EM CONCRETO PRÉ-MOLDADO, DIÂMETRO INTERNO = 1,88 M, ALTURA INTERNA = 2,00 M, ÁREA DE INFILTRAÇÃO: 13,1 M² (PARA 5 CONTRIBUINTES). AF_12/2020_PA"},{"$f":"REFERENCIA.Unidade","v":"UN"},{"$f":"OFFSET(CÁLCULO!H$15,ROW($T354)-ROW(T$15),0)","v":1},3158.35,"BDI 1",{"$f":"IF($C354=\"S\",ROUND(IF(TIPOORCAMENTO=\"Proposto\",ORÇAMENTO.CustoUnitario*(1+$AH354),ORÇAMENTO.PrecoUnitarioLicitado),15-13*$AF$10),0)","v":3815.92},{"$f":"IF($C354=\"S\",IF(Import.TipoArredondamento<>\"TransfereGOV\",VTOTAL1,SUM(OFFSET(CÁLCULO!$AA$15,ROW($X354)-ROW($X$15),1):OFFSET(CÁLCULO!$AL$15,ROW($X354)-ROW($X$15),-1))),IF($C354=0,0,ROUND(SomaAgrup,15-13*$AF$11)))","v":3815.92},"RA","RA",{"$f":"IF($C354=\"S\",IF($Z354=\"CP\",$X354,IF($Z354=\"RA\",(($X354)*QCI!$AA$3),0)),SomaAgrup)","v":1023.7127741251029},0,{"$f":"IF($N354=\"\",\"\",IF(ORÇAMENTO.Descricao=\"\",\"DESCRIÇÃO\",IF(AND($C354=\"S\",ORÇAMENTO.Unidade=\"\"),\"UNIDADE\",IF($X354<0,\"VALOR NEGATIVO\",IF(OR(AND(TIPOORCAMENTO=\"Proposto\",$AG354<>\"\",$AG354>0,ORÇAMENTO.CustoUnitario>$AG354),AND(TIPOORCAMENTO=\"LICITADO\",ORÇAMENTO.PrecoUnitarioLicitado>$AN354)),\"ACIMA REF.\",\"\")))))","v":""},{"$f":"IF(C354<=CRONO.NivelExibicao,MAX($AD$15:OFFSET(AD354,-1,0))+IF($C354<>1,1,MAX(1,COUNTIF(QCI!$A$13:$A$24,OFFSET($E354,-1,0)))),\"\")","v":""},{"$f":"IF(AND($C354=\"S\",ORÇAMENTO.CodBarra<>\"\"),IF(ORÇAMENTO.Fonte=\"\",ORÇAMENTO.CodBarra,CONCATENATE(ORÇAMENTO.Fonte,\" \",ORÇAMENTO.CodBarra)))","v":"SINAPI 98062"},{"$f":"IF(ISERROR(INDIRECT(ORÇAMENTO.BancoRef)),\"(abra o arquivo 'Referência \"&Excel_BuiltIn_Database&\".xlsm)\",IF(OR($C354<>\"S\",ORÇAMENTO.CodBarra=\"\"),\"(Sem Código)\",IF(ISERROR(MATCH($AE354,INDIRECT(ORÇAMENTO.BancoRef),0)),\"(Código não identificado nas referências)\",MATCH($AE354,INDIRECT(ORÇAMENTO.BancoRef),0))))","v":5409},{"$f":"ROUND(IF(DESONERACAO=\"sim\",REFERENCIA.Desonerado,REFERENCIA.NaoDesonerado),2)","v":3158.35},0.2082,null,1,null,null,3815.92,3815.92]
["S",3,"S",0,{"$f":"IF($C355=1,OFFSET(E355,-1,0)+MAX(1,COUNTIF(QCI!$A$13:$A$24,OFFSET(ORÇAMENTO!E355,-1,0))),OFFSET(E355,-1,0))","v":2},8,2,0,9,0,{"$f":"IF(OR($C355=\"S\",$C355=0),0,MATCH(OFFSET($D355,0,$C355)+IF($C355<>1,1,COUNTIF(QCI!$A$13:$A$24,ORÇAMENTO!E355)),OFFSET($D355,1,$C355,ROW($C$404)-ROW($C355)),0))","v":0},"F","Serviço","Serviço","2.8.2.0.9.","SINAPI","98052",{"$f":"IF($C355=\"S\",REFERENCIA.Descricao,\"(digite a descrição aqui)\")","v":"TANQUE SÉPTICO CIRCULAR, EM CONCRETO PRÉ-MOLDADO, DIÂMETRO INTERNO = 1,10 M, ALTURA INTERNA = 2,50 M, VOLUME ÚTIL: 2138,2 L (PARA 5 CONTRIBUINTES). AF_12/2020_PA"},{"$f":"REFERENCIA.Unidade","v":"UN"},{"$f":"OFFSET(CÁLCULO!H$15,ROW($T355)-ROW(T$15),0)","v":1},2159.94,"BDI 1",{"$f":"IF($C355=\"S\",ROUND(IF(TIPOORCAMENTO=\"Proposto\",ORÇAMENTO.CustoUnitario*(1+$AH355),ORÇAMENTO.PrecoUnitarioLicitado),15-13*$AF$10),0)","v":2609.64},{"$f":"IF($C355=\"S\",IF(Import.TipoArredondamento<>\"TransfereGOV\",VTOTAL1,SUM(OFFSET(CÁLCULO!$AA$15,ROW($X355)-ROW($X$15),1):OFFSET(CÁLCULO!$AL$15,ROW($X355)-ROW($X$15),-1))),IF($C355=0,0,ROUND(SomaAgrup,15-13*$AF$11)))","v":2609.64},"RA","RA",{"$f":"IF($C355=\"S\",IF($Z355=\"CP\",$X355,IF($Z355=\"RA\",(($X355)*QCI!$AA$3),0)),SomaAgrup)","v":700.0990072820797},0,{"$f":"IF($N355=\"\",\"\",IF(ORÇAMENTO.Descricao=\"\",\"DESCRIÇÃO\",IF(AND($C355=\"S\",ORÇAMENTO.Unidade=\"\"),\"UNIDADE\",IF($X355<0,\"VALOR NEGATIVO\",IF(OR(AND(TIPOORCAMENTO=\"Proposto\",$AG355<>\"\",$AG355>0,ORÇAMENTO.CustoUnitario>$AG355),AND(TIPOORCAMENTO=\"LICITADO\",ORÇAMENTO.PrecoUnitarioLicitado>$AN355)),\"ACIMA REF.\",\"\")))))","v":""},{"$f":"IF(C355<=CRONO.NivelExibicao,MAX($AD$15:OFFSET(AD355,-1,0))+IF($C355<>1,1,MAX(1,COUNTIF(QCI!$A$13:$A$24,OFFSET($E355,-1,0)))),\"\")","v":""},{"$f":"IF(AND($C355=\"S\",ORÇAMENTO.CodBarra<>\"\"),IF(ORÇAMENTO.Fonte=\"\",ORÇAMENTO.CodBarra,CONCATENATE(ORÇAMENTO.Fonte,\" \",ORÇAMENTO.CodBarra)))","v":"SINAPI 98052"},{"$f":"IF(ISERROR(INDIRECT(ORÇAMENTO.BancoRef)),\"(abra o arquivo 'Referência \"&Excel_BuiltIn_Database&\".xlsm)\",IF(OR($C355<>\"S\",ORÇAMENTO.CodBarra=\"\"),\"(Sem Código)\",IF(ISERROR(MATCH($AE355,INDIRECT(ORÇAMENTO.BancoRef),0)),\"(Código não identificado nas referências)\",MATCH($AE355,INDIRECT(ORÇAMENTO.BancoRef),0))))","v":5399},{"$f":"ROUND(IF(DESONERACAO=\"sim\",REFERENCIA.Desonerado,REFERENCIA.NaoDesonerado),2)","v":2159.94},0.2082,null,1,null,null,2609.64,2609.64]
[3,3,3,6,{"$f":"IF($C356=1,OFFSET(E356,-1,0)+MAX(1,COUNTIF(QCI!$A$13:$A$24,OFFSET(ORÇAMENTO!E356,-1,0))),OFFSET(E356,-1,0))","v":2},8,3,0,0,6,{"$f":"IF(OR($C356=\"S\",$C356=0),0,MATCH(OFFSET($D356,0,$C356)+IF($C356<>1,1,COUNTIF(QCI!$A$13:$A$24,ORÇAMENTO!E356)),OFFSET($D356,1,$C356,ROW($C$404)-ROW($C356)),0))","v":35},"F","Nível 3","Nível 3","2.8.3.","SINAPI",null,"PLUVIAL",{"$f":"REFERENCIA.Unidade","v":"-"},{"$f":"OFFSET(CÁLCULO!H$15,ROW($T356)-ROW(T$15),0)","v":0},null,"BDI 1",{"$f":"IF($C356=\"S\",ROUND(IF(TIPOORCAMENTO=\"Proposto\",ORÇAMENTO.CustoUnitario*(1+$AH356),ORÇAMENTO.PrecoUnitarioLicitado),15-13*$AF$10),0)","v":0},{"$f":"IF($C356=\"S\",IF(Import.TipoArredondamento<>\"TransfereGOV\",VTOTAL1,SUM(OFFSET(CÁLCULO!$AA$15,ROW($X356)-ROW($X$15),1):OFFSET(CÁLCULO!$AL$15,ROW($X356)-ROW($X$15),-1))),IF($C356=0,0,ROUND(SomaAgrup,15-13*$AF$11)))","v":6613.31},"RA","",{"$f":"IF($C356=\"S\",IF($Z356=\"CP\",$X356,IF($Z356=\"RA\",(($X356)*QCI!$AA$3),0)),SomaAgrup)","v":1774.1802569889526},0,{"$f":"IF($N356=\"\",\"\",IF(ORÇAMENTO.Descricao=\"\",\"DESCRIÇÃO\",IF(AND($C356=\"S\",ORÇAMENTO.Unidade=\"\"),\"UNIDADE\",IF($X356<0,\"VALOR NEGATIVO\",IF(OR(AND(TIPOORCAMENTO=\"Proposto\",$AG356<>\"\",$AG356>0,ORÇAMENTO.CustoUnitario>$AG356),AND(TIPOORCAMENTO=\"LICITADO\",ORÇAMENTO.PrecoUnitarioLicitado>$AN356)),\"ACIMA REF.\",\"\")))))","v":""},{"$f":"IF(C356<=CRONO.NivelExibicao,MAX($AD$15:OFFSET(AD356,-1,0))+IF($C356<>1,1,MAX(1,COUNTIF(QCI!$A$13:$A$24,OFFSET($E356,-1,0)))),\"\")","v":""},{"$f":"IF(AND($C356=\"S\",ORÇAMENTO.CodBarra<>\"\"),IF(ORÇAMENTO.Fonte=\"\",ORÇAMENTO.CodBarra,CONCATENATE(ORÇAMENTO.Fonte,\" \",ORÇAMENTO.CodBarra)))","v":false},{"$f":"IF(ISERROR(INDIRECT(ORÇAMENTO.BancoRef)),\"(abra o arquivo 'Referência \"&Excel_BuiltIn_Database&\".xlsm)\",IF(OR($C356<>\"S\",ORÇAMENTO.CodBarra=\"\"),\"(Sem Código)\",IF(ISERROR(MATCH($AE356,INDIRECT(ORÇAMENTO.BancoRef),0)),\"(Código não identificado nas referências)\",MATCH($AE356,INDIRECT(ORÇAMENTO.BancoRef),0))))","v":"(Sem Código)"},{"$f":"ROUND(IF(DESONERACAO=\"sim\",REFERENCIA.Desonerado,REFERENCIA.NaoDesonerado),2)","v":0},0.2082,null,null,null,null,6613.31,0]
["S",3,"S",0,{"$f":"IF($C357=1,OFFSET(E357,-1,0)+MAX(1,COUNTIF(QCI!$A$13:$A$24,OFFSET(ORÇAMENTO!E357,-1,0))),OFFSET(E357,-1,0))","v":2},8,3,0,1,0,{"$f":"IF(OR($C357=\"S\",$C357=0),0,MATCH(OFFSET($D357,0,$C357)+IF($C357<>1,1,COUNTIF(QCI!$A$13:$A$24,ORÇAMENTO!E357)),OFFSET($D357,1,$C357,ROW($C$404)-ROW($C357)),0))","v":0},"F","Serviço","Serviço","2.8.3.0.1.","SINAPI","89578",{"$f":"IF($C357=\"S\",REFERENCIA.Descricao,\"(digite a descrição aqui)\")","v":"TUBO PVC, SÉRIE R, ÁGUA PLUVIAL, DN 100 MM, FORNECIDO E INSTALADO EM CONDUTORES VERTICAIS DE ÁGUAS PLUVIAIS. AF_06/2022"},{"$f":"REFERENCIA.Unidade","v":"M"},{"$f":"OFFSET(CÁLCULO!H$15,ROW($T357)-ROW(T$15),0)","v":24.5},36.31,"BDI 1",{"$f":"IF($C357=\"S\",ROUND(IF(TIPOORCAMENTO=\"Proposto\",ORÇAMENTO.CustoUnitario*(1+$AH357),ORÇAMENTO.PrecoUnitarioLicitado),15-13*$AF$10),0)","v":43.87},{"$f":"IF($C357=\"S\",IF(Import.TipoArredondamento<>\"TransfereGOV\",VTOTAL1,SUM(OFFSET(CÁLCULO!$AA$15,ROW($X357)-ROW($X$15),1):OFFSET(CÁLCULO!$AL$15,ROW($X357)-ROW($X$15),-1))),IF($C357=0,0,ROUND(SomaAgrup,15-13*$AF$11)))","v":1074.82},"RA","RA",{"$f":"IF($C357=\"S\",IF($Z357=\"CP\",$X357,IF($Z357=\"RA\",(($X357)*QCI!$AA$3),0)),SomaAgrup)","v":288.3464443398035},0,{"$f":"IF($N357=\"\",\"\",IF(ORÇAMENTO.Descricao=\"\",\"DESCRIÇÃO\",IF(AND($C357=\"S\",ORÇAMENTO.Unidade=\"\"),\"UNIDADE\",IF($X357<0,\"VALOR NEGATIVO\",IF(OR(AND(TIPOORCAMENTO=\"Proposto\",$AG357<>\"\",$AG357>0,ORÇAMENTO.CustoUnitario>$AG357),AND(TIPOORCAMENTO=\"LICITADO\",ORÇAMENTO.PrecoUnitarioLicitado>$AN357)),\"ACIMA REF.\",\"\")))))","v":""},{"$f":"IF(C357<=CRONO.NivelExibicao,MAX($AD$15:OFFSET(AD357,-1,0))+IF($C357<>1,1,MAX(1,COUNTIF(QCI!$A$13:$A$24,OFFSET($E357,-1,0)))),\"\")","v":""},{"$f":"IF(AND($C357=\"S\",ORÇAMENTO.CodBarra<>\"\"),IF(ORÇAMENTO.Fonte=\"\",ORÇAMENTO.CodBarra,CONCATENATE(ORÇAMENTO.Fonte,\" \",ORÇAMENTO.CodBarra)))","v":"SINAPI 89578"},{"$f":"IF(ISERROR(INDIRECT(ORÇAMENTO.BancoRef)),\"(abra o arquivo 'Referência \"&Excel_BuiltIn_Database&\".xlsm)\",IF(OR($C357<>\"S\",ORÇAMENTO.CodBarra=\"\"),\"(Sem Código)\",IF(ISERROR(MATCH($AE357,INDIRECT(ORÇAMENTO.BancoRef),0)),\"(Código não identificado nas referências)\",MATCH($AE357,INDIRECT(ORÇAMENTO.BancoRef),0))))","v":3638},{"$f":"ROUND(IF(DESONERACAO=\"sim\",REFERENCIA.Desonerado,REFERENCIA.NaoDesonerado),2)","v":36.31},0.2082,null,24.5,null,null,1074.82,43.87]
["S",3,"S",0,{"$f":"IF($C358=1,OFFSET(E358,-1,0)+MAX(1,COUNTIF(QCI!$A$13:$A$24,OFFSET(ORÇAMENTO!E358,-1,0))),OFFSET(E358,-1,0))","v":2},8,3,0,2,0,{"$f":"IF(OR($C358=\"S\",$C358=0),0,MATCH(OFFSET($D358,0,$C358)+IF($C358<>1,1,COUNTIF(QCI!$A$13:$A$24,ORÇAMENTO!E358)),OFFSET($D358,1,$C358,ROW($C$404)-ROW($C358)),0))","v":0},"F","Serviço","Serviço","2.8.3.0.2.","SINAPI","89512",{"$f":"IF($C358=\"S\",REFERENCIA.Descricao,\"(digite a descrição aqui)\")","v":"TUBO PVC, SÉRIE R, ÁGUA PLUVIAL, DN 100 MM, FORNECIDO E INSTALADO EM RAMAL DE ENCAMINHAMENTO. AF_06/2022"},{"$f":"REFERENCIA.Unidade","v":"M"},{"$f":"OFFSET(CÁLCULO!H$15,ROW($T358)-ROW(T$15),0)","v":53},56.45,"BDI 1",{"$f":"IF($C358=\"S\",ROUND(IF(TIPOORCAMENTO=\"Proposto\",ORÇAMENTO.CustoUnitario*(1+$AH358),ORÇAMENTO.PrecoUnitarioLicitado),15-13*$AF$10),0)","v":68.2},{"$f":"IF($C358=\"S\",IF(Import.TipoArredondamento<>\"TransfereGOV\",VTOTAL1,SUM(OFFSET(CÁLCULO!$AA$15,ROW($X358)-ROW($X$15),1):OFFSET(CÁLCULO!$AL$15,ROW($X358)-ROW($X$15),-1))),IF($C358=0,0,ROUND(SomaAgrup,15-13*$AF$11)))","v":3614.6},"RA","RA",{"$f":"IF($C358=\"S\",IF($Z358=\"CP\",$X358,IF($Z358=\"RA\",(($X358)*QCI!$AA$3),0)),SomaAgrup)","v":969.70381804455985},0,{"$f":"IF($N358=\"\",\"\",IF(ORÇAMENTO.Descricao=\"\",\"DESCRIÇÃO\",IF(AND($C358=\"S\",ORÇAMENTO.Unidade=\"\"),\"UNIDADE\",IF($X358<0,\"VALOR NEGATIVO\",IF(OR(AND(TIPOORCAMENTO=\"Proposto\",$AG358<>\"\",$AG358>0,ORÇAMENTO.CustoUnitario>$AG358),AND(TIPOORCAMENTO=\"LICITADO\",ORÇAMENTO.PrecoUnitarioLicitado>$AN358)),\"ACIMA REF.\",\"\")))))","v":""},{"$f":"IF(C358<=CRONO.NivelExibicao,MAX($AD$15:OFFSET(AD358,-1,0))+IF($C358<>1,1,MAX(1,COUNTIF(QCI!$A$13:$A$24,OFFSET($E358,-1,0)))),\"\")","v":""},{"$f":"IF(AND($C358=\"S\",ORÇAMENTO.CodBarra<>\"\"),IF(ORÇAMENTO.Fonte=\"\",ORÇAMENTO.CodBarra,CONCATENATE(ORÇAMENTO.Fonte,\" \",ORÇAMENTO.CodBarra)))","v":"SINAPI 89512"},{"$f":"IF(ISERROR(INDIRECT(ORÇAMENTO.BancoRef)),\"(abra o arquivo 'Referência \"&Excel_BuiltIn_Database&\".xlsm)\",IF(OR($C358<>\"S\",ORÇAMENTO.CodBarra=\"\"),\"(Sem Código)\",IF(ISERROR(MATCH($AE358,INDIRECT(ORÇAMENTO.BancoRef),0)),\"(Código não identificado nas referências)\",MATCH($AE358,INDIRECT(ORÇAMENTO.BancoRef),0))))","v":3636},{"$f":"ROUND(IF(DESONERACAO=\"sim\",REFERENCIA.Desonerado,REFERENCIA.NaoDesonerado),2)","v":56.45},0.2082,null,53,null,null,3614.6,68.2]
["S",3,"S",0,{"$f":"IF($C359=1,OFFSET(E359,-1,0)+MAX(1,COUNTIF(QCI!$A$13:$A$24,OFFSET(ORÇAMENTO!E359,-1,0))),OFFSET(E359,-1,0))","v":2},8,3,0,3,0,{"$f":"IF(OR($C359=\"S\",$C359=0),0,MATCH(OFFSET($D359,0,$C359)+IF($C359<>1,1,COUNTIF(QCI!$A$13:$A$24,ORÇAMENTO!E359)),OFFSET($D359,1,$C359,ROW($C$404)-ROW($C359)),0))","v":0},"F","Serviço","Serviço","2.8.3.0.3.","SINAPI","89574",{"$f":"IF($C359=\"S\",REFERENCIA.Descricao,\"(digite a descrição aqui)\")","v":"JUNÇÃO DUPLA, PVC, SERIE R, ÁGUA PLUVIAL, DN 100 X 100 X 100 MM, JUNTA ELÁSTICA, FORNECIDO E INSTALADO EM RAMAL DE ENCAMINHAMENTO. AF_06/2022"},{"$f":"REFERENCIA.Unidade","v":"UN"},{"$f":"OFFSET(CÁLCULO!H$15,ROW($T359)-ROW(T$15),0)","v":3},162.22,"BDI 1",{"$f":"IF($C359=\"S\",ROUND(IF(TIPOORCAMENTO=\"Proposto\",ORÇAMENTO.CustoUnitario*(1+$AH359),ORÇAMENTO.PrecoUnitarioLicitado),15-13*$AF$10),0)","v":195.99},{"$f":"IF($C359=\"S\",IF(Import.TipoArredondamento<>\"TransfereGOV\",VTOTAL1,SUM(OFFSET(CÁLCULO!$AA$15,ROW($X359)-ROW($X$15),1):OFFSET(CÁLCULO!$AL$15,ROW($X359)-ROW($X$15),-1))),IF($C359=0,0,ROUND(SomaAgrup,15-13*$AF$11)))","v":587.97},"RA","RA",{"$f":"IF($C359=\"S\",IF($Z359=\"CP\",$X359,IF($Z359=\"RA\",(($X359)*QCI!$AA$3),0)),SomaAgrup)","v":157.73716424933878},0,{"$f":"IF($N359=\"\",\"\",IF(ORÇAMENTO.Descricao=\"\",\"DESCRIÇÃO\",IF(AND($C359=\"S\",ORÇAMENTO.Unidade=\"\"),\"UNIDADE\",IF($X359<0,\"VALOR NEGATIVO\",IF(OR(AND(TIPOORCAMENTO=\"Proposto\",$AG359<>\"\",$AG359>0,ORÇAMENTO.CustoUnitario>$AG359),AND(TIPOORCAMENTO=\"LICITADO\",ORÇAMENTO.PrecoUnitarioLicitado>$AN359)),\"ACIMA REF.\",\"\")))))","v":""},{"$f":"IF(C359<=CRONO.NivelExibicao,MAX($AD$15:OFFSET(AD359,-1,0))+IF($C359<>1,1,MAX(1,COUNTIF(QCI!$A$13:$A$24,OFFSET($E359,-1,0)))),\"\")","v":""},{"$f":"IF(AND($C359=\"S\",ORÇAMENTO.CodBarra<>\"\"),IF(ORÇAMENTO.Fonte=\"\",ORÇAMENTO.CodBarra,CONCATENATE(ORÇAMENTO.Fonte,\" \",ORÇAMENTO.CodBarra)))","v":"SINAPI 89574"},{"$f":"IF(ISERROR(INDIRECT(ORÇAMENTO.BancoRef)),\"(abra o arquivo 'Referência \"&Excel_BuiltIn_Database&\".xlsm)\",IF(OR($C359<>\"S\",ORÇAMENTO.CodBarra=\"\"),\"(Sem Código)\",IF(ISERROR(MATCH($AE359,INDIRECT(ORÇAMENTO.BancoRef),0)),\"(Código não identificado nas referências)\",MATCH($AE359,INDIRECT(ORÇAMENTO.BancoRef),0))))","v":4035},{"$f":"ROUND(IF(DESONERACAO=\"sim\",REFERENCIA.Desonerado,REFERENCIA.NaoDesonerado),2)","v":162.22},0.2082,null,3,null,null,587.97,195.99]
["S",3,"S",0,{"$f":"IF($C360=1,OFFSET(E360,-1,0)+MAX(1,COUNTIF(QCI!$A$13:$A$24,OFFSET(ORÇAMENTO!E360,-1,0))),OFFSET(E360,-1,0))","v":2},8,3,0,4,0,{"$f":"IF(OR($C360=\"S\",$C360=0),0,MATCH(OFFSET($D360,0,$C360)+IF($C360<>1,1,COUNTIF(QCI!$A$13:$A$24,ORÇAMENTO!E360)),OFFSET($D360,1,$C360,ROW($C$404)-ROW($C360)),0))","v":0},"F","Serviço","Serviço","2.8.3.0.4.","SINAPI","95695",{"$f":"IF($C360=\"S\",REFERENCIA.Descricao,\"(digite a descrição aqui)\")","v":"CURVA 90 GRAUS, PVC, SERIE R, ÁGUA PLUVIAL, DN 100 MM, JUNTA ELÁSTICA, FORNECIDO E INSTALADO EM CONDUTORES VERTICAIS DE ÁGUAS PLUVIAIS. AF_06/2022"},{"$f":"REFERENCIA.Unidade","v":"UN"},{"$f":"OFFSET(CÁLCULO!H$15,ROW($T360)-ROW(T$15),0)","v":14},64.83,"BDI 1",{"$f":"IF($C360=\"S\",ROUND(IF(TIPOORCAMENTO=\"Proposto\",ORÇAMENTO.CustoUnitario*(1+$AH360),ORÇAMENTO.PrecoUnitarioLicitado),15-13*$AF$10),0)","v":78.33},{"$f":"IF($C360=\"S\",IF(Import.TipoArredondamento<>\"TransfereGOV\",VTOTAL1,SUM(OFFSET(CÁLCULO!$AA$15,ROW($X360)-ROW($X$15),1):OFFSET(CÁLCULO!$AL$15,ROW($X360)-ROW($X$15),-1))),IF($C360=0,0,ROUND(SomaAgrup,15-13*$AF$11)))","v":1096.6199999999999},"RA","RA",{"$f":"IF($C360=\"S\",IF($Z360=\"CP\",$X360,IF($Z360=\"RA\",(($X360)*QCI!$AA$3),0)),SomaAgrup)","v":294.19482126487719},0,{"$f":"IF($N360=\"\",\"\",IF(ORÇAMENTO.Descricao=\"\",\"DESCRIÇÃO\",IF(AND($C360=\"S\",ORÇAMENTO.Unidade=\"\"),\"UNIDADE\",IF($X360<0,\"VALOR NEGATIVO\",IF(OR(AND(TIPOORCAMENTO=\"Proposto\",$AG360<>\"\",$AG360>0,ORÇAMENTO.CustoUnitario>$AG360),AND(TIPOORCAMENTO=\"LICITADO\",ORÇAMENTO.PrecoUnitarioLicitado>$AN360)),\"ACIMA REF.\",\"\")))))","v":""},{"$f":"IF(C360<=CRONO.NivelExibicao,MAX($AD$15:OFFSET(AD360,-1,0))+IF($C360<>1,1,MAX(1,COUNTIF(QCI!$A$13:$A$24,OFFSET($E360,-1,0)))),\"\")","v":""},{"$f":"IF(AND($C360=\"S\",ORÇAMENTO.CodBarra<>\"\"),IF(ORÇAMENTO.Fonte=\"\",ORÇAMENTO.CodBarra,CONCATENATE(ORÇAMENTO.Fonte,\" \",ORÇAMENTO.CodBarra)))","v":"SINAPI 95695"},{"$f":"IF(ISERROR(INDIRECT(ORÇAMENTO.BancoRef)),\"(abra o arquivo 'Referência \"&Excel_BuiltIn_Database&\".xlsm)\",IF(OR($C360<>\"S\",ORÇAMENTO.CodBarra=\"\"),\"(Sem Código)\",IF(ISERROR(MATCH($AE360,INDIRECT(ORÇAMENTO.BancoRef),0)),\"(Código não identificado nas referências)\",MATCH($AE360,INDIRECT(ORÇAMENTO.BancoRef),0))))","v":4665},{"$f":"ROUND(IF(DESONERACAO=\"sim\",REFERENCIA.Desonerado,REFERENCIA.NaoDesonerado),2)","v":64.83},0.2082,null,14,null,null,1096.6199999999999,78.33]
["S",3,"S",0,{"$f":"IF($C361=1,OFFSET(E361,-1,0)+MAX(1,COUNTIF(QCI!$A$13:$A$24,OFFSET(ORÇAMENTO!E361,-1,0))),OFFSET(E361,-1,0))","v":2},8,3,0,5,0,{"$f":"IF(OR($C361=\"S\",$C361=0),0,MATCH(OFFSET($D361,0,$C361)+IF($C361<>1,1,COUNTIF(QCI!$A$13:$A$24,ORÇAMENTO!E361)),OFFSET($D361,1,$C361,ROW($C$404)-ROW($C361)),0))","v":0},"F","Serviço","Serviço","2.8.3.0.5.","SINAPI","89531",{"$f":"IF($C361=\"S\",REFERENCIA.Descricao,\"(digite a descrição aqui)\")","v":"JOELHO 45 GRAUS, PVC, SERIE R, ÁGUA PLUVIAL, DN 100 MM, JUNTA ELÁSTICA, FORNECIDO E INSTALADO EM RAMAL DE ENCAMINHAMENTO. AF_06/2022"},{"$f":"REFERENCIA.Unidade","v":"UN"},{"$f":"OFFSET(CÁLCULO!H$15,ROW($T361)-ROW(T$15),0)","v":5},39.61,"BDI 1",{"$f":"IF($C361=\"S\",ROUND(IF(TIPOORCAMENTO=\"Proposto\",ORÇAMENTO.CustoUnitario*(1+$AH361),ORÇAMENTO.PrecoUnitarioLicitado),15-13*$AF$10),0)","v":47.86},{"$f":"IF($C361=\"S\",IF(Import.TipoArredondamento<>\"TransfereGOV\",VTOTAL1,SUM(OFFSET(CÁLCULO!$AA$15,ROW($X361)-ROW($X$15),1):OFFSET(CÁLCULO!$AL$15,ROW($X361)-ROW($X$15),-1))),IF($C361=0,0,ROUND(SomaAgrup,15-13*$AF$11)))","v":239.3},"RA","RA",{"$f":"IF($C361=\"S\",IF($Z361=\"CP\",$X361,IF($Z361=\"RA\",(($X361)*QCI!$AA$3),0)),SomaAgrup)","v":64.198009090373262},0,{"$f":"IF($N361=\"\",\"\",IF(ORÇAMENTO.Descricao=\"\",\"DESCRIÇÃO\",IF(AND($C361=\"S\",ORÇAMENTO.Unidade=\"\"),\"UNIDADE\",IF($X361<0,\"VALOR NEGATIVO\",IF(OR(AND(TIPOORCAMENTO=\"Proposto\",$AG361<>\"\",$AG361>0,ORÇAMENTO.CustoUnitario>$AG361),AND(TIPOORCAMENTO=\"LICITADO\",ORÇAMENTO.PrecoUnitarioLicitado>$AN361)),\"ACIMA REF.\",\"\")))))","v":""},{"$f":"IF(C361<=CRONO.NivelExibicao,MAX($AD$15:OFFSET(AD361,-1,0))+IF($C361<>1,1,MAX(1,COUNTIF(QCI!$A$13:$A$24,OFFSET($E361,-1,0)))),\"\")","v":""},{"$f":"IF(AND($C361=\"S\",ORÇAMENTO.CodBarra<>\"\"),IF(ORÇAMENTO.Fonte=\"\",ORÇAMENTO.CodBarra,CONCATENATE(ORÇAMENTO.Fonte,\" \",ORÇAMENTO.CodBarra)))","v":"SINAPI 89531"},{"$f":"IF(ISERROR(INDIRECT(ORÇAMENTO.BancoRef)),\"(abra o arquivo 'Referência \"&Excel_BuiltIn_Database&\".xlsm)\",IF(OR($C361<>\"S\",ORÇAMENTO.CodBarra=\"\"),\"(Sem Código)\",IF(ISERROR(MATCH($AE361,INDIRECT(ORÇAMENTO.BancoRef),0)),\"(Código não identificado nas referências)\",MATCH($AE361,INDIRECT(ORÇAMENTO.BancoRef),0))))","v":3998},{"$f":"ROUND(IF(DESONERACAO=\"sim\",REFERENCIA.Desonerado,REFERENCIA.NaoDesonerado),2)","v":39.61},0.2082,null,5,null,null,239.3,47.86]
[2,2,2,9,{"$f":"IF($C362=1,OFFSET(E362,-1,0)+MAX(1,COUNTIF(QCI!$A$13:$A$24,OFFSET(ORÇAMENTO!E362,-1,0))),OFFSET(E362,-1,0))","v":2},9,0,0,0,42,{"$f":"IF(OR($C362=\"S\",$C362=0),0,MATCH(OFFSET($D362,0,$C362)+IF($C362<>1,1,COUNTIF(QCI!$A$13:$A$24,ORÇAMENTO!E362)),OFFSET($D362,1,$C362,ROW($C$404)-ROW($C362)),0))","v":9},"F","Nível 2","Nível 2","2.9.","SINAPI",null,"LOUÇAS, ACESSÓRIOS E METAIS",{"$f":"REFERENCIA.Unidade","v":"-"},{"$f":"OFFSET(CÁLCULO!H$15,ROW($T362)-ROW(T$15),0)","v":0},null,"BDI 1",{"$f":"IF($C362=\"S\",ROUND(IF(TIPOORCAMENTO=\"Proposto\",ORÇAMENTO.CustoUnitario*(1+$AH362),ORÇAMENTO.PrecoUnitarioLicitado),15-13*$AF$10),0)","v":0},{"$f":"IF($C362=\"S\",IF(Import.TipoArredondamento<>\"TransfereGOV\",VTOTAL1,SUM(OFFSET(CÁLCULO!$AA$15,ROW($X362)-ROW($X$15),1):OFFSET(CÁLCULO!$AL$15,ROW($X362)-ROW($X$15),-1))),IF($C362=0,0,ROUND(SomaAgrup,15-13*$AF$11)))","v":6741.6},"RA","",{"$f":"IF($C362=\"S\",IF($Z362=\"CP\",$X362,IF($Z362=\"RA\",(($X362)*QCI!$AA$3),0)),SomaAgrup)","v":1808.5971503704989},0,{"$f":"IF($N362=\"\",\"\",IF(ORÇAMENTO.Descricao=\"\",\"DESCRIÇÃO\",IF(AND($C362=\"S\",ORÇAMENTO.Unidade=\"\"),\"UNIDADE\",IF($X362<0,\"VALOR NEGATIVO\",IF(OR(AND(TIPOORCAMENTO=\"Proposto\",$AG362<>\"\",$AG362>0,ORÇAMENTO.CustoUnitario>$AG362),AND(TIPOORCAMENTO=\"LICITADO\",ORÇAMENTO.PrecoUnitarioLicitado>$AN362)),\"ACIMA REF.\",\"\")))))","v":""},{"$f":"IF(C362<=CRONO.NivelExibicao,MAX($AD$15:OFFSET(AD362,-1,0))+IF($C362<>1,1,MAX(1,COUNTIF(QCI!$A$13:$A$24,OFFSET($E362,-1,0)))),\"\")","v":24},{"$f":"IF(AND($C362=\"S\",ORÇAMENTO.CodBarra<>\"\"),IF(ORÇAMENTO.Fonte=\"\",ORÇAMENTO.CodBarra,CONCATENATE(ORÇAMENTO.Fonte,\" \",ORÇAMENTO.CodBarra)))","v":false},{"$f":"IF(ISERROR(INDIRECT(ORÇAMENTO.BancoRef)),\"(abra o arquivo 'Referência \"&Excel_BuiltIn_Database&\".xlsm)\",IF(OR($C362<>\"S\",ORÇAMENTO.CodBarra=\"\"),\"(Sem Código)\",IF(ISERROR(MATCH($AE362,INDIRECT(ORÇAMENTO.BancoRef),0)),\"(Código não identificado nas referências)\",MATCH($AE362,INDIRECT(ORÇAMENTO.BancoRef),0))))","v":"(Sem Código)"},{"$f":"ROUND(IF(DESONERACAO=\"sim\",REFERENCIA.Desonerado,REFERENCIA.NaoDesonerado),2)","v":0},0.2082,null,null,null,null,6741.6,0]
["S",2,"S",0,{"$f":"IF($C363=1,OFFSET(E363,-1,0)+MAX(1,COUNTIF(QCI!$A$13:$A$24,OFFSET(ORÇAMENTO!E363,-1,0))),OFFSET(E363,-1,0))","v":2},9,0,0,1,0,{"$f":"IF(OR($C363=\"S\",$C363=0),0,MATCH(OFFSET($D363,0,$C363)+IF($C363<>1,1,COUNTIF(QCI!$A$13:$A$24,ORÇAMENTO!E363)),OFFSET($D363,1,$C363,ROW($C$404)-ROW($C363)),0))","v":0},"F","Serviço","Serviço","2.9.0.0.1.","SINAPI","86888",{"$f":"IF($C363=\"S\",REFERENCIA.Descricao,\"(digite a descrição aqui)\")","v":"VASO SANITÁRIO SIFONADO COM CAIXA ACOPLADA LOUÇA BRANCA - FORNECIMENTO E INSTALAÇÃO. AF_01/2020"},{"$f":"REFERENCIA.Unidade","v":"UN"},{"$f":"OFFSET(CÁLCULO!H$15,ROW($T363)-ROW(T$15),0)","v":1},563.39,"BDI 1",{"$f":"IF($C363=\"S\",ROUND(IF(TIPOORCAMENTO=\"Proposto\",ORÇAMENTO.CustoUnitario*(1+$AH363),ORÇAMENTO.PrecoUnitarioLicitado),15-13*$AF$10),0)","v":680.69},{"$f":"IF($C363=\"S\",IF(Import.TipoArredondamento<>\"TransfereGOV\",VTOTAL1,SUM(OFFSET(CÁLCULO!$AA$15,ROW($X363)-ROW($X$15),1):OFFSET(CÁLCULO!$AL$15,ROW($X363)-ROW($X$15),-1))),IF($C363=0,0,ROUND(SomaAgrup,15-13*$AF$11)))","v":680.69},"RA","RA",{"$f":"IF($C363=\"S\",IF($Z363=\"CP\",$X363,IF($Z363=\"RA\",(($X363)*QCI!$AA$3),0)),SomaAgrup)","v":182.61154537286325},0,{"$f":"IF($N363=\"\",\"\",IF(ORÇAMENTO.Descricao=\"\",\"DESCRIÇÃO\",IF(AND($C363=\"S\",ORÇAMENTO.Unidade=\"\"),\"UNIDADE\",IF($X363<0,\"VALOR NEGATIVO\",IF(OR(AND(TIPOORCAMENTO=\"Proposto\",$AG363<>\"\",$AG363>0,ORÇAMENTO.CustoUnitario>$AG363),AND(TIPOORCAMENTO=\"LICITADO\",ORÇAMENTO.PrecoUnitarioLicitado>$AN363)),\"ACIMA REF.\",\"\")))))","v":""},{"$f":"IF(C363<=CRONO.NivelExibicao,MAX($AD$15:OFFSET(AD363,-1,0))+IF($C363<>1,1,MAX(1,COUNTIF(QCI!$A$13:$A$24,OFFSET($E363,-1,0)))),\"\")","v":""},{"$f":"IF(AND($C363=\"S\",ORÇAMENTO.CodBarra<>\"\"),IF(ORÇAMENTO.Fonte=\"\",ORÇAMENTO.CodBarra,CONCATENATE(ORÇAMENTO.Fonte,\" \",ORÇAMENTO.CodBarra)))","v":"SINAPI 86888"},{"$f":"IF(ISERROR(INDIRECT(ORÇAMENTO.BancoRef)),\"(abra o arquivo 'Referência \"&Excel_BuiltIn_Database&\".xlsm)\",IF(OR($C363<>\"S\",ORÇAMENTO.CodBarra=\"\"),\"(Sem Código)\",IF(ISERROR(MATCH($AE363,INDIRECT(ORÇAMENTO.BancoRef),0)),\"(Código não identificado nas referências)\",MATCH($AE363,INDIRECT(ORÇAMENTO.BancoRef),0))))","v":5312},{"$f":"ROUND(IF(DESONERACAO=\"sim\",REFERENCIA.Desonerado,REFERENCIA.NaoDesonerado),2)","v":563.39},0.2082,null,1,null,null,680.69,680.69]
["S",2,"S",0,{"$f":"IF($C364=1,OFFSET(E364,-1,0)+MAX(1,COUNTIF(QCI!$A$13:$A$24,OFFSET(ORÇAMENTO!E364,-1,0))),OFFSET(E364,-1,0))","v":2},9,0,0,2,0,{"$f":"IF(OR($C364=\"S\",$C364=0),0,MATCH(OFFSET($D364,0,$C364)+IF($C364<>1,1,COUNTIF(QCI!$A$13:$A$24,ORÇAMENTO!E364)),OFFSET($D364,1,$C364,ROW($C$404)-ROW($C364)),0))","v":0},"F","Serviço","Serviço","2.9.0.0.2.","SINAPI","95472",{"$f":"IF($C364=\"S\",REFERENCIA.Descricao,\"(digite a descrição aqui)\")","v":"VASO SANITARIO SIFONADO CONVENCIONAL PARA PCD SEM FURO FRONTAL COM LOUÇA BRANCA SEM ASSENTO, INCLUSO CONJUNTO DE LIGAÇÃO PARA BACIA SANITÁRIA AJUSTÁVEL - FORNECIMENTO E INSTALAÇÃO. AF_01/2020"},{"$f":"REFERENCIA.Unidade","v":"UN"},{"$f":"OFFSET(CÁLCULO!H$15,ROW($T364)-ROW(T$15),0)","v":2},907.38,"BDI 1",{"$f":"IF($C364=\"S\",ROUND(IF(TIPOORCAMENTO=\"Proposto\",ORÇAMENTO.CustoUnitario*(1+$AH364),ORÇAMENTO.PrecoUnitarioLicitado),15-13*$AF$10),0)","v":1096.3},{"$f":"IF($C364=\"S\",IF(Import.TipoArredondamento<>\"TransfereGOV\",VTOTAL1,SUM(OFFSET(CÁLCULO!$AA$15,ROW($X364)-ROW($X$15),1):OFFSET(CÁLCULO!$AL$15,ROW($X364)-ROW($X$15),-1))),IF($C364=0,0,ROUND(SomaAgrup,15-13*$AF$11)))","v":2192.6},"RA","RA",{"$f":"IF($C364=\"S\",IF($Z364=\"CP\",$X364,IF($Z364=\"RA\",(($X364)*QCI!$AA$3),0)),SomaAgrup)","v":588.21794706039452},0,{"$f":"IF($N364=\"\",\"\",IF(ORÇAMENTO.Descricao=\"\",\"DESCRIÇÃO\",IF(AND($C364=\"S\",ORÇAMENTO.Unidade=\"\"),\"UNIDADE\",IF($X364<0,\"VALOR NEGATIVO\",IF(OR(AND(TIPOORCAMENTO=\"Proposto\",$AG364<>\"\",$AG364>0,ORÇAMENTO.CustoUnitario>$AG364),AND(TIPOORCAMENTO=\"LICITADO\",ORÇAMENTO.PrecoUnitarioLicitado>$AN364)),\"ACIMA REF.\",\"\")))))","v":""},{"$f":"IF(C364<=CRONO.NivelExibicao,MAX($AD$15:OFFSET(AD364,-1,0))+IF($C364<>1,1,MAX(1,COUNTIF(QCI!$A$13:$A$24,OFFSET($E364,-1,0)))),\"\")","v":""},{"$f":"IF(AND($C364=\"S\",ORÇAMENTO.CodBarra<>\"\"),IF(ORÇAMENTO.Fonte=\"\",ORÇAMENTO.CodBarra,CONCATENATE(ORÇAMENTO.Fonte,\" \",ORÇAMENTO.CodBarra)))","v":"SINAPI 95472"},{"$f":"IF(ISERROR(INDIRECT(ORÇAMENTO.BancoRef)),\"(abra o arquivo 'Referência \"&Excel_BuiltIn_Database&\".xlsm)\",IF(OR($C364<>\"S\",ORÇAMENTO.CodBarra=\"\"),\"(Sem Código)\",IF(ISERROR(MATCH($AE364,INDIRECT(ORÇAMENTO.BancoRef),0)),\"(Código não identificado nas referências)\",MATCH($AE364,INDIRECT(ORÇAMENTO.BancoRef),0))))","v":5365},{"$f":"ROUND(IF(DESONERACAO=\"sim\",REFERENCIA.Desonerado,REFERENCIA.NaoDesonerado),2)","v":907.38},0.2082,null,2,null,null,2192.6,1096.3]
["S",2,"S",0,{"$f":"IF($C365=1,OFFSET(E365,-1,0)+MAX(1,COUNTIF(QCI!$A$13:$A$24,OFFSET(ORÇAMENTO!E365,-1,0))),OFFSET(E365,-1,0))","v":2},9,0,0,3,0,{"$f":"IF(OR($C365=\"S\",$C365=0),0,MATCH(OFFSET($D365,0,$C365)+IF($C365<>1,1,COUNTIF(QCI!$A$13:$A$24,ORÇAMENTO!E365)),OFFSET($D365,1,$C365,ROW($C$404)-ROW($C365)),0))","v":0},"F","Serviço","Serviço","2.9.0.0.3.","SINAPI","100849",{"$f":"IF($C365=\"S\",REFERENCIA.Descricao,\"(digite a descrição aqui)\")","v":"ASSENTO SANITÁRIO CONVENCIONAL - FORNECIMENTO E INSTALACAO. AF_01/2020"},{"$f":"REFERENCIA.Unidade","v":"UN"},{"$f":"OFFSET(CÁLCULO!H$15,ROW($T365)-ROW(T$15),0)","v":3},45.41,"BDI 1",{"$f":"IF($C365=\"S\",ROUND(IF(TIPOORCAMENTO=\"Proposto\",ORÇAMENTO.CustoUnitario*(1+$AH365),ORÇAMENTO.PrecoUnitarioLicitado),15-13*$AF$10),0)","v":54.86},{"$f":"IF($C365=\"S\",IF(Import.TipoArredondamento<>\"TransfereGOV\",VTOTAL1,SUM(OFFSET(CÁLCULO!$AA$15,ROW($X365)-ROW($X$15),1):OFFSET(CÁLCULO!$AL$15,ROW($X365)-ROW($X$15),-1))),IF($C365=0,0,ROUND(SomaAgrup,15-13*$AF$11)))","v":164.58},"RA","RA",{"$f":"IF($C365=\"S\",IF($Z365=\"CP\",$X365,IF($Z365=\"RA\",(($X365)*QCI!$AA$3),0)),SomaAgrup)","v":44.152563042597706},0,{"$f":"IF($N365=\"\",\"\",IF(ORÇAMENTO.Descricao=\"\",\"DESCRIÇÃO\",IF(AND($C365=\"S\",ORÇAMENTO.Unidade=\"\"),\"UNIDADE\",IF($X365<0,\"VALOR NEGATIVO\",IF(OR(AND(TIPOORCAMENTO=\"Proposto\",$AG365<>\"\",$AG365>0,ORÇAMENTO.CustoUnitario>$AG365),AND(TIPOORCAMENTO=\"LICITADO\",ORÇAMENTO.PrecoUnitarioLicitado>$AN365)),\"ACIMA REF.\",\"\")))))","v":""},{"$f":"IF(C365<=CRONO.NivelExibicao,MAX($AD$15:OFFSET(AD365,-1,0))+IF($C365<>1,1,MAX(1,COUNTIF(QCI!$A$13:$A$24,OFFSET($E365,-1,0)))),\"\")","v":""},{"$f":"IF(AND($C365=\"S\",ORÇAMENTO.CodBarra<>\"\"),IF(ORÇAMENTO.Fonte=\"\",ORÇAMENTO.CodBarra,CONCATENATE(ORÇAMENTO.Fonte,\" \",ORÇAMENTO.CodBarra)))","v":"SINAPI 100849"},{"$f":"IF(ISERROR(INDIRECT(ORÇAMENTO.BancoRef)),\"(abra o arquivo 'Referência \"&Excel_BuiltIn_Database&\".xlsm)\",IF(OR($C365<>\"S\",ORÇAMENTO.CodBarra=\"\"),\"(Sem Código)\",IF(ISERROR(MATCH($AE365,INDIRECT(ORÇAMENTO.BancoRef),0)),\"(Código não identificado nas referências)\",MATCH($AE365,INDIRECT(ORÇAMENTO.BancoRef),0))))","v":5373},{"$f":"ROUND(IF(DESONERACAO=\"sim\",REFERENCIA.Desonerado,REFERENCIA.NaoDesonerado),2)","v":45.41},0.2082,null,3,null,null,164.58,54.86]
["S",2,"S",0,{"$f":"IF($C366=1,OFFSET(E366,-1,0)+MAX(1,COUNTIF(QCI!$A$13:$A$24,OFFSET(ORÇAMENTO!E366,-1,0))),OFFSET(E366,-1,0))","v":2},9,0,0,4,0,{"$f":"IF(OR($C366=\"S\",$C366=0),0,MATCH(OFFSET($D366,0,$C366)+IF($C366<>1,1,COUNTIF(QCI!$A$13:$A$24,ORÇAMENTO!E366)),OFFSET($D366,1,$C366,ROW($C$404)-ROW($C366)),0))","v":0},"F","Serviço","Serviço","2.9.0.0.4.","SINAPI","100858",{"$f":"IF($C366=\"S\",REFERENCIA.Descricao,\"(digite a descrição aqui)\")","v":"MICTÓRIO SIFONADO LOUÇA BRANCA - PADRÃO MÉDIO - FORNECIMENTO E INSTALAÇÃO. AF_01/2020"},{"$f":"REFERENCIA.Unidade","v":"UN"},{"$f":"OFFSET(CÁLCULO!H$15,ROW($T366)-ROW(T$15),0)","v":1},765.38,"BDI 1",{"$f":"IF($C366=\"S\",ROUND(IF(TIPOORCAMENTO=\"Proposto\",ORÇAMENTO.CustoUnitario*(1+$AH366),ORÇAMENTO.PrecoUnitarioLicitado),15-13*$AF$10),0)","v":924.73},{"$f":"IF($C366=\"S\",IF(Import.TipoArredondamento<>\"TransfereGOV\",VTOTAL1,SUM(OFFSET(CÁLCULO!$AA$15,ROW($X366)-ROW($X$15),1):OFFSET(CÁLCULO!$AL$15,ROW($X366)-ROW($X$15),-1))),IF($C366=0,0,ROUND(SomaAgrup,15-13*$AF$11)))","v":924.73},"RA","RA",{"$f":"IF($C366=\"S\",IF($Z366=\"CP\",$X366,IF($Z366=\"RA\",(($X366)*QCI!$AA$3),0)),SomaAgrup)","v":248.08117403318371},0,{"$f":"IF($N366=\"\",\"\",IF(ORÇAMENTO.Descricao=\"\",\"DESCRIÇÃO\",IF(AND($C366=\"S\",ORÇAMENTO.Unidade=\"\"),\"UNIDADE\",IF($X366<0,\"VALOR NEGATIVO\",IF(OR(AND(TIPOORCAMENTO=\"Proposto\",$AG366<>\"\",$AG366>0,ORÇAMENTO.CustoUnitario>$AG366),AND(TIPOORCAMENTO=\"LICITADO\",ORÇAMENTO.PrecoUnitarioLicitado>$AN366)),\"ACIMA REF.\",\"\")))))","v":""},{"$f":"IF(C366<=CRONO.NivelExibicao,MAX($AD$15:OFFSET(AD366,-1,0))+IF($C366<>1,1,MAX(1,COUNTIF(QCI!$A$13:$A$24,OFFSET($E366,-1,0)))),\"\")","v":""},{"$f":"IF(AND($C366=\"S\",ORÇAMENTO.CodBarra<>\"\"),IF(ORÇAMENTO.Fonte=\"\",ORÇAMENTO.CodBarra,CONCATENATE(ORÇAMENTO.Fonte,\" \",ORÇAMENTO.CodBarra)))","v":"SINAPI 100858"},{"$f":"IF(ISERROR(INDIRECT(ORÇAMENTO.BancoRef)),\"(abra o arquivo 'Referência \"&Excel_BuiltIn_Database&\".xlsm)\",IF(OR($C366<>\"S\",ORÇAMENTO.CodBarra=\"\"),\"(Sem Código)\",IF(ISERROR(MATCH($AE366,INDIRECT(ORÇAMENTO.BancoRef),0)),\"(Código não identificado nas referências)\",MATCH($AE366,INDIRECT(ORÇAMENTO.BancoRef),0))))","v":5380},{"$f":"ROUND(IF(DESONERACAO=\"sim\",REFERENCIA.Desonerado,REFERENCIA.NaoDesonerado),2)","v":765.38},0.2082,null,1,null,null,924.73,924.73]
["S",2,"S",0,{"$f":"IF($C367=1,OFFSET(E367,-1,0)+MAX(1,COUNTIF(QCI!$A$13:$A$24,OFFSET(ORÇAMENTO!E367,-1,0))),OFFSET(E367,-1,0))","v":2},9,0,0,5,0,{"$f":"IF(OR($C367=\"S\",$C367=0),0,MATCH(OFFSET($D367,0,$C367)+IF($C367<>1,1,COUNTIF(QCI!$A$13:$A$24,ORÇAMENTO!E367)),OFFSET($D367,1,$C367,ROW($C$404)-ROW($C367)),0))","v":0},"F","Serviço","Serviço","2.9.0.0.5.","SINAPI","86903",{"$f":"IF($C367=\"S\",REFERENCIA.Descricao,\"(digite a descrição aqui)\")","v":"LAVATÓRIO LOUÇA BRANCA COM COLUNA, 45 X 55CM OU EQUIVALENTE, PADRÃO MÉDIO - FORNECIMENTO E INSTALAÇÃO. AF_01/2020"},{"$f":"REFERENCIA.Unidade","v":"UN"},{"$f":"OFFSET(CÁLCULO!H$15,ROW($T367)-ROW(T$15),0)","v":4},384.35,"BDI 1",{"$f":"IF($C367=\"S\",ROUND(IF(TIPOORCAMENTO=\"Proposto\",ORÇAMENTO.CustoUnitario*(1+$AH367),ORÇAMENTO.PrecoUnitarioLicitado),15-13*$AF$10),0)","v":464.37},{"$f":"IF($C367=\"S\",IF(Import.TipoArredondamento<>\"TransfereGOV\",VTOTAL1,SUM(OFFSET(CÁLCULO!$AA$15,ROW($X367)-ROW($X$15),1):OFFSET(CÁLCULO!$AL$15,ROW($X367)-ROW($X$15),-1))),IF($C367=0,0,ROUND(SomaAgrup,15-13*$AF$11)))","v":1857.48},"RA","RA",{"$f":"IF($C367=\"S\",IF($Z367=\"CP\",$X367,IF($Z367=\"RA\",(($X367)*QCI!$AA$3),0)),SomaAgrup)","v":498.31390691678445},0,{"$f":"IF($N367=\"\",\"\",IF(ORÇAMENTO.Descricao=\"\",\"DESCRIÇÃO\",IF(AND($C367=\"S\",ORÇAMENTO.Unidade=\"\"),\"UNIDADE\",IF($X367<0,\"VALOR NEGATIVO\",IF(OR(AND(TIPOORCAMENTO=\"Proposto\",$AG367<>\"\",$AG367>0,ORÇAMENTO.CustoUnitario>$AG367),AND(TIPOORCAMENTO=\"LICITADO\",ORÇAMENTO.PrecoUnitarioLicitado>$AN367)),\"ACIMA REF.\",\"\")))))","v":""},{"$f":"IF(C367<=CRONO.NivelExibicao,MAX($AD$15:OFFSET(AD367,-1,0))+IF($C367<>1,1,MAX(1,COUNTIF(QCI!$A$13:$A$24,OFFSET($E367,-1,0)))),\"\")","v":""},{"$f":"IF(AND($C367=\"S\",ORÇAMENTO.CodBarra<>\"\"),IF(ORÇAMENTO.Fonte=\"\",ORÇAMENTO.CodBarra,CONCATENATE(ORÇAMENTO.Fonte,\" \",ORÇAMENTO.CodBarra)))","v":"SINAPI 86903"},{"$f":"IF(ISERROR(INDIRECT(ORÇAMENTO.BancoRef)),\"(abra o arquivo 'Referência \"&Excel_BuiltIn_Database&\".xlsm)\",IF(OR($C367<>\"S\",ORÇAMENTO.CodBarra=\"\"),\"(Sem Código)\",IF(ISERROR(MATCH($AE367,INDIRECT(ORÇAMENTO.BancoRef),0)),\"(Código não identificado nas referências)\",MATCH($AE367,INDIRECT(ORÇAMENTO.BancoRef),0))))","v":5321},{"$f":"ROUND(IF(DESONERACAO=\"sim\",REFERENCIA.Desonerado,REFERENCIA.NaoDesonerado),2)","v":384.35},0.2082,null,4,null,null,1857.48,464.37]
["S",2,"S",0,{"$f":"IF($C368=1,OFFSET(E368,-1,0)+MAX(1,COUNTIF(QCI!$A$13:$A$24,OFFSET(ORÇAMENTO!E368,-1,0))),OFFSET(E368,-1,0))","v":2},9,0,0,6,0,{"$f":"IF(OR($C368=\"S\",$C368=0),0,MATCH(OFFSET($D368,0,$C368)+IF($C368<>1,1,COUNTIF(QCI!$A$13:$A$24,ORÇAMENTO!E368)),OFFSET($D368,1,$C368,ROW($C$404)-ROW($C368)),0))","v":0},"F","Serviço","Serviço","2.9.0.0.6.","Composição","005",{"$f":"IF($C368=\"S\",REFERENCIA.Descricao,\"(digite a descrição aqui)\")","v":"TOALHEIRO PLASTICO TIPO DISPENSER PARA PAPEL TOALHA INTERFOLHADO - FORNECIMENTO E INSTALAÇÃO                                                                                                                                                                                               "},{"$f":"REFERENCIA.Unidade","v":"UNIDADE"},{"$f":"OFFSET(CÁLCULO!H$15,ROW($T368)-ROW(T$15),0)","v":4},43.9,"BDI 1",{"$f":"IF($C368=\"S\",ROUND(IF(TIPOORCAMENTO=\"Proposto\",ORÇAMENTO.CustoUnitario*(1+$AH368),ORÇAMENTO.PrecoUnitarioLicitado),15-13*$AF$10),0)","v":53.04},{"$f":"IF($C368=\"S\",IF(Import.TipoArredondamento<>\"TransfereGOV\",VTOTAL1,SUM(OFFSET(CÁLCULO!$AA$15,ROW($X368)-ROW($X$15),1):OFFSET(CÁLCULO!$AL$15,ROW($X368)-ROW($X$15),-1))),IF($C368=0,0,ROUND(SomaAgrup,15-13*$AF$11)))","v":212.16},"RA","RA",{"$f":"IF($C368=\"S\",IF($Z368=\"CP\",$X368,IF($Z368=\"RA\",(($X368)*QCI!$AA$3),0)),SomaAgrup)","v":56.917048092827372},0,{"$f":"IF($N368=\"\",\"\",IF(ORÇAMENTO.Descricao=\"\",\"DESCRIÇÃO\",IF(AND($C368=\"S\",ORÇAMENTO.Unidade=\"\"),\"UNIDADE\",IF($X368<0,\"VALOR NEGATIVO\",IF(OR(AND(TIPOORCAMENTO=\"Proposto\",$AG368<>\"\",$AG368>0,ORÇAMENTO.CustoUnitario>$AG368),AND(TIPOORCAMENTO=\"LICITADO\",ORÇAMENTO.PrecoUnitarioLicitado>$AN368)),\"ACIMA REF.\",\"\")))))","v":""},{"$f":"IF(C368<=CRONO.NivelExibicao,MAX($AD$15:OFFSET(AD368,-1,0))+IF($C368<>1,1,MAX(1,COUNTIF(QCI!$A$13:$A$24,OFFSET($E368,-1,0)))),\"\")","v":""},{"$f":"IF(AND($C368=\"S\",ORÇAMENTO.CodBarra<>\"\"),IF(ORÇAMENTO.Fonte=\"\",ORÇAMENTO.CodBarra,CONCATENATE(ORÇAMENTO.Fonte,\" \",ORÇAMENTO.CodBarra)))","v":"Composição 005"},{"$f":"IF(ISERROR(INDIRECT(ORÇAMENTO.BancoRef)),\"(abra o arquivo 'Referência \"&Excel_BuiltIn_Database&\".xlsm)\",IF(OR($C368<>\"S\",ORÇAMENTO.CodBarra=\"\"),\"(Sem Código)\",IF(ISERROR(MATCH($AE368,INDIRECT(ORÇAMENTO.BancoRef),0)),\"(Código não identificado nas referências)\",MATCH($AE368,INDIRECT(ORÇAMENTO.BancoRef),0))))","v":7},{"$f":"ROUND(IF(DESONERACAO=\"sim\",REFERENCIA.Desonerado,REFERENCIA.NaoDesonerado),2)","v":43.9},0.2082,null,4,null,null,212.16,53.04]
[{"$f":"CHOOSE(1+LOG(1+2*(ORÇAMENTO.Nivel=\"Meta\")+4*(ORÇAMENTO.Nivel=\"Nível 2\")+8*(ORÇAMENTO.Nivel=\"Nível 3\")+16*(ORÇAMENTO.Nivel=\"Nível 4\")+32*(ORÇAMENTO.Nivel=\"Serviço\"),2),0,1,2,3,4,\"S\")","v":"S"},2,"S",0,{"$f":"IF($C369=1,OFFSET(E369,-1,0)+MAX(1,COUNTIF(QCI!$A$13:$A$24,OFFSET(ORÇAMENTO!E369,-1,0))),OFFSET(E369,-1,0))","v":2},9,0,0,7,0,{"$f":"IF(OR($C369=\"S\",$C369=0),0,MATCH(OFFSET($D369,0,$C369)+IF($C369<>1,1,COUNTIF(QCI!$A$13:$A$24,ORÇAMENTO!E369)),OFFSET($D369,1,$C369,ROW($C$404)-ROW($C369)),0))","v":0},"F","Serviço","Serviço","2.9.0.0.7.","SINAPI","95547",{"$f":"IF($C369=\"S\",REFERENCIA.Descricao,\"(digite a descrição aqui)\")","v":"SABONETEIRA PLASTICA TIPO DISPENSER PARA SABONETE LIQUIDO COM RESERVATORIO 800 A 1500 ML, INCLUSO FIXAÇÃO. AF_01/2020"},{"$f":"REFERENCIA.Unidade","v":"UN"},{"$f":"OFFSET(CÁLCULO!H$15,ROW($T369)-ROW(T$15),0)","v":4},48.9,"BDI 1",{"$f":"IF($C369=\"S\",ROUND(IF(TIPOORCAMENTO=\"Proposto\",ORÇAMENTO.CustoUnitario*(1+$AH369),ORÇAMENTO.PrecoUnitarioLicitado),15-13*$AF$10),0)","v":59.08},{"$f":"IF($C369=\"S\",IF(Import.TipoArredondamento<>\"TransfereGOV\",VTOTAL1,SUM(OFFSET(CÁLCULO!$AA$15,ROW($X369)-ROW($X$15),1):OFFSET(CÁLCULO!$AL$15,ROW($X369)-ROW($X$15),-1))),IF($C369=0,0,ROUND(SomaAgrup,15-13*$AF$11)))","v":236.32},"RA","RA",{"$f":"IF($C369=\"S\",IF($Z369=\"CP\",$X369,IF($Z369=\"RA\",(($X369)*QCI!$AA$3),0)),SomaAgrup)","v":63.398552061165937},{"$f":"IF($C369=\"S\",IF($Z369=\"OU\",ROUND($X369,2),0),SomaAgrup)","v":0},{"$f":"IF($N369=\"\",\"\",IF(ORÇAMENTO.Descricao=\"\",\"DESCRIÇÃO\",IF(AND($C369=\"S\",ORÇAMENTO.Unidade=\"\"),\"UNIDADE\",IF($X369<0,\"VALOR NEGATIVO\",IF(OR(AND(TIPOORCAMENTO=\"Proposto\",$AG369<>\"\",$AG369>0,ORÇAMENTO.CustoUnitario>$AG369),AND(TIPOORCAMENTO=\"LICITADO\",ORÇAMENTO.PrecoUnitarioLicitado>$AN369)),\"ACIMA REF.\",\"\")))))","v":""},{"$f":"IF(C369<=CRONO.NivelExibicao,MAX($AD$15:OFFSET(AD369,-1,0))+IF($C369<>1,1,MAX(1,COUNTIF(QCI!$A$13:$A$24,OFFSET($E369,-1,0)))),\"\")","v":""},{"$f":"IF(AND($C369=\"S\",ORÇAMENTO.CodBarra<>\"\"),IF(ORÇAMENTO.Fonte=\"\",ORÇAMENTO.CodBarra,CONCATENATE(ORÇAMENTO.Fonte,\" \",ORÇAMENTO.CodBarra)))","v":"SINAPI 95547"},{"$f":"IF(ISERROR(INDIRECT(ORÇAMENTO.BancoRef)),\"(abra o arquivo 'Referência \"&Excel_BuiltIn_Database&\".xlsm)\",IF(OR($C369<>\"S\",ORÇAMENTO.CodBarra=\"\"),\"(Sem Código)\",IF(ISERROR(MATCH($AE369,INDIRECT(ORÇAMENTO.BancoRef),0)),\"(Código não identificado nas referências)\",MATCH($AE369,INDIRECT(ORÇAMENTO.BancoRef),0))))","v":5371},{"$f":"ROUND(IF(DESONERACAO=\"sim\",REFERENCIA.Desonerado,REFERENCIA.NaoDesonerado),2)","v":48.9},{"$f":"ROUND(IF(ISNUMBER(ORÇAMENTO.OpcaoBDI),ORÇAMENTO.OpcaoBDI,IF(LEFT(ORÇAMENTO.OpcaoBDI,3)=\"BDI\",HLOOKUP(ORÇAMENTO.OpcaoBDI,$F$4:$H$5,2,FALSE),0)),15-11*$AF$9)","v":0.2082},null,4,null,null,236.32,{"$f":"ROUND(ORÇAMENTO.CustoUnitario*(1+$AH369),2)","v":59.08}]
["S",2,"S",0,{"$f":"IF($C370=1,OFFSET(E370,-1,0)+MAX(1,COUNTIF(QCI!$A$13:$A$24,OFFSET(ORÇAMENTO!E370,-1,0))),OFFSET(E370,-1,0))","v":2},9,0,0,8,0,{"$f":"IF(OR($C370=\"S\",$C370=0),0,MATCH(OFFSET($D370,0,$C370)+IF($C370<>1,1,COUNTIF(QCI!$A$13:$A$24,ORÇAMENTO!E370)),OFFSET($D370,1,$C370,ROW($C$404)-ROW($C370)),0))","v":0},"F","Serviço","Serviço","2.9.0.0.8.","SINAPI","95544",{"$f":"IF($C370=\"S\",REFERENCIA.Descricao,\"(digite a descrição aqui)\")","v":"PAPELEIRA DE PAREDE EM METAL CROMADO SEM TAMPA, INCLUSO FIXAÇÃO. AF_01/2020"},{"$f":"REFERENCIA.Unidade","v":"UN"},{"$f":"OFFSET(CÁLCULO!H$15,ROW($T370)-ROW(T$15),0)","v":4},97.88,"BDI 1",{"$f":"IF($C370=\"S\",ROUND(IF(TIPOORCAMENTO=\"Proposto\",ORÇAMENTO.CustoUnitario*(1+$AH370),ORÇAMENTO.PrecoUnitarioLicitado),15-13*$AF$10),0)","v":118.26},{"$f":"IF($C370=\"S\",IF(Import.TipoArredondamento<>\"TransfereGOV\",VTOTAL1,SUM(OFFSET(CÁLCULO!$AA$15,ROW($X370)-ROW($X$15),1):OFFSET(CÁLCULO!$AL$15,ROW($X370)-ROW($X$15),-1))),IF($C370=0,0,ROUND(SomaAgrup,15-13*$AF$11)))","v":473.04},"RA","RA",{"$f":"IF($C370=\"S\",IF($Z370=\"CP\",$X370,IF($Z370=\"RA\",(($X370)*QCI!$AA$3),0)),SomaAgrup)","v":126.90441379068186},0,{"$f":"IF($N370=\"\",\"\",IF(ORÇAMENTO.Descricao=\"\",\"DESCRIÇÃO\",IF(AND($C370=\"S\",ORÇAMENTO.Unidade=\"\"),\"UNIDADE\",IF($X370<0,\"VALOR NEGATIVO\",IF(OR(AND(TIPOORCAMENTO=\"Proposto\",$AG370<>\"\",$AG370>0,ORÇAMENTO.CustoUnitario>$AG370),AND(TIPOORCAMENTO=\"LICITADO\",ORÇAMENTO.PrecoUnitarioLicitado>$AN370)),\"ACIMA REF.\",\"\")))))","v":""},{"$f":"IF(C370<=CRONO.NivelExibicao,MAX($AD$15:OFFSET(AD370,-1,0))+IF($C370<>1,1,MAX(1,COUNTIF(QCI!$A$13:$A$24,OFFSET($E370,-1,0)))),\"\")","v":""},{"$f":"IF(AND($C370=\"S\",ORÇAMENTO.CodBarra<>\"\"),IF(ORÇAMENTO.Fonte=\"\",ORÇAMENTO.CodBarra,CONCATENATE(ORÇAMENTO.Fonte,\" \",ORÇAMENTO.CodBarra)))","v":"SINAPI 95544"},{"$f":"IF(ISERROR(INDIRECT(ORÇAMENTO.BancoRef)),\"(abra o arquivo 'Referência \"&Excel_BuiltIn_Database&\".xlsm)\",IF(OR($C370<>\"S\",ORÇAMENTO.CodBarra=\"\"),\"(Sem Código)\",IF(ISERROR(MATCH($AE370,INDIRECT(ORÇAMENTO.BancoRef),0)),\"(Código não identificado nas referências)\",MATCH($AE370,INDIRECT(ORÇAMENTO.BancoRef),0))))","v":5368},{"$f":"ROUND(IF(DESONERACAO=\"sim\",REFERENCIA.Desonerado,REFERENCIA.NaoDesonerado),2)","v":97.88},0.2082,null,4,null,null,473.04,118.26]
[2,2,2,9,{"$f":"IF($C371=1,OFFSET(E371,-1,0)+MAX(1,COUNTIF(QCI!$A$13:$A$24,OFFSET(ORÇAMENTO!E371,-1,0))),OFFSET(E371,-1,0))","v":2},10,0,0,0,33,{"$f":"IF(OR($C371=\"S\",$C371=0),0,MATCH(OFFSET($D371,0,$C371)+IF($C371<>1,1,COUNTIF(QCI!$A$13:$A$24,ORÇAMENTO!E371)),OFFSET($D371,1,$C371,ROW($C$404)-ROW($C371)),0))","v":9},"F","Nível 2","Nível 2","2.10.","SINAPI",null,"ESQUADRIAS",{"$f":"REFERENCIA.Unidade","v":"-"},{"$f":"OFFSET(CÁLCULO!H$15,ROW($T371)-ROW(T$15),0)","v":0},null,"BDI 1",{"$f":"IF($C371=\"S\",ROUND(IF(TIPOORCAMENTO=\"Proposto\",ORÇAMENTO.CustoUnitario*(1+$AH371),ORÇAMENTO.PrecoUnitarioLicitado),15-13*$AF$10),0)","v":0},{"$f":"IF($C371=\"S\",IF(Import.TipoArredondamento<>\"TransfereGOV\",VTOTAL1,SUM(OFFSET(CÁLCULO!$AA$15,ROW($X371)-ROW($X$15),1):OFFSET(CÁLCULO!$AL$15,ROW($X371)-ROW($X$15),-1))),IF($C371=0,0,ROUND(SomaAgrup,15-13*$AF$11)))","v":73838.990000000005},"RA","",{"$f":"IF($C371=\"S\",IF($Z371=\"CP\",$X371,IF($Z371=\"RA\",(($X371)*QCI!$AA$3),0)),SomaAgrup)","v":19809.093820493021},0,{"$f":"IF($N371=\"\",\"\",IF(ORÇAMENTO.Descricao=\"\",\"DESCRIÇÃO\",IF(AND($C371=\"S\",ORÇAMENTO.Unidade=\"\"),\"UNIDADE\",IF($X371<0,\"VALOR NEGATIVO\",IF(OR(AND(TIPOORCAMENTO=\"Proposto\",$AG371<>\"\",$AG371>0,ORÇAMENTO.CustoUnitario>$AG371),AND(TIPOORCAMENTO=\"LICITADO\",ORÇAMENTO.PrecoUnitarioLicitado>$AN371)),\"ACIMA REF.\",\"\")))))","v":""},{"$f":"IF(C371<=CRONO.NivelExibicao,MAX($AD$15:OFFSET(AD371,-1,0))+IF($C371<>1,1,MAX(1,COUNTIF(QCI!$A$13:$A$24,OFFSET($E371,-1,0)))),\"\")","v":25},{"$f":"IF(AND($C371=\"S\",ORÇAMENTO.CodBarra<>\"\"),IF(ORÇAMENTO.Fonte=\"\",ORÇAMENTO.CodBarra,CONCATENATE(ORÇAMENTO.Fonte,\" \",ORÇAMENTO.CodBarra)))","v":false},{"$f":"IF(ISERROR(INDIRECT(ORÇAMENTO.BancoRef)),\"(abra o arquivo 'Referência \"&Excel_BuiltIn_Database&\".xlsm)\",IF(OR($C371<>\"S\",ORÇAMENTO.CodBarra=\"\"),\"(Sem Código)\",IF(ISERROR(MATCH($AE371,INDIRECT(ORÇAMENTO.BancoRef),0)),\"(Código não identificado nas referências)\",MATCH($AE371,INDIRECT(ORÇAMENTO.BancoRef),0))))","v":"(Sem Código)"},{"$f":"ROUND(IF(DESONERACAO=\"sim\",REFERENCIA.Desonerado,REFERENCIA.NaoDesonerado),2)","v":0},0.2082,null,null,null,null,73838.990000000005,0]
["S",2,"S",0,{"$f":"IF($C372=1,OFFSET(E372,-1,0)+MAX(1,COUNTIF(QCI!$A$13:$A$24,OFFSET(ORÇAMENTO!E372,-1,0))),OFFSET(E372,-1,0))","v":2},10,0,0,1,0,{"$f":"IF(OR($C372=\"S\",$C372=0),0,MATCH(OFFSET($D372,0,$C372)+IF($C372<>1,1,COUNTIF(QCI!$A$13:$A$24,ORÇAMENTO!E372)),OFFSET($D372,1,$C372,ROW($C$404)-ROW($C372)),0))","v":0},"F","Serviço","Serviço","2.10.0.0.1.","SINAPI","94569",{"$f":"IF($C372=\"S\",REFERENCIA.Descricao,\"(digite a descrição aqui)\")","v":"JANELA DE ALUMÍNIO TIPO MAXIM-AR, COM VIDROS, BATENTE E FERRAGENS. EXCLUSIVE ALIZAR, ACABAMENTO E CONTRAMARCO. FORNECIMENTO E INSTALAÇÃO. AF_12/2019"},{"$f":"REFERENCIA.Unidade","v":"M2"},{"$f":"OFFSET(CÁLCULO!H$15,ROW($T372)-ROW(T$15),0)","v":14.28},1261.75,"BDI 1",{"$f":"IF($C372=\"S\",ROUND(IF(TIPOORCAMENTO=\"Proposto\",ORÇAMENTO.CustoUnitario*(1+$AH372),ORÇAMENTO.PrecoUnitarioLicitado),15-13*$AF$10),0)","v":1524.45},{"$f":"IF($C372=\"S\",IF(Import.TipoArredondamento<>\"TransfereGOV\",VTOTAL1,SUM(OFFSET(CÁLCULO!$AA$15,ROW($X372)-ROW($X$15),1):OFFSET(CÁLCULO!$AL$15,ROW($X372)-ROW($X$15),-1))),IF($C372=0,0,ROUND(SomaAgrup,15-13*$AF$11)))","v":21769.15},"RA","RA",{"$f":"IF($C372=\"S\",IF($Z372=\"CP\",$X372,IF($Z372=\"RA\",(($X372)*QCI!$AA$3),0)),SomaAgrup)","v":5840.1006669022108},0,{"$f":"IF($N372=\"\",\"\",IF(ORÇAMENTO.Descricao=\"\",\"DESCRIÇÃO\",IF(AND($C372=\"S\",ORÇAMENTO.Unidade=\"\"),\"UNIDADE\",IF($X372<0,\"VALOR NEGATIVO\",IF(OR(AND(TIPOORCAMENTO=\"Proposto\",$AG372<>\"\",$AG372>0,ORÇAMENTO.CustoUnitario>$AG372),AND(TIPOORCAMENTO=\"LICITADO\",ORÇAMENTO.PrecoUnitarioLicitado>$AN372)),\"ACIMA REF.\",\"\")))))","v":""},{"$f":"IF(C372<=CRONO.NivelExibicao,MAX($AD$15:OFFSET(AD372,-1,0))+IF($C372<>1,1,MAX(1,COUNTIF(QCI!$A$13:$A$24,OFFSET($E372,-1,0)))),\"\")","v":""},{"$f":"IF(AND($C372=\"S\",ORÇAMENTO.CodBarra<>\"\"),IF(ORÇAMENTO.Fonte=\"\",ORÇAMENTO.CodBarra,CONCATENATE(ORÇAMENTO.Fonte,\" \",ORÇAMENTO.CodBarra)))","v":"SINAPI 94569"},{"$f":"IF(ISERROR(INDIRECT(ORÇAMENTO.BancoRef)),\"(abra o arquivo 'Referência \"&Excel_BuiltIn_Database&\".xlsm)\",IF(OR($C372<>\"S\",ORÇAMENTO.CodBarra=\"\"),\"(Sem Código)\",IF(ISERROR(MATCH($AE372,INDIRECT(ORÇAMENTO.BancoRef),0)),\"(Código não identificado nas referências)\",MATCH($AE372,INDIRECT(ORÇAMENTO.BancoRef),0))))","v":2304},{"$f":"ROUND(IF(DESONERACAO=\"sim\",REFERENCIA.Desonerado,REFERENCIA.NaoDesonerado),2)","v":1261.75},0.2082,null,14.28,null,null,21769.15,1524.45]
["S",2,"S",0,{"$f":"IF($C373=1,OFFSET(E373,-1,0)+MAX(1,COUNTIF(QCI!$A$13:$A$24,OFFSET(ORÇAMENTO!E373,-1,0))),OFFSET(E373,-1,0))","v":2},10,0,0,2,0,{"$f":"IF(OR($C373=\"S\",$C373=0),0,MATCH(OFFSET($D373,0,$C373)+IF($C373<>1,1,COUNTIF(QCI!$A$13:$A$24,ORÇAMENTO!E373)),OFFSET($D373,1,$C373,ROW($C$404)-ROW($C373)),0))","v":0},"F","Serviço","Serviço","2.10.0.0.2.","SINAPI","91341",{"$f":"IF($C373=\"S\",REFERENCIA.Descricao,\"(digite a descrição aqui)\")","v":"PORTA EM ALUMÍNIO DE ABRIR TIPO VENEZIANA COM GUARNIÇÃO, FIXAÇÃO COM PARAFUSOS - FORNECIMENTO E INSTALAÇÃO. AF_12/2019"},{"$f":"REFERENCIA.Unidade","v":"M2"},{"$f":"OFFSET(CÁLCULO!H$15,ROW($T373)-ROW(T$15),0)","v":5.25},1232.71,"BDI 1",{"$f":"IF($C373=\"S\",ROUND(IF(TIPOORCAMENTO=\"Proposto\",ORÇAMENTO.CustoUnitario*(1+$AH373),ORÇAMENTO.PrecoUnitarioLicitado),15-13*$AF$10),0)","v":1489.36},{"$f":"IF($C373=\"S\",IF(Import.TipoArredondamento<>\"TransfereGOV\",VTOTAL1,SUM(OFFSET(CÁLCULO!$AA$15,ROW($X373)-ROW($X$15),1):OFFSET(CÁLCULO!$AL$15,ROW($X373)-ROW($X$15),-1))),IF($C373=0,0,ROUND(SomaAgrup,15-13*$AF$11)))","v":7819.14},"RA","RA",{"$f":"IF($C373=\"S\",IF($Z373=\"CP\",$X373,IF($Z373=\"RA\",(($X373)*QCI!$AA$3),0)),SomaAgrup)","v":2097.6733004550824},0,{"$f":"IF($N373=\"\",\"\",IF(ORÇAMENTO.Descricao=\"\",\"DESCRIÇÃO\",IF(AND($C373=\"S\",ORÇAMENTO.Unidade=\"\"),\"UNIDADE\",IF($X373<0,\"VALOR NEGATIVO\",IF(OR(AND(TIPOORCAMENTO=\"Proposto\",$AG373<>\"\",$AG373>0,ORÇAMENTO.CustoUnitario>$AG373),AND(TIPOORCAMENTO=\"LICITADO\",ORÇAMENTO.PrecoUnitarioLicitado>$AN373)),\"ACIMA REF.\",\"\")))))","v":""},{"$f":"IF(C373<=CRONO.NivelExibicao,MAX($AD$15:OFFSET(AD373,-1,0))+IF($C373<>1,1,MAX(1,COUNTIF(QCI!$A$13:$A$24,OFFSET($E373,-1,0)))),\"\")","v":""},{"$f":"IF(AND($C373=\"S\",ORÇAMENTO.CodBarra<>\"\"),IF(ORÇAMENTO.Fonte=\"\",ORÇAMENTO.CodBarra,CONCATENATE(ORÇAMENTO.Fonte,\" \",ORÇAMENTO.CodBarra)))","v":"SINAPI 91341"},{"$f":"IF(ISERROR(INDIRECT(ORÇAMENTO.BancoRef)),\"(abra o arquivo 'Referência \"&Excel_BuiltIn_Database&\".xlsm)\",IF(OR($C373<>\"S\",ORÇAMENTO.CodBarra=\"\"),\"(Sem Código)\",IF(ISERROR(MATCH($AE373,INDIRECT(ORÇAMENTO.BancoRef),0)),\"(Código não identificado nas referências)\",MATCH($AE373,INDIRECT(ORÇAMENTO.BancoRef),0))))","v":2254},{"$f":"ROUND(IF(DESONERACAO=\"sim\",REFERENCIA.Desonerado,REFERENCIA.NaoDesonerado),2)","v":1232.71},0.2082,null,5.25,null,null,7819.14,1489.36]
["S",2,"S",0,{"$f":"IF($C374=1,OFFSET(E374,-1,0)+MAX(1,COUNTIF(QCI!$A$13:$A$24,OFFSET(ORÇAMENTO!E374,-1,0))),OFFSET(E374,-1,0))","v":2},10,0,0,3,0,{"$f":"IF(OR($C374=\"S\",$C374=0),0,MATCH(OFFSET($D374,0,$C374)+IF($C374<>1,1,COUNTIF(QCI!$A$13:$A$24,ORÇAMENTO!E374)),OFFSET($D374,1,$C374,ROW($C$404)-ROW($C374)),0))","v":0},"F","Serviço","Serviço","2.10.0.0.3.","SINAPI","94807",{"$f":"IF($C374=\"S\",REFERENCIA.Descricao,\"(digite a descrição aqui)\")","v":"PORTA EM AÇO DE ABRIR TIPO VENEZIANA SEM GUARNIÇÃO, 87X210CM, FIXAÇÃO COM PARAFUSOS - FORNECIMENTO E INSTALAÇÃO. AF_12/2019"},{"$f":"REFERENCIA.Unidade","v":"UN"},{"$f":"OFFSET(CÁLCULO!H$15,ROW($T374)-ROW(T$15),0)","v":9},1161.77,"BDI 1",{"$f":"IF($C374=\"S\",ROUND(IF(TIPOORCAMENTO=\"Proposto\",ORÇAMENTO.CustoUnitario*(1+$AH374),ORÇAMENTO.PrecoUnitarioLicitado),15-13*$AF$10),0)","v":1403.65},{"$f":"IF($C374=\"S\",IF(Import.TipoArredondamento<>\"TransfereGOV\",VTOTAL1,SUM(OFFSET(CÁLCULO!$AA$15,ROW($X374)-ROW($X$15),1):OFFSET(CÁLCULO!$AL$15,ROW($X374)-ROW($X$15),-1))),IF($C374=0,0,ROUND(SomaAgrup,15-13*$AF$11)))","v":12632.85},"RA","RA",{"$f":"IF($C374=\"S\",IF($Z374=\"CP\",$X374,IF($Z374=\"RA\",(($X374)*QCI!$AA$3),0)),SomaAgrup)","v":3389.0673595374919},0,{"$f":"IF($N374=\"\",\"\",IF(ORÇAMENTO.Descricao=\"\",\"DESCRIÇÃO\",IF(AND($C374=\"S\",ORÇAMENTO.Unidade=\"\"),\"UNIDADE\",IF($X374<0,\"VALOR NEGATIVO\",IF(OR(AND(TIPOORCAMENTO=\"Proposto\",$AG374<>\"\",$AG374>0,ORÇAMENTO.CustoUnitario>$AG374),AND(TIPOORCAMENTO=\"LICITADO\",ORÇAMENTO.PrecoUnitarioLicitado>$AN374)),\"ACIMA REF.\",\"\")))))","v":""},{"$f":"IF(C374<=CRONO.NivelExibicao,MAX($AD$15:OFFSET(AD374,-1,0))+IF($C374<>1,1,MAX(1,COUNTIF(QCI!$A$13:$A$24,OFFSET($E374,-1,0)))),\"\")","v":""},{"$f":"IF(AND($C374=\"S\",ORÇAMENTO.CodBarra<>\"\"),IF(ORÇAMENTO.Fonte=\"\",ORÇAMENTO.CodBarra,CONCATENATE(ORÇAMENTO.Fonte,\" \",ORÇAMENTO.CodBarra)))","v":"SINAPI 94807"},{"$f":"IF(ISERROR(INDIRECT(ORÇAMENTO.BancoRef)),\"(abra o arquivo 'Referência \"&Excel_BuiltIn_Database&\".xlsm)\",IF(OR($C374<>\"S\",ORÇAMENTO.CodBarra=\"\"),\"(Sem Código)\",IF(ISERROR(MATCH($AE374,INDIRECT(ORÇAMENTO.BancoRef),0)),\"(Código não identificado nas referências)\",MATCH($AE374,INDIRECT(ORÇAMENTO.BancoRef),0))))","v":2257},{"$f":"ROUND(IF(DESONERACAO=\"sim\",REFERENCIA.Desonerado,REFERENCIA.NaoDesonerado),2)","v":1161.77},0.2082,null,9,null,null,12632.85,1403.65]
["S",2,"S",0,{"$f":"IF($C375=1,OFFSET(E375,-1,0)+MAX(1,COUNTIF(QCI!$A$13:$A$24,OFFSET(ORÇAMENTO!E375,-1,0))),OFFSET(E375,-1,0))","v":2},10,0,0,4,0,{"$f":"IF(OR($C375=\"S\",$C375=0),0,MATCH(OFFSET($D375,0,$C375)+IF($C375<>1,1,COUNTIF(QCI!$A$13:$A$24,ORÇAMENTO!E375)),OFFSET($D375,1,$C375,ROW($C$404)-ROW($C375)),0))","v":0},"F","Serviço","Serviço","2.10.0.0.4.","SINAPI","100874",{"$f":"IF($C375=\"S\",REFERENCIA.Descricao,\"(digite a descrição aqui)\")","v":"PUXADOR PARA PCD, FIXADO NA PORTA - FORNECIMENTO E INSTALAÇÃO. AF_01/2020"},{"$f":"REFERENCIA.Unidade","v":"UN"},{"$f":"OFFSET(CÁLCULO!H$15,ROW($T375)-ROW(T$15),0)","v":8},228.62,"BDI 1",{"$f":"IF($C375=\"S\",ROUND(IF(TIPOORCAMENTO=\"Proposto\",ORÇAMENTO.CustoUnitario*(1+$AH375),ORÇAMENTO.PrecoUnitarioLicitado),15-13*$AF$10),0)","v":276.22000000000003},{"$f":"IF($C375=\"S\",IF(Import.TipoArredondamento<>\"TransfereGOV\",VTOTAL1,SUM(OFFSET(CÁLCULO!$AA$15,ROW($X375)-ROW($X$15),1):OFFSET(CÁLCULO!$AL$15,ROW($X375)-ROW($X$15),-1))),IF($C375=0,0,ROUND(SomaAgrup,15-13*$AF$11)))","v":2209.7600000000002},"RA","RA",{"$f":"IF($C375=\"S\",IF($Z375=\"CP\",$X375,IF($Z375=\"RA\",(($X375)*QCI!$AA$3),0)),SomaAgrup)","v":592.82153183260857},0,{"$f":"IF($N375=\"\",\"\",IF(ORÇAMENTO.Descricao=\"\",\"DESCRIÇÃO\",IF(AND($C375=\"S\",ORÇAMENTO.Unidade=\"\"),\"UNIDADE\",IF($X375<0,\"VALOR NEGATIVO\",IF(OR(AND(TIPOORCAMENTO=\"Proposto\",$AG375<>\"\",$AG375>0,ORÇAMENTO.CustoUnitario>$AG375),AND(TIPOORCAMENTO=\"LICITADO\",ORÇAMENTO.PrecoUnitarioLicitado>$AN375)),\"ACIMA REF.\",\"\")))))","v":""},{"$f":"IF(C375<=CRONO.NivelExibicao,MAX($AD$15:OFFSET(AD375,-1,0))+IF($C375<>1,1,MAX(1,COUNTIF(QCI!$A$13:$A$24,OFFSET($E375,-1,0)))),\"\")","v":""},{"$f":"IF(AND($C375=\"S\",ORÇAMENTO.CodBarra<>\"\"),IF(ORÇAMENTO.Fonte=\"\",ORÇAMENTO.CodBarra,CONCATENATE(ORÇAMENTO.Fonte,\" \",ORÇAMENTO.CodBarra)))","v":"SINAPI 100874"},{"$f":"IF(ISERROR(INDIRECT(ORÇAMENTO.BancoRef)),\"(abra o arquivo 'Referência \"&Excel_BuiltIn_Database&\".xlsm)\",IF(OR($C375<>\"S\",ORÇAMENTO.CodBarra=\"\"),\"(Sem Código)\",IF(ISERROR(MATCH($AE375,INDIRECT(ORÇAMENTO.BancoRef),0)),\"(Código não identificado nas referências)\",MATCH($AE375,INDIRECT(ORÇAMENTO.BancoRef),0))))","v":5396},{"$f":"ROUND(IF(DESONERACAO=\"sim\",REFERENCIA.Desonerado,REFERENCIA.NaoDesonerado),2)","v":228.62},0.2082,null,8,null,null,2209.7600000000002,276.22000000000003]
["S",2,"S",0,{"$f":"IF($C376=1,OFFSET(E376,-1,0)+MAX(1,COUNTIF(QCI!$A$13:$A$24,OFFSET(ORÇAMENTO!E376,-1,0))),OFFSET(E376,-1,0))","v":2},10,0,0,5,0,{"$f":"IF(OR($C376=\"S\",$C376=0),0,MATCH(OFFSET($D376,0,$C376)+IF($C376<>1,1,COUNTIF(QCI!$A$13:$A$24,ORÇAMENTO!E376)),OFFSET($D376,1,$C376,ROW($C$404)-ROW($C376)),0))","v":0},"F","Serviço","Serviço","2.10.0.0.5.","SINAPI","100869",{"$f":"IF($C376=\"S\",REFERENCIA.Descricao,\"(digite a descrição aqui)\")","v":"BARRA DE APOIO RETA, EM ACO INOX POLIDO, COMPRIMENTO 90 CM,  FIXADA NA PAREDE - FORNECIMENTO E INSTALAÇÃO. AF_01/2020"},{"$f":"REFERENCIA.Unidade","v":"UN"},{"$f":"OFFSET(CÁLCULO!H$15,ROW($T376)-ROW(T$15),0)","v":4},253.26,"BDI 1",{"$f":"IF($C376=\"S\",ROUND(IF(TIPOORCAMENTO=\"Proposto\",ORÇAMENTO.CustoUnitario*(1+$AH376),ORÇAMENTO.PrecoUnitarioLicitado),15-13*$AF$10),0)","v":305.99},{"$f":"IF($C376=\"S\",IF(Import.TipoArredondamento<>\"TransfereGOV\",VTOTAL1,SUM(OFFSET(CÁLCULO!$AA$15,ROW($X376)-ROW($X$15),1):OFFSET(CÁLCULO!$AL$15,ROW($X376)-ROW($X$15),-1))),IF($C376=0,0,ROUND(SomaAgrup,15-13*$AF$11)))","v":1223.96},"RA","RA",{"$f":"IF($C376=\"S\",IF($Z376=\"CP\",$X376,IF($Z376=\"RA\",(($X376)*QCI!$AA$3),0)),SomaAgrup)","v":328.35685418409219},0,{"$f":"IF($N376=\"\",\"\",IF(ORÇAMENTO.Descricao=\"\",\"DESCRIÇÃO\",IF(AND($C376=\"S\",ORÇAMENTO.Unidade=\"\"),\"UNIDADE\",IF($X376<0,\"VALOR NEGATIVO\",IF(OR(AND(TIPOORCAMENTO=\"Proposto\",$AG376<>\"\",$AG376>0,ORÇAMENTO.CustoUnitario>$AG376),AND(TIPOORCAMENTO=\"LICITADO\",ORÇAMENTO.PrecoUnitarioLicitado>$AN376)),\"ACIMA REF.\",\"\")))))","v":""},{"$f":"IF(C376<=CRONO.NivelExibicao,MAX($AD$15:OFFSET(AD376,-1,0))+IF($C376<>1,1,MAX(1,COUNTIF(QCI!$A$13:$A$24,OFFSET($E376,-1,0)))),\"\")","v":""},{"$f":"IF(AND($C376=\"S\",ORÇAMENTO.CodBarra<>\"\"),IF(ORÇAMENTO.Fonte=\"\",ORÇAMENTO.CodBarra,CONCATENATE(ORÇAMENTO.Fonte,\" \",ORÇAMENTO.CodBarra)))","v":"SINAPI 100869"},{"$f":"IF(ISERROR(INDIRECT(ORÇAMENTO.BancoRef)),\"(abra o arquivo 'Referência \"&Excel_BuiltIn_Database&\".xlsm)\",IF(OR($C376<>\"S\",ORÇAMENTO.CodBarra=\"\"),\"(Sem Código)\",IF(ISERROR(MATCH($AE376,INDIRECT(ORÇAMENTO.BancoRef),0)),\"(Código não identificado nas referências)\",MATCH($AE376,INDIRECT(ORÇAMENTO.BancoRef),0))))","v":5391},{"$f":"ROUND(IF(DESONERACAO=\"sim\",REFERENCIA.Desonerado,REFERENCIA.NaoDesonerado),2)","v":253.26},0.2082,null,4,null,null,1223.96,305.99]
["S",2,"S",0,{"$f":"IF($C377=1,OFFSET(E377,-1,0)+MAX(1,COUNTIF(QCI!$A$13:$A$24,OFFSET(ORÇAMENTO!E377,-1,0))),OFFSET(E377,-1,0))","v":2},10,0,0,6,0,{"$f":"IF(OR($C377=\"S\",$C377=0),0,MATCH(OFFSET($D377,0,$C377)+IF($C377<>1,1,COUNTIF(QCI!$A$13:$A$24,ORÇAMENTO!E377)),OFFSET($D377,1,$C377,ROW($C$404)-ROW($C377)),0))","v":0},"F","Serviço","Serviço","2.10.0.0.6.","SINAPI","100866",{"$f":"IF($C377=\"S\",REFERENCIA.Descricao,\"(digite a descrição aqui)\")","v":"BARRA DE APOIO RETA, EM ACO INOX POLIDO, COMPRIMENTO 60CM, FIXADA NA PAREDE - FORNECIMENTO E INSTALAÇÃO. AF_01/2020"},{"$f":"REFERENCIA.Unidade","v":"UN"},{"$f":"OFFSET(CÁLCULO!H$15,ROW($T377)-ROW(T$15),0)","v":4},228.62,"BDI 1",{"$f":"IF($C377=\"S\",ROUND(IF(TIPOORCAMENTO=\"Proposto\",ORÇAMENTO.CustoUnitario*(1+$AH377),ORÇAMENTO.PrecoUnitarioLicitado),15-13*$AF$10),0)","v":276.22000000000003},{"$f":"IF($C377=\"S\",IF(Import.TipoArredondamento<>\"TransfereGOV\",VTOTAL1,SUM(OFFSET(CÁLCULO!$AA$15,ROW($X377)-ROW($X$15),1):OFFSET(CÁLCULO!$AL$15,ROW($X377)-ROW($X$15),-1))),IF($C377=0,0,ROUND(SomaAgrup,15-13*$AF$11)))","v":1104.8800000000001},"RA","RA",{"$f":"IF($C377=\"S\",IF($Z377=\"CP\",$X377,IF($Z377=\"RA\",(($X377)*QCI!$AA$3),0)),SomaAgrup)","v":296.41076591630429},0,{"$f":"IF($N377=\"\",\"\",IF(ORÇAMENTO.Descricao=\"\",\"DESCRIÇÃO\",IF(AND($C377=\"S\",ORÇAMENTO.Unidade=\"\"),\"UNIDADE\",IF($X377<0,\"VALOR NEGATIVO\",IF(OR(AND(TIPOORCAMENTO=\"Proposto\",$AG377<>\"\",$AG377>0,ORÇAMENTO.CustoUnitario>$AG377),AND(TIPOORCAMENTO=\"LICITADO\",ORÇAMENTO.PrecoUnitarioLicitado>$AN377)),\"ACIMA REF.\",\"\")))))","v":""},{"$f":"IF(C377<=CRONO.NivelExibicao,MAX($AD$15:OFFSET(AD377,-1,0))+IF($C377<>1,1,MAX(1,COUNTIF(QCI!$A$13:$A$24,OFFSET($E377,-1,0)))),\"\")","v":""},{"$f":"IF(AND($C377=\"S\",ORÇAMENTO.CodBarra<>\"\"),IF(ORÇAMENTO.Fonte=\"\",ORÇAMENTO.CodBarra,CONCATENATE(ORÇAMENTO.Fonte,\" \",ORÇAMENTO.CodBarra)))","v":"SINAPI 100866"},{"$f":"IF(ISERROR(INDIRECT(ORÇAMENTO.BancoRef)),\"(abra o arquivo 'Referência \"&Excel_BuiltIn_Database&\".xlsm)\",IF(OR($C377<>\"S\",ORÇAMENTO.CodBarra=\"\"),\"(Sem Código)\",IF(ISERROR(MATCH($AE377,INDIRECT(ORÇAMENTO.BancoRef),0)),\"(Código não identificado nas referências)\",MATCH($AE377,INDIRECT(ORÇAMENTO.BancoRef),0))))","v":5388},{"$f":"ROUND(IF(DESONERACAO=\"sim\",REFERENCIA.Desonerado,REFERENCIA.NaoDesonerado),2)","v":228.62},0.2082,null,4,null,null,1104.8800000000001,276.22000000000003]
["S",2,"S",0,{"$f":"IF($C378=1,OFFSET(E378,-1,0)+MAX(1,COUNTIF(QCI!$A$13:$A$24,OFFSET(ORÇAMENTO!E378,-1,0))),OFFSET(E378,-1,0))","v":2},10,0,0,7,0,{"$f":"IF(OR($C378=\"S\",$C378=0),0,MATCH(OFFSET($D378,0,$C378)+IF($C378<>1,1,COUNTIF(QCI!$A$13:$A$24,ORÇAMENTO!E378)),OFFSET($D378,1,$C378,ROW($C$404)-ROW($C378)),0))","v":0},"F","Serviço","Serviço","2.10.0.0.7.","Composição","010",{"$f":"IF($C378=\"S\",REFERENCIA.Descricao,\"(digite a descrição aqui)\")","v":"BARRA ANTIPANICO DUPLA, CEGA EM LADO OPOSTO, COR CINZA - FORNECIMENTO E INSTALAÇÃO"},{"$f":"REFERENCIA.Unidade","v":"UN"},{"$f":"OFFSET(CÁLCULO!H$15,ROW($T378)-ROW(T$15),0)","v":2},1118.67,"BDI 1",{"$f":"IF($C378=\"S\",ROUND(IF(TIPOORCAMENTO=\"Proposto\",ORÇAMENTO.CustoUnitario*(1+$AH378),ORÇAMENTO.PrecoUnitarioLicitado),15-13*$AF$10),0)","v":1351.58},{"$f":"IF($C378=\"S\",IF(Import.TipoArredondamento<>\"TransfereGOV\",VTOTAL1,SUM(OFFSET(CÁLCULO!$AA$15,ROW($X378)-ROW($X$15),1):OFFSET(CÁLCULO!$AL$15,ROW($X378)-ROW($X$15),-1))),IF($C378=0,0,ROUND(SomaAgrup,15-13*$AF$11)))","v":2703.16},"RA","RA",{"$f":"IF($C378=\"S\",IF($Z378=\"CP\",$X378,IF($Z378=\"RA\",(($X378)*QCI!$AA$3),0)),SomaAgrup)","v":725.18800774230408},0,{"$f":"IF($N378=\"\",\"\",IF(ORÇAMENTO.Descricao=\"\",\"DESCRIÇÃO\",IF(AND($C378=\"S\",ORÇAMENTO.Unidade=\"\"),\"UNIDADE\",IF($X378<0,\"VALOR NEGATIVO\",IF(OR(AND(TIPOORCAMENTO=\"Proposto\",$AG378<>\"\",$AG378>0,ORÇAMENTO.CustoUnitario>$AG378),AND(TIPOORCAMENTO=\"LICITADO\",ORÇAMENTO.PrecoUnitarioLicitado>$AN378)),\"ACIMA REF.\",\"\")))))","v":""},{"$f":"IF(C378<=CRONO.NivelExibicao,MAX($AD$15:OFFSET(AD378,-1,0))+IF($C378<>1,1,MAX(1,COUNTIF(QCI!$A$13:$A$24,OFFSET($E378,-1,0)))),\"\")","v":""},{"$f":"IF(AND($C378=\"S\",ORÇAMENTO.CodBarra<>\"\"),IF(ORÇAMENTO.Fonte=\"\",ORÇAMENTO.CodBarra,CONCATENATE(ORÇAMENTO.Fonte,\" \",ORÇAMENTO.CodBarra)))","v":"Composição 010"},{"$f":"IF(ISERROR(INDIRECT(ORÇAMENTO.BancoRef)),\"(abra o arquivo 'Referência \"&Excel_BuiltIn_Database&\".xlsm)\",IF(OR($C378<>\"S\",ORÇAMENTO.CodBarra=\"\"),\"(Sem Código)\",IF(ISERROR(MATCH($AE378,INDIRECT(ORÇAMENTO.BancoRef),0)),\"(Código não identificado nas referências)\",MATCH($AE378,INDIRECT(ORÇAMENTO.BancoRef),0))))","v":12},{"$f":"ROUND(IF(DESONERACAO=\"sim\",REFERENCIA.Desonerado,REFERENCIA.NaoDesonerado),2)","v":1118.67},0.2082,null,2,null,null,2703.16,1351.58]
[{"$f":"CHOOSE(1+LOG(1+2*(ORÇAMENTO.Nivel=\"Meta\")+4*(ORÇAMENTO.Nivel=\"Nível 2\")+8*(ORÇAMENTO.Nivel=\"Nível 3\")+16*(ORÇAMENTO.Nivel=\"Nível 4\")+32*(ORÇAMENTO.Nivel=\"Serviço\"),2),0,1,2,3,4,\"S\")","v":"S"},{"$f":"IF(OR(C379=\"s\",C379=0),OFFSET(B379,-1,0),C379)","v":2},{"$f":"IF(OFFSET(C379,-1,0)=\"L\",1,IF(OFFSET(C379,-1,0)=1,2,IF(OR(A379=\"s\",A379=0),\"S\",IF(AND(OFFSET(C379,-1,0)=2,A379=4),3,IF(AND(OR(OFFSET(C379,-1,0)=\"s\",OFFSET(C379,-1,0)=0),A379<>\"s\",A379>OFFSET(B379,-1,0)),OFFSET(B379,-1,0),A379)))))","v":"S"},{"$f":"IF(OR(C379=\"S\",C379=0),0,IF(ISERROR(K379),J379,SMALL(J379:K379,1)))","v":0},{"$f":"IF($C379=1,OFFSET(E379,-1,0)+MAX(1,COUNTIF(QCI!$A$13:$A$24,OFFSET(ORÇAMENTO!E379,-1,0))),OFFSET(E379,-1,0))","v":2},{"$f":"IF($C379=1,0,IF($C379=2,OFFSET(F379,-1,0)+1,OFFSET(F379,-1,0)))","v":10},{"$f":"IF(AND($C379<=2,$C379<>0),0,IF($C379=3,OFFSET(G379,-1,0)+1,OFFSET(G379,-1,0)))","v":0},{"$f":"IF(AND($C379<=3,$C379<>0),0,IF($C379=4,OFFSET(H379,-1,0)+1,OFFSET(H379,-1,0)))","v":0},{"$f":"IF(AND($C379<=4,$C379<>0),0,IF(AND($C379=\"S\",$X379>0),OFFSET(I379,-1,0)+1,OFFSET(I379,-1,0)))","v":8},{"$f":"IF(OR($C379=\"S\",$C379=0),0,MATCH(0,OFFSET($D379,1,$C379,ROW($C$404)-ROW($C379)),0))","v":0},{"$f":"IF(OR($C379=\"S\",$C379=0),0,MATCH(OFFSET($D379,0,$C379)+IF($C379<>1,1,COUNTIF(QCI!$A$13:$A$24,ORÇAMENTO!E379)),OFFSET($D379,1,$C379,ROW($C$404)-ROW($C379)),0))","v":0},{"$f":"IF(OR($X379>0,$C379=1,$C379=2,$C379=3,$C379=4),\"F\",\"\")","v":"F"},"Serviço",{"$f":"CHOOSE(1+LOG(1+2*(C379=1)+4*(C379=2)+8*(C379=3)+16*(C379=4)+32*(C379=\"S\"),2),\"\",\"Meta\",\"Nível 2\",\"Nível 3\",\"Nível 4\",\"Serviço\")","v":"Serviço"},{"$f":"IF(OR($C379=0,$L379=\"\"),\"-\",CONCATENATE(E379&\".\",IF(AND($A$5>=2,$C379>=2),F379&\".\",\"\"),IF(AND($A$5>=3,$C379>=3),G379&\".\",\"\"),IF(AND($A$5>=4,$C379>=4),H379&\".\",\"\"),IF($C379=\"S\",I379&\".\",\"\")))","v":"2.10.0.0.8."},"Composição","016",{"$f":"IF($C379=\"S\",REFERENCIA.Descricao,\"(digite a descrição aqui)\")","v":"PORTÃO DE CORRER EM GRADIL FIXO DE BARRA DE FERRO CHATA, CONFORME PROJETO ARQUITETÔNICO, COM BARRAS NA VERTICAL E HORIZONTAL, COM REQUADRO E PINTURA, COM TRILHOS E ROLDANAS - INCLUSO MATERIAL E MÃO DE OBRA"},{"$f":"REFERENCIA.Unidade","v":"M2"},{"$f":"OFFSET(CÁLCULO!H$15,ROW($T379)-ROW(T$15),0)","v":12.6},1601.23,"BDI 1",{"$f":"IF($C379=\"S\",ROUND(IF(TIPOORCAMENTO=\"Proposto\",ORÇAMENTO.CustoUnitario*(1+$AH379),ORÇAMENTO.PrecoUnitarioLicitado),15-13*$AF$10),0)","v":1934.61},{"$f":"IF($C379=\"S\",IF(Import.TipoArredondamento<>\"TransfereGOV\",VTOTAL1,SUM(OFFSET(CÁLCULO!$AA$15,ROW($X379)-ROW($X$15),1):OFFSET(CÁLCULO!$AL$15,ROW($X379)-ROW($X$15),-1))),IF($C379=0,0,ROUND(SomaAgrup,15-13*$AF$11)))","v":24376.09},"RA",{"$f":"IF(AND($C379=\"S\",$X379>0),IF(ISBLANK($Y379),\"RA\",LEFT($Y379,2)),\"\")","v":"RA"},{"$f":"IF($C379=\"S\",IF($Z379=\"CP\",$X379,IF($Z379=\"RA\",(($X379)*QCI!$AA$3),0)),SomaAgrup)","v":6539.4753339229283},{"$f":"IF($C379=\"S\",IF($Z379=\"OU\",ROUND($X379,2),0),SomaAgrup)","v":0},{"$f":"IF($N379=\"\",\"\",IF(ORÇAMENTO.Descricao=\"\",\"DESCRIÇÃO\",IF(AND($C379=\"S\",ORÇAMENTO.Unidade=\"\"),\"UNIDADE\",IF($X379<0,\"VALOR NEGATIVO\",IF(OR(AND(TIPOORCAMENTO=\"Proposto\",$AG379<>\"\",$AG379>0,ORÇAMENTO.CustoUnitario>$AG379),AND(TIPOORCAMENTO=\"LICITADO\",ORÇAMENTO.PrecoUnitarioLicitado>$AN379)),\"ACIMA REF.\",\"\")))))","v":""},{"$f":"IF(C379<=CRONO.NivelExibicao,MAX($AD$15:OFFSET(AD379,-1,0))+IF($C379<>1,1,MAX(1,COUNTIF(QCI!$A$13:$A$24,OFFSET($E379,-1,0)))),\"\")","v":""},{"$f":"IF(AND($C379=\"S\",ORÇAMENTO.CodBarra<>\"\"),IF(ORÇAMENTO.Fonte=\"\",ORÇAMENTO.CodBarra,CONCATENATE(ORÇAMENTO.Fonte,\" \",ORÇAMENTO.CodBarra)))","v":"Composição 016"},{"$f":"IF(ISERROR(INDIRECT(ORÇAMENTO.BancoRef)),\"(abra o arquivo 'Referência \"&Excel_BuiltIn_Database&\".xlsm)\",IF(OR($C379<>\"S\",ORÇAMENTO.CodBarra=\"\"),\"(Sem Código)\",IF(ISERROR(MATCH($AE379,INDIRECT(ORÇAMENTO.BancoRef),0)),\"(Código não identificado nas referências)\",MATCH($AE379,INDIRECT(ORÇAMENTO.BancoRef),0))))","v":18},{"$f":"ROUND(IF(DESONERACAO=\"sim\",REFERENCIA.Desonerado,REFERENCIA.NaoDesonerado),2)","v":1601.23},{"$f":"ROUND(IF(ISNUMBER(ORÇAMENTO.OpcaoBDI),ORÇAMENTO.OpcaoBDI,IF(LEFT(ORÇAMENTO.OpcaoBDI,3)=\"BDI\",HLOOKUP(ORÇAMENTO.OpcaoBDI,$F$4:$H$5,2,FALSE),0)),15-11*$AF$9)","v":0.2082},null,{"$f":"6*2.1","v":12.600000000000001},null,null,24376.09,{"$f":"ROUND(ORÇAMENTO.CustoUnitario*(1+$AH379),2)","v":1934.61}]
[2,2,2,21,{"$f":"IF($C380=1,OFFSET(E380,-1,0)+MAX(1,COUNTIF(QCI!$A$13:$A$24,OFFSET(ORÇAMENTO!E380,-1,0))),OFFSET(E380,-1,0))","v":2},11,0,0,0,24,{"$f":"IF(OR($C380=\"S\",$C380=0),0,MATCH(OFFSET($D380,0,$C380)+IF($C380<>1,1,COUNTIF(QCI!$A$13:$A$24,ORÇAMENTO!E380)),OFFSET($D380,1,$C380,ROW($C$404)-ROW($C380)),0))","v":21},"F","Nível 2","Nível 2","2.11.","SINAPI",null,"PINTURA",{"$f":"REFERENCIA.Unidade","v":"-"},{"$f":"OFFSET(CÁLCULO!H$15,ROW($T380)-ROW(T$15),0)","v":0},null,"BDI 1",{"$f":"IF($C380=\"S\",ROUND(IF(TIPOORCAMENTO=\"Proposto\",ORÇAMENTO.CustoUnitario*(1+$AH380),ORÇAMENTO.PrecoUnitarioLicitado),15-13*$AF$10),0)","v":0},{"$f":"IF($C380=\"S\",IF(Import.TipoArredondamento<>\"TransfereGOV\",VTOTAL1,SUM(OFFSET(CÁLCULO!$AA$15,ROW($X380)-ROW($X$15),1):OFFSET(CÁLCULO!$AL$15,ROW($X380)-ROW($X$15),-1))),IF($C380=0,0,ROUND(SomaAgrup,15-13*$AF$11)))","v":113488.92},"RA","",{"$f":"IF($C380=\"S\",IF($Z380=\"CP\",$X380,IF($Z380=\"RA\",(($X380)*QCI!$AA$3),0)),SomaAgrup)","v":30446.145916492449},0,{"$f":"IF($N380=\"\",\"\",IF(ORÇAMENTO.Descricao=\"\",\"DESCRIÇÃO\",IF(AND($C380=\"S\",ORÇAMENTO.Unidade=\"\"),\"UNIDADE\",IF($X380<0,\"VALOR NEGATIVO\",IF(OR(AND(TIPOORCAMENTO=\"Proposto\",$AG380<>\"\",$AG380>0,ORÇAMENTO.CustoUnitario>$AG380),AND(TIPOORCAMENTO=\"LICITADO\",ORÇAMENTO.PrecoUnitarioLicitado>$AN380)),\"ACIMA REF.\",\"\")))))","v":""},{"$f":"IF(C380<=CRONO.NivelExibicao,MAX($AD$15:OFFSET(AD380,-1,0))+IF($C380<>1,1,MAX(1,COUNTIF(QCI!$A$13:$A$24,OFFSET($E380,-1,0)))),\"\")","v":26},{"$f":"IF(AND($C380=\"S\",ORÇAMENTO.CodBarra<>\"\"),IF(ORÇAMENTO.Fonte=\"\",ORÇAMENTO.CodBarra,CONCATENATE(ORÇAMENTO.Fonte,\" \",ORÇAMENTO.CodBarra)))","v":false},{"$f":"IF(ISERROR(INDIRECT(ORÇAMENTO.BancoRef)),\"(abra o arquivo 'Referência \"&Excel_BuiltIn_Database&\".xlsm)\",IF(OR($C380<>\"S\",ORÇAMENTO.CodBarra=\"\"),\"(Sem Código)\",IF(ISERROR(MATCH($AE380,INDIRECT(ORÇAMENTO.BancoRef),0)),\"(Código não identificado nas referências)\",MATCH($AE380,INDIRECT(ORÇAMENTO.BancoRef),0))))","v":"(Sem Código)"},{"$f":"ROUND(IF(DESONERACAO=\"sim\",REFERENCIA.Desonerado,REFERENCIA.NaoDesonerado),2)","v":0},0.2082,null,null,null,null,113488.92,0]
[3,3,3,2,{"$f":"IF($C381=1,OFFSET(E381,-1,0)+MAX(1,COUNTIF(QCI!$A$13:$A$24,OFFSET(ORÇAMENTO!E381,-1,0))),OFFSET(E381,-1,0))","v":2},11,1,0,0,20,{"$f":"IF(OR($C381=\"S\",$C381=0),0,MATCH(OFFSET($D381,0,$C381)+IF($C381<>1,1,COUNTIF(QCI!$A$13:$A$24,ORÇAMENTO!E381)),OFFSET($D381,1,$C381,ROW($C$404)-ROW($C381)),0))","v":2},"F","Nível 3","Nível 3","2.11.1.","SINAPI",null,"PISO",{"$f":"REFERENCIA.Unidade","v":"-"},{"$f":"OFFSET(CÁLCULO!H$15,ROW($T381)-ROW(T$15),0)","v":0},null,"BDI 1",{"$f":"IF($C381=\"S\",ROUND(IF(TIPOORCAMENTO=\"Proposto\",ORÇAMENTO.CustoUnitario*(1+$AH381),ORÇAMENTO.PrecoUnitarioLicitado),15-13*$AF$10),0)","v":0},{"$f":"IF($C381=\"S\",IF(Import.TipoArredondamento<>\"TransfereGOV\",VTOTAL1,SUM(OFFSET(CÁLCULO!$AA$15,ROW($X381)-ROW($X$15),1):OFFSET(CÁLCULO!$AL$15,ROW($X381)-ROW($X$15),-1))),IF($C381=0,0,ROUND(SomaAgrup,15-13*$AF$11)))","v":1652.41},"RA","",{"$f":"IF($C381=\"S\",IF($Z381=\"CP\",$X381,IF($Z381=\"RA\",(($X381)*QCI!$AA$3),0)),SomaAgrup)","v":443.29892269546042},0,{"$f":"IF($N381=\"\",\"\",IF(ORÇAMENTO.Descricao=\"\",\"DESCRIÇÃO\",IF(AND($C381=\"S\",ORÇAMENTO.Unidade=\"\"),\"UNIDADE\",IF($X381<0,\"VALOR NEGATIVO\",IF(OR(AND(TIPOORCAMENTO=\"Proposto\",$AG381<>\"\",$AG381>0,ORÇAMENTO.CustoUnitario>$AG381),AND(TIPOORCAMENTO=\"LICITADO\",ORÇAMENTO.PrecoUnitarioLicitado>$AN381)),\"ACIMA REF.\",\"\")))))","v":""},{"$f":"IF(C381<=CRONO.NivelExibicao,MAX($AD$15:OFFSET(AD381,-1,0))+IF($C381<>1,1,MAX(1,COUNTIF(QCI!$A$13:$A$24,OFFSET($E381,-1,0)))),\"\")","v":""},{"$f":"IF(AND($C381=\"S\",ORÇAMENTO.CodBarra<>\"\"),IF(ORÇAMENTO.Fonte=\"\",ORÇAMENTO.CodBarra,CONCATENATE(ORÇAMENTO.Fonte,\" \",ORÇAMENTO.CodBarra)))","v":false},{"$f":"IF(ISERROR(INDIRECT(ORÇAMENTO.BancoRef)),\"(abra o arquivo 'Referência \"&Excel_BuiltIn_Database&\".xlsm)\",IF(OR($C381<>\"S\",ORÇAMENTO.CodBarra=\"\"),\"(Sem Código)\",IF(ISERROR(MATCH($AE381,INDIRECT(ORÇAMENTO.BancoRef),0)),\"(Código não identificado nas referências)\",MATCH($AE381,INDIRECT(ORÇAMENTO.BancoRef),0))))","v":"(Sem Código)"},{"$f":"ROUND(IF(DESONERACAO=\"sim\",REFERENCIA.Desonerado,REFERENCIA.NaoDesonerado),2)","v":0},0.2082,null,null,null,null,1652.41,0]
[{"$f":"CHOOSE(1+LOG(1+2*(ORÇAMENTO.Nivel=\"Meta\")+4*(ORÇAMENTO.Nivel=\"Nível 2\")+8*(ORÇAMENTO.Nivel=\"Nível 3\")+16*(ORÇAMENTO.Nivel=\"Nível 4\")+32*(ORÇAMENTO.Nivel=\"Serviço\"),2),0,1,2,3,4,\"S\")","v":"S"},{"$f":"IF(OR(C382=\"s\",C382=0),OFFSET(B382,-1,0),C382)","v":3},{"$f":"IF(OFFSET(C382,-1,0)=\"L\",1,IF(OFFSET(C382,-1,0)=1,2,IF(OR(A382=\"s\",A382=0),\"S\",IF(AND(OFFSET(C382,-1,0)=2,A382=4),3,IF(AND(OR(OFFSET(C382,-1,0)=\"s\",OFFSET(C382,-1,0)=0),A382<>\"s\",A382>OFFSET(B382,-1,0)),OFFSET(B382,-1,0),A382)))))","v":"S"},{"$f":"IF(OR(C382=\"S\",C382=0),0,IF(ISERROR(K382),J382,SMALL(J382:K382,1)))","v":0},{"$f":"IF($C382=1,OFFSET(E382,-1,0)+MAX(1,COUNTIF(QCI!$A$13:$A$24,OFFSET(ORÇAMENTO!E382,-1,0))),OFFSET(E382,-1,0))","v":2},{"$f":"IF($C382=1,0,IF($C382=2,OFFSET(F382,-1,0)+1,OFFSET(F382,-1,0)))","v":11},{"$f":"IF(AND($C382<=2,$C382<>0),0,IF($C382=3,OFFSET(G382,-1,0)+1,OFFSET(G382,-1,0)))","v":1},{"$f":"IF(AND($C382<=3,$C382<>0),0,IF($C382=4,OFFSET(H382,-1,0)+1,OFFSET(H382,-1,0)))","v":0},{"$f":"IF(AND($C382<=4,$C382<>0),0,IF(AND($C382=\"S\",$X382>0),OFFSET(I382,-1,0)+1,OFFSET(I382,-1,0)))","v":1},0,{"$f":"IF(OR($C382=\"S\",$C382=0),0,MATCH(OFFSET($D382,0,$C382)+IF($C382<>1,1,COUNTIF(QCI!$A$13:$A$24,ORÇAMENTO!E382)),OFFSET($D382,1,$C382,ROW($C$404)-ROW($C382)),0))","v":0},{"$f":"IF(OR($X382>0,$C382=1,$C382=2,$C382=3,$C382=4),\"F\",\"\")","v":"F"},"Serviço",{"$f":"CHOOSE(1+LOG(1+2*(C382=1)+4*(C382=2)+8*(C382=3)+16*(C382=4)+32*(C382=\"S\"),2),\"\",\"Meta\",\"Nível 2\",\"Nível 3\",\"Nível 4\",\"Serviço\")","v":"Serviço"},{"$f":"IF(OR($C382=0,$L382=\"\"),\"-\",CONCATENATE(E382&\".\",IF(AND($A$5>=2,$C382>=2),F382&\".\",\"\"),IF(AND($A$5>=3,$C382>=3),G382&\".\",\"\"),IF(AND($A$5>=4,$C382>=4),H382&\".\",\"\"),IF($C382=\"S\",I382&\".\",\"\")))","v":"2.11.1.0.1."},"SINAPI","99814",{"$f":"IF($C382=\"S\",REFERENCIA.Descricao,\"(digite a descrição aqui)\")","v":"LIMPEZA DE SUPERFÍCIE COM JATO DE ALTA PRESSÃO. AF_04/2019"},{"$f":"REFERENCIA.Unidade","v":"M2"},{"$f":"OFFSET(CÁLCULO!H$15,ROW($T382)-ROW(T$15),0)","v":567.84},{"$f":"AG382","v":2.41},"BDI 1",{"$f":"IF($C382=\"S\",ROUND(IF(TIPOORCAMENTO=\"Proposto\",ORÇAMENTO.CustoUnitario*(1+$AH382),ORÇAMENTO.PrecoUnitarioLicitado),15-13*$AF$10),0)","v":2.91},{"$f":"IF($C382=\"S\",IF(Import.TipoArredondamento<>\"TransfereGOV\",VTOTAL1,SUM(OFFSET(CÁLCULO!$AA$15,ROW($X382)-ROW($X$15),1):OFFSET(CÁLCULO!$AL$15,ROW($X382)-ROW($X$15),-1))),IF($C382=0,0,ROUND(SomaAgrup,15-13*$AF$11)))","v":1652.41},"RA",{"$f":"IF(AND($C382=\"S\",$X382>0),IF(ISBLANK($Y382),\"RA\",LEFT($Y382,2)),\"\")","v":"RA"},{"$f":"IF($C382=\"S\",IF($Z382=\"CP\",$X382,IF($Z382=\"RA\",(($X382)*QCI!$AA$3),0)),SomaAgrup)","v":443.29892269546042},{"$f":"IF($C382=\"S\",IF($Z382=\"OU\",ROUND($X382,2),0),SomaAgrup)","v":0},{"$f":"IF($N382=\"\",\"\",IF(ORÇAMENTO.Descricao=\"\",\"DESCRIÇÃO\",IF(AND($C382=\"S\",ORÇAMENTO.Unidade=\"\"),\"UNIDADE\",IF($X382<0,\"VALOR NEGATIVO\",IF(OR(AND(TIPOORCAMENTO=\"Proposto\",$AG382<>\"\",$AG382>0,ORÇAMENTO.CustoUnitario>$AG382),AND(TIPOORCAMENTO=\"LICITADO\",ORÇAMENTO.PrecoUnitarioLicitado>$AN382)),\"ACIMA REF.\",\"\")))))","v":""},{"$f":"IF(C382<=CRONO.NivelExibicao,MAX($AD$15:OFFSET(AD382,-1,0))+IF($C382<>1,1,MAX(1,COUNTIF(QCI!$A$13:$A$24,OFFSET($E382,-1,0)))),\"\")","v":""},{"$f":"IF(AND($C382=\"S\",ORÇAMENTO.CodBarra<>\"\"),IF(ORÇAMENTO.Fonte=\"\",ORÇAMENTO.CodBarra,CONCATENATE(ORÇAMENTO.Fonte,\" \",ORÇAMENTO.CodBarra)))","v":"SINAPI 99814"},{"$f":"IF(ISERROR(INDIRECT(ORÇAMENTO.BancoRef)),\"(abra o arquivo 'Referência \"&Excel_BuiltIn_Database&\".xlsm)\",IF(OR($C382<>\"S\",ORÇAMENTO.CodBarra=\"\"),\"(Sem Código)\",IF(ISERROR(MATCH($AE382,INDIRECT(ORÇAMENTO.BancoRef),0)),\"(Código não identificado nas referências)\",MATCH($AE382,INDIRECT(ORÇAMENTO.BancoRef),0))))","v":7013},{"$f":"ROUND(IF(DESONERACAO=\"sim\",REFERENCIA.Desonerado,REFERENCIA.NaoDesonerado),2)","v":2.41},{"$f":"ROUND(IF(ISNUMBER(ORÇAMENTO.OpcaoBDI),ORÇAMENTO.OpcaoBDI,IF(LEFT(ORÇAMENTO.OpcaoBDI,3)=\"BDI\",HLOOKUP(ORÇAMENTO.OpcaoBDI,$F$4:$H$5,2,FALSE),0)),15-11*$AF$9)","v":0.2082},null,567.84,null,null,1652.41,{"$f":"ROUND(ORÇAMENTO.CustoUnitario*(1+$AH382),2)","v":2.91}]
[3,3,3,4,{"$f":"IF($C383=1,OFFSET(E383,-1,0)+MAX(1,COUNTIF(QCI!$A$13:$A$24,OFFSET(ORÇAMENTO!E383,-1,0))),OFFSET(E383,-1,0))","v":2},11,2,0,0,18,{"$f":"IF(OR($C383=\"S\",$C383=0),0,MATCH(OFFSET($D383,0,$C383)+IF($C383<>1,1,COUNTIF(QCI!$A$13:$A$24,ORÇAMENTO!E383)),OFFSET($D383,1,$C383,ROW($C$404)-ROW($C383)),0))","v":4},"F","Nível 3","Nível 3","2.11.2.","SINAPI",null,"PAREDES E ARQUIBANCADA",{"$f":"REFERENCIA.Unidade","v":"-"},{"$f":"OFFSET(CÁLCULO!H$15,ROW($T383)-ROW(T$15),0)","v":0},{"$f":"AG383","v":0},"BDI 1",{"$f":"IF($C383=\"S\",ROUND(IF(TIPOORCAMENTO=\"Proposto\",ORÇAMENTO.CustoUnitario*(1+$AH383),ORÇAMENTO.PrecoUnitarioLicitado),15-13*$AF$10),0)","v":0},{"$f":"IF($C383=\"S\",IF(Import.TipoArredondamento<>\"TransfereGOV\",VTOTAL1,SUM(OFFSET(CÁLCULO!$AA$15,ROW($X383)-ROW($X$15),1):OFFSET(CÁLCULO!$AL$15,ROW($X383)-ROW($X$15),-1))),IF($C383=0,0,ROUND(SomaAgrup,15-13*$AF$11)))","v":38410.230000000003},"RA","",{"$f":"IF($C383=\"S\",IF($Z383=\"CP\",$X383,IF($Z383=\"RA\",(($X383)*QCI!$AA$3),0)),SomaAgrup)","v":10304.472606365765},0,{"$f":"IF($N383=\"\",\"\",IF(ORÇAMENTO.Descricao=\"\",\"DESCRIÇÃO\",IF(AND($C383=\"S\",ORÇAMENTO.Unidade=\"\"),\"UNIDADE\",IF($X383<0,\"VALOR NEGATIVO\",IF(OR(AND(TIPOORCAMENTO=\"Proposto\",$AG383<>\"\",$AG383>0,ORÇAMENTO.CustoUnitario>$AG383),AND(TIPOORCAMENTO=\"LICITADO\",ORÇAMENTO.PrecoUnitarioLicitado>$AN383)),\"ACIMA REF.\",\"\")))))","v":""},{"$f":"IF(C383<=CRONO.NivelExibicao,MAX($AD$15:OFFSET(AD383,-1,0))+IF($C383<>1,1,MAX(1,COUNTIF(QCI!$A$13:$A$24,OFFSET($E383,-1,0)))),\"\")","v":""},{"$f":"IF(AND($C383=\"S\",ORÇAMENTO.CodBarra<>\"\"),IF(ORÇAMENTO.Fonte=\"\",ORÇAMENTO.CodBarra,CONCATENATE(ORÇAMENTO.Fonte,\" \",ORÇAMENTO.CodBarra)))","v":false},{"$f":"IF(ISERROR(INDIRECT(ORÇAMENTO.BancoRef)),\"(abra o arquivo 'Referência \"&Excel_BuiltIn_Database&\".xlsm)\",IF(OR($C383<>\"S\",ORÇAMENTO.CodBarra=\"\"),\"(Sem Código)\",IF(ISERROR(MATCH($AE383,INDIRECT(ORÇAMENTO.BancoRef),0)),\"(Código não identificado nas referências)\",MATCH($AE383,INDIRECT(ORÇAMENTO.BancoRef),0))))","v":"(Sem Código)"},{"$f":"ROUND(IF(DESONERACAO=\"sim\",REFERENCIA.Desonerado,REFERENCIA.NaoDesonerado),2)","v":0},0.2082,null,null,null,null,38410.230000000003,0]
["S",3,"S",0,{"$f":"IF($C384=1,OFFSET(E384,-1,0)+MAX(1,COUNTIF(QCI!$A$13:$A$24,OFFSET(ORÇAMENTO!E384,-1,0))),OFFSET(E384,-1,0))","v":2},11,2,0,1,0,{"$f":"IF(OR($C384=\"S\",$C384=0),0,MATCH(OFFSET($D384,0,$C384)+IF($C384<>1,1,COUNTIF(QCI!$A$13:$A$24,ORÇAMENTO!E384)),OFFSET($D384,1,$C384,ROW($C$404)-ROW($C384)),0))","v":0},"F","Serviço","Serviço","2.11.2.0.1.","SINAPI","88485",{"$f":"IF($C384=\"S\",REFERENCIA.Descricao,\"(digite a descrição aqui)\")","v":"FUNDO SELADOR ACRÍLICO, APLICAÇÃO MANUAL EM PAREDE, UMA DEMÃO. AF_04/2023"},{"$f":"REFERENCIA.Unidade","v":"M2"},{"$f":"OFFSET(CÁLCULO!H$15,ROW($T384)-ROW(T$15),0)","v":804.74},{"$f":"AG384","v":4.42},"BDI 1",{"$f":"IF($C384=\"S\",ROUND(IF(TIPOORCAMENTO=\"Proposto\",ORÇAMENTO.CustoUnitario*(1+$AH384),ORÇAMENTO.PrecoUnitarioLicitado),15-13*$AF$10),0)","v":5.34},{"$f":"IF($C384=\"S\",IF(Import.TipoArredondamento<>\"TransfereGOV\",VTOTAL1,SUM(OFFSET(CÁLCULO!$AA$15,ROW($X384)-ROW($X$15),1):OFFSET(CÁLCULO!$AL$15,ROW($X384)-ROW($X$15),-1))),IF($C384=0,0,ROUND(SomaAgrup,15-13*$AF$11)))","v":4297.3100000000004},"RA","RA",{"$f":"IF($C384=\"S\",IF($Z384=\"CP\",$X384,IF($Z384=\"RA\",(($X384)*QCI!$AA$3),0)),SomaAgrup)","v":1152.8572772425907},0,{"$f":"IF($N384=\"\",\"\",IF(ORÇAMENTO.Descricao=\"\",\"DESCRIÇÃO\",IF(AND($C384=\"S\",ORÇAMENTO.Unidade=\"\"),\"UNIDADE\",IF($X384<0,\"VALOR NEGATIVO\",IF(OR(AND(TIPOORCAMENTO=\"Proposto\",$AG384<>\"\",$AG384>0,ORÇAMENTO.CustoUnitario>$AG384),AND(TIPOORCAMENTO=\"LICITADO\",ORÇAMENTO.PrecoUnitarioLicitado>$AN384)),\"ACIMA REF.\",\"\")))))","v":""},{"$f":"IF(C384<=CRONO.NivelExibicao,MAX($AD$15:OFFSET(AD384,-1,0))+IF($C384<>1,1,MAX(1,COUNTIF(QCI!$A$13:$A$24,OFFSET($E384,-1,0)))),\"\")","v":""},{"$f":"IF(AND($C384=\"S\",ORÇAMENTO.CodBarra<>\"\"),IF(ORÇAMENTO.Fonte=\"\",ORÇAMENTO.CodBarra,CONCATENATE(ORÇAMENTO.Fonte,\" \",ORÇAMENTO.CodBarra)))","v":"SINAPI 88485"},{"$f":"IF(ISERROR(INDIRECT(ORÇAMENTO.BancoRef)),\"(abra o arquivo 'Referência \"&Excel_BuiltIn_Database&\".xlsm)\",IF(OR($C384<>\"S\",ORÇAMENTO.CodBarra=\"\"),\"(Sem Código)\",IF(ISERROR(MATCH($AE384,INDIRECT(ORÇAMENTO.BancoRef),0)),\"(Código não identificado nas referências)\",MATCH($AE384,INDIRECT(ORÇAMENTO.BancoRef),0))))","v":6218},{"$f":"ROUND(IF(DESONERACAO=\"sim\",REFERENCIA.Desonerado,REFERENCIA.NaoDesonerado),2)","v":4.42},0.2082,null,804.74,null,null,4297.3100000000004,5.34]
["S",3,"S",0,{"$f":"IF($C385=1,OFFSET(E385,-1,0)+MAX(1,COUNTIF(QCI!$A$13:$A$24,OFFSET(ORÇAMENTO!E385,-1,0))),OFFSET(E385,-1,0))","v":2},11,2,0,2,0,{"$f":"IF(OR($C385=\"S\",$C385=0),0,MATCH(OFFSET($D385,0,$C385)+IF($C385<>1,1,COUNTIF(QCI!$A$13:$A$24,ORÇAMENTO!E385)),OFFSET($D385,1,$C385,ROW($C$404)-ROW($C385)),0))","v":0},"F","Serviço","Serviço","2.11.2.0.2.","SINAPI","96126",{"$f":"IF($C385=\"S\",REFERENCIA.Descricao,\"(digite a descrição aqui)\")","v":"APLICAÇÃO MANUAL DE MASSA ACRÍLICA EM PANOS DE FACHADA COM PRESENÇA DE VÃOS, DE EDIFÍCIOS DE MÚLTIPLOS PAVIMENTOS, UMA DEMÃO. AF_03/2024"},{"$f":"REFERENCIA.Unidade","v":"M2"},{"$f":"OFFSET(CÁLCULO!H$15,ROW($T385)-ROW(T$15),0)","v":804.74},21.6,"BDI 1",{"$f":"IF($C385=\"S\",ROUND(IF(TIPOORCAMENTO=\"Proposto\",ORÇAMENTO.CustoUnitario*(1+$AH385),ORÇAMENTO.PrecoUnitarioLicitado),15-13*$AF$10),0)","v":26.1},{"$f":"IF($C385=\"S\",IF(Import.TipoArredondamento<>\"TransfereGOV\",VTOTAL1,SUM(OFFSET(CÁLCULO!$AA$15,ROW($X385)-ROW($X$15),1):OFFSET(CÁLCULO!$AL$15,ROW($X385)-ROW($X$15),-1))),IF($C385=0,0,ROUND(SomaAgrup,15-13*$AF$11)))","v":21003.71},"RA","RA",{"$f":"IF($C385=\"S\",IF($Z385=\"CP\",$X385,IF($Z385=\"RA\",(($X385)*QCI!$AA$3),0)),SomaAgrup)","v":5634.7528855476958},0,{"$f":"IF($N385=\"\",\"\",IF(ORÇAMENTO.Descricao=\"\",\"DESCRIÇÃO\",IF(AND($C385=\"S\",ORÇAMENTO.Unidade=\"\"),\"UNIDADE\",IF($X385<0,\"VALOR NEGATIVO\",IF(OR(AND(TIPOORCAMENTO=\"Proposto\",$AG385<>\"\",$AG385>0,ORÇAMENTO.CustoUnitario>$AG385),AND(TIPOORCAMENTO=\"LICITADO\",ORÇAMENTO.PrecoUnitarioLicitado>$AN385)),\"ACIMA REF.\",\"\")))))","v":""},{"$f":"IF(C385<=CRONO.NivelExibicao,MAX($AD$15:OFFSET(AD385,-1,0))+IF($C385<>1,1,MAX(1,COUNTIF(QCI!$A$13:$A$24,OFFSET($E385,-1,0)))),\"\")","v":""},{"$f":"IF(AND($C385=\"S\",ORÇAMENTO.CodBarra<>\"\"),IF(ORÇAMENTO.Fonte=\"\",ORÇAMENTO.CodBarra,CONCATENATE(ORÇAMENTO.Fonte,\" \",ORÇAMENTO.CodBarra)))","v":"SINAPI 96126"},{"$f":"IF(ISERROR(INDIRECT(ORÇAMENTO.BancoRef)),\"(abra o arquivo 'Referência \"&Excel_BuiltIn_Database&\".xlsm)\",IF(OR($C385<>\"S\",ORÇAMENTO.CodBarra=\"\"),\"(Sem Código)\",IF(ISERROR(MATCH($AE385,INDIRECT(ORÇAMENTO.BancoRef),0)),\"(Código não identificado nas referências)\",MATCH($AE385,INDIRECT(ORÇAMENTO.BancoRef),0))))","v":6232},{"$f":"ROUND(IF(DESONERACAO=\"sim\",REFERENCIA.Desonerado,REFERENCIA.NaoDesonerado),2)","v":21.6},0.2082,null,804.74,null,null,21003.71,26.1]
["S",3,"S",0,{"$f":"IF($C386=1,OFFSET(E386,-1,0)+MAX(1,COUNTIF(QCI!$A$13:$A$24,OFFSET(ORÇAMENTO!E386,-1,0))),OFFSET(E386,-1,0))","v":2},11,2,0,3,0,{"$f":"IF(OR($C386=\"S\",$C386=0),0,MATCH(OFFSET($D386,0,$C386)+IF($C386<>1,1,COUNTIF(QCI!$A$13:$A$24,ORÇAMENTO!E386)),OFFSET($D386,1,$C386,ROW($C$404)-ROW($C386)),0))","v":0},"F","Serviço","Serviço","2.11.2.0.3.","SINAPI","88489",{"$f":"IF($C386=\"S\",REFERENCIA.Descricao,\"(digite a descrição aqui)\")","v":"PINTURA LÁTEX ACRÍLICA PREMIUM, APLICAÇÃO MANUAL EM PAREDES, DUAS DEMÃOS. AF_04/2023"},{"$f":"REFERENCIA.Unidade","v":"M2"},{"$f":"OFFSET(CÁLCULO!H$15,ROW($T386)-ROW(T$15),0)","v":804.74},{"$f":"AG386","v":13.48},"BDI 1",{"$f":"IF($C386=\"S\",ROUND(IF(TIPOORCAMENTO=\"Proposto\",ORÇAMENTO.CustoUnitario*(1+$AH386),ORÇAMENTO.PrecoUnitarioLicitado),15-13*$AF$10),0)","v":16.29},{"$f":"IF($C386=\"S\",IF(Import.TipoArredondamento<>\"TransfereGOV\",VTOTAL1,SUM(OFFSET(CÁLCULO!$AA$15,ROW($X386)-ROW($X$15),1):OFFSET(CÁLCULO!$AL$15,ROW($X386)-ROW($X$15),-1))),IF($C386=0,0,ROUND(SomaAgrup,15-13*$AF$11)))","v":13109.21},"RA","RA",{"$f":"IF($C386=\"S\",IF($Z386=\"CP\",$X386,IF($Z386=\"RA\",(($X386)*QCI!$AA$3),0)),SomaAgrup)","v":3516.8624435754782},0,{"$f":"IF($N386=\"\",\"\",IF(ORÇAMENTO.Descricao=\"\",\"DESCRIÇÃO\",IF(AND($C386=\"S\",ORÇAMENTO.Unidade=\"\"),\"UNIDADE\",IF($X386<0,\"VALOR NEGATIVO\",IF(OR(AND(TIPOORCAMENTO=\"Proposto\",$AG386<>\"\",$AG386>0,ORÇAMENTO.CustoUnitario>$AG386),AND(TIPOORCAMENTO=\"LICITADO\",ORÇAMENTO.PrecoUnitarioLicitado>$AN386)),\"ACIMA REF.\",\"\")))))","v":""},{"$f":"IF(C386<=CRONO.NivelExibicao,MAX($AD$15:OFFSET(AD386,-1,0))+IF($C386<>1,1,MAX(1,COUNTIF(QCI!$A$13:$A$24,OFFSET($E386,-1,0)))),\"\")","v":""},{"$f":"IF(AND($C386=\"S\",ORÇAMENTO.CodBarra<>\"\"),IF(ORÇAMENTO.Fonte=\"\",ORÇAMENTO.CodBarra,CONCATENATE(ORÇAMENTO.Fonte,\" \",ORÇAMENTO.CodBarra)))","v":"SINAPI 88489"},{"$f":"IF(ISERROR(INDIRECT(ORÇAMENTO.BancoRef)),\"(abra o arquivo 'Referência \"&Excel_BuiltIn_Database&\".xlsm)\",IF(OR($C386<>\"S\",ORÇAMENTO.CodBarra=\"\"),\"(Sem Código)\",IF(ISERROR(MATCH($AE386,INDIRECT(ORÇAMENTO.BancoRef),0)),\"(Código não identificado nas referências)\",MATCH($AE386,INDIRECT(ORÇAMENTO.BancoRef),0))))","v":6220},{"$f":"ROUND(IF(DESONERACAO=\"sim\",REFERENCIA.Desonerado,REFERENCIA.NaoDesonerado),2)","v":13.48},0.2082,null,804.74,null,null,13109.21,16.29]
[3,3,3,4,{"$f":"IF($C387=1,OFFSET(E387,-1,0)+MAX(1,COUNTIF(QCI!$A$13:$A$24,OFFSET(ORÇAMENTO!E387,-1,0))),OFFSET(E387,-1,0))","v":2},11,3,0,0,14,{"$f":"IF(OR($C387=\"S\",$C387=0),0,MATCH(OFFSET($D387,0,$C387)+IF($C387<>1,1,COUNTIF(QCI!$A$13:$A$24,ORÇAMENTO!E387)),OFFSET($D387,1,$C387,ROW($C$404)-ROW($C387)),0))","v":4},"F","Nível 3","Nível 3","2.11.3.","SINAPI",null,"TETO",{"$f":"REFERENCIA.Unidade","v":"-"},{"$f":"OFFSET(CÁLCULO!H$15,ROW($T387)-ROW(T$15),0)","v":0},null,"BDI 1",{"$f":"IF($C387=\"S\",ROUND(IF(TIPOORCAMENTO=\"Proposto\",ORÇAMENTO.CustoUnitario*(1+$AH387),ORÇAMENTO.PrecoUnitarioLicitado),15-13*$AF$10),0)","v":0},{"$f":"IF($C387=\"S\",IF(Import.TipoArredondamento<>\"TransfereGOV\",VTOTAL1,SUM(OFFSET(CÁLCULO!$AA$15,ROW($X387)-ROW($X$15),1):OFFSET(CÁLCULO!$AL$15,ROW($X387)-ROW($X$15),-1))),IF($C387=0,0,ROUND(SomaAgrup,15-13*$AF$11)))","v":8008.08},"RA","",{"$f":"IF($C387=\"S\",IF($Z387=\"CP\",$X387,IF($Z387=\"RA\",(($X387)*QCI!$AA$3),0)),SomaAgrup)","v":2148.3610223001933},0,{"$f":"IF($N387=\"\",\"\",IF(ORÇAMENTO.Descricao=\"\",\"DESCRIÇÃO\",IF(AND($C387=\"S\",ORÇAMENTO.Unidade=\"\"),\"UNIDADE\",IF($X387<0,\"VALOR NEGATIVO\",IF(OR(AND(TIPOORCAMENTO=\"Proposto\",$AG387<>\"\",$AG387>0,ORÇAMENTO.CustoUnitario>$AG387),AND(TIPOORCAMENTO=\"LICITADO\",ORÇAMENTO.PrecoUnitarioLicitado>$AN387)),\"ACIMA REF.\",\"\")))))","v":""},{"$f":"IF(C387<=CRONO.NivelExibicao,MAX($AD$15:OFFSET(AD387,-1,0))+IF($C387<>1,1,MAX(1,COUNTIF(QCI!$A$13:$A$24,OFFSET($E387,-1,0)))),\"\")","v":""},{"$f":"IF(AND($C387=\"S\",ORÇAMENTO.CodBarra<>\"\"),IF(ORÇAMENTO.Fonte=\"\",ORÇAMENTO.CodBarra,CONCATENATE(ORÇAMENTO.Fonte,\" \",ORÇAMENTO.CodBarra)))","v":false},{"$f":"IF(ISERROR(INDIRECT(ORÇAMENTO.BancoRef)),\"(abra o arquivo 'Referência \"&Excel_BuiltIn_Database&\".xlsm)\",IF(OR($C387<>\"S\",ORÇAMENTO.CodBarra=\"\"),\"(Sem Código)\",IF(ISERROR(MATCH($AE387,INDIRECT(ORÇAMENTO.BancoRef),0)),\"(Código não identificado nas referências)\",MATCH($AE387,INDIRECT(ORÇAMENTO.BancoRef),0))))","v":"(Sem Código)"},{"$f":"ROUND(IF(DESONERACAO=\"sim\",REFERENCIA.Desonerado,REFERENCIA.NaoDesonerado),2)","v":0},0.2082,null,null,null,null,8008.08,0]
[{"$f":"CHOOSE(1+LOG(1+2*(ORÇAMENTO.Nivel=\"Meta\")+4*(ORÇAMENTO.Nivel=\"Nível 2\")+8*(ORÇAMENTO.Nivel=\"Nível 3\")+16*(ORÇAMENTO.Nivel=\"Nível 4\")+32*(ORÇAMENTO.Nivel=\"Serviço\"),2),0,1,2,3,4,\"S\")","v":"S"},{"$f":"IF(OR(C388=\"s\",C388=0),OFFSET(B388,-1,0),C388)","v":3},{"$f":"IF(OFFSET(C388,-1,0)=\"L\",1,IF(OFFSET(C388,-1,0)=1,2,IF(OR(A388=\"s\",A388=0),\"S\",IF(AND(OFFSET(C388,-1,0)=2,A388=4),3,IF(AND(OR(OFFSET(C388,-1,0)=\"s\",OFFSET(C388,-1,0)=0),A388<>\"s\",A388>OFFSET(B388,-1,0)),OFFSET(B388,-1,0),A388)))))","v":"S"},{"$f":"IF(OR(C388=\"S\",C388=0),0,IF(ISERROR(K388),J388,SMALL(J388:K388,1)))","v":0},{"$f":"IF($C388=1,OFFSET(E388,-1,0)+MAX(1,COUNTIF(QCI!$A$13:$A$24,OFFSET(ORÇAMENTO!E388,-1,0))),OFFSET(E388,-1,0))","v":2},{"$f":"IF($C388=1,0,IF($C388=2,OFFSET(F388,-1,0)+1,OFFSET(F388,-1,0)))","v":11},{"$f":"IF(AND($C388<=2,$C388<>0),0,IF($C388=3,OFFSET(G388,-1,0)+1,OFFSET(G388,-1,0)))","v":3},{"$f":"IF(AND($C388<=3,$C388<>0),0,IF($C388=4,OFFSET(H388,-1,0)+1,OFFSET(H388,-1,0)))","v":0},{"$f":"IF(AND($C388<=4,$C388<>0),0,IF(AND($C388=\"S\",$X388>0),OFFSET(I388,-1,0)+1,OFFSET(I388,-1,0)))","v":1},0,{"$f":"IF(OR($C388=\"S\",$C388=0),0,MATCH(OFFSET($D388,0,$C388)+IF($C388<>1,1,COUNTIF(QCI!$A$13:$A$24,ORÇAMENTO!E388)),OFFSET($D388,1,$C388,ROW($C$404)-ROW($C388)),0))","v":0},{"$f":"IF(OR($X388>0,$C388=1,$C388=2,$C388=3,$C388=4),\"F\",\"\")","v":"F"},"Serviço",{"$f":"CHOOSE(1+LOG(1+2*(C388=1)+4*(C388=2)+8*(C388=3)+16*(C388=4)+32*(C388=\"S\"),2),\"\",\"Meta\",\"Nível 2\",\"Nível 3\",\"Nível 4\",\"Serviço\")","v":"Serviço"},{"$f":"IF(OR($C388=0,$L388=\"\"),\"-\",CONCATENATE(E388&\".\",IF(AND($A$5>=2,$C388>=2),F388&\".\",\"\"),IF(AND($A$5>=3,$C388>=3),G388&\".\",\"\"),IF(AND($A$5>=4,$C388>=4),H388&\".\",\"\"),IF($C388=\"S\",I388&\".\",\"\")))","v":"2.11.3.0.1."},"SINAPI","88484",{"$f":"IF($C388=\"S\",REFERENCIA.Descricao,\"(digite a descrição aqui)\")","v":"FUNDO SELADOR ACRÍLICO, APLICAÇÃO MANUAL EM TETO, UMA DEMÃO. AF_04/2023"},{"$f":"REFERENCIA.Unidade","v":"M2"},{"$f":"OFFSET(CÁLCULO!H$15,ROW($T388)-ROW(T$15),0)","v":144.16},{"$f":"AG388","v":5.61},"BDI 1",{"$f":"IF($C388=\"S\",ROUND(IF(TIPOORCAMENTO=\"Proposto\",ORÇAMENTO.CustoUnitario*(1+$AH388),ORÇAMENTO.PrecoUnitarioLicitado),15-13*$AF$10),0)","v":6.78},{"$f":"IF($C388=\"S\",IF(Import.TipoArredondamento<>\"TransfereGOV\",VTOTAL1,SUM(OFFSET(CÁLCULO!$AA$15,ROW($X388)-ROW($X$15),1):OFFSET(CÁLCULO!$AL$15,ROW($X388)-ROW($X$15),-1))),IF($C388=0,0,ROUND(SomaAgrup,15-13*$AF$11)))","v":977.4},"RA",{"$f":"IF(AND($C388=\"S\",$X388>0),IF(ISBLANK($Y388),\"RA\",LEFT($Y388,2)),\"\")","v":"RA"},{"$f":"IF($C388=\"S\",IF($Z388=\"CP\",$X388,IF($Z388=\"RA\",(($X388)*QCI!$AA$3),0)),SomaAgrup)","v":262.2111746131668},{"$f":"IF($C388=\"S\",IF($Z388=\"OU\",ROUND($X388,2),0),SomaAgrup)","v":0},{"$f":"IF($N388=\"\",\"\",IF(ORÇAMENTO.Descricao=\"\",\"DESCRIÇÃO\",IF(AND($C388=\"S\",ORÇAMENTO.Unidade=\"\"),\"UNIDADE\",IF($X388<0,\"VALOR NEGATIVO\",IF(OR(AND(TIPOORCAMENTO=\"Proposto\",$AG388<>\"\",$AG388>0,ORÇAMENTO.CustoUnitario>$AG388),AND(TIPOORCAMENTO=\"LICITADO\",ORÇAMENTO.PrecoUnitarioLicitado>$AN388)),\"ACIMA REF.\",\"\")))))","v":""},{"$f":"IF(C388<=CRONO.NivelExibicao,MAX($AD$15:OFFSET(AD388,-1,0))+IF($C388<>1,1,MAX(1,COUNTIF(QCI!$A$13:$A$24,OFFSET($E388,-1,0)))),\"\")","v":""},{"$f":"IF(AND($C388=\"S\",ORÇAMENTO.CodBarra<>\"\"),IF(ORÇAMENTO.Fonte=\"\",ORÇAMENTO.CodBarra,CONCATENATE(ORÇAMENTO.Fonte,\" \",ORÇAMENTO.CodBarra)))","v":"SINAPI 88484"},{"$f":"IF(ISERROR(INDIRECT(ORÇAMENTO.BancoRef)),\"(abra o arquivo 'Referência \"&Excel_BuiltIn_Database&\".xlsm)\",IF(OR($C388<>\"S\",ORÇAMENTO.CodBarra=\"\"),\"(Sem Código)\",IF(ISERROR(MATCH($AE388,INDIRECT(ORÇAMENTO.BancoRef),0)),\"(Código não identificado nas referências)\",MATCH($AE388,INDIRECT(ORÇAMENTO.BancoRef),0))))","v":6217},{"$f":"ROUND(IF(DESONERACAO=\"sim\",REFERENCIA.Desonerado,REFERENCIA.NaoDesonerado),2)","v":5.61},{"$f":"ROUND(IF(ISNUMBER(ORÇAMENTO.OpcaoBDI),ORÇAMENTO.OpcaoBDI,IF(LEFT(ORÇAMENTO.OpcaoBDI,3)=\"BDI\",HLOOKUP(ORÇAMENTO.OpcaoBDI,$F$4:$H$5,2,FALSE),0)),15-11*$AF$9)","v":0.2082},null,144.16,null,null,977.4,{"$f":"ROUND(ORÇAMENTO.CustoUnitario*(1+$AH388),2)","v":6.78}]
[{"$f":"CHOOSE(1+LOG(1+2*(ORÇAMENTO.Nivel=\"Meta\")+4*(ORÇAMENTO.Nivel=\"Nível 2\")+8*(ORÇAMENTO.Nivel=\"Nível 3\")+16*(ORÇAMENTO.Nivel=\"Nível 4\")+32*(ORÇAMENTO.Nivel=\"Serviço\"),2),0,1,2,3,4,\"S\")","v":"S"},{"$f":"IF(OR(C389=\"s\",C389=0),OFFSET(B389,-1,0),C389)","v":3},{"$f":"IF(OFFSET(C389,-1,0)=\"L\",1,IF(OFFSET(C389,-1,0)=1,2,IF(OR(A389=\"s\",A389=0),\"S\",IF(AND(OFFSET(C389,-1,0)=2,A389=4),3,IF(AND(OR(OFFSET(C389,-1,0)=\"s\",OFFSET(C389,-1,0)=0),A389<>\"s\",A389>OFFSET(B389,-1,0)),OFFSET(B389,-1,0),A389)))))","v":"S"},{"$f":"IF(OR(C389=\"S\",C389=0),0,IF(ISERROR(K389),J389,SMALL(J389:K389,1)))","v":0},{"$f":"IF($C389=1,OFFSET(E389,-1,0)+MAX(1,COUNTIF(QCI!$A$13:$A$24,OFFSET(ORÇAMENTO!E389,-1,0))),OFFSET(E389,-1,0))","v":2},{"$f":"IF($C389=1,0,IF($C389=2,OFFSET(F389,-1,0)+1,OFFSET(F389,-1,0)))","v":11},{"$f":"IF(AND($C389<=2,$C389<>0),0,IF($C389=3,OFFSET(G389,-1,0)+1,OFFSET(G389,-1,0)))","v":3},{"$f":"IF(AND($C389<=3,$C389<>0),0,IF($C389=4,OFFSET(H389,-1,0)+1,OFFSET(H389,-1,0)))","v":0},{"$f":"IF(AND($C389<=4,$C389<>0),0,IF(AND($C389=\"S\",$X389>0),OFFSET(I389,-1,0)+1,OFFSET(I389,-1,0)))","v":2},0,{"$f":"IF(OR($C389=\"S\",$C389=0),0,MATCH(OFFSET($D389,0,$C389)+IF($C389<>1,1,COUNTIF(QCI!$A$13:$A$24,ORÇAMENTO!E389)),OFFSET($D389,1,$C389,ROW($C$404)-ROW($C389)),0))","v":0},{"$f":"IF(OR($X389>0,$C389=1,$C389=2,$C389=3,$C389=4),\"F\",\"\")","v":"F"},"Serviço",{"$f":"CHOOSE(1+LOG(1+2*(C389=1)+4*(C389=2)+8*(C389=3)+16*(C389=4)+32*(C389=\"S\"),2),\"\",\"Meta\",\"Nível 2\",\"Nível 3\",\"Nível 4\",\"Serviço\")","v":"Serviço"},{"$f":"IF(OR($C389=0,$L389=\"\"),\"-\",CONCATENATE(E389&\".\",IF(AND($A$5>=2,$C389>=2),F389&\".\",\"\"),IF(AND($A$5>=3,$C389>=3),G389&\".\",\"\"),IF(AND($A$5>=4,$C389>=4),H389&\".\",\"\"),IF($C389=\"S\",I389&\".\",\"\")))","v":"2.11.3.0.2."},"SINAPI","88494",{"$f":"IF($C389=\"S\",REFERENCIA.Descricao,\"(digite a descrição aqui)\")","v":"EMASSAMENTO COM MASSA LÁTEX, APLICAÇÃO EM TETO, UMA DEMÃO, LIXAMENTO MANUAL. AF_04/2023"},{"$f":"REFERENCIA.Unidade","v":"M2"},{"$f":"OFFSET(CÁLCULO!H$15,ROW($T389)-ROW(T$15),0)","v":144.16},{"$f":"AG389","v":25.97},"BDI 1",{"$f":"IF($C389=\"S\",ROUND(IF(TIPOORCAMENTO=\"Proposto\",ORÇAMENTO.CustoUnitario*(1+$AH389),ORÇAMENTO.PrecoUnitarioLicitado),15-13*$AF$10),0)","v":31.38},{"$f":"IF($C389=\"S\",IF(Import.TipoArredondamento<>\"TransfereGOV\",VTOTAL1,SUM(OFFSET(CÁLCULO!$AA$15,ROW($X389)-ROW($X$15),1):OFFSET(CÁLCULO!$AL$15,ROW($X389)-ROW($X$15),-1))),IF($C389=0,0,ROUND(SomaAgrup,15-13*$AF$11)))","v":4523.74},"RA",{"$f":"IF(AND($C389=\"S\",$X389>0),IF(ISBLANK($Y389),\"RA\",LEFT($Y389,2)),\"\")","v":"RA"},{"$f":"IF($C389=\"S\",IF($Z389=\"CP\",$X389,IF($Z389=\"RA\",(($X389)*QCI!$AA$3),0)),SomaAgrup)","v":1213.6025977538031},{"$f":"IF($C389=\"S\",IF($Z389=\"OU\",ROUND($X389,2),0),SomaAgrup)","v":0},{"$f":"IF($N389=\"\",\"\",IF(ORÇAMENTO.Descricao=\"\",\"DESCRIÇÃO\",IF(AND($C389=\"S\",ORÇAMENTO.Unidade=\"\"),\"UNIDADE\",IF($X389<0,\"VALOR NEGATIVO\",IF(OR(AND(TIPOORCAMENTO=\"Proposto\",$AG389<>\"\",$AG389>0,ORÇAMENTO.CustoUnitario>$AG389),AND(TIPOORCAMENTO=\"LICITADO\",ORÇAMENTO.PrecoUnitarioLicitado>$AN389)),\"ACIMA REF.\",\"\")))))","v":""},{"$f":"IF(C389<=CRONO.NivelExibicao,MAX($AD$15:OFFSET(AD389,-1,0))+IF($C389<>1,1,MAX(1,COUNTIF(QCI!$A$13:$A$24,OFFSET($E389,-1,0)))),\"\")","v":""},{"$f":"IF(AND($C389=\"S\",ORÇAMENTO.CodBarra<>\"\"),IF(ORÇAMENTO.Fonte=\"\",ORÇAMENTO.CodBarra,CONCATENATE(ORÇAMENTO.Fonte,\" \",ORÇAMENTO.CodBarra)))","v":"SINAPI 88494"},{"$f":"IF(ISERROR(INDIRECT(ORÇAMENTO.BancoRef)),\"(abra o arquivo 'Referência \"&Excel_BuiltIn_Database&\".xlsm)\",IF(OR($C389<>\"S\",ORÇAMENTO.CodBarra=\"\"),\"(Sem Código)\",IF(ISERROR(MATCH($AE389,INDIRECT(ORÇAMENTO.BancoRef),0)),\"(Código não identificado nas referências)\",MATCH($AE389,INDIRECT(ORÇAMENTO.BancoRef),0))))","v":6221},{"$f":"ROUND(IF(DESONERACAO=\"sim\",REFERENCIA.Desonerado,REFERENCIA.NaoDesonerado),2)","v":25.97},{"$f":"ROUND(IF(ISNUMBER(ORÇAMENTO.OpcaoBDI),ORÇAMENTO.OpcaoBDI,IF(LEFT(ORÇAMENTO.OpcaoBDI,3)=\"BDI\",HLOOKUP(ORÇAMENTO.OpcaoBDI,$F$4:$H$5,2,FALSE),0)),15-11*$AF$9)","v":0.2082},null,144.16,null,null,4523.74,{"$f":"ROUND(ORÇAMENTO.CustoUnitario*(1+$AH389),2)","v":31.38}]
[{"$f":"CHOOSE(1+LOG(1+2*(ORÇAMENTO.Nivel=\"Meta\")+4*(ORÇAMENTO.Nivel=\"Nível 2\")+8*(ORÇAMENTO.Nivel=\"Nível 3\")+16*(ORÇAMENTO.Nivel=\"Nível 4\")+32*(ORÇAMENTO.Nivel=\"Serviço\"),2),0,1,2,3,4,\"S\")","v":"S"},{"$f":"IF(OR(C390=\"s\",C390=0),OFFSET(B390,-1,0),C390)","v":3},{"$f":"IF(OFFSET(C390,-1,0)=\"L\",1,IF(OFFSET(C390,-1,0)=1,2,IF(OR(A390=\"s\",A390=0),\"S\",IF(AND(OFFSET(C390,-1,0)=2,A390=4),3,IF(AND(OR(OFFSET(C390,-1,0)=\"s\",OFFSET(C390,-1,0)=0),A390<>\"s\",A390>OFFSET(B390,-1,0)),OFFSET(B390,-1,0),A390)))))","v":"S"},{"$f":"IF(OR(C390=\"S\",C390=0),0,IF(ISERROR(K390),J390,SMALL(J390:K390,1)))","v":0},{"$f":"IF($C390=1,OFFSET(E390,-1,0)+MAX(1,COUNTIF(QCI!$A$13:$A$24,OFFSET(ORÇAMENTO!E390,-1,0))),OFFSET(E390,-1,0))","v":2},{"$f":"IF($C390=1,0,IF($C390=2,OFFSET(F390,-1,0)+1,OFFSET(F390,-1,0)))","v":11},{"$f":"IF(AND($C390<=2,$C390<>0),0,IF($C390=3,OFFSET(G390,-1,0)+1,OFFSET(G390,-1,0)))","v":3},{"$f":"IF(AND($C390<=3,$C390<>0),0,IF($C390=4,OFFSET(H390,-1,0)+1,OFFSET(H390,-1,0)))","v":0},{"$f":"IF(AND($C390<=4,$C390<>0),0,IF(AND($C390=\"S\",$X390>0),OFFSET(I390,-1,0)+1,OFFSET(I390,-1,0)))","v":3},0,{"$f":"IF(OR($C390=\"S\",$C390=0),0,MATCH(OFFSET($D390,0,$C390)+IF($C390<>1,1,COUNTIF(QCI!$A$13:$A$24,ORÇAMENTO!E390)),OFFSET($D390,1,$C390,ROW($C$404)-ROW($C390)),0))","v":0},{"$f":"IF(OR($X390>0,$C390=1,$C390=2,$C390=3,$C390=4),\"F\",\"\")","v":"F"},"Serviço",{"$f":"CHOOSE(1+LOG(1+2*(C390=1)+4*(C390=2)+8*(C390=3)+16*(C390=4)+32*(C390=\"S\"),2),\"\",\"Meta\",\"Nível 2\",\"Nível 3\",\"Nível 4\",\"Serviço\")","v":"Serviço"},{"$f":"IF(OR($C390=0,$L390=\"\"),\"-\",CONCATENATE(E390&\".\",IF(AND($A$5>=2,$C390>=2),F390&\".\",\"\"),IF(AND($A$5>=3,$C390>=3),G390&\".\",\"\"),IF(AND($A$5>=4,$C390>=4),H390&\".\",\"\"),IF($C390=\"S\",I390&\".\",\"\")))","v":"2.11.3.0.3."},"SINAPI","104640",{"$f":"IF($C390=\"S\",REFERENCIA.Descricao,\"(digite a descrição aqui)\")","v":"PINTURA LÁTEX ACRÍLICA STANDARD, APLICAÇÃO MANUAL EM TETO, DUAS DEMÃOS. AF_04/2023"},{"$f":"REFERENCIA.Unidade","v":"M2"},{"$f":"OFFSET(CÁLCULO!H$15,ROW($T390)-ROW(T$15),0)","v":144.16},14.39,"BDI 1",{"$f":"IF($C390=\"S\",ROUND(IF(TIPOORCAMENTO=\"Proposto\",ORÇAMENTO.CustoUnitario*(1+$AH390),ORÇAMENTO.PrecoUnitarioLicitado),15-13*$AF$10),0)","v":17.39},{"$f":"IF($C390=\"S\",IF(Import.TipoArredondamento<>\"TransfereGOV\",VTOTAL1,SUM(OFFSET(CÁLCULO!$AA$15,ROW($X390)-ROW($X$15),1):OFFSET(CÁLCULO!$AL$15,ROW($X390)-ROW($X$15),-1))),IF($C390=0,0,ROUND(SomaAgrup,15-13*$AF$11)))","v":2506.94},"RA",{"$f":"IF(AND($C390=\"S\",$X390>0),IF(ISBLANK($Y390),\"RA\",LEFT($Y390,2)),\"\")","v":"RA"},{"$f":"IF($C390=\"S\",IF($Z390=\"CP\",$X390,IF($Z390=\"RA\",(($X390)*QCI!$AA$3),0)),SomaAgrup)","v":672.54724993322327},{"$f":"IF($C390=\"S\",IF($Z390=\"OU\",ROUND($X390,2),0),SomaAgrup)","v":0},{"$f":"IF($N390=\"\",\"\",IF(ORÇAMENTO.Descricao=\"\",\"DESCRIÇÃO\",IF(AND($C390=\"S\",ORÇAMENTO.Unidade=\"\"),\"UNIDADE\",IF($X390<0,\"VALOR NEGATIVO\",IF(OR(AND(TIPOORCAMENTO=\"Proposto\",$AG390<>\"\",$AG390>0,ORÇAMENTO.CustoUnitario>$AG390),AND(TIPOORCAMENTO=\"LICITADO\",ORÇAMENTO.PrecoUnitarioLicitado>$AN390)),\"ACIMA REF.\",\"\")))))","v":""},{"$f":"IF(C390<=CRONO.NivelExibicao,MAX($AD$15:OFFSET(AD390,-1,0))+IF($C390<>1,1,MAX(1,COUNTIF(QCI!$A$13:$A$24,OFFSET($E390,-1,0)))),\"\")","v":""},{"$f":"IF(AND($C390=\"S\",ORÇAMENTO.CodBarra<>\"\"),IF(ORÇAMENTO.Fonte=\"\",ORÇAMENTO.CodBarra,CONCATENATE(ORÇAMENTO.Fonte,\" \",ORÇAMENTO.CodBarra)))","v":"SINAPI 104640"},{"$f":"IF(ISERROR(INDIRECT(ORÇAMENTO.BancoRef)),\"(abra o arquivo 'Referência \"&Excel_BuiltIn_Database&\".xlsm)\",IF(OR($C390<>\"S\",ORÇAMENTO.CodBarra=\"\"),\"(Sem Código)\",IF(ISERROR(MATCH($AE390,INDIRECT(ORÇAMENTO.BancoRef),0)),\"(Código não identificado nas referências)\",MATCH($AE390,INDIRECT(ORÇAMENTO.BancoRef),0))))","v":6243},{"$f":"ROUND(IF(DESONERACAO=\"sim\",REFERENCIA.Desonerado,REFERENCIA.NaoDesonerado),2)","v":14.39},{"$f":"ROUND(IF(ISNUMBER(ORÇAMENTO.OpcaoBDI),ORÇAMENTO.OpcaoBDI,IF(LEFT(ORÇAMENTO.OpcaoBDI,3)=\"BDI\",HLOOKUP(ORÇAMENTO.OpcaoBDI,$F$4:$H$5,2,FALSE),0)),15-11*$AF$9)","v":0.2082},null,144.16,null,null,2506.94,{"$f":"ROUND(ORÇAMENTO.CustoUnitario*(1+$AH390),2)","v":17.39}]
[3,3,3,3,{"$f":"IF($C391=1,OFFSET(E391,-1,0)+MAX(1,COUNTIF(QCI!$A$13:$A$24,OFFSET(ORÇAMENTO!E391,-1,0))),OFFSET(E391,-1,0))","v":2},11,4,0,0,10,{"$f":"IF(OR($C391=\"S\",$C391=0),0,MATCH(OFFSET($D391,0,$C391)+IF($C391<>1,1,COUNTIF(QCI!$A$13:$A$24,ORÇAMENTO!E391)),OFFSET($D391,1,$C391,ROW($C$404)-ROW($C391)),0))","v":3},"F","Nível 3","Nível 3","2.11.4.","SINAPI",null,"ESTRUTURAS METÁLICAS",{"$f":"REFERENCIA.Unidade","v":"-"},{"$f":"OFFSET(CÁLCULO!H$15,ROW($T391)-ROW(T$15),0)","v":0},null,"BDI 1",{"$f":"IF($C391=\"S\",ROUND(IF(TIPOORCAMENTO=\"Proposto\",ORÇAMENTO.CustoUnitario*(1+$AH391),ORÇAMENTO.PrecoUnitarioLicitado),15-13*$AF$10),0)","v":0},{"$f":"IF($C391=\"S\",IF(Import.TipoArredondamento<>\"TransfereGOV\",VTOTAL1,SUM(OFFSET(CÁLCULO!$AA$15,ROW($X391)-ROW($X$15),1):OFFSET(CÁLCULO!$AL$15,ROW($X391)-ROW($X$15),-1))),IF($C391=0,0,ROUND(SomaAgrup,15-13*$AF$11)))","v":7547.58},"RA","",{"$f":"IF($C391=\"S\",IF($Z391=\"CP\",$X391,IF($Z391=\"RA\",(($X391)*QCI!$AA$3),0)),SomaAgrup)","v":2024.8207666122835},0,{"$f":"IF($N391=\"\",\"\",IF(ORÇAMENTO.Descricao=\"\",\"DESCRIÇÃO\",IF(AND($C391=\"S\",ORÇAMENTO.Unidade=\"\"),\"UNIDADE\",IF($X391<0,\"VALOR NEGATIVO\",IF(OR(AND(TIPOORCAMENTO=\"Proposto\",$AG391<>\"\",$AG391>0,ORÇAMENTO.CustoUnitario>$AG391),AND(TIPOORCAMENTO=\"LICITADO\",ORÇAMENTO.PrecoUnitarioLicitado>$AN391)),\"ACIMA REF.\",\"\")))))","v":""},{"$f":"IF(C391<=CRONO.NivelExibicao,MAX($AD$15:OFFSET(AD391,-1,0))+IF($C391<>1,1,MAX(1,COUNTIF(QCI!$A$13:$A$24,OFFSET($E391,-1,0)))),\"\")","v":""},{"$f":"IF(AND($C391=\"S\",ORÇAMENTO.CodBarra<>\"\"),IF(ORÇAMENTO.Fonte=\"\",ORÇAMENTO.CodBarra,CONCATENATE(ORÇAMENTO.Fonte,\" \",ORÇAMENTO.CodBarra)))","v":false},{"$f":"IF(ISERROR(INDIRECT(ORÇAMENTO.BancoRef)),\"(abra o arquivo 'Referência \"&Excel_BuiltIn_Database&\".xlsm)\",IF(OR($C391<>\"S\",ORÇAMENTO.CodBarra=\"\"),\"(Sem Código)\",IF(ISERROR(MATCH($AE391,INDIRECT(ORÇAMENTO.BancoRef),0)),\"(Código não identificado nas referências)\",MATCH($AE391,INDIRECT(ORÇAMENTO.BancoRef),0))))","v":"(Sem Código)"},{"$f":"ROUND(IF(DESONERACAO=\"sim\",REFERENCIA.Desonerado,REFERENCIA.NaoDesonerado),2)","v":0},0.2082,null,null,null,null,7547.58,0]
["S",3,"S",0,{"$f":"IF($C392=1,OFFSET(E392,-1,0)+MAX(1,COUNTIF(QCI!$A$13:$A$24,OFFSET(ORÇAMENTO!E392,-1,0))),OFFSET(E392,-1,0))","v":2},11,4,0,1,0,{"$f":"IF(OR($C392=\"S\",$C392=0),0,MATCH(OFFSET($D392,0,$C392)+IF($C392<>1,1,COUNTIF(QCI!$A$13:$A$24,ORÇAMENTO!E392)),OFFSET($D392,1,$C392,ROW($C$404)-ROW($C392)),0))","v":0},"F","Serviço","Serviço","2.11.4.0.1.","SINAPI","100748",{"$f":"IF($C392=\"S\",REFERENCIA.Descricao,\"(digite a descrição aqui)\")","v":"PINTURA COM TINTA ALQUÍDICA DE ACABAMENTO (ESMALTE SINTÉTICO FOSCO) APLICADA A ROLO OU PINCEL SOBRE PERFIL METÁLICO EXECUTADO EM FÁBRICA (POR DEMÃO). AF_01/2020"},{"$f":"REFERENCIA.Unidade","v":"M2"},{"$f":"OFFSET(CÁLCULO!H$15,ROW($T392)-ROW(T$15),0)","v":267.36},12.55,"BDI 1",{"$f":"IF($C392=\"S\",ROUND(IF(TIPOORCAMENTO=\"Proposto\",ORÇAMENTO.CustoUnitario*(1+$AH392),ORÇAMENTO.PrecoUnitarioLicitado),15-13*$AF$10),0)","v":15.16},{"$f":"IF($C392=\"S\",IF(Import.TipoArredondamento<>\"TransfereGOV\",VTOTAL1,SUM(OFFSET(CÁLCULO!$AA$15,ROW($X392)-ROW($X$15),1):OFFSET(CÁLCULO!$AL$15,ROW($X392)-ROW($X$15),-1))),IF($C392=0,0,ROUND(SomaAgrup,15-13*$AF$11)))","v":4053.18},"RA","RA",{"$f":"IF($C392=\"S\",IF($Z392=\"CP\",$X392,IF($Z392=\"RA\",(($X392)*QCI!$AA$3),0)),SomaAgrup)","v":1087.3635039068913},0,{"$f":"IF($N392=\"\",\"\",IF(ORÇAMENTO.Descricao=\"\",\"DESCRIÇÃO\",IF(AND($C392=\"S\",ORÇAMENTO.Unidade=\"\"),\"UNIDADE\",IF($X392<0,\"VALOR NEGATIVO\",IF(OR(AND(TIPOORCAMENTO=\"Proposto\",$AG392<>\"\",$AG392>0,ORÇAMENTO.CustoUnitario>$AG392),AND(TIPOORCAMENTO=\"LICITADO\",ORÇAMENTO.PrecoUnitarioLicitado>$AN392)),\"ACIMA REF.\",\"\")))))","v":""},{"$f":"IF(C392<=CRONO.NivelExibicao,MAX($AD$15:OFFSET(AD392,-1,0))+IF($C392<>1,1,MAX(1,COUNTIF(QCI!$A$13:$A$24,OFFSET($E392,-1,0)))),\"\")","v":""},{"$f":"IF(AND($C392=\"S\",ORÇAMENTO.CodBarra<>\"\"),IF(ORÇAMENTO.Fonte=\"\",ORÇAMENTO.CodBarra,CONCATENATE(ORÇAMENTO.Fonte,\" \",ORÇAMENTO.CodBarra)))","v":"SINAPI 100748"},{"$f":"IF(ISERROR(INDIRECT(ORÇAMENTO.BancoRef)),\"(abra o arquivo 'Referência \"&Excel_BuiltIn_Database&\".xlsm)\",IF(OR($C392<>\"S\",ORÇAMENTO.CodBarra=\"\"),\"(Sem Código)\",IF(ISERROR(MATCH($AE392,INDIRECT(ORÇAMENTO.BancoRef),0)),\"(Código não identificado nas referências)\",MATCH($AE392,INDIRECT(ORÇAMENTO.BancoRef),0))))","v":6303},{"$f":"ROUND(IF(DESONERACAO=\"sim\",REFERENCIA.Desonerado,REFERENCIA.NaoDesonerado),2)","v":12.55},0.2082,null,267.36,null,null,4053.18,15.16]
["S",3,"S",0,{"$f":"IF($C393=1,OFFSET(E393,-1,0)+MAX(1,COUNTIF(QCI!$A$13:$A$24,OFFSET(ORÇAMENTO!E393,-1,0))),OFFSET(E393,-1,0))","v":2},11,4,0,2,0,{"$f":"IF(OR($C393=\"S\",$C393=0),0,MATCH(OFFSET($D393,0,$C393)+IF($C393<>1,1,COUNTIF(QCI!$A$13:$A$24,ORÇAMENTO!E393)),OFFSET($D393,1,$C393,ROW($C$404)-ROW($C393)),0))","v":0},"F","Serviço","Serviço","2.11.4.0.2.","SINAPI","100719",{"$f":"IF($C393=\"S\",REFERENCIA.Descricao,\"(digite a descrição aqui)\")","v":"PINTURA COM TINTA ALQUÍDICA DE FUNDO (TIPO ZARCÃO) PULVERIZADA SOBRE PERFIL METÁLICO EXECUTADO EM FÁBRICA (POR DEMÃO). AF_01/2020_PE"},{"$f":"REFERENCIA.Unidade","v":"M2"},{"$f":"OFFSET(CÁLCULO!H$15,ROW($T393)-ROW(T$15),0)","v":267.36},10.82,"BDI 1",{"$f":"IF($C393=\"S\",ROUND(IF(TIPOORCAMENTO=\"Proposto\",ORÇAMENTO.CustoUnitario*(1+$AH393),ORÇAMENTO.PrecoUnitarioLicitado),15-13*$AF$10),0)","v":13.07},{"$f":"IF($C393=\"S\",IF(Import.TipoArredondamento<>\"TransfereGOV\",VTOTAL1,SUM(OFFSET(CÁLCULO!$AA$15,ROW($X393)-ROW($X$15),1):OFFSET(CÁLCULO!$AL$15,ROW($X393)-ROW($X$15),-1))),IF($C393=0,0,ROUND(SomaAgrup,15-13*$AF$11)))","v":3494.4},"RA","RA",{"$f":"IF($C393=\"S\",IF($Z393=\"CP\",$X393,IF($Z393=\"RA\",(($X393)*QCI!$AA$3),0)),SomaAgrup)","v":937.45726270539205},0,{"$f":"IF($N393=\"\",\"\",IF(ORÇAMENTO.Descricao=\"\",\"DESCRIÇÃO\",IF(AND($C393=\"S\",ORÇAMENTO.Unidade=\"\"),\"UNIDADE\",IF($X393<0,\"VALOR NEGATIVO\",IF(OR(AND(TIPOORCAMENTO=\"Proposto\",$AG393<>\"\",$AG393>0,ORÇAMENTO.CustoUnitario>$AG393),AND(TIPOORCAMENTO=\"LICITADO\",ORÇAMENTO.PrecoUnitarioLicitado>$AN393)),\"ACIMA REF.\",\"\")))))","v":""},{"$f":"IF(C393<=CRONO.NivelExibicao,MAX($AD$15:OFFSET(AD393,-1,0))+IF($C393<>1,1,MAX(1,COUNTIF(QCI!$A$13:$A$24,OFFSET($E393,-1,0)))),\"\")","v":""},{"$f":"IF(AND($C393=\"S\",ORÇAMENTO.CodBarra<>\"\"),IF(ORÇAMENTO.Fonte=\"\",ORÇAMENTO.CodBarra,CONCATENATE(ORÇAMENTO.Fonte,\" \",ORÇAMENTO.CodBarra)))","v":"SINAPI 100719"},{"$f":"IF(ISERROR(INDIRECT(ORÇAMENTO.BancoRef)),\"(abra o arquivo 'Referência \"&Excel_BuiltIn_Database&\".xlsm)\",IF(OR($C393<>\"S\",ORÇAMENTO.CodBarra=\"\"),\"(Sem Código)\",IF(ISERROR(MATCH($AE393,INDIRECT(ORÇAMENTO.BancoRef),0)),\"(Código não identificado nas referências)\",MATCH($AE393,INDIRECT(ORÇAMENTO.BancoRef),0))))","v":6278},{"$f":"ROUND(IF(DESONERACAO=\"sim\",REFERENCIA.Desonerado,REFERENCIA.NaoDesonerado),2)","v":10.82},0.2082,null,267.36,null,null,3494.4,13.07]
[3,3,3,3,{"$f":"IF($C394=1,OFFSET(E394,-1,0)+MAX(1,COUNTIF(QCI!$A$13:$A$24,OFFSET(ORÇAMENTO!E394,-1,0))),OFFSET(E394,-1,0))","v":2},11,5,0,0,7,{"$f":"IF(OR($C394=\"S\",$C394=0),0,MATCH(OFFSET($D394,0,$C394)+IF($C394<>1,1,COUNTIF(QCI!$A$13:$A$24,ORÇAMENTO!E394)),OFFSET($D394,1,$C394,ROW($C$404)-ROW($C394)),0))","v":3},"F","Nível 3","Nível 3","2.11.5.","SINAPI",null,"ESQUADRIAS, ACESSÓRIOS DA QUADRA",{"$f":"REFERENCIA.Unidade","v":"-"},{"$f":"OFFSET(CÁLCULO!H$15,ROW($T394)-ROW(T$15),0)","v":0},null,"BDI 1",{"$f":"IF($C394=\"S\",ROUND(IF(TIPOORCAMENTO=\"Proposto\",ORÇAMENTO.CustoUnitario*(1+$AH394),ORÇAMENTO.PrecoUnitarioLicitado),15-13*$AF$10),0)","v":0},{"$f":"IF($C394=\"S\",IF(Import.TipoArredondamento<>\"TransfereGOV\",VTOTAL1,SUM(OFFSET(CÁLCULO!$AA$15,ROW($X394)-ROW($X$15),1):OFFSET(CÁLCULO!$AL$15,ROW($X394)-ROW($X$15),-1))),IF($C394=0,0,ROUND(SomaAgrup,15-13*$AF$11)))","v":7275.4},"RA","",{"$f":"IF($C394=\"S\",IF($Z394=\"CP\",$X394,IF($Z394=\"RA\",(($X394)*QCI!$AA$3),0)),SomaAgrup)","v":1951.8019027835419},0,{"$f":"IF($N394=\"\",\"\",IF(ORÇAMENTO.Descricao=\"\",\"DESCRIÇÃO\",IF(AND($C394=\"S\",ORÇAMENTO.Unidade=\"\"),\"UNIDADE\",IF($X394<0,\"VALOR NEGATIVO\",IF(OR(AND(TIPOORCAMENTO=\"Proposto\",$AG394<>\"\",$AG394>0,ORÇAMENTO.CustoUnitario>$AG394),AND(TIPOORCAMENTO=\"LICITADO\",ORÇAMENTO.PrecoUnitarioLicitado>$AN394)),\"ACIMA REF.\",\"\")))))","v":""},{"$f":"IF(C394<=CRONO.NivelExibicao,MAX($AD$15:OFFSET(AD394,-1,0))+IF($C394<>1,1,MAX(1,COUNTIF(QCI!$A$13:$A$24,OFFSET($E394,-1,0)))),\"\")","v":""},{"$f":"IF(AND($C394=\"S\",ORÇAMENTO.CodBarra<>\"\"),IF(ORÇAMENTO.Fonte=\"\",ORÇAMENTO.CodBarra,CONCATENATE(ORÇAMENTO.Fonte,\" \",ORÇAMENTO.CodBarra)))","v":false},{"$f":"IF(ISERROR(INDIRECT(ORÇAMENTO.BancoRef)),\"(abra o arquivo 'Referência \"&Excel_BuiltIn_Database&\".xlsm)\",IF(OR($C394<>\"S\",ORÇAMENTO.CodBarra=\"\"),\"(Sem Código)\",IF(ISERROR(MATCH($AE394,INDIRECT(ORÇAMENTO.BancoRef),0)),\"(Código não identificado nas referências)\",MATCH($AE394,INDIRECT(ORÇAMENTO.BancoRef),0))))","v":"(Sem Código)"},{"$f":"ROUND(IF(DESONERACAO=\"sim\",REFERENCIA.Desonerado,REFERENCIA.NaoDesonerado),2)","v":0},0.2082,null,null,null,null,7275.4,0]
["S",3,"S",0,{"$f":"IF($C395=1,OFFSET(E395,-1,0)+MAX(1,COUNTIF(QCI!$A$13:$A$24,OFFSET(ORÇAMENTO!E395,-1,0))),OFFSET(E395,-1,0))","v":2},11,5,0,1,0,{"$f":"IF(OR($C395=\"S\",$C395=0),0,MATCH(OFFSET($D395,0,$C395)+IF($C395<>1,1,COUNTIF(QCI!$A$13:$A$24,ORÇAMENTO!E395)),OFFSET($D395,1,$C395,ROW($C$404)-ROW($C395)),0))","v":0},"F","Serviço","Serviço","2.11.5.0.1.","SINAPI","100722",{"$f":"IF($C395=\"S\",REFERENCIA.Descricao,\"(digite a descrição aqui)\")","v":"PINTURA COM TINTA ALQUÍDICA DE FUNDO (TIPO ZARCÃO) APLICADA A ROLO OU PINCEL SOBRE SUPERFÍCIES METÁLICAS (EXCETO PERFIL) EXECUTADO EM OBRA (POR DEMÃO). AF_01/2020"},{"$f":"REFERENCIA.Unidade","v":"M2"},{"$f":"OFFSET(CÁLCULO!H$15,ROW($T395)-ROW(T$15),0)","v":71.16},29,"BDI 1",{"$f":"IF($C395=\"S\",ROUND(IF(TIPOORCAMENTO=\"Proposto\",ORÇAMENTO.CustoUnitario*(1+$AH395),ORÇAMENTO.PrecoUnitarioLicitado),15-13*$AF$10),0)","v":35.04},{"$f":"IF($C395=\"S\",IF(Import.TipoArredondamento<>\"TransfereGOV\",VTOTAL1,SUM(OFFSET(CÁLCULO!$AA$15,ROW($X395)-ROW($X$15),1):OFFSET(CÁLCULO!$AL$15,ROW($X395)-ROW($X$15),-1))),IF($C395=0,0,ROUND(SomaAgrup,15-13*$AF$11)))","v":2493.4499999999998},"RA","RA",{"$f":"IF($C395=\"S\",IF($Z395=\"CP\",$X395,IF($Z395=\"RA\",(($X395)*QCI!$AA$3),0)),SomaAgrup)","v":668.92823136812035},0,{"$f":"IF($N395=\"\",\"\",IF(ORÇAMENTO.Descricao=\"\",\"DESCRIÇÃO\",IF(AND($C395=\"S\",ORÇAMENTO.Unidade=\"\"),\"UNIDADE\",IF($X395<0,\"VALOR NEGATIVO\",IF(OR(AND(TIPOORCAMENTO=\"Proposto\",$AG395<>\"\",$AG395>0,ORÇAMENTO.CustoUnitario>$AG395),AND(TIPOORCAMENTO=\"LICITADO\",ORÇAMENTO.PrecoUnitarioLicitado>$AN395)),\"ACIMA REF.\",\"\")))))","v":""},{"$f":"IF(C395<=CRONO.NivelExibicao,MAX($AD$15:OFFSET(AD395,-1,0))+IF($C395<>1,1,MAX(1,COUNTIF(QCI!$A$13:$A$24,OFFSET($E395,-1,0)))),\"\")","v":""},{"$f":"IF(AND($C395=\"S\",ORÇAMENTO.CodBarra<>\"\"),IF(ORÇAMENTO.Fonte=\"\",ORÇAMENTO.CodBarra,CONCATENATE(ORÇAMENTO.Fonte,\" \",ORÇAMENTO.CodBarra)))","v":"SINAPI 100722"},{"$f":"IF(ISERROR(INDIRECT(ORÇAMENTO.BancoRef)),\"(abra o arquivo 'Referência \"&Excel_BuiltIn_Database&\".xlsm)\",IF(OR($C395<>\"S\",ORÇAMENTO.CodBarra=\"\"),\"(Sem Código)\",IF(ISERROR(MATCH($AE395,INDIRECT(ORÇAMENTO.BancoRef),0)),\"(Código não identificado nas referências)\",MATCH($AE395,INDIRECT(ORÇAMENTO.BancoRef),0))))","v":6281},{"$f":"ROUND(IF(DESONERACAO=\"sim\",REFERENCIA.Desonerado,REFERENCIA.NaoDesonerado),2)","v":29},0.2082,null,71.16,null,null,2493.4499999999998,35.04]
["S",3,"S",0,{"$f":"IF($C396=1,OFFSET(E396,-1,0)+MAX(1,COUNTIF(QCI!$A$13:$A$24,OFFSET(ORÇAMENTO!E396,-1,0))),OFFSET(E396,-1,0))","v":2},11,5,0,2,0,{"$f":"IF(OR($C396=\"S\",$C396=0),0,MATCH(OFFSET($D396,0,$C396)+IF($C396<>1,1,COUNTIF(QCI!$A$13:$A$24,ORÇAMENTO!E396)),OFFSET($D396,1,$C396,ROW($C$404)-ROW($C396)),0))","v":0},"F","Serviço","Serviço","2.11.5.0.2.","SINAPI","100761",{"$f":"IF($C396=\"S\",REFERENCIA.Descricao,\"(digite a descrição aqui)\")","v":"PINTURA COM TINTA ALQUÍDICA DE ACABAMENTO (ESMALTE SINTÉTICO FOSCO) PULVERIZADA SOBRE SUPERFÍCIES METÁLICAS (EXCETO PERFIL) EXECUTADO EM OBRA (02 DEMÃOS). AF_01/2020_PE"},{"$f":"REFERENCIA.Unidade","v":"M2"},{"$f":"OFFSET(CÁLCULO!H$15,ROW($T396)-ROW(T$15),0)","v":71.16},55.62,"BDI 1",{"$f":"IF($C396=\"S\",ROUND(IF(TIPOORCAMENTO=\"Proposto\",ORÇAMENTO.CustoUnitario*(1+$AH396),ORÇAMENTO.PrecoUnitarioLicitado),15-13*$AF$10),0)","v":67.2},{"$f":"IF($C396=\"S\",IF(Import.TipoArredondamento<>\"TransfereGOV\",VTOTAL1,SUM(OFFSET(CÁLCULO!$AA$15,ROW($X396)-ROW($X$15),1):OFFSET(CÁLCULO!$AL$15,ROW($X396)-ROW($X$15),-1))),IF($C396=0,0,ROUND(SomaAgrup,15-13*$AF$11)))","v":4781.95},"RA","RA",{"$f":"IF($C396=\"S\",IF($Z396=\"CP\",$X396,IF($Z396=\"RA\",(($X396)*QCI!$AA$3),0)),SomaAgrup)","v":1282.8736714154215},0,{"$f":"IF($N396=\"\",\"\",IF(ORÇAMENTO.Descricao=\"\",\"DESCRIÇÃO\",IF(AND($C396=\"S\",ORÇAMENTO.Unidade=\"\"),\"UNIDADE\",IF($X396<0,\"VALOR NEGATIVO\",IF(OR(AND(TIPOORCAMENTO=\"Proposto\",$AG396<>\"\",$AG396>0,ORÇAMENTO.CustoUnitario>$AG396),AND(TIPOORCAMENTO=\"LICITADO\",ORÇAMENTO.PrecoUnitarioLicitado>$AN396)),\"ACIMA REF.\",\"\")))))","v":""},{"$f":"IF(C396<=CRONO.NivelExibicao,MAX($AD$15:OFFSET(AD396,-1,0))+IF($C396<>1,1,MAX(1,COUNTIF(QCI!$A$13:$A$24,OFFSET($E396,-1,0)))),\"\")","v":""},{"$f":"IF(AND($C396=\"S\",ORÇAMENTO.CodBarra<>\"\"),IF(ORÇAMENTO.Fonte=\"\",ORÇAMENTO.CodBarra,CONCATENATE(ORÇAMENTO.Fonte,\" \",ORÇAMENTO.CodBarra)))","v":"SINAPI 100761"},{"$f":"IF(ISERROR(INDIRECT(ORÇAMENTO.BancoRef)),\"(abra o arquivo 'Referência \"&Excel_BuiltIn_Database&\".xlsm)\",IF(OR($C396<>\"S\",ORÇAMENTO.CodBarra=\"\"),\"(Sem Código)\",IF(ISERROR(MATCH($AE396,INDIRECT(ORÇAMENTO.BancoRef),0)),\"(Código não identificado nas referências)\",MATCH($AE396,INDIRECT(ORÇAMENTO.BancoRef),0))))","v":6314},{"$f":"ROUND(IF(DESONERACAO=\"sim\",REFERENCIA.Desonerado,REFERENCIA.NaoDesonerado),2)","v":55.62},0.2082,null,71.16,null,null,4781.95,67.2]
[3,3,3,4,{"$f":"IF($C397=1,OFFSET(E397,-1,0)+MAX(1,COUNTIF(QCI!$A$13:$A$24,OFFSET(ORÇAMENTO!E397,-1,0))),OFFSET(E397,-1,0))","v":2},11,6,0,0,4,{"$f":"IF(OR($C397=\"S\",$C397=0),0,MATCH(OFFSET($D397,0,$C397)+IF($C397<>1,1,COUNTIF(QCI!$A$13:$A$24,ORÇAMENTO!E397)),OFFSET($D397,1,$C397,ROW($C$404)-ROW($C397)),0))","v":{"$error":"#N/A"}},"F","Nível 3","Nível 3","2.11.6.","SINAPI",null,"QUADRA DE ESPORTES",{"$f":"REFERENCIA.Unidade","v":"-"},{"$f":"OFFSET(CÁLCULO!H$15,ROW($T397)-ROW(T$15),0)","v":0},null,"BDI 1",{"$f":"IF($C397=\"S\",ROUND(IF(TIPOORCAMENTO=\"Proposto\",ORÇAMENTO.CustoUnitario*(1+$AH397),ORÇAMENTO.PrecoUnitarioLicitado),15-13*$AF$10),0)","v":0},{"$f":"IF($C397=\"S\",IF(Import.TipoArredondamento<>\"TransfereGOV\",VTOTAL1,SUM(OFFSET(CÁLCULO!$AA$15,ROW($X397)-ROW($X$15),1):OFFSET(CÁLCULO!$AL$15,ROW($X397)-ROW($X$15),-1))),IF($C397=0,0,ROUND(SomaAgrup,15-13*$AF$11)))","v":50595.22},"RA","",{"$f":"IF($C397=\"S\",IF($Z397=\"CP\",$X397,IF($Z397=\"RA\",(($X397)*QCI!$AA$3),0)),SomaAgrup)","v":13573.390695735205},0,{"$f":"IF($N397=\"\",\"\",IF(ORÇAMENTO.Descricao=\"\",\"DESCRIÇÃO\",IF(AND($C397=\"S\",ORÇAMENTO.Unidade=\"\"),\"UNIDADE\",IF($X397<0,\"VALOR NEGATIVO\",IF(OR(AND(TIPOORCAMENTO=\"Proposto\",$AG397<>\"\",$AG397>0,ORÇAMENTO.CustoUnitario>$AG397),AND(TIPOORCAMENTO=\"LICITADO\",ORÇAMENTO.PrecoUnitarioLicitado>$AN397)),\"ACIMA REF.\",\"\")))))","v":""},{"$f":"IF(C397<=CRONO.NivelExibicao,MAX($AD$15:OFFSET(AD397,-1,0))+IF($C397<>1,1,MAX(1,COUNTIF(QCI!$A$13:$A$24,OFFSET($E397,-1,0)))),\"\")","v":""},{"$f":"IF(AND($C397=\"S\",ORÇAMENTO.CodBarra<>\"\"),IF(ORÇAMENTO.Fonte=\"\",ORÇAMENTO.CodBarra,CONCATENATE(ORÇAMENTO.Fonte,\" \",ORÇAMENTO.CodBarra)))","v":false},{"$f":"IF(ISERROR(INDIRECT(ORÇAMENTO.BancoRef)),\"(abra o arquivo 'Referência \"&Excel_BuiltIn_Database&\".xlsm)\",IF(OR($C397<>\"S\",ORÇAMENTO.CodBarra=\"\"),\"(Sem Código)\",IF(ISERROR(MATCH($AE397,INDIRECT(ORÇAMENTO.BancoRef),0)),\"(Código não identificado nas referências)\",MATCH($AE397,INDIRECT(ORÇAMENTO.BancoRef),0))))","v":"(Sem Código)"},{"$f":"ROUND(IF(DESONERACAO=\"sim\",REFERENCIA.Desonerado,REFERENCIA.NaoDesonerado),2)","v":0},0.2082,null,null,null,null,50595.22,0]
["S",3,"S",0,{"$f":"IF($C398=1,OFFSET(E398,-1,0)+MAX(1,COUNTIF(QCI!$A$13:$A$24,OFFSET(ORÇAMENTO!E398,-1,0))),OFFSET(E398,-1,0))","v":2},11,6,0,1,0,{"$f":"IF(OR($C398=\"S\",$C398=0),0,MATCH(OFFSET($D398,0,$C398)+IF($C398<>1,1,COUNTIF(QCI!$A$13:$A$24,ORÇAMENTO!E398)),OFFSET($D398,1,$C398,ROW($C$404)-ROW($C398)),0))","v":0},"F","Serviço","Serviço","2.11.6.0.1.","SINAPI","101748",{"$f":"IF($C398=\"S\",REFERENCIA.Descricao,\"(digite a descrição aqui)\")","v":"PREPARO DE CONTRAPISO COM POLITRIZ. AF_09/2020"},{"$f":"REFERENCIA.Unidade","v":"M2"},{"$f":"OFFSET(CÁLCULO!H$15,ROW($T398)-ROW(T$15),0)","v":567.84},4.45,"BDI 1",{"$f":"IF($C398=\"S\",ROUND(IF(TIPOORCAMENTO=\"Proposto\",ORÇAMENTO.CustoUnitario*(1+$AH398),ORÇAMENTO.PrecoUnitarioLicitado),15-13*$AF$10),0)","v":5.38},{"$f":"IF($C398=\"S\",IF(Import.TipoArredondamento<>\"TransfereGOV\",VTOTAL1,SUM(OFFSET(CÁLCULO!$AA$15,ROW($X398)-ROW($X$15),1):OFFSET(CÁLCULO!$AL$15,ROW($X398)-ROW($X$15),-1))),IF($C398=0,0,ROUND(SomaAgrup,15-13*$AF$11)))","v":3054.98},"RA","RA",{"$f":"IF($C398=\"S\",IF($Z398=\"CP\",$X398,IF($Z398=\"RA\",(($X398)*QCI!$AA$3),0)),SomaAgrup)","v":819.57222653952567},0,{"$f":"IF($N398=\"\",\"\",IF(ORÇAMENTO.Descricao=\"\",\"DESCRIÇÃO\",IF(AND($C398=\"S\",ORÇAMENTO.Unidade=\"\"),\"UNIDADE\",IF($X398<0,\"VALOR NEGATIVO\",IF(OR(AND(TIPOORCAMENTO=\"Proposto\",$AG398<>\"\",$AG398>0,ORÇAMENTO.CustoUnitario>$AG398),AND(TIPOORCAMENTO=\"LICITADO\",ORÇAMENTO.PrecoUnitarioLicitado>$AN398)),\"ACIMA REF.\",\"\")))))","v":""},{"$f":"IF(C398<=CRONO.NivelExibicao,MAX($AD$15:OFFSET(AD398,-1,0))+IF($C398<>1,1,MAX(1,COUNTIF(QCI!$A$13:$A$24,OFFSET($E398,-1,0)))),\"\")","v":""},{"$f":"IF(AND($C398=\"S\",ORÇAMENTO.CodBarra<>\"\"),IF(ORÇAMENTO.Fonte=\"\",ORÇAMENTO.CodBarra,CONCATENATE(ORÇAMENTO.Fonte,\" \",ORÇAMENTO.CodBarra)))","v":"SINAPI 101748"},{"$f":"IF(ISERROR(INDIRECT(ORÇAMENTO.BancoRef)),\"(abra o arquivo 'Referência \"&Excel_BuiltIn_Database&\".xlsm)\",IF(OR($C398<>\"S\",ORÇAMENTO.CodBarra=\"\"),\"(Sem Código)\",IF(ISERROR(MATCH($AE398,INDIRECT(ORÇAMENTO.BancoRef),0)),\"(Código não identificado nas referências)\",MATCH($AE398,INDIRECT(ORÇAMENTO.BancoRef),0))))","v":6401},{"$f":"ROUND(IF(DESONERACAO=\"sim\",REFERENCIA.Desonerado,REFERENCIA.NaoDesonerado),2)","v":4.45},0.2082,null,567.84,null,null,3054.98,5.38]
["S",3,"S",0,{"$f":"IF($C399=1,OFFSET(E399,-1,0)+MAX(1,COUNTIF(QCI!$A$13:$A$24,OFFSET(ORÇAMENTO!E399,-1,0))),OFFSET(E399,-1,0))","v":2},11,6,0,2,0,{"$f":"IF(OR($C399=\"S\",$C399=0),0,MATCH(OFFSET($D399,0,$C399)+IF($C399<>1,1,COUNTIF(QCI!$A$13:$A$24,ORÇAMENTO!E399)),OFFSET($D399,1,$C399,ROW($C$404)-ROW($C399)),0))","v":0},"F","Serviço","Serviço","2.11.6.0.2.","SINAPI","102494",{"$f":"IF($C399=\"S\",REFERENCIA.Descricao,\"(digite a descrição aqui)\")","v":"PINTURA DE PISO COM TINTA EPÓXI, APLICAÇÃO MANUAL, 2 DEMÃOS, INCLUSO PRIMER EPÓXI. AF_05/2021"},{"$f":"REFERENCIA.Unidade","v":"M2"},{"$f":"OFFSET(CÁLCULO!H$15,ROW($T399)-ROW(T$15),0)","v":567.84},62.51,"BDI 1",{"$f":"IF($C399=\"S\",ROUND(IF(TIPOORCAMENTO=\"Proposto\",ORÇAMENTO.CustoUnitario*(1+$AH399),ORÇAMENTO.PrecoUnitarioLicitado),15-13*$AF$10),0)","v":75.52},{"$f":"IF($C399=\"S\",IF(Import.TipoArredondamento<>\"TransfereGOV\",VTOTAL1,SUM(OFFSET(CÁLCULO!$AA$15,ROW($X399)-ROW($X$15),1):OFFSET(CÁLCULO!$AL$15,ROW($X399)-ROW($X$15),-1))),IF($C399=0,0,ROUND(SomaAgrup,15-13*$AF$11)))","v":42883.28},"RA","RA",{"$f":"IF($C399=\"S\",IF($Z399=\"CP\",$X399,IF($Z399=\"RA\",(($X399)*QCI!$AA$3),0)),SomaAgrup)","v":11504.476386397917},0,{"$f":"IF($N399=\"\",\"\",IF(ORÇAMENTO.Descricao=\"\",\"DESCRIÇÃO\",IF(AND($C399=\"S\",ORÇAMENTO.Unidade=\"\"),\"UNIDADE\",IF($X399<0,\"VALOR NEGATIVO\",IF(OR(AND(TIPOORCAMENTO=\"Proposto\",$AG399<>\"\",$AG399>0,ORÇAMENTO.CustoUnitario>$AG399),AND(TIPOORCAMENTO=\"LICITADO\",ORÇAMENTO.PrecoUnitarioLicitado>$AN399)),\"ACIMA REF.\",\"\")))))","v":""},{"$f":"IF(C399<=CRONO.NivelExibicao,MAX($AD$15:OFFSET(AD399,-1,0))+IF($C399<>1,1,MAX(1,COUNTIF(QCI!$A$13:$A$24,OFFSET($E399,-1,0)))),\"\")","v":""},{"$f":"IF(AND($C399=\"S\",ORÇAMENTO.CodBarra<>\"\"),IF(ORÇAMENTO.Fonte=\"\",ORÇAMENTO.CodBarra,CONCATENATE(ORÇAMENTO.Fonte,\" \",ORÇAMENTO.CodBarra)))","v":"SINAPI 102494"},{"$f":"IF(ISERROR(INDIRECT(ORÇAMENTO.BancoRef)),\"(abra o arquivo 'Referência \"&Excel_BuiltIn_Database&\".xlsm)\",IF(OR($C399<>\"S\",ORÇAMENTO.CodBarra=\"\"),\"(Sem Código)\",IF(ISERROR(MATCH($AE399,INDIRECT(ORÇAMENTO.BancoRef),0)),\"(Código não identificado nas referências)\",MATCH($AE399,INDIRECT(ORÇAMENTO.BancoRef),0))))","v":6320},{"$f":"ROUND(IF(DESONERACAO=\"sim\",REFERENCIA.Desonerado,REFERENCIA.NaoDesonerado),2)","v":62.51},0.2082,null,567.84,null,null,42883.28,75.52]
["S",3,"S",0,{"$f":"IF($C400=1,OFFSET(E400,-1,0)+MAX(1,COUNTIF(QCI!$A$13:$A$24,OFFSET(ORÇAMENTO!E400,-1,0))),OFFSET(E400,-1,0))","v":2},11,6,0,3,0,{"$f":"IF(OR($C400=\"S\",$C400=0),0,MATCH(OFFSET($D400,0,$C400)+IF($C400<>1,1,COUNTIF(QCI!$A$13:$A$24,ORÇAMENTO!E400)),OFFSET($D400,1,$C400,ROW($C$404)-ROW($C400)),0))","v":0},"F","Serviço","Serviço","2.11.6.0.3.","SINAPI","102506",{"$f":"IF($C400=\"S\",REFERENCIA.Descricao,\"(digite a descrição aqui)\")","v":"PINTURA DE DEMARCAÇÃO DE QUADRA POLIESPORTIVA COM TINTA EPÓXI, E = 5 CM, APLICAÇÃO MANUAL. AF_05/2021"},{"$f":"REFERENCIA.Unidade","v":"M"},{"$f":"OFFSET(CÁLCULO!H$15,ROW($T400)-ROW(T$15),0)","v":297},12.98,"BDI 1",{"$f":"IF($C400=\"S\",ROUND(IF(TIPOORCAMENTO=\"Proposto\",ORÇAMENTO.CustoUnitario*(1+$AH400),ORÇAMENTO.PrecoUnitarioLicitado),15-13*$AF$10),0)","v":15.68},{"$f":"IF($C400=\"S\",IF(Import.TipoArredondamento<>\"TransfereGOV\",VTOTAL1,SUM(OFFSET(CÁLCULO!$AA$15,ROW($X400)-ROW($X$15),1):OFFSET(CÁLCULO!$AL$15,ROW($X400)-ROW($X$15),-1))),IF($C400=0,0,ROUND(SomaAgrup,15-13*$AF$11)))","v":4656.96},"RA","RA",{"$f":"IF($C400=\"S\",IF($Z400=\"CP\",$X400,IF($Z400=\"RA\",(($X400)*QCI!$AA$3),0)),SomaAgrup)","v":1249.3420827977629},0,{"$f":"IF($N400=\"\",\"\",IF(ORÇAMENTO.Descricao=\"\",\"DESCRIÇÃO\",IF(AND($C400=\"S\",ORÇAMENTO.Unidade=\"\"),\"UNIDADE\",IF($X400<0,\"VALOR NEGATIVO\",IF(OR(AND(TIPOORCAMENTO=\"Proposto\",$AG400<>\"\",$AG400>0,ORÇAMENTO.CustoUnitario>$AG400),AND(TIPOORCAMENTO=\"LICITADO\",ORÇAMENTO.PrecoUnitarioLicitado>$AN400)),\"ACIMA REF.\",\"\")))))","v":""},{"$f":"IF(C400<=CRONO.NivelExibicao,MAX($AD$15:OFFSET(AD400,-1,0))+IF($C400<>1,1,MAX(1,COUNTIF(QCI!$A$13:$A$24,OFFSET($E400,-1,0)))),\"\")","v":""},{"$f":"IF(AND($C400=\"S\",ORÇAMENTO.CodBarra<>\"\"),IF(ORÇAMENTO.Fonte=\"\",ORÇAMENTO.CodBarra,CONCATENATE(ORÇAMENTO.Fonte,\" \",ORÇAMENTO.CodBarra)))","v":"SINAPI 102506"},{"$f":"IF(ISERROR(INDIRECT(ORÇAMENTO.BancoRef)),\"(abra o arquivo 'Referência \"&Excel_BuiltIn_Database&\".xlsm)\",IF(OR($C400<>\"S\",ORÇAMENTO.CodBarra=\"\"),\"(Sem Código)\",IF(ISERROR(MATCH($AE400,INDIRECT(ORÇAMENTO.BancoRef),0)),\"(Código não identificado nas referências)\",MATCH($AE400,INDIRECT(ORÇAMENTO.BancoRef),0))))","v":6329},{"$f":"ROUND(IF(DESONERACAO=\"sim\",REFERENCIA.Desonerado,REFERENCIA.NaoDesonerado),2)","v":12.98},0.2082,null,297,null,null,4656.96,15.68]
[2,2,2,3,{"$f":"IF($C401=1,OFFSET(E401,-1,0)+MAX(1,COUNTIF(QCI!$A$13:$A$24,OFFSET(ORÇAMENTO!E401,-1,0))),OFFSET(E401,-1,0))","v":2},12,0,0,0,3,{"$f":"IF(OR($C401=\"S\",$C401=0),0,MATCH(OFFSET($D401,0,$C401)+IF($C401<>1,1,COUNTIF(QCI!$A$13:$A$24,ORÇAMENTO!E401)),OFFSET($D401,1,$C401,ROW($C$404)-ROW($C401)),0))","v":{"$error":"#N/A"}},"F","Nível 2","Nível 2","2.12.","SINAPI",null,"LIMPEZA FINAL",{"$f":"REFERENCIA.Unidade","v":"-"},{"$f":"OFFSET(CÁLCULO!H$15,ROW($T401)-ROW(T$15),0)","v":0},null,"BDI 1",{"$f":"IF($C401=\"S\",ROUND(IF(TIPOORCAMENTO=\"Proposto\",ORÇAMENTO.CustoUnitario*(1+$AH401),ORÇAMENTO.PrecoUnitarioLicitado),15-13*$AF$10),0)","v":0},{"$f":"IF($C401=\"S\",IF(Import.TipoArredondamento<>\"TransfereGOV\",VTOTAL1,SUM(OFFSET(CÁLCULO!$AA$15,ROW($X401)-ROW($X$15),1):OFFSET(CÁLCULO!$AL$15,ROW($X401)-ROW($X$15),-1))),IF($C401=0,0,ROUND(SomaAgrup,15-13*$AF$11)))","v":2785.14},"RA","",{"$f":"IF($C401=\"S\",IF($Z401=\"CP\",$X401,IF($Z401=\"RA\",(($X401)*QCI!$AA$3),0)),SomaAgrup)","v":747.1811242706317},0,{"$f":"IF($N401=\"\",\"\",IF(ORÇAMENTO.Descricao=\"\",\"DESCRIÇÃO\",IF(AND($C401=\"S\",ORÇAMENTO.Unidade=\"\"),\"UNIDADE\",IF($X401<0,\"VALOR NEGATIVO\",IF(OR(AND(TIPOORCAMENTO=\"Proposto\",$AG401<>\"\",$AG401>0,ORÇAMENTO.CustoUnitario>$AG401),AND(TIPOORCAMENTO=\"LICITADO\",ORÇAMENTO.PrecoUnitarioLicitado>$AN401)),\"ACIMA REF.\",\"\")))))","v":""},{"$f":"IF(C401<=CRONO.NivelExibicao,MAX($AD$15:OFFSET(AD401,-1,0))+IF($C401<>1,1,MAX(1,COUNTIF(QCI!$A$13:$A$24,OFFSET($E401,-1,0)))),\"\")","v":27},{"$f":"IF(AND($C401=\"S\",ORÇAMENTO.CodBarra<>\"\"),IF(ORÇAMENTO.Fonte=\"\",ORÇAMENTO.CodBarra,CONCATENATE(ORÇAMENTO.Fonte,\" \",ORÇAMENTO.CodBarra)))","v":false},{"$f":"IF(ISERROR(INDIRECT(ORÇAMENTO.BancoRef)),\"(abra o arquivo 'Referência \"&Excel_BuiltIn_Database&\".xlsm)\",IF(OR($C401<>\"S\",ORÇAMENTO.CodBarra=\"\"),\"(Sem Código)\",IF(ISERROR(MATCH($AE401,INDIRECT(ORÇAMENTO.BancoRef),0)),\"(Código não identificado nas referências)\",MATCH($AE401,INDIRECT(ORÇAMENTO.BancoRef),0))))","v":"(Sem Código)"},{"$f":"ROUND(IF(DESONERACAO=\"sim\",REFERENCIA.Desonerado,REFERENCIA.NaoDesonerado),2)","v":0},0.2082,null,null,null,null,2785.14,0]
["S",2,"S",0,{"$f":"IF($C402=1,OFFSET(E402,-1,0)+MAX(1,COUNTIF(QCI!$A$13:$A$24,OFFSET(ORÇAMENTO!E402,-1,0))),OFFSET(E402,-1,0))","v":2},12,0,0,1,0,{"$f":"IF(OR($C402=\"S\",$C402=0),0,MATCH(OFFSET($D402,0,$C402)+IF($C402<>1,1,COUNTIF(QCI!$A$13:$A$24,ORÇAMENTO!E402)),OFFSET($D402,1,$C402,ROW($C$404)-ROW($C402)),0))","v":0},"F","Serviço","Serviço","2.12.0.0.1.","SINAPI","99814",{"$f":"IF($C402=\"S\",REFERENCIA.Descricao,\"(digite a descrição aqui)\")","v":"LIMPEZA DE SUPERFÍCIE COM JATO DE ALTA PRESSÃO. AF_04/2019"},{"$f":"REFERENCIA.Unidade","v":"M2"},{"$f":"OFFSET(CÁLCULO!H$15,ROW($T402)-ROW(T$15),0)","v":802.38},2.41,"BDI 1",{"$f":"IF($C402=\"S\",ROUND(IF(TIPOORCAMENTO=\"Proposto\",ORÇAMENTO.CustoUnitario*(1+$AH402),ORÇAMENTO.PrecoUnitarioLicitado),15-13*$AF$10),0)","v":2.91},{"$f":"IF($C402=\"S\",IF(Import.TipoArredondamento<>\"TransfereGOV\",VTOTAL1,SUM(OFFSET(CÁLCULO!$AA$15,ROW($X402)-ROW($X$15),1):OFFSET(CÁLCULO!$AL$15,ROW($X402)-ROW($X$15),-1))),IF($C402=0,0,ROUND(SomaAgrup,15-13*$AF$11)))","v":2334.9299999999998},"RA","RA",{"$f":"IF($C402=\"S\",IF($Z402=\"CP\",$X402,IF($Z402=\"RA\",(($X402)*QCI!$AA$3),0)),SomaAgrup)","v":626.40140980102478},0,{"$f":"IF($N402=\"\",\"\",IF(ORÇAMENTO.Descricao=\"\",\"DESCRIÇÃO\",IF(AND($C402=\"S\",ORÇAMENTO.Unidade=\"\"),\"UNIDADE\",IF($X402<0,\"VALOR NEGATIVO\",IF(OR(AND(TIPOORCAMENTO=\"Proposto\",$AG402<>\"\",$AG402>0,ORÇAMENTO.CustoUnitario>$AG402),AND(TIPOORCAMENTO=\"LICITADO\",ORÇAMENTO.PrecoUnitarioLicitado>$AN402)),\"ACIMA REF.\",\"\")))))","v":""},{"$f":"IF(C402<=CRONO.NivelExibicao,MAX($AD$15:OFFSET(AD402,-1,0))+IF($C402<>1,1,MAX(1,COUNTIF(QCI!$A$13:$A$24,OFFSET($E402,-1,0)))),\"\")","v":""},{"$f":"IF(AND($C402=\"S\",ORÇAMENTO.CodBarra<>\"\"),IF(ORÇAMENTO.Fonte=\"\",ORÇAMENTO.CodBarra,CONCATENATE(ORÇAMENTO.Fonte,\" \",ORÇAMENTO.CodBarra)))","v":"SINAPI 99814"},{"$f":"IF(ISERROR(INDIRECT(ORÇAMENTO.BancoRef)),\"(abra o arquivo 'Referência \"&Excel_BuiltIn_Database&\".xlsm)\",IF(OR($C402<>\"S\",ORÇAMENTO.CodBarra=\"\"),\"(Sem Código)\",IF(ISERROR(MATCH($AE402,INDIRECT(ORÇAMENTO.BancoRef),0)),\"(Código não identificado nas referências)\",MATCH($AE402,INDIRECT(ORÇAMENTO.BancoRef),0))))","v":7013},{"$f":"ROUND(IF(DESONERACAO=\"sim\",REFERENCIA.Desonerado,REFERENCIA.NaoDesonerado),2)","v":2.41},0.2082,null,802.38,null,null,2334.9299999999998,2.91]
["S",2,"S",0,{"$f":"IF($C403=1,OFFSET(E403,-1,0)+MAX(1,COUNTIF(QCI!$A$13:$A$24,OFFSET(ORÇAMENTO!E403,-1,0))),OFFSET(E403,-1,0))","v":2},12,0,0,2,0,{"$f":"IF(OR($C403=\"S\",$C403=0),0,MATCH(OFFSET($D403,0,$C403)+IF($C403<>1,1,COUNTIF(QCI!$A$13:$A$24,ORÇAMENTO!E403)),OFFSET($D403,1,$C403,ROW($C$404)-ROW($C403)),0))","v":0},"F","Serviço","Serviço","2.12.0.0.2.","SINAPI","99806",{"$f":"IF($C403=\"S\",REFERENCIA.Descricao,\"(digite a descrição aqui)\")","v":"LIMPEZA DE REVESTIMENTO CERÂMICO EM PAREDE COM PANO ÚMIDO AF_04/2019"},{"$f":"REFERENCIA.Unidade","v":"M2"},{"$f":"OFFSET(CÁLCULO!H$15,ROW($T403)-ROW(T$15),0)","v":349},1.07,"BDI 1",{"$f":"IF($C403=\"S\",ROUND(IF(TIPOORCAMENTO=\"Proposto\",ORÇAMENTO.CustoUnitario*(1+$AH403),ORÇAMENTO.PrecoUnitarioLicitado),15-13*$AF$10),0)","v":1.29},{"$f":"IF($C403=\"S\",IF(Import.TipoArredondamento<>\"TransfereGOV\",VTOTAL1,SUM(OFFSET(CÁLCULO!$AA$15,ROW($X403)-ROW($X$15),1):OFFSET(CÁLCULO!$AL$15,ROW($X403)-ROW($X$15),-1))),IF($C403=0,0,ROUND(SomaAgrup,15-13*$AF$11)))","v":450.21},"RA","RA",{"$f":"IF($C403=\"S\",IF($Z403=\"CP\",$X403,IF($Z403=\"RA\",(($X403)*QCI!$AA$3),0)),SomaAgrup)","v":120.77971446960696},0,{"$f":"IF($N403=\"\",\"\",IF(ORÇAMENTO.Descricao=\"\",\"DESCRIÇÃO\",IF(AND($C403=\"S\",ORÇAMENTO.Unidade=\"\"),\"UNIDADE\",IF($X403<0,\"VALOR NEGATIVO\",IF(OR(AND(TIPOORCAMENTO=\"Proposto\",$AG403<>\"\",$AG403>0,ORÇAMENTO.CustoUnitario>$AG403),AND(TIPOORCAMENTO=\"LICITADO\",ORÇAMENTO.PrecoUnitarioLicitado>$AN403)),\"ACIMA REF.\",\"\")))))","v":""},{"$f":"IF(C403<=CRONO.NivelExibicao,MAX($AD$15:OFFSET(AD403,-1,0))+IF($C403<>1,1,MAX(1,COUNTIF(QCI!$A$13:$A$24,OFFSET($E403,-1,0)))),\"\")","v":""},{"$f":"IF(AND($C403=\"S\",ORÇAMENTO.CodBarra<>\"\"),IF(ORÇAMENTO.Fonte=\"\",ORÇAMENTO.CodBarra,CONCATENATE(ORÇAMENTO.Fonte,\" \",ORÇAMENTO.CodBarra)))","v":"SINAPI 99806"},{"$f":"IF(ISERROR(INDIRECT(ORÇAMENTO.BancoRef)),\"(abra o arquivo 'Referência \"&Excel_BuiltIn_Database&\".xlsm)\",IF(OR($C403<>\"S\",ORÇAMENTO.CodBarra=\"\"),\"(Sem Código)\",IF(ISERROR(MATCH($AE403,INDIRECT(ORÇAMENTO.BancoRef),0)),\"(Código não identificado nas referências)\",MATCH($AE403,INDIRECT(ORÇAMENTO.BancoRef),0))))","v":7005},{"$f":"ROUND(IF(DESONERACAO=\"sim\",REFERENCIA.Desonerado,REFERENCIA.NaoDesonerado),2)","v":1.07},0.2082,null,349,null,null,450.21,1.29]
[-1,null,-1,null,0,0,0,0,0,null,null,"F"]
[]
[]
[null,null,null,null,null,null,null,null,null,null,null,null,null,null,"Encargos sociais:",null,"Para elaboração deste orçamento, foram utilizados os encargos sociais do SINAPI para a Unidade da Federação indicada."]
[]
[null,null,null,null,null,null,null,null,null,null,null,null,null,null,"Observações:"]
[]
[]
[]
[]
[null,null,null,null,null,null,null,null,null,null,null,null,null,null,{"$f":"IF(AND($AF$7=FALSE,$AF$8=FALSE,$AF$9=FALSE,$AF$10=FALSE,$AF$11=FALSE),\"Não foi considerado arredondamento nos valores da planilha.\",CONCATENATE(\"Foi considerado arredondamento de duas casas decimais para \",IF($AF$7=TRUE,\"Quantidade; \",\"\"),IF($AF$8=TRUE,\"Custo Unitário; \",\"\"),IF($AF$9=TRUE,\"BDI; \",\"\"),IF($AF$10=TRUE,\"Preço Unitário; \",\"\"),IF($AF$11=TRUE,\"Preço Total.\",\"\")))","v":"Foi considerado arredondamento de duas casas decimais para Quantidade; Custo Unitário; BDI; Preço Unitário; Preço Total."}]
[null,null,null,null,null,null,null,null,null,null,null,null,null,null,"Siglas da Composição do Investimento: RA - Rateio proporcional entre Repasse e Contrapartida; RP - 100% Repasse; CP - 100% Contrapartida; OU - 100% Outros."]
[]
[null,null,null,null,null,null,null,null,null,null,null,null,null,null,{"$f":"Import.Município","v":"ITAPEJARA D'OESTE"}]
[null,null,null,null,null,null,null,null,null,null,null,null,null,null,"Local",null,null,null,"Responsável Técnico"]
[null,null,null,null,null,null,null,null,null,null,null,null,null,null,null,null,null,null,"Nome:",{"$f":"Import.RespOrçamento","v":"LEANDRO HENRIQUE MAAS SANTOS"}]
[null,null,null,null,null,null,null,null,null,null,null,null,null,null,{"$f":"DADOS!$F$25","v":"2024-10-29"},null,null,null,"CREA/CAU:","170817/D"]
[null,null,null,null,null,null,null,null,null,null,null,null,null,null,"Data",null,null,null,"ART/RRT:","1720242442718"]

{"sheet":"CÁLCULO","index":5,"n_rows":412,"n_cols":59,"rows_kept":412,"cut":false,"hidden":false,"merged":[[0,5,0,7],[0,16,0,17],[0,24,0,25],[1,5,1,7],[1,16,1,17],[1,24,1,25],[14,4,14,7],[3,4,3,5],[3,6,3,7],[3,18,3,19],[3,20,3,25],[4,4,4,5],[4,6,4,7],[4,18,4,19],[4,20,4,25]]}
[null,null,null,null,null,{"$f":"IF(ACOMPANHAMENTO=\"BM\",\"MEMÓRIA DE CÁLCULO\",\"PLQ - PLANILHA DE LEVANTAMENTO DE QUANTIDADES\")","v":"MEMÓRIA DE CÁLCULO"},null,null,null,null,null,null,null,null,null,null,"Grau de Sigilo",null,null,null,null,null,null,null,"Grau de Sigilo"]
[null,null,null,null,null,{"$f":"IF(ACOMPANHAMENTO=\"BM\",\"\",\"Memória de Cálculo\")&\" - \"&import.recurso","v":" - (SELECIONAR)"},null,null,null,null,null,null,null,null,null,null,"#PUBLICO",null,null,null,null,null,null,null,"#PUBLICO"]
[null,null,null,null,null,null,null,null,null,null,null,null,null,null,null,null,null,null,null,null,null,null,null,null,null,null,null,{"$f":"ROUND(ROUND(OFFSET(#REF!,0,AB$13),15-13*ORÇAMENTO!$AF$7)*OFFSET(ORÇAMENTO!$W$15,ROW(#REF!)-ROW(AB$15),0),15-13*ORÇAMENTO!$AF$11)","v":{"$error":"#REF!"}},{"$f":"ROUND(ROUND(OFFSET(#REF!,0,AC$13),15-13*ORÇAMENTO!$AF$7)*OFFSET(ORÇAMENTO!$W$15,ROW(#REF!)-ROW(AC$15),0),15-13*ORÇAMENTO!$AF$11)","v":{"$error":"#REF!"}},{"$f":"ROUND(ROUND(OFFSET(#REF!,0,AD$13),15-13*ORÇAMENTO!$AF$7)*OFFSET(ORÇAMENTO!$W$15,ROW(#REF!)-ROW(AD$15),0),15-13*ORÇAMENTO!$AF$11)","v":{"$error":"#REF!"}},{"$f":"SUM(AB3:AD3)-SUM(#REF!)","v":{"$error":"#REF!"}}]
[null,null,null,null,"APELIDO DO EMPREENDIMENTO",null,"Nº TransfereGOV",null,"Nº OPERAÇÃO",null,"PROPONENTE / TOMADOR",null,null,null,null,null,null,null,"Nº OPERAÇÃO",null,"PROPONENTE / TOMADOR"]
[null,null,null,null,{"$f":"Import.Apelido","v":"REFORMA E AMPLIAÇÃO DA ESCOLA JOSAFAT KMITA"},null,{"$f":"Import.TransfereGOV","v":0},null,{"$f":"Import.CR","v":0},null,{"$f":"Import.Proponente","v":"PREFEITURA MUNICIPAL DE ITAPEJARA D'OESTE"},null,null,null,null,null,null,null,{"$f":"Import.CR","v":0},null,{"$f":"Import.Proponente","v":"PREFEITURA MUNICIPAL DE ITAPEJARA D'OESTE"}]
[null,null,null,null,null,null,null,null,null,null,null,null,null,null,null,null,null,null,null,{"$f":"AE3","v":{"$error":"#REF!"}},null,null,null,null,null,null,null,"Preços dos serviços por frente",null,null,null,null,null,null,null,null,null,null,"Mês do cronograma",null,null,null,null,null,null,null,null,null,null,"Número da Medição"]
[]
[]
[]
[]
[]
[{"$f":"IF(OFFSET(EVENTOS!$C$5,1,0)=\"Automática, conforme os agrupadores Nível 4 do Orçamento\",4,IF(OFFSET(EVENTOS!$C$5,1,0)=\"Automática, conforme os agrupadores Nível 3 do Orçamento\",3,IF(OFFSET(EVENTOS!$C$5,1,0)=\"Definir Manualmente\",\"Manual\",2)))","v":2},"Empty",null,null,null,null,null,null,null,".","Nº AGRUPADOR DE EVENTOS",".",{"$f":"IF(ACOMPANHAMENTO=\"BM\",0,COUNTIF(M15:M404,0))","v":0},"FRENTES DE OBRA:",null,".",null,null,null,null,null,null,null,null,null,null,".",{"$f":"OFFSET($P$12,0,AB$13)","v":0},{"$f":"OFFSET($P$12,0,AC$13)","v":0},0,0,0,0,0,0,0,0,null,{"$f":"OFFSET($P$12,0,AM$13)","v":0},{"$f":"OFFSET($P$12,0,AN$13)","v":0},0,0,0,0,0,0,0,0,null,{"$f":"OFFSET($P$12,0,AX$13)","v":0},{"$f":"OFFSET($P$12,0,AY$13)","v":0},0,0,0,0,0,0,0,0]
["AUTOEVENTO","Empty",null,"Nível","Item","Descrição","Unidade","Quantidade","Memória de Cálculo",null,"Nº",null,"# Evento","Agrupador de Eventos",{"$f":"OFFSET(O13,0,-1)+1","v":{"$error":"#VALUE!"}},null,{"$f":"OFFSET(Q13,0,-1)+1","v":1},2,3,4,5,6,7,8,9,10,null,{"$f":"OFFSET(AB13,0,-1)+1","v":1},2,3,4,5,6,7,8,9,10,null,1,2,3,4,5,6,7,8,9,10,null,1,2,3,4,5,6,7,8,9,10]
[{"$f":"IF(AUTOEVENTO=\"Manual\",IF(K14<>\"\",MIN(VALUE(LEFT(K14,FIND(\".\",K14)-1)),COUNTA(EVENTOS.Lista)),0),IF(OR($B14>AUTOEVENTO,$B14=\"S\",$B14=0),SUBSTITUTE(OFFSET($A14,-1,0),IF($D14=\"Serviço\",\".\",\"\"),\"\"),ROW(A14)-ROW($A$15)&\".\"))","v":"AUTOEVENTO"},{"$f":"OFFSET(ORÇAMENTO!C$15,ROW(B14)-ROW(B$15),0)","v":"S"},{"$f":"OFFSET(ORÇAMENTO!L$15,ROW(C14)-ROW(C$15),0)","v":""},{"$f":"OFFSET(ORÇAMENTO!N$15,ROW(D14)-ROW(D$15),0)","v":"Serviço"},{"$f":"OFFSET(ORÇAMENTO!O$15,ROW(E14)-ROW(E$15),0)","v":"-"},{"$f":"OFFSET(ORÇAMENTO!R$15,ROW(F14)-ROW(F$15),0)","v":"(Sem Código)"},{"$f":"IF($D14<>\"Serviço\",\"\",OFFSET(ORÇAMENTO!S$15,ROW(G14)-ROW(G$15),0))","v":"-"},{"$f":"IF($D14<>\"Serviço\",0,IF(ACOMPANHAMENTO=\"BM\",ROUND(OFFSET(ORÇAMENTO!AJ$15,ROW(H14)-ROW(H$15),0),15-13*ORÇAMENTO!$AF$7),SUMPRODUCT(($Q$12:$AA$12<>\"\")*ROUND($Q14:$AA14,15-13*ORÇAMENTO!$AF$7))))","v":0},null,null,null,".",{"$f":"IF($D14<>\"Serviço\",\"\",IF(AUTOEVENTO=\"manual\",$A14,IF(ISERROR(MATCH($A14,$A$15:OFFSET($A14,-1,0),0)),MAX($M$15:OFFSET(M14,-1,0))+1,INDEX($M$15:OFFSET(M14,-1,0),MATCH($A14,$A$15:OFFSET($A14,-1,0),0)))))","v":"# Evento"},{"$f":"IF($D14<>\"Serviço\",\"\",IF(AUTOEVENTO=\"Manual\",IF($A14=0,\"<-- defina o número do agrupador\",OFFSET(EVENTOS!$D$14,$A14,0)),OFFSET($F$15,$A14,0)))","v":{"$error":"#VALUE!"}},null,null,null,null,null,null,null,null,null,null,null,null,null,{"$f":"IF(AND($D14=\"Serviço\",AB$12<>0,$H14>0,OR(AUTOEVENTO<>\"manual\",$M14<>1)),\nIF(Import.TipoArredondamento<>\"TransfereGOV\",\nROUND(OFFSET($P14,0,AB$13),15-13*ORÇAMENTO!$AF$7)/$H14*OFFSET(ORÇAMENTO!$X$15,ROW(AB14)-ROW(AB$15),0),\nROUND(ROUND(OFFSET($P14,0,AB$13),15-13*ORÇAMENTO!$AF$7)*OFFSET(ORÇAMENTO!$W$15,ROW(AB14)-ROW(AB$15),0),15-13*ORÇAMENTO!$AF$11)),0)","v":0},{"$f":"IF(AND($D14=\"Serviço\",AC$12<>0,$H14>0,OR(AUTOEVENTO<>\"manual\",$M14<>1)),\nIF(Import.TipoArredondamento<>\"TransfereGOV\",\nROUND(OFFSET($P14,0,AC$13),15-13*ORÇAMENTO!$AF$7)/$H14*OFFSET(ORÇAMENTO!$X$15,ROW(AC14)-ROW(AC$15),0),\nROUND(ROUND(OFFSET($P14,0,AC$13),15-13*ORÇAMENTO!$AF$7)*OFFSET(ORÇAMENTO!$W$15,ROW(AC14)-ROW(AC$15),0),15-13*ORÇAMENTO!$AF$11)),0)","v":0},{"$f":"IF(AND($D14=\"Serviço\",AD$12<>0,$H14>0,OR(AUTOEVENTO<>\"manual\",$M14<>1)),\nIF(Import.TipoArredondamento<>\"TransfereGOV\",\nROUND(OFFSET($P14,0,AD$13),15-13*ORÇAMENTO!$AF$7)/$H14*OFFSET(ORÇAMENTO!$X$15,ROW(AD14)-ROW(AD$15),0),\nROUND(ROUND(OFFSET($P14,0,AD$13),15-13*ORÇAMENTO!$AF$7)*OFFSET(ORÇAMENTO!$W$15,ROW(AD14)-ROW(AD$15),0),15-13*ORÇAMENTO!$AF$11)),0)","v":0},{"$f":"IF(AND($D14=\"Serviço\",AE$12<>0,$H14>0,OR(AUTOEVENTO<>\"manual\",$M14<>1)),\nIF(Import.TipoArredondamento<>\"TransfereGOV\",\nROUND(OFFSET($P14,0,AE$13),15-13*ORÇAMENTO!$AF$7)/$H14*OFFSET(ORÇAMENTO!$X$15,ROW(AE14)-ROW(AE$15),0),\nROUND(ROUND(OFFSET($P14,0,AE$13),15-13*ORÇAMENTO!$AF$7)*OFFSET(ORÇAMENTO!$W$15,ROW(AE14)-ROW(AE$15),0),15-13*ORÇAMENTO!$AF$11)),0)","v":0},{"$f":"IF(AND($D14=\"Serviço\",AF$12<>0,$H14>0,OR(AUTOEVENTO<>\"manual\",$M14<>1)),\nIF(Import.TipoArredondamento<>\"TransfereGOV\",\nROUND(OFFSET($P14,0,AF$13),15-13*ORÇAMENTO!$AF$7)/$H14*OFFSET(ORÇAMENTO!$X$15,ROW(AF14)-ROW(AF$15),0),\nROUND(ROUND(OFFSET($P14,0,AF$13),15-13*ORÇAMENTO!$AF$7)*OFFSET(ORÇAMENTO!$W$15,ROW(AF14)-ROW(AF$15),0),15-13*ORÇAMENTO!$AF$11)),0)","v":0},{"$f":"IF(AND($D14=\"Serviço\",AG$12<>0,$H14>0,OR(AUTOEVENTO<>\"manual\",$M14<>1)),\nIF(Import.TipoArredondamento<>\"TransfereGOV\",\nROUND(OFFSET($P14,0,AG$13),15-13*ORÇAMENTO!$AF$7)/$H14*OFFSET(ORÇAMENTO!$X$15,ROW(AG14)-ROW(AG$15),0),\nROUND(ROUND(OFFSET($P14,0,AG$13),15-13*ORÇAMENTO!$AF$7)*OFFSET(ORÇAMENTO!$W$15,ROW(AG14)-ROW(AG$15),0),15-13*ORÇAMENTO!$AF$11)),0)","v":0},{"$f":"IF(AND($D14=\"Serviço\",AH$12<>0,$H14>0,OR(AUTOEVENTO<>\"manual\",$M14<>1)),\nIF(Import.TipoArredondamento<>\"TransfereGOV\",\nROUND(OFFSET($P14,0,AH$13),15-13*ORÇAMENTO!$AF$7)/$H14*OFFSET(ORÇAMENTO!$X$15,ROW(AH14)-ROW(AH$15),0),\nROUND(ROUND(OFFSET($P14,0,AH$13),15-13*ORÇAMENTO!$AF$7)*OFFSET(ORÇAMENTO!$W$15,ROW(AH14)-ROW(AH$15),0),15-13*ORÇAMENTO!$AF$11)),0)","v":0},{"$f":"IF(AND($D14=\"Serviço\",AI$12<>0,$H14>0,OR(AUTOEVENTO<>\"manual\",$M14<>1)),\nIF(Import.TipoArredondamento<>\"TransfereGOV\",\nROUND(OFFSET($P14,0,AI$13),15-13*ORÇAMENTO!$AF$7)/$H14*OFFSET(ORÇAMENTO!$X$15,ROW(AI14)-ROW(AI$15),0),\nROUND(ROUND(OFFSET($P14,0,AI$13),15-13*ORÇAMENTO!$AF$7)*OFFSET(ORÇAMENTO!$W$15,ROW(AI14)-ROW(AI$15),0),15-13*ORÇAMENTO!$AF$11)),0)","v":0},{"$f":"IF(AND($D14=\"Serviço\",AJ$12<>0,$H14>0,OR(AUTOEVENTO<>\"manual\",$M14<>1)),\nIF(Import.TipoArredondamento<>\"TransfereGOV\",\nROUND(OFFSET($P14,0,AJ$13),15-13*ORÇAMENTO!$AF$7)/$H14*OFFSET(ORÇAMENTO!$X$15,ROW(AJ14)-ROW(AJ$15),0),\nROUND(ROUND(OFFSET($P14,0,AJ$13),15-13*ORÇAMENTO!$AF$7)*OFFSET(ORÇAMENTO!$W$15,ROW(AJ14)-ROW(AJ$15),0),15-13*ORÇAMENTO!$AF$11)),0)","v":0},{"$f":"IF(AND($D14=\"Serviço\",AK$12<>0,$H14>0,OR(AUTOEVENTO<>\"manual\",$M14<>1)),\nIF(Import.TipoArredondamento<>\"TransfereGOV\",\nROUND(OFFSET($P14,0,AK$13),15-13*ORÇAMENTO!$AF$7)/$H14*OFFSET(ORÇAMENTO!$X$15,ROW(AK14)-ROW(AK$15),0),\nROUND(ROUND(OFFSET($P14,0,AK$13),15-13*ORÇAMENTO!$AF$7)*OFFSET(ORÇAMENTO!$W$15,ROW(AK14)-ROW(AK$15),0),15-13*ORÇAMENTO!$AF$11)),0)","v":0},null,{"$f":"IF($D14<>\"Serviço\",0,IF(AND(AUTOEVENTO=\"Manual\",$M14=1),0,IF(OFFSET(CRONOPLE!$F$14,$M14,AM$13)=\"\",10^12,OFFSET(CRONOPLE!$F$14,$M14,AM$13))))","v":{"$error":"#VALUE!"}},{"$f":"IF($D14<>\"Serviço\",0,IF(AND(AUTOEVENTO=\"Manual\",$M14=1),0,IF(OFFSET(CRONOPLE!$F$14,$M14,AN$13)=\"\",10^12,OFFSET(CRONOPLE!$F$14,$M14,AN$13))))","v":{"$error":"#VALUE!"}},{"$f":"IF($D14<>\"Serviço\",0,IF(AND(AUTOEVENTO=\"Manual\",$M14=1),0,IF(OFFSET(CRONOPLE!$F$14,$M14,AO$13)=\"\",10^12,OFFSET(CRONOPLE!$F$14,$M14,AO$13))))","v":{"$error":"#VALUE!"}},{"$f":"IF($D14<>\"Serviço\",0,IF(AND(AUTOEVENTO=\"Manual\",$M14=1),0,IF(OFFSET(CRONOPLE!$F$14,$M14,AP$13)=\"\",10^12,OFFSET(CRONOPLE!$F$14,$M14,AP$13))))","v":{"$error":"#VALUE!"}},{"$f":"IF($D14<>\"Serviço\",0,IF(AND(AUTOEVENTO=\"Manual\",$M14=1),0,IF(OFFSET(CRONOPLE!$F$14,$M14,AQ$13)=\"\",10^12,OFFSET(CRONOPLE!$F$14,$M14,AQ$13))))","v":{"$error":"#VALUE!"}},{"$f":"IF($D14<>\"Serviço\",0,IF(AND(AUTOEVENTO=\"Manual\",$M14=1),0,IF(OFFSET(CRONOPLE!$F$14,$M14,AR$13)=\"\",10^12,OFFSET(CRONOPLE!$F$14,$M14,AR$13))))","v":{"$error":"#VALUE!"}},{"$f":"IF($D14<>\"Serviço\",0,IF(AND(AUTOEVENTO=\"Manual\",$M14=1),0,IF(OFFSET(CRONOPLE!$F$14,$M14,AS$13)=\"\",10^12,OFFSET(CRONOPLE!$F$14,$M14,AS$13))))","v":{"$error":"#VALUE!"}},{"$f":"IF($D14<>\"Serviço\",0,IF(AND(AUTOEVENTO=\"Manual\",$M14=1),0,IF(OFFSET(CRONOPLE!$F$14,$M14,AT$13)=\"\",10^12,OFFSET(CRONOPLE!$F$14,$M14,AT$13))))","v":{"$error":"#VALUE!"}},{"$f":"IF($D14<>\"Serviço\",0,IF(AND(AUTOEVENTO=\"Manual\",$M14=1),0,IF(OFFSET(CRONOPLE!$F$14,$M14,AU$13)=\"\",10^12,OFFSET(CRONOPLE!$F$14,$M14,AU$13))))","v":{"$error":"#VALUE!"}},{"$f":"IF($D14<>\"Serviço\",0,IF(AND(AUTOEVENTO=\"Manual\",$M14=1),0,IF(OFFSET(CRONOPLE!$F$14,$M14,AV$13)=\"\",10^12,OFFSET(CRONOPLE!$F$14,$M14,AV$13))))","v":{"$error":"#VALUE!"}},null,{"$f":"IF($D14<>\"Serviço\",0,IF(OR(AND(AUTOEVENTO=\"Manual\",$M14=1),$M14>(ROW(PLE.lastrow)-ROW(PLE.firstrow))),0,IF(OFFSET(PLE!$G$14,$M14,AX$13)=\"\",10^12,OFFSET(PLE!$G$14,$M14,AX$13))))","v":0},{"$f":"IF($D14<>\"Serviço\",0,IF(OR(AND(AUTOEVENTO=\"Manual\",$M14=1),$M14>(ROW(PLE.lastrow)-ROW(PLE.firstrow))),0,IF(OFFSET(PLE!$G$14,$M14,AY$13)=\"\",10^12,OFFSET(PLE!$G$14,$M14,AY$13))))","v":0},{"$f":"IF($D14<>\"Serviço\",0,IF(OR(AND(AUTOEVENTO=\"Manual\",$M14=1),$M14>(ROW(PLE.lastrow)-ROW(PLE.firstrow))),0,IF(OFFSET(PLE!$G$14,$M14,AZ$13)=\"\",10^12,OFFSET(PLE!$G$14,$M14,AZ$13))))","v":0},{"$f":"IF($D14<>\"Serviço\",0,IF(OR(AND(AUTOEVENTO=\"Manual\",$M14=1),$M14>(ROW(PLE.lastrow)-ROW(PLE.firstrow))),0,IF(OFFSET(PLE!$G$14,$M14,BA$13)=\"\",10^12,OFFSET(PLE!$G$14,$M14,BA$13))))","v":0},{"$f":"IF($D14<>\"Serviço\",0,IF(OR(AND(AUTOEVENTO=\"Manual\",$M14=1),$M14>(ROW(PLE.lastrow)-ROW(PLE.firstrow))),0,IF(OFFSET(PLE!$G$14,$M14,BB$13)=\"\",10^12,OFFSET(PLE!$G$14,$M14,BB$13))))","v":0},{"$f":"IF($D14<>\"Serviço\",0,IF(OR(AND(AUTOEVENTO=\"Manual\",$M14=1),$M14>(ROW(PLE.lastrow)-ROW(PLE.firstrow))),0,IF(OFFSET(PLE!$G$14,$M14,BC$13)=\"\",10^12,OFFSET(PLE!$G$14,$M14,BC$13))))","v":0},{"$f":"IF($D14<>\"Serviço\",0,IF(OR(AND(AUTOEVENTO=\"Manual\",$M14=1),$M14>(ROW(PLE.lastrow)-ROW(PLE.firstrow))),0,IF(OFFSET(PLE!$G$14,$M14,BD$13)=\"\",10^12,OFFSET(PLE!$G$14,$M14,BD$13))))","v":0},{"$f":"IF($D14<>\"Serviço\",0,IF(OR(AND(AUTOEVENTO=\"Manual\",$M14=1),$M14>(ROW(PLE.lastrow)-ROW(PLE.firstrow))),0,IF(OFFSET(PLE!$G$14,$M14,BE$13)=\"\",10^12,OFFSET(PLE!$G$14,$M14,BE$13))))","v":0},{"$f":"IF($D14<>\"Serviço\",0,IF(OR(AND(AUTOEVENTO=\"Manual\",$M14=1),$M14>(ROW(PLE.lastrow)-ROW(PLE.firstrow))),0,IF(OFFSET(PLE!$G$14,$M14,BF$13)=\"\",10^12,OFFSET(PLE!$G$14,$M14,BF$13))))","v":0},{"$f":"IF($D14<>\"Serviço\",0,IF(OR(AND(AUTOEVENTO=\"Manual\",$M14=1),$M14>(ROW(PLE.lastrow)-ROW(PLE.firstrow))),0,IF(OFFSET(PLE!$G$14,$M14,BG$13)=\"\",10^12,OFFSET(PLE!$G$14,$M14,BG$13))))","v":0}]
[null,{"$f":"OFFSET(ORÇAMENTO!C$15,ROW(B15)-ROW(B$15),0)","v":"L"},{"$f":"OFFSET(ORÇAMENTO!L$15,ROW(C15)-ROW(C$15),0)","v":"F"},{"$f":"IF(TIPOORCAMENTO=\"LICITADO\",\"CTEF\",\"LOTE\")","v":"LOTE"},{"$f":"Import.DescLote","v":"REFORMA E AMPLIAÇÃO DA ESCOLA JOSAFAT KMITA"},null,null,null,null,null,null,".",{"$f":"IF(AUTOEVENTO=\"MANUAL\",0,1)","v":1},"TOTAL FINANC. POR FRENTE (R$):",{"$f":"OFFSET($AA$15,0,O$13)","v":{"$error":"#VALUE!"}},null,{"$f":"OFFSET($AA$15,0,Q$13)","v":0},0,0,0,0,0,0,0,0,0,null,{"$f":"ROUND(SUM(OFFSET(AB$15,1,0):AB$404),2)","v":0},{"$f":"SUM(OFFSET(AC$15,1,0):AC$404)","v":0},{"$f":"SUM(OFFSET(AD$15,1,0):AD$404)","v":0},{"$f":"SUM(OFFSET(AE$15,1,0):AE$404)","v":0},{"$f":"SUM(OFFSET(AF$15,1,0):AF$404)","v":0},{"$f":"SUM(OFFSET(AG$15,1,0):AG$404)","v":0},{"$f":"SUM(OFFSET(AH$15,1,0):AH$404)","v":0},{"$f":"SUM(OFFSET(AI$15,1,0):AI$404)","v":0},{"$f":"SUM(OFFSET(AJ$15,1,0):AJ$404)","v":0},{"$f":"SUM(OFFSET(AK$15,1,0):AK$404)","v":0},null,{"$f":"10^12","v":1000000000000},{"$f":"10^12","v":1000000000000},1000000000000,1000000000000,1000000000000,1000000000000,1000000000000,1000000000000,1000000000000,1000000000000,null,{"$f":"10^12","v":1000000000000},1000000000000,1000000000000,1000000000000,1000000000000,1000000000000,1000000000000,1000000000000,1000000000000,1000000000000]
[{"$f":"IF(AUTOEVENTO=\"Manual\",IF(K16<>\"\",MIN(VALUE(LEFT(K16,FIND(\".\",K16)-1)),COUNTA(EVENTOS.Lista)),0),IF(OR($B16>AUTOEVENTO,$B16=\"S\",$B16=0),SUBSTITUTE(OFFSET($A16,-1,0),IF($D16=\"Serviço\",\".\",\"\"),\"\"),ROW(A16)-ROW($A$15)&\".\"))","v":"1."},{"$f":"OFFSET(ORÇAMENTO!C$15,ROW(B16)-ROW(B$15),0)","v":1},{"$f":"OFFSET(ORÇAMENTO!L$15,ROW(C16)-ROW(C$15),0)","v":"F"},{"$f":"OFFSET(ORÇAMENTO!N$15,ROW(D16)-ROW(D$15),0)","v":"Meta"},{"$f":"OFFSET(ORÇAMENTO!O$15,ROW(E16)-ROW(E$15),0)","v":"1."},{"$f":"OFFSET(ORÇAMENTO!R$15,ROW(F16)-ROW(F$15),0)","v":"ESCOLA JOSAFAT KMITA"},{"$f":"IF($D16<>\"Serviço\",\"\",OFFSET(ORÇAMENTO!S$15,ROW(G16)-ROW(G$15),0))","v":""},{"$f":"IF($D16<>\"Serviço\",0,IF(ACOMPANHAMENTO=\"BM\",ROUND(OFFSET(ORÇAMENTO!AJ$15,ROW(H16)-ROW(H$15),0),15-13*ORÇAMENTO!$AF$7),SUMPRODUCT(($Q$12:$AA$12<>\"\")*ROUND($Q16:$AA16,15-13*ORÇAMENTO!$AF$7))))","v":0},null,null,null,".",{"$f":"IF($D16<>\"Serviço\",\"\",IF(AUTOEVENTO=\"manual\",$A16,IF(ISERROR(MATCH($A16,$A$15:OFFSET($A16,-1,0),0)),MAX($M$15:OFFSET(M16,-1,0))+1,INDEX($M$15:OFFSET(M16,-1,0),MATCH($A16,$A$15:OFFSET($A16,-1,0),0)))))","v":""},{"$f":"IF($D16<>\"Serviço\",\"\",IF(AUTOEVENTO=\"Manual\",IF($A16=0,\"<-- defina o número do agrupador\",OFFSET(EVENTOS!$D$14,$A16,0)),OFFSET($F$15,$A16,0)))","v":""},null,null,null,null,null,null,null,null,null,null,null,null,null,{"$f":"IF(AND($D16=\"Serviço\",AB$12<>0,$H16>0,OR(AUTOEVENTO<>\"manual\",$M16<>1)),\nIF(Import.TipoArredondamento<>\"TransfereGOV\",\nROUND(OFFSET($P16,0,AB$13),15-13*ORÇAMENTO!$AF$7)/$H16*OFFSET(ORÇAMENTO!$X$15,ROW(AB16)-ROW(AB$15),0),\nROUND(ROUND(OFFSET($P16,0,AB$13),15-13*ORÇAMENTO!$AF$7)*OFFSET(ORÇAMENTO!$W$15,ROW(AB16)-ROW(AB$15),0),15-13*ORÇAMENTO!$AF$11)),0)","v":0},{"$f":"IF(AND($D16=\"Serviço\",AC$12<>0,$H16>0,OR(AUTOEVENTO<>\"manual\",$M16<>1)),\nIF(Import.TipoArredondamento<>\"TransfereGOV\",\nROUND(OFFSET($P16,0,AC$13),15-13*ORÇAMENTO!$AF$7)/$H16*OFFSET(ORÇAMENTO!$X$15,ROW(AC16)-ROW(AC$15),0),\nROUND(ROUND(OFFSET($P16,0,AC$13),15-13*ORÇAMENTO!$AF$7)*OFFSET(ORÇAMENTO!$W$15,ROW(AC16)-ROW(AC$15),0),15-13*ORÇAMENTO!$AF$11)),0)","v":0},{"$f":"IF(AND($D16=\"Serviço\",AD$12<>0,$H16>0,OR(AUTOEVENTO<>\"manual\",$M16<>1)),\nIF(Import.TipoArredondamento<>\"TransfereGOV\",\nROUND(OFFSET($P16,0,AD$13),15-13*ORÇAMENTO!$AF$7)/$H16*OFFSET(ORÇAMENTO!$X$15,ROW(AD16)-ROW(AD$15),0),\nROUND(ROUND(OFFSET($P16,0,AD$13),15-13*ORÇAMENTO!$AF$7)*OFFSET(ORÇAMENTO!$W$15,ROW(AD16)-ROW(AD$15),0),15-13*ORÇAMENTO!$AF$11)),0)","v":0},{"$f":"IF(AND($D16=\"Serviço\",AE$12<>0,$H16>0,OR(AUTOEVENTO<>\"manual\",$M16<>1)),\nIF(Import.TipoArredondamento<>\"TransfereGOV\",\nROUND(OFFSET($P16,0,AE$13),15-13*ORÇAMENTO!$AF$7)/$H16*OFFSET(ORÇAMENTO!$X$15,ROW(AE16)-ROW(AE$15),0),\nROUND(ROUND(OFFSET($P16,0,AE$13),15-13*ORÇAMENTO!$AF$7)*OFFSET(ORÇAMENTO!$W$15,ROW(AE16)-ROW(AE$15),0),15-13*ORÇAMENTO!$AF$11)),0)","v":0},{"$f":"IF(AND($D16=\"Serviço\",AF$12<>0,$H16>0,OR(AUTOEVENTO<>\"manual\",$M16<>1)),\nIF(Import.TipoArredondamento<>\"TransfereGOV\",\nROUND(OFFSET($P16,0,AF$13),15-13*ORÇAMENTO!$AF$7)/$H16*OFFSET(ORÇAMENTO!$X$15,ROW(AF16)-ROW(AF$15),0),\nROUND(ROUND(OFFSET($P16,0,AF$13),15-13*ORÇAMENTO!$AF$7)*OFFSET(ORÇAMENTO!$W$15,ROW(AF16)-ROW(AF$15),0),15-13*ORÇAMENTO!$AF$11)),0)","v":0},{"$f":"IF(AND($D16=\"Serviço\",AG$12<>0,$H16>0,OR(AUTOEVENTO<>\"manual\",$M16<>1)),\nIF(Import.TipoArredondamento<>\"TransfereGOV\",\nROUND(OFFSET($P16,0,AG$13),15-13*ORÇAMENTO!$AF$7)/$H16*OFFSET(ORÇAMENTO!$X$15,ROW(AG16)-ROW(AG$15),0),\nROUND(ROUND(OFFSET($P16,0,AG$13),15-13*ORÇAMENTO!$AF$7)*OFFSET(ORÇAMENTO!$W$15,ROW(AG16)-ROW(AG$15),0),15-13*ORÇAMENTO!$AF$11)),0)","v":0},{"$f":"IF(AND($D16=\"Serviço\",AH$12<>0,$H16>0,OR(AUTOEVENTO<>\"manual\",$M16<>1)),\nIF(Import.TipoArredondamento<>\"TransfereGOV\",\nROUND(OFFSET($P16,0,AH$13),15-13*ORÇAMENTO!$AF$7)/$H16*OFFSET(ORÇAMENTO!$X$15,ROW(AH16)-ROW(AH$15),0),\nROUND(ROUND(OFFSET($P16,0,AH$13),15-13*ORÇAMENTO!$AF$7)*OFFSET(ORÇAMENTO!$W$15,ROW(AH16)-ROW(AH$15),0),15-13*ORÇAMENTO!$AF$11)),0)","v":0},{"$f":"IF(AND($D16=\"Serviço\",AI$12<>0,$H16>0,OR(AUTOEVENTO<>\"manual\",$M16<>1)),\nIF(Import.TipoArredondamento<>\"TransfereGOV\",\nROUND(OFFSET($P16,0,AI$13),15-13*ORÇAMENTO!$AF$7)/$H16*OFFSET(ORÇAMENTO!$X$15,ROW(AI16)-ROW(AI$15),0),\nROUND(ROUND(OFFSET($P16,0,AI$13),15-13*ORÇAMENTO!$AF$7)*OFFSET(ORÇAMENTO!$W$15,ROW(AI16)-ROW(AI$15),0),15-13*ORÇAMENTO!$AF$11)),0)","v":0},{"$f":"IF(AND($D16=\"Serviço\",AJ$12<>0,$H16>0,OR(AUTOEVENTO<>\"manual\",$M16<>1)),\nIF(Import.TipoArredondamento<>\"TransfereGOV\",\nROUND(OFFSET($P16,0,AJ$13),15-13*ORÇAMENTO!$AF$7)/$H16*OFFSET(ORÇAMENTO!$X$15,ROW(AJ16)-ROW(AJ$15),0),\nROUND(ROUND(OFFSET($P16,0,AJ$13),15-13*ORÇAMENTO!$AF$7)*OFFSET(ORÇAMENTO!$W$15,ROW(AJ16)-ROW(AJ$15),0),15-13*ORÇAMENTO!$AF$11)),0)","v":0},{"$f":"IF(AND($D16=\"Serviço\",AK$12<>0,$H16>0,OR(AUTOEVENTO<>\"manual\",$M16<>1)),\nIF(Import.TipoArredondamento<>\"TransfereGOV\",\nROUND(OFFSET($P16,0,AK$13),15-13*ORÇAMENTO!$AF$7)/$H16*OFFSET(ORÇAMENTO!$X$15,ROW(AK16)-ROW(AK$15),0),\nROUND(ROUND(OFFSET($P16,0,AK$13),15-13*ORÇAMENTO!$AF$7)*OFFSET(ORÇAMENTO!$W$15,ROW(AK16)-ROW(AK$15),0),15-13*ORÇAMENTO!$AF$11)),0)","v":0},null,{"$f":"IF($D16<>\"Serviço\",0,IF(AND(AUTOEVENTO=\"Manual\",$M16=1),0,IF(OFFSET(CRONOPLE!$F$14,$M16,AM$13)=\"\",10^12,OFFSET(CRONOPLE!$F$14,$M16,AM$13))))","v":0},{"$f":"IF($D16<>\"Serviço\",0,IF(AND(AUTOEVENTO=\"Manual\",$M16=1),0,IF(OFFSET(CRONOPLE!$F$14,$M16,AN$13)=\"\",10^12,OFFSET(CRONOPLE!$F$14,$M16,AN$13))))","v":0},{"$f":"IF($D16<>\"Serviço\",0,IF(AND(AUTOEVENTO=\"Manual\",$M16=1),0,IF(OFFSET(CRONOPLE!$F$14,$M16,AO$13)=\"\",10^12,OFFSET(CRONOPLE!$F$14,$M16,AO$13))))","v":0},{"$f":"IF($D16<>\"Serviço\",0,IF(AND(AUTOEVENTO=\"Manual\",$M16=1),0,IF(OFFSET(CRONOPLE!$F$14,$M16,AP$13)=\"\",10^12,OFFSET(CRONOPLE!$F$14,$M16,AP$13))))","v":0},{"$f":"IF($D16<>\"Serviço\",0,IF(AND(AUTOEVENTO=\"Manual\",$M16=1),0,IF(OFFSET(CRONOPLE!$F$14,$M16,AQ$13)=\"\",10^12,OFFSET(CRONOPLE!$F$14,$M16,AQ$13))))","v":0},{"$f":"IF($D16<>\"Serviço\",0,IF(AND(AUTOEVENTO=\"Manual\",$M16=1),0,IF(OFFSET(CRONOPLE!$F$14,$M16,AR$13)=\"\",10^12,OFFSET(CRONOPLE!$F$14,$M16,AR$13))))","v":0},{"$f":"IF($D16<>\"Serviço\",0,IF(AND(AUTOEVENTO=\"Manual\",$M16=1),0,IF(OFFSET(CRONOPLE!$F$14,$M16,AS$13)=\"\",10^12,OFFSET(CRONOPLE!$F$14,$M16,AS$13))))","v":0},{"$f":"IF($D16<>\"Serviço\",0,IF(AND(AUTOEVENTO=\"Manual\",$M16=1),0,IF(OFFSET(CRONOPLE!$F$14,$M16,AT$13)=\"\",10^12,OFFSET(CRONOPLE!$F$14,$M16,AT$13))))","v":0},{"$f":"IF($D16<>\"Serviço\",0,IF(AND(AUTOEVENTO=\"Manual\",$M16=1),0,IF(OFFSET(CRONOPLE!$F$14,$M16,AU$13)=\"\",10^12,OFFSET(CRONOPLE!$F$14,$M16,AU$13))))","v":0},{"$f":"IF($D16<>\"Serviço\",0,IF(AND(AUTOEVENTO=\"Manual\",$M16=1),0,IF(OFFSET(CRONOPLE!$F$14,$M16,AV$13)=\"\",10^12,OFFSET(CRONOPLE!$F$14,$M16,AV$13))))","v":0},null,{"$f":"IF($D16<>\"Serviço\",0,IF(OR(AND(AUTOEVENTO=\"Manual\",$M16=1),$M16>(ROW(PLE.lastrow)-ROW(PLE.firstrow))),0,IF(OFFSET(PLE!$G$14,$M16,AX$13)=\"\",10^12,OFFSET(PLE!$G$14,$M16,AX$13))))","v":0},{"$f":"IF($D16<>\"Serviço\",0,IF(OR(AND(AUTOEVENTO=\"Manual\",$M16=1),$M16>(ROW(PLE.lastrow)-ROW(PLE.firstrow))),0,IF(OFFSET(PLE!$G$14,$M16,AY$13)=\"\",10^12,OFFSET(PLE!$G$14,$M16,AY$13))))","v":0},{"$f":"IF($D16<>\"Serviço\",0,IF(OR(AND(AUTOEVENTO=\"Manual\",$M16=1),$M16>(ROW(PLE.lastrow)-ROW(PLE.firstrow))),0,IF(OFFSET(PLE!$G$14,$M16,AZ$13)=\"\",10^12,OFFSET(PLE!$G$14,$M16,AZ$13))))","v":0},{"$f":"IF($D16<>\"Serviço\",0,IF(OR(AND(AUTOEVENTO=\"Manual\",$M16=1),$M16>(ROW(PLE.lastrow)-ROW(PLE.firstrow))),0,IF(OFFSET(PLE!$G$14,$M16,BA$13)=\"\",10^12,OFFSET(PLE!$G$14,$M16,BA$13))))","v":0},{"$f":"IF($D16<>\"Serviço\",0,IF(OR(AND(AUTOEVENTO=\"Manual\",$M16=1),$M16>(ROW(PLE.lastrow)-ROW(PLE.firstrow))),0,IF(OFFSET(PLE!$G$14,$M16,BB$13)=\"\",10^12,OFFSET(PLE!$G$14,$M16,BB$13))))","v":0},{"$f":"IF($D16<>\"Serviço\",0,IF(OR(AND(AUTOEVENTO=\"Manual\",$M16=1),$M16>(ROW(PLE.lastrow)-ROW(PLE.firstrow))),0,IF(OFFSET(PLE!$G$14,$M16,BC$13)=\"\",10^12,OFFSET(PLE!$G$14,$M16,BC$13))))","v":0},{"$f":"IF($D16<>\"Serviço\",0,IF(OR(AND(AUTOEVENTO=\"Manual\",$M16=1),$M16>(ROW(PLE.lastrow)-ROW(PLE.firstrow))),0,IF(OFFSET(PLE!$G$14,$M16,BD$13)=\"\",10^12,OFFSET(PLE!$G$14,$M16,BD$13))))","v":0},{"$f":"IF($D16<>\"Serviço\",0,IF(OR(AND(AUTOEVENTO=\"Manual\",$M16=1),$M16>(ROW(PLE.lastrow)-ROW(PLE.firstrow))),0,IF(OFFSET(PLE!$G$14,$M16,BE$13)=\"\",10^12,OFFSET(PLE!$G$14,$M16,BE$13))))","v":0},{"$f":"IF($D16<>\"Serviço\",0,IF(OR(AND(AUTOEVENTO=\"Manual\",$M16=1),$M16>(ROW(PLE.lastrow)-ROW(PLE.firstrow))),0,IF(OFFSET(PLE!$G$14,$M16,BF$13)=\"\",10^12,OFFSET(PLE!$G$14,$M16,BF$13))))","v":0},{"$f":"IF($D16<>\"Serviço\",0,IF(OR(AND(AUTOEVENTO=\"Manual\",$M16=1),$M16>(ROW(PLE.lastrow)-ROW(PLE.firstrow))),0,IF(OFFSET(PLE!$G$14,$M16,BG$13)=\"\",10^12,OFFSET(PLE!$G$14,$M16,BG$13))))","v":0}]
["2.",{"$f":"OFFSET(ORÇAMENTO!C$15,ROW(B17)-ROW(B$15),0)","v":2},{"$f":"OFFSET(ORÇAMENTO!L$15,ROW(C17)-ROW(C$15),0)","v":"F"},{"$f":"OFFSET(ORÇAMENTO!N$15,ROW(D17)-ROW(D$15),0)","v":"Nível 2"},{"$f":"OFFSET(ORÇAMENTO!O$15,ROW(E17)-ROW(E$15),0)","v":"1.1."},{"$f":"OFFSET(ORÇAMENTO!R$15,ROW(F17)-ROW(F$15),0)","v":"SERVIÇOS PRELIMINARES"},{"$f":"IF($D17<>\"Serviço\",\"\",OFFSET(ORÇAMENTO!S$15,ROW(G17)-ROW(G$15),0))","v":""},{"$f":"IF($D17<>\"Serviço\",0,IF(ACOMPANHAMENTO=\"BM\",ROUND(OFFSET(ORÇAMENTO!AJ$15,ROW(H17)-ROW(H$15),0),15-13*ORÇAMENTO!$AF$7),SUMPRODUCT(($Q$12:$AA$12<>\"\")*ROUND($Q17:$AA17,15-13*ORÇAMENTO!$AF$7))))","v":0},null,null,null,".",{"$f":"IF($D17<>\"Serviço\",\"\",IF(AUTOEVENTO=\"manual\",$A17,IF(ISERROR(MATCH($A17,$A$15:OFFSET($A17,-1,0),0)),MAX($M$15:OFFSET(M17,-1,0))+1,INDEX($M$15:OFFSET(M17,-1,0),MATCH($A17,$A$15:OFFSET($A17,-1,0),0)))))","v":""},{"$f":"IF($D17<>\"Serviço\",\"\",IF(AUTOEVENTO=\"Manual\",IF($A17=0,\"<-- defina o número do agrupador\",OFFSET(EVENTOS!$D$14,$A17,0)),OFFSET($F$15,$A17,0)))","v":""},null,null,null,null,null,null,null,null,null,null,null,null,null,{"$f":"IF(AND($D17=\"Serviço\",AB$12<>0,$H17>0,OR(AUTOEVENTO<>\"manual\",$M17<>1)),\nIF(Import.TipoArredondamento<>\"TransfereGOV\",\nROUND(OFFSET($P17,0,AB$13),15-13*ORÇAMENTO!$AF$7)/$H17*OFFSET(ORÇAMENTO!$X$15,ROW(AB17)-ROW(AB$15),0),\nROUND(ROUND(OFFSET($P17,0,AB$13),15-13*ORÇAMENTO!$AF$7)*OFFSET(ORÇAMENTO!$W$15,ROW(AB17)-ROW(AB$15),0),15-13*ORÇAMENTO!$AF$11)),0)","v":0},{"$f":"IF(AND($D17=\"Serviço\",AC$12<>0,$H17>0,OR(AUTOEVENTO<>\"manual\",$M17<>1)),\nIF(Import.TipoArredondamento<>\"TransfereGOV\",\nROUND(OFFSET($P17,0,AC$13),15-13*ORÇAMENTO!$AF$7)/$H17*OFFSET(ORÇAMENTO!$X$15,ROW(AC17)-ROW(AC$15),0),\nROUND(ROUND(OFFSET($P17,0,AC$13),15-13*ORÇAMENTO!$AF$7)*OFFSET(ORÇAMENTO!$W$15,ROW(AC17)-ROW(AC$15),0),15-13*ORÇAMENTO!$AF$11)),0)","v":0},{"$f":"IF(AND($D17=\"Serviço\",AD$12<>0,$H17>0,OR(AUTOEVENTO<>\"manual\",$M17<>1)),\nIF(Import.TipoArredondamento<>\"TransfereGOV\",\nROUND(OFFSET($P17,0,AD$13),15-13*ORÇAMENTO!$AF$7)/$H17*OFFSET(ORÇAMENTO!$X$15,ROW(AD17)-ROW(AD$15),0),\nROUND(ROUND(OFFSET($P17,0,AD$13),15-13*ORÇAMENTO!$AF$7)*OFFSET(ORÇAMENTO!$W$15,ROW(AD17)-ROW(AD$15),0),15-13*ORÇAMENTO!$AF$11)),0)","v":0},{"$f":"IF(AND($D17=\"Serviço\",AE$12<>0,$H17>0,OR(AUTOEVENTO<>\"manual\",$M17<>1)),\nIF(Import.TipoArredondamento<>\"TransfereGOV\",\nROUND(OFFSET($P17,0,AE$13),15-13*ORÇAMENTO!$AF$7)/$H17*OFFSET(ORÇAMENTO!$X$15,ROW(AE17)-ROW(AE$15),0),\nROUND(ROUND(OFFSET($P17,0,AE$13),15-13*ORÇAMENTO!$AF$7)*OFFSET(ORÇAMENTO!$W$15,ROW(AE17)-ROW(AE$15),0),15-13*ORÇAMENTO!$AF$11)),0)","v":0},{"$f":"IF(AND($D17=\"Serviço\",AF$12<>0,$H17>0,OR(AUTOEVENTO<>\"manual\",$M17<>1)),\nIF(Import.TipoArredondamento<>\"TransfereGOV\",\nROUND(OFFSET($P17,0,AF$13),15-13*ORÇAMENTO!$AF$7)/$H17*OFFSET(ORÇAMENTO!$X$15,ROW(AF17)-ROW(AF$15),0),\nROUND(ROUND(OFFSET($P17,0,AF$13),15-13*ORÇAMENTO!$AF$7)*OFFSET(ORÇAMENTO!$W$15,ROW(AF17)-ROW(AF$15),0),15-13*ORÇAMENTO!$AF$11)),0)","v":0},{"$f":"IF(AND($D17=\"Serviço\",AG$12<>0,$H17>0,OR(AUTOEVENTO<>\"manual\",$M17<>1)),\nIF(Import.TipoArredondamento<>\"TransfereGOV\",\nROUND(OFFSET($P17,0,AG$13),15-13*ORÇAMENTO!$AF$7)/$H17*OFFSET(ORÇAMENTO!$X$15,ROW(AG17)-ROW(AG$15),0),\nROUND(ROUND(OFFSET($P17,0,AG$13),15-13*ORÇAMENTO!$AF$7)*OFFSET(ORÇAMENTO!$W$15,ROW(AG17)-ROW(AG$15),0),15-13*ORÇAMENTO!$AF$11)),0)","v":0},{"$f":"IF(AND($D17=\"Serviço\",AH$12<>0,$H17>0,OR(AUTOEVENTO<>\"manual\",$M17<>1)),\nIF(Import.TipoArredondamento<>\"TransfereGOV\",\nROUND(OFFSET($P17,0,AH$13),15-13*ORÇAMENTO!$AF$7)/$H17*OFFSET(ORÇAMENTO!$X$15,ROW(AH17)-ROW(AH$15),0),\nROUND(ROUND(OFFSET($P17,0,AH$13),15-13*ORÇAMENTO!$AF$7)*OFFSET(ORÇAMENTO!$W$15,ROW(AH17)-ROW(AH$15),0),15-13*ORÇAMENTO!$AF$11)),0)","v":0},{"$f":"IF(AND($D17=\"Serviço\",AI$12<>0,$H17>0,OR(AUTOEVENTO<>\"manual\",$M17<>1)),\nIF(Import.TipoArredondamento<>\"TransfereGOV\",\nROUND(OFFSET($P17,0,AI$13),15-13*ORÇAMENTO!$AF$7)/$H17*OFFSET(ORÇAMENTO!$X$15,ROW(AI17)-ROW(AI$15),0),\nROUND(ROUND(OFFSET($P17,0,AI$13),15-13*ORÇAMENTO!$AF$7)*OFFSET(ORÇAMENTO!$W$15,ROW(AI17)-ROW(AI$15),0),15-13*ORÇAMENTO!$AF$11)),0)","v":0},{"$f":"IF(AND($D17=\"Serviço\",AJ$12<>0,$H17>0,OR(AUTOEVENTO<>\"manual\",$M17<>1)),\nIF(Import.TipoArredondamento<>\"TransfereGOV\",\nROUND(OFFSET($P17,0,AJ$13),15-13*ORÇAMENTO!$AF$7)/$H17*OFFSET(ORÇAMENTO!$X$15,ROW(AJ17)-ROW(AJ$15),0),\nROUND(ROUND(OFFSET($P17,0,AJ$13),15-13*ORÇAMENTO!$AF$7)*OFFSET(ORÇAMENTO!$W$15,ROW(AJ17)-ROW(AJ$15),0),15-13*ORÇAMENTO!$AF$11)),0)","v":0},{"$f":"IF(AND($D17=\"Serviço\",AK$12<>0,$H17>0,OR(AUTOEVENTO<>\"manual\",$M17<>1)),\nIF(Import.TipoArredondamento<>\"TransfereGOV\",\nROUND(OFFSET($P17,0,AK$13),15-13*ORÇAMENTO!$AF$7)/$H17*OFFSET(ORÇAMENTO!$X$15,ROW(AK17)-ROW(AK$15),0),\nROUND(ROUND(OFFSET($P17,0,AK$13),15-13*ORÇAMENTO!$AF$7)*OFFSET(ORÇAMENTO!$W$15,ROW(AK17)-ROW(AK$15),0),15-13*ORÇAMENTO!$AF$11)),0)","v":0},null,{"$f":"IF($D17<>\"Serviço\",0,IF(AND(AUTOEVENTO=\"Manual\",$M17=1),0,IF(OFFSET(CRONOPLE!$F$14,$M17,AM$13)=\"\",10^12,OFFSET(CRONOPLE!$F$14,$M17,AM$13))))","v":0},{"$f":"IF($D17<>\"Serviço\",0,IF(AND(AUTOEVENTO=\"Manual\",$M17=1),0,IF(OFFSET(CRONOPLE!$F$14,$M17,AN$13)=\"\",10^12,OFFSET(CRONOPLE!$F$14,$M17,AN$13))))","v":0},{"$f":"IF($D17<>\"Serviço\",0,IF(AND(AUTOEVENTO=\"Manual\",$M17=1),0,IF(OFFSET(CRONOPLE!$F$14,$M17,AO$13)=\"\",10^12,OFFSET(CRONOPLE!$F$14,$M17,AO$13))))","v":0},{"$f":"IF($D17<>\"Serviço\",0,IF(AND(AUTOEVENTO=\"Manual\",$M17=1),0,IF(OFFSET(CRONOPLE!$F$14,$M17,AP$13)=\"\",10^12,OFFSET(CRONOPLE!$F$14,$M17,AP$13))))","v":0},{"$f":"IF($D17<>\"Serviço\",0,IF(AND(AUTOEVENTO=\"Manual\",$M17=1),0,IF(OFFSET(CRONOPLE!$F$14,$M17,AQ$13)=\"\",10^12,OFFSET(CRONOPLE!$F$14,$M17,AQ$13))))","v":0},{"$f":"IF($D17<>\"Serviço\",0,IF(AND(AUTOEVENTO=\"Manual\",$M17=1),0,IF(OFFSET(CRONOPLE!$F$14,$M17,AR$13)=\"\",10^12,OFFSET(CRONOPLE!$F$14,$M17,AR$13))))","v":0},{"$f":"IF($D17<>\"Serviço\",0,IF(AND(AUTOEVENTO=\"Manual\",$M17=1),0,IF(OFFSET(CRONOPLE!$F$14,$M17,AS$13)=\"\",10^12,OFFSET(CRONOPLE!$F$14,$M17,AS$13))))","v":0},{"$f":"IF($D17<>\"Serviço\",0,IF(AND(AUTOEVENTO=\"Manual\",$M17=1),0,IF(OFFSET(CRONOPLE!$F$14,$M17,AT$13)=\"\",10^12,OFFSET(CRONOPLE!$F$14,$M17,AT$13))))","v":0},{"$f":"IF($D17<>\"Serviço\",0,IF(AND(AUTOEVENTO=\"Manual\",$M17=1),0,IF(OFFSET(CRONOPLE!$F$14,$M17,AU$13)=\"\",10^12,OFFSET(CRONOPLE!$F$14,$M17,AU$13))))","v":0},{"$f":"IF($D17<>\"Serviço\",0,IF(AND(AUTOEVENTO=\"Manual\",$M17=1),0,IF(OFFSET(CRONOPLE!$F$14,$M17,AV$13)=\"\",10^12,OFFSET(CRONOPLE!$F$14,$M17,AV$13))))","v":0},null,{"$f":"IF($D17<>\"Serviço\",0,IF(OR(AND(AUTOEVENTO=\"Manual\",$M17=1),$M17>(ROW(PLE.lastrow)-ROW(PLE.firstrow))),0,IF(OFFSET(PLE!$G$14,$M17,AX$13)=\"\",10^12,OFFSET(PLE!$G$14,$M17,AX$13))))","v":0},{"$f":"IF($D17<>\"Serviço\",0,IF(OR(AND(AUTOEVENTO=\"Manual\",$M17=1),$M17>(ROW(PLE.lastrow)-ROW(PLE.firstrow))),0,IF(OFFSET(PLE!$G$14,$M17,AY$13)=\"\",10^12,OFFSET(PLE!$G$14,$M17,AY$13))))","v":0},{"$f":"IF($D17<>\"Serviço\",0,IF(OR(AND(AUTOEVENTO=\"Manual\",$M17=1),$M17>(ROW(PLE.lastrow)-ROW(PLE.firstrow))),0,IF(OFFSET(PLE!$G$14,$M17,AZ$13)=\"\",10^12,OFFSET(PLE!$G$14,$M17,AZ$13))))","v":0},{"$f":"IF($D17<>\"Serviço\",0,IF(OR(AND(AUTOEVENTO=\"Manual\",$M17=1),$M17>(ROW(PLE.lastrow)-ROW(PLE.firstrow))),0,IF(OFFSET(PLE!$G$14,$M17,BA$13)=\"\",10^12,OFFSET(PLE!$G$14,$M17,BA$13))))","v":0},{"$f":"IF($D17<>\"Serviço\",0,IF(OR(AND(AUTOEVENTO=\"Manual\",$M17=1),$M17>(ROW(PLE.lastrow)-ROW(PLE.firstrow))),0,IF(OFFSET(PLE!$G$14,$M17,BB$13)=\"\",10^12,OFFSET(PLE!$G$14,$M17,BB$13))))","v":0},{"$f":"IF($D17<>\"Serviço\",0,IF(OR(AND(AUTOEVENTO=\"Manual\",$M17=1),$M17>(ROW(PLE.lastrow)-ROW(PLE.firstrow))),0,IF(OFFSET(PLE!$G$14,$M17,BC$13)=\"\",10^12,OFFSET(PLE!$G$14,$M17,BC$13))))","v":0},{"$f":"IF($D17<>\"Serviço\",0,IF(OR(AND(AUTOEVENTO=\"Manual\",$M17=1),$M17>(ROW(PLE.lastrow)-ROW(PLE.firstrow))),0,IF(OFFSET(PLE!$G$14,$M17,BD$13)=\"\",10^12,OFFSET(PLE!$G$14,$M17,BD$13))))","v":0},{"$f":"IF($D17<>\"Serviço\",0,IF(OR(AND(AUTOEVENTO=\"Manual\",$M17=1),$M17>(ROW(PLE.lastrow)-ROW(PLE.firstrow))),0,IF(OFFSET(PLE!$G$14,$M17,BE$13)=\"\",10^12,OFFSET(PLE!$G$14,$M17,BE$13))))","v":0},{"$f":"IF($D17<>\"Serviço\",0,IF(OR(AND(AUTOEVENTO=\"Manual\",$M17=1),$M17>(ROW(PLE.lastrow)-ROW(PLE.firstrow))),0,IF(OFFSET(PLE!$G$14,$M17,BF$13)=\"\",10^12,OFFSET(PLE!$G$14,$M17,BF$13))))","v":0},{"$f":"IF($D17<>\"Serviço\",0,IF(OR(AND(AUTOEVENTO=\"Manual\",$M17=1),$M17>(ROW(PLE.lastrow)-ROW(PLE.firstrow))),0,IF(OFFSET(PLE!$G$14,$M17,BG$13)=\"\",10^12,OFFSET(PLE!$G$14,$M17,BG$13))))","v":0}]
["2",{"$f":"OFFSET(ORÇAMENTO!C$15,ROW(B18)-ROW(B$15),0)","v":"S"},{"$f":"OFFSET(ORÇAMENTO!L$15,ROW(C18)-ROW(C$15),0)","v":"F"},{"$f":"OFFSET(ORÇAMENTO!N$15,ROW(D18)-ROW(D$15),0)","v":"Serviço"},{"$f":"OFFSET(ORÇAMENTO!O$15,ROW(E18)-ROW(E$15),0)","v":"1.1.0.0.1."},{"$f":"OFFSET(ORÇAMENTO!R$15,ROW(F18)-ROW(F$15),0)","v":"LOCAÇÃO CONVENCIONAL DE OBRA, UTILIZANDO GABARITO DE TÁBUAS CORRIDAS PONTALETADAS A CADA 2,00M -  2 UTILIZAÇÕES. AF_03/2024"},{"$f":"IF($D18<>\"Serviço\",\"\",OFFSET(ORÇAMENTO!S$15,ROW(G18)-ROW(G$15),0))","v":"M"},{"$f":"IF($D18<>\"Serviço\",0,IF(ACOMPANHAMENTO=\"BM\",ROUND(OFFSET(ORÇAMENTO!AJ$15,ROW(H18)-ROW(H$15),0),15-13*ORÇAMENTO!$AF$7),SUMPRODUCT(($Q$12:$AA$12<>\"\")*ROUND($Q18:$AA18,15-13*ORÇAMENTO!$AF$7))))","v":143.06},null,null,null,".",{"$f":"IF($D18<>\"Serviço\",\"\",IF(AUTOEVENTO=\"manual\",$A18,IF(ISERROR(MATCH($A18,$A$15:OFFSET($A18,-1,0),0)),MAX($M$15:OFFSET(M18,-1,0))+1,INDEX($M$15:OFFSET(M18,-1,0),MATCH($A18,$A$15:OFFSET($A18,-1,0),0)))))","v":2},{"$f":"IF($D18<>\"Serviço\",\"\",IF(AUTOEVENTO=\"Manual\",IF($A18=0,\"<-- defina o número do agrupador\",OFFSET(EVENTOS!$D$14,$A18,0)),OFFSET($F$15,$A18,0)))","v":"SERVIÇOS PRELIMINARES"},null,null,null,null,null,null,null,null,null,null,null,null,null,{"$f":"IF(AND($D18=\"Serviço\",AB$12<>0,$H18>0,OR(AUTOEVENTO<>\"manual\",$M18<>1)),\nIF(Import.TipoArredondamento<>\"TransfereGOV\",\nROUND(OFFSET($P18,0,AB$13),15-13*ORÇAMENTO!$AF$7)/$H18*OFFSET(ORÇAMENTO!$X$15,ROW(AB18)-ROW(AB$15),0),\nROUND(ROUND(OFFSET($P18,0,AB$13),15-13*ORÇAMENTO!$AF$7)*OFFSET(ORÇAMENTO!$W$15,ROW(AB18)-ROW(AB$15),0),15-13*ORÇAMENTO!$AF$11)),0)","v":0},{"$f":"IF(AND($D18=\"Serviço\",AC$12<>0,$H18>0,OR(AUTOEVENTO<>\"manual\",$M18<>1)),\nIF(Import.TipoArredondamento<>\"TransfereGOV\",\nROUND(OFFSET($P18,0,AC$13),15-13*ORÇAMENTO!$AF$7)/$H18*OFFSET(ORÇAMENTO!$X$15,ROW(AC18)-ROW(AC$15),0),\nROUND(ROUND(OFFSET($P18,0,AC$13),15-13*ORÇAMENTO!$AF$7)*OFFSET(ORÇAMENTO!$W$15,ROW(AC18)-ROW(AC$15),0),15-13*ORÇAMENTO!$AF$11)),0)","v":0},{"$f":"IF(AND($D18=\"Serviço\",AD$12<>0,$H18>0,OR(AUTOEVENTO<>\"manual\",$M18<>1)),\nIF(Import.TipoArredondamento<>\"TransfereGOV\",\nROUND(OFFSET($P18,0,AD$13),15-13*ORÇAMENTO!$AF$7)/$H18*OFFSET(ORÇAMENTO!$X$15,ROW(AD18)-ROW(AD$15),0),\nROUND(ROUND(OFFSET($P18,0,AD$13),15-13*ORÇAMENTO!$AF$7)*OFFSET(ORÇAMENTO!$W$15,ROW(AD18)-ROW(AD$15),0),15-13*ORÇAMENTO!$AF$11)),0)","v":0},{"$f":"IF(AND($D18=\"Serviço\",AE$12<>0,$H18>0,OR(AUTOEVENTO<>\"manual\",$M18<>1)),\nIF(Import.TipoArredondamento<>\"TransfereGOV\",\nROUND(OFFSET($P18,0,AE$13),15-13*ORÇAMENTO!$AF$7)/$H18*OFFSET(ORÇAMENTO!$X$15,ROW(AE18)-ROW(AE$15),0),\nROUND(ROUND(OFFSET($P18,0,AE$13),15-13*ORÇAMENTO!$AF$7)*OFFSET(ORÇAMENTO!$W$15,ROW(AE18)-ROW(AE$15),0),15-13*ORÇAMENTO!$AF$11)),0)","v":0},{"$f":"IF(AND($D18=\"Serviço\",AF$12<>0,$H18>0,OR(AUTOEVENTO<>\"manual\",$M18<>1)),\nIF(Import.TipoArredondamento<>\"TransfereGOV\",\nROUND(OFFSET($P18,0,AF$13),15-13*ORÇAMENTO!$AF$7)/$H18*OFFSET(ORÇAMENTO!$X$15,ROW(AF18)-ROW(AF$15),0),\nROUND(ROUND(OFFSET($P18,0,AF$13),15-13*ORÇAMENTO!$AF$7)*OFFSET(ORÇAMENTO!$W$15,ROW(AF18)-ROW(AF$15),0),15-13*ORÇAMENTO!$AF$11)),0)","v":0},{"$f":"IF(AND($D18=\"Serviço\",AG$12<>0,$H18>0,OR(AUTOEVENTO<>\"manual\",$M18<>1)),\nIF(Import.TipoArredondamento<>\"TransfereGOV\",\nROUND(OFFSET($P18,0,AG$13),15-13*ORÇAMENTO!$AF$7)/$H18*OFFSET(ORÇAMENTO!$X$15,ROW(AG18)-ROW(AG$15),0),\nROUND(ROUND(OFFSET($P18,0,AG$13),15-13*ORÇAMENTO!$AF$7)*OFFSET(ORÇAMENTO!$W$15,ROW(AG18)-ROW(AG$15),0),15-13*ORÇAMENTO!$AF$11)),0)","v":0},{"$f":"IF(AND($D18=\"Serviço\",AH$12<>0,$H18>0,OR(AUTOEVENTO<>\"manual\",$M18<>1)),\nIF(Import.TipoArredondamento<>\"TransfereGOV\",\nROUND(OFFSET($P18,0,AH$13),15-13*ORÇAMENTO!$AF$7)/$H18*OFFSET(ORÇAMENTO!$X$15,ROW(AH18)-ROW(AH$15),0),\nROUND(ROUND(OFFSET($P18,0,AH$13),15-13*ORÇAMENTO!$AF$7)*OFFSET(ORÇAMENTO!$W$15,ROW(AH18)-ROW(AH$15),0),15-13*ORÇAMENTO!$AF$11)),0)","v":0},{"$f":"IF(AND($D18=\"Serviço\",AI$12<>0,$H18>0,OR(AUTOEVENTO<>\"manual\",$M18<>1)),\nIF(Import.TipoArredondamento<>\"TransfereGOV\",\nROUND(OFFSET($P18,0,AI$13),15-13*ORÇAMENTO!$AF$7)/$H18*OFFSET(ORÇAMENTO!$X$15,ROW(AI18)-ROW(AI$15),0),\nROUND(ROUND(OFFSET($P18,0,AI$13),15-13*ORÇAMENTO!$AF$7)*OFFSET(ORÇAMENTO!$W$15,ROW(AI18)-ROW(AI$15),0),15-13*ORÇAMENTO!$AF$11)),0)","v":0},{"$f":"IF(AND($D18=\"Serviço\",AJ$12<>0,$H18>0,OR(AUTOEVENTO<>\"manual\",$M18<>1)),\nIF(Import.TipoArredondamento<>\"TransfereGOV\",\nROUND(OFFSET($P18,0,AJ$13),15-13*ORÇAMENTO!$AF$7)/$H18*OFFSET(ORÇAMENTO!$X$15,ROW(AJ18)-ROW(AJ$15),0),\nROUND(ROUND(OFFSET($P18,0,AJ$13),15-13*ORÇAMENTO!$AF$7)*OFFSET(ORÇAMENTO!$W$15,ROW(AJ18)-ROW(AJ$15),0),15-13*ORÇAMENTO!$AF$11)),0)","v":0},{"$f":"IF(AND($D18=\"Serviço\",AK$12<>0,$H18>0,OR(AUTOEVENTO<>\"manual\",$M18<>1)),\nIF(Import.TipoArredondamento<>\"TransfereGOV\",\nROUND(OFFSET($P18,0,AK$13),15-13*ORÇAMENTO!$AF$7)/$H18*OFFSET(ORÇAMENTO!$X$15,ROW(AK18)-ROW(AK$15),0),\nROUND(ROUND(OFFSET($P18,0,AK$13),15-13*ORÇAMENTO!$AF$7)*OFFSET(ORÇAMENTO!$W$15,ROW(AK18)-ROW(AK$15),0),15-13*ORÇAMENTO!$AF$11)),0)","v":0},null,{"$f":"IF($D18<>\"Serviço\",0,IF(AND(AUTOEVENTO=\"Manual\",$M18=1),0,IF(OFFSET(CRONOPLE!$F$14,$M18,AM$13)=\"\",10^12,OFFSET(CRONOPLE!$F$14,$M18,AM$13))))","v":1000000000000},{"$f":"IF($D18<>\"Serviço\",0,IF(AND(AUTOEVENTO=\"Manual\",$M18=1),0,IF(OFFSET(CRONOPLE!$F$14,$M18,AN$13)=\"\",10^12,OFFSET(CRONOPLE!$F$14,$M18,AN$13))))","v":1000000000000},{"$f":"IF($D18<>\"Serviço\",0,IF(AND(AUTOEVENTO=\"Manual\",$M18=1),0,IF(OFFSET(CRONOPLE!$F$14,$M18,AO$13)=\"\",10^12,OFFSET(CRONOPLE!$F$14,$M18,AO$13))))","v":1000000000000},{"$f":"IF($D18<>\"Serviço\",0,IF(AND(AUTOEVENTO=\"Manual\",$M18=1),0,IF(OFFSET(CRONOPLE!$F$14,$M18,AP$13)=\"\",10^12,OFFSET(CRONOPLE!$F$14,$M18,AP$13))))","v":1000000000000},{"$f":"IF($D18<>\"Serviço\",0,IF(AND(AUTOEVENTO=\"Manual\",$M18=1),0,IF(OFFSET(CRONOPLE!$F$14,$M18,AQ$13)=\"\",10^12,OFFSET(CRONOPLE!$F$14,$M18,AQ$13))))","v":1000000000000},{"$f":"IF($D18<>\"Serviço\",0,IF(AND(AUTOEVENTO=\"Manual\",$M18=1),0,IF(OFFSET(CRONOPLE!$F$14,$M18,AR$13)=\"\",10^12,OFFSET(CRONOPLE!$F$14,$M18,AR$13))))","v":1000000000000},{"$f":"IF($D18<>\"Serviço\",0,IF(AND(AUTOEVENTO=\"Manual\",$M18=1),0,IF(OFFSET(CRONOPLE!$F$14,$M18,AS$13)=\"\",10^12,OFFSET(CRONOPLE!$F$14,$M18,AS$13))))","v":1000000000000},{"$f":"IF($D18<>\"Serviço\",0,IF(AND(AUTOEVENTO=\"Manual\",$M18=1),0,IF(OFFSET(CRONOPLE!$F$14,$M18,AT$13)=\"\",10^12,OFFSET(CRONOPLE!$F$14,$M18,AT$13))))","v":1000000000000},{"$f":"IF($D18<>\"Serviço\",0,IF(AND(AUTOEVENTO=\"Manual\",$M18=1),0,IF(OFFSET(CRONOPLE!$F$14,$M18,AU$13)=\"\",10^12,OFFSET(CRONOPLE!$F$14,$M18,AU$13))))","v":1000000000000},{"$f":"IF($D18<>\"Serviço\",0,IF(AND(AUTOEVENTO=\"Manual\",$M18=1),0,IF(OFFSET(CRONOPLE!$F$14,$M18,AV$13)=\"\",10^12,OFFSET(CRONOPLE!$F$14,$M18,AV$13))))","v":1000000000000},null,{"$f":"IF($D18<>\"Serviço\",0,IF(OR(AND(AUTOEVENTO=\"Manual\",$M18=1),$M18>(ROW(PLE.lastrow)-ROW(PLE.firstrow))),0,IF(OFFSET(PLE!$G$14,$M18,AX$13)=\"\",10^12,OFFSET(PLE!$G$14,$M18,AX$13))))","v":1000000000000},{"$f":"IF($D18<>\"Serviço\",0,IF(OR(AND(AUTOEVENTO=\"Manual\",$M18=1),$M18>(ROW(PLE.lastrow)-ROW(PLE.firstrow))),0,IF(OFFSET(PLE!$G$14,$M18,AY$13)=\"\",10^12,OFFSET(PLE!$G$14,$M18,AY$13))))","v":1000000000000},{"$f":"IF($D18<>\"Serviço\",0,IF(OR(AND(AUTOEVENTO=\"Manual\",$M18=1),$M18>(ROW(PLE.lastrow)-ROW(PLE.firstrow))),0,IF(OFFSET(PLE!$G$14,$M18,AZ$13)=\"\",10^12,OFFSET(PLE!$G$14,$M18,AZ$13))))","v":1000000000000},{"$f":"IF($D18<>\"Serviço\",0,IF(OR(AND(AUTOEVENTO=\"Manual\",$M18=1),$M18>(ROW(PLE.lastrow)-ROW(PLE.firstrow))),0,IF(OFFSET(PLE!$G$14,$M18,BA$13)=\"\",10^12,OFFSET(PLE!$G$14,$M18,BA$13))))","v":1000000000000},{"$f":"IF($D18<>\"Serviço\",0,IF(OR(AND(AUTOEVENTO=\"Manual\",$M18=1),$M18>(ROW(PLE.lastrow)-ROW(PLE.firstrow))),0,IF(OFFSET(PLE!$G$14,$M18,BB$13)=\"\",10^12,OFFSET(PLE!$G$14,$M18,BB$13))))","v":1000000000000},{"$f":"IF($D18<>\"Serviço\",0,IF(OR(AND(AUTOEVENTO=\"Manual\",$M18=1),$M18>(ROW(PLE.lastrow)-ROW(PLE.firstrow))),0,IF(OFFSET(PLE!$G$14,$M18,BC$13)=\"\",10^12,OFFSET(PLE!$G$14,$M18,BC$13))))","v":1000000000000},{"$f":"IF($D18<>\"Serviço\",0,IF(OR(AND(AUTOEVENTO=\"Manual\",$M18=1),$M18>(ROW(PLE.lastrow)-ROW(PLE.firstrow))),0,IF(OFFSET(PLE!$G$14,$M18,BD$13)=\"\",10^12,OFFSET(PLE!$G$14,$M18,BD$13))))","v":1000000000000},{"$f":"IF($D18<>\"Serviço\",0,IF(OR(AND(AUTOEVENTO=\"Manual\",$M18=1),$M18>(ROW(PLE.lastrow)-ROW(PLE.firstrow))),0,IF(OFFSET(PLE!$G$14,$M18,BE$13)=\"\",10^12,OFFSET(PLE!$G$14,$M18,BE$13))))","v":1000000000000},{"$f":"IF($D18<>\"Serviço\",0,IF(OR(AND(AUTOEVENTO=\"Manual\",$M18=1),$M18>(ROW(PLE.lastrow)-ROW(PLE.firstrow))),0,IF(OFFSET(PLE!$G$14,$M18,BF$13)=\"\",10^12,OFFSET(PLE!$G$14,$M18,BF$13))))","v":1000000000000},{"$f":"IF($D18<>\"Serviço\",0,IF(OR(AND(AUTOEVENTO=\"Manual\",$M18=1),$M18>(ROW(PLE.lastrow)-ROW(PLE.firstrow))),0,IF(OFFSET(PLE!$G$14,$M18,BG$13)=\"\",10^12,OFFSET(PLE!$G$14,$M18,BG$13))))","v":1000000000000}]
["2",{"$f":"OFFSET(ORÇAMENTO!C$15,ROW(B19)-ROW(B$15),0)","v":"S"},{"$f":"OFFSET(ORÇAMENTO!L$15,ROW(C19)-ROW(C$15),0)","v":"F"},{"$f":"OFFSET(ORÇAMENTO!N$15,ROW(D19)-ROW(D$15),0)","v":"Serviço"},{"$f":"OFFSET(ORÇAMENTO!O$15,ROW(E19)-ROW(E$15),0)","v":"1.1.0.0.2."},{"$f":"OFFSET(ORÇAMENTO!R$15,ROW(F19)-ROW(F$15),0)","v":"FORNECIMENTO E INSTALAÇÃO DE PLACA DE OBRA COM CHAPA GALVANIZADA E ESTRUTURA DE MADEIRA. AF_03/2022_PS"},{"$f":"IF($D19<>\"Serviço\",\"\",OFFSET(ORÇAMENTO!S$15,ROW(G19)-ROW(G$15),0))","v":"M2"},{"$f":"IF($D19<>\"Serviço\",0,IF(ACOMPANHAMENTO=\"BM\",ROUND(OFFSET(ORÇAMENTO!AJ$15,ROW(H19)-ROW(H$15),0),15-13*ORÇAMENTO!$AF$7),SUMPRODUCT(($Q$12:$AA$12<>\"\")*ROUND($Q19:$AA19,15-13*ORÇAMENTO!$AF$7))))","v":3.75},null,null,null,".",{"$f":"IF($D19<>\"Serviço\",\"\",IF(AUTOEVENTO=\"manual\",$A19,IF(ISERROR(MATCH($A19,$A$15:OFFSET($A19,-1,0),0)),MAX($M$15:OFFSET(M19,-1,0))+1,INDEX($M$15:OFFSET(M19,-1,0),MATCH($A19,$A$15:OFFSET($A19,-1,0),0)))))","v":2},{"$f":"IF($D19<>\"Serviço\",\"\",IF(AUTOEVENTO=\"Manual\",IF($A19=0,\"<-- defina o número do agrupador\",OFFSET(EVENTOS!$D$14,$A19,0)),OFFSET($F$15,$A19,0)))","v":"SERVIÇOS PRELIMINARES"},null,null,null,null,null,null,null,null,null,null,null,null,null,{"$f":"IF(AND($D19=\"Serviço\",AB$12<>0,$H19>0,OR(AUTOEVENTO<>\"manual\",$M19<>1)),\nIF(Import.TipoArredondamento<>\"TransfereGOV\",\nROUND(OFFSET($P19,0,AB$13),15-13*ORÇAMENTO!$AF$7)/$H19*OFFSET(ORÇAMENTO!$X$15,ROW(AB19)-ROW(AB$15),0),\nROUND(ROUND(OFFSET($P19,0,AB$13),15-13*ORÇAMENTO!$AF$7)*OFFSET(ORÇAMENTO!$W$15,ROW(AB19)-ROW(AB$15),0),15-13*ORÇAMENTO!$AF$11)),0)","v":0},{"$f":"IF(AND($D19=\"Serviço\",AC$12<>0,$H19>0,OR(AUTOEVENTO<>\"manual\",$M19<>1)),\nIF(Import.TipoArredondamento<>\"TransfereGOV\",\nROUND(OFFSET($P19,0,AC$13),15-13*ORÇAMENTO!$AF$7)/$H19*OFFSET(ORÇAMENTO!$X$15,ROW(AC19)-ROW(AC$15),0),\nROUND(ROUND(OFFSET($P19,0,AC$13),15-13*ORÇAMENTO!$AF$7)*OFFSET(ORÇAMENTO!$W$15,ROW(AC19)-ROW(AC$15),0),15-13*ORÇAMENTO!$AF$11)),0)","v":0},{"$f":"IF(AND($D19=\"Serviço\",AD$12<>0,$H19>0,OR(AUTOEVENTO<>\"manual\",$M19<>1)),\nIF(Import.TipoArredondamento<>\"TransfereGOV\",\nROUND(OFFSET($P19,0,AD$13),15-13*ORÇAMENTO!$AF$7)/$H19*OFFSET(ORÇAMENTO!$X$15,ROW(AD19)-ROW(AD$15),0),\nROUND(ROUND(OFFSET($P19,0,AD$13),15-13*ORÇAMENTO!$AF$7)*OFFSET(ORÇAMENTO!$W$15,ROW(AD19)-ROW(AD$15),0),15-13*ORÇAMENTO!$AF$11)),0)","v":0},{"$f":"IF(AND($D19=\"Serviço\",AE$12<>0,$H19>0,OR(AUTOEVENTO<>\"manual\",$M19<>1)),\nIF(Import.TipoArredondamento<>\"TransfereGOV\",\nROUND(OFFSET($P19,0,AE$13),15-13*ORÇAMENTO!$AF$7)/$H19*OFFSET(ORÇAMENTO!$X$15,ROW(AE19)-ROW(AE$15),0),\nROUND(ROUND(OFFSET($P19,0,AE$13),15-13*ORÇAMENTO!$AF$7)*OFFSET(ORÇAMENTO!$W$15,ROW(AE19)-ROW(AE$15),0),15-13*ORÇAMENTO!$AF$11)),0)","v":0},{"$f":"IF(AND($D19=\"Serviço\",AF$12<>0,$H19>0,OR(AUTOEVENTO<>\"manual\",$M19<>1)),\nIF(Import.TipoArredondamento<>\"TransfereGOV\",\nROUND(OFFSET($P19,0,AF$13),15-13*ORÇAMENTO!$AF$7)/$H19*OFFSET(ORÇAMENTO!$X$15,ROW(AF19)-ROW(AF$15),0),\nROUND(ROUND(OFFSET($P19,0,AF$13),15-13*ORÇAMENTO!$AF$7)*OFFSET(ORÇAMENTO!$W$15,ROW(AF19)-ROW(AF$15),0),15-13*ORÇAMENTO!$AF$11)),0)","v":0},{"$f":"IF(AND($D19=\"Serviço\",AG$12<>0,$H19>0,OR(AUTOEVENTO<>\"manual\",$M19<>1)),\nIF(Import.TipoArredondamento<>\"TransfereGOV\",\nROUND(OFFSET($P19,0,AG$13),15-13*ORÇAMENTO!$AF$7)/$H19*OFFSET(ORÇAMENTO!$X$15,ROW(AG19)-ROW(AG$15),0),\nROUND(ROUND(OFFSET($P19,0,AG$13),15-13*ORÇAMENTO!$AF$7)*OFFSET(ORÇAMENTO!$W$15,ROW(AG19)-ROW(AG$15),0),15-13*ORÇAMENTO!$AF$11)),0)","v":0},{"$f":"IF(AND($D19=\"Serviço\",AH$12<>0,$H19>0,OR(AUTOEVENTO<>\"manual\",$M19<>1)),\nIF(Import.TipoArredondamento<>\"TransfereGOV\",\nROUND(OFFSET($P19,0,AH$13),15-13*ORÇAMENTO!$AF$7)/$H19*OFFSET(ORÇAMENTO!$X$15,ROW(AH19)-ROW(AH$15),0),\nROUND(ROUND(OFFSET($P19,0,AH$13),15-13*ORÇAMENTO!$AF$7)*OFFSET(ORÇAMENTO!$W$15,ROW(AH19)-ROW(AH$15),0),15-13*ORÇAMENTO!$AF$11)),0)","v":0},{"$f":"IF(AND($D19=\"Serviço\",AI$12<>0,$H19>0,OR(AUTOEVENTO<>\"manual\",$M19<>1)),\nIF(Import.TipoArredondamento<>\"TransfereGOV\",\nROUND(OFFSET($P19,0,AI$13),15-13*ORÇAMENTO!$AF$7)/$H19*OFFSET(ORÇAMENTO!$X$15,ROW(AI19)-ROW(AI$15),0),\nROUND(ROUND(OFFSET($P19,0,AI$13),15-13*ORÇAMENTO!$AF$7)*OFFSET(ORÇAMENTO!$W$15,ROW(AI19)-ROW(AI$15),0),15-13*ORÇAMENTO!$AF$11)),0)","v":0},{"$f":"IF(AND($D19=\"Serviço\",AJ$12<>0,$H19>0,OR(AUTOEVENTO<>\"manual\",$M19<>1)),\nIF(Import.TipoArredondamento<>\"TransfereGOV\",\nROUND(OFFSET($P19,0,AJ$13),15-13*ORÇAMENTO!$AF$7)/$H19*OFFSET(ORÇAMENTO!$X$15,ROW(AJ19)-ROW(AJ$15),0),\nROUND(ROUND(OFFSET($P19,0,AJ$13),15-13*ORÇAMENTO!$AF$7)*OFFSET(ORÇAMENTO!$W$15,ROW(AJ19)-ROW(AJ$15),0),15-13*ORÇAMENTO!$AF$11)),0)","v":0},{"$f":"IF(AND($D19=\"Serviço\",AK$12<>0,$H19>0,OR(AUTOEVENTO<>\"manual\",$M19<>1)),\nIF(Import.TipoArredondamento<>\"TransfereGOV\",\nROUND(OFFSET($P19,0,AK$13),15-13*ORÇAMENTO!$AF$7)/$H19*OFFSET(ORÇAMENTO!$X$15,ROW(AK19)-ROW(AK$15),0),\nROUND(ROUND(OFFSET($P19,0,AK$13),15-13*ORÇAMENTO!$AF$7)*OFFSET(ORÇAMENTO!$W$15,ROW(AK19)-ROW(AK$15),0),15-13*ORÇAMENTO!$AF$11)),0)","v":0},null,{"$f":"IF($D19<>\"Serviço\",0,IF(AND(AUTOEVENTO=\"Manual\",$M19=1),0,IF(OFFSET(CRONOPLE!$F$14,$M19,AM$13)=\"\",10^12,OFFSET(CRONOPLE!$F$14,$M19,AM$13))))","v":1000000000000},{"$f":"IF($D19<>\"Serviço\",0,IF(AND(AUTOEVENTO=\"Manual\",$M19=1),0,IF(OFFSET(CRONOPLE!$F$14,$M19,AN$13)=\"\",10^12,OFFSET(CRONOPLE!$F$14,$M19,AN$13))))","v":1000000000000},{"$f":"IF($D19<>\"Serviço\",0,IF(AND(AUTOEVENTO=\"Manual\",$M19=1),0,IF(OFFSET(CRONOPLE!$F$14,$M19,AO$13)=\"\",10^12,OFFSET(CRONOPLE!$F$14,$M19,AO$13))))","v":1000000000000},{"$f":"IF($D19<>\"Serviço\",0,IF(AND(AUTOEVENTO=\"Manual\",$M19=1),0,IF(OFFSET(CRONOPLE!$F$14,$M19,AP$13)=\"\",10^12,OFFSET(CRONOPLE!$F$14,$M19,AP$13))))","v":1000000000000},{"$f":"IF($D19<>\"Serviço\",0,IF(AND(AUTOEVENTO=\"Manual\",$M19=1),0,IF(OFFSET(CRONOPLE!$F$14,$M19,AQ$13)=\"\",10^12,OFFSET(CRONOPLE!$F$14,$M19,AQ$13))))","v":1000000000000},{"$f":"IF($D19<>\"Serviço\",0,IF(AND(AUTOEVENTO=\"Manual\",$M19=1),0,IF(OFFSET(CRONOPLE!$F$14,$M19,AR$13)=\"\",10^12,OFFSET(CRONOPLE!$F$14,$M19,AR$13))))","v":1000000000000},{"$f":"IF($D19<>\"Serviço\",0,IF(AND(AUTOEVENTO=\"Manual\",$M19=1),0,IF(OFFSET(CRONOPLE!$F$14,$M19,AS$13)=\"\",10^12,OFFSET(CRONOPLE!$F$14,$M19,AS$13))))","v":1000000000000},{"$f":"IF($D19<>\"Serviço\",0,IF(AND(AUTOEVENTO=\"Manual\",$M19=1),0,IF(OFFSET(CRONOPLE!$F$14,$M19,AT$13)=\"\",10^12,OFFSET(CRONOPLE!$F$14,$M19,AT$13))))","v":1000000000000},{"$f":"IF($D19<>\"Serviço\",0,IF(AND(AUTOEVENTO=\"Manual\",$M19=1),0,IF(OFFSET(CRONOPLE!$F$14,$M19,AU$13)=\"\",10^12,OFFSET(CRONOPLE!$F$14,$M19,AU$13))))","v":1000000000000},{"$f":"IF($D19<>\"Serviço\",0,IF(AND(AUTOEVENTO=\"Manual\",$M19=1),0,IF(OFFSET(CRONOPLE!$F$14,$M19,AV$13)=\"\",10^12,OFFSET(CRONOPLE!$F$14,$M19,AV$13))))","v":1000000000000},null,{"$f":"IF($D19<>\"Serviço\",0,IF(OR(AND(AUTOEVENTO=\"Manual\",$M19=1),$M19>(ROW(PLE.lastrow)-ROW(PLE.firstrow))),0,IF(OFFSET(PLE!$G$14,$M19,AX$13)=\"\",10^12,OFFSET(PLE!$G$14,$M19,AX$13))))","v":1000000000000},{"$f":"IF($D19<>\"Serviço\",0,IF(OR(AND(AUTOEVENTO=\"Manual\",$M19=1),$M19>(ROW(PLE.lastrow)-ROW(PLE.firstrow))),0,IF(OFFSET(PLE!$G$14,$M19,AY$13)=\"\",10^12,OFFSET(PLE!$G$14,$M19,AY$13))))","v":1000000000000},{"$f":"IF($D19<>\"Serviço\",0,IF(OR(AND(AUTOEVENTO=\"Manual\",$M19=1),$M19>(ROW(PLE.lastrow)-ROW(PLE.firstrow))),0,IF(OFFSET(PLE!$G$14,$M19,AZ$13)=\"\",10^12,OFFSET(PLE!$G$14,$M19,AZ$13))))","v":1000000000000},{"$f":"IF($D19<>\"Serviço\",0,IF(OR(AND(AUTOEVENTO=\"Manual\",$M19=1),$M19>(ROW(PLE.lastrow)-ROW(PLE.firstrow))),0,IF(OFFSET(PLE!$G$14,$M19,BA$13)=\"\",10^12,OFFSET(PLE!$G$14,$M19,BA$13))))","v":1000000000000},{"$f":"IF($D19<>\"Serviço\",0,IF(OR(AND(AUTOEVENTO=\"Manual\",$M19=1),$M19>(ROW(PLE.lastrow)-ROW(PLE.firstrow))),0,IF(OFFSET(PLE!$G$14,$M19,BB$13)=\"\",10^12,OFFSET(PLE!$G$14,$M19,BB$13))))","v":1000000000000},{"$f":"IF($D19<>\"Serviço\",0,IF(OR(AND(AUTOEVENTO=\"Manual\",$M19=1),$M19>(ROW(PLE.lastrow)-ROW(PLE.firstrow))),0,IF(OFFSET(PLE!$G$14,$M19,BC$13)=\"\",10^12,OFFSET(PLE!$G$14,$M19,BC$13))))","v":1000000000000},{"$f":"IF($D19<>\"Serviço\",0,IF(OR(AND(AUTOEVENTO=\"Manual\",$M19=1),$M19>(ROW(PLE.lastrow)-ROW(PLE.firstrow))),0,IF(OFFSET(PLE!$G$14,$M19,BD$13)=\"\",10^12,OFFSET(PLE!$G$14,$M19,BD$13))))","v":1000000000000},{"$f":"IF($D19<>\"Serviço\",0,IF(OR(AND(AUTOEVENTO=\"Manual\",$M19=1),$M19>(ROW(PLE.lastrow)-ROW(PLE.firstrow))),0,IF(OFFSET(PLE!$G$14,$M19,BE$13)=\"\",10^12,OFFSET(PLE!$G$14,$M19,BE$13))))","v":1000000000000},{"$f":"IF($D19<>\"Serviço\",0,IF(OR(AND(AUTOEVENTO=\"Manual\",$M19=1),$M19>(ROW(PLE.lastrow)-ROW(PLE.firstrow))),0,IF(OFFSET(PLE!$G$14,$M19,BF$13)=\"\",10^12,OFFSET(PLE!$G$14,$M19,BF$13))))","v":1000000000000},{"$f":"IF($D19<>\"Serviço\",0,IF(OR(AND(AUTOEVENTO=\"Manual\",$M19=1),$M19>(ROW(PLE.lastrow)-ROW(PLE.firstrow))),0,IF(OFFSET(PLE!$G$14,$M19,BG$13)=\"\",10^12,OFFSET(PLE!$G$14,$M19,BG$13))))","v":1000000000000}]
["2",{"$f":"OFFSET(ORÇAMENTO!C$15,ROW(B20)-ROW(B$15),0)","v":"S"},{"$f":"OFFSET(ORÇAMENTO!L$15,ROW(C20)-ROW(C$15),0)","v":"F"},{"$f":"OFFSET(ORÇAMENTO!N$15,ROW(D20)-ROW(D$15),0)","v":"Serviço"},{"$f":"OFFSET(ORÇAMENTO!O$15,ROW(E20)-ROW(E$15),0)","v":"1.1.0.0.3."},{"$f":"OFFSET(ORÇAMENTO!R$15,ROW(F20)-ROW(F$15),0)","v":"DEMOLIÇÃO DE ALVENARIA DE BLOCO FURADO, DE FORMA MANUAL, SEM REAPROVEITAMENTO. AF_09/2023"},{"$f":"IF($D20<>\"Serviço\",\"\",OFFSET(ORÇAMENTO!S$15,ROW(G20)-ROW(G$15),0))","v":"M3"},{"$f":"IF($D20<>\"Serviço\",0,IF(ACOMPANHAMENTO=\"BM\",ROUND(OFFSET(ORÇAMENTO!AJ$15,ROW(H20)-ROW(H$15),0),15-13*ORÇAMENTO!$AF$7),SUMPRODUCT(($Q$12:$AA$12<>\"\")*ROUND($Q20:$AA20,15-13*ORÇAMENTO!$AF$7))))","v":8.4700000000000006},null,null,null,".",{"$f":"IF($D20<>\"Serviço\",\"\",IF(AUTOEVENTO=\"manual\",$A20,IF(ISERROR(MATCH($A20,$A$15:OFFSET($A20,-1,0),0)),MAX($M$15:OFFSET(M20,-1,0))+1,INDEX($M$15:OFFSET(M20,-1,0),MATCH($A20,$A$15:OFFSET($A20,-1,0),0)))))","v":2},{"$f":"IF($D20<>\"Serviço\",\"\",IF(AUTOEVENTO=\"Manual\",IF($A20=0,\"<-- defina o número do agrupador\",OFFSET(EVENTOS!$D$14,$A20,0)),OFFSET($F$15,$A20,0)))","v":"SERVIÇOS PRELIMINARES"},null,null,null,null,null,null,null,null,null,null,null,null,null,{"$f":"IF(AND($D20=\"Serviço\",AB$12<>0,$H20>0,OR(AUTOEVENTO<>\"manual\",$M20<>1)),\nIF(Import.TipoArredondamento<>\"TransfereGOV\",\nROUND(OFFSET($P20,0,AB$13),15-13*ORÇAMENTO!$AF$7)/$H20*OFFSET(ORÇAMENTO!$X$15,ROW(AB20)-ROW(AB$15),0),\nROUND(ROUND(OFFSET($P20,0,AB$13),15-13*ORÇAMENTO!$AF$7)*OFFSET(ORÇAMENTO!$W$15,ROW(AB20)-ROW(AB$15),0),15-13*ORÇAMENTO!$AF$11)),0)","v":0},{"$f":"IF(AND($D20=\"Serviço\",AC$12<>0,$H20>0,OR(AUTOEVENTO<>\"manual\",$M20<>1)),\nIF(Import.TipoArredondamento<>\"TransfereGOV\",\nROUND(OFFSET($P20,0,AC$13),15-13*ORÇAMENTO!$AF$7)/$H20*OFFSET(ORÇAMENTO!$X$15,ROW(AC20)-ROW(AC$15),0),\nROUND(ROUND(OFFSET($P20,0,AC$13),15-13*ORÇAMENTO!$AF$7)*OFFSET(ORÇAMENTO!$W$15,ROW(AC20)-ROW(AC$15),0),15-13*ORÇAMENTO!$AF$11)),0)","v":0},{"$f":"IF(AND($D20=\"Serviço\",AD$12<>0,$H20>0,OR(AUTOEVENTO<>\"manual\",$M20<>1)),\nIF(Import.TipoArredondamento<>\"TransfereGOV\",\nROUND(OFFSET($P20,0,AD$13),15-13*ORÇAMENTO!$AF$7)/$H20*OFFSET(ORÇAMENTO!$X$15,ROW(AD20)-ROW(AD$15),0),\nROUND(ROUND(OFFSET($P20,0,AD$13),15-13*ORÇAMENTO!$AF$7)*OFFSET(ORÇAMENTO!$W$15,ROW(AD20)-ROW(AD$15),0),15-13*ORÇAMENTO!$AF$11)),0)","v":0},{"$f":"IF(AND($D20=\"Serviço\",AE$12<>0,$H20>0,OR(AUTOEVENTO<>\"manual\",$M20<>1)),\nIF(Import.TipoArredondamento<>\"TransfereGOV\",\nROUND(OFFSET($P20,0,AE$13),15-13*ORÇAMENTO!$AF$7)/$H20*OFFSET(ORÇAMENTO!$X$15,ROW(AE20)-ROW(AE$15),0),\nROUND(ROUND(OFFSET($P20,0,AE$13),15-13*ORÇAMENTO!$AF$7)*OFFSET(ORÇAMENTO!$W$15,ROW(AE20)-ROW(AE$15),0),15-13*ORÇAMENTO!$AF$11)),0)","v":0},{"$f":"IF(AND($D20=\"Serviço\",AF$12<>0,$H20>0,OR(AUTOEVENTO<>\"manual\",$M20<>1)),\nIF(Import.TipoArredondamento<>\"TransfereGOV\",\nROUND(OFFSET($P20,0,AF$13),15-13*ORÇAMENTO!$AF$7)/$H20*OFFSET(ORÇAMENTO!$X$15,ROW(AF20)-ROW(AF$15),0),\nROUND(ROUND(OFFSET($P20,0,AF$13),15-13*ORÇAMENTO!$AF$7)*OFFSET(ORÇAMENTO!$W$15,ROW(AF20)-ROW(AF$15),0),15-13*ORÇAMENTO!$AF$11)),0)","v":0},{"$f":"IF(AND($D20=\"Serviço\",AG$12<>0,$H20>0,OR(AUTOEVENTO<>\"manual\",$M20<>1)),\nIF(Import.TipoArredondamento<>\"TransfereGOV\",\nROUND(OFFSET($P20,0,AG$13),15-13*ORÇAMENTO!$AF$7)/$H20*OFFSET(ORÇAMENTO!$X$15,ROW(AG20)-ROW(AG$15),0),\nROUND(ROUND(OFFSET($P20,0,AG$13),15-13*ORÇAMENTO!$AF$7)*OFFSET(ORÇAMENTO!$W$15,ROW(AG20)-ROW(AG$15),0),15-13*ORÇAMENTO!$AF$11)),0)","v":0},{"$f":"IF(AND($D20=\"Serviço\",AH$12<>0,$H20>0,OR(AUTOEVENTO<>\"manual\",$M20<>1)),\nIF(Import.TipoArredondamento<>\"TransfereGOV\",\nROUND(OFFSET($P20,0,AH$13),15-13*ORÇAMENTO!$AF$7)/$H20*OFFSET(ORÇAMENTO!$X$15,ROW(AH20)-ROW(AH$15),0),\nROUND(ROUND(OFFSET($P20,0,AH$13),15-13*ORÇAMENTO!$AF$7)*OFFSET(ORÇAMENTO!$W$15,ROW(AH20)-ROW(AH$15),0),15-13*ORÇAMENTO!$AF$11)),0)","v":0},{"$f":"IF(AND($D20=\"Serviço\",AI$12<>0,$H20>0,OR(AUTOEVENTO<>\"manual\",$M20<>1)),\nIF(Import.TipoArredondamento<>\"TransfereGOV\",\nROUND(OFFSET($P20,0,AI$13),15-13*ORÇAMENTO!$AF$7)/$H20*OFFSET(ORÇAMENTO!$X$15,ROW(AI20)-ROW(AI$15),0),\nROUND(ROUND(OFFSET($P20,0,AI$13),15-13*ORÇAMENTO!$AF$7)*OFFSET(ORÇAMENTO!$W$15,ROW(AI20)-ROW(AI$15),0),15-13*ORÇAMENTO!$AF$11)),0)","v":0},{"$f":"IF(AND($D20=\"Serviço\",AJ$12<>0,$H20>0,OR(AUTOEVENTO<>\"manual\",$M20<>1)),\nIF(Import.TipoArredondamento<>\"TransfereGOV\",\nROUND(OFFSET($P20,0,AJ$13),15-13*ORÇAMENTO!$AF$7)/$H20*OFFSET(ORÇAMENTO!$X$15,ROW(AJ20)-ROW(AJ$15),0),\nROUND(ROUND(OFFSET($P20,0,AJ$13),15-13*ORÇAMENTO!$AF$7)*OFFSET(ORÇAMENTO!$W$15,ROW(AJ20)-ROW(AJ$15),0),15-13*ORÇAMENTO!$AF$11)),0)","v":0},{"$f":"IF(AND($D20=\"Serviço\",AK$12<>0,$H20>0,OR(AUTOEVENTO<>\"manual\",$M20<>1)),\nIF(Import.TipoArredondamento<>\"TransfereGOV\",\nROUND(OFFSET($P20,0,AK$13),15-13*ORÇAMENTO!$AF$7)/$H20*OFFSET(ORÇAMENTO!$X$15,ROW(AK20)-ROW(AK$15),0),\nROUND(ROUND(OFFSET($P20,0,AK$13),15-13*ORÇAMENTO!$AF$7)*OFFSET(ORÇAMENTO!$W$15,ROW(AK20)-ROW(AK$15),0),15-13*ORÇAMENTO!$AF$11)),0)","v":0},null,{"$f":"IF($D20<>\"Serviço\",0,IF(AND(AUTOEVENTO=\"Manual\",$M20=1),0,IF(OFFSET(CRONOPLE!$F$14,$M20,AM$13)=\"\",10^12,OFFSET(CRONOPLE!$F$14,$M20,AM$13))))","v":1000000000000},{"$f":"IF($D20<>\"Serviço\",0,IF(AND(AUTOEVENTO=\"Manual\",$M20=1),0,IF(OFFSET(CRONOPLE!$F$14,$M20,AN$13)=\"\",10^12,OFFSET(CRONOPLE!$F$14,$M20,AN$13))))","v":1000000000000},{"$f":"IF($D20<>\"Serviço\",0,IF(AND(AUTOEVENTO=\"Manual\",$M20=1),0,IF(OFFSET(CRONOPLE!$F$14,$M20,AO$13)=\"\",10^12,OFFSET(CRONOPLE!$F$14,$M20,AO$13))))","v":1000000000000},{"$f":"IF($D20<>\"Serviço\",0,IF(AND(AUTOEVENTO=\"Manual\",$M20=1),0,IF(OFFSET(CRONOPLE!$F$14,$M20,AP$13)=\"\",10^12,OFFSET(CRONOPLE!$F$14,$M20,AP$13))))","v":1000000000000},{"$f":"IF($D20<>\"Serviço\",0,IF(AND(AUTOEVENTO=\"Manual\",$M20=1),0,IF(OFFSET(CRONOPLE!$F$14,$M20,AQ$13)=\"\",10^12,OFFSET(CRONOPLE!$F$14,$M20,AQ$13))))","v":1000000000000},{"$f":"IF($D20<>\"Serviço\",0,IF(AND(AUTOEVENTO=\"Manual\",$M20=1),0,IF(OFFSET(CRONOPLE!$F$14,$M20,AR$13)=\"\",10^12,OFFSET(CRONOPLE!$F$14,$M20,AR$13))))","v":1000000000000},{"$f":"IF($D20<>\"Serviço\",0,IF(AND(AUTOEVENTO=\"Manual\",$M20=1),0,IF(OFFSET(CRONOPLE!$F$14,$M20,AS$13)=\"\",10^12,OFFSET(CRONOPLE!$F$14,$M20,AS$13))))","v":1000000000000},{"$f":"IF($D20<>\"Serviço\",0,IF(AND(AUTOEVENTO=\"Manual\",$M20=1),0,IF(OFFSET(CRONOPLE!$F$14,$M20,AT$13)=\"\",10^12,OFFSET(CRONOPLE!$F$14,$M20,AT$13))))","v":1000000000000},{"$f":"IF($D20<>\"Serviço\",0,IF(AND(AUTOEVENTO=\"Manual\",$M20=1),0,IF(OFFSET(CRONOPLE!$F$14,$M20,AU$13)=\"\",10^12,OFFSET(CRONOPLE!$F$14,$M20,AU$13))))","v":1000000000000},{"$f":"IF($D20<>\"Serviço\",0,IF(AND(AUTOEVENTO=\"Manual\",$M20=1),0,IF(OFFSET(CRONOPLE!$F$14,$M20,AV$13)=\"\",10^12,OFFSET(CRONOPLE!$F$14,$M20,AV$13))))","v":1000000000000},null,{"$f":"IF($D20<>\"Serviço\",0,IF(OR(AND(AUTOEVENTO=\"Manual\",$M20=1),$M20>(ROW(PLE.lastrow)-ROW(PLE.firstrow))),0,IF(OFFSET(PLE!$G$14,$M20,AX$13)=\"\",10^12,OFFSET(PLE!$G$14,$M20,AX$13))))","v":1000000000000},{"$f":"IF($D20<>\"Serviço\",0,IF(OR(AND(AUTOEVENTO=\"Manual\",$M20=1),$M20>(ROW(PLE.lastrow)-ROW(PLE.firstrow))),0,IF(OFFSET(PLE!$G$14,$M20,AY$13)=\"\",10^12,OFFSET(PLE!$G$14,$M20,AY$13))))","v":1000000000000},{"$f":"IF($D20<>\"Serviço\",0,IF(OR(AND(AUTOEVENTO=\"Manual\",$M20=1),$M20>(ROW(PLE.lastrow)-ROW(PLE.firstrow))),0,IF(OFFSET(PLE!$G$14,$M20,AZ$13)=\"\",10^12,OFFSET(PLE!$G$14,$M20,AZ$13))))","v":1000000000000},{"$f":"IF($D20<>\"Serviço\",0,IF(OR(AND(AUTOEVENTO=\"Manual\",$M20=1),$M20>(ROW(PLE.lastrow)-ROW(PLE.firstrow))),0,IF(OFFSET(PLE!$G$14,$M20,BA$13)=\"\",10^12,OFFSET(PLE!$G$14,$M20,BA$13))))","v":1000000000000},{"$f":"IF($D20<>\"Serviço\",0,IF(OR(AND(AUTOEVENTO=\"Manual\",$M20=1),$M20>(ROW(PLE.lastrow)-ROW(PLE.firstrow))),0,IF(OFFSET(PLE!$G$14,$M20,BB$13)=\"\",10^12,OFFSET(PLE!$G$14,$M20,BB$13))))","v":1000000000000},{"$f":"IF($D20<>\"Serviço\",0,IF(OR(AND(AUTOEVENTO=\"Manual\",$M20=1),$M20>(ROW(PLE.lastrow)-ROW(PLE.firstrow))),0,IF(OFFSET(PLE!$G$14,$M20,BC$13)=\"\",10^12,OFFSET(PLE!$G$14,$M20,BC$13))))","v":1000000000000},{"$f":"IF($D20<>\"Serviço\",0,IF(OR(AND(AUTOEVENTO=\"Manual\",$M20=1),$M20>(ROW(PLE.lastrow)-ROW(PLE.firstrow))),0,IF(OFFSET(PLE!$G$14,$M20,BD$13)=\"\",10^12,OFFSET(PLE!$G$14,$M20,BD$13))))","v":1000000000000},{"$f":"IF($D20<>\"Serviço\",0,IF(OR(AND(AUTOEVENTO=\"Manual\",$M20=1),$M20>(ROW(PLE.lastrow)-ROW(PLE.firstrow))),0,IF(OFFSET(PLE!$G$14,$M20,BE$13)=\"\",10^12,OFFSET(PLE!$G$14,$M20,BE$13))))","v":1000000000000},{"$f":"IF($D20<>\"Serviço\",0,IF(OR(AND(AUTOEVENTO=\"Manual\",$M20=1),$M20>(ROW(PLE.lastrow)-ROW(PLE.firstrow))),0,IF(OFFSET(PLE!$G$14,$M20,BF$13)=\"\",10^12,OFFSET(PLE!$G$14,$M20,BF$13))))","v":1000000000000},{"$f":"IF($D20<>\"Serviço\",0,IF(OR(AND(AUTOEVENTO=\"Manual\",$M20=1),$M20>(ROW(PLE.lastrow)-ROW(PLE.firstrow))),0,IF(OFFSET(PLE!$G$14,$M20,BG$13)=\"\",10^12,OFFSET(PLE!$G$14,$M20,BG$13))))","v":1000000000000}]
["2",{"$f":"OFFSET(ORÇAMENTO!C$15,ROW(B21)-ROW(B$15),0)","v":"S"},{"$f":"OFFSET(ORÇAMENTO!L$15,ROW(C21)-ROW(C$15),0)","v":"F"},{"$f":"OFFSET(ORÇAMENTO!N$15,ROW(D21)-ROW(D$15),0)","v":"Serviço"},{"$f":"OFFSET(ORÇAMENTO!O$15,ROW(E21)-ROW(E$15),0)","v":"1.1.0.0.4."},{"$f":"OFFSET(ORÇAMENTO!R$15,ROW(F21)-ROW(F$15),0)","v":"REMOÇÃO DE JANELAS, DE FORMA MANUAL, SEM REAPROVEITAMENTO. AF_09/2023"},{"$f":"IF($D21<>\"Serviço\",\"\",OFFSET(ORÇAMENTO!S$15,ROW(G21)-ROW(G$15),0))","v":"M2"},{"$f":"IF($D21<>\"Serviço\",0,IF(ACOMPANHAMENTO=\"BM\",ROUND(OFFSET(ORÇAMENTO!AJ$15,ROW(H21)-ROW(H$15),0),15-13*ORÇAMENTO!$AF$7),SUMPRODUCT(($Q$12:$AA$12<>\"\")*ROUND($Q21:$AA21,15-13*ORÇAMENTO!$AF$7))))","v":7.14},null,null,null,".",{"$f":"IF($D21<>\"Serviço\",\"\",IF(AUTOEVENTO=\"manual\",$A21,IF(ISERROR(MATCH($A21,$A$15:OFFSET($A21,-1,0),0)),MAX($M$15:OFFSET(M21,-1,0))+1,INDEX($M$15:OFFSET(M21,-1,0),MATCH($A21,$A$15:OFFSET($A21,-1,0),0)))))","v":2},{"$f":"IF($D21<>\"Serviço\",\"\",IF(AUTOEVENTO=\"Manual\",IF($A21=0,\"<-- defina o número do agrupador\",OFFSET(EVENTOS!$D$14,$A21,0)),OFFSET($F$15,$A21,0)))","v":"SERVIÇOS PRELIMINARES"},null,null,null,null,null,null,null,null,null,null,null,null,null,{"$f":"IF(AND($D21=\"Serviço\",AB$12<>0,$H21>0,OR(AUTOEVENTO<>\"manual\",$M21<>1)),\nIF(Import.TipoArredondamento<>\"TransfereGOV\",\nROUND(OFFSET($P21,0,AB$13),15-13*ORÇAMENTO!$AF$7)/$H21*OFFSET(ORÇAMENTO!$X$15,ROW(AB21)-ROW(AB$15),0),\nROUND(ROUND(OFFSET($P21,0,AB$13),15-13*ORÇAMENTO!$AF$7)*OFFSET(ORÇAMENTO!$W$15,ROW(AB21)-ROW(AB$15),0),15-13*ORÇAMENTO!$AF$11)),0)","v":0},{"$f":"IF(AND($D21=\"Serviço\",AC$12<>0,$H21>0,OR(AUTOEVENTO<>\"manual\",$M21<>1)),\nIF(Import.TipoArredondamento<>\"TransfereGOV\",\nROUND(OFFSET($P21,0,AC$13),15-13*ORÇAMENTO!$AF$7)/$H21*OFFSET(ORÇAMENTO!$X$15,ROW(AC21)-ROW(AC$15),0),\nROUND(ROUND(OFFSET($P21,0,AC$13),15-13*ORÇAMENTO!$AF$7)*OFFSET(ORÇAMENTO!$W$15,ROW(AC21)-ROW(AC$15),0),15-13*ORÇAMENTO!$AF$11)),0)","v":0},{"$f":"IF(AND($D21=\"Serviço\",AD$12<>0,$H21>0,OR(AUTOEVENTO<>\"manual\",$M21<>1)),\nIF(Import.TipoArredondamento<>\"TransfereGOV\",\nROUND(OFFSET($P21,0,AD$13),15-13*ORÇAMENTO!$AF$7)/$H21*OFFSET(ORÇAMENTO!$X$15,ROW(AD21)-ROW(AD$15),0),\nROUND(ROUND(OFFSET($P21,0,AD$13),15-13*ORÇAMENTO!$AF$7)*OFFSET(ORÇAMENTO!$W$15,ROW(AD21)-ROW(AD$15),0),15-13*ORÇAMENTO!$AF$11)),0)","v":0},{"$f":"IF(AND($D21=\"Serviço\",AE$12<>0,$H21>0,OR(AUTOEVENTO<>\"manual\",$M21<>1)),\nIF(Import.TipoArredondamento<>\"TransfereGOV\",\nROUND(OFFSET($P21,0,AE$13),15-13*ORÇAMENTO!$AF$7)/$H21*OFFSET(ORÇAMENTO!$X$15,ROW(AE21)-ROW(AE$15),0),\nROUND(ROUND(OFFSET($P21,0,AE$13),15-13*ORÇAMENTO!$AF$7)*OFFSET(ORÇAMENTO!$W$15,ROW(AE21)-ROW(AE$15),0),15-13*ORÇAMENTO!$AF$11)),0)","v":0},{"$f":"IF(AND($D21=\"Serviço\",AF$12<>0,$H21>0,OR(AUTOEVENTO<>\"manual\",$M21<>1)),\nIF(Import.TipoArredondamento<>\"TransfereGOV\",\nROUND(OFFSET($P21,0,AF$13),15-13*ORÇAMENTO!$AF$7)/$H21*OFFSET(ORÇAMENTO!$X$15,ROW(AF21)-ROW(AF$15),0),\nROUND(ROUND(OFFSET($P21,0,AF$13),15-13*ORÇAMENTO!$AF$7)*OFFSET(ORÇAMENTO!$W$15,ROW(AF21)-ROW(AF$15),0),15-13*ORÇAMENTO!$AF$11)),0)","v":0},{"$f":"IF(AND($D21=\"Serviço\",AG$12<>0,$H21>0,OR(AUTOEVENTO<>\"manual\",$M21<>1)),\nIF(Import.TipoArredondamento<>\"TransfereGOV\",\nROUND(OFFSET($P21,0,AG$13),15-13*ORÇAMENTO!$AF$7)/$H21*OFFSET(ORÇAMENTO!$X$15,ROW(AG21)-ROW(AG$15),0),\nROUND(ROUND(OFFSET($P21,0,AG$13),15-13*ORÇAMENTO!$AF$7)*OFFSET(ORÇAMENTO!$W$15,ROW(AG21)-ROW(AG$15),0),15-13*ORÇAMENTO!$AF$11)),0)","v":0},{"$f":"IF(AND($D21=\"Serviço\",AH$12<>0,$H21>0,OR(AUTOEVENTO<>\"manual\",$M21<>1)),\nIF(Import.TipoArredondamento<>\"TransfereGOV\",\nROUND(OFFSET($P21,0,AH$13),15-13*ORÇAMENTO!$AF$7)/$H21*OFFSET(ORÇAMENTO!$X$15,ROW(AH21)-ROW(AH$15),0),\nROUND(ROUND(OFFSET($P21,0,AH$13),15-13*ORÇAMENTO!$AF$7)*OFFSET(ORÇAMENTO!$W$15,ROW(AH21)-ROW(AH$15),0),15-13*ORÇAMENTO!$AF$11)),0)","v":0},{"$f":"IF(AND($D21=\"Serviço\",AI$12<>0,$H21>0,OR(AUTOEVENTO<>\"manual\",$M21<>1)),\nIF(Import.TipoArredondamento<>\"TransfereGOV\",\nROUND(OFFSET($P21,0,AI$13),15-13*ORÇAMENTO!$AF$7)/$H21*OFFSET(ORÇAMENTO!$X$15,ROW(AI21)-ROW(AI$15),0),\nROUND(ROUND(OFFSET($P21,0,AI$13),15-13*ORÇAMENTO!$AF$7)*OFFSET(ORÇAMENTO!$W$15,ROW(AI21)-ROW(AI$15),0),15-13*ORÇAMENTO!$AF$11)),0)","v":0},{"$f":"IF(AND($D21=\"Serviço\",AJ$12<>0,$H21>0,OR(AUTOEVENTO<>\"manual\",$M21<>1)),\nIF(Import.TipoArredondamento<>\"TransfereGOV\",\nROUND(OFFSET($P21,0,AJ$13),15-13*ORÇAMENTO!$AF$7)/$H21*OFFSET(ORÇAMENTO!$X$15,ROW(AJ21)-ROW(AJ$15),0),\nROUND(ROUND(OFFSET($P21,0,AJ$13),15-13*ORÇAMENTO!$AF$7)*OFFSET(ORÇAMENTO!$W$15,ROW(AJ21)-ROW(AJ$15),0),15-13*ORÇAMENTO!$AF$11)),0)","v":0},{"$f":"IF(AND($D21=\"Serviço\",AK$12<>0,$H21>0,OR(AUTOEVENTO<>\"manual\",$M21<>1)),\nIF(Import.TipoArredondamento<>\"TransfereGOV\",\nROUND(OFFSET($P21,0,AK$13),15-13*ORÇAMENTO!$AF$7)/$H21*OFFSET(ORÇAMENTO!$X$15,ROW(AK21)-ROW(AK$15),0),\nROUND(ROUND(OFFSET($P21,0,AK$13),15-13*ORÇAMENTO!$AF$7)*OFFSET(ORÇAMENTO!$W$15,ROW(AK21)-ROW(AK$15),0),15-13*ORÇAMENTO!$AF$11)),0)","v":0},null,{"$f":"IF($D21<>\"Serviço\",0,IF(AND(AUTOEVENTO=\"Manual\",$M21=1),0,IF(OFFSET(CRONOPLE!$F$14,$M21,AM$13)=\"\",10^12,OFFSET(CRONOPLE!$F$14,$M21,AM$13))))","v":1000000000000},{"$f":"IF($D21<>\"Serviço\",0,IF(AND(AUTOEVENTO=\"Manual\",$M21=1),0,IF(OFFSET(CRONOPLE!$F$14,$M21,AN$13)=\"\",10^12,OFFSET(CRONOPLE!$F$14,$M21,AN$13))))","v":1000000000000},{"$f":"IF($D21<>\"Serviço\",0,IF(AND(AUTOEVENTO=\"Manual\",$M21=1),0,IF(OFFSET(CRONOPLE!$F$14,$M21,AO$13)=\"\",10^12,OFFSET(CRONOPLE!$F$14,$M21,AO$13))))","v":1000000000000},{"$f":"IF($D21<>\"Serviço\",0,IF(AND(AUTOEVENTO=\"Manual\",$M21=1),0,IF(OFFSET(CRONOPLE!$F$14,$M21,AP$13)=\"\",10^12,OFFSET(CRONOPLE!$F$14,$M21,AP$13))))","v":1000000000000},{"$f":"IF($D21<>\"Serviço\",0,IF(AND(AUTOEVENTO=\"Manual\",$M21=1),0,IF(OFFSET(CRONOPLE!$F$14,$M21,AQ$13)=\"\",10^12,OFFSET(CRONOPLE!$F$14,$M21,AQ$13))))","v":1000000000000},{"$f":"IF($D21<>\"Serviço\",0,IF(AND(AUTOEVENTO=\"Manual\",$M21=1),0,IF(OFFSET(CRONOPLE!$F$14,$M21,AR$13)=\"\",10^12,OFFSET(CRONOPLE!$F$14,$M21,AR$13))))","v":1000000000000},{"$f":"IF($D21<>\"Serviço\",0,IF(AND(AUTOEVENTO=\"Manual\",$M21=1),0,IF(OFFSET(CRONOPLE!$F$14,$M21,AS$13)=\"\",10^12,OFFSET(CRONOPLE!$F$14,$M21,AS$13))))","v":1000000000000},{"$f":"IF($D21<>\"Serviço\",0,IF(AND(AUTOEVENTO=\"Manual\",$M21=1),0,IF(OFFSET(CRONOPLE!$F$14,$M21,AT$13)=\"\",10^12,OFFSET(CRONOPLE!$F$14,$M21,AT$13))))","v":1000000000000},{"$f":"IF($D21<>\"Serviço\",0,IF(AND(AUTOEVENTO=\"Manual\",$M21=1),0,IF(OFFSET(CRONOPLE!$F$14,$M21,AU$13)=\"\",10^12,OFFSET(CRONOPLE!$F$14,$M21,AU$13))))","v":1000000000000},{"$f":"IF($D21<>\"Serviço\",0,IF(AND(AUTOEVENTO=\"Manual\",$M21=1),0,IF(OFFSET(CRONOPLE!$F$14,$M21,AV$13)=\"\",10^12,OFFSET(CRONOPLE!$F$14,$M21,AV$13))))","v":1000000000000},null,{"$f":"IF($D21<>\"Serviço\",0,IF(OR(AND(AUTOEVENTO=\"Manual\",$M21=1),$M21>(ROW(PLE.lastrow)-ROW(PLE.firstrow))),0,IF(OFFSET(PLE!$G$14,$M21,AX$13)=\"\",10^12,OFFSET(PLE!$G$14,$M21,AX$13))))","v":1000000000000},{"$f":"IF($D21<>\"Serviço\",0,IF(OR(AND(AUTOEVENTO=\"Manual\",$M21=1),$M21>(ROW(PLE.lastrow)-ROW(PLE.firstrow))),0,IF(OFFSET(PLE!$G$14,$M21,AY$13)=\"\",10^12,OFFSET(PLE!$G$14,$M21,AY$13))))","v":1000000000000},{"$f":"IF($D21<>\"Serviço\",0,IF(OR(AND(AUTOEVENTO=\"Manual\",$M21=1),$M21>(ROW(PLE.lastrow)-ROW(PLE.firstrow))),0,IF(OFFSET(PLE!$G$14,$M21,AZ$13)=\"\",10^12,OFFSET(PLE!$G$14,$M21,AZ$13))))","v":1000000000000},{"$f":"IF($D21<>\"Serviço\",0,IF(OR(AND(AUTOEVENTO=\"Manual\",$M21=1),$M21>(ROW(PLE.lastrow)-ROW(PLE.firstrow))),0,IF(OFFSET(PLE!$G$14,$M21,BA$13)=\"\",10^12,OFFSET(PLE!$G$14,$M21,BA$13))))","v":1000000000000},{"$f":"IF($D21<>\"Serviço\",0,IF(OR(AND(AUTOEVENTO=\"Manual\",$M21=1),$M21>(ROW(PLE.lastrow)-ROW(PLE.firstrow))),0,IF(OFFSET(PLE!$G$14,$M21,BB$13)=\"\",10^12,OFFSET(PLE!$G$14,$M21,BB$13))))","v":1000000000000},{"$f":"IF($D21<>\"Serviço\",0,IF(OR(AND(AUTOEVENTO=\"Manual\",$M21=1),$M21>(ROW(PLE.lastrow)-ROW(PLE.firstrow))),0,IF(OFFSET(PLE!$G$14,$M21,BC$13)=\"\",10^12,OFFSET(PLE!$G$14,$M21,BC$13))))","v":1000000000000},{"$f":"IF($D21<>\"Serviço\",0,IF(OR(AND(AUTOEVENTO=\"Manual\",$M21=1),$M21>(ROW(PLE.lastrow)-ROW(PLE.firstrow))),0,IF(OFFSET(PLE!$G$14,$M21,BD$13)=\"\",10^12,OFFSET(PLE!$G$14,$M21,BD$13))))","v":1000000000000},{"$f":"IF($D21<>\"Serviço\",0,IF(OR(AND(AUTOEVENTO=\"Manual\",$M21=1),$M21>(ROW(PLE.lastrow)-ROW(PLE.firstrow))),0,IF(OFFSET(PLE!$G$14,$M21,BE$13)=\"\",10^12,OFFSET(PLE!$G$14,$M21,BE$13))))","v":1000000000000},{"$f":"IF($D21<>\"Serviço\",0,IF(OR(AND(AUTOEVENTO=\"Manual\",$M21=1),$M21>(ROW(PLE.lastrow)-ROW(PLE.firstrow))),0,IF(OFFSET(PLE!$G$14,$M21,BF$13)=\"\",10^12,OFFSET(PLE!$G$14,$M21,BF$13))))","v":1000000000000},{"$f":"IF($D21<>\"Serviço\",0,IF(OR(AND(AUTOEVENTO=\"Manual\",$M21=1),$M21>(ROW(PLE.lastrow)-ROW(PLE.firstrow))),0,IF(OFFSET(PLE!$G$14,$M21,BG$13)=\"\",10^12,OFFSET(PLE!$G$14,$M21,BG$13))))","v":1000000000000}]
["2",{"$f":"OFFSET(ORÇAMENTO!C$15,ROW(B22)-ROW(B$15),0)","v":"S"},{"$f":"OFFSET(ORÇAMENTO!L$15,ROW(C22)-ROW(C$15),0)","v":"F"},{"$f":"OFFSET(ORÇAMENTO!N$15,ROW(D22)-ROW(D$15),0)","v":"Serviço"},{"$f":"OFFSET(ORÇAMENTO!O$15,ROW(E22)-ROW(E$15),0)","v":"1.1.0.0.5."},{"$f":"OFFSET(ORÇAMENTO!R$15,ROW(F22)-ROW(F$15),0)","v":"REMOÇÃO DE PORTAS, DE FORMA MANUAL, SEM REAPROVEITAMENTO. AF_09/2023"},{"$f":"IF($D22<>\"Serviço\",\"\",OFFSET(ORÇAMENTO!S$15,ROW(G22)-ROW(G$15),0))","v":"M2"},{"$f":"IF($D22<>\"Serviço\",0,IF(ACOMPANHAMENTO=\"BM\",ROUND(OFFSET(ORÇAMENTO!AJ$15,ROW(H22)-ROW(H$15),0),15-13*ORÇAMENTO!$AF$7),SUMPRODUCT(($Q$12:$AA$12<>\"\")*ROUND($Q22:$AA22,15-13*ORÇAMENTO!$AF$7))))","v":11.34},null,null,null,".",{"$f":"IF($D22<>\"Serviço\",\"\",IF(AUTOEVENTO=\"manual\",$A22,IF(ISERROR(MATCH($A22,$A$15:OFFSET($A22,-1,0),0)),MAX($M$15:OFFSET(M22,-1,0))+1,INDEX($M$15:OFFSET(M22,-1,0),MATCH($A22,$A$15:OFFSET($A22,-1,0),0)))))","v":2},{"$f":"IF($D22<>\"Serviço\",\"\",IF(AUTOEVENTO=\"Manual\",IF($A22=0,\"<-- defina o número do agrupador\",OFFSET(EVENTOS!$D$14,$A22,0)),OFFSET($F$15,$A22,0)))","v":"SERVIÇOS PRELIMINARES"},null,null,null,null,null,null,null,null,null,null,null,null,null,{"$f":"IF(AND($D22=\"Serviço\",AB$12<>0,$H22>0,OR(AUTOEVENTO<>\"manual\",$M22<>1)),\nIF(Import.TipoArredondamento<>\"TransfereGOV\",\nROUND(OFFSET($P22,0,AB$13),15-13*ORÇAMENTO!$AF$7)/$H22*OFFSET(ORÇAMENTO!$X$15,ROW(AB22)-ROW(AB$15),0),\nROUND(ROUND(OFFSET($P22,0,AB$13),15-13*ORÇAMENTO!$AF$7)*OFFSET(ORÇAMENTO!$W$15,ROW(AB22)-ROW(AB$15),0),15-13*ORÇAMENTO!$AF$11)),0)","v":0},{"$f":"IF(AND($D22=\"Serviço\",AC$12<>0,$H22>0,OR(AUTOEVENTO<>\"manual\",$M22<>1)),\nIF(Import.TipoArredondamento<>\"TransfereGOV\",\nROUND(OFFSET($P22,0,AC$13),15-13*ORÇAMENTO!$AF$7)/$H22*OFFSET(ORÇAMENTO!$X$15,ROW(AC22)-ROW(AC$15),0),\nROUND(ROUND(OFFSET($P22,0,AC$13),15-13*ORÇAMENTO!$AF$7)*OFFSET(ORÇAMENTO!$W$15,ROW(AC22)-ROW(AC$15),0),15-13*ORÇAMENTO!$AF$11)),0)","v":0},{"$f":"IF(AND($D22=\"Serviço\",AD$12<>0,$H22>0,OR(AUTOEVENTO<>\"manual\",$M22<>1)),\nIF(Import.TipoArredondamento<>\"TransfereGOV\",\nROUND(OFFSET($P22,0,AD$13),15-13*ORÇAMENTO!$AF$7)/$H22*OFFSET(ORÇAMENTO!$X$15,ROW(AD22)-ROW(AD$15),0),\nROUND(ROUND(OFFSET($P22,0,AD$13),15-13*ORÇAMENTO!$AF$7)*OFFSET(ORÇAMENTO!$W$15,ROW(AD22)-ROW(AD$15),0),15-13*ORÇAMENTO!$AF$11)),0)","v":0},{"$f":"IF(AND($D22=\"Serviço\",AE$12<>0,$H22>0,OR(AUTOEVENTO<>\"manual\",$M22<>1)),\nIF(Import.TipoArredondamento<>\"TransfereGOV\",\nROUND(OFFSET($P22,0,AE$13),15-13*ORÇAMENTO!$AF$7)/$H22*OFFSET(ORÇAMENTO!$X$15,ROW(AE22)-ROW(AE$15),0),\nROUND(ROUND(OFFSET($P22,0,AE$13),15-13*ORÇAMENTO!$AF$7)*OFFSET(ORÇAMENTO!$W$15,ROW(AE22)-ROW(AE$15),0),15-13*ORÇAMENTO!$AF$11)),0)","v":0},{"$f":"IF(AND($D22=\"Serviço\",AF$12<>0,$H22>0,OR(AUTOEVENTO<>\"manual\",$M22<>1)),\nIF(Import.TipoArredondamento<>\"TransfereGOV\",\nROUND(OFFSET($P22,0,AF$13),15-13*ORÇAMENTO!$AF$7)/$H22*OFFSET(ORÇAMENTO!$X$15,ROW(AF22)-ROW(AF$15),0),\nROUND(ROUND(OFFSET($P22,0,AF$13),15-13*ORÇAMENTO!$AF$7)*OFFSET(ORÇAMENTO!$W$15,ROW(AF22)-ROW(AF$15),0),15-13*ORÇAMENTO!$AF$11)),0)","v":0},{"$f":"IF(AND($D22=\"Serviço\",AG$12<>0,$H22>0,OR(AUTOEVENTO<>\"manual\",$M22<>1)),\nIF(Import.TipoArredondamento<>\"TransfereGOV\",\nROUND(OFFSET($P22,0,AG$13),15-13*ORÇAMENTO!$AF$7)/$H22*OFFSET(ORÇAMENTO!$X$15,ROW(AG22)-ROW(AG$15),0),\nROUND(ROUND(OFFSET($P22,0,AG$13),15-13*ORÇAMENTO!$AF$7)*OFFSET(ORÇAMENTO!$W$15,ROW(AG22)-ROW(AG$15),0),15-13*ORÇAMENTO!$AF$11)),0)","v":0},{"$f":"IF(AND($D22=\"Serviço\",AH$12<>0,$H22>0,OR(AUTOEVENTO<>\"manual\",$M22<>1)),\nIF(Import.TipoArredondamento<>\"TransfereGOV\",\nROUND(OFFSET($P22,0,AH$13),15-13*ORÇAMENTO!$AF$7)/$H22*OFFSET(ORÇAMENTO!$X$15,ROW(AH22)-ROW(AH$15),0),\nROUND(ROUND(OFFSET($P22,0,AH$13),15-13*ORÇAMENTO!$AF$7)*OFFSET(ORÇAMENTO!$W$15,ROW(AH22)-ROW(AH$15),0),15-13*ORÇAMENTO!$AF$11)),0)","v":0},{"$f":"IF(AND($D22=\"Serviço\",AI$12<>0,$H22>0,OR(AUTOEVENTO<>\"manual\",$M22<>1)),\nIF(Import.TipoArredondamento<>\"TransfereGOV\",\nROUND(OFFSET($P22,0,AI$13),15-13*ORÇAMENTO!$AF$7)/$H22*OFFSET(ORÇAMENTO!$X$15,ROW(AI22)-ROW(AI$15),0),\nROUND(ROUND(OFFSET($P22,0,AI$13),15-13*ORÇAMENTO!$AF$7)*OFFSET(ORÇAMENTO!$W$15,ROW(AI22)-ROW(AI$15),0),15-13*ORÇAMENTO!$AF$11)),0)","v":0},{"$f":"IF(AND($D22=\"Serviço\",AJ$12<>0,$H22>0,OR(AUTOEVENTO<>\"manual\",$M22<>1)),\nIF(Import.TipoArredondamento<>\"TransfereGOV\",\nROUND(OFFSET($P22,0,AJ$13),15-13*ORÇAMENTO!$AF$7)/$H22*OFFSET(ORÇAMENTO!$X$15,ROW(AJ22)-ROW(AJ$15),0),\nROUND(ROUND(OFFSET($P22,0,AJ$13),15-13*ORÇAMENTO!$AF$7)*OFFSET(ORÇAMENTO!$W$15,ROW(AJ22)-ROW(AJ$15),0),15-13*ORÇAMENTO!$AF$11)),0)","v":0},{"$f":"IF(AND($D22=\"Serviço\",AK$12<>0,$H22>0,OR(AUTOEVENTO<>\"manual\",$M22<>1)),\nIF(Import.TipoArredondamento<>\"TransfereGOV\",\nROUND(OFFSET($P22,0,AK$13),15-13*ORÇAMENTO!$AF$7)/$H22*OFFSET(ORÇAMENTO!$X$15,ROW(AK22)-ROW(AK$15),0),\nROUND(ROUND(OFFSET($P22,0,AK$13),15-13*ORÇAMENTO!$AF$7)*OFFSET(ORÇAMENTO!$W$15,ROW(AK22)-ROW(AK$15),0),15-13*ORÇAMENTO!$AF$11)),0)","v":0},null,{"$f":"IF($D22<>\"Serviço\",0,IF(AND(AUTOEVENTO=\"Manual\",$M22=1),0,IF(OFFSET(CRONOPLE!$F$14,$M22,AM$13)=\"\",10^12,OFFSET(CRONOPLE!$F$14,$M22,AM$13))))","v":1000000000000},{"$f":"IF($D22<>\"Serviço\",0,IF(AND(AUTOEVENTO=\"Manual\",$M22=1),0,IF(OFFSET(CRONOPLE!$F$14,$M22,AN$13)=\"\",10^12,OFFSET(CRONOPLE!$F$14,$M22,AN$13))))","v":1000000000000},{"$f":"IF($D22<>\"Serviço\",0,IF(AND(AUTOEVENTO=\"Manual\",$M22=1),0,IF(OFFSET(CRONOPLE!$F$14,$M22,AO$13)=\"\",10^12,OFFSET(CRONOPLE!$F$14,$M22,AO$13))))","v":1000000000000},{"$f":"IF($D22<>\"Serviço\",0,IF(AND(AUTOEVENTO=\"Manual\",$M22=1),0,IF(OFFSET(CRONOPLE!$F$14,$M22,AP$13)=\"\",10^12,OFFSET(CRONOPLE!$F$14,$M22,AP$13))))","v":1000000000000},{"$f":"IF($D22<>\"Serviço\",0,IF(AND(AUTOEVENTO=\"Manual\",$M22=1),0,IF(OFFSET(CRONOPLE!$F$14,$M22,AQ$13)=\"\",10^12,OFFSET(CRONOPLE!$F$14,$M22,AQ$13))))","v":1000000000000},{"$f":"IF($D22<>\"Serviço\",0,IF(AND(AUTOEVENTO=\"Manual\",$M22=1),0,IF(OFFSET(CRONOPLE!$F$14,$M22,AR$13)=\"\",10^12,OFFSET(CRONOPLE!$F$14,$M22,AR$13))))","v":1000000000000},{"$f":"IF($D22<>\"Serviço\",0,IF(AND(AUTOEVENTO=\"Manual\",$M22=1),0,IF(OFFSET(CRONOPLE!$F$14,$M22,AS$13)=\"\",10^12,OFFSET(CRONOPLE!$F$14,$M22,AS$13))))","v":1000000000000},{"$f":"IF($D22<>\"Serviço\",0,IF(AND(AUTOEVENTO=\"Manual\",$M22=1),0,IF(OFFSET(CRONOPLE!$F$14,$M22,AT$13)=\"\",10^12,OFFSET(CRONOPLE!$F$14,$M22,AT$13))))","v":1000000000000},{"$f":"IF($D22<>\"Serviço\",0,IF(AND(AUTOEVENTO=\"Manual\",$M22=1),0,IF(OFFSET(CRONOPLE!$F$14,$M22,AU$13)=\"\",10^12,OFFSET(CRONOPLE!$F$14,$M22,AU$13))))","v":1000000000000},{"$f":"IF($D22<>\"Serviço\",0,IF(AND(AUTOEVENTO=\"Manual\",$M22=1),0,IF(OFFSET(CRONOPLE!$F$14,$M22,AV$13)=\"\",10^12,OFFSET(CRONOPLE!$F$14,$M22,AV$13))))","v":1000000000000},null,{"$f":"IF($D22<>\"Serviço\",0,IF(OR(AND(AUTOEVENTO=\"Manual\",$M22=1),$M22>(ROW(PLE.lastrow)-ROW(PLE.firstrow))),0,IF(OFFSET(PLE!$G$14,$M22,AX$13)=\"\",10^12,OFFSET(PLE!$G$14,$M22,AX$13))))","v":1000000000000},{"$f":"IF($D22<>\"Serviço\",0,IF(OR(AND(AUTOEVENTO=\"Manual\",$M22=1),$M22>(ROW(PLE.lastrow)-ROW(PLE.firstrow))),0,IF(OFFSET(PLE!$G$14,$M22,AY$13)=\"\",10^12,OFFSET(PLE!$G$14,$M22,AY$13))))","v":1000000000000},{"$f":"IF($D22<>\"Serviço\",0,IF(OR(AND(AUTOEVENTO=\"Manual\",$M22=1),$M22>(ROW(PLE.lastrow)-ROW(PLE.firstrow))),0,IF(OFFSET(PLE!$G$14,$M22,AZ$13)=\"\",10^12,OFFSET(PLE!$G$14,$M22,AZ$13))))","v":1000000000000},{"$f":"IF($D22<>\"Serviço\",0,IF(OR(AND(AUTOEVENTO=\"Manual\",$M22=1),$M22>(ROW(PLE.lastrow)-ROW(PLE.firstrow))),0,IF(OFFSET(PLE!$G$14,$M22,BA$13)=\"\",10^12,OFFSET(PLE!$G$14,$M22,BA$13))))","v":1000000000000},{"$f":"IF($D22<>\"Serviço\",0,IF(OR(AND(AUTOEVENTO=\"Manual\",$M22=1),$M22>(ROW(PLE.lastrow)-ROW(PLE.firstrow))),0,IF(OFFSET(PLE!$G$14,$M22,BB$13)=\"\",10^12,OFFSET(PLE!$G$14,$M22,BB$13))))","v":1000000000000},{"$f":"IF($D22<>\"Serviço\",0,IF(OR(AND(AUTOEVENTO=\"Manual\",$M22=1),$M22>(ROW(PLE.lastrow)-ROW(PLE.firstrow))),0,IF(OFFSET(PLE!$G$14,$M22,BC$13)=\"\",10^12,OFFSET(PLE!$G$14,$M22,BC$13))))","v":1000000000000},{"$f":"IF($D22<>\"Serviço\",0,IF(OR(AND(AUTOEVENTO=\"Manual\",$M22=1),$M22>(ROW(PLE.lastrow)-ROW(PLE.firstrow))),0,IF(OFFSET(PLE!$G$14,$M22,BD$13)=\"\",10^12,OFFSET(PLE!$G$14,$M22,BD$13))))","v":1000000000000},{"$f":"IF($D22<>\"Serviço\",0,IF(OR(AND(AUTOEVENTO=\"Manual\",$M22=1),$M22>(ROW(PLE.lastrow)-ROW(PLE.firstrow))),0,IF(OFFSET(PLE!$G$14,$M22,BE$13)=\"\",10^12,OFFSET(PLE!$G$14,$M22,BE$13))))","v":1000000000000},{"$f":"IF($D22<>\"Serviço\",0,IF(OR(AND(AUTOEVENTO=\"Manual\",$M22=1),$M22>(ROW(PLE.lastrow)-ROW(PLE.firstrow))),0,IF(OFFSET(PLE!$G$14,$M22,BF$13)=\"\",10^12,OFFSET(PLE!$G$14,$M22,BF$13))))","v":1000000000000},{"$f":"IF($D22<>\"Serviço\",0,IF(OR(AND(AUTOEVENTO=\"Manual\",$M22=1),$M22>(ROW(PLE.lastrow)-ROW(PLE.firstrow))),0,IF(OFFSET(PLE!$G$14,$M22,BG$13)=\"\",10^12,OFFSET(PLE!$G$14,$M22,BG$13))))","v":1000000000000}]
["2",{"$f":"OFFSET(ORÇAMENTO!C$15,ROW(B23)-ROW(B$15),0)","v":"S"},{"$f":"OFFSET(ORÇAMENTO!L$15,ROW(C23)-ROW(C$15),0)","v":"F"},{"$f":"OFFSET(ORÇAMENTO!N$15,ROW(D23)-ROW(D$15),0)","v":"Serviço"},{"$f":"OFFSET(ORÇAMENTO!O$15,ROW(E23)-ROW(E$15),0)","v":"1.1.0.0.6."},{"$f":"OFFSET(ORÇAMENTO!R$15,ROW(F23)-ROW(F$15),0)","v":"REMOÇÃO DE LOUÇAS, DE FORMA MANUAL, SEM REAPROVEITAMENTO. AF_09/2023"},{"$f":"IF($D23<>\"Serviço\",\"\",OFFSET(ORÇAMENTO!S$15,ROW(G23)-ROW(G$15),0))","v":"UN"},{"$f":"IF($D23<>\"Serviço\",0,IF(ACOMPANHAMENTO=\"BM\",ROUND(OFFSET(ORÇAMENTO!AJ$15,ROW(H23)-ROW(H$15),0),15-13*ORÇAMENTO!$AF$7),SUMPRODUCT(($Q$12:$AA$12<>\"\")*ROUND($Q23:$AA23,15-13*ORÇAMENTO!$AF$7))))","v":14},null,null,null,".",{"$f":"IF($D23<>\"Serviço\",\"\",IF(AUTOEVENTO=\"manual\",$A23,IF(ISERROR(MATCH($A23,$A$15:OFFSET($A23,-1,0),0)),MAX($M$15:OFFSET(M23,-1,0))+1,INDEX($M$15:OFFSET(M23,-1,0),MATCH($A23,$A$15:OFFSET($A23,-1,0),0)))))","v":2},{"$f":"IF($D23<>\"Serviço\",\"\",IF(AUTOEVENTO=\"Manual\",IF($A23=0,\"<-- defina o número do agrupador\",OFFSET(EVENTOS!$D$14,$A23,0)),OFFSET($F$15,$A23,0)))","v":"SERVIÇOS PRELIMINARES"},null,null,null,null,null,null,null,null,null,null,null,null,null,{"$f":"IF(AND($D23=\"Serviço\",AB$12<>0,$H23>0,OR(AUTOEVENTO<>\"manual\",$M23<>1)),\nIF(Import.TipoArredondamento<>\"TransfereGOV\",\nROUND(OFFSET($P23,0,AB$13),15-13*ORÇAMENTO!$AF$7)/$H23*OFFSET(ORÇAMENTO!$X$15,ROW(AB23)-ROW(AB$15),0),\nROUND(ROUND(OFFSET($P23,0,AB$13),15-13*ORÇAMENTO!$AF$7)*OFFSET(ORÇAMENTO!$W$15,ROW(AB23)-ROW(AB$15),0),15-13*ORÇAMENTO!$AF$11)),0)","v":0},{"$f":"IF(AND($D23=\"Serviço\",AC$12<>0,$H23>0,OR(AUTOEVENTO<>\"manual\",$M23<>1)),\nIF(Import.TipoArredondamento<>\"TransfereGOV\",\nROUND(OFFSET($P23,0,AC$13),15-13*ORÇAMENTO!$AF$7)/$H23*OFFSET(ORÇAMENTO!$X$15,ROW(AC23)-ROW(AC$15),0),\nROUND(ROUND(OFFSET($P23,0,AC$13),15-13*ORÇAMENTO!$AF$7)*OFFSET(ORÇAMENTO!$W$15,ROW(AC23)-ROW(AC$15),0),15-13*ORÇAMENTO!$AF$11)),0)","v":0},{"$f":"IF(AND($D23=\"Serviço\",AD$12<>0,$H23>0,OR(AUTOEVENTO<>\"manual\",$M23<>1)),\nIF(Import.TipoArredondamento<>\"TransfereGOV\",\nROUND(OFFSET($P23,0,AD$13),15-13*ORÇAMENTO!$AF$7)/$H23*OFFSET(ORÇAMENTO!$X$15,ROW(AD23)-ROW(AD$15),0),\nROUND(ROUND(OFFSET($P23,0,AD$13),15-13*ORÇAMENTO!$AF$7)*OFFSET(ORÇAMENTO!$W$15,ROW(AD23)-ROW(AD$15),0),15-13*ORÇAMENTO!$AF$11)),0)","v":0},{"$f":"IF(AND($D23=\"Serviço\",AE$12<>0,$H23>0,OR(AUTOEVENTO<>\"manual\",$M23<>1)),\nIF(Import.TipoArredondamento<>\"TransfereGOV\",\nROUND(OFFSET($P23,0,AE$13),15-13*ORÇAMENTO!$AF$7)/$H23*OFFSET(ORÇAMENTO!$X$15,ROW(AE23)-ROW(AE$15),0),\nROUND(ROUND(OFFSET($P23,0,AE$13),15-13*ORÇAMENTO!$AF$7)*OFFSET(ORÇAMENTO!$W$15,ROW(AE23)-ROW(AE$15),0),15-13*ORÇAMENTO!$AF$11)),0)","v":0},{"$f":"IF(AND($D23=\"Serviço\",AF$12<>0,$H23>0,OR(AUTOEVENTO<>\"manual\",$M23<>1)),\nIF(Import.TipoArredondamento<>\"TransfereGOV\",\nROUND(OFFSET($P23,0,AF$13),15-13*ORÇAMENTO!$AF$7)/$H23*OFFSET(ORÇAMENTO!$X$15,ROW(AF23)-ROW(AF$15),0),\nROUND(ROUND(OFFSET($P23,0,AF$13),15-13*ORÇAMENTO!$AF$7)*OFFSET(ORÇAMENTO!$W$15,ROW(AF23)-ROW(AF$15),0),15-13*ORÇAMENTO!$AF$11)),0)","v":0},{"$f":"IF(AND($D23=\"Serviço\",AG$12<>0,$H23>0,OR(AUTOEVENTO<>\"manual\",$M23<>1)),\nIF(Import.TipoArredondamento<>\"TransfereGOV\",\nROUND(OFFSET($P23,0,AG$13),15-13*ORÇAMENTO!$AF$7)/$H23*OFFSET(ORÇAMENTO!$X$15,ROW(AG23)-ROW(AG$15),0),\nROUND(ROUND(OFFSET($P23,0,AG$13),15-13*ORÇAMENTO!$AF$7)*OFFSET(ORÇAMENTO!$W$15,ROW(AG23)-ROW(AG$15),0),15-13*ORÇAMENTO!$AF$11)),0)","v":0},{"$f":"IF(AND($D23=\"Serviço\",AH$12<>0,$H23>0,OR(AUTOEVENTO<>\"manual\",$M23<>1)),\nIF(Import.TipoArredondamento<>\"TransfereGOV\",\nROUND(OFFSET($P23,0,AH$13),15-13*ORÇAMENTO!$AF$7)/$H23*OFFSET(ORÇAMENTO!$X$15,ROW(AH23)-ROW(AH$15),0),\nROUND(ROUND(OFFSET($P23,0,AH$13),15-13*ORÇAMENTO!$AF$7)*OFFSET(ORÇAMENTO!$W$15,ROW(AH23)-ROW(AH$15),0),15-13*ORÇAMENTO!$AF$11)),0)","v":0},{"$f":"IF(AND($D23=\"Serviço\",AI$12<>0,$H23>0,OR(AUTOEVENTO<>\"manual\",$M23<>1)),\nIF(Import.TipoArredondamento<>\"TransfereGOV\",\nROUND(OFFSET($P23,0,AI$13),15-13*ORÇAMENTO!$AF$7)/$H23*OFFSET(ORÇAMENTO!$X$15,ROW(AI23)-ROW(AI$15),0),\nROUND(ROUND(OFFSET($P23,0,AI$13),15-13*ORÇAMENTO!$AF$7)*OFFSET(ORÇAMENTO!$W$15,ROW(AI23)-ROW(AI$15),0),15-13*ORÇAMENTO!$AF$11)),0)","v":0},{"$f":"IF(AND($D23=\"Serviço\",AJ$12<>0,$H23>0,OR(AUTOEVENTO<>\"manual\",$M23<>1)),\nIF(Import.TipoArredondamento<>\"TransfereGOV\",\nROUND(OFFSET($P23,0,AJ$13),15-13*ORÇAMENTO!$AF$7)/$H23*OFFSET(ORÇAMENTO!$X$15,ROW(AJ23)-ROW(AJ$15),0),\nROUND(ROUND(OFFSET($P23,0,AJ$13),15-13*ORÇAMENTO!$AF$7)*OFFSET(ORÇAMENTO!$W$15,ROW(AJ23)-ROW(AJ$15),0),15-13*ORÇAMENTO!$AF$11)),0)","v":0},{"$f":"IF(AND($D23=\"Serviço\",AK$12<>0,$H23>0,OR(AUTOEVENTO<>\"manual\",$M23<>1)),\nIF(Import.TipoArredondamento<>\"TransfereGOV\",\nROUND(OFFSET($P23,0,AK$13),15-13*ORÇAMENTO!$AF$7)/$H23*OFFSET(ORÇAMENTO!$X$15,ROW(AK23)-ROW(AK$15),0),\nROUND(ROUND(OFFSET($P23,0,AK$13),15-13*ORÇAMENTO!$AF$7)*OFFSET(ORÇAMENTO!$W$15,ROW(AK23)-ROW(AK$15),0),15-13*ORÇAMENTO!$AF$11)),0)","v":0},null,{"$f":"IF($D23<>\"Serviço\",0,IF(AND(AUTOEVENTO=\"Manual\",$M23=1),0,IF(OFFSET(CRONOPLE!$F$14,$M23,AM$13)=\"\",10^12,OFFSET(CRONOPLE!$F$14,$M23,AM$13))))","v":1000000000000},{"$f":"IF($D23<>\"Serviço\",0,IF(AND(AUTOEVENTO=\"Manual\",$M23=1),0,IF(OFFSET(CRONOPLE!$F$14,$M23,AN$13)=\"\",10^12,OFFSET(CRONOPLE!$F$14,$M23,AN$13))))","v":1000000000000},{"$f":"IF($D23<>\"Serviço\",0,IF(AND(AUTOEVENTO=\"Manual\",$M23=1),0,IF(OFFSET(CRONOPLE!$F$14,$M23,AO$13)=\"\",10^12,OFFSET(CRONOPLE!$F$14,$M23,AO$13))))","v":1000000000000},{"$f":"IF($D23<>\"Serviço\",0,IF(AND(AUTOEVENTO=\"Manual\",$M23=1),0,IF(OFFSET(CRONOPLE!$F$14,$M23,AP$13)=\"\",10^12,OFFSET(CRONOPLE!$F$14,$M23,AP$13))))","v":1000000000000},{"$f":"IF($D23<>\"Serviço\",0,IF(AND(AUTOEVENTO=\"Manual\",$M23=1),0,IF(OFFSET(CRONOPLE!$F$14,$M23,AQ$13)=\"\",10^12,OFFSET(CRONOPLE!$F$14,$M23,AQ$13))))","v":1000000000000},{"$f":"IF($D23<>\"Serviço\",0,IF(AND(AUTOEVENTO=\"Manual\",$M23=1),0,IF(OFFSET(CRONOPLE!$F$14,$M23,AR$13)=\"\",10^12,OFFSET(CRONOPLE!$F$14,$M23,AR$13))))","v":1000000000000},{"$f":"IF($D23<>\"Serviço\",0,IF(AND(AUTOEVENTO=\"Manual\",$M23=1),0,IF(OFFSET(CRONOPLE!$F$14,$M23,AS$13)=\"\",10^12,OFFSET(CRONOPLE!$F$14,$M23,AS$13))))","v":1000000000000},{"$f":"IF($D23<>\"Serviço\",0,IF(AND(AUTOEVENTO=\"Manual\",$M23=1),0,IF(OFFSET(CRONOPLE!$F$14,$M23,AT$13)=\"\",10^12,OFFSET(CRONOPLE!$F$14,$M23,AT$13))))","v":1000000000000},{"$f":"IF($D23<>\"Serviço\",0,IF(AND(AUTOEVENTO=\"Manual\",$M23=1),0,IF(OFFSET(CRONOPLE!$F$14,$M23,AU$13)=\"\",10^12,OFFSET(CRONOPLE!$F$14,$M23,AU$13))))","v":1000000000000},{"$f":"IF($D23<>\"Serviço\",0,IF(AND(AUTOEVENTO=\"Manual\",$M23=1),0,IF(OFFSET(CRONOPLE!$F$14,$M23,AV$13)=\"\",10^12,OFFSET(CRONOPLE!$F$14,$M23,AV$13))))","v":1000000000000},null,{"$f":"IF($D23<>\"Serviço\",0,IF(OR(AND(AUTOEVENTO=\"Manual\",$M23=1),$M23>(ROW(PLE.lastrow)-ROW(PLE.firstrow))),0,IF(OFFSET(PLE!$G$14,$M23,AX$13)=\"\",10^12,OFFSET(PLE!$G$14,$M23,AX$13))))","v":1000000000000},{"$f":"IF($D23<>\"Serviço\",0,IF(OR(AND(AUTOEVENTO=\"Manual\",$M23=1),$M23>(ROW(PLE.lastrow)-ROW(PLE.firstrow))),0,IF(OFFSET(PLE!$G$14,$M23,AY$13)=\"\",10^12,OFFSET(PLE!$G$14,$M23,AY$13))))","v":1000000000000},{"$f":"IF($D23<>\"Serviço\",0,IF(OR(AND(AUTOEVENTO=\"Manual\",$M23=1),$M23>(ROW(PLE.lastrow)-ROW(PLE.firstrow))),0,IF(OFFSET(PLE!$G$14,$M23,AZ$13)=\"\",10^12,OFFSET(PLE!$G$14,$M23,AZ$13))))","v":1000000000000},{"$f":"IF($D23<>\"Serviço\",0,IF(OR(AND(AUTOEVENTO=\"Manual\",$M23=1),$M23>(ROW(PLE.lastrow)-ROW(PLE.firstrow))),0,IF(OFFSET(PLE!$G$14,$M23,BA$13)=\"\",10^12,OFFSET(PLE!$G$14,$M23,BA$13))))","v":1000000000000},{"$f":"IF($D23<>\"Serviço\",0,IF(OR(AND(AUTOEVENTO=\"Manual\",$M23=1),$M23>(ROW(PLE.lastrow)-ROW(PLE.firstrow))),0,IF(OFFSET(PLE!$G$14,$M23,BB$13)=\"\",10^12,OFFSET(PLE!$G$14,$M23,BB$13))))","v":1000000000000},{"$f":"IF($D23<>\"Serviço\",0,IF(OR(AND(AUTOEVENTO=\"Manual\",$M23=1),$M23>(ROW(PLE.lastrow)-ROW(PLE.firstrow))),0,IF(OFFSET(PLE!$G$14,$M23,BC$13)=\"\",10^12,OFFSET(PLE!$G$14,$M23,BC$13))))","v":1000000000000},{"$f":"IF($D23<>\"Serviço\",0,IF(OR(AND(AUTOEVENTO=\"Manual\",$M23=1),$M23>(ROW(PLE.lastrow)-ROW(PLE.firstrow))),0,IF(OFFSET(PLE!$G$14,$M23,BD$13)=\"\",10^12,OFFSET(PLE!$G$14,$M23,BD$13))))","v":1000000000000},{"$f":"IF($D23<>\"Serviço\",0,IF(OR(AND(AUTOEVENTO=\"Manual\",$M23=1),$M23>(ROW(PLE.lastrow)-ROW(PLE.firstrow))),0,IF(OFFSET(PLE!$G$14,$M23,BE$13)=\"\",10^12,OFFSET(PLE!$G$14,$M23,BE$13))))","v":1000000000000},{"$f":"IF($D23<>\"Serviço\",0,IF(OR(AND(AUTOEVENTO=\"Manual\",$M23=1),$M23>(ROW(PLE.lastrow)-ROW(PLE.firstrow))),0,IF(OFFSET(PLE!$G$14,$M23,BF$13)=\"\",10^12,OFFSET(PLE!$G$14,$M23,BF$13))))","v":1000000000000},{"$f":"IF($D23<>\"Serviço\",0,IF(OR(AND(AUTOEVENTO=\"Manual\",$M23=1),$M23>(ROW(PLE.lastrow)-ROW(PLE.firstrow))),0,IF(OFFSET(PLE!$G$14,$M23,BG$13)=\"\",10^12,OFFSET(PLE!$G$14,$M23,BG$13))))","v":1000000000000}]
["2",{"$f":"OFFSET(ORÇAMENTO!C$15,ROW(B24)-ROW(B$15),0)","v":"S"},{"$f":"OFFSET(ORÇAMENTO!L$15,ROW(C24)-ROW(C$15),0)","v":"F"},{"$f":"OFFSET(ORÇAMENTO!N$15,ROW(D24)-ROW(D$15),0)","v":"Serviço"},{"$f":"OFFSET(ORÇAMENTO!O$15,ROW(E24)-ROW(E$15),0)","v":"1.1.0.0.7."},{"$f":"OFFSET(ORÇAMENTO!R$15,ROW(F24)-ROW(F$15),0)","v":"REMOÇÃO DE TUBULAÇÕES (TUBOS E CONEXÕES) DE ÁGUA FRIA, DE FORMA MANUAL, SEM REAPROVEITAMENTO. AF_09/2023"},{"$f":"IF($D24<>\"Serviço\",\"\",OFFSET(ORÇAMENTO!S$15,ROW(G24)-ROW(G$15),0))","v":"M"},{"$f":"IF($D24<>\"Serviço\",0,IF(ACOMPANHAMENTO=\"BM\",ROUND(OFFSET(ORÇAMENTO!AJ$15,ROW(H24)-ROW(H$15),0),15-13*ORÇAMENTO!$AF$7),SUMPRODUCT(($Q$12:$AA$12<>\"\")*ROUND($Q24:$AA24,15-13*ORÇAMENTO!$AF$7))))","v":130},null,null,null,".",{"$f":"IF($D24<>\"Serviço\",\"\",IF(AUTOEVENTO=\"manual\",$A24,IF(ISERROR(MATCH($A24,$A$15:OFFSET($A24,-1,0),0)),MAX($M$15:OFFSET(M24,-1,0))+1,INDEX($M$15:OFFSET(M24,-1,0),MATCH($A24,$A$15:OFFSET($A24,-1,0),0)))))","v":2},{"$f":"IF($D24<>\"Serviço\",\"\",IF(AUTOEVENTO=\"Manual\",IF($A24=0,\"<-- defina o número do agrupador\",OFFSET(EVENTOS!$D$14,$A24,0)),OFFSET($F$15,$A24,0)))","v":"SERVIÇOS PRELIMINARES"},null,null,null,null,null,null,null,null,null,null,null,null,null,{"$f":"IF(AND($D24=\"Serviço\",AB$12<>0,$H24>0,OR(AUTOEVENTO<>\"manual\",$M24<>1)),\nIF(Import.TipoArredondamento<>\"TransfereGOV\",\nROUND(OFFSET($P24,0,AB$13),15-13*ORÇAMENTO!$AF$7)/$H24*OFFSET(ORÇAMENTO!$X$15,ROW(AB24)-ROW(AB$15),0),\nROUND(ROUND(OFFSET($P24,0,AB$13),15-13*ORÇAMENTO!$AF$7)*OFFSET(ORÇAMENTO!$W$15,ROW(AB24)-ROW(AB$15),0),15-13*ORÇAMENTO!$AF$11)),0)","v":0},{"$f":"IF(AND($D24=\"Serviço\",AC$12<>0,$H24>0,OR(AUTOEVENTO<>\"manual\",$M24<>1)),\nIF(Import.TipoArredondamento<>\"TransfereGOV\",\nROUND(OFFSET($P24,0,AC$13),15-13*ORÇAMENTO!$AF$7)/$H24*OFFSET(ORÇAMENTO!$X$15,ROW(AC24)-ROW(AC$15),0),\nROUND(ROUND(OFFSET($P24,0,AC$13),15-13*ORÇAMENTO!$AF$7)*OFFSET(ORÇAMENTO!$W$15,ROW(AC24)-ROW(AC$15),0),15-13*ORÇAMENTO!$AF$11)),0)","v":0},{"$f":"IF(AND($D24=\"Serviço\",AD$12<>0,$H24>0,OR(AUTOEVENTO<>\"manual\",$M24<>1)),\nIF(Import.TipoArredondamento<>\"TransfereGOV\",\nROUND(OFFSET($P24,0,AD$13),15-13*ORÇAMENTO!$AF$7)/$H24*OFFSET(ORÇAMENTO!$X$15,ROW(AD24)-ROW(AD$15),0),\nROUND(ROUND(OFFSET($P24,0,AD$13),15-13*ORÇAMENTO!$AF$7)*OFFSET(ORÇAMENTO!$W$15,ROW(AD24)-ROW(AD$15),0),15-13*ORÇAMENTO!$AF$11)),0)","v":0},{"$f":"IF(AND($D24=\"Serviço\",AE$12<>0,$H24>0,OR(AUTOEVENTO<>\"manual\",$M24<>1)),\nIF(Import.TipoArredondamento<>\"TransfereGOV\",\nROUND(OFFSET($P24,0,AE$13),15-13*ORÇAMENTO!$AF$7)/$H24*OFFSET(ORÇAMENTO!$X$15,ROW(AE24)-ROW(AE$15),0),\nROUND(ROUND(OFFSET($P24,0,AE$13),15-13*ORÇAMENTO!$AF$7)*OFFSET(ORÇAMENTO!$W$15,ROW(AE24)-ROW(AE$15),0),15-13*ORÇAMENTO!$AF$11)),0)","v":0},{"$f":"IF(AND($D24=\"Serviço\",AF$12<>0,$H24>0,OR(AUTOEVENTO<>\"manual\",$M24<>1)),\nIF(Import.TipoArredondamento<>\"TransfereGOV\",\nROUND(OFFSET($P24,0,AF$13),15-13*ORÇAMENTO!$AF$7)/$H24*OFFSET(ORÇAMENTO!$X$15,ROW(AF24)-ROW(AF$15),0),\nROUND(ROUND(OFFSET($P24,0,AF$13),15-13*ORÇAMENTO!$AF$7)*OFFSET(ORÇAMENTO!$W$15,ROW(AF24)-ROW(AF$15),0),15-13*ORÇAMENTO!$AF$11)),0)","v":0},{"$f":"IF(AND($D24=\"Serviço\",AG$12<>0,$H24>0,OR(AUTOEVENTO<>\"manual\",$M24<>1)),\nIF(Import.TipoArredondamento<>\"TransfereGOV\",\nROUND(OFFSET($P24,0,AG$13),15-13*ORÇAMENTO!$AF$7)/$H24*OFFSET(ORÇAMENTO!$X$15,ROW(AG24)-ROW(AG$15),0),\nROUND(ROUND(OFFSET($P24,0,AG$13),15-13*ORÇAMENTO!$AF$7)*OFFSET(ORÇAMENTO!$W$15,ROW(AG24)-ROW(AG$15),0),15-13*ORÇAMENTO!$AF$11)),0)","v":0},{"$f":"IF(AND($D24=\"Serviço\",AH$12<>0,$H24>0,OR(AUTOEVENTO<>\"manual\",$M24<>1)),\nIF(Import.TipoArredondamento<>\"TransfereGOV\",\nROUND(OFFSET($P24,0,AH$13),15-13*ORÇAMENTO!$AF$7)/$H24*OFFSET(ORÇAMENTO!$X$15,ROW(AH24)-ROW(AH$15),0),\nROUND(ROUND(OFFSET($P24,0,AH$13),15-13*ORÇAMENTO!$AF$7)*OFFSET(ORÇAMENTO!$W$15,ROW(AH24)-ROW(AH$15),0),15-13*ORÇAMENTO!$AF$11)),0)","v":0},{"$f":"IF(AND($D24=\"Serviço\",AI$12<>0,$H24>0,OR(AUTOEVENTO<>\"manual\",$M24<>1)),\nIF(Import.TipoArredondamento<>\"TransfereGOV\",\nROUND(OFFSET($P24,0,AI$13),15-13*ORÇAMENTO!$AF$7)/$H24*OFFSET(ORÇAMENTO!$X$15,ROW(AI24)-ROW(AI$15),0),\nROUND(ROUND(OFFSET($P24,0,AI$13),15-13*ORÇAMENTO!$AF$7)*OFFSET(ORÇAMENTO!$W$15,ROW(AI24)-ROW(AI$15),0),15-13*ORÇAMENTO!$AF$11)),0)","v":0},{"$f":"IF(AND($D24=\"Serviço\",AJ$12<>0,$H24>0,OR(AUTOEVENTO<>\"manual\",$M24<>1)),\nIF(Import.TipoArredondamento<>\"TransfereGOV\",\nROUND(OFFSET($P24,0,AJ$13),15-13*ORÇAMENTO!$AF$7)/$H24*OFFSET(ORÇAMENTO!$X$15,ROW(AJ24)-ROW(AJ$15),0),\nROUND(ROUND(OFFSET($P24,0,AJ$13),15-13*ORÇAMENTO!$AF$7)*OFFSET(ORÇAMENTO!$W$15,ROW(AJ24)-ROW(AJ$15),0),15-13*ORÇAMENTO!$AF$11)),0)","v":0},{"$f":"IF(AND($D24=\"Serviço\",AK$12<>0,$H24>0,OR(AUTOEVENTO<>\"manual\",$M24<>1)),\nIF(Import.TipoArredondamento<>\"TransfereGOV\",\nROUND(OFFSET($P24,0,AK$13),15-13*ORÇAMENTO!$AF$7)/$H24*OFFSET(ORÇAMENTO!$X$15,ROW(AK24)-ROW(AK$15),0),\nROUND(ROUND(OFFSET($P24,0,AK$13),15-13*ORÇAMENTO!$AF$7)*OFFSET(ORÇAMENTO!$W$15,ROW(AK24)-ROW(AK$15),0),15-13*ORÇAMENTO!$AF$11)),0)","v":0},null,{"$f":"IF($D24<>\"Serviço\",0,IF(AND(AUTOEVENTO=\"Manual\",$M24=1),0,IF(OFFSET(CRONOPLE!$F$14,$M24,AM$13)=\"\",10^12,OFFSET(CRONOPLE!$F$14,$M24,AM$13))))","v":1000000000000},{"$f":"IF($D24<>\"Serviço\",0,IF(AND(AUTOEVENTO=\"Manual\",$M24=1),0,IF(OFFSET(CRONOPLE!$F$14,$M24,AN$13)=\"\",10^12,OFFSET(CRONOPLE!$F$14,$M24,AN$13))))","v":1000000000000},{"$f":"IF($D24<>\"Serviço\",0,IF(AND(AUTOEVENTO=\"Manual\",$M24=1),0,IF(OFFSET(CRONOPLE!$F$14,$M24,AO$13)=\"\",10^12,OFFSET(CRONOPLE!$F$14,$M24,AO$13))))","v":1000000000000},{"$f":"IF($D24<>\"Serviço\",0,IF(AND(AUTOEVENTO=\"Manual\",$M24=1),0,IF(OFFSET(CRONOPLE!$F$14,$M24,AP$13)=\"\",10^12,OFFSET(CRONOPLE!$F$14,$M24,AP$13))))","v":1000000000000},{"$f":"IF($D24<>\"Serviço\",0,IF(AND(AUTOEVENTO=\"Manual\",$M24=1),0,IF(OFFSET(CRONOPLE!$F$14,$M24,AQ$13)=\"\",10^12,OFFSET(CRONOPLE!$F$14,$M24,AQ$13))))","v":1000000000000},{"$f":"IF($D24<>\"Serviço\",0,IF(AND(AUTOEVENTO=\"Manual\",$M24=1),0,IF(OFFSET(CRONOPLE!$F$14,$M24,AR$13)=\"\",10^12,OFFSET(CRONOPLE!$F$14,$M24,AR$13))))","v":1000000000000},{"$f":"IF($D24<>\"Serviço\",0,IF(AND(AUTOEVENTO=\"Manual\",$M24=1),0,IF(OFFSET(CRONOPLE!$F$14,$M24,AS$13)=\"\",10^12,OFFSET(CRONOPLE!$F$14,$M24,AS$13))))","v":1000000000000},{"$f":"IF($D24<>\"Serviço\",0,IF(AND(AUTOEVENTO=\"Manual\",$M24=1),0,IF(OFFSET(CRONOPLE!$F$14,$M24,AT$13)=\"\",10^12,OFFSET(CRONOPLE!$F$14,$M24,AT$13))))","v":1000000000000},{"$f":"IF($D24<>\"Serviço\",0,IF(AND(AUTOEVENTO=\"Manual\",$M24=1),0,IF(OFFSET(CRONOPLE!$F$14,$M24,AU$13)=\"\",10^12,OFFSET(CRONOPLE!$F$14,$M24,AU$13))))","v":1000000000000},{"$f":"IF($D24<>\"Serviço\",0,IF(AND(AUTOEVENTO=\"Manual\",$M24=1),0,IF(OFFSET(CRONOPLE!$F$14,$M24,AV$13)=\"\",10^12,OFFSET(CRONOPLE!$F$14,$M24,AV$13))))","v":1000000000000},null,{"$f":"IF($D24<>\"Serviço\",0,IF(OR(AND(AUTOEVENTO=\"Manual\",$M24=1),$M24>(ROW(PLE.lastrow)-ROW(PLE.firstrow))),0,IF(OFFSET(PLE!$G$14,$M24,AX$13)=\"\",10^12,OFFSET(PLE!$G$14,$M24,AX$13))))","v":1000000000000},{"$f":"IF($D24<>\"Serviço\",0,IF(OR(AND(AUTOEVENTO=\"Manual\",$M24=1),$M24>(ROW(PLE.lastrow)-ROW(PLE.firstrow))),0,IF(OFFSET(PLE!$G$14,$M24,AY$13)=\"\",10^12,OFFSET(PLE!$G$14,$M24,AY$13))))","v":1000000000000},{"$f":"IF($D24<>\"Serviço\",0,IF(OR(AND(AUTOEVENTO=\"Manual\",$M24=1),$M24>(ROW(PLE.lastrow)-ROW(PLE.firstrow))),0,IF(OFFSET(PLE!$G$14,$M24,AZ$13)=\"\",10^12,OFFSET(PLE!$G$14,$M24,AZ$13))))","v":1000000000000},{"$f":"IF($D24<>\"Serviço\",0,IF(OR(AND(AUTOEVENTO=\"Manual\",$M24=1),$M24>(ROW(PLE.lastrow)-ROW(PLE.firstrow))),0,IF(OFFSET(PLE!$G$14,$M24,BA$13)=\"\",10^12,OFFSET(PLE!$G$14,$M24,BA$13))))","v":1000000000000},{"$f":"IF($D24<>\"Serviço\",0,IF(OR(AND(AUTOEVENTO=\"Manual\",$M24=1),$M24>(ROW(PLE.lastrow)-ROW(PLE.firstrow))),0,IF(OFFSET(PLE!$G$14,$M24,BB$13)=\"\",10^12,OFFSET(PLE!$G$14,$M24,BB$13))))","v":1000000000000},{"$f":"IF($D24<>\"Serviço\",0,IF(OR(AND(AUTOEVENTO=\"Manual\",$M24=1),$M24>(ROW(PLE.lastrow)-ROW(PLE.firstrow))),0,IF(OFFSET(PLE!$G$14,$M24,BC$13)=\"\",10^12,OFFSET(PLE!$G$14,$M24,BC$13))))","v":1000000000000},{"$f":"IF($D24<>\"Serviço\",0,IF(OR(AND(AUTOEVENTO=\"Manual\",$M24=1),$M24>(ROW(PLE.lastrow)-ROW(PLE.firstrow))),0,IF(OFFSET(PLE!$G$14,$M24,BD$13)=\"\",10^12,OFFSET(PLE!$G$14,$M24,BD$13))))","v":1000000000000},{"$f":"IF($D24<>\"Serviço\",0,IF(OR(AND(AUTOEVENTO=\"Manual\",$M24=1),$M24>(ROW(PLE.lastrow)-ROW(PLE.firstrow))),0,IF(OFFSET(PLE!$G$14,$M24,BE$13)=\"\",10^12,OFFSET(PLE!$G$14,$M24,BE$13))))","v":1000000000000},{"$f":"IF($D24<>\"Serviço\",0,IF(OR(AND(AUTOEVENTO=\"Manual\",$M24=1),$M24>(ROW(PLE.lastrow)-ROW(PLE.firstrow))),0,IF(OFFSET(PLE!$G$14,$M24,BF$13)=\"\",10^12,OFFSET(PLE!$G$14,$M24,BF$13))))","v":1000000000000},{"$f":"IF($D24<>\"Serviço\",0,IF(OR(AND(AUTOEVENTO=\"Manual\",$M24=1),$M24>(ROW(PLE.lastrow)-ROW(PLE.firstrow))),0,IF(OFFSET(PLE!$G$14,$M24,BG$13)=\"\",10^12,OFFSET(PLE!$G$14,$M24,BG$13))))","v":1000000000000}]
["2",{"$f":"OFFSET(ORÇAMENTO!C$15,ROW(B25)-ROW(B$15),0)","v":"S"},{"$f":"OFFSET(ORÇAMENTO!L$15,ROW(C25)-ROW(C$15),0)","v":"F"},{"$f":"OFFSET(ORÇAMENTO!N$15,ROW(D25)-ROW(D$15),0)","v":"Serviço"},{"$f":"OFFSET(ORÇAMENTO!O$15,ROW(E25)-ROW(E$15),0)","v":"1.1.0.0.8."},{"$f":"OFFSET(ORÇAMENTO!R$15,ROW(F25)-ROW(F$15),0)","v":"DEMOLIÇÃO DE REVESTIMENTO CERÂMICO, DE FORMA MANUAL, SEM REAPROVEITAMENTO. AF_09/2023"},{"$f":"IF($D25<>\"Serviço\",\"\",OFFSET(ORÇAMENTO!S$15,ROW(G25)-ROW(G$15),0))","v":"M2"},{"$f":"IF($D25<>\"Serviço\",0,IF(ACOMPANHAMENTO=\"BM\",ROUND(OFFSET(ORÇAMENTO!AJ$15,ROW(H25)-ROW(H$15),0),15-13*ORÇAMENTO!$AF$7),SUMPRODUCT(($Q$12:$AA$12<>\"\")*ROUND($Q25:$AA25,15-13*ORÇAMENTO!$AF$7))))","v":1060.83},null,null,null,".",{"$f":"IF($D25<>\"Serviço\",\"\",IF(AUTOEVENTO=\"manual\",$A25,IF(ISERROR(MATCH($A25,$A$15:OFFSET($A25,-1,0),0)),MAX($M$15:OFFSET(M25,-1,0))+1,INDEX($M$15:OFFSET(M25,-1,0),MATCH($A25,$A$15:OFFSET($A25,-1,0),0)))))","v":2},{"$f":"IF($D25<>\"Serviço\",\"\",IF(AUTOEVENTO=\"Manual\",IF($A25=0,\"<-- defina o número do agrupador\",OFFSET(EVENTOS!$D$14,$A25,0)),OFFSET($F$15,$A25,0)))","v":"SERVIÇOS PRELIMINARES"},null,null,null,null,null,null,null,null,null,null,null,null,null,{"$f":"IF(AND($D25=\"Serviço\",AB$12<>0,$H25>0,OR(AUTOEVENTO<>\"manual\",$M25<>1)),\nIF(Import.TipoArredondamento<>\"TransfereGOV\",\nROUND(OFFSET($P25,0,AB$13),15-13*ORÇAMENTO!$AF$7)/$H25*OFFSET(ORÇAMENTO!$X$15,ROW(AB25)-ROW(AB$15),0),\nROUND(ROUND(OFFSET($P25,0,AB$13),15-13*ORÇAMENTO!$AF$7)*OFFSET(ORÇAMENTO!$W$15,ROW(AB25)-ROW(AB$15),0),15-13*ORÇAMENTO!$AF$11)),0)","v":0},{"$f":"IF(AND($D25=\"Serviço\",AC$12<>0,$H25>0,OR(AUTOEVENTO<>\"manual\",$M25<>1)),\nIF(Import.TipoArredondamento<>\"TransfereGOV\",\nROUND(OFFSET($P25,0,AC$13),15-13*ORÇAMENTO!$AF$7)/$H25*OFFSET(ORÇAMENTO!$X$15,ROW(AC25)-ROW(AC$15),0),\nROUND(ROUND(OFFSET($P25,0,AC$13),15-13*ORÇAMENTO!$AF$7)*OFFSET(ORÇAMENTO!$W$15,ROW(AC25)-ROW(AC$15),0),15-13*ORÇAMENTO!$AF$11)),0)","v":0},{"$f":"IF(AND($D25=\"Serviço\",AD$12<>0,$H25>0,OR(AUTOEVENTO<>\"manual\",$M25<>1)),\nIF(Import.TipoArredondamento<>\"TransfereGOV\",\nROUND(OFFSET($P25,0,AD$13),15-13*ORÇAMENTO!$AF$7)/$H25*OFFSET(ORÇAMENTO!$X$15,ROW(AD25)-ROW(AD$15),0),\nROUND(ROUND(OFFSET($P25,0,AD$13),15-13*ORÇAMENTO!$AF$7)*OFFSET(ORÇAMENTO!$W$15,ROW(AD25)-ROW(AD$15),0),15-13*ORÇAMENTO!$AF$11)),0)","v":0},{"$f":"IF(AND($D25=\"Serviço\",AE$12<>0,$H25>0,OR(AUTOEVENTO<>\"manual\",$M25<>1)),\nIF(Import.TipoArredondamento<>\"TransfereGOV\",\nROUND(OFFSET($P25,0,AE$13),15-13*ORÇAMENTO!$AF$7)/$H25*OFFSET(ORÇAMENTO!$X$15,ROW(AE25)-ROW(AE$15),0),\nROUND(ROUND(OFFSET($P25,0,AE$13),15-13*ORÇAMENTO!$AF$7)*OFFSET(ORÇAMENTO!$W$15,ROW(AE25)-ROW(AE$15),0),15-13*ORÇAMENTO!$AF$11)),0)","v":0},{"$f":"IF(AND($D25=\"Serviço\",AF$12<>0,$H25>0,OR(AUTOEVENTO<>\"manual\",$M25<>1)),\nIF(Import.TipoArredondamento<>\"TransfereGOV\",\nROUND(OFFSET($P25,0,AF$13),15-13*ORÇAMENTO!$AF$7)/$H25*OFFSET(ORÇAMENTO!$X$15,ROW(AF25)-ROW(AF$15),0),\nROUND(ROUND(OFFSET($P25,0,AF$13),15-13*ORÇAMENTO!$AF$7)*OFFSET(ORÇAMENTO!$W$15,ROW(AF25)-ROW(AF$15),0),15-13*ORÇAMENTO!$AF$11)),0)","v":0},{"$f":"IF(AND($D25=\"Serviço\",AG$12<>0,$H25>0,OR(AUTOEVENTO<>\"manual\",$M25<>1)),\nIF(Import.TipoArredondamento<>\"TransfereGOV\",\nROUND(OFFSET($P25,0,AG$13),15-13*ORÇAMENTO!$AF$7)/$H25*OFFSET(ORÇAMENTO!$X$15,ROW(AG25)-ROW(AG$15),0),\nROUND(ROUND(OFFSET($P25,0,AG$13),15-13*ORÇAMENTO!$AF$7)*OFFSET(ORÇAMENTO!$W$15,ROW(AG25)-ROW(AG$15),0),15-13*ORÇAMENTO!$AF$11)),0)","v":0},{"$f":"IF(AND($D25=\"Serviço\",AH$12<>0,$H25>0,OR(AUTOEVENTO<>\"manual\",$M25<>1)),\nIF(Import.TipoArredondamento<>\"TransfereGOV\",\nROUND(OFFSET($P25,0,AH$13),15-13*ORÇAMENTO!$AF$7)/$H25*OFFSET(ORÇAMENTO!$X$15,ROW(AH25)-ROW(AH$15),0),\nROUND(ROUND(OFFSET($P25,0,AH$13),15-13*ORÇAMENTO!$AF$7)*OFFSET(ORÇAMENTO!$W$15,ROW(AH25)-ROW(AH$15),0),15-13*ORÇAMENTO!$AF$11)),0)","v":0},{"$f":"IF(AND($D25=\"Serviço\",AI$12<>0,$H25>0,OR(AUTOEVENTO<>\"manual\",$M25<>1)),\nIF(Import.TipoArredondamento<>\"TransfereGOV\",\nROUND(OFFSET($P25,0,AI$13),15-13*ORÇAMENTO!$AF$7)/$H25*OFFSET(ORÇAMENTO!$X$15,ROW(AI25)-ROW(AI$15),0),\nROUND(ROUND(OFFSET($P25,0,AI$13),15-13*ORÇAMENTO!$AF$7)*OFFSET(ORÇAMENTO!$W$15,ROW(AI25)-ROW(AI$15),0),15-13*ORÇAMENTO!$AF$11)),0)","v":0},{"$f":"IF(AND($D25=\"Serviço\",AJ$12<>0,$H25>0,OR(AUTOEVENTO<>\"manual\",$M25<>1)),\nIF(Import.TipoArredondamento<>\"TransfereGOV\",\nROUND(OFFSET($P25,0,AJ$13),15-13*ORÇAMENTO!$AF$7)/$H25*OFFSET(ORÇAMENTO!$X$15,ROW(AJ25)-ROW(AJ$15),0),\nROUND(ROUND(OFFSET($P25,0,AJ$13),15-13*ORÇAMENTO!$AF$7)*OFFSET(ORÇAMENTO!$W$15,ROW(AJ25)-ROW(AJ$15),0),15-13*ORÇAMENTO!$AF$11)),0)","v":0},{"$f":"IF(AND($D25=\"Serviço\",AK$12<>0,$H25>0,OR(AUTOEVENTO<>\"manual\",$M25<>1)),\nIF(Import.TipoArredondamento<>\"TransfereGOV\",\nROUND(OFFSET($P25,0,AK$13),15-13*ORÇAMENTO!$AF$7)/$H25*OFFSET(ORÇAMENTO!$X$15,ROW(AK25)-ROW(AK$15),0),\nROUND(ROUND(OFFSET($P25,0,AK$13),15-13*ORÇAMENTO!$AF$7)*OFFSET(ORÇAMENTO!$W$15,ROW(AK25)-ROW(AK$15),0),15-13*ORÇAMENTO!$AF$11)),0)","v":0},null,{"$f":"IF($D25<>\"Serviço\",0,IF(AND(AUTOEVENTO=\"Manual\",$M25=1),0,IF(OFFSET(CRONOPLE!$F$14,$M25,AM$13)=\"\",10^12,OFFSET(CRONOPLE!$F$14,$M25,AM$13))))","v":1000000000000},{"$f":"IF($D25<>\"Serviço\",0,IF(AND(AUTOEVENTO=\"Manual\",$M25=1),0,IF(OFFSET(CRONOPLE!$F$14,$M25,AN$13)=\"\",10^12,OFFSET(CRONOPLE!$F$14,$M25,AN$13))))","v":1000000000000},{"$f":"IF($D25<>\"Serviço\",0,IF(AND(AUTOEVENTO=\"Manual\",$M25=1),0,IF(OFFSET(CRONOPLE!$F$14,$M25,AO$13)=\"\",10^12,OFFSET(CRONOPLE!$F$14,$M25,AO$13))))","v":1000000000000},{"$f":"IF($D25<>\"Serviço\",0,IF(AND(AUTOEVENTO=\"Manual\",$M25=1),0,IF(OFFSET(CRONOPLE!$F$14,$M25,AP$13)=\"\",10^12,OFFSET(CRONOPLE!$F$14,$M25,AP$13))))","v":1000000000000},{"$f":"IF($D25<>\"Serviço\",0,IF(AND(AUTOEVENTO=\"Manual\",$M25=1),0,IF(OFFSET(CRONOPLE!$F$14,$M25,AQ$13)=\"\",10^12,OFFSET(CRONOPLE!$F$14,$M25,AQ$13))))","v":1000000000000},{"$f":"IF($D25<>\"Serviço\",0,IF(AND(AUTOEVENTO=\"Manual\",$M25=1),0,IF(OFFSET(CRONOPLE!$F$14,$M25,AR$13)=\"\",10^12,OFFSET(CRONOPLE!$F$14,$M25,AR$13))))","v":1000000000000},{"$f":"IF($D25<>\"Serviço\",0,IF(AND(AUTOEVENTO=\"Manual\",$M25=1),0,IF(OFFSET(CRONOPLE!$F$14,$M25,AS$13)=\"\",10^12,OFFSET(CRONOPLE!$F$14,$M25,AS$13))))","v":1000000000000},{"$f":"IF($D25<>\"Serviço\",0,IF(AND(AUTOEVENTO=\"Manual\",$M25=1),0,IF(OFFSET(CRONOPLE!$F$14,$M25,AT$13)=\"\",10^12,OFFSET(CRONOPLE!$F$14,$M25,AT$13))))","v":1000000000000},{"$f":"IF($D25<>\"Serviço\",0,IF(AND(AUTOEVENTO=\"Manual\",$M25=1),0,IF(OFFSET(CRONOPLE!$F$14,$M25,AU$13)=\"\",10^12,OFFSET(CRONOPLE!$F$14,$M25,AU$13))))","v":1000000000000},{"$f":"IF($D25<>\"Serviço\",0,IF(AND(AUTOEVENTO=\"Manual\",$M25=1),0,IF(OFFSET(CRONOPLE!$F$14,$M25,AV$13)=\"\",10^12,OFFSET(CRONOPLE!$F$14,$M25,AV$13))))","v":1000000000000},null,{"$f":"IF($D25<>\"Serviço\",0,IF(OR(AND(AUTOEVENTO=\"Manual\",$M25=1),$M25>(ROW(PLE.lastrow)-ROW(PLE.firstrow))),0,IF(OFFSET(PLE!$G$14,$M25,AX$13)=\"\",10^12,OFFSET(PLE!$G$14,$M25,AX$13))))","v":1000000000000},{"$f":"IF($D25<>\"Serviço\",0,IF(OR(AND(AUTOEVENTO=\"Manual\",$M25=1),$M25>(ROW(PLE.lastrow)-ROW(PLE.firstrow))),0,IF(OFFSET(PLE!$G$14,$M25,AY$13)=\"\",10^12,OFFSET(PLE!$G$14,$M25,AY$13))))","v":1000000000000},{"$f":"IF($D25<>\"Serviço\",0,IF(OR(AND(AUTOEVENTO=\"Manual\",$M25=1),$M25>(ROW(PLE.lastrow)-ROW(PLE.firstrow))),0,IF(OFFSET(PLE!$G$14,$M25,AZ$13)=\"\",10^12,OFFSET(PLE!$G$14,$M25,AZ$13))))","v":1000000000000},{"$f":"IF($D25<>\"Serviço\",0,IF(OR(AND(AUTOEVENTO=\"Manual\",$M25=1),$M25>(ROW(PLE.lastrow)-ROW(PLE.firstrow))),0,IF(OFFSET(PLE!$G$14,$M25,BA$13)=\"\",10^12,OFFSET(PLE!$G$14,$M25,BA$13))))","v":1000000000000},{"$f":"IF($D25<>\"Serviço\",0,IF(OR(AND(AUTOEVENTO=\"Manual\",$M25=1),$M25>(ROW(PLE.lastrow)-ROW(PLE.firstrow))),0,IF(OFFSET(PLE!$G$14,$M25,BB$13)=\"\",10^12,OFFSET(PLE!$G$14,$M25,BB$13))))","v":1000000000000},{"$f":"IF($D25<>\"Serviço\",0,IF(OR(AND(AUTOEVENTO=\"Manual\",$M25=1),$M25>(ROW(PLE.lastrow)-ROW(PLE.firstrow))),0,IF(OFFSET(PLE!$G$14,$M25,BC$13)=\"\",10^12,OFFSET(PLE!$G$14,$M25,BC$13))))","v":1000000000000},{"$f":"IF($D25<>\"Serviço\",0,IF(OR(AND(AUTOEVENTO=\"Manual\",$M25=1),$M25>(ROW(PLE.lastrow)-ROW(PLE.firstrow))),0,IF(OFFSET(PLE!$G$14,$M25,BD$13)=\"\",10^12,OFFSET(PLE!$G$14,$M25,BD$13))))","v":1000000000000},{"$f":"IF($D25<>\"Serviço\",0,IF(OR(AND(AUTOEVENTO=\"Manual\",$M25=1),$M25>(ROW(PLE.lastrow)-ROW(PLE.firstrow))),0,IF(OFFSET(PLE!$G$14,$M25,BE$13)=\"\",10^12,OFFSET(PLE!$G$14,$M25,BE$13))))","v":1000000000000},{"$f":"IF($D25<>\"Serviço\",0,IF(OR(AND(AUTOEVENTO=\"Manual\",$M25=1),$M25>(ROW(PLE.lastrow)-ROW(PLE.firstrow))),0,IF(OFFSET(PLE!$G$14,$M25,BF$13)=\"\",10^12,OFFSET(PLE!$G$14,$M25,BF$13))))","v":1000000000000},{"$f":"IF($D25<>\"Serviço\",0,IF(OR(AND(AUTOEVENTO=\"Manual\",$M25=1),$M25>(ROW(PLE.lastrow)-ROW(PLE.firstrow))),0,IF(OFFSET(PLE!$G$14,$M25,BG$13)=\"\",10^12,OFFSET(PLE!$G$14,$M25,BG$13))))","v":1000000000000}]
["2",{"$f":"OFFSET(ORÇAMENTO!C$15,ROW(B26)-ROW(B$15),0)","v":"S"},{"$f":"OFFSET(ORÇAMENTO!L$15,ROW(C26)-ROW(C$15),0)","v":"F"},{"$f":"OFFSET(ORÇAMENTO!N$15,ROW(D26)-ROW(D$15),0)","v":"Serviço"},{"$f":"OFFSET(ORÇAMENTO!O$15,ROW(E26)-ROW(E$15),0)","v":"1.1.0.0.9."},{"$f":"OFFSET(ORÇAMENTO!R$15,ROW(F26)-ROW(F$15),0)","v":"DEMOLIÇÃO DE RODAPÉ CERÂMICO, DE FORMA MANUAL, SEM REAPROVEITAMENTO. AF_09/2023"},{"$f":"IF($D26<>\"Serviço\",\"\",OFFSET(ORÇAMENTO!S$15,ROW(G26)-ROW(G$15),0))","v":"M"},{"$f":"IF($D26<>\"Serviço\",0,IF(ACOMPANHAMENTO=\"BM\",ROUND(OFFSET(ORÇAMENTO!AJ$15,ROW(H26)-ROW(H$15),0),15-13*ORÇAMENTO!$AF$7),SUMPRODUCT(($Q$12:$AA$12<>\"\")*ROUND($Q26:$AA26,15-13*ORÇAMENTO!$AF$7))))","v":660.2},null,null,null,".",{"$f":"IF($D26<>\"Serviço\",\"\",IF(AUTOEVENTO=\"manual\",$A26,IF(ISERROR(MATCH($A26,$A$15:OFFSET($A26,-1,0),0)),MAX($M$15:OFFSET(M26,-1,0))+1,INDEX($M$15:OFFSET(M26,-1,0),MATCH($A26,$A$15:OFFSET($A26,-1,0),0)))))","v":2},{"$f":"IF($D26<>\"Serviço\",\"\",IF(AUTOEVENTO=\"Manual\",IF($A26=0,\"<-- defina o número do agrupador\",OFFSET(EVENTOS!$D$14,$A26,0)),OFFSET($F$15,$A26,0)))","v":"SERVIÇOS PRELIMINARES"},null,null,null,null,null,null,null,null,null,null,null,null,null,{"$f":"IF(AND($D26=\"Serviço\",AB$12<>0,$H26>0,OR(AUTOEVENTO<>\"manual\",$M26<>1)),\nIF(Import.TipoArredondamento<>\"TransfereGOV\",\nROUND(OFFSET($P26,0,AB$13),15-13*ORÇAMENTO!$AF$7)/$H26*OFFSET(ORÇAMENTO!$X$15,ROW(AB26)-ROW(AB$15),0),\nROUND(ROUND(OFFSET($P26,0,AB$13),15-13*ORÇAMENTO!$AF$7)*OFFSET(ORÇAMENTO!$W$15,ROW(AB26)-ROW(AB$15),0),15-13*ORÇAMENTO!$AF$11)),0)","v":0},{"$f":"IF(AND($D26=\"Serviço\",AC$12<>0,$H26>0,OR(AUTOEVENTO<>\"manual\",$M26<>1)),\nIF(Import.TipoArredondamento<>\"TransfereGOV\",\nROUND(OFFSET($P26,0,AC$13),15-13*ORÇAMENTO!$AF$7)/$H26*OFFSET(ORÇAMENTO!$X$15,ROW(AC26)-ROW(AC$15),0),\nROUND(ROUND(OFFSET($P26,0,AC$13),15-13*ORÇAMENTO!$AF$7)*OFFSET(ORÇAMENTO!$W$15,ROW(AC26)-ROW(AC$15),0),15-13*ORÇAMENTO!$AF$11)),0)","v":0},{"$f":"IF(AND($D26=\"Serviço\",AD$12<>0,$H26>0,OR(AUTOEVENTO<>\"manual\",$M26<>1)),\nIF(Import.TipoArredondamento<>\"TransfereGOV\",\nROUND(OFFSET($P26,0,AD$13),15-13*ORÇAMENTO!$AF$7)/$H26*OFFSET(ORÇAMENTO!$X$15,ROW(AD26)-ROW(AD$15),0),\nROUND(ROUND(OFFSET($P26,0,AD$13),15-13*ORÇAMENTO!$AF$7)*OFFSET(ORÇAMENTO!$W$15,ROW(AD26)-ROW(AD$15),0),15-13*ORÇAMENTO!$AF$11)),0)","v":0},{"$f":"IF(AND($D26=\"Serviço\",AE$12<>0,$H26>0,OR(AUTOEVENTO<>\"manual\",$M26<>1)),\nIF(Import.TipoArredondamento<>\"TransfereGOV\",\nROUND(OFFSET($P26,0,AE$13),15-13*ORÇAMENTO!$AF$7)/$H26*OFFSET(ORÇAMENTO!$X$15,ROW(AE26)-ROW(AE$15),0),\nROUND(ROUND(OFFSET($P26,0,AE$13),15-13*ORÇAMENTO!$AF$7)*OFFSET(ORÇAMENTO!$W$15,ROW(AE26)-ROW(AE$15),0),15-13*ORÇAMENTO!$AF$11)),0)","v":0},{"$f":"IF(AND($D26=\"Serviço\",AF$12<>0,$H26>0,OR(AUTOEVENTO<>\"manual\",$M26<>1)),\nIF(Import.TipoArredondamento<>\"TransfereGOV\",\nROUND(OFFSET($P26,0,AF$13),15-13*ORÇAMENTO!$AF$7)/$H26*OFFSET(ORÇAMENTO!$X$15,ROW(AF26)-ROW(AF$15),0),\nROUND(ROUND(OFFSET($P26,0,AF$13),15-13*ORÇAMENTO!$AF$7)*OFFSET(ORÇAMENTO!$W$15,ROW(AF26)-ROW(AF$15),0),15-13*ORÇAMENTO!$AF$11)),0)","v":0},{"$f":"IF(AND($D26=\"Serviço\",AG$12<>0,$H26>0,OR(AUTOEVENTO<>\"manual\",$M26<>1)),\nIF(Import.TipoArredondamento<>\"TransfereGOV\",\nROUND(OFFSET($P26,0,AG$13),15-13*ORÇAMENTO!$AF$7)/$H26*OFFSET(ORÇAMENTO!$X$15,ROW(AG26)-ROW(AG$15),0),\nROUND(ROUND(OFFSET($P26,0,AG$13),15-13*ORÇAMENTO!$AF$7)*OFFSET(ORÇAMENTO!$W$15,ROW(AG26)-ROW(AG$15),0),15-13*ORÇAMENTO!$AF$11)),0)","v":0},{"$f":"IF(AND($D26=\"Serviço\",AH$12<>0,$H26>0,OR(AUTOEVENTO<>\"manual\",$M26<>1)),\nIF(Import.TipoArredondamento<>\"TransfereGOV\",\nROUND(OFFSET($P26,0,AH$13),15-13*ORÇAMENTO!$AF$7)/$H26*OFFSET(ORÇAMENTO!$X$15,ROW(AH26)-ROW(AH$15),0),\nROUND(ROUND(OFFSET($P26,0,AH$13),15-13*ORÇAMENTO!$AF$7)*OFFSET(ORÇAMENTO!$W$15,ROW(AH26)-ROW(AH$15),0),15-13*ORÇAMENTO!$AF$11)),0)","v":0},{"$f":"IF(AND($D26=\"Serviço\",AI$12<>0,$H26>0,OR(AUTOEVENTO<>\"manual\",$M26<>1)),\nIF(Import.TipoArredondamento<>\"TransfereGOV\",\nROUND(OFFSET($P26,0,AI$13),15-13*ORÇAMENTO!$AF$7)/$H26*OFFSET(ORÇAMENTO!$X$15,ROW(AI26)-ROW(AI$15),0),\nROUND(ROUND(OFFSET($P26,0,AI$13),15-13*ORÇAMENTO!$AF$7)*OFFSET(ORÇAMENTO!$W$15,ROW(AI26)-ROW(AI$15),0),15-13*ORÇAMENTO!$AF$11)),0)","v":0},{"$f":"IF(AND($D26=\"Serviço\",AJ$12<>0,$H26>0,OR(AUTOEVENTO<>\"manual\",$M26<>1)),\nIF(Import.TipoArredondamento<>\"TransfereGOV\",\nROUND(OFFSET($P26,0,AJ$13),15-13*ORÇAMENTO!$AF$7)/$H26*OFFSET(ORÇAMENTO!$X$15,ROW(AJ26)-ROW(AJ$15),0),\nROUND(ROUND(OFFSET($P26,0,AJ$13),15-13*ORÇAMENTO!$AF$7)*OFFSET(ORÇAMENTO!$W$15,ROW(AJ26)-ROW(AJ$15),0),15-13*ORÇAMENTO!$AF$11)),0)","v":0},{"$f":"IF(AND($D26=\"Serviço\",AK$12<>0,$H26>0,OR(AUTOEVENTO<>\"manual\",$M26<>1)),\nIF(Import.TipoArredondamento<>\"TransfereGOV\",\nROUND(OFFSET($P26,0,AK$13),15-13*ORÇAMENTO!$AF$7)/$H26*OFFSET(ORÇAMENTO!$X$15,ROW(AK26)-ROW(AK$15),0),\nROUND(ROUND(OFFSET($P26,0,AK$13),15-13*ORÇAMENTO!$AF$7)*OFFSET(ORÇAMENTO!$W$15,ROW(AK26)-ROW(AK$15),0),15-13*ORÇAMENTO!$AF$11)),0)","v":0},null,{"$f":"IF($D26<>\"Serviço\",0,IF(AND(AUTOEVENTO=\"Manual\",$M26=1),0,IF(OFFSET(CRONOPLE!$F$14,$M26,AM$13)=\"\",10^12,OFFSET(CRONOPLE!$F$14,$M26,AM$13))))","v":1000000000000},{"$f":"IF($D26<>\"Serviço\",0,IF(AND(AUTOEVENTO=\"Manual\",$M26=1),0,IF(OFFSET(CRONOPLE!$F$14,$M26,AN$13)=\"\",10^12,OFFSET(CRONOPLE!$F$14,$M26,AN$13))))","v":1000000000000},{"$f":"IF($D26<>\"Serviço\",0,IF(AND(AUTOEVENTO=\"Manual\",$M26=1),0,IF(OFFSET(CRONOPLE!$F$14,$M26,AO$13)=\"\",10^12,OFFSET(CRONOPLE!$F$14,$M26,AO$13))))","v":1000000000000},{"$f":"IF($D26<>\"Serviço\",0,IF(AND(AUTOEVENTO=\"Manual\",$M26=1),0,IF(OFFSET(CRONOPLE!$F$14,$M26,AP$13)=\"\",10^12,OFFSET(CRONOPLE!$F$14,$M26,AP$13))))","v":1000000000000},{"$f":"IF($D26<>\"Serviço\",0,IF(AND(AUTOEVENTO=\"Manual\",$M26=1),0,IF(OFFSET(CRONOPLE!$F$14,$M26,AQ$13)=\"\",10^12,OFFSET(CRONOPLE!$F$14,$M26,AQ$13))))","v":1000000000000},{"$f":"IF($D26<>\"Serviço\",0,IF(AND(AUTOEVENTO=\"Manual\",$M26=1),0,IF(OFFSET(CRONOPLE!$F$14,$M26,AR$13)=\"\",10^12,OFFSET(CRONOPLE!$F$14,$M26,AR$13))))","v":1000000000000},{"$f":"IF($D26<>\"Serviço\",0,IF(AND(AUTOEVENTO=\"Manual\",$M26=1),0,IF(OFFSET(CRONOPLE!$F$14,$M26,AS$13)=\"\",10^12,OFFSET(CRONOPLE!$F$14,$M26,AS$13))))","v":1000000000000},{"$f":"IF($D26<>\"Serviço\",0,IF(AND(AUTOEVENTO=\"Manual\",$M26=1),0,IF(OFFSET(CRONOPLE!$F$14,$M26,AT$13)=\"\",10^12,OFFSET(CRONOPLE!$F$14,$M26,AT$13))))","v":1000000000000},{"$f":"IF($D26<>\"Serviço\",0,IF(AND(AUTOEVENTO=\"Manual\",$M26=1),0,IF(OFFSET(CRONOPLE!$F$14,$M26,AU$13)=\"\",10^12,OFFSET(CRONOPLE!$F$14,$M26,AU$13))))","v":1000000000000},{"$f":"IF($D26<>\"Serviço\",0,IF(AND(AUTOEVENTO=\"Manual\",$M26=1),0,IF(OFFSET(CRONOPLE!$F$14,$M26,AV$13)=\"\",10^12,OFFSET(CRONOPLE!$F$14,$M26,AV$13))))","v":1000000000000},null,{"$f":"IF($D26<>\"Serviço\",0,IF(OR(AND(AUTOEVENTO=\"Manual\",$M26=1),$M26>(ROW(PLE.lastrow)-ROW(PLE.firstrow))),0,IF(OFFSET(PLE!$G$14,$M26,AX$13)=\"\",10^12,OFFSET(PLE!$G$14,$M26,AX$13))))","v":1000000000000},{"$f":"IF($D26<>\"Serviço\",0,IF(OR(AND(AUTOEVENTO=\"Manual\",$M26=1),$M26>(ROW(PLE.lastrow)-ROW(PLE.firstrow))),0,IF(OFFSET(PLE!$G$14,$M26,AY$13)=\"\",10^12,OFFSET(PLE!$G$14,$M26,AY$13))))","v":1000000000000},{"$f":"IF($D26<>\"Serviço\",0,IF(OR(AND(AUTOEVENTO=\"Manual\",$M26=1),$M26>(ROW(PLE.lastrow)-ROW(PLE.firstrow))),0,IF(OFFSET(PLE!$G$14,$M26,AZ$13)=\"\",10^12,OFFSET(PLE!$G$14,$M26,AZ$13))))","v":1000000000000},{"$f":"IF($D26<>\"Serviço\",0,IF(OR(AND(AUTOEVENTO=\"Manual\",$M26=1),$M26>(ROW(PLE.lastrow)-ROW(PLE.firstrow))),0,IF(OFFSET(PLE!$G$14,$M26,BA$13)=\"\",10^12,OFFSET(PLE!$G$14,$M26,BA$13))))","v":1000000000000},{"$f":"IF($D26<>\"Serviço\",0,IF(OR(AND(AUTOEVENTO=\"Manual\",$M26=1),$M26>(ROW(PLE.lastrow)-ROW(PLE.firstrow))),0,IF(OFFSET(PLE!$G$14,$M26,BB$13)=\"\",10^12,OFFSET(PLE!$G$14,$M26,BB$13))))","v":1000000000000},{"$f":"IF($D26<>\"Serviço\",0,IF(OR(AND(AUTOEVENTO=\"Manual\",$M26=1),$M26>(ROW(PLE.lastrow)-ROW(PLE.firstrow))),0,IF(OFFSET(PLE!$G$14,$M26,BC$13)=\"\",10^12,OFFSET(PLE!$G$14,$M26,BC$13))))","v":1000000000000},{"$f":"IF($D26<>\"Serviço\",0,IF(OR(AND(AUTOEVENTO=\"Manual\",$M26=1),$M26>(ROW(PLE.lastrow)-ROW(PLE.firstrow))),0,IF(OFFSET(PLE!$G$14,$M26,BD$13)=\"\",10^12,OFFSET(PLE!$G$14,$M26,BD$13))))","v":1000000000000},{"$f":"IF($D26<>\"Serviço\",0,IF(OR(AND(AUTOEVENTO=\"Manual\",$M26=1),$M26>(ROW(PLE.lastrow)-ROW(PLE.firstrow))),0,IF(OFFSET(PLE!$G$14,$M26,BE$13)=\"\",10^12,OFFSET(PLE!$G$14,$M26,BE$13))))","v":1000000000000},{"$f":"IF($D26<>\"Serviço\",0,IF(OR(AND(AUTOEVENTO=\"Manual\",$M26=1),$M26>(ROW(PLE.lastrow)-ROW(PLE.firstrow))),0,IF(OFFSET(PLE!$G$14,$M26,BF$13)=\"\",10^12,OFFSET(PLE!$G$14,$M26,BF$13))))","v":1000000000000},{"$f":"IF($D26<>\"Serviço\",0,IF(OR(AND(AUTOEVENTO=\"Manual\",$M26=1),$M26>(ROW(PLE.lastrow)-ROW(PLE.firstrow))),0,IF(OFFSET(PLE!$G$14,$M26,BG$13)=\"\",10^12,OFFSET(PLE!$G$14,$M26,BG$13))))","v":1000000000000}]
["2",{"$f":"OFFSET(ORÇAMENTO!C$15,ROW(B27)-ROW(B$15),0)","v":"S"},{"$f":"OFFSET(ORÇAMENTO!L$15,ROW(C27)-ROW(C$15),0)","v":"F"},{"$f":"OFFSET(ORÇAMENTO!N$15,ROW(D27)-ROW(D$15),0)","v":"Serviço"},{"$f":"OFFSET(ORÇAMENTO!O$15,ROW(E27)-ROW(E$15),0)","v":"1.1.0.0.10."},{"$f":"OFFSET(ORÇAMENTO!R$15,ROW(F27)-ROW(F$15),0)","v":"REMOÇÃO DE TELHAS DE FIBROCIMENTO METÁLICA E CERÂMICA, DE FORMA MANUAL, SEM REAPROVEITAMENTO. AF_09/2023"},{"$f":"IF($D27<>\"Serviço\",\"\",OFFSET(ORÇAMENTO!S$15,ROW(G27)-ROW(G$15),0))","v":"M2"},{"$f":"IF($D27<>\"Serviço\",0,IF(ACOMPANHAMENTO=\"BM\",ROUND(OFFSET(ORÇAMENTO!AJ$15,ROW(H27)-ROW(H$15),0),15-13*ORÇAMENTO!$AF$7),SUMPRODUCT(($Q$12:$AA$12<>\"\")*ROUND($Q27:$AA27,15-13*ORÇAMENTO!$AF$7))))","v":87.39},null,null,null,".",{"$f":"IF($D27<>\"Serviço\",\"\",IF(AUTOEVENTO=\"manual\",$A27,IF(ISERROR(MATCH($A27,$A$15:OFFSET($A27,-1,0),0)),MAX($M$15:OFFSET(M27,-1,0))+1,INDEX($M$15:OFFSET(M27,-1,0),MATCH($A27,$A$15:OFFSET($A27,-1,0),0)))))","v":2},{"$f":"IF($D27<>\"Serviço\",\"\",IF(AUTOEVENTO=\"Manual\",IF($A27=0,\"<-- defina o número do agrupador\",OFFSET(EVENTOS!$D$14,$A27,0)),OFFSET($F$15,$A27,0)))","v":"SERVIÇOS PRELIMINARES"},null,null,null,null,null,null,null,null,null,null,null,null,null,{"$f":"IF(AND($D27=\"Serviço\",AB$12<>0,$H27>0,OR(AUTOEVENTO<>\"manual\",$M27<>1)),\nIF(Import.TipoArredondamento<>\"TransfereGOV\",\nROUND(OFFSET($P27,0,AB$13),15-13*ORÇAMENTO!$AF$7)/$H27*OFFSET(ORÇAMENTO!$X$15,ROW(AB27)-ROW(AB$15),0),\nROUND(ROUND(OFFSET($P27,0,AB$13),15-13*ORÇAMENTO!$AF$7)*OFFSET(ORÇAMENTO!$W$15,ROW(AB27)-ROW(AB$15),0),15-13*ORÇAMENTO!$AF$11)),0)","v":0},{"$f":"IF(AND($D27=\"Serviço\",AC$12<>0,$H27>0,OR(AUTOEVENTO<>\"manual\",$M27<>1)),\nIF(Import.TipoArredondamento<>\"TransfereGOV\",\nROUND(OFFSET($P27,0,AC$13),15-13*ORÇAMENTO!$AF$7)/$H27*OFFSET(ORÇAMENTO!$X$15,ROW(AC27)-ROW(AC$15),0),\nROUND(ROUND(OFFSET($P27,0,AC$13),15-13*ORÇAMENTO!$AF$7)*OFFSET(ORÇAMENTO!$W$15,ROW(AC27)-ROW(AC$15),0),15-13*ORÇAMENTO!$AF$11)),0)","v":0},{"$f":"IF(AND($D27=\"Serviço\",AD$12<>0,$H27>0,OR(AUTOEVENTO<>\"manual\",$M27<>1)),\nIF(Import.TipoArredondamento<>\"TransfereGOV\",\nROUND(OFFSET($P27,0,AD$13),15-13*ORÇAMENTO!$AF$7)/$H27*OFFSET(ORÇAMENTO!$X$15,ROW(AD27)-ROW(AD$15),0),\nROUND(ROUND(OFFSET($P27,0,AD$13),15-13*ORÇAMENTO!$AF$7)*OFFSET(ORÇAMENTO!$W$15,ROW(AD27)-ROW(AD$15),0),15-13*ORÇAMENTO!$AF$11)),0)","v":0},{"$f":"IF(AND($D27=\"Serviço\",AE$12<>0,$H27>0,OR(AUTOEVENTO<>\"manual\",$M27<>1)),\nIF(Import.TipoArredondamento<>\"TransfereGOV\",\nROUND(OFFSET($P27,0,AE$13),15-13*ORÇAMENTO!$AF$7)/$H27*OFFSET(ORÇAMENTO!$X$15,ROW(AE27)-ROW(AE$15),0),\nROUND(ROUND(OFFSET($P27,0,AE$13),15-13*ORÇAMENTO!$AF$7)*OFFSET(ORÇAMENTO!$W$15,ROW(AE27)-ROW(AE$15),0),15-13*ORÇAMENTO!$AF$11)),0)","v":0},{"$f":"IF(AND($D27=\"Serviço\",AF$12<>0,$H27>0,OR(AUTOEVENTO<>\"manual\",$M27<>1)),\nIF(Import.TipoArredondamento<>\"TransfereGOV\",\nROUND(OFFSET($P27,0,AF$13),15-13*ORÇAMENTO!$AF$7)/$H27*OFFSET(ORÇAMENTO!$X$15,ROW(AF27)-ROW(AF$15),0),\nROUND(ROUND(OFFSET($P27,0,AF$13),15-13*ORÇAMENTO!$AF$7)*OFFSET(ORÇAMENTO!$W$15,ROW(AF27)-ROW(AF$15),0),15-13*ORÇAMENTO!$AF$11)),0)","v":0},{"$f":"IF(AND($D27=\"Serviço\",AG$12<>0,$H27>0,OR(AUTOEVENTO<>\"manual\",$M27<>1)),\nIF(Import.TipoArredondamento<>\"TransfereGOV\",\nROUND(OFFSET($P27,0,AG$13),15-13*ORÇAMENTO!$AF$7)/$H27*OFFSET(ORÇAMENTO!$X$15,ROW(AG27)-ROW(AG$15),0),\nROUND(ROUND(OFFSET($P27,0,AG$13),15-13*ORÇAMENTO!$AF$7)*OFFSET(ORÇAMENTO!$W$15,ROW(AG27)-ROW(AG$15),0),15-13*ORÇAMENTO!$AF$11)),0)","v":0},{"$f":"IF(AND($D27=\"Serviço\",AH$12<>0,$H27>0,OR(AUTOEVENTO<>\"manual\",$M27<>1)),\nIF(Import.TipoArredondamento<>\"TransfereGOV\",\nROUND(OFFSET($P27,0,AH$13),15-13*ORÇAMENTO!$AF$7)/$H27*OFFSET(ORÇAMENTO!$X$15,ROW(AH27)-ROW(AH$15),0),\nROUND(ROUND(OFFSET($P27,0,AH$13),15-13*ORÇAMENTO!$AF$7)*OFFSET(ORÇAMENTO!$W$15,ROW(AH27)-ROW(AH$15),0),15-13*ORÇAMENTO!$AF$11)),0)","v":0},{"$f":"IF(AND($D27=\"Serviço\",AI$12<>0,$H27>0,OR(AUTOEVENTO<>\"manual\",$M27<>1)),\nIF(Import.TipoArredondamento<>\"TransfereGOV\",\nROUND(OFFSET($P27,0,AI$13),15-13*ORÇAMENTO!$AF$7)/$H27*OFFSET(ORÇAMENTO!$X$15,ROW(AI27)-ROW(AI$15),0),\nROUND(ROUND(OFFSET($P27,0,AI$13),15-13*ORÇAMENTO!$AF$7)*OFFSET(ORÇAMENTO!$W$15,ROW(AI27)-ROW(AI$15),0),15-13*ORÇAMENTO!$AF$11)),0)","v":0},{"$f":"IF(AND($D27=\"Serviço\",AJ$12<>0,$H27>0,OR(AUTOEVENTO<>\"manual\",$M27<>1)),\nIF(Import.TipoArredondamento<>\"TransfereGOV\",\nROUND(OFFSET($P27,0,AJ$13),15-13*ORÇAMENTO!$AF$7)/$H27*OFFSET(ORÇAMENTO!$X$15,ROW(AJ27)-ROW(AJ$15),0),\nROUND(ROUND(OFFSET($P27,0,AJ$13),15-13*ORÇAMENTO!$AF$7)*OFFSET(ORÇAMENTO!$W$15,ROW(AJ27)-ROW(AJ$15),0),15-13*ORÇAMENTO!$AF$11)),0)","v":0},{"$f":"IF(AND($D27=\"Serviço\",AK$12<>0,$H27>0,OR(AUTOEVENTO<>\"manual\",$M27<>1)),\nIF(Import.TipoArredondamento<>\"TransfereGOV\",\nROUND(OFFSET($P27,0,AK$13),15-13*ORÇAMENTO!$AF$7)/$H27*OFFSET(ORÇAMENTO!$X$15,ROW(AK27)-ROW(AK$15),0),\nROUND(ROUND(OFFSET($P27,0,AK$13),15-13*ORÇAMENTO!$AF$7)*OFFSET(ORÇAMENTO!$W$15,ROW(AK27)-ROW(AK$15),0),15-13*ORÇAMENTO!$AF$11)),0)","v":0},null,{"$f":"IF($D27<>\"Serviço\",0,IF(AND(AUTOEVENTO=\"Manual\",$M27=1),0,IF(OFFSET(CRONOPLE!$F$14,$M27,AM$13)=\"\",10^12,OFFSET(CRONOPLE!$F$14,$M27,AM$13))))","v":1000000000000},{"$f":"IF($D27<>\"Serviço\",0,IF(AND(AUTOEVENTO=\"Manual\",$M27=1),0,IF(OFFSET(CRONOPLE!$F$14,$M27,AN$13)=\"\",10^12,OFFSET(CRONOPLE!$F$14,$M27,AN$13))))","v":1000000000000},{"$f":"IF($D27<>\"Serviço\",0,IF(AND(AUTOEVENTO=\"Manual\",$M27=1),0,IF(OFFSET(CRONOPLE!$F$14,$M27,AO$13)=\"\",10^12,OFFSET(CRONOPLE!$F$14,$M27,AO$13))))","v":1000000000000},{"$f":"IF($D27<>\"Serviço\",0,IF(AND(AUTOEVENTO=\"Manual\",$M27=1),0,IF(OFFSET(CRONOPLE!$F$14,$M27,AP$13)=\"\",10^12,OFFSET(CRONOPLE!$F$14,$M27,AP$13))))","v":1000000000000},{"$f":"IF($D27<>\"Serviço\",0,IF(AND(AUTOEVENTO=\"Manual\",$M27=1),0,IF(OFFSET(CRONOPLE!$F$14,$M27,AQ$13)=\"\",10^12,OFFSET(CRONOPLE!$F$14,$M27,AQ$13))))","v":1000000000000},{"$f":"IF($D27<>\"Serviço\",0,IF(AND(AUTOEVENTO=\"Manual\",$M27=1),0,IF(OFFSET(CRONOPLE!$F$14,$M27,AR$13)=\"\",10^12,OFFSET(CRONOPLE!$F$14,$M27,AR$13))))","v":1000000000000},{"$f":"IF($D27<>\"Serviço\",0,IF(AND(AUTOEVENTO=\"Manual\",$M27=1),0,IF(OFFSET(CRONOPLE!$F$14,$M27,AS$13)=\"\",10^12,OFFSET(CRONOPLE!$F$14,$M27,AS$13))))","v":1000000000000},{"$f":"IF($D27<>\"Serviço\",0,IF(AND(AUTOEVENTO=\"Manual\",$M27=1),0,IF(OFFSET(CRONOPLE!$F$14,$M27,AT$13)=\"\",10^12,OFFSET(CRONOPLE!$F$14,$M27,AT$13))))","v":1000000000000},{"$f":"IF($D27<>\"Serviço\",0,IF(AND(AUTOEVENTO=\"Manual\",$M27=1),0,IF(OFFSET(CRONOPLE!$F$14,$M27,AU$13)=\"\",10^12,OFFSET(CRONOPLE!$F$14,$M27,AU$13))))","v":1000000000000},{"$f":"IF($D27<>\"Serviço\",0,IF(AND(AUTOEVENTO=\"Manual\",$M27=1),0,IF(OFFSET(CRONOPLE!$F$14,$M27,AV$13)=\"\",10^12,OFFSET(CRONOPLE!$F$14,$M27,AV$13))))","v":1000000000000},null,{"$f":"IF($D27<>\"Serviço\",0,IF(OR(AND(AUTOEVENTO=\"Manual\",$M27=1),$M27>(ROW(PLE.lastrow)-ROW(PLE.firstrow))),0,IF(OFFSET(PLE!$G$14,$M27,AX$13)=\"\",10^12,OFFSET(PLE!$G$14,$M27,AX$13))))","v":1000000000000},{"$f":"IF($D27<>\"Serviço\",0,IF(OR(AND(AUTOEVENTO=\"Manual\",$M27=1),$M27>(ROW(PLE.lastrow)-ROW(PLE.firstrow))),0,IF(OFFSET(PLE!$G$14,$M27,AY$13)=\"\",10^12,OFFSET(PLE!$G$14,$M27,AY$13))))","v":1000000000000},{"$f":"IF($D27<>\"Serviço\",0,IF(OR(AND(AUTOEVENTO=\"Manual\",$M27=1),$M27>(ROW(PLE.lastrow)-ROW(PLE.firstrow))),0,IF(OFFSET(PLE!$G$14,$M27,AZ$13)=\"\",10^12,OFFSET(PLE!$G$14,$M27,AZ$13))))","v":1000000000000},{"$f":"IF($D27<>\"Serviço\",0,IF(OR(AND(AUTOEVENTO=\"Manual\",$M27=1),$M27>(ROW(PLE.lastrow)-ROW(PLE.firstrow))),0,IF(OFFSET(PLE!$G$14,$M27,BA$13)=\"\",10^12,OFFSET(PLE!$G$14,$M27,BA$13))))","v":1000000000000},{"$f":"IF($D27<>\"Serviço\",0,IF(OR(AND(AUTOEVENTO=\"Manual\",$M27=1),$M27>(ROW(PLE.lastrow)-ROW(PLE.firstrow))),0,IF(OFFSET(PLE!$G$14,$M27,BB$13)=\"\",10^12,OFFSET(PLE!$G$14,$M27,BB$13))))","v":1000000000000},{"$f":"IF($D27<>\"Serviço\",0,IF(OR(AND(AUTOEVENTO=\"Manual\",$M27=1),$M27>(ROW(PLE.lastrow)-ROW(PLE.firstrow))),0,IF(OFFSET(PLE!$G$14,$M27,BC$13)=\"\",10^12,OFFSET(PLE!$G$14,$M27,BC$13))))","v":1000000000000},{"$f":"IF($D27<>\"Serviço\",0,IF(OR(AND(AUTOEVENTO=\"Manual\",$M27=1),$M27>(ROW(PLE.lastrow)-ROW(PLE.firstrow))),0,IF(OFFSET(PLE!$G$14,$M27,BD$13)=\"\",10^12,OFFSET(PLE!$G$14,$M27,BD$13))))","v":1000000000000},{"$f":"IF($D27<>\"Serviço\",0,IF(OR(AND(AUTOEVENTO=\"Manual\",$M27=1),$M27>(ROW(PLE.lastrow)-ROW(PLE.firstrow))),0,IF(OFFSET(PLE!$G$14,$M27,BE$13)=\"\",10^12,OFFSET(PLE!$G$14,$M27,BE$13))))","v":1000000000000},{"$f":"IF($D27<>\"Serviço\",0,IF(OR(AND(AUTOEVENTO=\"Manual\",$M27=1),$M27>(ROW(PLE.lastrow)-ROW(PLE.firstrow))),0,IF(OFFSET(PLE!$G$14,$M27,BF$13)=\"\",10^12,OFFSET(PLE!$G$14,$M27,BF$13))))","v":1000000000000},{"$f":"IF($D27<>\"Serviço\",0,IF(OR(AND(AUTOEVENTO=\"Manual\",$M27=1),$M27>(ROW(PLE.lastrow)-ROW(PLE.firstrow))),0,IF(OFFSET(PLE!$G$14,$M27,BG$13)=\"\",10^12,OFFSET(PLE!$G$14,$M27,BG$13))))","v":1000000000000}]
["2",{"$f":"OFFSET(ORÇAMENTO!C$15,ROW(B28)-ROW(B$15),0)","v":"S"},{"$f":"OFFSET(ORÇAMENTO!L$15,ROW(C28)-ROW(C$15),0)","v":"F"},{"$f":"OFFSET(ORÇAMENTO!N$15,ROW(D28)-ROW(D$15),0)","v":"Serviço"},{"$f":"OFFSET(ORÇAMENTO!O$15,ROW(E28)-ROW(E$15),0)","v":"1.1.0.0.11."},{"$f":"OFFSET(ORÇAMENTO!R$15,ROW(F28)-ROW(F$15),0)","v":"REMOÇÃO DE TRAMA DE MADEIRA PARA COBERTURA, DE FORMA MANUAL, SEM REAPROVEITAMENTO. AF_09/2023"},{"$f":"IF($D28<>\"Serviço\",\"\",OFFSET(ORÇAMENTO!S$15,ROW(G28)-ROW(G$15),0))","v":"M2"},{"$f":"IF($D28<>\"Serviço\",0,IF(ACOMPANHAMENTO=\"BM\",ROUND(OFFSET(ORÇAMENTO!AJ$15,ROW(H28)-ROW(H$15),0),15-13*ORÇAMENTO!$AF$7),SUMPRODUCT(($Q$12:$AA$12<>\"\")*ROUND($Q28:$AA28,15-13*ORÇAMENTO!$AF$7))))","v":87.39},null,null,null,".",{"$f":"IF($D28<>\"Serviço\",\"\",IF(AUTOEVENTO=\"manual\",$A28,IF(ISERROR(MATCH($A28,$A$15:OFFSET($A28,-1,0),0)),MAX($M$15:OFFSET(M28,-1,0))+1,INDEX($M$15:OFFSET(M28,-1,0),MATCH($A28,$A$15:OFFSET($A28,-1,0),0)))))","v":2},{"$f":"IF($D28<>\"Serviço\",\"\",IF(AUTOEVENTO=\"Manual\",IF($A28=0,\"<-- defina o número do agrupador\",OFFSET(EVENTOS!$D$14,$A28,0)),OFFSET($F$15,$A28,0)))","v":"SERVIÇOS PRELIMINARES"},null,null,null,null,null,null,null,null,null,null,null,null,null,{"$f":"IF(AND($D28=\"Serviço\",AB$12<>0,$H28>0,OR(AUTOEVENTO<>\"manual\",$M28<>1)),\nIF(Import.TipoArredondamento<>\"TransfereGOV\",\nROUND(OFFSET($P28,0,AB$13),15-13*ORÇAMENTO!$AF$7)/$H28*OFFSET(ORÇAMENTO!$X$15,ROW(AB28)-ROW(AB$15),0),\nROUND(ROUND(OFFSET($P28,0,AB$13),15-13*ORÇAMENTO!$AF$7)*OFFSET(ORÇAMENTO!$W$15,ROW(AB28)-ROW(AB$15),0),15-13*ORÇAMENTO!$AF$11)),0)","v":0},{"$f":"IF(AND($D28=\"Serviço\",AC$12<>0,$H28>0,OR(AUTOEVENTO<>\"manual\",$M28<>1)),\nIF(Import.TipoArredondamento<>\"TransfereGOV\",\nROUND(OFFSET($P28,0,AC$13),15-13*ORÇAMENTO!$AF$7)/$H28*OFFSET(ORÇAMENTO!$X$15,ROW(AC28)-ROW(AC$15),0),\nROUND(ROUND(OFFSET($P28,0,AC$13),15-13*ORÇAMENTO!$AF$7)*OFFSET(ORÇAMENTO!$W$15,ROW(AC28)-ROW(AC$15),0),15-13*ORÇAMENTO!$AF$11)),0)","v":0},{"$f":"IF(AND($D28=\"Serviço\",AD$12<>0,$H28>0,OR(AUTOEVENTO<>\"manual\",$M28<>1)),\nIF(Import.TipoArredondamento<>\"TransfereGOV\",\nROUND(OFFSET($P28,0,AD$13),15-13*ORÇAMENTO!$AF$7)/$H28*OFFSET(ORÇAMENTO!$X$15,ROW(AD28)-ROW(AD$15),0),\nROUND(ROUND(OFFSET($P28,0,AD$13),15-13*ORÇAMENTO!$AF$7)*OFFSET(ORÇAMENTO!$W$15,ROW(AD28)-ROW(AD$15),0),15-13*ORÇAMENTO!$AF$11)),0)","v":0},{"$f":"IF(AND($D28=\"Serviço\",AE$12<>0,$H28>0,OR(AUTOEVENTO<>\"manual\",$M28<>1)),\nIF(Import.TipoArredondamento<>\"TransfereGOV\",\nROUND(OFFSET($P28,0,AE$13),15-13*ORÇAMENTO!$AF$7)/$H28*OFFSET(ORÇAMENTO!$X$15,ROW(AE28)-ROW(AE$15),0),\nROUND(ROUND(OFFSET($P28,0,AE$13),15-13*ORÇAMENTO!$AF$7)*OFFSET(ORÇAMENTO!$W$15,ROW(AE28)-ROW(AE$15),0),15-13*ORÇAMENTO!$AF$11)),0)","v":0},{"$f":"IF(AND($D28=\"Serviço\",AF$12<>0,$H28>0,OR(AUTOEVENTO<>\"manual\",$M28<>1)),\nIF(Import.TipoArredondamento<>\"TransfereGOV\",\nROUND(OFFSET($P28,0,AF$13),15-13*ORÇAMENTO!$AF$7)/$H28*OFFSET(ORÇAMENTO!$X$15,ROW(AF28)-ROW(AF$15),0),\nROUND(ROUND(OFFSET($P28,0,AF$13),15-13*ORÇAMENTO!$AF$7)*OFFSET(ORÇAMENTO!$W$15,ROW(AF28)-ROW(AF$15),0),15-13*ORÇAMENTO!$AF$11)),0)","v":0},{"$f":"IF(AND($D28=\"Serviço\",AG$12<>0,$H28>0,OR(AUTOEVENTO<>\"manual\",$M28<>1)),\nIF(Import.TipoArredondamento<>\"TransfereGOV\",\nROUND(OFFSET($P28,0,AG$13),15-13*ORÇAMENTO!$AF$7)/$H28*OFFSET(ORÇAMENTO!$X$15,ROW(AG28)-ROW(AG$15),0),\nROUND(ROUND(OFFSET($P28,0,AG$13),15-13*ORÇAMENTO!$AF$7)*OFFSET(ORÇAMENTO!$W$15,ROW(AG28)-ROW(AG$15),0),15-13*ORÇAMENTO!$AF$11)),0)","v":0},{"$f":"IF(AND($D28=\"Serviço\",AH$12<>0,$H28>0,OR(AUTOEVENTO<>\"manual\",$M28<>1)),\nIF(Import.TipoArredondamento<>\"TransfereGOV\",\nROUND(OFFSET($P28,0,AH$13),15-13*ORÇAMENTO!$AF$7)/$H28*OFFSET(ORÇAMENTO!$X$15,ROW(AH28)-ROW(AH$15),0),\nROUND(ROUND(OFFSET($P28,0,AH$13),15-13*ORÇAMENTO!$AF$7)*OFFSET(ORÇAMENTO!$W$15,ROW(AH28)-ROW(AH$15),0),15-13*ORÇAMENTO!$AF$11)),0)","v":0},{"$f":"IF(AND($D28=\"Serviço\",AI$12<>0,$H28>0,OR(AUTOEVENTO<>\"manual\",$M28<>1)),\nIF(Import.TipoArredondamento<>\"TransfereGOV\",\nROUND(OFFSET($P28,0,AI$13),15-13*ORÇAMENTO!$AF$7)/$H28*OFFSET(ORÇAMENTO!$X$15,ROW(AI28)-ROW(AI$15),0),\nROUND(ROUND(OFFSET($P28,0,AI$13),15-13*ORÇAMENTO!$AF$7)*OFFSET(ORÇAMENTO!$W$15,ROW(AI28)-ROW(AI$15),0),15-13*ORÇAMENTO!$AF$11)),0)","v":0},{"$f":"IF(AND($D28=\"Serviço\",AJ$12<>0,$H28>0,OR(AUTOEVENTO<>\"manual\",$M28<>1)),\nIF(Import.TipoArredondamento<>\"TransfereGOV\",\nROUND(OFFSET($P28,0,AJ$13),15-13*ORÇAMENTO!$AF$7)/$H28*OFFSET(ORÇAMENTO!$X$15,ROW(AJ28)-ROW(AJ$15),0),\nROUND(ROUND(OFFSET($P28,0,AJ$13),15-13*ORÇAMENTO!$AF$7)*OFFSET(ORÇAMENTO!$W$15,ROW(AJ28)-ROW(AJ$15),0),15-13*ORÇAMENTO!$AF$11)),0)","v":0},{"$f":"IF(AND($D28=\"Serviço\",AK$12<>0,$H28>0,OR(AUTOEVENTO<>\"manual\",$M28<>1)),\nIF(Import.TipoArredondamento<>\"TransfereGOV\",\nROUND(OFFSET($P28,0,AK$13),15-13*ORÇAMENTO!$AF$7)/$H28*OFFSET(ORÇAMENTO!$X$15,ROW(AK28)-ROW(AK$15),0),\nROUND(ROUND(OFFSET($P28,0,AK$13),15-13*ORÇAMENTO!$AF$7)*OFFSET(ORÇAMENTO!$W$15,ROW(AK28)-ROW(AK$15),0),15-13*ORÇAMENTO!$AF$11)),0)","v":0},null,{"$f":"IF($D28<>\"Serviço\",0,IF(AND(AUTOEVENTO=\"Manual\",$M28=1),0,IF(OFFSET(CRONOPLE!$F$14,$M28,AM$13)=\"\",10^12,OFFSET(CRONOPLE!$F$14,$M28,AM$13))))","v":1000000000000},{"$f":"IF($D28<>\"Serviço\",0,IF(AND(AUTOEVENTO=\"Manual\",$M28=1),0,IF(OFFSET(CRONOPLE!$F$14,$M28,AN$13)=\"\",10^12,OFFSET(CRONOPLE!$F$14,$M28,AN$13))))","v":1000000000000},{"$f":"IF($D28<>\"Serviço\",0,IF(AND(AUTOEVENTO=\"Manual\",$M28=1),0,IF(OFFSET(CRONOPLE!$F$14,$M28,AO$13)=\"\",10^12,OFFSET(CRONOPLE!$F$14,$M28,AO$13))))","v":1000000000000},{"$f":"IF($D28<>\"Serviço\",0,IF(AND(AUTOEVENTO=\"Manual\",$M28=1),0,IF(OFFSET(CRONOPLE!$F$14,$M28,AP$13)=\"\",10^12,OFFSET(CRONOPLE!$F$14,$M28,AP$13))))","v":1000000000000},{"$f":"IF($D28<>\"Serviço\",0,IF(AND(AUTOEVENTO=\"Manual\",$M28=1),0,IF(OFFSET(CRONOPLE!$F$14,$M28,AQ$13)=\"\",10^12,OFFSET(CRONOPLE!$F$14,$M28,AQ$13))))","v":1000000000000},{"$f":"IF($D28<>\"Serviço\",0,IF(AND(AUTOEVENTO=\"Manual\",$M28=1),0,IF(OFFSET(CRONOPLE!$F$14,$M28,AR$13)=\"\",10^12,OFFSET(CRONOPLE!$F$14,$M28,AR$13))))","v":1000000000000},{"$f":"IF($D28<>\"Serviço\",0,IF(AND(AUTOEVENTO=\"Manual\",$M28=1),0,IF(OFFSET(CRONOPLE!$F$14,$M28,AS$13)=\"\",10^12,OFFSET(CRONOPLE!$F$14,$M28,AS$13))))","v":1000000000000},{"$f":"IF($D28<>\"Serviço\",0,IF(AND(AUTOEVENTO=\"Manual\",$M28=1),0,IF(OFFSET(CRONOPLE!$F$14,$M28,AT$13)=\"\",10^12,OFFSET(CRONOPLE!$F$14,$M28,AT$13))))","v":1000000000000},{"$f":"IF($D28<>\"Serviço\",0,IF(AND(AUTOEVENTO=\"Manual\",$M28=1),0,IF(OFFSET(CRONOPLE!$F$14,$M28,AU$13)=\"\",10^12,OFFSET(CRONOPLE!$F$14,$M28,AU$13))))","v":1000000000000},{"$f":"IF($D28<>\"Serviço\",0,IF(AND(AUTOEVENTO=\"Manual\",$M28=1),0,IF(OFFSET(CRONOPLE!$F$14,$M28,AV$13)=\"\",10^12,OFFSET(CRONOPLE!$F$14,$M28,AV$13))))","v":1000000000000},null,{"$f":"IF($D28<>\"Serviço\",0,IF(OR(AND(AUTOEVENTO=\"Manual\",$M28=1),$M28>(ROW(PLE.lastrow)-ROW(PLE.firstrow))),0,IF(OFFSET(PLE!$G$14,$M28,AX$13)=\"\",10^12,OFFSET(PLE!$G$14,$M28,AX$13))))","v":1000000000000},{"$f":"IF($D28<>\"Serviço\",0,IF(OR(AND(AUTOEVENTO=\"Manual\",$M28=1),$M28>(ROW(PLE.lastrow)-ROW(PLE.firstrow))),0,IF(OFFSET(PLE!$G$14,$M28,AY$13)=\"\",10^12,OFFSET(PLE!$G$14,$M28,AY$13))))","v":1000000000000},{"$f":"IF($D28<>\"Serviço\",0,IF(OR(AND(AUTOEVENTO=\"Manual\",$M28=1),$M28>(ROW(PLE.lastrow)-ROW(PLE.firstrow))),0,IF(OFFSET(PLE!$G$14,$M28,AZ$13)=\"\",10^12,OFFSET(PLE!$G$14,$M28,AZ$13))))","v":1000000000000},{"$f":"IF($D28<>\"Serviço\",0,IF(OR(AND(AUTOEVENTO=\"Manual\",$M28=1),$M28>(ROW(PLE.lastrow)-ROW(PLE.firstrow))),0,IF(OFFSET(PLE!$G$14,$M28,BA$13)=\"\",10^12,OFFSET(PLE!$G$14,$M28,BA$13))))","v":1000000000000},{"$f":"IF($D28<>\"Serviço\",0,IF(OR(AND(AUTOEVENTO=\"Manual\",$M28=1),$M28>(ROW(PLE.lastrow)-ROW(PLE.firstrow))),0,IF(OFFSET(PLE!$G$14,$M28,BB$13)=\"\",10^12,OFFSET(PLE!$G$14,$M28,BB$13))))","v":1000000000000},{"$f":"IF($D28<>\"Serviço\",0,IF(OR(AND(AUTOEVENTO=\"Manual\",$M28=1),$M28>(ROW(PLE.lastrow)-ROW(PLE.firstrow))),0,IF(OFFSET(PLE!$G$14,$M28,BC$13)=\"\",10^12,OFFSET(PLE!$G$14,$M28,BC$13))))","v":1000000000000},{"$f":"IF($D28<>\"Serviço\",0,IF(OR(AND(AUTOEVENTO=\"Manual\",$M28=1),$M28>(ROW(PLE.lastrow)-ROW(PLE.firstrow))),0,IF(OFFSET(PLE!$G$14,$M28,BD$13)=\"\",10^12,OFFSET(PLE!$G$14,$M28,BD$13))))","v":1000000000000},{"$f":"IF($D28<>\"Serviço\",0,IF(OR(AND(AUTOEVENTO=\"Manual\",$M28=1),$M28>(ROW(PLE.lastrow)-ROW(PLE.firstrow))),0,IF(OFFSET(PLE!$G$14,$M28,BE$13)=\"\",10^12,OFFSET(PLE!$G$14,$M28,BE$13))))","v":1000000000000},{"$f":"IF($D28<>\"Serviço\",0,IF(OR(AND(AUTOEVENTO=\"Manual\",$M28=1),$M28>(ROW(PLE.lastrow)-ROW(PLE.firstrow))),0,IF(OFFSET(PLE!$G$14,$M28,BF$13)=\"\",10^12,OFFSET(PLE!$G$14,$M28,BF$13))))","v":1000000000000},{"$f":"IF($D28<>\"Serviço\",0,IF(OR(AND(AUTOEVENTO=\"Manual\",$M28=1),$M28>(ROW(PLE.lastrow)-ROW(PLE.firstrow))),0,IF(OFFSET(PLE!$G$14,$M28,BG$13)=\"\",10^12,OFFSET(PLE!$G$14,$M28,BG$13))))","v":1000000000000}]
["2",{"$f":"OFFSET(ORÇAMENTO!C$15,ROW(B29)-ROW(B$15),0)","v":"S"},{"$f":"OFFSET(ORÇAMENTO!L$15,ROW(C29)-ROW(C$15),0)","v":"F"},{"$f":"OFFSET(ORÇAMENTO!N$15,ROW(D29)-ROW(D$15),0)","v":"Serviço"},{"$f":"OFFSET(ORÇAMENTO!O$15,ROW(E29)-ROW(E$15),0)","v":"1.1.0.0.12."},{"$f":"OFFSET(ORÇAMENTO!R$15,ROW(F29)-ROW(F$15),0)","v":"REMOÇÃO DE PISO DE BLOCO INTERTRAVADO OU DE PEDRA PORTUGUESA, DE FORMA MANUAL, COM REAPROVEITAMENTO. AF_09/2023"},{"$f":"IF($D29<>\"Serviço\",\"\",OFFSET(ORÇAMENTO!S$15,ROW(G29)-ROW(G$15),0))","v":"M2"},{"$f":"IF($D29<>\"Serviço\",0,IF(ACOMPANHAMENTO=\"BM\",ROUND(OFFSET(ORÇAMENTO!AJ$15,ROW(H29)-ROW(H$15),0),15-13*ORÇAMENTO!$AF$7),SUMPRODUCT(($Q$12:$AA$12<>\"\")*ROUND($Q29:$AA29,15-13*ORÇAMENTO!$AF$7))))","v":69.52},null,null,null,".",{"$f":"IF($D29<>\"Serviço\",\"\",IF(AUTOEVENTO=\"manual\",$A29,IF(ISERROR(MATCH($A29,$A$15:OFFSET($A29,-1,0),0)),MAX($M$15:OFFSET(M29,-1,0))+1,INDEX($M$15:OFFSET(M29,-1,0),MATCH($A29,$A$15:OFFSET($A29,-1,0),0)))))","v":2},{"$f":"IF($D29<>\"Serviço\",\"\",IF(AUTOEVENTO=\"Manual\",IF($A29=0,\"<-- defina o número do agrupador\",OFFSET(EVENTOS!$D$14,$A29,0)),OFFSET($F$15,$A29,0)))","v":"SERVIÇOS PRELIMINARES"},null,null,null,null,null,null,null,null,null,null,null,null,null,{"$f":"IF(AND($D29=\"Serviço\",AB$12<>0,$H29>0,OR(AUTOEVENTO<>\"manual\",$M29<>1)),\nIF(Import.TipoArredondamento<>\"TransfereGOV\",\nROUND(OFFSET($P29,0,AB$13),15-13*ORÇAMENTO!$AF$7)/$H29*OFFSET(ORÇAMENTO!$X$15,ROW(AB29)-ROW(AB$15),0),\nROUND(ROUND(OFFSET($P29,0,AB$13),15-13*ORÇAMENTO!$AF$7)*OFFSET(ORÇAMENTO!$W$15,ROW(AB29)-ROW(AB$15),0),15-13*ORÇAMENTO!$AF$11)),0)","v":0},{"$f":"IF(AND($D29=\"Serviço\",AC$12<>0,$H29>0,OR(AUTOEVENTO<>\"manual\",$M29<>1)),\nIF(Import.TipoArredondamento<>\"TransfereGOV\",\nROUND(OFFSET($P29,0,AC$13),15-13*ORÇAMENTO!$AF$7)/$H29*OFFSET(ORÇAMENTO!$X$15,ROW(AC29)-ROW(AC$15),0),\nROUND(ROUND(OFFSET($P29,0,AC$13),15-13*ORÇAMENTO!$AF$7)*OFFSET(ORÇAMENTO!$W$15,ROW(AC29)-ROW(AC$15),0),15-13*ORÇAMENTO!$AF$11)),0)","v":0},{"$f":"IF(AND($D29=\"Serviço\",AD$12<>0,$H29>0,OR(AUTOEVENTO<>\"manual\",$M29<>1)),\nIF(Import.TipoArredondamento<>\"TransfereGOV\",\nROUND(OFFSET($P29,0,AD$13),15-13*ORÇAMENTO!$AF$7)/$H29*OFFSET(ORÇAMENTO!$X$15,ROW(AD29)-ROW(AD$15),0),\nROUND(ROUND(OFFSET($P29,0,AD$13),15-13*ORÇAMENTO!$AF$7)*OFFSET(ORÇAMENTO!$W$15,ROW(AD29)-ROW(AD$15),0),15-13*ORÇAMENTO!$AF$11)),0)","v":0},{"$f":"IF(AND($D29=\"Serviço\",AE$12<>0,$H29>0,OR(AUTOEVENTO<>\"manual\",$M29<>1)),\nIF(Import.TipoArredondamento<>\"TransfereGOV\",\nROUND(OFFSET($P29,0,AE$13),15-13*ORÇAMENTO!$AF$7)/$H29*OFFSET(ORÇAMENTO!$X$15,ROW(AE29)-ROW(AE$15),0),\nROUND(ROUND(OFFSET($P29,0,AE$13),15-13*ORÇAMENTO!$AF$7)*OFFSET(ORÇAMENTO!$W$15,ROW(AE29)-ROW(AE$15),0),15-13*ORÇAMENTO!$AF$11)),0)","v":0},{"$f":"IF(AND($D29=\"Serviço\",AF$12<>0,$H29>0,OR(AUTOEVENTO<>\"manual\",$M29<>1)),\nIF(Import.TipoArredondamento<>\"TransfereGOV\",\nROUND(OFFSET($P29,0,AF$13),15-13*ORÇAMENTO!$AF$7)/$H29*OFFSET(ORÇAMENTO!$X$15,ROW(AF29)-ROW(AF$15),0),\nROUND(ROUND(OFFSET($P29,0,AF$13),15-13*ORÇAMENTO!$AF$7)*OFFSET(ORÇAMENTO!$W$15,ROW(AF29)-ROW(AF$15),0),15-13*ORÇAMENTO!$AF$11)),0)","v":0},{"$f":"IF(AND($D29=\"Serviço\",AG$12<>0,$H29>0,OR(AUTOEVENTO<>\"manual\",$M29<>1)),\nIF(Import.TipoArredondamento<>\"TransfereGOV\",\nROUND(OFFSET($P29,0,AG$13),15-13*ORÇAMENTO!$AF$7)/$H29*OFFSET(ORÇAMENTO!$X$15,ROW(AG29)-ROW(AG$15),0),\nROUND(ROUND(OFFSET($P29,0,AG$13),15-13*ORÇAMENTO!$AF$7)*OFFSET(ORÇAMENTO!$W$15,ROW(AG29)-ROW(AG$15),0),15-13*ORÇAMENTO!$AF$11)),0)","v":0},{"$f":"IF(AND($D29=\"Serviço\",AH$12<>0,$H29>0,OR(AUTOEVENTO<>\"manual\",$M29<>1)),\nIF(Import.TipoArredondamento<>\"TransfereGOV\",\nROUND(OFFSET($P29,0,AH$13),15-13*ORÇAMENTO!$AF$7)/$H29*OFFSET(ORÇAMENTO!$X$15,ROW(AH29)-ROW(AH$15),0),\nROUND(ROUND(OFFSET($P29,0,AH$13),15-13*ORÇAMENTO!$AF$7)*OFFSET(ORÇAMENTO!$W$15,ROW(AH29)-ROW(AH$15),0),15-13*ORÇAMENTO!$AF$11)),0)","v":0},{"$f":"IF(AND($D29=\"Serviço\",AI$12<>0,$H29>0,OR(AUTOEVENTO<>\"manual\",$M29<>1)),\nIF(Import.TipoArredondamento<>\"TransfereGOV\",\nROUND(OFFSET($P29,0,AI$13),15-13*ORÇAMENTO!$AF$7)/$H29*OFFSET(ORÇAMENTO!$X$15,ROW(AI29)-ROW(AI$15),0),\nROUND(ROUND(OFFSET($P29,0,AI$13),15-13*ORÇAMENTO!$AF$7)*OFFSET(ORÇAMENTO!$W$15,ROW(AI29)-ROW(AI$15),0),15-13*ORÇAMENTO!$AF$11)),0)","v":0},{"$f":"IF(AND($D29=\"Serviço\",AJ$12<>0,$H29>0,OR(AUTOEVENTO<>\"manual\",$M29<>1)),\nIF(Import.TipoArredondamento<>\"TransfereGOV\",\nROUND(OFFSET($P29,0,AJ$13),15-13*ORÇAMENTO!$AF$7)/$H29*OFFSET(ORÇAMENTO!$X$15,ROW(AJ29)-ROW(AJ$15),0),\nROUND(ROUND(OFFSET($P29,0,AJ$13),15-13*ORÇAMENTO!$AF$7)*OFFSET(ORÇAMENTO!$W$15,ROW(AJ29)-ROW(AJ$15),0),15-13*ORÇAMENTO!$AF$11)),0)","v":0},{"$f":"IF(AND($D29=\"Serviço\",AK$12<>0,$H29>0,OR(AUTOEVENTO<>\"manual\",$M29<>1)),\nIF(Import.TipoArredondamento<>\"TransfereGOV\",\nROUND(OFFSET($P29,0,AK$13),15-13*ORÇAMENTO!$AF$7)/$H29*OFFSET(ORÇAMENTO!$X$15,ROW(AK29)-ROW(AK$15),0),\nROUND(ROUND(OFFSET($P29,0,AK$13),15-13*ORÇAMENTO!$AF$7)*OFFSET(ORÇAMENTO!$W$15,ROW(AK29)-ROW(AK$15),0),15-13*ORÇAMENTO!$AF$11)),0)","v":0},null,{"$f":"IF($D29<>\"Serviço\",0,IF(AND(AUTOEVENTO=\"Manual\",$M29=1),0,IF(OFFSET(CRONOPLE!$F$14,$M29,AM$13)=\"\",10^12,OFFSET(CRONOPLE!$F$14,$M29,AM$13))))","v":1000000000000},{"$f":"IF($D29<>\"Serviço\",0,IF(AND(AUTOEVENTO=\"Manual\",$M29=1),0,IF(OFFSET(CRONOPLE!$F$14,$M29,AN$13)=\"\",10^12,OFFSET(CRONOPLE!$F$14,$M29,AN$13))))","v":1000000000000},{"$f":"IF($D29<>\"Serviço\",0,IF(AND(AUTOEVENTO=\"Manual\",$M29=1),0,IF(OFFSET(CRONOPLE!$F$14,$M29,AO$13)=\"\",10^12,OFFSET(CRONOPLE!$F$14,$M29,AO$13))))","v":1000000000000},{"$f":"IF($D29<>\"Serviço\",0,IF(AND(AUTOEVENTO=\"Manual\",$M29=1),0,IF(OFFSET(CRONOPLE!$F$14,$M29,AP$13)=\"\",10^12,OFFSET(CRONOPLE!$F$14,$M29,AP$13))))","v":1000000000000},{"$f":"IF($D29<>\"Serviço\",0,IF(AND(AUTOEVENTO=\"Manual\",$M29=1),0,IF(OFFSET(CRONOPLE!$F$14,$M29,AQ$13)=\"\",10^12,OFFSET(CRONOPLE!$F$14,$M29,AQ$13))))","v":1000000000000},{"$f":"IF($D29<>\"Serviço\",0,IF(AND(AUTOEVENTO=\"Manual\",$M29=1),0,IF(OFFSET(CRONOPLE!$F$14,$M29,AR$13)=\"\",10^12,OFFSET(CRONOPLE!$F$14,$M29,AR$13))))","v":1000000000000},{"$f":"IF($D29<>\"Serviço\",0,IF(AND(AUTOEVENTO=\"Manual\",$M29=1),0,IF(OFFSET(CRONOPLE!$F$14,$M29,AS$13)=\"\",10^12,OFFSET(CRONOPLE!$F$14,$M29,AS$13))))","v":1000000000000},{"$f":"IF($D29<>\"Serviço\",0,IF(AND(AUTOEVENTO=\"Manual\",$M29=1),0,IF(OFFSET(CRONOPLE!$F$14,$M29,AT$13)=\"\",10^12,OFFSET(CRONOPLE!$F$14,$M29,AT$13))))","v":1000000000000},{"$f":"IF($D29<>\"Serviço\",0,IF(AND(AUTOEVENTO=\"Manual\",$M29=1),0,IF(OFFSET(CRONOPLE!$F$14,$M29,AU$13)=\"\",10^12,OFFSET(CRONOPLE!$F$14,$M29,AU$13))))","v":1000000000000},{"$f":"IF($D29<>\"Serviço\",0,IF(AND(AUTOEVENTO=\"Manual\",$M29=1),0,IF(OFFSET(CRONOPLE!$F$14,$M29,AV$13)=\"\",10^12,OFFSET(CRONOPLE!$F$14,$M29,AV$13))))","v":1000000000000},null,{"$f":"IF($D29<>\"Serviço\",0,IF(OR(AND(AUTOEVENTO=\"Manual\",$M29=1),$M29>(ROW(PLE.lastrow)-ROW(PLE.firstrow))),0,IF(OFFSET(PLE!$G$14,$M29,AX$13)=\"\",10^12,OFFSET(PLE!$G$14,$M29,AX$13))))","v":1000000000000},{"$f":"IF($D29<>\"Serviço\",0,IF(OR(AND(AUTOEVENTO=\"Manual\",$M29=1),$M29>(ROW(PLE.lastrow)-ROW(PLE.firstrow))),0,IF(OFFSET(PLE!$G$14,$M29,AY$13)=\"\",10^12,OFFSET(PLE!$G$14,$M29,AY$13))))","v":1000000000000},{"$f":"IF($D29<>\"Serviço\",0,IF(OR(AND(AUTOEVENTO=\"Manual\",$M29=1),$M29>(ROW(PLE.lastrow)-ROW(PLE.firstrow))),0,IF(OFFSET(PLE!$G$14,$M29,AZ$13)=\"\",10^12,OFFSET(PLE!$G$14,$M29,AZ$13))))","v":1000000000000},{"$f":"IF($D29<>\"Serviço\",0,IF(OR(AND(AUTOEVENTO=\"Manual\",$M29=1),$M29>(ROW(PLE.lastrow)-ROW(PLE.firstrow))),0,IF(OFFSET(PLE!$G$14,$M29,BA$13)=\"\",10^12,OFFSET(PLE!$G$14,$M29,BA$13))))","v":1000000000000},{"$f":"IF($D29<>\"Serviço\",0,IF(OR(AND(AUTOEVENTO=\"Manual\",$M29=1),$M29>(ROW(PLE.lastrow)-ROW(PLE.firstrow))),0,IF(OFFSET(PLE!$G$14,$M29,BB$13)=\"\",10^12,OFFSET(PLE!$G$14,$M29,BB$13))))","v":1000000000000},{"$f":"IF($D29<>\"Serviço\",0,IF(OR(AND(AUTOEVENTO=\"Manual\",$M29=1),$M29>(ROW(PLE.lastrow)-ROW(PLE.firstrow))),0,IF(OFFSET(PLE!$G$14,$M29,BC$13)=\"\",10^12,OFFSET(PLE!$G$14,$M29,BC$13))))","v":1000000000000},{"$f":"IF($D29<>\"Serviço\",0,IF(OR(AND(AUTOEVENTO=\"Manual\",$M29=1),$M29>(ROW(PLE.lastrow)-ROW(PLE.firstrow))),0,IF(OFFSET(PLE!$G$14,$M29,BD$13)=\"\",10^12,OFFSET(PLE!$G$14,$M29,BD$13))))","v":1000000000000},{"$f":"IF($D29<>\"Serviço\",0,IF(OR(AND(AUTOEVENTO=\"Manual\",$M29=1),$M29>(ROW(PLE.lastrow)-ROW(PLE.firstrow))),0,IF(OFFSET(PLE!$G$14,$M29,BE$13)=\"\",10^12,OFFSET(PLE!$G$14,$M29,BE$13))))","v":1000000000000},{"$f":"IF($D29<>\"Serviço\",0,IF(OR(AND(AUTOEVENTO=\"Manual\",$M29=1),$M29>(ROW(PLE.lastrow)-ROW(PLE.firstrow))),0,IF(OFFSET(PLE!$G$14,$M29,BF$13)=\"\",10^12,OFFSET(PLE!$G$14,$M29,BF$13))))","v":1000000000000},{"$f":"IF($D29<>\"Serviço\",0,IF(OR(AND(AUTOEVENTO=\"Manual\",$M29=1),$M29>(ROW(PLE.lastrow)-ROW(PLE.firstrow))),0,IF(OFFSET(PLE!$G$14,$M29,BG$13)=\"\",10^12,OFFSET(PLE!$G$14,$M29,BG$13))))","v":1000000000000}]
["2",{"$f":"OFFSET(ORÇAMENTO!C$15,ROW(B30)-ROW(B$15),0)","v":"S"},{"$f":"OFFSET(ORÇAMENTO!L$15,ROW(C30)-ROW(C$15),0)","v":"F"},{"$f":"OFFSET(ORÇAMENTO!N$15,ROW(D30)-ROW(D$15),0)","v":"Serviço"},{"$f":"OFFSET(ORÇAMENTO!O$15,ROW(E30)-ROW(E$15),0)","v":"1.1.0.0.13."},{"$f":"OFFSET(ORÇAMENTO!R$15,ROW(F30)-ROW(F$15),0)","v":"DEMOLIÇÃO DE PISO DE CONCRETO SIMPLES, DE FORMA MECANIZADA COM MARTELETE, SEM REAPROVEITAMENTO. AF_09/2023"},{"$f":"IF($D30<>\"Serviço\",\"\",OFFSET(ORÇAMENTO!S$15,ROW(G30)-ROW(G$15),0))","v":"M3"},{"$f":"IF($D30<>\"Serviço\",0,IF(ACOMPANHAMENTO=\"BM\",ROUND(OFFSET(ORÇAMENTO!AJ$15,ROW(H30)-ROW(H$15),0),15-13*ORÇAMENTO!$AF$7),SUMPRODUCT(($Q$12:$AA$12<>\"\")*ROUND($Q30:$AA30,15-13*ORÇAMENTO!$AF$7))))","v":53.04},null,null,null,".",{"$f":"IF($D30<>\"Serviço\",\"\",IF(AUTOEVENTO=\"manual\",$A30,IF(ISERROR(MATCH($A30,$A$15:OFFSET($A30,-1,0),0)),MAX($M$15:OFFSET(M30,-1,0))+1,INDEX($M$15:OFFSET(M30,-1,0),MATCH($A30,$A$15:OFFSET($A30,-1,0),0)))))","v":2},{"$f":"IF($D30<>\"Serviço\",\"\",IF(AUTOEVENTO=\"Manual\",IF($A30=0,\"<-- defina o número do agrupador\",OFFSET(EVENTOS!$D$14,$A30,0)),OFFSET($F$15,$A30,0)))","v":"SERVIÇOS PRELIMINARES"},null,null,null,null,null,null,null,null,null,null,null,null,null,{"$f":"IF(AND($D30=\"Serviço\",AB$12<>0,$H30>0,OR(AUTOEVENTO<>\"manual\",$M30<>1)),\nIF(Import.TipoArredondamento<>\"TransfereGOV\",\nROUND(OFFSET($P30,0,AB$13),15-13*ORÇAMENTO!$AF$7)/$H30*OFFSET(ORÇAMENTO!$X$15,ROW(AB30)-ROW(AB$15),0),\nROUND(ROUND(OFFSET($P30,0,AB$13),15-13*ORÇAMENTO!$AF$7)*OFFSET(ORÇAMENTO!$W$15,ROW(AB30)-ROW(AB$15),0),15-13*ORÇAMENTO!$AF$11)),0)","v":0},{"$f":"IF(AND($D30=\"Serviço\",AC$12<>0,$H30>0,OR(AUTOEVENTO<>\"manual\",$M30<>1)),\nIF(Import.TipoArredondamento<>\"TransfereGOV\",\nROUND(OFFSET($P30,0,AC$13),15-13*ORÇAMENTO!$AF$7)/$H30*OFFSET(ORÇAMENTO!$X$15,ROW(AC30)-ROW(AC$15),0),\nROUND(ROUND(OFFSET($P30,0,AC$13),15-13*ORÇAMENTO!$AF$7)*OFFSET(ORÇAMENTO!$W$15,ROW(AC30)-ROW(AC$15),0),15-13*ORÇAMENTO!$AF$11)),0)","v":0},{"$f":"IF(AND($D30=\"Serviço\",AD$12<>0,$H30>0,OR(AUTOEVENTO<>\"manual\",$M30<>1)),\nIF(Import.TipoArredondamento<>\"TransfereGOV\",\nROUND(OFFSET($P30,0,AD$13),15-13*ORÇAMENTO!$AF$7)/$H30*OFFSET(ORÇAMENTO!$X$15,ROW(AD30)-ROW(AD$15),0),\nROUND(ROUND(OFFSET($P30,0,AD$13),15-13*ORÇAMENTO!$AF$7)*OFFSET(ORÇAMENTO!$W$15,ROW(AD30)-ROW(AD$15),0),15-13*ORÇAMENTO!$AF$11)),0)","v":0},{"$f":"IF(AND($D30=\"Serviço\",AE$12<>0,$H30>0,OR(AUTOEVENTO<>\"manual\",$M30<>1)),\nIF(Import.TipoArredondamento<>\"TransfereGOV\",\nROUND(OFFSET($P30,0,AE$13),15-13*ORÇAMENTO!$AF$7)/$H30*OFFSET(ORÇAMENTO!$X$15,ROW(AE30)-ROW(AE$15),0),\nROUND(ROUND(OFFSET($P30,0,AE$13),15-13*ORÇAMENTO!$AF$7)*OFFSET(ORÇAMENTO!$W$15,ROW(AE30)-ROW(AE$15),0),15-13*ORÇAMENTO!$AF$11)),0)","v":0},{"$f":"IF(AND($D30=\"Serviço\",AF$12<>0,$H30>0,OR(AUTOEVENTO<>\"manual\",$M30<>1)),\nIF(Import.TipoArredondamento<>\"TransfereGOV\",\nROUND(OFFSET($P30,0,AF$13),15-13*ORÇAMENTO!$AF$7)/$H30*OFFSET(ORÇAMENTO!$X$15,ROW(AF30)-ROW(AF$15),0),\nROUND(ROUND(OFFSET($P30,0,AF$13),15-13*ORÇAMENTO!$AF$7)*OFFSET(ORÇAMENTO!$W$15,ROW(AF30)-ROW(AF$15),0),15-13*ORÇAMENTO!$AF$11)),0)","v":0},{"$f":"IF(AND($D30=\"Serviço\",AG$12<>0,$H30>0,OR(AUTOEVENTO<>\"manual\",$M30<>1)),\nIF(Import.TipoArredondamento<>\"TransfereGOV\",\nROUND(OFFSET($P30,0,AG$13),15-13*ORÇAMENTO!$AF$7)/$H30*OFFSET(ORÇAMENTO!$X$15,ROW(AG30)-ROW(AG$15),0),\nROUND(ROUND(OFFSET($P30,0,AG$13),15-13*ORÇAMENTO!$AF$7)*OFFSET(ORÇAMENTO!$W$15,ROW(AG30)-ROW(AG$15),0),15-13*ORÇAMENTO!$AF$11)),0)","v":0},{"$f":"IF(AND($D30=\"Serviço\",AH$12<>0,$H30>0,OR(AUTOEVENTO<>\"manual\",$M30<>1)),\nIF(Import.TipoArredondamento<>\"TransfereGOV\",\nROUND(OFFSET($P30,0,AH$13),15-13*ORÇAMENTO!$AF$7)/$H30*OFFSET(ORÇAMENTO!$X$15,ROW(AH30)-ROW(AH$15),0),\nROUND(ROUND(OFFSET($P30,0,AH$13),15-13*ORÇAMENTO!$AF$7)*OFFSET(ORÇAMENTO!$W$15,ROW(AH30)-ROW(AH$15),0),15-13*ORÇAMENTO!$AF$11)),0)","v":0},{"$f":"IF(AND($D30=\"Serviço\",AI$12<>0,$H30>0,OR(AUTOEVENTO<>\"manual\",$M30<>1)),\nIF(Import.TipoArredondamento<>\"TransfereGOV\",\nROUND(OFFSET($P30,0,AI$13),15-13*ORÇAMENTO!$AF$7)/$H30*OFFSET(ORÇAMENTO!$X$15,ROW(AI30)-ROW(AI$15),0),\nROUND(ROUND(OFFSET($P30,0,AI$13),15-13*ORÇAMENTO!$AF$7)*OFFSET(ORÇAMENTO!$W$15,ROW(AI30)-ROW(AI$15),0),15-13*ORÇAMENTO!$AF$11)),0)","v":0},{"$f":"IF(AND($D30=\"Serviço\",AJ$12<>0,$H30>0,OR(AUTOEVENTO<>\"manual\",$M30<>1)),\nIF(Import.TipoArredondamento<>\"TransfereGOV\",\nROUND(OFFSET($P30,0,AJ$13),15-13*ORÇAMENTO!$AF$7)/$H30*OFFSET(ORÇAMENTO!$X$15,ROW(AJ30)-ROW(AJ$15),0),\nROUND(ROUND(OFFSET($P30,0,AJ$13),15-13*ORÇAMENTO!$AF$7)*OFFSET(ORÇAMENTO!$W$15,ROW(AJ30)-ROW(AJ$15),0),15-13*ORÇAMENTO!$AF$11)),0)","v":0},{"$f":"IF(AND($D30=\"Serviço\",AK$12<>0,$H30>0,OR(AUTOEVENTO<>\"manual\",$M30<>1)),\nIF(Import.TipoArredondamento<>\"TransfereGOV\",\nROUND(OFFSET($P30,0,AK$13),15-13*ORÇAMENTO!$AF$7)/$H30*OFFSET(ORÇAMENTO!$X$15,ROW(AK30)-ROW(AK$15),0),\nROUND(ROUND(OFFSET($P30,0,AK$13),15-13*ORÇAMENTO!$AF$7)*OFFSET(ORÇAMENTO!$W$15,ROW(AK30)-ROW(AK$15),0),15-13*ORÇAMENTO!$AF$11)),0)","v":0},null,{"$f":"IF($D30<>\"Serviço\",0,IF(AND(AUTOEVENTO=\"Manual\",$M30=1),0,IF(OFFSET(CRONOPLE!$F$14,$M30,AM$13)=\"\",10^12,OFFSET(CRONOPLE!$F$14,$M30,AM$13))))","v":1000000000000},{"$f":"IF($D30<>\"Serviço\",0,IF(AND(AUTOEVENTO=\"Manual\",$M30=1),0,IF(OFFSET(CRONOPLE!$F$14,$M30,AN$13)=\"\",10^12,OFFSET(CRONOPLE!$F$14,$M30,AN$13))))","v":1000000000000},{"$f":"IF($D30<>\"Serviço\",0,IF(AND(AUTOEVENTO=\"Manual\",$M30=1),0,IF(OFFSET(CRONOPLE!$F$14,$M30,AO$13)=\"\",10^12,OFFSET(CRONOPLE!$F$14,$M30,AO$13))))","v":1000000000000},{"$f":"IF($D30<>\"Serviço\",0,IF(AND(AUTOEVENTO=\"Manual\",$M30=1),0,IF(OFFSET(CRONOPLE!$F$14,$M30,AP$13)=\"\",10^12,OFFSET(CRONOPLE!$F$14,$M30,AP$13))))","v":1000000000000},{"$f":"IF($D30<>\"Serviço\",0,IF(AND(AUTOEVENTO=\"Manual\",$M30=1),0,IF(OFFSET(CRONOPLE!$F$14,$M30,AQ$13)=\"\",10^12,OFFSET(CRONOPLE!$F$14,$M30,AQ$13))))","v":1000000000000},{"$f":"IF($D30<>\"Serviço\",0,IF(AND(AUTOEVENTO=\"Manual\",$M30=1),0,IF(OFFSET(CRONOPLE!$F$14,$M30,AR$13)=\"\",10^12,OFFSET(CRONOPLE!$F$14,$M30,AR$13))))","v":1000000000000},{"$f":"IF($D30<>\"Serviço\",0,IF(AND(AUTOEVENTO=\"Manual\",$M30=1),0,IF(OFFSET(CRONOPLE!$F$14,$M30,AS$13)=\"\",10^12,OFFSET(CRONOPLE!$F$14,$M30,AS$13))))","v":1000000000000},{"$f":"IF($D30<>\"Serviço\",0,IF(AND(AUTOEVENTO=\"Manual\",$M30=1),0,IF(OFFSET(CRONOPLE!$F$14,$M30,AT$13)=\"\",10^12,OFFSET(CRONOPLE!$F$14,$M30,AT$13))))","v":1000000000000},{"$f":"IF($D30<>\"Serviço\",0,IF(AND(AUTOEVENTO=\"Manual\",$M30=1),0,IF(OFFSET(CRONOPLE!$F$14,$M30,AU$13)=\"\",10^12,OFFSET(CRONOPLE!$F$14,$M30,AU$13))))","v":1000000000000},{"$f":"IF($D30<>\"Serviço\",0,IF(AND(AUTOEVENTO=\"Manual\",$M30=1),0,IF(OFFSET(CRONOPLE!$F$14,$M30,AV$13)=\"\",10^12,OFFSET(CRONOPLE!$F$14,$M30,AV$13))))","v":1000000000000},null,{"$f":"IF($D30<>\"Serviço\",0,IF(OR(AND(AUTOEVENTO=\"Manual\",$M30=1),$M30>(ROW(PLE.lastrow)-ROW(PLE.firstrow))),0,IF(OFFSET(PLE!$G$14,$M30,AX$13)=\"\",10^12,OFFSET(PLE!$G$14,$M30,AX$13))))","v":1000000000000},{"$f":"IF($D30<>\"Serviço\",0,IF(OR(AND(AUTOEVENTO=\"Manual\",$M30=1),$M30>(ROW(PLE.lastrow)-ROW(PLE.firstrow))),0,IF(OFFSET(PLE!$G$14,$M30,AY$13)=\"\",10^12,OFFSET(PLE!$G$14,$M30,AY$13))))","v":1000000000000},{"$f":"IF($D30<>\"Serviço\",0,IF(OR(AND(AUTOEVENTO=\"Manual\",$M30=1),$M30>(ROW(PLE.lastrow)-ROW(PLE.firstrow))),0,IF(OFFSET(PLE!$G$14,$M30,AZ$13)=\"\",10^12,OFFSET(PLE!$G$14,$M30,AZ$13))))","v":1000000000000},{"$f":"IF($D30<>\"Serviço\",0,IF(OR(AND(AUTOEVENTO=\"Manual\",$M30=1),$M30>(ROW(PLE.lastrow)-ROW(PLE.firstrow))),0,IF(OFFSET(PLE!$G$14,$M30,BA$13)=\"\",10^12,OFFSET(PLE!$G$14,$M30,BA$13))))","v":1000000000000},{"$f":"IF($D30<>\"Serviço\",0,IF(OR(AND(AUTOEVENTO=\"Manual\",$M30=1),$M30>(ROW(PLE.lastrow)-ROW(PLE.firstrow))),0,IF(OFFSET(PLE!$G$14,$M30,BB$13)=\"\",10^12,OFFSET(PLE!$G$14,$M30,BB$13))))","v":1000000000000},{"$f":"IF($D30<>\"Serviço\",0,IF(OR(AND(AUTOEVENTO=\"Manual\",$M30=1),$M30>(ROW(PLE.lastrow)-ROW(PLE.firstrow))),0,IF(OFFSET(PLE!$G$14,$M30,BC$13)=\"\",10^12,OFFSET(PLE!$G$14,$M30,BC$13))))","v":1000000000000},{"$f":"IF($D30<>\"Serviço\",0,IF(OR(AND(AUTOEVENTO=\"Manual\",$M30=1),$M30>(ROW(PLE.lastrow)-ROW(PLE.firstrow))),0,IF(OFFSET(PLE!$G$14,$M30,BD$13)=\"\",10^12,OFFSET(PLE!$G$14,$M30,BD$13))))","v":1000000000000},{"$f":"IF($D30<>\"Serviço\",0,IF(OR(AND(AUTOEVENTO=\"Manual\",$M30=1),$M30>(ROW(PLE.lastrow)-ROW(PLE.firstrow))),0,IF(OFFSET(PLE!$G$14,$M30,BE$13)=\"\",10^12,OFFSET(PLE!$G$14,$M30,BE$13))))","v":1000000000000},{"$f":"IF($D30<>\"Serviço\",0,IF(OR(AND(AUTOEVENTO=\"Manual\",$M30=1),$M30>(ROW(PLE.lastrow)-ROW(PLE.firstrow))),0,IF(OFFSET(PLE!$G$14,$M30,BF$13)=\"\",10^12,OFFSET(PLE!$G$14,$M30,BF$13))))","v":1000000000000},{"$f":"IF($D30<>\"Serviço\",0,IF(OR(AND(AUTOEVENTO=\"Manual\",$M30=1),$M30>(ROW(PLE.lastrow)-ROW(PLE.firstrow))),0,IF(OFFSET(PLE!$G$14,$M30,BG$13)=\"\",10^12,OFFSET(PLE!$G$14,$M30,BG$13))))","v":1000000000000}]
["2",{"$f":"OFFSET(ORÇAMENTO!C$15,ROW(B31)-ROW(B$15),0)","v":"S"},{"$f":"OFFSET(ORÇAMENTO!L$15,ROW(C31)-ROW(C$15),0)","v":"F"},{"$f":"OFFSET(ORÇAMENTO!N$15,ROW(D31)-ROW(D$15),0)","v":"Serviço"},{"$f":"OFFSET(ORÇAMENTO!O$15,ROW(E31)-ROW(E$15),0)","v":"1.1.0.0.14."},{"$f":"OFFSET(ORÇAMENTO!R$15,ROW(F31)-ROW(F$15),0)","v":"REMOÇÃO DE CABOS ELÉTRICOS, COM SEÇÃO MAIOR QUE 2,5 MM² E MENOR QUE 10 MM², DE FORMA MANUAL, SEM REAPROVEITAMENTO. AF_09/2023"},{"$f":"IF($D31<>\"Serviço\",\"\",OFFSET(ORÇAMENTO!S$15,ROW(G31)-ROW(G$15),0))","v":"M"},{"$f":"IF($D31<>\"Serviço\",0,IF(ACOMPANHAMENTO=\"BM\",ROUND(OFFSET(ORÇAMENTO!AJ$15,ROW(H31)-ROW(H$15),0),15-13*ORÇAMENTO!$AF$7),SUMPRODUCT(($Q$12:$AA$12<>\"\")*ROUND($Q31:$AA31,15-13*ORÇAMENTO!$AF$7))))","v":250},null,null,null,".",{"$f":"IF($D31<>\"Serviço\",\"\",IF(AUTOEVENTO=\"manual\",$A31,IF(ISERROR(MATCH($A31,$A$15:OFFSET($A31,-1,0),0)),MAX($M$15:OFFSET(M31,-1,0))+1,INDEX($M$15:OFFSET(M31,-1,0),MATCH($A31,$A$15:OFFSET($A31,-1,0),0)))))","v":2},{"$f":"IF($D31<>\"Serviço\",\"\",IF(AUTOEVENTO=\"Manual\",IF($A31=0,\"<-- defina o número do agrupador\",OFFSET(EVENTOS!$D$14,$A31,0)),OFFSET($F$15,$A31,0)))","v":"SERVIÇOS PRELIMINARES"},null,null,null,null,null,null,null,null,null,null,null,null,null,{"$f":"IF(AND($D31=\"Serviço\",AB$12<>0,$H31>0,OR(AUTOEVENTO<>\"manual\",$M31<>1)),\nIF(Import.TipoArredondamento<>\"TransfereGOV\",\nROUND(OFFSET($P31,0,AB$13),15-13*ORÇAMENTO!$AF$7)/$H31*OFFSET(ORÇAMENTO!$X$15,ROW(AB31)-ROW(AB$15),0),\nROUND(ROUND(OFFSET($P31,0,AB$13),15-13*ORÇAMENTO!$AF$7)*OFFSET(ORÇAMENTO!$W$15,ROW(AB31)-ROW(AB$15),0),15-13*ORÇAMENTO!$AF$11)),0)","v":0},{"$f":"IF(AND($D31=\"Serviço\",AC$12<>0,$H31>0,OR(AUTOEVENTO<>\"manual\",$M31<>1)),\nIF(Import.TipoArredondamento<>\"TransfereGOV\",\nROUND(OFFSET($P31,0,AC$13),15-13*ORÇAMENTO!$AF$7)/$H31*OFFSET(ORÇAMENTO!$X$15,ROW(AC31)-ROW(AC$15),0),\nROUND(ROUND(OFFSET($P31,0,AC$13),15-13*ORÇAMENTO!$AF$7)*OFFSET(ORÇAMENTO!$W$15,ROW(AC31)-ROW(AC$15),0),15-13*ORÇAMENTO!$AF$11)),0)","v":0},{"$f":"IF(AND($D31=\"Serviço\",AD$12<>0,$H31>0,OR(AUTOEVENTO<>\"manual\",$M31<>1)),\nIF(Import.TipoArredondamento<>\"TransfereGOV\",\nROUND(OFFSET($P31,0,AD$13),15-13*ORÇAMENTO!$AF$7)/$H31*OFFSET(ORÇAMENTO!$X$15,ROW(AD31)-ROW(AD$15),0),\nROUND(ROUND(OFFSET($P31,0,AD$13),15-13*ORÇAMENTO!$AF$7)*OFFSET(ORÇAMENTO!$W$15,ROW(AD31)-ROW(AD$15),0),15-13*ORÇAMENTO!$AF$11)),0)","v":0},{"$f":"IF(AND($D31=\"Serviço\",AE$12<>0,$H31>0,OR(AUTOEVENTO<>\"manual\",$M31<>1)),\nIF(Import.TipoArredondamento<>\"TransfereGOV\",\nROUND(OFFSET($P31,0,AE$13),15-13*ORÇAMENTO!$AF$7)/$H31*OFFSET(ORÇAMENTO!$X$15,ROW(AE31)-ROW(AE$15),0),\nROUND(ROUND(OFFSET($P31,0,AE$13),15-13*ORÇAMENTO!$AF$7)*OFFSET(ORÇAMENTO!$W$15,ROW(AE31)-ROW(AE$15),0),15-13*ORÇAMENTO!$AF$11)),0)","v":0},{"$f":"IF(AND($D31=\"Serviço\",AF$12<>0,$H31>0,OR(AUTOEVENTO<>\"manual\",$M31<>1)),\nIF(Import.TipoArredondamento<>\"TransfereGOV\",\nROUND(OFFSET($P31,0,AF$13),15-13*ORÇAMENTO!$AF$7)/$H31*OFFSET(ORÇAMENTO!$X$15,ROW(AF31)-ROW(AF$15),0),\nROUND(ROUND(OFFSET($P31,0,AF$13),15-13*ORÇAMENTO!$AF$7)*OFFSET(ORÇAMENTO!$W$15,ROW(AF31)-ROW(AF$15),0),15-13*ORÇAMENTO!$AF$11)),0)","v":0},{"$f":"IF(AND($D31=\"Serviço\",AG$12<>0,$H31>0,OR(AUTOEVENTO<>\"manual\",$M31<>1)),\nIF(Import.TipoArredondamento<>\"TransfereGOV\",\nROUND(OFFSET($P31,0,AG$13),15-13*ORÇAMENTO!$AF$7)/$H31*OFFSET(ORÇAMENTO!$X$15,ROW(AG31)-ROW(AG$15),0),\nROUND(ROUND(OFFSET($P31,0,AG$13),15-13*ORÇAMENTO!$AF$7)*OFFSET(ORÇAMENTO!$W$15,ROW(AG31)-ROW(AG$15),0),15-13*ORÇAMENTO!$AF$11)),0)","v":0},{"$f":"IF(AND($D31=\"Serviço\",AH$12<>0,$H31>0,OR(AUTOEVENTO<>\"manual\",$M31<>1)),\nIF(Import.TipoArredondamento<>\"TransfereGOV\",\nROUND(OFFSET($P31,0,AH$13),15-13*ORÇAMENTO!$AF$7)/$H31*OFFSET(ORÇAMENTO!$X$15,ROW(AH31)-ROW(AH$15),0),\nROUND(ROUND(OFFSET($P31,0,AH$13),15-13*ORÇAMENTO!$AF$7)*OFFSET(ORÇAMENTO!$W$15,ROW(AH31)-ROW(AH$15),0),15-13*ORÇAMENTO!$AF$11)),0)","v":0},{"$f":"IF(AND($D31=\"Serviço\",AI$12<>0,$H31>0,OR(AUTOEVENTO<>\"manual\",$M31<>1)),\nIF(Import.TipoArredondamento<>\"TransfereGOV\",\nROUND(OFFSET($P31,0,AI$13),15-13*ORÇAMENTO!$AF$7)/$H31*OFFSET(ORÇAMENTO!$X$15,ROW(AI31)-ROW(AI$15),0),\nROUND(ROUND(OFFSET($P31,0,AI$13),15-13*ORÇAMENTO!$AF$7)*OFFSET(ORÇAMENTO!$W$15,ROW(AI31)-ROW(AI$15),0),15-13*ORÇAMENTO!$AF$11)),0)","v":0},{"$f":"IF(AND($D31=\"Serviço\",AJ$12<>0,$H31>0,OR(AUTOEVENTO<>\"manual\",$M31<>1)),\nIF(Import.TipoArredondamento<>\"TransfereGOV\",\nROUND(OFFSET($P31,0,AJ$13),15-13*ORÇAMENTO!$AF$7)/$H31*OFFSET(ORÇAMENTO!$X$15,ROW(AJ31)-ROW(AJ$15),0),\nROUND(ROUND(OFFSET($P31,0,AJ$13),15-13*ORÇAMENTO!$AF$7)*OFFSET(ORÇAMENTO!$W$15,ROW(AJ31)-ROW(AJ$15),0),15-13*ORÇAMENTO!$AF$11)),0)","v":0},{"$f":"IF(AND($D31=\"Serviço\",AK$12<>0,$H31>0,OR(AUTOEVENTO<>\"manual\",$M31<>1)),\nIF(Import.TipoArredondamento<>\"TransfereGOV\",\nROUND(OFFSET($P31,0,AK$13),15-13*ORÇAMENTO!$AF$7)/$H31*OFFSET(ORÇAMENTO!$X$15,ROW(AK31)-ROW(AK$15),0),\nROUND(ROUND(OFFSET($P31,0,AK$13),15-13*ORÇAMENTO!$AF$7)*OFFSET(ORÇAMENTO!$W$15,ROW(AK31)-ROW(AK$15),0),15-13*ORÇAMENTO!$AF$11)),0)","v":0},null,{"$f":"IF($D31<>\"Serviço\",0,IF(AND(AUTOEVENTO=\"Manual\",$M31=1),0,IF(OFFSET(CRONOPLE!$F$14,$M31,AM$13)=\"\",10^12,OFFSET(CRONOPLE!$F$14,$M31,AM$13))))","v":1000000000000},{"$f":"IF($D31<>\"Serviço\",0,IF(AND(AUTOEVENTO=\"Manual\",$M31=1),0,IF(OFFSET(CRONOPLE!$F$14,$M31,AN$13)=\"\",10^12,OFFSET(CRONOPLE!$F$14,$M31,AN$13))))","v":1000000000000},{"$f":"IF($D31<>\"Serviço\",0,IF(AND(AUTOEVENTO=\"Manual\",$M31=1),0,IF(OFFSET(CRONOPLE!$F$14,$M31,AO$13)=\"\",10^12,OFFSET(CRONOPLE!$F$14,$M31,AO$13))))","v":1000000000000},{"$f":"IF($D31<>\"Serviço\",0,IF(AND(AUTOEVENTO=\"Manual\",$M31=1),0,IF(OFFSET(CRONOPLE!$F$14,$M31,AP$13)=\"\",10^12,OFFSET(CRONOPLE!$F$14,$M31,AP$13))))","v":1000000000000},{"$f":"IF($D31<>\"Serviço\",0,IF(AND(AUTOEVENTO=\"Manual\",$M31=1),0,IF(OFFSET(CRONOPLE!$F$14,$M31,AQ$13)=\"\",10^12,OFFSET(CRONOPLE!$F$14,$M31,AQ$13))))","v":1000000000000},{"$f":"IF($D31<>\"Serviço\",0,IF(AND(AUTOEVENTO=\"Manual\",$M31=1),0,IF(OFFSET(CRONOPLE!$F$14,$M31,AR$13)=\"\",10^12,OFFSET(CRONOPLE!$F$14,$M31,AR$13))))","v":1000000000000},{"$f":"IF($D31<>\"Serviço\",0,IF(AND(AUTOEVENTO=\"Manual\",$M31=1),0,IF(OFFSET(CRONOPLE!$F$14,$M31,AS$13)=\"\",10^12,OFFSET(CRONOPLE!$F$14,$M31,AS$13))))","v":1000000000000},{"$f":"IF($D31<>\"Serviço\",0,IF(AND(AUTOEVENTO=\"Manual\",$M31=1),0,IF(OFFSET(CRONOPLE!$F$14,$M31,AT$13)=\"\",10^12,OFFSET(CRONOPLE!$F$14,$M31,AT$13))))","v":1000000000000},{"$f":"IF($D31<>\"Serviço\",0,IF(AND(AUTOEVENTO=\"Manual\",$M31=1),0,IF(OFFSET(CRONOPLE!$F$14,$M31,AU$13)=\"\",10^12,OFFSET(CRONOPLE!$F$14,$M31,AU$13))))","v":1000000000000},{"$f":"IF($D31<>\"Serviço\",0,IF(AND(AUTOEVENTO=\"Manual\",$M31=1),0,IF(OFFSET(CRONOPLE!$F$14,$M31,AV$13)=\"\",10^12,OFFSET(CRONOPLE!$F$14,$M31,AV$13))))","v":1000000000000},null,{"$f":"IF($D31<>\"Serviço\",0,IF(OR(AND(AUTOEVENTO=\"Manual\",$M31=1),$M31>(ROW(PLE.lastrow)-ROW(PLE.firstrow))),0,IF(OFFSET(PLE!$G$14,$M31,AX$13)=\"\",10^12,OFFSET(PLE!$G$14,$M31,AX$13))))","v":1000000000000},{"$f":"IF($D31<>\"Serviço\",0,IF(OR(AND(AUTOEVENTO=\"Manual\",$M31=1),$M31>(ROW(PLE.lastrow)-ROW(PLE.firstrow))),0,IF(OFFSET(PLE!$G$14,$M31,AY$13)=\"\",10^12,OFFSET(PLE!$G$14,$M31,AY$13))))","v":1000000000000},{"$f":"IF($D31<>\"Serviço\",0,IF(OR(AND(AUTOEVENTO=\"Manual\",$M31=1),$M31>(ROW(PLE.lastrow)-ROW(PLE.firstrow))),0,IF(OFFSET(PLE!$G$14,$M31,AZ$13)=\"\",10^12,OFFSET(PLE!$G$14,$M31,AZ$13))))","v":1000000000000},{"$f":"IF($D31<>\"Serviço\",0,IF(OR(AND(AUTOEVENTO=\"Manual\",$M31=1),$M31>(ROW(PLE.lastrow)-ROW(PLE.firstrow))),0,IF(OFFSET(PLE!$G$14,$M31,BA$13)=\"\",10^12,OFFSET(PLE!$G$14,$M31,BA$13))))","v":1000000000000},{"$f":"IF($D31<>\"Serviço\",0,IF(OR(AND(AUTOEVENTO=\"Manual\",$M31=1),$M31>(ROW(PLE.lastrow)-ROW(PLE.firstrow))),0,IF(OFFSET(PLE!$G$14,$M31,BB$13)=\"\",10^12,OFFSET(PLE!$G$14,$M31,BB$13))))","v":1000000000000},{"$f":"IF($D31<>\"Serviço\",0,IF(OR(AND(AUTOEVENTO=\"Manual\",$M31=1),$M31>(ROW(PLE.lastrow)-ROW(PLE.firstrow))),0,IF(OFFSET(PLE!$G$14,$M31,BC$13)=\"\",10^12,OFFSET(PLE!$G$14,$M31,BC$13))))","v":1000000000000},{"$f":"IF($D31<>\"Serviço\",0,IF(OR(AND(AUTOEVENTO=\"Manual\",$M31=1),$M31>(ROW(PLE.lastrow)-ROW(PLE.firstrow))),0,IF(OFFSET(PLE!$G$14,$M31,BD$13)=\"\",10^12,OFFSET(PLE!$G$14,$M31,BD$13))))","v":1000000000000},{"$f":"IF($D31<>\"Serviço\",0,IF(OR(AND(AUTOEVENTO=\"Manual\",$M31=1),$M31>(ROW(PLE.lastrow)-ROW(PLE.firstrow))),0,IF(OFFSET(PLE!$G$14,$M31,BE$13)=\"\",10^12,OFFSET(PLE!$G$14,$M31,BE$13))))","v":1000000000000},{"$f":"IF($D31<>\"Serviço\",0,IF(OR(AND(AUTOEVENTO=\"Manual\",$M31=1),$M31>(ROW(PLE.lastrow)-ROW(PLE.firstrow))),0,IF(OFFSET(PLE!$G$14,$M31,BF$13)=\"\",10^12,OFFSET(PLE!$G$14,$M31,BF$13))))","v":1000000000000},{"$f":"IF($D31<>\"Serviço\",0,IF(OR(AND(AUTOEVENTO=\"Manual\",$M31=1),$M31>(ROW(PLE.lastrow)-ROW(PLE.firstrow))),0,IF(OFFSET(PLE!$G$14,$M31,BG$13)=\"\",10^12,OFFSET(PLE!$G$14,$M31,BG$13))))","v":1000000000000}]
["2",{"$f":"OFFSET(ORÇAMENTO!C$15,ROW(B32)-ROW(B$15),0)","v":"S"},{"$f":"OFFSET(ORÇAMENTO!L$15,ROW(C32)-ROW(C$15),0)","v":"F"},{"$f":"OFFSET(ORÇAMENTO!N$15,ROW(D32)-ROW(D$15),0)","v":"Serviço"},{"$f":"OFFSET(ORÇAMENTO!O$15,ROW(E32)-ROW(E$15),0)","v":"1.1.0.0.15."},{"$f":"OFFSET(ORÇAMENTO!R$15,ROW(F32)-ROW(F$15),0)","v":"REMOÇÃO DE INTERRUPTORES/TOMADAS ELÉTRICAS, DE FORMA MANUAL, SEM REAPROVEITAMENTO. AF_09/2023"},{"$f":"IF($D32<>\"Serviço\",\"\",OFFSET(ORÇAMENTO!S$15,ROW(G32)-ROW(G$15),0))","v":"UN"},{"$f":"IF($D32<>\"Serviço\",0,IF(ACOMPANHAMENTO=\"BM\",ROUND(OFFSET(ORÇAMENTO!AJ$15,ROW(H32)-ROW(H$15),0),15-13*ORÇAMENTO!$AF$7),SUMPRODUCT(($Q$12:$AA$12<>\"\")*ROUND($Q32:$AA32,15-13*ORÇAMENTO!$AF$7))))","v":85},null,null,null,".",{"$f":"IF($D32<>\"Serviço\",\"\",IF(AUTOEVENTO=\"manual\",$A32,IF(ISERROR(MATCH($A32,$A$15:OFFSET($A32,-1,0),0)),MAX($M$15:OFFSET(M32,-1,0))+1,INDEX($M$15:OFFSET(M32,-1,0),MATCH($A32,$A$15:OFFSET($A32,-1,0),0)))))","v":2},{"$f":"IF($D32<>\"Serviço\",\"\",IF(AUTOEVENTO=\"Manual\",IF($A32=0,\"<-- defina o número do agrupador\",OFFSET(EVENTOS!$D$14,$A32,0)),OFFSET($F$15,$A32,0)))","v":"SERVIÇOS PRELIMINARES"},null,null,null,null,null,null,null,null,null,null,null,null,null,{"$f":"IF(AND($D32=\"Serviço\",AB$12<>0,$H32>0,OR(AUTOEVENTO<>\"manual\",$M32<>1)),\nIF(Import.TipoArredondamento<>\"TransfereGOV\",\nROUND(OFFSET($P32,0,AB$13),15-13*ORÇAMENTO!$AF$7)/$H32*OFFSET(ORÇAMENTO!$X$15,ROW(AB32)-ROW(AB$15),0),\nROUND(ROUND(OFFSET($P32,0,AB$13),15-13*ORÇAMENTO!$AF$7)*OFFSET(ORÇAMENTO!$W$15,ROW(AB32)-ROW(AB$15),0),15-13*ORÇAMENTO!$AF$11)),0)","v":0},{"$f":"IF(AND($D32=\"Serviço\",AC$12<>0,$H32>0,OR(AUTOEVENTO<>\"manual\",$M32<>1)),\nIF(Import.TipoArredondamento<>\"TransfereGOV\",\nROUND(OFFSET($P32,0,AC$13),15-13*ORÇAMENTO!$AF$7)/$H32*OFFSET(ORÇAMENTO!$X$15,ROW(AC32)-ROW(AC$15),0),\nROUND(ROUND(OFFSET($P32,0,AC$13),15-13*ORÇAMENTO!$AF$7)*OFFSET(ORÇAMENTO!$W$15,ROW(AC32)-ROW(AC$15),0),15-13*ORÇAMENTO!$AF$11)),0)","v":0},{"$f":"IF(AND($D32=\"Serviço\",AD$12<>0,$H32>0,OR(AUTOEVENTO<>\"manual\",$M32<>1)),\nIF(Import.TipoArredondamento<>\"TransfereGOV\",\nROUND(OFFSET($P32,0,AD$13),15-13*ORÇAMENTO!$AF$7)/$H32*OFFSET(ORÇAMENTO!$X$15,ROW(AD32)-ROW(AD$15),0),\nROUND(ROUND(OFFSET($P32,0,AD$13),15-13*ORÇAMENTO!$AF$7)*OFFSET(ORÇAMENTO!$W$15,ROW(AD32)-ROW(AD$15),0),15-13*ORÇAMENTO!$AF$11)),0)","v":0},{"$f":"IF(AND($D32=\"Serviço\",AE$12<>0,$H32>0,OR(AUTOEVENTO<>\"manual\",$M32<>1)),\nIF(Import.TipoArredondamento<>\"TransfereGOV\",\nROUND(OFFSET($P32,0,AE$13),15-13*ORÇAMENTO!$AF$7)/$H32*OFFSET(ORÇAMENTO!$X$15,ROW(AE32)-ROW(AE$15),0),\nROUND(ROUND(OFFSET($P32,0,AE$13),15-13*ORÇAMENTO!$AF$7)*OFFSET(ORÇAMENTO!$W$15,ROW(AE32)-ROW(AE$15),0),15-13*ORÇAMENTO!$AF$11)),0)","v":0},{"$f":"IF(AND($D32=\"Serviço\",AF$12<>0,$H32>0,OR(AUTOEVENTO<>\"manual\",$M32<>1)),\nIF(Import.TipoArredondamento<>\"TransfereGOV\",\nROUND(OFFSET($P32,0,AF$13),15-13*ORÇAMENTO!$AF$7)/$H32*OFFSET(ORÇAMENTO!$X$15,ROW(AF32)-ROW(AF$15),0),\nROUND(ROUND(OFFSET($P32,0,AF$13),15-13*ORÇAMENTO!$AF$7)*OFFSET(ORÇAMENTO!$W$15,ROW(AF32)-ROW(AF$15),0),15-13*ORÇAMENTO!$AF$11)),0)","v":0},{"$f":"IF(AND($D32=\"Serviço\",AG$12<>0,$H32>0,OR(AUTOEVENTO<>\"manual\",$M32<>1)),\nIF(Import.TipoArredondamento<>\"TransfereGOV\",\nROUND(OFFSET($P32,0,AG$13),15-13*ORÇAMENTO!$AF$7)/$H32*OFFSET(ORÇAMENTO!$X$15,ROW(AG32)-ROW(AG$15),0),\nROUND(ROUND(OFFSET($P32,0,AG$13),15-13*ORÇAMENTO!$AF$7)*OFFSET(ORÇAMENTO!$W$15,ROW(AG32)-ROW(AG$15),0),15-13*ORÇAMENTO!$AF$11)),0)","v":0},{"$f":"IF(AND($D32=\"Serviço\",AH$12<>0,$H32>0,OR(AUTOEVENTO<>\"manual\",$M32<>1)),\nIF(Import.TipoArredondamento<>\"TransfereGOV\",\nROUND(OFFSET($P32,0,AH$13),15-13*ORÇAMENTO!$AF$7)/$H32*OFFSET(ORÇAMENTO!$X$15,ROW(AH32)-ROW(AH$15),0),\nROUND(ROUND(OFFSET($P32,0,AH$13),15-13*ORÇAMENTO!$AF$7)*OFFSET(ORÇAMENTO!$W$15,ROW(AH32)-ROW(AH$15),0),15-13*ORÇAMENTO!$AF$11)),0)","v":0},{"$f":"IF(AND($D32=\"Serviço\",AI$12<>0,$H32>0,OR(AUTOEVENTO<>\"manual\",$M32<>1)),\nIF(Import.TipoArredondamento<>\"TransfereGOV\",\nROUND(OFFSET($P32,0,AI$13),15-13*ORÇAMENTO!$AF$7)/$H32*OFFSET(ORÇAMENTO!$X$15,ROW(AI32)-ROW(AI$15),0),\nROUND(ROUND(OFFSET($P32,0,AI$13),15-13*ORÇAMENTO!$AF$7)*OFFSET(ORÇAMENTO!$W$15,ROW(AI32)-ROW(AI$15),0),15-13*ORÇAMENTO!$AF$11)),0)","v":0},{"$f":"IF(AND($D32=\"Serviço\",AJ$12<>0,$H32>0,OR(AUTOEVENTO<>\"manual\",$M32<>1)),\nIF(Import.TipoArredondamento<>\"TransfereGOV\",\nROUND(OFFSET($P32,0,AJ$13),15-13*ORÇAMENTO!$AF$7)/$H32*OFFSET(ORÇAMENTO!$X$15,ROW(AJ32)-ROW(AJ$15),0),\nROUND(ROUND(OFFSET($P32,0,AJ$13),15-13*ORÇAMENTO!$AF$7)*OFFSET(ORÇAMENTO!$W$15,ROW(AJ32)-ROW(AJ$15),0),15-13*ORÇAMENTO!$AF$11)),0)","v":0},{"$f":"IF(AND($D32=\"Serviço\",AK$12<>0,$H32>0,OR(AUTOEVENTO<>\"manual\",$M32<>1)),\nIF(Import.TipoArredondamento<>\"TransfereGOV\",\nROUND(OFFSET($P32,0,AK$13),15-13*ORÇAMENTO!$AF$7)/$H32*OFFSET(ORÇAMENTO!$X$15,ROW(AK32)-ROW(AK$15),0),\nROUND(ROUND(OFFSET($P32,0,AK$13),15-13*ORÇAMENTO!$AF$7)*OFFSET(ORÇAMENTO!$W$15,ROW(AK32)-ROW(AK$15),0),15-13*ORÇAMENTO!$AF$11)),0)","v":0},null,{"$f":"IF($D32<>\"Serviço\",0,IF(AND(AUTOEVENTO=\"Manual\",$M32=1),0,IF(OFFSET(CRONOPLE!$F$14,$M32,AM$13)=\"\",10^12,OFFSET(CRONOPLE!$F$14,$M32,AM$13))))","v":1000000000000},{"$f":"IF($D32<>\"Serviço\",0,IF(AND(AUTOEVENTO=\"Manual\",$M32=1),0,IF(OFFSET(CRONOPLE!$F$14,$M32,AN$13)=\"\",10^12,OFFSET(CRONOPLE!$F$14,$M32,AN$13))))","v":1000000000000},{"$f":"IF($D32<>\"Serviço\",0,IF(AND(AUTOEVENTO=\"Manual\",$M32=1),0,IF(OFFSET(CRONOPLE!$F$14,$M32,AO$13)=\"\",10^12,OFFSET(CRONOPLE!$F$14,$M32,AO$13))))","v":1000000000000},{"$f":"IF($D32<>\"Serviço\",0,IF(AND(AUTOEVENTO=\"Manual\",$M32=1),0,IF(OFFSET(CRONOPLE!$F$14,$M32,AP$13)=\"\",10^12,OFFSET(CRONOPLE!$F$14,$M32,AP$13))))","v":1000000000000},{"$f":"IF($D32<>\"Serviço\",0,IF(AND(AUTOEVENTO=\"Manual\",$M32=1),0,IF(OFFSET(CRONOPLE!$F$14,$M32,AQ$13)=\"\",10^12,OFFSET(CRONOPLE!$F$14,$M32,AQ$13))))","v":1000000000000},{"$f":"IF($D32<>\"Serviço\",0,IF(AND(AUTOEVENTO=\"Manual\",$M32=1),0,IF(OFFSET(CRONOPLE!$F$14,$M32,AR$13)=\"\",10^12,OFFSET(CRONOPLE!$F$14,$M32,AR$13))))","v":1000000000000},{"$f":"IF($D32<>\"Serviço\",0,IF(AND(AUTOEVENTO=\"Manual\",$M32=1),0,IF(OFFSET(CRONOPLE!$F$14,$M32,AS$13)=\"\",10^12,OFFSET(CRONOPLE!$F$14,$M32,AS$13))))","v":1000000000000},{"$f":"IF($D32<>\"Serviço\",0,IF(AND(AUTOEVENTO=\"Manual\",$M32=1),0,IF(OFFSET(CRONOPLE!$F$14,$M32,AT$13)=\"\",10^12,OFFSET(CRONOPLE!$F$14,$M32,AT$13))))","v":1000000000000},{"$f":"IF($D32<>\"Serviço\",0,IF(AND(AUTOEVENTO=\"Manual\",$M32=1),0,IF(OFFSET(CRONOPLE!$F$14,$M32,AU$13)=\"\",10^12,OFFSET(CRONOPLE!$F$14,$M32,AU$13))))","v":1000000000000},{"$f":"IF($D32<>\"Serviço\",0,IF(AND(AUTOEVENTO=\"Manual\",$M32=1),0,IF(OFFSET(CRONOPLE!$F$14,$M32,AV$13)=\"\",10^12,OFFSET(CRONOPLE!$F$14,$M32,AV$13))))","v":1000000000000},null,{"$f":"IF($D32<>\"Serviço\",0,IF(OR(AND(AUTOEVENTO=\"Manual\",$M32=1),$M32>(ROW(PLE.lastrow)-ROW(PLE.firstrow))),0,IF(OFFSET(PLE!$G$14,$M32,AX$13)=\"\",10^12,OFFSET(PLE!$G$14,$M32,AX$13))))","v":1000000000000},{"$f":"IF($D32<>\"Serviço\",0,IF(OR(AND(AUTOEVENTO=\"Manual\",$M32=1),$M32>(ROW(PLE.lastrow)-ROW(PLE.firstrow))),0,IF(OFFSET(PLE!$G$14,$M32,AY$13)=\"\",10^12,OFFSET(PLE!$G$14,$M32,AY$13))))","v":1000000000000},{"$f":"IF($D32<>\"Serviço\",0,IF(OR(AND(AUTOEVENTO=\"Manual\",$M32=1),$M32>(ROW(PLE.lastrow)-ROW(PLE.firstrow))),0,IF(OFFSET(PLE!$G$14,$M32,AZ$13)=\"\",10^12,OFFSET(PLE!$G$14,$M32,AZ$13))))","v":1000000000000},{"$f":"IF($D32<>\"Serviço\",0,IF(OR(AND(AUTOEVENTO=\"Manual\",$M32=1),$M32>(ROW(PLE.lastrow)-ROW(PLE.firstrow))),0,IF(OFFSET(PLE!$G$14,$M32,BA$13)=\"\",10^12,OFFSET(PLE!$G$14,$M32,BA$13))))","v":1000000000000},{"$f":"IF($D32<>\"Serviço\",0,IF(OR(AND(AUTOEVENTO=\"Manual\",$M32=1),$M32>(ROW(PLE.lastrow)-ROW(PLE.firstrow))),0,IF(OFFSET(PLE!$G$14,$M32,BB$13)=\"\",10^12,OFFSET(PLE!$G$14,$M32,BB$13))))","v":1000000000000},{"$f":"IF($D32<>\"Serviço\",0,IF(OR(AND(AUTOEVENTO=\"Manual\",$M32=1),$M32>(ROW(PLE.lastrow)-ROW(PLE.firstrow))),0,IF(OFFSET(PLE!$G$14,$M32,BC$13)=\"\",10^12,OFFSET(PLE!$G$14,$M32,BC$13))))","v":1000000000000},{"$f":"IF($D32<>\"Serviço\",0,IF(OR(AND(AUTOEVENTO=\"Manual\",$M32=1),$M32>(ROW(PLE.lastrow)-ROW(PLE.firstrow))),0,IF(OFFSET(PLE!$G$14,$M32,BD$13)=\"\",10^12,OFFSET(PLE!$G$14,$M32,BD$13))))","v":1000000000000},{"$f":"IF($D32<>\"Serviço\",0,IF(OR(AND(AUTOEVENTO=\"Manual\",$M32=1),$M32>(ROW(PLE.lastrow)-ROW(PLE.firstrow))),0,IF(OFFSET(PLE!$G$14,$M32,BE$13)=\"\",10^12,OFFSET(PLE!$G$14,$M32,BE$13))))","v":1000000000000},{"$f":"IF($D32<>\"Serviço\",0,IF(OR(AND(AUTOEVENTO=\"Manual\",$M32=1),$M32>(ROW(PLE.lastrow)-ROW(PLE.firstrow))),0,IF(OFFSET(PLE!$G$14,$M32,BF$13)=\"\",10^12,OFFSET(PLE!$G$14,$M32,BF$13))))","v":1000000000000},{"$f":"IF($D32<>\"Serviço\",0,IF(OR(AND(AUTOEVENTO=\"Manual\",$M32=1),$M32>(ROW(PLE.lastrow)-ROW(PLE.firstrow))),0,IF(OFFSET(PLE!$G$14,$M32,BG$13)=\"\",10^12,OFFSET(PLE!$G$14,$M32,BG$13))))","v":1000000000000}]
["2",{"$f":"OFFSET(ORÇAMENTO!C$15,ROW(B33)-ROW(B$15),0)","v":"S"},{"$f":"OFFSET(ORÇAMENTO!L$15,ROW(C33)-ROW(C$15),0)","v":"F"},{"$f":"OFFSET(ORÇAMENTO!N$15,ROW(D33)-ROW(D$15),0)","v":"Serviço"},{"$f":"OFFSET(ORÇAMENTO!O$15,ROW(E33)-ROW(E$15),0)","v":"1.1.0.0.16."},{"$f":"OFFSET(ORÇAMENTO!R$15,ROW(F33)-ROW(F$15),0)","v":"REMOÇÃO DE LUMINÁRIAS, DE FORMA MANUAL, SEM REAPROVEITAMENTO. AF_09/2023"},{"$f":"IF($D33<>\"Serviço\",\"\",OFFSET(ORÇAMENTO!S$15,ROW(G33)-ROW(G$15),0))","v":"UN"},{"$f":"IF($D33<>\"Serviço\",0,IF(ACOMPANHAMENTO=\"BM\",ROUND(OFFSET(ORÇAMENTO!AJ$15,ROW(H33)-ROW(H$15),0),15-13*ORÇAMENTO!$AF$7),SUMPRODUCT(($Q$12:$AA$12<>\"\")*ROUND($Q33:$AA33,15-13*ORÇAMENTO!$AF$7))))","v":54},null,null,null,".",{"$f":"IF($D33<>\"Serviço\",\"\",IF(AUTOEVENTO=\"manual\",$A33,IF(ISERROR(MATCH($A33,$A$15:OFFSET($A33,-1,0),0)),MAX($M$15:OFFSET(M33,-1,0))+1,INDEX($M$15:OFFSET(M33,-1,0),MATCH($A33,$A$15:OFFSET($A33,-1,0),0)))))","v":2},{"$f":"IF($D33<>\"Serviço\",\"\",IF(AUTOEVENTO=\"Manual\",IF($A33=0,\"<-- defina o número do agrupador\",OFFSET(EVENTOS!$D$14,$A33,0)),OFFSET($F$15,$A33,0)))","v":"SERVIÇOS PRELIMINARES"},null,null,null,null,null,null,null,null,null,null,null,null,null,{"$f":"IF(AND($D33=\"Serviço\",AB$12<>0,$H33>0,OR(AUTOEVENTO<>\"manual\",$M33<>1)),\nIF(Import.TipoArredondamento<>\"TransfereGOV\",\nROUND(OFFSET($P33,0,AB$13),15-13*ORÇAMENTO!$AF$7)/$H33*OFFSET(ORÇAMENTO!$X$15,ROW(AB33)-ROW(AB$15),0),\nROUND(ROUND(OFFSET($P33,0,AB$13),15-13*ORÇAMENTO!$AF$7)*OFFSET(ORÇAMENTO!$W$15,ROW(AB33)-ROW(AB$15),0),15-13*ORÇAMENTO!$AF$11)),0)","v":0},{"$f":"IF(AND($D33=\"Serviço\",AC$12<>0,$H33>0,OR(AUTOEVENTO<>\"manual\",$M33<>1)),\nIF(Import.TipoArredondamento<>\"TransfereGOV\",\nROUND(OFFSET($P33,0,AC$13),15-13*ORÇAMENTO!$AF$7)/$H33*OFFSET(ORÇAMENTO!$X$15,ROW(AC33)-ROW(AC$15),0),\nROUND(ROUND(OFFSET($P33,0,AC$13),15-13*ORÇAMENTO!$AF$7)*OFFSET(ORÇAMENTO!$W$15,ROW(AC33)-ROW(AC$15),0),15-13*ORÇAMENTO!$AF$11)),0)","v":0},{"$f":"IF(AND($D33=\"Serviço\",AD$12<>0,$H33>0,OR(AUTOEVENTO<>\"manual\",$M33<>1)),\nIF(Import.TipoArredondamento<>\"TransfereGOV\",\nROUND(OFFSET($P33,0,AD$13),15-13*ORÇAMENTO!$AF$7)/$H33*OFFSET(ORÇAMENTO!$X$15,ROW(AD33)-ROW(AD$15),0),\nROUND(ROUND(OFFSET($P33,0,AD$13),15-13*ORÇAMENTO!$AF$7)*OFFSET(ORÇAMENTO!$W$15,ROW(AD33)-ROW(AD$15),0),15-13*ORÇAMENTO!$AF$11)),0)","v":0},{"$f":"IF(AND($D33=\"Serviço\",AE$12<>0,$H33>0,OR(AUTOEVENTO<>\"manual\",$M33<>1)),\nIF(Import.TipoArredondamento<>\"TransfereGOV\",\nROUND(OFFSET($P33,0,AE$13),15-13*ORÇAMENTO!$AF$7)/$H33*OFFSET(ORÇAMENTO!$X$15,ROW(AE33)-ROW(AE$15),0),\nROUND(ROUND(OFFSET($P33,0,AE$13),15-13*ORÇAMENTO!$AF$7)*OFFSET(ORÇAMENTO!$W$15,ROW(AE33)-ROW(AE$15),0),15-13*ORÇAMENTO!$AF$11)),0)","v":0},{"$f":"IF(AND($D33=\"Serviço\",AF$12<>0,$H33>0,OR(AUTOEVENTO<>\"manual\",$M33<>1)),\nIF(Import.TipoArredondamento<>\"TransfereGOV\",\nROUND(OFFSET($P33,0,AF$13),15-13*ORÇAMENTO!$AF$7)/$H33*OFFSET(ORÇAMENTO!$X$15,ROW(AF33)-ROW(AF$15),0),\nROUND(ROUND(OFFSET($P33,0,AF$13),15-13*ORÇAMENTO!$AF$7)*OFFSET(ORÇAMENTO!$W$15,ROW(AF33)-ROW(AF$15),0),15-13*ORÇAMENTO!$AF$11)),0)","v":0},{"$f":"IF(AND($D33=\"Serviço\",AG$12<>0,$H33>0,OR(AUTOEVENTO<>\"manual\",$M33<>1)),\nIF(Import.TipoArredondamento<>\"TransfereGOV\",\nROUND(OFFSET($P33,0,AG$13),15-13*ORÇAMENTO!$AF$7)/$H33*OFFSET(ORÇAMENTO!$X$15,ROW(AG33)-ROW(AG$15),0),\nROUND(ROUND(OFFSET($P33,0,AG$13),15-13*ORÇAMENTO!$AF$7)*OFFSET(ORÇAMENTO!$W$15,ROW(AG33)-ROW(AG$15),0),15-13*ORÇAMENTO!$AF$11)),0)","v":0},{"$f":"IF(AND($D33=\"Serviço\",AH$12<>0,$H33>0,OR(AUTOEVENTO<>\"manual\",$M33<>1)),\nIF(Import.TipoArredondamento<>\"TransfereGOV\",\nROUND(OFFSET($P33,0,AH$13),15-13*ORÇAMENTO!$AF$7)/$H33*OFFSET(ORÇAMENTO!$X$15,ROW(AH33)-ROW(AH$15),0),\nROUND(ROUND(OFFSET($P33,0,AH$13),15-13*ORÇAMENTO!$AF$7)*OFFSET(ORÇAMENTO!$W$15,ROW(AH33)-ROW(AH$15),0),15-13*ORÇAMENTO!$AF$11)),0)","v":0},{"$f":"IF(AND($D33=\"Serviço\",AI$12<>0,$H33>0,OR(AUTOEVENTO<>\"manual\",$M33<>1)),\nIF(Import.TipoArredondamento<>\"TransfereGOV\",\nROUND(OFFSET($P33,0,AI$13),15-13*ORÇAMENTO!$AF$7)/$H33*OFFSET(ORÇAMENTO!$X$15,ROW(AI33)-ROW(AI$15),0),\nROUND(ROUND(OFFSET($P33,0,AI$13),15-13*ORÇAMENTO!$AF$7)*OFFSET(ORÇAMENTO!$W$15,ROW(AI33)-ROW(AI$15),0),15-13*ORÇAMENTO!$AF$11)),0)","v":0},{"$f":"IF(AND($D33=\"Serviço\",AJ$12<>0,$H33>0,OR(AUTOEVENTO<>\"manual\",$M33<>1)),\nIF(Import.TipoArredondamento<>\"TransfereGOV\",\nROUND(OFFSET($P33,0,AJ$13),15-13*ORÇAMENTO!$AF$7)/$H33*OFFSET(ORÇAMENTO!$X$15,ROW(AJ33)-ROW(AJ$15),0),\nROUND(ROUND(OFFSET($P33,0,AJ$13),15-13*ORÇAMENTO!$AF$7)*OFFSET(ORÇAMENTO!$W$15,ROW(AJ33)-ROW(AJ$15),0),15-13*ORÇAMENTO!$AF$11)),0)","v":0},{"$f":"IF(AND($D33=\"Serviço\",AK$12<>0,$H33>0,OR(AUTOEVENTO<>\"manual\",$M33<>1)),\nIF(Import.TipoArredondamento<>\"TransfereGOV\",\nROUND(OFFSET($P33,0,AK$13),15-13*ORÇAMENTO!$AF$7)/$H33*OFFSET(ORÇAMENTO!$X$15,ROW(AK33)-ROW(AK$15),0),\nROUND(ROUND(OFFSET($P33,0,AK$13),15-13*ORÇAMENTO!$AF$7)*OFFSET(ORÇAMENTO!$W$15,ROW(AK33)-ROW(AK$15),0),15-13*ORÇAMENTO!$AF$11)),0)","v":0},null,{"$f":"IF($D33<>\"Serviço\",0,IF(AND(AUTOEVENTO=\"Manual\",$M33=1),0,IF(OFFSET(CRONOPLE!$F$14,$M33,AM$13)=\"\",10^12,OFFSET(CRONOPLE!$F$14,$M33,AM$13))))","v":1000000000000},{"$f":"IF($D33<>\"Serviço\",0,IF(AND(AUTOEVENTO=\"Manual\",$M33=1),0,IF(OFFSET(CRONOPLE!$F$14,$M33,AN$13)=\"\",10^12,OFFSET(CRONOPLE!$F$14,$M33,AN$13))))","v":1000000000000},{"$f":"IF($D33<>\"Serviço\",0,IF(AND(AUTOEVENTO=\"Manual\",$M33=1),0,IF(OFFSET(CRONOPLE!$F$14,$M33,AO$13)=\"\",10^12,OFFSET(CRONOPLE!$F$14,$M33,AO$13))))","v":1000000000000},{"$f":"IF($D33<>\"Serviço\",0,IF(AND(AUTOEVENTO=\"Manual\",$M33=1),0,IF(OFFSET(CRONOPLE!$F$14,$M33,AP$13)=\"\",10^12,OFFSET(CRONOPLE!$F$14,$M33,AP$13))))","v":1000000000000},{"$f":"IF($D33<>\"Serviço\",0,IF(AND(AUTOEVENTO=\"Manual\",$M33=1),0,IF(OFFSET(CRONOPLE!$F$14,$M33,AQ$13)=\"\",10^12,OFFSET(CRONOPLE!$F$14,$M33,AQ$13))))","v":1000000000000},{"$f":"IF($D33<>\"Serviço\",0,IF(AND(AUTOEVENTO=\"Manual\",$M33=1),0,IF(OFFSET(CRONOPLE!$F$14,$M33,AR$13)=\"\",10^12,OFFSET(CRONOPLE!$F$14,$M33,AR$13))))","v":1000000000000},{"$f":"IF($D33<>\"Serviço\",0,IF(AND(AUTOEVENTO=\"Manual\",$M33=1),0,IF(OFFSET(CRONOPLE!$F$14,$M33,AS$13)=\"\",10^12,OFFSET(CRONOPLE!$F$14,$M33,AS$13))))","v":1000000000000},{"$f":"IF($D33<>\"Serviço\",0,IF(AND(AUTOEVENTO=\"Manual\",$M33=1),0,IF(OFFSET(CRONOPLE!$F$14,$M33,AT$13)=\"\",10^12,OFFSET(CRONOPLE!$F$14,$M33,AT$13))))","v":1000000000000},{"$f":"IF($D33<>\"Serviço\",0,IF(AND(AUTOEVENTO=\"Manual\",$M33=1),0,IF(OFFSET(CRONOPLE!$F$14,$M33,AU$13)=\"\",10^12,OFFSET(CRONOPLE!$F$14,$M33,AU$13))))","v":1000000000000},{"$f":"IF($D33<>\"Serviço\",0,IF(AND(AUTOEVENTO=\"Manual\",$M33=1),0,IF(OFFSET(CRONOPLE!$F$14,$M33,AV$13)=\"\",10^12,OFFSET(CRONOPLE!$F$14,$M33,AV$13))))","v":1000000000000},null,{"$f":"IF($D33<>\"Serviço\",0,IF(OR(AND(AUTOEVENTO=\"Manual\",$M33=1),$M33>(ROW(PLE.lastrow)-ROW(PLE.firstrow))),0,IF(OFFSET(PLE!$G$14,$M33,AX$13)=\"\",10^12,OFFSET(PLE!$G$14,$M33,AX$13))))","v":1000000000000},{"$f":"IF($D33<>\"Serviço\",0,IF(OR(AND(AUTOEVENTO=\"Manual\",$M33=1),$M33>(ROW(PLE.lastrow)-ROW(PLE.firstrow))),0,IF(OFFSET(PLE!$G$14,$M33,AY$13)=\"\",10^12,OFFSET(PLE!$G$14,$M33,AY$13))))","v":1000000000000},{"$f":"IF($D33<>\"Serviço\",0,IF(OR(AND(AUTOEVENTO=\"Manual\",$M33=1),$M33>(ROW(PLE.lastrow)-ROW(PLE.firstrow))),0,IF(OFFSET(PLE!$G$14,$M33,AZ$13)=\"\",10^12,OFFSET(PLE!$G$14,$M33,AZ$13))))","v":1000000000000},{"$f":"IF($D33<>\"Serviço\",0,IF(OR(AND(AUTOEVENTO=\"Manual\",$M33=1),$M33>(ROW(PLE.lastrow)-ROW(PLE.firstrow))),0,IF(OFFSET(PLE!$G$14,$M33,BA$13)=\"\",10^12,OFFSET(PLE!$G$14,$M33,BA$13))))","v":1000000000000},{"$f":"IF($D33<>\"Serviço\",0,IF(OR(AND(AUTOEVENTO=\"Manual\",$M33=1),$M33>(ROW(PLE.lastrow)-ROW(PLE.firstrow))),0,IF(OFFSET(PLE!$G$14,$M33,BB$13)=\"\",10^12,OFFSET(PLE!$G$14,$M33,BB$13))))","v":1000000000000},{"$f":"IF($D33<>\"Serviço\",0,IF(OR(AND(AUTOEVENTO=\"Manual\",$M33=1),$M33>(ROW(PLE.lastrow)-ROW(PLE.firstrow))),0,IF(OFFSET(PLE!$G$14,$M33,BC$13)=\"\",10^12,OFFSET(PLE!$G$14,$M33,BC$13))))","v":1000000000000},{"$f":"IF($D33<>\"Serviço\",0,IF(OR(AND(AUTOEVENTO=\"Manual\",$M33=1),$M33>(ROW(PLE.lastrow)-ROW(PLE.firstrow))),0,IF(OFFSET(PLE!$G$14,$M33,BD$13)=\"\",10^12,OFFSET(PLE!$G$14,$M33,BD$13))))","v":1000000000000},{"$f":"IF($D33<>\"Serviço\",0,IF(OR(AND(AUTOEVENTO=\"Manual\",$M33=1),$M33>(ROW(PLE.lastrow)-ROW(PLE.firstrow))),0,IF(OFFSET(PLE!$G$14,$M33,BE$13)=\"\",10^12,OFFSET(PLE!$G$14,$M33,BE$13))))","v":1000000000000},{"$f":"IF($D33<>\"Serviço\",0,IF(OR(AND(AUTOEVENTO=\"Manual\",$M33=1),$M33>(ROW(PLE.lastrow)-ROW(PLE.firstrow))),0,IF(OFFSET(PLE!$G$14,$M33,BF$13)=\"\",10^12,OFFSET(PLE!$G$14,$M33,BF$13))))","v":1000000000000},{"$f":"IF($D33<>\"Serviço\",0,IF(OR(AND(AUTOEVENTO=\"Manual\",$M33=1),$M33>(ROW(PLE.lastrow)-ROW(PLE.firstrow))),0,IF(OFFSET(PLE!$G$14,$M33,BG$13)=\"\",10^12,OFFSET(PLE!$G$14,$M33,BG$13))))","v":1000000000000}]
[{"$f":"IF(AUTOEVENTO=\"Manual\",IF(K34<>\"\",MIN(VALUE(LEFT(K34,FIND(\".\",K34)-1)),COUNTA(EVENTOS.Lista)),0),IF(OR($B34>AUTOEVENTO,$B34=\"S\",$B34=0),SUBSTITUTE(OFFSET($A34,-1,0),IF($D34=\"Serviço\",\".\",\"\"),\"\"),ROW(A34)-ROW($A$15)&\".\"))","v":"2"},{"$f":"OFFSET(ORÇAMENTO!C$15,ROW(B34)-ROW(B$15),0)","v":"S"},{"$f":"OFFSET(ORÇAMENTO!L$15,ROW(C34)-ROW(C$15),0)","v":"F"},{"$f":"OFFSET(ORÇAMENTO!N$15,ROW(D34)-ROW(D$15),0)","v":"Serviço"},{"$f":"OFFSET(ORÇAMENTO!O$15,ROW(E34)-ROW(E$15),0)","v":"1.1.0.0.17."},{"$f":"OFFSET(ORÇAMENTO!R$15,ROW(F34)-ROW(F$15),0)","v":"REMOÇÃO DE LOUÇAS, DE FORMA MANUAL, SEM REAPROVEITAMENTO. AF_09/2023"},{"$f":"IF($D34<>\"Serviço\",\"\",OFFSET(ORÇAMENTO!S$15,ROW(G34)-ROW(G$15),0))","v":"UN"},{"$f":"IF($D34<>\"Serviço\",0,IF(ACOMPANHAMENTO=\"BM\",ROUND(OFFSET(ORÇAMENTO!AJ$15,ROW(H34)-ROW(H$15),0),15-13*ORÇAMENTO!$AF$7),SUMPRODUCT(($Q$12:$AA$12<>\"\")*ROUND($Q34:$AA34,15-13*ORÇAMENTO!$AF$7))))","v":25},null,null,null,".",{"$f":"IF($D34<>\"Serviço\",\"\",IF(AUTOEVENTO=\"manual\",$A34,IF(ISERROR(MATCH($A34,$A$15:OFFSET($A34,-1,0),0)),MAX($M$15:OFFSET(M34,-1,0))+1,INDEX($M$15:OFFSET(M34,-1,0),MATCH($A34,$A$15:OFFSET($A34,-1,0),0)))))","v":2},{"$f":"IF($D34<>\"Serviço\",\"\",IF(AUTOEVENTO=\"Manual\",IF($A34=0,\"<-- defina o número do agrupador\",OFFSET(EVENTOS!$D$14,$A34,0)),OFFSET($F$15,$A34,0)))","v":"SERVIÇOS PRELIMINARES"},null,null,null,null,null,null,null,null,null,null,null,null,null,{"$f":"IF(AND($D34=\"Serviço\",AB$12<>0,$H34>0,OR(AUTOEVENTO<>\"manual\",$M34<>1)),\nIF(Import.TipoArredondamento<>\"TransfereGOV\",\nROUND(OFFSET($P34,0,AB$13),15-13*ORÇAMENTO!$AF$7)/$H34*OFFSET(ORÇAMENTO!$X$15,ROW(AB34)-ROW(AB$15),0),\nROUND(ROUND(OFFSET($P34,0,AB$13),15-13*ORÇAMENTO!$AF$7)*OFFSET(ORÇAMENTO!$W$15,ROW(AB34)-ROW(AB$15),0),15-13*ORÇAMENTO!$AF$11)),0)","v":0},{"$f":"IF(AND($D34=\"Serviço\",AC$12<>0,$H34>0,OR(AUTOEVENTO<>\"manual\",$M34<>1)),\nIF(Import.TipoArredondamento<>\"TransfereGOV\",\nROUND(OFFSET($P34,0,AC$13),15-13*ORÇAMENTO!$AF$7)/$H34*OFFSET(ORÇAMENTO!$X$15,ROW(AC34)-ROW(AC$15),0),\nROUND(ROUND(OFFSET($P34,0,AC$13),15-13*ORÇAMENTO!$AF$7)*OFFSET(ORÇAMENTO!$W$15,ROW(AC34)-ROW(AC$15),0),15-13*ORÇAMENTO!$AF$11)),0)","v":0},{"$f":"IF(AND($D34=\"Serviço\",AD$12<>0,$H34>0,OR(AUTOEVENTO<>\"manual\",$M34<>1)),\nIF(Import.TipoArredondamento<>\"TransfereGOV\",\nROUND(OFFSET($P34,0,AD$13),15-13*ORÇAMENTO!$AF$7)/$H34*OFFSET(ORÇAMENTO!$X$15,ROW(AD34)-ROW(AD$15),0),\nROUND(ROUND(OFFSET($P34,0,AD$13),15-13*ORÇAMENTO!$AF$7)*OFFSET(ORÇAMENTO!$W$15,ROW(AD34)-ROW(AD$15),0),15-13*ORÇAMENTO!$AF$11)),0)","v":0},{"$f":"IF(AND($D34=\"Serviço\",AE$12<>0,$H34>0,OR(AUTOEVENTO<>\"manual\",$M34<>1)),\nIF(Import.TipoArredondamento<>\"TransfereGOV\",\nROUND(OFFSET($P34,0,AE$13),15-13*ORÇAMENTO!$AF$7)/$H34*OFFSET(ORÇAMENTO!$X$15,ROW(AE34)-ROW(AE$15),0),\nROUND(ROUND(OFFSET($P34,0,AE$13),15-13*ORÇAMENTO!$AF$7)*OFFSET(ORÇAMENTO!$W$15,ROW(AE34)-ROW(AE$15),0),15-13*ORÇAMENTO!$AF$11)),0)","v":0},{"$f":"IF(AND($D34=\"Serviço\",AF$12<>0,$H34>0,OR(AUTOEVENTO<>\"manual\",$M34<>1)),\nIF(Import.TipoArredondamento<>\"TransfereGOV\",\nROUND(OFFSET($P34,0,AF$13),15-13*ORÇAMENTO!$AF$7)/$H34*OFFSET(ORÇAMENTO!$X$15,ROW(AF34)-ROW(AF$15),0),\nROUND(ROUND(OFFSET($P34,0,AF$13),15-13*ORÇAMENTO!$AF$7)*OFFSET(ORÇAMENTO!$W$15,ROW(AF34)-ROW(AF$15),0),15-13*ORÇAMENTO!$AF$11)),0)","v":0},{"$f":"IF(AND($D34=\"Serviço\",AG$12<>0,$H34>0,OR(AUTOEVENTO<>\"manual\",$M34<>1)),\nIF(Import.TipoArredondamento<>\"TransfereGOV\",\nROUND(OFFSET($P34,0,AG$13),15-13*ORÇAMENTO!$AF$7)/$H34*OFFSET(ORÇAMENTO!$X$15,ROW(AG34)-ROW(AG$15),0),\nROUND(ROUND(OFFSET($P34,0,AG$13),15-13*ORÇAMENTO!$AF$7)*OFFSET(ORÇAMENTO!$W$15,ROW(AG34)-ROW(AG$15),0),15-13*ORÇAMENTO!$AF$11)),0)","v":0},{"$f":"IF(AND($D34=\"Serviço\",AH$12<>0,$H34>0,OR(AUTOEVENTO<>\"manual\",$M34<>1)),\nIF(Import.TipoArredondamento<>\"TransfereGOV\",\nROUND(OFFSET($P34,0,AH$13),15-13*ORÇAMENTO!$AF$7)/$H34*OFFSET(ORÇAMENTO!$X$15,ROW(AH34)-ROW(AH$15),0),\nROUND(ROUND(OFFSET($P34,0,AH$13),15-13*ORÇAMENTO!$AF$7)*OFFSET(ORÇAMENTO!$W$15,ROW(AH34)-ROW(AH$15),0),15-13*ORÇAMENTO!$AF$11)),0)","v":0},{"$f":"IF(AND($D34=\"Serviço\",AI$12<>0,$H34>0,OR(AUTOEVENTO<>\"manual\",$M34<>1)),\nIF(Import.TipoArredondamento<>\"TransfereGOV\",\nROUND(OFFSET($P34,0,AI$13),15-13*ORÇAMENTO!$AF$7)/$H34*OFFSET(ORÇAMENTO!$X$15,ROW(AI34)-ROW(AI$15),0),\nROUND(ROUND(OFFSET($P34,0,AI$13),15-13*ORÇAMENTO!$AF$7)*OFFSET(ORÇAMENTO!$W$15,ROW(AI34)-ROW(AI$15),0),15-13*ORÇAMENTO!$AF$11)),0)","v":0},{"$f":"IF(AND($D34=\"Serviço\",AJ$12<>0,$H34>0,OR(AUTOEVENTO<>\"manual\",$M34<>1)),\nIF(Import.TipoArredondamento<>\"TransfereGOV\",\nROUND(OFFSET($P34,0,AJ$13),15-13*ORÇAMENTO!$AF$7)/$H34*OFFSET(ORÇAMENTO!$X$15,ROW(AJ34)-ROW(AJ$15),0),\nROUND(ROUND(OFFSET($P34,0,AJ$13),15-13*ORÇAMENTO!$AF$7)*OFFSET(ORÇAMENTO!$W$15,ROW(AJ34)-ROW(AJ$15),0),15-13*ORÇAMENTO!$AF$11)),0)","v":0},{"$f":"IF(AND($D34=\"Serviço\",AK$12<>0,$H34>0,OR(AUTOEVENTO<>\"manual\",$M34<>1)),\nIF(Import.TipoArredondamento<>\"TransfereGOV\",\nROUND(OFFSET($P34,0,AK$13),15-13*ORÇAMENTO!$AF$7)/$H34*OFFSET(ORÇAMENTO!$X$15,ROW(AK34)-ROW(AK$15),0),\nROUND(ROUND(OFFSET($P34,0,AK$13),15-13*ORÇAMENTO!$AF$7)*OFFSET(ORÇAMENTO!$W$15,ROW(AK34)-ROW(AK$15),0),15-13*ORÇAMENTO!$AF$11)),0)","v":0},null,{"$f":"IF($D34<>\"Serviço\",0,IF(AND(AUTOEVENTO=\"Manual\",$M34=1),0,IF(OFFSET(CRONOPLE!$F$14,$M34,AM$13)=\"\",10^12,OFFSET(CRONOPLE!$F$14,$M34,AM$13))))","v":1000000000000},{"$f":"IF($D34<>\"Serviço\",0,IF(AND(AUTOEVENTO=\"Manual\",$M34=1),0,IF(OFFSET(CRONOPLE!$F$14,$M34,AN$13)=\"\",10^12,OFFSET(CRONOPLE!$F$14,$M34,AN$13))))","v":1000000000000},{"$f":"IF($D34<>\"Serviço\",0,IF(AND(AUTOEVENTO=\"Manual\",$M34=1),0,IF(OFFSET(CRONOPLE!$F$14,$M34,AO$13)=\"\",10^12,OFFSET(CRONOPLE!$F$14,$M34,AO$13))))","v":1000000000000},{"$f":"IF($D34<>\"Serviço\",0,IF(AND(AUTOEVENTO=\"Manual\",$M34=1),0,IF(OFFSET(CRONOPLE!$F$14,$M34,AP$13)=\"\",10^12,OFFSET(CRONOPLE!$F$14,$M34,AP$13))))","v":1000000000000},{"$f":"IF($D34<>\"Serviço\",0,IF(AND(AUTOEVENTO=\"Manual\",$M34=1),0,IF(OFFSET(CRONOPLE!$F$14,$M34,AQ$13)=\"\",10^12,OFFSET(CRONOPLE!$F$14,$M34,AQ$13))))","v":1000000000000},{"$f":"IF($D34<>\"Serviço\",0,IF(AND(AUTOEVENTO=\"Manual\",$M34=1),0,IF(OFFSET(CRONOPLE!$F$14,$M34,AR$13)=\"\",10^12,OFFSET(CRONOPLE!$F$14,$M34,AR$13))))","v":1000000000000},{"$f":"IF($D34<>\"Serviço\",0,IF(AND(AUTOEVENTO=\"Manual\",$M34=1),0,IF(OFFSET(CRONOPLE!$F$14,$M34,AS$13)=\"\",10^12,OFFSET(CRONOPLE!$F$14,$M34,AS$13))))","v":1000000000000},{"$f":"IF($D34<>\"Serviço\",0,IF(AND(AUTOEVENTO=\"Manual\",$M34=1),0,IF(OFFSET(CRONOPLE!$F$14,$M34,AT$13)=\"\",10^12,OFFSET(CRONOPLE!$F$14,$M34,AT$13))))","v":1000000000000},{"$f":"IF($D34<>\"Serviço\",0,IF(AND(AUTOEVENTO=\"Manual\",$M34=1),0,IF(OFFSET(CRONOPLE!$F$14,$M34,AU$13)=\"\",10^12,OFFSET(CRONOPLE!$F$14,$M34,AU$13))))","v":1000000000000},{"$f":"IF($D34<>\"Serviço\",0,IF(AND(AUTOEVENTO=\"Manual\",$M34=1),0,IF(OFFSET(CRONOPLE!$F$14,$M34,AV$13)=\"\",10^12,OFFSET(CRONOPLE!$F$14,$M34,AV$13))))","v":1000000000000},null,{"$f":"IF($D34<>\"Serviço\",0,IF(OR(AND(AUTOEVENTO=\"Manual\",$M34=1),$M34>(ROW(PLE.lastrow)-ROW(PLE.firstrow))),0,IF(OFFSET(PLE!$G$14,$M34,AX$13)=\"\",10^12,OFFSET(PLE!$G$14,$M34,AX$13))))","v":1000000000000},{"$f":"IF($D34<>\"Serviço\",0,IF(OR(AND(AUTOEVENTO=\"Manual\",$M34=1),$M34>(ROW(PLE.lastrow)-ROW(PLE.firstrow))),0,IF(OFFSET(PLE!$G$14,$M34,AY$13)=\"\",10^12,OFFSET(PLE!$G$14,$M34,AY$13))))","v":1000000000000},{"$f":"IF($D34<>\"Serviço\",0,IF(OR(AND(AUTOEVENTO=\"Manual\",$M34=1),$M34>(ROW(PLE.lastrow)-ROW(PLE.firstrow))),0,IF(OFFSET(PLE!$G$14,$M34,AZ$13)=\"\",10^12,OFFSET(PLE!$G$14,$M34,AZ$13))))","v":1000000000000},{"$f":"IF($D34<>\"Serviço\",0,IF(OR(AND(AUTOEVENTO=\"Manual\",$M34=1),$M34>(ROW(PLE.lastrow)-ROW(PLE.firstrow))),0,IF(OFFSET(PLE!$G$14,$M34,BA$13)=\"\",10^12,OFFSET(PLE!$G$14,$M34,BA$13))))","v":1000000000000},{"$f":"IF($D34<>\"Serviço\",0,IF(OR(AND(AUTOEVENTO=\"Manual\",$M34=1),$M34>(ROW(PLE.lastrow)-ROW(PLE.firstrow))),0,IF(OFFSET(PLE!$G$14,$M34,BB$13)=\"\",10^12,OFFSET(PLE!$G$14,$M34,BB$13))))","v":1000000000000},{"$f":"IF($D34<>\"Serviço\",0,IF(OR(AND(AUTOEVENTO=\"Manual\",$M34=1),$M34>(ROW(PLE.lastrow)-ROW(PLE.firstrow))),0,IF(OFFSET(PLE!$G$14,$M34,BC$13)=\"\",10^12,OFFSET(PLE!$G$14,$M34,BC$13))))","v":1000000000000},{"$f":"IF($D34<>\"Serviço\",0,IF(OR(AND(AUTOEVENTO=\"Manual\",$M34=1),$M34>(ROW(PLE.lastrow)-ROW(PLE.firstrow))),0,IF(OFFSET(PLE!$G$14,$M34,BD$13)=\"\",10^12,OFFSET(PLE!$G$14,$M34,BD$13))))","v":1000000000000},{"$f":"IF($D34<>\"Serviço\",0,IF(OR(AND(AUTOEVENTO=\"Manual\",$M34=1),$M34>(ROW(PLE.lastrow)-ROW(PLE.firstrow))),0,IF(OFFSET(PLE!$G$14,$M34,BE$13)=\"\",10^12,OFFSET(PLE!$G$14,$M34,BE$13))))","v":1000000000000},{"$f":"IF($D34<>\"Serviço\",0,IF(OR(AND(AUTOEVENTO=\"Manual\",$M34=1),$M34>(ROW(PLE.lastrow)-ROW(PLE.firstrow))),0,IF(OFFSET(PLE!$G$14,$M34,BF$13)=\"\",10^12,OFFSET(PLE!$G$14,$M34,BF$13))))","v":1000000000000},{"$f":"IF($D34<>\"Serviço\",0,IF(OR(AND(AUTOEVENTO=\"Manual\",$M34=1),$M34>(ROW(PLE.lastrow)-ROW(PLE.firstrow))),0,IF(OFFSET(PLE!$G$14,$M34,BG$13)=\"\",10^12,OFFSET(PLE!$G$14,$M34,BG$13))))","v":1000000000000}]
["20.",{"$f":"OFFSET(ORÇAMENTO!C$15,ROW(B35)-ROW(B$15),0)","v":2},{"$f":"OFFSET(ORÇAMENTO!L$15,ROW(C35)-ROW(C$15),0)","v":"F"},{"$f":"OFFSET(ORÇAMENTO!N$15,ROW(D35)-ROW(D$15),0)","v":"Nível 2"},{"$f":"OFFSET(ORÇAMENTO!O$15,ROW(E35)-ROW(E$15),0)","v":"1.2."},{"$f":"OFFSET(ORÇAMENTO!R$15,ROW(F35)-ROW(F$15),0)","v":"MOVIMENTO DE TERRA"},{"$f":"IF($D35<>\"Serviço\",\"\",OFFSET(ORÇAMENTO!S$15,ROW(G35)-ROW(G$15),0))","v":""},{"$f":"IF($D35<>\"Serviço\",0,IF(ACOMPANHAMENTO=\"BM\",ROUND(OFFSET(ORÇAMENTO!AJ$15,ROW(H35)-ROW(H$15),0),15-13*ORÇAMENTO!$AF$7),SUMPRODUCT(($Q$12:$AA$12<>\"\")*ROUND($Q35:$AA35,15-13*ORÇAMENTO!$AF$7))))","v":0},null,null,null,".",{"$f":"IF($D35<>\"Serviço\",\"\",IF(AUTOEVENTO=\"manual\",$A35,IF(ISERROR(MATCH($A35,$A$15:OFFSET($A35,-1,0),0)),MAX($M$15:OFFSET(M35,-1,0))+1,INDEX($M$15:OFFSET(M35,-1,0),MATCH($A35,$A$15:OFFSET($A35,-1,0),0)))))","v":""},{"$f":"IF($D35<>\"Serviço\",\"\",IF(AUTOEVENTO=\"Manual\",IF($A35=0,\"<-- defina o número do agrupador\",OFFSET(EVENTOS!$D$14,$A35,0)),OFFSET($F$15,$A35,0)))","v":""},null,null,null,null,null,null,null,null,null,null,null,null,null,{"$f":"IF(AND($D35=\"Serviço\",AB$12<>0,$H35>0,OR(AUTOEVENTO<>\"manual\",$M35<>1)),\nIF(Import.TipoArredondamento<>\"TransfereGOV\",\nROUND(OFFSET($P35,0,AB$13),15-13*ORÇAMENTO!$AF$7)/$H35*OFFSET(ORÇAMENTO!$X$15,ROW(AB35)-ROW(AB$15),0),\nROUND(ROUND(OFFSET($P35,0,AB$13),15-13*ORÇAMENTO!$AF$7)*OFFSET(ORÇAMENTO!$W$15,ROW(AB35)-ROW(AB$15),0),15-13*ORÇAMENTO!$AF$11)),0)","v":0},{"$f":"IF(AND($D35=\"Serviço\",AC$12<>0,$H35>0,OR(AUTOEVENTO<>\"manual\",$M35<>1)),\nIF(Import.TipoArredondamento<>\"TransfereGOV\",\nROUND(OFFSET($P35,0,AC$13),15-13*ORÇAMENTO!$AF$7)/$H35*OFFSET(ORÇAMENTO!$X$15,ROW(AC35)-ROW(AC$15),0),\nROUND(ROUND(OFFSET($P35,0,AC$13),15-13*ORÇAMENTO!$AF$7)*OFFSET(ORÇAMENTO!$W$15,ROW(AC35)-ROW(AC$15),0),15-13*ORÇAMENTO!$AF$11)),0)","v":0},{"$f":"IF(AND($D35=\"Serviço\",AD$12<>0,$H35>0,OR(AUTOEVENTO<>\"manual\",$M35<>1)),\nIF(Import.TipoArredondamento<>\"TransfereGOV\",\nROUND(OFFSET($P35,0,AD$13),15-13*ORÇAMENTO!$AF$7)/$H35*OFFSET(ORÇAMENTO!$X$15,ROW(AD35)-ROW(AD$15),0),\nROUND(ROUND(OFFSET($P35,0,AD$13),15-13*ORÇAMENTO!$AF$7)*OFFSET(ORÇAMENTO!$W$15,ROW(AD35)-ROW(AD$15),0),15-13*ORÇAMENTO!$AF$11)),0)","v":0},{"$f":"IF(AND($D35=\"Serviço\",AE$12<>0,$H35>0,OR(AUTOEVENTO<>\"manual\",$M35<>1)),\nIF(Import.TipoArredondamento<>\"TransfereGOV\",\nROUND(OFFSET($P35,0,AE$13),15-13*ORÇAMENTO!$AF$7)/$H35*OFFSET(ORÇAMENTO!$X$15,ROW(AE35)-ROW(AE$15),0),\nROUND(ROUND(OFFSET($P35,0,AE$13),15-13*ORÇAMENTO!$AF$7)*OFFSET(ORÇAMENTO!$W$15,ROW(AE35)-ROW(AE$15),0),15-13*ORÇAMENTO!$AF$11)),0)","v":0},{"$f":"IF(AND($D35=\"Serviço\",AF$12<>0,$H35>0,OR(AUTOEVENTO<>\"manual\",$M35<>1)),\nIF(Import.TipoArredondamento<>\"TransfereGOV\",\nROUND(OFFSET($P35,0,AF$13),15-13*ORÇAMENTO!$AF$7)/$H35*OFFSET(ORÇAMENTO!$X$15,ROW(AF35)-ROW(AF$15),0),\nROUND(ROUND(OFFSET($P35,0,AF$13),15-13*ORÇAMENTO!$AF$7)*OFFSET(ORÇAMENTO!$W$15,ROW(AF35)-ROW(AF$15),0),15-13*ORÇAMENTO!$AF$11)),0)","v":0},{"$f":"IF(AND($D35=\"Serviço\",AG$12<>0,$H35>0,OR(AUTOEVENTO<>\"manual\",$M35<>1)),\nIF(Import.TipoArredondamento<>\"TransfereGOV\",\nROUND(OFFSET($P35,0,AG$13),15-13*ORÇAMENTO!$AF$7)/$H35*OFFSET(ORÇAMENTO!$X$15,ROW(AG35)-ROW(AG$15),0),\nROUND(ROUND(OFFSET($P35,0,AG$13),15-13*ORÇAMENTO!$AF$7)*OFFSET(ORÇAMENTO!$W$15,ROW(AG35)-ROW(AG$15),0),15-13*ORÇAMENTO!$AF$11)),0)","v":0},{"$f":"IF(AND($D35=\"Serviço\",AH$12<>0,$H35>0,OR(AUTOEVENTO<>\"manual\",$M35<>1)),\nIF(Import.TipoArredondamento<>\"TransfereGOV\",\nROUND(OFFSET($P35,0,AH$13),15-13*ORÇAMENTO!$AF$7)/$H35*OFFSET(ORÇAMENTO!$X$15,ROW(AH35)-ROW(AH$15),0),\nROUND(ROUND(OFFSET($P35,0,AH$13),15-13*ORÇAMENTO!$AF$7)*OFFSET(ORÇAMENTO!$W$15,ROW(AH35)-ROW(AH$15),0),15-13*ORÇAMENTO!$AF$11)),0)","v":0},{"$f":"IF(AND($D35=\"Serviço\",AI$12<>0,$H35>0,OR(AUTOEVENTO<>\"manual\",$M35<>1)),\nIF(Import.TipoArredondamento<>\"TransfereGOV\",\nROUND(OFFSET($P35,0,AI$13),15-13*ORÇAMENTO!$AF$7)/$H35*OFFSET(ORÇAMENTO!$X$15,ROW(AI35)-ROW(AI$15),0),\nROUND(ROUND(OFFSET($P35,0,AI$13),15-13*ORÇAMENTO!$AF$7)*OFFSET(ORÇAMENTO!$W$15,ROW(AI35)-ROW(AI$15),0),15-13*ORÇAMENTO!$AF$11)),0)","v":0},{"$f":"IF(AND($D35=\"Serviço\",AJ$12<>0,$H35>0,OR(AUTOEVENTO<>\"manual\",$M35<>1)),\nIF(Import.TipoArredondamento<>\"TransfereGOV\",\nROUND(OFFSET($P35,0,AJ$13),15-13*ORÇAMENTO!$AF$7)/$H35*OFFSET(ORÇAMENTO!$X$15,ROW(AJ35)-ROW(AJ$15),0),\nROUND(ROUND(OFFSET($P35,0,AJ$13),15-13*ORÇAMENTO!$AF$7)*OFFSET(ORÇAMENTO!$W$15,ROW(AJ35)-ROW(AJ$15),0),15-13*ORÇAMENTO!$AF$11)),0)","v":0},{"$f":"IF(AND($D35=\"Serviço\",AK$12<>0,$H35>0,OR(AUTOEVENTO<>\"manual\",$M35<>1)),\nIF(Import.TipoArredondamento<>\"TransfereGOV\",\nROUND(OFFSET($P35,0,AK$13),15-13*ORÇAMENTO!$AF$7)/$H35*OFFSET(ORÇAMENTO!$X$15,ROW(AK35)-ROW(AK$15),0),\nROUND(ROUND(OFFSET($P35,0,AK$13),15-13*ORÇAMENTO!$AF$7)*OFFSET(ORÇAMENTO!$W$15,ROW(AK35)-ROW(AK$15),0),15-13*ORÇAMENTO!$AF$11)),0)","v":0},null,{"$f":"IF($D35<>\"Serviço\",0,IF(AND(AUTOEVENTO=\"Manual\",$M35=1),0,IF(OFFSET(CRONOPLE!$F$14,$M35,AM$13)=\"\",10^12,OFFSET(CRONOPLE!$F$14,$M35,AM$13))))","v":0},{"$f":"IF($D35<>\"Serviço\",0,IF(AND(AUTOEVENTO=\"Manual\",$M35=1),0,IF(OFFSET(CRONOPLE!$F$14,$M35,AN$13)=\"\",10^12,OFFSET(CRONOPLE!$F$14,$M35,AN$13))))","v":0},{"$f":"IF($D35<>\"Serviço\",0,IF(AND(AUTOEVENTO=\"Manual\",$M35=1),0,IF(OFFSET(CRONOPLE!$F$14,$M35,AO$13)=\"\",10^12,OFFSET(CRONOPLE!$F$14,$M35,AO$13))))","v":0},{"$f":"IF($D35<>\"Serviço\",0,IF(AND(AUTOEVENTO=\"Manual\",$M35=1),0,IF(OFFSET(CRONOPLE!$F$14,$M35,AP$13)=\"\",10^12,OFFSET(CRONOPLE!$F$14,$M35,AP$13))))","v":0},{"$f":"IF($D35<>\"Serviço\",0,IF(AND(AUTOEVENTO=\"Manual\",$M35=1),0,IF(OFFSET(CRONOPLE!$F$14,$M35,AQ$13)=\"\",10^12,OFFSET(CRONOPLE!$F$14,$M35,AQ$13))))","v":0},{"$f":"IF($D35<>\"Serviço\",0,IF(AND(AUTOEVENTO=\"Manual\",$M35=1),0,IF(OFFSET(CRONOPLE!$F$14,$M35,AR$13)=\"\",10^12,OFFSET(CRONOPLE!$F$14,$M35,AR$13))))","v":0},{"$f":"IF($D35<>\"Serviço\",0,IF(AND(AUTOEVENTO=\"Manual\",$M35=1),0,IF(OFFSET(CRONOPLE!$F$14,$M35,AS$13)=\"\",10^12,OFFSET(CRONOPLE!$F$14,$M35,AS$13))))","v":0},{"$f":"IF($D35<>\"Serviço\",0,IF(AND(AUTOEVENTO=\"Manual\",$M35=1),0,IF(OFFSET(CRONOPLE!$F$14,$M35,AT$13)=\"\",10^12,OFFSET(CRONOPLE!$F$14,$M35,AT$13))))","v":0},{"$f":"IF($D35<>\"Serviço\",0,IF(AND(AUTOEVENTO=\"Manual\",$M35=1),0,IF(OFFSET(CRONOPLE!$F$14,$M35,AU$13)=\"\",10^12,OFFSET(CRONOPLE!$F$14,$M35,AU$13))))","v":0},{"$f":"IF($D35<>\"Serviço\",0,IF(AND(AUTOEVENTO=\"Manual\",$M35=1),0,IF(OFFSET(CRONOPLE!$F$14,$M35,AV$13)=\"\",10^12,OFFSET(CRONOPLE!$F$14,$M35,AV$13))))","v":0},null,{"$f":"IF($D35<>\"Serviço\",0,IF(OR(AND(AUTOEVENTO=\"Manual\",$M35=1),$M35>(ROW(PLE.lastrow)-ROW(PLE.firstrow))),0,IF(OFFSET(PLE!$G$14,$M35,AX$13)=\"\",10^12,OFFSET(PLE!$G$14,$M35,AX$13))))","v":0},{"$f":"IF($D35<>\"Serviço\",0,IF(OR(AND(AUTOEVENTO=\"Manual\",$M35=1),$M35>(ROW(PLE.lastrow)-ROW(PLE.firstrow))),0,IF(OFFSET(PLE!$G$14,$M35,AY$13)=\"\",10^12,OFFSET(PLE!$G$14,$M35,AY$13))))","v":0},{"$f":"IF($D35<>\"Serviço\",0,IF(OR(AND(AUTOEVENTO=\"Manual\",$M35=1),$M35>(ROW(PLE.lastrow)-ROW(PLE.firstrow))),0,IF(OFFSET(PLE!$G$14,$M35,AZ$13)=\"\",10^12,OFFSET(PLE!$G$14,$M35,AZ$13))))","v":0},{"$f":"IF($D35<>\"Serviço\",0,IF(OR(AND(AUTOEVENTO=\"Manual\",$M35=1),$M35>(ROW(PLE.lastrow)-ROW(PLE.firstrow))),0,IF(OFFSET(PLE!$G$14,$M35,BA$13)=\"\",10^12,OFFSET(PLE!$G$14,$M35,BA$13))))","v":0},{"$f":"IF($D35<>\"Serviço\",0,IF(OR(AND(AUTOEVENTO=\"Manual\",$M35=1),$M35>(ROW(PLE.lastrow)-ROW(PLE.firstrow))),0,IF(OFFSET(PLE!$G$14,$M35,BB$13)=\"\",10^12,OFFSET(PLE!$G$14,$M35,BB$13))))","v":0},{"$f":"IF($D35<>\"Serviço\",0,IF(OR(AND(AUTOEVENTO=\"Manual\",$M35=1),$M35>(ROW(PLE.lastrow)-ROW(PLE.firstrow))),0,IF(OFFSET(PLE!$G$14,$M35,BC$13)=\"\",10^12,OFFSET(PLE!$G$14,$M35,BC$13))))","v":0},{"$f":"IF($D35<>\"Serviço\",0,IF(OR(AND(AUTOEVENTO=\"Manual\",$M35=1),$M35>(ROW(PLE.lastrow)-ROW(PLE.firstrow))),0,IF(OFFSET(PLE!$G$14,$M35,BD$13)=\"\",10^12,OFFSET(PLE!$G$14,$M35,BD$13))))","v":0},{"$f":"IF($D35<>\"Serviço\",0,IF(OR(AND(AUTOEVENTO=\"Manual\",$M35=1),$M35>(ROW(PLE.lastrow)-ROW(PLE.firstrow))),0,IF(OFFSET(PLE!$G$14,$M35,BE$13)=\"\",10^12,OFFSET(PLE!$G$14,$M35,BE$13))))","v":0},{"$f":"IF($D35<>\"Serviço\",0,IF(OR(AND(AUTOEVENTO=\"Manual\",$M35=1),$M35>(ROW(PLE.lastrow)-ROW(PLE.firstrow))),0,IF(OFFSET(PLE!$G$14,$M35,BF$13)=\"\",10^12,OFFSET(PLE!$G$14,$M35,BF$13))))","v":0},{"$f":"IF($D35<>\"Serviço\",0,IF(OR(AND(AUTOEVENTO=\"Manual\",$M35=1),$M35>(ROW(PLE.lastrow)-ROW(PLE.firstrow))),0,IF(OFFSET(PLE!$G$14,$M35,BG$13)=\"\",10^12,OFFSET(PLE!$G$14,$M35,BG$13))))","v":0}]
["20",{"$f":"OFFSET(ORÇAMENTO!C$15,ROW(B36)-ROW(B$15),0)","v":"S"},{"$f":"OFFSET(ORÇAMENTO!L$15,ROW(C36)-ROW(C$15),0)","v":"F"},{"$f":"OFFSET(ORÇAMENTO!N$15,ROW(D36)-ROW(D$15),0)","v":"Serviço"},{"$f":"OFFSET(ORÇAMENTO!O$15,ROW(E36)-ROW(E$15),0)","v":"1.2.0.0.1."},{"$f":"OFFSET(ORÇAMENTO!R$15,ROW(F36)-ROW(F$15),0)","v":"ESCAVAÇÃO MECANIZADA PARA BLOCO DE COROAMENTO OU SAPATA COM RETROESCAVADEIRA (SEM ESCAVAÇÃO PARA COLOCAÇÃO DE FÔRMAS). AF_01/2024"},{"$f":"IF($D36<>\"Serviço\",\"\",OFFSET(ORÇAMENTO!S$15,ROW(G36)-ROW(G$15),0))","v":"M3"},{"$f":"IF($D36<>\"Serviço\",0,IF(ACOMPANHAMENTO=\"BM\",ROUND(OFFSET(ORÇAMENTO!AJ$15,ROW(H36)-ROW(H$15),0),15-13*ORÇAMENTO!$AF$7),SUMPRODUCT(($Q$12:$AA$12<>\"\")*ROUND($Q36:$AA36,15-13*ORÇAMENTO!$AF$7))))","v":11.31},null,null,null,".",{"$f":"IF($D36<>\"Serviço\",\"\",IF(AUTOEVENTO=\"manual\",$A36,IF(ISERROR(MATCH($A36,$A$15:OFFSET($A36,-1,0),0)),MAX($M$15:OFFSET(M36,-1,0))+1,INDEX($M$15:OFFSET(M36,-1,0),MATCH($A36,$A$15:OFFSET($A36,-1,0),0)))))","v":3},{"$f":"IF($D36<>\"Serviço\",\"\",IF(AUTOEVENTO=\"Manual\",IF($A36=0,\"<-- defina o número do agrupador\",OFFSET(EVENTOS!$D$14,$A36,0)),OFFSET($F$15,$A36,0)))","v":"MOVIMENTO DE TERRA"},null,null,null,null,null,null,null,null,null,null,null,null,null,{"$f":"IF(AND($D36=\"Serviço\",AB$12<>0,$H36>0,OR(AUTOEVENTO<>\"manual\",$M36<>1)),\nIF(Import.TipoArredondamento<>\"TransfereGOV\",\nROUND(OFFSET($P36,0,AB$13),15-13*ORÇAMENTO!$AF$7)/$H36*OFFSET(ORÇAMENTO!$X$15,ROW(AB36)-ROW(AB$15),0),\nROUND(ROUND(OFFSET($P36,0,AB$13),15-13*ORÇAMENTO!$AF$7)*OFFSET(ORÇAMENTO!$W$15,ROW(AB36)-ROW(AB$15),0),15-13*ORÇAMENTO!$AF$11)),0)","v":0},{"$f":"IF(AND($D36=\"Serviço\",AC$12<>0,$H36>0,OR(AUTOEVENTO<>\"manual\",$M36<>1)),\nIF(Import.TipoArredondamento<>\"TransfereGOV\",\nROUND(OFFSET($P36,0,AC$13),15-13*ORÇAMENTO!$AF$7)/$H36*OFFSET(ORÇAMENTO!$X$15,ROW(AC36)-ROW(AC$15),0),\nROUND(ROUND(OFFSET($P36,0,AC$13),15-13*ORÇAMENTO!$AF$7)*OFFSET(ORÇAMENTO!$W$15,ROW(AC36)-ROW(AC$15),0),15-13*ORÇAMENTO!$AF$11)),0)","v":0},{"$f":"IF(AND($D36=\"Serviço\",AD$12<>0,$H36>0,OR(AUTOEVENTO<>\"manual\",$M36<>1)),\nIF(Import.TipoArredondamento<>\"TransfereGOV\",\nROUND(OFFSET($P36,0,AD$13),15-13*ORÇAMENTO!$AF$7)/$H36*OFFSET(ORÇAMENTO!$X$15,ROW(AD36)-ROW(AD$15),0),\nROUND(ROUND(OFFSET($P36,0,AD$13),15-13*ORÇAMENTO!$AF$7)*OFFSET(ORÇAMENTO!$W$15,ROW(AD36)-ROW(AD$15),0),15-13*ORÇAMENTO!$AF$11)),0)","v":0},{"$f":"IF(AND($D36=\"Serviço\",AE$12<>0,$H36>0,OR(AUTOEVENTO<>\"manual\",$M36<>1)),\nIF(Import.TipoArredondamento<>\"TransfereGOV\",\nROUND(OFFSET($P36,0,AE$13),15-13*ORÇAMENTO!$AF$7)/$H36*OFFSET(ORÇAMENTO!$X$15,ROW(AE36)-ROW(AE$15),0),\nROUND(ROUND(OFFSET($P36,0,AE$13),15-13*ORÇAMENTO!$AF$7)*OFFSET(ORÇAMENTO!$W$15,ROW(AE36)-ROW(AE$15),0),15-13*ORÇAMENTO!$AF$11)),0)","v":0},{"$f":"IF(AND($D36=\"Serviço\",AF$12<>0,$H36>0,OR(AUTOEVENTO<>\"manual\",$M36<>1)),\nIF(Import.TipoArredondamento<>\"TransfereGOV\",\nROUND(OFFSET($P36,0,AF$13),15-13*ORÇAMENTO!$AF$7)/$H36*OFFSET(ORÇAMENTO!$X$15,ROW(AF36)-ROW(AF$15),0),\nROUND(ROUND(OFFSET($P36,0,AF$13),15-13*ORÇAMENTO!$AF$7)*OFFSET(ORÇAMENTO!$W$15,ROW(AF36)-ROW(AF$15),0),15-13*ORÇAMENTO!$AF$11)),0)","v":0},{"$f":"IF(AND($D36=\"Serviço\",AG$12<>0,$H36>0,OR(AUTOEVENTO<>\"manual\",$M36<>1)),\nIF(Import.TipoArredondamento<>\"TransfereGOV\",\nROUND(OFFSET($P36,0,AG$13),15-13*ORÇAMENTO!$AF$7)/$H36*OFFSET(ORÇAMENTO!$X$15,ROW(AG36)-ROW(AG$15),0),\nROUND(ROUND(OFFSET($P36,0,AG$13),15-13*ORÇAMENTO!$AF$7)*OFFSET(ORÇAMENTO!$W$15,ROW(AG36)-ROW(AG$15),0),15-13*ORÇAMENTO!$AF$11)),0)","v":0},{"$f":"IF(AND($D36=\"Serviço\",AH$12<>0,$H36>0,OR(AUTOEVENTO<>\"manual\",$M36<>1)),\nIF(Import.TipoArredondamento<>\"TransfereGOV\",\nROUND(OFFSET($P36,0,AH$13),15-13*ORÇAMENTO!$AF$7)/$H36*OFFSET(ORÇAMENTO!$X$15,ROW(AH36)-ROW(AH$15),0),\nROUND(ROUND(OFFSET($P36,0,AH$13),15-13*ORÇAMENTO!$AF$7)*OFFSET(ORÇAMENTO!$W$15,ROW(AH36)-ROW(AH$15),0),15-13*ORÇAMENTO!$AF$11)),0)","v":0},{"$f":"IF(AND($D36=\"Serviço\",AI$12<>0,$H36>0,OR(AUTOEVENTO<>\"manual\",$M36<>1)),\nIF(Import.TipoArredondamento<>\"TransfereGOV\",\nROUND(OFFSET($P36,0,AI$13),15-13*ORÇAMENTO!$AF$7)/$H36*OFFSET(ORÇAMENTO!$X$15,ROW(AI36)-ROW(AI$15),0),\nROUND(ROUND(OFFSET($P36,0,AI$13),15-13*ORÇAMENTO!$AF$7)*OFFSET(ORÇAMENTO!$W$15,ROW(AI36)-ROW(AI$15),0),15-13*ORÇAMENTO!$AF$11)),0)","v":0},{"$f":"IF(AND($D36=\"Serviço\",AJ$12<>0,$H36>0,OR(AUTOEVENTO<>\"manual\",$M36<>1)),\nIF(Import.TipoArredondamento<>\"TransfereGOV\",\nROUND(OFFSET($P36,0,AJ$13),15-13*ORÇAMENTO!$AF$7)/$H36*OFFSET(ORÇAMENTO!$X$15,ROW(AJ36)-ROW(AJ$15),0),\nROUND(ROUND(OFFSET($P36,0,AJ$13),15-13*ORÇAMENTO!$AF$7)*OFFSET(ORÇAMENTO!$W$15,ROW(AJ36)-ROW(AJ$15),0),15-13*ORÇAMENTO!$AF$11)),0)","v":0},{"$f":"IF(AND($D36=\"Serviço\",AK$12<>0,$H36>0,OR(AUTOEVENTO<>\"manual\",$M36<>1)),\nIF(Import.TipoArredondamento<>\"TransfereGOV\",\nROUND(OFFSET($P36,0,AK$13),15-13*ORÇAMENTO!$AF$7)/$H36*OFFSET(ORÇAMENTO!$X$15,ROW(AK36)-ROW(AK$15),0),\nROUND(ROUND(OFFSET($P36,0,AK$13),15-13*ORÇAMENTO!$AF$7)*OFFSET(ORÇAMENTO!$W$15,ROW(AK36)-ROW(AK$15),0),15-13*ORÇAMENTO!$AF$11)),0)","v":0},null,{"$f":"IF($D36<>\"Serviço\",0,IF(AND(AUTOEVENTO=\"Manual\",$M36=1),0,IF(OFFSET(CRONOPLE!$F$14,$M36,AM$13)=\"\",10^12,OFFSET(CRONOPLE!$F$14,$M36,AM$13))))","v":1000000000000},{"$f":"IF($D36<>\"Serviço\",0,IF(AND(AUTOEVENTO=\"Manual\",$M36=1),0,IF(OFFSET(CRONOPLE!$F$14,$M36,AN$13)=\"\",10^12,OFFSET(CRONOPLE!$F$14,$M36,AN$13))))","v":1000000000000},{"$f":"IF($D36<>\"Serviço\",0,IF(AND(AUTOEVENTO=\"Manual\",$M36=1),0,IF(OFFSET(CRONOPLE!$F$14,$M36,AO$13)=\"\",10^12,OFFSET(CRONOPLE!$F$14,$M36,AO$13))))","v":1000000000000},{"$f":"IF($D36<>\"Serviço\",0,IF(AND(AUTOEVENTO=\"Manual\",$M36=1),0,IF(OFFSET(CRONOPLE!$F$14,$M36,AP$13)=\"\",10^12,OFFSET(CRONOPLE!$F$14,$M36,AP$13))))","v":1000000000000},{"$f":"IF($D36<>\"Serviço\",0,IF(AND(AUTOEVENTO=\"Manual\",$M36=1),0,IF(OFFSET(CRONOPLE!$F$14,$M36,AQ$13)=\"\",10^12,OFFSET(CRONOPLE!$F$14,$M36,AQ$13))))","v":1000000000000},{"$f":"IF($D36<>\"Serviço\",0,IF(AND(AUTOEVENTO=\"Manual\",$M36=1),0,IF(OFFSET(CRONOPLE!$F$14,$M36,AR$13)=\"\",10^12,OFFSET(CRONOPLE!$F$14,$M36,AR$13))))","v":1000000000000},{"$f":"IF($D36<>\"Serviço\",0,IF(AND(AUTOEVENTO=\"Manual\",$M36=1),0,IF(OFFSET(CRONOPLE!$F$14,$M36,AS$13)=\"\",10^12,OFFSET(CRONOPLE!$F$14,$M36,AS$13))))","v":1000000000000},{"$f":"IF($D36<>\"Serviço\",0,IF(AND(AUTOEVENTO=\"Manual\",$M36=1),0,IF(OFFSET(CRONOPLE!$F$14,$M36,AT$13)=\"\",10^12,OFFSET(CRONOPLE!$F$14,$M36,AT$13))))","v":1000000000000},{"$f":"IF($D36<>\"Serviço\",0,IF(AND(AUTOEVENTO=\"Manual\",$M36=1),0,IF(OFFSET(CRONOPLE!$F$14,$M36,AU$13)=\"\",10^12,OFFSET(CRONOPLE!$F$14,$M36,AU$13))))","v":1000000000000},{"$f":"IF($D36<>\"Serviço\",0,IF(AND(AUTOEVENTO=\"Manual\",$M36=1),0,IF(OFFSET(CRONOPLE!$F$14,$M36,AV$13)=\"\",10^12,OFFSET(CRONOPLE!$F$14,$M36,AV$13))))","v":1000000000000},null,{"$f":"IF($D36<>\"Serviço\",0,IF(OR(AND(AUTOEVENTO=\"Manual\",$M36=1),$M36>(ROW(PLE.lastrow)-ROW(PLE.firstrow))),0,IF(OFFSET(PLE!$G$14,$M36,AX$13)=\"\",10^12,OFFSET(PLE!$G$14,$M36,AX$13))))","v":1000000000000},{"$f":"IF($D36<>\"Serviço\",0,IF(OR(AND(AUTOEVENTO=\"Manual\",$M36=1),$M36>(ROW(PLE.lastrow)-ROW(PLE.firstrow))),0,IF(OFFSET(PLE!$G$14,$M36,AY$13)=\"\",10^12,OFFSET(PLE!$G$14,$M36,AY$13))))","v":1000000000000},{"$f":"IF($D36<>\"Serviço\",0,IF(OR(AND(AUTOEVENTO=\"Manual\",$M36=1),$M36>(ROW(PLE.lastrow)-ROW(PLE.firstrow))),0,IF(OFFSET(PLE!$G$14,$M36,AZ$13)=\"\",10^12,OFFSET(PLE!$G$14,$M36,AZ$13))))","v":1000000000000},{"$f":"IF($D36<>\"Serviço\",0,IF(OR(AND(AUTOEVENTO=\"Manual\",$M36=1),$M36>(ROW(PLE.lastrow)-ROW(PLE.firstrow))),0,IF(OFFSET(PLE!$G$14,$M36,BA$13)=\"\",10^12,OFFSET(PLE!$G$14,$M36,BA$13))))","v":1000000000000},{"$f":"IF($D36<>\"Serviço\",0,IF(OR(AND(AUTOEVENTO=\"Manual\",$M36=1),$M36>(ROW(PLE.lastrow)-ROW(PLE.firstrow))),0,IF(OFFSET(PLE!$G$14,$M36,BB$13)=\"\",10^12,OFFSET(PLE!$G$14,$M36,BB$13))))","v":1000000000000},{"$f":"IF($D36<>\"Serviço\",0,IF(OR(AND(AUTOEVENTO=\"Manual\",$M36=1),$M36>(ROW(PLE.lastrow)-ROW(PLE.firstrow))),0,IF(OFFSET(PLE!$G$14,$M36,BC$13)=\"\",10^12,OFFSET(PLE!$G$14,$M36,BC$13))))","v":1000000000000},{"$f":"IF($D36<>\"Serviço\",0,IF(OR(AND(AUTOEVENTO=\"Manual\",$M36=1),$M36>(ROW(PLE.lastrow)-ROW(PLE.firstrow))),0,IF(OFFSET(PLE!$G$14,$M36,BD$13)=\"\",10^12,OFFSET(PLE!$G$14,$M36,BD$13))))","v":1000000000000},{"$f":"IF($D36<>\"Serviço\",0,IF(OR(AND(AUTOEVENTO=\"Manual\",$M36=1),$M36>(ROW(PLE.lastrow)-ROW(PLE.firstrow))),0,IF(OFFSET(PLE!$G$14,$M36,BE$13)=\"\",10^12,OFFSET(PLE!$G$14,$M36,BE$13))))","v":1000000000000},{"$f":"IF($D36<>\"Serviço\",0,IF(OR(AND(AUTOEVENTO=\"Manual\",$M36=1),$M36>(ROW(PLE.lastrow)-ROW(PLE.firstrow))),0,IF(OFFSET(PLE!$G$14,$M36,BF$13)=\"\",10^12,OFFSET(PLE!$G$14,$M36,BF$13))))","v":1000000000000},{"$f":"IF($D36<>\"Serviço\",0,IF(OR(AND(AUTOEVENTO=\"Manual\",$M36=1),$M36>(ROW(PLE.lastrow)-ROW(PLE.firstrow))),0,IF(OFFSET(PLE!$G$14,$M36,BG$13)=\"\",10^12,OFFSET(PLE!$G$14,$M36,BG$13))))","v":1000000000000}]
["20",{"$f":"OFFSET(ORÇAMENTO!C$15,ROW(B37)-ROW(B$15),0)","v":"S"},{"$f":"OFFSET(ORÇAMENTO!L$15,ROW(C37)-ROW(C$15),0)","v":"F"},{"$f":"OFFSET(ORÇAMENTO!N$15,ROW(D37)-ROW(D$15),0)","v":"Serviço"},{"$f":"OFFSET(ORÇAMENTO!O$15,ROW(E37)-ROW(E$15),0)","v":"1.2.0.0.2."},{"$f":"OFFSET(ORÇAMENTO!R$15,ROW(F37)-ROW(F$15),0)","v":"ESCAVAÇÃO MECANIZADA PARA VIGA BALDRAME OU SAPATA CORRIDA COM MINI-ESCAVADEIRA (INCLUINDO ESCAVAÇÃO PARA COLOCAÇÃO DE FÔRMAS). AF_01/2024"},{"$f":"IF($D37<>\"Serviço\",\"\",OFFSET(ORÇAMENTO!S$15,ROW(G37)-ROW(G$15),0))","v":"M3"},{"$f":"IF($D37<>\"Serviço\",0,IF(ACOMPANHAMENTO=\"BM\",ROUND(OFFSET(ORÇAMENTO!AJ$15,ROW(H37)-ROW(H$15),0),15-13*ORÇAMENTO!$AF$7),SUMPRODUCT(($Q$12:$AA$12<>\"\")*ROUND($Q37:$AA37,15-13*ORÇAMENTO!$AF$7))))","v":4.55},null,null,null,".",{"$f":"IF($D37<>\"Serviço\",\"\",IF(AUTOEVENTO=\"manual\",$A37,IF(ISERROR(MATCH($A37,$A$15:OFFSET($A37,-1,0),0)),MAX($M$15:OFFSET(M37,-1,0))+1,INDEX($M$15:OFFSET(M37,-1,0),MATCH($A37,$A$15:OFFSET($A37,-1,0),0)))))","v":3},{"$f":"IF($D37<>\"Serviço\",\"\",IF(AUTOEVENTO=\"Manual\",IF($A37=0,\"<-- defina o número do agrupador\",OFFSET(EVENTOS!$D$14,$A37,0)),OFFSET($F$15,$A37,0)))","v":"MOVIMENTO DE TERRA"},null,null,null,null,null,null,null,null,null,null,null,null,null,{"$f":"IF(AND($D37=\"Serviço\",AB$12<>0,$H37>0,OR(AUTOEVENTO<>\"manual\",$M37<>1)),\nIF(Import.TipoArredondamento<>\"TransfereGOV\",\nROUND(OFFSET($P37,0,AB$13),15-13*ORÇAMENTO!$AF$7)/$H37*OFFSET(ORÇAMENTO!$X$15,ROW(AB37)-ROW(AB$15),0),\nROUND(ROUND(OFFSET($P37,0,AB$13),15-13*ORÇAMENTO!$AF$7)*OFFSET(ORÇAMENTO!$W$15,ROW(AB37)-ROW(AB$15),0),15-13*ORÇAMENTO!$AF$11)),0)","v":0},{"$f":"IF(AND($D37=\"Serviço\",AC$12<>0,$H37>0,OR(AUTOEVENTO<>\"manual\",$M37<>1)),\nIF(Import.TipoArredondamento<>\"TransfereGOV\",\nROUND(OFFSET($P37,0,AC$13),15-13*ORÇAMENTO!$AF$7)/$H37*OFFSET(ORÇAMENTO!$X$15,ROW(AC37)-ROW(AC$15),0),\nROUND(ROUND(OFFSET($P37,0,AC$13),15-13*ORÇAMENTO!$AF$7)*OFFSET(ORÇAMENTO!$W$15,ROW(AC37)-ROW(AC$15),0),15-13*ORÇAMENTO!$AF$11)),0)","v":0},{"$f":"IF(AND($D37=\"Serviço\",AD$12<>0,$H37>0,OR(AUTOEVENTO<>\"manual\",$M37<>1)),\nIF(Import.TipoArredondamento<>\"TransfereGOV\",\nROUND(OFFSET($P37,0,AD$13),15-13*ORÇAMENTO!$AF$7)/$H37*OFFSET(ORÇAMENTO!$X$15,ROW(AD37)-ROW(AD$15),0),\nROUND(ROUND(OFFSET($P37,0,AD$13),15-13*ORÇAMENTO!$AF$7)*OFFSET(ORÇAMENTO!$W$15,ROW(AD37)-ROW(AD$15),0),15-13*ORÇAMENTO!$AF$11)),0)","v":0},{"$f":"IF(AND($D37=\"Serviço\",AE$12<>0,$H37>0,OR(AUTOEVENTO<>\"manual\",$M37<>1)),\nIF(Import.TipoArredondamento<>\"TransfereGOV\",\nROUND(OFFSET($P37,0,AE$13),15-13*ORÇAMENTO!$AF$7)/$H37*OFFSET(ORÇAMENTO!$X$15,ROW(AE37)-ROW(AE$15),0),\nROUND(ROUND(OFFSET($P37,0,AE$13),15-13*ORÇAMENTO!$AF$7)*OFFSET(ORÇAMENTO!$W$15,ROW(AE37)-ROW(AE$15),0),15-13*ORÇAMENTO!$AF$11)),0)","v":0},{"$f":"IF(AND($D37=\"Serviço\",AF$12<>0,$H37>0,OR(AUTOEVENTO<>\"manual\",$M37<>1)),\nIF(Import.TipoArredondamento<>\"TransfereGOV\",\nROUND(OFFSET($P37,0,AF$13),15-13*ORÇAMENTO!$AF$7)/$H37*OFFSET(ORÇAMENTO!$X$15,ROW(AF37)-ROW(AF$15),0),\nROUND(ROUND(OFFSET($P37,0,AF$13),15-13*ORÇAMENTO!$AF$7)*OFFSET(ORÇAMENTO!$W$15,ROW(AF37)-ROW(AF$15),0),15-13*ORÇAMENTO!$AF$11)),0)","v":0},{"$f":"IF(AND($D37=\"Serviço\",AG$12<>0,$H37>0,OR(AUTOEVENTO<>\"manual\",$M37<>1)),\nIF(Import.TipoArredondamento<>\"TransfereGOV\",\nROUND(OFFSET($P37,0,AG$13),15-13*ORÇAMENTO!$AF$7)/$H37*OFFSET(ORÇAMENTO!$X$15,ROW(AG37)-ROW(AG$15),0),\nROUND(ROUND(OFFSET($P37,0,AG$13),15-13*ORÇAMENTO!$AF$7)*OFFSET(ORÇAMENTO!$W$15,ROW(AG37)-ROW(AG$15),0),15-13*ORÇAMENTO!$AF$11)),0)","v":0},{"$f":"IF(AND($D37=\"Serviço\",AH$12<>0,$H37>0,OR(AUTOEVENTO<>\"manual\",$M37<>1)),\nIF(Import.TipoArredondamento<>\"TransfereGOV\",\nROUND(OFFSET($P37,0,AH$13),15-13*ORÇAMENTO!$AF$7)/$H37*OFFSET(ORÇAMENTO!$X$15,ROW(AH37)-ROW(AH$15),0),\nROUND(ROUND(OFFSET($P37,0,AH$13),15-13*ORÇAMENTO!$AF$7)*OFFSET(ORÇAMENTO!$W$15,ROW(AH37)-ROW(AH$15),0),15-13*ORÇAMENTO!$AF$11)),0)","v":0},{"$f":"IF(AND($D37=\"Serviço\",AI$12<>0,$H37>0,OR(AUTOEVENTO<>\"manual\",$M37<>1)),\nIF(Import.TipoArredondamento<>\"TransfereGOV\",\nROUND(OFFSET($P37,0,AI$13),15-13*ORÇAMENTO!$AF$7)/$H37*OFFSET(ORÇAMENTO!$X$15,ROW(AI37)-ROW(AI$15),0),\nROUND(ROUND(OFFSET($P37,0,AI$13),15-13*ORÇAMENTO!$AF$7)*OFFSET(ORÇAMENTO!$W$15,ROW(AI37)-ROW(AI$15),0),15-13*ORÇAMENTO!$AF$11)),0)","v":0},{"$f":"IF(AND($D37=\"Serviço\",AJ$12<>0,$H37>0,OR(AUTOEVENTO<>\"manual\",$M37<>1)),\nIF(Import.TipoArredondamento<>\"TransfereGOV\",\nROUND(OFFSET($P37,0,AJ$13),15-13*ORÇAMENTO!$AF$7)/$H37*OFFSET(ORÇAMENTO!$X$15,ROW(AJ37)-ROW(AJ$15),0),\nROUND(ROUND(OFFSET($P37,0,AJ$13),15-13*ORÇAMENTO!$AF$7)*OFFSET(ORÇAMENTO!$W$15,ROW(AJ37)-ROW(AJ$15),0),15-13*ORÇAMENTO!$AF$11)),0)","v":0},{"$f":"IF(AND($D37=\"Serviço\",AK$12<>0,$H37>0,OR(AUTOEVENTO<>\"manual\",$M37<>1)),\nIF(Import.TipoArredondamento<>\"TransfereGOV\",\nROUND(OFFSET($P37,0,AK$13),15-13*ORÇAMENTO!$AF$7)/$H37*OFFSET(ORÇAMENTO!$X$15,ROW(AK37)-ROW(AK$15),0),\nROUND(ROUND(OFFSET($P37,0,AK$13),15-13*ORÇAMENTO!$AF$7)*OFFSET(ORÇAMENTO!$W$15,ROW(AK37)-ROW(AK$15),0),15-13*ORÇAMENTO!$AF$11)),0)","v":0},null,{"$f":"IF($D37<>\"Serviço\",0,IF(AND(AUTOEVENTO=\"Manual\",$M37=1),0,IF(OFFSET(CRONOPLE!$F$14,$M37,AM$13)=\"\",10^12,OFFSET(CRONOPLE!$F$14,$M37,AM$13))))","v":1000000000000},{"$f":"IF($D37<>\"Serviço\",0,IF(AND(AUTOEVENTO=\"Manual\",$M37=1),0,IF(OFFSET(CRONOPLE!$F$14,$M37,AN$13)=\"\",10^12,OFFSET(CRONOPLE!$F$14,$M37,AN$13))))","v":1000000000000},{"$f":"IF($D37<>\"Serviço\",0,IF(AND(AUTOEVENTO=\"Manual\",$M37=1),0,IF(OFFSET(CRONOPLE!$F$14,$M37,AO$13)=\"\",10^12,OFFSET(CRONOPLE!$F$14,$M37,AO$13))))","v":1000000000000},{"$f":"IF($D37<>\"Serviço\",0,IF(AND(AUTOEVENTO=\"Manual\",$M37=1),0,IF(OFFSET(CRONOPLE!$F$14,$M37,AP$13)=\"\",10^12,OFFSET(CRONOPLE!$F$14,$M37,AP$13))))","v":1000000000000},{"$f":"IF($D37<>\"Serviço\",0,IF(AND(AUTOEVENTO=\"Manual\",$M37=1),0,IF(OFFSET(CRONOPLE!$F$14,$M37,AQ$13)=\"\",10^12,OFFSET(CRONOPLE!$F$14,$M37,AQ$13))))","v":1000000000000},{"$f":"IF($D37<>\"Serviço\",0,IF(AND(AUTOEVENTO=\"Manual\",$M37=1),0,IF(OFFSET(CRONOPLE!$F$14,$M37,AR$13)=\"\",10^12,OFFSET(CRONOPLE!$F$14,$M37,AR$13))))","v":1000000000000},{"$f":"IF($D37<>\"Serviço\",0,IF(AND(AUTOEVENTO=\"Manual\",$M37=1),0,IF(OFFSET(CRONOPLE!$F$14,$M37,AS$13)=\"\",10^12,OFFSET(CRONOPLE!$F$14,$M37,AS$13))))","v":1000000000000},{"$f":"IF($D37<>\"Serviço\",0,IF(AND(AUTOEVENTO=\"Manual\",$M37=1),0,IF(OFFSET(CRONOPLE!$F$14,$M37,AT$13)=\"\",10^12,OFFSET(CRONOPLE!$F$14,$M37,AT$13))))","v":1000000000000},{"$f":"IF($D37<>\"Serviço\",0,IF(AND(AUTOEVENTO=\"Manual\",$M37=1),0,IF(OFFSET(CRONOPLE!$F$14,$M37,AU$13)=\"\",10^12,OFFSET(CRONOPLE!$F$14,$M37,AU$13))))","v":1000000000000},{"$f":"IF($D37<>\"Serviço\",0,IF(AND(AUTOEVENTO=\"Manual\",$M37=1),0,IF(OFFSET(CRONOPLE!$F$14,$M37,AV$13)=\"\",10^12,OFFSET(CRONOPLE!$F$14,$M37,AV$13))))","v":1000000000000},null,{"$f":"IF($D37<>\"Serviço\",0,IF(OR(AND(AUTOEVENTO=\"Manual\",$M37=1),$M37>(ROW(PLE.lastrow)-ROW(PLE.firstrow))),0,IF(OFFSET(PLE!$G$14,$M37,AX$13)=\"\",10^12,OFFSET(PLE!$G$14,$M37,AX$13))))","v":1000000000000},{"$f":"IF($D37<>\"Serviço\",0,IF(OR(AND(AUTOEVENTO=\"Manual\",$M37=1),$M37>(ROW(PLE.lastrow)-ROW(PLE.firstrow))),0,IF(OFFSET(PLE!$G$14,$M37,AY$13)=\"\",10^12,OFFSET(PLE!$G$14,$M37,AY$13))))","v":1000000000000},{"$f":"IF($D37<>\"Serviço\",0,IF(OR(AND(AUTOEVENTO=\"Manual\",$M37=1),$M37>(ROW(PLE.lastrow)-ROW(PLE.firstrow))),0,IF(OFFSET(PLE!$G$14,$M37,AZ$13)=\"\",10^12,OFFSET(PLE!$G$14,$M37,AZ$13))))","v":1000000000000},{"$f":"IF($D37<>\"Serviço\",0,IF(OR(AND(AUTOEVENTO=\"Manual\",$M37=1),$M37>(ROW(PLE.lastrow)-ROW(PLE.firstrow))),0,IF(OFFSET(PLE!$G$14,$M37,BA$13)=\"\",10^12,OFFSET(PLE!$G$14,$M37,BA$13))))","v":1000000000000},{"$f":"IF($D37<>\"Serviço\",0,IF(OR(AND(AUTOEVENTO=\"Manual\",$M37=1),$M37>(ROW(PLE.lastrow)-ROW(PLE.firstrow))),0,IF(OFFSET(PLE!$G$14,$M37,BB$13)=\"\",10^12,OFFSET(PLE!$G$14,$M37,BB$13))))","v":1000000000000},{"$f":"IF($D37<>\"Serviço\",0,IF(OR(AND(AUTOEVENTO=\"Manual\",$M37=1),$M37>(ROW(PLE.lastrow)-ROW(PLE.firstrow))),0,IF(OFFSET(PLE!$G$14,$M37,BC$13)=\"\",10^12,OFFSET(PLE!$G$14,$M37,BC$13))))","v":1000000000000},{"$f":"IF($D37<>\"Serviço\",0,IF(OR(AND(AUTOEVENTO=\"Manual\",$M37=1),$M37>(ROW(PLE.lastrow)-ROW(PLE.firstrow))),0,IF(OFFSET(PLE!$G$14,$M37,BD$13)=\"\",10^12,OFFSET(PLE!$G$14,$M37,BD$13))))","v":1000000000000},{"$f":"IF($D37<>\"Serviço\",0,IF(OR(AND(AUTOEVENTO=\"Manual\",$M37=1),$M37>(ROW(PLE.lastrow)-ROW(PLE.firstrow))),0,IF(OFFSET(PLE!$G$14,$M37,BE$13)=\"\",10^12,OFFSET(PLE!$G$14,$M37,BE$13))))","v":1000000000000},{"$f":"IF($D37<>\"Serviço\",0,IF(OR(AND(AUTOEVENTO=\"Manual\",$M37=1),$M37>(ROW(PLE.lastrow)-ROW(PLE.firstrow))),0,IF(OFFSET(PLE!$G$14,$M37,BF$13)=\"\",10^12,OFFSET(PLE!$G$14,$M37,BF$13))))","v":1000000000000},{"$f":"IF($D37<>\"Serviço\",0,IF(OR(AND(AUTOEVENTO=\"Manual\",$M37=1),$M37>(ROW(PLE.lastrow)-ROW(PLE.firstrow))),0,IF(OFFSET(PLE!$G$14,$M37,BG$13)=\"\",10^12,OFFSET(PLE!$G$14,$M37,BG$13))))","v":1000000000000}]
["20",{"$f":"OFFSET(ORÇAMENTO!C$15,ROW(B38)-ROW(B$15),0)","v":"S"},{"$f":"OFFSET(ORÇAMENTO!L$15,ROW(C38)-ROW(C$15),0)","v":"F"},{"$f":"OFFSET(ORÇAMENTO!N$15,ROW(D38)-ROW(D$15),0)","v":"Serviço"},{"$f":"OFFSET(ORÇAMENTO!O$15,ROW(E38)-ROW(E$15),0)","v":"1.2.0.0.3."},{"$f":"OFFSET(ORÇAMENTO!R$15,ROW(F38)-ROW(F$15),0)","v":"REATERRO MANUAL DE VALAS, COM PLACA VIBRATÓRIA. AF_08/2023"},{"$f":"IF($D38<>\"Serviço\",\"\",OFFSET(ORÇAMENTO!S$15,ROW(G38)-ROW(G$15),0))","v":"M3"},{"$f":"IF($D38<>\"Serviço\",0,IF(ACOMPANHAMENTO=\"BM\",ROUND(OFFSET(ORÇAMENTO!AJ$15,ROW(H38)-ROW(H$15),0),15-13*ORÇAMENTO!$AF$7),SUMPRODUCT(($Q$12:$AA$12<>\"\")*ROUND($Q38:$AA38,15-13*ORÇAMENTO!$AF$7))))","v":13.6},null,null,null,".",{"$f":"IF($D38<>\"Serviço\",\"\",IF(AUTOEVENTO=\"manual\",$A38,IF(ISERROR(MATCH($A38,$A$15:OFFSET($A38,-1,0),0)),MAX($M$15:OFFSET(M38,-1,0))+1,INDEX($M$15:OFFSET(M38,-1,0),MATCH($A38,$A$15:OFFSET($A38,-1,0),0)))))","v":3},{"$f":"IF($D38<>\"Serviço\",\"\",IF(AUTOEVENTO=\"Manual\",IF($A38=0,\"<-- defina o número do agrupador\",OFFSET(EVENTOS!$D$14,$A38,0)),OFFSET($F$15,$A38,0)))","v":"MOVIMENTO DE TERRA"},null,null,null,null,null,null,null,null,null,null,null,null,null,{"$f":"IF(AND($D38=\"Serviço\",AB$12<>0,$H38>0,OR(AUTOEVENTO<>\"manual\",$M38<>1)),\nIF(Import.TipoArredondamento<>\"TransfereGOV\",\nROUND(OFFSET($P38,0,AB$13),15-13*ORÇAMENTO!$AF$7)/$H38*OFFSET(ORÇAMENTO!$X$15,ROW(AB38)-ROW(AB$15),0),\nROUND(ROUND(OFFSET($P38,0,AB$13),15-13*ORÇAMENTO!$AF$7)*OFFSET(ORÇAMENTO!$W$15,ROW(AB38)-ROW(AB$15),0),15-13*ORÇAMENTO!$AF$11)),0)","v":0},{"$f":"IF(AND($D38=\"Serviço\",AC$12<>0,$H38>0,OR(AUTOEVENTO<>\"manual\",$M38<>1)),\nIF(Import.TipoArredondamento<>\"TransfereGOV\",\nROUND(OFFSET($P38,0,AC$13),15-13*ORÇAMENTO!$AF$7)/$H38*OFFSET(ORÇAMENTO!$X$15,ROW(AC38)-ROW(AC$15),0),\nROUND(ROUND(OFFSET($P38,0,AC$13),15-13*ORÇAMENTO!$AF$7)*OFFSET(ORÇAMENTO!$W$15,ROW(AC38)-ROW(AC$15),0),15-13*ORÇAMENTO!$AF$11)),0)","v":0},{"$f":"IF(AND($D38=\"Serviço\",AD$12<>0,$H38>0,OR(AUTOEVENTO<>\"manual\",$M38<>1)),\nIF(Import.TipoArredondamento<>\"TransfereGOV\",\nROUND(OFFSET($P38,0,AD$13),15-13*ORÇAMENTO!$AF$7)/$H38*OFFSET(ORÇAMENTO!$X$15,ROW(AD38)-ROW(AD$15),0),\nROUND(ROUND(OFFSET($P38,0,AD$13),15-13*ORÇAMENTO!$AF$7)*OFFSET(ORÇAMENTO!$W$15,ROW(AD38)-ROW(AD$15),0),15-13*ORÇAMENTO!$AF$11)),0)","v":0},{"$f":"IF(AND($D38=\"Serviço\",AE$12<>0,$H38>0,OR(AUTOEVENTO<>\"manual\",$M38<>1)),\nIF(Import.TipoArredondamento<>\"TransfereGOV\",\nROUND(OFFSET($P38,0,AE$13),15-13*ORÇAMENTO!$AF$7)/$H38*OFFSET(ORÇAMENTO!$X$15,ROW(AE38)-ROW(AE$15),0),\nROUND(ROUND(OFFSET($P38,0,AE$13),15-13*ORÇAMENTO!$AF$7)*OFFSET(ORÇAMENTO!$W$15,ROW(AE38)-ROW(AE$15),0),15-13*ORÇAMENTO!$AF$11)),0)","v":0},{"$f":"IF(AND($D38=\"Serviço\",AF$12<>0,$H38>0,OR(AUTOEVENTO<>\"manual\",$M38<>1)),\nIF(Import.TipoArredondamento<>\"TransfereGOV\",\nROUND(OFFSET($P38,0,AF$13),15-13*ORÇAMENTO!$AF$7)/$H38*OFFSET(ORÇAMENTO!$X$15,ROW(AF38)-ROW(AF$15),0),\nROUND(ROUND(OFFSET($P38,0,AF$13),15-13*ORÇAMENTO!$AF$7)*OFFSET(ORÇAMENTO!$W$15,ROW(AF38)-ROW(AF$15),0),15-13*ORÇAMENTO!$AF$11)),0)","v":0},{"$f":"IF(AND($D38=\"Serviço\",AG$12<>0,$H38>0,OR(AUTOEVENTO<>\"manual\",$M38<>1)),\nIF(Import.TipoArredondamento<>\"TransfereGOV\",\nROUND(OFFSET($P38,0,AG$13),15-13*ORÇAMENTO!$AF$7)/$H38*OFFSET(ORÇAMENTO!$X$15,ROW(AG38)-ROW(AG$15),0),\nROUND(ROUND(OFFSET($P38,0,AG$13),15-13*ORÇAMENTO!$AF$7)*OFFSET(ORÇAMENTO!$W$15,ROW(AG38)-ROW(AG$15),0),15-13*ORÇAMENTO!$AF$11)),0)","v":0},{"$f":"IF(AND($D38=\"Serviço\",AH$12<>0,$H38>0,OR(AUTOEVENTO<>\"manual\",$M38<>1)),\nIF(Import.TipoArredondamento<>\"TransfereGOV\",\nROUND(OFFSET($P38,0,AH$13),15-13*ORÇAMENTO!$AF$7)/$H38*OFFSET(ORÇAMENTO!$X$15,ROW(AH38)-ROW(AH$15),0),\nROUND(ROUND(OFFSET($P38,0,AH$13),15-13*ORÇAMENTO!$AF$7)*OFFSET(ORÇAMENTO!$W$15,ROW(AH38)-ROW(AH$15),0),15-13*ORÇAMENTO!$AF$11)),0)","v":0},{"$f":"IF(AND($D38=\"Serviço\",AI$12<>0,$H38>0,OR(AUTOEVENTO<>\"manual\",$M38<>1)),\nIF(Import.TipoArredondamento<>\"TransfereGOV\",\nROUND(OFFSET($P38,0,AI$13),15-13*ORÇAMENTO!$AF$7)/$H38*OFFSET(ORÇAMENTO!$X$15,ROW(AI38)-ROW(AI$15),0),\nROUND(ROUND(OFFSET($P38,0,AI$13),15-13*ORÇAMENTO!$AF$7)*OFFSET(ORÇAMENTO!$W$15,ROW(AI38)-ROW(AI$15),0),15-13*ORÇAMENTO!$AF$11)),0)","v":0},{"$f":"IF(AND($D38=\"Serviço\",AJ$12<>0,$H38>0,OR(AUTOEVENTO<>\"manual\",$M38<>1)),\nIF(Import.TipoArredondamento<>\"TransfereGOV\",\nROUND(OFFSET($P38,0,AJ$13),15-13*ORÇAMENTO!$AF$7)/$H38*OFFSET(ORÇAMENTO!$X$15,ROW(AJ38)-ROW(AJ$15),0),\nROUND(ROUND(OFFSET($P38,0,AJ$13),15-13*ORÇAMENTO!$AF$7)*OFFSET(ORÇAMENTO!$W$15,ROW(AJ38)-ROW(AJ$15),0),15-13*ORÇAMENTO!$AF$11)),0)","v":0},{"$f":"IF(AND($D38=\"Serviço\",AK$12<>0,$H38>0,OR(AUTOEVENTO<>\"manual\",$M38<>1)),\nIF(Import.TipoArredondamento<>\"TransfereGOV\",\nROUND(OFFSET($P38,0,AK$13),15-13*ORÇAMENTO!$AF$7)/$H38*OFFSET(ORÇAMENTO!$X$15,ROW(AK38)-ROW(AK$15),0),\nROUND(ROUND(OFFSET($P38,0,AK$13),15-13*ORÇAMENTO!$AF$7)*OFFSET(ORÇAMENTO!$W$15,ROW(AK38)-ROW(AK$15),0),15-13*ORÇAMENTO!$AF$11)),0)","v":0},null,{"$f":"IF($D38<>\"Serviço\",0,IF(AND(AUTOEVENTO=\"Manual\",$M38=1),0,IF(OFFSET(CRONOPLE!$F$14,$M38,AM$13)=\"\",10^12,OFFSET(CRONOPLE!$F$14,$M38,AM$13))))","v":1000000000000},{"$f":"IF($D38<>\"Serviço\",0,IF(AND(AUTOEVENTO=\"Manual\",$M38=1),0,IF(OFFSET(CRONOPLE!$F$14,$M38,AN$13)=\"\",10^12,OFFSET(CRONOPLE!$F$14,$M38,AN$13))))","v":1000000000000},{"$f":"IF($D38<>\"Serviço\",0,IF(AND(AUTOEVENTO=\"Manual\",$M38=1),0,IF(OFFSET(CRONOPLE!$F$14,$M38,AO$13)=\"\",10^12,OFFSET(CRONOPLE!$F$14,$M38,AO$13))))","v":1000000000000},{"$f":"IF($D38<>\"Serviço\",0,IF(AND(AUTOEVENTO=\"Manual\",$M38=1),0,IF(OFFSET(CRONOPLE!$F$14,$M38,AP$13)=\"\",10^12,OFFSET(CRONOPLE!$F$14,$M38,AP$13))))","v":1000000000000},{"$f":"IF($D38<>\"Serviço\",0,IF(AND(AUTOEVENTO=\"Manual\",$M38=1),0,IF(OFFSET(CRONOPLE!$F$14,$M38,AQ$13)=\"\",10^12,OFFSET(CRONOPLE!$F$14,$M38,AQ$13))))","v":1000000000000},{"$f":"IF($D38<>\"Serviço\",0,IF(AND(AUTOEVENTO=\"Manual\",$M38=1),0,IF(OFFSET(CRONOPLE!$F$14,$M38,AR$13)=\"\",10^12,OFFSET(CRONOPLE!$F$14,$M38,AR$13))))","v":1000000000000},{"$f":"IF($D38<>\"Serviço\",0,IF(AND(AUTOEVENTO=\"Manual\",$M38=1),0,IF(OFFSET(CRONOPLE!$F$14,$M38,AS$13)=\"\",10^12,OFFSET(CRONOPLE!$F$14,$M38,AS$13))))","v":1000000000000},{"$f":"IF($D38<>\"Serviço\",0,IF(AND(AUTOEVENTO=\"Manual\",$M38=1),0,IF(OFFSET(CRONOPLE!$F$14,$M38,AT$13)=\"\",10^12,OFFSET(CRONOPLE!$F$14,$M38,AT$13))))","v":1000000000000},{"$f":"IF($D38<>\"Serviço\",0,IF(AND(AUTOEVENTO=\"Manual\",$M38=1),0,IF(OFFSET(CRONOPLE!$F$14,$M38,AU$13)=\"\",10^12,OFFSET(CRONOPLE!$F$14,$M38,AU$13))))","v":1000000000000},{"$f":"IF($D38<>\"Serviço\",0,IF(AND(AUTOEVENTO=\"Manual\",$M38=1),0,IF(OFFSET(CRONOPLE!$F$14,$M38,AV$13)=\"\",10^12,OFFSET(CRONOPLE!$F$14,$M38,AV$13))))","v":1000000000000},null,{"$f":"IF($D38<>\"Serviço\",0,IF(OR(AND(AUTOEVENTO=\"Manual\",$M38=1),$M38>(ROW(PLE.lastrow)-ROW(PLE.firstrow))),0,IF(OFFSET(PLE!$G$14,$M38,AX$13)=\"\",10^12,OFFSET(PLE!$G$14,$M38,AX$13))))","v":1000000000000},{"$f":"IF($D38<>\"Serviço\",0,IF(OR(AND(AUTOEVENTO=\"Manual\",$M38=1),$M38>(ROW(PLE.lastrow)-ROW(PLE.firstrow))),0,IF(OFFSET(PLE!$G$14,$M38,AY$13)=\"\",10^12,OFFSET(PLE!$G$14,$M38,AY$13))))","v":1000000000000},{"$f":"IF($D38<>\"Serviço\",0,IF(OR(AND(AUTOEVENTO=\"Manual\",$M38=1),$M38>(ROW(PLE.lastrow)-ROW(PLE.firstrow))),0,IF(OFFSET(PLE!$G$14,$M38,AZ$13)=\"\",10^12,OFFSET(PLE!$G$14,$M38,AZ$13))))","v":1000000000000},{"$f":"IF($D38<>\"Serviço\",0,IF(OR(AND(AUTOEVENTO=\"Manual\",$M38=1),$M38>(ROW(PLE.lastrow)-ROW(PLE.firstrow))),0,IF(OFFSET(PLE!$G$14,$M38,BA$13)=\"\",10^12,OFFSET(PLE!$G$14,$M38,BA$13))))","v":1000000000000},{"$f":"IF($D38<>\"Serviço\",0,IF(OR(AND(AUTOEVENTO=\"Manual\",$M38=1),$M38>(ROW(PLE.lastrow)-ROW(PLE.firstrow))),0,IF(OFFSET(PLE!$G$14,$M38,BB$13)=\"\",10^12,OFFSET(PLE!$G$14,$M38,BB$13))))","v":1000000000000},{"$f":"IF($D38<>\"Serviço\",0,IF(OR(AND(AUTOEVENTO=\"Manual\",$M38=1),$M38>(ROW(PLE.lastrow)-ROW(PLE.firstrow))),0,IF(OFFSET(PLE!$G$14,$M38,BC$13)=\"\",10^12,OFFSET(PLE!$G$14,$M38,BC$13))))","v":1000000000000},{"$f":"IF($D38<>\"Serviço\",0,IF(OR(AND(AUTOEVENTO=\"Manual\",$M38=1),$M38>(ROW(PLE.lastrow)-ROW(PLE.firstrow))),0,IF(OFFSET(PLE!$G$14,$M38,BD$13)=\"\",10^12,OFFSET(PLE!$G$14,$M38,BD$13))))","v":1000000000000},{"$f":"IF($D38<>\"Serviço\",0,IF(OR(AND(AUTOEVENTO=\"Manual\",$M38=1),$M38>(ROW(PLE.lastrow)-ROW(PLE.firstrow))),0,IF(OFFSET(PLE!$G$14,$M38,BE$13)=\"\",10^12,OFFSET(PLE!$G$14,$M38,BE$13))))","v":1000000000000},{"$f":"IF($D38<>\"Serviço\",0,IF(OR(AND(AUTOEVENTO=\"Manual\",$M38=1),$M38>(ROW(PLE.lastrow)-ROW(PLE.firstrow))),0,IF(OFFSET(PLE!$G$14,$M38,BF$13)=\"\",10^12,OFFSET(PLE!$G$14,$M38,BF$13))))","v":1000000000000},{"$f":"IF($D38<>\"Serviço\",0,IF(OR(AND(AUTOEVENTO=\"Manual\",$M38=1),$M38>(ROW(PLE.lastrow)-ROW(PLE.firstrow))),0,IF(OFFSET(PLE!$G$14,$M38,BG$13)=\"\",10^12,OFFSET(PLE!$G$14,$M38,BG$13))))","v":1000000000000}]
["24.",{"$f":"OFFSET(ORÇAMENTO!C$15,ROW(B39)-ROW(B$15),0)","v":2},{"$f":"OFFSET(ORÇAMENTO!L$15,ROW(C39)-ROW(C$15),0)","v":"F"},{"$f":"OFFSET(ORÇAMENTO!N$15,ROW(D39)-ROW(D$15),0)","v":"Nível 2"},{"$f":"OFFSET(ORÇAMENTO!O$15,ROW(E39)-ROW(E$15),0)","v":"1.3."},{"$f":"OFFSET(ORÇAMENTO!R$15,ROW(F39)-ROW(F$15),0)","v":"ESTRUTURAS"},{"$f":"IF($D39<>\"Serviço\",\"\",OFFSET(ORÇAMENTO!S$15,ROW(G39)-ROW(G$15),0))","v":""},{"$f":"IF($D39<>\"Serviço\",0,IF(ACOMPANHAMENTO=\"BM\",ROUND(OFFSET(ORÇAMENTO!AJ$15,ROW(H39)-ROW(H$15),0),15-13*ORÇAMENTO!$AF$7),SUMPRODUCT(($Q$12:$AA$12<>\"\")*ROUND($Q39:$AA39,15-13*ORÇAMENTO!$AF$7))))","v":0},null,null,null,".",{"$f":"IF($D39<>\"Serviço\",\"\",IF(AUTOEVENTO=\"manual\",$A39,IF(ISERROR(MATCH($A39,$A$15:OFFSET($A39,-1,0),0)),MAX($M$15:OFFSET(M39,-1,0))+1,INDEX($M$15:OFFSET(M39,-1,0),MATCH($A39,$A$15:OFFSET($A39,-1,0),0)))))","v":""},{"$f":"IF($D39<>\"Serviço\",\"\",IF(AUTOEVENTO=\"Manual\",IF($A39=0,\"<-- defina o número do agrupador\",OFFSET(EVENTOS!$D$14,$A39,0)),OFFSET($F$15,$A39,0)))","v":""},null,null,null,null,null,null,null,null,null,null,null,null,null,{"$f":"IF(AND($D39=\"Serviço\",AB$12<>0,$H39>0,OR(AUTOEVENTO<>\"manual\",$M39<>1)),\nIF(Import.TipoArredondamento<>\"TransfereGOV\",\nROUND(OFFSET($P39,0,AB$13),15-13*ORÇAMENTO!$AF$7)/$H39*OFFSET(ORÇAMENTO!$X$15,ROW(AB39)-ROW(AB$15),0),\nROUND(ROUND(OFFSET($P39,0,AB$13),15-13*ORÇAMENTO!$AF$7)*OFFSET(ORÇAMENTO!$W$15,ROW(AB39)-ROW(AB$15),0),15-13*ORÇAMENTO!$AF$11)),0)","v":0},{"$f":"IF(AND($D39=\"Serviço\",AC$12<>0,$H39>0,OR(AUTOEVENTO<>\"manual\",$M39<>1)),\nIF(Import.TipoArredondamento<>\"TransfereGOV\",\nROUND(OFFSET($P39,0,AC$13),15-13*ORÇAMENTO!$AF$7)/$H39*OFFSET(ORÇAMENTO!$X$15,ROW(AC39)-ROW(AC$15),0),\nROUND(ROUND(OFFSET($P39,0,AC$13),15-13*ORÇAMENTO!$AF$7)*OFFSET(ORÇAMENTO!$W$15,ROW(AC39)-ROW(AC$15),0),15-13*ORÇAMENTO!$AF$11)),0)","v":0},{"$f":"IF(AND($D39=\"Serviço\",AD$12<>0,$H39>0,OR(AUTOEVENTO<>\"manual\",$M39<>1)),\nIF(Import.TipoArredondamento<>\"TransfereGOV\",\nROUND(OFFSET($P39,0,AD$13),15-13*ORÇAMENTO!$AF$7)/$H39*OFFSET(ORÇAMENTO!$X$15,ROW(AD39)-ROW(AD$15),0),\nROUND(ROUND(OFFSET($P39,0,AD$13),15-13*ORÇAMENTO!$AF$7)*OFFSET(ORÇAMENTO!$W$15,ROW(AD39)-ROW(AD$15),0),15-13*ORÇAMENTO!$AF$11)),0)","v":0},{"$f":"IF(AND($D39=\"Serviço\",AE$12<>0,$H39>0,OR(AUTOEVENTO<>\"manual\",$M39<>1)),\nIF(Import.TipoArredondamento<>\"TransfereGOV\",\nROUND(OFFSET($P39,0,AE$13),15-13*ORÇAMENTO!$AF$7)/$H39*OFFSET(ORÇAMENTO!$X$15,ROW(AE39)-ROW(AE$15),0),\nROUND(ROUND(OFFSET($P39,0,AE$13),15-13*ORÇAMENTO!$AF$7)*OFFSET(ORÇAMENTO!$W$15,ROW(AE39)-ROW(AE$15),0),15-13*ORÇAMENTO!$AF$11)),0)","v":0},{"$f":"IF(AND($D39=\"Serviço\",AF$12<>0,$H39>0,OR(AUTOEVENTO<>\"manual\",$M39<>1)),\nIF(Import.TipoArredondamento<>\"TransfereGOV\",\nROUND(OFFSET($P39,0,AF$13),15-13*ORÇAMENTO!$AF$7)/$H39*OFFSET(ORÇAMENTO!$X$15,ROW(AF39)-ROW(AF$15),0),\nROUND(ROUND(OFFSET($P39,0,AF$13),15-13*ORÇAMENTO!$AF$7)*OFFSET(ORÇAMENTO!$W$15,ROW(AF39)-ROW(AF$15),0),15-13*ORÇAMENTO!$AF$11)),0)","v":0},{"$f":"IF(AND($D39=\"Serviço\",AG$12<>0,$H39>0,OR(AUTOEVENTO<>\"manual\",$M39<>1)),\nIF(Import.TipoArredondamento<>\"TransfereGOV\",\nROUND(OFFSET($P39,0,AG$13),15-13*ORÇAMENTO!$AF$7)/$H39*OFFSET(ORÇAMENTO!$X$15,ROW(AG39)-ROW(AG$15),0),\nROUND(ROUND(OFFSET($P39,0,AG$13),15-13*ORÇAMENTO!$AF$7)*OFFSET(ORÇAMENTO!$W$15,ROW(AG39)-ROW(AG$15),0),15-13*ORÇAMENTO!$AF$11)),0)","v":0},{"$f":"IF(AND($D39=\"Serviço\",AH$12<>0,$H39>0,OR(AUTOEVENTO<>\"manual\",$M39<>1)),\nIF(Import.TipoArredondamento<>\"TransfereGOV\",\nROUND(OFFSET($P39,0,AH$13),15-13*ORÇAMENTO!$AF$7)/$H39*OFFSET(ORÇAMENTO!$X$15,ROW(AH39)-ROW(AH$15),0),\nROUND(ROUND(OFFSET($P39,0,AH$13),15-13*ORÇAMENTO!$AF$7)*OFFSET(ORÇAMENTO!$W$15,ROW(AH39)-ROW(AH$15),0),15-13*ORÇAMENTO!$AF$11)),0)","v":0},{"$f":"IF(AND($D39=\"Serviço\",AI$12<>0,$H39>0,OR(AUTOEVENTO<>\"manual\",$M39<>1)),\nIF(Import.TipoArredondamento<>\"TransfereGOV\",\nROUND(OFFSET($P39,0,AI$13),15-13*ORÇAMENTO!$AF$7)/$H39*OFFSET(ORÇAMENTO!$X$15,ROW(AI39)-ROW(AI$15),0),\nROUND(ROUND(OFFSET($P39,0,AI$13),15-13*ORÇAMENTO!$AF$7)*OFFSET(ORÇAMENTO!$W$15,ROW(AI39)-ROW(AI$15),0),15-13*ORÇAMENTO!$AF$11)),0)","v":0},{"$f":"IF(AND($D39=\"Serviço\",AJ$12<>0,$H39>0,OR(AUTOEVENTO<>\"manual\",$M39<>1)),\nIF(Import.TipoArredondamento<>\"TransfereGOV\",\nROUND(OFFSET($P39,0,AJ$13),15-13*ORÇAMENTO!$AF$7)/$H39*OFFSET(ORÇAMENTO!$X$15,ROW(AJ39)-ROW(AJ$15),0),\nROUND(ROUND(OFFSET($P39,0,AJ$13),15-13*ORÇAMENTO!$AF$7)*OFFSET(ORÇAMENTO!$W$15,ROW(AJ39)-ROW(AJ$15),0),15-13*ORÇAMENTO!$AF$11)),0)","v":0},{"$f":"IF(AND($D39=\"Serviço\",AK$12<>0,$H39>0,OR(AUTOEVENTO<>\"manual\",$M39<>1)),\nIF(Import.TipoArredondamento<>\"TransfereGOV\",\nROUND(OFFSET($P39,0,AK$13),15-13*ORÇAMENTO!$AF$7)/$H39*OFFSET(ORÇAMENTO!$X$15,ROW(AK39)-ROW(AK$15),0),\nROUND(ROUND(OFFSET($P39,0,AK$13),15-13*ORÇAMENTO!$AF$7)*OFFSET(ORÇAMENTO!$W$15,ROW(AK39)-ROW(AK$15),0),15-13*ORÇAMENTO!$AF$11)),0)","v":0},null,{"$f":"IF($D39<>\"Serviço\",0,IF(AND(AUTOEVENTO=\"Manual\",$M39=1),0,IF(OFFSET(CRONOPLE!$F$14,$M39,AM$13)=\"\",10^12,OFFSET(CRONOPLE!$F$14,$M39,AM$13))))","v":0},{"$f":"IF($D39<>\"Serviço\",0,IF(AND(AUTOEVENTO=\"Manual\",$M39=1),0,IF(OFFSET(CRONOPLE!$F$14,$M39,AN$13)=\"\",10^12,OFFSET(CRONOPLE!$F$14,$M39,AN$13))))","v":0},{"$f":"IF($D39<>\"Serviço\",0,IF(AND(AUTOEVENTO=\"Manual\",$M39=1),0,IF(OFFSET(CRONOPLE!$F$14,$M39,AO$13)=\"\",10^12,OFFSET(CRONOPLE!$F$14,$M39,AO$13))))","v":0},{"$f":"IF($D39<>\"Serviço\",0,IF(AND(AUTOEVENTO=\"Manual\",$M39=1),0,IF(OFFSET(CRONOPLE!$F$14,$M39,AP$13)=\"\",10^12,OFFSET(CRONOPLE!$F$14,$M39,AP$13))))","v":0},{"$f":"IF($D39<>\"Serviço\",0,IF(AND(AUTOEVENTO=\"Manual\",$M39=1),0,IF(OFFSET(CRONOPLE!$F$14,$M39,AQ$13)=\"\",10^12,OFFSET(CRONOPLE!$F$14,$M39,AQ$13))))","v":0},{"$f":"IF($D39<>\"Serviço\",0,IF(AND(AUTOEVENTO=\"Manual\",$M39=1),0,IF(OFFSET(CRONOPLE!$F$14,$M39,AR$13)=\"\",10^12,OFFSET(CRONOPLE!$F$14,$M39,AR$13))))","v":0},{"$f":"IF($D39<>\"Serviço\",0,IF(AND(AUTOEVENTO=\"Manual\",$M39=1),0,IF(OFFSET(CRONOPLE!$F$14,$M39,AS$13)=\"\",10^12,OFFSET(CRONOPLE!$F$14,$M39,AS$13))))","v":0},{"$f":"IF($D39<>\"Serviço\",0,IF(AND(AUTOEVENTO=\"Manual\",$M39=1),0,IF(OFFSET(CRONOPLE!$F$14,$M39,AT$13)=\"\",10^12,OFFSET(CRONOPLE!$F$14,$M39,AT$13))))","v":0},{"$f":"IF($D39<>\"Serviço\",0,IF(AND(AUTOEVENTO=\"Manual\",$M39=1),0,IF(OFFSET(CRONOPLE!$F$14,$M39,AU$13)=\"\",10^12,OFFSET(CRONOPLE!$F$14,$M39,AU$13))))","v":0},{"$f":"IF($D39<>\"Serviço\",0,IF(AND(AUTOEVENTO=\"Manual\",$M39=1),0,IF(OFFSET(CRONOPLE!$F$14,$M39,AV$13)=\"\",10^12,OFFSET(CRONOPLE!$F$14,$M39,AV$13))))","v":0},null,{"$f":"IF($D39<>\"Serviço\",0,IF(OR(AND(AUTOEVENTO=\"Manual\",$M39=1),$M39>(ROW(PLE.lastrow)-ROW(PLE.firstrow))),0,IF(OFFSET(PLE!$G$14,$M39,AX$13)=\"\",10^12,OFFSET(PLE!$G$14,$M39,AX$13))))","v":0},{"$f":"IF($D39<>\"Serviço\",0,IF(OR(AND(AUTOEVENTO=\"Manual\",$M39=1),$M39>(ROW(PLE.lastrow)-ROW(PLE.firstrow))),0,IF(OFFSET(PLE!$G$14,$M39,AY$13)=\"\",10^12,OFFSET(PLE!$G$14,$M39,AY$13))))","v":0},{"$f":"IF($D39<>\"Serviço\",0,IF(OR(AND(AUTOEVENTO=\"Manual\",$M39=1),$M39>(ROW(PLE.lastrow)-ROW(PLE.firstrow))),0,IF(OFFSET(PLE!$G$14,$M39,AZ$13)=\"\",10^12,OFFSET(PLE!$G$14,$M39,AZ$13))))","v":0},{"$f":"IF($D39<>\"Serviço\",0,IF(OR(AND(AUTOEVENTO=\"Manual\",$M39=1),$M39>(ROW(PLE.lastrow)-ROW(PLE.firstrow))),0,IF(OFFSET(PLE!$G$14,$M39,BA$13)=\"\",10^12,OFFSET(PLE!$G$14,$M39,BA$13))))","v":0},{"$f":"IF($D39<>\"Serviço\",0,IF(OR(AND(AUTOEVENTO=\"Manual\",$M39=1),$M39>(ROW(PLE.lastrow)-ROW(PLE.firstrow))),0,IF(OFFSET(PLE!$G$14,$M39,BB$13)=\"\",10^12,OFFSET(PLE!$G$14,$M39,BB$13))))","v":0},{"$f":"IF($D39<>\"Serviço\",0,IF(OR(AND(AUTOEVENTO=\"Manual\",$M39=1),$M39>(ROW(PLE.lastrow)-ROW(PLE.firstrow))),0,IF(OFFSET(PLE!$G$14,$M39,BC$13)=\"\",10^12,OFFSET(PLE!$G$14,$M39,BC$13))))","v":0},{"$f":"IF($D39<>\"Serviço\",0,IF(OR(AND(AUTOEVENTO=\"Manual\",$M39=1),$M39>(ROW(PLE.lastrow)-ROW(PLE.firstrow))),0,IF(OFFSET(PLE!$G$14,$M39,BD$13)=\"\",10^12,OFFSET(PLE!$G$14,$M39,BD$13))))","v":0},{"$f":"IF($D39<>\"Serviço\",0,IF(OR(AND(AUTOEVENTO=\"Manual\",$M39=1),$M39>(ROW(PLE.lastrow)-ROW(PLE.firstrow))),0,IF(OFFSET(PLE!$G$14,$M39,BE$13)=\"\",10^12,OFFSET(PLE!$G$14,$M39,BE$13))))","v":0},{"$f":"IF($D39<>\"Serviço\",0,IF(OR(AND(AUTOEVENTO=\"Manual\",$M39=1),$M39>(ROW(PLE.lastrow)-ROW(PLE.firstrow))),0,IF(OFFSET(PLE!$G$14,$M39,BF$13)=\"\",10^12,OFFSET(PLE!$G$14,$M39,BF$13))))","v":0},{"$f":"IF($D39<>\"Serviço\",0,IF(OR(AND(AUTOEVENTO=\"Manual\",$M39=1),$M39>(ROW(PLE.lastrow)-ROW(PLE.firstrow))),0,IF(OFFSET(PLE!$G$14,$M39,BG$13)=\"\",10^12,OFFSET(PLE!$G$14,$M39,BG$13))))","v":0}]
["24.",{"$f":"OFFSET(ORÇAMENTO!C$15,ROW(B40)-ROW(B$15),0)","v":3},{"$f":"OFFSET(ORÇAMENTO!L$15,ROW(C40)-ROW(C$15),0)","v":"F"},{"$f":"OFFSET(ORÇAMENTO!N$15,ROW(D40)-ROW(D$15),0)","v":"Nível 3"},{"$f":"OFFSET(ORÇAMENTO!O$15,ROW(E40)-ROW(E$15),0)","v":"1.3.1."},{"$f":"OFFSET(ORÇAMENTO!R$15,ROW(F40)-ROW(F$15),0)","v":"SAPATAS"},{"$f":"IF($D40<>\"Serviço\",\"\",OFFSET(ORÇAMENTO!S$15,ROW(G40)-ROW(G$15),0))","v":""},{"$f":"IF($D40<>\"Serviço\",0,IF(ACOMPANHAMENTO=\"BM\",ROUND(OFFSET(ORÇAMENTO!AJ$15,ROW(H40)-ROW(H$15),0),15-13*ORÇAMENTO!$AF$7),SUMPRODUCT(($Q$12:$AA$12<>\"\")*ROUND($Q40:$AA40,15-13*ORÇAMENTO!$AF$7))))","v":0},null,null,null,".",{"$f":"IF($D40<>\"Serviço\",\"\",IF(AUTOEVENTO=\"manual\",$A40,IF(ISERROR(MATCH($A40,$A$15:OFFSET($A40,-1,0),0)),MAX($M$15:OFFSET(M40,-1,0))+1,INDEX($M$15:OFFSET(M40,-1,0),MATCH($A40,$A$15:OFFSET($A40,-1,0),0)))))","v":""},{"$f":"IF($D40<>\"Serviço\",\"\",IF(AUTOEVENTO=\"Manual\",IF($A40=0,\"<-- defina o número do agrupador\",OFFSET(EVENTOS!$D$14,$A40,0)),OFFSET($F$15,$A40,0)))","v":""},null,null,null,null,null,null,null,null,null,null,null,null,null,{"$f":"IF(AND($D40=\"Serviço\",AB$12<>0,$H40>0,OR(AUTOEVENTO<>\"manual\",$M40<>1)),\nIF(Import.TipoArredondamento<>\"TransfereGOV\",\nROUND(OFFSET($P40,0,AB$13),15-13*ORÇAMENTO!$AF$7)/$H40*OFFSET(ORÇAMENTO!$X$15,ROW(AB40)-ROW(AB$15),0),\nROUND(ROUND(OFFSET($P40,0,AB$13),15-13*ORÇAMENTO!$AF$7)*OFFSET(ORÇAMENTO!$W$15,ROW(AB40)-ROW(AB$15),0),15-13*ORÇAMENTO!$AF$11)),0)","v":0},{"$f":"IF(AND($D40=\"Serviço\",AC$12<>0,$H40>0,OR(AUTOEVENTO<>\"manual\",$M40<>1)),\nIF(Import.TipoArredondamento<>\"TransfereGOV\",\nROUND(OFFSET($P40,0,AC$13),15-13*ORÇAMENTO!$AF$7)/$H40*OFFSET(ORÇAMENTO!$X$15,ROW(AC40)-ROW(AC$15),0),\nROUND(ROUND(OFFSET($P40,0,AC$13),15-13*ORÇAMENTO!$AF$7)*OFFSET(ORÇAMENTO!$W$15,ROW(AC40)-ROW(AC$15),0),15-13*ORÇAMENTO!$AF$11)),0)","v":0},{"$f":"IF(AND($D40=\"Serviço\",AD$12<>0,$H40>0,OR(AUTOEVENTO<>\"manual\",$M40<>1)),\nIF(Import.TipoArredondamento<>\"TransfereGOV\",\nROUND(OFFSET($P40,0,AD$13),15-13*ORÇAMENTO!$AF$7)/$H40*OFFSET(ORÇAMENTO!$X$15,ROW(AD40)-ROW(AD$15),0),\nROUND(ROUND(OFFSET($P40,0,AD$13),15-13*ORÇAMENTO!$AF$7)*OFFSET(ORÇAMENTO!$W$15,ROW(AD40)-ROW(AD$15),0),15-13*ORÇAMENTO!$AF$11)),0)","v":0},{"$f":"IF(AND($D40=\"Serviço\",AE$12<>0,$H40>0,OR(AUTOEVENTO<>\"manual\",$M40<>1)),\nIF(Import.TipoArredondamento<>\"TransfereGOV\",\nROUND(OFFSET($P40,0,AE$13),15-13*ORÇAMENTO!$AF$7)/$H40*OFFSET(ORÇAMENTO!$X$15,ROW(AE40)-ROW(AE$15),0),\nROUND(ROUND(OFFSET($P40,0,AE$13),15-13*ORÇAMENTO!$AF$7)*OFFSET(ORÇAMENTO!$W$15,ROW(AE40)-ROW(AE$15),0),15-13*ORÇAMENTO!$AF$11)),0)","v":0},{"$f":"IF(AND($D40=\"Serviço\",AF$12<>0,$H40>0,OR(AUTOEVENTO<>\"manual\",$M40<>1)),\nIF(Import.TipoArredondamento<>\"TransfereGOV\",\nROUND(OFFSET($P40,0,AF$13),15-13*ORÇAMENTO!$AF$7)/$H40*OFFSET(ORÇAMENTO!$X$15,ROW(AF40)-ROW(AF$15),0),\nROUND(ROUND(OFFSET($P40,0,AF$13),15-13*ORÇAMENTO!$AF$7)*OFFSET(ORÇAMENTO!$W$15,ROW(AF40)-ROW(AF$15),0),15-13*ORÇAMENTO!$AF$11)),0)","v":0},{"$f":"IF(AND($D40=\"Serviço\",AG$12<>0,$H40>0,OR(AUTOEVENTO<>\"manual\",$M40<>1)),\nIF(Import.TipoArredondamento<>\"TransfereGOV\",\nROUND(OFFSET($P40,0,AG$13),15-13*ORÇAMENTO!$AF$7)/$H40*OFFSET(ORÇAMENTO!$X$15,ROW(AG40)-ROW(AG$15),0),\nROUND(ROUND(OFFSET($P40,0,AG$13),15-13*ORÇAMENTO!$AF$7)*OFFSET(ORÇAMENTO!$W$15,ROW(AG40)-ROW(AG$15),0),15-13*ORÇAMENTO!$AF$11)),0)","v":0},{"$f":"IF(AND($D40=\"Serviço\",AH$12<>0,$H40>0,OR(AUTOEVENTO<>\"manual\",$M40<>1)),\nIF(Import.TipoArredondamento<>\"TransfereGOV\",\nROUND(OFFSET($P40,0,AH$13),15-13*ORÇAMENTO!$AF$7)/$H40*OFFSET(ORÇAMENTO!$X$15,ROW(AH40)-ROW(AH$15),0),\nROUND(ROUND(OFFSET($P40,0,AH$13),15-13*ORÇAMENTO!$AF$7)*OFFSET(ORÇAMENTO!$W$15,ROW(AH40)-ROW(AH$15),0),15-13*ORÇAMENTO!$AF$11)),0)","v":0},{"$f":"IF(AND($D40=\"Serviço\",AI$12<>0,$H40>0,OR(AUTOEVENTO<>\"manual\",$M40<>1)),\nIF(Import.TipoArredondamento<>\"TransfereGOV\",\nROUND(OFFSET($P40,0,AI$13),15-13*ORÇAMENTO!$AF$7)/$H40*OFFSET(ORÇAMENTO!$X$15,ROW(AI40)-ROW(AI$15),0),\nROUND(ROUND(OFFSET($P40,0,AI$13),15-13*ORÇAMENTO!$AF$7)*OFFSET(ORÇAMENTO!$W$15,ROW(AI40)-ROW(AI$15),0),15-13*ORÇAMENTO!$AF$11)),0)","v":0},{"$f":"IF(AND($D40=\"Serviço\",AJ$12<>0,$H40>0,OR(AUTOEVENTO<>\"manual\",$M40<>1)),\nIF(Import.TipoArredondamento<>\"TransfereGOV\",\nROUND(OFFSET($P40,0,AJ$13),15-13*ORÇAMENTO!$AF$7)/$H40*OFFSET(ORÇAMENTO!$X$15,ROW(AJ40)-ROW(AJ$15),0),\nROUND(ROUND(OFFSET($P40,0,AJ$13),15-13*ORÇAMENTO!$AF$7)*OFFSET(ORÇAMENTO!$W$15,ROW(AJ40)-ROW(AJ$15),0),15-13*ORÇAMENTO!$AF$11)),0)","v":0},{"$f":"IF(AND($D40=\"Serviço\",AK$12<>0,$H40>0,OR(AUTOEVENTO<>\"manual\",$M40<>1)),\nIF(Import.TipoArredondamento<>\"TransfereGOV\",\nROUND(OFFSET($P40,0,AK$13),15-13*ORÇAMENTO!$AF$7)/$H40*OFFSET(ORÇAMENTO!$X$15,ROW(AK40)-ROW(AK$15),0),\nROUND(ROUND(OFFSET($P40,0,AK$13),15-13*ORÇAMENTO!$AF$7)*OFFSET(ORÇAMENTO!$W$15,ROW(AK40)-ROW(AK$15),0),15-13*ORÇAMENTO!$AF$11)),0)","v":0},null,{"$f":"IF($D40<>\"Serviço\",0,IF(AND(AUTOEVENTO=\"Manual\",$M40=1),0,IF(OFFSET(CRONOPLE!$F$14,$M40,AM$13)=\"\",10^12,OFFSET(CRONOPLE!$F$14,$M40,AM$13))))","v":0},{"$f":"IF($D40<>\"Serviço\",0,IF(AND(AUTOEVENTO=\"Manual\",$M40=1),0,IF(OFFSET(CRONOPLE!$F$14,$M40,AN$13)=\"\",10^12,OFFSET(CRONOPLE!$F$14,$M40,AN$13))))","v":0},{"$f":"IF($D40<>\"Serviço\",0,IF(AND(AUTOEVENTO=\"Manual\",$M40=1),0,IF(OFFSET(CRONOPLE!$F$14,$M40,AO$13)=\"\",10^12,OFFSET(CRONOPLE!$F$14,$M40,AO$13))))","v":0},{"$f":"IF($D40<>\"Serviço\",0,IF(AND(AUTOEVENTO=\"Manual\",$M40=1),0,IF(OFFSET(CRONOPLE!$F$14,$M40,AP$13)=\"\",10^12,OFFSET(CRONOPLE!$F$14,$M40,AP$13))))","v":0},{"$f":"IF($D40<>\"Serviço\",0,IF(AND(AUTOEVENTO=\"Manual\",$M40=1),0,IF(OFFSET(CRONOPLE!$F$14,$M40,AQ$13)=\"\",10^12,OFFSET(CRONOPLE!$F$14,$M40,AQ$13))))","v":0},{"$f":"IF($D40<>\"Serviço\",0,IF(AND(AUTOEVENTO=\"Manual\",$M40=1),0,IF(OFFSET(CRONOPLE!$F$14,$M40,AR$13)=\"\",10^12,OFFSET(CRONOPLE!$F$14,$M40,AR$13))))","v":0},{"$f":"IF($D40<>\"Serviço\",0,IF(AND(AUTOEVENTO=\"Manual\",$M40=1),0,IF(OFFSET(CRONOPLE!$F$14,$M40,AS$13)=\"\",10^12,OFFSET(CRONOPLE!$F$14,$M40,AS$13))))","v":0},{"$f":"IF($D40<>\"Serviço\",0,IF(AND(AUTOEVENTO=\"Manual\",$M40=1),0,IF(OFFSET(CRONOPLE!$F$14,$M40,AT$13)=\"\",10^12,OFFSET(CRONOPLE!$F$14,$M40,AT$13))))","v":0},{"$f":"IF($D40<>\"Serviço\",0,IF(AND(AUTOEVENTO=\"Manual\",$M40=1),0,IF(OFFSET(CRONOPLE!$F$14,$M40,AU$13)=\"\",10^12,OFFSET(CRONOPLE!$F$14,$M40,AU$13))))","v":0},{"$f":"IF($D40<>\"Serviço\",0,IF(AND(AUTOEVENTO=\"Manual\",$M40=1),0,IF(OFFSET(CRONOPLE!$F$14,$M40,AV$13)=\"\",10^12,OFFSET(CRONOPLE!$F$14,$M40,AV$13))))","v":0},null,{"$f":"IF($D40<>\"Serviço\",0,IF(OR(AND(AUTOEVENTO=\"Manual\",$M40=1),$M40>(ROW(PLE.lastrow)-ROW(PLE.firstrow))),0,IF(OFFSET(PLE!$G$14,$M40,AX$13)=\"\",10^12,OFFSET(PLE!$G$14,$M40,AX$13))))","v":0},{"$f":"IF($D40<>\"Serviço\",0,IF(OR(AND(AUTOEVENTO=\"Manual\",$M40=1),$M40>(ROW(PLE.lastrow)-ROW(PLE.firstrow))),0,IF(OFFSET(PLE!$G$14,$M40,AY$13)=\"\",10^12,OFFSET(PLE!$G$14,$M40,AY$13))))","v":0},{"$f":"IF($D40<>\"Serviço\",0,IF(OR(AND(AUTOEVENTO=\"Manual\",$M40=1),$M40>(ROW(PLE.lastrow)-ROW(PLE.firstrow))),0,IF(OFFSET(PLE!$G$14,$M40,AZ$13)=\"\",10^12,OFFSET(PLE!$G$14,$M40,AZ$13))))","v":0},{"$f":"IF($D40<>\"Serviço\",0,IF(OR(AND(AUTOEVENTO=\"Manual\",$M40=1),$M40>(ROW(PLE.lastrow)-ROW(PLE.firstrow))),0,IF(OFFSET(PLE!$G$14,$M40,BA$13)=\"\",10^12,OFFSET(PLE!$G$14,$M40,BA$13))))","v":0},{"$f":"IF($D40<>\"Serviço\",0,IF(OR(AND(AUTOEVENTO=\"Manual\",$M40=1),$M40>(ROW(PLE.lastrow)-ROW(PLE.firstrow))),0,IF(OFFSET(PLE!$G$14,$M40,BB$13)=\"\",10^12,OFFSET(PLE!$G$14,$M40,BB$13))))","v":0},{"$f":"IF($D40<>\"Serviço\",0,IF(OR(AND(AUTOEVENTO=\"Manual\",$M40=1),$M40>(ROW(PLE.lastrow)-ROW(PLE.firstrow))),0,IF(OFFSET(PLE!$G$14,$M40,BC$13)=\"\",10^12,OFFSET(PLE!$G$14,$M40,BC$13))))","v":0},{"$f":"IF($D40<>\"Serviço\",0,IF(OR(AND(AUTOEVENTO=\"Manual\",$M40=1),$M40>(ROW(PLE.lastrow)-ROW(PLE.firstrow))),0,IF(OFFSET(PLE!$G$14,$M40,BD$13)=\"\",10^12,OFFSET(PLE!$G$14,$M40,BD$13))))","v":0},{"$f":"IF($D40<>\"Serviço\",0,IF(OR(AND(AUTOEVENTO=\"Manual\",$M40=1),$M40>(ROW(PLE.lastrow)-ROW(PLE.firstrow))),0,IF(OFFSET(PLE!$G$14,$M40,BE$13)=\"\",10^12,OFFSET(PLE!$G$14,$M40,BE$13))))","v":0},{"$f":"IF($D40<>\"Serviço\",0,IF(OR(AND(AUTOEVENTO=\"Manual\",$M40=1),$M40>(ROW(PLE.lastrow)-ROW(PLE.firstrow))),0,IF(OFFSET(PLE!$G$14,$M40,BF$13)=\"\",10^12,OFFSET(PLE!$G$14,$M40,BF$13))))","v":0},{"$f":"IF($D40<>\"Serviço\",0,IF(OR(AND(AUTOEVENTO=\"Manual\",$M40=1),$M40>(ROW(PLE.lastrow)-ROW(PLE.firstrow))),0,IF(OFFSET(PLE!$G$14,$M40,BG$13)=\"\",10^12,OFFSET(PLE!$G$14,$M40,BG$13))))","v":0}]
["24",{"$f":"OFFSET(ORÇAMENTO!C$15,ROW(B41)-ROW(B$15),0)","v":"S"},{"$f":"OFFSET(ORÇAMENTO!L$15,ROW(C41)-ROW(C$15),0)","v":"F"},{"$f":"OFFSET(ORÇAMENTO!N$15,ROW(D41)-ROW(D$15),0)","v":"Serviço"},{"$f":"OFFSET(ORÇAMENTO!O$15,ROW(E41)-ROW(E$15),0)","v":"1.3.1.0.1."},{"$f":"OFFSET(ORÇAMENTO!R$15,ROW(F41)-ROW(F$15),0)","v":"ARMAÇÃO DE BLOCO UTILIZANDO AÇO CA-50 DE 8 MM - MONTAGEM. AF_01/2024"},{"$f":"IF($D41<>\"Serviço\",\"\",OFFSET(ORÇAMENTO!S$15,ROW(G41)-ROW(G$15),0))","v":"KG"},{"$f":"IF($D41<>\"Serviço\",0,IF(ACOMPANHAMENTO=\"BM\",ROUND(OFFSET(ORÇAMENTO!AJ$15,ROW(H41)-ROW(H$15),0),15-13*ORÇAMENTO!$AF$7),SUMPRODUCT(($Q$12:$AA$12<>\"\")*ROUND($Q41:$AA41,15-13*ORÇAMENTO!$AF$7))))","v":258.18},null,null,null,".",{"$f":"IF($D41<>\"Serviço\",\"\",IF(AUTOEVENTO=\"manual\",$A41,IF(ISERROR(MATCH($A41,$A$15:OFFSET($A41,-1,0),0)),MAX($M$15:OFFSET(M41,-1,0))+1,INDEX($M$15:OFFSET(M41,-1,0),MATCH($A41,$A$15:OFFSET($A41,-1,0),0)))))","v":4},{"$f":"IF($D41<>\"Serviço\",\"\",IF(AUTOEVENTO=\"Manual\",IF($A41=0,\"<-- defina o número do agrupador\",OFFSET(EVENTOS!$D$14,$A41,0)),OFFSET($F$15,$A41,0)))","v":"ESTRUTURAS"},null,null,null,null,null,null,null,null,null,null,null,null,null,{"$f":"IF(AND($D41=\"Serviço\",AB$12<>0,$H41>0,OR(AUTOEVENTO<>\"manual\",$M41<>1)),\nIF(Import.TipoArredondamento<>\"TransfereGOV\",\nROUND(OFFSET($P41,0,AB$13),15-13*ORÇAMENTO!$AF$7)/$H41*OFFSET(ORÇAMENTO!$X$15,ROW(AB41)-ROW(AB$15),0),\nROUND(ROUND(OFFSET($P41,0,AB$13),15-13*ORÇAMENTO!$AF$7)*OFFSET(ORÇAMENTO!$W$15,ROW(AB41)-ROW(AB$15),0),15-13*ORÇAMENTO!$AF$11)),0)","v":0},{"$f":"IF(AND($D41=\"Serviço\",AC$12<>0,$H41>0,OR(AUTOEVENTO<>\"manual\",$M41<>1)),\nIF(Import.TipoArredondamento<>\"TransfereGOV\",\nROUND(OFFSET($P41,0,AC$13),15-13*ORÇAMENTO!$AF$7)/$H41*OFFSET(ORÇAMENTO!$X$15,ROW(AC41)-ROW(AC$15),0),\nROUND(ROUND(OFFSET($P41,0,AC$13),15-13*ORÇAMENTO!$AF$7)*OFFSET(ORÇAMENTO!$W$15,ROW(AC41)-ROW(AC$15),0),15-13*ORÇAMENTO!$AF$11)),0)","v":0},{"$f":"IF(AND($D41=\"Serviço\",AD$12<>0,$H41>0,OR(AUTOEVENTO<>\"manual\",$M41<>1)),\nIF(Import.TipoArredondamento<>\"TransfereGOV\",\nROUND(OFFSET($P41,0,AD$13),15-13*ORÇAMENTO!$AF$7)/$H41*OFFSET(ORÇAMENTO!$X$15,ROW(AD41)-ROW(AD$15),0),\nROUND(ROUND(OFFSET($P41,0,AD$13),15-13*ORÇAMENTO!$AF$7)*OFFSET(ORÇAMENTO!$W$15,ROW(AD41)-ROW(AD$15),0),15-13*ORÇAMENTO!$AF$11)),0)","v":0},{"$f":"IF(AND($D41=\"Serviço\",AE$12<>0,$H41>0,OR(AUTOEVENTO<>\"manual\",$M41<>1)),\nIF(Import.TipoArredondamento<>\"TransfereGOV\",\nROUND(OFFSET($P41,0,AE$13),15-13*ORÇAMENTO!$AF$7)/$H41*OFFSET(ORÇAMENTO!$X$15,ROW(AE41)-ROW(AE$15),0),\nROUND(ROUND(OFFSET($P41,0,AE$13),15-13*ORÇAMENTO!$AF$7)*OFFSET(ORÇAMENTO!$W$15,ROW(AE41)-ROW(AE$15),0),15-13*ORÇAMENTO!$AF$11)),0)","v":0},{"$f":"IF(AND($D41=\"Serviço\",AF$12<>0,$H41>0,OR(AUTOEVENTO<>\"manual\",$M41<>1)),\nIF(Import.TipoArredondamento<>\"TransfereGOV\",\nROUND(OFFSET($P41,0,AF$13),15-13*ORÇAMENTO!$AF$7)/$H41*OFFSET(ORÇAMENTO!$X$15,ROW(AF41)-ROW(AF$15),0),\nROUND(ROUND(OFFSET($P41,0,AF$13),15-13*ORÇAMENTO!$AF$7)*OFFSET(ORÇAMENTO!$W$15,ROW(AF41)-ROW(AF$15),0),15-13*ORÇAMENTO!$AF$11)),0)","v":0},{"$f":"IF(AND($D41=\"Serviço\",AG$12<>0,$H41>0,OR(AUTOEVENTO<>\"manual\",$M41<>1)),\nIF(Import.TipoArredondamento<>\"TransfereGOV\",\nROUND(OFFSET($P41,0,AG$13),15-13*ORÇAMENTO!$AF$7)/$H41*OFFSET(ORÇAMENTO!$X$15,ROW(AG41)-ROW(AG$15),0),\nROUND(ROUND(OFFSET($P41,0,AG$13),15-13*ORÇAMENTO!$AF$7)*OFFSET(ORÇAMENTO!$W$15,ROW(AG41)-ROW(AG$15),0),15-13*ORÇAMENTO!$AF$11)),0)","v":0},{"$f":"IF(AND($D41=\"Serviço\",AH$12<>0,$H41>0,OR(AUTOEVENTO<>\"manual\",$M41<>1)),\nIF(Import.TipoArredondamento<>\"TransfereGOV\",\nROUND(OFFSET($P41,0,AH$13),15-13*ORÇAMENTO!$AF$7)/$H41*OFFSET(ORÇAMENTO!$X$15,ROW(AH41)-ROW(AH$15),0),\nROUND(ROUND(OFFSET($P41,0,AH$13),15-13*ORÇAMENTO!$AF$7)*OFFSET(ORÇAMENTO!$W$15,ROW(AH41)-ROW(AH$15),0),15-13*ORÇAMENTO!$AF$11)),0)","v":0},{"$f":"IF(AND($D41=\"Serviço\",AI$12<>0,$H41>0,OR(AUTOEVENTO<>\"manual\",$M41<>1)),\nIF(Import.TipoArredondamento<>\"TransfereGOV\",\nROUND(OFFSET($P41,0,AI$13),15-13*ORÇAMENTO!$AF$7)/$H41*OFFSET(ORÇAMENTO!$X$15,ROW(AI41)-ROW(AI$15),0),\nROUND(ROUND(OFFSET($P41,0,AI$13),15-13*ORÇAMENTO!$AF$7)*OFFSET(ORÇAMENTO!$W$15,ROW(AI41)-ROW(AI$15),0),15-13*ORÇAMENTO!$AF$11)),0)","v":0},{"$f":"IF(AND($D41=\"Serviço\",AJ$12<>0,$H41>0,OR(AUTOEVENTO<>\"manual\",$M41<>1)),\nIF(Import.TipoArredondamento<>\"TransfereGOV\",\nROUND(OFFSET($P41,0,AJ$13),15-13*ORÇAMENTO!$AF$7)/$H41*OFFSET(ORÇAMENTO!$X$15,ROW(AJ41)-ROW(AJ$15),0),\nROUND(ROUND(OFFSET($P41,0,AJ$13),15-13*ORÇAMENTO!$AF$7)*OFFSET(ORÇAMENTO!$W$15,ROW(AJ41)-ROW(AJ$15),0),15-13*ORÇAMENTO!$AF$11)),0)","v":0},{"$f":"IF(AND($D41=\"Serviço\",AK$12<>0,$H41>0,OR(AUTOEVENTO<>\"manual\",$M41<>1)),\nIF(Import.TipoArredondamento<>\"TransfereGOV\",\nROUND(OFFSET($P41,0,AK$13),15-13*ORÇAMENTO!$AF$7)/$H41*OFFSET(ORÇAMENTO!$X$15,ROW(AK41)-ROW(AK$15),0),\nROUND(ROUND(OFFSET($P41,0,AK$13),15-13*ORÇAMENTO!$AF$7)*OFFSET(ORÇAMENTO!$W$15,ROW(AK41)-ROW(AK$15),0),15-13*ORÇAMENTO!$AF$11)),0)","v":0},null,{"$f":"IF($D41<>\"Serviço\",0,IF(AND(AUTOEVENTO=\"Manual\",$M41=1),0,IF(OFFSET(CRONOPLE!$F$14,$M41,AM$13)=\"\",10^12,OFFSET(CRONOPLE!$F$14,$M41,AM$13))))","v":1000000000000},{"$f":"IF($D41<>\"Serviço\",0,IF(AND(AUTOEVENTO=\"Manual\",$M41=1),0,IF(OFFSET(CRONOPLE!$F$14,$M41,AN$13)=\"\",10^12,OFFSET(CRONOPLE!$F$14,$M41,AN$13))))","v":1000000000000},{"$f":"IF($D41<>\"Serviço\",0,IF(AND(AUTOEVENTO=\"Manual\",$M41=1),0,IF(OFFSET(CRONOPLE!$F$14,$M41,AO$13)=\"\",10^12,OFFSET(CRONOPLE!$F$14,$M41,AO$13))))","v":1000000000000},{"$f":"IF($D41<>\"Serviço\",0,IF(AND(AUTOEVENTO=\"Manual\",$M41=1),0,IF(OFFSET(CRONOPLE!$F$14,$M41,AP$13)=\"\",10^12,OFFSET(CRONOPLE!$F$14,$M41,AP$13))))","v":1000000000000},{"$f":"IF($D41<>\"Serviço\",0,IF(AND(AUTOEVENTO=\"Manual\",$M41=1),0,IF(OFFSET(CRONOPLE!$F$14,$M41,AQ$13)=\"\",10^12,OFFSET(CRONOPLE!$F$14,$M41,AQ$13))))","v":1000000000000},{"$f":"IF($D41<>\"Serviço\",0,IF(AND(AUTOEVENTO=\"Manual\",$M41=1),0,IF(OFFSET(CRONOPLE!$F$14,$M41,AR$13)=\"\",10^12,OFFSET(CRONOPLE!$F$14,$M41,AR$13))))","v":1000000000000},{"$f":"IF($D41<>\"Serviço\",0,IF(AND(AUTOEVENTO=\"Manual\",$M41=1),0,IF(OFFSET(CRONOPLE!$F$14,$M41,AS$13)=\"\",10^12,OFFSET(CRONOPLE!$F$14,$M41,AS$13))))","v":1000000000000},{"$f":"IF($D41<>\"Serviço\",0,IF(AND(AUTOEVENTO=\"Manual\",$M41=1),0,IF(OFFSET(CRONOPLE!$F$14,$M41,AT$13)=\"\",10^12,OFFSET(CRONOPLE!$F$14,$M41,AT$13))))","v":1000000000000},{"$f":"IF($D41<>\"Serviço\",0,IF(AND(AUTOEVENTO=\"Manual\",$M41=1),0,IF(OFFSET(CRONOPLE!$F$14,$M41,AU$13)=\"\",10^12,OFFSET(CRONOPLE!$F$14,$M41,AU$13))))","v":1000000000000},{"$f":"IF($D41<>\"Serviço\",0,IF(AND(AUTOEVENTO=\"Manual\",$M41=1),0,IF(OFFSET(CRONOPLE!$F$14,$M41,AV$13)=\"\",10^12,OFFSET(CRONOPLE!$F$14,$M41,AV$13))))","v":1000000000000},null,{"$f":"IF($D41<>\"Serviço\",0,IF(OR(AND(AUTOEVENTO=\"Manual\",$M41=1),$M41>(ROW(PLE.lastrow)-ROW(PLE.firstrow))),0,IF(OFFSET(PLE!$G$14,$M41,AX$13)=\"\",10^12,OFFSET(PLE!$G$14,$M41,AX$13))))","v":1000000000000},{"$f":"IF($D41<>\"Serviço\",0,IF(OR(AND(AUTOEVENTO=\"Manual\",$M41=1),$M41>(ROW(PLE.lastrow)-ROW(PLE.firstrow))),0,IF(OFFSET(PLE!$G$14,$M41,AY$13)=\"\",10^12,OFFSET(PLE!$G$14,$M41,AY$13))))","v":1000000000000},{"$f":"IF($D41<>\"Serviço\",0,IF(OR(AND(AUTOEVENTO=\"Manual\",$M41=1),$M41>(ROW(PLE.lastrow)-ROW(PLE.firstrow))),0,IF(OFFSET(PLE!$G$14,$M41,AZ$13)=\"\",10^12,OFFSET(PLE!$G$14,$M41,AZ$13))))","v":1000000000000},{"$f":"IF($D41<>\"Serviço\",0,IF(OR(AND(AUTOEVENTO=\"Manual\",$M41=1),$M41>(ROW(PLE.lastrow)-ROW(PLE.firstrow))),0,IF(OFFSET(PLE!$G$14,$M41,BA$13)=\"\",10^12,OFFSET(PLE!$G$14,$M41,BA$13))))","v":1000000000000},{"$f":"IF($D41<>\"Serviço\",0,IF(OR(AND(AUTOEVENTO=\"Manual\",$M41=1),$M41>(ROW(PLE.lastrow)-ROW(PLE.firstrow))),0,IF(OFFSET(PLE!$G$14,$M41,BB$13)=\"\",10^12,OFFSET(PLE!$G$14,$M41,BB$13))))","v":1000000000000},{"$f":"IF($D41<>\"Serviço\",0,IF(OR(AND(AUTOEVENTO=\"Manual\",$M41=1),$M41>(ROW(PLE.lastrow)-ROW(PLE.firstrow))),0,IF(OFFSET(PLE!$G$14,$M41,BC$13)=\"\",10^12,OFFSET(PLE!$G$14,$M41,BC$13))))","v":1000000000000},{"$f":"IF($D41<>\"Serviço\",0,IF(OR(AND(AUTOEVENTO=\"Manual\",$M41=1),$M41>(ROW(PLE.lastrow)-ROW(PLE.firstrow))),0,IF(OFFSET(PLE!$G$14,$M41,BD$13)=\"\",10^12,OFFSET(PLE!$G$14,$M41,BD$13))))","v":1000000000000},{"$f":"IF($D41<>\"Serviço\",0,IF(OR(AND(AUTOEVENTO=\"Manual\",$M41=1),$M41>(ROW(PLE.lastrow)-ROW(PLE.firstrow))),0,IF(OFFSET(PLE!$G$14,$M41,BE$13)=\"\",10^12,OFFSET(PLE!$G$14,$M41,BE$13))))","v":1000000000000},{"$f":"IF($D41<>\"Serviço\",0,IF(OR(AND(AUTOEVENTO=\"Manual\",$M41=1),$M41>(ROW(PLE.lastrow)-ROW(PLE.firstrow))),0,IF(OFFSET(PLE!$G$14,$M41,BF$13)=\"\",10^12,OFFSET(PLE!$G$14,$M41,BF$13))))","v":1000000000000},{"$f":"IF($D41<>\"Serviço\",0,IF(OR(AND(AUTOEVENTO=\"Manual\",$M41=1),$M41>(ROW(PLE.lastrow)-ROW(PLE.firstrow))),0,IF(OFFSET(PLE!$G$14,$M41,BG$13)=\"\",10^12,OFFSET(PLE!$G$14,$M41,BG$13))))","v":1000000000000}]
["24",{"$f":"OFFSET(ORÇAMENTO!C$15,ROW(B42)-ROW(B$15),0)","v":"S"},{"$f":"OFFSET(ORÇAMENTO!L$15,ROW(C42)-ROW(C$15),0)","v":"F"},{"$f":"OFFSET(ORÇAMENTO!N$15,ROW(D42)-ROW(D$15),0)","v":"Serviço"},{"$f":"OFFSET(ORÇAMENTO!O$15,ROW(E42)-ROW(E$15),0)","v":"1.3.1.0.2."},{"$f":"OFFSET(ORÇAMENTO!R$15,ROW(F42)-ROW(F$15),0)","v":"LASTRO DE CONCRETO MAGRO, APLICADO EM BLOCOS DE COROAMENTO OU SAPATAS, ESPESSURA DE 5 CM. AF_01/2024"},{"$f":"IF($D42<>\"Serviço\",\"\",OFFSET(ORÇAMENTO!S$15,ROW(G42)-ROW(G$15),0))","v":"M2"},{"$f":"IF($D42<>\"Serviço\",0,IF(ACOMPANHAMENTO=\"BM\",ROUND(OFFSET(ORÇAMENTO!AJ$15,ROW(H42)-ROW(H$15),0),15-13*ORÇAMENTO!$AF$7),SUMPRODUCT(($Q$12:$AA$12<>\"\")*ROUND($Q42:$AA42,15-13*ORÇAMENTO!$AF$7))))","v":15.32},null,null,null,".",{"$f":"IF($D42<>\"Serviço\",\"\",IF(AUTOEVENTO=\"manual\",$A42,IF(ISERROR(MATCH($A42,$A$15:OFFSET($A42,-1,0),0)),MAX($M$15:OFFSET(M42,-1,0))+1,INDEX($M$15:OFFSET(M42,-1,0),MATCH($A42,$A$15:OFFSET($A42,-1,0),0)))))","v":4},{"$f":"IF($D42<>\"Serviço\",\"\",IF(AUTOEVENTO=\"Manual\",IF($A42=0,\"<-- defina o número do agrupador\",OFFSET(EVENTOS!$D$14,$A42,0)),OFFSET($F$15,$A42,0)))","v":"ESTRUTURAS"},null,null,null,null,null,null,null,null,null,null,null,null,null,{"$f":"IF(AND($D42=\"Serviço\",AB$12<>0,$H42>0,OR(AUTOEVENTO<>\"manual\",$M42<>1)),\nIF(Import.TipoArredondamento<>\"TransfereGOV\",\nROUND(OFFSET($P42,0,AB$13),15-13*ORÇAMENTO!$AF$7)/$H42*OFFSET(ORÇAMENTO!$X$15,ROW(AB42)-ROW(AB$15),0),\nROUND(ROUND(OFFSET($P42,0,AB$13),15-13*ORÇAMENTO!$AF$7)*OFFSET(ORÇAMENTO!$W$15,ROW(AB42)-ROW(AB$15),0),15-13*ORÇAMENTO!$AF$11)),0)","v":0},{"$f":"IF(AND($D42=\"Serviço\",AC$12<>0,$H42>0,OR(AUTOEVENTO<>\"manual\",$M42<>1)),\nIF(Import.TipoArredondamento<>\"TransfereGOV\",\nROUND(OFFSET($P42,0,AC$13),15-13*ORÇAMENTO!$AF$7)/$H42*OFFSET(ORÇAMENTO!$X$15,ROW(AC42)-ROW(AC$15),0),\nROUND(ROUND(OFFSET($P42,0,AC$13),15-13*ORÇAMENTO!$AF$7)*OFFSET(ORÇAMENTO!$W$15,ROW(AC42)-ROW(AC$15),0),15-13*ORÇAMENTO!$AF$11)),0)","v":0},{"$f":"IF(AND($D42=\"Serviço\",AD$12<>0,$H42>0,OR(AUTOEVENTO<>\"manual\",$M42<>1)),\nIF(Import.TipoArredondamento<>\"TransfereGOV\",\nROUND(OFFSET($P42,0,AD$13),15-13*ORÇAMENTO!$AF$7)/$H42*OFFSET(ORÇAMENTO!$X$15,ROW(AD42)-ROW(AD$15),0),\nROUND(ROUND(OFFSET($P42,0,AD$13),15-13*ORÇAMENTO!$AF$7)*OFFSET(ORÇAMENTO!$W$15,ROW(AD42)-ROW(AD$15),0),15-13*ORÇAMENTO!$AF$11)),0)","v":0},{"$f":"IF(AND($D42=\"Serviço\",AE$12<>0,$H42>0,OR(AUTOEVENTO<>\"manual\",$M42<>1)),\nIF(Import.TipoArredondamento<>\"TransfereGOV\",\nROUND(OFFSET($P42,0,AE$13),15-13*ORÇAMENTO!$AF$7)/$H42*OFFSET(ORÇAMENTO!$X$15,ROW(AE42)-ROW(AE$15),0),\nROUND(ROUND(OFFSET($P42,0,AE$13),15-13*ORÇAMENTO!$AF$7)*OFFSET(ORÇAMENTO!$W$15,ROW(AE42)-ROW(AE$15),0),15-13*ORÇAMENTO!$AF$11)),0)","v":0},{"$f":"IF(AND($D42=\"Serviço\",AF$12<>0,$H42>0,OR(AUTOEVENTO<>\"manual\",$M42<>1)),\nIF(Import.TipoArredondamento<>\"TransfereGOV\",\nROUND(OFFSET($P42,0,AF$13),15-13*ORÇAMENTO!$AF$7)/$H42*OFFSET(ORÇAMENTO!$X$15,ROW(AF42)-ROW(AF$15),0),\nROUND(ROUND(OFFSET($P42,0,AF$13),15-13*ORÇAMENTO!$AF$7)*OFFSET(ORÇAMENTO!$W$15,ROW(AF42)-ROW(AF$15),0),15-13*ORÇAMENTO!$AF$11)),0)","v":0},{"$f":"IF(AND($D42=\"Serviço\",AG$12<>0,$H42>0,OR(AUTOEVENTO<>\"manual\",$M42<>1)),\nIF(Import.TipoArredondamento<>\"TransfereGOV\",\nROUND(OFFSET($P42,0,AG$13),15-13*ORÇAMENTO!$AF$7)/$H42*OFFSET(ORÇAMENTO!$X$15,ROW(AG42)-ROW(AG$15),0),\nROUND(ROUND(OFFSET($P42,0,AG$13),15-13*ORÇAMENTO!$AF$7)*OFFSET(ORÇAMENTO!$W$15,ROW(AG42)-ROW(AG$15),0),15-13*ORÇAMENTO!$AF$11)),0)","v":0},{"$f":"IF(AND($D42=\"Serviço\",AH$12<>0,$H42>0,OR(AUTOEVENTO<>\"manual\",$M42<>1)),\nIF(Import.TipoArredondamento<>\"TransfereGOV\",\nROUND(OFFSET($P42,0,AH$13),15-13*ORÇAMENTO!$AF$7)/$H42*OFFSET(ORÇAMENTO!$X$15,ROW(AH42)-ROW(AH$15),0),\nROUND(ROUND(OFFSET($P42,0,AH$13),15-13*ORÇAMENTO!$AF$7)*OFFSET(ORÇAMENTO!$W$15,ROW(AH42)-ROW(AH$15),0),15-13*ORÇAMENTO!$AF$11)),0)","v":0},{"$f":"IF(AND($D42=\"Serviço\",AI$12<>0,$H42>0,OR(AUTOEVENTO<>\"manual\",$M42<>1)),\nIF(Import.TipoArredondamento<>\"TransfereGOV\",\nROUND(OFFSET($P42,0,AI$13),15-13*ORÇAMENTO!$AF$7)/$H42*OFFSET(ORÇAMENTO!$X$15,ROW(AI42)-ROW(AI$15),0),\nROUND(ROUND(OFFSET($P42,0,AI$13),15-13*ORÇAMENTO!$AF$7)*OFFSET(ORÇAMENTO!$W$15,ROW(AI42)-ROW(AI$15),0),15-13*ORÇAMENTO!$AF$11)),0)","v":0},{"$f":"IF(AND($D42=\"Serviço\",AJ$12<>0,$H42>0,OR(AUTOEVENTO<>\"manual\",$M42<>1)),\nIF(Import.TipoArredondamento<>\"TransfereGOV\",\nROUND(OFFSET($P42,0,AJ$13),15-13*ORÇAMENTO!$AF$7)/$H42*OFFSET(ORÇAMENTO!$X$15,ROW(AJ42)-ROW(AJ$15),0),\nROUND(ROUND(OFFSET($P42,0,AJ$13),15-13*ORÇAMENTO!$AF$7)*OFFSET(ORÇAMENTO!$W$15,ROW(AJ42)-ROW(AJ$15),0),15-13*ORÇAMENTO!$AF$11)),0)","v":0},{"$f":"IF(AND($D42=\"Serviço\",AK$12<>0,$H42>0,OR(AUTOEVENTO<>\"manual\",$M42<>1)),\nIF(Import.TipoArredondamento<>\"TransfereGOV\",\nROUND(OFFSET($P42,0,AK$13),15-13*ORÇAMENTO!$AF$7)/$H42*OFFSET(ORÇAMENTO!$X$15,ROW(AK42)-ROW(AK$15),0),\nROUND(ROUND(OFFSET($P42,0,AK$13),15-13*ORÇAMENTO!$AF$7)*OFFSET(ORÇAMENTO!$W$15,ROW(AK42)-ROW(AK$15),0),15-13*ORÇAMENTO!$AF$11)),0)","v":0},null,{"$f":"IF($D42<>\"Serviço\",0,IF(AND(AUTOEVENTO=\"Manual\",$M42=1),0,IF(OFFSET(CRONOPLE!$F$14,$M42,AM$13)=\"\",10^12,OFFSET(CRONOPLE!$F$14,$M42,AM$13))))","v":1000000000000},{"$f":"IF($D42<>\"Serviço\",0,IF(AND(AUTOEVENTO=\"Manual\",$M42=1),0,IF(OFFSET(CRONOPLE!$F$14,$M42,AN$13)=\"\",10^12,OFFSET(CRONOPLE!$F$14,$M42,AN$13))))","v":1000000000000},{"$f":"IF($D42<>\"Serviço\",0,IF(AND(AUTOEVENTO=\"Manual\",$M42=1),0,IF(OFFSET(CRONOPLE!$F$14,$M42,AO$13)=\"\",10^12,OFFSET(CRONOPLE!$F$14,$M42,AO$13))))","v":1000000000000},{"$f":"IF($D42<>\"Serviço\",0,IF(AND(AUTOEVENTO=\"Manual\",$M42=1),0,IF(OFFSET(CRONOPLE!$F$14,$M42,AP$13)=\"\",10^12,OFFSET(CRONOPLE!$F$14,$M42,AP$13))))","v":1000000000000},{"$f":"IF($D42<>\"Serviço\",0,IF(AND(AUTOEVENTO=\"Manual\",$M42=1),0,IF(OFFSET(CRONOPLE!$F$14,$M42,AQ$13)=\"\",10^12,OFFSET(CRONOPLE!$F$14,$M42,AQ$13))))","v":1000000000000},{"$f":"IF($D42<>\"Serviço\",0,IF(AND(AUTOEVENTO=\"Manual\",$M42=1),0,IF(OFFSET(CRONOPLE!$F$14,$M42,AR$13)=\"\",10^12,OFFSET(CRONOPLE!$F$14,$M42,AR$13))))","v":1000000000000},{"$f":"IF($D42<>\"Serviço\",0,IF(AND(AUTOEVENTO=\"Manual\",$M42=1),0,IF(OFFSET(CRONOPLE!$F$14,$M42,AS$13)=\"\",10^12,OFFSET(CRONOPLE!$F$14,$M42,AS$13))))","v":1000000000000},{"$f":"IF($D42<>\"Serviço\",0,IF(AND(AUTOEVENTO=\"Manual\",$M42=1),0,IF(OFFSET(CRONOPLE!$F$14,$M42,AT$13)=\"\",10^12,OFFSET(CRONOPLE!$F$14,$M42,AT$13))))","v":1000000000000},{"$f":"IF($D42<>\"Serviço\",0,IF(AND(AUTOEVENTO=\"Manual\",$M42=1),0,IF(OFFSET(CRONOPLE!$F$14,$M42,AU$13)=\"\",10^12,OFFSET(CRONOPLE!$F$14,$M42,AU$13))))","v":1000000000000},{"$f":"IF($D42<>\"Serviço\",0,IF(AND(AUTOEVENTO=\"Manual\",$M42=1),0,IF(OFFSET(CRONOPLE!$F$14,$M42,AV$13)=\"\",10^12,OFFSET(CRONOPLE!$F$14,$M42,AV$13))))","v":1000000000000},null,{"$f":"IF($D42<>\"Serviço\",0,IF(OR(AND(AUTOEVENTO=\"Manual\",$M42=1),$M42>(ROW(PLE.lastrow)-ROW(PLE.firstrow))),0,IF(OFFSET(PLE!$G$14,$M42,AX$13)=\"\",10^12,OFFSET(PLE!$G$14,$M42,AX$13))))","v":1000000000000},{"$f":"IF($D42<>\"Serviço\",0,IF(OR(AND(AUTOEVENTO=\"Manual\",$M42=1),$M42>(ROW(PLE.lastrow)-ROW(PLE.firstrow))),0,IF(OFFSET(PLE!$G$14,$M42,AY$13)=\"\",10^12,OFFSET(PLE!$G$14,$M42,AY$13))))","v":1000000000000},{"$f":"IF($D42<>\"Serviço\",0,IF(OR(AND(AUTOEVENTO=\"Manual\",$M42=1),$M42>(ROW(PLE.lastrow)-ROW(PLE.firstrow))),0,IF(OFFSET(PLE!$G$14,$M42,AZ$13)=\"\",10^12,OFFSET(PLE!$G$14,$M42,AZ$13))))","v":1000000000000},{"$f":"IF($D42<>\"Serviço\",0,IF(OR(AND(AUTOEVENTO=\"Manual\",$M42=1),$M42>(ROW(PLE.lastrow)-ROW(PLE.firstrow))),0,IF(OFFSET(PLE!$G$14,$M42,BA$13)=\"\",10^12,OFFSET(PLE!$G$14,$M42,BA$13))))","v":1000000000000},{"$f":"IF($D42<>\"Serviço\",0,IF(OR(AND(AUTOEVENTO=\"Manual\",$M42=1),$M42>(ROW(PLE.lastrow)-ROW(PLE.firstrow))),0,IF(OFFSET(PLE!$G$14,$M42,BB$13)=\"\",10^12,OFFSET(PLE!$G$14,$M42,BB$13))))","v":1000000000000},{"$f":"IF($D42<>\"Serviço\",0,IF(OR(AND(AUTOEVENTO=\"Manual\",$M42=1),$M42>(ROW(PLE.lastrow)-ROW(PLE.firstrow))),0,IF(OFFSET(PLE!$G$14,$M42,BC$13)=\"\",10^12,OFFSET(PLE!$G$14,$M42,BC$13))))","v":1000000000000},{"$f":"IF($D42<>\"Serviço\",0,IF(OR(AND(AUTOEVENTO=\"Manual\",$M42=1),$M42>(ROW(PLE.lastrow)-ROW(PLE.firstrow))),0,IF(OFFSET(PLE!$G$14,$M42,BD$13)=\"\",10^12,OFFSET(PLE!$G$14,$M42,BD$13))))","v":1000000000000},{"$f":"IF($D42<>\"Serviço\",0,IF(OR(AND(AUTOEVENTO=\"Manual\",$M42=1),$M42>(ROW(PLE.lastrow)-ROW(PLE.firstrow))),0,IF(OFFSET(PLE!$G$14,$M42,BE$13)=\"\",10^12,OFFSET(PLE!$G$14,$M42,BE$13))))","v":1000000000000},{"$f":"IF($D42<>\"Serviço\",0,IF(OR(AND(AUTOEVENTO=\"Manual\",$M42=1),$M42>(ROW(PLE.lastrow)-ROW(PLE.firstrow))),0,IF(OFFSET(PLE!$G$14,$M42,BF$13)=\"\",10^12,OFFSET(PLE!$G$14,$M42,BF$13))))","v":1000000000000},{"$f":"IF($D42<>\"Serviço\",0,IF(OR(AND(AUTOEVENTO=\"Manual\",$M42=1),$M42>(ROW(PLE.lastrow)-ROW(PLE.firstrow))),0,IF(OFFSET(PLE!$G$14,$M42,BG$13)=\"\",10^12,OFFSET(PLE!$G$14,$M42,BG$13))))","v":1000000000000}]
["24",{"$f":"OFFSET(ORÇAMENTO!C$15,ROW(B43)-ROW(B$15),0)","v":"S"},{"$f":"OFFSET(ORÇAMENTO!L$15,ROW(C43)-ROW(C$15),0)","v":"F"},{"$f":"OFFSET(ORÇAMENTO!N$15,ROW(D43)-ROW(D$15),0)","v":"Serviço"},{"$f":"OFFSET(ORÇAMENTO!O$15,ROW(E43)-ROW(E$15),0)","v":"1.3.1.0.3."},{"$f":"OFFSET(ORÇAMENTO!R$15,ROW(F43)-ROW(F$15),0)","v":"CONCRETAGEM DE SAPATA, FCK 30 MPA, COM USO DE BOMBA - LANÇAMENTO, ADENSAMENTO E ACABAMENTO. AF_01/2024"},{"$f":"IF($D43<>\"Serviço\",\"\",OFFSET(ORÇAMENTO!S$15,ROW(G43)-ROW(G$15),0))","v":"M3"},{"$f":"IF($D43<>\"Serviço\",0,IF(ACOMPANHAMENTO=\"BM\",ROUND(OFFSET(ORÇAMENTO!AJ$15,ROW(H43)-ROW(H$15),0),15-13*ORÇAMENTO!$AF$7),SUMPRODUCT(($Q$12:$AA$12<>\"\")*ROUND($Q43:$AA43,15-13*ORÇAMENTO!$AF$7))))","v":11.31},null,null,null,".",{"$f":"IF($D43<>\"Serviço\",\"\",IF(AUTOEVENTO=\"manual\",$A43,IF(ISERROR(MATCH($A43,$A$15:OFFSET($A43,-1,0),0)),MAX($M$15:OFFSET(M43,-1,0))+1,INDEX($M$15:OFFSET(M43,-1,0),MATCH($A43,$A$15:OFFSET($A43,-1,0),0)))))","v":4},{"$f":"IF($D43<>\"Serviço\",\"\",IF(AUTOEVENTO=\"Manual\",IF($A43=0,\"<-- defina o número do agrupador\",OFFSET(EVENTOS!$D$14,$A43,0)),OFFSET($F$15,$A43,0)))","v":"ESTRUTURAS"},null,null,null,null,null,null,null,null,null,null,null,null,null,{"$f":"IF(AND($D43=\"Serviço\",AB$12<>0,$H43>0,OR(AUTOEVENTO<>\"manual\",$M43<>1)),\nIF(Import.TipoArredondamento<>\"TransfereGOV\",\nROUND(OFFSET($P43,0,AB$13),15-13*ORÇAMENTO!$AF$7)/$H43*OFFSET(ORÇAMENTO!$X$15,ROW(AB43)-ROW(AB$15),0),\nROUND(ROUND(OFFSET($P43,0,AB$13),15-13*ORÇAMENTO!$AF$7)*OFFSET(ORÇAMENTO!$W$15,ROW(AB43)-ROW(AB$15),0),15-13*ORÇAMENTO!$AF$11)),0)","v":0},{"$f":"IF(AND($D43=\"Serviço\",AC$12<>0,$H43>0,OR(AUTOEVENTO<>\"manual\",$M43<>1)),\nIF(Import.TipoArredondamento<>\"TransfereGOV\",\nROUND(OFFSET($P43,0,AC$13),15-13*ORÇAMENTO!$AF$7)/$H43*OFFSET(ORÇAMENTO!$X$15,ROW(AC43)-ROW(AC$15),0),\nROUND(ROUND(OFFSET($P43,0,AC$13),15-13*ORÇAMENTO!$AF$7)*OFFSET(ORÇAMENTO!$W$15,ROW(AC43)-ROW(AC$15),0),15-13*ORÇAMENTO!$AF$11)),0)","v":0},{"$f":"IF(AND($D43=\"Serviço\",AD$12<>0,$H43>0,OR(AUTOEVENTO<>\"manual\",$M43<>1)),\nIF(Import.TipoArredondamento<>\"TransfereGOV\",\nROUND(OFFSET($P43,0,AD$13),15-13*ORÇAMENTO!$AF$7)/$H43*OFFSET(ORÇAMENTO!$X$15,ROW(AD43)-ROW(AD$15),0),\nROUND(ROUND(OFFSET($P43,0,AD$13),15-13*ORÇAMENTO!$AF$7)*OFFSET(ORÇAMENTO!$W$15,ROW(AD43)-ROW(AD$15),0),15-13*ORÇAMENTO!$AF$11)),0)","v":0},{"$f":"IF(AND($D43=\"Serviço\",AE$12<>0,$H43>0,OR(AUTOEVENTO<>\"manual\",$M43<>1)),\nIF(Import.TipoArredondamento<>\"TransfereGOV\",\nROUND(OFFSET($P43,0,AE$13),15-13*ORÇAMENTO!$AF$7)/$H43*OFFSET(ORÇAMENTO!$X$15,ROW(AE43)-ROW(AE$15),0),\nROUND(ROUND(OFFSET($P43,0,AE$13),15-13*ORÇAMENTO!$AF$7)*OFFSET(ORÇAMENTO!$W$15,ROW(AE43)-ROW(AE$15),0),15-13*ORÇAMENTO!$AF$11)),0)","v":0},{"$f":"IF(AND($D43=\"Serviço\",AF$12<>0,$H43>0,OR(AUTOEVENTO<>\"manual\",$M43<>1)),\nIF(Import.TipoArredondamento<>\"TransfereGOV\",\nROUND(OFFSET($P43,0,AF$13),15-13*ORÇAMENTO!$AF$7)/$H43*OFFSET(ORÇAMENTO!$X$15,ROW(AF43)-ROW(AF$15),0),\nROUND(ROUND(OFFSET($P43,0,AF$13),15-13*ORÇAMENTO!$AF$7)*OFFSET(ORÇAMENTO!$W$15,ROW(AF43)-ROW(AF$15),0),15-13*ORÇAMENTO!$AF$11)),0)","v":0},{"$f":"IF(AND($D43=\"Serviço\",AG$12<>0,$H43>0,OR(AUTOEVENTO<>\"manual\",$M43<>1)),\nIF(Import.TipoArredondamento<>\"TransfereGOV\",\nROUND(OFFSET($P43,0,AG$13),15-13*ORÇAMENTO!$AF$7)/$H43*OFFSET(ORÇAMENTO!$X$15,ROW(AG43)-ROW(AG$15),0),\nROUND(ROUND(OFFSET($P43,0,AG$13),15-13*ORÇAMENTO!$AF$7)*OFFSET(ORÇAMENTO!$W$15,ROW(AG43)-ROW(AG$15),0),15-13*ORÇAMENTO!$AF$11)),0)","v":0},{"$f":"IF(AND($D43=\"Serviço\",AH$12<>0,$H43>0,OR(AUTOEVENTO<>\"manual\",$M43<>1)),\nIF(Import.TipoArredondamento<>\"TransfereGOV\",\nROUND(OFFSET($P43,0,AH$13),15-13*ORÇAMENTO!$AF$7)/$H43*OFFSET(ORÇAMENTO!$X$15,ROW(AH43)-ROW(AH$15),0),\nROUND(ROUND(OFFSET($P43,0,AH$13),15-13*ORÇAMENTO!$AF$7)*OFFSET(ORÇAMENTO!$W$15,ROW(AH43)-ROW(AH$15),0),15-13*ORÇAMENTO!$AF$11)),0)","v":0},{"$f":"IF(AND($D43=\"Serviço\",AI$12<>0,$H43>0,OR(AUTOEVENTO<>\"manual\",$M43<>1)),\nIF(Import.TipoArredondamento<>\"TransfereGOV\",\nROUND(OFFSET($P43,0,AI$13),15-13*ORÇAMENTO!$AF$7)/$H43*OFFSET(ORÇAMENTO!$X$15,ROW(AI43)-ROW(AI$15),0),\nROUND(ROUND(OFFSET($P43,0,AI$13),15-13*ORÇAMENTO!$AF$7)*OFFSET(ORÇAMENTO!$W$15,ROW(AI43)-ROW(AI$15),0),15-13*ORÇAMENTO!$AF$11)),0)","v":0},{"$f":"IF(AND($D43=\"Serviço\",AJ$12<>0,$H43>0,OR(AUTOEVENTO<>\"manual\",$M43<>1)),\nIF(Import.TipoArredondamento<>\"TransfereGOV\",\nROUND(OFFSET($P43,0,AJ$13),15-13*ORÇAMENTO!$AF$7)/$H43*OFFSET(ORÇAMENTO!$X$15,ROW(AJ43)-ROW(AJ$15),0),\nROUND(ROUND(OFFSET($P43,0,AJ$13),15-13*ORÇAMENTO!$AF$7)*OFFSET(ORÇAMENTO!$W$15,ROW(AJ43)-ROW(AJ$15),0),15-13*ORÇAMENTO!$AF$11)),0)","v":0},{"$f":"IF(AND($D43=\"Serviço\",AK$12<>0,$H43>0,OR(AUTOEVENTO<>\"manual\",$M43<>1)),\nIF(Import.TipoArredondamento<>\"TransfereGOV\",\nROUND(OFFSET($P43,0,AK$13),15-13*ORÇAMENTO!$AF$7)/$H43*OFFSET(ORÇAMENTO!$X$15,ROW(AK43)-ROW(AK$15),0),\nROUND(ROUND(OFFSET($P43,0,AK$13),15-13*ORÇAMENTO!$AF$7)*OFFSET(ORÇAMENTO!$W$15,ROW(AK43)-ROW(AK$15),0),15-13*ORÇAMENTO!$AF$11)),0)","v":0},null,{"$f":"IF($D43<>\"Serviço\",0,IF(AND(AUTOEVENTO=\"Manual\",$M43=1),0,IF(OFFSET(CRONOPLE!$F$14,$M43,AM$13)=\"\",10^12,OFFSET(CRONOPLE!$F$14,$M43,AM$13))))","v":1000000000000},{"$f":"IF($D43<>\"Serviço\",0,IF(AND(AUTOEVENTO=\"Manual\",$M43=1),0,IF(OFFSET(CRONOPLE!$F$14,$M43,AN$13)=\"\",10^12,OFFSET(CRONOPLE!$F$14,$M43,AN$13))))","v":1000000000000},{"$f":"IF($D43<>\"Serviço\",0,IF(AND(AUTOEVENTO=\"Manual\",$M43=1),0,IF(OFFSET(CRONOPLE!$F$14,$M43,AO$13)=\"\",10^12,OFFSET(CRONOPLE!$F$14,$M43,AO$13))))","v":1000000000000},{"$f":"IF($D43<>\"Serviço\",0,IF(AND(AUTOEVENTO=\"Manual\",$M43=1),0,IF(OFFSET(CRONOPLE!$F$14,$M43,AP$13)=\"\",10^12,OFFSET(CRONOPLE!$F$14,$M43,AP$13))))","v":1000000000000},{"$f":"IF($D43<>\"Serviço\",0,IF(AND(AUTOEVENTO=\"Manual\",$M43=1),0,IF(OFFSET(CRONOPLE!$F$14,$M43,AQ$13)=\"\",10^12,OFFSET(CRONOPLE!$F$14,$M43,AQ$13))))","v":1000000000000},{"$f":"IF($D43<>\"Serviço\",0,IF(AND(AUTOEVENTO=\"Manual\",$M43=1),0,IF(OFFSET(CRONOPLE!$F$14,$M43,AR$13)=\"\",10^12,OFFSET(CRONOPLE!$F$14,$M43,AR$13))))","v":1000000000000},{"$f":"IF($D43<>\"Serviço\",0,IF(AND(AUTOEVENTO=\"Manual\",$M43=1),0,IF(OFFSET(CRONOPLE!$F$14,$M43,AS$13)=\"\",10^12,OFFSET(CRONOPLE!$F$14,$M43,AS$13))))","v":1000000000000},{"$f":"IF($D43<>\"Serviço\",0,IF(AND(AUTOEVENTO=\"Manual\",$M43=1),0,IF(OFFSET(CRONOPLE!$F$14,$M43,AT$13)=\"\",10^12,OFFSET(CRONOPLE!$F$14,$M43,AT$13))))","v":1000000000000},{"$f":"IF($D43<>\"Serviço\",0,IF(AND(AUTOEVENTO=\"Manual\",$M43=1),0,IF(OFFSET(CRONOPLE!$F$14,$M43,AU$13)=\"\",10^12,OFFSET(CRONOPLE!$F$14,$M43,AU$13))))","v":1000000000000},{"$f":"IF($D43<>\"Serviço\",0,IF(AND(AUTOEVENTO=\"Manual\",$M43=1),0,IF(OFFSET(CRONOPLE!$F$14,$M43,AV$13)=\"\",10^12,OFFSET(CRONOPLE!$F$14,$M43,AV$13))))","v":1000000000000},null,{"$f":"IF($D43<>\"Serviço\",0,IF(OR(AND(AUTOEVENTO=\"Manual\",$M43=1),$M43>(ROW(PLE.lastrow)-ROW(PLE.firstrow))),0,IF(OFFSET(PLE!$G$14,$M43,AX$13)=\"\",10^12,OFFSET(PLE!$G$14,$M43,AX$13))))","v":1000000000000},{"$f":"IF($D43<>\"Serviço\",0,IF(OR(AND(AUTOEVENTO=\"Manual\",$M43=1),$M43>(ROW(PLE.lastrow)-ROW(PLE.firstrow))),0,IF(OFFSET(PLE!$G$14,$M43,AY$13)=\"\",10^12,OFFSET(PLE!$G$14,$M43,AY$13))))","v":1000000000000},{"$f":"IF($D43<>\"Serviço\",0,IF(OR(AND(AUTOEVENTO=\"Manual\",$M43=1),$M43>(ROW(PLE.lastrow)-ROW(PLE.firstrow))),0,IF(OFFSET(PLE!$G$14,$M43,AZ$13)=\"\",10^12,OFFSET(PLE!$G$14,$M43,AZ$13))))","v":1000000000000},{"$f":"IF($D43<>\"Serviço\",0,IF(OR(AND(AUTOEVENTO=\"Manual\",$M43=1),$M43>(ROW(PLE.lastrow)-ROW(PLE.firstrow))),0,IF(OFFSET(PLE!$G$14,$M43,BA$13)=\"\",10^12,OFFSET(PLE!$G$14,$M43,BA$13))))","v":1000000000000},{"$f":"IF($D43<>\"Serviço\",0,IF(OR(AND(AUTOEVENTO=\"Manual\",$M43=1),$M43>(ROW(PLE.lastrow)-ROW(PLE.firstrow))),0,IF(OFFSET(PLE!$G$14,$M43,BB$13)=\"\",10^12,OFFSET(PLE!$G$14,$M43,BB$13))))","v":1000000000000},{"$f":"IF($D43<>\"Serviço\",0,IF(OR(AND(AUTOEVENTO=\"Manual\",$M43=1),$M43>(ROW(PLE.lastrow)-ROW(PLE.firstrow))),0,IF(OFFSET(PLE!$G$14,$M43,BC$13)=\"\",10^12,OFFSET(PLE!$G$14,$M43,BC$13))))","v":1000000000000},{"$f":"IF($D43<>\"Serviço\",0,IF(OR(AND(AUTOEVENTO=\"Manual\",$M43=1),$M43>(ROW(PLE.lastrow)-ROW(PLE.firstrow))),0,IF(OFFSET(PLE!$G$14,$M43,BD$13)=\"\",10^12,OFFSET(PLE!$G$14,$M43,BD$13))))","v":1000000000000},{"$f":"IF($D43<>\"Serviço\",0,IF(OR(AND(AUTOEVENTO=\"Manual\",$M43=1),$M43>(ROW(PLE.lastrow)-ROW(PLE.firstrow))),0,IF(OFFSET(PLE!$G$14,$M43,BE$13)=\"\",10^12,OFFSET(PLE!$G$14,$M43,BE$13))))","v":1000000000000},{"$f":"IF($D43<>\"Serviço\",0,IF(OR(AND(AUTOEVENTO=\"Manual\",$M43=1),$M43>(ROW(PLE.lastrow)-ROW(PLE.firstrow))),0,IF(OFFSET(PLE!$G$14,$M43,BF$13)=\"\",10^12,OFFSET(PLE!$G$14,$M43,BF$13))))","v":1000000000000},{"$f":"IF($D43<>\"Serviço\",0,IF(OR(AND(AUTOEVENTO=\"Manual\",$M43=1),$M43>(ROW(PLE.lastrow)-ROW(PLE.firstrow))),0,IF(OFFSET(PLE!$G$14,$M43,BG$13)=\"\",10^12,OFFSET(PLE!$G$14,$M43,BG$13))))","v":1000000000000}]
["24",{"$f":"OFFSET(ORÇAMENTO!C$15,ROW(B44)-ROW(B$15),0)","v":3},{"$f":"OFFSET(ORÇAMENTO!L$15,ROW(C44)-ROW(C$15),0)","v":"F"},{"$f":"OFFSET(ORÇAMENTO!N$15,ROW(D44)-ROW(D$15),0)","v":"Nível 3"},{"$f":"OFFSET(ORÇAMENTO!O$15,ROW(E44)-ROW(E$15),0)","v":"1.3.2."},{"$f":"OFFSET(ORÇAMENTO!R$15,ROW(F44)-ROW(F$15),0)","v":"BALDRAMES"},{"$f":"IF($D44<>\"Serviço\",\"\",OFFSET(ORÇAMENTO!S$15,ROW(G44)-ROW(G$15),0))","v":""},{"$f":"IF($D44<>\"Serviço\",0,IF(ACOMPANHAMENTO=\"BM\",ROUND(OFFSET(ORÇAMENTO!AJ$15,ROW(H44)-ROW(H$15),0),15-13*ORÇAMENTO!$AF$7),SUMPRODUCT(($Q$12:$AA$12<>\"\")*ROUND($Q44:$AA44,15-13*ORÇAMENTO!$AF$7))))","v":0},null,null,null,".",{"$f":"IF($D44<>\"Serviço\",\"\",IF(AUTOEVENTO=\"manual\",$A44,IF(ISERROR(MATCH($A44,$A$15:OFFSET($A44,-1,0),0)),MAX($M$15:OFFSET(M44,-1,0))+1,INDEX($M$15:OFFSET(M44,-1,0),MATCH($A44,$A$15:OFFSET($A44,-1,0),0)))))","v":""},{"$f":"IF($D44<>\"Serviço\",\"\",IF(AUTOEVENTO=\"Manual\",IF($A44=0,\"<-- defina o número do agrupador\",OFFSET(EVENTOS!$D$14,$A44,0)),OFFSET($F$15,$A44,0)))","v":""},null,null,null,null,null,null,null,null,null,null,null,null,null,{"$f":"IF(AND($D44=\"Serviço\",AB$12<>0,$H44>0,OR(AUTOEVENTO<>\"manual\",$M44<>1)),\nIF(Import.TipoArredondamento<>\"TransfereGOV\",\nROUND(OFFSET($P44,0,AB$13),15-13*ORÇAMENTO!$AF$7)/$H44*OFFSET(ORÇAMENTO!$X$15,ROW(AB44)-ROW(AB$15),0),\nROUND(ROUND(OFFSET($P44,0,AB$13),15-13*ORÇAMENTO!$AF$7)*OFFSET(ORÇAMENTO!$W$15,ROW(AB44)-ROW(AB$15),0),15-13*ORÇAMENTO!$AF$11)),0)","v":0},{"$f":"IF(AND($D44=\"Serviço\",AC$12<>0,$H44>0,OR(AUTOEVENTO<>\"manual\",$M44<>1)),\nIF(Import.TipoArredondamento<>\"TransfereGOV\",\nROUND(OFFSET($P44,0,AC$13),15-13*ORÇAMENTO!$AF$7)/$H44*OFFSET(ORÇAMENTO!$X$15,ROW(AC44)-ROW(AC$15),0),\nROUND(ROUND(OFFSET($P44,0,AC$13),15-13*ORÇAMENTO!$AF$7)*OFFSET(ORÇAMENTO!$W$15,ROW(AC44)-ROW(AC$15),0),15-13*ORÇAMENTO!$AF$11)),0)","v":0},{"$f":"IF(AND($D44=\"Serviço\",AD$12<>0,$H44>0,OR(AUTOEVENTO<>\"manual\",$M44<>1)),\nIF(Import.TipoArredondamento<>\"TransfereGOV\",\nROUND(OFFSET($P44,0,AD$13),15-13*ORÇAMENTO!$AF$7)/$H44*OFFSET(ORÇAMENTO!$X$15,ROW(AD44)-ROW(AD$15),0),\nROUND(ROUND(OFFSET($P44,0,AD$13),15-13*ORÇAMENTO!$AF$7)*OFFSET(ORÇAMENTO!$W$15,ROW(AD44)-ROW(AD$15),0),15-13*ORÇAMENTO!$AF$11)),0)","v":0},{"$f":"IF(AND($D44=\"Serviço\",AE$12<>0,$H44>0,OR(AUTOEVENTO<>\"manual\",$M44<>1)),\nIF(Import.TipoArredondamento<>\"TransfereGOV\",\nROUND(OFFSET($P44,0,AE$13),15-13*ORÇAMENTO!$AF$7)/$H44*OFFSET(ORÇAMENTO!$X$15,ROW(AE44)-ROW(AE$15),0),\nROUND(ROUND(OFFSET($P44,0,AE$13),15-13*ORÇAMENTO!$AF$7)*OFFSET(ORÇAMENTO!$W$15,ROW(AE44)-ROW(AE$15),0),15-13*ORÇAMENTO!$AF$11)),0)","v":0},{"$f":"IF(AND($D44=\"Serviço\",AF$12<>0,$H44>0,OR(AUTOEVENTO<>\"manual\",$M44<>1)),\nIF(Import.TipoArredondamento<>\"TransfereGOV\",\nROUND(OFFSET($P44,0,AF$13),15-13*ORÇAMENTO!$AF$7)/$H44*OFFSET(ORÇAMENTO!$X$15,ROW(AF44)-ROW(AF$15),0),\nROUND(ROUND(OFFSET($P44,0,AF$13),15-13*ORÇAMENTO!$AF$7)*OFFSET(ORÇAMENTO!$W$15,ROW(AF44)-ROW(AF$15),0),15-13*ORÇAMENTO!$AF$11)),0)","v":0},{"$f":"IF(AND($D44=\"Serviço\",AG$12<>0,$H44>0,OR(AUTOEVENTO<>\"manual\",$M44<>1)),\nIF(Import.TipoArredondamento<>\"TransfereGOV\",\nROUND(OFFSET($P44,0,AG$13),15-13*ORÇAMENTO!$AF$7)/$H44*OFFSET(ORÇAMENTO!$X$15,ROW(AG44)-ROW(AG$15),0),\nROUND(ROUND(OFFSET($P44,0,AG$13),15-13*ORÇAMENTO!$AF$7)*OFFSET(ORÇAMENTO!$W$15,ROW(AG44)-ROW(AG$15),0),15-13*ORÇAMENTO!$AF$11)),0)","v":0},{"$f":"IF(AND($D44=\"Serviço\",AH$12<>0,$H44>0,OR(AUTOEVENTO<>\"manual\",$M44<>1)),\nIF(Import.TipoArredondamento<>\"TransfereGOV\",\nROUND(OFFSET($P44,0,AH$13),15-13*ORÇAMENTO!$AF$7)/$H44*OFFSET(ORÇAMENTO!$X$15,ROW(AH44)-ROW(AH$15),0),\nROUND(ROUND(OFFSET($P44,0,AH$13),15-13*ORÇAMENTO!$AF$7)*OFFSET(ORÇAMENTO!$W$15,ROW(AH44)-ROW(AH$15),0),15-13*ORÇAMENTO!$AF$11)),0)","v":0},{"$f":"IF(AND($D44=\"Serviço\",AI$12<>0,$H44>0,OR(AUTOEVENTO<>\"manual\",$M44<>1)),\nIF(Import.TipoArredondamento<>\"TransfereGOV\",\nROUND(OFFSET($P44,0,AI$13),15-13*ORÇAMENTO!$AF$7)/$H44*OFFSET(ORÇAMENTO!$X$15,ROW(AI44)-ROW(AI$15),0),\nROUND(ROUND(OFFSET($P44,0,AI$13),15-13*ORÇAMENTO!$AF$7)*OFFSET(ORÇAMENTO!$W$15,ROW(AI44)-ROW(AI$15),0),15-13*ORÇAMENTO!$AF$11)),0)","v":0},{"$f":"IF(AND($D44=\"Serviço\",AJ$12<>0,$H44>0,OR(AUTOEVENTO<>\"manual\",$M44<>1)),\nIF(Import.TipoArredondamento<>\"TransfereGOV\",\nROUND(OFFSET($P44,0,AJ$13),15-13*ORÇAMENTO!$AF$7)/$H44*OFFSET(ORÇAMENTO!$X$15,ROW(AJ44)-ROW(AJ$15),0),\nROUND(ROUND(OFFSET($P44,0,AJ$13),15-13*ORÇAMENTO!$AF$7)*OFFSET(ORÇAMENTO!$W$15,ROW(AJ44)-ROW(AJ$15),0),15-13*ORÇAMENTO!$AF$11)),0)","v":0},{"$f":"IF(AND($D44=\"Serviço\",AK$12<>0,$H44>0,OR(AUTOEVENTO<>\"manual\",$M44<>1)),\nIF(Import.TipoArredondamento<>\"TransfereGOV\",\nROUND(OFFSET($P44,0,AK$13),15-13*ORÇAMENTO!$AF$7)/$H44*OFFSET(ORÇAMENTO!$X$15,ROW(AK44)-ROW(AK$15),0),\nROUND(ROUND(OFFSET($P44,0,AK$13),15-13*ORÇAMENTO!$AF$7)*OFFSET(ORÇAMENTO!$W$15,ROW(AK44)-ROW(AK$15),0),15-13*ORÇAMENTO!$AF$11)),0)","v":0},null,{"$f":"IF($D44<>\"Serviço\",0,IF(AND(AUTOEVENTO=\"Manual\",$M44=1),0,IF(OFFSET(CRONOPLE!$F$14,$M44,AM$13)=\"\",10^12,OFFSET(CRONOPLE!$F$14,$M44,AM$13))))","v":0},{"$f":"IF($D44<>\"Serviço\",0,IF(AND(AUTOEVENTO=\"Manual\",$M44=1),0,IF(OFFSET(CRONOPLE!$F$14,$M44,AN$13)=\"\",10^12,OFFSET(CRONOPLE!$F$14,$M44,AN$13))))","v":0},{"$f":"IF($D44<>\"Serviço\",0,IF(AND(AUTOEVENTO=\"Manual\",$M44=1),0,IF(OFFSET(CRONOPLE!$F$14,$M44,AO$13)=\"\",10^12,OFFSET(CRONOPLE!$F$14,$M44,AO$13))))","v":0},{"$f":"IF($D44<>\"Serviço\",0,IF(AND(AUTOEVENTO=\"Manual\",$M44=1),0,IF(OFFSET(CRONOPLE!$F$14,$M44,AP$13)=\"\",10^12,OFFSET(CRONOPLE!$F$14,$M44,AP$13))))","v":0},{"$f":"IF($D44<>\"Serviço\",0,IF(AND(AUTOEVENTO=\"Manual\",$M44=1),0,IF(OFFSET(CRONOPLE!$F$14,$M44,AQ$13)=\"\",10^12,OFFSET(CRONOPLE!$F$14,$M44,AQ$13))))","v":0},{"$f":"IF($D44<>\"Serviço\",0,IF(AND(AUTOEVENTO=\"Manual\",$M44=1),0,IF(OFFSET(CRONOPLE!$F$14,$M44,AR$13)=\"\",10^12,OFFSET(CRONOPLE!$F$14,$M44,AR$13))))","v":0},{"$f":"IF($D44<>\"Serviço\",0,IF(AND(AUTOEVENTO=\"Manual\",$M44=1),0,IF(OFFSET(CRONOPLE!$F$14,$M44,AS$13)=\"\",10^12,OFFSET(CRONOPLE!$F$14,$M44,AS$13))))","v":0},{"$f":"IF($D44<>\"Serviço\",0,IF(AND(AUTOEVENTO=\"Manual\",$M44=1),0,IF(OFFSET(CRONOPLE!$F$14,$M44,AT$13)=\"\",10^12,OFFSET(CRONOPLE!$F$14,$M44,AT$13))))","v":0},{"$f":"IF($D44<>\"Serviço\",0,IF(AND(AUTOEVENTO=\"Manual\",$M44=1),0,IF(OFFSET(CRONOPLE!$F$14,$M44,AU$13)=\"\",10^12,OFFSET(CRONOPLE!$F$14,$M44,AU$13))))","v":0},{"$f":"IF($D44<>\"Serviço\",0,IF(AND(AUTOEVENTO=\"Manual\",$M44=1),0,IF(OFFSET(CRONOPLE!$F$14,$M44,AV$13)=\"\",10^12,OFFSET(CRONOPLE!$F$14,$M44,AV$13))))","v":0},null,{"$f":"IF($D44<>\"Serviço\",0,IF(OR(AND(AUTOEVENTO=\"Manual\",$M44=1),$M44>(ROW(PLE.lastrow)-ROW(PLE.firstrow))),0,IF(OFFSET(PLE!$G$14,$M44,AX$13)=\"\",10^12,OFFSET(PLE!$G$14,$M44,AX$13))))","v":0},{"$f":"IF($D44<>\"Serviço\",0,IF(OR(AND(AUTOEVENTO=\"Manual\",$M44=1),$M44>(ROW(PLE.lastrow)-ROW(PLE.firstrow))),0,IF(OFFSET(PLE!$G$14,$M44,AY$13)=\"\",10^12,OFFSET(PLE!$G$14,$M44,AY$13))))","v":0},{"$f":"IF($D44<>\"Serviço\",0,IF(OR(AND(AUTOEVENTO=\"Manual\",$M44=1),$M44>(ROW(PLE.lastrow)-ROW(PLE.firstrow))),0,IF(OFFSET(PLE!$G$14,$M44,AZ$13)=\"\",10^12,OFFSET(PLE!$G$14,$M44,AZ$13))))","v":0},{"$f":"IF($D44<>\"Serviço\",0,IF(OR(AND(AUTOEVENTO=\"Manual\",$M44=1),$M44>(ROW(PLE.lastrow)-ROW(PLE.firstrow))),0,IF(OFFSET(PLE!$G$14,$M44,BA$13)=\"\",10^12,OFFSET(PLE!$G$14,$M44,BA$13))))","v":0},{"$f":"IF($D44<>\"Serviço\",0,IF(OR(AND(AUTOEVENTO=\"Manual\",$M44=1),$M44>(ROW(PLE.lastrow)-ROW(PLE.firstrow))),0,IF(OFFSET(PLE!$G$14,$M44,BB$13)=\"\",10^12,OFFSET(PLE!$G$14,$M44,BB$13))))","v":0},{"$f":"IF($D44<>\"Serviço\",0,IF(OR(AND(AUTOEVENTO=\"Manual\",$M44=1),$M44>(ROW(PLE.lastrow)-ROW(PLE.firstrow))),0,IF(OFFSET(PLE!$G$14,$M44,BC$13)=\"\",10^12,OFFSET(PLE!$G$14,$M44,BC$13))))","v":0},{"$f":"IF($D44<>\"Serviço\",0,IF(OR(AND(AUTOEVENTO=\"Manual\",$M44=1),$M44>(ROW(PLE.lastrow)-ROW(PLE.firstrow))),0,IF(OFFSET(PLE!$G$14,$M44,BD$13)=\"\",10^12,OFFSET(PLE!$G$14,$M44,BD$13))))","v":0},{"$f":"IF($D44<>\"Serviço\",0,IF(OR(AND(AUTOEVENTO=\"Manual\",$M44=1),$M44>(ROW(PLE.lastrow)-ROW(PLE.firstrow))),0,IF(OFFSET(PLE!$G$14,$M44,BE$13)=\"\",10^12,OFFSET(PLE!$G$14,$M44,BE$13))))","v":0},{"$f":"IF($D44<>\"Serviço\",0,IF(OR(AND(AUTOEVENTO=\"Manual\",$M44=1),$M44>(ROW(PLE.lastrow)-ROW(PLE.firstrow))),0,IF(OFFSET(PLE!$G$14,$M44,BF$13)=\"\",10^12,OFFSET(PLE!$G$14,$M44,BF$13))))","v":0},{"$f":"IF($D44<>\"Serviço\",0,IF(OR(AND(AUTOEVENTO=\"Manual\",$M44=1),$M44>(ROW(PLE.lastrow)-ROW(PLE.firstrow))),0,IF(OFFSET(PLE!$G$14,$M44,BG$13)=\"\",10^12,OFFSET(PLE!$G$14,$M44,BG$13))))","v":0}]
["24",{"$f":"OFFSET(ORÇAMENTO!C$15,ROW(B45)-ROW(B$15),0)","v":"S"},{"$f":"OFFSET(ORÇAMENTO!L$15,ROW(C45)-ROW(C$15),0)","v":"F"},{"$f":"OFFSET(ORÇAMENTO!N$15,ROW(D45)-ROW(D$15),0)","v":"Serviço"},{"$f":"OFFSET(ORÇAMENTO!O$15,ROW(E45)-ROW(E$15),0)","v":"1.3.2.0.1."},{"$f":"OFFSET(ORÇAMENTO!R$15,ROW(F45)-ROW(F$15),0)","v":"FABRICAÇÃO, MONTAGEM E DESMONTAGEM DE FÔRMA PARA VIGA BALDRAME, EM MADEIRA SERRADA, E=25 MM, 4 UTILIZAÇÕES. AF_01/2024"},{"$f":"IF($D45<>\"Serviço\",\"\",OFFSET(ORÇAMENTO!S$15,ROW(G45)-ROW(G$15),0))","v":"M2"},{"$f":"IF($D45<>\"Serviço\",0,IF(ACOMPANHAMENTO=\"BM\",ROUND(OFFSET(ORÇAMENTO!AJ$15,ROW(H45)-ROW(H$15),0),15-13*ORÇAMENTO!$AF$7),SUMPRODUCT(($Q$12:$AA$12<>\"\")*ROUND($Q45:$AA45,15-13*ORÇAMENTO!$AF$7))))","v":39.43},null,null,null,".",{"$f":"IF($D45<>\"Serviço\",\"\",IF(AUTOEVENTO=\"manual\",$A45,IF(ISERROR(MATCH($A45,$A$15:OFFSET($A45,-1,0),0)),MAX($M$15:OFFSET(M45,-1,0))+1,INDEX($M$15:OFFSET(M45,-1,0),MATCH($A45,$A$15:OFFSET($A45,-1,0),0)))))","v":4},{"$f":"IF($D45<>\"Serviço\",\"\",IF(AUTOEVENTO=\"Manual\",IF($A45=0,\"<-- defina o número do agrupador\",OFFSET(EVENTOS!$D$14,$A45,0)),OFFSET($F$15,$A45,0)))","v":"ESTRUTURAS"},null,null,null,null,null,null,null,null,null,null,null,null,null,{"$f":"IF(AND($D45=\"Serviço\",AB$12<>0,$H45>0,OR(AUTOEVENTO<>\"manual\",$M45<>1)),\nIF(Import.TipoArredondamento<>\"TransfereGOV\",\nROUND(OFFSET($P45,0,AB$13),15-13*ORÇAMENTO!$AF$7)/$H45*OFFSET(ORÇAMENTO!$X$15,ROW(AB45)-ROW(AB$15),0),\nROUND(ROUND(OFFSET($P45,0,AB$13),15-13*ORÇAMENTO!$AF$7)*OFFSET(ORÇAMENTO!$W$15,ROW(AB45)-ROW(AB$15),0),15-13*ORÇAMENTO!$AF$11)),0)","v":0},{"$f":"IF(AND($D45=\"Serviço\",AC$12<>0,$H45>0,OR(AUTOEVENTO<>\"manual\",$M45<>1)),\nIF(Import.TipoArredondamento<>\"TransfereGOV\",\nROUND(OFFSET($P45,0,AC$13),15-13*ORÇAMENTO!$AF$7)/$H45*OFFSET(ORÇAMENTO!$X$15,ROW(AC45)-ROW(AC$15),0),\nROUND(ROUND(OFFSET($P45,0,AC$13),15-13*ORÇAMENTO!$AF$7)*OFFSET(ORÇAMENTO!$W$15,ROW(AC45)-ROW(AC$15),0),15-13*ORÇAMENTO!$AF$11)),0)","v":0},{"$f":"IF(AND($D45=\"Serviço\",AD$12<>0,$H45>0,OR(AUTOEVENTO<>\"manual\",$M45<>1)),\nIF(Import.TipoArredondamento<>\"TransfereGOV\",\nROUND(OFFSET($P45,0,AD$13),15-13*ORÇAMENTO!$AF$7)/$H45*OFFSET(ORÇAMENTO!$X$15,ROW(AD45)-ROW(AD$15),0),\nROUND(ROUND(OFFSET($P45,0,AD$13),15-13*ORÇAMENTO!$AF$7)*OFFSET(ORÇAMENTO!$W$15,ROW(AD45)-ROW(AD$15),0),15-13*ORÇAMENTO!$AF$11)),0)","v":0},{"$f":"IF(AND($D45=\"Serviço\",AE$12<>0,$H45>0,OR(AUTOEVENTO<>\"manual\",$M45<>1)),\nIF(Import.TipoArredondamento<>\"TransfereGOV\",\nROUND(OFFSET($P45,0,AE$13),15-13*ORÇAMENTO!$AF$7)/$H45*OFFSET(ORÇAMENTO!$X$15,ROW(AE45)-ROW(AE$15),0),\nROUND(ROUND(OFFSET($P45,0,AE$13),15-13*ORÇAMENTO!$AF$7)*OFFSET(ORÇAMENTO!$W$15,ROW(AE45)-ROW(AE$15),0),15-13*ORÇAMENTO!$AF$11)),0)","v":0},{"$f":"IF(AND($D45=\"Serviço\",AF$12<>0,$H45>0,OR(AUTOEVENTO<>\"manual\",$M45<>1)),\nIF(Import.TipoArredondamento<>\"TransfereGOV\",\nROUND(OFFSET($P45,0,AF$13),15-13*ORÇAMENTO!$AF$7)/$H45*OFFSET(ORÇAMENTO!$X$15,ROW(AF45)-ROW(AF$15),0),\nROUND(ROUND(OFFSET($P45,0,AF$13),15-13*ORÇAMENTO!$AF$7)*OFFSET(ORÇAMENTO!$W$15,ROW(AF45)-ROW(AF$15),0),15-13*ORÇAMENTO!$AF$11)),0)","v":0},{"$f":"IF(AND($D45=\"Serviço\",AG$12<>0,$H45>0,OR(AUTOEVENTO<>\"manual\",$M45<>1)),\nIF(Import.TipoArredondamento<>\"TransfereGOV\",\nROUND(OFFSET($P45,0,AG$13),15-13*ORÇAMENTO!$AF$7)/$H45*OFFSET(ORÇAMENTO!$X$15,ROW(AG45)-ROW(AG$15),0),\nROUND(ROUND(OFFSET($P45,0,AG$13),15-13*ORÇAMENTO!$AF$7)*OFFSET(ORÇAMENTO!$W$15,ROW(AG45)-ROW(AG$15),0),15-13*ORÇAMENTO!$AF$11)),0)","v":0},{"$f":"IF(AND($D45=\"Serviço\",AH$12<>0,$H45>0,OR(AUTOEVENTO<>\"manual\",$M45<>1)),\nIF(Import.TipoArredondamento<>\"TransfereGOV\",\nROUND(OFFSET($P45,0,AH$13),15-13*ORÇAMENTO!$AF$7)/$H45*OFFSET(ORÇAMENTO!$X$15,ROW(AH45)-ROW(AH$15),0),\nROUND(ROUND(OFFSET($P45,0,AH$13),15-13*ORÇAMENTO!$AF$7)*OFFSET(ORÇAMENTO!$W$15,ROW(AH45)-ROW(AH$15),0),15-13*ORÇAMENTO!$AF$11)),0)","v":0},{"$f":"IF(AND($D45=\"Serviço\",AI$12<>0,$H45>0,OR(AUTOEVENTO<>\"manual\",$M45<>1)),\nIF(Import.TipoArredondamento<>\"TransfereGOV\",\nROUND(OFFSET($P45,0,AI$13),15-13*ORÇAMENTO!$AF$7)/$H45*OFFSET(ORÇAMENTO!$X$15,ROW(AI45)-ROW(AI$15),0),\nROUND(ROUND(OFFSET($P45,0,AI$13),15-13*ORÇAMENTO!$AF$7)*OFFSET(ORÇAMENTO!$W$15,ROW(AI45)-ROW(AI$15),0),15-13*ORÇAMENTO!$AF$11)),0)","v":0},{"$f":"IF(AND($D45=\"Serviço\",AJ$12<>0,$H45>0,OR(AUTOEVENTO<>\"manual\",$M45<>1)),\nIF(Import.TipoArredondamento<>\"TransfereGOV\",\nROUND(OFFSET($P45,0,AJ$13),15-13*ORÇAMENTO!$AF$7)/$H45*OFFSET(ORÇAMENTO!$X$15,ROW(AJ45)-ROW(AJ$15),0),\nROUND(ROUND(OFFSET($P45,0,AJ$13),15-13*ORÇAMENTO!$AF$7)*OFFSET(ORÇAMENTO!$W$15,ROW(AJ45)-ROW(AJ$15),0),15-13*ORÇAMENTO!$AF$11)),0)","v":0},{"$f":"IF(AND($D45=\"Serviço\",AK$12<>0,$H45>0,OR(AUTOEVENTO<>\"manual\",$M45<>1)),\nIF(Import.TipoArredondamento<>\"TransfereGOV\",\nROUND(OFFSET($P45,0,AK$13),15-13*ORÇAMENTO!$AF$7)/$H45*OFFSET(ORÇAMENTO!$X$15,ROW(AK45)-ROW(AK$15),0),\nROUND(ROUND(OFFSET($P45,0,AK$13),15-13*ORÇAMENTO!$AF$7)*OFFSET(ORÇAMENTO!$W$15,ROW(AK45)-ROW(AK$15),0),15-13*ORÇAMENTO!$AF$11)),0)","v":0},null,{"$f":"IF($D45<>\"Serviço\",0,IF(AND(AUTOEVENTO=\"Manual\",$M45=1),0,IF(OFFSET(CRONOPLE!$F$14,$M45,AM$13)=\"\",10^12,OFFSET(CRONOPLE!$F$14,$M45,AM$13))))","v":1000000000000},{"$f":"IF($D45<>\"Serviço\",0,IF(AND(AUTOEVENTO=\"Manual\",$M45=1),0,IF(OFFSET(CRONOPLE!$F$14,$M45,AN$13)=\"\",10^12,OFFSET(CRONOPLE!$F$14,$M45,AN$13))))","v":1000000000000},{"$f":"IF($D45<>\"Serviço\",0,IF(AND(AUTOEVENTO=\"Manual\",$M45=1),0,IF(OFFSET(CRONOPLE!$F$14,$M45,AO$13)=\"\",10^12,OFFSET(CRONOPLE!$F$14,$M45,AO$13))))","v":1000000000000},{"$f":"IF($D45<>\"Serviço\",0,IF(AND(AUTOEVENTO=\"Manual\",$M45=1),0,IF(OFFSET(CRONOPLE!$F$14,$M45,AP$13)=\"\",10^12,OFFSET(CRONOPLE!$F$14,$M45,AP$13))))","v":1000000000000},{"$f":"IF($D45<>\"Serviço\",0,IF(AND(AUTOEVENTO=\"Manual\",$M45=1),0,IF(OFFSET(CRONOPLE!$F$14,$M45,AQ$13)=\"\",10^12,OFFSET(CRONOPLE!$F$14,$M45,AQ$13))))","v":1000000000000},{"$f":"IF($D45<>\"Serviço\",0,IF(AND(AUTOEVENTO=\"Manual\",$M45=1),0,IF(OFFSET(CRONOPLE!$F$14,$M45,AR$13)=\"\",10^12,OFFSET(CRONOPLE!$F$14,$M45,AR$13))))","v":1000000000000},{"$f":"IF($D45<>\"Serviço\",0,IF(AND(AUTOEVENTO=\"Manual\",$M45=1),0,IF(OFFSET(CRONOPLE!$F$14,$M45,AS$13)=\"\",10^12,OFFSET(CRONOPLE!$F$14,$M45,AS$13))))","v":1000000000000},{"$f":"IF($D45<>\"Serviço\",0,IF(AND(AUTOEVENTO=\"Manual\",$M45=1),0,IF(OFFSET(CRONOPLE!$F$14,$M45,AT$13)=\"\",10^12,OFFSET(CRONOPLE!$F$14,$M45,AT$13))))","v":1000000000000},{"$f":"IF($D45<>\"Serviço\",0,IF(AND(AUTOEVENTO=\"Manual\",$M45=1),0,IF(OFFSET(CRONOPLE!$F$14,$M45,AU$13)=\"\",10^12,OFFSET(CRONOPLE!$F$14,$M45,AU$13))))","v":1000000000000},{"$f":"IF($D45<>\"Serviço\",0,IF(AND(AUTOEVENTO=\"Manual\",$M45=1),0,IF(OFFSET(CRONOPLE!$F$14,$M45,AV$13)=\"\",10^12,OFFSET(CRONOPLE!$F$14,$M45,AV$13))))","v":1000000000000},null,{"$f":"IF($D45<>\"Serviço\",0,IF(OR(AND(AUTOEVENTO=\"Manual\",$M45=1),$M45>(ROW(PLE.lastrow)-ROW(PLE.firstrow))),0,IF(OFFSET(PLE!$G$14,$M45,AX$13)=\"\",10^12,OFFSET(PLE!$G$14,$M45,AX$13))))","v":1000000000000},{"$f":"IF($D45<>\"Serviço\",0,IF(OR(AND(AUTOEVENTO=\"Manual\",$M45=1),$M45>(ROW(PLE.lastrow)-ROW(PLE.firstrow))),0,IF(OFFSET(PLE!$G$14,$M45,AY$13)=\"\",10^12,OFFSET(PLE!$G$14,$M45,AY$13))))","v":1000000000000},{"$f":"IF($D45<>\"Serviço\",0,IF(OR(AND(AUTOEVENTO=\"Manual\",$M45=1),$M45>(ROW(PLE.lastrow)-ROW(PLE.firstrow))),0,IF(OFFSET(PLE!$G$14,$M45,AZ$13)=\"\",10^12,OFFSET(PLE!$G$14,$M45,AZ$13))))","v":1000000000000},{"$f":"IF($D45<>\"Serviço\",0,IF(OR(AND(AUTOEVENTO=\"Manual\",$M45=1),$M45>(ROW(PLE.lastrow)-ROW(PLE.firstrow))),0,IF(OFFSET(PLE!$G$14,$M45,BA$13)=\"\",10^12,OFFSET(PLE!$G$14,$M45,BA$13))))","v":1000000000000},{"$f":"IF($D45<>\"Serviço\",0,IF(OR(AND(AUTOEVENTO=\"Manual\",$M45=1),$M45>(ROW(PLE.lastrow)-ROW(PLE.firstrow))),0,IF(OFFSET(PLE!$G$14,$M45,BB$13)=\"\",10^12,OFFSET(PLE!$G$14,$M45,BB$13))))","v":1000000000000},{"$f":"IF($D45<>\"Serviço\",0,IF(OR(AND(AUTOEVENTO=\"Manual\",$M45=1),$M45>(ROW(PLE.lastrow)-ROW(PLE.firstrow))),0,IF(OFFSET(PLE!$G$14,$M45,BC$13)=\"\",10^12,OFFSET(PLE!$G$14,$M45,BC$13))))","v":1000000000000},{"$f":"IF($D45<>\"Serviço\",0,IF(OR(AND(AUTOEVENTO=\"Manual\",$M45=1),$M45>(ROW(PLE.lastrow)-ROW(PLE.firstrow))),0,IF(OFFSET(PLE!$G$14,$M45,BD$13)=\"\",10^12,OFFSET(PLE!$G$14,$M45,BD$13))))","v":1000000000000},{"$f":"IF($D45<>\"Serviço\",0,IF(OR(AND(AUTOEVENTO=\"Manual\",$M45=1),$M45>(ROW(PLE.lastrow)-ROW(PLE.firstrow))),0,IF(OFFSET(PLE!$G$14,$M45,BE$13)=\"\",10^12,OFFSET(PLE!$G$14,$M45,BE$13))))","v":1000000000000},{"$f":"IF($D45<>\"Serviço\",0,IF(OR(AND(AUTOEVENTO=\"Manual\",$M45=1),$M45>(ROW(PLE.lastrow)-ROW(PLE.firstrow))),0,IF(OFFSET(PLE!$G$14,$M45,BF$13)=\"\",10^12,OFFSET(PLE!$G$14,$M45,BF$13))))","v":1000000000000},{"$f":"IF($D45<>\"Serviço\",0,IF(OR(AND(AUTOEVENTO=\"Manual\",$M45=1),$M45>(ROW(PLE.lastrow)-ROW(PLE.firstrow))),0,IF(OFFSET(PLE!$G$14,$M45,BG$13)=\"\",10^12,OFFSET(PLE!$G$14,$M45,BG$13))))","v":1000000000000}]
["24",{"$f":"OFFSET(ORÇAMENTO!C$15,ROW(B46)-ROW(B$15),0)","v":"S"},{"$f":"OFFSET(ORÇAMENTO!L$15,ROW(C46)-ROW(C$15),0)","v":"F"},{"$f":"OFFSET(ORÇAMENTO!N$15,ROW(D46)-ROW(D$15),0)","v":"Serviço"},{"$f":"OFFSET(ORÇAMENTO!O$15,ROW(E46)-ROW(E$15),0)","v":"1.3.2.0.2."},{"$f":"OFFSET(ORÇAMENTO!R$15,ROW(F46)-ROW(F$15),0)","v":"ARMAÇÃO DE BLOCO UTILIZANDO AÇO CA-50 DE 10 MM - MONTAGEM. AF_01/2024"},{"$f":"IF($D46<>\"Serviço\",\"\",OFFSET(ORÇAMENTO!S$15,ROW(G46)-ROW(G$15),0))","v":"KG"},{"$f":"IF($D46<>\"Serviço\",0,IF(ACOMPANHAMENTO=\"BM\",ROUND(OFFSET(ORÇAMENTO!AJ$15,ROW(H46)-ROW(H$15),0),15-13*ORÇAMENTO!$AF$7),SUMPRODUCT(($Q$12:$AA$12<>\"\")*ROUND($Q46:$AA46,15-13*ORÇAMENTO!$AF$7))))","v":301.45},null,null,null,".",{"$f":"IF($D46<>\"Serviço\",\"\",IF(AUTOEVENTO=\"manual\",$A46,IF(ISERROR(MATCH($A46,$A$15:OFFSET($A46,-1,0),0)),MAX($M$15:OFFSET(M46,-1,0))+1,INDEX($M$15:OFFSET(M46,-1,0),MATCH($A46,$A$15:OFFSET($A46,-1,0),0)))))","v":4},{"$f":"IF($D46<>\"Serviço\",\"\",IF(AUTOEVENTO=\"Manual\",IF($A46=0,\"<-- defina o número do agrupador\",OFFSET(EVENTOS!$D$14,$A46,0)),OFFSET($F$15,$A46,0)))","v":"ESTRUTURAS"},null,null,null,null,null,null,null,null,null,null,null,null,null,{"$f":"IF(AND($D46=\"Serviço\",AB$12<>0,$H46>0,OR(AUTOEVENTO<>\"manual\",$M46<>1)),\nIF(Import.TipoArredondamento<>\"TransfereGOV\",\nROUND(OFFSET($P46,0,AB$13),15-13*ORÇAMENTO!$AF$7)/$H46*OFFSET(ORÇAMENTO!$X$15,ROW(AB46)-ROW(AB$15),0),\nROUND(ROUND(OFFSET($P46,0,AB$13),15-13*ORÇAMENTO!$AF$7)*OFFSET(ORÇAMENTO!$W$15,ROW(AB46)-ROW(AB$15),0),15-13*ORÇAMENTO!$AF$11)),0)","v":0},{"$f":"IF(AND($D46=\"Serviço\",AC$12<>0,$H46>0,OR(AUTOEVENTO<>\"manual\",$M46<>1)),\nIF(Import.TipoArredondamento<>\"TransfereGOV\",\nROUND(OFFSET($P46,0,AC$13),15-13*ORÇAMENTO!$AF$7)/$H46*OFFSET(ORÇAMENTO!$X$15,ROW(AC46)-ROW(AC$15),0),\nROUND(ROUND(OFFSET($P46,0,AC$13),15-13*ORÇAMENTO!$AF$7)*OFFSET(ORÇAMENTO!$W$15,ROW(AC46)-ROW(AC$15),0),15-13*ORÇAMENTO!$AF$11)),0)","v":0},{"$f":"IF(AND($D46=\"Serviço\",AD$12<>0,$H46>0,OR(AUTOEVENTO<>\"manual\",$M46<>1)),\nIF(Import.TipoArredondamento<>\"TransfereGOV\",\nROUND(OFFSET($P46,0,AD$13),15-13*ORÇAMENTO!$AF$7)/$H46*OFFSET(ORÇAMENTO!$X$15,ROW(AD46)-ROW(AD$15),0),\nROUND(ROUND(OFFSET($P46,0,AD$13),15-13*ORÇAMENTO!$AF$7)*OFFSET(ORÇAMENTO!$W$15,ROW(AD46)-ROW(AD$15),0),15-13*ORÇAMENTO!$AF$11)),0)","v":0},{"$f":"IF(AND($D46=\"Serviço\",AE$12<>0,$H46>0,OR(AUTOEVENTO<>\"manual\",$M46<>1)),\nIF(Import.TipoArredondamento<>\"TransfereGOV\",\nROUND(OFFSET($P46,0,AE$13),15-13*ORÇAMENTO!$AF$7)/$H46*OFFSET(ORÇAMENTO!$X$15,ROW(AE46)-ROW(AE$15),0),\nROUND(ROUND(OFFSET($P46,0,AE$13),15-13*ORÇAMENTO!$AF$7)*OFFSET(ORÇAMENTO!$W$15,ROW(AE46)-ROW(AE$15),0),15-13*ORÇAMENTO!$AF$11)),0)","v":0},{"$f":"IF(AND($D46=\"Serviço\",AF$12<>0,$H46>0,OR(AUTOEVENTO<>\"manual\",$M46<>1)),\nIF(Import.TipoArredondamento<>\"TransfereGOV\",\nROUND(OFFSET($P46,0,AF$13),15-13*ORÇAMENTO!$AF$7)/$H46*OFFSET(ORÇAMENTO!$X$15,ROW(AF46)-ROW(AF$15),0),\nROUND(ROUND(OFFSET($P46,0,AF$13),15-13*ORÇAMENTO!$AF$7)*OFFSET(ORÇAMENTO!$W$15,ROW(AF46)-ROW(AF$15),0),15-13*ORÇAMENTO!$AF$11)),0)","v":0},{"$f":"IF(AND($D46=\"Serviço\",AG$12<>0,$H46>0,OR(AUTOEVENTO<>\"manual\",$M46<>1)),\nIF(Import.TipoArredondamento<>\"TransfereGOV\",\nROUND(OFFSET($P46,0,AG$13),15-13*ORÇAMENTO!$AF$7)/$H46*OFFSET(ORÇAMENTO!$X$15,ROW(AG46)-ROW(AG$15),0),\nROUND(ROUND(OFFSET($P46,0,AG$13),15-13*ORÇAMENTO!$AF$7)*OFFSET(ORÇAMENTO!$W$15,ROW(AG46)-ROW(AG$15),0),15-13*ORÇAMENTO!$AF$11)),0)","v":0},{"$f":"IF(AND($D46=\"Serviço\",AH$12<>0,$H46>0,OR(AUTOEVENTO<>\"manual\",$M46<>1)),\nIF(Import.TipoArredondamento<>\"TransfereGOV\",\nROUND(OFFSET($P46,0,AH$13),15-13*ORÇAMENTO!$AF$7)/$H46*OFFSET(ORÇAMENTO!$X$15,ROW(AH46)-ROW(AH$15),0),\nROUND(ROUND(OFFSET($P46,0,AH$13),15-13*ORÇAMENTO!$AF$7)*OFFSET(ORÇAMENTO!$W$15,ROW(AH46)-ROW(AH$15),0),15-13*ORÇAMENTO!$AF$11)),0)","v":0},{"$f":"IF(AND($D46=\"Serviço\",AI$12<>0,$H46>0,OR(AUTOEVENTO<>\"manual\",$M46<>1)),\nIF(Import.TipoArredondamento<>\"TransfereGOV\",\nROUND(OFFSET($P46,0,AI$13),15-13*ORÇAMENTO!$AF$7)/$H46*OFFSET(ORÇAMENTO!$X$15,ROW(AI46)-ROW(AI$15),0),\nROUND(ROUND(OFFSET($P46,0,AI$13),15-13*ORÇAMENTO!$AF$7)*OFFSET(ORÇAMENTO!$W$15,ROW(AI46)-ROW(AI$15),0),15-13*ORÇAMENTO!$AF$11)),0)","v":0},{"$f":"IF(AND($D46=\"Serviço\",AJ$12<>0,$H46>0,OR(AUTOEVENTO<>\"manual\",$M46<>1)),\nIF(Import.TipoArredondamento<>\"TransfereGOV\",\nROUND(OFFSET($P46,0,AJ$13),15-13*ORÇAMENTO!$AF$7)/$H46*OFFSET(ORÇAMENTO!$X$15,ROW(AJ46)-ROW(AJ$15),0),\nROUND(ROUND(OFFSET($P46,0,AJ$13),15-13*ORÇAMENTO!$AF$7)*OFFSET(ORÇAMENTO!$W$15,ROW(AJ46)-ROW(AJ$15),0),15-13*ORÇAMENTO!$AF$11)),0)","v":0},{"$f":"IF(AND($D46=\"Serviço\",AK$12<>0,$H46>0,OR(AUTOEVENTO<>\"manual\",$M46<>1)),\nIF(Import.TipoArredondamento<>\"TransfereGOV\",\nROUND(OFFSET($P46,0,AK$13),15-13*ORÇAMENTO!$AF$7)/$H46*OFFSET(ORÇAMENTO!$X$15,ROW(AK46)-ROW(AK$15),0),\nROUND(ROUND(OFFSET($P46,0,AK$13),15-13*ORÇAMENTO!$AF$7)*OFFSET(ORÇAMENTO!$W$15,ROW(AK46)-ROW(AK$15),0),15-13*ORÇAMENTO!$AF$11)),0)","v":0},null,{"$f":"IF($D46<>\"Serviço\",0,IF(AND(AUTOEVENTO=\"Manual\",$M46=1),0,IF(OFFSET(CRONOPLE!$F$14,$M46,AM$13)=\"\",10^12,OFFSET(CRONOPLE!$F$14,$M46,AM$13))))","v":1000000000000},{"$f":"IF($D46<>\"Serviço\",0,IF(AND(AUTOEVENTO=\"Manual\",$M46=1),0,IF(OFFSET(CRONOPLE!$F$14,$M46,AN$13)=\"\",10^12,OFFSET(CRONOPLE!$F$14,$M46,AN$13))))","v":1000000000000},{"$f":"IF($D46<>\"Serviço\",0,IF(AND(AUTOEVENTO=\"Manual\",$M46=1),0,IF(OFFSET(CRONOPLE!$F$14,$M46,AO$13)=\"\",10^12,OFFSET(CRONOPLE!$F$14,$M46,AO$13))))","v":1000000000000},{"$f":"IF($D46<>\"Serviço\",0,IF(AND(AUTOEVENTO=\"Manual\",$M46=1),0,IF(OFFSET(CRONOPLE!$F$14,$M46,AP$13)=\"\",10^12,OFFSET(CRONOPLE!$F$14,$M46,AP$13))))","v":1000000000000},{"$f":"IF($D46<>\"Serviço\",0,IF(AND(AUTOEVENTO=\"Manual\",$M46=1),0,IF(OFFSET(CRONOPLE!$F$14,$M46,AQ$13)=\"\",10^12,OFFSET(CRONOPLE!$F$14,$M46,AQ$13))))","v":1000000000000},{"$f":"IF($D46<>\"Serviço\",0,IF(AND(AUTOEVENTO=\"Manual\",$M46=1),0,IF(OFFSET(CRONOPLE!$F$14,$M46,AR$13)=\"\",10^12,OFFSET(CRONOPLE!$F$14,$M46,AR$13))))","v":1000000000000},{"$f":"IF($D46<>\"Serviço\",0,IF(AND(AUTOEVENTO=\"Manual\",$M46=1),0,IF(OFFSET(CRONOPLE!$F$14,$M46,AS$13)=\"\",10^12,OFFSET(CRONOPLE!$F$14,$M46,AS$13))))","v":1000000000000},{"$f":"IF($D46<>\"Serviço\",0,IF(AND(AUTOEVENTO=\"Manual\",$M46=1),0,IF(OFFSET(CRONOPLE!$F$14,$M46,AT$13)=\"\",10^12,OFFSET(CRONOPLE!$F$14,$M46,AT$13))))","v":1000000000000},{"$f":"IF($D46<>\"Serviço\",0,IF(AND(AUTOEVENTO=\"Manual\",$M46=1),0,IF(OFFSET(CRONOPLE!$F$14,$M46,AU$13)=\"\",10^12,OFFSET(CRONOPLE!$F$14,$M46,AU$13))))","v":1000000000000},{"$f":"IF($D46<>\"Serviço\",0,IF(AND(AUTOEVENTO=\"Manual\",$M46=1),0,IF(OFFSET(CRONOPLE!$F$14,$M46,AV$13)=\"\",10^12,OFFSET(CRONOPLE!$F$14,$M46,AV$13))))","v":1000000000000},null,{"$f":"IF($D46<>\"Serviço\",0,IF(OR(AND(AUTOEVENTO=\"Manual\",$M46=1),$M46>(ROW(PLE.lastrow)-ROW(PLE.firstrow))),0,IF(OFFSET(PLE!$G$14,$M46,AX$13)=\"\",10^12,OFFSET(PLE!$G$14,$M46,AX$13))))","v":1000000000000},{"$f":"IF($D46<>\"Serviço\",0,IF(OR(AND(AUTOEVENTO=\"Manual\",$M46=1),$M46>(ROW(PLE.lastrow)-ROW(PLE.firstrow))),0,IF(OFFSET(PLE!$G$14,$M46,AY$13)=\"\",10^12,OFFSET(PLE!$G$14,$M46,AY$13))))","v":1000000000000},{"$f":"IF($D46<>\"Serviço\",0,IF(OR(AND(AUTOEVENTO=\"Manual\",$M46=1),$M46>(ROW(PLE.lastrow)-ROW(PLE.firstrow))),0,IF(OFFSET(PLE!$G$14,$M46,AZ$13)=\"\",10^12,OFFSET(PLE!$G$14,$M46,AZ$13))))","v":1000000000000},{"$f":"IF($D46<>\"Serviço\",0,IF(OR(AND(AUTOEVENTO=\"Manual\",$M46=1),$M46>(ROW(PLE.lastrow)-ROW(PLE.firstrow))),0,IF(OFFSET(PLE!$G$14,$M46,BA$13)=\"\",10^12,OFFSET(PLE!$G$14,$M46,BA$13))))","v":1000000000000},{"$f":"IF($D46<>\"Serviço\",0,IF(OR(AND(AUTOEVENTO=\"Manual\",$M46=1),$M46>(ROW(PLE.lastrow)-ROW(PLE.firstrow))),0,IF(OFFSET(PLE!$G$14,$M46,BB$13)=\"\",10^12,OFFSET(PLE!$G$14,$M46,BB$13))))","v":1000000000000},{"$f":"IF($D46<>\"Serviço\",0,IF(OR(AND(AUTOEVENTO=\"Manual\",$M46=1),$M46>(ROW(PLE.lastrow)-ROW(PLE.firstrow))),0,IF(OFFSET(PLE!$G$14,$M46,BC$13)=\"\",10^12,OFFSET(PLE!$G$14,$M46,BC$13))))","v":1000000000000},{"$f":"IF($D46<>\"Serviço\",0,IF(OR(AND(AUTOEVENTO=\"Manual\",$M46=1),$M46>(ROW(PLE.lastrow)-ROW(PLE.firstrow))),0,IF(OFFSET(PLE!$G$14,$M46,BD$13)=\"\",10^12,OFFSET(PLE!$G$14,$M46,BD$13))))","v":1000000000000},{"$f":"IF($D46<>\"Serviço\",0,IF(OR(AND(AUTOEVENTO=\"Manual\",$M46=1),$M46>(ROW(PLE.lastrow)-ROW(PLE.firstrow))),0,IF(OFFSET(PLE!$G$14,$M46,BE$13)=\"\",10^12,OFFSET(PLE!$G$14,$M46,BE$13))))","v":1000000000000},{"$f":"IF($D46<>\"Serviço\",0,IF(OR(AND(AUTOEVENTO=\"Manual\",$M46=1),$M46>(ROW(PLE.lastrow)-ROW(PLE.firstrow))),0,IF(OFFSET(PLE!$G$14,$M46,BF$13)=\"\",10^12,OFFSET(PLE!$G$14,$M46,BF$13))))","v":1000000000000},{"$f":"IF($D46<>\"Serviço\",0,IF(OR(AND(AUTOEVENTO=\"Manual\",$M46=1),$M46>(ROW(PLE.lastrow)-ROW(PLE.firstrow))),0,IF(OFFSET(PLE!$G$14,$M46,BG$13)=\"\",10^12,OFFSET(PLE!$G$14,$M46,BG$13))))","v":1000000000000}]
["24",{"$f":"OFFSET(ORÇAMENTO!C$15,ROW(B47)-ROW(B$15),0)","v":"S"},{"$f":"OFFSET(ORÇAMENTO!L$15,ROW(C47)-ROW(C$15),0)","v":"F"},{"$f":"OFFSET(ORÇAMENTO!N$15,ROW(D47)-ROW(D$15),0)","v":"Serviço"},{"$f":"OFFSET(ORÇAMENTO!O$15,ROW(E47)-ROW(E$15),0)","v":"1.3.2.0.3."},{"$f":"OFFSET(ORÇAMENTO!R$15,ROW(F47)-ROW(F$15),0)","v":"ARMAÇÃO DE BLOCO UTILIZANDO AÇO CA-60 DE 5 MM - MONTAGEM. AF_01/2024"},{"$f":"IF($D47<>\"Serviço\",\"\",OFFSET(ORÇAMENTO!S$15,ROW(G47)-ROW(G$15),0))","v":"KG"},{"$f":"IF($D47<>\"Serviço\",0,IF(ACOMPANHAMENTO=\"BM\",ROUND(OFFSET(ORÇAMENTO!AJ$15,ROW(H47)-ROW(H$15),0),15-13*ORÇAMENTO!$AF$7),SUMPRODUCT(($Q$12:$AA$12<>\"\")*ROUND($Q47:$AA47,15-13*ORÇAMENTO!$AF$7))))","v":79.239999999999995},null,null,null,".",{"$f":"IF($D47<>\"Serviço\",\"\",IF(AUTOEVENTO=\"manual\",$A47,IF(ISERROR(MATCH($A47,$A$15:OFFSET($A47,-1,0),0)),MAX($M$15:OFFSET(M47,-1,0))+1,INDEX($M$15:OFFSET(M47,-1,0),MATCH($A47,$A$15:OFFSET($A47,-1,0),0)))))","v":4},{"$f":"IF($D47<>\"Serviço\",\"\",IF(AUTOEVENTO=\"Manual\",IF($A47=0,\"<-- defina o número do agrupador\",OFFSET(EVENTOS!$D$14,$A47,0)),OFFSET($F$15,$A47,0)))","v":"ESTRUTURAS"},null,null,null,null,null,null,null,null,null,null,null,null,null,{"$f":"IF(AND($D47=\"Serviço\",AB$12<>0,$H47>0,OR(AUTOEVENTO<>\"manual\",$M47<>1)),\nIF(Import.TipoArredondamento<>\"TransfereGOV\",\nROUND(OFFSET($P47,0,AB$13),15-13*ORÇAMENTO!$AF$7)/$H47*OFFSET(ORÇAMENTO!$X$15,ROW(AB47)-ROW(AB$15),0),\nROUND(ROUND(OFFSET($P47,0,AB$13),15-13*ORÇAMENTO!$AF$7)*OFFSET(ORÇAMENTO!$W$15,ROW(AB47)-ROW(AB$15),0),15-13*ORÇAMENTO!$AF$11)),0)","v":0},{"$f":"IF(AND($D47=\"Serviço\",AC$12<>0,$H47>0,OR(AUTOEVENTO<>\"manual\",$M47<>1)),\nIF(Import.TipoArredondamento<>\"TransfereGOV\",\nROUND(OFFSET($P47,0,AC$13),15-13*ORÇAMENTO!$AF$7)/$H47*OFFSET(ORÇAMENTO!$X$15,ROW(AC47)-ROW(AC$15),0),\nROUND(ROUND(OFFSET($P47,0,AC$13),15-13*ORÇAMENTO!$AF$7)*OFFSET(ORÇAMENTO!$W$15,ROW(AC47)-ROW(AC$15),0),15-13*ORÇAMENTO!$AF$11)),0)","v":0},{"$f":"IF(AND($D47=\"Serviço\",AD$12<>0,$H47>0,OR(AUTOEVENTO<>\"manual\",$M47<>1)),\nIF(Import.TipoArredondamento<>\"TransfereGOV\",\nROUND(OFFSET($P47,0,AD$13),15-13*ORÇAMENTO!$AF$7)/$H47*OFFSET(ORÇAMENTO!$X$15,ROW(AD47)-ROW(AD$15),0),\nROUND(ROUND(OFFSET($P47,0,AD$13),15-13*ORÇAMENTO!$AF$7)*OFFSET(ORÇAMENTO!$W$15,ROW(AD47)-ROW(AD$15),0),15-13*ORÇAMENTO!$AF$11)),0)","v":0},{"$f":"IF(AND($D47=\"Serviço\",AE$12<>0,$H47>0,OR(AUTOEVENTO<>\"manual\",$M47<>1)),\nIF(Import.TipoArredondamento<>\"TransfereGOV\",\nROUND(OFFSET($P47,0,AE$13),15-13*ORÇAMENTO!$AF$7)/$H47*OFFSET(ORÇAMENTO!$X$15,ROW(AE47)-ROW(AE$15),0),\nROUND(ROUND(OFFSET($P47,0,AE$13),15-13*ORÇAMENTO!$AF$7)*OFFSET(ORÇAMENTO!$W$15,ROW(AE47)-ROW(AE$15),0),15-13*ORÇAMENTO!$AF$11)),0)","v":0},{"$f":"IF(AND($D47=\"Serviço\",AF$12<>0,$H47>0,OR(AUTOEVENTO<>\"manual\",$M47<>1)),\nIF(Import.TipoArredondamento<>\"TransfereGOV\",\nROUND(OFFSET($P47,0,AF$13),15-13*ORÇAMENTO!$AF$7)/$H47*OFFSET(ORÇAMENTO!$X$15,ROW(AF47)-ROW(AF$15),0),\nROUND(ROUND(OFFSET($P47,0,AF$13),15-13*ORÇAMENTO!$AF$7)*OFFSET(ORÇAMENTO!$W$15,ROW(AF47)-ROW(AF$15),0),15-13*ORÇAMENTO!$AF$11)),0)","v":0},{"$f":"IF(AND($D47=\"Serviço\",AG$12<>0,$H47>0,OR(AUTOEVENTO<>\"manual\",$M47<>1)),\nIF(Import.TipoArredondamento<>\"TransfereGOV\",\nROUND(OFFSET($P47,0,AG$13),15-13*ORÇAMENTO!$AF$7)/$H47*OFFSET(ORÇAMENTO!$X$15,ROW(AG47)-ROW(AG$15),0),\nROUND(ROUND(OFFSET($P47,0,AG$13),15-13*ORÇAMENTO!$AF$7)*OFFSET(ORÇAMENTO!$W$15,ROW(AG47)-ROW(AG$15),0),15-13*ORÇAMENTO!$AF$11)),0)","v":0},{"$f":"IF(AND($D47=\"Serviço\",AH$12<>0,$H47>0,OR(AUTOEVENTO<>\"manual\",$M47<>1)),\nIF(Import.TipoArredondamento<>\"TransfereGOV\",\nROUND(OFFSET($P47,0,AH$13),15-13*ORÇAMENTO!$AF$7)/$H47*OFFSET(ORÇAMENTO!$X$15,ROW(AH47)-ROW(AH$15),0),\nROUND(ROUND(OFFSET($P47,0,AH$13),15-13*ORÇAMENTO!$AF$7)*OFFSET(ORÇAMENTO!$W$15,ROW(AH47)-ROW(AH$15),0),15-13*ORÇAMENTO!$AF$11)),0)","v":0},{"$f":"IF(AND($D47=\"Serviço\",AI$12<>0,$H47>0,OR(AUTOEVENTO<>\"manual\",$M47<>1)),\nIF(Import.TipoArredondamento<>\"TransfereGOV\",\nROUND(OFFSET($P47,0,AI$13),15-13*ORÇAMENTO!$AF$7)/$H47*OFFSET(ORÇAMENTO!$X$15,ROW(AI47)-ROW(AI$15),0),\nROUND(ROUND(OFFSET($P47,0,AI$13),15-13*ORÇAMENTO!$AF$7)*OFFSET(ORÇAMENTO!$W$15,ROW(AI47)-ROW(AI$15),0),15-13*ORÇAMENTO!$AF$11)),0)","v":0},{"$f":"IF(AND($D47=\"Serviço\",AJ$12<>0,$H47>0,OR(AUTOEVENTO<>\"manual\",$M47<>1)),\nIF(Import.TipoArredondamento<>\"TransfereGOV\",\nROUND(OFFSET($P47,0,AJ$13),15-13*ORÇAMENTO!$AF$7)/$H47*OFFSET(ORÇAMENTO!$X$15,ROW(AJ47)-ROW(AJ$15),0),\nROUND(ROUND(OFFSET($P47,0,AJ$13),15-13*ORÇAMENTO!$AF$7)*OFFSET(ORÇAMENTO!$W$15,ROW(AJ47)-ROW(AJ$15),0),15-13*ORÇAMENTO!$AF$11)),0)","v":0},{"$f":"IF(AND($D47=\"Serviço\",AK$12<>0,$H47>0,OR(AUTOEVENTO<>\"manual\",$M47<>1)),\nIF(Import.TipoArredondamento<>\"TransfereGOV\",\nROUND(OFFSET($P47,0,AK$13),15-13*ORÇAMENTO!$AF$7)/$H47*OFFSET(ORÇAMENTO!$X$15,ROW(AK47)-ROW(AK$15),0),\nROUND(ROUND(OFFSET($P47,0,AK$13),15-13*ORÇAMENTO!$AF$7)*OFFSET(ORÇAMENTO!$W$15,ROW(AK47)-ROW(AK$15),0),15-13*ORÇAMENTO!$AF$11)),0)","v":0},null,{"$f":"IF($D47<>\"Serviço\",0,IF(AND(AUTOEVENTO=\"Manual\",$M47=1),0,IF(OFFSET(CRONOPLE!$F$14,$M47,AM$13)=\"\",10^12,OFFSET(CRONOPLE!$F$14,$M47,AM$13))))","v":1000000000000},{"$f":"IF($D47<>\"Serviço\",0,IF(AND(AUTOEVENTO=\"Manual\",$M47=1),0,IF(OFFSET(CRONOPLE!$F$14,$M47,AN$13)=\"\",10^12,OFFSET(CRONOPLE!$F$14,$M47,AN$13))))","v":1000000000000},{"$f":"IF($D47<>\"Serviço\",0,IF(AND(AUTOEVENTO=\"Manual\",$M47=1),0,IF(OFFSET(CRONOPLE!$F$14,$M47,AO$13)=\"\",10^12,OFFSET(CRONOPLE!$F$14,$M47,AO$13))))","v":1000000000000},{"$f":"IF($D47<>\"Serviço\",0,IF(AND(AUTOEVENTO=\"Manual\",$M47=1),0,IF(OFFSET(CRONOPLE!$F$14,$M47,AP$13)=\"\",10^12,OFFSET(CRONOPLE!$F$14,$M47,AP$13))))","v":1000000000000},{"$f":"IF($D47<>\"Serviço\",0,IF(AND(AUTOEVENTO=\"Manual\",$M47=1),0,IF(OFFSET(CRONOPLE!$F$14,$M47,AQ$13)=\"\",10^12,OFFSET(CRONOPLE!$F$14,$M47,AQ$13))))","v":1000000000000},{"$f":"IF($D47<>\"Serviço\",0,IF(AND(AUTOEVENTO=\"Manual\",$M47=1),0,IF(OFFSET(CRONOPLE!$F$14,$M47,AR$13)=\"\",10^12,OFFSET(CRONOPLE!$F$14,$M47,AR$13))))","v":1000000000000},{"$f":"IF($D47<>\"Serviço\",0,IF(AND(AUTOEVENTO=\"Manual\",$M47=1),0,IF(OFFSET(CRONOPLE!$F$14,$M47,AS$13)=\"\",10^12,OFFSET(CRONOPLE!$F$14,$M47,AS$13))))","v":1000000000000},{"$f":"IF($D47<>\"Serviço\",0,IF(AND(AUTOEVENTO=\"Manual\",$M47=1),0,IF(OFFSET(CRONOPLE!$F$14,$M47,AT$13)=\"\",10^12,OFFSET(CRONOPLE!$F$14,$M47,AT$13))))","v":1000000000000},{"$f":"IF($D47<>\"Serviço\",0,IF(AND(AUTOEVENTO=\"Manual\",$M47=1),0,IF(OFFSET(CRONOPLE!$F$14,$M47,AU$13)=\"\",10^12,OFFSET(CRONOPLE!$F$14,$M47,AU$13))))","v":1000000000000},{"$f":"IF($D47<>\"Serviço\",0,IF(AND(AUTOEVENTO=\"Manual\",$M47=1),0,IF(OFFSET(CRONOPLE!$F$14,$M47,AV$13)=\"\",10^12,OFFSET(CRONOPLE!$F$14,$M47,AV$13))))","v":1000000000000},null,{"$f":"IF($D47<>\"Serviço\",0,IF(OR(AND(AUTOEVENTO=\"Manual\",$M47=1),$M47>(ROW(PLE.lastrow)-ROW(PLE.firstrow))),0,IF(OFFSET(PLE!$G$14,$M47,AX$13)=\"\",10^12,OFFSET(PLE!$G$14,$M47,AX$13))))","v":1000000000000},{"$f":"IF($D47<>\"Serviço\",0,IF(OR(AND(AUTOEVENTO=\"Manual\",$M47=1),$M47>(ROW(PLE.lastrow)-ROW(PLE.firstrow))),0,IF(OFFSET(PLE!$G$14,$M47,AY$13)=\"\",10^12,OFFSET(PLE!$G$14,$M47,AY$13))))","v":1000000000000},{"$f":"IF($D47<>\"Serviço\",0,IF(OR(AND(AUTOEVENTO=\"Manual\",$M47=1),$M47>(ROW(PLE.lastrow)-ROW(PLE.firstrow))),0,IF(OFFSET(PLE!$G$14,$M47,AZ$13)=\"\",10^12,OFFSET(PLE!$G$14,$M47,AZ$13))))","v":1000000000000},{"$f":"IF($D47<>\"Serviço\",0,IF(OR(AND(AUTOEVENTO=\"Manual\",$M47=1),$M47>(ROW(PLE.lastrow)-ROW(PLE.firstrow))),0,IF(OFFSET(PLE!$G$14,$M47,BA$13)=\"\",10^12,OFFSET(PLE!$G$14,$M47,BA$13))))","v":1000000000000},{"$f":"IF($D47<>\"Serviço\",0,IF(OR(AND(AUTOEVENTO=\"Manual\",$M47=1),$M47>(ROW(PLE.lastrow)-ROW(PLE.firstrow))),0,IF(OFFSET(PLE!$G$14,$M47,BB$13)=\"\",10^12,OFFSET(PLE!$G$14,$M47,BB$13))))","v":1000000000000},{"$f":"IF($D47<>\"Serviço\",0,IF(OR(AND(AUTOEVENTO=\"Manual\",$M47=1),$M47>(ROW(PLE.lastrow)-ROW(PLE.firstrow))),0,IF(OFFSET(PLE!$G$14,$M47,BC$13)=\"\",10^12,OFFSET(PLE!$G$14,$M47,BC$13))))","v":1000000000000},{"$f":"IF($D47<>\"Serviço\",0,IF(OR(AND(AUTOEVENTO=\"Manual\",$M47=1),$M47>(ROW(PLE.lastrow)-ROW(PLE.firstrow))),0,IF(OFFSET(PLE!$G$14,$M47,BD$13)=\"\",10^12,OFFSET(PLE!$G$14,$M47,BD$13))))","v":1000000000000},{"$f":"IF($D47<>\"Serviço\",0,IF(OR(AND(AUTOEVENTO=\"Manual\",$M47=1),$M47>(ROW(PLE.lastrow)-ROW(PLE.firstrow))),0,IF(OFFSET(PLE!$G$14,$M47,BE$13)=\"\",10^12,OFFSET(PLE!$G$14,$M47,BE$13))))","v":1000000000000},{"$f":"IF($D47<>\"Serviço\",0,IF(OR(AND(AUTOEVENTO=\"Manual\",$M47=1),$M47>(ROW(PLE.lastrow)-ROW(PLE.firstrow))),0,IF(OFFSET(PLE!$G$14,$M47,BF$13)=\"\",10^12,OFFSET(PLE!$G$14,$M47,BF$13))))","v":1000000000000},{"$f":"IF($D47<>\"Serviço\",0,IF(OR(AND(AUTOEVENTO=\"Manual\",$M47=1),$M47>(ROW(PLE.lastrow)-ROW(PLE.firstrow))),0,IF(OFFSET(PLE!$G$14,$M47,BG$13)=\"\",10^12,OFFSET(PLE!$G$14,$M47,BG$13))))","v":1000000000000}]
["24",{"$f":"OFFSET(ORÇAMENTO!C$15,ROW(B48)-ROW(B$15),0)","v":"S"},{"$f":"OFFSET(ORÇAMENTO!L$15,ROW(C48)-ROW(C$15),0)","v":"F"},{"$f":"OFFSET(ORÇAMENTO!N$15,ROW(D48)-ROW(D$15),0)","v":"Serviço"},{"$f":"OFFSET(ORÇAMENTO!O$15,ROW(E48)-ROW(E$15),0)","v":"1.3.2.0.4."},{"$f":"OFFSET(ORÇAMENTO!R$15,ROW(F48)-ROW(F$15),0)","v":"LASTRO DE BRITA"},{"$f":"IF($D48<>\"Serviço\",\"\",OFFSET(ORÇAMENTO!S$15,ROW(G48)-ROW(G$15),0))","v":"M3"},{"$f":"IF($D48<>\"Serviço\",0,IF(ACOMPANHAMENTO=\"BM\",ROUND(OFFSET(ORÇAMENTO!AJ$15,ROW(H48)-ROW(H$15),0),15-13*ORÇAMENTO!$AF$7),SUMPRODUCT(($Q$12:$AA$12<>\"\")*ROUND($Q48:$AA48,15-13*ORÇAMENTO!$AF$7))))","v":0.5},null,null,null,".",{"$f":"IF($D48<>\"Serviço\",\"\",IF(AUTOEVENTO=\"manual\",$A48,IF(ISERROR(MATCH($A48,$A$15:OFFSET($A48,-1,0),0)),MAX($M$15:OFFSET(M48,-1,0))+1,INDEX($M$15:OFFSET(M48,-1,0),MATCH($A48,$A$15:OFFSET($A48,-1,0),0)))))","v":4},{"$f":"IF($D48<>\"Serviço\",\"\",IF(AUTOEVENTO=\"Manual\",IF($A48=0,\"<-- defina o número do agrupador\",OFFSET(EVENTOS!$D$14,$A48,0)),OFFSET($F$15,$A48,0)))","v":"ESTRUTURAS"},null,null,null,null,null,null,null,null,null,null,null,null,null,{"$f":"IF(AND($D48=\"Serviço\",AB$12<>0,$H48>0,OR(AUTOEVENTO<>\"manual\",$M48<>1)),\nIF(Import.TipoArredondamento<>\"TransfereGOV\",\nROUND(OFFSET($P48,0,AB$13),15-13*ORÇAMENTO!$AF$7)/$H48*OFFSET(ORÇAMENTO!$X$15,ROW(AB48)-ROW(AB$15),0),\nROUND(ROUND(OFFSET($P48,0,AB$13),15-13*ORÇAMENTO!$AF$7)*OFFSET(ORÇAMENTO!$W$15,ROW(AB48)-ROW(AB$15),0),15-13*ORÇAMENTO!$AF$11)),0)","v":0},{"$f":"IF(AND($D48=\"Serviço\",AC$12<>0,$H48>0,OR(AUTOEVENTO<>\"manual\",$M48<>1)),\nIF(Import.TipoArredondamento<>\"TransfereGOV\",\nROUND(OFFSET($P48,0,AC$13),15-13*ORÇAMENTO!$AF$7)/$H48*OFFSET(ORÇAMENTO!$X$15,ROW(AC48)-ROW(AC$15),0),\nROUND(ROUND(OFFSET($P48,0,AC$13),15-13*ORÇAMENTO!$AF$7)*OFFSET(ORÇAMENTO!$W$15,ROW(AC48)-ROW(AC$15),0),15-13*ORÇAMENTO!$AF$11)),0)","v":0},{"$f":"IF(AND($D48=\"Serviço\",AD$12<>0,$H48>0,OR(AUTOEVENTO<>\"manual\",$M48<>1)),\nIF(Import.TipoArredondamento<>\"TransfereGOV\",\nROUND(OFFSET($P48,0,AD$13),15-13*ORÇAMENTO!$AF$7)/$H48*OFFSET(ORÇAMENTO!$X$15,ROW(AD48)-ROW(AD$15),0),\nROUND(ROUND(OFFSET($P48,0,AD$13),15-13*ORÇAMENTO!$AF$7)*OFFSET(ORÇAMENTO!$W$15,ROW(AD48)-ROW(AD$15),0),15-13*ORÇAMENTO!$AF$11)),0)","v":0},{"$f":"IF(AND($D48=\"Serviço\",AE$12<>0,$H48>0,OR(AUTOEVENTO<>\"manual\",$M48<>1)),\nIF(Import.TipoArredondamento<>\"TransfereGOV\",\nROUND(OFFSET($P48,0,AE$13),15-13*ORÇAMENTO!$AF$7)/$H48*OFFSET(ORÇAMENTO!$X$15,ROW(AE48)-ROW(AE$15),0),\nROUND(ROUND(OFFSET($P48,0,AE$13),15-13*ORÇAMENTO!$AF$7)*OFFSET(ORÇAMENTO!$W$15,ROW(AE48)-ROW(AE$15),0),15-13*ORÇAMENTO!$AF$11)),0)","v":0},{"$f":"IF(AND($D48=\"Serviço\",AF$12<>0,$H48>0,OR(AUTOEVENTO<>\"manual\",$M48<>1)),\nIF(Import.TipoArredondamento<>\"TransfereGOV\",\nROUND(OFFSET($P48,0,AF$13),15-13*ORÇAMENTO!$AF$7)/$H48*OFFSET(ORÇAMENTO!$X$15,ROW(AF48)-ROW(AF$15),0),\nROUND(ROUND(OFFSET($P48,0,AF$13),15-13*ORÇAMENTO!$AF$7)*OFFSET(ORÇAMENTO!$W$15,ROW(AF48)-ROW(AF$15),0),15-13*ORÇAMENTO!$AF$11)),0)","v":0},{"$f":"IF(AND($D48=\"Serviço\",AG$12<>0,$H48>0,OR(AUTOEVENTO<>\"manual\",$M48<>1)),\nIF(Import.TipoArredondamento<>\"TransfereGOV\",\nROUND(OFFSET($P48,0,AG$13),15-13*ORÇAMENTO!$AF$7)/$H48*OFFSET(ORÇAMENTO!$X$15,ROW(AG48)-ROW(AG$15),0),\nROUND(ROUND(OFFSET($P48,0,AG$13),15-13*ORÇAMENTO!$AF$7)*OFFSET(ORÇAMENTO!$W$15,ROW(AG48)-ROW(AG$15),0),15-13*ORÇAMENTO!$AF$11)),0)","v":0},{"$f":"IF(AND($D48=\"Serviço\",AH$12<>0,$H48>0,OR(AUTOEVENTO<>\"manual\",$M48<>1)),\nIF(Import.TipoArredondamento<>\"TransfereGOV\",\nROUND(OFFSET($P48,0,AH$13),15-13*ORÇAMENTO!$AF$7)/$H48*OFFSET(ORÇAMENTO!$X$15,ROW(AH48)-ROW(AH$15),0),\nROUND(ROUND(OFFSET($P48,0,AH$13),15-13*ORÇAMENTO!$AF$7)*OFFSET(ORÇAMENTO!$W$15,ROW(AH48)-ROW(AH$15),0),15-13*ORÇAMENTO!$AF$11)),0)","v":0},{"$f":"IF(AND($D48=\"Serviço\",AI$12<>0,$H48>0,OR(AUTOEVENTO<>\"manual\",$M48<>1)),\nIF(Import.TipoArredondamento<>\"TransfereGOV\",\nROUND(OFFSET($P48,0,AI$13),15-13*ORÇAMENTO!$AF$7)/$H48*OFFSET(ORÇAMENTO!$X$15,ROW(AI48)-ROW(AI$15),0),\nROUND(ROUND(OFFSET($P48,0,AI$13),15-13*ORÇAMENTO!$AF$7)*OFFSET(ORÇAMENTO!$W$15,ROW(AI48)-ROW(AI$15),0),15-13*ORÇAMENTO!$AF$11)),0)","v":0},{"$f":"IF(AND($D48=\"Serviço\",AJ$12<>0,$H48>0,OR(AUTOEVENTO<>\"manual\",$M48<>1)),\nIF(Import.TipoArredondamento<>\"TransfereGOV\",\nROUND(OFFSET($P48,0,AJ$13),15-13*ORÇAMENTO!$AF$7)/$H48*OFFSET(ORÇAMENTO!$X$15,ROW(AJ48)-ROW(AJ$15),0),\nROUND(ROUND(OFFSET($P48,0,AJ$13),15-13*ORÇAMENTO!$AF$7)*OFFSET(ORÇAMENTO!$W$15,ROW(AJ48)-ROW(AJ$15),0),15-13*ORÇAMENTO!$AF$11)),0)","v":0},{"$f":"IF(AND($D48=\"Serviço\",AK$12<>0,$H48>0,OR(AUTOEVENTO<>\"manual\",$M48<>1)),\nIF(Import.TipoArredondamento<>\"TransfereGOV\",\nROUND(OFFSET($P48,0,AK$13),15-13*ORÇAMENTO!$AF$7)/$H48*OFFSET(ORÇAMENTO!$X$15,ROW(AK48)-ROW(AK$15),0),\nROUND(ROUND(OFFSET($P48,0,AK$13),15-13*ORÇAMENTO!$AF$7)*OFFSET(ORÇAMENTO!$W$15,ROW(AK48)-ROW(AK$15),0),15-13*ORÇAMENTO!$AF$11)),0)","v":0},null,{"$f":"IF($D48<>\"Serviço\",0,IF(AND(AUTOEVENTO=\"Manual\",$M48=1),0,IF(OFFSET(CRONOPLE!$F$14,$M48,AM$13)=\"\",10^12,OFFSET(CRONOPLE!$F$14,$M48,AM$13))))","v":1000000000000},{"$f":"IF($D48<>\"Serviço\",0,IF(AND(AUTOEVENTO=\"Manual\",$M48=1),0,IF(OFFSET(CRONOPLE!$F$14,$M48,AN$13)=\"\",10^12,OFFSET(CRONOPLE!$F$14,$M48,AN$13))))","v":1000000000000},{"$f":"IF($D48<>\"Serviço\",0,IF(AND(AUTOEVENTO=\"Manual\",$M48=1),0,IF(OFFSET(CRONOPLE!$F$14,$M48,AO$13)=\"\",10^12,OFFSET(CRONOPLE!$F$14,$M48,AO$13))))","v":1000000000000},{"$f":"IF($D48<>\"Serviço\",0,IF(AND(AUTOEVENTO=\"Manual\",$M48=1),0,IF(OFFSET(CRONOPLE!$F$14,$M48,AP$13)=\"\",10^12,OFFSET(CRONOPLE!$F$14,$M48,AP$13))))","v":1000000000000},{"$f":"IF($D48<>\"Serviço\",0,IF(AND(AUTOEVENTO=\"Manual\",$M48=1),0,IF(OFFSET(CRONOPLE!$F$14,$M48,AQ$13)=\"\",10^12,OFFSET(CRONOPLE!$F$14,$M48,AQ$13))))","v":1000000000000},{"$f":"IF($D48<>\"Serviço\",0,IF(AND(AUTOEVENTO=\"Manual\",$M48=1),0,IF(OFFSET(CRONOPLE!$F$14,$M48,AR$13)=\"\",10^12,OFFSET(CRONOPLE!$F$14,$M48,AR$13))))","v":1000000000000},{"$f":"IF($D48<>\"Serviço\",0,IF(AND(AUTOEVENTO=\"Manual\",$M48=1),0,IF(OFFSET(CRONOPLE!$F$14,$M48,AS$13)=\"\",10^12,OFFSET(CRONOPLE!$F$14,$M48,AS$13))))","v":1000000000000},{"$f":"IF($D48<>\"Serviço\",0,IF(AND(AUTOEVENTO=\"Manual\",$M48=1),0,IF(OFFSET(CRONOPLE!$F$14,$M48,AT$13)=\"\",10^12,OFFSET(CRONOPLE!$F$14,$M48,AT$13))))","v":1000000000000},{"$f":"IF($D48<>\"Serviço\",0,IF(AND(AUTOEVENTO=\"Manual\",$M48=1),0,IF(OFFSET(CRONOPLE!$F$14,$M48,AU$13)=\"\",10^12,OFFSET(CRONOPLE!$F$14,$M48,AU$13))))","v":1000000000000},{"$f":"IF($D48<>\"Serviço\",0,IF(AND(AUTOEVENTO=\"Manual\",$M48=1),0,IF(OFFSET(CRONOPLE!$F$14,$M48,AV$13)=\"\",10^12,OFFSET(CRONOPLE!$F$14,$M48,AV$13))))","v":1000000000000},null,{"$f":"IF($D48<>\"Serviço\",0,IF(OR(AND(AUTOEVENTO=\"Manual\",$M48=1),$M48>(ROW(PLE.lastrow)-ROW(PLE.firstrow))),0,IF(OFFSET(PLE!$G$14,$M48,AX$13)=\"\",10^12,OFFSET(PLE!$G$14,$M48,AX$13))))","v":1000000000000},{"$f":"IF($D48<>\"Serviço\",0,IF(OR(AND(AUTOEVENTO=\"Manual\",$M48=1),$M48>(ROW(PLE.lastrow)-ROW(PLE.firstrow))),0,IF(OFFSET(PLE!$G$14,$M48,AY$13)=\"\",10^12,OFFSET(PLE!$G$14,$M48,AY$13))))","v":1000000000000},{"$f":"IF($D48<>\"Serviço\",0,IF(OR(AND(AUTOEVENTO=\"Manual\",$M48=1),$M48>(ROW(PLE.lastrow)-ROW(PLE.firstrow))),0,IF(OFFSET(PLE!$G$14,$M48,AZ$13)=\"\",10^12,OFFSET(PLE!$G$14,$M48,AZ$13))))","v":1000000000000},{"$f":"IF($D48<>\"Serviço\",0,IF(OR(AND(AUTOEVENTO=\"Manual\",$M48=1),$M48>(ROW(PLE.lastrow)-ROW(PLE.firstrow))),0,IF(OFFSET(PLE!$G$14,$M48,BA$13)=\"\",10^12,OFFSET(PLE!$G$14,$M48,BA$13))))","v":1000000000000},{"$f":"IF($D48<>\"Serviço\",0,IF(OR(AND(AUTOEVENTO=\"Manual\",$M48=1),$M48>(ROW(PLE.lastrow)-ROW(PLE.firstrow))),0,IF(OFFSET(PLE!$G$14,$M48,BB$13)=\"\",10^12,OFFSET(PLE!$G$14,$M48,BB$13))))","v":1000000000000},{"$f":"IF($D48<>\"Serviço\",0,IF(OR(AND(AUTOEVENTO=\"Manual\",$M48=1),$M48>(ROW(PLE.lastrow)-ROW(PLE.firstrow))),0,IF(OFFSET(PLE!$G$14,$M48,BC$13)=\"\",10^12,OFFSET(PLE!$G$14,$M48,BC$13))))","v":1000000000000},{"$f":"IF($D48<>\"Serviço\",0,IF(OR(AND(AUTOEVENTO=\"Manual\",$M48=1),$M48>(ROW(PLE.lastrow)-ROW(PLE.firstrow))),0,IF(OFFSET(PLE!$G$14,$M48,BD$13)=\"\",10^12,OFFSET(PLE!$G$14,$M48,BD$13))))","v":1000000000000},{"$f":"IF($D48<>\"Serviço\",0,IF(OR(AND(AUTOEVENTO=\"Manual\",$M48=1),$M48>(ROW(PLE.lastrow)-ROW(PLE.firstrow))),0,IF(OFFSET(PLE!$G$14,$M48,BE$13)=\"\",10^12,OFFSET(PLE!$G$14,$M48,BE$13))))","v":1000000000000},{"$f":"IF($D48<>\"Serviço\",0,IF(OR(AND(AUTOEVENTO=\"Manual\",$M48=1),$M48>(ROW(PLE.lastrow)-ROW(PLE.firstrow))),0,IF(OFFSET(PLE!$G$14,$M48,BF$13)=\"\",10^12,OFFSET(PLE!$G$14,$M48,BF$13))))","v":1000000000000},{"$f":"IF($D48<>\"Serviço\",0,IF(OR(AND(AUTOEVENTO=\"Manual\",$M48=1),$M48>(ROW(PLE.lastrow)-ROW(PLE.firstrow))),0,IF(OFFSET(PLE!$G$14,$M48,BG$13)=\"\",10^12,OFFSET(PLE!$G$14,$M48,BG$13))))","v":1000000000000}]
["24",{"$f":"OFFSET(ORÇAMENTO!C$15,ROW(B49)-ROW(B$15),0)","v":"S"},{"$f":"OFFSET(ORÇAMENTO!L$15,ROW(C49)-ROW(C$15),0)","v":"F"},{"$f":"OFFSET(ORÇAMENTO!N$15,ROW(D49)-ROW(D$15),0)","v":"Serviço"},{"$f":"OFFSET(ORÇAMENTO!O$15,ROW(E49)-ROW(E$15),0)","v":"1.3.2.0.5."},{"$f":"OFFSET(ORÇAMENTO!R$15,ROW(F49)-ROW(F$15),0)","v":"CONCRETAGEM DE BLOCO DE COROAMENTO OU VIGA BALDRAME, FCK 30 MPA, COM USO DE BOMBA - LANÇAMENTO, ADENSAMENTO E ACABAMENTO. AF_01/2024"},{"$f":"IF($D49<>\"Serviço\",\"\",OFFSET(ORÇAMENTO!S$15,ROW(G49)-ROW(G$15),0))","v":"M3"},{"$f":"IF($D49<>\"Serviço\",0,IF(ACOMPANHAMENTO=\"BM\",ROUND(OFFSET(ORÇAMENTO!AJ$15,ROW(H49)-ROW(H$15),0),15-13*ORÇAMENTO!$AF$7),SUMPRODUCT(($Q$12:$AA$12<>\"\")*ROUND($Q49:$AA49,15-13*ORÇAMENTO!$AF$7))))","v":3.96},null,null,null,".",{"$f":"IF($D49<>\"Serviço\",\"\",IF(AUTOEVENTO=\"manual\",$A49,IF(ISERROR(MATCH($A49,$A$15:OFFSET($A49,-1,0),0)),MAX($M$15:OFFSET(M49,-1,0))+1,INDEX($M$15:OFFSET(M49,-1,0),MATCH($A49,$A$15:OFFSET($A49,-1,0),0)))))","v":4},{"$f":"IF($D49<>\"Serviço\",\"\",IF(AUTOEVENTO=\"Manual\",IF($A49=0,\"<-- defina o número do agrupador\",OFFSET(EVENTOS!$D$14,$A49,0)),OFFSET($F$15,$A49,0)))","v":"ESTRUTURAS"},null,null,null,null,null,null,null,null,null,null,null,null,null,{"$f":"IF(AND($D49=\"Serviço\",AB$12<>0,$H49>0,OR(AUTOEVENTO<>\"manual\",$M49<>1)),\nIF(Import.TipoArredondamento<>\"TransfereGOV\",\nROUND(OFFSET($P49,0,AB$13),15-13*ORÇAMENTO!$AF$7)/$H49*OFFSET(ORÇAMENTO!$X$15,ROW(AB49)-ROW(AB$15),0),\nROUND(ROUND(OFFSET($P49,0,AB$13),15-13*ORÇAMENTO!$AF$7)*OFFSET(ORÇAMENTO!$W$15,ROW(AB49)-ROW(AB$15),0),15-13*ORÇAMENTO!$AF$11)),0)","v":0},{"$f":"IF(AND($D49=\"Serviço\",AC$12<>0,$H49>0,OR(AUTOEVENTO<>\"manual\",$M49<>1)),\nIF(Import.TipoArredondamento<>\"TransfereGOV\",\nROUND(OFFSET($P49,0,AC$13),15-13*ORÇAMENTO!$AF$7)/$H49*OFFSET(ORÇAMENTO!$X$15,ROW(AC49)-ROW(AC$15),0),\nROUND(ROUND(OFFSET($P49,0,AC$13),15-13*ORÇAMENTO!$AF$7)*OFFSET(ORÇAMENTO!$W$15,ROW(AC49)-ROW(AC$15),0),15-13*ORÇAMENTO!$AF$11)),0)","v":0},{"$f":"IF(AND($D49=\"Serviço\",AD$12<>0,$H49>0,OR(AUTOEVENTO<>\"manual\",$M49<>1)),\nIF(Import.TipoArredondamento<>\"TransfereGOV\",\nROUND(OFFSET($P49,0,AD$13),15-13*ORÇAMENTO!$AF$7)/$H49*OFFSET(ORÇAMENTO!$X$15,ROW(AD49)-ROW(AD$15),0),\nROUND(ROUND(OFFSET($P49,0,AD$13),15-13*ORÇAMENTO!$AF$7)*OFFSET(ORÇAMENTO!$W$15,ROW(AD49)-ROW(AD$15),0),15-13*ORÇAMENTO!$AF$11)),0)","v":0},{"$f":"IF(AND($D49=\"Serviço\",AE$12<>0,$H49>0,OR(AUTOEVENTO<>\"manual\",$M49<>1)),\nIF(Import.TipoArredondamento<>\"TransfereGOV\",\nROUND(OFFSET($P49,0,AE$13),15-13*ORÇAMENTO!$AF$7)/$H49*OFFSET(ORÇAMENTO!$X$15,ROW(AE49)-ROW(AE$15),0),\nROUND(ROUND(OFFSET($P49,0,AE$13),15-13*ORÇAMENTO!$AF$7)*OFFSET(ORÇAMENTO!$W$15,ROW(AE49)-ROW(AE$15),0),15-13*ORÇAMENTO!$AF$11)),0)","v":0},{"$f":"IF(AND($D49=\"Serviço\",AF$12<>0,$H49>0,OR(AUTOEVENTO<>\"manual\",$M49<>1)),\nIF(Import.TipoArredondamento<>\"TransfereGOV\",\nROUND(OFFSET($P49,0,AF$13),15-13*ORÇAMENTO!$AF$7)/$H49*OFFSET(ORÇAMENTO!$X$15,ROW(AF49)-ROW(AF$15),0),\nROUND(ROUND(OFFSET($P49,0,AF$13),15-13*ORÇAMENTO!$AF$7)*OFFSET(ORÇAMENTO!$W$15,ROW(AF49)-ROW(AF$15),0),15-13*ORÇAMENTO!$AF$11)),0)","v":0},{"$f":"IF(AND($D49=\"Serviço\",AG$12<>0,$H49>0,OR(AUTOEVENTO<>\"manual\",$M49<>1)),\nIF(Import.TipoArredondamento<>\"TransfereGOV\",\nROUND(OFFSET($P49,0,AG$13),15-13*ORÇAMENTO!$AF$7)/$H49*OFFSET(ORÇAMENTO!$X$15,ROW(AG49)-ROW(AG$15),0),\nROUND(ROUND(OFFSET($P49,0,AG$13),15-13*ORÇAMENTO!$AF$7)*OFFSET(ORÇAMENTO!$W$15,ROW(AG49)-ROW(AG$15),0),15-13*ORÇAMENTO!$AF$11)),0)","v":0},{"$f":"IF(AND($D49=\"Serviço\",AH$12<>0,$H49>0,OR(AUTOEVENTO<>\"manual\",$M49<>1)),\nIF(Import.TipoArredondamento<>\"TransfereGOV\",\nROUND(OFFSET($P49,0,AH$13),15-13*ORÇAMENTO!$AF$7)/$H49*OFFSET(ORÇAMENTO!$X$15,ROW(AH49)-ROW(AH$15),0),\nROUND(ROUND(OFFSET($P49,0,AH$13),15-13*ORÇAMENTO!$AF$7)*OFFSET(ORÇAMENTO!$W$15,ROW(AH49)-ROW(AH$15),0),15-13*ORÇAMENTO!$AF$11)),0)","v":0},{"$f":"IF(AND($D49=\"Serviço\",AI$12<>0,$H49>0,OR(AUTOEVENTO<>\"manual\",$M49<>1)),\nIF(Import.TipoArredondamento<>\"TransfereGOV\",\nROUND(OFFSET($P49,0,AI$13),15-13*ORÇAMENTO!$AF$7)/$H49*OFFSET(ORÇAMENTO!$X$15,ROW(AI49)-ROW(AI$15),0),\nROUND(ROUND(OFFSET($P49,0,AI$13),15-13*ORÇAMENTO!$AF$7)*OFFSET(ORÇAMENTO!$W$15,ROW(AI49)-ROW(AI$15),0),15-13*ORÇAMENTO!$AF$11)),0)","v":0},{"$f":"IF(AND($D49=\"Serviço\",AJ$12<>0,$H49>0,OR(AUTOEVENTO<>\"manual\",$M49<>1)),\nIF(Import.TipoArredondamento<>\"TransfereGOV\",\nROUND(OFFSET($P49,0,AJ$13),15-13*ORÇAMENTO!$AF$7)/$H49*OFFSET(ORÇAMENTO!$X$15,ROW(AJ49)-ROW(AJ$15),0),\nROUND(ROUND(OFFSET($P49,0,AJ$13),15-13*ORÇAMENTO!$AF$7)*OFFSET(ORÇAMENTO!$W$15,ROW(AJ49)-ROW(AJ$15),0),15-13*ORÇAMENTO!$AF$11)),0)","v":0},{"$f":"IF(AND($D49=\"Serviço\",AK$12<>0,$H49>0,OR(AUTOEVENTO<>\"manual\",$M49<>1)),\nIF(Import.TipoArredondamento<>\"TransfereGOV\",\nROUND(OFFSET($P49,0,AK$13),15-13*ORÇAMENTO!$AF$7)/$H49*OFFSET(ORÇAMENTO!$X$15,ROW(AK49)-ROW(AK$15),0),\nROUND(ROUND(OFFSET($P49,0,AK$13),15-13*ORÇAMENTO!$AF$7)*OFFSET(ORÇAMENTO!$W$15,ROW(AK49)-ROW(AK$15),0),15-13*ORÇAMENTO!$AF$11)),0)","v":0},null,{"$f":"IF($D49<>\"Serviço\",0,IF(AND(AUTOEVENTO=\"Manual\",$M49=1),0,IF(OFFSET(CRONOPLE!$F$14,$M49,AM$13)=\"\",10^12,OFFSET(CRONOPLE!$F$14,$M49,AM$13))))","v":1000000000000},{"$f":"IF($D49<>\"Serviço\",0,IF(AND(AUTOEVENTO=\"Manual\",$M49=1),0,IF(OFFSET(CRONOPLE!$F$14,$M49,AN$13)=\"\",10^12,OFFSET(CRONOPLE!$F$14,$M49,AN$13))))","v":1000000000000},{"$f":"IF($D49<>\"Serviço\",0,IF(AND(AUTOEVENTO=\"Manual\",$M49=1),0,IF(OFFSET(CRONOPLE!$F$14,$M49,AO$13)=\"\",10^12,OFFSET(CRONOPLE!$F$14,$M49,AO$13))))","v":1000000000000},{"$f":"IF($D49<>\"Serviço\",0,IF(AND(AUTOEVENTO=\"Manual\",$M49=1),0,IF(OFFSET(CRONOPLE!$F$14,$M49,AP$13)=\"\",10^12,OFFSET(CRONOPLE!$F$14,$M49,AP$13))))","v":1000000000000},{"$f":"IF($D49<>\"Serviço\",0,IF(AND(AUTOEVENTO=\"Manual\",$M49=1),0,IF(OFFSET(CRONOPLE!$F$14,$M49,AQ$13)=\"\",10^12,OFFSET(CRONOPLE!$F$14,$M49,AQ$13))))","v":1000000000000},{"$f":"IF($D49<>\"Serviço\",0,IF(AND(AUTOEVENTO=\"Manual\",$M49=1),0,IF(OFFSET(CRONOPLE!$F$14,$M49,AR$13)=\"\",10^12,OFFSET(CRONOPLE!$F$14,$M49,AR$13))))","v":1000000000000},{"$f":"IF($D49<>\"Serviço\",0,IF(AND(AUTOEVENTO=\"Manual\",$M49=1),0,IF(OFFSET(CRONOPLE!$F$14,$M49,AS$13)=\"\",10^12,OFFSET(CRONOPLE!$F$14,$M49,AS$13))))","v":1000000000000},{"$f":"IF($D49<>\"Serviço\",0,IF(AND(AUTOEVENTO=\"Manual\",$M49=1),0,IF(OFFSET(CRONOPLE!$F$14,$M49,AT$13)=\"\",10^12,OFFSET(CRONOPLE!$F$14,$M49,AT$13))))","v":1000000000000},{"$f":"IF($D49<>\"Serviço\",0,IF(AND(AUTOEVENTO=\"Manual\",$M49=1),0,IF(OFFSET(CRONOPLE!$F$14,$M49,AU$13)=\"\",10^12,OFFSET(CRONOPLE!$F$14,$M49,AU$13))))","v":1000000000000},{"$f":"IF($D49<>\"Serviço\",0,IF(AND(AUTOEVENTO=\"Manual\",$M49=1),0,IF(OFFSET(CRONOPLE!$F$14,$M49,AV$13)=\"\",10^12,OFFSET(CRONOPLE!$F$14,$M49,AV$13))))","v":1000000000000},null,{"$f":"IF($D49<>\"Serviço\",0,IF(OR(AND(AUTOEVENTO=\"Manual\",$M49=1),$M49>(ROW(PLE.lastrow)-ROW(PLE.firstrow))),0,IF(OFFSET(PLE!$G$14,$M49,AX$13)=\"\",10^12,OFFSET(PLE!$G$14,$M49,AX$13))))","v":1000000000000},{"$f":"IF($D49<>\"Serviço\",0,IF(OR(AND(AUTOEVENTO=\"Manual\",$M49=1),$M49>(ROW(PLE.lastrow)-ROW(PLE.firstrow))),0,IF(OFFSET(PLE!$G$14,$M49,AY$13)=\"\",10^12,OFFSET(PLE!$G$14,$M49,AY$13))))","v":1000000000000},{"$f":"IF($D49<>\"Serviço\",0,IF(OR(AND(AUTOEVENTO=\"Manual\",$M49=1),$M49>(ROW(PLE.lastrow)-ROW(PLE.firstrow))),0,IF(OFFSET(PLE!$G$14,$M49,AZ$13)=\"\",10^12,OFFSET(PLE!$G$14,$M49,AZ$13))))","v":1000000000000},{"$f":"IF($D49<>\"Serviço\",0,IF(OR(AND(AUTOEVENTO=\"Manual\",$M49=1),$M49>(ROW(PLE.lastrow)-ROW(PLE.firstrow))),0,IF(OFFSET(PLE!$G$14,$M49,BA$13)=\"\",10^12,OFFSET(PLE!$G$14,$M49,BA$13))))","v":1000000000000},{"$f":"IF($D49<>\"Serviço\",0,IF(OR(AND(AUTOEVENTO=\"Manual\",$M49=1),$M49>(ROW(PLE.lastrow)-ROW(PLE.firstrow))),0,IF(OFFSET(PLE!$G$14,$M49,BB$13)=\"\",10^12,OFFSET(PLE!$G$14,$M49,BB$13))))","v":1000000000000},{"$f":"IF($D49<>\"Serviço\",0,IF(OR(AND(AUTOEVENTO=\"Manual\",$M49=1),$M49>(ROW(PLE.lastrow)-ROW(PLE.firstrow))),0,IF(OFFSET(PLE!$G$14,$M49,BC$13)=\"\",10^12,OFFSET(PLE!$G$14,$M49,BC$13))))","v":1000000000000},{"$f":"IF($D49<>\"Serviço\",0,IF(OR(AND(AUTOEVENTO=\"Manual\",$M49=1),$M49>(ROW(PLE.lastrow)-ROW(PLE.firstrow))),0,IF(OFFSET(PLE!$G$14,$M49,BD$13)=\"\",10^12,OFFSET(PLE!$G$14,$M49,BD$13))))","v":1000000000000},{"$f":"IF($D49<>\"Serviço\",0,IF(OR(AND(AUTOEVENTO=\"Manual\",$M49=1),$M49>(ROW(PLE.lastrow)-ROW(PLE.firstrow))),0,IF(OFFSET(PLE!$G$14,$M49,BE$13)=\"\",10^12,OFFSET(PLE!$G$14,$M49,BE$13))))","v":1000000000000},{"$f":"IF($D49<>\"Serviço\",0,IF(OR(AND(AUTOEVENTO=\"Manual\",$M49=1),$M49>(ROW(PLE.lastrow)-ROW(PLE.firstrow))),0,IF(OFFSET(PLE!$G$14,$M49,BF$13)=\"\",10^12,OFFSET(PLE!$G$14,$M49,BF$13))))","v":1000000000000},{"$f":"IF($D49<>\"Serviço\",0,IF(OR(AND(AUTOEVENTO=\"Manual\",$M49=1),$M49>(ROW(PLE.lastrow)-ROW(PLE.firstrow))),0,IF(OFFSET(PLE!$G$14,$M49,BG$13)=\"\",10^12,OFFSET(PLE!$G$14,$M49,BG$13))))","v":1000000000000}]
["24",{"$f":"OFFSET(ORÇAMENTO!C$15,ROW(B50)-ROW(B$15),0)","v":3},{"$f":"OFFSET(ORÇAMENTO!L$15,ROW(C50)-ROW(C$15),0)","v":"F"},{"$f":"OFFSET(ORÇAMENTO!N$15,ROW(D50)-ROW(D$15),0)","v":"Nível 3"},{"$f":"OFFSET(ORÇAMENTO!O$15,ROW(E50)-ROW(E$15),0)","v":"1.3.3."},{"$f":"OFFSET(ORÇAMENTO!R$15,ROW(F50)-ROW(F$15),0)","v":"PISO"},{"$f":"IF($D50<>\"Serviço\",\"\",OFFSET(ORÇAMENTO!S$15,ROW(G50)-ROW(G$15),0))","v":""},{"$f":"IF($D50<>\"Serviço\",0,IF(ACOMPANHAMENTO=\"BM\",ROUND(OFFSET(ORÇAMENTO!AJ$15,ROW(H50)-ROW(H$15),0),15-13*ORÇAMENTO!$AF$7),SUMPRODUCT(($Q$12:$AA$12<>\"\")*ROUND($Q50:$AA50,15-13*ORÇAMENTO!$AF$7))))","v":0},null,null,null,".",{"$f":"IF($D50<>\"Serviço\",\"\",IF(AUTOEVENTO=\"manual\",$A50,IF(ISERROR(MATCH($A50,$A$15:OFFSET($A50,-1,0),0)),MAX($M$15:OFFSET(M50,-1,0))+1,INDEX($M$15:OFFSET(M50,-1,0),MATCH($A50,$A$15:OFFSET($A50,-1,0),0)))))","v":""},{"$f":"IF($D50<>\"Serviço\",\"\",IF(AUTOEVENTO=\"Manual\",IF($A50=0,\"<-- defina o número do agrupador\",OFFSET(EVENTOS!$D$14,$A50,0)),OFFSET($F$15,$A50,0)))","v":""},null,null,null,null,null,null,null,null,null,null,null,null,null,{"$f":"IF(AND($D50=\"Serviço\",AB$12<>0,$H50>0,OR(AUTOEVENTO<>\"manual\",$M50<>1)),\nIF(Import.TipoArredondamento<>\"TransfereGOV\",\nROUND(OFFSET($P50,0,AB$13),15-13*ORÇAMENTO!$AF$7)/$H50*OFFSET(ORÇAMENTO!$X$15,ROW(AB50)-ROW(AB$15),0),\nROUND(ROUND(OFFSET($P50,0,AB$13),15-13*ORÇAMENTO!$AF$7)*OFFSET(ORÇAMENTO!$W$15,ROW(AB50)-ROW(AB$15),0),15-13*ORÇAMENTO!$AF$11)),0)","v":0},{"$f":"IF(AND($D50=\"Serviço\",AC$12<>0,$H50>0,OR(AUTOEVENTO<>\"manual\",$M50<>1)),\nIF(Import.TipoArredondamento<>\"TransfereGOV\",\nROUND(OFFSET($P50,0,AC$13),15-13*ORÇAMENTO!$AF$7)/$H50*OFFSET(ORÇAMENTO!$X$15,ROW(AC50)-ROW(AC$15),0),\nROUND(ROUND(OFFSET($P50,0,AC$13),15-13*ORÇAMENTO!$AF$7)*OFFSET(ORÇAMENTO!$W$15,ROW(AC50)-ROW(AC$15),0),15-13*ORÇAMENTO!$AF$11)),0)","v":0},{"$f":"IF(AND($D50=\"Serviço\",AD$12<>0,$H50>0,OR(AUTOEVENTO<>\"manual\",$M50<>1)),\nIF(Import.TipoArredondamento<>\"TransfereGOV\",\nROUND(OFFSET($P50,0,AD$13),15-13*ORÇAMENTO!$AF$7)/$H50*OFFSET(ORÇAMENTO!$X$15,ROW(AD50)-ROW(AD$15),0),\nROUND(ROUND(OFFSET($P50,0,AD$13),15-13*ORÇAMENTO!$AF$7)*OFFSET(ORÇAMENTO!$W$15,ROW(AD50)-ROW(AD$15),0),15-13*ORÇAMENTO!$AF$11)),0)","v":0},{"$f":"IF(AND($D50=\"Serviço\",AE$12<>0,$H50>0,OR(AUTOEVENTO<>\"manual\",$M50<>1)),\nIF(Import.TipoArredondamento<>\"TransfereGOV\",\nROUND(OFFSET($P50,0,AE$13),15-13*ORÇAMENTO!$AF$7)/$H50*OFFSET(ORÇAMENTO!$X$15,ROW(AE50)-ROW(AE$15),0),\nROUND(ROUND(OFFSET($P50,0,AE$13),15-13*ORÇAMENTO!$AF$7)*OFFSET(ORÇAMENTO!$W$15,ROW(AE50)-ROW(AE$15),0),15-13*ORÇAMENTO!$AF$11)),0)","v":0},{"$f":"IF(AND($D50=\"Serviço\",AF$12<>0,$H50>0,OR(AUTOEVENTO<>\"manual\",$M50<>1)),\nIF(Import.TipoArredondamento<>\"TransfereGOV\",\nROUND(OFFSET($P50,0,AF$13),15-13*ORÇAMENTO!$AF$7)/$H50*OFFSET(ORÇAMENTO!$X$15,ROW(AF50)-ROW(AF$15),0),\nROUND(ROUND(OFFSET($P50,0,AF$13),15-13*ORÇAMENTO!$AF$7)*OFFSET(ORÇAMENTO!$W$15,ROW(AF50)-ROW(AF$15),0),15-13*ORÇAMENTO!$AF$11)),0)","v":0},{"$f":"IF(AND($D50=\"Serviço\",AG$12<>0,$H50>0,OR(AUTOEVENTO<>\"manual\",$M50<>1)),\nIF(Import.TipoArredondamento<>\"TransfereGOV\",\nROUND(OFFSET($P50,0,AG$13),15-13*ORÇAMENTO!$AF$7)/$H50*OFFSET(ORÇAMENTO!$X$15,ROW(AG50)-ROW(AG$15),0),\nROUND(ROUND(OFFSET($P50,0,AG$13),15-13*ORÇAMENTO!$AF$7)*OFFSET(ORÇAMENTO!$W$15,ROW(AG50)-ROW(AG$15),0),15-13*ORÇAMENTO!$AF$11)),0)","v":0},{"$f":"IF(AND($D50=\"Serviço\",AH$12<>0,$H50>0,OR(AUTOEVENTO<>\"manual\",$M50<>1)),\nIF(Import.TipoArredondamento<>\"TransfereGOV\",\nROUND(OFFSET($P50,0,AH$13),15-13*ORÇAMENTO!$AF$7)/$H50*OFFSET(ORÇAMENTO!$X$15,ROW(AH50)-ROW(AH$15),0),\nROUND(ROUND(OFFSET($P50,0,AH$13),15-13*ORÇAMENTO!$AF$7)*OFFSET(ORÇAMENTO!$W$15,ROW(AH50)-ROW(AH$15),0),15-13*ORÇAMENTO!$AF$11)),0)","v":0},{"$f":"IF(AND($D50=\"Serviço\",AI$12<>0,$H50>0,OR(AUTOEVENTO<>\"manual\",$M50<>1)),\nIF(Import.TipoArredondamento<>\"TransfereGOV\",\nROUND(OFFSET($P50,0,AI$13),15-13*ORÇAMENTO!$AF$7)/$H50*OFFSET(ORÇAMENTO!$X$15,ROW(AI50)-ROW(AI$15),0),\nROUND(ROUND(OFFSET($P50,0,AI$13),15-13*ORÇAMENTO!$AF$7)*OFFSET(ORÇAMENTO!$W$15,ROW(AI50)-ROW(AI$15),0),15-13*ORÇAMENTO!$AF$11)),0)","v":0},{"$f":"IF(AND($D50=\"Serviço\",AJ$12<>0,$H50>0,OR(AUTOEVENTO<>\"manual\",$M50<>1)),\nIF(Import.TipoArredondamento<>\"TransfereGOV\",\nROUND(OFFSET($P50,0,AJ$13),15-13*ORÇAMENTO!$AF$7)/$H50*OFFSET(ORÇAMENTO!$X$15,ROW(AJ50)-ROW(AJ$15),0),\nROUND(ROUND(OFFSET($P50,0,AJ$13),15-13*ORÇAMENTO!$AF$7)*OFFSET(ORÇAMENTO!$W$15,ROW(AJ50)-ROW(AJ$15),0),15-13*ORÇAMENTO!$AF$11)),0)","v":0},{"$f":"IF(AND($D50=\"Serviço\",AK$12<>0,$H50>0,OR(AUTOEVENTO<>\"manual\",$M50<>1)),\nIF(Import.TipoArredondamento<>\"TransfereGOV\",\nROUND(OFFSET($P50,0,AK$13),15-13*ORÇAMENTO!$AF$7)/$H50*OFFSET(ORÇAMENTO!$X$15,ROW(AK50)-ROW(AK$15),0),\nROUND(ROUND(OFFSET($P50,0,AK$13),15-13*ORÇAMENTO!$AF$7)*OFFSET(ORÇAMENTO!$W$15,ROW(AK50)-ROW(AK$15),0),15-13*ORÇAMENTO!$AF$11)),0)","v":0},null,{"$f":"IF($D50<>\"Serviço\",0,IF(AND(AUTOEVENTO=\"Manual\",$M50=1),0,IF(OFFSET(CRONOPLE!$F$14,$M50,AM$13)=\"\",10^12,OFFSET(CRONOPLE!$F$14,$M50,AM$13))))","v":0},{"$f":"IF($D50<>\"Serviço\",0,IF(AND(AUTOEVENTO=\"Manual\",$M50=1),0,IF(OFFSET(CRONOPLE!$F$14,$M50,AN$13)=\"\",10^12,OFFSET(CRONOPLE!$F$14,$M50,AN$13))))","v":0},{"$f":"IF($D50<>\"Serviço\",0,IF(AND(AUTOEVENTO=\"Manual\",$M50=1),0,IF(OFFSET(CRONOPLE!$F$14,$M50,AO$13)=\"\",10^12,OFFSET(CRONOPLE!$F$14,$M50,AO$13))))","v":0},{"$f":"IF($D50<>\"Serviço\",0,IF(AND(AUTOEVENTO=\"Manual\",$M50=1),0,IF(OFFSET(CRONOPLE!$F$14,$M50,AP$13)=\"\",10^12,OFFSET(CRONOPLE!$F$14,$M50,AP$13))))","v":0},{"$f":"IF($D50<>\"Serviço\",0,IF(AND(AUTOEVENTO=\"Manual\",$M50=1),0,IF(OFFSET(CRONOPLE!$F$14,$M50,AQ$13)=\"\",10^12,OFFSET(CRONOPLE!$F$14,$M50,AQ$13))))","v":0},{"$f":"IF($D50<>\"Serviço\",0,IF(AND(AUTOEVENTO=\"Manual\",$M50=1),0,IF(OFFSET(CRONOPLE!$F$14,$M50,AR$13)=\"\",10^12,OFFSET(CRONOPLE!$F$14,$M50,AR$13))))","v":0},{"$f":"IF($D50<>\"Serviço\",0,IF(AND(AUTOEVENTO=\"Manual\",$M50=1),0,IF(OFFSET(CRONOPLE!$F$14,$M50,AS$13)=\"\",10^12,OFFSET(CRONOPLE!$F$14,$M50,AS$13))))","v":0},{"$f":"IF($D50<>\"Serviço\",0,IF(AND(AUTOEVENTO=\"Manual\",$M50=1),0,IF(OFFSET(CRONOPLE!$F$14,$M50,AT$13)=\"\",10^12,OFFSET(CRONOPLE!$F$14,$M50,AT$13))))","v":0},{"$f":"IF($D50<>\"Serviço\",0,IF(AND(AUTOEVENTO=\"Manual\",$M50=1),0,IF(OFFSET(CRONOPLE!$F$14,$M50,AU$13)=\"\",10^12,OFFSET(CRONOPLE!$F$14,$M50,AU$13))))","v":0},{"$f":"IF($D50<>\"Serviço\",0,IF(AND(AUTOEVENTO=\"Manual\",$M50=1),0,IF(OFFSET(CRONOPLE!$F$14,$M50,AV$13)=\"\",10^12,OFFSET(CRONOPLE!$F$14,$M50,AV$13))))","v":0},null,{"$f":"IF($D50<>\"Serviço\",0,IF(OR(AND(AUTOEVENTO=\"Manual\",$M50=1),$M50>(ROW(PLE.lastrow)-ROW(PLE.firstrow))),0,IF(OFFSET(PLE!$G$14,$M50,AX$13)=\"\",10^12,OFFSET(PLE!$G$14,$M50,AX$13))))","v":0},{"$f":"IF($D50<>\"Serviço\",0,IF(OR(AND(AUTOEVENTO=\"Manual\",$M50=1),$M50>(ROW(PLE.lastrow)-ROW(PLE.firstrow))),0,IF(OFFSET(PLE!$G$14,$M50,AY$13)=\"\",10^12,OFFSET(PLE!$G$14,$M50,AY$13))))","v":0},{"$f":"IF($D50<>\"Serviço\",0,IF(OR(AND(AUTOEVENTO=\"Manual\",$M50=1),$M50>(ROW(PLE.lastrow)-ROW(PLE.firstrow))),0,IF(OFFSET(PLE!$G$14,$M50,AZ$13)=\"\",10^12,OFFSET(PLE!$G$14,$M50,AZ$13))))","v":0},{"$f":"IF($D50<>\"Serviço\",0,IF(OR(AND(AUTOEVENTO=\"Manual\",$M50=1),$M50>(ROW(PLE.lastrow)-ROW(PLE.firstrow))),0,IF(OFFSET(PLE!$G$14,$M50,BA$13)=\"\",10^12,OFFSET(PLE!$G$14,$M50,BA$13))))","v":0},{"$f":"IF($D50<>\"Serviço\",0,IF(OR(AND(AUTOEVENTO=\"Manual\",$M50=1),$M50>(ROW(PLE.lastrow)-ROW(PLE.firstrow))),0,IF(OFFSET(PLE!$G$14,$M50,BB$13)=\"\",10^12,OFFSET(PLE!$G$14,$M50,BB$13))))","v":0},{"$f":"IF($D50<>\"Serviço\",0,IF(OR(AND(AUTOEVENTO=\"Manual\",$M50=1),$M50>(ROW(PLE.lastrow)-ROW(PLE.firstrow))),0,IF(OFFSET(PLE!$G$14,$M50,BC$13)=\"\",10^12,OFFSET(PLE!$G$14,$M50,BC$13))))","v":0},{"$f":"IF($D50<>\"Serviço\",0,IF(OR(AND(AUTOEVENTO=\"Manual\",$M50=1),$M50>(ROW(PLE.lastrow)-ROW(PLE.firstrow))),0,IF(OFFSET(PLE!$G$14,$M50,BD$13)=\"\",10^12,OFFSET(PLE!$G$14,$M50,BD$13))))","v":0},{"$f":"IF($D50<>\"Serviço\",0,IF(OR(AND(AUTOEVENTO=\"Manual\",$M50=1),$M50>(ROW(PLE.lastrow)-ROW(PLE.firstrow))),0,IF(OFFSET(PLE!$G$14,$M50,BE$13)=\"\",10^12,OFFSET(PLE!$G$14,$M50,BE$13))))","v":0},{"$f":"IF($D50<>\"Serviço\",0,IF(OR(AND(AUTOEVENTO=\"Manual\",$M50=1),$M50>(ROW(PLE.lastrow)-ROW(PLE.firstrow))),0,IF(OFFSET(PLE!$G$14,$M50,BF$13)=\"\",10^12,OFFSET(PLE!$G$14,$M50,BF$13))))","v":0},{"$f":"IF($D50<>\"Serviço\",0,IF(OR(AND(AUTOEVENTO=\"Manual\",$M50=1),$M50>(ROW(PLE.lastrow)-ROW(PLE.firstrow))),0,IF(OFFSET(PLE!$G$14,$M50,BG$13)=\"\",10^12,OFFSET(PLE!$G$14,$M50,BG$13))))","v":0}]
["24",{"$f":"OFFSET(ORÇAMENTO!C$15,ROW(B51)-ROW(B$15),0)","v":"S"},{"$f":"OFFSET(ORÇAMENTO!L$15,ROW(C51)-ROW(C$15),0)","v":"F"},{"$f":"OFFSET(ORÇAMENTO!N$15,ROW(D51)-ROW(D$15),0)","v":"Serviço"},{"$f":"OFFSET(ORÇAMENTO!O$15,ROW(E51)-ROW(E$15),0)","v":"1.3.3.0.1."},{"$f":"OFFSET(ORÇAMENTO!R$15,ROW(F51)-ROW(F$15),0)","v":"LASTRO COM MATERIAL GRANULAR, APLICADO EM PISOS OU LAJES SOBRE SOLO, ESPESSURA DE *5 CM*. AF_01/2024"},{"$f":"IF($D51<>\"Serviço\",\"\",OFFSET(ORÇAMENTO!S$15,ROW(G51)-ROW(G$15),0))","v":"M3"},{"$f":"IF($D51<>\"Serviço\",0,IF(ACOMPANHAMENTO=\"BM\",ROUND(OFFSET(ORÇAMENTO!AJ$15,ROW(H51)-ROW(H$15),0),15-13*ORÇAMENTO!$AF$7),SUMPRODUCT(($Q$12:$AA$12<>\"\")*ROUND($Q51:$AA51,15-13*ORÇAMENTO!$AF$7))))","v":6.48},null,null,null,".",{"$f":"IF($D51<>\"Serviço\",\"\",IF(AUTOEVENTO=\"manual\",$A51,IF(ISERROR(MATCH($A51,$A$15:OFFSET($A51,-1,0),0)),MAX($M$15:OFFSET(M51,-1,0))+1,INDEX($M$15:OFFSET(M51,-1,0),MATCH($A51,$A$15:OFFSET($A51,-1,0),0)))))","v":4},{"$f":"IF($D51<>\"Serviço\",\"\",IF(AUTOEVENTO=\"Manual\",IF($A51=0,\"<-- defina o número do agrupador\",OFFSET(EVENTOS!$D$14,$A51,0)),OFFSET($F$15,$A51,0)))","v":"ESTRUTURAS"},null,null,null,null,null,null,null,null,null,null,null,null,null,{"$f":"IF(AND($D51=\"Serviço\",AB$12<>0,$H51>0,OR(AUTOEVENTO<>\"manual\",$M51<>1)),\nIF(Import.TipoArredondamento<>\"TransfereGOV\",\nROUND(OFFSET($P51,0,AB$13),15-13*ORÇAMENTO!$AF$7)/$H51*OFFSET(ORÇAMENTO!$X$15,ROW(AB51)-ROW(AB$15),0),\nROUND(ROUND(OFFSET($P51,0,AB$13),15-13*ORÇAMENTO!$AF$7)*OFFSET(ORÇAMENTO!$W$15,ROW(AB51)-ROW(AB$15),0),15-13*ORÇAMENTO!$AF$11)),0)","v":0},{"$f":"IF(AND($D51=\"Serviço\",AC$12<>0,$H51>0,OR(AUTOEVENTO<>\"manual\",$M51<>1)),\nIF(Import.TipoArredondamento<>\"TransfereGOV\",\nROUND(OFFSET($P51,0,AC$13),15-13*ORÇAMENTO!$AF$7)/$H51*OFFSET(ORÇAMENTO!$X$15,ROW(AC51)-ROW(AC$15),0),\nROUND(ROUND(OFFSET($P51,0,AC$13),15-13*ORÇAMENTO!$AF$7)*OFFSET(ORÇAMENTO!$W$15,ROW(AC51)-ROW(AC$15),0),15-13*ORÇAMENTO!$AF$11)),0)","v":0},{"$f":"IF(AND($D51=\"Serviço\",AD$12<>0,$H51>0,OR(AUTOEVENTO<>\"manual\",$M51<>1)),\nIF(Import.TipoArredondamento<>\"TransfereGOV\",\nROUND(OFFSET($P51,0,AD$13),15-13*ORÇAMENTO!$AF$7)/$H51*OFFSET(ORÇAMENTO!$X$15,ROW(AD51)-ROW(AD$15),0),\nROUND(ROUND(OFFSET($P51,0,AD$13),15-13*ORÇAMENTO!$AF$7)*OFFSET(ORÇAMENTO!$W$15,ROW(AD51)-ROW(AD$15),0),15-13*ORÇAMENTO!$AF$11)),0)","v":0},{"$f":"IF(AND($D51=\"Serviço\",AE$12<>0,$H51>0,OR(AUTOEVENTO<>\"manual\",$M51<>1)),\nIF(Import.TipoArredondamento<>\"TransfereGOV\",\nROUND(OFFSET($P51,0,AE$13),15-13*ORÇAMENTO!$AF$7)/$H51*OFFSET(ORÇAMENTO!$X$15,ROW(AE51)-ROW(AE$15),0),\nROUND(ROUND(OFFSET($P51,0,AE$13),15-13*ORÇAMENTO!$AF$7)*OFFSET(ORÇAMENTO!$W$15,ROW(AE51)-ROW(AE$15),0),15-13*ORÇAMENTO!$AF$11)),0)","v":0},{"$f":"IF(AND($D51=\"Serviço\",AF$12<>0,$H51>0,OR(AUTOEVENTO<>\"manual\",$M51<>1)),\nIF(Import.TipoArredondamento<>\"TransfereGOV\",\nROUND(OFFSET($P51,0,AF$13),15-13*ORÇAMENTO!$AF$7)/$H51*OFFSET(ORÇAMENTO!$X$15,ROW(AF51)-ROW(AF$15),0),\nROUND(ROUND(OFFSET($P51,0,AF$13),15-13*ORÇAMENTO!$AF$7)*OFFSET(ORÇAMENTO!$W$15,ROW(AF51)-ROW(AF$15),0),15-13*ORÇAMENTO!$AF$11)),0)","v":0},{"$f":"IF(AND($D51=\"Serviço\",AG$12<>0,$H51>0,OR(AUTOEVENTO<>\"manual\",$M51<>1)),\nIF(Import.TipoArredondamento<>\"TransfereGOV\",\nROUND(OFFSET($P51,0,AG$13),15-13*ORÇAMENTO!$AF$7)/$H51*OFFSET(ORÇAMENTO!$X$15,ROW(AG51)-ROW(AG$15),0),\nROUND(ROUND(OFFSET($P51,0,AG$13),15-13*ORÇAMENTO!$AF$7)*OFFSET(ORÇAMENTO!$W$15,ROW(AG51)-ROW(AG$15),0),15-13*ORÇAMENTO!$AF$11)),0)","v":0},{"$f":"IF(AND($D51=\"Serviço\",AH$12<>0,$H51>0,OR(AUTOEVENTO<>\"manual\",$M51<>1)),\nIF(Import.TipoArredondamento<>\"TransfereGOV\",\nROUND(OFFSET($P51,0,AH$13),15-13*ORÇAMENTO!$AF$7)/$H51*OFFSET(ORÇAMENTO!$X$15,ROW(AH51)-ROW(AH$15),0),\nROUND(ROUND(OFFSET($P51,0,AH$13),15-13*ORÇAMENTO!$AF$7)*OFFSET(ORÇAMENTO!$W$15,ROW(AH51)-ROW(AH$15),0),15-13*ORÇAMENTO!$AF$11)),0)","v":0},{"$f":"IF(AND($D51=\"Serviço\",AI$12<>0,$H51>0,OR(AUTOEVENTO<>\"manual\",$M51<>1)),\nIF(Import.TipoArredondamento<>\"TransfereGOV\",\nROUND(OFFSET($P51,0,AI$13),15-13*ORÇAMENTO!$AF$7)/$H51*OFFSET(ORÇAMENTO!$X$15,ROW(AI51)-ROW(AI$15),0),\nROUND(ROUND(OFFSET($P51,0,AI$13),15-13*ORÇAMENTO!$AF$7)*OFFSET(ORÇAMENTO!$W$15,ROW(AI51)-ROW(AI$15),0),15-13*ORÇAMENTO!$AF$11)),0)","v":0},{"$f":"IF(AND($D51=\"Serviço\",AJ$12<>0,$H51>0,OR(AUTOEVENTO<>\"manual\",$M51<>1)),\nIF(Import.TipoArredondamento<>\"TransfereGOV\",\nROUND(OFFSET($P51,0,AJ$13),15-13*ORÇAMENTO!$AF$7)/$H51*OFFSET(ORÇAMENTO!$X$15,ROW(AJ51)-ROW(AJ$15),0),\nROUND(ROUND(OFFSET($P51,0,AJ$13),15-13*ORÇAMENTO!$AF$7)*OFFSET(ORÇAMENTO!$W$15,ROW(AJ51)-ROW(AJ$15),0),15-13*ORÇAMENTO!$AF$11)),0)","v":0},{"$f":"IF(AND($D51=\"Serviço\",AK$12<>0,$H51>0,OR(AUTOEVENTO<>\"manual\",$M51<>1)),\nIF(Import.TipoArredondamento<>\"TransfereGOV\",\nROUND(OFFSET($P51,0,AK$13),15-13*ORÇAMENTO!$AF$7)/$H51*OFFSET(ORÇAMENTO!$X$15,ROW(AK51)-ROW(AK$15),0),\nROUND(ROUND(OFFSET($P51,0,AK$13),15-13*ORÇAMENTO!$AF$7)*OFFSET(ORÇAMENTO!$W$15,ROW(AK51)-ROW(AK$15),0),15-13*ORÇAMENTO!$AF$11)),0)","v":0},null,{"$f":"IF($D51<>\"Serviço\",0,IF(AND(AUTOEVENTO=\"Manual\",$M51=1),0,IF(OFFSET(CRONOPLE!$F$14,$M51,AM$13)=\"\",10^12,OFFSET(CRONOPLE!$F$14,$M51,AM$13))))","v":1000000000000},{"$f":"IF($D51<>\"Serviço\",0,IF(AND(AUTOEVENTO=\"Manual\",$M51=1),0,IF(OFFSET(CRONOPLE!$F$14,$M51,AN$13)=\"\",10^12,OFFSET(CRONOPLE!$F$14,$M51,AN$13))))","v":1000000000000},{"$f":"IF($D51<>\"Serviço\",0,IF(AND(AUTOEVENTO=\"Manual\",$M51=1),0,IF(OFFSET(CRONOPLE!$F$14,$M51,AO$13)=\"\",10^12,OFFSET(CRONOPLE!$F$14,$M51,AO$13))))","v":1000000000000},{"$f":"IF($D51<>\"Serviço\",0,IF(AND(AUTOEVENTO=\"Manual\",$M51=1),0,IF(OFFSET(CRONOPLE!$F$14,$M51,AP$13)=\"\",10^12,OFFSET(CRONOPLE!$F$14,$M51,AP$13))))","v":1000000000000},{"$f":"IF($D51<>\"Serviço\",0,IF(AND(AUTOEVENTO=\"Manual\",$M51=1),0,IF(OFFSET(CRONOPLE!$F$14,$M51,AQ$13)=\"\",10^12,OFFSET(CRONOPLE!$F$14,$M51,AQ$13))))","v":1000000000000},{"$f":"IF($D51<>\"Serviço\",0,IF(AND(AUTOEVENTO=\"Manual\",$M51=1),0,IF(OFFSET(CRONOPLE!$F$14,$M51,AR$13)=\"\",10^12,OFFSET(CRONOPLE!$F$14,$M51,AR$13))))","v":1000000000000},{"$f":"IF($D51<>\"Serviço\",0,IF(AND(AUTOEVENTO=\"Manual\",$M51=1),0,IF(OFFSET(CRONOPLE!$F$14,$M51,AS$13)=\"\",10^12,OFFSET(CRONOPLE!$F$14,$M51,AS$13))))","v":1000000000000},{"$f":"IF($D51<>\"Serviço\",0,IF(AND(AUTOEVENTO=\"Manual\",$M51=1),0,IF(OFFSET(CRONOPLE!$F$14,$M51,AT$13)=\"\",10^12,OFFSET(CRONOPLE!$F$14,$M51,AT$13))))","v":1000000000000},{"$f":"IF($D51<>\"Serviço\",0,IF(AND(AUTOEVENTO=\"Manual\",$M51=1),0,IF(OFFSET(CRONOPLE!$F$14,$M51,AU$13)=\"\",10^12,OFFSET(CRONOPLE!$F$14,$M51,AU$13))))","v":1000000000000},{"$f":"IF($D51<>\"Serviço\",0,IF(AND(AUTOEVENTO=\"Manual\",$M51=1),0,IF(OFFSET(CRONOPLE!$F$14,$M51,AV$13)=\"\",10^12,OFFSET(CRONOPLE!$F$14,$M51,AV$13))))","v":1000000000000},null,{"$f":"IF($D51<>\"Serviço\",0,IF(OR(AND(AUTOEVENTO=\"Manual\",$M51=1),$M51>(ROW(PLE.lastrow)-ROW(PLE.firstrow))),0,IF(OFFSET(PLE!$G$14,$M51,AX$13)=\"\",10^12,OFFSET(PLE!$G$14,$M51,AX$13))))","v":1000000000000},{"$f":"IF($D51<>\"Serviço\",0,IF(OR(AND(AUTOEVENTO=\"Manual\",$M51=1),$M51>(ROW(PLE.lastrow)-ROW(PLE.firstrow))),0,IF(OFFSET(PLE!$G$14,$M51,AY$13)=\"\",10^12,OFFSET(PLE!$G$14,$M51,AY$13))))","v":1000000000000},{"$f":"IF($D51<>\"Serviço\",0,IF(OR(AND(AUTOEVENTO=\"Manual\",$M51=1),$M51>(ROW(PLE.lastrow)-ROW(PLE.firstrow))),0,IF(OFFSET(PLE!$G$14,$M51,AZ$13)=\"\",10^12,OFFSET(PLE!$G$14,$M51,AZ$13))))","v":1000000000000},{"$f":"IF($D51<>\"Serviço\",0,IF(OR(AND(AUTOEVENTO=\"Manual\",$M51=1),$M51>(ROW(PLE.lastrow)-ROW(PLE.firstrow))),0,IF(OFFSET(PLE!$G$14,$M51,BA$13)=\"\",10^12,OFFSET(PLE!$G$14,$M51,BA$13))))","v":1000000000000},{"$f":"IF($D51<>\"Serviço\",0,IF(OR(AND(AUTOEVENTO=\"Manual\",$M51=1),$M51>(ROW(PLE.lastrow)-ROW(PLE.firstrow))),0,IF(OFFSET(PLE!$G$14,$M51,BB$13)=\"\",10^12,OFFSET(PLE!$G$14,$M51,BB$13))))","v":1000000000000},{"$f":"IF($D51<>\"Serviço\",0,IF(OR(AND(AUTOEVENTO=\"Manual\",$M51=1),$M51>(ROW(PLE.lastrow)-ROW(PLE.firstrow))),0,IF(OFFSET(PLE!$G$14,$M51,BC$13)=\"\",10^12,OFFSET(PLE!$G$14,$M51,BC$13))))","v":1000000000000},{"$f":"IF($D51<>\"Serviço\",0,IF(OR(AND(AUTOEVENTO=\"Manual\",$M51=1),$M51>(ROW(PLE.lastrow)-ROW(PLE.firstrow))),0,IF(OFFSET(PLE!$G$14,$M51,BD$13)=\"\",10^12,OFFSET(PLE!$G$14,$M51,BD$13))))","v":1000000000000},{"$f":"IF($D51<>\"Serviço\",0,IF(OR(AND(AUTOEVENTO=\"Manual\",$M51=1),$M51>(ROW(PLE.lastrow)-ROW(PLE.firstrow))),0,IF(OFFSET(PLE!$G$14,$M51,BE$13)=\"\",10^12,OFFSET(PLE!$G$14,$M51,BE$13))))","v":1000000000000},{"$f":"IF($D51<>\"Serviço\",0,IF(OR(AND(AUTOEVENTO=\"Manual\",$M51=1),$M51>(ROW(PLE.lastrow)-ROW(PLE.firstrow))),0,IF(OFFSET(PLE!$G$14,$M51,BF$13)=\"\",10^12,OFFSET(PLE!$G$14,$M51,BF$13))))","v":1000000000000},{"$f":"IF($D51<>\"Serviço\",0,IF(OR(AND(AUTOEVENTO=\"Manual\",$M51=1),$M51>(ROW(PLE.lastrow)-ROW(PLE.firstrow))),0,IF(OFFSET(PLE!$G$14,$M51,BG$13)=\"\",10^12,OFFSET(PLE!$G$14,$M51,BG$13))))","v":1000000000000}]
["24",{"$f":"OFFSET(ORÇAMENTO!C$15,ROW(B52)-ROW(B$15),0)","v":"S"},{"$f":"OFFSET(ORÇAMENTO!L$15,ROW(C52)-ROW(C$15),0)","v":"F"},{"$f":"OFFSET(ORÇAMENTO!N$15,ROW(D52)-ROW(D$15),0)","v":"Serviço"},{"$f":"OFFSET(ORÇAMENTO!O$15,ROW(E52)-ROW(E$15),0)","v":"1.3.3.0.2."},{"$f":"OFFSET(ORÇAMENTO!R$15,ROW(F52)-ROW(F$15),0)","v":"TELA DE ACO SOLDADA NERVURADA, CA-60, Q-113, (1,8 KG/M2), DIAMETRO DO FIO = 3,8 MM, LARGURA = 2,45 M, ESPACAMENTO DA MALHA = 10 X 10 CM                                                                                                                                                                                                                                                                                                                                                                   "},{"$f":"IF($D52<>\"Serviço\",\"\",OFFSET(ORÇAMENTO!S$15,ROW(G52)-ROW(G$15),0))","v":"M2    "},{"$f":"IF($D52<>\"Serviço\",0,IF(ACOMPANHAMENTO=\"BM\",ROUND(OFFSET(ORÇAMENTO!AJ$15,ROW(H52)-ROW(H$15),0),15-13*ORÇAMENTO!$AF$7),SUMPRODUCT(($Q$12:$AA$12<>\"\")*ROUND($Q52:$AA52,15-13*ORÇAMENTO!$AF$7))))","v":233.3},null,null,null,".",{"$f":"IF($D52<>\"Serviço\",\"\",IF(AUTOEVENTO=\"manual\",$A52,IF(ISERROR(MATCH($A52,$A$15:OFFSET($A52,-1,0),0)),MAX($M$15:OFFSET(M52,-1,0))+1,INDEX($M$15:OFFSET(M52,-1,0),MATCH($A52,$A$15:OFFSET($A52,-1,0),0)))))","v":4},{"$f":"IF($D52<>\"Serviço\",\"\",IF(AUTOEVENTO=\"Manual\",IF($A52=0,\"<-- defina o número do agrupador\",OFFSET(EVENTOS!$D$14,$A52,0)),OFFSET($F$15,$A52,0)))","v":"ESTRUTURAS"},null,null,null,null,null,null,null,null,null,null,null,null,null,{"$f":"IF(AND($D52=\"Serviço\",AB$12<>0,$H52>0,OR(AUTOEVENTO<>\"manual\",$M52<>1)),\nIF(Import.TipoArredondamento<>\"TransfereGOV\",\nROUND(OFFSET($P52,0,AB$13),15-13*ORÇAMENTO!$AF$7)/$H52*OFFSET(ORÇAMENTO!$X$15,ROW(AB52)-ROW(AB$15),0),\nROUND(ROUND(OFFSET($P52,0,AB$13),15-13*ORÇAMENTO!$AF$7)*OFFSET(ORÇAMENTO!$W$15,ROW(AB52)-ROW(AB$15),0),15-13*ORÇAMENTO!$AF$11)),0)","v":0},{"$f":"IF(AND($D52=\"Serviço\",AC$12<>0,$H52>0,OR(AUTOEVENTO<>\"manual\",$M52<>1)),\nIF(Import.TipoArredondamento<>\"TransfereGOV\",\nROUND(OFFSET($P52,0,AC$13),15-13*ORÇAMENTO!$AF$7)/$H52*OFFSET(ORÇAMENTO!$X$15,ROW(AC52)-ROW(AC$15),0),\nROUND(ROUND(OFFSET($P52,0,AC$13),15-13*ORÇAMENTO!$AF$7)*OFFSET(ORÇAMENTO!$W$15,ROW(AC52)-ROW(AC$15),0),15-13*ORÇAMENTO!$AF$11)),0)","v":0},{"$f":"IF(AND($D52=\"Serviço\",AD$12<>0,$H52>0,OR(AUTOEVENTO<>\"manual\",$M52<>1)),\nIF(Import.TipoArredondamento<>\"TransfereGOV\",\nROUND(OFFSET($P52,0,AD$13),15-13*ORÇAMENTO!$AF$7)/$H52*OFFSET(ORÇAMENTO!$X$15,ROW(AD52)-ROW(AD$15),0),\nROUND(ROUND(OFFSET($P52,0,AD$13),15-13*ORÇAMENTO!$AF$7)*OFFSET(ORÇAMENTO!$W$15,ROW(AD52)-ROW(AD$15),0),15-13*ORÇAMENTO!$AF$11)),0)","v":0},{"$f":"IF(AND($D52=\"Serviço\",AE$12<>0,$H52>0,OR(AUTOEVENTO<>\"manual\",$M52<>1)),\nIF(Import.TipoArredondamento<>\"TransfereGOV\",\nROUND(OFFSET($P52,0,AE$13),15-13*ORÇAMENTO!$AF$7)/$H52*OFFSET(ORÇAMENTO!$X$15,ROW(AE52)-ROW(AE$15),0),\nROUND(ROUND(OFFSET($P52,0,AE$13),15-13*ORÇAMENTO!$AF$7)*OFFSET(ORÇAMENTO!$W$15,ROW(AE52)-ROW(AE$15),0),15-13*ORÇAMENTO!$AF$11)),0)","v":0},{"$f":"IF(AND($D52=\"Serviço\",AF$12<>0,$H52>0,OR(AUTOEVENTO<>\"manual\",$M52<>1)),\nIF(Import.TipoArredondamento<>\"TransfereGOV\",\nROUND(OFFSET($P52,0,AF$13),15-13*ORÇAMENTO!$AF$7)/$H52*OFFSET(ORÇAMENTO!$X$15,ROW(AF52)-ROW(AF$15),0),\nROUND(ROUND(OFFSET($P52,0,AF$13),15-13*ORÇAMENTO!$AF$7)*OFFSET(ORÇAMENTO!$W$15,ROW(AF52)-ROW(AF$15),0),15-13*ORÇAMENTO!$AF$11)),0)","v":0},{"$f":"IF(AND($D52=\"Serviço\",AG$12<>0,$H52>0,OR(AUTOEVENTO<>\"manual\",$M52<>1)),\nIF(Import.TipoArredondamento<>\"TransfereGOV\",\nROUND(OFFSET($P52,0,AG$13),15-13*ORÇAMENTO!$AF$7)/$H52*OFFSET(ORÇAMENTO!$X$15,ROW(AG52)-ROW(AG$15),0),\nROUND(ROUND(OFFSET($P52,0,AG$13),15-13*ORÇAMENTO!$AF$7)*OFFSET(ORÇAMENTO!$W$15,ROW(AG52)-ROW(AG$15),0),15-13*ORÇAMENTO!$AF$11)),0)","v":0},{"$f":"IF(AND($D52=\"Serviço\",AH$12<>0,$H52>0,OR(AUTOEVENTO<>\"manual\",$M52<>1)),\nIF(Import.TipoArredondamento<>\"TransfereGOV\",\nROUND(OFFSET($P52,0,AH$13),15-13*ORÇAMENTO!$AF$7)/$H52*OFFSET(ORÇAMENTO!$X$15,ROW(AH52)-ROW(AH$15),0),\nROUND(ROUND(OFFSET($P52,0,AH$13),15-13*ORÇAMENTO!$AF$7)*OFFSET(ORÇAMENTO!$W$15,ROW(AH52)-ROW(AH$15),0),15-13*ORÇAMENTO!$AF$11)),0)","v":0},{"$f":"IF(AND($D52=\"Serviço\",AI$12<>0,$H52>0,OR(AUTOEVENTO<>\"manual\",$M52<>1)),\nIF(Import.TipoArredondamento<>\"TransfereGOV\",\nROUND(OFFSET($P52,0,AI$13),15-13*ORÇAMENTO!$AF$7)/$H52*OFFSET(ORÇAMENTO!$X$15,ROW(AI52)-ROW(AI$15),0),\nROUND(ROUND(OFFSET($P52,0,AI$13),15-13*ORÇAMENTO!$AF$7)*OFFSET(ORÇAMENTO!$W$15,ROW(AI52)-ROW(AI$15),0),15-13*ORÇAMENTO!$AF$11)),0)","v":0},{"$f":"IF(AND($D52=\"Serviço\",AJ$12<>0,$H52>0,OR(AUTOEVENTO<>\"manual\",$M52<>1)),\nIF(Import.TipoArredondamento<>\"TransfereGOV\",\nROUND(OFFSET($P52,0,AJ$13),15-13*ORÇAMENTO!$AF$7)/$H52*OFFSET(ORÇAMENTO!$X$15,ROW(AJ52)-ROW(AJ$15),0),\nROUND(ROUND(OFFSET($P52,0,AJ$13),15-13*ORÇAMENTO!$AF$7)*OFFSET(ORÇAMENTO!$W$15,ROW(AJ52)-ROW(AJ$15),0),15-13*ORÇAMENTO!$AF$11)),0)","v":0},{"$f":"IF(AND($D52=\"Serviço\",AK$12<>0,$H52>0,OR(AUTOEVENTO<>\"manual\",$M52<>1)),\nIF(Import.TipoArredondamento<>\"TransfereGOV\",\nROUND(OFFSET($P52,0,AK$13),15-13*ORÇAMENTO!$AF$7)/$H52*OFFSET(ORÇAMENTO!$X$15,ROW(AK52)-ROW(AK$15),0),\nROUND(ROUND(OFFSET($P52,0,AK$13),15-13*ORÇAMENTO!$AF$7)*OFFSET(ORÇAMENTO!$W$15,ROW(AK52)-ROW(AK$15),0),15-13*ORÇAMENTO!$AF$11)),0)","v":0},null,{"$f":"IF($D52<>\"Serviço\",0,IF(AND(AUTOEVENTO=\"Manual\",$M52=1),0,IF(OFFSET(CRONOPLE!$F$14,$M52,AM$13)=\"\",10^12,OFFSET(CRONOPLE!$F$14,$M52,AM$13))))","v":1000000000000},{"$f":"IF($D52<>\"Serviço\",0,IF(AND(AUTOEVENTO=\"Manual\",$M52=1),0,IF(OFFSET(CRONOPLE!$F$14,$M52,AN$13)=\"\",10^12,OFFSET(CRONOPLE!$F$14,$M52,AN$13))))","v":1000000000000},{"$f":"IF($D52<>\"Serviço\",0,IF(AND(AUTOEVENTO=\"Manual\",$M52=1),0,IF(OFFSET(CRONOPLE!$F$14,$M52,AO$13)=\"\",10^12,OFFSET(CRONOPLE!$F$14,$M52,AO$13))))","v":1000000000000},{"$f":"IF($D52<>\"Serviço\",0,IF(AND(AUTOEVENTO=\"Manual\",$M52=1),0,IF(OFFSET(CRONOPLE!$F$14,$M52,AP$13)=\"\",10^12,OFFSET(CRONOPLE!$F$14,$M52,AP$13))))","v":1000000000000},{"$f":"IF($D52<>\"Serviço\",0,IF(AND(AUTOEVENTO=\"Manual\",$M52=1),0,IF(OFFSET(CRONOPLE!$F$14,$M52,AQ$13)=\"\",10^12,OFFSET(CRONOPLE!$F$14,$M52,AQ$13))))","v":1000000000000},{"$f":"IF($D52<>\"Serviço\",0,IF(AND(AUTOEVENTO=\"Manual\",$M52=1),0,IF(OFFSET(CRONOPLE!$F$14,$M52,AR$13)=\"\",10^12,OFFSET(CRONOPLE!$F$14,$M52,AR$13))))","v":1000000000000},{"$f":"IF($D52<>\"Serviço\",0,IF(AND(AUTOEVENTO=\"Manual\",$M52=1),0,IF(OFFSET(CRONOPLE!$F$14,$M52,AS$13)=\"\",10^12,OFFSET(CRONOPLE!$F$14,$M52,AS$13))))","v":1000000000000},{"$f":"IF($D52<>\"Serviço\",0,IF(AND(AUTOEVENTO=\"Manual\",$M52=1),0,IF(OFFSET(CRONOPLE!$F$14,$M52,AT$13)=\"\",10^12,OFFSET(CRONOPLE!$F$14,$M52,AT$13))))","v":1000000000000},{"$f":"IF($D52<>\"Serviço\",0,IF(AND(AUTOEVENTO=\"Manual\",$M52=1),0,IF(OFFSET(CRONOPLE!$F$14,$M52,AU$13)=\"\",10^12,OFFSET(CRONOPLE!$F$14,$M52,AU$13))))","v":1000000000000},{"$f":"IF($D52<>\"Serviço\",0,IF(AND(AUTOEVENTO=\"Manual\",$M52=1),0,IF(OFFSET(CRONOPLE!$F$14,$M52,AV$13)=\"\",10^12,OFFSET(CRONOPLE!$F$14,$M52,AV$13))))","v":1000000000000},null,{"$f":"IF($D52<>\"Serviço\",0,IF(OR(AND(AUTOEVENTO=\"Manual\",$M52=1),$M52>(ROW(PLE.lastrow)-ROW(PLE.firstrow))),0,IF(OFFSET(PLE!$G$14,$M52,AX$13)=\"\",10^12,OFFSET(PLE!$G$14,$M52,AX$13))))","v":1000000000000},{"$f":"IF($D52<>\"Serviço\",0,IF(OR(AND(AUTOEVENTO=\"Manual\",$M52=1),$M52>(ROW(PLE.lastrow)-ROW(PLE.firstrow))),0,IF(OFFSET(PLE!$G$14,$M52,AY$13)=\"\",10^12,OFFSET(PLE!$G$14,$M52,AY$13))))","v":1000000000000},{"$f":"IF($D52<>\"Serviço\",0,IF(OR(AND(AUTOEVENTO=\"Manual\",$M52=1),$M52>(ROW(PLE.lastrow)-ROW(PLE.firstrow))),0,IF(OFFSET(PLE!$G$14,$M52,AZ$13)=\"\",10^12,OFFSET(PLE!$G$14,$M52,AZ$13))))","v":1000000000000},{"$f":"IF($D52<>\"Serviço\",0,IF(OR(AND(AUTOEVENTO=\"Manual\",$M52=1),$M52>(ROW(PLE.lastrow)-ROW(PLE.firstrow))),0,IF(OFFSET(PLE!$G$14,$M52,BA$13)=\"\",10^12,OFFSET(PLE!$G$14,$M52,BA$13))))","v":1000000000000},{"$f":"IF($D52<>\"Serviço\",0,IF(OR(AND(AUTOEVENTO=\"Manual\",$M52=1),$M52>(ROW(PLE.lastrow)-ROW(PLE.firstrow))),0,IF(OFFSET(PLE!$G$14,$M52,BB$13)=\"\",10^12,OFFSET(PLE!$G$14,$M52,BB$13))))","v":1000000000000},{"$f":"IF($D52<>\"Serviço\",0,IF(OR(AND(AUTOEVENTO=\"Manual\",$M52=1),$M52>(ROW(PLE.lastrow)-ROW(PLE.firstrow))),0,IF(OFFSET(PLE!$G$14,$M52,BC$13)=\"\",10^12,OFFSET(PLE!$G$14,$M52,BC$13))))","v":1000000000000},{"$f":"IF($D52<>\"Serviço\",0,IF(OR(AND(AUTOEVENTO=\"Manual\",$M52=1),$M52>(ROW(PLE.lastrow)-ROW(PLE.firstrow))),0,IF(OFFSET(PLE!$G$14,$M52,BD$13)=\"\",10^12,OFFSET(PLE!$G$14,$M52,BD$13))))","v":1000000000000},{"$f":"IF($D52<>\"Serviço\",0,IF(OR(AND(AUTOEVENTO=\"Manual\",$M52=1),$M52>(ROW(PLE.lastrow)-ROW(PLE.firstrow))),0,IF(OFFSET(PLE!$G$14,$M52,BE$13)=\"\",10^12,OFFSET(PLE!$G$14,$M52,BE$13))))","v":1000000000000},{"$f":"IF($D52<>\"Serviço\",0,IF(OR(AND(AUTOEVENTO=\"Manual\",$M52=1),$M52>(ROW(PLE.lastrow)-ROW(PLE.firstrow))),0,IF(OFFSET(PLE!$G$14,$M52,BF$13)=\"\",10^12,OFFSET(PLE!$G$14,$M52,BF$13))))","v":1000000000000},{"$f":"IF($D52<>\"Serviço\",0,IF(OR(AND(AUTOEVENTO=\"Manual\",$M52=1),$M52>(ROW(PLE.lastrow)-ROW(PLE.firstrow))),0,IF(OFFSET(PLE!$G$14,$M52,BG$13)=\"\",10^12,OFFSET(PLE!$G$14,$M52,BG$13))))","v":1000000000000}]
["24",{"$f":"OFFSET(ORÇAMENTO!C$15,ROW(B53)-ROW(B$15),0)","v":"S"},{"$f":"OFFSET(ORÇAMENTO!L$15,ROW(C53)-ROW(C$15),0)","v":"F"},{"$f":"OFFSET(ORÇAMENTO!N$15,ROW(D53)-ROW(D$15),0)","v":"Serviço"},{"$f":"OFFSET(ORÇAMENTO!O$15,ROW(E53)-ROW(E$15),0)","v":"1.3.3.0.3."},{"$f":"OFFSET(ORÇAMENTO!R$15,ROW(F53)-ROW(F$15),0)","v":"CONCRETAGEM DE RADIER, PISO DE CONCRETO OU LAJE SOBRE SOLO, FCK 30 MPA - LANÇAMENTO, ADENSAMENTO E ACABAMENTO. AF_09/2021"},{"$f":"IF($D53<>\"Serviço\",\"\",OFFSET(ORÇAMENTO!S$15,ROW(G53)-ROW(G$15),0))","v":"M3"},{"$f":"IF($D53<>\"Serviço\",0,IF(ACOMPANHAMENTO=\"BM\",ROUND(OFFSET(ORÇAMENTO!AJ$15,ROW(H53)-ROW(H$15),0),15-13*ORÇAMENTO!$AF$7),SUMPRODUCT(($Q$12:$AA$12<>\"\")*ROUND($Q53:$AA53,15-13*ORÇAMENTO!$AF$7))))","v":6.48},null,null,null,".",{"$f":"IF($D53<>\"Serviço\",\"\",IF(AUTOEVENTO=\"manual\",$A53,IF(ISERROR(MATCH($A53,$A$15:OFFSET($A53,-1,0),0)),MAX($M$15:OFFSET(M53,-1,0))+1,INDEX($M$15:OFFSET(M53,-1,0),MATCH($A53,$A$15:OFFSET($A53,-1,0),0)))))","v":4},{"$f":"IF($D53<>\"Serviço\",\"\",IF(AUTOEVENTO=\"Manual\",IF($A53=0,\"<-- defina o número do agrupador\",OFFSET(EVENTOS!$D$14,$A53,0)),OFFSET($F$15,$A53,0)))","v":"ESTRUTURAS"},null,null,null,null,null,null,null,null,null,null,null,null,null,{"$f":"IF(AND($D53=\"Serviço\",AB$12<>0,$H53>0,OR(AUTOEVENTO<>\"manual\",$M53<>1)),\nIF(Import.TipoArredondamento<>\"TransfereGOV\",\nROUND(OFFSET($P53,0,AB$13),15-13*ORÇAMENTO!$AF$7)/$H53*OFFSET(ORÇAMENTO!$X$15,ROW(AB53)-ROW(AB$15),0),\nROUND(ROUND(OFFSET($P53,0,AB$13),15-13*ORÇAMENTO!$AF$7)*OFFSET(ORÇAMENTO!$W$15,ROW(AB53)-ROW(AB$15),0),15-13*ORÇAMENTO!$AF$11)),0)","v":0},{"$f":"IF(AND($D53=\"Serviço\",AC$12<>0,$H53>0,OR(AUTOEVENTO<>\"manual\",$M53<>1)),\nIF(Import.TipoArredondamento<>\"TransfereGOV\",\nROUND(OFFSET($P53,0,AC$13),15-13*ORÇAMENTO!$AF$7)/$H53*OFFSET(ORÇAMENTO!$X$15,ROW(AC53)-ROW(AC$15),0),\nROUND(ROUND(OFFSET($P53,0,AC$13),15-13*ORÇAMENTO!$AF$7)*OFFSET(ORÇAMENTO!$W$15,ROW(AC53)-ROW(AC$15),0),15-13*ORÇAMENTO!$AF$11)),0)","v":0},{"$f":"IF(AND($D53=\"Serviço\",AD$12<>0,$H53>0,OR(AUTOEVENTO<>\"manual\",$M53<>1)),\nIF(Import.TipoArredondamento<>\"TransfereGOV\",\nROUND(OFFSET($P53,0,AD$13),15-13*ORÇAMENTO!$AF$7)/$H53*OFFSET(ORÇAMENTO!$X$15,ROW(AD53)-ROW(AD$15),0),\nROUND(ROUND(OFFSET($P53,0,AD$13),15-13*ORÇAMENTO!$AF$7)*OFFSET(ORÇAMENTO!$W$15,ROW(AD53)-ROW(AD$15),0),15-13*ORÇAMENTO!$AF$11)),0)","v":0},{"$f":"IF(AND($D53=\"Serviço\",AE$12<>0,$H53>0,OR(AUTOEVENTO<>\"manual\",$M53<>1)),\nIF(Import.TipoArredondamento<>\"TransfereGOV\",\nROUND(OFFSET($P53,0,AE$13),15-13*ORÇAMENTO!$AF$7)/$H53*OFFSET(ORÇAMENTO!$X$15,ROW(AE53)-ROW(AE$15),0),\nROUND(ROUND(OFFSET($P53,0,AE$13),15-13*ORÇAMENTO!$AF$7)*OFFSET(ORÇAMENTO!$W$15,ROW(AE53)-ROW(AE$15),0),15-13*ORÇAMENTO!$AF$11)),0)","v":0},{"$f":"IF(AND($D53=\"Serviço\",AF$12<>0,$H53>0,OR(AUTOEVENTO<>\"manual\",$M53<>1)),\nIF(Import.TipoArredondamento<>\"TransfereGOV\",\nROUND(OFFSET($P53,0,AF$13),15-13*ORÇAMENTO!$AF$7)/$H53*OFFSET(ORÇAMENTO!$X$15,ROW(AF53)-ROW(AF$15),0),\nROUND(ROUND(OFFSET($P53,0,AF$13),15-13*ORÇAMENTO!$AF$7)*OFFSET(ORÇAMENTO!$W$15,ROW(AF53)-ROW(AF$15),0),15-13*ORÇAMENTO!$AF$11)),0)","v":0},{"$f":"IF(AND($D53=\"Serviço\",AG$12<>0,$H53>0,OR(AUTOEVENTO<>\"manual\",$M53<>1)),\nIF(Import.TipoArredondamento<>\"TransfereGOV\",\nROUND(OFFSET($P53,0,AG$13),15-13*ORÇAMENTO!$AF$7)/$H53*OFFSET(ORÇAMENTO!$X$15,ROW(AG53)-ROW(AG$15),0),\nROUND(ROUND(OFFSET($P53,0,AG$13),15-13*ORÇAMENTO!$AF$7)*OFFSET(ORÇAMENTO!$W$15,ROW(AG53)-ROW(AG$15),0),15-13*ORÇAMENTO!$AF$11)),0)","v":0},{"$f":"IF(AND($D53=\"Serviço\",AH$12<>0,$H53>0,OR(AUTOEVENTO<>\"manual\",$M53<>1)),\nIF(Import.TipoArredondamento<>\"TransfereGOV\",\nROUND(OFFSET($P53,0,AH$13),15-13*ORÇAMENTO!$AF$7)/$H53*OFFSET(ORÇAMENTO!$X$15,ROW(AH53)-ROW(AH$15),0),\nROUND(ROUND(OFFSET($P53,0,AH$13),15-13*ORÇAMENTO!$AF$7)*OFFSET(ORÇAMENTO!$W$15,ROW(AH53)-ROW(AH$15),0),15-13*ORÇAMENTO!$AF$11)),0)","v":0},{"$f":"IF(AND($D53=\"Serviço\",AI$12<>0,$H53>0,OR(AUTOEVENTO<>\"manual\",$M53<>1)),\nIF(Import.TipoArredondamento<>\"TransfereGOV\",\nROUND(OFFSET($P53,0,AI$13),15-13*ORÇAMENTO!$AF$7)/$H53*OFFSET(ORÇAMENTO!$X$15,ROW(AI53)-ROW(AI$15),0),\nROUND(ROUND(OFFSET($P53,0,AI$13),15-13*ORÇAMENTO!$AF$7)*OFFSET(ORÇAMENTO!$W$15,ROW(AI53)-ROW(AI$15),0),15-13*ORÇAMENTO!$AF$11)),0)","v":0},{"$f":"IF(AND($D53=\"Serviço\",AJ$12<>0,$H53>0,OR(AUTOEVENTO<>\"manual\",$M53<>1)),\nIF(Import.TipoArredondamento<>\"TransfereGOV\",\nROUND(OFFSET($P53,0,AJ$13),15-13*ORÇAMENTO!$AF$7)/$H53*OFFSET(ORÇAMENTO!$X$15,ROW(AJ53)-ROW(AJ$15),0),\nROUND(ROUND(OFFSET($P53,0,AJ$13),15-13*ORÇAMENTO!$AF$7)*OFFSET(ORÇAMENTO!$W$15,ROW(AJ53)-ROW(AJ$15),0),15-13*ORÇAMENTO!$AF$11)),0)","v":0},{"$f":"IF(AND($D53=\"Serviço\",AK$12<>0,$H53>0,OR(AUTOEVENTO<>\"manual\",$M53<>1)),\nIF(Import.TipoArredondamento<>\"TransfereGOV\",\nROUND(OFFSET($P53,0,AK$13),15-13*ORÇAMENTO!$AF$7)/$H53*OFFSET(ORÇAMENTO!$X$15,ROW(AK53)-ROW(AK$15),0),\nROUND(ROUND(OFFSET($P53,0,AK$13),15-13*ORÇAMENTO!$AF$7)*OFFSET(ORÇAMENTO!$W$15,ROW(AK53)-ROW(AK$15),0),15-13*ORÇAMENTO!$AF$11)),0)","v":0},null,{"$f":"IF($D53<>\"Serviço\",0,IF(AND(AUTOEVENTO=\"Manual\",$M53=1),0,IF(OFFSET(CRONOPLE!$F$14,$M53,AM$13)=\"\",10^12,OFFSET(CRONOPLE!$F$14,$M53,AM$13))))","v":1000000000000},{"$f":"IF($D53<>\"Serviço\",0,IF(AND(AUTOEVENTO=\"Manual\",$M53=1),0,IF(OFFSET(CRONOPLE!$F$14,$M53,AN$13)=\"\",10^12,OFFSET(CRONOPLE!$F$14,$M53,AN$13))))","v":1000000000000},{"$f":"IF($D53<>\"Serviço\",0,IF(AND(AUTOEVENTO=\"Manual\",$M53=1),0,IF(OFFSET(CRONOPLE!$F$14,$M53,AO$13)=\"\",10^12,OFFSET(CRONOPLE!$F$14,$M53,AO$13))))","v":1000000000000},{"$f":"IF($D53<>\"Serviço\",0,IF(AND(AUTOEVENTO=\"Manual\",$M53=1),0,IF(OFFSET(CRONOPLE!$F$14,$M53,AP$13)=\"\",10^12,OFFSET(CRONOPLE!$F$14,$M53,AP$13))))","v":1000000000000},{"$f":"IF($D53<>\"Serviço\",0,IF(AND(AUTOEVENTO=\"Manual\",$M53=1),0,IF(OFFSET(CRONOPLE!$F$14,$M53,AQ$13)=\"\",10^12,OFFSET(CRONOPLE!$F$14,$M53,AQ$13))))","v":1000000000000},{"$f":"IF($D53<>\"Serviço\",0,IF(AND(AUTOEVENTO=\"Manual\",$M53=1),0,IF(OFFSET(CRONOPLE!$F$14,$M53,AR$13)=\"\",10^12,OFFSET(CRONOPLE!$F$14,$M53,AR$13))))","v":1000000000000},{"$f":"IF($D53<>\"Serviço\",0,IF(AND(AUTOEVENTO=\"Manual\",$M53=1),0,IF(OFFSET(CRONOPLE!$F$14,$M53,AS$13)=\"\",10^12,OFFSET(CRONOPLE!$F$14,$M53,AS$13))))","v":1000000000000},{"$f":"IF($D53<>\"Serviço\",0,IF(AND(AUTOEVENTO=\"Manual\",$M53=1),0,IF(OFFSET(CRONOPLE!$F$14,$M53,AT$13)=\"\",10^12,OFFSET(CRONOPLE!$F$14,$M53,AT$13))))","v":1000000000000},{"$f":"IF($D53<>\"Serviço\",0,IF(AND(AUTOEVENTO=\"Manual\",$M53=1),0,IF(OFFSET(CRONOPLE!$F$14,$M53,AU$13)=\"\",10^12,OFFSET(CRONOPLE!$F$14,$M53,AU$13))))","v":1000000000000},{"$f":"IF($D53<>\"Serviço\",0,IF(AND(AUTOEVENTO=\"Manual\",$M53=1),0,IF(OFFSET(CRONOPLE!$F$14,$M53,AV$13)=\"\",10^12,OFFSET(CRONOPLE!$F$14,$M53,AV$13))))","v":1000000000000},null,{"$f":"IF($D53<>\"Serviço\",0,IF(OR(AND(AUTOEVENTO=\"Manual\",$M53=1),$M53>(ROW(PLE.lastrow)-ROW(PLE.firstrow))),0,IF(OFFSET(PLE!$G$14,$M53,AX$13)=\"\",10^12,OFFSET(PLE!$G$14,$M53,AX$13))))","v":1000000000000},{"$f":"IF($D53<>\"Serviço\",0,IF(OR(AND(AUTOEVENTO=\"Manual\",$M53=1),$M53>(ROW(PLE.lastrow)-ROW(PLE.firstrow))),0,IF(OFFSET(PLE!$G$14,$M53,AY$13)=\"\",10^12,OFFSET(PLE!$G$14,$M53,AY$13))))","v":1000000000000},{"$f":"IF($D53<>\"Serviço\",0,IF(OR(AND(AUTOEVENTO=\"Manual\",$M53=1),$M53>(ROW(PLE.lastrow)-ROW(PLE.firstrow))),0,IF(OFFSET(PLE!$G$14,$M53,AZ$13)=\"\",10^12,OFFSET(PLE!$G$14,$M53,AZ$13))))","v":1000000000000},{"$f":"IF($D53<>\"Serviço\",0,IF(OR(AND(AUTOEVENTO=\"Manual\",$M53=1),$M53>(ROW(PLE.lastrow)-ROW(PLE.firstrow))),0,IF(OFFSET(PLE!$G$14,$M53,BA$13)=\"\",10^12,OFFSET(PLE!$G$14,$M53,BA$13))))","v":1000000000000},{"$f":"IF($D53<>\"Serviço\",0,IF(OR(AND(AUTOEVENTO=\"Manual\",$M53=1),$M53>(ROW(PLE.lastrow)-ROW(PLE.firstrow))),0,IF(OFFSET(PLE!$G$14,$M53,BB$13)=\"\",10^12,OFFSET(PLE!$G$14,$M53,BB$13))))","v":1000000000000},{"$f":"IF($D53<>\"Serviço\",0,IF(OR(AND(AUTOEVENTO=\"Manual\",$M53=1),$M53>(ROW(PLE.lastrow)-ROW(PLE.firstrow))),0,IF(OFFSET(PLE!$G$14,$M53,BC$13)=\"\",10^12,OFFSET(PLE!$G$14,$M53,BC$13))))","v":1000000000000},{"$f":"IF($D53<>\"Serviço\",0,IF(OR(AND(AUTOEVENTO=\"Manual\",$M53=1),$M53>(ROW(PLE.lastrow)-ROW(PLE.firstrow))),0,IF(OFFSET(PLE!$G$14,$M53,BD$13)=\"\",10^12,OFFSET(PLE!$G$14,$M53,BD$13))))","v":1000000000000},{"$f":"IF($D53<>\"Serviço\",0,IF(OR(AND(AUTOEVENTO=\"Manual\",$M53=1),$M53>(ROW(PLE.lastrow)-ROW(PLE.firstrow))),0,IF(OFFSET(PLE!$G$14,$M53,BE$13)=\"\",10^12,OFFSET(PLE!$G$14,$M53,BE$13))))","v":1000000000000},{"$f":"IF($D53<>\"Serviço\",0,IF(OR(AND(AUTOEVENTO=\"Manual\",$M53=1),$M53>(ROW(PLE.lastrow)-ROW(PLE.firstrow))),0,IF(OFFSET(PLE!$G$14,$M53,BF$13)=\"\",10^12,OFFSET(PLE!$G$14,$M53,BF$13))))","v":1000000000000},{"$f":"IF($D53<>\"Serviço\",0,IF(OR(AND(AUTOEVENTO=\"Manual\",$M53=1),$M53>(ROW(PLE.lastrow)-ROW(PLE.firstrow))),0,IF(OFFSET(PLE!$G$14,$M53,BG$13)=\"\",10^12,OFFSET(PLE!$G$14,$M53,BG$13))))","v":1000000000000}]
["24",{"$f":"OFFSET(ORÇAMENTO!C$15,ROW(B54)-ROW(B$15),0)","v":3},{"$f":"OFFSET(ORÇAMENTO!L$15,ROW(C54)-ROW(C$15),0)","v":"F"},{"$f":"OFFSET(ORÇAMENTO!N$15,ROW(D54)-ROW(D$15),0)","v":"Nível 3"},{"$f":"OFFSET(ORÇAMENTO!O$15,ROW(E54)-ROW(E$15),0)","v":"1.3.4."},{"$f":"OFFSET(ORÇAMENTO!R$15,ROW(F54)-ROW(F$15),0)","v":"PILARES"},{"$f":"IF($D54<>\"Serviço\",\"\",OFFSET(ORÇAMENTO!S$15,ROW(G54)-ROW(G$15),0))","v":""},{"$f":"IF($D54<>\"Serviço\",0,IF(ACOMPANHAMENTO=\"BM\",ROUND(OFFSET(ORÇAMENTO!AJ$15,ROW(H54)-ROW(H$15),0),15-13*ORÇAMENTO!$AF$7),SUMPRODUCT(($Q$12:$AA$12<>\"\")*ROUND($Q54:$AA54,15-13*ORÇAMENTO!$AF$7))))","v":0},null,null,null,".",{"$f":"IF($D54<>\"Serviço\",\"\",IF(AUTOEVENTO=\"manual\",$A54,IF(ISERROR(MATCH($A54,$A$15:OFFSET($A54,-1,0),0)),MAX($M$15:OFFSET(M54,-1,0))+1,INDEX($M$15:OFFSET(M54,-1,0),MATCH($A54,$A$15:OFFSET($A54,-1,0),0)))))","v":""},{"$f":"IF($D54<>\"Serviço\",\"\",IF(AUTOEVENTO=\"Manual\",IF($A54=0,\"<-- defina o número do agrupador\",OFFSET(EVENTOS!$D$14,$A54,0)),OFFSET($F$15,$A54,0)))","v":""},null,null,null,null,null,null,null,null,null,null,null,null,null,{"$f":"IF(AND($D54=\"Serviço\",AB$12<>0,$H54>0,OR(AUTOEVENTO<>\"manual\",$M54<>1)),\nIF(Import.TipoArredondamento<>\"TransfereGOV\",\nROUND(OFFSET($P54,0,AB$13),15-13*ORÇAMENTO!$AF$7)/$H54*OFFSET(ORÇAMENTO!$X$15,ROW(AB54)-ROW(AB$15),0),\nROUND(ROUND(OFFSET($P54,0,AB$13),15-13*ORÇAMENTO!$AF$7)*OFFSET(ORÇAMENTO!$W$15,ROW(AB54)-ROW(AB$15),0),15-13*ORÇAMENTO!$AF$11)),0)","v":0},{"$f":"IF(AND($D54=\"Serviço\",AC$12<>0,$H54>0,OR(AUTOEVENTO<>\"manual\",$M54<>1)),\nIF(Import.TipoArredondamento<>\"TransfereGOV\",\nROUND(OFFSET($P54,0,AC$13),15-13*ORÇAMENTO!$AF$7)/$H54*OFFSET(ORÇAMENTO!$X$15,ROW(AC54)-ROW(AC$15),0),\nROUND(ROUND(OFFSET($P54,0,AC$13),15-13*ORÇAMENTO!$AF$7)*OFFSET(ORÇAMENTO!$W$15,ROW(AC54)-ROW(AC$15),0),15-13*ORÇAMENTO!$AF$11)),0)","v":0},{"$f":"IF(AND($D54=\"Serviço\",AD$12<>0,$H54>0,OR(AUTOEVENTO<>\"manual\",$M54<>1)),\nIF(Import.TipoArredondamento<>\"TransfereGOV\",\nROUND(OFFSET($P54,0,AD$13),15-13*ORÇAMENTO!$AF$7)/$H54*OFFSET(ORÇAMENTO!$X$15,ROW(AD54)-ROW(AD$15),0),\nROUND(ROUND(OFFSET($P54,0,AD$13),15-13*ORÇAMENTO!$AF$7)*OFFSET(ORÇAMENTO!$W$15,ROW(AD54)-ROW(AD$15),0),15-13*ORÇAMENTO!$AF$11)),0)","v":0},{"$f":"IF(AND($D54=\"Serviço\",AE$12<>0,$H54>0,OR(AUTOEVENTO<>\"manual\",$M54<>1)),\nIF(Import.TipoArredondamento<>\"TransfereGOV\",\nROUND(OFFSET($P54,0,AE$13),15-13*ORÇAMENTO!$AF$7)/$H54*OFFSET(ORÇAMENTO!$X$15,ROW(AE54)-ROW(AE$15),0),\nROUND(ROUND(OFFSET($P54,0,AE$13),15-13*ORÇAMENTO!$AF$7)*OFFSET(ORÇAMENTO!$W$15,ROW(AE54)-ROW(AE$15),0),15-13*ORÇAMENTO!$AF$11)),0)","v":0},{"$f":"IF(AND($D54=\"Serviço\",AF$12<>0,$H54>0,OR(AUTOEVENTO<>\"manual\",$M54<>1)),\nIF(Import.TipoArredondamento<>\"TransfereGOV\",\nROUND(OFFSET($P54,0,AF$13),15-13*ORÇAMENTO!$AF$7)/$H54*OFFSET(ORÇAMENTO!$X$15,ROW(AF54)-ROW(AF$15),0),\nROUND(ROUND(OFFSET($P54,0,AF$13),15-13*ORÇAMENTO!$AF$7)*OFFSET(ORÇAMENTO!$W$15,ROW(AF54)-ROW(AF$15),0),15-13*ORÇAMENTO!$AF$11)),0)","v":0},{"$f":"IF(AND($D54=\"Serviço\",AG$12<>0,$H54>0,OR(AUTOEVENTO<>\"manual\",$M54<>1)),\nIF(Import.TipoArredondamento<>\"TransfereGOV\",\nROUND(OFFSET($P54,0,AG$13),15-13*ORÇAMENTO!$AF$7)/$H54*OFFSET(ORÇAMENTO!$X$15,ROW(AG54)-ROW(AG$15),0),\nROUND(ROUND(OFFSET($P54,0,AG$13),15-13*ORÇAMENTO!$AF$7)*OFFSET(ORÇAMENTO!$W$15,ROW(AG54)-ROW(AG$15),0),15-13*ORÇAMENTO!$AF$11)),0)","v":0},{"$f":"IF(AND($D54=\"Serviço\",AH$12<>0,$H54>0,OR(AUTOEVENTO<>\"manual\",$M54<>1)),\nIF(Import.TipoArredondamento<>\"TransfereGOV\",\nROUND(OFFSET($P54,0,AH$13),15-13*ORÇAMENTO!$AF$7)/$H54*OFFSET(ORÇAMENTO!$X$15,ROW(AH54)-ROW(AH$15),0),\nROUND(ROUND(OFFSET($P54,0,AH$13),15-13*ORÇAMENTO!$AF$7)*OFFSET(ORÇAMENTO!$W$15,ROW(AH54)-ROW(AH$15),0),15-13*ORÇAMENTO!$AF$11)),0)","v":0},{"$f":"IF(AND($D54=\"Serviço\",AI$12<>0,$H54>0,OR(AUTOEVENTO<>\"manual\",$M54<>1)),\nIF(Import.TipoArredondamento<>\"TransfereGOV\",\nROUND(OFFSET($P54,0,AI$13),15-13*ORÇAMENTO!$AF$7)/$H54*OFFSET(ORÇAMENTO!$X$15,ROW(AI54)-ROW(AI$15),0),\nROUND(ROUND(OFFSET($P54,0,AI$13),15-13*ORÇAMENTO!$AF$7)*OFFSET(ORÇAMENTO!$W$15,ROW(AI54)-ROW(AI$15),0),15-13*ORÇAMENTO!$AF$11)),0)","v":0},{"$f":"IF(AND($D54=\"Serviço\",AJ$12<>0,$H54>0,OR(AUTOEVENTO<>\"manual\",$M54<>1)),\nIF(Import.TipoArredondamento<>\"TransfereGOV\",\nROUND(OFFSET($P54,0,AJ$13),15-13*ORÇAMENTO!$AF$7)/$H54*OFFSET(ORÇAMENTO!$X$15,ROW(AJ54)-ROW(AJ$15),0),\nROUND(ROUND(OFFSET($P54,0,AJ$13),15-13*ORÇAMENTO!$AF$7)*OFFSET(ORÇAMENTO!$W$15,ROW(AJ54)-ROW(AJ$15),0),15-13*ORÇAMENTO!$AF$11)),0)","v":0},{"$f":"IF(AND($D54=\"Serviço\",AK$12<>0,$H54>0,OR(AUTOEVENTO<>\"manual\",$M54<>1)),\nIF(Import.TipoArredondamento<>\"TransfereGOV\",\nROUND(OFFSET($P54,0,AK$13),15-13*ORÇAMENTO!$AF$7)/$H54*OFFSET(ORÇAMENTO!$X$15,ROW(AK54)-ROW(AK$15),0),\nROUND(ROUND(OFFSET($P54,0,AK$13),15-13*ORÇAMENTO!$AF$7)*OFFSET(ORÇAMENTO!$W$15,ROW(AK54)-ROW(AK$15),0),15-13*ORÇAMENTO!$AF$11)),0)","v":0},null,{"$f":"IF($D54<>\"Serviço\",0,IF(AND(AUTOEVENTO=\"Manual\",$M54=1),0,IF(OFFSET(CRONOPLE!$F$14,$M54,AM$13)=\"\",10^12,OFFSET(CRONOPLE!$F$14,$M54,AM$13))))","v":0},{"$f":"IF($D54<>\"Serviço\",0,IF(AND(AUTOEVENTO=\"Manual\",$M54=1),0,IF(OFFSET(CRONOPLE!$F$14,$M54,AN$13)=\"\",10^12,OFFSET(CRONOPLE!$F$14,$M54,AN$13))))","v":0},{"$f":"IF($D54<>\"Serviço\",0,IF(AND(AUTOEVENTO=\"Manual\",$M54=1),0,IF(OFFSET(CRONOPLE!$F$14,$M54,AO$13)=\"\",10^12,OFFSET(CRONOPLE!$F$14,$M54,AO$13))))","v":0},{"$f":"IF($D54<>\"Serviço\",0,IF(AND(AUTOEVENTO=\"Manual\",$M54=1),0,IF(OFFSET(CRONOPLE!$F$14,$M54,AP$13)=\"\",10^12,OFFSET(CRONOPLE!$F$14,$M54,AP$13))))","v":0},{"$f":"IF($D54<>\"Serviço\",0,IF(AND(AUTOEVENTO=\"Manual\",$M54=1),0,IF(OFFSET(CRONOPLE!$F$14,$M54,AQ$13)=\"\",10^12,OFFSET(CRONOPLE!$F$14,$M54,AQ$13))))","v":0},{"$f":"IF($D54<>\"Serviço\",0,IF(AND(AUTOEVENTO=\"Manual\",$M54=1),0,IF(OFFSET(CRONOPLE!$F$14,$M54,AR$13)=\"\",10^12,OFFSET(CRONOPLE!$F$14,$M54,AR$13))))","v":0},{"$f":"IF($D54<>\"Serviço\",0,IF(AND(AUTOEVENTO=\"Manual\",$M54=1),0,IF(OFFSET(CRONOPLE!$F$14,$M54,AS$13)=\"\",10^12,OFFSET(CRONOPLE!$F$14,$M54,AS$13))))","v":0},{"$f":"IF($D54<>\"Serviço\",0,IF(AND(AUTOEVENTO=\"Manual\",$M54=1),0,IF(OFFSET(CRONOPLE!$F$14,$M54,AT$13)=\"\",10^12,OFFSET(CRONOPLE!$F$14,$M54,AT$13))))","v":0},{"$f":"IF($D54<>\"Serviço\",0,IF(AND(AUTOEVENTO=\"Manual\",$M54=1),0,IF(OFFSET(CRONOPLE!$F$14,$M54,AU$13)=\"\",10^12,OFFSET(CRONOPLE!$F$14,$M54,AU$13))))","v":0},{"$f":"IF($D54<>\"Serviço\",0,IF(AND(AUTOEVENTO=\"Manual\",$M54=1),0,IF(OFFSET(CRONOPLE!$F$14,$M54,AV$13)=\"\",10^12,OFFSET(CRONOPLE!$F$14,$M54,AV$13))))","v":0},null,{"$f":"IF($D54<>\"Serviço\",0,IF(OR(AND(AUTOEVENTO=\"Manual\",$M54=1),$M54>(ROW(PLE.lastrow)-ROW(PLE.firstrow))),0,IF(OFFSET(PLE!$G$14,$M54,AX$13)=\"\",10^12,OFFSET(PLE!$G$14,$M54,AX$13))))","v":0},{"$f":"IF($D54<>\"Serviço\",0,IF(OR(AND(AUTOEVENTO=\"Manual\",$M54=1),$M54>(ROW(PLE.lastrow)-ROW(PLE.firstrow))),0,IF(OFFSET(PLE!$G$14,$M54,AY$13)=\"\",10^12,OFFSET(PLE!$G$14,$M54,AY$13))))","v":0},{"$f":"IF($D54<>\"Serviço\",0,IF(OR(AND(AUTOEVENTO=\"Manual\",$M54=1),$M54>(ROW(PLE.lastrow)-ROW(PLE.firstrow))),0,IF(OFFSET(PLE!$G$14,$M54,AZ$13)=\"\",10^12,OFFSET(PLE!$G$14,$M54,AZ$13))))","v":0},{"$f":"IF($D54<>\"Serviço\",0,IF(OR(AND(AUTOEVENTO=\"Manual\",$M54=1),$M54>(ROW(PLE.lastrow)-ROW(PLE.firstrow))),0,IF(OFFSET(PLE!$G$14,$M54,BA$13)=\"\",10^12,OFFSET(PLE!$G$14,$M54,BA$13))))","v":0},{"$f":"IF($D54<>\"Serviço\",0,IF(OR(AND(AUTOEVENTO=\"Manual\",$M54=1),$M54>(ROW(PLE.lastrow)-ROW(PLE.firstrow))),0,IF(OFFSET(PLE!$G$14,$M54,BB$13)=\"\",10^12,OFFSET(PLE!$G$14,$M54,BB$13))))","v":0},{"$f":"IF($D54<>\"Serviço\",0,IF(OR(AND(AUTOEVENTO=\"Manual\",$M54=1),$M54>(ROW(PLE.lastrow)-ROW(PLE.firstrow))),0,IF(OFFSET(PLE!$G$14,$M54,BC$13)=\"\",10^12,OFFSET(PLE!$G$14,$M54,BC$13))))","v":0},{"$f":"IF($D54<>\"Serviço\",0,IF(OR(AND(AUTOEVENTO=\"Manual\",$M54=1),$M54>(ROW(PLE.lastrow)-ROW(PLE.firstrow))),0,IF(OFFSET(PLE!$G$14,$M54,BD$13)=\"\",10^12,OFFSET(PLE!$G$14,$M54,BD$13))))","v":0},{"$f":"IF($D54<>\"Serviço\",0,IF(OR(AND(AUTOEVENTO=\"Manual\",$M54=1),$M54>(ROW(PLE.lastrow)-ROW(PLE.firstrow))),0,IF(OFFSET(PLE!$G$14,$M54,BE$13)=\"\",10^12,OFFSET(PLE!$G$14,$M54,BE$13))))","v":0},{"$f":"IF($D54<>\"Serviço\",0,IF(OR(AND(AUTOEVENTO=\"Manual\",$M54=1),$M54>(ROW(PLE.lastrow)-ROW(PLE.firstrow))),0,IF(OFFSET(PLE!$G$14,$M54,BF$13)=\"\",10^12,OFFSET(PLE!$G$14,$M54,BF$13))))","v":0},{"$f":"IF($D54<>\"Serviço\",0,IF(OR(AND(AUTOEVENTO=\"Manual\",$M54=1),$M54>(ROW(PLE.lastrow)-ROW(PLE.firstrow))),0,IF(OFFSET(PLE!$G$14,$M54,BG$13)=\"\",10^12,OFFSET(PLE!$G$14,$M54,BG$13))))","v":0}]
["24",{"$f":"OFFSET(ORÇAMENTO!C$15,ROW(B55)-ROW(B$15),0)","v":"S"},{"$f":"OFFSET(ORÇAMENTO!L$15,ROW(C55)-ROW(C$15),0)","v":"F"},{"$f":"OFFSET(ORÇAMENTO!N$15,ROW(D55)-ROW(D$15),0)","v":"Serviço"},{"$f":"OFFSET(ORÇAMENTO!O$15,ROW(E55)-ROW(E$15),0)","v":"1.3.4.0.1."},{"$f":"OFFSET(ORÇAMENTO!R$15,ROW(F55)-ROW(F$15),0)","v":"MONTAGEM E DESMONTAGEM DE FÔRMA DE PILARES RETANGULARES E ESTRUTURAS SIMILARES, PÉ-DIREITO SIMPLES, EM MADEIRA SERRADA, 4 UTILIZAÇÕES. AF_09/2020"},{"$f":"IF($D55<>\"Serviço\",\"\",OFFSET(ORÇAMENTO!S$15,ROW(G55)-ROW(G$15),0))","v":"M2"},{"$f":"IF($D55<>\"Serviço\",0,IF(ACOMPANHAMENTO=\"BM\",ROUND(OFFSET(ORÇAMENTO!AJ$15,ROW(H55)-ROW(H$15),0),15-13*ORÇAMENTO!$AF$7),SUMPRODUCT(($Q$12:$AA$12<>\"\")*ROUND($Q55:$AA55,15-13*ORÇAMENTO!$AF$7))))","v":73.98},null,null,null,".",{"$f":"IF($D55<>\"Serviço\",\"\",IF(AUTOEVENTO=\"manual\",$A55,IF(ISERROR(MATCH($A55,$A$15:OFFSET($A55,-1,0),0)),MAX($M$15:OFFSET(M55,-1,0))+1,INDEX($M$15:OFFSET(M55,-1,0),MATCH($A55,$A$15:OFFSET($A55,-1,0),0)))))","v":4},{"$f":"IF($D55<>\"Serviço\",\"\",IF(AUTOEVENTO=\"Manual\",IF($A55=0,\"<-- defina o número do agrupador\",OFFSET(EVENTOS!$D$14,$A55,0)),OFFSET($F$15,$A55,0)))","v":"ESTRUTURAS"},null,null,null,null,null,null,null,null,null,null,null,null,null,{"$f":"IF(AND($D55=\"Serviço\",AB$12<>0,$H55>0,OR(AUTOEVENTO<>\"manual\",$M55<>1)),\nIF(Import.TipoArredondamento<>\"TransfereGOV\",\nROUND(OFFSET($P55,0,AB$13),15-13*ORÇAMENTO!$AF$7)/$H55*OFFSET(ORÇAMENTO!$X$15,ROW(AB55)-ROW(AB$15),0),\nROUND(ROUND(OFFSET($P55,0,AB$13),15-13*ORÇAMENTO!$AF$7)*OFFSET(ORÇAMENTO!$W$15,ROW(AB55)-ROW(AB$15),0),15-13*ORÇAMENTO!$AF$11)),0)","v":0},{"$f":"IF(AND($D55=\"Serviço\",AC$12<>0,$H55>0,OR(AUTOEVENTO<>\"manual\",$M55<>1)),\nIF(Import.TipoArredondamento<>\"TransfereGOV\",\nROUND(OFFSET($P55,0,AC$13),15-13*ORÇAMENTO!$AF$7)/$H55*OFFSET(ORÇAMENTO!$X$15,ROW(AC55)-ROW(AC$15),0),\nROUND(ROUND(OFFSET($P55,0,AC$13),15-13*ORÇAMENTO!$AF$7)*OFFSET(ORÇAMENTO!$W$15,ROW(AC55)-ROW(AC$15),0),15-13*ORÇAMENTO!$AF$11)),0)","v":0},{"$f":"IF(AND($D55=\"Serviço\",AD$12<>0,$H55>0,OR(AUTOEVENTO<>\"manual\",$M55<>1)),\nIF(Import.TipoArredondamento<>\"TransfereGOV\",\nROUND(OFFSET($P55,0,AD$13),15-13*ORÇAMENTO!$AF$7)/$H55*OFFSET(ORÇAMENTO!$X$15,ROW(AD55)-ROW(AD$15),0),\nROUND(ROUND(OFFSET($P55,0,AD$13),15-13*ORÇAMENTO!$AF$7)*OFFSET(ORÇAMENTO!$W$15,ROW(AD55)-ROW(AD$15),0),15-13*ORÇAMENTO!$AF$11)),0)","v":0},{"$f":"IF(AND($D55=\"Serviço\",AE$12<>0,$H55>0,OR(AUTOEVENTO<>\"manual\",$M55<>1)),\nIF(Import.TipoArredondamento<>\"TransfereGOV\",\nROUND(OFFSET($P55,0,AE$13),15-13*ORÇAMENTO!$AF$7)/$H55*OFFSET(ORÇAMENTO!$X$15,ROW(AE55)-ROW(AE$15),0),\nROUND(ROUND(OFFSET($P55,0,AE$13),15-13*ORÇAMENTO!$AF$7)*OFFSET(ORÇAMENTO!$W$15,ROW(AE55)-ROW(AE$15),0),15-13*ORÇAMENTO!$AF$11)),0)","v":0},{"$f":"IF(AND($D55=\"Serviço\",AF$12<>0,$H55>0,OR(AUTOEVENTO<>\"manual\",$M55<>1)),\nIF(Import.TipoArredondamento<>\"TransfereGOV\",\nROUND(OFFSET($P55,0,AF$13),15-13*ORÇAMENTO!$AF$7)/$H55*OFFSET(ORÇAMENTO!$X$15,ROW(AF55)-ROW(AF$15),0),\nROUND(ROUND(OFFSET($P55,0,AF$13),15-13*ORÇAMENTO!$AF$7)*OFFSET(ORÇAMENTO!$W$15,ROW(AF55)-ROW(AF$15),0),15-13*ORÇAMENTO!$AF$11)),0)","v":0},{"$f":"IF(AND($D55=\"Serviço\",AG$12<>0,$H55>0,OR(AUTOEVENTO<>\"manual\",$M55<>1)),\nIF(Import.TipoArredondamento<>\"TransfereGOV\",\nROUND(OFFSET($P55,0,AG$13),15-13*ORÇAMENTO!$AF$7)/$H55*OFFSET(ORÇAMENTO!$X$15,ROW(AG55)-ROW(AG$15),0),\nROUND(ROUND(OFFSET($P55,0,AG$13),15-13*ORÇAMENTO!$AF$7)*OFFSET(ORÇAMENTO!$W$15,ROW(AG55)-ROW(AG$15),0),15-13*ORÇAMENTO!$AF$11)),0)","v":0},{"$f":"IF(AND($D55=\"Serviço\",AH$12<>0,$H55>0,OR(AUTOEVENTO<>\"manual\",$M55<>1)),\nIF(Import.TipoArredondamento<>\"TransfereGOV\",\nROUND(OFFSET($P55,0,AH$13),15-13*ORÇAMENTO!$AF$7)/$H55*OFFSET(ORÇAMENTO!$X$15,ROW(AH55)-ROW(AH$15),0),\nROUND(ROUND(OFFSET($P55,0,AH$13),15-13*ORÇAMENTO!$AF$7)*OFFSET(ORÇAMENTO!$W$15,ROW(AH55)-ROW(AH$15),0),15-13*ORÇAMENTO!$AF$11)),0)","v":0},{"$f":"IF(AND($D55=\"Serviço\",AI$12<>0,$H55>0,OR(AUTOEVENTO<>\"manual\",$M55<>1)),\nIF(Import.TipoArredondamento<>\"TransfereGOV\",\nROUND(OFFSET($P55,0,AI$13),15-13*ORÇAMENTO!$AF$7)/$H55*OFFSET(ORÇAMENTO!$X$15,ROW(AI55)-ROW(AI$15),0),\nROUND(ROUND(OFFSET($P55,0,AI$13),15-13*ORÇAMENTO!$AF$7)*OFFSET(ORÇAMENTO!$W$15,ROW(AI55)-ROW(AI$15),0),15-13*ORÇAMENTO!$AF$11)),0)","v":0},{"$f":"IF(AND($D55=\"Serviço\",AJ$12<>0,$H55>0,OR(AUTOEVENTO<>\"manual\",$M55<>1)),\nIF(Import.TipoArredondamento<>\"TransfereGOV\",\nROUND(OFFSET($P55,0,AJ$13),15-13*ORÇAMENTO!$AF$7)/$H55*OFFSET(ORÇAMENTO!$X$15,ROW(AJ55)-ROW(AJ$15),0),\nROUND(ROUND(OFFSET($P55,0,AJ$13),15-13*ORÇAMENTO!$AF$7)*OFFSET(ORÇAMENTO!$W$15,ROW(AJ55)-ROW(AJ$15),0),15-13*ORÇAMENTO!$AF$11)),0)","v":0},{"$f":"IF(AND($D55=\"Serviço\",AK$12<>0,$H55>0,OR(AUTOEVENTO<>\"manual\",$M55<>1)),\nIF(Import.TipoArredondamento<>\"TransfereGOV\",\nROUND(OFFSET($P55,0,AK$13),15-13*ORÇAMENTO!$AF$7)/$H55*OFFSET(ORÇAMENTO!$X$15,ROW(AK55)-ROW(AK$15),0),\nROUND(ROUND(OFFSET($P55,0,AK$13),15-13*ORÇAMENTO!$AF$7)*OFFSET(ORÇAMENTO!$W$15,ROW(AK55)-ROW(AK$15),0),15-13*ORÇAMENTO!$AF$11)),0)","v":0},null,{"$f":"IF($D55<>\"Serviço\",0,IF(AND(AUTOEVENTO=\"Manual\",$M55=1),0,IF(OFFSET(CRONOPLE!$F$14,$M55,AM$13)=\"\",10^12,OFFSET(CRONOPLE!$F$14,$M55,AM$13))))","v":1000000000000},{"$f":"IF($D55<>\"Serviço\",0,IF(AND(AUTOEVENTO=\"Manual\",$M55=1),0,IF(OFFSET(CRONOPLE!$F$14,$M55,AN$13)=\"\",10^12,OFFSET(CRONOPLE!$F$14,$M55,AN$13))))","v":1000000000000},{"$f":"IF($D55<>\"Serviço\",0,IF(AND(AUTOEVENTO=\"Manual\",$M55=1),0,IF(OFFSET(CRONOPLE!$F$14,$M55,AO$13)=\"\",10^12,OFFSET(CRONOPLE!$F$14,$M55,AO$13))))","v":1000000000000},{"$f":"IF($D55<>\"Serviço\",0,IF(AND(AUTOEVENTO=\"Manual\",$M55=1),0,IF(OFFSET(CRONOPLE!$F$14,$M55,AP$13)=\"\",10^12,OFFSET(CRONOPLE!$F$14,$M55,AP$13))))","v":1000000000000},{"$f":"IF($D55<>\"Serviço\",0,IF(AND(AUTOEVENTO=\"Manual\",$M55=1),0,IF(OFFSET(CRONOPLE!$F$14,$M55,AQ$13)=\"\",10^12,OFFSET(CRONOPLE!$F$14,$M55,AQ$13))))","v":1000000000000},{"$f":"IF($D55<>\"Serviço\",0,IF(AND(AUTOEVENTO=\"Manual\",$M55=1),0,IF(OFFSET(CRONOPLE!$F$14,$M55,AR$13)=\"\",10^12,OFFSET(CRONOPLE!$F$14,$M55,AR$13))))","v":1000000000000},{"$f":"IF($D55<>\"Serviço\",0,IF(AND(AUTOEVENTO=\"Manual\",$M55=1),0,IF(OFFSET(CRONOPLE!$F$14,$M55,AS$13)=\"\",10^12,OFFSET(CRONOPLE!$F$14,$M55,AS$13))))","v":1000000000000},{"$f":"IF($D55<>\"Serviço\",0,IF(AND(AUTOEVENTO=\"Manual\",$M55=1),0,IF(OFFSET(CRONOPLE!$F$14,$M55,AT$13)=\"\",10^12,OFFSET(CRONOPLE!$F$14,$M55,AT$13))))","v":1000000000000},{"$f":"IF($D55<>\"Serviço\",0,IF(AND(AUTOEVENTO=\"Manual\",$M55=1),0,IF(OFFSET(CRONOPLE!$F$14,$M55,AU$13)=\"\",10^12,OFFSET(CRONOPLE!$F$14,$M55,AU$13))))","v":1000000000000},{"$f":"IF($D55<>\"Serviço\",0,IF(AND(AUTOEVENTO=\"Manual\",$M55=1),0,IF(OFFSET(CRONOPLE!$F$14,$M55,AV$13)=\"\",10^12,OFFSET(CRONOPLE!$F$14,$M55,AV$13))))","v":1000000000000},null,{"$f":"IF($D55<>\"Serviço\",0,IF(OR(AND(AUTOEVENTO=\"Manual\",$M55=1),$M55>(ROW(PLE.lastrow)-ROW(PLE.firstrow))),0,IF(OFFSET(PLE!$G$14,$M55,AX$13)=\"\",10^12,OFFSET(PLE!$G$14,$M55,AX$13))))","v":1000000000000},{"$f":"IF($D55<>\"Serviço\",0,IF(OR(AND(AUTOEVENTO=\"Manual\",$M55=1),$M55>(ROW(PLE.lastrow)-ROW(PLE.firstrow))),0,IF(OFFSET(PLE!$G$14,$M55,AY$13)=\"\",10^12,OFFSET(PLE!$G$14,$M55,AY$13))))","v":1000000000000},{"$f":"IF($D55<>\"Serviço\",0,IF(OR(AND(AUTOEVENTO=\"Manual\",$M55=1),$M55>(ROW(PLE.lastrow)-ROW(PLE.firstrow))),0,IF(OFFSET(PLE!$G$14,$M55,AZ$13)=\"\",10^12,OFFSET(PLE!$G$14,$M55,AZ$13))))","v":1000000000000},{"$f":"IF($D55<>\"Serviço\",0,IF(OR(AND(AUTOEVENTO=\"Manual\",$M55=1),$M55>(ROW(PLE.lastrow)-ROW(PLE.firstrow))),0,IF(OFFSET(PLE!$G$14,$M55,BA$13)=\"\",10^12,OFFSET(PLE!$G$14,$M55,BA$13))))","v":1000000000000},{"$f":"IF($D55<>\"Serviço\",0,IF(OR(AND(AUTOEVENTO=\"Manual\",$M55=1),$M55>(ROW(PLE.lastrow)-ROW(PLE.firstrow))),0,IF(OFFSET(PLE!$G$14,$M55,BB$13)=\"\",10^12,OFFSET(PLE!$G$14,$M55,BB$13))))","v":1000000000000},{"$f":"IF($D55<>\"Serviço\",0,IF(OR(AND(AUTOEVENTO=\"Manual\",$M55=1),$M55>(ROW(PLE.lastrow)-ROW(PLE.firstrow))),0,IF(OFFSET(PLE!$G$14,$M55,BC$13)=\"\",10^12,OFFSET(PLE!$G$14,$M55,BC$13))))","v":1000000000000},{"$f":"IF($D55<>\"Serviço\",0,IF(OR(AND(AUTOEVENTO=\"Manual\",$M55=1),$M55>(ROW(PLE.lastrow)-ROW(PLE.firstrow))),0,IF(OFFSET(PLE!$G$14,$M55,BD$13)=\"\",10^12,OFFSET(PLE!$G$14,$M55,BD$13))))","v":1000000000000},{"$f":"IF($D55<>\"Serviço\",0,IF(OR(AND(AUTOEVENTO=\"Manual\",$M55=1),$M55>(ROW(PLE.lastrow)-ROW(PLE.firstrow))),0,IF(OFFSET(PLE!$G$14,$M55,BE$13)=\"\",10^12,OFFSET(PLE!$G$14,$M55,BE$13))))","v":1000000000000},{"$f":"IF($D55<>\"Serviço\",0,IF(OR(AND(AUTOEVENTO=\"Manual\",$M55=1),$M55>(ROW(PLE.lastrow)-ROW(PLE.firstrow))),0,IF(OFFSET(PLE!$G$14,$M55,BF$13)=\"\",10^12,OFFSET(PLE!$G$14,$M55,BF$13))))","v":1000000000000},{"$f":"IF($D55<>\"Serviço\",0,IF(OR(AND(AUTOEVENTO=\"Manual\",$M55=1),$M55>(ROW(PLE.lastrow)-ROW(PLE.firstrow))),0,IF(OFFSET(PLE!$G$14,$M55,BG$13)=\"\",10^12,OFFSET(PLE!$G$14,$M55,BG$13))))","v":1000000000000}]
["24",{"$f":"OFFSET(ORÇAMENTO!C$15,ROW(B56)-ROW(B$15),0)","v":"S"},{"$f":"OFFSET(ORÇAMENTO!L$15,ROW(C56)-ROW(C$15),0)","v":"F"},{"$f":"OFFSET(ORÇAMENTO!N$15,ROW(D56)-ROW(D$15),0)","v":"Serviço"},{"$f":"OFFSET(ORÇAMENTO!O$15,ROW(E56)-ROW(E$15),0)","v":"1.3.4.0.2."},{"$f":"OFFSET(ORÇAMENTO!R$15,ROW(F56)-ROW(F$15),0)","v":"ARMAÇÃO DE PILAR OU VIGA DE ESTRUTURA CONVENCIONAL DE CONCRETO ARMADO UTILIZANDO AÇO CA-50 DE 10,0 MM - MONTAGEM. AF_06/2022"},{"$f":"IF($D56<>\"Serviço\",\"\",OFFSET(ORÇAMENTO!S$15,ROW(G56)-ROW(G$15),0))","v":"KG"},{"$f":"IF($D56<>\"Serviço\",0,IF(ACOMPANHAMENTO=\"BM\",ROUND(OFFSET(ORÇAMENTO!AJ$15,ROW(H56)-ROW(H$15),0),15-13*ORÇAMENTO!$AF$7),SUMPRODUCT(($Q$12:$AA$12<>\"\")*ROUND($Q56:$AA56,15-13*ORÇAMENTO!$AF$7))))","v":324.91000000000003},null,null,null,".",{"$f":"IF($D56<>\"Serviço\",\"\",IF(AUTOEVENTO=\"manual\",$A56,IF(ISERROR(MATCH($A56,$A$15:OFFSET($A56,-1,0),0)),MAX($M$15:OFFSET(M56,-1,0))+1,INDEX($M$15:OFFSET(M56,-1,0),MATCH($A56,$A$15:OFFSET($A56,-1,0),0)))))","v":4},{"$f":"IF($D56<>\"Serviço\",\"\",IF(AUTOEVENTO=\"Manual\",IF($A56=0,\"<-- defina o número do agrupador\",OFFSET(EVENTOS!$D$14,$A56,0)),OFFSET($F$15,$A56,0)))","v":"ESTRUTURAS"},null,null,null,null,null,null,null,null,null,null,null,null,null,{"$f":"IF(AND($D56=\"Serviço\",AB$12<>0,$H56>0,OR(AUTOEVENTO<>\"manual\",$M56<>1)),\nIF(Import.TipoArredondamento<>\"TransfereGOV\",\nROUND(OFFSET($P56,0,AB$13),15-13*ORÇAMENTO!$AF$7)/$H56*OFFSET(ORÇAMENTO!$X$15,ROW(AB56)-ROW(AB$15),0),\nROUND(ROUND(OFFSET($P56,0,AB$13),15-13*ORÇAMENTO!$AF$7)*OFFSET(ORÇAMENTO!$W$15,ROW(AB56)-ROW(AB$15),0),15-13*ORÇAMENTO!$AF$11)),0)","v":0},{"$f":"IF(AND($D56=\"Serviço\",AC$12<>0,$H56>0,OR(AUTOEVENTO<>\"manual\",$M56<>1)),\nIF(Import.TipoArredondamento<>\"TransfereGOV\",\nROUND(OFFSET($P56,0,AC$13),15-13*ORÇAMENTO!$AF$7)/$H56*OFFSET(ORÇAMENTO!$X$15,ROW(AC56)-ROW(AC$15),0),\nROUND(ROUND(OFFSET($P56,0,AC$13),15-13*ORÇAMENTO!$AF$7)*OFFSET(ORÇAMENTO!$W$15,ROW(AC56)-ROW(AC$15),0),15-13*ORÇAMENTO!$AF$11)),0)","v":0},{"$f":"IF(AND($D56=\"Serviço\",AD$12<>0,$H56>0,OR(AUTOEVENTO<>\"manual\",$M56<>1)),\nIF(Import.TipoArredondamento<>\"TransfereGOV\",\nROUND(OFFSET($P56,0,AD$13),15-13*ORÇAMENTO!$AF$7)/$H56*OFFSET(ORÇAMENTO!$X$15,ROW(AD56)-ROW(AD$15),0),\nROUND(ROUND(OFFSET($P56,0,AD$13),15-13*ORÇAMENTO!$AF$7)*OFFSET(ORÇAMENTO!$W$15,ROW(AD56)-ROW(AD$15),0),15-13*ORÇAMENTO!$AF$11)),0)","v":0},{"$f":"IF(AND($D56=\"Serviço\",AE$12<>0,$H56>0,OR(AUTOEVENTO<>\"manual\",$M56<>1)),\nIF(Import.TipoArredondamento<>\"TransfereGOV\",\nROUND(OFFSET($P56,0,AE$13),15-13*ORÇAMENTO!$AF$7)/$H56*OFFSET(ORÇAMENTO!$X$15,ROW(AE56)-ROW(AE$15),0),\nROUND(ROUND(OFFSET($P56,0,AE$13),15-13*ORÇAMENTO!$AF$7)*OFFSET(ORÇAMENTO!$W$15,ROW(AE56)-ROW(AE$15),0),15-13*ORÇAMENTO!$AF$11)),0)","v":0},{"$f":"IF(AND($D56=\"Serviço\",AF$12<>0,$H56>0,OR(AUTOEVENTO<>\"manual\",$M56<>1)),\nIF(Import.TipoArredondamento<>\"TransfereGOV\",\nROUND(OFFSET($P56,0,AF$13),15-13*ORÇAMENTO!$AF$7)/$H56*OFFSET(ORÇAMENTO!$X$15,ROW(AF56)-ROW(AF$15),0),\nROUND(ROUND(OFFSET($P56,0,AF$13),15-13*ORÇAMENTO!$AF$7)*OFFSET(ORÇAMENTO!$W$15,ROW(AF56)-ROW(AF$15),0),15-13*ORÇAMENTO!$AF$11)),0)","v":0},{"$f":"IF(AND($D56=\"Serviço\",AG$12<>0,$H56>0,OR(AUTOEVENTO<>\"manual\",$M56<>1)),\nIF(Import.TipoArredondamento<>\"TransfereGOV\",\nROUND(OFFSET($P56,0,AG$13),15-13*ORÇAMENTO!$AF$7)/$H56*OFFSET(ORÇAMENTO!$X$15,ROW(AG56)-ROW(AG$15),0),\nROUND(ROUND(OFFSET($P56,0,AG$13),15-13*ORÇAMENTO!$AF$7)*OFFSET(ORÇAMENTO!$W$15,ROW(AG56)-ROW(AG$15),0),15-13*ORÇAMENTO!$AF$11)),0)","v":0},{"$f":"IF(AND($D56=\"Serviço\",AH$12<>0,$H56>0,OR(AUTOEVENTO<>\"manual\",$M56<>1)),\nIF(Import.TipoArredondamento<>\"TransfereGOV\",\nROUND(OFFSET($P56,0,AH$13),15-13*ORÇAMENTO!$AF$7)/$H56*OFFSET(ORÇAMENTO!$X$15,ROW(AH56)-ROW(AH$15),0),\nROUND(ROUND(OFFSET($P56,0,AH$13),15-13*ORÇAMENTO!$AF$7)*OFFSET(ORÇAMENTO!$W$15,ROW(AH56)-ROW(AH$15),0),15-13*ORÇAMENTO!$AF$11)),0)","v":0},{"$f":"IF(AND($D56=\"Serviço\",AI$12<>0,$H56>0,OR(AUTOEVENTO<>\"manual\",$M56<>1)),\nIF(Import.TipoArredondamento<>\"TransfereGOV\",\nROUND(OFFSET($P56,0,AI$13),15-13*ORÇAMENTO!$AF$7)/$H56*OFFSET(ORÇAMENTO!$X$15,ROW(AI56)-ROW(AI$15),0),\nROUND(ROUND(OFFSET($P56,0,AI$13),15-13*ORÇAMENTO!$AF$7)*OFFSET(ORÇAMENTO!$W$15,ROW(AI56)-ROW(AI$15),0),15-13*ORÇAMENTO!$AF$11)),0)","v":0},{"$f":"IF(AND($D56=\"Serviço\",AJ$12<>0,$H56>0,OR(AUTOEVENTO<>\"manual\",$M56<>1)),\nIF(Import.TipoArredondamento<>\"TransfereGOV\",\nROUND(OFFSET($P56,0,AJ$13),15-13*ORÇAMENTO!$AF$7)/$H56*OFFSET(ORÇAMENTO!$X$15,ROW(AJ56)-ROW(AJ$15),0),\nROUND(ROUND(OFFSET($P56,0,AJ$13),15-13*ORÇAMENTO!$AF$7)*OFFSET(ORÇAMENTO!$W$15,ROW(AJ56)-ROW(AJ$15),0),15-13*ORÇAMENTO!$AF$11)),0)","v":0},{"$f":"IF(AND($D56=\"Serviço\",AK$12<>0,$H56>0,OR(AUTOEVENTO<>\"manual\",$M56<>1)),\nIF(Import.TipoArredondamento<>\"TransfereGOV\",\nROUND(OFFSET($P56,0,AK$13),15-13*ORÇAMENTO!$AF$7)/$H56*OFFSET(ORÇAMENTO!$X$15,ROW(AK56)-ROW(AK$15),0),\nROUND(ROUND(OFFSET($P56,0,AK$13),15-13*ORÇAMENTO!$AF$7)*OFFSET(ORÇAMENTO!$W$15,ROW(AK56)-ROW(AK$15),0),15-13*ORÇAMENTO!$AF$11)),0)","v":0},null,{"$f":"IF($D56<>\"Serviço\",0,IF(AND(AUTOEVENTO=\"Manual\",$M56=1),0,IF(OFFSET(CRONOPLE!$F$14,$M56,AM$13)=\"\",10^12,OFFSET(CRONOPLE!$F$14,$M56,AM$13))))","v":1000000000000},{"$f":"IF($D56<>\"Serviço\",0,IF(AND(AUTOEVENTO=\"Manual\",$M56=1),0,IF(OFFSET(CRONOPLE!$F$14,$M56,AN$13)=\"\",10^12,OFFSET(CRONOPLE!$F$14,$M56,AN$13))))","v":1000000000000},{"$f":"IF($D56<>\"Serviço\",0,IF(AND(AUTOEVENTO=\"Manual\",$M56=1),0,IF(OFFSET(CRONOPLE!$F$14,$M56,AO$13)=\"\",10^12,OFFSET(CRONOPLE!$F$14,$M56,AO$13))))","v":1000000000000},{"$f":"IF($D56<>\"Serviço\",0,IF(AND(AUTOEVENTO=\"Manual\",$M56=1),0,IF(OFFSET(CRONOPLE!$F$14,$M56,AP$13)=\"\",10^12,OFFSET(CRONOPLE!$F$14,$M56,AP$13))))","v":1000000000000},{"$f":"IF($D56<>\"Serviço\",0,IF(AND(AUTOEVENTO=\"Manual\",$M56=1),0,IF(OFFSET(CRONOPLE!$F$14,$M56,AQ$13)=\"\",10^12,OFFSET(CRONOPLE!$F$14,$M56,AQ$13))))","v":1000000000000},{"$f":"IF($D56<>\"Serviço\",0,IF(AND(AUTOEVENTO=\"Manual\",$M56=1),0,IF(OFFSET(CRONOPLE!$F$14,$M56,AR$13)=\"\",10^12,OFFSET(CRONOPLE!$F$14,$M56,AR$13))))","v":1000000000000},{"$f":"IF($D56<>\"Serviço\",0,IF(AND(AUTOEVENTO=\"Manual\",$M56=1),0,IF(OFFSET(CRONOPLE!$F$14,$M56,AS$13)=\"\",10^12,OFFSET(CRONOPLE!$F$14,$M56,AS$13))))","v":1000000000000},{"$f":"IF($D56<>\"Serviço\",0,IF(AND(AUTOEVENTO=\"Manual\",$M56=1),0,IF(OFFSET(CRONOPLE!$F$14,$M56,AT$13)=\"\",10^12,OFFSET(CRONOPLE!$F$14,$M56,AT$13))))","v":1000000000000},{"$f":"IF($D56<>\"Serviço\",0,IF(AND(AUTOEVENTO=\"Manual\",$M56=1),0,IF(OFFSET(CRONOPLE!$F$14,$M56,AU$13)=\"\",10^12,OFFSET(CRONOPLE!$F$14,$M56,AU$13))))","v":1000000000000},{"$f":"IF($D56<>\"Serviço\",0,IF(AND(AUTOEVENTO=\"Manual\",$M56=1),0,IF(OFFSET(CRONOPLE!$F$14,$M56,AV$13)=\"\",10^12,OFFSET(CRONOPLE!$F$14,$M56,AV$13))))","v":1000000000000},null,{"$f":"IF($D56<>\"Serviço\",0,IF(OR(AND(AUTOEVENTO=\"Manual\",$M56=1),$M56>(ROW(PLE.lastrow)-ROW(PLE.firstrow))),0,IF(OFFSET(PLE!$G$14,$M56,AX$13)=\"\",10^12,OFFSET(PLE!$G$14,$M56,AX$13))))","v":1000000000000},{"$f":"IF($D56<>\"Serviço\",0,IF(OR(AND(AUTOEVENTO=\"Manual\",$M56=1),$M56>(ROW(PLE.lastrow)-ROW(PLE.firstrow))),0,IF(OFFSET(PLE!$G$14,$M56,AY$13)=\"\",10^12,OFFSET(PLE!$G$14,$M56,AY$13))))","v":1000000000000},{"$f":"IF($D56<>\"Serviço\",0,IF(OR(AND(AUTOEVENTO=\"Manual\",$M56=1),$M56>(ROW(PLE.lastrow)-ROW(PLE.firstrow))),0,IF(OFFSET(PLE!$G$14,$M56,AZ$13)=\"\",10^12,OFFSET(PLE!$G$14,$M56,AZ$13))))","v":1000000000000},{"$f":"IF($D56<>\"Serviço\",0,IF(OR(AND(AUTOEVENTO=\"Manual\",$M56=1),$M56>(ROW(PLE.lastrow)-ROW(PLE.firstrow))),0,IF(OFFSET(PLE!$G$14,$M56,BA$13)=\"\",10^12,OFFSET(PLE!$G$14,$M56,BA$13))))","v":1000000000000},{"$f":"IF($D56<>\"Serviço\",0,IF(OR(AND(AUTOEVENTO=\"Manual\",$M56=1),$M56>(ROW(PLE.lastrow)-ROW(PLE.firstrow))),0,IF(OFFSET(PLE!$G$14,$M56,BB$13)=\"\",10^12,OFFSET(PLE!$G$14,$M56,BB$13))))","v":1000000000000},{"$f":"IF($D56<>\"Serviço\",0,IF(OR(AND(AUTOEVENTO=\"Manual\",$M56=1),$M56>(ROW(PLE.lastrow)-ROW(PLE.firstrow))),0,IF(OFFSET(PLE!$G$14,$M56,BC$13)=\"\",10^12,OFFSET(PLE!$G$14,$M56,BC$13))))","v":1000000000000},{"$f":"IF($D56<>\"Serviço\",0,IF(OR(AND(AUTOEVENTO=\"Manual\",$M56=1),$M56>(ROW(PLE.lastrow)-ROW(PLE.firstrow))),0,IF(OFFSET(PLE!$G$14,$M56,BD$13)=\"\",10^12,OFFSET(PLE!$G$14,$M56,BD$13))))","v":1000000000000},{"$f":"IF($D56<>\"Serviço\",0,IF(OR(AND(AUTOEVENTO=\"Manual\",$M56=1),$M56>(ROW(PLE.lastrow)-ROW(PLE.firstrow))),0,IF(OFFSET(PLE!$G$14,$M56,BE$13)=\"\",10^12,OFFSET(PLE!$G$14,$M56,BE$13))))","v":1000000000000},{"$f":"IF($D56<>\"Serviço\",0,IF(OR(AND(AUTOEVENTO=\"Manual\",$M56=1),$M56>(ROW(PLE.lastrow)-ROW(PLE.firstrow))),0,IF(OFFSET(PLE!$G$14,$M56,BF$13)=\"\",10^12,OFFSET(PLE!$G$14,$M56,BF$13))))","v":1000000000000},{"$f":"IF($D56<>\"Serviço\",0,IF(OR(AND(AUTOEVENTO=\"Manual\",$M56=1),$M56>(ROW(PLE.lastrow)-ROW(PLE.firstrow))),0,IF(OFFSET(PLE!$G$14,$M56,BG$13)=\"\",10^12,OFFSET(PLE!$G$14,$M56,BG$13))))","v":1000000000000}]
["24",{"$f":"OFFSET(ORÇAMENTO!C$15,ROW(B57)-ROW(B$15),0)","v":"S"},{"$f":"OFFSET(ORÇAMENTO!L$15,ROW(C57)-ROW(C$15),0)","v":"F"},{"$f":"OFFSET(ORÇAMENTO!N$15,ROW(D57)-ROW(D$15),0)","v":"Serviço"},{"$f":"OFFSET(ORÇAMENTO!O$15,ROW(E57)-ROW(E$15),0)","v":"1.3.4.0.3."},{"$f":"OFFSET(ORÇAMENTO!R$15,ROW(F57)-ROW(F$15),0)","v":"ARMAÇÃO DE PILAR OU VIGA DE ESTRUTURA CONVENCIONAL DE CONCRETO ARMADO UTILIZANDO AÇO CA-60 DE 5,0 MM - MONTAGEM. AF_06/2022"},{"$f":"IF($D57<>\"Serviço\",\"\",OFFSET(ORÇAMENTO!S$15,ROW(G57)-ROW(G$15),0))","v":"KG"},{"$f":"IF($D57<>\"Serviço\",0,IF(ACOMPANHAMENTO=\"BM\",ROUND(OFFSET(ORÇAMENTO!AJ$15,ROW(H57)-ROW(H$15),0),15-13*ORÇAMENTO!$AF$7),SUMPRODUCT(($Q$12:$AA$12<>\"\")*ROUND($Q57:$AA57,15-13*ORÇAMENTO!$AF$7))))","v":87.38},null,null,null,".",{"$f":"IF($D57<>\"Serviço\",\"\",IF(AUTOEVENTO=\"manual\",$A57,IF(ISERROR(MATCH($A57,$A$15:OFFSET($A57,-1,0),0)),MAX($M$15:OFFSET(M57,-1,0))+1,INDEX($M$15:OFFSET(M57,-1,0),MATCH($A57,$A$15:OFFSET($A57,-1,0),0)))))","v":4},{"$f":"IF($D57<>\"Serviço\",\"\",IF(AUTOEVENTO=\"Manual\",IF($A57=0,\"<-- defina o número do agrupador\",OFFSET(EVENTOS!$D$14,$A57,0)),OFFSET($F$15,$A57,0)))","v":"ESTRUTURAS"},null,null,null,null,null,null,null,null,null,null,null,null,null,{"$f":"IF(AND($D57=\"Serviço\",AB$12<>0,$H57>0,OR(AUTOEVENTO<>\"manual\",$M57<>1)),\nIF(Import.TipoArredondamento<>\"TransfereGOV\",\nROUND(OFFSET($P57,0,AB$13),15-13*ORÇAMENTO!$AF$7)/$H57*OFFSET(ORÇAMENTO!$X$15,ROW(AB57)-ROW(AB$15),0),\nROUND(ROUND(OFFSET($P57,0,AB$13),15-13*ORÇAMENTO!$AF$7)*OFFSET(ORÇAMENTO!$W$15,ROW(AB57)-ROW(AB$15),0),15-13*ORÇAMENTO!$AF$11)),0)","v":0},{"$f":"IF(AND($D57=\"Serviço\",AC$12<>0,$H57>0,OR(AUTOEVENTO<>\"manual\",$M57<>1)),\nIF(Import.TipoArredondamento<>\"TransfereGOV\",\nROUND(OFFSET($P57,0,AC$13),15-13*ORÇAMENTO!$AF$7)/$H57*OFFSET(ORÇAMENTO!$X$15,ROW(AC57)-ROW(AC$15),0),\nROUND(ROUND(OFFSET($P57,0,AC$13),15-13*ORÇAMENTO!$AF$7)*OFFSET(ORÇAMENTO!$W$15,ROW(AC57)-ROW(AC$15),0),15-13*ORÇAMENTO!$AF$11)),0)","v":0},{"$f":"IF(AND($D57=\"Serviço\",AD$12<>0,$H57>0,OR(AUTOEVENTO<>\"manual\",$M57<>1)),\nIF(Import.TipoArredondamento<>\"TransfereGOV\",\nROUND(OFFSET($P57,0,AD$13),15-13*ORÇAMENTO!$AF$7)/$H57*OFFSET(ORÇAMENTO!$X$15,ROW(AD57)-ROW(AD$15),0),\nROUND(ROUND(OFFSET($P57,0,AD$13),15-13*ORÇAMENTO!$AF$7)*OFFSET(ORÇAMENTO!$W$15,ROW(AD57)-ROW(AD$15),0),15-13*ORÇAMENTO!$AF$11)),0)","v":0},{"$f":"IF(AND($D57=\"Serviço\",AE$12<>0,$H57>0,OR(AUTOEVENTO<>\"manual\",$M57<>1)),\nIF(Import.TipoArredondamento<>\"TransfereGOV\",\nROUND(OFFSET($P57,0,AE$13),15-13*ORÇAMENTO!$AF$7)/$H57*OFFSET(ORÇAMENTO!$X$15,ROW(AE57)-ROW(AE$15),0),\nROUND(ROUND(OFFSET($P57,0,AE$13),15-13*ORÇAMENTO!$AF$7)*OFFSET(ORÇAMENTO!$W$15,ROW(AE57)-ROW(AE$15),0),15-13*ORÇAMENTO!$AF$11)),0)","v":0},{"$f":"IF(AND($D57=\"Serviço\",AF$12<>0,$H57>0,OR(AUTOEVENTO<>\"manual\",$M57<>1)),\nIF(Import.TipoArredondamento<>\"TransfereGOV\",\nROUND(OFFSET($P57,0,AF$13),15-13*ORÇAMENTO!$AF$7)/$H57*OFFSET(ORÇAMENTO!$X$15,ROW(AF57)-ROW(AF$15),0),\nROUND(ROUND(OFFSET($P57,0,AF$13),15-13*ORÇAMENTO!$AF$7)*OFFSET(ORÇAMENTO!$W$15,ROW(AF57)-ROW(AF$15),0),15-13*ORÇAMENTO!$AF$11)),0)","v":0},{"$f":"IF(AND($D57=\"Serviço\",AG$12<>0,$H57>0,OR(AUTOEVENTO<>\"manual\",$M57<>1)),\nIF(Import.TipoArredondamento<>\"TransfereGOV\",\nROUND(OFFSET($P57,0,AG$13),15-13*ORÇAMENTO!$AF$7)/$H57*OFFSET(ORÇAMENTO!$X$15,ROW(AG57)-ROW(AG$15),0),\nROUND(ROUND(OFFSET($P57,0,AG$13),15-13*ORÇAMENTO!$AF$7)*OFFSET(ORÇAMENTO!$W$15,ROW(AG57)-ROW(AG$15),0),15-13*ORÇAMENTO!$AF$11)),0)","v":0},{"$f":"IF(AND($D57=\"Serviço\",AH$12<>0,$H57>0,OR(AUTOEVENTO<>\"manual\",$M57<>1)),\nIF(Import.TipoArredondamento<>\"TransfereGOV\",\nROUND(OFFSET($P57,0,AH$13),15-13*ORÇAMENTO!$AF$7)/$H57*OFFSET(ORÇAMENTO!$X$15,ROW(AH57)-ROW(AH$15),0),\nROUND(ROUND(OFFSET($P57,0,AH$13),15-13*ORÇAMENTO!$AF$7)*OFFSET(ORÇAMENTO!$W$15,ROW(AH57)-ROW(AH$15),0),15-13*ORÇAMENTO!$AF$11)),0)","v":0},{"$f":"IF(AND($D57=\"Serviço\",AI$12<>0,$H57>0,OR(AUTOEVENTO<>\"manual\",$M57<>1)),\nIF(Import.TipoArredondamento<>\"TransfereGOV\",\nROUND(OFFSET($P57,0,AI$13),15-13*ORÇAMENTO!$AF$7)/$H57*OFFSET(ORÇAMENTO!$X$15,ROW(AI57)-ROW(AI$15),0),\nROUND(ROUND(OFFSET($P57,0,AI$13),15-13*ORÇAMENTO!$AF$7)*OFFSET(ORÇAMENTO!$W$15,ROW(AI57)-ROW(AI$15),0),15-13*ORÇAMENTO!$AF$11)),0)","v":0},{"$f":"IF(AND($D57=\"Serviço\",AJ$12<>0,$H57>0,OR(AUTOEVENTO<>\"manual\",$M57<>1)),\nIF(Import.TipoArredondamento<>\"TransfereGOV\",\nROUND(OFFSET($P57,0,AJ$13),15-13*ORÇAMENTO!$AF$7)/$H57*OFFSET(ORÇAMENTO!$X$15,ROW(AJ57)-ROW(AJ$15),0),\nROUND(ROUND(OFFSET($P57,0,AJ$13),15-13*ORÇAMENTO!$AF$7)*OFFSET(ORÇAMENTO!$W$15,ROW(AJ57)-ROW(AJ$15),0),15-13*ORÇAMENTO!$AF$11)),0)","v":0},{"$f":"IF(AND($D57=\"Serviço\",AK$12<>0,$H57>0,OR(AUTOEVENTO<>\"manual\",$M57<>1)),\nIF(Import.TipoArredondamento<>\"TransfereGOV\",\nROUND(OFFSET($P57,0,AK$13),15-13*ORÇAMENTO!$AF$7)/$H57*OFFSET(ORÇAMENTO!$X$15,ROW(AK57)-ROW(AK$15),0),\nROUND(ROUND(OFFSET($P57,0,AK$13),15-13*ORÇAMENTO!$AF$7)*OFFSET(ORÇAMENTO!$W$15,ROW(AK57)-ROW(AK$15),0),15-13*ORÇAMENTO!$AF$11)),0)","v":0},null,{"$f":"IF($D57<>\"Serviço\",0,IF(AND(AUTOEVENTO=\"Manual\",$M57=1),0,IF(OFFSET(CRONOPLE!$F$14,$M57,AM$13)=\"\",10^12,OFFSET(CRONOPLE!$F$14,$M57,AM$13))))","v":1000000000000},{"$f":"IF($D57<>\"Serviço\",0,IF(AND(AUTOEVENTO=\"Manual\",$M57=1),0,IF(OFFSET(CRONOPLE!$F$14,$M57,AN$13)=\"\",10^12,OFFSET(CRONOPLE!$F$14,$M57,AN$13))))","v":1000000000000},{"$f":"IF($D57<>\"Serviço\",0,IF(AND(AUTOEVENTO=\"Manual\",$M57=1),0,IF(OFFSET(CRONOPLE!$F$14,$M57,AO$13)=\"\",10^12,OFFSET(CRONOPLE!$F$14,$M57,AO$13))))","v":1000000000000},{"$f":"IF($D57<>\"Serviço\",0,IF(AND(AUTOEVENTO=\"Manual\",$M57=1),0,IF(OFFSET(CRONOPLE!$F$14,$M57,AP$13)=\"\",10^12,OFFSET(CRONOPLE!$F$14,$M57,AP$13))))","v":1000000000000},{"$f":"IF($D57<>\"Serviço\",0,IF(AND(AUTOEVENTO=\"Manual\",$M57=1),0,IF(OFFSET(CRONOPLE!$F$14,$M57,AQ$13)=\"\",10^12,OFFSET(CRONOPLE!$F$14,$M57,AQ$13))))","v":1000000000000},{"$f":"IF($D57<>\"Serviço\",0,IF(AND(AUTOEVENTO=\"Manual\",$M57=1),0,IF(OFFSET(CRONOPLE!$F$14,$M57,AR$13)=\"\",10^12,OFFSET(CRONOPLE!$F$14,$M57,AR$13))))","v":1000000000000},{"$f":"IF($D57<>\"Serviço\",0,IF(AND(AUTOEVENTO=\"Manual\",$M57=1),0,IF(OFFSET(CRONOPLE!$F$14,$M57,AS$13)=\"\",10^12,OFFSET(CRONOPLE!$F$14,$M57,AS$13))))","v":1000000000000},{"$f":"IF($D57<>\"Serviço\",0,IF(AND(AUTOEVENTO=\"Manual\",$M57=1),0,IF(OFFSET(CRONOPLE!$F$14,$M57,AT$13)=\"\",10^12,OFFSET(CRONOPLE!$F$14,$M57,AT$13))))","v":1000000000000},{"$f":"IF($D57<>\"Serviço\",0,IF(AND(AUTOEVENTO=\"Manual\",$M57=1),0,IF(OFFSET(CRONOPLE!$F$14,$M57,AU$13)=\"\",10^12,OFFSET(CRONOPLE!$F$14,$M57,AU$13))))","v":1000000000000},{"$f":"IF($D57<>\"Serviço\",0,IF(AND(AUTOEVENTO=\"Manual\",$M57=1),0,IF(OFFSET(CRONOPLE!$F$14,$M57,AV$13)=\"\",10^12,OFFSET(CRONOPLE!$F$14,$M57,AV$13))))","v":1000000000000},null,{"$f":"IF($D57<>\"Serviço\",0,IF(OR(AND(AUTOEVENTO=\"Manual\",$M57=1),$M57>(ROW(PLE.lastrow)-ROW(PLE.firstrow))),0,IF(OFFSET(PLE!$G$14,$M57,AX$13)=\"\",10^12,OFFSET(PLE!$G$14,$M57,AX$13))))","v":1000000000000},{"$f":"IF($D57<>\"Serviço\",0,IF(OR(AND(AUTOEVENTO=\"Manual\",$M57=1),$M57>(ROW(PLE.lastrow)-ROW(PLE.firstrow))),0,IF(OFFSET(PLE!$G$14,$M57,AY$13)=\"\",10^12,OFFSET(PLE!$G$14,$M57,AY$13))))","v":1000000000000},{"$f":"IF($D57<>\"Serviço\",0,IF(OR(AND(AUTOEVENTO=\"Manual\",$M57=1),$M57>(ROW(PLE.lastrow)-ROW(PLE.firstrow))),0,IF(OFFSET(PLE!$G$14,$M57,AZ$13)=\"\",10^12,OFFSET(PLE!$G$14,$M57,AZ$13))))","v":1000000000000},{"$f":"IF($D57<>\"Serviço\",0,IF(OR(AND(AUTOEVENTO=\"Manual\",$M57=1),$M57>(ROW(PLE.lastrow)-ROW(PLE.firstrow))),0,IF(OFFSET(PLE!$G$14,$M57,BA$13)=\"\",10^12,OFFSET(PLE!$G$14,$M57,BA$13))))","v":1000000000000},{"$f":"IF($D57<>\"Serviço\",0,IF(OR(AND(AUTOEVENTO=\"Manual\",$M57=1),$M57>(ROW(PLE.lastrow)-ROW(PLE.firstrow))),0,IF(OFFSET(PLE!$G$14,$M57,BB$13)=\"\",10^12,OFFSET(PLE!$G$14,$M57,BB$13))))","v":1000000000000},{"$f":"IF($D57<>\"Serviço\",0,IF(OR(AND(AUTOEVENTO=\"Manual\",$M57=1),$M57>(ROW(PLE.lastrow)-ROW(PLE.firstrow))),0,IF(OFFSET(PLE!$G$14,$M57,BC$13)=\"\",10^12,OFFSET(PLE!$G$14,$M57,BC$13))))","v":1000000000000},{"$f":"IF($D57<>\"Serviço\",0,IF(OR(AND(AUTOEVENTO=\"Manual\",$M57=1),$M57>(ROW(PLE.lastrow)-ROW(PLE.firstrow))),0,IF(OFFSET(PLE!$G$14,$M57,BD$13)=\"\",10^12,OFFSET(PLE!$G$14,$M57,BD$13))))","v":1000000000000},{"$f":"IF($D57<>\"Serviço\",0,IF(OR(AND(AUTOEVENTO=\"Manual\",$M57=1),$M57>(ROW(PLE.lastrow)-ROW(PLE.firstrow))),0,IF(OFFSET(PLE!$G$14,$M57,BE$13)=\"\",10^12,OFFSET(PLE!$G$14,$M57,BE$13))))","v":1000000000000},{"$f":"IF($D57<>\"Serviço\",0,IF(OR(AND(AUTOEVENTO=\"Manual\",$M57=1),$M57>(ROW(PLE.lastrow)-ROW(PLE.firstrow))),0,IF(OFFSET(PLE!$G$14,$M57,BF$13)=\"\",10^12,OFFSET(PLE!$G$14,$M57,BF$13))))","v":1000000000000},{"$f":"IF($D57<>\"Serviço\",0,IF(OR(AND(AUTOEVENTO=\"Manual\",$M57=1),$M57>(ROW(PLE.lastrow)-ROW(PLE.firstrow))),0,IF(OFFSET(PLE!$G$14,$M57,BG$13)=\"\",10^12,OFFSET(PLE!$G$14,$M57,BG$13))))","v":1000000000000}]
["24",{"$f":"OFFSET(ORÇAMENTO!C$15,ROW(B58)-ROW(B$15),0)","v":"S"},{"$f":"OFFSET(ORÇAMENTO!L$15,ROW(C58)-ROW(C$15),0)","v":"F"},{"$f":"OFFSET(ORÇAMENTO!N$15,ROW(D58)-ROW(D$15),0)","v":"Serviço"},{"$f":"OFFSET(ORÇAMENTO!O$15,ROW(E58)-ROW(E$15),0)","v":"1.3.4.0.4."},{"$f":"OFFSET(ORÇAMENTO!R$15,ROW(F58)-ROW(F$15),0)","v":"CONCRETAGEM DE PILARES, FCK = 25 MPA, COM USO DE BOMBA - LANÇAMENTO, ADENSAMENTO E ACABAMENTO. AF_02/2022_PS"},{"$f":"IF($D58<>\"Serviço\",\"\",OFFSET(ORÇAMENTO!S$15,ROW(G58)-ROW(G$15),0))","v":"M3"},{"$f":"IF($D58<>\"Serviço\",0,IF(ACOMPANHAMENTO=\"BM\",ROUND(OFFSET(ORÇAMENTO!AJ$15,ROW(H58)-ROW(H$15),0),15-13*ORÇAMENTO!$AF$7),SUMPRODUCT(($Q$12:$AA$12<>\"\")*ROUND($Q58:$AA58,15-13*ORÇAMENTO!$AF$7))))","v":4.3899999999999997},null,null,null,".",{"$f":"IF($D58<>\"Serviço\",\"\",IF(AUTOEVENTO=\"manual\",$A58,IF(ISERROR(MATCH($A58,$A$15:OFFSET($A58,-1,0),0)),MAX($M$15:OFFSET(M58,-1,0))+1,INDEX($M$15:OFFSET(M58,-1,0),MATCH($A58,$A$15:OFFSET($A58,-1,0),0)))))","v":4},{"$f":"IF($D58<>\"Serviço\",\"\",IF(AUTOEVENTO=\"Manual\",IF($A58=0,\"<-- defina o número do agrupador\",OFFSET(EVENTOS!$D$14,$A58,0)),OFFSET($F$15,$A58,0)))","v":"ESTRUTURAS"},null,null,null,null,null,null,null,null,null,null,null,null,null,{"$f":"IF(AND($D58=\"Serviço\",AB$12<>0,$H58>0,OR(AUTOEVENTO<>\"manual\",$M58<>1)),\nIF(Import.TipoArredondamento<>\"TransfereGOV\",\nROUND(OFFSET($P58,0,AB$13),15-13*ORÇAMENTO!$AF$7)/$H58*OFFSET(ORÇAMENTO!$X$15,ROW(AB58)-ROW(AB$15),0),\nROUND(ROUND(OFFSET($P58,0,AB$13),15-13*ORÇAMENTO!$AF$7)*OFFSET(ORÇAMENTO!$W$15,ROW(AB58)-ROW(AB$15),0),15-13*ORÇAMENTO!$AF$11)),0)","v":0},{"$f":"IF(AND($D58=\"Serviço\",AC$12<>0,$H58>0,OR(AUTOEVENTO<>\"manual\",$M58<>1)),\nIF(Import.TipoArredondamento<>\"TransfereGOV\",\nROUND(OFFSET($P58,0,AC$13),15-13*ORÇAMENTO!$AF$7)/$H58*OFFSET(ORÇAMENTO!$X$15,ROW(AC58)-ROW(AC$15),0),\nROUND(ROUND(OFFSET($P58,0,AC$13),15-13*ORÇAMENTO!$AF$7)*OFFSET(ORÇAMENTO!$W$15,ROW(AC58)-ROW(AC$15),0),15-13*ORÇAMENTO!$AF$11)),0)","v":0},{"$f":"IF(AND($D58=\"Serviço\",AD$12<>0,$H58>0,OR(AUTOEVENTO<>\"manual\",$M58<>1)),\nIF(Import.TipoArredondamento<>\"TransfereGOV\",\nROUND(OFFSET($P58,0,AD$13),15-13*ORÇAMENTO!$AF$7)/$H58*OFFSET(ORÇAMENTO!$X$15,ROW(AD58)-ROW(AD$15),0),\nROUND(ROUND(OFFSET($P58,0,AD$13),15-13*ORÇAMENTO!$AF$7)*OFFSET(ORÇAMENTO!$W$15,ROW(AD58)-ROW(AD$15),0),15-13*ORÇAMENTO!$AF$11)),0)","v":0},{"$f":"IF(AND($D58=\"Serviço\",AE$12<>0,$H58>0,OR(AUTOEVENTO<>\"manual\",$M58<>1)),\nIF(Import.TipoArredondamento<>\"TransfereGOV\",\nROUND(OFFSET($P58,0,AE$13),15-13*ORÇAMENTO!$AF$7)/$H58*OFFSET(ORÇAMENTO!$X$15,ROW(AE58)-ROW(AE$15),0),\nROUND(ROUND(OFFSET($P58,0,AE$13),15-13*ORÇAMENTO!$AF$7)*OFFSET(ORÇAMENTO!$W$15,ROW(AE58)-ROW(AE$15),0),15-13*ORÇAMENTO!$AF$11)),0)","v":0},{"$f":"IF(AND($D58=\"Serviço\",AF$12<>0,$H58>0,OR(AUTOEVENTO<>\"manual\",$M58<>1)),\nIF(Import.TipoArredondamento<>\"TransfereGOV\",\nROUND(OFFSET($P58,0,AF$13),15-13*ORÇAMENTO!$AF$7)/$H58*OFFSET(ORÇAMENTO!$X$15,ROW(AF58)-ROW(AF$15),0),\nROUND(ROUND(OFFSET($P58,0,AF$13),15-13*ORÇAMENTO!$AF$7)*OFFSET(ORÇAMENTO!$W$15,ROW(AF58)-ROW(AF$15),0),15-13*ORÇAMENTO!$AF$11)),0)","v":0},{"$f":"IF(AND($D58=\"Serviço\",AG$12<>0,$H58>0,OR(AUTOEVENTO<>\"manual\",$M58<>1)),\nIF(Import.TipoArredondamento<>\"TransfereGOV\",\nROUND(OFFSET($P58,0,AG$13),15-13*ORÇAMENTO!$AF$7)/$H58*OFFSET(ORÇAMENTO!$X$15,ROW(AG58)-ROW(AG$15),0),\nROUND(ROUND(OFFSET($P58,0,AG$13),15-13*ORÇAMENTO!$AF$7)*OFFSET(ORÇAMENTO!$W$15,ROW(AG58)-ROW(AG$15),0),15-13*ORÇAMENTO!$AF$11)),0)","v":0},{"$f":"IF(AND($D58=\"Serviço\",AH$12<>0,$H58>0,OR(AUTOEVENTO<>\"manual\",$M58<>1)),\nIF(Import.TipoArredondamento<>\"TransfereGOV\",\nROUND(OFFSET($P58,0,AH$13),15-13*ORÇAMENTO!$AF$7)/$H58*OFFSET(ORÇAMENTO!$X$15,ROW(AH58)-ROW(AH$15),0),\nROUND(ROUND(OFFSET($P58,0,AH$13),15-13*ORÇAMENTO!$AF$7)*OFFSET(ORÇAMENTO!$W$15,ROW(AH58)-ROW(AH$15),0),15-13*ORÇAMENTO!$AF$11)),0)","v":0},{"$f":"IF(AND($D58=\"Serviço\",AI$12<>0,$H58>0,OR(AUTOEVENTO<>\"manual\",$M58<>1)),\nIF(Import.TipoArredondamento<>\"TransfereGOV\",\nROUND(OFFSET($P58,0,AI$13),15-13*ORÇAMENTO!$AF$7)/$H58*OFFSET(ORÇAMENTO!$X$15,ROW(AI58)-ROW(AI$15),0),\nROUND(ROUND(OFFSET($P58,0,AI$13),15-13*ORÇAMENTO!$AF$7)*OFFSET(ORÇAMENTO!$W$15,ROW(AI58)-ROW(AI$15),0),15-13*ORÇAMENTO!$AF$11)),0)","v":0},{"$f":"IF(AND($D58=\"Serviço\",AJ$12<>0,$H58>0,OR(AUTOEVENTO<>\"manual\",$M58<>1)),\nIF(Import.TipoArredondamento<>\"TransfereGOV\",\nROUND(OFFSET($P58,0,AJ$13),15-13*ORÇAMENTO!$AF$7)/$H58*OFFSET(ORÇAMENTO!$X$15,ROW(AJ58)-ROW(AJ$15),0),\nROUND(ROUND(OFFSET($P58,0,AJ$13),15-13*ORÇAMENTO!$AF$7)*OFFSET(ORÇAMENTO!$W$15,ROW(AJ58)-ROW(AJ$15),0),15-13*ORÇAMENTO!$AF$11)),0)","v":0},{"$f":"IF(AND($D58=\"Serviço\",AK$12<>0,$H58>0,OR(AUTOEVENTO<>\"manual\",$M58<>1)),\nIF(Import.TipoArredondamento<>\"TransfereGOV\",\nROUND(OFFSET($P58,0,AK$13),15-13*ORÇAMENTO!$AF$7)/$H58*OFFSET(ORÇAMENTO!$X$15,ROW(AK58)-ROW(AK$15),0),\nROUND(ROUND(OFFSET($P58,0,AK$13),15-13*ORÇAMENTO!$AF$7)*OFFSET(ORÇAMENTO!$W$15,ROW(AK58)-ROW(AK$15),0),15-13*ORÇAMENTO!$AF$11)),0)","v":0},null,{"$f":"IF($D58<>\"Serviço\",0,IF(AND(AUTOEVENTO=\"Manual\",$M58=1),0,IF(OFFSET(CRONOPLE!$F$14,$M58,AM$13)=\"\",10^12,OFFSET(CRONOPLE!$F$14,$M58,AM$13))))","v":1000000000000},{"$f":"IF($D58<>\"Serviço\",0,IF(AND(AUTOEVENTO=\"Manual\",$M58=1),0,IF(OFFSET(CRONOPLE!$F$14,$M58,AN$13)=\"\",10^12,OFFSET(CRONOPLE!$F$14,$M58,AN$13))))","v":1000000000000},{"$f":"IF($D58<>\"Serviço\",0,IF(AND(AUTOEVENTO=\"Manual\",$M58=1),0,IF(OFFSET(CRONOPLE!$F$14,$M58,AO$13)=\"\",10^12,OFFSET(CRONOPLE!$F$14,$M58,AO$13))))","v":1000000000000},{"$f":"IF($D58<>\"Serviço\",0,IF(AND(AUTOEVENTO=\"Manual\",$M58=1),0,IF(OFFSET(CRONOPLE!$F$14,$M58,AP$13)=\"\",10^12,OFFSET(CRONOPLE!$F$14,$M58,AP$13))))","v":1000000000000},{"$f":"IF($D58<>\"Serviço\",0,IF(AND(AUTOEVENTO=\"Manual\",$M58=1),0,IF(OFFSET(CRONOPLE!$F$14,$M58,AQ$13)=\"\",10^12,OFFSET(CRONOPLE!$F$14,$M58,AQ$13))))","v":1000000000000},{"$f":"IF($D58<>\"Serviço\",0,IF(AND(AUTOEVENTO=\"Manual\",$M58=1),0,IF(OFFSET(CRONOPLE!$F$14,$M58,AR$13)=\"\",10^12,OFFSET(CRONOPLE!$F$14,$M58,AR$13))))","v":1000000000000},{"$f":"IF($D58<>\"Serviço\",0,IF(AND(AUTOEVENTO=\"Manual\",$M58=1),0,IF(OFFSET(CRONOPLE!$F$14,$M58,AS$13)=\"\",10^12,OFFSET(CRONOPLE!$F$14,$M58,AS$13))))","v":1000000000000},{"$f":"IF($D58<>\"Serviço\",0,IF(AND(AUTOEVENTO=\"Manual\",$M58=1),0,IF(OFFSET(CRONOPLE!$F$14,$M58,AT$13)=\"\",10^12,OFFSET(CRONOPLE!$F$14,$M58,AT$13))))","v":1000000000000},{"$f":"IF($D58<>\"Serviço\",0,IF(AND(AUTOEVENTO=\"Manual\",$M58=1),0,IF(OFFSET(CRONOPLE!$F$14,$M58,AU$13)=\"\",10^12,OFFSET(CRONOPLE!$F$14,$M58,AU$13))))","v":1000000000000},{"$f":"IF($D58<>\"Serviço\",0,IF(AND(AUTOEVENTO=\"Manual\",$M58=1),0,IF(OFFSET(CRONOPLE!$F$14,$M58,AV$13)=\"\",10^12,OFFSET(CRONOPLE!$F$14,$M58,AV$13))))","v":1000000000000},null,{"$f":"IF($D58<>\"Serviço\",0,IF(OR(AND(AUTOEVENTO=\"Manual\",$M58=1),$M58>(ROW(PLE.lastrow)-ROW(PLE.firstrow))),0,IF(OFFSET(PLE!$G$14,$M58,AX$13)=\"\",10^12,OFFSET(PLE!$G$14,$M58,AX$13))))","v":1000000000000},{"$f":"IF($D58<>\"Serviço\",0,IF(OR(AND(AUTOEVENTO=\"Manual\",$M58=1),$M58>(ROW(PLE.lastrow)-ROW(PLE.firstrow))),0,IF(OFFSET(PLE!$G$14,$M58,AY$13)=\"\",10^12,OFFSET(PLE!$G$14,$M58,AY$13))))","v":1000000000000},{"$f":"IF($D58<>\"Serviço\",0,IF(OR(AND(AUTOEVENTO=\"Manual\",$M58=1),$M58>(ROW(PLE.lastrow)-ROW(PLE.firstrow))),0,IF(OFFSET(PLE!$G$14,$M58,AZ$13)=\"\",10^12,OFFSET(PLE!$G$14,$M58,AZ$13))))","v":1000000000000},{"$f":"IF($D58<>\"Serviço\",0,IF(OR(AND(AUTOEVENTO=\"Manual\",$M58=1),$M58>(ROW(PLE.lastrow)-ROW(PLE.firstrow))),0,IF(OFFSET(PLE!$G$14,$M58,BA$13)=\"\",10^12,OFFSET(PLE!$G$14,$M58,BA$13))))","v":1000000000000},{"$f":"IF($D58<>\"Serviço\",0,IF(OR(AND(AUTOEVENTO=\"Manual\",$M58=1),$M58>(ROW(PLE.lastrow)-ROW(PLE.firstrow))),0,IF(OFFSET(PLE!$G$14,$M58,BB$13)=\"\",10^12,OFFSET(PLE!$G$14,$M58,BB$13))))","v":1000000000000},{"$f":"IF($D58<>\"Serviço\",0,IF(OR(AND(AUTOEVENTO=\"Manual\",$M58=1),$M58>(ROW(PLE.lastrow)-ROW(PLE.firstrow))),0,IF(OFFSET(PLE!$G$14,$M58,BC$13)=\"\",10^12,OFFSET(PLE!$G$14,$M58,BC$13))))","v":1000000000000},{"$f":"IF($D58<>\"Serviço\",0,IF(OR(AND(AUTOEVENTO=\"Manual\",$M58=1),$M58>(ROW(PLE.lastrow)-ROW(PLE.firstrow))),0,IF(OFFSET(PLE!$G$14,$M58,BD$13)=\"\",10^12,OFFSET(PLE!$G$14,$M58,BD$13))))","v":1000000000000},{"$f":"IF($D58<>\"Serviço\",0,IF(OR(AND(AUTOEVENTO=\"Manual\",$M58=1),$M58>(ROW(PLE.lastrow)-ROW(PLE.firstrow))),0,IF(OFFSET(PLE!$G$14,$M58,BE$13)=\"\",10^12,OFFSET(PLE!$G$14,$M58,BE$13))))","v":1000000000000},{"$f":"IF($D58<>\"Serviço\",0,IF(OR(AND(AUTOEVENTO=\"Manual\",$M58=1),$M58>(ROW(PLE.lastrow)-ROW(PLE.firstrow))),0,IF(OFFSET(PLE!$G$14,$M58,BF$13)=\"\",10^12,OFFSET(PLE!$G$14,$M58,BF$13))))","v":1000000000000},{"$f":"IF($D58<>\"Serviço\",0,IF(OR(AND(AUTOEVENTO=\"Manual\",$M58=1),$M58>(ROW(PLE.lastrow)-ROW(PLE.firstrow))),0,IF(OFFSET(PLE!$G$14,$M58,BG$13)=\"\",10^12,OFFSET(PLE!$G$14,$M58,BG$13))))","v":1000000000000}]
["24",{"$f":"OFFSET(ORÇAMENTO!C$15,ROW(B59)-ROW(B$15),0)","v":3},{"$f":"OFFSET(ORÇAMENTO!L$15,ROW(C59)-ROW(C$15),0)","v":"F"},{"$f":"OFFSET(ORÇAMENTO!N$15,ROW(D59)-ROW(D$15),0)","v":"Nível 3"},{"$f":"OFFSET(ORÇAMENTO!O$15,ROW(E59)-ROW(E$15),0)","v":"1.3.5."},{"$f":"OFFSET(ORÇAMENTO!R$15,ROW(F59)-ROW(F$15),0)","v":"VIGAS DE FECHAMENTO"},{"$f":"IF($D59<>\"Serviço\",\"\",OFFSET(ORÇAMENTO!S$15,ROW(G59)-ROW(G$15),0))","v":""},{"$f":"IF($D59<>\"Serviço\",0,IF(ACOMPANHAMENTO=\"BM\",ROUND(OFFSET(ORÇAMENTO!AJ$15,ROW(H59)-ROW(H$15),0),15-13*ORÇAMENTO!$AF$7),SUMPRODUCT(($Q$12:$AA$12<>\"\")*ROUND($Q59:$AA59,15-13*ORÇAMENTO!$AF$7))))","v":0},null,null,null,".",{"$f":"IF($D59<>\"Serviço\",\"\",IF(AUTOEVENTO=\"manual\",$A59,IF(ISERROR(MATCH($A59,$A$15:OFFSET($A59,-1,0),0)),MAX($M$15:OFFSET(M59,-1,0))+1,INDEX($M$15:OFFSET(M59,-1,0),MATCH($A59,$A$15:OFFSET($A59,-1,0),0)))))","v":""},{"$f":"IF($D59<>\"Serviço\",\"\",IF(AUTOEVENTO=\"Manual\",IF($A59=0,\"<-- defina o número do agrupador\",OFFSET(EVENTOS!$D$14,$A59,0)),OFFSET($F$15,$A59,0)))","v":""},null,null,null,null,null,null,null,null,null,null,null,null,null,{"$f":"IF(AND($D59=\"Serviço\",AB$12<>0,$H59>0,OR(AUTOEVENTO<>\"manual\",$M59<>1)),\nIF(Import.TipoArredondamento<>\"TransfereGOV\",\nROUND(OFFSET($P59,0,AB$13),15-13*ORÇAMENTO!$AF$7)/$H59*OFFSET(ORÇAMENTO!$X$15,ROW(AB59)-ROW(AB$15),0),\nROUND(ROUND(OFFSET($P59,0,AB$13),15-13*ORÇAMENTO!$AF$7)*OFFSET(ORÇAMENTO!$W$15,ROW(AB59)-ROW(AB$15),0),15-13*ORÇAMENTO!$AF$11)),0)","v":0},{"$f":"IF(AND($D59=\"Serviço\",AC$12<>0,$H59>0,OR(AUTOEVENTO<>\"manual\",$M59<>1)),\nIF(Import.TipoArredondamento<>\"TransfereGOV\",\nROUND(OFFSET($P59,0,AC$13),15-13*ORÇAMENTO!$AF$7)/$H59*OFFSET(ORÇAMENTO!$X$15,ROW(AC59)-ROW(AC$15),0),\nROUND(ROUND(OFFSET($P59,0,AC$13),15-13*ORÇAMENTO!$AF$7)*OFFSET(ORÇAMENTO!$W$15,ROW(AC59)-ROW(AC$15),0),15-13*ORÇAMENTO!$AF$11)),0)","v":0},{"$f":"IF(AND($D59=\"Serviço\",AD$12<>0,$H59>0,OR(AUTOEVENTO<>\"manual\",$M59<>1)),\nIF(Import.TipoArredondamento<>\"TransfereGOV\",\nROUND(OFFSET($P59,0,AD$13),15-13*ORÇAMENTO!$AF$7)/$H59*OFFSET(ORÇAMENTO!$X$15,ROW(AD59)-ROW(AD$15),0),\nROUND(ROUND(OFFSET($P59,0,AD$13),15-13*ORÇAMENTO!$AF$7)*OFFSET(ORÇAMENTO!$W$15,ROW(AD59)-ROW(AD$15),0),15-13*ORÇAMENTO!$AF$11)),0)","v":0},{"$f":"IF(AND($D59=\"Serviço\",AE$12<>0,$H59>0,OR(AUTOEVENTO<>\"manual\",$M59<>1)),\nIF(Import.TipoArredondamento<>\"TransfereGOV\",\nROUND(OFFSET($P59,0,AE$13),15-13*ORÇAMENTO!$AF$7)/$H59*OFFSET(ORÇAMENTO!$X$15,ROW(AE59)-ROW(AE$15),0),\nROUND(ROUND(OFFSET($P59,0,AE$13),15-13*ORÇAMENTO!$AF$7)*OFFSET(ORÇAMENTO!$W$15,ROW(AE59)-ROW(AE$15),0),15-13*ORÇAMENTO!$AF$11)),0)","v":0},{"$f":"IF(AND($D59=\"Serviço\",AF$12<>0,$H59>0,OR(AUTOEVENTO<>\"manual\",$M59<>1)),\nIF(Import.TipoArredondamento<>\"TransfereGOV\",\nROUND(OFFSET($P59,0,AF$13),15-13*ORÇAMENTO!$AF$7)/$H59*OFFSET(ORÇAMENTO!$X$15,ROW(AF59)-ROW(AF$15),0),\nROUND(ROUND(OFFSET($P59,0,AF$13),15-13*ORÇAMENTO!$AF$7)*OFFSET(ORÇAMENTO!$W$15,ROW(AF59)-ROW(AF$15),0),15-13*ORÇAMENTO!$AF$11)),0)","v":0},{"$f":"IF(AND($D59=\"Serviço\",AG$12<>0,$H59>0,OR(AUTOEVENTO<>\"manual\",$M59<>1)),\nIF(Import.TipoArredondamento<>\"TransfereGOV\",\nROUND(OFFSET($P59,0,AG$13),15-13*ORÇAMENTO!$AF$7)/$H59*OFFSET(ORÇAMENTO!$X$15,ROW(AG59)-ROW(AG$15),0),\nROUND(ROUND(OFFSET($P59,0,AG$13),15-13*ORÇAMENTO!$AF$7)*OFFSET(ORÇAMENTO!$W$15,ROW(AG59)-ROW(AG$15),0),15-13*ORÇAMENTO!$AF$11)),0)","v":0},{"$f":"IF(AND($D59=\"Serviço\",AH$12<>0,$H59>0,OR(AUTOEVENTO<>\"manual\",$M59<>1)),\nIF(Import.TipoArredondamento<>\"TransfereGOV\",\nROUND(OFFSET($P59,0,AH$13),15-13*ORÇAMENTO!$AF$7)/$H59*OFFSET(ORÇAMENTO!$X$15,ROW(AH59)-ROW(AH$15),0),\nROUND(ROUND(OFFSET($P59,0,AH$13),15-13*ORÇAMENTO!$AF$7)*OFFSET(ORÇAMENTO!$W$15,ROW(AH59)-ROW(AH$15),0),15-13*ORÇAMENTO!$AF$11)),0)","v":0},{"$f":"IF(AND($D59=\"Serviço\",AI$12<>0,$H59>0,OR(AUTOEVENTO<>\"manual\",$M59<>1)),\nIF(Import.TipoArredondamento<>\"TransfereGOV\",\nROUND(OFFSET($P59,0,AI$13),15-13*ORÇAMENTO!$AF$7)/$H59*OFFSET(ORÇAMENTO!$X$15,ROW(AI59)-ROW(AI$15),0),\nROUND(ROUND(OFFSET($P59,0,AI$13),15-13*ORÇAMENTO!$AF$7)*OFFSET(ORÇAMENTO!$W$15,ROW(AI59)-ROW(AI$15),0),15-13*ORÇAMENTO!$AF$11)),0)","v":0},{"$f":"IF(AND($D59=\"Serviço\",AJ$12<>0,$H59>0,OR(AUTOEVENTO<>\"manual\",$M59<>1)),\nIF(Import.TipoArredondamento<>\"TransfereGOV\",\nROUND(OFFSET($P59,0,AJ$13),15-13*ORÇAMENTO!$AF$7)/$H59*OFFSET(ORÇAMENTO!$X$15,ROW(AJ59)-ROW(AJ$15),0),\nROUND(ROUND(OFFSET($P59,0,AJ$13),15-13*ORÇAMENTO!$AF$7)*OFFSET(ORÇAMENTO!$W$15,ROW(AJ59)-ROW(AJ$15),0),15-13*ORÇAMENTO!$AF$11)),0)","v":0},{"$f":"IF(AND($D59=\"Serviço\",AK$12<>0,$H59>0,OR(AUTOEVENTO<>\"manual\",$M59<>1)),\nIF(Import.TipoArredondamento<>\"TransfereGOV\",\nROUND(OFFSET($P59,0,AK$13),15-13*ORÇAMENTO!$AF$7)/$H59*OFFSET(ORÇAMENTO!$X$15,ROW(AK59)-ROW(AK$15),0),\nROUND(ROUND(OFFSET($P59,0,AK$13),15-13*ORÇAMENTO!$AF$7)*OFFSET(ORÇAMENTO!$W$15,ROW(AK59)-ROW(AK$15),0),15-13*ORÇAMENTO!$AF$11)),0)","v":0},null,{"$f":"IF($D59<>\"Serviço\",0,IF(AND(AUTOEVENTO=\"Manual\",$M59=1),0,IF(OFFSET(CRONOPLE!$F$14,$M59,AM$13)=\"\",10^12,OFFSET(CRONOPLE!$F$14,$M59,AM$13))))","v":0},{"$f":"IF($D59<>\"Serviço\",0,IF(AND(AUTOEVENTO=\"Manual\",$M59=1),0,IF(OFFSET(CRONOPLE!$F$14,$M59,AN$13)=\"\",10^12,OFFSET(CRONOPLE!$F$14,$M59,AN$13))))","v":0},{"$f":"IF($D59<>\"Serviço\",0,IF(AND(AUTOEVENTO=\"Manual\",$M59=1),0,IF(OFFSET(CRONOPLE!$F$14,$M59,AO$13)=\"\",10^12,OFFSET(CRONOPLE!$F$14,$M59,AO$13))))","v":0},{"$f":"IF($D59<>\"Serviço\",0,IF(AND(AUTOEVENTO=\"Manual\",$M59=1),0,IF(OFFSET(CRONOPLE!$F$14,$M59,AP$13)=\"\",10^12,OFFSET(CRONOPLE!$F$14,$M59,AP$13))))","v":0},{"$f":"IF($D59<>\"Serviço\",0,IF(AND(AUTOEVENTO=\"Manual\",$M59=1),0,IF(OFFSET(CRONOPLE!$F$14,$M59,AQ$13)=\"\",10^12,OFFSET(CRONOPLE!$F$14,$M59,AQ$13))))","v":0},{"$f":"IF($D59<>\"Serviço\",0,IF(AND(AUTOEVENTO=\"Manual\",$M59=1),0,IF(OFFSET(CRONOPLE!$F$14,$M59,AR$13)=\"\",10^12,OFFSET(CRONOPLE!$F$14,$M59,AR$13))))","v":0},{"$f":"IF($D59<>\"Serviço\",0,IF(AND(AUTOEVENTO=\"Manual\",$M59=1),0,IF(OFFSET(CRONOPLE!$F$14,$M59,AS$13)=\"\",10^12,OFFSET(CRONOPLE!$F$14,$M59,AS$13))))","v":0},{"$f":"IF($D59<>\"Serviço\",0,IF(AND(AUTOEVENTO=\"Manual\",$M59=1),0,IF(OFFSET(CRONOPLE!$F$14,$M59,AT$13)=\"\",10^12,OFFSET(CRONOPLE!$F$14,$M59,AT$13))))","v":0},{"$f":"IF($D59<>\"Serviço\",0,IF(AND(AUTOEVENTO=\"Manual\",$M59=1),0,IF(OFFSET(CRONOPLE!$F$14,$M59,AU$13)=\"\",10^12,OFFSET(CRONOPLE!$F$14,$M59,AU$13))))","v":0},{"$f":"IF($D59<>\"Serviço\",0,IF(AND(AUTOEVENTO=\"Manual\",$M59=1),0,IF(OFFSET(CRONOPLE!$F$14,$M59,AV$13)=\"\",10^12,OFFSET(CRONOPLE!$F$14,$M59,AV$13))))","v":0},null,{"$f":"IF($D59<>\"Serviço\",0,IF(OR(AND(AUTOEVENTO=\"Manual\",$M59=1),$M59>(ROW(PLE.lastrow)-ROW(PLE.firstrow))),0,IF(OFFSET(PLE!$G$14,$M59,AX$13)=\"\",10^12,OFFSET(PLE!$G$14,$M59,AX$13))))","v":0},{"$f":"IF($D59<>\"Serviço\",0,IF(OR(AND(AUTOEVENTO=\"Manual\",$M59=1),$M59>(ROW(PLE.lastrow)-ROW(PLE.firstrow))),0,IF(OFFSET(PLE!$G$14,$M59,AY$13)=\"\",10^12,OFFSET(PLE!$G$14,$M59,AY$13))))","v":0},{"$f":"IF($D59<>\"Serviço\",0,IF(OR(AND(AUTOEVENTO=\"Manual\",$M59=1),$M59>(ROW(PLE.lastrow)-ROW(PLE.firstrow))),0,IF(OFFSET(PLE!$G$14,$M59,AZ$13)=\"\",10^12,OFFSET(PLE!$G$14,$M59,AZ$13))))","v":0},{"$f":"IF($D59<>\"Serviço\",0,IF(OR(AND(AUTOEVENTO=\"Manual\",$M59=1),$M59>(ROW(PLE.lastrow)-ROW(PLE.firstrow))),0,IF(OFFSET(PLE!$G$14,$M59,BA$13)=\"\",10^12,OFFSET(PLE!$G$14,$M59,BA$13))))","v":0},{"$f":"IF($D59<>\"Serviço\",0,IF(OR(AND(AUTOEVENTO=\"Manual\",$M59=1),$M59>(ROW(PLE.lastrow)-ROW(PLE.firstrow))),0,IF(OFFSET(PLE!$G$14,$M59,BB$13)=\"\",10^12,OFFSET(PLE!$G$14,$M59,BB$13))))","v":0},{"$f":"IF($D59<>\"Serviço\",0,IF(OR(AND(AUTOEVENTO=\"Manual\",$M59=1),$M59>(ROW(PLE.lastrow)-ROW(PLE.firstrow))),0,IF(OFFSET(PLE!$G$14,$M59,BC$13)=\"\",10^12,OFFSET(PLE!$G$14,$M59,BC$13))))","v":0},{"$f":"IF($D59<>\"Serviço\",0,IF(OR(AND(AUTOEVENTO=\"Manual\",$M59=1),$M59>(ROW(PLE.lastrow)-ROW(PLE.firstrow))),0,IF(OFFSET(PLE!$G$14,$M59,BD$13)=\"\",10^12,OFFSET(PLE!$G$14,$M59,BD$13))))","v":0},{"$f":"IF($D59<>\"Serviço\",0,IF(OR(AND(AUTOEVENTO=\"Manual\",$M59=1),$M59>(ROW(PLE.lastrow)-ROW(PLE.firstrow))),0,IF(OFFSET(PLE!$G$14,$M59,BE$13)=\"\",10^12,OFFSET(PLE!$G$14,$M59,BE$13))))","v":0},{"$f":"IF($D59<>\"Serviço\",0,IF(OR(AND(AUTOEVENTO=\"Manual\",$M59=1),$M59>(ROW(PLE.lastrow)-ROW(PLE.firstrow))),0,IF(OFFSET(PLE!$G$14,$M59,BF$13)=\"\",10^12,OFFSET(PLE!$G$14,$M59,BF$13))))","v":0},{"$f":"IF($D59<>\"Serviço\",0,IF(OR(AND(AUTOEVENTO=\"Manual\",$M59=1),$M59>(ROW(PLE.lastrow)-ROW(PLE.firstrow))),0,IF(OFFSET(PLE!$G$14,$M59,BG$13)=\"\",10^12,OFFSET(PLE!$G$14,$M59,BG$13))))","v":0}]
["24",{"$f":"OFFSET(ORÇAMENTO!C$15,ROW(B60)-ROW(B$15),0)","v":"S"},{"$f":"OFFSET(ORÇAMENTO!L$15,ROW(C60)-ROW(C$15),0)","v":"F"},{"$f":"OFFSET(ORÇAMENTO!N$15,ROW(D60)-ROW(D$15),0)","v":"Serviço"},{"$f":"OFFSET(ORÇAMENTO!O$15,ROW(E60)-ROW(E$15),0)","v":"1.3.5.0.1."},{"$f":"OFFSET(ORÇAMENTO!R$15,ROW(F60)-ROW(F$15),0)","v":"MONTAGEM E DESMONTAGEM DE FÔRMA DE VIGA, ESCORAMENTO COM PONTALETE DE MADEIRA, PÉ-DIREITO SIMPLES, EM MADEIRA SERRADA, 4 UTILIZAÇÕES. AF_09/2020"},{"$f":"IF($D60<>\"Serviço\",\"\",OFFSET(ORÇAMENTO!S$15,ROW(G60)-ROW(G$15),0))","v":"M2"},{"$f":"IF($D60<>\"Serviço\",0,IF(ACOMPANHAMENTO=\"BM\",ROUND(OFFSET(ORÇAMENTO!AJ$15,ROW(H60)-ROW(H$15),0),15-13*ORÇAMENTO!$AF$7),SUMPRODUCT(($Q$12:$AA$12<>\"\")*ROUND($Q60:$AA60,15-13*ORÇAMENTO!$AF$7))))","v":47.65},null,null,null,".",{"$f":"IF($D60<>\"Serviço\",\"\",IF(AUTOEVENTO=\"manual\",$A60,IF(ISERROR(MATCH($A60,$A$15:OFFSET($A60,-1,0),0)),MAX($M$15:OFFSET(M60,-1,0))+1,INDEX($M$15:OFFSET(M60,-1,0),MATCH($A60,$A$15:OFFSET($A60,-1,0),0)))))","v":4},{"$f":"IF($D60<>\"Serviço\",\"\",IF(AUTOEVENTO=\"Manual\",IF($A60=0,\"<-- defina o número do agrupador\",OFFSET(EVENTOS!$D$14,$A60,0)),OFFSET($F$15,$A60,0)))","v":"ESTRUTURAS"},null,null,null,null,null,null,null,null,null,null,null,null,null,{"$f":"IF(AND($D60=\"Serviço\",AB$12<>0,$H60>0,OR(AUTOEVENTO<>\"manual\",$M60<>1)),\nIF(Import.TipoArredondamento<>\"TransfereGOV\",\nROUND(OFFSET($P60,0,AB$13),15-13*ORÇAMENTO!$AF$7)/$H60*OFFSET(ORÇAMENTO!$X$15,ROW(AB60)-ROW(AB$15),0),\nROUND(ROUND(OFFSET($P60,0,AB$13),15-13*ORÇAMENTO!$AF$7)*OFFSET(ORÇAMENTO!$W$15,ROW(AB60)-ROW(AB$15),0),15-13*ORÇAMENTO!$AF$11)),0)","v":0},{"$f":"IF(AND($D60=\"Serviço\",AC$12<>0,$H60>0,OR(AUTOEVENTO<>\"manual\",$M60<>1)),\nIF(Import.TipoArredondamento<>\"TransfereGOV\",\nROUND(OFFSET($P60,0,AC$13),15-13*ORÇAMENTO!$AF$7)/$H60*OFFSET(ORÇAMENTO!$X$15,ROW(AC60)-ROW(AC$15),0),\nROUND(ROUND(OFFSET($P60,0,AC$13),15-13*ORÇAMENTO!$AF$7)*OFFSET(ORÇAMENTO!$W$15,ROW(AC60)-ROW(AC$15),0),15-13*ORÇAMENTO!$AF$11)),0)","v":0},{"$f":"IF(AND($D60=\"Serviço\",AD$12<>0,$H60>0,OR(AUTOEVENTO<>\"manual\",$M60<>1)),\nIF(Import.TipoArredondamento<>\"TransfereGOV\",\nROUND(OFFSET($P60,0,AD$13),15-13*ORÇAMENTO!$AF$7)/$H60*OFFSET(ORÇAMENTO!$X$15,ROW(AD60)-ROW(AD$15),0),\nROUND(ROUND(OFFSET($P60,0,AD$13),15-13*ORÇAMENTO!$AF$7)*OFFSET(ORÇAMENTO!$W$15,ROW(AD60)-ROW(AD$15),0),15-13*ORÇAMENTO!$AF$11)),0)","v":0},{"$f":"IF(AND($D60=\"Serviço\",AE$12<>0,$H60>0,OR(AUTOEVENTO<>\"manual\",$M60<>1)),\nIF(Import.TipoArredondamento<>\"TransfereGOV\",\nROUND(OFFSET($P60,0,AE$13),15-13*ORÇAMENTO!$AF$7)/$H60*OFFSET(ORÇAMENTO!$X$15,ROW(AE60)-ROW(AE$15),0),\nROUND(ROUND(OFFSET($P60,0,AE$13),15-13*ORÇAMENTO!$AF$7)*OFFSET(ORÇAMENTO!$W$15,ROW(AE60)-ROW(AE$15),0),15-13*ORÇAMENTO!$AF$11)),0)","v":0},{"$f":"IF(AND($D60=\"Serviço\",AF$12<>0,$H60>0,OR(AUTOEVENTO<>\"manual\",$M60<>1)),\nIF(Import.TipoArredondamento<>\"TransfereGOV\",\nROUND(OFFSET($P60,0,AF$13),15-13*ORÇAMENTO!$AF$7)/$H60*OFFSET(ORÇAMENTO!$X$15,ROW(AF60)-ROW(AF$15),0),\nROUND(ROUND(OFFSET($P60,0,AF$13),15-13*ORÇAMENTO!$AF$7)*OFFSET(ORÇAMENTO!$W$15,ROW(AF60)-ROW(AF$15),0),15-13*ORÇAMENTO!$AF$11)),0)","v":0},{"$f":"IF(AND($D60=\"Serviço\",AG$12<>0,$H60>0,OR(AUTOEVENTO<>\"manual\",$M60<>1)),\nIF(Import.TipoArredondamento<>\"TransfereGOV\",\nROUND(OFFSET($P60,0,AG$13),15-13*ORÇAMENTO!$AF$7)/$H60*OFFSET(ORÇAMENTO!$X$15,ROW(AG60)-ROW(AG$15),0),\nROUND(ROUND(OFFSET($P60,0,AG$13),15-13*ORÇAMENTO!$AF$7)*OFFSET(ORÇAMENTO!$W$15,ROW(AG60)-ROW(AG$15),0),15-13*ORÇAMENTO!$AF$11)),0)","v":0},{"$f":"IF(AND($D60=\"Serviço\",AH$12<>0,$H60>0,OR(AUTOEVENTO<>\"manual\",$M60<>1)),\nIF(Import.TipoArredondamento<>\"TransfereGOV\",\nROUND(OFFSET($P60,0,AH$13),15-13*ORÇAMENTO!$AF$7)/$H60*OFFSET(ORÇAMENTO!$X$15,ROW(AH60)-ROW(AH$15),0),\nROUND(ROUND(OFFSET($P60,0,AH$13),15-13*ORÇAMENTO!$AF$7)*OFFSET(ORÇAMENTO!$W$15,ROW(AH60)-ROW(AH$15),0),15-13*ORÇAMENTO!$AF$11)),0)","v":0},{"$f":"IF(AND($D60=\"Serviço\",AI$12<>0,$H60>0,OR(AUTOEVENTO<>\"manual\",$M60<>1)),\nIF(Import.TipoArredondamento<>\"TransfereGOV\",\nROUND(OFFSET($P60,0,AI$13),15-13*ORÇAMENTO!$AF$7)/$H60*OFFSET(ORÇAMENTO!$X$15,ROW(AI60)-ROW(AI$15),0),\nROUND(ROUND(OFFSET($P60,0,AI$13),15-13*ORÇAMENTO!$AF$7)*OFFSET(ORÇAMENTO!$W$15,ROW(AI60)-ROW(AI$15),0),15-13*ORÇAMENTO!$AF$11)),0)","v":0},{"$f":"IF(AND($D60=\"Serviço\",AJ$12<>0,$H60>0,OR(AUTOEVENTO<>\"manual\",$M60<>1)),\nIF(Import.TipoArredondamento<>\"TransfereGOV\",\nROUND(OFFSET($P60,0,AJ$13),15-13*ORÇAMENTO!$AF$7)/$H60*OFFSET(ORÇAMENTO!$X$15,ROW(AJ60)-ROW(AJ$15),0),\nROUND(ROUND(OFFSET($P60,0,AJ$13),15-13*ORÇAMENTO!$AF$7)*OFFSET(ORÇAMENTO!$W$15,ROW(AJ60)-ROW(AJ$15),0),15-13*ORÇAMENTO!$AF$11)),0)","v":0},{"$f":"IF(AND($D60=\"Serviço\",AK$12<>0,$H60>0,OR(AUTOEVENTO<>\"manual\",$M60<>1)),\nIF(Import.TipoArredondamento<>\"TransfereGOV\",\nROUND(OFFSET($P60,0,AK$13),15-13*ORÇAMENTO!$AF$7)/$H60*OFFSET(ORÇAMENTO!$X$15,ROW(AK60)-ROW(AK$15),0),\nROUND(ROUND(OFFSET($P60,0,AK$13),15-13*ORÇAMENTO!$AF$7)*OFFSET(ORÇAMENTO!$W$15,ROW(AK60)-ROW(AK$15),0),15-13*ORÇAMENTO!$AF$11)),0)","v":0},null,{"$f":"IF($D60<>\"Serviço\",0,IF(AND(AUTOEVENTO=\"Manual\",$M60=1),0,IF(OFFSET(CRONOPLE!$F$14,$M60,AM$13)=\"\",10^12,OFFSET(CRONOPLE!$F$14,$M60,AM$13))))","v":1000000000000},{"$f":"IF($D60<>\"Serviço\",0,IF(AND(AUTOEVENTO=\"Manual\",$M60=1),0,IF(OFFSET(CRONOPLE!$F$14,$M60,AN$13)=\"\",10^12,OFFSET(CRONOPLE!$F$14,$M60,AN$13))))","v":1000000000000},{"$f":"IF($D60<>\"Serviço\",0,IF(AND(AUTOEVENTO=\"Manual\",$M60=1),0,IF(OFFSET(CRONOPLE!$F$14,$M60,AO$13)=\"\",10^12,OFFSET(CRONOPLE!$F$14,$M60,AO$13))))","v":1000000000000},{"$f":"IF($D60<>\"Serviço\",0,IF(AND(AUTOEVENTO=\"Manual\",$M60=1),0,IF(OFFSET(CRONOPLE!$F$14,$M60,AP$13)=\"\",10^12,OFFSET(CRONOPLE!$F$14,$M60,AP$13))))","v":1000000000000},{"$f":"IF($D60<>\"Serviço\",0,IF(AND(AUTOEVENTO=\"Manual\",$M60=1),0,IF(OFFSET(CRONOPLE!$F$14,$M60,AQ$13)=\"\",10^12,OFFSET(CRONOPLE!$F$14,$M60,AQ$13))))","v":1000000000000},{"$f":"IF($D60<>\"Serviço\",0,IF(AND(AUTOEVENTO=\"Manual\",$M60=1),0,IF(OFFSET(CRONOPLE!$F$14,$M60,AR$13)=\"\",10^12,OFFSET(CRONOPLE!$F$14,$M60,AR$13))))","v":1000000000000},{"$f":"IF($D60<>\"Serviço\",0,IF(AND(AUTOEVENTO=\"Manual\",$M60=1),0,IF(OFFSET(CRONOPLE!$F$14,$M60,AS$13)=\"\",10^12,OFFSET(CRONOPLE!$F$14,$M60,AS$13))))","v":1000000000000},{"$f":"IF($D60<>\"Serviço\",0,IF(AND(AUTOEVENTO=\"Manual\",$M60=1),0,IF(OFFSET(CRONOPLE!$F$14,$M60,AT$13)=\"\",10^12,OFFSET(CRONOPLE!$F$14,$M60,AT$13))))","v":1000000000000},{"$f":"IF($D60<>\"Serviço\",0,IF(AND(AUTOEVENTO=\"Manual\",$M60=1),0,IF(OFFSET(CRONOPLE!$F$14,$M60,AU$13)=\"\",10^12,OFFSET(CRONOPLE!$F$14,$M60,AU$13))))","v":1000000000000},{"$f":"IF($D60<>\"Serviço\",0,IF(AND(AUTOEVENTO=\"Manual\",$M60=1),0,IF(OFFSET(CRONOPLE!$F$14,$M60,AV$13)=\"\",10^12,OFFSET(CRONOPLE!$F$14,$M60,AV$13))))","v":1000000000000},null,{"$f":"IF($D60<>\"Serviço\",0,IF(OR(AND(AUTOEVENTO=\"Manual\",$M60=1),$M60>(ROW(PLE.lastrow)-ROW(PLE.firstrow))),0,IF(OFFSET(PLE!$G$14,$M60,AX$13)=\"\",10^12,OFFSET(PLE!$G$14,$M60,AX$13))))","v":1000000000000},{"$f":"IF($D60<>\"Serviço\",0,IF(OR(AND(AUTOEVENTO=\"Manual\",$M60=1),$M60>(ROW(PLE.lastrow)-ROW(PLE.firstrow))),0,IF(OFFSET(PLE!$G$14,$M60,AY$13)=\"\",10^12,OFFSET(PLE!$G$14,$M60,AY$13))))","v":1000000000000},{"$f":"IF($D60<>\"Serviço\",0,IF(OR(AND(AUTOEVENTO=\"Manual\",$M60=1),$M60>(ROW(PLE.lastrow)-ROW(PLE.firstrow))),0,IF(OFFSET(PLE!$G$14,$M60,AZ$13)=\"\",10^12,OFFSET(PLE!$G$14,$M60,AZ$13))))","v":1000000000000},{"$f":"IF($D60<>\"Serviço\",0,IF(OR(AND(AUTOEVENTO=\"Manual\",$M60=1),$M60>(ROW(PLE.lastrow)-ROW(PLE.firstrow))),0,IF(OFFSET(PLE!$G$14,$M60,BA$13)=\"\",10^12,OFFSET(PLE!$G$14,$M60,BA$13))))","v":1000000000000},{"$f":"IF($D60<>\"Serviço\",0,IF(OR(AND(AUTOEVENTO=\"Manual\",$M60=1),$M60>(ROW(PLE.lastrow)-ROW(PLE.firstrow))),0,IF(OFFSET(PLE!$G$14,$M60,BB$13)=\"\",10^12,OFFSET(PLE!$G$14,$M60,BB$13))))","v":1000000000000},{"$f":"IF($D60<>\"Serviço\",0,IF(OR(AND(AUTOEVENTO=\"Manual\",$M60=1),$M60>(ROW(PLE.lastrow)-ROW(PLE.firstrow))),0,IF(OFFSET(PLE!$G$14,$M60,BC$13)=\"\",10^12,OFFSET(PLE!$G$14,$M60,BC$13))))","v":1000000000000},{"$f":"IF($D60<>\"Serviço\",0,IF(OR(AND(AUTOEVENTO=\"Manual\",$M60=1),$M60>(ROW(PLE.lastrow)-ROW(PLE.firstrow))),0,IF(OFFSET(PLE!$G$14,$M60,BD$13)=\"\",10^12,OFFSET(PLE!$G$14,$M60,BD$13))))","v":1000000000000},{"$f":"IF($D60<>\"Serviço\",0,IF(OR(AND(AUTOEVENTO=\"Manual\",$M60=1),$M60>(ROW(PLE.lastrow)-ROW(PLE.firstrow))),0,IF(OFFSET(PLE!$G$14,$M60,BE$13)=\"\",10^12,OFFSET(PLE!$G$14,$M60,BE$13))))","v":1000000000000},{"$f":"IF($D60<>\"Serviço\",0,IF(OR(AND(AUTOEVENTO=\"Manual\",$M60=1),$M60>(ROW(PLE.lastrow)-ROW(PLE.firstrow))),0,IF(OFFSET(PLE!$G$14,$M60,BF$13)=\"\",10^12,OFFSET(PLE!$G$14,$M60,BF$13))))","v":1000000000000},{"$f":"IF($D60<>\"Serviço\",0,IF(OR(AND(AUTOEVENTO=\"Manual\",$M60=1),$M60>(ROW(PLE.lastrow)-ROW(PLE.firstrow))),0,IF(OFFSET(PLE!$G$14,$M60,BG$13)=\"\",10^12,OFFSET(PLE!$G$14,$M60,BG$13))))","v":1000000000000}]
["24",{"$f":"OFFSET(ORÇAMENTO!C$15,ROW(B61)-ROW(B$15),0)","v":"S"},{"$f":"OFFSET(ORÇAMENTO!L$15,ROW(C61)-ROW(C$15),0)","v":"F"},{"$f":"OFFSET(ORÇAMENTO!N$15,ROW(D61)-ROW(D$15),0)","v":"Serviço"},{"$f":"OFFSET(ORÇAMENTO!O$15,ROW(E61)-ROW(E$15),0)","v":"1.3.5.0.2."},{"$f":"OFFSET(ORÇAMENTO!R$15,ROW(F61)-ROW(F$15),0)","v":"ARMAÇÃO DE PILAR OU VIGA DE ESTRUTURA CONVENCIONAL DE CONCRETO ARMADO UTILIZANDO AÇO CA-50 DE 10,0 MM - MONTAGEM. AF_06/2022"},{"$f":"IF($D61<>\"Serviço\",\"\",OFFSET(ORÇAMENTO!S$15,ROW(G61)-ROW(G$15),0))","v":"KG"},{"$f":"IF($D61<>\"Serviço\",0,IF(ACOMPANHAMENTO=\"BM\",ROUND(OFFSET(ORÇAMENTO!AJ$15,ROW(H61)-ROW(H$15),0),15-13*ORÇAMENTO!$AF$7),SUMPRODUCT(($Q$12:$AA$12<>\"\")*ROUND($Q61:$AA61,15-13*ORÇAMENTO!$AF$7))))","v":543.79999999999995},null,null,null,".",{"$f":"IF($D61<>\"Serviço\",\"\",IF(AUTOEVENTO=\"manual\",$A61,IF(ISERROR(MATCH($A61,$A$15:OFFSET($A61,-1,0),0)),MAX($M$15:OFFSET(M61,-1,0))+1,INDEX($M$15:OFFSET(M61,-1,0),MATCH($A61,$A$15:OFFSET($A61,-1,0),0)))))","v":4},{"$f":"IF($D61<>\"Serviço\",\"\",IF(AUTOEVENTO=\"Manual\",IF($A61=0,\"<-- defina o número do agrupador\",OFFSET(EVENTOS!$D$14,$A61,0)),OFFSET($F$15,$A61,0)))","v":"ESTRUTURAS"},null,null,null,null,null,null,null,null,null,null,null,null,null,{"$f":"IF(AND($D61=\"Serviço\",AB$12<>0,$H61>0,OR(AUTOEVENTO<>\"manual\",$M61<>1)),\nIF(Import.TipoArredondamento<>\"TransfereGOV\",\nROUND(OFFSET($P61,0,AB$13),15-13*ORÇAMENTO!$AF$7)/$H61*OFFSET(ORÇAMENTO!$X$15,ROW(AB61)-ROW(AB$15),0),\nROUND(ROUND(OFFSET($P61,0,AB$13),15-13*ORÇAMENTO!$AF$7)*OFFSET(ORÇAMENTO!$W$15,ROW(AB61)-ROW(AB$15),0),15-13*ORÇAMENTO!$AF$11)),0)","v":0},{"$f":"IF(AND($D61=\"Serviço\",AC$12<>0,$H61>0,OR(AUTOEVENTO<>\"manual\",$M61<>1)),\nIF(Import.TipoArredondamento<>\"TransfereGOV\",\nROUND(OFFSET($P61,0,AC$13),15-13*ORÇAMENTO!$AF$7)/$H61*OFFSET(ORÇAMENTO!$X$15,ROW(AC61)-ROW(AC$15),0),\nROUND(ROUND(OFFSET($P61,0,AC$13),15-13*ORÇAMENTO!$AF$7)*OFFSET(ORÇAMENTO!$W$15,ROW(AC61)-ROW(AC$15),0),15-13*ORÇAMENTO!$AF$11)),0)","v":0},{"$f":"IF(AND($D61=\"Serviço\",AD$12<>0,$H61>0,OR(AUTOEVENTO<>\"manual\",$M61<>1)),\nIF(Import.TipoArredondamento<>\"TransfereGOV\",\nROUND(OFFSET($P61,0,AD$13),15-13*ORÇAMENTO!$AF$7)/$H61*OFFSET(ORÇAMENTO!$X$15,ROW(AD61)-ROW(AD$15),0),\nROUND(ROUND(OFFSET($P61,0,AD$13),15-13*ORÇAMENTO!$AF$7)*OFFSET(ORÇAMENTO!$W$15,ROW(AD61)-ROW(AD$15),0),15-13*ORÇAMENTO!$AF$11)),0)","v":0},{"$f":"IF(AND($D61=\"Serviço\",AE$12<>0,$H61>0,OR(AUTOEVENTO<>\"manual\",$M61<>1)),\nIF(Import.TipoArredondamento<>\"TransfereGOV\",\nROUND(OFFSET($P61,0,AE$13),15-13*ORÇAMENTO!$AF$7)/$H61*OFFSET(ORÇAMENTO!$X$15,ROW(AE61)-ROW(AE$15),0),\nROUND(ROUND(OFFSET($P61,0,AE$13),15-13*ORÇAMENTO!$AF$7)*OFFSET(ORÇAMENTO!$W$15,ROW(AE61)-ROW(AE$15),0),15-13*ORÇAMENTO!$AF$11)),0)","v":0},{"$f":"IF(AND($D61=\"Serviço\",AF$12<>0,$H61>0,OR(AUTOEVENTO<>\"manual\",$M61<>1)),\nIF(Import.TipoArredondamento<>\"TransfereGOV\",\nROUND(OFFSET($P61,0,AF$13),15-13*ORÇAMENTO!$AF$7)/$H61*OFFSET(ORÇAMENTO!$X$15,ROW(AF61)-ROW(AF$15),0),\nROUND(ROUND(OFFSET($P61,0,AF$13),15-13*ORÇAMENTO!$AF$7)*OFFSET(ORÇAMENTO!$W$15,ROW(AF61)-ROW(AF$15),0),15-13*ORÇAMENTO!$AF$11)),0)","v":0},{"$f":"IF(AND($D61=\"Serviço\",AG$12<>0,$H61>0,OR(AUTOEVENTO<>\"manual\",$M61<>1)),\nIF(Import.TipoArredondamento<>\"TransfereGOV\",\nROUND(OFFSET($P61,0,AG$13),15-13*ORÇAMENTO!$AF$7)/$H61*OFFSET(ORÇAMENTO!$X$15,ROW(AG61)-ROW(AG$15),0),\nROUND(ROUND(OFFSET($P61,0,AG$13),15-13*ORÇAMENTO!$AF$7)*OFFSET(ORÇAMENTO!$W$15,ROW(AG61)-ROW(AG$15),0),15-13*ORÇAMENTO!$AF$11)),0)","v":0},{"$f":"IF(AND($D61=\"Serviço\",AH$12<>0,$H61>0,OR(AUTOEVENTO<>\"manual\",$M61<>1)),\nIF(Import.TipoArredondamento<>\"TransfereGOV\",\nROUND(OFFSET($P61,0,AH$13),15-13*ORÇAMENTO!$AF$7)/$H61*OFFSET(ORÇAMENTO!$X$15,ROW(AH61)-ROW(AH$15),0),\nROUND(ROUND(OFFSET($P61,0,AH$13),15-13*ORÇAMENTO!$AF$7)*OFFSET(ORÇAMENTO!$W$15,ROW(AH61)-ROW(AH$15),0),15-13*ORÇAMENTO!$AF$11)),0)","v":0},{"$f":"IF(AND($D61=\"Serviço\",AI$12<>0,$H61>0,OR(AUTOEVENTO<>\"manual\",$M61<>1)),\nIF(Import.TipoArredondamento<>\"TransfereGOV\",\nROUND(OFFSET($P61,0,AI$13),15-13*ORÇAMENTO!$AF$7)/$H61*OFFSET(ORÇAMENTO!$X$15,ROW(AI61)-ROW(AI$15),0),\nROUND(ROUND(OFFSET($P61,0,AI$13),15-13*ORÇAMENTO!$AF$7)*OFFSET(ORÇAMENTO!$W$15,ROW(AI61)-ROW(AI$15),0),15-13*ORÇAMENTO!$AF$11)),0)","v":0},{"$f":"IF(AND($D61=\"Serviço\",AJ$12<>0,$H61>0,OR(AUTOEVENTO<>\"manual\",$M61<>1)),\nIF(Import.TipoArredondamento<>\"TransfereGOV\",\nROUND(OFFSET($P61,0,AJ$13),15-13*ORÇAMENTO!$AF$7)/$H61*OFFSET(ORÇAMENTO!$X$15,ROW(AJ61)-ROW(AJ$15),0),\nROUND(ROUND(OFFSET($P61,0,AJ$13),15-13*ORÇAMENTO!$AF$7)*OFFSET(ORÇAMENTO!$W$15,ROW(AJ61)-ROW(AJ$15),0),15-13*ORÇAMENTO!$AF$11)),0)","v":0},{"$f":"IF(AND($D61=\"Serviço\",AK$12<>0,$H61>0,OR(AUTOEVENTO<>\"manual\",$M61<>1)),\nIF(Import.TipoArredondamento<>\"TransfereGOV\",\nROUND(OFFSET($P61,0,AK$13),15-13*ORÇAMENTO!$AF$7)/$H61*OFFSET(ORÇAMENTO!$X$15,ROW(AK61)-ROW(AK$15),0),\nROUND(ROUND(OFFSET($P61,0,AK$13),15-13*ORÇAMENTO!$AF$7)*OFFSET(ORÇAMENTO!$W$15,ROW(AK61)-ROW(AK$15),0),15-13*ORÇAMENTO!$AF$11)),0)","v":0},null,{"$f":"IF($D61<>\"Serviço\",0,IF(AND(AUTOEVENTO=\"Manual\",$M61=1),0,IF(OFFSET(CRONOPLE!$F$14,$M61,AM$13)=\"\",10^12,OFFSET(CRONOPLE!$F$14,$M61,AM$13))))","v":1000000000000},{"$f":"IF($D61<>\"Serviço\",0,IF(AND(AUTOEVENTO=\"Manual\",$M61=1),0,IF(OFFSET(CRONOPLE!$F$14,$M61,AN$13)=\"\",10^12,OFFSET(CRONOPLE!$F$14,$M61,AN$13))))","v":1000000000000},{"$f":"IF($D61<>\"Serviço\",0,IF(AND(AUTOEVENTO=\"Manual\",$M61=1),0,IF(OFFSET(CRONOPLE!$F$14,$M61,AO$13)=\"\",10^12,OFFSET(CRONOPLE!$F$14,$M61,AO$13))))","v":1000000000000},{"$f":"IF($D61<>\"Serviço\",0,IF(AND(AUTOEVENTO=\"Manual\",$M61=1),0,IF(OFFSET(CRONOPLE!$F$14,$M61,AP$13)=\"\",10^12,OFFSET(CRONOPLE!$F$14,$M61,AP$13))))","v":1000000000000},{"$f":"IF($D61<>\"Serviço\",0,IF(AND(AUTOEVENTO=\"Manual\",$M61=1),0,IF(OFFSET(CRONOPLE!$F$14,$M61,AQ$13)=\"\",10^12,OFFSET(CRONOPLE!$F$14,$M61,AQ$13))))","v":1000000000000},{"$f":"IF($D61<>\"Serviço\",0,IF(AND(AUTOEVENTO=\"Manual\",$M61=1),0,IF(OFFSET(CRONOPLE!$F$14,$M61,AR$13)=\"\",10^12,OFFSET(CRONOPLE!$F$14,$M61,AR$13))))","v":1000000000000},{"$f":"IF($D61<>\"Serviço\",0,IF(AND(AUTOEVENTO=\"Manual\",$M61=1),0,IF(OFFSET(CRONOPLE!$F$14,$M61,AS$13)=\"\",10^12,OFFSET(CRONOPLE!$F$14,$M61,AS$13))))","v":1000000000000},{"$f":"IF($D61<>\"Serviço\",0,IF(AND(AUTOEVENTO=\"Manual\",$M61=1),0,IF(OFFSET(CRONOPLE!$F$14,$M61,AT$13)=\"\",10^12,OFFSET(CRONOPLE!$F$14,$M61,AT$13))))","v":1000000000000},{"$f":"IF($D61<>\"Serviço\",0,IF(AND(AUTOEVENTO=\"Manual\",$M61=1),0,IF(OFFSET(CRONOPLE!$F$14,$M61,AU$13)=\"\",10^12,OFFSET(CRONOPLE!$F$14,$M61,AU$13))))","v":1000000000000},{"$f":"IF($D61<>\"Serviço\",0,IF(AND(AUTOEVENTO=\"Manual\",$M61=1),0,IF(OFFSET(CRONOPLE!$F$14,$M61,AV$13)=\"\",10^12,OFFSET(CRONOPLE!$F$14,$M61,AV$13))))","v":1000000000000},null,{"$f":"IF($D61<>\"Serviço\",0,IF(OR(AND(AUTOEVENTO=\"Manual\",$M61=1),$M61>(ROW(PLE.lastrow)-ROW(PLE.firstrow))),0,IF(OFFSET(PLE!$G$14,$M61,AX$13)=\"\",10^12,OFFSET(PLE!$G$14,$M61,AX$13))))","v":1000000000000},{"$f":"IF($D61<>\"Serviço\",0,IF(OR(AND(AUTOEVENTO=\"Manual\",$M61=1),$M61>(ROW(PLE.lastrow)-ROW(PLE.firstrow))),0,IF(OFFSET(PLE!$G$14,$M61,AY$13)=\"\",10^12,OFFSET(PLE!$G$14,$M61,AY$13))))","v":1000000000000},{"$f":"IF($D61<>\"Serviço\",0,IF(OR(AND(AUTOEVENTO=\"Manual\",$M61=1),$M61>(ROW(PLE.lastrow)-ROW(PLE.firstrow))),0,IF(OFFSET(PLE!$G$14,$M61,AZ$13)=\"\",10^12,OFFSET(PLE!$G$14,$M61,AZ$13))))","v":1000000000000},{"$f":"IF($D61<>\"Serviço\",0,IF(OR(AND(AUTOEVENTO=\"Manual\",$M61=1),$M61>(ROW(PLE.lastrow)-ROW(PLE.firstrow))),0,IF(OFFSET(PLE!$G$14,$M61,BA$13)=\"\",10^12,OFFSET(PLE!$G$14,$M61,BA$13))))","v":1000000000000},{"$f":"IF($D61<>\"Serviço\",0,IF(OR(AND(AUTOEVENTO=\"Manual\",$M61=1),$M61>(ROW(PLE.lastrow)-ROW(PLE.firstrow))),0,IF(OFFSET(PLE!$G$14,$M61,BB$13)=\"\",10^12,OFFSET(PLE!$G$14,$M61,BB$13))))","v":1000000000000},{"$f":"IF($D61<>\"Serviço\",0,IF(OR(AND(AUTOEVENTO=\"Manual\",$M61=1),$M61>(ROW(PLE.lastrow)-ROW(PLE.firstrow))),0,IF(OFFSET(PLE!$G$14,$M61,BC$13)=\"\",10^12,OFFSET(PLE!$G$14,$M61,BC$13))))","v":1000000000000},{"$f":"IF($D61<>\"Serviço\",0,IF(OR(AND(AUTOEVENTO=\"Manual\",$M61=1),$M61>(ROW(PLE.lastrow)-ROW(PLE.firstrow))),0,IF(OFFSET(PLE!$G$14,$M61,BD$13)=\"\",10^12,OFFSET(PLE!$G$14,$M61,BD$13))))","v":1000000000000},{"$f":"IF($D61<>\"Serviço\",0,IF(OR(AND(AUTOEVENTO=\"Manual\",$M61=1),$M61>(ROW(PLE.lastrow)-ROW(PLE.firstrow))),0,IF(OFFSET(PLE!$G$14,$M61,BE$13)=\"\",10^12,OFFSET(PLE!$G$14,$M61,BE$13))))","v":1000000000000},{"$f":"IF($D61<>\"Serviço\",0,IF(OR(AND(AUTOEVENTO=\"Manual\",$M61=1),$M61>(ROW(PLE.lastrow)-ROW(PLE.firstrow))),0,IF(OFFSET(PLE!$G$14,$M61,BF$13)=\"\",10^12,OFFSET(PLE!$G$14,$M61,BF$13))))","v":1000000000000},{"$f":"IF($D61<>\"Serviço\",0,IF(OR(AND(AUTOEVENTO=\"Manual\",$M61=1),$M61>(ROW(PLE.lastrow)-ROW(PLE.firstrow))),0,IF(OFFSET(PLE!$G$14,$M61,BG$13)=\"\",10^12,OFFSET(PLE!$G$14,$M61,BG$13))))","v":1000000000000}]
["24",{"$f":"OFFSET(ORÇAMENTO!C$15,ROW(B62)-ROW(B$15),0)","v":"S"},{"$f":"OFFSET(ORÇAMENTO!L$15,ROW(C62)-ROW(C$15),0)","v":"F"},{"$f":"OFFSET(ORÇAMENTO!N$15,ROW(D62)-ROW(D$15),0)","v":"Serviço"},{"$f":"OFFSET(ORÇAMENTO!O$15,ROW(E62)-ROW(E$15),0)","v":"1.3.5.0.3."},{"$f":"OFFSET(ORÇAMENTO!R$15,ROW(F62)-ROW(F$15),0)","v":"ARMAÇÃO DE PILAR OU VIGA DE ESTRUTURA CONVENCIONAL DE CONCRETO ARMADO UTILIZANDO AÇO CA-60 DE 5,0 MM - MONTAGEM. AF_06/2022"},{"$f":"IF($D62<>\"Serviço\",\"\",OFFSET(ORÇAMENTO!S$15,ROW(G62)-ROW(G$15),0))","v":"KG"},{"$f":"IF($D62<>\"Serviço\",0,IF(ACOMPANHAMENTO=\"BM\",ROUND(OFFSET(ORÇAMENTO!AJ$15,ROW(H62)-ROW(H$15),0),15-13*ORÇAMENTO!$AF$7),SUMPRODUCT(($Q$12:$AA$12<>\"\")*ROUND($Q62:$AA62,15-13*ORÇAMENTO!$AF$7))))","v":151.01},null,null,null,".",{"$f":"IF($D62<>\"Serviço\",\"\",IF(AUTOEVENTO=\"manual\",$A62,IF(ISERROR(MATCH($A62,$A$15:OFFSET($A62,-1,0),0)),MAX($M$15:OFFSET(M62,-1,0))+1,INDEX($M$15:OFFSET(M62,-1,0),MATCH($A62,$A$15:OFFSET($A62,-1,0),0)))))","v":4},{"$f":"IF($D62<>\"Serviço\",\"\",IF(AUTOEVENTO=\"Manual\",IF($A62=0,\"<-- defina o número do agrupador\",OFFSET(EVENTOS!$D$14,$A62,0)),OFFSET($F$15,$A62,0)))","v":"ESTRUTURAS"},null,null,null,null,null,null,null,null,null,null,null,null,null,{"$f":"IF(AND($D62=\"Serviço\",AB$12<>0,$H62>0,OR(AUTOEVENTO<>\"manual\",$M62<>1)),\nIF(Import.TipoArredondamento<>\"TransfereGOV\",\nROUND(OFFSET($P62,0,AB$13),15-13*ORÇAMENTO!$AF$7)/$H62*OFFSET(ORÇAMENTO!$X$15,ROW(AB62)-ROW(AB$15),0),\nROUND(ROUND(OFFSET($P62,0,AB$13),15-13*ORÇAMENTO!$AF$7)*OFFSET(ORÇAMENTO!$W$15,ROW(AB62)-ROW(AB$15),0),15-13*ORÇAMENTO!$AF$11)),0)","v":0},{"$f":"IF(AND($D62=\"Serviço\",AC$12<>0,$H62>0,OR(AUTOEVENTO<>\"manual\",$M62<>1)),\nIF(Import.TipoArredondamento<>\"TransfereGOV\",\nROUND(OFFSET($P62,0,AC$13),15-13*ORÇAMENTO!$AF$7)/$H62*OFFSET(ORÇAMENTO!$X$15,ROW(AC62)-ROW(AC$15),0),\nROUND(ROUND(OFFSET($P62,0,AC$13),15-13*ORÇAMENTO!$AF$7)*OFFSET(ORÇAMENTO!$W$15,ROW(AC62)-ROW(AC$15),0),15-13*ORÇAMENTO!$AF$11)),0)","v":0},{"$f":"IF(AND($D62=\"Serviço\",AD$12<>0,$H62>0,OR(AUTOEVENTO<>\"manual\",$M62<>1)),\nIF(Import.TipoArredondamento<>\"TransfereGOV\",\nROUND(OFFSET($P62,0,AD$13),15-13*ORÇAMENTO!$AF$7)/$H62*OFFSET(ORÇAMENTO!$X$15,ROW(AD62)-ROW(AD$15),0),\nROUND(ROUND(OFFSET($P62,0,AD$13),15-13*ORÇAMENTO!$AF$7)*OFFSET(ORÇAMENTO!$W$15,ROW(AD62)-ROW(AD$15),0),15-13*ORÇAMENTO!$AF$11)),0)","v":0},{"$f":"IF(AND($D62=\"Serviço\",AE$12<>0,$H62>0,OR(AUTOEVENTO<>\"manual\",$M62<>1)),\nIF(Import.TipoArredondamento<>\"TransfereGOV\",\nROUND(OFFSET($P62,0,AE$13),15-13*ORÇAMENTO!$AF$7)/$H62*OFFSET(ORÇAMENTO!$X$15,ROW(AE62)-ROW(AE$15),0),\nROUND(ROUND(OFFSET($P62,0,AE$13),15-13*ORÇAMENTO!$AF$7)*OFFSET(ORÇAMENTO!$W$15,ROW(AE62)-ROW(AE$15),0),15-13*ORÇAMENTO!$AF$11)),0)","v":0},{"$f":"IF(AND($D62=\"Serviço\",AF$12<>0,$H62>0,OR(AUTOEVENTO<>\"manual\",$M62<>1)),\nIF(Import.TipoArredondamento<>\"TransfereGOV\",\nROUND(OFFSET($P62,0,AF$13),15-13*ORÇAMENTO!$AF$7)/$H62*OFFSET(ORÇAMENTO!$X$15,ROW(AF62)-ROW(AF$15),0),\nROUND(ROUND(OFFSET($P62,0,AF$13),15-13*ORÇAMENTO!$AF$7)*OFFSET(ORÇAMENTO!$W$15,ROW(AF62)-ROW(AF$15),0),15-13*ORÇAMENTO!$AF$11)),0)","v":0},{"$f":"IF(AND($D62=\"Serviço\",AG$12<>0,$H62>0,OR(AUTOEVENTO<>\"manual\",$M62<>1)),\nIF(Import.TipoArredondamento<>\"TransfereGOV\",\nROUND(OFFSET($P62,0,AG$13),15-13*ORÇAMENTO!$AF$7)/$H62*OFFSET(ORÇAMENTO!$X$15,ROW(AG62)-ROW(AG$15),0),\nROUND(ROUND(OFFSET($P62,0,AG$13),15-13*ORÇAMENTO!$AF$7)*OFFSET(ORÇAMENTO!$W$15,ROW(AG62)-ROW(AG$15),0),15-13*ORÇAMENTO!$AF$11)),0)","v":0},{"$f":"IF(AND($D62=\"Serviço\",AH$12<>0,$H62>0,OR(AUTOEVENTO<>\"manual\",$M62<>1)),\nIF(Import.TipoArredondamento<>\"TransfereGOV\",\nROUND(OFFSET($P62,0,AH$13),15-13*ORÇAMENTO!$AF$7)/$H62*OFFSET(ORÇAMENTO!$X$15,ROW(AH62)-ROW(AH$15),0),\nROUND(ROUND(OFFSET($P62,0,AH$13),15-13*ORÇAMENTO!$AF$7)*OFFSET(ORÇAMENTO!$W$15,ROW(AH62)-ROW(AH$15),0),15-13*ORÇAMENTO!$AF$11)),0)","v":0},{"$f":"IF(AND($D62=\"Serviço\",AI$12<>0,$H62>0,OR(AUTOEVENTO<>\"manual\",$M62<>1)),\nIF(Import.TipoArredondamento<>\"TransfereGOV\",\nROUND(OFFSET($P62,0,AI$13),15-13*ORÇAMENTO!$AF$7)/$H62*OFFSET(ORÇAMENTO!$X$15,ROW(AI62)-ROW(AI$15),0),\nROUND(ROUND(OFFSET($P62,0,AI$13),15-13*ORÇAMENTO!$AF$7)*OFFSET(ORÇAMENTO!$W$15,ROW(AI62)-ROW(AI$15),0),15-13*ORÇAMENTO!$AF$11)),0)","v":0},{"$f":"IF(AND($D62=\"Serviço\",AJ$12<>0,$H62>0,OR(AUTOEVENTO<>\"manual\",$M62<>1)),\nIF(Import.TipoArredondamento<>\"TransfereGOV\",\nROUND(OFFSET($P62,0,AJ$13),15-13*ORÇAMENTO!$AF$7)/$H62*OFFSET(ORÇAMENTO!$X$15,ROW(AJ62)-ROW(AJ$15),0),\nROUND(ROUND(OFFSET($P62,0,AJ$13),15-13*ORÇAMENTO!$AF$7)*OFFSET(ORÇAMENTO!$W$15,ROW(AJ62)-ROW(AJ$15),0),15-13*ORÇAMENTO!$AF$11)),0)","v":0},{"$f":"IF(AND($D62=\"Serviço\",AK$12<>0,$H62>0,OR(AUTOEVENTO<>\"manual\",$M62<>1)),\nIF(Import.TipoArredondamento<>\"TransfereGOV\",\nROUND(OFFSET($P62,0,AK$13),15-13*ORÇAMENTO!$AF$7)/$H62*OFFSET(ORÇAMENTO!$X$15,ROW(AK62)-ROW(AK$15),0),\nROUND(ROUND(OFFSET($P62,0,AK$13),15-13*ORÇAMENTO!$AF$7)*OFFSET(ORÇAMENTO!$W$15,ROW(AK62)-ROW(AK$15),0),15-13*ORÇAMENTO!$AF$11)),0)","v":0},null,{"$f":"IF($D62<>\"Serviço\",0,IF(AND(AUTOEVENTO=\"Manual\",$M62=1),0,IF(OFFSET(CRONOPLE!$F$14,$M62,AM$13)=\"\",10^12,OFFSET(CRONOPLE!$F$14,$M62,AM$13))))","v":1000000000000},{"$f":"IF($D62<>\"Serviço\",0,IF(AND(AUTOEVENTO=\"Manual\",$M62=1),0,IF(OFFSET(CRONOPLE!$F$14,$M62,AN$13)=\"\",10^12,OFFSET(CRONOPLE!$F$14,$M62,AN$13))))","v":1000000000000},{"$f":"IF($D62<>\"Serviço\",0,IF(AND(AUTOEVENTO=\"Manual\",$M62=1),0,IF(OFFSET(CRONOPLE!$F$14,$M62,AO$13)=\"\",10^12,OFFSET(CRONOPLE!$F$14,$M62,AO$13))))","v":1000000000000},{"$f":"IF($D62<>\"Serviço\",0,IF(AND(AUTOEVENTO=\"Manual\",$M62=1),0,IF(OFFSET(CRONOPLE!$F$14,$M62,AP$13)=\"\",10^12,OFFSET(CRONOPLE!$F$14,$M62,AP$13))))","v":1000000000000},{"$f":"IF($D62<>\"Serviço\",0,IF(AND(AUTOEVENTO=\"Manual\",$M62=1),0,IF(OFFSET(CRONOPLE!$F$14,$M62,AQ$13)=\"\",10^12,OFFSET(CRONOPLE!$F$14,$M62,AQ$13))))","v":1000000000000},{"$f":"IF($D62<>\"Serviço\",0,IF(AND(AUTOEVENTO=\"Manual\",$M62=1),0,IF(OFFSET(CRONOPLE!$F$14,$M62,AR$13)=\"\",10^12,OFFSET(CRONOPLE!$F$14,$M62,AR$13))))","v":1000000000000},{"$f":"IF($D62<>\"Serviço\",0,IF(AND(AUTOEVENTO=\"Manual\",$M62=1),0,IF(OFFSET(CRONOPLE!$F$14,$M62,AS$13)=\"\",10^12,OFFSET(CRONOPLE!$F$14,$M62,AS$13))))","v":1000000000000},{"$f":"IF($D62<>\"Serviço\",0,IF(AND(AUTOEVENTO=\"Manual\",$M62=1),0,IF(OFFSET(CRONOPLE!$F$14,$M62,AT$13)=\"\",10^12,OFFSET(CRONOPLE!$F$14,$M62,AT$13))))","v":1000000000000},{"$f":"IF($D62<>\"Serviço\",0,IF(AND(AUTOEVENTO=\"Manual\",$M62=1),0,IF(OFFSET(CRONOPLE!$F$14,$M62,AU$13)=\"\",10^12,OFFSET(CRONOPLE!$F$14,$M62,AU$13))))","v":1000000000000},{"$f":"IF($D62<>\"Serviço\",0,IF(AND(AUTOEVENTO=\"Manual\",$M62=1),0,IF(OFFSET(CRONOPLE!$F$14,$M62,AV$13)=\"\",10^12,OFFSET(CRONOPLE!$F$14,$M62,AV$13))))","v":1000000000000},null,{"$f":"IF($D62<>\"Serviço\",0,IF(OR(AND(AUTOEVENTO=\"Manual\",$M62=1),$M62>(ROW(PLE.lastrow)-ROW(PLE.firstrow))),0,IF(OFFSET(PLE!$G$14,$M62,AX$13)=\"\",10^12,OFFSET(PLE!$G$14,$M62,AX$13))))","v":1000000000000},{"$f":"IF($D62<>\"Serviço\",0,IF(OR(AND(AUTOEVENTO=\"Manual\",$M62=1),$M62>(ROW(PLE.lastrow)-ROW(PLE.firstrow))),0,IF(OFFSET(PLE!$G$14,$M62,AY$13)=\"\",10^12,OFFSET(PLE!$G$14,$M62,AY$13))))","v":1000000000000},{"$f":"IF($D62<>\"Serviço\",0,IF(OR(AND(AUTOEVENTO=\"Manual\",$M62=1),$M62>(ROW(PLE.lastrow)-ROW(PLE.firstrow))),0,IF(OFFSET(PLE!$G$14,$M62,AZ$13)=\"\",10^12,OFFSET(PLE!$G$14,$M62,AZ$13))))","v":1000000000000},{"$f":"IF($D62<>\"Serviço\",0,IF(OR(AND(AUTOEVENTO=\"Manual\",$M62=1),$M62>(ROW(PLE.lastrow)-ROW(PLE.firstrow))),0,IF(OFFSET(PLE!$G$14,$M62,BA$13)=\"\",10^12,OFFSET(PLE!$G$14,$M62,BA$13))))","v":1000000000000},{"$f":"IF($D62<>\"Serviço\",0,IF(OR(AND(AUTOEVENTO=\"Manual\",$M62=1),$M62>(ROW(PLE.lastrow)-ROW(PLE.firstrow))),0,IF(OFFSET(PLE!$G$14,$M62,BB$13)=\"\",10^12,OFFSET(PLE!$G$14,$M62,BB$13))))","v":1000000000000},{"$f":"IF($D62<>\"Serviço\",0,IF(OR(AND(AUTOEVENTO=\"Manual\",$M62=1),$M62>(ROW(PLE.lastrow)-ROW(PLE.firstrow))),0,IF(OFFSET(PLE!$G$14,$M62,BC$13)=\"\",10^12,OFFSET(PLE!$G$14,$M62,BC$13))))","v":1000000000000},{"$f":"IF($D62<>\"Serviço\",0,IF(OR(AND(AUTOEVENTO=\"Manual\",$M62=1),$M62>(ROW(PLE.lastrow)-ROW(PLE.firstrow))),0,IF(OFFSET(PLE!$G$14,$M62,BD$13)=\"\",10^12,OFFSET(PLE!$G$14,$M62,BD$13))))","v":1000000000000},{"$f":"IF($D62<>\"Serviço\",0,IF(OR(AND(AUTOEVENTO=\"Manual\",$M62=1),$M62>(ROW(PLE.lastrow)-ROW(PLE.firstrow))),0,IF(OFFSET(PLE!$G$14,$M62,BE$13)=\"\",10^12,OFFSET(PLE!$G$14,$M62,BE$13))))","v":1000000000000},{"$f":"IF($D62<>\"Serviço\",0,IF(OR(AND(AUTOEVENTO=\"Manual\",$M62=1),$M62>(ROW(PLE.lastrow)-ROW(PLE.firstrow))),0,IF(OFFSET(PLE!$G$14,$M62,BF$13)=\"\",10^12,OFFSET(PLE!$G$14,$M62,BF$13))))","v":1000000000000},{"$f":"IF($D62<>\"Serviço\",0,IF(OR(AND(AUTOEVENTO=\"Manual\",$M62=1),$M62>(ROW(PLE.lastrow)-ROW(PLE.firstrow))),0,IF(OFFSET(PLE!$G$14,$M62,BG$13)=\"\",10^12,OFFSET(PLE!$G$14,$M62,BG$13))))","v":1000000000000}]
["24",{"$f":"OFFSET(ORÇAMENTO!C$15,ROW(B63)-ROW(B$15),0)","v":"S"},{"$f":"OFFSET(ORÇAMENTO!L$15,ROW(C63)-ROW(C$15),0)","v":"F"},{"$f":"OFFSET(ORÇAMENTO!N$15,ROW(D63)-ROW(D$15),0)","v":"Serviço"},{"$f":"OFFSET(ORÇAMENTO!O$15,ROW(E63)-ROW(E$15),0)","v":"1.3.5.0.4."},{"$f":"OFFSET(ORÇAMENTO!R$15,ROW(F63)-ROW(F$15),0)","v":"CONCRETAGEM DE VIGAS E LAJES, FCK=25 MPA, PARA LAJES PREMOLDADAS COM USO DE BOMBA - LANÇAMENTO, ADENSAMENTO E ACABAMENTO. AF_02/2022_PS"},{"$f":"IF($D63<>\"Serviço\",\"\",OFFSET(ORÇAMENTO!S$15,ROW(G63)-ROW(G$15),0))","v":"M3"},{"$f":"IF($D63<>\"Serviço\",0,IF(ACOMPANHAMENTO=\"BM\",ROUND(OFFSET(ORÇAMENTO!AJ$15,ROW(H63)-ROW(H$15),0),15-13*ORÇAMENTO!$AF$7),SUMPRODUCT(($Q$12:$AA$12<>\"\")*ROUND($Q63:$AA63,15-13*ORÇAMENTO!$AF$7))))","v":8.02},null,null,null,".",{"$f":"IF($D63<>\"Serviço\",\"\",IF(AUTOEVENTO=\"manual\",$A63,IF(ISERROR(MATCH($A63,$A$15:OFFSET($A63,-1,0),0)),MAX($M$15:OFFSET(M63,-1,0))+1,INDEX($M$15:OFFSET(M63,-1,0),MATCH($A63,$A$15:OFFSET($A63,-1,0),0)))))","v":4},{"$f":"IF($D63<>\"Serviço\",\"\",IF(AUTOEVENTO=\"Manual\",IF($A63=0,\"<-- defina o número do agrupador\",OFFSET(EVENTOS!$D$14,$A63,0)),OFFSET($F$15,$A63,0)))","v":"ESTRUTURAS"},null,null,null,null,null,null,null,null,null,null,null,null,null,{"$f":"IF(AND($D63=\"Serviço\",AB$12<>0,$H63>0,OR(AUTOEVENTO<>\"manual\",$M63<>1)),\nIF(Import.TipoArredondamento<>\"TransfereGOV\",\nROUND(OFFSET($P63,0,AB$13),15-13*ORÇAMENTO!$AF$7)/$H63*OFFSET(ORÇAMENTO!$X$15,ROW(AB63)-ROW(AB$15),0),\nROUND(ROUND(OFFSET($P63,0,AB$13),15-13*ORÇAMENTO!$AF$7)*OFFSET(ORÇAMENTO!$W$15,ROW(AB63)-ROW(AB$15),0),15-13*ORÇAMENTO!$AF$11)),0)","v":0},{"$f":"IF(AND($D63=\"Serviço\",AC$12<>0,$H63>0,OR(AUTOEVENTO<>\"manual\",$M63<>1)),\nIF(Import.TipoArredondamento<>\"TransfereGOV\",\nROUND(OFFSET($P63,0,AC$13),15-13*ORÇAMENTO!$AF$7)/$H63*OFFSET(ORÇAMENTO!$X$15,ROW(AC63)-ROW(AC$15),0),\nROUND(ROUND(OFFSET($P63,0,AC$13),15-13*ORÇAMENTO!$AF$7)*OFFSET(ORÇAMENTO!$W$15,ROW(AC63)-ROW(AC$15),0),15-13*ORÇAMENTO!$AF$11)),0)","v":0},{"$f":"IF(AND($D63=\"Serviço\",AD$12<>0,$H63>0,OR(AUTOEVENTO<>\"manual\",$M63<>1)),\nIF(Import.TipoArredondamento<>\"TransfereGOV\",\nROUND(OFFSET($P63,0,AD$13),15-13*ORÇAMENTO!$AF$7)/$H63*OFFSET(ORÇAMENTO!$X$15,ROW(AD63)-ROW(AD$15),0),\nROUND(ROUND(OFFSET($P63,0,AD$13),15-13*ORÇAMENTO!$AF$7)*OFFSET(ORÇAMENTO!$W$15,ROW(AD63)-ROW(AD$15),0),15-13*ORÇAMENTO!$AF$11)),0)","v":0},{"$f":"IF(AND($D63=\"Serviço\",AE$12<>0,$H63>0,OR(AUTOEVENTO<>\"manual\",$M63<>1)),\nIF(Import.TipoArredondamento<>\"TransfereGOV\",\nROUND(OFFSET($P63,0,AE$13),15-13*ORÇAMENTO!$AF$7)/$H63*OFFSET(ORÇAMENTO!$X$15,ROW(AE63)-ROW(AE$15),0),\nROUND(ROUND(OFFSET($P63,0,AE$13),15-13*ORÇAMENTO!$AF$7)*OFFSET(ORÇAMENTO!$W$15,ROW(AE63)-ROW(AE$15),0),15-13*ORÇAMENTO!$AF$11)),0)","v":0},{"$f":"IF(AND($D63=\"Serviço\",AF$12<>0,$H63>0,OR(AUTOEVENTO<>\"manual\",$M63<>1)),\nIF(Import.TipoArredondamento<>\"TransfereGOV\",\nROUND(OFFSET($P63,0,AF$13),15-13*ORÇAMENTO!$AF$7)/$H63*OFFSET(ORÇAMENTO!$X$15,ROW(AF63)-ROW(AF$15),0),\nROUND(ROUND(OFFSET($P63,0,AF$13),15-13*ORÇAMENTO!$AF$7)*OFFSET(ORÇAMENTO!$W$15,ROW(AF63)-ROW(AF$15),0),15-13*ORÇAMENTO!$AF$11)),0)","v":0},{"$f":"IF(AND($D63=\"Serviço\",AG$12<>0,$H63>0,OR(AUTOEVENTO<>\"manual\",$M63<>1)),\nIF(Import.TipoArredondamento<>\"TransfereGOV\",\nROUND(OFFSET($P63,0,AG$13),15-13*ORÇAMENTO!$AF$7)/$H63*OFFSET(ORÇAMENTO!$X$15,ROW(AG63)-ROW(AG$15),0),\nROUND(ROUND(OFFSET($P63,0,AG$13),15-13*ORÇAMENTO!$AF$7)*OFFSET(ORÇAMENTO!$W$15,ROW(AG63)-ROW(AG$15),0),15-13*ORÇAMENTO!$AF$11)),0)","v":0},{"$f":"IF(AND($D63=\"Serviço\",AH$12<>0,$H63>0,OR(AUTOEVENTO<>\"manual\",$M63<>1)),\nIF(Import.TipoArredondamento<>\"TransfereGOV\",\nROUND(OFFSET($P63,0,AH$13),15-13*ORÇAMENTO!$AF$7)/$H63*OFFSET(ORÇAMENTO!$X$15,ROW(AH63)-ROW(AH$15),0),\nROUND(ROUND(OFFSET($P63,0,AH$13),15-13*ORÇAMENTO!$AF$7)*OFFSET(ORÇAMENTO!$W$15,ROW(AH63)-ROW(AH$15),0),15-13*ORÇAMENTO!$AF$11)),0)","v":0},{"$f":"IF(AND($D63=\"Serviço\",AI$12<>0,$H63>0,OR(AUTOEVENTO<>\"manual\",$M63<>1)),\nIF(Import.TipoArredondamento<>\"TransfereGOV\",\nROUND(OFFSET($P63,0,AI$13),15-13*ORÇAMENTO!$AF$7)/$H63*OFFSET(ORÇAMENTO!$X$15,ROW(AI63)-ROW(AI$15),0),\nROUND(ROUND(OFFSET($P63,0,AI$13),15-13*ORÇAMENTO!$AF$7)*OFFSET(ORÇAMENTO!$W$15,ROW(AI63)-ROW(AI$15),0),15-13*ORÇAMENTO!$AF$11)),0)","v":0},{"$f":"IF(AND($D63=\"Serviço\",AJ$12<>0,$H63>0,OR(AUTOEVENTO<>\"manual\",$M63<>1)),\nIF(Import.TipoArredondamento<>\"TransfereGOV\",\nROUND(OFFSET($P63,0,AJ$13),15-13*ORÇAMENTO!$AF$7)/$H63*OFFSET(ORÇAMENTO!$X$15,ROW(AJ63)-ROW(AJ$15),0),\nROUND(ROUND(OFFSET($P63,0,AJ$13),15-13*ORÇAMENTO!$AF$7)*OFFSET(ORÇAMENTO!$W$15,ROW(AJ63)-ROW(AJ$15),0),15-13*ORÇAMENTO!$AF$11)),0)","v":0},{"$f":"IF(AND($D63=\"Serviço\",AK$12<>0,$H63>0,OR(AUTOEVENTO<>\"manual\",$M63<>1)),\nIF(Import.TipoArredondamento<>\"TransfereGOV\",\nROUND(OFFSET($P63,0,AK$13),15-13*ORÇAMENTO!$AF$7)/$H63*OFFSET(ORÇAMENTO!$X$15,ROW(AK63)-ROW(AK$15),0),\nROUND(ROUND(OFFSET($P63,0,AK$13),15-13*ORÇAMENTO!$AF$7)*OFFSET(ORÇAMENTO!$W$15,ROW(AK63)-ROW(AK$15),0),15-13*ORÇAMENTO!$AF$11)),0)","v":0},null,{"$f":"IF($D63<>\"Serviço\",0,IF(AND(AUTOEVENTO=\"Manual\",$M63=1),0,IF(OFFSET(CRONOPLE!$F$14,$M63,AM$13)=\"\",10^12,OFFSET(CRONOPLE!$F$14,$M63,AM$13))))","v":1000000000000},{"$f":"IF($D63<>\"Serviço\",0,IF(AND(AUTOEVENTO=\"Manual\",$M63=1),0,IF(OFFSET(CRONOPLE!$F$14,$M63,AN$13)=\"\",10^12,OFFSET(CRONOPLE!$F$14,$M63,AN$13))))","v":1000000000000},{"$f":"IF($D63<>\"Serviço\",0,IF(AND(AUTOEVENTO=\"Manual\",$M63=1),0,IF(OFFSET(CRONOPLE!$F$14,$M63,AO$13)=\"\",10^12,OFFSET(CRONOPLE!$F$14,$M63,AO$13))))","v":1000000000000},{"$f":"IF($D63<>\"Serviço\",0,IF(AND(AUTOEVENTO=\"Manual\",$M63=1),0,IF(OFFSET(CRONOPLE!$F$14,$M63,AP$13)=\"\",10^12,OFFSET(CRONOPLE!$F$14,$M63,AP$13))))","v":1000000000000},{"$f":"IF($D63<>\"Serviço\",0,IF(AND(AUTOEVENTO=\"Manual\",$M63=1),0,IF(OFFSET(CRONOPLE!$F$14,$M63,AQ$13)=\"\",10^12,OFFSET(CRONOPLE!$F$14,$M63,AQ$13))))","v":1000000000000},{"$f":"IF($D63<>\"Serviço\",0,IF(AND(AUTOEVENTO=\"Manual\",$M63=1),0,IF(OFFSET(CRONOPLE!$F$14,$M63,AR$13)=\"\",10^12,OFFSET(CRONOPLE!$F$14,$M63,AR$13))))","v":1000000000000},{"$f":"IF($D63<>\"Serviço\",0,IF(AND(AUTOEVENTO=\"Manual\",$M63=1),0,IF(OFFSET(CRONOPLE!$F$14,$M63,AS$13)=\"\",10^12,OFFSET(CRONOPLE!$F$14,$M63,AS$13))))","v":1000000000000},{"$f":"IF($D63<>\"Serviço\",0,IF(AND(AUTOEVENTO=\"Manual\",$M63=1),0,IF(OFFSET(CRONOPLE!$F$14,$M63,AT$13)=\"\",10^12,OFFSET(CRONOPLE!$F$14,$M63,AT$13))))","v":1000000000000},{"$f":"IF($D63<>\"Serviço\",0,IF(AND(AUTOEVENTO=\"Manual\",$M63=1),0,IF(OFFSET(CRONOPLE!$F$14,$M63,AU$13)=\"\",10^12,OFFSET(CRONOPLE!$F$14,$M63,AU$13))))","v":1000000000000},{"$f":"IF($D63<>\"Serviço\",0,IF(AND(AUTOEVENTO=\"Manual\",$M63=1),0,IF(OFFSET(CRONOPLE!$F$14,$M63,AV$13)=\"\",10^12,OFFSET(CRONOPLE!$F$14,$M63,AV$13))))","v":1000000000000},null,{"$f":"IF($D63<>\"Serviço\",0,IF(OR(AND(AUTOEVENTO=\"Manual\",$M63=1),$M63>(ROW(PLE.lastrow)-ROW(PLE.firstrow))),0,IF(OFFSET(PLE!$G$14,$M63,AX$13)=\"\",10^12,OFFSET(PLE!$G$14,$M63,AX$13))))","v":1000000000000},{"$f":"IF($D63<>\"Serviço\",0,IF(OR(AND(AUTOEVENTO=\"Manual\",$M63=1),$M63>(ROW(PLE.lastrow)-ROW(PLE.firstrow))),0,IF(OFFSET(PLE!$G$14,$M63,AY$13)=\"\",10^12,OFFSET(PLE!$G$14,$M63,AY$13))))","v":1000000000000},{"$f":"IF($D63<>\"Serviço\",0,IF(OR(AND(AUTOEVENTO=\"Manual\",$M63=1),$M63>(ROW(PLE.lastrow)-ROW(PLE.firstrow))),0,IF(OFFSET(PLE!$G$14,$M63,AZ$13)=\"\",10^12,OFFSET(PLE!$G$14,$M63,AZ$13))))","v":1000000000000},{"$f":"IF($D63<>\"Serviço\",0,IF(OR(AND(AUTOEVENTO=\"Manual\",$M63=1),$M63>(ROW(PLE.lastrow)-ROW(PLE.firstrow))),0,IF(OFFSET(PLE!$G$14,$M63,BA$13)=\"\",10^12,OFFSET(PLE!$G$14,$M63,BA$13))))","v":1000000000000},{"$f":"IF($D63<>\"Serviço\",0,IF(OR(AND(AUTOEVENTO=\"Manual\",$M63=1),$M63>(ROW(PLE.lastrow)-ROW(PLE.firstrow))),0,IF(OFFSET(PLE!$G$14,$M63,BB$13)=\"\",10^12,OFFSET(PLE!$G$14,$M63,BB$13))))","v":1000000000000},{"$f":"IF($D63<>\"Serviço\",0,IF(OR(AND(AUTOEVENTO=\"Manual\",$M63=1),$M63>(ROW(PLE.lastrow)-ROW(PLE.firstrow))),0,IF(OFFSET(PLE!$G$14,$M63,BC$13)=\"\",10^12,OFFSET(PLE!$G$14,$M63,BC$13))))","v":1000000000000},{"$f":"IF($D63<>\"Serviço\",0,IF(OR(AND(AUTOEVENTO=\"Manual\",$M63=1),$M63>(ROW(PLE.lastrow)-ROW(PLE.firstrow))),0,IF(OFFSET(PLE!$G$14,$M63,BD$13)=\"\",10^12,OFFSET(PLE!$G$14,$M63,BD$13))))","v":1000000000000},{"$f":"IF($D63<>\"Serviço\",0,IF(OR(AND(AUTOEVENTO=\"Manual\",$M63=1),$M63>(ROW(PLE.lastrow)-ROW(PLE.firstrow))),0,IF(OFFSET(PLE!$G$14,$M63,BE$13)=\"\",10^12,OFFSET(PLE!$G$14,$M63,BE$13))))","v":1000000000000},{"$f":"IF($D63<>\"Serviço\",0,IF(OR(AND(AUTOEVENTO=\"Manual\",$M63=1),$M63>(ROW(PLE.lastrow)-ROW(PLE.firstrow))),0,IF(OFFSET(PLE!$G$14,$M63,BF$13)=\"\",10^12,OFFSET(PLE!$G$14,$M63,BF$13))))","v":1000000000000},{"$f":"IF($D63<>\"Serviço\",0,IF(OR(AND(AUTOEVENTO=\"Manual\",$M63=1),$M63>(ROW(PLE.lastrow)-ROW(PLE.firstrow))),0,IF(OFFSET(PLE!$G$14,$M63,BG$13)=\"\",10^12,OFFSET(PLE!$G$14,$M63,BG$13))))","v":1000000000000}]
["24",{"$f":"OFFSET(ORÇAMENTO!C$15,ROW(B64)-ROW(B$15),0)","v":3},{"$f":"OFFSET(ORÇAMENTO!L$15,ROW(C64)-ROW(C$15),0)","v":"F"},{"$f":"OFFSET(ORÇAMENTO!N$15,ROW(D64)-ROW(D$15),0)","v":"Nível 3"},{"$f":"OFFSET(ORÇAMENTO!O$15,ROW(E64)-ROW(E$15),0)","v":"1.3.6."},{"$f":"OFFSET(ORÇAMENTO!R$15,ROW(F64)-ROW(F$15),0)","v":"LAJE"},{"$f":"IF($D64<>\"Serviço\",\"\",OFFSET(ORÇAMENTO!S$15,ROW(G64)-ROW(G$15),0))","v":""},{"$f":"IF($D64<>\"Serviço\",0,IF(ACOMPANHAMENTO=\"BM\",ROUND(OFFSET(ORÇAMENTO!AJ$15,ROW(H64)-ROW(H$15),0),15-13*ORÇAMENTO!$AF$7),SUMPRODUCT(($Q$12:$AA$12<>\"\")*ROUND($Q64:$AA64,15-13*ORÇAMENTO!$AF$7))))","v":0},null,null,null,".",{"$f":"IF($D64<>\"Serviço\",\"\",IF(AUTOEVENTO=\"manual\",$A64,IF(ISERROR(MATCH($A64,$A$15:OFFSET($A64,-1,0),0)),MAX($M$15:OFFSET(M64,-1,0))+1,INDEX($M$15:OFFSET(M64,-1,0),MATCH($A64,$A$15:OFFSET($A64,-1,0),0)))))","v":""},{"$f":"IF($D64<>\"Serviço\",\"\",IF(AUTOEVENTO=\"Manual\",IF($A64=0,\"<-- defina o número do agrupador\",OFFSET(EVENTOS!$D$14,$A64,0)),OFFSET($F$15,$A64,0)))","v":""},null,null,null,null,null,null,null,null,null,null,null,null,null,{"$f":"IF(AND($D64=\"Serviço\",AB$12<>0,$H64>0,OR(AUTOEVENTO<>\"manual\",$M64<>1)),\nIF(Import.TipoArredondamento<>\"TransfereGOV\",\nROUND(OFFSET($P64,0,AB$13),15-13*ORÇAMENTO!$AF$7)/$H64*OFFSET(ORÇAMENTO!$X$15,ROW(AB64)-ROW(AB$15),0),\nROUND(ROUND(OFFSET($P64,0,AB$13),15-13*ORÇAMENTO!$AF$7)*OFFSET(ORÇAMENTO!$W$15,ROW(AB64)-ROW(AB$15),0),15-13*ORÇAMENTO!$AF$11)),0)","v":0},{"$f":"IF(AND($D64=\"Serviço\",AC$12<>0,$H64>0,OR(AUTOEVENTO<>\"manual\",$M64<>1)),\nIF(Import.TipoArredondamento<>\"TransfereGOV\",\nROUND(OFFSET($P64,0,AC$13),15-13*ORÇAMENTO!$AF$7)/$H64*OFFSET(ORÇAMENTO!$X$15,ROW(AC64)-ROW(AC$15),0),\nROUND(ROUND(OFFSET($P64,0,AC$13),15-13*ORÇAMENTO!$AF$7)*OFFSET(ORÇAMENTO!$W$15,ROW(AC64)-ROW(AC$15),0),15-13*ORÇAMENTO!$AF$11)),0)","v":0},{"$f":"IF(AND($D64=\"Serviço\",AD$12<>0,$H64>0,OR(AUTOEVENTO<>\"manual\",$M64<>1)),\nIF(Import.TipoArredondamento<>\"TransfereGOV\",\nROUND(OFFSET($P64,0,AD$13),15-13*ORÇAMENTO!$AF$7)/$H64*OFFSET(ORÇAMENTO!$X$15,ROW(AD64)-ROW(AD$15),0),\nROUND(ROUND(OFFSET($P64,0,AD$13),15-13*ORÇAMENTO!$AF$7)*OFFSET(ORÇAMENTO!$W$15,ROW(AD64)-ROW(AD$15),0),15-13*ORÇAMENTO!$AF$11)),0)","v":0},{"$f":"IF(AND($D64=\"Serviço\",AE$12<>0,$H64>0,OR(AUTOEVENTO<>\"manual\",$M64<>1)),\nIF(Import.TipoArredondamento<>\"TransfereGOV\",\nROUND(OFFSET($P64,0,AE$13),15-13*ORÇAMENTO!$AF$7)/$H64*OFFSET(ORÇAMENTO!$X$15,ROW(AE64)-ROW(AE$15),0),\nROUND(ROUND(OFFSET($P64,0,AE$13),15-13*ORÇAMENTO!$AF$7)*OFFSET(ORÇAMENTO!$W$15,ROW(AE64)-ROW(AE$15),0),15-13*ORÇAMENTO!$AF$11)),0)","v":0},{"$f":"IF(AND($D64=\"Serviço\",AF$12<>0,$H64>0,OR(AUTOEVENTO<>\"manual\",$M64<>1)),\nIF(Import.TipoArredondamento<>\"TransfereGOV\",\nROUND(OFFSET($P64,0,AF$13),15-13*ORÇAMENTO!$AF$7)/$H64*OFFSET(ORÇAMENTO!$X$15,ROW(AF64)-ROW(AF$15),0),\nROUND(ROUND(OFFSET($P64,0,AF$13),15-13*ORÇAMENTO!$AF$7)*OFFSET(ORÇAMENTO!$W$15,ROW(AF64)-ROW(AF$15),0),15-13*ORÇAMENTO!$AF$11)),0)","v":0},{"$f":"IF(AND($D64=\"Serviço\",AG$12<>0,$H64>0,OR(AUTOEVENTO<>\"manual\",$M64<>1)),\nIF(Import.TipoArredondamento<>\"TransfereGOV\",\nROUND(OFFSET($P64,0,AG$13),15-13*ORÇAMENTO!$AF$7)/$H64*OFFSET(ORÇAMENTO!$X$15,ROW(AG64)-ROW(AG$15),0),\nROUND(ROUND(OFFSET($P64,0,AG$13),15-13*ORÇAMENTO!$AF$7)*OFFSET(ORÇAMENTO!$W$15,ROW(AG64)-ROW(AG$15),0),15-13*ORÇAMENTO!$AF$11)),0)","v":0},{"$f":"IF(AND($D64=\"Serviço\",AH$12<>0,$H64>0,OR(AUTOEVENTO<>\"manual\",$M64<>1)),\nIF(Import.TipoArredondamento<>\"TransfereGOV\",\nROUND(OFFSET($P64,0,AH$13),15-13*ORÇAMENTO!$AF$7)/$H64*OFFSET(ORÇAMENTO!$X$15,ROW(AH64)-ROW(AH$15),0),\nROUND(ROUND(OFFSET($P64,0,AH$13),15-13*ORÇAMENTO!$AF$7)*OFFSET(ORÇAMENTO!$W$15,ROW(AH64)-ROW(AH$15),0),15-13*ORÇAMENTO!$AF$11)),0)","v":0},{"$f":"IF(AND($D64=\"Serviço\",AI$12<>0,$H64>0,OR(AUTOEVENTO<>\"manual\",$M64<>1)),\nIF(Import.TipoArredondamento<>\"TransfereGOV\",\nROUND(OFFSET($P64,0,AI$13),15-13*ORÇAMENTO!$AF$7)/$H64*OFFSET(ORÇAMENTO!$X$15,ROW(AI64)-ROW(AI$15),0),\nROUND(ROUND(OFFSET($P64,0,AI$13),15-13*ORÇAMENTO!$AF$7)*OFFSET(ORÇAMENTO!$W$15,ROW(AI64)-ROW(AI$15),0),15-13*ORÇAMENTO!$AF$11)),0)","v":0},{"$f":"IF(AND($D64=\"Serviço\",AJ$12<>0,$H64>0,OR(AUTOEVENTO<>\"manual\",$M64<>1)),\nIF(Import.TipoArredondamento<>\"TransfereGOV\",\nROUND(OFFSET($P64,0,AJ$13),15-13*ORÇAMENTO!$AF$7)/$H64*OFFSET(ORÇAMENTO!$X$15,ROW(AJ64)-ROW(AJ$15),0),\nROUND(ROUND(OFFSET($P64,0,AJ$13),15-13*ORÇAMENTO!$AF$7)*OFFSET(ORÇAMENTO!$W$15,ROW(AJ64)-ROW(AJ$15),0),15-13*ORÇAMENTO!$AF$11)),0)","v":0},{"$f":"IF(AND($D64=\"Serviço\",AK$12<>0,$H64>0,OR(AUTOEVENTO<>\"manual\",$M64<>1)),\nIF(Import.TipoArredondamento<>\"TransfereGOV\",\nROUND(OFFSET($P64,0,AK$13),15-13*ORÇAMENTO!$AF$7)/$H64*OFFSET(ORÇAMENTO!$X$15,ROW(AK64)-ROW(AK$15),0),\nROUND(ROUND(OFFSET($P64,0,AK$13),15-13*ORÇAMENTO!$AF$7)*OFFSET(ORÇAMENTO!$W$15,ROW(AK64)-ROW(AK$15),0),15-13*ORÇAMENTO!$AF$11)),0)","v":0},null,{"$f":"IF($D64<>\"Serviço\",0,IF(AND(AUTOEVENTO=\"Manual\",$M64=1),0,IF(OFFSET(CRONOPLE!$F$14,$M64,AM$13)=\"\",10^12,OFFSET(CRONOPLE!$F$14,$M64,AM$13))))","v":0},{"$f":"IF($D64<>\"Serviço\",0,IF(AND(AUTOEVENTO=\"Manual\",$M64=1),0,IF(OFFSET(CRONOPLE!$F$14,$M64,AN$13)=\"\",10^12,OFFSET(CRONOPLE!$F$14,$M64,AN$13))))","v":0},{"$f":"IF($D64<>\"Serviço\",0,IF(AND(AUTOEVENTO=\"Manual\",$M64=1),0,IF(OFFSET(CRONOPLE!$F$14,$M64,AO$13)=\"\",10^12,OFFSET(CRONOPLE!$F$14,$M64,AO$13))))","v":0},{"$f":"IF($D64<>\"Serviço\",0,IF(AND(AUTOEVENTO=\"Manual\",$M64=1),0,IF(OFFSET(CRONOPLE!$F$14,$M64,AP$13)=\"\",10^12,OFFSET(CRONOPLE!$F$14,$M64,AP$13))))","v":0},{"$f":"IF($D64<>\"Serviço\",0,IF(AND(AUTOEVENTO=\"Manual\",$M64=1),0,IF(OFFSET(CRONOPLE!$F$14,$M64,AQ$13)=\"\",10^12,OFFSET(CRONOPLE!$F$14,$M64,AQ$13))))","v":0},{"$f":"IF($D64<>\"Serviço\",0,IF(AND(AUTOEVENTO=\"Manual\",$M64=1),0,IF(OFFSET(CRONOPLE!$F$14,$M64,AR$13)=\"\",10^12,OFFSET(CRONOPLE!$F$14,$M64,AR$13))))","v":0},{"$f":"IF($D64<>\"Serviço\",0,IF(AND(AUTOEVENTO=\"Manual\",$M64=1),0,IF(OFFSET(CRONOPLE!$F$14,$M64,AS$13)=\"\",10^12,OFFSET(CRONOPLE!$F$14,$M64,AS$13))))","v":0},{"$f":"IF($D64<>\"Serviço\",0,IF(AND(AUTOEVENTO=\"Manual\",$M64=1),0,IF(OFFSET(CRONOPLE!$F$14,$M64,AT$13)=\"\",10^12,OFFSET(CRONOPLE!$F$14,$M64,AT$13))))","v":0},{"$f":"IF($D64<>\"Serviço\",0,IF(AND(AUTOEVENTO=\"Manual\",$M64=1),0,IF(OFFSET(CRONOPLE!$F$14,$M64,AU$13)=\"\",10^12,OFFSET(CRONOPLE!$F$14,$M64,AU$13))))","v":0},{"$f":"IF($D64<>\"Serviço\",0,IF(AND(AUTOEVENTO=\"Manual\",$M64=1),0,IF(OFFSET(CRONOPLE!$F$14,$M64,AV$13)=\"\",10^12,OFFSET(CRONOPLE!$F$14,$M64,AV$13))))","v":0},null,{"$f":"IF($D64<>\"Serviço\",0,IF(OR(AND(AUTOEVENTO=\"Manual\",$M64=1),$M64>(ROW(PLE.lastrow)-ROW(PLE.firstrow))),0,IF(OFFSET(PLE!$G$14,$M64,AX$13)=\"\",10^12,OFFSET(PLE!$G$14,$M64,AX$13))))","v":0},{"$f":"IF($D64<>\"Serviço\",0,IF(OR(AND(AUTOEVENTO=\"Manual\",$M64=1),$M64>(ROW(PLE.lastrow)-ROW(PLE.firstrow))),0,IF(OFFSET(PLE!$G$14,$M64,AY$13)=\"\",10^12,OFFSET(PLE!$G$14,$M64,AY$13))))","v":0},{"$f":"IF($D64<>\"Serviço\",0,IF(OR(AND(AUTOEVENTO=\"Manual\",$M64=1),$M64>(ROW(PLE.lastrow)-ROW(PLE.firstrow))),0,IF(OFFSET(PLE!$G$14,$M64,AZ$13)=\"\",10^12,OFFSET(PLE!$G$14,$M64,AZ$13))))","v":0},{"$f":"IF($D64<>\"Serviço\",0,IF(OR(AND(AUTOEVENTO=\"Manual\",$M64=1),$M64>(ROW(PLE.lastrow)-ROW(PLE.firstrow))),0,IF(OFFSET(PLE!$G$14,$M64,BA$13)=\"\",10^12,OFFSET(PLE!$G$14,$M64,BA$13))))","v":0},{"$f":"IF($D64<>\"Serviço\",0,IF(OR(AND(AUTOEVENTO=\"Manual\",$M64=1),$M64>(ROW(PLE.lastrow)-ROW(PLE.firstrow))),0,IF(OFFSET(PLE!$G$14,$M64,BB$13)=\"\",10^12,OFFSET(PLE!$G$14,$M64,BB$13))))","v":0},{"$f":"IF($D64<>\"Serviço\",0,IF(OR(AND(AUTOEVENTO=\"Manual\",$M64=1),$M64>(ROW(PLE.lastrow)-ROW(PLE.firstrow))),0,IF(OFFSET(PLE!$G$14,$M64,BC$13)=\"\",10^12,OFFSET(PLE!$G$14,$M64,BC$13))))","v":0},{"$f":"IF($D64<>\"Serviço\",0,IF(OR(AND(AUTOEVENTO=\"Manual\",$M64=1),$M64>(ROW(PLE.lastrow)-ROW(PLE.firstrow))),0,IF(OFFSET(PLE!$G$14,$M64,BD$13)=\"\",10^12,OFFSET(PLE!$G$14,$M64,BD$13))))","v":0},{"$f":"IF($D64<>\"Serviço\",0,IF(OR(AND(AUTOEVENTO=\"Manual\",$M64=1),$M64>(ROW(PLE.lastrow)-ROW(PLE.firstrow))),0,IF(OFFSET(PLE!$G$14,$M64,BE$13)=\"\",10^12,OFFSET(PLE!$G$14,$M64,BE$13))))","v":0},{"$f":"IF($D64<>\"Serviço\",0,IF(OR(AND(AUTOEVENTO=\"Manual\",$M64=1),$M64>(ROW(PLE.lastrow)-ROW(PLE.firstrow))),0,IF(OFFSET(PLE!$G$14,$M64,BF$13)=\"\",10^12,OFFSET(PLE!$G$14,$M64,BF$13))))","v":0},{"$f":"IF($D64<>\"Serviço\",0,IF(OR(AND(AUTOEVENTO=\"Manual\",$M64=1),$M64>(ROW(PLE.lastrow)-ROW(PLE.firstrow))),0,IF(OFFSET(PLE!$G$14,$M64,BG$13)=\"\",10^12,OFFSET(PLE!$G$14,$M64,BG$13))))","v":0}]
["24",{"$f":"OFFSET(ORÇAMENTO!C$15,ROW(B65)-ROW(B$15),0)","v":"S"},{"$f":"OFFSET(ORÇAMENTO!L$15,ROW(C65)-ROW(C$15),0)","v":"F"},{"$f":"OFFSET(ORÇAMENTO!N$15,ROW(D65)-ROW(D$15),0)","v":"Serviço"},{"$f":"OFFSET(ORÇAMENTO!O$15,ROW(E65)-ROW(E$15),0)","v":"1.3.6.0.1."},{"$f":"OFFSET(ORÇAMENTO!R$15,ROW(F65)-ROW(F$15),0)","v":"LAJE PRÉ-MOLDADA UNIDIRECIONAL, BIAPOIADA, PARA FORRO, ENCHIMENTO EM CERÂMICA, VIGOTA CONVENCIONAL, ALTURA TOTAL DA LAJE (ENCHIMENTO+CAPA) = (8+3). AF_11/2020_PA"},{"$f":"IF($D65<>\"Serviço\",\"\",OFFSET(ORÇAMENTO!S$15,ROW(G65)-ROW(G$15),0))","v":"M2"},{"$f":"IF($D65<>\"Serviço\",0,IF(ACOMPANHAMENTO=\"BM\",ROUND(OFFSET(ORÇAMENTO!AJ$15,ROW(H65)-ROW(H$15),0),15-13*ORÇAMENTO!$AF$7),SUMPRODUCT(($Q$12:$AA$12<>\"\")*ROUND($Q65:$AA65,15-13*ORÇAMENTO!$AF$7))))","v":129.61000000000001},null,null,null,".",{"$f":"IF($D65<>\"Serviço\",\"\",IF(AUTOEVENTO=\"manual\",$A65,IF(ISERROR(MATCH($A65,$A$15:OFFSET($A65,-1,0),0)),MAX($M$15:OFFSET(M65,-1,0))+1,INDEX($M$15:OFFSET(M65,-1,0),MATCH($A65,$A$15:OFFSET($A65,-1,0),0)))))","v":4},{"$f":"IF($D65<>\"Serviço\",\"\",IF(AUTOEVENTO=\"Manual\",IF($A65=0,\"<-- defina o número do agrupador\",OFFSET(EVENTOS!$D$14,$A65,0)),OFFSET($F$15,$A65,0)))","v":"ESTRUTURAS"},null,null,null,null,null,null,null,null,null,null,null,null,null,{"$f":"IF(AND($D65=\"Serviço\",AB$12<>0,$H65>0,OR(AUTOEVENTO<>\"manual\",$M65<>1)),\nIF(Import.TipoArredondamento<>\"TransfereGOV\",\nROUND(OFFSET($P65,0,AB$13),15-13*ORÇAMENTO!$AF$7)/$H65*OFFSET(ORÇAMENTO!$X$15,ROW(AB65)-ROW(AB$15),0),\nROUND(ROUND(OFFSET($P65,0,AB$13),15-13*ORÇAMENTO!$AF$7)*OFFSET(ORÇAMENTO!$W$15,ROW(AB65)-ROW(AB$15),0),15-13*ORÇAMENTO!$AF$11)),0)","v":0},{"$f":"IF(AND($D65=\"Serviço\",AC$12<>0,$H65>0,OR(AUTOEVENTO<>\"manual\",$M65<>1)),\nIF(Import.TipoArredondamento<>\"TransfereGOV\",\nROUND(OFFSET($P65,0,AC$13),15-13*ORÇAMENTO!$AF$7)/$H65*OFFSET(ORÇAMENTO!$X$15,ROW(AC65)-ROW(AC$15),0),\nROUND(ROUND(OFFSET($P65,0,AC$13),15-13*ORÇAMENTO!$AF$7)*OFFSET(ORÇAMENTO!$W$15,ROW(AC65)-ROW(AC$15),0),15-13*ORÇAMENTO!$AF$11)),0)","v":0},{"$f":"IF(AND($D65=\"Serviço\",AD$12<>0,$H65>0,OR(AUTOEVENTO<>\"manual\",$M65<>1)),\nIF(Import.TipoArredondamento<>\"TransfereGOV\",\nROUND(OFFSET($P65,0,AD$13),15-13*ORÇAMENTO!$AF$7)/$H65*OFFSET(ORÇAMENTO!$X$15,ROW(AD65)-ROW(AD$15),0),\nROUND(ROUND(OFFSET($P65,0,AD$13),15-13*ORÇAMENTO!$AF$7)*OFFSET(ORÇAMENTO!$W$15,ROW(AD65)-ROW(AD$15),0),15-13*ORÇAMENTO!$AF$11)),0)","v":0},{"$f":"IF(AND($D65=\"Serviço\",AE$12<>0,$H65>0,OR(AUTOEVENTO<>\"manual\",$M65<>1)),\nIF(Import.TipoArredondamento<>\"TransfereGOV\",\nROUND(OFFSET($P65,0,AE$13),15-13*ORÇAMENTO!$AF$7)/$H65*OFFSET(ORÇAMENTO!$X$15,ROW(AE65)-ROW(AE$15),0),\nROUND(ROUND(OFFSET($P65,0,AE$13),15-13*ORÇAMENTO!$AF$7)*OFFSET(ORÇAMENTO!$W$15,ROW(AE65)-ROW(AE$15),0),15-13*ORÇAMENTO!$AF$11)),0)","v":0},{"$f":"IF(AND($D65=\"Serviço\",AF$12<>0,$H65>0,OR(AUTOEVENTO<>\"manual\",$M65<>1)),\nIF(Import.TipoArredondamento<>\"TransfereGOV\",\nROUND(OFFSET($P65,0,AF$13),15-13*ORÇAMENTO!$AF$7)/$H65*OFFSET(ORÇAMENTO!$X$15,ROW(AF65)-ROW(AF$15),0),\nROUND(ROUND(OFFSET($P65,0,AF$13),15-13*ORÇAMENTO!$AF$7)*OFFSET(ORÇAMENTO!$W$15,ROW(AF65)-ROW(AF$15),0),15-13*ORÇAMENTO!$AF$11)),0)","v":0},{"$f":"IF(AND($D65=\"Serviço\",AG$12<>0,$H65>0,OR(AUTOEVENTO<>\"manual\",$M65<>1)),\nIF(Import.TipoArredondamento<>\"TransfereGOV\",\nROUND(OFFSET($P65,0,AG$13),15-13*ORÇAMENTO!$AF$7)/$H65*OFFSET(ORÇAMENTO!$X$15,ROW(AG65)-ROW(AG$15),0),\nROUND(ROUND(OFFSET($P65,0,AG$13),15-13*ORÇAMENTO!$AF$7)*OFFSET(ORÇAMENTO!$W$15,ROW(AG65)-ROW(AG$15),0),15-13*ORÇAMENTO!$AF$11)),0)","v":0},{"$f":"IF(AND($D65=\"Serviço\",AH$12<>0,$H65>0,OR(AUTOEVENTO<>\"manual\",$M65<>1)),\nIF(Import.TipoArredondamento<>\"TransfereGOV\",\nROUND(OFFSET($P65,0,AH$13),15-13*ORÇAMENTO!$AF$7)/$H65*OFFSET(ORÇAMENTO!$X$15,ROW(AH65)-ROW(AH$15),0),\nROUND(ROUND(OFFSET($P65,0,AH$13),15-13*ORÇAMENTO!$AF$7)*OFFSET(ORÇAMENTO!$W$15,ROW(AH65)-ROW(AH$15),0),15-13*ORÇAMENTO!$AF$11)),0)","v":0},{"$f":"IF(AND($D65=\"Serviço\",AI$12<>0,$H65>0,OR(AUTOEVENTO<>\"manual\",$M65<>1)),\nIF(Import.TipoArredondamento<>\"TransfereGOV\",\nROUND(OFFSET($P65,0,AI$13),15-13*ORÇAMENTO!$AF$7)/$H65*OFFSET(ORÇAMENTO!$X$15,ROW(AI65)-ROW(AI$15),0),\nROUND(ROUND(OFFSET($P65,0,AI$13),15-13*ORÇAMENTO!$AF$7)*OFFSET(ORÇAMENTO!$W$15,ROW(AI65)-ROW(AI$15),0),15-13*ORÇAMENTO!$AF$11)),0)","v":0},{"$f":"IF(AND($D65=\"Serviço\",AJ$12<>0,$H65>0,OR(AUTOEVENTO<>\"manual\",$M65<>1)),\nIF(Import.TipoArredondamento<>\"TransfereGOV\",\nROUND(OFFSET($P65,0,AJ$13),15-13*ORÇAMENTO!$AF$7)/$H65*OFFSET(ORÇAMENTO!$X$15,ROW(AJ65)-ROW(AJ$15),0),\nROUND(ROUND(OFFSET($P65,0,AJ$13),15-13*ORÇAMENTO!$AF$7)*OFFSET(ORÇAMENTO!$W$15,ROW(AJ65)-ROW(AJ$15),0),15-13*ORÇAMENTO!$AF$11)),0)","v":0},{"$f":"IF(AND($D65=\"Serviço\",AK$12<>0,$H65>0,OR(AUTOEVENTO<>\"manual\",$M65<>1)),\nIF(Import.TipoArredondamento<>\"TransfereGOV\",\nROUND(OFFSET($P65,0,AK$13),15-13*ORÇAMENTO!$AF$7)/$H65*OFFSET(ORÇAMENTO!$X$15,ROW(AK65)-ROW(AK$15),0),\nROUND(ROUND(OFFSET($P65,0,AK$13),15-13*ORÇAMENTO!$AF$7)*OFFSET(ORÇAMENTO!$W$15,ROW(AK65)-ROW(AK$15),0),15-13*ORÇAMENTO!$AF$11)),0)","v":0},null,{"$f":"IF($D65<>\"Serviço\",0,IF(AND(AUTOEVENTO=\"Manual\",$M65=1),0,IF(OFFSET(CRONOPLE!$F$14,$M65,AM$13)=\"\",10^12,OFFSET(CRONOPLE!$F$14,$M65,AM$13))))","v":1000000000000},{"$f":"IF($D65<>\"Serviço\",0,IF(AND(AUTOEVENTO=\"Manual\",$M65=1),0,IF(OFFSET(CRONOPLE!$F$14,$M65,AN$13)=\"\",10^12,OFFSET(CRONOPLE!$F$14,$M65,AN$13))))","v":1000000000000},{"$f":"IF($D65<>\"Serviço\",0,IF(AND(AUTOEVENTO=\"Manual\",$M65=1),0,IF(OFFSET(CRONOPLE!$F$14,$M65,AO$13)=\"\",10^12,OFFSET(CRONOPLE!$F$14,$M65,AO$13))))","v":1000000000000},{"$f":"IF($D65<>\"Serviço\",0,IF(AND(AUTOEVENTO=\"Manual\",$M65=1),0,IF(OFFSET(CRONOPLE!$F$14,$M65,AP$13)=\"\",10^12,OFFSET(CRONOPLE!$F$14,$M65,AP$13))))","v":1000000000000},{"$f":"IF($D65<>\"Serviço\",0,IF(AND(AUTOEVENTO=\"Manual\",$M65=1),0,IF(OFFSET(CRONOPLE!$F$14,$M65,AQ$13)=\"\",10^12,OFFSET(CRONOPLE!$F$14,$M65,AQ$13))))","v":1000000000000},{"$f":"IF($D65<>\"Serviço\",0,IF(AND(AUTOEVENTO=\"Manual\",$M65=1),0,IF(OFFSET(CRONOPLE!$F$14,$M65,AR$13)=\"\",10^12,OFFSET(CRONOPLE!$F$14,$M65,AR$13))))","v":1000000000000},{"$f":"IF($D65<>\"Serviço\",0,IF(AND(AUTOEVENTO=\"Manual\",$M65=1),0,IF(OFFSET(CRONOPLE!$F$14,$M65,AS$13)=\"\",10^12,OFFSET(CRONOPLE!$F$14,$M65,AS$13))))","v":1000000000000},{"$f":"IF($D65<>\"Serviço\",0,IF(AND(AUTOEVENTO=\"Manual\",$M65=1),0,IF(OFFSET(CRONOPLE!$F$14,$M65,AT$13)=\"\",10^12,OFFSET(CRONOPLE!$F$14,$M65,AT$13))))","v":1000000000000},{"$f":"IF($D65<>\"Serviço\",0,IF(AND(AUTOEVENTO=\"Manual\",$M65=1),0,IF(OFFSET(CRONOPLE!$F$14,$M65,AU$13)=\"\",10^12,OFFSET(CRONOPLE!$F$14,$M65,AU$13))))","v":1000000000000},{"$f":"IF($D65<>\"Serviço\",0,IF(AND(AUTOEVENTO=\"Manual\",$M65=1),0,IF(OFFSET(CRONOPLE!$F$14,$M65,AV$13)=\"\",10^12,OFFSET(CRONOPLE!$F$14,$M65,AV$13))))","v":1000000000000},null,{"$f":"IF($D65<>\"Serviço\",0,IF(OR(AND(AUTOEVENTO=\"Manual\",$M65=1),$M65>(ROW(PLE.lastrow)-ROW(PLE.firstrow))),0,IF(OFFSET(PLE!$G$14,$M65,AX$13)=\"\",10^12,OFFSET(PLE!$G$14,$M65,AX$13))))","v":1000000000000},{"$f":"IF($D65<>\"Serviço\",0,IF(OR(AND(AUTOEVENTO=\"Manual\",$M65=1),$M65>(ROW(PLE.lastrow)-ROW(PLE.firstrow))),0,IF(OFFSET(PLE!$G$14,$M65,AY$13)=\"\",10^12,OFFSET(PLE!$G$14,$M65,AY$13))))","v":1000000000000},{"$f":"IF($D65<>\"Serviço\",0,IF(OR(AND(AUTOEVENTO=\"Manual\",$M65=1),$M65>(ROW(PLE.lastrow)-ROW(PLE.firstrow))),0,IF(OFFSET(PLE!$G$14,$M65,AZ$13)=\"\",10^12,OFFSET(PLE!$G$14,$M65,AZ$13))))","v":1000000000000},{"$f":"IF($D65<>\"Serviço\",0,IF(OR(AND(AUTOEVENTO=\"Manual\",$M65=1),$M65>(ROW(PLE.lastrow)-ROW(PLE.firstrow))),0,IF(OFFSET(PLE!$G$14,$M65,BA$13)=\"\",10^12,OFFSET(PLE!$G$14,$M65,BA$13))))","v":1000000000000},{"$f":"IF($D65<>\"Serviço\",0,IF(OR(AND(AUTOEVENTO=\"Manual\",$M65=1),$M65>(ROW(PLE.lastrow)-ROW(PLE.firstrow))),0,IF(OFFSET(PLE!$G$14,$M65,BB$13)=\"\",10^12,OFFSET(PLE!$G$14,$M65,BB$13))))","v":1000000000000},{"$f":"IF($D65<>\"Serviço\",0,IF(OR(AND(AUTOEVENTO=\"Manual\",$M65=1),$M65>(ROW(PLE.lastrow)-ROW(PLE.firstrow))),0,IF(OFFSET(PLE!$G$14,$M65,BC$13)=\"\",10^12,OFFSET(PLE!$G$14,$M65,BC$13))))","v":1000000000000},{"$f":"IF($D65<>\"Serviço\",0,IF(OR(AND(AUTOEVENTO=\"Manual\",$M65=1),$M65>(ROW(PLE.lastrow)-ROW(PLE.firstrow))),0,IF(OFFSET(PLE!$G$14,$M65,BD$13)=\"\",10^12,OFFSET(PLE!$G$14,$M65,BD$13))))","v":1000000000000},{"$f":"IF($D65<>\"Serviço\",0,IF(OR(AND(AUTOEVENTO=\"Manual\",$M65=1),$M65>(ROW(PLE.lastrow)-ROW(PLE.firstrow))),0,IF(OFFSET(PLE!$G$14,$M65,BE$13)=\"\",10^12,OFFSET(PLE!$G$14,$M65,BE$13))))","v":1000000000000},{"$f":"IF($D65<>\"Serviço\",0,IF(OR(AND(AUTOEVENTO=\"Manual\",$M65=1),$M65>(ROW(PLE.lastrow)-ROW(PLE.firstrow))),0,IF(OFFSET(PLE!$G$14,$M65,BF$13)=\"\",10^12,OFFSET(PLE!$G$14,$M65,BF$13))))","v":1000000000000},{"$f":"IF($D65<>\"Serviço\",0,IF(OR(AND(AUTOEVENTO=\"Manual\",$M65=1),$M65>(ROW(PLE.lastrow)-ROW(PLE.firstrow))),0,IF(OFFSET(PLE!$G$14,$M65,BG$13)=\"\",10^12,OFFSET(PLE!$G$14,$M65,BG$13))))","v":1000000000000}]
["51.",{"$f":"OFFSET(ORÇAMENTO!C$15,ROW(B66)-ROW(B$15),0)","v":2},{"$f":"OFFSET(ORÇAMENTO!L$15,ROW(C66)-ROW(C$15),0)","v":"F"},{"$f":"OFFSET(ORÇAMENTO!N$15,ROW(D66)-ROW(D$15),0)","v":"Nível 2"},{"$f":"OFFSET(ORÇAMENTO!O$15,ROW(E66)-ROW(E$15),0)","v":"1.4."},{"$f":"OFFSET(ORÇAMENTO!R$15,ROW(F66)-ROW(F$15),0)","v":"ALVENARIA"},{"$f":"IF($D66<>\"Serviço\",\"\",OFFSET(ORÇAMENTO!S$15,ROW(G66)-ROW(G$15),0))","v":""},{"$f":"IF($D66<>\"Serviço\",0,IF(ACOMPANHAMENTO=\"BM\",ROUND(OFFSET(ORÇAMENTO!AJ$15,ROW(H66)-ROW(H$15),0),15-13*ORÇAMENTO!$AF$7),SUMPRODUCT(($Q$12:$AA$12<>\"\")*ROUND($Q66:$AA66,15-13*ORÇAMENTO!$AF$7))))","v":0},null,null,null,".",{"$f":"IF($D66<>\"Serviço\",\"\",IF(AUTOEVENTO=\"manual\",$A66,IF(ISERROR(MATCH($A66,$A$15:OFFSET($A66,-1,0),0)),MAX($M$15:OFFSET(M66,-1,0))+1,INDEX($M$15:OFFSET(M66,-1,0),MATCH($A66,$A$15:OFFSET($A66,-1,0),0)))))","v":""},{"$f":"IF($D66<>\"Serviço\",\"\",IF(AUTOEVENTO=\"Manual\",IF($A66=0,\"<-- defina o número do agrupador\",OFFSET(EVENTOS!$D$14,$A66,0)),OFFSET($F$15,$A66,0)))","v":""},null,null,null,null,null,null,null,null,null,null,null,null,null,{"$f":"IF(AND($D66=\"Serviço\",AB$12<>0,$H66>0,OR(AUTOEVENTO<>\"manual\",$M66<>1)),\nIF(Import.TipoArredondamento<>\"TransfereGOV\",\nROUND(OFFSET($P66,0,AB$13),15-13*ORÇAMENTO!$AF$7)/$H66*OFFSET(ORÇAMENTO!$X$15,ROW(AB66)-ROW(AB$15),0),\nROUND(ROUND(OFFSET($P66,0,AB$13),15-13*ORÇAMENTO!$AF$7)*OFFSET(ORÇAMENTO!$W$15,ROW(AB66)-ROW(AB$15),0),15-13*ORÇAMENTO!$AF$11)),0)","v":0},{"$f":"IF(AND($D66=\"Serviço\",AC$12<>0,$H66>0,OR(AUTOEVENTO<>\"manual\",$M66<>1)),\nIF(Import.TipoArredondamento<>\"TransfereGOV\",\nROUND(OFFSET($P66,0,AC$13),15-13*ORÇAMENTO!$AF$7)/$H66*OFFSET(ORÇAMENTO!$X$15,ROW(AC66)-ROW(AC$15),0),\nROUND(ROUND(OFFSET($P66,0,AC$13),15-13*ORÇAMENTO!$AF$7)*OFFSET(ORÇAMENTO!$W$15,ROW(AC66)-ROW(AC$15),0),15-13*ORÇAMENTO!$AF$11)),0)","v":0},{"$f":"IF(AND($D66=\"Serviço\",AD$12<>0,$H66>0,OR(AUTOEVENTO<>\"manual\",$M66<>1)),\nIF(Import.TipoArredondamento<>\"TransfereGOV\",\nROUND(OFFSET($P66,0,AD$13),15-13*ORÇAMENTO!$AF$7)/$H66*OFFSET(ORÇAMENTO!$X$15,ROW(AD66)-ROW(AD$15),0),\nROUND(ROUND(OFFSET($P66,0,AD$13),15-13*ORÇAMENTO!$AF$7)*OFFSET(ORÇAMENTO!$W$15,ROW(AD66)-ROW(AD$15),0),15-13*ORÇAMENTO!$AF$11)),0)","v":0},{"$f":"IF(AND($D66=\"Serviço\",AE$12<>0,$H66>0,OR(AUTOEVENTO<>\"manual\",$M66<>1)),\nIF(Import.TipoArredondamento<>\"TransfereGOV\",\nROUND(OFFSET($P66,0,AE$13),15-13*ORÇAMENTO!$AF$7)/$H66*OFFSET(ORÇAMENTO!$X$15,ROW(AE66)-ROW(AE$15),0),\nROUND(ROUND(OFFSET($P66,0,AE$13),15-13*ORÇAMENTO!$AF$7)*OFFSET(ORÇAMENTO!$W$15,ROW(AE66)-ROW(AE$15),0),15-13*ORÇAMENTO!$AF$11)),0)","v":0},{"$f":"IF(AND($D66=\"Serviço\",AF$12<>0,$H66>0,OR(AUTOEVENTO<>\"manual\",$M66<>1)),\nIF(Import.TipoArredondamento<>\"TransfereGOV\",\nROUND(OFFSET($P66,0,AF$13),15-13*ORÇAMENTO!$AF$7)/$H66*OFFSET(ORÇAMENTO!$X$15,ROW(AF66)-ROW(AF$15),0),\nROUND(ROUND(OFFSET($P66,0,AF$13),15-13*ORÇAMENTO!$AF$7)*OFFSET(ORÇAMENTO!$W$15,ROW(AF66)-ROW(AF$15),0),15-13*ORÇAMENTO!$AF$11)),0)","v":0},{"$f":"IF(AND($D66=\"Serviço\",AG$12<>0,$H66>0,OR(AUTOEVENTO<>\"manual\",$M66<>1)),\nIF(Import.TipoArredondamento<>\"TransfereGOV\",\nROUND(OFFSET($P66,0,AG$13),15-13*ORÇAMENTO!$AF$7)/$H66*OFFSET(ORÇAMENTO!$X$15,ROW(AG66)-ROW(AG$15),0),\nROUND(ROUND(OFFSET($P66,0,AG$13),15-13*ORÇAMENTO!$AF$7)*OFFSET(ORÇAMENTO!$W$15,ROW(AG66)-ROW(AG$15),0),15-13*ORÇAMENTO!$AF$11)),0)","v":0},{"$f":"IF(AND($D66=\"Serviço\",AH$12<>0,$H66>0,OR(AUTOEVENTO<>\"manual\",$M66<>1)),\nIF(Import.TipoArredondamento<>\"TransfereGOV\",\nROUND(OFFSET($P66,0,AH$13),15-13*ORÇAMENTO!$AF$7)/$H66*OFFSET(ORÇAMENTO!$X$15,ROW(AH66)-ROW(AH$15),0),\nROUND(ROUND(OFFSET($P66,0,AH$13),15-13*ORÇAMENTO!$AF$7)*OFFSET(ORÇAMENTO!$W$15,ROW(AH66)-ROW(AH$15),0),15-13*ORÇAMENTO!$AF$11)),0)","v":0},{"$f":"IF(AND($D66=\"Serviço\",AI$12<>0,$H66>0,OR(AUTOEVENTO<>\"manual\",$M66<>1)),\nIF(Import.TipoArredondamento<>\"TransfereGOV\",\nROUND(OFFSET($P66,0,AI$13),15-13*ORÇAMENTO!$AF$7)/$H66*OFFSET(ORÇAMENTO!$X$15,ROW(AI66)-ROW(AI$15),0),\nROUND(ROUND(OFFSET($P66,0,AI$13),15-13*ORÇAMENTO!$AF$7)*OFFSET(ORÇAMENTO!$W$15,ROW(AI66)-ROW(AI$15),0),15-13*ORÇAMENTO!$AF$11)),0)","v":0},{"$f":"IF(AND($D66=\"Serviço\",AJ$12<>0,$H66>0,OR(AUTOEVENTO<>\"manual\",$M66<>1)),\nIF(Import.TipoArredondamento<>\"TransfereGOV\",\nROUND(OFFSET($P66,0,AJ$13),15-13*ORÇAMENTO!$AF$7)/$H66*OFFSET(ORÇAMENTO!$X$15,ROW(AJ66)-ROW(AJ$15),0),\nROUND(ROUND(OFFSET($P66,0,AJ$13),15-13*ORÇAMENTO!$AF$7)*OFFSET(ORÇAMENTO!$W$15,ROW(AJ66)-ROW(AJ$15),0),15-13*ORÇAMENTO!$AF$11)),0)","v":0},{"$f":"IF(AND($D66=\"Serviço\",AK$12<>0,$H66>0,OR(AUTOEVENTO<>\"manual\",$M66<>1)),\nIF(Import.TipoArredondamento<>\"TransfereGOV\",\nROUND(OFFSET($P66,0,AK$13),15-13*ORÇAMENTO!$AF$7)/$H66*OFFSET(ORÇAMENTO!$X$15,ROW(AK66)-ROW(AK$15),0),\nROUND(ROUND(OFFSET($P66,0,AK$13),15-13*ORÇAMENTO!$AF$7)*OFFSET(ORÇAMENTO!$W$15,ROW(AK66)-ROW(AK$15),0),15-13*ORÇAMENTO!$AF$11)),0)","v":0},null,{"$f":"IF($D66<>\"Serviço\",0,IF(AND(AUTOEVENTO=\"Manual\",$M66=1),0,IF(OFFSET(CRONOPLE!$F$14,$M66,AM$13)=\"\",10^12,OFFSET(CRONOPLE!$F$14,$M66,AM$13))))","v":0},{"$f":"IF($D66<>\"Serviço\",0,IF(AND(AUTOEVENTO=\"Manual\",$M66=1),0,IF(OFFSET(CRONOPLE!$F$14,$M66,AN$13)=\"\",10^12,OFFSET(CRONOPLE!$F$14,$M66,AN$13))))","v":0},{"$f":"IF($D66<>\"Serviço\",0,IF(AND(AUTOEVENTO=\"Manual\",$M66=1),0,IF(OFFSET(CRONOPLE!$F$14,$M66,AO$13)=\"\",10^12,OFFSET(CRONOPLE!$F$14,$M66,AO$13))))","v":0},{"$f":"IF($D66<>\"Serviço\",0,IF(AND(AUTOEVENTO=\"Manual\",$M66=1),0,IF(OFFSET(CRONOPLE!$F$14,$M66,AP$13)=\"\",10^12,OFFSET(CRONOPLE!$F$14,$M66,AP$13))))","v":0},{"$f":"IF($D66<>\"Serviço\",0,IF(AND(AUTOEVENTO=\"Manual\",$M66=1),0,IF(OFFSET(CRONOPLE!$F$14,$M66,AQ$13)=\"\",10^12,OFFSET(CRONOPLE!$F$14,$M66,AQ$13))))","v":0},{"$f":"IF($D66<>\"Serviço\",0,IF(AND(AUTOEVENTO=\"Manual\",$M66=1),0,IF(OFFSET(CRONOPLE!$F$14,$M66,AR$13)=\"\",10^12,OFFSET(CRONOPLE!$F$14,$M66,AR$13))))","v":0},{"$f":"IF($D66<>\"Serviço\",0,IF(AND(AUTOEVENTO=\"Manual\",$M66=1),0,IF(OFFSET(CRONOPLE!$F$14,$M66,AS$13)=\"\",10^12,OFFSET(CRONOPLE!$F$14,$M66,AS$13))))","v":0},{"$f":"IF($D66<>\"Serviço\",0,IF(AND(AUTOEVENTO=\"Manual\",$M66=1),0,IF(OFFSET(CRONOPLE!$F$14,$M66,AT$13)=\"\",10^12,OFFSET(CRONOPLE!$F$14,$M66,AT$13))))","v":0},{"$f":"IF($D66<>\"Serviço\",0,IF(AND(AUTOEVENTO=\"Manual\",$M66=1),0,IF(OFFSET(CRONOPLE!$F$14,$M66,AU$13)=\"\",10^12,OFFSET(CRONOPLE!$F$14,$M66,AU$13))))","v":0},{"$f":"IF($D66<>\"Serviço\",0,IF(AND(AUTOEVENTO=\"Manual\",$M66=1),0,IF(OFFSET(CRONOPLE!$F$14,$M66,AV$13)=\"\",10^12,OFFSET(CRONOPLE!$F$14,$M66,AV$13))))","v":0},null,{"$f":"IF($D66<>\"Serviço\",0,IF(OR(AND(AUTOEVENTO=\"Manual\",$M66=1),$M66>(ROW(PLE.lastrow)-ROW(PLE.firstrow))),0,IF(OFFSET(PLE!$G$14,$M66,AX$13)=\"\",10^12,OFFSET(PLE!$G$14,$M66,AX$13))))","v":0},{"$f":"IF($D66<>\"Serviço\",0,IF(OR(AND(AUTOEVENTO=\"Manual\",$M66=1),$M66>(ROW(PLE.lastrow)-ROW(PLE.firstrow))),0,IF(OFFSET(PLE!$G$14,$M66,AY$13)=\"\",10^12,OFFSET(PLE!$G$14,$M66,AY$13))))","v":0},{"$f":"IF($D66<>\"Serviço\",0,IF(OR(AND(AUTOEVENTO=\"Manual\",$M66=1),$M66>(ROW(PLE.lastrow)-ROW(PLE.firstrow))),0,IF(OFFSET(PLE!$G$14,$M66,AZ$13)=\"\",10^12,OFFSET(PLE!$G$14,$M66,AZ$13))))","v":0},{"$f":"IF($D66<>\"Serviço\",0,IF(OR(AND(AUTOEVENTO=\"Manual\",$M66=1),$M66>(ROW(PLE.lastrow)-ROW(PLE.firstrow))),0,IF(OFFSET(PLE!$G$14,$M66,BA$13)=\"\",10^12,OFFSET(PLE!$G$14,$M66,BA$13))))","v":0},{"$f":"IF($D66<>\"Serviço\",0,IF(OR(AND(AUTOEVENTO=\"Manual\",$M66=1),$M66>(ROW(PLE.lastrow)-ROW(PLE.firstrow))),0,IF(OFFSET(PLE!$G$14,$M66,BB$13)=\"\",10^12,OFFSET(PLE!$G$14,$M66,BB$13))))","v":0},{"$f":"IF($D66<>\"Serviço\",0,IF(OR(AND(AUTOEVENTO=\"Manual\",$M66=1),$M66>(ROW(PLE.lastrow)-ROW(PLE.firstrow))),0,IF(OFFSET(PLE!$G$14,$M66,BC$13)=\"\",10^12,OFFSET(PLE!$G$14,$M66,BC$13))))","v":0},{"$f":"IF($D66<>\"Serviço\",0,IF(OR(AND(AUTOEVENTO=\"Manual\",$M66=1),$M66>(ROW(PLE.lastrow)-ROW(PLE.firstrow))),0,IF(OFFSET(PLE!$G$14,$M66,BD$13)=\"\",10^12,OFFSET(PLE!$G$14,$M66,BD$13))))","v":0},{"$f":"IF($D66<>\"Serviço\",0,IF(OR(AND(AUTOEVENTO=\"Manual\",$M66=1),$M66>(ROW(PLE.lastrow)-ROW(PLE.firstrow))),0,IF(OFFSET(PLE!$G$14,$M66,BE$13)=\"\",10^12,OFFSET(PLE!$G$14,$M66,BE$13))))","v":0},{"$f":"IF($D66<>\"Serviço\",0,IF(OR(AND(AUTOEVENTO=\"Manual\",$M66=1),$M66>(ROW(PLE.lastrow)-ROW(PLE.firstrow))),0,IF(OFFSET(PLE!$G$14,$M66,BF$13)=\"\",10^12,OFFSET(PLE!$G$14,$M66,BF$13))))","v":0},{"$f":"IF($D66<>\"Serviço\",0,IF(OR(AND(AUTOEVENTO=\"Manual\",$M66=1),$M66>(ROW(PLE.lastrow)-ROW(PLE.firstrow))),0,IF(OFFSET(PLE!$G$14,$M66,BG$13)=\"\",10^12,OFFSET(PLE!$G$14,$M66,BG$13))))","v":0}]
["51",{"$f":"OFFSET(ORÇAMENTO!C$15,ROW(B67)-ROW(B$15),0)","v":"S"},{"$f":"OFFSET(ORÇAMENTO!L$15,ROW(C67)-ROW(C$15),0)","v":"F"},{"$f":"OFFSET(ORÇAMENTO!N$15,ROW(D67)-ROW(D$15),0)","v":"Serviço"},{"$f":"OFFSET(ORÇAMENTO!O$15,ROW(E67)-ROW(E$15),0)","v":"1.4.0.0.1."},{"$f":"OFFSET(ORÇAMENTO!R$15,ROW(F67)-ROW(F$15),0)","v":"ALVENARIA DE VEDAÇÃO DE BLOCOS CERÂMICOS FURADOS NA HORIZONTAL DE 11,5X19X19 CM (ESPESSURA 11,5 CM) E ARGAMASSA DE ASSENTAMENTO COM PREPARO MANUAL. AF_12/2021"},{"$f":"IF($D67<>\"Serviço\",\"\",OFFSET(ORÇAMENTO!S$15,ROW(G67)-ROW(G$15),0))","v":"M2"},{"$f":"IF($D67<>\"Serviço\",0,IF(ACOMPANHAMENTO=\"BM\",ROUND(OFFSET(ORÇAMENTO!AJ$15,ROW(H67)-ROW(H$15),0),15-13*ORÇAMENTO!$AF$7),SUMPRODUCT(($Q$12:$AA$12<>\"\")*ROUND($Q67:$AA67,15-13*ORÇAMENTO!$AF$7))))","v":230.12},"bwc = 44,18m x 2,80h ; sala = 21,24m x 2,80h ; cozinha = 30,35 x 2,80h",null,null,".",{"$f":"IF($D67<>\"Serviço\",\"\",IF(AUTOEVENTO=\"manual\",$A67,IF(ISERROR(MATCH($A67,$A$15:OFFSET($A67,-1,0),0)),MAX($M$15:OFFSET(M67,-1,0))+1,INDEX($M$15:OFFSET(M67,-1,0),MATCH($A67,$A$15:OFFSET($A67,-1,0),0)))))","v":5},{"$f":"IF($D67<>\"Serviço\",\"\",IF(AUTOEVENTO=\"Manual\",IF($A67=0,\"<-- defina o número do agrupador\",OFFSET(EVENTOS!$D$14,$A67,0)),OFFSET($F$15,$A67,0)))","v":"ALVENARIA"},null,null,null,null,null,null,null,null,null,null,null,null,null,{"$f":"IF(AND($D67=\"Serviço\",AB$12<>0,$H67>0,OR(AUTOEVENTO<>\"manual\",$M67<>1)),\nIF(Import.TipoArredondamento<>\"TransfereGOV\",\nROUND(OFFSET($P67,0,AB$13),15-13*ORÇAMENTO!$AF$7)/$H67*OFFSET(ORÇAMENTO!$X$15,ROW(AB67)-ROW(AB$15),0),\nROUND(ROUND(OFFSET($P67,0,AB$13),15-13*ORÇAMENTO!$AF$7)*OFFSET(ORÇAMENTO!$W$15,ROW(AB67)-ROW(AB$15),0),15-13*ORÇAMENTO!$AF$11)),0)","v":0},{"$f":"IF(AND($D67=\"Serviço\",AC$12<>0,$H67>0,OR(AUTOEVENTO<>\"manual\",$M67<>1)),\nIF(Import.TipoArredondamento<>\"TransfereGOV\",\nROUND(OFFSET($P67,0,AC$13),15-13*ORÇAMENTO!$AF$7)/$H67*OFFSET(ORÇAMENTO!$X$15,ROW(AC67)-ROW(AC$15),0),\nROUND(ROUND(OFFSET($P67,0,AC$13),15-13*ORÇAMENTO!$AF$7)*OFFSET(ORÇAMENTO!$W$15,ROW(AC67)-ROW(AC$15),0),15-13*ORÇAMENTO!$AF$11)),0)","v":0},{"$f":"IF(AND($D67=\"Serviço\",AD$12<>0,$H67>0,OR(AUTOEVENTO<>\"manual\",$M67<>1)),\nIF(Import.TipoArredondamento<>\"TransfereGOV\",\nROUND(OFFSET($P67,0,AD$13),15-13*ORÇAMENTO!$AF$7)/$H67*OFFSET(ORÇAMENTO!$X$15,ROW(AD67)-ROW(AD$15),0),\nROUND(ROUND(OFFSET($P67,0,AD$13),15-13*ORÇAMENTO!$AF$7)*OFFSET(ORÇAMENTO!$W$15,ROW(AD67)-ROW(AD$15),0),15-13*ORÇAMENTO!$AF$11)),0)","v":0},{"$f":"IF(AND($D67=\"Serviço\",AE$12<>0,$H67>0,OR(AUTOEVENTO<>\"manual\",$M67<>1)),\nIF(Import.TipoArredondamento<>\"TransfereGOV\",\nROUND(OFFSET($P67,0,AE$13),15-13*ORÇAMENTO!$AF$7)/$H67*OFFSET(ORÇAMENTO!$X$15,ROW(AE67)-ROW(AE$15),0),\nROUND(ROUND(OFFSET($P67,0,AE$13),15-13*ORÇAMENTO!$AF$7)*OFFSET(ORÇAMENTO!$W$15,ROW(AE67)-ROW(AE$15),0),15-13*ORÇAMENTO!$AF$11)),0)","v":0},{"$f":"IF(AND($D67=\"Serviço\",AF$12<>0,$H67>0,OR(AUTOEVENTO<>\"manual\",$M67<>1)),\nIF(Import.TipoArredondamento<>\"TransfereGOV\",\nROUND(OFFSET($P67,0,AF$13),15-13*ORÇAMENTO!$AF$7)/$H67*OFFSET(ORÇAMENTO!$X$15,ROW(AF67)-ROW(AF$15),0),\nROUND(ROUND(OFFSET($P67,0,AF$13),15-13*ORÇAMENTO!$AF$7)*OFFSET(ORÇAMENTO!$W$15,ROW(AF67)-ROW(AF$15),0),15-13*ORÇAMENTO!$AF$11)),0)","v":0},{"$f":"IF(AND($D67=\"Serviço\",AG$12<>0,$H67>0,OR(AUTOEVENTO<>\"manual\",$M67<>1)),\nIF(Import.TipoArredondamento<>\"TransfereGOV\",\nROUND(OFFSET($P67,0,AG$13),15-13*ORÇAMENTO!$AF$7)/$H67*OFFSET(ORÇAMENTO!$X$15,ROW(AG67)-ROW(AG$15),0),\nROUND(ROUND(OFFSET($P67,0,AG$13),15-13*ORÇAMENTO!$AF$7)*OFFSET(ORÇAMENTO!$W$15,ROW(AG67)-ROW(AG$15),0),15-13*ORÇAMENTO!$AF$11)),0)","v":0},{"$f":"IF(AND($D67=\"Serviço\",AH$12<>0,$H67>0,OR(AUTOEVENTO<>\"manual\",$M67<>1)),\nIF(Import.TipoArredondamento<>\"TransfereGOV\",\nROUND(OFFSET($P67,0,AH$13),15-13*ORÇAMENTO!$AF$7)/$H67*OFFSET(ORÇAMENTO!$X$15,ROW(AH67)-ROW(AH$15),0),\nROUND(ROUND(OFFSET($P67,0,AH$13),15-13*ORÇAMENTO!$AF$7)*OFFSET(ORÇAMENTO!$W$15,ROW(AH67)-ROW(AH$15),0),15-13*ORÇAMENTO!$AF$11)),0)","v":0},{"$f":"IF(AND($D67=\"Serviço\",AI$12<>0,$H67>0,OR(AUTOEVENTO<>\"manual\",$M67<>1)),\nIF(Import.TipoArredondamento<>\"TransfereGOV\",\nROUND(OFFSET($P67,0,AI$13),15-13*ORÇAMENTO!$AF$7)/$H67*OFFSET(ORÇAMENTO!$X$15,ROW(AI67)-ROW(AI$15),0),\nROUND(ROUND(OFFSET($P67,0,AI$13),15-13*ORÇAMENTO!$AF$7)*OFFSET(ORÇAMENTO!$W$15,ROW(AI67)-ROW(AI$15),0),15-13*ORÇAMENTO!$AF$11)),0)","v":0},{"$f":"IF(AND($D67=\"Serviço\",AJ$12<>0,$H67>0,OR(AUTOEVENTO<>\"manual\",$M67<>1)),\nIF(Import.TipoArredondamento<>\"TransfereGOV\",\nROUND(OFFSET($P67,0,AJ$13),15-13*ORÇAMENTO!$AF$7)/$H67*OFFSET(ORÇAMENTO!$X$15,ROW(AJ67)-ROW(AJ$15),0),\nROUND(ROUND(OFFSET($P67,0,AJ$13),15-13*ORÇAMENTO!$AF$7)*OFFSET(ORÇAMENTO!$W$15,ROW(AJ67)-ROW(AJ$15),0),15-13*ORÇAMENTO!$AF$11)),0)","v":0},{"$f":"IF(AND($D67=\"Serviço\",AK$12<>0,$H67>0,OR(AUTOEVENTO<>\"manual\",$M67<>1)),\nIF(Import.TipoArredondamento<>\"TransfereGOV\",\nROUND(OFFSET($P67,0,AK$13),15-13*ORÇAMENTO!$AF$7)/$H67*OFFSET(ORÇAMENTO!$X$15,ROW(AK67)-ROW(AK$15),0),\nROUND(ROUND(OFFSET($P67,0,AK$13),15-13*ORÇAMENTO!$AF$7)*OFFSET(ORÇAMENTO!$W$15,ROW(AK67)-ROW(AK$15),0),15-13*ORÇAMENTO!$AF$11)),0)","v":0},null,{"$f":"IF($D67<>\"Serviço\",0,IF(AND(AUTOEVENTO=\"Manual\",$M67=1),0,IF(OFFSET(CRONOPLE!$F$14,$M67,AM$13)=\"\",10^12,OFFSET(CRONOPLE!$F$14,$M67,AM$13))))","v":1000000000000},{"$f":"IF($D67<>\"Serviço\",0,IF(AND(AUTOEVENTO=\"Manual\",$M67=1),0,IF(OFFSET(CRONOPLE!$F$14,$M67,AN$13)=\"\",10^12,OFFSET(CRONOPLE!$F$14,$M67,AN$13))))","v":1000000000000},{"$f":"IF($D67<>\"Serviço\",0,IF(AND(AUTOEVENTO=\"Manual\",$M67=1),0,IF(OFFSET(CRONOPLE!$F$14,$M67,AO$13)=\"\",10^12,OFFSET(CRONOPLE!$F$14,$M67,AO$13))))","v":1000000000000},{"$f":"IF($D67<>\"Serviço\",0,IF(AND(AUTOEVENTO=\"Manual\",$M67=1),0,IF(OFFSET(CRONOPLE!$F$14,$M67,AP$13)=\"\",10^12,OFFSET(CRONOPLE!$F$14,$M67,AP$13))))","v":1000000000000},{"$f":"IF($D67<>\"Serviço\",0,IF(AND(AUTOEVENTO=\"Manual\",$M67=1),0,IF(OFFSET(CRONOPLE!$F$14,$M67,AQ$13)=\"\",10^12,OFFSET(CRONOPLE!$F$14,$M67,AQ$13))))","v":1000000000000},{"$f":"IF($D67<>\"Serviço\",0,IF(AND(AUTOEVENTO=\"Manual\",$M67=1),0,IF(OFFSET(CRONOPLE!$F$14,$M67,AR$13)=\"\",10^12,OFFSET(CRONOPLE!$F$14,$M67,AR$13))))","v":1000000000000},{"$f":"IF($D67<>\"Serviço\",0,IF(AND(AUTOEVENTO=\"Manual\",$M67=1),0,IF(OFFSET(CRONOPLE!$F$14,$M67,AS$13)=\"\",10^12,OFFSET(CRONOPLE!$F$14,$M67,AS$13))))","v":1000000000000},{"$f":"IF($D67<>\"Serviço\",0,IF(AND(AUTOEVENTO=\"Manual\",$M67=1),0,IF(OFFSET(CRONOPLE!$F$14,$M67,AT$13)=\"\",10^12,OFFSET(CRONOPLE!$F$14,$M67,AT$13))))","v":1000000000000},{"$f":"IF($D67<>\"Serviço\",0,IF(AND(AUTOEVENTO=\"Manual\",$M67=1),0,IF(OFFSET(CRONOPLE!$F$14,$M67,AU$13)=\"\",10^12,OFFSET(CRONOPLE!$F$14,$M67,AU$13))))","v":1000000000000},{"$f":"IF($D67<>\"Serviço\",0,IF(AND(AUTOEVENTO=\"Manual\",$M67=1),0,IF(OFFSET(CRONOPLE!$F$14,$M67,AV$13)=\"\",10^12,OFFSET(CRONOPLE!$F$14,$M67,AV$13))))","v":1000000000000},null,{"$f":"IF($D67<>\"Serviço\",0,IF(OR(AND(AUTOEVENTO=\"Manual\",$M67=1),$M67>(ROW(PLE.lastrow)-ROW(PLE.firstrow))),0,IF(OFFSET(PLE!$G$14,$M67,AX$13)=\"\",10^12,OFFSET(PLE!$G$14,$M67,AX$13))))","v":1000000000000},{"$f":"IF($D67<>\"Serviço\",0,IF(OR(AND(AUTOEVENTO=\"Manual\",$M67=1),$M67>(ROW(PLE.lastrow)-ROW(PLE.firstrow))),0,IF(OFFSET(PLE!$G$14,$M67,AY$13)=\"\",10^12,OFFSET(PLE!$G$14,$M67,AY$13))))","v":1000000000000},{"$f":"IF($D67<>\"Serviço\",0,IF(OR(AND(AUTOEVENTO=\"Manual\",$M67=1),$M67>(ROW(PLE.lastrow)-ROW(PLE.firstrow))),0,IF(OFFSET(PLE!$G$14,$M67,AZ$13)=\"\",10^12,OFFSET(PLE!$G$14,$M67,AZ$13))))","v":1000000000000},{"$f":"IF($D67<>\"Serviço\",0,IF(OR(AND(AUTOEVENTO=\"Manual\",$M67=1),$M67>(ROW(PLE.lastrow)-ROW(PLE.firstrow))),0,IF(OFFSET(PLE!$G$14,$M67,BA$13)=\"\",10^12,OFFSET(PLE!$G$14,$M67,BA$13))))","v":1000000000000},{"$f":"IF($D67<>\"Serviço\",0,IF(OR(AND(AUTOEVENTO=\"Manual\",$M67=1),$M67>(ROW(PLE.lastrow)-ROW(PLE.firstrow))),0,IF(OFFSET(PLE!$G$14,$M67,BB$13)=\"\",10^12,OFFSET(PLE!$G$14,$M67,BB$13))))","v":1000000000000},{"$f":"IF($D67<>\"Serviço\",0,IF(OR(AND(AUTOEVENTO=\"Manual\",$M67=1),$M67>(ROW(PLE.lastrow)-ROW(PLE.firstrow))),0,IF(OFFSET(PLE!$G$14,$M67,BC$13)=\"\",10^12,OFFSET(PLE!$G$14,$M67,BC$13))))","v":1000000000000},{"$f":"IF($D67<>\"Serviço\",0,IF(OR(AND(AUTOEVENTO=\"Manual\",$M67=1),$M67>(ROW(PLE.lastrow)-ROW(PLE.firstrow))),0,IF(OFFSET(PLE!$G$14,$M67,BD$13)=\"\",10^12,OFFSET(PLE!$G$14,$M67,BD$13))))","v":1000000000000},{"$f":"IF($D67<>\"Serviço\",0,IF(OR(AND(AUTOEVENTO=\"Manual\",$M67=1),$M67>(ROW(PLE.lastrow)-ROW(PLE.firstrow))),0,IF(OFFSET(PLE!$G$14,$M67,BE$13)=\"\",10^12,OFFSET(PLE!$G$14,$M67,BE$13))))","v":1000000000000},{"$f":"IF($D67<>\"Serviço\",0,IF(OR(AND(AUTOEVENTO=\"Manual\",$M67=1),$M67>(ROW(PLE.lastrow)-ROW(PLE.firstrow))),0,IF(OFFSET(PLE!$G$14,$M67,BF$13)=\"\",10^12,OFFSET(PLE!$G$14,$M67,BF$13))))","v":1000000000000},{"$f":"IF($D67<>\"Serviço\",0,IF(OR(AND(AUTOEVENTO=\"Manual\",$M67=1),$M67>(ROW(PLE.lastrow)-ROW(PLE.firstrow))),0,IF(OFFSET(PLE!$G$14,$M67,BG$13)=\"\",10^12,OFFSET(PLE!$G$14,$M67,BG$13))))","v":1000000000000}]
["51",{"$f":"OFFSET(ORÇAMENTO!C$15,ROW(B68)-ROW(B$15),0)","v":"S"},{"$f":"OFFSET(ORÇAMENTO!L$15,ROW(C68)-ROW(C$15),0)","v":"F"},{"$f":"OFFSET(ORÇAMENTO!N$15,ROW(D68)-ROW(D$15),0)","v":"Serviço"},{"$f":"OFFSET(ORÇAMENTO!O$15,ROW(E68)-ROW(E$15),0)","v":"1.4.0.0.2."},{"$f":"OFFSET(ORÇAMENTO!R$15,ROW(F68)-ROW(F$15),0)","v":"VERGA PRÉ-MOLDADA COM ATÉ 1,5 M DE VÃO, ESPESSURA DE *20* CM. AF_03/2024"},{"$f":"IF($D68<>\"Serviço\",\"\",OFFSET(ORÇAMENTO!S$15,ROW(G68)-ROW(G$15),0))","v":"M"},{"$f":"IF($D68<>\"Serviço\",0,IF(ACOMPANHAMENTO=\"BM\",ROUND(OFFSET(ORÇAMENTO!AJ$15,ROW(H68)-ROW(H$15),0),15-13*ORÇAMENTO!$AF$7),SUMPRODUCT(($Q$12:$AA$12<>\"\")*ROUND($Q68:$AA68,15-13*ORÇAMENTO!$AF$7))))","v":23.8},null,null,null,".",{"$f":"IF($D68<>\"Serviço\",\"\",IF(AUTOEVENTO=\"manual\",$A68,IF(ISERROR(MATCH($A68,$A$15:OFFSET($A68,-1,0),0)),MAX($M$15:OFFSET(M68,-1,0))+1,INDEX($M$15:OFFSET(M68,-1,0),MATCH($A68,$A$15:OFFSET($A68,-1,0),0)))))","v":5},{"$f":"IF($D68<>\"Serviço\",\"\",IF(AUTOEVENTO=\"Manual\",IF($A68=0,\"<-- defina o número do agrupador\",OFFSET(EVENTOS!$D$14,$A68,0)),OFFSET($F$15,$A68,0)))","v":"ALVENARIA"},null,null,null,null,null,null,null,null,null,null,null,null,null,{"$f":"IF(AND($D68=\"Serviço\",AB$12<>0,$H68>0,OR(AUTOEVENTO<>\"manual\",$M68<>1)),\nIF(Import.TipoArredondamento<>\"TransfereGOV\",\nROUND(OFFSET($P68,0,AB$13),15-13*ORÇAMENTO!$AF$7)/$H68*OFFSET(ORÇAMENTO!$X$15,ROW(AB68)-ROW(AB$15),0),\nROUND(ROUND(OFFSET($P68,0,AB$13),15-13*ORÇAMENTO!$AF$7)*OFFSET(ORÇAMENTO!$W$15,ROW(AB68)-ROW(AB$15),0),15-13*ORÇAMENTO!$AF$11)),0)","v":0},{"$f":"IF(AND($D68=\"Serviço\",AC$12<>0,$H68>0,OR(AUTOEVENTO<>\"manual\",$M68<>1)),\nIF(Import.TipoArredondamento<>\"TransfereGOV\",\nROUND(OFFSET($P68,0,AC$13),15-13*ORÇAMENTO!$AF$7)/$H68*OFFSET(ORÇAMENTO!$X$15,ROW(AC68)-ROW(AC$15),0),\nROUND(ROUND(OFFSET($P68,0,AC$13),15-13*ORÇAMENTO!$AF$7)*OFFSET(ORÇAMENTO!$W$15,ROW(AC68)-ROW(AC$15),0),15-13*ORÇAMENTO!$AF$11)),0)","v":0},{"$f":"IF(AND($D68=\"Serviço\",AD$12<>0,$H68>0,OR(AUTOEVENTO<>\"manual\",$M68<>1)),\nIF(Import.TipoArredondamento<>\"TransfereGOV\",\nROUND(OFFSET($P68,0,AD$13),15-13*ORÇAMENTO!$AF$7)/$H68*OFFSET(ORÇAMENTO!$X$15,ROW(AD68)-ROW(AD$15),0),\nROUND(ROUND(OFFSET($P68,0,AD$13),15-13*ORÇAMENTO!$AF$7)*OFFSET(ORÇAMENTO!$W$15,ROW(AD68)-ROW(AD$15),0),15-13*ORÇAMENTO!$AF$11)),0)","v":0},{"$f":"IF(AND($D68=\"Serviço\",AE$12<>0,$H68>0,OR(AUTOEVENTO<>\"manual\",$M68<>1)),\nIF(Import.TipoArredondamento<>\"TransfereGOV\",\nROUND(OFFSET($P68,0,AE$13),15-13*ORÇAMENTO!$AF$7)/$H68*OFFSET(ORÇAMENTO!$X$15,ROW(AE68)-ROW(AE$15),0),\nROUND(ROUND(OFFSET($P68,0,AE$13),15-13*ORÇAMENTO!$AF$7)*OFFSET(ORÇAMENTO!$W$15,ROW(AE68)-ROW(AE$15),0),15-13*ORÇAMENTO!$AF$11)),0)","v":0},{"$f":"IF(AND($D68=\"Serviço\",AF$12<>0,$H68>0,OR(AUTOEVENTO<>\"manual\",$M68<>1)),\nIF(Import.TipoArredondamento<>\"TransfereGOV\",\nROUND(OFFSET($P68,0,AF$13),15-13*ORÇAMENTO!$AF$7)/$H68*OFFSET(ORÇAMENTO!$X$15,ROW(AF68)-ROW(AF$15),0),\nROUND(ROUND(OFFSET($P68,0,AF$13),15-13*ORÇAMENTO!$AF$7)*OFFSET(ORÇAMENTO!$W$15,ROW(AF68)-ROW(AF$15),0),15-13*ORÇAMENTO!$AF$11)),0)","v":0},{"$f":"IF(AND($D68=\"Serviço\",AG$12<>0,$H68>0,OR(AUTOEVENTO<>\"manual\",$M68<>1)),\nIF(Import.TipoArredondamento<>\"TransfereGOV\",\nROUND(OFFSET($P68,0,AG$13),15-13*ORÇAMENTO!$AF$7)/$H68*OFFSET(ORÇAMENTO!$X$15,ROW(AG68)-ROW(AG$15),0),\nROUND(ROUND(OFFSET($P68,0,AG$13),15-13*ORÇAMENTO!$AF$7)*OFFSET(ORÇAMENTO!$W$15,ROW(AG68)-ROW(AG$15),0),15-13*ORÇAMENTO!$AF$11)),0)","v":0},{"$f":"IF(AND($D68=\"Serviço\",AH$12<>0,$H68>0,OR(AUTOEVENTO<>\"manual\",$M68<>1)),\nIF(Import.TipoArredondamento<>\"TransfereGOV\",\nROUND(OFFSET($P68,0,AH$13),15-13*ORÇAMENTO!$AF$7)/$H68*OFFSET(ORÇAMENTO!$X$15,ROW(AH68)-ROW(AH$15),0),\nROUND(ROUND(OFFSET($P68,0,AH$13),15-13*ORÇAMENTO!$AF$7)*OFFSET(ORÇAMENTO!$W$15,ROW(AH68)-ROW(AH$15),0),15-13*ORÇAMENTO!$AF$11)),0)","v":0},{"$f":"IF(AND($D68=\"Serviço\",AI$12<>0,$H68>0,OR(AUTOEVENTO<>\"manual\",$M68<>1)),\nIF(Import.TipoArredondamento<>\"TransfereGOV\",\nROUND(OFFSET($P68,0,AI$13),15-13*ORÇAMENTO!$AF$7)/$H68*OFFSET(ORÇAMENTO!$X$15,ROW(AI68)-ROW(AI$15),0),\nROUND(ROUND(OFFSET($P68,0,AI$13),15-13*ORÇAMENTO!$AF$7)*OFFSET(ORÇAMENTO!$W$15,ROW(AI68)-ROW(AI$15),0),15-13*ORÇAMENTO!$AF$11)),0)","v":0},{"$f":"IF(AND($D68=\"Serviço\",AJ$12<>0,$H68>0,OR(AUTOEVENTO<>\"manual\",$M68<>1)),\nIF(Import.TipoArredondamento<>\"TransfereGOV\",\nROUND(OFFSET($P68,0,AJ$13),15-13*ORÇAMENTO!$AF$7)/$H68*OFFSET(ORÇAMENTO!$X$15,ROW(AJ68)-ROW(AJ$15),0),\nROUND(ROUND(OFFSET($P68,0,AJ$13),15-13*ORÇAMENTO!$AF$7)*OFFSET(ORÇAMENTO!$W$15,ROW(AJ68)-ROW(AJ$15),0),15-13*ORÇAMENTO!$AF$11)),0)","v":0},{"$f":"IF(AND($D68=\"Serviço\",AK$12<>0,$H68>0,OR(AUTOEVENTO<>\"manual\",$M68<>1)),\nIF(Import.TipoArredondamento<>\"TransfereGOV\",\nROUND(OFFSET($P68,0,AK$13),15-13*ORÇAMENTO!$AF$7)/$H68*OFFSET(ORÇAMENTO!$X$15,ROW(AK68)-ROW(AK$15),0),\nROUND(ROUND(OFFSET($P68,0,AK$13),15-13*ORÇAMENTO!$AF$7)*OFFSET(ORÇAMENTO!$W$15,ROW(AK68)-ROW(AK$15),0),15-13*ORÇAMENTO!$AF$11)),0)","v":0},null,{"$f":"IF($D68<>\"Serviço\",0,IF(AND(AUTOEVENTO=\"Manual\",$M68=1),0,IF(OFFSET(CRONOPLE!$F$14,$M68,AM$13)=\"\",10^12,OFFSET(CRONOPLE!$F$14,$M68,AM$13))))","v":1000000000000},{"$f":"IF($D68<>\"Serviço\",0,IF(AND(AUTOEVENTO=\"Manual\",$M68=1),0,IF(OFFSET(CRONOPLE!$F$14,$M68,AN$13)=\"\",10^12,OFFSET(CRONOPLE!$F$14,$M68,AN$13))))","v":1000000000000},{"$f":"IF($D68<>\"Serviço\",0,IF(AND(AUTOEVENTO=\"Manual\",$M68=1),0,IF(OFFSET(CRONOPLE!$F$14,$M68,AO$13)=\"\",10^12,OFFSET(CRONOPLE!$F$14,$M68,AO$13))))","v":1000000000000},{"$f":"IF($D68<>\"Serviço\",0,IF(AND(AUTOEVENTO=\"Manual\",$M68=1),0,IF(OFFSET(CRONOPLE!$F$14,$M68,AP$13)=\"\",10^12,OFFSET(CRONOPLE!$F$14,$M68,AP$13))))","v":1000000000000},{"$f":"IF($D68<>\"Serviço\",0,IF(AND(AUTOEVENTO=\"Manual\",$M68=1),0,IF(OFFSET(CRONOPLE!$F$14,$M68,AQ$13)=\"\",10^12,OFFSET(CRONOPLE!$F$14,$M68,AQ$13))))","v":1000000000000},{"$f":"IF($D68<>\"Serviço\",0,IF(AND(AUTOEVENTO=\"Manual\",$M68=1),0,IF(OFFSET(CRONOPLE!$F$14,$M68,AR$13)=\"\",10^12,OFFSET(CRONOPLE!$F$14,$M68,AR$13))))","v":1000000000000},{"$f":"IF($D68<>\"Serviço\",0,IF(AND(AUTOEVENTO=\"Manual\",$M68=1),0,IF(OFFSET(CRONOPLE!$F$14,$M68,AS$13)=\"\",10^12,OFFSET(CRONOPLE!$F$14,$M68,AS$13))))","v":1000000000000},{"$f":"IF($D68<>\"Serviço\",0,IF(AND(AUTOEVENTO=\"Manual\",$M68=1),0,IF(OFFSET(CRONOPLE!$F$14,$M68,AT$13)=\"\",10^12,OFFSET(CRONOPLE!$F$14,$M68,AT$13))))","v":1000000000000},{"$f":"IF($D68<>\"Serviço\",0,IF(AND(AUTOEVENTO=\"Manual\",$M68=1),0,IF(OFFSET(CRONOPLE!$F$14,$M68,AU$13)=\"\",10^12,OFFSET(CRONOPLE!$F$14,$M68,AU$13))))","v":1000000000000},{"$f":"IF($D68<>\"Serviço\",0,IF(AND(AUTOEVENTO=\"Manual\",$M68=1),0,IF(OFFSET(CRONOPLE!$F$14,$M68,AV$13)=\"\",10^12,OFFSET(CRONOPLE!$F$14,$M68,AV$13))))","v":1000000000000},null,{"$f":"IF($D68<>\"Serviço\",0,IF(OR(AND(AUTOEVENTO=\"Manual\",$M68=1),$M68>(ROW(PLE.lastrow)-ROW(PLE.firstrow))),0,IF(OFFSET(PLE!$G$14,$M68,AX$13)=\"\",10^12,OFFSET(PLE!$G$14,$M68,AX$13))))","v":1000000000000},{"$f":"IF($D68<>\"Serviço\",0,IF(OR(AND(AUTOEVENTO=\"Manual\",$M68=1),$M68>(ROW(PLE.lastrow)-ROW(PLE.firstrow))),0,IF(OFFSET(PLE!$G$14,$M68,AY$13)=\"\",10^12,OFFSET(PLE!$G$14,$M68,AY$13))))","v":1000000000000},{"$f":"IF($D68<>\"Serviço\",0,IF(OR(AND(AUTOEVENTO=\"Manual\",$M68=1),$M68>(ROW(PLE.lastrow)-ROW(PLE.firstrow))),0,IF(OFFSET(PLE!$G$14,$M68,AZ$13)=\"\",10^12,OFFSET(PLE!$G$14,$M68,AZ$13))))","v":1000000000000},{"$f":"IF($D68<>\"Serviço\",0,IF(OR(AND(AUTOEVENTO=\"Manual\",$M68=1),$M68>(ROW(PLE.lastrow)-ROW(PLE.firstrow))),0,IF(OFFSET(PLE!$G$14,$M68,BA$13)=\"\",10^12,OFFSET(PLE!$G$14,$M68,BA$13))))","v":1000000000000},{"$f":"IF($D68<>\"Serviço\",0,IF(OR(AND(AUTOEVENTO=\"Manual\",$M68=1),$M68>(ROW(PLE.lastrow)-ROW(PLE.firstrow))),0,IF(OFFSET(PLE!$G$14,$M68,BB$13)=\"\",10^12,OFFSET(PLE!$G$14,$M68,BB$13))))","v":1000000000000},{"$f":"IF($D68<>\"Serviço\",0,IF(OR(AND(AUTOEVENTO=\"Manual\",$M68=1),$M68>(ROW(PLE.lastrow)-ROW(PLE.firstrow))),0,IF(OFFSET(PLE!$G$14,$M68,BC$13)=\"\",10^12,OFFSET(PLE!$G$14,$M68,BC$13))))","v":1000000000000},{"$f":"IF($D68<>\"Serviço\",0,IF(OR(AND(AUTOEVENTO=\"Manual\",$M68=1),$M68>(ROW(PLE.lastrow)-ROW(PLE.firstrow))),0,IF(OFFSET(PLE!$G$14,$M68,BD$13)=\"\",10^12,OFFSET(PLE!$G$14,$M68,BD$13))))","v":1000000000000},{"$f":"IF($D68<>\"Serviço\",0,IF(OR(AND(AUTOEVENTO=\"Manual\",$M68=1),$M68>(ROW(PLE.lastrow)-ROW(PLE.firstrow))),0,IF(OFFSET(PLE!$G$14,$M68,BE$13)=\"\",10^12,OFFSET(PLE!$G$14,$M68,BE$13))))","v":1000000000000},{"$f":"IF($D68<>\"Serviço\",0,IF(OR(AND(AUTOEVENTO=\"Manual\",$M68=1),$M68>(ROW(PLE.lastrow)-ROW(PLE.firstrow))),0,IF(OFFSET(PLE!$G$14,$M68,BF$13)=\"\",10^12,OFFSET(PLE!$G$14,$M68,BF$13))))","v":1000000000000},{"$f":"IF($D68<>\"Serviço\",0,IF(OR(AND(AUTOEVENTO=\"Manual\",$M68=1),$M68>(ROW(PLE.lastrow)-ROW(PLE.firstrow))),0,IF(OFFSET(PLE!$G$14,$M68,BG$13)=\"\",10^12,OFFSET(PLE!$G$14,$M68,BG$13))))","v":1000000000000}]
["51",{"$f":"OFFSET(ORÇAMENTO!C$15,ROW(B69)-ROW(B$15),0)","v":"S"},{"$f":"OFFSET(ORÇAMENTO!L$15,ROW(C69)-ROW(C$15),0)","v":"F"},{"$f":"OFFSET(ORÇAMENTO!N$15,ROW(D69)-ROW(D$15),0)","v":"Serviço"},{"$f":"OFFSET(ORÇAMENTO!O$15,ROW(E69)-ROW(E$15),0)","v":"1.4.0.0.3."},{"$f":"OFFSET(ORÇAMENTO!R$15,ROW(F69)-ROW(F$15),0)","v":"VERGA MOLDADA IN LOCO EM CONCRETO, ESPESSURA DE *20* CM. AF_03/2024"},{"$f":"IF($D69<>\"Serviço\",\"\",OFFSET(ORÇAMENTO!S$15,ROW(G69)-ROW(G$15),0))","v":"M"},{"$f":"IF($D69<>\"Serviço\",0,IF(ACOMPANHAMENTO=\"BM\",ROUND(OFFSET(ORÇAMENTO!AJ$15,ROW(H69)-ROW(H$15),0),15-13*ORÇAMENTO!$AF$7),SUMPRODUCT(($Q$12:$AA$12<>\"\")*ROUND($Q69:$AA69,15-13*ORÇAMENTO!$AF$7))))","v":24},null,null,null,".",{"$f":"IF($D69<>\"Serviço\",\"\",IF(AUTOEVENTO=\"manual\",$A69,IF(ISERROR(MATCH($A69,$A$15:OFFSET($A69,-1,0),0)),MAX($M$15:OFFSET(M69,-1,0))+1,INDEX($M$15:OFFSET(M69,-1,0),MATCH($A69,$A$15:OFFSET($A69,-1,0),0)))))","v":5},{"$f":"IF($D69<>\"Serviço\",\"\",IF(AUTOEVENTO=\"Manual\",IF($A69=0,\"<-- defina o número do agrupador\",OFFSET(EVENTOS!$D$14,$A69,0)),OFFSET($F$15,$A69,0)))","v":"ALVENARIA"},null,null,null,null,null,null,null,null,null,null,null,null,null,{"$f":"IF(AND($D69=\"Serviço\",AB$12<>0,$H69>0,OR(AUTOEVENTO<>\"manual\",$M69<>1)),\nIF(Import.TipoArredondamento<>\"TransfereGOV\",\nROUND(OFFSET($P69,0,AB$13),15-13*ORÇAMENTO!$AF$7)/$H69*OFFSET(ORÇAMENTO!$X$15,ROW(AB69)-ROW(AB$15),0),\nROUND(ROUND(OFFSET($P69,0,AB$13),15-13*ORÇAMENTO!$AF$7)*OFFSET(ORÇAMENTO!$W$15,ROW(AB69)-ROW(AB$15),0),15-13*ORÇAMENTO!$AF$11)),0)","v":0},{"$f":"IF(AND($D69=\"Serviço\",AC$12<>0,$H69>0,OR(AUTOEVENTO<>\"manual\",$M69<>1)),\nIF(Import.TipoArredondamento<>\"TransfereGOV\",\nROUND(OFFSET($P69,0,AC$13),15-13*ORÇAMENTO!$AF$7)/$H69*OFFSET(ORÇAMENTO!$X$15,ROW(AC69)-ROW(AC$15),0),\nROUND(ROUND(OFFSET($P69,0,AC$13),15-13*ORÇAMENTO!$AF$7)*OFFSET(ORÇAMENTO!$W$15,ROW(AC69)-ROW(AC$15),0),15-13*ORÇAMENTO!$AF$11)),0)","v":0},{"$f":"IF(AND($D69=\"Serviço\",AD$12<>0,$H69>0,OR(AUTOEVENTO<>\"manual\",$M69<>1)),\nIF(Import.TipoArredondamento<>\"TransfereGOV\",\nROUND(OFFSET($P69,0,AD$13),15-13*ORÇAMENTO!$AF$7)/$H69*OFFSET(ORÇAMENTO!$X$15,ROW(AD69)-ROW(AD$15),0),\nROUND(ROUND(OFFSET($P69,0,AD$13),15-13*ORÇAMENTO!$AF$7)*OFFSET(ORÇAMENTO!$W$15,ROW(AD69)-ROW(AD$15),0),15-13*ORÇAMENTO!$AF$11)),0)","v":0},{"$f":"IF(AND($D69=\"Serviço\",AE$12<>0,$H69>0,OR(AUTOEVENTO<>\"manual\",$M69<>1)),\nIF(Import.TipoArredondamento<>\"TransfereGOV\",\nROUND(OFFSET($P69,0,AE$13),15-13*ORÇAMENTO!$AF$7)/$H69*OFFSET(ORÇAMENTO!$X$15,ROW(AE69)-ROW(AE$15),0),\nROUND(ROUND(OFFSET($P69,0,AE$13),15-13*ORÇAMENTO!$AF$7)*OFFSET(ORÇAMENTO!$W$15,ROW(AE69)-ROW(AE$15),0),15-13*ORÇAMENTO!$AF$11)),0)","v":0},{"$f":"IF(AND($D69=\"Serviço\",AF$12<>0,$H69>0,OR(AUTOEVENTO<>\"manual\",$M69<>1)),\nIF(Import.TipoArredondamento<>\"TransfereGOV\",\nROUND(OFFSET($P69,0,AF$13),15-13*ORÇAMENTO!$AF$7)/$H69*OFFSET(ORÇAMENTO!$X$15,ROW(AF69)-ROW(AF$15),0),\nROUND(ROUND(OFFSET($P69,0,AF$13),15-13*ORÇAMENTO!$AF$7)*OFFSET(ORÇAMENTO!$W$15,ROW(AF69)-ROW(AF$15),0),15-13*ORÇAMENTO!$AF$11)),0)","v":0},{"$f":"IF(AND($D69=\"Serviço\",AG$12<>0,$H69>0,OR(AUTOEVENTO<>\"manual\",$M69<>1)),\nIF(Import.TipoArredondamento<>\"TransfereGOV\",\nROUND(OFFSET($P69,0,AG$13),15-13*ORÇAMENTO!$AF$7)/$H69*OFFSET(ORÇAMENTO!$X$15,ROW(AG69)-ROW(AG$15),0),\nROUND(ROUND(OFFSET($P69,0,AG$13),15-13*ORÇAMENTO!$AF$7)*OFFSET(ORÇAMENTO!$W$15,ROW(AG69)-ROW(AG$15),0),15-13*ORÇAMENTO!$AF$11)),0)","v":0},{"$f":"IF(AND($D69=\"Serviço\",AH$12<>0,$H69>0,OR(AUTOEVENTO<>\"manual\",$M69<>1)),\nIF(Import.TipoArredondamento<>\"TransfereGOV\",\nROUND(OFFSET($P69,0,AH$13),15-13*ORÇAMENTO!$AF$7)/$H69*OFFSET(ORÇAMENTO!$X$15,ROW(AH69)-ROW(AH$15),0),\nROUND(ROUND(OFFSET($P69,0,AH$13),15-13*ORÇAMENTO!$AF$7)*OFFSET(ORÇAMENTO!$W$15,ROW(AH69)-ROW(AH$15),0),15-13*ORÇAMENTO!$AF$11)),0)","v":0},{"$f":"IF(AND($D69=\"Serviço\",AI$12<>0,$H69>0,OR(AUTOEVENTO<>\"manual\",$M69<>1)),\nIF(Import.TipoArredondamento<>\"TransfereGOV\",\nROUND(OFFSET($P69,0,AI$13),15-13*ORÇAMENTO!$AF$7)/$H69*OFFSET(ORÇAMENTO!$X$15,ROW(AI69)-ROW(AI$15),0),\nROUND(ROUND(OFFSET($P69,0,AI$13),15-13*ORÇAMENTO!$AF$7)*OFFSET(ORÇAMENTO!$W$15,ROW(AI69)-ROW(AI$15),0),15-13*ORÇAMENTO!$AF$11)),0)","v":0},{"$f":"IF(AND($D69=\"Serviço\",AJ$12<>0,$H69>0,OR(AUTOEVENTO<>\"manual\",$M69<>1)),\nIF(Import.TipoArredondamento<>\"TransfereGOV\",\nROUND(OFFSET($P69,0,AJ$13),15-13*ORÇAMENTO!$AF$7)/$H69*OFFSET(ORÇAMENTO!$X$15,ROW(AJ69)-ROW(AJ$15),0),\nROUND(ROUND(OFFSET($P69,0,AJ$13),15-13*ORÇAMENTO!$AF$7)*OFFSET(ORÇAMENTO!$W$15,ROW(AJ69)-ROW(AJ$15),0),15-13*ORÇAMENTO!$AF$11)),0)","v":0},{"$f":"IF(AND($D69=\"Serviço\",AK$12<>0,$H69>0,OR(AUTOEVENTO<>\"manual\",$M69<>1)),\nIF(Import.TipoArredondamento<>\"TransfereGOV\",\nROUND(OFFSET($P69,0,AK$13),15-13*ORÇAMENTO!$AF$7)/$H69*OFFSET(ORÇAMENTO!$X$15,ROW(AK69)-ROW(AK$15),0),\nROUND(ROUND(OFFSET($P69,0,AK$13),15-13*ORÇAMENTO!$AF$7)*OFFSET(ORÇAMENTO!$W$15,ROW(AK69)-ROW(AK$15),0),15-13*ORÇAMENTO!$AF$11)),0)","v":0},null,{"$f":"IF($D69<>\"Serviço\",0,IF(AND(AUTOEVENTO=\"Manual\",$M69=1),0,IF(OFFSET(CRONOPLE!$F$14,$M69,AM$13)=\"\",10^12,OFFSET(CRONOPLE!$F$14,$M69,AM$13))))","v":1000000000000},{"$f":"IF($D69<>\"Serviço\",0,IF(AND(AUTOEVENTO=\"Manual\",$M69=1),0,IF(OFFSET(CRONOPLE!$F$14,$M69,AN$13)=\"\",10^12,OFFSET(CRONOPLE!$F$14,$M69,AN$13))))","v":1000000000000},{"$f":"IF($D69<>\"Serviço\",0,IF(AND(AUTOEVENTO=\"Manual\",$M69=1),0,IF(OFFSET(CRONOPLE!$F$14,$M69,AO$13)=\"\",10^12,OFFSET(CRONOPLE!$F$14,$M69,AO$13))))","v":1000000000000},{"$f":"IF($D69<>\"Serviço\",0,IF(AND(AUTOEVENTO=\"Manual\",$M69=1),0,IF(OFFSET(CRONOPLE!$F$14,$M69,AP$13)=\"\",10^12,OFFSET(CRONOPLE!$F$14,$M69,AP$13))))","v":1000000000000},{"$f":"IF($D69<>\"Serviço\",0,IF(AND(AUTOEVENTO=\"Manual\",$M69=1),0,IF(OFFSET(CRONOPLE!$F$14,$M69,AQ$13)=\"\",10^12,OFFSET(CRONOPLE!$F$14,$M69,AQ$13))))","v":1000000000000},{"$f":"IF($D69<>\"Serviço\",0,IF(AND(AUTOEVENTO=\"Manual\",$M69=1),0,IF(OFFSET(CRONOPLE!$F$14,$M69,AR$13)=\"\",10^12,OFFSET(CRONOPLE!$F$14,$M69,AR$13))))","v":1000000000000},{"$f":"IF($D69<>\"Serviço\",0,IF(AND(AUTOEVENTO=\"Manual\",$M69=1),0,IF(OFFSET(CRONOPLE!$F$14,$M69,AS$13)=\"\",10^12,OFFSET(CRONOPLE!$F$14,$M69,AS$13))))","v":1000000000000},{"$f":"IF($D69<>\"Serviço\",0,IF(AND(AUTOEVENTO=\"Manual\",$M69=1),0,IF(OFFSET(CRONOPLE!$F$14,$M69,AT$13)=\"\",10^12,OFFSET(CRONOPLE!$F$14,$M69,AT$13))))","v":1000000000000},{"$f":"IF($D69<>\"Serviço\",0,IF(AND(AUTOEVENTO=\"Manual\",$M69=1),0,IF(OFFSET(CRONOPLE!$F$14,$M69,AU$13)=\"\",10^12,OFFSET(CRONOPLE!$F$14,$M69,AU$13))))","v":1000000000000},{"$f":"IF($D69<>\"Serviço\",0,IF(AND(AUTOEVENTO=\"Manual\",$M69=1),0,IF(OFFSET(CRONOPLE!$F$14,$M69,AV$13)=\"\",10^12,OFFSET(CRONOPLE!$F$14,$M69,AV$13))))","v":1000000000000},null,{"$f":"IF($D69<>\"Serviço\",0,IF(OR(AND(AUTOEVENTO=\"Manual\",$M69=1),$M69>(ROW(PLE.lastrow)-ROW(PLE.firstrow))),0,IF(OFFSET(PLE!$G$14,$M69,AX$13)=\"\",10^12,OFFSET(PLE!$G$14,$M69,AX$13))))","v":1000000000000},{"$f":"IF($D69<>\"Serviço\",0,IF(OR(AND(AUTOEVENTO=\"Manual\",$M69=1),$M69>(ROW(PLE.lastrow)-ROW(PLE.firstrow))),0,IF(OFFSET(PLE!$G$14,$M69,AY$13)=\"\",10^12,OFFSET(PLE!$G$14,$M69,AY$13))))","v":1000000000000},{"$f":"IF($D69<>\"Serviço\",0,IF(OR(AND(AUTOEVENTO=\"Manual\",$M69=1),$M69>(ROW(PLE.lastrow)-ROW(PLE.firstrow))),0,IF(OFFSET(PLE!$G$14,$M69,AZ$13)=\"\",10^12,OFFSET(PLE!$G$14,$M69,AZ$13))))","v":1000000000000},{"$f":"IF($D69<>\"Serviço\",0,IF(OR(AND(AUTOEVENTO=\"Manual\",$M69=1),$M69>(ROW(PLE.lastrow)-ROW(PLE.firstrow))),0,IF(OFFSET(PLE!$G$14,$M69,BA$13)=\"\",10^12,OFFSET(PLE!$G$14,$M69,BA$13))))","v":1000000000000},{"$f":"IF($D69<>\"Serviço\",0,IF(OR(AND(AUTOEVENTO=\"Manual\",$M69=1),$M69>(ROW(PLE.lastrow)-ROW(PLE.firstrow))),0,IF(OFFSET(PLE!$G$14,$M69,BB$13)=\"\",10^12,OFFSET(PLE!$G$14,$M69,BB$13))))","v":1000000000000},{"$f":"IF($D69<>\"Serviço\",0,IF(OR(AND(AUTOEVENTO=\"Manual\",$M69=1),$M69>(ROW(PLE.lastrow)-ROW(PLE.firstrow))),0,IF(OFFSET(PLE!$G$14,$M69,BC$13)=\"\",10^12,OFFSET(PLE!$G$14,$M69,BC$13))))","v":1000000000000},{"$f":"IF($D69<>\"Serviço\",0,IF(OR(AND(AUTOEVENTO=\"Manual\",$M69=1),$M69>(ROW(PLE.lastrow)-ROW(PLE.firstrow))),0,IF(OFFSET(PLE!$G$14,$M69,BD$13)=\"\",10^12,OFFSET(PLE!$G$14,$M69,BD$13))))","v":1000000000000},{"$f":"IF($D69<>\"Serviço\",0,IF(OR(AND(AUTOEVENTO=\"Manual\",$M69=1),$M69>(ROW(PLE.lastrow)-ROW(PLE.firstrow))),0,IF(OFFSET(PLE!$G$14,$M69,BE$13)=\"\",10^12,OFFSET(PLE!$G$14,$M69,BE$13))))","v":1000000000000},{"$f":"IF($D69<>\"Serviço\",0,IF(OR(AND(AUTOEVENTO=\"Manual\",$M69=1),$M69>(ROW(PLE.lastrow)-ROW(PLE.firstrow))),0,IF(OFFSET(PLE!$G$14,$M69,BF$13)=\"\",10^12,OFFSET(PLE!$G$14,$M69,BF$13))))","v":1000000000000},{"$f":"IF($D69<>\"Serviço\",0,IF(OR(AND(AUTOEVENTO=\"Manual\",$M69=1),$M69>(ROW(PLE.lastrow)-ROW(PLE.firstrow))),0,IF(OFFSET(PLE!$G$14,$M69,BG$13)=\"\",10^12,OFFSET(PLE!$G$14,$M69,BG$13))))","v":1000000000000}]
["51",{"$f":"OFFSET(ORÇAMENTO!C$15,ROW(B70)-ROW(B$15),0)","v":"S"},{"$f":"OFFSET(ORÇAMENTO!L$15,ROW(C70)-ROW(C$15),0)","v":"F"},{"$f":"OFFSET(ORÇAMENTO!N$15,ROW(D70)-ROW(D$15),0)","v":"Serviço"},{"$f":"OFFSET(ORÇAMENTO!O$15,ROW(E70)-ROW(E$15),0)","v":"1.4.0.0.4."},{"$f":"OFFSET(ORÇAMENTO!R$15,ROW(F70)-ROW(F$15),0)","v":"CONTRAVERGA MOLDADA IN LOCO EM CONCRETO, ESPESSURA DE *20* CM. AF_03/2024"},{"$f":"IF($D70<>\"Serviço\",\"\",OFFSET(ORÇAMENTO!S$15,ROW(G70)-ROW(G$15),0))","v":"M"},{"$f":"IF($D70<>\"Serviço\",0,IF(ACOMPANHAMENTO=\"BM\",ROUND(OFFSET(ORÇAMENTO!AJ$15,ROW(H70)-ROW(H$15),0),15-13*ORÇAMENTO!$AF$7),SUMPRODUCT(($Q$12:$AA$12<>\"\")*ROUND($Q70:$AA70,15-13*ORÇAMENTO!$AF$7))))","v":24},null,null,null,".",{"$f":"IF($D70<>\"Serviço\",\"\",IF(AUTOEVENTO=\"manual\",$A70,IF(ISERROR(MATCH($A70,$A$15:OFFSET($A70,-1,0),0)),MAX($M$15:OFFSET(M70,-1,0))+1,INDEX($M$15:OFFSET(M70,-1,0),MATCH($A70,$A$15:OFFSET($A70,-1,0),0)))))","v":5},{"$f":"IF($D70<>\"Serviço\",\"\",IF(AUTOEVENTO=\"Manual\",IF($A70=0,\"<-- defina o número do agrupador\",OFFSET(EVENTOS!$D$14,$A70,0)),OFFSET($F$15,$A70,0)))","v":"ALVENARIA"},null,null,null,null,null,null,null,null,null,null,null,null,null,{"$f":"IF(AND($D70=\"Serviço\",AB$12<>0,$H70>0,OR(AUTOEVENTO<>\"manual\",$M70<>1)),\nIF(Import.TipoArredondamento<>\"TransfereGOV\",\nROUND(OFFSET($P70,0,AB$13),15-13*ORÇAMENTO!$AF$7)/$H70*OFFSET(ORÇAMENTO!$X$15,ROW(AB70)-ROW(AB$15),0),\nROUND(ROUND(OFFSET($P70,0,AB$13),15-13*ORÇAMENTO!$AF$7)*OFFSET(ORÇAMENTO!$W$15,ROW(AB70)-ROW(AB$15),0),15-13*ORÇAMENTO!$AF$11)),0)","v":0},{"$f":"IF(AND($D70=\"Serviço\",AC$12<>0,$H70>0,OR(AUTOEVENTO<>\"manual\",$M70<>1)),\nIF(Import.TipoArredondamento<>\"TransfereGOV\",\nROUND(OFFSET($P70,0,AC$13),15-13*ORÇAMENTO!$AF$7)/$H70*OFFSET(ORÇAMENTO!$X$15,ROW(AC70)-ROW(AC$15),0),\nROUND(ROUND(OFFSET($P70,0,AC$13),15-13*ORÇAMENTO!$AF$7)*OFFSET(ORÇAMENTO!$W$15,ROW(AC70)-ROW(AC$15),0),15-13*ORÇAMENTO!$AF$11)),0)","v":0},{"$f":"IF(AND($D70=\"Serviço\",AD$12<>0,$H70>0,OR(AUTOEVENTO<>\"manual\",$M70<>1)),\nIF(Import.TipoArredondamento<>\"TransfereGOV\",\nROUND(OFFSET($P70,0,AD$13),15-13*ORÇAMENTO!$AF$7)/$H70*OFFSET(ORÇAMENTO!$X$15,ROW(AD70)-ROW(AD$15),0),\nROUND(ROUND(OFFSET($P70,0,AD$13),15-13*ORÇAMENTO!$AF$7)*OFFSET(ORÇAMENTO!$W$15,ROW(AD70)-ROW(AD$15),0),15-13*ORÇAMENTO!$AF$11)),0)","v":0},{"$f":"IF(AND($D70=\"Serviço\",AE$12<>0,$H70>0,OR(AUTOEVENTO<>\"manual\",$M70<>1)),\nIF(Import.TipoArredondamento<>\"TransfereGOV\",\nROUND(OFFSET($P70,0,AE$13),15-13*ORÇAMENTO!$AF$7)/$H70*OFFSET(ORÇAMENTO!$X$15,ROW(AE70)-ROW(AE$15),0),\nROUND(ROUND(OFFSET($P70,0,AE$13),15-13*ORÇAMENTO!$AF$7)*OFFSET(ORÇAMENTO!$W$15,ROW(AE70)-ROW(AE$15),0),15-13*ORÇAMENTO!$AF$11)),0)","v":0},{"$f":"IF(AND($D70=\"Serviço\",AF$12<>0,$H70>0,OR(AUTOEVENTO<>\"manual\",$M70<>1)),\nIF(Import.TipoArredondamento<>\"TransfereGOV\",\nROUND(OFFSET($P70,0,AF$13),15-13*ORÇAMENTO!$AF$7)/$H70*OFFSET(ORÇAMENTO!$X$15,ROW(AF70)-ROW(AF$15),0),\nROUND(ROUND(OFFSET($P70,0,AF$13),15-13*ORÇAMENTO!$AF$7)*OFFSET(ORÇAMENTO!$W$15,ROW(AF70)-ROW(AF$15),0),15-13*ORÇAMENTO!$AF$11)),0)","v":0},{"$f":"IF(AND($D70=\"Serviço\",AG$12<>0,$H70>0,OR(AUTOEVENTO<>\"manual\",$M70<>1)),\nIF(Import.TipoArredondamento<>\"TransfereGOV\",\nROUND(OFFSET($P70,0,AG$13),15-13*ORÇAMENTO!$AF$7)/$H70*OFFSET(ORÇAMENTO!$X$15,ROW(AG70)-ROW(AG$15),0),\nROUND(ROUND(OFFSET($P70,0,AG$13),15-13*ORÇAMENTO!$AF$7)*OFFSET(ORÇAMENTO!$W$15,ROW(AG70)-ROW(AG$15),0),15-13*ORÇAMENTO!$AF$11)),0)","v":0},{"$f":"IF(AND($D70=\"Serviço\",AH$12<>0,$H70>0,OR(AUTOEVENTO<>\"manual\",$M70<>1)),\nIF(Import.TipoArredondamento<>\"TransfereGOV\",\nROUND(OFFSET($P70,0,AH$13),15-13*ORÇAMENTO!$AF$7)/$H70*OFFSET(ORÇAMENTO!$X$15,ROW(AH70)-ROW(AH$15),0),\nROUND(ROUND(OFFSET($P70,0,AH$13),15-13*ORÇAMENTO!$AF$7)*OFFSET(ORÇAMENTO!$W$15,ROW(AH70)-ROW(AH$15),0),15-13*ORÇAMENTO!$AF$11)),0)","v":0},{"$f":"IF(AND($D70=\"Serviço\",AI$12<>0,$H70>0,OR(AUTOEVENTO<>\"manual\",$M70<>1)),\nIF(Import.TipoArredondamento<>\"TransfereGOV\",\nROUND(OFFSET($P70,0,AI$13),15-13*ORÇAMENTO!$AF$7)/$H70*OFFSET(ORÇAMENTO!$X$15,ROW(AI70)-ROW(AI$15),0),\nROUND(ROUND(OFFSET($P70,0,AI$13),15-13*ORÇAMENTO!$AF$7)*OFFSET(ORÇAMENTO!$W$15,ROW(AI70)-ROW(AI$15),0),15-13*ORÇAMENTO!$AF$11)),0)","v":0},{"$f":"IF(AND($D70=\"Serviço\",AJ$12<>0,$H70>0,OR(AUTOEVENTO<>\"manual\",$M70<>1)),\nIF(Import.TipoArredondamento<>\"TransfereGOV\",\nROUND(OFFSET($P70,0,AJ$13),15-13*ORÇAMENTO!$AF$7)/$H70*OFFSET(ORÇAMENTO!$X$15,ROW(AJ70)-ROW(AJ$15),0),\nROUND(ROUND(OFFSET($P70,0,AJ$13),15-13*ORÇAMENTO!$AF$7)*OFFSET(ORÇAMENTO!$W$15,ROW(AJ70)-ROW(AJ$15),0),15-13*ORÇAMENTO!$AF$11)),0)","v":0},{"$f":"IF(AND($D70=\"Serviço\",AK$12<>0,$H70>0,OR(AUTOEVENTO<>\"manual\",$M70<>1)),\nIF(Import.TipoArredondamento<>\"TransfereGOV\",\nROUND(OFFSET($P70,0,AK$13),15-13*ORÇAMENTO!$AF$7)/$H70*OFFSET(ORÇAMENTO!$X$15,ROW(AK70)-ROW(AK$15),0),\nROUND(ROUND(OFFSET($P70,0,AK$13),15-13*ORÇAMENTO!$AF$7)*OFFSET(ORÇAMENTO!$W$15,ROW(AK70)-ROW(AK$15),0),15-13*ORÇAMENTO!$AF$11)),0)","v":0},null,{"$f":"IF($D70<>\"Serviço\",0,IF(AND(AUTOEVENTO=\"Manual\",$M70=1),0,IF(OFFSET(CRONOPLE!$F$14,$M70,AM$13)=\"\",10^12,OFFSET(CRONOPLE!$F$14,$M70,AM$13))))","v":1000000000000},{"$f":"IF($D70<>\"Serviço\",0,IF(AND(AUTOEVENTO=\"Manual\",$M70=1),0,IF(OFFSET(CRONOPLE!$F$14,$M70,AN$13)=\"\",10^12,OFFSET(CRONOPLE!$F$14,$M70,AN$13))))","v":1000000000000},{"$f":"IF($D70<>\"Serviço\",0,IF(AND(AUTOEVENTO=\"Manual\",$M70=1),0,IF(OFFSET(CRONOPLE!$F$14,$M70,AO$13)=\"\",10^12,OFFSET(CRONOPLE!$F$14,$M70,AO$13))))","v":1000000000000},{"$f":"IF($D70<>\"Serviço\",0,IF(AND(AUTOEVENTO=\"Manual\",$M70=1),0,IF(OFFSET(CRONOPLE!$F$14,$M70,AP$13)=\"\",10^12,OFFSET(CRONOPLE!$F$14,$M70,AP$13))))","v":1000000000000},{"$f":"IF($D70<>\"Serviço\",0,IF(AND(AUTOEVENTO=\"Manual\",$M70=1),0,IF(OFFSET(CRONOPLE!$F$14,$M70,AQ$13)=\"\",10^12,OFFSET(CRONOPLE!$F$14,$M70,AQ$13))))","v":1000000000000},{"$f":"IF($D70<>\"Serviço\",0,IF(AND(AUTOEVENTO=\"Manual\",$M70=1),0,IF(OFFSET(CRONOPLE!$F$14,$M70,AR$13)=\"\",10^12,OFFSET(CRONOPLE!$F$14,$M70,AR$13))))","v":1000000000000},{"$f":"IF($D70<>\"Serviço\",0,IF(AND(AUTOEVENTO=\"Manual\",$M70=1),0,IF(OFFSET(CRONOPLE!$F$14,$M70,AS$13)=\"\",10^12,OFFSET(CRONOPLE!$F$14,$M70,AS$13))))","v":1000000000000},{"$f":"IF($D70<>\"Serviço\",0,IF(AND(AUTOEVENTO=\"Manual\",$M70=1),0,IF(OFFSET(CRONOPLE!$F$14,$M70,AT$13)=\"\",10^12,OFFSET(CRONOPLE!$F$14,$M70,AT$13))))","v":1000000000000},{"$f":"IF($D70<>\"Serviço\",0,IF(AND(AUTOEVENTO=\"Manual\",$M70=1),0,IF(OFFSET(CRONOPLE!$F$14,$M70,AU$13)=\"\",10^12,OFFSET(CRONOPLE!$F$14,$M70,AU$13))))","v":1000000000000},{"$f":"IF($D70<>\"Serviço\",0,IF(AND(AUTOEVENTO=\"Manual\",$M70=1),0,IF(OFFSET(CRONOPLE!$F$14,$M70,AV$13)=\"\",10^12,OFFSET(CRONOPLE!$F$14,$M70,AV$13))))","v":1000000000000},null,{"$f":"IF($D70<>\"Serviço\",0,IF(OR(AND(AUTOEVENTO=\"Manual\",$M70=1),$M70>(ROW(PLE.lastrow)-ROW(PLE.firstrow))),0,IF(OFFSET(PLE!$G$14,$M70,AX$13)=\"\",10^12,OFFSET(PLE!$G$14,$M70,AX$13))))","v":1000000000000},{"$f":"IF($D70<>\"Serviço\",0,IF(OR(AND(AUTOEVENTO=\"Manual\",$M70=1),$M70>(ROW(PLE.lastrow)-ROW(PLE.firstrow))),0,IF(OFFSET(PLE!$G$14,$M70,AY$13)=\"\",10^12,OFFSET(PLE!$G$14,$M70,AY$13))))","v":1000000000000},{"$f":"IF($D70<>\"Serviço\",0,IF(OR(AND(AUTOEVENTO=\"Manual\",$M70=1),$M70>(ROW(PLE.lastrow)-ROW(PLE.firstrow))),0,IF(OFFSET(PLE!$G$14,$M70,AZ$13)=\"\",10^12,OFFSET(PLE!$G$14,$M70,AZ$13))))","v":1000000000000},{"$f":"IF($D70<>\"Serviço\",0,IF(OR(AND(AUTOEVENTO=\"Manual\",$M70=1),$M70>(ROW(PLE.lastrow)-ROW(PLE.firstrow))),0,IF(OFFSET(PLE!$G$14,$M70,BA$13)=\"\",10^12,OFFSET(PLE!$G$14,$M70,BA$13))))","v":1000000000000},{"$f":"IF($D70<>\"Serviço\",0,IF(OR(AND(AUTOEVENTO=\"Manual\",$M70=1),$M70>(ROW(PLE.lastrow)-ROW(PLE.firstrow))),0,IF(OFFSET(PLE!$G$14,$M70,BB$13)=\"\",10^12,OFFSET(PLE!$G$14,$M70,BB$13))))","v":1000000000000},{"$f":"IF($D70<>\"Serviço\",0,IF(OR(AND(AUTOEVENTO=\"Manual\",$M70=1),$M70>(ROW(PLE.lastrow)-ROW(PLE.firstrow))),0,IF(OFFSET(PLE!$G$14,$M70,BC$13)=\"\",10^12,OFFSET(PLE!$G$14,$M70,BC$13))))","v":1000000000000},{"$f":"IF($D70<>\"Serviço\",0,IF(OR(AND(AUTOEVENTO=\"Manual\",$M70=1),$M70>(ROW(PLE.lastrow)-ROW(PLE.firstrow))),0,IF(OFFSET(PLE!$G$14,$M70,BD$13)=\"\",10^12,OFFSET(PLE!$G$14,$M70,BD$13))))","v":1000000000000},{"$f":"IF($D70<>\"Serviço\",0,IF(OR(AND(AUTOEVENTO=\"Manual\",$M70=1),$M70>(ROW(PLE.lastrow)-ROW(PLE.firstrow))),0,IF(OFFSET(PLE!$G$14,$M70,BE$13)=\"\",10^12,OFFSET(PLE!$G$14,$M70,BE$13))))","v":1000000000000},{"$f":"IF($D70<>\"Serviço\",0,IF(OR(AND(AUTOEVENTO=\"Manual\",$M70=1),$M70>(ROW(PLE.lastrow)-ROW(PLE.firstrow))),0,IF(OFFSET(PLE!$G$14,$M70,BF$13)=\"\",10^12,OFFSET(PLE!$G$14,$M70,BF$13))))","v":1000000000000},{"$f":"IF($D70<>\"Serviço\",0,IF(OR(AND(AUTOEVENTO=\"Manual\",$M70=1),$M70>(ROW(PLE.lastrow)-ROW(PLE.firstrow))),0,IF(OFFSET(PLE!$G$14,$M70,BG$13)=\"\",10^12,OFFSET(PLE!$G$14,$M70,BG$13))))","v":1000000000000}]
["51",{"$f":"OFFSET(ORÇAMENTO!C$15,ROW(B71)-ROW(B$15),0)","v":"S"},{"$f":"OFFSET(ORÇAMENTO!L$15,ROW(C71)-ROW(C$15),0)","v":"F"},{"$f":"OFFSET(ORÇAMENTO!N$15,ROW(D71)-ROW(D$15),0)","v":"Serviço"},{"$f":"OFFSET(ORÇAMENTO!O$15,ROW(E71)-ROW(E$15),0)","v":"1.4.0.0.5."},{"$f":"OFFSET(ORÇAMENTO!R$15,ROW(F71)-ROW(F$15),0)","v":"CONTRAVERGA MOLDADA IN LOCO EM CONCRETO, ESPESSURA DE *20* CM. AF_03/2024"},{"$f":"IF($D71<>\"Serviço\",\"\",OFFSET(ORÇAMENTO!S$15,ROW(G71)-ROW(G$15),0))","v":"M"},{"$f":"IF($D71<>\"Serviço\",0,IF(ACOMPANHAMENTO=\"BM\",ROUND(OFFSET(ORÇAMENTO!AJ$15,ROW(H71)-ROW(H$15),0),15-13*ORÇAMENTO!$AF$7),SUMPRODUCT(($Q$12:$AA$12<>\"\")*ROUND($Q71:$AA71,15-13*ORÇAMENTO!$AF$7))))","v":23.8},null,null,null,".",{"$f":"IF($D71<>\"Serviço\",\"\",IF(AUTOEVENTO=\"manual\",$A71,IF(ISERROR(MATCH($A71,$A$15:OFFSET($A71,-1,0),0)),MAX($M$15:OFFSET(M71,-1,0))+1,INDEX($M$15:OFFSET(M71,-1,0),MATCH($A71,$A$15:OFFSET($A71,-1,0),0)))))","v":5},{"$f":"IF($D71<>\"Serviço\",\"\",IF(AUTOEVENTO=\"Manual\",IF($A71=0,\"<-- defina o número do agrupador\",OFFSET(EVENTOS!$D$14,$A71,0)),OFFSET($F$15,$A71,0)))","v":"ALVENARIA"},null,null,null,null,null,null,null,null,null,null,null,null,null,{"$f":"IF(AND($D71=\"Serviço\",AB$12<>0,$H71>0,OR(AUTOEVENTO<>\"manual\",$M71<>1)),\nIF(Import.TipoArredondamento<>\"TransfereGOV\",\nROUND(OFFSET($P71,0,AB$13),15-13*ORÇAMENTO!$AF$7)/$H71*OFFSET(ORÇAMENTO!$X$15,ROW(AB71)-ROW(AB$15),0),\nROUND(ROUND(OFFSET($P71,0,AB$13),15-13*ORÇAMENTO!$AF$7)*OFFSET(ORÇAMENTO!$W$15,ROW(AB71)-ROW(AB$15),0),15-13*ORÇAMENTO!$AF$11)),0)","v":0},{"$f":"IF(AND($D71=\"Serviço\",AC$12<>0,$H71>0,OR(AUTOEVENTO<>\"manual\",$M71<>1)),\nIF(Import.TipoArredondamento<>\"TransfereGOV\",\nROUND(OFFSET($P71,0,AC$13),15-13*ORÇAMENTO!$AF$7)/$H71*OFFSET(ORÇAMENTO!$X$15,ROW(AC71)-ROW(AC$15),0),\nROUND(ROUND(OFFSET($P71,0,AC$13),15-13*ORÇAMENTO!$AF$7)*OFFSET(ORÇAMENTO!$W$15,ROW(AC71)-ROW(AC$15),0),15-13*ORÇAMENTO!$AF$11)),0)","v":0},{"$f":"IF(AND($D71=\"Serviço\",AD$12<>0,$H71>0,OR(AUTOEVENTO<>\"manual\",$M71<>1)),\nIF(Import.TipoArredondamento<>\"TransfereGOV\",\nROUND(OFFSET($P71,0,AD$13),15-13*ORÇAMENTO!$AF$7)/$H71*OFFSET(ORÇAMENTO!$X$15,ROW(AD71)-ROW(AD$15),0),\nROUND(ROUND(OFFSET($P71,0,AD$13),15-13*ORÇAMENTO!$AF$7)*OFFSET(ORÇAMENTO!$W$15,ROW(AD71)-ROW(AD$15),0),15-13*ORÇAMENTO!$AF$11)),0)","v":0},{"$f":"IF(AND($D71=\"Serviço\",AE$12<>0,$H71>0,OR(AUTOEVENTO<>\"manual\",$M71<>1)),\nIF(Import.TipoArredondamento<>\"TransfereGOV\",\nROUND(OFFSET($P71,0,AE$13),15-13*ORÇAMENTO!$AF$7)/$H71*OFFSET(ORÇAMENTO!$X$15,ROW(AE71)-ROW(AE$15),0),\nROUND(ROUND(OFFSET($P71,0,AE$13),15-13*ORÇAMENTO!$AF$7)*OFFSET(ORÇAMENTO!$W$15,ROW(AE71)-ROW(AE$15),0),15-13*ORÇAMENTO!$AF$11)),0)","v":0},{"$f":"IF(AND($D71=\"Serviço\",AF$12<>0,$H71>0,OR(AUTOEVENTO<>\"manual\",$M71<>1)),\nIF(Import.TipoArredondamento<>\"TransfereGOV\",\nROUND(OFFSET($P71,0,AF$13),15-13*ORÇAMENTO!$AF$7)/$H71*OFFSET(ORÇAMENTO!$X$15,ROW(AF71)-ROW(AF$15),0),\nROUND(ROUND(OFFSET($P71,0,AF$13),15-13*ORÇAMENTO!$AF$7)*OFFSET(ORÇAMENTO!$W$15,ROW(AF71)-ROW(AF$15),0),15-13*ORÇAMENTO!$AF$11)),0)","v":0},{"$f":"IF(AND($D71=\"Serviço\",AG$12<>0,$H71>0,OR(AUTOEVENTO<>\"manual\",$M71<>1)),\nIF(Import.TipoArredondamento<>\"TransfereGOV\",\nROUND(OFFSET($P71,0,AG$13),15-13*ORÇAMENTO!$AF$7)/$H71*OFFSET(ORÇAMENTO!$X$15,ROW(AG71)-ROW(AG$15),0),\nROUND(ROUND(OFFSET($P71,0,AG$13),15-13*ORÇAMENTO!$AF$7)*OFFSET(ORÇAMENTO!$W$15,ROW(AG71)-ROW(AG$15),0),15-13*ORÇAMENTO!$AF$11)),0)","v":0},{"$f":"IF(AND($D71=\"Serviço\",AH$12<>0,$H71>0,OR(AUTOEVENTO<>\"manual\",$M71<>1)),\nIF(Import.TipoArredondamento<>\"TransfereGOV\",\nROUND(OFFSET($P71,0,AH$13),15-13*ORÇAMENTO!$AF$7)/$H71*OFFSET(ORÇAMENTO!$X$15,ROW(AH71)-ROW(AH$15),0),\nROUND(ROUND(OFFSET($P71,0,AH$13),15-13*ORÇAMENTO!$AF$7)*OFFSET(ORÇAMENTO!$W$15,ROW(AH71)-ROW(AH$15),0),15-13*ORÇAMENTO!$AF$11)),0)","v":0},{"$f":"IF(AND($D71=\"Serviço\",AI$12<>0,$H71>0,OR(AUTOEVENTO<>\"manual\",$M71<>1)),\nIF(Import.TipoArredondamento<>\"TransfereGOV\",\nROUND(OFFSET($P71,0,AI$13),15-13*ORÇAMENTO!$AF$7)/$H71*OFFSET(ORÇAMENTO!$X$15,ROW(AI71)-ROW(AI$15),0),\nROUND(ROUND(OFFSET($P71,0,AI$13),15-13*ORÇAMENTO!$AF$7)*OFFSET(ORÇAMENTO!$W$15,ROW(AI71)-ROW(AI$15),0),15-13*ORÇAMENTO!$AF$11)),0)","v":0},{"$f":"IF(AND($D71=\"Serviço\",AJ$12<>0,$H71>0,OR(AUTOEVENTO<>\"manual\",$M71<>1)),\nIF(Import.TipoArredondamento<>\"TransfereGOV\",\nROUND(OFFSET($P71,0,AJ$13),15-13*ORÇAMENTO!$AF$7)/$H71*OFFSET(ORÇAMENTO!$X$15,ROW(AJ71)-ROW(AJ$15),0),\nROUND(ROUND(OFFSET($P71,0,AJ$13),15-13*ORÇAMENTO!$AF$7)*OFFSET(ORÇAMENTO!$W$15,ROW(AJ71)-ROW(AJ$15),0),15-13*ORÇAMENTO!$AF$11)),0)","v":0},{"$f":"IF(AND($D71=\"Serviço\",AK$12<>0,$H71>0,OR(AUTOEVENTO<>\"manual\",$M71<>1)),\nIF(Import.TipoArredondamento<>\"TransfereGOV\",\nROUND(OFFSET($P71,0,AK$13),15-13*ORÇAMENTO!$AF$7)/$H71*OFFSET(ORÇAMENTO!$X$15,ROW(AK71)-ROW(AK$15),0),\nROUND(ROUND(OFFSET($P71,0,AK$13),15-13*ORÇAMENTO!$AF$7)*OFFSET(ORÇAMENTO!$W$15,ROW(AK71)-ROW(AK$15),0),15-13*ORÇAMENTO!$AF$11)),0)","v":0},null,{"$f":"IF($D71<>\"Serviço\",0,IF(AND(AUTOEVENTO=\"Manual\",$M71=1),0,IF(OFFSET(CRONOPLE!$F$14,$M71,AM$13)=\"\",10^12,OFFSET(CRONOPLE!$F$14,$M71,AM$13))))","v":1000000000000},{"$f":"IF($D71<>\"Serviço\",0,IF(AND(AUTOEVENTO=\"Manual\",$M71=1),0,IF(OFFSET(CRONOPLE!$F$14,$M71,AN$13)=\"\",10^12,OFFSET(CRONOPLE!$F$14,$M71,AN$13))))","v":1000000000000},{"$f":"IF($D71<>\"Serviço\",0,IF(AND(AUTOEVENTO=\"Manual\",$M71=1),0,IF(OFFSET(CRONOPLE!$F$14,$M71,AO$13)=\"\",10^12,OFFSET(CRONOPLE!$F$14,$M71,AO$13))))","v":1000000000000},{"$f":"IF($D71<>\"Serviço\",0,IF(AND(AUTOEVENTO=\"Manual\",$M71=1),0,IF(OFFSET(CRONOPLE!$F$14,$M71,AP$13)=\"\",10^12,OFFSET(CRONOPLE!$F$14,$M71,AP$13))))","v":1000000000000},{"$f":"IF($D71<>\"Serviço\",0,IF(AND(AUTOEVENTO=\"Manual\",$M71=1),0,IF(OFFSET(CRONOPLE!$F$14,$M71,AQ$13)=\"\",10^12,OFFSET(CRONOPLE!$F$14,$M71,AQ$13))))","v":1000000000000},{"$f":"IF($D71<>\"Serviço\",0,IF(AND(AUTOEVENTO=\"Manual\",$M71=1),0,IF(OFFSET(CRONOPLE!$F$14,$M71,AR$13)=\"\",10^12,OFFSET(CRONOPLE!$F$14,$M71,AR$13))))","v":1000000000000},{"$f":"IF($D71<>\"Serviço\",0,IF(AND(AUTOEVENTO=\"Manual\",$M71=1),0,IF(OFFSET(CRONOPLE!$F$14,$M71,AS$13)=\"\",10^12,OFFSET(CRONOPLE!$F$14,$M71,AS$13))))","v":1000000000000},{"$f":"IF($D71<>\"Serviço\",0,IF(AND(AUTOEVENTO=\"Manual\",$M71=1),0,IF(OFFSET(CRONOPLE!$F$14,$M71,AT$13)=\"\",10^12,OFFSET(CRONOPLE!$F$14,$M71,AT$13))))","v":1000000000000},{"$f":"IF($D71<>\"Serviço\",0,IF(AND(AUTOEVENTO=\"Manual\",$M71=1),0,IF(OFFSET(CRONOPLE!$F$14,$M71,AU$13)=\"\",10^12,OFFSET(CRONOPLE!$F$14,$M71,AU$13))))","v":1000000000000},{"$f":"IF($D71<>\"Serviço\",0,IF(AND(AUTOEVENTO=\"Manual\",$M71=1),0,IF(OFFSET(CRONOPLE!$F$14,$M71,AV$13)=\"\",10^12,OFFSET(CRONOPLE!$F$14,$M71,AV$13))))","v":1000000000000},null,{"$f":"IF($D71<>\"Serviço\",0,IF(OR(AND(AUTOEVENTO=\"Manual\",$M71=1),$M71>(ROW(PLE.lastrow)-ROW(PLE.firstrow))),0,IF(OFFSET(PLE!$G$14,$M71,AX$13)=\"\",10^12,OFFSET(PLE!$G$14,$M71,AX$13))))","v":1000000000000},{"$f":"IF($D71<>\"Serviço\",0,IF(OR(AND(AUTOEVENTO=\"Manual\",$M71=1),$M71>(ROW(PLE.lastrow)-ROW(PLE.firstrow))),0,IF(OFFSET(PLE!$G$14,$M71,AY$13)=\"\",10^12,OFFSET(PLE!$G$14,$M71,AY$13))))","v":1000000000000},{"$f":"IF($D71<>\"Serviço\",0,IF(OR(AND(AUTOEVENTO=\"Manual\",$M71=1),$M71>(ROW(PLE.lastrow)-ROW(PLE.firstrow))),0,IF(OFFSET(PLE!$G$14,$M71,AZ$13)=\"\",10^12,OFFSET(PLE!$G$14,$M71,AZ$13))))","v":1000000000000},{"$f":"IF($D71<>\"Serviço\",0,IF(OR(AND(AUTOEVENTO=\"Manual\",$M71=1),$M71>(ROW(PLE.lastrow)-ROW(PLE.firstrow))),0,IF(OFFSET(PLE!$G$14,$M71,BA$13)=\"\",10^12,OFFSET(PLE!$G$14,$M71,BA$13))))","v":1000000000000},{"$f":"IF($D71<>\"Serviço\",0,IF(OR(AND(AUTOEVENTO=\"Manual\",$M71=1),$M71>(ROW(PLE.lastrow)-ROW(PLE.firstrow))),0,IF(OFFSET(PLE!$G$14,$M71,BB$13)=\"\",10^12,OFFSET(PLE!$G$14,$M71,BB$13))))","v":1000000000000},{"$f":"IF($D71<>\"Serviço\",0,IF(OR(AND(AUTOEVENTO=\"Manual\",$M71=1),$M71>(ROW(PLE.lastrow)-ROW(PLE.firstrow))),0,IF(OFFSET(PLE!$G$14,$M71,BC$13)=\"\",10^12,OFFSET(PLE!$G$14,$M71,BC$13))))","v":1000000000000},{"$f":"IF($D71<>\"Serviço\",0,IF(OR(AND(AUTOEVENTO=\"Manual\",$M71=1),$M71>(ROW(PLE.lastrow)-ROW(PLE.firstrow))),0,IF(OFFSET(PLE!$G$14,$M71,BD$13)=\"\",10^12,OFFSET(PLE!$G$14,$M71,BD$13))))","v":1000000000000},{"$f":"IF($D71<>\"Serviço\",0,IF(OR(AND(AUTOEVENTO=\"Manual\",$M71=1),$M71>(ROW(PLE.lastrow)-ROW(PLE.firstrow))),0,IF(OFFSET(PLE!$G$14,$M71,BE$13)=\"\",10^12,OFFSET(PLE!$G$14,$M71,BE$13))))","v":1000000000000},{"$f":"IF($D71<>\"Serviço\",0,IF(OR(AND(AUTOEVENTO=\"Manual\",$M71=1),$M71>(ROW(PLE.lastrow)-ROW(PLE.firstrow))),0,IF(OFFSET(PLE!$G$14,$M71,BF$13)=\"\",10^12,OFFSET(PLE!$G$14,$M71,BF$13))))","v":1000000000000},{"$f":"IF($D71<>\"Serviço\",0,IF(OR(AND(AUTOEVENTO=\"Manual\",$M71=1),$M71>(ROW(PLE.lastrow)-ROW(PLE.firstrow))),0,IF(OFFSET(PLE!$G$14,$M71,BG$13)=\"\",10^12,OFFSET(PLE!$G$14,$M71,BG$13))))","v":1000000000000}]
["51",{"$f":"OFFSET(ORÇAMENTO!C$15,ROW(B72)-ROW(B$15),0)","v":"S"},{"$f":"OFFSET(ORÇAMENTO!L$15,ROW(C72)-ROW(C$15),0)","v":"F"},{"$f":"OFFSET(ORÇAMENTO!N$15,ROW(D72)-ROW(D$15),0)","v":"Serviço"},{"$f":"OFFSET(ORÇAMENTO!O$15,ROW(E72)-ROW(E$15),0)","v":"1.4.0.0.6."},{"$f":"OFFSET(ORÇAMENTO!R$15,ROW(F72)-ROW(F$15),0)","v":"ALVENARIA DE VEDAÇÃO COM ELEMENTO VAZADO DE CONCRETO (COBOGÓ) DE 7X50X50CM E ARGAMASSA DE ASSENTAMENTO COM PREPARO EM BETONEIRA. AF_05/2020"},{"$f":"IF($D72<>\"Serviço\",\"\",OFFSET(ORÇAMENTO!S$15,ROW(G72)-ROW(G$15),0))","v":"M2"},{"$f":"IF($D72<>\"Serviço\",0,IF(ACOMPANHAMENTO=\"BM\",ROUND(OFFSET(ORÇAMENTO!AJ$15,ROW(H72)-ROW(H$15),0),15-13*ORÇAMENTO!$AF$7),SUMPRODUCT(($Q$12:$AA$12<>\"\")*ROUND($Q72:$AA72,15-13*ORÇAMENTO!$AF$7))))","v":34.369999999999997},null,null,null,".",{"$f":"IF($D72<>\"Serviço\",\"\",IF(AUTOEVENTO=\"manual\",$A72,IF(ISERROR(MATCH($A72,$A$15:OFFSET($A72,-1,0),0)),MAX($M$15:OFFSET(M72,-1,0))+1,INDEX($M$15:OFFSET(M72,-1,0),MATCH($A72,$A$15:OFFSET($A72,-1,0),0)))))","v":5},{"$f":"IF($D72<>\"Serviço\",\"\",IF(AUTOEVENTO=\"Manual\",IF($A72=0,\"<-- defina o número do agrupador\",OFFSET(EVENTOS!$D$14,$A72,0)),OFFSET($F$15,$A72,0)))","v":"ALVENARIA"},null,null,null,null,null,null,null,null,null,null,null,null,null,{"$f":"IF(AND($D72=\"Serviço\",AB$12<>0,$H72>0,OR(AUTOEVENTO<>\"manual\",$M72<>1)),\nIF(Import.TipoArredondamento<>\"TransfereGOV\",\nROUND(OFFSET($P72,0,AB$13),15-13*ORÇAMENTO!$AF$7)/$H72*OFFSET(ORÇAMENTO!$X$15,ROW(AB72)-ROW(AB$15),0),\nROUND(ROUND(OFFSET($P72,0,AB$13),15-13*ORÇAMENTO!$AF$7)*OFFSET(ORÇAMENTO!$W$15,ROW(AB72)-ROW(AB$15),0),15-13*ORÇAMENTO!$AF$11)),0)","v":0},{"$f":"IF(AND($D72=\"Serviço\",AC$12<>0,$H72>0,OR(AUTOEVENTO<>\"manual\",$M72<>1)),\nIF(Import.TipoArredondamento<>\"TransfereGOV\",\nROUND(OFFSET($P72,0,AC$13),15-13*ORÇAMENTO!$AF$7)/$H72*OFFSET(ORÇAMENTO!$X$15,ROW(AC72)-ROW(AC$15),0),\nROUND(ROUND(OFFSET($P72,0,AC$13),15-13*ORÇAMENTO!$AF$7)*OFFSET(ORÇAMENTO!$W$15,ROW(AC72)-ROW(AC$15),0),15-13*ORÇAMENTO!$AF$11)),0)","v":0},{"$f":"IF(AND($D72=\"Serviço\",AD$12<>0,$H72>0,OR(AUTOEVENTO<>\"manual\",$M72<>1)),\nIF(Import.TipoArredondamento<>\"TransfereGOV\",\nROUND(OFFSET($P72,0,AD$13),15-13*ORÇAMENTO!$AF$7)/$H72*OFFSET(ORÇAMENTO!$X$15,ROW(AD72)-ROW(AD$15),0),\nROUND(ROUND(OFFSET($P72,0,AD$13),15-13*ORÇAMENTO!$AF$7)*OFFSET(ORÇAMENTO!$W$15,ROW(AD72)-ROW(AD$15),0),15-13*ORÇAMENTO!$AF$11)),0)","v":0},{"$f":"IF(AND($D72=\"Serviço\",AE$12<>0,$H72>0,OR(AUTOEVENTO<>\"manual\",$M72<>1)),\nIF(Import.TipoArredondamento<>\"TransfereGOV\",\nROUND(OFFSET($P72,0,AE$13),15-13*ORÇAMENTO!$AF$7)/$H72*OFFSET(ORÇAMENTO!$X$15,ROW(AE72)-ROW(AE$15),0),\nROUND(ROUND(OFFSET($P72,0,AE$13),15-13*ORÇAMENTO!$AF$7)*OFFSET(ORÇAMENTO!$W$15,ROW(AE72)-ROW(AE$15),0),15-13*ORÇAMENTO!$AF$11)),0)","v":0},{"$f":"IF(AND($D72=\"Serviço\",AF$12<>0,$H72>0,OR(AUTOEVENTO<>\"manual\",$M72<>1)),\nIF(Import.TipoArredondamento<>\"TransfereGOV\",\nROUND(OFFSET($P72,0,AF$13),15-13*ORÇAMENTO!$AF$7)/$H72*OFFSET(ORÇAMENTO!$X$15,ROW(AF72)-ROW(AF$15),0),\nROUND(ROUND(OFFSET($P72,0,AF$13),15-13*ORÇAMENTO!$AF$7)*OFFSET(ORÇAMENTO!$W$15,ROW(AF72)-ROW(AF$15),0),15-13*ORÇAMENTO!$AF$11)),0)","v":0},{"$f":"IF(AND($D72=\"Serviço\",AG$12<>0,$H72>0,OR(AUTOEVENTO<>\"manual\",$M72<>1)),\nIF(Import.TipoArredondamento<>\"TransfereGOV\",\nROUND(OFFSET($P72,0,AG$13),15-13*ORÇAMENTO!$AF$7)/$H72*OFFSET(ORÇAMENTO!$X$15,ROW(AG72)-ROW(AG$15),0),\nROUND(ROUND(OFFSET($P72,0,AG$13),15-13*ORÇAMENTO!$AF$7)*OFFSET(ORÇAMENTO!$W$15,ROW(AG72)-ROW(AG$15),0),15-13*ORÇAMENTO!$AF$11)),0)","v":0},{"$f":"IF(AND($D72=\"Serviço\",AH$12<>0,$H72>0,OR(AUTOEVENTO<>\"manual\",$M72<>1)),\nIF(Import.TipoArredondamento<>\"TransfereGOV\",\nROUND(OFFSET($P72,0,AH$13),15-13*ORÇAMENTO!$AF$7)/$H72*OFFSET(ORÇAMENTO!$X$15,ROW(AH72)-ROW(AH$15),0),\nROUND(ROUND(OFFSET($P72,0,AH$13),15-13*ORÇAMENTO!$AF$7)*OFFSET(ORÇAMENTO!$W$15,ROW(AH72)-ROW(AH$15),0),15-13*ORÇAMENTO!$AF$11)),0)","v":0},{"$f":"IF(AND($D72=\"Serviço\",AI$12<>0,$H72>0,OR(AUTOEVENTO<>\"manual\",$M72<>1)),\nIF(Import.TipoArredondamento<>\"TransfereGOV\",\nROUND(OFFSET($P72,0,AI$13),15-13*ORÇAMENTO!$AF$7)/$H72*OFFSET(ORÇAMENTO!$X$15,ROW(AI72)-ROW(AI$15),0),\nROUND(ROUND(OFFSET($P72,0,AI$13),15-13*ORÇAMENTO!$AF$7)*OFFSET(ORÇAMENTO!$W$15,ROW(AI72)-ROW(AI$15),0),15-13*ORÇAMENTO!$AF$11)),0)","v":0},{"$f":"IF(AND($D72=\"Serviço\",AJ$12<>0,$H72>0,OR(AUTOEVENTO<>\"manual\",$M72<>1)),\nIF(Import.TipoArredondamento<>\"TransfereGOV\",\nROUND(OFFSET($P72,0,AJ$13),15-13*ORÇAMENTO!$AF$7)/$H72*OFFSET(ORÇAMENTO!$X$15,ROW(AJ72)-ROW(AJ$15),0),\nROUND(ROUND(OFFSET($P72,0,AJ$13),15-13*ORÇAMENTO!$AF$7)*OFFSET(ORÇAMENTO!$W$15,ROW(AJ72)-ROW(AJ$15),0),15-13*ORÇAMENTO!$AF$11)),0)","v":0},{"$f":"IF(AND($D72=\"Serviço\",AK$12<>0,$H72>0,OR(AUTOEVENTO<>\"manual\",$M72<>1)),\nIF(Import.TipoArredondamento<>\"TransfereGOV\",\nROUND(OFFSET($P72,0,AK$13),15-13*ORÇAMENTO!$AF$7)/$H72*OFFSET(ORÇAMENTO!$X$15,ROW(AK72)-ROW(AK$15),0),\nROUND(ROUND(OFFSET($P72,0,AK$13),15-13*ORÇAMENTO!$AF$7)*OFFSET(ORÇAMENTO!$W$15,ROW(AK72)-ROW(AK$15),0),15-13*ORÇAMENTO!$AF$11)),0)","v":0},null,{"$f":"IF($D72<>\"Serviço\",0,IF(AND(AUTOEVENTO=\"Manual\",$M72=1),0,IF(OFFSET(CRONOPLE!$F$14,$M72,AM$13)=\"\",10^12,OFFSET(CRONOPLE!$F$14,$M72,AM$13))))","v":1000000000000},{"$f":"IF($D72<>\"Serviço\",0,IF(AND(AUTOEVENTO=\"Manual\",$M72=1),0,IF(OFFSET(CRONOPLE!$F$14,$M72,AN$13)=\"\",10^12,OFFSET(CRONOPLE!$F$14,$M72,AN$13))))","v":1000000000000},{"$f":"IF($D72<>\"Serviço\",0,IF(AND(AUTOEVENTO=\"Manual\",$M72=1),0,IF(OFFSET(CRONOPLE!$F$14,$M72,AO$13)=\"\",10^12,OFFSET(CRONOPLE!$F$14,$M72,AO$13))))","v":1000000000000},{"$f":"IF($D72<>\"Serviço\",0,IF(AND(AUTOEVENTO=\"Manual\",$M72=1),0,IF(OFFSET(CRONOPLE!$F$14,$M72,AP$13)=\"\",10^12,OFFSET(CRONOPLE!$F$14,$M72,AP$13))))","v":1000000000000},{"$f":"IF($D72<>\"Serviço\",0,IF(AND(AUTOEVENTO=\"Manual\",$M72=1),0,IF(OFFSET(CRONOPLE!$F$14,$M72,AQ$13)=\"\",10^12,OFFSET(CRONOPLE!$F$14,$M72,AQ$13))))","v":1000000000000},{"$f":"IF($D72<>\"Serviço\",0,IF(AND(AUTOEVENTO=\"Manual\",$M72=1),0,IF(OFFSET(CRONOPLE!$F$14,$M72,AR$13)=\"\",10^12,OFFSET(CRONOPLE!$F$14,$M72,AR$13))))","v":1000000000000},{"$f":"IF($D72<>\"Serviço\",0,IF(AND(AUTOEVENTO=\"Manual\",$M72=1),0,IF(OFFSET(CRONOPLE!$F$14,$M72,AS$13)=\"\",10^12,OFFSET(CRONOPLE!$F$14,$M72,AS$13))))","v":1000000000000},{"$f":"IF($D72<>\"Serviço\",0,IF(AND(AUTOEVENTO=\"Manual\",$M72=1),0,IF(OFFSET(CRONOPLE!$F$14,$M72,AT$13)=\"\",10^12,OFFSET(CRONOPLE!$F$14,$M72,AT$13))))","v":1000000000000},{"$f":"IF($D72<>\"Serviço\",0,IF(AND(AUTOEVENTO=\"Manual\",$M72=1),0,IF(OFFSET(CRONOPLE!$F$14,$M72,AU$13)=\"\",10^12,OFFSET(CRONOPLE!$F$14,$M72,AU$13))))","v":1000000000000},{"$f":"IF($D72<>\"Serviço\",0,IF(AND(AUTOEVENTO=\"Manual\",$M72=1),0,IF(OFFSET(CRONOPLE!$F$14,$M72,AV$13)=\"\",10^12,OFFSET(CRONOPLE!$F$14,$M72,AV$13))))","v":1000000000000},null,{"$f":"IF($D72<>\"Serviço\",0,IF(OR(AND(AUTOEVENTO=\"Manual\",$M72=1),$M72>(ROW(PLE.lastrow)-ROW(PLE.firstrow))),0,IF(OFFSET(PLE!$G$14,$M72,AX$13)=\"\",10^12,OFFSET(PLE!$G$14,$M72,AX$13))))","v":1000000000000},{"$f":"IF($D72<>\"Serviço\",0,IF(OR(AND(AUTOEVENTO=\"Manual\",$M72=1),$M72>(ROW(PLE.lastrow)-ROW(PLE.firstrow))),0,IF(OFFSET(PLE!$G$14,$M72,AY$13)=\"\",10^12,OFFSET(PLE!$G$14,$M72,AY$13))))","v":1000000000000},{"$f":"IF($D72<>\"Serviço\",0,IF(OR(AND(AUTOEVENTO=\"Manual\",$M72=1),$M72>(ROW(PLE.lastrow)-ROW(PLE.firstrow))),0,IF(OFFSET(PLE!$G$14,$M72,AZ$13)=\"\",10^12,OFFSET(PLE!$G$14,$M72,AZ$13))))","v":1000000000000},{"$f":"IF($D72<>\"Serviço\",0,IF(OR(AND(AUTOEVENTO=\"Manual\",$M72=1),$M72>(ROW(PLE.lastrow)-ROW(PLE.firstrow))),0,IF(OFFSET(PLE!$G$14,$M72,BA$13)=\"\",10^12,OFFSET(PLE!$G$14,$M72,BA$13))))","v":1000000000000},{"$f":"IF($D72<>\"Serviço\",0,IF(OR(AND(AUTOEVENTO=\"Manual\",$M72=1),$M72>(ROW(PLE.lastrow)-ROW(PLE.firstrow))),0,IF(OFFSET(PLE!$G$14,$M72,BB$13)=\"\",10^12,OFFSET(PLE!$G$14,$M72,BB$13))))","v":1000000000000},{"$f":"IF($D72<>\"Serviço\",0,IF(OR(AND(AUTOEVENTO=\"Manual\",$M72=1),$M72>(ROW(PLE.lastrow)-ROW(PLE.firstrow))),0,IF(OFFSET(PLE!$G$14,$M72,BC$13)=\"\",10^12,OFFSET(PLE!$G$14,$M72,BC$13))))","v":1000000000000},{"$f":"IF($D72<>\"Serviço\",0,IF(OR(AND(AUTOEVENTO=\"Manual\",$M72=1),$M72>(ROW(PLE.lastrow)-ROW(PLE.firstrow))),0,IF(OFFSET(PLE!$G$14,$M72,BD$13)=\"\",10^12,OFFSET(PLE!$G$14,$M72,BD$13))))","v":1000000000000},{"$f":"IF($D72<>\"Serviço\",0,IF(OR(AND(AUTOEVENTO=\"Manual\",$M72=1),$M72>(ROW(PLE.lastrow)-ROW(PLE.firstrow))),0,IF(OFFSET(PLE!$G$14,$M72,BE$13)=\"\",10^12,OFFSET(PLE!$G$14,$M72,BE$13))))","v":1000000000000},{"$f":"IF($D72<>\"Serviço\",0,IF(OR(AND(AUTOEVENTO=\"Manual\",$M72=1),$M72>(ROW(PLE.lastrow)-ROW(PLE.firstrow))),0,IF(OFFSET(PLE!$G$14,$M72,BF$13)=\"\",10^12,OFFSET(PLE!$G$14,$M72,BF$13))))","v":1000000000000},{"$f":"IF($D72<>\"Serviço\",0,IF(OR(AND(AUTOEVENTO=\"Manual\",$M72=1),$M72>(ROW(PLE.lastrow)-ROW(PLE.firstrow))),0,IF(OFFSET(PLE!$G$14,$M72,BG$13)=\"\",10^12,OFFSET(PLE!$G$14,$M72,BG$13))))","v":1000000000000}]
["58.",{"$f":"OFFSET(ORÇAMENTO!C$15,ROW(B73)-ROW(B$15),0)","v":2},{"$f":"OFFSET(ORÇAMENTO!L$15,ROW(C73)-ROW(C$15),0)","v":"F"},{"$f":"OFFSET(ORÇAMENTO!N$15,ROW(D73)-ROW(D$15),0)","v":"Nível 2"},{"$f":"OFFSET(ORÇAMENTO!O$15,ROW(E73)-ROW(E$15),0)","v":"1.5."},{"$f":"OFFSET(ORÇAMENTO!R$15,ROW(F73)-ROW(F$15),0)","v":"COBERTURA"},{"$f":"IF($D73<>\"Serviço\",\"\",OFFSET(ORÇAMENTO!S$15,ROW(G73)-ROW(G$15),0))","v":""},{"$f":"IF($D73<>\"Serviço\",0,IF(ACOMPANHAMENTO=\"BM\",ROUND(OFFSET(ORÇAMENTO!AJ$15,ROW(H73)-ROW(H$15),0),15-13*ORÇAMENTO!$AF$7),SUMPRODUCT(($Q$12:$AA$12<>\"\")*ROUND($Q73:$AA73,15-13*ORÇAMENTO!$AF$7))))","v":0},null,null,null,".",{"$f":"IF($D73<>\"Serviço\",\"\",IF(AUTOEVENTO=\"manual\",$A73,IF(ISERROR(MATCH($A73,$A$15:OFFSET($A73,-1,0),0)),MAX($M$15:OFFSET(M73,-1,0))+1,INDEX($M$15:OFFSET(M73,-1,0),MATCH($A73,$A$15:OFFSET($A73,-1,0),0)))))","v":""},{"$f":"IF($D73<>\"Serviço\",\"\",IF(AUTOEVENTO=\"Manual\",IF($A73=0,\"<-- defina o número do agrupador\",OFFSET(EVENTOS!$D$14,$A73,0)),OFFSET($F$15,$A73,0)))","v":""},null,null,null,null,null,null,null,null,null,null,null,null,null,{"$f":"IF(AND($D73=\"Serviço\",AB$12<>0,$H73>0,OR(AUTOEVENTO<>\"manual\",$M73<>1)),\nIF(Import.TipoArredondamento<>\"TransfereGOV\",\nROUND(OFFSET($P73,0,AB$13),15-13*ORÇAMENTO!$AF$7)/$H73*OFFSET(ORÇAMENTO!$X$15,ROW(AB73)-ROW(AB$15),0),\nROUND(ROUND(OFFSET($P73,0,AB$13),15-13*ORÇAMENTO!$AF$7)*OFFSET(ORÇAMENTO!$W$15,ROW(AB73)-ROW(AB$15),0),15-13*ORÇAMENTO!$AF$11)),0)","v":0},{"$f":"IF(AND($D73=\"Serviço\",AC$12<>0,$H73>0,OR(AUTOEVENTO<>\"manual\",$M73<>1)),\nIF(Import.TipoArredondamento<>\"TransfereGOV\",\nROUND(OFFSET($P73,0,AC$13),15-13*ORÇAMENTO!$AF$7)/$H73*OFFSET(ORÇAMENTO!$X$15,ROW(AC73)-ROW(AC$15),0),\nROUND(ROUND(OFFSET($P73,0,AC$13),15-13*ORÇAMENTO!$AF$7)*OFFSET(ORÇAMENTO!$W$15,ROW(AC73)-ROW(AC$15),0),15-13*ORÇAMENTO!$AF$11)),0)","v":0},{"$f":"IF(AND($D73=\"Serviço\",AD$12<>0,$H73>0,OR(AUTOEVENTO<>\"manual\",$M73<>1)),\nIF(Import.TipoArredondamento<>\"TransfereGOV\",\nROUND(OFFSET($P73,0,AD$13),15-13*ORÇAMENTO!$AF$7)/$H73*OFFSET(ORÇAMENTO!$X$15,ROW(AD73)-ROW(AD$15),0),\nROUND(ROUND(OFFSET($P73,0,AD$13),15-13*ORÇAMENTO!$AF$7)*OFFSET(ORÇAMENTO!$W$15,ROW(AD73)-ROW(AD$15),0),15-13*ORÇAMENTO!$AF$11)),0)","v":0},{"$f":"IF(AND($D73=\"Serviço\",AE$12<>0,$H73>0,OR(AUTOEVENTO<>\"manual\",$M73<>1)),\nIF(Import.TipoArredondamento<>\"TransfereGOV\",\nROUND(OFFSET($P73,0,AE$13),15-13*ORÇAMENTO!$AF$7)/$H73*OFFSET(ORÇAMENTO!$X$15,ROW(AE73)-ROW(AE$15),0),\nROUND(ROUND(OFFSET($P73,0,AE$13),15-13*ORÇAMENTO!$AF$7)*OFFSET(ORÇAMENTO!$W$15,ROW(AE73)-ROW(AE$15),0),15-13*ORÇAMENTO!$AF$11)),0)","v":0},{"$f":"IF(AND($D73=\"Serviço\",AF$12<>0,$H73>0,OR(AUTOEVENTO<>\"manual\",$M73<>1)),\nIF(Import.TipoArredondamento<>\"TransfereGOV\",\nROUND(OFFSET($P73,0,AF$13),15-13*ORÇAMENTO!$AF$7)/$H73*OFFSET(ORÇAMENTO!$X$15,ROW(AF73)-ROW(AF$15),0),\nROUND(ROUND(OFFSET($P73,0,AF$13),15-13*ORÇAMENTO!$AF$7)*OFFSET(ORÇAMENTO!$W$15,ROW(AF73)-ROW(AF$15),0),15-13*ORÇAMENTO!$AF$11)),0)","v":0},{"$f":"IF(AND($D73=\"Serviço\",AG$12<>0,$H73>0,OR(AUTOEVENTO<>\"manual\",$M73<>1)),\nIF(Import.TipoArredondamento<>\"TransfereGOV\",\nROUND(OFFSET($P73,0,AG$13),15-13*ORÇAMENTO!$AF$7)/$H73*OFFSET(ORÇAMENTO!$X$15,ROW(AG73)-ROW(AG$15),0),\nROUND(ROUND(OFFSET($P73,0,AG$13),15-13*ORÇAMENTO!$AF$7)*OFFSET(ORÇAMENTO!$W$15,ROW(AG73)-ROW(AG$15),0),15-13*ORÇAMENTO!$AF$11)),0)","v":0},{"$f":"IF(AND($D73=\"Serviço\",AH$12<>0,$H73>0,OR(AUTOEVENTO<>\"manual\",$M73<>1)),\nIF(Import.TipoArredondamento<>\"TransfereGOV\",\nROUND(OFFSET($P73,0,AH$13),15-13*ORÇAMENTO!$AF$7)/$H73*OFFSET(ORÇAMENTO!$X$15,ROW(AH73)-ROW(AH$15),0),\nROUND(ROUND(OFFSET($P73,0,AH$13),15-13*ORÇAMENTO!$AF$7)*OFFSET(ORÇAMENTO!$W$15,ROW(AH73)-ROW(AH$15),0),15-13*ORÇAMENTO!$AF$11)),0)","v":0},{"$f":"IF(AND($D73=\"Serviço\",AI$12<>0,$H73>0,OR(AUTOEVENTO<>\"manual\",$M73<>1)),\nIF(Import.TipoArredondamento<>\"TransfereGOV\",\nROUND(OFFSET($P73,0,AI$13),15-13*ORÇAMENTO!$AF$7)/$H73*OFFSET(ORÇAMENTO!$X$15,ROW(AI73)-ROW(AI$15),0),\nROUND(ROUND(OFFSET($P73,0,AI$13),15-13*ORÇAMENTO!$AF$7)*OFFSET(ORÇAMENTO!$W$15,ROW(AI73)-ROW(AI$15),0),15-13*ORÇAMENTO!$AF$11)),0)","v":0},{"$f":"IF(AND($D73=\"Serviço\",AJ$12<>0,$H73>0,OR(AUTOEVENTO<>\"manual\",$M73<>1)),\nIF(Import.TipoArredondamento<>\"TransfereGOV\",\nROUND(OFFSET($P73,0,AJ$13),15-13*ORÇAMENTO!$AF$7)/$H73*OFFSET(ORÇAMENTO!$X$15,ROW(AJ73)-ROW(AJ$15),0),\nROUND(ROUND(OFFSET($P73,0,AJ$13),15-13*ORÇAMENTO!$AF$7)*OFFSET(ORÇAMENTO!$W$15,ROW(AJ73)-ROW(AJ$15),0),15-13*ORÇAMENTO!$AF$11)),0)","v":0},{"$f":"IF(AND($D73=\"Serviço\",AK$12<>0,$H73>0,OR(AUTOEVENTO<>\"manual\",$M73<>1)),\nIF(Import.TipoArredondamento<>\"TransfereGOV\",\nROUND(OFFSET($P73,0,AK$13),15-13*ORÇAMENTO!$AF$7)/$H73*OFFSET(ORÇAMENTO!$X$15,ROW(AK73)-ROW(AK$15),0),\nROUND(ROUND(OFFSET($P73,0,AK$13),15-13*ORÇAMENTO!$AF$7)*OFFSET(ORÇAMENTO!$W$15,ROW(AK73)-ROW(AK$15),0),15-13*ORÇAMENTO!$AF$11)),0)","v":0},null,{"$f":"IF($D73<>\"Serviço\",0,IF(AND(AUTOEVENTO=\"Manual\",$M73=1),0,IF(OFFSET(CRONOPLE!$F$14,$M73,AM$13)=\"\",10^12,OFFSET(CRONOPLE!$F$14,$M73,AM$13))))","v":0},{"$f":"IF($D73<>\"Serviço\",0,IF(AND(AUTOEVENTO=\"Manual\",$M73=1),0,IF(OFFSET(CRONOPLE!$F$14,$M73,AN$13)=\"\",10^12,OFFSET(CRONOPLE!$F$14,$M73,AN$13))))","v":0},{"$f":"IF($D73<>\"Serviço\",0,IF(AND(AUTOEVENTO=\"Manual\",$M73=1),0,IF(OFFSET(CRONOPLE!$F$14,$M73,AO$13)=\"\",10^12,OFFSET(CRONOPLE!$F$14,$M73,AO$13))))","v":0},{"$f":"IF($D73<>\"Serviço\",0,IF(AND(AUTOEVENTO=\"Manual\",$M73=1),0,IF(OFFSET(CRONOPLE!$F$14,$M73,AP$13)=\"\",10^12,OFFSET(CRONOPLE!$F$14,$M73,AP$13))))","v":0},{"$f":"IF($D73<>\"Serviço\",0,IF(AND(AUTOEVENTO=\"Manual\",$M73=1),0,IF(OFFSET(CRONOPLE!$F$14,$M73,AQ$13)=\"\",10^12,OFFSET(CRONOPLE!$F$14,$M73,AQ$13))))","v":0},{"$f":"IF($D73<>\"Serviço\",0,IF(AND(AUTOEVENTO=\"Manual\",$M73=1),0,IF(OFFSET(CRONOPLE!$F$14,$M73,AR$13)=\"\",10^12,OFFSET(CRONOPLE!$F$14,$M73,AR$13))))","v":0},{"$f":"IF($D73<>\"Serviço\",0,IF(AND(AUTOEVENTO=\"Manual\",$M73=1),0,IF(OFFSET(CRONOPLE!$F$14,$M73,AS$13)=\"\",10^12,OFFSET(CRONOPLE!$F$14,$M73,AS$13))))","v":0},{"$f":"IF($D73<>\"Serviço\",0,IF(AND(AUTOEVENTO=\"Manual\",$M73=1),0,IF(OFFSET(CRONOPLE!$F$14,$M73,AT$13)=\"\",10^12,OFFSET(CRONOPLE!$F$14,$M73,AT$13))))","v":0},{"$f":"IF($D73<>\"Serviço\",0,IF(AND(AUTOEVENTO=\"Manual\",$M73=1),0,IF(OFFSET(CRONOPLE!$F$14,$M73,AU$13)=\"\",10^12,OFFSET(CRONOPLE!$F$14,$M73,AU$13))))","v":0},{"$f":"IF($D73<>\"Serviço\",0,IF(AND(AUTOEVENTO=\"Manual\",$M73=1),0,IF(OFFSET(CRONOPLE!$F$14,$M73,AV$13)=\"\",10^12,OFFSET(CRONOPLE!$F$14,$M73,AV$13))))","v":0},null,{"$f":"IF($D73<>\"Serviço\",0,IF(OR(AND(AUTOEVENTO=\"Manual\",$M73=1),$M73>(ROW(PLE.lastrow)-ROW(PLE.firstrow))),0,IF(OFFSET(PLE!$G$14,$M73,AX$13)=\"\",10^12,OFFSET(PLE!$G$14,$M73,AX$13))))","v":0},{"$f":"IF($D73<>\"Serviço\",0,IF(OR(AND(AUTOEVENTO=\"Manual\",$M73=1),$M73>(ROW(PLE.lastrow)-ROW(PLE.firstrow))),0,IF(OFFSET(PLE!$G$14,$M73,AY$13)=\"\",10^12,OFFSET(PLE!$G$14,$M73,AY$13))))","v":0},{"$f":"IF($D73<>\"Serviço\",0,IF(OR(AND(AUTOEVENTO=\"Manual\",$M73=1),$M73>(ROW(PLE.lastrow)-ROW(PLE.firstrow))),0,IF(OFFSET(PLE!$G$14,$M73,AZ$13)=\"\",10^12,OFFSET(PLE!$G$14,$M73,AZ$13))))","v":0},{"$f":"IF($D73<>\"Serviço\",0,IF(OR(AND(AUTOEVENTO=\"Manual\",$M73=1),$M73>(ROW(PLE.lastrow)-ROW(PLE.firstrow))),0,IF(OFFSET(PLE!$G$14,$M73,BA$13)=\"\",10^12,OFFSET(PLE!$G$14,$M73,BA$13))))","v":0},{"$f":"IF($D73<>\"Serviço\",0,IF(OR(AND(AUTOEVENTO=\"Manual\",$M73=1),$M73>(ROW(PLE.lastrow)-ROW(PLE.firstrow))),0,IF(OFFSET(PLE!$G$14,$M73,BB$13)=\"\",10^12,OFFSET(PLE!$G$14,$M73,BB$13))))","v":0},{"$f":"IF($D73<>\"Serviço\",0,IF(OR(AND(AUTOEVENTO=\"Manual\",$M73=1),$M73>(ROW(PLE.lastrow)-ROW(PLE.firstrow))),0,IF(OFFSET(PLE!$G$14,$M73,BC$13)=\"\",10^12,OFFSET(PLE!$G$14,$M73,BC$13))))","v":0},{"$f":"IF($D73<>\"Serviço\",0,IF(OR(AND(AUTOEVENTO=\"Manual\",$M73=1),$M73>(ROW(PLE.lastrow)-ROW(PLE.firstrow))),0,IF(OFFSET(PLE!$G$14,$M73,BD$13)=\"\",10^12,OFFSET(PLE!$G$14,$M73,BD$13))))","v":0},{"$f":"IF($D73<>\"Serviço\",0,IF(OR(AND(AUTOEVENTO=\"Manual\",$M73=1),$M73>(ROW(PLE.lastrow)-ROW(PLE.firstrow))),0,IF(OFFSET(PLE!$G$14,$M73,BE$13)=\"\",10^12,OFFSET(PLE!$G$14,$M73,BE$13))))","v":0},{"$f":"IF($D73<>\"Serviço\",0,IF(OR(AND(AUTOEVENTO=\"Manual\",$M73=1),$M73>(ROW(PLE.lastrow)-ROW(PLE.firstrow))),0,IF(OFFSET(PLE!$G$14,$M73,BF$13)=\"\",10^12,OFFSET(PLE!$G$14,$M73,BF$13))))","v":0},{"$f":"IF($D73<>\"Serviço\",0,IF(OR(AND(AUTOEVENTO=\"Manual\",$M73=1),$M73>(ROW(PLE.lastrow)-ROW(PLE.firstrow))),0,IF(OFFSET(PLE!$G$14,$M73,BG$13)=\"\",10^12,OFFSET(PLE!$G$14,$M73,BG$13))))","v":0}]
["58",{"$f":"OFFSET(ORÇAMENTO!C$15,ROW(B74)-ROW(B$15),0)","v":"S"},{"$f":"OFFSET(ORÇAMENTO!L$15,ROW(C74)-ROW(C$15),0)","v":"F"},{"$f":"OFFSET(ORÇAMENTO!N$15,ROW(D74)-ROW(D$15),0)","v":"Serviço"},{"$f":"OFFSET(ORÇAMENTO!O$15,ROW(E74)-ROW(E$15),0)","v":"1.5.0.0.1."},{"$f":"OFFSET(ORÇAMENTO!R$15,ROW(F74)-ROW(F$15),0)","v":"TRAMA DE MADEIRA COMPOSTA POR RIPAS, CAIBROS E TERÇAS PARA TELHADOS DE MAIS QUE 2 ÁGUAS PARA TELHA CERÂMICA CAPA-CANAL, INCLUSO TRANSPORTE VERTICAL. AF_07/2019"},{"$f":"IF($D74<>\"Serviço\",\"\",OFFSET(ORÇAMENTO!S$15,ROW(G74)-ROW(G$15),0))","v":"M2"},{"$f":"IF($D74<>\"Serviço\",0,IF(ACOMPANHAMENTO=\"BM\",ROUND(OFFSET(ORÇAMENTO!AJ$15,ROW(H74)-ROW(H$15),0),15-13*ORÇAMENTO!$AF$7),SUMPRODUCT(($Q$12:$AA$12<>\"\")*ROUND($Q74:$AA74,15-13*ORÇAMENTO!$AF$7))))","v":286.02},null,null,null,".",{"$f":"IF($D74<>\"Serviço\",\"\",IF(AUTOEVENTO=\"manual\",$A74,IF(ISERROR(MATCH($A74,$A$15:OFFSET($A74,-1,0),0)),MAX($M$15:OFFSET(M74,-1,0))+1,INDEX($M$15:OFFSET(M74,-1,0),MATCH($A74,$A$15:OFFSET($A74,-1,0),0)))))","v":6},{"$f":"IF($D74<>\"Serviço\",\"\",IF(AUTOEVENTO=\"Manual\",IF($A74=0,\"<-- defina o número do agrupador\",OFFSET(EVENTOS!$D$14,$A74,0)),OFFSET($F$15,$A74,0)))","v":"COBERTURA"},null,null,null,null,null,null,null,null,null,null,null,null,null,{"$f":"IF(AND($D74=\"Serviço\",AB$12<>0,$H74>0,OR(AUTOEVENTO<>\"manual\",$M74<>1)),\nIF(Import.TipoArredondamento<>\"TransfereGOV\",\nROUND(OFFSET($P74,0,AB$13),15-13*ORÇAMENTO!$AF$7)/$H74*OFFSET(ORÇAMENTO!$X$15,ROW(AB74)-ROW(AB$15),0),\nROUND(ROUND(OFFSET($P74,0,AB$13),15-13*ORÇAMENTO!$AF$7)*OFFSET(ORÇAMENTO!$W$15,ROW(AB74)-ROW(AB$15),0),15-13*ORÇAMENTO!$AF$11)),0)","v":0},{"$f":"IF(AND($D74=\"Serviço\",AC$12<>0,$H74>0,OR(AUTOEVENTO<>\"manual\",$M74<>1)),\nIF(Import.TipoArredondamento<>\"TransfereGOV\",\nROUND(OFFSET($P74,0,AC$13),15-13*ORÇAMENTO!$AF$7)/$H74*OFFSET(ORÇAMENTO!$X$15,ROW(AC74)-ROW(AC$15),0),\nROUND(ROUND(OFFSET($P74,0,AC$13),15-13*ORÇAMENTO!$AF$7)*OFFSET(ORÇAMENTO!$W$15,ROW(AC74)-ROW(AC$15),0),15-13*ORÇAMENTO!$AF$11)),0)","v":0},{"$f":"IF(AND($D74=\"Serviço\",AD$12<>0,$H74>0,OR(AUTOEVENTO<>\"manual\",$M74<>1)),\nIF(Import.TipoArredondamento<>\"TransfereGOV\",\nROUND(OFFSET($P74,0,AD$13),15-13*ORÇAMENTO!$AF$7)/$H74*OFFSET(ORÇAMENTO!$X$15,ROW(AD74)-ROW(AD$15),0),\nROUND(ROUND(OFFSET($P74,0,AD$13),15-13*ORÇAMENTO!$AF$7)*OFFSET(ORÇAMENTO!$W$15,ROW(AD74)-ROW(AD$15),0),15-13*ORÇAMENTO!$AF$11)),0)","v":0},{"$f":"IF(AND($D74=\"Serviço\",AE$12<>0,$H74>0,OR(AUTOEVENTO<>\"manual\",$M74<>1)),\nIF(Import.TipoArredondamento<>\"TransfereGOV\",\nROUND(OFFSET($P74,0,AE$13),15-13*ORÇAMENTO!$AF$7)/$H74*OFFSET(ORÇAMENTO!$X$15,ROW(AE74)-ROW(AE$15),0),\nROUND(ROUND(OFFSET($P74,0,AE$13),15-13*ORÇAMENTO!$AF$7)*OFFSET(ORÇAMENTO!$W$15,ROW(AE74)-ROW(AE$15),0),15-13*ORÇAMENTO!$AF$11)),0)","v":0},{"$f":"IF(AND($D74=\"Serviço\",AF$12<>0,$H74>0,OR(AUTOEVENTO<>\"manual\",$M74<>1)),\nIF(Import.TipoArredondamento<>\"TransfereGOV\",\nROUND(OFFSET($P74,0,AF$13),15-13*ORÇAMENTO!$AF$7)/$H74*OFFSET(ORÇAMENTO!$X$15,ROW(AF74)-ROW(AF$15),0),\nROUND(ROUND(OFFSET($P74,0,AF$13),15-13*ORÇAMENTO!$AF$7)*OFFSET(ORÇAMENTO!$W$15,ROW(AF74)-ROW(AF$15),0),15-13*ORÇAMENTO!$AF$11)),0)","v":0},{"$f":"IF(AND($D74=\"Serviço\",AG$12<>0,$H74>0,OR(AUTOEVENTO<>\"manual\",$M74<>1)),\nIF(Import.TipoArredondamento<>\"TransfereGOV\",\nROUND(OFFSET($P74,0,AG$13),15-13*ORÇAMENTO!$AF$7)/$H74*OFFSET(ORÇAMENTO!$X$15,ROW(AG74)-ROW(AG$15),0),\nROUND(ROUND(OFFSET($P74,0,AG$13),15-13*ORÇAMENTO!$AF$7)*OFFSET(ORÇAMENTO!$W$15,ROW(AG74)-ROW(AG$15),0),15-13*ORÇAMENTO!$AF$11)),0)","v":0},{"$f":"IF(AND($D74=\"Serviço\",AH$12<>0,$H74>0,OR(AUTOEVENTO<>\"manual\",$M74<>1)),\nIF(Import.TipoArredondamento<>\"TransfereGOV\",\nROUND(OFFSET($P74,0,AH$13),15-13*ORÇAMENTO!$AF$7)/$H74*OFFSET(ORÇAMENTO!$X$15,ROW(AH74)-ROW(AH$15),0),\nROUND(ROUND(OFFSET($P74,0,AH$13),15-13*ORÇAMENTO!$AF$7)*OFFSET(ORÇAMENTO!$W$15,ROW(AH74)-ROW(AH$15),0),15-13*ORÇAMENTO!$AF$11)),0)","v":0},{"$f":"IF(AND($D74=\"Serviço\",AI$12<>0,$H74>0,OR(AUTOEVENTO<>\"manual\",$M74<>1)),\nIF(Import.TipoArredondamento<>\"TransfereGOV\",\nROUND(OFFSET($P74,0,AI$13),15-13*ORÇAMENTO!$AF$7)/$H74*OFFSET(ORÇAMENTO!$X$15,ROW(AI74)-ROW(AI$15),0),\nROUND(ROUND(OFFSET($P74,0,AI$13),15-13*ORÇAMENTO!$AF$7)*OFFSET(ORÇAMENTO!$W$15,ROW(AI74)-ROW(AI$15),0),15-13*ORÇAMENTO!$AF$11)),0)","v":0},{"$f":"IF(AND($D74=\"Serviço\",AJ$12<>0,$H74>0,OR(AUTOEVENTO<>\"manual\",$M74<>1)),\nIF(Import.TipoArredondamento<>\"TransfereGOV\",\nROUND(OFFSET($P74,0,AJ$13),15-13*ORÇAMENTO!$AF$7)/$H74*OFFSET(ORÇAMENTO!$X$15,ROW(AJ74)-ROW(AJ$15),0),\nROUND(ROUND(OFFSET($P74,0,AJ$13),15-13*ORÇAMENTO!$AF$7)*OFFSET(ORÇAMENTO!$W$15,ROW(AJ74)-ROW(AJ$15),0),15-13*ORÇAMENTO!$AF$11)),0)","v":0},{"$f":"IF(AND($D74=\"Serviço\",AK$12<>0,$H74>0,OR(AUTOEVENTO<>\"manual\",$M74<>1)),\nIF(Import.TipoArredondamento<>\"TransfereGOV\",\nROUND(OFFSET($P74,0,AK$13),15-13*ORÇAMENTO!$AF$7)/$H74*OFFSET(ORÇAMENTO!$X$15,ROW(AK74)-ROW(AK$15),0),\nROUND(ROUND(OFFSET($P74,0,AK$13),15-13*ORÇAMENTO!$AF$7)*OFFSET(ORÇAMENTO!$W$15,ROW(AK74)-ROW(AK$15),0),15-13*ORÇAMENTO!$AF$11)),0)","v":0},null,{"$f":"IF($D74<>\"Serviço\",0,IF(AND(AUTOEVENTO=\"Manual\",$M74=1),0,IF(OFFSET(CRONOPLE!$F$14,$M74,AM$13)=\"\",10^12,OFFSET(CRONOPLE!$F$14,$M74,AM$13))))","v":1000000000000},{"$f":"IF($D74<>\"Serviço\",0,IF(AND(AUTOEVENTO=\"Manual\",$M74=1),0,IF(OFFSET(CRONOPLE!$F$14,$M74,AN$13)=\"\",10^12,OFFSET(CRONOPLE!$F$14,$M74,AN$13))))","v":1000000000000},{"$f":"IF($D74<>\"Serviço\",0,IF(AND(AUTOEVENTO=\"Manual\",$M74=1),0,IF(OFFSET(CRONOPLE!$F$14,$M74,AO$13)=\"\",10^12,OFFSET(CRONOPLE!$F$14,$M74,AO$13))))","v":1000000000000},{"$f":"IF($D74<>\"Serviço\",0,IF(AND(AUTOEVENTO=\"Manual\",$M74=1),0,IF(OFFSET(CRONOPLE!$F$14,$M74,AP$13)=\"\",10^12,OFFSET(CRONOPLE!$F$14,$M74,AP$13))))","v":1000000000000},{"$f":"IF($D74<>\"Serviço\",0,IF(AND(AUTOEVENTO=\"Manual\",$M74=1),0,IF(OFFSET(CRONOPLE!$F$14,$M74,AQ$13)=\"\",10^12,OFFSET(CRONOPLE!$F$14,$M74,AQ$13))))","v":1000000000000},{"$f":"IF($D74<>\"Serviço\",0,IF(AND(AUTOEVENTO=\"Manual\",$M74=1),0,IF(OFFSET(CRONOPLE!$F$14,$M74,AR$13)=\"\",10^12,OFFSET(CRONOPLE!$F$14,$M74,AR$13))))","v":1000000000000},{"$f":"IF($D74<>\"Serviço\",0,IF(AND(AUTOEVENTO=\"Manual\",$M74=1),0,IF(OFFSET(CRONOPLE!$F$14,$M74,AS$13)=\"\",10^12,OFFSET(CRONOPLE!$F$14,$M74,AS$13))))","v":1000000000000},{"$f":"IF($D74<>\"Serviço\",0,IF(AND(AUTOEVENTO=\"Manual\",$M74=1),0,IF(OFFSET(CRONOPLE!$F$14,$M74,AT$13)=\"\",10^12,OFFSET(CRONOPLE!$F$14,$M74,AT$13))))","v":1000000000000},{"$f":"IF($D74<>\"Serviço\",0,IF(AND(AUTOEVENTO=\"Manual\",$M74=1),0,IF(OFFSET(CRONOPLE!$F$14,$M74,AU$13)=\"\",10^12,OFFSET(CRONOPLE!$F$14,$M74,AU$13))))","v":1000000000000},{"$f":"IF($D74<>\"Serviço\",0,IF(AND(AUTOEVENTO=\"Manual\",$M74=1),0,IF(OFFSET(CRONOPLE!$F$14,$M74,AV$13)=\"\",10^12,OFFSET(CRONOPLE!$F$14,$M74,AV$13))))","v":1000000000000},null,{"$f":"IF($D74<>\"Serviço\",0,IF(OR(AND(AUTOEVENTO=\"Manual\",$M74=1),$M74>(ROW(PLE.lastrow)-ROW(PLE.firstrow))),0,IF(OFFSET(PLE!$G$14,$M74,AX$13)=\"\",10^12,OFFSET(PLE!$G$14,$M74,AX$13))))","v":1000000000000},{"$f":"IF($D74<>\"Serviço\",0,IF(OR(AND(AUTOEVENTO=\"Manual\",$M74=1),$M74>(ROW(PLE.lastrow)-ROW(PLE.firstrow))),0,IF(OFFSET(PLE!$G$14,$M74,AY$13)=\"\",10^12,OFFSET(PLE!$G$14,$M74,AY$13))))","v":1000000000000},{"$f":"IF($D74<>\"Serviço\",0,IF(OR(AND(AUTOEVENTO=\"Manual\",$M74=1),$M74>(ROW(PLE.lastrow)-ROW(PLE.firstrow))),0,IF(OFFSET(PLE!$G$14,$M74,AZ$13)=\"\",10^12,OFFSET(PLE!$G$14,$M74,AZ$13))))","v":1000000000000},{"$f":"IF($D74<>\"Serviço\",0,IF(OR(AND(AUTOEVENTO=\"Manual\",$M74=1),$M74>(ROW(PLE.lastrow)-ROW(PLE.firstrow))),0,IF(OFFSET(PLE!$G$14,$M74,BA$13)=\"\",10^12,OFFSET(PLE!$G$14,$M74,BA$13))))","v":1000000000000},{"$f":"IF($D74<>\"Serviço\",0,IF(OR(AND(AUTOEVENTO=\"Manual\",$M74=1),$M74>(ROW(PLE.lastrow)-ROW(PLE.firstrow))),0,IF(OFFSET(PLE!$G$14,$M74,BB$13)=\"\",10^12,OFFSET(PLE!$G$14,$M74,BB$13))))","v":1000000000000},{"$f":"IF($D74<>\"Serviço\",0,IF(OR(AND(AUTOEVENTO=\"Manual\",$M74=1),$M74>(ROW(PLE.lastrow)-ROW(PLE.firstrow))),0,IF(OFFSET(PLE!$G$14,$M74,BC$13)=\"\",10^12,OFFSET(PLE!$G$14,$M74,BC$13))))","v":1000000000000},{"$f":"IF($D74<>\"Serviço\",0,IF(OR(AND(AUTOEVENTO=\"Manual\",$M74=1),$M74>(ROW(PLE.lastrow)-ROW(PLE.firstrow))),0,IF(OFFSET(PLE!$G$14,$M74,BD$13)=\"\",10^12,OFFSET(PLE!$G$14,$M74,BD$13))))","v":1000000000000},{"$f":"IF($D74<>\"Serviço\",0,IF(OR(AND(AUTOEVENTO=\"Manual\",$M74=1),$M74>(ROW(PLE.lastrow)-ROW(PLE.firstrow))),0,IF(OFFSET(PLE!$G$14,$M74,BE$13)=\"\",10^12,OFFSET(PLE!$G$14,$M74,BE$13))))","v":1000000000000},{"$f":"IF($D74<>\"Serviço\",0,IF(OR(AND(AUTOEVENTO=\"Manual\",$M74=1),$M74>(ROW(PLE.lastrow)-ROW(PLE.firstrow))),0,IF(OFFSET(PLE!$G$14,$M74,BF$13)=\"\",10^12,OFFSET(PLE!$G$14,$M74,BF$13))))","v":1000000000000},{"$f":"IF($D74<>\"Serviço\",0,IF(OR(AND(AUTOEVENTO=\"Manual\",$M74=1),$M74>(ROW(PLE.lastrow)-ROW(PLE.firstrow))),0,IF(OFFSET(PLE!$G$14,$M74,BG$13)=\"\",10^12,OFFSET(PLE!$G$14,$M74,BG$13))))","v":1000000000000}]
["58",{"$f":"OFFSET(ORÇAMENTO!C$15,ROW(B75)-ROW(B$15),0)","v":"S"},{"$f":"OFFSET(ORÇAMENTO!L$15,ROW(C75)-ROW(C$15),0)","v":"F"},{"$f":"OFFSET(ORÇAMENTO!N$15,ROW(D75)-ROW(D$15),0)","v":"Serviço"},{"$f":"OFFSET(ORÇAMENTO!O$15,ROW(E75)-ROW(E$15),0)","v":"1.5.0.0.2."},{"$f":"OFFSET(ORÇAMENTO!R$15,ROW(F75)-ROW(F$15),0)","v":"FABRICAÇÃO E INSTALAÇÃO DE PONTALETES DE MADEIRA NÃO APARELHADA PARA TELHADOS COM ATÉ 2 ÁGUAS E COM TELHA CERÂMICA OU DE CONCRETO EM EDIFÍCIO RESIDENCIAL DE MÚLTIPLOS PAVIMENTOS, INCLUSO TRANSPORTE VERTICAL. AF_07/2019"},{"$f":"IF($D75<>\"Serviço\",\"\",OFFSET(ORÇAMENTO!S$15,ROW(G75)-ROW(G$15),0))","v":"M2"},{"$f":"IF($D75<>\"Serviço\",0,IF(ACOMPANHAMENTO=\"BM\",ROUND(OFFSET(ORÇAMENTO!AJ$15,ROW(H75)-ROW(H$15),0),15-13*ORÇAMENTO!$AF$7),SUMPRODUCT(($Q$12:$AA$12<>\"\")*ROUND($Q75:$AA75,15-13*ORÇAMENTO!$AF$7))))","v":286.02},null,null,null,".",{"$f":"IF($D75<>\"Serviço\",\"\",IF(AUTOEVENTO=\"manual\",$A75,IF(ISERROR(MATCH($A75,$A$15:OFFSET($A75,-1,0),0)),MAX($M$15:OFFSET(M75,-1,0))+1,INDEX($M$15:OFFSET(M75,-1,0),MATCH($A75,$A$15:OFFSET($A75,-1,0),0)))))","v":6},{"$f":"IF($D75<>\"Serviço\",\"\",IF(AUTOEVENTO=\"Manual\",IF($A75=0,\"<-- defina o número do agrupador\",OFFSET(EVENTOS!$D$14,$A75,0)),OFFSET($F$15,$A75,0)))","v":"COBERTURA"},null,null,null,null,null,null,null,null,null,null,null,null,null,{"$f":"IF(AND($D75=\"Serviço\",AB$12<>0,$H75>0,OR(AUTOEVENTO<>\"manual\",$M75<>1)),\nIF(Import.TipoArredondamento<>\"TransfereGOV\",\nROUND(OFFSET($P75,0,AB$13),15-13*ORÇAMENTO!$AF$7)/$H75*OFFSET(ORÇAMENTO!$X$15,ROW(AB75)-ROW(AB$15),0),\nROUND(ROUND(OFFSET($P75,0,AB$13),15-13*ORÇAMENTO!$AF$7)*OFFSET(ORÇAMENTO!$W$15,ROW(AB75)-ROW(AB$15),0),15-13*ORÇAMENTO!$AF$11)),0)","v":0},{"$f":"IF(AND($D75=\"Serviço\",AC$12<>0,$H75>0,OR(AUTOEVENTO<>\"manual\",$M75<>1)),\nIF(Import.TipoArredondamento<>\"TransfereGOV\",\nROUND(OFFSET($P75,0,AC$13),15-13*ORÇAMENTO!$AF$7)/$H75*OFFSET(ORÇAMENTO!$X$15,ROW(AC75)-ROW(AC$15),0),\nROUND(ROUND(OFFSET($P75,0,AC$13),15-13*ORÇAMENTO!$AF$7)*OFFSET(ORÇAMENTO!$W$15,ROW(AC75)-ROW(AC$15),0),15-13*ORÇAMENTO!$AF$11)),0)","v":0},{"$f":"IF(AND($D75=\"Serviço\",AD$12<>0,$H75>0,OR(AUTOEVENTO<>\"manual\",$M75<>1)),\nIF(Import.TipoArredondamento<>\"TransfereGOV\",\nROUND(OFFSET($P75,0,AD$13),15-13*ORÇAMENTO!$AF$7)/$H75*OFFSET(ORÇAMENTO!$X$15,ROW(AD75)-ROW(AD$15),0),\nROUND(ROUND(OFFSET($P75,0,AD$13),15-13*ORÇAMENTO!$AF$7)*OFFSET(ORÇAMENTO!$W$15,ROW(AD75)-ROW(AD$15),0),15-13*ORÇAMENTO!$AF$11)),0)","v":0},{"$f":"IF(AND($D75=\"Serviço\",AE$12<>0,$H75>0,OR(AUTOEVENTO<>\"manual\",$M75<>1)),\nIF(Import.TipoArredondamento<>\"TransfereGOV\",\nROUND(OFFSET($P75,0,AE$13),15-13*ORÇAMENTO!$AF$7)/$H75*OFFSET(ORÇAMENTO!$X$15,ROW(AE75)-ROW(AE$15),0),\nROUND(ROUND(OFFSET($P75,0,AE$13),15-13*ORÇAMENTO!$AF$7)*OFFSET(ORÇAMENTO!$W$15,ROW(AE75)-ROW(AE$15),0),15-13*ORÇAMENTO!$AF$11)),0)","v":0},{"$f":"IF(AND($D75=\"Serviço\",AF$12<>0,$H75>0,OR(AUTOEVENTO<>\"manual\",$M75<>1)),\nIF(Import.TipoArredondamento<>\"TransfereGOV\",\nROUND(OFFSET($P75,0,AF$13),15-13*ORÇAMENTO!$AF$7)/$H75*OFFSET(ORÇAMENTO!$X$15,ROW(AF75)-ROW(AF$15),0),\nROUND(ROUND(OFFSET($P75,0,AF$13),15-13*ORÇAMENTO!$AF$7)*OFFSET(ORÇAMENTO!$W$15,ROW(AF75)-ROW(AF$15),0),15-13*ORÇAMENTO!$AF$11)),0)","v":0},{"$f":"IF(AND($D75=\"Serviço\",AG$12<>0,$H75>0,OR(AUTOEVENTO<>\"manual\",$M75<>1)),\nIF(Import.TipoArredondamento<>\"TransfereGOV\",\nROUND(OFFSET($P75,0,AG$13),15-13*ORÇAMENTO!$AF$7)/$H75*OFFSET(ORÇAMENTO!$X$15,ROW(AG75)-ROW(AG$15),0),\nROUND(ROUND(OFFSET($P75,0,AG$13),15-13*ORÇAMENTO!$AF$7)*OFFSET(ORÇAMENTO!$W$15,ROW(AG75)-ROW(AG$15),0),15-13*ORÇAMENTO!$AF$11)),0)","v":0},{"$f":"IF(AND($D75=\"Serviço\",AH$12<>0,$H75>0,OR(AUTOEVENTO<>\"manual\",$M75<>1)),\nIF(Import.TipoArredondamento<>\"TransfereGOV\",\nROUND(OFFSET($P75,0,AH$13),15-13*ORÇAMENTO!$AF$7)/$H75*OFFSET(ORÇAMENTO!$X$15,ROW(AH75)-ROW(AH$15),0),\nROUND(ROUND(OFFSET($P75,0,AH$13),15-13*ORÇAMENTO!$AF$7)*OFFSET(ORÇAMENTO!$W$15,ROW(AH75)-ROW(AH$15),0),15-13*ORÇAMENTO!$AF$11)),0)","v":0},{"$f":"IF(AND($D75=\"Serviço\",AI$12<>0,$H75>0,OR(AUTOEVENTO<>\"manual\",$M75<>1)),\nIF(Import.TipoArredondamento<>\"TransfereGOV\",\nROUND(OFFSET($P75,0,AI$13),15-13*ORÇAMENTO!$AF$7)/$H75*OFFSET(ORÇAMENTO!$X$15,ROW(AI75)-ROW(AI$15),0),\nROUND(ROUND(OFFSET($P75,0,AI$13),15-13*ORÇAMENTO!$AF$7)*OFFSET(ORÇAMENTO!$W$15,ROW(AI75)-ROW(AI$15),0),15-13*ORÇAMENTO!$AF$11)),0)","v":0},{"$f":"IF(AND($D75=\"Serviço\",AJ$12<>0,$H75>0,OR(AUTOEVENTO<>\"manual\",$M75<>1)),\nIF(Import.TipoArredondamento<>\"TransfereGOV\",\nROUND(OFFSET($P75,0,AJ$13),15-13*ORÇAMENTO!$AF$7)/$H75*OFFSET(ORÇAMENTO!$X$15,ROW(AJ75)-ROW(AJ$15),0),\nROUND(ROUND(OFFSET($P75,0,AJ$13),15-13*ORÇAMENTO!$AF$7)*OFFSET(ORÇAMENTO!$W$15,ROW(AJ75)-ROW(AJ$15),0),15-13*ORÇAMENTO!$AF$11)),0)","v":0},{"$f":"IF(AND($D75=\"Serviço\",AK$12<>0,$H75>0,OR(AUTOEVENTO<>\"manual\",$M75<>1)),\nIF(Import.TipoArredondamento<>\"TransfereGOV\",\nROUND(OFFSET($P75,0,AK$13),15-13*ORÇAMENTO!$AF$7)/$H75*OFFSET(ORÇAMENTO!$X$15,ROW(AK75)-ROW(AK$15),0),\nROUND(ROUND(OFFSET($P75,0,AK$13),15-13*ORÇAMENTO!$AF$7)*OFFSET(ORÇAMENTO!$W$15,ROW(AK75)-ROW(AK$15),0),15-13*ORÇAMENTO!$AF$11)),0)","v":0},null,{"$f":"IF($D75<>\"Serviço\",0,IF(AND(AUTOEVENTO=\"Manual\",$M75=1),0,IF(OFFSET(CRONOPLE!$F$14,$M75,AM$13)=\"\",10^12,OFFSET(CRONOPLE!$F$14,$M75,AM$13))))","v":1000000000000},{"$f":"IF($D75<>\"Serviço\",0,IF(AND(AUTOEVENTO=\"Manual\",$M75=1),0,IF(OFFSET(CRONOPLE!$F$14,$M75,AN$13)=\"\",10^12,OFFSET(CRONOPLE!$F$14,$M75,AN$13))))","v":1000000000000},{"$f":"IF($D75<>\"Serviço\",0,IF(AND(AUTOEVENTO=\"Manual\",$M75=1),0,IF(OFFSET(CRONOPLE!$F$14,$M75,AO$13)=\"\",10^12,OFFSET(CRONOPLE!$F$14,$M75,AO$13))))","v":1000000000000},{"$f":"IF($D75<>\"Serviço\",0,IF(AND(AUTOEVENTO=\"Manual\",$M75=1),0,IF(OFFSET(CRONOPLE!$F$14,$M75,AP$13)=\"\",10^12,OFFSET(CRONOPLE!$F$14,$M75,AP$13))))","v":1000000000000},{"$f":"IF($D75<>\"Serviço\",0,IF(AND(AUTOEVENTO=\"Manual\",$M75=1),0,IF(OFFSET(CRONOPLE!$F$14,$M75,AQ$13)=\"\",10^12,OFFSET(CRONOPLE!$F$14,$M75,AQ$13))))","v":1000000000000},{"$f":"IF($D75<>\"Serviço\",0,IF(AND(AUTOEVENTO=\"Manual\",$M75=1),0,IF(OFFSET(CRONOPLE!$F$14,$M75,AR$13)=\"\",10^12,OFFSET(CRONOPLE!$F$14,$M75,AR$13))))","v":1000000000000},{"$f":"IF($D75<>\"Serviço\",0,IF(AND(AUTOEVENTO=\"Manual\",$M75=1),0,IF(OFFSET(CRONOPLE!$F$14,$M75,AS$13)=\"\",10^12,OFFSET(CRONOPLE!$F$14,$M75,AS$13))))","v":1000000000000},{"$f":"IF($D75<>\"Serviço\",0,IF(AND(AUTOEVENTO=\"Manual\",$M75=1),0,IF(OFFSET(CRONOPLE!$F$14,$M75,AT$13)=\"\",10^12,OFFSET(CRONOPLE!$F$14,$M75,AT$13))))","v":1000000000000},{"$f":"IF($D75<>\"Serviço\",0,IF(AND(AUTOEVENTO=\"Manual\",$M75=1),0,IF(OFFSET(CRONOPLE!$F$14,$M75,AU$13)=\"\",10^12,OFFSET(CRONOPLE!$F$14,$M75,AU$13))))","v":1000000000000},{"$f":"IF($D75<>\"Serviço\",0,IF(AND(AUTOEVENTO=\"Manual\",$M75=1),0,IF(OFFSET(CRONOPLE!$F$14,$M75,AV$13)=\"\",10^12,OFFSET(CRONOPLE!$F$14,$M75,AV$13))))","v":1000000000000},null,{"$f":"IF($D75<>\"Serviço\",0,IF(OR(AND(AUTOEVENTO=\"Manual\",$M75=1),$M75>(ROW(PLE.lastrow)-ROW(PLE.firstrow))),0,IF(OFFSET(PLE!$G$14,$M75,AX$13)=\"\",10^12,OFFSET(PLE!$G$14,$M75,AX$13))))","v":1000000000000},{"$f":"IF($D75<>\"Serviço\",0,IF(OR(AND(AUTOEVENTO=\"Manual\",$M75=1),$M75>(ROW(PLE.lastrow)-ROW(PLE.firstrow))),0,IF(OFFSET(PLE!$G$14,$M75,AY$13)=\"\",10^12,OFFSET(PLE!$G$14,$M75,AY$13))))","v":1000000000000},{"$f":"IF($D75<>\"Serviço\",0,IF(OR(AND(AUTOEVENTO=\"Manual\",$M75=1),$M75>(ROW(PLE.lastrow)-ROW(PLE.firstrow))),0,IF(OFFSET(PLE!$G$14,$M75,AZ$13)=\"\",10^12,OFFSET(PLE!$G$14,$M75,AZ$13))))","v":1000000000000},{"$f":"IF($D75<>\"Serviço\",0,IF(OR(AND(AUTOEVENTO=\"Manual\",$M75=1),$M75>(ROW(PLE.lastrow)-ROW(PLE.firstrow))),0,IF(OFFSET(PLE!$G$14,$M75,BA$13)=\"\",10^12,OFFSET(PLE!$G$14,$M75,BA$13))))","v":1000000000000},{"$f":"IF($D75<>\"Serviço\",0,IF(OR(AND(AUTOEVENTO=\"Manual\",$M75=1),$M75>(ROW(PLE.lastrow)-ROW(PLE.firstrow))),0,IF(OFFSET(PLE!$G$14,$M75,BB$13)=\"\",10^12,OFFSET(PLE!$G$14,$M75,BB$13))))","v":1000000000000},{"$f":"IF($D75<>\"Serviço\",0,IF(OR(AND(AUTOEVENTO=\"Manual\",$M75=1),$M75>(ROW(PLE.lastrow)-ROW(PLE.firstrow))),0,IF(OFFSET(PLE!$G$14,$M75,BC$13)=\"\",10^12,OFFSET(PLE!$G$14,$M75,BC$13))))","v":1000000000000},{"$f":"IF($D75<>\"Serviço\",0,IF(OR(AND(AUTOEVENTO=\"Manual\",$M75=1),$M75>(ROW(PLE.lastrow)-ROW(PLE.firstrow))),0,IF(OFFSET(PLE!$G$14,$M75,BD$13)=\"\",10^12,OFFSET(PLE!$G$14,$M75,BD$13))))","v":1000000000000},{"$f":"IF($D75<>\"Serviço\",0,IF(OR(AND(AUTOEVENTO=\"Manual\",$M75=1),$M75>(ROW(PLE.lastrow)-ROW(PLE.firstrow))),0,IF(OFFSET(PLE!$G$14,$M75,BE$13)=\"\",10^12,OFFSET(PLE!$G$14,$M75,BE$13))))","v":1000000000000},{"$f":"IF($D75<>\"Serviço\",0,IF(OR(AND(AUTOEVENTO=\"Manual\",$M75=1),$M75>(ROW(PLE.lastrow)-ROW(PLE.firstrow))),0,IF(OFFSET(PLE!$G$14,$M75,BF$13)=\"\",10^12,OFFSET(PLE!$G$14,$M75,BF$13))))","v":1000000000000},{"$f":"IF($D75<>\"Serviço\",0,IF(OR(AND(AUTOEVENTO=\"Manual\",$M75=1),$M75>(ROW(PLE.lastrow)-ROW(PLE.firstrow))),0,IF(OFFSET(PLE!$G$14,$M75,BG$13)=\"\",10^12,OFFSET(PLE!$G$14,$M75,BG$13))))","v":1000000000000}]
["58",{"$f":"OFFSET(ORÇAMENTO!C$15,ROW(B76)-ROW(B$15),0)","v":"S"},{"$f":"OFFSET(ORÇAMENTO!L$15,ROW(C76)-ROW(C$15),0)","v":"F"},{"$f":"OFFSET(ORÇAMENTO!N$15,ROW(D76)-ROW(D$15),0)","v":"Serviço"},{"$f":"OFFSET(ORÇAMENTO!O$15,ROW(E76)-ROW(E$15),0)","v":"1.5.0.0.3."},{"$f":"OFFSET(ORÇAMENTO!R$15,ROW(F76)-ROW(F$15),0)","v":"TELHAMENTO COM TELHA CERÂMICA DE ENCAIXE, TIPO FRANCESA, COM MAIS DE 2 ÁGUAS, INCLUSO TRANSPORTE VERTICAL. AF_07/2019"},{"$f":"IF($D76<>\"Serviço\",\"\",OFFSET(ORÇAMENTO!S$15,ROW(G76)-ROW(G$15),0))","v":"M2"},{"$f":"IF($D76<>\"Serviço\",0,IF(ACOMPANHAMENTO=\"BM\",ROUND(OFFSET(ORÇAMENTO!AJ$15,ROW(H76)-ROW(H$15),0),15-13*ORÇAMENTO!$AF$7),SUMPRODUCT(($Q$12:$AA$12<>\"\")*ROUND($Q76:$AA76,15-13*ORÇAMENTO!$AF$7))))","v":286.02},null,null,null,".",{"$f":"IF($D76<>\"Serviço\",\"\",IF(AUTOEVENTO=\"manual\",$A76,IF(ISERROR(MATCH($A76,$A$15:OFFSET($A76,-1,0),0)),MAX($M$15:OFFSET(M76,-1,0))+1,INDEX($M$15:OFFSET(M76,-1,0),MATCH($A76,$A$15:OFFSET($A76,-1,0),0)))))","v":6},{"$f":"IF($D76<>\"Serviço\",\"\",IF(AUTOEVENTO=\"Manual\",IF($A76=0,\"<-- defina o número do agrupador\",OFFSET(EVENTOS!$D$14,$A76,0)),OFFSET($F$15,$A76,0)))","v":"COBERTURA"},null,null,null,null,null,null,null,null,null,null,null,null,null,{"$f":"IF(AND($D76=\"Serviço\",AB$12<>0,$H76>0,OR(AUTOEVENTO<>\"manual\",$M76<>1)),\nIF(Import.TipoArredondamento<>\"TransfereGOV\",\nROUND(OFFSET($P76,0,AB$13),15-13*ORÇAMENTO!$AF$7)/$H76*OFFSET(ORÇAMENTO!$X$15,ROW(AB76)-ROW(AB$15),0),\nROUND(ROUND(OFFSET($P76,0,AB$13),15-13*ORÇAMENTO!$AF$7)*OFFSET(ORÇAMENTO!$W$15,ROW(AB76)-ROW(AB$15),0),15-13*ORÇAMENTO!$AF$11)),0)","v":0},{"$f":"IF(AND($D76=\"Serviço\",AC$12<>0,$H76>0,OR(AUTOEVENTO<>\"manual\",$M76<>1)),\nIF(Import.TipoArredondamento<>\"TransfereGOV\",\nROUND(OFFSET($P76,0,AC$13),15-13*ORÇAMENTO!$AF$7)/$H76*OFFSET(ORÇAMENTO!$X$15,ROW(AC76)-ROW(AC$15),0),\nROUND(ROUND(OFFSET($P76,0,AC$13),15-13*ORÇAMENTO!$AF$7)*OFFSET(ORÇAMENTO!$W$15,ROW(AC76)-ROW(AC$15),0),15-13*ORÇAMENTO!$AF$11)),0)","v":0},{"$f":"IF(AND($D76=\"Serviço\",AD$12<>0,$H76>0,OR(AUTOEVENTO<>\"manual\",$M76<>1)),\nIF(Import.TipoArredondamento<>\"TransfereGOV\",\nROUND(OFFSET($P76,0,AD$13),15-13*ORÇAMENTO!$AF$7)/$H76*OFFSET(ORÇAMENTO!$X$15,ROW(AD76)-ROW(AD$15),0),\nROUND(ROUND(OFFSET($P76,0,AD$13),15-13*ORÇAMENTO!$AF$7)*OFFSET(ORÇAMENTO!$W$15,ROW(AD76)-ROW(AD$15),0),15-13*ORÇAMENTO!$AF$11)),0)","v":0},{"$f":"IF(AND($D76=\"Serviço\",AE$12<>0,$H76>0,OR(AUTOEVENTO<>\"manual\",$M76<>1)),\nIF(Import.TipoArredondamento<>\"TransfereGOV\",\nROUND(OFFSET($P76,0,AE$13),15-13*ORÇAMENTO!$AF$7)/$H76*OFFSET(ORÇAMENTO!$X$15,ROW(AE76)-ROW(AE$15),0),\nROUND(ROUND(OFFSET($P76,0,AE$13),15-13*ORÇAMENTO!$AF$7)*OFFSET(ORÇAMENTO!$W$15,ROW(AE76)-ROW(AE$15),0),15-13*ORÇAMENTO!$AF$11)),0)","v":0},{"$f":"IF(AND($D76=\"Serviço\",AF$12<>0,$H76>0,OR(AUTOEVENTO<>\"manual\",$M76<>1)),\nIF(Import.TipoArredondamento<>\"TransfereGOV\",\nROUND(OFFSET($P76,0,AF$13),15-13*ORÇAMENTO!$AF$7)/$H76*OFFSET(ORÇAMENTO!$X$15,ROW(AF76)-ROW(AF$15),0),\nROUND(ROUND(OFFSET($P76,0,AF$13),15-13*ORÇAMENTO!$AF$7)*OFFSET(ORÇAMENTO!$W$15,ROW(AF76)-ROW(AF$15),0),15-13*ORÇAMENTO!$AF$11)),0)","v":0},{"$f":"IF(AND($D76=\"Serviço\",AG$12<>0,$H76>0,OR(AUTOEVENTO<>\"manual\",$M76<>1)),\nIF(Import.TipoArredondamento<>\"TransfereGOV\",\nROUND(OFFSET($P76,0,AG$13),15-13*ORÇAMENTO!$AF$7)/$H76*OFFSET(ORÇAMENTO!$X$15,ROW(AG76)-ROW(AG$15),0),\nROUND(ROUND(OFFSET($P76,0,AG$13),15-13*ORÇAMENTO!$AF$7)*OFFSET(ORÇAMENTO!$W$15,ROW(AG76)-ROW(AG$15),0),15-13*ORÇAMENTO!$AF$11)),0)","v":0},{"$f":"IF(AND($D76=\"Serviço\",AH$12<>0,$H76>0,OR(AUTOEVENTO<>\"manual\",$M76<>1)),\nIF(Import.TipoArredondamento<>\"TransfereGOV\",\nROUND(OFFSET($P76,0,AH$13),15-13*ORÇAMENTO!$AF$7)/$H76*OFFSET(ORÇAMENTO!$X$15,ROW(AH76)-ROW(AH$15),0),\nROUND(ROUND(OFFSET($P76,0,AH$13),15-13*ORÇAMENTO!$AF$7)*OFFSET(ORÇAMENTO!$W$15,ROW(AH76)-ROW(AH$15),0),15-13*ORÇAMENTO!$AF$11)),0)","v":0},{"$f":"IF(AND($D76=\"Serviço\",AI$12<>0,$H76>0,OR(AUTOEVENTO<>\"manual\",$M76<>1)),\nIF(Import.TipoArredondamento<>\"TransfereGOV\",\nROUND(OFFSET($P76,0,AI$13),15-13*ORÇAMENTO!$AF$7)/$H76*OFFSET(ORÇAMENTO!$X$15,ROW(AI76)-ROW(AI$15),0),\nROUND(ROUND(OFFSET($P76,0,AI$13),15-13*ORÇAMENTO!$AF$7)*OFFSET(ORÇAMENTO!$W$15,ROW(AI76)-ROW(AI$15),0),15-13*ORÇAMENTO!$AF$11)),0)","v":0},{"$f":"IF(AND($D76=\"Serviço\",AJ$12<>0,$H76>0,OR(AUTOEVENTO<>\"manual\",$M76<>1)),\nIF(Import.TipoArredondamento<>\"TransfereGOV\",\nROUND(OFFSET($P76,0,AJ$13),15-13*ORÇAMENTO!$AF$7)/$H76*OFFSET(ORÇAMENTO!$X$15,ROW(AJ76)-ROW(AJ$15),0),\nROUND(ROUND(OFFSET($P76,0,AJ$13),15-13*ORÇAMENTO!$AF$7)*OFFSET(ORÇAMENTO!$W$15,ROW(AJ76)-ROW(AJ$15),0),15-13*ORÇAMENTO!$AF$11)),0)","v":0},{"$f":"IF(AND($D76=\"Serviço\",AK$12<>0,$H76>0,OR(AUTOEVENTO<>\"manual\",$M76<>1)),\nIF(Import.TipoArredondamento<>\"TransfereGOV\",\nROUND(OFFSET($P76,0,AK$13),15-13*ORÇAMENTO!$AF$7)/$H76*OFFSET(ORÇAMENTO!$X$15,ROW(AK76)-ROW(AK$15),0),\nROUND(ROUND(OFFSET($P76,0,AK$13),15-13*ORÇAMENTO!$AF$7)*OFFSET(ORÇAMENTO!$W$15,ROW(AK76)-ROW(AK$15),0),15-13*ORÇAMENTO!$AF$11)),0)","v":0},null,{"$f":"IF($D76<>\"Serviço\",0,IF(AND(AUTOEVENTO=\"Manual\",$M76=1),0,IF(OFFSET(CRONOPLE!$F$14,$M76,AM$13)=\"\",10^12,OFFSET(CRONOPLE!$F$14,$M76,AM$13))))","v":1000000000000},{"$f":"IF($D76<>\"Serviço\",0,IF(AND(AUTOEVENTO=\"Manual\",$M76=1),0,IF(OFFSET(CRONOPLE!$F$14,$M76,AN$13)=\"\",10^12,OFFSET(CRONOPLE!$F$14,$M76,AN$13))))","v":1000000000000},{"$f":"IF($D76<>\"Serviço\",0,IF(AND(AUTOEVENTO=\"Manual\",$M76=1),0,IF(OFFSET(CRONOPLE!$F$14,$M76,AO$13)=\"\",10^12,OFFSET(CRONOPLE!$F$14,$M76,AO$13))))","v":1000000000000},{"$f":"IF($D76<>\"Serviço\",0,IF(AND(AUTOEVENTO=\"Manual\",$M76=1),0,IF(OFFSET(CRONOPLE!$F$14,$M76,AP$13)=\"\",10^12,OFFSET(CRONOPLE!$F$14,$M76,AP$13))))","v":1000000000000},{"$f":"IF($D76<>\"Serviço\",0,IF(AND(AUTOEVENTO=\"Manual\",$M76=1),0,IF(OFFSET(CRONOPLE!$F$14,$M76,AQ$13)=\"\",10^12,OFFSET(CRONOPLE!$F$14,$M76,AQ$13))))","v":1000000000000},{"$f":"IF($D76<>\"Serviço\",0,IF(AND(AUTOEVENTO=\"Manual\",$M76=1),0,IF(OFFSET(CRONOPLE!$F$14,$M76,AR$13)=\"\",10^12,OFFSET(CRONOPLE!$F$14,$M76,AR$13))))","v":1000000000000},{"$f":"IF($D76<>\"Serviço\",0,IF(AND(AUTOEVENTO=\"Manual\",$M76=1),0,IF(OFFSET(CRONOPLE!$F$14,$M76,AS$13)=\"\",10^12,OFFSET(CRONOPLE!$F$14,$M76,AS$13))))","v":1000000000000},{"$f":"IF($D76<>\"Serviço\",0,IF(AND(AUTOEVENTO=\"Manual\",$M76=1),0,IF(OFFSET(CRONOPLE!$F$14,$M76,AT$13)=\"\",10^12,OFFSET(CRONOPLE!$F$14,$M76,AT$13))))","v":1000000000000},{"$f":"IF($D76<>\"Serviço\",0,IF(AND(AUTOEVENTO=\"Manual\",$M76=1),0,IF(OFFSET(CRONOPLE!$F$14,$M76,AU$13)=\"\",10^12,OFFSET(CRONOPLE!$F$14,$M76,AU$13))))","v":1000000000000},{"$f":"IF($D76<>\"Serviço\",0,IF(AND(AUTOEVENTO=\"Manual\",$M76=1),0,IF(OFFSET(CRONOPLE!$F$14,$M76,AV$13)=\"\",10^12,OFFSET(CRONOPLE!$F$14,$M76,AV$13))))","v":1000000000000},null,{"$f":"IF($D76<>\"Serviço\",0,IF(OR(AND(AUTOEVENTO=\"Manual\",$M76=1),$M76>(ROW(PLE.lastrow)-ROW(PLE.firstrow))),0,IF(OFFSET(PLE!$G$14,$M76,AX$13)=\"\",10^12,OFFSET(PLE!$G$14,$M76,AX$13))))","v":1000000000000},{"$f":"IF($D76<>\"Serviço\",0,IF(OR(AND(AUTOEVENTO=\"Manual\",$M76=1),$M76>(ROW(PLE.lastrow)-ROW(PLE.firstrow))),0,IF(OFFSET(PLE!$G$14,$M76,AY$13)=\"\",10^12,OFFSET(PLE!$G$14,$M76,AY$13))))","v":1000000000000},{"$f":"IF($D76<>\"Serviço\",0,IF(OR(AND(AUTOEVENTO=\"Manual\",$M76=1),$M76>(ROW(PLE.lastrow)-ROW(PLE.firstrow))),0,IF(OFFSET(PLE!$G$14,$M76,AZ$13)=\"\",10^12,OFFSET(PLE!$G$14,$M76,AZ$13))))","v":1000000000000},{"$f":"IF($D76<>\"Serviço\",0,IF(OR(AND(AUTOEVENTO=\"Manual\",$M76=1),$M76>(ROW(PLE.lastrow)-ROW(PLE.firstrow))),0,IF(OFFSET(PLE!$G$14,$M76,BA$13)=\"\",10^12,OFFSET(PLE!$G$14,$M76,BA$13))))","v":1000000000000},{"$f":"IF($D76<>\"Serviço\",0,IF(OR(AND(AUTOEVENTO=\"Manual\",$M76=1),$M76>(ROW(PLE.lastrow)-ROW(PLE.firstrow))),0,IF(OFFSET(PLE!$G$14,$M76,BB$13)=\"\",10^12,OFFSET(PLE!$G$14,$M76,BB$13))))","v":1000000000000},{"$f":"IF($D76<>\"Serviço\",0,IF(OR(AND(AUTOEVENTO=\"Manual\",$M76=1),$M76>(ROW(PLE.lastrow)-ROW(PLE.firstrow))),0,IF(OFFSET(PLE!$G$14,$M76,BC$13)=\"\",10^12,OFFSET(PLE!$G$14,$M76,BC$13))))","v":1000000000000},{"$f":"IF($D76<>\"Serviço\",0,IF(OR(AND(AUTOEVENTO=\"Manual\",$M76=1),$M76>(ROW(PLE.lastrow)-ROW(PLE.firstrow))),0,IF(OFFSET(PLE!$G$14,$M76,BD$13)=\"\",10^12,OFFSET(PLE!$G$14,$M76,BD$13))))","v":1000000000000},{"$f":"IF($D76<>\"Serviço\",0,IF(OR(AND(AUTOEVENTO=\"Manual\",$M76=1),$M76>(ROW(PLE.lastrow)-ROW(PLE.firstrow))),0,IF(OFFSET(PLE!$G$14,$M76,BE$13)=\"\",10^12,OFFSET(PLE!$G$14,$M76,BE$13))))","v":1000000000000},{"$f":"IF($D76<>\"Serviço\",0,IF(OR(AND(AUTOEVENTO=\"Manual\",$M76=1),$M76>(ROW(PLE.lastrow)-ROW(PLE.firstrow))),0,IF(OFFSET(PLE!$G$14,$M76,BF$13)=\"\",10^12,OFFSET(PLE!$G$14,$M76,BF$13))))","v":1000000000000},{"$f":"IF($D76<>\"Serviço\",0,IF(OR(AND(AUTOEVENTO=\"Manual\",$M76=1),$M76>(ROW(PLE.lastrow)-ROW(PLE.firstrow))),0,IF(OFFSET(PLE!$G$14,$M76,BG$13)=\"\",10^12,OFFSET(PLE!$G$14,$M76,BG$13))))","v":1000000000000}]
["58",{"$f":"OFFSET(ORÇAMENTO!C$15,ROW(B77)-ROW(B$15),0)","v":"S"},{"$f":"OFFSET(ORÇAMENTO!L$15,ROW(C77)-ROW(C$15),0)","v":"F"},{"$f":"OFFSET(ORÇAMENTO!N$15,ROW(D77)-ROW(D$15),0)","v":"Serviço"},{"$f":"OFFSET(ORÇAMENTO!O$15,ROW(E77)-ROW(E$15),0)","v":"1.5.0.0.4."},{"$f":"OFFSET(ORÇAMENTO!R$15,ROW(F77)-ROW(F$15),0)","v":"CUMEEIRA E ESPIGÃO PARA TELHA CERÂMICA EMBOÇADA COM ARGAMASSA TRAÇO 1:2:9 (CIMENTO, CAL E AREIA), PARA TELHADOS COM MAIS DE 2 ÁGUAS, INCLUSO TRANSPORTE VERTICAL. AF_07/2019"},{"$f":"IF($D77<>\"Serviço\",\"\",OFFSET(ORÇAMENTO!S$15,ROW(G77)-ROW(G$15),0))","v":"M"},{"$f":"IF($D77<>\"Serviço\",0,IF(ACOMPANHAMENTO=\"BM\",ROUND(OFFSET(ORÇAMENTO!AJ$15,ROW(H77)-ROW(H$15),0),15-13*ORÇAMENTO!$AF$7),SUMPRODUCT(($Q$12:$AA$12<>\"\")*ROUND($Q77:$AA77,15-13*ORÇAMENTO!$AF$7))))","v":56.81},null,null,null,".",{"$f":"IF($D77<>\"Serviço\",\"\",IF(AUTOEVENTO=\"manual\",$A77,IF(ISERROR(MATCH($A77,$A$15:OFFSET($A77,-1,0),0)),MAX($M$15:OFFSET(M77,-1,0))+1,INDEX($M$15:OFFSET(M77,-1,0),MATCH($A77,$A$15:OFFSET($A77,-1,0),0)))))","v":6},{"$f":"IF($D77<>\"Serviço\",\"\",IF(AUTOEVENTO=\"Manual\",IF($A77=0,\"<-- defina o número do agrupador\",OFFSET(EVENTOS!$D$14,$A77,0)),OFFSET($F$15,$A77,0)))","v":"COBERTURA"},null,null,null,null,null,null,null,null,null,null,null,null,null,{"$f":"IF(AND($D77=\"Serviço\",AB$12<>0,$H77>0,OR(AUTOEVENTO<>\"manual\",$M77<>1)),\nIF(Import.TipoArredondamento<>\"TransfereGOV\",\nROUND(OFFSET($P77,0,AB$13),15-13*ORÇAMENTO!$AF$7)/$H77*OFFSET(ORÇAMENTO!$X$15,ROW(AB77)-ROW(AB$15),0),\nROUND(ROUND(OFFSET($P77,0,AB$13),15-13*ORÇAMENTO!$AF$7)*OFFSET(ORÇAMENTO!$W$15,ROW(AB77)-ROW(AB$15),0),15-13*ORÇAMENTO!$AF$11)),0)","v":0},{"$f":"IF(AND($D77=\"Serviço\",AC$12<>0,$H77>0,OR(AUTOEVENTO<>\"manual\",$M77<>1)),\nIF(Import.TipoArredondamento<>\"TransfereGOV\",\nROUND(OFFSET($P77,0,AC$13),15-13*ORÇAMENTO!$AF$7)/$H77*OFFSET(ORÇAMENTO!$X$15,ROW(AC77)-ROW(AC$15),0),\nROUND(ROUND(OFFSET($P77,0,AC$13),15-13*ORÇAMENTO!$AF$7)*OFFSET(ORÇAMENTO!$W$15,ROW(AC77)-ROW(AC$15),0),15-13*ORÇAMENTO!$AF$11)),0)","v":0},{"$f":"IF(AND($D77=\"Serviço\",AD$12<>0,$H77>0,OR(AUTOEVENTO<>\"manual\",$M77<>1)),\nIF(Import.TipoArredondamento<>\"TransfereGOV\",\nROUND(OFFSET($P77,0,AD$13),15-13*ORÇAMENTO!$AF$7)/$H77*OFFSET(ORÇAMENTO!$X$15,ROW(AD77)-ROW(AD$15),0),\nROUND(ROUND(OFFSET($P77,0,AD$13),15-13*ORÇAMENTO!$AF$7)*OFFSET(ORÇAMENTO!$W$15,ROW(AD77)-ROW(AD$15),0),15-13*ORÇAMENTO!$AF$11)),0)","v":0},{"$f":"IF(AND($D77=\"Serviço\",AE$12<>0,$H77>0,OR(AUTOEVENTO<>\"manual\",$M77<>1)),\nIF(Import.TipoArredondamento<>\"TransfereGOV\",\nROUND(OFFSET($P77,0,AE$13),15-13*ORÇAMENTO!$AF$7)/$H77*OFFSET(ORÇAMENTO!$X$15,ROW(AE77)-ROW(AE$15),0),\nROUND(ROUND(OFFSET($P77,0,AE$13),15-13*ORÇAMENTO!$AF$7)*OFFSET(ORÇAMENTO!$W$15,ROW(AE77)-ROW(AE$15),0),15-13*ORÇAMENTO!$AF$11)),0)","v":0},{"$f":"IF(AND($D77=\"Serviço\",AF$12<>0,$H77>0,OR(AUTOEVENTO<>\"manual\",$M77<>1)),\nIF(Import.TipoArredondamento<>\"TransfereGOV\",\nROUND(OFFSET($P77,0,AF$13),15-13*ORÇAMENTO!$AF$7)/$H77*OFFSET(ORÇAMENTO!$X$15,ROW(AF77)-ROW(AF$15),0),\nROUND(ROUND(OFFSET($P77,0,AF$13),15-13*ORÇAMENTO!$AF$7)*OFFSET(ORÇAMENTO!$W$15,ROW(AF77)-ROW(AF$15),0),15-13*ORÇAMENTO!$AF$11)),0)","v":0},{"$f":"IF(AND($D77=\"Serviço\",AG$12<>0,$H77>0,OR(AUTOEVENTO<>\"manual\",$M77<>1)),\nIF(Import.TipoArredondamento<>\"TransfereGOV\",\nROUND(OFFSET($P77,0,AG$13),15-13*ORÇAMENTO!$AF$7)/$H77*OFFSET(ORÇAMENTO!$X$15,ROW(AG77)-ROW(AG$15),0),\nROUND(ROUND(OFFSET($P77,0,AG$13),15-13*ORÇAMENTO!$AF$7)*OFFSET(ORÇAMENTO!$W$15,ROW(AG77)-ROW(AG$15),0),15-13*ORÇAMENTO!$AF$11)),0)","v":0},{"$f":"IF(AND($D77=\"Serviço\",AH$12<>0,$H77>0,OR(AUTOEVENTO<>\"manual\",$M77<>1)),\nIF(Import.TipoArredondamento<>\"TransfereGOV\",\nROUND(OFFSET($P77,0,AH$13),15-13*ORÇAMENTO!$AF$7)/$H77*OFFSET(ORÇAMENTO!$X$15,ROW(AH77)-ROW(AH$15),0),\nROUND(ROUND(OFFSET($P77,0,AH$13),15-13*ORÇAMENTO!$AF$7)*OFFSET(ORÇAMENTO!$W$15,ROW(AH77)-ROW(AH$15),0),15-13*ORÇAMENTO!$AF$11)),0)","v":0},{"$f":"IF(AND($D77=\"Serviço\",AI$12<>0,$H77>0,OR(AUTOEVENTO<>\"manual\",$M77<>1)),\nIF(Import.TipoArredondamento<>\"TransfereGOV\",\nROUND(OFFSET($P77,0,AI$13),15-13*ORÇAMENTO!$AF$7)/$H77*OFFSET(ORÇAMENTO!$X$15,ROW(AI77)-ROW(AI$15),0),\nROUND(ROUND(OFFSET($P77,0,AI$13),15-13*ORÇAMENTO!$AF$7)*OFFSET(ORÇAMENTO!$W$15,ROW(AI77)-ROW(AI$15),0),15-13*ORÇAMENTO!$AF$11)),0)","v":0},{"$f":"IF(AND($D77=\"Serviço\",AJ$12<>0,$H77>0,OR(AUTOEVENTO<>\"manual\",$M77<>1)),\nIF(Import.TipoArredondamento<>\"TransfereGOV\",\nROUND(OFFSET($P77,0,AJ$13),15-13*ORÇAMENTO!$AF$7)/$H77*OFFSET(ORÇAMENTO!$X$15,ROW(AJ77)-ROW(AJ$15),0),\nROUND(ROUND(OFFSET($P77,0,AJ$13),15-13*ORÇAMENTO!$AF$7)*OFFSET(ORÇAMENTO!$W$15,ROW(AJ77)-ROW(AJ$15),0),15-13*ORÇAMENTO!$AF$11)),0)","v":0},{"$f":"IF(AND($D77=\"Serviço\",AK$12<>0,$H77>0,OR(AUTOEVENTO<>\"manual\",$M77<>1)),\nIF(Import.TipoArredondamento<>\"TransfereGOV\",\nROUND(OFFSET($P77,0,AK$13),15-13*ORÇAMENTO!$AF$7)/$H77*OFFSET(ORÇAMENTO!$X$15,ROW(AK77)-ROW(AK$15),0),\nROUND(ROUND(OFFSET($P77,0,AK$13),15-13*ORÇAMENTO!$AF$7)*OFFSET(ORÇAMENTO!$W$15,ROW(AK77)-ROW(AK$15),0),15-13*ORÇAMENTO!$AF$11)),0)","v":0},null,{"$f":"IF($D77<>\"Serviço\",0,IF(AND(AUTOEVENTO=\"Manual\",$M77=1),0,IF(OFFSET(CRONOPLE!$F$14,$M77,AM$13)=\"\",10^12,OFFSET(CRONOPLE!$F$14,$M77,AM$13))))","v":1000000000000},{"$f":"IF($D77<>\"Serviço\",0,IF(AND(AUTOEVENTO=\"Manual\",$M77=1),0,IF(OFFSET(CRONOPLE!$F$14,$M77,AN$13)=\"\",10^12,OFFSET(CRONOPLE!$F$14,$M77,AN$13))))","v":1000000000000},{"$f":"IF($D77<>\"Serviço\",0,IF(AND(AUTOEVENTO=\"Manual\",$M77=1),0,IF(OFFSET(CRONOPLE!$F$14,$M77,AO$13)=\"\",10^12,OFFSET(CRONOPLE!$F$14,$M77,AO$13))))","v":1000000000000},{"$f":"IF($D77<>\"Serviço\",0,IF(AND(AUTOEVENTO=\"Manual\",$M77=1),0,IF(OFFSET(CRONOPLE!$F$14,$M77,AP$13)=\"\",10^12,OFFSET(CRONOPLE!$F$14,$M77,AP$13))))","v":1000000000000},{"$f":"IF($D77<>\"Serviço\",0,IF(AND(AUTOEVENTO=\"Manual\",$M77=1),0,IF(OFFSET(CRONOPLE!$F$14,$M77,AQ$13)=\"\",10^12,OFFSET(CRONOPLE!$F$14,$M77,AQ$13))))","v":1000000000000},{"$f":"IF($D77<>\"Serviço\",0,IF(AND(AUTOEVENTO=\"Manual\",$M77=1),0,IF(OFFSET(CRONOPLE!$F$14,$M77,AR$13)=\"\",10^12,OFFSET(CRONOPLE!$F$14,$M77,AR$13))))","v":1000000000000},{"$f":"IF($D77<>\"Serviço\",0,IF(AND(AUTOEVENTO=\"Manual\",$M77=1),0,IF(OFFSET(CRONOPLE!$F$14,$M77,AS$13)=\"\",10^12,OFFSET(CRONOPLE!$F$14,$M77,AS$13))))","v":1000000000000},{"$f":"IF($D77<>\"Serviço\",0,IF(AND(AUTOEVENTO=\"Manual\",$M77=1),0,IF(OFFSET(CRONOPLE!$F$14,$M77,AT$13)=\"\",10^12,OFFSET(CRONOPLE!$F$14,$M77,AT$13))))","v":1000000000000},{"$f":"IF($D77<>\"Serviço\",0,IF(AND(AUTOEVENTO=\"Manual\",$M77=1),0,IF(OFFSET(CRONOPLE!$F$14,$M77,AU$13)=\"\",10^12,OFFSET(CRONOPLE!$F$14,$M77,AU$13))))","v":1000000000000},{"$f":"IF($D77<>\"Serviço\",0,IF(AND(AUTOEVENTO=\"Manual\",$M77=1),0,IF(OFFSET(CRONOPLE!$F$14,$M77,AV$13)=\"\",10^12,OFFSET(CRONOPLE!$F$14,$M77,AV$13))))","v":1000000000000},null,{"$f":"IF($D77<>\"Serviço\",0,IF(OR(AND(AUTOEVENTO=\"Manual\",$M77=1),$M77>(ROW(PLE.lastrow)-ROW(PLE.firstrow))),0,IF(OFFSET(PLE!$G$14,$M77,AX$13)=\"\",10^12,OFFSET(PLE!$G$14,$M77,AX$13))))","v":1000000000000},{"$f":"IF($D77<>\"Serviço\",0,IF(OR(AND(AUTOEVENTO=\"Manual\",$M77=1),$M77>(ROW(PLE.lastrow)-ROW(PLE.firstrow))),0,IF(OFFSET(PLE!$G$14,$M77,AY$13)=\"\",10^12,OFFSET(PLE!$G$14,$M77,AY$13))))","v":1000000000000},{"$f":"IF($D77<>\"Serviço\",0,IF(OR(AND(AUTOEVENTO=\"Manual\",$M77=1),$M77>(ROW(PLE.lastrow)-ROW(PLE.firstrow))),0,IF(OFFSET(PLE!$G$14,$M77,AZ$13)=\"\",10^12,OFFSET(PLE!$G$14,$M77,AZ$13))))","v":1000000000000},{"$f":"IF($D77<>\"Serviço\",0,IF(OR(AND(AUTOEVENTO=\"Manual\",$M77=1),$M77>(ROW(PLE.lastrow)-ROW(PLE.firstrow))),0,IF(OFFSET(PLE!$G$14,$M77,BA$13)=\"\",10^12,OFFSET(PLE!$G$14,$M77,BA$13))))","v":1000000000000},{"$f":"IF($D77<>\"Serviço\",0,IF(OR(AND(AUTOEVENTO=\"Manual\",$M77=1),$M77>(ROW(PLE.lastrow)-ROW(PLE.firstrow))),0,IF(OFFSET(PLE!$G$14,$M77,BB$13)=\"\",10^12,OFFSET(PLE!$G$14,$M77,BB$13))))","v":1000000000000},{"$f":"IF($D77<>\"Serviço\",0,IF(OR(AND(AUTOEVENTO=\"Manual\",$M77=1),$M77>(ROW(PLE.lastrow)-ROW(PLE.firstrow))),0,IF(OFFSET(PLE!$G$14,$M77,BC$13)=\"\",10^12,OFFSET(PLE!$G$14,$M77,BC$13))))","v":1000000000000},{"$f":"IF($D77<>\"Serviço\",0,IF(OR(AND(AUTOEVENTO=\"Manual\",$M77=1),$M77>(ROW(PLE.lastrow)-ROW(PLE.firstrow))),0,IF(OFFSET(PLE!$G$14,$M77,BD$13)=\"\",10^12,OFFSET(PLE!$G$14,$M77,BD$13))))","v":1000000000000},{"$f":"IF($D77<>\"Serviço\",0,IF(OR(AND(AUTOEVENTO=\"Manual\",$M77=1),$M77>(ROW(PLE.lastrow)-ROW(PLE.firstrow))),0,IF(OFFSET(PLE!$G$14,$M77,BE$13)=\"\",10^12,OFFSET(PLE!$G$14,$M77,BE$13))))","v":1000000000000},{"$f":"IF($D77<>\"Serviço\",0,IF(OR(AND(AUTOEVENTO=\"Manual\",$M77=1),$M77>(ROW(PLE.lastrow)-ROW(PLE.firstrow))),0,IF(OFFSET(PLE!$G$14,$M77,BF$13)=\"\",10^12,OFFSET(PLE!$G$14,$M77,BF$13))))","v":1000000000000},{"$f":"IF($D77<>\"Serviço\",0,IF(OR(AND(AUTOEVENTO=\"Manual\",$M77=1),$M77>(ROW(PLE.lastrow)-ROW(PLE.firstrow))),0,IF(OFFSET(PLE!$G$14,$M77,BG$13)=\"\",10^12,OFFSET(PLE!$G$14,$M77,BG$13))))","v":1000000000000}]
["58",{"$f":"OFFSET(ORÇAMENTO!C$15,ROW(B78)-ROW(B$15),0)","v":"S"},{"$f":"OFFSET(ORÇAMENTO!L$15,ROW(C78)-ROW(C$15),0)","v":"F"},{"$f":"OFFSET(ORÇAMENTO!N$15,ROW(D78)-ROW(D$15),0)","v":"Serviço"},{"$f":"OFFSET(ORÇAMENTO!O$15,ROW(E78)-ROW(E$15),0)","v":"1.5.0.0.5."},{"$f":"OFFSET(ORÇAMENTO!R$15,ROW(F78)-ROW(F$15),0)","v":"CALHA EM CHAPA DE AÇO GALVANIZADO NÚMERO 24, DESENVOLVIMENTO DE 33 CM, INCLUSO TRANSPORTE VERTICAL. AF_07/2019"},{"$f":"IF($D78<>\"Serviço\",\"\",OFFSET(ORÇAMENTO!S$15,ROW(G78)-ROW(G$15),0))","v":"M"},{"$f":"IF($D78<>\"Serviço\",0,IF(ACOMPANHAMENTO=\"BM\",ROUND(OFFSET(ORÇAMENTO!AJ$15,ROW(H78)-ROW(H$15),0),15-13*ORÇAMENTO!$AF$7),SUMPRODUCT(($Q$12:$AA$12<>\"\")*ROUND($Q78:$AA78,15-13*ORÇAMENTO!$AF$7))))","v":61.43},null,null,null,".",{"$f":"IF($D78<>\"Serviço\",\"\",IF(AUTOEVENTO=\"manual\",$A78,IF(ISERROR(MATCH($A78,$A$15:OFFSET($A78,-1,0),0)),MAX($M$15:OFFSET(M78,-1,0))+1,INDEX($M$15:OFFSET(M78,-1,0),MATCH($A78,$A$15:OFFSET($A78,-1,0),0)))))","v":6},{"$f":"IF($D78<>\"Serviço\",\"\",IF(AUTOEVENTO=\"Manual\",IF($A78=0,\"<-- defina o número do agrupador\",OFFSET(EVENTOS!$D$14,$A78,0)),OFFSET($F$15,$A78,0)))","v":"COBERTURA"},null,null,null,null,null,null,null,null,null,null,null,null,null,{"$f":"IF(AND($D78=\"Serviço\",AB$12<>0,$H78>0,OR(AUTOEVENTO<>\"manual\",$M78<>1)),\nIF(Import.TipoArredondamento<>\"TransfereGOV\",\nROUND(OFFSET($P78,0,AB$13),15-13*ORÇAMENTO!$AF$7)/$H78*OFFSET(ORÇAMENTO!$X$15,ROW(AB78)-ROW(AB$15),0),\nROUND(ROUND(OFFSET($P78,0,AB$13),15-13*ORÇAMENTO!$AF$7)*OFFSET(ORÇAMENTO!$W$15,ROW(AB78)-ROW(AB$15),0),15-13*ORÇAMENTO!$AF$11)),0)","v":0},{"$f":"IF(AND($D78=\"Serviço\",AC$12<>0,$H78>0,OR(AUTOEVENTO<>\"manual\",$M78<>1)),\nIF(Import.TipoArredondamento<>\"TransfereGOV\",\nROUND(OFFSET($P78,0,AC$13),15-13*ORÇAMENTO!$AF$7)/$H78*OFFSET(ORÇAMENTO!$X$15,ROW(AC78)-ROW(AC$15),0),\nROUND(ROUND(OFFSET($P78,0,AC$13),15-13*ORÇAMENTO!$AF$7)*OFFSET(ORÇAMENTO!$W$15,ROW(AC78)-ROW(AC$15),0),15-13*ORÇAMENTO!$AF$11)),0)","v":0},{"$f":"IF(AND($D78=\"Serviço\",AD$12<>0,$H78>0,OR(AUTOEVENTO<>\"manual\",$M78<>1)),\nIF(Import.TipoArredondamento<>\"TransfereGOV\",\nROUND(OFFSET($P78,0,AD$13),15-13*ORÇAMENTO!$AF$7)/$H78*OFFSET(ORÇAMENTO!$X$15,ROW(AD78)-ROW(AD$15),0),\nROUND(ROUND(OFFSET($P78,0,AD$13),15-13*ORÇAMENTO!$AF$7)*OFFSET(ORÇAMENTO!$W$15,ROW(AD78)-ROW(AD$15),0),15-13*ORÇAMENTO!$AF$11)),0)","v":0},{"$f":"IF(AND($D78=\"Serviço\",AE$12<>0,$H78>0,OR(AUTOEVENTO<>\"manual\",$M78<>1)),\nIF(Import.TipoArredondamento<>\"TransfereGOV\",\nROUND(OFFSET($P78,0,AE$13),15-13*ORÇAMENTO!$AF$7)/$H78*OFFSET(ORÇAMENTO!$X$15,ROW(AE78)-ROW(AE$15),0),\nROUND(ROUND(OFFSET($P78,0,AE$13),15-13*ORÇAMENTO!$AF$7)*OFFSET(ORÇAMENTO!$W$15,ROW(AE78)-ROW(AE$15),0),15-13*ORÇAMENTO!$AF$11)),0)","v":0},{"$f":"IF(AND($D78=\"Serviço\",AF$12<>0,$H78>0,OR(AUTOEVENTO<>\"manual\",$M78<>1)),\nIF(Import.TipoArredondamento<>\"TransfereGOV\",\nROUND(OFFSET($P78,0,AF$13),15-13*ORÇAMENTO!$AF$7)/$H78*OFFSET(ORÇAMENTO!$X$15,ROW(AF78)-ROW(AF$15),0),\nROUND(ROUND(OFFSET($P78,0,AF$13),15-13*ORÇAMENTO!$AF$7)*OFFSET(ORÇAMENTO!$W$15,ROW(AF78)-ROW(AF$15),0),15-13*ORÇAMENTO!$AF$11)),0)","v":0},{"$f":"IF(AND($D78=\"Serviço\",AG$12<>0,$H78>0,OR(AUTOEVENTO<>\"manual\",$M78<>1)),\nIF(Import.TipoArredondamento<>\"TransfereGOV\",\nROUND(OFFSET($P78,0,AG$13),15-13*ORÇAMENTO!$AF$7)/$H78*OFFSET(ORÇAMENTO!$X$15,ROW(AG78)-ROW(AG$15),0),\nROUND(ROUND(OFFSET($P78,0,AG$13),15-13*ORÇAMENTO!$AF$7)*OFFSET(ORÇAMENTO!$W$15,ROW(AG78)-ROW(AG$15),0),15-13*ORÇAMENTO!$AF$11)),0)","v":0},{"$f":"IF(AND($D78=\"Serviço\",AH$12<>0,$H78>0,OR(AUTOEVENTO<>\"manual\",$M78<>1)),\nIF(Import.TipoArredondamento<>\"TransfereGOV\",\nROUND(OFFSET($P78,0,AH$13),15-13*ORÇAMENTO!$AF$7)/$H78*OFFSET(ORÇAMENTO!$X$15,ROW(AH78)-ROW(AH$15),0),\nROUND(ROUND(OFFSET($P78,0,AH$13),15-13*ORÇAMENTO!$AF$7)*OFFSET(ORÇAMENTO!$W$15,ROW(AH78)-ROW(AH$15),0),15-13*ORÇAMENTO!$AF$11)),0)","v":0},{"$f":"IF(AND($D78=\"Serviço\",AI$12<>0,$H78>0,OR(AUTOEVENTO<>\"manual\",$M78<>1)),\nIF(Import.TipoArredondamento<>\"TransfereGOV\",\nROUND(OFFSET($P78,0,AI$13),15-13*ORÇAMENTO!$AF$7)/$H78*OFFSET(ORÇAMENTO!$X$15,ROW(AI78)-ROW(AI$15),0),\nROUND(ROUND(OFFSET($P78,0,AI$13),15-13*ORÇAMENTO!$AF$7)*OFFSET(ORÇAMENTO!$W$15,ROW(AI78)-ROW(AI$15),0),15-13*ORÇAMENTO!$AF$11)),0)","v":0},{"$f":"IF(AND($D78=\"Serviço\",AJ$12<>0,$H78>0,OR(AUTOEVENTO<>\"manual\",$M78<>1)),\nIF(Import.TipoArredondamento<>\"TransfereGOV\",\nROUND(OFFSET($P78,0,AJ$13),15-13*ORÇAMENTO!$AF$7)/$H78*OFFSET(ORÇAMENTO!$X$15,ROW(AJ78)-ROW(AJ$15),0),\nROUND(ROUND(OFFSET($P78,0,AJ$13),15-13*ORÇAMENTO!$AF$7)*OFFSET(ORÇAMENTO!$W$15,ROW(AJ78)-ROW(AJ$15),0),15-13*ORÇAMENTO!$AF$11)),0)","v":0},{"$f":"IF(AND($D78=\"Serviço\",AK$12<>0,$H78>0,OR(AUTOEVENTO<>\"manual\",$M78<>1)),\nIF(Import.TipoArredondamento<>\"TransfereGOV\",\nROUND(OFFSET($P78,0,AK$13),15-13*ORÇAMENTO!$AF$7)/$H78*OFFSET(ORÇAMENTO!$X$15,ROW(AK78)-ROW(AK$15),0),\nROUND(ROUND(OFFSET($P78,0,AK$13),15-13*ORÇAMENTO!$AF$7)*OFFSET(ORÇAMENTO!$W$15,ROW(AK78)-ROW(AK$15),0),15-13*ORÇAMENTO!$AF$11)),0)","v":0},null,{"$f":"IF($D78<>\"Serviço\",0,IF(AND(AUTOEVENTO=\"Manual\",$M78=1),0,IF(OFFSET(CRONOPLE!$F$14,$M78,AM$13)=\"\",10^12,OFFSET(CRONOPLE!$F$14,$M78,AM$13))))","v":1000000000000},{"$f":"IF($D78<>\"Serviço\",0,IF(AND(AUTOEVENTO=\"Manual\",$M78=1),0,IF(OFFSET(CRONOPLE!$F$14,$M78,AN$13)=\"\",10^12,OFFSET(CRONOPLE!$F$14,$M78,AN$13))))","v":1000000000000},{"$f":"IF($D78<>\"Serviço\",0,IF(AND(AUTOEVENTO=\"Manual\",$M78=1),0,IF(OFFSET(CRONOPLE!$F$14,$M78,AO$13)=\"\",10^12,OFFSET(CRONOPLE!$F$14,$M78,AO$13))))","v":1000000000000},{"$f":"IF($D78<>\"Serviço\",0,IF(AND(AUTOEVENTO=\"Manual\",$M78=1),0,IF(OFFSET(CRONOPLE!$F$14,$M78,AP$13)=\"\",10^12,OFFSET(CRONOPLE!$F$14,$M78,AP$13))))","v":1000000000000},{"$f":"IF($D78<>\"Serviço\",0,IF(AND(AUTOEVENTO=\"Manual\",$M78=1),0,IF(OFFSET(CRONOPLE!$F$14,$M78,AQ$13)=\"\",10^12,OFFSET(CRONOPLE!$F$14,$M78,AQ$13))))","v":1000000000000},{"$f":"IF($D78<>\"Serviço\",0,IF(AND(AUTOEVENTO=\"Manual\",$M78=1),0,IF(OFFSET(CRONOPLE!$F$14,$M78,AR$13)=\"\",10^12,OFFSET(CRONOPLE!$F$14,$M78,AR$13))))","v":1000000000000},{"$f":"IF($D78<>\"Serviço\",0,IF(AND(AUTOEVENTO=\"Manual\",$M78=1),0,IF(OFFSET(CRONOPLE!$F$14,$M78,AS$13)=\"\",10^12,OFFSET(CRONOPLE!$F$14,$M78,AS$13))))","v":1000000000000},{"$f":"IF($D78<>\"Serviço\",0,IF(AND(AUTOEVENTO=\"Manual\",$M78=1),0,IF(OFFSET(CRONOPLE!$F$14,$M78,AT$13)=\"\",10^12,OFFSET(CRONOPLE!$F$14,$M78,AT$13))))","v":1000000000000},{"$f":"IF($D78<>\"Serviço\",0,IF(AND(AUTOEVENTO=\"Manual\",$M78=1),0,IF(OFFSET(CRONOPLE!$F$14,$M78,AU$13)=\"\",10^12,OFFSET(CRONOPLE!$F$14,$M78,AU$13))))","v":1000000000000},{"$f":"IF($D78<>\"Serviço\",0,IF(AND(AUTOEVENTO=\"Manual\",$M78=1),0,IF(OFFSET(CRONOPLE!$F$14,$M78,AV$13)=\"\",10^12,OFFSET(CRONOPLE!$F$14,$M78,AV$13))))","v":1000000000000},null,{"$f":"IF($D78<>\"Serviço\",0,IF(OR(AND(AUTOEVENTO=\"Manual\",$M78=1),$M78>(ROW(PLE.lastrow)-ROW(PLE.firstrow))),0,IF(OFFSET(PLE!$G$14,$M78,AX$13)=\"\",10^12,OFFSET(PLE!$G$14,$M78,AX$13))))","v":1000000000000},{"$f":"IF($D78<>\"Serviço\",0,IF(OR(AND(AUTOEVENTO=\"Manual\",$M78=1),$M78>(ROW(PLE.lastrow)-ROW(PLE.firstrow))),0,IF(OFFSET(PLE!$G$14,$M78,AY$13)=\"\",10^12,OFFSET(PLE!$G$14,$M78,AY$13))))","v":1000000000000},{"$f":"IF($D78<>\"Serviço\",0,IF(OR(AND(AUTOEVENTO=\"Manual\",$M78=1),$M78>(ROW(PLE.lastrow)-ROW(PLE.firstrow))),0,IF(OFFSET(PLE!$G$14,$M78,AZ$13)=\"\",10^12,OFFSET(PLE!$G$14,$M78,AZ$13))))","v":1000000000000},{"$f":"IF($D78<>\"Serviço\",0,IF(OR(AND(AUTOEVENTO=\"Manual\",$M78=1),$M78>(ROW(PLE.lastrow)-ROW(PLE.firstrow))),0,IF(OFFSET(PLE!$G$14,$M78,BA$13)=\"\",10^12,OFFSET(PLE!$G$14,$M78,BA$13))))","v":1000000000000},{"$f":"IF($D78<>\"Serviço\",0,IF(OR(AND(AUTOEVENTO=\"Manual\",$M78=1),$M78>(ROW(PLE.lastrow)-ROW(PLE.firstrow))),0,IF(OFFSET(PLE!$G$14,$M78,BB$13)=\"\",10^12,OFFSET(PLE!$G$14,$M78,BB$13))))","v":1000000000000},{"$f":"IF($D78<>\"Serviço\",0,IF(OR(AND(AUTOEVENTO=\"Manual\",$M78=1),$M78>(ROW(PLE.lastrow)-ROW(PLE.firstrow))),0,IF(OFFSET(PLE!$G$14,$M78,BC$13)=\"\",10^12,OFFSET(PLE!$G$14,$M78,BC$13))))","v":1000000000000},{"$f":"IF($D78<>\"Serviço\",0,IF(OR(AND(AUTOEVENTO=\"Manual\",$M78=1),$M78>(ROW(PLE.lastrow)-ROW(PLE.firstrow))),0,IF(OFFSET(PLE!$G$14,$M78,BD$13)=\"\",10^12,OFFSET(PLE!$G$14,$M78,BD$13))))","v":1000000000000},{"$f":"IF($D78<>\"Serviço\",0,IF(OR(AND(AUTOEVENTO=\"Manual\",$M78=1),$M78>(ROW(PLE.lastrow)-ROW(PLE.firstrow))),0,IF(OFFSET(PLE!$G$14,$M78,BE$13)=\"\",10^12,OFFSET(PLE!$G$14,$M78,BE$13))))","v":1000000000000},{"$f":"IF($D78<>\"Serviço\",0,IF(OR(AND(AUTOEVENTO=\"Manual\",$M78=1),$M78>(ROW(PLE.lastrow)-ROW(PLE.firstrow))),0,IF(OFFSET(PLE!$G$14,$M78,BF$13)=\"\",10^12,OFFSET(PLE!$G$14,$M78,BF$13))))","v":1000000000000},{"$f":"IF($D78<>\"Serviço\",0,IF(OR(AND(AUTOEVENTO=\"Manual\",$M78=1),$M78>(ROW(PLE.lastrow)-ROW(PLE.firstrow))),0,IF(OFFSET(PLE!$G$14,$M78,BG$13)=\"\",10^12,OFFSET(PLE!$G$14,$M78,BG$13))))","v":1000000000000}]
[{"$f":"IF(AUTOEVENTO=\"Manual\",IF(K79<>\"\",MIN(VALUE(LEFT(K79,FIND(\".\",K79)-1)),COUNTA(EVENTOS.Lista)),0),IF(OR($B79>AUTOEVENTO,$B79=\"S\",$B79=0),SUBSTITUTE(OFFSET($A79,-1,0),IF($D79=\"Serviço\",\".\",\"\"),\"\"),ROW(A79)-ROW($A$15)&\".\"))","v":"58"},{"$f":"OFFSET(ORÇAMENTO!C$15,ROW(B79)-ROW(B$15),0)","v":"S"},{"$f":"OFFSET(ORÇAMENTO!L$15,ROW(C79)-ROW(C$15),0)","v":"F"},{"$f":"OFFSET(ORÇAMENTO!N$15,ROW(D79)-ROW(D$15),0)","v":"Serviço"},{"$f":"OFFSET(ORÇAMENTO!O$15,ROW(E79)-ROW(E$15),0)","v":"1.5.0.0.6."},{"$f":"OFFSET(ORÇAMENTO!R$15,ROW(F79)-ROW(F$15),0)","v":"CALHA PARA AGUA FURTADA DE CHAPA DE ACO GALVANIZADA NUM 26, CORTE 50 CM - FORNECIMENTO E INSTALAÇÃO                                                                                                                                                                                                                                                                                                                                                                                                                                 "},{"$f":"IF($D79<>\"Serviço\",\"\",OFFSET(ORÇAMENTO!S$15,ROW(G79)-ROW(G$15),0))","v":"M"},{"$f":"IF($D79<>\"Serviço\",0,IF(ACOMPANHAMENTO=\"BM\",ROUND(OFFSET(ORÇAMENTO!AJ$15,ROW(H79)-ROW(H$15),0),15-13*ORÇAMENTO!$AF$7),SUMPRODUCT(($Q$12:$AA$12<>\"\")*ROUND($Q79:$AA79,15-13*ORÇAMENTO!$AF$7))))","v":14.26},null,null,null,".",{"$f":"IF($D79<>\"Serviço\",\"\",IF(AUTOEVENTO=\"manual\",$A79,IF(ISERROR(MATCH($A79,$A$15:OFFSET($A79,-1,0),0)),MAX($M$15:OFFSET(M79,-1,0))+1,INDEX($M$15:OFFSET(M79,-1,0),MATCH($A79,$A$15:OFFSET($A79,-1,0),0)))))","v":6},{"$f":"IF($D79<>\"Serviço\",\"\",IF(AUTOEVENTO=\"Manual\",IF($A79=0,\"<-- defina o número do agrupador\",OFFSET(EVENTOS!$D$14,$A79,0)),OFFSET($F$15,$A79,0)))","v":"COBERTURA"},null,null,null,null,null,null,null,null,null,null,null,null,null,{"$f":"IF(AND($D79=\"Serviço\",AB$12<>0,$H79>0,OR(AUTOEVENTO<>\"manual\",$M79<>1)),\nIF(Import.TipoArredondamento<>\"TransfereGOV\",\nROUND(OFFSET($P79,0,AB$13),15-13*ORÇAMENTO!$AF$7)/$H79*OFFSET(ORÇAMENTO!$X$15,ROW(AB79)-ROW(AB$15),0),\nROUND(ROUND(OFFSET($P79,0,AB$13),15-13*ORÇAMENTO!$AF$7)*OFFSET(ORÇAMENTO!$W$15,ROW(AB79)-ROW(AB$15),0),15-13*ORÇAMENTO!$AF$11)),0)","v":0},{"$f":"IF(AND($D79=\"Serviço\",AC$12<>0,$H79>0,OR(AUTOEVENTO<>\"manual\",$M79<>1)),\nIF(Import.TipoArredondamento<>\"TransfereGOV\",\nROUND(OFFSET($P79,0,AC$13),15-13*ORÇAMENTO!$AF$7)/$H79*OFFSET(ORÇAMENTO!$X$15,ROW(AC79)-ROW(AC$15),0),\nROUND(ROUND(OFFSET($P79,0,AC$13),15-13*ORÇAMENTO!$AF$7)*OFFSET(ORÇAMENTO!$W$15,ROW(AC79)-ROW(AC$15),0),15-13*ORÇAMENTO!$AF$11)),0)","v":0},{"$f":"IF(AND($D79=\"Serviço\",AD$12<>0,$H79>0,OR(AUTOEVENTO<>\"manual\",$M79<>1)),\nIF(Import.TipoArredondamento<>\"TransfereGOV\",\nROUND(OFFSET($P79,0,AD$13),15-13*ORÇAMENTO!$AF$7)/$H79*OFFSET(ORÇAMENTO!$X$15,ROW(AD79)-ROW(AD$15),0),\nROUND(ROUND(OFFSET($P79,0,AD$13),15-13*ORÇAMENTO!$AF$7)*OFFSET(ORÇAMENTO!$W$15,ROW(AD79)-ROW(AD$15),0),15-13*ORÇAMENTO!$AF$11)),0)","v":0},{"$f":"IF(AND($D79=\"Serviço\",AE$12<>0,$H79>0,OR(AUTOEVENTO<>\"manual\",$M79<>1)),\nIF(Import.TipoArredondamento<>\"TransfereGOV\",\nROUND(OFFSET($P79,0,AE$13),15-13*ORÇAMENTO!$AF$7)/$H79*OFFSET(ORÇAMENTO!$X$15,ROW(AE79)-ROW(AE$15),0),\nROUND(ROUND(OFFSET($P79,0,AE$13),15-13*ORÇAMENTO!$AF$7)*OFFSET(ORÇAMENTO!$W$15,ROW(AE79)-ROW(AE$15),0),15-13*ORÇAMENTO!$AF$11)),0)","v":0},{"$f":"IF(AND($D79=\"Serviço\",AF$12<>0,$H79>0,OR(AUTOEVENTO<>\"manual\",$M79<>1)),\nIF(Import.TipoArredondamento<>\"TransfereGOV\",\nROUND(OFFSET($P79,0,AF$13),15-13*ORÇAMENTO!$AF$7)/$H79*OFFSET(ORÇAMENTO!$X$15,ROW(AF79)-ROW(AF$15),0),\nROUND(ROUND(OFFSET($P79,0,AF$13),15-13*ORÇAMENTO!$AF$7)*OFFSET(ORÇAMENTO!$W$15,ROW(AF79)-ROW(AF$15),0),15-13*ORÇAMENTO!$AF$11)),0)","v":0},{"$f":"IF(AND($D79=\"Serviço\",AG$12<>0,$H79>0,OR(AUTOEVENTO<>\"manual\",$M79<>1)),\nIF(Import.TipoArredondamento<>\"TransfereGOV\",\nROUND(OFFSET($P79,0,AG$13),15-13*ORÇAMENTO!$AF$7)/$H79*OFFSET(ORÇAMENTO!$X$15,ROW(AG79)-ROW(AG$15),0),\nROUND(ROUND(OFFSET($P79,0,AG$13),15-13*ORÇAMENTO!$AF$7)*OFFSET(ORÇAMENTO!$W$15,ROW(AG79)-ROW(AG$15),0),15-13*ORÇAMENTO!$AF$11)),0)","v":0},{"$f":"IF(AND($D79=\"Serviço\",AH$12<>0,$H79>0,OR(AUTOEVENTO<>\"manual\",$M79<>1)),\nIF(Import.TipoArredondamento<>\"TransfereGOV\",\nROUND(OFFSET($P79,0,AH$13),15-13*ORÇAMENTO!$AF$7)/$H79*OFFSET(ORÇAMENTO!$X$15,ROW(AH79)-ROW(AH$15),0),\nROUND(ROUND(OFFSET($P79,0,AH$13),15-13*ORÇAMENTO!$AF$7)*OFFSET(ORÇAMENTO!$W$15,ROW(AH79)-ROW(AH$15),0),15-13*ORÇAMENTO!$AF$11)),0)","v":0},{"$f":"IF(AND($D79=\"Serviço\",AI$12<>0,$H79>0,OR(AUTOEVENTO<>\"manual\",$M79<>1)),\nIF(Import.TipoArredondamento<>\"TransfereGOV\",\nROUND(OFFSET($P79,0,AI$13),15-13*ORÇAMENTO!$AF$7)/$H79*OFFSET(ORÇAMENTO!$X$15,ROW(AI79)-ROW(AI$15),0),\nROUND(ROUND(OFFSET($P79,0,AI$13),15-13*ORÇAMENTO!$AF$7)*OFFSET(ORÇAMENTO!$W$15,ROW(AI79)-ROW(AI$15),0),15-13*ORÇAMENTO!$AF$11)),0)","v":0},{"$f":"IF(AND($D79=\"Serviço\",AJ$12<>0,$H79>0,OR(AUTOEVENTO<>\"manual\",$M79<>1)),\nIF(Import.TipoArredondamento<>\"TransfereGOV\",\nROUND(OFFSET($P79,0,AJ$13),15-13*ORÇAMENTO!$AF$7)/$H79*OFFSET(ORÇAMENTO!$X$15,ROW(AJ79)-ROW(AJ$15),0),\nROUND(ROUND(OFFSET($P79,0,AJ$13),15-13*ORÇAMENTO!$AF$7)*OFFSET(ORÇAMENTO!$W$15,ROW(AJ79)-ROW(AJ$15),0),15-13*ORÇAMENTO!$AF$11)),0)","v":0},{"$f":"IF(AND($D79=\"Serviço\",AK$12<>0,$H79>0,OR(AUTOEVENTO<>\"manual\",$M79<>1)),\nIF(Import.TipoArredondamento<>\"TransfereGOV\",\nROUND(OFFSET($P79,0,AK$13),15-13*ORÇAMENTO!$AF$7)/$H79*OFFSET(ORÇAMENTO!$X$15,ROW(AK79)-ROW(AK$15),0),\nROUND(ROUND(OFFSET($P79,0,AK$13),15-13*ORÇAMENTO!$AF$7)*OFFSET(ORÇAMENTO!$W$15,ROW(AK79)-ROW(AK$15),0),15-13*ORÇAMENTO!$AF$11)),0)","v":0},null,{"$f":"IF($D79<>\"Serviço\",0,IF(AND(AUTOEVENTO=\"Manual\",$M79=1),0,IF(OFFSET(CRONOPLE!$F$14,$M79,AM$13)=\"\",10^12,OFFSET(CRONOPLE!$F$14,$M79,AM$13))))","v":1000000000000},{"$f":"IF($D79<>\"Serviço\",0,IF(AND(AUTOEVENTO=\"Manual\",$M79=1),0,IF(OFFSET(CRONOPLE!$F$14,$M79,AN$13)=\"\",10^12,OFFSET(CRONOPLE!$F$14,$M79,AN$13))))","v":1000000000000},{"$f":"IF($D79<>\"Serviço\",0,IF(AND(AUTOEVENTO=\"Manual\",$M79=1),0,IF(OFFSET(CRONOPLE!$F$14,$M79,AO$13)=\"\",10^12,OFFSET(CRONOPLE!$F$14,$M79,AO$13))))","v":1000000000000},{"$f":"IF($D79<>\"Serviço\",0,IF(AND(AUTOEVENTO=\"Manual\",$M79=1),0,IF(OFFSET(CRONOPLE!$F$14,$M79,AP$13)=\"\",10^12,OFFSET(CRONOPLE!$F$14,$M79,AP$13))))","v":1000000000000},{"$f":"IF($D79<>\"Serviço\",0,IF(AND(AUTOEVENTO=\"Manual\",$M79=1),0,IF(OFFSET(CRONOPLE!$F$14,$M79,AQ$13)=\"\",10^12,OFFSET(CRONOPLE!$F$14,$M79,AQ$13))))","v":1000000000000},{"$f":"IF($D79<>\"Serviço\",0,IF(AND(AUTOEVENTO=\"Manual\",$M79=1),0,IF(OFFSET(CRONOPLE!$F$14,$M79,AR$13)=\"\",10^12,OFFSET(CRONOPLE!$F$14,$M79,AR$13))))","v":1000000000000},{"$f":"IF($D79<>\"Serviço\",0,IF(AND(AUTOEVENTO=\"Manual\",$M79=1),0,IF(OFFSET(CRONOPLE!$F$14,$M79,AS$13)=\"\",10^12,OFFSET(CRONOPLE!$F$14,$M79,AS$13))))","v":1000000000000},{"$f":"IF($D79<>\"Serviço\",0,IF(AND(AUTOEVENTO=\"Manual\",$M79=1),0,IF(OFFSET(CRONOPLE!$F$14,$M79,AT$13)=\"\",10^12,OFFSET(CRONOPLE!$F$14,$M79,AT$13))))","v":1000000000000},{"$f":"IF($D79<>\"Serviço\",0,IF(AND(AUTOEVENTO=\"Manual\",$M79=1),0,IF(OFFSET(CRONOPLE!$F$14,$M79,AU$13)=\"\",10^12,OFFSET(CRONOPLE!$F$14,$M79,AU$13))))","v":1000000000000},{"$f":"IF($D79<>\"Serviço\",0,IF(AND(AUTOEVENTO=\"Manual\",$M79=1),0,IF(OFFSET(CRONOPLE!$F$14,$M79,AV$13)=\"\",10^12,OFFSET(CRONOPLE!$F$14,$M79,AV$13))))","v":1000000000000},null,{"$f":"IF($D79<>\"Serviço\",0,IF(OR(AND(AUTOEVENTO=\"Manual\",$M79=1),$M79>(ROW(PLE.lastrow)-ROW(PLE.firstrow))),0,IF(OFFSET(PLE!$G$14,$M79,AX$13)=\"\",10^12,OFFSET(PLE!$G$14,$M79,AX$13))))","v":1000000000000},{"$f":"IF($D79<>\"Serviço\",0,IF(OR(AND(AUTOEVENTO=\"Manual\",$M79=1),$M79>(ROW(PLE.lastrow)-ROW(PLE.firstrow))),0,IF(OFFSET(PLE!$G$14,$M79,AY$13)=\"\",10^12,OFFSET(PLE!$G$14,$M79,AY$13))))","v":1000000000000},{"$f":"IF($D79<>\"Serviço\",0,IF(OR(AND(AUTOEVENTO=\"Manual\",$M79=1),$M79>(ROW(PLE.lastrow)-ROW(PLE.firstrow))),0,IF(OFFSET(PLE!$G$14,$M79,AZ$13)=\"\",10^12,OFFSET(PLE!$G$14,$M79,AZ$13))))","v":1000000000000},{"$f":"IF($D79<>\"Serviço\",0,IF(OR(AND(AUTOEVENTO=\"Manual\",$M79=1),$M79>(ROW(PLE.lastrow)-ROW(PLE.firstrow))),0,IF(OFFSET(PLE!$G$14,$M79,BA$13)=\"\",10^12,OFFSET(PLE!$G$14,$M79,BA$13))))","v":1000000000000},{"$f":"IF($D79<>\"Serviço\",0,IF(OR(AND(AUTOEVENTO=\"Manual\",$M79=1),$M79>(ROW(PLE.lastrow)-ROW(PLE.firstrow))),0,IF(OFFSET(PLE!$G$14,$M79,BB$13)=\"\",10^12,OFFSET(PLE!$G$14,$M79,BB$13))))","v":1000000000000},{"$f":"IF($D79<>\"Serviço\",0,IF(OR(AND(AUTOEVENTO=\"Manual\",$M79=1),$M79>(ROW(PLE.lastrow)-ROW(PLE.firstrow))),0,IF(OFFSET(PLE!$G$14,$M79,BC$13)=\"\",10^12,OFFSET(PLE!$G$14,$M79,BC$13))))","v":1000000000000},{"$f":"IF($D79<>\"Serviço\",0,IF(OR(AND(AUTOEVENTO=\"Manual\",$M79=1),$M79>(ROW(PLE.lastrow)-ROW(PLE.firstrow))),0,IF(OFFSET(PLE!$G$14,$M79,BD$13)=\"\",10^12,OFFSET(PLE!$G$14,$M79,BD$13))))","v":1000000000000},{"$f":"IF($D79<>\"Serviço\",0,IF(OR(AND(AUTOEVENTO=\"Manual\",$M79=1),$M79>(ROW(PLE.lastrow)-ROW(PLE.firstrow))),0,IF(OFFSET(PLE!$G$14,$M79,BE$13)=\"\",10^12,OFFSET(PLE!$G$14,$M79,BE$13))))","v":1000000000000},{"$f":"IF($D79<>\"Serviço\",0,IF(OR(AND(AUTOEVENTO=\"Manual\",$M79=1),$M79>(ROW(PLE.lastrow)-ROW(PLE.firstrow))),0,IF(OFFSET(PLE!$G$14,$M79,BF$13)=\"\",10^12,OFFSET(PLE!$G$14,$M79,BF$13))))","v":1000000000000},{"$f":"IF($D79<>\"Serviço\",0,IF(OR(AND(AUTOEVENTO=\"Manual\",$M79=1),$M79>(ROW(PLE.lastrow)-ROW(PLE.firstrow))),0,IF(OFFSET(PLE!$G$14,$M79,BG$13)=\"\",10^12,OFFSET(PLE!$G$14,$M79,BG$13))))","v":1000000000000}]
["58",{"$f":"OFFSET(ORÇAMENTO!C$15,ROW(B80)-ROW(B$15),0)","v":"S"},{"$f":"OFFSET(ORÇAMENTO!L$15,ROW(C80)-ROW(C$15),0)","v":"F"},{"$f":"OFFSET(ORÇAMENTO!N$15,ROW(D80)-ROW(D$15),0)","v":"Serviço"},{"$f":"OFFSET(ORÇAMENTO!O$15,ROW(E80)-ROW(E$15),0)","v":"1.5.0.0.7."},{"$f":"OFFSET(ORÇAMENTO!R$15,ROW(F80)-ROW(F$15),0)","v":"INSTALAÇÃO DE ESPELHO DE MADEIRA EM TELHADO COM MADEIRA TRATADA - 20CM  - FORNECIMENTO E INSTALAÇÃO"},{"$f":"IF($D80<>\"Serviço\",\"\",OFFSET(ORÇAMENTO!S$15,ROW(G80)-ROW(G$15),0))","v":"M"},{"$f":"IF($D80<>\"Serviço\",0,IF(ACOMPANHAMENTO=\"BM\",ROUND(OFFSET(ORÇAMENTO!AJ$15,ROW(H80)-ROW(H$15),0),15-13*ORÇAMENTO!$AF$7),SUMPRODUCT(($Q$12:$AA$12<>\"\")*ROUND($Q80:$AA80,15-13*ORÇAMENTO!$AF$7))))","v":61.43},null,null,null,".",{"$f":"IF($D80<>\"Serviço\",\"\",IF(AUTOEVENTO=\"manual\",$A80,IF(ISERROR(MATCH($A80,$A$15:OFFSET($A80,-1,0),0)),MAX($M$15:OFFSET(M80,-1,0))+1,INDEX($M$15:OFFSET(M80,-1,0),MATCH($A80,$A$15:OFFSET($A80,-1,0),0)))))","v":6},{"$f":"IF($D80<>\"Serviço\",\"\",IF(AUTOEVENTO=\"Manual\",IF($A80=0,\"<-- defina o número do agrupador\",OFFSET(EVENTOS!$D$14,$A80,0)),OFFSET($F$15,$A80,0)))","v":"COBERTURA"},null,null,null,null,null,null,null,null,null,null,null,null,null,{"$f":"IF(AND($D80=\"Serviço\",AB$12<>0,$H80>0,OR(AUTOEVENTO<>\"manual\",$M80<>1)),\nIF(Import.TipoArredondamento<>\"TransfereGOV\",\nROUND(OFFSET($P80,0,AB$13),15-13*ORÇAMENTO!$AF$7)/$H80*OFFSET(ORÇAMENTO!$X$15,ROW(AB80)-ROW(AB$15),0),\nROUND(ROUND(OFFSET($P80,0,AB$13),15-13*ORÇAMENTO!$AF$7)*OFFSET(ORÇAMENTO!$W$15,ROW(AB80)-ROW(AB$15),0),15-13*ORÇAMENTO!$AF$11)),0)","v":0},{"$f":"IF(AND($D80=\"Serviço\",AC$12<>0,$H80>0,OR(AUTOEVENTO<>\"manual\",$M80<>1)),\nIF(Import.TipoArredondamento<>\"TransfereGOV\",\nROUND(OFFSET($P80,0,AC$13),15-13*ORÇAMENTO!$AF$7)/$H80*OFFSET(ORÇAMENTO!$X$15,ROW(AC80)-ROW(AC$15),0),\nROUND(ROUND(OFFSET($P80,0,AC$13),15-13*ORÇAMENTO!$AF$7)*OFFSET(ORÇAMENTO!$W$15,ROW(AC80)-ROW(AC$15),0),15-13*ORÇAMENTO!$AF$11)),0)","v":0},{"$f":"IF(AND($D80=\"Serviço\",AD$12<>0,$H80>0,OR(AUTOEVENTO<>\"manual\",$M80<>1)),\nIF(Import.TipoArredondamento<>\"TransfereGOV\",\nROUND(OFFSET($P80,0,AD$13),15-13*ORÇAMENTO!$AF$7)/$H80*OFFSET(ORÇAMENTO!$X$15,ROW(AD80)-ROW(AD$15),0),\nROUND(ROUND(OFFSET($P80,0,AD$13),15-13*ORÇAMENTO!$AF$7)*OFFSET(ORÇAMENTO!$W$15,ROW(AD80)-ROW(AD$15),0),15-13*ORÇAMENTO!$AF$11)),0)","v":0},{"$f":"IF(AND($D80=\"Serviço\",AE$12<>0,$H80>0,OR(AUTOEVENTO<>\"manual\",$M80<>1)),\nIF(Import.TipoArredondamento<>\"TransfereGOV\",\nROUND(OFFSET($P80,0,AE$13),15-13*ORÇAMENTO!$AF$7)/$H80*OFFSET(ORÇAMENTO!$X$15,ROW(AE80)-ROW(AE$15),0),\nROUND(ROUND(OFFSET($P80,0,AE$13),15-13*ORÇAMENTO!$AF$7)*OFFSET(ORÇAMENTO!$W$15,ROW(AE80)-ROW(AE$15),0),15-13*ORÇAMENTO!$AF$11)),0)","v":0},{"$f":"IF(AND($D80=\"Serviço\",AF$12<>0,$H80>0,OR(AUTOEVENTO<>\"manual\",$M80<>1)),\nIF(Import.TipoArredondamento<>\"TransfereGOV\",\nROUND(OFFSET($P80,0,AF$13),15-13*ORÇAMENTO!$AF$7)/$H80*OFFSET(ORÇAMENTO!$X$15,ROW(AF80)-ROW(AF$15),0),\nROUND(ROUND(OFFSET($P80,0,AF$13),15-13*ORÇAMENTO!$AF$7)*OFFSET(ORÇAMENTO!$W$15,ROW(AF80)-ROW(AF$15),0),15-13*ORÇAMENTO!$AF$11)),0)","v":0},{"$f":"IF(AND($D80=\"Serviço\",AG$12<>0,$H80>0,OR(AUTOEVENTO<>\"manual\",$M80<>1)),\nIF(Import.TipoArredondamento<>\"TransfereGOV\",\nROUND(OFFSET($P80,0,AG$13),15-13*ORÇAMENTO!$AF$7)/$H80*OFFSET(ORÇAMENTO!$X$15,ROW(AG80)-ROW(AG$15),0),\nROUND(ROUND(OFFSET($P80,0,AG$13),15-13*ORÇAMENTO!$AF$7)*OFFSET(ORÇAMENTO!$W$15,ROW(AG80)-ROW(AG$15),0),15-13*ORÇAMENTO!$AF$11)),0)","v":0},{"$f":"IF(AND($D80=\"Serviço\",AH$12<>0,$H80>0,OR(AUTOEVENTO<>\"manual\",$M80<>1)),\nIF(Import.TipoArredondamento<>\"TransfereGOV\",\nROUND(OFFSET($P80,0,AH$13),15-13*ORÇAMENTO!$AF$7)/$H80*OFFSET(ORÇAMENTO!$X$15,ROW(AH80)-ROW(AH$15),0),\nROUND(ROUND(OFFSET($P80,0,AH$13),15-13*ORÇAMENTO!$AF$7)*OFFSET(ORÇAMENTO!$W$15,ROW(AH80)-ROW(AH$15),0),15-13*ORÇAMENTO!$AF$11)),0)","v":0},{"$f":"IF(AND($D80=\"Serviço\",AI$12<>0,$H80>0,OR(AUTOEVENTO<>\"manual\",$M80<>1)),\nIF(Import.TipoArredondamento<>\"TransfereGOV\",\nROUND(OFFSET($P80,0,AI$13),15-13*ORÇAMENTO!$AF$7)/$H80*OFFSET(ORÇAMENTO!$X$15,ROW(AI80)-ROW(AI$15),0),\nROUND(ROUND(OFFSET($P80,0,AI$13),15-13*ORÇAMENTO!$AF$7)*OFFSET(ORÇAMENTO!$W$15,ROW(AI80)-ROW(AI$15),0),15-13*ORÇAMENTO!$AF$11)),0)","v":0},{"$f":"IF(AND($D80=\"Serviço\",AJ$12<>0,$H80>0,OR(AUTOEVENTO<>\"manual\",$M80<>1)),\nIF(Import.TipoArredondamento<>\"TransfereGOV\",\nROUND(OFFSET($P80,0,AJ$13),15-13*ORÇAMENTO!$AF$7)/$H80*OFFSET(ORÇAMENTO!$X$15,ROW(AJ80)-ROW(AJ$15),0),\nROUND(ROUND(OFFSET($P80,0,AJ$13),15-13*ORÇAMENTO!$AF$7)*OFFSET(ORÇAMENTO!$W$15,ROW(AJ80)-ROW(AJ$15),0),15-13*ORÇAMENTO!$AF$11)),0)","v":0},{"$f":"IF(AND($D80=\"Serviço\",AK$12<>0,$H80>0,OR(AUTOEVENTO<>\"manual\",$M80<>1)),\nIF(Import.TipoArredondamento<>\"TransfereGOV\",\nROUND(OFFSET($P80,0,AK$13),15-13*ORÇAMENTO!$AF$7)/$H80*OFFSET(ORÇAMENTO!$X$15,ROW(AK80)-ROW(AK$15),0),\nROUND(ROUND(OFFSET($P80,0,AK$13),15-13*ORÇAMENTO!$AF$7)*OFFSET(ORÇAMENTO!$W$15,ROW(AK80)-ROW(AK$15),0),15-13*ORÇAMENTO!$AF$11)),0)","v":0},null,{"$f":"IF($D80<>\"Serviço\",0,IF(AND(AUTOEVENTO=\"Manual\",$M80=1),0,IF(OFFSET(CRONOPLE!$F$14,$M80,AM$13)=\"\",10^12,OFFSET(CRONOPLE!$F$14,$M80,AM$13))))","v":1000000000000},{"$f":"IF($D80<>\"Serviço\",0,IF(AND(AUTOEVENTO=\"Manual\",$M80=1),0,IF(OFFSET(CRONOPLE!$F$14,$M80,AN$13)=\"\",10^12,OFFSET(CRONOPLE!$F$14,$M80,AN$13))))","v":1000000000000},{"$f":"IF($D80<>\"Serviço\",0,IF(AND(AUTOEVENTO=\"Manual\",$M80=1),0,IF(OFFSET(CRONOPLE!$F$14,$M80,AO$13)=\"\",10^12,OFFSET(CRONOPLE!$F$14,$M80,AO$13))))","v":1000000000000},{"$f":"IF($D80<>\"Serviço\",0,IF(AND(AUTOEVENTO=\"Manual\",$M80=1),0,IF(OFFSET(CRONOPLE!$F$14,$M80,AP$13)=\"\",10^12,OFFSET(CRONOPLE!$F$14,$M80,AP$13))))","v":1000000000000},{"$f":"IF($D80<>\"Serviço\",0,IF(AND(AUTOEVENTO=\"Manual\",$M80=1),0,IF(OFFSET(CRONOPLE!$F$14,$M80,AQ$13)=\"\",10^12,OFFSET(CRONOPLE!$F$14,$M80,AQ$13))))","v":1000000000000},{"$f":"IF($D80<>\"Serviço\",0,IF(AND(AUTOEVENTO=\"Manual\",$M80=1),0,IF(OFFSET(CRONOPLE!$F$14,$M80,AR$13)=\"\",10^12,OFFSET(CRONOPLE!$F$14,$M80,AR$13))))","v":1000000000000},{"$f":"IF($D80<>\"Serviço\",0,IF(AND(AUTOEVENTO=\"Manual\",$M80=1),0,IF(OFFSET(CRONOPLE!$F$14,$M80,AS$13)=\"\",10^12,OFFSET(CRONOPLE!$F$14,$M80,AS$13))))","v":1000000000000},{"$f":"IF($D80<>\"Serviço\",0,IF(AND(AUTOEVENTO=\"Manual\",$M80=1),0,IF(OFFSET(CRONOPLE!$F$14,$M80,AT$13)=\"\",10^12,OFFSET(CRONOPLE!$F$14,$M80,AT$13))))","v":1000000000000},{"$f":"IF($D80<>\"Serviço\",0,IF(AND(AUTOEVENTO=\"Manual\",$M80=1),0,IF(OFFSET(CRONOPLE!$F$14,$M80,AU$13)=\"\",10^12,OFFSET(CRONOPLE!$F$14,$M80,AU$13))))","v":1000000000000},{"$f":"IF($D80<>\"Serviço\",0,IF(AND(AUTOEVENTO=\"Manual\",$M80=1),0,IF(OFFSET(CRONOPLE!$F$14,$M80,AV$13)=\"\",10^12,OFFSET(CRONOPLE!$F$14,$M80,AV$13))))","v":1000000000000},null,{"$f":"IF($D80<>\"Serviço\",0,IF(OR(AND(AUTOEVENTO=\"Manual\",$M80=1),$M80>(ROW(PLE.lastrow)-ROW(PLE.firstrow))),0,IF(OFFSET(PLE!$G$14,$M80,AX$13)=\"\",10^12,OFFSET(PLE!$G$14,$M80,AX$13))))","v":1000000000000},{"$f":"IF($D80<>\"Serviço\",0,IF(OR(AND(AUTOEVENTO=\"Manual\",$M80=1),$M80>(ROW(PLE.lastrow)-ROW(PLE.firstrow))),0,IF(OFFSET(PLE!$G$14,$M80,AY$13)=\"\",10^12,OFFSET(PLE!$G$14,$M80,AY$13))))","v":1000000000000},{"$f":"IF($D80<>\"Serviço\",0,IF(OR(AND(AUTOEVENTO=\"Manual\",$M80=1),$M80>(ROW(PLE.lastrow)-ROW(PLE.firstrow))),0,IF(OFFSET(PLE!$G$14,$M80,AZ$13)=\"\",10^12,OFFSET(PLE!$G$14,$M80,AZ$13))))","v":1000000000000},{"$f":"IF($D80<>\"Serviço\",0,IF(OR(AND(AUTOEVENTO=\"Manual\",$M80=1),$M80>(ROW(PLE.lastrow)-ROW(PLE.firstrow))),0,IF(OFFSET(PLE!$G$14,$M80,BA$13)=\"\",10^12,OFFSET(PLE!$G$14,$M80,BA$13))))","v":1000000000000},{"$f":"IF($D80<>\"Serviço\",0,IF(OR(AND(AUTOEVENTO=\"Manual\",$M80=1),$M80>(ROW(PLE.lastrow)-ROW(PLE.firstrow))),0,IF(OFFSET(PLE!$G$14,$M80,BB$13)=\"\",10^12,OFFSET(PLE!$G$14,$M80,BB$13))))","v":1000000000000},{"$f":"IF($D80<>\"Serviço\",0,IF(OR(AND(AUTOEVENTO=\"Manual\",$M80=1),$M80>(ROW(PLE.lastrow)-ROW(PLE.firstrow))),0,IF(OFFSET(PLE!$G$14,$M80,BC$13)=\"\",10^12,OFFSET(PLE!$G$14,$M80,BC$13))))","v":1000000000000},{"$f":"IF($D80<>\"Serviço\",0,IF(OR(AND(AUTOEVENTO=\"Manual\",$M80=1),$M80>(ROW(PLE.lastrow)-ROW(PLE.firstrow))),0,IF(OFFSET(PLE!$G$14,$M80,BD$13)=\"\",10^12,OFFSET(PLE!$G$14,$M80,BD$13))))","v":1000000000000},{"$f":"IF($D80<>\"Serviço\",0,IF(OR(AND(AUTOEVENTO=\"Manual\",$M80=1),$M80>(ROW(PLE.lastrow)-ROW(PLE.firstrow))),0,IF(OFFSET(PLE!$G$14,$M80,BE$13)=\"\",10^12,OFFSET(PLE!$G$14,$M80,BE$13))))","v":1000000000000},{"$f":"IF($D80<>\"Serviço\",0,IF(OR(AND(AUTOEVENTO=\"Manual\",$M80=1),$M80>(ROW(PLE.lastrow)-ROW(PLE.firstrow))),0,IF(OFFSET(PLE!$G$14,$M80,BF$13)=\"\",10^12,OFFSET(PLE!$G$14,$M80,BF$13))))","v":1000000000000},{"$f":"IF($D80<>\"Serviço\",0,IF(OR(AND(AUTOEVENTO=\"Manual\",$M80=1),$M80>(ROW(PLE.lastrow)-ROW(PLE.firstrow))),0,IF(OFFSET(PLE!$G$14,$M80,BG$13)=\"\",10^12,OFFSET(PLE!$G$14,$M80,BG$13))))","v":1000000000000}]
["66.",{"$f":"OFFSET(ORÇAMENTO!C$15,ROW(B81)-ROW(B$15),0)","v":2},{"$f":"OFFSET(ORÇAMENTO!L$15,ROW(C81)-ROW(C$15),0)","v":"F"},{"$f":"OFFSET(ORÇAMENTO!N$15,ROW(D81)-ROW(D$15),0)","v":"Nível 2"},{"$f":"OFFSET(ORÇAMENTO!O$15,ROW(E81)-ROW(E$15),0)","v":"1.6."},{"$f":"OFFSET(ORÇAMENTO!R$15,ROW(F81)-ROW(F$15),0)","v":"REVESTIMENTOS"},{"$f":"IF($D81<>\"Serviço\",\"\",OFFSET(ORÇAMENTO!S$15,ROW(G81)-ROW(G$15),0))","v":""},{"$f":"IF($D81<>\"Serviço\",0,IF(ACOMPANHAMENTO=\"BM\",ROUND(OFFSET(ORÇAMENTO!AJ$15,ROW(H81)-ROW(H$15),0),15-13*ORÇAMENTO!$AF$7),SUMPRODUCT(($Q$12:$AA$12<>\"\")*ROUND($Q81:$AA81,15-13*ORÇAMENTO!$AF$7))))","v":0},null,null,null,".",{"$f":"IF($D81<>\"Serviço\",\"\",IF(AUTOEVENTO=\"manual\",$A81,IF(ISERROR(MATCH($A81,$A$15:OFFSET($A81,-1,0),0)),MAX($M$15:OFFSET(M81,-1,0))+1,INDEX($M$15:OFFSET(M81,-1,0),MATCH($A81,$A$15:OFFSET($A81,-1,0),0)))))","v":""},{"$f":"IF($D81<>\"Serviço\",\"\",IF(AUTOEVENTO=\"Manual\",IF($A81=0,\"<-- defina o número do agrupador\",OFFSET(EVENTOS!$D$14,$A81,0)),OFFSET($F$15,$A81,0)))","v":""},null,null,null,null,null,null,null,null,null,null,null,null,null,{"$f":"IF(AND($D81=\"Serviço\",AB$12<>0,$H81>0,OR(AUTOEVENTO<>\"manual\",$M81<>1)),\nIF(Import.TipoArredondamento<>\"TransfereGOV\",\nROUND(OFFSET($P81,0,AB$13),15-13*ORÇAMENTO!$AF$7)/$H81*OFFSET(ORÇAMENTO!$X$15,ROW(AB81)-ROW(AB$15),0),\nROUND(ROUND(OFFSET($P81,0,AB$13),15-13*ORÇAMENTO!$AF$7)*OFFSET(ORÇAMENTO!$W$15,ROW(AB81)-ROW(AB$15),0),15-13*ORÇAMENTO!$AF$11)),0)","v":0},{"$f":"IF(AND($D81=\"Serviço\",AC$12<>0,$H81>0,OR(AUTOEVENTO<>\"manual\",$M81<>1)),\nIF(Import.TipoArredondamento<>\"TransfereGOV\",\nROUND(OFFSET($P81,0,AC$13),15-13*ORÇAMENTO!$AF$7)/$H81*OFFSET(ORÇAMENTO!$X$15,ROW(AC81)-ROW(AC$15),0),\nROUND(ROUND(OFFSET($P81,0,AC$13),15-13*ORÇAMENTO!$AF$7)*OFFSET(ORÇAMENTO!$W$15,ROW(AC81)-ROW(AC$15),0),15-13*ORÇAMENTO!$AF$11)),0)","v":0},{"$f":"IF(AND($D81=\"Serviço\",AD$12<>0,$H81>0,OR(AUTOEVENTO<>\"manual\",$M81<>1)),\nIF(Import.TipoArredondamento<>\"TransfereGOV\",\nROUND(OFFSET($P81,0,AD$13),15-13*ORÇAMENTO!$AF$7)/$H81*OFFSET(ORÇAMENTO!$X$15,ROW(AD81)-ROW(AD$15),0),\nROUND(ROUND(OFFSET($P81,0,AD$13),15-13*ORÇAMENTO!$AF$7)*OFFSET(ORÇAMENTO!$W$15,ROW(AD81)-ROW(AD$15),0),15-13*ORÇAMENTO!$AF$11)),0)","v":0},{"$f":"IF(AND($D81=\"Serviço\",AE$12<>0,$H81>0,OR(AUTOEVENTO<>\"manual\",$M81<>1)),\nIF(Import.TipoArredondamento<>\"TransfereGOV\",\nROUND(OFFSET($P81,0,AE$13),15-13*ORÇAMENTO!$AF$7)/$H81*OFFSET(ORÇAMENTO!$X$15,ROW(AE81)-ROW(AE$15),0),\nROUND(ROUND(OFFSET($P81,0,AE$13),15-13*ORÇAMENTO!$AF$7)*OFFSET(ORÇAMENTO!$W$15,ROW(AE81)-ROW(AE$15),0),15-13*ORÇAMENTO!$AF$11)),0)","v":0},{"$f":"IF(AND($D81=\"Serviço\",AF$12<>0,$H81>0,OR(AUTOEVENTO<>\"manual\",$M81<>1)),\nIF(Import.TipoArredondamento<>\"TransfereGOV\",\nROUND(OFFSET($P81,0,AF$13),15-13*ORÇAMENTO!$AF$7)/$H81*OFFSET(ORÇAMENTO!$X$15,ROW(AF81)-ROW(AF$15),0),\nROUND(ROUND(OFFSET($P81,0,AF$13),15-13*ORÇAMENTO!$AF$7)*OFFSET(ORÇAMENTO!$W$15,ROW(AF81)-ROW(AF$15),0),15-13*ORÇAMENTO!$AF$11)),0)","v":0},{"$f":"IF(AND($D81=\"Serviço\",AG$12<>0,$H81>0,OR(AUTOEVENTO<>\"manual\",$M81<>1)),\nIF(Import.TipoArredondamento<>\"TransfereGOV\",\nROUND(OFFSET($P81,0,AG$13),15-13*ORÇAMENTO!$AF$7)/$H81*OFFSET(ORÇAMENTO!$X$15,ROW(AG81)-ROW(AG$15),0),\nROUND(ROUND(OFFSET($P81,0,AG$13),15-13*ORÇAMENTO!$AF$7)*OFFSET(ORÇAMENTO!$W$15,ROW(AG81)-ROW(AG$15),0),15-13*ORÇAMENTO!$AF$11)),0)","v":0},{"$f":"IF(AND($D81=\"Serviço\",AH$12<>0,$H81>0,OR(AUTOEVENTO<>\"manual\",$M81<>1)),\nIF(Import.TipoArredondamento<>\"TransfereGOV\",\nROUND(OFFSET($P81,0,AH$13),15-13*ORÇAMENTO!$AF$7)/$H81*OFFSET(ORÇAMENTO!$X$15,ROW(AH81)-ROW(AH$15),0),\nROUND(ROUND(OFFSET($P81,0,AH$13),15-13*ORÇAMENTO!$AF$7)*OFFSET(ORÇAMENTO!$W$15,ROW(AH81)-ROW(AH$15),0),15-13*ORÇAMENTO!$AF$11)),0)","v":0},{"$f":"IF(AND($D81=\"Serviço\",AI$12<>0,$H81>0,OR(AUTOEVENTO<>\"manual\",$M81<>1)),\nIF(Import.TipoArredondamento<>\"TransfereGOV\",\nROUND(OFFSET($P81,0,AI$13),15-13*ORÇAMENTO!$AF$7)/$H81*OFFSET(ORÇAMENTO!$X$15,ROW(AI81)-ROW(AI$15),0),\nROUND(ROUND(OFFSET($P81,0,AI$13),15-13*ORÇAMENTO!$AF$7)*OFFSET(ORÇAMENTO!$W$15,ROW(AI81)-ROW(AI$15),0),15-13*ORÇAMENTO!$AF$11)),0)","v":0},{"$f":"IF(AND($D81=\"Serviço\",AJ$12<>0,$H81>0,OR(AUTOEVENTO<>\"manual\",$M81<>1)),\nIF(Import.TipoArredondamento<>\"TransfereGOV\",\nROUND(OFFSET($P81,0,AJ$13),15-13*ORÇAMENTO!$AF$7)/$H81*OFFSET(ORÇAMENTO!$X$15,ROW(AJ81)-ROW(AJ$15),0),\nROUND(ROUND(OFFSET($P81,0,AJ$13),15-13*ORÇAMENTO!$AF$7)*OFFSET(ORÇAMENTO!$W$15,ROW(AJ81)-ROW(AJ$15),0),15-13*ORÇAMENTO!$AF$11)),0)","v":0},{"$f":"IF(AND($D81=\"Serviço\",AK$12<>0,$H81>0,OR(AUTOEVENTO<>\"manual\",$M81<>1)),\nIF(Import.TipoArredondamento<>\"TransfereGOV\",\nROUND(OFFSET($P81,0,AK$13),15-13*ORÇAMENTO!$AF$7)/$H81*OFFSET(ORÇAMENTO!$X$15,ROW(AK81)-ROW(AK$15),0),\nROUND(ROUND(OFFSET($P81,0,AK$13),15-13*ORÇAMENTO!$AF$7)*OFFSET(ORÇAMENTO!$W$15,ROW(AK81)-ROW(AK$15),0),15-13*ORÇAMENTO!$AF$11)),0)","v":0},null,{"$f":"IF($D81<>\"Serviço\",0,IF(AND(AUTOEVENTO=\"Manual\",$M81=1),0,IF(OFFSET(CRONOPLE!$F$14,$M81,AM$13)=\"\",10^12,OFFSET(CRONOPLE!$F$14,$M81,AM$13))))","v":0},{"$f":"IF($D81<>\"Serviço\",0,IF(AND(AUTOEVENTO=\"Manual\",$M81=1),0,IF(OFFSET(CRONOPLE!$F$14,$M81,AN$13)=\"\",10^12,OFFSET(CRONOPLE!$F$14,$M81,AN$13))))","v":0},{"$f":"IF($D81<>\"Serviço\",0,IF(AND(AUTOEVENTO=\"Manual\",$M81=1),0,IF(OFFSET(CRONOPLE!$F$14,$M81,AO$13)=\"\",10^12,OFFSET(CRONOPLE!$F$14,$M81,AO$13))))","v":0},{"$f":"IF($D81<>\"Serviço\",0,IF(AND(AUTOEVENTO=\"Manual\",$M81=1),0,IF(OFFSET(CRONOPLE!$F$14,$M81,AP$13)=\"\",10^12,OFFSET(CRONOPLE!$F$14,$M81,AP$13))))","v":0},{"$f":"IF($D81<>\"Serviço\",0,IF(AND(AUTOEVENTO=\"Manual\",$M81=1),0,IF(OFFSET(CRONOPLE!$F$14,$M81,AQ$13)=\"\",10^12,OFFSET(CRONOPLE!$F$14,$M81,AQ$13))))","v":0},{"$f":"IF($D81<>\"Serviço\",0,IF(AND(AUTOEVENTO=\"Manual\",$M81=1),0,IF(OFFSET(CRONOPLE!$F$14,$M81,AR$13)=\"\",10^12,OFFSET(CRONOPLE!$F$14,$M81,AR$13))))","v":0},{"$f":"IF($D81<>\"Serviço\",0,IF(AND(AUTOEVENTO=\"Manual\",$M81=1),0,IF(OFFSET(CRONOPLE!$F$14,$M81,AS$13)=\"\",10^12,OFFSET(CRONOPLE!$F$14,$M81,AS$13))))","v":0},{"$f":"IF($D81<>\"Serviço\",0,IF(AND(AUTOEVENTO=\"Manual\",$M81=1),0,IF(OFFSET(CRONOPLE!$F$14,$M81,AT$13)=\"\",10^12,OFFSET(CRONOPLE!$F$14,$M81,AT$13))))","v":0},{"$f":"IF($D81<>\"Serviço\",0,IF(AND(AUTOEVENTO=\"Manual\",$M81=1),0,IF(OFFSET(CRONOPLE!$F$14,$M81,AU$13)=\"\",10^12,OFFSET(CRONOPLE!$F$14,$M81,AU$13))))","v":0},{"$f":"IF($D81<>\"Serviço\",0,IF(AND(AUTOEVENTO=\"Manual\",$M81=1),0,IF(OFFSET(CRONOPLE!$F$14,$M81,AV$13)=\"\",10^12,OFFSET(CRONOPLE!$F$14,$M81,AV$13))))","v":0},null,{"$f":"IF($D81<>\"Serviço\",0,IF(OR(AND(AUTOEVENTO=\"Manual\",$M81=1),$M81>(ROW(PLE.lastrow)-ROW(PLE.firstrow))),0,IF(OFFSET(PLE!$G$14,$M81,AX$13)=\"\",10^12,OFFSET(PLE!$G$14,$M81,AX$13))))","v":0},{"$f":"IF($D81<>\"Serviço\",0,IF(OR(AND(AUTOEVENTO=\"Manual\",$M81=1),$M81>(ROW(PLE.lastrow)-ROW(PLE.firstrow))),0,IF(OFFSET(PLE!$G$14,$M81,AY$13)=\"\",10^12,OFFSET(PLE!$G$14,$M81,AY$13))))","v":0},{"$f":"IF($D81<>\"Serviço\",0,IF(OR(AND(AUTOEVENTO=\"Manual\",$M81=1),$M81>(ROW(PLE.lastrow)-ROW(PLE.firstrow))),0,IF(OFFSET(PLE!$G$14,$M81,AZ$13)=\"\",10^12,OFFSET(PLE!$G$14,$M81,AZ$13))))","v":0},{"$f":"IF($D81<>\"Serviço\",0,IF(OR(AND(AUTOEVENTO=\"Manual\",$M81=1),$M81>(ROW(PLE.lastrow)-ROW(PLE.firstrow))),0,IF(OFFSET(PLE!$G$14,$M81,BA$13)=\"\",10^12,OFFSET(PLE!$G$14,$M81,BA$13))))","v":0},{"$f":"IF($D81<>\"Serviço\",0,IF(OR(AND(AUTOEVENTO=\"Manual\",$M81=1),$M81>(ROW(PLE.lastrow)-ROW(PLE.firstrow))),0,IF(OFFSET(PLE!$G$14,$M81,BB$13)=\"\",10^12,OFFSET(PLE!$G$14,$M81,BB$13))))","v":0},{"$f":"IF($D81<>\"Serviço\",0,IF(OR(AND(AUTOEVENTO=\"Manual\",$M81=1),$M81>(ROW(PLE.lastrow)-ROW(PLE.firstrow))),0,IF(OFFSET(PLE!$G$14,$M81,BC$13)=\"\",10^12,OFFSET(PLE!$G$14,$M81,BC$13))))","v":0},{"$f":"IF($D81<>\"Serviço\",0,IF(OR(AND(AUTOEVENTO=\"Manual\",$M81=1),$M81>(ROW(PLE.lastrow)-ROW(PLE.firstrow))),0,IF(OFFSET(PLE!$G$14,$M81,BD$13)=\"\",10^12,OFFSET(PLE!$G$14,$M81,BD$13))))","v":0},{"$f":"IF($D81<>\"Serviço\",0,IF(OR(AND(AUTOEVENTO=\"Manual\",$M81=1),$M81>(ROW(PLE.lastrow)-ROW(PLE.firstrow))),0,IF(OFFSET(PLE!$G$14,$M81,BE$13)=\"\",10^12,OFFSET(PLE!$G$14,$M81,BE$13))))","v":0},{"$f":"IF($D81<>\"Serviço\",0,IF(OR(AND(AUTOEVENTO=\"Manual\",$M81=1),$M81>(ROW(PLE.lastrow)-ROW(PLE.firstrow))),0,IF(OFFSET(PLE!$G$14,$M81,BF$13)=\"\",10^12,OFFSET(PLE!$G$14,$M81,BF$13))))","v":0},{"$f":"IF($D81<>\"Serviço\",0,IF(OR(AND(AUTOEVENTO=\"Manual\",$M81=1),$M81>(ROW(PLE.lastrow)-ROW(PLE.firstrow))),0,IF(OFFSET(PLE!$G$14,$M81,BG$13)=\"\",10^12,OFFSET(PLE!$G$14,$M81,BG$13))))","v":0}]
["66.",{"$f":"OFFSET(ORÇAMENTO!C$15,ROW(B82)-ROW(B$15),0)","v":3},{"$f":"OFFSET(ORÇAMENTO!L$15,ROW(C82)-ROW(C$15),0)","v":"F"},{"$f":"OFFSET(ORÇAMENTO!N$15,ROW(D82)-ROW(D$15),0)","v":"Nível 3"},{"$f":"OFFSET(ORÇAMENTO!O$15,ROW(E82)-ROW(E$15),0)","v":"1.6.1."},{"$f":"OFFSET(ORÇAMENTO!R$15,ROW(F82)-ROW(F$15),0)","v":"PISOS"},{"$f":"IF($D82<>\"Serviço\",\"\",OFFSET(ORÇAMENTO!S$15,ROW(G82)-ROW(G$15),0))","v":""},{"$f":"IF($D82<>\"Serviço\",0,IF(ACOMPANHAMENTO=\"BM\",ROUND(OFFSET(ORÇAMENTO!AJ$15,ROW(H82)-ROW(H$15),0),15-13*ORÇAMENTO!$AF$7),SUMPRODUCT(($Q$12:$AA$12<>\"\")*ROUND($Q82:$AA82,15-13*ORÇAMENTO!$AF$7))))","v":0},null,null,null,".",{"$f":"IF($D82<>\"Serviço\",\"\",IF(AUTOEVENTO=\"manual\",$A82,IF(ISERROR(MATCH($A82,$A$15:OFFSET($A82,-1,0),0)),MAX($M$15:OFFSET(M82,-1,0))+1,INDEX($M$15:OFFSET(M82,-1,0),MATCH($A82,$A$15:OFFSET($A82,-1,0),0)))))","v":""},{"$f":"IF($D82<>\"Serviço\",\"\",IF(AUTOEVENTO=\"Manual\",IF($A82=0,\"<-- defina o número do agrupador\",OFFSET(EVENTOS!$D$14,$A82,0)),OFFSET($F$15,$A82,0)))","v":""},null,null,null,null,null,null,null,null,null,null,null,null,null,{"$f":"IF(AND($D82=\"Serviço\",AB$12<>0,$H82>0,OR(AUTOEVENTO<>\"manual\",$M82<>1)),\nIF(Import.TipoArredondamento<>\"TransfereGOV\",\nROUND(OFFSET($P82,0,AB$13),15-13*ORÇAMENTO!$AF$7)/$H82*OFFSET(ORÇAMENTO!$X$15,ROW(AB82)-ROW(AB$15),0),\nROUND(ROUND(OFFSET($P82,0,AB$13),15-13*ORÇAMENTO!$AF$7)*OFFSET(ORÇAMENTO!$W$15,ROW(AB82)-ROW(AB$15),0),15-13*ORÇAMENTO!$AF$11)),0)","v":0},{"$f":"IF(AND($D82=\"Serviço\",AC$12<>0,$H82>0,OR(AUTOEVENTO<>\"manual\",$M82<>1)),\nIF(Import.TipoArredondamento<>\"TransfereGOV\",\nROUND(OFFSET($P82,0,AC$13),15-13*ORÇAMENTO!$AF$7)/$H82*OFFSET(ORÇAMENTO!$X$15,ROW(AC82)-ROW(AC$15),0),\nROUND(ROUND(OFFSET($P82,0,AC$13),15-13*ORÇAMENTO!$AF$7)*OFFSET(ORÇAMENTO!$W$15,ROW(AC82)-ROW(AC$15),0),15-13*ORÇAMENTO!$AF$11)),0)","v":0},{"$f":"IF(AND($D82=\"Serviço\",AD$12<>0,$H82>0,OR(AUTOEVENTO<>\"manual\",$M82<>1)),\nIF(Import.TipoArredondamento<>\"TransfereGOV\",\nROUND(OFFSET($P82,0,AD$13),15-13*ORÇAMENTO!$AF$7)/$H82*OFFSET(ORÇAMENTO!$X$15,ROW(AD82)-ROW(AD$15),0),\nROUND(ROUND(OFFSET($P82,0,AD$13),15-13*ORÇAMENTO!$AF$7)*OFFSET(ORÇAMENTO!$W$15,ROW(AD82)-ROW(AD$15),0),15-13*ORÇAMENTO!$AF$11)),0)","v":0},{"$f":"IF(AND($D82=\"Serviço\",AE$12<>0,$H82>0,OR(AUTOEVENTO<>\"manual\",$M82<>1)),\nIF(Import.TipoArredondamento<>\"TransfereGOV\",\nROUND(OFFSET($P82,0,AE$13),15-13*ORÇAMENTO!$AF$7)/$H82*OFFSET(ORÇAMENTO!$X$15,ROW(AE82)-ROW(AE$15),0),\nROUND(ROUND(OFFSET($P82,0,AE$13),15-13*ORÇAMENTO!$AF$7)*OFFSET(ORÇAMENTO!$W$15,ROW(AE82)-ROW(AE$15),0),15-13*ORÇAMENTO!$AF$11)),0)","v":0},{"$f":"IF(AND($D82=\"Serviço\",AF$12<>0,$H82>0,OR(AUTOEVENTO<>\"manual\",$M82<>1)),\nIF(Import.TipoArredondamento<>\"TransfereGOV\",\nROUND(OFFSET($P82,0,AF$13),15-13*ORÇAMENTO!$AF$7)/$H82*OFFSET(ORÇAMENTO!$X$15,ROW(AF82)-ROW(AF$15),0),\nROUND(ROUND(OFFSET($P82,0,AF$13),15-13*ORÇAMENTO!$AF$7)*OFFSET(ORÇAMENTO!$W$15,ROW(AF82)-ROW(AF$15),0),15-13*ORÇAMENTO!$AF$11)),0)","v":0},{"$f":"IF(AND($D82=\"Serviço\",AG$12<>0,$H82>0,OR(AUTOEVENTO<>\"manual\",$M82<>1)),\nIF(Import.TipoArredondamento<>\"TransfereGOV\",\nROUND(OFFSET($P82,0,AG$13),15-13*ORÇAMENTO!$AF$7)/$H82*OFFSET(ORÇAMENTO!$X$15,ROW(AG82)-ROW(AG$15),0),\nROUND(ROUND(OFFSET($P82,0,AG$13),15-13*ORÇAMENTO!$AF$7)*OFFSET(ORÇAMENTO!$W$15,ROW(AG82)-ROW(AG$15),0),15-13*ORÇAMENTO!$AF$11)),0)","v":0},{"$f":"IF(AND($D82=\"Serviço\",AH$12<>0,$H82>0,OR(AUTOEVENTO<>\"manual\",$M82<>1)),\nIF(Import.TipoArredondamento<>\"TransfereGOV\",\nROUND(OFFSET($P82,0,AH$13),15-13*ORÇAMENTO!$AF$7)/$H82*OFFSET(ORÇAMENTO!$X$15,ROW(AH82)-ROW(AH$15),0),\nROUND(ROUND(OFFSET($P82,0,AH$13),15-13*ORÇAMENTO!$AF$7)*OFFSET(ORÇAMENTO!$W$15,ROW(AH82)-ROW(AH$15),0),15-13*ORÇAMENTO!$AF$11)),0)","v":0},{"$f":"IF(AND($D82=\"Serviço\",AI$12<>0,$H82>0,OR(AUTOEVENTO<>\"manual\",$M82<>1)),\nIF(Import.TipoArredondamento<>\"TransfereGOV\",\nROUND(OFFSET($P82,0,AI$13),15-13*ORÇAMENTO!$AF$7)/$H82*OFFSET(ORÇAMENTO!$X$15,ROW(AI82)-ROW(AI$15),0),\nROUND(ROUND(OFFSET($P82,0,AI$13),15-13*ORÇAMENTO!$AF$7)*OFFSET(ORÇAMENTO!$W$15,ROW(AI82)-ROW(AI$15),0),15-13*ORÇAMENTO!$AF$11)),0)","v":0},{"$f":"IF(AND($D82=\"Serviço\",AJ$12<>0,$H82>0,OR(AUTOEVENTO<>\"manual\",$M82<>1)),\nIF(Import.TipoArredondamento<>\"TransfereGOV\",\nROUND(OFFSET($P82,0,AJ$13),15-13*ORÇAMENTO!$AF$7)/$H82*OFFSET(ORÇAMENTO!$X$15,ROW(AJ82)-ROW(AJ$15),0),\nROUND(ROUND(OFFSET($P82,0,AJ$13),15-13*ORÇAMENTO!$AF$7)*OFFSET(ORÇAMENTO!$W$15,ROW(AJ82)-ROW(AJ$15),0),15-13*ORÇAMENTO!$AF$11)),0)","v":0},{"$f":"IF(AND($D82=\"Serviço\",AK$12<>0,$H82>0,OR(AUTOEVENTO<>\"manual\",$M82<>1)),\nIF(Import.TipoArredondamento<>\"TransfereGOV\",\nROUND(OFFSET($P82,0,AK$13),15-13*ORÇAMENTO!$AF$7)/$H82*OFFSET(ORÇAMENTO!$X$15,ROW(AK82)-ROW(AK$15),0),\nROUND(ROUND(OFFSET($P82,0,AK$13),15-13*ORÇAMENTO!$AF$7)*OFFSET(ORÇAMENTO!$W$15,ROW(AK82)-ROW(AK$15),0),15-13*ORÇAMENTO!$AF$11)),0)","v":0},null,{"$f":"IF($D82<>\"Serviço\",0,IF(AND(AUTOEVENTO=\"Manual\",$M82=1),0,IF(OFFSET(CRONOPLE!$F$14,$M82,AM$13)=\"\",10^12,OFFSET(CRONOPLE!$F$14,$M82,AM$13))))","v":0},{"$f":"IF($D82<>\"Serviço\",0,IF(AND(AUTOEVENTO=\"Manual\",$M82=1),0,IF(OFFSET(CRONOPLE!$F$14,$M82,AN$13)=\"\",10^12,OFFSET(CRONOPLE!$F$14,$M82,AN$13))))","v":0},{"$f":"IF($D82<>\"Serviço\",0,IF(AND(AUTOEVENTO=\"Manual\",$M82=1),0,IF(OFFSET(CRONOPLE!$F$14,$M82,AO$13)=\"\",10^12,OFFSET(CRONOPLE!$F$14,$M82,AO$13))))","v":0},{"$f":"IF($D82<>\"Serviço\",0,IF(AND(AUTOEVENTO=\"Manual\",$M82=1),0,IF(OFFSET(CRONOPLE!$F$14,$M82,AP$13)=\"\",10^12,OFFSET(CRONOPLE!$F$14,$M82,AP$13))))","v":0},{"$f":"IF($D82<>\"Serviço\",0,IF(AND(AUTOEVENTO=\"Manual\",$M82=1),0,IF(OFFSET(CRONOPLE!$F$14,$M82,AQ$13)=\"\",10^12,OFFSET(CRONOPLE!$F$14,$M82,AQ$13))))","v":0},{"$f":"IF($D82<>\"Serviço\",0,IF(AND(AUTOEVENTO=\"Manual\",$M82=1),0,IF(OFFSET(CRONOPLE!$F$14,$M82,AR$13)=\"\",10^12,OFFSET(CRONOPLE!$F$14,$M82,AR$13))))","v":0},{"$f":"IF($D82<>\"Serviço\",0,IF(AND(AUTOEVENTO=\"Manual\",$M82=1),0,IF(OFFSET(CRONOPLE!$F$14,$M82,AS$13)=\"\",10^12,OFFSET(CRONOPLE!$F$14,$M82,AS$13))))","v":0},{"$f":"IF($D82<>\"Serviço\",0,IF(AND(AUTOEVENTO=\"Manual\",$M82=1),0,IF(OFFSET(CRONOPLE!$F$14,$M82,AT$13)=\"\",10^12,OFFSET(CRONOPLE!$F$14,$M82,AT$13))))","v":0},{"$f":"IF($D82<>\"Serviço\",0,IF(AND(AUTOEVENTO=\"Manual\",$M82=1),0,IF(OFFSET(CRONOPLE!$F$14,$M82,AU$13)=\"\",10^12,OFFSET(CRONOPLE!$F$14,$M82,AU$13))))","v":0},{"$f":"IF($D82<>\"Serviço\",0,IF(AND(AUTOEVENTO=\"Manual\",$M82=1),0,IF(OFFSET(CRONOPLE!$F$14,$M82,AV$13)=\"\",10^12,OFFSET(CRONOPLE!$F$14,$M82,AV$13))))","v":0},null,{"$f":"IF($D82<>\"Serviço\",0,IF(OR(AND(AUTOEVENTO=\"Manual\",$M82=1),$M82>(ROW(PLE.lastrow)-ROW(PLE.firstrow))),0,IF(OFFSET(PLE!$G$14,$M82,AX$13)=\"\",10^12,OFFSET(PLE!$G$14,$M82,AX$13))))","v":0},{"$f":"IF($D82<>\"Serviço\",0,IF(OR(AND(AUTOEVENTO=\"Manual\",$M82=1),$M82>(ROW(PLE.lastrow)-ROW(PLE.firstrow))),0,IF(OFFSET(PLE!$G$14,$M82,AY$13)=\"\",10^12,OFFSET(PLE!$G$14,$M82,AY$13))))","v":0},{"$f":"IF($D82<>\"Serviço\",0,IF(OR(AND(AUTOEVENTO=\"Manual\",$M82=1),$M82>(ROW(PLE.lastrow)-ROW(PLE.firstrow))),0,IF(OFFSET(PLE!$G$14,$M82,AZ$13)=\"\",10^12,OFFSET(PLE!$G$14,$M82,AZ$13))))","v":0},{"$f":"IF($D82<>\"Serviço\",0,IF(OR(AND(AUTOEVENTO=\"Manual\",$M82=1),$M82>(ROW(PLE.lastrow)-ROW(PLE.firstrow))),0,IF(OFFSET(PLE!$G$14,$M82,BA$13)=\"\",10^12,OFFSET(PLE!$G$14,$M82,BA$13))))","v":0},{"$f":"IF($D82<>\"Serviço\",0,IF(OR(AND(AUTOEVENTO=\"Manual\",$M82=1),$M82>(ROW(PLE.lastrow)-ROW(PLE.firstrow))),0,IF(OFFSET(PLE!$G$14,$M82,BB$13)=\"\",10^12,OFFSET(PLE!$G$14,$M82,BB$13))))","v":0},{"$f":"IF($D82<>\"Serviço\",0,IF(OR(AND(AUTOEVENTO=\"Manual\",$M82=1),$M82>(ROW(PLE.lastrow)-ROW(PLE.firstrow))),0,IF(OFFSET(PLE!$G$14,$M82,BC$13)=\"\",10^12,OFFSET(PLE!$G$14,$M82,BC$13))))","v":0},{"$f":"IF($D82<>\"Serviço\",0,IF(OR(AND(AUTOEVENTO=\"Manual\",$M82=1),$M82>(ROW(PLE.lastrow)-ROW(PLE.firstrow))),0,IF(OFFSET(PLE!$G$14,$M82,BD$13)=\"\",10^12,OFFSET(PLE!$G$14,$M82,BD$13))))","v":0},{"$f":"IF($D82<>\"Serviço\",0,IF(OR(AND(AUTOEVENTO=\"Manual\",$M82=1),$M82>(ROW(PLE.lastrow)-ROW(PLE.firstrow))),0,IF(OFFSET(PLE!$G$14,$M82,BE$13)=\"\",10^12,OFFSET(PLE!$G$14,$M82,BE$13))))","v":0},{"$f":"IF($D82<>\"Serviço\",0,IF(OR(AND(AUTOEVENTO=\"Manual\",$M82=1),$M82>(ROW(PLE.lastrow)-ROW(PLE.firstrow))),0,IF(OFFSET(PLE!$G$14,$M82,BF$13)=\"\",10^12,OFFSET(PLE!$G$14,$M82,BF$13))))","v":0},{"$f":"IF($D82<>\"Serviço\",0,IF(OR(AND(AUTOEVENTO=\"Manual\",$M82=1),$M82>(ROW(PLE.lastrow)-ROW(PLE.firstrow))),0,IF(OFFSET(PLE!$G$14,$M82,BG$13)=\"\",10^12,OFFSET(PLE!$G$14,$M82,BG$13))))","v":0}]
["66",{"$f":"OFFSET(ORÇAMENTO!C$15,ROW(B83)-ROW(B$15),0)","v":"S"},{"$f":"OFFSET(ORÇAMENTO!L$15,ROW(C83)-ROW(C$15),0)","v":"F"},{"$f":"OFFSET(ORÇAMENTO!N$15,ROW(D83)-ROW(D$15),0)","v":"Serviço"},{"$f":"OFFSET(ORÇAMENTO!O$15,ROW(E83)-ROW(E$15),0)","v":"1.6.1.0.1."},{"$f":"OFFSET(ORÇAMENTO!R$15,ROW(F83)-ROW(F$15),0)","v":"PISO EM GRANILITE, MARMORITE OU GRANITINA EM AMBIENTES INTERNOS, COM ESPESSURA DE 8 MM, INCLUSO MISTURA EM BETONEIRA, COLOCAÇÃO DAS JUNTAS, APLICAÇÃO DO PISO, 4 POLIMENTOS COM POLITRIZ, ESTUCAMENTO, SELADOR E CERA. AF_06/2022"},{"$f":"IF($D83<>\"Serviço\",\"\",OFFSET(ORÇAMENTO!S$15,ROW(G83)-ROW(G$15),0))","v":"M2"},{"$f":"IF($D83<>\"Serviço\",0,IF(ACOMPANHAMENTO=\"BM\",ROUND(OFFSET(ORÇAMENTO!AJ$15,ROW(H83)-ROW(H$15),0),15-13*ORÇAMENTO!$AF$7),SUMPRODUCT(($Q$12:$AA$12<>\"\")*ROUND($Q83:$AA83,15-13*ORÇAMENTO!$AF$7))))","v":1097.54},null,null,null,".",{"$f":"IF($D83<>\"Serviço\",\"\",IF(AUTOEVENTO=\"manual\",$A83,IF(ISERROR(MATCH($A83,$A$15:OFFSET($A83,-1,0),0)),MAX($M$15:OFFSET(M83,-1,0))+1,INDEX($M$15:OFFSET(M83,-1,0),MATCH($A83,$A$15:OFFSET($A83,-1,0),0)))))","v":7},{"$f":"IF($D83<>\"Serviço\",\"\",IF(AUTOEVENTO=\"Manual\",IF($A83=0,\"<-- defina o número do agrupador\",OFFSET(EVENTOS!$D$14,$A83,0)),OFFSET($F$15,$A83,0)))","v":"REVESTIMENTOS"},null,null,null,null,null,null,null,null,null,null,null,null,null,{"$f":"IF(AND($D83=\"Serviço\",AB$12<>0,$H83>0,OR(AUTOEVENTO<>\"manual\",$M83<>1)),\nIF(Import.TipoArredondamento<>\"TransfereGOV\",\nROUND(OFFSET($P83,0,AB$13),15-13*ORÇAMENTO!$AF$7)/$H83*OFFSET(ORÇAMENTO!$X$15,ROW(AB83)-ROW(AB$15),0),\nROUND(ROUND(OFFSET($P83,0,AB$13),15-13*ORÇAMENTO!$AF$7)*OFFSET(ORÇAMENTO!$W$15,ROW(AB83)-ROW(AB$15),0),15-13*ORÇAMENTO!$AF$11)),0)","v":0},{"$f":"IF(AND($D83=\"Serviço\",AC$12<>0,$H83>0,OR(AUTOEVENTO<>\"manual\",$M83<>1)),\nIF(Import.TipoArredondamento<>\"TransfereGOV\",\nROUND(OFFSET($P83,0,AC$13),15-13*ORÇAMENTO!$AF$7)/$H83*OFFSET(ORÇAMENTO!$X$15,ROW(AC83)-ROW(AC$15),0),\nROUND(ROUND(OFFSET($P83,0,AC$13),15-13*ORÇAMENTO!$AF$7)*OFFSET(ORÇAMENTO!$W$15,ROW(AC83)-ROW(AC$15),0),15-13*ORÇAMENTO!$AF$11)),0)","v":0},{"$f":"IF(AND($D83=\"Serviço\",AD$12<>0,$H83>0,OR(AUTOEVENTO<>\"manual\",$M83<>1)),\nIF(Import.TipoArredondamento<>\"TransfereGOV\",\nROUND(OFFSET($P83,0,AD$13),15-13*ORÇAMENTO!$AF$7)/$H83*OFFSET(ORÇAMENTO!$X$15,ROW(AD83)-ROW(AD$15),0),\nROUND(ROUND(OFFSET($P83,0,AD$13),15-13*ORÇAMENTO!$AF$7)*OFFSET(ORÇAMENTO!$W$15,ROW(AD83)-ROW(AD$15),0),15-13*ORÇAMENTO!$AF$11)),0)","v":0},{"$f":"IF(AND($D83=\"Serviço\",AE$12<>0,$H83>0,OR(AUTOEVENTO<>\"manual\",$M83<>1)),\nIF(Import.TipoArredondamento<>\"TransfereGOV\",\nROUND(OFFSET($P83,0,AE$13),15-13*ORÇAMENTO!$AF$7)/$H83*OFFSET(ORÇAMENTO!$X$15,ROW(AE83)-ROW(AE$15),0),\nROUND(ROUND(OFFSET($P83,0,AE$13),15-13*ORÇAMENTO!$AF$7)*OFFSET(ORÇAMENTO!$W$15,ROW(AE83)-ROW(AE$15),0),15-13*ORÇAMENTO!$AF$11)),0)","v":0},{"$f":"IF(AND($D83=\"Serviço\",AF$12<>0,$H83>0,OR(AUTOEVENTO<>\"manual\",$M83<>1)),\nIF(Import.TipoArredondamento<>\"TransfereGOV\",\nROUND(OFFSET($P83,0,AF$13),15-13*ORÇAMENTO!$AF$7)/$H83*OFFSET(ORÇAMENTO!$X$15,ROW(AF83)-ROW(AF$15),0),\nROUND(ROUND(OFFSET($P83,0,AF$13),15-13*ORÇAMENTO!$AF$7)*OFFSET(ORÇAMENTO!$W$15,ROW(AF83)-ROW(AF$15),0),15-13*ORÇAMENTO!$AF$11)),0)","v":0},{"$f":"IF(AND($D83=\"Serviço\",AG$12<>0,$H83>0,OR(AUTOEVENTO<>\"manual\",$M83<>1)),\nIF(Import.TipoArredondamento<>\"TransfereGOV\",\nROUND(OFFSET($P83,0,AG$13),15-13*ORÇAMENTO!$AF$7)/$H83*OFFSET(ORÇAMENTO!$X$15,ROW(AG83)-ROW(AG$15),0),\nROUND(ROUND(OFFSET($P83,0,AG$13),15-13*ORÇAMENTO!$AF$7)*OFFSET(ORÇAMENTO!$W$15,ROW(AG83)-ROW(AG$15),0),15-13*ORÇAMENTO!$AF$11)),0)","v":0},{"$f":"IF(AND($D83=\"Serviço\",AH$12<>0,$H83>0,OR(AUTOEVENTO<>\"manual\",$M83<>1)),\nIF(Import.TipoArredondamento<>\"TransfereGOV\",\nROUND(OFFSET($P83,0,AH$13),15-13*ORÇAMENTO!$AF$7)/$H83*OFFSET(ORÇAMENTO!$X$15,ROW(AH83)-ROW(AH$15),0),\nROUND(ROUND(OFFSET($P83,0,AH$13),15-13*ORÇAMENTO!$AF$7)*OFFSET(ORÇAMENTO!$W$15,ROW(AH83)-ROW(AH$15),0),15-13*ORÇAMENTO!$AF$11)),0)","v":0},{"$f":"IF(AND($D83=\"Serviço\",AI$12<>0,$H83>0,OR(AUTOEVENTO<>\"manual\",$M83<>1)),\nIF(Import.TipoArredondamento<>\"TransfereGOV\",\nROUND(OFFSET($P83,0,AI$13),15-13*ORÇAMENTO!$AF$7)/$H83*OFFSET(ORÇAMENTO!$X$15,ROW(AI83)-ROW(AI$15),0),\nROUND(ROUND(OFFSET($P83,0,AI$13),15-13*ORÇAMENTO!$AF$7)*OFFSET(ORÇAMENTO!$W$15,ROW(AI83)-ROW(AI$15),0),15-13*ORÇAMENTO!$AF$11)),0)","v":0},{"$f":"IF(AND($D83=\"Serviço\",AJ$12<>0,$H83>0,OR(AUTOEVENTO<>\"manual\",$M83<>1)),\nIF(Import.TipoArredondamento<>\"TransfereGOV\",\nROUND(OFFSET($P83,0,AJ$13),15-13*ORÇAMENTO!$AF$7)/$H83*OFFSET(ORÇAMENTO!$X$15,ROW(AJ83)-ROW(AJ$15),0),\nROUND(ROUND(OFFSET($P83,0,AJ$13),15-13*ORÇAMENTO!$AF$7)*OFFSET(ORÇAMENTO!$W$15,ROW(AJ83)-ROW(AJ$15),0),15-13*ORÇAMENTO!$AF$11)),0)","v":0},{"$f":"IF(AND($D83=\"Serviço\",AK$12<>0,$H83>0,OR(AUTOEVENTO<>\"manual\",$M83<>1)),\nIF(Import.TipoArredondamento<>\"TransfereGOV\",\nROUND(OFFSET($P83,0,AK$13),15-13*ORÇAMENTO!$AF$7)/$H83*OFFSET(ORÇAMENTO!$X$15,ROW(AK83)-ROW(AK$15),0),\nROUND(ROUND(OFFSET($P83,0,AK$13),15-13*ORÇAMENTO!$AF$7)*OFFSET(ORÇAMENTO!$W$15,ROW(AK83)-ROW(AK$15),0),15-13*ORÇAMENTO!$AF$11)),0)","v":0},null,{"$f":"IF($D83<>\"Serviço\",0,IF(AND(AUTOEVENTO=\"Manual\",$M83=1),0,IF(OFFSET(CRONOPLE!$F$14,$M83,AM$13)=\"\",10^12,OFFSET(CRONOPLE!$F$14,$M83,AM$13))))","v":1000000000000},{"$f":"IF($D83<>\"Serviço\",0,IF(AND(AUTOEVENTO=\"Manual\",$M83=1),0,IF(OFFSET(CRONOPLE!$F$14,$M83,AN$13)=\"\",10^12,OFFSET(CRONOPLE!$F$14,$M83,AN$13))))","v":1000000000000},{"$f":"IF($D83<>\"Serviço\",0,IF(AND(AUTOEVENTO=\"Manual\",$M83=1),0,IF(OFFSET(CRONOPLE!$F$14,$M83,AO$13)=\"\",10^12,OFFSET(CRONOPLE!$F$14,$M83,AO$13))))","v":1000000000000},{"$f":"IF($D83<>\"Serviço\",0,IF(AND(AUTOEVENTO=\"Manual\",$M83=1),0,IF(OFFSET(CRONOPLE!$F$14,$M83,AP$13)=\"\",10^12,OFFSET(CRONOPLE!$F$14,$M83,AP$13))))","v":1000000000000},{"$f":"IF($D83<>\"Serviço\",0,IF(AND(AUTOEVENTO=\"Manual\",$M83=1),0,IF(OFFSET(CRONOPLE!$F$14,$M83,AQ$13)=\"\",10^12,OFFSET(CRONOPLE!$F$14,$M83,AQ$13))))","v":1000000000000},{"$f":"IF($D83<>\"Serviço\",0,IF(AND(AUTOEVENTO=\"Manual\",$M83=1),0,IF(OFFSET(CRONOPLE!$F$14,$M83,AR$13)=\"\",10^12,OFFSET(CRONOPLE!$F$14,$M83,AR$13))))","v":1000000000000},{"$f":"IF($D83<>\"Serviço\",0,IF(AND(AUTOEVENTO=\"Manual\",$M83=1),0,IF(OFFSET(CRONOPLE!$F$14,$M83,AS$13)=\"\",10^12,OFFSET(CRONOPLE!$F$14,$M83,AS$13))))","v":1000000000000},{"$f":"IF($D83<>\"Serviço\",0,IF(AND(AUTOEVENTO=\"Manual\",$M83=1),0,IF(OFFSET(CRONOPLE!$F$14,$M83,AT$13)=\"\",10^12,OFFSET(CRONOPLE!$F$14,$M83,AT$13))))","v":1000000000000},{"$f":"IF($D83<>\"Serviço\",0,IF(AND(AUTOEVENTO=\"Manual\",$M83=1),0,IF(OFFSET(CRONOPLE!$F$14,$M83,AU$13)=\"\",10^12,OFFSET(CRONOPLE!$F$14,$M83,AU$13))))","v":1000000000000},{"$f":"IF($D83<>\"Serviço\",0,IF(AND(AUTOEVENTO=\"Manual\",$M83=1),0,IF(OFFSET(CRONOPLE!$F$14,$M83,AV$13)=\"\",10^12,OFFSET(CRONOPLE!$F$14,$M83,AV$13))))","v":1000000000000},null,{"$f":"IF($D83<>\"Serviço\",0,IF(OR(AND(AUTOEVENTO=\"Manual\",$M83=1),$M83>(ROW(PLE.lastrow)-ROW(PLE.firstrow))),0,IF(OFFSET(PLE!$G$14,$M83,AX$13)=\"\",10^12,OFFSET(PLE!$G$14,$M83,AX$13))))","v":1000000000000},{"$f":"IF($D83<>\"Serviço\",0,IF(OR(AND(AUTOEVENTO=\"Manual\",$M83=1),$M83>(ROW(PLE.lastrow)-ROW(PLE.firstrow))),0,IF(OFFSET(PLE!$G$14,$M83,AY$13)=\"\",10^12,OFFSET(PLE!$G$14,$M83,AY$13))))","v":1000000000000},{"$f":"IF($D83<>\"Serviço\",0,IF(OR(AND(AUTOEVENTO=\"Manual\",$M83=1),$M83>(ROW(PLE.lastrow)-ROW(PLE.firstrow))),0,IF(OFFSET(PLE!$G$14,$M83,AZ$13)=\"\",10^12,OFFSET(PLE!$G$14,$M83,AZ$13))))","v":1000000000000},{"$f":"IF($D83<>\"Serviço\",0,IF(OR(AND(AUTOEVENTO=\"Manual\",$M83=1),$M83>(ROW(PLE.lastrow)-ROW(PLE.firstrow))),0,IF(OFFSET(PLE!$G$14,$M83,BA$13)=\"\",10^12,OFFSET(PLE!$G$14,$M83,BA$13))))","v":1000000000000},{"$f":"IF($D83<>\"Serviço\",0,IF(OR(AND(AUTOEVENTO=\"Manual\",$M83=1),$M83>(ROW(PLE.lastrow)-ROW(PLE.firstrow))),0,IF(OFFSET(PLE!$G$14,$M83,BB$13)=\"\",10^12,OFFSET(PLE!$G$14,$M83,BB$13))))","v":1000000000000},{"$f":"IF($D83<>\"Serviço\",0,IF(OR(AND(AUTOEVENTO=\"Manual\",$M83=1),$M83>(ROW(PLE.lastrow)-ROW(PLE.firstrow))),0,IF(OFFSET(PLE!$G$14,$M83,BC$13)=\"\",10^12,OFFSET(PLE!$G$14,$M83,BC$13))))","v":1000000000000},{"$f":"IF($D83<>\"Serviço\",0,IF(OR(AND(AUTOEVENTO=\"Manual\",$M83=1),$M83>(ROW(PLE.lastrow)-ROW(PLE.firstrow))),0,IF(OFFSET(PLE!$G$14,$M83,BD$13)=\"\",10^12,OFFSET(PLE!$G$14,$M83,BD$13))))","v":1000000000000},{"$f":"IF($D83<>\"Serviço\",0,IF(OR(AND(AUTOEVENTO=\"Manual\",$M83=1),$M83>(ROW(PLE.lastrow)-ROW(PLE.firstrow))),0,IF(OFFSET(PLE!$G$14,$M83,BE$13)=\"\",10^12,OFFSET(PLE!$G$14,$M83,BE$13))))","v":1000000000000},{"$f":"IF($D83<>\"Serviço\",0,IF(OR(AND(AUTOEVENTO=\"Manual\",$M83=1),$M83>(ROW(PLE.lastrow)-ROW(PLE.firstrow))),0,IF(OFFSET(PLE!$G$14,$M83,BF$13)=\"\",10^12,OFFSET(PLE!$G$14,$M83,BF$13))))","v":1000000000000},{"$f":"IF($D83<>\"Serviço\",0,IF(OR(AND(AUTOEVENTO=\"Manual\",$M83=1),$M83>(ROW(PLE.lastrow)-ROW(PLE.firstrow))),0,IF(OFFSET(PLE!$G$14,$M83,BG$13)=\"\",10^12,OFFSET(PLE!$G$14,$M83,BG$13))))","v":1000000000000}]
[{"$f":"IF(AUTOEVENTO=\"Manual\",IF(K84<>\"\",MIN(VALUE(LEFT(K84,FIND(\".\",K84)-1)),COUNTA(EVENTOS.Lista)),0),IF(OR($B84>AUTOEVENTO,$B84=\"S\",$B84=0),SUBSTITUTE(OFFSET($A84,-1,0),IF($D84=\"Serviço\",\".\",\"\"),\"\"),ROW(A84)-ROW($A$15)&\".\"))","v":"66"},{"$f":"OFFSET(ORÇAMENTO!C$15,ROW(B84)-ROW(B$15),0)","v":"S"},{"$f":"OFFSET(ORÇAMENTO!L$15,ROW(C84)-ROW(C$15),0)","v":"F"},{"$f":"OFFSET(ORÇAMENTO!N$15,ROW(D84)-ROW(D$15),0)","v":"Serviço"},{"$f":"OFFSET(ORÇAMENTO!O$15,ROW(E84)-ROW(E$15),0)","v":"1.6.1.0.2."},{"$f":"OFFSET(ORÇAMENTO!R$15,ROW(F84)-ROW(F$15),0)","v":"RODAPÉ EXECUTADO IN LOCO DE GRANILITE, MARMORITE OU GRANITINA L = 10CM - INCLUSO MATERIAL E MÃO DE OBRA"},{"$f":"IF($D84<>\"Serviço\",\"\",OFFSET(ORÇAMENTO!S$15,ROW(G84)-ROW(G$15),0))","v":"M     "},{"$f":"IF($D84<>\"Serviço\",0,IF(ACOMPANHAMENTO=\"BM\",ROUND(OFFSET(ORÇAMENTO!AJ$15,ROW(H84)-ROW(H$15),0),15-13*ORÇAMENTO!$AF$7),SUMPRODUCT(($Q$12:$AA$12<>\"\")*ROUND($Q84:$AA84,15-13*ORÇAMENTO!$AF$7))))","v":660.2},null,null,null,".",{"$f":"IF($D84<>\"Serviço\",\"\",IF(AUTOEVENTO=\"manual\",$A84,IF(ISERROR(MATCH($A84,$A$15:OFFSET($A84,-1,0),0)),MAX($M$15:OFFSET(M84,-1,0))+1,INDEX($M$15:OFFSET(M84,-1,0),MATCH($A84,$A$15:OFFSET($A84,-1,0),0)))))","v":7},{"$f":"IF($D84<>\"Serviço\",\"\",IF(AUTOEVENTO=\"Manual\",IF($A84=0,\"<-- defina o número do agrupador\",OFFSET(EVENTOS!$D$14,$A84,0)),OFFSET($F$15,$A84,0)))","v":"REVESTIMENTOS"},null,null,null,null,null,null,null,null,null,null,null,null,null,{"$f":"IF(AND($D84=\"Serviço\",AB$12<>0,$H84>0,OR(AUTOEVENTO<>\"manual\",$M84<>1)),\nIF(Import.TipoArredondamento<>\"TransfereGOV\",\nROUND(OFFSET($P84,0,AB$13),15-13*ORÇAMENTO!$AF$7)/$H84*OFFSET(ORÇAMENTO!$X$15,ROW(AB84)-ROW(AB$15),0),\nROUND(ROUND(OFFSET($P84,0,AB$13),15-13*ORÇAMENTO!$AF$7)*OFFSET(ORÇAMENTO!$W$15,ROW(AB84)-ROW(AB$15),0),15-13*ORÇAMENTO!$AF$11)),0)","v":0},{"$f":"IF(AND($D84=\"Serviço\",AC$12<>0,$H84>0,OR(AUTOEVENTO<>\"manual\",$M84<>1)),\nIF(Import.TipoArredondamento<>\"TransfereGOV\",\nROUND(OFFSET($P84,0,AC$13),15-13*ORÇAMENTO!$AF$7)/$H84*OFFSET(ORÇAMENTO!$X$15,ROW(AC84)-ROW(AC$15),0),\nROUND(ROUND(OFFSET($P84,0,AC$13),15-13*ORÇAMENTO!$AF$7)*OFFSET(ORÇAMENTO!$W$15,ROW(AC84)-ROW(AC$15),0),15-13*ORÇAMENTO!$AF$11)),0)","v":0},{"$f":"IF(AND($D84=\"Serviço\",AD$12<>0,$H84>0,OR(AUTOEVENTO<>\"manual\",$M84<>1)),\nIF(Import.TipoArredondamento<>\"TransfereGOV\",\nROUND(OFFSET($P84,0,AD$13),15-13*ORÇAMENTO!$AF$7)/$H84*OFFSET(ORÇAMENTO!$X$15,ROW(AD84)-ROW(AD$15),0),\nROUND(ROUND(OFFSET($P84,0,AD$13),15-13*ORÇAMENTO!$AF$7)*OFFSET(ORÇAMENTO!$W$15,ROW(AD84)-ROW(AD$15),0),15-13*ORÇAMENTO!$AF$11)),0)","v":0},{"$f":"IF(AND($D84=\"Serviço\",AE$12<>0,$H84>0,OR(AUTOEVENTO<>\"manual\",$M84<>1)),\nIF(Import.TipoArredondamento<>\"TransfereGOV\",\nROUND(OFFSET($P84,0,AE$13),15-13*ORÇAMENTO!$AF$7)/$H84*OFFSET(ORÇAMENTO!$X$15,ROW(AE84)-ROW(AE$15),0),\nROUND(ROUND(OFFSET($P84,0,AE$13),15-13*ORÇAMENTO!$AF$7)*OFFSET(ORÇAMENTO!$W$15,ROW(AE84)-ROW(AE$15),0),15-13*ORÇAMENTO!$AF$11)),0)","v":0},{"$f":"IF(AND($D84=\"Serviço\",AF$12<>0,$H84>0,OR(AUTOEVENTO<>\"manual\",$M84<>1)),\nIF(Import.TipoArredondamento<>\"TransfereGOV\",\nROUND(OFFSET($P84,0,AF$13),15-13*ORÇAMENTO!$AF$7)/$H84*OFFSET(ORÇAMENTO!$X$15,ROW(AF84)-ROW(AF$15),0),\nROUND(ROUND(OFFSET($P84,0,AF$13),15-13*ORÇAMENTO!$AF$7)*OFFSET(ORÇAMENTO!$W$15,ROW(AF84)-ROW(AF$15),0),15-13*ORÇAMENTO!$AF$11)),0)","v":0},{"$f":"IF(AND($D84=\"Serviço\",AG$12<>0,$H84>0,OR(AUTOEVENTO<>\"manual\",$M84<>1)),\nIF(Import.TipoArredondamento<>\"TransfereGOV\",\nROUND(OFFSET($P84,0,AG$13),15-13*ORÇAMENTO!$AF$7)/$H84*OFFSET(ORÇAMENTO!$X$15,ROW(AG84)-ROW(AG$15),0),\nROUND(ROUND(OFFSET($P84,0,AG$13),15-13*ORÇAMENTO!$AF$7)*OFFSET(ORÇAMENTO!$W$15,ROW(AG84)-ROW(AG$15),0),15-13*ORÇAMENTO!$AF$11)),0)","v":0},{"$f":"IF(AND($D84=\"Serviço\",AH$12<>0,$H84>0,OR(AUTOEVENTO<>\"manual\",$M84<>1)),\nIF(Import.TipoArredondamento<>\"TransfereGOV\",\nROUND(OFFSET($P84,0,AH$13),15-13*ORÇAMENTO!$AF$7)/$H84*OFFSET(ORÇAMENTO!$X$15,ROW(AH84)-ROW(AH$15),0),\nROUND(ROUND(OFFSET($P84,0,AH$13),15-13*ORÇAMENTO!$AF$7)*OFFSET(ORÇAMENTO!$W$15,ROW(AH84)-ROW(AH$15),0),15-13*ORÇAMENTO!$AF$11)),0)","v":0},{"$f":"IF(AND($D84=\"Serviço\",AI$12<>0,$H84>0,OR(AUTOEVENTO<>\"manual\",$M84<>1)),\nIF(Import.TipoArredondamento<>\"TransfereGOV\",\nROUND(OFFSET($P84,0,AI$13),15-13*ORÇAMENTO!$AF$7)/$H84*OFFSET(ORÇAMENTO!$X$15,ROW(AI84)-ROW(AI$15),0),\nROUND(ROUND(OFFSET($P84,0,AI$13),15-13*ORÇAMENTO!$AF$7)*OFFSET(ORÇAMENTO!$W$15,ROW(AI84)-ROW(AI$15),0),15-13*ORÇAMENTO!$AF$11)),0)","v":0},{"$f":"IF(AND($D84=\"Serviço\",AJ$12<>0,$H84>0,OR(AUTOEVENTO<>\"manual\",$M84<>1)),\nIF(Import.TipoArredondamento<>\"TransfereGOV\",\nROUND(OFFSET($P84,0,AJ$13),15-13*ORÇAMENTO!$AF$7)/$H84*OFFSET(ORÇAMENTO!$X$15,ROW(AJ84)-ROW(AJ$15),0),\nROUND(ROUND(OFFSET($P84,0,AJ$13),15-13*ORÇAMENTO!$AF$7)*OFFSET(ORÇAMENTO!$W$15,ROW(AJ84)-ROW(AJ$15),0),15-13*ORÇAMENTO!$AF$11)),0)","v":0},{"$f":"IF(AND($D84=\"Serviço\",AK$12<>0,$H84>0,OR(AUTOEVENTO<>\"manual\",$M84<>1)),\nIF(Import.TipoArredondamento<>\"TransfereGOV\",\nROUND(OFFSET($P84,0,AK$13),15-13*ORÇAMENTO!$AF$7)/$H84*OFFSET(ORÇAMENTO!$X$15,ROW(AK84)-ROW(AK$15),0),\nROUND(ROUND(OFFSET($P84,0,AK$13),15-13*ORÇAMENTO!$AF$7)*OFFSET(ORÇAMENTO!$W$15,ROW(AK84)-ROW(AK$15),0),15-13*ORÇAMENTO!$AF$11)),0)","v":0},null,{"$f":"IF($D84<>\"Serviço\",0,IF(AND(AUTOEVENTO=\"Manual\",$M84=1),0,IF(OFFSET(CRONOPLE!$F$14,$M84,AM$13)=\"\",10^12,OFFSET(CRONOPLE!$F$14,$M84,AM$13))))","v":1000000000000},{"$f":"IF($D84<>\"Serviço\",0,IF(AND(AUTOEVENTO=\"Manual\",$M84=1),0,IF(OFFSET(CRONOPLE!$F$14,$M84,AN$13)=\"\",10^12,OFFSET(CRONOPLE!$F$14,$M84,AN$13))))","v":1000000000000},{"$f":"IF($D84<>\"Serviço\",0,IF(AND(AUTOEVENTO=\"Manual\",$M84=1),0,IF(OFFSET(CRONOPLE!$F$14,$M84,AO$13)=\"\",10^12,OFFSET(CRONOPLE!$F$14,$M84,AO$13))))","v":1000000000000},{"$f":"IF($D84<>\"Serviço\",0,IF(AND(AUTOEVENTO=\"Manual\",$M84=1),0,IF(OFFSET(CRONOPLE!$F$14,$M84,AP$13)=\"\",10^12,OFFSET(CRONOPLE!$F$14,$M84,AP$13))))","v":1000000000000},{"$f":"IF($D84<>\"Serviço\",0,IF(AND(AUTOEVENTO=\"Manual\",$M84=1),0,IF(OFFSET(CRONOPLE!$F$14,$M84,AQ$13)=\"\",10^12,OFFSET(CRONOPLE!$F$14,$M84,AQ$13))))","v":1000000000000},{"$f":"IF($D84<>\"Serviço\",0,IF(AND(AUTOEVENTO=\"Manual\",$M84=1),0,IF(OFFSET(CRONOPLE!$F$14,$M84,AR$13)=\"\",10^12,OFFSET(CRONOPLE!$F$14,$M84,AR$13))))","v":1000000000000},{"$f":"IF($D84<>\"Serviço\",0,IF(AND(AUTOEVENTO=\"Manual\",$M84=1),0,IF(OFFSET(CRONOPLE!$F$14,$M84,AS$13)=\"\",10^12,OFFSET(CRONOPLE!$F$14,$M84,AS$13))))","v":1000000000000},{"$f":"IF($D84<>\"Serviço\",0,IF(AND(AUTOEVENTO=\"Manual\",$M84=1),0,IF(OFFSET(CRONOPLE!$F$14,$M84,AT$13)=\"\",10^12,OFFSET(CRONOPLE!$F$14,$M84,AT$13))))","v":1000000000000},{"$f":"IF($D84<>\"Serviço\",0,IF(AND(AUTOEVENTO=\"Manual\",$M84=1),0,IF(OFFSET(CRONOPLE!$F$14,$M84,AU$13)=\"\",10^12,OFFSET(CRONOPLE!$F$14,$M84,AU$13))))","v":1000000000000},{"$f":"IF($D84<>\"Serviço\",0,IF(AND(AUTOEVENTO=\"Manual\",$M84=1),0,IF(OFFSET(CRONOPLE!$F$14,$M84,AV$13)=\"\",10^12,OFFSET(CRONOPLE!$F$14,$M84,AV$13))))","v":1000000000000},null,{"$f":"IF($D84<>\"Serviço\",0,IF(OR(AND(AUTOEVENTO=\"Manual\",$M84=1),$M84>(ROW(PLE.lastrow)-ROW(PLE.firstrow))),0,IF(OFFSET(PLE!$G$14,$M84,AX$13)=\"\",10^12,OFFSET(PLE!$G$14,$M84,AX$13))))","v":1000000000000},{"$f":"IF($D84<>\"Serviço\",0,IF(OR(AND(AUTOEVENTO=\"Manual\",$M84=1),$M84>(ROW(PLE.lastrow)-ROW(PLE.firstrow))),0,IF(OFFSET(PLE!$G$14,$M84,AY$13)=\"\",10^12,OFFSET(PLE!$G$14,$M84,AY$13))))","v":1000000000000},{"$f":"IF($D84<>\"Serviço\",0,IF(OR(AND(AUTOEVENTO=\"Manual\",$M84=1),$M84>(ROW(PLE.lastrow)-ROW(PLE.firstrow))),0,IF(OFFSET(PLE!$G$14,$M84,AZ$13)=\"\",10^12,OFFSET(PLE!$G$14,$M84,AZ$13))))","v":1000000000000},{"$f":"IF($D84<>\"Serviço\",0,IF(OR(AND(AUTOEVENTO=\"Manual\",$M84=1),$M84>(ROW(PLE.lastrow)-ROW(PLE.firstrow))),0,IF(OFFSET(PLE!$G$14,$M84,BA$13)=\"\",10^12,OFFSET(PLE!$G$14,$M84,BA$13))))","v":1000000000000},{"$f":"IF($D84<>\"Serviço\",0,IF(OR(AND(AUTOEVENTO=\"Manual\",$M84=1),$M84>(ROW(PLE.lastrow)-ROW(PLE.firstrow))),0,IF(OFFSET(PLE!$G$14,$M84,BB$13)=\"\",10^12,OFFSET(PLE!$G$14,$M84,BB$13))))","v":1000000000000},{"$f":"IF($D84<>\"Serviço\",0,IF(OR(AND(AUTOEVENTO=\"Manual\",$M84=1),$M84>(ROW(PLE.lastrow)-ROW(PLE.firstrow))),0,IF(OFFSET(PLE!$G$14,$M84,BC$13)=\"\",10^12,OFFSET(PLE!$G$14,$M84,BC$13))))","v":1000000000000},{"$f":"IF($D84<>\"Serviço\",0,IF(OR(AND(AUTOEVENTO=\"Manual\",$M84=1),$M84>(ROW(PLE.lastrow)-ROW(PLE.firstrow))),0,IF(OFFSET(PLE!$G$14,$M84,BD$13)=\"\",10^12,OFFSET(PLE!$G$14,$M84,BD$13))))","v":1000000000000},{"$f":"IF($D84<>\"Serviço\",0,IF(OR(AND(AUTOEVENTO=\"Manual\",$M84=1),$M84>(ROW(PLE.lastrow)-ROW(PLE.firstrow))),0,IF(OFFSET(PLE!$G$14,$M84,BE$13)=\"\",10^12,OFFSET(PLE!$G$14,$M84,BE$13))))","v":1000000000000},{"$f":"IF($D84<>\"Serviço\",0,IF(OR(AND(AUTOEVENTO=\"Manual\",$M84=1),$M84>(ROW(PLE.lastrow)-ROW(PLE.firstrow))),0,IF(OFFSET(PLE!$G$14,$M84,BF$13)=\"\",10^12,OFFSET(PLE!$G$14,$M84,BF$13))))","v":1000000000000},{"$f":"IF($D84<>\"Serviço\",0,IF(OR(AND(AUTOEVENTO=\"Manual\",$M84=1),$M84>(ROW(PLE.lastrow)-ROW(PLE.firstrow))),0,IF(OFFSET(PLE!$G$14,$M84,BG$13)=\"\",10^12,OFFSET(PLE!$G$14,$M84,BG$13))))","v":1000000000000}]
["66",{"$f":"OFFSET(ORÇAMENTO!C$15,ROW(B85)-ROW(B$15),0)","v":3},{"$f":"OFFSET(ORÇAMENTO!L$15,ROW(C85)-ROW(C$15),0)","v":"F"},{"$f":"OFFSET(ORÇAMENTO!N$15,ROW(D85)-ROW(D$15),0)","v":"Nível 3"},{"$f":"OFFSET(ORÇAMENTO!O$15,ROW(E85)-ROW(E$15),0)","v":"1.6.2."},{"$f":"OFFSET(ORÇAMENTO!R$15,ROW(F85)-ROW(F$15),0)","v":"PAREDES"},{"$f":"IF($D85<>\"Serviço\",\"\",OFFSET(ORÇAMENTO!S$15,ROW(G85)-ROW(G$15),0))","v":""},{"$f":"IF($D85<>\"Serviço\",0,IF(ACOMPANHAMENTO=\"BM\",ROUND(OFFSET(ORÇAMENTO!AJ$15,ROW(H85)-ROW(H$15),0),15-13*ORÇAMENTO!$AF$7),SUMPRODUCT(($Q$12:$AA$12<>\"\")*ROUND($Q85:$AA85,15-13*ORÇAMENTO!$AF$7))))","v":0},null,null,null,".",{"$f":"IF($D85<>\"Serviço\",\"\",IF(AUTOEVENTO=\"manual\",$A85,IF(ISERROR(MATCH($A85,$A$15:OFFSET($A85,-1,0),0)),MAX($M$15:OFFSET(M85,-1,0))+1,INDEX($M$15:OFFSET(M85,-1,0),MATCH($A85,$A$15:OFFSET($A85,-1,0),0)))))","v":""},{"$f":"IF($D85<>\"Serviço\",\"\",IF(AUTOEVENTO=\"Manual\",IF($A85=0,\"<-- defina o número do agrupador\",OFFSET(EVENTOS!$D$14,$A85,0)),OFFSET($F$15,$A85,0)))","v":""},null,null,null,null,null,null,null,null,null,null,null,null,null,{"$f":"IF(AND($D85=\"Serviço\",AB$12<>0,$H85>0,OR(AUTOEVENTO<>\"manual\",$M85<>1)),\nIF(Import.TipoArredondamento<>\"TransfereGOV\",\nROUND(OFFSET($P85,0,AB$13),15-13*ORÇAMENTO!$AF$7)/$H85*OFFSET(ORÇAMENTO!$X$15,ROW(AB85)-ROW(AB$15),0),\nROUND(ROUND(OFFSET($P85,0,AB$13),15-13*ORÇAMENTO!$AF$7)*OFFSET(ORÇAMENTO!$W$15,ROW(AB85)-ROW(AB$15),0),15-13*ORÇAMENTO!$AF$11)),0)","v":0},{"$f":"IF(AND($D85=\"Serviço\",AC$12<>0,$H85>0,OR(AUTOEVENTO<>\"manual\",$M85<>1)),\nIF(Import.TipoArredondamento<>\"TransfereGOV\",\nROUND(OFFSET($P85,0,AC$13),15-13*ORÇAMENTO!$AF$7)/$H85*OFFSET(ORÇAMENTO!$X$15,ROW(AC85)-ROW(AC$15),0),\nROUND(ROUND(OFFSET($P85,0,AC$13),15-13*ORÇAMENTO!$AF$7)*OFFSET(ORÇAMENTO!$W$15,ROW(AC85)-ROW(AC$15),0),15-13*ORÇAMENTO!$AF$11)),0)","v":0},{"$f":"IF(AND($D85=\"Serviço\",AD$12<>0,$H85>0,OR(AUTOEVENTO<>\"manual\",$M85<>1)),\nIF(Import.TipoArredondamento<>\"TransfereGOV\",\nROUND(OFFSET($P85,0,AD$13),15-13*ORÇAMENTO!$AF$7)/$H85*OFFSET(ORÇAMENTO!$X$15,ROW(AD85)-ROW(AD$15),0),\nROUND(ROUND(OFFSET($P85,0,AD$13),15-13*ORÇAMENTO!$AF$7)*OFFSET(ORÇAMENTO!$W$15,ROW(AD85)-ROW(AD$15),0),15-13*ORÇAMENTO!$AF$11)),0)","v":0},{"$f":"IF(AND($D85=\"Serviço\",AE$12<>0,$H85>0,OR(AUTOEVENTO<>\"manual\",$M85<>1)),\nIF(Import.TipoArredondamento<>\"TransfereGOV\",\nROUND(OFFSET($P85,0,AE$13),15-13*ORÇAMENTO!$AF$7)/$H85*OFFSET(ORÇAMENTO!$X$15,ROW(AE85)-ROW(AE$15),0),\nROUND(ROUND(OFFSET($P85,0,AE$13),15-13*ORÇAMENTO!$AF$7)*OFFSET(ORÇAMENTO!$W$15,ROW(AE85)-ROW(AE$15),0),15-13*ORÇAMENTO!$AF$11)),0)","v":0},{"$f":"IF(AND($D85=\"Serviço\",AF$12<>0,$H85>0,OR(AUTOEVENTO<>\"manual\",$M85<>1)),\nIF(Import.TipoArredondamento<>\"TransfereGOV\",\nROUND(OFFSET($P85,0,AF$13),15-13*ORÇAMENTO!$AF$7)/$H85*OFFSET(ORÇAMENTO!$X$15,ROW(AF85)-ROW(AF$15),0),\nROUND(ROUND(OFFSET($P85,0,AF$13),15-13*ORÇAMENTO!$AF$7)*OFFSET(ORÇAMENTO!$W$15,ROW(AF85)-ROW(AF$15),0),15-13*ORÇAMENTO!$AF$11)),0)","v":0},{"$f":"IF(AND($D85=\"Serviço\",AG$12<>0,$H85>0,OR(AUTOEVENTO<>\"manual\",$M85<>1)),\nIF(Import.TipoArredondamento<>\"TransfereGOV\",\nROUND(OFFSET($P85,0,AG$13),15-13*ORÇAMENTO!$AF$7)/$H85*OFFSET(ORÇAMENTO!$X$15,ROW(AG85)-ROW(AG$15),0),\nROUND(ROUND(OFFSET($P85,0,AG$13),15-13*ORÇAMENTO!$AF$7)*OFFSET(ORÇAMENTO!$W$15,ROW(AG85)-ROW(AG$15),0),15-13*ORÇAMENTO!$AF$11)),0)","v":0},{"$f":"IF(AND($D85=\"Serviço\",AH$12<>0,$H85>0,OR(AUTOEVENTO<>\"manual\",$M85<>1)),\nIF(Import.TipoArredondamento<>\"TransfereGOV\",\nROUND(OFFSET($P85,0,AH$13),15-13*ORÇAMENTO!$AF$7)/$H85*OFFSET(ORÇAMENTO!$X$15,ROW(AH85)-ROW(AH$15),0),\nROUND(ROUND(OFFSET($P85,0,AH$13),15-13*ORÇAMENTO!$AF$7)*OFFSET(ORÇAMENTO!$W$15,ROW(AH85)-ROW(AH$15),0),15-13*ORÇAMENTO!$AF$11)),0)","v":0},{"$f":"IF(AND($D85=\"Serviço\",AI$12<>0,$H85>0,OR(AUTOEVENTO<>\"manual\",$M85<>1)),\nIF(Import.TipoArredondamento<>\"TransfereGOV\",\nROUND(OFFSET($P85,0,AI$13),15-13*ORÇAMENTO!$AF$7)/$H85*OFFSET(ORÇAMENTO!$X$15,ROW(AI85)-ROW(AI$15),0),\nROUND(ROUND(OFFSET($P85,0,AI$13),15-13*ORÇAMENTO!$AF$7)*OFFSET(ORÇAMENTO!$W$15,ROW(AI85)-ROW(AI$15),0),15-13*ORÇAMENTO!$AF$11)),0)","v":0},{"$f":"IF(AND($D85=\"Serviço\",AJ$12<>0,$H85>0,OR(AUTOEVENTO<>\"manual\",$M85<>1)),\nIF(Import.TipoArredondamento<>\"TransfereGOV\",\nROUND(OFFSET($P85,0,AJ$13),15-13*ORÇAMENTO!$AF$7)/$H85*OFFSET(ORÇAMENTO!$X$15,ROW(AJ85)-ROW(AJ$15),0),\nROUND(ROUND(OFFSET($P85,0,AJ$13),15-13*ORÇAMENTO!$AF$7)*OFFSET(ORÇAMENTO!$W$15,ROW(AJ85)-ROW(AJ$15),0),15-13*ORÇAMENTO!$AF$11)),0)","v":0},{"$f":"IF(AND($D85=\"Serviço\",AK$12<>0,$H85>0,OR(AUTOEVENTO<>\"manual\",$M85<>1)),\nIF(Import.TipoArredondamento<>\"TransfereGOV\",\nROUND(OFFSET($P85,0,AK$13),15-13*ORÇAMENTO!$AF$7)/$H85*OFFSET(ORÇAMENTO!$X$15,ROW(AK85)-ROW(AK$15),0),\nROUND(ROUND(OFFSET($P85,0,AK$13),15-13*ORÇAMENTO!$AF$7)*OFFSET(ORÇAMENTO!$W$15,ROW(AK85)-ROW(AK$15),0),15-13*ORÇAMENTO!$AF$11)),0)","v":0},null,{"$f":"IF($D85<>\"Serviço\",0,IF(AND(AUTOEVENTO=\"Manual\",$M85=1),0,IF(OFFSET(CRONOPLE!$F$14,$M85,AM$13)=\"\",10^12,OFFSET(CRONOPLE!$F$14,$M85,AM$13))))","v":0},{"$f":"IF($D85<>\"Serviço\",0,IF(AND(AUTOEVENTO=\"Manual\",$M85=1),0,IF(OFFSET(CRONOPLE!$F$14,$M85,AN$13)=\"\",10^12,OFFSET(CRONOPLE!$F$14,$M85,AN$13))))","v":0},{"$f":"IF($D85<>\"Serviço\",0,IF(AND(AUTOEVENTO=\"Manual\",$M85=1),0,IF(OFFSET(CRONOPLE!$F$14,$M85,AO$13)=\"\",10^12,OFFSET(CRONOPLE!$F$14,$M85,AO$13))))","v":0},{"$f":"IF($D85<>\"Serviço\",0,IF(AND(AUTOEVENTO=\"Manual\",$M85=1),0,IF(OFFSET(CRONOPLE!$F$14,$M85,AP$13)=\"\",10^12,OFFSET(CRONOPLE!$F$14,$M85,AP$13))))","v":0},{"$f":"IF($D85<>\"Serviço\",0,IF(AND(AUTOEVENTO=\"Manual\",$M85=1),0,IF(OFFSET(CRONOPLE!$F$14,$M85,AQ$13)=\"\",10^12,OFFSET(CRONOPLE!$F$14,$M85,AQ$13))))","v":0},{"$f":"IF($D85<>\"Serviço\",0,IF(AND(AUTOEVENTO=\"Manual\",$M85=1),0,IF(OFFSET(CRONOPLE!$F$14,$M85,AR$13)=\"\",10^12,OFFSET(CRONOPLE!$F$14,$M85,AR$13))))","v":0},{"$f":"IF($D85<>\"Serviço\",0,IF(AND(AUTOEVENTO=\"Manual\",$M85=1),0,IF(OFFSET(CRONOPLE!$F$14,$M85,AS$13)=\"\",10^12,OFFSET(CRONOPLE!$F$14,$M85,AS$13))))","v":0},{"$f":"IF($D85<>\"Serviço\",0,IF(AND(AUTOEVENTO=\"Manual\",$M85=1),0,IF(OFFSET(CRONOPLE!$F$14,$M85,AT$13)=\"\",10^12,OFFSET(CRONOPLE!$F$14,$M85,AT$13))))","v":0},{"$f":"IF($D85<>\"Serviço\",0,IF(AND(AUTOEVENTO=\"Manual\",$M85=1),0,IF(OFFSET(CRONOPLE!$F$14,$M85,AU$13)=\"\",10^12,OFFSET(CRONOPLE!$F$14,$M85,AU$13))))","v":0},{"$f":"IF($D85<>\"Serviço\",0,IF(AND(AUTOEVENTO=\"Manual\",$M85=1),0,IF(OFFSET(CRONOPLE!$F$14,$M85,AV$13)=\"\",10^12,OFFSET(CRONOPLE!$F$14,$M85,AV$13))))","v":0},null,{"$f":"IF($D85<>\"Serviço\",0,IF(OR(AND(AUTOEVENTO=\"Manual\",$M85=1),$M85>(ROW(PLE.lastrow)-ROW(PLE.firstrow))),0,IF(OFFSET(PLE!$G$14,$M85,AX$13)=\"\",10^12,OFFSET(PLE!$G$14,$M85,AX$13))))","v":0},{"$f":"IF($D85<>\"Serviço\",0,IF(OR(AND(AUTOEVENTO=\"Manual\",$M85=1),$M85>(ROW(PLE.lastrow)-ROW(PLE.firstrow))),0,IF(OFFSET(PLE!$G$14,$M85,AY$13)=\"\",10^12,OFFSET(PLE!$G$14,$M85,AY$13))))","v":0},{"$f":"IF($D85<>\"Serviço\",0,IF(OR(AND(AUTOEVENTO=\"Manual\",$M85=1),$M85>(ROW(PLE.lastrow)-ROW(PLE.firstrow))),0,IF(OFFSET(PLE!$G$14,$M85,AZ$13)=\"\",10^12,OFFSET(PLE!$G$14,$M85,AZ$13))))","v":0},{"$f":"IF($D85<>\"Serviço\",0,IF(OR(AND(AUTOEVENTO=\"Manual\",$M85=1),$M85>(ROW(PLE.lastrow)-ROW(PLE.firstrow))),0,IF(OFFSET(PLE!$G$14,$M85,BA$13)=\"\",10^12,OFFSET(PLE!$G$14,$M85,BA$13))))","v":0},{"$f":"IF($D85<>\"Serviço\",0,IF(OR(AND(AUTOEVENTO=\"Manual\",$M85=1),$M85>(ROW(PLE.lastrow)-ROW(PLE.firstrow))),0,IF(OFFSET(PLE!$G$14,$M85,BB$13)=\"\",10^12,OFFSET(PLE!$G$14,$M85,BB$13))))","v":0},{"$f":"IF($D85<>\"Serviço\",0,IF(OR(AND(AUTOEVENTO=\"Manual\",$M85=1),$M85>(ROW(PLE.lastrow)-ROW(PLE.firstrow))),0,IF(OFFSET(PLE!$G$14,$M85,BC$13)=\"\",10^12,OFFSET(PLE!$G$14,$M85,BC$13))))","v":0},{"$f":"IF($D85<>\"Serviço\",0,IF(OR(AND(AUTOEVENTO=\"Manual\",$M85=1),$M85>(ROW(PLE.lastrow)-ROW(PLE.firstrow))),0,IF(OFFSET(PLE!$G$14,$M85,BD$13)=\"\",10^12,OFFSET(PLE!$G$14,$M85,BD$13))))","v":0},{"$f":"IF($D85<>\"Serviço\",0,IF(OR(AND(AUTOEVENTO=\"Manual\",$M85=1),$M85>(ROW(PLE.lastrow)-ROW(PLE.firstrow))),0,IF(OFFSET(PLE!$G$14,$M85,BE$13)=\"\",10^12,OFFSET(PLE!$G$14,$M85,BE$13))))","v":0},{"$f":"IF($D85<>\"Serviço\",0,IF(OR(AND(AUTOEVENTO=\"Manual\",$M85=1),$M85>(ROW(PLE.lastrow)-ROW(PLE.firstrow))),0,IF(OFFSET(PLE!$G$14,$M85,BF$13)=\"\",10^12,OFFSET(PLE!$G$14,$M85,BF$13))))","v":0},{"$f":"IF($D85<>\"Serviço\",0,IF(OR(AND(AUTOEVENTO=\"Manual\",$M85=1),$M85>(ROW(PLE.lastrow)-ROW(PLE.firstrow))),0,IF(OFFSET(PLE!$G$14,$M85,BG$13)=\"\",10^12,OFFSET(PLE!$G$14,$M85,BG$13))))","v":0}]
["66",{"$f":"OFFSET(ORÇAMENTO!C$15,ROW(B86)-ROW(B$15),0)","v":"S"},{"$f":"OFFSET(ORÇAMENTO!L$15,ROW(C86)-ROW(C$15),0)","v":"F"},{"$f":"OFFSET(ORÇAMENTO!N$15,ROW(D86)-ROW(D$15),0)","v":"Serviço"},{"$f":"OFFSET(ORÇAMENTO!O$15,ROW(E86)-ROW(E$15),0)","v":"1.6.2.0.1."},{"$f":"OFFSET(ORÇAMENTO!R$15,ROW(F86)-ROW(F$15),0)","v":"CHAPISCO APLICADO EM ALVENARIA (SEM PRESENÇA DE VÃOS) E ESTRUTURAS DE CONCRETO DE FACHADA, COM COLHER DE PEDREIRO.  ARGAMASSA TRAÇO 1:3 COM PREPARO EM BETONEIRA 400L. AF_10/2022"},{"$f":"IF($D86<>\"Serviço\",\"\",OFFSET(ORÇAMENTO!S$15,ROW(G86)-ROW(G$15),0))","v":"M2"},{"$f":"IF($D86<>\"Serviço\",0,IF(ACOMPANHAMENTO=\"BM\",ROUND(OFFSET(ORÇAMENTO!AJ$15,ROW(H86)-ROW(H$15),0),15-13*ORÇAMENTO!$AF$7),SUMPRODUCT(($Q$12:$AA$12<>\"\")*ROUND($Q86:$AA86,15-13*ORÇAMENTO!$AF$7))))","v":460.24},null,null,null,".",{"$f":"IF($D86<>\"Serviço\",\"\",IF(AUTOEVENTO=\"manual\",$A86,IF(ISERROR(MATCH($A86,$A$15:OFFSET($A86,-1,0),0)),MAX($M$15:OFFSET(M86,-1,0))+1,INDEX($M$15:OFFSET(M86,-1,0),MATCH($A86,$A$15:OFFSET($A86,-1,0),0)))))","v":7},{"$f":"IF($D86<>\"Serviço\",\"\",IF(AUTOEVENTO=\"Manual\",IF($A86=0,\"<-- defina o número do agrupador\",OFFSET(EVENTOS!$D$14,$A86,0)),OFFSET($F$15,$A86,0)))","v":"REVESTIMENTOS"},null,null,null,null,null,null,null,null,null,null,null,null,null,{"$f":"IF(AND($D86=\"Serviço\",AB$12<>0,$H86>0,OR(AUTOEVENTO<>\"manual\",$M86<>1)),\nIF(Import.TipoArredondamento<>\"TransfereGOV\",\nROUND(OFFSET($P86,0,AB$13),15-13*ORÇAMENTO!$AF$7)/$H86*OFFSET(ORÇAMENTO!$X$15,ROW(AB86)-ROW(AB$15),0),\nROUND(ROUND(OFFSET($P86,0,AB$13),15-13*ORÇAMENTO!$AF$7)*OFFSET(ORÇAMENTO!$W$15,ROW(AB86)-ROW(AB$15),0),15-13*ORÇAMENTO!$AF$11)),0)","v":0},{"$f":"IF(AND($D86=\"Serviço\",AC$12<>0,$H86>0,OR(AUTOEVENTO<>\"manual\",$M86<>1)),\nIF(Import.TipoArredondamento<>\"TransfereGOV\",\nROUND(OFFSET($P86,0,AC$13),15-13*ORÇAMENTO!$AF$7)/$H86*OFFSET(ORÇAMENTO!$X$15,ROW(AC86)-ROW(AC$15),0),\nROUND(ROUND(OFFSET($P86,0,AC$13),15-13*ORÇAMENTO!$AF$7)*OFFSET(ORÇAMENTO!$W$15,ROW(AC86)-ROW(AC$15),0),15-13*ORÇAMENTO!$AF$11)),0)","v":0},{"$f":"IF(AND($D86=\"Serviço\",AD$12<>0,$H86>0,OR(AUTOEVENTO<>\"manual\",$M86<>1)),\nIF(Import.TipoArredondamento<>\"TransfereGOV\",\nROUND(OFFSET($P86,0,AD$13),15-13*ORÇAMENTO!$AF$7)/$H86*OFFSET(ORÇAMENTO!$X$15,ROW(AD86)-ROW(AD$15),0),\nROUND(ROUND(OFFSET($P86,0,AD$13),15-13*ORÇAMENTO!$AF$7)*OFFSET(ORÇAMENTO!$W$15,ROW(AD86)-ROW(AD$15),0),15-13*ORÇAMENTO!$AF$11)),0)","v":0},{"$f":"IF(AND($D86=\"Serviço\",AE$12<>0,$H86>0,OR(AUTOEVENTO<>\"manual\",$M86<>1)),\nIF(Import.TipoArredondamento<>\"TransfereGOV\",\nROUND(OFFSET($P86,0,AE$13),15-13*ORÇAMENTO!$AF$7)/$H86*OFFSET(ORÇAMENTO!$X$15,ROW(AE86)-ROW(AE$15),0),\nROUND(ROUND(OFFSET($P86,0,AE$13),15-13*ORÇAMENTO!$AF$7)*OFFSET(ORÇAMENTO!$W$15,ROW(AE86)-ROW(AE$15),0),15-13*ORÇAMENTO!$AF$11)),0)","v":0},{"$f":"IF(AND($D86=\"Serviço\",AF$12<>0,$H86>0,OR(AUTOEVENTO<>\"manual\",$M86<>1)),\nIF(Import.TipoArredondamento<>\"TransfereGOV\",\nROUND(OFFSET($P86,0,AF$13),15-13*ORÇAMENTO!$AF$7)/$H86*OFFSET(ORÇAMENTO!$X$15,ROW(AF86)-ROW(AF$15),0),\nROUND(ROUND(OFFSET($P86,0,AF$13),15-13*ORÇAMENTO!$AF$7)*OFFSET(ORÇAMENTO!$W$15,ROW(AF86)-ROW(AF$15),0),15-13*ORÇAMENTO!$AF$11)),0)","v":0},{"$f":"IF(AND($D86=\"Serviço\",AG$12<>0,$H86>0,OR(AUTOEVENTO<>\"manual\",$M86<>1)),\nIF(Import.TipoArredondamento<>\"TransfereGOV\",\nROUND(OFFSET($P86,0,AG$13),15-13*ORÇAMENTO!$AF$7)/$H86*OFFSET(ORÇAMENTO!$X$15,ROW(AG86)-ROW(AG$15),0),\nROUND(ROUND(OFFSET($P86,0,AG$13),15-13*ORÇAMENTO!$AF$7)*OFFSET(ORÇAMENTO!$W$15,ROW(AG86)-ROW(AG$15),0),15-13*ORÇAMENTO!$AF$11)),0)","v":0},{"$f":"IF(AND($D86=\"Serviço\",AH$12<>0,$H86>0,OR(AUTOEVENTO<>\"manual\",$M86<>1)),\nIF(Import.TipoArredondamento<>\"TransfereGOV\",\nROUND(OFFSET($P86,0,AH$13),15-13*ORÇAMENTO!$AF$7)/$H86*OFFSET(ORÇAMENTO!$X$15,ROW(AH86)-ROW(AH$15),0),\nROUND(ROUND(OFFSET($P86,0,AH$13),15-13*ORÇAMENTO!$AF$7)*OFFSET(ORÇAMENTO!$W$15,ROW(AH86)-ROW(AH$15),0),15-13*ORÇAMENTO!$AF$11)),0)","v":0},{"$f":"IF(AND($D86=\"Serviço\",AI$12<>0,$H86>0,OR(AUTOEVENTO<>\"manual\",$M86<>1)),\nIF(Import.TipoArredondamento<>\"TransfereGOV\",\nROUND(OFFSET($P86,0,AI$13),15-13*ORÇAMENTO!$AF$7)/$H86*OFFSET(ORÇAMENTO!$X$15,ROW(AI86)-ROW(AI$15),0),\nROUND(ROUND(OFFSET($P86,0,AI$13),15-13*ORÇAMENTO!$AF$7)*OFFSET(ORÇAMENTO!$W$15,ROW(AI86)-ROW(AI$15),0),15-13*ORÇAMENTO!$AF$11)),0)","v":0},{"$f":"IF(AND($D86=\"Serviço\",AJ$12<>0,$H86>0,OR(AUTOEVENTO<>\"manual\",$M86<>1)),\nIF(Import.TipoArredondamento<>\"TransfereGOV\",\nROUND(OFFSET($P86,0,AJ$13),15-13*ORÇAMENTO!$AF$7)/$H86*OFFSET(ORÇAMENTO!$X$15,ROW(AJ86)-ROW(AJ$15),0),\nROUND(ROUND(OFFSET($P86,0,AJ$13),15-13*ORÇAMENTO!$AF$7)*OFFSET(ORÇAMENTO!$W$15,ROW(AJ86)-ROW(AJ$15),0),15-13*ORÇAMENTO!$AF$11)),0)","v":0},{"$f":"IF(AND($D86=\"Serviço\",AK$12<>0,$H86>0,OR(AUTOEVENTO<>\"manual\",$M86<>1)),\nIF(Import.TipoArredondamento<>\"TransfereGOV\",\nROUND(OFFSET($P86,0,AK$13),15-13*ORÇAMENTO!$AF$7)/$H86*OFFSET(ORÇAMENTO!$X$15,ROW(AK86)-ROW(AK$15),0),\nROUND(ROUND(OFFSET($P86,0,AK$13),15-13*ORÇAMENTO!$AF$7)*OFFSET(ORÇAMENTO!$W$15,ROW(AK86)-ROW(AK$15),0),15-13*ORÇAMENTO!$AF$11)),0)","v":0},null,{"$f":"IF($D86<>\"Serviço\",0,IF(AND(AUTOEVENTO=\"Manual\",$M86=1),0,IF(OFFSET(CRONOPLE!$F$14,$M86,AM$13)=\"\",10^12,OFFSET(CRONOPLE!$F$14,$M86,AM$13))))","v":1000000000000},{"$f":"IF($D86<>\"Serviço\",0,IF(AND(AUTOEVENTO=\"Manual\",$M86=1),0,IF(OFFSET(CRONOPLE!$F$14,$M86,AN$13)=\"\",10^12,OFFSET(CRONOPLE!$F$14,$M86,AN$13))))","v":1000000000000},{"$f":"IF($D86<>\"Serviço\",0,IF(AND(AUTOEVENTO=\"Manual\",$M86=1),0,IF(OFFSET(CRONOPLE!$F$14,$M86,AO$13)=\"\",10^12,OFFSET(CRONOPLE!$F$14,$M86,AO$13))))","v":1000000000000},{"$f":"IF($D86<>\"Serviço\",0,IF(AND(AUTOEVENTO=\"Manual\",$M86=1),0,IF(OFFSET(CRONOPLE!$F$14,$M86,AP$13)=\"\",10^12,OFFSET(CRONOPLE!$F$14,$M86,AP$13))))","v":1000000000000},{"$f":"IF($D86<>\"Serviço\",0,IF(AND(AUTOEVENTO=\"Manual\",$M86=1),0,IF(OFFSET(CRONOPLE!$F$14,$M86,AQ$13)=\"\",10^12,OFFSET(CRONOPLE!$F$14,$M86,AQ$13))))","v":1000000000000},{"$f":"IF($D86<>\"Serviço\",0,IF(AND(AUTOEVENTO=\"Manual\",$M86=1),0,IF(OFFSET(CRONOPLE!$F$14,$M86,AR$13)=\"\",10^12,OFFSET(CRONOPLE!$F$14,$M86,AR$13))))","v":1000000000000},{"$f":"IF($D86<>\"Serviço\",0,IF(AND(AUTOEVENTO=\"Manual\",$M86=1),0,IF(OFFSET(CRONOPLE!$F$14,$M86,AS$13)=\"\",10^12,OFFSET(CRONOPLE!$F$14,$M86,AS$13))))","v":1000000000000},{"$f":"IF($D86<>\"Serviço\",0,IF(AND(AUTOEVENTO=\"Manual\",$M86=1),0,IF(OFFSET(CRONOPLE!$F$14,$M86,AT$13)=\"\",10^12,OFFSET(CRONOPLE!$F$14,$M86,AT$13))))","v":1000000000000},{"$f":"IF($D86<>\"Serviço\",0,IF(AND(AUTOEVENTO=\"Manual\",$M86=1),0,IF(OFFSET(CRONOPLE!$F$14,$M86,AU$13)=\"\",10^12,OFFSET(CRONOPLE!$F$14,$M86,AU$13))))","v":1000000000000},{"$f":"IF($D86<>\"Serviço\",0,IF(AND(AUTOEVENTO=\"Manual\",$M86=1),0,IF(OFFSET(CRONOPLE!$F$14,$M86,AV$13)=\"\",10^12,OFFSET(CRONOPLE!$F$14,$M86,AV$13))))","v":1000000000000},null,{"$f":"IF($D86<>\"Serviço\",0,IF(OR(AND(AUTOEVENTO=\"Manual\",$M86=1),$M86>(ROW(PLE.lastrow)-ROW(PLE.firstrow))),0,IF(OFFSET(PLE!$G$14,$M86,AX$13)=\"\",10^12,OFFSET(PLE!$G$14,$M86,AX$13))))","v":1000000000000},{"$f":"IF($D86<>\"Serviço\",0,IF(OR(AND(AUTOEVENTO=\"Manual\",$M86=1),$M86>(ROW(PLE.lastrow)-ROW(PLE.firstrow))),0,IF(OFFSET(PLE!$G$14,$M86,AY$13)=\"\",10^12,OFFSET(PLE!$G$14,$M86,AY$13))))","v":1000000000000},{"$f":"IF($D86<>\"Serviço\",0,IF(OR(AND(AUTOEVENTO=\"Manual\",$M86=1),$M86>(ROW(PLE.lastrow)-ROW(PLE.firstrow))),0,IF(OFFSET(PLE!$G$14,$M86,AZ$13)=\"\",10^12,OFFSET(PLE!$G$14,$M86,AZ$13))))","v":1000000000000},{"$f":"IF($D86<>\"Serviço\",0,IF(OR(AND(AUTOEVENTO=\"Manual\",$M86=1),$M86>(ROW(PLE.lastrow)-ROW(PLE.firstrow))),0,IF(OFFSET(PLE!$G$14,$M86,BA$13)=\"\",10^12,OFFSET(PLE!$G$14,$M86,BA$13))))","v":1000000000000},{"$f":"IF($D86<>\"Serviço\",0,IF(OR(AND(AUTOEVENTO=\"Manual\",$M86=1),$M86>(ROW(PLE.lastrow)-ROW(PLE.firstrow))),0,IF(OFFSET(PLE!$G$14,$M86,BB$13)=\"\",10^12,OFFSET(PLE!$G$14,$M86,BB$13))))","v":1000000000000},{"$f":"IF($D86<>\"Serviço\",0,IF(OR(AND(AUTOEVENTO=\"Manual\",$M86=1),$M86>(ROW(PLE.lastrow)-ROW(PLE.firstrow))),0,IF(OFFSET(PLE!$G$14,$M86,BC$13)=\"\",10^12,OFFSET(PLE!$G$14,$M86,BC$13))))","v":1000000000000},{"$f":"IF($D86<>\"Serviço\",0,IF(OR(AND(AUTOEVENTO=\"Manual\",$M86=1),$M86>(ROW(PLE.lastrow)-ROW(PLE.firstrow))),0,IF(OFFSET(PLE!$G$14,$M86,BD$13)=\"\",10^12,OFFSET(PLE!$G$14,$M86,BD$13))))","v":1000000000000},{"$f":"IF($D86<>\"Serviço\",0,IF(OR(AND(AUTOEVENTO=\"Manual\",$M86=1),$M86>(ROW(PLE.lastrow)-ROW(PLE.firstrow))),0,IF(OFFSET(PLE!$G$14,$M86,BE$13)=\"\",10^12,OFFSET(PLE!$G$14,$M86,BE$13))))","v":1000000000000},{"$f":"IF($D86<>\"Serviço\",0,IF(OR(AND(AUTOEVENTO=\"Manual\",$M86=1),$M86>(ROW(PLE.lastrow)-ROW(PLE.firstrow))),0,IF(OFFSET(PLE!$G$14,$M86,BF$13)=\"\",10^12,OFFSET(PLE!$G$14,$M86,BF$13))))","v":1000000000000},{"$f":"IF($D86<>\"Serviço\",0,IF(OR(AND(AUTOEVENTO=\"Manual\",$M86=1),$M86>(ROW(PLE.lastrow)-ROW(PLE.firstrow))),0,IF(OFFSET(PLE!$G$14,$M86,BG$13)=\"\",10^12,OFFSET(PLE!$G$14,$M86,BG$13))))","v":1000000000000}]
["66",{"$f":"OFFSET(ORÇAMENTO!C$15,ROW(B87)-ROW(B$15),0)","v":"S"},{"$f":"OFFSET(ORÇAMENTO!L$15,ROW(C87)-ROW(C$15),0)","v":"F"},{"$f":"OFFSET(ORÇAMENTO!N$15,ROW(D87)-ROW(D$15),0)","v":"Serviço"},{"$f":"OFFSET(ORÇAMENTO!O$15,ROW(E87)-ROW(E$15),0)","v":"1.6.2.0.2."},{"$f":"OFFSET(ORÇAMENTO!R$15,ROW(F87)-ROW(F$15),0)","v":"EMBOÇO OU MASSA ÚNICA EM ARGAMASSA TRAÇO 1:2:8, PREPARO MECÂNICO COM BETONEIRA 400 L, APLICADA MANUALMENTE EM PANOS DE FACHADA COM PRESENÇA DE VÃOS, ESPESSURA DE 25 MM. AF_08/2022"},{"$f":"IF($D87<>\"Serviço\",\"\",OFFSET(ORÇAMENTO!S$15,ROW(G87)-ROW(G$15),0))","v":"M2"},{"$f":"IF($D87<>\"Serviço\",0,IF(ACOMPANHAMENTO=\"BM\",ROUND(OFFSET(ORÇAMENTO!AJ$15,ROW(H87)-ROW(H$15),0),15-13*ORÇAMENTO!$AF$7),SUMPRODUCT(($Q$12:$AA$12<>\"\")*ROUND($Q87:$AA87,15-13*ORÇAMENTO!$AF$7))))","v":460.24},null,null,null,".",{"$f":"IF($D87<>\"Serviço\",\"\",IF(AUTOEVENTO=\"manual\",$A87,IF(ISERROR(MATCH($A87,$A$15:OFFSET($A87,-1,0),0)),MAX($M$15:OFFSET(M87,-1,0))+1,INDEX($M$15:OFFSET(M87,-1,0),MATCH($A87,$A$15:OFFSET($A87,-1,0),0)))))","v":7},{"$f":"IF($D87<>\"Serviço\",\"\",IF(AUTOEVENTO=\"Manual\",IF($A87=0,\"<-- defina o número do agrupador\",OFFSET(EVENTOS!$D$14,$A87,0)),OFFSET($F$15,$A87,0)))","v":"REVESTIMENTOS"},null,null,null,null,null,null,null,null,null,null,null,null,null,{"$f":"IF(AND($D87=\"Serviço\",AB$12<>0,$H87>0,OR(AUTOEVENTO<>\"manual\",$M87<>1)),\nIF(Import.TipoArredondamento<>\"TransfereGOV\",\nROUND(OFFSET($P87,0,AB$13),15-13*ORÇAMENTO!$AF$7)/$H87*OFFSET(ORÇAMENTO!$X$15,ROW(AB87)-ROW(AB$15),0),\nROUND(ROUND(OFFSET($P87,0,AB$13),15-13*ORÇAMENTO!$AF$7)*OFFSET(ORÇAMENTO!$W$15,ROW(AB87)-ROW(AB$15),0),15-13*ORÇAMENTO!$AF$11)),0)","v":0},{"$f":"IF(AND($D87=\"Serviço\",AC$12<>0,$H87>0,OR(AUTOEVENTO<>\"manual\",$M87<>1)),\nIF(Import.TipoArredondamento<>\"TransfereGOV\",\nROUND(OFFSET($P87,0,AC$13),15-13*ORÇAMENTO!$AF$7)/$H87*OFFSET(ORÇAMENTO!$X$15,ROW(AC87)-ROW(AC$15),0),\nROUND(ROUND(OFFSET($P87,0,AC$13),15-13*ORÇAMENTO!$AF$7)*OFFSET(ORÇAMENTO!$W$15,ROW(AC87)-ROW(AC$15),0),15-13*ORÇAMENTO!$AF$11)),0)","v":0},{"$f":"IF(AND($D87=\"Serviço\",AD$12<>0,$H87>0,OR(AUTOEVENTO<>\"manual\",$M87<>1)),\nIF(Import.TipoArredondamento<>\"TransfereGOV\",\nROUND(OFFSET($P87,0,AD$13),15-13*ORÇAMENTO!$AF$7)/$H87*OFFSET(ORÇAMENTO!$X$15,ROW(AD87)-ROW(AD$15),0),\nROUND(ROUND(OFFSET($P87,0,AD$13),15-13*ORÇAMENTO!$AF$7)*OFFSET(ORÇAMENTO!$W$15,ROW(AD87)-ROW(AD$15),0),15-13*ORÇAMENTO!$AF$11)),0)","v":0},{"$f":"IF(AND($D87=\"Serviço\",AE$12<>0,$H87>0,OR(AUTOEVENTO<>\"manual\",$M87<>1)),\nIF(Import.TipoArredondamento<>\"TransfereGOV\",\nROUND(OFFSET($P87,0,AE$13),15-13*ORÇAMENTO!$AF$7)/$H87*OFFSET(ORÇAMENTO!$X$15,ROW(AE87)-ROW(AE$15),0),\nROUND(ROUND(OFFSET($P87,0,AE$13),15-13*ORÇAMENTO!$AF$7)*OFFSET(ORÇAMENTO!$W$15,ROW(AE87)-ROW(AE$15),0),15-13*ORÇAMENTO!$AF$11)),0)","v":0},{"$f":"IF(AND($D87=\"Serviço\",AF$12<>0,$H87>0,OR(AUTOEVENTO<>\"manual\",$M87<>1)),\nIF(Import.TipoArredondamento<>\"TransfereGOV\",\nROUND(OFFSET($P87,0,AF$13),15-13*ORÇAMENTO!$AF$7)/$H87*OFFSET(ORÇAMENTO!$X$15,ROW(AF87)-ROW(AF$15),0),\nROUND(ROUND(OFFSET($P87,0,AF$13),15-13*ORÇAMENTO!$AF$7)*OFFSET(ORÇAMENTO!$W$15,ROW(AF87)-ROW(AF$15),0),15-13*ORÇAMENTO!$AF$11)),0)","v":0},{"$f":"IF(AND($D87=\"Serviço\",AG$12<>0,$H87>0,OR(AUTOEVENTO<>\"manual\",$M87<>1)),\nIF(Import.TipoArredondamento<>\"TransfereGOV\",\nROUND(OFFSET($P87,0,AG$13),15-13*ORÇAMENTO!$AF$7)/$H87*OFFSET(ORÇAMENTO!$X$15,ROW(AG87)-ROW(AG$15),0),\nROUND(ROUND(OFFSET($P87,0,AG$13),15-13*ORÇAMENTO!$AF$7)*OFFSET(ORÇAMENTO!$W$15,ROW(AG87)-ROW(AG$15),0),15-13*ORÇAMENTO!$AF$11)),0)","v":0},{"$f":"IF(AND($D87=\"Serviço\",AH$12<>0,$H87>0,OR(AUTOEVENTO<>\"manual\",$M87<>1)),\nIF(Import.TipoArredondamento<>\"TransfereGOV\",\nROUND(OFFSET($P87,0,AH$13),15-13*ORÇAMENTO!$AF$7)/$H87*OFFSET(ORÇAMENTO!$X$15,ROW(AH87)-ROW(AH$15),0),\nROUND(ROUND(OFFSET($P87,0,AH$13),15-13*ORÇAMENTO!$AF$7)*OFFSET(ORÇAMENTO!$W$15,ROW(AH87)-ROW(AH$15),0),15-13*ORÇAMENTO!$AF$11)),0)","v":0},{"$f":"IF(AND($D87=\"Serviço\",AI$12<>0,$H87>0,OR(AUTOEVENTO<>\"manual\",$M87<>1)),\nIF(Import.TipoArredondamento<>\"TransfereGOV\",\nROUND(OFFSET($P87,0,AI$13),15-13*ORÇAMENTO!$AF$7)/$H87*OFFSET(ORÇAMENTO!$X$15,ROW(AI87)-ROW(AI$15),0),\nROUND(ROUND(OFFSET($P87,0,AI$13),15-13*ORÇAMENTO!$AF$7)*OFFSET(ORÇAMENTO!$W$15,ROW(AI87)-ROW(AI$15),0),15-13*ORÇAMENTO!$AF$11)),0)","v":0},{"$f":"IF(AND($D87=\"Serviço\",AJ$12<>0,$H87>0,OR(AUTOEVENTO<>\"manual\",$M87<>1)),\nIF(Import.TipoArredondamento<>\"TransfereGOV\",\nROUND(OFFSET($P87,0,AJ$13),15-13*ORÇAMENTO!$AF$7)/$H87*OFFSET(ORÇAMENTO!$X$15,ROW(AJ87)-ROW(AJ$15),0),\nROUND(ROUND(OFFSET($P87,0,AJ$13),15-13*ORÇAMENTO!$AF$7)*OFFSET(ORÇAMENTO!$W$15,ROW(AJ87)-ROW(AJ$15),0),15-13*ORÇAMENTO!$AF$11)),0)","v":0},{"$f":"IF(AND($D87=\"Serviço\",AK$12<>0,$H87>0,OR(AUTOEVENTO<>\"manual\",$M87<>1)),\nIF(Import.TipoArredondamento<>\"TransfereGOV\",\nROUND(OFFSET($P87,0,AK$13),15-13*ORÇAMENTO!$AF$7)/$H87*OFFSET(ORÇAMENTO!$X$15,ROW(AK87)-ROW(AK$15),0),\nROUND(ROUND(OFFSET($P87,0,AK$13),15-13*ORÇAMENTO!$AF$7)*OFFSET(ORÇAMENTO!$W$15,ROW(AK87)-ROW(AK$15),0),15-13*ORÇAMENTO!$AF$11)),0)","v":0},null,{"$f":"IF($D87<>\"Serviço\",0,IF(AND(AUTOEVENTO=\"Manual\",$M87=1),0,IF(OFFSET(CRONOPLE!$F$14,$M87,AM$13)=\"\",10^12,OFFSET(CRONOPLE!$F$14,$M87,AM$13))))","v":1000000000000},{"$f":"IF($D87<>\"Serviço\",0,IF(AND(AUTOEVENTO=\"Manual\",$M87=1),0,IF(OFFSET(CRONOPLE!$F$14,$M87,AN$13)=\"\",10^12,OFFSET(CRONOPLE!$F$14,$M87,AN$13))))","v":1000000000000},{"$f":"IF($D87<>\"Serviço\",0,IF(AND(AUTOEVENTO=\"Manual\",$M87=1),0,IF(OFFSET(CRONOPLE!$F$14,$M87,AO$13)=\"\",10^12,OFFSET(CRONOPLE!$F$14,$M87,AO$13))))","v":1000000000000},{"$f":"IF($D87<>\"Serviço\",0,IF(AND(AUTOEVENTO=\"Manual\",$M87=1),0,IF(OFFSET(CRONOPLE!$F$14,$M87,AP$13)=\"\",10^12,OFFSET(CRONOPLE!$F$14,$M87,AP$13))))","v":1000000000000},{"$f":"IF($D87<>\"Serviço\",0,IF(AND(AUTOEVENTO=\"Manual\",$M87=1),0,IF(OFFSET(CRONOPLE!$F$14,$M87,AQ$13)=\"\",10^12,OFFSET(CRONOPLE!$F$14,$M87,AQ$13))))","v":1000000000000},{"$f":"IF($D87<>\"Serviço\",0,IF(AND(AUTOEVENTO=\"Manual\",$M87=1),0,IF(OFFSET(CRONOPLE!$F$14,$M87,AR$13)=\"\",10^12,OFFSET(CRONOPLE!$F$14,$M87,AR$13))))","v":1000000000000},{"$f":"IF($D87<>\"Serviço\",0,IF(AND(AUTOEVENTO=\"Manual\",$M87=1),0,IF(OFFSET(CRONOPLE!$F$14,$M87,AS$13)=\"\",10^12,OFFSET(CRONOPLE!$F$14,$M87,AS$13))))","v":1000000000000},{"$f":"IF($D87<>\"Serviço\",0,IF(AND(AUTOEVENTO=\"Manual\",$M87=1),0,IF(OFFSET(CRONOPLE!$F$14,$M87,AT$13)=\"\",10^12,OFFSET(CRONOPLE!$F$14,$M87,AT$13))))","v":1000000000000},{"$f":"IF($D87<>\"Serviço\",0,IF(AND(AUTOEVENTO=\"Manual\",$M87=1),0,IF(OFFSET(CRONOPLE!$F$14,$M87,AU$13)=\"\",10^12,OFFSET(CRONOPLE!$F$14,$M87,AU$13))))","v":1000000000000},{"$f":"IF($D87<>\"Serviço\",0,IF(AND(AUTOEVENTO=\"Manual\",$M87=1),0,IF(OFFSET(CRONOPLE!$F$14,$M87,AV$13)=\"\",10^12,OFFSET(CRONOPLE!$F$14,$M87,AV$13))))","v":1000000000000},null,{"$f":"IF($D87<>\"Serviço\",0,IF(OR(AND(AUTOEVENTO=\"Manual\",$M87=1),$M87>(ROW(PLE.lastrow)-ROW(PLE.firstrow))),0,IF(OFFSET(PLE!$G$14,$M87,AX$13)=\"\",10^12,OFFSET(PLE!$G$14,$M87,AX$13))))","v":1000000000000},{"$f":"IF($D87<>\"Serviço\",0,IF(OR(AND(AUTOEVENTO=\"Manual\",$M87=1),$M87>(ROW(PLE.lastrow)-ROW(PLE.firstrow))),0,IF(OFFSET(PLE!$G$14,$M87,AY$13)=\"\",10^12,OFFSET(PLE!$G$14,$M87,AY$13))))","v":1000000000000},{"$f":"IF($D87<>\"Serviço\",0,IF(OR(AND(AUTOEVENTO=\"Manual\",$M87=1),$M87>(ROW(PLE.lastrow)-ROW(PLE.firstrow))),0,IF(OFFSET(PLE!$G$14,$M87,AZ$13)=\"\",10^12,OFFSET(PLE!$G$14,$M87,AZ$13))))","v":1000000000000},{"$f":"IF($D87<>\"Serviço\",0,IF(OR(AND(AUTOEVENTO=\"Manual\",$M87=1),$M87>(ROW(PLE.lastrow)-ROW(PLE.firstrow))),0,IF(OFFSET(PLE!$G$14,$M87,BA$13)=\"\",10^12,OFFSET(PLE!$G$14,$M87,BA$13))))","v":1000000000000},{"$f":"IF($D87<>\"Serviço\",0,IF(OR(AND(AUTOEVENTO=\"Manual\",$M87=1),$M87>(ROW(PLE.lastrow)-ROW(PLE.firstrow))),0,IF(OFFSET(PLE!$G$14,$M87,BB$13)=\"\",10^12,OFFSET(PLE!$G$14,$M87,BB$13))))","v":1000000000000},{"$f":"IF($D87<>\"Serviço\",0,IF(OR(AND(AUTOEVENTO=\"Manual\",$M87=1),$M87>(ROW(PLE.lastrow)-ROW(PLE.firstrow))),0,IF(OFFSET(PLE!$G$14,$M87,BC$13)=\"\",10^12,OFFSET(PLE!$G$14,$M87,BC$13))))","v":1000000000000},{"$f":"IF($D87<>\"Serviço\",0,IF(OR(AND(AUTOEVENTO=\"Manual\",$M87=1),$M87>(ROW(PLE.lastrow)-ROW(PLE.firstrow))),0,IF(OFFSET(PLE!$G$14,$M87,BD$13)=\"\",10^12,OFFSET(PLE!$G$14,$M87,BD$13))))","v":1000000000000},{"$f":"IF($D87<>\"Serviço\",0,IF(OR(AND(AUTOEVENTO=\"Manual\",$M87=1),$M87>(ROW(PLE.lastrow)-ROW(PLE.firstrow))),0,IF(OFFSET(PLE!$G$14,$M87,BE$13)=\"\",10^12,OFFSET(PLE!$G$14,$M87,BE$13))))","v":1000000000000},{"$f":"IF($D87<>\"Serviço\",0,IF(OR(AND(AUTOEVENTO=\"Manual\",$M87=1),$M87>(ROW(PLE.lastrow)-ROW(PLE.firstrow))),0,IF(OFFSET(PLE!$G$14,$M87,BF$13)=\"\",10^12,OFFSET(PLE!$G$14,$M87,BF$13))))","v":1000000000000},{"$f":"IF($D87<>\"Serviço\",0,IF(OR(AND(AUTOEVENTO=\"Manual\",$M87=1),$M87>(ROW(PLE.lastrow)-ROW(PLE.firstrow))),0,IF(OFFSET(PLE!$G$14,$M87,BG$13)=\"\",10^12,OFFSET(PLE!$G$14,$M87,BG$13))))","v":1000000000000}]
["66",{"$f":"OFFSET(ORÇAMENTO!C$15,ROW(B88)-ROW(B$15),0)","v":"S"},{"$f":"OFFSET(ORÇAMENTO!L$15,ROW(C88)-ROW(C$15),0)","v":"F"},{"$f":"OFFSET(ORÇAMENTO!N$15,ROW(D88)-ROW(D$15),0)","v":"Serviço"},{"$f":"OFFSET(ORÇAMENTO!O$15,ROW(E88)-ROW(E$15),0)","v":"1.6.2.0.3."},{"$f":"OFFSET(ORÇAMENTO!R$15,ROW(F88)-ROW(F$15),0)","v":"REVESTIMENTO CERÂMICO PARA PAREDES INTERNAS COM PLACAS TIPO ESMALTADA EXTRA  DE DIMENSÕES 33X45 CM APLICADAS NA ALTURA INTEIRA DAS PAREDES. AF_02/2023_PE"},{"$f":"IF($D88<>\"Serviço\",\"\",OFFSET(ORÇAMENTO!S$15,ROW(G88)-ROW(G$15),0))","v":"M2"},{"$f":"IF($D88<>\"Serviço\",0,IF(ACOMPANHAMENTO=\"BM\",ROUND(OFFSET(ORÇAMENTO!AJ$15,ROW(H88)-ROW(H$15),0),15-13*ORÇAMENTO!$AF$7),SUMPRODUCT(($Q$12:$AA$12<>\"\")*ROUND($Q88:$AA88,15-13*ORÇAMENTO!$AF$7))))","v":429.69},null,null,null,".",{"$f":"IF($D88<>\"Serviço\",\"\",IF(AUTOEVENTO=\"manual\",$A88,IF(ISERROR(MATCH($A88,$A$15:OFFSET($A88,-1,0),0)),MAX($M$15:OFFSET(M88,-1,0))+1,INDEX($M$15:OFFSET(M88,-1,0),MATCH($A88,$A$15:OFFSET($A88,-1,0),0)))))","v":7},{"$f":"IF($D88<>\"Serviço\",\"\",IF(AUTOEVENTO=\"Manual\",IF($A88=0,\"<-- defina o número do agrupador\",OFFSET(EVENTOS!$D$14,$A88,0)),OFFSET($F$15,$A88,0)))","v":"REVESTIMENTOS"},null,null,null,null,null,null,null,null,null,null,null,null,null,{"$f":"IF(AND($D88=\"Serviço\",AB$12<>0,$H88>0,OR(AUTOEVENTO<>\"manual\",$M88<>1)),\nIF(Import.TipoArredondamento<>\"TransfereGOV\",\nROUND(OFFSET($P88,0,AB$13),15-13*ORÇAMENTO!$AF$7)/$H88*OFFSET(ORÇAMENTO!$X$15,ROW(AB88)-ROW(AB$15),0),\nROUND(ROUND(OFFSET($P88,0,AB$13),15-13*ORÇAMENTO!$AF$7)*OFFSET(ORÇAMENTO!$W$15,ROW(AB88)-ROW(AB$15),0),15-13*ORÇAMENTO!$AF$11)),0)","v":0},{"$f":"IF(AND($D88=\"Serviço\",AC$12<>0,$H88>0,OR(AUTOEVENTO<>\"manual\",$M88<>1)),\nIF(Import.TipoArredondamento<>\"TransfereGOV\",\nROUND(OFFSET($P88,0,AC$13),15-13*ORÇAMENTO!$AF$7)/$H88*OFFSET(ORÇAMENTO!$X$15,ROW(AC88)-ROW(AC$15),0),\nROUND(ROUND(OFFSET($P88,0,AC$13),15-13*ORÇAMENTO!$AF$7)*OFFSET(ORÇAMENTO!$W$15,ROW(AC88)-ROW(AC$15),0),15-13*ORÇAMENTO!$AF$11)),0)","v":0},{"$f":"IF(AND($D88=\"Serviço\",AD$12<>0,$H88>0,OR(AUTOEVENTO<>\"manual\",$M88<>1)),\nIF(Import.TipoArredondamento<>\"TransfereGOV\",\nROUND(OFFSET($P88,0,AD$13),15-13*ORÇAMENTO!$AF$7)/$H88*OFFSET(ORÇAMENTO!$X$15,ROW(AD88)-ROW(AD$15),0),\nROUND(ROUND(OFFSET($P88,0,AD$13),15-13*ORÇAMENTO!$AF$7)*OFFSET(ORÇAMENTO!$W$15,ROW(AD88)-ROW(AD$15),0),15-13*ORÇAMENTO!$AF$11)),0)","v":0},{"$f":"IF(AND($D88=\"Serviço\",AE$12<>0,$H88>0,OR(AUTOEVENTO<>\"manual\",$M88<>1)),\nIF(Import.TipoArredondamento<>\"TransfereGOV\",\nROUND(OFFSET($P88,0,AE$13),15-13*ORÇAMENTO!$AF$7)/$H88*OFFSET(ORÇAMENTO!$X$15,ROW(AE88)-ROW(AE$15),0),\nROUND(ROUND(OFFSET($P88,0,AE$13),15-13*ORÇAMENTO!$AF$7)*OFFSET(ORÇAMENTO!$W$15,ROW(AE88)-ROW(AE$15),0),15-13*ORÇAMENTO!$AF$11)),0)","v":0},{"$f":"IF(AND($D88=\"Serviço\",AF$12<>0,$H88>0,OR(AUTOEVENTO<>\"manual\",$M88<>1)),\nIF(Import.TipoArredondamento<>\"TransfereGOV\",\nROUND(OFFSET($P88,0,AF$13),15-13*ORÇAMENTO!$AF$7)/$H88*OFFSET(ORÇAMENTO!$X$15,ROW(AF88)-ROW(AF$15),0),\nROUND(ROUND(OFFSET($P88,0,AF$13),15-13*ORÇAMENTO!$AF$7)*OFFSET(ORÇAMENTO!$W$15,ROW(AF88)-ROW(AF$15),0),15-13*ORÇAMENTO!$AF$11)),0)","v":0},{"$f":"IF(AND($D88=\"Serviço\",AG$12<>0,$H88>0,OR(AUTOEVENTO<>\"manual\",$M88<>1)),\nIF(Import.TipoArredondamento<>\"TransfereGOV\",\nROUND(OFFSET($P88,0,AG$13),15-13*ORÇAMENTO!$AF$7)/$H88*OFFSET(ORÇAMENTO!$X$15,ROW(AG88)-ROW(AG$15),0),\nROUND(ROUND(OFFSET($P88,0,AG$13),15-13*ORÇAMENTO!$AF$7)*OFFSET(ORÇAMENTO!$W$15,ROW(AG88)-ROW(AG$15),0),15-13*ORÇAMENTO!$AF$11)),0)","v":0},{"$f":"IF(AND($D88=\"Serviço\",AH$12<>0,$H88>0,OR(AUTOEVENTO<>\"manual\",$M88<>1)),\nIF(Import.TipoArredondamento<>\"TransfereGOV\",\nROUND(OFFSET($P88,0,AH$13),15-13*ORÇAMENTO!$AF$7)/$H88*OFFSET(ORÇAMENTO!$X$15,ROW(AH88)-ROW(AH$15),0),\nROUND(ROUND(OFFSET($P88,0,AH$13),15-13*ORÇAMENTO!$AF$7)*OFFSET(ORÇAMENTO!$W$15,ROW(AH88)-ROW(AH$15),0),15-13*ORÇAMENTO!$AF$11)),0)","v":0},{"$f":"IF(AND($D88=\"Serviço\",AI$12<>0,$H88>0,OR(AUTOEVENTO<>\"manual\",$M88<>1)),\nIF(Import.TipoArredondamento<>\"TransfereGOV\",\nROUND(OFFSET($P88,0,AI$13),15-13*ORÇAMENTO!$AF$7)/$H88*OFFSET(ORÇAMENTO!$X$15,ROW(AI88)-ROW(AI$15),0),\nROUND(ROUND(OFFSET($P88,0,AI$13),15-13*ORÇAMENTO!$AF$7)*OFFSET(ORÇAMENTO!$W$15,ROW(AI88)-ROW(AI$15),0),15-13*ORÇAMENTO!$AF$11)),0)","v":0},{"$f":"IF(AND($D88=\"Serviço\",AJ$12<>0,$H88>0,OR(AUTOEVENTO<>\"manual\",$M88<>1)),\nIF(Import.TipoArredondamento<>\"TransfereGOV\",\nROUND(OFFSET($P88,0,AJ$13),15-13*ORÇAMENTO!$AF$7)/$H88*OFFSET(ORÇAMENTO!$X$15,ROW(AJ88)-ROW(AJ$15),0),\nROUND(ROUND(OFFSET($P88,0,AJ$13),15-13*ORÇAMENTO!$AF$7)*OFFSET(ORÇAMENTO!$W$15,ROW(AJ88)-ROW(AJ$15),0),15-13*ORÇAMENTO!$AF$11)),0)","v":0},{"$f":"IF(AND($D88=\"Serviço\",AK$12<>0,$H88>0,OR(AUTOEVENTO<>\"manual\",$M88<>1)),\nIF(Import.TipoArredondamento<>\"TransfereGOV\",\nROUND(OFFSET($P88,0,AK$13),15-13*ORÇAMENTO!$AF$7)/$H88*OFFSET(ORÇAMENTO!$X$15,ROW(AK88)-ROW(AK$15),0),\nROUND(ROUND(OFFSET($P88,0,AK$13),15-13*ORÇAMENTO!$AF$7)*OFFSET(ORÇAMENTO!$W$15,ROW(AK88)-ROW(AK$15),0),15-13*ORÇAMENTO!$AF$11)),0)","v":0},null,{"$f":"IF($D88<>\"Serviço\",0,IF(AND(AUTOEVENTO=\"Manual\",$M88=1),0,IF(OFFSET(CRONOPLE!$F$14,$M88,AM$13)=\"\",10^12,OFFSET(CRONOPLE!$F$14,$M88,AM$13))))","v":1000000000000},{"$f":"IF($D88<>\"Serviço\",0,IF(AND(AUTOEVENTO=\"Manual\",$M88=1),0,IF(OFFSET(CRONOPLE!$F$14,$M88,AN$13)=\"\",10^12,OFFSET(CRONOPLE!$F$14,$M88,AN$13))))","v":1000000000000},{"$f":"IF($D88<>\"Serviço\",0,IF(AND(AUTOEVENTO=\"Manual\",$M88=1),0,IF(OFFSET(CRONOPLE!$F$14,$M88,AO$13)=\"\",10^12,OFFSET(CRONOPLE!$F$14,$M88,AO$13))))","v":1000000000000},{"$f":"IF($D88<>\"Serviço\",0,IF(AND(AUTOEVENTO=\"Manual\",$M88=1),0,IF(OFFSET(CRONOPLE!$F$14,$M88,AP$13)=\"\",10^12,OFFSET(CRONOPLE!$F$14,$M88,AP$13))))","v":1000000000000},{"$f":"IF($D88<>\"Serviço\",0,IF(AND(AUTOEVENTO=\"Manual\",$M88=1),0,IF(OFFSET(CRONOPLE!$F$14,$M88,AQ$13)=\"\",10^12,OFFSET(CRONOPLE!$F$14,$M88,AQ$13))))","v":1000000000000},{"$f":"IF($D88<>\"Serviço\",0,IF(AND(AUTOEVENTO=\"Manual\",$M88=1),0,IF(OFFSET(CRONOPLE!$F$14,$M88,AR$13)=\"\",10^12,OFFSET(CRONOPLE!$F$14,$M88,AR$13))))","v":1000000000000},{"$f":"IF($D88<>\"Serviço\",0,IF(AND(AUTOEVENTO=\"Manual\",$M88=1),0,IF(OFFSET(CRONOPLE!$F$14,$M88,AS$13)=\"\",10^12,OFFSET(CRONOPLE!$F$14,$M88,AS$13))))","v":1000000000000},{"$f":"IF($D88<>\"Serviço\",0,IF(AND(AUTOEVENTO=\"Manual\",$M88=1),0,IF(OFFSET(CRONOPLE!$F$14,$M88,AT$13)=\"\",10^12,OFFSET(CRONOPLE!$F$14,$M88,AT$13))))","v":1000000000000},{"$f":"IF($D88<>\"Serviço\",0,IF(AND(AUTOEVENTO=\"Manual\",$M88=1),0,IF(OFFSET(CRONOPLE!$F$14,$M88,AU$13)=\"\",10^12,OFFSET(CRONOPLE!$F$14,$M88,AU$13))))","v":1000000000000},{"$f":"IF($D88<>\"Serviço\",0,IF(AND(AUTOEVENTO=\"Manual\",$M88=1),0,IF(OFFSET(CRONOPLE!$F$14,$M88,AV$13)=\"\",10^12,OFFSET(CRONOPLE!$F$14,$M88,AV$13))))","v":1000000000000},null,{"$f":"IF($D88<>\"Serviço\",0,IF(OR(AND(AUTOEVENTO=\"Manual\",$M88=1),$M88>(ROW(PLE.lastrow)-ROW(PLE.firstrow))),0,IF(OFFSET(PLE!$G$14,$M88,AX$13)=\"\",10^12,OFFSET(PLE!$G$14,$M88,AX$13))))","v":1000000000000},{"$f":"IF($D88<>\"Serviço\",0,IF(OR(AND(AUTOEVENTO=\"Manual\",$M88=1),$M88>(ROW(PLE.lastrow)-ROW(PLE.firstrow))),0,IF(OFFSET(PLE!$G$14,$M88,AY$13)=\"\",10^12,OFFSET(PLE!$G$14,$M88,AY$13))))","v":1000000000000},{"$f":"IF($D88<>\"Serviço\",0,IF(OR(AND(AUTOEVENTO=\"Manual\",$M88=1),$M88>(ROW(PLE.lastrow)-ROW(PLE.firstrow))),0,IF(OFFSET(PLE!$G$14,$M88,AZ$13)=\"\",10^12,OFFSET(PLE!$G$14,$M88,AZ$13))))","v":1000000000000},{"$f":"IF($D88<>\"Serviço\",0,IF(OR(AND(AUTOEVENTO=\"Manual\",$M88=1),$M88>(ROW(PLE.lastrow)-ROW(PLE.firstrow))),0,IF(OFFSET(PLE!$G$14,$M88,BA$13)=\"\",10^12,OFFSET(PLE!$G$14,$M88,BA$13))))","v":1000000000000},{"$f":"IF($D88<>\"Serviço\",0,IF(OR(AND(AUTOEVENTO=\"Manual\",$M88=1),$M88>(ROW(PLE.lastrow)-ROW(PLE.firstrow))),0,IF(OFFSET(PLE!$G$14,$M88,BB$13)=\"\",10^12,OFFSET(PLE!$G$14,$M88,BB$13))))","v":1000000000000},{"$f":"IF($D88<>\"Serviço\",0,IF(OR(AND(AUTOEVENTO=\"Manual\",$M88=1),$M88>(ROW(PLE.lastrow)-ROW(PLE.firstrow))),0,IF(OFFSET(PLE!$G$14,$M88,BC$13)=\"\",10^12,OFFSET(PLE!$G$14,$M88,BC$13))))","v":1000000000000},{"$f":"IF($D88<>\"Serviço\",0,IF(OR(AND(AUTOEVENTO=\"Manual\",$M88=1),$M88>(ROW(PLE.lastrow)-ROW(PLE.firstrow))),0,IF(OFFSET(PLE!$G$14,$M88,BD$13)=\"\",10^12,OFFSET(PLE!$G$14,$M88,BD$13))))","v":1000000000000},{"$f":"IF($D88<>\"Serviço\",0,IF(OR(AND(AUTOEVENTO=\"Manual\",$M88=1),$M88>(ROW(PLE.lastrow)-ROW(PLE.firstrow))),0,IF(OFFSET(PLE!$G$14,$M88,BE$13)=\"\",10^12,OFFSET(PLE!$G$14,$M88,BE$13))))","v":1000000000000},{"$f":"IF($D88<>\"Serviço\",0,IF(OR(AND(AUTOEVENTO=\"Manual\",$M88=1),$M88>(ROW(PLE.lastrow)-ROW(PLE.firstrow))),0,IF(OFFSET(PLE!$G$14,$M88,BF$13)=\"\",10^12,OFFSET(PLE!$G$14,$M88,BF$13))))","v":1000000000000},{"$f":"IF($D88<>\"Serviço\",0,IF(OR(AND(AUTOEVENTO=\"Manual\",$M88=1),$M88>(ROW(PLE.lastrow)-ROW(PLE.firstrow))),0,IF(OFFSET(PLE!$G$14,$M88,BG$13)=\"\",10^12,OFFSET(PLE!$G$14,$M88,BG$13))))","v":1000000000000}]
["66",{"$f":"OFFSET(ORÇAMENTO!C$15,ROW(B89)-ROW(B$15),0)","v":"S"},{"$f":"OFFSET(ORÇAMENTO!L$15,ROW(C89)-ROW(C$15),0)","v":"F"},{"$f":"OFFSET(ORÇAMENTO!N$15,ROW(D89)-ROW(D$15),0)","v":"Serviço"},{"$f":"OFFSET(ORÇAMENTO!O$15,ROW(E89)-ROW(E$15),0)","v":"1.6.2.0.4."},{"$f":"OFFSET(ORÇAMENTO!R$15,ROW(F89)-ROW(F$15),0)","v":"REVESTIMENTO CERÂMICO PARA PAREDES EXTERNAS EM PASTILHAS DE PORCELANA 5 X 5 CM (PLACAS DE 30 X 30 CM), ALINHADAS A PRUMO, APLICADO EM SUPERFÍCIES INTERNAS DE SACADA. AF_02/2023"},{"$f":"IF($D89<>\"Serviço\",\"\",OFFSET(ORÇAMENTO!S$15,ROW(G89)-ROW(G$15),0))","v":"M2"},{"$f":"IF($D89<>\"Serviço\",0,IF(ACOMPANHAMENTO=\"BM\",ROUND(OFFSET(ORÇAMENTO!AJ$15,ROW(H89)-ROW(H$15),0),15-13*ORÇAMENTO!$AF$7),SUMPRODUCT(($Q$12:$AA$12<>\"\")*ROUND($Q89:$AA89,15-13*ORÇAMENTO!$AF$7))))","v":72.48},null,null,null,".",{"$f":"IF($D89<>\"Serviço\",\"\",IF(AUTOEVENTO=\"manual\",$A89,IF(ISERROR(MATCH($A89,$A$15:OFFSET($A89,-1,0),0)),MAX($M$15:OFFSET(M89,-1,0))+1,INDEX($M$15:OFFSET(M89,-1,0),MATCH($A89,$A$15:OFFSET($A89,-1,0),0)))))","v":7},{"$f":"IF($D89<>\"Serviço\",\"\",IF(AUTOEVENTO=\"Manual\",IF($A89=0,\"<-- defina o número do agrupador\",OFFSET(EVENTOS!$D$14,$A89,0)),OFFSET($F$15,$A89,0)))","v":"REVESTIMENTOS"},null,null,null,null,null,null,null,null,null,null,null,null,null,{"$f":"IF(AND($D89=\"Serviço\",AB$12<>0,$H89>0,OR(AUTOEVENTO<>\"manual\",$M89<>1)),\nIF(Import.TipoArredondamento<>\"TransfereGOV\",\nROUND(OFFSET($P89,0,AB$13),15-13*ORÇAMENTO!$AF$7)/$H89*OFFSET(ORÇAMENTO!$X$15,ROW(AB89)-ROW(AB$15),0),\nROUND(ROUND(OFFSET($P89,0,AB$13),15-13*ORÇAMENTO!$AF$7)*OFFSET(ORÇAMENTO!$W$15,ROW(AB89)-ROW(AB$15),0),15-13*ORÇAMENTO!$AF$11)),0)","v":0},{"$f":"IF(AND($D89=\"Serviço\",AC$12<>0,$H89>0,OR(AUTOEVENTO<>\"manual\",$M89<>1)),\nIF(Import.TipoArredondamento<>\"TransfereGOV\",\nROUND(OFFSET($P89,0,AC$13),15-13*ORÇAMENTO!$AF$7)/$H89*OFFSET(ORÇAMENTO!$X$15,ROW(AC89)-ROW(AC$15),0),\nROUND(ROUND(OFFSET($P89,0,AC$13),15-13*ORÇAMENTO!$AF$7)*OFFSET(ORÇAMENTO!$W$15,ROW(AC89)-ROW(AC$15),0),15-13*ORÇAMENTO!$AF$11)),0)","v":0},{"$f":"IF(AND($D89=\"Serviço\",AD$12<>0,$H89>0,OR(AUTOEVENTO<>\"manual\",$M89<>1)),\nIF(Import.TipoArredondamento<>\"TransfereGOV\",\nROUND(OFFSET($P89,0,AD$13),15-13*ORÇAMENTO!$AF$7)/$H89*OFFSET(ORÇAMENTO!$X$15,ROW(AD89)-ROW(AD$15),0),\nROUND(ROUND(OFFSET($P89,0,AD$13),15-13*ORÇAMENTO!$AF$7)*OFFSET(ORÇAMENTO!$W$15,ROW(AD89)-ROW(AD$15),0),15-13*ORÇAMENTO!$AF$11)),0)","v":0},{"$f":"IF(AND($D89=\"Serviço\",AE$12<>0,$H89>0,OR(AUTOEVENTO<>\"manual\",$M89<>1)),\nIF(Import.TipoArredondamento<>\"TransfereGOV\",\nROUND(OFFSET($P89,0,AE$13),15-13*ORÇAMENTO!$AF$7)/$H89*OFFSET(ORÇAMENTO!$X$15,ROW(AE89)-ROW(AE$15),0),\nROUND(ROUND(OFFSET($P89,0,AE$13),15-13*ORÇAMENTO!$AF$7)*OFFSET(ORÇAMENTO!$W$15,ROW(AE89)-ROW(AE$15),0),15-13*ORÇAMENTO!$AF$11)),0)","v":0},{"$f":"IF(AND($D89=\"Serviço\",AF$12<>0,$H89>0,OR(AUTOEVENTO<>\"manual\",$M89<>1)),\nIF(Import.TipoArredondamento<>\"TransfereGOV\",\nROUND(OFFSET($P89,0,AF$13),15-13*ORÇAMENTO!$AF$7)/$H89*OFFSET(ORÇAMENTO!$X$15,ROW(AF89)-ROW(AF$15),0),\nROUND(ROUND(OFFSET($P89,0,AF$13),15-13*ORÇAMENTO!$AF$7)*OFFSET(ORÇAMENTO!$W$15,ROW(AF89)-ROW(AF$15),0),15-13*ORÇAMENTO!$AF$11)),0)","v":0},{"$f":"IF(AND($D89=\"Serviço\",AG$12<>0,$H89>0,OR(AUTOEVENTO<>\"manual\",$M89<>1)),\nIF(Import.TipoArredondamento<>\"TransfereGOV\",\nROUND(OFFSET($P89,0,AG$13),15-13*ORÇAMENTO!$AF$7)/$H89*OFFSET(ORÇAMENTO!$X$15,ROW(AG89)-ROW(AG$15),0),\nROUND(ROUND(OFFSET($P89,0,AG$13),15-13*ORÇAMENTO!$AF$7)*OFFSET(ORÇAMENTO!$W$15,ROW(AG89)-ROW(AG$15),0),15-13*ORÇAMENTO!$AF$11)),0)","v":0},{"$f":"IF(AND($D89=\"Serviço\",AH$12<>0,$H89>0,OR(AUTOEVENTO<>\"manual\",$M89<>1)),\nIF(Import.TipoArredondamento<>\"TransfereGOV\",\nROUND(OFFSET($P89,0,AH$13),15-13*ORÇAMENTO!$AF$7)/$H89*OFFSET(ORÇAMENTO!$X$15,ROW(AH89)-ROW(AH$15),0),\nROUND(ROUND(OFFSET($P89,0,AH$13),15-13*ORÇAMENTO!$AF$7)*OFFSET(ORÇAMENTO!$W$15,ROW(AH89)-ROW(AH$15),0),15-13*ORÇAMENTO!$AF$11)),0)","v":0},{"$f":"IF(AND($D89=\"Serviço\",AI$12<>0,$H89>0,OR(AUTOEVENTO<>\"manual\",$M89<>1)),\nIF(Import.TipoArredondamento<>\"TransfereGOV\",\nROUND(OFFSET($P89,0,AI$13),15-13*ORÇAMENTO!$AF$7)/$H89*OFFSET(ORÇAMENTO!$X$15,ROW(AI89)-ROW(AI$15),0),\nROUND(ROUND(OFFSET($P89,0,AI$13),15-13*ORÇAMENTO!$AF$7)*OFFSET(ORÇAMENTO!$W$15,ROW(AI89)-ROW(AI$15),0),15-13*ORÇAMENTO!$AF$11)),0)","v":0},{"$f":"IF(AND($D89=\"Serviço\",AJ$12<>0,$H89>0,OR(AUTOEVENTO<>\"manual\",$M89<>1)),\nIF(Import.TipoArredondamento<>\"TransfereGOV\",\nROUND(OFFSET($P89,0,AJ$13),15-13*ORÇAMENTO!$AF$7)/$H89*OFFSET(ORÇAMENTO!$X$15,ROW(AJ89)-ROW(AJ$15),0),\nROUND(ROUND(OFFSET($P89,0,AJ$13),15-13*ORÇAMENTO!$AF$7)*OFFSET(ORÇAMENTO!$W$15,ROW(AJ89)-ROW(AJ$15),0),15-13*ORÇAMENTO!$AF$11)),0)","v":0},{"$f":"IF(AND($D89=\"Serviço\",AK$12<>0,$H89>0,OR(AUTOEVENTO<>\"manual\",$M89<>1)),\nIF(Import.TipoArredondamento<>\"TransfereGOV\",\nROUND(OFFSET($P89,0,AK$13),15-13*ORÇAMENTO!$AF$7)/$H89*OFFSET(ORÇAMENTO!$X$15,ROW(AK89)-ROW(AK$15),0),\nROUND(ROUND(OFFSET($P89,0,AK$13),15-13*ORÇAMENTO!$AF$7)*OFFSET(ORÇAMENTO!$W$15,ROW(AK89)-ROW(AK$15),0),15-13*ORÇAMENTO!$AF$11)),0)","v":0},null,{"$f":"IF($D89<>\"Serviço\",0,IF(AND(AUTOEVENTO=\"Manual\",$M89=1),0,IF(OFFSET(CRONOPLE!$F$14,$M89,AM$13)=\"\",10^12,OFFSET(CRONOPLE!$F$14,$M89,AM$13))))","v":1000000000000},{"$f":"IF($D89<>\"Serviço\",0,IF(AND(AUTOEVENTO=\"Manual\",$M89=1),0,IF(OFFSET(CRONOPLE!$F$14,$M89,AN$13)=\"\",10^12,OFFSET(CRONOPLE!$F$14,$M89,AN$13))))","v":1000000000000},{"$f":"IF($D89<>\"Serviço\",0,IF(AND(AUTOEVENTO=\"Manual\",$M89=1),0,IF(OFFSET(CRONOPLE!$F$14,$M89,AO$13)=\"\",10^12,OFFSET(CRONOPLE!$F$14,$M89,AO$13))))","v":1000000000000},{"$f":"IF($D89<>\"Serviço\",0,IF(AND(AUTOEVENTO=\"Manual\",$M89=1),0,IF(OFFSET(CRONOPLE!$F$14,$M89,AP$13)=\"\",10^12,OFFSET(CRONOPLE!$F$14,$M89,AP$13))))","v":1000000000000},{"$f":"IF($D89<>\"Serviço\",0,IF(AND(AUTOEVENTO=\"Manual\",$M89=1),0,IF(OFFSET(CRONOPLE!$F$14,$M89,AQ$13)=\"\",10^12,OFFSET(CRONOPLE!$F$14,$M89,AQ$13))))","v":1000000000000},{"$f":"IF($D89<>\"Serviço\",0,IF(AND(AUTOEVENTO=\"Manual\",$M89=1),0,IF(OFFSET(CRONOPLE!$F$14,$M89,AR$13)=\"\",10^12,OFFSET(CRONOPLE!$F$14,$M89,AR$13))))","v":1000000000000},{"$f":"IF($D89<>\"Serviço\",0,IF(AND(AUTOEVENTO=\"Manual\",$M89=1),0,IF(OFFSET(CRONOPLE!$F$14,$M89,AS$13)=\"\",10^12,OFFSET(CRONOPLE!$F$14,$M89,AS$13))))","v":1000000000000},{"$f":"IF($D89<>\"Serviço\",0,IF(AND(AUTOEVENTO=\"Manual\",$M89=1),0,IF(OFFSET(CRONOPLE!$F$14,$M89,AT$13)=\"\",10^12,OFFSET(CRONOPLE!$F$14,$M89,AT$13))))","v":1000000000000},{"$f":"IF($D89<>\"Serviço\",0,IF(AND(AUTOEVENTO=\"Manual\",$M89=1),0,IF(OFFSET(CRONOPLE!$F$14,$M89,AU$13)=\"\",10^12,OFFSET(CRONOPLE!$F$14,$M89,AU$13))))","v":1000000000000},{"$f":"IF($D89<>\"Serviço\",0,IF(AND(AUTOEVENTO=\"Manual\",$M89=1),0,IF(OFFSET(CRONOPLE!$F$14,$M89,AV$13)=\"\",10^12,OFFSET(CRONOPLE!$F$14,$M89,AV$13))))","v":1000000000000},null,{"$f":"IF($D89<>\"Serviço\",0,IF(OR(AND(AUTOEVENTO=\"Manual\",$M89=1),$M89>(ROW(PLE.lastrow)-ROW(PLE.firstrow))),0,IF(OFFSET(PLE!$G$14,$M89,AX$13)=\"\",10^12,OFFSET(PLE!$G$14,$M89,AX$13))))","v":1000000000000},{"$f":"IF($D89<>\"Serviço\",0,IF(OR(AND(AUTOEVENTO=\"Manual\",$M89=1),$M89>(ROW(PLE.lastrow)-ROW(PLE.firstrow))),0,IF(OFFSET(PLE!$G$14,$M89,AY$13)=\"\",10^12,OFFSET(PLE!$G$14,$M89,AY$13))))","v":1000000000000},{"$f":"IF($D89<>\"Serviço\",0,IF(OR(AND(AUTOEVENTO=\"Manual\",$M89=1),$M89>(ROW(PLE.lastrow)-ROW(PLE.firstrow))),0,IF(OFFSET(PLE!$G$14,$M89,AZ$13)=\"\",10^12,OFFSET(PLE!$G$14,$M89,AZ$13))))","v":1000000000000},{"$f":"IF($D89<>\"Serviço\",0,IF(OR(AND(AUTOEVENTO=\"Manual\",$M89=1),$M89>(ROW(PLE.lastrow)-ROW(PLE.firstrow))),0,IF(OFFSET(PLE!$G$14,$M89,BA$13)=\"\",10^12,OFFSET(PLE!$G$14,$M89,BA$13))))","v":1000000000000},{"$f":"IF($D89<>\"Serviço\",0,IF(OR(AND(AUTOEVENTO=\"Manual\",$M89=1),$M89>(ROW(PLE.lastrow)-ROW(PLE.firstrow))),0,IF(OFFSET(PLE!$G$14,$M89,BB$13)=\"\",10^12,OFFSET(PLE!$G$14,$M89,BB$13))))","v":1000000000000},{"$f":"IF($D89<>\"Serviço\",0,IF(OR(AND(AUTOEVENTO=\"Manual\",$M89=1),$M89>(ROW(PLE.lastrow)-ROW(PLE.firstrow))),0,IF(OFFSET(PLE!$G$14,$M89,BC$13)=\"\",10^12,OFFSET(PLE!$G$14,$M89,BC$13))))","v":1000000000000},{"$f":"IF($D89<>\"Serviço\",0,IF(OR(AND(AUTOEVENTO=\"Manual\",$M89=1),$M89>(ROW(PLE.lastrow)-ROW(PLE.firstrow))),0,IF(OFFSET(PLE!$G$14,$M89,BD$13)=\"\",10^12,OFFSET(PLE!$G$14,$M89,BD$13))))","v":1000000000000},{"$f":"IF($D89<>\"Serviço\",0,IF(OR(AND(AUTOEVENTO=\"Manual\",$M89=1),$M89>(ROW(PLE.lastrow)-ROW(PLE.firstrow))),0,IF(OFFSET(PLE!$G$14,$M89,BE$13)=\"\",10^12,OFFSET(PLE!$G$14,$M89,BE$13))))","v":1000000000000},{"$f":"IF($D89<>\"Serviço\",0,IF(OR(AND(AUTOEVENTO=\"Manual\",$M89=1),$M89>(ROW(PLE.lastrow)-ROW(PLE.firstrow))),0,IF(OFFSET(PLE!$G$14,$M89,BF$13)=\"\",10^12,OFFSET(PLE!$G$14,$M89,BF$13))))","v":1000000000000},{"$f":"IF($D89<>\"Serviço\",0,IF(OR(AND(AUTOEVENTO=\"Manual\",$M89=1),$M89>(ROW(PLE.lastrow)-ROW(PLE.firstrow))),0,IF(OFFSET(PLE!$G$14,$M89,BG$13)=\"\",10^12,OFFSET(PLE!$G$14,$M89,BG$13))))","v":1000000000000}]
["66",{"$f":"OFFSET(ORÇAMENTO!C$15,ROW(B90)-ROW(B$15),0)","v":"S"},{"$f":"OFFSET(ORÇAMENTO!L$15,ROW(C90)-ROW(C$15),0)","v":"F"},{"$f":"OFFSET(ORÇAMENTO!N$15,ROW(D90)-ROW(D$15),0)","v":"Serviço"},{"$f":"OFFSET(ORÇAMENTO!O$15,ROW(E90)-ROW(E$15),0)","v":"1.6.2.0.5."},{"$f":"OFFSET(ORÇAMENTO!R$15,ROW(F90)-ROW(F$15),0)","v":"PEITORIL LINEAR EM GRANITO OU MÁRMORE, L = 15CM, COMPRIMENTO DE ATÉ 2M, ASSENTADO COM ARGAMASSA 1:6 COM ADITIVO. AF_11/2020"},{"$f":"IF($D90<>\"Serviço\",\"\",OFFSET(ORÇAMENTO!S$15,ROW(G90)-ROW(G$15),0))","v":"M"},{"$f":"IF($D90<>\"Serviço\",0,IF(ACOMPANHAMENTO=\"BM\",ROUND(OFFSET(ORÇAMENTO!AJ$15,ROW(H90)-ROW(H$15),0),15-13*ORÇAMENTO!$AF$7),SUMPRODUCT(($Q$12:$AA$12<>\"\")*ROUND($Q90:$AA90,15-13*ORÇAMENTO!$AF$7))))","v":25},null,null,null,".",{"$f":"IF($D90<>\"Serviço\",\"\",IF(AUTOEVENTO=\"manual\",$A90,IF(ISERROR(MATCH($A90,$A$15:OFFSET($A90,-1,0),0)),MAX($M$15:OFFSET(M90,-1,0))+1,INDEX($M$15:OFFSET(M90,-1,0),MATCH($A90,$A$15:OFFSET($A90,-1,0),0)))))","v":7},{"$f":"IF($D90<>\"Serviço\",\"\",IF(AUTOEVENTO=\"Manual\",IF($A90=0,\"<-- defina o número do agrupador\",OFFSET(EVENTOS!$D$14,$A90,0)),OFFSET($F$15,$A90,0)))","v":"REVESTIMENTOS"},null,null,null,null,null,null,null,null,null,null,null,null,null,{"$f":"IF(AND($D90=\"Serviço\",AB$12<>0,$H90>0,OR(AUTOEVENTO<>\"manual\",$M90<>1)),\nIF(Import.TipoArredondamento<>\"TransfereGOV\",\nROUND(OFFSET($P90,0,AB$13),15-13*ORÇAMENTO!$AF$7)/$H90*OFFSET(ORÇAMENTO!$X$15,ROW(AB90)-ROW(AB$15),0),\nROUND(ROUND(OFFSET($P90,0,AB$13),15-13*ORÇAMENTO!$AF$7)*OFFSET(ORÇAMENTO!$W$15,ROW(AB90)-ROW(AB$15),0),15-13*ORÇAMENTO!$AF$11)),0)","v":0},{"$f":"IF(AND($D90=\"Serviço\",AC$12<>0,$H90>0,OR(AUTOEVENTO<>\"manual\",$M90<>1)),\nIF(Import.TipoArredondamento<>\"TransfereGOV\",\nROUND(OFFSET($P90,0,AC$13),15-13*ORÇAMENTO!$AF$7)/$H90*OFFSET(ORÇAMENTO!$X$15,ROW(AC90)-ROW(AC$15),0),\nROUND(ROUND(OFFSET($P90,0,AC$13),15-13*ORÇAMENTO!$AF$7)*OFFSET(ORÇAMENTO!$W$15,ROW(AC90)-ROW(AC$15),0),15-13*ORÇAMENTO!$AF$11)),0)","v":0},{"$f":"IF(AND($D90=\"Serviço\",AD$12<>0,$H90>0,OR(AUTOEVENTO<>\"manual\",$M90<>1)),\nIF(Import.TipoArredondamento<>\"TransfereGOV\",\nROUND(OFFSET($P90,0,AD$13),15-13*ORÇAMENTO!$AF$7)/$H90*OFFSET(ORÇAMENTO!$X$15,ROW(AD90)-ROW(AD$15),0),\nROUND(ROUND(OFFSET($P90,0,AD$13),15-13*ORÇAMENTO!$AF$7)*OFFSET(ORÇAMENTO!$W$15,ROW(AD90)-ROW(AD$15),0),15-13*ORÇAMENTO!$AF$11)),0)","v":0},{"$f":"IF(AND($D90=\"Serviço\",AE$12<>0,$H90>0,OR(AUTOEVENTO<>\"manual\",$M90<>1)),\nIF(Import.TipoArredondamento<>\"TransfereGOV\",\nROUND(OFFSET($P90,0,AE$13),15-13*ORÇAMENTO!$AF$7)/$H90*OFFSET(ORÇAMENTO!$X$15,ROW(AE90)-ROW(AE$15),0),\nROUND(ROUND(OFFSET($P90,0,AE$13),15-13*ORÇAMENTO!$AF$7)*OFFSET(ORÇAMENTO!$W$15,ROW(AE90)-ROW(AE$15),0),15-13*ORÇAMENTO!$AF$11)),0)","v":0},{"$f":"IF(AND($D90=\"Serviço\",AF$12<>0,$H90>0,OR(AUTOEVENTO<>\"manual\",$M90<>1)),\nIF(Import.TipoArredondamento<>\"TransfereGOV\",\nROUND(OFFSET($P90,0,AF$13),15-13*ORÇAMENTO!$AF$7)/$H90*OFFSET(ORÇAMENTO!$X$15,ROW(AF90)-ROW(AF$15),0),\nROUND(ROUND(OFFSET($P90,0,AF$13),15-13*ORÇAMENTO!$AF$7)*OFFSET(ORÇAMENTO!$W$15,ROW(AF90)-ROW(AF$15),0),15-13*ORÇAMENTO!$AF$11)),0)","v":0},{"$f":"IF(AND($D90=\"Serviço\",AG$12<>0,$H90>0,OR(AUTOEVENTO<>\"manual\",$M90<>1)),\nIF(Import.TipoArredondamento<>\"TransfereGOV\",\nROUND(OFFSET($P90,0,AG$13),15-13*ORÇAMENTO!$AF$7)/$H90*OFFSET(ORÇAMENTO!$X$15,ROW(AG90)-ROW(AG$15),0),\nROUND(ROUND(OFFSET($P90,0,AG$13),15-13*ORÇAMENTO!$AF$7)*OFFSET(ORÇAMENTO!$W$15,ROW(AG90)-ROW(AG$15),0),15-13*ORÇAMENTO!$AF$11)),0)","v":0},{"$f":"IF(AND($D90=\"Serviço\",AH$12<>0,$H90>0,OR(AUTOEVENTO<>\"manual\",$M90<>1)),\nIF(Import.TipoArredondamento<>\"TransfereGOV\",\nROUND(OFFSET($P90,0,AH$13),15-13*ORÇAMENTO!$AF$7)/$H90*OFFSET(ORÇAMENTO!$X$15,ROW(AH90)-ROW(AH$15),0),\nROUND(ROUND(OFFSET($P90,0,AH$13),15-13*ORÇAMENTO!$AF$7)*OFFSET(ORÇAMENTO!$W$15,ROW(AH90)-ROW(AH$15),0),15-13*ORÇAMENTO!$AF$11)),0)","v":0},{"$f":"IF(AND($D90=\"Serviço\",AI$12<>0,$H90>0,OR(AUTOEVENTO<>\"manual\",$M90<>1)),\nIF(Import.TipoArredondamento<>\"TransfereGOV\",\nROUND(OFFSET($P90,0,AI$13),15-13*ORÇAMENTO!$AF$7)/$H90*OFFSET(ORÇAMENTO!$X$15,ROW(AI90)-ROW(AI$15),0),\nROUND(ROUND(OFFSET($P90,0,AI$13),15-13*ORÇAMENTO!$AF$7)*OFFSET(ORÇAMENTO!$W$15,ROW(AI90)-ROW(AI$15),0),15-13*ORÇAMENTO!$AF$11)),0)","v":0},{"$f":"IF(AND($D90=\"Serviço\",AJ$12<>0,$H90>0,OR(AUTOEVENTO<>\"manual\",$M90<>1)),\nIF(Import.TipoArredondamento<>\"TransfereGOV\",\nROUND(OFFSET($P90,0,AJ$13),15-13*ORÇAMENTO!$AF$7)/$H90*OFFSET(ORÇAMENTO!$X$15,ROW(AJ90)-ROW(AJ$15),0),\nROUND(ROUND(OFFSET($P90,0,AJ$13),15-13*ORÇAMENTO!$AF$7)*OFFSET(ORÇAMENTO!$W$15,ROW(AJ90)-ROW(AJ$15),0),15-13*ORÇAMENTO!$AF$11)),0)","v":0},{"$f":"IF(AND($D90=\"Serviço\",AK$12<>0,$H90>0,OR(AUTOEVENTO<>\"manual\",$M90<>1)),\nIF(Import.TipoArredondamento<>\"TransfereGOV\",\nROUND(OFFSET($P90,0,AK$13),15-13*ORÇAMENTO!$AF$7)/$H90*OFFSET(ORÇAMENTO!$X$15,ROW(AK90)-ROW(AK$15),0),\nROUND(ROUND(OFFSET($P90,0,AK$13),15-13*ORÇAMENTO!$AF$7)*OFFSET(ORÇAMENTO!$W$15,ROW(AK90)-ROW(AK$15),0),15-13*ORÇAMENTO!$AF$11)),0)","v":0},null,{"$f":"IF($D90<>\"Serviço\",0,IF(AND(AUTOEVENTO=\"Manual\",$M90=1),0,IF(OFFSET(CRONOPLE!$F$14,$M90,AM$13)=\"\",10^12,OFFSET(CRONOPLE!$F$14,$M90,AM$13))))","v":1000000000000},{"$f":"IF($D90<>\"Serviço\",0,IF(AND(AUTOEVENTO=\"Manual\",$M90=1),0,IF(OFFSET(CRONOPLE!$F$14,$M90,AN$13)=\"\",10^12,OFFSET(CRONOPLE!$F$14,$M90,AN$13))))","v":1000000000000},{"$f":"IF($D90<>\"Serviço\",0,IF(AND(AUTOEVENTO=\"Manual\",$M90=1),0,IF(OFFSET(CRONOPLE!$F$14,$M90,AO$13)=\"\",10^12,OFFSET(CRONOPLE!$F$14,$M90,AO$13))))","v":1000000000000},{"$f":"IF($D90<>\"Serviço\",0,IF(AND(AUTOEVENTO=\"Manual\",$M90=1),0,IF(OFFSET(CRONOPLE!$F$14,$M90,AP$13)=\"\",10^12,OFFSET(CRONOPLE!$F$14,$M90,AP$13))))","v":1000000000000},{"$f":"IF($D90<>\"Serviço\",0,IF(AND(AUTOEVENTO=\"Manual\",$M90=1),0,IF(OFFSET(CRONOPLE!$F$14,$M90,AQ$13)=\"\",10^12,OFFSET(CRONOPLE!$F$14,$M90,AQ$13))))","v":1000000000000},{"$f":"IF($D90<>\"Serviço\",0,IF(AND(AUTOEVENTO=\"Manual\",$M90=1),0,IF(OFFSET(CRONOPLE!$F$14,$M90,AR$13)=\"\",10^12,OFFSET(CRONOPLE!$F$14,$M90,AR$13))))","v":1000000000000},{"$f":"IF($D90<>\"Serviço\",0,IF(AND(AUTOEVENTO=\"Manual\",$M90=1),0,IF(OFFSET(CRONOPLE!$F$14,$M90,AS$13)=\"\",10^12,OFFSET(CRONOPLE!$F$14,$M90,AS$13))))","v":1000000000000},{"$f":"IF($D90<>\"Serviço\",0,IF(AND(AUTOEVENTO=\"Manual\",$M90=1),0,IF(OFFSET(CRONOPLE!$F$14,$M90,AT$13)=\"\",10^12,OFFSET(CRONOPLE!$F$14,$M90,AT$13))))","v":1000000000000},{"$f":"IF($D90<>\"Serviço\",0,IF(AND(AUTOEVENTO=\"Manual\",$M90=1),0,IF(OFFSET(CRONOPLE!$F$14,$M90,AU$13)=\"\",10^12,OFFSET(CRONOPLE!$F$14,$M90,AU$13))))","v":1000000000000},{"$f":"IF($D90<>\"Serviço\",0,IF(AND(AUTOEVENTO=\"Manual\",$M90=1),0,IF(OFFSET(CRONOPLE!$F$14,$M90,AV$13)=\"\",10^12,OFFSET(CRONOPLE!$F$14,$M90,AV$13))))","v":1000000000000},null,{"$f":"IF($D90<>\"Serviço\",0,IF(OR(AND(AUTOEVENTO=\"Manual\",$M90=1),$M90>(ROW(PLE.lastrow)-ROW(PLE.firstrow))),0,IF(OFFSET(PLE!$G$14,$M90,AX$13)=\"\",10^12,OFFSET(PLE!$G$14,$M90,AX$13))))","v":1000000000000},{"$f":"IF($D90<>\"Serviço\",0,IF(OR(AND(AUTOEVENTO=\"Manual\",$M90=1),$M90>(ROW(PLE.lastrow)-ROW(PLE.firstrow))),0,IF(OFFSET(PLE!$G$14,$M90,AY$13)=\"\",10^12,OFFSET(PLE!$G$14,$M90,AY$13))))","v":1000000000000},{"$f":"IF($D90<>\"Serviço\",0,IF(OR(AND(AUTOEVENTO=\"Manual\",$M90=1),$M90>(ROW(PLE.lastrow)-ROW(PLE.firstrow))),0,IF(OFFSET(PLE!$G$14,$M90,AZ$13)=\"\",10^12,OFFSET(PLE!$G$14,$M90,AZ$13))))","v":1000000000000},{"$f":"IF($D90<>\"Serviço\",0,IF(OR(AND(AUTOEVENTO=\"Manual\",$M90=1),$M90>(ROW(PLE.lastrow)-ROW(PLE.firstrow))),0,IF(OFFSET(PLE!$G$14,$M90,BA$13)=\"\",10^12,OFFSET(PLE!$G$14,$M90,BA$13))))","v":1000000000000},{"$f":"IF($D90<>\"Serviço\",0,IF(OR(AND(AUTOEVENTO=\"Manual\",$M90=1),$M90>(ROW(PLE.lastrow)-ROW(PLE.firstrow))),0,IF(OFFSET(PLE!$G$14,$M90,BB$13)=\"\",10^12,OFFSET(PLE!$G$14,$M90,BB$13))))","v":1000000000000},{"$f":"IF($D90<>\"Serviço\",0,IF(OR(AND(AUTOEVENTO=\"Manual\",$M90=1),$M90>(ROW(PLE.lastrow)-ROW(PLE.firstrow))),0,IF(OFFSET(PLE!$G$14,$M90,BC$13)=\"\",10^12,OFFSET(PLE!$G$14,$M90,BC$13))))","v":1000000000000},{"$f":"IF($D90<>\"Serviço\",0,IF(OR(AND(AUTOEVENTO=\"Manual\",$M90=1),$M90>(ROW(PLE.lastrow)-ROW(PLE.firstrow))),0,IF(OFFSET(PLE!$G$14,$M90,BD$13)=\"\",10^12,OFFSET(PLE!$G$14,$M90,BD$13))))","v":1000000000000},{"$f":"IF($D90<>\"Serviço\",0,IF(OR(AND(AUTOEVENTO=\"Manual\",$M90=1),$M90>(ROW(PLE.lastrow)-ROW(PLE.firstrow))),0,IF(OFFSET(PLE!$G$14,$M90,BE$13)=\"\",10^12,OFFSET(PLE!$G$14,$M90,BE$13))))","v":1000000000000},{"$f":"IF($D90<>\"Serviço\",0,IF(OR(AND(AUTOEVENTO=\"Manual\",$M90=1),$M90>(ROW(PLE.lastrow)-ROW(PLE.firstrow))),0,IF(OFFSET(PLE!$G$14,$M90,BF$13)=\"\",10^12,OFFSET(PLE!$G$14,$M90,BF$13))))","v":1000000000000},{"$f":"IF($D90<>\"Serviço\",0,IF(OR(AND(AUTOEVENTO=\"Manual\",$M90=1),$M90>(ROW(PLE.lastrow)-ROW(PLE.firstrow))),0,IF(OFFSET(PLE!$G$14,$M90,BG$13)=\"\",10^12,OFFSET(PLE!$G$14,$M90,BG$13))))","v":1000000000000}]
["66",{"$f":"OFFSET(ORÇAMENTO!C$15,ROW(B91)-ROW(B$15),0)","v":3},{"$f":"OFFSET(ORÇAMENTO!L$15,ROW(C91)-ROW(C$15),0)","v":"F"},{"$f":"OFFSET(ORÇAMENTO!N$15,ROW(D91)-ROW(D$15),0)","v":"Nível 3"},{"$f":"OFFSET(ORÇAMENTO!O$15,ROW(E91)-ROW(E$15),0)","v":"1.6.3."},{"$f":"OFFSET(ORÇAMENTO!R$15,ROW(F91)-ROW(F$15),0)","v":"TETO"},{"$f":"IF($D91<>\"Serviço\",\"\",OFFSET(ORÇAMENTO!S$15,ROW(G91)-ROW(G$15),0))","v":""},{"$f":"IF($D91<>\"Serviço\",0,IF(ACOMPANHAMENTO=\"BM\",ROUND(OFFSET(ORÇAMENTO!AJ$15,ROW(H91)-ROW(H$15),0),15-13*ORÇAMENTO!$AF$7),SUMPRODUCT(($Q$12:$AA$12<>\"\")*ROUND($Q91:$AA91,15-13*ORÇAMENTO!$AF$7))))","v":0},null,null,null,".",{"$f":"IF($D91<>\"Serviço\",\"\",IF(AUTOEVENTO=\"manual\",$A91,IF(ISERROR(MATCH($A91,$A$15:OFFSET($A91,-1,0),0)),MAX($M$15:OFFSET(M91,-1,0))+1,INDEX($M$15:OFFSET(M91,-1,0),MATCH($A91,$A$15:OFFSET($A91,-1,0),0)))))","v":""},{"$f":"IF($D91<>\"Serviço\",\"\",IF(AUTOEVENTO=\"Manual\",IF($A91=0,\"<-- defina o número do agrupador\",OFFSET(EVENTOS!$D$14,$A91,0)),OFFSET($F$15,$A91,0)))","v":""},null,null,null,null,null,null,null,null,null,null,null,null,null,{"$f":"IF(AND($D91=\"Serviço\",AB$12<>0,$H91>0,OR(AUTOEVENTO<>\"manual\",$M91<>1)),\nIF(Import.TipoArredondamento<>\"TransfereGOV\",\nROUND(OFFSET($P91,0,AB$13),15-13*ORÇAMENTO!$AF$7)/$H91*OFFSET(ORÇAMENTO!$X$15,ROW(AB91)-ROW(AB$15),0),\nROUND(ROUND(OFFSET($P91,0,AB$13),15-13*ORÇAMENTO!$AF$7)*OFFSET(ORÇAMENTO!$W$15,ROW(AB91)-ROW(AB$15),0),15-13*ORÇAMENTO!$AF$11)),0)","v":0},{"$f":"IF(AND($D91=\"Serviço\",AC$12<>0,$H91>0,OR(AUTOEVENTO<>\"manual\",$M91<>1)),\nIF(Import.TipoArredondamento<>\"TransfereGOV\",\nROUND(OFFSET($P91,0,AC$13),15-13*ORÇAMENTO!$AF$7)/$H91*OFFSET(ORÇAMENTO!$X$15,ROW(AC91)-ROW(AC$15),0),\nROUND(ROUND(OFFSET($P91,0,AC$13),15-13*ORÇAMENTO!$AF$7)*OFFSET(ORÇAMENTO!$W$15,ROW(AC91)-ROW(AC$15),0),15-13*ORÇAMENTO!$AF$11)),0)","v":0},{"$f":"IF(AND($D91=\"Serviço\",AD$12<>0,$H91>0,OR(AUTOEVENTO<>\"manual\",$M91<>1)),\nIF(Import.TipoArredondamento<>\"TransfereGOV\",\nROUND(OFFSET($P91,0,AD$13),15-13*ORÇAMENTO!$AF$7)/$H91*OFFSET(ORÇAMENTO!$X$15,ROW(AD91)-ROW(AD$15),0),\nROUND(ROUND(OFFSET($P91,0,AD$13),15-13*ORÇAMENTO!$AF$7)*OFFSET(ORÇAMENTO!$W$15,ROW(AD91)-ROW(AD$15),0),15-13*ORÇAMENTO!$AF$11)),0)","v":0},{"$f":"IF(AND($D91=\"Serviço\",AE$12<>0,$H91>0,OR(AUTOEVENTO<>\"manual\",$M91<>1)),\nIF(Import.TipoArredondamento<>\"TransfereGOV\",\nROUND(OFFSET($P91,0,AE$13),15-13*ORÇAMENTO!$AF$7)/$H91*OFFSET(ORÇAMENTO!$X$15,ROW(AE91)-ROW(AE$15),0),\nROUND(ROUND(OFFSET($P91,0,AE$13),15-13*ORÇAMENTO!$AF$7)*OFFSET(ORÇAMENTO!$W$15,ROW(AE91)-ROW(AE$15),0),15-13*ORÇAMENTO!$AF$11)),0)","v":0},{"$f":"IF(AND($D91=\"Serviço\",AF$12<>0,$H91>0,OR(AUTOEVENTO<>\"manual\",$M91<>1)),\nIF(Import.TipoArredondamento<>\"TransfereGOV\",\nROUND(OFFSET($P91,0,AF$13),15-13*ORÇAMENTO!$AF$7)/$H91*OFFSET(ORÇAMENTO!$X$15,ROW(AF91)-ROW(AF$15),0),\nROUND(ROUND(OFFSET($P91,0,AF$13),15-13*ORÇAMENTO!$AF$7)*OFFSET(ORÇAMENTO!$W$15,ROW(AF91)-ROW(AF$15),0),15-13*ORÇAMENTO!$AF$11)),0)","v":0},{"$f":"IF(AND($D91=\"Serviço\",AG$12<>0,$H91>0,OR(AUTOEVENTO<>\"manual\",$M91<>1)),\nIF(Import.TipoArredondamento<>\"TransfereGOV\",\nROUND(OFFSET($P91,0,AG$13),15-13*ORÇAMENTO!$AF$7)/$H91*OFFSET(ORÇAMENTO!$X$15,ROW(AG91)-ROW(AG$15),0),\nROUND(ROUND(OFFSET($P91,0,AG$13),15-13*ORÇAMENTO!$AF$7)*OFFSET(ORÇAMENTO!$W$15,ROW(AG91)-ROW(AG$15),0),15-13*ORÇAMENTO!$AF$11)),0)","v":0},{"$f":"IF(AND($D91=\"Serviço\",AH$12<>0,$H91>0,OR(AUTOEVENTO<>\"manual\",$M91<>1)),\nIF(Import.TipoArredondamento<>\"TransfereGOV\",\nROUND(OFFSET($P91,0,AH$13),15-13*ORÇAMENTO!$AF$7)/$H91*OFFSET(ORÇAMENTO!$X$15,ROW(AH91)-ROW(AH$15),0),\nROUND(ROUND(OFFSET($P91,0,AH$13),15-13*ORÇAMENTO!$AF$7)*OFFSET(ORÇAMENTO!$W$15,ROW(AH91)-ROW(AH$15),0),15-13*ORÇAMENTO!$AF$11)),0)","v":0},{"$f":"IF(AND($D91=\"Serviço\",AI$12<>0,$H91>0,OR(AUTOEVENTO<>\"manual\",$M91<>1)),\nIF(Import.TipoArredondamento<>\"TransfereGOV\",\nROUND(OFFSET($P91,0,AI$13),15-13*ORÇAMENTO!$AF$7)/$H91*OFFSET(ORÇAMENTO!$X$15,ROW(AI91)-ROW(AI$15),0),\nROUND(ROUND(OFFSET($P91,0,AI$13),15-13*ORÇAMENTO!$AF$7)*OFFSET(ORÇAMENTO!$W$15,ROW(AI91)-ROW(AI$15),0),15-13*ORÇAMENTO!$AF$11)),0)","v":0},{"$f":"IF(AND($D91=\"Serviço\",AJ$12<>0,$H91>0,OR(AUTOEVENTO<>\"manual\",$M91<>1)),\nIF(Import.TipoArredondamento<>\"TransfereGOV\",\nROUND(OFFSET($P91,0,AJ$13),15-13*ORÇAMENTO!$AF$7)/$H91*OFFSET(ORÇAMENTO!$X$15,ROW(AJ91)-ROW(AJ$15),0),\nROUND(ROUND(OFFSET($P91,0,AJ$13),15-13*ORÇAMENTO!$AF$7)*OFFSET(ORÇAMENTO!$W$15,ROW(AJ91)-ROW(AJ$15),0),15-13*ORÇAMENTO!$AF$11)),0)","v":0},{"$f":"IF(AND($D91=\"Serviço\",AK$12<>0,$H91>0,OR(AUTOEVENTO<>\"manual\",$M91<>1)),\nIF(Import.TipoArredondamento<>\"TransfereGOV\",\nROUND(OFFSET($P91,0,AK$13),15-13*ORÇAMENTO!$AF$7)/$H91*OFFSET(ORÇAMENTO!$X$15,ROW(AK91)-ROW(AK$15),0),\nROUND(ROUND(OFFSET($P91,0,AK$13),15-13*ORÇAMENTO!$AF$7)*OFFSET(ORÇAMENTO!$W$15,ROW(AK91)-ROW(AK$15),0),15-13*ORÇAMENTO!$AF$11)),0)","v":0},null,{"$f":"IF($D91<>\"Serviço\",0,IF(AND(AUTOEVENTO=\"Manual\",$M91=1),0,IF(OFFSET(CRONOPLE!$F$14,$M91,AM$13)=\"\",10^12,OFFSET(CRONOPLE!$F$14,$M91,AM$13))))","v":0},{"$f":"IF($D91<>\"Serviço\",0,IF(AND(AUTOEVENTO=\"Manual\",$M91=1),0,IF(OFFSET(CRONOPLE!$F$14,$M91,AN$13)=\"\",10^12,OFFSET(CRONOPLE!$F$14,$M91,AN$13))))","v":0},{"$f":"IF($D91<>\"Serviço\",0,IF(AND(AUTOEVENTO=\"Manual\",$M91=1),0,IF(OFFSET(CRONOPLE!$F$14,$M91,AO$13)=\"\",10^12,OFFSET(CRONOPLE!$F$14,$M91,AO$13))))","v":0},{"$f":"IF($D91<>\"Serviço\",0,IF(AND(AUTOEVENTO=\"Manual\",$M91=1),0,IF(OFFSET(CRONOPLE!$F$14,$M91,AP$13)=\"\",10^12,OFFSET(CRONOPLE!$F$14,$M91,AP$13))))","v":0},{"$f":"IF($D91<>\"Serviço\",0,IF(AND(AUTOEVENTO=\"Manual\",$M91=1),0,IF(OFFSET(CRONOPLE!$F$14,$M91,AQ$13)=\"\",10^12,OFFSET(CRONOPLE!$F$14,$M91,AQ$13))))","v":0},{"$f":"IF($D91<>\"Serviço\",0,IF(AND(AUTOEVENTO=\"Manual\",$M91=1),0,IF(OFFSET(CRONOPLE!$F$14,$M91,AR$13)=\"\",10^12,OFFSET(CRONOPLE!$F$14,$M91,AR$13))))","v":0},{"$f":"IF($D91<>\"Serviço\",0,IF(AND(AUTOEVENTO=\"Manual\",$M91=1),0,IF(OFFSET(CRONOPLE!$F$14,$M91,AS$13)=\"\",10^12,OFFSET(CRONOPLE!$F$14,$M91,AS$13))))","v":0},{"$f":"IF($D91<>\"Serviço\",0,IF(AND(AUTOEVENTO=\"Manual\",$M91=1),0,IF(OFFSET(CRONOPLE!$F$14,$M91,AT$13)=\"\",10^12,OFFSET(CRONOPLE!$F$14,$M91,AT$13))))","v":0},{"$f":"IF($D91<>\"Serviço\",0,IF(AND(AUTOEVENTO=\"Manual\",$M91=1),0,IF(OFFSET(CRONOPLE!$F$14,$M91,AU$13)=\"\",10^12,OFFSET(CRONOPLE!$F$14,$M91,AU$13))))","v":0},{"$f":"IF($D91<>\"Serviço\",0,IF(AND(AUTOEVENTO=\"Manual\",$M91=1),0,IF(OFFSET(CRONOPLE!$F$14,$M91,AV$13)=\"\",10^12,OFFSET(CRONOPLE!$F$14,$M91,AV$13))))","v":0},null,{"$f":"IF($D91<>\"Serviço\",0,IF(OR(AND(AUTOEVENTO=\"Manual\",$M91=1),$M91>(ROW(PLE.lastrow)-ROW(PLE.firstrow))),0,IF(OFFSET(PLE!$G$14,$M91,AX$13)=\"\",10^12,OFFSET(PLE!$G$14,$M91,AX$13))))","v":0},{"$f":"IF($D91<>\"Serviço\",0,IF(OR(AND(AUTOEVENTO=\"Manual\",$M91=1),$M91>(ROW(PLE.lastrow)-ROW(PLE.firstrow))),0,IF(OFFSET(PLE!$G$14,$M91,AY$13)=\"\",10^12,OFFSET(PLE!$G$14,$M91,AY$13))))","v":0},{"$f":"IF($D91<>\"Serviço\",0,IF(OR(AND(AUTOEVENTO=\"Manual\",$M91=1),$M91>(ROW(PLE.lastrow)-ROW(PLE.firstrow))),0,IF(OFFSET(PLE!$G$14,$M91,AZ$13)=\"\",10^12,OFFSET(PLE!$G$14,$M91,AZ$13))))","v":0},{"$f":"IF($D91<>\"Serviço\",0,IF(OR(AND(AUTOEVENTO=\"Manual\",$M91=1),$M91>(ROW(PLE.lastrow)-ROW(PLE.firstrow))),0,IF(OFFSET(PLE!$G$14,$M91,BA$13)=\"\",10^12,OFFSET(PLE!$G$14,$M91,BA$13))))","v":0},{"$f":"IF($D91<>\"Serviço\",0,IF(OR(AND(AUTOEVENTO=\"Manual\",$M91=1),$M91>(ROW(PLE.lastrow)-ROW(PLE.firstrow))),0,IF(OFFSET(PLE!$G$14,$M91,BB$13)=\"\",10^12,OFFSET(PLE!$G$14,$M91,BB$13))))","v":0},{"$f":"IF($D91<>\"Serviço\",0,IF(OR(AND(AUTOEVENTO=\"Manual\",$M91=1),$M91>(ROW(PLE.lastrow)-ROW(PLE.firstrow))),0,IF(OFFSET(PLE!$G$14,$M91,BC$13)=\"\",10^12,OFFSET(PLE!$G$14,$M91,BC$13))))","v":0},{"$f":"IF($D91<>\"Serviço\",0,IF(OR(AND(AUTOEVENTO=\"Manual\",$M91=1),$M91>(ROW(PLE.lastrow)-ROW(PLE.firstrow))),0,IF(OFFSET(PLE!$G$14,$M91,BD$13)=\"\",10^12,OFFSET(PLE!$G$14,$M91,BD$13))))","v":0},{"$f":"IF($D91<>\"Serviço\",0,IF(OR(AND(AUTOEVENTO=\"Manual\",$M91=1),$M91>(ROW(PLE.lastrow)-ROW(PLE.firstrow))),0,IF(OFFSET(PLE!$G$14,$M91,BE$13)=\"\",10^12,OFFSET(PLE!$G$14,$M91,BE$13))))","v":0},{"$f":"IF($D91<>\"Serviço\",0,IF(OR(AND(AUTOEVENTO=\"Manual\",$M91=1),$M91>(ROW(PLE.lastrow)-ROW(PLE.firstrow))),0,IF(OFFSET(PLE!$G$14,$M91,BF$13)=\"\",10^12,OFFSET(PLE!$G$14,$M91,BF$13))))","v":0},{"$f":"IF($D91<>\"Serviço\",0,IF(OR(AND(AUTOEVENTO=\"Manual\",$M91=1),$M91>(ROW(PLE.lastrow)-ROW(PLE.firstrow))),0,IF(OFFSET(PLE!$G$14,$M91,BG$13)=\"\",10^12,OFFSET(PLE!$G$14,$M91,BG$13))))","v":0}]
["66",{"$f":"OFFSET(ORÇAMENTO!C$15,ROW(B92)-ROW(B$15),0)","v":"S"},{"$f":"OFFSET(ORÇAMENTO!L$15,ROW(C92)-ROW(C$15),0)","v":"F"},{"$f":"OFFSET(ORÇAMENTO!N$15,ROW(D92)-ROW(D$15),0)","v":"Serviço"},{"$f":"OFFSET(ORÇAMENTO!O$15,ROW(E92)-ROW(E$15),0)","v":"1.6.3.0.1."},{"$f":"OFFSET(ORÇAMENTO!R$15,ROW(F92)-ROW(F$15),0)","v":"CHAPISCO APLICADO NO TETO OU EM ALVENARIA E ESTRUTURA, COM ROLO PARA TEXTURA ACRÍLICA. ARGAMASSA INDUSTRIALIZADA COM PREPARO MANUAL. AF_10/2022"},{"$f":"IF($D92<>\"Serviço\",\"\",OFFSET(ORÇAMENTO!S$15,ROW(G92)-ROW(G$15),0))","v":"M2"},{"$f":"IF($D92<>\"Serviço\",0,IF(ACOMPANHAMENTO=\"BM\",ROUND(OFFSET(ORÇAMENTO!AJ$15,ROW(H92)-ROW(H$15),0),15-13*ORÇAMENTO!$AF$7),SUMPRODUCT(($Q$12:$AA$12<>\"\")*ROUND($Q92:$AA92,15-13*ORÇAMENTO!$AF$7))))","v":129.61000000000001},null,null,null,".",{"$f":"IF($D92<>\"Serviço\",\"\",IF(AUTOEVENTO=\"manual\",$A92,IF(ISERROR(MATCH($A92,$A$15:OFFSET($A92,-1,0),0)),MAX($M$15:OFFSET(M92,-1,0))+1,INDEX($M$15:OFFSET(M92,-1,0),MATCH($A92,$A$15:OFFSET($A92,-1,0),0)))))","v":7},{"$f":"IF($D92<>\"Serviço\",\"\",IF(AUTOEVENTO=\"Manual\",IF($A92=0,\"<-- defina o número do agrupador\",OFFSET(EVENTOS!$D$14,$A92,0)),OFFSET($F$15,$A92,0)))","v":"REVESTIMENTOS"},null,null,null,null,null,null,null,null,null,null,null,null,null,{"$f":"IF(AND($D92=\"Serviço\",AB$12<>0,$H92>0,OR(AUTOEVENTO<>\"manual\",$M92<>1)),\nIF(Import.TipoArredondamento<>\"TransfereGOV\",\nROUND(OFFSET($P92,0,AB$13),15-13*ORÇAMENTO!$AF$7)/$H92*OFFSET(ORÇAMENTO!$X$15,ROW(AB92)-ROW(AB$15),0),\nROUND(ROUND(OFFSET($P92,0,AB$13),15-13*ORÇAMENTO!$AF$7)*OFFSET(ORÇAMENTO!$W$15,ROW(AB92)-ROW(AB$15),0),15-13*ORÇAMENTO!$AF$11)),0)","v":0},{"$f":"IF(AND($D92=\"Serviço\",AC$12<>0,$H92>0,OR(AUTOEVENTO<>\"manual\",$M92<>1)),\nIF(Import.TipoArredondamento<>\"TransfereGOV\",\nROUND(OFFSET($P92,0,AC$13),15-13*ORÇAMENTO!$AF$7)/$H92*OFFSET(ORÇAMENTO!$X$15,ROW(AC92)-ROW(AC$15),0),\nROUND(ROUND(OFFSET($P92,0,AC$13),15-13*ORÇAMENTO!$AF$7)*OFFSET(ORÇAMENTO!$W$15,ROW(AC92)-ROW(AC$15),0),15-13*ORÇAMENTO!$AF$11)),0)","v":0},{"$f":"IF(AND($D92=\"Serviço\",AD$12<>0,$H92>0,OR(AUTOEVENTO<>\"manual\",$M92<>1)),\nIF(Import.TipoArredondamento<>\"TransfereGOV\",\nROUND(OFFSET($P92,0,AD$13),15-13*ORÇAMENTO!$AF$7)/$H92*OFFSET(ORÇAMENTO!$X$15,ROW(AD92)-ROW(AD$15),0),\nROUND(ROUND(OFFSET($P92,0,AD$13),15-13*ORÇAMENTO!$AF$7)*OFFSET(ORÇAMENTO!$W$15,ROW(AD92)-ROW(AD$15),0),15-13*ORÇAMENTO!$AF$11)),0)","v":0},{"$f":"IF(AND($D92=\"Serviço\",AE$12<>0,$H92>0,OR(AUTOEVENTO<>\"manual\",$M92<>1)),\nIF(Import.TipoArredondamento<>\"TransfereGOV\",\nROUND(OFFSET($P92,0,AE$13),15-13*ORÇAMENTO!$AF$7)/$H92*OFFSET(ORÇAMENTO!$X$15,ROW(AE92)-ROW(AE$15),0),\nROUND(ROUND(OFFSET($P92,0,AE$13),15-13*ORÇAMENTO!$AF$7)*OFFSET(ORÇAMENTO!$W$15,ROW(AE92)-ROW(AE$15),0),15-13*ORÇAMENTO!$AF$11)),0)","v":0},{"$f":"IF(AND($D92=\"Serviço\",AF$12<>0,$H92>0,OR(AUTOEVENTO<>\"manual\",$M92<>1)),\nIF(Import.TipoArredondamento<>\"TransfereGOV\",\nROUND(OFFSET($P92,0,AF$13),15-13*ORÇAMENTO!$AF$7)/$H92*OFFSET(ORÇAMENTO!$X$15,ROW(AF92)-ROW(AF$15),0),\nROUND(ROUND(OFFSET($P92,0,AF$13),15-13*ORÇAMENTO!$AF$7)*OFFSET(ORÇAMENTO!$W$15,ROW(AF92)-ROW(AF$15),0),15-13*ORÇAMENTO!$AF$11)),0)","v":0},{"$f":"IF(AND($D92=\"Serviço\",AG$12<>0,$H92>0,OR(AUTOEVENTO<>\"manual\",$M92<>1)),\nIF(Import.TipoArredondamento<>\"TransfereGOV\",\nROUND(OFFSET($P92,0,AG$13),15-13*ORÇAMENTO!$AF$7)/$H92*OFFSET(ORÇAMENTO!$X$15,ROW(AG92)-ROW(AG$15),0),\nROUND(ROUND(OFFSET($P92,0,AG$13),15-13*ORÇAMENTO!$AF$7)*OFFSET(ORÇAMENTO!$W$15,ROW(AG92)-ROW(AG$15),0),15-13*ORÇAMENTO!$AF$11)),0)","v":0},{"$f":"IF(AND($D92=\"Serviço\",AH$12<>0,$H92>0,OR(AUTOEVENTO<>\"manual\",$M92<>1)),\nIF(Import.TipoArredondamento<>\"TransfereGOV\",\nROUND(OFFSET($P92,0,AH$13),15-13*ORÇAMENTO!$AF$7)/$H92*OFFSET(ORÇAMENTO!$X$15,ROW(AH92)-ROW(AH$15),0),\nROUND(ROUND(OFFSET($P92,0,AH$13),15-13*ORÇAMENTO!$AF$7)*OFFSET(ORÇAMENTO!$W$15,ROW(AH92)-ROW(AH$15),0),15-13*ORÇAMENTO!$AF$11)),0)","v":0},{"$f":"IF(AND($D92=\"Serviço\",AI$12<>0,$H92>0,OR(AUTOEVENTO<>\"manual\",$M92<>1)),\nIF(Import.TipoArredondamento<>\"TransfereGOV\",\nROUND(OFFSET($P92,0,AI$13),15-13*ORÇAMENTO!$AF$7)/$H92*OFFSET(ORÇAMENTO!$X$15,ROW(AI92)-ROW(AI$15),0),\nROUND(ROUND(OFFSET($P92,0,AI$13),15-13*ORÇAMENTO!$AF$7)*OFFSET(ORÇAMENTO!$W$15,ROW(AI92)-ROW(AI$15),0),15-13*ORÇAMENTO!$AF$11)),0)","v":0},{"$f":"IF(AND($D92=\"Serviço\",AJ$12<>0,$H92>0,OR(AUTOEVENTO<>\"manual\",$M92<>1)),\nIF(Import.TipoArredondamento<>\"TransfereGOV\",\nROUND(OFFSET($P92,0,AJ$13),15-13*ORÇAMENTO!$AF$7)/$H92*OFFSET(ORÇAMENTO!$X$15,ROW(AJ92)-ROW(AJ$15),0),\nROUND(ROUND(OFFSET($P92,0,AJ$13),15-13*ORÇAMENTO!$AF$7)*OFFSET(ORÇAMENTO!$W$15,ROW(AJ92)-ROW(AJ$15),0),15-13*ORÇAMENTO!$AF$11)),0)","v":0},{"$f":"IF(AND($D92=\"Serviço\",AK$12<>0,$H92>0,OR(AUTOEVENTO<>\"manual\",$M92<>1)),\nIF(Import.TipoArredondamento<>\"TransfereGOV\",\nROUND(OFFSET($P92,0,AK$13),15-13*ORÇAMENTO!$AF$7)/$H92*OFFSET(ORÇAMENTO!$X$15,ROW(AK92)-ROW(AK$15),0),\nROUND(ROUND(OFFSET($P92,0,AK$13),15-13*ORÇAMENTO!$AF$7)*OFFSET(ORÇAMENTO!$W$15,ROW(AK92)-ROW(AK$15),0),15-13*ORÇAMENTO!$AF$11)),0)","v":0},null,{"$f":"IF($D92<>\"Serviço\",0,IF(AND(AUTOEVENTO=\"Manual\",$M92=1),0,IF(OFFSET(CRONOPLE!$F$14,$M92,AM$13)=\"\",10^12,OFFSET(CRONOPLE!$F$14,$M92,AM$13))))","v":1000000000000},{"$f":"IF($D92<>\"Serviço\",0,IF(AND(AUTOEVENTO=\"Manual\",$M92=1),0,IF(OFFSET(CRONOPLE!$F$14,$M92,AN$13)=\"\",10^12,OFFSET(CRONOPLE!$F$14,$M92,AN$13))))","v":1000000000000},{"$f":"IF($D92<>\"Serviço\",0,IF(AND(AUTOEVENTO=\"Manual\",$M92=1),0,IF(OFFSET(CRONOPLE!$F$14,$M92,AO$13)=\"\",10^12,OFFSET(CRONOPLE!$F$14,$M92,AO$13))))","v":1000000000000},{"$f":"IF($D92<>\"Serviço\",0,IF(AND(AUTOEVENTO=\"Manual\",$M92=1),0,IF(OFFSET(CRONOPLE!$F$14,$M92,AP$13)=\"\",10^12,OFFSET(CRONOPLE!$F$14,$M92,AP$13))))","v":1000000000000},{"$f":"IF($D92<>\"Serviço\",0,IF(AND(AUTOEVENTO=\"Manual\",$M92=1),0,IF(OFFSET(CRONOPLE!$F$14,$M92,AQ$13)=\"\",10^12,OFFSET(CRONOPLE!$F$14,$M92,AQ$13))))","v":1000000000000},{"$f":"IF($D92<>\"Serviço\",0,IF(AND(AUTOEVENTO=\"Manual\",$M92=1),0,IF(OFFSET(CRONOPLE!$F$14,$M92,AR$13)=\"\",10^12,OFFSET(CRONOPLE!$F$14,$M92,AR$13))))","v":1000000000000},{"$f":"IF($D92<>\"Serviço\",0,IF(AND(AUTOEVENTO=\"Manual\",$M92=1),0,IF(OFFSET(CRONOPLE!$F$14,$M92,AS$13)=\"\",10^12,OFFSET(CRONOPLE!$F$14,$M92,AS$13))))","v":1000000000000},{"$f":"IF($D92<>\"Serviço\",0,IF(AND(AUTOEVENTO=\"Manual\",$M92=1),0,IF(OFFSET(CRONOPLE!$F$14,$M92,AT$13)=\"\",10^12,OFFSET(CRONOPLE!$F$14,$M92,AT$13))))","v":1000000000000},{"$f":"IF($D92<>\"Serviço\",0,IF(AND(AUTOEVENTO=\"Manual\",$M92=1),0,IF(OFFSET(CRONOPLE!$F$14,$M92,AU$13)=\"\",10^12,OFFSET(CRONOPLE!$F$14,$M92,AU$13))))","v":1000000000000},{"$f":"IF($D92<>\"Serviço\",0,IF(AND(AUTOEVENTO=\"Manual\",$M92=1),0,IF(OFFSET(CRONOPLE!$F$14,$M92,AV$13)=\"\",10^12,OFFSET(CRONOPLE!$F$14,$M92,AV$13))))","v":1000000000000},null,{"$f":"IF($D92<>\"Serviço\",0,IF(OR(AND(AUTOEVENTO=\"Manual\",$M92=1),$M92>(ROW(PLE.lastrow)-ROW(PLE.firstrow))),0,IF(OFFSET(PLE!$G$14,$M92,AX$13)=\"\",10^12,OFFSET(PLE!$G$14,$M92,AX$13))))","v":1000000000000},{"$f":"IF($D92<>\"Serviço\",0,IF(OR(AND(AUTOEVENTO=\"Manual\",$M92=1),$M92>(ROW(PLE.lastrow)-ROW(PLE.firstrow))),0,IF(OFFSET(PLE!$G$14,$M92,AY$13)=\"\",10^12,OFFSET(PLE!$G$14,$M92,AY$13))))","v":1000000000000},{"$f":"IF($D92<>\"Serviço\",0,IF(OR(AND(AUTOEVENTO=\"Manual\",$M92=1),$M92>(ROW(PLE.lastrow)-ROW(PLE.firstrow))),0,IF(OFFSET(PLE!$G$14,$M92,AZ$13)=\"\",10^12,OFFSET(PLE!$G$14,$M92,AZ$13))))","v":1000000000000},{"$f":"IF($D92<>\"Serviço\",0,IF(OR(AND(AUTOEVENTO=\"Manual\",$M92=1),$M92>(ROW(PLE.lastrow)-ROW(PLE.firstrow))),0,IF(OFFSET(PLE!$G$14,$M92,BA$13)=\"\",10^12,OFFSET(PLE!$G$14,$M92,BA$13))))","v":1000000000000},{"$f":"IF($D92<>\"Serviço\",0,IF(OR(AND(AUTOEVENTO=\"Manual\",$M92=1),$M92>(ROW(PLE.lastrow)-ROW(PLE.firstrow))),0,IF(OFFSET(PLE!$G$14,$M92,BB$13)=\"\",10^12,OFFSET(PLE!$G$14,$M92,BB$13))))","v":1000000000000},{"$f":"IF($D92<>\"Serviço\",0,IF(OR(AND(AUTOEVENTO=\"Manual\",$M92=1),$M92>(ROW(PLE.lastrow)-ROW(PLE.firstrow))),0,IF(OFFSET(PLE!$G$14,$M92,BC$13)=\"\",10^12,OFFSET(PLE!$G$14,$M92,BC$13))))","v":1000000000000},{"$f":"IF($D92<>\"Serviço\",0,IF(OR(AND(AUTOEVENTO=\"Manual\",$M92=1),$M92>(ROW(PLE.lastrow)-ROW(PLE.firstrow))),0,IF(OFFSET(PLE!$G$14,$M92,BD$13)=\"\",10^12,OFFSET(PLE!$G$14,$M92,BD$13))))","v":1000000000000},{"$f":"IF($D92<>\"Serviço\",0,IF(OR(AND(AUTOEVENTO=\"Manual\",$M92=1),$M92>(ROW(PLE.lastrow)-ROW(PLE.firstrow))),0,IF(OFFSET(PLE!$G$14,$M92,BE$13)=\"\",10^12,OFFSET(PLE!$G$14,$M92,BE$13))))","v":1000000000000},{"$f":"IF($D92<>\"Serviço\",0,IF(OR(AND(AUTOEVENTO=\"Manual\",$M92=1),$M92>(ROW(PLE.lastrow)-ROW(PLE.firstrow))),0,IF(OFFSET(PLE!$G$14,$M92,BF$13)=\"\",10^12,OFFSET(PLE!$G$14,$M92,BF$13))))","v":1000000000000},{"$f":"IF($D92<>\"Serviço\",0,IF(OR(AND(AUTOEVENTO=\"Manual\",$M92=1),$M92>(ROW(PLE.lastrow)-ROW(PLE.firstrow))),0,IF(OFFSET(PLE!$G$14,$M92,BG$13)=\"\",10^12,OFFSET(PLE!$G$14,$M92,BG$13))))","v":1000000000000}]
["66",{"$f":"OFFSET(ORÇAMENTO!C$15,ROW(B93)-ROW(B$15),0)","v":"S"},{"$f":"OFFSET(ORÇAMENTO!L$15,ROW(C93)-ROW(C$15),0)","v":"F"},{"$f":"OFFSET(ORÇAMENTO!N$15,ROW(D93)-ROW(D$15),0)","v":"Serviço"},{"$f":"OFFSET(ORÇAMENTO!O$15,ROW(E93)-ROW(E$15),0)","v":"1.6.3.0.2."},{"$f":"OFFSET(ORÇAMENTO!R$15,ROW(F93)-ROW(F$15),0)","v":"EMBOÇO OU MASSA ÚNICA EM ARGAMASSA TRAÇO 1:2:8, PREPARO MANUAL, APLICADA MANUALMENTE EM PANOS CEGOS DE FACHADA (SEM PRESENÇA DE VÃOS), ESPESSURA DE 25 MM. AF_09/2022"},{"$f":"IF($D93<>\"Serviço\",\"\",OFFSET(ORÇAMENTO!S$15,ROW(G93)-ROW(G$15),0))","v":"M2"},{"$f":"IF($D93<>\"Serviço\",0,IF(ACOMPANHAMENTO=\"BM\",ROUND(OFFSET(ORÇAMENTO!AJ$15,ROW(H93)-ROW(H$15),0),15-13*ORÇAMENTO!$AF$7),SUMPRODUCT(($Q$12:$AA$12<>\"\")*ROUND($Q93:$AA93,15-13*ORÇAMENTO!$AF$7))))","v":129.61000000000001},null,null,null,".",{"$f":"IF($D93<>\"Serviço\",\"\",IF(AUTOEVENTO=\"manual\",$A93,IF(ISERROR(MATCH($A93,$A$15:OFFSET($A93,-1,0),0)),MAX($M$15:OFFSET(M93,-1,0))+1,INDEX($M$15:OFFSET(M93,-1,0),MATCH($A93,$A$15:OFFSET($A93,-1,0),0)))))","v":7},{"$f":"IF($D93<>\"Serviço\",\"\",IF(AUTOEVENTO=\"Manual\",IF($A93=0,\"<-- defina o número do agrupador\",OFFSET(EVENTOS!$D$14,$A93,0)),OFFSET($F$15,$A93,0)))","v":"REVESTIMENTOS"},null,null,null,null,null,null,null,null,null,null,null,null,null,{"$f":"IF(AND($D93=\"Serviço\",AB$12<>0,$H93>0,OR(AUTOEVENTO<>\"manual\",$M93<>1)),\nIF(Import.TipoArredondamento<>\"TransfereGOV\",\nROUND(OFFSET($P93,0,AB$13),15-13*ORÇAMENTO!$AF$7)/$H93*OFFSET(ORÇAMENTO!$X$15,ROW(AB93)-ROW(AB$15),0),\nROUND(ROUND(OFFSET($P93,0,AB$13),15-13*ORÇAMENTO!$AF$7)*OFFSET(ORÇAMENTO!$W$15,ROW(AB93)-ROW(AB$15),0),15-13*ORÇAMENTO!$AF$11)),0)","v":0},{"$f":"IF(AND($D93=\"Serviço\",AC$12<>0,$H93>0,OR(AUTOEVENTO<>\"manual\",$M93<>1)),\nIF(Import.TipoArredondamento<>\"TransfereGOV\",\nROUND(OFFSET($P93,0,AC$13),15-13*ORÇAMENTO!$AF$7)/$H93*OFFSET(ORÇAMENTO!$X$15,ROW(AC93)-ROW(AC$15),0),\nROUND(ROUND(OFFSET($P93,0,AC$13),15-13*ORÇAMENTO!$AF$7)*OFFSET(ORÇAMENTO!$W$15,ROW(AC93)-ROW(AC$15),0),15-13*ORÇAMENTO!$AF$11)),0)","v":0},{"$f":"IF(AND($D93=\"Serviço\",AD$12<>0,$H93>0,OR(AUTOEVENTO<>\"manual\",$M93<>1)),\nIF(Import.TipoArredondamento<>\"TransfereGOV\",\nROUND(OFFSET($P93,0,AD$13),15-13*ORÇAMENTO!$AF$7)/$H93*OFFSET(ORÇAMENTO!$X$15,ROW(AD93)-ROW(AD$15),0),\nROUND(ROUND(OFFSET($P93,0,AD$13),15-13*ORÇAMENTO!$AF$7)*OFFSET(ORÇAMENTO!$W$15,ROW(AD93)-ROW(AD$15),0),15-13*ORÇAMENTO!$AF$11)),0)","v":0},{"$f":"IF(AND($D93=\"Serviço\",AE$12<>0,$H93>0,OR(AUTOEVENTO<>\"manual\",$M93<>1)),\nIF(Import.TipoArredondamento<>\"TransfereGOV\",\nROUND(OFFSET($P93,0,AE$13),15-13*ORÇAMENTO!$AF$7)/$H93*OFFSET(ORÇAMENTO!$X$15,ROW(AE93)-ROW(AE$15),0),\nROUND(ROUND(OFFSET($P93,0,AE$13),15-13*ORÇAMENTO!$AF$7)*OFFSET(ORÇAMENTO!$W$15,ROW(AE93)-ROW(AE$15),0),15-13*ORÇAMENTO!$AF$11)),0)","v":0},{"$f":"IF(AND($D93=\"Serviço\",AF$12<>0,$H93>0,OR(AUTOEVENTO<>\"manual\",$M93<>1)),\nIF(Import.TipoArredondamento<>\"TransfereGOV\",\nROUND(OFFSET($P93,0,AF$13),15-13*ORÇAMENTO!$AF$7)/$H93*OFFSET(ORÇAMENTO!$X$15,ROW(AF93)-ROW(AF$15),0),\nROUND(ROUND(OFFSET($P93,0,AF$13),15-13*ORÇAMENTO!$AF$7)*OFFSET(ORÇAMENTO!$W$15,ROW(AF93)-ROW(AF$15),0),15-13*ORÇAMENTO!$AF$11)),0)","v":0},{"$f":"IF(AND($D93=\"Serviço\",AG$12<>0,$H93>0,OR(AUTOEVENTO<>\"manual\",$M93<>1)),\nIF(Import.TipoArredondamento<>\"TransfereGOV\",\nROUND(OFFSET($P93,0,AG$13),15-13*ORÇAMENTO!$AF$7)/$H93*OFFSET(ORÇAMENTO!$X$15,ROW(AG93)-ROW(AG$15),0),\nROUND(ROUND(OFFSET($P93,0,AG$13),15-13*ORÇAMENTO!$AF$7)*OFFSET(ORÇAMENTO!$W$15,ROW(AG93)-ROW(AG$15),0),15-13*ORÇAMENTO!$AF$11)),0)","v":0},{"$f":"IF(AND($D93=\"Serviço\",AH$12<>0,$H93>0,OR(AUTOEVENTO<>\"manual\",$M93<>1)),\nIF(Import.TipoArredondamento<>\"TransfereGOV\",\nROUND(OFFSET($P93,0,AH$13),15-13*ORÇAMENTO!$AF$7)/$H93*OFFSET(ORÇAMENTO!$X$15,ROW(AH93)-ROW(AH$15),0),\nROUND(ROUND(OFFSET($P93,0,AH$13),15-13*ORÇAMENTO!$AF$7)*OFFSET(ORÇAMENTO!$W$15,ROW(AH93)-ROW(AH$15),0),15-13*ORÇAMENTO!$AF$11)),0)","v":0},{"$f":"IF(AND($D93=\"Serviço\",AI$12<>0,$H93>0,OR(AUTOEVENTO<>\"manual\",$M93<>1)),\nIF(Import.TipoArredondamento<>\"TransfereGOV\",\nROUND(OFFSET($P93,0,AI$13),15-13*ORÇAMENTO!$AF$7)/$H93*OFFSET(ORÇAMENTO!$X$15,ROW(AI93)-ROW(AI$15),0),\nROUND(ROUND(OFFSET($P93,0,AI$13),15-13*ORÇAMENTO!$AF$7)*OFFSET(ORÇAMENTO!$W$15,ROW(AI93)-ROW(AI$15),0),15-13*ORÇAMENTO!$AF$11)),0)","v":0},{"$f":"IF(AND($D93=\"Serviço\",AJ$12<>0,$H93>0,OR(AUTOEVENTO<>\"manual\",$M93<>1)),\nIF(Import.TipoArredondamento<>\"TransfereGOV\",\nROUND(OFFSET($P93,0,AJ$13),15-13*ORÇAMENTO!$AF$7)/$H93*OFFSET(ORÇAMENTO!$X$15,ROW(AJ93)-ROW(AJ$15),0),\nROUND(ROUND(OFFSET($P93,0,AJ$13),15-13*ORÇAMENTO!$AF$7)*OFFSET(ORÇAMENTO!$W$15,ROW(AJ93)-ROW(AJ$15),0),15-13*ORÇAMENTO!$AF$11)),0)","v":0},{"$f":"IF(AND($D93=\"Serviço\",AK$12<>0,$H93>0,OR(AUTOEVENTO<>\"manual\",$M93<>1)),\nIF(Import.TipoArredondamento<>\"TransfereGOV\",\nROUND(OFFSET($P93,0,AK$13),15-13*ORÇAMENTO!$AF$7)/$H93*OFFSET(ORÇAMENTO!$X$15,ROW(AK93)-ROW(AK$15),0),\nROUND(ROUND(OFFSET($P93,0,AK$13),15-13*ORÇAMENTO!$AF$7)*OFFSET(ORÇAMENTO!$W$15,ROW(AK93)-ROW(AK$15),0),15-13*ORÇAMENTO!$AF$11)),0)","v":0},null,{"$f":"IF($D93<>\"Serviço\",0,IF(AND(AUTOEVENTO=\"Manual\",$M93=1),0,IF(OFFSET(CRONOPLE!$F$14,$M93,AM$13)=\"\",10^12,OFFSET(CRONOPLE!$F$14,$M93,AM$13))))","v":1000000000000},{"$f":"IF($D93<>\"Serviço\",0,IF(AND(AUTOEVENTO=\"Manual\",$M93=1),0,IF(OFFSET(CRONOPLE!$F$14,$M93,AN$13)=\"\",10^12,OFFSET(CRONOPLE!$F$14,$M93,AN$13))))","v":1000000000000},{"$f":"IF($D93<>\"Serviço\",0,IF(AND(AUTOEVENTO=\"Manual\",$M93=1),0,IF(OFFSET(CRONOPLE!$F$14,$M93,AO$13)=\"\",10^12,OFFSET(CRONOPLE!$F$14,$M93,AO$13))))","v":1000000000000},{"$f":"IF($D93<>\"Serviço\",0,IF(AND(AUTOEVENTO=\"Manual\",$M93=1),0,IF(OFFSET(CRONOPLE!$F$14,$M93,AP$13)=\"\",10^12,OFFSET(CRONOPLE!$F$14,$M93,AP$13))))","v":1000000000000},{"$f":"IF($D93<>\"Serviço\",0,IF(AND(AUTOEVENTO=\"Manual\",$M93=1),0,IF(OFFSET(CRONOPLE!$F$14,$M93,AQ$13)=\"\",10^12,OFFSET(CRONOPLE!$F$14,$M93,AQ$13))))","v":1000000000000},{"$f":"IF($D93<>\"Serviço\",0,IF(AND(AUTOEVENTO=\"Manual\",$M93=1),0,IF(OFFSET(CRONOPLE!$F$14,$M93,AR$13)=\"\",10^12,OFFSET(CRONOPLE!$F$14,$M93,AR$13))))","v":1000000000000},{"$f":"IF($D93<>\"Serviço\",0,IF(AND(AUTOEVENTO=\"Manual\",$M93=1),0,IF(OFFSET(CRONOPLE!$F$14,$M93,AS$13)=\"\",10^12,OFFSET(CRONOPLE!$F$14,$M93,AS$13))))","v":1000000000000},{"$f":"IF($D93<>\"Serviço\",0,IF(AND(AUTOEVENTO=\"Manual\",$M93=1),0,IF(OFFSET(CRONOPLE!$F$14,$M93,AT$13)=\"\",10^12,OFFSET(CRONOPLE!$F$14,$M93,AT$13))))","v":1000000000000},{"$f":"IF($D93<>\"Serviço\",0,IF(AND(AUTOEVENTO=\"Manual\",$M93=1),0,IF(OFFSET(CRONOPLE!$F$14,$M93,AU$13)=\"\",10^12,OFFSET(CRONOPLE!$F$14,$M93,AU$13))))","v":1000000000000},{"$f":"IF($D93<>\"Serviço\",0,IF(AND(AUTOEVENTO=\"Manual\",$M93=1),0,IF(OFFSET(CRONOPLE!$F$14,$M93,AV$13)=\"\",10^12,OFFSET(CRONOPLE!$F$14,$M93,AV$13))))","v":1000000000000},null,{"$f":"IF($D93<>\"Serviço\",0,IF(OR(AND(AUTOEVENTO=\"Manual\",$M93=1),$M93>(ROW(PLE.lastrow)-ROW(PLE.firstrow))),0,IF(OFFSET(PLE!$G$14,$M93,AX$13)=\"\",10^12,OFFSET(PLE!$G$14,$M93,AX$13))))","v":1000000000000},{"$f":"IF($D93<>\"Serviço\",0,IF(OR(AND(AUTOEVENTO=\"Manual\",$M93=1),$M93>(ROW(PLE.lastrow)-ROW(PLE.firstrow))),0,IF(OFFSET(PLE!$G$14,$M93,AY$13)=\"\",10^12,OFFSET(PLE!$G$14,$M93,AY$13))))","v":1000000000000},{"$f":"IF($D93<>\"Serviço\",0,IF(OR(AND(AUTOEVENTO=\"Manual\",$M93=1),$M93>(ROW(PLE.lastrow)-ROW(PLE.firstrow))),0,IF(OFFSET(PLE!$G$14,$M93,AZ$13)=\"\",10^12,OFFSET(PLE!$G$14,$M93,AZ$13))))","v":1000000000000},{"$f":"IF($D93<>\"Serviço\",0,IF(OR(AND(AUTOEVENTO=\"Manual\",$M93=1),$M93>(ROW(PLE.lastrow)-ROW(PLE.firstrow))),0,IF(OFFSET(PLE!$G$14,$M93,BA$13)=\"\",10^12,OFFSET(PLE!$G$14,$M93,BA$13))))","v":1000000000000},{"$f":"IF($D93<>\"Serviço\",0,IF(OR(AND(AUTOEVENTO=\"Manual\",$M93=1),$M93>(ROW(PLE.lastrow)-ROW(PLE.firstrow))),0,IF(OFFSET(PLE!$G$14,$M93,BB$13)=\"\",10^12,OFFSET(PLE!$G$14,$M93,BB$13))))","v":1000000000000},{"$f":"IF($D93<>\"Serviço\",0,IF(OR(AND(AUTOEVENTO=\"Manual\",$M93=1),$M93>(ROW(PLE.lastrow)-ROW(PLE.firstrow))),0,IF(OFFSET(PLE!$G$14,$M93,BC$13)=\"\",10^12,OFFSET(PLE!$G$14,$M93,BC$13))))","v":1000000000000},{"$f":"IF($D93<>\"Serviço\",0,IF(OR(AND(AUTOEVENTO=\"Manual\",$M93=1),$M93>(ROW(PLE.lastrow)-ROW(PLE.firstrow))),0,IF(OFFSET(PLE!$G$14,$M93,BD$13)=\"\",10^12,OFFSET(PLE!$G$14,$M93,BD$13))))","v":1000000000000},{"$f":"IF($D93<>\"Serviço\",0,IF(OR(AND(AUTOEVENTO=\"Manual\",$M93=1),$M93>(ROW(PLE.lastrow)-ROW(PLE.firstrow))),0,IF(OFFSET(PLE!$G$14,$M93,BE$13)=\"\",10^12,OFFSET(PLE!$G$14,$M93,BE$13))))","v":1000000000000},{"$f":"IF($D93<>\"Serviço\",0,IF(OR(AND(AUTOEVENTO=\"Manual\",$M93=1),$M93>(ROW(PLE.lastrow)-ROW(PLE.firstrow))),0,IF(OFFSET(PLE!$G$14,$M93,BF$13)=\"\",10^12,OFFSET(PLE!$G$14,$M93,BF$13))))","v":1000000000000},{"$f":"IF($D93<>\"Serviço\",0,IF(OR(AND(AUTOEVENTO=\"Manual\",$M93=1),$M93>(ROW(PLE.lastrow)-ROW(PLE.firstrow))),0,IF(OFFSET(PLE!$G$14,$M93,BG$13)=\"\",10^12,OFFSET(PLE!$G$14,$M93,BG$13))))","v":1000000000000}]
["66",{"$f":"OFFSET(ORÇAMENTO!C$15,ROW(B94)-ROW(B$15),0)","v":3},{"$f":"OFFSET(ORÇAMENTO!L$15,ROW(C94)-ROW(C$15),0)","v":"F"},{"$f":"OFFSET(ORÇAMENTO!N$15,ROW(D94)-ROW(D$15),0)","v":"Nível 3"},{"$f":"OFFSET(ORÇAMENTO!O$15,ROW(E94)-ROW(E$15),0)","v":"1.6.4."},{"$f":"OFFSET(ORÇAMENTO!R$15,ROW(F94)-ROW(F$15),0)","v":"ÁREA EXTERNA"},{"$f":"IF($D94<>\"Serviço\",\"\",OFFSET(ORÇAMENTO!S$15,ROW(G94)-ROW(G$15),0))","v":""},{"$f":"IF($D94<>\"Serviço\",0,IF(ACOMPANHAMENTO=\"BM\",ROUND(OFFSET(ORÇAMENTO!AJ$15,ROW(H94)-ROW(H$15),0),15-13*ORÇAMENTO!$AF$7),SUMPRODUCT(($Q$12:$AA$12<>\"\")*ROUND($Q94:$AA94,15-13*ORÇAMENTO!$AF$7))))","v":0},null,null,null,".",{"$f":"IF($D94<>\"Serviço\",\"\",IF(AUTOEVENTO=\"manual\",$A94,IF(ISERROR(MATCH($A94,$A$15:OFFSET($A94,-1,0),0)),MAX($M$15:OFFSET(M94,-1,0))+1,INDEX($M$15:OFFSET(M94,-1,0),MATCH($A94,$A$15:OFFSET($A94,-1,0),0)))))","v":""},{"$f":"IF($D94<>\"Serviço\",\"\",IF(AUTOEVENTO=\"Manual\",IF($A94=0,\"<-- defina o número do agrupador\",OFFSET(EVENTOS!$D$14,$A94,0)),OFFSET($F$15,$A94,0)))","v":""},null,null,null,null,null,null,null,null,null,null,null,null,null,{"$f":"IF(AND($D94=\"Serviço\",AB$12<>0,$H94>0,OR(AUTOEVENTO<>\"manual\",$M94<>1)),\nIF(Import.TipoArredondamento<>\"TransfereGOV\",\nROUND(OFFSET($P94,0,AB$13),15-13*ORÇAMENTO!$AF$7)/$H94*OFFSET(ORÇAMENTO!$X$15,ROW(AB94)-ROW(AB$15),0),\nROUND(ROUND(OFFSET($P94,0,AB$13),15-13*ORÇAMENTO!$AF$7)*OFFSET(ORÇAMENTO!$W$15,ROW(AB94)-ROW(AB$15),0),15-13*ORÇAMENTO!$AF$11)),0)","v":0},{"$f":"IF(AND($D94=\"Serviço\",AC$12<>0,$H94>0,OR(AUTOEVENTO<>\"manual\",$M94<>1)),\nIF(Import.TipoArredondamento<>\"TransfereGOV\",\nROUND(OFFSET($P94,0,AC$13),15-13*ORÇAMENTO!$AF$7)/$H94*OFFSET(ORÇAMENTO!$X$15,ROW(AC94)-ROW(AC$15),0),\nROUND(ROUND(OFFSET($P94,0,AC$13),15-13*ORÇAMENTO!$AF$7)*OFFSET(ORÇAMENTO!$W$15,ROW(AC94)-ROW(AC$15),0),15-13*ORÇAMENTO!$AF$11)),0)","v":0},{"$f":"IF(AND($D94=\"Serviço\",AD$12<>0,$H94>0,OR(AUTOEVENTO<>\"manual\",$M94<>1)),\nIF(Import.TipoArredondamento<>\"TransfereGOV\",\nROUND(OFFSET($P94,0,AD$13),15-13*ORÇAMENTO!$AF$7)/$H94*OFFSET(ORÇAMENTO!$X$15,ROW(AD94)-ROW(AD$15),0),\nROUND(ROUND(OFFSET($P94,0,AD$13),15-13*ORÇAMENTO!$AF$7)*OFFSET(ORÇAMENTO!$W$15,ROW(AD94)-ROW(AD$15),0),15-13*ORÇAMENTO!$AF$11)),0)","v":0},{"$f":"IF(AND($D94=\"Serviço\",AE$12<>0,$H94>0,OR(AUTOEVENTO<>\"manual\",$M94<>1)),\nIF(Import.TipoArredondamento<>\"TransfereGOV\",\nROUND(OFFSET($P94,0,AE$13),15-13*ORÇAMENTO!$AF$7)/$H94*OFFSET(ORÇAMENTO!$X$15,ROW(AE94)-ROW(AE$15),0),\nROUND(ROUND(OFFSET($P94,0,AE$13),15-13*ORÇAMENTO!$AF$7)*OFFSET(ORÇAMENTO!$W$15,ROW(AE94)-ROW(AE$15),0),15-13*ORÇAMENTO!$AF$11)),0)","v":0},{"$f":"IF(AND($D94=\"Serviço\",AF$12<>0,$H94>0,OR(AUTOEVENTO<>\"manual\",$M94<>1)),\nIF(Import.TipoArredondamento<>\"TransfereGOV\",\nROUND(OFFSET($P94,0,AF$13),15-13*ORÇAMENTO!$AF$7)/$H94*OFFSET(ORÇAMENTO!$X$15,ROW(AF94)-ROW(AF$15),0),\nROUND(ROUND(OFFSET($P94,0,AF$13),15-13*ORÇAMENTO!$AF$7)*OFFSET(ORÇAMENTO!$W$15,ROW(AF94)-ROW(AF$15),0),15-13*ORÇAMENTO!$AF$11)),0)","v":0},{"$f":"IF(AND($D94=\"Serviço\",AG$12<>0,$H94>0,OR(AUTOEVENTO<>\"manual\",$M94<>1)),\nIF(Import.TipoArredondamento<>\"TransfereGOV\",\nROUND(OFFSET($P94,0,AG$13),15-13*ORÇAMENTO!$AF$7)/$H94*OFFSET(ORÇAMENTO!$X$15,ROW(AG94)-ROW(AG$15),0),\nROUND(ROUND(OFFSET($P94,0,AG$13),15-13*ORÇAMENTO!$AF$7)*OFFSET(ORÇAMENTO!$W$15,ROW(AG94)-ROW(AG$15),0),15-13*ORÇAMENTO!$AF$11)),0)","v":0},{"$f":"IF(AND($D94=\"Serviço\",AH$12<>0,$H94>0,OR(AUTOEVENTO<>\"manual\",$M94<>1)),\nIF(Import.TipoArredondamento<>\"TransfereGOV\",\nROUND(OFFSET($P94,0,AH$13),15-13*ORÇAMENTO!$AF$7)/$H94*OFFSET(ORÇAMENTO!$X$15,ROW(AH94)-ROW(AH$15),0),\nROUND(ROUND(OFFSET($P94,0,AH$13),15-13*ORÇAMENTO!$AF$7)*OFFSET(ORÇAMENTO!$W$15,ROW(AH94)-ROW(AH$15),0),15-13*ORÇAMENTO!$AF$11)),0)","v":0},{"$f":"IF(AND($D94=\"Serviço\",AI$12<>0,$H94>0,OR(AUTOEVENTO<>\"manual\",$M94<>1)),\nIF(Import.TipoArredondamento<>\"TransfereGOV\",\nROUND(OFFSET($P94,0,AI$13),15-13*ORÇAMENTO!$AF$7)/$H94*OFFSET(ORÇAMENTO!$X$15,ROW(AI94)-ROW(AI$15),0),\nROUND(ROUND(OFFSET($P94,0,AI$13),15-13*ORÇAMENTO!$AF$7)*OFFSET(ORÇAMENTO!$W$15,ROW(AI94)-ROW(AI$15),0),15-13*ORÇAMENTO!$AF$11)),0)","v":0},{"$f":"IF(AND($D94=\"Serviço\",AJ$12<>0,$H94>0,OR(AUTOEVENTO<>\"manual\",$M94<>1)),\nIF(Import.TipoArredondamento<>\"TransfereGOV\",\nROUND(OFFSET($P94,0,AJ$13),15-13*ORÇAMENTO!$AF$7)/$H94*OFFSET(ORÇAMENTO!$X$15,ROW(AJ94)-ROW(AJ$15),0),\nROUND(ROUND(OFFSET($P94,0,AJ$13),15-13*ORÇAMENTO!$AF$7)*OFFSET(ORÇAMENTO!$W$15,ROW(AJ94)-ROW(AJ$15),0),15-13*ORÇAMENTO!$AF$11)),0)","v":0},{"$f":"IF(AND($D94=\"Serviço\",AK$12<>0,$H94>0,OR(AUTOEVENTO<>\"manual\",$M94<>1)),\nIF(Import.TipoArredondamento<>\"TransfereGOV\",\nROUND(OFFSET($P94,0,AK$13),15-13*ORÇAMENTO!$AF$7)/$H94*OFFSET(ORÇAMENTO!$X$15,ROW(AK94)-ROW(AK$15),0),\nROUND(ROUND(OFFSET($P94,0,AK$13),15-13*ORÇAMENTO!$AF$7)*OFFSET(ORÇAMENTO!$W$15,ROW(AK94)-ROW(AK$15),0),15-13*ORÇAMENTO!$AF$11)),0)","v":0},null,{"$f":"IF($D94<>\"Serviço\",0,IF(AND(AUTOEVENTO=\"Manual\",$M94=1),0,IF(OFFSET(CRONOPLE!$F$14,$M94,AM$13)=\"\",10^12,OFFSET(CRONOPLE!$F$14,$M94,AM$13))))","v":0},{"$f":"IF($D94<>\"Serviço\",0,IF(AND(AUTOEVENTO=\"Manual\",$M94=1),0,IF(OFFSET(CRONOPLE!$F$14,$M94,AN$13)=\"\",10^12,OFFSET(CRONOPLE!$F$14,$M94,AN$13))))","v":0},{"$f":"IF($D94<>\"Serviço\",0,IF(AND(AUTOEVENTO=\"Manual\",$M94=1),0,IF(OFFSET(CRONOPLE!$F$14,$M94,AO$13)=\"\",10^12,OFFSET(CRONOPLE!$F$14,$M94,AO$13))))","v":0},{"$f":"IF($D94<>\"Serviço\",0,IF(AND(AUTOEVENTO=\"Manual\",$M94=1),0,IF(OFFSET(CRONOPLE!$F$14,$M94,AP$13)=\"\",10^12,OFFSET(CRONOPLE!$F$14,$M94,AP$13))))","v":0},{"$f":"IF($D94<>\"Serviço\",0,IF(AND(AUTOEVENTO=\"Manual\",$M94=1),0,IF(OFFSET(CRONOPLE!$F$14,$M94,AQ$13)=\"\",10^12,OFFSET(CRONOPLE!$F$14,$M94,AQ$13))))","v":0},{"$f":"IF($D94<>\"Serviço\",0,IF(AND(AUTOEVENTO=\"Manual\",$M94=1),0,IF(OFFSET(CRONOPLE!$F$14,$M94,AR$13)=\"\",10^12,OFFSET(CRONOPLE!$F$14,$M94,AR$13))))","v":0},{"$f":"IF($D94<>\"Serviço\",0,IF(AND(AUTOEVENTO=\"Manual\",$M94=1),0,IF(OFFSET(CRONOPLE!$F$14,$M94,AS$13)=\"\",10^12,OFFSET(CRONOPLE!$F$14,$M94,AS$13))))","v":0},{"$f":"IF($D94<>\"Serviço\",0,IF(AND(AUTOEVENTO=\"Manual\",$M94=1),0,IF(OFFSET(CRONOPLE!$F$14,$M94,AT$13)=\"\",10^12,OFFSET(CRONOPLE!$F$14,$M94,AT$13))))","v":0},{"$f":"IF($D94<>\"Serviço\",0,IF(AND(AUTOEVENTO=\"Manual\",$M94=1),0,IF(OFFSET(CRONOPLE!$F$14,$M94,AU$13)=\"\",10^12,OFFSET(CRONOPLE!$F$14,$M94,AU$13))))","v":0},{"$f":"IF($D94<>\"Serviço\",0,IF(AND(AUTOEVENTO=\"Manual\",$M94=1),0,IF(OFFSET(CRONOPLE!$F$14,$M94,AV$13)=\"\",10^12,OFFSET(CRONOPLE!$F$14,$M94,AV$13))))","v":0},null,{"$f":"IF($D94<>\"Serviço\",0,IF(OR(AND(AUTOEVENTO=\"Manual\",$M94=1),$M94>(ROW(PLE.lastrow)-ROW(PLE.firstrow))),0,IF(OFFSET(PLE!$G$14,$M94,AX$13)=\"\",10^12,OFFSET(PLE!$G$14,$M94,AX$13))))","v":0},{"$f":"IF($D94<>\"Serviço\",0,IF(OR(AND(AUTOEVENTO=\"Manual\",$M94=1),$M94>(ROW(PLE.lastrow)-ROW(PLE.firstrow))),0,IF(OFFSET(PLE!$G$14,$M94,AY$13)=\"\",10^12,OFFSET(PLE!$G$14,$M94,AY$13))))","v":0},{"$f":"IF($D94<>\"Serviço\",0,IF(OR(AND(AUTOEVENTO=\"Manual\",$M94=1),$M94>(ROW(PLE.lastrow)-ROW(PLE.firstrow))),0,IF(OFFSET(PLE!$G$14,$M94,AZ$13)=\"\",10^12,OFFSET(PLE!$G$14,$M94,AZ$13))))","v":0},{"$f":"IF($D94<>\"Serviço\",0,IF(OR(AND(AUTOEVENTO=\"Manual\",$M94=1),$M94>(ROW(PLE.lastrow)-ROW(PLE.firstrow))),0,IF(OFFSET(PLE!$G$14,$M94,BA$13)=\"\",10^12,OFFSET(PLE!$G$14,$M94,BA$13))))","v":0},{"$f":"IF($D94<>\"Serviço\",0,IF(OR(AND(AUTOEVENTO=\"Manual\",$M94=1),$M94>(ROW(PLE.lastrow)-ROW(PLE.firstrow))),0,IF(OFFSET(PLE!$G$14,$M94,BB$13)=\"\",10^12,OFFSET(PLE!$G$14,$M94,BB$13))))","v":0},{"$f":"IF($D94<>\"Serviço\",0,IF(OR(AND(AUTOEVENTO=\"Manual\",$M94=1),$M94>(ROW(PLE.lastrow)-ROW(PLE.firstrow))),0,IF(OFFSET(PLE!$G$14,$M94,BC$13)=\"\",10^12,OFFSET(PLE!$G$14,$M94,BC$13))))","v":0},{"$f":"IF($D94<>\"Serviço\",0,IF(OR(AND(AUTOEVENTO=\"Manual\",$M94=1),$M94>(ROW(PLE.lastrow)-ROW(PLE.firstrow))),0,IF(OFFSET(PLE!$G$14,$M94,BD$13)=\"\",10^12,OFFSET(PLE!$G$14,$M94,BD$13))))","v":0},{"$f":"IF($D94<>\"Serviço\",0,IF(OR(AND(AUTOEVENTO=\"Manual\",$M94=1),$M94>(ROW(PLE.lastrow)-ROW(PLE.firstrow))),0,IF(OFFSET(PLE!$G$14,$M94,BE$13)=\"\",10^12,OFFSET(PLE!$G$14,$M94,BE$13))))","v":0},{"$f":"IF($D94<>\"Serviço\",0,IF(OR(AND(AUTOEVENTO=\"Manual\",$M94=1),$M94>(ROW(PLE.lastrow)-ROW(PLE.firstrow))),0,IF(OFFSET(PLE!$G$14,$M94,BF$13)=\"\",10^12,OFFSET(PLE!$G$14,$M94,BF$13))))","v":0},{"$f":"IF($D94<>\"Serviço\",0,IF(OR(AND(AUTOEVENTO=\"Manual\",$M94=1),$M94>(ROW(PLE.lastrow)-ROW(PLE.firstrow))),0,IF(OFFSET(PLE!$G$14,$M94,BG$13)=\"\",10^12,OFFSET(PLE!$G$14,$M94,BG$13))))","v":0}]
["66",{"$f":"OFFSET(ORÇAMENTO!C$15,ROW(B95)-ROW(B$15),0)","v":"S"},{"$f":"OFFSET(ORÇAMENTO!L$15,ROW(C95)-ROW(C$15),0)","v":"F"},{"$f":"OFFSET(ORÇAMENTO!N$15,ROW(D95)-ROW(D$15),0)","v":"Serviço"},{"$f":"OFFSET(ORÇAMENTO!O$15,ROW(E95)-ROW(E$15),0)","v":"1.6.4.0.1."},{"$f":"OFFSET(ORÇAMENTO!R$15,ROW(F95)-ROW(F$15),0)","v":"REASSENTAMENTO DE BLOCOS RETANGULAR PARA PISO INTERTRAVADO, ESPESSURA DE 6 CM, EM CALÇADA, COM REAPROVEITAMENTO DOS BLOCOS RETANGULAR - INCLUSO RETIRADA E COLOCAÇÃO DO MATERIAL. AF_12/2020"},{"$f":"IF($D95<>\"Serviço\",\"\",OFFSET(ORÇAMENTO!S$15,ROW(G95)-ROW(G$15),0))","v":"M2"},{"$f":"IF($D95<>\"Serviço\",0,IF(ACOMPANHAMENTO=\"BM\",ROUND(OFFSET(ORÇAMENTO!AJ$15,ROW(H95)-ROW(H$15),0),15-13*ORÇAMENTO!$AF$7),SUMPRODUCT(($Q$12:$AA$12<>\"\")*ROUND($Q95:$AA95,15-13*ORÇAMENTO!$AF$7))))","v":18.100000000000001},null,null,null,".",{"$f":"IF($D95<>\"Serviço\",\"\",IF(AUTOEVENTO=\"manual\",$A95,IF(ISERROR(MATCH($A95,$A$15:OFFSET($A95,-1,0),0)),MAX($M$15:OFFSET(M95,-1,0))+1,INDEX($M$15:OFFSET(M95,-1,0),MATCH($A95,$A$15:OFFSET($A95,-1,0),0)))))","v":7},{"$f":"IF($D95<>\"Serviço\",\"\",IF(AUTOEVENTO=\"Manual\",IF($A95=0,\"<-- defina o número do agrupador\",OFFSET(EVENTOS!$D$14,$A95,0)),OFFSET($F$15,$A95,0)))","v":"REVESTIMENTOS"},null,null,null,null,null,null,null,null,null,null,null,null,null,{"$f":"IF(AND($D95=\"Serviço\",AB$12<>0,$H95>0,OR(AUTOEVENTO<>\"manual\",$M95<>1)),\nIF(Import.TipoArredondamento<>\"TransfereGOV\",\nROUND(OFFSET($P95,0,AB$13),15-13*ORÇAMENTO!$AF$7)/$H95*OFFSET(ORÇAMENTO!$X$15,ROW(AB95)-ROW(AB$15),0),\nROUND(ROUND(OFFSET($P95,0,AB$13),15-13*ORÇAMENTO!$AF$7)*OFFSET(ORÇAMENTO!$W$15,ROW(AB95)-ROW(AB$15),0),15-13*ORÇAMENTO!$AF$11)),0)","v":0},{"$f":"IF(AND($D95=\"Serviço\",AC$12<>0,$H95>0,OR(AUTOEVENTO<>\"manual\",$M95<>1)),\nIF(Import.TipoArredondamento<>\"TransfereGOV\",\nROUND(OFFSET($P95,0,AC$13),15-13*ORÇAMENTO!$AF$7)/$H95*OFFSET(ORÇAMENTO!$X$15,ROW(AC95)-ROW(AC$15),0),\nROUND(ROUND(OFFSET($P95,0,AC$13),15-13*ORÇAMENTO!$AF$7)*OFFSET(ORÇAMENTO!$W$15,ROW(AC95)-ROW(AC$15),0),15-13*ORÇAMENTO!$AF$11)),0)","v":0},{"$f":"IF(AND($D95=\"Serviço\",AD$12<>0,$H95>0,OR(AUTOEVENTO<>\"manual\",$M95<>1)),\nIF(Import.TipoArredondamento<>\"TransfereGOV\",\nROUND(OFFSET($P95,0,AD$13),15-13*ORÇAMENTO!$AF$7)/$H95*OFFSET(ORÇAMENTO!$X$15,ROW(AD95)-ROW(AD$15),0),\nROUND(ROUND(OFFSET($P95,0,AD$13),15-13*ORÇAMENTO!$AF$7)*OFFSET(ORÇAMENTO!$W$15,ROW(AD95)-ROW(AD$15),0),15-13*ORÇAMENTO!$AF$11)),0)","v":0},{"$f":"IF(AND($D95=\"Serviço\",AE$12<>0,$H95>0,OR(AUTOEVENTO<>\"manual\",$M95<>1)),\nIF(Import.TipoArredondamento<>\"TransfereGOV\",\nROUND(OFFSET($P95,0,AE$13),15-13*ORÇAMENTO!$AF$7)/$H95*OFFSET(ORÇAMENTO!$X$15,ROW(AE95)-ROW(AE$15),0),\nROUND(ROUND(OFFSET($P95,0,AE$13),15-13*ORÇAMENTO!$AF$7)*OFFSET(ORÇAMENTO!$W$15,ROW(AE95)-ROW(AE$15),0),15-13*ORÇAMENTO!$AF$11)),0)","v":0},{"$f":"IF(AND($D95=\"Serviço\",AF$12<>0,$H95>0,OR(AUTOEVENTO<>\"manual\",$M95<>1)),\nIF(Import.TipoArredondamento<>\"TransfereGOV\",\nROUND(OFFSET($P95,0,AF$13),15-13*ORÇAMENTO!$AF$7)/$H95*OFFSET(ORÇAMENTO!$X$15,ROW(AF95)-ROW(AF$15),0),\nROUND(ROUND(OFFSET($P95,0,AF$13),15-13*ORÇAMENTO!$AF$7)*OFFSET(ORÇAMENTO!$W$15,ROW(AF95)-ROW(AF$15),0),15-13*ORÇAMENTO!$AF$11)),0)","v":0},{"$f":"IF(AND($D95=\"Serviço\",AG$12<>0,$H95>0,OR(AUTOEVENTO<>\"manual\",$M95<>1)),\nIF(Import.TipoArredondamento<>\"TransfereGOV\",\nROUND(OFFSET($P95,0,AG$13),15-13*ORÇAMENTO!$AF$7)/$H95*OFFSET(ORÇAMENTO!$X$15,ROW(AG95)-ROW(AG$15),0),\nROUND(ROUND(OFFSET($P95,0,AG$13),15-13*ORÇAMENTO!$AF$7)*OFFSET(ORÇAMENTO!$W$15,ROW(AG95)-ROW(AG$15),0),15-13*ORÇAMENTO!$AF$11)),0)","v":0},{"$f":"IF(AND($D95=\"Serviço\",AH$12<>0,$H95>0,OR(AUTOEVENTO<>\"manual\",$M95<>1)),\nIF(Import.TipoArredondamento<>\"TransfereGOV\",\nROUND(OFFSET($P95,0,AH$13),15-13*ORÇAMENTO!$AF$7)/$H95*OFFSET(ORÇAMENTO!$X$15,ROW(AH95)-ROW(AH$15),0),\nROUND(ROUND(OFFSET($P95,0,AH$13),15-13*ORÇAMENTO!$AF$7)*OFFSET(ORÇAMENTO!$W$15,ROW(AH95)-ROW(AH$15),0),15-13*ORÇAMENTO!$AF$11)),0)","v":0},{"$f":"IF(AND($D95=\"Serviço\",AI$12<>0,$H95>0,OR(AUTOEVENTO<>\"manual\",$M95<>1)),\nIF(Import.TipoArredondamento<>\"TransfereGOV\",\nROUND(OFFSET($P95,0,AI$13),15-13*ORÇAMENTO!$AF$7)/$H95*OFFSET(ORÇAMENTO!$X$15,ROW(AI95)-ROW(AI$15),0),\nROUND(ROUND(OFFSET($P95,0,AI$13),15-13*ORÇAMENTO!$AF$7)*OFFSET(ORÇAMENTO!$W$15,ROW(AI95)-ROW(AI$15),0),15-13*ORÇAMENTO!$AF$11)),0)","v":0},{"$f":"IF(AND($D95=\"Serviço\",AJ$12<>0,$H95>0,OR(AUTOEVENTO<>\"manual\",$M95<>1)),\nIF(Import.TipoArredondamento<>\"TransfereGOV\",\nROUND(OFFSET($P95,0,AJ$13),15-13*ORÇAMENTO!$AF$7)/$H95*OFFSET(ORÇAMENTO!$X$15,ROW(AJ95)-ROW(AJ$15),0),\nROUND(ROUND(OFFSET($P95,0,AJ$13),15-13*ORÇAMENTO!$AF$7)*OFFSET(ORÇAMENTO!$W$15,ROW(AJ95)-ROW(AJ$15),0),15-13*ORÇAMENTO!$AF$11)),0)","v":0},{"$f":"IF(AND($D95=\"Serviço\",AK$12<>0,$H95>0,OR(AUTOEVENTO<>\"manual\",$M95<>1)),\nIF(Import.TipoArredondamento<>\"TransfereGOV\",\nROUND(OFFSET($P95,0,AK$13),15-13*ORÇAMENTO!$AF$7)/$H95*OFFSET(ORÇAMENTO!$X$15,ROW(AK95)-ROW(AK$15),0),\nROUND(ROUND(OFFSET($P95,0,AK$13),15-13*ORÇAMENTO!$AF$7)*OFFSET(ORÇAMENTO!$W$15,ROW(AK95)-ROW(AK$15),0),15-13*ORÇAMENTO!$AF$11)),0)","v":0},null,{"$f":"IF($D95<>\"Serviço\",0,IF(AND(AUTOEVENTO=\"Manual\",$M95=1),0,IF(OFFSET(CRONOPLE!$F$14,$M95,AM$13)=\"\",10^12,OFFSET(CRONOPLE!$F$14,$M95,AM$13))))","v":1000000000000},{"$f":"IF($D95<>\"Serviço\",0,IF(AND(AUTOEVENTO=\"Manual\",$M95=1),0,IF(OFFSET(CRONOPLE!$F$14,$M95,AN$13)=\"\",10^12,OFFSET(CRONOPLE!$F$14,$M95,AN$13))))","v":1000000000000},{"$f":"IF($D95<>\"Serviço\",0,IF(AND(AUTOEVENTO=\"Manual\",$M95=1),0,IF(OFFSET(CRONOPLE!$F$14,$M95,AO$13)=\"\",10^12,OFFSET(CRONOPLE!$F$14,$M95,AO$13))))","v":1000000000000},{"$f":"IF($D95<>\"Serviço\",0,IF(AND(AUTOEVENTO=\"Manual\",$M95=1),0,IF(OFFSET(CRONOPLE!$F$14,$M95,AP$13)=\"\",10^12,OFFSET(CRONOPLE!$F$14,$M95,AP$13))))","v":1000000000000},{"$f":"IF($D95<>\"Serviço\",0,IF(AND(AUTOEVENTO=\"Manual\",$M95=1),0,IF(OFFSET(CRONOPLE!$F$14,$M95,AQ$13)=\"\",10^12,OFFSET(CRONOPLE!$F$14,$M95,AQ$13))))","v":1000000000000},{"$f":"IF($D95<>\"Serviço\",0,IF(AND(AUTOEVENTO=\"Manual\",$M95=1),0,IF(OFFSET(CRONOPLE!$F$14,$M95,AR$13)=\"\",10^12,OFFSET(CRONOPLE!$F$14,$M95,AR$13))))","v":1000000000000},{"$f":"IF($D95<>\"Serviço\",0,IF(AND(AUTOEVENTO=\"Manual\",$M95=1),0,IF(OFFSET(CRONOPLE!$F$14,$M95,AS$13)=\"\",10^12,OFFSET(CRONOPLE!$F$14,$M95,AS$13))))","v":1000000000000},{"$f":"IF($D95<>\"Serviço\",0,IF(AND(AUTOEVENTO=\"Manual\",$M95=1),0,IF(OFFSET(CRONOPLE!$F$14,$M95,AT$13)=\"\",10^12,OFFSET(CRONOPLE!$F$14,$M95,AT$13))))","v":1000000000000},{"$f":"IF($D95<>\"Serviço\",0,IF(AND(AUTOEVENTO=\"Manual\",$M95=1),0,IF(OFFSET(CRONOPLE!$F$14,$M95,AU$13)=\"\",10^12,OFFSET(CRONOPLE!$F$14,$M95,AU$13))))","v":1000000000000},{"$f":"IF($D95<>\"Serviço\",0,IF(AND(AUTOEVENTO=\"Manual\",$M95=1),0,IF(OFFSET(CRONOPLE!$F$14,$M95,AV$13)=\"\",10^12,OFFSET(CRONOPLE!$F$14,$M95,AV$13))))","v":1000000000000},null,{"$f":"IF($D95<>\"Serviço\",0,IF(OR(AND(AUTOEVENTO=\"Manual\",$M95=1),$M95>(ROW(PLE.lastrow)-ROW(PLE.firstrow))),0,IF(OFFSET(PLE!$G$14,$M95,AX$13)=\"\",10^12,OFFSET(PLE!$G$14,$M95,AX$13))))","v":1000000000000},{"$f":"IF($D95<>\"Serviço\",0,IF(OR(AND(AUTOEVENTO=\"Manual\",$M95=1),$M95>(ROW(PLE.lastrow)-ROW(PLE.firstrow))),0,IF(OFFSET(PLE!$G$14,$M95,AY$13)=\"\",10^12,OFFSET(PLE!$G$14,$M95,AY$13))))","v":1000000000000},{"$f":"IF($D95<>\"Serviço\",0,IF(OR(AND(AUTOEVENTO=\"Manual\",$M95=1),$M95>(ROW(PLE.lastrow)-ROW(PLE.firstrow))),0,IF(OFFSET(PLE!$G$14,$M95,AZ$13)=\"\",10^12,OFFSET(PLE!$G$14,$M95,AZ$13))))","v":1000000000000},{"$f":"IF($D95<>\"Serviço\",0,IF(OR(AND(AUTOEVENTO=\"Manual\",$M95=1),$M95>(ROW(PLE.lastrow)-ROW(PLE.firstrow))),0,IF(OFFSET(PLE!$G$14,$M95,BA$13)=\"\",10^12,OFFSET(PLE!$G$14,$M95,BA$13))))","v":1000000000000},{"$f":"IF($D95<>\"Serviço\",0,IF(OR(AND(AUTOEVENTO=\"Manual\",$M95=1),$M95>(ROW(PLE.lastrow)-ROW(PLE.firstrow))),0,IF(OFFSET(PLE!$G$14,$M95,BB$13)=\"\",10^12,OFFSET(PLE!$G$14,$M95,BB$13))))","v":1000000000000},{"$f":"IF($D95<>\"Serviço\",0,IF(OR(AND(AUTOEVENTO=\"Manual\",$M95=1),$M95>(ROW(PLE.lastrow)-ROW(PLE.firstrow))),0,IF(OFFSET(PLE!$G$14,$M95,BC$13)=\"\",10^12,OFFSET(PLE!$G$14,$M95,BC$13))))","v":1000000000000},{"$f":"IF($D95<>\"Serviço\",0,IF(OR(AND(AUTOEVENTO=\"Manual\",$M95=1),$M95>(ROW(PLE.lastrow)-ROW(PLE.firstrow))),0,IF(OFFSET(PLE!$G$14,$M95,BD$13)=\"\",10^12,OFFSET(PLE!$G$14,$M95,BD$13))))","v":1000000000000},{"$f":"IF($D95<>\"Serviço\",0,IF(OR(AND(AUTOEVENTO=\"Manual\",$M95=1),$M95>(ROW(PLE.lastrow)-ROW(PLE.firstrow))),0,IF(OFFSET(PLE!$G$14,$M95,BE$13)=\"\",10^12,OFFSET(PLE!$G$14,$M95,BE$13))))","v":1000000000000},{"$f":"IF($D95<>\"Serviço\",0,IF(OR(AND(AUTOEVENTO=\"Manual\",$M95=1),$M95>(ROW(PLE.lastrow)-ROW(PLE.firstrow))),0,IF(OFFSET(PLE!$G$14,$M95,BF$13)=\"\",10^12,OFFSET(PLE!$G$14,$M95,BF$13))))","v":1000000000000},{"$f":"IF($D95<>\"Serviço\",0,IF(OR(AND(AUTOEVENTO=\"Manual\",$M95=1),$M95>(ROW(PLE.lastrow)-ROW(PLE.firstrow))),0,IF(OFFSET(PLE!$G$14,$M95,BG$13)=\"\",10^12,OFFSET(PLE!$G$14,$M95,BG$13))))","v":1000000000000}]
["81.",{"$f":"OFFSET(ORÇAMENTO!C$15,ROW(B96)-ROW(B$15),0)","v":2},{"$f":"OFFSET(ORÇAMENTO!L$15,ROW(C96)-ROW(C$15),0)","v":"F"},{"$f":"OFFSET(ORÇAMENTO!N$15,ROW(D96)-ROW(D$15),0)","v":"Nível 2"},{"$f":"OFFSET(ORÇAMENTO!O$15,ROW(E96)-ROW(E$15),0)","v":"1.7."},{"$f":"OFFSET(ORÇAMENTO!R$15,ROW(F96)-ROW(F$15),0)","v":"INSTALAÇÕES ELÉTRICAS"},{"$f":"IF($D96<>\"Serviço\",\"\",OFFSET(ORÇAMENTO!S$15,ROW(G96)-ROW(G$15),0))","v":""},{"$f":"IF($D96<>\"Serviço\",0,IF(ACOMPANHAMENTO=\"BM\",ROUND(OFFSET(ORÇAMENTO!AJ$15,ROW(H96)-ROW(H$15),0),15-13*ORÇAMENTO!$AF$7),SUMPRODUCT(($Q$12:$AA$12<>\"\")*ROUND($Q96:$AA96,15-13*ORÇAMENTO!$AF$7))))","v":0},null,null,null,".",{"$f":"IF($D96<>\"Serviço\",\"\",IF(AUTOEVENTO=\"manual\",$A96,IF(ISERROR(MATCH($A96,$A$15:OFFSET($A96,-1,0),0)),MAX($M$15:OFFSET(M96,-1,0))+1,INDEX($M$15:OFFSET(M96,-1,0),MATCH($A96,$A$15:OFFSET($A96,-1,0),0)))))","v":""},{"$f":"IF($D96<>\"Serviço\",\"\",IF(AUTOEVENTO=\"Manual\",IF($A96=0,\"<-- defina o número do agrupador\",OFFSET(EVENTOS!$D$14,$A96,0)),OFFSET($F$15,$A96,0)))","v":""},null,null,null,null,null,null,null,null,null,null,null,null,null,{"$f":"IF(AND($D96=\"Serviço\",AB$12<>0,$H96>0,OR(AUTOEVENTO<>\"manual\",$M96<>1)),\nIF(Import.TipoArredondamento<>\"TransfereGOV\",\nROUND(OFFSET($P96,0,AB$13),15-13*ORÇAMENTO!$AF$7)/$H96*OFFSET(ORÇAMENTO!$X$15,ROW(AB96)-ROW(AB$15),0),\nROUND(ROUND(OFFSET($P96,0,AB$13),15-13*ORÇAMENTO!$AF$7)*OFFSET(ORÇAMENTO!$W$15,ROW(AB96)-ROW(AB$15),0),15-13*ORÇAMENTO!$AF$11)),0)","v":0},{"$f":"IF(AND($D96=\"Serviço\",AC$12<>0,$H96>0,OR(AUTOEVENTO<>\"manual\",$M96<>1)),\nIF(Import.TipoArredondamento<>\"TransfereGOV\",\nROUND(OFFSET($P96,0,AC$13),15-13*ORÇAMENTO!$AF$7)/$H96*OFFSET(ORÇAMENTO!$X$15,ROW(AC96)-ROW(AC$15),0),\nROUND(ROUND(OFFSET($P96,0,AC$13),15-13*ORÇAMENTO!$AF$7)*OFFSET(ORÇAMENTO!$W$15,ROW(AC96)-ROW(AC$15),0),15-13*ORÇAMENTO!$AF$11)),0)","v":0},{"$f":"IF(AND($D96=\"Serviço\",AD$12<>0,$H96>0,OR(AUTOEVENTO<>\"manual\",$M96<>1)),\nIF(Import.TipoArredondamento<>\"TransfereGOV\",\nROUND(OFFSET($P96,0,AD$13),15-13*ORÇAMENTO!$AF$7)/$H96*OFFSET(ORÇAMENTO!$X$15,ROW(AD96)-ROW(AD$15),0),\nROUND(ROUND(OFFSET($P96,0,AD$13),15-13*ORÇAMENTO!$AF$7)*OFFSET(ORÇAMENTO!$W$15,ROW(AD96)-ROW(AD$15),0),15-13*ORÇAMENTO!$AF$11)),0)","v":0},{"$f":"IF(AND($D96=\"Serviço\",AE$12<>0,$H96>0,OR(AUTOEVENTO<>\"manual\",$M96<>1)),\nIF(Import.TipoArredondamento<>\"TransfereGOV\",\nROUND(OFFSET($P96,0,AE$13),15-13*ORÇAMENTO!$AF$7)/$H96*OFFSET(ORÇAMENTO!$X$15,ROW(AE96)-ROW(AE$15),0),\nROUND(ROUND(OFFSET($P96,0,AE$13),15-13*ORÇAMENTO!$AF$7)*OFFSET(ORÇAMENTO!$W$15,ROW(AE96)-ROW(AE$15),0),15-13*ORÇAMENTO!$AF$11)),0)","v":0},{"$f":"IF(AND($D96=\"Serviço\",AF$12<>0,$H96>0,OR(AUTOEVENTO<>\"manual\",$M96<>1)),\nIF(Import.TipoArredondamento<>\"TransfereGOV\",\nROUND(OFFSET($P96,0,AF$13),15-13*ORÇAMENTO!$AF$7)/$H96*OFFSET(ORÇAMENTO!$X$15,ROW(AF96)-ROW(AF$15),0),\nROUND(ROUND(OFFSET($P96,0,AF$13),15-13*ORÇAMENTO!$AF$7)*OFFSET(ORÇAMENTO!$W$15,ROW(AF96)-ROW(AF$15),0),15-13*ORÇAMENTO!$AF$11)),0)","v":0},{"$f":"IF(AND($D96=\"Serviço\",AG$12<>0,$H96>0,OR(AUTOEVENTO<>\"manual\",$M96<>1)),\nIF(Import.TipoArredondamento<>\"TransfereGOV\",\nROUND(OFFSET($P96,0,AG$13),15-13*ORÇAMENTO!$AF$7)/$H96*OFFSET(ORÇAMENTO!$X$15,ROW(AG96)-ROW(AG$15),0),\nROUND(ROUND(OFFSET($P96,0,AG$13),15-13*ORÇAMENTO!$AF$7)*OFFSET(ORÇAMENTO!$W$15,ROW(AG96)-ROW(AG$15),0),15-13*ORÇAMENTO!$AF$11)),0)","v":0},{"$f":"IF(AND($D96=\"Serviço\",AH$12<>0,$H96>0,OR(AUTOEVENTO<>\"manual\",$M96<>1)),\nIF(Import.TipoArredondamento<>\"TransfereGOV\",\nROUND(OFFSET($P96,0,AH$13),15-13*ORÇAMENTO!$AF$7)/$H96*OFFSET(ORÇAMENTO!$X$15,ROW(AH96)-ROW(AH$15),0),\nROUND(ROUND(OFFSET($P96,0,AH$13),15-13*ORÇAMENTO!$AF$7)*OFFSET(ORÇAMENTO!$W$15,ROW(AH96)-ROW(AH$15),0),15-13*ORÇAMENTO!$AF$11)),0)","v":0},{"$f":"IF(AND($D96=\"Serviço\",AI$12<>0,$H96>0,OR(AUTOEVENTO<>\"manual\",$M96<>1)),\nIF(Import.TipoArredondamento<>\"TransfereGOV\",\nROUND(OFFSET($P96,0,AI$13),15-13*ORÇAMENTO!$AF$7)/$H96*OFFSET(ORÇAMENTO!$X$15,ROW(AI96)-ROW(AI$15),0),\nROUND(ROUND(OFFSET($P96,0,AI$13),15-13*ORÇAMENTO!$AF$7)*OFFSET(ORÇAMENTO!$W$15,ROW(AI96)-ROW(AI$15),0),15-13*ORÇAMENTO!$AF$11)),0)","v":0},{"$f":"IF(AND($D96=\"Serviço\",AJ$12<>0,$H96>0,OR(AUTOEVENTO<>\"manual\",$M96<>1)),\nIF(Import.TipoArredondamento<>\"TransfereGOV\",\nROUND(OFFSET($P96,0,AJ$13),15-13*ORÇAMENTO!$AF$7)/$H96*OFFSET(ORÇAMENTO!$X$15,ROW(AJ96)-ROW(AJ$15),0),\nROUND(ROUND(OFFSET($P96,0,AJ$13),15-13*ORÇAMENTO!$AF$7)*OFFSET(ORÇAMENTO!$W$15,ROW(AJ96)-ROW(AJ$15),0),15-13*ORÇAMENTO!$AF$11)),0)","v":0},{"$f":"IF(AND($D96=\"Serviço\",AK$12<>0,$H96>0,OR(AUTOEVENTO<>\"manual\",$M96<>1)),\nIF(Import.TipoArredondamento<>\"TransfereGOV\",\nROUND(OFFSET($P96,0,AK$13),15-13*ORÇAMENTO!$AF$7)/$H96*OFFSET(ORÇAMENTO!$X$15,ROW(AK96)-ROW(AK$15),0),\nROUND(ROUND(OFFSET($P96,0,AK$13),15-13*ORÇAMENTO!$AF$7)*OFFSET(ORÇAMENTO!$W$15,ROW(AK96)-ROW(AK$15),0),15-13*ORÇAMENTO!$AF$11)),0)","v":0},null,{"$f":"IF($D96<>\"Serviço\",0,IF(AND(AUTOEVENTO=\"Manual\",$M96=1),0,IF(OFFSET(CRONOPLE!$F$14,$M96,AM$13)=\"\",10^12,OFFSET(CRONOPLE!$F$14,$M96,AM$13))))","v":0},{"$f":"IF($D96<>\"Serviço\",0,IF(AND(AUTOEVENTO=\"Manual\",$M96=1),0,IF(OFFSET(CRONOPLE!$F$14,$M96,AN$13)=\"\",10^12,OFFSET(CRONOPLE!$F$14,$M96,AN$13))))","v":0},{"$f":"IF($D96<>\"Serviço\",0,IF(AND(AUTOEVENTO=\"Manual\",$M96=1),0,IF(OFFSET(CRONOPLE!$F$14,$M96,AO$13)=\"\",10^12,OFFSET(CRONOPLE!$F$14,$M96,AO$13))))","v":0},{"$f":"IF($D96<>\"Serviço\",0,IF(AND(AUTOEVENTO=\"Manual\",$M96=1),0,IF(OFFSET(CRONOPLE!$F$14,$M96,AP$13)=\"\",10^12,OFFSET(CRONOPLE!$F$14,$M96,AP$13))))","v":0},{"$f":"IF($D96<>\"Serviço\",0,IF(AND(AUTOEVENTO=\"Manual\",$M96=1),0,IF(OFFSET(CRONOPLE!$F$14,$M96,AQ$13)=\"\",10^12,OFFSET(CRONOPLE!$F$14,$M96,AQ$13))))","v":0},{"$f":"IF($D96<>\"Serviço\",0,IF(AND(AUTOEVENTO=\"Manual\",$M96=1),0,IF(OFFSET(CRONOPLE!$F$14,$M96,AR$13)=\"\",10^12,OFFSET(CRONOPLE!$F$14,$M96,AR$13))))","v":0},{"$f":"IF($D96<>\"Serviço\",0,IF(AND(AUTOEVENTO=\"Manual\",$M96=1),0,IF(OFFSET(CRONOPLE!$F$14,$M96,AS$13)=\"\",10^12,OFFSET(CRONOPLE!$F$14,$M96,AS$13))))","v":0},{"$f":"IF($D96<>\"Serviço\",0,IF(AND(AUTOEVENTO=\"Manual\",$M96=1),0,IF(OFFSET(CRONOPLE!$F$14,$M96,AT$13)=\"\",10^12,OFFSET(CRONOPLE!$F$14,$M96,AT$13))))","v":0},{"$f":"IF($D96<>\"Serviço\",0,IF(AND(AUTOEVENTO=\"Manual\",$M96=1),0,IF(OFFSET(CRONOPLE!$F$14,$M96,AU$13)=\"\",10^12,OFFSET(CRONOPLE!$F$14,$M96,AU$13))))","v":0},{"$f":"IF($D96<>\"Serviço\",0,IF(AND(AUTOEVENTO=\"Manual\",$M96=1),0,IF(OFFSET(CRONOPLE!$F$14,$M96,AV$13)=\"\",10^12,OFFSET(CRONOPLE!$F$14,$M96,AV$13))))","v":0},null,{"$f":"IF($D96<>\"Serviço\",0,IF(OR(AND(AUTOEVENTO=\"Manual\",$M96=1),$M96>(ROW(PLE.lastrow)-ROW(PLE.firstrow))),0,IF(OFFSET(PLE!$G$14,$M96,AX$13)=\"\",10^12,OFFSET(PLE!$G$14,$M96,AX$13))))","v":0},{"$f":"IF($D96<>\"Serviço\",0,IF(OR(AND(AUTOEVENTO=\"Manual\",$M96=1),$M96>(ROW(PLE.lastrow)-ROW(PLE.firstrow))),0,IF(OFFSET(PLE!$G$14,$M96,AY$13)=\"\",10^12,OFFSET(PLE!$G$14,$M96,AY$13))))","v":0},{"$f":"IF($D96<>\"Serviço\",0,IF(OR(AND(AUTOEVENTO=\"Manual\",$M96=1),$M96>(ROW(PLE.lastrow)-ROW(PLE.firstrow))),0,IF(OFFSET(PLE!$G$14,$M96,AZ$13)=\"\",10^12,OFFSET(PLE!$G$14,$M96,AZ$13))))","v":0},{"$f":"IF($D96<>\"Serviço\",0,IF(OR(AND(AUTOEVENTO=\"Manual\",$M96=1),$M96>(ROW(PLE.lastrow)-ROW(PLE.firstrow))),0,IF(OFFSET(PLE!$G$14,$M96,BA$13)=\"\",10^12,OFFSET(PLE!$G$14,$M96,BA$13))))","v":0},{"$f":"IF($D96<>\"Serviço\",0,IF(OR(AND(AUTOEVENTO=\"Manual\",$M96=1),$M96>(ROW(PLE.lastrow)-ROW(PLE.firstrow))),0,IF(OFFSET(PLE!$G$14,$M96,BB$13)=\"\",10^12,OFFSET(PLE!$G$14,$M96,BB$13))))","v":0},{"$f":"IF($D96<>\"Serviço\",0,IF(OR(AND(AUTOEVENTO=\"Manual\",$M96=1),$M96>(ROW(PLE.lastrow)-ROW(PLE.firstrow))),0,IF(OFFSET(PLE!$G$14,$M96,BC$13)=\"\",10^12,OFFSET(PLE!$G$14,$M96,BC$13))))","v":0},{"$f":"IF($D96<>\"Serviço\",0,IF(OR(AND(AUTOEVENTO=\"Manual\",$M96=1),$M96>(ROW(PLE.lastrow)-ROW(PLE.firstrow))),0,IF(OFFSET(PLE!$G$14,$M96,BD$13)=\"\",10^12,OFFSET(PLE!$G$14,$M96,BD$13))))","v":0},{"$f":"IF($D96<>\"Serviço\",0,IF(OR(AND(AUTOEVENTO=\"Manual\",$M96=1),$M96>(ROW(PLE.lastrow)-ROW(PLE.firstrow))),0,IF(OFFSET(PLE!$G$14,$M96,BE$13)=\"\",10^12,OFFSET(PLE!$G$14,$M96,BE$13))))","v":0},{"$f":"IF($D96<>\"Serviço\",0,IF(OR(AND(AUTOEVENTO=\"Manual\",$M96=1),$M96>(ROW(PLE.lastrow)-ROW(PLE.firstrow))),0,IF(OFFSET(PLE!$G$14,$M96,BF$13)=\"\",10^12,OFFSET(PLE!$G$14,$M96,BF$13))))","v":0},{"$f":"IF($D96<>\"Serviço\",0,IF(OR(AND(AUTOEVENTO=\"Manual\",$M96=1),$M96>(ROW(PLE.lastrow)-ROW(PLE.firstrow))),0,IF(OFFSET(PLE!$G$14,$M96,BG$13)=\"\",10^12,OFFSET(PLE!$G$14,$M96,BG$13))))","v":0}]
["81",{"$f":"OFFSET(ORÇAMENTO!C$15,ROW(B97)-ROW(B$15),0)","v":"S"},{"$f":"OFFSET(ORÇAMENTO!L$15,ROW(C97)-ROW(C$15),0)","v":"F"},{"$f":"OFFSET(ORÇAMENTO!N$15,ROW(D97)-ROW(D$15),0)","v":"Serviço"},{"$f":"OFFSET(ORÇAMENTO!O$15,ROW(E97)-ROW(E$15),0)","v":"1.7.0.0.1."},{"$f":"OFFSET(ORÇAMENTO!R$15,ROW(F97)-ROW(F$15),0)","v":"CAIXA RETANGULAR 4\" X 2\" MÉDIA (1,30 M DO PISO), PVC, INSTALADA EM PAREDE - FORNECIMENTO E INSTALAÇÃO. AF_03/2023"},{"$f":"IF($D97<>\"Serviço\",\"\",OFFSET(ORÇAMENTO!S$15,ROW(G97)-ROW(G$15),0))","v":"UN"},{"$f":"IF($D97<>\"Serviço\",0,IF(ACOMPANHAMENTO=\"BM\",ROUND(OFFSET(ORÇAMENTO!AJ$15,ROW(H97)-ROW(H$15),0),15-13*ORÇAMENTO!$AF$7),SUMPRODUCT(($Q$12:$AA$12<>\"\")*ROUND($Q97:$AA97,15-13*ORÇAMENTO!$AF$7))))","v":33},null,null,null,".",{"$f":"IF($D97<>\"Serviço\",\"\",IF(AUTOEVENTO=\"manual\",$A97,IF(ISERROR(MATCH($A97,$A$15:OFFSET($A97,-1,0),0)),MAX($M$15:OFFSET(M97,-1,0))+1,INDEX($M$15:OFFSET(M97,-1,0),MATCH($A97,$A$15:OFFSET($A97,-1,0),0)))))","v":8},{"$f":"IF($D97<>\"Serviço\",\"\",IF(AUTOEVENTO=\"Manual\",IF($A97=0,\"<-- defina o número do agrupador\",OFFSET(EVENTOS!$D$14,$A97,0)),OFFSET($F$15,$A97,0)))","v":"INSTALAÇÕES ELÉTRICAS"},null,null,null,null,null,null,null,null,null,null,null,null,null,{"$f":"IF(AND($D97=\"Serviço\",AB$12<>0,$H97>0,OR(AUTOEVENTO<>\"manual\",$M97<>1)),\nIF(Import.TipoArredondamento<>\"TransfereGOV\",\nROUND(OFFSET($P97,0,AB$13),15-13*ORÇAMENTO!$AF$7)/$H97*OFFSET(ORÇAMENTO!$X$15,ROW(AB97)-ROW(AB$15),0),\nROUND(ROUND(OFFSET($P97,0,AB$13),15-13*ORÇAMENTO!$AF$7)*OFFSET(ORÇAMENTO!$W$15,ROW(AB97)-ROW(AB$15),0),15-13*ORÇAMENTO!$AF$11)),0)","v":0},{"$f":"IF(AND($D97=\"Serviço\",AC$12<>0,$H97>0,OR(AUTOEVENTO<>\"manual\",$M97<>1)),\nIF(Import.TipoArredondamento<>\"TransfereGOV\",\nROUND(OFFSET($P97,0,AC$13),15-13*ORÇAMENTO!$AF$7)/$H97*OFFSET(ORÇAMENTO!$X$15,ROW(AC97)-ROW(AC$15),0),\nROUND(ROUND(OFFSET($P97,0,AC$13),15-13*ORÇAMENTO!$AF$7)*OFFSET(ORÇAMENTO!$W$15,ROW(AC97)-ROW(AC$15),0),15-13*ORÇAMENTO!$AF$11)),0)","v":0},{"$f":"IF(AND($D97=\"Serviço\",AD$12<>0,$H97>0,OR(AUTOEVENTO<>\"manual\",$M97<>1)),\nIF(Import.TipoArredondamento<>\"TransfereGOV\",\nROUND(OFFSET($P97,0,AD$13),15-13*ORÇAMENTO!$AF$7)/$H97*OFFSET(ORÇAMENTO!$X$15,ROW(AD97)-ROW(AD$15),0),\nROUND(ROUND(OFFSET($P97,0,AD$13),15-13*ORÇAMENTO!$AF$7)*OFFSET(ORÇAMENTO!$W$15,ROW(AD97)-ROW(AD$15),0),15-13*ORÇAMENTO!$AF$11)),0)","v":0},{"$f":"IF(AND($D97=\"Serviço\",AE$12<>0,$H97>0,OR(AUTOEVENTO<>\"manual\",$M97<>1)),\nIF(Import.TipoArredondamento<>\"TransfereGOV\",\nROUND(OFFSET($P97,0,AE$13),15-13*ORÇAMENTO!$AF$7)/$H97*OFFSET(ORÇAMENTO!$X$15,ROW(AE97)-ROW(AE$15),0),\nROUND(ROUND(OFFSET($P97,0,AE$13),15-13*ORÇAMENTO!$AF$7)*OFFSET(ORÇAMENTO!$W$15,ROW(AE97)-ROW(AE$15),0),15-13*ORÇAMENTO!$AF$11)),0)","v":0},{"$f":"IF(AND($D97=\"Serviço\",AF$12<>0,$H97>0,OR(AUTOEVENTO<>\"manual\",$M97<>1)),\nIF(Import.TipoArredondamento<>\"TransfereGOV\",\nROUND(OFFSET($P97,0,AF$13),15-13*ORÇAMENTO!$AF$7)/$H97*OFFSET(ORÇAMENTO!$X$15,ROW(AF97)-ROW(AF$15),0),\nROUND(ROUND(OFFSET($P97,0,AF$13),15-13*ORÇAMENTO!$AF$7)*OFFSET(ORÇAMENTO!$W$15,ROW(AF97)-ROW(AF$15),0),15-13*ORÇAMENTO!$AF$11)),0)","v":0},{"$f":"IF(AND($D97=\"Serviço\",AG$12<>0,$H97>0,OR(AUTOEVENTO<>\"manual\",$M97<>1)),\nIF(Import.TipoArredondamento<>\"TransfereGOV\",\nROUND(OFFSET($P97,0,AG$13),15-13*ORÇAMENTO!$AF$7)/$H97*OFFSET(ORÇAMENTO!$X$15,ROW(AG97)-ROW(AG$15),0),\nROUND(ROUND(OFFSET($P97,0,AG$13),15-13*ORÇAMENTO!$AF$7)*OFFSET(ORÇAMENTO!$W$15,ROW(AG97)-ROW(AG$15),0),15-13*ORÇAMENTO!$AF$11)),0)","v":0},{"$f":"IF(AND($D97=\"Serviço\",AH$12<>0,$H97>0,OR(AUTOEVENTO<>\"manual\",$M97<>1)),\nIF(Import.TipoArredondamento<>\"TransfereGOV\",\nROUND(OFFSET($P97,0,AH$13),15-13*ORÇAMENTO!$AF$7)/$H97*OFFSET(ORÇAMENTO!$X$15,ROW(AH97)-ROW(AH$15),0),\nROUND(ROUND(OFFSET($P97,0,AH$13),15-13*ORÇAMENTO!$AF$7)*OFFSET(ORÇAMENTO!$W$15,ROW(AH97)-ROW(AH$15),0),15-13*ORÇAMENTO!$AF$11)),0)","v":0},{"$f":"IF(AND($D97=\"Serviço\",AI$12<>0,$H97>0,OR(AUTOEVENTO<>\"manual\",$M97<>1)),\nIF(Import.TipoArredondamento<>\"TransfereGOV\",\nROUND(OFFSET($P97,0,AI$13),15-13*ORÇAMENTO!$AF$7)/$H97*OFFSET(ORÇAMENTO!$X$15,ROW(AI97)-ROW(AI$15),0),\nROUND(ROUND(OFFSET($P97,0,AI$13),15-13*ORÇAMENTO!$AF$7)*OFFSET(ORÇAMENTO!$W$15,ROW(AI97)-ROW(AI$15),0),15-13*ORÇAMENTO!$AF$11)),0)","v":0},{"$f":"IF(AND($D97=\"Serviço\",AJ$12<>0,$H97>0,OR(AUTOEVENTO<>\"manual\",$M97<>1)),\nIF(Import.TipoArredondamento<>\"TransfereGOV\",\nROUND(OFFSET($P97,0,AJ$13),15-13*ORÇAMENTO!$AF$7)/$H97*OFFSET(ORÇAMENTO!$X$15,ROW(AJ97)-ROW(AJ$15),0),\nROUND(ROUND(OFFSET($P97,0,AJ$13),15-13*ORÇAMENTO!$AF$7)*OFFSET(ORÇAMENTO!$W$15,ROW(AJ97)-ROW(AJ$15),0),15-13*ORÇAMENTO!$AF$11)),0)","v":0},{"$f":"IF(AND($D97=\"Serviço\",AK$12<>0,$H97>0,OR(AUTOEVENTO<>\"manual\",$M97<>1)),\nIF(Import.TipoArredondamento<>\"TransfereGOV\",\nROUND(OFFSET($P97,0,AK$13),15-13*ORÇAMENTO!$AF$7)/$H97*OFFSET(ORÇAMENTO!$X$15,ROW(AK97)-ROW(AK$15),0),\nROUND(ROUND(OFFSET($P97,0,AK$13),15-13*ORÇAMENTO!$AF$7)*OFFSET(ORÇAMENTO!$W$15,ROW(AK97)-ROW(AK$15),0),15-13*ORÇAMENTO!$AF$11)),0)","v":0},null,{"$f":"IF($D97<>\"Serviço\",0,IF(AND(AUTOEVENTO=\"Manual\",$M97=1),0,IF(OFFSET(CRONOPLE!$F$14,$M97,AM$13)=\"\",10^12,OFFSET(CRONOPLE!$F$14,$M97,AM$13))))","v":1000000000000},{"$f":"IF($D97<>\"Serviço\",0,IF(AND(AUTOEVENTO=\"Manual\",$M97=1),0,IF(OFFSET(CRONOPLE!$F$14,$M97,AN$13)=\"\",10^12,OFFSET(CRONOPLE!$F$14,$M97,AN$13))))","v":1000000000000},{"$f":"IF($D97<>\"Serviço\",0,IF(AND(AUTOEVENTO=\"Manual\",$M97=1),0,IF(OFFSET(CRONOPLE!$F$14,$M97,AO$13)=\"\",10^12,OFFSET(CRONOPLE!$F$14,$M97,AO$13))))","v":1000000000000},{"$f":"IF($D97<>\"Serviço\",0,IF(AND(AUTOEVENTO=\"Manual\",$M97=1),0,IF(OFFSET(CRONOPLE!$F$14,$M97,AP$13)=\"\",10^12,OFFSET(CRONOPLE!$F$14,$M97,AP$13))))","v":1000000000000},{"$f":"IF($D97<>\"Serviço\",0,IF(AND(AUTOEVENTO=\"Manual\",$M97=1),0,IF(OFFSET(CRONOPLE!$F$14,$M97,AQ$13)=\"\",10^12,OFFSET(CRONOPLE!$F$14,$M97,AQ$13))))","v":1000000000000},{"$f":"IF($D97<>\"Serviço\",0,IF(AND(AUTOEVENTO=\"Manual\",$M97=1),0,IF(OFFSET(CRONOPLE!$F$14,$M97,AR$13)=\"\",10^12,OFFSET(CRONOPLE!$F$14,$M97,AR$13))))","v":1000000000000},{"$f":"IF($D97<>\"Serviço\",0,IF(AND(AUTOEVENTO=\"Manual\",$M97=1),0,IF(OFFSET(CRONOPLE!$F$14,$M97,AS$13)=\"\",10^12,OFFSET(CRONOPLE!$F$14,$M97,AS$13))))","v":1000000000000},{"$f":"IF($D97<>\"Serviço\",0,IF(AND(AUTOEVENTO=\"Manual\",$M97=1),0,IF(OFFSET(CRONOPLE!$F$14,$M97,AT$13)=\"\",10^12,OFFSET(CRONOPLE!$F$14,$M97,AT$13))))","v":1000000000000},{"$f":"IF($D97<>\"Serviço\",0,IF(AND(AUTOEVENTO=\"Manual\",$M97=1),0,IF(OFFSET(CRONOPLE!$F$14,$M97,AU$13)=\"\",10^12,OFFSET(CRONOPLE!$F$14,$M97,AU$13))))","v":1000000000000},{"$f":"IF($D97<>\"Serviço\",0,IF(AND(AUTOEVENTO=\"Manual\",$M97=1),0,IF(OFFSET(CRONOPLE!$F$14,$M97,AV$13)=\"\",10^12,OFFSET(CRONOPLE!$F$14,$M97,AV$13))))","v":1000000000000},null,{"$f":"IF($D97<>\"Serviço\",0,IF(OR(AND(AUTOEVENTO=\"Manual\",$M97=1),$M97>(ROW(PLE.lastrow)-ROW(PLE.firstrow))),0,IF(OFFSET(PLE!$G$14,$M97,AX$13)=\"\",10^12,OFFSET(PLE!$G$14,$M97,AX$13))))","v":1000000000000},{"$f":"IF($D97<>\"Serviço\",0,IF(OR(AND(AUTOEVENTO=\"Manual\",$M97=1),$M97>(ROW(PLE.lastrow)-ROW(PLE.firstrow))),0,IF(OFFSET(PLE!$G$14,$M97,AY$13)=\"\",10^12,OFFSET(PLE!$G$14,$M97,AY$13))))","v":1000000000000},{"$f":"IF($D97<>\"Serviço\",0,IF(OR(AND(AUTOEVENTO=\"Manual\",$M97=1),$M97>(ROW(PLE.lastrow)-ROW(PLE.firstrow))),0,IF(OFFSET(PLE!$G$14,$M97,AZ$13)=\"\",10^12,OFFSET(PLE!$G$14,$M97,AZ$13))))","v":1000000000000},{"$f":"IF($D97<>\"Serviço\",0,IF(OR(AND(AUTOEVENTO=\"Manual\",$M97=1),$M97>(ROW(PLE.lastrow)-ROW(PLE.firstrow))),0,IF(OFFSET(PLE!$G$14,$M97,BA$13)=\"\",10^12,OFFSET(PLE!$G$14,$M97,BA$13))))","v":1000000000000},{"$f":"IF($D97<>\"Serviço\",0,IF(OR(AND(AUTOEVENTO=\"Manual\",$M97=1),$M97>(ROW(PLE.lastrow)-ROW(PLE.firstrow))),0,IF(OFFSET(PLE!$G$14,$M97,BB$13)=\"\",10^12,OFFSET(PLE!$G$14,$M97,BB$13))))","v":1000000000000},{"$f":"IF($D97<>\"Serviço\",0,IF(OR(AND(AUTOEVENTO=\"Manual\",$M97=1),$M97>(ROW(PLE.lastrow)-ROW(PLE.firstrow))),0,IF(OFFSET(PLE!$G$14,$M97,BC$13)=\"\",10^12,OFFSET(PLE!$G$14,$M97,BC$13))))","v":1000000000000},{"$f":"IF($D97<>\"Serviço\",0,IF(OR(AND(AUTOEVENTO=\"Manual\",$M97=1),$M97>(ROW(PLE.lastrow)-ROW(PLE.firstrow))),0,IF(OFFSET(PLE!$G$14,$M97,BD$13)=\"\",10^12,OFFSET(PLE!$G$14,$M97,BD$13))))","v":1000000000000},{"$f":"IF($D97<>\"Serviço\",0,IF(OR(AND(AUTOEVENTO=\"Manual\",$M97=1),$M97>(ROW(PLE.lastrow)-ROW(PLE.firstrow))),0,IF(OFFSET(PLE!$G$14,$M97,BE$13)=\"\",10^12,OFFSET(PLE!$G$14,$M97,BE$13))))","v":1000000000000},{"$f":"IF($D97<>\"Serviço\",0,IF(OR(AND(AUTOEVENTO=\"Manual\",$M97=1),$M97>(ROW(PLE.lastrow)-ROW(PLE.firstrow))),0,IF(OFFSET(PLE!$G$14,$M97,BF$13)=\"\",10^12,OFFSET(PLE!$G$14,$M97,BF$13))))","v":1000000000000},{"$f":"IF($D97<>\"Serviço\",0,IF(OR(AND(AUTOEVENTO=\"Manual\",$M97=1),$M97>(ROW(PLE.lastrow)-ROW(PLE.firstrow))),0,IF(OFFSET(PLE!$G$14,$M97,BG$13)=\"\",10^12,OFFSET(PLE!$G$14,$M97,BG$13))))","v":1000000000000}]
["81",{"$f":"OFFSET(ORÇAMENTO!C$15,ROW(B98)-ROW(B$15),0)","v":"S"},{"$f":"OFFSET(ORÇAMENTO!L$15,ROW(C98)-ROW(C$15),0)","v":"F"},{"$f":"OFFSET(ORÇAMENTO!N$15,ROW(D98)-ROW(D$15),0)","v":"Serviço"},{"$f":"OFFSET(ORÇAMENTO!O$15,ROW(E98)-ROW(E$15),0)","v":"1.7.0.0.2."},{"$f":"OFFSET(ORÇAMENTO!R$15,ROW(F98)-ROW(F$15),0)","v":"CAIXA RETANGULAR 4\" X 2\" ALTA (2,00 M DO PISO), PVC, INSTALADA EM PAREDE - FORNECIMENTO E INSTALAÇÃO. AF_03/2023"},{"$f":"IF($D98<>\"Serviço\",\"\",OFFSET(ORÇAMENTO!S$15,ROW(G98)-ROW(G$15),0))","v":"UN"},{"$f":"IF($D98<>\"Serviço\",0,IF(ACOMPANHAMENTO=\"BM\",ROUND(OFFSET(ORÇAMENTO!AJ$15,ROW(H98)-ROW(H$15),0),15-13*ORÇAMENTO!$AF$7),SUMPRODUCT(($Q$12:$AA$12<>\"\")*ROUND($Q98:$AA98,15-13*ORÇAMENTO!$AF$7))))","v":7},null,null,null,".",{"$f":"IF($D98<>\"Serviço\",\"\",IF(AUTOEVENTO=\"manual\",$A98,IF(ISERROR(MATCH($A98,$A$15:OFFSET($A98,-1,0),0)),MAX($M$15:OFFSET(M98,-1,0))+1,INDEX($M$15:OFFSET(M98,-1,0),MATCH($A98,$A$15:OFFSET($A98,-1,0),0)))))","v":8},{"$f":"IF($D98<>\"Serviço\",\"\",IF(AUTOEVENTO=\"Manual\",IF($A98=0,\"<-- defina o número do agrupador\",OFFSET(EVENTOS!$D$14,$A98,0)),OFFSET($F$15,$A98,0)))","v":"INSTALAÇÕES ELÉTRICAS"},null,null,null,null,null,null,null,null,null,null,null,null,null,{"$f":"IF(AND($D98=\"Serviço\",AB$12<>0,$H98>0,OR(AUTOEVENTO<>\"manual\",$M98<>1)),\nIF(Import.TipoArredondamento<>\"TransfereGOV\",\nROUND(OFFSET($P98,0,AB$13),15-13*ORÇAMENTO!$AF$7)/$H98*OFFSET(ORÇAMENTO!$X$15,ROW(AB98)-ROW(AB$15),0),\nROUND(ROUND(OFFSET($P98,0,AB$13),15-13*ORÇAMENTO!$AF$7)*OFFSET(ORÇAMENTO!$W$15,ROW(AB98)-ROW(AB$15),0),15-13*ORÇAMENTO!$AF$11)),0)","v":0},{"$f":"IF(AND($D98=\"Serviço\",AC$12<>0,$H98>0,OR(AUTOEVENTO<>\"manual\",$M98<>1)),\nIF(Import.TipoArredondamento<>\"TransfereGOV\",\nROUND(OFFSET($P98,0,AC$13),15-13*ORÇAMENTO!$AF$7)/$H98*OFFSET(ORÇAMENTO!$X$15,ROW(AC98)-ROW(AC$15),0),\nROUND(ROUND(OFFSET($P98,0,AC$13),15-13*ORÇAMENTO!$AF$7)*OFFSET(ORÇAMENTO!$W$15,ROW(AC98)-ROW(AC$15),0),15-13*ORÇAMENTO!$AF$11)),0)","v":0},{"$f":"IF(AND($D98=\"Serviço\",AD$12<>0,$H98>0,OR(AUTOEVENTO<>\"manual\",$M98<>1)),\nIF(Import.TipoArredondamento<>\"TransfereGOV\",\nROUND(OFFSET($P98,0,AD$13),15-13*ORÇAMENTO!$AF$7)/$H98*OFFSET(ORÇAMENTO!$X$15,ROW(AD98)-ROW(AD$15),0),\nROUND(ROUND(OFFSET($P98,0,AD$13),15-13*ORÇAMENTO!$AF$7)*OFFSET(ORÇAMENTO!$W$15,ROW(AD98)-ROW(AD$15),0),15-13*ORÇAMENTO!$AF$11)),0)","v":0},{"$f":"IF(AND($D98=\"Serviço\",AE$12<>0,$H98>0,OR(AUTOEVENTO<>\"manual\",$M98<>1)),\nIF(Import.TipoArredondamento<>\"TransfereGOV\",\nROUND(OFFSET($P98,0,AE$13),15-13*ORÇAMENTO!$AF$7)/$H98*OFFSET(ORÇAMENTO!$X$15,ROW(AE98)-ROW(AE$15),0),\nROUND(ROUND(OFFSET($P98,0,AE$13),15-13*ORÇAMENTO!$AF$7)*OFFSET(ORÇAMENTO!$W$15,ROW(AE98)-ROW(AE$15),0),15-13*ORÇAMENTO!$AF$11)),0)","v":0},{"$f":"IF(AND($D98=\"Serviço\",AF$12<>0,$H98>0,OR(AUTOEVENTO<>\"manual\",$M98<>1)),\nIF(Import.TipoArredondamento<>\"TransfereGOV\",\nROUND(OFFSET($P98,0,AF$13),15-13*ORÇAMENTO!$AF$7)/$H98*OFFSET(ORÇAMENTO!$X$15,ROW(AF98)-ROW(AF$15),0),\nROUND(ROUND(OFFSET($P98,0,AF$13),15-13*ORÇAMENTO!$AF$7)*OFFSET(ORÇAMENTO!$W$15,ROW(AF98)-ROW(AF$15),0),15-13*ORÇAMENTO!$AF$11)),0)","v":0},{"$f":"IF(AND($D98=\"Serviço\",AG$12<>0,$H98>0,OR(AUTOEVENTO<>\"manual\",$M98<>1)),\nIF(Import.TipoArredondamento<>\"TransfereGOV\",\nROUND(OFFSET($P98,0,AG$13),15-13*ORÇAMENTO!$AF$7)/$H98*OFFSET(ORÇAMENTO!$X$15,ROW(AG98)-ROW(AG$15),0),\nROUND(ROUND(OFFSET($P98,0,AG$13),15-13*ORÇAMENTO!$AF$7)*OFFSET(ORÇAMENTO!$W$15,ROW(AG98)-ROW(AG$15),0),15-13*ORÇAMENTO!$AF$11)),0)","v":0},{"$f":"IF(AND($D98=\"Serviço\",AH$12<>0,$H98>0,OR(AUTOEVENTO<>\"manual\",$M98<>1)),\nIF(Import.TipoArredondamento<>\"TransfereGOV\",\nROUND(OFFSET($P98,0,AH$13),15-13*ORÇAMENTO!$AF$7)/$H98*OFFSET(ORÇAMENTO!$X$15,ROW(AH98)-ROW(AH$15),0),\nROUND(ROUND(OFFSET($P98,0,AH$13),15-13*ORÇAMENTO!$AF$7)*OFFSET(ORÇAMENTO!$W$15,ROW(AH98)-ROW(AH$15),0),15-13*ORÇAMENTO!$AF$11)),0)","v":0},{"$f":"IF(AND($D98=\"Serviço\",AI$12<>0,$H98>0,OR(AUTOEVENTO<>\"manual\",$M98<>1)),\nIF(Import.TipoArredondamento<>\"TransfereGOV\",\nROUND(OFFSET($P98,0,AI$13),15-13*ORÇAMENTO!$AF$7)/$H98*OFFSET(ORÇAMENTO!$X$15,ROW(AI98)-ROW(AI$15),0),\nROUND(ROUND(OFFSET($P98,0,AI$13),15-13*ORÇAMENTO!$AF$7)*OFFSET(ORÇAMENTO!$W$15,ROW(AI98)-ROW(AI$15),0),15-13*ORÇAMENTO!$AF$11)),0)","v":0},{"$f":"IF(AND($D98=\"Serviço\",AJ$12<>0,$H98>0,OR(AUTOEVENTO<>\"manual\",$M98<>1)),\nIF(Import.TipoArredondamento<>\"TransfereGOV\",\nROUND(OFFSET($P98,0,AJ$13),15-13*ORÇAMENTO!$AF$7)/$H98*OFFSET(ORÇAMENTO!$X$15,ROW(AJ98)-ROW(AJ$15),0),\nROUND(ROUND(OFFSET($P98,0,AJ$13),15-13*ORÇAMENTO!$AF$7)*OFFSET(ORÇAMENTO!$W$15,ROW(AJ98)-ROW(AJ$15),0),15-13*ORÇAMENTO!$AF$11)),0)","v":0},{"$f":"IF(AND($D98=\"Serviço\",AK$12<>0,$H98>0,OR(AUTOEVENTO<>\"manual\",$M98<>1)),\nIF(Import.TipoArredondamento<>\"TransfereGOV\",\nROUND(OFFSET($P98,0,AK$13),15-13*ORÇAMENTO!$AF$7)/$H98*OFFSET(ORÇAMENTO!$X$15,ROW(AK98)-ROW(AK$15),0),\nROUND(ROUND(OFFSET($P98,0,AK$13),15-13*ORÇAMENTO!$AF$7)*OFFSET(ORÇAMENTO!$W$15,ROW(AK98)-ROW(AK$15),0),15-13*ORÇAMENTO!$AF$11)),0)","v":0},null,{"$f":"IF($D98<>\"Serviço\",0,IF(AND(AUTOEVENTO=\"Manual\",$M98=1),0,IF(OFFSET(CRONOPLE!$F$14,$M98,AM$13)=\"\",10^12,OFFSET(CRONOPLE!$F$14,$M98,AM$13))))","v":1000000000000},{"$f":"IF($D98<>\"Serviço\",0,IF(AND(AUTOEVENTO=\"Manual\",$M98=1),0,IF(OFFSET(CRONOPLE!$F$14,$M98,AN$13)=\"\",10^12,OFFSET(CRONOPLE!$F$14,$M98,AN$13))))","v":1000000000000},{"$f":"IF($D98<>\"Serviço\",0,IF(AND(AUTOEVENTO=\"Manual\",$M98=1),0,IF(OFFSET(CRONOPLE!$F$14,$M98,AO$13)=\"\",10^12,OFFSET(CRONOPLE!$F$14,$M98,AO$13))))","v":1000000000000},{"$f":"IF($D98<>\"Serviço\",0,IF(AND(AUTOEVENTO=\"Manual\",$M98=1),0,IF(OFFSET(CRONOPLE!$F$14,$M98,AP$13)=\"\",10^12,OFFSET(CRONOPLE!$F$14,$M98,AP$13))))","v":1000000000000},{"$f":"IF($D98<>\"Serviço\",0,IF(AND(AUTOEVENTO=\"Manual\",$M98=1),0,IF(OFFSET(CRONOPLE!$F$14,$M98,AQ$13)=\"\",10^12,OFFSET(CRONOPLE!$F$14,$M98,AQ$13))))","v":1000000000000},{"$f":"IF($D98<>\"Serviço\",0,IF(AND(AUTOEVENTO=\"Manual\",$M98=1),0,IF(OFFSET(CRONOPLE!$F$14,$M98,AR$13)=\"\",10^12,OFFSET(CRONOPLE!$F$14,$M98,AR$13))))","v":1000000000000},{"$f":"IF($D98<>\"Serviço\",0,IF(AND(AUTOEVENTO=\"Manual\",$M98=1),0,IF(OFFSET(CRONOPLE!$F$14,$M98,AS$13)=\"\",10^12,OFFSET(CRONOPLE!$F$14,$M98,AS$13))))","v":1000000000000},{"$f":"IF($D98<>\"Serviço\",0,IF(AND(AUTOEVENTO=\"Manual\",$M98=1),0,IF(OFFSET(CRONOPLE!$F$14,$M98,AT$13)=\"\",10^12,OFFSET(CRONOPLE!$F$14,$M98,AT$13))))","v":1000000000000},{"$f":"IF($D98<>\"Serviço\",0,IF(AND(AUTOEVENTO=\"Manual\",$M98=1),0,IF(OFFSET(CRONOPLE!$F$14,$M98,AU$13)=\"\",10^12,OFFSET(CRONOPLE!$F$14,$M98,AU$13))))","v":1000000000000},{"$f":"IF($D98<>\"Serviço\",0,IF(AND(AUTOEVENTO=\"Manual\",$M98=1),0,IF(OFFSET(CRONOPLE!$F$14,$M98,AV$13)=\"\",10^12,OFFSET(CRONOPLE!$F$14,$M98,AV$13))))","v":1000000000000},null,{"$f":"IF($D98<>\"Serviço\",0,IF(OR(AND(AUTOEVENTO=\"Manual\",$M98=1),$M98>(ROW(PLE.lastrow)-ROW(PLE.firstrow))),0,IF(OFFSET(PLE!$G$14,$M98,AX$13)=\"\",10^12,OFFSET(PLE!$G$14,$M98,AX$13))))","v":1000000000000},{"$f":"IF($D98<>\"Serviço\",0,IF(OR(AND(AUTOEVENTO=\"Manual\",$M98=1),$M98>(ROW(PLE.lastrow)-ROW(PLE.firstrow))),0,IF(OFFSET(PLE!$G$14,$M98,AY$13)=\"\",10^12,OFFSET(PLE!$G$14,$M98,AY$13))))","v":1000000000000},{"$f":"IF($D98<>\"Serviço\",0,IF(OR(AND(AUTOEVENTO=\"Manual\",$M98=1),$M98>(ROW(PLE.lastrow)-ROW(PLE.firstrow))),0,IF(OFFSET(PLE!$G$14,$M98,AZ$13)=\"\",10^12,OFFSET(PLE!$G$14,$M98,AZ$13))))","v":1000000000000},{"$f":"IF($D98<>\"Serviço\",0,IF(OR(AND(AUTOEVENTO=\"Manual\",$M98=1),$M98>(ROW(PLE.lastrow)-ROW(PLE.firstrow))),0,IF(OFFSET(PLE!$G$14,$M98,BA$13)=\"\",10^12,OFFSET(PLE!$G$14,$M98,BA$13))))","v":1000000000000},{"$f":"IF($D98<>\"Serviço\",0,IF(OR(AND(AUTOEVENTO=\"Manual\",$M98=1),$M98>(ROW(PLE.lastrow)-ROW(PLE.firstrow))),0,IF(OFFSET(PLE!$G$14,$M98,BB$13)=\"\",10^12,OFFSET(PLE!$G$14,$M98,BB$13))))","v":1000000000000},{"$f":"IF($D98<>\"Serviço\",0,IF(OR(AND(AUTOEVENTO=\"Manual\",$M98=1),$M98>(ROW(PLE.lastrow)-ROW(PLE.firstrow))),0,IF(OFFSET(PLE!$G$14,$M98,BC$13)=\"\",10^12,OFFSET(PLE!$G$14,$M98,BC$13))))","v":1000000000000},{"$f":"IF($D98<>\"Serviço\",0,IF(OR(AND(AUTOEVENTO=\"Manual\",$M98=1),$M98>(ROW(PLE.lastrow)-ROW(PLE.firstrow))),0,IF(OFFSET(PLE!$G$14,$M98,BD$13)=\"\",10^12,OFFSET(PLE!$G$14,$M98,BD$13))))","v":1000000000000},{"$f":"IF($D98<>\"Serviço\",0,IF(OR(AND(AUTOEVENTO=\"Manual\",$M98=1),$M98>(ROW(PLE.lastrow)-ROW(PLE.firstrow))),0,IF(OFFSET(PLE!$G$14,$M98,BE$13)=\"\",10^12,OFFSET(PLE!$G$14,$M98,BE$13))))","v":1000000000000},{"$f":"IF($D98<>\"Serviço\",0,IF(OR(AND(AUTOEVENTO=\"Manual\",$M98=1),$M98>(ROW(PLE.lastrow)-ROW(PLE.firstrow))),0,IF(OFFSET(PLE!$G$14,$M98,BF$13)=\"\",10^12,OFFSET(PLE!$G$14,$M98,BF$13))))","v":1000000000000},{"$f":"IF($D98<>\"Serviço\",0,IF(OR(AND(AUTOEVENTO=\"Manual\",$M98=1),$M98>(ROW(PLE.lastrow)-ROW(PLE.firstrow))),0,IF(OFFSET(PLE!$G$14,$M98,BG$13)=\"\",10^12,OFFSET(PLE!$G$14,$M98,BG$13))))","v":1000000000000}]
[{"$f":"IF(AUTOEVENTO=\"Manual\",IF(K99<>\"\",MIN(VALUE(LEFT(K99,FIND(\".\",K99)-1)),COUNTA(EVENTOS.Lista)),0),IF(OR($B99>AUTOEVENTO,$B99=\"S\",$B99=0),SUBSTITUTE(OFFSET($A99,-1,0),IF($D99=\"Serviço\",\".\",\"\"),\"\"),ROW(A99)-ROW($A$15)&\".\"))","v":"81"},{"$f":"OFFSET(ORÇAMENTO!C$15,ROW(B99)-ROW(B$15),0)","v":"S"},{"$f":"OFFSET(ORÇAMENTO!L$15,ROW(C99)-ROW(C$15),0)","v":"F"},{"$f":"OFFSET(ORÇAMENTO!N$15,ROW(D99)-ROW(D$15),0)","v":"Serviço"},{"$f":"OFFSET(ORÇAMENTO!O$15,ROW(E99)-ROW(E$15),0)","v":"1.7.0.0.3."},{"$f":"OFFSET(ORÇAMENTO!R$15,ROW(F99)-ROW(F$15),0)","v":"CAIXA OCTOGONAL 4\" X 4\", PVC, INSTALADA EM LAJE - FORNECIMENTO E INSTALAÇÃO. AF_03/2023"},{"$f":"IF($D99<>\"Serviço\",\"\",OFFSET(ORÇAMENTO!S$15,ROW(G99)-ROW(G$15),0))","v":"UN"},{"$f":"IF($D99<>\"Serviço\",0,IF(ACOMPANHAMENTO=\"BM\",ROUND(OFFSET(ORÇAMENTO!AJ$15,ROW(H99)-ROW(H$15),0),15-13*ORÇAMENTO!$AF$7),SUMPRODUCT(($Q$12:$AA$12<>\"\")*ROUND($Q99:$AA99,15-13*ORÇAMENTO!$AF$7))))","v":24},null,null,null,".",{"$f":"IF($D99<>\"Serviço\",\"\",IF(AUTOEVENTO=\"manual\",$A99,IF(ISERROR(MATCH($A99,$A$15:OFFSET($A99,-1,0),0)),MAX($M$15:OFFSET(M99,-1,0))+1,INDEX($M$15:OFFSET(M99,-1,0),MATCH($A99,$A$15:OFFSET($A99,-1,0),0)))))","v":8},{"$f":"IF($D99<>\"Serviço\",\"\",IF(AUTOEVENTO=\"Manual\",IF($A99=0,\"<-- defina o número do agrupador\",OFFSET(EVENTOS!$D$14,$A99,0)),OFFSET($F$15,$A99,0)))","v":"INSTALAÇÕES ELÉTRICAS"},null,null,null,null,null,null,null,null,null,null,null,null,null,{"$f":"IF(AND($D99=\"Serviço\",AB$12<>0,$H99>0,OR(AUTOEVENTO<>\"manual\",$M99<>1)),\nIF(Import.TipoArredondamento<>\"TransfereGOV\",\nROUND(OFFSET($P99,0,AB$13),15-13*ORÇAMENTO!$AF$7)/$H99*OFFSET(ORÇAMENTO!$X$15,ROW(AB99)-ROW(AB$15),0),\nROUND(ROUND(OFFSET($P99,0,AB$13),15-13*ORÇAMENTO!$AF$7)*OFFSET(ORÇAMENTO!$W$15,ROW(AB99)-ROW(AB$15),0),15-13*ORÇAMENTO!$AF$11)),0)","v":0},{"$f":"IF(AND($D99=\"Serviço\",AC$12<>0,$H99>0,OR(AUTOEVENTO<>\"manual\",$M99<>1)),\nIF(Import.TipoArredondamento<>\"TransfereGOV\",\nROUND(OFFSET($P99,0,AC$13),15-13*ORÇAMENTO!$AF$7)/$H99*OFFSET(ORÇAMENTO!$X$15,ROW(AC99)-ROW(AC$15),0),\nROUND(ROUND(OFFSET($P99,0,AC$13),15-13*ORÇAMENTO!$AF$7)*OFFSET(ORÇAMENTO!$W$15,ROW(AC99)-ROW(AC$15),0),15-13*ORÇAMENTO!$AF$11)),0)","v":0},{"$f":"IF(AND($D99=\"Serviço\",AD$12<>0,$H99>0,OR(AUTOEVENTO<>\"manual\",$M99<>1)),\nIF(Import.TipoArredondamento<>\"TransfereGOV\",\nROUND(OFFSET($P99,0,AD$13),15-13*ORÇAMENTO!$AF$7)/$H99*OFFSET(ORÇAMENTO!$X$15,ROW(AD99)-ROW(AD$15),0),\nROUND(ROUND(OFFSET($P99,0,AD$13),15-13*ORÇAMENTO!$AF$7)*OFFSET(ORÇAMENTO!$W$15,ROW(AD99)-ROW(AD$15),0),15-13*ORÇAMENTO!$AF$11)),0)","v":0},{"$f":"IF(AND($D99=\"Serviço\",AE$12<>0,$H99>0,OR(AUTOEVENTO<>\"manual\",$M99<>1)),\nIF(Import.TipoArredondamento<>\"TransfereGOV\",\nROUND(OFFSET($P99,0,AE$13),15-13*ORÇAMENTO!$AF$7)/$H99*OFFSET(ORÇAMENTO!$X$15,ROW(AE99)-ROW(AE$15),0),\nROUND(ROUND(OFFSET($P99,0,AE$13),15-13*ORÇAMENTO!$AF$7)*OFFSET(ORÇAMENTO!$W$15,ROW(AE99)-ROW(AE$15),0),15-13*ORÇAMENTO!$AF$11)),0)","v":0},{"$f":"IF(AND($D99=\"Serviço\",AF$12<>0,$H99>0,OR(AUTOEVENTO<>\"manual\",$M99<>1)),\nIF(Import.TipoArredondamento<>\"TransfereGOV\",\nROUND(OFFSET($P99,0,AF$13),15-13*ORÇAMENTO!$AF$7)/$H99*OFFSET(ORÇAMENTO!$X$15,ROW(AF99)-ROW(AF$15),0),\nROUND(ROUND(OFFSET($P99,0,AF$13),15-13*ORÇAMENTO!$AF$7)*OFFSET(ORÇAMENTO!$W$15,ROW(AF99)-ROW(AF$15),0),15-13*ORÇAMENTO!$AF$11)),0)","v":0},{"$f":"IF(AND($D99=\"Serviço\",AG$12<>0,$H99>0,OR(AUTOEVENTO<>\"manual\",$M99<>1)),\nIF(Import.TipoArredondamento<>\"TransfereGOV\",\nROUND(OFFSET($P99,0,AG$13),15-13*ORÇAMENTO!$AF$7)/$H99*OFFSET(ORÇAMENTO!$X$15,ROW(AG99)-ROW(AG$15),0),\nROUND(ROUND(OFFSET($P99,0,AG$13),15-13*ORÇAMENTO!$AF$7)*OFFSET(ORÇAMENTO!$W$15,ROW(AG99)-ROW(AG$15),0),15-13*ORÇAMENTO!$AF$11)),0)","v":0},{"$f":"IF(AND($D99=\"Serviço\",AH$12<>0,$H99>0,OR(AUTOEVENTO<>\"manual\",$M99<>1)),\nIF(Import.TipoArredondamento<>\"TransfereGOV\",\nROUND(OFFSET($P99,0,AH$13),15-13*ORÇAMENTO!$AF$7)/$H99*OFFSET(ORÇAMENTO!$X$15,ROW(AH99)-ROW(AH$15),0),\nROUND(ROUND(OFFSET($P99,0,AH$13),15-13*ORÇAMENTO!$AF$7)*OFFSET(ORÇAMENTO!$W$15,ROW(AH99)-ROW(AH$15),0),15-13*ORÇAMENTO!$AF$11)),0)","v":0},{"$f":"IF(AND($D99=\"Serviço\",AI$12<>0,$H99>0,OR(AUTOEVENTO<>\"manual\",$M99<>1)),\nIF(Import.TipoArredondamento<>\"TransfereGOV\",\nROUND(OFFSET($P99,0,AI$13),15-13*ORÇAMENTO!$AF$7)/$H99*OFFSET(ORÇAMENTO!$X$15,ROW(AI99)-ROW(AI$15),0),\nROUND(ROUND(OFFSET($P99,0,AI$13),15-13*ORÇAMENTO!$AF$7)*OFFSET(ORÇAMENTO!$W$15,ROW(AI99)-ROW(AI$15),0),15-13*ORÇAMENTO!$AF$11)),0)","v":0},{"$f":"IF(AND($D99=\"Serviço\",AJ$12<>0,$H99>0,OR(AUTOEVENTO<>\"manual\",$M99<>1)),\nIF(Import.TipoArredondamento<>\"TransfereGOV\",\nROUND(OFFSET($P99,0,AJ$13),15-13*ORÇAMENTO!$AF$7)/$H99*OFFSET(ORÇAMENTO!$X$15,ROW(AJ99)-ROW(AJ$15),0),\nROUND(ROUND(OFFSET($P99,0,AJ$13),15-13*ORÇAMENTO!$AF$7)*OFFSET(ORÇAMENTO!$W$15,ROW(AJ99)-ROW(AJ$15),0),15-13*ORÇAMENTO!$AF$11)),0)","v":0},{"$f":"IF(AND($D99=\"Serviço\",AK$12<>0,$H99>0,OR(AUTOEVENTO<>\"manual\",$M99<>1)),\nIF(Import.TipoArredondamento<>\"TransfereGOV\",\nROUND(OFFSET($P99,0,AK$13),15-13*ORÇAMENTO!$AF$7)/$H99*OFFSET(ORÇAMENTO!$X$15,ROW(AK99)-ROW(AK$15),0),\nROUND(ROUND(OFFSET($P99,0,AK$13),15-13*ORÇAMENTO!$AF$7)*OFFSET(ORÇAMENTO!$W$15,ROW(AK99)-ROW(AK$15),0),15-13*ORÇAMENTO!$AF$11)),0)","v":0},null,{"$f":"IF($D99<>\"Serviço\",0,IF(AND(AUTOEVENTO=\"Manual\",$M99=1),0,IF(OFFSET(CRONOPLE!$F$14,$M99,AM$13)=\"\",10^12,OFFSET(CRONOPLE!$F$14,$M99,AM$13))))","v":1000000000000},{"$f":"IF($D99<>\"Serviço\",0,IF(AND(AUTOEVENTO=\"Manual\",$M99=1),0,IF(OFFSET(CRONOPLE!$F$14,$M99,AN$13)=\"\",10^12,OFFSET(CRONOPLE!$F$14,$M99,AN$13))))","v":1000000000000},{"$f":"IF($D99<>\"Serviço\",0,IF(AND(AUTOEVENTO=\"Manual\",$M99=1),0,IF(OFFSET(CRONOPLE!$F$14,$M99,AO$13)=\"\",10^12,OFFSET(CRONOPLE!$F$14,$M99,AO$13))))","v":1000000000000},{"$f":"IF($D99<>\"Serviço\",0,IF(AND(AUTOEVENTO=\"Manual\",$M99=1),0,IF(OFFSET(CRONOPLE!$F$14,$M99,AP$13)=\"\",10^12,OFFSET(CRONOPLE!$F$14,$M99,AP$13))))","v":1000000000000},{"$f":"IF($D99<>\"Serviço\",0,IF(AND(AUTOEVENTO=\"Manual\",$M99=1),0,IF(OFFSET(CRONOPLE!$F$14,$M99,AQ$13)=\"\",10^12,OFFSET(CRONOPLE!$F$14,$M99,AQ$13))))","v":1000000000000},{"$f":"IF($D99<>\"Serviço\",0,IF(AND(AUTOEVENTO=\"Manual\",$M99=1),0,IF(OFFSET(CRONOPLE!$F$14,$M99,AR$13)=\"\",10^12,OFFSET(CRONOPLE!$F$14,$M99,AR$13))))","v":1000000000000},{"$f":"IF($D99<>\"Serviço\",0,IF(AND(AUTOEVENTO=\"Manual\",$M99=1),0,IF(OFFSET(CRONOPLE!$F$14,$M99,AS$13)=\"\",10^12,OFFSET(CRONOPLE!$F$14,$M99,AS$13))))","v":1000000000000},{"$f":"IF($D99<>\"Serviço\",0,IF(AND(AUTOEVENTO=\"Manual\",$M99=1),0,IF(OFFSET(CRONOPLE!$F$14,$M99,AT$13)=\"\",10^12,OFFSET(CRONOPLE!$F$14,$M99,AT$13))))","v":1000000000000},{"$f":"IF($D99<>\"Serviço\",0,IF(AND(AUTOEVENTO=\"Manual\",$M99=1),0,IF(OFFSET(CRONOPLE!$F$14,$M99,AU$13)=\"\",10^12,OFFSET(CRONOPLE!$F$14,$M99,AU$13))))","v":1000000000000},{"$f":"IF($D99<>\"Serviço\",0,IF(AND(AUTOEVENTO=\"Manual\",$M99=1),0,IF(OFFSET(CRONOPLE!$F$14,$M99,AV$13)=\"\",10^12,OFFSET(CRONOPLE!$F$14,$M99,AV$13))))","v":1000000000000},null,{"$f":"IF($D99<>\"Serviço\",0,IF(OR(AND(AUTOEVENTO=\"Manual\",$M99=1),$M99>(ROW(PLE.lastrow)-ROW(PLE.firstrow))),0,IF(OFFSET(PLE!$G$14,$M99,AX$13)=\"\",10^12,OFFSET(PLE!$G$14,$M99,AX$13))))","v":1000000000000},{"$f":"IF($D99<>\"Serviço\",0,IF(OR(AND(AUTOEVENTO=\"Manual\",$M99=1),$M99>(ROW(PLE.lastrow)-ROW(PLE.firstrow))),0,IF(OFFSET(PLE!$G$14,$M99,AY$13)=\"\",10^12,OFFSET(PLE!$G$14,$M99,AY$13))))","v":1000000000000},{"$f":"IF($D99<>\"Serviço\",0,IF(OR(AND(AUTOEVENTO=\"Manual\",$M99=1),$M99>(ROW(PLE.lastrow)-ROW(PLE.firstrow))),0,IF(OFFSET(PLE!$G$14,$M99,AZ$13)=\"\",10^12,OFFSET(PLE!$G$14,$M99,AZ$13))))","v":1000000000000},{"$f":"IF($D99<>\"Serviço\",0,IF(OR(AND(AUTOEVENTO=\"Manual\",$M99=1),$M99>(ROW(PLE.lastrow)-ROW(PLE.firstrow))),0,IF(OFFSET(PLE!$G$14,$M99,BA$13)=\"\",10^12,OFFSET(PLE!$G$14,$M99,BA$13))))","v":1000000000000},{"$f":"IF($D99<>\"Serviço\",0,IF(OR(AND(AUTOEVENTO=\"Manual\",$M99=1),$M99>(ROW(PLE.lastrow)-ROW(PLE.firstrow))),0,IF(OFFSET(PLE!$G$14,$M99,BB$13)=\"\",10^12,OFFSET(PLE!$G$14,$M99,BB$13))))","v":1000000000000},{"$f":"IF($D99<>\"Serviço\",0,IF(OR(AND(AUTOEVENTO=\"Manual\",$M99=1),$M99>(ROW(PLE.lastrow)-ROW(PLE.firstrow))),0,IF(OFFSET(PLE!$G$14,$M99,BC$13)=\"\",10^12,OFFSET(PLE!$G$14,$M99,BC$13))))","v":1000000000000},{"$f":"IF($D99<>\"Serviço\",0,IF(OR(AND(AUTOEVENTO=\"Manual\",$M99=1),$M99>(ROW(PLE.lastrow)-ROW(PLE.firstrow))),0,IF(OFFSET(PLE!$G$14,$M99,BD$13)=\"\",10^12,OFFSET(PLE!$G$14,$M99,BD$13))))","v":1000000000000},{"$f":"IF($D99<>\"Serviço\",0,IF(OR(AND(AUTOEVENTO=\"Manual\",$M99=1),$M99>(ROW(PLE.lastrow)-ROW(PLE.firstrow))),0,IF(OFFSET(PLE!$G$14,$M99,BE$13)=\"\",10^12,OFFSET(PLE!$G$14,$M99,BE$13))))","v":1000000000000},{"$f":"IF($D99<>\"Serviço\",0,IF(OR(AND(AUTOEVENTO=\"Manual\",$M99=1),$M99>(ROW(PLE.lastrow)-ROW(PLE.firstrow))),0,IF(OFFSET(PLE!$G$14,$M99,BF$13)=\"\",10^12,OFFSET(PLE!$G$14,$M99,BF$13))))","v":1000000000000},{"$f":"IF($D99<>\"Serviço\",0,IF(OR(AND(AUTOEVENTO=\"Manual\",$M99=1),$M99>(ROW(PLE.lastrow)-ROW(PLE.firstrow))),0,IF(OFFSET(PLE!$G$14,$M99,BG$13)=\"\",10^12,OFFSET(PLE!$G$14,$M99,BG$13))))","v":1000000000000}]
[{"$f":"IF(AUTOEVENTO=\"Manual\",IF(K100<>\"\",MIN(VALUE(LEFT(K100,FIND(\".\",K100)-1)),COUNTA(EVENTOS.Lista)),0),IF(OR($B100>AUTOEVENTO,$B100=\"S\",$B100=0),SUBSTITUTE(OFFSET($A100,-1,0),IF($D100=\"Serviço\",\".\",\"\"),\"\"),ROW(A100)-ROW($A$15)&\".\"))","v":"81"},{"$f":"OFFSET(ORÇAMENTO!C$15,ROW(B100)-ROW(B$15),0)","v":"S"},{"$f":"OFFSET(ORÇAMENTO!L$15,ROW(C100)-ROW(C$15),0)","v":"F"},{"$f":"OFFSET(ORÇAMENTO!N$15,ROW(D100)-ROW(D$15),0)","v":"Serviço"},{"$f":"OFFSET(ORÇAMENTO!O$15,ROW(E100)-ROW(E$15),0)","v":"1.7.0.0.4."},{"$f":"OFFSET(ORÇAMENTO!R$15,ROW(F100)-ROW(F$15),0)","v":"QUEBRA EM ALVENARIA PARA INSTALAÇÃO DE CAIXA DE TOMADA (4X4 OU 4X2). AF_09/2023"},{"$f":"IF($D100<>\"Serviço\",\"\",OFFSET(ORÇAMENTO!S$15,ROW(G100)-ROW(G$15),0))","v":"UN"},{"$f":"IF($D100<>\"Serviço\",0,IF(ACOMPANHAMENTO=\"BM\",ROUND(OFFSET(ORÇAMENTO!AJ$15,ROW(H100)-ROW(H$15),0),15-13*ORÇAMENTO!$AF$7),SUMPRODUCT(($Q$12:$AA$12<>\"\")*ROUND($Q100:$AA100,15-13*ORÇAMENTO!$AF$7))))","v":65},null,null,null,".",{"$f":"IF($D100<>\"Serviço\",\"\",IF(AUTOEVENTO=\"manual\",$A100,IF(ISERROR(MATCH($A100,$A$15:OFFSET($A100,-1,0),0)),MAX($M$15:OFFSET(M100,-1,0))+1,INDEX($M$15:OFFSET(M100,-1,0),MATCH($A100,$A$15:OFFSET($A100,-1,0),0)))))","v":8},{"$f":"IF($D100<>\"Serviço\",\"\",IF(AUTOEVENTO=\"Manual\",IF($A100=0,\"<-- defina o número do agrupador\",OFFSET(EVENTOS!$D$14,$A100,0)),OFFSET($F$15,$A100,0)))","v":"INSTALAÇÕES ELÉTRICAS"},null,null,null,null,null,null,null,null,null,null,null,null,null,{"$f":"IF(AND($D100=\"Serviço\",AB$12<>0,$H100>0,OR(AUTOEVENTO<>\"manual\",$M100<>1)),\nIF(Import.TipoArredondamento<>\"TransfereGOV\",\nROUND(OFFSET($P100,0,AB$13),15-13*ORÇAMENTO!$AF$7)/$H100*OFFSET(ORÇAMENTO!$X$15,ROW(AB100)-ROW(AB$15),0),\nROUND(ROUND(OFFSET($P100,0,AB$13),15-13*ORÇAMENTO!$AF$7)*OFFSET(ORÇAMENTO!$W$15,ROW(AB100)-ROW(AB$15),0),15-13*ORÇAMENTO!$AF$11)),0)","v":0},{"$f":"IF(AND($D100=\"Serviço\",AC$12<>0,$H100>0,OR(AUTOEVENTO<>\"manual\",$M100<>1)),\nIF(Import.TipoArredondamento<>\"TransfereGOV\",\nROUND(OFFSET($P100,0,AC$13),15-13*ORÇAMENTO!$AF$7)/$H100*OFFSET(ORÇAMENTO!$X$15,ROW(AC100)-ROW(AC$15),0),\nROUND(ROUND(OFFSET($P100,0,AC$13),15-13*ORÇAMENTO!$AF$7)*OFFSET(ORÇAMENTO!$W$15,ROW(AC100)-ROW(AC$15),0),15-13*ORÇAMENTO!$AF$11)),0)","v":0},{"$f":"IF(AND($D100=\"Serviço\",AD$12<>0,$H100>0,OR(AUTOEVENTO<>\"manual\",$M100<>1)),\nIF(Import.TipoArredondamento<>\"TransfereGOV\",\nROUND(OFFSET($P100,0,AD$13),15-13*ORÇAMENTO!$AF$7)/$H100*OFFSET(ORÇAMENTO!$X$15,ROW(AD100)-ROW(AD$15),0),\nROUND(ROUND(OFFSET($P100,0,AD$13),15-13*ORÇAMENTO!$AF$7)*OFFSET(ORÇAMENTO!$W$15,ROW(AD100)-ROW(AD$15),0),15-13*ORÇAMENTO!$AF$11)),0)","v":0},{"$f":"IF(AND($D100=\"Serviço\",AE$12<>0,$H100>0,OR(AUTOEVENTO<>\"manual\",$M100<>1)),\nIF(Import.TipoArredondamento<>\"TransfereGOV\",\nROUND(OFFSET($P100,0,AE$13),15-13*ORÇAMENTO!$AF$7)/$H100*OFFSET(ORÇAMENTO!$X$15,ROW(AE100)-ROW(AE$15),0),\nROUND(ROUND(OFFSET($P100,0,AE$13),15-13*ORÇAMENTO!$AF$7)*OFFSET(ORÇAMENTO!$W$15,ROW(AE100)-ROW(AE$15),0),15-13*ORÇAMENTO!$AF$11)),0)","v":0},{"$f":"IF(AND($D100=\"Serviço\",AF$12<>0,$H100>0,OR(AUTOEVENTO<>\"manual\",$M100<>1)),\nIF(Import.TipoArredondamento<>\"TransfereGOV\",\nROUND(OFFSET($P100,0,AF$13),15-13*ORÇAMENTO!$AF$7)/$H100*OFFSET(ORÇAMENTO!$X$15,ROW(AF100)-ROW(AF$15),0),\nROUND(ROUND(OFFSET($P100,0,AF$13),15-13*ORÇAMENTO!$AF$7)*OFFSET(ORÇAMENTO!$W$15,ROW(AF100)-ROW(AF$15),0),15-13*ORÇAMENTO!$AF$11)),0)","v":0},{"$f":"IF(AND($D100=\"Serviço\",AG$12<>0,$H100>0,OR(AUTOEVENTO<>\"manual\",$M100<>1)),\nIF(Import.TipoArredondamento<>\"TransfereGOV\",\nROUND(OFFSET($P100,0,AG$13),15-13*ORÇAMENTO!$AF$7)/$H100*OFFSET(ORÇAMENTO!$X$15,ROW(AG100)-ROW(AG$15),0),\nROUND(ROUND(OFFSET($P100,0,AG$13),15-13*ORÇAMENTO!$AF$7)*OFFSET(ORÇAMENTO!$W$15,ROW(AG100)-ROW(AG$15),0),15-13*ORÇAMENTO!$AF$11)),0)","v":0},{"$f":"IF(AND($D100=\"Serviço\",AH$12<>0,$H100>0,OR(AUTOEVENTO<>\"manual\",$M100<>1)),\nIF(Import.TipoArredondamento<>\"TransfereGOV\",\nROUND(OFFSET($P100,0,AH$13),15-13*ORÇAMENTO!$AF$7)/$H100*OFFSET(ORÇAMENTO!$X$15,ROW(AH100)-ROW(AH$15),0),\nROUND(ROUND(OFFSET($P100,0,AH$13),15-13*ORÇAMENTO!$AF$7)*OFFSET(ORÇAMENTO!$W$15,ROW(AH100)-ROW(AH$15),0),15-13*ORÇAMENTO!$AF$11)),0)","v":0},{"$f":"IF(AND($D100=\"Serviço\",AI$12<>0,$H100>0,OR(AUTOEVENTO<>\"manual\",$M100<>1)),\nIF(Import.TipoArredondamento<>\"TransfereGOV\",\nROUND(OFFSET($P100,0,AI$13),15-13*ORÇAMENTO!$AF$7)/$H100*OFFSET(ORÇAMENTO!$X$15,ROW(AI100)-ROW(AI$15),0),\nROUND(ROUND(OFFSET($P100,0,AI$13),15-13*ORÇAMENTO!$AF$7)*OFFSET(ORÇAMENTO!$W$15,ROW(AI100)-ROW(AI$15),0),15-13*ORÇAMENTO!$AF$11)),0)","v":0},{"$f":"IF(AND($D100=\"Serviço\",AJ$12<>0,$H100>0,OR(AUTOEVENTO<>\"manual\",$M100<>1)),\nIF(Import.TipoArredondamento<>\"TransfereGOV\",\nROUND(OFFSET($P100,0,AJ$13),15-13*ORÇAMENTO!$AF$7)/$H100*OFFSET(ORÇAMENTO!$X$15,ROW(AJ100)-ROW(AJ$15),0),\nROUND(ROUND(OFFSET($P100,0,AJ$13),15-13*ORÇAMENTO!$AF$7)*OFFSET(ORÇAMENTO!$W$15,ROW(AJ100)-ROW(AJ$15),0),15-13*ORÇAMENTO!$AF$11)),0)","v":0},{"$f":"IF(AND($D100=\"Serviço\",AK$12<>0,$H100>0,OR(AUTOEVENTO<>\"manual\",$M100<>1)),\nIF(Import.TipoArredondamento<>\"TransfereGOV\",\nROUND(OFFSET($P100,0,AK$13),15-13*ORÇAMENTO!$AF$7)/$H100*OFFSET(ORÇAMENTO!$X$15,ROW(AK100)-ROW(AK$15),0),\nROUND(ROUND(OFFSET($P100,0,AK$13),15-13*ORÇAMENTO!$AF$7)*OFFSET(ORÇAMENTO!$W$15,ROW(AK100)-ROW(AK$15),0),15-13*ORÇAMENTO!$AF$11)),0)","v":0},null,{"$f":"IF($D100<>\"Serviço\",0,IF(AND(AUTOEVENTO=\"Manual\",$M100=1),0,IF(OFFSET(CRONOPLE!$F$14,$M100,AM$13)=\"\",10^12,OFFSET(CRONOPLE!$F$14,$M100,AM$13))))","v":1000000000000},{"$f":"IF($D100<>\"Serviço\",0,IF(AND(AUTOEVENTO=\"Manual\",$M100=1),0,IF(OFFSET(CRONOPLE!$F$14,$M100,AN$13)=\"\",10^12,OFFSET(CRONOPLE!$F$14,$M100,AN$13))))","v":1000000000000},{"$f":"IF($D100<>\"Serviço\",0,IF(AND(AUTOEVENTO=\"Manual\",$M100=1),0,IF(OFFSET(CRONOPLE!$F$14,$M100,AO$13)=\"\",10^12,OFFSET(CRONOPLE!$F$14,$M100,AO$13))))","v":1000000000000},{"$f":"IF($D100<>\"Serviço\",0,IF(AND(AUTOEVENTO=\"Manual\",$M100=1),0,IF(OFFSET(CRONOPLE!$F$14,$M100,AP$13)=\"\",10^12,OFFSET(CRONOPLE!$F$14,$M100,AP$13))))","v":1000000000000},{"$f":"IF($D100<>\"Serviço\",0,IF(AND(AUTOEVENTO=\"Manual\",$M100=1),0,IF(OFFSET(CRONOPLE!$F$14,$M100,AQ$13)=\"\",10^12,OFFSET(CRONOPLE!$F$14,$M100,AQ$13))))","v":1000000000000},{"$f":"IF($D100<>\"Serviço\",0,IF(AND(AUTOEVENTO=\"Manual\",$M100=1),0,IF(OFFSET(CRONOPLE!$F$14,$M100,AR$13)=\"\",10^12,OFFSET(CRONOPLE!$F$14,$M100,AR$13))))","v":1000000000000},{"$f":"IF($D100<>\"Serviço\",0,IF(AND(AUTOEVENTO=\"Manual\",$M100=1),0,IF(OFFSET(CRONOPLE!$F$14,$M100,AS$13)=\"\",10^12,OFFSET(CRONOPLE!$F$14,$M100,AS$13))))","v":1000000000000},{"$f":"IF($D100<>\"Serviço\",0,IF(AND(AUTOEVENTO=\"Manual\",$M100=1),0,IF(OFFSET(CRONOPLE!$F$14,$M100,AT$13)=\"\",10^12,OFFSET(CRONOPLE!$F$14,$M100,AT$13))))","v":1000000000000},{"$f":"IF($D100<>\"Serviço\",0,IF(AND(AUTOEVENTO=\"Manual\",$M100=1),0,IF(OFFSET(CRONOPLE!$F$14,$M100,AU$13)=\"\",10^12,OFFSET(CRONOPLE!$F$14,$M100,AU$13))))","v":1000000000000},{"$f":"IF($D100<>\"Serviço\",0,IF(AND(AUTOEVENTO=\"Manual\",$M100=1),0,IF(OFFSET(CRONOPLE!$F$14,$M100,AV$13)=\"\",10^12,OFFSET(CRONOPLE!$F$14,$M100,AV$13))))","v":1000000000000},null,{"$f":"IF($D100<>\"Serviço\",0,IF(OR(AND(AUTOEVENTO=\"Manual\",$M100=1),$M100>(ROW(PLE.lastrow)-ROW(PLE.firstrow))),0,IF(OFFSET(PLE!$G$14,$M100,AX$13)=\"\",10^12,OFFSET(PLE!$G$14,$M100,AX$13))))","v":1000000000000},{"$f":"IF($D100<>\"Serviço\",0,IF(OR(AND(AUTOEVENTO=\"Manual\",$M100=1),$M100>(ROW(PLE.lastrow)-ROW(PLE.firstrow))),0,IF(OFFSET(PLE!$G$14,$M100,AY$13)=\"\",10^12,OFFSET(PLE!$G$14,$M100,AY$13))))","v":1000000000000},{"$f":"IF($D100<>\"Serviço\",0,IF(OR(AND(AUTOEVENTO=\"Manual\",$M100=1),$M100>(ROW(PLE.lastrow)-ROW(PLE.firstrow))),0,IF(OFFSET(PLE!$G$14,$M100,AZ$13)=\"\",10^12,OFFSET(PLE!$G$14,$M100,AZ$13))))","v":1000000000000},{"$f":"IF($D100<>\"Serviço\",0,IF(OR(AND(AUTOEVENTO=\"Manual\",$M100=1),$M100>(ROW(PLE.lastrow)-ROW(PLE.firstrow))),0,IF(OFFSET(PLE!$G$14,$M100,BA$13)=\"\",10^12,OFFSET(PLE!$G$14,$M100,BA$13))))","v":1000000000000},{"$f":"IF($D100<>\"Serviço\",0,IF(OR(AND(AUTOEVENTO=\"Manual\",$M100=1),$M100>(ROW(PLE.lastrow)-ROW(PLE.firstrow))),0,IF(OFFSET(PLE!$G$14,$M100,BB$13)=\"\",10^12,OFFSET(PLE!$G$14,$M100,BB$13))))","v":1000000000000},{"$f":"IF($D100<>\"Serviço\",0,IF(OR(AND(AUTOEVENTO=\"Manual\",$M100=1),$M100>(ROW(PLE.lastrow)-ROW(PLE.firstrow))),0,IF(OFFSET(PLE!$G$14,$M100,BC$13)=\"\",10^12,OFFSET(PLE!$G$14,$M100,BC$13))))","v":1000000000000},{"$f":"IF($D100<>\"Serviço\",0,IF(OR(AND(AUTOEVENTO=\"Manual\",$M100=1),$M100>(ROW(PLE.lastrow)-ROW(PLE.firstrow))),0,IF(OFFSET(PLE!$G$14,$M100,BD$13)=\"\",10^12,OFFSET(PLE!$G$14,$M100,BD$13))))","v":1000000000000},{"$f":"IF($D100<>\"Serviço\",0,IF(OR(AND(AUTOEVENTO=\"Manual\",$M100=1),$M100>(ROW(PLE.lastrow)-ROW(PLE.firstrow))),0,IF(OFFSET(PLE!$G$14,$M100,BE$13)=\"\",10^12,OFFSET(PLE!$G$14,$M100,BE$13))))","v":1000000000000},{"$f":"IF($D100<>\"Serviço\",0,IF(OR(AND(AUTOEVENTO=\"Manual\",$M100=1),$M100>(ROW(PLE.lastrow)-ROW(PLE.firstrow))),0,IF(OFFSET(PLE!$G$14,$M100,BF$13)=\"\",10^12,OFFSET(PLE!$G$14,$M100,BF$13))))","v":1000000000000},{"$f":"IF($D100<>\"Serviço\",0,IF(OR(AND(AUTOEVENTO=\"Manual\",$M100=1),$M100>(ROW(PLE.lastrow)-ROW(PLE.firstrow))),0,IF(OFFSET(PLE!$G$14,$M100,BG$13)=\"\",10^12,OFFSET(PLE!$G$14,$M100,BG$13))))","v":1000000000000}]
["81",{"$f":"OFFSET(ORÇAMENTO!C$15,ROW(B101)-ROW(B$15),0)","v":"S"},{"$f":"OFFSET(ORÇAMENTO!L$15,ROW(C101)-ROW(C$15),0)","v":"F"},{"$f":"OFFSET(ORÇAMENTO!N$15,ROW(D101)-ROW(D$15),0)","v":"Serviço"},{"$f":"OFFSET(ORÇAMENTO!O$15,ROW(E101)-ROW(E$15),0)","v":"1.7.0.0.5."},{"$f":"OFFSET(ORÇAMENTO!R$15,ROW(F101)-ROW(F$15),0)","v":"RASGO LINEAR MANUAL EM ALVENARIA, PARA ELETRODUTOS, DIÂMETROS MENORES OU IGUAIS A 40 MM. AF_09/2023"},{"$f":"IF($D101<>\"Serviço\",\"\",OFFSET(ORÇAMENTO!S$15,ROW(G101)-ROW(G$15),0))","v":"M"},{"$f":"IF($D101<>\"Serviço\",0,IF(ACOMPANHAMENTO=\"BM\",ROUND(OFFSET(ORÇAMENTO!AJ$15,ROW(H101)-ROW(H$15),0),15-13*ORÇAMENTO!$AF$7),SUMPRODUCT(($Q$12:$AA$12<>\"\")*ROUND($Q101:$AA101,15-13*ORÇAMENTO!$AF$7))))","v":110},null,null,null,".",{"$f":"IF($D101<>\"Serviço\",\"\",IF(AUTOEVENTO=\"manual\",$A101,IF(ISERROR(MATCH($A101,$A$15:OFFSET($A101,-1,0),0)),MAX($M$15:OFFSET(M101,-1,0))+1,INDEX($M$15:OFFSET(M101,-1,0),MATCH($A101,$A$15:OFFSET($A101,-1,0),0)))))","v":8},{"$f":"IF($D101<>\"Serviço\",\"\",IF(AUTOEVENTO=\"Manual\",IF($A101=0,\"<-- defina o número do agrupador\",OFFSET(EVENTOS!$D$14,$A101,0)),OFFSET($F$15,$A101,0)))","v":"INSTALAÇÕES ELÉTRICAS"},null,null,null,null,null,null,null,null,null,null,null,null,null,{"$f":"IF(AND($D101=\"Serviço\",AB$12<>0,$H101>0,OR(AUTOEVENTO<>\"manual\",$M101<>1)),\nIF(Import.TipoArredondamento<>\"TransfereGOV\",\nROUND(OFFSET($P101,0,AB$13),15-13*ORÇAMENTO!$AF$7)/$H101*OFFSET(ORÇAMENTO!$X$15,ROW(AB101)-ROW(AB$15),0),\nROUND(ROUND(OFFSET($P101,0,AB$13),15-13*ORÇAMENTO!$AF$7)*OFFSET(ORÇAMENTO!$W$15,ROW(AB101)-ROW(AB$15),0),15-13*ORÇAMENTO!$AF$11)),0)","v":0},{"$f":"IF(AND($D101=\"Serviço\",AC$12<>0,$H101>0,OR(AUTOEVENTO<>\"manual\",$M101<>1)),\nIF(Import.TipoArredondamento<>\"TransfereGOV\",\nROUND(OFFSET($P101,0,AC$13),15-13*ORÇAMENTO!$AF$7)/$H101*OFFSET(ORÇAMENTO!$X$15,ROW(AC101)-ROW(AC$15),0),\nROUND(ROUND(OFFSET($P101,0,AC$13),15-13*ORÇAMENTO!$AF$7)*OFFSET(ORÇAMENTO!$W$15,ROW(AC101)-ROW(AC$15),0),15-13*ORÇAMENTO!$AF$11)),0)","v":0},{"$f":"IF(AND($D101=\"Serviço\",AD$12<>0,$H101>0,OR(AUTOEVENTO<>\"manual\",$M101<>1)),\nIF(Import.TipoArredondamento<>\"TransfereGOV\",\nROUND(OFFSET($P101,0,AD$13),15-13*ORÇAMENTO!$AF$7)/$H101*OFFSET(ORÇAMENTO!$X$15,ROW(AD101)-ROW(AD$15),0),\nROUND(ROUND(OFFSET($P101,0,AD$13),15-13*ORÇAMENTO!$AF$7)*OFFSET(ORÇAMENTO!$W$15,ROW(AD101)-ROW(AD$15),0),15-13*ORÇAMENTO!$AF$11)),0)","v":0},{"$f":"IF(AND($D101=\"Serviço\",AE$12<>0,$H101>0,OR(AUTOEVENTO<>\"manual\",$M101<>1)),\nIF(Import.TipoArredondamento<>\"TransfereGOV\",\nROUND(OFFSET($P101,0,AE$13),15-13*ORÇAMENTO!$AF$7)/$H101*OFFSET(ORÇAMENTO!$X$15,ROW(AE101)-ROW(AE$15),0),\nROUND(ROUND(OFFSET($P101,0,AE$13),15-13*ORÇAMENTO!$AF$7)*OFFSET(ORÇAMENTO!$W$15,ROW(AE101)-ROW(AE$15),0),15-13*ORÇAMENTO!$AF$11)),0)","v":0},{"$f":"IF(AND($D101=\"Serviço\",AF$12<>0,$H101>0,OR(AUTOEVENTO<>\"manual\",$M101<>1)),\nIF(Import.TipoArredondamento<>\"TransfereGOV\",\nROUND(OFFSET($P101,0,AF$13),15-13*ORÇAMENTO!$AF$7)/$H101*OFFSET(ORÇAMENTO!$X$15,ROW(AF101)-ROW(AF$15),0),\nROUND(ROUND(OFFSET($P101,0,AF$13),15-13*ORÇAMENTO!$AF$7)*OFFSET(ORÇAMENTO!$W$15,ROW(AF101)-ROW(AF$15),0),15-13*ORÇAMENTO!$AF$11)),0)","v":0},{"$f":"IF(AND($D101=\"Serviço\",AG$12<>0,$H101>0,OR(AUTOEVENTO<>\"manual\",$M101<>1)),\nIF(Import.TipoArredondamento<>\"TransfereGOV\",\nROUND(OFFSET($P101,0,AG$13),15-13*ORÇAMENTO!$AF$7)/$H101*OFFSET(ORÇAMENTO!$X$15,ROW(AG101)-ROW(AG$15),0),\nROUND(ROUND(OFFSET($P101,0,AG$13),15-13*ORÇAMENTO!$AF$7)*OFFSET(ORÇAMENTO!$W$15,ROW(AG101)-ROW(AG$15),0),15-13*ORÇAMENTO!$AF$11)),0)","v":0},{"$f":"IF(AND($D101=\"Serviço\",AH$12<>0,$H101>0,OR(AUTOEVENTO<>\"manual\",$M101<>1)),\nIF(Import.TipoArredondamento<>\"TransfereGOV\",\nROUND(OFFSET($P101,0,AH$13),15-13*ORÇAMENTO!$AF$7)/$H101*OFFSET(ORÇAMENTO!$X$15,ROW(AH101)-ROW(AH$15),0),\nROUND(ROUND(OFFSET($P101,0,AH$13),15-13*ORÇAMENTO!$AF$7)*OFFSET(ORÇAMENTO!$W$15,ROW(AH101)-ROW(AH$15),0),15-13*ORÇAMENTO!$AF$11)),0)","v":0},{"$f":"IF(AND($D101=\"Serviço\",AI$12<>0,$H101>0,OR(AUTOEVENTO<>\"manual\",$M101<>1)),\nIF(Import.TipoArredondamento<>\"TransfereGOV\",\nROUND(OFFSET($P101,0,AI$13),15-13*ORÇAMENTO!$AF$7)/$H101*OFFSET(ORÇAMENTO!$X$15,ROW(AI101)-ROW(AI$15),0),\nROUND(ROUND(OFFSET($P101,0,AI$13),15-13*ORÇAMENTO!$AF$7)*OFFSET(ORÇAMENTO!$W$15,ROW(AI101)-ROW(AI$15),0),15-13*ORÇAMENTO!$AF$11)),0)","v":0},{"$f":"IF(AND($D101=\"Serviço\",AJ$12<>0,$H101>0,OR(AUTOEVENTO<>\"manual\",$M101<>1)),\nIF(Import.TipoArredondamento<>\"TransfereGOV\",\nROUND(OFFSET($P101,0,AJ$13),15-13*ORÇAMENTO!$AF$7)/$H101*OFFSET(ORÇAMENTO!$X$15,ROW(AJ101)-ROW(AJ$15),0),\nROUND(ROUND(OFFSET($P101,0,AJ$13),15-13*ORÇAMENTO!$AF$7)*OFFSET(ORÇAMENTO!$W$15,ROW(AJ101)-ROW(AJ$15),0),15-13*ORÇAMENTO!$AF$11)),0)","v":0},{"$f":"IF(AND($D101=\"Serviço\",AK$12<>0,$H101>0,OR(AUTOEVENTO<>\"manual\",$M101<>1)),\nIF(Import.TipoArredondamento<>\"TransfereGOV\",\nROUND(OFFSET($P101,0,AK$13),15-13*ORÇAMENTO!$AF$7)/$H101*OFFSET(ORÇAMENTO!$X$15,ROW(AK101)-ROW(AK$15),0),\nROUND(ROUND(OFFSET($P101,0,AK$13),15-13*ORÇAMENTO!$AF$7)*OFFSET(ORÇAMENTO!$W$15,ROW(AK101)-ROW(AK$15),0),15-13*ORÇAMENTO!$AF$11)),0)","v":0},null,{"$f":"IF($D101<>\"Serviço\",0,IF(AND(AUTOEVENTO=\"Manual\",$M101=1),0,IF(OFFSET(CRONOPLE!$F$14,$M101,AM$13)=\"\",10^12,OFFSET(CRONOPLE!$F$14,$M101,AM$13))))","v":1000000000000},{"$f":"IF($D101<>\"Serviço\",0,IF(AND(AUTOEVENTO=\"Manual\",$M101=1),0,IF(OFFSET(CRONOPLE!$F$14,$M101,AN$13)=\"\",10^12,OFFSET(CRONOPLE!$F$14,$M101,AN$13))))","v":1000000000000},{"$f":"IF($D101<>\"Serviço\",0,IF(AND(AUTOEVENTO=\"Manual\",$M101=1),0,IF(OFFSET(CRONOPLE!$F$14,$M101,AO$13)=\"\",10^12,OFFSET(CRONOPLE!$F$14,$M101,AO$13))))","v":1000000000000},{"$f":"IF($D101<>\"Serviço\",0,IF(AND(AUTOEVENTO=\"Manual\",$M101=1),0,IF(OFFSET(CRONOPLE!$F$14,$M101,AP$13)=\"\",10^12,OFFSET(CRONOPLE!$F$14,$M101,AP$13))))","v":1000000000000},{"$f":"IF($D101<>\"Serviço\",0,IF(AND(AUTOEVENTO=\"Manual\",$M101=1),0,IF(OFFSET(CRONOPLE!$F$14,$M101,AQ$13)=\"\",10^12,OFFSET(CRONOPLE!$F$14,$M101,AQ$13))))","v":1000000000000},{"$f":"IF($D101<>\"Serviço\",0,IF(AND(AUTOEVENTO=\"Manual\",$M101=1),0,IF(OFFSET(CRONOPLE!$F$14,$M101,AR$13)=\"\",10^12,OFFSET(CRONOPLE!$F$14,$M101,AR$13))))","v":1000000000000},{"$f":"IF($D101<>\"Serviço\",0,IF(AND(AUTOEVENTO=\"Manual\",$M101=1),0,IF(OFFSET(CRONOPLE!$F$14,$M101,AS$13)=\"\",10^12,OFFSET(CRONOPLE!$F$14,$M101,AS$13))))","v":1000000000000},{"$f":"IF($D101<>\"Serviço\",0,IF(AND(AUTOEVENTO=\"Manual\",$M101=1),0,IF(OFFSET(CRONOPLE!$F$14,$M101,AT$13)=\"\",10^12,OFFSET(CRONOPLE!$F$14,$M101,AT$13))))","v":1000000000000},{"$f":"IF($D101<>\"Serviço\",0,IF(AND(AUTOEVENTO=\"Manual\",$M101=1),0,IF(OFFSET(CRONOPLE!$F$14,$M101,AU$13)=\"\",10^12,OFFSET(CRONOPLE!$F$14,$M101,AU$13))))","v":1000000000000},{"$f":"IF($D101<>\"Serviço\",0,IF(AND(AUTOEVENTO=\"Manual\",$M101=1),0,IF(OFFSET(CRONOPLE!$F$14,$M101,AV$13)=\"\",10^12,OFFSET(CRONOPLE!$F$14,$M101,AV$13))))","v":1000000000000},null,{"$f":"IF($D101<>\"Serviço\",0,IF(OR(AND(AUTOEVENTO=\"Manual\",$M101=1),$M101>(ROW(PLE.lastrow)-ROW(PLE.firstrow))),0,IF(OFFSET(PLE!$G$14,$M101,AX$13)=\"\",10^12,OFFSET(PLE!$G$14,$M101,AX$13))))","v":1000000000000},{"$f":"IF($D101<>\"Serviço\",0,IF(OR(AND(AUTOEVENTO=\"Manual\",$M101=1),$M101>(ROW(PLE.lastrow)-ROW(PLE.firstrow))),0,IF(OFFSET(PLE!$G$14,$M101,AY$13)=\"\",10^12,OFFSET(PLE!$G$14,$M101,AY$13))))","v":1000000000000},{"$f":"IF($D101<>\"Serviço\",0,IF(OR(AND(AUTOEVENTO=\"Manual\",$M101=1),$M101>(ROW(PLE.lastrow)-ROW(PLE.firstrow))),0,IF(OFFSET(PLE!$G$14,$M101,AZ$13)=\"\",10^12,OFFSET(PLE!$G$14,$M101,AZ$13))))","v":1000000000000},{"$f":"IF($D101<>\"Serviço\",0,IF(OR(AND(AUTOEVENTO=\"Manual\",$M101=1),$M101>(ROW(PLE.lastrow)-ROW(PLE.firstrow))),0,IF(OFFSET(PLE!$G$14,$M101,BA$13)=\"\",10^12,OFFSET(PLE!$G$14,$M101,BA$13))))","v":1000000000000},{"$f":"IF($D101<>\"Serviço\",0,IF(OR(AND(AUTOEVENTO=\"Manual\",$M101=1),$M101>(ROW(PLE.lastrow)-ROW(PLE.firstrow))),0,IF(OFFSET(PLE!$G$14,$M101,BB$13)=\"\",10^12,OFFSET(PLE!$G$14,$M101,BB$13))))","v":1000000000000},{"$f":"IF($D101<>\"Serviço\",0,IF(OR(AND(AUTOEVENTO=\"Manual\",$M101=1),$M101>(ROW(PLE.lastrow)-ROW(PLE.firstrow))),0,IF(OFFSET(PLE!$G$14,$M101,BC$13)=\"\",10^12,OFFSET(PLE!$G$14,$M101,BC$13))))","v":1000000000000},{"$f":"IF($D101<>\"Serviço\",0,IF(OR(AND(AUTOEVENTO=\"Manual\",$M101=1),$M101>(ROW(PLE.lastrow)-ROW(PLE.firstrow))),0,IF(OFFSET(PLE!$G$14,$M101,BD$13)=\"\",10^12,OFFSET(PLE!$G$14,$M101,BD$13))))","v":1000000000000},{"$f":"IF($D101<>\"Serviço\",0,IF(OR(AND(AUTOEVENTO=\"Manual\",$M101=1),$M101>(ROW(PLE.lastrow)-ROW(PLE.firstrow))),0,IF(OFFSET(PLE!$G$14,$M101,BE$13)=\"\",10^12,OFFSET(PLE!$G$14,$M101,BE$13))))","v":1000000000000},{"$f":"IF($D101<>\"Serviço\",0,IF(OR(AND(AUTOEVENTO=\"Manual\",$M101=1),$M101>(ROW(PLE.lastrow)-ROW(PLE.firstrow))),0,IF(OFFSET(PLE!$G$14,$M101,BF$13)=\"\",10^12,OFFSET(PLE!$G$14,$M101,BF$13))))","v":1000000000000},{"$f":"IF($D101<>\"Serviço\",0,IF(OR(AND(AUTOEVENTO=\"Manual\",$M101=1),$M101>(ROW(PLE.lastrow)-ROW(PLE.firstrow))),0,IF(OFFSET(PLE!$G$14,$M101,BG$13)=\"\",10^12,OFFSET(PLE!$G$14,$M101,BG$13))))","v":1000000000000}]
["81",{"$f":"OFFSET(ORÇAMENTO!C$15,ROW(B102)-ROW(B$15),0)","v":"S"},{"$f":"OFFSET(ORÇAMENTO!L$15,ROW(C102)-ROW(C$15),0)","v":"F"},{"$f":"OFFSET(ORÇAMENTO!N$15,ROW(D102)-ROW(D$15),0)","v":"Serviço"},{"$f":"OFFSET(ORÇAMENTO!O$15,ROW(E102)-ROW(E$15),0)","v":"1.7.0.0.6."},{"$f":"OFFSET(ORÇAMENTO!R$15,ROW(F102)-ROW(F$15),0)","v":"CHUMBAMENTO LINEAR EM ALVENARIA PARA ELETRODUTOS COM DIÂMETROS MENORES OU IGUAIS A 40 MM. AF_09/2023"},{"$f":"IF($D102<>\"Serviço\",\"\",OFFSET(ORÇAMENTO!S$15,ROW(G102)-ROW(G$15),0))","v":"M"},{"$f":"IF($D102<>\"Serviço\",0,IF(ACOMPANHAMENTO=\"BM\",ROUND(OFFSET(ORÇAMENTO!AJ$15,ROW(H102)-ROW(H$15),0),15-13*ORÇAMENTO!$AF$7),SUMPRODUCT(($Q$12:$AA$12<>\"\")*ROUND($Q102:$AA102,15-13*ORÇAMENTO!$AF$7))))","v":110},null,null,null,".",{"$f":"IF($D102<>\"Serviço\",\"\",IF(AUTOEVENTO=\"manual\",$A102,IF(ISERROR(MATCH($A102,$A$15:OFFSET($A102,-1,0),0)),MAX($M$15:OFFSET(M102,-1,0))+1,INDEX($M$15:OFFSET(M102,-1,0),MATCH($A102,$A$15:OFFSET($A102,-1,0),0)))))","v":8},{"$f":"IF($D102<>\"Serviço\",\"\",IF(AUTOEVENTO=\"Manual\",IF($A102=0,\"<-- defina o número do agrupador\",OFFSET(EVENTOS!$D$14,$A102,0)),OFFSET($F$15,$A102,0)))","v":"INSTALAÇÕES ELÉTRICAS"},null,null,null,null,null,null,null,null,null,null,null,null,null,{"$f":"IF(AND($D102=\"Serviço\",AB$12<>0,$H102>0,OR(AUTOEVENTO<>\"manual\",$M102<>1)),\nIF(Import.TipoArredondamento<>\"TransfereGOV\",\nROUND(OFFSET($P102,0,AB$13),15-13*ORÇAMENTO!$AF$7)/$H102*OFFSET(ORÇAMENTO!$X$15,ROW(AB102)-ROW(AB$15),0),\nROUND(ROUND(OFFSET($P102,0,AB$13),15-13*ORÇAMENTO!$AF$7)*OFFSET(ORÇAMENTO!$W$15,ROW(AB102)-ROW(AB$15),0),15-13*ORÇAMENTO!$AF$11)),0)","v":0},{"$f":"IF(AND($D102=\"Serviço\",AC$12<>0,$H102>0,OR(AUTOEVENTO<>\"manual\",$M102<>1)),\nIF(Import.TipoArredondamento<>\"TransfereGOV\",\nROUND(OFFSET($P102,0,AC$13),15-13*ORÇAMENTO!$AF$7)/$H102*OFFSET(ORÇAMENTO!$X$15,ROW(AC102)-ROW(AC$15),0),\nROUND(ROUND(OFFSET($P102,0,AC$13),15-13*ORÇAMENTO!$AF$7)*OFFSET(ORÇAMENTO!$W$15,ROW(AC102)-ROW(AC$15),0),15-13*ORÇAMENTO!$AF$11)),0)","v":0},{"$f":"IF(AND($D102=\"Serviço\",AD$12<>0,$H102>0,OR(AUTOEVENTO<>\"manual\",$M102<>1)),\nIF(Import.TipoArredondamento<>\"TransfereGOV\",\nROUND(OFFSET($P102,0,AD$13),15-13*ORÇAMENTO!$AF$7)/$H102*OFFSET(ORÇAMENTO!$X$15,ROW(AD102)-ROW(AD$15),0),\nROUND(ROUND(OFFSET($P102,0,AD$13),15-13*ORÇAMENTO!$AF$7)*OFFSET(ORÇAMENTO!$W$15,ROW(AD102)-ROW(AD$15),0),15-13*ORÇAMENTO!$AF$11)),0)","v":0},{"$f":"IF(AND($D102=\"Serviço\",AE$12<>0,$H102>0,OR(AUTOEVENTO<>\"manual\",$M102<>1)),\nIF(Import.TipoArredondamento<>\"TransfereGOV\",\nROUND(OFFSET($P102,0,AE$13),15-13*ORÇAMENTO!$AF$7)/$H102*OFFSET(ORÇAMENTO!$X$15,ROW(AE102)-ROW(AE$15),0),\nROUND(ROUND(OFFSET($P102,0,AE$13),15-13*ORÇAMENTO!$AF$7)*OFFSET(ORÇAMENTO!$W$15,ROW(AE102)-ROW(AE$15),0),15-13*ORÇAMENTO!$AF$11)),0)","v":0},{"$f":"IF(AND($D102=\"Serviço\",AF$12<>0,$H102>0,OR(AUTOEVENTO<>\"manual\",$M102<>1)),\nIF(Import.TipoArredondamento<>\"TransfereGOV\",\nROUND(OFFSET($P102,0,AF$13),15-13*ORÇAMENTO!$AF$7)/$H102*OFFSET(ORÇAMENTO!$X$15,ROW(AF102)-ROW(AF$15),0),\nROUND(ROUND(OFFSET($P102,0,AF$13),15-13*ORÇAMENTO!$AF$7)*OFFSET(ORÇAMENTO!$W$15,ROW(AF102)-ROW(AF$15),0),15-13*ORÇAMENTO!$AF$11)),0)","v":0},{"$f":"IF(AND($D102=\"Serviço\",AG$12<>0,$H102>0,OR(AUTOEVENTO<>\"manual\",$M102<>1)),\nIF(Import.TipoArredondamento<>\"TransfereGOV\",\nROUND(OFFSET($P102,0,AG$13),15-13*ORÇAMENTO!$AF$7)/$H102*OFFSET(ORÇAMENTO!$X$15,ROW(AG102)-ROW(AG$15),0),\nROUND(ROUND(OFFSET($P102,0,AG$13),15-13*ORÇAMENTO!$AF$7)*OFFSET(ORÇAMENTO!$W$15,ROW(AG102)-ROW(AG$15),0),15-13*ORÇAMENTO!$AF$11)),0)","v":0},{"$f":"IF(AND($D102=\"Serviço\",AH$12<>0,$H102>0,OR(AUTOEVENTO<>\"manual\",$M102<>1)),\nIF(Import.TipoArredondamento<>\"TransfereGOV\",\nROUND(OFFSET($P102,0,AH$13),15-13*ORÇAMENTO!$AF$7)/$H102*OFFSET(ORÇAMENTO!$X$15,ROW(AH102)-ROW(AH$15),0),\nROUND(ROUND(OFFSET($P102,0,AH$13),15-13*ORÇAMENTO!$AF$7)*OFFSET(ORÇAMENTO!$W$15,ROW(AH102)-ROW(AH$15),0),15-13*ORÇAMENTO!$AF$11)),0)","v":0},{"$f":"IF(AND($D102=\"Serviço\",AI$12<>0,$H102>0,OR(AUTOEVENTO<>\"manual\",$M102<>1)),\nIF(Import.TipoArredondamento<>\"TransfereGOV\",\nROUND(OFFSET($P102,0,AI$13),15-13*ORÇAMENTO!$AF$7)/$H102*OFFSET(ORÇAMENTO!$X$15,ROW(AI102)-ROW(AI$15),0),\nROUND(ROUND(OFFSET($P102,0,AI$13),15-13*ORÇAMENTO!$AF$7)*OFFSET(ORÇAMENTO!$W$15,ROW(AI102)-ROW(AI$15),0),15-13*ORÇAMENTO!$AF$11)),0)","v":0},{"$f":"IF(AND($D102=\"Serviço\",AJ$12<>0,$H102>0,OR(AUTOEVENTO<>\"manual\",$M102<>1)),\nIF(Import.TipoArredondamento<>\"TransfereGOV\",\nROUND(OFFSET($P102,0,AJ$13),15-13*ORÇAMENTO!$AF$7)/$H102*OFFSET(ORÇAMENTO!$X$15,ROW(AJ102)-ROW(AJ$15),0),\nROUND(ROUND(OFFSET($P102,0,AJ$13),15-13*ORÇAMENTO!$AF$7)*OFFSET(ORÇAMENTO!$W$15,ROW(AJ102)-ROW(AJ$15),0),15-13*ORÇAMENTO!$AF$11)),0)","v":0},{"$f":"IF(AND($D102=\"Serviço\",AK$12<>0,$H102>0,OR(AUTOEVENTO<>\"manual\",$M102<>1)),\nIF(Import.TipoArredondamento<>\"TransfereGOV\",\nROUND(OFFSET($P102,0,AK$13),15-13*ORÇAMENTO!$AF$7)/$H102*OFFSET(ORÇAMENTO!$X$15,ROW(AK102)-ROW(AK$15),0),\nROUND(ROUND(OFFSET($P102,0,AK$13),15-13*ORÇAMENTO!$AF$7)*OFFSET(ORÇAMENTO!$W$15,ROW(AK102)-ROW(AK$15),0),15-13*ORÇAMENTO!$AF$11)),0)","v":0},null,{"$f":"IF($D102<>\"Serviço\",0,IF(AND(AUTOEVENTO=\"Manual\",$M102=1),0,IF(OFFSET(CRONOPLE!$F$14,$M102,AM$13)=\"\",10^12,OFFSET(CRONOPLE!$F$14,$M102,AM$13))))","v":1000000000000},{"$f":"IF($D102<>\"Serviço\",0,IF(AND(AUTOEVENTO=\"Manual\",$M102=1),0,IF(OFFSET(CRONOPLE!$F$14,$M102,AN$13)=\"\",10^12,OFFSET(CRONOPLE!$F$14,$M102,AN$13))))","v":1000000000000},{"$f":"IF($D102<>\"Serviço\",0,IF(AND(AUTOEVENTO=\"Manual\",$M102=1),0,IF(OFFSET(CRONOPLE!$F$14,$M102,AO$13)=\"\",10^12,OFFSET(CRONOPLE!$F$14,$M102,AO$13))))","v":1000000000000},{"$f":"IF($D102<>\"Serviço\",0,IF(AND(AUTOEVENTO=\"Manual\",$M102=1),0,IF(OFFSET(CRONOPLE!$F$14,$M102,AP$13)=\"\",10^12,OFFSET(CRONOPLE!$F$14,$M102,AP$13))))","v":1000000000000},{"$f":"IF($D102<>\"Serviço\",0,IF(AND(AUTOEVENTO=\"Manual\",$M102=1),0,IF(OFFSET(CRONOPLE!$F$14,$M102,AQ$13)=\"\",10^12,OFFSET(CRONOPLE!$F$14,$M102,AQ$13))))","v":1000000000000},{"$f":"IF($D102<>\"Serviço\",0,IF(AND(AUTOEVENTO=\"Manual\",$M102=1),0,IF(OFFSET(CRONOPLE!$F$14,$M102,AR$13)=\"\",10^12,OFFSET(CRONOPLE!$F$14,$M102,AR$13))))","v":1000000000000},{"$f":"IF($D102<>\"Serviço\",0,IF(AND(AUTOEVENTO=\"Manual\",$M102=1),0,IF(OFFSET(CRONOPLE!$F$14,$M102,AS$13)=\"\",10^12,OFFSET(CRONOPLE!$F$14,$M102,AS$13))))","v":1000000000000},{"$f":"IF($D102<>\"Serviço\",0,IF(AND(AUTOEVENTO=\"Manual\",$M102=1),0,IF(OFFSET(CRONOPLE!$F$14,$M102,AT$13)=\"\",10^12,OFFSET(CRONOPLE!$F$14,$M102,AT$13))))","v":1000000000000},{"$f":"IF($D102<>\"Serviço\",0,IF(AND(AUTOEVENTO=\"Manual\",$M102=1),0,IF(OFFSET(CRONOPLE!$F$14,$M102,AU$13)=\"\",10^12,OFFSET(CRONOPLE!$F$14,$M102,AU$13))))","v":1000000000000},{"$f":"IF($D102<>\"Serviço\",0,IF(AND(AUTOEVENTO=\"Manual\",$M102=1),0,IF(OFFSET(CRONOPLE!$F$14,$M102,AV$13)=\"\",10^12,OFFSET(CRONOPLE!$F$14,$M102,AV$13))))","v":1000000000000},null,{"$f":"IF($D102<>\"Serviço\",0,IF(OR(AND(AUTOEVENTO=\"Manual\",$M102=1),$M102>(ROW(PLE.lastrow)-ROW(PLE.firstrow))),0,IF(OFFSET(PLE!$G$14,$M102,AX$13)=\"\",10^12,OFFSET(PLE!$G$14,$M102,AX$13))))","v":1000000000000},{"$f":"IF($D102<>\"Serviço\",0,IF(OR(AND(AUTOEVENTO=\"Manual\",$M102=1),$M102>(ROW(PLE.lastrow)-ROW(PLE.firstrow))),0,IF(OFFSET(PLE!$G$14,$M102,AY$13)=\"\",10^12,OFFSET(PLE!$G$14,$M102,AY$13))))","v":1000000000000},{"$f":"IF($D102<>\"Serviço\",0,IF(OR(AND(AUTOEVENTO=\"Manual\",$M102=1),$M102>(ROW(PLE.lastrow)-ROW(PLE.firstrow))),0,IF(OFFSET(PLE!$G$14,$M102,AZ$13)=\"\",10^12,OFFSET(PLE!$G$14,$M102,AZ$13))))","v":1000000000000},{"$f":"IF($D102<>\"Serviço\",0,IF(OR(AND(AUTOEVENTO=\"Manual\",$M102=1),$M102>(ROW(PLE.lastrow)-ROW(PLE.firstrow))),0,IF(OFFSET(PLE!$G$14,$M102,BA$13)=\"\",10^12,OFFSET(PLE!$G$14,$M102,BA$13))))","v":1000000000000},{"$f":"IF($D102<>\"Serviço\",0,IF(OR(AND(AUTOEVENTO=\"Manual\",$M102=1),$M102>(ROW(PLE.lastrow)-ROW(PLE.firstrow))),0,IF(OFFSET(PLE!$G$14,$M102,BB$13)=\"\",10^12,OFFSET(PLE!$G$14,$M102,BB$13))))","v":1000000000000},{"$f":"IF($D102<>\"Serviço\",0,IF(OR(AND(AUTOEVENTO=\"Manual\",$M102=1),$M102>(ROW(PLE.lastrow)-ROW(PLE.firstrow))),0,IF(OFFSET(PLE!$G$14,$M102,BC$13)=\"\",10^12,OFFSET(PLE!$G$14,$M102,BC$13))))","v":1000000000000},{"$f":"IF($D102<>\"Serviço\",0,IF(OR(AND(AUTOEVENTO=\"Manual\",$M102=1),$M102>(ROW(PLE.lastrow)-ROW(PLE.firstrow))),0,IF(OFFSET(PLE!$G$14,$M102,BD$13)=\"\",10^12,OFFSET(PLE!$G$14,$M102,BD$13))))","v":1000000000000},{"$f":"IF($D102<>\"Serviço\",0,IF(OR(AND(AUTOEVENTO=\"Manual\",$M102=1),$M102>(ROW(PLE.lastrow)-ROW(PLE.firstrow))),0,IF(OFFSET(PLE!$G$14,$M102,BE$13)=\"\",10^12,OFFSET(PLE!$G$14,$M102,BE$13))))","v":1000000000000},{"$f":"IF($D102<>\"Serviço\",0,IF(OR(AND(AUTOEVENTO=\"Manual\",$M102=1),$M102>(ROW(PLE.lastrow)-ROW(PLE.firstrow))),0,IF(OFFSET(PLE!$G$14,$M102,BF$13)=\"\",10^12,OFFSET(PLE!$G$14,$M102,BF$13))))","v":1000000000000},{"$f":"IF($D102<>\"Serviço\",0,IF(OR(AND(AUTOEVENTO=\"Manual\",$M102=1),$M102>(ROW(PLE.lastrow)-ROW(PLE.firstrow))),0,IF(OFFSET(PLE!$G$14,$M102,BG$13)=\"\",10^12,OFFSET(PLE!$G$14,$M102,BG$13))))","v":1000000000000}]
["81",{"$f":"OFFSET(ORÇAMENTO!C$15,ROW(B103)-ROW(B$15),0)","v":"S"},{"$f":"OFFSET(ORÇAMENTO!L$15,ROW(C103)-ROW(C$15),0)","v":"F"},{"$f":"OFFSET(ORÇAMENTO!N$15,ROW(D103)-ROW(D$15),0)","v":"Serviço"},{"$f":"OFFSET(ORÇAMENTO!O$15,ROW(E103)-ROW(E$15),0)","v":"1.7.0.0.7."},{"$f":"OFFSET(ORÇAMENTO!R$15,ROW(F103)-ROW(F$15),0)","v":"ELETRODUTO FLEXÍVEL CORRUGADO, PVC, DN 32 MM (1\"), PARA CIRCUITOS TERMINAIS, INSTALADO EM PAREDE - FORNECIMENTO E INSTALAÇÃO. AF_03/2023"},{"$f":"IF($D103<>\"Serviço\",\"\",OFFSET(ORÇAMENTO!S$15,ROW(G103)-ROW(G$15),0))","v":"M"},{"$f":"IF($D103<>\"Serviço\",0,IF(ACOMPANHAMENTO=\"BM\",ROUND(OFFSET(ORÇAMENTO!AJ$15,ROW(H103)-ROW(H$15),0),15-13*ORÇAMENTO!$AF$7),SUMPRODUCT(($Q$12:$AA$12<>\"\")*ROUND($Q103:$AA103,15-13*ORÇAMENTO!$AF$7))))","v":110},null,null,null,".",{"$f":"IF($D103<>\"Serviço\",\"\",IF(AUTOEVENTO=\"manual\",$A103,IF(ISERROR(MATCH($A103,$A$15:OFFSET($A103,-1,0),0)),MAX($M$15:OFFSET(M103,-1,0))+1,INDEX($M$15:OFFSET(M103,-1,0),MATCH($A103,$A$15:OFFSET($A103,-1,0),0)))))","v":8},{"$f":"IF($D103<>\"Serviço\",\"\",IF(AUTOEVENTO=\"Manual\",IF($A103=0,\"<-- defina o número do agrupador\",OFFSET(EVENTOS!$D$14,$A103,0)),OFFSET($F$15,$A103,0)))","v":"INSTALAÇÕES ELÉTRICAS"},null,null,null,null,null,null,null,null,null,null,null,null,null,{"$f":"IF(AND($D103=\"Serviço\",AB$12<>0,$H103>0,OR(AUTOEVENTO<>\"manual\",$M103<>1)),\nIF(Import.TipoArredondamento<>\"TransfereGOV\",\nROUND(OFFSET($P103,0,AB$13),15-13*ORÇAMENTO!$AF$7)/$H103*OFFSET(ORÇAMENTO!$X$15,ROW(AB103)-ROW(AB$15),0),\nROUND(ROUND(OFFSET($P103,0,AB$13),15-13*ORÇAMENTO!$AF$7)*OFFSET(ORÇAMENTO!$W$15,ROW(AB103)-ROW(AB$15),0),15-13*ORÇAMENTO!$AF$11)),0)","v":0},{"$f":"IF(AND($D103=\"Serviço\",AC$12<>0,$H103>0,OR(AUTOEVENTO<>\"manual\",$M103<>1)),\nIF(Import.TipoArredondamento<>\"TransfereGOV\",\nROUND(OFFSET($P103,0,AC$13),15-13*ORÇAMENTO!$AF$7)/$H103*OFFSET(ORÇAMENTO!$X$15,ROW(AC103)-ROW(AC$15),0),\nROUND(ROUND(OFFSET($P103,0,AC$13),15-13*ORÇAMENTO!$AF$7)*OFFSET(ORÇAMENTO!$W$15,ROW(AC103)-ROW(AC$15),0),15-13*ORÇAMENTO!$AF$11)),0)","v":0},{"$f":"IF(AND($D103=\"Serviço\",AD$12<>0,$H103>0,OR(AUTOEVENTO<>\"manual\",$M103<>1)),\nIF(Import.TipoArredondamento<>\"TransfereGOV\",\nROUND(OFFSET($P103,0,AD$13),15-13*ORÇAMENTO!$AF$7)/$H103*OFFSET(ORÇAMENTO!$X$15,ROW(AD103)-ROW(AD$15),0),\nROUND(ROUND(OFFSET($P103,0,AD$13),15-13*ORÇAMENTO!$AF$7)*OFFSET(ORÇAMENTO!$W$15,ROW(AD103)-ROW(AD$15),0),15-13*ORÇAMENTO!$AF$11)),0)","v":0},{"$f":"IF(AND($D103=\"Serviço\",AE$12<>0,$H103>0,OR(AUTOEVENTO<>\"manual\",$M103<>1)),\nIF(Import.TipoArredondamento<>\"TransfereGOV\",\nROUND(OFFSET($P103,0,AE$13),15-13*ORÇAMENTO!$AF$7)/$H103*OFFSET(ORÇAMENTO!$X$15,ROW(AE103)-ROW(AE$15),0),\nROUND(ROUND(OFFSET($P103,0,AE$13),15-13*ORÇAMENTO!$AF$7)*OFFSET(ORÇAMENTO!$W$15,ROW(AE103)-ROW(AE$15),0),15-13*ORÇAMENTO!$AF$11)),0)","v":0},{"$f":"IF(AND($D103=\"Serviço\",AF$12<>0,$H103>0,OR(AUTOEVENTO<>\"manual\",$M103<>1)),\nIF(Import.TipoArredondamento<>\"TransfereGOV\",\nROUND(OFFSET($P103,0,AF$13),15-13*ORÇAMENTO!$AF$7)/$H103*OFFSET(ORÇAMENTO!$X$15,ROW(AF103)-ROW(AF$15),0),\nROUND(ROUND(OFFSET($P103,0,AF$13),15-13*ORÇAMENTO!$AF$7)*OFFSET(ORÇAMENTO!$W$15,ROW(AF103)-ROW(AF$15),0),15-13*ORÇAMENTO!$AF$11)),0)","v":0},{"$f":"IF(AND($D103=\"Serviço\",AG$12<>0,$H103>0,OR(AUTOEVENTO<>\"manual\",$M103<>1)),\nIF(Import.TipoArredondamento<>\"TransfereGOV\",\nROUND(OFFSET($P103,0,AG$13),15-13*ORÇAMENTO!$AF$7)/$H103*OFFSET(ORÇAMENTO!$X$15,ROW(AG103)-ROW(AG$15),0),\nROUND(ROUND(OFFSET($P103,0,AG$13),15-13*ORÇAMENTO!$AF$7)*OFFSET(ORÇAMENTO!$W$15,ROW(AG103)-ROW(AG$15),0),15-13*ORÇAMENTO!$AF$11)),0)","v":0},{"$f":"IF(AND($D103=\"Serviço\",AH$12<>0,$H103>0,OR(AUTOEVENTO<>\"manual\",$M103<>1)),\nIF(Import.TipoArredondamento<>\"TransfereGOV\",\nROUND(OFFSET($P103,0,AH$13),15-13*ORÇAMENTO!$AF$7)/$H103*OFFSET(ORÇAMENTO!$X$15,ROW(AH103)-ROW(AH$15),0),\nROUND(ROUND(OFFSET($P103,0,AH$13),15-13*ORÇAMENTO!$AF$7)*OFFSET(ORÇAMENTO!$W$15,ROW(AH103)-ROW(AH$15),0),15-13*ORÇAMENTO!$AF$11)),0)","v":0},{"$f":"IF(AND($D103=\"Serviço\",AI$12<>0,$H103>0,OR(AUTOEVENTO<>\"manual\",$M103<>1)),\nIF(Import.TipoArredondamento<>\"TransfereGOV\",\nROUND(OFFSET($P103,0,AI$13),15-13*ORÇAMENTO!$AF$7)/$H103*OFFSET(ORÇAMENTO!$X$15,ROW(AI103)-ROW(AI$15),0),\nROUND(ROUND(OFFSET($P103,0,AI$13),15-13*ORÇAMENTO!$AF$7)*OFFSET(ORÇAMENTO!$W$15,ROW(AI103)-ROW(AI$15),0),15-13*ORÇAMENTO!$AF$11)),0)","v":0},{"$f":"IF(AND($D103=\"Serviço\",AJ$12<>0,$H103>0,OR(AUTOEVENTO<>\"manual\",$M103<>1)),\nIF(Import.TipoArredondamento<>\"TransfereGOV\",\nROUND(OFFSET($P103,0,AJ$13),15-13*ORÇAMENTO!$AF$7)/$H103*OFFSET(ORÇAMENTO!$X$15,ROW(AJ103)-ROW(AJ$15),0),\nROUND(ROUND(OFFSET($P103,0,AJ$13),15-13*ORÇAMENTO!$AF$7)*OFFSET(ORÇAMENTO!$W$15,ROW(AJ103)-ROW(AJ$15),0),15-13*ORÇAMENTO!$AF$11)),0)","v":0},{"$f":"IF(AND($D103=\"Serviço\",AK$12<>0,$H103>0,OR(AUTOEVENTO<>\"manual\",$M103<>1)),\nIF(Import.TipoArredondamento<>\"TransfereGOV\",\nROUND(OFFSET($P103,0,AK$13),15-13*ORÇAMENTO!$AF$7)/$H103*OFFSET(ORÇAMENTO!$X$15,ROW(AK103)-ROW(AK$15),0),\nROUND(ROUND(OFFSET($P103,0,AK$13),15-13*ORÇAMENTO!$AF$7)*OFFSET(ORÇAMENTO!$W$15,ROW(AK103)-ROW(AK$15),0),15-13*ORÇAMENTO!$AF$11)),0)","v":0},null,{"$f":"IF($D103<>\"Serviço\",0,IF(AND(AUTOEVENTO=\"Manual\",$M103=1),0,IF(OFFSET(CRONOPLE!$F$14,$M103,AM$13)=\"\",10^12,OFFSET(CRONOPLE!$F$14,$M103,AM$13))))","v":1000000000000},{"$f":"IF($D103<>\"Serviço\",0,IF(AND(AUTOEVENTO=\"Manual\",$M103=1),0,IF(OFFSET(CRONOPLE!$F$14,$M103,AN$13)=\"\",10^12,OFFSET(CRONOPLE!$F$14,$M103,AN$13))))","v":1000000000000},{"$f":"IF($D103<>\"Serviço\",0,IF(AND(AUTOEVENTO=\"Manual\",$M103=1),0,IF(OFFSET(CRONOPLE!$F$14,$M103,AO$13)=\"\",10^12,OFFSET(CRONOPLE!$F$14,$M103,AO$13))))","v":1000000000000},{"$f":"IF($D103<>\"Serviço\",0,IF(AND(AUTOEVENTO=\"Manual\",$M103=1),0,IF(OFFSET(CRONOPLE!$F$14,$M103,AP$13)=\"\",10^12,OFFSET(CRONOPLE!$F$14,$M103,AP$13))))","v":1000000000000},{"$f":"IF($D103<>\"Serviço\",0,IF(AND(AUTOEVENTO=\"Manual\",$M103=1),0,IF(OFFSET(CRONOPLE!$F$14,$M103,AQ$13)=\"\",10^12,OFFSET(CRONOPLE!$F$14,$M103,AQ$13))))","v":1000000000000},{"$f":"IF($D103<>\"Serviço\",0,IF(AND(AUTOEVENTO=\"Manual\",$M103=1),0,IF(OFFSET(CRONOPLE!$F$14,$M103,AR$13)=\"\",10^12,OFFSET(CRONOPLE!$F$14,$M103,AR$13))))","v":1000000000000},{"$f":"IF($D103<>\"Serviço\",0,IF(AND(AUTOEVENTO=\"Manual\",$M103=1),0,IF(OFFSET(CRONOPLE!$F$14,$M103,AS$13)=\"\",10^12,OFFSET(CRONOPLE!$F$14,$M103,AS$13))))","v":1000000000000},{"$f":"IF($D103<>\"Serviço\",0,IF(AND(AUTOEVENTO=\"Manual\",$M103=1),0,IF(OFFSET(CRONOPLE!$F$14,$M103,AT$13)=\"\",10^12,OFFSET(CRONOPLE!$F$14,$M103,AT$13))))","v":1000000000000},{"$f":"IF($D103<>\"Serviço\",0,IF(AND(AUTOEVENTO=\"Manual\",$M103=1),0,IF(OFFSET(CRONOPLE!$F$14,$M103,AU$13)=\"\",10^12,OFFSET(CRONOPLE!$F$14,$M103,AU$13))))","v":1000000000000},{"$f":"IF($D103<>\"Serviço\",0,IF(AND(AUTOEVENTO=\"Manual\",$M103=1),0,IF(OFFSET(CRONOPLE!$F$14,$M103,AV$13)=\"\",10^12,OFFSET(CRONOPLE!$F$14,$M103,AV$13))))","v":1000000000000},null,{"$f":"IF($D103<>\"Serviço\",0,IF(OR(AND(AUTOEVENTO=\"Manual\",$M103=1),$M103>(ROW(PLE.lastrow)-ROW(PLE.firstrow))),0,IF(OFFSET(PLE!$G$14,$M103,AX$13)=\"\",10^12,OFFSET(PLE!$G$14,$M103,AX$13))))","v":1000000000000},{"$f":"IF($D103<>\"Serviço\",0,IF(OR(AND(AUTOEVENTO=\"Manual\",$M103=1),$M103>(ROW(PLE.lastrow)-ROW(PLE.firstrow))),0,IF(OFFSET(PLE!$G$14,$M103,AY$13)=\"\",10^12,OFFSET(PLE!$G$14,$M103,AY$13))))","v":1000000000000},{"$f":"IF($D103<>\"Serviço\",0,IF(OR(AND(AUTOEVENTO=\"Manual\",$M103=1),$M103>(ROW(PLE.lastrow)-ROW(PLE.firstrow))),0,IF(OFFSET(PLE!$G$14,$M103,AZ$13)=\"\",10^12,OFFSET(PLE!$G$14,$M103,AZ$13))))","v":1000000000000},{"$f":"IF($D103<>\"Serviço\",0,IF(OR(AND(AUTOEVENTO=\"Manual\",$M103=1),$M103>(ROW(PLE.lastrow)-ROW(PLE.firstrow))),0,IF(OFFSET(PLE!$G$14,$M103,BA$13)=\"\",10^12,OFFSET(PLE!$G$14,$M103,BA$13))))","v":1000000000000},{"$f":"IF($D103<>\"Serviço\",0,IF(OR(AND(AUTOEVENTO=\"Manual\",$M103=1),$M103>(ROW(PLE.lastrow)-ROW(PLE.firstrow))),0,IF(OFFSET(PLE!$G$14,$M103,BB$13)=\"\",10^12,OFFSET(PLE!$G$14,$M103,BB$13))))","v":1000000000000},{"$f":"IF($D103<>\"Serviço\",0,IF(OR(AND(AUTOEVENTO=\"Manual\",$M103=1),$M103>(ROW(PLE.lastrow)-ROW(PLE.firstrow))),0,IF(OFFSET(PLE!$G$14,$M103,BC$13)=\"\",10^12,OFFSET(PLE!$G$14,$M103,BC$13))))","v":1000000000000},{"$f":"IF($D103<>\"Serviço\",0,IF(OR(AND(AUTOEVENTO=\"Manual\",$M103=1),$M103>(ROW(PLE.lastrow)-ROW(PLE.firstrow))),0,IF(OFFSET(PLE!$G$14,$M103,BD$13)=\"\",10^12,OFFSET(PLE!$G$14,$M103,BD$13))))","v":1000000000000},{"$f":"IF($D103<>\"Serviço\",0,IF(OR(AND(AUTOEVENTO=\"Manual\",$M103=1),$M103>(ROW(PLE.lastrow)-ROW(PLE.firstrow))),0,IF(OFFSET(PLE!$G$14,$M103,BE$13)=\"\",10^12,OFFSET(PLE!$G$14,$M103,BE$13))))","v":1000000000000},{"$f":"IF($D103<>\"Serviço\",0,IF(OR(AND(AUTOEVENTO=\"Manual\",$M103=1),$M103>(ROW(PLE.lastrow)-ROW(PLE.firstrow))),0,IF(OFFSET(PLE!$G$14,$M103,BF$13)=\"\",10^12,OFFSET(PLE!$G$14,$M103,BF$13))))","v":1000000000000},{"$f":"IF($D103<>\"Serviço\",0,IF(OR(AND(AUTOEVENTO=\"Manual\",$M103=1),$M103>(ROW(PLE.lastrow)-ROW(PLE.firstrow))),0,IF(OFFSET(PLE!$G$14,$M103,BG$13)=\"\",10^12,OFFSET(PLE!$G$14,$M103,BG$13))))","v":1000000000000}]
["81",{"$f":"OFFSET(ORÇAMENTO!C$15,ROW(B104)-ROW(B$15),0)","v":"S"},{"$f":"OFFSET(ORÇAMENTO!L$15,ROW(C104)-ROW(C$15),0)","v":"F"},{"$f":"OFFSET(ORÇAMENTO!N$15,ROW(D104)-ROW(D$15),0)","v":"Serviço"},{"$f":"OFFSET(ORÇAMENTO!O$15,ROW(E104)-ROW(E$15),0)","v":"1.7.0.0.8."},{"$f":"OFFSET(ORÇAMENTO!R$15,ROW(F104)-ROW(F$15),0)","v":"ELETRODUTO FLEXÍVEL CORRUGADO REFORÇADO, PVC, DN 32 MM (1\"), PARA CIRCUITOS TERMINAIS, INSTALADO EM LAJE - FORNECIMENTO E INSTALAÇÃO. AF_03/2023"},{"$f":"IF($D104<>\"Serviço\",\"\",OFFSET(ORÇAMENTO!S$15,ROW(G104)-ROW(G$15),0))","v":"M"},{"$f":"IF($D104<>\"Serviço\",0,IF(ACOMPANHAMENTO=\"BM\",ROUND(OFFSET(ORÇAMENTO!AJ$15,ROW(H104)-ROW(H$15),0),15-13*ORÇAMENTO!$AF$7),SUMPRODUCT(($Q$12:$AA$12<>\"\")*ROUND($Q104:$AA104,15-13*ORÇAMENTO!$AF$7))))","v":250},null,null,null,".",{"$f":"IF($D104<>\"Serviço\",\"\",IF(AUTOEVENTO=\"manual\",$A104,IF(ISERROR(MATCH($A104,$A$15:OFFSET($A104,-1,0),0)),MAX($M$15:OFFSET(M104,-1,0))+1,INDEX($M$15:OFFSET(M104,-1,0),MATCH($A104,$A$15:OFFSET($A104,-1,0),0)))))","v":8},{"$f":"IF($D104<>\"Serviço\",\"\",IF(AUTOEVENTO=\"Manual\",IF($A104=0,\"<-- defina o número do agrupador\",OFFSET(EVENTOS!$D$14,$A104,0)),OFFSET($F$15,$A104,0)))","v":"INSTALAÇÕES ELÉTRICAS"},null,null,null,null,null,null,null,null,null,null,null,null,null,{"$f":"IF(AND($D104=\"Serviço\",AB$12<>0,$H104>0,OR(AUTOEVENTO<>\"manual\",$M104<>1)),\nIF(Import.TipoArredondamento<>\"TransfereGOV\",\nROUND(OFFSET($P104,0,AB$13),15-13*ORÇAMENTO!$AF$7)/$H104*OFFSET(ORÇAMENTO!$X$15,ROW(AB104)-ROW(AB$15),0),\nROUND(ROUND(OFFSET($P104,0,AB$13),15-13*ORÇAMENTO!$AF$7)*OFFSET(ORÇAMENTO!$W$15,ROW(AB104)-ROW(AB$15),0),15-13*ORÇAMENTO!$AF$11)),0)","v":0},{"$f":"IF(AND($D104=\"Serviço\",AC$12<>0,$H104>0,OR(AUTOEVENTO<>\"manual\",$M104<>1)),\nIF(Import.TipoArredondamento<>\"TransfereGOV\",\nROUND(OFFSET($P104,0,AC$13),15-13*ORÇAMENTO!$AF$7)/$H104*OFFSET(ORÇAMENTO!$X$15,ROW(AC104)-ROW(AC$15),0),\nROUND(ROUND(OFFSET($P104,0,AC$13),15-13*ORÇAMENTO!$AF$7)*OFFSET(ORÇAMENTO!$W$15,ROW(AC104)-ROW(AC$15),0),15-13*ORÇAMENTO!$AF$11)),0)","v":0},{"$f":"IF(AND($D104=\"Serviço\",AD$12<>0,$H104>0,OR(AUTOEVENTO<>\"manual\",$M104<>1)),\nIF(Import.TipoArredondamento<>\"TransfereGOV\",\nROUND(OFFSET($P104,0,AD$13),15-13*ORÇAMENTO!$AF$7)/$H104*OFFSET(ORÇAMENTO!$X$15,ROW(AD104)-ROW(AD$15),0),\nROUND(ROUND(OFFSET($P104,0,AD$13),15-13*ORÇAMENTO!$AF$7)*OFFSET(ORÇAMENTO!$W$15,ROW(AD104)-ROW(AD$15),0),15-13*ORÇAMENTO!$AF$11)),0)","v":0},{"$f":"IF(AND($D104=\"Serviço\",AE$12<>0,$H104>0,OR(AUTOEVENTO<>\"manual\",$M104<>1)),\nIF(Import.TipoArredondamento<>\"TransfereGOV\",\nROUND(OFFSET($P104,0,AE$13),15-13*ORÇAMENTO!$AF$7)/$H104*OFFSET(ORÇAMENTO!$X$15,ROW(AE104)-ROW(AE$15),0),\nROUND(ROUND(OFFSET($P104,0,AE$13),15-13*ORÇAMENTO!$AF$7)*OFFSET(ORÇAMENTO!$W$15,ROW(AE104)-ROW(AE$15),0),15-13*ORÇAMENTO!$AF$11)),0)","v":0},{"$f":"IF(AND($D104=\"Serviço\",AF$12<>0,$H104>0,OR(AUTOEVENTO<>\"manual\",$M104<>1)),\nIF(Import.TipoArredondamento<>\"TransfereGOV\",\nROUND(OFFSET($P104,0,AF$13),15-13*ORÇAMENTO!$AF$7)/$H104*OFFSET(ORÇAMENTO!$X$15,ROW(AF104)-ROW(AF$15),0),\nROUND(ROUND(OFFSET($P104,0,AF$13),15-13*ORÇAMENTO!$AF$7)*OFFSET(ORÇAMENTO!$W$15,ROW(AF104)-ROW(AF$15),0),15-13*ORÇAMENTO!$AF$11)),0)","v":0},{"$f":"IF(AND($D104=\"Serviço\",AG$12<>0,$H104>0,OR(AUTOEVENTO<>\"manual\",$M104<>1)),\nIF(Import.TipoArredondamento<>\"TransfereGOV\",\nROUND(OFFSET($P104,0,AG$13),15-13*ORÇAMENTO!$AF$7)/$H104*OFFSET(ORÇAMENTO!$X$15,ROW(AG104)-ROW(AG$15),0),\nROUND(ROUND(OFFSET($P104,0,AG$13),15-13*ORÇAMENTO!$AF$7)*OFFSET(ORÇAMENTO!$W$15,ROW(AG104)-ROW(AG$15),0),15-13*ORÇAMENTO!$AF$11)),0)","v":0},{"$f":"IF(AND($D104=\"Serviço\",AH$12<>0,$H104>0,OR(AUTOEVENTO<>\"manual\",$M104<>1)),\nIF(Import.TipoArredondamento<>\"TransfereGOV\",\nROUND(OFFSET($P104,0,AH$13),15-13*ORÇAMENTO!$AF$7)/$H104*OFFSET(ORÇAMENTO!$X$15,ROW(AH104)-ROW(AH$15),0),\nROUND(ROUND(OFFSET($P104,0,AH$13),15-13*ORÇAMENTO!$AF$7)*OFFSET(ORÇAMENTO!$W$15,ROW(AH104)-ROW(AH$15),0),15-13*ORÇAMENTO!$AF$11)),0)","v":0},{"$f":"IF(AND($D104=\"Serviço\",AI$12<>0,$H104>0,OR(AUTOEVENTO<>\"manual\",$M104<>1)),\nIF(Import.TipoArredondamento<>\"TransfereGOV\",\nROUND(OFFSET($P104,0,AI$13),15-13*ORÇAMENTO!$AF$7)/$H104*OFFSET(ORÇAMENTO!$X$15,ROW(AI104)-ROW(AI$15),0),\nROUND(ROUND(OFFSET($P104,0,AI$13),15-13*ORÇAMENTO!$AF$7)*OFFSET(ORÇAMENTO!$W$15,ROW(AI104)-ROW(AI$15),0),15-13*ORÇAMENTO!$AF$11)),0)","v":0},{"$f":"IF(AND($D104=\"Serviço\",AJ$12<>0,$H104>0,OR(AUTOEVENTO<>\"manual\",$M104<>1)),\nIF(Import.TipoArredondamento<>\"TransfereGOV\",\nROUND(OFFSET($P104,0,AJ$13),15-13*ORÇAMENTO!$AF$7)/$H104*OFFSET(ORÇAMENTO!$X$15,ROW(AJ104)-ROW(AJ$15),0),\nROUND(ROUND(OFFSET($P104,0,AJ$13),15-13*ORÇAMENTO!$AF$7)*OFFSET(ORÇAMENTO!$W$15,ROW(AJ104)-ROW(AJ$15),0),15-13*ORÇAMENTO!$AF$11)),0)","v":0},{"$f":"IF(AND($D104=\"Serviço\",AK$12<>0,$H104>0,OR(AUTOEVENTO<>\"manual\",$M104<>1)),\nIF(Import.TipoArredondamento<>\"TransfereGOV\",\nROUND(OFFSET($P104,0,AK$13),15-13*ORÇAMENTO!$AF$7)/$H104*OFFSET(ORÇAMENTO!$X$15,ROW(AK104)-ROW(AK$15),0),\nROUND(ROUND(OFFSET($P104,0,AK$13),15-13*ORÇAMENTO!$AF$7)*OFFSET(ORÇAMENTO!$W$15,ROW(AK104)-ROW(AK$15),0),15-13*ORÇAMENTO!$AF$11)),0)","v":0},null,{"$f":"IF($D104<>\"Serviço\",0,IF(AND(AUTOEVENTO=\"Manual\",$M104=1),0,IF(OFFSET(CRONOPLE!$F$14,$M104,AM$13)=\"\",10^12,OFFSET(CRONOPLE!$F$14,$M104,AM$13))))","v":1000000000000},{"$f":"IF($D104<>\"Serviço\",0,IF(AND(AUTOEVENTO=\"Manual\",$M104=1),0,IF(OFFSET(CRONOPLE!$F$14,$M104,AN$13)=\"\",10^12,OFFSET(CRONOPLE!$F$14,$M104,AN$13))))","v":1000000000000},{"$f":"IF($D104<>\"Serviço\",0,IF(AND(AUTOEVENTO=\"Manual\",$M104=1),0,IF(OFFSET(CRONOPLE!$F$14,$M104,AO$13)=\"\",10^12,OFFSET(CRONOPLE!$F$14,$M104,AO$13))))","v":1000000000000},{"$f":"IF($D104<>\"Serviço\",0,IF(AND(AUTOEVENTO=\"Manual\",$M104=1),0,IF(OFFSET(CRONOPLE!$F$14,$M104,AP$13)=\"\",10^12,OFFSET(CRONOPLE!$F$14,$M104,AP$13))))","v":1000000000000},{"$f":"IF($D104<>\"Serviço\",0,IF(AND(AUTOEVENTO=\"Manual\",$M104=1),0,IF(OFFSET(CRONOPLE!$F$14,$M104,AQ$13)=\"\",10^12,OFFSET(CRONOPLE!$F$14,$M104,AQ$13))))","v":1000000000000},{"$f":"IF($D104<>\"Serviço\",0,IF(AND(AUTOEVENTO=\"Manual\",$M104=1),0,IF(OFFSET(CRONOPLE!$F$14,$M104,AR$13)=\"\",10^12,OFFSET(CRONOPLE!$F$14,$M104,AR$13))))","v":1000000000000},{"$f":"IF($D104<>\"Serviço\",0,IF(AND(AUTOEVENTO=\"Manual\",$M104=1),0,IF(OFFSET(CRONOPLE!$F$14,$M104,AS$13)=\"\",10^12,OFFSET(CRONOPLE!$F$14,$M104,AS$13))))","v":1000000000000},{"$f":"IF($D104<>\"Serviço\",0,IF(AND(AUTOEVENTO=\"Manual\",$M104=1),0,IF(OFFSET(CRONOPLE!$F$14,$M104,AT$13)=\"\",10^12,OFFSET(CRONOPLE!$F$14,$M104,AT$13))))","v":1000000000000},{"$f":"IF($D104<>\"Serviço\",0,IF(AND(AUTOEVENTO=\"Manual\",$M104=1),0,IF(OFFSET(CRONOPLE!$F$14,$M104,AU$13)=\"\",10^12,OFFSET(CRONOPLE!$F$14,$M104,AU$13))))","v":1000000000000},{"$f":"IF($D104<>\"Serviço\",0,IF(AND(AUTOEVENTO=\"Manual\",$M104=1),0,IF(OFFSET(CRONOPLE!$F$14,$M104,AV$13)=\"\",10^12,OFFSET(CRONOPLE!$F$14,$M104,AV$13))))","v":1000000000000},null,{"$f":"IF($D104<>\"Serviço\",0,IF(OR(AND(AUTOEVENTO=\"Manual\",$M104=1),$M104>(ROW(PLE.lastrow)-ROW(PLE.firstrow))),0,IF(OFFSET(PLE!$G$14,$M104,AX$13)=\"\",10^12,OFFSET(PLE!$G$14,$M104,AX$13))))","v":1000000000000},{"$f":"IF($D104<>\"Serviço\",0,IF(OR(AND(AUTOEVENTO=\"Manual\",$M104=1),$M104>(ROW(PLE.lastrow)-ROW(PLE.firstrow))),0,IF(OFFSET(PLE!$G$14,$M104,AY$13)=\"\",10^12,OFFSET(PLE!$G$14,$M104,AY$13))))","v":1000000000000},{"$f":"IF($D104<>\"Serviço\",0,IF(OR(AND(AUTOEVENTO=\"Manual\",$M104=1),$M104>(ROW(PLE.lastrow)-ROW(PLE.firstrow))),0,IF(OFFSET(PLE!$G$14,$M104,AZ$13)=\"\",10^12,OFFSET(PLE!$G$14,$M104,AZ$13))))","v":1000000000000},{"$f":"IF($D104<>\"Serviço\",0,IF(OR(AND(AUTOEVENTO=\"Manual\",$M104=1),$M104>(ROW(PLE.lastrow)-ROW(PLE.firstrow))),0,IF(OFFSET(PLE!$G$14,$M104,BA$13)=\"\",10^12,OFFSET(PLE!$G$14,$M104,BA$13))))","v":1000000000000},{"$f":"IF($D104<>\"Serviço\",0,IF(OR(AND(AUTOEVENTO=\"Manual\",$M104=1),$M104>(ROW(PLE.lastrow)-ROW(PLE.firstrow))),0,IF(OFFSET(PLE!$G$14,$M104,BB$13)=\"\",10^12,OFFSET(PLE!$G$14,$M104,BB$13))))","v":1000000000000},{"$f":"IF($D104<>\"Serviço\",0,IF(OR(AND(AUTOEVENTO=\"Manual\",$M104=1),$M104>(ROW(PLE.lastrow)-ROW(PLE.firstrow))),0,IF(OFFSET(PLE!$G$14,$M104,BC$13)=\"\",10^12,OFFSET(PLE!$G$14,$M104,BC$13))))","v":1000000000000},{"$f":"IF($D104<>\"Serviço\",0,IF(OR(AND(AUTOEVENTO=\"Manual\",$M104=1),$M104>(ROW(PLE.lastrow)-ROW(PLE.firstrow))),0,IF(OFFSET(PLE!$G$14,$M104,BD$13)=\"\",10^12,OFFSET(PLE!$G$14,$M104,BD$13))))","v":1000000000000},{"$f":"IF($D104<>\"Serviço\",0,IF(OR(AND(AUTOEVENTO=\"Manual\",$M104=1),$M104>(ROW(PLE.lastrow)-ROW(PLE.firstrow))),0,IF(OFFSET(PLE!$G$14,$M104,BE$13)=\"\",10^12,OFFSET(PLE!$G$14,$M104,BE$13))))","v":1000000000000},{"$f":"IF($D104<>\"Serviço\",0,IF(OR(AND(AUTOEVENTO=\"Manual\",$M104=1),$M104>(ROW(PLE.lastrow)-ROW(PLE.firstrow))),0,IF(OFFSET(PLE!$G$14,$M104,BF$13)=\"\",10^12,OFFSET(PLE!$G$14,$M104,BF$13))))","v":1000000000000},{"$f":"IF($D104<>\"Serviço\",0,IF(OR(AND(AUTOEVENTO=\"Manual\",$M104=1),$M104>(ROW(PLE.lastrow)-ROW(PLE.firstrow))),0,IF(OFFSET(PLE!$G$14,$M104,BG$13)=\"\",10^12,OFFSET(PLE!$G$14,$M104,BG$13))))","v":1000000000000}]
["81",{"$f":"OFFSET(ORÇAMENTO!C$15,ROW(B105)-ROW(B$15),0)","v":"S"},{"$f":"OFFSET(ORÇAMENTO!L$15,ROW(C105)-ROW(C$15),0)","v":"F"},{"$f":"OFFSET(ORÇAMENTO!N$15,ROW(D105)-ROW(D$15),0)","v":"Serviço"},{"$f":"OFFSET(ORÇAMENTO!O$15,ROW(E105)-ROW(E$15),0)","v":"1.7.0.0.9."},{"$f":"OFFSET(ORÇAMENTO!R$15,ROW(F105)-ROW(F$15),0)","v":"CABO DE COBRE FLEXÍVEL ISOLADO, 2,5 MM², ANTI-CHAMA 450/750 V, PARA CIRCUITOS TERMINAIS - FORNECIMENTO E INSTALAÇÃO. AF_03/2023"},{"$f":"IF($D105<>\"Serviço\",\"\",OFFSET(ORÇAMENTO!S$15,ROW(G105)-ROW(G$15),0))","v":"M"},{"$f":"IF($D105<>\"Serviço\",0,IF(ACOMPANHAMENTO=\"BM\",ROUND(OFFSET(ORÇAMENTO!AJ$15,ROW(H105)-ROW(H$15),0),15-13*ORÇAMENTO!$AF$7),SUMPRODUCT(($Q$12:$AA$12<>\"\")*ROUND($Q105:$AA105,15-13*ORÇAMENTO!$AF$7))))","v":625.44000000000005},null,null,null,".",{"$f":"IF($D105<>\"Serviço\",\"\",IF(AUTOEVENTO=\"manual\",$A105,IF(ISERROR(MATCH($A105,$A$15:OFFSET($A105,-1,0),0)),MAX($M$15:OFFSET(M105,-1,0))+1,INDEX($M$15:OFFSET(M105,-1,0),MATCH($A105,$A$15:OFFSET($A105,-1,0),0)))))","v":8},{"$f":"IF($D105<>\"Serviço\",\"\",IF(AUTOEVENTO=\"Manual\",IF($A105=0,\"<-- defina o número do agrupador\",OFFSET(EVENTOS!$D$14,$A105,0)),OFFSET($F$15,$A105,0)))","v":"INSTALAÇÕES ELÉTRICAS"},null,null,null,null,null,null,null,null,null,null,null,null,null,{"$f":"IF(AND($D105=\"Serviço\",AB$12<>0,$H105>0,OR(AUTOEVENTO<>\"manual\",$M105<>1)),\nIF(Import.TipoArredondamento<>\"TransfereGOV\",\nROUND(OFFSET($P105,0,AB$13),15-13*ORÇAMENTO!$AF$7)/$H105*OFFSET(ORÇAMENTO!$X$15,ROW(AB105)-ROW(AB$15),0),\nROUND(ROUND(OFFSET($P105,0,AB$13),15-13*ORÇAMENTO!$AF$7)*OFFSET(ORÇAMENTO!$W$15,ROW(AB105)-ROW(AB$15),0),15-13*ORÇAMENTO!$AF$11)),0)","v":0},{"$f":"IF(AND($D105=\"Serviço\",AC$12<>0,$H105>0,OR(AUTOEVENTO<>\"manual\",$M105<>1)),\nIF(Import.TipoArredondamento<>\"TransfereGOV\",\nROUND(OFFSET($P105,0,AC$13),15-13*ORÇAMENTO!$AF$7)/$H105*OFFSET(ORÇAMENTO!$X$15,ROW(AC105)-ROW(AC$15),0),\nROUND(ROUND(OFFSET($P105,0,AC$13),15-13*ORÇAMENTO!$AF$7)*OFFSET(ORÇAMENTO!$W$15,ROW(AC105)-ROW(AC$15),0),15-13*ORÇAMENTO!$AF$11)),0)","v":0},{"$f":"IF(AND($D105=\"Serviço\",AD$12<>0,$H105>0,OR(AUTOEVENTO<>\"manual\",$M105<>1)),\nIF(Import.TipoArredondamento<>\"TransfereGOV\",\nROUND(OFFSET($P105,0,AD$13),15-13*ORÇAMENTO!$AF$7)/$H105*OFFSET(ORÇAMENTO!$X$15,ROW(AD105)-ROW(AD$15),0),\nROUND(ROUND(OFFSET($P105,0,AD$13),15-13*ORÇAMENTO!$AF$7)*OFFSET(ORÇAMENTO!$W$15,ROW(AD105)-ROW(AD$15),0),15-13*ORÇAMENTO!$AF$11)),0)","v":0},{"$f":"IF(AND($D105=\"Serviço\",AE$12<>0,$H105>0,OR(AUTOEVENTO<>\"manual\",$M105<>1)),\nIF(Import.TipoArredondamento<>\"TransfereGOV\",\nROUND(OFFSET($P105,0,AE$13),15-13*ORÇAMENTO!$AF$7)/$H105*OFFSET(ORÇAMENTO!$X$15,ROW(AE105)-ROW(AE$15),0),\nROUND(ROUND(OFFSET($P105,0,AE$13),15-13*ORÇAMENTO!$AF$7)*OFFSET(ORÇAMENTO!$W$15,ROW(AE105)-ROW(AE$15),0),15-13*ORÇAMENTO!$AF$11)),0)","v":0},{"$f":"IF(AND($D105=\"Serviço\",AF$12<>0,$H105>0,OR(AUTOEVENTO<>\"manual\",$M105<>1)),\nIF(Import.TipoArredondamento<>\"TransfereGOV\",\nROUND(OFFSET($P105,0,AF$13),15-13*ORÇAMENTO!$AF$7)/$H105*OFFSET(ORÇAMENTO!$X$15,ROW(AF105)-ROW(AF$15),0),\nROUND(ROUND(OFFSET($P105,0,AF$13),15-13*ORÇAMENTO!$AF$7)*OFFSET(ORÇAMENTO!$W$15,ROW(AF105)-ROW(AF$15),0),15-13*ORÇAMENTO!$AF$11)),0)","v":0},{"$f":"IF(AND($D105=\"Serviço\",AG$12<>0,$H105>0,OR(AUTOEVENTO<>\"manual\",$M105<>1)),\nIF(Import.TipoArredondamento<>\"TransfereGOV\",\nROUND(OFFSET($P105,0,AG$13),15-13*ORÇAMENTO!$AF$7)/$H105*OFFSET(ORÇAMENTO!$X$15,ROW(AG105)-ROW(AG$15),0),\nROUND(ROUND(OFFSET($P105,0,AG$13),15-13*ORÇAMENTO!$AF$7)*OFFSET(ORÇAMENTO!$W$15,ROW(AG105)-ROW(AG$15),0),15-13*ORÇAMENTO!$AF$11)),0)","v":0},{"$f":"IF(AND($D105=\"Serviço\",AH$12<>0,$H105>0,OR(AUTOEVENTO<>\"manual\",$M105<>1)),\nIF(Import.TipoArredondamento<>\"TransfereGOV\",\nROUND(OFFSET($P105,0,AH$13),15-13*ORÇAMENTO!$AF$7)/$H105*OFFSET(ORÇAMENTO!$X$15,ROW(AH105)-ROW(AH$15),0),\nROUND(ROUND(OFFSET($P105,0,AH$13),15-13*ORÇAMENTO!$AF$7)*OFFSET(ORÇAMENTO!$W$15,ROW(AH105)-ROW(AH$15),0),15-13*ORÇAMENTO!$AF$11)),0)","v":0},{"$f":"IF(AND($D105=\"Serviço\",AI$12<>0,$H105>0,OR(AUTOEVENTO<>\"manual\",$M105<>1)),\nIF(Import.TipoArredondamento<>\"TransfereGOV\",\nROUND(OFFSET($P105,0,AI$13),15-13*ORÇAMENTO!$AF$7)/$H105*OFFSET(ORÇAMENTO!$X$15,ROW(AI105)-ROW(AI$15),0),\nROUND(ROUND(OFFSET($P105,0,AI$13),15-13*ORÇAMENTO!$AF$7)*OFFSET(ORÇAMENTO!$W$15,ROW(AI105)-ROW(AI$15),0),15-13*ORÇAMENTO!$AF$11)),0)","v":0},{"$f":"IF(AND($D105=\"Serviço\",AJ$12<>0,$H105>0,OR(AUTOEVENTO<>\"manual\",$M105<>1)),\nIF(Import.TipoArredondamento<>\"TransfereGOV\",\nROUND(OFFSET($P105,0,AJ$13),15-13*ORÇAMENTO!$AF$7)/$H105*OFFSET(ORÇAMENTO!$X$15,ROW(AJ105)-ROW(AJ$15),0),\nROUND(ROUND(OFFSET($P105,0,AJ$13),15-13*ORÇAMENTO!$AF$7)*OFFSET(ORÇAMENTO!$W$15,ROW(AJ105)-ROW(AJ$15),0),15-13*ORÇAMENTO!$AF$11)),0)","v":0},{"$f":"IF(AND($D105=\"Serviço\",AK$12<>0,$H105>0,OR(AUTOEVENTO<>\"manual\",$M105<>1)),\nIF(Import.TipoArredondamento<>\"TransfereGOV\",\nROUND(OFFSET($P105,0,AK$13),15-13*ORÇAMENTO!$AF$7)/$H105*OFFSET(ORÇAMENTO!$X$15,ROW(AK105)-ROW(AK$15),0),\nROUND(ROUND(OFFSET($P105,0,AK$13),15-13*ORÇAMENTO!$AF$7)*OFFSET(ORÇAMENTO!$W$15,ROW(AK105)-ROW(AK$15),0),15-13*ORÇAMENTO!$AF$11)),0)","v":0},null,{"$f":"IF($D105<>\"Serviço\",0,IF(AND(AUTOEVENTO=\"Manual\",$M105=1),0,IF(OFFSET(CRONOPLE!$F$14,$M105,AM$13)=\"\",10^12,OFFSET(CRONOPLE!$F$14,$M105,AM$13))))","v":1000000000000},{"$f":"IF($D105<>\"Serviço\",0,IF(AND(AUTOEVENTO=\"Manual\",$M105=1),0,IF(OFFSET(CRONOPLE!$F$14,$M105,AN$13)=\"\",10^12,OFFSET(CRONOPLE!$F$14,$M105,AN$13))))","v":1000000000000},{"$f":"IF($D105<>\"Serviço\",0,IF(AND(AUTOEVENTO=\"Manual\",$M105=1),0,IF(OFFSET(CRONOPLE!$F$14,$M105,AO$13)=\"\",10^12,OFFSET(CRONOPLE!$F$14,$M105,AO$13))))","v":1000000000000},{"$f":"IF($D105<>\"Serviço\",0,IF(AND(AUTOEVENTO=\"Manual\",$M105=1),0,IF(OFFSET(CRONOPLE!$F$14,$M105,AP$13)=\"\",10^12,OFFSET(CRONOPLE!$F$14,$M105,AP$13))))","v":1000000000000},{"$f":"IF($D105<>\"Serviço\",0,IF(AND(AUTOEVENTO=\"Manual\",$M105=1),0,IF(OFFSET(CRONOPLE!$F$14,$M105,AQ$13)=\"\",10^12,OFFSET(CRONOPLE!$F$14,$M105,AQ$13))))","v":1000000000000},{"$f":"IF($D105<>\"Serviço\",0,IF(AND(AUTOEVENTO=\"Manual\",$M105=1),0,IF(OFFSET(CRONOPLE!$F$14,$M105,AR$13)=\"\",10^12,OFFSET(CRONOPLE!$F$14,$M105,AR$13))))","v":1000000000000},{"$f":"IF($D105<>\"Serviço\",0,IF(AND(AUTOEVENTO=\"Manual\",$M105=1),0,IF(OFFSET(CRONOPLE!$F$14,$M105,AS$13)=\"\",10^12,OFFSET(CRONOPLE!$F$14,$M105,AS$13))))","v":1000000000000},{"$f":"IF($D105<>\"Serviço\",0,IF(AND(AUTOEVENTO=\"Manual\",$M105=1),0,IF(OFFSET(CRONOPLE!$F$14,$M105,AT$13)=\"\",10^12,OFFSET(CRONOPLE!$F$14,$M105,AT$13))))","v":1000000000000},{"$f":"IF($D105<>\"Serviço\",0,IF(AND(AUTOEVENTO=\"Manual\",$M105=1),0,IF(OFFSET(CRONOPLE!$F$14,$M105,AU$13)=\"\",10^12,OFFSET(CRONOPLE!$F$14,$M105,AU$13))))","v":1000000000000},{"$f":"IF($D105<>\"Serviço\",0,IF(AND(AUTOEVENTO=\"Manual\",$M105=1),0,IF(OFFSET(CRONOPLE!$F$14,$M105,AV$13)=\"\",10^12,OFFSET(CRONOPLE!$F$14,$M105,AV$13))))","v":1000000000000},null,{"$f":"IF($D105<>\"Serviço\",0,IF(OR(AND(AUTOEVENTO=\"Manual\",$M105=1),$M105>(ROW(PLE.lastrow)-ROW(PLE.firstrow))),0,IF(OFFSET(PLE!$G$14,$M105,AX$13)=\"\",10^12,OFFSET(PLE!$G$14,$M105,AX$13))))","v":1000000000000},{"$f":"IF($D105<>\"Serviço\",0,IF(OR(AND(AUTOEVENTO=\"Manual\",$M105=1),$M105>(ROW(PLE.lastrow)-ROW(PLE.firstrow))),0,IF(OFFSET(PLE!$G$14,$M105,AY$13)=\"\",10^12,OFFSET(PLE!$G$14,$M105,AY$13))))","v":1000000000000},{"$f":"IF($D105<>\"Serviço\",0,IF(OR(AND(AUTOEVENTO=\"Manual\",$M105=1),$M105>(ROW(PLE.lastrow)-ROW(PLE.firstrow))),0,IF(OFFSET(PLE!$G$14,$M105,AZ$13)=\"\",10^12,OFFSET(PLE!$G$14,$M105,AZ$13))))","v":1000000000000},{"$f":"IF($D105<>\"Serviço\",0,IF(OR(AND(AUTOEVENTO=\"Manual\",$M105=1),$M105>(ROW(PLE.lastrow)-ROW(PLE.firstrow))),0,IF(OFFSET(PLE!$G$14,$M105,BA$13)=\"\",10^12,OFFSET(PLE!$G$14,$M105,BA$13))))","v":1000000000000},{"$f":"IF($D105<>\"Serviço\",0,IF(OR(AND(AUTOEVENTO=\"Manual\",$M105=1),$M105>(ROW(PLE.lastrow)-ROW(PLE.firstrow))),0,IF(OFFSET(PLE!$G$14,$M105,BB$13)=\"\",10^12,OFFSET(PLE!$G$14,$M105,BB$13))))","v":1000000000000},{"$f":"IF($D105<>\"Serviço\",0,IF(OR(AND(AUTOEVENTO=\"Manual\",$M105=1),$M105>(ROW(PLE.lastrow)-ROW(PLE.firstrow))),0,IF(OFFSET(PLE!$G$14,$M105,BC$13)=\"\",10^12,OFFSET(PLE!$G$14,$M105,BC$13))))","v":1000000000000},{"$f":"IF($D105<>\"Serviço\",0,IF(OR(AND(AUTOEVENTO=\"Manual\",$M105=1),$M105>(ROW(PLE.lastrow)-ROW(PLE.firstrow))),0,IF(OFFSET(PLE!$G$14,$M105,BD$13)=\"\",10^12,OFFSET(PLE!$G$14,$M105,BD$13))))","v":1000000000000},{"$f":"IF($D105<>\"Serviço\",0,IF(OR(AND(AUTOEVENTO=\"Manual\",$M105=1),$M105>(ROW(PLE.lastrow)-ROW(PLE.firstrow))),0,IF(OFFSET(PLE!$G$14,$M105,BE$13)=\"\",10^12,OFFSET(PLE!$G$14,$M105,BE$13))))","v":1000000000000},{"$f":"IF($D105<>\"Serviço\",0,IF(OR(AND(AUTOEVENTO=\"Manual\",$M105=1),$M105>(ROW(PLE.lastrow)-ROW(PLE.firstrow))),0,IF(OFFSET(PLE!$G$14,$M105,BF$13)=\"\",10^12,OFFSET(PLE!$G$14,$M105,BF$13))))","v":1000000000000},{"$f":"IF($D105<>\"Serviço\",0,IF(OR(AND(AUTOEVENTO=\"Manual\",$M105=1),$M105>(ROW(PLE.lastrow)-ROW(PLE.firstrow))),0,IF(OFFSET(PLE!$G$14,$M105,BG$13)=\"\",10^12,OFFSET(PLE!$G$14,$M105,BG$13))))","v":1000000000000}]
["81",{"$f":"OFFSET(ORÇAMENTO!C$15,ROW(B106)-ROW(B$15),0)","v":"S"},{"$f":"OFFSET(ORÇAMENTO!L$15,ROW(C106)-ROW(C$15),0)","v":"F"},{"$f":"OFFSET(ORÇAMENTO!N$15,ROW(D106)-ROW(D$15),0)","v":"Serviço"},{"$f":"OFFSET(ORÇAMENTO!O$15,ROW(E106)-ROW(E$15),0)","v":"1.7.0.0.10."},{"$f":"OFFSET(ORÇAMENTO!R$15,ROW(F106)-ROW(F$15),0)","v":"CABO DE COBRE FLEXÍVEL ISOLADO, 4 MM², ANTI-CHAMA 450/750 V, PARA CIRCUITOS TERMINAIS - FORNECIMENTO E INSTALAÇÃO. AF_03/2023"},{"$f":"IF($D106<>\"Serviço\",\"\",OFFSET(ORÇAMENTO!S$15,ROW(G106)-ROW(G$15),0))","v":"M"},{"$f":"IF($D106<>\"Serviço\",0,IF(ACOMPANHAMENTO=\"BM\",ROUND(OFFSET(ORÇAMENTO!AJ$15,ROW(H106)-ROW(H$15),0),15-13*ORÇAMENTO!$AF$7),SUMPRODUCT(($Q$12:$AA$12<>\"\")*ROUND($Q106:$AA106,15-13*ORÇAMENTO!$AF$7))))","v":702.03},null,null,null,".",{"$f":"IF($D106<>\"Serviço\",\"\",IF(AUTOEVENTO=\"manual\",$A106,IF(ISERROR(MATCH($A106,$A$15:OFFSET($A106,-1,0),0)),MAX($M$15:OFFSET(M106,-1,0))+1,INDEX($M$15:OFFSET(M106,-1,0),MATCH($A106,$A$15:OFFSET($A106,-1,0),0)))))","v":8},{"$f":"IF($D106<>\"Serviço\",\"\",IF(AUTOEVENTO=\"Manual\",IF($A106=0,\"<-- defina o número do agrupador\",OFFSET(EVENTOS!$D$14,$A106,0)),OFFSET($F$15,$A106,0)))","v":"INSTALAÇÕES ELÉTRICAS"},null,null,null,null,null,null,null,null,null,null,null,null,null,{"$f":"IF(AND($D106=\"Serviço\",AB$12<>0,$H106>0,OR(AUTOEVENTO<>\"manual\",$M106<>1)),\nIF(Import.TipoArredondamento<>\"TransfereGOV\",\nROUND(OFFSET($P106,0,AB$13),15-13*ORÇAMENTO!$AF$7)/$H106*OFFSET(ORÇAMENTO!$X$15,ROW(AB106)-ROW(AB$15),0),\nROUND(ROUND(OFFSET($P106,0,AB$13),15-13*ORÇAMENTO!$AF$7)*OFFSET(ORÇAMENTO!$W$15,ROW(AB106)-ROW(AB$15),0),15-13*ORÇAMENTO!$AF$11)),0)","v":0},{"$f":"IF(AND($D106=\"Serviço\",AC$12<>0,$H106>0,OR(AUTOEVENTO<>\"manual\",$M106<>1)),\nIF(Import.TipoArredondamento<>\"TransfereGOV\",\nROUND(OFFSET($P106,0,AC$13),15-13*ORÇAMENTO!$AF$7)/$H106*OFFSET(ORÇAMENTO!$X$15,ROW(AC106)-ROW(AC$15),0),\nROUND(ROUND(OFFSET($P106,0,AC$13),15-13*ORÇAMENTO!$AF$7)*OFFSET(ORÇAMENTO!$W$15,ROW(AC106)-ROW(AC$15),0),15-13*ORÇAMENTO!$AF$11)),0)","v":0},{"$f":"IF(AND($D106=\"Serviço\",AD$12<>0,$H106>0,OR(AUTOEVENTO<>\"manual\",$M106<>1)),\nIF(Import.TipoArredondamento<>\"TransfereGOV\",\nROUND(OFFSET($P106,0,AD$13),15-13*ORÇAMENTO!$AF$7)/$H106*OFFSET(ORÇAMENTO!$X$15,ROW(AD106)-ROW(AD$15),0),\nROUND(ROUND(OFFSET($P106,0,AD$13),15-13*ORÇAMENTO!$AF$7)*OFFSET(ORÇAMENTO!$W$15,ROW(AD106)-ROW(AD$15),0),15-13*ORÇAMENTO!$AF$11)),0)","v":0},{"$f":"IF(AND($D106=\"Serviço\",AE$12<>0,$H106>0,OR(AUTOEVENTO<>\"manual\",$M106<>1)),\nIF(Import.TipoArredondamento<>\"TransfereGOV\",\nROUND(OFFSET($P106,0,AE$13),15-13*ORÇAMENTO!$AF$7)/$H106*OFFSET(ORÇAMENTO!$X$15,ROW(AE106)-ROW(AE$15),0),\nROUND(ROUND(OFFSET($P106,0,AE$13),15-13*ORÇAMENTO!$AF$7)*OFFSET(ORÇAMENTO!$W$15,ROW(AE106)-ROW(AE$15),0),15-13*ORÇAMENTO!$AF$11)),0)","v":0},{"$f":"IF(AND($D106=\"Serviço\",AF$12<>0,$H106>0,OR(AUTOEVENTO<>\"manual\",$M106<>1)),\nIF(Import.TipoArredondamento<>\"TransfereGOV\",\nROUND(OFFSET($P106,0,AF$13),15-13*ORÇAMENTO!$AF$7)/$H106*OFFSET(ORÇAMENTO!$X$15,ROW(AF106)-ROW(AF$15),0),\nROUND(ROUND(OFFSET($P106,0,AF$13),15-13*ORÇAMENTO!$AF$7)*OFFSET(ORÇAMENTO!$W$15,ROW(AF106)-ROW(AF$15),0),15-13*ORÇAMENTO!$AF$11)),0)","v":0},{"$f":"IF(AND($D106=\"Serviço\",AG$12<>0,$H106>0,OR(AUTOEVENTO<>\"manual\",$M106<>1)),\nIF(Import.TipoArredondamento<>\"TransfereGOV\",\nROUND(OFFSET($P106,0,AG$13),15-13*ORÇAMENTO!$AF$7)/$H106*OFFSET(ORÇAMENTO!$X$15,ROW(AG106)-ROW(AG$15),0),\nROUND(ROUND(OFFSET($P106,0,AG$13),15-13*ORÇAMENTO!$AF$7)*OFFSET(ORÇAMENTO!$W$15,ROW(AG106)-ROW(AG$15),0),15-13*ORÇAMENTO!$AF$11)),0)","v":0},{"$f":"IF(AND($D106=\"Serviço\",AH$12<>0,$H106>0,OR(AUTOEVENTO<>\"manual\",$M106<>1)),\nIF(Import.TipoArredondamento<>\"TransfereGOV\",\nROUND(OFFSET($P106,0,AH$13),15-13*ORÇAMENTO!$AF$7)/$H106*OFFSET(ORÇAMENTO!$X$15,ROW(AH106)-ROW(AH$15),0),\nROUND(ROUND(OFFSET($P106,0,AH$13),15-13*ORÇAMENTO!$AF$7)*OFFSET(ORÇAMENTO!$W$15,ROW(AH106)-ROW(AH$15),0),15-13*ORÇAMENTO!$AF$11)),0)","v":0},{"$f":"IF(AND($D106=\"Serviço\",AI$12<>0,$H106>0,OR(AUTOEVENTO<>\"manual\",$M106<>1)),\nIF(Import.TipoArredondamento<>\"TransfereGOV\",\nROUND(OFFSET($P106,0,AI$13),15-13*ORÇAMENTO!$AF$7)/$H106*OFFSET(ORÇAMENTO!$X$15,ROW(AI106)-ROW(AI$15),0),\nROUND(ROUND(OFFSET($P106,0,AI$13),15-13*ORÇAMENTO!$AF$7)*OFFSET(ORÇAMENTO!$W$15,ROW(AI106)-ROW(AI$15),0),15-13*ORÇAMENTO!$AF$11)),0)","v":0},{"$f":"IF(AND($D106=\"Serviço\",AJ$12<>0,$H106>0,OR(AUTOEVENTO<>\"manual\",$M106<>1)),\nIF(Import.TipoArredondamento<>\"TransfereGOV\",\nROUND(OFFSET($P106,0,AJ$13),15-13*ORÇAMENTO!$AF$7)/$H106*OFFSET(ORÇAMENTO!$X$15,ROW(AJ106)-ROW(AJ$15),0),\nROUND(ROUND(OFFSET($P106,0,AJ$13),15-13*ORÇAMENTO!$AF$7)*OFFSET(ORÇAMENTO!$W$15,ROW(AJ106)-ROW(AJ$15),0),15-13*ORÇAMENTO!$AF$11)),0)","v":0},{"$f":"IF(AND($D106=\"Serviço\",AK$12<>0,$H106>0,OR(AUTOEVENTO<>\"manual\",$M106<>1)),\nIF(Import.TipoArredondamento<>\"TransfereGOV\",\nROUND(OFFSET($P106,0,AK$13),15-13*ORÇAMENTO!$AF$7)/$H106*OFFSET(ORÇAMENTO!$X$15,ROW(AK106)-ROW(AK$15),0),\nROUND(ROUND(OFFSET($P106,0,AK$13),15-13*ORÇAMENTO!$AF$7)*OFFSET(ORÇAMENTO!$W$15,ROW(AK106)-ROW(AK$15),0),15-13*ORÇAMENTO!$AF$11)),0)","v":0},null,{"$f":"IF($D106<>\"Serviço\",0,IF(AND(AUTOEVENTO=\"Manual\",$M106=1),0,IF(OFFSET(CRONOPLE!$F$14,$M106,AM$13)=\"\",10^12,OFFSET(CRONOPLE!$F$14,$M106,AM$13))))","v":1000000000000},{"$f":"IF($D106<>\"Serviço\",0,IF(AND(AUTOEVENTO=\"Manual\",$M106=1),0,IF(OFFSET(CRONOPLE!$F$14,$M106,AN$13)=\"\",10^12,OFFSET(CRONOPLE!$F$14,$M106,AN$13))))","v":1000000000000},{"$f":"IF($D106<>\"Serviço\",0,IF(AND(AUTOEVENTO=\"Manual\",$M106=1),0,IF(OFFSET(CRONOPLE!$F$14,$M106,AO$13)=\"\",10^12,OFFSET(CRONOPLE!$F$14,$M106,AO$13))))","v":1000000000000},{"$f":"IF($D106<>\"Serviço\",0,IF(AND(AUTOEVENTO=\"Manual\",$M106=1),0,IF(OFFSET(CRONOPLE!$F$14,$M106,AP$13)=\"\",10^12,OFFSET(CRONOPLE!$F$14,$M106,AP$13))))","v":1000000000000},{"$f":"IF($D106<>\"Serviço\",0,IF(AND(AUTOEVENTO=\"Manual\",$M106=1),0,IF(OFFSET(CRONOPLE!$F$14,$M106,AQ$13)=\"\",10^12,OFFSET(CRONOPLE!$F$14,$M106,AQ$13))))","v":1000000000000},{"$f":"IF($D106<>\"Serviço\",0,IF(AND(AUTOEVENTO=\"Manual\",$M106=1),0,IF(OFFSET(CRONOPLE!$F$14,$M106,AR$13)=\"\",10^12,OFFSET(CRONOPLE!$F$14,$M106,AR$13))))","v":1000000000000},{"$f":"IF($D106<>\"Serviço\",0,IF(AND(AUTOEVENTO=\"Manual\",$M106=1),0,IF(OFFSET(CRONOPLE!$F$14,$M106,AS$13)=\"\",10^12,OFFSET(CRONOPLE!$F$14,$M106,AS$13))))","v":1000000000000},{"$f":"IF($D106<>\"Serviço\",0,IF(AND(AUTOEVENTO=\"Manual\",$M106=1),0,IF(OFFSET(CRONOPLE!$F$14,$M106,AT$13)=\"\",10^12,OFFSET(CRONOPLE!$F$14,$M106,AT$13))))","v":1000000000000},{"$f":"IF($D106<>\"Serviço\",0,IF(AND(AUTOEVENTO=\"Manual\",$M106=1),0,IF(OFFSET(CRONOPLE!$F$14,$M106,AU$13)=\"\",10^12,OFFSET(CRONOPLE!$F$14,$M106,AU$13))))","v":1000000000000},{"$f":"IF($D106<>\"Serviço\",0,IF(AND(AUTOEVENTO=\"Manual\",$M106=1),0,IF(OFFSET(CRONOPLE!$F$14,$M106,AV$13)=\"\",10^12,OFFSET(CRONOPLE!$F$14,$M106,AV$13))))","v":1000000000000},null,{"$f":"IF($D106<>\"Serviço\",0,IF(OR(AND(AUTOEVENTO=\"Manual\",$M106=1),$M106>(ROW(PLE.lastrow)-ROW(PLE.firstrow))),0,IF(OFFSET(PLE!$G$14,$M106,AX$13)=\"\",10^12,OFFSET(PLE!$G$14,$M106,AX$13))))","v":1000000000000},{"$f":"IF($D106<>\"Serviço\",0,IF(OR(AND(AUTOEVENTO=\"Manual\",$M106=1),$M106>(ROW(PLE.lastrow)-ROW(PLE.firstrow))),0,IF(OFFSET(PLE!$G$14,$M106,AY$13)=\"\",10^12,OFFSET(PLE!$G$14,$M106,AY$13))))","v":1000000000000},{"$f":"IF($D106<>\"Serviço\",0,IF(OR(AND(AUTOEVENTO=\"Manual\",$M106=1),$M106>(ROW(PLE.lastrow)-ROW(PLE.firstrow))),0,IF(OFFSET(PLE!$G$14,$M106,AZ$13)=\"\",10^12,OFFSET(PLE!$G$14,$M106,AZ$13))))","v":1000000000000},{"$f":"IF($D106<>\"Serviço\",0,IF(OR(AND(AUTOEVENTO=\"Manual\",$M106=1),$M106>(ROW(PLE.lastrow)-ROW(PLE.firstrow))),0,IF(OFFSET(PLE!$G$14,$M106,BA$13)=\"\",10^12,OFFSET(PLE!$G$14,$M106,BA$13))))","v":1000000000000},{"$f":"IF($D106<>\"Serviço\",0,IF(OR(AND(AUTOEVENTO=\"Manual\",$M106=1),$M106>(ROW(PLE.lastrow)-ROW(PLE.firstrow))),0,IF(OFFSET(PLE!$G$14,$M106,BB$13)=\"\",10^12,OFFSET(PLE!$G$14,$M106,BB$13))))","v":1000000000000},{"$f":"IF($D106<>\"Serviço\",0,IF(OR(AND(AUTOEVENTO=\"Manual\",$M106=1),$M106>(ROW(PLE.lastrow)-ROW(PLE.firstrow))),0,IF(OFFSET(PLE!$G$14,$M106,BC$13)=\"\",10^12,OFFSET(PLE!$G$14,$M106,BC$13))))","v":1000000000000},{"$f":"IF($D106<>\"Serviço\",0,IF(OR(AND(AUTOEVENTO=\"Manual\",$M106=1),$M106>(ROW(PLE.lastrow)-ROW(PLE.firstrow))),0,IF(OFFSET(PLE!$G$14,$M106,BD$13)=\"\",10^12,OFFSET(PLE!$G$14,$M106,BD$13))))","v":1000000000000},{"$f":"IF($D106<>\"Serviço\",0,IF(OR(AND(AUTOEVENTO=\"Manual\",$M106=1),$M106>(ROW(PLE.lastrow)-ROW(PLE.firstrow))),0,IF(OFFSET(PLE!$G$14,$M106,BE$13)=\"\",10^12,OFFSET(PLE!$G$14,$M106,BE$13))))","v":1000000000000},{"$f":"IF($D106<>\"Serviço\",0,IF(OR(AND(AUTOEVENTO=\"Manual\",$M106=1),$M106>(ROW(PLE.lastrow)-ROW(PLE.firstrow))),0,IF(OFFSET(PLE!$G$14,$M106,BF$13)=\"\",10^12,OFFSET(PLE!$G$14,$M106,BF$13))))","v":1000000000000},{"$f":"IF($D106<>\"Serviço\",0,IF(OR(AND(AUTOEVENTO=\"Manual\",$M106=1),$M106>(ROW(PLE.lastrow)-ROW(PLE.firstrow))),0,IF(OFFSET(PLE!$G$14,$M106,BG$13)=\"\",10^12,OFFSET(PLE!$G$14,$M106,BG$13))))","v":1000000000000}]
["81",{"$f":"OFFSET(ORÇAMENTO!C$15,ROW(B107)-ROW(B$15),0)","v":"S"},{"$f":"OFFSET(ORÇAMENTO!L$15,ROW(C107)-ROW(C$15),0)","v":"F"},{"$f":"OFFSET(ORÇAMENTO!N$15,ROW(D107)-ROW(D$15),0)","v":"Serviço"},{"$f":"OFFSET(ORÇAMENTO!O$15,ROW(E107)-ROW(E$15),0)","v":"1.7.0.0.11."},{"$f":"OFFSET(ORÇAMENTO!R$15,ROW(F107)-ROW(F$15),0)","v":"CABO DE COBRE FLEXÍVEL ISOLADO, 6 MM², ANTI-CHAMA 450/750 V, PARA CIRCUITOS TERMINAIS - FORNECIMENTO E INSTALAÇÃO. AF_03/2023"},{"$f":"IF($D107<>\"Serviço\",\"\",OFFSET(ORÇAMENTO!S$15,ROW(G107)-ROW(G$15),0))","v":"M"},{"$f":"IF($D107<>\"Serviço\",0,IF(ACOMPANHAMENTO=\"BM\",ROUND(OFFSET(ORÇAMENTO!AJ$15,ROW(H107)-ROW(H$15),0),15-13*ORÇAMENTO!$AF$7),SUMPRODUCT(($Q$12:$AA$12<>\"\")*ROUND($Q107:$AA107,15-13*ORÇAMENTO!$AF$7))))","v":380.07},null,null,null,".",{"$f":"IF($D107<>\"Serviço\",\"\",IF(AUTOEVENTO=\"manual\",$A107,IF(ISERROR(MATCH($A107,$A$15:OFFSET($A107,-1,0),0)),MAX($M$15:OFFSET(M107,-1,0))+1,INDEX($M$15:OFFSET(M107,-1,0),MATCH($A107,$A$15:OFFSET($A107,-1,0),0)))))","v":8},{"$f":"IF($D107<>\"Serviço\",\"\",IF(AUTOEVENTO=\"Manual\",IF($A107=0,\"<-- defina o número do agrupador\",OFFSET(EVENTOS!$D$14,$A107,0)),OFFSET($F$15,$A107,0)))","v":"INSTALAÇÕES ELÉTRICAS"},null,null,null,null,null,null,null,null,null,null,null,null,null,{"$f":"IF(AND($D107=\"Serviço\",AB$12<>0,$H107>0,OR(AUTOEVENTO<>\"manual\",$M107<>1)),\nIF(Import.TipoArredondamento<>\"TransfereGOV\",\nROUND(OFFSET($P107,0,AB$13),15-13*ORÇAMENTO!$AF$7)/$H107*OFFSET(ORÇAMENTO!$X$15,ROW(AB107)-ROW(AB$15),0),\nROUND(ROUND(OFFSET($P107,0,AB$13),15-13*ORÇAMENTO!$AF$7)*OFFSET(ORÇAMENTO!$W$15,ROW(AB107)-ROW(AB$15),0),15-13*ORÇAMENTO!$AF$11)),0)","v":0},{"$f":"IF(AND($D107=\"Serviço\",AC$12<>0,$H107>0,OR(AUTOEVENTO<>\"manual\",$M107<>1)),\nIF(Import.TipoArredondamento<>\"TransfereGOV\",\nROUND(OFFSET($P107,0,AC$13),15-13*ORÇAMENTO!$AF$7)/$H107*OFFSET(ORÇAMENTO!$X$15,ROW(AC107)-ROW(AC$15),0),\nROUND(ROUND(OFFSET($P107,0,AC$13),15-13*ORÇAMENTO!$AF$7)*OFFSET(ORÇAMENTO!$W$15,ROW(AC107)-ROW(AC$15),0),15-13*ORÇAMENTO!$AF$11)),0)","v":0},{"$f":"IF(AND($D107=\"Serviço\",AD$12<>0,$H107>0,OR(AUTOEVENTO<>\"manual\",$M107<>1)),\nIF(Import.TipoArredondamento<>\"TransfereGOV\",\nROUND(OFFSET($P107,0,AD$13),15-13*ORÇAMENTO!$AF$7)/$H107*OFFSET(ORÇAMENTO!$X$15,ROW(AD107)-ROW(AD$15),0),\nROUND(ROUND(OFFSET($P107,0,AD$13),15-13*ORÇAMENTO!$AF$7)*OFFSET(ORÇAMENTO!$W$15,ROW(AD107)-ROW(AD$15),0),15-13*ORÇAMENTO!$AF$11)),0)","v":0},{"$f":"IF(AND($D107=\"Serviço\",AE$12<>0,$H107>0,OR(AUTOEVENTO<>\"manual\",$M107<>1)),\nIF(Import.TipoArredondamento<>\"TransfereGOV\",\nROUND(OFFSET($P107,0,AE$13),15-13*ORÇAMENTO!$AF$7)/$H107*OFFSET(ORÇAMENTO!$X$15,ROW(AE107)-ROW(AE$15),0),\nROUND(ROUND(OFFSET($P107,0,AE$13),15-13*ORÇAMENTO!$AF$7)*OFFSET(ORÇAMENTO!$W$15,ROW(AE107)-ROW(AE$15),0),15-13*ORÇAMENTO!$AF$11)),0)","v":0},{"$f":"IF(AND($D107=\"Serviço\",AF$12<>0,$H107>0,OR(AUTOEVENTO<>\"manual\",$M107<>1)),\nIF(Import.TipoArredondamento<>\"TransfereGOV\",\nROUND(OFFSET($P107,0,AF$13),15-13*ORÇAMENTO!$AF$7)/$H107*OFFSET(ORÇAMENTO!$X$15,ROW(AF107)-ROW(AF$15),0),\nROUND(ROUND(OFFSET($P107,0,AF$13),15-13*ORÇAMENTO!$AF$7)*OFFSET(ORÇAMENTO!$W$15,ROW(AF107)-ROW(AF$15),0),15-13*ORÇAMENTO!$AF$11)),0)","v":0},{"$f":"IF(AND($D107=\"Serviço\",AG$12<>0,$H107>0,OR(AUTOEVENTO<>\"manual\",$M107<>1)),\nIF(Import.TipoArredondamento<>\"TransfereGOV\",\nROUND(OFFSET($P107,0,AG$13),15-13*ORÇAMENTO!$AF$7)/$H107*OFFSET(ORÇAMENTO!$X$15,ROW(AG107)-ROW(AG$15),0),\nROUND(ROUND(OFFSET($P107,0,AG$13),15-13*ORÇAMENTO!$AF$7)*OFFSET(ORÇAMENTO!$W$15,ROW(AG107)-ROW(AG$15),0),15-13*ORÇAMENTO!$AF$11)),0)","v":0},{"$f":"IF(AND($D107=\"Serviço\",AH$12<>0,$H107>0,OR(AUTOEVENTO<>\"manual\",$M107<>1)),\nIF(Import.TipoArredondamento<>\"TransfereGOV\",\nROUND(OFFSET($P107,0,AH$13),15-13*ORÇAMENTO!$AF$7)/$H107*OFFSET(ORÇAMENTO!$X$15,ROW(AH107)-ROW(AH$15),0),\nROUND(ROUND(OFFSET($P107,0,AH$13),15-13*ORÇAMENTO!$AF$7)*OFFSET(ORÇAMENTO!$W$15,ROW(AH107)-ROW(AH$15),0),15-13*ORÇAMENTO!$AF$11)),0)","v":0},{"$f":"IF(AND($D107=\"Serviço\",AI$12<>0,$H107>0,OR(AUTOEVENTO<>\"manual\",$M107<>1)),\nIF(Import.TipoArredondamento<>\"TransfereGOV\",\nROUND(OFFSET($P107,0,AI$13),15-13*ORÇAMENTO!$AF$7)/$H107*OFFSET(ORÇAMENTO!$X$15,ROW(AI107)-ROW(AI$15),0),\nROUND(ROUND(OFFSET($P107,0,AI$13),15-13*ORÇAMENTO!$AF$7)*OFFSET(ORÇAMENTO!$W$15,ROW(AI107)-ROW(AI$15),0),15-13*ORÇAMENTO!$AF$11)),0)","v":0},{"$f":"IF(AND($D107=\"Serviço\",AJ$12<>0,$H107>0,OR(AUTOEVENTO<>\"manual\",$M107<>1)),\nIF(Import.TipoArredondamento<>\"TransfereGOV\",\nROUND(OFFSET($P107,0,AJ$13),15-13*ORÇAMENTO!$AF$7)/$H107*OFFSET(ORÇAMENTO!$X$15,ROW(AJ107)-ROW(AJ$15),0),\nROUND(ROUND(OFFSET($P107,0,AJ$13),15-13*ORÇAMENTO!$AF$7)*OFFSET(ORÇAMENTO!$W$15,ROW(AJ107)-ROW(AJ$15),0),15-13*ORÇAMENTO!$AF$11)),0)","v":0},{"$f":"IF(AND($D107=\"Serviço\",AK$12<>0,$H107>0,OR(AUTOEVENTO<>\"manual\",$M107<>1)),\nIF(Import.TipoArredondamento<>\"TransfereGOV\",\nROUND(OFFSET($P107,0,AK$13),15-13*ORÇAMENTO!$AF$7)/$H107*OFFSET(ORÇAMENTO!$X$15,ROW(AK107)-ROW(AK$15),0),\nROUND(ROUND(OFFSET($P107,0,AK$13),15-13*ORÇAMENTO!$AF$7)*OFFSET(ORÇAMENTO!$W$15,ROW(AK107)-ROW(AK$15),0),15-13*ORÇAMENTO!$AF$11)),0)","v":0},null,{"$f":"IF($D107<>\"Serviço\",0,IF(AND(AUTOEVENTO=\"Manual\",$M107=1),0,IF(OFFSET(CRONOPLE!$F$14,$M107,AM$13)=\"\",10^12,OFFSET(CRONOPLE!$F$14,$M107,AM$13))))","v":1000000000000},{"$f":"IF($D107<>\"Serviço\",0,IF(AND(AUTOEVENTO=\"Manual\",$M107=1),0,IF(OFFSET(CRONOPLE!$F$14,$M107,AN$13)=\"\",10^12,OFFSET(CRONOPLE!$F$14,$M107,AN$13))))","v":1000000000000},{"$f":"IF($D107<>\"Serviço\",0,IF(AND(AUTOEVENTO=\"Manual\",$M107=1),0,IF(OFFSET(CRONOPLE!$F$14,$M107,AO$13)=\"\",10^12,OFFSET(CRONOPLE!$F$14,$M107,AO$13))))","v":1000000000000},{"$f":"IF($D107<>\"Serviço\",0,IF(AND(AUTOEVENTO=\"Manual\",$M107=1),0,IF(OFFSET(CRONOPLE!$F$14,$M107,AP$13)=\"\",10^12,OFFSET(CRONOPLE!$F$14,$M107,AP$13))))","v":1000000000000},{"$f":"IF($D107<>\"Serviço\",0,IF(AND(AUTOEVENTO=\"Manual\",$M107=1),0,IF(OFFSET(CRONOPLE!$F$14,$M107,AQ$13)=\"\",10^12,OFFSET(CRONOPLE!$F$14,$M107,AQ$13))))","v":1000000000000},{"$f":"IF($D107<>\"Serviço\",0,IF(AND(AUTOEVENTO=\"Manual\",$M107=1),0,IF(OFFSET(CRONOPLE!$F$14,$M107,AR$13)=\"\",10^12,OFFSET(CRONOPLE!$F$14,$M107,AR$13))))","v":1000000000000},{"$f":"IF($D107<>\"Serviço\",0,IF(AND(AUTOEVENTO=\"Manual\",$M107=1),0,IF(OFFSET(CRONOPLE!$F$14,$M107,AS$13)=\"\",10^12,OFFSET(CRONOPLE!$F$14,$M107,AS$13))))","v":1000000000000},{"$f":"IF($D107<>\"Serviço\",0,IF(AND(AUTOEVENTO=\"Manual\",$M107=1),0,IF(OFFSET(CRONOPLE!$F$14,$M107,AT$13)=\"\",10^12,OFFSET(CRONOPLE!$F$14,$M107,AT$13))))","v":1000000000000},{"$f":"IF($D107<>\"Serviço\",0,IF(AND(AUTOEVENTO=\"Manual\",$M107=1),0,IF(OFFSET(CRONOPLE!$F$14,$M107,AU$13)=\"\",10^12,OFFSET(CRONOPLE!$F$14,$M107,AU$13))))","v":1000000000000},{"$f":"IF($D107<>\"Serviço\",0,IF(AND(AUTOEVENTO=\"Manual\",$M107=1),0,IF(OFFSET(CRONOPLE!$F$14,$M107,AV$13)=\"\",10^12,OFFSET(CRONOPLE!$F$14,$M107,AV$13))))","v":1000000000000},null,{"$f":"IF($D107<>\"Serviço\",0,IF(OR(AND(AUTOEVENTO=\"Manual\",$M107=1),$M107>(ROW(PLE.lastrow)-ROW(PLE.firstrow))),0,IF(OFFSET(PLE!$G$14,$M107,AX$13)=\"\",10^12,OFFSET(PLE!$G$14,$M107,AX$13))))","v":1000000000000},{"$f":"IF($D107<>\"Serviço\",0,IF(OR(AND(AUTOEVENTO=\"Manual\",$M107=1),$M107>(ROW(PLE.lastrow)-ROW(PLE.firstrow))),0,IF(OFFSET(PLE!$G$14,$M107,AY$13)=\"\",10^12,OFFSET(PLE!$G$14,$M107,AY$13))))","v":1000000000000},{"$f":"IF($D107<>\"Serviço\",0,IF(OR(AND(AUTOEVENTO=\"Manual\",$M107=1),$M107>(ROW(PLE.lastrow)-ROW(PLE.firstrow))),0,IF(OFFSET(PLE!$G$14,$M107,AZ$13)=\"\",10^12,OFFSET(PLE!$G$14,$M107,AZ$13))))","v":1000000000000},{"$f":"IF($D107<>\"Serviço\",0,IF(OR(AND(AUTOEVENTO=\"Manual\",$M107=1),$M107>(ROW(PLE.lastrow)-ROW(PLE.firstrow))),0,IF(OFFSET(PLE!$G$14,$M107,BA$13)=\"\",10^12,OFFSET(PLE!$G$14,$M107,BA$13))))","v":1000000000000},{"$f":"IF($D107<>\"Serviço\",0,IF(OR(AND(AUTOEVENTO=\"Manual\",$M107=1),$M107>(ROW(PLE.lastrow)-ROW(PLE.firstrow))),0,IF(OFFSET(PLE!$G$14,$M107,BB$13)=\"\",10^12,OFFSET(PLE!$G$14,$M107,BB$13))))","v":1000000000000},{"$f":"IF($D107<>\"Serviço\",0,IF(OR(AND(AUTOEVENTO=\"Manual\",$M107=1),$M107>(ROW(PLE.lastrow)-ROW(PLE.firstrow))),0,IF(OFFSET(PLE!$G$14,$M107,BC$13)=\"\",10^12,OFFSET(PLE!$G$14,$M107,BC$13))))","v":1000000000000},{"$f":"IF($D107<>\"Serviço\",0,IF(OR(AND(AUTOEVENTO=\"Manual\",$M107=1),$M107>(ROW(PLE.lastrow)-ROW(PLE.firstrow))),0,IF(OFFSET(PLE!$G$14,$M107,BD$13)=\"\",10^12,OFFSET(PLE!$G$14,$M107,BD$13))))","v":1000000000000},{"$f":"IF($D107<>\"Serviço\",0,IF(OR(AND(AUTOEVENTO=\"Manual\",$M107=1),$M107>(ROW(PLE.lastrow)-ROW(PLE.firstrow))),0,IF(OFFSET(PLE!$G$14,$M107,BE$13)=\"\",10^12,OFFSET(PLE!$G$14,$M107,BE$13))))","v":1000000000000},{"$f":"IF($D107<>\"Serviço\",0,IF(OR(AND(AUTOEVENTO=\"Manual\",$M107=1),$M107>(ROW(PLE.lastrow)-ROW(PLE.firstrow))),0,IF(OFFSET(PLE!$G$14,$M107,BF$13)=\"\",10^12,OFFSET(PLE!$G$14,$M107,BF$13))))","v":1000000000000},{"$f":"IF($D107<>\"Serviço\",0,IF(OR(AND(AUTOEVENTO=\"Manual\",$M107=1),$M107>(ROW(PLE.lastrow)-ROW(PLE.firstrow))),0,IF(OFFSET(PLE!$G$14,$M107,BG$13)=\"\",10^12,OFFSET(PLE!$G$14,$M107,BG$13))))","v":1000000000000}]
["81",{"$f":"OFFSET(ORÇAMENTO!C$15,ROW(B108)-ROW(B$15),0)","v":"S"},{"$f":"OFFSET(ORÇAMENTO!L$15,ROW(C108)-ROW(C$15),0)","v":"F"},{"$f":"OFFSET(ORÇAMENTO!N$15,ROW(D108)-ROW(D$15),0)","v":"Serviço"},{"$f":"OFFSET(ORÇAMENTO!O$15,ROW(E108)-ROW(E$15),0)","v":"1.7.0.0.12."},{"$f":"OFFSET(ORÇAMENTO!R$15,ROW(F108)-ROW(F$15),0)","v":"TOMADA ALTA DE EMBUTIR (1 MÓDULO), 2P+T 10 A, INCLUINDO SUPORTE E PLACA - FORNECIMENTO E INSTALAÇÃO. AF_03/2023"},{"$f":"IF($D108<>\"Serviço\",\"\",OFFSET(ORÇAMENTO!S$15,ROW(G108)-ROW(G$15),0))","v":"UN"},{"$f":"IF($D108<>\"Serviço\",0,IF(ACOMPANHAMENTO=\"BM\",ROUND(OFFSET(ORÇAMENTO!AJ$15,ROW(H108)-ROW(H$15),0),15-13*ORÇAMENTO!$AF$7),SUMPRODUCT(($Q$12:$AA$12<>\"\")*ROUND($Q108:$AA108,15-13*ORÇAMENTO!$AF$7))))","v":7},null,null,null,".",{"$f":"IF($D108<>\"Serviço\",\"\",IF(AUTOEVENTO=\"manual\",$A108,IF(ISERROR(MATCH($A108,$A$15:OFFSET($A108,-1,0),0)),MAX($M$15:OFFSET(M108,-1,0))+1,INDEX($M$15:OFFSET(M108,-1,0),MATCH($A108,$A$15:OFFSET($A108,-1,0),0)))))","v":8},{"$f":"IF($D108<>\"Serviço\",\"\",IF(AUTOEVENTO=\"Manual\",IF($A108=0,\"<-- defina o número do agrupador\",OFFSET(EVENTOS!$D$14,$A108,0)),OFFSET($F$15,$A108,0)))","v":"INSTALAÇÕES ELÉTRICAS"},null,null,null,null,null,null,null,null,null,null,null,null,null,{"$f":"IF(AND($D108=\"Serviço\",AB$12<>0,$H108>0,OR(AUTOEVENTO<>\"manual\",$M108<>1)),\nIF(Import.TipoArredondamento<>\"TransfereGOV\",\nROUND(OFFSET($P108,0,AB$13),15-13*ORÇAMENTO!$AF$7)/$H108*OFFSET(ORÇAMENTO!$X$15,ROW(AB108)-ROW(AB$15),0),\nROUND(ROUND(OFFSET($P108,0,AB$13),15-13*ORÇAMENTO!$AF$7)*OFFSET(ORÇAMENTO!$W$15,ROW(AB108)-ROW(AB$15),0),15-13*ORÇAMENTO!$AF$11)),0)","v":0},{"$f":"IF(AND($D108=\"Serviço\",AC$12<>0,$H108>0,OR(AUTOEVENTO<>\"manual\",$M108<>1)),\nIF(Import.TipoArredondamento<>\"TransfereGOV\",\nROUND(OFFSET($P108,0,AC$13),15-13*ORÇAMENTO!$AF$7)/$H108*OFFSET(ORÇAMENTO!$X$15,ROW(AC108)-ROW(AC$15),0),\nROUND(ROUND(OFFSET($P108,0,AC$13),15-13*ORÇAMENTO!$AF$7)*OFFSET(ORÇAMENTO!$W$15,ROW(AC108)-ROW(AC$15),0),15-13*ORÇAMENTO!$AF$11)),0)","v":0},{"$f":"IF(AND($D108=\"Serviço\",AD$12<>0,$H108>0,OR(AUTOEVENTO<>\"manual\",$M108<>1)),\nIF(Import.TipoArredondamento<>\"TransfereGOV\",\nROUND(OFFSET($P108,0,AD$13),15-13*ORÇAMENTO!$AF$7)/$H108*OFFSET(ORÇAMENTO!$X$15,ROW(AD108)-ROW(AD$15),0),\nROUND(ROUND(OFFSET($P108,0,AD$13),15-13*ORÇAMENTO!$AF$7)*OFFSET(ORÇAMENTO!$W$15,ROW(AD108)-ROW(AD$15),0),15-13*ORÇAMENTO!$AF$11)),0)","v":0},{"$f":"IF(AND($D108=\"Serviço\",AE$12<>0,$H108>0,OR(AUTOEVENTO<>\"manual\",$M108<>1)),\nIF(Import.TipoArredondamento<>\"TransfereGOV\",\nROUND(OFFSET($P108,0,AE$13),15-13*ORÇAMENTO!$AF$7)/$H108*OFFSET(ORÇAMENTO!$X$15,ROW(AE108)-ROW(AE$15),0),\nROUND(ROUND(OFFSET($P108,0,AE$13),15-13*ORÇAMENTO!$AF$7)*OFFSET(ORÇAMENTO!$W$15,ROW(AE108)-ROW(AE$15),0),15-13*ORÇAMENTO!$AF$11)),0)","v":0},{"$f":"IF(AND($D108=\"Serviço\",AF$12<>0,$H108>0,OR(AUTOEVENTO<>\"manual\",$M108<>1)),\nIF(Import.TipoArredondamento<>\"TransfereGOV\",\nROUND(OFFSET($P108,0,AF$13),15-13*ORÇAMENTO!$AF$7)/$H108*OFFSET(ORÇAMENTO!$X$15,ROW(AF108)-ROW(AF$15),0),\nROUND(ROUND(OFFSET($P108,0,AF$13),15-13*ORÇAMENTO!$AF$7)*OFFSET(ORÇAMENTO!$W$15,ROW(AF108)-ROW(AF$15),0),15-13*ORÇAMENTO!$AF$11)),0)","v":0},{"$f":"IF(AND($D108=\"Serviço\",AG$12<>0,$H108>0,OR(AUTOEVENTO<>\"manual\",$M108<>1)),\nIF(Import.TipoArredondamento<>\"TransfereGOV\",\nROUND(OFFSET($P108,0,AG$13),15-13*ORÇAMENTO!$AF$7)/$H108*OFFSET(ORÇAMENTO!$X$15,ROW(AG108)-ROW(AG$15),0),\nROUND(ROUND(OFFSET($P108,0,AG$13),15-13*ORÇAMENTO!$AF$7)*OFFSET(ORÇAMENTO!$W$15,ROW(AG108)-ROW(AG$15),0),15-13*ORÇAMENTO!$AF$11)),0)","v":0},{"$f":"IF(AND($D108=\"Serviço\",AH$12<>0,$H108>0,OR(AUTOEVENTO<>\"manual\",$M108<>1)),\nIF(Import.TipoArredondamento<>\"TransfereGOV\",\nROUND(OFFSET($P108,0,AH$13),15-13*ORÇAMENTO!$AF$7)/$H108*OFFSET(ORÇAMENTO!$X$15,ROW(AH108)-ROW(AH$15),0),\nROUND(ROUND(OFFSET($P108,0,AH$13),15-13*ORÇAMENTO!$AF$7)*OFFSET(ORÇAMENTO!$W$15,ROW(AH108)-ROW(AH$15),0),15-13*ORÇAMENTO!$AF$11)),0)","v":0},{"$f":"IF(AND($D108=\"Serviço\",AI$12<>0,$H108>0,OR(AUTOEVENTO<>\"manual\",$M108<>1)),\nIF(Import.TipoArredondamento<>\"TransfereGOV\",\nROUND(OFFSET($P108,0,AI$13),15-13*ORÇAMENTO!$AF$7)/$H108*OFFSET(ORÇAMENTO!$X$15,ROW(AI108)-ROW(AI$15),0),\nROUND(ROUND(OFFSET($P108,0,AI$13),15-13*ORÇAMENTO!$AF$7)*OFFSET(ORÇAMENTO!$W$15,ROW(AI108)-ROW(AI$15),0),15-13*ORÇAMENTO!$AF$11)),0)","v":0},{"$f":"IF(AND($D108=\"Serviço\",AJ$12<>0,$H108>0,OR(AUTOEVENTO<>\"manual\",$M108<>1)),\nIF(Import.TipoArredondamento<>\"TransfereGOV\",\nROUND(OFFSET($P108,0,AJ$13),15-13*ORÇAMENTO!$AF$7)/$H108*OFFSET(ORÇAMENTO!$X$15,ROW(AJ108)-ROW(AJ$15),0),\nROUND(ROUND(OFFSET($P108,0,AJ$13),15-13*ORÇAMENTO!$AF$7)*OFFSET(ORÇAMENTO!$W$15,ROW(AJ108)-ROW(AJ$15),0),15-13*ORÇAMENTO!$AF$11)),0)","v":0},{"$f":"IF(AND($D108=\"Serviço\",AK$12<>0,$H108>0,OR(AUTOEVENTO<>\"manual\",$M108<>1)),\nIF(Import.TipoArredondamento<>\"TransfereGOV\",\nROUND(OFFSET($P108,0,AK$13),15-13*ORÇAMENTO!$AF$7)/$H108*OFFSET(ORÇAMENTO!$X$15,ROW(AK108)-ROW(AK$15),0),\nROUND(ROUND(OFFSET($P108,0,AK$13),15-13*ORÇAMENTO!$AF$7)*OFFSET(ORÇAMENTO!$W$15,ROW(AK108)-ROW(AK$15),0),15-13*ORÇAMENTO!$AF$11)),0)","v":0},null,{"$f":"IF($D108<>\"Serviço\",0,IF(AND(AUTOEVENTO=\"Manual\",$M108=1),0,IF(OFFSET(CRONOPLE!$F$14,$M108,AM$13)=\"\",10^12,OFFSET(CRONOPLE!$F$14,$M108,AM$13))))","v":1000000000000},{"$f":"IF($D108<>\"Serviço\",0,IF(AND(AUTOEVENTO=\"Manual\",$M108=1),0,IF(OFFSET(CRONOPLE!$F$14,$M108,AN$13)=\"\",10^12,OFFSET(CRONOPLE!$F$14,$M108,AN$13))))","v":1000000000000},{"$f":"IF($D108<>\"Serviço\",0,IF(AND(AUTOEVENTO=\"Manual\",$M108=1),0,IF(OFFSET(CRONOPLE!$F$14,$M108,AO$13)=\"\",10^12,OFFSET(CRONOPLE!$F$14,$M108,AO$13))))","v":1000000000000},{"$f":"IF($D108<>\"Serviço\",0,IF(AND(AUTOEVENTO=\"Manual\",$M108=1),0,IF(OFFSET(CRONOPLE!$F$14,$M108,AP$13)=\"\",10^12,OFFSET(CRONOPLE!$F$14,$M108,AP$13))))","v":1000000000000},{"$f":"IF($D108<>\"Serviço\",0,IF(AND(AUTOEVENTO=\"Manual\",$M108=1),0,IF(OFFSET(CRONOPLE!$F$14,$M108,AQ$13)=\"\",10^12,OFFSET(CRONOPLE!$F$14,$M108,AQ$13))))","v":1000000000000},{"$f":"IF($D108<>\"Serviço\",0,IF(AND(AUTOEVENTO=\"Manual\",$M108=1),0,IF(OFFSET(CRONOPLE!$F$14,$M108,AR$13)=\"\",10^12,OFFSET(CRONOPLE!$F$14,$M108,AR$13))))","v":1000000000000},{"$f":"IF($D108<>\"Serviço\",0,IF(AND(AUTOEVENTO=\"Manual\",$M108=1),0,IF(OFFSET(CRONOPLE!$F$14,$M108,AS$13)=\"\",10^12,OFFSET(CRONOPLE!$F$14,$M108,AS$13))))","v":1000000000000},{"$f":"IF($D108<>\"Serviço\",0,IF(AND(AUTOEVENTO=\"Manual\",$M108=1),0,IF(OFFSET(CRONOPLE!$F$14,$M108,AT$13)=\"\",10^12,OFFSET(CRONOPLE!$F$14,$M108,AT$13))))","v":1000000000000},{"$f":"IF($D108<>\"Serviço\",0,IF(AND(AUTOEVENTO=\"Manual\",$M108=1),0,IF(OFFSET(CRONOPLE!$F$14,$M108,AU$13)=\"\",10^12,OFFSET(CRONOPLE!$F$14,$M108,AU$13))))","v":1000000000000},{"$f":"IF($D108<>\"Serviço\",0,IF(AND(AUTOEVENTO=\"Manual\",$M108=1),0,IF(OFFSET(CRONOPLE!$F$14,$M108,AV$13)=\"\",10^12,OFFSET(CRONOPLE!$F$14,$M108,AV$13))))","v":1000000000000},null,{"$f":"IF($D108<>\"Serviço\",0,IF(OR(AND(AUTOEVENTO=\"Manual\",$M108=1),$M108>(ROW(PLE.lastrow)-ROW(PLE.firstrow))),0,IF(OFFSET(PLE!$G$14,$M108,AX$13)=\"\",10^12,OFFSET(PLE!$G$14,$M108,AX$13))))","v":1000000000000},{"$f":"IF($D108<>\"Serviço\",0,IF(OR(AND(AUTOEVENTO=\"Manual\",$M108=1),$M108>(ROW(PLE.lastrow)-ROW(PLE.firstrow))),0,IF(OFFSET(PLE!$G$14,$M108,AY$13)=\"\",10^12,OFFSET(PLE!$G$14,$M108,AY$13))))","v":1000000000000},{"$f":"IF($D108<>\"Serviço\",0,IF(OR(AND(AUTOEVENTO=\"Manual\",$M108=1),$M108>(ROW(PLE.lastrow)-ROW(PLE.firstrow))),0,IF(OFFSET(PLE!$G$14,$M108,AZ$13)=\"\",10^12,OFFSET(PLE!$G$14,$M108,AZ$13))))","v":1000000000000},{"$f":"IF($D108<>\"Serviço\",0,IF(OR(AND(AUTOEVENTO=\"Manual\",$M108=1),$M108>(ROW(PLE.lastrow)-ROW(PLE.firstrow))),0,IF(OFFSET(PLE!$G$14,$M108,BA$13)=\"\",10^12,OFFSET(PLE!$G$14,$M108,BA$13))))","v":1000000000000},{"$f":"IF($D108<>\"Serviço\",0,IF(OR(AND(AUTOEVENTO=\"Manual\",$M108=1),$M108>(ROW(PLE.lastrow)-ROW(PLE.firstrow))),0,IF(OFFSET(PLE!$G$14,$M108,BB$13)=\"\",10^12,OFFSET(PLE!$G$14,$M108,BB$13))))","v":1000000000000},{"$f":"IF($D108<>\"Serviço\",0,IF(OR(AND(AUTOEVENTO=\"Manual\",$M108=1),$M108>(ROW(PLE.lastrow)-ROW(PLE.firstrow))),0,IF(OFFSET(PLE!$G$14,$M108,BC$13)=\"\",10^12,OFFSET(PLE!$G$14,$M108,BC$13))))","v":1000000000000},{"$f":"IF($D108<>\"Serviço\",0,IF(OR(AND(AUTOEVENTO=\"Manual\",$M108=1),$M108>(ROW(PLE.lastrow)-ROW(PLE.firstrow))),0,IF(OFFSET(PLE!$G$14,$M108,BD$13)=\"\",10^12,OFFSET(PLE!$G$14,$M108,BD$13))))","v":1000000000000},{"$f":"IF($D108<>\"Serviço\",0,IF(OR(AND(AUTOEVENTO=\"Manual\",$M108=1),$M108>(ROW(PLE.lastrow)-ROW(PLE.firstrow))),0,IF(OFFSET(PLE!$G$14,$M108,BE$13)=\"\",10^12,OFFSET(PLE!$G$14,$M108,BE$13))))","v":1000000000000},{"$f":"IF($D108<>\"Serviço\",0,IF(OR(AND(AUTOEVENTO=\"Manual\",$M108=1),$M108>(ROW(PLE.lastrow)-ROW(PLE.firstrow))),0,IF(OFFSET(PLE!$G$14,$M108,BF$13)=\"\",10^12,OFFSET(PLE!$G$14,$M108,BF$13))))","v":1000000000000},{"$f":"IF($D108<>\"Serviço\",0,IF(OR(AND(AUTOEVENTO=\"Manual\",$M108=1),$M108>(ROW(PLE.lastrow)-ROW(PLE.firstrow))),0,IF(OFFSET(PLE!$G$14,$M108,BG$13)=\"\",10^12,OFFSET(PLE!$G$14,$M108,BG$13))))","v":1000000000000}]
[{"$f":"IF(AUTOEVENTO=\"Manual\",IF(K109<>\"\",MIN(VALUE(LEFT(K109,FIND(\".\",K109)-1)),COUNTA(EVENTOS.Lista)),0),IF(OR($B109>AUTOEVENTO,$B109=\"S\",$B109=0),SUBSTITUTE(OFFSET($A109,-1,0),IF($D109=\"Serviço\",\".\",\"\"),\"\"),ROW(A109)-ROW($A$15)&\".\"))","v":"81"},{"$f":"OFFSET(ORÇAMENTO!C$15,ROW(B109)-ROW(B$15),0)","v":"S"},{"$f":"OFFSET(ORÇAMENTO!L$15,ROW(C109)-ROW(C$15),0)","v":"F"},{"$f":"OFFSET(ORÇAMENTO!N$15,ROW(D109)-ROW(D$15),0)","v":"Serviço"},{"$f":"OFFSET(ORÇAMENTO!O$15,ROW(E109)-ROW(E$15),0)","v":"1.7.0.0.13."},{"$f":"OFFSET(ORÇAMENTO!R$15,ROW(F109)-ROW(F$15),0)","v":"TOMADA MÉDIA DE EMBUTIR (1 MÓDULO), 2P+T 10 A, INCLUINDO SUPORTE E PLACA - FORNECIMENTO E INSTALAÇÃO. AF_03/2023"},{"$f":"IF($D109<>\"Serviço\",\"\",OFFSET(ORÇAMENTO!S$15,ROW(G109)-ROW(G$15),0))","v":"UN"},{"$f":"IF($D109<>\"Serviço\",0,IF(ACOMPANHAMENTO=\"BM\",ROUND(OFFSET(ORÇAMENTO!AJ$15,ROW(H109)-ROW(H$15),0),15-13*ORÇAMENTO!$AF$7),SUMPRODUCT(($Q$12:$AA$12<>\"\")*ROUND($Q109:$AA109,15-13*ORÇAMENTO!$AF$7))))","v":24},null,null,null,".",{"$f":"IF($D109<>\"Serviço\",\"\",IF(AUTOEVENTO=\"manual\",$A109,IF(ISERROR(MATCH($A109,$A$15:OFFSET($A109,-1,0),0)),MAX($M$15:OFFSET(M109,-1,0))+1,INDEX($M$15:OFFSET(M109,-1,0),MATCH($A109,$A$15:OFFSET($A109,-1,0),0)))))","v":8},{"$f":"IF($D109<>\"Serviço\",\"\",IF(AUTOEVENTO=\"Manual\",IF($A109=0,\"<-- defina o número do agrupador\",OFFSET(EVENTOS!$D$14,$A109,0)),OFFSET($F$15,$A109,0)))","v":"INSTALAÇÕES ELÉTRICAS"},null,null,null,null,null,null,null,null,null,null,null,null,null,{"$f":"IF(AND($D109=\"Serviço\",AB$12<>0,$H109>0,OR(AUTOEVENTO<>\"manual\",$M109<>1)),\nIF(Import.TipoArredondamento<>\"TransfereGOV\",\nROUND(OFFSET($P109,0,AB$13),15-13*ORÇAMENTO!$AF$7)/$H109*OFFSET(ORÇAMENTO!$X$15,ROW(AB109)-ROW(AB$15),0),\nROUND(ROUND(OFFSET($P109,0,AB$13),15-13*ORÇAMENTO!$AF$7)*OFFSET(ORÇAMENTO!$W$15,ROW(AB109)-ROW(AB$15),0),15-13*ORÇAMENTO!$AF$11)),0)","v":0},{"$f":"IF(AND($D109=\"Serviço\",AC$12<>0,$H109>0,OR(AUTOEVENTO<>\"manual\",$M109<>1)),\nIF(Import.TipoArredondamento<>\"TransfereGOV\",\nROUND(OFFSET($P109,0,AC$13),15-13*ORÇAMENTO!$AF$7)/$H109*OFFSET(ORÇAMENTO!$X$15,ROW(AC109)-ROW(AC$15),0),\nROUND(ROUND(OFFSET($P109,0,AC$13),15-13*ORÇAMENTO!$AF$7)*OFFSET(ORÇAMENTO!$W$15,ROW(AC109)-ROW(AC$15),0),15-13*ORÇAMENTO!$AF$11)),0)","v":0},{"$f":"IF(AND($D109=\"Serviço\",AD$12<>0,$H109>0,OR(AUTOEVENTO<>\"manual\",$M109<>1)),\nIF(Import.TipoArredondamento<>\"TransfereGOV\",\nROUND(OFFSET($P109,0,AD$13),15-13*ORÇAMENTO!$AF$7)/$H109*OFFSET(ORÇAMENTO!$X$15,ROW(AD109)-ROW(AD$15),0),\nROUND(ROUND(OFFSET($P109,0,AD$13),15-13*ORÇAMENTO!$AF$7)*OFFSET(ORÇAMENTO!$W$15,ROW(AD109)-ROW(AD$15),0),15-13*ORÇAMENTO!$AF$11)),0)","v":0},{"$f":"IF(AND($D109=\"Serviço\",AE$12<>0,$H109>0,OR(AUTOEVENTO<>\"manual\",$M109<>1)),\nIF(Import.TipoArredondamento<>\"TransfereGOV\",\nROUND(OFFSET($P109,0,AE$13),15-13*ORÇAMENTO!$AF$7)/$H109*OFFSET(ORÇAMENTO!$X$15,ROW(AE109)-ROW(AE$15),0),\nROUND(ROUND(OFFSET($P109,0,AE$13),15-13*ORÇAMENTO!$AF$7)*OFFSET(ORÇAMENTO!$W$15,ROW(AE109)-ROW(AE$15),0),15-13*ORÇAMENTO!$AF$11)),0)","v":0},{"$f":"IF(AND($D109=\"Serviço\",AF$12<>0,$H109>0,OR(AUTOEVENTO<>\"manual\",$M109<>1)),\nIF(Import.TipoArredondamento<>\"TransfereGOV\",\nROUND(OFFSET($P109,0,AF$13),15-13*ORÇAMENTO!$AF$7)/$H109*OFFSET(ORÇAMENTO!$X$15,ROW(AF109)-ROW(AF$15),0),\nROUND(ROUND(OFFSET($P109,0,AF$13),15-13*ORÇAMENTO!$AF$7)*OFFSET(ORÇAMENTO!$W$15,ROW(AF109)-ROW(AF$15),0),15-13*ORÇAMENTO!$AF$11)),0)","v":0},{"$f":"IF(AND($D109=\"Serviço\",AG$12<>0,$H109>0,OR(AUTOEVENTO<>\"manual\",$M109<>1)),\nIF(Import.TipoArredondamento<>\"TransfereGOV\",\nROUND(OFFSET($P109,0,AG$13),15-13*ORÇAMENTO!$AF$7)/$H109*OFFSET(ORÇAMENTO!$X$15,ROW(AG109)-ROW(AG$15),0),\nROUND(ROUND(OFFSET($P109,0,AG$13),15-13*ORÇAMENTO!$AF$7)*OFFSET(ORÇAMENTO!$W$15,ROW(AG109)-ROW(AG$15),0),15-13*ORÇAMENTO!$AF$11)),0)","v":0},{"$f":"IF(AND($D109=\"Serviço\",AH$12<>0,$H109>0,OR(AUTOEVENTO<>\"manual\",$M109<>1)),\nIF(Import.TipoArredondamento<>\"TransfereGOV\",\nROUND(OFFSET($P109,0,AH$13),15-13*ORÇAMENTO!$AF$7)/$H109*OFFSET(ORÇAMENTO!$X$15,ROW(AH109)-ROW(AH$15),0),\nROUND(ROUND(OFFSET($P109,0,AH$13),15-13*ORÇAMENTO!$AF$7)*OFFSET(ORÇAMENTO!$W$15,ROW(AH109)-ROW(AH$15),0),15-13*ORÇAMENTO!$AF$11)),0)","v":0},{"$f":"IF(AND($D109=\"Serviço\",AI$12<>0,$H109>0,OR(AUTOEVENTO<>\"manual\",$M109<>1)),\nIF(Import.TipoArredondamento<>\"TransfereGOV\",\nROUND(OFFSET($P109,0,AI$13),15-13*ORÇAMENTO!$AF$7)/$H109*OFFSET(ORÇAMENTO!$X$15,ROW(AI109)-ROW(AI$15),0),\nROUND(ROUND(OFFSET($P109,0,AI$13),15-13*ORÇAMENTO!$AF$7)*OFFSET(ORÇAMENTO!$W$15,ROW(AI109)-ROW(AI$15),0),15-13*ORÇAMENTO!$AF$11)),0)","v":0},{"$f":"IF(AND($D109=\"Serviço\",AJ$12<>0,$H109>0,OR(AUTOEVENTO<>\"manual\",$M109<>1)),\nIF(Import.TipoArredondamento<>\"TransfereGOV\",\nROUND(OFFSET($P109,0,AJ$13),15-13*ORÇAMENTO!$AF$7)/$H109*OFFSET(ORÇAMENTO!$X$15,ROW(AJ109)-ROW(AJ$15),0),\nROUND(ROUND(OFFSET($P109,0,AJ$13),15-13*ORÇAMENTO!$AF$7)*OFFSET(ORÇAMENTO!$W$15,ROW(AJ109)-ROW(AJ$15),0),15-13*ORÇAMENTO!$AF$11)),0)","v":0},{"$f":"IF(AND($D109=\"Serviço\",AK$12<>0,$H109>0,OR(AUTOEVENTO<>\"manual\",$M109<>1)),\nIF(Import.TipoArredondamento<>\"TransfereGOV\",\nROUND(OFFSET($P109,0,AK$13),15-13*ORÇAMENTO!$AF$7)/$H109*OFFSET(ORÇAMENTO!$X$15,ROW(AK109)-ROW(AK$15),0),\nROUND(ROUND(OFFSET($P109,0,AK$13),15-13*ORÇAMENTO!$AF$7)*OFFSET(ORÇAMENTO!$W$15,ROW(AK109)-ROW(AK$15),0),15-13*ORÇAMENTO!$AF$11)),0)","v":0},null,{"$f":"IF($D109<>\"Serviço\",0,IF(AND(AUTOEVENTO=\"Manual\",$M109=1),0,IF(OFFSET(CRONOPLE!$F$14,$M109,AM$13)=\"\",10^12,OFFSET(CRONOPLE!$F$14,$M109,AM$13))))","v":1000000000000},{"$f":"IF($D109<>\"Serviço\",0,IF(AND(AUTOEVENTO=\"Manual\",$M109=1),0,IF(OFFSET(CRONOPLE!$F$14,$M109,AN$13)=\"\",10^12,OFFSET(CRONOPLE!$F$14,$M109,AN$13))))","v":1000000000000},{"$f":"IF($D109<>\"Serviço\",0,IF(AND(AUTOEVENTO=\"Manual\",$M109=1),0,IF(OFFSET(CRONOPLE!$F$14,$M109,AO$13)=\"\",10^12,OFFSET(CRONOPLE!$F$14,$M109,AO$13))))","v":1000000000000},{"$f":"IF($D109<>\"Serviço\",0,IF(AND(AUTOEVENTO=\"Manual\",$M109=1),0,IF(OFFSET(CRONOPLE!$F$14,$M109,AP$13)=\"\",10^12,OFFSET(CRONOPLE!$F$14,$M109,AP$13))))","v":1000000000000},{"$f":"IF($D109<>\"Serviço\",0,IF(AND(AUTOEVENTO=\"Manual\",$M109=1),0,IF(OFFSET(CRONOPLE!$F$14,$M109,AQ$13)=\"\",10^12,OFFSET(CRONOPLE!$F$14,$M109,AQ$13))))","v":1000000000000},{"$f":"IF($D109<>\"Serviço\",0,IF(AND(AUTOEVENTO=\"Manual\",$M109=1),0,IF(OFFSET(CRONOPLE!$F$14,$M109,AR$13)=\"\",10^12,OFFSET(CRONOPLE!$F$14,$M109,AR$13))))","v":1000000000000},{"$f":"IF($D109<>\"Serviço\",0,IF(AND(AUTOEVENTO=\"Manual\",$M109=1),0,IF(OFFSET(CRONOPLE!$F$14,$M109,AS$13)=\"\",10^12,OFFSET(CRONOPLE!$F$14,$M109,AS$13))))","v":1000000000000},{"$f":"IF($D109<>\"Serviço\",0,IF(AND(AUTOEVENTO=\"Manual\",$M109=1),0,IF(OFFSET(CRONOPLE!$F$14,$M109,AT$13)=\"\",10^12,OFFSET(CRONOPLE!$F$14,$M109,AT$13))))","v":1000000000000},{"$f":"IF($D109<>\"Serviço\",0,IF(AND(AUTOEVENTO=\"Manual\",$M109=1),0,IF(OFFSET(CRONOPLE!$F$14,$M109,AU$13)=\"\",10^12,OFFSET(CRONOPLE!$F$14,$M109,AU$13))))","v":1000000000000},{"$f":"IF($D109<>\"Serviço\",0,IF(AND(AUTOEVENTO=\"Manual\",$M109=1),0,IF(OFFSET(CRONOPLE!$F$14,$M109,AV$13)=\"\",10^12,OFFSET(CRONOPLE!$F$14,$M109,AV$13))))","v":1000000000000},null,{"$f":"IF($D109<>\"Serviço\",0,IF(OR(AND(AUTOEVENTO=\"Manual\",$M109=1),$M109>(ROW(PLE.lastrow)-ROW(PLE.firstrow))),0,IF(OFFSET(PLE!$G$14,$M109,AX$13)=\"\",10^12,OFFSET(PLE!$G$14,$M109,AX$13))))","v":1000000000000},{"$f":"IF($D109<>\"Serviço\",0,IF(OR(AND(AUTOEVENTO=\"Manual\",$M109=1),$M109>(ROW(PLE.lastrow)-ROW(PLE.firstrow))),0,IF(OFFSET(PLE!$G$14,$M109,AY$13)=\"\",10^12,OFFSET(PLE!$G$14,$M109,AY$13))))","v":1000000000000},{"$f":"IF($D109<>\"Serviço\",0,IF(OR(AND(AUTOEVENTO=\"Manual\",$M109=1),$M109>(ROW(PLE.lastrow)-ROW(PLE.firstrow))),0,IF(OFFSET(PLE!$G$14,$M109,AZ$13)=\"\",10^12,OFFSET(PLE!$G$14,$M109,AZ$13))))","v":1000000000000},{"$f":"IF($D109<>\"Serviço\",0,IF(OR(AND(AUTOEVENTO=\"Manual\",$M109=1),$M109>(ROW(PLE.lastrow)-ROW(PLE.firstrow))),0,IF(OFFSET(PLE!$G$14,$M109,BA$13)=\"\",10^12,OFFSET(PLE!$G$14,$M109,BA$13))))","v":1000000000000},{"$f":"IF($D109<>\"Serviço\",0,IF(OR(AND(AUTOEVENTO=\"Manual\",$M109=1),$M109>(ROW(PLE.lastrow)-ROW(PLE.firstrow))),0,IF(OFFSET(PLE!$G$14,$M109,BB$13)=\"\",10^12,OFFSET(PLE!$G$14,$M109,BB$13))))","v":1000000000000},{"$f":"IF($D109<>\"Serviço\",0,IF(OR(AND(AUTOEVENTO=\"Manual\",$M109=1),$M109>(ROW(PLE.lastrow)-ROW(PLE.firstrow))),0,IF(OFFSET(PLE!$G$14,$M109,BC$13)=\"\",10^12,OFFSET(PLE!$G$14,$M109,BC$13))))","v":1000000000000},{"$f":"IF($D109<>\"Serviço\",0,IF(OR(AND(AUTOEVENTO=\"Manual\",$M109=1),$M109>(ROW(PLE.lastrow)-ROW(PLE.firstrow))),0,IF(OFFSET(PLE!$G$14,$M109,BD$13)=\"\",10^12,OFFSET(PLE!$G$14,$M109,BD$13))))","v":1000000000000},{"$f":"IF($D109<>\"Serviço\",0,IF(OR(AND(AUTOEVENTO=\"Manual\",$M109=1),$M109>(ROW(PLE.lastrow)-ROW(PLE.firstrow))),0,IF(OFFSET(PLE!$G$14,$M109,BE$13)=\"\",10^12,OFFSET(PLE!$G$14,$M109,BE$13))))","v":1000000000000},{"$f":"IF($D109<>\"Serviço\",0,IF(OR(AND(AUTOEVENTO=\"Manual\",$M109=1),$M109>(ROW(PLE.lastrow)-ROW(PLE.firstrow))),0,IF(OFFSET(PLE!$G$14,$M109,BF$13)=\"\",10^12,OFFSET(PLE!$G$14,$M109,BF$13))))","v":1000000000000},{"$f":"IF($D109<>\"Serviço\",0,IF(OR(AND(AUTOEVENTO=\"Manual\",$M109=1),$M109>(ROW(PLE.lastrow)-ROW(PLE.firstrow))),0,IF(OFFSET(PLE!$G$14,$M109,BG$13)=\"\",10^12,OFFSET(PLE!$G$14,$M109,BG$13))))","v":1000000000000}]
["81",{"$f":"OFFSET(ORÇAMENTO!C$15,ROW(B110)-ROW(B$15),0)","v":"S"},{"$f":"OFFSET(ORÇAMENTO!L$15,ROW(C110)-ROW(C$15),0)","v":"F"},{"$f":"OFFSET(ORÇAMENTO!N$15,ROW(D110)-ROW(D$15),0)","v":"Serviço"},{"$f":"OFFSET(ORÇAMENTO!O$15,ROW(E110)-ROW(E$15),0)","v":"1.7.0.0.14."},{"$f":"OFFSET(ORÇAMENTO!R$15,ROW(F110)-ROW(F$15),0)","v":"INTERRUPTOR SIMPLES (2 MÓDULOS) COM 1 TOMADA DE EMBUTIR 2P+T 10 A, INCLUINDO SUPORTE E PLACA - FORNECIMENTO E INSTALAÇÃO. AF_03/2023"},{"$f":"IF($D110<>\"Serviço\",\"\",OFFSET(ORÇAMENTO!S$15,ROW(G110)-ROW(G$15),0))","v":"UN"},{"$f":"IF($D110<>\"Serviço\",0,IF(ACOMPANHAMENTO=\"BM\",ROUND(OFFSET(ORÇAMENTO!AJ$15,ROW(H110)-ROW(H$15),0),15-13*ORÇAMENTO!$AF$7),SUMPRODUCT(($Q$12:$AA$12<>\"\")*ROUND($Q110:$AA110,15-13*ORÇAMENTO!$AF$7))))","v":2},null,null,null,".",{"$f":"IF($D110<>\"Serviço\",\"\",IF(AUTOEVENTO=\"manual\",$A110,IF(ISERROR(MATCH($A110,$A$15:OFFSET($A110,-1,0),0)),MAX($M$15:OFFSET(M110,-1,0))+1,INDEX($M$15:OFFSET(M110,-1,0),MATCH($A110,$A$15:OFFSET($A110,-1,0),0)))))","v":8},{"$f":"IF($D110<>\"Serviço\",\"\",IF(AUTOEVENTO=\"Manual\",IF($A110=0,\"<-- defina o número do agrupador\",OFFSET(EVENTOS!$D$14,$A110,0)),OFFSET($F$15,$A110,0)))","v":"INSTALAÇÕES ELÉTRICAS"},null,null,null,null,null,null,null,null,null,null,null,null,null,{"$f":"IF(AND($D110=\"Serviço\",AB$12<>0,$H110>0,OR(AUTOEVENTO<>\"manual\",$M110<>1)),\nIF(Import.TipoArredondamento<>\"TransfereGOV\",\nROUND(OFFSET($P110,0,AB$13),15-13*ORÇAMENTO!$AF$7)/$H110*OFFSET(ORÇAMENTO!$X$15,ROW(AB110)-ROW(AB$15),0),\nROUND(ROUND(OFFSET($P110,0,AB$13),15-13*ORÇAMENTO!$AF$7)*OFFSET(ORÇAMENTO!$W$15,ROW(AB110)-ROW(AB$15),0),15-13*ORÇAMENTO!$AF$11)),0)","v":0},{"$f":"IF(AND($D110=\"Serviço\",AC$12<>0,$H110>0,OR(AUTOEVENTO<>\"manual\",$M110<>1)),\nIF(Import.TipoArredondamento<>\"TransfereGOV\",\nROUND(OFFSET($P110,0,AC$13),15-13*ORÇAMENTO!$AF$7)/$H110*OFFSET(ORÇAMENTO!$X$15,ROW(AC110)-ROW(AC$15),0),\nROUND(ROUND(OFFSET($P110,0,AC$13),15-13*ORÇAMENTO!$AF$7)*OFFSET(ORÇAMENTO!$W$15,ROW(AC110)-ROW(AC$15),0),15-13*ORÇAMENTO!$AF$11)),0)","v":0},{"$f":"IF(AND($D110=\"Serviço\",AD$12<>0,$H110>0,OR(AUTOEVENTO<>\"manual\",$M110<>1)),\nIF(Import.TipoArredondamento<>\"TransfereGOV\",\nROUND(OFFSET($P110,0,AD$13),15-13*ORÇAMENTO!$AF$7)/$H110*OFFSET(ORÇAMENTO!$X$15,ROW(AD110)-ROW(AD$15),0),\nROUND(ROUND(OFFSET($P110,0,AD$13),15-13*ORÇAMENTO!$AF$7)*OFFSET(ORÇAMENTO!$W$15,ROW(AD110)-ROW(AD$15),0),15-13*ORÇAMENTO!$AF$11)),0)","v":0},{"$f":"IF(AND($D110=\"Serviço\",AE$12<>0,$H110>0,OR(AUTOEVENTO<>\"manual\",$M110<>1)),\nIF(Import.TipoArredondamento<>\"TransfereGOV\",\nROUND(OFFSET($P110,0,AE$13),15-13*ORÇAMENTO!$AF$7)/$H110*OFFSET(ORÇAMENTO!$X$15,ROW(AE110)-ROW(AE$15),0),\nROUND(ROUND(OFFSET($P110,0,AE$13),15-13*ORÇAMENTO!$AF$7)*OFFSET(ORÇAMENTO!$W$15,ROW(AE110)-ROW(AE$15),0),15-13*ORÇAMENTO!$AF$11)),0)","v":0},{"$f":"IF(AND($D110=\"Serviço\",AF$12<>0,$H110>0,OR(AUTOEVENTO<>\"manual\",$M110<>1)),\nIF(Import.TipoArredondamento<>\"TransfereGOV\",\nROUND(OFFSET($P110,0,AF$13),15-13*ORÇAMENTO!$AF$7)/$H110*OFFSET(ORÇAMENTO!$X$15,ROW(AF110)-ROW(AF$15),0),\nROUND(ROUND(OFFSET($P110,0,AF$13),15-13*ORÇAMENTO!$AF$7)*OFFSET(ORÇAMENTO!$W$15,ROW(AF110)-ROW(AF$15),0),15-13*ORÇAMENTO!$AF$11)),0)","v":0},{"$f":"IF(AND($D110=\"Serviço\",AG$12<>0,$H110>0,OR(AUTOEVENTO<>\"manual\",$M110<>1)),\nIF(Import.TipoArredondamento<>\"TransfereGOV\",\nROUND(OFFSET($P110,0,AG$13),15-13*ORÇAMENTO!$AF$7)/$H110*OFFSET(ORÇAMENTO!$X$15,ROW(AG110)-ROW(AG$15),0),\nROUND(ROUND(OFFSET($P110,0,AG$13),15-13*ORÇAMENTO!$AF$7)*OFFSET(ORÇAMENTO!$W$15,ROW(AG110)-ROW(AG$15),0),15-13*ORÇAMENTO!$AF$11)),0)","v":0},{"$f":"IF(AND($D110=\"Serviço\",AH$12<>0,$H110>0,OR(AUTOEVENTO<>\"manual\",$M110<>1)),\nIF(Import.TipoArredondamento<>\"TransfereGOV\",\nROUND(OFFSET($P110,0,AH$13),15-13*ORÇAMENTO!$AF$7)/$H110*OFFSET(ORÇAMENTO!$X$15,ROW(AH110)-ROW(AH$15),0),\nROUND(ROUND(OFFSET($P110,0,AH$13),15-13*ORÇAMENTO!$AF$7)*OFFSET(ORÇAMENTO!$W$15,ROW(AH110)-ROW(AH$15),0),15-13*ORÇAMENTO!$AF$11)),0)","v":0},{"$f":"IF(AND($D110=\"Serviço\",AI$12<>0,$H110>0,OR(AUTOEVENTO<>\"manual\",$M110<>1)),\nIF(Import.TipoArredondamento<>\"TransfereGOV\",\nROUND(OFFSET($P110,0,AI$13),15-13*ORÇAMENTO!$AF$7)/$H110*OFFSET(ORÇAMENTO!$X$15,ROW(AI110)-ROW(AI$15),0),\nROUND(ROUND(OFFSET($P110,0,AI$13),15-13*ORÇAMENTO!$AF$7)*OFFSET(ORÇAMENTO!$W$15,ROW(AI110)-ROW(AI$15),0),15-13*ORÇAMENTO!$AF$11)),0)","v":0},{"$f":"IF(AND($D110=\"Serviço\",AJ$12<>0,$H110>0,OR(AUTOEVENTO<>\"manual\",$M110<>1)),\nIF(Import.TipoArredondamento<>\"TransfereGOV\",\nROUND(OFFSET($P110,0,AJ$13),15-13*ORÇAMENTO!$AF$7)/$H110*OFFSET(ORÇAMENTO!$X$15,ROW(AJ110)-ROW(AJ$15),0),\nROUND(ROUND(OFFSET($P110,0,AJ$13),15-13*ORÇAMENTO!$AF$7)*OFFSET(ORÇAMENTO!$W$15,ROW(AJ110)-ROW(AJ$15),0),15-13*ORÇAMENTO!$AF$11)),0)","v":0},{"$f":"IF(AND($D110=\"Serviço\",AK$12<>0,$H110>0,OR(AUTOEVENTO<>\"manual\",$M110<>1)),\nIF(Import.TipoArredondamento<>\"TransfereGOV\",\nROUND(OFFSET($P110,0,AK$13),15-13*ORÇAMENTO!$AF$7)/$H110*OFFSET(ORÇAMENTO!$X$15,ROW(AK110)-ROW(AK$15),0),\nROUND(ROUND(OFFSET($P110,0,AK$13),15-13*ORÇAMENTO!$AF$7)*OFFSET(ORÇAMENTO!$W$15,ROW(AK110)-ROW(AK$15),0),15-13*ORÇAMENTO!$AF$11)),0)","v":0},null,{"$f":"IF($D110<>\"Serviço\",0,IF(AND(AUTOEVENTO=\"Manual\",$M110=1),0,IF(OFFSET(CRONOPLE!$F$14,$M110,AM$13)=\"\",10^12,OFFSET(CRONOPLE!$F$14,$M110,AM$13))))","v":1000000000000},{"$f":"IF($D110<>\"Serviço\",0,IF(AND(AUTOEVENTO=\"Manual\",$M110=1),0,IF(OFFSET(CRONOPLE!$F$14,$M110,AN$13)=\"\",10^12,OFFSET(CRONOPLE!$F$14,$M110,AN$13))))","v":1000000000000},{"$f":"IF($D110<>\"Serviço\",0,IF(AND(AUTOEVENTO=\"Manual\",$M110=1),0,IF(OFFSET(CRONOPLE!$F$14,$M110,AO$13)=\"\",10^12,OFFSET(CRONOPLE!$F$14,$M110,AO$13))))","v":1000000000000},{"$f":"IF($D110<>\"Serviço\",0,IF(AND(AUTOEVENTO=\"Manual\",$M110=1),0,IF(OFFSET(CRONOPLE!$F$14,$M110,AP$13)=\"\",10^12,OFFSET(CRONOPLE!$F$14,$M110,AP$13))))","v":1000000000000},{"$f":"IF($D110<>\"Serviço\",0,IF(AND(AUTOEVENTO=\"Manual\",$M110=1),0,IF(OFFSET(CRONOPLE!$F$14,$M110,AQ$13)=\"\",10^12,OFFSET(CRONOPLE!$F$14,$M110,AQ$13))))","v":1000000000000},{"$f":"IF($D110<>\"Serviço\",0,IF(AND(AUTOEVENTO=\"Manual\",$M110=1),0,IF(OFFSET(CRONOPLE!$F$14,$M110,AR$13)=\"\",10^12,OFFSET(CRONOPLE!$F$14,$M110,AR$13))))","v":1000000000000},{"$f":"IF($D110<>\"Serviço\",0,IF(AND(AUTOEVENTO=\"Manual\",$M110=1),0,IF(OFFSET(CRONOPLE!$F$14,$M110,AS$13)=\"\",10^12,OFFSET(CRONOPLE!$F$14,$M110,AS$13))))","v":1000000000000},{"$f":"IF($D110<>\"Serviço\",0,IF(AND(AUTOEVENTO=\"Manual\",$M110=1),0,IF(OFFSET(CRONOPLE!$F$14,$M110,AT$13)=\"\",10^12,OFFSET(CRONOPLE!$F$14,$M110,AT$13))))","v":1000000000000},{"$f":"IF($D110<>\"Serviço\",0,IF(AND(AUTOEVENTO=\"Manual\",$M110=1),0,IF(OFFSET(CRONOPLE!$F$14,$M110,AU$13)=\"\",10^12,OFFSET(CRONOPLE!$F$14,$M110,AU$13))))","v":1000000000000},{"$f":"IF($D110<>\"Serviço\",0,IF(AND(AUTOEVENTO=\"Manual\",$M110=1),0,IF(OFFSET(CRONOPLE!$F$14,$M110,AV$13)=\"\",10^12,OFFSET(CRONOPLE!$F$14,$M110,AV$13))))","v":1000000000000},null,{"$f":"IF($D110<>\"Serviço\",0,IF(OR(AND(AUTOEVENTO=\"Manual\",$M110=1),$M110>(ROW(PLE.lastrow)-ROW(PLE.firstrow))),0,IF(OFFSET(PLE!$G$14,$M110,AX$13)=\"\",10^12,OFFSET(PLE!$G$14,$M110,AX$13))))","v":1000000000000},{"$f":"IF($D110<>\"Serviço\",0,IF(OR(AND(AUTOEVENTO=\"Manual\",$M110=1),$M110>(ROW(PLE.lastrow)-ROW(PLE.firstrow))),0,IF(OFFSET(PLE!$G$14,$M110,AY$13)=\"\",10^12,OFFSET(PLE!$G$14,$M110,AY$13))))","v":1000000000000},{"$f":"IF($D110<>\"Serviço\",0,IF(OR(AND(AUTOEVENTO=\"Manual\",$M110=1),$M110>(ROW(PLE.lastrow)-ROW(PLE.firstrow))),0,IF(OFFSET(PLE!$G$14,$M110,AZ$13)=\"\",10^12,OFFSET(PLE!$G$14,$M110,AZ$13))))","v":1000000000000},{"$f":"IF($D110<>\"Serviço\",0,IF(OR(AND(AUTOEVENTO=\"Manual\",$M110=1),$M110>(ROW(PLE.lastrow)-ROW(PLE.firstrow))),0,IF(OFFSET(PLE!$G$14,$M110,BA$13)=\"\",10^12,OFFSET(PLE!$G$14,$M110,BA$13))))","v":1000000000000},{"$f":"IF($D110<>\"Serviço\",0,IF(OR(AND(AUTOEVENTO=\"Manual\",$M110=1),$M110>(ROW(PLE.lastrow)-ROW(PLE.firstrow))),0,IF(OFFSET(PLE!$G$14,$M110,BB$13)=\"\",10^12,OFFSET(PLE!$G$14,$M110,BB$13))))","v":1000000000000},{"$f":"IF($D110<>\"Serviço\",0,IF(OR(AND(AUTOEVENTO=\"Manual\",$M110=1),$M110>(ROW(PLE.lastrow)-ROW(PLE.firstrow))),0,IF(OFFSET(PLE!$G$14,$M110,BC$13)=\"\",10^12,OFFSET(PLE!$G$14,$M110,BC$13))))","v":1000000000000},{"$f":"IF($D110<>\"Serviço\",0,IF(OR(AND(AUTOEVENTO=\"Manual\",$M110=1),$M110>(ROW(PLE.lastrow)-ROW(PLE.firstrow))),0,IF(OFFSET(PLE!$G$14,$M110,BD$13)=\"\",10^12,OFFSET(PLE!$G$14,$M110,BD$13))))","v":1000000000000},{"$f":"IF($D110<>\"Serviço\",0,IF(OR(AND(AUTOEVENTO=\"Manual\",$M110=1),$M110>(ROW(PLE.lastrow)-ROW(PLE.firstrow))),0,IF(OFFSET(PLE!$G$14,$M110,BE$13)=\"\",10^12,OFFSET(PLE!$G$14,$M110,BE$13))))","v":1000000000000},{"$f":"IF($D110<>\"Serviço\",0,IF(OR(AND(AUTOEVENTO=\"Manual\",$M110=1),$M110>(ROW(PLE.lastrow)-ROW(PLE.firstrow))),0,IF(OFFSET(PLE!$G$14,$M110,BF$13)=\"\",10^12,OFFSET(PLE!$G$14,$M110,BF$13))))","v":1000000000000},{"$f":"IF($D110<>\"Serviço\",0,IF(OR(AND(AUTOEVENTO=\"Manual\",$M110=1),$M110>(ROW(PLE.lastrow)-ROW(PLE.firstrow))),0,IF(OFFSET(PLE!$G$14,$M110,BG$13)=\"\",10^12,OFFSET(PLE!$G$14,$M110,BG$13))))","v":1000000000000}]
["81",{"$f":"OFFSET(ORÇAMENTO!C$15,ROW(B111)-ROW(B$15),0)","v":"S"},{"$f":"OFFSET(ORÇAMENTO!L$15,ROW(C111)-ROW(C$15),0)","v":"F"},{"$f":"OFFSET(ORÇAMENTO!N$15,ROW(D111)-ROW(D$15),0)","v":"Serviço"},{"$f":"OFFSET(ORÇAMENTO!O$15,ROW(E111)-ROW(E$15),0)","v":"1.7.0.0.15."},{"$f":"OFFSET(ORÇAMENTO!R$15,ROW(F111)-ROW(F$15),0)","v":"INTERRUPTOR SIMPLES (1 MÓDULO) COM 1 TOMADA DE EMBUTIR 2P+T 10 A, INCLUINDO SUPORTE E PLACA - FORNECIMENTO E INSTALAÇÃO. AF_03/2023"},{"$f":"IF($D111<>\"Serviço\",\"\",OFFSET(ORÇAMENTO!S$15,ROW(G111)-ROW(G$15),0))","v":"UN"},{"$f":"IF($D111<>\"Serviço\",0,IF(ACOMPANHAMENTO=\"BM\",ROUND(OFFSET(ORÇAMENTO!AJ$15,ROW(H111)-ROW(H$15),0),15-13*ORÇAMENTO!$AF$7),SUMPRODUCT(($Q$12:$AA$12<>\"\")*ROUND($Q111:$AA111,15-13*ORÇAMENTO!$AF$7))))","v":5},null,null,null,".",{"$f":"IF($D111<>\"Serviço\",\"\",IF(AUTOEVENTO=\"manual\",$A111,IF(ISERROR(MATCH($A111,$A$15:OFFSET($A111,-1,0),0)),MAX($M$15:OFFSET(M111,-1,0))+1,INDEX($M$15:OFFSET(M111,-1,0),MATCH($A111,$A$15:OFFSET($A111,-1,0),0)))))","v":8},{"$f":"IF($D111<>\"Serviço\",\"\",IF(AUTOEVENTO=\"Manual\",IF($A111=0,\"<-- defina o número do agrupador\",OFFSET(EVENTOS!$D$14,$A111,0)),OFFSET($F$15,$A111,0)))","v":"INSTALAÇÕES ELÉTRICAS"},null,null,null,null,null,null,null,null,null,null,null,null,null,{"$f":"IF(AND($D111=\"Serviço\",AB$12<>0,$H111>0,OR(AUTOEVENTO<>\"manual\",$M111<>1)),\nIF(Import.TipoArredondamento<>\"TransfereGOV\",\nROUND(OFFSET($P111,0,AB$13),15-13*ORÇAMENTO!$AF$7)/$H111*OFFSET(ORÇAMENTO!$X$15,ROW(AB111)-ROW(AB$15),0),\nROUND(ROUND(OFFSET($P111,0,AB$13),15-13*ORÇAMENTO!$AF$7)*OFFSET(ORÇAMENTO!$W$15,ROW(AB111)-ROW(AB$15),0),15-13*ORÇAMENTO!$AF$11)),0)","v":0},{"$f":"IF(AND($D111=\"Serviço\",AC$12<>0,$H111>0,OR(AUTOEVENTO<>\"manual\",$M111<>1)),\nIF(Import.TipoArredondamento<>\"TransfereGOV\",\nROUND(OFFSET($P111,0,AC$13),15-13*ORÇAMENTO!$AF$7)/$H111*OFFSET(ORÇAMENTO!$X$15,ROW(AC111)-ROW(AC$15),0),\nROUND(ROUND(OFFSET($P111,0,AC$13),15-13*ORÇAMENTO!$AF$7)*OFFSET(ORÇAMENTO!$W$15,ROW(AC111)-ROW(AC$15),0),15-13*ORÇAMENTO!$AF$11)),0)","v":0},{"$f":"IF(AND($D111=\"Serviço\",AD$12<>0,$H111>0,OR(AUTOEVENTO<>\"manual\",$M111<>1)),\nIF(Import.TipoArredondamento<>\"TransfereGOV\",\nROUND(OFFSET($P111,0,AD$13),15-13*ORÇAMENTO!$AF$7)/$H111*OFFSET(ORÇAMENTO!$X$15,ROW(AD111)-ROW(AD$15),0),\nROUND(ROUND(OFFSET($P111,0,AD$13),15-13*ORÇAMENTO!$AF$7)*OFFSET(ORÇAMENTO!$W$15,ROW(AD111)-ROW(AD$15),0),15-13*ORÇAMENTO!$AF$11)),0)","v":0},{"$f":"IF(AND($D111=\"Serviço\",AE$12<>0,$H111>0,OR(AUTOEVENTO<>\"manual\",$M111<>1)),\nIF(Import.TipoArredondamento<>\"TransfereGOV\",\nROUND(OFFSET($P111,0,AE$13),15-13*ORÇAMENTO!$AF$7)/$H111*OFFSET(ORÇAMENTO!$X$15,ROW(AE111)-ROW(AE$15),0),\nROUND(ROUND(OFFSET($P111,0,AE$13),15-13*ORÇAMENTO!$AF$7)*OFFSET(ORÇAMENTO!$W$15,ROW(AE111)-ROW(AE$15),0),15-13*ORÇAMENTO!$AF$11)),0)","v":0},{"$f":"IF(AND($D111=\"Serviço\",AF$12<>0,$H111>0,OR(AUTOEVENTO<>\"manual\",$M111<>1)),\nIF(Import.TipoArredondamento<>\"TransfereGOV\",\nROUND(OFFSET($P111,0,AF$13),15-13*ORÇAMENTO!$AF$7)/$H111*OFFSET(ORÇAMENTO!$X$15,ROW(AF111)-ROW(AF$15),0),\nROUND(ROUND(OFFSET($P111,0,AF$13),15-13*ORÇAMENTO!$AF$7)*OFFSET(ORÇAMENTO!$W$15,ROW(AF111)-ROW(AF$15),0),15-13*ORÇAMENTO!$AF$11)),0)","v":0},{"$f":"IF(AND($D111=\"Serviço\",AG$12<>0,$H111>0,OR(AUTOEVENTO<>\"manual\",$M111<>1)),\nIF(Import.TipoArredondamento<>\"TransfereGOV\",\nROUND(OFFSET($P111,0,AG$13),15-13*ORÇAMENTO!$AF$7)/$H111*OFFSET(ORÇAMENTO!$X$15,ROW(AG111)-ROW(AG$15),0),\nROUND(ROUND(OFFSET($P111,0,AG$13),15-13*ORÇAMENTO!$AF$7)*OFFSET(ORÇAMENTO!$W$15,ROW(AG111)-ROW(AG$15),0),15-13*ORÇAMENTO!$AF$11)),0)","v":0},{"$f":"IF(AND($D111=\"Serviço\",AH$12<>0,$H111>0,OR(AUTOEVENTO<>\"manual\",$M111<>1)),\nIF(Import.TipoArredondamento<>\"TransfereGOV\",\nROUND(OFFSET($P111,0,AH$13),15-13*ORÇAMENTO!$AF$7)/$H111*OFFSET(ORÇAMENTO!$X$15,ROW(AH111)-ROW(AH$15),0),\nROUND(ROUND(OFFSET($P111,0,AH$13),15-13*ORÇAMENTO!$AF$7)*OFFSET(ORÇAMENTO!$W$15,ROW(AH111)-ROW(AH$15),0),15-13*ORÇAMENTO!$AF$11)),0)","v":0},{"$f":"IF(AND($D111=\"Serviço\",AI$12<>0,$H111>0,OR(AUTOEVENTO<>\"manual\",$M111<>1)),\nIF(Import.TipoArredondamento<>\"TransfereGOV\",\nROUND(OFFSET($P111,0,AI$13),15-13*ORÇAMENTO!$AF$7)/$H111*OFFSET(ORÇAMENTO!$X$15,ROW(AI111)-ROW(AI$15),0),\nROUND(ROUND(OFFSET($P111,0,AI$13),15-13*ORÇAMENTO!$AF$7)*OFFSET(ORÇAMENTO!$W$15,ROW(AI111)-ROW(AI$15),0),15-13*ORÇAMENTO!$AF$11)),0)","v":0},{"$f":"IF(AND($D111=\"Serviço\",AJ$12<>0,$H111>0,OR(AUTOEVENTO<>\"manual\",$M111<>1)),\nIF(Import.TipoArredondamento<>\"TransfereGOV\",\nROUND(OFFSET($P111,0,AJ$13),15-13*ORÇAMENTO!$AF$7)/$H111*OFFSET(ORÇAMENTO!$X$15,ROW(AJ111)-ROW(AJ$15),0),\nROUND(ROUND(OFFSET($P111,0,AJ$13),15-13*ORÇAMENTO!$AF$7)*OFFSET(ORÇAMENTO!$W$15,ROW(AJ111)-ROW(AJ$15),0),15-13*ORÇAMENTO!$AF$11)),0)","v":0},{"$f":"IF(AND($D111=\"Serviço\",AK$12<>0,$H111>0,OR(AUTOEVENTO<>\"manual\",$M111<>1)),\nIF(Import.TipoArredondamento<>\"TransfereGOV\",\nROUND(OFFSET($P111,0,AK$13),15-13*ORÇAMENTO!$AF$7)/$H111*OFFSET(ORÇAMENTO!$X$15,ROW(AK111)-ROW(AK$15),0),\nROUND(ROUND(OFFSET($P111,0,AK$13),15-13*ORÇAMENTO!$AF$7)*OFFSET(ORÇAMENTO!$W$15,ROW(AK111)-ROW(AK$15),0),15-13*ORÇAMENTO!$AF$11)),0)","v":0},null,{"$f":"IF($D111<>\"Serviço\",0,IF(AND(AUTOEVENTO=\"Manual\",$M111=1),0,IF(OFFSET(CRONOPLE!$F$14,$M111,AM$13)=\"\",10^12,OFFSET(CRONOPLE!$F$14,$M111,AM$13))))","v":1000000000000},{"$f":"IF($D111<>\"Serviço\",0,IF(AND(AUTOEVENTO=\"Manual\",$M111=1),0,IF(OFFSET(CRONOPLE!$F$14,$M111,AN$13)=\"\",10^12,OFFSET(CRONOPLE!$F$14,$M111,AN$13))))","v":1000000000000},{"$f":"IF($D111<>\"Serviço\",0,IF(AND(AUTOEVENTO=\"Manual\",$M111=1),0,IF(OFFSET(CRONOPLE!$F$14,$M111,AO$13)=\"\",10^12,OFFSET(CRONOPLE!$F$14,$M111,AO$13))))","v":1000000000000},{"$f":"IF($D111<>\"Serviço\",0,IF(AND(AUTOEVENTO=\"Manual\",$M111=1),0,IF(OFFSET(CRONOPLE!$F$14,$M111,AP$13)=\"\",10^12,OFFSET(CRONOPLE!$F$14,$M111,AP$13))))","v":1000000000000},{"$f":"IF($D111<>\"Serviço\",0,IF(AND(AUTOEVENTO=\"Manual\",$M111=1),0,IF(OFFSET(CRONOPLE!$F$14,$M111,AQ$13)=\"\",10^12,OFFSET(CRONOPLE!$F$14,$M111,AQ$13))))","v":1000000000000},{"$f":"IF($D111<>\"Serviço\",0,IF(AND(AUTOEVENTO=\"Manual\",$M111=1),0,IF(OFFSET(CRONOPLE!$F$14,$M111,AR$13)=\"\",10^12,OFFSET(CRONOPLE!$F$14,$M111,AR$13))))","v":1000000000000},{"$f":"IF($D111<>\"Serviço\",0,IF(AND(AUTOEVENTO=\"Manual\",$M111=1),0,IF(OFFSET(CRONOPLE!$F$14,$M111,AS$13)=\"\",10^12,OFFSET(CRONOPLE!$F$14,$M111,AS$13))))","v":1000000000000},{"$f":"IF($D111<>\"Serviço\",0,IF(AND(AUTOEVENTO=\"Manual\",$M111=1),0,IF(OFFSET(CRONOPLE!$F$14,$M111,AT$13)=\"\",10^12,OFFSET(CRONOPLE!$F$14,$M111,AT$13))))","v":1000000000000},{"$f":"IF($D111<>\"Serviço\",0,IF(AND(AUTOEVENTO=\"Manual\",$M111=1),0,IF(OFFSET(CRONOPLE!$F$14,$M111,AU$13)=\"\",10^12,OFFSET(CRONOPLE!$F$14,$M111,AU$13))))","v":1000000000000},{"$f":"IF($D111<>\"Serviço\",0,IF(AND(AUTOEVENTO=\"Manual\",$M111=1),0,IF(OFFSET(CRONOPLE!$F$14,$M111,AV$13)=\"\",10^12,OFFSET(CRONOPLE!$F$14,$M111,AV$13))))","v":1000000000000},null,{"$f":"IF($D111<>\"Serviço\",0,IF(OR(AND(AUTOEVENTO=\"Manual\",$M111=1),$M111>(ROW(PLE.lastrow)-ROW(PLE.firstrow))),0,IF(OFFSET(PLE!$G$14,$M111,AX$13)=\"\",10^12,OFFSET(PLE!$G$14,$M111,AX$13))))","v":1000000000000},{"$f":"IF($D111<>\"Serviço\",0,IF(OR(AND(AUTOEVENTO=\"Manual\",$M111=1),$M111>(ROW(PLE.lastrow)-ROW(PLE.firstrow))),0,IF(OFFSET(PLE!$G$14,$M111,AY$13)=\"\",10^12,OFFSET(PLE!$G$14,$M111,AY$13))))","v":1000000000000},{"$f":"IF($D111<>\"Serviço\",0,IF(OR(AND(AUTOEVENTO=\"Manual\",$M111=1),$M111>(ROW(PLE.lastrow)-ROW(PLE.firstrow))),0,IF(OFFSET(PLE!$G$14,$M111,AZ$13)=\"\",10^12,OFFSET(PLE!$G$14,$M111,AZ$13))))","v":1000000000000},{"$f":"IF($D111<>\"Serviço\",0,IF(OR(AND(AUTOEVENTO=\"Manual\",$M111=1),$M111>(ROW(PLE.lastrow)-ROW(PLE.firstrow))),0,IF(OFFSET(PLE!$G$14,$M111,BA$13)=\"\",10^12,OFFSET(PLE!$G$14,$M111,BA$13))))","v":1000000000000},{"$f":"IF($D111<>\"Serviço\",0,IF(OR(AND(AUTOEVENTO=\"Manual\",$M111=1),$M111>(ROW(PLE.lastrow)-ROW(PLE.firstrow))),0,IF(OFFSET(PLE!$G$14,$M111,BB$13)=\"\",10^12,OFFSET(PLE!$G$14,$M111,BB$13))))","v":1000000000000},{"$f":"IF($D111<>\"Serviço\",0,IF(OR(AND(AUTOEVENTO=\"Manual\",$M111=1),$M111>(ROW(PLE.lastrow)-ROW(PLE.firstrow))),0,IF(OFFSET(PLE!$G$14,$M111,BC$13)=\"\",10^12,OFFSET(PLE!$G$14,$M111,BC$13))))","v":1000000000000},{"$f":"IF($D111<>\"Serviço\",0,IF(OR(AND(AUTOEVENTO=\"Manual\",$M111=1),$M111>(ROW(PLE.lastrow)-ROW(PLE.firstrow))),0,IF(OFFSET(PLE!$G$14,$M111,BD$13)=\"\",10^12,OFFSET(PLE!$G$14,$M111,BD$13))))","v":1000000000000},{"$f":"IF($D111<>\"Serviço\",0,IF(OR(AND(AUTOEVENTO=\"Manual\",$M111=1),$M111>(ROW(PLE.lastrow)-ROW(PLE.firstrow))),0,IF(OFFSET(PLE!$G$14,$M111,BE$13)=\"\",10^12,OFFSET(PLE!$G$14,$M111,BE$13))))","v":1000000000000},{"$f":"IF($D111<>\"Serviço\",0,IF(OR(AND(AUTOEVENTO=\"Manual\",$M111=1),$M111>(ROW(PLE.lastrow)-ROW(PLE.firstrow))),0,IF(OFFSET(PLE!$G$14,$M111,BF$13)=\"\",10^12,OFFSET(PLE!$G$14,$M111,BF$13))))","v":1000000000000},{"$f":"IF($D111<>\"Serviço\",0,IF(OR(AND(AUTOEVENTO=\"Manual\",$M111=1),$M111>(ROW(PLE.lastrow)-ROW(PLE.firstrow))),0,IF(OFFSET(PLE!$G$14,$M111,BG$13)=\"\",10^12,OFFSET(PLE!$G$14,$M111,BG$13))))","v":1000000000000}]
["81",{"$f":"OFFSET(ORÇAMENTO!C$15,ROW(B112)-ROW(B$15),0)","v":"S"},{"$f":"OFFSET(ORÇAMENTO!L$15,ROW(C112)-ROW(C$15),0)","v":"F"},{"$f":"OFFSET(ORÇAMENTO!N$15,ROW(D112)-ROW(D$15),0)","v":"Serviço"},{"$f":"OFFSET(ORÇAMENTO!O$15,ROW(E112)-ROW(E$15),0)","v":"1.7.0.0.16."},{"$f":"OFFSET(ORÇAMENTO!R$15,ROW(F112)-ROW(F$15),0)","v":"INTERRUPTOR PARALELO (1 MÓDULO) COM 1 TOMADA DE EMBUTIR 2P+T 10 A, INCLUINDO SUPORTE E PLACA - FORNECIMENTO E INSTALAÇÃO. AF_03/2023"},{"$f":"IF($D112<>\"Serviço\",\"\",OFFSET(ORÇAMENTO!S$15,ROW(G112)-ROW(G$15),0))","v":"UN"},{"$f":"IF($D112<>\"Serviço\",0,IF(ACOMPANHAMENTO=\"BM\",ROUND(OFFSET(ORÇAMENTO!AJ$15,ROW(H112)-ROW(H$15),0),15-13*ORÇAMENTO!$AF$7),SUMPRODUCT(($Q$12:$AA$12<>\"\")*ROUND($Q112:$AA112,15-13*ORÇAMENTO!$AF$7))))","v":2},null,null,null,".",{"$f":"IF($D112<>\"Serviço\",\"\",IF(AUTOEVENTO=\"manual\",$A112,IF(ISERROR(MATCH($A112,$A$15:OFFSET($A112,-1,0),0)),MAX($M$15:OFFSET(M112,-1,0))+1,INDEX($M$15:OFFSET(M112,-1,0),MATCH($A112,$A$15:OFFSET($A112,-1,0),0)))))","v":8},{"$f":"IF($D112<>\"Serviço\",\"\",IF(AUTOEVENTO=\"Manual\",IF($A112=0,\"<-- defina o número do agrupador\",OFFSET(EVENTOS!$D$14,$A112,0)),OFFSET($F$15,$A112,0)))","v":"INSTALAÇÕES ELÉTRICAS"},null,null,null,null,null,null,null,null,null,null,null,null,null,{"$f":"IF(AND($D112=\"Serviço\",AB$12<>0,$H112>0,OR(AUTOEVENTO<>\"manual\",$M112<>1)),\nIF(Import.TipoArredondamento<>\"TransfereGOV\",\nROUND(OFFSET($P112,0,AB$13),15-13*ORÇAMENTO!$AF$7)/$H112*OFFSET(ORÇAMENTO!$X$15,ROW(AB112)-ROW(AB$15),0),\nROUND(ROUND(OFFSET($P112,0,AB$13),15-13*ORÇAMENTO!$AF$7)*OFFSET(ORÇAMENTO!$W$15,ROW(AB112)-ROW(AB$15),0),15-13*ORÇAMENTO!$AF$11)),0)","v":0},{"$f":"IF(AND($D112=\"Serviço\",AC$12<>0,$H112>0,OR(AUTOEVENTO<>\"manual\",$M112<>1)),\nIF(Import.TipoArredondamento<>\"TransfereGOV\",\nROUND(OFFSET($P112,0,AC$13),15-13*ORÇAMENTO!$AF$7)/$H112*OFFSET(ORÇAMENTO!$X$15,ROW(AC112)-ROW(AC$15),0),\nROUND(ROUND(OFFSET($P112,0,AC$13),15-13*ORÇAMENTO!$AF$7)*OFFSET(ORÇAMENTO!$W$15,ROW(AC112)-ROW(AC$15),0),15-13*ORÇAMENTO!$AF$11)),0)","v":0},{"$f":"IF(AND($D112=\"Serviço\",AD$12<>0,$H112>0,OR(AUTOEVENTO<>\"manual\",$M112<>1)),\nIF(Import.TipoArredondamento<>\"TransfereGOV\",\nROUND(OFFSET($P112,0,AD$13),15-13*ORÇAMENTO!$AF$7)/$H112*OFFSET(ORÇAMENTO!$X$15,ROW(AD112)-ROW(AD$15),0),\nROUND(ROUND(OFFSET($P112,0,AD$13),15-13*ORÇAMENTO!$AF$7)*OFFSET(ORÇAMENTO!$W$15,ROW(AD112)-ROW(AD$15),0),15-13*ORÇAMENTO!$AF$11)),0)","v":0},{"$f":"IF(AND($D112=\"Serviço\",AE$12<>0,$H112>0,OR(AUTOEVENTO<>\"manual\",$M112<>1)),\nIF(Import.TipoArredondamento<>\"TransfereGOV\",\nROUND(OFFSET($P112,0,AE$13),15-13*ORÇAMENTO!$AF$7)/$H112*OFFSET(ORÇAMENTO!$X$15,ROW(AE112)-ROW(AE$15),0),\nROUND(ROUND(OFFSET($P112,0,AE$13),15-13*ORÇAMENTO!$AF$7)*OFFSET(ORÇAMENTO!$W$15,ROW(AE112)-ROW(AE$15),0),15-13*ORÇAMENTO!$AF$11)),0)","v":0},{"$f":"IF(AND($D112=\"Serviço\",AF$12<>0,$H112>0,OR(AUTOEVENTO<>\"manual\",$M112<>1)),\nIF(Import.TipoArredondamento<>\"TransfereGOV\",\nROUND(OFFSET($P112,0,AF$13),15-13*ORÇAMENTO!$AF$7)/$H112*OFFSET(ORÇAMENTO!$X$15,ROW(AF112)-ROW(AF$15),0),\nROUND(ROUND(OFFSET($P112,0,AF$13),15-13*ORÇAMENTO!$AF$7)*OFFSET(ORÇAMENTO!$W$15,ROW(AF112)-ROW(AF$15),0),15-13*ORÇAMENTO!$AF$11)),0)","v":0},{"$f":"IF(AND($D112=\"Serviço\",AG$12<>0,$H112>0,OR(AUTOEVENTO<>\"manual\",$M112<>1)),\nIF(Import.TipoArredondamento<>\"TransfereGOV\",\nROUND(OFFSET($P112,0,AG$13),15-13*ORÇAMENTO!$AF$7)/$H112*OFFSET(ORÇAMENTO!$X$15,ROW(AG112)-ROW(AG$15),0),\nROUND(ROUND(OFFSET($P112,0,AG$13),15-13*ORÇAMENTO!$AF$7)*OFFSET(ORÇAMENTO!$W$15,ROW(AG112)-ROW(AG$15),0),15-13*ORÇAMENTO!$AF$11)),0)","v":0},{"$f":"IF(AND($D112=\"Serviço\",AH$12<>0,$H112>0,OR(AUTOEVENTO<>\"manual\",$M112<>1)),\nIF(Import.TipoArredondamento<>\"TransfereGOV\",\nROUND(OFFSET($P112,0,AH$13),15-13*ORÇAMENTO!$AF$7)/$H112*OFFSET(ORÇAMENTO!$X$15,ROW(AH112)-ROW(AH$15),0),\nROUND(ROUND(OFFSET($P112,0,AH$13),15-13*ORÇAMENTO!$AF$7)*OFFSET(ORÇAMENTO!$W$15,ROW(AH112)-ROW(AH$15),0),15-13*ORÇAMENTO!$AF$11)),0)","v":0},{"$f":"IF(AND($D112=\"Serviço\",AI$12<>0,$H112>0,OR(AUTOEVENTO<>\"manual\",$M112<>1)),\nIF(Import.TipoArredondamento<>\"TransfereGOV\",\nROUND(OFFSET($P112,0,AI$13),15-13*ORÇAMENTO!$AF$7)/$H112*OFFSET(ORÇAMENTO!$X$15,ROW(AI112)-ROW(AI$15),0),\nROUND(ROUND(OFFSET($P112,0,AI$13),15-13*ORÇAMENTO!$AF$7)*OFFSET(ORÇAMENTO!$W$15,ROW(AI112)-ROW(AI$15),0),15-13*ORÇAMENTO!$AF$11)),0)","v":0},{"$f":"IF(AND($D112=\"Serviço\",AJ$12<>0,$H112>0,OR(AUTOEVENTO<>\"manual\",$M112<>1)),\nIF(Import.TipoArredondamento<>\"TransfereGOV\",\nROUND(OFFSET($P112,0,AJ$13),15-13*ORÇAMENTO!$AF$7)/$H112*OFFSET(ORÇAMENTO!$X$15,ROW(AJ112)-ROW(AJ$15),0),\nROUND(ROUND(OFFSET($P112,0,AJ$13),15-13*ORÇAMENTO!$AF$7)*OFFSET(ORÇAMENTO!$W$15,ROW(AJ112)-ROW(AJ$15),0),15-13*ORÇAMENTO!$AF$11)),0)","v":0},{"$f":"IF(AND($D112=\"Serviço\",AK$12<>0,$H112>0,OR(AUTOEVENTO<>\"manual\",$M112<>1)),\nIF(Import.TipoArredondamento<>\"TransfereGOV\",\nROUND(OFFSET($P112,0,AK$13),15-13*ORÇAMENTO!$AF$7)/$H112*OFFSET(ORÇAMENTO!$X$15,ROW(AK112)-ROW(AK$15),0),\nROUND(ROUND(OFFSET($P112,0,AK$13),15-13*ORÇAMENTO!$AF$7)*OFFSET(ORÇAMENTO!$W$15,ROW(AK112)-ROW(AK$15),0),15-13*ORÇAMENTO!$AF$11)),0)","v":0},null,{"$f":"IF($D112<>\"Serviço\",0,IF(AND(AUTOEVENTO=\"Manual\",$M112=1),0,IF(OFFSET(CRONOPLE!$F$14,$M112,AM$13)=\"\",10^12,OFFSET(CRONOPLE!$F$14,$M112,AM$13))))","v":1000000000000},{"$f":"IF($D112<>\"Serviço\",0,IF(AND(AUTOEVENTO=\"Manual\",$M112=1),0,IF(OFFSET(CRONOPLE!$F$14,$M112,AN$13)=\"\",10^12,OFFSET(CRONOPLE!$F$14,$M112,AN$13))))","v":1000000000000},{"$f":"IF($D112<>\"Serviço\",0,IF(AND(AUTOEVENTO=\"Manual\",$M112=1),0,IF(OFFSET(CRONOPLE!$F$14,$M112,AO$13)=\"\",10^12,OFFSET(CRONOPLE!$F$14,$M112,AO$13))))","v":1000000000000},{"$f":"IF($D112<>\"Serviço\",0,IF(AND(AUTOEVENTO=\"Manual\",$M112=1),0,IF(OFFSET(CRONOPLE!$F$14,$M112,AP$13)=\"\",10^12,OFFSET(CRONOPLE!$F$14,$M112,AP$13))))","v":1000000000000},{"$f":"IF($D112<>\"Serviço\",0,IF(AND(AUTOEVENTO=\"Manual\",$M112=1),0,IF(OFFSET(CRONOPLE!$F$14,$M112,AQ$13)=\"\",10^12,OFFSET(CRONOPLE!$F$14,$M112,AQ$13))))","v":1000000000000},{"$f":"IF($D112<>\"Serviço\",0,IF(AND(AUTOEVENTO=\"Manual\",$M112=1),0,IF(OFFSET(CRONOPLE!$F$14,$M112,AR$13)=\"\",10^12,OFFSET(CRONOPLE!$F$14,$M112,AR$13))))","v":1000000000000},{"$f":"IF($D112<>\"Serviço\",0,IF(AND(AUTOEVENTO=\"Manual\",$M112=1),0,IF(OFFSET(CRONOPLE!$F$14,$M112,AS$13)=\"\",10^12,OFFSET(CRONOPLE!$F$14,$M112,AS$13))))","v":1000000000000},{"$f":"IF($D112<>\"Serviço\",0,IF(AND(AUTOEVENTO=\"Manual\",$M112=1),0,IF(OFFSET(CRONOPLE!$F$14,$M112,AT$13)=\"\",10^12,OFFSET(CRONOPLE!$F$14,$M112,AT$13))))","v":1000000000000},{"$f":"IF($D112<>\"Serviço\",0,IF(AND(AUTOEVENTO=\"Manual\",$M112=1),0,IF(OFFSET(CRONOPLE!$F$14,$M112,AU$13)=\"\",10^12,OFFSET(CRONOPLE!$F$14,$M112,AU$13))))","v":1000000000000},{"$f":"IF($D112<>\"Serviço\",0,IF(AND(AUTOEVENTO=\"Manual\",$M112=1),0,IF(OFFSET(CRONOPLE!$F$14,$M112,AV$13)=\"\",10^12,OFFSET(CRONOPLE!$F$14,$M112,AV$13))))","v":1000000000000},null,{"$f":"IF($D112<>\"Serviço\",0,IF(OR(AND(AUTOEVENTO=\"Manual\",$M112=1),$M112>(ROW(PLE.lastrow)-ROW(PLE.firstrow))),0,IF(OFFSET(PLE!$G$14,$M112,AX$13)=\"\",10^12,OFFSET(PLE!$G$14,$M112,AX$13))))","v":1000000000000},{"$f":"IF($D112<>\"Serviço\",0,IF(OR(AND(AUTOEVENTO=\"Manual\",$M112=1),$M112>(ROW(PLE.lastrow)-ROW(PLE.firstrow))),0,IF(OFFSET(PLE!$G$14,$M112,AY$13)=\"\",10^12,OFFSET(PLE!$G$14,$M112,AY$13))))","v":1000000000000},{"$f":"IF($D112<>\"Serviço\",0,IF(OR(AND(AUTOEVENTO=\"Manual\",$M112=1),$M112>(ROW(PLE.lastrow)-ROW(PLE.firstrow))),0,IF(OFFSET(PLE!$G$14,$M112,AZ$13)=\"\",10^12,OFFSET(PLE!$G$14,$M112,AZ$13))))","v":1000000000000},{"$f":"IF($D112<>\"Serviço\",0,IF(OR(AND(AUTOEVENTO=\"Manual\",$M112=1),$M112>(ROW(PLE.lastrow)-ROW(PLE.firstrow))),0,IF(OFFSET(PLE!$G$14,$M112,BA$13)=\"\",10^12,OFFSET(PLE!$G$14,$M112,BA$13))))","v":1000000000000},{"$f":"IF($D112<>\"Serviço\",0,IF(OR(AND(AUTOEVENTO=\"Manual\",$M112=1),$M112>(ROW(PLE.lastrow)-ROW(PLE.firstrow))),0,IF(OFFSET(PLE!$G$14,$M112,BB$13)=\"\",10^12,OFFSET(PLE!$G$14,$M112,BB$13))))","v":1000000000000},{"$f":"IF($D112<>\"Serviço\",0,IF(OR(AND(AUTOEVENTO=\"Manual\",$M112=1),$M112>(ROW(PLE.lastrow)-ROW(PLE.firstrow))),0,IF(OFFSET(PLE!$G$14,$M112,BC$13)=\"\",10^12,OFFSET(PLE!$G$14,$M112,BC$13))))","v":1000000000000},{"$f":"IF($D112<>\"Serviço\",0,IF(OR(AND(AUTOEVENTO=\"Manual\",$M112=1),$M112>(ROW(PLE.lastrow)-ROW(PLE.firstrow))),0,IF(OFFSET(PLE!$G$14,$M112,BD$13)=\"\",10^12,OFFSET(PLE!$G$14,$M112,BD$13))))","v":1000000000000},{"$f":"IF($D112<>\"Serviço\",0,IF(OR(AND(AUTOEVENTO=\"Manual\",$M112=1),$M112>(ROW(PLE.lastrow)-ROW(PLE.firstrow))),0,IF(OFFSET(PLE!$G$14,$M112,BE$13)=\"\",10^12,OFFSET(PLE!$G$14,$M112,BE$13))))","v":1000000000000},{"$f":"IF($D112<>\"Serviço\",0,IF(OR(AND(AUTOEVENTO=\"Manual\",$M112=1),$M112>(ROW(PLE.lastrow)-ROW(PLE.firstrow))),0,IF(OFFSET(PLE!$G$14,$M112,BF$13)=\"\",10^12,OFFSET(PLE!$G$14,$M112,BF$13))))","v":1000000000000},{"$f":"IF($D112<>\"Serviço\",0,IF(OR(AND(AUTOEVENTO=\"Manual\",$M112=1),$M112>(ROW(PLE.lastrow)-ROW(PLE.firstrow))),0,IF(OFFSET(PLE!$G$14,$M112,BG$13)=\"\",10^12,OFFSET(PLE!$G$14,$M112,BG$13))))","v":1000000000000}]
["81",{"$f":"OFFSET(ORÇAMENTO!C$15,ROW(B113)-ROW(B$15),0)","v":"S"},{"$f":"OFFSET(ORÇAMENTO!L$15,ROW(C113)-ROW(C$15),0)","v":"F"},{"$f":"OFFSET(ORÇAMENTO!N$15,ROW(D113)-ROW(D$15),0)","v":"Serviço"},{"$f":"OFFSET(ORÇAMENTO!O$15,ROW(E113)-ROW(E$15),0)","v":"1.7.0.0.17."},{"$f":"OFFSET(ORÇAMENTO!R$15,ROW(F113)-ROW(F$15),0)","v":"QUADRO DE DISTRIBUIÇÃO DE ENERGIA EM CHAPA DE AÇO GALVANIZADO, DE EMBUTIR, COM BARRAMENTO TRIFÁSICO, PARA 12 DISJUNTORES DIN 100A - FORNECIMENTO E INSTALAÇÃO. AF_10/2020"},{"$f":"IF($D113<>\"Serviço\",\"\",OFFSET(ORÇAMENTO!S$15,ROW(G113)-ROW(G$15),0))","v":"UN"},{"$f":"IF($D113<>\"Serviço\",0,IF(ACOMPANHAMENTO=\"BM\",ROUND(OFFSET(ORÇAMENTO!AJ$15,ROW(H113)-ROW(H$15),0),15-13*ORÇAMENTO!$AF$7),SUMPRODUCT(($Q$12:$AA$12<>\"\")*ROUND($Q113:$AA113,15-13*ORÇAMENTO!$AF$7))))","v":1},null,null,null,".",{"$f":"IF($D113<>\"Serviço\",\"\",IF(AUTOEVENTO=\"manual\",$A113,IF(ISERROR(MATCH($A113,$A$15:OFFSET($A113,-1,0),0)),MAX($M$15:OFFSET(M113,-1,0))+1,INDEX($M$15:OFFSET(M113,-1,0),MATCH($A113,$A$15:OFFSET($A113,-1,0),0)))))","v":8},{"$f":"IF($D113<>\"Serviço\",\"\",IF(AUTOEVENTO=\"Manual\",IF($A113=0,\"<-- defina o número do agrupador\",OFFSET(EVENTOS!$D$14,$A113,0)),OFFSET($F$15,$A113,0)))","v":"INSTALAÇÕES ELÉTRICAS"},null,null,null,null,null,null,null,null,null,null,null,null,null,{"$f":"IF(AND($D113=\"Serviço\",AB$12<>0,$H113>0,OR(AUTOEVENTO<>\"manual\",$M113<>1)),\nIF(Import.TipoArredondamento<>\"TransfereGOV\",\nROUND(OFFSET($P113,0,AB$13),15-13*ORÇAMENTO!$AF$7)/$H113*OFFSET(ORÇAMENTO!$X$15,ROW(AB113)-ROW(AB$15),0),\nROUND(ROUND(OFFSET($P113,0,AB$13),15-13*ORÇAMENTO!$AF$7)*OFFSET(ORÇAMENTO!$W$15,ROW(AB113)-ROW(AB$15),0),15-13*ORÇAMENTO!$AF$11)),0)","v":0},{"$f":"IF(AND($D113=\"Serviço\",AC$12<>0,$H113>0,OR(AUTOEVENTO<>\"manual\",$M113<>1)),\nIF(Import.TipoArredondamento<>\"TransfereGOV\",\nROUND(OFFSET($P113,0,AC$13),15-13*ORÇAMENTO!$AF$7)/$H113*OFFSET(ORÇAMENTO!$X$15,ROW(AC113)-ROW(AC$15),0),\nROUND(ROUND(OFFSET($P113,0,AC$13),15-13*ORÇAMENTO!$AF$7)*OFFSET(ORÇAMENTO!$W$15,ROW(AC113)-ROW(AC$15),0),15-13*ORÇAMENTO!$AF$11)),0)","v":0},{"$f":"IF(AND($D113=\"Serviço\",AD$12<>0,$H113>0,OR(AUTOEVENTO<>\"manual\",$M113<>1)),\nIF(Import.TipoArredondamento<>\"TransfereGOV\",\nROUND(OFFSET($P113,0,AD$13),15-13*ORÇAMENTO!$AF$7)/$H113*OFFSET(ORÇAMENTO!$X$15,ROW(AD113)-ROW(AD$15),0),\nROUND(ROUND(OFFSET($P113,0,AD$13),15-13*ORÇAMENTO!$AF$7)*OFFSET(ORÇAMENTO!$W$15,ROW(AD113)-ROW(AD$15),0),15-13*ORÇAMENTO!$AF$11)),0)","v":0},{"$f":"IF(AND($D113=\"Serviço\",AE$12<>0,$H113>0,OR(AUTOEVENTO<>\"manual\",$M113<>1)),\nIF(Import.TipoArredondamento<>\"TransfereGOV\",\nROUND(OFFSET($P113,0,AE$13),15-13*ORÇAMENTO!$AF$7)/$H113*OFFSET(ORÇAMENTO!$X$15,ROW(AE113)-ROW(AE$15),0),\nROUND(ROUND(OFFSET($P113,0,AE$13),15-13*ORÇAMENTO!$AF$7)*OFFSET(ORÇAMENTO!$W$15,ROW(AE113)-ROW(AE$15),0),15-13*ORÇAMENTO!$AF$11)),0)","v":0},{"$f":"IF(AND($D113=\"Serviço\",AF$12<>0,$H113>0,OR(AUTOEVENTO<>\"manual\",$M113<>1)),\nIF(Import.TipoArredondamento<>\"TransfereGOV\",\nROUND(OFFSET($P113,0,AF$13),15-13*ORÇAMENTO!$AF$7)/$H113*OFFSET(ORÇAMENTO!$X$15,ROW(AF113)-ROW(AF$15),0),\nROUND(ROUND(OFFSET($P113,0,AF$13),15-13*ORÇAMENTO!$AF$7)*OFFSET(ORÇAMENTO!$W$15,ROW(AF113)-ROW(AF$15),0),15-13*ORÇAMENTO!$AF$11)),0)","v":0},{"$f":"IF(AND($D113=\"Serviço\",AG$12<>0,$H113>0,OR(AUTOEVENTO<>\"manual\",$M113<>1)),\nIF(Import.TipoArredondamento<>\"TransfereGOV\",\nROUND(OFFSET($P113,0,AG$13),15-13*ORÇAMENTO!$AF$7)/$H113*OFFSET(ORÇAMENTO!$X$15,ROW(AG113)-ROW(AG$15),0),\nROUND(ROUND(OFFSET($P113,0,AG$13),15-13*ORÇAMENTO!$AF$7)*OFFSET(ORÇAMENTO!$W$15,ROW(AG113)-ROW(AG$15),0),15-13*ORÇAMENTO!$AF$11)),0)","v":0},{"$f":"IF(AND($D113=\"Serviço\",AH$12<>0,$H113>0,OR(AUTOEVENTO<>\"manual\",$M113<>1)),\nIF(Import.TipoArredondamento<>\"TransfereGOV\",\nROUND(OFFSET($P113,0,AH$13),15-13*ORÇAMENTO!$AF$7)/$H113*OFFSET(ORÇAMENTO!$X$15,ROW(AH113)-ROW(AH$15),0),\nROUND(ROUND(OFFSET($P113,0,AH$13),15-13*ORÇAMENTO!$AF$7)*OFFSET(ORÇAMENTO!$W$15,ROW(AH113)-ROW(AH$15),0),15-13*ORÇAMENTO!$AF$11)),0)","v":0},{"$f":"IF(AND($D113=\"Serviço\",AI$12<>0,$H113>0,OR(AUTOEVENTO<>\"manual\",$M113<>1)),\nIF(Import.TipoArredondamento<>\"TransfereGOV\",\nROUND(OFFSET($P113,0,AI$13),15-13*ORÇAMENTO!$AF$7)/$H113*OFFSET(ORÇAMENTO!$X$15,ROW(AI113)-ROW(AI$15),0),\nROUND(ROUND(OFFSET($P113,0,AI$13),15-13*ORÇAMENTO!$AF$7)*OFFSET(ORÇAMENTO!$W$15,ROW(AI113)-ROW(AI$15),0),15-13*ORÇAMENTO!$AF$11)),0)","v":0},{"$f":"IF(AND($D113=\"Serviço\",AJ$12<>0,$H113>0,OR(AUTOEVENTO<>\"manual\",$M113<>1)),\nIF(Import.TipoArredondamento<>\"TransfereGOV\",\nROUND(OFFSET($P113,0,AJ$13),15-13*ORÇAMENTO!$AF$7)/$H113*OFFSET(ORÇAMENTO!$X$15,ROW(AJ113)-ROW(AJ$15),0),\nROUND(ROUND(OFFSET($P113,0,AJ$13),15-13*ORÇAMENTO!$AF$7)*OFFSET(ORÇAMENTO!$W$15,ROW(AJ113)-ROW(AJ$15),0),15-13*ORÇAMENTO!$AF$11)),0)","v":0},{"$f":"IF(AND($D113=\"Serviço\",AK$12<>0,$H113>0,OR(AUTOEVENTO<>\"manual\",$M113<>1)),\nIF(Import.TipoArredondamento<>\"TransfereGOV\",\nROUND(OFFSET($P113,0,AK$13),15-13*ORÇAMENTO!$AF$7)/$H113*OFFSET(ORÇAMENTO!$X$15,ROW(AK113)-ROW(AK$15),0),\nROUND(ROUND(OFFSET($P113,0,AK$13),15-13*ORÇAMENTO!$AF$7)*OFFSET(ORÇAMENTO!$W$15,ROW(AK113)-ROW(AK$15),0),15-13*ORÇAMENTO!$AF$11)),0)","v":0},null,{"$f":"IF($D113<>\"Serviço\",0,IF(AND(AUTOEVENTO=\"Manual\",$M113=1),0,IF(OFFSET(CRONOPLE!$F$14,$M113,AM$13)=\"\",10^12,OFFSET(CRONOPLE!$F$14,$M113,AM$13))))","v":1000000000000},{"$f":"IF($D113<>\"Serviço\",0,IF(AND(AUTOEVENTO=\"Manual\",$M113=1),0,IF(OFFSET(CRONOPLE!$F$14,$M113,AN$13)=\"\",10^12,OFFSET(CRONOPLE!$F$14,$M113,AN$13))))","v":1000000000000},{"$f":"IF($D113<>\"Serviço\",0,IF(AND(AUTOEVENTO=\"Manual\",$M113=1),0,IF(OFFSET(CRONOPLE!$F$14,$M113,AO$13)=\"\",10^12,OFFSET(CRONOPLE!$F$14,$M113,AO$13))))","v":1000000000000},{"$f":"IF($D113<>\"Serviço\",0,IF(AND(AUTOEVENTO=\"Manual\",$M113=1),0,IF(OFFSET(CRONOPLE!$F$14,$M113,AP$13)=\"\",10^12,OFFSET(CRONOPLE!$F$14,$M113,AP$13))))","v":1000000000000},{"$f":"IF($D113<>\"Serviço\",0,IF(AND(AUTOEVENTO=\"Manual\",$M113=1),0,IF(OFFSET(CRONOPLE!$F$14,$M113,AQ$13)=\"\",10^12,OFFSET(CRONOPLE!$F$14,$M113,AQ$13))))","v":1000000000000},{"$f":"IF($D113<>\"Serviço\",0,IF(AND(AUTOEVENTO=\"Manual\",$M113=1),0,IF(OFFSET(CRONOPLE!$F$14,$M113,AR$13)=\"\",10^12,OFFSET(CRONOPLE!$F$14,$M113,AR$13))))","v":1000000000000},{"$f":"IF($D113<>\"Serviço\",0,IF(AND(AUTOEVENTO=\"Manual\",$M113=1),0,IF(OFFSET(CRONOPLE!$F$14,$M113,AS$13)=\"\",10^12,OFFSET(CRONOPLE!$F$14,$M113,AS$13))))","v":1000000000000},{"$f":"IF($D113<>\"Serviço\",0,IF(AND(AUTOEVENTO=\"Manual\",$M113=1),0,IF(OFFSET(CRONOPLE!$F$14,$M113,AT$13)=\"\",10^12,OFFSET(CRONOPLE!$F$14,$M113,AT$13))))","v":1000000000000},{"$f":"IF($D113<>\"Serviço\",0,IF(AND(AUTOEVENTO=\"Manual\",$M113=1),0,IF(OFFSET(CRONOPLE!$F$14,$M113,AU$13)=\"\",10^12,OFFSET(CRONOPLE!$F$14,$M113,AU$13))))","v":1000000000000},{"$f":"IF($D113<>\"Serviço\",0,IF(AND(AUTOEVENTO=\"Manual\",$M113=1),0,IF(OFFSET(CRONOPLE!$F$14,$M113,AV$13)=\"\",10^12,OFFSET(CRONOPLE!$F$14,$M113,AV$13))))","v":1000000000000},null,{"$f":"IF($D113<>\"Serviço\",0,IF(OR(AND(AUTOEVENTO=\"Manual\",$M113=1),$M113>(ROW(PLE.lastrow)-ROW(PLE.firstrow))),0,IF(OFFSET(PLE!$G$14,$M113,AX$13)=\"\",10^12,OFFSET(PLE!$G$14,$M113,AX$13))))","v":1000000000000},{"$f":"IF($D113<>\"Serviço\",0,IF(OR(AND(AUTOEVENTO=\"Manual\",$M113=1),$M113>(ROW(PLE.lastrow)-ROW(PLE.firstrow))),0,IF(OFFSET(PLE!$G$14,$M113,AY$13)=\"\",10^12,OFFSET(PLE!$G$14,$M113,AY$13))))","v":1000000000000},{"$f":"IF($D113<>\"Serviço\",0,IF(OR(AND(AUTOEVENTO=\"Manual\",$M113=1),$M113>(ROW(PLE.lastrow)-ROW(PLE.firstrow))),0,IF(OFFSET(PLE!$G$14,$M113,AZ$13)=\"\",10^12,OFFSET(PLE!$G$14,$M113,AZ$13))))","v":1000000000000},{"$f":"IF($D113<>\"Serviço\",0,IF(OR(AND(AUTOEVENTO=\"Manual\",$M113=1),$M113>(ROW(PLE.lastrow)-ROW(PLE.firstrow))),0,IF(OFFSET(PLE!$G$14,$M113,BA$13)=\"\",10^12,OFFSET(PLE!$G$14,$M113,BA$13))))","v":1000000000000},{"$f":"IF($D113<>\"Serviço\",0,IF(OR(AND(AUTOEVENTO=\"Manual\",$M113=1),$M113>(ROW(PLE.lastrow)-ROW(PLE.firstrow))),0,IF(OFFSET(PLE!$G$14,$M113,BB$13)=\"\",10^12,OFFSET(PLE!$G$14,$M113,BB$13))))","v":1000000000000},{"$f":"IF($D113<>\"Serviço\",0,IF(OR(AND(AUTOEVENTO=\"Manual\",$M113=1),$M113>(ROW(PLE.lastrow)-ROW(PLE.firstrow))),0,IF(OFFSET(PLE!$G$14,$M113,BC$13)=\"\",10^12,OFFSET(PLE!$G$14,$M113,BC$13))))","v":1000000000000},{"$f":"IF($D113<>\"Serviço\",0,IF(OR(AND(AUTOEVENTO=\"Manual\",$M113=1),$M113>(ROW(PLE.lastrow)-ROW(PLE.firstrow))),0,IF(OFFSET(PLE!$G$14,$M113,BD$13)=\"\",10^12,OFFSET(PLE!$G$14,$M113,BD$13))))","v":1000000000000},{"$f":"IF($D113<>\"Serviço\",0,IF(OR(AND(AUTOEVENTO=\"Manual\",$M113=1),$M113>(ROW(PLE.lastrow)-ROW(PLE.firstrow))),0,IF(OFFSET(PLE!$G$14,$M113,BE$13)=\"\",10^12,OFFSET(PLE!$G$14,$M113,BE$13))))","v":1000000000000},{"$f":"IF($D113<>\"Serviço\",0,IF(OR(AND(AUTOEVENTO=\"Manual\",$M113=1),$M113>(ROW(PLE.lastrow)-ROW(PLE.firstrow))),0,IF(OFFSET(PLE!$G$14,$M113,BF$13)=\"\",10^12,OFFSET(PLE!$G$14,$M113,BF$13))))","v":1000000000000},{"$f":"IF($D113<>\"Serviço\",0,IF(OR(AND(AUTOEVENTO=\"Manual\",$M113=1),$M113>(ROW(PLE.lastrow)-ROW(PLE.firstrow))),0,IF(OFFSET(PLE!$G$14,$M113,BG$13)=\"\",10^12,OFFSET(PLE!$G$14,$M113,BG$13))))","v":1000000000000}]
["81",{"$f":"OFFSET(ORÇAMENTO!C$15,ROW(B114)-ROW(B$15),0)","v":"S"},{"$f":"OFFSET(ORÇAMENTO!L$15,ROW(C114)-ROW(C$15),0)","v":"F"},{"$f":"OFFSET(ORÇAMENTO!N$15,ROW(D114)-ROW(D$15),0)","v":"Serviço"},{"$f":"OFFSET(ORÇAMENTO!O$15,ROW(E114)-ROW(E$15),0)","v":"1.7.0.0.18."},{"$f":"OFFSET(ORÇAMENTO!R$15,ROW(F114)-ROW(F$15),0)","v":"DISJUNTOR BIPOLAR TIPO DIN, CORRENTE NOMINAL DE 16A - FORNECIMENTO E INSTALAÇÃO. AF_10/2020"},{"$f":"IF($D114<>\"Serviço\",\"\",OFFSET(ORÇAMENTO!S$15,ROW(G114)-ROW(G$15),0))","v":"UN"},{"$f":"IF($D114<>\"Serviço\",0,IF(ACOMPANHAMENTO=\"BM\",ROUND(OFFSET(ORÇAMENTO!AJ$15,ROW(H114)-ROW(H$15),0),15-13*ORÇAMENTO!$AF$7),SUMPRODUCT(($Q$12:$AA$12<>\"\")*ROUND($Q114:$AA114,15-13*ORÇAMENTO!$AF$7))))","v":6},null,null,null,".",{"$f":"IF($D114<>\"Serviço\",\"\",IF(AUTOEVENTO=\"manual\",$A114,IF(ISERROR(MATCH($A114,$A$15:OFFSET($A114,-1,0),0)),MAX($M$15:OFFSET(M114,-1,0))+1,INDEX($M$15:OFFSET(M114,-1,0),MATCH($A114,$A$15:OFFSET($A114,-1,0),0)))))","v":8},{"$f":"IF($D114<>\"Serviço\",\"\",IF(AUTOEVENTO=\"Manual\",IF($A114=0,\"<-- defina o número do agrupador\",OFFSET(EVENTOS!$D$14,$A114,0)),OFFSET($F$15,$A114,0)))","v":"INSTALAÇÕES ELÉTRICAS"},null,null,null,null,null,null,null,null,null,null,null,null,null,{"$f":"IF(AND($D114=\"Serviço\",AB$12<>0,$H114>0,OR(AUTOEVENTO<>\"manual\",$M114<>1)),\nIF(Import.TipoArredondamento<>\"TransfereGOV\",\nROUND(OFFSET($P114,0,AB$13),15-13*ORÇAMENTO!$AF$7)/$H114*OFFSET(ORÇAMENTO!$X$15,ROW(AB114)-ROW(AB$15),0),\nROUND(ROUND(OFFSET($P114,0,AB$13),15-13*ORÇAMENTO!$AF$7)*OFFSET(ORÇAMENTO!$W$15,ROW(AB114)-ROW(AB$15),0),15-13*ORÇAMENTO!$AF$11)),0)","v":0},{"$f":"IF(AND($D114=\"Serviço\",AC$12<>0,$H114>0,OR(AUTOEVENTO<>\"manual\",$M114<>1)),\nIF(Import.TipoArredondamento<>\"TransfereGOV\",\nROUND(OFFSET($P114,0,AC$13),15-13*ORÇAMENTO!$AF$7)/$H114*OFFSET(ORÇAMENTO!$X$15,ROW(AC114)-ROW(AC$15),0),\nROUND(ROUND(OFFSET($P114,0,AC$13),15-13*ORÇAMENTO!$AF$7)*OFFSET(ORÇAMENTO!$W$15,ROW(AC114)-ROW(AC$15),0),15-13*ORÇAMENTO!$AF$11)),0)","v":0},{"$f":"IF(AND($D114=\"Serviço\",AD$12<>0,$H114>0,OR(AUTOEVENTO<>\"manual\",$M114<>1)),\nIF(Import.TipoArredondamento<>\"TransfereGOV\",\nROUND(OFFSET($P114,0,AD$13),15-13*ORÇAMENTO!$AF$7)/$H114*OFFSET(ORÇAMENTO!$X$15,ROW(AD114)-ROW(AD$15),0),\nROUND(ROUND(OFFSET($P114,0,AD$13),15-13*ORÇAMENTO!$AF$7)*OFFSET(ORÇAMENTO!$W$15,ROW(AD114)-ROW(AD$15),0),15-13*ORÇAMENTO!$AF$11)),0)","v":0},{"$f":"IF(AND($D114=\"Serviço\",AE$12<>0,$H114>0,OR(AUTOEVENTO<>\"manual\",$M114<>1)),\nIF(Import.TipoArredondamento<>\"TransfereGOV\",\nROUND(OFFSET($P114,0,AE$13),15-13*ORÇAMENTO!$AF$7)/$H114*OFFSET(ORÇAMENTO!$X$15,ROW(AE114)-ROW(AE$15),0),\nROUND(ROUND(OFFSET($P114,0,AE$13),15-13*ORÇAMENTO!$AF$7)*OFFSET(ORÇAMENTO!$W$15,ROW(AE114)-ROW(AE$15),0),15-13*ORÇAMENTO!$AF$11)),0)","v":0},{"$f":"IF(AND($D114=\"Serviço\",AF$12<>0,$H114>0,OR(AUTOEVENTO<>\"manual\",$M114<>1)),\nIF(Import.TipoArredondamento<>\"TransfereGOV\",\nROUND(OFFSET($P114,0,AF$13),15-13*ORÇAMENTO!$AF$7)/$H114*OFFSET(ORÇAMENTO!$X$15,ROW(AF114)-ROW(AF$15),0),\nROUND(ROUND(OFFSET($P114,0,AF$13),15-13*ORÇAMENTO!$AF$7)*OFFSET(ORÇAMENTO!$W$15,ROW(AF114)-ROW(AF$15),0),15-13*ORÇAMENTO!$AF$11)),0)","v":0},{"$f":"IF(AND($D114=\"Serviço\",AG$12<>0,$H114>0,OR(AUTOEVENTO<>\"manual\",$M114<>1)),\nIF(Import.TipoArredondamento<>\"TransfereGOV\",\nROUND(OFFSET($P114,0,AG$13),15-13*ORÇAMENTO!$AF$7)/$H114*OFFSET(ORÇAMENTO!$X$15,ROW(AG114)-ROW(AG$15),0),\nROUND(ROUND(OFFSET($P114,0,AG$13),15-13*ORÇAMENTO!$AF$7)*OFFSET(ORÇAMENTO!$W$15,ROW(AG114)-ROW(AG$15),0),15-13*ORÇAMENTO!$AF$11)),0)","v":0},{"$f":"IF(AND($D114=\"Serviço\",AH$12<>0,$H114>0,OR(AUTOEVENTO<>\"manual\",$M114<>1)),\nIF(Import.TipoArredondamento<>\"TransfereGOV\",\nROUND(OFFSET($P114,0,AH$13),15-13*ORÇAMENTO!$AF$7)/$H114*OFFSET(ORÇAMENTO!$X$15,ROW(AH114)-ROW(AH$15),0),\nROUND(ROUND(OFFSET($P114,0,AH$13),15-13*ORÇAMENTO!$AF$7)*OFFSET(ORÇAMENTO!$W$15,ROW(AH114)-ROW(AH$15),0),15-13*ORÇAMENTO!$AF$11)),0)","v":0},{"$f":"IF(AND($D114=\"Serviço\",AI$12<>0,$H114>0,OR(AUTOEVENTO<>\"manual\",$M114<>1)),\nIF(Import.TipoArredondamento<>\"TransfereGOV\",\nROUND(OFFSET($P114,0,AI$13),15-13*ORÇAMENTO!$AF$7)/$H114*OFFSET(ORÇAMENTO!$X$15,ROW(AI114)-ROW(AI$15),0),\nROUND(ROUND(OFFSET($P114,0,AI$13),15-13*ORÇAMENTO!$AF$7)*OFFSET(ORÇAMENTO!$W$15,ROW(AI114)-ROW(AI$15),0),15-13*ORÇAMENTO!$AF$11)),0)","v":0},{"$f":"IF(AND($D114=\"Serviço\",AJ$12<>0,$H114>0,OR(AUTOEVENTO<>\"manual\",$M114<>1)),\nIF(Import.TipoArredondamento<>\"TransfereGOV\",\nROUND(OFFSET($P114,0,AJ$13),15-13*ORÇAMENTO!$AF$7)/$H114*OFFSET(ORÇAMENTO!$X$15,ROW(AJ114)-ROW(AJ$15),0),\nROUND(ROUND(OFFSET($P114,0,AJ$13),15-13*ORÇAMENTO!$AF$7)*OFFSET(ORÇAMENTO!$W$15,ROW(AJ114)-ROW(AJ$15),0),15-13*ORÇAMENTO!$AF$11)),0)","v":0},{"$f":"IF(AND($D114=\"Serviço\",AK$12<>0,$H114>0,OR(AUTOEVENTO<>\"manual\",$M114<>1)),\nIF(Import.TipoArredondamento<>\"TransfereGOV\",\nROUND(OFFSET($P114,0,AK$13),15-13*ORÇAMENTO!$AF$7)/$H114*OFFSET(ORÇAMENTO!$X$15,ROW(AK114)-ROW(AK$15),0),\nROUND(ROUND(OFFSET($P114,0,AK$13),15-13*ORÇAMENTO!$AF$7)*OFFSET(ORÇAMENTO!$W$15,ROW(AK114)-ROW(AK$15),0),15-13*ORÇAMENTO!$AF$11)),0)","v":0},null,{"$f":"IF($D114<>\"Serviço\",0,IF(AND(AUTOEVENTO=\"Manual\",$M114=1),0,IF(OFFSET(CRONOPLE!$F$14,$M114,AM$13)=\"\",10^12,OFFSET(CRONOPLE!$F$14,$M114,AM$13))))","v":1000000000000},{"$f":"IF($D114<>\"Serviço\",0,IF(AND(AUTOEVENTO=\"Manual\",$M114=1),0,IF(OFFSET(CRONOPLE!$F$14,$M114,AN$13)=\"\",10^12,OFFSET(CRONOPLE!$F$14,$M114,AN$13))))","v":1000000000000},{"$f":"IF($D114<>\"Serviço\",0,IF(AND(AUTOEVENTO=\"Manual\",$M114=1),0,IF(OFFSET(CRONOPLE!$F$14,$M114,AO$13)=\"\",10^12,OFFSET(CRONOPLE!$F$14,$M114,AO$13))))","v":1000000000000},{"$f":"IF($D114<>\"Serviço\",0,IF(AND(AUTOEVENTO=\"Manual\",$M114=1),0,IF(OFFSET(CRONOPLE!$F$14,$M114,AP$13)=\"\",10^12,OFFSET(CRONOPLE!$F$14,$M114,AP$13))))","v":1000000000000},{"$f":"IF($D114<>\"Serviço\",0,IF(AND(AUTOEVENTO=\"Manual\",$M114=1),0,IF(OFFSET(CRONOPLE!$F$14,$M114,AQ$13)=\"\",10^12,OFFSET(CRONOPLE!$F$14,$M114,AQ$13))))","v":1000000000000},{"$f":"IF($D114<>\"Serviço\",0,IF(AND(AUTOEVENTO=\"Manual\",$M114=1),0,IF(OFFSET(CRONOPLE!$F$14,$M114,AR$13)=\"\",10^12,OFFSET(CRONOPLE!$F$14,$M114,AR$13))))","v":1000000000000},{"$f":"IF($D114<>\"Serviço\",0,IF(AND(AUTOEVENTO=\"Manual\",$M114=1),0,IF(OFFSET(CRONOPLE!$F$14,$M114,AS$13)=\"\",10^12,OFFSET(CRONOPLE!$F$14,$M114,AS$13))))","v":1000000000000},{"$f":"IF($D114<>\"Serviço\",0,IF(AND(AUTOEVENTO=\"Manual\",$M114=1),0,IF(OFFSET(CRONOPLE!$F$14,$M114,AT$13)=\"\",10^12,OFFSET(CRONOPLE!$F$14,$M114,AT$13))))","v":1000000000000},{"$f":"IF($D114<>\"Serviço\",0,IF(AND(AUTOEVENTO=\"Manual\",$M114=1),0,IF(OFFSET(CRONOPLE!$F$14,$M114,AU$13)=\"\",10^12,OFFSET(CRONOPLE!$F$14,$M114,AU$13))))","v":1000000000000},{"$f":"IF($D114<>\"Serviço\",0,IF(AND(AUTOEVENTO=\"Manual\",$M114=1),0,IF(OFFSET(CRONOPLE!$F$14,$M114,AV$13)=\"\",10^12,OFFSET(CRONOPLE!$F$14,$M114,AV$13))))","v":1000000000000},null,{"$f":"IF($D114<>\"Serviço\",0,IF(OR(AND(AUTOEVENTO=\"Manual\",$M114=1),$M114>(ROW(PLE.lastrow)-ROW(PLE.firstrow))),0,IF(OFFSET(PLE!$G$14,$M114,AX$13)=\"\",10^12,OFFSET(PLE!$G$14,$M114,AX$13))))","v":1000000000000},{"$f":"IF($D114<>\"Serviço\",0,IF(OR(AND(AUTOEVENTO=\"Manual\",$M114=1),$M114>(ROW(PLE.lastrow)-ROW(PLE.firstrow))),0,IF(OFFSET(PLE!$G$14,$M114,AY$13)=\"\",10^12,OFFSET(PLE!$G$14,$M114,AY$13))))","v":1000000000000},{"$f":"IF($D114<>\"Serviço\",0,IF(OR(AND(AUTOEVENTO=\"Manual\",$M114=1),$M114>(ROW(PLE.lastrow)-ROW(PLE.firstrow))),0,IF(OFFSET(PLE!$G$14,$M114,AZ$13)=\"\",10^12,OFFSET(PLE!$G$14,$M114,AZ$13))))","v":1000000000000},{"$f":"IF($D114<>\"Serviço\",0,IF(OR(AND(AUTOEVENTO=\"Manual\",$M114=1),$M114>(ROW(PLE.lastrow)-ROW(PLE.firstrow))),0,IF(OFFSET(PLE!$G$14,$M114,BA$13)=\"\",10^12,OFFSET(PLE!$G$14,$M114,BA$13))))","v":1000000000000},{"$f":"IF($D114<>\"Serviço\",0,IF(OR(AND(AUTOEVENTO=\"Manual\",$M114=1),$M114>(ROW(PLE.lastrow)-ROW(PLE.firstrow))),0,IF(OFFSET(PLE!$G$14,$M114,BB$13)=\"\",10^12,OFFSET(PLE!$G$14,$M114,BB$13))))","v":1000000000000},{"$f":"IF($D114<>\"Serviço\",0,IF(OR(AND(AUTOEVENTO=\"Manual\",$M114=1),$M114>(ROW(PLE.lastrow)-ROW(PLE.firstrow))),0,IF(OFFSET(PLE!$G$14,$M114,BC$13)=\"\",10^12,OFFSET(PLE!$G$14,$M114,BC$13))))","v":1000000000000},{"$f":"IF($D114<>\"Serviço\",0,IF(OR(AND(AUTOEVENTO=\"Manual\",$M114=1),$M114>(ROW(PLE.lastrow)-ROW(PLE.firstrow))),0,IF(OFFSET(PLE!$G$14,$M114,BD$13)=\"\",10^12,OFFSET(PLE!$G$14,$M114,BD$13))))","v":1000000000000},{"$f":"IF($D114<>\"Serviço\",0,IF(OR(AND(AUTOEVENTO=\"Manual\",$M114=1),$M114>(ROW(PLE.lastrow)-ROW(PLE.firstrow))),0,IF(OFFSET(PLE!$G$14,$M114,BE$13)=\"\",10^12,OFFSET(PLE!$G$14,$M114,BE$13))))","v":1000000000000},{"$f":"IF($D114<>\"Serviço\",0,IF(OR(AND(AUTOEVENTO=\"Manual\",$M114=1),$M114>(ROW(PLE.lastrow)-ROW(PLE.firstrow))),0,IF(OFFSET(PLE!$G$14,$M114,BF$13)=\"\",10^12,OFFSET(PLE!$G$14,$M114,BF$13))))","v":1000000000000},{"$f":"IF($D114<>\"Serviço\",0,IF(OR(AND(AUTOEVENTO=\"Manual\",$M114=1),$M114>(ROW(PLE.lastrow)-ROW(PLE.firstrow))),0,IF(OFFSET(PLE!$G$14,$M114,BG$13)=\"\",10^12,OFFSET(PLE!$G$14,$M114,BG$13))))","v":1000000000000}]
["81",{"$f":"OFFSET(ORÇAMENTO!C$15,ROW(B115)-ROW(B$15),0)","v":"S"},{"$f":"OFFSET(ORÇAMENTO!L$15,ROW(C115)-ROW(C$15),0)","v":"F"},{"$f":"OFFSET(ORÇAMENTO!N$15,ROW(D115)-ROW(D$15),0)","v":"Serviço"},{"$f":"OFFSET(ORÇAMENTO!O$15,ROW(E115)-ROW(E$15),0)","v":"1.7.0.0.19."},{"$f":"OFFSET(ORÇAMENTO!R$15,ROW(F115)-ROW(F$15),0)","v":"DISJUNTOR BIPOLAR TIPO DIN, CORRENTE NOMINAL DE 10A - FORNECIMENTO E INSTALAÇÃO. AF_10/2020"},{"$f":"IF($D115<>\"Serviço\",\"\",OFFSET(ORÇAMENTO!S$15,ROW(G115)-ROW(G$15),0))","v":"UN"},{"$f":"IF($D115<>\"Serviço\",0,IF(ACOMPANHAMENTO=\"BM\",ROUND(OFFSET(ORÇAMENTO!AJ$15,ROW(H115)-ROW(H$15),0),15-13*ORÇAMENTO!$AF$7),SUMPRODUCT(($Q$12:$AA$12<>\"\")*ROUND($Q115:$AA115,15-13*ORÇAMENTO!$AF$7))))","v":4},null,null,null,".",{"$f":"IF($D115<>\"Serviço\",\"\",IF(AUTOEVENTO=\"manual\",$A115,IF(ISERROR(MATCH($A115,$A$15:OFFSET($A115,-1,0),0)),MAX($M$15:OFFSET(M115,-1,0))+1,INDEX($M$15:OFFSET(M115,-1,0),MATCH($A115,$A$15:OFFSET($A115,-1,0),0)))))","v":8},{"$f":"IF($D115<>\"Serviço\",\"\",IF(AUTOEVENTO=\"Manual\",IF($A115=0,\"<-- defina o número do agrupador\",OFFSET(EVENTOS!$D$14,$A115,0)),OFFSET($F$15,$A115,0)))","v":"INSTALAÇÕES ELÉTRICAS"},null,null,null,null,null,null,null,null,null,null,null,null,null,{"$f":"IF(AND($D115=\"Serviço\",AB$12<>0,$H115>0,OR(AUTOEVENTO<>\"manual\",$M115<>1)),\nIF(Import.TipoArredondamento<>\"TransfereGOV\",\nROUND(OFFSET($P115,0,AB$13),15-13*ORÇAMENTO!$AF$7)/$H115*OFFSET(ORÇAMENTO!$X$15,ROW(AB115)-ROW(AB$15),0),\nROUND(ROUND(OFFSET($P115,0,AB$13),15-13*ORÇAMENTO!$AF$7)*OFFSET(ORÇAMENTO!$W$15,ROW(AB115)-ROW(AB$15),0),15-13*ORÇAMENTO!$AF$11)),0)","v":0},{"$f":"IF(AND($D115=\"Serviço\",AC$12<>0,$H115>0,OR(AUTOEVENTO<>\"manual\",$M115<>1)),\nIF(Import.TipoArredondamento<>\"TransfereGOV\",\nROUND(OFFSET($P115,0,AC$13),15-13*ORÇAMENTO!$AF$7)/$H115*OFFSET(ORÇAMENTO!$X$15,ROW(AC115)-ROW(AC$15),0),\nROUND(ROUND(OFFSET($P115,0,AC$13),15-13*ORÇAMENTO!$AF$7)*OFFSET(ORÇAMENTO!$W$15,ROW(AC115)-ROW(AC$15),0),15-13*ORÇAMENTO!$AF$11)),0)","v":0},{"$f":"IF(AND($D115=\"Serviço\",AD$12<>0,$H115>0,OR(AUTOEVENTO<>\"manual\",$M115<>1)),\nIF(Import.TipoArredondamento<>\"TransfereGOV\",\nROUND(OFFSET($P115,0,AD$13),15-13*ORÇAMENTO!$AF$7)/$H115*OFFSET(ORÇAMENTO!$X$15,ROW(AD115)-ROW(AD$15),0),\nROUND(ROUND(OFFSET($P115,0,AD$13),15-13*ORÇAMENTO!$AF$7)*OFFSET(ORÇAMENTO!$W$15,ROW(AD115)-ROW(AD$15),0),15-13*ORÇAMENTO!$AF$11)),0)","v":0},{"$f":"IF(AND($D115=\"Serviço\",AE$12<>0,$H115>0,OR(AUTOEVENTO<>\"manual\",$M115<>1)),\nIF(Import.TipoArredondamento<>\"TransfereGOV\",\nROUND(OFFSET($P115,0,AE$13),15-13*ORÇAMENTO!$AF$7)/$H115*OFFSET(ORÇAMENTO!$X$15,ROW(AE115)-ROW(AE$15),0),\nROUND(ROUND(OFFSET($P115,0,AE$13),15-13*ORÇAMENTO!$AF$7)*OFFSET(ORÇAMENTO!$W$15,ROW(AE115)-ROW(AE$15),0),15-13*ORÇAMENTO!$AF$11)),0)","v":0},{"$f":"IF(AND($D115=\"Serviço\",AF$12<>0,$H115>0,OR(AUTOEVENTO<>\"manual\",$M115<>1)),\nIF(Import.TipoArredondamento<>\"TransfereGOV\",\nROUND(OFFSET($P115,0,AF$13),15-13*ORÇAMENTO!$AF$7)/$H115*OFFSET(ORÇAMENTO!$X$15,ROW(AF115)-ROW(AF$15),0),\nROUND(ROUND(OFFSET($P115,0,AF$13),15-13*ORÇAMENTO!$AF$7)*OFFSET(ORÇAMENTO!$W$15,ROW(AF115)-ROW(AF$15),0),15-13*ORÇAMENTO!$AF$11)),0)","v":0},{"$f":"IF(AND($D115=\"Serviço\",AG$12<>0,$H115>0,OR(AUTOEVENTO<>\"manual\",$M115<>1)),\nIF(Import.TipoArredondamento<>\"TransfereGOV\",\nROUND(OFFSET($P115,0,AG$13),15-13*ORÇAMENTO!$AF$7)/$H115*OFFSET(ORÇAMENTO!$X$15,ROW(AG115)-ROW(AG$15),0),\nROUND(ROUND(OFFSET($P115,0,AG$13),15-13*ORÇAMENTO!$AF$7)*OFFSET(ORÇAMENTO!$W$15,ROW(AG115)-ROW(AG$15),0),15-13*ORÇAMENTO!$AF$11)),0)","v":0},{"$f":"IF(AND($D115=\"Serviço\",AH$12<>0,$H115>0,OR(AUTOEVENTO<>\"manual\",$M115<>1)),\nIF(Import.TipoArredondamento<>\"TransfereGOV\",\nROUND(OFFSET($P115,0,AH$13),15-13*ORÇAMENTO!$AF$7)/$H115*OFFSET(ORÇAMENTO!$X$15,ROW(AH115)-ROW(AH$15),0),\nROUND(ROUND(OFFSET($P115,0,AH$13),15-13*ORÇAMENTO!$AF$7)*OFFSET(ORÇAMENTO!$W$15,ROW(AH115)-ROW(AH$15),0),15-13*ORÇAMENTO!$AF$11)),0)","v":0},{"$f":"IF(AND($D115=\"Serviço\",AI$12<>0,$H115>0,OR(AUTOEVENTO<>\"manual\",$M115<>1)),\nIF(Import.TipoArredondamento<>\"TransfereGOV\",\nROUND(OFFSET($P115,0,AI$13),15-13*ORÇAMENTO!$AF$7)/$H115*OFFSET(ORÇAMENTO!$X$15,ROW(AI115)-ROW(AI$15),0),\nROUND(ROUND(OFFSET($P115,0,AI$13),15-13*ORÇAMENTO!$AF$7)*OFFSET(ORÇAMENTO!$W$15,ROW(AI115)-ROW(AI$15),0),15-13*ORÇAMENTO!$AF$11)),0)","v":0},{"$f":"IF(AND($D115=\"Serviço\",AJ$12<>0,$H115>0,OR(AUTOEVENTO<>\"manual\",$M115<>1)),\nIF(Import.TipoArredondamento<>\"TransfereGOV\",\nROUND(OFFSET($P115,0,AJ$13),15-13*ORÇAMENTO!$AF$7)/$H115*OFFSET(ORÇAMENTO!$X$15,ROW(AJ115)-ROW(AJ$15),0),\nROUND(ROUND(OFFSET($P115,0,AJ$13),15-13*ORÇAMENTO!$AF$7)*OFFSET(ORÇAMENTO!$W$15,ROW(AJ115)-ROW(AJ$15),0),15-13*ORÇAMENTO!$AF$11)),0)","v":0},{"$f":"IF(AND($D115=\"Serviço\",AK$12<>0,$H115>0,OR(AUTOEVENTO<>\"manual\",$M115<>1)),\nIF(Import.TipoArredondamento<>\"TransfereGOV\",\nROUND(OFFSET($P115,0,AK$13),15-13*ORÇAMENTO!$AF$7)/$H115*OFFSET(ORÇAMENTO!$X$15,ROW(AK115)-ROW(AK$15),0),\nROUND(ROUND(OFFSET($P115,0,AK$13),15-13*ORÇAMENTO!$AF$7)*OFFSET(ORÇAMENTO!$W$15,ROW(AK115)-ROW(AK$15),0),15-13*ORÇAMENTO!$AF$11)),0)","v":0},null,{"$f":"IF($D115<>\"Serviço\",0,IF(AND(AUTOEVENTO=\"Manual\",$M115=1),0,IF(OFFSET(CRONOPLE!$F$14,$M115,AM$13)=\"\",10^12,OFFSET(CRONOPLE!$F$14,$M115,AM$13))))","v":1000000000000},{"$f":"IF($D115<>\"Serviço\",0,IF(AND(AUTOEVENTO=\"Manual\",$M115=1),0,IF(OFFSET(CRONOPLE!$F$14,$M115,AN$13)=\"\",10^12,OFFSET(CRONOPLE!$F$14,$M115,AN$13))))","v":1000000000000},{"$f":"IF($D115<>\"Serviço\",0,IF(AND(AUTOEVENTO=\"Manual\",$M115=1),0,IF(OFFSET(CRONOPLE!$F$14,$M115,AO$13)=\"\",10^12,OFFSET(CRONOPLE!$F$14,$M115,AO$13))))","v":1000000000000},{"$f":"IF($D115<>\"Serviço\",0,IF(AND(AUTOEVENTO=\"Manual\",$M115=1),0,IF(OFFSET(CRONOPLE!$F$14,$M115,AP$13)=\"\",10^12,OFFSET(CRONOPLE!$F$14,$M115,AP$13))))","v":1000000000000},{"$f":"IF($D115<>\"Serviço\",0,IF(AND(AUTOEVENTO=\"Manual\",$M115=1),0,IF(OFFSET(CRONOPLE!$F$14,$M115,AQ$13)=\"\",10^12,OFFSET(CRONOPLE!$F$14,$M115,AQ$13))))","v":1000000000000},{"$f":"IF($D115<>\"Serviço\",0,IF(AND(AUTOEVENTO=\"Manual\",$M115=1),0,IF(OFFSET(CRONOPLE!$F$14,$M115,AR$13)=\"\",10^12,OFFSET(CRONOPLE!$F$14,$M115,AR$13))))","v":1000000000000},{"$f":"IF($D115<>\"Serviço\",0,IF(AND(AUTOEVENTO=\"Manual\",$M115=1),0,IF(OFFSET(CRONOPLE!$F$14,$M115,AS$13)=\"\",10^12,OFFSET(CRONOPLE!$F$14,$M115,AS$13))))","v":1000000000000},{"$f":"IF($D115<>\"Serviço\",0,IF(AND(AUTOEVENTO=\"Manual\",$M115=1),0,IF(OFFSET(CRONOPLE!$F$14,$M115,AT$13)=\"\",10^12,OFFSET(CRONOPLE!$F$14,$M115,AT$13))))","v":1000000000000},{"$f":"IF($D115<>\"Serviço\",0,IF(AND(AUTOEVENTO=\"Manual\",$M115=1),0,IF(OFFSET(CRONOPLE!$F$14,$M115,AU$13)=\"\",10^12,OFFSET(CRONOPLE!$F$14,$M115,AU$13))))","v":1000000000000},{"$f":"IF($D115<>\"Serviço\",0,IF(AND(AUTOEVENTO=\"Manual\",$M115=1),0,IF(OFFSET(CRONOPLE!$F$14,$M115,AV$13)=\"\",10^12,OFFSET(CRONOPLE!$F$14,$M115,AV$13))))","v":1000000000000},null,{"$f":"IF($D115<>\"Serviço\",0,IF(OR(AND(AUTOEVENTO=\"Manual\",$M115=1),$M115>(ROW(PLE.lastrow)-ROW(PLE.firstrow))),0,IF(OFFSET(PLE!$G$14,$M115,AX$13)=\"\",10^12,OFFSET(PLE!$G$14,$M115,AX$13))))","v":1000000000000},{"$f":"IF($D115<>\"Serviço\",0,IF(OR(AND(AUTOEVENTO=\"Manual\",$M115=1),$M115>(ROW(PLE.lastrow)-ROW(PLE.firstrow))),0,IF(OFFSET(PLE!$G$14,$M115,AY$13)=\"\",10^12,OFFSET(PLE!$G$14,$M115,AY$13))))","v":1000000000000},{"$f":"IF($D115<>\"Serviço\",0,IF(OR(AND(AUTOEVENTO=\"Manual\",$M115=1),$M115>(ROW(PLE.lastrow)-ROW(PLE.firstrow))),0,IF(OFFSET(PLE!$G$14,$M115,AZ$13)=\"\",10^12,OFFSET(PLE!$G$14,$M115,AZ$13))))","v":1000000000000},{"$f":"IF($D115<>\"Serviço\",0,IF(OR(AND(AUTOEVENTO=\"Manual\",$M115=1),$M115>(ROW(PLE.lastrow)-ROW(PLE.firstrow))),0,IF(OFFSET(PLE!$G$14,$M115,BA$13)=\"\",10^12,OFFSET(PLE!$G$14,$M115,BA$13))))","v":1000000000000},{"$f":"IF($D115<>\"Serviço\",0,IF(OR(AND(AUTOEVENTO=\"Manual\",$M115=1),$M115>(ROW(PLE.lastrow)-ROW(PLE.firstrow))),0,IF(OFFSET(PLE!$G$14,$M115,BB$13)=\"\",10^12,OFFSET(PLE!$G$14,$M115,BB$13))))","v":1000000000000},{"$f":"IF($D115<>\"Serviço\",0,IF(OR(AND(AUTOEVENTO=\"Manual\",$M115=1),$M115>(ROW(PLE.lastrow)-ROW(PLE.firstrow))),0,IF(OFFSET(PLE!$G$14,$M115,BC$13)=\"\",10^12,OFFSET(PLE!$G$14,$M115,BC$13))))","v":1000000000000},{"$f":"IF($D115<>\"Serviço\",0,IF(OR(AND(AUTOEVENTO=\"Manual\",$M115=1),$M115>(ROW(PLE.lastrow)-ROW(PLE.firstrow))),0,IF(OFFSET(PLE!$G$14,$M115,BD$13)=\"\",10^12,OFFSET(PLE!$G$14,$M115,BD$13))))","v":1000000000000},{"$f":"IF($D115<>\"Serviço\",0,IF(OR(AND(AUTOEVENTO=\"Manual\",$M115=1),$M115>(ROW(PLE.lastrow)-ROW(PLE.firstrow))),0,IF(OFFSET(PLE!$G$14,$M115,BE$13)=\"\",10^12,OFFSET(PLE!$G$14,$M115,BE$13))))","v":1000000000000},{"$f":"IF($D115<>\"Serviço\",0,IF(OR(AND(AUTOEVENTO=\"Manual\",$M115=1),$M115>(ROW(PLE.lastrow)-ROW(PLE.firstrow))),0,IF(OFFSET(PLE!$G$14,$M115,BF$13)=\"\",10^12,OFFSET(PLE!$G$14,$M115,BF$13))))","v":1000000000000},{"$f":"IF($D115<>\"Serviço\",0,IF(OR(AND(AUTOEVENTO=\"Manual\",$M115=1),$M115>(ROW(PLE.lastrow)-ROW(PLE.firstrow))),0,IF(OFFSET(PLE!$G$14,$M115,BG$13)=\"\",10^12,OFFSET(PLE!$G$14,$M115,BG$13))))","v":1000000000000}]
["81",{"$f":"OFFSET(ORÇAMENTO!C$15,ROW(B116)-ROW(B$15),0)","v":"S"},{"$f":"OFFSET(ORÇAMENTO!L$15,ROW(C116)-ROW(C$15),0)","v":"F"},{"$f":"OFFSET(ORÇAMENTO!N$15,ROW(D116)-ROW(D$15),0)","v":"Serviço"},{"$f":"OFFSET(ORÇAMENTO!O$15,ROW(E116)-ROW(E$15),0)","v":"1.7.0.0.20."},{"$f":"OFFSET(ORÇAMENTO!R$15,ROW(F116)-ROW(F$15),0)","v":"DISJUNTOR BIPOLAR TIPO DIN, CORRENTE NOMINAL DE 25A - FORNECIMENTO E INSTALAÇÃO. AF_10/2020"},{"$f":"IF($D116<>\"Serviço\",\"\",OFFSET(ORÇAMENTO!S$15,ROW(G116)-ROW(G$15),0))","v":"UN"},{"$f":"IF($D116<>\"Serviço\",0,IF(ACOMPANHAMENTO=\"BM\",ROUND(OFFSET(ORÇAMENTO!AJ$15,ROW(H116)-ROW(H$15),0),15-13*ORÇAMENTO!$AF$7),SUMPRODUCT(($Q$12:$AA$12<>\"\")*ROUND($Q116:$AA116,15-13*ORÇAMENTO!$AF$7))))","v":3},null,null,null,".",{"$f":"IF($D116<>\"Serviço\",\"\",IF(AUTOEVENTO=\"manual\",$A116,IF(ISERROR(MATCH($A116,$A$15:OFFSET($A116,-1,0),0)),MAX($M$15:OFFSET(M116,-1,0))+1,INDEX($M$15:OFFSET(M116,-1,0),MATCH($A116,$A$15:OFFSET($A116,-1,0),0)))))","v":8},{"$f":"IF($D116<>\"Serviço\",\"\",IF(AUTOEVENTO=\"Manual\",IF($A116=0,\"<-- defina o número do agrupador\",OFFSET(EVENTOS!$D$14,$A116,0)),OFFSET($F$15,$A116,0)))","v":"INSTALAÇÕES ELÉTRICAS"},null,null,null,null,null,null,null,null,null,null,null,null,null,{"$f":"IF(AND($D116=\"Serviço\",AB$12<>0,$H116>0,OR(AUTOEVENTO<>\"manual\",$M116<>1)),\nIF(Import.TipoArredondamento<>\"TransfereGOV\",\nROUND(OFFSET($P116,0,AB$13),15-13*ORÇAMENTO!$AF$7)/$H116*OFFSET(ORÇAMENTO!$X$15,ROW(AB116)-ROW(AB$15),0),\nROUND(ROUND(OFFSET($P116,0,AB$13),15-13*ORÇAMENTO!$AF$7)*OFFSET(ORÇAMENTO!$W$15,ROW(AB116)-ROW(AB$15),0),15-13*ORÇAMENTO!$AF$11)),0)","v":0},{"$f":"IF(AND($D116=\"Serviço\",AC$12<>0,$H116>0,OR(AUTOEVENTO<>\"manual\",$M116<>1)),\nIF(Import.TipoArredondamento<>\"TransfereGOV\",\nROUND(OFFSET($P116,0,AC$13),15-13*ORÇAMENTO!$AF$7)/$H116*OFFSET(ORÇAMENTO!$X$15,ROW(AC116)-ROW(AC$15),0),\nROUND(ROUND(OFFSET($P116,0,AC$13),15-13*ORÇAMENTO!$AF$7)*OFFSET(ORÇAMENTO!$W$15,ROW(AC116)-ROW(AC$15),0),15-13*ORÇAMENTO!$AF$11)),0)","v":0},{"$f":"IF(AND($D116=\"Serviço\",AD$12<>0,$H116>0,OR(AUTOEVENTO<>\"manual\",$M116<>1)),\nIF(Import.TipoArredondamento<>\"TransfereGOV\",\nROUND(OFFSET($P116,0,AD$13),15-13*ORÇAMENTO!$AF$7)/$H116*OFFSET(ORÇAMENTO!$X$15,ROW(AD116)-ROW(AD$15),0),\nROUND(ROUND(OFFSET($P116,0,AD$13),15-13*ORÇAMENTO!$AF$7)*OFFSET(ORÇAMENTO!$W$15,ROW(AD116)-ROW(AD$15),0),15-13*ORÇAMENTO!$AF$11)),0)","v":0},{"$f":"IF(AND($D116=\"Serviço\",AE$12<>0,$H116>0,OR(AUTOEVENTO<>\"manual\",$M116<>1)),\nIF(Import.TipoArredondamento<>\"TransfereGOV\",\nROUND(OFFSET($P116,0,AE$13),15-13*ORÇAMENTO!$AF$7)/$H116*OFFSET(ORÇAMENTO!$X$15,ROW(AE116)-ROW(AE$15),0),\nROUND(ROUND(OFFSET($P116,0,AE$13),15-13*ORÇAMENTO!$AF$7)*OFFSET(ORÇAMENTO!$W$15,ROW(AE116)-ROW(AE$15),0),15-13*ORÇAMENTO!$AF$11)),0)","v":0},{"$f":"IF(AND($D116=\"Serviço\",AF$12<>0,$H116>0,OR(AUTOEVENTO<>\"manual\",$M116<>1)),\nIF(Import.TipoArredondamento<>\"TransfereGOV\",\nROUND(OFFSET($P116,0,AF$13),15-13*ORÇAMENTO!$AF$7)/$H116*OFFSET(ORÇAMENTO!$X$15,ROW(AF116)-ROW(AF$15),0),\nROUND(ROUND(OFFSET($P116,0,AF$13),15-13*ORÇAMENTO!$AF$7)*OFFSET(ORÇAMENTO!$W$15,ROW(AF116)-ROW(AF$15),0),15-13*ORÇAMENTO!$AF$11)),0)","v":0},{"$f":"IF(AND($D116=\"Serviço\",AG$12<>0,$H116>0,OR(AUTOEVENTO<>\"manual\",$M116<>1)),\nIF(Import.TipoArredondamento<>\"TransfereGOV\",\nROUND(OFFSET($P116,0,AG$13),15-13*ORÇAMENTO!$AF$7)/$H116*OFFSET(ORÇAMENTO!$X$15,ROW(AG116)-ROW(AG$15),0),\nROUND(ROUND(OFFSET($P116,0,AG$13),15-13*ORÇAMENTO!$AF$7)*OFFSET(ORÇAMENTO!$W$15,ROW(AG116)-ROW(AG$15),0),15-13*ORÇAMENTO!$AF$11)),0)","v":0},{"$f":"IF(AND($D116=\"Serviço\",AH$12<>0,$H116>0,OR(AUTOEVENTO<>\"manual\",$M116<>1)),\nIF(Import.TipoArredondamento<>\"TransfereGOV\",\nROUND(OFFSET($P116,0,AH$13),15-13*ORÇAMENTO!$AF$7)/$H116*OFFSET(ORÇAMENTO!$X$15,ROW(AH116)-ROW(AH$15),0),\nROUND(ROUND(OFFSET($P116,0,AH$13),15-13*ORÇAMENTO!$AF$7)*OFFSET(ORÇAMENTO!$W$15,ROW(AH116)-ROW(AH$15),0),15-13*ORÇAMENTO!$AF$11)),0)","v":0},{"$f":"IF(AND($D116=\"Serviço\",AI$12<>0,$H116>0,OR(AUTOEVENTO<>\"manual\",$M116<>1)),\nIF(Import.TipoArredondamento<>\"TransfereGOV\",\nROUND(OFFSET($P116,0,AI$13),15-13*ORÇAMENTO!$AF$7)/$H116*OFFSET(ORÇAMENTO!$X$15,ROW(AI116)-ROW(AI$15),0),\nROUND(ROUND(OFFSET($P116,0,AI$13),15-13*ORÇAMENTO!$AF$7)*OFFSET(ORÇAMENTO!$W$15,ROW(AI116)-ROW(AI$15),0),15-13*ORÇAMENTO!$AF$11)),0)","v":0},{"$f":"IF(AND($D116=\"Serviço\",AJ$12<>0,$H116>0,OR(AUTOEVENTO<>\"manual\",$M116<>1)),\nIF(Import.TipoArredondamento<>\"TransfereGOV\",\nROUND(OFFSET($P116,0,AJ$13),15-13*ORÇAMENTO!$AF$7)/$H116*OFFSET(ORÇAMENTO!$X$15,ROW(AJ116)-ROW(AJ$15),0),\nROUND(ROUND(OFFSET($P116,0,AJ$13),15-13*ORÇAMENTO!$AF$7)*OFFSET(ORÇAMENTO!$W$15,ROW(AJ116)-ROW(AJ$15),0),15-13*ORÇAMENTO!$AF$11)),0)","v":0},{"$f":"IF(AND($D116=\"Serviço\",AK$12<>0,$H116>0,OR(AUTOEVENTO<>\"manual\",$M116<>1)),\nIF(Import.TipoArredondamento<>\"TransfereGOV\",\nROUND(OFFSET($P116,0,AK$13),15-13*ORÇAMENTO!$AF$7)/$H116*OFFSET(ORÇAMENTO!$X$15,ROW(AK116)-ROW(AK$15),0),\nROUND(ROUND(OFFSET($P116,0,AK$13),15-13*ORÇAMENTO!$AF$7)*OFFSET(ORÇAMENTO!$W$15,ROW(AK116)-ROW(AK$15),0),15-13*ORÇAMENTO!$AF$11)),0)","v":0},null,{"$f":"IF($D116<>\"Serviço\",0,IF(AND(AUTOEVENTO=\"Manual\",$M116=1),0,IF(OFFSET(CRONOPLE!$F$14,$M116,AM$13)=\"\",10^12,OFFSET(CRONOPLE!$F$14,$M116,AM$13))))","v":1000000000000},{"$f":"IF($D116<>\"Serviço\",0,IF(AND(AUTOEVENTO=\"Manual\",$M116=1),0,IF(OFFSET(CRONOPLE!$F$14,$M116,AN$13)=\"\",10^12,OFFSET(CRONOPLE!$F$14,$M116,AN$13))))","v":1000000000000},{"$f":"IF($D116<>\"Serviço\",0,IF(AND(AUTOEVENTO=\"Manual\",$M116=1),0,IF(OFFSET(CRONOPLE!$F$14,$M116,AO$13)=\"\",10^12,OFFSET(CRONOPLE!$F$14,$M116,AO$13))))","v":1000000000000},{"$f":"IF($D116<>\"Serviço\",0,IF(AND(AUTOEVENTO=\"Manual\",$M116=1),0,IF(OFFSET(CRONOPLE!$F$14,$M116,AP$13)=\"\",10^12,OFFSET(CRONOPLE!$F$14,$M116,AP$13))))","v":1000000000000},{"$f":"IF($D116<>\"Serviço\",0,IF(AND(AUTOEVENTO=\"Manual\",$M116=1),0,IF(OFFSET(CRONOPLE!$F$14,$M116,AQ$13)=\"\",10^12,OFFSET(CRONOPLE!$F$14,$M116,AQ$13))))","v":1000000000000},{"$f":"IF($D116<>\"Serviço\",0,IF(AND(AUTOEVENTO=\"Manual\",$M116=1),0,IF(OFFSET(CRONOPLE!$F$14,$M116,AR$13)=\"\",10^12,OFFSET(CRONOPLE!$F$14,$M116,AR$13))))","v":1000000000000},{"$f":"IF($D116<>\"Serviço\",0,IF(AND(AUTOEVENTO=\"Manual\",$M116=1),0,IF(OFFSET(CRONOPLE!$F$14,$M116,AS$13)=\"\",10^12,OFFSET(CRONOPLE!$F$14,$M116,AS$13))))","v":1000000000000},{"$f":"IF($D116<>\"Serviço\",0,IF(AND(AUTOEVENTO=\"Manual\",$M116=1),0,IF(OFFSET(CRONOPLE!$F$14,$M116,AT$13)=\"\",10^12,OFFSET(CRONOPLE!$F$14,$M116,AT$13))))","v":1000000000000},{"$f":"IF($D116<>\"Serviço\",0,IF(AND(AUTOEVENTO=\"Manual\",$M116=1),0,IF(OFFSET(CRONOPLE!$F$14,$M116,AU$13)=\"\",10^12,OFFSET(CRONOPLE!$F$14,$M116,AU$13))))","v":1000000000000},{"$f":"IF($D116<>\"Serviço\",0,IF(AND(AUTOEVENTO=\"Manual\",$M116=1),0,IF(OFFSET(CRONOPLE!$F$14,$M116,AV$13)=\"\",10^12,OFFSET(CRONOPLE!$F$14,$M116,AV$13))))","v":1000000000000},null,{"$f":"IF($D116<>\"Serviço\",0,IF(OR(AND(AUTOEVENTO=\"Manual\",$M116=1),$M116>(ROW(PLE.lastrow)-ROW(PLE.firstrow))),0,IF(OFFSET(PLE!$G$14,$M116,AX$13)=\"\",10^12,OFFSET(PLE!$G$14,$M116,AX$13))))","v":1000000000000},{"$f":"IF($D116<>\"Serviço\",0,IF(OR(AND(AUTOEVENTO=\"Manual\",$M116=1),$M116>(ROW(PLE.lastrow)-ROW(PLE.firstrow))),0,IF(OFFSET(PLE!$G$14,$M116,AY$13)=\"\",10^12,OFFSET(PLE!$G$14,$M116,AY$13))))","v":1000000000000},{"$f":"IF($D116<>\"Serviço\",0,IF(OR(AND(AUTOEVENTO=\"Manual\",$M116=1),$M116>(ROW(PLE.lastrow)-ROW(PLE.firstrow))),0,IF(OFFSET(PLE!$G$14,$M116,AZ$13)=\"\",10^12,OFFSET(PLE!$G$14,$M116,AZ$13))))","v":1000000000000},{"$f":"IF($D116<>\"Serviço\",0,IF(OR(AND(AUTOEVENTO=\"Manual\",$M116=1),$M116>(ROW(PLE.lastrow)-ROW(PLE.firstrow))),0,IF(OFFSET(PLE!$G$14,$M116,BA$13)=\"\",10^12,OFFSET(PLE!$G$14,$M116,BA$13))))","v":1000000000000},{"$f":"IF($D116<>\"Serviço\",0,IF(OR(AND(AUTOEVENTO=\"Manual\",$M116=1),$M116>(ROW(PLE.lastrow)-ROW(PLE.firstrow))),0,IF(OFFSET(PLE!$G$14,$M116,BB$13)=\"\",10^12,OFFSET(PLE!$G$14,$M116,BB$13))))","v":1000000000000},{"$f":"IF($D116<>\"Serviço\",0,IF(OR(AND(AUTOEVENTO=\"Manual\",$M116=1),$M116>(ROW(PLE.lastrow)-ROW(PLE.firstrow))),0,IF(OFFSET(PLE!$G$14,$M116,BC$13)=\"\",10^12,OFFSET(PLE!$G$14,$M116,BC$13))))","v":1000000000000},{"$f":"IF($D116<>\"Serviço\",0,IF(OR(AND(AUTOEVENTO=\"Manual\",$M116=1),$M116>(ROW(PLE.lastrow)-ROW(PLE.firstrow))),0,IF(OFFSET(PLE!$G$14,$M116,BD$13)=\"\",10^12,OFFSET(PLE!$G$14,$M116,BD$13))))","v":1000000000000},{"$f":"IF($D116<>\"Serviço\",0,IF(OR(AND(AUTOEVENTO=\"Manual\",$M116=1),$M116>(ROW(PLE.lastrow)-ROW(PLE.firstrow))),0,IF(OFFSET(PLE!$G$14,$M116,BE$13)=\"\",10^12,OFFSET(PLE!$G$14,$M116,BE$13))))","v":1000000000000},{"$f":"IF($D116<>\"Serviço\",0,IF(OR(AND(AUTOEVENTO=\"Manual\",$M116=1),$M116>(ROW(PLE.lastrow)-ROW(PLE.firstrow))),0,IF(OFFSET(PLE!$G$14,$M116,BF$13)=\"\",10^12,OFFSET(PLE!$G$14,$M116,BF$13))))","v":1000000000000},{"$f":"IF($D116<>\"Serviço\",0,IF(OR(AND(AUTOEVENTO=\"Manual\",$M116=1),$M116>(ROW(PLE.lastrow)-ROW(PLE.firstrow))),0,IF(OFFSET(PLE!$G$14,$M116,BG$13)=\"\",10^12,OFFSET(PLE!$G$14,$M116,BG$13))))","v":1000000000000}]
["81",{"$f":"OFFSET(ORÇAMENTO!C$15,ROW(B117)-ROW(B$15),0)","v":"S"},{"$f":"OFFSET(ORÇAMENTO!L$15,ROW(C117)-ROW(C$15),0)","v":"F"},{"$f":"OFFSET(ORÇAMENTO!N$15,ROW(D117)-ROW(D$15),0)","v":"Serviço"},{"$f":"OFFSET(ORÇAMENTO!O$15,ROW(E117)-ROW(E$15),0)","v":"1.7.0.0.21."},{"$f":"OFFSET(ORÇAMENTO!R$15,ROW(F117)-ROW(F$15),0)","v":"DISJUNTOR BIPOLAR TIPO DIN, CORRENTE NOMINAL DE 20A - FORNECIMENTO E INSTALAÇÃO. AF_10/2020"},{"$f":"IF($D117<>\"Serviço\",\"\",OFFSET(ORÇAMENTO!S$15,ROW(G117)-ROW(G$15),0))","v":"UN"},{"$f":"IF($D117<>\"Serviço\",0,IF(ACOMPANHAMENTO=\"BM\",ROUND(OFFSET(ORÇAMENTO!AJ$15,ROW(H117)-ROW(H$15),0),15-13*ORÇAMENTO!$AF$7),SUMPRODUCT(($Q$12:$AA$12<>\"\")*ROUND($Q117:$AA117,15-13*ORÇAMENTO!$AF$7))))","v":1},null,null,null,".",{"$f":"IF($D117<>\"Serviço\",\"\",IF(AUTOEVENTO=\"manual\",$A117,IF(ISERROR(MATCH($A117,$A$15:OFFSET($A117,-1,0),0)),MAX($M$15:OFFSET(M117,-1,0))+1,INDEX($M$15:OFFSET(M117,-1,0),MATCH($A117,$A$15:OFFSET($A117,-1,0),0)))))","v":8},{"$f":"IF($D117<>\"Serviço\",\"\",IF(AUTOEVENTO=\"Manual\",IF($A117=0,\"<-- defina o número do agrupador\",OFFSET(EVENTOS!$D$14,$A117,0)),OFFSET($F$15,$A117,0)))","v":"INSTALAÇÕES ELÉTRICAS"},null,null,null,null,null,null,null,null,null,null,null,null,null,{"$f":"IF(AND($D117=\"Serviço\",AB$12<>0,$H117>0,OR(AUTOEVENTO<>\"manual\",$M117<>1)),\nIF(Import.TipoArredondamento<>\"TransfereGOV\",\nROUND(OFFSET($P117,0,AB$13),15-13*ORÇAMENTO!$AF$7)/$H117*OFFSET(ORÇAMENTO!$X$15,ROW(AB117)-ROW(AB$15),0),\nROUND(ROUND(OFFSET($P117,0,AB$13),15-13*ORÇAMENTO!$AF$7)*OFFSET(ORÇAMENTO!$W$15,ROW(AB117)-ROW(AB$15),0),15-13*ORÇAMENTO!$AF$11)),0)","v":0},{"$f":"IF(AND($D117=\"Serviço\",AC$12<>0,$H117>0,OR(AUTOEVENTO<>\"manual\",$M117<>1)),\nIF(Import.TipoArredondamento<>\"TransfereGOV\",\nROUND(OFFSET($P117,0,AC$13),15-13*ORÇAMENTO!$AF$7)/$H117*OFFSET(ORÇAMENTO!$X$15,ROW(AC117)-ROW(AC$15),0),\nROUND(ROUND(OFFSET($P117,0,AC$13),15-13*ORÇAMENTO!$AF$7)*OFFSET(ORÇAMENTO!$W$15,ROW(AC117)-ROW(AC$15),0),15-13*ORÇAMENTO!$AF$11)),0)","v":0},{"$f":"IF(AND($D117=\"Serviço\",AD$12<>0,$H117>0,OR(AUTOEVENTO<>\"manual\",$M117<>1)),\nIF(Import.TipoArredondamento<>\"TransfereGOV\",\nROUND(OFFSET($P117,0,AD$13),15-13*ORÇAMENTO!$AF$7)/$H117*OFFSET(ORÇAMENTO!$X$15,ROW(AD117)-ROW(AD$15),0),\nROUND(ROUND(OFFSET($P117,0,AD$13),15-13*ORÇAMENTO!$AF$7)*OFFSET(ORÇAMENTO!$W$15,ROW(AD117)-ROW(AD$15),0),15-13*ORÇAMENTO!$AF$11)),0)","v":0},{"$f":"IF(AND($D117=\"Serviço\",AE$12<>0,$H117>0,OR(AUTOEVENTO<>\"manual\",$M117<>1)),\nIF(Import.TipoArredondamento<>\"TransfereGOV\",\nROUND(OFFSET($P117,0,AE$13),15-13*ORÇAMENTO!$AF$7)/$H117*OFFSET(ORÇAMENTO!$X$15,ROW(AE117)-ROW(AE$15),0),\nROUND(ROUND(OFFSET($P117,0,AE$13),15-13*ORÇAMENTO!$AF$7)*OFFSET(ORÇAMENTO!$W$15,ROW(AE117)-ROW(AE$15),0),15-13*ORÇAMENTO!$AF$11)),0)","v":0},{"$f":"IF(AND($D117=\"Serviço\",AF$12<>0,$H117>0,OR(AUTOEVENTO<>\"manual\",$M117<>1)),\nIF(Import.TipoArredondamento<>\"TransfereGOV\",\nROUND(OFFSET($P117,0,AF$13),15-13*ORÇAMENTO!$AF$7)/$H117*OFFSET(ORÇAMENTO!$X$15,ROW(AF117)-ROW(AF$15),0),\nROUND(ROUND(OFFSET($P117,0,AF$13),15-13*ORÇAMENTO!$AF$7)*OFFSET(ORÇAMENTO!$W$15,ROW(AF117)-ROW(AF$15),0),15-13*ORÇAMENTO!$AF$11)),0)","v":0},{"$f":"IF(AND($D117=\"Serviço\",AG$12<>0,$H117>0,OR(AUTOEVENTO<>\"manual\",$M117<>1)),\nIF(Import.TipoArredondamento<>\"TransfereGOV\",\nROUND(OFFSET($P117,0,AG$13),15-13*ORÇAMENTO!$AF$7)/$H117*OFFSET(ORÇAMENTO!$X$15,ROW(AG117)-ROW(AG$15),0),\nROUND(ROUND(OFFSET($P117,0,AG$13),15-13*ORÇAMENTO!$AF$7)*OFFSET(ORÇAMENTO!$W$15,ROW(AG117)-ROW(AG$15),0),15-13*ORÇAMENTO!$AF$11)),0)","v":0},{"$f":"IF(AND($D117=\"Serviço\",AH$12<>0,$H117>0,OR(AUTOEVENTO<>\"manual\",$M117<>1)),\nIF(Import.TipoArredondamento<>\"TransfereGOV\",\nROUND(OFFSET($P117,0,AH$13),15-13*ORÇAMENTO!$AF$7)/$H117*OFFSET(ORÇAMENTO!$X$15,ROW(AH117)-ROW(AH$15),0),\nROUND(ROUND(OFFSET($P117,0,AH$13),15-13*ORÇAMENTO!$AF$7)*OFFSET(ORÇAMENTO!$W$15,ROW(AH117)-ROW(AH$15),0),15-13*ORÇAMENTO!$AF$11)),0)","v":0},{"$f":"IF(AND($D117=\"Serviço\",AI$12<>0,$H117>0,OR(AUTOEVENTO<>\"manual\",$M117<>1)),\nIF(Import.TipoArredondamento<>\"TransfereGOV\",\nROUND(OFFSET($P117,0,AI$13),15-13*ORÇAMENTO!$AF$7)/$H117*OFFSET(ORÇAMENTO!$X$15,ROW(AI117)-ROW(AI$15),0),\nROUND(ROUND(OFFSET($P117,0,AI$13),15-13*ORÇAMENTO!$AF$7)*OFFSET(ORÇAMENTO!$W$15,ROW(AI117)-ROW(AI$15),0),15-13*ORÇAMENTO!$AF$11)),0)","v":0},{"$f":"IF(AND($D117=\"Serviço\",AJ$12<>0,$H117>0,OR(AUTOEVENTO<>\"manual\",$M117<>1)),\nIF(Import.TipoArredondamento<>\"TransfereGOV\",\nROUND(OFFSET($P117,0,AJ$13),15-13*ORÇAMENTO!$AF$7)/$H117*OFFSET(ORÇAMENTO!$X$15,ROW(AJ117)-ROW(AJ$15),0),\nROUND(ROUND(OFFSET($P117,0,AJ$13),15-13*ORÇAMENTO!$AF$7)*OFFSET(ORÇAMENTO!$W$15,ROW(AJ117)-ROW(AJ$15),0),15-13*ORÇAMENTO!$AF$11)),0)","v":0},{"$f":"IF(AND($D117=\"Serviço\",AK$12<>0,$H117>0,OR(AUTOEVENTO<>\"manual\",$M117<>1)),\nIF(Import.TipoArredondamento<>\"TransfereGOV\",\nROUND(OFFSET($P117,0,AK$13),15-13*ORÇAMENTO!$AF$7)/$H117*OFFSET(ORÇAMENTO!$X$15,ROW(AK117)-ROW(AK$15),0),\nROUND(ROUND(OFFSET($P117,0,AK$13),15-13*ORÇAMENTO!$AF$7)*OFFSET(ORÇAMENTO!$W$15,ROW(AK117)-ROW(AK$15),0),15-13*ORÇAMENTO!$AF$11)),0)","v":0},null,{"$f":"IF($D117<>\"Serviço\",0,IF(AND(AUTOEVENTO=\"Manual\",$M117=1),0,IF(OFFSET(CRONOPLE!$F$14,$M117,AM$13)=\"\",10^12,OFFSET(CRONOPLE!$F$14,$M117,AM$13))))","v":1000000000000},{"$f":"IF($D117<>\"Serviço\",0,IF(AND(AUTOEVENTO=\"Manual\",$M117=1),0,IF(OFFSET(CRONOPLE!$F$14,$M117,AN$13)=\"\",10^12,OFFSET(CRONOPLE!$F$14,$M117,AN$13))))","v":1000000000000},{"$f":"IF($D117<>\"Serviço\",0,IF(AND(AUTOEVENTO=\"Manual\",$M117=1),0,IF(OFFSET(CRONOPLE!$F$14,$M117,AO$13)=\"\",10^12,OFFSET(CRONOPLE!$F$14,$M117,AO$13))))","v":1000000000000},{"$f":"IF($D117<>\"Serviço\",0,IF(AND(AUTOEVENTO=\"Manual\",$M117=1),0,IF(OFFSET(CRONOPLE!$F$14,$M117,AP$13)=\"\",10^12,OFFSET(CRONOPLE!$F$14,$M117,AP$13))))","v":1000000000000},{"$f":"IF($D117<>\"Serviço\",0,IF(AND(AUTOEVENTO=\"Manual\",$M117=1),0,IF(OFFSET(CRONOPLE!$F$14,$M117,AQ$13)=\"\",10^12,OFFSET(CRONOPLE!$F$14,$M117,AQ$13))))","v":1000000000000},{"$f":"IF($D117<>\"Serviço\",0,IF(AND(AUTOEVENTO=\"Manual\",$M117=1),0,IF(OFFSET(CRONOPLE!$F$14,$M117,AR$13)=\"\",10^12,OFFSET(CRONOPLE!$F$14,$M117,AR$13))))","v":1000000000000},{"$f":"IF($D117<>\"Serviço\",0,IF(AND(AUTOEVENTO=\"Manual\",$M117=1),0,IF(OFFSET(CRONOPLE!$F$14,$M117,AS$13)=\"\",10^12,OFFSET(CRONOPLE!$F$14,$M117,AS$13))))","v":1000000000000},{"$f":"IF($D117<>\"Serviço\",0,IF(AND(AUTOEVENTO=\"Manual\",$M117=1),0,IF(OFFSET(CRONOPLE!$F$14,$M117,AT$13)=\"\",10^12,OFFSET(CRONOPLE!$F$14,$M117,AT$13))))","v":1000000000000},{"$f":"IF($D117<>\"Serviço\",0,IF(AND(AUTOEVENTO=\"Manual\",$M117=1),0,IF(OFFSET(CRONOPLE!$F$14,$M117,AU$13)=\"\",10^12,OFFSET(CRONOPLE!$F$14,$M117,AU$13))))","v":1000000000000},{"$f":"IF($D117<>\"Serviço\",0,IF(AND(AUTOEVENTO=\"Manual\",$M117=1),0,IF(OFFSET(CRONOPLE!$F$14,$M117,AV$13)=\"\",10^12,OFFSET(CRONOPLE!$F$14,$M117,AV$13))))","v":1000000000000},null,{"$f":"IF($D117<>\"Serviço\",0,IF(OR(AND(AUTOEVENTO=\"Manual\",$M117=1),$M117>(ROW(PLE.lastrow)-ROW(PLE.firstrow))),0,IF(OFFSET(PLE!$G$14,$M117,AX$13)=\"\",10^12,OFFSET(PLE!$G$14,$M117,AX$13))))","v":1000000000000},{"$f":"IF($D117<>\"Serviço\",0,IF(OR(AND(AUTOEVENTO=\"Manual\",$M117=1),$M117>(ROW(PLE.lastrow)-ROW(PLE.firstrow))),0,IF(OFFSET(PLE!$G$14,$M117,AY$13)=\"\",10^12,OFFSET(PLE!$G$14,$M117,AY$13))))","v":1000000000000},{"$f":"IF($D117<>\"Serviço\",0,IF(OR(AND(AUTOEVENTO=\"Manual\",$M117=1),$M117>(ROW(PLE.lastrow)-ROW(PLE.firstrow))),0,IF(OFFSET(PLE!$G$14,$M117,AZ$13)=\"\",10^12,OFFSET(PLE!$G$14,$M117,AZ$13))))","v":1000000000000},{"$f":"IF($D117<>\"Serviço\",0,IF(OR(AND(AUTOEVENTO=\"Manual\",$M117=1),$M117>(ROW(PLE.lastrow)-ROW(PLE.firstrow))),0,IF(OFFSET(PLE!$G$14,$M117,BA$13)=\"\",10^12,OFFSET(PLE!$G$14,$M117,BA$13))))","v":1000000000000},{"$f":"IF($D117<>\"Serviço\",0,IF(OR(AND(AUTOEVENTO=\"Manual\",$M117=1),$M117>(ROW(PLE.lastrow)-ROW(PLE.firstrow))),0,IF(OFFSET(PLE!$G$14,$M117,BB$13)=\"\",10^12,OFFSET(PLE!$G$14,$M117,BB$13))))","v":1000000000000},{"$f":"IF($D117<>\"Serviço\",0,IF(OR(AND(AUTOEVENTO=\"Manual\",$M117=1),$M117>(ROW(PLE.lastrow)-ROW(PLE.firstrow))),0,IF(OFFSET(PLE!$G$14,$M117,BC$13)=\"\",10^12,OFFSET(PLE!$G$14,$M117,BC$13))))","v":1000000000000},{"$f":"IF($D117<>\"Serviço\",0,IF(OR(AND(AUTOEVENTO=\"Manual\",$M117=1),$M117>(ROW(PLE.lastrow)-ROW(PLE.firstrow))),0,IF(OFFSET(PLE!$G$14,$M117,BD$13)=\"\",10^12,OFFSET(PLE!$G$14,$M117,BD$13))))","v":1000000000000},{"$f":"IF($D117<>\"Serviço\",0,IF(OR(AND(AUTOEVENTO=\"Manual\",$M117=1),$M117>(ROW(PLE.lastrow)-ROW(PLE.firstrow))),0,IF(OFFSET(PLE!$G$14,$M117,BE$13)=\"\",10^12,OFFSET(PLE!$G$14,$M117,BE$13))))","v":1000000000000},{"$f":"IF($D117<>\"Serviço\",0,IF(OR(AND(AUTOEVENTO=\"Manual\",$M117=1),$M117>(ROW(PLE.lastrow)-ROW(PLE.firstrow))),0,IF(OFFSET(PLE!$G$14,$M117,BF$13)=\"\",10^12,OFFSET(PLE!$G$14,$M117,BF$13))))","v":1000000000000},{"$f":"IF($D117<>\"Serviço\",0,IF(OR(AND(AUTOEVENTO=\"Manual\",$M117=1),$M117>(ROW(PLE.lastrow)-ROW(PLE.firstrow))),0,IF(OFFSET(PLE!$G$14,$M117,BG$13)=\"\",10^12,OFFSET(PLE!$G$14,$M117,BG$13))))","v":1000000000000}]
["81",{"$f":"OFFSET(ORÇAMENTO!C$15,ROW(B118)-ROW(B$15),0)","v":"S"},{"$f":"OFFSET(ORÇAMENTO!L$15,ROW(C118)-ROW(C$15),0)","v":"F"},{"$f":"OFFSET(ORÇAMENTO!N$15,ROW(D118)-ROW(D$15),0)","v":"Serviço"},{"$f":"OFFSET(ORÇAMENTO!O$15,ROW(E118)-ROW(E$15),0)","v":"1.7.0.0.22."},{"$f":"OFFSET(ORÇAMENTO!R$15,ROW(F118)-ROW(F$15),0)","v":"LUMINÁRIA PLAFON  BOCAL CONVENCIONAL, DE SOBREPOR, INCLUSO LAMPADA BULBO LED 30W 6500K - FORNECIMENTO E INSTALAÇÃO"},{"$f":"IF($D118<>\"Serviço\",\"\",OFFSET(ORÇAMENTO!S$15,ROW(G118)-ROW(G$15),0))","v":"UNIDADE"},{"$f":"IF($D118<>\"Serviço\",0,IF(ACOMPANHAMENTO=\"BM\",ROUND(OFFSET(ORÇAMENTO!AJ$15,ROW(H118)-ROW(H$15),0),15-13*ORÇAMENTO!$AF$7),SUMPRODUCT(($Q$12:$AA$12<>\"\")*ROUND($Q118:$AA118,15-13*ORÇAMENTO!$AF$7))))","v":24},null,null,null,".",{"$f":"IF($D118<>\"Serviço\",\"\",IF(AUTOEVENTO=\"manual\",$A118,IF(ISERROR(MATCH($A118,$A$15:OFFSET($A118,-1,0),0)),MAX($M$15:OFFSET(M118,-1,0))+1,INDEX($M$15:OFFSET(M118,-1,0),MATCH($A118,$A$15:OFFSET($A118,-1,0),0)))))","v":8},{"$f":"IF($D118<>\"Serviço\",\"\",IF(AUTOEVENTO=\"Manual\",IF($A118=0,\"<-- defina o número do agrupador\",OFFSET(EVENTOS!$D$14,$A118,0)),OFFSET($F$15,$A118,0)))","v":"INSTALAÇÕES ELÉTRICAS"},null,null,null,null,null,null,null,null,null,null,null,null,null,{"$f":"IF(AND($D118=\"Serviço\",AB$12<>0,$H118>0,OR(AUTOEVENTO<>\"manual\",$M118<>1)),\nIF(Import.TipoArredondamento<>\"TransfereGOV\",\nROUND(OFFSET($P118,0,AB$13),15-13*ORÇAMENTO!$AF$7)/$H118*OFFSET(ORÇAMENTO!$X$15,ROW(AB118)-ROW(AB$15),0),\nROUND(ROUND(OFFSET($P118,0,AB$13),15-13*ORÇAMENTO!$AF$7)*OFFSET(ORÇAMENTO!$W$15,ROW(AB118)-ROW(AB$15),0),15-13*ORÇAMENTO!$AF$11)),0)","v":0},{"$f":"IF(AND($D118=\"Serviço\",AC$12<>0,$H118>0,OR(AUTOEVENTO<>\"manual\",$M118<>1)),\nIF(Import.TipoArredondamento<>\"TransfereGOV\",\nROUND(OFFSET($P118,0,AC$13),15-13*ORÇAMENTO!$AF$7)/$H118*OFFSET(ORÇAMENTO!$X$15,ROW(AC118)-ROW(AC$15),0),\nROUND(ROUND(OFFSET($P118,0,AC$13),15-13*ORÇAMENTO!$AF$7)*OFFSET(ORÇAMENTO!$W$15,ROW(AC118)-ROW(AC$15),0),15-13*ORÇAMENTO!$AF$11)),0)","v":0},{"$f":"IF(AND($D118=\"Serviço\",AD$12<>0,$H118>0,OR(AUTOEVENTO<>\"manual\",$M118<>1)),\nIF(Import.TipoArredondamento<>\"TransfereGOV\",\nROUND(OFFSET($P118,0,AD$13),15-13*ORÇAMENTO!$AF$7)/$H118*OFFSET(ORÇAMENTO!$X$15,ROW(AD118)-ROW(AD$15),0),\nROUND(ROUND(OFFSET($P118,0,AD$13),15-13*ORÇAMENTO!$AF$7)*OFFSET(ORÇAMENTO!$W$15,ROW(AD118)-ROW(AD$15),0),15-13*ORÇAMENTO!$AF$11)),0)","v":0},{"$f":"IF(AND($D118=\"Serviço\",AE$12<>0,$H118>0,OR(AUTOEVENTO<>\"manual\",$M118<>1)),\nIF(Import.TipoArredondamento<>\"TransfereGOV\",\nROUND(OFFSET($P118,0,AE$13),15-13*ORÇAMENTO!$AF$7)/$H118*OFFSET(ORÇAMENTO!$X$15,ROW(AE118)-ROW(AE$15),0),\nROUND(ROUND(OFFSET($P118,0,AE$13),15-13*ORÇAMENTO!$AF$7)*OFFSET(ORÇAMENTO!$W$15,ROW(AE118)-ROW(AE$15),0),15-13*ORÇAMENTO!$AF$11)),0)","v":0},{"$f":"IF(AND($D118=\"Serviço\",AF$12<>0,$H118>0,OR(AUTOEVENTO<>\"manual\",$M118<>1)),\nIF(Import.TipoArredondamento<>\"TransfereGOV\",\nROUND(OFFSET($P118,0,AF$13),15-13*ORÇAMENTO!$AF$7)/$H118*OFFSET(ORÇAMENTO!$X$15,ROW(AF118)-ROW(AF$15),0),\nROUND(ROUND(OFFSET($P118,0,AF$13),15-13*ORÇAMENTO!$AF$7)*OFFSET(ORÇAMENTO!$W$15,ROW(AF118)-ROW(AF$15),0),15-13*ORÇAMENTO!$AF$11)),0)","v":0},{"$f":"IF(AND($D118=\"Serviço\",AG$12<>0,$H118>0,OR(AUTOEVENTO<>\"manual\",$M118<>1)),\nIF(Import.TipoArredondamento<>\"TransfereGOV\",\nROUND(OFFSET($P118,0,AG$13),15-13*ORÇAMENTO!$AF$7)/$H118*OFFSET(ORÇAMENTO!$X$15,ROW(AG118)-ROW(AG$15),0),\nROUND(ROUND(OFFSET($P118,0,AG$13),15-13*ORÇAMENTO!$AF$7)*OFFSET(ORÇAMENTO!$W$15,ROW(AG118)-ROW(AG$15),0),15-13*ORÇAMENTO!$AF$11)),0)","v":0},{"$f":"IF(AND($D118=\"Serviço\",AH$12<>0,$H118>0,OR(AUTOEVENTO<>\"manual\",$M118<>1)),\nIF(Import.TipoArredondamento<>\"TransfereGOV\",\nROUND(OFFSET($P118,0,AH$13),15-13*ORÇAMENTO!$AF$7)/$H118*OFFSET(ORÇAMENTO!$X$15,ROW(AH118)-ROW(AH$15),0),\nROUND(ROUND(OFFSET($P118,0,AH$13),15-13*ORÇAMENTO!$AF$7)*OFFSET(ORÇAMENTO!$W$15,ROW(AH118)-ROW(AH$15),0),15-13*ORÇAMENTO!$AF$11)),0)","v":0},{"$f":"IF(AND($D118=\"Serviço\",AI$12<>0,$H118>0,OR(AUTOEVENTO<>\"manual\",$M118<>1)),\nIF(Import.TipoArredondamento<>\"TransfereGOV\",\nROUND(OFFSET($P118,0,AI$13),15-13*ORÇAMENTO!$AF$7)/$H118*OFFSET(ORÇAMENTO!$X$15,ROW(AI118)-ROW(AI$15),0),\nROUND(ROUND(OFFSET($P118,0,AI$13),15-13*ORÇAMENTO!$AF$7)*OFFSET(ORÇAMENTO!$W$15,ROW(AI118)-ROW(AI$15),0),15-13*ORÇAMENTO!$AF$11)),0)","v":0},{"$f":"IF(AND($D118=\"Serviço\",AJ$12<>0,$H118>0,OR(AUTOEVENTO<>\"manual\",$M118<>1)),\nIF(Import.TipoArredondamento<>\"TransfereGOV\",\nROUND(OFFSET($P118,0,AJ$13),15-13*ORÇAMENTO!$AF$7)/$H118*OFFSET(ORÇAMENTO!$X$15,ROW(AJ118)-ROW(AJ$15),0),\nROUND(ROUND(OFFSET($P118,0,AJ$13),15-13*ORÇAMENTO!$AF$7)*OFFSET(ORÇAMENTO!$W$15,ROW(AJ118)-ROW(AJ$15),0),15-13*ORÇAMENTO!$AF$11)),0)","v":0},{"$f":"IF(AND($D118=\"Serviço\",AK$12<>0,$H118>0,OR(AUTOEVENTO<>\"manual\",$M118<>1)),\nIF(Import.TipoArredondamento<>\"TransfereGOV\",\nROUND(OFFSET($P118,0,AK$13),15-13*ORÇAMENTO!$AF$7)/$H118*OFFSET(ORÇAMENTO!$X$15,ROW(AK118)-ROW(AK$15),0),\nROUND(ROUND(OFFSET($P118,0,AK$13),15-13*ORÇAMENTO!$AF$7)*OFFSET(ORÇAMENTO!$W$15,ROW(AK118)-ROW(AK$15),0),15-13*ORÇAMENTO!$AF$11)),0)","v":0},null,{"$f":"IF($D118<>\"Serviço\",0,IF(AND(AUTOEVENTO=\"Manual\",$M118=1),0,IF(OFFSET(CRONOPLE!$F$14,$M118,AM$13)=\"\",10^12,OFFSET(CRONOPLE!$F$14,$M118,AM$13))))","v":1000000000000},{"$f":"IF($D118<>\"Serviço\",0,IF(AND(AUTOEVENTO=\"Manual\",$M118=1),0,IF(OFFSET(CRONOPLE!$F$14,$M118,AN$13)=\"\",10^12,OFFSET(CRONOPLE!$F$14,$M118,AN$13))))","v":1000000000000},{"$f":"IF($D118<>\"Serviço\",0,IF(AND(AUTOEVENTO=\"Manual\",$M118=1),0,IF(OFFSET(CRONOPLE!$F$14,$M118,AO$13)=\"\",10^12,OFFSET(CRONOPLE!$F$14,$M118,AO$13))))","v":1000000000000},{"$f":"IF($D118<>\"Serviço\",0,IF(AND(AUTOEVENTO=\"Manual\",$M118=1),0,IF(OFFSET(CRONOPLE!$F$14,$M118,AP$13)=\"\",10^12,OFFSET(CRONOPLE!$F$14,$M118,AP$13))))","v":1000000000000},{"$f":"IF($D118<>\"Serviço\",0,IF(AND(AUTOEVENTO=\"Manual\",$M118=1),0,IF(OFFSET(CRONOPLE!$F$14,$M118,AQ$13)=\"\",10^12,OFFSET(CRONOPLE!$F$14,$M118,AQ$13))))","v":1000000000000},{"$f":"IF($D118<>\"Serviço\",0,IF(AND(AUTOEVENTO=\"Manual\",$M118=1),0,IF(OFFSET(CRONOPLE!$F$14,$M118,AR$13)=\"\",10^12,OFFSET(CRONOPLE!$F$14,$M118,AR$13))))","v":1000000000000},{"$f":"IF($D118<>\"Serviço\",0,IF(AND(AUTOEVENTO=\"Manual\",$M118=1),0,IF(OFFSET(CRONOPLE!$F$14,$M118,AS$13)=\"\",10^12,OFFSET(CRONOPLE!$F$14,$M118,AS$13))))","v":1000000000000},{"$f":"IF($D118<>\"Serviço\",0,IF(AND(AUTOEVENTO=\"Manual\",$M118=1),0,IF(OFFSET(CRONOPLE!$F$14,$M118,AT$13)=\"\",10^12,OFFSET(CRONOPLE!$F$14,$M118,AT$13))))","v":1000000000000},{"$f":"IF($D118<>\"Serviço\",0,IF(AND(AUTOEVENTO=\"Manual\",$M118=1),0,IF(OFFSET(CRONOPLE!$F$14,$M118,AU$13)=\"\",10^12,OFFSET(CRONOPLE!$F$14,$M118,AU$13))))","v":1000000000000},{"$f":"IF($D118<>\"Serviço\",0,IF(AND(AUTOEVENTO=\"Manual\",$M118=1),0,IF(OFFSET(CRONOPLE!$F$14,$M118,AV$13)=\"\",10^12,OFFSET(CRONOPLE!$F$14,$M118,AV$13))))","v":1000000000000},null,{"$f":"IF($D118<>\"Serviço\",0,IF(OR(AND(AUTOEVENTO=\"Manual\",$M118=1),$M118>(ROW(PLE.lastrow)-ROW(PLE.firstrow))),0,IF(OFFSET(PLE!$G$14,$M118,AX$13)=\"\",10^12,OFFSET(PLE!$G$14,$M118,AX$13))))","v":1000000000000},{"$f":"IF($D118<>\"Serviço\",0,IF(OR(AND(AUTOEVENTO=\"Manual\",$M118=1),$M118>(ROW(PLE.lastrow)-ROW(PLE.firstrow))),0,IF(OFFSET(PLE!$G$14,$M118,AY$13)=\"\",10^12,OFFSET(PLE!$G$14,$M118,AY$13))))","v":1000000000000},{"$f":"IF($D118<>\"Serviço\",0,IF(OR(AND(AUTOEVENTO=\"Manual\",$M118=1),$M118>(ROW(PLE.lastrow)-ROW(PLE.firstrow))),0,IF(OFFSET(PLE!$G$14,$M118,AZ$13)=\"\",10^12,OFFSET(PLE!$G$14,$M118,AZ$13))))","v":1000000000000},{"$f":"IF($D118<>\"Serviço\",0,IF(OR(AND(AUTOEVENTO=\"Manual\",$M118=1),$M118>(ROW(PLE.lastrow)-ROW(PLE.firstrow))),0,IF(OFFSET(PLE!$G$14,$M118,BA$13)=\"\",10^12,OFFSET(PLE!$G$14,$M118,BA$13))))","v":1000000000000},{"$f":"IF($D118<>\"Serviço\",0,IF(OR(AND(AUTOEVENTO=\"Manual\",$M118=1),$M118>(ROW(PLE.lastrow)-ROW(PLE.firstrow))),0,IF(OFFSET(PLE!$G$14,$M118,BB$13)=\"\",10^12,OFFSET(PLE!$G$14,$M118,BB$13))))","v":1000000000000},{"$f":"IF($D118<>\"Serviço\",0,IF(OR(AND(AUTOEVENTO=\"Manual\",$M118=1),$M118>(ROW(PLE.lastrow)-ROW(PLE.firstrow))),0,IF(OFFSET(PLE!$G$14,$M118,BC$13)=\"\",10^12,OFFSET(PLE!$G$14,$M118,BC$13))))","v":1000000000000},{"$f":"IF($D118<>\"Serviço\",0,IF(OR(AND(AUTOEVENTO=\"Manual\",$M118=1),$M118>(ROW(PLE.lastrow)-ROW(PLE.firstrow))),0,IF(OFFSET(PLE!$G$14,$M118,BD$13)=\"\",10^12,OFFSET(PLE!$G$14,$M118,BD$13))))","v":1000000000000},{"$f":"IF($D118<>\"Serviço\",0,IF(OR(AND(AUTOEVENTO=\"Manual\",$M118=1),$M118>(ROW(PLE.lastrow)-ROW(PLE.firstrow))),0,IF(OFFSET(PLE!$G$14,$M118,BE$13)=\"\",10^12,OFFSET(PLE!$G$14,$M118,BE$13))))","v":1000000000000},{"$f":"IF($D118<>\"Serviço\",0,IF(OR(AND(AUTOEVENTO=\"Manual\",$M118=1),$M118>(ROW(PLE.lastrow)-ROW(PLE.firstrow))),0,IF(OFFSET(PLE!$G$14,$M118,BF$13)=\"\",10^12,OFFSET(PLE!$G$14,$M118,BF$13))))","v":1000000000000},{"$f":"IF($D118<>\"Serviço\",0,IF(OR(AND(AUTOEVENTO=\"Manual\",$M118=1),$M118>(ROW(PLE.lastrow)-ROW(PLE.firstrow))),0,IF(OFFSET(PLE!$G$14,$M118,BG$13)=\"\",10^12,OFFSET(PLE!$G$14,$M118,BG$13))))","v":1000000000000}]
[{"$f":"IF(AUTOEVENTO=\"Manual\",IF(K119<>\"\",MIN(VALUE(LEFT(K119,FIND(\".\",K119)-1)),COUNTA(EVENTOS.Lista)),0),IF(OR($B119>AUTOEVENTO,$B119=\"S\",$B119=0),SUBSTITUTE(OFFSET($A119,-1,0),IF($D119=\"Serviço\",\".\",\"\"),\"\"),ROW(A119)-ROW($A$15)&\".\"))","v":"81"},{"$f":"OFFSET(ORÇAMENTO!C$15,ROW(B119)-ROW(B$15),0)","v":"S"},{"$f":"OFFSET(ORÇAMENTO!L$15,ROW(C119)-ROW(C$15),0)","v":"F"},{"$f":"OFFSET(ORÇAMENTO!N$15,ROW(D119)-ROW(D$15),0)","v":"Serviço"},{"$f":"OFFSET(ORÇAMENTO!O$15,ROW(E119)-ROW(E$15),0)","v":"1.7.0.0.23."},{"$f":"OFFSET(ORÇAMENTO!R$15,ROW(F119)-ROW(F$15),0)","v":"FORNECIMENTO E INSTALAÇÃO DE SISTEMA DE GERAÇÃO DE ENERGIA ELÉTRICA SOLAR FOTOVOLTAICA, INCLUINDO PROJETO APROVADO NA COPEL, COM CONJUNTO DE PLACAS DIMENSIONADAS PELO EXECUTOR COM POTÊNCIA SOMADA DE NO MÍNIMO 49,95 kWp E POTÊNCIA MÍNIMA DO INVERSOR DE 40Kw, INCLUINDO FORNECIMENTO E EXECUÇÃO DE ESTRUTURA DE FIXAÇÃO NA COBERTURA PARA IMPLANTAÇÃO DAS PLACAS, CONFORME ESPECIFICAÇÕES"},{"$f":"IF($D119<>\"Serviço\",\"\",OFFSET(ORÇAMENTO!S$15,ROW(G119)-ROW(G$15),0))","v":"UNIDADE"},{"$f":"IF($D119<>\"Serviço\",0,IF(ACOMPANHAMENTO=\"BM\",ROUND(OFFSET(ORÇAMENTO!AJ$15,ROW(H119)-ROW(H$15),0),15-13*ORÇAMENTO!$AF$7),SUMPRODUCT(($Q$12:$AA$12<>\"\")*ROUND($Q119:$AA119,15-13*ORÇAMENTO!$AF$7))))","v":1},null,null,null,".",{"$f":"IF($D119<>\"Serviço\",\"\",IF(AUTOEVENTO=\"manual\",$A119,IF(ISERROR(MATCH($A119,$A$15:OFFSET($A119,-1,0),0)),MAX($M$15:OFFSET(M119,-1,0))+1,INDEX($M$15:OFFSET(M119,-1,0),MATCH($A119,$A$15:OFFSET($A119,-1,0),0)))))","v":8},{"$f":"IF($D119<>\"Serviço\",\"\",IF(AUTOEVENTO=\"Manual\",IF($A119=0,\"<-- defina o número do agrupador\",OFFSET(EVENTOS!$D$14,$A119,0)),OFFSET($F$15,$A119,0)))","v":"INSTALAÇÕES ELÉTRICAS"},null,null,null,null,null,null,null,null,null,null,null,null,null,{"$f":"IF(AND($D119=\"Serviço\",AB$12<>0,$H119>0,OR(AUTOEVENTO<>\"manual\",$M119<>1)),\nIF(Import.TipoArredondamento<>\"TransfereGOV\",\nROUND(OFFSET($P119,0,AB$13),15-13*ORÇAMENTO!$AF$7)/$H119*OFFSET(ORÇAMENTO!$X$15,ROW(AB119)-ROW(AB$15),0),\nROUND(ROUND(OFFSET($P119,0,AB$13),15-13*ORÇAMENTO!$AF$7)*OFFSET(ORÇAMENTO!$W$15,ROW(AB119)-ROW(AB$15),0),15-13*ORÇAMENTO!$AF$11)),0)","v":0},{"$f":"IF(AND($D119=\"Serviço\",AC$12<>0,$H119>0,OR(AUTOEVENTO<>\"manual\",$M119<>1)),\nIF(Import.TipoArredondamento<>\"TransfereGOV\",\nROUND(OFFSET($P119,0,AC$13),15-13*ORÇAMENTO!$AF$7)/$H119*OFFSET(ORÇAMENTO!$X$15,ROW(AC119)-ROW(AC$15),0),\nROUND(ROUND(OFFSET($P119,0,AC$13),15-13*ORÇAMENTO!$AF$7)*OFFSET(ORÇAMENTO!$W$15,ROW(AC119)-ROW(AC$15),0),15-13*ORÇAMENTO!$AF$11)),0)","v":0},{"$f":"IF(AND($D119=\"Serviço\",AD$12<>0,$H119>0,OR(AUTOEVENTO<>\"manual\",$M119<>1)),\nIF(Import.TipoArredondamento<>\"TransfereGOV\",\nROUND(OFFSET($P119,0,AD$13),15-13*ORÇAMENTO!$AF$7)/$H119*OFFSET(ORÇAMENTO!$X$15,ROW(AD119)-ROW(AD$15),0),\nROUND(ROUND(OFFSET($P119,0,AD$13),15-13*ORÇAMENTO!$AF$7)*OFFSET(ORÇAMENTO!$W$15,ROW(AD119)-ROW(AD$15),0),15-13*ORÇAMENTO!$AF$11)),0)","v":0},{"$f":"IF(AND($D119=\"Serviço\",AE$12<>0,$H119>0,OR(AUTOEVENTO<>\"manual\",$M119<>1)),\nIF(Import.TipoArredondamento<>\"TransfereGOV\",\nROUND(OFFSET($P119,0,AE$13),15-13*ORÇAMENTO!$AF$7)/$H119*OFFSET(ORÇAMENTO!$X$15,ROW(AE119)-ROW(AE$15),0),\nROUND(ROUND(OFFSET($P119,0,AE$13),15-13*ORÇAMENTO!$AF$7)*OFFSET(ORÇAMENTO!$W$15,ROW(AE119)-ROW(AE$15),0),15-13*ORÇAMENTO!$AF$11)),0)","v":0},{"$f":"IF(AND($D119=\"Serviço\",AF$12<>0,$H119>0,OR(AUTOEVENTO<>\"manual\",$M119<>1)),\nIF(Import.TipoArredondamento<>\"TransfereGOV\",\nROUND(OFFSET($P119,0,AF$13),15-13*ORÇAMENTO!$AF$7)/$H119*OFFSET(ORÇAMENTO!$X$15,ROW(AF119)-ROW(AF$15),0),\nROUND(ROUND(OFFSET($P119,0,AF$13),15-13*ORÇAMENTO!$AF$7)*OFFSET(ORÇAMENTO!$W$15,ROW(AF119)-ROW(AF$15),0),15-13*ORÇAMENTO!$AF$11)),0)","v":0},{"$f":"IF(AND($D119=\"Serviço\",AG$12<>0,$H119>0,OR(AUTOEVENTO<>\"manual\",$M119<>1)),\nIF(Import.TipoArredondamento<>\"TransfereGOV\",\nROUND(OFFSET($P119,0,AG$13),15-13*ORÇAMENTO!$AF$7)/$H119*OFFSET(ORÇAMENTO!$X$15,ROW(AG119)-ROW(AG$15),0),\nROUND(ROUND(OFFSET($P119,0,AG$13),15-13*ORÇAMENTO!$AF$7)*OFFSET(ORÇAMENTO!$W$15,ROW(AG119)-ROW(AG$15),0),15-13*ORÇAMENTO!$AF$11)),0)","v":0},{"$f":"IF(AND($D119=\"Serviço\",AH$12<>0,$H119>0,OR(AUTOEVENTO<>\"manual\",$M119<>1)),\nIF(Import.TipoArredondamento<>\"TransfereGOV\",\nROUND(OFFSET($P119,0,AH$13),15-13*ORÇAMENTO!$AF$7)/$H119*OFFSET(ORÇAMENTO!$X$15,ROW(AH119)-ROW(AH$15),0),\nROUND(ROUND(OFFSET($P119,0,AH$13),15-13*ORÇAMENTO!$AF$7)*OFFSET(ORÇAMENTO!$W$15,ROW(AH119)-ROW(AH$15),0),15-13*ORÇAMENTO!$AF$11)),0)","v":0},{"$f":"IF(AND($D119=\"Serviço\",AI$12<>0,$H119>0,OR(AUTOEVENTO<>\"manual\",$M119<>1)),\nIF(Import.TipoArredondamento<>\"TransfereGOV\",\nROUND(OFFSET($P119,0,AI$13),15-13*ORÇAMENTO!$AF$7)/$H119*OFFSET(ORÇAMENTO!$X$15,ROW(AI119)-ROW(AI$15),0),\nROUND(ROUND(OFFSET($P119,0,AI$13),15-13*ORÇAMENTO!$AF$7)*OFFSET(ORÇAMENTO!$W$15,ROW(AI119)-ROW(AI$15),0),15-13*ORÇAMENTO!$AF$11)),0)","v":0},{"$f":"IF(AND($D119=\"Serviço\",AJ$12<>0,$H119>0,OR(AUTOEVENTO<>\"manual\",$M119<>1)),\nIF(Import.TipoArredondamento<>\"TransfereGOV\",\nROUND(OFFSET($P119,0,AJ$13),15-13*ORÇAMENTO!$AF$7)/$H119*OFFSET(ORÇAMENTO!$X$15,ROW(AJ119)-ROW(AJ$15),0),\nROUND(ROUND(OFFSET($P119,0,AJ$13),15-13*ORÇAMENTO!$AF$7)*OFFSET(ORÇAMENTO!$W$15,ROW(AJ119)-ROW(AJ$15),0),15-13*ORÇAMENTO!$AF$11)),0)","v":0},{"$f":"IF(AND($D119=\"Serviço\",AK$12<>0,$H119>0,OR(AUTOEVENTO<>\"manual\",$M119<>1)),\nIF(Import.TipoArredondamento<>\"TransfereGOV\",\nROUND(OFFSET($P119,0,AK$13),15-13*ORÇAMENTO!$AF$7)/$H119*OFFSET(ORÇAMENTO!$X$15,ROW(AK119)-ROW(AK$15),0),\nROUND(ROUND(OFFSET($P119,0,AK$13),15-13*ORÇAMENTO!$AF$7)*OFFSET(ORÇAMENTO!$W$15,ROW(AK119)-ROW(AK$15),0),15-13*ORÇAMENTO!$AF$11)),0)","v":0},null,{"$f":"IF($D119<>\"Serviço\",0,IF(AND(AUTOEVENTO=\"Manual\",$M119=1),0,IF(OFFSET(CRONOPLE!$F$14,$M119,AM$13)=\"\",10^12,OFFSET(CRONOPLE!$F$14,$M119,AM$13))))","v":1000000000000},{"$f":"IF($D119<>\"Serviço\",0,IF(AND(AUTOEVENTO=\"Manual\",$M119=1),0,IF(OFFSET(CRONOPLE!$F$14,$M119,AN$13)=\"\",10^12,OFFSET(CRONOPLE!$F$14,$M119,AN$13))))","v":1000000000000},{"$f":"IF($D119<>\"Serviço\",0,IF(AND(AUTOEVENTO=\"Manual\",$M119=1),0,IF(OFFSET(CRONOPLE!$F$14,$M119,AO$13)=\"\",10^12,OFFSET(CRONOPLE!$F$14,$M119,AO$13))))","v":1000000000000},{"$f":"IF($D119<>\"Serviço\",0,IF(AND(AUTOEVENTO=\"Manual\",$M119=1),0,IF(OFFSET(CRONOPLE!$F$14,$M119,AP$13)=\"\",10^12,OFFSET(CRONOPLE!$F$14,$M119,AP$13))))","v":1000000000000},{"$f":"IF($D119<>\"Serviço\",0,IF(AND(AUTOEVENTO=\"Manual\",$M119=1),0,IF(OFFSET(CRONOPLE!$F$14,$M119,AQ$13)=\"\",10^12,OFFSET(CRONOPLE!$F$14,$M119,AQ$13))))","v":1000000000000},{"$f":"IF($D119<>\"Serviço\",0,IF(AND(AUTOEVENTO=\"Manual\",$M119=1),0,IF(OFFSET(CRONOPLE!$F$14,$M119,AR$13)=\"\",10^12,OFFSET(CRONOPLE!$F$14,$M119,AR$13))))","v":1000000000000},{"$f":"IF($D119<>\"Serviço\",0,IF(AND(AUTOEVENTO=\"Manual\",$M119=1),0,IF(OFFSET(CRONOPLE!$F$14,$M119,AS$13)=\"\",10^12,OFFSET(CRONOPLE!$F$14,$M119,AS$13))))","v":1000000000000},{"$f":"IF($D119<>\"Serviço\",0,IF(AND(AUTOEVENTO=\"Manual\",$M119=1),0,IF(OFFSET(CRONOPLE!$F$14,$M119,AT$13)=\"\",10^12,OFFSET(CRONOPLE!$F$14,$M119,AT$13))))","v":1000000000000},{"$f":"IF($D119<>\"Serviço\",0,IF(AND(AUTOEVENTO=\"Manual\",$M119=1),0,IF(OFFSET(CRONOPLE!$F$14,$M119,AU$13)=\"\",10^12,OFFSET(CRONOPLE!$F$14,$M119,AU$13))))","v":1000000000000},{"$f":"IF($D119<>\"Serviço\",0,IF(AND(AUTOEVENTO=\"Manual\",$M119=1),0,IF(OFFSET(CRONOPLE!$F$14,$M119,AV$13)=\"\",10^12,OFFSET(CRONOPLE!$F$14,$M119,AV$13))))","v":1000000000000},null,{"$f":"IF($D119<>\"Serviço\",0,IF(OR(AND(AUTOEVENTO=\"Manual\",$M119=1),$M119>(ROW(PLE.lastrow)-ROW(PLE.firstrow))),0,IF(OFFSET(PLE!$G$14,$M119,AX$13)=\"\",10^12,OFFSET(PLE!$G$14,$M119,AX$13))))","v":1000000000000},{"$f":"IF($D119<>\"Serviço\",0,IF(OR(AND(AUTOEVENTO=\"Manual\",$M119=1),$M119>(ROW(PLE.lastrow)-ROW(PLE.firstrow))),0,IF(OFFSET(PLE!$G$14,$M119,AY$13)=\"\",10^12,OFFSET(PLE!$G$14,$M119,AY$13))))","v":1000000000000},{"$f":"IF($D119<>\"Serviço\",0,IF(OR(AND(AUTOEVENTO=\"Manual\",$M119=1),$M119>(ROW(PLE.lastrow)-ROW(PLE.firstrow))),0,IF(OFFSET(PLE!$G$14,$M119,AZ$13)=\"\",10^12,OFFSET(PLE!$G$14,$M119,AZ$13))))","v":1000000000000},{"$f":"IF($D119<>\"Serviço\",0,IF(OR(AND(AUTOEVENTO=\"Manual\",$M119=1),$M119>(ROW(PLE.lastrow)-ROW(PLE.firstrow))),0,IF(OFFSET(PLE!$G$14,$M119,BA$13)=\"\",10^12,OFFSET(PLE!$G$14,$M119,BA$13))))","v":1000000000000},{"$f":"IF($D119<>\"Serviço\",0,IF(OR(AND(AUTOEVENTO=\"Manual\",$M119=1),$M119>(ROW(PLE.lastrow)-ROW(PLE.firstrow))),0,IF(OFFSET(PLE!$G$14,$M119,BB$13)=\"\",10^12,OFFSET(PLE!$G$14,$M119,BB$13))))","v":1000000000000},{"$f":"IF($D119<>\"Serviço\",0,IF(OR(AND(AUTOEVENTO=\"Manual\",$M119=1),$M119>(ROW(PLE.lastrow)-ROW(PLE.firstrow))),0,IF(OFFSET(PLE!$G$14,$M119,BC$13)=\"\",10^12,OFFSET(PLE!$G$14,$M119,BC$13))))","v":1000000000000},{"$f":"IF($D119<>\"Serviço\",0,IF(OR(AND(AUTOEVENTO=\"Manual\",$M119=1),$M119>(ROW(PLE.lastrow)-ROW(PLE.firstrow))),0,IF(OFFSET(PLE!$G$14,$M119,BD$13)=\"\",10^12,OFFSET(PLE!$G$14,$M119,BD$13))))","v":1000000000000},{"$f":"IF($D119<>\"Serviço\",0,IF(OR(AND(AUTOEVENTO=\"Manual\",$M119=1),$M119>(ROW(PLE.lastrow)-ROW(PLE.firstrow))),0,IF(OFFSET(PLE!$G$14,$M119,BE$13)=\"\",10^12,OFFSET(PLE!$G$14,$M119,BE$13))))","v":1000000000000},{"$f":"IF($D119<>\"Serviço\",0,IF(OR(AND(AUTOEVENTO=\"Manual\",$M119=1),$M119>(ROW(PLE.lastrow)-ROW(PLE.firstrow))),0,IF(OFFSET(PLE!$G$14,$M119,BF$13)=\"\",10^12,OFFSET(PLE!$G$14,$M119,BF$13))))","v":1000000000000},{"$f":"IF($D119<>\"Serviço\",0,IF(OR(AND(AUTOEVENTO=\"Manual\",$M119=1),$M119>(ROW(PLE.lastrow)-ROW(PLE.firstrow))),0,IF(OFFSET(PLE!$G$14,$M119,BG$13)=\"\",10^12,OFFSET(PLE!$G$14,$M119,BG$13))))","v":1000000000000}]
["105.",{"$f":"OFFSET(ORÇAMENTO!C$15,ROW(B120)-ROW(B$15),0)","v":2},{"$f":"OFFSET(ORÇAMENTO!L$15,ROW(C120)-ROW(C$15),0)","v":"F"},{"$f":"OFFSET(ORÇAMENTO!N$15,ROW(D120)-ROW(D$15),0)","v":"Nível 2"},{"$f":"OFFSET(ORÇAMENTO!O$15,ROW(E120)-ROW(E$15),0)","v":"1.8."},{"$f":"OFFSET(ORÇAMENTO!R$15,ROW(F120)-ROW(F$15),0)","v":"INSTALAÇÕES HIDRÁULICAS"},{"$f":"IF($D120<>\"Serviço\",\"\",OFFSET(ORÇAMENTO!S$15,ROW(G120)-ROW(G$15),0))","v":""},{"$f":"IF($D120<>\"Serviço\",0,IF(ACOMPANHAMENTO=\"BM\",ROUND(OFFSET(ORÇAMENTO!AJ$15,ROW(H120)-ROW(H$15),0),15-13*ORÇAMENTO!$AF$7),SUMPRODUCT(($Q$12:$AA$12<>\"\")*ROUND($Q120:$AA120,15-13*ORÇAMENTO!$AF$7))))","v":0},null,null,null,".",{"$f":"IF($D120<>\"Serviço\",\"\",IF(AUTOEVENTO=\"manual\",$A120,IF(ISERROR(MATCH($A120,$A$15:OFFSET($A120,-1,0),0)),MAX($M$15:OFFSET(M120,-1,0))+1,INDEX($M$15:OFFSET(M120,-1,0),MATCH($A120,$A$15:OFFSET($A120,-1,0),0)))))","v":""},{"$f":"IF($D120<>\"Serviço\",\"\",IF(AUTOEVENTO=\"Manual\",IF($A120=0,\"<-- defina o número do agrupador\",OFFSET(EVENTOS!$D$14,$A120,0)),OFFSET($F$15,$A120,0)))","v":""},null,null,null,null,null,null,null,null,null,null,null,null,null,{"$f":"IF(AND($D120=\"Serviço\",AB$12<>0,$H120>0,OR(AUTOEVENTO<>\"manual\",$M120<>1)),\nIF(Import.TipoArredondamento<>\"TransfereGOV\",\nROUND(OFFSET($P120,0,AB$13),15-13*ORÇAMENTO!$AF$7)/$H120*OFFSET(ORÇAMENTO!$X$15,ROW(AB120)-ROW(AB$15),0),\nROUND(ROUND(OFFSET($P120,0,AB$13),15-13*ORÇAMENTO!$AF$7)*OFFSET(ORÇAMENTO!$W$15,ROW(AB120)-ROW(AB$15),0),15-13*ORÇAMENTO!$AF$11)),0)","v":0},{"$f":"IF(AND($D120=\"Serviço\",AC$12<>0,$H120>0,OR(AUTOEVENTO<>\"manual\",$M120<>1)),\nIF(Import.TipoArredondamento<>\"TransfereGOV\",\nROUND(OFFSET($P120,0,AC$13),15-13*ORÇAMENTO!$AF$7)/$H120*OFFSET(ORÇAMENTO!$X$15,ROW(AC120)-ROW(AC$15),0),\nROUND(ROUND(OFFSET($P120,0,AC$13),15-13*ORÇAMENTO!$AF$7)*OFFSET(ORÇAMENTO!$W$15,ROW(AC120)-ROW(AC$15),0),15-13*ORÇAMENTO!$AF$11)),0)","v":0},{"$f":"IF(AND($D120=\"Serviço\",AD$12<>0,$H120>0,OR(AUTOEVENTO<>\"manual\",$M120<>1)),\nIF(Import.TipoArredondamento<>\"TransfereGOV\",\nROUND(OFFSET($P120,0,AD$13),15-13*ORÇAMENTO!$AF$7)/$H120*OFFSET(ORÇAMENTO!$X$15,ROW(AD120)-ROW(AD$15),0),\nROUND(ROUND(OFFSET($P120,0,AD$13),15-13*ORÇAMENTO!$AF$7)*OFFSET(ORÇAMENTO!$W$15,ROW(AD120)-ROW(AD$15),0),15-13*ORÇAMENTO!$AF$11)),0)","v":0},{"$f":"IF(AND($D120=\"Serviço\",AE$12<>0,$H120>0,OR(AUTOEVENTO<>\"manual\",$M120<>1)),\nIF(Import.TipoArredondamento<>\"TransfereGOV\",\nROUND(OFFSET($P120,0,AE$13),15-13*ORÇAMENTO!$AF$7)/$H120*OFFSET(ORÇAMENTO!$X$15,ROW(AE120)-ROW(AE$15),0),\nROUND(ROUND(OFFSET($P120,0,AE$13),15-13*ORÇAMENTO!$AF$7)*OFFSET(ORÇAMENTO!$W$15,ROW(AE120)-ROW(AE$15),0),15-13*ORÇAMENTO!$AF$11)),0)","v":0},{"$f":"IF(AND($D120=\"Serviço\",AF$12<>0,$H120>0,OR(AUTOEVENTO<>\"manual\",$M120<>1)),\nIF(Import.TipoArredondamento<>\"TransfereGOV\",\nROUND(OFFSET($P120,0,AF$13),15-13*ORÇAMENTO!$AF$7)/$H120*OFFSET(ORÇAMENTO!$X$15,ROW(AF120)-ROW(AF$15),0),\nROUND(ROUND(OFFSET($P120,0,AF$13),15-13*ORÇAMENTO!$AF$7)*OFFSET(ORÇAMENTO!$W$15,ROW(AF120)-ROW(AF$15),0),15-13*ORÇAMENTO!$AF$11)),0)","v":0},{"$f":"IF(AND($D120=\"Serviço\",AG$12<>0,$H120>0,OR(AUTOEVENTO<>\"manual\",$M120<>1)),\nIF(Import.TipoArredondamento<>\"TransfereGOV\",\nROUND(OFFSET($P120,0,AG$13),15-13*ORÇAMENTO!$AF$7)/$H120*OFFSET(ORÇAMENTO!$X$15,ROW(AG120)-ROW(AG$15),0),\nROUND(ROUND(OFFSET($P120,0,AG$13),15-13*ORÇAMENTO!$AF$7)*OFFSET(ORÇAMENTO!$W$15,ROW(AG120)-ROW(AG$15),0),15-13*ORÇAMENTO!$AF$11)),0)","v":0},{"$f":"IF(AND($D120=\"Serviço\",AH$12<>0,$H120>0,OR(AUTOEVENTO<>\"manual\",$M120<>1)),\nIF(Import.TipoArredondamento<>\"TransfereGOV\",\nROUND(OFFSET($P120,0,AH$13),15-13*ORÇAMENTO!$AF$7)/$H120*OFFSET(ORÇAMENTO!$X$15,ROW(AH120)-ROW(AH$15),0),\nROUND(ROUND(OFFSET($P120,0,AH$13),15-13*ORÇAMENTO!$AF$7)*OFFSET(ORÇAMENTO!$W$15,ROW(AH120)-ROW(AH$15),0),15-13*ORÇAMENTO!$AF$11)),0)","v":0},{"$f":"IF(AND($D120=\"Serviço\",AI$12<>0,$H120>0,OR(AUTOEVENTO<>\"manual\",$M120<>1)),\nIF(Import.TipoArredondamento<>\"TransfereGOV\",\nROUND(OFFSET($P120,0,AI$13),15-13*ORÇAMENTO!$AF$7)/$H120*OFFSET(ORÇAMENTO!$X$15,ROW(AI120)-ROW(AI$15),0),\nROUND(ROUND(OFFSET($P120,0,AI$13),15-13*ORÇAMENTO!$AF$7)*OFFSET(ORÇAMENTO!$W$15,ROW(AI120)-ROW(AI$15),0),15-13*ORÇAMENTO!$AF$11)),0)","v":0},{"$f":"IF(AND($D120=\"Serviço\",AJ$12<>0,$H120>0,OR(AUTOEVENTO<>\"manual\",$M120<>1)),\nIF(Import.TipoArredondamento<>\"TransfereGOV\",\nROUND(OFFSET($P120,0,AJ$13),15-13*ORÇAMENTO!$AF$7)/$H120*OFFSET(ORÇAMENTO!$X$15,ROW(AJ120)-ROW(AJ$15),0),\nROUND(ROUND(OFFSET($P120,0,AJ$13),15-13*ORÇAMENTO!$AF$7)*OFFSET(ORÇAMENTO!$W$15,ROW(AJ120)-ROW(AJ$15),0),15-13*ORÇAMENTO!$AF$11)),0)","v":0},{"$f":"IF(AND($D120=\"Serviço\",AK$12<>0,$H120>0,OR(AUTOEVENTO<>\"manual\",$M120<>1)),\nIF(Import.TipoArredondamento<>\"TransfereGOV\",\nROUND(OFFSET($P120,0,AK$13),15-13*ORÇAMENTO!$AF$7)/$H120*OFFSET(ORÇAMENTO!$X$15,ROW(AK120)-ROW(AK$15),0),\nROUND(ROUND(OFFSET($P120,0,AK$13),15-13*ORÇAMENTO!$AF$7)*OFFSET(ORÇAMENTO!$W$15,ROW(AK120)-ROW(AK$15),0),15-13*ORÇAMENTO!$AF$11)),0)","v":0},null,{"$f":"IF($D120<>\"Serviço\",0,IF(AND(AUTOEVENTO=\"Manual\",$M120=1),0,IF(OFFSET(CRONOPLE!$F$14,$M120,AM$13)=\"\",10^12,OFFSET(CRONOPLE!$F$14,$M120,AM$13))))","v":0},{"$f":"IF($D120<>\"Serviço\",0,IF(AND(AUTOEVENTO=\"Manual\",$M120=1),0,IF(OFFSET(CRONOPLE!$F$14,$M120,AN$13)=\"\",10^12,OFFSET(CRONOPLE!$F$14,$M120,AN$13))))","v":0},{"$f":"IF($D120<>\"Serviço\",0,IF(AND(AUTOEVENTO=\"Manual\",$M120=1),0,IF(OFFSET(CRONOPLE!$F$14,$M120,AO$13)=\"\",10^12,OFFSET(CRONOPLE!$F$14,$M120,AO$13))))","v":0},{"$f":"IF($D120<>\"Serviço\",0,IF(AND(AUTOEVENTO=\"Manual\",$M120=1),0,IF(OFFSET(CRONOPLE!$F$14,$M120,AP$13)=\"\",10^12,OFFSET(CRONOPLE!$F$14,$M120,AP$13))))","v":0},{"$f":"IF($D120<>\"Serviço\",0,IF(AND(AUTOEVENTO=\"Manual\",$M120=1),0,IF(OFFSET(CRONOPLE!$F$14,$M120,AQ$13)=\"\",10^12,OFFSET(CRONOPLE!$F$14,$M120,AQ$13))))","v":0},{"$f":"IF($D120<>\"Serviço\",0,IF(AND(AUTOEVENTO=\"Manual\",$M120=1),0,IF(OFFSET(CRONOPLE!$F$14,$M120,AR$13)=\"\",10^12,OFFSET(CRONOPLE!$F$14,$M120,AR$13))))","v":0},{"$f":"IF($D120<>\"Serviço\",0,IF(AND(AUTOEVENTO=\"Manual\",$M120=1),0,IF(OFFSET(CRONOPLE!$F$14,$M120,AS$13)=\"\",10^12,OFFSET(CRONOPLE!$F$14,$M120,AS$13))))","v":0},{"$f":"IF($D120<>\"Serviço\",0,IF(AND(AUTOEVENTO=\"Manual\",$M120=1),0,IF(OFFSET(CRONOPLE!$F$14,$M120,AT$13)=\"\",10^12,OFFSET(CRONOPLE!$F$14,$M120,AT$13))))","v":0},{"$f":"IF($D120<>\"Serviço\",0,IF(AND(AUTOEVENTO=\"Manual\",$M120=1),0,IF(OFFSET(CRONOPLE!$F$14,$M120,AU$13)=\"\",10^12,OFFSET(CRONOPLE!$F$14,$M120,AU$13))))","v":0},{"$f":"IF($D120<>\"Serviço\",0,IF(AND(AUTOEVENTO=\"Manual\",$M120=1),0,IF(OFFSET(CRONOPLE!$F$14,$M120,AV$13)=\"\",10^12,OFFSET(CRONOPLE!$F$14,$M120,AV$13))))","v":0},null,{"$f":"IF($D120<>\"Serviço\",0,IF(OR(AND(AUTOEVENTO=\"Manual\",$M120=1),$M120>(ROW(PLE.lastrow)-ROW(PLE.firstrow))),0,IF(OFFSET(PLE!$G$14,$M120,AX$13)=\"\",10^12,OFFSET(PLE!$G$14,$M120,AX$13))))","v":0},{"$f":"IF($D120<>\"Serviço\",0,IF(OR(AND(AUTOEVENTO=\"Manual\",$M120=1),$M120>(ROW(PLE.lastrow)-ROW(PLE.firstrow))),0,IF(OFFSET(PLE!$G$14,$M120,AY$13)=\"\",10^12,OFFSET(PLE!$G$14,$M120,AY$13))))","v":0},{"$f":"IF($D120<>\"Serviço\",0,IF(OR(AND(AUTOEVENTO=\"Manual\",$M120=1),$M120>(ROW(PLE.lastrow)-ROW(PLE.firstrow))),0,IF(OFFSET(PLE!$G$14,$M120,AZ$13)=\"\",10^12,OFFSET(PLE!$G$14,$M120,AZ$13))))","v":0},{"$f":"IF($D120<>\"Serviço\",0,IF(OR(AND(AUTOEVENTO=\"Manual\",$M120=1),$M120>(ROW(PLE.lastrow)-ROW(PLE.firstrow))),0,IF(OFFSET(PLE!$G$14,$M120,BA$13)=\"\",10^12,OFFSET(PLE!$G$14,$M120,BA$13))))","v":0},{"$f":"IF($D120<>\"Serviço\",0,IF(OR(AND(AUTOEVENTO=\"Manual\",$M120=1),$M120>(ROW(PLE.lastrow)-ROW(PLE.firstrow))),0,IF(OFFSET(PLE!$G$14,$M120,BB$13)=\"\",10^12,OFFSET(PLE!$G$14,$M120,BB$13))))","v":0},{"$f":"IF($D120<>\"Serviço\",0,IF(OR(AND(AUTOEVENTO=\"Manual\",$M120=1),$M120>(ROW(PLE.lastrow)-ROW(PLE.firstrow))),0,IF(OFFSET(PLE!$G$14,$M120,BC$13)=\"\",10^12,OFFSET(PLE!$G$14,$M120,BC$13))))","v":0},{"$f":"IF($D120<>\"Serviço\",0,IF(OR(AND(AUTOEVENTO=\"Manual\",$M120=1),$M120>(ROW(PLE.lastrow)-ROW(PLE.firstrow))),0,IF(OFFSET(PLE!$G$14,$M120,BD$13)=\"\",10^12,OFFSET(PLE!$G$14,$M120,BD$13))))","v":0},{"$f":"IF($D120<>\"Serviço\",0,IF(OR(AND(AUTOEVENTO=\"Manual\",$M120=1),$M120>(ROW(PLE.lastrow)-ROW(PLE.firstrow))),0,IF(OFFSET(PLE!$G$14,$M120,BE$13)=\"\",10^12,OFFSET(PLE!$G$14,$M120,BE$13))))","v":0},{"$f":"IF($D120<>\"Serviço\",0,IF(OR(AND(AUTOEVENTO=\"Manual\",$M120=1),$M120>(ROW(PLE.lastrow)-ROW(PLE.firstrow))),0,IF(OFFSET(PLE!$G$14,$M120,BF$13)=\"\",10^12,OFFSET(PLE!$G$14,$M120,BF$13))))","v":0},{"$f":"IF($D120<>\"Serviço\",0,IF(OR(AND(AUTOEVENTO=\"Manual\",$M120=1),$M120>(ROW(PLE.lastrow)-ROW(PLE.firstrow))),0,IF(OFFSET(PLE!$G$14,$M120,BG$13)=\"\",10^12,OFFSET(PLE!$G$14,$M120,BG$13))))","v":0}]
["105.",{"$f":"OFFSET(ORÇAMENTO!C$15,ROW(B121)-ROW(B$15),0)","v":3},{"$f":"OFFSET(ORÇAMENTO!L$15,ROW(C121)-ROW(C$15),0)","v":"F"},{"$f":"OFFSET(ORÇAMENTO!N$15,ROW(D121)-ROW(D$15),0)","v":"Nível 3"},{"$f":"OFFSET(ORÇAMENTO!O$15,ROW(E121)-ROW(E$15),0)","v":"1.8.1."},{"$f":"OFFSET(ORÇAMENTO!R$15,ROW(F121)-ROW(F$15),0)","v":"ESGOTO SANITÁRIO"},{"$f":"IF($D121<>\"Serviço\",\"\",OFFSET(ORÇAMENTO!S$15,ROW(G121)-ROW(G$15),0))","v":""},{"$f":"IF($D121<>\"Serviço\",0,IF(ACOMPANHAMENTO=\"BM\",ROUND(OFFSET(ORÇAMENTO!AJ$15,ROW(H121)-ROW(H$15),0),15-13*ORÇAMENTO!$AF$7),SUMPRODUCT(($Q$12:$AA$12<>\"\")*ROUND($Q121:$AA121,15-13*ORÇAMENTO!$AF$7))))","v":0},null,null,null,".",{"$f":"IF($D121<>\"Serviço\",\"\",IF(AUTOEVENTO=\"manual\",$A121,IF(ISERROR(MATCH($A121,$A$15:OFFSET($A121,-1,0),0)),MAX($M$15:OFFSET(M121,-1,0))+1,INDEX($M$15:OFFSET(M121,-1,0),MATCH($A121,$A$15:OFFSET($A121,-1,0),0)))))","v":""},{"$f":"IF($D121<>\"Serviço\",\"\",IF(AUTOEVENTO=\"Manual\",IF($A121=0,\"<-- defina o número do agrupador\",OFFSET(EVENTOS!$D$14,$A121,0)),OFFSET($F$15,$A121,0)))","v":""},null,null,null,null,null,null,null,null,null,null,null,null,null,{"$f":"IF(AND($D121=\"Serviço\",AB$12<>0,$H121>0,OR(AUTOEVENTO<>\"manual\",$M121<>1)),\nIF(Import.TipoArredondamento<>\"TransfereGOV\",\nROUND(OFFSET($P121,0,AB$13),15-13*ORÇAMENTO!$AF$7)/$H121*OFFSET(ORÇAMENTO!$X$15,ROW(AB121)-ROW(AB$15),0),\nROUND(ROUND(OFFSET($P121,0,AB$13),15-13*ORÇAMENTO!$AF$7)*OFFSET(ORÇAMENTO!$W$15,ROW(AB121)-ROW(AB$15),0),15-13*ORÇAMENTO!$AF$11)),0)","v":0},{"$f":"IF(AND($D121=\"Serviço\",AC$12<>0,$H121>0,OR(AUTOEVENTO<>\"manual\",$M121<>1)),\nIF(Import.TipoArredondamento<>\"TransfereGOV\",\nROUND(OFFSET($P121,0,AC$13),15-13*ORÇAMENTO!$AF$7)/$H121*OFFSET(ORÇAMENTO!$X$15,ROW(AC121)-ROW(AC$15),0),\nROUND(ROUND(OFFSET($P121,0,AC$13),15-13*ORÇAMENTO!$AF$7)*OFFSET(ORÇAMENTO!$W$15,ROW(AC121)-ROW(AC$15),0),15-13*ORÇAMENTO!$AF$11)),0)","v":0},{"$f":"IF(AND($D121=\"Serviço\",AD$12<>0,$H121>0,OR(AUTOEVENTO<>\"manual\",$M121<>1)),\nIF(Import.TipoArredondamento<>\"TransfereGOV\",\nROUND(OFFSET($P121,0,AD$13),15-13*ORÇAMENTO!$AF$7)/$H121*OFFSET(ORÇAMENTO!$X$15,ROW(AD121)-ROW(AD$15),0),\nROUND(ROUND(OFFSET($P121,0,AD$13),15-13*ORÇAMENTO!$AF$7)*OFFSET(ORÇAMENTO!$W$15,ROW(AD121)-ROW(AD$15),0),15-13*ORÇAMENTO!$AF$11)),0)","v":0},{"$f":"IF(AND($D121=\"Serviço\",AE$12<>0,$H121>0,OR(AUTOEVENTO<>\"manual\",$M121<>1)),\nIF(Import.TipoArredondamento<>\"TransfereGOV\",\nROUND(OFFSET($P121,0,AE$13),15-13*ORÇAMENTO!$AF$7)/$H121*OFFSET(ORÇAMENTO!$X$15,ROW(AE121)-ROW(AE$15),0),\nROUND(ROUND(OFFSET($P121,0,AE$13),15-13*ORÇAMENTO!$AF$7)*OFFSET(ORÇAMENTO!$W$15,ROW(AE121)-ROW(AE$15),0),15-13*ORÇAMENTO!$AF$11)),0)","v":0},{"$f":"IF(AND($D121=\"Serviço\",AF$12<>0,$H121>0,OR(AUTOEVENTO<>\"manual\",$M121<>1)),\nIF(Import.TipoArredondamento<>\"TransfereGOV\",\nROUND(OFFSET($P121,0,AF$13),15-13*ORÇAMENTO!$AF$7)/$H121*OFFSET(ORÇAMENTO!$X$15,ROW(AF121)-ROW(AF$15),0),\nROUND(ROUND(OFFSET($P121,0,AF$13),15-13*ORÇAMENTO!$AF$7)*OFFSET(ORÇAMENTO!$W$15,ROW(AF121)-ROW(AF$15),0),15-13*ORÇAMENTO!$AF$11)),0)","v":0},{"$f":"IF(AND($D121=\"Serviço\",AG$12<>0,$H121>0,OR(AUTOEVENTO<>\"manual\",$M121<>1)),\nIF(Import.TipoArredondamento<>\"TransfereGOV\",\nROUND(OFFSET($P121,0,AG$13),15-13*ORÇAMENTO!$AF$7)/$H121*OFFSET(ORÇAMENTO!$X$15,ROW(AG121)-ROW(AG$15),0),\nROUND(ROUND(OFFSET($P121,0,AG$13),15-13*ORÇAMENTO!$AF$7)*OFFSET(ORÇAMENTO!$W$15,ROW(AG121)-ROW(AG$15),0),15-13*ORÇAMENTO!$AF$11)),0)","v":0},{"$f":"IF(AND($D121=\"Serviço\",AH$12<>0,$H121>0,OR(AUTOEVENTO<>\"manual\",$M121<>1)),\nIF(Import.TipoArredondamento<>\"TransfereGOV\",\nROUND(OFFSET($P121,0,AH$13),15-13*ORÇAMENTO!$AF$7)/$H121*OFFSET(ORÇAMENTO!$X$15,ROW(AH121)-ROW(AH$15),0),\nROUND(ROUND(OFFSET($P121,0,AH$13),15-13*ORÇAMENTO!$AF$7)*OFFSET(ORÇAMENTO!$W$15,ROW(AH121)-ROW(AH$15),0),15-13*ORÇAMENTO!$AF$11)),0)","v":0},{"$f":"IF(AND($D121=\"Serviço\",AI$12<>0,$H121>0,OR(AUTOEVENTO<>\"manual\",$M121<>1)),\nIF(Import.TipoArredondamento<>\"TransfereGOV\",\nROUND(OFFSET($P121,0,AI$13),15-13*ORÇAMENTO!$AF$7)/$H121*OFFSET(ORÇAMENTO!$X$15,ROW(AI121)-ROW(AI$15),0),\nROUND(ROUND(OFFSET($P121,0,AI$13),15-13*ORÇAMENTO!$AF$7)*OFFSET(ORÇAMENTO!$W$15,ROW(AI121)-ROW(AI$15),0),15-13*ORÇAMENTO!$AF$11)),0)","v":0},{"$f":"IF(AND($D121=\"Serviço\",AJ$12<>0,$H121>0,OR(AUTOEVENTO<>\"manual\",$M121<>1)),\nIF(Import.TipoArredondamento<>\"TransfereGOV\",\nROUND(OFFSET($P121,0,AJ$13),15-13*ORÇAMENTO!$AF$7)/$H121*OFFSET(ORÇAMENTO!$X$15,ROW(AJ121)-ROW(AJ$15),0),\nROUND(ROUND(OFFSET($P121,0,AJ$13),15-13*ORÇAMENTO!$AF$7)*OFFSET(ORÇAMENTO!$W$15,ROW(AJ121)-ROW(AJ$15),0),15-13*ORÇAMENTO!$AF$11)),0)","v":0},{"$f":"IF(AND($D121=\"Serviço\",AK$12<>0,$H121>0,OR(AUTOEVENTO<>\"manual\",$M121<>1)),\nIF(Import.TipoArredondamento<>\"TransfereGOV\",\nROUND(OFFSET($P121,0,AK$13),15-13*ORÇAMENTO!$AF$7)/$H121*OFFSET(ORÇAMENTO!$X$15,ROW(AK121)-ROW(AK$15),0),\nROUND(ROUND(OFFSET($P121,0,AK$13),15-13*ORÇAMENTO!$AF$7)*OFFSET(ORÇAMENTO!$W$15,ROW(AK121)-ROW(AK$15),0),15-13*ORÇAMENTO!$AF$11)),0)","v":0},null,{"$f":"IF($D121<>\"Serviço\",0,IF(AND(AUTOEVENTO=\"Manual\",$M121=1),0,IF(OFFSET(CRONOPLE!$F$14,$M121,AM$13)=\"\",10^12,OFFSET(CRONOPLE!$F$14,$M121,AM$13))))","v":0},{"$f":"IF($D121<>\"Serviço\",0,IF(AND(AUTOEVENTO=\"Manual\",$M121=1),0,IF(OFFSET(CRONOPLE!$F$14,$M121,AN$13)=\"\",10^12,OFFSET(CRONOPLE!$F$14,$M121,AN$13))))","v":0},{"$f":"IF($D121<>\"Serviço\",0,IF(AND(AUTOEVENTO=\"Manual\",$M121=1),0,IF(OFFSET(CRONOPLE!$F$14,$M121,AO$13)=\"\",10^12,OFFSET(CRONOPLE!$F$14,$M121,AO$13))))","v":0},{"$f":"IF($D121<>\"Serviço\",0,IF(AND(AUTOEVENTO=\"Manual\",$M121=1),0,IF(OFFSET(CRONOPLE!$F$14,$M121,AP$13)=\"\",10^12,OFFSET(CRONOPLE!$F$14,$M121,AP$13))))","v":0},{"$f":"IF($D121<>\"Serviço\",0,IF(AND(AUTOEVENTO=\"Manual\",$M121=1),0,IF(OFFSET(CRONOPLE!$F$14,$M121,AQ$13)=\"\",10^12,OFFSET(CRONOPLE!$F$14,$M121,AQ$13))))","v":0},{"$f":"IF($D121<>\"Serviço\",0,IF(AND(AUTOEVENTO=\"Manual\",$M121=1),0,IF(OFFSET(CRONOPLE!$F$14,$M121,AR$13)=\"\",10^12,OFFSET(CRONOPLE!$F$14,$M121,AR$13))))","v":0},{"$f":"IF($D121<>\"Serviço\",0,IF(AND(AUTOEVENTO=\"Manual\",$M121=1),0,IF(OFFSET(CRONOPLE!$F$14,$M121,AS$13)=\"\",10^12,OFFSET(CRONOPLE!$F$14,$M121,AS$13))))","v":0},{"$f":"IF($D121<>\"Serviço\",0,IF(AND(AUTOEVENTO=\"Manual\",$M121=1),0,IF(OFFSET(CRONOPLE!$F$14,$M121,AT$13)=\"\",10^12,OFFSET(CRONOPLE!$F$14,$M121,AT$13))))","v":0},{"$f":"IF($D121<>\"Serviço\",0,IF(AND(AUTOEVENTO=\"Manual\",$M121=1),0,IF(OFFSET(CRONOPLE!$F$14,$M121,AU$13)=\"\",10^12,OFFSET(CRONOPLE!$F$14,$M121,AU$13))))","v":0},{"$f":"IF($D121<>\"Serviço\",0,IF(AND(AUTOEVENTO=\"Manual\",$M121=1),0,IF(OFFSET(CRONOPLE!$F$14,$M121,AV$13)=\"\",10^12,OFFSET(CRONOPLE!$F$14,$M121,AV$13))))","v":0},null,{"$f":"IF($D121<>\"Serviço\",0,IF(OR(AND(AUTOEVENTO=\"Manual\",$M121=1),$M121>(ROW(PLE.lastrow)-ROW(PLE.firstrow))),0,IF(OFFSET(PLE!$G$14,$M121,AX$13)=\"\",10^12,OFFSET(PLE!$G$14,$M121,AX$13))))","v":0},{"$f":"IF($D121<>\"Serviço\",0,IF(OR(AND(AUTOEVENTO=\"Manual\",$M121=1),$M121>(ROW(PLE.lastrow)-ROW(PLE.firstrow))),0,IF(OFFSET(PLE!$G$14,$M121,AY$13)=\"\",10^12,OFFSET(PLE!$G$14,$M121,AY$13))))","v":0},{"$f":"IF($D121<>\"Serviço\",0,IF(OR(AND(AUTOEVENTO=\"Manual\",$M121=1),$M121>(ROW(PLE.lastrow)-ROW(PLE.firstrow))),0,IF(OFFSET(PLE!$G$14,$M121,AZ$13)=\"\",10^12,OFFSET(PLE!$G$14,$M121,AZ$13))))","v":0},{"$f":"IF($D121<>\"Serviço\",0,IF(OR(AND(AUTOEVENTO=\"Manual\",$M121=1),$M121>(ROW(PLE.lastrow)-ROW(PLE.firstrow))),0,IF(OFFSET(PLE!$G$14,$M121,BA$13)=\"\",10^12,OFFSET(PLE!$G$14,$M121,BA$13))))","v":0},{"$f":"IF($D121<>\"Serviço\",0,IF(OR(AND(AUTOEVENTO=\"Manual\",$M121=1),$M121>(ROW(PLE.lastrow)-ROW(PLE.firstrow))),0,IF(OFFSET(PLE!$G$14,$M121,BB$13)=\"\",10^12,OFFSET(PLE!$G$14,$M121,BB$13))))","v":0},{"$f":"IF($D121<>\"Serviço\",0,IF(OR(AND(AUTOEVENTO=\"Manual\",$M121=1),$M121>(ROW(PLE.lastrow)-ROW(PLE.firstrow))),0,IF(OFFSET(PLE!$G$14,$M121,BC$13)=\"\",10^12,OFFSET(PLE!$G$14,$M121,BC$13))))","v":0},{"$f":"IF($D121<>\"Serviço\",0,IF(OR(AND(AUTOEVENTO=\"Manual\",$M121=1),$M121>(ROW(PLE.lastrow)-ROW(PLE.firstrow))),0,IF(OFFSET(PLE!$G$14,$M121,BD$13)=\"\",10^12,OFFSET(PLE!$G$14,$M121,BD$13))))","v":0},{"$f":"IF($D121<>\"Serviço\",0,IF(OR(AND(AUTOEVENTO=\"Manual\",$M121=1),$M121>(ROW(PLE.lastrow)-ROW(PLE.firstrow))),0,IF(OFFSET(PLE!$G$14,$M121,BE$13)=\"\",10^12,OFFSET(PLE!$G$14,$M121,BE$13))))","v":0},{"$f":"IF($D121<>\"Serviço\",0,IF(OR(AND(AUTOEVENTO=\"Manual\",$M121=1),$M121>(ROW(PLE.lastrow)-ROW(PLE.firstrow))),0,IF(OFFSET(PLE!$G$14,$M121,BF$13)=\"\",10^12,OFFSET(PLE!$G$14,$M121,BF$13))))","v":0},{"$f":"IF($D121<>\"Serviço\",0,IF(OR(AND(AUTOEVENTO=\"Manual\",$M121=1),$M121>(ROW(PLE.lastrow)-ROW(PLE.firstrow))),0,IF(OFFSET(PLE!$G$14,$M121,BG$13)=\"\",10^12,OFFSET(PLE!$G$14,$M121,BG$13))))","v":0}]
["105",{"$f":"OFFSET(ORÇAMENTO!C$15,ROW(B122)-ROW(B$15),0)","v":"S"},{"$f":"OFFSET(ORÇAMENTO!L$15,ROW(C122)-ROW(C$15),0)","v":"F"},{"$f":"OFFSET(ORÇAMENTO!N$15,ROW(D122)-ROW(D$15),0)","v":"Serviço"},{"$f":"OFFSET(ORÇAMENTO!O$15,ROW(E122)-ROW(E$15),0)","v":"1.8.1.0.1."},{"$f":"OFFSET(ORÇAMENTO!R$15,ROW(F122)-ROW(F$15),0)","v":"TUBO PVC, SERIE NORMAL, ESGOTO PREDIAL, DN 40 MM, FORNECIDO E INSTALADO EM RAMAL DE DESCARGA OU RAMAL DE ESGOTO SANITÁRIO. AF_08/2022"},{"$f":"IF($D122<>\"Serviço\",\"\",OFFSET(ORÇAMENTO!S$15,ROW(G122)-ROW(G$15),0))","v":"M"},{"$f":"IF($D122<>\"Serviço\",0,IF(ACOMPANHAMENTO=\"BM\",ROUND(OFFSET(ORÇAMENTO!AJ$15,ROW(H122)-ROW(H$15),0),15-13*ORÇAMENTO!$AF$7),SUMPRODUCT(($Q$12:$AA$12<>\"\")*ROUND($Q122:$AA122,15-13*ORÇAMENTO!$AF$7))))","v":59.82},null,null,null,".",{"$f":"IF($D122<>\"Serviço\",\"\",IF(AUTOEVENTO=\"manual\",$A122,IF(ISERROR(MATCH($A122,$A$15:OFFSET($A122,-1,0),0)),MAX($M$15:OFFSET(M122,-1,0))+1,INDEX($M$15:OFFSET(M122,-1,0),MATCH($A122,$A$15:OFFSET($A122,-1,0),0)))))","v":9},{"$f":"IF($D122<>\"Serviço\",\"\",IF(AUTOEVENTO=\"Manual\",IF($A122=0,\"<-- defina o número do agrupador\",OFFSET(EVENTOS!$D$14,$A122,0)),OFFSET($F$15,$A122,0)))","v":"INSTALAÇÕES HIDRÁULICAS"},null,null,null,null,null,null,null,null,null,null,null,null,null,{"$f":"IF(AND($D122=\"Serviço\",AB$12<>0,$H122>0,OR(AUTOEVENTO<>\"manual\",$M122<>1)),\nIF(Import.TipoArredondamento<>\"TransfereGOV\",\nROUND(OFFSET($P122,0,AB$13),15-13*ORÇAMENTO!$AF$7)/$H122*OFFSET(ORÇAMENTO!$X$15,ROW(AB122)-ROW(AB$15),0),\nROUND(ROUND(OFFSET($P122,0,AB$13),15-13*ORÇAMENTO!$AF$7)*OFFSET(ORÇAMENTO!$W$15,ROW(AB122)-ROW(AB$15),0),15-13*ORÇAMENTO!$AF$11)),0)","v":0},{"$f":"IF(AND($D122=\"Serviço\",AC$12<>0,$H122>0,OR(AUTOEVENTO<>\"manual\",$M122<>1)),\nIF(Import.TipoArredondamento<>\"TransfereGOV\",\nROUND(OFFSET($P122,0,AC$13),15-13*ORÇAMENTO!$AF$7)/$H122*OFFSET(ORÇAMENTO!$X$15,ROW(AC122)-ROW(AC$15),0),\nROUND(ROUND(OFFSET($P122,0,AC$13),15-13*ORÇAMENTO!$AF$7)*OFFSET(ORÇAMENTO!$W$15,ROW(AC122)-ROW(AC$15),0),15-13*ORÇAMENTO!$AF$11)),0)","v":0},{"$f":"IF(AND($D122=\"Serviço\",AD$12<>0,$H122>0,OR(AUTOEVENTO<>\"manual\",$M122<>1)),\nIF(Import.TipoArredondamento<>\"TransfereGOV\",\nROUND(OFFSET($P122,0,AD$13),15-13*ORÇAMENTO!$AF$7)/$H122*OFFSET(ORÇAMENTO!$X$15,ROW(AD122)-ROW(AD$15),0),\nROUND(ROUND(OFFSET($P122,0,AD$13),15-13*ORÇAMENTO!$AF$7)*OFFSET(ORÇAMENTO!$W$15,ROW(AD122)-ROW(AD$15),0),15-13*ORÇAMENTO!$AF$11)),0)","v":0},{"$f":"IF(AND($D122=\"Serviço\",AE$12<>0,$H122>0,OR(AUTOEVENTO<>\"manual\",$M122<>1)),\nIF(Import.TipoArredondamento<>\"TransfereGOV\",\nROUND(OFFSET($P122,0,AE$13),15-13*ORÇAMENTO!$AF$7)/$H122*OFFSET(ORÇAMENTO!$X$15,ROW(AE122)-ROW(AE$15),0),\nROUND(ROUND(OFFSET($P122,0,AE$13),15-13*ORÇAMENTO!$AF$7)*OFFSET(ORÇAMENTO!$W$15,ROW(AE122)-ROW(AE$15),0),15-13*ORÇAMENTO!$AF$11)),0)","v":0},{"$f":"IF(AND($D122=\"Serviço\",AF$12<>0,$H122>0,OR(AUTOEVENTO<>\"manual\",$M122<>1)),\nIF(Import.TipoArredondamento<>\"TransfereGOV\",\nROUND(OFFSET($P122,0,AF$13),15-13*ORÇAMENTO!$AF$7)/$H122*OFFSET(ORÇAMENTO!$X$15,ROW(AF122)-ROW(AF$15),0),\nROUND(ROUND(OFFSET($P122,0,AF$13),15-13*ORÇAMENTO!$AF$7)*OFFSET(ORÇAMENTO!$W$15,ROW(AF122)-ROW(AF$15),0),15-13*ORÇAMENTO!$AF$11)),0)","v":0},{"$f":"IF(AND($D122=\"Serviço\",AG$12<>0,$H122>0,OR(AUTOEVENTO<>\"manual\",$M122<>1)),\nIF(Import.TipoArredondamento<>\"TransfereGOV\",\nROUND(OFFSET($P122,0,AG$13),15-13*ORÇAMENTO!$AF$7)/$H122*OFFSET(ORÇAMENTO!$X$15,ROW(AG122)-ROW(AG$15),0),\nROUND(ROUND(OFFSET($P122,0,AG$13),15-13*ORÇAMENTO!$AF$7)*OFFSET(ORÇAMENTO!$W$15,ROW(AG122)-ROW(AG$15),0),15-13*ORÇAMENTO!$AF$11)),0)","v":0},{"$f":"IF(AND($D122=\"Serviço\",AH$12<>0,$H122>0,OR(AUTOEVENTO<>\"manual\",$M122<>1)),\nIF(Import.TipoArredondamento<>\"TransfereGOV\",\nROUND(OFFSET($P122,0,AH$13),15-13*ORÇAMENTO!$AF$7)/$H122*OFFSET(ORÇAMENTO!$X$15,ROW(AH122)-ROW(AH$15),0),\nROUND(ROUND(OFFSET($P122,0,AH$13),15-13*ORÇAMENTO!$AF$7)*OFFSET(ORÇAMENTO!$W$15,ROW(AH122)-ROW(AH$15),0),15-13*ORÇAMENTO!$AF$11)),0)","v":0},{"$f":"IF(AND($D122=\"Serviço\",AI$12<>0,$H122>0,OR(AUTOEVENTO<>\"manual\",$M122<>1)),\nIF(Import.TipoArredondamento<>\"TransfereGOV\",\nROUND(OFFSET($P122,0,AI$13),15-13*ORÇAMENTO!$AF$7)/$H122*OFFSET(ORÇAMENTO!$X$15,ROW(AI122)-ROW(AI$15),0),\nROUND(ROUND(OFFSET($P122,0,AI$13),15-13*ORÇAMENTO!$AF$7)*OFFSET(ORÇAMENTO!$W$15,ROW(AI122)-ROW(AI$15),0),15-13*ORÇAMENTO!$AF$11)),0)","v":0},{"$f":"IF(AND($D122=\"Serviço\",AJ$12<>0,$H122>0,OR(AUTOEVENTO<>\"manual\",$M122<>1)),\nIF(Import.TipoArredondamento<>\"TransfereGOV\",\nROUND(OFFSET($P122,0,AJ$13),15-13*ORÇAMENTO!$AF$7)/$H122*OFFSET(ORÇAMENTO!$X$15,ROW(AJ122)-ROW(AJ$15),0),\nROUND(ROUND(OFFSET($P122,0,AJ$13),15-13*ORÇAMENTO!$AF$7)*OFFSET(ORÇAMENTO!$W$15,ROW(AJ122)-ROW(AJ$15),0),15-13*ORÇAMENTO!$AF$11)),0)","v":0},{"$f":"IF(AND($D122=\"Serviço\",AK$12<>0,$H122>0,OR(AUTOEVENTO<>\"manual\",$M122<>1)),\nIF(Import.TipoArredondamento<>\"TransfereGOV\",\nROUND(OFFSET($P122,0,AK$13),15-13*ORÇAMENTO!$AF$7)/$H122*OFFSET(ORÇAMENTO!$X$15,ROW(AK122)-ROW(AK$15),0),\nROUND(ROUND(OFFSET($P122,0,AK$13),15-13*ORÇAMENTO!$AF$7)*OFFSET(ORÇAMENTO!$W$15,ROW(AK122)-ROW(AK$15),0),15-13*ORÇAMENTO!$AF$11)),0)","v":0},null,{"$f":"IF($D122<>\"Serviço\",0,IF(AND(AUTOEVENTO=\"Manual\",$M122=1),0,IF(OFFSET(CRONOPLE!$F$14,$M122,AM$13)=\"\",10^12,OFFSET(CRONOPLE!$F$14,$M122,AM$13))))","v":1000000000000},{"$f":"IF($D122<>\"Serviço\",0,IF(AND(AUTOEVENTO=\"Manual\",$M122=1),0,IF(OFFSET(CRONOPLE!$F$14,$M122,AN$13)=\"\",10^12,OFFSET(CRONOPLE!$F$14,$M122,AN$13))))","v":1000000000000},{"$f":"IF($D122<>\"Serviço\",0,IF(AND(AUTOEVENTO=\"Manual\",$M122=1),0,IF(OFFSET(CRONOPLE!$F$14,$M122,AO$13)=\"\",10^12,OFFSET(CRONOPLE!$F$14,$M122,AO$13))))","v":1000000000000},{"$f":"IF($D122<>\"Serviço\",0,IF(AND(AUTOEVENTO=\"Manual\",$M122=1),0,IF(OFFSET(CRONOPLE!$F$14,$M122,AP$13)=\"\",10^12,OFFSET(CRONOPLE!$F$14,$M122,AP$13))))","v":1000000000000},{"$f":"IF($D122<>\"Serviço\",0,IF(AND(AUTOEVENTO=\"Manual\",$M122=1),0,IF(OFFSET(CRONOPLE!$F$14,$M122,AQ$13)=\"\",10^12,OFFSET(CRONOPLE!$F$14,$M122,AQ$13))))","v":1000000000000},{"$f":"IF($D122<>\"Serviço\",0,IF(AND(AUTOEVENTO=\"Manual\",$M122=1),0,IF(OFFSET(CRONOPLE!$F$14,$M122,AR$13)=\"\",10^12,OFFSET(CRONOPLE!$F$14,$M122,AR$13))))","v":1000000000000},{"$f":"IF($D122<>\"Serviço\",0,IF(AND(AUTOEVENTO=\"Manual\",$M122=1),0,IF(OFFSET(CRONOPLE!$F$14,$M122,AS$13)=\"\",10^12,OFFSET(CRONOPLE!$F$14,$M122,AS$13))))","v":1000000000000},{"$f":"IF($D122<>\"Serviço\",0,IF(AND(AUTOEVENTO=\"Manual\",$M122=1),0,IF(OFFSET(CRONOPLE!$F$14,$M122,AT$13)=\"\",10^12,OFFSET(CRONOPLE!$F$14,$M122,AT$13))))","v":1000000000000},{"$f":"IF($D122<>\"Serviço\",0,IF(AND(AUTOEVENTO=\"Manual\",$M122=1),0,IF(OFFSET(CRONOPLE!$F$14,$M122,AU$13)=\"\",10^12,OFFSET(CRONOPLE!$F$14,$M122,AU$13))))","v":1000000000000},{"$f":"IF($D122<>\"Serviço\",0,IF(AND(AUTOEVENTO=\"Manual\",$M122=1),0,IF(OFFSET(CRONOPLE!$F$14,$M122,AV$13)=\"\",10^12,OFFSET(CRONOPLE!$F$14,$M122,AV$13))))","v":1000000000000},null,{"$f":"IF($D122<>\"Serviço\",0,IF(OR(AND(AUTOEVENTO=\"Manual\",$M122=1),$M122>(ROW(PLE.lastrow)-ROW(PLE.firstrow))),0,IF(OFFSET(PLE!$G$14,$M122,AX$13)=\"\",10^12,OFFSET(PLE!$G$14,$M122,AX$13))))","v":1000000000000},{"$f":"IF($D122<>\"Serviço\",0,IF(OR(AND(AUTOEVENTO=\"Manual\",$M122=1),$M122>(ROW(PLE.lastrow)-ROW(PLE.firstrow))),0,IF(OFFSET(PLE!$G$14,$M122,AY$13)=\"\",10^12,OFFSET(PLE!$G$14,$M122,AY$13))))","v":1000000000000},{"$f":"IF($D122<>\"Serviço\",0,IF(OR(AND(AUTOEVENTO=\"Manual\",$M122=1),$M122>(ROW(PLE.lastrow)-ROW(PLE.firstrow))),0,IF(OFFSET(PLE!$G$14,$M122,AZ$13)=\"\",10^12,OFFSET(PLE!$G$14,$M122,AZ$13))))","v":1000000000000},{"$f":"IF($D122<>\"Serviço\",0,IF(OR(AND(AUTOEVENTO=\"Manual\",$M122=1),$M122>(ROW(PLE.lastrow)-ROW(PLE.firstrow))),0,IF(OFFSET(PLE!$G$14,$M122,BA$13)=\"\",10^12,OFFSET(PLE!$G$14,$M122,BA$13))))","v":1000000000000},{"$f":"IF($D122<>\"Serviço\",0,IF(OR(AND(AUTOEVENTO=\"Manual\",$M122=1),$M122>(ROW(PLE.lastrow)-ROW(PLE.firstrow))),0,IF(OFFSET(PLE!$G$14,$M122,BB$13)=\"\",10^12,OFFSET(PLE!$G$14,$M122,BB$13))))","v":1000000000000},{"$f":"IF($D122<>\"Serviço\",0,IF(OR(AND(AUTOEVENTO=\"Manual\",$M122=1),$M122>(ROW(PLE.lastrow)-ROW(PLE.firstrow))),0,IF(OFFSET(PLE!$G$14,$M122,BC$13)=\"\",10^12,OFFSET(PLE!$G$14,$M122,BC$13))))","v":1000000000000},{"$f":"IF($D122<>\"Serviço\",0,IF(OR(AND(AUTOEVENTO=\"Manual\",$M122=1),$M122>(ROW(PLE.lastrow)-ROW(PLE.firstrow))),0,IF(OFFSET(PLE!$G$14,$M122,BD$13)=\"\",10^12,OFFSET(PLE!$G$14,$M122,BD$13))))","v":1000000000000},{"$f":"IF($D122<>\"Serviço\",0,IF(OR(AND(AUTOEVENTO=\"Manual\",$M122=1),$M122>(ROW(PLE.lastrow)-ROW(PLE.firstrow))),0,IF(OFFSET(PLE!$G$14,$M122,BE$13)=\"\",10^12,OFFSET(PLE!$G$14,$M122,BE$13))))","v":1000000000000},{"$f":"IF($D122<>\"Serviço\",0,IF(OR(AND(AUTOEVENTO=\"Manual\",$M122=1),$M122>(ROW(PLE.lastrow)-ROW(PLE.firstrow))),0,IF(OFFSET(PLE!$G$14,$M122,BF$13)=\"\",10^12,OFFSET(PLE!$G$14,$M122,BF$13))))","v":1000000000000},{"$f":"IF($D122<>\"Serviço\",0,IF(OR(AND(AUTOEVENTO=\"Manual\",$M122=1),$M122>(ROW(PLE.lastrow)-ROW(PLE.firstrow))),0,IF(OFFSET(PLE!$G$14,$M122,BG$13)=\"\",10^12,OFFSET(PLE!$G$14,$M122,BG$13))))","v":1000000000000}]
["105",{"$f":"OFFSET(ORÇAMENTO!C$15,ROW(B123)-ROW(B$15),0)","v":"S"},{"$f":"OFFSET(ORÇAMENTO!L$15,ROW(C123)-ROW(C$15),0)","v":"F"},{"$f":"OFFSET(ORÇAMENTO!N$15,ROW(D123)-ROW(D$15),0)","v":"Serviço"},{"$f":"OFFSET(ORÇAMENTO!O$15,ROW(E123)-ROW(E$15),0)","v":"1.8.1.0.2."},{"$f":"OFFSET(ORÇAMENTO!R$15,ROW(F123)-ROW(F$15),0)","v":"TUBO PVC, SERIE NORMAL, ESGOTO PREDIAL, DN 100 MM, FORNECIDO E INSTALADO EM RAMAL DE DESCARGA OU RAMAL DE ESGOTO SANITÁRIO. AF_08/2022"},{"$f":"IF($D123<>\"Serviço\",\"\",OFFSET(ORÇAMENTO!S$15,ROW(G123)-ROW(G$15),0))","v":"M"},{"$f":"IF($D123<>\"Serviço\",0,IF(ACOMPANHAMENTO=\"BM\",ROUND(OFFSET(ORÇAMENTO!AJ$15,ROW(H123)-ROW(H$15),0),15-13*ORÇAMENTO!$AF$7),SUMPRODUCT(($Q$12:$AA$12<>\"\")*ROUND($Q123:$AA123,15-13*ORÇAMENTO!$AF$7))))","v":31.29},null,null,null,".",{"$f":"IF($D123<>\"Serviço\",\"\",IF(AUTOEVENTO=\"manual\",$A123,IF(ISERROR(MATCH($A123,$A$15:OFFSET($A123,-1,0),0)),MAX($M$15:OFFSET(M123,-1,0))+1,INDEX($M$15:OFFSET(M123,-1,0),MATCH($A123,$A$15:OFFSET($A123,-1,0),0)))))","v":9},{"$f":"IF($D123<>\"Serviço\",\"\",IF(AUTOEVENTO=\"Manual\",IF($A123=0,\"<-- defina o número do agrupador\",OFFSET(EVENTOS!$D$14,$A123,0)),OFFSET($F$15,$A123,0)))","v":"INSTALAÇÕES HIDRÁULICAS"},null,null,null,null,null,null,null,null,null,null,null,null,null,{"$f":"IF(AND($D123=\"Serviço\",AB$12<>0,$H123>0,OR(AUTOEVENTO<>\"manual\",$M123<>1)),\nIF(Import.TipoArredondamento<>\"TransfereGOV\",\nROUND(OFFSET($P123,0,AB$13),15-13*ORÇAMENTO!$AF$7)/$H123*OFFSET(ORÇAMENTO!$X$15,ROW(AB123)-ROW(AB$15),0),\nROUND(ROUND(OFFSET($P123,0,AB$13),15-13*ORÇAMENTO!$AF$7)*OFFSET(ORÇAMENTO!$W$15,ROW(AB123)-ROW(AB$15),0),15-13*ORÇAMENTO!$AF$11)),0)","v":0},{"$f":"IF(AND($D123=\"Serviço\",AC$12<>0,$H123>0,OR(AUTOEVENTO<>\"manual\",$M123<>1)),\nIF(Import.TipoArredondamento<>\"TransfereGOV\",\nROUND(OFFSET($P123,0,AC$13),15-13*ORÇAMENTO!$AF$